{"text_format":"1","workbook":"xlsx","n_sheets":9,"sheets":["ORÇAMENTO","QUANT","BDI 20,34%","CRONOGRAMA","COMPOSIÇÕES","BDI 14,45%","COTAÇÃO DE MERCADO","FONTE","DADOS GERAIS"],"not_rendered":{"charts":0,"images":2,"macros":1,"external_links":0,"defined_names":25,"comments":1,"pivot_tables":0},"unopened":[],"bounds":{"document_bytes":16777216,"sheet_cells":100000,"rows_first":2000,"rows_last":500,"rows_between":2000,"halvings":0,"cell_chars":16384,"cell_head_chars":4096},"cells_cut":0,"cells_raw":0,"read":"whole","date_system":"1900"}

{"sheet":"ORÇAMENTO","index":0,"n_rows":134,"n_cols":18,"rows_kept":134,"cut":false,"hidden":false,"merged":[]}
[]
[]
[]
[]
[]
[]
[]
[]
[]
[]
[]
[]
[null,"TODOS OS VALORES ESTÃO NA UNIDADE MONETÁRIA REAL"]
[null,"ITEM ","SERVIÇO ","UN","QUANTI.","QUANTI.","VALOR S/ BDI","BDI","VALOR C/ BDI","VALOR TOTAL","CÓDIGO ","FONTE",null,null,null,null,"TEXTO ORIGINAL NA REFERÊNCIA UTILIZADA","Linha na tabela de referência"]
[null,"                                                                                                                           INICIAL"]
[null,1,{"$f":"QUANT!C4","v":"SERVIÇOS INICIAIS"},null,null,null,null,null,"∑ ",{"$f":"SUBTOTAL(9,J17:J17)","v":964},null,null,null,null,{"$f":"J16/$J$128","v":6.52330728972823E-3},null,{"$f":"IF(R16=\"\",\"\",OFFSET(FONTE!$A$1,R16,1,1))","v":""},{"$f":"IF(ISERROR(MATCH(K16,FONTE!$A$1:$A$12282,0)-1),\"\",MATCH(K16,FONTE!$A$1:$A$12282,0)-1)","v":""}]
[null,"1.1",{"$f":"QUANT!C5","v":"Placa de Obra em Chapa de Aço Galvanizado"},{"$f":"IF(R17=\"\",\"\",OFFSET(FONTE!$A$1,R17,2,1))","v":"M2"},{"$f":"QUANT!E5","v":2.5},{"$f":"ROUND(E17,2)","v":2.5},{"$f":"OFFSET(FONTE!$A$1,R17,3,1)","v":320.43},{"$f":"'BDI 20,34%'!$C$28","v":0.2034},{"$f":"TRUNC(((G17*H17)+G17),2)","v":385.6},{"$f":"IF(ISERR(ROUND((F17*I17),2)),\"\",ROUND((F17*I17),2))","v":964},"74209/1",{"$f":"OFFSET(FONTE!$A$1,R17,4,1)","v":"SINAPI"},null,null,null,null,{"$f":"IF(R17=\"\",\"\",OFFSET(FONTE!$A$1,R17,1,1))","v":"PLACA DE OBRA EM CHAPA DE ACO GALVANIZADO"},{"$f":"IF(ISERROR(MATCH(K17,FONTE!$A$1:$A$12282,0)-1),\"\",MATCH(K17,FONTE!$A$1:$A$12282,0)-1)","v":5627}]
[null,2,{"$f":"QUANT!C8","v":"DEMOLIÇÕES"},null,null,null,null,null,"∑ ",{"$f":"SUBTOTAL(9,J19:J23)","v":5380.61},null,null,null,null,{"$f":"J18/$J$128","v":3.6410137381934243E-2},null,{"$f":"IF(R18=\"\",\"\",OFFSET(FONTE!$A$1,R18,1,1))","v":""},{"$f":"IF(ISERROR(MATCH(K18,FONTE!$A$1:$A$12282,0)-1),\"\",MATCH(K18,FONTE!$A$1:$A$12282,0)-1)","v":""}]
[null,"2.1",{"$f":"QUANT!C9","v":"Remoção de Piso Cerâmico e Azulejos"},{"$f":"IF(R19=\"\",\"\",OFFSET(FONTE!$A$1,R19,2,1))","v":"M2"},{"$f":"QUANT!E9","v":77.995000000000005},{"$f":"ROUND(E19,2)","v":78},{"$f":"OFFSET(FONTE!$A$1,R19,3,1)","v":17.66},{"$f":"'BDI 20,34%'!$C$28","v":0.2034},{"$f":"TRUNC(((G19*H19)+G19),2)","v":21.25},{"$f":"IF(ISERR(ROUND((F19*I19),2)),\"\",ROUND((F19*I19),2))","v":1657.5},97633,{"$f":"OFFSET(FONTE!$A$1,R19,4,1)","v":"SINAPI"},null,null,null,null,{"$f":"IF(R19=\"\",\"\",OFFSET(FONTE!$A$1,R19,1,1))","v":"DEMOLIÇÃO DE REVESTIMENTO CERÂMICO, DE FORMA MANUAL, SEM REAPROVEITAMENTO. AF_12/2017"},{"$f":"IF(ISERROR(MATCH(K19,FONTE!$A$1:$A$12282,0)-1),\"\",MATCH(K19,FONTE!$A$1:$A$12282,0)-1)","v":11385}]
[null,"2.2",{"$f":"QUANT!C11","v":"Demolição de Piso de Concreto"},{"$f":"IF(R20=\"\",\"\",OFFSET(FONTE!$A$1,R20,2,1))","v":"M3"},{"$f":"QUANT!E11","v":1.31},1.31,{"$f":"OFFSET(FONTE!$A$1,R20,3,1)","v":188.82},{"$f":"'BDI 20,34%'!$C$28","v":0.2034},227.22,297.66000000000003,"CRD009",{"$f":"OFFSET(FONTE!$A$1,R20,4,1)","v":"COMPOSIÇÃO"},null,null,null,null,{"$f":"IF(R20=\"\",\"\",OFFSET(FONTE!$A$1,R20,1,1))","v":"DEMOLIÇÃO DE CONCRETO SIMPLES. DE FORMA MANUAL"},{"$f":"IF(ISERROR(MATCH(K20,FONTE!$A$1:$A$12282,0)-1),\"\",MATCH(K20,FONTE!$A$1:$A$12282,0)-1)","v":12096}]
[null,"2.3",{"$f":"QUANT!C18","v":"Remoção de Telhas de Fibrocimento"},{"$f":"IF(R21=\"\",\"\",OFFSET(FONTE!$A$1,R21,2,1))","v":"M2"},{"$f":"QUANT!E18","v":283.05},283.05,{"$f":"OFFSET(FONTE!$A$1,R21,3,1)","v":3.4},{"$f":"'BDI 20,34%'!$C$28","v":0.2034},4.09,1157.67,97649,{"$f":"OFFSET(FONTE!$A$1,R21,4,1)","v":"SINAPI"},null,null,null,null,{"$f":"IF(R21=\"\",\"\",OFFSET(FONTE!$A$1,R21,1,1))","v":"REMOÇÃO DE TELHAS DE FIBROCIMENTO, METÁLICA E CERÂMICA, DE FORMA MECANIZADA, COM USO DE GUINDASTE, SEM REAPROVEITAMENTO. AF_12/2017"},{"$f":"IF(ISERROR(MATCH(K21,FONTE!$A$1:$A$12282,0)-1),\"\",MATCH(K21,FONTE!$A$1:$A$12282,0)-1)","v":11400}]
[null,"2.4",{"$f":"QUANT!C21","v":"Remoção de Estrutura de Madeira"},{"$f":"IF(R22=\"\",\"\",OFFSET(FONTE!$A$1,R22,2,1))","v":"M2"},{"$f":"QUANT!E21","v":283.05},283.05,{"$f":"OFFSET(FONTE!$A$1,R22,3,1)","v":5.97},{"$f":"'BDI 20,34%'!$C$28","v":0.2034},7.18,2032.3,97650,{"$f":"OFFSET(FONTE!$A$1,R22,4,1)","v":"SINAPI"},null,null,null,null,{"$f":"IF(R22=\"\",\"\",OFFSET(FONTE!$A$1,R22,1,1))","v":"REMOÇÃO DE TRAMA DE MADEIRA PARA COBERTURA, DE FORMA MANUAL, SEM REAPROVEITAMENTO. AF_12/2017"},{"$f":"IF(ISERROR(MATCH(K22,FONTE!$A$1:$A$12282,0)-1),\"\",MATCH(K22,FONTE!$A$1:$A$12282,0)-1)","v":11401}]
[null,"2.5",{"$f":"QUANT!C24","v":"Remoção de Forro de PVC (inclusive Estrutura)"},{"$f":"IF(R23=\"\",\"\",OFFSET(FONTE!$A$1,R23,2,1))","v":"M2"},{"$f":"QUANT!E24","v":145.36000000000001},145.36000000000001,{"$f":"OFFSET(FONTE!$A$1,R23,3,1)","v":1.35},{"$f":"'BDI 20,34%'!$C$28","v":0.2034},1.62,235.48,97640,{"$f":"OFFSET(FONTE!$A$1,R23,4,1)","v":"SINAPI"},null,null,null,null,{"$f":"IF(R23=\"\",\"\",OFFSET(FONTE!$A$1,R23,1,1))","v":"REMOÇÃO DE FORROS DE DRYWALL, PVC E FIBROMINERAL, DE FORMA MANUAL, SEM REAPROVEITAMENTO. AF_12/2017"},{"$f":"IF(ISERROR(MATCH(K23,FONTE!$A$1:$A$12282,0)-1),\"\",MATCH(K23,FONTE!$A$1:$A$12282,0)-1)","v":11392}]
[null,"                                                                                                                     ESTRUTURA "]
[null,3,{"$f":"QUANT!C27","v":"FUNDAÇÃO PROFUNDA"},null,null,null,null,null,"∑ ",{"$f":"SUBTOTAL(9,J26:J29)","v":4654.93},null,null,null,null,{"$f":"J25/$J$128","v":3.1499521579019328E-2},null,{"$f":"IF(R25=\"\",\"\",OFFSET(FONTE!$A$1,R25,1,1))","v":""},{"$f":"IF(ISERROR(MATCH(K25,FONTE!$A$1:$A$12282,0)-1),\"\",MATCH(K25,FONTE!$A$1:$A$12282,0)-1)","v":""}]
[null,"3.1","Estaca Broca de Concreto Ø20cm, Escavação Manual com Trado Concha, Concreto 25MPa",{"$f":"IF(R26=\"\",\"\",OFFSET(FONTE!$A$1,R26,2,1))","v":"M"},{"$f":"18*2.5","v":45},{"$f":"ROUND(E26,2)","v":45},{"$f":"OFFSET(FONTE!$A$1,R26,3,1)","v":51.37},{"$f":"'BDI 20,34%'!$C$28","v":0.2034},{"$f":"TRUNC(((G26*H26)+G26),2)","v":61.81},{"$f":"IF(ISERR(ROUND((F26*I26),2)),\"\",ROUND((F26*I26),2))","v":2781.45},98228,{"$f":"OFFSET(FONTE!$A$1,R26,4,1)","v":"SINAPI"},null,null,null,null,{"$f":"IF(R26=\"\",\"\",OFFSET(FONTE!$A$1,R26,1,1))","v":"ESTACA BROCA DE CONCRETO, DIÃMETRO DE 20 CM, PROFUNDIDADE DE ATÉ 3 M, ESCAVAÇÃO MANUAL COM TRADO CONCHA, NÃO ARMADA. AF_03/2018"},{"$f":"IF(ISERROR(MATCH(K26,FONTE!$A$1:$A$12282,0)-1),\"\",MATCH(K26,FONTE!$A$1:$A$12282,0)-1)","v":7274}]
[null,"3.2","Armaduras",null,null,null,null,null,null,null,null,null,null,null,null,null,{"$f":"IF(R27=\"\",\"\",OFFSET(FONTE!$A$1,R27,1,1))","v":""},{"$f":"IF(ISERROR(MATCH(K27,FONTE!$A$1:$A$12282,0)-1),\"\",MATCH(K27,FONTE!$A$1:$A$12282,0)-1)","v":""}]
[null,"3.2.1","Armadura CA-60 - 5.0mm (fornecimento, corte, dobra e colocação)",{"$f":"IF(R28=\"\",\"\",OFFSET(FONTE!$A$1,R28,2,1))","v":"KG"},23.56,{"$f":"ROUND(E28,2)","v":23.56},{"$f":"OFFSET(FONTE!$A$1,R28,3,1)","v":13.2},{"$f":"'BDI 20,34%'!$C$28","v":0.2034},{"$f":"TRUNC(((G28*H28)+G28),2)","v":15.88},{"$f":"IF(ISERR(ROUND((F28*I28),2)),\"\",ROUND((F28*I28),2))","v":374.13},92775,{"$f":"OFFSET(FONTE!$A$1,R28,4,1)","v":"SINAPI"},null,null,null,null,{"$f":"IF(R28=\"\",\"\",OFFSET(FONTE!$A$1,R28,1,1))","v":"ARMAÇÃO DE PILAR OU VIGA DE UMA ESTRUTURA CONVENCIONAL DE CONCRETO ARMADO EM UMA EDIFICAÇÃO TÉRREA OU SOBRADO UTILIZANDO AÇO CA-60 DE 5,0 MM - MONTAGEM. AF_12/2015"},{"$f":"IF(ISERROR(MATCH(K28,FONTE!$A$1:$A$12282,0)-1),\"\",MATCH(K28,FONTE!$A$1:$A$12282,0)-1)","v":7512}]
[null,"3.2.2","Armadura CA-50  - 8.0mm (fornecimento, corte, dobra e colocação)",{"$f":"IF(R29=\"\",\"\",OFFSET(FONTE!$A$1,R29,2,1))","v":"KG"},117.32,117.32,{"$f":"OFFSET(FONTE!$A$1,R29,3,1)","v":10.62},{"$f":"'BDI 20,34%'!$C$28","v":0.2034},12.78,1499.35,92777,{"$f":"OFFSET(FONTE!$A$1,R29,4,1)","v":"SINAPI"},null,null,null,null,{"$f":"IF(R29=\"\",\"\",OFFSET(FONTE!$A$1,R29,1,1))","v":"ARMAÇÃO DE PILAR OU VIGA DE UMA ESTRUTURA CONVENCIONAL DE CONCRETO ARMADO EM UMA EDIFICAÇÃO TÉRREA OU SOBRADO UTILIZANDO AÇO CA-50 DE 8,0 MM - MONTAGEM. AF_12/2015"},{"$f":"IF(ISERROR(MATCH(K29,FONTE!$A$1:$A$12282,0)-1),\"\",MATCH(K29,FONTE!$A$1:$A$12282,0)-1)","v":7514}]
[null,4,{"$f":"QUANT!C31","v":"INFRAESTRUTURA"},null,null,null,null,null,"∑ ",{"$f":"SUBTOTAL(9,J31:J36)","v":4020.9300000000003},null,null,null,null,{"$f":"J30/$J$128","v":2.7209296660256156E-2},null,{"$f":"IF(R30=\"\",\"\",OFFSET(FONTE!$A$1,R30,1,1))","v":""},{"$f":"IF(ISERROR(MATCH(K30,FONTE!$A$1:$A$12282,0)-1),\"\",MATCH(K30,FONTE!$A$1:$A$12282,0)-1)","v":""}]
[null,"4.1",{"$f":"QUANT!C32","v":"Escavações Manuais"},{"$f":"IF(R31=\"\",\"\",OFFSET(FONTE!$A$1,R31,2,1))","v":"M3"},{"$f":"QUANT!E32","v":3.96},{"$f":"ROUND(E31,2)","v":3.96},{"$f":"OFFSET(FONTE!$A$1,R31,3,1)","v":65.819999999999993},{"$f":"'BDI 20,34%'!$C$28","v":0.2034},{"$f":"TRUNC(((G31*H31)+G31),2)","v":79.2},{"$f":"IF(ISERR(ROUND((F31*I31),2)),\"\",ROUND((F31*I31),2))","v":313.63},93358,{"$f":"OFFSET(FONTE!$A$1,R31,4,1)","v":"SINAPI"},null,null,null,null,{"$f":"IF(R31=\"\",\"\",OFFSET(FONTE!$A$1,R31,1,1))","v":"ESCAVAÇÃO MANUAL DE VALA COM PROFUNDIDADE MENOR OU IGUAL A 1,30 M. AF_03/2016"},{"$f":"IF(ISERROR(MATCH(K31,FONTE!$A$1:$A$12282,0)-1),\"\",MATCH(K31,FONTE!$A$1:$A$12282,0)-1)","v":10148}]
[null,"4.2",{"$f":"QUANT!C38","v":"Forma de Madeira para Concreto (material e mão-de-obra para fabricação, montagem e desforma)"},{"$f":"IF(R32=\"\",\"\",OFFSET(FONTE!$A$1,R32,2,1))","v":"M2"},{"$f":"QUANT!E38","v":10.26},10.26,{"$f":"OFFSET(FONTE!$A$1,R32,3,1)","v":72.400000000000006},{"$f":"'BDI 20,34%'!$C$28","v":0.2034},87.12,893.85,96534,{"$f":"OFFSET(FONTE!$A$1,R32,4,1)","v":"SINAPI"},null,null,null,null,{"$f":"IF(R32=\"\",\"\",OFFSET(FONTE!$A$1,R32,1,1))","v":"FABRICAÇÃO, MONTAGEM E DESMONTAGEM DE FÔRMA PARA BLOCO DE COROAMENTO, EM MADEIRA SERRADA, E=25 MM, 4 UTILIZAÇÕES. AF_06/2017"},{"$f":"IF(ISERROR(MATCH(K32,FONTE!$A$1:$A$12282,0)-1),\"\",MATCH(K32,FONTE!$A$1:$A$12282,0)-1)","v":7466}]
[null,"4.3",{"$f":"QUANT!C40","v":"Armaduras"},null,null,null,null,null,null,null,null,null,null,null,null,null,{"$f":"IF(R33=\"\",\"\",OFFSET(FONTE!$A$1,R33,1,1))","v":""},{"$f":"IF(ISERROR(MATCH(K33,FONTE!$A$1:$A$12282,0)-1),\"\",MATCH(K33,FONTE!$A$1:$A$12282,0)-1)","v":""}]
[null,"4.3.1",{"$f":"QUANT!C41","v":"Armadura CA-50  - 8.0mm (fornecimento, corte, dobra e colocação)"},{"$f":"IF(R34=\"\",\"\",OFFSET(FONTE!$A$1,R34,2,1))","v":"KG"},{"$f":"QUANT!E41","v":56.88},{"$f":"ROUND(E34,2)","v":56.88},{"$f":"OFFSET(FONTE!$A$1,R34,3,1)","v":10.62},{"$f":"'BDI 20,34%'!$C$28","v":0.2034},{"$f":"TRUNC(((G34*H34)+G34),2)","v":12.78},{"$f":"IF(ISERR(ROUND((F34*I34),2)),\"\",ROUND((F34*I34),2))","v":726.93},96545,{"$f":"OFFSET(FONTE!$A$1,R34,4,1)","v":"SINAPI"},null,null,null,null,{"$f":"IF(R34=\"\",\"\",OFFSET(FONTE!$A$1,R34,1,1))","v":"ARMAÇÃO DE BLOCO, VIGA BALDRAME OU SAPATA UTILIZANDO AÇO CA-50 DE 8 MM - MONTAGEM. AF_06/2017"},{"$f":"IF(ISERROR(MATCH(K34,FONTE!$A$1:$A$12282,0)-1),\"\",MATCH(K34,FONTE!$A$1:$A$12282,0)-1)","v":7591}]
[null,"4.3.2",{"$f":"QUANT!C43","v":"Armadura CA-50  - 10.0mm (fornecimento, corte, dobra e colocação)"},{"$f":"IF(R35=\"\",\"\",OFFSET(FONTE!$A$1,R35,2,1))","v":"KG"},{"$f":"QUANT!E43","v":115.5},115.5,{"$f":"OFFSET(FONTE!$A$1,R35,3,1)","v":8.6300000000000008},{"$f":"'BDI 20,34%'!$C$28","v":0.2034},10.38,1198.8900000000001,96546,{"$f":"OFFSET(FONTE!$A$1,R35,4,1)","v":"SINAPI"},null,null,null,null,{"$f":"IF(R35=\"\",\"\",OFFSET(FONTE!$A$1,R35,1,1))","v":"ARMAÇÃO DE BLOCO, VIGA BALDRAME OU SAPATA UTILIZANDO AÇO CA-50 DE 10 MM - MONTAGEM. AF_06/2017"},{"$f":"IF(ISERROR(MATCH(K35,FONTE!$A$1:$A$12282,0)-1),\"\",MATCH(K35,FONTE!$A$1:$A$12282,0)-1)","v":7592}]
[null,"4.4",{"$f":"QUANT!C45","v":"Concreto Usinado (fornecimento, lançamento, adensamento e bombeado) FCK=25MPA"},{"$f":"IF(R36=\"\",\"\",OFFSET(FONTE!$A$1,R36,2,1))","v":"M3"},{"$f":"QUANT!E45","v":1.98},1.98,{"$f":"OFFSET(FONTE!$A$1,R36,3,1)","v":372.53},{"$f":"'BDI 20,34%'!$C$28","v":0.2034},448.3,887.63,96557,{"$f":"OFFSET(FONTE!$A$1,R36,4,1)","v":"SINAPI"},null,null,null,null,{"$f":"IF(R36=\"\",\"\",OFFSET(FONTE!$A$1,R36,1,1))","v":"CONCRETAGEM DE BLOCOS DE COROAMENTO E VIGAS BALDRAMES, FCK 30 MPA, COM USO DE BOMBA \u0096 LANÇAMENTO, ADENSAMENTO E ACABAMENTO. AF_06/2017"},{"$f":"IF(ISERROR(MATCH(K36,FONTE!$A$1:$A$12282,0)-1),\"\",MATCH(K36,FONTE!$A$1:$A$12282,0)-1)","v":7664}]
[null,5,{"$f":"QUANT!C47","v":"SUPRAESTRUTURA"},null,null,null,null,null,"∑ ",{"$f":"SUBTOTAL(9,J38:J42)","v":4352.1799999999994},null,null,null,null,{"$f":"J37/$J$128","v":2.9450837676565773E-2},null,{"$f":"IF(R37=\"\",\"\",OFFSET(FONTE!$A$1,R37,1,1))","v":""},{"$f":"IF(ISERROR(MATCH(K37,FONTE!$A$1:$A$12282,0)-1),\"\",MATCH(K37,FONTE!$A$1:$A$12282,0)-1)","v":""}]
[null,"5.1",{"$f":"QUANT!C48","v":"Forma de Madeira Serrada para Concreto, (material e mão-de-obra para fabricação, montagem e desforma) - Pilares"},{"$f":"IF(R38=\"\",\"\",OFFSET(FONTE!$A$1,R38,2,1))","v":"M2"},{"$f":"QUANT!E48","v":16.829999999999998},{"$f":"ROUND(E38,2)","v":16.829999999999998},{"$f":"OFFSET(FONTE!$A$1,R38,3,1)","v":97.66},{"$f":"'BDI 20,34%'!$C$28","v":0.2034},{"$f":"TRUNC(((G38*H38)+G38),2)","v":117.52},{"$f":"IF(ISERR(ROUND((F38*I38),2)),\"\",ROUND((F38*I38),2))","v":1977.86},92412,{"$f":"OFFSET(FONTE!$A$1,R38,4,1)","v":"SINAPI"},null,null,null,null,{"$f":"IF(R38=\"\",\"\",OFFSET(FONTE!$A$1,R38,1,1))","v":"MONTAGEM E DESMONTAGEM DE FÔRMA DE PILARES RETANGULARES E ESTRUTURAS SIMILARES COM ÁREA MÉDIA DAS SEÇÕES MENOR OU IGUAL A 0,25 M², PÉ-DIREITO SIMPLES, EM MADEIRA SERRADA, 4 UTILIZAÇÕES. AF_12/2015"},{"$f":"IF(ISERROR(MATCH(K38,FONTE!$A$1:$A$12282,0)-1),\"\",MATCH(K38,FONTE!$A$1:$A$12282,0)-1)","v":7321}]
[null,"5.2",{"$f":"QUANT!C50","v":"Armaduras"},null,null,null,null,null,null,null,null,null,null,null,null,null,{"$f":"IF(R39=\"\",\"\",OFFSET(FONTE!$A$1,R39,1,1))","v":""},{"$f":"IF(ISERROR(MATCH(K39,FONTE!$A$1:$A$12282,0)-1),\"\",MATCH(K39,FONTE!$A$1:$A$12282,0)-1)","v":""}]
[null,"5.2.1",{"$f":"QUANT!C51","v":"Armadura CA-60 - 5.0MM (fornecimento, corte, dobra e colocação)"},{"$f":"IF(R40=\"\",\"\",OFFSET(FONTE!$A$1,R40,2,1))","v":"KG"},{"$f":"QUANT!E51","v":20.79},{"$f":"ROUND(E40,2)","v":20.79},{"$f":"OFFSET(FONTE!$A$1,R40,3,1)","v":13.2},{"$f":"'BDI 20,34%'!$C$28","v":0.2034},{"$f":"TRUNC(((G40*H40)+G40),2)","v":15.88},{"$f":"IF(ISERR(ROUND((F40*I40),2)),\"\",ROUND((F40*I40),2))","v":330.15},92775,{"$f":"OFFSET(FONTE!$A$1,R40,4,1)","v":"SINAPI"},null,null,null,null,{"$f":"IF(R40=\"\",\"\",OFFSET(FONTE!$A$1,R40,1,1))","v":"ARMAÇÃO DE PILAR OU VIGA DE UMA ESTRUTURA CONVENCIONAL DE CONCRETO ARMADO EM UMA EDIFICAÇÃO TÉRREA OU SOBRADO UTILIZANDO AÇO CA-60 DE 5,0 MM - MONTAGEM. AF_12/2015"},{"$f":"IF(ISERROR(MATCH(K40,FONTE!$A$1:$A$12282,0)-1),\"\",MATCH(K40,FONTE!$A$1:$A$12282,0)-1)","v":7512}]
[null,"5.2.2",{"$f":"QUANT!C53","v":"Armadura CA-50 - 12.5MM (fornecimento, corte, dobra e colocação)"},{"$f":"IF(R41=\"\",\"\",OFFSET(FONTE!$A$1,R41,2,1))","v":"KG"},{"$f":"QUANT!E53","v":176.81},176.81,{"$f":"OFFSET(FONTE!$A$1,R41,3,1)","v":7.5},{"$f":"'BDI 20,34%'!$C$28","v":0.2034},9.02,1594.83,92779,{"$f":"OFFSET(FONTE!$A$1,R41,4,1)","v":"SINAPI"},null,null,null,null,{"$f":"IF(R41=\"\",\"\",OFFSET(FONTE!$A$1,R41,1,1))","v":"ARMAÇÃO DE PILAR OU VIGA DE UMA ESTRUTURA CONVENCIONAL DE CONCRETO ARMADO EM UMA EDIFICAÇÃO TÉRREA OU SOBRADO UTILIZANDO AÇO CA-50 DE 12,5 MM - MONTAGEM. AF_12/2015"},{"$f":"IF(ISERROR(MATCH(K41,FONTE!$A$1:$A$12282,0)-1),\"\",MATCH(K41,FONTE!$A$1:$A$12282,0)-1)","v":7516}]
[null,"5.3",{"$f":"QUANT!C55","v":"Concreto Usinado (fornecimento, lançamento, adensamento e bombeado) FCK=25MPA - Pilares"},{"$f":"IF(R42=\"\",\"\",OFFSET(FONTE!$A$1,R42,2,1))","v":"M3"},{"$f":"QUANT!E55","v":1.04},1.04,{"$f":"OFFSET(FONTE!$A$1,R42,3,1)","v":359.04},{"$f":"'BDI 20,34%'!$C$28","v":0.2034},432.06,449.34,92720,{"$f":"OFFSET(FONTE!$A$1,R42,4,1)","v":"SINAPI"},null,null,null,null,{"$f":"IF(R42=\"\",\"\",OFFSET(FONTE!$A$1,R42,1,1))","v":"CONCRETAGEM DE PILARES, FCK = 25 MPA, COM USO DE BOMBA EM EDIFICAÇÃO COM SEÇÃO MÉDIA DE PILARES MENOR OU IGUAL A 0,25 M² - LANÇAMENTO, ADENSAMENTO E ACABAMENTO. AF_12/2015"},{"$f":"IF(ISERROR(MATCH(K42,FONTE!$A$1:$A$12282,0)-1),\"\",MATCH(K42,FONTE!$A$1:$A$12282,0)-1)","v":7625}]
[null,6,{"$f":"QUANT!C57","v":"PISO"},null,null,null,null,null,"∑ ",{"$f":"SUBTOTAL(9,J44:J50)","v":10555.33},null,null,null,null,{"$f":"J43/$J$128","v":7.1427034371874559E-2},null,{"$f":"IF(R43=\"\",\"\",OFFSET(FONTE!$A$1,R43,1,1))","v":""},{"$f":"IF(ISERROR(MATCH(K43,FONTE!$A$1:$A$12282,0)-1),\"\",MATCH(K43,FONTE!$A$1:$A$12282,0)-1)","v":""}]
[null,"6.1",{"$f":"QUANT!C58","v":"Escavações Manuais"},{"$f":"IF(R44=\"\",\"\",OFFSET(FONTE!$A$1,R44,2,1))","v":"M3"},{"$f":"QUANT!E58","v":19.649999999999999},{"$f":"ROUND(E44,2)","v":19.649999999999999},{"$f":"OFFSET(FONTE!$A$1,R44,3,1)","v":65.819999999999993},{"$f":"'BDI 20,34%'!$C$28","v":0.2034},{"$f":"TRUNC(((G44*H44)+G44),2)","v":79.2},{"$f":"IF(ISERR(ROUND((F44*I44),2)),\"\",ROUND((F44*I44),2))","v":1556.28},93358,{"$f":"OFFSET(FONTE!$A$1,R44,4,1)","v":"SINAPI"},null,null,null,null,{"$f":"IF(R44=\"\",\"\",OFFSET(FONTE!$A$1,R44,1,1))","v":"ESCAVAÇÃO MANUAL DE VALA COM PROFUNDIDADE MENOR OU IGUAL A 1,30 M. AF_03/2016"},{"$f":"IF(ISERROR(MATCH(K44,FONTE!$A$1:$A$12282,0)-1),\"\",MATCH(K44,FONTE!$A$1:$A$12282,0)-1)","v":10148}]
[null,"6.2",{"$f":"QUANT!C63","v":"Brita 2 (fornecimento e colocação)"},{"$f":"IF(R45=\"\",\"\",OFFSET(FONTE!$A$1,R45,2,1))","v":"M3"},{"$f":"QUANT!E63","v":26.105999999999998},26.11,{"$f":"OFFSET(FONTE!$A$1,R45,3,1)","v":82.26},{"$f":"'BDI 20,34%'!$C$28","v":0.2034},98.99,2584.63,88549,{"$f":"OFFSET(FONTE!$A$1,R45,4,1)","v":"SINAPI"},null,null,null,null,{"$f":"IF(R45=\"\",\"\",OFFSET(FONTE!$A$1,R45,1,1))","v":"FORNECIMENTO E ASSENTAMENTO DE BRITA 2-DRENOS E FILTROS   MM"},{"$f":"IF(ISERROR(MATCH(K45,FONTE!$A$1:$A$12282,0)-1),\"\",MATCH(K45,FONTE!$A$1:$A$12282,0)-1)","v":10258}]
[null,"6.3",{"$f":"QUANT!C71","v":"Lona 200 Micras (fornecimento e instalação)"},{"$f":"IF(R46=\"\",\"\",OFFSET(FONTE!$A$1,R46,2,1))","v":"M2"},{"$f":"QUANT!E71","v":71.64},71.64,{"$f":"OFFSET(FONTE!$A$1,R46,3,1)","v":4.95},{"$f":"'BDI 20,34%'!$C$28","v":0.2034},5.95,426.26,68053,{"$f":"OFFSET(FONTE!$A$1,R46,4,1)","v":"SINAPI"},null,null,null,null,{"$f":"IF(R46=\"\",\"\",OFFSET(FONTE!$A$1,R46,1,1))","v":"FORNECIMENTO/INSTALACAO LONA PLASTICA PRETA, PARA IMPERMEABILIZACAO, ESPESSURA 150 MICRAS."},{"$f":"IF(ISERROR(MATCH(K46,FONTE!$A$1:$A$12282,0)-1),\"\",MATCH(K46,FONTE!$A$1:$A$12282,0)-1)","v":7768}]
[null,"6.4",{"$f":"QUANT!C79","v":"Tela Soldada Q-92 - Aço CA-60 4.2mm - Malha 15x15cm (fornecimento, corte e instalação)"},{"$f":"IF(R47=\"\",\"\",OFFSET(FONTE!$A$1,R47,2,1))","v":"M2"},{"$f":"QUANT!E79","v":71.64},71.64,{"$f":"OFFSET(FONTE!$A$1,R47,3,1)","v":11.32},{"$f":"'BDI 20,34%'!$C$28","v":0.2034},13.62,975.74,85662,{"$f":"OFFSET(FONTE!$A$1,R47,4,1)","v":"SINAPI"},null,null,null,null,{"$f":"IF(R47=\"\",\"\",OFFSET(FONTE!$A$1,R47,1,1))","v":"ARMACAO EM TELA DE ACO SOLDADA NERVURADA Q-92, ACO CA-60, 4,2MM, MALHA 15X15CM"},{"$f":"IF(ISERROR(MATCH(K47,FONTE!$A$1:$A$12282,0)-1),\"\",MATCH(K47,FONTE!$A$1:$A$12282,0)-1)","v":7479}]
[null,"6.5",{"$f":"QUANT!C81","v":"Piso em Concreto 25 Mpa"},{"$f":"IF(R48=\"\",\"\",OFFSET(FONTE!$A$1,R48,2,1))","v":"M3"},{"$f":"QUANT!E81","v":5.5581999999999994},5.56,{"$f":"OFFSET(FONTE!$A$1,R48,3,1)","v":314.27},{"$f":"'BDI 20,34%'!$C$28","v":0.2034},378.19,2102.7399999999998,"CED100",{"$f":"OFFSET(FONTE!$A$1,R48,4,1)","v":"COMPOSIÇÃO"},null,null,null,null,{"$f":"IF(R48=\"\",\"\",OFFSET(FONTE!$A$1,R48,1,1))","v":"CONCRETAGEM DE PISO, FCK 25 MPA, PARA ESPESSURA DE 5 À 15 CM - LANÇAMENTO, ADENSAMENTO E ACABAMENTO."},{"$f":"IF(ISERROR(MATCH(K48,FONTE!$A$1:$A$12282,0)-1),\"\",MATCH(K48,FONTE!$A$1:$A$12282,0)-1)","v":12117}]
[null,"6.6",{"$f":"QUANT!C89","v":"Contrapiso/Regularização em Argamassa, e=3cm"},{"$f":"IF(R49=\"\",\"\",OFFSET(FONTE!$A$1,R49,2,1))","v":"M2"},{"$f":"QUANT!E89","v":71.710000000000008},71.709999999999994,{"$f":"OFFSET(FONTE!$A$1,R49,3,1)","v":32.229999999999997},{"$f":"'BDI 20,34%'!$C$28","v":0.2034},38.78,2780.91,87630,{"$f":"OFFSET(FONTE!$A$1,R49,4,1)","v":"SINAPI"},null,null,null,null,{"$f":"IF(R49=\"\",\"\",OFFSET(FONTE!$A$1,R49,1,1))","v":"CONTRAPISO EM ARGAMASSA TRAÇO 1:4 (CIMENTO E AREIA), PREPARO MECÂNICO COM BETONEIRA 400 L, APLICADO EM ÁREAS SECAS SOBRE LAJE, ADERIDO, ESPESSURA 3CM. AF_06/2014"},{"$f":"IF(ISERROR(MATCH(K49,FONTE!$A$1:$A$12282,0)-1),\"\",MATCH(K49,FONTE!$A$1:$A$12282,0)-1)","v":10736}]
[null,"6.7",{"$f":"QUANT!C95","v":"Guia de Travamento com Blocos de Concreto 14x19x39"},{"$f":"IF(R50=\"\",\"\",OFFSET(FONTE!$A$1,R50,2,1))","v":"M2"},{"$f":"QUANT!E95","v":1.64},1.64,{"$f":"OFFSET(FONTE!$A$1,R50,3,1)","v":65.25},{"$f":"'BDI 20,34%'!$C$28","v":0.2034},78.52,128.77000000000001,87455,{"$f":"OFFSET(FONTE!$A$1,R50,4,1)","v":"SINAPI"},null,null,null,null,{"$f":"IF(R50=\"\",\"\",OFFSET(FONTE!$A$1,R50,1,1))","v":"ALVENARIA DE VEDAÇÃO DE BLOCOS VAZADOS DE CONCRETO DE 14X19X39CM (ESPESSURA 14CM) DE PAREDES COM ÁREA LÍQUIDA MAIOR OU IGUAL A 6M² SEM VÃOS E ARGAMASSA DE ASSENTAMENTO COM PREPARO EM BETONEIRA. AF_06/2014"},{"$f":"IF(ISERROR(MATCH(K50,FONTE!$A$1:$A$12282,0)-1),\"\",MATCH(K50,FONTE!$A$1:$A$12282,0)-1)","v":10370}]
[null,7,"FECHAMENTOS",null,null,null,null,null,"∑ ",{"$f":"SUBTOTAL(9,J52)","v":905.26},null,null,null,null,{"$f":"J51/$J$128","v":6.1258186276964494E-3},null,{"$f":"IF(R51=\"\",\"\",OFFSET(FONTE!$A$1,R51,1,1))","v":""},{"$f":"IF(ISERROR(MATCH(K51,FONTE!$A$1:$A$12282,0)-1),\"\",MATCH(K51,FONTE!$A$1:$A$12282,0)-1)","v":""}]
[null,"7.1","Alvenaria de Tijolos Cerâmicos Furados, e=9cm (12cm acabada)",{"$f":"IF(R52=\"\",\"\",OFFSET(FONTE!$A$1,R52,2,1))","v":"M2"},{"$f":"(1.5+1.5+2.12+2.12-0.9-0.9)*2.1","v":11.423999999999999},{"$f":"ROUND(E52,2)","v":11.42},{"$f":"OFFSET(FONTE!$A$1,R52,3,1)","v":65.88},{"$f":"'BDI 20,34%'!$C$28","v":0.2034},{"$f":"TRUNC(((G52*H52)+G52),2)","v":79.27},{"$f":"IF(ISERR(ROUND((F52*I52),2)),\"\",ROUND((F52*I52),2))","v":905.26},87519,{"$f":"OFFSET(FONTE!$A$1,R52,4,1)","v":"SINAPI"},null,null,null,null,{"$f":"IF(R52=\"\",\"\",OFFSET(FONTE!$A$1,R52,1,1))","v":"ALVENARIA DE VEDAÇÃO DE BLOCOS CERÂMICOS FURADOS NA HORIZONTAL DE 9X19X19CM (ESPESSURA 9CM) DE PAREDES COM ÁREA LÍQUIDA MAIOR OU IGUAL A 6M² COM VÃOS E ARGAMASSA DE ASSENTAMENTO COM PREPARO EM BETONEIRA. AF_06/2014"},{"$f":"IF(ISERROR(MATCH(K52,FONTE!$A$1:$A$12282,0)-1),\"\",MATCH(K52,FONTE!$A$1:$A$12282,0)-1)","v":10316}]
[null,8,{"$f":"QUANT!C97","v":"COBERTURA"},null,null,null,null,null,"∑ ",{"$f":"SUBTOTAL(9,J55:J60)","v":63208.840000000004},null,null,null,null,{"$f":"J53/$J$128","v":0.42772892816106367},null,{"$f":"IF(R53=\"\",\"\",OFFSET(FONTE!$A$1,R53,1,1))","v":""},{"$f":"IF(ISERROR(MATCH(K53,FONTE!$A$1:$A$12282,0)-1),\"\",MATCH(K53,FONTE!$A$1:$A$12282,0)-1)","v":""}]
[null,"8.1","Estrutura de madeira da cobertura",null,null,null,null,null,null,null,null,null,null,null,null,null,{"$f":"IF(R54=\"\",\"\",OFFSET(FONTE!$A$1,R54,1,1))","v":""},{"$f":"IF(ISERROR(MATCH(K54,FONTE!$A$1:$A$12282,0)-1),\"\",MATCH(K54,FONTE!$A$1:$A$12282,0)-1)","v":""}]
[null,"8.1.1",{"$f":"QUANT!C98","v":"Estrutura em Madeira Aparelhada (Angelim ou equivalente da região) para Telha Ondulada, Composta por Ripas, Caibros e Terças"},{"$f":"IF(R55=\"\",\"\",OFFSET(FONTE!$A$1,R55,2,1))","v":"M2"},{"$f":"QUANT!E98","v":283.05},{"$f":"ROUND(E55,2)","v":283.05},{"$f":"OFFSET(FONTE!$A$1,R55,3,1)","v":20.2},{"$f":"'BDI 20,34%'!$C$28","v":0.2034},{"$f":"TRUNC(((G55*H55)+G55),2)","v":24.3},{"$f":"IF(ISERR(ROUND((F55*I55),2)),\"\",ROUND((F55*I55),2))","v":6878.12},92543,{"$f":"OFFSET(FONTE!$A$1,R55,4,1)","v":"SINAPI"},null,null,null,null,{"$f":"IF(R55=\"\",\"\",OFFSET(FONTE!$A$1,R55,1,1))","v":"TRAMA DE MADEIRA COMPOSTA POR TERÇAS PARA TELHADOS DE ATÉ 2 ÁGUAS PARA TELHA ONDULADA DE FIBROCIMENTO, METÁLICA, PLÁSTICA OU TERMOACÚSTICA, INCLUSO TRANSPORTE VERTICAL. AF_12/2015"},{"$f":"IF(ISERROR(MATCH(K55,FONTE!$A$1:$A$12282,0)-1),\"\",MATCH(K55,FONTE!$A$1:$A$12282,0)-1)","v":6511}]
[null,"8.1.2","Tesoura de Madeira (Angelim ou equivalente da região), vão de 6m, instalada.",{"$f":"IF(R56=\"\",\"\",OFFSET(FONTE!$A$1,R56,2,1))","v":"UN"},3,3,{"$f":"OFFSET(FONTE!$A$1,R56,3,1)","v":798.63},{"$f":"'BDI 20,34%'!$C$28","v":0.2034},961.07,2883.21,"CED500",{"$f":"OFFSET(FONTE!$A$1,R56,4,1)","v":"COMPOSIÇÃO"},null,null,null,null,{"$f":"IF(R56=\"\",\"\",OFFSET(FONTE!$A$1,R56,1,1))","v":"FABRICAÇÃO E INSTALAÇÃO DE TESOURA INTEIRA EM MADEIRA NÃO APARELHADA, VÃO DE 6 M, PARA TELHA ONDULADA DE FIBROCIMENTO, METÁLICA, PLÁSTICA OU TERMOACÚSTICA."},{"$f":"IF(ISERROR(MATCH(K56,FONTE!$A$1:$A$12282,0)-1),\"\",MATCH(K56,FONTE!$A$1:$A$12282,0)-1)","v":12111}]
[null,"8.1.3","Tesoura de Madeira (Angelim ou equivalente da região), vão de 9m, instalada.",{"$f":"IF(R57=\"\",\"\",OFFSET(FONTE!$A$1,R57,2,1))","v":"UN"},4,4,{"$f":"OFFSET(FONTE!$A$1,R57,3,1)","v":1423.72},{"$f":"'BDI 20,34%'!$C$28","v":0.2034},1713.3,6853.2,"CED501",{"$f":"OFFSET(FONTE!$A$1,R57,4,1)","v":"COMPOSIÇÃO"},null,null,null,null,{"$f":"IF(R57=\"\",\"\",OFFSET(FONTE!$A$1,R57,1,1))","v":"FABRICAÇÃO E INSTALAÇÃO DE TESOURA INTEIRA EM MADEIRA NÃO APARELHADA, VÃO DE 9 M, PARA TELHA ONDULADA DE FIBROCIMENTO, METÁLICA, PLÁSTICA"},{"$f":"IF(ISERROR(MATCH(K57,FONTE!$A$1:$A$12282,0)-1),\"\",MATCH(K57,FONTE!$A$1:$A$12282,0)-1)","v":12112}]
[null,"8.2",{"$f":"QUANT!C101","v":"Telha Sanduíche, Composta por:\n- Telha em Galvalume, e=0,5mm, Trapezoidal 40cm (TP40)\n- Preenchimento de Lã de Rocha 50mm\n- Telha em Galvalume, e=0,5mm, Trapezoidal 40cm (TP40)"},{"$f":"IF(R58=\"\",\"\",OFFSET(FONTE!$A$1,R58,2,1))","v":"M2"},{"$f":"QUANT!E101","v":283.05},283.05,{"$f":"OFFSET(FONTE!$A$1,R58,3,1)","v":102.83000000000001},{"$f":"'BDI 20,34%'!$C$28","v":0.2034},123.74,35024.61,"CED101",{"$f":"OFFSET(FONTE!$A$1,R58,4,1)","v":"COMPOSIÇÃO"},null,null,null,null,{"$f":"IF(R58=\"\",\"\",OFFSET(FONTE!$A$1,R58,1,1))","v":"TELHA METÁLICA COM ISOLAMENTO DE LÃ DE ROCHA"},{"$f":"IF(ISERROR(MATCH(K58,FONTE!$A$1:$A$12282,0)-1),\"\",MATCH(K58,FONTE!$A$1:$A$12282,0)-1)","v":12118}]
[null,"8.3","Calhas em Chapa em Aço Galvanizado, em Chapa 24 (e=0,65mm), desenvolvimento 50cm",{"$f":"IF(R59=\"\",\"\",OFFSET(FONTE!$A$1,R59,2,1))","v":"M"},{"$f":"5.05+13.5+13.5+8.4+13.1+2.65","v":56.199999999999996},56.2,{"$f":"OFFSET(FONTE!$A$1,R59,3,1)","v":65.489999999999995},{"$f":"'BDI 20,34%'!$C$28","v":0.2034},78.81,4429.12,94228,{"$f":"OFFSET(FONTE!$A$1,R59,4,1)","v":"SINAPI"},null,null,null,null,{"$f":"IF(R59=\"\",\"\",OFFSET(FONTE!$A$1,R59,1,1))","v":"CALHA EM CHAPA DE AÇO GALVANIZADO NÚMERO 24, DESENVOLVIMENTO DE 50 CM, INCLUSO TRANSPORTE VERTICAL. AF_06/2016"},{"$f":"IF(ISERROR(MATCH(K59,FONTE!$A$1:$A$12282,0)-1),\"\",MATCH(K59,FONTE!$A$1:$A$12282,0)-1)","v":6580}]
[null,"8.4","Rufos em Chapa em Aço Galvanizado, em Chapa 24 (e=0,65mm), desenvolvimento 25cm",{"$f":"IF(R60=\"\",\"\",OFFSET(FONTE!$A$1,R60,2,1))","v":"M"},{"$f":"238.4358/2+8.6+8.6+1.6+1.6+11.3+6.15+3.1+8.25+4.75+4.75+1.45+1.45","v":180.81789999999998},180.82,{"$f":"OFFSET(FONTE!$A$1,R60,3,1)","v":32.82},{"$f":"'BDI 20,34%'!$C$28","v":0.2034},39.49,7140.58,94231,{"$f":"OFFSET(FONTE!$A$1,R60,4,1)","v":"SINAPI"},null,null,null,null,{"$f":"IF(R60=\"\",\"\",OFFSET(FONTE!$A$1,R60,1,1))","v":"RUFO EM CHAPA DE AÇO GALVANIZADO NÚMERO 24, CORTE DE 25 CM, INCLUSO TRANSPORTE VERTICAL. AF_06/2016"},{"$f":"IF(ISERROR(MATCH(K60,FONTE!$A$1:$A$12282,0)-1),\"\",MATCH(K60,FONTE!$A$1:$A$12282,0)-1)","v":6582}]
[null,9,"INSTALAÇÕES ELÉTRICAS",null,null,null,null,null,"∑ ",{"$f":"SUBTOTAL(9,J62:J64)","v":2955.3},null,null,null,null,{"$f":"J61/$J$128","v":1.9998267669433443E-2},null,{"$f":"IF(R61=\"\",\"\",OFFSET(FONTE!$A$1,R61,1,1))","v":""},{"$f":"IF(ISERROR(MATCH(K61,FONTE!$A$1:$A$12282,0)-1),\"\",MATCH(K61,FONTE!$A$1:$A$12282,0)-1)","v":""}]
[null,"9.1","Mão de Obra de Revisão Elétrica (organização disjuntores, equilibrio das fases, revisão e trocas de condutores)",{"$f":"IF(R62=\"\",\"\",OFFSET(FONTE!$A$1,R62,2,1))","v":"H"},{"$f":"10*3","v":30},{"$f":"ROUND(E62,2)","v":30},{"$f":"OFFSET(FONTE!$A$1,R62,3,1)","v":50.95},{"$f":"'BDI 20,34%'!$C$28","v":0.2034},{"$f":"TRUNC(((G62*H62)+G62),2)","v":61.31},{"$f":"IF(ISERR(ROUND((F62*I62),2)),\"\",ROUND((F62*I62),2))","v":1839.3},"CEL100",{"$f":"OFFSET(FONTE!$A$1,R62,4,1)","v":"COMPOSIÇÃO"},null,null,null,null,{"$f":"IF(R62=\"\",\"\",OFFSET(FONTE!$A$1,R62,1,1))","v":"MÃO DE OBRA DE REVISÃO ELÉTRICA"},{"$f":"IF(ISERROR(MATCH(K62,FONTE!$A$1:$A$12282,0)-1),\"\",MATCH(K62,FONTE!$A$1:$A$12282,0)-1)","v":12136}]
[null,"9.2","Cabo de Cobre Isolado 1,5mm2 - 1KV",{"$f":"IF(R63=\"\",\"\",OFFSET(FONTE!$A$1,R63,2,1))","v":"M"},300,300,{"$f":"OFFSET(FONTE!$A$1,R63,3,1)","v":1.3},{"$f":"'BDI 20,34%'!$C$28","v":0.2034},1.56,468,993,{"$f":"OFFSET(FONTE!$A$1,R63,4,1)","v":"SINAPI-I"},null,null,null,null,{"$f":"IF(R63=\"\",\"\",OFFSET(FONTE!$A$1,R63,1,1))","v":"CABO DE COBRE, FLEXIVEL, CLASSE 4 OU 5, ISOLACAO EM PVC/A, ANTICHAMA BWF-B, COBERTURA PVC-ST1, ANTICHAMA BWF-B, 1 CONDUTOR, 0,6/1 KV, SECAO NOMINAL 1,5 MM2"},{"$f":"IF(ISERROR(MATCH(K63,FONTE!$A$1:$A$12282,0)-1),\"\",MATCH(K63,FONTE!$A$1:$A$12282,0)-1)","v":800}]
[null,"9.3","Cabo de Cobre Isolado 2,5mm2 - 1KV",{"$f":"IF(R64=\"\",\"\",OFFSET(FONTE!$A$1,R64,2,1))","v":"M"},300,300,{"$f":"OFFSET(FONTE!$A$1,R64,3,1)","v":1.8},{"$f":"'BDI 20,34%'!$C$28","v":0.2034},2.16,648,1022,{"$f":"OFFSET(FONTE!$A$1,R64,4,1)","v":"SINAPI-I"},null,null,null,null,{"$f":"IF(R64=\"\",\"\",OFFSET(FONTE!$A$1,R64,1,1))","v":"CABO DE COBRE, FLEXIVEL, CLASSE 4 OU 5, ISOLACAO EM PVC/A, ANTICHAMA BWF-B, COBERTURA PVC-ST1, ANTICHAMA BWF-B, 1 CONDUTOR, 0,6/1 KV, SECAO NOMINAL 2,5 MM2"},{"$f":"IF(ISERROR(MATCH(K64,FONTE!$A$1:$A$12282,0)-1),\"\",MATCH(K64,FONTE!$A$1:$A$12282,0)-1)","v":806}]
[null,10,"REDE HIDRÁULICA",null,null,null,null,null,"∑ ",{"$f":"SUBTOTAL(9,J66:J81)","v":420.91},null,null,null,null,{"$f":"J65/$J$128","v":2.8482627295845536E-3},null,{"$f":"IF(R65=\"\",\"\",OFFSET(FONTE!$A$1,R65,1,1))","v":""},{"$f":"IF(ISERROR(MATCH(K65,FONTE!$A$1:$A$12282,0)-1),\"\",MATCH(K65,FONTE!$A$1:$A$12282,0)-1)","v":""}]
[null,"10.1","Bucha de Redução Soldável Longa",null,null,null,null,null,null,null,null,null,null,null,null,null,{"$f":"IF(R66=\"\",\"\",OFFSET(FONTE!$A$1,R66,1,1))","v":""},{"$f":"IF(ISERROR(MATCH(K66,FONTE!$A$1:$A$12282,0)-1),\"\",MATCH(K66,FONTE!$A$1:$A$12282,0)-1)","v":""}]
[null,"10.1.1","50mm - 25mm",{"$f":"IF(R67=\"\",\"\",OFFSET(FONTE!$A$1,R67,2,1))","v":"UN"},1,{"$f":"ROUND(E67,2)","v":1},{"$f":"OFFSET(FONTE!$A$1,R67,3,1)","v":6.8299999999999992},{"$f":"'BDI 20,34%'!$C$28","v":0.2034},{"$f":"TRUNC(((G67*H67)+G67),2)","v":8.2100000000000009},{"$f":"IF(ISERR(ROUND((F67*I67),2)),\"\",ROUND((F67*I67),2))","v":8.2100000000000009},"CHD011",{"$f":"OFFSET(FONTE!$A$1,R67,4,1)","v":"COMPOSIÇÃO"},null,null,null,null,{"$f":"IF(R67=\"\",\"\",OFFSET(FONTE!$A$1,R67,1,1))","v":"BUCHA DE REDUCAO DE PVC, SOLDAVEL, LONGA, COM 50 X 25 MM, PARA AGUA FRIA PREDIAL - FORNECIMENTO E INSTALAÇÃO"},{"$f":"IF(ISERROR(MATCH(K67,FONTE!$A$1:$A$12282,0)-1),\"\",MATCH(K67,FONTE!$A$1:$A$12282,0)-1)","v":12161}]
[null,"10.2","Joelho 45° Soldável",null,null,null,null,null,null,null,null,null,null,null,null,null,{"$f":"IF(R68=\"\",\"\",OFFSET(FONTE!$A$1,R68,1,1))","v":""},{"$f":"IF(ISERROR(MATCH(K68,FONTE!$A$1:$A$12282,0)-1),\"\",MATCH(K68,FONTE!$A$1:$A$12282,0)-1)","v":""}]
[null,"10.2.1","50mm",{"$f":"IF(R69=\"\",\"\",OFFSET(FONTE!$A$1,R69,2,1))","v":"UN"},2,{"$f":"ROUND(E69,2)","v":2},{"$f":"OFFSET(FONTE!$A$1,R69,3,1)","v":10.61},{"$f":"'BDI 20,34%'!$C$28","v":0.2034},{"$f":"TRUNC(((G69*H69)+G69),2)","v":12.76},{"$f":"IF(ISERR(ROUND((F69*I69),2)),\"\",ROUND((F69*I69),2))","v":25.52},89502,{"$f":"OFFSET(FONTE!$A$1,R69,4,1)","v":"SINAPI"},null,null,null,null,{"$f":"IF(R69=\"\",\"\",OFFSET(FONTE!$A$1,R69,1,1))","v":"JOELHO 45 GRAUS, PVC, SOLDÁVEL, DN 50MM, INSTALADO EM PRUMADA DE ÁGUA - FORNECIMENTO E INSTALAÇÃO. AF_12/2014"},{"$f":"IF(ISERROR(MATCH(K69,FONTE!$A$1:$A$12282,0)-1),\"\",MATCH(K69,FONTE!$A$1:$A$12282,0)-1)","v":8714}]
[null,"10.3","Joelho 90° Soldável",null,null,null,null,null,null,null,null,null,null,null,null,null,{"$f":"IF(R70=\"\",\"\",OFFSET(FONTE!$A$1,R70,1,1))","v":""},{"$f":"IF(ISERROR(MATCH(K70,FONTE!$A$1:$A$12282,0)-1),\"\",MATCH(K70,FONTE!$A$1:$A$12282,0)-1)","v":""}]
[null,"10.3.1","25mm",{"$f":"IF(R71=\"\",\"\",OFFSET(FONTE!$A$1,R71,2,1))","v":"UN"},18,{"$f":"ROUND(E71,2)","v":18},{"$f":"OFFSET(FONTE!$A$1,R71,3,1)","v":4.7},{"$f":"'BDI 20,34%'!$C$28","v":0.2034},{"$f":"TRUNC(((G71*H71)+G71),2)","v":5.65},{"$f":"IF(ISERR(ROUND((F71*I71),2)),\"\",ROUND((F71*I71),2))","v":101.7},89408,{"$f":"OFFSET(FONTE!$A$1,R71,4,1)","v":"SINAPI"},null,null,null,null,{"$f":"IF(R71=\"\",\"\",OFFSET(FONTE!$A$1,R71,1,1))","v":"JOELHO 90 GRAUS, PVC, SOLDÁVEL, DN 25MM, INSTALADO EM RAMAL DE DISTRIBUIÇÃO DE ÁGUA - FORNECIMENTO E INSTALAÇÃO. AF_12/2014"},{"$f":"IF(ISERROR(MATCH(K71,FONTE!$A$1:$A$12282,0)-1),\"\",MATCH(K71,FONTE!$A$1:$A$12282,0)-1)","v":8663}]
[null,"10.3.2","50mm",{"$f":"IF(R72=\"\",\"\",OFFSET(FONTE!$A$1,R72,2,1))","v":"UN"},3,3,{"$f":"OFFSET(FONTE!$A$1,R72,3,1)","v":9.52},{"$f":"'BDI 20,34%'!$C$28","v":0.2034},11.45,34.35,89501,{"$f":"OFFSET(FONTE!$A$1,R72,4,1)","v":"SINAPI"},null,null,null,null,{"$f":"IF(R72=\"\",\"\",OFFSET(FONTE!$A$1,R72,1,1))","v":"JOELHO 90 GRAUS, PVC, SOLDÁVEL, DN 50MM, INSTALADO EM PRUMADA DE ÁGUA - FORNECIMENTO E INSTALAÇÃO. AF_12/2014"},{"$f":"IF(ISERROR(MATCH(K72,FONTE!$A$1:$A$12282,0)-1),\"\",MATCH(K72,FONTE!$A$1:$A$12282,0)-1)","v":8713}]
[null,"10.4","Tê 90° Soldável",null,null,null,null,null,null,null,null,null,null,null,null,null,{"$f":"IF(R73=\"\",\"\",OFFSET(FONTE!$A$1,R73,1,1))","v":""},{"$f":"IF(ISERROR(MATCH(K73,FONTE!$A$1:$A$12282,0)-1),\"\",MATCH(K73,FONTE!$A$1:$A$12282,0)-1)","v":""}]
[null,"10.4.1","50mm",{"$f":"IF(R74=\"\",\"\",OFFSET(FONTE!$A$1,R74,2,1))","v":"UN"},1,{"$f":"ROUND(E74,2)","v":1},{"$f":"OFFSET(FONTE!$A$1,R74,3,1)","v":14.56},{"$f":"'BDI 20,34%'!$C$28","v":0.2034},{"$f":"TRUNC(((G74*H74)+G74),2)","v":17.52},{"$f":"IF(ISERR(ROUND((F74*I74),2)),\"\",ROUND((F74*I74),2))","v":17.52},89625,{"$f":"OFFSET(FONTE!$A$1,R74,4,1)","v":"SINAPI"},null,null,null,null,{"$f":"IF(R74=\"\",\"\",OFFSET(FONTE!$A$1,R74,1,1))","v":"TE, PVC, SOLDÁVEL, DN 50MM, INSTALADO EM PRUMADA DE ÁGUA - FORNECIMENTO E INSTALAÇÃO. AF_12/2014"},{"$f":"IF(ISERROR(MATCH(K74,FONTE!$A$1:$A$12282,0)-1),\"\",MATCH(K74,FONTE!$A$1:$A$12282,0)-1)","v":8817}]
[null,"10.5","Tê de Redução 90° Soldável",null,null,null,null,null,null,null,null,null,null,null,null,null,{"$f":"IF(R75=\"\",\"\",OFFSET(FONTE!$A$1,R75,1,1))","v":""},{"$f":"IF(ISERROR(MATCH(K75,FONTE!$A$1:$A$12282,0)-1),\"\",MATCH(K75,FONTE!$A$1:$A$12282,0)-1)","v":""}]
[null,"10.5.1","50mm - 25mm",{"$f":"IF(R76=\"\",\"\",OFFSET(FONTE!$A$1,R76,2,1))","v":"UN"},2,{"$f":"ROUND(E76,2)","v":2},{"$f":"OFFSET(FONTE!$A$1,R76,3,1)","v":13.84},{"$f":"'BDI 20,34%'!$C$28","v":0.2034},{"$f":"TRUNC(((G76*H76)+G76),2)","v":16.649999999999999},{"$f":"IF(ISERR(ROUND((F76*I76),2)),\"\",ROUND((F76*I76),2))","v":33.299999999999997},89627,{"$f":"OFFSET(FONTE!$A$1,R76,4,1)","v":"SINAPI"},null,null,null,null,{"$f":"IF(R76=\"\",\"\",OFFSET(FONTE!$A$1,R76,1,1))","v":"TÊ DE REDUÇÃO, PVC, SOLDÁVEL, DN 50MM X 25MM, INSTALADO EM PRUMADA DE ÁGUA - FORNECIMENTO E INSTALAÇÃO. AF_12/2014"},{"$f":"IF(ISERROR(MATCH(K76,FONTE!$A$1:$A$12282,0)-1),\"\",MATCH(K76,FONTE!$A$1:$A$12282,0)-1)","v":8819}]
[null,"10.6","Tubos PVC Soldável",null,null,null,null,null,null,null,null,null,null,null,null,null,{"$f":"IF(R77=\"\",\"\",OFFSET(FONTE!$A$1,R77,1,1))","v":""},{"$f":"IF(ISERROR(MATCH(K77,FONTE!$A$1:$A$12282,0)-1),\"\",MATCH(K77,FONTE!$A$1:$A$12282,0)-1)","v":""}]
[null,"10.6.1","25mm",{"$f":"IF(R78=\"\",\"\",OFFSET(FONTE!$A$1,R78,2,1))","v":"M"},9.6,{"$f":"ROUND(E78,2)","v":9.6},{"$f":"OFFSET(FONTE!$A$1,R78,3,1)","v":6.9},{"$f":"'BDI 20,34%'!$C$28","v":0.2034},{"$f":"TRUNC(((G78*H78)+G78),2)","v":8.3000000000000007},{"$f":"IF(ISERR(ROUND((F78*I78),2)),\"\",ROUND((F78*I78),2))","v":79.680000000000007},89402,{"$f":"OFFSET(FONTE!$A$1,R78,4,1)","v":"SINAPI"},null,null,null,null,{"$f":"IF(R78=\"\",\"\",OFFSET(FONTE!$A$1,R78,1,1))","v":"TUBO, PVC, SOLDÁVEL, DN 25MM, INSTALADO EM RAMAL DE DISTRIBUIÇÃO DE ÁGUA - FORNECIMENTO E INSTALAÇÃO. AF_12/2014"},{"$f":"IF(ISERROR(MATCH(K78,FONTE!$A$1:$A$12282,0)-1),\"\",MATCH(K78,FONTE!$A$1:$A$12282,0)-1)","v":8389}]
[null,"10.6.2","50mm",{"$f":"IF(R79=\"\",\"\",OFFSET(FONTE!$A$1,R79,2,1))","v":"M"},2.7,2.7,{"$f":"OFFSET(FONTE!$A$1,R79,3,1)","v":10.199999999999999},{"$f":"'BDI 20,34%'!$C$28","v":0.2034},12.27,33.130000000000003,89449,{"$f":"OFFSET(FONTE!$A$1,R79,4,1)","v":"SINAPI"},null,null,null,null,{"$f":"IF(R79=\"\",\"\",OFFSET(FONTE!$A$1,R79,1,1))","v":"TUBO, PVC, SOLDÁVEL, DN 50MM, INSTALADO EM PRUMADA DE ÁGUA - FORNECIMENTO E INSTALAÇÃO. AF_12/2014"},{"$f":"IF(ISERROR(MATCH(K79,FONTE!$A$1:$A$12282,0)-1),\"\",MATCH(K79,FONTE!$A$1:$A$12282,0)-1)","v":8394}]
[null,"10.7","Joelho 90° Soldável com Bucha de Latão",null,null,null,null,null,null,null,null,null,null,null,null,null,{"$f":"IF(R80=\"\",\"\",OFFSET(FONTE!$A$1,R80,1,1))","v":""},{"$f":"IF(ISERROR(MATCH(K80,FONTE!$A$1:$A$12282,0)-1),\"\",MATCH(K80,FONTE!$A$1:$A$12282,0)-1)","v":""}]
[null,"10.7.1","25mm - 1/2\"",{"$f":"IF(R81=\"\",\"\",OFFSET(FONTE!$A$1,R81,2,1))","v":"UN"},7,{"$f":"ROUND(E81,2)","v":7},{"$f":"OFFSET(FONTE!$A$1,R81,3,1)","v":10.39},{"$f":"'BDI 20,34%'!$C$28","v":0.2034},{"$f":"TRUNC(((G81*H81)+G81),2)","v":12.5},{"$f":"IF(ISERR(ROUND((F81*I81),2)),\"\",ROUND((F81*I81),2))","v":87.5},90373,{"$f":"OFFSET(FONTE!$A$1,R81,4,1)","v":"SINAPI"},null,null,null,null,{"$f":"IF(R81=\"\",\"\",OFFSET(FONTE!$A$1,R81,1,1))","v":"JOELHO 90 GRAUS COM BUCHA DE LATÃO, PVC, SOLDÁVEL, DN 25MM, X 1/2\u0094 INSTALADO EM RAMAL OU SUB-RAMAL DE ÁGUA - FORNECIMENTO E INSTALAÇÃO. AF_12/2014"},{"$f":"IF(ISERROR(MATCH(K81,FONTE!$A$1:$A$12282,0)-1),\"\",MATCH(K81,FONTE!$A$1:$A$12282,0)-1)","v":9035}]
[null,11,"REDE SANITÁRIA",null,null,null,null,null,"∑ ",{"$f":"SUBTOTAL(9,J83:J93)","v":430.45000000000005},null,null,null,null,{"$f":"J82/$J$128","v":2.9128191108542707E-3},null,{"$f":"IF(R82=\"\",\"\",OFFSET(FONTE!$A$1,R82,1,1))","v":""},{"$f":"IF(ISERROR(MATCH(K82,FONTE!$A$1:$A$12282,0)-1),\"\",MATCH(K82,FONTE!$A$1:$A$12282,0)-1)","v":""}]
[null,"11.1","Caixa sifonada",null,null,null,null,null,null,null,null,null,null,null,null,null,{"$f":"IF(R83=\"\",\"\",OFFSET(FONTE!$A$1,R83,1,1))","v":""},{"$f":"IF(ISERROR(MATCH(K83,FONTE!$A$1:$A$12282,0)-1),\"\",MATCH(K83,FONTE!$A$1:$A$12282,0)-1)","v":""}]
[null,"11.1.1","150x150x50",{"$f":"IF(R84=\"\",\"\",OFFSET(FONTE!$A$1,R84,2,1))","v":"UN"},3,{"$f":"ROUND(E84,2)","v":3},{"$f":"OFFSET(FONTE!$A$1,R84,3,1)","v":22.79},{"$f":"'BDI 20,34%'!$C$28","v":0.2034},{"$f":"TRUNC(((G84*H84)+G84),2)","v":27.42},{"$f":"IF(ISERR(ROUND((F84*I84),2)),\"\",ROUND((F84*I84),2))","v":82.26},89707,{"$f":"OFFSET(FONTE!$A$1,R84,4,1)","v":"SINAPI"},null,null,null,null,{"$f":"IF(R84=\"\",\"\",OFFSET(FONTE!$A$1,R84,1,1))","v":"CAIXA SIFONADA, PVC, DN 100 X 100 X 50 MM, JUNTA ELÁSTICA, FORNECIDA E INSTALADA EM RAMAL DE DESCARGA OU EM RAMAL DE ESGOTO SANITÁRIO. AF_12/2014"},{"$f":"IF(ISERROR(MATCH(K84,FONTE!$A$1:$A$12282,0)-1),\"\",MATCH(K84,FONTE!$A$1:$A$12282,0)-1)","v":9736}]
[null,"11.2","Joelho PVC 45°",null,null,null,null,null,null,null,null,null,null,null,null,null,{"$f":"IF(R85=\"\",\"\",OFFSET(FONTE!$A$1,R85,1,1))","v":""},{"$f":"IF(ISERROR(MATCH(K85,FONTE!$A$1:$A$12282,0)-1),\"\",MATCH(K85,FONTE!$A$1:$A$12282,0)-1)","v":""}]
[null,"11.2.1","40mm",{"$f":"IF(R86=\"\",\"\",OFFSET(FONTE!$A$1,R86,2,1))","v":"UN"},4,{"$f":"ROUND(E86,2)","v":4},{"$f":"OFFSET(FONTE!$A$1,R86,3,1)","v":5.65},{"$f":"'BDI 20,34%'!$C$28","v":0.2034},{"$f":"TRUNC(((G86*H86)+G86),2)","v":6.79},{"$f":"IF(ISERR(ROUND((F86*I86),2)),\"\",ROUND((F86*I86),2))","v":27.16},89726,{"$f":"OFFSET(FONTE!$A$1,R86,4,1)","v":"SINAPI"},null,null,null,null,{"$f":"IF(R86=\"\",\"\",OFFSET(FONTE!$A$1,R86,1,1))","v":"JOELHO 45 GRAUS, PVC, SERIE NORMAL, ESGOTO PREDIAL, DN 40 MM, JUNTA SOLDÁVEL, FORNECIDO E INSTALADO EM RAMAL DE DESCARGA OU RAMAL DE ESGOTO SANITÁRIO. AF_12/2014"},{"$f":"IF(ISERROR(MATCH(K86,FONTE!$A$1:$A$12282,0)-1),\"\",MATCH(K86,FONTE!$A$1:$A$12282,0)-1)","v":8901}]
[null,"11.3","Joelho PVC 90°",null,null,null,null,null,null,null,null,null,null,null,null,null,{"$f":"IF(R87=\"\",\"\",OFFSET(FONTE!$A$1,R87,1,1))","v":""},{"$f":"IF(ISERROR(MATCH(K87,FONTE!$A$1:$A$12282,0)-1),\"\",MATCH(K87,FONTE!$A$1:$A$12282,0)-1)","v":""}]
[null,"11.3.1","40mm",{"$f":"IF(R88=\"\",\"\",OFFSET(FONTE!$A$1,R88,2,1))","v":"UN"},10,{"$f":"ROUND(E88,2)","v":10},{"$f":"OFFSET(FONTE!$A$1,R88,3,1)","v":7.1},{"$f":"'BDI 20,34%'!$C$28","v":0.2034},{"$f":"TRUNC(((G88*H88)+G88),2)","v":8.5399999999999991},{"$f":"IF(ISERR(ROUND((F88*I88),2)),\"\",ROUND((F88*I88),2))","v":85.4},89724,{"$f":"OFFSET(FONTE!$A$1,R88,4,1)","v":"SINAPI"},null,null,null,null,{"$f":"IF(R88=\"\",\"\",OFFSET(FONTE!$A$1,R88,1,1))","v":"JOELHO 90 GRAUS, PVC, SERIE NORMAL, ESGOTO PREDIAL, DN 40 MM, JUNTA SOLDÁVEL, FORNECIDO E INSTALADO EM RAMAL DE DESCARGA OU RAMAL DE ESGOTO SANITÁRIO. AF_12/2014"},{"$f":"IF(ISERROR(MATCH(K88,FONTE!$A$1:$A$12282,0)-1),\"\",MATCH(K88,FONTE!$A$1:$A$12282,0)-1)","v":8899}]
[null,"11.4","Junção Simples PVC",null,null,null,null,null,null,null,null,null,null,null,null,null,{"$f":"IF(R89=\"\",\"\",OFFSET(FONTE!$A$1,R89,1,1))","v":""},{"$f":"IF(ISERROR(MATCH(K89,FONTE!$A$1:$A$12282,0)-1),\"\",MATCH(K89,FONTE!$A$1:$A$12282,0)-1)","v":""}]
[null,"11.4.1","100mm - 50mm",{"$f":"IF(R90=\"\",\"\",OFFSET(FONTE!$A$1,R90,2,1))","v":"UN"},3,{"$f":"ROUND(E90,2)","v":3},{"$f":"OFFSET(FONTE!$A$1,R90,3,1)","v":21.45},{"$f":"'BDI 20,34%'!$C$28","v":0.2034},{"$f":"TRUNC(((G90*H90)+G90),2)","v":25.81},{"$f":"IF(ISERR(ROUND((F90*I90),2)),\"\",ROUND((F90*I90),2))","v":77.430000000000007},"CHD019",{"$f":"OFFSET(FONTE!$A$1,R90,4,1)","v":"COMPOSIÇÃO"},null,null,null,null,{"$f":"IF(R90=\"\",\"\",OFFSET(FONTE!$A$1,R90,1,1))","v":"JUNCAO SIMPLES, PVC, DN 100 X 50 MM, SERIE NORMAL PARA ESGOTO PREDIAL - FORNECIMENTOE INSTALAÇÃO"},{"$f":"IF(ISERROR(MATCH(K90,FONTE!$A$1:$A$12282,0)-1),\"\",MATCH(K90,FONTE!$A$1:$A$12282,0)-1)","v":12162}]
[null,"11.5","Tubo Rígido com Ponta Lisa",null,null,null,null,null,null,null,null,null,null,null,null,null,{"$f":"IF(R91=\"\",\"\",OFFSET(FONTE!$A$1,R91,1,1))","v":""},{"$f":"IF(ISERROR(MATCH(K91,FONTE!$A$1:$A$12282,0)-1),\"\",MATCH(K91,FONTE!$A$1:$A$12282,0)-1)","v":""}]
[null,"11.5.1","40mm",{"$f":"IF(R92=\"\",\"\",OFFSET(FONTE!$A$1,R92,2,1))","v":"M"},{"$f":"5.75/2+0.5*5","v":5.375},{"$f":"ROUND(E92,2)","v":5.38},{"$f":"OFFSET(FONTE!$A$1,R92,3,1)","v":15.02},{"$f":"'BDI 20,34%'!$C$28","v":0.2034},{"$f":"TRUNC(((G92*H92)+G92),2)","v":18.07},{"$f":"IF(ISERR(ROUND((F92*I92),2)),\"\",ROUND((F92*I92),2))","v":97.22},89711,{"$f":"OFFSET(FONTE!$A$1,R92,4,1)","v":"SINAPI"},null,null,null,null,{"$f":"IF(R92=\"\",\"\",OFFSET(FONTE!$A$1,R92,1,1))","v":"TUBO PVC, SERIE NORMAL, ESGOTO PREDIAL, DN 40 MM, FORNECIDO E INSTALADO EM RAMAL DE DESCARGA OU RAMAL DE ESGOTO SANITÁRIO. AF_12/2014"},{"$f":"IF(ISERROR(MATCH(K92,FONTE!$A$1:$A$12282,0)-1),\"\",MATCH(K92,FONTE!$A$1:$A$12282,0)-1)","v":8409}]
[null,"11.5.2","50mm - 2\"",{"$f":"IF(R93=\"\",\"\",OFFSET(FONTE!$A$1,R93,2,1))","v":"M"},2.35,2.35,{"$f":"OFFSET(FONTE!$A$1,R93,3,1)","v":21.57},{"$f":"'BDI 20,34%'!$C$28","v":0.2034},25.95,60.98,89712,{"$f":"OFFSET(FONTE!$A$1,R93,4,1)","v":"SINAPI"},null,null,null,null,{"$f":"IF(R93=\"\",\"\",OFFSET(FONTE!$A$1,R93,1,1))","v":"TUBO PVC, SERIE NORMAL, ESGOTO PREDIAL, DN 50 MM, FORNECIDO E INSTALADO EM RAMAL DE DESCARGA OU RAMAL DE ESGOTO SANITÁRIO. AF_12/2014"},{"$f":"IF(ISERROR(MATCH(K93,FONTE!$A$1:$A$12282,0)-1),\"\",MATCH(K93,FONTE!$A$1:$A$12282,0)-1)","v":8410}]
[null,"                                                                                                                  ACABAMENTOS"]
[null,12,{"$f":"QUANT!C104","v":"REVESTIMENTO PISO"},null,null,null,null,null,"∑ ",{"$f":"SUBTOTAL(9,J96:J99)","v":12901.29},null,null,null,null,{"$f":"J95/$J$128","v":8.7301949277902413E-2},null,{"$f":"IF(R95=\"\",\"\",OFFSET(FONTE!$A$1,R95,1,1))","v":""},{"$f":"IF(ISERROR(MATCH(K95,FONTE!$A$1:$A$12282,0)-1),\"\",MATCH(K95,FONTE!$A$1:$A$12282,0)-1)","v":""}]
[null,"12.1",{"$f":"QUANT!C105","v":"Soleira de Granito Jateada, e=2cm (fornecimento e assentamento)"},{"$f":"IF(R96=\"\",\"\",OFFSET(FONTE!$A$1,R96,2,1))","v":"M"},{"$f":"QUANT!E105","v":8.6},{"$f":"ROUND(E96,2)","v":8.6},{"$f":"OFFSET(FONTE!$A$1,R96,3,1)","v":73.3},{"$f":"'BDI 20,34%'!$C$28","v":0.2034},{"$f":"TRUNC(((G96*H96)+G96),2)","v":88.2},{"$f":"IF(ISERR(ROUND((F96*I96),2)),\"\",ROUND((F96*I96),2))","v":758.52},98689,{"$f":"OFFSET(FONTE!$A$1,R96,4,1)","v":"SINAPI"},null,null,null,null,{"$f":"IF(R96=\"\",\"\",OFFSET(FONTE!$A$1,R96,1,1))","v":"SOLEIRA EM GRANITO, LARGURA 15 CM, ESPESSURA 2,0 CM. AF_06/2018"},{"$f":"IF(ISERROR(MATCH(K96,FONTE!$A$1:$A$12282,0)-1),\"\",MATCH(K96,FONTE!$A$1:$A$12282,0)-1)","v":10696}]
[null,"12.2",{"$f":"QUANT!C107","v":"Piso Porcelanato 60x60, PEI 5, assentado com Argamassa para Porcelanato"},{"$f":"IF(R97=\"\",\"\",OFFSET(FONTE!$A$1,R97,2,1))","v":"UN"},{"$f":"QUANT!E107","v":112.66},112.66,{"$f":"OFFSET(FONTE!$A$1,R97,3,1)","v":77.149999999999991},{"$f":"'BDI 20,34%'!$C$28","v":0.2034},92.84,10459.35,"CED502",{"$f":"OFFSET(FONTE!$A$1,R97,4,1)","v":"COMPOSIÇÃO"},null,null,null,null,{"$f":"IF(R97=\"\",\"\",OFFSET(FONTE!$A$1,R97,1,1))","v":"REVESTIMENTO CERÂMICO PARA PISO COM PLACAS TIPO PORCELANATO DE DIMENSÕES 60X60 CM APLICADA EM AMBIENTES DE ÁREA MAIOR QUE 10 M². AF_06/2014"},{"$f":"IF(ISERROR(MATCH(K97,FONTE!$A$1:$A$12282,0)-1),\"\",MATCH(K97,FONTE!$A$1:$A$12282,0)-1)","v":12113}]
[null,"12.3",{"$f":"QUANT!C112","v":"Piso Cerâmico Antiderrapente 60x60, PEI 5, assentado com Argamassa para Porcelanato"},{"$f":"IF(R98=\"\",\"\",OFFSET(FONTE!$A$1,R98,2,1))","v":"M2"},{"$f":"QUANT!E112","v":17.260000000000002},17.260000000000002,{"$f":"OFFSET(FONTE!$A$1,R98,3,1)","v":55.41},{"$f":"'BDI 20,34%'!$C$28","v":0.2034},66.680000000000007,1150.9000000000001,87257,{"$f":"OFFSET(FONTE!$A$1,R98,4,1)","v":"SINAPI"},null,null,null,null,{"$f":"IF(R98=\"\",\"\",OFFSET(FONTE!$A$1,R98,1,1))","v":"REVESTIMENTO CERÂMICO PARA PISO COM PLACAS TIPO ESMALTADA EXTRA DE DIMENSÕES 60X60 CM APLICADA EM AMBIENTES DE ÁREA MAIOR QUE 10 M2. AF_06/2014"},{"$f":"IF(ISERROR(MATCH(K98,FONTE!$A$1:$A$12282,0)-1),\"\",MATCH(K98,FONTE!$A$1:$A$12282,0)-1)","v":10670}]
[null,"12.4",{"$f":"QUANT!C118","v":"Rodapé Cerâmico de 7cm, assentado com Argamassa"},{"$f":"IF(R99=\"\",\"\",OFFSET(FONTE!$A$1,R99,2,1))","v":"M"},{"$f":"QUANT!E118","v":43.4},43.4,{"$f":"OFFSET(FONTE!$A$1,R99,3,1)","v":10.199999999999999},{"$f":"'BDI 20,34%'!$C$28","v":0.2034},12.27,532.52,88650,{"$f":"OFFSET(FONTE!$A$1,R99,4,1)","v":"SINAPI"},null,null,null,null,{"$f":"IF(R99=\"\",\"\",OFFSET(FONTE!$A$1,R99,1,1))","v":"RODAPÉ CERÂMICO DE 7CM DE ALTURA COM PLACAS TIPO ESMALTADA EXTRA DE DIMENSÕES 60X60CM. AF_06/2014"},{"$f":"IF(ISERROR(MATCH(K99,FONTE!$A$1:$A$12282,0)-1),\"\",MATCH(K99,FONTE!$A$1:$A$12282,0)-1)","v":10713}]
[null,13,"REVESTIMENTO PAREDE",null,null,null,null,null,"∑ ",{"$f":"SUBTOTAL(9,J101:J103)","v":4118.0599999999995},null,null,null,null,{"$f":"J100/$J$128","v":2.78665672381102E-2},null,{"$f":"IF(R100=\"\",\"\",OFFSET(FONTE!$A$1,R100,1,1))","v":""},{"$f":"IF(ISERROR(MATCH(K100,FONTE!$A$1:$A$12282,0)-1),\"\",MATCH(K100,FONTE!$A$1:$A$12282,0)-1)","v":""}]
[null,"13.1","Chapisco",{"$f":"IF(R101=\"\",\"\",OFFSET(FONTE!$A$1,R101,2,1))","v":"M2"},{"$f":"E52*2","v":22.847999999999999},{"$f":"ROUND(E101,2)","v":22.85},{"$f":"OFFSET(FONTE!$A$1,R101,3,1)","v":3.2},{"$f":"'BDI 20,34%'!$C$28","v":0.2034},{"$f":"TRUNC(((G101*H101)+G101),2)","v":3.85},{"$f":"IF(ISERR(ROUND((F101*I101),2)),\"\",ROUND((F101*I101),2))","v":87.97},87879,{"$f":"OFFSET(FONTE!$A$1,R101,4,1)","v":"SINAPI"},null,null,null,null,{"$f":"IF(R101=\"\",\"\",OFFSET(FONTE!$A$1,R101,1,1))","v":"CHAPISCO APLICADO EM ALVENARIAS E ESTRUTURAS DE CONCRETO INTERNAS, COM COLHER DE PEDREIRO.  ARGAMASSA TRAÇO 1:3 COM PREPARO EM BETONEIRA 400L. AF_06/2014"},{"$f":"IF(ISERROR(MATCH(K101,FONTE!$A$1:$A$12282,0)-1),\"\",MATCH(K101,FONTE!$A$1:$A$12282,0)-1)","v":10814}]
[null,"13.2","Emboço/Reboco (Massa Única)",{"$f":"IF(R102=\"\",\"\",OFFSET(FONTE!$A$1,R102,2,1))","v":"M2"},{"$f":"E101","v":22.847999999999999},22.85,{"$f":"OFFSET(FONTE!$A$1,R102,3,1)","v":26.88},{"$f":"'BDI 20,34%'!$C$28","v":0.2034},32.340000000000003,738.97,89173,{"$f":"OFFSET(FONTE!$A$1,R102,4,1)","v":"SINAPI"},null,null,null,null,{"$f":"IF(R102=\"\",\"\",OFFSET(FONTE!$A$1,R102,1,1))","v":"(COMPOSIÇÃO REPRESENTATIVA) DO SERVIÇO DE EMBOÇO/MASSA ÚNICA, APLICADO MANUALMENTE, TRAÇO 1:2:8, EM BETONEIRA DE 400L, PAREDES INTERNAS, COM EXECUÇÃO DE TALISCAS, EDIFICAÇÃO HABITACIONAL UNIFAMILIAR (CASAS) E EDIFICAÇÃO PÚBLICA PADRÃO. AF_12/2014"},{"$f":"IF(ISERROR(MATCH(K102,FONTE!$A$1:$A$12282,0)-1),\"\",MATCH(K102,FONTE!$A$1:$A$12282,0)-1)","v":10972}]
[null,"13.3","Azulejos 30x60cm (fornecimento e assentamento)",{"$f":"IF(R103=\"\",\"\",OFFSET(FONTE!$A$1,R103,2,1))","v":"M2"},{"$f":"QUANT!E127","v":75.257999999999996},75.260000000000005,{"$f":"OFFSET(FONTE!$A$1,R103,3,1)","v":36.340000000000003},{"$f":"'BDI 20,34%'!$C$28","v":0.2034},43.73,3291.12,93393,{"$f":"OFFSET(FONTE!$A$1,R103,4,1)","v":"SINAPI"},null,null,null,null,{"$f":"IF(R103=\"\",\"\",OFFSET(FONTE!$A$1,R103,1,1))","v":"REVESTIMENTO CERÂMICO PARA PAREDES INTERNAS COM PLACAS TIPO ESMALTADA PADRÃO POPULAR DE DIMENSÕES 20X20 CM, ARGAMASSA TIPO AC I, APLICADAS EM AMBIENTES DE ÁREA MAIOR QUE 5 M2 NA ALTURA INTEIRA DAS PAREDES. AF_06/2014"},{"$f":"IF(ISERROR(MATCH(K103,FONTE!$A$1:$A$12282,0)-1),\"\",MATCH(K103,FONTE!$A$1:$A$12282,0)-1)","v":11002}]
[null,14,{"$f":"QUANT!C145","v":"PINTURA"},null,null,null,null,null,"∑ ",{"$f":"SUBTOTAL(9,J105:J105)","v":13358.43},null,null,null,null,{"$f":"J104/$J$128","v":9.0395377384153819E-2},null,{"$f":"IF(R104=\"\",\"\",OFFSET(FONTE!$A$1,R104,1,1))","v":""},{"$f":"IF(ISERROR(MATCH(K104,FONTE!$A$1:$A$12282,0)-1),\"\",MATCH(K104,FONTE!$A$1:$A$12282,0)-1)","v":""}]
[null,"14.1",{"$f":"QUANT!C146","v":"Pintura Acrílica, duas demãos"},{"$f":"IF(R105=\"\",\"\",OFFSET(FONTE!$A$1,R105,2,1))","v":"M2"},{"$f":"QUANT!E146","v":936.11999999999966},{"$f":"ROUND(E105,2)","v":936.12},{"$f":"OFFSET(FONTE!$A$1,R105,3,1)","v":11.86},{"$f":"'BDI 20,34%'!$C$28","v":0.2034},{"$f":"TRUNC(((G105*H105)+G105),2)","v":14.27},{"$f":"IF(ISERR(ROUND((F105*I105),2)),\"\",ROUND((F105*I105),2))","v":13358.43},88489,{"$f":"OFFSET(FONTE!$A$1,R105,4,1)","v":"SINAPI"},null,null,null,null,{"$f":"IF(R105=\"\",\"\",OFFSET(FONTE!$A$1,R105,1,1))","v":"APLICAÇÃO MANUAL DE PINTURA COM TINTA LÁTEX ACRÍLICA EM PAREDES, DUAS DEMÃOS. AF_06/2014"},{"$f":"IF(ISERROR(MATCH(K105,FONTE!$A$1:$A$12282,0)-1),\"\",MATCH(K105,FONTE!$A$1:$A$12282,0)-1)","v":10586}]
[null,15,{"$f":"QUANT!C224","v":"FORRO"},null,null,null,null,null,"∑ ",{"$f":"SUBTOTAL(9,J107:J107)","v":7654.66},null,null,null,null,{"$f":"J106/$J$128","v":5.1798443338579969E-2},null,{"$f":"IF(R106=\"\",\"\",OFFSET(FONTE!$A$1,R106,1,1))","v":""},{"$f":"IF(ISERROR(MATCH(K106,FONTE!$A$1:$A$12282,0)-1),\"\",MATCH(K106,FONTE!$A$1:$A$12282,0)-1)","v":""}]
[null,"15.1",{"$f":"QUANT!C225","v":"Forro de PVC em Réguas, Liso (inclusive estrutura metálica de fixação, fornecimento e colocação)"},{"$f":"IF(R107=\"\",\"\",OFFSET(FONTE!$A$1,R107,2,1))","v":"M2"},{"$f":"QUANT!E225","v":145.36000000000001},{"$f":"ROUND(E107,2)","v":145.36000000000001},{"$f":"OFFSET(FONTE!$A$1,R107,3,1)","v":43.76},{"$f":"'BDI 20,34%'!$C$28","v":0.2034},{"$f":"TRUNC(((G107*H107)+G107),2)","v":52.66},{"$f":"IF(ISERR(ROUND((F107*I107),2)),\"\",ROUND((F107*I107),2))","v":7654.66},96485,{"$f":"OFFSET(FONTE!$A$1,R107,4,1)","v":"SINAPI"},null,null,null,null,{"$f":"IF(R107=\"\",\"\",OFFSET(FONTE!$A$1,R107,1,1))","v":"FORRO EM RÉGUAS DE PVC, LISO, PARA AMBIENTES RESIDENCIAIS, INCLUSIVE ESTRUTURA DE FIXAÇÃO. AF_05/2017_P"},{"$f":"IF(ISERROR(MATCH(K107,FONTE!$A$1:$A$12282,0)-1),\"\",MATCH(K107,FONTE!$A$1:$A$12282,0)-1)","v":11029}]
[null,16,"ESQUADRIAS",null,null,null,null,null,"∑ ",{"$f":"SUBTOTAL(9,J109:J111)","v":8022.6399999999994},null,null,null,null,{"$f":"J108/$J$128","v":5.4288533189694281E-2},null,{"$f":"IF(R108=\"\",\"\",OFFSET(FONTE!$A$1,R108,1,1))","v":""},{"$f":"IF(ISERROR(MATCH(K108,FONTE!$A$1:$A$12282,0)-1),\"\",MATCH(K108,FONTE!$A$1:$A$12282,0)-1)","v":""}]
[null,"16.1","Porta de Correr de Veneziana de Alumínio, 0,90 x 2,10m (02 unidades)",{"$f":"IF(R109=\"\",\"\",OFFSET(FONTE!$A$1,R109,2,1))","v":"M2"},{"$f":"2*0.9*2.1","v":3.7800000000000002},{"$f":"ROUND(E109,2)","v":3.78},{"$f":"OFFSET(FONTE!$A$1,R109,3,1)","v":684.28},{"$f":"'BDI 20,34%'!$C$28","v":0.2034},{"$f":"TRUNC(((G109*H109)+G109),2)","v":823.46},{"$f":"IF(ISERR(ROUND((F109*I109),2)),\"\",ROUND((F109*I109),2))","v":3112.68},68050,{"$f":"OFFSET(FONTE!$A$1,R109,4,1)","v":"SINAPI"},null,null,null,null,{"$f":"IF(R109=\"\",\"\",OFFSET(FONTE!$A$1,R109,1,1))","v":"PORTA DE CORRER EM ALUMINIO, COM DUAS FOLHAS PARA VIDRO, INCLUSO VIDRO LISO INCOLOR, FECHADURA E PUXADOR, SEM GUARNICAO/ALIZAR/VISTA"},{"$f":"IF(ISERROR(MATCH(K109,FONTE!$A$1:$A$12282,0)-1),\"\",MATCH(K109,FONTE!$A$1:$A$12282,0)-1)","v":7104}]
[null,"16.2","Porta de Abrir de Veneziana de Alumínio, 0,86 x 1,90m (01 unidades)",{"$f":"IF(R110=\"\",\"\",OFFSET(FONTE!$A$1,R110,2,1))","v":"M2"},{"$f":"0.86*1.9","v":1.6339999999999999},1.63,{"$f":"OFFSET(FONTE!$A$1,R110,3,1)","v":807.94},{"$f":"'BDI 20,34%'!$C$28","v":0.2034},972.27,1584.8,91341,{"$f":"OFFSET(FONTE!$A$1,R110,4,1)","v":"SINAPI"},null,null,null,null,{"$f":"IF(R110=\"\",\"\",OFFSET(FONTE!$A$1,R110,1,1))","v":"PORTA EM ALUMÍNIO DE ABRIR TIPO VENEZIANA COM GUARNIÇÃO, FIXAÇÃO COM PARAFUSOS - FORNECIMENTO E INSTALAÇÃO. AF_08/2015"},{"$f":"IF(ISERROR(MATCH(K110,FONTE!$A$1:$A$12282,0)-1),\"\",MATCH(K110,FONTE!$A$1:$A$12282,0)-1)","v":7107}]
[null,"16.3","Porta de Abrir de Veneziana de Alumínio, 0,90 x 1,90m (02 unidades)",{"$f":"IF(R111=\"\",\"\",OFFSET(FONTE!$A$1,R111,2,1))","v":"M2"},{"$f":"2*0.9*1.9","v":3.42},3.42,{"$f":"OFFSET(FONTE!$A$1,R111,3,1)","v":807.94},{"$f":"'BDI 20,34%'!$C$28","v":0.2034},972.27,3325.16,91341,{"$f":"OFFSET(FONTE!$A$1,R111,4,1)","v":"SINAPI"},null,null,null,null,{"$f":"IF(R111=\"\",\"\",OFFSET(FONTE!$A$1,R111,1,1))","v":"PORTA EM ALUMÍNIO DE ABRIR TIPO VENEZIANA COM GUARNIÇÃO, FIXAÇÃO COM PARAFUSOS - FORNECIMENTO E INSTALAÇÃO. AF_08/2015"},{"$f":"IF(ISERROR(MATCH(K111,FONTE!$A$1:$A$12282,0)-1),\"\",MATCH(K111,FONTE!$A$1:$A$12282,0)-1)","v":7107}]
[null,17,"INSTALAÇÕES LOUÇAS ACESSORIOS E APARELHOS",null,null,null,null,null,"∑ ",{"$f":"SUBTOTAL(9,J113:J126)","v":3873.9800000000005},null,null,null,null,{"$f":"J112/$J$128","v":2.6214898313549142E-2},null,{"$f":"IF(R112=\"\",\"\",OFFSET(FONTE!$A$1,R112,1,1))","v":""},{"$f":"IF(ISERROR(MATCH(K112,FONTE!$A$1:$A$12282,0)-1),\"\",MATCH(K112,FONTE!$A$1:$A$12282,0)-1)","v":""}]
[null,"17.1","Lavatório Louça Branca Suspenso, 29,5x39cm ou equivalente, Padrão Popular, incluso Sifão Copo em PVC, Válvula e Engate Flexível 30cm em Plástico e com Torneira Cromada de Mesa tipo Alavanca, Padrão Popular (fornecimento e instalação)",{"$f":"IF(R113=\"\",\"\",OFFSET(FONTE!$A$1,R113,2,1))","v":"UN"},2,{"$f":"ROUND(E113,2)","v":2},{"$f":"OFFSET(FONTE!$A$1,R113,3,1)","v":181.55},{"$f":"'BDI 20,34%'!$C$28","v":0.2034},{"$f":"TRUNC(((G113*H113)+G113),2)","v":218.47},{"$f":"IF(ISERR(ROUND((F113*I113),2)),\"\",ROUND((F113*I113),2))","v":436.94},86942,{"$f":"OFFSET(FONTE!$A$1,R113,4,1)","v":"SINAPI"},null,null,null,null,{"$f":"IF(R113=\"\",\"\",OFFSET(FONTE!$A$1,R113,1,1))","v":"LAVATÓRIO LOUÇA BRANCA SUSPENSO, 29,5 X 39CM OU EQUIVALENTE, PADRÃO POPULAR, INCLUSO SIFÃO TIPO GARRAFA EM PVC, VÁLVULA E ENGATE FLEXÍVEL 30CM EM PLÁSTICO E TORNEIRA CROMADA DE MESA, PADRÃO POPULAR - FORNECIMENTO E INSTALAÇÃO. AF_12/2013"},{"$f":"IF(ISERROR(MATCH(K113,FONTE!$A$1:$A$12282,0)-1),\"\",MATCH(K113,FONTE!$A$1:$A$12282,0)-1)","v":9802}]
[null,"17.2","Ducha Higiênica Metálica de Parede Articulável (fornecimento e instalação)",{"$f":"IF(R114=\"\",\"\",OFFSET(FONTE!$A$1,R114,2,1))","v":"UN"},2,2,{"$f":"OFFSET(FONTE!$A$1,R114,3,1)","v":215.3},{"$f":"'BDI 20,34%'!$C$28","v":0.2034},259.08999999999997,518.17999999999995,"CAC001",{"$f":"OFFSET(FONTE!$A$1,R114,4,1)","v":"COMPOSIÇÃO"},null,null,null,null,{"$f":"IF(R114=\"\",\"\",OFFSET(FONTE!$A$1,R114,1,1))","v":"DUCHA HIGIÊNICA METÁLICA DE PAREDE ARTICULÁVEL (fornecimento e instalação)"},{"$f":"IF(ISERROR(MATCH(K114,FONTE!$A$1:$A$12282,0)-1),\"\",MATCH(K114,FONTE!$A$1:$A$12282,0)-1)","v":12206}]
[null,"17.3","Barra de Apoio",null,null,null,null,null,null,null,null,null,null,null,null,null,{"$f":"IF(R115=\"\",\"\",OFFSET(FONTE!$A$1,R115,1,1))","v":""},{"$f":"IF(ISERROR(MATCH(K115,FONTE!$A$1:$A$12282,0)-1),\"\",MATCH(K115,FONTE!$A$1:$A$12282,0)-1)","v":""}]
[null,"17.3.1","Barra de Apoio Angular, 60cm, em Aço Inox Polido (fornecimento e instalação)",{"$f":"IF(R116=\"\",\"\",OFFSET(FONTE!$A$1,R116,2,1))","v":"UN "},2,{"$f":"ROUND(E116,2)","v":2},{"$f":"OFFSET(FONTE!$A$1,R116,3,1)","v":194.94},{"$f":"'BDI 20,34%'!$C$28","v":0.2034},{"$f":"TRUNC(((G116*H116)+G116),2)","v":234.59},{"$f":"IF(ISERR(ROUND((F116*I116),2)),\"\",ROUND((F116*I116),2))","v":469.18},"CAC003",{"$f":"OFFSET(FONTE!$A$1,R116,4,1)","v":"COMPOSIÇÃO"},null,null,null,null,{"$f":"IF(R116=\"\",\"\",OFFSET(FONTE!$A$1,R116,1,1))","v":"BARRA DE APOIO ANGULAR, 60 CM, EM ACO INOX POLIDO (fornecimento e instalação)"},{"$f":"IF(ISERROR(MATCH(K116,FONTE!$A$1:$A$12282,0)-1),\"\",MATCH(K116,FONTE!$A$1:$A$12282,0)-1)","v":12207}]
[null,"17.3.2","Barra de Apoio Reta, em Alumínio, 40cm (fornecimento e instalação)",{"$f":"IF(R117=\"\",\"\",OFFSET(FONTE!$A$1,R117,2,1))","v":"UN "},4,4,{"$f":"OFFSET(FONTE!$A$1,R117,3,1)","v":96.240000000000009},{"$f":"'BDI 20,34%'!$C$28","v":0.2034},115.81,463.24,"CAC004",{"$f":"OFFSET(FONTE!$A$1,R117,4,1)","v":"COMPOSIÇÃO"},null,null,null,null,{"$f":"IF(R117=\"\",\"\",OFFSET(FONTE!$A$1,R117,1,1))","v":"BARRA DE APOIO RETA, EM ALUMINIO, COMPRIMENTO 60CM OU MENOR (fornecimento e instalação)"},{"$f":"IF(ISERROR(MATCH(K117,FONTE!$A$1:$A$12282,0)-1),\"\",MATCH(K117,FONTE!$A$1:$A$12282,0)-1)","v":12208}]
[null,"17.3.3","Barra de Apoio Reta, em Alumínio, 70cm (fornecimento e instalação)",{"$f":"IF(R118=\"\",\"\",OFFSET(FONTE!$A$1,R118,2,1))","v":"UN "},2,2,{"$f":"OFFSET(FONTE!$A$1,R118,3,1)","v":108.65},{"$f":"'BDI 20,34%'!$C$28","v":0.2034},130.74,261.48,"CAC005",{"$f":"OFFSET(FONTE!$A$1,R118,4,1)","v":"COMPOSIÇÃO"},null,null,null,null,{"$f":"IF(R118=\"\",\"\",OFFSET(FONTE!$A$1,R118,1,1))","v":"BARRA DE APOIO RETA, EM ALUMINIO, COMPRIMENTO 70CM (fornecimento e instalação)"},{"$f":"IF(ISERROR(MATCH(K118,FONTE!$A$1:$A$12282,0)-1),\"\",MATCH(K118,FONTE!$A$1:$A$12282,0)-1)","v":12209}]
[null,"17.3.4","Barra de Apoio Reta, em Alumínio, 80cm (fornecimento e instalação)",{"$f":"IF(R119=\"\",\"\",OFFSET(FONTE!$A$1,R119,2,1))","v":"UN "},4,4,{"$f":"OFFSET(FONTE!$A$1,R119,3,1)","v":116.58000000000001},{"$f":"'BDI 20,34%'!$C$28","v":0.2034},140.29,561.16,"CAC006",{"$f":"OFFSET(FONTE!$A$1,R119,4,1)","v":"COMPOSIÇÃO"},null,null,null,null,{"$f":"IF(R119=\"\",\"\",OFFSET(FONTE!$A$1,R119,1,1))","v":"BARRA DE APOIO RETA, EM ALUMINIO, COMPRIMENTO 80CM (fornecimento e instalação)"},{"$f":"IF(ISERROR(MATCH(K119,FONTE!$A$1:$A$12282,0)-1),\"\",MATCH(K119,FONTE!$A$1:$A$12282,0)-1)","v":12210}]
[null,"17.4","Espelho Cristal 80x50cm e=4mm, com Moldura de Madeira",{"$f":"IF(R120=\"\",\"\",OFFSET(FONTE!$A$1,R120,2,1))","v":"M2"},{"$f":"0.5*0.9*2","v":0.9},0.9,{"$f":"OFFSET(FONTE!$A$1,R120,3,1)","v":397.71},{"$f":"'BDI 20,34%'!$C$28","v":0.2034},478.6,430.74,"74125/1",{"$f":"OFFSET(FONTE!$A$1,R120,4,1)","v":"SINAPI"},null,null,null,null,{"$f":"IF(R120=\"\",\"\",OFFSET(FONTE!$A$1,R120,1,1))","v":"ESPELHO CRISTAL ESPESSURA 4MM, COM MOLDURA DE MADEIRA"},{"$f":"IF(ISERROR(MATCH(K120,FONTE!$A$1:$A$12282,0)-1),\"\",MATCH(K120,FONTE!$A$1:$A$12282,0)-1)","v":7129}]
[null,"17.5","Saboneteira Plástica tipo Dispenser para Sabonete Líquido (fornecimento e instalação)",{"$f":"IF(R121=\"\",\"\",OFFSET(FONTE!$A$1,R121,2,1))","v":"UN"},2,2,{"$f":"OFFSET(FONTE!$A$1,R121,3,1)","v":70.459999999999994},{"$f":"'BDI 20,34%'!$C$28","v":0.2034},84.79,169.58,95547,{"$f":"OFFSET(FONTE!$A$1,R121,4,1)","v":"SINAPI"},null,null,null,null,{"$f":"IF(R121=\"\",\"\",OFFSET(FONTE!$A$1,R121,1,1))","v":"SABONETEIRA PLASTICA TIPO DISPENSER PARA SABONETE LIQUIDO COM RESERVATORIO 800 A 1500 ML, INCLUSO FIXAÇÃO. AF_10/2016"},{"$f":"IF(ISERROR(MATCH(K121,FONTE!$A$1:$A$12282,0)-1),\"\",MATCH(K121,FONTE!$A$1:$A$12282,0)-1)","v":9818}]
[null,"17.6","Toalheiro Plástico tipo Dispenser para Papel Toalha Interfolhado (fornecimento e instalação)",{"$f":"IF(R122=\"\",\"\",OFFSET(FONTE!$A$1,R122,2,1))","v":"UN "},2,2,{"$f":"OFFSET(FONTE!$A$1,R122,3,1)","v":69.11999999999999},{"$f":"'BDI 20,34%'!$C$28","v":0.2034},83.17,166.34,"CAC007",{"$f":"OFFSET(FONTE!$A$1,R122,4,1)","v":"COMPOSIÇÃO"},null,null,null,null,{"$f":"IF(R122=\"\",\"\",OFFSET(FONTE!$A$1,R122,1,1))","v":"TOALHEIRO PLÁSTICO TIPO DISPENSER PARA PAPEL TOALHA INTERFOLHADO (fornecimento e instalação)"},{"$f":"IF(ISERROR(MATCH(K122,FONTE!$A$1:$A$12282,0)-1),\"\",MATCH(K122,FONTE!$A$1:$A$12282,0)-1)","v":12211}]
[null,"17.7","Papeleira Plástica tipo Dispenser para Papel Higiênico para Rolo de 300m (fornecimento e instalação)",{"$f":"IF(R123=\"\",\"\",OFFSET(FONTE!$A$1,R123,2,1))","v":"UN"},2,2,{"$f":"OFFSET(FONTE!$A$1,R123,3,1)","v":69.11999999999999},{"$f":"'BDI 20,34%'!$C$28","v":0.2034},83.17,166.34,"CAC008",{"$f":"OFFSET(FONTE!$A$1,R123,4,1)","v":"COMPOSIÇÃO"},null,null,null,null,{"$f":"IF(R123=\"\",\"\",OFFSET(FONTE!$A$1,R123,1,1))","v":"PAPELEIRA TIPO DISPENSER PARA PAPEL HIGIÊNICO PARA ROLO DE 300M (fornecimento e instalação)"},{"$f":"IF(ISERROR(MATCH(K123,FONTE!$A$1:$A$12282,0)-1),\"\",MATCH(K123,FONTE!$A$1:$A$12282,0)-1)","v":12212}]
[null,"17.8","Gancho para Pendurar Utensílios  (fornecimento e instalação)",{"$f":"IF(R124=\"\",\"\",OFFSET(FONTE!$A$1,R124,2,1))","v":"UN "},2,2,{"$f":"OFFSET(FONTE!$A$1,R124,3,1)","v":28.259999999999998},{"$f":"'BDI 20,34%'!$C$28","v":0.2034},34,68,"CAC009",{"$f":"OFFSET(FONTE!$A$1,R124,4,1)","v":"COMPOSIÇÃO"},null,null,null,null,{"$f":"IF(R124=\"\",\"\",OFFSET(FONTE!$A$1,R124,1,1))","v":"GANCHO PARA PENDURAR UTENSÍLIOS (fornecimento e instalação)"},{"$f":"IF(ISERROR(MATCH(K124,FONTE!$A$1:$A$12282,0)-1),\"\",MATCH(K124,FONTE!$A$1:$A$12282,0)-1)","v":12213}]
[null,"17.9","Porta Objetos em MDF (fornecimento e instalação)",{"$f":"IF(R125=\"\",\"\",OFFSET(FONTE!$A$1,R125,2,1))","v":"UN "},2,2,{"$f":"OFFSET(FONTE!$A$1,R125,3,1)","v":32.99},{"$f":"'BDI 20,34%'!$C$28","v":0.2034},39.700000000000003,79.400000000000006,"CAC010",{"$f":"OFFSET(FONTE!$A$1,R125,4,1)","v":"COMPOSIÇÃO"},null,null,null,null,{"$f":"IF(R125=\"\",\"\",OFFSET(FONTE!$A$1,R125,1,1))","v":"PORTA OBJETOS (fornecimento e instalação)"},{"$f":"IF(ISERROR(MATCH(K125,FONTE!$A$1:$A$12282,0)-1),\"\",MATCH(K125,FONTE!$A$1:$A$12282,0)-1)","v":12214}]
[null,"17.10","Lixeira Basculante de PVC 12 Litros",{"$f":"IF(R126=\"\",\"\",OFFSET(FONTE!$A$1,R126,2,1))","v":"UN "},2,2,{"$f":"OFFSET(FONTE!$A$1,R126,3,1)","v":34.659999999999997},{"$f":"'BDI 20,34%'!$C$28","v":0.2034},41.7,83.4,"CAC011",{"$f":"OFFSET(FONTE!$A$1,R126,4,1)","v":"COMPOSIÇÃO"},null,null,null,null,{"$f":"IF(R126=\"\",\"\",OFFSET(FONTE!$A$1,R126,1,1))","v":"LIXEIRA BASCULANTE DE PVC 12 LITROS (fornecimento e instalação)"},{"$f":"IF(ISERROR(MATCH(K126,FONTE!$A$1:$A$12282,0)-1),\"\",MATCH(K126,FONTE!$A$1:$A$12282,0)-1)","v":12215}]
[]
[null,null,null,null,null,null,null,null,"TOTAL:",{"$f":"SUBTOTAL(9,J15:J127)","v":147777.79999999993},null,null,null,null,{"$f":"J16+J18+J25+J30+J37+J53+J43+J95+J106+J104+J108+J100+J82+J65+J61+J51+J112","v":147777.80000000005}]
[]
[]
[null,1,"Declaro que os encargos sociais e complementares para mão de obra, horista e mensalista, sem desoneração, atendem ao estabelecido no SINAPI para SC."]
[null,2,"Declaro que para esta planilha, foi verificado que a alternativa mais adequada para a Administração Pública, é a utilização da planilha SEM DESONERAÇÃO."]
[]
[null,"Rio do Sul,",{"$f":"TODAY()","v":"2019-08-02"},null,null,null,null,null,null,null,null,null,null,null,"."]

{"sheet":"QUANT","index":1,"n_rows":225,"n_cols":15,"rows_kept":225,"cut":false,"hidden":false,"merged":[]}
[]
[]
[]
[null,{"$f":"ORÇAMENTO!B16","v":1},"SERVIÇOS INICIAIS",null,null,null,null,null,null,null,null,null,null,null,"-"]
[null,{"$f":"ORÇAMENTO!B17","v":"1.1"},"Placa de Obra em Chapa de Aço Galvanizado","∑",{"$f":"E6","v":2.5},{"$f":"ORÇAMENTO!D17","v":"M2"}]
[null,null,"Área  ",null,{"$f":"2*1.25","v":2.5}]
[]
[null,{"$f":"ORÇAMENTO!B18","v":2},"DEMOLIÇÕES",null,null,null,null,null,null,null,null,null,null,null,"-"]
[null,{"$f":"ORÇAMENTO!B19","v":"2.1"},"Remoção de Piso Cerâmico e Azulejos","∑",{"$f":"55.98+(3.45*2+2.5*2)*1.85","v":77.995000000000005},{"$f":"ORÇAMENTO!D19","v":"M2"}]
[]
[null,{"$f":"ORÇAMENTO!B20","v":"2.2"},"Demolição de Piso de Concreto","∑",{"$f":"K14","v":1.31},{"$f":"ORÇAMENTO!D20","v":"M3"}]
[null,null,"Soma  dos locais que terão Piso Demolido"]
[null,null,null,null,"Comprimento",null,"Largura",null,"Espessura"]
[null,null,"Área de Reforço",null,13.1,"x",1,"x",0.1,"=",{"$f":"ROUND((E14*G14*I14),2)","v":1.31}]
[null,null,"Banheiros",null,null,null,8.6300000000000008,"x",0.1,"=",{"$f":"ROUND((G15*I15),2)","v":0.86}]
[null,null,"Banheiros",null,null,null,8.6300000000000008,"x",0.1,"=",{"$f":"ROUND((G16*I16),2)","v":0.86}]
[]
[null,{"$f":"ORÇAMENTO!B21","v":"2.3"},"Remoção de Telhas de Fibrocimento","∑",283.05,{"$f":"ORÇAMENTO!D21","v":"M2"}]
[null,null,"Soma das áreas que será retirada de telha"]
[]
[null,{"$f":"ORÇAMENTO!B22","v":"2.4"},"Remoção de Estrutura de Madeira","∑",283.05,{"$f":"ORÇAMENTO!D22","v":"M2"}]
[null,null,"Soma das áreas que será retirada a estrutura de madeira"]
[]
[null,{"$f":"ORÇAMENTO!B23","v":"2.5"},"Remoção de Forro de PVC (inclusive Estrutura)","∑",{"$f":"112.66+32.7","v":145.36000000000001},{"$f":"ORÇAMENTO!D23","v":"M2"}]
[null,null,"Soma das áreas com retirada de forro"]
[]
[null,{"$f":"ORÇAMENTO!B25","v":3},"FUNDAÇÃO PROFUNDA",null,null,null,null,null,null,null,null,null,null,null,"-"]
[null,{"$f":"ORÇAMENTO!B26","v":"3.1"}]
[null,"ao","Quantitativo obtido em Projeto Estrutural"]
[null,{"$f":"ORÇAMENTO!B29","v":"3.2.2"}]
[null,{"$f":"ORÇAMENTO!B30","v":4},"INFRAESTRUTURA",null,null,null,null,null,null,null,null,null,null,null,"-"]
[null,{"$f":"ORÇAMENTO!B31","v":"4.1"},"Escavações Manuais","∑",{"$f":"M36","v":3.96},{"$f":"ORÇAMENTO!D31","v":"M3"}]
[null,null,"Largura x comprimento x altura x quantidade"]
[null,null,null,null,"Largura",null,"Comprimento",null,"Altura ",null,"Quantidade"]
[null,null,null,null,0.8,"x",1.1000000000000001,"x",0.5,"x",9,"=",{"$f":"ROUND((E35*G35*I35*K35),2)","v":3.96}]
[null,null,null,null,null,null,null,null,null,null,null,"∑",{"$f":"SUM(M35)","v":3.96}]
[]
[null,{"$f":"ORÇAMENTO!B32","v":"4.2"},"Forma de Madeira para Concreto (material e mão-de-obra para fabricação, montagem e desforma)","∑",10.26,{"$f":"ORÇAMENTO!D32","v":"M2"}]
[]
[null,{"$f":"ORÇAMENTO!B33","v":"4.3"},"Armaduras"]
[null,{"$f":"ORÇAMENTO!B34","v":"4.3.1"},"Armadura CA-50  - 8.0mm (fornecimento, corte, dobra e colocação)","∑",56.88,{"$f":"ORÇAMENTO!D34","v":"KG"}]
[]
[null,{"$f":"ORÇAMENTO!B35","v":"4.3.2"},"Armadura CA-50  - 10.0mm (fornecimento, corte, dobra e colocação)","∑",115.5,{"$f":"ORÇAMENTO!D35","v":"KG"}]
[]
[null,{"$f":"ORÇAMENTO!B36","v":"4.4"},"Concreto Usinado (fornecimento, lançamento, adensamento e bombeado) FCK=25MPA","∑",1.98,{"$f":"ORÇAMENTO!D36","v":"M3"}]
[]
[null,{"$f":"ORÇAMENTO!B37","v":5},"SUPRAESTRUTURA",null,null,null,null,null,null,null,null,null,null,null,"-"]
[null,{"$f":"ORÇAMENTO!B38","v":"5.1"},"Forma de Madeira Serrada para Concreto, (material e mão-de-obra para fabricação, montagem e desforma) - Pilares","∑",16.829999999999998,{"$f":"ORÇAMENTO!D38","v":"M2"}]
[]
[null,{"$f":"ORÇAMENTO!B39","v":"5.2"},"Armaduras"]
[null,{"$f":"ORÇAMENTO!B40","v":"5.2.1"},"Armadura CA-60 - 5.0MM (fornecimento, corte, dobra e colocação)","∑",20.79,{"$f":"ORÇAMENTO!D40","v":"KG"}]
[]
[null,{"$f":"ORÇAMENTO!B41","v":"5.2.2"},"Armadura CA-50 - 12.5MM (fornecimento, corte, dobra e colocação)","∑",176.81,{"$f":"ORÇAMENTO!D41","v":"KG"}]
[]
[null,{"$f":"ORÇAMENTO!B42","v":"5.3"},"Concreto Usinado (fornecimento, lançamento, adensamento e bombeado) FCK=25MPA - Pilares","∑",1.04,{"$f":"ORÇAMENTO!D42","v":"M3"}]
[null,null,null,null,null,null,null,null,null,"CED500"]
[null,{"$f":"ORÇAMENTO!B43","v":6},"PISO",null,null,null,null,null,null,null,null,null,null,null,"-"]
[null,{"$f":"ORÇAMENTO!B44","v":"6.1"},"Escavações Manuais","∑",{"$f":"K61","v":19.649999999999999},{"$f":"ORÇAMENTO!D44","v":"M3"}]
[null,null,"Largura x comprimento x altura x quantidade"]
[null,null,null,null,"Largura",null,"Comprimento",null,"Altura "]
[null,null,"Área de Reforço",null,13.1,"x",1,"x",1.5,"=",{"$f":"ROUND((E61*I61*G61),2)","v":19.649999999999999}]
[]
[null,{"$f":"ORÇAMENTO!B45","v":"6.2"},"Brita 2 (fornecimento e colocação)","∑",{"$f":"SUM(E66:E69)","v":26.105999999999998},{"$f":"ORÇAMENTO!D45","v":"M3"}]
[null,null,"Comprimento x Largura x Espessura"]
[]
[null,null,"Área de Reforço",null,{"$f":"E58","v":19.649999999999999}]
[null,null,"Área de Elevação",null,4.7300000000000004]
[null,null,"Banheiros",null,{"$f":"G15*0.1","v":0.8630000000000001}]
[null,null,"Banheiros",null,{"$f":"E68","v":0.8630000000000001}]
[]
[null,{"$f":"ORÇAMENTO!B46","v":"6.3"},"Lona 200 Micras (fornecimento e instalação)","∑",{"$f":"SUM(I74:I77)","v":71.64},{"$f":"ORÇAMENTO!D46","v":"M2"}]
[null,null,"Comprimento x Largura"]
[]
[null,null,"Área de Reforço",null,13.1,"x",1,"=",{"$f":"ROUND((E74*G74),2)","v":13.1}]
[null,null,"Área de Elevação",null,8.6,"x",4.8,"=",{"$f":"ROUND((E75*G75),2)","v":41.28}]
[null,null,"Banheiros",null,null,null,null,"=",{"$f":"G15","v":8.6300000000000008}]
[null,null,"Banheiros",null,null,null,null,"=",{"$f":"G15","v":8.6300000000000008}]
[]
[null,{"$f":"ORÇAMENTO!B47","v":"6.4"},"Tela Soldada Q-92 - Aço CA-60 4.2mm - Malha 15x15cm (fornecimento, corte e instalação)","∑",{"$f":"E71","v":71.64},{"$f":"ORÇAMENTO!D47","v":"M2"}]
[]
[null,{"$f":"ORÇAMENTO!B48","v":"6.5"},"Piso em Concreto 25 Mpa","∑",{"$f":"SUM(E84:E87)","v":5.5581999999999994},{"$f":"ORÇAMENTO!D48","v":"M3"}]
[null,null,"Comprimento x Largura x Espessura"]
[]
[null,null,"Área de Reforço",null,1.05]
[null,null,"Área de Elevação",null,3.3]
[null,null,"Banheiros",null,{"$f":"I76*0.07","v":0.60410000000000008}]
[null,null,"Banheiros",null,{"$f":"E86","v":0.60410000000000008}]
[]
[null,{"$f":"ORÇAMENTO!B49","v":"6.6"},"Contrapiso/Regularização em Argamassa, e=3cm","∑",{"$f":"SUM(E90:E94)","v":71.710000000000008},"M2"]
[]
[null,null,"Plenária",null,54.45]
[null,null,"Banheiros",null,{"$f":"I77","v":8.6300000000000008}]
[null,null,"Banheiros",null,{"$f":"E92","v":8.6300000000000008}]
[]
[null,{"$f":"ORÇAMENTO!B50","v":"6.7"},"Guia de Travamento com Blocos de Concreto 14x19x39","∑",1.64,{"$f":"ORÇAMENTO!D50","v":"M2"}]
[]
[null,{"$f":"ORÇAMENTO!B53","v":8},"COBERTURA",null,null,null,null,null,null,null,null,null,null,null,"-"]
[null,{"$f":"ORÇAMENTO!B55","v":"8.1.1"},"Estrutura em Madeira Aparelhada (Angelim ou equivalente da região) para Telha Ondulada, Composta por Ripas, Caibros e Terças","∑",{"$f":"E21","v":283.05},{"$f":"ORÇAMENTO!D55","v":"M2"}]
[null,null,"Área Simples da Projeção do Telhado Retirada em CAD"]
[]
[null,{"$f":"ORÇAMENTO!B58","v":"8.2"},"Telha Sanduíche, Composta por:\n- Telha em Galvalume, e=0,5mm, Trapezoidal 40cm (TP40)\n- Preenchimento de Lã de Rocha 50mm\n- Telha em Galvalume, e=0,5mm, Trapezoidal 40cm (TP40)","∑",{"$f":"E98","v":283.05},{"$f":"ORÇAMENTO!D58","v":"M2"}]
[null,null,"Área Simples da Projeção do Telhado Retirada em CAD"]
[]
[null,{"$f":"ORÇAMENTO!B95","v":12},"REVESTIMENTO PISO",null,null,null,null,null,null,null,null,null,null,null,"-"]
[null,{"$f":"ORÇAMENTO!B96","v":"12.1"},"Soleira de Granito Jateada, e=2cm (fornecimento e assentamento)","∑",8.6,{"$f":"ORÇAMENTO!D96","v":"M"}]
[]
[null,{"$f":"ORÇAMENTO!B97","v":"12.2"},"Piso Porcelanato 60x60, PEI 5, assentado com Argamassa para Porcelanato","∑",{"$f":"SUM(E110:E111)","v":112.66},{"$f":"ORÇAMENTO!D97","v":"UN"}]
[null,null,"Soma de áreas de ambientes"]
[]
[null,null,"Plenária",null,112.66]
[]
[null,{"$f":"ORÇAMENTO!B98","v":"12.3"},"Piso Cerâmico Antiderrapente 60x60, PEI 5, assentado com Argamassa para Porcelanato","∑",{"$f":"SUM(E115:E117)","v":17.260000000000002},{"$f":"ORÇAMENTO!D105","v":"M2"}]
[null,null,"Soma de áreas de ambientes"]
[]
[null,null,"Banheiros",null,8.6300000000000008]
[null,null,"Banheiros",null,8.6300000000000008]
[]
[null,{"$f":"ORÇAMENTO!B99","v":"12.4"},"Rodapé Cerâmico de 7cm, assentado com Argamassa","∑",{"$f":"SUM(E121:E124)","v":43.4},{"$f":"ORÇAMENTO!D99","v":"M"}]
[null,null,"Soma dos comprimentos por ambiente com descontos"]
[]
[null,null,"Eixo X",null,13.1]
[null,null,"Eixo X",null,13.1]
[null,null,"Eixo Y",null,8.6]
[null,null,"Eixo Y",null,8.6]
[]
[null,{"$f":"ORÇAMENTO!B100","v":13},{"$f":"ORÇAMENTO!C100","v":"REVESTIMENTO PAREDE"},null,null,null,null,null,null,null,null,null,null,null,"-"]
[null,{"$f":"ORÇAMENTO!B103","v":"13.3"},{"$f":"ORÇAMENTO!C103","v":"Azulejos 30x60cm (fornecimento e assentamento)"},"∑",{"$f":"SUM(I131:I139)-SUM(M142:M143)","v":75.257999999999996},{"$f":"ORÇAMENTO!D103","v":"M2"}]
[null,null,"Comprimento x Altura - Descontos "]
[]
[null,null,"EIXO X - INTERNO",null,"Comprimento",null,"Altura"]
[null,null,"Sanitário Feminino",null,2.5,"x",{"$f":"2.8-1.85","v":0.94999999999999973},"=",{"$f":"ROUND((E131*G131),2)","v":2.38}]
[null,null,"Sanitário Masculino",null,2.5,"x",{"$f":"2.8-1.85","v":0.94999999999999973},"=",{"$f":"ROUND((E132*G132),2)","v":2.38}]
[null,null,"Sanitário Feminino",null,2.5,"x",2.8,"=",{"$f":"ROUND((E133*G133),2)","v":7}]
[null,null,"Sanitário Masculino",null,2.5,"x",2.8,"=",7]
[null,null,"Sanitário Feminino",null,3.45,"x",2.8,"=",{"$f":"ROUND((E135*G135),2)","v":9.66}]
[null,null,"Sanitário Feminino",null,3.45,"x",2.8,"=",{"$f":"ROUND((E136*G136),2)","v":9.66}]
[null,null,"Sanitário Maculino",null,3.45,"x",2.8,"=",{"$f":"ROUND((E137*G137),2)","v":9.66}]
[null,null,"Sanitário Masculino",null,3.45,"x",2.8,"=",{"$f":"ROUND((E138*G138),2)","v":9.66}]
[null,null,"Área de Reboco",null,null,null,null,null,{"$f":"ORÇAMENTO!E102","v":22.847999999999999}]
[]
[null,null,"Descontos x2",null,"Largura",null,"Altura",null,"Quantidade"]
[null,null,"Porta 90cm",null,0.9,"x",2.1,"x",2,"x",1,"=",{"$f":"ROUND((E142*G142*I142*K142),2)","v":3.78}]
[null,null,"Janelas",null,0.55000000000000004,"x",0.55000000000000004,"x",4,"x",1,"=",{"$f":"ROUND((E143*G143*I143*K143),2)","v":1.21}]
[]
[null,{"$f":"ORÇAMENTO!B104","v":14},"PINTURA",null,null,null,null,null,null,null,null,null,null,null,"-"]
[null,{"$f":"ORÇAMENTO!B105","v":"14.1"},"Pintura Acrílica, duas demãos","∑",{"$f":"SUM(I149:I212)-SUM(M213:M223)","v":936.11999999999966},{"$f":"ORÇAMENTO!D105","v":"M2"}]
[null,null,"Comprimento x Altura - Descontos "]
[]
[null,null,"EIXO X - INTERNO",null,"Comprimento",null,"Altura"]
[null,null,"Depósito",null,5.05,"x",2.2000000000000002,"=",{"$f":"ROUND((E150*G150),2)","v":11.11}]
[null,null,"Depósito",null,5.05,"x",2.2000000000000002,"=",{"$f":"ROUND((E151*G151),2)","v":11.11}]
[null,null,"Sala de Reunião",null,6,"x",2.85,"=",17.100000000000001]
[null,null,"Plenária",null,13.1,"x",3.8,"=",49.78]
[null,null,"Circulação",null,5.15,"x",2.8,"=",14.42]
[null,null,"Circulação",null,3.5,"x",2.8,"=",9.8000000000000007]
[null,null,"Copa",null,3.35,"x",2.8,"=",9.3800000000000008]
[null,null,"Sala de Reunião",null,6,"x",2.85,"=",{"$f":"ROUND((E157*G157),2)","v":17.100000000000001}]
[null,null,"Copa",null,3.35,"x",2.8,"=",{"$f":"ROUND((E158*G158),2)","v":9.3800000000000008}]
[null,null,"Sala 01",null,3.35,"x",2.8,"=",9.3800000000000008]
[null,null,"Plenária",null,13.1,"x",3.8,"=",49.78]
[null,null,"Circulação",null,3.6,"x",2.8,"=",10.08]
[null,null,"Sala do Presidente",null,4.8,"x",2.8,"=",13.44]
[null,null,"Sala 01",null,3.35,"x",2.8,"=",{"$f":"ROUND((E163*G163),2)","v":9.3800000000000008}]
[null,null,"Circulação",null,1.05,"x",2.8,"=",2.94]
[null,null,"Sala 02",null,6.45,"x",2.8,"=",18.059999999999999]
[null,null,"Sala do Presidente",null,1.1499999999999999,"x",2.8,"=",3.22]
[null,null,"Sala 02",null,6.45,"x",2.8,"=",18.059999999999999]
[null,null,"Circulação",null,3,"x",2.8,"=",8.4]
[null,null,"Sala do Presidente",null,7.05,"x",2.8,"=",19.739999999999998]
[]
[null,null,"EIXO Y - INTERNO",null,"Comprimento",null,"Altura"]
[null,null,"Sala de Reunião",null,5.45,"x",2.85,"=",{"$f":"ROUND((E172*G172),2)","v":15.53}]
[null,null,"Depósito",null,1.6,"x",2.2000000000000002,"=",{"$f":"ROUND((E173*G173),2)","v":3.52}]
[null,null,"Sala 02",null,3.05,"x",2.8,"=",8.5399999999999991]
[null,null,"Depósito",null,1.6,"x",2.2000000000000002,"=",3.52]
[null,null,"Sala de Reunião",null,5.45,"x",2.85,"=",{"$f":"ROUND((E176*G176),2)","v":15.53}]
[null,null,"Sala 01",null,2.95,"x",2.8,"=",8.26]
[null,null,"Copa",null,2.1,"x",2.8,"=",5.88]
[null,null,"Circulação",null,1.2,"x",2.8,"=",3.36]
[null,null,"Sala 02",null,3.05,"x",2.8,"=",8.5399999999999991]
[null,null,"Sala 01",null,2.95,"x",2.8,"=",8.26]
[null,null,"Copa",null,2.1,"x",2.8,"=",5.88]
[null,null,"Circulação",null,9.0500000000000007,"x",2.8,"=",25.34]
[null,null,"Circulação",null,5.15,"x",2.8,"=",14.42]
[null,null,"Plenária",null,8.6,"x",3.8,"=",32.68]
[null,null,"Circulação",null,2.5499999999999998,"x",2.8,"=",7.14]
[null,null,"Sala do Presidente",null,2.5,"x",2.8,"=",7]
[null,null,"Circulação",null,1.35,"x",2.8,"=",3.78]
[null,null,"Sala do Presidente",null,1.5,"x",2.8,"=",{"$f":"ROUND((E189*G189),2)","v":4.2}]
[null,null,"Sala do Presidente",null,5.0999999999999996,"x",2.8,"=",14.28]
[null,null,"Plenária",null,8.6,"x",3.8,"=",32.68]
[]
[null,null,"EIXO 45º - INTERNO",null,"Comprimento",null,"Altura"]
[null,null,"Circulação",null,1.7,"x",2.8,"=",{"$f":"ROUND((E194*G194),2)","v":4.76}]
[null,null,"Sala Presidente",null,1.6,"x",2.8,"=",{"$f":"ROUND((E195*G195),2)","v":4.4800000000000004}]
[]
[null,null,"TETOS",null,null,null,"Área"]
[null,null,"Sanitário Feminino",null,null,null,8.6300000000000008,"=",{"$f":"G198","v":8.6300000000000008}]
[null,null,"Sanitário Masculino",null,null,null,8.6300000000000008,"=",8.6300000000000008]
[null,null,"Circulação",null,null,null,31.76,"=",31.76]
[null,null,"Copa",null,null,null,7.04,"=",7.04]
[null,null,"Sala 01",null,null,null,9.8800000000000008,"=",9.8800000000000008]
[null,null,"Sala do Presidente",null,null,null,31.96,"=",31.96]
[null,null,"Sala 02",null,null,null,19.670000000000002,"=",19.670000000000002]
[null,null,"Hall de Entrada",null,null,null,3.69,"=",3.69]
[null,null,"Detalhe Platibanda",null,null,null,2.2999999999999998,"=",2.2999999999999998]
[]
[null,null,"PERÍMETRO- EXTERNO",null,"Comprimento",null,"Altura"]
[null,null,"Nível Comum",null,79.900000000000006,"x",4,"=",{"$f":"ROUND((E209*G209),2)","v":319.60000000000002}]
[null,null,"Plenária",null,44,"x",1,"=",44]
[null,null,"Marquise Hall",null,5.0999999999999996,"x",0.5,"=",2.5499999999999998]
[]
[null,null,"Descontos x2",null,"Largura",null,"Altura",null,"Quantidade",null,"x 2"]
[null,null,"Porta 80cm",null,0.8,"x",2.1,"x",8,"x",2,"=",{"$f":"ROUND((E214*G214*I214*K214),2)","v":26.88}]
[null,null,"Porta Sala de Reunião",null,2.5,"x",2.4500000000000002,"x",1,"x",2,"=",{"$f":"ROUND((E215*G215*I215*K215),2)","v":12.25}]
[null,null,"Porta hall de Entrada",null,2.5,"x",2.4,"x",1,"x",2,"=",{"$f":"ROUND((E216*G216*I216*K216),2)","v":12}]
[null,null,"Janelas",null,1.45,"x",0.95,"x",1,"x",2,"=",{"$f":"ROUND((E217*G217*I217*K217),2)","v":2.76}]
[null,null,"Janelas",null,0.55000000000000004,"x",0.55000000000000004,"x",3,"x",2,"=",1.82]
[null,null,"Janelas",null,3,"x",1,"x",3,"x",2,"=",18]
[null,null,"Janelas",null,3,"x",1.4,"x",2,"x",2,"=",16.8]
[null,null,"Janelas",null,1.1000000000000001,"x",1.4,"x",2,"x",2,"=",6.16]
[null,null,"Janelas",null,1.1000000000000001,"x",1.4,"x",2,"x",2,"=",6.16]
[]
[null,{"$f":"ORÇAMENTO!B106","v":15},"FORRO",null,null,null,null,null,null,null,null,null,null,null,"-"]
[null,{"$f":"ORÇAMENTO!B107","v":"15.1"},"Forro de PVC em Réguas, Liso (inclusive estrutura metálica de fixação, fornecimento e colocação)","∑",{"$f":"E24","v":145.36000000000001},{"$f":"ORÇAMENTO!D107","v":"M2"}]

{"sheet":"BDI 20,34%","index":2,"n_rows":514,"n_cols":16,"rows_kept":514,"cut":false,"hidden":false,"merged":[[3,1,3,4],[25,1,25,4],[5,14,5,15],[13,7,13,12],[8,1,10,1],[8,3,10,3],[5,1,5,4]]}
[]
[]
[]
[null,"O valor do BDI é obtido pela fórmula e taxas abaixo"]
[]
[null,"FÓRMULA BDI - Construção de Edifícios",null,null,null,null,null,null,null,null,null,null,null,null,"ISSQN"]
[null,null,null,null,null,null,null,null,null,null,null,null,null,null,"Agrolandia",0.03]
[null,null,null,null,null,null,null,null,null,null,null,null,null,null,"Aurora",0.02]
[null,"BDI ="," (1+AC+S+R+G)(1+DF)(1+L)  ",-1,null,null,null,null,null,null,null,null,null,null,"Atalanta",0.03]
[null,null,"_______________________________________            ",null,null,null,null,null,null,null,null,null,null,null,"Braço do Trombudo",0.05]
[null,null,"(1-I)",null,null,null,null,null,null,null,null,null,null,null,"Chapadão do Lageado",2.5000000000000001E-2]
[null,null,null,null,null,null,null,null,null,null,null,null,null,null,"Dona emma",0.02]
[null,null,null,null,null,null,null,null,null,null,null,null,null,null,"Ibirama",2.5000000000000001E-2]
[null,"ONDE:",null,null,null,null,null,"1.1 Construção de Edifícios",null,null,null,null,null,null,"Imbuia",0.03]
[null,"AC =  Taxa de Administração Central",null,null,0.03,null,null,null,null,null,"1 Quartil","Médio","3 Quartil",null,"Ituporanga",0.03]
[null,"S = Taxa de Seguros",null,null,4.0000000000000001E-3,null,null,"Administração Central",null,null,0.03,0.04,5.5E-2,null,"Jose Boiteux",0.03]
[null,"G = Taxa de Garantias",null,null,4.0000000000000001E-3,null,null,"Seguro",null,null,4.0000000000000001E-3,4.0000000000000001E-3,5.0000000000000001E-3,null,"Laurentino",1.4999999999999999E-2]
[null,"R = Taxa de Riscos",null,null,9.7000000000000003E-3,null,null,"Garantia",null,null,4.0000000000000001E-3,4.0000000000000001E-3,5.0000000000000001E-3,null,"Lontras  ",0.03]
[null,"DF = Taxa de Despesas Financeiras",null,null,5.8999999999999999E-3,null,null,"Risco",null,null,9.7000000000000003E-3,1.2699999999999999E-2,1.2699999999999999E-2,null,"Mirim doce",0.02]
[null,"L = Taxa de Lucro / Remuneração",null,null,6.6000000000000003E-2,null,null,"Despesas Financeiras",null,null,5.8999999999999999E-3,1.23E-2,1.3899999999999999E-2,null,"Pouso Redondo",0.03]
[null,"I = Taxa de Incidência de Impostos",null,null,{"$f":"D24","v":6.6500000000000004E-2},null,null,"Lucro",null,null,6.1600000000000002E-2,7.3999999999999996E-2,8.9599999999999999E-2,null,"Presidente Getulio",0.02]
[null,null,"I1: PIS e COFINS",3.6499999999999998E-2,null,null,null,"PIS e COFINS",null,null,3.6499999999999998E-2,3.6499999999999998E-2,3.6499999999999998E-2,null,"Presidente Nereu",1.4999999999999999E-2]
[null,null,"I2: ISSQN (conforme legislação municipal)",0.03,null,null,null,"ISSQN",null,null,"x","x","x",null,"Rio do Campo",0.03]
[null,null,"∑",{"$f":"SUM(D22:D23)","v":6.6500000000000004E-2},null,null,null,null,null,null,null,null,null,null,"Rio do Oeste",0.05]
[null,null,null,null,null,null,null,null,null,null,"1 Quartil","Médio","3 Quartil",null,"Rio do Sul",0.02]
[null,"TEMOS ENTÃO ENTRANDO COM OS DADOS NA FÓRMULA",null,null,null,null,null,null,null,null,0.2034,0.22120000000000001,0.25,null,"Salete",0.02]
[null,null,null,null,null,null,null,null,null,null,null,null,null,null,"Santa Terezinha",0.03]
[null,null,{"$f":"TRUNC(((((1+E15+E16+E17+E18)*(1+E19)*(1+E20))/(1-E21))-1),4)","v":0.2034},null,null,null,null,null,null,null,null,null,null,null,"Taio",0.02]
[null,null,null,null,null,null,null,null,null,null,null,null,null,null,"Trombudo Central",0.03]
[null,null,null,null,null,null,null,null,null,null,null,null,null,null,"Vidal Ramos",0.04]
[null,null,null,null,null,null,null,null,null,null,null,null,null,null,"Vitor Meireles",0.03]
[null,null,null,null,null,null,null,null,null,null,null,null,null,null,"Witmarsum",0.03]
[]
[]
[]
[]
[]
[]
[]
[]
[]
[]
[]
[]
[]
[]
[]
[]
[]
[]
[]
[]
[]
[]
[]
[null,null,null,null,null,null,null,null,null,"CED500"]
[]
[]
[]
[]
[]
[]
[]
[]
[]
[]
[]
[]
[]
[]
[]
[]
[]
[]
[]
[]
[]
[]
[]
[]
[]
[]
[]
[]
[]
[]
[]
[]
[]
[]
[]
[]
[]
[]
[]
[]
[]
[]
[]
[]
[]
[]
[]
[]
[]
[]
[]
[]
[]
[]
[]
[]
[]
[]
[]
[]
[]
[]
[]
[]
[]
[]
[]
[]
[]
[]
[]
[]
[]
[]
[]
[]
[]
[]
[]
[]
[]
[]
[]
[]
[]
[]
[]
[]
[]
[]
[]
[]
[]
[]
[]
[]
[]
[]
[]
[]
[]
[]
[]
[]
[]
[]
[]
[]
[]
[]
[]
[]
[]
[]
[]
[]
[]
[]
[]
[]
[]
[]
[]
[]
[]
[]
[]
[]
[]
[]
[]
[]
[]
[]
[]
[]
[]
[]
[]
[]
[]
[]
[]
[]
[]
[]
[]
[]
[]
[]
[]
[]
[]
[]
[]
[]
[]
[]
[]
[]
[]
[]
[]
[]
[]
[]
[]
[]
[]
[]
[]
[]
[]
[]
[]
[]
[]
[]
[]
[]
[]
[]
[]
[]
[]
[]
[]
[]
[]
[]
[]
[]
[]
[]
[]
[]
[]
[]
[]
[]
[]
[]
[]
[]
[]
[]
[]
[]
[]
[]
[]
[]
[]
[]
[]
[]
[]
[]
[]
[]
[]
[]
[]
[]
[]
[]
[]
[]
[]
[]
[]
[]
[]
[]
[]
[]
[]
[]
[]
[]
[]
[]
[]
[]
[]
[]
[]
[]
[]
[]
[]
[]
[]
[]
[]
[]
[]
[]
[]
[]
[]
[]
[]
[]
[]
[]
[]
[]
[]
[]
[]
[]
[]
[]
[]
[]
[]
[]
[]
[]
[]
[]
[]
[]
[]
[]
[]
[]
[]
[]
[]
[]
[]
[]
[]
[]
[]
[]
[]
[]
[]
[]
[]
[]
[]
[]
[]
[]
[]
[]
[]
[]
[]
[]
[]
[]
[]
[]
[]
[]
[]
[]
[]
[]
[]
[]
[]
[]
[]
[]
[]
[]
[]
[]
[]
[]
[]
[]
[]
[]
[]
[]
[]
[]
[]
[]
[]
[]
[]
[]
[]
[]
[]
[]
[]
[]
[]
[]
[]
[]
[]
[]
[]
[]
[]
[]
[]
[]
[]
[]
[]
[]
[]
[]
[]
[]
[]
[]
[]
[]
[]
[]
[]
[]
[]
[]
[]
[]
[]
[]
[]
[]
[]
[]
[]
[]
[]
[]
[]
[]
[]
[]
[]
[]
[]
[]
[]
[]
[]
[]
[]
[]
[]
[]
[]
[]
[]
[]
[]
[]
[]
[]
[]
[]
[]
[]
[]
[]
[]
[]
[]
[]
[]
[]
[]
[]
[]
[]
[null,null,null,null,null,"COM003"]
[]
[]
[]
[]
[]
[]
[]
[]
[]
[]
[]
[null,null,null,null,null,"COM004"]
[]
[32.25,"m2"]
[3.23,"m3"]
[70.95,"kg"]
[3.23,"m3"]
[2,"un"]
[7.4399999999999995,"m2",null,null,"COM003"]

{"sheet":"CRONOGRAMA","index":3,"n_rows":523,"n_cols":12,"rows_kept":523,"cut":false,"hidden":false,"merged":[]}
[]
[]
[]
[null,"TODOS OS VALORES ESTÃO NA UNIDADE MONETÁRIA REAL"]
[null,"ITEM ","DESCRIÇÃO ","TOTAL","%","1º MÊS","%","2º MÊS","%",null,null,"TOTAL"]
[]
[null,{"$f":"ORÇAMENTO!B16","v":1},{"$f":"ORÇAMENTO!C16","v":"SERVIÇOS INICIAIS"},{"$f":"ORÇAMENTO!J16","v":964},{"$f":"D7*100/$D$25","v":0.65233072897282263},{"$f":"D7*G7/100","v":964},100,{"$f":"D7*I7/100","v":0},0,null,null,{"$f":"SUM(G7,I7)","v":100}]
[null,{"$f":"ORÇAMENTO!B18","v":2},{"$f":"ORÇAMENTO!C18","v":"DEMOLIÇÕES"},{"$f":"ORÇAMENTO!J18","v":5380.61},3.6410137381934224,{"$f":"D8*G8/100","v":5380.61},100,{"$f":"D8*I8/100","v":0},0,null,null,{"$f":"SUM(G8,I8)","v":100}]
[null,{"$f":"ORÇAMENTO!B25","v":3},{"$f":"ORÇAMENTO!C25","v":"FUNDAÇÃO PROFUNDA"},{"$f":"ORÇAMENTO!J25","v":4654.93},3.1499521579019309,{"$f":"D9*G9/100","v":4654.93},100,0,0,null,null,100]
[null,{"$f":"ORÇAMENTO!B30","v":4},{"$f":"ORÇAMENTO!C30","v":"INFRAESTRUTURA"},{"$f":"ORÇAMENTO!J30","v":4020.9300000000003},2.7209296660256137,4020.93,100,0,0,null,null,100]
[null,{"$f":"ORÇAMENTO!B37","v":5},{"$f":"ORÇAMENTO!C37","v":"SUPRAESTRUTURA"},{"$f":"ORÇAMENTO!J37","v":4352.1799999999994},2.9450837676565755,4352.1799999999994,100,0,0,null,null,100]
[null,{"$f":"ORÇAMENTO!B43","v":6},{"$f":"ORÇAMENTO!C43","v":"PISO"},{"$f":"ORÇAMENTO!J43","v":10555.33},7.1427034371874525,{"$f":"D12*G12/100","v":0},0,{"$f":"D12*I12/100","v":10555.33},100,null,null,100]
[null,{"$f":"ORÇAMENTO!B51","v":7},{"$f":"ORÇAMENTO!C51","v":"FECHAMENTOS"},{"$f":"ORÇAMENTO!J51","v":905.26},0.61258186276964466,{"$f":"D13*G13/100","v":0},0,{"$f":"D13*I13/100","v":905.26},100,null,null,{"$f":"SUM(G13,I13)","v":100}]
[null,{"$f":"ORÇAMENTO!B53","v":8},{"$f":"ORÇAMENTO!C53","v":"COBERTURA"},{"$f":"ORÇAMENTO!J53","v":63208.840000000004},42.772892816106335,{"$f":"D14*G14/100","v":31604.42},50,{"$f":"D14*I14/100","v":31604.42},50,null,null,100]
[null,{"$f":"ORÇAMENTO!B61","v":9},{"$f":"ORÇAMENTO!C61","v":"INSTALAÇÕES ELÉTRICAS"},{"$f":"ORÇAMENTO!J61","v":2955.3},1.9998267669433432,{"$f":"D15*G15/100","v":1477.65},50,{"$f":"D15*I15/100","v":1477.65},50,null,null,{"$f":"SUM(G15,I15)","v":100}]
[null,{"$f":"ORÇAMENTO!B65","v":10},{"$f":"ORÇAMENTO!C65","v":"REDE HIDRÁULICA"},{"$f":"ORÇAMENTO!J65","v":420.91},0.28482627295845514,210.45500000000001,50,210.45500000000001,50,null,null,100]
[null,{"$f":"ORÇAMENTO!B82","v":11},{"$f":"ORÇAMENTO!C82","v":"REDE SANITÁRIA"},{"$f":"ORÇAMENTO!J82","v":430.45000000000005},0.29128191108542689,{"$f":"D17*G17/100","v":215.22500000000002},50,{"$f":"D17*I17/100","v":215.22500000000002},50,null,null,{"$f":"SUM(G17,I17)","v":100}]
[null,{"$f":"ORÇAMENTO!B95","v":12},{"$f":"ORÇAMENTO!C95","v":"REVESTIMENTO PISO"},{"$f":"ORÇAMENTO!J95","v":12901.29},8.7301949277902349,{"$f":"D18*G18/100","v":0},0,{"$f":"D18*I18/100","v":12901.29},100,null,null,100]
[null,{"$f":"ORÇAMENTO!B100","v":13},{"$f":"ORÇAMENTO!C100","v":"REVESTIMENTO PAREDE"},{"$f":"ORÇAMENTO!J100","v":4118.0599999999995},2.786656723811018,{"$f":"D19*G19/100","v":0},0,{"$f":"D19*I19/100","v":4118.0599999999995},100,null,null,{"$f":"SUM(G19,I19)","v":100}]
[null,{"$f":"ORÇAMENTO!B104","v":14},{"$f":"ORÇAMENTO!C104","v":"PINTURA"},{"$f":"ORÇAMENTO!J104","v":13358.43},9.0395377384153761,{"$f":"D20*G20/100","v":0},0,{"$f":"D20*I20/100","v":13358.43},100,null,null,100]
[null,{"$f":"ORÇAMENTO!B106","v":15},{"$f":"ORÇAMENTO!C106","v":"FORRO"},{"$f":"ORÇAMENTO!J106","v":7654.66},5.1798443338579947,0,0,7654.66,100,null,null,100]
[null,{"$f":"ORÇAMENTO!B108","v":16},{"$f":"ORÇAMENTO!C108","v":"ESQUADRIAS"},{"$f":"ORÇAMENTO!J108","v":8022.6399999999994},5.4288533189694252,{"$f":"D22*G22/100","v":0},0,{"$f":"D22*I22/100","v":8022.64},100,null,null,{"$f":"SUM(G22,I22)","v":100}]
[null,{"$f":"ORÇAMENTO!B112","v":17},{"$f":"ORÇAMENTO!C112","v":"INSTALAÇÕES LOUÇAS ACESSORIOS E APARELHOS"},{"$f":"ORÇAMENTO!J112","v":3873.9800000000005},2.6214898313549129,{"$f":"D23*G23/100","v":0},0,{"$f":"D23*I23/100","v":3873.9800000000005},100,null,null,{"$f":"SUM(G23,I23)","v":100}]
[]
[null,null,"SUBTOTAL",{"$f":"SUM(D7:D23)","v":147777.80000000002},{"$f":"SUM(E7:E22)","v":97.378510168645079},{"$f":"SUM(F7:F24)","v":52880.4},{"$f":"F25*100/$D$25","v":35.783723942297151},{"$f":"SUM(H7:H24)","v":94897.4},{"$f":"H25*100/$D$25","v":64.216276057702842}]
[null,null,"TOTAL ACUMULADO",null,null,{"$f":"F25","v":52880.4},{"$f":"G25","v":35.783723942297151},{"$f":"F26+H25","v":147777.79999999999},{"$f":"G26+I25","v":100}]
[]
[]
[null,null,"VALOR DO ORÇAMENTO",{"$f":"ORÇAMENTO!J128","v":147777.79999999993}]
[]
[]
[]
[]
[]
[]
[]
[]
[]
[]
[]
[]
[]
[]
[]
[]
[]
[]
[]
[]
[]
[]
[]
[]
[]
[]
[null,null,null,null,null,null,null,null,null,"CED500"]
[]
[]
[]
[]
[]
[]
[]
[]
[]
[]
[]
[]
[]
[]
[]
[]
[]
[]
[]
[]
[]
[]
[]
[]
[]
[]
[]
[]
[]
[]
[]
[]
[]
[]
[]
[]
[]
[]
[]
[]
[]
[]
[]
[]
[]
[]
[]
[]
[]
[]
[]
[]
[]
[]
[]
[]
[]
[]
[]
[]
[]
[]
[]
[]
[]
[]
[]
[]
[]
[]
[]
[]
[]
[]
[]
[]
[]
[]
[]
[]
[]
[]
[]
[]
[]
[]
[]
[]
[]
[]
[]
[]
[]
[]
[]
[]
[]
[]
[]
[]
[]
[]
[]
[]
[]
[]
[]
[]
[]
[]
[]
[]
[]
[]
[]
[]
[]
[]
[]
[]
[]
[]
[]
[]
[]
[]
[]
[]
[]
[]
[]
[]
[]
[]
[]
[]
[]
[]
[]
[]
[]
[]
[]
[]
[]
[]
[]
[]
[]
[]
[]
[]
[]
[]
[]
[]
[]
[]
[]
[null,"13.1"]
[]
[]
[]
[]
[]
[]
[]
[]
[]
[]
[]
[]
[]
[]
[]
[]
[]
[]
[]
[]
[]
[]
[]
[]
[]
[]
[]
[]
[]
[]
[]
[]
[]
[]
[]
[]
[]
[]
[]
[]
[]
[]
[]
[]
[]
[]
[]
[]
[]
[]
[]
[]
[]
[]
[]
[]
[]
[]
[]
[]
[]
[]
[]
[]
[]
[]
[]
[]
[]
[]
[]
[]
[]
[]
[]
[]
[]
[]
[]
[]
[]
[]
[]
[]
[]
[]
[]
[]
[]
[]
[]
[]
[]
[]
[]
[]
[]
[]
[]
[]
[]
[]
[]
[]
[]
[]
[]
[]
[]
[]
[]
[]
[]
[]
[]
[]
[]
[]
[]
[]
[]
[]
[]
[]
[]
[]
[]
[]
[]
[]
[]
[]
[]
[]
[]
[]
[]
[]
[]
[]
[]
[]
[]
[]
[]
[]
[]
[]
[]
[]
[]
[]
[]
[]
[]
[]
[]
[]
[]
[]
[]
[]
[]
[]
[]
[]
[]
[]
[]
[]
[]
[]
[]
[]
[]
[]
[]
[]
[]
[]
[]
[]
[]
[]
[]
[]
[]
[]
[]
[]
[]
[]
[]
[]
[]
[]
[]
[]
[]
[]
[]
[]
[]
[]
[]
[]
[]
[]
[]
[]
[]
[]
[]
[]
[]
[]
[]
[]
[]
[]
[]
[]
[]
[]
[]
[]
[]
[]
[]
[]
[]
[]
[]
[]
[]
[]
[]
[]
[]
[]
[]
[]
[]
[]
[]
[]
[]
[]
[]
[]
[]
[]
[]
[]
[]
[]
[]
[]
[]
[]
[]
[]
[]
[]
[]
[]
[]
[]
[]
[]
[]
[]
[]
[]
[]
[]
[]
[]
[]
[]
[]
[]
[]
[]
[]
[]
[]
[null,null,null,null,null,null,null,"COM003"]
[]
[]
[]
[]
[]
[]
[]
[]
[]
[]
[]
[null,null,null,null,null,null,null,"COM004"]
[]
[null,{"$f":"#REF!","v":{"$error":"#REF!"}},32.25,"m2"]
[null,{"$f":"#REF!","v":{"$error":"#REF!"}},3.23,"m3"]
[null,{"$f":"#REF!","v":{"$error":"#REF!"}},70.95,"kg"]
[null,{"$f":"#REF!","v":{"$error":"#REF!"}},3.23,"m3"]
[null,{"$f":"#REF!","v":{"$error":"#REF!"}},2,"un"]
[null,{"$f":"#REF!","v":{"$error":"#REF!"}},7.4399999999999995,"m2",null,null,"COM003"]

{"sheet":"COMPOSIÇÕES","index":4,"n_rows":196,"n_cols":13,"rows_kept":196,"cut":false,"hidden":false,"merged":[[189,1,189,5],[190,1,190,5],[182,1,182,5],[183,1,183,5],[3,1,3,5],[4,1,4,5],[31,1,31,5],[53,1,53,5],[54,1,54,5],[20,1,20,5],[21,1,21,5],[32,1,32,5],[42,1,42,5],[43,1,43,5],[10,1,10,5],[11,1,11,5],[175,1,175,5],[176,1,176,5],[168,1,168,5],[169,1,169,5],[161,1,161,5],[162,1,162,5],[154,1,154,5],[155,1,155,5],[146,1,146,5],[147,1,147,5],[138,1,138,5],[139,1,139,5],[113,1,113,5],[114,1,114,5],[130,1,130,5],[131,1,131,5],[122,1,122,5],[123,1,123,5],[89,1,89,5],[60,1,60,5],[61,1,61,5],[72,1,72,5],[73,1,73,5],[88,1,88,5]]}
[]
[]
[]
[null,"Descrição",null,null,null,null,"UN","Cód.",null,null,null,{"$f":"MATCH(H5,ORÇAMENTO!K:K,0)","v":20}]
[null,"DEMOLIÇÃO DE CONCRETO SIMPLES. DE FORMA MANUAL",null,null,null,null,"M3","CRD009",null,null,null,{"$f":"IF((ISNA(L4)=TRUE),\"\",\"ESTÁ SENDO UTILIZADA\")","v":"ESTÁ SENDO UTILIZADA"}]
[null,"Descrição","Coefi.","UNi.","Valor UNi.","Fonte","Cód.","Valor",null,null,null,"Linha ","Nome original na fonte "]
[null,{"$f":"M7","v":"PEDREIRO COM ENCARGOS COMPLEMENTARES"},1,{"$f":"OFFSET(FONTE!$A$1,L7,2,1)","v":"H"},{"$f":"OFFSET(FONTE!$A$1,L7,3,1)","v":22.42},{"$f":"OFFSET(FONTE!$A$3,L7,4,1)","v":"SINAPI"},88309,{"$f":"ROUND((C7*E7),2)","v":22.42},null,null,null,{"$f":"MATCH(G7,FONTE!$A$1:$A$12282,0)-1","v":11578},{"$f":"OFFSET(FONTE!$A$1,L7,1,1)","v":"PEDREIRO COM ENCARGOS COMPLEMENTARES"}]
[null,{"$f":"M8","v":"SERVENTE COM ENCARGOS COMPLEMENTARES"},10,{"$f":"OFFSET(FONTE!$A$1,L8,2,1)","v":"H"},{"$f":"OFFSET(FONTE!$A$1,L8,3,1)","v":16.64},{"$f":"OFFSET(FONTE!$A$3,L8,4,1)","v":"SINAPI"},88316,{"$f":"ROUND((C8*E8),2)","v":166.4},null,null,null,{"$f":"MATCH(G8,FONTE!$A$1:$A$12282,0)-1","v":11585},{"$f":"OFFSET(FONTE!$A$1,L8,1,1)","v":"SERVENTE COM ENCARGOS COMPLEMENTARES"}]
[null,null,null,null,null,null,"∑",{"$f":"SUM(H7:H8)","v":188.82}]
[]
[null,"Descrição",null,null,null,null,"UN","Cód.",null,null,null,{"$f":"MATCH(H12,ORÇAMENTO!K:K,0)","v":48}]
[null,"CONCRETAGEM DE PISO, FCK 25 MPA, PARA ESPESSURA DE 5 À 15 CM - LANÇAMENTO, ADENSAMENTO E ACABAMENTO.",null,null,null,null,"M3","CED100",null,null,null,{"$f":"IF((ISNA(L11)=TRUE),\"\",\"ESTÁ SENDO UTILIZADA\")","v":"ESTÁ SENDO UTILIZADA"}]
[null,"Descrição","Coefi.","UNi.","Valor UNi.","Fonte","Cód.","Valor",null,null,null,"Linha ","Nome original na fonte "]
[null,{"$f":"M14","v":"CONCRETO USINADO BOMBEAVEL, CLASSE DE RESISTENCIA C25, COM BRITA 0 E 1, SLUMP = 100 +/- 20 MM, EXCLUI SERVICO DE BOMBEAMENTO (NBR 8953)"},1.1499999999999999,{"$f":"OFFSET(FONTE!$A$1,L14,2,1)","v":"M3"},{"$f":"OFFSET(FONTE!$A$1,L14,3,1)","v":256.06},{"$f":"OFFSET(FONTE!$A$1,L14,4,1)","v":"SINAPI-I"},34493,{"$f":"ROUND((C14*E14),2)","v":294.47000000000003},null,null,null,{"$f":"MATCH(G14,FONTE!$A$1:$A$12282,0)-1","v":1334},{"$f":"OFFSET(FONTE!$A$1,L14,1,1)","v":"CONCRETO USINADO BOMBEAVEL, CLASSE DE RESISTENCIA C25, COM BRITA 0 E 1, SLUMP = 100 +/- 20 MM, EXCLUI SERVICO DE BOMBEAMENTO (NBR 8953)"}]
[null,"PEDREIRO COM ENCARGOS COMPLEMENTARES",0.504,{"$f":"OFFSET(FONTE!$A$1,L15,2,1)","v":"H"},{"$f":"OFFSET(FONTE!$A$1,L15,3,1)","v":22.42},{"$f":"OFFSET(FONTE!$A$1,L15,4,1)","v":"SINAPI"},88309,11.3,null,null,null,{"$f":"MATCH(G15,FONTE!$A$1:$A$12282,0)-1","v":11578},{"$f":"OFFSET(FONTE!$A$1,L15,1,1)","v":"PEDREIRO COM ENCARGOS COMPLEMENTARES"}]
[null,"SERVENTE COM ENCARGOS COMPLEMENTARES",0.504,{"$f":"OFFSET(FONTE!$A$1,L16,2,1)","v":"H"},{"$f":"OFFSET(FONTE!$A$1,L16,3,1)","v":16.64},{"$f":"OFFSET(FONTE!$A$1,L16,4,1)","v":"SINAPI"},88316,8.39,null,null,null,{"$f":"MATCH(G16,FONTE!$A$1:$A$12282,0)-1","v":11585},{"$f":"OFFSET(FONTE!$A$1,L16,1,1)","v":"SERVENTE COM ENCARGOS COMPLEMENTARES"}]
[null,"VIBRADOR DE IMERSÃO, DIÂMETRO DE PONTEIRA 45MM, MOTOR ELÉTRICO TRIFÁSICO POTÊNCIA DE 2 CV - CHP DIURNO. AF_06/2015",6.6000000000000003E-2,{"$f":"OFFSET(FONTE!$A$1,L17,2,1)","v":"CHP"},{"$f":"OFFSET(FONTE!$A$1,L17,3,1)","v":1.38},{"$f":"OFFSET(FONTE!$A$1,L17,4,1)","v":"SINAPI"},90586,0.09,null,null,null,{"$f":"MATCH(G17,FONTE!$A$1:$A$12282,0)-1","v":5693},{"$f":"OFFSET(FONTE!$A$1,L17,1,1)","v":"VIBRADOR DE IMERSÃO, DIÂMETRO DE PONTEIRA 45MM, MOTOR ELÉTRICO TRIFÁSICO POTÊNCIA DE 2 CV - CHP DIURNO. AF_06/2015"}]
[null,"VIBRADOR DE IMERSÃO, DIÂMETRO DE PONTEIRA 45MM, MOTOR ELÉTRICO TRIFÁSICO POTÊNCIA DE 2 CV - CHI DIURNO. AF_06/2015",6.6000000000000003E-2,{"$f":"OFFSET(FONTE!$A$1,L18,2,1)","v":"CHI"},{"$f":"OFFSET(FONTE!$A$1,L18,3,1)","v":0.28999999999999998},{"$f":"OFFSET(FONTE!$A$1,L18,4,1)","v":"SINAPI"},90587,0.02,null,null,null,{"$f":"MATCH(G18,FONTE!$A$1:$A$12282,0)-1","v":5834},{"$f":"OFFSET(FONTE!$A$1,L18,1,1)","v":"VIBRADOR DE IMERSÃO, DIÂMETRO DE PONTEIRA 45MM, MOTOR ELÉTRICO TRIFÁSICO POTÊNCIA DE 2 CV - CHI DIURNO. AF_06/2015"}]
[null,null,null,null,null,null,"∑",{"$f":"SUM(H14:H18)","v":314.27}]
[]
[null,"Descrição",null,null,null,null,"UN","Cód.",null,null,null,{"$f":"MATCH(H22,ORÇAMENTO!K:K,0)","v":58}]
[null,"TELHA METÁLICA COM ISOLAMENTO DE LÃ DE ROCHA",null,null,null,null,"M2","CED101",null,null,null,{"$f":"IF((ISNA(L21)=TRUE),\"\",\"ESTÁ SENDO UTILIZADA\")","v":"ESTÁ SENDO UTILIZADA"}]
[null,"Descrição","Coefi.","UNi.","Valor UNi.","Fonte","Cód.","Valor",null,null,null,"Linha ","Nome original na fonte "]
[null,{"$f":"M24","v":"TELHA DE ACO ZINCADO TRAPEZOIDAL, A = *40* MM, E = 0,5 MM, SEM PINTURA"},{"$f":"2*1.166","v":2.3319999999999999},{"$f":"OFFSET(FONTE!$A$1,L24,2,1)","v":"M2"},{"$f":"OFFSET(FONTE!$A$1,L24,3,1)","v":27.51},{"$f":"OFFSET(FONTE!$A$1,L24,4,1)","v":"SINAPI-I"},7243,{"$f":"ROUND((C24*E24),2)","v":64.150000000000006},null,null,null,{"$f":"MATCH(G24,FONTE!$A$1:$A$12282,0)-1","v":4617},{"$f":"OFFSET(FONTE!$A$1,L24,1,1)","v":"TELHA DE ACO ZINCADO TRAPEZOIDAL, A = *40* MM, E = 0,5 MM, SEM PINTURA"}]
[null,"FELTRO EM LA DE ROCHA, 1 FACE REVESTIDA COM PAPEL ALUMINIZADO, EM ROLO, DENSIDADE = 32 KG/M3, E=*50* MM (COLETADO CAIXA)",1.05,{"$f":"OFFSET(FONTE!$A$1,L25,2,1)","v":"M2"},{"$f":"OFFSET(FONTE!$A$1,L25,3,1)","v":20.12},{"$f":"OFFSET(FONTE!$A$1,L25,4,1)","v":"SINAPI-I"},42481,21.13,null,null,null,{"$f":"MATCH(G25,FONTE!$A$1:$A$12282,0)-1","v":2237},{"$f":"OFFSET(FONTE!$A$1,L25,1,1)","v":"FELTRO EM LA DE ROCHA, 1 FACE REVESTIDA COM PAPEL ALUMINIZADO, EM ROLO, DENSIDADE = 32 KG/M3, E=*50* MM (COLETADO CAIXA)"}]
[null,"PERFIL CARTOLA DE ACO GALVANIZADO, *20 X 30 X 10* MM, E =  0,8 MM",0.57999999999999996,{"$f":"OFFSET(FONTE!$A$1,L26,2,1)","v":"KG"},{"$f":"OFFSET(FONTE!$A$1,L26,3,1)","v":5.79},{"$f":"OFFSET(FONTE!$A$1,L26,4,1)","v":"SINAPI-I"},40664,3.36,null,null,null,{"$f":"MATCH(G26,FONTE!$A$1:$A$12282,0)-1","v":3664},{"$f":"OFFSET(FONTE!$A$1,L26,1,1)","v":"PERFIL CARTOLA DE ACO GALVANIZADO, *20 X 30 X 10* MM, E =  0,8 MM"}]
[null,{"$f":"M27","v":"HASTE RETA PARA GANCHO DE FERRO GALVANIZADO, COM ROSCA 1/4 \" X 30 CM PARA FIXACAO DE TELHA METALICA, INCLUI PORCA E ARRUELAS DE VEDACAO"},4.1500000000000004,{"$f":"OFFSET(FONTE!$A$1,L27,2,1)","v":"CJ"},{"$f":"OFFSET(FONTE!$A$1,L27,3,1)","v":1.22},{"$f":"OFFSET(FONTE!$A$1,L27,4,1)","v":"SINAPI-I"},11029,{"$f":"ROUND((C27*E27),2)","v":5.0599999999999996},null,null,null,{"$f":"MATCH(G27,FONTE!$A$1:$A$12282,0)-1","v":2482},{"$f":"OFFSET(FONTE!$A$1,L27,1,1)","v":"HASTE RETA PARA GANCHO DE FERRO GALVANIZADO, COM ROSCA 1/4 \" X 30 CM PARA FIXACAO DE TELHA METALICA, INCLUI PORCA E ARRUELAS DE VEDACAO"}]
[null,"SERVENTE COM ENCARGOS COMPLEMENTARES",{"$f":"3*0.097","v":0.29100000000000004},{"$f":"OFFSET(FONTE!$A$1,L28,2,1)","v":"H"},{"$f":"OFFSET(FONTE!$A$1,L28,3,1)","v":16.64},{"$f":"OFFSET(FONTE!$A$1,L28,4,1)","v":"SINAPI"},88316,4.84,null,null,null,{"$f":"MATCH(G28,FONTE!$A$1:$A$12282,0)-1","v":11585},{"$f":"OFFSET(FONTE!$A$1,L28,1,1)","v":"SERVENTE COM ENCARGOS COMPLEMENTARES"}]
[null,"TELHADISTA COM ENCARGOS COMPLEMENTARES",{"$f":"2*0.091","v":0.182},{"$f":"OFFSET(FONTE!$A$1,L29,2,1)","v":"H"},{"$f":"OFFSET(FONTE!$A$1,L29,3,1)","v":23.59},{"$f":"OFFSET(FONTE!$A$1,L29,4,1)","v":"SINAPI"},88323,4.29,null,null,null,{"$f":"MATCH(G29,FONTE!$A$1:$A$12282,0)-1","v":11591},{"$f":"OFFSET(FONTE!$A$1,L29,1,1)","v":"TELHADISTA COM ENCARGOS COMPLEMENTARES"}]
[null,null,null,null,null,null,"∑",{"$f":"SUM(H24:H29)","v":102.83000000000001}]
[]
[null,"Descrição",null,null,null,null,"UN","Cód.",null,null,null,{"$f":"MATCH(H33,ORÇAMENTO!K:K,0)","v":67}]
[null,"BUCHA DE REDUCAO DE PVC, SOLDAVEL, LONGA, COM 50 X 25 MM, PARA AGUA FRIA PREDIAL - FORNECIMENTO E INSTALAÇÃO",null,null,null,null,"UN","CHD011",null,null,null,{"$f":"IF((ISNA(L32)=TRUE),\"\",\"ESTÁ SENDO UTILIZADA\")","v":"ESTÁ SENDO UTILIZADA"}]
[null,"Descrição","Coefi.","UNi.","Valor UNi.","Fonte","Cód.","Valor",null,null,null,"Linha ","Nome original na fonte "]
[null,{"$f":"M35","v":"ADESIVO PLASTICO PARA PVC, FRASCO COM 850 GR"},7.0000000000000001E-3,{"$f":"OFFSET(FONTE!$A$1,L35,2,1)","v":"UN"},{"$f":"OFFSET(FONTE!$A$1,L35,3,1)","v":48.78},{"$f":"OFFSET(FONTE!$A$1,L35,4,1)","v":"SINAPI-I"},122,{"$f":"ROUND((C35*E35),2)","v":0.34},null,null,null,{"$f":"MATCH(G35,FONTE!$A$1:$A$12282,0)-1","v":180},{"$f":"OFFSET(FONTE!$A$1,L35,1,1)","v":"ADESIVO PLASTICO PARA PVC, FRASCO COM 850 GR"}]
[null,"BUCHA DE REDUCAO DE PVC, SOLDAVEL, LONGA, COM 50 X 25 MM, PARA AGUA FRIA PREDIAL",1,{"$f":"OFFSET(FONTE!$A$1,L36,2,1)","v":"UN"},{"$f":"OFFSET(FONTE!$A$1,L36,3,1)","v":2.56},{"$f":"OFFSET(FONTE!$A$1,L36,4,1)","v":"SINAPI-I"},813,2.56,null,null,null,{"$f":"MATCH(G36,FONTE!$A$1:$A$12282,0)-1","v":687},{"$f":"OFFSET(FONTE!$A$1,L36,1,1)","v":"BUCHA DE REDUCAO DE PVC, SOLDAVEL, LONGA, COM 50 X 25 MM, PARA AGUA FRIA PREDIAL"}]
[null,"SOLUCAO LIMPADORA PARA PVC, FRASCO COM 1000 CM3",8.0000000000000002E-3,{"$f":"OFFSET(FONTE!$A$1,L37,2,1)","v":"UN"},{"$f":"OFFSET(FONTE!$A$1,L37,3,1)","v":42.36},{"$f":"OFFSET(FONTE!$A$1,L37,4,1)","v":"SINAPI-I"},20083,0.34,null,null,null,{"$f":"MATCH(G37,FONTE!$A$1:$A$12282,0)-1","v":4237},{"$f":"OFFSET(FONTE!$A$1,L37,1,1)","v":"SOLUCAO LIMPADORA PARA PVC, FRASCO COM 1000 CM3"}]
[null,"LIXA D'AGUA EM FOLHA, GRAO 100",0.03,{"$f":"OFFSET(FONTE!$A$1,L38,2,1)","v":"UN"},{"$f":"OFFSET(FONTE!$A$1,L38,3,1)","v":1.72},{"$f":"OFFSET(FONTE!$A$1,L38,4,1)","v":"SINAPI-I"},38383,0.05,null,null,null,{"$f":"MATCH(G38,FONTE!$A$1:$A$12282,0)-1","v":2892},{"$f":"OFFSET(FONTE!$A$1,L38,1,1)","v":"LIXA D'AGUA EM FOLHA, GRAO 100"}]
[null,{"$f":"M39","v":"AUXILIAR DE ENCANADOR OU BOMBEIRO HIDRÁULICO COM ENCARGOS COMPLEMENTARES"},0.09,{"$f":"OFFSET(FONTE!$A$1,L39,2,1)","v":"H"},{"$f":"OFFSET(FONTE!$A$1,L39,3,1)","v":16.7},{"$f":"OFFSET(FONTE!$A$1,L39,4,1)","v":"SINAPI"},88248,{"$f":"ROUND((C39*E39),2)","v":1.5},null,null,null,{"$f":"MATCH(G39,FONTE!$A$1:$A$12282,0)-1","v":11525},{"$f":"OFFSET(FONTE!$A$1,L39,1,1)","v":"AUXILIAR DE ENCANADOR OU BOMBEIRO HIDRÁULICO COM ENCARGOS COMPLEMENTARES"}]
[null,"ENCANADOR OU BOMBEIRO HIDRÁULICO COM ENCARGOS COMPLEMENTARES",0.09,{"$f":"OFFSET(FONTE!$A$1,L40,2,1)","v":"H"},{"$f":"OFFSET(FONTE!$A$1,L40,3,1)","v":22.63},{"$f":"OFFSET(FONTE!$A$1,L40,4,1)","v":"SINAPI"},88267,2.04,null,null,null,{"$f":"MATCH(G40,FONTE!$A$1:$A$12282,0)-1","v":11543},{"$f":"OFFSET(FONTE!$A$1,L40,1,1)","v":"ENCANADOR OU BOMBEIRO HIDRÁULICO COM ENCARGOS COMPLEMENTARES"}]
[null,null,null,null,null,null,"∑",{"$f":"SUM(H35:H40)","v":6.8299999999999992}]
[]
[null,"Descrição",null,null,null,null,"UN","Cód.",null,null,null,{"$f":"MATCH(H44,ORÇAMENTO!K:K,0)","v":90}]
[null,"JUNCAO SIMPLES, PVC, DN 100 X 50 MM, SERIE NORMAL PARA ESGOTO PREDIAL - FORNECIMENTOE INSTALAÇÃO",null,null,null,null,"UN","CHD019",null,null,null,{"$f":"IF((ISNA(L43)=TRUE),\"\",\"ESTÁ SENDO UTILIZADA\")","v":"ESTÁ SENDO UTILIZADA"}]
[null,"Descrição","Coefi.","UNi.","Valor UNi.","Fonte","Cód.","Valor",null,null,null,"Linha ","Nome original na fonte "]
[null,{"$f":"M46","v":"ANEL BORRACHA PARA TUBO ESGOTO PREDIAL DN 50 MM (NBR 5688)"},1,{"$f":"OFFSET(FONTE!$A$1,L46,2,1)","v":"UN"},{"$f":"OFFSET(FONTE!$A$1,L46,3,1)","v":1.27},{"$f":"OFFSET(FONTE!$A$1,L46,4,1)","v":"SINAPI-I"},296,{"$f":"ROUND((C46*E46),2)","v":1.27},null,null,null,{"$f":"MATCH(G46,FONTE!$A$1:$A$12282,0)-1","v":235},{"$f":"OFFSET(FONTE!$A$1,L46,1,1)","v":"ANEL BORRACHA PARA TUBO ESGOTO PREDIAL DN 50 MM (NBR 5688)"}]
[null,"ANEL BORRACHA PARA TUBO ESGOTO PREDIAL, DN 100 MM (NBR 5688)",1,{"$f":"OFFSET(FONTE!$A$1,L47,2,1)","v":"UN"},{"$f":"OFFSET(FONTE!$A$1,L47,3,1)","v":2.25},{"$f":"OFFSET(FONTE!$A$1,L47,4,1)","v":"SINAPI-I"},301,2.25,null,null,null,{"$f":"MATCH(G47,FONTE!$A$1:$A$12282,0)-1","v":237},{"$f":"OFFSET(FONTE!$A$1,L47,1,1)","v":"ANEL BORRACHA PARA TUBO ESGOTO PREDIAL, DN 100 MM (NBR 5688)"}]
[null,"PASTA LUBRIFICANTE PARA TUBOS E CONEXOES COM JUNTA ELASTICA (USO EM PVC, ACO, POLIETILENO E OUTROS) ( DE *400* G)",9.1999999999999998E-2,{"$f":"OFFSET(FONTE!$A$1,L48,2,1)","v":"UN"},{"$f":"OFFSET(FONTE!$A$1,L48,3,1)","v":17.86},{"$f":"OFFSET(FONTE!$A$1,L48,4,1)","v":"SINAPI-I"},20078,1.64,null,null,null,{"$f":"MATCH(G48,FONTE!$A$1:$A$12282,0)-1","v":3592},{"$f":"OFFSET(FONTE!$A$1,L48,1,1)","v":"PASTA LUBRIFICANTE PARA TUBOS E CONEXOES COM JUNTA ELASTICA (USO EM PVC, ACO, POLIETILENO E OUTROS) ( DE *400* G)"}]
[null,"JUNCAO SIMPLES, PVC, DN 100 X 50 MM, SERIE NORMAL PARA ESGOTO PREDIAL",1,{"$f":"OFFSET(FONTE!$A$1,L49,2,1)","v":"UN"},{"$f":"OFFSET(FONTE!$A$1,L49,3,1)","v":9.01},{"$f":"OFFSET(FONTE!$A$1,L49,4,1)","v":"SINAPI-I"},3659,9.01,null,null,null,{"$f":"MATCH(G49,FONTE!$A$1:$A$12282,0)-1","v":2765},{"$f":"OFFSET(FONTE!$A$1,L49,1,1)","v":"JUNCAO SIMPLES, PVC, DN 100 X 50 MM, SERIE NORMAL PARA ESGOTO PREDIAL"}]
[null,"AUXILIAR DE ENCANADOR OU BOMBEIRO HIDRÁULICO COM ENCARGOS COMPLEMENTARES",0.185,{"$f":"OFFSET(FONTE!$A$1,L50,2,1)","v":"H"},{"$f":"OFFSET(FONTE!$A$1,L50,3,1)","v":16.7},{"$f":"OFFSET(FONTE!$A$1,L50,4,1)","v":"SINAPI"},88248,3.09,null,null,null,{"$f":"MATCH(G50,FONTE!$A$1:$A$12282,0)-1","v":11525},{"$f":"OFFSET(FONTE!$A$1,L50,1,1)","v":"AUXILIAR DE ENCANADOR OU BOMBEIRO HIDRÁULICO COM ENCARGOS COMPLEMENTARES"}]
[null,"ENCANADOR OU BOMBEIRO HIDRÁULICO COM ENCARGOS COMPLEMENTARES",0.185,{"$f":"OFFSET(FONTE!$A$1,L51,2,1)","v":"H"},{"$f":"OFFSET(FONTE!$A$1,L51,3,1)","v":22.63},{"$f":"OFFSET(FONTE!$A$1,L51,4,1)","v":"SINAPI"},88267,4.1900000000000004,null,null,null,{"$f":"MATCH(G51,FONTE!$A$1:$A$12282,0)-1","v":11543},{"$f":"OFFSET(FONTE!$A$1,L51,1,1)","v":"ENCANADOR OU BOMBEIRO HIDRÁULICO COM ENCARGOS COMPLEMENTARES"}]
[null,null,null,null,null,null,"∑",{"$f":"SUM(H46:H51)","v":21.45}]
[]
[null,"Descrição",null,null,null,null,"UN","Cód.",null,null,null,{"$f":"MATCH(H55,ORÇAMENTO!K:K,0)","v":62}]
[null,"MÃO DE OBRA DE REVISÃO ELÉTRICA",null,null,null,null,"H","CEL100",null,null,null,{"$f":"IF((ISNA(L54)=TRUE),\"\",\"ESTÁ SENDO UTILIZADA\")","v":"ESTÁ SENDO UTILIZADA"}]
[null,"Descrição","Coefi.","UNi.","Valor UNi.","Fonte","Cód.","Valor",null,"CED500",null,"Linha ","Nome original na fonte "]
[null,{"$f":"M57","v":"ELETRICISTA COM ENCARGOS COMPLEMENTARES"},1,{"$f":"OFFSET(FONTE!$A$1,L57,2,1)","v":"H"},{"$f":"OFFSET(FONTE!$A$1,L57,3,1)","v":29.46},{"$f":"OFFSET(FONTE!$A$1,L57,4,1)","v":"SINAPI"},88264,{"$f":"ROUND((C57*E57),2)","v":29.46},null,null,null,{"$f":"MATCH(G57,FONTE!$A$1:$A$12282,0)-1","v":11540},{"$f":"OFFSET(FONTE!$A$1,L57,1,1)","v":"ELETRICISTA COM ENCARGOS COMPLEMENTARES"}]
[null,"AUXILIAR DE ELETRICISTA COM ENCARGOS COMPLEMENTARES",1,{"$f":"OFFSET(FONTE!$A$1,L58,2,1)","v":"H"},{"$f":"OFFSET(FONTE!$A$1,L58,3,1)","v":21.49},{"$f":"OFFSET(FONTE!$A$1,L58,4,1)","v":"SINAPI"},88247,21.49,null,null,null,{"$f":"MATCH(G58,FONTE!$A$1:$A$12282,0)-1","v":11524},{"$f":"OFFSET(FONTE!$A$1,L58,1,1)","v":"AUXILIAR DE ELETRICISTA COM ENCARGOS COMPLEMENTARES"}]
[null,null,null,null,null,null,"∑",{"$f":"SUM(H57:H58)","v":50.95}]
[]
[null,"Descrição",null,null,null,null,"UN","Cód.",null,null,null,{"$f":"MATCH(H62,ORÇAMENTO!K:K,0)","v":56}]
[null,"FABRICAÇÃO E INSTALAÇÃO DE TESOURA INTEIRA EM MADEIRA NÃO APARELHADA, VÃO DE 6 M, PARA TELHA ONDULADA DE FIBROCIMENTO, METÁLICA, PLÁSTICA OU TERMOACÚSTICA.",null,null,null,null,"UN","CED500",null,null,null,{"$f":"IF((ISNA(L61)=TRUE),\"\",\"ESTÁ SENDO UTILIZADA\")","v":"ESTÁ SENDO UTILIZADA"}]
[null,"Descrição","Coefi.","UNi.","Valor UNi.","Fonte","Cód.","Valor",null,null,null,"Linha ","Nome original na fonte "]
[null,{"$f":"M64","v":"CAIBRO DE MADEIRA NAO APARELHADA *6 X 8* CM, MACARANDUBA, ANGELIM OU EQUIVALENTE DA REGIAO"},3.5,"M",{"$f":"OFFSET(FONTE!$A$1,L64,3,1)","v":15.87},{"$f":"OFFSET(FONTE!$A$1,L64,4,1)","v":"SINAPI-I"},4400,{"$f":"ROUND((C64*E64),2)","v":55.55},null,null,null,{"$f":"MATCH(G64,FONTE!$A$1:$A$12282,0)-1","v":915},{"$f":"OFFSET(FONTE!$A$1,L64,1,1)","v":"CAIBRO DE MADEIRA NAO APARELHADA *6 X 8* CM, MACARANDUBA, ANGELIM OU EQUIVALENTE DA REGIAO"}]
[null,"VIGA DE MADEIRA NAO APARELHADA 6 X 12 CM, MACARANDUBA, ANGELIM OU EQUIVALENTE DA REGIAO",13.5,"M",{"$f":"OFFSET(FONTE!$A$1,L65,3,1)","v":24.34},{"$f":"OFFSET(FONTE!$A$1,L65,4,1)","v":"SINAPI-I"},4425,328.59,null,null,null,{"$f":"MATCH(G65,FONTE!$A$1:$A$12282,0)-1","v":5334},{"$f":"OFFSET(FONTE!$A$1,L65,1,1)","v":"VIGA DE MADEIRA NAO APARELHADA 6 X 12 CM, MACARANDUBA, ANGELIM OU EQUIVALENTE DA REGIAO"}]
[null,"TABUA DE MADEIRA NAO APARELHADA *2,5 X 20* CM, CEDRINHO OU EQUIVALENTE DA REGIAO",3,"M",{"$f":"OFFSET(FONTE!$A$1,L66,3,1)","v":13.09},{"$f":"OFFSET(FONTE!$A$1,L66,4,1)","v":"SINAPI-I"},6193,39.270000000000003,null,null,null,{"$f":"MATCH(G66,FONTE!$A$1:$A$12282,0)-1","v":4282},{"$f":"OFFSET(FONTE!$A$1,L66,1,1)","v":"TABUA DE MADEIRA NAO APARELHADA *2,5 X 20* CM, CEDRINHO OU EQUIVALENTE DA REGIAO"}]
[null,"ESTRIBO COM PARAFUSO EM CHAPA DE FERRO FUNDIDO DE 2\" X 3/16\" X 35 CM, SECAO \"U\", PARA MADEIRAMENTO DE TELHADO",1,"UN",{"$f":"OFFSET(FONTE!$A$1,L67,3,1)","v":20.5},{"$f":"OFFSET(FONTE!$A$1,L67,4,1)","v":"SINAPI-I"},21142,20.5,null,null,null,{"$f":"MATCH(G67,FONTE!$A$1:$A$12282,0)-1","v":2168},{"$f":"OFFSET(FONTE!$A$1,L67,1,1)","v":"ESTRIBO COM PARAFUSO EM CHAPA DE FERRO FUNDIDO DE 2\" X 3/16\" X 35 CM, SECAO \"U\", PARA MADEIRAMENTO DE TELHADO"}]
[null,"PREGO DE ACO POLIDO COM CABECA 19  X 36 (3 1/4  X  9)",1.65,"KG",{"$f":"OFFSET(FONTE!$A$1,L68,3,1)","v":10.11},{"$f":"OFFSET(FONTE!$A$1,L68,4,1)","v":"SINAPI-I"},39027,16.68,null,null,null,{"$f":"MATCH(G68,FONTE!$A$1:$A$12282,0)-1","v":3932},{"$f":"OFFSET(FONTE!$A$1,L68,1,1)","v":"PREGO DE ACO POLIDO COM CABECA 19  X 36 (3 1/4  X  9)"}]
[null,{"$f":"M69","v":"AJUDANTE DE CARPINTEIRO COM ENCARGOS COMPLEMENTARES"},2.5939999999999999,"H",{"$f":"OFFSET(FONTE!$A$1,L69,3,1)","v":20.55},{"$f":"OFFSET(FONTE!$A$1,L69,4,1)","v":"SINAPI"},88239,{"$f":"ROUND((C69*E69),2)","v":53.31},null,null,null,{"$f":"MATCH(G69,FONTE!$A$1:$A$12282,0)-1","v":11517},{"$f":"OFFSET(FONTE!$A$1,L69,1,1)","v":"AJUDANTE DE CARPINTEIRO COM ENCARGOS COMPLEMENTARES"}]
[null,"CARPINTEIRO DE FORMAS COM ENCARGOS COMPLEMENTARES",11.241,"H",{"$f":"OFFSET(FONTE!$A$1,L70,3,1)","v":25.33},{"$f":"OFFSET(FONTE!$A$1,L70,4,1)","v":"SINAPI"},88262,284.73,null,null,null,{"$f":"MATCH(G70,FONTE!$A$1:$A$12282,0)-1","v":11538},{"$f":"OFFSET(FONTE!$A$1,L70,1,1)","v":"CARPINTEIRO DE FORMAS COM ENCARGOS COMPLEMENTARES"}]
[null,null,null,null,null,null,"∑",{"$f":"SUM(H64:H70)","v":798.63}]
[]
[null,"Descrição",null,null,null,null,"UN","Cód.",null,null,null,{"$f":"MATCH(H74,ORÇAMENTO!K:K,0)","v":57}]
[null,"FABRICAÇÃO E INSTALAÇÃO DE TESOURA INTEIRA EM MADEIRA NÃO APARELHADA, VÃO DE 9 M, PARA TELHA ONDULADA DE FIBROCIMENTO, METÁLICA, PLÁSTICA",null,null,null,null,"UN","CED501",null,null,null,{"$f":"IF((ISNA(L73)=TRUE),\"\",\"ESTÁ SENDO UTILIZADA\")","v":"ESTÁ SENDO UTILIZADA"}]
[null,"Descrição","Coefi.","UNi.","Valor UNi.","Fonte","Cód.","Valor",null,null,null,"Linha ","Nome original na fonte "]
[null,{"$f":"M76","v":"PARAFUSO FRANCES METRICO ZINCADO, DIAMETRO 12 MM, COMPRIMENTO 150 MM, COM PORCA SEXTAVADA E ARRUELA DE PRESSAO MEDIA"},4,"UN",{"$f":"OFFSET(FONTE!$A$1,L76,3,1)","v":9.19},{"$f":"OFFSET(FONTE!$A$1,L76,4,1)","v":"SINAPI-I"},4344,{"$f":"ROUND((C76*E76),2)","v":36.76},null,null,null,{"$f":"MATCH(G76,FONTE!$A$1:$A$12282,0)-1","v":3541},{"$f":"OFFSET(FONTE!$A$1,L76,1,1)","v":"PARAFUSO FRANCES METRICO ZINCADO, DIAMETRO 12 MM, COMPRIMENTO 150 MM, COM PORCA SEXTAVADA E ARRUELA DE PRESSAO MEDIA"}]
[null,"CAIBRO DE MADEIRA NAO APARELHADA *6 X 8* CM, MACARANDUBA, ANGELIM OU EQUIVALENTE DA REGIAO",6.5,"M",{"$f":"OFFSET(FONTE!$A$1,L77,3,1)","v":15.87},{"$f":"OFFSET(FONTE!$A$1,L77,4,1)","v":"SINAPI-I"},4400,103.16,null,null,null,{"$f":"MATCH(G77,FONTE!$A$1:$A$12282,0)-1","v":915},{"$f":"OFFSET(FONTE!$A$1,L77,1,1)","v":"CAIBRO DE MADEIRA NAO APARELHADA *6 X 8* CM, MACARANDUBA, ANGELIM OU EQUIVALENTE DA REGIAO"}]
[null,"SARRAFO DE MADEIRA NAO APARELHADA 2,5 X 5 CM, MACARANDUBA, ANGELIM OU EQUIVALENTE DA REGIAO",2.5,"M",{"$f":"OFFSET(FONTE!$A$1,L78,3,1)","v":5.55},{"$f":"OFFSET(FONTE!$A$1,L78,4,1)","v":"SINAPI-I"},4415,13.88,null,null,null,{"$f":"MATCH(G78,FONTE!$A$1:$A$12282,0)-1","v":4174},{"$f":"OFFSET(FONTE!$A$1,L78,1,1)","v":"SARRAFO DE MADEIRA NAO APARELHADA 2,5 X 5 CM, MACARANDUBA, ANGELIM OU EQUIVALENTE DA REGIAO"}]
[null,"VIGA DE MADEIRA NAO APARELHADA 6 X 12 CM, MACARANDUBA, ANGELIM OU EQUIVALENTE DA REGIAO",10.5,"M",{"$f":"OFFSET(FONTE!$A$1,L79,3,1)","v":24.34},{"$f":"OFFSET(FONTE!$A$1,L79,4,1)","v":"SINAPI-I"},4425,255.57,null,null,null,{"$f":"MATCH(G79,FONTE!$A$1:$A$12282,0)-1","v":5334},{"$f":"OFFSET(FONTE!$A$1,L79,1,1)","v":"VIGA DE MADEIRA NAO APARELHADA 6 X 12 CM, MACARANDUBA, ANGELIM OU EQUIVALENTE DA REGIAO"}]
[null,"VIGA DE MADEIRA NAO APARELHADA *6 X 16* CM, MACARANDUBA, ANGELIM OU EQUIVALENTE DA REGIAO",10,"M",{"$f":"OFFSET(FONTE!$A$1,L80,3,1)","v":33.14},{"$f":"OFFSET(FONTE!$A$1,L80,4,1)","v":"SINAPI-I"},4472,331.4,null,null,null,{"$f":"MATCH(G80,FONTE!$A$1:$A$12282,0)-1","v":5331},{"$f":"OFFSET(FONTE!$A$1,L80,1,1)","v":"VIGA DE MADEIRA NAO APARELHADA *6 X 16* CM, MACARANDUBA, ANGELIM OU EQUIVALENTE DA REGIAO"}]
[null,"TABUA DE MADEIRA NAO APARELHADA *2,5 X 20* CM, CEDRINHO OU EQUIVALENTE DA REGIAO",3,"M",{"$f":"OFFSET(FONTE!$A$1,L81,3,1)","v":13.09},{"$f":"OFFSET(FONTE!$A$1,L81,4,1)","v":"SINAPI-I"},6193,39.270000000000003,null,null,null,{"$f":"MATCH(G81,FONTE!$A$1:$A$12282,0)-1","v":4282},{"$f":"OFFSET(FONTE!$A$1,L81,1,1)","v":"TABUA DE MADEIRA NAO APARELHADA *2,5 X 20* CM, CEDRINHO OU EQUIVALENTE DA REGIAO"}]
[null,{"$f":"M82","v":"ESTRIBO COM PARAFUSO EM CHAPA DE FERRO FUNDIDO DE 2\" X 3/16\" X 35 CM, SECAO \"U\", PARA MADEIRAMENTO DE TELHADO"},1,"UN",{"$f":"OFFSET(FONTE!$A$1,L82,3,1)","v":20.5},{"$f":"OFFSET(FONTE!$A$1,L82,4,1)","v":"SINAPI-I"},21142,{"$f":"ROUND((C82*E82),2)","v":20.5},null,null,null,{"$f":"MATCH(G82,FONTE!$A$1:$A$12282,0)-1","v":2168},{"$f":"OFFSET(FONTE!$A$1,L82,1,1)","v":"ESTRIBO COM PARAFUSO EM CHAPA DE FERRO FUNDIDO DE 2\" X 3/16\" X 35 CM, SECAO \"U\", PARA MADEIRAMENTO DE TELHADO"}]
[null,"PREGO DE ACO POLIDO COM CABECA 19  X 36 (3 1/4  X  9)",2.7,"KG",{"$f":"OFFSET(FONTE!$A$1,L83,3,1)","v":10.11},{"$f":"OFFSET(FONTE!$A$1,L83,4,1)","v":"SINAPI-I"},39027,27.3,null,null,null,{"$f":"MATCH(G83,FONTE!$A$1:$A$12282,0)-1","v":3932},{"$f":"OFFSET(FONTE!$A$1,L83,1,1)","v":"PREGO DE ACO POLIDO COM CABECA 19  X 36 (3 1/4  X  9)"}]
[null,{"$f":"M84","v":"CHAPA PARA EMENDA DE VIGA, EM ACO GROSSO, QUALIDADE ESTRUTURAL, BITOLA 3/16 \", E= 4,75 MM, 4 FUROS, LARGURA 45 MM, COMPRIMENTO 500 MM"},1,"PAR",{"$f":"OFFSET(FONTE!$A$1,L84,3,1)","v":32.479999999999997},{"$f":"OFFSET(FONTE!$A$1,L84,4,1)","v":"SINAPI-I"},40623,{"$f":"ROUND((C84*E84),2)","v":32.479999999999997},null,null,null,{"$f":"MATCH(G84,FONTE!$A$1:$A$12282,0)-1","v":1252},{"$f":"OFFSET(FONTE!$A$1,L84,1,1)","v":"CHAPA PARA EMENDA DE VIGA, EM ACO GROSSO, QUALIDADE ESTRUTURAL, BITOLA 3/16 \", E= 4,75 MM, 4 FUROS, LARGURA 45 MM, COMPRIMENTO 500 MM"}]
[null,"AJUDANTE DE CARPINTEIRO COM ENCARGOS COMPLEMENTARES",4.3230000000000004,"H",{"$f":"OFFSET(FONTE!$A$1,L85,3,1)","v":20.55},{"$f":"OFFSET(FONTE!$A$1,L85,4,1)","v":"SINAPI"},88239,88.84,null,null,null,{"$f":"MATCH(G85,FONTE!$A$1:$A$12282,0)-1","v":11517},{"$f":"OFFSET(FONTE!$A$1,L85,1,1)","v":"AJUDANTE DE CARPINTEIRO COM ENCARGOS COMPLEMENTARES"}]
[null,{"$f":"M86","v":"CARPINTEIRO DE FORMAS COM ENCARGOS COMPLEMENTARES"},18.734999999999999,"H",{"$f":"OFFSET(FONTE!$A$1,L86,3,1)","v":25.33},{"$f":"OFFSET(FONTE!$A$1,L86,4,1)","v":"SINAPI"},88262,{"$f":"ROUND((C86*E86),2)","v":474.56},null,null,null,{"$f":"MATCH(G86,FONTE!$A$1:$A$12282,0)-1","v":11538},{"$f":"OFFSET(FONTE!$A$1,L86,1,1)","v":"CARPINTEIRO DE FORMAS COM ENCARGOS COMPLEMENTARES"}]
[null,null,null,null,null,null,"∑",{"$f":"SUM(H76:H86)","v":1423.72}]
[]
[null,"Descrição",null,null,null,null,"UN","Cód.",null,null,null,{"$f":"MATCH(H90,ORÇAMENTO!K:K,0)","v":97}]
[null,"REVESTIMENTO CERÂMICO PARA PISO COM PLACAS TIPO PORCELANATO DE DIMENSÕES 60X60 CM APLICADA EM AMBIENTES DE ÁREA MAIOR QUE 10 M². AF_06/2014",null,null,null,null,"UN","CED502",null,null,null,{"$f":"IF((ISNA(L89)=TRUE),\"\",\"ESTÁ SENDO UTILIZADA\")","v":"ESTÁ SENDO UTILIZADA"}]
[null,"Descrição","Coefi.","UNi.","Valor UNi.","Fonte","Cód.","Valor",null,null,null,"Linha ","Nome original na fonte "]
[null,{"$f":"M92","v":"REJUNTE COLORIDO, CIMENTICIO"},0.14000000000000001,"KG",{"$f":"OFFSET(FONTE!$A$1,L92,3,1)","v":2.48},{"$f":"OFFSET(FONTE!$A$1,L92,4,1)","v":"SINAPI-I"},34357,{"$f":"ROUND((C92*E92),2)","v":0.35},null,null,null,{"$f":"MATCH(G92,FONTE!$A$1:$A$12282,0)-1","v":4096},{"$f":"OFFSET(FONTE!$A$1,L92,1,1)","v":"REJUNTE COLORIDO, CIMENTICIO"}]
[null,"ARGAMASSA COLANTE TIPO ACIII",8.6199999999999992,"KG",{"$f":"OFFSET(FONTE!$A$1,L93,3,1)","v":1.19},{"$f":"OFFSET(FONTE!$A$1,L93,4,1)","v":"SINAPI-I"},37595,10.26,null,null,null,{"$f":"MATCH(G93,FONTE!$A$1:$A$12282,0)-1","v":363},{"$f":"OFFSET(FONTE!$A$1,L93,1,1)","v":"ARGAMASSA COLANTE TIPO ACIII"}]
[null,"PISO PORCELANATO, BORDA RETA, EXTRA, FORMATO 60x60",1.07,"M2",{"$f":"OFFSET(FONTE!$A$1,L94,3,1)","v":49.9},{"$f":"OFFSET(FONTE!$A$1,L94,4,1)","v":"Mercado"},"MED118",53.39,null,null,null,{"$f":"MATCH(G94,FONTE!$A$1:$A$12282,0)-1","v":11831},{"$f":"OFFSET(FONTE!$A$1,L94,1,1)","v":"PISO PORCELANATO, BORDA RETA, EXTRA, FORMATO 60x60"}]
[null,"AZULEJISTA OU LADRILHISTA COM ENCARGOS COMPLEMENTARES",0.44,"H",{"$f":"OFFSET(FONTE!$A$1,L95,3,1)","v":22.32},{"$f":"OFFSET(FONTE!$A$1,L95,4,1)","v":"SINAPI"},88256,9.82,null,null,null,{"$f":"MATCH(G95,FONTE!$A$1:$A$12282,0)-1","v":11532},{"$f":"OFFSET(FONTE!$A$1,L95,1,1)","v":"AZULEJISTA OU LADRILHISTA COM ENCARGOS COMPLEMENTARES"}]
[null,"SERVENTE COM ENCARGOS COMPLEMENTARES",0.2,"H",{"$f":"OFFSET(FONTE!$A$1,L96,3,1)","v":16.64},{"$f":"OFFSET(FONTE!$A$1,L96,4,1)","v":"SINAPI"},88316,3.33,null,null,null,{"$f":"MATCH(G96,FONTE!$A$1:$A$12282,0)-1","v":11585},{"$f":"OFFSET(FONTE!$A$1,L96,1,1)","v":"SERVENTE COM ENCARGOS COMPLEMENTARES"}]
[null,null,null,null,null,null,"∑",{"$f":"SUM(H92:H96)","v":77.149999999999991}]
[]
[]
[]
[]
[]
[]
[]
[]
[]
[]
[]
[]
[]
[]
[]
[]
[null,"Descrição",null,null,null,null,"UN","Cód.",null,null,null,{"$f":"MATCH(H115,ORÇAMENTO!K:K,0)","v":114}]
[null,"DUCHA HIGIÊNICA METÁLICA DE PAREDE ARTICULÁVEL (fornecimento e instalação)",null,null,null,null,"UN","CAC001",null,null,null,{"$f":"IF((ISNA(L114)=TRUE),\"\",\"ESTÁ SENDO UTILIZADA\")","v":"ESTÁ SENDO UTILIZADA"}]
[null,"Descrição","Coefi.","UNi.","Valor UNi.","Fonte","Cód.","Valor",null,null,null,"Linha ","Nome original na fonte "]
[null,{"$f":"M117","v":"DUCHA METALICA DE PAREDE, ARTICULAVEL, COM BRACO/CANO, SEM DESVIADOR"},1,{"$f":"OFFSET(FONTE!$A$1,L117,2,1)","v":"UN"},{"$f":"OFFSET(FONTE!$A$1,L117,3,1)","v":196.96},{"$f":"OFFSET(FONTE!$A$1,L117,4,1)","v":"SINAPI-I"},38189,{"$f":"ROUND((C117*E117),2)","v":196.96},null,null,null,{"$f":"MATCH(G117,FONTE!$A$1:$A$12282,0)-1","v":1967},{"$f":"OFFSET(FONTE!$A$1,L117,1,1)","v":"DUCHA METALICA DE PAREDE, ARTICULAVEL, COM BRACO/CANO, SEM DESVIADOR"}]
[null,"FITA VEDA ROSCA EM ROLOS DE 18 MM X 50 M (L X C)",0.01,{"$f":"OFFSET(FONTE!$A$1,L118,2,1)","v":"UN"},{"$f":"OFFSET(FONTE!$A$1,L118,3,1)","v":9.4},{"$f":"OFFSET(FONTE!$A$1,L118,4,1)","v":"SINAPI-I"},3148,0.09,null,null,null,{"$f":"MATCH(G118,FONTE!$A$1:$A$12282,0)-1","v":2303},{"$f":"OFFSET(FONTE!$A$1,L118,1,1)","v":"FITA VEDA ROSCA EM ROLOS DE 18 MM X 50 M (L X C)"}]
[null,"ELETRICISTA COM ENCARGOS COMPLEMENTARES",0.45,{"$f":"OFFSET(FONTE!$A$1,L119,2,1)","v":"H"},{"$f":"OFFSET(FONTE!$A$1,L119,3,1)","v":29.46},{"$f":"OFFSET(FONTE!$A$1,L119,4,1)","v":"SINAPI"},88264,13.26,null,null,null,{"$f":"MATCH(G119,FONTE!$A$1:$A$12282,0)-1","v":11540},{"$f":"OFFSET(FONTE!$A$1,L119,1,1)","v":"ELETRICISTA COM ENCARGOS COMPLEMENTARES"}]
[null,"SERVENTE COM ENCARGOS COMPLEMENTARES",0.3,{"$f":"OFFSET(FONTE!$A$1,L120,2,1)","v":"H"},{"$f":"OFFSET(FONTE!$A$1,L120,3,1)","v":16.64},{"$f":"OFFSET(FONTE!$A$1,L120,4,1)","v":"SINAPI"},88316,4.99,null,null,null,{"$f":"MATCH(G120,FONTE!$A$1:$A$12282,0)-1","v":11585},{"$f":"OFFSET(FONTE!$A$1,L120,1,1)","v":"SERVENTE COM ENCARGOS COMPLEMENTARES"}]
[null,null,null,null,null,null,"∑",{"$f":"SUM(H117:H120)","v":215.3}]
[]
[null,"Descrição",null,null,null,null,"UN","Cód.",null,null,null,{"$f":"MATCH(H124,ORÇAMENTO!K:K,0)","v":116}]
[null,"BARRA DE APOIO ANGULAR, 60 CM, EM ACO INOX POLIDO (fornecimento e instalação)",null,null,null,null,"UN ","CAC003",null,null,null,{"$f":"IF((ISNA(L123)=TRUE),\"\",\"ESTÁ SENDO UTILIZADA\")","v":"ESTÁ SENDO UTILIZADA"}]
[null,"Descrição","Coefi.","UNi.","Valor UNi.","Fonte","Cód.","Valor",null,null,null,"Linha ","Nome original na fonte "]
[null,{"$f":"M126","v":"BARRA DE APOIO RETA, EM ACO INOX POLIDO, COMPRIMENTO 90 CM, DIAMETRO MINIMO 3 CM"},1,{"$f":"OFFSET(FONTE!$A$1,L126,2,1)","v":"UN"},{"$f":"OFFSET(FONTE!$A$1,L126,3,1)","v":183.34},{"$f":"OFFSET(FONTE!$A$1,L126,4,1)","v":"SINAPI-I"},36206,{"$f":"ROUND((C126*E126),2)","v":183.34},null,null,null,{"$f":"MATCH(G126,FONTE!$A$1:$A$12282,0)-1","v":477},{"$f":"OFFSET(FONTE!$A$1,L126,1,1)","v":"BARRA DE APOIO RETA, EM ACO INOX POLIDO, COMPRIMENTO 90 CM, DIAMETRO MINIMO 3 CM"}]
[null,"BUCHA DE NYLON SEM ABA S8, COM PARAFUSO DE 4,80 X 50 MM EM ACO ZINCADO COM ROSCA SOBERBA, CABECA CHATA E FENDA PHILLIPS",8,{"$f":"OFFSET(FONTE!$A$1,L127,2,1)","v":"UN"},{"$f":"OFFSET(FONTE!$A$1,L127,3,1)","v":0.41},{"$f":"OFFSET(FONTE!$A$1,L127,4,1)","v":"SINAPI-I"},7583,3.28,null,null,null,{"$f":"MATCH(G127,FONTE!$A$1:$A$12282,0)-1","v":636},{"$f":"OFFSET(FONTE!$A$1,L127,1,1)","v":"BUCHA DE NYLON SEM ABA S8, COM PARAFUSO DE 4,80 X 50 MM EM ACO ZINCADO COM ROSCA SOBERBA, CABECA CHATA E FENDA PHILLIPS"}]
[null,"SERVENTE COM ENCARGOS COMPLEMENTARES",0.5,{"$f":"OFFSET(FONTE!$A$1,L128,2,1)","v":"H"},{"$f":"OFFSET(FONTE!$A$1,L128,3,1)","v":16.64},{"$f":"OFFSET(FONTE!$A$1,L128,4,1)","v":"SINAPI"},88316,8.32,null,null,null,{"$f":"MATCH(G128,FONTE!$A$1:$A$12282,0)-1","v":11585},{"$f":"OFFSET(FONTE!$A$1,L128,1,1)","v":"SERVENTE COM ENCARGOS COMPLEMENTARES"}]
[null,null,null,null,null,null,"∑",{"$f":"SUM(H126:H128)","v":194.94}]
[]
[null,"Descrição",null,null,null,null,"UN","Cód.",null,null,null,{"$f":"MATCH(H132,ORÇAMENTO!K:K,0)","v":117}]
[null,"BARRA DE APOIO RETA, EM ALUMINIO, COMPRIMENTO 60CM OU MENOR (fornecimento e instalação)",null,null,null,null,"UN ","CAC004",null,null,null,{"$f":"IF((ISNA(L131)=TRUE),\"\",\"ESTÁ SENDO UTILIZADA\")","v":"ESTÁ SENDO UTILIZADA"}]
[null,"Descrição","Coefi.","UNi.","Valor UNi.","Fonte","Cód.","Valor",null,null,null,"Linha ","Nome original na fonte "]
[null,{"$f":"M134","v":"BARRA DE APOIO RETA, EM ALUMINIO, COMPRIMENTO 60CM, DIAMETRO MINIMO 3 CM"},1,{"$f":"OFFSET(FONTE!$A$1,L134,2,1)","v":"UN"},{"$f":"OFFSET(FONTE!$A$1,L134,3,1)","v":84.64},{"$f":"OFFSET(FONTE!$A$1,L134,4,1)","v":"SINAPI-I"},36218,{"$f":"ROUND((C134*E134),2)","v":84.64},null,null,null,{"$f":"MATCH(G134,FONTE!$A$1:$A$12282,0)-1","v":478},{"$f":"OFFSET(FONTE!$A$1,L134,1,1)","v":"BARRA DE APOIO RETA, EM ALUMINIO, COMPRIMENTO 60CM, DIAMETRO MINIMO 3 CM"}]
[null,"BUCHA DE NYLON SEM ABA S8, COM PARAFUSO DE 4,80 X 50 MM EM ACO ZINCADO COM ROSCA SOBERBA, CABECA CHATA E FENDA PHILLIPS",8,{"$f":"OFFSET(FONTE!$A$1,L135,2,1)","v":"UN"},{"$f":"OFFSET(FONTE!$A$1,L135,3,1)","v":0.41},{"$f":"OFFSET(FONTE!$A$1,L135,4,1)","v":"SINAPI-I"},7583,3.28,null,null,null,{"$f":"MATCH(G135,FONTE!$A$1:$A$12282,0)-1","v":636},{"$f":"OFFSET(FONTE!$A$1,L135,1,1)","v":"BUCHA DE NYLON SEM ABA S8, COM PARAFUSO DE 4,80 X 50 MM EM ACO ZINCADO COM ROSCA SOBERBA, CABECA CHATA E FENDA PHILLIPS"}]
[null,"SERVENTE COM ENCARGOS COMPLEMENTARES",0.5,{"$f":"OFFSET(FONTE!$A$1,L136,2,1)","v":"H"},{"$f":"OFFSET(FONTE!$A$1,L136,3,1)","v":16.64},{"$f":"OFFSET(FONTE!$A$1,L136,4,1)","v":"SINAPI"},88316,8.32,null,null,null,{"$f":"MATCH(G136,FONTE!$A$1:$A$12282,0)-1","v":11585},{"$f":"OFFSET(FONTE!$A$1,L136,1,1)","v":"SERVENTE COM ENCARGOS COMPLEMENTARES"}]
[null,null,null,null,null,null,"∑",{"$f":"SUM(H134:H136)","v":96.240000000000009}]
[]
[null,"Descrição",null,null,null,null,"UN","Cód.",null,null,null,{"$f":"MATCH(H140,ORÇAMENTO!K:K,0)","v":118}]
[null,"BARRA DE APOIO RETA, EM ALUMINIO, COMPRIMENTO 70CM (fornecimento e instalação)",null,null,null,null,"UN ","CAC005",null,null,null,{"$f":"IF((ISNA(L139)=TRUE),\"\",\"ESTÁ SENDO UTILIZADA\")","v":"ESTÁ SENDO UTILIZADA"}]
[null,"Descrição","Coefi.","UNi.","Valor UNi.","Fonte","Cód.","Valor",null,null,null,"Linha ","Nome original na fonte "]
[null,{"$f":"M142","v":"BARRA DE APOIO RETA, EM ALUMINIO, COMPRIMENTO 70CM, DIAMETRO MINIMO 3 CM"},1,{"$f":"OFFSET(FONTE!$A$1,L142,2,1)","v":"UN"},{"$f":"OFFSET(FONTE!$A$1,L142,3,1)","v":97.05},{"$f":"OFFSET(FONTE!$A$1,L142,4,1)","v":"SINAPI-I"},36220,{"$f":"ROUND((C142*E142),2)","v":97.05},null,null,null,{"$f":"MATCH(G142,FONTE!$A$1:$A$12282,0)-1","v":479},{"$f":"OFFSET(FONTE!$A$1,L142,1,1)","v":"BARRA DE APOIO RETA, EM ALUMINIO, COMPRIMENTO 70CM, DIAMETRO MINIMO 3 CM"}]
[null,"BUCHA DE NYLON SEM ABA S8, COM PARAFUSO DE 4,80 X 50 MM EM ACO ZINCADO COM ROSCA SOBERBA, CABECA CHATA E FENDA PHILLIPS",8,{"$f":"OFFSET(FONTE!$A$1,L143,2,1)","v":"UN"},{"$f":"OFFSET(FONTE!$A$1,L143,3,1)","v":0.41},{"$f":"OFFSET(FONTE!$A$1,L143,4,1)","v":"SINAPI-I"},7583,3.28,null,null,null,{"$f":"MATCH(G143,FONTE!$A$1:$A$12282,0)-1","v":636},{"$f":"OFFSET(FONTE!$A$1,L143,1,1)","v":"BUCHA DE NYLON SEM ABA S8, COM PARAFUSO DE 4,80 X 50 MM EM ACO ZINCADO COM ROSCA SOBERBA, CABECA CHATA E FENDA PHILLIPS"}]
[null,"SERVENTE COM ENCARGOS COMPLEMENTARES",0.5,{"$f":"OFFSET(FONTE!$A$1,L144,2,1)","v":"H"},{"$f":"OFFSET(FONTE!$A$1,L144,3,1)","v":16.64},{"$f":"OFFSET(FONTE!$A$1,L144,4,1)","v":"SINAPI"},88316,8.32,null,null,null,{"$f":"MATCH(G144,FONTE!$A$1:$A$12282,0)-1","v":11585},{"$f":"OFFSET(FONTE!$A$1,L144,1,1)","v":"SERVENTE COM ENCARGOS COMPLEMENTARES"}]
[null,null,null,null,null,null,"∑",{"$f":"SUM(H142:H144)","v":108.65}]
[]
[null,"Descrição",null,null,null,null,"UN","Cód.",null,null,null,{"$f":"MATCH(H148,ORÇAMENTO!K:K,0)","v":119}]
[null,"BARRA DE APOIO RETA, EM ALUMINIO, COMPRIMENTO 80CM (fornecimento e instalação)",null,null,null,null,"UN ","CAC006",null,null,null,{"$f":"IF((ISNA(L147)=TRUE),\"\",\"ESTÁ SENDO UTILIZADA\")","v":"ESTÁ SENDO UTILIZADA"}]
[null,"Descrição","Coefi.","UNi.","Valor UNi.","Fonte","Cód.","Valor",null,null,null,"Linha ","Nome original na fonte "]
[null,{"$f":"M150","v":"BARRA DE APOIO RETA, EM ALUMINIO, COMPRIMENTO 80 CM, DIAMETRO MINIMO 3 CM"},1,{"$f":"OFFSET(FONTE!$A$1,L150,2,1)","v":"UN"},{"$f":"OFFSET(FONTE!$A$1,L150,3,1)","v":104.98},{"$f":"OFFSET(FONTE!$A$1,L150,4,1)","v":"SINAPI-I"},36080,{"$f":"ROUND((C150*E150),2)","v":104.98},null,null,null,{"$f":"MATCH(G150,FONTE!$A$1:$A$12282,0)-1","v":480},{"$f":"OFFSET(FONTE!$A$1,L150,1,1)","v":"BARRA DE APOIO RETA, EM ALUMINIO, COMPRIMENTO 80 CM, DIAMETRO MINIMO 3 CM"}]
[null,"BUCHA DE NYLON SEM ABA S8, COM PARAFUSO DE 4,80 X 50 MM EM ACO ZINCADO COM ROSCA SOBERBA, CABECA CHATA E FENDA PHILLIPS",8,{"$f":"OFFSET(FONTE!$A$1,L151,2,1)","v":"UN"},{"$f":"OFFSET(FONTE!$A$1,L151,3,1)","v":0.41},{"$f":"OFFSET(FONTE!$A$1,L151,4,1)","v":"SINAPI-I"},7583,3.28,null,null,null,{"$f":"MATCH(G151,FONTE!$A$1:$A$12282,0)-1","v":636},{"$f":"OFFSET(FONTE!$A$1,L151,1,1)","v":"BUCHA DE NYLON SEM ABA S8, COM PARAFUSO DE 4,80 X 50 MM EM ACO ZINCADO COM ROSCA SOBERBA, CABECA CHATA E FENDA PHILLIPS"}]
[null,"SERVENTE COM ENCARGOS COMPLEMENTARES",0.5,{"$f":"OFFSET(FONTE!$A$1,L152,2,1)","v":"H"},{"$f":"OFFSET(FONTE!$A$1,L152,3,1)","v":16.64},{"$f":"OFFSET(FONTE!$A$1,L152,4,1)","v":"SINAPI"},88316,8.32,null,null,null,{"$f":"MATCH(G152,FONTE!$A$1:$A$12282,0)-1","v":11585},{"$f":"OFFSET(FONTE!$A$1,L152,1,1)","v":"SERVENTE COM ENCARGOS COMPLEMENTARES"}]
[null,null,null,null,null,null,"∑",{"$f":"SUM(H150:H152)","v":116.58000000000001}]
[]
[null,"Descrição",null,null,null,null,"UN","Cód.",null,null,null,{"$f":"MATCH(H156,ORÇAMENTO!K:K,0)","v":122}]
[null,"TOALHEIRO PLÁSTICO TIPO DISPENSER PARA PAPEL TOALHA INTERFOLHADO (fornecimento e instalação)",null,null,null,null,"UN ","CAC007",null,null,null,{"$f":"IF((ISNA(L155)=TRUE),\"\",\"ESTÁ SENDO UTILIZADA\")","v":"ESTÁ SENDO UTILIZADA"}]
[null,"Descrição","Coefi.","UNi.","Valor UNi.","Fonte","Cód.","Valor",null,null,null,"Linha ","Nome original na fonte "]
[null,{"$f":"M158","v":"SERVENTE COM ENCARGOS COMPLEMENTARES"},0.25,{"$f":"OFFSET(FONTE!$A$1,L158,2,1)","v":"H"},{"$f":"OFFSET(FONTE!$A$1,L158,3,1)","v":16.64},{"$f":"OFFSET(FONTE!$A$1,L158,4,1)","v":"SINAPI"},88316,{"$f":"ROUND((C158*E158),2)","v":4.16},null,null,null,{"$f":"MATCH(G158,FONTE!$A$1:$A$12282,0)-1","v":11585},{"$f":"OFFSET(FONTE!$A$1,L158,1,1)","v":"SERVENTE COM ENCARGOS COMPLEMENTARES"}]
[null,"TOALHEIRO PLASTICO TIPO DISPENSER PARA PAPEL TOALHA INTERFOLHADO",1,{"$f":"OFFSET(FONTE!$A$1,L159,2,1)","v":"UN"},{"$f":"OFFSET(FONTE!$A$1,L159,3,1)","v":64.959999999999994},{"$f":"OFFSET(FONTE!$A$1,L159,4,1)","v":"SINAPI-I"},37401,64.959999999999994,null,null,null,{"$f":"MATCH(G159,FONTE!$A$1:$A$12282,0)-1","v":4745},{"$f":"OFFSET(FONTE!$A$1,L159,1,1)","v":"TOALHEIRO PLASTICO TIPO DISPENSER PARA PAPEL TOALHA INTERFOLHADO"}]
[null,null,null,null,null,null,"∑",{"$f":"SUM(H158:H159)","v":69.11999999999999}]
[]
[null,"Descrição",null,null,null,null,"UN","Cód.",null,null,null,{"$f":"MATCH(H163,ORÇAMENTO!K:K,0)","v":123}]
[null,"PAPELEIRA TIPO DISPENSER PARA PAPEL HIGIÊNICO PARA ROLO DE 300M (fornecimento e instalação)",null,null,null,null,"UN","CAC008",null,null,null,{"$f":"IF((ISNA(L162)=TRUE),\"\",\"ESTÁ SENDO UTILIZADA\")","v":"ESTÁ SENDO UTILIZADA"}]
[null,"Descrição","Coefi.","UNi.","Valor UNi.","Fonte","Cód.","Valor",null,null,null,"Linha ","Nome original na fonte "]
[null,{"$f":"M165","v":"SERVENTE COM ENCARGOS COMPLEMENTARES"},0.25,{"$f":"OFFSET(FONTE!$A$1,L165,2,1)","v":"H"},{"$f":"OFFSET(FONTE!$A$1,L165,3,1)","v":16.64},{"$f":"OFFSET(FONTE!$A$1,L165,4,1)","v":"SINAPI"},88316,{"$f":"ROUND((C165*E165),2)","v":4.16},null,null,null,{"$f":"MATCH(G165,FONTE!$A$1:$A$12282,0)-1","v":11585},{"$f":"OFFSET(FONTE!$A$1,L165,1,1)","v":"SERVENTE COM ENCARGOS COMPLEMENTARES"}]
[null,"PAPELEIRA PLASTICA TIPO DISPENSER PARA PAPEL HIGIENICO ROLAO",1,{"$f":"OFFSET(FONTE!$A$1,L166,2,1)","v":"UN"},{"$f":"OFFSET(FONTE!$A$1,L166,3,1)","v":64.959999999999994},{"$f":"OFFSET(FONTE!$A$1,L166,4,1)","v":"SINAPI-I"},37400,64.959999999999994,null,null,null,{"$f":"MATCH(G166,FONTE!$A$1:$A$12282,0)-1","v":3513},{"$f":"OFFSET(FONTE!$A$1,L166,1,1)","v":"PAPELEIRA PLASTICA TIPO DISPENSER PARA PAPEL HIGIENICO ROLAO"}]
[null,null,null,null,null,null,"∑",{"$f":"SUM(H165:H166)","v":69.11999999999999}]
[]
[null,"Descrição",null,null,null,null,"UN","Cód.",null,null,null,{"$f":"MATCH(H170,ORÇAMENTO!K:K,0)","v":124}]
[null,"GANCHO PARA PENDURAR UTENSÍLIOS (fornecimento e instalação)",null,null,null,null,"UN ","CAC009",null,null,null,{"$f":"IF((ISNA(L169)=TRUE),\"\",\"ESTÁ SENDO UTILIZADA\")","v":"ESTÁ SENDO UTILIZADA"}]
[null,"Descrição","Coefi.","UNi.","Valor UNi.","Fonte","Cód.","Valor",null,null,null,"Linha ","Nome original na fonte "]
[null,{"$f":"M172","v":"CABIDE/GANCHO DE BANHEIRO SIMPLES EM METAL CROMADO"},1,{"$f":"OFFSET(FONTE!$A$1,L172,2,1)","v":"UN"},{"$f":"OFFSET(FONTE!$A$1,L172,3,1)","v":22.77},{"$f":"OFFSET(FONTE!$A$1,L172,4,1)","v":"SINAPI-I"},37399,{"$f":"ROUND((C172*E172),2)","v":22.77},null,null,null,{"$f":"MATCH(G172,FONTE!$A$1:$A$12282,0)-1","v":760},{"$f":"OFFSET(FONTE!$A$1,L172,1,1)","v":"CABIDE/GANCHO DE BANHEIRO SIMPLES EM METAL CROMADO"}]
[null,"SERVENTE COM ENCARGOS COMPLEMENTARES",0.33,{"$f":"OFFSET(FONTE!$A$1,L173,2,1)","v":"H"},{"$f":"OFFSET(FONTE!$A$1,L173,3,1)","v":16.64},{"$f":"OFFSET(FONTE!$A$1,L173,4,1)","v":"SINAPI"},88316,5.49,null,null,null,{"$f":"MATCH(G173,FONTE!$A$1:$A$12282,0)-1","v":11585},{"$f":"OFFSET(FONTE!$A$1,L173,1,1)","v":"SERVENTE COM ENCARGOS COMPLEMENTARES"}]
[null,null,null,null,null,null,"∑",{"$f":"SUM(H172:H173)","v":28.259999999999998}]
[]
[null,"Descrição",null,null,null,null,"UN","Cód.",null,null,null,{"$f":"MATCH(H177,ORÇAMENTO!K:K,0)","v":125}]
[null,"PORTA OBJETOS (fornecimento e instalação)",null,null,null,null,"UN ","CAC010",null,null,null,{"$f":"IF((ISNA(L176)=TRUE),\"\",\"ESTÁ SENDO UTILIZADA\")","v":"ESTÁ SENDO UTILIZADA"}]
[null,"Descrição","Coefi.","UNi.","Valor UNi.","Fonte","Cód.","Valor",null,null,null,"Linha ","Nome original na fonte "]
[null,{"$f":"M179","v":"Porta objetos (pratileira em mdf com 2 mão francesa) "},1,{"$f":"OFFSET(FONTE!$A$1,L179,2,1)","v":"UN."},{"$f":"OFFSET(FONTE!$A$1,L179,3,1)","v":27.5},{"$f":"OFFSET(FONTE!$A$1,L179,4,1)","v":"Mercado"},"MAC001",{"$f":"ROUND((C179*E179),2)","v":27.5},null,null,null,{"$f":"MATCH(G179,FONTE!$A$1:$A$12282,0)-1","v":11980},{"$f":"OFFSET(FONTE!$A$1,L179,1,1)","v":"Porta objetos (pratileira em mdf com 2 mão francesa) "}]
[null,"SERVENTE COM ENCARGOS COMPLEMENTARES",0.33,{"$f":"OFFSET(FONTE!$A$1,L180,2,1)","v":"H"},{"$f":"OFFSET(FONTE!$A$1,L180,3,1)","v":16.64},{"$f":"OFFSET(FONTE!$A$1,L180,4,1)","v":"SINAPI"},88316,5.49,null,null,null,{"$f":"MATCH(G180,FONTE!$A$1:$A$12282,0)-1","v":11585},{"$f":"OFFSET(FONTE!$A$1,L180,1,1)","v":"SERVENTE COM ENCARGOS COMPLEMENTARES"}]
[null,null,null,null,null,null,"∑",{"$f":"SUM(H179:H180)","v":32.99}]
[]
[null,"Descrição",null,null,null,null,"UN","Cód.",null,null,null,{"$f":"MATCH(H184,ORÇAMENTO!K:K,0)","v":126}]
[null,"LIXEIRA BASCULANTE DE PVC 12 LITROS (fornecimento e instalação)",null,null,null,null,"UN ","CAC011",null,null,null,{"$f":"IF((ISNA(L183)=TRUE),\"\",\"ESTÁ SENDO UTILIZADA\")","v":"ESTÁ SENDO UTILIZADA"}]
[null,"Descrição","Coefi.","UNi.","Valor UNi.","Fonte","Cód.","Valor",null,null,null,"Linha ","Nome original na fonte "]
[null,{"$f":"M186","v":"SERVENTE COM ENCARGOS COMPLEMENTARES"},0.16,{"$f":"OFFSET(FONTE!$A$1,L186,2,1)","v":"H"},{"$f":"OFFSET(FONTE!$A$1,L186,3,1)","v":16.64},{"$f":"OFFSET(FONTE!$A$1,L186,4,1)","v":"SINAPI"},88316,{"$f":"ROUND((C186*E186),2)","v":2.66},null,null,null,{"$f":"MATCH(G186,FONTE!$A$1:$A$12282,0)-1","v":11585},{"$f":"OFFSET(FONTE!$A$1,L186,1,1)","v":"SERVENTE COM ENCARGOS COMPLEMENTARES"}]
[null,"Lixeira basculante de pvc 12 litros",1,{"$f":"OFFSET(FONTE!$A$1,L187,2,1)","v":"UN."},{"$f":"OFFSET(FONTE!$A$1,L187,3,1)","v":32},{"$f":"OFFSET(FONTE!$A$1,L187,4,1)","v":"Mercado"},"MED099",32,null,null,null,{"$f":"MATCH(G187,FONTE!$A$1:$A$12282,0)-1","v":11815},{"$f":"OFFSET(FONTE!$A$1,L187,1,1)","v":"Lixeira basculante de pvc 12 litros"}]
[null,null,null,null,null,null,"∑",{"$f":"SUM(H186:H187)","v":34.659999999999997}]
[]
[null,"Descrição",null,null,null,null,"UN","Cód.",null,null,null,{"$f":"MATCH(H191,ORÇAMENTO!K:K,0)","v":{"$error":"#N/A"}}]
[null,"PLACA DE PROTEÇÃO DE IMPACTO NAS PORTAS (fornecimento e instalação)",null,null,null,null,"M2","CAC013",null,null,null,{"$f":"IF((ISNA(L190)=TRUE),\"\",\"ESTÁ SENDO UTILIZADA\")","v":""}]
[null,"Descrição","Coefi.","UNi.","Valor UNi.","Fonte","Cód.","Valor",null,null,null,"Linha ","Nome original na fonte "]
[null,{"$f":"M193","v":"CHAPA DE ACO GALVANIZADA BITOLA GSG 20, E = 0,95 MM (7,60 KG/M2)"},1,{"$f":"OFFSET(FONTE!$A$1,L193,2,1)","v":"M2"},{"$f":"OFFSET(FONTE!$A$1,L193,3,1)","v":55.7},{"$f":"OFFSET(FONTE!$A$1,L193,4,1)","v":"SINAPI-I"},39630,{"$f":"ROUND((C193*E193),2)","v":55.7},null,null,null,{"$f":"MATCH(G193,FONTE!$A$1:$A$12282,0)-1","v":1180},{"$f":"OFFSET(FONTE!$A$1,L193,1,1)","v":"CHAPA DE ACO GALVANIZADA BITOLA GSG 20, E = 0,95 MM (7,60 KG/M2)"}]
[null,"SERVENTE COM ENCARGOS COMPLEMENTARES",0.33,{"$f":"OFFSET(FONTE!$A$1,L194,2,1)","v":"H"},{"$f":"OFFSET(FONTE!$A$1,L194,3,1)","v":16.64},{"$f":"OFFSET(FONTE!$A$1,L194,4,1)","v":"SINAPI"},88316,5.49,null,null,null,{"$f":"MATCH(G194,FONTE!$A$1:$A$12282,0)-1","v":11585},{"$f":"OFFSET(FONTE!$A$1,L194,1,1)","v":"SERVENTE COM ENCARGOS COMPLEMENTARES"}]
[null,"PARAFUSO DE ACO ZINCADO COM ROSCA SOBERBA, CABECA CHATA E FENDA SIMPLES, DIAMETRO 4,8 MM, COMPRIMENTO 45 MM",4,{"$f":"OFFSET(FONTE!$A$1,L195,2,1)","v":"UN"},{"$f":"OFFSET(FONTE!$A$1,L195,3,1)","v":0.11},{"$f":"OFFSET(FONTE!$A$1,L195,4,1)","v":"SINAPI-I"},4356,0.44,null,null,null,{"$f":"MATCH(G195,FONTE!$A$1:$A$12282,0)-1","v":3524},{"$f":"OFFSET(FONTE!$A$1,L195,1,1)","v":"PARAFUSO DE ACO ZINCADO COM ROSCA SOBERBA, CABECA CHATA E FENDA SIMPLES, DIAMETRO 4,8 MM, COMPRIMENTO 45 MM"}]
[null,null,null,null,null,null,"∑",{"$f":"SUM(H193:H195)","v":61.63}]

{"sheet":"BDI 14,45%","index":5,"n_rows":514,"n_cols":6,"rows_kept":514,"cut":false,"hidden":false,"merged":[[25,1,25,4],[3,1,3,4],[5,1,5,4],[8,1,10,1],[8,3,10,3]]}
[]
[]
[]
[null,"O valor do BDI é obtido pela fórmula e taxas abaixo"]
[]
[null,"FÓRMULA BDI - Fornecimento de Materiais e Equipamentos"]
[]
[]
[null,"BDI ="," (1+AC+S+R+G)(1+DF)(1+L)  ",-1]
[null,null,"_______________________________________            "]
[null,null,"(1-I)"]
[]
[]
[null,"ONDE:"]
[null,"AC =  Taxa de Administração Central",null,null,1.4999999999999999E-2]
[null,"S = Taxa de Seguros",null,null,1.5E-3]
[null,"G = Taxa de Garantias",null,null,1.5E-3]
[null,"R = Taxa de Riscos",null,null,5.5999999999999999E-3]
[null,"DF = Taxa de Despesas Financeiras",null,null,8.5000000000000006E-3]
[null,"L = Taxa de Lucro / Remuneração",null,null,3.5000000000000003E-2]
[null,"I = Taxa de Incidência de Impostos",null,null,{"$f":"D24","v":6.6500000000000004E-2}]
[null,null,"I1: PIS e COFINS",3.6499999999999998E-2]
[null,null,"I2: ISSQN (conforme legislação municipal)",0.03]
[null,null,"∑",{"$f":"SUM(D22:D23)","v":6.6500000000000004E-2}]
[]
[null,"TEMOS ENTÃO ENTRANDO COM OS DADOS NA FÓRMULA"]
[]
[null,null,{"$f":"TRUNC(((((1+E15+E16+E17+E18)*(1+E19)*(1+E20))/(1-E21))-1),4)","v":0.14449999999999999}]
[]
[]
[]
[]
[]
[]
[]
[]
[]
[]
[]
[]
[]
[]
[]
[]
[]
[]
[]
[]
[]
[]
[]
[]
[]
[]
[]
[]
[]
[]
[]
[]
[]
[]
[]
[]
[]
[]
[]
[]
[]
[]
[]
[]
[]
[]
[]
[]
[]
[]
[]
[]
[]
[]
[]
[]
[]
[]
[]
[]
[]
[]
[]
[]
[]
[]
[]
[]
[]
[]
[]
[]
[]
[]
[]
[]
[]
[]
[]
[]
[]
[]
[]
[]
[]
[]
[]
[]
[]
[]
[]
[]
[]
[]
[]
[]
[]
[]
[]
[]
[]
[]
[]
[]
[]
[]
[]
[]
[]
[]
[]
[]
[]
[]
[]
[]
[]
[]
[]
[]
[]
[]
[]
[]
[]
[]
[]
[]
[]
[]
[]
[]
[]
[]
[]
[]
[]
[]
[]
[]
[]
[]
[]
[]
[]
[]
[]
[]
[]
[]
[]
[]
[]
[]
[]
[]
[]
[]
[]
[]
[]
[]
[]
[]
[]
[]
[]
[]
[]
[]
[]
[]
[]
[]
[]
[]
[]
[]
[]
[]
[]
[]
[]
[]
[]
[]
[]
[]
[]
[]
[]
[]
[]
[]
[]
[]
[]
[]
[]
[]
[]
[]
[]
[]
[]
[]
[]
[]
[]
[]
[]
[]
[]
[]
[]
[]
[]
[]
[]
[]
[]
[]
[]
[]
[]
[]
[]
[]
[]
[]
[]
[]
[]
[]
[]
[]
[]
[]
[]
[]
[]
[]
[]
[]
[]
[]
[]
[]
[]
[]
[]
[]
[]
[]
[]
[]
[]
[]
[]
[]
[]
[]
[]
[]
[]
[]
[]
[]
[]
[]
[]
[]
[]
[]
[]
[]
[]
[]
[]
[]
[]
[]
[]
[]
[]
[]
[]
[]
[]
[]
[]
[]
[]
[]
[]
[]
[]
[]
[]
[]
[]
[]
[]
[]
[]
[]
[]
[]
[]
[]
[]
[]
[]
[]
[]
[]
[]
[]
[]
[]
[]
[]
[]
[]
[]
[]
[]
[]
[]
[]
[]
[]
[]
[]
[]
[]
[]
[]
[]
[]
[]
[]
[]
[]
[]
[]
[]
[]
[]
[]
[]
[]
[]
[]
[]
[]
[]
[]
[]
[]
[]
[]
[]
[]
[]
[]
[]
[]
[]
[]
[]
[]
[]
[]
[]
[]
[]
[]
[]
[]
[]
[]
[]
[]
[]
[]
[]
[]
[]
[]
[]
[]
[]
[]
[]
[]
[]
[]
[]
[]
[]
[]
[]
[]
[]
[]
[]
[]
[]
[]
[]
[]
[]
[]
[]
[]
[]
[]
[]
[]
[]
[]
[]
[]
[]
[]
[]
[]
[]
[]
[]
[]
[]
[]
[]
[]
[]
[]
[]
[]
[]
[]
[]
[]
[]
[]
[]
[]
[]
[]
[]
[]
[]
[]
[]
[]
[]
[]
[]
[]
[]
[]
[]
[]
[]
[]
[null,null,null,null,null,"COM003"]
[]
[]
[]
[]
[]
[]
[]
[]
[]
[]
[]
[null,null,null,null,null,"COM004"]
[]
[32.25,"m2"]
[3.23,"m3"]
[70.95,"kg"]
[3.23,"m3"]
[2,"un"]
[7.4399999999999995,"m2",null,null,"COM003"]

{"sheet":"COTAÇÃO DE MERCADO","index":6,"n_rows":339,"n_cols":13,"rows_kept":339,"cut":false,"hidden":false,"merged":[[3,1,3,7],[6,1,8,1],[6,2,8,2],[6,3,8,3],[6,7,8,7],[10,1,12,1],[10,2,12,2],[10,3,12,3],[10,7,12,7],[5,9,8,9]]}
[]
[]
[]
[null,"Abaixo segue uma lista com Valores, Nomes de Fabricantes. \nOs valores referem-se ao produto posto no local da obra. Junto ao Nome de cada Fabricante há o contato deles e o CNPJ."]
[null,"Código utilizado","Descrição","Uni.","Data da Pesquisa","Empresas","Valor orçado s/ BDI","Valor orçado da Mediana s/ BDI",null,null,"Custo","Frete","Distância"]
[]
[null,{"$f":"FONTE!A11831","v":"MED117"},{"$f":"FONTE!B11831","v":"Telhas tipo galvalume trapezoidal #0,50 mm + 3 cm de EPS (isopor) + telha\ntipo galvalume trapezoidal #0,43 mm"},"M","2019-06-14",{"$f":"FONTE!R11831","v":"Kurtz Empreendimentos - CNPJ 13.624.323/0001-06 - Tel.: (47) 3533-5959 - Jaison Roberto Hillesheim"},{"$f":"FONTE!S11831","v":86.144578313253021},{"$f":"MEDIAN(G7,G8,G9)","v":90.236038961038957},null,null,70]
[null,null,null,null,"2019-06-14",{"$f":"FONTE!H11831","v":"Manturi - CNPJ: 72.385.776/0001-88 - Tel.: (47) 3533-4161 - Eduardo Bruda"},{"$f":"FONTE!I11831","v":90.236038961038957},null,null,null,40]
[null,null,null,null,{"$f":"E7","v":"2019-06-14"},{"$f":"FONTE!M11831","v":"ARG Industrial Ltda - CNPJ: 04.415.095/0001-65 - Tel.: (47) 3562-2020 - Otávio Trevizan"},{"$f":"FONTE!N11831","v":105},null,null,null,50]
[]
[null,{"$f":"FONTE!A11832","v":"MED118"},{"$f":"FONTE!B11832","v":"PISO PORCELANATO, BORDA RETA, EXTRA, FORMATO 60x60"},{"$f":"FONTE!C11832","v":"M2"},"2019-07-29",{"$f":"FONTE!H11832","v":"Nardelli Mat. Cons. - CNPJ: 75.862.961.0002-95 Fone: (47) 3525-6700 - 9 8814-6137 - 9 8886-2548 Contato: Vilando Vieira"},{"$f":"FONTE!I11832","v":49.9},{"$f":"MEDIAN(G11,G12,G13)","v":49.9},null,null,70]
[null,null,null,null,{"$f":"E11","v":"2019-07-29"},{"$f":"FONTE!M11832","v":"Tonet Materiais de Construção - CNPJ: 80.653.918/0003-30  Fone: (47) 3531-7400 - 9 8814-6137 Contato: Genesio Hasse"},{"$f":"FONTE!N11832","v":49},null,null,null,40]
[null,null,null,null,{"$f":"E11","v":"2019-07-29"},{"$f":"FONTE!R11832","v":"Cerutti Com De Material De Construcao Ltda Me - CNPJ: 00.548.252/0001-50 - Tel.: (47)3371-0791 - Contato: Cerutti"},{"$f":"FONTE!S11832","v":52},null,null,null,50]
[]
[]
[]
[]
[]
[]
[]
[]
[]
[]
[]
[]
[]
[]
[]
[]
[]
[]
[]
[]
[]
[]
[]
[]
[]
[]
[]
[]
[]
[]
[]
[]
[]
[]
[]
[]
[]
[]
[]
[]
[]
[]
[]
[]
[]
[]
[]
[]
[]
[]
[]
[]
[]
[]
[]
[]
[]
[]
[]
[]
[]
[]
[]
[]
[]
[]
[]
[]
[]
[]
[]
[]
[]
[]
[]
[]
[]
[]
[]
[]
[]
[]
[]
[]
[]
[]
[]
[]
[]
[]
[]
[]
[]
[]
[]
[]
[]
[]
[]
[]
[]
[]
[]
[]
[]
[]
[]
[]
[]
[]
[]
[]
[]
[]
[]
[]
[]
[]
[]
[]
[]
[]
[]
[]
[]
[]
[]
[]
[]
[]
[]
[]
[]
[]
[]
[]
[]
[]
[]
[]
[]
[]
[]
[]
[]
[]
[]
[]
[]
[]
[]
[]
[]
[]
[]
[]
[]
[]
[]
[]
[]
[]
[]
[]
[]
[]
[]
[]
[]
[]
[]
[]
[]
[]
[]
[]
[]
[]
[]
[]
[]
[]
[]
[]
[]
[]
[]
[]
[]
[]
[]
[]
[]
[]
[]
[]
[]
[]
[]
[]
[]
[]
[]
[]
[]
[]
[]
[]
[]
[]
[]
[]
[]
[]
[]
[]
[]
[]
[]
[]
[]
[]
[]
[]
[]
[]
[]
[]
[]
[]
[]
[]
[]
[]
[]
[]
[]
[]
[]
[]
[]
[]
[]
[]
[]
[]
[]
[]
[]
[]
[]
[]
[]
[]
[]
[]
[]
[]
[]
[]
[]
[]
[]
[]
[]
[]
[]
[]
[]
[]
[]
[]
[]
[]
[]
[]
[]
[]
[]
[]
[]
[]
[]
[]
[]
[]
[]
[]
[]
[]
[]
[]
[]
[]
[]
[]
[]
[]
[]
[]
[]
[]
[]
[]
[]
[]
[null,null,null,null,null,null,null,"COM003"]
[]
[]
[]
[]
[]
[]
[]
[]
[]
[]
[]
[null,null,null,null,null,null,null,"COM004"]
[]
[null,{"$f":"L334","v":0},32.25,"m2"]
[null,{"$f":"L335","v":0},3.23,"m3"]
[null,0,70.95,"kg"]
[null,0,3.23,"m3"]
[null,0,2,"un"]
[null,{"$f":"L339","v":0},7.4399999999999995,"m2",null,null,"COM003"]

{"sheet":"FONTE","index":7,"n_rows":12286,"n_cols":32,"rows_kept":12286,"cut":false,"hidden":false,"merged":[[1,0,3,4],[12203,0,12205,4],[12259,0,12261,4],[12239,0,12241,4],[12020,5,12022,5],[11753,5,11755,5],[12052,0,12054,4],[12052,5,12054,5],[12026,0,12028,4],[12026,5,12028,5],[12041,0,12043,4],[12041,5,12043,5],[12020,0,12022,4],[12217,0,12219,4],[12082,0,12084,4],[12085,0,12087,4],[11990,5,11992,5],[12000,0,12002,4],[12000,5,12002,5],[11753,0,11755,4],[11967,0,11969,4],[12279,0,12281,4],[12282,0,12284,4],[5,0,5,4],[11990,0,11992,4],[11750,0,11752,4],[12133,0,12135,4],[12158,0,12160,4],[12099,0,12101,4],[12266,0,12268,4],[12251,0,12253,4],[5341,0,5341,6],[11967,5,11969,5],[11977,0,11979,4],[11977,5,11979,5],[11842,0,11844,4],[11842,5,11844,5]]}
["Código","Descrição","UN","Preço Unitário","Fonte","Classe","Tipo"]
["SINAPI - JUNHO/2019 - SEM DESONERAÇÃO"]
[]
[]
[]
["INSUMOS"]
[]
[39847,"!EM PROCESSO DE DESATIVACAO! AR-CONDICIONADO FRIO SPLIT HI-WALL (PAREDE) 12000 BTU/H","UN",1498.59,"SINAPI-I"]
[39844,"!EM PROCESSO DE DESATIVACAO! AR-CONDICIONADO FRIO SPLIT HI-WALL (PAREDE) 18000 BTU/H","UN",2211.62,"SINAPI-I"]
[39846,"!EM PROCESSO DE DESATIVACAO! AR-CONDICIONADO FRIO SPLIT HI-WALL (PAREDE) 9000 BTU/H","UN",1351.25,"SINAPI-I"]
[39838,"!EM PROCESSO DE DESATIVACAO! AR-CONDICIONADO FRIO SPLIT PISO-TETO 18000 BTU/H","UN",3745.22,"SINAPI-I"]
[39839,"!EM PROCESSO DE DESATIVACAO! AR-CONDICIONADO FRIO SPLIT PISO-TETO 24000 BTU/H","UN",3912.91,"SINAPI-I"]
[39841,"!EM PROCESSO DE DESATIVACAO! AR-CONDICIONADO FRIO SPLIT PISO-TETO 36000 BTU/H","UN",5302.19,"SINAPI-I"]
[39842,"!EM PROCESSO DE DESATIVACAO! AR-CONDICIONADO FRIO SPLIT PISO-TETO 48000 BTU/H","UN",6735.76,"SINAPI-I"]
[39843,"!EM PROCESSO DE DESATIVACAO! AR-CONDICIONADO FRIO SPLIT PISO-TETO 60000 BTU/H","UN",7435.53,"SINAPI-I"]
[2404,"!EM PROCESSO DE DESATIVACAO! DIVISORIA COLMEIA CEGA COM MONTANTE E RODAPE DE ALUMINIO ANODIZADO SIMPLES (SEM COLOCACAO)","M2",79,"SINAPI-I"]
[2720,"!EM PROCESSO DE DESATIVACAO! ESCAVADEIRA DRAGA DE ARRASTE, CAP. 3/4 JC 140HP (INCL MANUTENCAO/OPERACAO)","H",212.44,"SINAPI-I"]
[2719,"!EM PROCESSO DE DESATIVACAO! ESCAVADEIRA HIDRAULICA SOBRE ESTEIRAS DE 99 HP, PESO OPERACIONAL DE *16* T E CAPACIDADE DE 0,85 A 1,00 M3 (LOCACAO COM OPERADOR, COMBUSTIVEL E MANUTENCAO)","H",180,"SINAPI-I"]
[3378,"!EM PROCESSO DE DESATIVACAO! HASTE DE ATERRAMENTO EM ACO COM 3,00 M DE COMPRIMENTO E DN = 3/4\", REVESTIDA COM BAIXA CAMADA DE COBRE, SEM CONECTOR","UN",57.34,"SINAPI-I"]
[3380,"!EM PROCESSO DE DESATIVACAO! HASTE DE ATERRAMENTO EM ACO COM 3,00 M DE COMPRIMENTO E DN = 5/8\", REVESTIDA COM BAIXA CAMADA DE COBRE, COM CONECTOR TIPO GRAMPO","UN",40.14,"SINAPI-I"]
[3379,"!EM PROCESSO DE DESATIVACAO! HASTE DE ATERRAMENTO EM ACO COM 3,00 M DE COMPRIMENTO E DN = 5/8\", REVESTIDA COM BAIXA CAMADA DE COBRE, SEM CONECTOR","UN",38.75,"SINAPI-I"]
[13382,"!EM PROCESSO DE DESATIVACAO! LUMINARIA FECHADA P/ ILUMINACAO PUBLICA, TIPO ABL 50/F OU EQUIV, P/ LAMPADA A VAPOR DE MERCURIO 400W","UN",179.65,"SINAPI-I"]
[4126,"!EM PROCESSO DE DESATIVACAO! TERMINAL DE PORCELANA (MUFLA) UNIPOLAR, USO EXTERNO, TENSAO 3,6/6 KV, PARA CABO DE 10/16 MM2, COM ISOLAMENTO EPR","UN",209.97,"SINAPI-I"]
[10615,"!EM PROCESSO DE DESATIVACAO! VEICULO DE PASSEIO COM MOTOR 1.0 FLEX, POTENCIA 72/85 CV, 5 PORTAS, COR SOLIDA, BASICO","UN",44225,"SINAPI-I"]
[21136,"!EM PROCESSO DESATIVACAO! ELETRODUTO EM ACO GALVANIZADO ELETROLITICO, LEVE, DIAMETRO 1\", PAREDE DE 0,90 MM","M",11.84,"SINAPI-I"]
[21128,"!EM PROCESSO DESATIVACAO! ELETRODUTO EM ACO GALVANIZADO ELETROLITICO, LEVE, DIAMETRO 3/4\", PAREDE DE 0,90 MM","M",9.16,"SINAPI-I"]
[21130,"!EM PROCESSO DESATIVACAO! ELETRODUTO EM ACO GALVANIZADO ELETROLITICO, SEMI-PESADO, DIAMETRO 1 1/2\", PAREDE DE 1,20 MM","M",23.13,"SINAPI-I"]
[21135,"!EM PROCESSO DESATIVACAO! ELETRODUTO EM ACO GALVANIZADO ELETROLITICO, SEMI-PESADO, DIAMETRO 1 1/4\", PAREDE DE 1,20 MM","M",22.77,"SINAPI-I"]
[38605,"ABERTURA PARA ENCAIXE DE CUBA OU LAVATORIO EM BANCADA DE MARMORE/ GRANITO OU OUTRO TIPO DE PEDRA NATURAL","UN",115.85,"SINAPI-I"]
[11270,"ABRACADEIRA DE LATAO PARA FIXACAO DE CABO PARA-RAIO, DIMENSOES 32 X 24 X 24 MM","UN",1.1599999999999999,"SINAPI-I"]
[412,"ABRACADEIRA DE NYLON PARA AMARRACAO DE CABOS, COMPRIMENTO DE *230* X *7,6* MM","UN",1.02,"SINAPI-I"]
[414,"ABRACADEIRA DE NYLON PARA AMARRACAO DE CABOS, COMPRIMENTO DE 100 X 2,5 MM","UN",0.06,"SINAPI-I"]
[410,"ABRACADEIRA DE NYLON PARA AMARRACAO DE CABOS, COMPRIMENTO DE 150 X *3,6* MM","UN",0.15,"SINAPI-I"]
[411,"ABRACADEIRA DE NYLON PARA AMARRACAO DE CABOS, COMPRIMENTO DE 200 X *4,6* MM","UN",0.2,"SINAPI-I"]
[408,"ABRACADEIRA DE NYLON PARA AMARRACAO DE CABOS, COMPRIMENTO DE 390 X *4,6* MM","UN",0.99,"SINAPI-I"]
[39131,"ABRACADEIRA EM ACO PARA AMARRACAO DE ELETRODUTOS, TIPO D, COM 1 1/2\" E CUNHA DE FIXACAO","UN",1.24,"SINAPI-I"]
[394,"ABRACADEIRA EM ACO PARA AMARRACAO DE ELETRODUTOS, TIPO D, COM 1 1/2\" E PARAFUSO DE FIXACAO","UN",1.25,"SINAPI-I"]
[39130,"ABRACADEIRA EM ACO PARA AMARRACAO DE ELETRODUTOS, TIPO D, COM 1 1/4\" E CUNHA DE FIXACAO","UN",1.1299999999999999,"SINAPI-I"]
[395,"ABRACADEIRA EM ACO PARA AMARRACAO DE ELETRODUTOS, TIPO D, COM 1 1/4\" E PARAFUSO DE FIXACAO","UN",1.21,"SINAPI-I"]
[39127,"ABRACADEIRA EM ACO PARA AMARRACAO DE ELETRODUTOS, TIPO D, COM 1/2\" E CUNHA DE FIXACAO","UN",0.59,"SINAPI-I"]
[392,"ABRACADEIRA EM ACO PARA AMARRACAO DE ELETRODUTOS, TIPO D, COM 1/2\" E PARAFUSO DE FIXACAO","UN",0.61,"SINAPI-I"]
[39129,"ABRACADEIRA EM ACO PARA AMARRACAO DE ELETRODUTOS, TIPO D, COM 1\" E CUNHA DE FIXACAO","UN",0.69,"SINAPI-I"]
[393,"ABRACADEIRA EM ACO PARA AMARRACAO DE ELETRODUTOS, TIPO D, COM 1\" E PARAFUSO DE FIXACAO","UN",0.73,"SINAPI-I"]
[39133,"ABRACADEIRA EM ACO PARA AMARRACAO DE ELETRODUTOS, TIPO D, COM 2 1/2\" E CUNHA DE FIXACAO","UN",1.63,"SINAPI-I"]
[397,"ABRACADEIRA EM ACO PARA AMARRACAO DE ELETRODUTOS, TIPO D, COM 2 1/2\" E PARAFUSO DE FIXACAO","UN",1.8,"SINAPI-I"]
[39132,"ABRACADEIRA EM ACO PARA AMARRACAO DE ELETRODUTOS, TIPO D, COM 2\" E CUNHA DE FIXACAO","UN",1.3,"SINAPI-I"]
[396,"ABRACADEIRA EM ACO PARA AMARRACAO DE ELETRODUTOS, TIPO D, COM 2\" E PARAFUSO DE FIXACAO","UN",1.39,"SINAPI-I"]
[39135,"ABRACADEIRA EM ACO PARA AMARRACAO DE ELETRODUTOS, TIPO D, COM 3 1/2\" E CUNHA DE FIXACAO","UN",2.6,"SINAPI-I"]
[39128,"ABRACADEIRA EM ACO PARA AMARRACAO DE ELETRODUTOS, TIPO D, COM 3/4\" E CUNHA DE FIXACAO","UN",0.65,"SINAPI-I"]
[400,"ABRACADEIRA EM ACO PARA AMARRACAO DE ELETRODUTOS, TIPO D, COM 3/4\" E PARAFUSO DE FIXACAO","UN",0.63,"SINAPI-I"]
[39125,"ABRACADEIRA EM ACO PARA AMARRACAO DE ELETRODUTOS, TIPO D, COM 3/8\" E PARAFUSO DE FIXACAO","UN",0.65,"SINAPI-I"]
[39134,"ABRACADEIRA EM ACO PARA AMARRACAO DE ELETRODUTOS, TIPO D, COM 3\" E CUNHA DE FIXACAO","UN",2.17,"SINAPI-I"]
[398,"ABRACADEIRA EM ACO PARA AMARRACAO DE ELETRODUTOS, TIPO D, COM 3\" E PARAFUSO DE FIXACAO","UN",2,"SINAPI-I"]
[39126,"ABRACADEIRA EM ACO PARA AMARRACAO DE ELETRODUTOS, TIPO D, COM 4\" E CUNHA DE FIXACAO","UN",2.93,"SINAPI-I"]
[399,"ABRACADEIRA EM ACO PARA AMARRACAO DE ELETRODUTOS, TIPO D, COM 4\" E PARAFUSO DE FIXACAO","UN",2.58,"SINAPI-I"]
[39158,"ABRACADEIRA EM ACO PARA AMARRACAO DE ELETRODUTOS, TIPO ECONOMICA (GOTA), COM 8\"","UN",6.94,"SINAPI-I"]
[39141,"ABRACADEIRA EM ACO PARA AMARRACAO DE ELETRODUTOS, TIPO U SIMPLES, COM 1 1/2\"","UN",0.5,"SINAPI-I"]
[39140,"ABRACADEIRA EM ACO PARA AMARRACAO DE ELETRODUTOS, TIPO U SIMPLES, COM 1 1/4\"","UN",0.45,"SINAPI-I"]
[39137,"ABRACADEIRA EM ACO PARA AMARRACAO DE ELETRODUTOS, TIPO U SIMPLES, COM 1/2\"","UN",0.26,"SINAPI-I"]
[39139,"ABRACADEIRA EM ACO PARA AMARRACAO DE ELETRODUTOS, TIPO U SIMPLES, COM 1\"","UN",0.38,"SINAPI-I"]
[39143,"ABRACADEIRA EM ACO PARA AMARRACAO DE ELETRODUTOS, TIPO U SIMPLES, COM 2 1/2\"","UN",1.04,"SINAPI-I"]
[39142,"ABRACADEIRA EM ACO PARA AMARRACAO DE ELETRODUTOS, TIPO U SIMPLES, COM 2\"","UN",0.74,"SINAPI-I"]
[39138,"ABRACADEIRA EM ACO PARA AMARRACAO DE ELETRODUTOS, TIPO U SIMPLES, COM 3/4\"","UN",0.27,"SINAPI-I"]
[39136,"ABRACADEIRA EM ACO PARA AMARRACAO DE ELETRODUTOS, TIPO U SIMPLES, COM 3/8\"","UN",0.18,"SINAPI-I"]
[39144,"ABRACADEIRA EM ACO PARA AMARRACAO DE ELETRODUTOS, TIPO U SIMPLES, COM 3\"","UN",1.21,"SINAPI-I"]
[39145,"ABRACADEIRA EM ACO PARA AMARRACAO DE ELETRODUTOS, TIPO U SIMPLES, COM 4\"","UN",1.99,"SINAPI-I"]
[12615,"ABRACADEIRA PVC, PARA CALHA PLUVIAL, DIAMETRO ENTRE 80 E 100 MM, PARA DRENAGEM PREDIAL","UN",3.7,"SINAPI-I"]
[11927,"ABRACADEIRA, GALVANIZADA/ZINCADA, ROSCA SEM FIM, PARAFUSO INOX, LARGURA  FITA *12,6 A *14 MM, D = 2\" A 2 1/2\"","UN",3.47,"SINAPI-I"]
[11928,"ABRACADEIRA, GALVANIZADA/ZINCADA, ROSCA SEM FIM, PARAFUSO INOX, LARGURA  FITA *12,6 A *14 MM, D = 3\" A 3 3/4\"","UN",3.98,"SINAPI-I"]
[11929,"ABRACADEIRA, GALVANIZADA/ZINCADA, ROSCA SEM FIM, PARAFUSO INOX, LARGURA  FITA *12,6 A *14 MM, D = 4\" A 4 3/4\"","UN",6.15,"SINAPI-I"]
[36801,"ACABAMENTO CROMADO PARA REGISTRO PEQUENO, 1/2 \" OU 3/4 \"","UN",22.91,"SINAPI-I"]
[36246,"ACABAMENTO SIMPLES/CONVENCIONAL PARA FORRO PVC, TIPO \"U\" OU \"C\", COR BRANCA, COMPRIMENTO 6 M","M",2.11,"SINAPI-I"]
[37600,"ACESSORIO DE LIGACAO NAO ELETRICO PARA CARGAS EXPLOSIVAS, TUBO DE 6 M","UN",51.99,"SINAPI-I"]
[37599,"ACESSORIO INICIADOR NAO ELETRICO, TUBO DE 6 M, TEMPO DE RETARDO DE *160* MS","UN",48.39,"SINAPI-I"]
[1,"ACETILENO (RECARGA PARA CILINDRO DE CONJUNTO OXICORTE GRANDE)","KG",40.75,"SINAPI-I"]
[3,"ACIDO MURIATICO, DILUICAO 10% A 12% PARA USO EM LIMPEZA","L",4.54,"SINAPI-I"]
[26,"ACO CA-25, 10,0 MM, VERGALHAO","KG",4.76,"SINAPI-I"]
[20,"ACO CA-25, 12,5 MM, VERGALHAO","KG",4.79,"SINAPI-I"]
[21,"ACO CA-25, 16,0 MM, VERGALHAO","KG",4.79,"SINAPI-I"]
[24,"ACO CA-25, 20,0 MM, VERGALHAO","KG",4.79,"SINAPI-I"]
[25,"ACO CA-25, 25,0 MM, VERGALHAO","KG",4.79,"SINAPI-I"]
[43065,"ACO CA-25, 32,0 MM, BARRA DE TRANSFERENCIA (COLETADO CAIXA)","KG",7.24,"SINAPI-I"]
[34341,"ACO CA-25, 32,0 MM, VERGALHAO","KG",4.51,"SINAPI-I"]
[22,"ACO CA-25, 6,3 MM, VERGALHAO","KG",5.13,"SINAPI-I"]
[23,"ACO CA-25, 8,0 MM, VERGALHAO","KG",5.08,"SINAPI-I"]
[34439,"ACO CA-50, 10,0 MM, DOBRADO E CORTADO","KG",5.61,"SINAPI-I"]
[34,"ACO CA-50, 10,0 MM, VERGALHAO","KG",4.99,"SINAPI-I"]
[34441,"ACO CA-50, 12,5 MM, DOBRADO E CORTADO","KG",5.32,"SINAPI-I"]
[31,"ACO CA-50, 12,5 MM, VERGALHAO","KG",4.75,"SINAPI-I"]
[34443,"ACO CA-50, 16 MM, DOBRADO E CORTADO","KG",5.32,"SINAPI-I"]
[27,"ACO CA-50, 16,0 MM, VERGALHAO","KG",4.75,"SINAPI-I"]
[34446,"ACO CA-50, 20 MM, DOBRADO E CORTADO","KG",5.32,"SINAPI-I"]
[29,"ACO CA-50, 20,0 MM, VERGALHAO","KG",4.4400000000000004,"SINAPI-I"]
[28,"ACO CA-50, 25,0 MM, VERGALHAO","KG",5.13,"SINAPI-I"]
[34449,"ACO CA-50, 6,3 MM, DOBRADO E CORTADO","KG",5.86,"SINAPI-I"]
[32,"ACO CA-50, 6,3 MM, VERGALHAO","KG",5.23,"SINAPI-I"]
[33,"ACO CA-50, 8,0 MM, VERGALHAO","KG",5.87,"SINAPI-I"]
[34343,"ACO CA-60, VERGALHAO, 9,5 MM","KG",5.64,"SINAPI-I"]
[34452,"ACO CA-60, 4,2 MM, DOBRADO E CORTADO","KG",5.19,"SINAPI-I"]
[36,"ACO CA-60, 4,2 MM, VERGALHAO","KG",4.95,"SINAPI-I"]
[34456,"ACO CA-60, 5,0 MM, DOBRADO E CORTADO","KG",5.19,"SINAPI-I"]
[39,"ACO CA-60, 5,0 MM, VERGALHAO","KG",4.95,"SINAPI-I"]
[34457,"ACO CA-60, 6,0 MM, DOBRADO E CORTADO","KG",5.57,"SINAPI-I"]
[40,"ACO CA-60, 6,0 MM, VERGALHAO","KG",5.0599999999999996,"SINAPI-I"]
[34460,"ACO CA-60, 7,0 MM, DOBRADO E CORTADO","KG",5.69,"SINAPI-I"]
[42,"ACO CA-60, 7,0 MM, VERGALHAO","KG",5.14,"SINAPI-I"]
[38,"ACO CA-60, 8,0 MM, VERGALHAO","KG",5.72,"SINAPI-I"]
[34344,"ACO-FIO PARA PROTENSAO, CP-150 RB L, 8 MM","KG",7.77,"SINAPI-I"]
[20063,"ACOPLAMENTO DE CONDUTOR PLUVIAL, EM PVC, DIAMETRO ENTRE 80 E 100 MM, PARA DRENAGEM PREDIAL","UN",3.68,"SINAPI-I"]
[40410,"ACOPLAMENTO RIGIDO EM FERRO FUNDIDO PARA SISTEMA DE TUBULACAO RANHURADA, DN 50 MM (2\")","UN",13.58,"SINAPI-I"]
[40411,"ACOPLAMENTO RIGIDO EM FERRO FUNDIDO PARA SISTEMA DE TUBULACAO RANHURADA, DN 65 MM (2 1/2\")","UN",14.73,"SINAPI-I"]
[40412,"ACOPLAMENTO RIGIDO EM FERRO FUNDIDO PARA SISTEMA DE TUBULACAO RANHURADA, DN 80 MM (3\")","UN",16.54,"SINAPI-I"]
[38838,"ADAPTADOR DE COBRE PARA TUBULACAO PEX, DN 16 X 15 MM","UN",6.63,"SINAPI-I"]
[38839,"ADAPTADOR DE COBRE PARA TUBULACAO PEX, DN 20 X 22 MM","UN",7.81,"SINAPI-I"]
[55,"ADAPTADOR DE COMPRESSAO EM POLIPROPILENO (PP), PARA TUBO EM PEAD, 20 MM X 1/2\", PARA LIGACAO PREDIAL DE AGUA (NTS 179)","UN",3,"SINAPI-I"]
[61,"ADAPTADOR DE COMPRESSAO EM POLIPROPILENO (PP), PARA TUBO EM PEAD, 20 MM X 3/4\", PARA LIGACAO PREDIAL DE AGUA (NTS 179)","UN",2.83,"SINAPI-I"]
[62,"ADAPTADOR DE COMPRESSAO EM POLIPROPILENO (PP), PARA TUBO EM PEAD, 32 MM X 1\", PARA LIGACAO PREDIAL DE AGUA (NTS 179)","UN",5.88,"SINAPI-I"]
[77,"ADAPTADOR PVC PARA SIFAO METALICO, SOLDAVEL, COM ANEL BORRACHA (JE), 40 MM X 1 1/2\"","UN",0.7,"SINAPI-I"]
[76,"ADAPTADOR PVC PARA SIFAO, ROSCAVEL, 40 MM X 1 1/4\"","UN",0.71,"SINAPI-I"]
[67,"ADAPTADOR PVC ROSCAVEL, COM FLANGES E ANEL DE VEDACAO, 1/2\", PARA CAIXA D' AGUA","UN",6.86,"SINAPI-I"]
[71,"ADAPTADOR PVC ROSCAVEL, COM FLANGES E ANEL DE VEDACAO, 1\", PARA CAIXA D' AGUA","UN",12.6,"SINAPI-I"]
[73,"ADAPTADOR PVC ROSCAVEL, COM FLANGES E ANEL DE VEDACAO, 3/4\", PARA CAIXA D' AGUA","UN",9.41,"SINAPI-I"]
[103,"ADAPTADOR PVC SOLDAVEL CURTO COM BOLSA E ROSCA, 110 MM X 4\", PARA AGUA FRIA","UN",27.99,"SINAPI-I"]
[107,"ADAPTADOR PVC SOLDAVEL CURTO COM BOLSA E ROSCA, 20 MM X 1/2\", PARA AGUA FRIA","UN",0.43,"SINAPI-I"]
[65,"ADAPTADOR PVC SOLDAVEL CURTO COM BOLSA E ROSCA, 25 MM X 3/4\", PARA AGUA FRIA","UN",0.54,"SINAPI-I"]
[108,"ADAPTADOR PVC SOLDAVEL CURTO COM BOLSA E ROSCA, 32 MM X 1\", PARA AGUA FRIA","UN",1.1100000000000001,"SINAPI-I"]
[110,"ADAPTADOR PVC SOLDAVEL CURTO COM BOLSA E ROSCA, 40 MM X 1 1/2\", PARA AGUA FRIA","UN",4.32,"SINAPI-I"]
[109,"ADAPTADOR PVC SOLDAVEL CURTO COM BOLSA E ROSCA, 40 MM X 1 1/4\", PARA AGUA FRIA","UN",2.13,"SINAPI-I"]
[111,"ADAPTADOR PVC SOLDAVEL CURTO COM BOLSA E ROSCA, 50 MM X 1 1/4\", PARA AGUA FRIA","UN",4.9800000000000004,"SINAPI-I"]
[112,"ADAPTADOR PVC SOLDAVEL CURTO COM BOLSA E ROSCA, 50 MM X1 1/2\", PARA AGUA FRIA","UN",2.71,"SINAPI-I"]
[113,"ADAPTADOR PVC SOLDAVEL CURTO COM BOLSA E ROSCA, 60 MM X 2\", PARA AGUA FRIA","UN",7.36,"SINAPI-I"]
[104,"ADAPTADOR PVC SOLDAVEL CURTO COM BOLSA E ROSCA, 75 MM X 2 1/2\", PARA AGUA FRIA","UN",10.71,"SINAPI-I"]
[102,"ADAPTADOR PVC SOLDAVEL CURTO COM BOLSA E ROSCA, 85 MM X 3\", PARA AGUA FRIA","UN",17.579999999999998,"SINAPI-I"]
[95,"ADAPTADOR PVC SOLDAVEL, COM FLANGE E ANEL DE VEDACAO, 20 MM X 1/2\", PARA CAIXA D'AGUA","UN",5.95,"SINAPI-I"]
[96,"ADAPTADOR PVC SOLDAVEL, COM FLANGE E ANEL DE VEDACAO, 25 MM X 3/4\", PARA CAIXA D'AGUA","UN",6.84,"SINAPI-I"]
[97,"ADAPTADOR PVC SOLDAVEL, COM FLANGE E ANEL DE VEDACAO, 32 MM X 1\", PARA CAIXA D'AGUA","UN",8.8800000000000008,"SINAPI-I"]
[98,"ADAPTADOR PVC SOLDAVEL, COM FLANGE E ANEL DE VEDACAO, 40 MM X 1 1/4\", PARA CAIXA D'AGUA","UN",11.98,"SINAPI-I"]
[99,"ADAPTADOR PVC SOLDAVEL, COM FLANGE E ANEL DE VEDACAO, 50 MM X 1 1/2\", PARA CAIXA D'AGUA","UN",14.53,"SINAPI-I"]
[100,"ADAPTADOR PVC SOLDAVEL, COM FLANGES E ANEL DE VEDACAO, 60 MM X 2\", PARA CAIXA D' AGUA","UN",20.260000000000002,"SINAPI-I"]
[75,"ADAPTADOR PVC SOLDAVEL, COM FLANGES LIVRES, 110 MM X 4\", PARA CAIXA D' AGUA","UN",211.23,"SINAPI-I"]
[114,"ADAPTADOR PVC SOLDAVEL, COM FLANGES LIVRES, 25 MM X 3/4\", PARA CAIXA D' AGUA","UN",7.7,"SINAPI-I"]
[68,"ADAPTADOR PVC SOLDAVEL, COM FLANGES LIVRES, 32 MM X 1\", PARA CAIXA D' AGUA","UN",11.77,"SINAPI-I"]
[86,"ADAPTADOR PVC SOLDAVEL, COM FLANGES LIVRES, 40 MM X 1  1/4\", PARA CAIXA D' AGUA","UN",21.88,"SINAPI-I"]
[66,"ADAPTADOR PVC SOLDAVEL, COM FLANGES LIVRES, 50 MM X 1  1/2\", PARA CAIXA D' AGUA","UN",21.96,"SINAPI-I"]
[69,"ADAPTADOR PVC SOLDAVEL, COM FLANGES LIVRES, 60 MM X 2\", PARA CAIXA D' AGUA","UN",33.56,"SINAPI-I"]
[83,"ADAPTADOR PVC SOLDAVEL, COM FLANGES LIVRES, 75 MM X 2  1/2\", PARA CAIXA D' AGUA","UN",107.2,"SINAPI-I"]
[74,"ADAPTADOR PVC SOLDAVEL, COM FLANGES LIVRES, 85 MM X 3\", PARA CAIXA D' AGUA","UN",149.66,"SINAPI-I"]
[106,"ADAPTADOR PVC SOLDAVEL, LONGO, COM FLANGE LIVRE,  110 MM X 4\", PARA CAIXA D' AGUA","UN",227.36,"SINAPI-I"]
[87,"ADAPTADOR PVC SOLDAVEL, LONGO, COM FLANGE LIVRE,  25 MM X 3/4\", PARA CAIXA D' AGUA","UN",10.8,"SINAPI-I"]
[88,"ADAPTADOR PVC SOLDAVEL, LONGO, COM FLANGE LIVRE,  32 MM X 1\", PARA CAIXA D' AGUA","UN",12.06,"SINAPI-I"]
[89,"ADAPTADOR PVC SOLDAVEL, LONGO, COM FLANGE LIVRE,  40 MM X 1 1/4\", PARA CAIXA D' AGUA","UN",17.829999999999998,"SINAPI-I"]
[90,"ADAPTADOR PVC SOLDAVEL, LONGO, COM FLANGE LIVRE,  50 MM X 1 1/2\", PARA CAIXA D' AGUA","UN",20.43,"SINAPI-I"]
[81,"ADAPTADOR PVC SOLDAVEL, LONGO, COM FLANGE LIVRE,  60 MM X 2\", PARA CAIXA D' AGUA","UN",34.94,"SINAPI-I"]
[82,"ADAPTADOR PVC SOLDAVEL, LONGO, COM FLANGE LIVRE,  75 MM X 2 1/2\", PARA CAIXA D' AGUA","UN",135.66,"SINAPI-I"]
[105,"ADAPTADOR PVC SOLDAVEL, LONGO, COM FLANGE LIVRE,  85 MM X 3\", PARA CAIXA D' AGUA","UN",158.82,"SINAPI-I"]
[60,"ADAPTADOR PVC, COM REGISTRO, PARA PEAD, 20 MM X 3/4\", PARA LIGACAO PREDIAL DE AGUA","UN",3.89,"SINAPI-I"]
[72,"ADAPTADOR PVC, ROSCAVEL, COM FLANGES E ANEL DE VEDACAO, 1 1/2\", PARA CAIXA D'AGUA","UN",21.36,"SINAPI-I"]
[70,"ADAPTADOR PVC, ROSCAVEL, COM FLANGES E ANEL DE VEDACAO, 1 1/4\", PARA CAIXA D' AGUA","UN",17.86,"SINAPI-I"]
[85,"ADAPTADOR PVC, ROSCAVEL, COM FLANGES E ANEL DE VEDACAO, 2\", PARA CAIXA D' AGUA","UN",25.93,"SINAPI-I"]
[84,"ADAPTADOR PVC, ROSCAVEL, PARA VALVULA PIA OU LAVATORIO, 40 MM","UN",0.3,"SINAPI-I"]
[37997,"ADAPTADOR, CPVC, SOLDAVEL, 15 MM, PARA AGUA QUENTE","UN",4.4800000000000004,"SINAPI-I"]
[37998,"ADAPTADOR, CPVC, SOLDAVEL, 22 MM, PARA AGUA QUENTE","UN",4.6399999999999997,"SINAPI-I"]
[10899,"ADAPTADOR, EM LATAO, ENGATE RAPIDO 2 1/2\" X ROSCA INTERNA 5 FIOS 2 1/2\",  PARA INSTALACAO PREDIAL DE COMBATE A INCENDIO","UN",31.31,"SINAPI-I"]
[10900,"ADAPTADOR, EM LATAO, ENGATE RAPIDO1 1/2\" X ROSCA INTERNA 5 FIOS 2 1/2\",  PARA INSTALACAO PREDIAL DE COMBATE A INCENDIO","UN",24.5,"SINAPI-I"]
[46,"ADAPTADOR, PVC PBA,  BOLSA/ROSCA, JE, DN 75 / DE  85 MM","UN",28.32,"SINAPI-I"]
[51,"ADAPTADOR, PVC PBA, A BOLSA DEFOFO, JE, DN 100 / DE 110 MM","UN",78.13,"SINAPI-I"]
[12863,"ADAPTADOR, PVC PBA, A BOLSA DEFOFO, JE, DN 50 / DE 60 MM","UN",17.989999999999998,"SINAPI-I"]
[50,"ADAPTADOR, PVC PBA, A BOLSA DEFOFO, JE, DN 75 / DE  85 MM","UN",40.799999999999997,"SINAPI-I"]
[47,"ADAPTADOR, PVC PBA, BOLSA/ROSCA, JE, DN 100 / DE 110 MM","UN",48.42,"SINAPI-I"]
[48,"ADAPTADOR, PVC PBA, BOLSA/ROSCA, JE, DN 50 / DE 60 MM","UN",12.63,"SINAPI-I"]
[52,"ADAPTADOR, PVC PBA, PONTA/ROSCA, JE, DN 50 / DE  60 MM","UN",9.59,"SINAPI-I"]
[43,"ADAPTADOR, PVC PBA, PONTA/ROSCA, JE, DN 75 / DE  85 MM","UN",32.39,"SINAPI-I"]
[4791,"ADESIVO ACRILICO/COLA DE CONTATO","KG",19.16,"SINAPI-I"]
[157,"ADESIVO ESTRUTURAL A BASE DE RESINA EPOXI PARA INJECAO EM TRINCAS, BICOMPONENTE, BAIXA VISCOSIDADE","KG",86.32,"SINAPI-I"]
[156,"ADESIVO ESTRUTURAL A BASE DE RESINA EPOXI, BICOMPONENTE, FLUIDO","KG",38.53,"SINAPI-I"]
[131,"ADESIVO ESTRUTURAL A BASE DE RESINA EPOXI, BICOMPONENTE, PASTOSO (TIXOTROPICO)","KG",36.99,"SINAPI-I"]
[39719,"ADESIVO LIQUIDO A BASE DE RESINAS PARA COLAGEM DE ESPUMA DE ISOLAMENTO TERMICO FLEXIVEL","L",63.88,"SINAPI-I"]
[21114,"ADESIVO PARA TUBOS CPVC, *75* G","UN",13.68,"SINAPI-I"]
[119,"ADESIVO PLASTICO PARA PVC, BISNAGA COM 75 GR","UN",5.4,"SINAPI-I"]
[20080,"ADESIVO PLASTICO PARA PVC, FRASCO COM 175 GR","UN",15.48,"SINAPI-I"]
[122,"ADESIVO PLASTICO PARA PVC, FRASCO COM 850 GR","UN",48.78,"SINAPI-I"]
[3410,"ADESIVO/COLA PARA EPS (ISOPOR) E OUTROS MATERIAIS","KG",18.72,"SINAPI-I"]
[124,"ADITIVO ACELERADOR DE PEGA E ENDURECIMENTO PARA ARGAMASSAS E CONCRETOS","L",9.61,"SINAPI-I"]
[7334,"ADITIVO ADESIVO LIQUIDO PARA ARGAMASSAS DE REVESTIMENTOS CIMENTICIOS","L",9.48,"SINAPI-I"]
[7325,"ADITIVO IMPERMEABILIZANTE DE PEGA NORMAL PARA ARGAMASSAS E  CONCRETOS SEM ARMACAO","KG",4.4400000000000004,"SINAPI-I"]
[123,"ADITIVO IMPERMEABILIZANTE DE PEGA NORMAL PARA ARGAMASSAS E CONCRETOS SEM ARMACAO","L",4.2699999999999996,"SINAPI-I"]
[127,"ADITIVO IMPERMEABILIZANTE DE PEGA ULTRARRAPIDA","L",10.029999999999999,"SINAPI-I"]
[133,"ADITIVO LIQUIDO INCORPORADOR DE AR PARA CONCRETO E ARGAMASSA","L",4.3,"SINAPI-I"]
[37538,"ADITIVO PLASTIFICANTE E ESTABILIZADOR PARA ARGAMASSAS DE ASSENTAMENTO E REBOCO","18L",106.9,"SINAPI-I"]
[132,"ADITIVO PLASTIFICANTE RETARDADOR DE PEGA E REDUTOR DE AGUA PARA CONCRETO","L",4.74,"SINAPI-I"]
[13408,"ADITIVO SUPERPLASTIFICANTE DE PEGA NORMAL PARA CONCRETO (TAMBOR 200 KG)","200KG",1684.16,"SINAPI-I"]
[37476,"ADUELA/GALERIA DE CONCRETO ARMADO, SECAO RETANGULAR 1.50 X 1.50 M (L X A), C = 1.00 M, E = 20 CM","UN",1513.15,"SINAPI-I"]
[37478,"ADUELA/GALERIA DE CONCRETO ARMADO, SECAO RETANGULAR 2.00 X 2.00 M (L X A), C = 1.00 M, E = 20 CM","UN",2140.71,"SINAPI-I"]
[37477,"ADUELA/GALERIA DE CONCRETO ARMADO, SECAO RETANGULAR 2.50 X 2.50 M (L X A), C = 1.00 M, E = 20 CM","UN",2619.4699999999998,"SINAPI-I"]
[37479,"ADUELA/GALERIA DE CONCRETO ARMADO, SECAO RETANGULAR 3.00 X 3.00 M (L X A), C = 1.00 M, E = 20 CM","UN",3275.35,"SINAPI-I"]
[4319,"AFASTADOR PARA TELHA DE FIBROCIMENTO CANALETE 90 OU KALHETAO","UN",1.1100000000000001,"SINAPI-I"]
[43064,"AGENTE DE CURA, PROTETOR DA EVAPORACAO DA AGUA DE HIDRATACAO DO CONCRETO (COLETADO CAIXA)","KG",6.14,"SINAPI-I"]
[40553,"AGREGADO RECICLADO, TIPO RACHAO RECICLADO CINZA, CLASSE A","M3",31.58,"SINAPI-I"]
[13003,"AGUA SANITARIA","L",2.2400000000000002,"SINAPI-I"]
[6114,"AJUDANTE DE ARMADOR","H",13.54,"SINAPI-I"]
[40912,"AJUDANTE DE ARMADOR (MENSALISTA)","MES",2395.09,"SINAPI-I"]
[247,"AJUDANTE DE ELETRICISTA","H",18.25,"SINAPI-I"]
[40919,"AJUDANTE DE ELETRICISTA (MENSALISTA)","MES",3229.21,"SINAPI-I"]
[25958,"AJUDANTE DE ESTRUTURAS METALICAS","H",14.27,"SINAPI-I"]
[40984,"AJUDANTE DE ESTRUTURAS METALICAS (MENSALISTA)","MES",2523.7399999999998,"SINAPI-I"]
[248,"AJUDANTE DE OPERACAO EM GERAL","H",14.01,"SINAPI-I"]
[41086,"AJUDANTE DE OPERACAO EM GERAL (MENSALISTA)","MES",2478.35,"SINAPI-I"]
[34466,"AJUDANTE DE PINTOR","H",14.01,"SINAPI-I"]
[41083,"AJUDANTE DE PINTOR (MENSALISTA)","MES",2478.35,"SINAPI-I"]
[252,"AJUDANTE DE SERRALHEIRO","H",14.53,"SINAPI-I"]
[40909,"AJUDANTE DE SERRALHEIRO (MENSALISTA)","MES",2568.9699999999998,"SINAPI-I"]
[242,"AJUDANTE ESPECIALIZADO","H",17.95,"SINAPI-I"]
[41085,"AJUDANTE ESPECIALIZADO (MENSALISTA)","MES",3175.29,"SINAPI-I"]
[427,"ALCA PREFORMADA DE CONTRA POSTE, EM ACO GALVANIZADO, PARA CABO 3/16\", COMPRIMENTO *860* MM","UN",6.5,"SINAPI-I"]
[417,"ALCA PREFORMADA DE DISTRIBUICAO, EM ACO GALVANIZADO, PARA CABO DE ALUMINIO DIAMETRO 16 A 25 MM","UN",3.06,"SINAPI-I"]
[11273,"ALCA PREFORMADA DE DISTRIBUICAO, EM ACO GALVANIZADO, PARA CONDUTORES DE ALUMINIO AWG 1/0 (CAA 6/1 OU CA 7 FIOS)","UN",9.51,"SINAPI-I"]
[11272,"ALCA PREFORMADA DE DISTRIBUICAO, EM ACO GALVANIZADO, PARA CONDUTORES DE ALUMINIO AWG 2 (CAA 6/1 OU CA 7 FIOS)","UN",5.74,"SINAPI-I"]
[11275,"ALCA PREFORMADA DE SERVICO, EM ACO GALVANIZADO, PARA CONDUTORES DE ALUMINIO AWG 4 (CAA 6/1)","UN",2.2999999999999998,"SINAPI-I"]
[11274,"ALCA PREFORMADA DE SERVICO, EM ACO GALVANIZADO, PARA CONDUTORES DE ALUMINIO AWG 6 (CAA 6/1)","UN",1.75,"SINAPI-I"]
[38470,"ALICATE DE CORTE DIAGONAL 6 \" COM ISOLAMENTO","UN",26.6,"SINAPI-I"]
[38547,"ALICATE DE CRIMPAR RJ11, RJ12 E RJ45","UN",72.58,"SINAPI-I"]
[38469,"ALICATE DE PRESSAO PARA SOLDA DE CHAPA 18 \"","UN",78.05,"SINAPI-I"]
[38467,"ALICATE DE PRESSAO 11 \" PARA SOLDA, TIPO C","UN",43.91,"SINAPI-I"]
[38468,"ALICATE DE PRESSAO 11 \" PARA SOLDA, TIPO U","UN",48.32,"SINAPI-I"]
[38471,"ALICATE PARA ANEIS DE PISTAO, CAPACIDADE 50 A 100 MM","UN",62.75,"SINAPI-I"]
[37370,"ALIMENTACAO - HORISTA (COLETADO CAIXA)","H",0.01,"SINAPI-I"]
[40862,"ALIMENTACAO - MENSALISTA (COLETADO CAIXA)","MES",0.01,"SINAPI-I"]
[10658,"ALISADORA DE CONCRETO COM MOTOR A GASOLINA DE 5,5 HP, PESO COM MOTOR DE 78 KG, 4 PAS","UN",6900,"SINAPI-I"]
[253,"ALMOXARIFE","H",20.84,"SINAPI-I"]
[40809,"ALMOXARIFE (MENSALISTA)","MES",3683.04,"SINAPI-I"]
[42428,"ALONGADOR COM TRES ALTURAS, EM TUBO DE ACO CARBONO, PINTURA NO PROCESSO ELETROSTATICO - EQUIPAMENTO DE GINASTICA PARA ACADEMIA AO AR LIVRE / ACADEMIA DA TERCEIRA IDADE - ATI","UN",1290,"SINAPI-I"]
[583,"ALUMINIO ANODIZADO","KG",32.020000000000003,"SINAPI-I"]
[299,"ANEL BORRACHA DN 100 MM, PARA TUBO SERIE REFORCADA ESGOTO PREDIAL","UN",2.04,"SINAPI-I"]
[298,"ANEL BORRACHA DN 75 MM, PARA TUBO SERIE REFORCADA ESGOTO PREDIAL","UN",2.0499999999999998,"SINAPI-I"]
[295,"ANEL BORRACHA PARA TUBO ESGOTO PREDIAL DN 40 MM (NBR 5688)","UN",1.22,"SINAPI-I"]
[296,"ANEL BORRACHA PARA TUBO ESGOTO PREDIAL DN 50 MM (NBR 5688)","UN",1.27,"SINAPI-I"]
[297,"ANEL BORRACHA PARA TUBO ESGOTO PREDIAL DN 75 MM (NBR 5688)","UN",1.79,"SINAPI-I"]
[301,"ANEL BORRACHA PARA TUBO ESGOTO PREDIAL, DN 100 MM (NBR 5688)","UN",2.25,"SINAPI-I"]
[300,"ANEL BORRACHA, DN 150 MM, PARA TUBO SERIE REFORCADA ESGOTO PREDIAL","UN",9.4499999999999993,"SINAPI-I"]
[20084,"ANEL BORRACHA, DN 40 MM, PARA TUBO SERIE REFORCADA ESGOTO PREDIAL","UN",1.22,"SINAPI-I"]
[20085,"ANEL BORRACHA, DN 50 MM, PARA TUBO SERIE REFORCADA ESGOTO PREDIAL","UN",1.1299999999999999,"SINAPI-I"]
[311,"ANEL BORRACHA, PARA TUBO PVC DEFOFO, DN 100 MM (NBR 7665)","UN",7.31,"SINAPI-I"]
[318,"ANEL BORRACHA, PARA TUBO PVC DEFOFO, DN 150 MM (NBR 7665)","UN",12.81,"SINAPI-I"]
[319,"ANEL BORRACHA, PARA TUBO PVC DEFOFO, DN 200 MM (NBR 7665)","UN",24.2,"SINAPI-I"]
[320,"ANEL BORRACHA, PARA TUBO PVC DEFOFO, DN 250 MM (NBR 7665)","UN",76.94,"SINAPI-I"]
[314,"ANEL BORRACHA, PARA TUBO PVC DEFOFO, DN 300 MM (NBR 7665)","UN",118.18,"SINAPI-I"]
[303,"ANEL BORRACHA, PARA TUBO PVC, REDE COLETOR ESGOTO, DN 100 MM (NBR 7362)","UN",3.06,"SINAPI-I"]
[304,"ANEL BORRACHA, PARA TUBO PVC, REDE COLETOR ESGOTO, DN 125 MM (NBR 7362)","UN",4.68,"SINAPI-I"]
[305,"ANEL BORRACHA, PARA TUBO PVC, REDE COLETOR ESGOTO, DN 150 MM (NBR 7362)","UN",7.99,"SINAPI-I"]
[306,"ANEL BORRACHA, PARA TUBO PVC, REDE COLETOR ESGOTO, DN 200 MM (NBR 7362)","UN",9.61,"SINAPI-I"]
[307,"ANEL BORRACHA, PARA TUBO PVC, REDE COLETOR ESGOTO, DN 250 MM (NBR 7362)","UN",18.97,"SINAPI-I"]
[309,"ANEL BORRACHA, PARA TUBO PVC, REDE COLETOR ESGOTO, DN 350 MM (NBR 7362)","UN",38.880000000000003,"SINAPI-I"]
[310,"ANEL BORRACHA, PARA TUBO PVC, REDE COLETOR ESGOTO, DN 400 MM (NBR 7362)","UN",49.31,"SINAPI-I"]
[328,"ANEL BORRACHA, PARA TUBO/CONEXAO PVC PBA, DN 100 MM, PARA REDE AGUA","UN",5.88,"SINAPI-I"]
[325,"ANEL BORRACHA, PARA TUBO/CONEXAO PVC PBA, DN 50 MM, PARA REDE AGUA","UN",2.2799999999999998,"SINAPI-I"]
[20326,"ANEL BORRACHA, PARA TUBO/CONEXAO PVC PBA, DN 60 MM, PARA REDE AGUA","UN",6.11,"SINAPI-I"]
[329,"ANEL BORRACHA, PARA TUBO/CONEXAO PVC PBA, DN 75 MM, PARA REDE AGUA","UN",7.52,"SINAPI-I"]
[308,"ANEL BORRACHA, PARA TUBO, PVC REDE COLETOR ESGOTO, DN 300 MM (NBR 7362)","UN",25.34,"SINAPI-I"]
[39642,"ANEL DE BORRACHA PARA VEDACAO DE DUTO PEAD CORRUGADO PARA ELETRICA, DN 1 1/2\"","UN",1.54,"SINAPI-I"]
[39641,"ANEL DE BORRACHA PARA VEDACAO DE DUTO PEAD CORRUGADO PARA ELETRICA, DN 1 1/4\"","UN",1.07,"SINAPI-I"]
[39643,"ANEL DE BORRACHA PARA VEDACAO DE DUTO PEAD CORRUGADO PARA ELETRICA, DN 2\"","UN",4.2699999999999996,"SINAPI-I"]
[39644,"ANEL DE BORRACHA PARA VEDACAO DE DUTO PEAD CORRUGADO PARA ELETRICA, DN 3\"","UN",5.52,"SINAPI-I"]
[39645,"ANEL DE BORRACHA PARA VEDACAO DE DUTO PEAD CORRUGADO PARA ELETRICA, DN 4\"","UN",7.13,"SINAPI-I"]
[12548,"ANEL DE CONCRETO ARMADO, D = *1,10* M, H = 0,30 M","UN",75.680000000000007,"SINAPI-I"]
[13113,"ANEL DE CONCRETO ARMADO, D = 0,60 M, H = 0,10 M","UN",31.01,"SINAPI-I"]
[13114,"ANEL DE CONCRETO ARMADO, D = 0,60 M, H = 0,15 M","UN",37.76,"SINAPI-I"]
[12530,"ANEL DE CONCRETO ARMADO, D = 0,60 M, H = 0,30 M","UN",46.01,"SINAPI-I"]
[12531,"ANEL DE CONCRETO ARMADO, D = 0,60 M, H = 0,40 M","UN",51.46,"SINAPI-I"]
[12532,"ANEL DE CONCRETO ARMADO, D = 0,60 M, H = 0,50 M","UN",62.93,"SINAPI-I"]
[12533,"ANEL DE CONCRETO ARMADO, D = 0,80 M, H = 0,30 M","UN",75.069999999999993,"SINAPI-I"]
[12544,"ANEL DE CONCRETO ARMADO, D = 0,80 M, H = 0,50 M","UN",91.7,"SINAPI-I"]
[12546,"ANEL DE CONCRETO ARMADO, D = 1,00 M, H = 0,40 M","UN",94.92,"SINAPI-I"]
[12547,"ANEL DE CONCRETO ARMADO, D = 1,00 M, H = 0,50 M","UN",110.39,"SINAPI-I"]
[12551,"ANEL DE CONCRETO ARMADO, D = 1,20 M, H = 0,50 M","UN",120.2,"SINAPI-I"]
[12563,"ANEL DE CONCRETO ARMADO, D = 1,50 M, H = 0,50 M","UN",188.8,"SINAPI-I"]
[12565,"ANEL DE CONCRETO ARMADO, D = 2,00 M, H = 0,50 M","UN",297.11,"SINAPI-I"]
[12567,"ANEL DE CONCRETO ARMADO, D = 2,50 M, H = 0,50 M","UN",386.6,"SINAPI-I"]
[12568,"ANEL DE CONCRETO ARMADO, D = 3,00 M, H = 0,50 M","UN",638.34,"SINAPI-I"]
[11789,"ANEL DE DISTRIBUICAO EM ACO GALVANIZADO PARA FIO FE-160","UN",0.86,"SINAPI-I"]
[20975,"ANEL DE EXPANSAO EM COBRE, ENGATE RAPIDO 1 1/2\", PARA EMPATACAO MANGUEIRA DE COMBATE A INCENDIO PREDIAL","UN",4.91,"SINAPI-I"]
[20976,"ANEL DE EXPANSAO EM COBRE, ENGATE RAPIDO 2 1/2\", PARA EMPATACAO MANGUEIRA DE COMBATE A INCENDIO PREDIAL","UN",7.41,"SINAPI-I"]
[40340,"ANEL DE VEDACAO/JUNTA ELASTICA, H = *16* MM, PARA TUBO DE CONCRETO DN 300 MM","UN",59.58,"SINAPI-I"]
[40341,"ANEL DE VEDACAO/JUNTA ELASTICA, H = *16* MM, PARA TUBO DE CONCRETO DN 400 MM","UN",70.55,"SINAPI-I"]
[40342,"ANEL DE VEDACAO/JUNTA ELASTICA, H = *16* MM, PARA TUBO DE CONCRETO DN 500 MM","UN",89.44,"SINAPI-I"]
[40343,"ANEL DE VEDACAO/JUNTA ELASTICA, H = *16* MM, PARA TUBO DE CONCRETO DN 600 MM","UN",109.73,"SINAPI-I"]
[40344,"ANEL DE VEDACAO/JUNTA ELASTICA, H = *18* MM, PARA TUBO DE CONCRETO DN 700 MM","UN",116.02,"SINAPI-I"]
[40345,"ANEL DE VEDACAO/JUNTA ELASTICA, H = *19* MM, PARA TUBO DE CONCRETO DN 800 MM","UN",144.86000000000001,"SINAPI-I"]
[40346,"ANEL DE VEDACAO/JUNTA ELASTICA, H = *19* MM, PARA TUBO DE CONCRETO DN 900 MM","UN",136.27000000000001,"SINAPI-I"]
[40347,"ANEL DE VEDACAO/JUNTA ELASTICA, H = *21* MM, PARA TUBO DE CONCRETO DN 1000 MM","UN",168.49,"SINAPI-I"]
[38840,"ANEL DESLIZANTE / TRADICIONAL, METALICO, PARA TUBO PEX, DN 16 MM","UN",1.86,"SINAPI-I"]
[38841,"ANEL DESLIZANTE / TRADICIONAL, METALICO, PARA TUBO PEX, DN 20 MM","UN",2.06,"SINAPI-I"]
[38842,"ANEL DESLIZANTE / TRADICIONAL, METALICO, PARA TUBO PEX, DN 25 MM","UN",4.07,"SINAPI-I"]
[38843,"ANEL DESLIZANTE / TRADICIONAL, METALICO, PARA TUBO PEX, DN 32 MM","UN",6.36,"SINAPI-I"]
[13761,"APARELHO CORTE OXI-ACETILENO PARA SOLDA E CORTE CONTENDO MACARICO SOLDA, BICO DE CORTE, CILINDROS, REGULADORES, MANGUEIRAS E CARRINHO","UN",2891.25,"SINAPI-I"]
[12888,"APARELHO DE APOIO DE NEOPRENE FRETADO, 60 X 45 X 7,6 CM, COM FRETAGEM DE ACO DE 4 MM INTERCALADAS COM ELASTOMERO DE 11 MM E REVESTIMENTO FINAL COM ELASTOMERO DE 6 MM","DM3",111.22,"SINAPI-I"]
[12889,"APARELHO DE APOIO DE NEOPRENE SIMPLES/ NAO FRETADO, 100 X 100 CM, ESPESSURA 6,3 MM","DM3",72.63,"SINAPI-I"]
[4814,"APARELHO SINALIZADOR LUMINOSO COM LED, PARA SAIDA GARAGEM, COM 2 LENTES EM POLICARBONATO, BIVOLT (INCLUI SUPORTE DE FIXACAO)","UN",115.32,"SINAPI-I"]
[25967,"APOIO DO PORTA DENTE PARA FRESADORA DE ASFALTO","UN",1685.15,"SINAPI-I"]
[6122,"APONTADOR OU APROPRIADOR","H",17.25,"SINAPI-I"]
[40810,"APONTADOR OU APROPRIADOR DE MAO DE OBRA (MENSALISTA)","MES",3049.03,"SINAPI-I"]
[21100,"AQUECEDOR DE AGUA A GAS GLP/GN COM CAPACIDADE DE ARMAZENAMENTO DE 50 A 80 L","UN",2531.67,"SINAPI-I"]
[11816,"AQUECEDOR DE AGUA ELETRICO  RESERVATORIO DE 100 L CILINDRICO EM COBRE, REFORCADO COM ACO CARBONO, MONOFASICO, TENSAO NOMINAL 220 V","UN",2699.5,"SINAPI-I"]
[11814,"AQUECEDOR DE AGUA ELETRICO  RESERVATORIO DE 500 L CILINDRICO EM COBRE, REFORCADO COM ACO CARBONO, MONOFASICO, TENSAO NOMINAL 220 V","UN",5876.13,"SINAPI-I"]
[14186,"AQUECEDOR DE AGUA ELETRICO  RESERVATORIO DE 500 L CILINDRICO EM COBRE, REFORCADO COM ACO CARBONO, TRIFASICO, TENSAO NOMINAL 220/380/400 V, POTENCIA 24 KW","UN",7378.28,"SINAPI-I"]
[14185,"AQUECEDOR DE AGUA ELETRICO  RESERVATORIO DE 700 L CILINDRICO EM COBRE, REFORCADO COM ACO CARBONO, MONOFASICO, TENSAO NOMINAL 220 V","UN",9557.75,"SINAPI-I"]
[11811,"AQUECEDOR DE AGUA ELETRICO HORIZONTAL, RESERVATORIO DE 200 L CILINDRICO EM COBRE, REFORCADO COM ACO CARBONO, MONOFASICO, TENSAO NOMINAL 220 V","UN",3654.52,"SINAPI-I"]
[26038,"AQUECEDOR DE OLEO BPF (FLUIDO) TERMICO, CAPACIDADE DE 300.000 KCAL/H","UN",202992.51,"SINAPI-I"]
[34482,"AQUECEDOR SOLAR  CAPACIDADE DO RESERVATORIO 800 L, INCLUI 8 PLACAS COLETORAS DE 1,42 M2","UN",4202.34,"SINAPI-I"]
[34469,"AQUECEDOR SOLAR CAPACIDADE DO RESERVATORIO 1000 L, INCLUI 10 PLACAS COLETORAS DE 1,42 M2","UN",6500.5,"SINAPI-I"]
[34472,"AQUECEDOR SOLAR CAPACIDADE DO RESERVATORIO 200 L, INCLUI 2 PLACAS COLETORAS DE 1,42 M2","UN",2000,"SINAPI-I"]
[34476,"AQUECEDOR SOLAR CAPACIDADE DO RESERVATORIO 400L, INCLUI 4 PLACAS COLETORAS DE 1,42 M2","UN",3390.28,"SINAPI-I"]
[34477,"AQUECEDOR SOLAR CAPACIDADE DO RESERVATORIO 600 L, INCLUI 6 PLACAS COLETORAS DE 1,42 M2","UN",4499.5600000000004,"SINAPI-I"]
[42425,"AR CONDICIONADO SPLIT INVERTER, HI-WALL (PAREDE), 12000 BTU/H, CICLO FRIO, 60HZ, CLASSIFICACAO A (SELO PROCEL), GAS HFC, CONTROLE S/FIO","UN",1645.61,"SINAPI-I"]
[42422,"AR CONDICIONADO SPLIT INVERTER, HI-WALL (PAREDE), 18000 BTU/H, CICLO FRIO, 60HZ, CLASSIFICACAO A (SELO PROCEL), GAS HFC, CONTROLE S/FIO","UN",2442.96,"SINAPI-I"]
[42424,"AR CONDICIONADO SPLIT INVERTER, HI-WALL (PAREDE), 9000 BTU/H, CICLO FRIO, 60HZ, CLASSIFICACAO A (SELO PROCEL), GAS HFC, CONTROLE S/FIO","UN",1469.67,"SINAPI-I"]
[42416,"AR CONDICIONADO SPLIT INVERTER, PISO TETO, 18000 BTU/H, CICLO FRIO, 60HZ, CLASSIFICACAO ENERGETICA A OU B (SELO PROCEL), GAS HFC, CONTROLE S/FIO","UN",6335.58,"SINAPI-I"]
[42417,"AR CONDICIONADO SPLIT INVERTER, PISO TETO, 24000 BTU/H, CICLO FRIO, 60HZ, CLASSIFICACAO ENERGETICA A OU B (SELO PROCEL), GAS HFC, CONTROLE S/FIO","UN",7102.7,"SINAPI-I"]
[42419,"AR CONDICIONADO SPLIT INVERTER, PISO TETO, 36000 BTU/H, CICLO FRIO, 60HZ, CLASSIFICACAO ENERGETICA A OU B (SELO PROCEL), GAS HFC, CONTROLE S/FIO","UN",8024.55,"SINAPI-I"]
[42420,"AR CONDICIONADO SPLIT INVERTER, PISO TETO, 48000 BTU/H, CICLO FRIO, 60HZ, CLASSIFICACAO ENERGETICA A OU B (SELO PROCEL), GAS HFC, CONTROLE S/FIO","UN",11029.15,"SINAPI-I"]
[42421,"AR CONDICIONADO SPLIT INVERTER, PISO TETO, 60000 BTU/H, CICLO FRIO, 60HZ, CLASSIFICACAO ENERGETICA A OU B (SELO PROCEL), GAS HFC, CONTROLE S/FIO","UN",13381.19,"SINAPI-I"]
[39556,"AR CONDICIONADO SPLIT ON/OFF, CASSETE (TETO), 18000 BTUS/H, CICLO QUENTE/FRIO, 60 HZ, CLASSIFICACAO ENERGETICA C - SELO PROCEL, GAS HFC, CONTROLE S/ FIO","UN",4646.99,"SINAPI-I"]
[39557,"AR CONDICIONADO SPLIT ON/OFF, CASSETE (TETO), 24000 BTUS/H, CICLO QUENTE/FRIO, 60 HZ, CLASSIFICACAO ENERGETICA C - SELO PROCEL, GAS HFC, CONTROLE S/ FIO","UN",5003.79,"SINAPI-I"]
[39558,"AR CONDICIONADO SPLIT ON/OFF, CASSETE (TETO), 30000 BTUS/H, CICLO QUENTE/FRIO, 60 HZ, CLASSIFICACAO ENERGETICA A - SELO PROCEL, GAS HFC, CONTROLE S/ FIO","UN",5131.87,"SINAPI-I"]
[39559,"AR CONDICIONADO SPLIT ON/OFF, CASSETE (TETO), 36000 BTUS/H, CICLO QUENTE/FRIO, 60 HZ, CLASSIFICACAO ENERGETICA A - SELO PROCEL, GAS HFC, CONTROLE S/ FIO","UN",7394.64,"SINAPI-I"]
[39560,"AR CONDICIONADO SPLIT ON/OFF, CASSETE (TETO), 48000 BTUS/H, CICLO QUENTE/FRIO, 60 HZ, CLASSIFICACAO ENERGETICA A - SELO PROCEL, GAS HFC, CONTROLE S/ FIO","UN",8554.8799999999992,"SINAPI-I"]
[39561,"AR CONDICIONADO SPLIT ON/OFF, CASSETE (TETO), 60000 BTUS/H, CICLO QUENTE/FRIO, 60 HZ, CLASSIFICACAO ENERGETICA A - SELO PROCEL, GAS HFC, CONTROLE S/ FIO","UN",8949.49,"SINAPI-I"]
[39555,"AR CONDICIONADO SPLIT ON/OFF, HI-WALL (PAREDE), 12000 BTUS/H, CICLO QUENTE/FRIO, 60 HZ, CLASSIFICACAO ENERGETICA A - SELO PROCEL, GAS HFC, CONTROLE S/ FIO","UN",1428.66,"SINAPI-I"]
[39548,"AR CONDICIONADO SPLIT ON/OFF, HI-WALL (PAREDE), 18000 BTUS/H, CICLO QUENTE/FRIO, 60 HZ, CLASSIFICACAO ENERGETICA A - SELO PROCEL, GAS HFC, CONTROLE S/ FIO","UN",2119.15,"SINAPI-I"]
[39554,"AR CONDICIONADO SPLIT ON/OFF, HI-WALL (PAREDE), 24000 BTUS/H, CICLO QUENTE/FRIO, 60 HZ, CLASSIFICACAO ENERGETICA A - SELO PROCEL, GAS HFC, CONTROLE S/ FIO","UN",2802.26,"SINAPI-I"]
[39550,"AR CONDICIONADO SPLIT ON/OFF, HI-WALL (PAREDE), 7000 BTUS/H, CICLO QUENTE/FRIO, 60 HZ, CLASSIFICACAO ENERGETICA A - SELO PROCEL, GAS HFC, CONTROLE S/ FIO","UN",1178.43,"SINAPI-I"]
[39551,"AR CONDICIONADO SPLIT ON/OFF, HI-WALL (PAREDE), 9000 BTUS/H, CICLO QUENTE/FRIO, 60 HZ, CLASSIFICACAO ENERGETICA A - SELO PROCEL, GAS HFC, CONTROLE S/ FIO","UN",1245.8,"SINAPI-I"]
[39580,"AR-CONDICIONADO FRIO SPLITAO INVERTER 30 TR","UN",53222.86,"SINAPI-I"]
[39577,"AR-CONDICIONADO FRIO SPLITAO MODULAR 10 TR","UN",27669.64,"SINAPI-I"]
[39578,"AR-CONDICIONADO FRIO SPLITAO MODULAR 15 TR","UN",33455.370000000003,"SINAPI-I"]
[39579,"AR-CONDICIONADO FRIO SPLITAO MODULAR 20 TR","UN",31278.35,"SINAPI-I"]
[39826,"AR-CONDICIONADO SPLIT INVERTER, PISO TETO, 24000 BTU/H, QUENTE/FRIO, 60HZ, CLASSIFICACAO ENERGETICA A - SELO PROCEL, GAS HFC, CONTROLE S/FIO","UN",3841.55,"SINAPI-I"]
[10700,"ARADO REVERSIVEL COM 3 DISCOS DE 26\" X 6MM REBOCAVEL","UN",12028.37,"SINAPI-I"]
[346,"ARAME DE ACO OVALADO 15 X 17 ( 45,7 KG, 700 KGF), ROLO 1000 M","KG",14.45,"SINAPI-I"]
[3312,"ARAME DE AMARRACAO PARA GABIAO GALVANIZADO, DIAMETRO 2,2 MM","KG",21.12,"SINAPI-I"]
[339,"ARAME FARPADO GALVANIZADO 14 BWG, CLASSE 250","M",0.7,"SINAPI-I"]
[340,"ARAME FARPADO GALVANIZADO, 16 BWG (1,65 MM), CLASSE 250","M",0.96,"SINAPI-I"]
[338,"ARAME FARPADO 16 BWG (0,047 KG/M)","KG",18.190000000000001,"SINAPI-I"]
[334,"ARAME GALVANIZADO  8 BWG, D = 4,19MM (0,101 KG/M)","KG",13.07,"SINAPI-I"]
[335,"ARAME GALVANIZADO 10 BWG, 3,40 MM (0,0713 KG/M)","KG",11.97,"SINAPI-I"]
[342,"ARAME GALVANIZADO 12 BWG, 2,76 MM (0,048 KG/M)","KG",13.53,"SINAPI-I"]
[333,"ARAME GALVANIZADO 14 BWG, D = 2,11 MM (0,026 KG/M)","KG",13.85,"SINAPI-I"]
[343,"ARAME GALVANIZADO 14 BWG, 2,10MM (0,0272 KG/M)","M",0.37,"SINAPI-I"]
[344,"ARAME GALVANIZADO 16 BWG, 1,65MM (0,0166 KG/M)","KG",14.98,"SINAPI-I"]
[345,"ARAME GALVANIZADO 18 BWG, 1,24MM (0,009 KG/M)","KG",18.309999999999999,"SINAPI-I"]
[341,"ARAME GALVANIZADO 18 BWG, 1,24MM (0,009 KG/M)","M",0.18,"SINAPI-I"]
[11107,"ARAME GALVANIZADO 6 BWG, 5,16 MM (0,157 KG/M)","KG",11.89,"SINAPI-I"]
[3313,"ARAME PROTEGIDO COM POLIMERO PARA GABIAO, DIAMETRO 2,2 MM","KG",27.18,"SINAPI-I"]
[34562,"ARAME RECOZIDO 16 BWG, 1,60 MM (0,016 KG/M)","KG",12.42,"SINAPI-I"]
[337,"ARAME RECOZIDO 18 BWG, 1,25 MM (0,01 KG/M)","KG",12,"SINAPI-I"]
[369,"AREIA AMARELA, AREIA BARRADA OU ARENOSO (RETIRADA NO AREAL, SEM TRANSPORTE)","M3",51.56,"SINAPI-I"]
[366,"AREIA FINA - POSTO JAZIDA/FORNECEDOR (RETIRADO NA JAZIDA, SEM TRANSPORTE)","M3",79,"SINAPI-I"]
[367,"AREIA GROSSA - POSTO JAZIDA/FORNECEDOR (RETIRADO NA JAZIDA, SEM TRANSPORTE)","M3",83.6,"SINAPI-I"]
[370,"AREIA MEDIA - POSTO JAZIDA/FORNECEDOR (RETIRADO NA JAZIDA, SEM TRANSPORTE)","M3",67.5,"SINAPI-I"]
[368,"AREIA PARA ATERRO - POSTO JAZIDA/FORNECEDOR (RETIRADO NA JAZIDA, SEM TRANSPORTE)","M3",62.7,"SINAPI-I"]
[11075,"AREIA PARA LEITO FILTRANTE (0,42 A 1,68 MM) - POSTO JAZIDA/FORNECEDOR (RETIRADO NA JAZIDA, SEM TRANSPORTE)","M3",1368.95,"SINAPI-I"]
[11076,"AREIA PRETA PARA EMBOCO - POSTO JAZIDA/FORNECEDOR (RETIRADO NA JAZIDA, SEM TRANSPORTE)","M3",104.5,"SINAPI-I"]
[1381,"ARGAMASSA COLANTE AC I PARA CERAMICAS","KG",0.39,"SINAPI-I"]
[34353,"ARGAMASSA COLANTE AC-II","KG",0.78,"SINAPI-I"]
[37595,"ARGAMASSA COLANTE TIPO ACIII","KG",1.19,"SINAPI-I"]
[37596,"ARGAMASSA COLANTE TIPO ACIII E","KG",1.77,"SINAPI-I"]
[371,"ARGAMASSA INDUSTRIALIZADA MULTIUSO, PARA REVESTIMENTO INTERNO E EXTERNO E ASSENTAMENTO DE BLOCOS DIVERSOS","KG",0.35,"SINAPI-I"]
[37553,"ARGAMASSA INDUSTRIALIZADA PARA CHAPISCO COLANTE","KG",1.32,"SINAPI-I"]
[37552,"ARGAMASSA INDUSTRIALIZADA PARA CHAPISCO ROLADO","KG",1.69,"SINAPI-I"]
[36880,"ARGAMASSA PARA REVESTIMENTO DECORATIVO MONOCAMADA, CORES CLARAS","KG",1.31,"SINAPI-I"]
[34355,"ARGAMASSA PISO SOBRE PISO","KG",1.08,"SINAPI-I"]
[130,"ARGAMASSA POLIMERICA DE REPARO ESTRUTURAL, BICOMPONENTE","KG",3.45,"SINAPI-I"]
[135,"ARGAMASSA POLIMERICA IMPERMEABILIZANTE SEMIFLEXIVEL, BICOMPONENTE (MEMBRANA IMPERMEABILIZANTE ACRILICA)","KG",4.4400000000000004,"SINAPI-I"]
[36886,"ARGAMASSA PRONTA PARA CONTRAPISO","KG",0.41,"SINAPI-I"]
[374,"ARGAMASSA PRONTA PARA REVESTIMENTO INTERNO EM PAREDES","KG",0.3,"SINAPI-I"]
[38546,"ARGAMASSA USINADA AUTOADENSAVEL E AUTONIVELANTE PARA CONTRAPISO, INCLUI BOMBEAMENTO","M3",338.97,"SINAPI-I"]
[34549,"ARGILA EXPANDIDA, GRANULOMETRIA 2215","M3",154.68,"SINAPI-I"]
[6081,"ARGILA OU BARRO PARA ATERRO/REATERRO (COM TRANSPORTE ATE 10 KM)","M3",21.91,"SINAPI-I"]
[6077,"ARGILA OU BARRO PARA ATERRO/REATERRO (RETIRADO NA JAZIDA, SEM TRANSPORTE)","M3",12.63,"SINAPI-I"]
[6079,"ARGILA, ARGILA VERMELHA OU ARGILA ARENOSA (RETIRADA NA JAZIDA, SEM TRANSPORTE)","M3",7.21,"SINAPI-I"]
[1091,"ARMACAO VERTICAL COM HASTE E CONTRA-PINO, EM CHAPA DE ACO GALVANIZADO 3/16\", COM 1 ESTRIBO E 1 ISOLADOR","UN",25.91,"SINAPI-I"]
[1094,"ARMACAO VERTICAL COM HASTE E CONTRA-PINO, EM CHAPA DE ACO GALVANIZADO 3/16\", COM 1 ESTRIBO, SEM ISOLADOR","UN",18.12,"SINAPI-I"]
[1095,"ARMACAO VERTICAL COM HASTE E CONTRA-PINO, EM CHAPA DE ACO GALVANIZADO 3/16\", COM 2 ESTRIBOS, E 2 ISOLADORES","UN",38.51,"SINAPI-I"]
[1092,"ARMACAO VERTICAL COM HASTE E CONTRA-PINO, EM CHAPA DE ACO GALVANIZADO 3/16\", COM 2 ESTRIBOS, SEM ISOLADOR","UN",29.8,"SINAPI-I"]
[1093,"ARMACAO VERTICAL COM HASTE E CONTRA-PINO, EM CHAPA DE ACO GALVANIZADO 3/16\", COM 3 ESTRIBOS E 3 ISOLADORES","UN",69.59,"SINAPI-I"]
[1090,"ARMACAO VERTICAL COM HASTE E CONTRA-PINO, EM CHAPA DE ACO GALVANIZADO 3/16\", COM 3 ESTRIBOS, SEM ISOLADOR","UN",49.82,"SINAPI-I"]
[1096,"ARMACAO VERTICAL COM HASTE E CONTRA-PINO, EM CHAPA DE ACO GALVANIZADO 3/16\", COM 4 ESTRIBOS E 4 ISOLADORES","UN",89.67,"SINAPI-I"]
[1097,"ARMACAO VERTICAL COM HASTE E CONTRA-PINO, EM CHAPA DE ACO GALVANIZADO 3/16\", COM 4 ESTRIBOS, SEM ISOLADOR","UN",76.12,"SINAPI-I"]
[378,"ARMADOR","H",19.43,"SINAPI-I"]
[40911,"ARMADOR (MENSALISTA)","MES",3436.07,"SINAPI-I"]
[33939,"ARQUITETO JUNIOR","H",62.83,"SINAPI-I"]
[40815,"ARQUITETO JUNIOR (MENSALISTA)","MES",11104.37,"SINAPI-I"]
[34760,"ARQUITETO PAISAGISTA","H",63.88,"SINAPI-I"]
[40935,"ARQUITETO PAISAGISTA (MENSALISTA)","MES",11288.45,"SINAPI-I"]
[33952,"ARQUITETO PLENO","H",89.27,"SINAPI-I"]
[40816,"ARQUITETO PLENO (MENSALISTA)","MES",15772.82,"SINAPI-I"]
[33953,"ARQUITETO SENIOR","H",118.01,"SINAPI-I"]
[40817,"ARQUITETO SENIOR (MENSALISTA)","MES",20853.080000000002,"SINAPI-I"]
[13348,"ARRUELA  EM ACO GALVANIZADO, DIAMETRO EXTERNO = 35MM, ESPESSURA = 3MM, DIAMETRO DO FURO= 18MM","UN",0.66,"SINAPI-I"]
[39211,"ARRUELA EM ALUMINIO, COM ROSCA, DE  1 1/4\", PARA ELETRODUTO","UN",1.01,"SINAPI-I"]
[39212,"ARRUELA EM ALUMINIO, COM ROSCA, DE 1 1/2\", PARA ELETRODUTO","UN",1.1200000000000001,"SINAPI-I"]
[39208,"ARRUELA EM ALUMINIO, COM ROSCA, DE 1/2\", PARA ELETRODUTO","UN",0.3,"SINAPI-I"]
[39210,"ARRUELA EM ALUMINIO, COM ROSCA, DE 1\", PARA ELETRODUTO","UN",0.56000000000000005,"SINAPI-I"]
[39214,"ARRUELA EM ALUMINIO, COM ROSCA, DE 2 1/2\", PARA ELETRODUTO","UN",2.08,"SINAPI-I"]
[39213,"ARRUELA EM ALUMINIO, COM ROSCA, DE 2\", PARA ELETRODUTO","UN",1.47,"SINAPI-I"]
[39209,"ARRUELA EM ALUMINIO, COM ROSCA, DE 3/4\", PARA ELETRODUTO","UN",0.36,"SINAPI-I"]
[39207,"ARRUELA EM ALUMINIO, COM ROSCA, DE 3/8\", PARA ELETRODUTO","UN",0.56000000000000005,"SINAPI-I"]
[39215,"ARRUELA EM ALUMINIO, COM ROSCA, DE 3\", PARA ELETRODUTO","UN",3.79,"SINAPI-I"]
[39216,"ARRUELA EM ALUMINIO, COM ROSCA, DE 4\", PARA ELETRODUTO","UN",5.29,"SINAPI-I"]
[379,"ARRUELA QUADRADA EM ACO GALVANIZADO, DIMENSAO = 38 MM, ESPESSURA = 3MM, DIAMETRO DO FURO= 18 MM","UN",0.57999999999999996,"SINAPI-I"]
[11267,"ARRUELA REDONDA DE LATAO, DIAMETRO EXTERNO = 34 MM, ESPESSURA = 2,5 MM, DIAMETRO DO FURO = 17 MM","UN",5.8,"SINAPI-I"]
[41901,"ASFALTO DILUIDO DE PETROLEO CM-30 (COLETADO CAIXA NA ANP ACRESCIDO DE ICMS)","KG",5.26,"SINAPI-I"]
[510,"ASFALTO MODIFICADO TIPO I - NBR 9910 (ASFALTO OXIDADO PARA IMPERMEABILIZACAO, COEFICIENTE DE PENETRACAO 25-40)","KG",6.77,"SINAPI-I"]
[516,"ASFALTO MODIFICADO TIPO II - NBR 9910 (ASFALTO OXIDADO PARA IMPERMEABILIZACAO, COEFICIENTE DE PENETRACAO 20-35)","KG",7.22,"SINAPI-I"]
[509,"ASFALTO MODIFICADO TIPO III - NBR 9910 (ASFALTO OXIDADO PARA IMPERMEABILIZACAO, COEFICIENTE DE PENETRACAO 15-25)","KG",7.37,"SINAPI-I"]
[40331,"ASSENTADOR DE MANILHAS","H",18.55,"SINAPI-I"]
[40930,"ASSENTADOR DE MANILHAS (MENSALISTA)","MES",3282.15,"SINAPI-I"]
[11761,"ASSENTO  VASO SANITARIO INFANTIL EM PLASTICO BRANCO","UN",45.75,"SINAPI-I"]
[377,"ASSENTO SANITARIO DE PLASTICO, TIPO CONVENCIONAL","UN",21.5,"SINAPI-I"]
[7588,"AUTOMATICO DE BOIA SUPERIOR / INFERIOR, *15* A / 250 V","UN",39.9,"SINAPI-I"]
[34392,"AUXILIAR  DE ALMOXARIFE","H",15.96,"SINAPI-I"]
[40908,"AUXILIAR DE ALMOXARIFE (MENSALISTA)","MES",2822.13,"SINAPI-I"]
[34551,"AUXILIAR DE AZULEJISTA","H",14.14,"SINAPI-I"]
[41078,"AUXILIAR DE AZULEJISTA (MENSALISTA)","MES",2502.84,"SINAPI-I"]
[246,"AUXILIAR DE ENCANADOR OU BOMBEIRO HIDRAULICO","H",14.21,"SINAPI-I"]
[40927,"AUXILIAR DE ENCANADOR OU BOMBEIRO HIDRAULICO (MENSALISTA)","MES",2512.02,"SINAPI-I"]
[2350,"AUXILIAR DE ESCRITORIO","H",17.63,"SINAPI-I"]
[40812,"AUXILIAR DE ESCRITORIO (MENSALISTA)","MES",3116.9,"SINAPI-I"]
[245,"AUXILIAR DE LABORATORISTA DE SOLOS E CONCRETO","H",30.32,"SINAPI-I"]
[41090,"AUXILIAR DE LABORATORISTA DE SOLOS E DE CONCRETO (MENSALISTA)","MES",5359.39,"SINAPI-I"]
[251,"AUXILIAR DE MECANICO","H",14.23,"SINAPI-I"]
[40975,"AUXILIAR DE MECANICO (MENSALISTA)","MES",2515.34,"SINAPI-I"]
[6127,"AUXILIAR DE PEDREIRO","H",12.88,"SINAPI-I"]
[41072,"AUXILIAR DE PEDREIRO (MENSALISTA)","MES",2276.5300000000002,"SINAPI-I"]
[6121,"AUXILIAR DE SERVICOS GERAIS","H",14.89,"SINAPI-I"]
[41071,"AUXILIAR DE SERVICOS GERAIS (MENSALISTA)","MES",2633.92,"SINAPI-I"]
[244,"AUXILIAR DE TOPOGRAFO","H",7.91,"SINAPI-I"]
[41093,"AUXILIAR DE TOPOGRAFO (MENSALISTA)","MES",1470.27,"SINAPI-I"]
[532,"AUXILIAR TECNICO / ASSISTENTE DE ENGENHARIA","H",23.17,"SINAPI-I"]
[40931,"AUXILIAR TECNICO / ASSISTENTE DE ENGENHARIA (MENSALISTA)","MES",4095.69,"SINAPI-I"]
[36150,"AVENTAL DE SEGURANCA DE RASPA DE COURO 1,00 X 0,60 M","UN",40.090000000000003,"SINAPI-I"]
[41069,"AZULEJISTA OU LADRILHEIRO (MENSALISTA)","MES",3433.47,"SINAPI-I"]
[4760,"AZULEJISTA OU LADRILHISTA","H",19.43,"SINAPI-I"]
[10422,"BACIA SANITARIA (VASO) COM CAIXA ACOPLADA, DE LOUCA BRANCA","UN",294.23,"SINAPI-I"]
[10420,"BACIA SANITARIA (VASO) CONVENCIONAL DE LOUCA BRANCA","UN",110.35,"SINAPI-I"]
[10421,"BACIA SANITARIA (VASO) CONVENCIONAL DE LOUCA COR","UN",147.68,"SINAPI-I"]
[36520,"BACIA SANITARIA (VASO) CONVENCIONAL PARA PCD SEM FURO FRONTAL, DE LOUCA BRANCA, SEM ASSENTO","UN",549.78,"SINAPI-I"]
[11784,"BACIA SANITARIA TURCA DE LOUCA BRANCA","UN",412.91,"SINAPI-I"]
[10,"BALDE PLASTICO CAPACIDADE *10* L","UN",7.36,"SINAPI-I"]
[4815,"BALDE VERMELHO PARA SINALIZACAO DE VIAS","UN",5.67,"SINAPI-I"]
[541,"BANCADA DE MARMORE SINTETICO COM UMA CUBA, 120 X *60* CM","UN",137.5,"SINAPI-I"]
[542,"BANCADA DE MARMORE SINTETICO COM UMA CUBA, 150 X *60* CM","UN",172.35,"SINAPI-I"]
[540,"BANCADA DE MARMORE SINTETICO COM UMA CUBA, 200 X *60* CM","UN",388.4,"SINAPI-I"]
[38364,"BANCADA/ BANCA EM GRANITO, POLIDO, TIPO ANDORINHA/ QUARTZ/ CASTELO/ CORUMBA OU OUTROS EQUIVALENTES DA REGIAO, COM CUBA INOX, FORMATO *120 X 60* CM, E=  *2* CM","UN",545.07000000000005,"SINAPI-I"]
[11692,"BANCADA/ BANCA EM MARMORE, POLIDO, BRANCO COMUM, E=  *3* CM","M2",392.12,"SINAPI-I"]
[1746,"BANCADA/BANCA/PIA DE ACO INOXIDAVEL (AISI 430) COM 1 CUBA CENTRAL, COM VALVULA, ESCORREDOR DUPLO, DE *0,55 X 1,20* M","UN",203.9,"SINAPI-I"]
[1748,"BANCADA/BANCA/PIA DE ACO INOXIDAVEL (AISI 430) COM 1 CUBA CENTRAL, COM VALVULA, ESCORREDOR DUPLO, DE *0,55 X 1,40* M","UN",271.13,"SINAPI-I"]
[1749,"BANCADA/BANCA/PIA DE ACO INOXIDAVEL (AISI 430) COM 1 CUBA CENTRAL, COM VALVULA, ESCORREDOR DUPLO, DE *0,55 X 1,80* M","UN",392.83,"SINAPI-I"]
[37412,"BANCADA/BANCA/PIA DE ACO INOXIDAVEL (AISI 430) COM 1 CUBA CENTRAL, COM VALVULA, LISA (SEM ESCORREDOR), DE *0,55 X 1,20* M","UN",199.31,"SINAPI-I"]
[1745,"BANCADA/BANCA/PIA DE ACO INOXIDAVEL (AISI 430) COM 1 CUBA CENTRAL, SEM VALVULA, ESCORREDOR DUPLO, DE *0,55 X 1,60* M","UN",237,"SINAPI-I"]
[1750,"BANCADA/BANCA/PIA DE ACO INOXIDAVEL (AISI 430) COM 2 CUBAS, COM VALVULAS, ESCORREDOR DUPLO, DE *0,55 X 2,00* M","UN",553.85,"SINAPI-I"]
[11687,"BANCADA/TAMPO ACO INOX (AISI 304), LARGURA 60 CM, COM RODABANCA (NAO INCLUI PES DE APOIO)","M",882.45,"SINAPI-I"]
[11689,"BANCADA/TAMPO ACO INOX (AISI 304), LARGURA 70 CM, COM RODABANCA (NAO INCLUI PES DE APOIO)","M",1105.6600000000001,"SINAPI-I"]
[11693,"BANCADA/TAMPO LISO (SEM CUBA) EM MARMORE SINTETICO","M2",152.46,"SINAPI-I"]
[36215,"BANCO ARTICULADO PARA BANHO, EM ACO INOX POLIDO, 70* CM X 45* CM","UN",757.83,"SINAPI-I"]
[42439,"BANCO COM ENCOSTO, 1,60M* DE COMPRIMENTO, EM TUBO DE ACO CARBONO E PINTURA NO PROCESSO ELETROSTATICO - PARA ACADEMIA AO AR LIVRE / ACADEMIA DA TERCEIRA IDADE - ATI","UN",686.09,"SINAPI-I"]
[38381,"BANDEJA DE PINTURA PARA ROLO 23 CM","UN",7.85,"SINAPI-I"]
[39621,"BARRA ANTIPANICO DUPLA, CEGA LADO OPOSTO, COR CINZA","PAR",1205.94,"SINAPI-I"]
[39624,"BARRA ANTIPANICO DUPLA, PARA PORTA DE VIDRO, COR CINZA","PAR",1220.3399999999999,"SINAPI-I"]
[39615,"BARRA ANTIPANICO SIMPLES, CEGA LADO OPOSTO, COR CINZA","UN",420.72,"SINAPI-I"]
[39620,"BARRA ANTIPANICO SIMPLES, COM FECHADURA LADO OPOSTO, COR CINZA","UN",643.16999999999996,"SINAPI-I"]
[39623,"BARRA ANTIPANICO SIMPLES, PARA PORTA DE VIDRO, COR CINZA","UN",622.79999999999995,"SINAPI-I"]
[36207,"BARRA DE APOIO EM \"L\", EM ACO INOX POLIDO 70 X 70 CM, DIAMETRO MINIMO 3 CM","UN",335.66,"SINAPI-I"]
[36209,"BARRA DE APOIO EM \"L\", EM ACO INOX POLIDO 80 X 80 CM, DIAMETRO MINIMO 3 CM","UN",385.23,"SINAPI-I"]
[36210,"BARRA DE APOIO LATERAL ARTICULADA, COM TRAVA, EM ACO INOX POLIDO, 70 CM, DIAMETRO MINIMO 3 CM","UN",416.8,"SINAPI-I"]
[36204,"BARRA DE APOIO RETA, EM ACO INOX POLIDO, COMPRIMENTO 60CM, DIAMETRO MINIMO 3 CM","UN",147.78,"SINAPI-I"]
[36205,"BARRA DE APOIO RETA, EM ACO INOX POLIDO, COMPRIMENTO 70CM, DIAMETRO MINIMO 3 CM","UN",164.12,"SINAPI-I"]
[36081,"BARRA DE APOIO RETA, EM ACO INOX POLIDO, COMPRIMENTO 80CM, DIAMETRO MINIMO 3 CM","UN",175,"SINAPI-I"]
[36206,"BARRA DE APOIO RETA, EM ACO INOX POLIDO, COMPRIMENTO 90 CM, DIAMETRO MINIMO 3 CM","UN",183.34,"SINAPI-I"]
[36218,"BARRA DE APOIO RETA, EM ALUMINIO, COMPRIMENTO 60CM, DIAMETRO MINIMO 3 CM","UN",84.64,"SINAPI-I"]
[36220,"BARRA DE APOIO RETA, EM ALUMINIO, COMPRIMENTO 70CM, DIAMETRO MINIMO 3 CM","UN",97.05,"SINAPI-I"]
[36080,"BARRA DE APOIO RETA, EM ALUMINIO, COMPRIMENTO 80 CM, DIAMETRO MINIMO 3 CM","UN",104.98,"SINAPI-I"]
[36223,"BARRA DE APOIO RETA, EM ALUMINIO, COMPRIMENTO 90 CM, DIAMETRO MINIMO 3 CM","UN",109.93,"SINAPI-I"]
[546,"BARRA DE FERRO RETANGULAR, BARRA CHATA (QUALQUER DIMENSAO)","KG",5.55,"SINAPI-I"]
[557,"BARRA DE FERRO RETANGULAR, BARRA CHATA, 1 1/2\"  X 1/2\" (L X E), 3,79 KG/M","M",21.3,"SINAPI-I"]
[552,"BARRA DE FERRO RETANGULAR, BARRA CHATA, 1 1/2\" X 1/4\" (L X E), 1,89 KG/M","M",10.48,"SINAPI-I"]
[555,"BARRA DE FERRO RETANGULAR, BARRA CHATA, 1\" X 1/4\" (L X E), 1,2265 KG/M","M",6.43,"SINAPI-I"]
[565,"BARRA DE FERRO RETANGULAR, BARRA CHATA, 1\" X 3/16\" (L X E), 1,73 KG/M","M",9.82,"SINAPI-I"]
[549,"BARRA DE FERRO RETANGULAR, BARRA CHATA, 2\" X 1/2\" (L X E), 5,06 KG/M","M",28.08,"SINAPI-I"]
[559,"BARRA DE FERRO RETANGULAR, BARRA CHATA, 2\" X 1/4\" (L X E), 2,53 KG/M","M",14.04,"SINAPI-I"]
[551,"BARRA DE FERRO RETANGULAR, BARRA CHATA, 2\" X 1\" (L X E), 10,12 KG/M","M",54.86,"SINAPI-I"]
[547,"BARRA DE FERRO RETANGULAR, BARRA CHATA, 2\" X 3/8\" (L X E), 3,79KG/M","M",21.03,"SINAPI-I"]
[560,"BARRA DE FERRO RETANGULAR, BARRA CHATA, 2\" X 5/16\" (L X E), 3,162 KG/M","M",17.77,"SINAPI-I"]
[566,"BARRA DE FERRO RETANGULAR, BARRA CHATA, 3/4\" X 1/8\" (L X E), 0,47 KG/M","M",2.85,"SINAPI-I"]
[563,"BARRA DE FERRO RETANGULAR, BARRA CHATA, 3/8\" X 1 1/2\" (L X E), 2,84 KG/M","M",15.96,"SINAPI-I"]
[38127,"BASE DE MISTURADOR MONOCOMANDO PARA CHUVEIRO","UN",401.42,"SINAPI-I"]
[38060,"BASE PARA MASTRO DE PARA-RAIOS DIAMETRO NOMINAL 1 1/2\"","UN",51.66,"SINAPI-I"]
[10956,"BASE PARA MASTRO DE PARA-RAIOS DIAMETRO NOMINAL 2\"","UN",53.66,"SINAPI-I"]
[39380,"BASE PARA RELE COM SUPORTE METALICO","UN",9.34,"SINAPI-I"]
[13374,"BASE UNIPOLAR PARA FUSIVEL NH1, CORRENTE NOMINAL DE 250 A, SEM CAPA","UN",48.11,"SINAPI-I"]
[37597,"BATE-ESTACAS POR GRAVIDADE, POTENCIA160 HP, PESO DO MARTELO ATE 3 TONELADAS","UN",313834.37,"SINAPI-I"]
[183,"BATENTE/ PORTAL/ ADUELA/ MARCO MACICO, E= *3 CM, L= *13 CM, *60 CM A 120* CM X *210 CM,  EM CEDRINHO/ ANGELIM COMERCIAL/ EUCALIPTO/ CURUPIXA/ PEROBA/ CUMARU OU EQUIVALENTE DA REGIAO (NAO INCLUI ALIZARES)","JG",105.5,"SINAPI-I"]
[184,"BATENTE/ PORTAL/ ADUELA/ MARCO MACICO, E= *3* CM, L= *13* CM, *60 CM A 120* CM X *210* CM, EM PINUS/ TAUARI/ VIROLA OU EQUIVALENTE DA REGIAO (NAO INCLUI ALIZARES)","JG",69.73,"SINAPI-I"]
[195,"BATENTE/ PORTAL/ ADUELA/ MARCO MACICO, E= *3* CM, L= *7* CM, *60 CM A 120* CM X *210* CM,  EM CEDRINHO/ ANGELIM COMERCIAL/ EUCALIPTO/ CURUPIXA/ PEROBA/ CUMARU OU EQUIVALENTE DA REGIAO (NAO INCLUI ALIZARES)","JG",85.7,"SINAPI-I"]
[194,"BATENTE/ PORTAL/ ADUELA/ MARCO MACICO, E= *3* CM, L= *7* CM, *60 CM A 120* CM X *210* CM, EM PINUS/ TAUARI/ VIROLA OU EQUIVALENTE DA REGIAO (NAO INCLUI ALIZARES)","JG",46.59,"SINAPI-I"]
[20001,"BATENTE/ PORTAL/ ADUELA/MARCO MACICO, E= *3* CM, L= *15* CM, *60 CM A 120* CM  X *210* CM, EM PINUS/ TAUARI/ VIROLA OU EQUIVALENTE DA REGIAO","JG",85.4,"SINAPI-I"]
[181,"BATENTE/ PORTAL/ADUELA/ MARCO MACICO, E= *3* CM, L= *15* CM, *60 CM A 120* CM  X *210* CM,  EM CEDRINHO/ ANGELIM COMERCIAL/  EUCALIPTO/ CURUPIXA/ PEROBA/ CUMARU OU EQUIVALENTE DA REGIAO (NAO INCLUI ALIZARES)","JG",115.54,"SINAPI-I"]
[39837,"BATENTE/PORTAL/ADUELA/MARCO, EM MDF/PVC WOOD/POLIESTIRENO OU MADEIRA LAMINADA, L = *9,0* CM COM GUARNICAO REGULAVEL 2 FACES = *35* MM, PRIMER","JG",199.55,"SINAPI-I"]
[10535,"BETONEIRA CAPACIDADE NOMINAL 400 L, CAPACIDADE DE MISTURA  280 L, MOTOR ELETRICO TRIFASICO 220/380 V POTENCIA 2 CV, SEM CARREGADOR","UN",3030.21,"SINAPI-I"]
[10537,"BETONEIRA CAPACIDADE NOMINAL 400 L, CAPACIDADE DE MISTURA 310 L, MOTOR A DIESEL POTENCIA 5 CV, SEM CARREGADOR","UN",4132.38,"SINAPI-I"]
[13891,"BETONEIRA CAPACIDADE NOMINAL 400 L, CAPACIDADE DE MISTURA 310 L, MOTOR A GASOLINA POTENCIA 5,5 CV, SEM CARREGADOR","UN",3790.33,"SINAPI-I"]
[25975,"BETONEIRA CAPACIDADE NOMINAL 600 L, CAPACIDADE DE MISTURA 440 L, MOTOR A GASOLINA POTENCIA 10 HP, COM CARREGADOR","UN",16486.39,"SINAPI-I"]
[36396,"BETONEIRA, CAPACIDADE NOMINAL 400 L, CAPACIDADE DE MISTURA 310L, MOTOR ELETRICO TRIFASICO 220/380V POTENCIA 2 CV, SEM CARREGADOR","UN",3466.76,"SINAPI-I"]
[36397,"BETONEIRA, CAPACIDADE NOMINAL 600 L, CAPACIDADE DE MISTURA  360L, MOTOR ELETRICO TRIFASICO 220/380V, POTENCIA 4CV, EXCLUSO CARREGADOR","UN",12326.27,"SINAPI-I"]
[36398,"BETONEIRA, CAPACIDADE NOMINAL 600 L, CAPACIDADE DE MISTURA 440 L, MOTOR A DIESEL POTENCIA 10 CV, COM CARREGADOR","UN",14981.56,"SINAPI-I"]
[647,"BLASTER, DINAMITADOR OU CABO DE FOGO","H",17.8,"SINAPI-I"]
[40920,"BLASTER, DINAMITADOR OU CABO DE FOGO (MENSALISTA)","MES",3147.5,"SINAPI-I"]
[7266,"BLOCO CERAMICO (ALVENARIA DE VEDACAO), DE 9 X 19 X 19 CM","MIL",495,"SINAPI-I"]
[7270,"BLOCO CERAMICO (ALVENARIA DE VEDACAO), 4 FUROS, DE 9 X 9 X 19 CM","UN",0.47,"SINAPI-I"]
[7269,"BLOCO CERAMICO (ALVENARIA DE VEDACAO), 6 FUROS, DE 9 X 9 X 19 CM","UN",0.33,"SINAPI-I"]
[7271,"BLOCO CERAMICO (ALVENARIA DE VEDACAO), 8 FUROS, DE 9 X 19 X 19 CM","UN",0.49,"SINAPI-I"]
[7268,"BLOCO CERAMICO (ALVENARIA DE VEDACAO), 8 FUROS, DE 9 X 19 X 29 CM","UN",0.7,"SINAPI-I"]
[7267,"BLOCO CERAMICO (ALVENARIA VEDACAO), 6 FUROS, DE 9 X 14 X 19 CM","UN",0.34,"SINAPI-I"]
[38783,"BLOCO CERAMICO DE VEDACAO COM FUROS NA HORIZONTAL, 11,5 X 19 X 19 CM - 4,5 MPA (NBR 15270)","UN",0.61,"SINAPI-I"]
[37593,"BLOCO CERAMICO DE VEDACAO COM FUROS NA VERTICAL, 14 X 19 X 39 CM - 4,5 MPA (NBR 15270)","UN",1.61,"SINAPI-I"]
[37594,"BLOCO CERAMICO DE VEDACAO COM FUROS NA VERTICAL, 19 X 19 X 39 CM - 4,5 MPA (NBR 15270)","UN",1.98,"SINAPI-I"]
[37592,"BLOCO CERAMICO DE VEDACAO COM FUROS NA VERTICAL, 9 X 19 X 39 CM - 4,5 MPA (NBR 15270)","UN",1.21,"SINAPI-I"]
[34556,"BLOCO CONCRETO ESTRUTURAL 14 X 19 X 29 CM, FBK 10 MPA (NBR 6136)","UN",3.1,"SINAPI-I"]
[37873,"BLOCO CONCRETO ESTRUTURAL 14 X 19 X 29 CM, FBK 12 MPA  (NBR 6136)","UN",3.38,"SINAPI-I"]
[34564,"BLOCO CONCRETO ESTRUTURAL 14 X 19 X 29 CM, FBK 14 MPA (NBR 6136)","UN",3.87,"SINAPI-I"]
[34565,"BLOCO CONCRETO ESTRUTURAL 14 X 19 X 29 CM, FBK 16 MPA (NBR 6136)","UN",4.47,"SINAPI-I"]
[38590,"BLOCO CONCRETO ESTRUTURAL 14 X 19 X 29 CM, FBK 4,5 MPA (NBR 6136)","UN",2.59,"SINAPI-I"]
[34566,"BLOCO CONCRETO ESTRUTURAL 14 X 19 X 29 CM, FBK 6 MPA (NBR 6136)","UN",2.4300000000000002,"SINAPI-I"]
[34567,"BLOCO CONCRETO ESTRUTURAL 14 X 19 X 29 CM, FBK 8 MPA (NBR 6136)","UN",2.72,"SINAPI-I"]
[38591,"BLOCO CONCRETO ESTRUTURAL 14 X 19 X 34 CM, FBK 4,5 MPA (NBR 6136)","UN",2.94,"SINAPI-I"]
[34568,"BLOCO CONCRETO ESTRUTURAL 14 X 19 X 39 CM, FBK 10 MPA (NBR 6136)","UN",3.55,"SINAPI-I"]
[34569,"BLOCO CONCRETO ESTRUTURAL 14 X 19 X 39 CM, FBK 12 MPA (NBR 6136)","UN",3.63,"SINAPI-I"]
[34570,"BLOCO CONCRETO ESTRUTURAL 14 X 19 X 39 CM, FBK 14 MPA (NBR 6136)","UN",3.89,"SINAPI-I"]
[25070,"BLOCO CONCRETO ESTRUTURAL 14 X 19 X 39 CM, FBK 4,5 MPA (NBR 6136)","UN",2.97,"SINAPI-I"]
[34571,"BLOCO CONCRETO ESTRUTURAL 14 X 19 X 39 CM, FBK 6 MPA (NBR 6136)","UN",3.03,"SINAPI-I"]
[34573,"BLOCO CONCRETO ESTRUTURAL 14 X 19 X 39 CM, FBK 8 MPA (NBR 6136)","UN",3.2,"SINAPI-I"]
[37107,"BLOCO CONCRETO ESTRUTURAL 14 X 19 X 39, FCK 16 MPA - NBR 6136/2007","UN",4.71,"SINAPI-I"]
[34576,"BLOCO CONCRETO ESTRUTURAL 19 X 19 X 39 CM, FBK 10 MPA (NBR 6136)","UN",4.42,"SINAPI-I"]
[34577,"BLOCO CONCRETO ESTRUTURAL 19 X 19 X 39 CM, FBK 12 MPA (NBR 6136)","UN",4.71,"SINAPI-I"]
[34578,"BLOCO CONCRETO ESTRUTURAL 19 X 19 X 39 CM, FBK 14 MPA (NBR 6136)","UN",5.23,"SINAPI-I"]
[34579,"BLOCO CONCRETO ESTRUTURAL 19 X 19 X 39 CM, FBK 16 MPA (NBR 6136)","UN",6.7,"SINAPI-I"]
[25067,"BLOCO CONCRETO ESTRUTURAL 19 X 19 X 39 CM, FBK 4,5 MPA (NBR 6136)","UN",3.87,"SINAPI-I"]
[34580,"BLOCO CONCRETO ESTRUTURAL 19 X 19 X 39 CM, FBK 8 MPA (NBR 6136)","UN",4.21,"SINAPI-I"]
[25071,"BLOCO CONCRETO ESTRUTURAL 9 X 19 X 39 CM, FBK 4,5 MPA (NBR 6136)","UN",2.0299999999999998,"SINAPI-I"]
[38395,"BLOCO DE ESPUMA MULTIUSO *23 X 13 X 8* CM","UN",6.55,"SINAPI-I"]
[34583,"BLOCO DE GESSO COMPACTO, BRANCO, E = 10 CM, *67 X 50* CM","M2",70.31,"SINAPI-I"]
[34584,"BLOCO DE GESSO VAZADO BRANCO, E = *7* CM, *67 X 50* CM","M2",39.36,"SINAPI-I"]
[709,"BLOCO DE POLIETILENO ALTA DENSIDADE, *27* X *30* X *100* CM, ACOMPANHADOS PLACAS  TERMINAIS  E LONGARINAS, PARA FUNDO DE FILTRO","M2",458.69,"SINAPI-I"]
[716,"BLOCO DE VIDRO INCOLOR XADREZ, DE *20 X 20 X 10* CM","UN",10.09,"SINAPI-I"]
[715,"BLOCO DE VIDRO INCOLOR, CANELADO, DE *19 X 19 X 8* CM","UN",9.98,"SINAPI-I"]
[718,"BLOCO DE VIDRO/ELEMENTO VAZADO INCOLOR, VENEZIANA, DE *20 X 20 X 6* CM","UN",14.87,"SINAPI-I"]
[11981,"BLOCO DE VIDRO/ELEMENTO VAZADO, INCOLOR, VENEZIANA, *20 X 10 X 8* CM","UN",10.19,"SINAPI-I"]
[10610,"BLOCO ESTRUTURAL CERAMICO - 14 X 19 X 29 CM - 4,0 MPA -  NBR 15270","UN",1.33,"SINAPI-I"]
[34585,"BLOCO ESTRUTURAL CERAMICO 14 X 19 X 29 CM, 3,0 MPA (NBR 15270)","UN",1.36,"SINAPI-I"]
[34586,"BLOCO ESTRUTURAL CERAMICO 14 X 19 X 29 CM, 6,0 MPA (NBR 15270)","UN",1.37,"SINAPI-I"]
[38603,"BLOCO ESTRUTURAL CERAMICO 14 X 19 X 34 CM, 6,0 MPA (NBR 15270)","UN",1.59,"SINAPI-I"]
[34588,"BLOCO ESTRUTURAL CERAMICO 14 X 19 X 39 CM, 6,0 MPA (NBR 15270)","UN",1.77,"SINAPI-I"]
[34590,"BLOCO ESTRUTURAL CERAMICO 19 X 19 X 29 CM, 6,0 MPA (NBR 15270)","UN",1.91,"SINAPI-I"]
[34591,"BLOCO ESTRUTURAL CERAMICO 19 X 19 X 39 CM, 6,0 MPA (NBR 15270)","UN",2.38,"SINAPI-I"]
[37103,"BLOCO VEDACAO CONCRETO APARENTE 14 X 19 X 39 CM (CLASSE C - NBR 6136)","UN",2.5299999999999998,"SINAPI-I"]
[34555,"BLOCO VEDACAO CONCRETO APARENTE 19 X 19 X 39 CM  (CLASSE C - NBR 6136)","UN",3.17,"SINAPI-I"]
[34599,"BLOCO VEDACAO CONCRETO APARENTE 9 X 19 X 39 CM (CLASSE C - NBR 6136)","UN",2.27,"SINAPI-I"]
[674,"BLOCO VEDACAO CONCRETO CELULAR AUTOCLAVADO 10 X 30 X 60 CM (E X A X C)","M2",43.29,"SINAPI-I"]
[34600,"BLOCO VEDACAO CONCRETO CELULAR AUTOCLAVADO 15 X 30 X 60 CM (E X A X C)","M2",70.349999999999994,"SINAPI-I"]
[652,"BLOCO VEDACAO CONCRETO CELULAR AUTOCLAVADO 20 X 30 X 60 CM","M2",89.6,"SINAPI-I"]
[34592,"BLOCO VEDACAO CONCRETO 14 X 19 X 29 CM (CLASSE C - NBR 6136)","UN",2.16,"SINAPI-I"]
[651,"BLOCO VEDACAO CONCRETO 14 X 19 X 39 CM (CLASSE C - NBR 6136)","UN",2.4700000000000002,"SINAPI-I"]
[654,"BLOCO VEDACAO CONCRETO 19 X 19 X 39 CM (CLASSE C - NBR 6136)","UN",3.18,"SINAPI-I"]
[650,"BLOCO VEDACAO CONCRETO 9 X 19 X 39 CM (CLASSE C - NBR 6136)","UN",2.1,"SINAPI-I"]
[40517,"BLOQUETE/PISO DE CONCRETO - MODELO BLOCO PISOGRAMA/CONCREGRAMA 2 FUROS, *35  CM X 15* CM, E =  *6* CM, COR NATURAL","M2",39.72,"SINAPI-I"]
[40520,"BLOQUETE/PISO DE CONCRETO - MODELO BLOCO PISOGRAMA/CONCREGRAMA 2 FUROS, *35  CM X 15* CM, E =  *8* CM, COR NATURAL","M2",41.62,"SINAPI-I"]
[40515,"BLOQUETE/PISO DE CONCRETO - MODELO PISOGRAMA/CONCREGRAMA/PAVI-GRADE/GRAMEIRO, *60  CM X 45* CM, E =  *7* CM, COR NATURAL","M2",50.24,"SINAPI-I"]
[40516,"BLOQUETE/PISO DE CONCRETO - MODELO PISOGRAMA/CONCREGRAMA/PAVI-GRADE/GRAMEIRO, *60  CM X 45* CM, E =  *9* CM, COR NATURAL","M2",59.84,"SINAPI-I"]
[40529,"BLOQUETE/PISO INTERTRAVADO DE CONCRETO - MODELO ONDA/16 FACES/RETANGULAR/TIJOLINHO/PAVER/HOLANDES/PARALELEPIPEDO, *22 CM X *11 CM, E = 10 CM, RESISTENCIA DE 50 MPA (NBR 9781), COR NATURAL","M2",46.72,"SINAPI-I"]
[36170,"BLOQUETE/PISO INTERTRAVADO DE CONCRETO - MODELO ONDA/16 FACES/RETANGULAR/TIJOLINHO/PAVER/HOLANDES/PARALELEPIPEDO, *22 CM X 11* CM, E = 8 CM, RESISTENCIA DE 35 MPA (NBR 9781), COR NATURAL","M2",35,"SINAPI-I"]
[40524,"BLOQUETE/PISO INTERTRAVADO DE CONCRETO - MODELO ONDA/16 FACES/RETANGULAR/TIJOLINHO/PAVER/HOLANDES/PARALELEPIPEDO, 20 CM X 10 CM, E = 10 CM, RESISTENCIA DE 35 MPA (NBR 9781), COR NATURAL","M2",42.56,"SINAPI-I"]
[36156,"BLOQUETE/PISO INTERTRAVADO DE CONCRETO - MODELO ONDA/16 FACES/RETANGULAR/TIJOLINHO/PAVER/HOLANDES/PARALELEPIPEDO, 20 CM X 10 CM, E = 6 CM, RESISTENCIA DE 35 MPA (NBR 9781), COLORIDO","M2",36.89,"SINAPI-I"]
[36155,"BLOQUETE/PISO INTERTRAVADO DE CONCRETO - MODELO ONDA/16 FACES/RETANGULAR/TIJOLINHO/PAVER/HOLANDES/PARALELEPIPEDO, 20 CM X 10 CM, E = 6 CM, RESISTENCIA DE 35 MPA (NBR 9781), COR NATURAL","M2",32.68,"SINAPI-I"]
[36154,"BLOQUETE/PISO INTERTRAVADO DE CONCRETO - MODELO ONDA/16 FACES/RETANGULAR/TIJOLINHO/PAVER/HOLANDES/PARALELEPIPEDO, 20 CM X 10 CM, E = 8 CM, RESISTENCIA DE 35 MPA (NBR 9781), COLORIDO","M2",43.41,"SINAPI-I"]
[695,"BLOQUETE/PISO INTERTRAVADO DE CONCRETO - MODELO RAQUETE, *22 CM X 13,5* CM, E = 6 CM, RESISTENCIA DE 35 MPA (NBR 9781), COR NATURAL","M2",32.090000000000003,"SINAPI-I"]
[679,"BLOQUETE/PISO INTERTRAVADO DE CONCRETO - MODELO SEXTAVADO, 25 CM X 25 CM, E = 10 CM, RESISTENCIA DE 35 MPA (NBR 9781), COR NATURAL","M2",43.98,"SINAPI-I"]
[711,"BLOQUETE/PISO INTERTRAVADO DE CONCRETO - MODELO SEXTAVADO, 25 CM X 25 CM, E = 6 CM, RESISTENCIA DE 35 MPA (NBR 9781), COR NATURAL","M2",33.58,"SINAPI-I"]
[712,"BLOQUETE/PISO INTERTRAVADO DE CONCRETO - MODELO SEXTAVADO, 25 CM X 25 CM, E = 8 CM, RESISTENCIA DE 35 MPA (NBR 9781), COR NATURAL","M2",35,"SINAPI-I"]
[12614,"BOCAL PVC, PARA CALHA PLUVIAL, DIAMETRO DA SAIDA ENTRE 80 E 100 MM, PARA DRENAGEM PREDIAL","UN",17.2,"SINAPI-I"]
[6140,"BOLSA DE LIGACAO EM PVC FLEXIVEL PARA VASO SANITARIO 1.1/2 \" (40 MM)","UN",2.4300000000000002,"SINAPI-I"]
[38399,"BOLSA DE LONA PARA FERRAMENTAS *50 X 35 X 25* CM","UN",145.63999999999999,"SINAPI-I"]
[735,"BOMBA CENTRIFUGA  MOTOR ELETRICO TRIFASICO 1,48HP  DIAMETRO DE SUCCAO X ELEVACAO 1\" X 1\", 4 ESTAGIOS, DIAMETRO DOS ROTORES 3 X 107 MM + 1 X 100 MM, HM/Q: 10 M / 5,3 M3/H A 70 M / 1,8 M3/H","UN",1342.5,"SINAPI-I"]
[736,"BOMBA CENTRIFUGA  MOTOR ELETRICO TRIFASICO 2,96HP, DIAMETRO DE SUCCAO X ELEVACAO 1 1/2\" X 1 1/4\", DIAMETRO DO ROTOR 148 MM, HM/Q: 34 M / 14,80 M3/H A 40 M / 8,60 M3/H","UN",1128.8,"SINAPI-I"]
[729,"BOMBA CENTRIFUGA COM MOTOR ELETRICO MONOFASICO, POTENCIA 0,33 HP,  BOCAIS 1\" X 3/4\", DIAMETRO DO ROTOR 99 MM, HM/Q = 4 MCA / 8,5 M3/H A 18 MCA / 0,90 M3/H","UN",460,"SINAPI-I"]
[39925,"BOMBA CENTRIFUGA MONOESTAGIO COM MOTOR ELETRICO MONOFASICO, POTENCIA 15 HP,  DIAMETRO DO ROTOR *173* MM, HM/Q = *30* MCA / *90* M3/H A *45* MCA / *55* M3/H","UN",6646.95,"SINAPI-I"]
[731,"BOMBA CENTRIFUGA MOTOR ELETRICO MONOFASICO 0,49 HP  BOCAIS 1\" X 3/4\", DIAMETRO DO ROTOR 110 MM, HM/Q: 6 M / 8,3 M3/H A 20 M / 1,2 M3/H","UN",447.69,"SINAPI-I"]
[10575,"BOMBA CENTRIFUGA MOTOR ELETRICO MONOFASICO 0,50 CV DIAMETRO DE SUCCAO X ELEVACAO 3/4\" X 3/4\", MONOESTAGIO, DIAMETRO DOS ROTORES 114 MM, HM/Q: 2 M / 2,99 M3/H A 24 M / 0,71 M3/H","UN",698.66,"SINAPI-I"]
[733,"BOMBA CENTRIFUGA MOTOR ELETRICO MONOFASICO 0,74HP  DIAMETRO DE SUCCAO X ELEVACAO 1 1/4\" X 1\", DIAMETRO DO ROTOR 120 MM, HM/Q: 8 M / 7,70 M3/H A 24 M / 2,80 M3/H","UN",764.94,"SINAPI-I"]
[732,"BOMBA CENTRIFUGA MOTOR ELETRICO TRIFASICO 0,99HP  DIAMETRO DE SUCCAO X ELEVACAO 1\" X 1\", DIAMETRO DO ROTOR 145 MM, HM/Q: 14 M / 8,4 M3/H A 40 M / 0,60 M3/H","UN",754.66,"SINAPI-I"]
[737,"BOMBA CENTRIFUGA MOTOR ELETRICO TRIFASICO 14,8 HP, DIAMETRO DE SUCCAO X ELEVACAO 2 1/2\" X 2\", DIAMETRO DO ROTOR 195 MM, HM/Q: 62 M / 55,5 M3/H A 80 M / 31,50 M3/H","UN",4231.92,"SINAPI-I"]
[738,"BOMBA CENTRIFUGA MOTOR ELETRICO TRIFASICO 5HP, DIAMETRO DE SUCCAO X ELEVACAO 2\" X 1 1/2\", DIAMETRO DO ROTOR 155 MM, HM/Q: 40 M / 20,40 M3/H A 46 M / 9,20 M3/H","UN",1962.31,"SINAPI-I"]
[740,"BOMBA CENTRIFUGA MOTOR ELETRICO TRIFASICO 9,86 DIAMETRO DE SUCCAO X ELEVACAO 1\" X 1\", 4 ESTAGIOS, DIAMETRO DOS ROTORES 4 X 146 MM, HM/Q: 85 M / 14,9 M3/H A 140 M / 4,2 M3/H","UN",3981.12,"SINAPI-I"]
[734,"BOMBA CENTRIFUGA,  MOTOR ELETRICO TRIFASICO 1,48HP  DIAMETRO DE SUCCAO X ELEVACAO 1 1/2\" X 1\", DIAMETRO DO ROTOR 117 MM, HM/Q: 10 M / 21,9 M3/H A 24 M / 6,1 M3/H","UN",808.99,"SINAPI-I"]
[39008,"BOMBA DE PROJECAO DE CONCRETO SECO, POTENCIA 10 CV, VAZAO 3 M3/H","UN",36939.18,"SINAPI-I"]
[39009,"BOMBA DE PROJECAO DE CONCRETO SECO, POTENCIA 10 CV, VAZAO 6 M3/H","UN",39575.760000000002,"SINAPI-I"]
[10587,"BOMBA SUBMERSA PARA POCOS TUBULARES PROFUNDOS DIAMETRO DE 4 POLEGADAS, ELETRICA, MONOFASICA, POTENCIA 0,49 HP, 13 ESTAGIOS, BOCAL DE DESCARGA DIAMETRO DE UMA POLEGADA E MEIA, HM/Q = 18 M / 1,90 M3/H A 85 M / 0,60 M3/H","UN",2229.81,"SINAPI-I"]
[759,"BOMBA SUBMERSA PARA POCOS TUBULARES PROFUNDOS DIAMETRO DE 4 POLEGADAS, ELETRICA, TRIFASICA, POTENCIA 1,97 HP, 20 ESTAGIOS, BOCAL DE DESCARGA DIAMETRO DE UMA POLEGADA E MEIA, HM/Q = 18 M / 5,40 M3/H A 164 M / 0,80 M3/H","UN",3206.02,"SINAPI-I"]
[761,"BOMBA SUBMERSA PARA POCOS TUBULARES PROFUNDOS DIAMETRO DE 4 POLEGADAS, ELETRICA, TRIFASICA, POTENCIA 5,42 HP, 15 ESTAGIOS, BOCAL DE DESCARGA DIAMETRO DE 2 POLEGADAS, HM/Q = 18 M / 18,10 M3/H A 121 M / 2,90 M3/H","UN",5434.48,"SINAPI-I"]
[750,"BOMBA SUBMERSA PARA POCOS TUBULARES PROFUNDOS DIAMETRO DE 4 POLEGADAS, ELETRICA, TRIFASICA, POTENCIA 5,42 HP, 29 ESTAGIOS, BOCAL DE DESCARGA DE UMA POLEGADA E MEIA, HM/Q = 18 M / 8,10 M3/H A 201 M / 3,2 M3/H","UN",5159.6000000000004,"SINAPI-I"]
[755,"BOMBA SUBMERSA PARA POCOS TUBULARES PROFUNDOS DIAMETRO DE 6 POLEGADAS, ELETRICA, TRIFASICA, POTENCIA 27,12 HP, 7 ESTAGIOS, BOCAL DE DESCARGA DIAMETRO DE 4 POLEGADAS, HM/Q = 13,9 M / 90 M3/H A 44,0 M / 25,0 M3/H","UN",21172.51,"SINAPI-I"]
[749,"BOMBA SUBMERSA PARA POCOS TUBULARES PROFUNDOS DIAMETRO DE 6 POLEGADAS, ELETRICA, TRIFASICA, POTENCIA 3,45 HP, 5 ESTAGIOS, BOCAL DE DESCARGA DIAMETRO DE 2 POLEGADAS, HM/Q = 68,5 M / 6,12 M3/H A 39,5 M / 14,04 M3/H","UN",7786.86,"SINAPI-I"]
[756,"BOMBA SUBMERSA PARA POCOS TUBULARES PROFUNDOS DIAMETRO DE 6 POLEGADAS, ELETRICA, TRIFASICA, POTENCIA 32 HP, 9 ESTAGIOS, BOCAL DE DESCARGA DIAMETRO DE 4 POLEGADAS, HM/Q = 114,0 M / 13,9 M3/H A 57,0 M / 25,0 M3/H","UN",23091.46,"SINAPI-I"]
[757,"BOMBA SUBMERSIVEL,  ELETRICA, TRIFASICA, POTENCIA 6 HP, DIAMETRO DO ROTOR 127 MM, BOCAL DE SAIDA DIAMETRO DE 3 POLEGADAS, HM/Q = 7 M / 66,90 M3/H A 26 M / 2,88 M3/H","UN",10485,"SINAPI-I"]
[10588,"BOMBA SUBMERSIVEL, ELETRICA, TRIFASICA, POTENCIA 0,98 HP, DIAMETRO DO ROTOR 142 MM SEMIABERTO, BOCAL DE SAIDA DIAMETRO DE 2 POLEGADAS, HM/Q = 2 M / 32 M3/H A 8 M / 16 M3/H","UN",2314.8200000000002,"SINAPI-I"]
[10592,"BOMBA SUBMERSIVEL, ELETRICA, TRIFASICA, POTENCIA 0,99 HP, DIAMETRO ROTOR 98 MM SEMIABERTO, BOCAL DE SAIDA DIAMETRO 2 POLEGADAS, HM/Q = 2 M / 28,90 M3/H A 14 M / 7 M3/H","UN",2796,"SINAPI-I"]
[10589,"BOMBA SUBMERSIVEL, ELETRICA, TRIFASICA, POTENCIA 1,97 HP, DIAMETRO DO ROTOR 144 MM SEMIABERTO, BOCAL DE SAIDA DIAMETRO DE 2 POLEGADAS, HM/Q = 2 M / 26,8 M3/H A 28 M / 4,6 M3/H","UN",3756.25,"SINAPI-I"]
[760,"BOMBA SUBMERSIVEL, ELETRICA, TRIFASICA, POTENCIA 13 HP, DIAMETRO DO ROTOR 170 MM, BOCAL DE SAIDA DIAMETRO DE 3 POLEGADAS, HM/Q = 11 M / 68,40 M3/H A 72 M / 3,6 M3/H","UN",20970,"SINAPI-I"]
[751,"BOMBA SUBMERSIVEL, ELETRICA, TRIFASICA, POTENCIA 2,96 HP, DIAMETRO DO ROTOR 144 MM SEMIABERTO, BOCAL DE SAIDA DIAMETRO DE DUAS POLEGADAS, HM/Q = 2 M / 38,8 M3/H A 28 M / 5 M3/H","UN",3302.77,"SINAPI-I"]
[754,"BOMBA SUBMERSIVEL, ELETRICA, TRIFASICA, POTENCIA 3,75 HP, DIAMETRO DO ROTOR 90 MM SEMIABERTO, BOCAL DE SAIDA DIAMETRO DE 2 POLEGADAS, HM/Q = 5 M / 61,2 M3/H A 25,5 M / 3,6 M3/H","UN",5242.5,"SINAPI-I"]
[14013,"BOMBA TRIPLEX COM MOTOR A DIESEL, NACIONAL, DIAMETRO DE SUCCAO DE 2 1/2''","UN",114355.79,"SINAPI-I"]
[39917,"BOMBA TRIPLEX, PARA INJECAO DE CALDA DE CIMENTO, VAZAO MAXIMA DE *100* LITROS/MINUTO, PRESSAO MAXIMA DE *70* BAR, POTENCIA DE 15 CV","UN",56741.25,"SINAPI-I"]
[5081,"BORBOLETA EM LATAO FUNDIDO CROMADO, PARA TRAVAR JANELA TIPO GUILHOTINA","PAR",18.920000000000002,"SINAPI-I"]
[38167,"BORBOLETA EM ZAMAC CROMADO, PARA TRAVAR JANELA TIPO GUILHOTINA","PAR",16.3,"SINAPI-I"]
[36145,"BOTA DE PVC PRETA, CANO MEDIO, SEM FORRO","PAR",38.880000000000003,"SINAPI-I"]
[12893,"BOTA DE SEGURANCA COM BIQUEIRA DE ACO E COLARINHO ACOLCHOADO","PAR",64.8,"SINAPI-I"]
[11685,"BRACO / CANO PARA CHUVEIRO ELETRICO, EM ALUMINIO, 30 CM X 1/2 \"","UN",25.84,"SINAPI-I"]
[11679,"BRACO OU HASTE COM CANOPLA PLASTICA, 1/2 \", PARA CHUVEIRO ELETRICO","UN",5.41,"SINAPI-I"]
[11680,"BRACO OU HASTE COM CANOPLA PLASTICA, 1/2 \", PARA CHUVEIRO SIMPLES","UN",4.46,"SINAPI-I"]
[2512,"BRACO P/ LUMINARIA PUBLICA 1 X 1,50M ROMAGNOLE OU EQUIV","UN",17.96,"SINAPI-I"]
[4374,"BUCHA DE NYLON SEM ABA S10","UN",0.37,"SINAPI-I"]
[7568,"BUCHA DE NYLON SEM ABA S10, COM PARAFUSO DE 6,10 X 65 MM EM ACO ZINCADO COM ROSCA SOBERBA, CABECA CHATA E FENDA PHILLIPS","UN",0.61,"SINAPI-I"]
[7584,"BUCHA DE NYLON SEM ABA S12, COM PARAFUSO DE 5/16\" X 80 MM EM ACO ZINCADO COM ROSCA SOBERBA E CABECA SEXTAVADA","UN",0.93,"SINAPI-I"]
[11945,"BUCHA DE NYLON SEM ABA S4","UN",0.06,"SINAPI-I"]
[11946,"BUCHA DE NYLON SEM ABA S5","UN",0.06,"SINAPI-I"]
[4375,"BUCHA DE NYLON SEM ABA S6","UN",0.1,"SINAPI-I"]
[11950,"BUCHA DE NYLON SEM ABA S6, COM PARAFUSO DE 4,20 X 40 MM EM ACO ZINCADO COM ROSCA SOBERBA, CABECA CHATA E FENDA PHILLIPS","UN",0.2,"SINAPI-I"]
[4376,"BUCHA DE NYLON SEM ABA S8","UN",0.19,"SINAPI-I"]
[7583,"BUCHA DE NYLON SEM ABA S8, COM PARAFUSO DE 4,80 X 50 MM EM ACO ZINCADO COM ROSCA SOBERBA, CABECA CHATA E FENDA PHILLIPS","UN",0.41,"SINAPI-I"]
[4350,"BUCHA DE NYLON, DIAMETRO DO FURO 8 MM, COMPRIMENTO 40 MM, COM PARAFUSO DE ROSCA SOBERBA, CABECA CHATA, FENDA SIMPLES, 4,8 X 50 MM","UN",0.28000000000000003,"SINAPI-I"]
[39886,"BUCHA DE REDUCAO DE COBRE (REF 600-2) SEM ANEL DE SOLDA, PONTA X BOLSA, 22 X 15 MM","UN",3.19,"SINAPI-I"]
[39887,"BUCHA DE REDUCAO DE COBRE (REF 600-2) SEM ANEL DE SOLDA, PONTA X BOLSA, 28 X 22 MM","UN",4.79,"SINAPI-I"]
[39888,"BUCHA DE REDUCAO DE COBRE (REF 600-2) SEM ANEL DE SOLDA, PONTA X BOLSA, 35 X 28 MM","UN",10.96,"SINAPI-I"]
[39890,"BUCHA DE REDUCAO DE COBRE (REF 600-2) SEM ANEL DE SOLDA, PONTA X BOLSA, 42 X 35 MM","UN",18.71,"SINAPI-I"]
[39891,"BUCHA DE REDUCAO DE COBRE (REF 600-2) SEM ANEL DE SOLDA, PONTA X BOLSA, 54 X 42 MM","UN",26.38,"SINAPI-I"]
[39892,"BUCHA DE REDUCAO DE COBRE (REF 600-2) SEM ANEL DE SOLDA, PONTA X BOLSA, 66 X 54 MM","UN",82.23,"SINAPI-I"]
[790,"BUCHA DE REDUCAO DE FERRO GALVANIZADO, COM ROSCA BSP, DE 1 1/2\" X 1 1/4\"","UN",13.65,"SINAPI-I"]
[766,"BUCHA DE REDUCAO DE FERRO GALVANIZADO, COM ROSCA BSP, DE 1 1/2\" X 1/2\"","UN",13.65,"SINAPI-I"]
[791,"BUCHA DE REDUCAO DE FERRO GALVANIZADO, COM ROSCA BSP, DE 1 1/2\" X 1\"","UN",13.65,"SINAPI-I"]
[767,"BUCHA DE REDUCAO DE FERRO GALVANIZADO, COM ROSCA BSP, DE 1 1/2\" X 3/4\"","UN",13.65,"SINAPI-I"]
[768,"BUCHA DE REDUCAO DE FERRO GALVANIZADO, COM ROSCA BSP, DE 1 1/4\" X 1/2\"","UN",10.72,"SINAPI-I"]
[789,"BUCHA DE REDUCAO DE FERRO GALVANIZADO, COM ROSCA BSP, DE 1 1/4\" X 1\"","UN",10.49,"SINAPI-I"]
[769,"BUCHA DE REDUCAO DE FERRO GALVANIZADO, COM ROSCA BSP, DE 1 1/4\" X 3/4\"","UN",10.72,"SINAPI-I"]
[770,"BUCHA DE REDUCAO DE FERRO GALVANIZADO, COM ROSCA BSP, DE 1/2\" X 1/4\"","UN",3.78,"SINAPI-I"]
[12394,"BUCHA DE REDUCAO DE FERRO GALVANIZADO, COM ROSCA BSP, DE 1/2\" X 3/8\"","UN",3.78,"SINAPI-I"]
[764,"BUCHA DE REDUCAO DE FERRO GALVANIZADO, COM ROSCA BSP, DE 1\" X 1/2\"","UN",6.6,"SINAPI-I"]
[765,"BUCHA DE REDUCAO DE FERRO GALVANIZADO, COM ROSCA BSP, DE 1\" X 3/4\"","UN",6.6,"SINAPI-I"]
[787,"BUCHA DE REDUCAO DE FERRO GALVANIZADO, COM ROSCA BSP, DE 2 1/2\" X 1 1/2\"","UN",29.48,"SINAPI-I"]
[774,"BUCHA DE REDUCAO DE FERRO GALVANIZADO, COM ROSCA BSP, DE 2 1/2\" X 1 1/4\"","UN",29.48,"SINAPI-I"]
[773,"BUCHA DE REDUCAO DE FERRO GALVANIZADO, COM ROSCA BSP, DE 2 1/2\" X 1\"","UN",29.48,"SINAPI-I"]
[775,"BUCHA DE REDUCAO DE FERRO GALVANIZADO, COM ROSCA BSP, DE 2 1/2\" X 2\"","UN",29.48,"SINAPI-I"]
[788,"BUCHA DE REDUCAO DE FERRO GALVANIZADO, COM ROSCA BSP, DE 2\" X 1 1/2\"","UN",18.32,"SINAPI-I"]
[772,"BUCHA DE REDUCAO DE FERRO GALVANIZADO, COM ROSCA BSP, DE 2\" X 1 1/4\"","UN",18.32,"SINAPI-I"]
[771,"BUCHA DE REDUCAO DE FERRO GALVANIZADO, COM ROSCA BSP, DE 2\" X 1\"","UN",18.32,"SINAPI-I"]
[779,"BUCHA DE REDUCAO DE FERRO GALVANIZADO, COM ROSCA BSP, DE 3/4\" X 1/2\"","UN",4.55,"SINAPI-I"]
[776,"BUCHA DE REDUCAO DE FERRO GALVANIZADO, COM ROSCA BSP, DE 3\" X 1 1/2\"","UN",43.46,"SINAPI-I"]
[777,"BUCHA DE REDUCAO DE FERRO GALVANIZADO, COM ROSCA BSP, DE 3\" X 1 1/4\"","UN",42.25,"SINAPI-I"]
[780,"BUCHA DE REDUCAO DE FERRO GALVANIZADO, COM ROSCA BSP, DE 3\" X 2 1/2\"","UN",42.46,"SINAPI-I"]
[778,"BUCHA DE REDUCAO DE FERRO GALVANIZADO, COM ROSCA BSP, DE 3\" X 2\"","UN",43.46,"SINAPI-I"]
[781,"BUCHA DE REDUCAO DE FERRO GALVANIZADO, COM ROSCA BSP, DE 4\" X 2 1/2\"","UN",80.3,"SINAPI-I"]
[786,"BUCHA DE REDUCAO DE FERRO GALVANIZADO, COM ROSCA BSP, DE 4\" X 2\"","UN",80.3,"SINAPI-I"]
[782,"BUCHA DE REDUCAO DE FERRO GALVANIZADO, COM ROSCA BSP, DE 4\" X 3\"","UN",80.3,"SINAPI-I"]
[783,"BUCHA DE REDUCAO DE FERRO GALVANIZADO, COM ROSCA BSP, DE 5\" X 4\"","UN",219.77,"SINAPI-I"]
[785,"BUCHA DE REDUCAO DE FERRO GALVANIZADO, COM ROSCA BSP, DE 6\" X 4\"","UN",232.21,"SINAPI-I"]
[784,"BUCHA DE REDUCAO DE FERRO GALVANIZADO, COM ROSCA BSP, DE 6\" X 5\"","UN",249.1,"SINAPI-I"]
[831,"BUCHA DE REDUCAO DE PVC, SOLDAVEL, CURTA, COM 110 X 85 MM, PARA AGUA FRIA PREDIAL","UN",45.81,"SINAPI-I"]
[828,"BUCHA DE REDUCAO DE PVC, SOLDAVEL, CURTA, COM 25 X 20 MM, PARA AGUA FRIA PREDIAL","UN",0.26,"SINAPI-I"]
[829,"BUCHA DE REDUCAO DE PVC, SOLDAVEL, CURTA, COM 32 X 25 MM, PARA AGUA FRIA PREDIAL","UN",0.55000000000000004,"SINAPI-I"]
[812,"BUCHA DE REDUCAO DE PVC, SOLDAVEL, CURTA, COM 40 X 32 MM, PARA AGUA FRIA PREDIAL","UN",1.2,"SINAPI-I"]
[819,"BUCHA DE REDUCAO DE PVC, SOLDAVEL, CURTA, COM 50 X 40 MM, PARA AGUA FRIA PREDIAL","UN",1.98,"SINAPI-I"]
[818,"BUCHA DE REDUCAO DE PVC, SOLDAVEL, CURTA, COM 60 X 50 MM, PARA AGUA FRIA PREDIAL","UN",3.32,"SINAPI-I"]
[823,"BUCHA DE REDUCAO DE PVC, SOLDAVEL, CURTA, COM 75 X 60 MM, PARA AGUA FRIA PREDIAL","UN",10.02,"SINAPI-I"]
[830,"BUCHA DE REDUCAO DE PVC, SOLDAVEL, CURTA, COM 85 X 75 MM, PARA AGUA FRIA PREDIAL","UN",8.25,"SINAPI-I"]
[826,"BUCHA DE REDUCAO DE PVC, SOLDAVEL, LONGA, COM 110 X 60 MM, PARA AGUA FRIA PREDIAL","UN",25.69,"SINAPI-I"]
[827,"BUCHA DE REDUCAO DE PVC, SOLDAVEL, LONGA, COM 110 X 75 MM, PARA AGUA FRIA PREDIAL","UN",21.71,"SINAPI-I"]
[832,"BUCHA DE REDUCAO DE PVC, SOLDAVEL, LONGA, COM 32 X 20 MM, PARA AGUA FRIA PREDIAL","UN",1.5,"SINAPI-I"]
[833,"BUCHA DE REDUCAO DE PVC, SOLDAVEL, LONGA, COM 40 X 20 MM, PARA AGUA FRIA PREDIAL","UN",2.13,"SINAPI-I"]
[834,"BUCHA DE REDUCAO DE PVC, SOLDAVEL, LONGA, COM 40 X 25 MM, PARA AGUA FRIA PREDIAL","UN",2.33,"SINAPI-I"]
[825,"BUCHA DE REDUCAO DE PVC, SOLDAVEL, LONGA, COM 50 X 20 MM, PARA AGUA FRIA PREDIAL","UN",2.6,"SINAPI-I"]
[813,"BUCHA DE REDUCAO DE PVC, SOLDAVEL, LONGA, COM 50 X 25 MM, PARA AGUA FRIA PREDIAL","UN",2.56,"SINAPI-I"]
[820,"BUCHA DE REDUCAO DE PVC, SOLDAVEL, LONGA, COM 50 X 32 MM, PARA AGUA FRIA PREDIAL","UN",3.25,"SINAPI-I"]
[816,"BUCHA DE REDUCAO DE PVC, SOLDAVEL, LONGA, COM 60 X 25 MM, PARA AGUA FRIA PREDIAL","UN",5.53,"SINAPI-I"]
[814,"BUCHA DE REDUCAO DE PVC, SOLDAVEL, LONGA, COM 60 X 32 MM, PARA AGUA FRIA PREDIAL","UN",6.68,"SINAPI-I"]
[815,"BUCHA DE REDUCAO DE PVC, SOLDAVEL, LONGA, COM 60 X 40 MM, PARA AGUA FRIA PREDIAL","UN",7.22,"SINAPI-I"]
[822,"BUCHA DE REDUCAO DE PVC, SOLDAVEL, LONGA, COM 60 X 50 MM, PARA AGUA FRIA PREDIAL","UN",8.7899999999999991,"SINAPI-I"]
[821,"BUCHA DE REDUCAO DE PVC, SOLDAVEL, LONGA, COM 75 X 50 MM, PARA AGUA FRIA PREDIAL","UN",10.28,"SINAPI-I"]
[817,"BUCHA DE REDUCAO DE PVC, SOLDAVEL, LONGA, COM 85 X 60 MM, PARA AGUA FRIA PREDIAL","UN",12.22,"SINAPI-I"]
[20086,"BUCHA DE REDUCAO DE PVC, SOLDAVEL, LONGA, 50 X 40 MM, PARA ESGOTO PREDIAL","UN",1.28,"SINAPI-I"]
[39191,"BUCHA DE REDUCAO EM ALUMINIO, COM ROSCA, DE 1 1/2\" X 1 1/4\", PARA ELETRODUTO","UN",11.83,"SINAPI-I"]
[39190,"BUCHA DE REDUCAO EM ALUMINIO, COM ROSCA, DE 1 1/2\" X 1\", PARA ELETRODUTO","UN",12.36,"SINAPI-I"]
[39189,"BUCHA DE REDUCAO EM ALUMINIO, COM ROSCA, DE 1 1/2\" X 3/4\", PARA ELETRODUTO","UN",13.08,"SINAPI-I"]
[39186,"BUCHA DE REDUCAO EM ALUMINIO, COM ROSCA, DE 1 1/4\" X 1/2\", PARA ELETRODUTO","UN",11.7,"SINAPI-I"]
[39188,"BUCHA DE REDUCAO EM ALUMINIO, COM ROSCA, DE 1 1/4\" X 1\", PARA ELETRODUTO","UN",9.6300000000000008,"SINAPI-I"]
[39187,"BUCHA DE REDUCAO EM ALUMINIO, COM ROSCA, DE 1 1/4\" X 3/4\", PARA ELETRODUTO","UN",10.09,"SINAPI-I"]
[39184,"BUCHA DE REDUCAO EM ALUMINIO, COM ROSCA, DE 1\" X 1/2\", PARA ELETRODUTO","UN",3.79,"SINAPI-I"]
[39185,"BUCHA DE REDUCAO EM ALUMINIO, COM ROSCA, DE 1\" X 3/4\", PARA ELETRODUTO","UN",3.46,"SINAPI-I"]
[39198,"BUCHA DE REDUCAO EM ALUMINIO, COM ROSCA, DE 2 1/2\" X 1 1/2\", PARA ELETRODUTO","UN",38.81,"SINAPI-I"]
[39197,"BUCHA DE REDUCAO EM ALUMINIO, COM ROSCA, DE 2 1/2\" X 1 1/4\", PARA ELETRODUTO","UN",40.54,"SINAPI-I"]
[39196,"BUCHA DE REDUCAO EM ALUMINIO, COM ROSCA, DE 2 1/2\" X 1\", PARA ELETRODUTO","UN",41.81,"SINAPI-I"]
[39199,"BUCHA DE REDUCAO EM ALUMINIO, COM ROSCA, DE 2 1/2\" X 2\", PARA ELETRODUTO","UN",37.35,"SINAPI-I"]
[39195,"BUCHA DE REDUCAO EM ALUMINIO, COM ROSCA, DE 2\" X 1 1/2\", PARA ELETRODUTO","UN",21.55,"SINAPI-I"]
[39194,"BUCHA DE REDUCAO EM ALUMINIO, COM ROSCA, DE 2\" X 1 1/4\", PARA ELETRODUTO","UN",23.07,"SINAPI-I"]
[39193,"BUCHA DE REDUCAO EM ALUMINIO, COM ROSCA, DE 2\" X 1\", PARA ELETRODUTO","UN",25.28,"SINAPI-I"]
[39192,"BUCHA DE REDUCAO EM ALUMINIO, COM ROSCA, DE 2\" X 3/4\", PARA ELETRODUTO","UN",26.3,"SINAPI-I"]
[39920,"BUCHA DE REDUCAO EM ALUMINIO, COM ROSCA, DE 3/4\" X 1/2\",  PARA ELETRODUTO","UN",3.18,"SINAPI-I"]
[39201,"BUCHA DE REDUCAO EM ALUMINIO, COM ROSCA, DE 3\" X 1 1/2\", PARA ELETRODUTO","UN",46.4,"SINAPI-I"]
[39200,"BUCHA DE REDUCAO EM ALUMINIO, COM ROSCA, DE 3\" X 1 1/4\", PARA ELETRODUTO","UN",46.77,"SINAPI-I"]
[39203,"BUCHA DE REDUCAO EM ALUMINIO, COM ROSCA, DE 3\" X 2 1/2\", PARA ELETRODUTO","UN",37.76,"SINAPI-I"]
[39202,"BUCHA DE REDUCAO EM ALUMINIO, COM ROSCA, DE 3\" X 2\", PARA ELETRODUTO","UN",44.36,"SINAPI-I"]
[39205,"BUCHA DE REDUCAO EM ALUMINIO, COM ROSCA, DE 4\" X 2 1/2\", PARA ELETRODUTO","UN",74.010000000000005,"SINAPI-I"]
[39204,"BUCHA DE REDUCAO EM ALUMINIO, COM ROSCA, DE 4\" X 2\", PARA ELETRODUTO","UN",75.8,"SINAPI-I"]
[39206,"BUCHA DE REDUCAO EM ALUMINIO, COM ROSCA, DE 4\" X 3\", PARA ELETRODUTO","UN",71.92,"SINAPI-I"]
[797,"BUCHA DE REDUCAO PVC ROSCAVEL 1 1/2\" X 1\"","UN",4.78,"SINAPI-I"]
[798,"BUCHA DE REDUCAO PVC ROSCAVEL 3/4\" X 1/2\"","UN",0.65,"SINAPI-I"]
[796,"BUCHA DE REDUCAO PVC ROSCAVEL, 1 1/2\" X 3/4\"","UN",4.58,"SINAPI-I"]
[799,"BUCHA DE REDUCAO PVC ROSCAVEL, 1\" X 1/2\"","UN",2.15,"SINAPI-I"]
[792,"BUCHA DE REDUCAO PVC ROSCAVEL, 1\" X 3/4\"","UN",2.19,"SINAPI-I"]
[804,"BUCHA DE REDUCAO PVC, ROSCAVEL,  2\"  X 1 1/2 \"","UN",10.86,"SINAPI-I"]
[793,"BUCHA DE REDUCAO PVC, ROSCAVEL, 1 1/2\"  X1 1/4 \"","UN",4.66,"SINAPI-I"]
[801,"BUCHA DE REDUCAO PVC, ROSCAVEL, 1 1/4\"  X 3/4 \"","UN",3.32,"SINAPI-I"]
[794,"BUCHA DE REDUCAO PVC, ROSCAVEL, 1 1/4\" X 1 \"","UN",3.43,"SINAPI-I"]
[802,"BUCHA DE REDUCAO PVC, ROSCAVEL, 2\"  X 1 \"","UN",9.57,"SINAPI-I"]
[803,"BUCHA DE REDUCAO PVC, ROSCAVEL, 2\"  X 1 1/4 \"","UN",8.35,"SINAPI-I"]
[38001,"BUCHA DE REDUCAO, CPVC, SOLDAVEL, 22 X 15 MM, PARA AGUA QUENTE","UN",0.73,"SINAPI-I"]
[38002,"BUCHA DE REDUCAO, CPVC, SOLDAVEL, 28 X 22 MM, PARA AGUA QUENTE","UN",1.36,"SINAPI-I"]
[38003,"BUCHA DE REDUCAO, CPVC, SOLDAVEL, 35 X 28 MM, PARA AGUA QUENTE","UN",16.41,"SINAPI-I"]
[38004,"BUCHA DE REDUCAO, CPVC, SOLDAVEL, 42 X 22 MM, PARA AGUA QUENTE","UN",21.94,"SINAPI-I"]
[36327,"BUCHA DE REDUCAO, PPR, DN 25 X 20 MM, PARA AGUA QUENTE PREDIAL","UN",1.31,"SINAPI-I"]
[38992,"BUCHA DE REDUCAO, PPR, DN 32 X 25 MM, PARA AGUA QUENTE E FRIA PREDIAL","UN",2.1,"SINAPI-I"]
[38993,"BUCHA DE REDUCAO, PPR, DN 40 X 25 MM, PARA AGUA QUENTE E FRIA PREDIAL","UN",6,"SINAPI-I"]
[38418,"BUCHA DE REDUCAO, PVC, LONGA, SERIE R, DN 50 X 40 MM, PARA ESGOTO PREDIAL","UN",3.72,"SINAPI-I"]
[39178,"BUCHA EM ALUMINIO, COM ROSCA, DE  1 1/2\", PARA ELETRODUTO","UN",1.28,"SINAPI-I"]
[39177,"BUCHA EM ALUMINIO, COM ROSCA, DE 1 1/4\", PARA ELETRODUTO","UN",1.1499999999999999,"SINAPI-I"]
[39174,"BUCHA EM ALUMINIO, COM ROSCA, DE 1/2\", PARA ELETRODUTO","UN",0.56999999999999995,"SINAPI-I"]
[39176,"BUCHA EM ALUMINIO, COM ROSCA, DE 1\", PARA ELETRODUTO","UN",0.75,"SINAPI-I"]
[39180,"BUCHA EM ALUMINIO, COM ROSCA, DE 2 1/2\", PARA ELETRODUTO","UN",3.47,"SINAPI-I"]
[39179,"BUCHA EM ALUMINIO, COM ROSCA, DE 2\", PARA ELETRODUTO","UN",3.07,"SINAPI-I"]
[39175,"BUCHA EM ALUMINIO, COM ROSCA, DE 3/4\", PARA ELETRODUTO","UN",0.7,"SINAPI-I"]
[39217,"BUCHA EM ALUMINIO, COM ROSCA, DE 3/8\", PARA ELETRODUTO","UN",0.54,"SINAPI-I"]
[39181,"BUCHA EM ALUMINIO, COM ROSCA, DE 3\", PARA ELETRODUTO","UN",4.66,"SINAPI-I"]
[39182,"BUCHA EM ALUMINIO, COM ROSCA, DE 4\", PARA ELETRODUTO","UN",6.55,"SINAPI-I"]
[12616,"CABECEIRA DIREITA OU ESQUERDA, PVC, PARA CALHA PLUVIAL, DIAMETRO ENTRE 119 E 170 MM, PARA DRENAGEM PREDIAL","UN",5.0999999999999996,"SINAPI-I"]
[1049,"CABECOTE PARA ENTRADA DE LINHA DE ALIMENTACAO PARA ELETRODUTO, EM LIGA DE ALUMINIO COM ACABAMENTO ANTI CORROSIVO, COM FIXACAO POR ENCAIXE LISO DE 360 GRAUS, DE 1 1/2\"","UN",5.48,"SINAPI-I"]
[1099,"CABECOTE PARA ENTRADA DE LINHA DE ALIMENTACAO PARA ELETRODUTO, EM LIGA DE ALUMINIO COM ACABAMENTO ANTI CORROSIVO, COM FIXACAO POR ENCAIXE LISO DE 360 GRAUS, DE 1 1/4\"","UN",4.1900000000000004,"SINAPI-I"]
[39678,"CABECOTE PARA ENTRADA DE LINHA DE ALIMENTACAO PARA ELETRODUTO, EM LIGA DE ALUMINIO COM ACABAMENTO ANTI CORROSIVO, COM FIXACAO POR ENCAIXE LISO DE 360 GRAUS, DE 1/2\"","UN",1.69,"SINAPI-I"]
[1050,"CABECOTE PARA ENTRADA DE LINHA DE ALIMENTACAO PARA ELETRODUTO, EM LIGA DE ALUMINIO COM ACABAMENTO ANTI CORROSIVO, COM FIXACAO POR ENCAIXE LISO DE 360 GRAUS, DE 1\"","UN",2.87,"SINAPI-I"]
[1101,"CABECOTE PARA ENTRADA DE LINHA DE ALIMENTACAO PARA ELETRODUTO, EM LIGA DE ALUMINIO COM ACABAMENTO ANTI CORROSIVO, COM FIXACAO POR ENCAIXE LISO DE 360 GRAUS, DE 2 1/2\"","UN",18.079999999999998,"SINAPI-I"]
[1100,"CABECOTE PARA ENTRADA DE LINHA DE ALIMENTACAO PARA ELETRODUTO, EM LIGA DE ALUMINIO COM ACABAMENTO ANTI CORROSIVO, COM FIXACAO POR ENCAIXE LISO DE 360 GRAUS, DE 2\"","UN",9.33,"SINAPI-I"]
[39679,"CABECOTE PARA ENTRADA DE LINHA DE ALIMENTACAO PARA ELETRODUTO, EM LIGA DE ALUMINIO COM ACABAMENTO ANTI CORROSIVO, COM FIXACAO POR ENCAIXE LISO DE 360 GRAUS, DE 3 1/2\"","UN",36.049999999999997,"SINAPI-I"]
[1098,"CABECOTE PARA ENTRADA DE LINHA DE ALIMENTACAO PARA ELETRODUTO, EM LIGA DE ALUMINIO COM ACABAMENTO ANTI CORROSIVO, COM FIXACAO POR ENCAIXE LISO DE 360 GRAUS, DE 3/4\"","UN",2.2400000000000002,"SINAPI-I"]
[1102,"CABECOTE PARA ENTRADA DE LINHA DE ALIMENTACAO PARA ELETRODUTO, EM LIGA DE ALUMINIO COM ACABAMENTO ANTI CORROSIVO, COM FIXACAO POR ENCAIXE LISO DE 360 GRAUS, DE 3\"","UN",26.97,"SINAPI-I"]
[1051,"CABECOTE PARA ENTRADA DE LINHA DE ALIMENTACAO PARA ELETRODUTO, EM LIGA DE ALUMINIO COM ACABAMENTO ANTI CORROSIVO, COM FIXACAO POR ENCAIXE LISO DE 360 GRAUS, DE 4\"","UN",39.200000000000003,"SINAPI-I"]
[37399,"CABIDE/GANCHO DE BANHEIRO SIMPLES EM METAL CROMADO","UN",22.77,"SINAPI-I"]
[42655,"CABO DE ACO GALVANIZADO, DIAMETRO 9,53 MM (3/8\"), COM ALMA DE FIBRA 6 X 25 F  (COLETADO CAIXA)","KG",10.34,"SINAPI-I"]
[25004,"CABO DE ALUMINIO NU COM ALMA DE ACO, BITOLA 1/0 AWG","KG",26.6,"SINAPI-I"]
[25002,"CABO DE ALUMINIO NU COM ALMA DE ACO, BITOLA 2 AWG","KG",26.82,"SINAPI-I"]
[37409,"CABO DE ALUMINIO NU COM ALMA DE ACO, BITOLA 2/0 AWG","KG",26.38,"SINAPI-I"]
[841,"CABO DE ALUMINIO NU COM ALMA DE ACO, BITOLA 4 AWG","KG",27.25,"SINAPI-I"]
[25005,"CABO DE ALUMINIO NU SEM ALMA DE ACO, BITOLA 1/0 AWG","KG",29.88,"SINAPI-I"]
[25003,"CABO DE ALUMINIO NU SEM ALMA DE ACO, BITOLA 2 AWG","KG",31.91,"SINAPI-I"]
[37410,"CABO DE ALUMINIO NU SEM ALMA DE ACO, BITOLA 2/0 AWG","KG",29.88,"SINAPI-I"]
[842,"CABO DE ALUMINIO NU SEM ALMA DE ACO, BITOLA 4 AWG","KG",33.61,"SINAPI-I"]
[862,"CABO DE COBRE NU 10 MM2 MEIO-DURO","M",5.08,"SINAPI-I"]
[866,"CABO DE COBRE NU 120 MM2 MEIO-DURO","M",62.49,"SINAPI-I"]
[892,"CABO DE COBRE NU 150 MM2 MEIO-DURO","M",79.47,"SINAPI-I"]
[857,"CABO DE COBRE NU 16 MM2 MEIO-DURO","M",8.09,"SINAPI-I"]
[37404,"CABO DE COBRE NU 185 MM2 MEIO-DURO","M",95.56,"SINAPI-I"]
[868,"CABO DE COBRE NU 25 MM2 MEIO-DURO","M",12.49,"SINAPI-I"]
[870,"CABO DE COBRE NU 300 MM2 MEIO-DURO","M",164.66,"SINAPI-I"]
[863,"CABO DE COBRE NU 35 MM2 MEIO-DURO","M",17.260000000000002,"SINAPI-I"]
[867,"CABO DE COBRE NU 50 MM2 MEIO-DURO","M",24.04,"SINAPI-I"]
[891,"CABO DE COBRE NU 500 MM2 MEIO-DURO","M",276.54000000000002,"SINAPI-I"]
[864,"CABO DE COBRE NU 70 MM2 MEIO-DURO","M",33.869999999999997,"SINAPI-I"]
[865,"CABO DE COBRE NU 95 MM2 MEIO-DURO","M",47.7,"SINAPI-I"]
[1006,"CABO DE COBRE RIGIDO, CLASSE 2, ISOLACAO EM PVC, ANTI-CHAMA BWF-B, 1 CONDUTOR, 450/750 V, DIAMETRO 120 MM2","M",60.3,"SINAPI-I"]
[948,"CABO DE COBRE UNIPOLAR 10 MM2, BLINDADO, ISOLACAO 3,6/6 KV EPR, COBERTURA EM PVC","M",25.13,"SINAPI-I"]
[947,"CABO DE COBRE UNIPOLAR 16 MM2, BLINDADO, ISOLACAO 3,6/6 KV EPR, COBERTURA EM PVC","M",25.56,"SINAPI-I"]
[911,"CABO DE COBRE UNIPOLAR 16 MM2, BLINDADO, ISOLACAO 6/10 KV EPR, COBERTURA EM PVC","M",37.18,"SINAPI-I"]
[925,"CABO DE COBRE UNIPOLAR 25 MM2, BLINDADO, ISOLACAO 3,6/6 KV EPR, COBERTURA EM PVC","M",34.36,"SINAPI-I"]
[954,"CABO DE COBRE UNIPOLAR 25MM2, BLINDADO, ISOLACAO 6/10 KV EPR, COBERTURA EM PVC","M",37.96,"SINAPI-I"]
[901,"CABO DE COBRE UNIPOLAR 35 MM2, BLINDADO, ISOLACAO 12/20 KV EPR, COBERTURA EM PVC","M",40.630000000000003,"SINAPI-I"]
[926,"CABO DE COBRE UNIPOLAR 35 MM2, BLINDADO, ISOLACAO 3,6/6 KV EPR, COBERTURA EM PVC","M",42.94,"SINAPI-I"]
[912,"CABO DE COBRE UNIPOLAR 35 MM2, BLINDADO, ISOLACAO 6/10 KV EPR, COBERTURA EM PVC","M",43.2,"SINAPI-I"]
[955,"CABO DE COBRE UNIPOLAR 50 MM2, BLINDADO, ISOLACAO 12/20 KV EPR, COBERTURA EM PVC","M",51.56,"SINAPI-I"]
[946,"CABO DE COBRE UNIPOLAR 50 MM2, BLINDADO, ISOLACAO 3,6/6 KV EPR, COBERTURA EM PVC","M",57.97,"SINAPI-I"]
[953,"CABO DE COBRE UNIPOLAR 50 MM2, BLINDADO, ISOLACAO 6/10 KV EPR, COBERTURA EM PVC","M",52.75,"SINAPI-I"]
[902,"CABO DE COBRE UNIPOLAR 70 MM2, BLINDADO, ISOLACAO 12/20 KV EPR, COBERTURA EM PVC","M",64.13,"SINAPI-I"]
[927,"CABO DE COBRE UNIPOLAR 70 MM2, BLINDADO, ISOLACAO 3,6/6 KV EPR, COBERTURA EM PVC","M",62.16,"SINAPI-I"]
[913,"CABO DE COBRE UNIPOLAR 70 MM2, BLINDADO, ISOLACAO 6/10 KV EPR, COBERTURA EM PVC","M",69.38,"SINAPI-I"]
[903,"CABO DE COBRE UNIPOLAR 95 MM2, BLINDADO, ISOLACAO 12/20 KV EPR, COBERTURA EM PVC","M",78.52,"SINAPI-I"]
[945,"CABO DE COBRE UNIPOLAR 95 MM2, BLINDADO, ISOLACAO 3,6/6 KV EPR, COBERTURA EM PVC","M",83.06,"SINAPI-I"]
[914,"CABO DE COBRE UNIPOLAR 95 MM2, BLINDADO, ISOLACAO 6/10 KV EPR, COBERTURA EM PVC","M",85.09,"SINAPI-I"]
[993,"CABO DE COBRE, FLEXIVEL, CLASSE 4 OU 5, ISOLACAO EM PVC/A, ANTICHAMA BWF-B, COBERTURA PVC-ST1, ANTICHAMA BWF-B, 1 CONDUTOR, 0,6/1 KV, SECAO NOMINAL 1,5 MM2","M",1.3,"SINAPI-I"]
[1020,"CABO DE COBRE, FLEXIVEL, CLASSE 4 OU 5, ISOLACAO EM PVC/A, ANTICHAMA BWF-B, COBERTURA PVC-ST1, ANTICHAMA BWF-B, 1 CONDUTOR, 0,6/1 KV, SECAO NOMINAL 10 MM2","M",5.65,"SINAPI-I"]
[1017,"CABO DE COBRE, FLEXIVEL, CLASSE 4 OU 5, ISOLACAO EM PVC/A, ANTICHAMA BWF-B, COBERTURA PVC-ST1, ANTICHAMA BWF-B, 1 CONDUTOR, 0,6/1 KV, SECAO NOMINAL 120 MM2","M",62.12,"SINAPI-I"]
[999,"CABO DE COBRE, FLEXIVEL, CLASSE 4 OU 5, ISOLACAO EM PVC/A, ANTICHAMA BWF-B, COBERTURA PVC-ST1, ANTICHAMA BWF-B, 1 CONDUTOR, 0,6/1 KV, SECAO NOMINAL 150 MM2","M",76.97,"SINAPI-I"]
[995,"CABO DE COBRE, FLEXIVEL, CLASSE 4 OU 5, ISOLACAO EM PVC/A, ANTICHAMA BWF-B, COBERTURA PVC-ST1, ANTICHAMA BWF-B, 1 CONDUTOR, 0,6/1 KV, SECAO NOMINAL 16 MM2","M",8.67,"SINAPI-I"]
[1000,"CABO DE COBRE, FLEXIVEL, CLASSE 4 OU 5, ISOLACAO EM PVC/A, ANTICHAMA BWF-B, COBERTURA PVC-ST1, ANTICHAMA BWF-B, 1 CONDUTOR, 0,6/1 KV, SECAO NOMINAL 185 MM2","M",94.35,"SINAPI-I"]
[1022,"CABO DE COBRE, FLEXIVEL, CLASSE 4 OU 5, ISOLACAO EM PVC/A, ANTICHAMA BWF-B, COBERTURA PVC-ST1, ANTICHAMA BWF-B, 1 CONDUTOR, 0,6/1 KV, SECAO NOMINAL 2,5 MM2","M",1.8,"SINAPI-I"]
[1015,"CABO DE COBRE, FLEXIVEL, CLASSE 4 OU 5, ISOLACAO EM PVC/A, ANTICHAMA BWF-B, COBERTURA PVC-ST1, ANTICHAMA BWF-B, 1 CONDUTOR, 0,6/1 KV, SECAO NOMINAL 240 MM2","M",124.24,"SINAPI-I"]
[996,"CABO DE COBRE, FLEXIVEL, CLASSE 4 OU 5, ISOLACAO EM PVC/A, ANTICHAMA BWF-B, COBERTURA PVC-ST1, ANTICHAMA BWF-B, 1 CONDUTOR, 0,6/1 KV, SECAO NOMINAL 25 MM2","M",13.2,"SINAPI-I"]
[1001,"CABO DE COBRE, FLEXIVEL, CLASSE 4 OU 5, ISOLACAO EM PVC/A, ANTICHAMA BWF-B, COBERTURA PVC-ST1, ANTICHAMA BWF-B, 1 CONDUTOR, 0,6/1 KV, SECAO NOMINAL 300 MM2","M",155.47999999999999,"SINAPI-I"]
[1019,"CABO DE COBRE, FLEXIVEL, CLASSE 4 OU 5, ISOLACAO EM PVC/A, ANTICHAMA BWF-B, COBERTURA PVC-ST1, ANTICHAMA BWF-B, 1 CONDUTOR, 0,6/1 KV, SECAO NOMINAL 35 MM2","M",18.190000000000001,"SINAPI-I"]
[1021,"CABO DE COBRE, FLEXIVEL, CLASSE 4 OU 5, ISOLACAO EM PVC/A, ANTICHAMA BWF-B, COBERTURA PVC-ST1, ANTICHAMA BWF-B, 1 CONDUTOR, 0,6/1 KV, SECAO NOMINAL 4 MM2","M",2.58,"SINAPI-I"]
[39249,"CABO DE COBRE, FLEXIVEL, CLASSE 4 OU 5, ISOLACAO EM PVC/A, ANTICHAMA BWF-B, COBERTURA PVC-ST1, ANTICHAMA BWF-B, 1 CONDUTOR, 0,6/1 KV, SECAO NOMINAL 400 MM2","M",202.83,"SINAPI-I"]
[1018,"CABO DE COBRE, FLEXIVEL, CLASSE 4 OU 5, ISOLACAO EM PVC/A, ANTICHAMA BWF-B, COBERTURA PVC-ST1, ANTICHAMA BWF-B, 1 CONDUTOR, 0,6/1 KV, SECAO NOMINAL 50 MM2","M",25.93,"SINAPI-I"]
[39250,"CABO DE COBRE, FLEXIVEL, CLASSE 4 OU 5, ISOLACAO EM PVC/A, ANTICHAMA BWF-B, COBERTURA PVC-ST1, ANTICHAMA BWF-B, 1 CONDUTOR, 0,6/1 KV, SECAO NOMINAL 500 MM2","M",260.55,"SINAPI-I"]
[994,"CABO DE COBRE, FLEXIVEL, CLASSE 4 OU 5, ISOLACAO EM PVC/A, ANTICHAMA BWF-B, COBERTURA PVC-ST1, ANTICHAMA BWF-B, 1 CONDUTOR, 0,6/1 KV, SECAO NOMINAL 6 MM2","M",3.53,"SINAPI-I"]
[977,"CABO DE COBRE, FLEXIVEL, CLASSE 4 OU 5, ISOLACAO EM PVC/A, ANTICHAMA BWF-B, COBERTURA PVC-ST1, ANTICHAMA BWF-B, 1 CONDUTOR, 0,6/1 KV, SECAO NOMINAL 70 MM2","M",35.92,"SINAPI-I"]
[998,"CABO DE COBRE, FLEXIVEL, CLASSE 4 OU 5, ISOLACAO EM PVC/A, ANTICHAMA BWF-B, COBERTURA PVC-ST1, ANTICHAMA BWF-B, 1 CONDUTOR, 0,6/1 KV, SECAO NOMINAL 95 MM2","M",47.72,"SINAPI-I"]
[39251,"CABO DE COBRE, FLEXIVEL, CLASSE 4 OU 5, ISOLACAO EM PVC/A, ANTICHAMA BWF-B, 1 CONDUTOR, 450/750 V, SECAO NOMINAL 0,5 MM2","M",0.34,"SINAPI-I"]
[1011,"CABO DE COBRE, FLEXIVEL, CLASSE 4 OU 5, ISOLACAO EM PVC/A, ANTICHAMA BWF-B, 1 CONDUTOR, 450/750 V, SECAO NOMINAL 0,75 MM2","M",0.48,"SINAPI-I"]
[39252,"CABO DE COBRE, FLEXIVEL, CLASSE 4 OU 5, ISOLACAO EM PVC/A, ANTICHAMA BWF-B, 1 CONDUTOR, 450/750 V, SECAO NOMINAL 1,0 MM2","M",0.56999999999999995,"SINAPI-I"]
[1013,"CABO DE COBRE, FLEXIVEL, CLASSE 4 OU 5, ISOLACAO EM PVC/A, ANTICHAMA BWF-B, 1 CONDUTOR, 450/750 V, SECAO NOMINAL 1,5 MM2","M",0.76,"SINAPI-I"]
[980,"CABO DE COBRE, FLEXIVEL, CLASSE 4 OU 5, ISOLACAO EM PVC/A, ANTICHAMA BWF-B, 1 CONDUTOR, 450/750 V, SECAO NOMINAL 10 MM2","M",5.18,"SINAPI-I"]
[39237,"CABO DE COBRE, FLEXIVEL, CLASSE 4 OU 5, ISOLACAO EM PVC/A, ANTICHAMA BWF-B, 1 CONDUTOR, 450/750 V, SECAO NOMINAL 120 MM2","M",61.47,"SINAPI-I"]
[39238,"CABO DE COBRE, FLEXIVEL, CLASSE 4 OU 5, ISOLACAO EM PVC/A, ANTICHAMA BWF-B, 1 CONDUTOR, 450/750 V, SECAO NOMINAL 150 MM2","M",76.739999999999995,"SINAPI-I"]
[979,"CABO DE COBRE, FLEXIVEL, CLASSE 4 OU 5, ISOLACAO EM PVC/A, ANTICHAMA BWF-B, 1 CONDUTOR, 450/750 V, SECAO NOMINAL 16 MM2","M",7.99,"SINAPI-I"]
[39239,"CABO DE COBRE, FLEXIVEL, CLASSE 4 OU 5, ISOLACAO EM PVC/A, ANTICHAMA BWF-B, 1 CONDUTOR, 450/750 V, SECAO NOMINAL 185 MM2","M",93.4,"SINAPI-I"]
[1014,"CABO DE COBRE, FLEXIVEL, CLASSE 4 OU 5, ISOLACAO EM PVC/A, ANTICHAMA BWF-B, 1 CONDUTOR, 450/750 V, SECAO NOMINAL 2,5 MM2","M",1.21,"SINAPI-I"]
[39240,"CABO DE COBRE, FLEXIVEL, CLASSE 4 OU 5, ISOLACAO EM PVC/A, ANTICHAMA BWF-B, 1 CONDUTOR, 450/750 V, SECAO NOMINAL 240 MM2","M",123.45,"SINAPI-I"]
[39232,"CABO DE COBRE, FLEXIVEL, CLASSE 4 OU 5, ISOLACAO EM PVC/A, ANTICHAMA BWF-B, 1 CONDUTOR, 450/750 V, SECAO NOMINAL 25 MM2","M",12.82,"SINAPI-I"]
[39233,"CABO DE COBRE, FLEXIVEL, CLASSE 4 OU 5, ISOLACAO EM PVC/A, ANTICHAMA BWF-B, 1 CONDUTOR, 450/750 V, SECAO NOMINAL 35 MM2","M",17.62,"SINAPI-I"]
[981,"CABO DE COBRE, FLEXIVEL, CLASSE 4 OU 5, ISOLACAO EM PVC/A, ANTICHAMA BWF-B, 1 CONDUTOR, 450/750 V, SECAO NOMINAL 4 MM2","M",2.16,"SINAPI-I"]
[39234,"CABO DE COBRE, FLEXIVEL, CLASSE 4 OU 5, ISOLACAO EM PVC/A, ANTICHAMA BWF-B, 1 CONDUTOR, 450/750 V, SECAO NOMINAL 50 MM2","M",25.86,"SINAPI-I"]
[982,"CABO DE COBRE, FLEXIVEL, CLASSE 4 OU 5, ISOLACAO EM PVC/A, ANTICHAMA BWF-B, 1 CONDUTOR, 450/750 V, SECAO NOMINAL 6 MM2","M",3.03,"SINAPI-I"]
[39235,"CABO DE COBRE, FLEXIVEL, CLASSE 4 OU 5, ISOLACAO EM PVC/A, ANTICHAMA BWF-B, 1 CONDUTOR, 450/750 V, SECAO NOMINAL 70 MM2","M",36.369999999999997,"SINAPI-I"]
[39236,"CABO DE COBRE, FLEXIVEL, CLASSE 4 OU 5, ISOLACAO EM PVC/A, ANTICHAMA BWF-B, 1 CONDUTOR, 450/750 V, SECAO NOMINAL 95 MM2","M",47.69,"SINAPI-I"]
[876,"CABO DE COBRE, RIGIDO, CLASSE 2, COMPACTADO, BLINDADO, ISOLACAO EM EPR OU XLPE, COBERTURA ANTICHAMA EM PVC, PEAD OU HFFR, 1 CONDUTOR, 20/35 KV, SECAO NOMINAL 120 MM2","M",123.1,"SINAPI-I"]
[877,"CABO DE COBRE, RIGIDO, CLASSE 2, COMPACTADO, BLINDADO, ISOLACAO EM EPR OU XLPE, COBERTURA ANTICHAMA EM PVC, PEAD OU HFFR, 1 CONDUTOR, 20/35 KV, SECAO NOMINAL 150 MM2","M",144.71,"SINAPI-I"]
[882,"CABO DE COBRE, RIGIDO, CLASSE 2, COMPACTADO, BLINDADO, ISOLACAO EM EPR OU XLPE, COBERTURA ANTICHAMA EM PVC, PEAD OU HFFR, 1 CONDUTOR, 20/35 KV, SECAO NOMINAL 185 MM2","M",157.69,"SINAPI-I"]
[878,"CABO DE COBRE, RIGIDO, CLASSE 2, COMPACTADO, BLINDADO, ISOLACAO EM EPR OU XLPE, COBERTURA ANTICHAMA EM PVC, PEAD OU HFFR, 1 CONDUTOR, 20/35 KV, SECAO NOMINAL 240 MM2","M",196.05,"SINAPI-I"]
[879,"CABO DE COBRE, RIGIDO, CLASSE 2, COMPACTADO, BLINDADO, ISOLACAO EM EPR OU XLPE, COBERTURA ANTICHAMA EM PVC, PEAD OU HFFR, 1 CONDUTOR, 20/35 KV, SECAO NOMINAL 300 MM2","M",231.07,"SINAPI-I"]
[880,"CABO DE COBRE, RIGIDO, CLASSE 2, COMPACTADO, BLINDADO, ISOLACAO EM EPR OU XLPE, COBERTURA ANTICHAMA EM PVC, PEAD OU HFFR, 1 CONDUTOR, 20/35 KV, SECAO NOMINAL 400 MM2","M",271.89,"SINAPI-I"]
[873,"CABO DE COBRE, RIGIDO, CLASSE 2, COMPACTADO, BLINDADO, ISOLACAO EM EPR OU XLPE, COBERTURA ANTICHAMA EM PVC, PEAD OU HFFR, 1 CONDUTOR, 20/35 KV, SECAO NOMINAL 50 MM2","M",82.67,"SINAPI-I"]
[881,"CABO DE COBRE, RIGIDO, CLASSE 2, COMPACTADO, BLINDADO, ISOLACAO EM EPR OU XLPE, COBERTURA ANTICHAMA EM PVC, PEAD OU HFFR, 1 CONDUTOR, 20/35 KV, SECAO NOMINAL 500 MM2","M",371.62,"SINAPI-I"]
[874,"CABO DE COBRE, RIGIDO, CLASSE 2, COMPACTADO, BLINDADO, ISOLACAO EM EPR OU XLPE, COBERTURA ANTICHAMA EM PVC, PEAD OU HFFR, 1 CONDUTOR, 20/35 KV, SECAO NOMINAL 70 MM2","M",98.11,"SINAPI-I"]
[875,"CABO DE COBRE, RIGIDO, CLASSE 2, COMPACTADO, BLINDADO, ISOLACAO EM EPR OU XLPE, COBERTURA ANTICHAMA EM PVC, PEAD OU HFFR, 1 CONDUTOR, 20/35 KV, SECAO NOMINAL 95 MM2","M",117.05,"SINAPI-I"]
[983,"CABO DE COBRE, RIGIDO, CLASSE 2, ISOLACAO EM PVC/A, ANTICHAMA BWF-B, 1 CONDUTOR, 450/750 V, SECAO NOMINAL 1,5 MM2","M",0.73,"SINAPI-I"]
[985,"CABO DE COBRE, RIGIDO, CLASSE 2, ISOLACAO EM PVC/A, ANTICHAMA BWF-B, 1 CONDUTOR, 450/750 V, SECAO NOMINAL 10 MM2","M",5.49,"SINAPI-I"]
[990,"CABO DE COBRE, RIGIDO, CLASSE 2, ISOLACAO EM PVC/A, ANTICHAMA BWF-B, 1 CONDUTOR, 450/750 V, SECAO NOMINAL 150 MM2","M",75.25,"SINAPI-I"]
[39241,"CABO DE COBRE, RIGIDO, CLASSE 2, ISOLACAO EM PVC/A, ANTICHAMA BWF-B, 1 CONDUTOR, 450/750 V, SECAO NOMINAL 16 MM2","M",8.6,"SINAPI-I"]
[1005,"CABO DE COBRE, RIGIDO, CLASSE 2, ISOLACAO EM PVC/A, ANTICHAMA BWF-B, 1 CONDUTOR, 450/750 V, SECAO NOMINAL 185 MM2","M",92.36,"SINAPI-I"]
[984,"CABO DE COBRE, RIGIDO, CLASSE 2, ISOLACAO EM PVC/A, ANTICHAMA BWF-B, 1 CONDUTOR, 450/750 V, SECAO NOMINAL 2,5 MM2","M",1.89,"SINAPI-I"]
[991,"CABO DE COBRE, RIGIDO, CLASSE 2, ISOLACAO EM PVC/A, ANTICHAMA BWF-B, 1 CONDUTOR, 450/750 V, SECAO NOMINAL 240 MM2","M",122.04,"SINAPI-I"]
[986,"CABO DE COBRE, RIGIDO, CLASSE 2, ISOLACAO EM PVC/A, ANTICHAMA BWF-B, 1 CONDUTOR, 450/750 V, SECAO NOMINAL 25 MM2","M",13.14,"SINAPI-I"]
[1024,"CABO DE COBRE, RIGIDO, CLASSE 2, ISOLACAO EM PVC/A, ANTICHAMA BWF-B, 1 CONDUTOR, 450/750 V, SECAO NOMINAL 300 MM2","M",151.05000000000001,"SINAPI-I"]
[987,"CABO DE COBRE, RIGIDO, CLASSE 2, ISOLACAO EM PVC/A, ANTICHAMA BWF-B, 1 CONDUTOR, 450/750 V, SECAO NOMINAL 35 MM2","M",17.86,"SINAPI-I"]
[1003,"CABO DE COBRE, RIGIDO, CLASSE 2, ISOLACAO EM PVC/A, ANTICHAMA BWF-B, 1 CONDUTOR, 450/750 V, SECAO NOMINAL 4 MM2","M",2.78,"SINAPI-I"]
[992,"CABO DE COBRE, RIGIDO, CLASSE 2, ISOLACAO EM PVC/A, ANTICHAMA BWF-B, 1 CONDUTOR, 450/750 V, SECAO NOMINAL 400 MM2","M",195.42,"SINAPI-I"]
[1007,"CABO DE COBRE, RIGIDO, CLASSE 2, ISOLACAO EM PVC/A, ANTICHAMA BWF-B, 1 CONDUTOR, 450/750 V, SECAO NOMINAL 50 MM2","M",25.34,"SINAPI-I"]
[39242,"CABO DE COBRE, RIGIDO, CLASSE 2, ISOLACAO EM PVC/A, ANTICHAMA BWF-B, 1 CONDUTOR, 450/750 V, SECAO NOMINAL 500 MM2","M",242.13,"SINAPI-I"]
[1008,"CABO DE COBRE, RIGIDO, CLASSE 2, ISOLACAO EM PVC/A, ANTICHAMA BWF-B, 1 CONDUTOR, 450/750 V, SECAO NOMINAL 6 MM2","M",3.15,"SINAPI-I"]
[988,"CABO DE COBRE, RIGIDO, CLASSE 2, ISOLACAO EM PVC/A, ANTICHAMA BWF-B, 1 CONDUTOR, 450/750 V, SECAO NOMINAL 70 MM2","M",35,"SINAPI-I"]
[989,"CABO DE COBRE, RIGIDO, CLASSE 2, ISOLACAO EM PVC/A, ANTICHAMA BWF-B, 1 CONDUTOR, 450/750 V, SECAO NOMINAL 95 MM2","M",47.42,"SINAPI-I"]
[39598,"CABO DE PAR TRANCADO UTP, 4 PARES, CATEGORIA 5E","M",1.42,"SINAPI-I"]
[39599,"CABO DE PAR TRANCADO UTP, 4 PARES, CATEGORIA 6","M",2.15,"SINAPI-I"]
[34602,"CABO FLEXIVEL PVC 750 V, 2 CONDUTORES DE 1,5 MM2","M",2.36,"SINAPI-I"]
[34603,"CABO FLEXIVEL PVC 750 V, 2 CONDUTORES DE 10,0 MM2","M",11.38,"SINAPI-I"]
[34607,"CABO FLEXIVEL PVC 750 V, 2 CONDUTORES DE 4,0 MM2","M",5.07,"SINAPI-I"]
[34609,"CABO FLEXIVEL PVC 750 V, 2 CONDUTORES DE 6,0 MM2","M",7.61,"SINAPI-I"]
[34618,"CABO FLEXIVEL PVC 750 V, 3 CONDUTORES DE 1,5 MM2","M",3.14,"SINAPI-I"]
[34620,"CABO FLEXIVEL PVC 750 V, 3 CONDUTORES DE 10,0 MM2","M",15.71,"SINAPI-I"]
[34621,"CABO FLEXIVEL PVC 750 V, 3 CONDUTORES DE 4,0 MM2","M",7.29,"SINAPI-I"]
[34622,"CABO FLEXIVEL PVC 750 V, 3 CONDUTORES DE 6,0 MM2","M",10.32,"SINAPI-I"]
[34624,"CABO FLEXIVEL PVC 750 V, 4 CONDUTORES DE 1,5 MM2","M",4.01,"SINAPI-I"]
[34626,"CABO FLEXIVEL PVC 750 V, 4 CONDUTORES DE 10,0 MM2","M",21.6,"SINAPI-I"]
[34627,"CABO FLEXIVEL PVC 750 V, 4 CONDUTORES DE 4,0 MM2","M",9.3000000000000007,"SINAPI-I"]
[34629,"CABO FLEXIVEL PVC 750 V, 4 CONDUTORES DE 6,0 MM2","M",13.62,"SINAPI-I"]
[39257,"CABO MULTIPOLAR DE COBRE, FLEXIVEL, CLASSE 4 OU 5, ISOLACAO EM HEPR, COBERTURA EM PVC-ST2, ANTICHAMA BWF-B, 0,6/1 KV, 3 CONDUTORES DE 1,5 MM2","M",3.31,"SINAPI-I"]
[39261,"CABO MULTIPOLAR DE COBRE, FLEXIVEL, CLASSE 4 OU 5, ISOLACAO EM HEPR, COBERTURA EM PVC-ST2, ANTICHAMA BWF-B, 0,6/1 KV, 3 CONDUTORES DE 10 MM2","M",17.64,"SINAPI-I"]
[39268,"CABO MULTIPOLAR DE COBRE, FLEXIVEL, CLASSE 4 OU 5, ISOLACAO EM HEPR, COBERTURA EM PVC-ST2, ANTICHAMA BWF-B, 0,6/1 KV, 3 CONDUTORES DE 120 MM2","M",203.52,"SINAPI-I"]
[39262,"CABO MULTIPOLAR DE COBRE, FLEXIVEL, CLASSE 4 OU 5, ISOLACAO EM HEPR, COBERTURA EM PVC-ST2, ANTICHAMA BWF-B, 0,6/1 KV, 3 CONDUTORES DE 16 MM2","M",27.58,"SINAPI-I"]
[39258,"CABO MULTIPOLAR DE COBRE, FLEXIVEL, CLASSE 4 OU 5, ISOLACAO EM HEPR, COBERTURA EM PVC-ST2, ANTICHAMA BWF-B, 0,6/1 KV, 3 CONDUTORES DE 2,5 MM2","M",4.9000000000000004,"SINAPI-I"]
[39263,"CABO MULTIPOLAR DE COBRE, FLEXIVEL, CLASSE 4 OU 5, ISOLACAO EM HEPR, COBERTURA EM PVC-ST2, ANTICHAMA BWF-B, 0,6/1 KV, 3 CONDUTORES DE 25 MM2","M",42.67,"SINAPI-I"]
[39264,"CABO MULTIPOLAR DE COBRE, FLEXIVEL, CLASSE 4 OU 5, ISOLACAO EM HEPR, COBERTURA EM PVC-ST2, ANTICHAMA BWF-B, 0,6/1 KV, 3 CONDUTORES DE 35 MM2","M",57.78,"SINAPI-I"]
[39259,"CABO MULTIPOLAR DE COBRE, FLEXIVEL, CLASSE 4 OU 5, ISOLACAO EM HEPR, COBERTURA EM PVC-ST2, ANTICHAMA BWF-B, 0,6/1 KV, 3 CONDUTORES DE 4 MM2","M",7.47,"SINAPI-I"]
[39265,"CABO MULTIPOLAR DE COBRE, FLEXIVEL, CLASSE 4 OU 5, ISOLACAO EM HEPR, COBERTURA EM PVC-ST2, ANTICHAMA BWF-B, 0,6/1 KV, 3 CONDUTORES DE 50 MM2","M",85.12,"SINAPI-I"]
[39260,"CABO MULTIPOLAR DE COBRE, FLEXIVEL, CLASSE 4 OU 5, ISOLACAO EM HEPR, COBERTURA EM PVC-ST2, ANTICHAMA BWF-B, 0,6/1 KV, 3 CONDUTORES DE 6 MM2","M",10.64,"SINAPI-I"]
[39266,"CABO MULTIPOLAR DE COBRE, FLEXIVEL, CLASSE 4 OU 5, ISOLACAO EM HEPR, COBERTURA EM PVC-ST2, ANTICHAMA BWF-B, 0,6/1 KV, 3 CONDUTORES DE 70 MM2","M",119.44,"SINAPI-I"]
[39267,"CABO MULTIPOLAR DE COBRE, FLEXIVEL, CLASSE 4 OU 5, ISOLACAO EM HEPR, COBERTURA EM PVC-ST2, ANTICHAMA BWF-B, 0,6/1 KV, 3 CONDUTORES DE 95 MM2","M",156.56,"SINAPI-I"]
[11901,"CABO TELEFONICO CCI 50, 1 PAR, USO INTERNO, SEM BLINDAGEM","M",0.38,"SINAPI-I"]
[11902,"CABO TELEFONICO CCI 50, 2 PARES, USO INTERNO, SEM BLINDAGEM","M",0.66,"SINAPI-I"]
[11903,"CABO TELEFONICO CCI 50, 3 PARES, USO INTERNO, SEM BLINDAGEM","M",1.02,"SINAPI-I"]
[11904,"CABO TELEFONICO CCI 50, 4 PARES, USO INTERNO, SEM BLINDAGEM","M",1.3,"SINAPI-I"]
[11905,"CABO TELEFONICO CCI 50, 5 PARES, USO INTERNO, SEM BLINDAGEM","M",1.75,"SINAPI-I"]
[11906,"CABO TELEFONICO CCI 50, 6 PARES, USO INTERNO, SEM BLINDAGEM","M",2.0099999999999998,"SINAPI-I"]
[11919,"CABO TELEFONICO CI 50, 10 PARES, USO INTERNO","M",3.95,"SINAPI-I"]
[11920,"CABO TELEFONICO CI 50, 20 PARES, USO INTERNO","M",7.66,"SINAPI-I"]
[11924,"CABO TELEFONICO CI 50, 200 PARES, USO INTERNO","M",74.569999999999993,"SINAPI-I"]
[11921,"CABO TELEFONICO CI 50, 30 PARES, USO INTERNO","M",10.44,"SINAPI-I"]
[11922,"CABO TELEFONICO CI 50, 50 PARES, USO INTERNO","M",18.53,"SINAPI-I"]
[11923,"CABO TELEFONICO CI 50, 75 PARES, USO INTERNO","M",30.27,"SINAPI-I"]
[11916,"CABO TELEFONICO CTP - APL - 50, 10 PARES, USO EXTERNO","M",5.13,"SINAPI-I"]
[11914,"CABO TELEFONICO CTP - APL - 50, 100 PARES, USO EXTERNO","M",37.29,"SINAPI-I"]
[11917,"CABO TELEFONICO CTP - APL - 50, 20 PARES, USO EXTERNO","M",8.94,"SINAPI-I"]
[11918,"CABO TELEFONICO CTP - APL - 50, 30 PARES, USO EXTERNO","M",12.13,"SINAPI-I"]
[37734,"CACAMBA METALICA BASCULANTE COM CAPACIDADE DE 10 M3 (INCLUI MONTAGEM, NAO INCLUI CAMINHAO)","UN",40756.99,"SINAPI-I"]
[42251,"CACAMBA METALICA BASCULANTE COM CAPACIDADE DE 12 M3 (INCLUI MONTAGEM, NAO INCLUI CAMINHAO)","UN",46282.05,"SINAPI-I"]
[37733,"CACAMBA METALICA BASCULANTE COM CAPACIDADE DE 6 M3 (INCLUI MONTAGEM, NAO INCLUI CAMINHAO)","UN",30559.439999999999,"SINAPI-I"]
[37735,"CACAMBA METALICA BASCULANTE COM CAPACIDADE DE 8 M3 (INCLUI MONTAGEM, NAO INCLUI CAMINHAO)","UN",36824.120000000003,"SINAPI-I"]
[41758,"CADEADO EM ACO INOX, LARGURA DE *50* MM, COM HASTE EM ACO TEMPERADO, SEM MOLA - CHAVES INCLUIDAS","UN",131.37,"SINAPI-I"]
[5090,"CADEADO SIMPLES/COMUM, EM LATAO MACICO CROMADO, LARGURA DE 25 MM,  HASTE DE ACO TEMPERADO, CEMENTADO (NAO LONGA), INCLUI 2 CHAVES","UN",15.05,"SINAPI-I"]
[5085,"CADEADO SIMPLES, EM LATAO MACICO CROMADO, LARGURA DE 35 MM,  HASTE DE ACO TEMPERADO, CEMENTADO (NAO LONGA), INCLUI 2 CHAVES","UN",16.78,"SINAPI-I"]
[38374,"CADEIRA SUSPENSA MANUAL / BALANCIM INDIVIDUAL (NBR 14751)","UN",974.63,"SINAPI-I"]
[20212,"CAIBRO DE MADEIRA APARELHADA *6 X 8* CM, MACARANDUBA, ANGELIM OU EQUIVALENTE DA REGIAO","M",19.809999999999999,"SINAPI-I"]
[4430,"CAIBRO DE MADEIRA NAO APARELHADA *5 X 6* CM, MACARANDUBA, ANGELIM OU EQUIVALENTE DA REGIAO","M",12.57,"SINAPI-I"]
[4400,"CAIBRO DE MADEIRA NAO APARELHADA *6 X 8* CM, MACARANDUBA, ANGELIM OU EQUIVALENTE DA REGIAO","M",15.87,"SINAPI-I"]
[4500,"CAIBRO DE MADEIRA NAO APARELHADA *7,5 X 10 CM (3 X 4 \") PINUS, MISTA OU EQUIVALENTE DA REGIAO","M",9.34,"SINAPI-I"]
[4513,"CAIBRO DE MADEIRA NAO APARELHADA 5 X 5 CM (2 X 2 \") PINUS, MISTA OU EQUIVALENTE DA REGIAO","M",2.5,"SINAPI-I"]
[4496,"CAIBRO DE MADEIRA NAO APARELHADA 5 X 5 CM, CEDRINHO OU EQUIVALENTE DA REGIAO","M",8.52,"SINAPI-I"]
[11871,"CAIXA D'AGUA DE FIBRA DE VIDRO, PARA 500 LITROS, COM TAMPA","UN",261.33,"SINAPI-I"]
[34636,"CAIXA D'AGUA EM POLIETILENO 1000 LITROS, COM TAMPA","UN",284.5,"SINAPI-I"]
[34639,"CAIXA D'AGUA EM POLIETILENO 1500 LITROS, COM TAMPA","UN",577.80999999999995,"SINAPI-I"]
[34640,"CAIXA D'AGUA EM POLIETILENO 2000 LITROS, COM TAMPA","UN",649.03,"SINAPI-I"]
[34637,"CAIXA D'AGUA EM POLIETILENO 500 LITROS, COM TAMPA","UN",163.34,"SINAPI-I"]
[34638,"CAIXA D'AGUA EM POLIETILENO 750 LITROS, COM TAMPA","UN",280.11,"SINAPI-I"]
[11868,"CAIXA D'AGUA FIBRA DE VIDRO PARA 1000 LITROS, COM TAMPA","UN",359.16,"SINAPI-I"]
[37106,"CAIXA D'AGUA FIBRA DE VIDRO PARA 10000 LITROS, COM TAMPA","UN",3469.1,"SINAPI-I"]
[11869,"CAIXA D'AGUA FIBRA DE VIDRO PARA 1500 LITROS, COM TAMPA","UN",582.73,"SINAPI-I"]
[37104,"CAIXA D'AGUA FIBRA DE VIDRO PARA 2000 LITROS, COM TAMPA","UN",751.18,"SINAPI-I"]
[37105,"CAIXA D'AGUA FIBRA DE VIDRO PARA 5000 LITROS, COM TAMPA","UN",1673,"SINAPI-I"]
[11638,"CAIXA DE CONCRETO PRE-MOLDADO PARA AR-CONDICIONADO DE JANELA, DE *80 X 54 X 76,5* CM (L X A X P)","UN",105.51,"SINAPI-I"]
[1030,"CAIXA DE DESCARGA DE PLASTICO EXTERNA, DE *9* L, PUXADOR FIO DE NYLON, NAO INCLUSO CANO, BOLSA, ENGATE","UN",27.91,"SINAPI-I"]
[11694,"CAIXA DE DESCARGA PLASTICA DE EMBUTIR COMPLETA, COM ESPELHO PLASTICO, CAPACIDADE 6 A 10 L, ACESSORIOS INCLUSOS","UN",616.95000000000005,"SINAPI-I"]
[35277,"CAIXA DE GORDURA EM PVC, DIAMETRO MINIMO 300 MM, DIAMETRO DE SAIDA 100 MM, CAPACIDADE  APROXIMADA 18 LITROS, COM TAMPA","UN",314.82,"SINAPI-I"]
[10521,"CAIXA DE INCENDIO/ABRIGO PARA MANGUEIRA, DE EMBUTIR/INTERNA, COM 75 X 45 X 17 CM, EM CHAPA DE ACO, PORTA COM VENTILACAO, VISOR COM A INSCRICAO \"INCENDIO\", SUPORTE/CESTA INTERNA PARA A MANGUEIRA, PINTURA ELETROSTATICA VERMELHA","UN",138.07,"SINAPI-I"]
[10885,"CAIXA DE INCENDIO/ABRIGO PARA MANGUEIRA, DE EMBUTIR/INTERNA, COM 90 X 60 X 17 CM, EM CHAPA DE ACO, PORTA COM VENTILACAO, VISOR COM A INSCRICAO \"INCENDIO\", SUPORTE/CESTA INTERNA PARA A MANGUEIRA, PINTURA ELETROSTATICA VERMELHA","UN",174.64,"SINAPI-I"]
[20962,"CAIXA DE INCENDIO/ABRIGO PARA MANGUEIRA, DE SOBREPOR/EXTERNA, COM 75 X 45 X 17 CM, EM CHAPA DE ACO, PORTA COM VENTILACAO, VISOR COM A INSCRICAO \"INCENDIO\", SUPORTE/CESTA INTERNA PARA A MANGUEIRA, PINTURA ELETROSTATICA VERMELHA","UN",144.65,"SINAPI-I"]
[20963,"CAIXA DE INCENDIO/ABRIGO PARA MANGUEIRA, DE SOBREPOR/EXTERNA, COM 90 X 60 X 17 CM, EM CHAPA DE ACO, PORTA COM VENTILACAO, VISOR COM A INSCRICAO \"INCENDIO\", SUPORTE/CESTA INTERNA PARA A MANGUEIRA, PINTURA ELETROSTATICA VERMELHA","UN",176.7,"SINAPI-I"]
[2555,"CAIXA DE LUZ \"3 X 3\" EM ACO ESMALTADA","UN",1.32,"SINAPI-I"]
[2556,"CAIXA DE LUZ \"4 X 2\" EM ACO ESMALTADA","UN",1.22,"SINAPI-I"]
[2557,"CAIXA DE LUZ \"4 X 4\" EM ACO ESMALTADA","UN",2.57,"SINAPI-I"]
[39810,"CAIXA DE PASSAGEM DE PAREDE, DE EMBUTIR, EM PVC, DIMENSOES *120 X 120 X 75* MM","UN",14.82,"SINAPI-I"]
[39811,"CAIXA DE PASSAGEM DE PAREDE, DE EMBUTIR, EM PVC, DIMENSOES *150 X 150 X 75* MM","UN",18.77,"SINAPI-I"]
[39812,"CAIXA DE PASSAGEM DE PAREDE, DE EMBUTIR, EM PVC, DIMENSOES *200 X 200 X 90* MM","UN",28.64,"SINAPI-I"]
[20254,"CAIXA DE PASSAGEM METALICA DE SOBREPOR COM TAMPA PARAFUSADA, DIMENSOES 15 X 15 X 10 CM","UN",14.21,"SINAPI-I"]
[39771,"CAIXA DE PASSAGEM METALICA DE SOBREPOR COM TAMPA PARAFUSADA, DIMENSOES 20 X 20 X 10 CM","UN",23.54,"SINAPI-I"]
[20255,"CAIXA DE PASSAGEM METALICA DE SOBREPOR COM TAMPA PARAFUSADA, DIMENSOES 25 X 25 X 10 CM","UN",38.89,"SINAPI-I"]
[39772,"CAIXA DE PASSAGEM METALICA DE SOBREPOR COM TAMPA PARAFUSADA, DIMENSOES 30 X 30 X 10 CM","UN",46.62,"SINAPI-I"]
[20253,"CAIXA DE PASSAGEM METALICA DE SOBREPOR COM TAMPA PARAFUSADA, DIMENSOES 35 X 35 X 12 CM","UN",81.27,"SINAPI-I"]
[39773,"CAIXA DE PASSAGEM METALICA DE SOBREPOR COM TAMPA PARAFUSADA, DIMENSOES 40 X 40 X 15 CM","UN",84.42,"SINAPI-I"]
[39774,"CAIXA DE PASSAGEM METALICA DE SOBREPOR COM TAMPA PARAFUSADA, DIMENSOES 50 X 50 X 15 CM","UN",109.69,"SINAPI-I"]
[39775,"CAIXA DE PASSAGEM METALICA DE SOBREPOR COM TAMPA PARAFUSADA, DIMENSOES 60 X 60 X 20 CM","UN",192.11,"SINAPI-I"]
[39776,"CAIXA DE PASSAGEM METALICA DE SOBREPOR COM TAMPA PARAFUSADA, DIMENSOES 70 X 70 X 20 CM","UN",236.44,"SINAPI-I"]
[39777,"CAIXA DE PASSAGEM METALICA DE SOBREPOR COM TAMPA PARAFUSADA, DIMENSOES 80 X 80 X 20 CM","UN",283.73,"SINAPI-I"]
[11250,"CAIXA DE PASSAGEM N 2, DE EMBUTIR, PADRAO TELEBRAS, DIMENSOES 20 X 20 X 12 CM, EM CHAPA DE ACO GALVANIZADO","UN",42.13,"SINAPI-I"]
[39766,"CAIXA DE PASSAGEM N 2, DE SOBREPOR, PADRAO TELEBRAS, DIMENSOES 20 X 20 X *12* CM, EM CHAPA DE ACO GALVANIZADO","UN",51.42,"SINAPI-I"]
[11251,"CAIXA DE PASSAGEM N 3, DE EMBUTIR, PADRAO TELEBRAS, DIMENSOES 40 X 40 X 12 CM, EM CHAPA DE ACO GALVANIZADO","UN",88.66,"SINAPI-I"]
[39767,"CAIXA DE PASSAGEM N 3, DE SOBREPOR, PADRAO TELEBRAS, DIMENSOES 40 X 40 X *12* CM, EM CHAPA DE ACO GALVANIZADO","UN",116.74,"SINAPI-I"]
[11253,"CAIXA DE PASSAGEM N 4, DE EMBUTIR, PADRAO TELEBRAS, DIMENSOES 60 X 60 X 12 CM, EM CHAPA DE ACO GALVANIZADO","UN",174.37,"SINAPI-I"]
[11254,"CAIXA DE PASSAGEM N 4, DE SOBREPOR, PADRAO TELEBRAS, DIMENSOES 60 X 60 X *12* CM, EM CHAPA DE ACO GALVANIZADO","UN",187.34,"SINAPI-I"]
[11255,"CAIXA DE PASSAGEM N 5, DE EMBUTIR, PADRAO TELEBRAS, DIMENSOES 80 X 80 X 12 CM, EM CHAPA DE ACO GALVANIZADO","UN",283.73,"SINAPI-I"]
[11256,"CAIXA DE PASSAGEM N 5, DE SOBREPOR, PADRAO TELEBRAS, DIMENSOES 80 X 80 X *12* CM, EM CHAPA DE ACO GALVANIZADO","UN",324.68,"SINAPI-I"]
[14055,"CAIXA DE PASSAGEM N 6, DE EMBUTIR, PADRAO TELEBRAS, DIMENSOES 120 X 120 X 12 CM, EM CHAPA DE ACO GALVANIZADO","UN",575.97,"SINAPI-I"]
[39768,"CAIXA DE PASSAGEM N 6, DE SOBREPOR, PADRAO TELEBRAS, DIMENSOES 120 X 120 X *12* CM, EM CHAPA DE ACO GALVANIZADO","UN",614.57000000000005,"SINAPI-I"]
[11247,"CAIXA DE PASSAGEM N 7, DE EMBUTIR, PADRAO TELEBRAS, DIMENSOES 150 X 150 X 15 CM, EM CHAPA DE ACO GALVANIZADO","UN",825.15,"SINAPI-I"]
[39769,"CAIXA DE PASSAGEM N 7, DE SOBREPOR, PADRAO TELEBRAS, DIMENSOES 150 X 150 X *15* CM, EM CHAPA DE ACO GALVANIZADO","UN",1000.33,"SINAPI-I"]
[11249,"CAIXA DE PASSAGEM N 8, DE EMBUTIR, PADRAO TELEBRAS, DIMENSOES 200 X 200 X 20 CM, EM CHAPA DE ACO GALVANIZADO","UN",2697.12,"SINAPI-I"]
[39770,"CAIXA DE PASSAGEM N 8, DE SOBREPOR, PADRAO TELEBRAS, DIMENSOES 200 X 200 X *20* CM, EM CHAPA DE ACO GALVANIZADO","UN",3507.06,"SINAPI-I"]
[10569,"CAIXA DE PASSAGEM OCTOGONAL 4 X4, EM ACO ESMALTADA, COM FUNDO MOVEL SIMPLES","UN",2.56,"SINAPI-I"]
[1872,"CAIXA DE PASSAGEM, EM PVC, DE 4\" X 2\", PARA ELETRODUTO FLEXIVEL CORRUGADO","UN",1.58,"SINAPI-I"]
[1873,"CAIXA DE PASSAGEM, EM PVC, DE 4\" X 4\", PARA ELETRODUTO FLEXIVEL CORRUGADO","UN",3.14,"SINAPI-I"]
[39693,"CAIXA DE PROTECAO EXTERNA PARA MEDIDOR HOROSAZONAL, DE BAIXA TENSAO, COM MODULO, EM CHAPA DE ACO (PADRAO DA CONCESSIONARIA LOCAL)","UN",1539.13,"SINAPI-I"]
[39692,"CAIXA DE PROTECAO PARA TRANSFORMADOR CORRENTE, EM CHAPA DE ACO 18 USG (PADRAO DA CONCESSIONARIA LOCAL)","UN",259.08999999999997,"SINAPI-I"]
[39681,"CAIXA DE PROTECAO PARA 1 MEDIDOR BIFASICO, EM CHAPA DE ACO 20 USG (PADRAO DA CONCESSIONARIA LOCAL)","UN",146.30000000000001,"SINAPI-I"]
[39680,"CAIXA DE PROTECAO PARA 1 MEDIDOR MONOFASICO, EM CHAPA DE ACO 20 USG (PADRAO DA CONCESSIONARIA LOCAL)","UN",75.36,"SINAPI-I"]
[39682,"CAIXA DE PROTECAO PARA 1 MEDIDOR TRIFASICO, EM CHAPA DE ACO 20 USG (PADRAO DA CONCESSIONARIA LOCAL)","UN",147.77000000000001,"SINAPI-I"]
[39685,"CAIXA EXTERNA DE MEDICAO PARA 1 MEDIDOR TRIFASICO, COM VISOR, EM CHAPA DE ACO 18 USG (PADRAO DA CONCESSIONARIA LOCAL)","UN",125.36,"SINAPI-I"]
[39687,"CAIXA EXTERNA DE MEDICAO PARA 4 MEDIDORES MONOFASICOS, COM VISOR, EM CHAPA DE ACO 18 USG (PADRAO DA CONCESSIONARIA LOCAL)","UN",236.32,"SINAPI-I"]
[3280,"CAIXA GORDURA DUPLA, CONCRETO PRE MOLDADO, CIRCULAR, COM TAMPA, D = 60* CM","UN",120.02,"SINAPI-I"]
[11881,"CAIXA GORDURA, SIMPLES, CONCRETO PRE MOLDADO, CIRCULAR, COM TAMPA, D = 40 CM","UN",55.74,"SINAPI-I"]
[34641,"CAIXA INSPECAO EM CONCRETO PARA ATERRAMENTO E PARA RAIOS DIAMETRO = 300 MM","UN",44.95,"SINAPI-I"]
[34643,"CAIXA INSPECAO EM POLIETILENO PARA ATERRAMENTO E PARA RAIOS DIAMETRO = 300 MM","UN",10.19,"SINAPI-I"]
[3278,"CAIXA INSPECAO, CONCRETO PRE MOLDADO, CIRCULAR, COM TAMPA, D = 40* CM","UN",62.93,"SINAPI-I"]
[3279,"CAIXA INSPECAO, CONCRETO PRE MOLDADO, CIRCULAR, COM TAMPA, D = 60* CM, H= 60* CM","UN",103.84,"SINAPI-I"]
[1062,"CAIXA INTERNA DE MEDICAO PARA 1 MEDIDOR TRIFASICO, COM VISOR, EM CHAPA DE ACO 18 USG (PADRAO DA CONCESSIONARIA LOCAL)","UN",133,"SINAPI-I"]
[39686,"CAIXA INTERNA DE MEDICAO PARA 4 MEDIDORES MONOFASICOS, COM VISOR, EM CHAPA DE ACO 18 USG (PADRAO DA CONCESSIONARIA LOCAL)","UN",226.86,"SINAPI-I"]
[39683,"CAIXA INTERNA/EXTERNA DE MEDICAO PARA 1 MEDIDOR MONOFASICO, COM VISOR, EM CHAPA DE ACO 18 USG (PADRAO DA CONCESSIONARIA LOCAL)","UN",46.13,"SINAPI-I"]
[1871,"CAIXA OCTOGONAL DE FUNDO MOVEL, EM PVC, DE 3\" X 3\", PARA ELETRODUTO FLEXIVEL CORRUGADO","UN",2.83,"SINAPI-I"]
[12001,"CAIXA OCTOGONAL DE FUNDO MOVEL, EM PVC, DE 4\" X 4\", PARA ELETRODUTO FLEXIVEL CORRUGADO","UN",4.09,"SINAPI-I"]
[11882,"CAIXA PARA HIDROMETRO CONCRETO PRE MOLDADO","UN",62.93,"SINAPI-I"]
[39689,"CAIXA PARA MEDICAO COLETIVA TIPO H, PADRAO BIFASICO OU TRIFASICO, PARA ATE 6 MEDIDORES (PADRAO DA CONCESSIONARIA LOCAL)","UN",2955.55,"SINAPI-I"]
[39688,"CAIXA PARA MEDICAO COLETIVA TIPO K, PADRAO BIFASICO OU TRIFASICO, PARA ATE 2 MEDIDORES (PADRAO DA CONCESSIONARIA LOCAL)","UN",427.07,"SINAPI-I"]
[1068,"CAIXA PARA MEDICAO COLETIVA TIPO L, PADRAO BIFASICO OU TRIFASICO, PARA ATE 4 MEDIDORES (PADRAO DA CONCESSIONARIA LOCAL)","UN",1783.67,"SINAPI-I"]
[39690,"CAIXA PARA MEDICAO COLETIVA TIPO M, PADRAO BIFASICO OU TRIFASICO, PARA ATE 8 MEDIDORES (PADRAO DA CONCESSIONARIA LOCAL)","UN",4012.16,"SINAPI-I"]
[39691,"CAIXA PARA MEDICAO COLETIVA TIPO N, PADRAO BIFASICO OU TRIFASICO, PARA ATE 12 MEDIDORES (PADRAO DA CONCESSIONARIA LOCAL)","UN",4485.05,"SINAPI-I"]
[39808,"CAIXA PARA MEDIDOR MONOFASICO, EM POLICARBONATO (TERMOPLASTICO), COM DISJUNTOR","UN",54.72,"SINAPI-I"]
[39809,"CAIXA PARA MEDIDOR POLIFASICO, EM POLICARBONATO (TERMOPLASTICO), COM DISJUNTOR","UN",151.05000000000001,"SINAPI-I"]
[11713,"CAIXA SIFONADA PVC 150 X 150 X 50MM COM TAMPA CEGA QUADRADA BRANCA","UN",22.11,"SINAPI-I"]
[11716,"CAIXA SIFONADA PVC, 100 X 100 X 40 MM, COM GRELHA REDONDA BRANCA","UN",9.44,"SINAPI-I"]
[5103,"CAIXA SIFONADA PVC, 100 X 100 X 50 MM, COM GRELHA REDONDA BRANCA","UN",9.57,"SINAPI-I"]
[11712,"CAIXA SIFONADA PVC, 150 X 150 X 50 MM, COM GRELHA QUADRADA BRANCA (NBR 5688)","UN",22.3,"SINAPI-I"]
[11717,"CAIXA SIFONADA PVC, 150 X 150 X 50 MM, COM GRELHA REDONDA BRANCA","UN",24.23,"SINAPI-I"]
[11714,"CAIXA SIFONADA PVC, 150 X 185 X 75 MM, COM GRELHA QUADRADA BRANCA","UN",30.15,"SINAPI-I"]
[11715,"CAIXA SIFONADA PVC, 150 X 185 X 75 MM, COM TAMPA CEGA QUADRADA BRANCA","UN",34.69,"SINAPI-I"]
[11880,"CAIXA SIFONADA PVC, 250 X 230 X 75 MM, COM TAMPA E PORTA TAMPA QUADRADA BRANCA","UN",62.35,"SINAPI-I"]
[1106,"CAL HIDRATADA CH-I PARA ARGAMASSAS","KG",0.47,"SINAPI-I"]
[11161,"CAL HIDRATADA PARA PINTURA","KG",0.78,"SINAPI-I"]
[1107,"CAL VIRGEM COMUM PARA ARGAMASSAS (NBR 6453)","KG",0.54,"SINAPI-I"]
[4758,"CALAFETADOR / CALAFATE","H",23.67,"SINAPI-I"]
[41080,"CALAFETADOR / CALAFATE (MENSALISTA)","MES",4182.8500000000004,"SINAPI-I"]
[25963,"CALCARIO DOLOMITICO A (POSTO PEDREIRA/FORNECEDOR, SEM FRETE)","KG",0.08,"SINAPI-I"]
[4759,"CALCETEIRO","H",19.43,"SINAPI-I"]
[41068,"CALCETEIRO  (MENSALISTA)","MES",3433.47,"SINAPI-I"]
[1108,"CALHA MOLDURA AMERICANA DE CHAPA DE ACO GALVANIZADA NUM 26, CORTE 33 CM","M",21.33,"SINAPI-I"]
[1117,"CALHA PARA AGUA FURTADA DE CHAPA DE ACO GALVANIZADA NUM 26, CORTE 40 CM","M",24.77,"SINAPI-I"]
[1118,"CALHA PARA AGUA FURTADA DE CHAPA DE ACO GALVANIZADA NUM 26, CORTE 50 CM","M",31.84,"SINAPI-I"]
[1110,"CALHA PLATIBANDA DE CHAPA DE ACO GALVANIZADA NUM 26, CORTE 45 CM","M",31.84,"SINAPI-I"]
[12618,"CALHA PLUVIAL DE PVC, DIAMETRO ENTRE 119 E 170 MM, COMPRIMENTO DE 3 M, PARA DRENAGEM PREDIAL","UN",41.03,"SINAPI-I"]
[40871,"CALHA QUADRADA DE CHAPA DE ACO GALVANIZADA NUM 24, CORTE 100 CM (COLETADO CAIXA)","M",72.19,"SINAPI-I"]
[40869,"CALHA QUADRADA DE CHAPA DE ACO GALVANIZADA NUM 24, CORTE 33 CM (COLETADO CAIXA)","M",23.7,"SINAPI-I"]
[40870,"CALHA QUADRADA DE CHAPA DE ACO GALVANIZADA NUM 24, CORTE 50 CM (COLETADO CAIXA)","M",36.22,"SINAPI-I"]
[1109,"CALHA QUADRADA DE CHAPA DE ACO GALVANIZADA NUM 26, CORTE 33 CM","M",21.23,"SINAPI-I"]
[1119,"CALHA QUADRADA DE CHAPA DE ACO GALVANIZADA NUM 28, CORTE 25 CM","M",15.92,"SINAPI-I"]
[13115,"CALHA/CANALETA DE CONCRETO SIMPLES, TIPO MEIA CANA, D = 20 CM, PARA AGUA PLUVIAL","M",12.45,"SINAPI-I"]
[10541,"CALHA/CANALETA DE CONCRETO SIMPLES, TIPO MEIA CANA, D = 30 CM, PARA AGUA PLUVIAL","M",14.46,"SINAPI-I"]
[10543,"CALHA/CANALETA DE CONCRETO SIMPLES, TIPO MEIA CANA, D = 50 CM, PARA AGUA PLUVIAL","M",28.05,"SINAPI-I"]
[10544,"CALHA/CANALETA DE CONCRETO SIMPLES, TIPO MEIA CANA, D = 60 CM, PARA AGUA PLUVIAL","M",33.74,"SINAPI-I"]
[10545,"CALHA/CANALETA DE CONCRETO SIMPLES, TIPO MEIA CANA, D = 80 CM, PARA AGUA PLUVIAL","M",51.75,"SINAPI-I"]
[10542,"CALHA/CANALETA DE CONCRETO SIMPLES, TIPO MEIA CANA, D= 40 CM, PARA AGUA PLUVIAL","M",19.920000000000002,"SINAPI-I"]
[38365,"CAMADA SEPARADORA DE FILME DE POLIETILENO 20 A 25 MICRA","M2",1.04,"SINAPI-I"]
[37745,"CAMINHAO TOCO, PESO BRUTO TOTAL 13000 KG, CARGA UTIL MAXIMA 7925 KG, DISTANCIA ENTRE EIXOS 4,80 M, POTENCIA 189 CV (INCLUI CABINE E CHASSI, NAO INCLUI CARROCERIA)","UN",253000,"SINAPI-I"]
[37754,"CAMINHAO TOCO, PESO BRUTO TOTAL 14300 KG, CARGA UTIL MAXIMA 9590 KG, DISTANCIA ENTRE EIXOS 4,76 M, POTENCIA 185 CV (INCLUI CABINE E CHASSI, NAO INCLUI CARROCERIA)","UN",264208.86,"SINAPI-I"]
[37748,"CAMINHAO TOCO, PESO BRUTO TOTAL 14300 KG, CARGA UTIL MAXIMA 9710 KG, DISTANCIA ENTRE EIXOS 3,56 M, POTENCIA 185 CV (INCLUI CABINE E CHASSI, NAO INCLUI CARROCERIA)","UN",268972.62,"SINAPI-I"]
[37761,"CAMINHAO TOCO, PESO BRUTO TOTAL 16000 KG, CARGA UTIL MAXIMA DE 10685 KG, DISTANCIA ENTRE EIXOS 4,8M, POTENCIA 189 CV (INCLUI CABINE E CHASSI, NAO INCLUI CARROCERIA)","UN",222575.94,"SINAPI-I"]
[37757,"CAMINHAO TOCO, PESO BRUTO TOTAL 16000 KG, CARGA UTIL MAXIMA 10600 KG, DISTANCIA ENTRE EIXOS 4,80 M, POTENCIA 275 CV (INCLUI CABINE E CHASSI, NAO INCLUI CARROCERIA)","UN",309844.92,"SINAPI-I"]
[37759,"CAMINHAO TOCO, PESO BRUTO TOTAL 16000 KG, CARGA UTIL MAXIMA 10780 KG, DISTANCIA ENTRE EIXOS 3,56 M, POTENCIA 275 CV (INCLUI CABINE E CHASSI, NAO INCLUI CARROCERIA)","UN",311045.89,"SINAPI-I"]
[37766,"CAMINHAO TOCO, PESO BRUTO TOTAL 16000 KG, CARGA UTIL MAXIMA 11030 KG, DISTANCIA ENTRE EIXOS 3,56M, POTENCIA 186 CV (INCLUI CABINE E CHASSI, NAO INCLUI CARROCERIA)","UN",311045.86,"SINAPI-I"]
[37752,"CAMINHAO TOCO, PESO BRUTO TOTAL 16000 KG, CARGA UTIL MAXIMA 11130 KG, DISTANCIA ENTRE EIXOS 5,36 M, POTENCIA 185 CV (INCLUI CABINE E CHASSI, NAO INCLUI CARROCERIA)","UN",282062.96999999997,"SINAPI-I"]
[37760,"CAMINHAO TOCO, PESO BRUTO TOTAL 16000 KG, CARGA UTIL MAXIMA 13071 KG, DISTANCIA ENTRE EIXOS 4,80 M, POTENCIA 230 CV (INCLUI CABINE E CHASSI, NAO INCLUI CARROCERIA)","UN",297034.8,"SINAPI-I"]
[37765,"CAMINHAO TOCO, PESO BRUTO TOTAL 8250 KG, CARGA UTIL MAXIMA 5110 KG, DISTANCIA ENTRE EIXOS 4,30 M, POTENCIA 162 CV (INCLUI CABINE E CHASSI, NAO INCLUI CARROCERIA)","UN",207363.93,"SINAPI-I"]
[37746,"CAMINHAO TOCO, PESO BRUTO TOTAL 9000 KG, CARGA UTIL MAXIMA 5940 KG, DISTANCIA ENTRE EIXOS 3,69 M, POTENCIA 177 CV (INCLUI CABINE E CHASSI, NAO INCLUI CARROCERIA)","UN",227339.7,"SINAPI-I"]
[37750,"CAMINHAO TOCO, PESO BRUTO TOTAL 9600 KG, CARGA UTIL MAXIMA 6110 KG, DISTANCIA ENTRE EIXOS 3,70 M, POTENCIA 156 CV (INCLUI CABINE E CHASSI, NAO INCLUI CARROCERIA)","UN",226539.08,"SINAPI-I"]
[37753,"CAMINHAO TOCO, PESO BRUTO TOTAL 9600 KG, CARGA UTIL MAXIMA 6200 KG, DISTANCIA ENTRE EIXOS 3,10 M, POTENCIA 156 CV (INCLUI CABINE E CHASSI, NAO INCLUI CARROCERIA)","UN",225738.44,"SINAPI-I"]
[37756,"CAMINHAO TOCO, PESO BRUTO TOTAL 9700 KG, CARGA UTIL MAXIMA 6360 KG, DISTANCIA ENTRE EIXOS 4,30 M, POTENCIA 160 CV (INCLUI CABINE E CHASSI, NAO INCLUI CARROCERIA)","UN",222575.94,"SINAPI-I"]
[37755,"CAMINHAO TRUCADO, PESO BRUTO TOTAL 22000 KG, CARGA UTIL MAXIMA 15350 KG, DISTANCIA ENTRE EIXOS 5,17 M, POTENCIA 238 CV (INCLUI CABINE E CHASSI, NAO INCLUI CARROCERIA)","UN",323455.69,"SINAPI-I"]
[37758,"CAMINHAO TRUCADO, PESO BRUTO TOTAL 23000 KG, CARGA UTIL MAXIMA 15378 KG, DISTANCIA ENTRE EIXOS 4,80 M, POTENCIA 326 CV (INCLUI CABINE E CHASSI, NAO INCLUI CARROCERIA)","UN",365088.61,"SINAPI-I"]
[37747,"CAMINHAO TRUCADO, PESO BRUTO TOTAL 23000 KG, CARGA UTIL MAXIMA 15935 KG, DISTANCIA ENTRE EIXOS 4,80 M, POTENCIA 230 CV (INCLUI CABINE E CHASSI, NAO INCLUI CARROCERIA)","UN",328499.67,"SINAPI-I"]
[37767,"CAMINHAO TRUCADO, PESO BRUTO TOTAL 23000 KG, CARGA UTIL MAXIMA 15940 KG, DISTANCIA ENTRE EIXOS 3,60 M, POTENCIA 286 CV (INCLUI CABINE E CHASSI, NAO INCLUI CARROCERIA)","UN",346674.05,"SINAPI-I"]
[37751,"CAMINHAO TRUCADO, PESO BRUTO TOTAL 23000 KG, CARGA UTIL MAXIMA 16190 KG, DISTANCIA ENTRE EIXOS 3,60 M, POTENCIA 286 CV (INCLUI CABINE E CHASSI, NAO INCLUI CARROCERIA)","UN",346674.05,"SINAPI-I"]
[37749,"CAMINHAO TRUCADO, PESO BRUTO TOTAL 23000 KG, CARGA UTIL MAXIMA 16360 KG, CABINE ESTENDIDA, DISTANCIA ENTRE EIXOS 3,56 M, POTENCIA 275 CV (INCLUI CABINE E CHASSI, NAO INCLUI CARROCERIA)","UN",342670.89,"SINAPI-I"]
[1159,"CAMINHONETE COM MOTOR A DIESEL, POTENCIA *160* CV, CABINE DUPLA, 4X4","UN",155823.88,"SINAPI-I"]
[12114,"CAMPAINHA ALTA POTENCIA 110V / 220V, DIAMETRO 150 MM","UN",117.97,"SINAPI-I"]
[38106,"CAMPAINHA CIGARRA 127 V / 220 V (APENAS MODULO)","UN",16.03,"SINAPI-I"]
[38085,"CAMPAINHA CIGARRA 127 V / 220 V, CONJUNTO MONTADO PARA EMBUTIR 4\" X 2\" (PLACA + SUPORTE + MODULO)","UN",18.93,"SINAPI-I"]
[38599,"CANALETA CONCRETO ESTRUTURAL 14 X 19 X 29 CM, FBK 14 MPA (NBR 6136)","UN",3.98,"SINAPI-I"]
[38596,"CANALETA CONCRETO ESTRUTURAL 14 X 19 X 29 CM, FBK 4,5 MPA (NBR 6136)","UN",2.72,"SINAPI-I"]
[38600,"CANALETA CONCRETO ESTRUTURAL 14 X 19 X 39 CM, FBK 14 MPA (NBR 6136)","UN",4.6900000000000004,"SINAPI-I"]
[38597,"CANALETA CONCRETO ESTRUTURAL 14 X 19 X 39 CM, FBK 4,5 MPA (NBR 6136)","UN",3.32,"SINAPI-I"]
[659,"CANALETA CONCRETO 14 X 19 X 19 CM (CLASSE C - NBR 6136)","UN",1.62,"SINAPI-I"]
[660,"CANALETA CONCRETO 19 X 19 X 19 CM (CLASSE C - NBR 6136)","UN",2.37,"SINAPI-I"]
[658,"CANALETA CONCRETO 9 X 19 X 19 CM (CLASSE C - NBR 6136)","UN",1.3,"SINAPI-I"]
[38548,"CANALETA ESTRUTURAL CERAMICA, 14 X 19 X 19 CM, 6,0 MPA (NBR 15270)","UN",1.04,"SINAPI-I"]
[34647,"CANALETA ESTRUTURAL CERAMICA, 14 X 19 X 29 CM, 4,0 MPA (NBR 15270)","UN",1.8,"SINAPI-I"]
[34649,"CANALETA ESTRUTURAL CERAMICA, 14 X 19 X 29 CM, 6,0 MPA (NBR 15270)","UN",1.85,"SINAPI-I"]
[34652,"CANALETA ESTRUTURAL CERAMICA, 14 X 19 X 39 CM, 4,0 MPA (NBR 15270)","UN",2.52,"SINAPI-I"]
[34655,"CANALETA ESTRUTURAL CERAMICA, 14 X 19 X 39 CM, 6,0 MPA (NBR 15270)","UN",2.44,"SINAPI-I"]
[40607,"CANOPLA ACABAMENTO CROMADO PARA INSTALACAO DE SPRINKLER, SOB FORRO, 15 MM","UN",2.71,"SINAPI-I"]
[585,"CANTONEIRA \"U\" ALUMINIO ABAS IGUAIS 1 \", E = 3/32 \"","KG",25.99,"SINAPI-I"]
[4777,"CANTONEIRA ACO ABAS IGUAIS (QUALQUER BITOLA), ESPESSURA ENTRE 1/8\" E 1/4\"","KG",4.58,"SINAPI-I"]
[587,"CANTONEIRA ALUMINIO ABAS DESIGUAIS 1\" X 3/4 \", E = 1/8 \"","KG",27.85,"SINAPI-I"]
[590,"CANTONEIRA ALUMINIO ABAS DESIGUAIS 2 1/2\" X 1/2 \", E = 3/16 \"","KG",26.92,"SINAPI-I"]
[592,"CANTONEIRA ALUMINIO ABAS IGUAIS 1 \", E = 1/8 \", 25,40 X 3,17 MM (0,408 KG/M)","KG",27.85,"SINAPI-I"]
[586,"CANTONEIRA ALUMINIO ABAS IGUAIS 1 \", E = 3 /16 \"","M",16.37,"SINAPI-I"]
[591,"CANTONEIRA ALUMINIO ABAS IGUAIS 1 1/2 \", E = 3/16 \"","KG",25.99,"SINAPI-I"]
[588,"CANTONEIRA ALUMINIO ABAS IGUAIS 1 1/4 \", E = 3/16 \"","M",25.9,"SINAPI-I"]
[589,"CANTONEIRA ALUMINIO ABAS IGUAIS 2 \", E = 1/4 \"","M",43.78,"SINAPI-I"]
[584,"CANTONEIRA ALUMINIO ABAS IGUAIS 2 \", E = 1/8 \"","M",27.66,"SINAPI-I"]
[4912,"CANTONEIRA DE ACO 3 \"  X  3 \"  X  1/4 \"","KG",5.32,"SINAPI-I"]
[574,"CANTONEIRA FERRO GALVANIZADO DE ABAS IGUAIS, 1 1/2\" X 1/4\" (L X E), 3,40 KG/M","M",19.739999999999998,"SINAPI-I"]
[567,"CANTONEIRA FERRO GALVANIZADO DE ABAS IGUAIS, 1\" X 1/8\" (L X E) , 1,20KG/M","M",7.31,"SINAPI-I"]
[568,"CANTONEIRA FERRO GALVANIZADO DE ABAS IGUAIS, 2\" X 3/8\" (L X E), 6,9 KG/M","M",44.28,"SINAPI-I"]
[569,"CANTONEIRA FERRO GALVANIZADO DE ABAS IGUAIS, 3/4\" X 1/8\" (L X E)","KG",6.16,"SINAPI-I"]
[1165,"CAP OU TAMPAO DE FERRO GALVANIZADO, COM ROSCA BSP, DE 1 1/2\"","UN",12.65,"SINAPI-I"]
[1164,"CAP OU TAMPAO DE FERRO GALVANIZADO, COM ROSCA BSP, DE 1 1/4\"","UN",10.25,"SINAPI-I"]
[1162,"CAP OU TAMPAO DE FERRO GALVANIZADO, COM ROSCA BSP, DE 1/2\"","UN",3.56,"SINAPI-I"]
[12395,"CAP OU TAMPAO DE FERRO GALVANIZADO, COM ROSCA BSP, DE 1/4\"","UN",3.46,"SINAPI-I"]
[1170,"CAP OU TAMPAO DE FERRO GALVANIZADO, COM ROSCA BSP, DE 1\"","UN",6.71,"SINAPI-I"]
[1169,"CAP OU TAMPAO DE FERRO GALVANIZADO, COM ROSCA BSP, DE 2 1/2\"","UN",32.97,"SINAPI-I"]
[1166,"CAP OU TAMPAO DE FERRO GALVANIZADO, COM ROSCA BSP, DE 2\"","UN",18.28,"SINAPI-I"]
[1163,"CAP OU TAMPAO DE FERRO GALVANIZADO, COM ROSCA BSP, DE 3/4\"","UN",4.5999999999999996,"SINAPI-I"]
[12396,"CAP OU TAMPAO DE FERRO GALVANIZADO, COM ROSCA BSP, DE 3/8\"","UN",3.46,"SINAPI-I"]
[1168,"CAP OU TAMPAO DE FERRO GALVANIZADO, COM ROSCA BSP, DE 3\"","UN",47,"SINAPI-I"]
[1167,"CAP OU TAMPAO DE FERRO GALVANIZADO, COM ROSCA BSP, DE 4\"","UN",78.62,"SINAPI-I"]
[36331,"CAP PPR DN 20 MM, PARA AGUA QUENTE PREDIAL","UN",1.01,"SINAPI-I"]
[36346,"CAP PPR DN 25 MM, PARA AGUA QUENTE PREDIAL","UN",1.74,"SINAPI-I"]
[1210,"CAP PVC, ROSCAVEL, 1 1/2\",  AGUA FRIA PREDIAL","UN",7.4,"SINAPI-I"]
[1203,"CAP PVC, ROSCAVEL, 1 1/4\",  AGUA FRIA PREDIAL","UN",7.17,"SINAPI-I"]
[1197,"CAP PVC, ROSCAVEL, 1/2\", PARA AGUA FRIA PREDIAL","UN",0.91,"SINAPI-I"]
[1202,"CAP PVC, ROSCAVEL, 1\",  PARA AGUA FRIA PREDIAL","UN",2.46,"SINAPI-I"]
[1188,"CAP PVC, ROSCAVEL, 2 1/2\",  AGUA FRIA PREDIAL","UN",14.58,"SINAPI-I"]
[1211,"CAP PVC, ROSCAVEL, 2\",  AGUA FRIA PREDIAL","UN",7.52,"SINAPI-I"]
[1198,"CAP PVC, ROSCAVEL, 3/4\",  PARA AGUA FRIA PREDIAL","UN",1.35,"SINAPI-I"]
[1199,"CAP PVC, ROSCAVEL, 3\",  AGUA FRIA PREDIAL","UN",19.04,"SINAPI-I"]
[20088,"CAP PVC, SERIE R, DN 100 MM, PARA ESGOTO PREDIAL","UN",8.57,"SINAPI-I"]
[20089,"CAP PVC, SERIE R, DN 150 MM, PARA ESGOTO PREDIAL","UN",40.85,"SINAPI-I"]
[20087,"CAP PVC, SERIE R, DN 75 MM, PARA ESGOTO PREDIAL","UN",6.17,"SINAPI-I"]
[1200,"CAP PVC, SOLDAVEL, DN 100 MM, SERIE NORMAL, PARA ESGOTO PREDIAL","UN",5.01,"SINAPI-I"]
[12909,"CAP PVC, SOLDAVEL, DN 50 MM, SERIE NORMAL, PARA ESGOTO PREDIAL","UN",2.27,"SINAPI-I"]
[12910,"CAP PVC, SOLDAVEL, DN 75 MM, SERIE NORMAL, PARA ESGOTO PREDIAL","UN",3.79,"SINAPI-I"]
[1184,"CAP PVC, SOLDAVEL, 110 MM, PARA AGUA FRIA PREDIAL","UN",46.82,"SINAPI-I"]
[1191,"CAP PVC, SOLDAVEL, 20 MM, PARA AGUA FRIA PREDIAL","UN",0.66,"SINAPI-I"]
[1185,"CAP PVC, SOLDAVEL, 25 MM, PARA AGUA FRIA PREDIAL","UN",0.76,"SINAPI-I"]
[1189,"CAP PVC, SOLDAVEL, 32 MM, PARA AGUA FRIA PREDIAL","UN",1.32,"SINAPI-I"]
[1193,"CAP PVC, SOLDAVEL, 40 MM, PARA AGUA FRIA PREDIAL","UN",2.5299999999999998,"SINAPI-I"]
[1194,"CAP PVC, SOLDAVEL, 50 MM, PARA AGUA FRIA PREDIAL","UN",4.8,"SINAPI-I"]
[1195,"CAP PVC, SOLDAVEL, 60 MM, PARA AGUA FRIA PREDIAL","UN",7.22,"SINAPI-I"]
[1204,"CAP PVC, SOLDAVEL, 75 MM, PARA AGUA FRIA PREDIAL","UN",13.13,"SINAPI-I"]
[1205,"CAP PVC, SOLDAVEL, 85 MM, PARA AGUA FRIA PREDIAL","UN",31.15,"SINAPI-I"]
[1207,"CAP, PVC PBA, JE, DN 100 / DE 110 MM,  PARA REDE DE AGUA (NBR 10351)","UN",19.829999999999998,"SINAPI-I"]
[1206,"CAP, PVC PBA, JE, DN 50 / DE 60 MM,  PARA REDE DE AGUA (NBR 10351)","UN",4.97,"SINAPI-I"]
[1183,"CAP, PVC PBA, JE, DN 75 / DE 85 MM,  PARA REDE DE AGUA (NBR 10351)","UN",12.95,"SINAPI-I"]
[42685,"CAP, PVC, JE, OCRE, DN 150 MM (CONEXAO PARA TUBO COLETOR DE ESGOTO)","UN",50.34,"SINAPI-I"]
[42686,"CAP, PVC, JE, OCRE, DN 200 MM (CONEXAO PARA TUBO COLETOR DE ESGOTO)","UN",78.37,"SINAPI-I"]
[12894,"CAPA PARA CHUVA EM PVC COM FORRO DE POLIESTER, COM CAPUZ (AMARELA OU AZUL)","UN",17.55,"SINAPI-I"]
[12895,"CAPACETE DE SEGURANCA ABA FRONTAL COM SUSPENSAO DE POLIETILENO, SEM JUGULAR (CLASSE B)","UN",13.5,"SINAPI-I"]
[1631,"CAPACITOR TRIFASICO, POTENCIA 2,5 KVAR, TENSAO 220 V, FORNECIDO COM CAPA PROTETORA, RESISTOR INTERNO A UNIDADE CAPACITIVA","UN",113.28,"SINAPI-I"]
[1633,"CAPACITOR TRIFASICO, POTENCIA 5 KVAR, TENSAO 220 V, FORNECIDO COM CAPA PROTETORA, RESISTOR INTERNO A UNIDADE CAPACITIVA","UN",192.47,"SINAPI-I"]
[10818,"CAPIM BRAQUIARIA DECUMBENS/ BRAQUIARINHA, VC *70*% MINIMO","KG",23,"SINAPI-I"]
[39359,"CARENAGEM /TAMPA, EM PLASTICO, COR BRANCA, UTILIZADO EM KIT CHASSI METALICO PARA INSTALACAO HIDRAULICA DE CUBA SIMPLES SEM MAQUINA DE LAVAR ROUPA, LARGURA *355* MM X ALTURA *670* MM (COM FUROS E DEMAIS ENCAIXES)","UN",21,"SINAPI-I"]
[39360,"CARENAGEM /TAMPA, EM PLASTICO, COR BRANCA, UTILIZADO EM KIT CHASSI METALICO PARA INSTALACAO HIDRAULICA DE TANQUE COM MAQUINA DE LAVAR ROUPA, LARGURA *360* MM X ALTURA *470* MM (COM FUROS E DEMAIS ENCAIXES)","UN",19.079999999999998,"SINAPI-I"]
[10710,"CARPETE DE NYLON EM MANTA PARA TRAFEGO COMERCIAL PESADO, E = 6 A 7 MM (INSTALADO)","M2",88.5,"SINAPI-I"]
[10709,"CARPETE DE NYLON EM MANTA PARA TRAFEGO COMERCIAL PESADO, E = 9 A 10 MM (INSTALADO)","M2",108.72,"SINAPI-I"]
[39636,"CARPETE DE NYLON EM PLACAS 50 X 50 CM PARA TRAFEGO COMERCIAL PESADO, E = 6,5 MM (INSTALADO)","M2",111.02,"SINAPI-I"]
[10708,"CARPETE DE POLIESTER EM MANTA PARA TRAFEGO COMERCIAL PESADO, E = 4 A 5 MM (INSTALADO)","M2",34.26,"SINAPI-I"]
[39635,"CARPETE DE POLIPROPILENO EM MANTA PARA TRAFEGO COMERCIAL MEDIO, E = 5 A 6 MM (INSTALADO)","M2",58.32,"SINAPI-I"]
[6117,"CARPINTEIRO AUXILIAR","H",17.72,"SINAPI-I"]
[40913,"CARPINTEIRO AUXILIAR (MENSALISTA)","MES",3134.07,"SINAPI-I"]
[1214,"CARPINTEIRO DE ESQUADRIAS","H",24.14,"SINAPI-I"]
[40915,"CARPINTEIRO DE ESQUADRIAS (MENSALISTA)","MES",4265.6099999999997,"SINAPI-I"]
[1213,"CARPINTEIRO DE FORMAS","H",22.51,"SINAPI-I"]
[40914,"CARPINTEIRO DE FORMAS (MENSALISTA)","MES",3977.99,"SINAPI-I"]
[5091,"CARRANCA PARA JANELA VENEZIANA DE ABRIR, EM LATAO CROMADO, SIMPLES, PARA APARAFUSAR NA PAREDE","UN",14.69,"SINAPI-I"]
[14615,"CARRINHO COM 2 PNEUS PARA TRANSPORTAR TUBO CONCRETO, ALTURA ATE 1,0 M E DIAMETRO ATE 1000MM, COM ESTRUTURA EM PERFIL OU TUBO METALICO","UN",3324.77,"SINAPI-I"]
[2711,"CARRINHO DE MAO DE ACO CAPACIDADE 50 A 60 L, PNEU COM CAMARA","UN",117.86,"SINAPI-I"]
[37727,"CARROCERIA FIXA ABERTA DE MADEIRA PARA TRANSPORTE GERAL DE CARGA SECA DIMENSOES APROXIMADAS 2,25 X 4,10 X 0,50 M (INCLUI MONTAGEM, NAO INCLUI CAMINHAO)","UN",9500,"SINAPI-I"]
[37728,"CARROCERIA FIXA ABERTA DE MADEIRA PARA TRANSPORTE GERAL DE CARGA SECA DIMENSOES APROXIMADAS 2,5 X 5,5 X 0,50 M (INCLUI MONTAGEM, NAO INCLUI CAMINHAO)","UN",12888.11,"SINAPI-I"]
[37729,"CARROCERIA FIXA ABERTA DE MADEIRA PARA TRANSPORTE GERAL DE CARGA SECA DIMENSOES APROXIMADAS 2,5 X 6,00 X 0,50 M (INCLUI MONTAGEM, NAO INCLUI CAMINHAO)","UN",13951.04,"SINAPI-I"]
[37730,"CARROCERIA FIXA ABERTA DE MADEIRA PARA TRANSPORTE GERAL DE CARGA SECA DIMENSOES APROXIMADAS 2,5 X 6,5 X 0,50 M (INCLUI MONTAGEM, NAO INCLUI CAMINHAO)","UN",15013.98,"SINAPI-I"]
[37731,"CARROCERIA FIXA ABERTA DE MADEIRA PARA TRANSPORTE GERAL DE CARGA SECA DIMENSOES APROXIMADAS 2,5 X 7,00 X 0,50 M (INCLUI MONTAGEM, NAO INCLUI CAMINHAO)","UN",16076.92,"SINAPI-I"]
[37732,"CARROCERIA FIXA ABERTA DE MADEIRA PARA TRANSPORTE GERAL DE CARGA SECA DIMENSOES APROXIMADAS 2,5 X 7,5 X 0,50 M (INCLUI MONTAGEM, NAO INCLUI CAMINHAO)","UN",18335.66,"SINAPI-I"]
[42250,"CARVAO ANTRACITO PARA FILTRO, GRAO VARIANDO DE 0,8 ATE 1,1 MM, COEFICIENTE DE UNIFORMIDADE MENOR QUE 1,7 MM","T",1670.91,"SINAPI-I"]
[42256,"CARVAO ANTRACITO PARA FILTRO, GRAO VARIANDO DE 0,8 ATE 1,1 MM, COEFICIENTE DE UNIFORMIDADE MENOR QUE 1,7 MM (DISTRIBUIDOR)","KG",3.5,"SINAPI-I"]
[4743,"CASCALHO DE CAVA","M3",28.98,"SINAPI-I"]
[4744,"CASCALHO DE RIO","M3",37.880000000000003,"SINAPI-I"]
[4745,"CASCALHO LAVADO","M3",50.75,"SINAPI-I"]
[36496,"CAVALETE PARA TALHA COM ESTRUTURA EM TUBO METALICO ALTURA MINIMA 3,2 M EQUIPADO COM RODAS DE BORRACHA PARA MOVIMENTACAO DE TUBOS DE CONCRETO NA CENTRAL DE PREMOLDADOS COM CAPACIDADE DE CARGA DE 3 TONELADAS","UN",8441.5300000000007,"SINAPI-I"]
[10630,"CAVALO MECANICO TRACAO 4X2, PESO BRUTO TOTAL COMBINADO 49000 KG, CAPACIDADE MAXIMA DE TRACAO *66000* KG, POTENCIA *360* CV (INCLUI CABINE E CHASSI, NAO INCLUI SEMIRREBOQUE)","UN",384859.44,"SINAPI-I"]
[37762,"CAVALO MECANICO TRACAO 4X2, PESO BRUTO TOTAL 16000 KG, CAPACIDADE MAXIMA DE TRACAO *36000* KG, DISTANCIA ENTRE EIXOS *3,56* M, POTENCIA *286* CV (INCLUI CABINE E CHASSI, NAO INCLUI SEMIRREBOQUE)","UN",330070.49,"SINAPI-I"]
[37763,"CAVALO MECANICO TRACAO 4X2, PESO BRUTO TOTAL 16000 KG, CAPACIDADE MAXIMA DE TRACAO *45000* KG, DISTANCIA ENTRE EIXOS *3,56* M, POTENCIA *330* CV (INCLUI CABINE E CHASSI, NAO INCLUI SEMIRREBOQUE)","UN",334079.39,"SINAPI-I"]
[41992,"CAVALO MECANICO TRACAO 4X2, PESO BRUTO TOTAL 16000 KG, CAPACIDADE MAXIMA DE TRACAO *80000* KG, POTENCIA *380* CV (INCLUI CABINE E CHASSI, NAO INCLUI SEMIRREBOQUE)","UN",379781.5,"SINAPI-I"]
[13215,"CAVALO MECANICO TRACAO 6X2, PESO BRUTO TOTAL COMBINADO 56000 KG, CAPACIDADE MAXIMA DE TRACAO *66000* KG, POTENCIA *360* CV (INCLUI CABINE E CHASSI, NAO INCLUI SEMIRREBOQUE)","UN",465706.68,"SINAPI-I"]
[4235,"CAVOUQUEIRO OU OPERADOR DE PERFURATRIZ / ROMPEDOR","H",13.16,"SINAPI-I"]
[40976,"CAVOUQUEIRO OU OPERADOR DE PERFURATRIZ / ROMPEDOR (MENSALISTA)","MES",2325.77,"SINAPI-I"]
[39013,"CENTRALIZADOR DE BARRA DE ACO (CHUMBADOR TIPO CARAMBOLA), PARA ACO ATE 20 MM","UN",0.93,"SINAPI-I"]
[41967,"CERA  LIQUIDA","L",6.61,"SINAPI-I"]
[12760,"CHAPA ACO INOX AISI 304 NUMERO 4 (E = 6 MM), ACABAMENTO NUMERO 1 (LAMINADO A QUENTE, FOSCO)","M2",1185.67,"SINAPI-I"]
[12759,"CHAPA ACO INOX AISI 304 NUMERO 9 (E = 4 MM), ACABAMENTO NUMERO 1 (LAMINADO A QUENTE, FOSCO)","M2",790.44,"SINAPI-I"]
[40424,"CHAPA DE ACO CARBONO LAMINADO A QUENTE, QUALIDADE ESTRUTURAL, BITOLA 3/16\", E =4,75 MM (37,29 KG/M2)","KG",5.12,"SINAPI-I"]
[1325,"CHAPA DE ACO FINA A FRIO BITOLA MSG 20, E = 0,90 MM (7,20 KG/M2)","KG",6.24,"SINAPI-I"]
[1327,"CHAPA DE ACO FINA A FRIO BITOLA MSG 24, E = 0,60 MM (4,80 KG/M2)","KG",5.59,"SINAPI-I"]
[1328,"CHAPA DE ACO FINA A FRIO BITOLA MSG 26, E = 0,45 MM (3,60 KG/M2)","KG",5.84,"SINAPI-I"]
[1321,"CHAPA DE ACO FINA A QUENTE BITOLA MSG 13, E = 2,25 MM (18,00 KG/M2)","KG",6.26,"SINAPI-I"]
[1318,"CHAPA DE ACO FINA A QUENTE BITOLA MSG 14, E = 2,00 MM (16,0 KG/M2)","KG",6.02,"SINAPI-I"]
[1322,"CHAPA DE ACO FINA A QUENTE BITOLA MSG 16, E = 1,50 MM (12,00 KG/M2)","KG",6.64,"SINAPI-I"]
[1323,"CHAPA DE ACO FINA A QUENTE BITOLA MSG 18, E = 1,20 MM (9,60 KG/M2)","KG",6.49,"SINAPI-I"]
[1319,"CHAPA DE ACO FINA A QUENTE BITOLA MSG 3/16 \", E = 4,75 MM (38,00 KG/M2)","KG",5.74,"SINAPI-I"]
[11026,"CHAPA DE ACO GALVANIZADA BITOLA GSG 14, E = 1,95 MM (15,60 KG/M2)","KG",7.69,"SINAPI-I"]
[11027,"CHAPA DE ACO GALVANIZADA BITOLA GSG 16, E = 1,55 MM (12,40 KG/M2)","KG",8.17,"SINAPI-I"]
[11046,"CHAPA DE ACO GALVANIZADA BITOLA GSG 18, E = 1,25 MM (10,00 KG/M2)","KG",7.93,"SINAPI-I"]
[11047,"CHAPA DE ACO GALVANIZADA BITOLA GSG 19, E = 1,11 MM (8,88 KG/M2)","KG",5.99,"SINAPI-I"]
[39630,"CHAPA DE ACO GALVANIZADA BITOLA GSG 20, E = 0,95 MM (7,60 KG/M2)","M2",55.7,"SINAPI-I"]
[11049,"CHAPA DE ACO GALVANIZADA BITOLA GSG 22, E = 0,80 MM (6,40 KG/M2)","KG",7.39,"SINAPI-I"]
[39632,"CHAPA DE ACO GALVANIZADA BITOLA GSG 24, E = 0,65 MM (5,20 KG/M2)","M2",38.869999999999997,"SINAPI-I"]
[11051,"CHAPA DE ACO GALVANIZADA BITOLA GSG 26, E = 0,50 MM (4,00 KG/M2)","KG",7.94,"SINAPI-I"]
[11061,"CHAPA DE ACO GALVANIZADA BITOLA GSG 30, E = 0,35 MM (2,80 KG/M2)","KG",5.55,"SINAPI-I"]
[1336,"CHAPA DE ACO GROSSA, ASTM A36, E = 1 \" (25,40 MM) 199,18 KG/M2","M2",1486.25,"SINAPI-I"]
[1333,"CHAPA DE ACO GROSSA, ASTM A36, E = 1/2 \" (12,70 MM) 99,59 KG/M2","KG",5.78,"SINAPI-I"]
[1330,"CHAPA DE ACO GROSSA, ASTM A36, E = 1/4 \" (6,35 MM) 49,79 KG/M2","KG",5.92,"SINAPI-I"]
[10957,"CHAPA DE ACO GROSSA, ASTM A36, E = 3/4 \" (19,05 MM) 149,39 KG/M2","KG",7.39,"SINAPI-I"]
[1332,"CHAPA DE ACO GROSSA, ASTM A36, E = 3/8 \" (9,53 MM) 74,69 KG/M2","KG",6.16,"SINAPI-I"]
[1334,"CHAPA DE ACO GROSSA, ASTM A36, E = 5/8 \" (15,88 MM) 124,49 KG/M2","KG",6.82,"SINAPI-I"]
[1335,"CHAPA DE ACO GROSSA, ASTM A36, E = 7/8 \" (22,23 MM) 174,28 KG/M2","KG",6.91,"SINAPI-I"]
[40425,"CHAPA DE ACO GROSSA, SAE 1020, BITOLA 1/4\", E = 6,35 MM (49,85 KG/M2)","KG",5.15,"SINAPI-I"]
[1337,"CHAPA DE ACO XADREZ PARA PISOS, E = 1/4 \" (6,30 MM) 54,53 KG/M2","KG",7.29,"SINAPI-I"]
[11122,"CHAPA DE ALUMINIO, E = 3 MM, L = 1000 MM - 8,10 KG/M2 (LIGA 1200 - H14)","KG",25.88,"SINAPI-I"]
[11123,"CHAPA DE ALUMINIO, E = 4 MM, L = 1000 MM - 10,8 KG/M2 (LIGA 1200 - H14)","KG",25.88,"SINAPI-I"]
[11125,"CHAPA DE ALUMINIO, E = 5 MM, L = 1060 MM - 13,5 KG/M2 (LIGA 1200 - H14)","KG",25.88,"SINAPI-I"]
[39416,"CHAPA DE GESSO ACARTONADO, RESISTENTE A UMIDADE (RU), COR VERDE, E = 12,5 MM, 1200 X 1800 MM (L X C)","M2",30.94,"SINAPI-I"]
[39417,"CHAPA DE GESSO ACARTONADO, RESISTENTE A UMIDADE (RU), COR VERDE, E = 12,5 MM, 1200 X 2400 MM (L X C)","M2",32.44,"SINAPI-I"]
[39414,"CHAPA DE GESSO ACARTONADO, RESISTENTE AO FOGO (RF), COR ROSA, E = 12,5 MM, 1200 X 1800 MM (L X C)","M2",29.06,"SINAPI-I"]
[39415,"CHAPA DE GESSO ACARTONADO, RESISTENTE AO FOGO (RF), COR ROSA, E = 12,5 MM, 1200 X 2400 MM (L X C)","M2",30.79,"SINAPI-I"]
[39412,"CHAPA DE GESSO ACARTONADO, STANDARD (ST), COR BRANCA, E = 12,5 MM, 1200 X 1800 MM (L X C)","M2",21.88,"SINAPI-I"]
[39413,"CHAPA DE GESSO ACARTONADO, STANDARD (ST), COR BRANCA, E = 12,5 MM, 1200 X 2400 MM (L X C)","M2",21.67,"SINAPI-I"]
[1338,"CHAPA DE LAMINADO MELAMINICO, LISO BRILHANTE, DE *1,25 X 3,08* M, E = 0,8 MM","M2",24.57,"SINAPI-I"]
[1340,"CHAPA DE LAMINADO MELAMINICO, LISO FOSCO, DE *1,25 X 3,08* M, E = 0,8 MM","M2",28.4,"SINAPI-I"]
[1341,"CHAPA DE LAMINADO MELAMINICO, TEXTURIZADO, DE *1,25 X 3,08* M, E = 0,8 MM","M2",27.36,"SINAPI-I"]
[1364,"CHAPA DE MADEIRA COMPENSADA DE PINUS, VIROLA OU EQUIVALENTE, DE *2,2 X 1,6* M, E = 10 MM","M2",31.58,"SINAPI-I"]
[1361,"CHAPA DE MADEIRA COMPENSADA DE PINUS, VIROLA OU EQUIVALENTE, DE *2,2 X 1,6* M, E = 12 MM","UN",131.71,"SINAPI-I"]
[1362,"CHAPA DE MADEIRA COMPENSADA DE PINUS, VIROLA OU EQUIVALENTE, DE *2,2 X 1,6* M, E = 15 MM","M2",43.96,"SINAPI-I"]
[11131,"CHAPA DE MADEIRA COMPENSADA DE PINUS, VIROLA OU EQUIVALENTE, DE *2,2 X 1,6* M, E = 20 MM","M2",56.27,"SINAPI-I"]
[11132,"CHAPA DE MADEIRA COMPENSADA DE PINUS, VIROLA OU EQUIVALENTE, DE *2,2 X 1,6* M, E = 25 MM","M2",66.53,"SINAPI-I"]
[1363,"CHAPA DE MADEIRA COMPENSADA DE PINUS, VIROLA OU EQUIVALENTE, DE *2,2 X 1,6* M, E = 6 MM","M2",22.37,"SINAPI-I"]
[11130,"CHAPA DE MADEIRA COMPENSADA DE PINUS, VIROLA OU EQUIVALENTE, DE *2,2 X 1,6* M, E = 8 MM","M2",28.34,"SINAPI-I"]
[11134,"CHAPA DE MADEIRA COMPENSADA NAVAL (COM COLA FENOLICA), E = 10 MM, DE *1,60 X 2,20* M","M2",30.97,"SINAPI-I"]
[11135,"CHAPA DE MADEIRA COMPENSADA NAVAL (COM COLA FENOLICA), E = 12 MM, DE *1,60 X 2,20* M","M2",37.75,"SINAPI-I"]
[11136,"CHAPA DE MADEIRA COMPENSADA NAVAL (COM COLA FENOLICA), E = 15 MM, DE *1,60 X 2,20* M","M2",40.83,"SINAPI-I"]
[34743,"CHAPA DE MADEIRA COMPENSADA NAVAL (COM COLA FENOLICA), E = 18 MM, DE *1,60 X 2,20* M","M2",51.98,"SINAPI-I"]
[11137,"CHAPA DE MADEIRA COMPENSADA NAVAL (COM COLA FENOLICA), E = 20 MM, DE *1,60 X 2,20* M","M2",57.97,"SINAPI-I"]
[34745,"CHAPA DE MADEIRA COMPENSADA NAVAL (COM COLA FENOLICA), E = 25 MM, DE *1,60 X 2,20* M","M2",66.06,"SINAPI-I"]
[34746,"CHAPA DE MADEIRA COMPENSADA NAVAL (COM COLA FENOLICA), E = 4 MM, DE *1,60 X 2,20* M","M2",17.010000000000002,"SINAPI-I"]
[1360,"CHAPA DE MADEIRA COMPENSADA NAVAL (COM COLA FENOLICA), E = 6 MM, DE *1,60 X 2,20* M","M2",21.01,"SINAPI-I"]
[1346,"CHAPA DE MADEIRA COMPENSADA PLASTIFICADA PARA FORMA DE CONCRETO, DE 2,20 x 1,10 M, E = 10 MM","M2",23.16,"SINAPI-I"]
[1345,"CHAPA DE MADEIRA COMPENSADA PLASTIFICADA PARA FORMA DE CONCRETO, DE 2,20 x 1,10 M, E = 18 MM","M2",37.53,"SINAPI-I"]
[1344,"CHAPA DE MADEIRA COMPENSADA PLASTIFICADA PARA FORMA DE CONCRETO, DE 2,20 x 1,10 M, E = 6 MM","UN",40.36,"SINAPI-I"]
[1342,"CHAPA DE MADEIRA COMPENSADA PLASTIFICADA PARA FORMA DE CONCRETO, DE 2,20 X 1,10 m, E = 14 MM","UN",71.349999999999994,"SINAPI-I"]
[1347,"CHAPA DE MADEIRA COMPENSADA PLASTIFICADA PARA FORMA DE CONCRETO, DE 2,20 X 1,10 M, E = 12 MM","M2",27.68,"SINAPI-I"]
[1349,"CHAPA DE MADEIRA COMPENSADA PLASTIFICADA PARA FORMA DE CONCRETO, DE 2,20 X 1,10 M, E = 20 MM","UN",101.75,"SINAPI-I"]
[1350,"CHAPA DE MADEIRA COMPENSADA RESINADA PARA FORMA DE CONCRETO, DE *2,2 X 1,1* M, E = 10 MM","UN",44.35,"SINAPI-I"]
[1357,"CHAPA DE MADEIRA COMPENSADA RESINADA PARA FORMA DE CONCRETO, DE *2,2 X 1,1* M, E = 12 MM","UN",56.5,"SINAPI-I"]
[1355,"CHAPA DE MADEIRA COMPENSADA RESINADA PARA FORMA DE CONCRETO, DE *2,2 X 1,1* M, E = 14 MM","M2",26,"SINAPI-I"]
[1358,"CHAPA DE MADEIRA COMPENSADA RESINADA PARA FORMA DE CONCRETO, DE *2,2 X 1,1* M, E = 17 MM","M2",30.12,"SINAPI-I"]
[1359,"CHAPA DE MADEIRA COMPENSADA RESINADA PARA FORMA DE CONCRETO, DE *2,2 X 1,1* M, E = 20 MM","UN",87.28,"SINAPI-I"]
[1351,"CHAPA DE MADEIRA COMPENSADA RESINADA PARA FORMA DE CONCRETO, DE *2,2 X 1,1* M, E = 6 MM","UN",28.12,"SINAPI-I"]
[34659,"CHAPA DE MDF BRANCO LISO 1 FACE, E = 12 MM, DE *2,75 X 1,85* M","M2",26.15,"SINAPI-I"]
[34514,"CHAPA DE MDF BRANCO LISO 1 FACE, E = 15 MM, DE *2,75 X 1,85* M","M2",28.97,"SINAPI-I"]
[34660,"CHAPA DE MDF BRANCO LISO 1 FACE, E = 18 MM, DE *2,75 X 1,85* M","M2",36.76,"SINAPI-I"]
[34661,"CHAPA DE MDF BRANCO LISO 1 FACE, E = 25 MM, DE *2,75 X 1,85* M","M2",52.8,"SINAPI-I"]
[34667,"CHAPA DE MDF BRANCO LISO 1 FACE, E = 6 MM, DE *2,75 X 1,85* M","M2",19.12,"SINAPI-I"]
[34668,"CHAPA DE MDF BRANCO LISO 1 FACE, E = 9 MM, DE *2,75 X 1,85* M","M2",24.99,"SINAPI-I"]
[34741,"CHAPA DE MDF BRANCO LISO 2 FACES, E = 12 MM, DE *2,75 X 1,85* M","M2",27.49,"SINAPI-I"]
[34664,"CHAPA DE MDF BRANCO LISO 2 FACES, E = 15 MM, DE *2,75 X 1,85* M","M2",30,"SINAPI-I"]
[34665,"CHAPA DE MDF BRANCO LISO 2 FACES, E = 18 MM, DE *2,75 X 1,85* M","M2",37.24,"SINAPI-I"]
[34666,"CHAPA DE MDF BRANCO LISO 2 FACES, E = 25 MM, DE *2,75 X 1,85* M","M2",56.26,"SINAPI-I"]
[34669,"CHAPA DE MDF BRANCO LISO 2 FACES, E = 6 MM, DE *2,75 X 1,85* M","M2",20.62,"SINAPI-I"]
[34670,"CHAPA DE MDF BRANCO LISO 2 FACES, E = 9 MM, DE *2,75 X 1,85* M","M2",25.23,"SINAPI-I"]
[34671,"CHAPA DE MDF CRU, E = 12 MM, DE *2,75 X 1,85* M","M2",21.06,"SINAPI-I"]
[34672,"CHAPA DE MDF CRU, E = 15 MM, DE *2,75 X 1,85* M","M2",22.2,"SINAPI-I"]
[34673,"CHAPA DE MDF CRU, E = 18 MM, DE *2,75 X 1,85* M","M2",27.09,"SINAPI-I"]
[34674,"CHAPA DE MDF CRU, E = 20 MM, DE *2,75 X 1,85* M","M2",36.020000000000003,"SINAPI-I"]
[34675,"CHAPA DE MDF CRU, E = 25 MM, DE *2,75 X 1,85* M","M2",43.92,"SINAPI-I"]
[34676,"CHAPA DE MDF CRU, E = 6 MM, DE *2,75 X 1,85* M","M2",12.64,"SINAPI-I"]
[34677,"CHAPA DE MDF CRU, E = 9 MM, DE *2,75 X 1,85* M","M2",17,"SINAPI-I"]
[40623,"CHAPA PARA EMENDA DE VIGA, EM ACO GROSSO, QUALIDADE ESTRUTURAL, BITOLA 3/16 \", E= 4,75 MM, 4 FUROS, LARGURA 45 MM, COMPRIMENTO 500 MM","PAR",32.479999999999997,"SINAPI-I"]
[11112,"CHAPA/BOBINA ALUMINIO, E = 0,5 MM, L = 300 MM - 0,41 KG/M (LIGA 1200 - H14)","KG",25.88,"SINAPI-I"]
[11115,"CHAPA/BOBINA ALUMINIO, E = 0,8 MM, L = 1000 MM - 2,16 KG/M (LIGA 1200 - H14)","M",11.98,"SINAPI-I"]
[11113,"CHAPA/BOBINA ALUMINIO, E = 0,8 MM, L = 500 MM - 1,08 KG/M (LIGA 1200 - H14)","KG",25.88,"SINAPI-I"]
[11114,"CHAPA/BOBINA ALUMINIO, E = 0,8 MM, L = 600 MM - 1,30 KG/M (LIGA 1200 - H14)","M",19.899999999999999,"SINAPI-I"]
[12083,"CHAVE BLINDADA TRIPOLAR PARA MOTORES, DO TIPO FACA, COM PORTA FUSIVEL DO TIPO CARTUCHO, CORRENTE NOMINAL DE 100 A, TENSAO NOMINAL DE 250 V","UN",340.06,"SINAPI-I"]
[12081,"CHAVE BLINDADA TRIPOLAR PARA MOTORES, DO TIPO FACA, COM PORTA FUSIVEL DO TIPO CARTUCHO, CORRENTE NOMINAL DE 30 A, TENSAO NOMINAL DE 250 V","UN",115,"SINAPI-I"]
[12082,"CHAVE BLINDADA TRIPOLAR PARA MOTORES, DO TIPO FACA, COM PORTA FUSIVEL DO TIPO CARTUCHO, CORRENTE NOMINAL DE 60 A, TENSAO NOMINAL DE 250 V","UN",180.73,"SINAPI-I"]
[13354,"CHAVE DE PARTIDA DIRETA TRIFASICA, COM CAIXA TERMOPLASTICA, COM FUSIVEL DE 25 A, PARA MOTOR COM POTENCIA DE 7,5 CV E TENSAO DE 380 V","UN",269.93,"SINAPI-I"]
[14057,"CHAVE DE PARTIDA DIRETA TRIFASICA, COM CAIXA TERMOPLASTICA, COM FUSIVEL DE 35 A, PARA MOTOR COM POTENCIA DE 5 CV E TENSAO DE 220 V","UN",150.71,"SINAPI-I"]
[14058,"CHAVE DE PARTIDA DIRETA TRIFASICA, COM CAIXA TERMOPLASTICA, COM FUSIVEL DE 63 A, PARA MOTOR COM POTENCIA DE 10 CV E TENSAO DE 220 V","UN",237.74,"SINAPI-I"]
[20971,"CHAVE DUPLA PARA CONEXOES TIPO STORZ, ENGATE RAPIDO 1 1/2\" X 2 1/2\", EM LATAO, PARA INSTALACAO PREDIAL COMBATE A INCENDIO","UN",6.8,"SINAPI-I"]
[5047,"CHAVE FUSIVEL PARA REDES DE DISTRIBUICAO, TENSAO DE 15,0 KV, CORRENTE NOMINAL DO PORTA FUSIVEL DE 100 A, CAPACIDADE DE INTERRUPCAO SIMETRICA DE 7,10 KA, CAPACIDADE DE INTERRUPCAO ASSIMETRICA 10,00 KA","UN",161.97,"SINAPI-I"]
[13369,"CHAVE SECCIONADORA-FUSIVEL BLINDADA TRIPOLAR, ABERTURA COM CARGA, PARA FUSIVEL NH00, CORRENTE NOMINAL DE 160 A, TENSAO DE 500 V","UN",175.7,"SINAPI-I"]
[13370,"CHAVE SECCIONADORA-FUSIVEL BLINDADA TRIPOLAR, ABERTURA COM CARGA, PARA FUSIVEL NH01, CORRENTE NOMINAL DE 250 A, TENSAO DE 500 V","UN",243.56,"SINAPI-I"]
[13279,"CHUMBADOR DE ACO TIPO PARABOLT, * 5/8\" X 200* MM,  COM PORCA E ARRUELA","KG",9.27,"SINAPI-I"]
[11977,"CHUMBADOR DE ACO, DIAMETRO 1/2\", COMPRIMENTO 75 MM","UN",4.8,"SINAPI-I"]
[11975,"CHUMBADOR DE ACO, DIAMETRO 5/8\", COMPRIMENTO 6\", COM PORCA","UN",10.53,"SINAPI-I"]
[39746,"CHUMBADOR DE ACO, 1\" X 600 MM, PARA POSTES DE ACO COM BASE, INCLUSO PORCA E ARRUELA","UN",117.22,"SINAPI-I"]
[11976,"CHUMBADOR, DIAMETRO 1/4\" COM PARAFUSO 1/4\" X 40 MM","UN",0.53,"SINAPI-I"]
[1368,"CHUVEIRO COMUM EM PLASTICO BRANCO, COM CANO, 3 TEMPERATURAS, 5500 W (110/220 V)","UN",48,"SINAPI-I"]
[1367,"CHUVEIRO COMUM EM PLASTICO CROMADO, COM CANO, 4 TEMPERATURAS (110/220 V)","UN",155.26,"SINAPI-I"]
[7608,"CHUVEIRO PLASTICO BRANCO SIMPLES 5 '' PARA ACOPLAR EM HASTE 1/2 \", AGUA FRIA","UN",3.83,"SINAPI-I"]
[41900,"CIMENTO ASFALTICO DE PETROLEO A GRANEL (CAP) 30/45 (COLETADO CAIXA NA ANP ACRESCIDO DE ICMS)","KG",3.31,"SINAPI-I"]
[41899,"CIMENTO ASFALTICO DE PETROLEO A GRANEL (CAP) 50/70 (COLETADO CAIXA NA ANP ACRESCIDO DE ICMS)","T",3407.42,"SINAPI-I"]
[1380,"CIMENTO BRANCO","KG",2.92,"SINAPI-I"]
[1375,"CIMENTO IMPERMEABILIZANTE DE PEGA ULTRARRAPIDA PARA TAMPONAMENTOS","KG",8.99,"SINAPI-I"]
[1379,"CIMENTO PORTLAND COMPOSTO CP II-32","KG",0.49,"SINAPI-I"]
[10511,"CIMENTO PORTLAND COMPOSTO CP II-32 (SACO DE 50 KG)","50KG",24.9,"SINAPI-I"]
[13284,"CIMENTO PORTLAND DE ALTO FORNO (AF) CP III-32","KG",0.42,"SINAPI-I"]
[25974,"CIMENTO PORTLAND ESTRUTURAL BRANCO CPB-32","KG",1.67,"SINAPI-I"]
[1382,"CIMENTO PORTLAND POZOLANICO CP IV- 32","50KG",23.99,"SINAPI-I"]
[34753,"CIMENTO PORTLAND POZOLANICO CP IV-32","KG",0.47,"SINAPI-I"]
[420,"CINTA CIRCULAR EM ACO GALVANIZADO DE 150 MM DE DIAMETRO PARA FIXACAO DE CAIXA MEDICAO, INCLUI PARAFUSOS E PORCAS","UN",27.02,"SINAPI-I"]
[12327,"CINTA CIRCULAR EM ACO GALVANIZADO DE 210 MM DE DIAMETRO PARA INSTALACAO DE TRANSFORMADOR EM POSTE DE CONCRETO","UN",32.19,"SINAPI-I"]
[36148,"CINTURAO DE SEGURANCA TIPO PARAQUEDISTA, FIVELA EM ACO, AJUSTE NO SUSPENSARIO, CINTURA E PERNAS","UN",64.8,"SINAPI-I"]
[12329,"COBRE ELETROLITICO EM BARRA OU CHAPA","KG",74.2,"SINAPI-I"]
[1339,"COLA A BASE DE RESINA SINTETICA PARA CHAPA DE LAMINADO MELAMINICO","KG",24.63,"SINAPI-I"]
[11849,"COLA BRANCA BASE PVA","L",13.15,"SINAPI-I"]
[37418,"COLAR DE TOMADA EM POLIPROPILENO, PP, COM PARAFUSOS, PARA PEAD, 63 X 1/2\" - LIGACAO PREDIAL DE AGUA","UN",11.94,"SINAPI-I"]
[37419,"COLAR DE TOMADA EM POLIPROPILENO, PP, COM PARAFUSOS, PARA PEAD, 63 X 3/4\" - LIGACAO PREDIAL DE AGUA","UN",12.26,"SINAPI-I"]
[1427,"COLAR TOMADA PVC, COM TRAVAS, SAIDA COM ROSCA, DE 110 MM X 1/2\" OU 110 MM X 3/4\", PARA LIGACAO PREDIAL DE AGUA","UN",11.66,"SINAPI-I"]
[1402,"COLAR TOMADA PVC, COM TRAVAS, SAIDA COM ROSCA, DE 32 MM X 1/2\" OU 32 MM X 3/4\", PARA LIGACAO PREDIAL DE AGUA","UN",4.03,"SINAPI-I"]
[1420,"COLAR TOMADA PVC, COM TRAVAS, SAIDA COM ROSCA, DE 40 MM X 1/2\" OU 40 MM X 3/4\", PARA LIGACAO PREDIAL DE AGUA","UN",5.19,"SINAPI-I"]
[1419,"COLAR TOMADA PVC, COM TRAVAS, SAIDA COM ROSCA, DE 50 MM X 1/2\" OU 50 MM X 3/4\", PARA LIGACAO PREDIAL DE AGUA","UN",6.27,"SINAPI-I"]
[1414,"COLAR TOMADA PVC, COM TRAVAS, SAIDA COM ROSCA, DE 60 MM X 1/2\" OU 60 MM X 3/4\", PARA LIGACAO PREDIAL DE AGUA","UN",6.13,"SINAPI-I"]
[1413,"COLAR TOMADA PVC, COM TRAVAS, SAIDA COM ROSCA, DE 75 MM X 1/2\" OU 75 MM X 3/4\", PARA LIGACAO PREDIAL DE AGUA","UN",9.06,"SINAPI-I"]
[1412,"COLAR TOMADA PVC, COM TRAVAS, SAIDA COM ROSCA, DE 85 MM X 1/2\" OU 85 MM X 3/4\", PARA LIGACAO PREDIAL DE AGUA","UN",7.67,"SINAPI-I"]
[1411,"COLAR TOMADA PVC, COM TRAVAS, SAIDA ROSCAVEL COM BUCHA DE LATAO, DE 110 MM X 1/2\" OU 110 MM X 3/4\", PARA LIGACAO PREDIAL DE AGUA","UN",13.97,"SINAPI-I"]
[1406,"COLAR TOMADA PVC, COM TRAVAS, SAIDA ROSCAVEL COM BUCHA DE LATAO, DE 60 MM X 1/2\" OU 60 MM X 3/4\", PARA LIGACAO PREDIAL DE AGUA","UN",9.26,"SINAPI-I"]
[1407,"COLAR TOMADA PVC, COM TRAVAS, SAIDA ROSCAVEL COM BUCHA DE LATAO, DE 75 MM X 1/2\" OU 75 MM X 3/4\", PARA LIGACAO PREDIAL DE AGUA","UN",11.55,"SINAPI-I"]
[1404,"COLAR TOMADA PVC, COM TRAVAS, SAIDA ROSCAVEL COM BUCHA DE LATAO, DE 85 MM X 1/2\" OU 85 MM X 3/4\", PARA LIGACAO PREDIAL DE AGUA","UN",12.28,"SINAPI-I"]
[11281,"COMPACTADOR DE SOLO A PERCUSSAO (SOQUETE), COM MOTOR GASOLINA DE 4 TEMPOS, PESO ENTRE 55 E 65 KG, FORCA DE IMPACTO DE 1.000 A 1.500 KGF, FREQUENCIA DE 600 A 700 GOLPES POR MINUTO, VELOCIDADE DE TRABALHO ENTRE 10 E 15 M/MIN, POTENCIA ENTRE 2,00 E 3,00 HP","UN",10197.5,"SINAPI-I"]
[1442,"COMPACTADOR DE SOLO TIPO PLACA VIBRATORIA REVERSIVEL, A GASOLINA, 4 TEMPOS, PESO DE 125 A 150 KG, FORCA CENTRIFUGA DE 2500 A 2800 KGF, LARG. TRABALHO DE 400 A 450 MM, FREQ VIBRACAO DE 4300 A 4500 RPM, VELOC. TRABALHO DE 15 A 20 M/MIN, POT. DE 5,5 A 6,0 HP","UN",8560.7199999999993,"SINAPI-I"]
[13457,"COMPACTADOR DE SOLO TIPO PLACA VIBRATORIA REVERSIVEL, A GASOLINA, 4 TEMPOS, PESO DE 150 A 175 KG, FORCA CENTRIFUGA DE 2800 A 3100 KGF, LARG. TRABALHO DE 450 A 520 MM, FREQ VIBRACAO DE 4000 A 4300 RPM, VELOC. TRABALHO DE 15 A 20 M/MIN, POT. DE 6,0 A 7,0 HP","UN",7389.49,"SINAPI-I"]
[40699,"COMPACTADOR DE SOLO, TIPO PLACA VIBRATORIA NAO REVERSIVEL, COM MOTOR A GASOLINA DE 4 TEMPOS, PESO ENTRE 80 E 120 KG, FORCA CENTRIFUGA ENTRE 1300 E 2000 KGF, LARGURA DE TRABALHO ENTRE 400 E 500 MM, FREQUENCIA DE VIBRACAO ENTRE 4800 E 6000 RPM, VELOCIDADEDE TRABALHO ENTRE 20 E 30 M/MIN, POTENCIA ENTRE 5,0 E 6,0 HP","UN",5712.36,"SINAPI-I"]
[40701,"COMPACTADOR DE SOLO, TIPO PLACA VIBRATORIA REVERSIVEL, COM MOTOR A DIESEL, PESO ENTRE 700 E 820 KG, FORCA CENTRIFUGA ENTRE 6.200 E 10.000 KGF, LARGURA DE TRABALHO ENTRE 650 E 720 MM, FREQUENCIA DE VIBRACAO ENTRE 3.000 E 3.500 RPM, VELOCIDADE DE TRABALHOENTRE 25 E 30 M/MIN, POTENCIA ENTRE 13,0 E 15,0 HP","UN",101002.31,"SINAPI-I"]
[40700,"COMPACTADOR DE SOLO, TIPO PLACA VIBRATORIA REVERSIVEL, COM MOTOR A GASOLINA DE 4 TEMPOS, PESO ENTRE 160 E 265 KG, FORCA CENTRIFUGA ENTRE 2750 E 4000 KGF, LARGURA DE TRABALHO ENTRE 430 E 550 MM, FREQUENCIA DE VIBRACAO ENTRE 4000 E 5500 RPM, VELOCIDADE DETRABALHO ENTRE 20 E 25 M/MIN, POTENCIA ENTRE 7,5 E 9,0 HP","UN",13297.62,"SINAPI-I"]
[13458,"COMPACTADOR DE SOLOS DE PERCURSAO (SOQUETE) COM MOTOR A GASOLINA 4 TEMPOS DE 4 HP (4 CV)","UN",12636.03,"SINAPI-I"]
[36524,"COMPRESSOR DE AR ESTACIONARIO, VAZAO 620 PCM, PRESSAO EFETIVA DE TRABALHO 109 PSI, MOTOR ELETRICO, POTENCIA 127 CV","UN",86280.46,"SINAPI-I"]
[36526,"COMPRESSOR DE AR REBOCAVEL VAZAO 400 PCM, PRESSAO EFETIVA DE TRABALHO 102 PSI, MOTOR DIESEL, POTENCIA 110 CV","UN",69528.3,"SINAPI-I"]
[36523,"COMPRESSOR DE AR REBOCAVEL VAZAO 748 PCM, PRESSAO EFETIVA DE TRABALHO 102 PSI, MOTOR DIESEL, POTENCIA 210 CV","UN",148850.72,"SINAPI-I"]
[36527,"COMPRESSOR DE AR REBOCAVEL VAZAO 860 PCM, PRESSAO EFETIVA DE TRABALHO 102 PSI, MOTOR DIESEL, POTENCIA 250 CV","UN",161682.54,"SINAPI-I"]
[13803,"COMPRESSOR DE AR REBOCAVEL, VAZAO *89* PCM, PRESSAO EFETIVA DE TRABALHO *102* PSI, MOTOR DIESEL, POTENCIA *20* CV","UN",58463,"SINAPI-I"]
[38642,"COMPRESSOR DE AR REBOCAVEL, VAZAO 152 PCM, PRESSAO EFETIVA DE TRABALHO 102 PSI, MOTOR DIESEL, POTENCIA 31,5 KW","UN",37643.839999999997,"SINAPI-I"]
[36522,"COMPRESSOR DE AR REBOCAVEL, VAZAO 189 PCM, PRESSAO EFETIVA DE TRABALHO 102 PSI, MOTOR DIESEL, POTENCIA 63 CV","UN",43779.34,"SINAPI-I"]
[36525,"COMPRESSOR DE AR REBOCAVEL, VAZAO 250 PCM, PRESSAO EFETIVA DE TRABALHO 102 PSI, MOTOR DIESEL, POTENCIA 81 CV","UN",58630.76,"SINAPI-I"]
[41991,"COMPRESSOR DE AR, VAZAO DE 10 PCM, RESERVATORIO 100 L, PRESSAO DE TRABALHO ENTRE 6,9 E 9,7 BAR,  POTENCIA 2 HP, TENSAO 110/220 V (COLETADO CAIXA)","UN",2166.4899999999998,"SINAPI-I"]
[34348,"CONCERTINA CLIPADA (DUPLA) EM ACO GALVANIZADO DE ALTA RESISTENCIA, COM ESPIRAL DE 300 MM, D = 2,76 MM","M",31.19,"SINAPI-I"]
[34347,"CONCERTINA SIMPLES EM ACO GALVANIZADO DE ALTA RESISTENCIA, COM ESPIRAL DE 300 MM, D = 2,76 MM","M",16.11,"SINAPI-I"]
[11146,"CONCRETO AUTOADENSAVEL (CAA) CLASSE DE RESISTENCIA C15, ESPALHAMENTO SF2, INCLUI SERVICO DE BOMBEAMENTO (NBR 15823)","M3",271.64999999999998,"SINAPI-I"]
[11147,"CONCRETO AUTOADENSAVEL (CAA) CLASSE DE RESISTENCIA C20, ESPALHAMENTO SF2, INCLUI SERVICO DE BOMBEAMENTO (NBR 15823)","M3",281.70999999999998,"SINAPI-I"]
[34872,"CONCRETO AUTOADENSAVEL (CAA) CLASSE DE RESISTENCIA C25, ESPALHAMENTO SF2, INCLUI SERVICO DE BOMBEAMENTO (NBR 15823)","M3",291.77999999999997,"SINAPI-I"]
[34491,"CONCRETO AUTOADENSAVEL (CAA) CLASSE DE RESISTENCIA C30, ESPALHAMENTO SF2, INCLUI SERVICO DE BOMBEAMENTO (NBR 15823)","M3",297.68,"SINAPI-I"]
[34770,"CONCRETO BETUMINOSO USINADO A QUENTE (CBUQ) PARA PAVIMENTACAO ASFALTICA, PADRAO DNIT, FAIXA C, COM CAP 30/45 - AQUISICAO POSTO USINA","T",301.14,"SINAPI-I"]
[1518,"CONCRETO BETUMINOSO USINADO A QUENTE (CBUQ) PARA PAVIMENTACAO ASFALTICA, PADRAO DNIT, FAIXA C, COM CAP 50/70 - AQUISICAO POSTO USINA","T",325,"SINAPI-I"]
[41965,"CONCRETO BETUMINOSO USINADO A QUENTE (CBUQ) PARA PAVIMENTACAO ASFALTICA, PADRAO DNIT, PARA BINDER, COM CAP 50/70 - AQUISICAO POSTO USINA","T",314.86,"SINAPI-I"]
[34492,"CONCRETO USINADO BOMBEAVEL, CLASSE DE RESISTENCIA C20, COM BRITA 0 E 1, SLUMP = 100 +/- 20 MM, EXCLUI SERVICO DE BOMBEAMENTO (NBR 8953)","M3",246.5,"SINAPI-I"]
[1524,"CONCRETO USINADO BOMBEAVEL, CLASSE DE RESISTENCIA C20, COM BRITA 0 E 1, SLUMP = 100 +/- 20 MM, INCLUI SERVICO DE BOMBEAMENTO (NBR 8953)","M3",286.75,"SINAPI-I"]
[38404,"CONCRETO USINADO BOMBEAVEL, CLASSE DE RESISTENCIA C20, COM BRITA 0 E 1, SLUMP = 130 +/- 20 MM, EXCLUI SERVICO DE BOMBEAMENTO (NBR 8953)","M3",302.64999999999998,"SINAPI-I"]
[39849,"CONCRETO USINADO BOMBEAVEL, CLASSE DE RESISTENCIA C20, COM BRITA 0 E 1, SLUMP = 190 +/- 20 MM, INCLUI SERVICO DE BOMBEAMENTO (NBR 8953)","M3",302,"SINAPI-I"]
[38464,"CONCRETO USINADO BOMBEAVEL, CLASSE DE RESISTENCIA C20, COM BRITA 0, SLUMP = 220 +/- 20 MM, INCLUI SERVICO DE BOMBEAMENTO (NBR 8953)","M3",365.61,"SINAPI-I"]
[34493,"CONCRETO USINADO BOMBEAVEL, CLASSE DE RESISTENCIA C25, COM BRITA 0 E 1, SLUMP = 100 +/- 20 MM, EXCLUI SERVICO DE BOMBEAMENTO (NBR 8953)","M3",256.06,"SINAPI-I"]
[1527,"CONCRETO USINADO BOMBEAVEL, CLASSE DE RESISTENCIA C25, COM BRITA 0 E 1, SLUMP = 100 +/- 20 MM, INCLUI SERVICO DE BOMBEAMENTO (NBR 8953)","M3",298.82,"SINAPI-I"]
[38405,"CONCRETO USINADO BOMBEAVEL, CLASSE DE RESISTENCIA C25, COM BRITA 0 E 1, SLUMP = 130 +/- 20 MM, EXCLUI SERVICO DE BOMBEAMENTO (NBR 8953)","M3",320.81,"SINAPI-I"]
[38408,"CONCRETO USINADO BOMBEAVEL, CLASSE DE RESISTENCIA C25, COM BRITA 0 E 1, SLUMP = 190 +/- 20 MM, EXCLUI SERVICO DE BOMBEAMENTO (NBR 8953)","M3",333.6,"SINAPI-I"]
[34494,"CONCRETO USINADO BOMBEAVEL, CLASSE DE RESISTENCIA C30, COM BRITA 0 E 1, SLUMP = 100 +/- 20 MM, EXCLUI SERVICO DE BOMBEAMENTO (NBR 8953)","M3",267.43,"SINAPI-I"]
[1525,"CONCRETO USINADO BOMBEAVEL, CLASSE DE RESISTENCIA C30, COM BRITA 0 E 1, SLUMP = 100 +/- 20 MM, INCLUI SERVICO DE BOMBEAMENTO (NBR 8953)","M3",308.88,"SINAPI-I"]
[38406,"CONCRETO USINADO BOMBEAVEL, CLASSE DE RESISTENCIA C30, COM BRITA 0 E 1, SLUMP = 130 +/- 20 MM, EXCLUI SERVICO DE BOMBEAMENTO (NBR 8953)","M3",337.07,"SINAPI-I"]
[38409,"CONCRETO USINADO BOMBEAVEL, CLASSE DE RESISTENCIA C30, COM BRITA 0 E 1, SLUMP = 190 +/- 20 MM, EXCLUI SERVICO DE BOMBEAMENTO (NBR 8953)","M3",359.59,"SINAPI-I"]
[34495,"CONCRETO USINADO BOMBEAVEL, CLASSE DE RESISTENCIA C35, COM BRITA 0 E 1, SLUMP = 100 +/- 20 MM, EXCLUI SERVICO DE BOMBEAMENTO (NBR 8953)","M3",278.85000000000002,"SINAPI-I"]
[11145,"CONCRETO USINADO BOMBEAVEL, CLASSE DE RESISTENCIA C35, COM BRITA 0 E 1, SLUMP = 100 +/- 20 MM, INCLUI SERVICO DE BOMBEAMENTO (NBR 8953)","M3",319.95,"SINAPI-I"]
[34496,"CONCRETO USINADO BOMBEAVEL, CLASSE DE RESISTENCIA C40, COM BRITA 0 E 1, SLUMP = 100 +/- 20 MM, EXCLUI SERVICO DE BOMBEAMENTO (NBR 8953)","M3",291.27,"SINAPI-I"]
[34479,"CONCRETO USINADO BOMBEAVEL, CLASSE DE RESISTENCIA C40, COM BRITA 0 E 1, SLUMP = 100 +/- 20 MM, INCLUI SERVICO DE BOMBEAMENTO (NBR 8953)","M3",332.02,"SINAPI-I"]
[34481,"CONCRETO USINADO BOMBEAVEL, CLASSE DE RESISTENCIA C45, COM BRITA 0 E 1, SLUMP = 100 +/- 20 MM, INCLUI SERVICO DE BOMBEAMENTO (NBR 8953)","M3",373.27,"SINAPI-I"]
[34483,"CONCRETO USINADO BOMBEAVEL, CLASSE DE RESISTENCIA C50, COM BRITA 0 E 1, SLUMP = 100 +/- 20 MM, INCLUI SERVICO DE BOMBEAMENTO (NBR 8953)","M3",442.7,"SINAPI-I"]
[34485,"CONCRETO USINADO BOMBEAVEL, CLASSE DE RESISTENCIA C60, COM BRITA 0 E 1, SLUMP = 100 +/- 20 MM, INCLUI SERVICO DE BOMBEAMENTO (NBR 8953)","M3",568.46,"SINAPI-I"]
[34497,"CONCRETO USINADO BOMBEAVEL, CLASSE DE RESISTENCIA C80, COM BRITA 0 E 1, SLUMP = 100 +/- 20 MM, EXCLUI SERVICO DE BOMBEAMENTO (NBR 8953)","M3",784.78,"SINAPI-I"]
[14041,"CONCRETO USINADO CONVENCIONAL (NAO BOMBEAVEL) CLASSE DE RESISTENCIA C10, COM BRITA 1 E 2, SLUMP = 80 MM +/- 10 MM (NBR 8953)","M3",245.96,"SINAPI-I"]
[1523,"CONCRETO USINADO CONVENCIONAL (NAO BOMBEAVEL) CLASSE DE RESISTENCIA C15, COM BRITA 1 E 2, SLUMP = 80 MM +/- 10 MM (NBR 8953)","M3",248.31,"SINAPI-I"]
[14052,"CONDULETE DE ALUMINIO TIPO B, PARA ELETRODUTO ROSCAVEL DE 1/2\", COM TAMPA CEGA","UN",7.57,"SINAPI-I"]
[14054,"CONDULETE DE ALUMINIO TIPO B, PARA ELETRODUTO ROSCAVEL DE 1\", COM TAMPA CEGA","UN",9.84,"SINAPI-I"]
[14053,"CONDULETE DE ALUMINIO TIPO B, PARA ELETRODUTO ROSCAVEL DE 3/4\", COM TAMPA CEGA","UN",7.69,"SINAPI-I"]
[2558,"CONDULETE DE ALUMINIO TIPO C, PARA ELETRODUTO ROSCAVEL DE 1/2\", COM TAMPA CEGA","UN",5.79,"SINAPI-I"]
[2560,"CONDULETE DE ALUMINIO TIPO C, PARA ELETRODUTO ROSCAVEL DE 1\", COM TAMPA CEGA","UN",10.19,"SINAPI-I"]
[2559,"CONDULETE DE ALUMINIO TIPO C, PARA ELETRODUTO ROSCAVEL DE 3/4\", COM TAMPA CEGA","UN",8.15,"SINAPI-I"]
[2592,"CONDULETE DE ALUMINIO TIPO C, PARA ELETRODUTO ROSCAVEL DE 4\", COM TAMPA CEGA","UN",135.11000000000001,"SINAPI-I"]
[2566,"CONDULETE DE ALUMINIO TIPO E, PARA ELETRODUTO ROSCAVEL DE 1  1/4\", COM TAMPA CEGA","UN",13.59,"SINAPI-I"]
[2589,"CONDULETE DE ALUMINIO TIPO E, PARA ELETRODUTO ROSCAVEL DE 1 1/2\", COM TAMPA CEGA","UN",18.07,"SINAPI-I"]
[2591,"CONDULETE DE ALUMINIO TIPO E, PARA ELETRODUTO ROSCAVEL DE 1/2\", COM TAMPA CEGA","UN",6.59,"SINAPI-I"]
[2590,"CONDULETE DE ALUMINIO TIPO E, PARA ELETRODUTO ROSCAVEL DE 1\", COM TAMPA CEGA","UN",11.09,"SINAPI-I"]
[2567,"CONDULETE DE ALUMINIO TIPO E, PARA ELETRODUTO ROSCAVEL DE 2\", COM TAMPA CEGA","UN",26.51,"SINAPI-I"]
[2565,"CONDULETE DE ALUMINIO TIPO E, PARA ELETRODUTO ROSCAVEL DE 3/4\", COM TAMPA CEGA","UN",6.6,"SINAPI-I"]
[2568,"CONDULETE DE ALUMINIO TIPO E, PARA ELETRODUTO ROSCAVEL DE 3\", COM TAMPA CEGA","UN",73.61,"SINAPI-I"]
[2594,"CONDULETE DE ALUMINIO TIPO E, PARA ELETRODUTO ROSCAVEL DE 4\", COM TAMPA CEGA","UN",122.63,"SINAPI-I"]
[2587,"CONDULETE DE ALUMINIO TIPO LR, PARA ELETRODUTO ROSCAVEL DE 1 1/2\", COM TAMPA CEGA","UN",20.9,"SINAPI-I"]
[2588,"CONDULETE DE ALUMINIO TIPO LR, PARA ELETRODUTO ROSCAVEL DE 1 1/4\", COM TAMPA CEGA","UN",16.600000000000001,"SINAPI-I"]
[2569,"CONDULETE DE ALUMINIO TIPO LR, PARA ELETRODUTO ROSCAVEL DE 1/2\", COM TAMPA CEGA","UN",6.39,"SINAPI-I"]
[2570,"CONDULETE DE ALUMINIO TIPO LR, PARA ELETRODUTO ROSCAVEL DE 1\", COM TAMPA CEGA","UN",10.72,"SINAPI-I"]
[2571,"CONDULETE DE ALUMINIO TIPO LR, PARA ELETRODUTO ROSCAVEL DE 2\", COM TAMPA CEGA","UN",31.83,"SINAPI-I"]
[2593,"CONDULETE DE ALUMINIO TIPO LR, PARA ELETRODUTO ROSCAVEL DE 3/4\", COM TAMPA CEGA","UN",6.82,"SINAPI-I"]
[2572,"CONDULETE DE ALUMINIO TIPO LR, PARA ELETRODUTO ROSCAVEL DE 3\", COM TAMPA CEGA","UN",94.13,"SINAPI-I"]
[2595,"CONDULETE DE ALUMINIO TIPO LR, PARA ELETRODUTO ROSCAVEL DE 4\", COM TAMPA CEGA","UN",146.87,"SINAPI-I"]
[2576,"CONDULETE DE ALUMINIO TIPO T, PARA ELETRODUTO ROSCAVEL DE 1 1/2\", COM TAMPA CEGA","UN",25.03,"SINAPI-I"]
[2575,"CONDULETE DE ALUMINIO TIPO T, PARA ELETRODUTO ROSCAVEL DE 1 1/4\", COM TAMPA CEGA","UN",18.82,"SINAPI-I"]
[2573,"CONDULETE DE ALUMINIO TIPO T, PARA ELETRODUTO ROSCAVEL DE 1/2\", COM TAMPA CEGA","UN",7.81,"SINAPI-I"]
[2586,"CONDULETE DE ALUMINIO TIPO T, PARA ELETRODUTO ROSCAVEL DE 1\", COM TAMPA CEGA","UN",12.67,"SINAPI-I"]
[2577,"CONDULETE DE ALUMINIO TIPO T, PARA ELETRODUTO ROSCAVEL DE 2\", COM TAMPA CEGA","UN",33.92,"SINAPI-I"]
[2574,"CONDULETE DE ALUMINIO TIPO T, PARA ELETRODUTO ROSCAVEL DE 3/4\", COM TAMPA CEGA","UN",7.86,"SINAPI-I"]
[2578,"CONDULETE DE ALUMINIO TIPO T, PARA ELETRODUTO ROSCAVEL DE 3\", COM TAMPA CEGA","UN",105.92,"SINAPI-I"]
[2585,"CONDULETE DE ALUMINIO TIPO T, PARA ELETRODUTO ROSCAVEL DE 4\", COM TAMPA CEGA","UN",145.34,"SINAPI-I"]
[12008,"CONDULETE DE ALUMINIO TIPO TB, PARA ELETRODUTO ROSCAVEL DE 3\", COM TAMPA CEGA","UN",77.98,"SINAPI-I"]
[2582,"CONDULETE DE ALUMINIO TIPO X, PARA ELETRODUTO ROSCAVEL DE 1 1/2\", COM TAMPA CEGA","UN",23.22,"SINAPI-I"]
[2597,"CONDULETE DE ALUMINIO TIPO X, PARA ELETRODUTO ROSCAVEL DE 1 1/4\", COM TAMPA CEGA","UN",19.899999999999999,"SINAPI-I"]
[2579,"CONDULETE DE ALUMINIO TIPO X, PARA ELETRODUTO ROSCAVEL DE 1/2\", COM TAMPA CEGA","UN",9.4700000000000006,"SINAPI-I"]
[2581,"CONDULETE DE ALUMINIO TIPO X, PARA ELETRODUTO ROSCAVEL DE 1\", COM TAMPA CEGA","UN",12.12,"SINAPI-I"]
[2596,"CONDULETE DE ALUMINIO TIPO X, PARA ELETRODUTO ROSCAVEL DE 2\", COM TAMPA CEGA","UN",35.86,"SINAPI-I"]
[2580,"CONDULETE DE ALUMINIO TIPO X, PARA ELETRODUTO ROSCAVEL DE 3/4\", COM TAMPA CEGA","UN",10.38,"SINAPI-I"]
[2583,"CONDULETE DE ALUMINIO TIPO X, PARA ELETRODUTO ROSCAVEL DE 3\", COM TAMPA CEGA","UN",87.22,"SINAPI-I"]
[2584,"CONDULETE DE ALUMINIO TIPO X, PARA ELETRODUTO ROSCAVEL DE 4\", COM TAMPA CEGA","UN",145.19999999999999,"SINAPI-I"]
[12010,"CONDULETE EM PVC, TIPO \"B\", SEM TAMPA, DE 1/2\" OU 3/4\"","UN",6.65,"SINAPI-I"]
[39329,"CONDULETE EM PVC, TIPO \"B\", SEM TAMPA, DE 1\"","UN",6.95,"SINAPI-I"]
[39330,"CONDULETE EM PVC, TIPO \"C\", SEM TAMPA, DE 1/2\"","UN",7.31,"SINAPI-I"]
[39332,"CONDULETE EM PVC, TIPO \"C\", SEM TAMPA, DE 1\"","UN",8.17,"SINAPI-I"]
[39331,"CONDULETE EM PVC, TIPO \"C\", SEM TAMPA, DE 3/4\"","UN",6.51,"SINAPI-I"]
[39333,"CONDULETE EM PVC, TIPO \"E\", SEM TAMPA, DE 1/2\"","UN",6.34,"SINAPI-I"]
[39335,"CONDULETE EM PVC, TIPO \"E\", SEM TAMPA, DE 1\"","UN",7.34,"SINAPI-I"]
[39334,"CONDULETE EM PVC, TIPO \"E\", SEM TAMPA, DE 3/4\"","UN",5.83,"SINAPI-I"]
[12016,"CONDULETE EM PVC, TIPO \"LB\", SEM TAMPA, DE 1/2\" OU 3/4\"","UN",7.32,"SINAPI-I"]
[12015,"CONDULETE EM PVC, TIPO \"LB\", SEM TAMPA, DE 1\"","UN",8.5299999999999994,"SINAPI-I"]
[12020,"CONDULETE EM PVC, TIPO \"LL\", SEM TAMPA, DE 1/2\" OU 3/4\"","UN",7.32,"SINAPI-I"]
[12019,"CONDULETE EM PVC, TIPO \"LL\", SEM TAMPA, DE 1\"","UN",8.5299999999999994,"SINAPI-I"]
[39336,"CONDULETE EM PVC, TIPO \"LR\", SEM TAMPA, DE 1/2\"","UN",7.31,"SINAPI-I"]
[39338,"CONDULETE EM PVC, TIPO \"LR\", SEM TAMPA, DE 1\"","UN",8.17,"SINAPI-I"]
[39337,"CONDULETE EM PVC, TIPO \"LR\", SEM TAMPA, DE 3/4\"","UN",6.51,"SINAPI-I"]
[39341,"CONDULETE EM PVC, TIPO \"T\", SEM TAMPA, DE 1\"","UN",10.66,"SINAPI-I"]
[39340,"CONDULETE EM PVC, TIPO \"T\", SEM TAMPA, DE 3/4\"","UN",7.82,"SINAPI-I"]
[12025,"CONDULETE EM PVC, TIPO \"TB\", SEM TAMPA, DE 1/2\" OU 3/4\"","UN",8.08,"SINAPI-I"]
[39342,"CONDULETE EM PVC, TIPO \"TB\", SEM TAMPA, DE 1\"","UN",10.66,"SINAPI-I"]
[39343,"CONDULETE EM PVC, TIPO \"X\", SEM TAMPA, DE 1/2\"","UN",9,"SINAPI-I"]
[39345,"CONDULETE EM PVC, TIPO \"X\", SEM TAMPA, DE 1\"","UN",12.18,"SINAPI-I"]
[39344,"CONDULETE EM PVC, TIPO \"X\", SEM TAMPA, DE 3/4\"","UN",8.6999999999999993,"SINAPI-I"]
[12623,"CONDUTOR PLUVIAL, PVC, CIRCULAR, DIAMETRO ENTRE 80 E 100 MM, PARA DRENAGEM PREDIAL","M",10.69,"SINAPI-I"]
[34498,"CONE DE SINALIZACAO EM PVC FLEXIVEL, H = 70 / 76 CM (NBR 15071)","UN",101.91,"SINAPI-I"]
[13244,"CONE DE SINALIZACAO EM PVC RIGIDO COM FAIXA REFLETIVA, H = 70 / 76 CM","UN",42.9,"SINAPI-I"]
[38998,"CONECTOR / ADAPTADOR FEMEA, COM INSERTO METALICO, PPR, DN 25 MM X 1/2\", PARA AGUA QUENTE E FRIA PREDIAL","UN",7.37,"SINAPI-I"]
[38999,"CONECTOR / ADAPTADOR FEMEA, COM INSERTO METALICO, PPR, DN 32 MM X 3/4\", PARA AGUA QUENTE E FRIA PREDIAL","UN",12.2,"SINAPI-I"]
[38996,"CONECTOR / ADAPTADOR MACHO, COM INSERTO METALICO, PPR, DN 25 MM X 1/2\", PARA AGUA QUENTE E FRIA PREDIAL","UN",10.65,"SINAPI-I"]
[38997,"CONECTOR / ADAPTADOR MACHO, COM INSERTO METALICO, PPR, DN 32 MM X 3/4\", PARA AGUA QUENTE E FRIA PREDIAL","UN",17.239999999999998,"SINAPI-I"]
[39862,"CONECTOR BRONZE/LATAO (REF 603) SEM ANEL DE SOLDA, BOLSA X ROSCA F, 15 MM X 1/2\"","UN",7.47,"SINAPI-I"]
[39863,"CONECTOR BRONZE/LATAO (REF 603) SEM ANEL DE SOLDA, BOLSA X ROSCA F, 22 MM X 1/2\"","UN",7.57,"SINAPI-I"]
[39864,"CONECTOR BRONZE/LATAO (REF 603) SEM ANEL DE SOLDA, BOLSA X ROSCA F, 22 MM X 3/4\"","UN",9.4,"SINAPI-I"]
[39865,"CONECTOR BRONZE/LATAO (REF 603) SEM ANEL DE SOLDA, BOLSA X ROSCA F, 28 MM X 1/2\"","UN",13.24,"SINAPI-I"]
[2517,"CONECTOR CURVO 90 GRAUS DE ALUMINIO, BITOLA 1 1/2\", PARA ADAPTAR ENTRADA DE ELETRODUTO METALICO FLEXIVEL EM QUADROS","UN",14.46,"SINAPI-I"]
[2522,"CONECTOR CURVO 90 GRAUS DE ALUMINIO, BITOLA 1 1/4\", PARA ADAPTAR ENTRADA DE ELETRODUTO METALICO FLEXIVEL EM QUADROS","UN",9.35,"SINAPI-I"]
[2548,"CONECTOR CURVO 90 GRAUS DE ALUMINIO, BITOLA 1/2\", PARA ADAPTAR ENTRADA DE ELETRODUTO METALICO FLEXIVEL EM QUADROS","UN",5.75,"SINAPI-I"]
[2516,"CONECTOR CURVO 90 GRAUS DE ALUMINIO, BITOLA 1\", PARA ADAPTAR ENTRADA DE ELETRODUTO METALICO FLEXIVEL EM QUADROS","UN",7.5,"SINAPI-I"]
[2518,"CONECTOR CURVO 90 GRAUS DE ALUMINIO, BITOLA 2 1/2\", PARA ADAPTAR ENTRADA DE ELETRODUTO METALICO FLEXIVEL EM QUADROS","UN",68.86,"SINAPI-I"]
[2521,"CONECTOR CURVO 90 GRAUS DE ALUMINIO, BITOLA 2\", PARA ADAPTAR ENTRADA DE ELETRODUTO METALICO FLEXIVEL EM QUADROS","UN",29.31,"SINAPI-I"]
[2515,"CONECTOR CURVO 90 GRAUS DE ALUMINIO, BITOLA 3/4\", PARA ADAPTAR ENTRADA DE ELETRODUTO METALICO FLEXIVEL EM QUADROS","UN",6.24,"SINAPI-I"]
[2519,"CONECTOR CURVO 90 GRAUS DE ALUMINIO, BITOLA 3\", PARA ADAPTAR ENTRADA DE ELETRODUTO METALICO FLEXIVEL EM QUADROS","UN",83.03,"SINAPI-I"]
[2520,"CONECTOR CURVO 90 GRAUS DE ALUMINIO, BITOLA 4\", PARA ADAPTAR ENTRADA DE ELETRODUTO METALICO FLEXIVEL EM QUADROS","UN",152.82,"SINAPI-I"]
[1602,"CONECTOR DE ALUMINIO TIPO PRENSA CABO, BITOLA 1 1/2\", PARA CABOS DE DIAMETRO DE 37 A 40 MM","UN",25.25,"SINAPI-I"]
[1601,"CONECTOR DE ALUMINIO TIPO PRENSA CABO, BITOLA 1 1/4\", PARA CABOS DE DIAMETRO DE 31 A 34 MM","UN",22.5,"SINAPI-I"]
[1598,"CONECTOR DE ALUMINIO TIPO PRENSA CABO, BITOLA 1/2\", PARA CABOS DE DIAMETRO DE 12,5 A 15 MM","UN",6.66,"SINAPI-I"]
[1600,"CONECTOR DE ALUMINIO TIPO PRENSA CABO, BITOLA 1\", PARA CABOS DE DIAMETRO DE 22,5 A 25 MM","UN",9.83,"SINAPI-I"]
[1603,"CONECTOR DE ALUMINIO TIPO PRENSA CABO, BITOLA 2\", PARA CABOS DE DIAMETRO DE 47,5 A 50 MM","UN",38.130000000000003,"SINAPI-I"]
[1599,"CONECTOR DE ALUMINIO TIPO PRENSA CABO, BITOLA 3/4\", PARA CABOS DE DIAMETRO DE 17,5 A 20 MM","UN",7.73,"SINAPI-I"]
[1597,"CONECTOR DE ALUMINIO TIPO PRENSA CABO, BITOLA 3/8\", PARA CABOS DE DIAMETRO DE 9 A 10 MM","UN",6.26,"SINAPI-I"]
[39600,"CONECTOR FEMEA RJ - 45, CATEGORIA 5 E","UN",12.15,"SINAPI-I"]
[39601,"CONECTOR FEMEA RJ - 45, CATEGORIA 6","UN",21.12,"SINAPI-I"]
[39602,"CONECTOR MACHO RJ - 45, CATEGORIA 5 E","UN",1.39,"SINAPI-I"]
[39603,"CONECTOR MACHO RJ - 45, CATEGORIA 6","UN",2.38,"SINAPI-I"]
[11821,"CONECTOR METALICO TIPO PARAFUSO FENDIDO (SPLIT BOLT), COM SEPARADOR DE CABOS BIMETALICOS, PARA CABOS ATE 25 MM2","UN",5.14,"SINAPI-I"]
[1562,"CONECTOR METALICO TIPO PARAFUSO FENDIDO (SPLIT BOLT), COM SEPARADOR DE CABOS BIMETALICOS, PARA CABOS ATE 50 MM2","UN",8.42,"SINAPI-I"]
[1563,"CONECTOR METALICO TIPO PARAFUSO FENDIDO (SPLIT BOLT), COM SEPARADOR DE CABOS BIMETALICOS, PARA CABOS ATE 70 MM2","UN",11.3,"SINAPI-I"]
[11856,"CONECTOR METALICO TIPO PARAFUSO FENDIDO (SPLIT BOLT), PARA CABOS ATE 10 MM2","UN",3.37,"SINAPI-I"]
[11857,"CONECTOR METALICO TIPO PARAFUSO FENDIDO (SPLIT BOLT), PARA CABOS ATE 120 MM2","UN",17.73,"SINAPI-I"]
[11858,"CONECTOR METALICO TIPO PARAFUSO FENDIDO (SPLIT BOLT), PARA CABOS ATE 150 MM2","UN",22.01,"SINAPI-I"]
[1539,"CONECTOR METALICO TIPO PARAFUSO FENDIDO (SPLIT BOLT), PARA CABOS ATE 16 MM2","UN",3.96,"SINAPI-I"]
[11859,"CONECTOR METALICO TIPO PARAFUSO FENDIDO (SPLIT BOLT), PARA CABOS ATE 185 MM2","UN",29.95,"SINAPI-I"]
[1550,"CONECTOR METALICO TIPO PARAFUSO FENDIDO (SPLIT BOLT), PARA CABOS ATE 25 MM2","UN",4.18,"SINAPI-I"]
[11854,"CONECTOR METALICO TIPO PARAFUSO FENDIDO (SPLIT BOLT), PARA CABOS ATE 35 MM2","UN",5.22,"SINAPI-I"]
[11862,"CONECTOR METALICO TIPO PARAFUSO FENDIDO (SPLIT BOLT), PARA CABOS ATE 50 MM2","UN",7.32,"SINAPI-I"]
[11863,"CONECTOR METALICO TIPO PARAFUSO FENDIDO (SPLIT BOLT), PARA CABOS ATE 6 MM2","UN",2.95,"SINAPI-I"]
[11855,"CONECTOR METALICO TIPO PARAFUSO FENDIDO (SPLIT BOLT), PARA CABOS ATE 70 MM2","UN",10.93,"SINAPI-I"]
[11864,"CONECTOR METALICO TIPO PARAFUSO FENDIDO (SPLIT BOLT), PARA CABOS ATE 95 MM2","UN",16.52,"SINAPI-I"]
[2527,"CONECTOR RETO DE ALUMINIO PARA ELETRODUTO DE 1 1/2\", PARA ADAPTAR ENTRADA DE ELETRODUTO METALICO FLEXIVEL EM QUADROS","UN",5.17,"SINAPI-I"]
[2526,"CONECTOR RETO DE ALUMINIO PARA ELETRODUTO DE 1 1/4\", PARA ADAPTAR ENTRADA DE ELETRODUTO METALICO FLEXIVEL EM QUADROS","UN",3.31,"SINAPI-I"]
[2487,"CONECTOR RETO DE ALUMINIO PARA ELETRODUTO DE 1/2\", PARA ADAPTAR ENTRADA DE ELETRODUTO METALICO FLEXIVEL EM QUADROS","UN",1.1299999999999999,"SINAPI-I"]
[2483,"CONECTOR RETO DE ALUMINIO PARA ELETRODUTO DE 1\", PARA ADAPTAR ENTRADA DE ELETRODUTO METALICO FLEXIVEL EM QUADROS","UN",2.36,"SINAPI-I"]
[2528,"CONECTOR RETO DE ALUMINIO PARA ELETRODUTO DE 2 1/2\", PARA ADAPTAR ENTRADA DE ELETRODUTO METALICO FLEXIVEL EM QUADROS","UN",13.03,"SINAPI-I"]
[2489,"CONECTOR RETO DE ALUMINIO PARA ELETRODUTO DE 2\", PARA ADAPTAR ENTRADA DE ELETRODUTO METALICO FLEXIVEL EM QUADROS","UN",5.74,"SINAPI-I"]
[2488,"CONECTOR RETO DE ALUMINIO PARA ELETRODUTO DE 3/4\", PARA ADAPTAR ENTRADA DE ELETRODUTO METALICO FLEXIVEL EM QUADROS","UN",1.32,"SINAPI-I"]
[2484,"CONECTOR RETO DE ALUMINIO PARA ELETRODUTO DE 3\", PARA ADAPTAR ENTRADA DE ELETRODUTO METALICO FLEXIVEL EM QUADROS","UN",18.920000000000002,"SINAPI-I"]
[2485,"CONECTOR RETO DE ALUMINIO PARA ELETRODUTO DE 4\", PARA ADAPTAR ENTRADA DE ELETRODUTO METALICO FLEXIVEL EM QUADROS","UN",29.66,"SINAPI-I"]
[38005,"CONECTOR, CPVC, SOLDAVEL, 15 MM X 1/2\", PARA AGUA QUENTE","UN",13.47,"SINAPI-I"]
[38006,"CONECTOR, CPVC, SOLDAVEL, 22 MM X 1/2\", PARA AGUA QUENTE","UN",16.54,"SINAPI-I"]
[38428,"CONECTOR, CPVC, SOLDAVEL, 22 MM X 3/4\", PARA AGUA QUENTE","UN",15.49,"SINAPI-I"]
[38007,"CONECTOR, CPVC, SOLDAVEL, 28 MM X 1\", PARA AGUA QUENTE","UN",25.31,"SINAPI-I"]
[38008,"CONECTOR, CPVC, SOLDAVEL, 35 MM X 1 1/4\", PARA AGUA QUENTE","UN",101.94,"SINAPI-I"]
[38009,"CONECTOR, CPVC, SOLDAVEL, 42 MM X 1 1/2\", PARA AGUA QUENTE","UN",124.59,"SINAPI-I"]
[39279,"CONEXAO FIXA, ROSCA FEMEA, EM PLASTICO, DN 16 MM X 1/2\", PARA CONEXAO COM CRIMPAGEM EM TUBO PEX","UN",9.33,"SINAPI-I"]
[38845,"CONEXAO FIXA, ROSCA FEMEA, EM PLASTICO, DN 16 MM X 3/4\", PARA CONEXAO COM CRIMPAGEM EM TUBO PEX","UN",13.5,"SINAPI-I"]
[39280,"CONEXAO FIXA, ROSCA FEMEA, EM PLASTICO, DN 20 MM X 1/2\", PARA CONEXAO COM CRIMPAGEM EM TUBO PEX","UN",12.1,"SINAPI-I"]
[39281,"CONEXAO FIXA, ROSCA FEMEA, EM PLASTICO, DN 20 MM X 3/4\", PARA CONEXAO COM CRIMPAGEM EM TUBO PEX","UN",15.93,"SINAPI-I"]
[38849,"CONEXAO FIXA, ROSCA FEMEA, EM PLASTICO, DN 25 MM X 1/2\", PARA CONEXAO COM CRIMPAGEM EM TUBO PEX","UN",13.65,"SINAPI-I"]
[39282,"CONEXAO FIXA, ROSCA FEMEA, EM PLASTICO, DN 25 MM X 3/4\", PARA CONEXAO COM CRIMPAGEM EM TUBO PEX","UN",16.309999999999999,"SINAPI-I"]
[38852,"CONEXAO FIXA, ROSCA FEMEA, EM PLASTICO, DN 32 MM X 3/4\", PARA CONEXAO COM CRIMPAGEM EM TUBO PEX","UN",22.19,"SINAPI-I"]
[38844,"CONEXAO FIXA, ROSCA FEMEA, METALICA, COM ANEL DESLIZANTE, DN 16 MM X 1/2\", PARA TUBO PEX","UN",6.82,"SINAPI-I"]
[38846,"CONEXAO FIXA, ROSCA FEMEA, METALICA, COM ANEL DESLIZANTE, DN 20 MM X 1/2\", PARA TUBO PEX","UN",7.46,"SINAPI-I"]
[38847,"CONEXAO FIXA, ROSCA FEMEA, METALICA, COM ANEL DESLIZANTE, DN 20 MM X 3/4\", PARA TUBO PEX","UN",9.18,"SINAPI-I"]
[38850,"CONEXAO FIXA, ROSCA FEMEA, METALICA, COM ANEL DESLIZANTE, DN 25 MM X 1\", PARA TUBO PEX","UN",12.75,"SINAPI-I"]
[38848,"CONEXAO FIXA, ROSCA FEMEA, METALICA, COM ANEL DESLIZANTE, DN 25 MM X 3/4\", PARA TUBO PEX","UN",10.67,"SINAPI-I"]
[38851,"CONEXAO FIXA, ROSCA FEMEA, METALICA, COM ANEL DESLIZANTE, DN 32 MM X 1\", PARA TUBO PEX","UN",19.39,"SINAPI-I"]
[38860,"CONEXAO FIXA, ROSCA MACHO, METALICA, PARA TUBO PEX, DN 16 MM X 1/2\"","UN",5.48,"SINAPI-I"]
[38861,"CONEXAO FIXA, ROSCA MACHO, METALICA, PARA TUBO PEX, DN 16 MM X 3/4\"","UN",7.37,"SINAPI-I"]
[38862,"CONEXAO FIXA, ROSCA MACHO, METALICA, PARA TUBO PEX, DN 20 MM X 1/2\"","UN",6.21,"SINAPI-I"]
[38863,"CONEXAO FIXA, ROSCA MACHO, METALICA, PARA TUBO PEX, DN 20 MM X 3/4\"","UN",7.14,"SINAPI-I"]
[38865,"CONEXAO FIXA, ROSCA MACHO, METALICA, PARA TUBO PEX, DN 25 MM X 1/2\"","UN",9.6999999999999993,"SINAPI-I"]
[38864,"CONEXAO FIXA, ROSCA MACHO, METALICA, PARA TUBO PEX, DN 25 MM X 1\"","UN",14.82,"SINAPI-I"]
[38866,"CONEXAO FIXA, ROSCA MACHO, METALICA, PARA TUBO PEX, DN 25 MM X 3/4\"","UN",10.44,"SINAPI-I"]
[38868,"CONEXAO FIXA, ROSCA MACHO, METALICA, PARA TUBO PEX, DN 32 MM X 1\"","UN",17.399999999999999,"SINAPI-I"]
[38853,"CONEXAO MOVEL, ROSCA FEMEA, METALICA, COM ANEL DESLIZANTE, PARA TUBO PEX, DN 16 MM X 1/2\"","UN",5.62,"SINAPI-I"]
[38854,"CONEXAO MOVEL, ROSCA FEMEA, METALICA, COM ANEL DESLIZANTE, PARA TUBO PEX, DN 16 MM X 3/4\"","UN",7.68,"SINAPI-I"]
[38855,"CONEXAO MOVEL, ROSCA FEMEA, METALICA, COM ANEL DESLIZANTE, PARA TUBO PEX, DN 20 MM X 1/2\"","UN",5.7,"SINAPI-I"]
[38856,"CONEXAO MOVEL, ROSCA FEMEA, METALICA, COM ANEL DESLIZANTE, PARA TUBO PEX, DN 20 MM X 3/4\"","UN",9.15,"SINAPI-I"]
[38857,"CONEXAO MOVEL, ROSCA FEMEA, METALICA, COM ANEL DESLIZANTE, PARA TUBO PEX, DN 25 MM X 1\"","UN",12.11,"SINAPI-I"]
[38858,"CONEXAO MOVEL, ROSCA FEMEA, METALICA, COM ANEL DESLIZANTE, PARA TUBO PEX, DN 25 MM X 3/4\"","UN",11.01,"SINAPI-I"]
[38859,"CONEXAO MOVEL, ROSCA FEMEA, METALICA, COM ANEL DESLIZANTE, PARA TUBO PEX, DN 32 MM X 1\"","UN",17.829999999999998,"SINAPI-I"]
[1607,"CONJUNTO ARRUELAS DE VEDACAO 5/16\" PARA TELHA FIBROCIMENTO (UMA ARRUELA METALICA E UMA ARRUELA PVC - CONICAS)","CJ",0.16,"SINAPI-I"]
[11467,"CONJUNTO DE FECHADURA DE SOBREPOR EM FERRO PINTADO, SEM MACANETA, COM CHAVE GRANDE (SEM CILINDRO) - TIPO CAIXAO - COMPLETA","UN",14.33,"SINAPI-I"]
[38169,"CONJUNTO DE FERRAGENS PIVO, PARA PORTA PIVOTANTE DE ATE 100 KG, REGULAVEL COM ESFERA , CROMADO - SUPERIOR E INFERIOR - COMPLETO","CJ",59.48,"SINAPI-I"]
[6142,"CONJUNTO DE LIGACAO PARA BACIA SANITARIA AJUSTAVEL, EM PLASTICO BRANCO, COM TUBO, CANOPLA E ESPUDE","UN",5.28,"SINAPI-I"]
[11686,"CONJUNTO DE LIGACAO PARA BACIA SANITARIA EM PLASTICO BRANCO COM TUBO, CANOPLA E ANEL DE EXPANSAO (TUBO 1.1/2 '' X 20 CM)","UN",7.33,"SINAPI-I"]
[37598,"CONJUNTO MONTADO ESTOPIM COM ESPOLETA COMUM NUMERO 8, COM CABECA ACENDEDORA, 1,5 M","UN",18.899999999999999,"SINAPI-I"]
[25398,"CONJUNTO PARA FUTSAL COM TRAVES OFICIAIS DE 3,00 X 2,00 M EM TUBO DE ACO GALVANIZADO 3\" COM REQUADRO EM TUBO DE 1\", PINTURA EM PRIMER COM TINTA ESMALTE SINTETICO E REDES DE POLIETILENO FIO 4 MM","UN",2276.9699999999998,"SINAPI-I"]
[25399,"CONJUNTO PARA QUADRA DE  VOLEI COM POSTES EM TUBO DE ACO GALVANIZADO 3\", H = *255* CM, PINTURA EM TINTA ESMALTE SINTETICO, REDE DE NYLON COM 2 MM, MALHA 10 X 10 CM E ANTENAS OFICIAIS EM FIBRA DE VIDRO","UN",1382.32,"SINAPI-I"]
[10667,"CONTAINER ALMOXARIFADO, DE *2,40* X *6,00* M, PADRAO SIMPLES, SEM REVESTIMENTO E SEM DIVISORIAS INTERNOS E SEM SANITARIO, PARA USO EM CANTEIRO DE OBRAS","UN",10343.5,"SINAPI-I"]
[1613,"CONTATOR TRIPOLAR, CORRENTE DE *110* A, TENSAO NOMINAL DE *500* V, CATEGORIA AC-2 E AC-3","UN",1136.99,"SINAPI-I"]
[1626,"CONTATOR TRIPOLAR, CORRENTE DE *185* A, TENSAO NOMINAL DE *500* V, CATEGORIA AC-2 E AC-3","UN",1700.5,"SINAPI-I"]
[1625,"CONTATOR TRIPOLAR, CORRENTE DE *22* A, TENSAO NOMINAL DE *500* V, CATEGORIA AC-2 E AC-3","UN",118.77,"SINAPI-I"]
[1622,"CONTATOR TRIPOLAR, CORRENTE DE *265* A, TENSAO NOMINAL DE *500* V, CATEGORIA AC-2 E AC-3","UN",3837.34,"SINAPI-I"]
[1620,"CONTATOR TRIPOLAR, CORRENTE DE *38* A, TENSAO NOMINAL DE *500* V, CATEGORIA AC-2 E AC-3","UN",250.2,"SINAPI-I"]
[1629,"CONTATOR TRIPOLAR, CORRENTE DE *500* A, TENSAO NOMINAL DE *500* V, CATEGORIA AC-2 E AC-3","UN",9339.19,"SINAPI-I"]
[1627,"CONTATOR TRIPOLAR, CORRENTE DE *65* A, TENSAO NOMINAL DE *500* V, CATEGORIA AC-2 E AC-3","UN",478.25,"SINAPI-I"]
[1623,"CONTATOR TRIPOLAR, CORRENTE DE 12 A, TENSAO NOMINAL DE *500* V, CATEGORIA AC-2 E AC-3","UN",96.86,"SINAPI-I"]
[1619,"CONTATOR TRIPOLAR, CORRENTE DE 25 A, TENSAO NOMINAL DE *500* V, CATEGORIA AC-2 E AC-3","UN",133.24,"SINAPI-I"]
[1630,"CONTATOR TRIPOLAR, CORRENTE DE 250 A, TENSAO NOMINAL DE *500* V, PARA ACIONAMENTO DE CAPACITORES","UN",2933.73,"SINAPI-I"]
[1616,"CONTATOR TRIPOLAR, CORRENTE DE 300 A, TENSAO NOMINAL DE *500* V, CATEGORIA AC-2 E AC-3","UN",4512.13,"SINAPI-I"]
[1614,"CONTATOR TRIPOLAR, CORRENTE DE 32 A, TENSAO NOMINAL DE *500* V, CATEGORIA AC-2 E AC-3","UN",206.22,"SINAPI-I"]
[1617,"CONTATOR TRIPOLAR, CORRENTE DE 400 A, TENSAO NOMINAL DE *500* V, CATEGORIA AC-2 E AC-3","UN",5386.5,"SINAPI-I"]
[1621,"CONTATOR TRIPOLAR, CORRENTE DE 45 A, TENSAO NOMINAL DE *500* V, CATEGORIA AC-2 E AC-3","UN",368.82,"SINAPI-I"]
[1624,"CONTATOR TRIPOLAR, CORRENTE DE 630 A, TENSAO NOMINAL DE *500* V, CATEGORIA AC-2 E AC-3","UN",13240.29,"SINAPI-I"]
[1615,"CONTATOR TRIPOLAR, CORRENTE DE 75 A, TENSAO NOMINAL DE *500* V, CATEGORIA AC-2 E AC-3","UN",692.58,"SINAPI-I"]
[1612,"CONTATOR TRIPOLAR, CORRENTE DE 9 A, TENSAO NOMINAL DE *500* V, CATEGORIA AC-2 E AC-3","UN",91.22,"SINAPI-I"]
[1618,"CONTATOR TRIPOLAR, CORRENTE DE 95 A, TENSAO NOMINAL DE *500* V, CATEGORIA AC-2 E AC-3","UN",951.71,"SINAPI-I"]
[14211,"CONTRA-PORCA SEXTAVADA, DIAMETRO NOMINAL 1 3/8\", ALTURA 35 MM","UN",20.07,"SINAPI-I"]
[34500,"COORDENADOR / GERENTE DE OBRA","H",124.99,"SINAPI-I"]
[40934,"COORDENADOR / GERENTE DE OBRA (MENSALISTA)","MES",22083.82,"SINAPI-I"]
[5328,"CORANTE LIQUIDO PARA TINTA PVA, BISNAGA 50 ML","UN",3.94,"SINAPI-I"]
[38200,"CORDA DE POLIAMIDA 12 MM TIPO BOMBEIRO, PARA TRABALHO EM ALTURA","100M",576.21,"SINAPI-I"]
[39269,"CORDAO DE COBRE, FLEXIVEL, TORCIDO, CLASSE 4 OU 5, ISOLACAO EM PVC/D, 300 V, 2 CONDUTORES DE 0,5 MM2","M",0.73,"SINAPI-I"]
[11889,"CORDAO DE COBRE, FLEXIVEL, TORCIDO, CLASSE 4 OU 5, ISOLACAO EM PVC/D, 300 V, 2 CONDUTORES DE 0,75 MM2","M",1.01,"SINAPI-I"]
[39270,"CORDAO DE COBRE, FLEXIVEL, TORCIDO, CLASSE 4 OU 5, ISOLACAO EM PVC/D, 300 V, 2 CONDUTORES DE 1,0 MM2","M",1.21,"SINAPI-I"]
[11890,"CORDAO DE COBRE, FLEXIVEL, TORCIDO, CLASSE 4 OU 5, ISOLACAO EM PVC/D, 300 V, 2 CONDUTORES DE 1,5 MM2","M",1.57,"SINAPI-I"]
[11891,"CORDAO DE COBRE, FLEXIVEL, TORCIDO, CLASSE 4 OU 5, ISOLACAO EM PVC/D, 300 V, 2 CONDUTORES DE 2,5 MM2","M",2.6,"SINAPI-I"]
[11892,"CORDAO DE COBRE, FLEXIVEL, TORCIDO, CLASSE 4 OU 5, ISOLACAO EM PVC/D, 300 V, 2 CONDUTORES DE 4 MM2","M",4,"SINAPI-I"]
[37601,"CORDEL DETONANTE, NP 05 G/M","M",4.2,"SINAPI-I"]
[1634,"CORDEL DETONANTE, NP 10 G/M","M",4.33,"SINAPI-I"]
[5086,"CORRENTE DE ELO CURTO COMUM, SOLDADA, GALVANIZADA, ESPESSURA DO ELO = 1/2\" (12,5 MM)","KG",24.62,"SINAPI-I"]
[11280,"CORTADEIRA DE PISO DE CONCRETO E ASFALTO, PARA DISCO PADRAO DE DIAMETRO 350 MM (14\") OU 450 MM (18\") , MOTOR A GASOLINA, POTENCIA 13 HP, SEM DISCO","UN",8025.32,"SINAPI-I"]
[40519,"CORTADEIRA HIDRAULICA DE VERGALHAO, PARA ACO DE DIAMETRO ATE 50 MM, MOTOR ELETRICO TRIFASICO, POTENCIA DE 5,5 HP A 7,5 HP","UN",66158,"SINAPI-I"]
[39869,"COTOVELO BRONZE/LATAO (REF 707-3) SEM ANEL DE SOLDA, BOLSA X ROSCA F, 15MM X 1/2\"","UN",7.41,"SINAPI-I"]
[39870,"COTOVELO BRONZE/LATAO (REF 707-3) SEM ANEL DE SOLDA, BOLSA X ROSCA F, 22MM X 1/2\"","UN",11.34,"SINAPI-I"]
[39871,"COTOVELO BRONZE/LATAO (REF 707-3) SEM ANEL DE SOLDA, BOLSA X ROSCA F, 22MM X 3/4\"","UN",12.71,"SINAPI-I"]
[12722,"COTOVELO DE COBRE 90 GRAUS (REF 607) SEM ANEL DE SOLDA, BOLSA X BOLSA, 104 MM","UN",425.55,"SINAPI-I"]
[12714,"COTOVELO DE COBRE 90 GRAUS (REF 607) SEM ANEL DE SOLDA, BOLSA X BOLSA, 15 MM","UN",2.78,"SINAPI-I"]
[12715,"COTOVELO DE COBRE 90 GRAUS (REF 607) SEM ANEL DE SOLDA, BOLSA X BOLSA, 22 MM","UN",6.27,"SINAPI-I"]
[12716,"COTOVELO DE COBRE 90 GRAUS (REF 607) SEM ANEL DE SOLDA, BOLSA X BOLSA, 28 MM","UN",10.77,"SINAPI-I"]
[12717,"COTOVELO DE COBRE 90 GRAUS (REF 607) SEM ANEL DE SOLDA, BOLSA X BOLSA, 35 MM","UN",21.17,"SINAPI-I"]
[12718,"COTOVELO DE COBRE 90 GRAUS (REF 607) SEM ANEL DE SOLDA, BOLSA X BOLSA, 42 MM","UN",32.49,"SINAPI-I"]
[12719,"COTOVELO DE COBRE 90 GRAUS (REF 607) SEM ANEL DE SOLDA, BOLSA X BOLSA, 54 MM","UN",51.57,"SINAPI-I"]
[12720,"COTOVELO DE COBRE 90 GRAUS (REF 607) SEM ANEL DE SOLDA, BOLSA X BOLSA, 66 MM","UN",179.59,"SINAPI-I"]
[12721,"COTOVELO DE COBRE 90 GRAUS (REF 607) SEM ANEL DE SOLDA, BOLSA X BOLSA, 79 MM","UN",172.21,"SINAPI-I"]
[3468,"COTOVELO DE REDUCAO 90 GRAUS DE FERRO GALVANIZADO, COM ROSCA BSP, DE 1 1/2\" X 1\"","UN",28,"SINAPI-I"]
[3465,"COTOVELO DE REDUCAO 90 GRAUS DE FERRO GALVANIZADO, COM ROSCA BSP, DE 1 1/2\" X 3/4\"","UN",27.99,"SINAPI-I"]
[12403,"COTOVELO DE REDUCAO 90 GRAUS DE FERRO GALVANIZADO, COM ROSCA BSP, DE 1 1/4\" X 1\"","UN",19.95,"SINAPI-I"]
[3463,"COTOVELO DE REDUCAO 90 GRAUS DE FERRO GALVANIZADO, COM ROSCA BSP, DE 1\" X 1/2\"","UN",11.65,"SINAPI-I"]
[3464,"COTOVELO DE REDUCAO 90 GRAUS DE FERRO GALVANIZADO, COM ROSCA BSP, DE 1\" X 3/4\"","UN",11.65,"SINAPI-I"]
[3466,"COTOVELO DE REDUCAO 90 GRAUS DE FERRO GALVANIZADO, COM ROSCA BSP, DE 2 1/2\" X 2\"","UN",71.09,"SINAPI-I"]
[3467,"COTOVELO DE REDUCAO 90 GRAUS DE FERRO GALVANIZADO, COM ROSCA BSP, DE 2\" X 1 1/2\"","UN",40.15,"SINAPI-I"]
[3462,"COTOVELO DE REDUCAO 90 GRAUS DE FERRO GALVANIZADO, COM ROSCA BSP, DE 3/4\" X 1/2\"","UN",7.69,"SINAPI-I"]
[3446,"COTOVELO 45 GRAUS DE FERRO GALVANIZADO, COM ROSCA BSP, DE 1 1/2\"","UN",23.67,"SINAPI-I"]
[3445,"COTOVELO 45 GRAUS DE FERRO GALVANIZADO, COM ROSCA BSP, DE 1 1/4\"","UN",19.32,"SINAPI-I"]
[3441,"COTOVELO 45 GRAUS DE FERRO GALVANIZADO, COM ROSCA BSP, DE 1/2\"","UN",5.45,"SINAPI-I"]
[3444,"COTOVELO 45 GRAUS DE FERRO GALVANIZADO, COM ROSCA BSP, DE 1\"","UN",11.89,"SINAPI-I"]
[12402,"COTOVELO 45 GRAUS DE FERRO GALVANIZADO, COM ROSCA BSP, DE 2 1/2\"","UN",66.53,"SINAPI-I"]
[3447,"COTOVELO 45 GRAUS DE FERRO GALVANIZADO, COM ROSCA BSP, DE 2\"","UN",34.42,"SINAPI-I"]
[3442,"COTOVELO 45 GRAUS DE FERRO GALVANIZADO, COM ROSCA BSP, DE 3/4\"","UN",8.15,"SINAPI-I"]
[3448,"COTOVELO 45 GRAUS DE FERRO GALVANIZADO, COM ROSCA BSP, DE 3\"","UN",97.27,"SINAPI-I"]
[3449,"COTOVELO 45 GRAUS DE FERRO GALVANIZADO, COM ROSCA BSP, DE 4\"","UN",170.43,"SINAPI-I"]
[37438,"COTOVELO 45 GRAUS, PEAD PE 100, DE 125 MM, PARA ELETROFUSAO","UN",143.80000000000001,"SINAPI-I"]
[37439,"COTOVELO 45 GRAUS, PEAD PE 100, DE 200 MM, PARA ELETROFUSAO","UN",940.19,"SINAPI-I"]
[37435,"COTOVELO 45 GRAUS, PEAD PE 100, DE 32 MM, PARA ELETROFUSAO","UN",16.899999999999999,"SINAPI-I"]
[37436,"COTOVELO 45 GRAUS, PEAD PE 100, DE 40 MM, PARA ELETROFUSAO","UN",19.940000000000001,"SINAPI-I"]
[37437,"COTOVELO 45 GRAUS, PEAD PE 100, DE 63 MM, PARA ELETROFUSAO","UN",28.84,"SINAPI-I"]
[3473,"COTOVELO 90 GRAUS DE FERRO GALVANIZADO, COM ROSCA BSP MACHO/FEMEA, DE 1 1/2\"","UN",26.76,"SINAPI-I"]
[3474,"COTOVELO 90 GRAUS DE FERRO GALVANIZADO, COM ROSCA BSP MACHO/FEMEA, DE 1 1/4\"","UN",22.06,"SINAPI-I"]
[3450,"COTOVELO 90 GRAUS DE FERRO GALVANIZADO, COM ROSCA BSP MACHO/FEMEA, DE 1/2\"","UN",6.39,"SINAPI-I"]
[3443,"COTOVELO 90 GRAUS DE FERRO GALVANIZADO, COM ROSCA BSP MACHO/FEMEA, DE 1\"","UN",13.72,"SINAPI-I"]
[3453,"COTOVELO 90 GRAUS DE FERRO GALVANIZADO, COM ROSCA BSP MACHO/FEMEA, DE 2 1/2\"","UN",78.11,"SINAPI-I"]
[3452,"COTOVELO 90 GRAUS DE FERRO GALVANIZADO, COM ROSCA BSP MACHO/FEMEA, DE 2\"","UN",38.549999999999997,"SINAPI-I"]
[3451,"COTOVELO 90 GRAUS DE FERRO GALVANIZADO, COM ROSCA BSP MACHO/FEMEA, DE 3/4\"","UN",7.65,"SINAPI-I"]
[3454,"COTOVELO 90 GRAUS DE FERRO GALVANIZADO, COM ROSCA BSP MACHO/FEMEA, DE 3\"","UN",118.8,"SINAPI-I"]
[3458,"COTOVELO 90 GRAUS DE FERRO GALVANIZADO, COM ROSCA BSP, DE 1 1/2\"","UN",21.45,"SINAPI-I"]
[3457,"COTOVELO 90 GRAUS DE FERRO GALVANIZADO, COM ROSCA BSP, DE 1 1/4\"","UN",16.100000000000001,"SINAPI-I"]
[3455,"COTOVELO 90 GRAUS DE FERRO GALVANIZADO, COM ROSCA BSP, DE 1/2\"","UN",4.57,"SINAPI-I"]
[3472,"COTOVELO 90 GRAUS DE FERRO GALVANIZADO, COM ROSCA BSP, DE 1\"","UN",10.27,"SINAPI-I"]
[3470,"COTOVELO 90 GRAUS DE FERRO GALVANIZADO, COM ROSCA BSP, DE 2 1/2\"","UN",59.89,"SINAPI-I"]
[3471,"COTOVELO 90 GRAUS DE FERRO GALVANIZADO, COM ROSCA BSP, DE 2\"","UN",32.909999999999997,"SINAPI-I"]
[3456,"COTOVELO 90 GRAUS DE FERRO GALVANIZADO, COM ROSCA BSP, DE 3/4\"","UN",6.84,"SINAPI-I"]
[3459,"COTOVELO 90 GRAUS DE FERRO GALVANIZADO, COM ROSCA BSP, DE 3\"","UN",84.48,"SINAPI-I"]
[3469,"COTOVELO 90 GRAUS DE FERRO GALVANIZADO, COM ROSCA BSP, DE 4\"","UN",160.66999999999999,"SINAPI-I"]
[3460,"COTOVELO 90 GRAUS DE FERRO GALVANIZADO, COM ROSCA BSP, DE 5\"","UN",234.43,"SINAPI-I"]
[3461,"COTOVELO 90 GRAUS DE FERRO GALVANIZADO, COM ROSCA BSP, DE 6\"","UN",599.21,"SINAPI-I"]
[37433,"COTOVELO 90 GRAUS, PEAD PE 100, DE 125 MM, PARA ELETROFUSAO","UN",143.80000000000001,"SINAPI-I"]
[37430,"COTOVELO 90 GRAUS, PEAD PE 100, DE 20 MM, PARA ELETROFUSAO","UN",18.02,"SINAPI-I"]
[37434,"COTOVELO 90 GRAUS, PEAD PE 100, DE 200 MM, PARA ELETROFUSAO","UN",1340.84,"SINAPI-I"]
[37431,"COTOVELO 90 GRAUS, PEAD PE 100, DE 32 MM, PARA ELETROFUSAO","UN",24.44,"SINAPI-I"]
[37432,"COTOVELO 90 GRAUS, PEAD PE 100, DE 63 MM, PARA ELETROFUSAO","UN",45.09,"SINAPI-I"]
[37413,"COTOVELO/JOELHO COM ADAPTADOR, 90 GRAUS, EM POLIPROPILENO, PN 16, PARA TUBOS PEAD, 20 MM X 1/2\" - LIGACAO PREDIAL DE AGUA","UN",2.73,"SINAPI-I"]
[37414,"COTOVELO/JOELHO COM ADAPTADOR, 90 GRAUS, EM POLIPROPILENO, PN 16, PARA TUBOS PEAD, 20 MM X 3/4\" - LIGACAO PREDIAL DE AGUA","UN",3.1,"SINAPI-I"]
[37415,"COTOVELO/JOELHO COM ADAPTADOR, 90 GRAUS, EM POLIPROPILENO, PN 16, PARA TUBOS PEAD, 32 MM X 1\" - LIGACAO PREDIAL DE AGUA","UN",5.64,"SINAPI-I"]
[37416,"COTOVELO/JOELHO 90 GRAUS, EM POLIPROPILENO, PN 16, PARA TUBOS PEAD, 20 X 20 MM - LIGACAO PREDIAL DE AGUA","UN",2.56,"SINAPI-I"]
[37417,"COTOVELO/JOELHO 90 GRAUS, EM POLIPROPILENO, PN 16, PARA TUBOS PEAD, 32 X 32 MM - LIGACAO PREDIAL DE AGUA","UN",3.68,"SINAPI-I"]
[3112,"CREMONA COM CASTANHA BIPARTIDA, COM VARA DE 1.20 M, EM LATAO CROMADO, PARA PORTAS E JANELAS - COMPLETA","CJ",49.75,"SINAPI-I"]
[3113,"CREMONA COM CASTANHA BIPARTIDA, COM VARA DE 1.50 M, EM LATAO CROMADO, PARA PORTAS E JANELAS - COMPLETA","CJ",57.32,"SINAPI-I"]
[3114,"CREMONA LATAO CROMADO, COM CASTANHA BIPARTIDA E PRESILHAS, MEDIDAS APROXIMADAS DE 113 X 40 X 35 MM (NAO INCL VARA FERRO)","UN",25.89,"SINAPI-I"]
[34519,"CRUZETA DE CONCRETO LEVE, COMP. 2000 MM SECAO, 90 X 90 MM","UN",112.89,"SINAPI-I"]
[10510,"CRUZETA DE EUCALIPTO TRATADO, OU EQUIVALENTE DA REGIAO, *2,4* M, SECAO *9 X 11,5* CM","UN",70.92,"SINAPI-I"]
[1649,"CRUZETA DE FERRO GALVANIZADO, COM ROSCA BSP, DE 1 1/2\"","UN",50.58,"SINAPI-I"]
[1653,"CRUZETA DE FERRO GALVANIZADO, COM ROSCA BSP, DE 1 1/4\"","UN",39.619999999999997,"SINAPI-I"]
[1647,"CRUZETA DE FERRO GALVANIZADO, COM ROSCA BSP, DE 1/2\"","UN",14.19,"SINAPI-I"]
[1648,"CRUZETA DE FERRO GALVANIZADO, COM ROSCA BSP, DE 1\"","UN",27.24,"SINAPI-I"]
[1651,"CRUZETA DE FERRO GALVANIZADO, COM ROSCA BSP, DE 2 1/2\"","UN",126.39,"SINAPI-I"]
[1650,"CRUZETA DE FERRO GALVANIZADO, COM ROSCA BSP, DE 2\"","UN",69.86,"SINAPI-I"]
[1654,"CRUZETA DE FERRO GALVANIZADO, COM ROSCA BSP, DE 3/4\"","UN",19.47,"SINAPI-I"]
[1652,"CRUZETA DE FERRO GALVANIZADO, COM ROSCA BSP, DE 3\"","UN",181.4,"SINAPI-I"]
[1747,"CUBA ACO INOX (AISI 304) DE EMBUTIR COM VALVULA DE 3 1/2 \", DE *56 X 33 X 12* CM","UN",162.63999999999999,"SINAPI-I"]
[1744,"CUBA ACO INOX (AISI 304) DE EMBUTIR COM VALVULA 3 1/2 \", DE *40 X 34 X 12* CM","UN",112.66,"SINAPI-I"]
[1743,"CUBA ACO INOX (AISI 304) DE EMBUTIR COM VALVULA 3 1/2 \", DE *46 X 30 X 12* CM","UN",147.94,"SINAPI-I"]
[7241,"CUMEEIRA ALUMINIO ONDULADA, COMPRIMENTO = *1,12* M, E = 0,8 MM","M2",60.22,"SINAPI-I"]
[39640,"CUMEEIRA ARTICULADA (ABA INFERIOR) PARA TELHA ONDULADA DE FIBROCIMENTO E = 4 MM, ABA *330* MM, COMPRIMENTO 500 MM (SEM AMIANTO)","UN",5.41,"SINAPI-I"]
[11013,"CUMEEIRA ARTICULADA (ABA INTERNA INFERIOR OU EXTERNA SUPERIOR) PARA TELHA ESTRUTURAL DE FIBROCIMENTO, 1 ABA, E = 6 MM (SEM AMIANTO)","UN",11.13,"SINAPI-I"]
[11017,"CUMEEIRA ARTICULADA (ABA SUPERIOR) PARA TELHA ONDULADA DE FIBROCIMENTO E = 4 MM, ABA *330* MM, COMPRIMENTO 500 MM (SEM AMIANTO)","UN",4.75,"SINAPI-I"]
[20236,"CUMEEIRA ARTICULADA (PAR) PARA TELHA ONDULADA DE FIBROCIMENTO, E = 6 MM, ABA 350 MM, COMPRIMENTO 1100 MM (SEM AMIANTO)","UN",20.93,"SINAPI-I"]
[7215,"CUMEEIRA NORMAL PARA TELHA ESTRUTURAL DE FIBROCIMENTO 1 ABA, E = 6 MM, COMPRIMENTO 608 MM (SEM AMIANTO)","UN",17.920000000000002,"SINAPI-I"]
[7216,"CUMEEIRA NORMAL PARA TELHA ESTRUTURAL DE FIBROCIMENTO 2 ABAS, E = 6 MM, DE 1050 X 935 MM (SEM AMIANTO)","UN",74.89,"SINAPI-I"]
[20235,"CUMEEIRA NORMAL PARA TELHA ONDULADA DE FIBROCIMENTO, E = 6 MM, ABA 300 MM, COMPRIMENTO 1100 MM (SEM AMIANTO)","UN",37.86,"SINAPI-I"]
[7181,"CUMEEIRA PARA TELHA CERAMICA, COMPRIMENTO DE *41* CM, RENDIMENTO DE *3* TELHAS/M","UN",4.4000000000000004,"SINAPI-I"]
[40866,"CUMEEIRA PARA TELHA DE CONCRETO, PARA 2 AGUAS DE TELHADO, COR CINZA, RENDIMENTO DE *3* TELHAS/M (COLETADO CAIXA)","UN",8.3000000000000007,"SINAPI-I"]
[7214,"CUMEEIRA SHED PARA TELHA ONDULADA DE FIBROCIMENTO, E = 6 MM, ABA 280 MM, COMPRIMENTO 1100 MM (SEM AMIANTO)","UN",25.66,"SINAPI-I"]
[7219,"CUMEEIRA UNIVERSAL PARA TELHA ONDULADA DE FIBROCIMENTO, E = 6 MM, ABA 210 MM, COMPRIMENTO 1100 MM (SEM AMIANTO)","UN",26.56,"SINAPI-I"]
[37972,"CURVA CPVC, 90 GRAUS, SOLDAVEL, 22 MM, PARA AGUA QUENTE","UN",4.82,"SINAPI-I"]
[37973,"CURVA CPVC, 90 GRAUS, SOLDAVEL, 28 MM, PARA AGUA QUENTE","UN",7.72,"SINAPI-I"]
[37971,"CURVA CPVC, 90 GRAUS, SOLDAVEL,15 MM, PARA AGUA QUENTE","UN",2.9,"SINAPI-I"]
[20094,"CURVA CURTA PVC, PB, JE, 45 GRAUS, DN 100 MM, PARA REDE COLETORA ESGOTO (NBR 10569)","UN",16.27,"SINAPI-I"]
[20095,"CURVA CURTA PVC, PB, JE, 90 GRAUS, DN 100 MM, PARA REDE COLETORA ESGOTO (NBR 10569)","UN",20.72,"SINAPI-I"]
[1954,"CURVA DE PVC 45 GRAUS, SOLDAVEL, 110 MM, PARA AGUA FRIA PREDIAL (NBR 5648)","UN",83.52,"SINAPI-I"]
[1926,"CURVA DE PVC 45 GRAUS, SOLDAVEL, 20 MM, PARA AGUA FRIA PREDIAL (NBR 5648)","UN",1.1000000000000001,"SINAPI-I"]
[1927,"CURVA DE PVC 45 GRAUS, SOLDAVEL, 25 MM, PARA AGUA FRIA PREDIAL (NBR 5648)","UN",1.45,"SINAPI-I"]
[1923,"CURVA DE PVC 45 GRAUS, SOLDAVEL, 32 MM, PARA AGUA FRIA PREDIAL (NBR 5648)","UN",2.38,"SINAPI-I"]
[1929,"CURVA DE PVC 45 GRAUS, SOLDAVEL, 40 MM, PARA AGUA FRIA PREDIAL (NBR 5648)","UN",3.9,"SINAPI-I"]
[1930,"CURVA DE PVC 45 GRAUS, SOLDAVEL, 50 MM, PARA AGUA FRIA PREDIAL (NBR 5648)","UN",7.56,"SINAPI-I"]
[1924,"CURVA DE PVC 45 GRAUS, SOLDAVEL, 60 MM, PARA AGUA FRIA PREDIAL (NBR 5648)","UN",13.03,"SINAPI-I"]
[1922,"CURVA DE PVC 45 GRAUS, SOLDAVEL, 75 MM, PARA AGUA FRIA PREDIAL (NBR 5648)","UN",19.36,"SINAPI-I"]
[1953,"CURVA DE PVC 45 GRAUS, SOLDAVEL, 85 MM, PARA AGUA FRIA PREDIAL (NBR 5648)","UN",33.840000000000003,"SINAPI-I"]
[1962,"CURVA DE PVC 90 GRAUS, SOLDAVEL, 110 MM, PARA AGUA FRIA PREDIAL (NBR 5648)","UN",110.71,"SINAPI-I"]
[1955,"CURVA DE PVC 90 GRAUS, SOLDAVEL, 20 MM, PARA AGUA FRIA PREDIAL (NBR 5648)","UN",1.46,"SINAPI-I"]
[1956,"CURVA DE PVC 90 GRAUS, SOLDAVEL, 25 MM, PARA AGUA FRIA PREDIAL (NBR 5648)","UN",1.88,"SINAPI-I"]
[1957,"CURVA DE PVC 90 GRAUS, SOLDAVEL, 32 MM, PARA AGUA FRIA PREDIAL (NBR 5648)","UN",4.29,"SINAPI-I"]
[1958,"CURVA DE PVC 90 GRAUS, SOLDAVEL, 40 MM, PARA AGUA FRIA PREDIAL (NBR 5648)","UN",7.62,"SINAPI-I"]
[1959,"CURVA DE PVC 90 GRAUS, SOLDAVEL, 50 MM, PARA AGUA FRIA PREDIAL (NBR 5648)","UN",9.2799999999999994,"SINAPI-I"]
[1925,"CURVA DE PVC 90 GRAUS, SOLDAVEL, 60 MM, PARA AGUA FRIA PREDIAL (NBR 5648)","UN",22.95,"SINAPI-I"]
[1960,"CURVA DE PVC 90 GRAUS, SOLDAVEL, 75 MM, PARA AGUA FRIA PREDIAL (NBR 5648)","UN",32.630000000000003,"SINAPI-I"]
[1961,"CURVA DE PVC 90 GRAUS, SOLDAVEL, 85 MM, PARA AGUA FRIA PREDIAL (NBR 5648)","UN",46.89,"SINAPI-I"]
[38426,"CURVA DE PVC, 45 GRAUS, SERIE R, DN 100 MM, PARA ESGOTO PREDIAL","UN",14.03,"SINAPI-I"]
[38423,"CURVA DE PVC, 90 GRAUS, SERIE R, DN 100 MM, PARA ESGOTO PREDIAL","UN",31.83,"SINAPI-I"]
[38421,"CURVA DE PVC, 90 GRAUS, SERIE R, DN 50 MM, PARA ESGOTO PREDIAL","UN",15.03,"SINAPI-I"]
[38422,"CURVA DE PVC, 90 GRAUS, SERIE R, DN 75 MM, PARA ESGOTO PREDIAL","UN",21.97,"SINAPI-I"]
[39866,"CURVA DE TRANSPOSICAO BRONZE/LATAO (REF 736) SEM ANEL DE SOLDA, BOLSA X BOLSA, 15 MM","UN",9.82,"SINAPI-I"]
[39867,"CURVA DE TRANSPOSICAO BRONZE/LATAO (REF 736) SEM ANEL DE SOLDA, BOLSA X BOLSA, 22 MM","UN",21.84,"SINAPI-I"]
[39868,"CURVA DE TRANSPOSICAO BRONZE/LATAO (REF 736) SEM ANEL DE SOLDA, BOLSA X BOLSA, 28 MM","UN",39.340000000000003,"SINAPI-I"]
[37999,"CURVA DE TRANSPOSICAO, CPVC, SOLDAVEL, 15 MM","UN",4.63,"SINAPI-I"]
[38000,"CURVA DE TRANSPOSICAO, CPVC, SOLDAVEL, 22 MM","UN",6.12,"SINAPI-I"]
[38129,"CURVA DE TRANSPOSICAO, PVC SOLDAVEL, 20 MM, PARA AGUA FRIA PREDIAL","UN",2.5299999999999998,"SINAPI-I"]
[38025,"CURVA DE TRANSPOSICAO, PVC, SOLDAVEL, 25 MM, PARA AGUA FRIA PREDIAL","UN",4.24,"SINAPI-I"]
[38026,"CURVA DE TRANSPOSICAO, PVC, SOLDAVEL, 32 MM, PARA AGUA FRIA PREDIAL","UN",11.35,"SINAPI-I"]
[1858,"CURVA LONGA PVC, PB, JE, 45 GRAUS, DN 100 MM, PARA REDE COLETORA ESGOTO (NBR 10569)","UN",22.78,"SINAPI-I"]
[1844,"CURVA LONGA PVC, PB, JE, 45 GRAUS, DN 150 MM, PARA REDE COLETORA ESGOTO (NBR 10569)","UN",83.99,"SINAPI-I"]
[1863,"CURVA LONGA PVC, PB, JE, 90 GRAUS, DN 100 MM, PARA REDE COLETORA ESGOTO (NBR 10569)","UN",33.06,"SINAPI-I"]
[1865,"CURVA LONGA PVC, PB, JE, 90 GRAUS, DN 150 MM, PARA REDE COLETORA ESGOTO (NBR 10569)","UN",120.6,"SINAPI-I"]
[36355,"CURVA PPR 90 GRAUS, DN 20 MM, PARA AGUA QUENTE PREDIAL","UN",4.08,"SINAPI-I"]
[36356,"CURVA PPR 90 GRAUS, DN 25 MM, PARA AGUA QUENTE PREDIAL","UN",6.85,"SINAPI-I"]
[1932,"CURVA PVC CURTA 90 G, DN 50 MM, PARA ESGOTO PREDIAL","UN",5.42,"SINAPI-I"]
[1933,"CURVA PVC CURTA 90 GRAUS, DN 40 MM, PARA ESGOTO PREDIAL","UN",2.38,"SINAPI-I"]
[1951,"CURVA PVC CURTA 90 GRAUS, DN 75 MM, PARA ESGOTO PREDIAL","UN",10.61,"SINAPI-I"]
[1966,"CURVA PVC CURTA 90 GRAUS, 100 MM, PARA ESGOTO PREDIAL","UN",12.2,"SINAPI-I"]
[1952,"CURVA PVC LEVE, 90 GRAUS, COM PONTA E BOLSA LISA, DN 150 MM","UN",45.84,"SINAPI-I"]
[20104,"CURVA PVC LEVE, 90 GRAUS, COM PONTA E BOLSA LISA, DN 250 MM","UN",338.71,"SINAPI-I"]
[20105,"CURVA PVC LEVE, 90 GRAUS, COM PONTA E BOLSA LISA, DN 300 MM","UN",527.57000000000005,"SINAPI-I"]
[1965,"CURVA PVC LONGA 45 GRAUS, 100 MM, PARA ESGOTO PREDIAL","UN",24.74,"SINAPI-I"]
[10765,"CURVA PVC LONGA 45G, DN 50 MM, PARA ESGOTO PREDIAL","UN",6.25,"SINAPI-I"]
[10767,"CURVA PVC LONGA 45G, DN 75 MM, PARA ESGOTO PREDIAL","UN",20.49,"SINAPI-I"]
[1970,"CURVA PVC LONGA 90 GRAUS, 100 MM, PARA ESGOTO PREDIAL","UN",25.68,"SINAPI-I"]
[1967,"CURVA PVC LONGA 90 GRAUS, 40 MM, PARA ESGOTO PREDIAL","UN",2.85,"SINAPI-I"]
[1968,"CURVA PVC LONGA 90 GRAUS, 50 MM, PARA ESGOTO PREDIAL","UN",5.98,"SINAPI-I"]
[1969,"CURVA PVC LONGA 90 GRAUS, 75 MM, PARA ESGOTO PREDIAL","UN",17.61,"SINAPI-I"]
[1839,"CURVA PVC PBA, JE, PB, 22 GRAUS, DN 100 / DE 110 MM, PARA REDE AGUA (NBR 10351)","UN",83.6,"SINAPI-I"]
[1835,"CURVA PVC PBA, JE, PB, 22 GRAUS, DN 50 / DE 60 MM, PARA REDE AGUA (NBR 10351)","UN",17.77,"SINAPI-I"]
[1823,"CURVA PVC PBA, JE, PB, 22 GRAUS, DN 75 / DE 85 MM, PARA REDE AGUA (NBR 10351)","UN",34.36,"SINAPI-I"]
[1827,"CURVA PVC PBA, JE, PB, 45 GRAUS, DN 100 / DE 110 MM, PARA REDE AGUA (NBR 10351)","UN",82.78,"SINAPI-I"]
[1831,"CURVA PVC PBA, JE, PB, 45 GRAUS, DN 50 / DE 60 MM, PARA REDE AGUA (NBR 10351)","UN",18.07,"SINAPI-I"]
[1825,"CURVA PVC PBA, JE, PB, 45 GRAUS, DN 75 / DE 85 MM, PARA REDE AGUA (NBR 10351)","UN",44.6,"SINAPI-I"]
[1828,"CURVA PVC PBA, JE, PB, 90 GRAUS, DN 100 / DE 110 MM, PARA REDE AGUA (NBR 10351)","UN",101.02,"SINAPI-I"]
[1845,"CURVA PVC PBA, JE, PB, 90 GRAUS, DN 50 / DE 60 MM, PARA REDE AGUA (NBR 10351)","UN",22.65,"SINAPI-I"]
[1824,"CURVA PVC PBA, JE, PB, 90 GRAUS, DN 75 / DE 85 MM, PARA REDE AGUA (NBR 10351)","UN",53.47,"SINAPI-I"]
[1941,"CURVA PVC 90 GRAUS, ROSCAVEL, 1 1/2\",  AGUA FRIA PREDIAL","UN",16.36,"SINAPI-I"]
[1940,"CURVA PVC 90 GRAUS, ROSCAVEL, 1 1/4\",  AGUA FRIA PREDIAL","UN",12.36,"SINAPI-I"]
[1937,"CURVA PVC 90 GRAUS, ROSCAVEL, 1/2\",  AGUA FRIA PREDIAL","UN",2.56,"SINAPI-I"]
[1939,"CURVA PVC 90 GRAUS, ROSCAVEL, 1\",  AGUA FRIA PREDIAL","UN",5.08,"SINAPI-I"]
[1942,"CURVA PVC 90 GRAUS, ROSCAVEL, 2\",  AGUA FRIA PREDIAL","UN",23.35,"SINAPI-I"]
[1938,"CURVA PVC 90 GRAUS, ROSCAVEL, 3/4\",  AGUA FRIA PREDIAL","UN",3.25,"SINAPI-I"]
[42692,"CURVA PVC, BB, JE, 45 GRAUS, DN 200 MM, PARA TUBO CORRUGADO E/OU LISO, REDE COLETORA ESGOTO (NBR 10569)","UN",267.58,"SINAPI-I"]
[42693,"CURVA PVC, BB, JE, 45 GRAUS, DN 250 MM, PARA TUBO CORRUGADO E/OU LISO, REDE COLETORA ESGOTO (NBR 10569)","UN",440.16,"SINAPI-I"]
[42695,"CURVA PVC, BB, JE, 90 GRAUS, DN 200 MM, PARA TUBO CORRUGADO E/OU LISO, REDE COLETORA ESGOTO (NBR 10569)","UN",334.67,"SINAPI-I"]
[42694,"CURVA PVC, BB, JE, 90 GRAUS, DN 250 MM, PARA TUBO CORRUGADO E/OU LISO, REDE COLETORA ESGOTO (NBR 10569)","UN",494.78,"SINAPI-I"]
[20097,"CURVA PVC, SERIE R, 87.30 GRAUS, CURTA, 100 MM, PARA ESGOTO PREDIAL (PARA PE-DE-COLUNA)","UN",24.26,"SINAPI-I"]
[20098,"CURVA PVC, SERIE R, 87.30 GRAUS, CURTA, 150 MM, PARA ESGOTO PREDIAL (PARA PE-DE-COLUNA)","UN",81.81,"SINAPI-I"]
[20096,"CURVA PVC, SERIE R, 87.30 GRAUS, CURTA, 75 MM, PARA ESGOTO PREDIAL (PARA PE-DE-COLUNA)","UN",15.87,"SINAPI-I"]
[1964,"CURVA PVC, 45 GRAUS, CURTA, PB, DN 100 MM, PARA ESGOTO PREDIAL","UN",14.67,"SINAPI-I"]
[1880,"CURVA 135 GRAUS, DE PVC RIGIDO ROSCAVEL, DE 1\", PARA ELETRODUTO","UN",2.17,"SINAPI-I"]
[39274,"CURVA 135 GRAUS, DE PVC RIGIDO ROSCAVEL, DE 3/4\", PARA ELETRODUTO","UN",1.68,"SINAPI-I"]
[2628,"CURVA 135 GRAUS, PARA ELETRODUTO, EM ACO GALVANIZADO ELETROLITICO, DIAMETRO DE 100 MM (4\")","UN",197.89,"SINAPI-I"]
[2622,"CURVA 135 GRAUS, PARA ELETRODUTO, EM ACO GALVANIZADO ELETROLITICO, DIAMETRO DE 15 MM (1/2\")","UN",4.7,"SINAPI-I"]
[2623,"CURVA 135 GRAUS, PARA ELETRODUTO, EM ACO GALVANIZADO ELETROLITICO, DIAMETRO DE 20 MM (3/4\")","UN",5.65,"SINAPI-I"]
[2624,"CURVA 135 GRAUS, PARA ELETRODUTO, EM ACO GALVANIZADO ELETROLITICO, DIAMETRO DE 25 MM (1\")","UN",8.99,"SINAPI-I"]
[2625,"CURVA 135 GRAUS, PARA ELETRODUTO, EM ACO GALVANIZADO ELETROLITICO, DIAMETRO DE 32 MM (1 1/4\")","UN",18.989999999999998,"SINAPI-I"]
[2626,"CURVA 135 GRAUS, PARA ELETRODUTO, EM ACO GALVANIZADO ELETROLITICO, DIAMETRO DE 40 MM (1 1/2\")","UN",27.82,"SINAPI-I"]
[2630,"CURVA 135 GRAUS, PARA ELETRODUTO, EM ACO GALVANIZADO ELETROLITICO, DIAMETRO DE 50 MM (2\")","UN",42.31,"SINAPI-I"]
[2627,"CURVA 135 GRAUS, PARA ELETRODUTO, EM ACO GALVANIZADO ELETROLITICO, DIAMETRO DE 65 MM (2 1/2\")","UN",74.540000000000006,"SINAPI-I"]
[2629,"CURVA 135 GRAUS, PARA ELETRODUTO, EM ACO GALVANIZADO ELETROLITICO, DIAMETRO DE 80 MM (3\")","UN",100.82,"SINAPI-I"]
[12033,"CURVA 180 GRAUS, DE PVC RIGIDO ROSCAVEL, DE 1 1/2\", PARA ELETRODUTO","UN",6.94,"SINAPI-I"]
[40408,"CURVA 180 GRAUS, DE PVC RIGIDO ROSCAVEL, DE 1 1/4\", PARA ELETRODUTO","UN",4.5599999999999996,"SINAPI-I"]
[40409,"CURVA 180 GRAUS, DE PVC RIGIDO ROSCAVEL, DE 1/2\", PARA ELETRODUTO","UN",1.61,"SINAPI-I"]
[39276,"CURVA 180 GRAUS, DE PVC RIGIDO ROSCAVEL, DE 1\", PARA ELETRODUTO","UN",4.1100000000000003,"SINAPI-I"]
[39277,"CURVA 180 GRAUS, DE PVC RIGIDO ROSCAVEL, DE 2\", PARA ELETRODUTO","UN",11.1,"SINAPI-I"]
[12034,"CURVA 180 GRAUS, DE PVC RIGIDO ROSCAVEL, DE 3/4\", PARA ELETRODUTO","UN",3.14,"SINAPI-I"]
[39879,"CURVA 45 GRAUS DE COBRE (REF 606) SEM ANEL DE SOLDA, BOLSA X BOLSA, 15 MM","UN",2.76,"SINAPI-I"]
[39880,"CURVA 45 GRAUS DE COBRE (REF 606) SEM ANEL DE SOLDA, BOLSA X BOLSA, 22 MM","UN",6.11,"SINAPI-I"]
[39881,"CURVA 45 GRAUS DE COBRE (REF 606) SEM ANEL DE SOLDA, BOLSA X BOLSA, 28 MM","UN",9.81,"SINAPI-I"]
[39882,"CURVA 45 GRAUS DE COBRE (REF 606) SEM ANEL DE SOLDA, BOLSA X BOLSA, 35 MM","UN",25.85,"SINAPI-I"]
[39883,"CURVA 45 GRAUS DE COBRE (REF 606) SEM ANEL DE SOLDA, BOLSA X BOLSA, 42 MM","UN",41.28,"SINAPI-I"]
[39884,"CURVA 45 GRAUS DE COBRE (REF 606) SEM ANEL DE SOLDA, BOLSA X BOLSA, 54 MM","UN",61.31,"SINAPI-I"]
[39885,"CURVA 45 GRAUS DE COBRE (REF 606) SEM ANEL DE SOLDA, BOLSA X BOLSA, 66 MM","UN",145.72999999999999,"SINAPI-I"]
[1777,"CURVA 45 GRAUS DE FERRO GALVANIZADO, COM ROSCA BSP FEMEA, DE 1 1/2\"","UN",54.54,"SINAPI-I"]
[1819,"CURVA 45 GRAUS DE FERRO GALVANIZADO, COM ROSCA BSP FEMEA, DE 1 1/4\"","UN",39.68,"SINAPI-I"]
[1775,"CURVA 45 GRAUS DE FERRO GALVANIZADO, COM ROSCA BSP FEMEA, DE 1/2\"","UN",11.86,"SINAPI-I"]
[1776,"CURVA 45 GRAUS DE FERRO GALVANIZADO, COM ROSCA BSP FEMEA, DE 1\"","UN",32.28,"SINAPI-I"]
[1778,"CURVA 45 GRAUS DE FERRO GALVANIZADO, COM ROSCA BSP FEMEA, DE 2 1/2\"","UN",132.02000000000001,"SINAPI-I"]
[1818,"CURVA 45 GRAUS DE FERRO GALVANIZADO, COM ROSCA BSP FEMEA, DE 2\"","UN",87.63,"SINAPI-I"]
[1820,"CURVA 45 GRAUS DE FERRO GALVANIZADO, COM ROSCA BSP FEMEA, DE 3/4\"","UN",17.13,"SINAPI-I"]
[1779,"CURVA 45 GRAUS DE FERRO GALVANIZADO, COM ROSCA BSP FEMEA, DE 3\"","UN",192.01,"SINAPI-I"]
[1780,"CURVA 45 GRAUS DE FERRO GALVANIZADO, COM ROSCA BSP FEMEA, DE 4\"","UN",395.83,"SINAPI-I"]
[1783,"CURVA 45 GRAUS DE FERRO GALVANIZADO, COM ROSCA BSP MACHO/FEMEA, DE 1 1/2\"","UN",41.85,"SINAPI-I"]
[1782,"CURVA 45 GRAUS DE FERRO GALVANIZADO, COM ROSCA BSP MACHO/FEMEA, DE 1 1/4\"","UN",33.090000000000003,"SINAPI-I"]
[1817,"CURVA 45 GRAUS DE FERRO GALVANIZADO, COM ROSCA BSP MACHO/FEMEA, DE 1/2\"","UN",9.86,"SINAPI-I"]
[1781,"CURVA 45 GRAUS DE FERRO GALVANIZADO, COM ROSCA BSP MACHO/FEMEA, DE 1\"","UN",21.56,"SINAPI-I"]
[1784,"CURVA 45 GRAUS DE FERRO GALVANIZADO, COM ROSCA BSP MACHO/FEMEA, DE 2 1/2\"","UN",118.18,"SINAPI-I"]
[1810,"CURVA 45 GRAUS DE FERRO GALVANIZADO, COM ROSCA BSP MACHO/FEMEA, DE 2\"","UN",65.55,"SINAPI-I"]
[1811,"CURVA 45 GRAUS DE FERRO GALVANIZADO, COM ROSCA BSP MACHO/FEMEA, DE 3/4\"","UN",14.18,"SINAPI-I"]
[1812,"CURVA 45 GRAUS DE FERRO GALVANIZADO, COM ROSCA BSP MACHO/FEMEA, DE 3\"","UN",165.47,"SINAPI-I"]
[40386,"CURVA 45 GRAUS EM ACO CARBONO, SOLDAVEL, PRESSAO 3.000 LBS, DN 1 1/2\"","UN",42.45,"SINAPI-I"]
[40384,"CURVA 45 GRAUS EM ACO CARBONO, SOLDAVEL, PRESSAO 3.000 LBS, DN 1 1/4\"","UN",29.06,"SINAPI-I"]
[40379,"CURVA 45 GRAUS EM ACO CARBONO, SOLDAVEL, PRESSAO 3.000 LBS, DN 1/2\"","UN",10.050000000000001,"SINAPI-I"]
[40423,"CURVA 45 GRAUS EM ACO CARBONO, SOLDAVEL, PRESSAO 3.000 LBS, DN 1\"","UN",19.010000000000002,"SINAPI-I"]
[40389,"CURVA 45 GRAUS EM ACO CARBONO, SOLDAVEL, PRESSAO 3.000 LBS, DN 2 1/2\"","UN",120.59,"SINAPI-I"]
[40388,"CURVA 45 GRAUS EM ACO CARBONO, SOLDAVEL, PRESSAO 3.000 LBS, DN 2\"","UN",60.36,"SINAPI-I"]
[40381,"CURVA 45 GRAUS EM ACO CARBONO, SOLDAVEL, PRESSAO 3.000 LBS, DN 3/4\"","UN",13.4,"SINAPI-I"]
[40391,"CURVA 45 GRAUS EM ACO CARBONO, SOLDAVEL, PRESSAO 3.000 LBS, DN 3\"","UN",313.01,"SINAPI-I"]
[40414,"CURVA 45 GRAUS RANHURADA EM FERRO FUNDIDO, DN 50 MM (2\")","UN",11.89,"SINAPI-I"]
[40416,"CURVA 45 GRAUS RANHURADA EM FERRO FUNDIDO, DN 65 MM (2 1/2\")","UN",16.43,"SINAPI-I"]
[40418,"CURVA 45 GRAUS RANHURADA EM FERRO FUNDIDO, DN 80 MM (3\")","UN",19.600000000000001,"SINAPI-I"]
[2615,"CURVA 45 GRAUS, PARA ELETRODUTO, EM ACO GALVANIZADO ELETROLITICO, DIAMETRO DE 100 MM (4\")","UN",131.44999999999999,"SINAPI-I"]
[2635,"CURVA 45 GRAUS, PARA ELETRODUTO, EM ACO GALVANIZADO ELETROLITICO, DIAMETRO DE 15 MM (1/2\")","UN",3.92,"SINAPI-I"]
[2609,"CURVA 45 GRAUS, PARA ELETRODUTO, EM ACO GALVANIZADO ELETROLITICO, DIAMETRO DE 20 MM (3/4\")","UN",4.41,"SINAPI-I"]
[2634,"CURVA 45 GRAUS, PARA ELETRODUTO, EM ACO GALVANIZADO ELETROLITICO, DIAMETRO DE 25 MM (1\")","UN",5.8,"SINAPI-I"]
[2611,"CURVA 45 GRAUS, PARA ELETRODUTO, EM ACO GALVANIZADO ELETROLITICO, DIAMETRO DE 40 MM (1 1/2\")","UN",16.34,"SINAPI-I"]
[2612,"CURVA 45 GRAUS, PARA ELETRODUTO, EM ACO GALVANIZADO ELETROLITICO, DIAMETRO DE 50 MM (2\")","UN",23.77,"SINAPI-I"]
[2613,"CURVA 45 GRAUS, PARA ELETRODUTO, EM ACO GALVANIZADO ELETROLITICO, DIAMETRO DE 65 MM (2 1/2\")","UN",57.38,"SINAPI-I"]
[2614,"CURVA 45 GRAUS, PARA ELETRODUTO, EM ACO GALVANIZADO ELETROLITICO, DIAMETRO DE 80 MM (3\")","UN",79.790000000000006,"SINAPI-I"]
[34359,"CURVA 90 GRAUS DE BARRA CHATA EM ALUMINIO 3/4 \" X 1/4 \" X 300 MM","UN",8.26,"SINAPI-I"]
[1789,"CURVA 90 GRAUS DE FERRO GALVANIZADO, COM ROSCA BSP FEMEA, DE 1 1/2\"","UN",52.35,"SINAPI-I"]
[1788,"CURVA 90 GRAUS DE FERRO GALVANIZADO, COM ROSCA BSP FEMEA, DE 1 1/4\"","UN",41.96,"SINAPI-I"]
[1786,"CURVA 90 GRAUS DE FERRO GALVANIZADO, COM ROSCA BSP FEMEA, DE 1/2\"","UN",10.42,"SINAPI-I"]
[1787,"CURVA 90 GRAUS DE FERRO GALVANIZADO, COM ROSCA BSP FEMEA, DE 1\"","UN",24.95,"SINAPI-I"]
[1791,"CURVA 90 GRAUS DE FERRO GALVANIZADO, COM ROSCA BSP FEMEA, DE 2 1/2\"","UN",151.29,"SINAPI-I"]
[1790,"CURVA 90 GRAUS DE FERRO GALVANIZADO, COM ROSCA BSP FEMEA, DE 2\"","UN",87.18,"SINAPI-I"]
[1813,"CURVA 90 GRAUS DE FERRO GALVANIZADO, COM ROSCA BSP FEMEA, DE 3/4\"","UN",16.53,"SINAPI-I"]
[1792,"CURVA 90 GRAUS DE FERRO GALVANIZADO, COM ROSCA BSP FEMEA, DE 3\"","UN",204.21,"SINAPI-I"]
[1793,"CURVA 90 GRAUS DE FERRO GALVANIZADO, COM ROSCA BSP FEMEA, DE 4\"","UN",412.65,"SINAPI-I"]
[1809,"CURVA 90 GRAUS DE FERRO GALVANIZADO, COM ROSCA BSP MACHO/FEMEA, DE 1 1/2\"","UN",49.08,"SINAPI-I"]
[1814,"CURVA 90 GRAUS DE FERRO GALVANIZADO, COM ROSCA BSP MACHO/FEMEA, DE 1 1/4\"","UN",40.32,"SINAPI-I"]
[1803,"CURVA 90 GRAUS DE FERRO GALVANIZADO, COM ROSCA BSP MACHO/FEMEA, DE 1/2\"","UN",10.19,"SINAPI-I"]
[1805,"CURVA 90 GRAUS DE FERRO GALVANIZADO, COM ROSCA BSP MACHO/FEMEA, DE 1\"","UN",23.4,"SINAPI-I"]
[1821,"CURVA 90 GRAUS DE FERRO GALVANIZADO, COM ROSCA BSP MACHO/FEMEA, DE 2 1/2\"","UN",138.22,"SINAPI-I"]
[1806,"CURVA 90 GRAUS DE FERRO GALVANIZADO, COM ROSCA BSP MACHO/FEMEA, DE 2\"","UN",82.27,"SINAPI-I"]
[1804,"CURVA 90 GRAUS DE FERRO GALVANIZADO, COM ROSCA BSP MACHO/FEMEA, DE 3/4\"","UN",14.5,"SINAPI-I"]
[1807,"CURVA 90 GRAUS DE FERRO GALVANIZADO, COM ROSCA BSP MACHO/FEMEA, DE 3\"","UN",197.68,"SINAPI-I"]
[1808,"CURVA 90 GRAUS DE FERRO GALVANIZADO, COM ROSCA BSP MACHO/FEMEA, DE 4\"","UN",396.32,"SINAPI-I"]
[1797,"CURVA 90 GRAUS DE FERRO GALVANIZADO, COM ROSCA BSP MACHO, DE 1 1/2\"","UN",59.44,"SINAPI-I"]
[1796,"CURVA 90 GRAUS DE FERRO GALVANIZADO, COM ROSCA BSP MACHO, DE 1 1/4\"","UN",45.59,"SINAPI-I"]
[1794,"CURVA 90 GRAUS DE FERRO GALVANIZADO, COM ROSCA BSP MACHO, DE 1/2\"","UN",10.88,"SINAPI-I"]
[1816,"CURVA 90 GRAUS DE FERRO GALVANIZADO, COM ROSCA BSP MACHO, DE 1\"","UN",24.54,"SINAPI-I"]
[1815,"CURVA 90 GRAUS DE FERRO GALVANIZADO, COM ROSCA BSP MACHO, DE 2 1/2\"","UN",188.46,"SINAPI-I"]
[1798,"CURVA 90 GRAUS DE FERRO GALVANIZADO, COM ROSCA BSP MACHO, DE 2\"","UN",84.33,"SINAPI-I"]
[1795,"CURVA 90 GRAUS DE FERRO GALVANIZADO, COM ROSCA BSP MACHO, DE 3/4\"","UN",15.08,"SINAPI-I"]
[1799,"CURVA 90 GRAUS DE FERRO GALVANIZADO, COM ROSCA BSP MACHO, DE 3\"","UN",245.46,"SINAPI-I"]
[1800,"CURVA 90 GRAUS DE FERRO GALVANIZADO, COM ROSCA BSP MACHO, DE 4\"","UN",468.62,"SINAPI-I"]
[1802,"CURVA 90 GRAUS DE FERRO GALVANIZADO, COM ROSCA BSP MACHO, DE 6\"","UN",1172.21,"SINAPI-I"]
[40385,"CURVA 90 GRAUS EM ACO CARBONO, RAIO CURTO, SOLDAVEL, PRESSAO 3.000 LBS, DN 1 1/2\"","UN",42.45,"SINAPI-I"]
[40383,"CURVA 90 GRAUS EM ACO CARBONO, RAIO CURTO, SOLDAVEL, PRESSAO 3.000 LBS, DN 1 1/4\"","UN",29.06,"SINAPI-I"]
[40378,"CURVA 90 GRAUS EM ACO CARBONO, RAIO CURTO, SOLDAVEL, PRESSAO 3.000 LBS, DN 1/2\"","UN",10.050000000000001,"SINAPI-I"]
[40382,"CURVA 90 GRAUS EM ACO CARBONO, RAIO CURTO, SOLDAVEL, PRESSAO 3.000 LBS, DN 1\"","UN",19.010000000000002,"SINAPI-I"]
[40422,"CURVA 90 GRAUS EM ACO CARBONO, RAIO CURTO, SOLDAVEL, PRESSAO 3.000 LBS, DN 2 1/2\"","UN",129.55000000000001,"SINAPI-I"]
[40387,"CURVA 90 GRAUS EM ACO CARBONO, RAIO CURTO, SOLDAVEL, PRESSAO 3.000 LBS, DN 2\"","UN",65.959999999999994,"SINAPI-I"]
[40380,"CURVA 90 GRAUS EM ACO CARBONO, RAIO CURTO, SOLDAVEL, PRESSAO 3.000 LBS, DN 3/4\"","UN",13.4,"SINAPI-I"]
[40390,"CURVA 90 GRAUS EM ACO CARBONO, RAIO CURTO, SOLDAVEL, PRESSAO 3.000 LBS, DN 3\"","UN",272.83999999999997,"SINAPI-I"]
[40413,"CURVA 90 GRAUS RANHURADA EM FERRO FUNDIDO, DN 50 MM (2\")","UN",12.91,"SINAPI-I"]
[40415,"CURVA 90 GRAUS RANHURADA EM FERRO FUNDIDO, DN 65 MM (2 1/2\")","UN",18.399999999999999,"SINAPI-I"]
[40417,"CURVA 90 GRAUS RANHURADA EM FERRO FUNDIDO, DN 80 MM (3\")","UN",21.71,"SINAPI-I"]
[39271,"CURVA 90 GRAUS, CURTA, DE PVC RIGIDO ROSCAVEL, DE 1/2\", PARA ELETRODUTO","UN",1.4,"SINAPI-I"]
[39273,"CURVA 90 GRAUS, CURTA, DE PVC RIGIDO ROSCAVEL, DE 1\", PARA ELETRODUTO","UN",2.37,"SINAPI-I"]
[39272,"CURVA 90 GRAUS, CURTA, DE PVC RIGIDO ROSCAVEL, DE 3/4\", PARA ELETRODUTO","UN",1.72,"SINAPI-I"]
[1875,"CURVA 90 GRAUS, LONGA, DE PVC RIGIDO ROSCAVEL, DE 1 1/2\", PARA ELETRODUTO","UN",3.79,"SINAPI-I"]
[1874,"CURVA 90 GRAUS, LONGA, DE PVC RIGIDO ROSCAVEL, DE 1 1/4\", PARA ELETRODUTO","UN",3.13,"SINAPI-I"]
[1870,"CURVA 90 GRAUS, LONGA, DE PVC RIGIDO ROSCAVEL, DE 1/2\", PARA ELETRODUTO","UN",1.81,"SINAPI-I"]
[1884,"CURVA 90 GRAUS, LONGA, DE PVC RIGIDO ROSCAVEL, DE 1\", PARA ELETRODUTO","UN",2.78,"SINAPI-I"]
[1887,"CURVA 90 GRAUS, LONGA, DE PVC RIGIDO ROSCAVEL, DE 2 1/2\", PARA ELETRODUTO","UN",15.73,"SINAPI-I"]
[1876,"CURVA 90 GRAUS, LONGA, DE PVC RIGIDO ROSCAVEL, DE 2\", PARA ELETRODUTO","UN",6.16,"SINAPI-I"]
[1879,"CURVA 90 GRAUS, LONGA, DE PVC RIGIDO ROSCAVEL, DE 3/4\", PARA ELETRODUTO","UN",1.83,"SINAPI-I"]
[1877,"CURVA 90 GRAUS, LONGA, DE PVC RIGIDO ROSCAVEL, DE 3\", PARA ELETRODUTO","UN",15.76,"SINAPI-I"]
[1878,"CURVA 90 GRAUS, LONGA, DE PVC RIGIDO ROSCAVEL, DE 4\", PARA ELETRODUTO","UN",31.66,"SINAPI-I"]
[2621,"CURVA 90 GRAUS, PARA ELETRODUTO, EM ACO GALVANIZADO ELETROLITICO, DIAMETRO DE 100 MM (4\")","UN",139.82,"SINAPI-I"]
[2616,"CURVA 90 GRAUS, PARA ELETRODUTO, EM ACO GALVANIZADO ELETROLITICO, DIAMETRO DE 15 MM (1/2\")","UN",3.95,"SINAPI-I"]
[2633,"CURVA 90 GRAUS, PARA ELETRODUTO, EM ACO GALVANIZADO ELETROLITICO, DIAMETRO DE 20 MM (3/4\")","UN",4.47,"SINAPI-I"]
[2617,"CURVA 90 GRAUS, PARA ELETRODUTO, EM ACO GALVANIZADO ELETROLITICO, DIAMETRO DE 25 MM (1\")","UN",6.08,"SINAPI-I"]
[2618,"CURVA 90 GRAUS, PARA ELETRODUTO, EM ACO GALVANIZADO ELETROLITICO, DIAMETRO DE 32 MM (1 1/4\")","UN",13.85,"SINAPI-I"]
[2632,"CURVA 90 GRAUS, PARA ELETRODUTO, EM ACO GALVANIZADO ELETROLITICO, DIAMETRO DE 40 MM (1 1/2\")","UN",16.89,"SINAPI-I"]
[2631,"CURVA 90 GRAUS, PARA ELETRODUTO, EM ACO GALVANIZADO ELETROLITICO, DIAMETRO DE 50 MM (2\")","UN",24.8,"SINAPI-I"]
[2619,"CURVA 90 GRAUS, PARA ELETRODUTO, EM ACO GALVANIZADO ELETROLITICO, DIAMETRO DE 65 MM (2 1/2\")","UN",62.79,"SINAPI-I"]
[2620,"CURVA 90 GRAUS, PARA ELETRODUTO, EM ACO GALVANIZADO ELETROLITICO, DIAMETRO DE 80 MM (3\")","UN",82.44,"SINAPI-I"]
[25968,"DENTE PARA FRESADORA","UN",38.090000000000003,"SINAPI-I"]
[38369,"DESEMPENADEIRA DE ACO DENTADA 12 X *25* CM, DENTES 8 X 8 MM, CABO FECHADO DE MADEIRA","UN",11.79,"SINAPI-I"]
[38370,"DESEMPENADEIRA DE ACO LISA 12 X *25* CM COM CABO FECHADO DE MADEIRA","UN",11.79,"SINAPI-I"]
[38372,"DESEMPENADEIRA PLASTICA LISA *14 X 27* CM","UN",15.9,"SINAPI-I"]
[2357,"DESENHISTA COPISTA","H",21.74,"SINAPI-I"]
[40806,"DESENHISTA COPISTA (MENSALISTA)","MES",3061.25,"SINAPI-I"]
[2355,"DESENHISTA DETALHISTA","H",25.31,"SINAPI-I"]
[40805,"DESENHISTA DETALHISTA (MENSALISTA)","MES",3563.58,"SINAPI-I"]
[2358,"DESENHISTA PROJETISTA","H",37.32,"SINAPI-I"]
[40807,"DESENHISTA PROJETISTA (MENSALISTA)","MES",5252.63,"SINAPI-I"]
[2359,"DESENHISTA TECNICO AUXILIAR","H",22.55,"SINAPI-I"]
[40808,"DESENHISTA TECNICO AUXILIAR (MENSALISTA)","MES",3174.29,"SINAPI-I"]
[39397,"DESMOLDANTE PARA FORMAS METALICAS A BASE DE OLEO VEGETAL","L",11.21,"SINAPI-I"]
[2692,"DESMOLDANTE PROTETOR PARA FORMAS DE MADEIRA, DE BASE OLEOSA EMULSIONADA EM AGUA","L",5.31,"SINAPI-I"]
[6,"DETERGENTE AMONIACO (AMONIA DILUIDA)","L",3.18,"SINAPI-I"]
[5330,"DILUENTE EPOXI","L",33.39,"SINAPI-I"]
[26017,"DISCO DE BORRACHA PARA LIXADEIRA RIGIDO 7 \" COM ARRUELA CENTRAL","UN",29.71,"SINAPI-I"]
[25931,"DISCO DE CORTE DIAMANTADO SEGMENTADO DIAMETRO DE 180 MM PARA ESMERILHADEIRA 7 \"","UN",94.43,"SINAPI-I"]
[38140,"DISCO DE CORTE DIAMANTADO SEGMENTADO PARA CONCRETO, DIAMETRO DE 110 MM, FURO DE 20 MM","UN",22.9,"SINAPI-I"]
[13887,"DISCO DE CORTE DIAMANTADO SEGMENTADO PARA CONCRETO, DIAMETRO DE 350 MM, FURO DE 1 \" (14 X 1 \")","UN",542.16999999999996,"SINAPI-I"]
[26018,"DISCO DE CORTE PARA METAL COM DUAS TELAS 12 X 1/8 X 3/4 \" (300 X 3,2 X 19,05 MM)","UN",24.13,"SINAPI-I"]
[26019,"DISCO DE DESBASTE PARA METAL FERROSO EM GERAL, COM TRES TELAS,  9 X 1/4 X 7/8 \" (228,6 X 6,4 X 22,2 MM)","UN",22.79,"SINAPI-I"]
[26020,"DISCO DE LIXA PARA METAL, DIAMETRO = 180 MM, GRAO 120","UN",5.94,"SINAPI-I"]
[34544,"DISJUNTOR  TERMOMAGNETICO TRIPOLAR 3 X 400 A / ICC - 25 KA","UN",1380.21,"SINAPI-I"]
[34729,"DISJUNTOR TERMICO E MAGNETICO AJUSTAVEIS, TRIPOLAR DE 100 ATE 250A, CAPACIDADE DE INTERRUPCAO DE 35KA","UN",1085.75,"SINAPI-I"]
[34734,"DISJUNTOR TERMICO E MAGNETICO AJUSTAVEIS, TRIPOLAR DE 300 ATE 400A, CAPACIDADE DE INTERRUPCAO DE 35KA","UN",1681.08,"SINAPI-I"]
[34738,"DISJUNTOR TERMICO E MAGNETICO AJUSTAVEIS, TRIPOLAR DE 450 ATE 600A, CAPACIDADE DE INTERRUPCAO DE 35KA","UN",3927.54,"SINAPI-I"]
[2391,"DISJUNTOR TERMOMAGNETICO TRIPOLAR 125A","UN",319.44,"SINAPI-I"]
[2374,"DISJUNTOR TERMOMAGNETICO TRIPOLAR 150 A / 600 V, TIPO FXD / ICC - 35 KA","UN",362.39,"SINAPI-I"]
[2377,"DISJUNTOR TERMOMAGNETICO TRIPOLAR 200 A / 600 V, TIPO FXD / ICC - 35 KA","UN",508.58,"SINAPI-I"]
[2393,"DISJUNTOR TERMOMAGNETICO TRIPOLAR 250 A / 600 V, TIPO FXD","UN",851.69,"SINAPI-I"]
[34705,"DISJUNTOR TERMOMAGNETICO TRIPOLAR 3  X 250 A/ICC - 25 KA","UN",744.92,"SINAPI-I"]
[34707,"DISJUNTOR TERMOMAGNETICO TRIPOLAR 3 X 350 A/ICC - 25 KA","UN",1380.35,"SINAPI-I"]
[2378,"DISJUNTOR TERMOMAGNETICO TRIPOLAR 300 A / 600 V, TIPO JXD / ICC - 40 KA","UN",1169.9000000000001,"SINAPI-I"]
[2379,"DISJUNTOR TERMOMAGNETICO TRIPOLAR 400 A / 600 V, TIPO JXD / ICC - 40 KA","UN",1169.9000000000001,"SINAPI-I"]
[2376,"DISJUNTOR TERMOMAGNETICO TRIPOLAR 600 A / 600 V, TIPO LXD / ICC - 40 KA","UN",1926.82,"SINAPI-I"]
[2394,"DISJUNTOR TERMOMAGNETICO TRIPOLAR 800 A / 600 V, TIPO LMXD","UN",4119.2,"SINAPI-I"]
[34686,"DISJUNTOR TIPO DIN / IEC, MONOPOLAR DE 40  ATE 50A","UN",12.36,"SINAPI-I"]
[34616,"DISJUNTOR TIPO DIN/IEC, BIPOLAR DE 6 ATE 32A","UN",47.8,"SINAPI-I"]
[34623,"DISJUNTOR TIPO DIN/IEC, BIPOLAR 40 ATE 50A","UN",47.06,"SINAPI-I"]
[34628,"DISJUNTOR TIPO DIN/IEC, BIPOLAR 63 A","UN",67.41,"SINAPI-I"]
[34653,"DISJUNTOR TIPO DIN/IEC, MONOPOLAR DE 6  ATE  32A","UN",8.34,"SINAPI-I"]
[34688,"DISJUNTOR TIPO DIN/IEC, MONOPOLAR DE 63 A","UN",15.11,"SINAPI-I"]
[34709,"DISJUNTOR TIPO DIN/IEC, TRIPOLAR DE 10 ATE 50A","UN",58.56,"SINAPI-I"]
[34714,"DISJUNTOR TIPO DIN/IEC, TRIPOLAR 63 A","UN",69.94,"SINAPI-I"]
[2388,"DISJUNTOR TIPO NEMA, BIPOLAR 10  ATE  50 A, TENSAO MAXIMA 415 V","UN",58.12,"SINAPI-I"]
[34606,"DISJUNTOR TIPO NEMA, BIPOLAR 60 ATE 100A, TENSAO MAXIMA 415 V","UN",89.16,"SINAPI-I"]
[34689,"DISJUNTOR TIPO NEMA, MONOPOLAR DE 60 ATE 70A, TENSAO MAXIMA DE 240 V","UN",28.38,"SINAPI-I"]
[2370,"DISJUNTOR TIPO NEMA, MONOPOLAR 10 ATE 30A, TENSAO MAXIMA DE 240 V","UN",10.8,"SINAPI-I"]
[2386,"DISJUNTOR TIPO NEMA, MONOPOLAR 35  ATE  50 A, TENSAO MAXIMA DE 240 V","UN",18.11,"SINAPI-I"]
[2392,"DISJUNTOR TIPO NEMA, TRIPOLAR 10  ATE  50A, TENSAO MAXIMA DE 415 V","UN",72.5,"SINAPI-I"]
[2373,"DISJUNTOR TIPO NEMA, TRIPOLAR 60 ATE 100 A, TENSAO MAXIMA DE 415 V","UN",102.14,"SINAPI-I"]
[39465,"DISPOSITIVO DPS CLASSE II, 1 POLO, TENSAO MAXIMA DE 175 V, CORRENTE MAXIMA DE *20* KA (TIPO AC)","UN",62.4,"SINAPI-I"]
[39466,"DISPOSITIVO DPS CLASSE II, 1 POLO, TENSAO MAXIMA DE 175 V, CORRENTE MAXIMA DE *30* KA (TIPO AC)","UN",70.2,"SINAPI-I"]
[39467,"DISPOSITIVO DPS CLASSE II, 1 POLO, TENSAO MAXIMA DE 175 V, CORRENTE MAXIMA DE *45* KA (TIPO AC)","UN",89.79,"SINAPI-I"]
[39468,"DISPOSITIVO DPS CLASSE II, 1 POLO, TENSAO MAXIMA DE 175 V, CORRENTE MAXIMA DE *90* KA (TIPO AC)","UN",159.6,"SINAPI-I"]
[39469,"DISPOSITIVO DPS CLASSE II, 1 POLO, TENSAO MAXIMA DE 275 V, CORRENTE MAXIMA DE *20* KA (TIPO AC)","UN",65.010000000000005,"SINAPI-I"]
[39470,"DISPOSITIVO DPS CLASSE II, 1 POLO, TENSAO MAXIMA DE 275 V, CORRENTE MAXIMA DE *30* KA (TIPO AC)","UN",79.88,"SINAPI-I"]
[39471,"DISPOSITIVO DPS CLASSE II, 1 POLO, TENSAO MAXIMA DE 275 V, CORRENTE MAXIMA DE *45* KA (TIPO AC)","UN",96,"SINAPI-I"]
[39472,"DISPOSITIVO DPS CLASSE II, 1 POLO, TENSAO MAXIMA DE 275 V, CORRENTE MAXIMA DE *90* KA (TIPO AC)","UN",166.79,"SINAPI-I"]
[39473,"DISPOSITIVO DPS CLASSE II, 1 POLO, TENSAO MAXIMA DE 385 V, CORRENTE MAXIMA DE *20* KA (TIPO AC)","UN",107.75,"SINAPI-I"]
[39474,"DISPOSITIVO DPS CLASSE II, 1 POLO, TENSAO MAXIMA DE 385 V, CORRENTE MAXIMA DE *30* KA (TIPO AC)","UN",114.86,"SINAPI-I"]
[39475,"DISPOSITIVO DPS CLASSE II, 1 POLO, TENSAO MAXIMA DE 385 V, CORRENTE MAXIMA DE *45* KA (TIPO AC)","UN",130.33000000000001,"SINAPI-I"]
[39476,"DISPOSITIVO DPS CLASSE II, 1 POLO, TENSAO MAXIMA DE 385 V, CORRENTE MAXIMA DE *90* KA (TIPO AC)","UN",245.34,"SINAPI-I"]
[39477,"DISPOSITIVO DPS CLASSE II, 1 POLO, TENSAO MAXIMA DE 460 V, CORRENTE MAXIMA DE *20* KA (TIPO AC)","UN",120.21,"SINAPI-I"]
[39478,"DISPOSITIVO DPS CLASSE II, 1 POLO, TENSAO MAXIMA DE 460 V, CORRENTE MAXIMA DE *30* KA (TIPO AC)","UN",123.93,"SINAPI-I"]
[39479,"DISPOSITIVO DPS CLASSE II, 1 POLO, TENSAO MAXIMA DE 460 V, CORRENTE MAXIMA DE *45* KA (TIPO AC)","UN",146.01,"SINAPI-I"]
[39480,"DISPOSITIVO DPS CLASSE II, 1 POLO, TENSAO MAXIMA DE 460 V, CORRENTE MAXIMA DE *90* KA (TIPO AC)","UN",301.29000000000002,"SINAPI-I"]
[39459,"DISPOSITIVO DR, 2 POLOS, SENSIBILIDADE DE 30 MA, CORRENTE DE 100 A, TIPO AC","UN",255.72,"SINAPI-I"]
[39445,"DISPOSITIVO DR, 2 POLOS, SENSIBILIDADE DE 30 MA, CORRENTE DE 25 A, TIPO AC","UN",128.4,"SINAPI-I"]
[39446,"DISPOSITIVO DR, 2 POLOS, SENSIBILIDADE DE 30 MA, CORRENTE DE 40 A, TIPO AC","UN",130.68,"SINAPI-I"]
[39447,"DISPOSITIVO DR, 2 POLOS, SENSIBILIDADE DE 30 MA, CORRENTE DE 63 A, TIPO AC","UN",139.75,"SINAPI-I"]
[39448,"DISPOSITIVO DR, 2 POLOS, SENSIBILIDADE DE 30 MA, CORRENTE DE 80 A, TIPO AC","UN",238.3,"SINAPI-I"]
[39450,"DISPOSITIVO DR, 2 POLOS, SENSIBILIDADE DE 300 MA, CORRENTE DE 25 A, TIPO AC","UN",145.38999999999999,"SINAPI-I"]
[39451,"DISPOSITIVO DR, 2 POLOS, SENSIBILIDADE DE 300 MA, CORRENTE DE 40 A, TIPO AC","UN",158.57,"SINAPI-I"]
[39452,"DISPOSITIVO DR, 2 POLOS, SENSIBILIDADE DE 300 MA, CORRENTE DE 63 A, TIPO AC","UN",159.52000000000001,"SINAPI-I"]
[39523,"DISPOSITIVO DR, 2 POLOS, SENSIBILIDADE DE 300 MA, CORRENTE DE 80 A, TIPO  AC","UN",266.95999999999998,"SINAPI-I"]
[39449,"DISPOSITIVO DR, 4 POLOS, SENSIBILIDADE DE 30 MA, CORRENTE DE 100 A, TIPO AC","UN",295.64,"SINAPI-I"]
[39455,"DISPOSITIVO DR, 4 POLOS, SENSIBILIDADE DE 30 MA, CORRENTE DE 25 A, TIPO AC","UN",146.29,"SINAPI-I"]
[39456,"DISPOSITIVO DR, 4 POLOS, SENSIBILIDADE DE 30 MA, CORRENTE DE 40 A, TIPO AC","UN",146.4,"SINAPI-I"]
[39457,"DISPOSITIVO DR, 4 POLOS, SENSIBILIDADE DE 30 MA, CORRENTE DE 63 A, TIPO AC","UN",159.6,"SINAPI-I"]
[39458,"DISPOSITIVO DR, 4 POLOS, SENSIBILIDADE DE 30 MA, CORRENTE DE 80 A, TIPO AC","UN",297.82,"SINAPI-I"]
[39464,"DISPOSITIVO DR, 4 POLOS, SENSIBILIDADE DE 300 MA, CORRENTE DE 100 A, TIPO AC","UN",478.91,"SINAPI-I"]
[39460,"DISPOSITIVO DR, 4 POLOS, SENSIBILIDADE DE 300 MA, CORRENTE DE 25 A, TIPO AC","UN",181.64,"SINAPI-I"]
[39461,"DISPOSITIVO DR, 4 POLOS, SENSIBILIDADE DE 300 MA, CORRENTE DE 40 A, TIPO AC","UN",212.84,"SINAPI-I"]
[39462,"DISPOSITIVO DR, 4 POLOS, SENSIBILIDADE DE 300 MA, CORRENTE DE 63 A, TIPO AC","UN",205.12,"SINAPI-I"]
[39463,"DISPOSITIVO DR, 4 POLOS, SENSIBILIDADE DE 300 MA, CORRENTE DE 80 A, TIPO AC","UN",475.2,"SINAPI-I"]
[26039,"DISTRIBUIDOR DE AGREGADOS AUTOPROPELIDO, CAP 3 M3, A DIESEL, 6 CC, 176 CV","UN",249588.52,"SINAPI-I"]
[2401,"DISTRIBUIDOR DE AGREGADOS REBOCAVEL, CAPACIDADE 1,9 M3, LARGURA DE TRABALHO 3,66 M","UN",57408.12,"SINAPI-I"]
[38870,"DISTRIBUIDOR METALICO, COM ROSCA, 2 SAIDAS, DN 1\" X 1/2\", PARA CONEXAO COM ANEL DESLIZANTE EM TUBO PEX","UN",31.91,"SINAPI-I"]
[38869,"DISTRIBUIDOR METALICO, COM ROSCA, 2 SAIDAS, DN 3/4\" X 1/2\", PARA CONEXAO COM ANEL DESLIZANTE EM TUBO PEX","UN",28.15,"SINAPI-I"]
[38872,"DISTRIBUIDOR METALICO, COM ROSCA, 3 SAIDAS, DN 1\" X 1/2\", PARA CONEXAO COM ANEL DESLIZANTE EM TUBO PEX","UN",43.59,"SINAPI-I"]
[38871,"DISTRIBUIDOR METALICO, COM ROSCA, 3 SAIDAS, DN 3/4\" X 1/2\", PARA CONEXAO COM ANEL DESLIZANTE EM TUBO PEX","UN",35.06,"SINAPI-I"]
[39283,"DISTRIBUIDOR, PLASTICO, 2 SAIDAS, DN 32 X 16 MM, PARA CONEXAO COM CRIMPAGEM EM TUBO PEX","UN",109.22,"SINAPI-I"]
[39284,"DISTRIBUIDOR, PLASTICO, 2 SAIDAS, DN 32 X 20 MM, PARA CONEXAO COM CRIMPAGEM EM TUBO PEX","UN",118.36,"SINAPI-I"]
[39285,"DISTRIBUIDOR, PLASTICO, 2 SAIDAS, DN 32 X 25 MM, PARA CONEXAO COM CRIMPAGEM EM TUBO PEX","UN",120.07,"SINAPI-I"]
[39286,"DISTRIBUIDOR, PLASTICO, 3 SAIDAS, DN 32 X 16 MM, PARA CONEXAO COM CRIMPAGEM EM TUBO PEX","UN",117.45,"SINAPI-I"]
[39287,"DISTRIBUIDOR, PLASTICO, 3 SAIDAS, DN 32 X 20 MM, PARA CONEXAO COM CRIMPAGEM EM TUBO PEX","UN",137.91,"SINAPI-I"]
[39288,"DISTRIBUIDOR, PLASTICO, 3 SAIDAS, DN 32 X 25 MM, PARA CONEXAO COM CRIMPAGEM EM TUBO PEX","UN",147.18,"SINAPI-I"]
[2414,"DIVISORIA (N2) PAINEL/VIDRO - PAINEL C/ MSO/COMEIA E=35MM - MONTANTE/RODAPE DUPLO ACO GALV PINTADO - COLOCADA","M2",89.15,"SINAPI-I"]
[2413,"DIVISORIA (N2) PAINEL/VIDRO - PAINEL C/ MSO/COMEIA E=35MM - PERFIS SIMPLES ACO GALV PINTADO - COLOCADA","M2",85.77,"SINAPI-I"]
[2405,"DIVISORIA (N2) PAINEL/VIDRO - PAINEL MSO/COMEIA E=35MM - MONTANTE/RODAPE DUPLO ALUMINIO ANOD NAT - COLOCADA","M2",99.83,"SINAPI-I"]
[13361,"DIVISORIA (N2) PAINEL/VIDRO - PAINEL MSO/COMEIA E=35MM - PERFIS SIMPLES ALUMINIO ANOD NAT - COLOCADA","M2",83.51,"SINAPI-I"]
[11987,"DIVISORIA (N2) PAINEL/VIDRO - PAINEL VERMICULITA E=35MM - PERFIS SIMPLES ALUMINIO ANOD NATURAL - COLOCADA","M2",223.45,"SINAPI-I"]
[2416,"DIVISORIA (N3) PAINEL/VIDRO/PAINEL MSO/COMEIA E=35MM - MONTANTE/RODAPE DUPLO ACO GALV PINTADO - COLOCADA","M2",98.86,"SINAPI-I"]
[2412,"DIVISORIA (N3) PAINEL/VIDRO/PAINEL MSO/COMEIA E=35MM - MONTANTE/RODAPE DUPLO ALUMINIO ANOD NAT - COLOCADA","M2",95.47,"SINAPI-I"]
[2411,"DIVISORIA (N3) PAINEL/VIDRO/PAINEL MSO/COMEIA E=35MM - PERFIS SIMPLES ACO GALV PINTADO - COLOCADA","M2",83.51,"SINAPI-I"]
[2406,"DIVISORIA (N3) PAINEL/VIDRO/PAINEL MSO/COMEIA E=35MM - PERFIS SIMPLES ALUMINIO ANOD NAT - COLOCADA","M2",81.25,"SINAPI-I"]
[10571,"DIVISORIA (N3) PAINEL/VIDRO/PAINEL VERMICULITA E=35MM - MONTANTE/RODAPE DUPLO ALUMINIO ANOD NATURAL - COLOCADA","M2",198.62,"SINAPI-I"]
[11985,"DIVISORIA (N3) PAINEL/VIDRO/PAINEL VERMICULITA E=35MM - MONTANTE/RODAPE PERFIL DUPLO ACO GALV PINTADO - COLOCADA","M2",191.85,"SINAPI-I"]
[2410,"DIVISORIA CEGA (N1) - PAINEL MSO/COMEIA E=35MM - MONTANTE/RODAPE DUPLO   ACO GALV PINTADO - COLOCADA","M2",84.64,"SINAPI-I"]
[2417,"DIVISORIA CEGA (N1) - PAINEL MSO/COMEIA E=35MM - MONTANTE/RODAPE DUPLO ALUMINIO ANOD NAT - COLOCADA","M2",90.28,"SINAPI-I"]
[2415,"DIVISORIA CEGA (N1) - PAINEL MSO/COMEIA E=35MM - PERFIS SIMPLES ACO GALV PINTADO   - COLOCADA","M2",72.22,"SINAPI-I"]
[13360,"DIVISORIA CEGA (N1) - PAINEL MSO/COMEIA E=35MM - PERFIS SIMPLES ALUMINIO ANOD NAT - COLOCADA","M2",72.22,"SINAPI-I"]
[11983,"DIVISORIA CEGA (N1) - PAINEL VERMICULITA E=35MM - MONTANTE/RODAPE PERFIS SIMPLES ACO GALV PINTADO - COLOCADA","M2",176.05,"SINAPI-I"]
[11986,"DIVISORIA CEGA (N1) - PAINEL VERMICULITA E=35MM - PERFIS SIMPLES ALUMINIO ANOD NATURAL - COLOCADA","M2",214.42,"SINAPI-I"]
[25976,"DIVISORIA EM GRANITO, COM DUAS FACES POLIDAS, TIPO ANDORINHA/ QUARTZ/ CASTELO/ CORUMBA OU OUTROS EQUIVALENTES DA REGIAO, E=  *3,0* CM","M2",434.96,"SINAPI-I"]
[10629,"DIVISORIA EM MARMORE, COM DUAS FACES POLIDAS, BRANCO COMUM, E=  *3,0* CM","M2",496.92,"SINAPI-I"]
[10698,"DIVISORIA, PLACA  PRE-MOLDADA EM GRANILITE, MARMORITE OU GRANITINA,  E = *3 CM","M2",153.04,"SINAPI-I"]
[40521,"DOBRADEIRA ELETROMECANICA DE VERGALHAO, PARA ACO DE DIAMETRO ATE 1 1/2 \"Â\u0094, MOTOR ELETRICO TRIFASICO, POTENCIA DE 3 HP ATE 5 HP","UN",70116.84,"SINAPI-I"]
[2432,"DOBRADICA EM ACO/FERRO, 3 1/2\" X  3\", E= 1,9  A 2 MM, COM ANEL,  CROMADO OU ZINCADO, TAMPA BOLA, COM PARAFUSOS","UN",47.21,"SINAPI-I"]
[2418,"DOBRADICA EM ACO/FERRO, 3\" X 2 1/2\", E= 1,2 A 1,8 MM, SEM ANEL,  CROMADO OU ZINCADO, TAMPA BOLA, COM PARAFUSOS","UN",21.9,"SINAPI-I"]
[2433,"DOBRADICA EM ACO/FERRO, 3\" X 2 1/2\", E= 1,2 A 1,8 MM, SEM ANEL,  CROMADO OU ZINCADO, TAMPA CHATA, COM PARAFUSOS","UN",15.99,"SINAPI-I"]
[2420,"DOBRADICA EM ACO/FERRO, 3\" X 2 1/2\", E= 1,9 A 2 MM, SEM ANEL,  CROMADO OU ZINCADO, TAMPA BOLA, COM PARAFUSOS","UN",27.47,"SINAPI-I"]
[2421,"DOBRADICA EM ACO/FERRO, 4\" X 3\", E= 2,2 A 3,0 MM, COM ANEL, CROMADO OU ZINCADO,TAMPA BOLA, COM PARAFUSOS","UN",59.93,"SINAPI-I"]
[11447,"DOBRADICA EM LATAO, 3 \" X 2 1/2 \", E= 1,9 A 2 MM, COM ANEL, CROMADO, TAMPA BOLA, COM PARAFUSOS","UN",54.28,"SINAPI-I"]
[2429,"DOBRADICA EM LATAO, 4\" X 3\", E= 2,2 A 3,0 MM, COM ANEL,  TAMPA BOLA, COM PARAFUSOS","UN",137.38999999999999,"SINAPI-I"]
[11449,"DOBRADICA TIPO PIANO EM ACO/FERRO, 1'' X 3 M, GALVANIZADO, COM PARAFUSOS","UN",148.01,"SINAPI-I"]
[11451,"DOBRADICA TIPO VAI-E-VEM EM ACO/FERRO, TAMANHO 3'', GALVANIZADO, COM PARAFUSOS","UN",145.52000000000001,"SINAPI-I"]
[11116,"DOMOS INDIVIDUAL EM ACRILICO BRANCO *95 X 95* CM, SEM INSTALACAO","UN",460.7,"SINAPI-I"]
[38411,"DOSADOR DE AREIA, CAPACIDADE DE *26* LITROS","UN",1003.93,"SINAPI-I"]
[1370,"DUCHA HIGIENICA PLASTICA COM REGISTRO METALICO 1/2 \"","UN",65.36,"SINAPI-I"]
[38189,"DUCHA METALICA DE PAREDE, ARTICULAVEL, COM BRACO/CANO, SEM DESVIADOR","UN",196.96,"SINAPI-I"]
[38190,"DUCHA METALICA DE PAREDE, ARTICULAVEL, COM DESVIADOR E DUCHA MANUAL","UN",442.91,"SINAPI-I"]
[36516,"DUMPER COM CAPACIDADE DE CARGA DE 1700 KG, PARTIDA ELETRICA, MOTOR DIESEL COM POTENCIA DE 16 CV","UN",68917.52,"SINAPI-I"]
[34777,"ELEMENTO VAZADO CERAMICO 25 X 18 X 7 CM","UN",1.46,"SINAPI-I"]
[7273,"ELEMENTO VAZADO CERAMICO 7 X 20 X 20 CM","UN",2.4,"SINAPI-I"]
[7272,"ELEMENTO VAZADO CERAMICO 9 X 20 X 20 CM","UN",3.34,"SINAPI-I"]
[10605,"ELEMENTO VAZADO DE CONCRETO, QUADRICULADO, 1 FURO *10 X 10 X 10* CM","UN",2.2999999999999998,"SINAPI-I"]
[10604,"ELEMENTO VAZADO DE CONCRETO, QUADRICULADO, 1 FURO *20 X 10 X 7* CM","UN",4.59,"SINAPI-I"]
[672,"ELEMENTO VAZADO DE CONCRETO, QUADRICULADO, 1 FURO *20 X 20 X 6,5* CM","UN",4.63,"SINAPI-I"]
[668,"ELEMENTO VAZADO DE CONCRETO, QUADRICULADO, 16 FUROS *29 X 29 X 6* CM","UN",7.3,"SINAPI-I"]
[10578,"ELEMENTO VAZADO DE CONCRETO, QUADRICULADO, 16 FUROS *33 X 33 X 10* CM","UN",12.73,"SINAPI-I"]
[666,"ELEMENTO VAZADO DE CONCRETO, QUADRICULADO, 16 FUROS *40 X 40 X 7* CM","UN",12.64,"SINAPI-I"]
[665,"ELEMENTO VAZADO DE CONCRETO, QUADRICULADO, 16 FUROS *50 X 50 X 7* CM","UN",23.68,"SINAPI-I"]
[10577,"ELEMENTO VAZADO DE CONCRETO, QUADRICULADO, 25 FUROS *50 X 50 X 5* CM","UN",18.54,"SINAPI-I"]
[10583,"ELEMENTO VAZADO DE CONCRETO, VENEZIANA *39 X 22 X 15* CM","UN",10.39,"SINAPI-I"]
[10579,"ELEMENTO VAZADO DE CONCRETO, VENEZIANA *39 X 29 X 10* CM","UN",16.95,"SINAPI-I"]
[10582,"ELEMENTO VAZADO DE CONCRETO, VENEZIANA *40 X 10 X 10* CM","UN",5.93,"SINAPI-I"]
[2436,"ELETRICISTA","H",25.98,"SINAPI-I"]
[40918,"ELETRICISTA (MENSALISTA)","MES",4590.57,"SINAPI-I"]
[2439,"ELETRICISTA DE MANUTENCAO INDUSTRIAL","H",25.98,"SINAPI-I"]
[40923,"ELETRICISTA DE MANUTENCAO INDUSTRIAL (MENSALISTA)","MES",4590.57,"SINAPI-I"]
[10998,"ELETRODO REVESTIDO AWS - E-6010, DIAMETRO IGUAL A 4,00 MM","KG",27.87,"SINAPI-I"]
[11002,"ELETRODO REVESTIDO AWS - E6013, DIAMETRO IGUAL A 2,50 MM","KG",25.53,"SINAPI-I"]
[10999,"ELETRODO REVESTIDO AWS - E6013, DIAMETRO IGUAL A 4,00 MM","KG",24.53,"SINAPI-I"]
[10997,"ELETRODO REVESTIDO AWS - E7018, DIAMETRO IGUAL A 4,00 MM","KG",26.59,"SINAPI-I"]
[2685,"ELETRODUTO DE PVC RIGIDO ROSCAVEL DE 1 \", SEM LUVA","M",3.79,"SINAPI-I"]
[2680,"ELETRODUTO DE PVC RIGIDO ROSCAVEL DE 1 1/2 \", SEM LUVA","M",5.55,"SINAPI-I"]
[2684,"ELETRODUTO DE PVC RIGIDO ROSCAVEL DE 1 1/4 \", SEM LUVA","M",5.05,"SINAPI-I"]
[2673,"ELETRODUTO DE PVC RIGIDO ROSCAVEL DE 1/2 \", SEM LUVA","M",1.95,"SINAPI-I"]
[2681,"ELETRODUTO DE PVC RIGIDO ROSCAVEL DE 2 \", SEM LUVA","M",9.07,"SINAPI-I"]
[2682,"ELETRODUTO DE PVC RIGIDO ROSCAVEL DE 2 1/2 \", SEM LUVA","M",13.24,"SINAPI-I"]
[2686,"ELETRODUTO DE PVC RIGIDO ROSCAVEL DE 3 \", SEM LUVA","M",16.600000000000001,"SINAPI-I"]
[2674,"ELETRODUTO DE PVC RIGIDO ROSCAVEL DE 3/4 \", SEM LUVA","M",2.42,"SINAPI-I"]
[2683,"ELETRODUTO DE PVC RIGIDO ROSCAVEL DE 4 \", SEM LUVA","M",26.16,"SINAPI-I"]
[2676,"ELETRODUTO DE PVC RIGIDO SOLDAVEL, CLASSE B, DE 20 MM","M",1.1299999999999999,"SINAPI-I"]
[2678,"ELETRODUTO DE PVC RIGIDO SOLDAVEL, CLASSE B, DE 25 MM","M",1.42,"SINAPI-I"]
[2679,"ELETRODUTO DE PVC RIGIDO SOLDAVEL, CLASSE B, DE 32 MM","M",2.19,"SINAPI-I"]
[12070,"ELETRODUTO DE PVC RIGIDO SOLDAVEL, CLASSE B, DE 40 MM","M",3.04,"SINAPI-I"]
[2675,"ELETRODUTO DE PVC RIGIDO SOLDAVEL, CLASSE B, DE 50 MM","M",3.96,"SINAPI-I"]
[12067,"ELETRODUTO DE PVC RIGIDO SOLDAVEL, CLASSE B, DE 60 MM","M",5.37,"SINAPI-I"]
[40401,"ELETRODUTO FLEXIVEL PLANO EM PEAD, COR PRETA E LARANJA,  DIAMETRO 32 MM","M",1.82,"SINAPI-I"]
[40402,"ELETRODUTO FLEXIVEL PLANO EM PEAD, COR PRETA E LARANJA,  DIAMETRO 40 MM","M",2.34,"SINAPI-I"]
[40400,"ELETRODUTO FLEXIVEL PLANO EM PEAD, COR PRETA E LARANJA, DIAMETRO 25 MM","M",1.24,"SINAPI-I"]
[2504,"ELETRODUTO FLEXIVEL, EM ACO GALVANIZADO, REVESTIDO EXTERNAMENTE COM PVC PRETO, DIAMETRO EXTERNO DE 25 MM (3/4\"), TIPO SEALTUBO","M",10.16,"SINAPI-I"]
[2501,"ELETRODUTO FLEXIVEL, EM ACO GALVANIZADO, REVESTIDO EXTERNAMENTE COM PVC PRETO, DIAMETRO EXTERNO DE 32 MM (1\"), TIPO SEALTUBO","M",13.33,"SINAPI-I"]
[2502,"ELETRODUTO FLEXIVEL, EM ACO GALVANIZADO, REVESTIDO EXTERNAMENTE COM PVC PRETO, DIAMETRO EXTERNO DE 40 MM (1 1/4\"), TIPO SEALTUBO","M",20.11,"SINAPI-I"]
[2503,"ELETRODUTO FLEXIVEL, EM ACO GALVANIZADO, REVESTIDO EXTERNAMENTE COM PVC PRETO, DIAMETRO EXTERNO DE 50 MM( 1 1/2\"), TIPO SEALTUBO","M",25.88,"SINAPI-I"]
[2500,"ELETRODUTO FLEXIVEL, EM ACO GALVANIZADO, REVESTIDO EXTERNAMENTE COM PVC PRETO, DIAMETRO EXTERNO DE 60 MM (2\"), TIPO SEALTUBO","M",34.479999999999997,"SINAPI-I"]
[2505,"ELETRODUTO FLEXIVEL, EM ACO GALVANIZADO, REVESTIDO EXTERNAMENTE COM PVC PRETO, DIAMETRO EXTERNO DE 75 MM (2 1/2\"), TIPO SEALTUBO","M",53.73,"SINAPI-I"]
[12056,"ELETRODUTO FLEXIVEL, EM ACO, TIPO CONDUITE, DIAMETRO DE 1 1/2\"","M",21.71,"SINAPI-I"]
[12057,"ELETRODUTO FLEXIVEL, EM ACO, TIPO CONDUITE, DIAMETRO DE 1 1/4\"","M",18.440000000000001,"SINAPI-I"]
[12059,"ELETRODUTO FLEXIVEL, EM ACO, TIPO CONDUITE, DIAMETRO DE 1/2\"","M",6.47,"SINAPI-I"]
[12058,"ELETRODUTO FLEXIVEL, EM ACO, TIPO CONDUITE, DIAMETRO DE 1\"","M",11.49,"SINAPI-I"]
[12060,"ELETRODUTO FLEXIVEL, EM ACO, TIPO CONDUITE, DIAMETRO DE 2 1/2\"","M",47.91,"SINAPI-I"]
[12061,"ELETRODUTO FLEXIVEL, EM ACO, TIPO CONDUITE, DIAMETRO DE 2\"","M",29.25,"SINAPI-I"]
[12062,"ELETRODUTO FLEXIVEL, EM ACO, TIPO CONDUITE, DIAMETRO DE 3\"","M",53.95,"SINAPI-I"]
[21137,"ELETRODUTO METALICO FLEXIVEL REVESTIDO COM PVC PRETO, DIAMETRO EXTERNO DE 15 MM (3/8\"), TIPO COPEX","M",9.3699999999999992,"SINAPI-I"]
[2687,"ELETRODUTO PVC FLEXIVEL CORRUGADO, COR AMARELA, DE 16 MM","M",0.99,"SINAPI-I"]
[2689,"ELETRODUTO PVC FLEXIVEL CORRUGADO, COR AMARELA, DE 20 MM","M",1.17,"SINAPI-I"]
[2688,"ELETRODUTO PVC FLEXIVEL CORRUGADO, COR AMARELA, DE 25 MM","M",1.27,"SINAPI-I"]
[2690,"ELETRODUTO PVC FLEXIVEL CORRUGADO, COR AMARELA, DE 32 MM","M",2.1800000000000002,"SINAPI-I"]
[39243,"ELETRODUTO PVC FLEXIVEL CORRUGADO, REFORCADO, COR LARANJA, DE 20 MM, PARA LAJES E PISOS","M",1.44,"SINAPI-I"]
[39244,"ELETRODUTO PVC FLEXIVEL CORRUGADO, REFORCADO, COR LARANJA, DE 25 MM, PARA LAJES E PISOS","M",1.94,"SINAPI-I"]
[39245,"ELETRODUTO PVC FLEXIVEL CORRUGADO, REFORCADO, COR LARANJA, DE 32 MM, PARA LAJES E PISOS","M",3.74,"SINAPI-I"]
[39254,"ELETRODUTO/CONDULETE DE PVC RIGIDO, LISO, COR CINZA, DE 1/2\", PARA INSTALACOES APARENTES (NBR 5410)","M",5.6,"SINAPI-I"]
[39255,"ELETRODUTO/CONDULETE DE PVC RIGIDO, LISO, COR CINZA, DE 1\", PARA INSTALACOES APARENTES (NBR 5410)","M",10.36,"SINAPI-I"]
[39253,"ELETRODUTO/CONDULETE DE PVC RIGIDO, LISO, COR CINZA, DE 3/4\", PARA INSTALACOES APARENTES (NBR 5410)","M",7.13,"SINAPI-I"]
[2446,"ELETRODUTO/DUTO PEAD FLEXIVEL PAREDE SIMPLES, CORRUGACAO HELICOIDAL, COR PRETA, SEM ROSCA, DE 2\",  PARA CABEAMENTO SUBTERRANEO (NBR 15715)","M",4.55,"SINAPI-I"]
[2442,"ELETRODUTO/DUTO PEAD FLEXIVEL PAREDE SIMPLES, CORRUGACAO HELICOIDAL, COR PRETA, SEM ROSCA, DE 3\",  PARA CABEAMENTO SUBTERRANEO (NBR 15715)","M",6.37,"SINAPI-I"]
[39246,"ELETRODUTODUTO PEAD FLEXIVEL PAREDE SIMPLES, CORRUGACAO HELICOIDAL, COR PRETA, SEM ROSCA, DE 1 1/2\",  PARA CABEAMENTO SUBTERRANEO (NBR 15715)","M",3.17,"SINAPI-I"]
[39247,"ELETRODUTODUTO PEAD FLEXIVEL PAREDE SIMPLES, CORRUGACAO HELICOIDAL, COR PRETA, SEM ROSCA, DE 1 1/4\",  PARA CABEAMENTO SUBTERRANEO (NBR 15715)","M",2.76,"SINAPI-I"]
[39248,"ELETRODUTODUTO PEAD FLEXIVEL PAREDE SIMPLES, CORRUGACAO HELICOIDAL, COR PRETA, SEM ROSCA, DE 4\",  PARA CABEAMENTO SUBTERRANEO (NBR 15715)","M",8.8800000000000008,"SINAPI-I"]
[2438,"ELETROTECNICO","H",27.16,"SINAPI-I"]
[40922,"ELETROTECNICO (MENSALISTA)","MES",4799.83,"SINAPI-I"]
[36486,"ELEVADOR DE CARGA A CABO, CABINE SEMI FECHADA 2,0 X 1,5 X 2,0 M, CAPACIDADE DE CARGA 1000 KG, TORRE  2,38 X 2,21 X 15 M, GUINCHO DE EMBREAGEM, FREIO DE SEGURANCA, LIMITADOR DE VELOCIDADE E CANCELA","UN",34786.1,"SINAPI-I"]
[37777,"ELEVADOR DE CREMALHEIRA CABINE FECHADA 1,5 X 2,5 X 2,35 M (UMA POR TORRE), CAPACIDADE DE CARGA 1200 KG (15 PESSOAS), TORRE  24 M (16 MODULOS), FREIO DE SEGURANCA, LIMITADOR DE CARGA","UN",163772.29999999999,"SINAPI-I"]
[12624,"EMENDA PARA CALHA PLUVIAL, PVC, DIAMETRO ENTRE 119 E 170 MM, PARA DRENAGEM PREDIAL","UN",10.26,"SINAPI-I"]
[10638,"EMPILHADEIRA SOBRE PNEUS COM TORRE DE TRES ESTAGIOS, 4,70M DE ELEVACAO, C/ DESLOCADOR LATERAL DOS GARFOS, MOTOR GLP 4.3L, CAPACIDADE NOMINAL DE CARGA DE 6T","UN",324782.06,"SINAPI-I"]
[10635,"EMPILHADEIRA SOBRE PNEUS COM TORRE DE TRES ESTAGIOS, 4,80M DE ELEVACAO, C/ DESLOCADOR LATERAL DOS GARFOS, MOTOR GLP 2.2L, CAPACIDADE NOMINAL DE CARGA DE 3T","UN",112261.2,"SINAPI-I"]
[10634,"EMPILHADEIRA SOBRE PNEUS COM TORRE DE TRES ESTAGIOS, 4,80M DE ELEVACAO, C/ DESLOCADOR LATERAL DOS GARFOS, MOTOR GLP 2.4L, CAPACIDADE NOMINAL DE CARGA DE 2,5T","UN",96130,"SINAPI-I"]
[10636,"EMPILHADEIRA SOBRE PNEUS COM TORRE DE TRES ESTAGIOS, 4,80M DE ELEVACAO, C/ DESLOCADOR LATERAL DOS GARFOS, MOTOR GLP 4.3L, CAPACIDADE NOMINAL DE CARGA DE 4T","UN",211701.8,"SINAPI-I"]
[10637,"EMPILHADEIRA SOBRE PNEUS COM TORRE DE TRES ESTAGIOS, 4,80M DE ELEVACAO, C/ DESLOCADOR LATERAL DOS GARFOS, MOTOR GLP 4.3L, CAPACIDADE NOMINAL DE CARGA DE 5T","UN",221442.31,"SINAPI-I"]
[517,"EMULSAO ASFALTICA ANIONICA","L",6.59,"SINAPI-I"]
[41904,"EMULSAO ASFALTICA CATIONICA RL-1C PARA USO EM PAVIMENTACAO ASFALTICA (COLETADO CAIXA NA ANP ACRESCIDO DE ICMS)","T",2387.38,"SINAPI-I"]
[41905,"EMULSAO ASFALTICA CATIONICA RR-1C PARA USO EM PAVIMENTACAO ASFALTICA (COLETADO CAIXA NA ANP ACRESCIDO DE ICMS)","KG",2.29,"SINAPI-I"]
[41903,"EMULSAO ASFALTICA CATIONICA RR-2C PARA USO EM PAVIMENTACAO ASFALTICA (COLETADO CAIXA NA ANP ACRESCIDO DE ICMS)","KG",2.69,"SINAPI-I"]
[37534,"EMULSAO EXPLOSIVA EM CARTUCHOS DE 1\" X 12\", DENSIDADE 1.15 G/CM3, INICIACAO ESPOLETA N. 8 / CORDEL","KG",16.170000000000002,"SINAPI-I"]
[37535,"EMULSAO EXPLOSIVA EM CARTUCHOS DE 1\" X 24\", DENSIDADE 1.15 G/CM3, INICIACAO ESPOLETA N. 8 / CORDEL","KG",16.170000000000002,"SINAPI-I"]
[37533,"EMULSAO EXPLOSIVA EM CARTUCHOS DE 1\" X 8\", DENSIDADE 1.15 G/CM3, INICIACAO ESPOLETA N. 8 / CORDEL","KG",16.170000000000002,"SINAPI-I"]
[37537,"EMULSAO EXPLOSIVA EM CARTUCHOS DE 2 1/2\" X 24\", DENSIDADE 1.15 G/CM3, INICIACAO ESPOLETA N. 8 / CORDEL","KG",12.24,"SINAPI-I"]
[37536,"EMULSAO EXPLOSIVA EM CARTUCHOS DE 2 1/4\" X 24\", DENSIDADE 1.15 G/CM3, INICIACAO ESPOLETA N. 8 / CORDEL","KG",12.24,"SINAPI-I"]
[37532,"EMULSAO EXPLOSIVA EM CARTUCHOS DE 2\" X 24\", DENSIDADE 1.15 G/CM3, INICIACAO ESPOLETA N. 8 / CORDEL","KG",12.24,"SINAPI-I"]
[2696,"ENCANADOR OU BOMBEIRO HIDRAULICO","H",20.05,"SINAPI-I"]
[40928,"ENCANADOR OU BOMBEIRO HIDRAULICO (MENSALISTA)","MES",3543.13,"SINAPI-I"]
[4083,"ENCARREGADO GERAL DE OBRAS","H",35.03,"SINAPI-I"]
[40818,"ENCARREGADO GERAL DE OBRAS (MENSALISTA)","MES",6190.08,"SINAPI-I"]
[2705,"ENERGIA ELETRICA ATE 2000 KWH INDUSTRIAL, SEM DEMANDA","KW/H",0.72,"SINAPI-I"]
[14250,"ENERGIA ELETRICA COMERCIAL, BAIXA TENSAO, RELATIVA AO CONSUMO DE ATE 100 KWH, INCLUINDO ICMS, PIS/PASEP E COFINS","KW/H",0.74,"SINAPI-I"]
[11683,"ENGATE / RABICHO FLEXIVEL INOX 1/2 \" X 30 CM","UN",36.64,"SINAPI-I"]
[11684,"ENGATE / RABICHO FLEXIVEL INOX 1/2 \" X 40 CM","UN",40.11,"SINAPI-I"]
[6141,"ENGATE/RABICHO FLEXIVEL PLASTICO (PVC OU ABS) BRANCO 1/2 \" X 30 CM","UN",2.7,"SINAPI-I"]
[11681,"ENGATE/RABICHO FLEXIVEL PLASTICO (PVC OU ABS) BRANCO 1/2 \" X 40 CM","UN",4.2,"SINAPI-I"]
[2706,"ENGENHEIRO CIVIL DE OBRA JUNIOR","H",85.26,"SINAPI-I"]
[40811,"ENGENHEIRO CIVIL DE OBRA JUNIOR (MENSALISTA)","MES",15064.93,"SINAPI-I"]
[2707,"ENGENHEIRO CIVIL DE OBRA PLENO","H",97.04,"SINAPI-I"]
[40813,"ENGENHEIRO CIVIL DE OBRA PLENO (MENSALISTA)","MES",17147,"SINAPI-I"]
[2708,"ENGENHEIRO CIVIL DE OBRA SENIOR","H",132.65,"SINAPI-I"]
[40814,"ENGENHEIRO CIVIL DE OBRA SENIOR (MENSALISTA)","MES",23439.48,"SINAPI-I"]
[34779,"ENGENHEIRO CIVIL JUNIOR","H",86.51,"SINAPI-I"]
[40936,"ENGENHEIRO CIVIL JUNIOR (MENSALISTA)","MES",15284.7,"SINAPI-I"]
[34780,"ENGENHEIRO CIVIL PLENO","H",97.59,"SINAPI-I"]
[40937,"ENGENHEIRO CIVIL PLENO (MENSALISTA)","MES",17244.169999999998,"SINAPI-I"]
[34782,"ENGENHEIRO CIVIL SENIOR","H",133.74,"SINAPI-I"]
[40938,"ENGENHEIRO CIVIL SENIOR (MENSALISTA)","MES",23631.48,"SINAPI-I"]
[34783,"ENGENHEIRO ELETRICISTA","H",91.79,"SINAPI-I"]
[40939,"ENGENHEIRO ELETRICISTA (MENSALISTA)","MES",16218.99,"SINAPI-I"]
[34785,"ENGENHEIRO SANITARISTA","H",86.7,"SINAPI-I"]
[40940,"ENGENHEIRO SANITARISTA (MENSALISTA)","MES",15318.59,"SINAPI-I"]
[38403,"ENXADA ESTREITA *25 X 23* CM COM CABO","UN",29.19,"SINAPI-I"]
[43494,"EPI - FAMILIA ALMOXARIFE - HORISTA (ENCARGOS COMPLEMENTARES - COLETADO CAIXA)","MES",112.27,"SINAPI-I"]
[43482,"EPI - FAMILIA ALMOXARIFE - HORISTA (ENCARGOS COMPLEMENTARES - COLETADO CAIXA)","H",0.6,"SINAPI-I"]
[43483,"EPI - FAMILIA CARPINTEIRO DE FORMAS - HORISTA (ENCARGOS COMPLEMENTARES - COLETADO CAIXA)","H",1.07,"SINAPI-I"]
[43495,"EPI - FAMILIA CARPINTEIRO DE FORMAS - MENSALISTA (ENCARGOS COMPLEMENTARES - COLETADO CAIXA)","MES",201.17,"SINAPI-I"]
[43484,"EPI - FAMILIA ELETRICISTA - HORISTA (ENCARGOS COMPLEMENTARES - COLETADO CAIXA)","H",0.94,"SINAPI-I"]
[43496,"EPI - FAMILIA ELETRICISTA - MENSALISTA (ENCARGOS COMPLEMENTARES - COLETADO CAIXA)","MES",176.6,"SINAPI-I"]
[43485,"EPI - FAMILIA ENCANADOR - HORISTA (ENCARGOS COMPLEMENTARES - COLETADO CAIXA)","H",0.84,"SINAPI-I"]
[43497,"EPI - FAMILIA ENCANADOR - MENSALISTA (ENCARGOS COMPLEMENTARES - COLETADO CAIXA)","MES",158.03,"SINAPI-I"]
[43499,"EPI - FAMILIA ENCARREGADO GERAL - HORISTA (ENCARGOS COMPLEMENTARES - COLETADO CAIXA)","MES",177.3,"SINAPI-I"]
[43487,"EPI - FAMILIA ENCARREGADO GERAL - HORISTA (ENCARGOS COMPLEMENTARES - COLETADO CAIXA)","H",0.94,"SINAPI-I"]
[43486,"EPI - FAMILIA ENGENHEIRO CIVIL - HORISTA (ENCARGOS COMPLEMENTARES - COLETADO CAIXA)","H",0.56000000000000005,"SINAPI-I"]
[43498,"EPI - FAMILIA ENGENHEIRO CIVIL - MENSALISTA (ENCARGOS COMPLEMENTARES - COLETADO CAIXA)","MES",106.47,"SINAPI-I"]
[43488,"EPI - FAMILIA OPERADOR ESCAVADEIRA - HORISTA (ENCARGOS COMPLEMENTARES - COLETADO CAIXA)","H",0.65,"SINAPI-I"]
[43500,"EPI - FAMILIA OPERADOR ESCAVADEIRA - MENSALISTA (ENCARGOS COMPLEMENTARES - COLETADO CAIXA)","MES",123.35,"SINAPI-I"]
[43489,"EPI - FAMILIA PEDREIRO - HORISTA (ENCARGOS COMPLEMENTARES - COLETADO CAIXA)","H",0.97,"SINAPI-I"]
[43501,"EPI - FAMILIA PEDREIRO - MENSALISTA (ENCARGOS COMPLEMENTARES - COLETADO CAIXA)","MES",183.18,"SINAPI-I"]
[43490,"EPI - FAMILIA PINTOR - HORISTA (ENCARGOS COMPLEMENTARES - COLETADO CAIXA)","H",1.48,"SINAPI-I"]
[43502,"EPI - FAMILIA PINTOR - MENSALISTA (ENCARGOS COMPLEMENTARES - COLETADO CAIXA)","MES",279.94,"SINAPI-I"]
[43491,"EPI - FAMILIA SERVENTE - HORISTA (ENCARGOS COMPLEMENTARES - COLETADO CAIXA)","H",1.02,"SINAPI-I"]
[43503,"EPI - FAMILIA SERVENTE - MENSALISTA (ENCARGOS COMPLEMENTARES - COLETADO CAIXA)","MES",192.92,"SINAPI-I"]
[43492,"EPI - FAMILIA SOLDADOR - HORISTA (ENCARGOS COMPLEMENTARES - COLETADO CAIXA)","H",1.4,"SINAPI-I"]
[43504,"EPI - FAMILIA SOLDADOR - MENSALISTA (ENCARGOS COMPLEMENTARES - COLETADO CAIXA)","MES",264.54000000000002,"SINAPI-I"]
[43493,"EPI - FAMILIA TOPOGRAFO - HORISTA (ENCARGOS COMPLEMENTARES - COLETADO CAIXA)","H",0.54,"SINAPI-I"]
[43505,"EPI - FAMILIA TOPOGRAFO - MENSALISTA (ENCARGOS COMPLEMENTARES - COLETADO CAIXA)","MES",101.06,"SINAPI-I"]
[37774,"EQUIPAMENTO DE LIMPEZA COMBINADO (VACUO/ALTA PRESSAO) 95% VACUO, TANQUE 7000 L, BOMBA 140 KGF/CM2 66 L/MIN COM MOTOR INDEPENDENTE A DIESEL DE 60 CV (INCLUI MONTAGEM, NAO INCLUI CAMINHAO)","UN",188694.18,"SINAPI-I"]
[38630,"EQUIPAMENTO PARA DEMARCACAO DE FAIXAS DE TRAFEGO A FRIO, A SER MONTADO SOBRE CAMINHAO DE PBT MINIMO DE 9 T E DISTANCIA MINIMA ENTRE EIXOS DE 4,3 M, CAPACIDADE PARA 800 L DE TINTA (INCLUI MONTAGEM, NAO INCLUI CAMINHAO)","UN",972265.62,"SINAPI-I"]
[38629,"EQUIPAMENTO PARA DEMARCACAO DE FAIXAS DE TRAFEGO A QUENTE, A SER MONTADO SOBRE CAMINHAO DE PBT MINIMO DE 17 T E DISTANCIA MINIMA ENTRE EIXOS DE 5,2 M, CAPACIDADE PARA 1.000 KG DE MATERIAL TERMOPLASTICO (INCLUI MONTAGEM, NAO INCLUI CAMINHAO E NEM COMPRESSOR DE AR)","UN",1447265.62,"SINAPI-I"]
[38476,"ESCADA DUPLA DE ABRIR EM ALUMINIO, MODELO PINTOR, 8 DEGRAUS","UN",219.43,"SINAPI-I"]
[38477,"ESCADA EXTENSIVEL EM ALUMINIO COM 6,00 M ESTENDIDA","UN",621.44000000000005,"SINAPI-I"]
[40635,"ESCAVADEIRA HIDRAULICA SOBRE ESTEIRA, COM GARRA GIRATORIA DE MANDIBULAS, PESO OPERACIONAL ENTRE 22,00 E 25,50 TON, POTENCIA LIQUIDA ENTRE 150 E 160 HP","UN",532095.18999999994,"SINAPI-I"]
[36483,"ESCAVADEIRA HIDRAULICA SOBRE ESTEIRAS CACAMBA 0,40 A 1,20 M3, PESO OPERACIONAL 21,19 T, POTENCIA LIQUIDA 173 HP","UN",482163.47,"SINAPI-I"]
[14525,"ESCAVADEIRA HIDRAULICA SOBRE ESTEIRAS COM CACAMBA DE 1,20 M3, PESO OPERACIONAL 21 T, POTENCIA BRUTA 155 HP","UN",504853.52,"SINAPI-I"]
[36482,"ESCAVADEIRA HIDRAULICA SOBRE ESTEIRAS, CACAMBA  0,80 M3, PESO OPERACIONAL 17,8 T, POTENCIA LIQUIDA 110 HP","UN",432982.21,"SINAPI-I"]
[36408,"ESCAVADEIRA HIDRAULICA SOBRE ESTEIRAS, CACAMBA 0,4 A 1,70 M3, PESO OPERACIONAL 23,2 T, POTENCIA BRUTA 183 HP","UN",517333.04,"SINAPI-I"]
[2723,"ESCAVADEIRA HIDRAULICA SOBRE ESTEIRAS, CACAMBA 0,62M3, PESO OPERACIONAL 12,61T, POTENCIA LIQUIDA 95HP","UN",397075.8,"SINAPI-I"]
[36481,"ESCAVADEIRA HIDRAULICA SOBRE ESTEIRAS, CACAMBA 0,80 A 1,30 M3, PESO OPERACIONAL 22,18 T, POTENCIA LIQUIDA 170 HP","UN",473654.71,"SINAPI-I"]
[10685,"ESCAVADEIRA HIDRAULICA SOBRE ESTEIRAS, CACAMBA 0,80M3, PESO OPERACIONAL 17T, POTENCIA BRUTA 111HP","UN",453800.92,"SINAPI-I"]
[40636,"ESCAVADEIRA HIDRAULICA SOBRE ESTEIRAS, CAPACIDADE DA CACAMBA ENTRE 1,20 E 1,50 M3, PESO OPERACIONAL ENTRE 20,00 E 22,00 TON, POTENCIA LIQUIDA ENTRE 150 E 155 HP, EQUIPADA COM CLAMSHELL","UN",512241.4,"SINAPI-I"]
[4111,"ESCORA PRE-MOLDADA EM CONCRETO, *10 X 10* CM, H = 2,30M","UN",31.92,"SINAPI-I"]
[26021,"ESCOVA CIRCULAR EM ACO LATONADO, 6 X 1 \" (DIAMETRO X ESPESSURA), FURO DE 1 1/4 \", FIO ONDULADO *0,30* MM","UN",54.86,"SINAPI-I"]
[12,"ESCOVA DE ACO, COM CABO, *4  X 15* FILEIRAS DE CERDAS","UN",7.2,"SINAPI-I"]
[37554,"ESGUICHO JATO REGULAVEL, TIPO ELKHART, ENGATE RAPIDO 1 1/2\", PARA COMBATE A INCENDIO","UN",83.93,"SINAPI-I"]
[37555,"ESGUICHO JATO REGULAVEL, TIPO ELKHART, ENGATE RAPIDO 2 1/2\", PARA COMBATE A INCENDIO","UN",102.09,"SINAPI-I"]
[10902,"ESGUICHO TIPO JATO SOLIDO, EM LATAO, ENGATE RAPIDO 1 1/2\" X 13 MM, PARA MANGUEIRA EM INSTALACAO PREDIAL COMBATE A INCENDIO","UN",25.62,"SINAPI-I"]
[20965,"ESGUICHO TIPO JATO SOLIDO, EM LATAO, ENGATE RAPIDO 1 1/2\" X 16 MM, PARA MANGUEIRA EM INSTALACAO PREDIAL COMBATE A INCENDIO","UN",25.85,"SINAPI-I"]
[20966,"ESGUICHO TIPO JATO SOLIDO, EM LATAO, ENGATE RAPIDO 1 1/2\" X 19 MM, PARA MANGUEIRA EM INSTALACAO PREDIAL COMBATE A INCENDIO","UN",27.84,"SINAPI-I"]
[10903,"ESGUICHO TIPO JATO SOLIDO, EM LATAO, ENGATE RAPIDO 2 1/2\" X 13 MM, PARA MANGUEIRA EM INSTALACAO PREDIAL COMBATE A INCENDIO","UN",42.2,"SINAPI-I"]
[20967,"ESGUICHO TIPO JATO SOLIDO, EM LATAO, ENGATE RAPIDO 2 1/2\" X 16 MM, PARA MANGUEIRA EM INSTALACAO PREDIAL COMBATE A INCENDIO","UN",42.2,"SINAPI-I"]
[20968,"ESGUICHO TIPO JATO SOLIDO, EM LATAO, ENGATE RAPIDO 2 1/2\" X 19 MM, PARA MANGUEIRA EM INSTALACAO PREDIAL COMBATE A INCENDIO","UN",46.28,"SINAPI-I"]
[11359,"ESMERILHADEIRA ANGULAR ELETRICA, DIAMETRO DO DISCO 7 '' (180 MM), ROTACAO 8500 RPM, POTENCIA 2400 W","UN",580.89,"SINAPI-I"]
[39017,"ESPACADOR / DISTANCIADOR CIRCULAR COM ENTRADA LATERAL, EM PLASTICO, PARA VERGALHAO *4,2 A 12,5* MM, COBRIMENTO 20 MM","UN",0.13,"SINAPI-I"]
[39315,"ESPACADOR / DISTANCIADOR TIPO GARRA DUPLA, EM PLASTICO, COBRIMENTO *20* MM, PARA FERRAGENS DE LAJES E FUNDO DE VIGAS","UN",0.22,"SINAPI-I"]
[39016,"ESPACADOR / DISTANCIADOR TIPO PINO EM PLASTICO, PARA VERGALHAO ATE 10 MM, PARA APOIO DE ARMADURA","UN",0.22,"SINAPI-I"]
[40432,"ESPACADOR / SEPARADOR DE BARRA , METALICO, TIPO CARAMBOLA, PARA TIRANTES, 25 X 84 MM","UN",1.74,"SINAPI-I"]
[39481,"ESPACADOR OU DISTANCIADOR, EM PLASTICO, TIPO APOIO DE CORDOALHA (CARANGUEJO), PARA ARMADURA NEGATIVA E PROTENSAO, COBRIMENTO 50 MM","UN",1.0900000000000001,"SINAPI-I"]
[40433,"ESPACADOR/SEPARADOR DE CORDOALHA TIPO DISCO 12 FUROS DE 14 MM, PARA TIRANTES","UN",0.96,"SINAPI-I"]
[20219,"ESPARGIDOR DE ASFALTO PRESSURIZADO, REBOCAVEL, TANQUE DE 2500 L, PNEUMATICO,  COM MOTOR A GASOLINA 3,4HP","UN",74000,"SINAPI-I"]
[36484,"ESPARGIDOR DE ASFALTO PRESSURIZADO, TANQUE 6 M3 COM ISOLACAO TERMICA, AQUECIDO COM 2 MACARICOS, COM BARRA ESPARGIDORA 3,60 M, A SER MONTADO SOBRE CAMINHAO","UN",157088.51999999999,"SINAPI-I"]
[38367,"ESPATULA DE ACO INOX COM CABO DE MADEIRA, LARGURA 8 CM","UN",11.79,"SINAPI-I"]
[38368,"ESPATULA DE PLASTICO LISA, LARGURA 10 CM","UN",6.18,"SINAPI-I"]
[38091,"ESPELHO / PLACA CEGA 4\" X 2\", PARA INSTALACAO DE TOMADAS E INTERRUPTORES","UN",2.11,"SINAPI-I"]
[38095,"ESPELHO / PLACA CEGA 4\" X 4\", PARA INSTALACAO DE TOMADAS E INTERRUPTORES","UN",4.46,"SINAPI-I"]
[38092,"ESPELHO / PLACA DE 1 POSTO 4\" X 2\", PARA INSTALACAO DE TOMADAS E INTERRUPTORES","UN",2,"SINAPI-I"]
[38093,"ESPELHO / PLACA DE 2 POSTOS 4\" X 2\", PARA INSTALACAO DE TOMADAS E INTERRUPTORES","UN",2.0699999999999998,"SINAPI-I"]
[38096,"ESPELHO / PLACA DE 2 POSTOS 4\" X 4\", PARA INSTALACAO DE TOMADAS E INTERRUPTORES","UN",4.8,"SINAPI-I"]
[38094,"ESPELHO / PLACA DE 3 POSTOS 4\" X 2\", PARA INSTALACAO DE TOMADAS E INTERRUPTORES","UN",2.5299999999999998,"SINAPI-I"]
[38097,"ESPELHO / PLACA DE 4 POSTOS 4\" X 4\", PARA INSTALACAO DE TOMADAS E INTERRUPTORES","UN",5.15,"SINAPI-I"]
[38098,"ESPELHO / PLACA DE 6 POSTOS 4\" X 4\", PARA INSTALACAO DE TOMADAS E INTERRUPTORES","UN",5.15,"SINAPI-I"]
[11186,"ESPELHO CRISTAL E = 4 MM","M2",286.66000000000003,"SINAPI-I"]
[11558,"ESPELHO, RETO OU CURVO, EM LATAO CROMADO, ESPESSURA ATE 6 MM, LARGURA *40*MM, ALTURA *180*MM - PARA FECHADURA DE EMBUTIR","PAR",10.79,"SINAPI-I"]
[11557,"ESPELHO, RETO OU CURVO, EM LATAO CROMADO, ESPESSURA MINIMA 6 MM, LARGURA *43*MM, ALTURA *230*MM - PARA FECHADURA DE EMBUTIR","PAR",27.31,"SINAPI-I"]
[2759,"ESPOLETA SIMPLES N 8.","UN",4.8,"SINAPI-I"]
[38124,"ESPUMA EXPANSIVA DE POLIURETANO, APLICACAO MANUAL - 500 ML","UN",28,"SINAPI-I"]
[38380,"ESQUADRO DE ACO 12 \" (300 MM), CABO DE ALUMINIO","UN",18.73,"SINAPI-I"]
[20059,"ESQUADRO INTERNO OU EXTERNO PARA CALHA PLUVIAL, PVC, DIAMETRO ENTRE 119 E 170 MM, PARA DRENAGEM PREDIAL","UN",14.56,"SINAPI-I"]
[42429,"ESQUI TRIPLO, EM TUBO DE ACO CARBONO, PINTURA NO PROCESSO ELETROSTATICO - EQUIPAMENTO DE GINASTICA PARA ACADEMIA AO AR LIVRE / ACADEMIA DA TERCEIRA IDADE - ATI","UN",3422.44,"SINAPI-I"]
[38538,"ESTACA PRE-MOLDADA MACICA DE CONCRETO VIBRADO ARMADO, PARA CARGA DE 25 T, SECAO QUADRADA DE *16 X 16*, COM ANEL METALICO INCORPORADO A PECA (SOMENTE FORNECIMENTO)","M",40,"SINAPI-I"]
[38539,"ESTACA PRE-MOLDADA MACICA DE CONCRETO VIBRADO ARMADO, PARA CARGA DE 50 T, SECAO QUADRADA, COM ANEL METALICO INCORPORADO A PECA (SOMENTE FORNECIMENTO)","M",54.39,"SINAPI-I"]
[38540,"ESTACA PRE-MOLDADA VAZADA DE CONCRETO CENTRIFUGADO, PARA CARGA DE 100 T, SECAO CIRCULAR, COM ANEL METALICO INCORPORADO A PECA (SOMENTE FORNECIMENTO)","M",139.4,"SINAPI-I"]
[38384,"ESTILETE DE METAL, LAMINA 18 MM","UN",16.02,"SINAPI-I"]
[13,"ESTOPA","KG",11.08,"SINAPI-I"]
[2762,"ESTOPIM SIMPLES","M",6,"SINAPI-I"]
[21142,"ESTRIBO COM PARAFUSO EM CHAPA DE FERRO FUNDIDO DE 2\" X 3/16\" X 35 CM, SECAO \"U\", PARA MADEIRAMENTO DE TELHADO","UN",20.5,"SINAPI-I"]
[12865,"ESTUCADOR","H",20.37,"SINAPI-I"]
[41074,"ESTUCADOR (MENSALISTA)","MES",3602.45,"SINAPI-I"]
[4223,"ETANOL","L",3.61,"SINAPI-I"]
[37372,"EXAMES - HORISTA (COLETADO CAIXA)","H",0.34,"SINAPI-I"]
[40863,"EXAMES - MENSALISTA (COLETADO CAIXA)","MES",63.58,"SINAPI-I"]
[38475,"EXTENSAO DE SOLDA 201 ACETILENO, E = *1,5 A 2,5* MM","UN",20.05,"SINAPI-I"]
[38474,"EXTENSAO DE SOLDA 201 GLP, E = *2,5 A 4,0* MM","UN",24.79,"SINAPI-I"]
[10886,"EXTINTOR DE INCENDIO PORTATIL COM CARGA DE AGUA PRESSURIZADA DE 10 L, CLASSE A","UN",101.15,"SINAPI-I"]
[10888,"EXTINTOR DE INCENDIO PORTATIL COM CARGA DE GAS CARBONICO CO2 DE 4 KG, CLASSE BC","UN",320.12,"SINAPI-I"]
[10889,"EXTINTOR DE INCENDIO PORTATIL COM CARGA DE GAS CARBONICO CO2 DE 6 KG, CLASSE BC","UN",346.8,"SINAPI-I"]
[10890,"EXTINTOR DE INCENDIO PORTATIL COM CARGA DE PO QUIMICO SECO (PQS) DE 12 KG, CLASSE BC","UN",160.06,"SINAPI-I"]
[10891,"EXTINTOR DE INCENDIO PORTATIL COM CARGA DE PO QUIMICO SECO (PQS) DE 4 KG, CLASSE BC","UN",97.81,"SINAPI-I"]
[10892,"EXTINTOR DE INCENDIO PORTATIL COM CARGA DE PO QUIMICO SECO (PQS) DE 6 KG, CLASSE BC","UN",115.6,"SINAPI-I"]
[20977,"EXTINTOR DE INCENDIO PORTATIL COM CARGA DE PO QUIMICO SECO (PQS) DE 8 KG, CLASSE BC","UN",137.83000000000001,"SINAPI-I"]
[3073,"EXTREMIDADE PVC PBA, BF, JE, DN 100/ DE 110 MM (NBR 10351)","UN",121.76,"SINAPI-I"]
[3068,"EXTREMIDADE PVC PBA, BF, JE, DN 50 / DE 60 MM (NBR 10351)","UN",24.34,"SINAPI-I"]
[3074,"EXTREMIDADE PVC PBA, BF, JE, DN 75/ DE 85 MM (NBR 10351)","UN",76.87,"SINAPI-I"]
[3076,"EXTREMIDADE PVC PBA, PF, JE, DN 100 / DE 110 MM (NBR 10351)","UN",100.1,"SINAPI-I"]
[3072,"EXTREMIDADE PVC PBA, PF, JE, DN 50/ DE 60 MM (NBR 10351)","UN",25.21,"SINAPI-I"]
[3075,"EXTREMIDADE PVC PBA, PF, JE, DN 75 / DE 85 MM (NBR 10351)","UN",63.25,"SINAPI-I"]
[10780,"EXTREMIDADE/TUBETE PARA HIDROMETRO PVC, COM ROSCA, CURTA, COM BUCHA LATAO, 1/2\"","UN",5.34,"SINAPI-I"]
[10781,"EXTREMIDADE/TUBETE PARA HIDROMETRO PVC, COM ROSCA, CURTA, COM BUCHA LATAO, 3/4\"","UN",8.57,"SINAPI-I"]
[20106,"EXTREMIDADE/TUBETE PARA HIDROMETRO PVC, COM ROSCA, CURTA, SEM BUCHA LATAO, 1/2\"","UN",2.82,"SINAPI-I"]
[20107,"EXTREMIDADE/TUBETE PARA HIDROMETRO PVC, COM ROSCA, CURTA, SEM BUCHA LATAO, 3/4\"","UN",3.23,"SINAPI-I"]
[20108,"EXTREMIDADE/TUBETE PARA HIDROMETRO PVC, COM ROSCA, LONGA, SEM BUCHA LATAO, 1/2\"","UN",4.2699999999999996,"SINAPI-I"]
[20109,"EXTREMIDADE/TUBETE PARA HIDROMETRO PVC, COM ROSCA, LONGA, SEM BUCHA LATAO, 3/4\"","UN",5.34,"SINAPI-I"]
[34795,"FAIXA / FILETE / LISTELO EM CERAMICA, DECORADA, *8 X 30* CM (L X C)","M2",216.18,"SINAPI-I"]
[34796,"FAIXA / FILETE / LISTELO EM CERAMICA, LISO OU CORDAO, BRANCO, *2 X 30* CM (L X C)","M",9.49,"SINAPI-I"]
[11474,"FECHADURA AUXILIAR DE EMBUTIR PARA PORTA DE ARMARIO DE MADEIRA, CROMADA, CHAVE TIPO GORGES, CAIXA COM LINGUETA, CHAPA TESTA E CONTRA CHAPA","UN",31.08,"SINAPI-I"]
[11470,"FECHADURA AUXILIAR DE EMBUTIR PARA PORTA DE ARMARIO, CROMADA, CAIXA COM CILINDRO REDONDO, CHAPA TESTA E LINGUETA","UN",20.36,"SINAPI-I"]
[11480,"FECHADURA AUXILIAR SEGURANCA, DE EMBUTIR, REFORCADA, MAQUINA DE 40 A 55 MM, COM CILINDRO, CROMADA, PARA PORTA EXTERNA - COMPLETA","CJ",50.84,"SINAPI-I"]
[38154,"FECHADURA AUXILIAR TRAVA DE SEGURANCA SIMPLES, CROMADA, MAQUINA *40* MM, INCLUI CHAVE TETRA E ROSETA REDONDA - COMPLETA","CJ",31.83,"SINAPI-I"]
[11482,"FECHADURA BICO DE PAPAGAIO, MAQUINA *45* MM, CROMADA, COM CHAVE TIPO GORGES BIPARTIDA, PARA PORTA DE CORRER INTERNA - COMPLETA","CJ",46.17,"SINAPI-I"]
[3084,"FECHADURA BICO DE PAPAGAIO, MAQUINA *45* MM, CROMADA, COM CILINDRO, PARA PORTA DE CORRER EXTERNA - COMPLETA","CJ",59.37,"SINAPI-I"]
[3103,"FECHADURA C/ CILINDRO LATAO CROMADO P/ PORTA VIDRO TP AROUCA 2171-L OU EQUIV","UN",53.06,"SINAPI-I"]
[11481,"FECHADURA DE EMBUTIR PARA PORTA DE BANHEIRO, CHAVE TIPO TRANQUETA, MAQUINA 40 MM, SEM MACANETA, SEM ESPELHO (SOMENTE MAQUINA) - NIVEL SEGURANCA MEDIO","UN",16.010000000000002,"SINAPI-I"]
[3097,"FECHADURA DE EMBUTIR PARA PORTA DE BANHEIRO, TIPO TRANQUETA, MAQUINA 40 MM, MACANETAS ALAVANCA E ROSETAS REDONDAS EM METAL CROMADO - NIVEL SEGURANCA MEDIO - COMPLETA","CJ",32.880000000000003,"SINAPI-I"]
[38153,"FECHADURA DE EMBUTIR PARA PORTA DE BANHEIRO, TIPO TRANQUETA, MAQUINA 40 MM, MACANETAS ALAVANCA, ESPELHO EM METAL CROMADO - NIVEL SEGURANCA MEDIO - COMPLETA","CJ",30.16,"SINAPI-I"]
[3099,"FECHADURA DE EMBUTIR PARA PORTA DE BANHEIRO, TIPO TRANQUETA, MAQUINA 55 MM, MACANETAS ALAVANCA E ROSETAS REDONDAS EM METAL CROMADO - NIVEL SEGURANCA MEDIO - COMPLETA","CJ",52.6,"SINAPI-I"]
[3080,"FECHADURA DE EMBUTIR PARA PORTA EXTERNA / ENTRADA, MAQUINA 40 MM, COM CILINDRO, MACANETA ALAVANCA E ESPELHO EM METAL CROMADO - NIVEL SEGURANCA MEDIO - COMPLETA","CJ",43.95,"SINAPI-I"]
[3081,"FECHADURA DE EMBUTIR PARA PORTA EXTERNA / ENTRADA, MAQUINA 55 MM, COM CILINDRO, MACANETA ALAVANCA E ESPELHO EM METAL CROMADO - NIVEL SEGURANCA MEDIO - COMPLETA","CJ",66.510000000000005,"SINAPI-I"]
[38151,"FECHADURA DE EMBUTIR PARA PORTA EXTERNA, MAQUINA 40 MM, COM CILINDRO, MACANETA ALAVANCA E ROSETA REDONDA EM METAL CROMADO - NIVEL DE SEGURANCA MEDIO - COMPLETA","CJ",41.64,"SINAPI-I"]
[11479,"FECHADURA DE EMBUTIR PARA PORTA EXTERNA, MAQUINA 40 MM, SEM MACANETA, SEM ESPELHO (SOMENTE MAQUINA) - NIVEL DE SEGURANCA MEDIO","UN",24.21,"SINAPI-I"]
[38152,"FECHADURA DE EMBUTIR PARA PORTA EXTERNA, MAQUINA 55 MM, COM CILINDRO, MACANETA ALAVANCA E ROSETA REDONDA EM METAL CROMADO - NIVEL DE SEGURANCA MEDIO - COMPLETA","CJ",60.27,"SINAPI-I"]
[11478,"FECHADURA DE EMBUTIR PARA PORTA EXTERNA, MAQUINA 55 MM, SEM ESPELHO, SEM MACANETA (SOMENTE MAQUINA) - NIVEL DE SEGURANCA MEDIO","UN",42.48,"SINAPI-I"]
[3090,"FECHADURA DE EMBUTIR PARA PORTA INTERNA, TIPO GORGES (CHAVE GRANDE), MAQUINA 40 MM, MACANETA ALAVANCA E ESPELHO EM METAL CROMADO - NIVEL SEGURANCA MEDIO - COMPLETA","CJ",35.54,"SINAPI-I"]
[3093,"FECHADURA DE EMBUTIR PARA PORTA INTERNA, TIPO GORGES (CHAVE GRANDE), MAQUINA 55 MM, MACANETAS ALAVANCA E ROSETAS REDONDAS EM METAL CROMADO - NIVEL SEGURANCA MEDIO - COMPLETA","CJ",59.05,"SINAPI-I"]
[11476,"FECHADURA DE EMBUTIR PARA PORTA INTERNA, TIPO GORGES, MAQUINA 55 MM (SOMENTE MAQUINA, SEM ESPELHO E SEM MACANETA) - NIVEL DE SEGURANCA MEDIO","UN",25.45,"SINAPI-I"]
[3082,"FECHADURA DE SOBREPOR EM FERRO PINTADO, COM MACANETA ALAVANCA, CHAVE GRANDE - COMPLETA","CJ",41.11,"SINAPI-I"]
[11484,"FECHADURA DE SOBREPOR PARA PORTAO, CAIXA *100* MM, COM CILINDRO, CHAVE SIMPLES, TRINCO LATERAL, EM  LATAO OU ACO CROMADO OU POLIDO, COM OU SEM PINTURA - COMPLETA","UN",29.32,"SINAPI-I"]
[38155,"FECHADURA DE SOBREPOR PARA PORTAO, COM CHAVE TETRA, CAIXA *100* MM, TRINCO LATERAL, EM LATAO OU ACO CROMADO, PINTADO - COMPLETA","UN",39.979999999999997,"SINAPI-I"]
[11468,"FECHADURA DE SOBREPOR, CROMADA, COM CILINDRO REDONDO, PARA ARMARIO E GAVETA DE MADEIRA, COM PORTA DE APROXIMADAMENTE 20 MM","UN",8.9700000000000006,"SINAPI-I"]
[11469,"FECHADURA TRADICIONAL DE EMBUTIR, CROMADA, COM CILINDRO, PARA GAVETAS E MOVEIS DE MADEIRA - COM ABINHAS LATERAIS CURVAS, CHAVES COM PROTECAO PLASTICA","UN",10.71,"SINAPI-I"]
[11477,"FECHADURA TUBULAR CROMADA, MACANETA DIAMETRO *30* MM, CILINDRO CENTRAL COM CHAVE EXTERNA E BOTAO INTERNO, MAQUINA *70* MM - COMPLETA","CJ",48.7,"SINAPI-I"]
[40311,"FECHADURA TUBULAR, ACABAMENTO CROMADO, DISTANCIA DE BROCA 90 MM, CILINDRO CENTRAL COM CHAVE EXTERNA E BOTAO INTERNO, MACANETA FORMATO TULIPA/TACA/BOLA - COMPLETA","CJ",47.03,"SINAPI-I"]
[38165,"FECHO / FECHADURA COM PUXADOR CONCHA, COM TRANCA TIPO TRAVA, PARA JANELA / PORTA DE CORRER (INCLUI TESTA, FECHADURA, PUXADOR) - COMPLETA","CJ",51.9,"SINAPI-I"]
[3096,"FECHO / FECHADURA CONCHA COM ALAVANCA / TRAVA, DE EMBUTIR, PARA PORTA OU JANELA DE CORRER EM LATAO OU ACO INOX - COMPLETO","CJ",27.03,"SINAPI-I"]
[11456,"FECHO / TRINCO / FERROLHO FIO REDONDO, DE SOBREPOR, 12\", EM ACO GALVANIZADO / ZINCADO","UN",11.5,"SINAPI-I"]
[3119,"FECHO / TRINCO / FERROLHO FIO REDONDO, DE SOBREPOR, 2\", EM ACO GALVANIZADO / ZINCADO","UN",1.71,"SINAPI-I"]
[3122,"FECHO / TRINCO / FERROLHO FIO REDONDO, DE SOBREPOR, 4\", EM ACO GALVANIZADO / ZINCADO","UN",2.4,"SINAPI-I"]
[3121,"FECHO / TRINCO / FERROLHO FIO REDONDO, DE SOBREPOR, 5\", EM ACO GALVANIZADO / ZINCADO","UN",3.72,"SINAPI-I"]
[3120,"FECHO / TRINCO / FERROLHO FIO REDONDO, DE SOBREPOR, 6\", EM ACO GALVANIZADO / ZINCADO","UN",5.88,"SINAPI-I"]
[11455,"FECHO / TRINCO / FERROLHO FIO REDONDO, DE SOBREPOR, 8\", EM ACO GALVANIZADO / ZINCADO","UN",8.24,"SINAPI-I"]
[3111,"FECHO DE EMBUTIR, TIPO UNHA, COMANDO COM ALAVANCA, EM ACO CROMADO, 22 CM, PARA PORTAS E JANELAS - INCLUI PARAFUSOS","UN",19.72,"SINAPI-I"]
[3108,"FECHO DE EMBUTIR, TIPO UNHA, COMANDO COM ALAVANCA, EM LATAO CROMADO, 22 CM, PARA PORTAS E JANELAS - INCLUI PARAFUSOS","UN",20.69,"SINAPI-I"]
[3105,"FECHO DE EMBUTIR, TIPO UNHA, COMANDO COM ALAVANCA, EM LATAO CROMADO, 40 CM, PARA PORTAS E JANELAS - INCLUI PARAFUSOS","UN",32.15,"SINAPI-I"]
[38178,"FECHO DE EMBUTIR, TIPO UNHA, COMANDO DESLIZANTE, COM TRAVA, 120 MM, EM LATAO CROMADO","UN",21.01,"SINAPI-I"]
[11458,"FECHO DE SEGURANCA, TIPO BATOM, EM LATAO / ZAMAC, CROMADO, PARA PORTAS E JANELAS - INCLUI PARAFUSOS","UN",18.41,"SINAPI-I"]
[42481,"FELTRO EM LA DE ROCHA, 1 FACE REVESTIDA COM PAPEL ALUMINIZADO, EM ROLO, DENSIDADE = 32 KG/M3, E=*50* MM (COLETADO CAIXA)","M2",20.12,"SINAPI-I"]
[43458,"FERRAMENTAS - FAMILIA ALMOXARIFE - HORISTA (ENCARGOS COMPLEMENTARES - COLETADO CAIXA)","H",0.04,"SINAPI-I"]
[43470,"FERRAMENTAS - FAMILIA ALMOXARIFE - MENSALISTA (ENCARGOS COMPLEMENTARES - COLETADO CAIXA)","MES",7.37,"SINAPI-I"]
[43459,"FERRAMENTAS - FAMILIA CARPINTEIRO DE FORMAS - HORISTA (ENCARGOS COMPLEMENTARES - COLETADO CAIXA)","H",0.34,"SINAPI-I"]
[43471,"FERRAMENTAS - FAMILIA CARPINTEIRO DE FORMAS - MENSALISTA (ENCARGOS COMPLEMENTARES - COLETADO CAIXA)","MES",64.61,"SINAPI-I"]
[43460,"FERRAMENTAS - FAMILIA ELETRICISTA - HORISTA (ENCARGOS COMPLEMENTARES - COLETADO CAIXA)","H",0.55000000000000004,"SINAPI-I"]
[43472,"FERRAMENTAS - FAMILIA ELETRICISTA - MENSALISTA (ENCARGOS COMPLEMENTARES - COLETADO CAIXA)","MES",103.26,"SINAPI-I"]
[43461,"FERRAMENTAS - FAMILIA ENCANADOR - HORISTA (ENCARGOS COMPLEMENTARES - COLETADO CAIXA)","H",0.24,"SINAPI-I"]
[43473,"FERRAMENTAS - FAMILIA ENCANADOR - MENSALISTA (ENCARGOS COMPLEMENTARES - COLETADO CAIXA)","MES",45.84,"SINAPI-I"]
[43475,"FERRAMENTAS - FAMILIA ENCARREGADO GERAL - HORISTA (ENCARGOS COMPLEMENTARES - COLETADO CAIXA)","MES",14.2,"SINAPI-I"]
[43463,"FERRAMENTAS - FAMILIA ENCARREGADO GERAL - HORISTA (ENCARGOS COMPLEMENTARES - COLETADO CAIXA)","H",0.08,"SINAPI-I"]
[43462,"FERRAMENTAS - FAMILIA ENGENHEIRO CIVIL - HORISTA (ENCARGOS COMPLEMENTARES - COLETADO CAIXA)","H",0.01,"SINAPI-I"]
[43474,"FERRAMENTAS - FAMILIA ENGENHEIRO CIVIL - MENSALISTA (ENCARGOS COMPLEMENTARES - COLETADO CAIXA)","MES",1.46,"SINAPI-I"]
[43464,"FERRAMENTAS - FAMILIA OPERADOR ESCAVADEIRA - HORISTA (ENCARGOS COMPLEMENTARES - COLETADO CAIXA)","H",0.01,"SINAPI-I"]
[43476,"FERRAMENTAS - FAMILIA OPERADOR ESCAVADEIRA - MENSALISTA (ENCARGOS COMPLEMENTARES - COLETADO CAIXA)","MES",0.01,"SINAPI-I"]
[43465,"FERRAMENTAS - FAMILIA PEDREIRO - HORISTA (ENCARGOS COMPLEMENTARES - COLETADO CAIXA)","H",0.48,"SINAPI-I"]
[43477,"FERRAMENTAS - FAMILIA PEDREIRO - MENSALISTA (ENCARGOS COMPLEMENTARES - COLETADO CAIXA)","MES",91.21,"SINAPI-I"]
[43466,"FERRAMENTAS - FAMILIA PINTOR - HORISTA (ENCARGOS COMPLEMENTARES - COLETADO CAIXA)","H",1.1599999999999999,"SINAPI-I"]
[43478,"FERRAMENTAS - FAMILIA PINTOR - MENSALISTA (ENCARGOS COMPLEMENTARES - COLETADO CAIXA)","MES",219.5,"SINAPI-I"]
[43467,"FERRAMENTAS - FAMILIA SERVENTE - HORISTA (ENCARGOS COMPLEMENTARES - COLETADO CAIXA)","H",0.34,"SINAPI-I"]
[43479,"FERRAMENTAS - FAMILIA SERVENTE - MENSALISTA (ENCARGOS COMPLEMENTARES - COLETADO CAIXA)","MES",64.08,"SINAPI-I"]
[43468,"FERRAMENTAS - FAMILIA SOLDADOR - HORISTA (ENCARGOS COMPLEMENTARES - COLETADO CAIXA)","H",0.82,"SINAPI-I"]
[43480,"FERRAMENTAS - FAMILIA SOLDADOR - MENSALISTA (ENCARGOS COMPLEMENTARES - COLETADO CAIXA)","MES",155.5,"SINAPI-I"]
[43469,"FERRAMENTAS - FAMILIA TOPOGRAFO - HORISTA (ENCARGOS COMPLEMENTARES - COLETADO CAIXA)","H",0.05,"SINAPI-I"]
[43481,"FERRAMENTAS - FAMILIA TOPOGRAFO - MENSALISTA (ENCARGOS COMPLEMENTARES - COLETADO CAIXA)","MES",10.25,"SINAPI-I"]
[11461,"FERROLHO / FECHO CHATO, DE SOBREPOR, EM FERRO ZINCADO, REFORCADO, 5\", COM PORTA CADEADO, PARA PORTAO, PORTA E JANELA - INCLUI PARAFUSOS","UN",4.67,"SINAPI-I"]
[3106,"FERROLHO / FECHO CHATO, DE SOBREPOR, EM FERRO ZINCADO, REFORCADO, 6\", COM PORTA CADEADO, PARA PORTAO, PORTA E JANELA - INCLUI PARAFUSOS","UN",3.55,"SINAPI-I"]
[3107,"FERROLHO / FECHO CHATO, EM FERRO ZINCADO, LEVE, 3\", COM PORTA CADEADO, PARA PORTAO, PORTA E JANELA - INCLUI PARAFUSOS","UN",2.99,"SINAPI-I"]
[25951,"FERTILIZANTE NPK - 10:10:10","KG",1.71,"SINAPI-I"]
[3123,"FERTILIZANTE NPK - 4: 14: 8","KG",1.6,"SINAPI-I"]
[38125,"FERTILIZANTE ORGANICO COMPOSTO, CLASSE A","KG",0.9,"SINAPI-I"]
[39014,"FIBRA DE ACO PARA REFORCO DO CONCRETO, SOLTA, TIPO A-I, FATOR DE FORMA *50* L / D, COMPRIMENTO DE *30* MM E RESISTENCIA A TRACAO DO ACO MAIOR 1000 MPA","KG",13.29,"SINAPI-I"]
[11894,"FILTRO ANAEROBIO CILINDRICO CONCRETO PRE MOLDADO 1,20 X 1,50 (DIAMETROXALTURA) PARA 4 A 5 CONTRIBUINTES (NBR 13969)","UN",543.94000000000005,"SINAPI-I"]
[39365,"FILTRO ANAEROBIO, EM POLIETILENO DE ALTA DENSIDADE (PEAD), CAPACIDADE *1100* LITROS (NBR 13969)","UN",764.84,"SINAPI-I"]
[39366,"FILTRO ANAEROBIO, EM POLIETILENO DE ALTA DENSIDADE (PEAD), CAPACIDADE *2800* LITROS (NBR 13969)","UN",1958.32,"SINAPI-I"]
[39367,"FILTRO ANAEROBIO, EM POLIETILENO DE ALTA DENSIDADE (PEAD), CAPACIDADE *5000* LITROS (NBR 13969)","UN",2676.67,"SINAPI-I"]
[37394,"FINCAPINO CURTO CALIBRE 22 VERMELHO, CARGA MEDIA (ACAO DIRETA)","CENTO",27.98,"SINAPI-I"]
[14146,"FINCAPINO LONGO CALIBRE 22, CARGA FORTE (ACAO DIRETA)","CENTO",45,"SINAPI-I"]
[38134,"FIO COBRE NU DE 150 A 500 MM2, PARA TENSOES DE ATE 600 V","KG",52.57,"SINAPI-I"]
[38132,"FIO COBRE NU DE 16 A 35 MM2, PARA TENSOES DE ATE 600 V","KG",53.62,"SINAPI-I"]
[38133,"FIO COBRE NU DE 50 A 120 MM2, PARA TENSOES DE ATE 600 V","KG",51.87,"SINAPI-I"]
[938,"FIO DE COBRE, SOLIDO, CLASSE 1, ISOLACAO EM PVC/A, ANTICHAMA BWF-B, 450/750V, SECAO NOMINAL 1,5 MM2","M",0.78,"SINAPI-I"]
[937,"FIO DE COBRE, SOLIDO, CLASSE 1, ISOLACAO EM PVC/A, ANTICHAMA BWF-B, 450/750V, SECAO NOMINAL 10 MM2","M",4.82,"SINAPI-I"]
[939,"FIO DE COBRE, SOLIDO, CLASSE 1, ISOLACAO EM PVC/A, ANTICHAMA BWF-B, 450/750V, SECAO NOMINAL 2,5 MM2","M",1.24,"SINAPI-I"]
[944,"FIO DE COBRE, SOLIDO, CLASSE 1, ISOLACAO EM PVC/A, ANTICHAMA BWF-B, 450/750V, SECAO NOMINAL 4 MM2","M",2.13,"SINAPI-I"]
[940,"FIO DE COBRE, SOLIDO, CLASSE 1, ISOLACAO EM PVC/A, ANTICHAMA BWF-B, 450/750V, SECAO NOMINAL 6 MM2","M",2.94,"SINAPI-I"]
[936,"FIO TELEFONICO EXTERNO (FE) EM ACO COBREADO, ISOLACAO EM PEAD OU PVC ANTI-CHAMA, 2 CONDUTORES","M",0.81,"SINAPI-I"]
[935,"FIO TELEFONICO INTERNO (FI) EM COBRE ESTANHADO, ISOLACAO EM PVC ANTICHAMA, 2 CONDUTORES DE 0,6 MM (NBR 9115:2005)","M",0.62,"SINAPI-I"]
[406,"FITA ACO INOX PARA CINTAR POSTE, L = 19 MM, E = 0,5 MM (ROLO DE 30M)","UN",70.28,"SINAPI-I"]
[42529,"FITA ADESIVA ALUMINIZADA, PARA INSTALACAO DE MANTAS DE SUBCOBERTURA,  L = *5* CM","M",1.37,"SINAPI-I"]
[39634,"FITA ADESIVA ANTICORROSIVA DE PVC FLEXIVEL, COR PRETA, PARA PROTECAO TUBULACAO, 50 MM X 30 M (L X C), E= *0,25* MM","M",4.96,"SINAPI-I"]
[39701,"FITA ADESIVA ASFALTICA ALUMINIZADA MULTIUSO, L = 10 CM, ROLO DE 10 M","UN",48.39,"SINAPI-I"]
[12815,"FITA CREPE ROLO DE 25 MM X 50 M","UN",7.05,"SINAPI-I"]
[407,"FITA DE ALUMINIO PARA PROTECAO DO CONDUTOR LARGURA 10 MM","KG",44.56,"SINAPI-I"]
[39431,"FITA DE PAPEL MICROPERFURADO, 50 X 150 MM, PARA TRATAMENTO DE JUNTAS DE CHAPA DE GESSO PARA DRYWALL","M",0.25,"SINAPI-I"]
[39432,"FITA DE PAPEL REFORCADA COM LAMINA DE METAL PARA REFORCO DE CANTOS DE CHAPA DE GESSO PARA DRYWALL","M",3.21,"SINAPI-I"]
[20111,"FITA ISOLANTE ADESIVA ANTICHAMA, USO ATE 750 V, EM ROLO DE 19 MM X 20 M","UN",12.04,"SINAPI-I"]
[21127,"FITA ISOLANTE ADESIVA ANTICHAMA, USO ATE 750 V, EM ROLO DE 19 MM X 5 M","UN",4.55,"SINAPI-I"]
[404,"FITA ISOLANTE DE BORRACHA AUTOFUSAO, USO ATE 69 KV (ALTA TENSAO)","M",1.64,"SINAPI-I"]
[14151,"FITA METALICA GRAVADA, L = 17 MM, ROLO DE 25 M, CARGA RECOMENDADA = *120* KGF","UN",32.340000000000003,"SINAPI-I"]
[14153,"FITA METALICA PERFURADA, L = *18* MM, ROLO DE 30 M, CARGA RECOMENDADA = *30* KGF","UN",36.56,"SINAPI-I"]
[14152,"FITA METALICA PERFURADA, L = 17 MM, ROLO DE 30 M, CARGA RECOMENDADA = *19* KGF","UN",28.06,"SINAPI-I"]
[14154,"FITA METALICA PERFURADA, L = 25 MM, ROLO DE 30 M, CARGA RECOMENDADA = *222,5* KGF","UN",98.24,"SINAPI-I"]
[42015,"FITA PLASTICA ZEBRADA PARA DEMARCACAO DE AREAS, LARGURA = 7 CM, SEM ADESIVO (COLETADO CAIXA)","M",0.11,"SINAPI-I"]
[3146,"FITA VEDA ROSCA EM ROLOS DE 18 MM X 10 M (L X C)","UN",2.5499999999999998,"SINAPI-I"]
[3143,"FITA VEDA ROSCA EM ROLOS DE 18 MM X 25 M (L X C)","UN",5.8,"SINAPI-I"]
[3148,"FITA VEDA ROSCA EM ROLOS DE 18 MM X 50 M (L X C)","UN",9.4,"SINAPI-I"]
[4310,"FIXADOR DE ABA AUTOTRAVANTE PARA TELHA DE FIBROCIMENTO, TIPO CANALETE 90 OU KALHETAO","UN",1.96,"SINAPI-I"]
[4311,"FIXADOR DE ABA SIMPLES PARA TELHA DE FIBROCIMENTO, TIPO CANALETA 49 OU KALHETA","UN",1.38,"SINAPI-I"]
[4312,"FIXADOR DE ABA SIMPLES PARA TELHA DE FIBROCIMENTO, TIPO CANALETA 90 OU KALHETAO","UN",1.93,"SINAPI-I"]
[11162,"FIXADOR DE CAL (SACHE 150 ML)","UN",1,"SINAPI-I"]
[13261,"FLANELA *30 X 40* CM","UN",1.7,"SINAPI-I"]
[3255,"FLANGE PVC, ROSCAVEL SEXTAVADO SEM FUROS 3/4\"","UN",4.67,"SINAPI-I"]
[3254,"FLANGE PVC, ROSCAVEL, SEXTAVADO, SEM FUROS 3\"","UN",75.81,"SINAPI-I"]
[3259,"FLANGE PVC, ROSCAVEL, SEXTAVADO, SEM FUROS, 1 1/2\"","UN",9.11,"SINAPI-I"]
[3258,"FLANGE PVC, ROSCAVEL, SEXTAVADO, SEM FUROS, 1 1/4\"","UN",5.5,"SINAPI-I"]
[3251,"FLANGE PVC, ROSCAVEL, SEXTAVADO, SEM FUROS, 1/2\"","UN",3.24,"SINAPI-I"]
[3256,"FLANGE PVC, ROSCAVEL, SEXTAVADO, SEM FUROS, 1\"","UN",6.14,"SINAPI-I"]
[3261,"FLANGE PVC, ROSCAVEL, SEXTAVADO, SEM FUROS, 2 1/2\"","UN",67.040000000000006,"SINAPI-I"]
[3260,"FLANGE PVC, ROSCAVEL, SEXTAVADO, SEM FUROS, 2\"","UN",11.52,"SINAPI-I"]
[3272,"FLANGE SEXTAVADO DE FERRO GALVANIZADO, COM ROSCA BSP, DE 1 1/2\"","UN",34.880000000000003,"SINAPI-I"]
[3265,"FLANGE SEXTAVADO DE FERRO GALVANIZADO, COM ROSCA BSP, DE 1 1/4\"","UN",27.71,"SINAPI-I"]
[3262,"FLANGE SEXTAVADO DE FERRO GALVANIZADO, COM ROSCA BSP, DE 1/2\"","UN",12.13,"SINAPI-I"]
[3264,"FLANGE SEXTAVADO DE FERRO GALVANIZADO, COM ROSCA BSP, DE 1\"","UN",19.920000000000002,"SINAPI-I"]
[3267,"FLANGE SEXTAVADO DE FERRO GALVANIZADO, COM ROSCA BSP, DE 2 1/2\"","UN",65.069999999999993,"SINAPI-I"]
[3266,"FLANGE SEXTAVADO DE FERRO GALVANIZADO, COM ROSCA BSP, DE 2\"","UN",41.4,"SINAPI-I"]
[3263,"FLANGE SEXTAVADO DE FERRO GALVANIZADO, COM ROSCA BSP, DE 3/4\"","UN",16.57,"SINAPI-I"]
[3268,"FLANGE SEXTAVADO DE FERRO GALVANIZADO, COM ROSCA BSP, DE 3\"","UN",87.98,"SINAPI-I"]
[3271,"FLANGE SEXTAVADO DE FERRO GALVANIZADO, COM ROSCA BSP, DE 4\"","UN",130.07,"SINAPI-I"]
[3270,"FLANGE SEXTAVADO DE FERRO GALVANIZADO, COM ROSCA BSP, DE 6\"","UN",218.53,"SINAPI-I"]
[3275,"FORRO COMPOSTO POR PAINEIS DE LA DE VIDRO, REVESTIDOS EM PVC MICROPERFURADO, DE *1250 X 625* MM, ESPESSURA 15 MM (COM COLOCACAO)","M2",63.03,"SINAPI-I"]
[39512,"FORRO DE FIBRA MINERAL EM PLACAS DE 1250 X 625 MM, E = 15 MM, BORDA RETA, COM PINTURA ANTIMOFO, APOIADO EM PERFIL DE ACO GALVANIZADO COM 24 MM DE BASE - INSTALADO","M2",65.849999999999994,"SINAPI-I"]
[39511,"FORRO DE FIBRA MINERAL EM PLACAS DE 625 X 625 MM, E = 15 MM, BORDA RETA, COM PINTURA ANTIMOFO, APOIADO EM PERFIL DE ACO GALVANIZADO COM 24 MM DE BASE - INSTALADO","M2",71.819999999999993,"SINAPI-I"]
[39513,"FORRO DE FIBRA MINERAL EM PLACAS DE 625 X 625 MM, E = 15/16 MM, BORDA REBAIXADA, COM PINTURA ANTIMOFO, APOIADO EM PERFIL DE ACO GALVANIZADO COM 24 MM DE BASE - INSTALADO","M2",77.040000000000006,"SINAPI-I"]
[3286,"FORRO DE MADEIRA CEDRINHO OU EQUIVALENTE DA REGIAO, ENCAIXE MACHO/FEMEA COM FRISO, *10 X 1* CM (SEM COLOCACAO)","M2",47.64,"SINAPI-I"]
[3287,"FORRO DE MADEIRA CUMARU/IPE CHAMPANHE OU EQUIVALENTE DA REGIAO, ENCAIXE MACHO/FEMEA COM FRISO, *10 X 1* CM (SEM COLOCACAO)","M2",72,"SINAPI-I"]
[3283,"FORRO DE MADEIRA PINUS OU EQUIVALENTE DA REGIAO, ENCAIXE MACHO/FEMEA COM FRISO, *10 X 1* CM (SEM COLOCACAO)","M2",15.12,"SINAPI-I"]
[11587,"FORRO DE PVC LISO, BRANCO, REGUA DE 10 CM, ESPESSURA DE 8 MM A 10 MM (COM COLOCACAO / SEM ESTRUTURA METALICA)","M2",43.22,"SINAPI-I"]
[36225,"FORRO DE PVC LISO, BRANCO, REGUA DE 20 CM, ESPESSURA DE 8 MM A 10 MM, COMPRIMENTO 6 M (SEM COLOCACAO)","M2",17.559999999999999,"SINAPI-I"]
[36230,"FORRO DE PVC, FRISADO, BRANCO, REGUA DE 10 CM, ESPESSURA DE 8 MM A 10 MM E COMPRIMENTO 6 M (SEM COLOCACAO)","M2",12.9,"SINAPI-I"]
[36238,"FORRO DE PVC, FRISADO, BRANCO, REGUA DE 20 CM, ESPESSURA DE 8 MM A 10 MM E COMPRIMENTO 6 M (SEM COLOCACAO)","M2",12.6,"SINAPI-I"]
[11887,"FOSSA SEPTICA CILINDRICA TIPO \"IMHOFF\", COM TAMPA, PARA 50 CONTRIBUINTES","UN",2562.38,"SINAPI-I"]
[11883,"FOSSA SEPTICA CILINDRICA, TIPO \"IMHOFF\", COM TAMPA, PARA 100 CONTRIBUINTES","UN",3767.15,"SINAPI-I"]
[11884,"FOSSA SEPTICA CILINDRICA, TIPO \"IMHOFF\", COM TAMPA, PARA 150 CONTRIBUINTES","UN",4041.82,"SINAPI-I"]
[11885,"FOSSA SEPTICA CILINDRICA, TIPO \"IMHOFF\", COM TAMPA, PARA 200 CONTRIBUINTES","UN",4508,"SINAPI-I"]
[11886,"FOSSA SEPTICA CILINDRICA, TIPO \"IMHOFF\", COM TAMPA, PARA 30 CONTRIBUINTES","UN",1452.91,"SINAPI-I"]
[11888,"FOSSA SEPTICA CILINDRICA, TIPO \"IMHOFF\", COM TAMPA, PARA 75 CONTRIBUINTES","UN",3412.01,"SINAPI-I"]
[3277,"FOSSA SEPTICA CONCRETO PRE MOLDADO PARA 10 CONTRIBUINTES - *90 X 90* CM","UN",575.41,"SINAPI-I"]
[3281,"FOSSA SEPTICA CONCRETO PRE MOLDADO PARA 5 CONTRIBUINTES *90 X 70* CM","UN",476.51,"SINAPI-I"]
[39363,"FOSSA SEPTICA, SEM FILTRO, PARA 15 A 30 CONTRIBUINTES, CILINDRICA, COM TAMPA, EM POLIETILENO DE ALTA DENSIDADE (PEAD), CAPACIDADE APROXIMADA DE 5500 LITROS (NBR 7229)","UN",3115.51,"SINAPI-I"]
[39361,"FOSSA SEPTICA, SEM FILTRO, PARA 4 A 7 CONTRIBUINTES, CILINDRICA,  COM TAMPA, EM POLIETILENO DE ALTA DENSIDADE (PEAD), CAPACIDADE APROXIMADA DE 1100 LITROS (NBR 7229)","UN",801.13,"SINAPI-I"]
[39362,"FOSSA SEPTICA, SEM FILTRO, PARA 8 A 14 CONTRIBUINTES, CILINDRICA, COM TAMPA, EM POLIETILENO DE ALTA DENSIDADE (PEAD), CAPACIDADE APROXIMADA DE 3000 LITROS (NBR 7229)","UN",2465.2800000000002,"SINAPI-I"]
[39364,"FOSSA SEPTICA,SEM FILTRO, PARA 40 A 52 CONTRIBUINTES, CILINDRICA, COM TAMPA, EM POLIETILENO DE ALTA DENSIDADE (PEAD), CAPACIDADE APROXIMADA DE 10000 LITROS (NBR 7229)","UN",7121.17,"SINAPI-I"]
[14576,"FRESADORA DE ASFALTO A FRIO SOBRE ESTEIRAS, LARG. FRESAGEM 2,00 M, POT. 410 KW/550 HP","UN",4169882.46,"SINAPI-I"]
[13877,"FRESADORA DE ASFALTO A FRIO SOBRE RODAS, LARG. FRESAGEM 1,00 M, POT. 155 KW/208 HP","UN",1785064.49,"SINAPI-I"]
[7307,"FUNDO ANTICORROSIVO PARA METAIS FERROSOS (ZARCAO)","L",25.81,"SINAPI-I"]
[38122,"FUNDO PREPARADOR ACRILICO BASE AGUA","L",9.99,"SINAPI-I"]
[6086,"FUNDO SINTETICO NIVELADOR BRANCO FOSCO PARA MADEIRA","GL",78.97,"SINAPI-I"]
[38633,"FURO PARA TORNEIRA OU OUTROS ACESSORIOS  EM BANCADA DE MARMORE/ GRANITO OU OUTRO TIPO DE PEDRA NATURAL","UN",17.37,"SINAPI-I"]
[12344,"FUSIVEL DIAZED 20 A TAMANHO DII, CAPACIDADE DE INTERRUPCAO DE 50 KA EM VCA E 8 KA EM VCC, TENSAO NOMIMNAL DE 500 V","UN",4.67,"SINAPI-I"]
[12343,"FUSIVEL DIAZED 35 A TAMANHO DIII, CAPACIDADE DE INTERRUPCAO DE 50 KA EM VCA E 8 KA EM VCC, TENSAO NOMIMNAL DE 500 V","UN",7.23,"SINAPI-I"]
[3295,"FUSIVEL NH *36* A 80 AMPERES, TAMANHO 00, CAPACIDADE DE INTERRUPCAO DE 120 KA, TENSAO NOMIMNAL DE 500 V","UN",25.27,"SINAPI-I"]
[3302,"FUSIVEL NH 100 A TAMANHO 00, CAPACIDADE DE INTERRUPCAO DE 120 KA, TENSAO NOMIMNAL DE 500 V","UN",26.42,"SINAPI-I"]
[3297,"FUSIVEL NH 125 A TAMANHO 00, CAPACIDADE DE INTERRUPCAO DE 120 KA, TENSAO NOMIMNAL DE 500 V","UN",28.2,"SINAPI-I"]
[3294,"FUSIVEL NH 160 A TAMANHO 00, CAPACIDADE DE INTERRUPCAO DE 120 KA, TENSAO NOMIMNAL DE 500 V","UN",28.63,"SINAPI-I"]
[3292,"FUSIVEL NH 20 A TAMANHO 000, CAPACIDADE DE INTERRUPCAO DE 120 KA, TENSAO NOMIMNAL DE 500 V","UN",26.9,"SINAPI-I"]
[3298,"FUSIVEL NH 200 A 250 AMPERES, TAMANHO 1, CAPACIDADE DE INTERRUPCAO DE 120 KA, TENSAO NOMIMNAL DE 500 V","UN",63.04,"SINAPI-I"]
[11596,"GABIAO  TIPO CAIXA, MALHA HEXAGONAL 8 X 10 CM (ZN/AL), FIO 2,7 MM, DIMENSOES 2,0 X 1,0 X 0,5 M (C X L X A)","UN",427.37,"SINAPI-I"]
[34802,"GABIAO MANTA (COLCHAO) MALHA HEXAGONAL 6 X 8 CM (ZN/AL REVESTIDO COM POLIMERO), DIMENSOES 4,0 X 2,0 X 0,17 M (C X L X A) FIO 2 MM","UN",1173.69,"SINAPI-I"]
[11588,"GABIAO MANTA (COLCHAO) MALHA HEXAGONAL 6 X 8 CM (ZN/AL REVESTIDO COM POLIMERO), FIO 2 MM, DIMENSOES 4,0 X 2,0 X 0,23 M (C X L X A)","UN",1266.23,"SINAPI-I"]
[34383,"GABIAO MANTA (COLCHAO) MALHA HEXAGONAL 6 X 8 CM (ZN/AL REVESTIDO COM POLIMERO), FIO 2 MM, DIMENSOES 4,0 X 2,0 X 0,3 M (C X L X A)","UN",1392.94,"SINAPI-I"]
[40451,"GABIAO MANTA (COLCHAO) MALHA HEXAGONAL 6 X 8 CM (ZN/AL REVESTIDO COM POLIMERO), FIO 2,0 MM, DIMENSOES 5,0 X 2,0 X 0,17 M (C X L X A)","M2",112.6,"SINAPI-I"]
[40453,"GABIAO MANTA (COLCHAO) MALHA HEXAGONAL 6 X 8 CM (ZN/AL REVESTIDO COM POLIMERO), FIO 2,0 MM, DIMENSOES 5,0 X 2,0 X 0,23 M (C X L X A)","M2",121.83,"SINAPI-I"]
[40452,"GABIAO MANTA (COLCHAO) MALHA HEXAGONAL 6 X 8 CM (ZN/AL REVESTIDO COM POLIMERO), FIO 2,0 MM, DIMENSOES 5,0 X 2,0 X 0,30 M (C X L X A)","M2",133.63,"SINAPI-I"]
[11594,"GABIAO SACO MALHA HEXAGONAL 8 X 10 CM (ZN/AL REVESTIDO COM POLIMERO),  FIO 2,4 MM, DIMENSOES 3,0 X 0,65 M","UN",403.58,"SINAPI-I"]
[3311,"GABIAO SACO MALHA HEXAGONAL 8 X 10 CM (ZN/AL REVESTIDO COM POLIMERO), FIO 2,4 MM, H = 0,65 M","M3",403.58,"SINAPI-I"]
[11599,"GABIAO SACO MALHA HEXAGONAL 8 X 10 CM (ZN/AL), FIO 2,7 MM, DIMENSOES 4,0 X 0,65 M","UN",536.72,"SINAPI-I"]
[11593,"GABIAO TIPO CAIXA MALHA HEXAGONAL 8 X 10 CM (ZN/AL REVESTIDO COM POLIMERO),  FIO 2,4 MM, DIMENSOES 2,0 X 1,0 X 1,0 M (C X L X A)","UN",752.44,"SINAPI-I"]
[3314,"GABIAO TIPO CAIXA MALHA HEXAGONAL 8 X 10 CM (ZN/AL REVESTIDO COM POLIMERO),  FIO 2,4 MM, H = 0,50 M","M3",538.15,"SINAPI-I"]
[11597,"GABIAO TIPO CAIXA MALHA HEXAGONAL 8 X 10 CM (ZN/AL), FIO 2,7 MM, DIMENSOES 2,0 X 1,0 X 1,0 M (C X L X A)","UN",625.79999999999995,"SINAPI-I"]
[3309,"GABIAO TIPO CAIXA MALHA HEXAGONAL 8 X 10 CM (ZN/AL), FIO 2,7 MM, H = 0,50 M","M3",427.37,"SINAPI-I"]
[34612,"GABIAO TIPO CAIXA PARA SOLO REFORCADO, MALHA HEXAGONAL DE DUPLA TORCAO 8 X 10 CM (ZN/AL REVESTIDO COM POLIMERO), FIO 2,7 MM, DIMENSOES 2,0 X 1,0 X 0,5 M, COM CAUDA DE 3,0 M","UN",774.01,"SINAPI-I"]
[34635,"GABIAO TIPO CAIXA PARA SOLO REFORCADO, MALHA HEXAGONAL DE DUPLA TORCAO 8 X 10 CM (ZN/AL REVESTIDO COM POLIMERO), FIO 2,7 MM, DIMENSOES 2,0 X 1,0 X 1,0 M, COM CAUDA DE 3,0 M","UN",995.34,"SINAPI-I"]
[34633,"GABIAO TIPO CAIXA PARA SOLO REFORCADO, MALHA HEXAGONAL DE DUPLA TORCAO 8 X 10 CM (ZN/AL REVESTIDO COM POLIMERO), FIO 2,7 MM, DIMENSOES 2,0 X 1,0 X 1,0 M, COM CAUDA DE 4,0 M","UN",1097.1300000000001,"SINAPI-I"]
[40440,"GABIAO TIPO CAIXA PARA SOLO REFORCADO, MALHA HEXAGONAL 8 X 10 CM (ZN/AL REVESTIDO COM POLIMERO), FIO 2,7 MM, DIMENSOES 2,0 X 1,0 X 0,5 M, COM CAUDA DE 4,0 M","M3",560.54,"SINAPI-I"]
[40441,"GABIAO TIPO CAIXA PARA SOLO REFORCADO, MALHA HEXAGONAL 8 X 10 CM (ZN/AL REVESTIDO COM POLIMERO), FIO 2,7 MM, DIMENSOES 2,0 X 1,0 X 1,0 M, COM CAUDA DE 4,0 M","M3",357.87,"SINAPI-I"]
[40449,"GABIAO TIPO CAIXA TRAPEZOIDAL, MALHA HEXAGONAL 10 X 12 CM (ZN/AL REVESTIDO COM POLIMERO) FIO 2,7 MM, FACE COM 65 GRAUS, COM GEOSSINTETICO, DIMENSOES 2,0 X 1,5 X 1,0 M (C X L X A)","M3",300.85000000000002,"SINAPI-I"]
[34800,"GABIAO TIPO CAIXA, MALHA HEXAGONAL 8 X 10 CM (ZN/AL REVESTIDO COM POLIMERO), FIO DE 2,4 MM, DIMENSOES 2,0 x 1,0 x 1,0 M (C X L X A)","M3",376.22,"SINAPI-I"]
[11592,"GABIAO TIPO CAIXA, MALHA HEXAGONAL 8 X 10 CM (ZN/AL REVESTIDO COM POLIMERO), FIO 2,4 MM, DIMENSOES 2,0 X 1,0 X 0,5 M (C X L X A)","UN",538.15,"SINAPI-I"]
[40438,"GABIAO TIPO CAIXA, MALHA HEXAGONAL 8 X 10 CM (ZN/AL), FIO DE 2,7 MM, DIMENSOES 2,0 X 1,0 X 1,0 M (C X L X A)","M3",250.64,"SINAPI-I"]
[40436,"GABIAO TIPO CAIXA, MALHA HEXAGONAL 8 X 10 CM (ZN/AL), FIO DE 2,7 MM, DIMENSOES 5,0 X 1,0 X 1,0 M (C X L X A)","M3",312.52999999999997,"SINAPI-I"]
[4315,"GANCHO CHATO EM FERRO GALVANIZADO,  L = 110 MM, RECOBRIMENTO = 100MM, SECAO 1/8 X 1/2\" (3 MM X 12 MM), PARA FIXAR TELHA DE FIBROCIMENTO ONDULADA","UN",1.42,"SINAPI-I"]
[42482,"GANCHO L COM ROSCA, PARA FIXAR TELHA EM MADEIRA, 1/4\" X 350 MM (COLETADO CAIXA)","UN",1.89,"SINAPI-I"]
[402,"GANCHO OLHAL EM ACO GALVANIZADO, ESPESSURA 16MM, ABERTURA 21MM","UN",12.03,"SINAPI-I"]
[4226,"GAS DE COZINHA - GLP","KG",5.38,"SINAPI-I"]
[4222,"GASOLINA COMUM","L",4.1399999999999997,"SINAPI-I"]
[34804,"GEOGRELHA TECIDA COM FILAMENTOS DE POLIESTER + PVC, RESISTENCIA LONGITUDINAL: 90 KN/M, RESISTENCIA TRANSVERSAL: 30 KN/M, ALONGAMENTO = 12 POR CENTO","M2",45.43,"SINAPI-I"]
[4013,"GEOTEXTIL NAO TECIDO AGULHADO DE FILAMENTOS CONTINUOS 100% POLIESTER, RESITENCIA A TRACAO = 09 KN/M","M2",3.41,"SINAPI-I"]
[4011,"GEOTEXTIL NAO TECIDO AGULHADO DE FILAMENTOS CONTINUOS 100% POLIESTER, RESITENCIA A TRACAO = 10 KN/M","M2",3.81,"SINAPI-I"]
[4021,"GEOTEXTIL NAO TECIDO AGULHADO DE FILAMENTOS CONTINUOS 100% POLIESTER, RESITENCIA A TRACAO = 14 KN/M","M2",4.75,"SINAPI-I"]
[4019,"GEOTEXTIL NAO TECIDO AGULHADO DE FILAMENTOS CONTINUOS 100% POLIESTER, RESITENCIA A TRACAO = 16 KN/M","M2",5.7,"SINAPI-I"]
[4012,"GEOTEXTIL NAO TECIDO AGULHADO DE FILAMENTOS CONTINUOS 100% POLIESTER, RESITENCIA A TRACAO = 21 KN/M","M2",7.64,"SINAPI-I"]
[4020,"GEOTEXTIL NAO TECIDO AGULHADO DE FILAMENTOS CONTINUOS 100% POLIESTER, RESITENCIA A TRACAO = 26 KN/M","M2",9.57,"SINAPI-I"]
[4018,"GEOTEXTIL NAO TECIDO AGULHADO DE FILAMENTOS CONTINUOS 100% POLIESTER, RESITENCIA A TRACAO = 31 KN/M","M2",11.47,"SINAPI-I"]
[36498,"GERADOR PORTATIL MONOFASICO, POTENCIA 5500 VA, MOTOR A GASOLINA, POTENCIA DO MOTOR 13 CV","UN",4133.03,"SINAPI-I"]
[12872,"GESSEIRO","H",19.43,"SINAPI-I"]
[41075,"GESSEIRO (MENSALISTA)","MES",3433.47,"SINAPI-I"]
[3315,"GESSO EM PO PARA REVESTIMENTOS/MOLDURAS/SANCAS","KG",0.62,"SINAPI-I"]
[36870,"GESSO PROJETADO","KG",0.62,"SINAPI-I"]
[5092,"GONZO DE EMBUTIR, EM LATAO / ZAMAC, *20 X 48* MM, PARA JANELA BASCULANTE / PIVOTANTE -  INCLUI PARAFUSOS","PAR",13.2,"SINAPI-I"]
[11462,"GONZO DE SOBREPOR, EM LATAO / ZAMAC, PARA JANELA PIVOTANTE - INCLUI PARAFUSOS","PAR",13.5,"SINAPI-I"]
[36529,"GRADE DE DISCOS COM CONTROLE REMOTO, REBOCAVEL, COM 24 DISCOS 24\" X 6 MM, COM PNEUS PARA TRANSPORTE","UN",33139.660000000003,"SINAPI-I"]
[3318,"GRADE DE DISCOS MECANICA 20X24\" COM 20 DISCOS 24\" X 6MM  COM PNEUS PARA TRANSPORTE","UN",25981.5,"SINAPI-I"]
[38968,"GRADIL *1320 X 2170* MM (A X L) EM BARRA DE ACO CHATA *25 MM X 2* MM, ENTRELACADA COM BARRA ACO REDONDA *5* MM, MALHA *65 X 132* MM, GALVANIZADO E PINTURA ELETROSTATICA, COR PRETO","M2",327.89,"SINAPI-I"]
[3324,"GRAMA BATATAIS EM PLACAS, SEM PLANTIO","M2",4.99,"SINAPI-I"]
[3322,"GRAMA ESMERALDA OU SAO CARLOS OU CURITIBANA, EM PLACAS, SEM PLANTIO","M2",7,"SINAPI-I"]
[43390,"GRAMA SINTETICA, ALTURA /ESPESSURA DE 52MM ( 2MM DE BASE E 50MM DE FIOS EXPOSTOS), BASE TRIPLA, MINIMO DE 8.000 PONTOS POR M2, INCLUINDO MAO DE OBRA E SISTEMA DE INSTALACAO (FLUTUANTE, UNIAO DOS ROLOS COM TAPEDE 30CM, COLA PU, 30 KG/M2 DE AREIA CLASSIFICADA GRANULOMETRIA 40/45 OU 50/60 E 10 KG/M2 DE GRANULO DE BORRACHA SBR PRETA MALHA 10 (0,7 A 2,0 MM)) (COLETADO CAIXA)","M2",75,"SINAPI-I"]
[5076,"GRAMPO DE ACO POLIDO 1 \" X 9","KG",10.220000000000001,"SINAPI-I"]
[5077,"GRAMPO DE ACO POLIDO 7/8 \" X 9","KG",11.3,"SINAPI-I"]
[11837,"GRAMPO LINHA VIVA DE LATAO ESTANHADO, DIAMETRO DO CONDUTOR PRINCIPAL DE 10 A 120 MM2, DIAMETRO DA DERIVACAO DE 10 A 70 MM2","UN",39.5,"SINAPI-I"]
[38055,"GRAMPO METALICO TIPO OLHAL PARA HASTE DE ATERRAMENTO DE 1/2'', CONDUTOR DE *10* A 50 MM2","UN",3.58,"SINAPI-I"]
[415,"GRAMPO METALICO TIPO OLHAL PARA HASTE DE ATERRAMENTO DE 1'', CONDUTOR DE *10* A 50 MM2","UN",16.2,"SINAPI-I"]
[416,"GRAMPO METALICO TIPO OLHAL PARA HASTE DE ATERRAMENTO DE 3/4'', CONDUTOR DE *10* A 50 MM2","UN",5.93,"SINAPI-I"]
[425,"GRAMPO METALICO TIPO OLHAL PARA HASTE DE ATERRAMENTO DE 5/8'', CONDUTOR DE *10* A 50 MM2","UN",3.67,"SINAPI-I"]
[426,"GRAMPO METALICO TIPO U PARA HASTE DE ATERRAMENTO DE ATE 3/4'', CONDUTOR DE 10 A 25 MM2","UN",20.239999999999998,"SINAPI-I"]
[38056,"GRAMPO METALICO TIPO U PARA HASTE DE ATERRAMENTO DE ATE 5/8'', CONDUTOR DE 10 A 25 MM2","UN",19.77,"SINAPI-I"]
[1564,"GRAMPO PARALELO METALICO PARA CABO DE 6 A 50 MM2, COM 2 PARAFUSOS","UN",7.54,"SINAPI-I"]
[11032,"GRAMPO U DE 5/8 \" N8 EM FERRO GALVANIZADO","UN",8,"SINAPI-I"]
[36786,"GRANALHA DE ACO, ANGULAR (GRIT), PARA JATEAMENTO, PENEIRA 0,117 A 1,00 MM, (SAE G-40 A G-80)","SC25KG",128.38999999999999,"SINAPI-I"]
[36785,"GRANALHA DE ACO, ANGULAR (GRIT), PARA JATEAMENTO, PENEIRA 1,41 A 1,19 MM (SAE G16)","SC25KG",111.57,"SINAPI-I"]
[36782,"GRANALHA DE ACO, ESFERICA (SHOT), PARA JATEAMENTO, PENEIRA 0,40 A 1,00 MM (SAE S-170 A S-280)","SC25KG",133.16999999999999,"SINAPI-I"]
[25930,"GRANALHA DE ACO, ESFERICA (SHOT), PARA JATEAMENTO, PENEIRA 1,19 A 1,00 MM (SAE S390)","SC25KG",150,"SINAPI-I"]
[4824,"GRANILHA/ GRANA/ PEDRISCO OU AGREGADO EM MARMORE/ GRANITO/ QUARTZO E CALCARIO, PRETO, CINZA, PALHA OU BRANCO","KG",0.46,"SINAPI-I"]
[11795,"GRANITO PARA BANCADA, POLIDO, TIPO ANDORINHA/ QUARTZ/ CASTELO/ CORUMBA OU OUTROS EQUIVALENTES DA REGIAO, E=  *2,5* CM","M2",392.45,"SINAPI-I"]
[134,"GRAUTE CIMENTICIO PARA USO GERAL","KG",1.37,"SINAPI-I"]
[4229,"GRAXA LUBRIFICANTE","KG",32.29,"SINAPI-I"]
[37402,"GRELHA DE CONCRETO DE PRE-MOLDADA *15 X 75 X 52* CM (A X C X L)","UN",41.51,"SINAPI-I"]
[11244,"GRELHA FOFO ARTICULADA, CARGA MAXIMA 1,5 T, *300 X 1000* MM, E= *15* MM","UN",141.4,"SINAPI-I"]
[11245,"GRELHA FOFO SIMPLES COM REQUADRO, CARGA MAXIMA  12,5 T, *300 X 1000* MM, E= *15* MM, AREA ESTACIONAMENTO CARRO PASSEIO","UN",195.58,"SINAPI-I"]
[11235,"GRELHA FOFO SIMPLES COM REQUADRO, CARGA MAXIMA 1,5 T, 150 X 1000 MM, E= *15* MM","UN",107.9,"SINAPI-I"]
[11236,"GRELHA FOFO SIMPLES COM REQUADRO, CARGA MAXIMA 1,5 T, 200 X 1000 MM, E= *15* MM","UN",137.13,"SINAPI-I"]
[11731,"GRELHA PVC BRANCA QUADRADA, 150 X 150 MM","UN",3.59,"SINAPI-I"]
[11732,"GRELHA PVC CROMADA REDONDA, 150 MM","UN",18.25,"SINAPI-I"]
[36494,"GRUA ASCENCIONAL, LANCA DE 30 M, CAPACIDADE DE 1,0 T A 30 M, ALTURA ATE 39 M","UN",356905.43,"SINAPI-I"]
[36493,"GRUA ASCENCIONAL, LANCA DE 42 M, CAPACIDADE DE 1,5 T A 30 M, ALTURA ATE 39 M","UN",404359.36,"SINAPI-I"]
[36492,"GRUA ASCENCIONAL, LANCA DE 50 M, CAPACIDADE DE 2,33 T A 30 M, ALTURA ATE 48 M","UN",751146.34,"SINAPI-I"]
[13333,"GRUPO DE SOLDAGEM C/ GERADOR A DIESEL 60 CV PARA SOLDA ELETRICA, SOBRE 04 RODAS, COM MOTOR 4 CILINDROS","UN",114453.21,"SINAPI-I"]
[13533,"GRUPO DE SOLDAGEM COM GERADOR A DIESEL 30 CV, PARA SOLDA ELETRICA, SOBRE DUAS RODAS","UN",102308.45,"SINAPI-I"]
[36499,"GRUPO GERADOR A GASOLINA, POTENCIA NOMINAL 2,2 KW, TENSAO DE SAIDA 110/220 V, MOTOR POTENCIA 6,5 HP","UN",2231.83,"SINAPI-I"]
[39585,"GRUPO GERADOR DIESEL, COM CARENAGEM, POTENCIA STANDART ENTRE 100 E 110 KVA, VELOCIDADE DE 1800 RPM, FREQUENCIA DE 60 HZ","UN",73902.429999999993,"SINAPI-I"]
[39586,"GRUPO GERADOR DIESEL, COM CARENAGEM, POTENCIA STANDART ENTRE 140 E 150 KVA, VELOCIDADE DE 1800 RPM, FREQUENCIA DE 60 HZ","UN",86682.55,"SINAPI-I"]
[39587,"GRUPO GERADOR DIESEL, COM CARENAGEM, POTENCIA STANDART ENTRE 210 E 220 KVA, VELOCIDADE DE 1800 RPM, FREQUENCIA DE 60 HZ","UN",105574.9,"SINAPI-I"]
[39588,"GRUPO GERADOR DIESEL, COM CARENAGEM, POTENCIA STANDART ENTRE 250 E 260 KVA, VELOCIDADE DE 1800 RPM, FREQUENCIA DE 60 HZ","UN",122244.62,"SINAPI-I"]
[39584,"GRUPO GERADOR DIESEL, COM CARENAGEM, POTENCIA STANDART ENTRE 50 E 55 KVA, VELOCIDADE DE 1800 RPM, FREQUENCIA DE 60 HZ","UN",65812.06,"SINAPI-I"]
[39590,"GRUPO GERADOR DIESEL, SEM CARENAGEM, POTENCIA STANDART ENTRE 100 E 110 KVA, VELOCIDADE DE 1800 RPM, FREQUENCIA DE 60 HZ","UN",64233.99,"SINAPI-I"]
[39592,"GRUPO GERADOR DIESEL, SEM CARENAGEM, POTENCIA STANDART ENTRE 210 E 220 KVA, VELOCIDADE DE 1800 RPM, FREQUENCIA DE 60 HZ","UN",92305.8,"SINAPI-I"]
[39593,"GRUPO GERADOR DIESEL, SEM CARENAGEM, POTENCIA STANDART ENTRE 250 E 260 KVA, VELOCIDADE DE 1800 RPM, FREQUENCIA DE 60 HZ","UN",105574.9,"SINAPI-I"]
[14254,"GRUPO GERADOR DIESEL, SEM CARENAGEM, POTENCIA STANDART ENTRE 80 E 90 KVA, VELOCIDADE DE 1800 RPM, FREQUENCIA DE 60 HZ","UN",60011,"SINAPI-I"]
[25987,"GRUPO GERADOR ESTACIONARIO SILENCIADO, POTENCIA 50 KVA, MOTOR DIESEL","UN",50113.97,"SINAPI-I"]
[25019,"GRUPO GERADOR ESTACIONARIO, MOTOR DIESEL POTENCIA 170 KVA","UN",85900.95,"SINAPI-I"]
[36501,"GRUPO GERADOR ESTACIONARIO, POTENCIA 150 KVA, MOTOR DIESEL","UN",76481.45,"SINAPI-I"]
[25986,"GRUPO GERADOR ESTACIONARIO, SILENCIADO, POTENCIA 180 KVA, MOTOR DIESEL","UN",91945.35,"SINAPI-I"]
[36500,"GRUPO GERADOR REBOCAVEL, POTENCIA *66* KVA, MOTOR A DIESEL","UN",54047.35,"SINAPI-I"]
[20017,"GUARNICAO/ ALIZAR/ VISTA MACICA, E= *1* CM, L= *4,5* CM, EM CEDRINHO/ ANGELIM COMERCIAL/  EUCALIPTO/ CURUPIXA/ PEROBA/ CUMARU OU EQUIVALENTE DA REGIAO","M",3.19,"SINAPI-I"]
[20007,"GUARNICAO/ ALIZAR/ VISTA MACICA, E= *1* CM, L= *4,5* CM, EM PINUS/ TAUARI/ VIROLA OU EQUIVALENTE DA REGIAO","M",2.4500000000000002,"SINAPI-I"]
[39836,"GUARNICAO/ALIZAR/VISTA, E = *1,3* CM, L = *5,0* CM HASTE REGULAVEL = *35* MM, EM MDF/PVC WOOD/ POLIESTIRENO OU MADEIRA LAMINADA, PRIMER BRANCO","JG",137.22999999999999,"SINAPI-I"]
[39830,"GUARNICAO/ALIZAR/VISTA, E = *1,3* CM, L = *7,0* CM, EM POLIESTIRENO, BRANCO","JG",156.51,"SINAPI-I"]
[39831,"GUARNICAO/ALIZAR/VISTA, E = *1,5* CM, L = *5,0* CM, EM POLIESTIRENO, BRANCO","JG",156.18,"SINAPI-I"]
[36888,"GUARNICAO/MOLDURA DE ACABAMENTO PARA ESQUADRIA DE ALUMINIO ANODIZADO NATURAL, PARA 1 FACE","M",12.54,"SINAPI-I"]
[40527,"GUINCHO DE ALAVANCA MANUAL, CAPACIDADE DE 1,6 T, COM 20 M DE CABO DE ACO (AQUISICAO)","UN",2170.11,"SINAPI-I"]
[36497,"GUINCHO DE ALAVANCA MANUAL, CAPACIDADE 3,2 T COM 20 M DE CABO DE ACO DIAMETRO 16,3 MM","UN",2477.42,"SINAPI-I"]
[36487,"GUINCHO ELETRICO DE COLUNA, CAPACIDADE 400 KG, COM MOTO FREIO, MOTOR TRIFASICO DE 1,25 CV","UN",4313.5600000000004,"SINAPI-I"]
[25952,"GUINDASTE HIDRAULICO AUTOPROPELIDO, COM LANCA TELESCOPICA 28,80 M, CAPACIDADE MAXIMA 30 T, POTENCIA 97 KW, TRACAO 4 X 4","UN",624104.02,"SINAPI-I"]
[25954,"GUINDASTE HIDRAULICO AUTOPROPELIDO, COM LANCA TELESCOPICA 40 M, CAPACIDADE MAXIMA 60 T, POTENCIA 260 KW, TRACAO 6 X 6","UN",1200200.05,"SINAPI-I"]
[25953,"GUINDASTE HIDRAULICO AUTOPROPELIDO, COM LANCA TELESCOPICA 50 M, CAPACIDADE MAXIMA 100 T, POTENCIA 350 KW, TRACAO 10 X 6","UN",2040340.07,"SINAPI-I"]
[37776,"GUINDAUTO HIDRAULICO, CAPACIDADE MAXIMA DE CARGA 10000 KG, MOMENTO MAXIMO DE CARGA 23 TM , ALCANCE MAXIMO HORIZONTAL 11,80 M, PARA MONTAGEM SOBRE CHASSI DE CAMINHAO PBT MINIMO 15000 KG (INCLUI MONTAGEM, NAO INCLUI CAMINHAO)","UN",125046.76,"SINAPI-I"]
[37775,"GUINDAUTO HIDRAULICO, CAPACIDADE MAXIMA DE CARGA 14340 KG, MOMENTO MAXIMO DE CARGA 42,3 TM, ALCANCE MAXIMO HORIZONTAL 16,80 M, PARA MONTAGEM SOBRE CHASSI DE CAMINHAO PBT MINIMO 23000 KG (INCLUI MONTAGEM, NAO INCLUI CAMINHAO)","UN",196958.12,"SINAPI-I"]
[36491,"GUINDAUTO HIDRAULICO, CAPACIDADE MAXIMA DE CARGA 30000 KG, MOMENTO MAXIMO DE CARGA 92,2 TM , ALCANCE MAXIMO HORIZONTAL  22,00 M, PARA MONTAGEM SOBRE CHASSI DE CAMINHAO PBT MINIMO 30000 KG (INCLUI MONTAGEM, NAO INCLUI CAMINHAO)","UN",729394.37,"SINAPI-I"]
[10712,"GUINDAUTO HIDRAULICO, CAPACIDADE MAXIMA DE CARGA 3300 KG, MOMENTO MAXIMO DE CARGA 5,8 TM , ALCANCE MAXIMO HORIZONTAL  7,60 M, PARA MONTAGEM SOBRE CHASSI DE CAMINHAO PBT MINIMO 8000 KG (INCLUI MONTAGEM, NAO INCLUI CAMINHAO)","UN",49239.53,"SINAPI-I"]
[3363,"GUINDAUTO HIDRAULICO, CAPACIDADE MAXIMA DE CARGA 6200 KG, MOMENTO MAXIMO DE CARGA 11,7 TM , ALCANCE MAXIMO HORIZONTAL  9,70 M, PARA MONTAGEM SOBRE CHASSI DE CAMINHAO PBT MINIMO 13000 KG (INCLUI MONTAGEM, NAO INCLUI CAMINHAO)","UN",69260,"SINAPI-I"]
[3365,"GUINDAUTO HIDRAULICO, CAPACIDADE MAXIMA DE CARGA 8500 KG, MOMENTO MAXIMO DE CARGA 30,4 TM , ALCANCE MAXIMO HORIZONTAL  14,30 M, PARA MONTAGEM SOBRE CHASSI DE CAMINHAO PBT MINIMO 23000 KG (INCLUI MONTAGEM, NAO INCLUI CAMINHAO)","UN",161895.25,"SINAPI-I"]
[7569,"HASTE ANCORA EM ACO GALVANIZADO, DIMENSOES 16 MM X 2000 MM","UN",56.2,"SINAPI-I"]
[34349,"HASTE DE ACO GALVANIZADO PARA FIXACAO DE CONCERTINA 2 \"/3 M","UN",12.47,"SINAPI-I"]
[11991,"HASTE DE ATERRAMENTO EM ACO GALVANIZADO TIPO CANTONEIRA COM 2,00 M DE COMPRIMENTO, 25 X 25 MM E CHAPA DE 3/16\"","UN",44.99,"SINAPI-I"]
[20062,"HASTE METALICA PARA FIXACAO DE CALHA PLUVIAL,  ZINCADA, DOBRADA 90 GRAUS","UN",12.74,"SINAPI-I"]
[11029,"HASTE RETA PARA GANCHO DE FERRO GALVANIZADO, COM ROSCA 1/4 \" X 30 CM PARA FIXACAO DE TELHA METALICA, INCLUI PORCA E ARRUELAS DE VEDACAO","CJ",1.22,"SINAPI-I"]
[4316,"HASTE RETA PARA GANCHO DE FERRO GALVANIZADO, COM ROSCA 1/4 \" X 40 CM PARA FIXACAO DE TELHA DE FIBROCIMENTO, INCLUI PORCA SEXTAVADA DE  ZINCO","UN",1.24,"SINAPI-I"]
[4313,"HASTE RETA PARA GANCHO DE FERRO GALVANIZADO, COM ROSCA 5/16\" X 35 CM PARA FIXACAO DE TELHA DE FIBROCIMENTO, INCLUI PORCA E ARRUELAS DE VEDACAO","CJ",1.78,"SINAPI-I"]
[4317,"HASTE RETA PARA GANCHO DE FERRO GALVANIZADO, COM ROSCA 5/16\" X 40 CM PARA FIXACAO DE TELHA DE FIBROCIMENTO, INCLUI PORCA SEXTAVADA DE  ZINCO","UN",2.02,"SINAPI-I"]
[4314,"HASTE RETA PARA GANCHO DE FERRO GALVANIZADO, COM ROSCA 5/16\" X 45 CM PARA FIXACAO DE TELHA DE FIBROCIMENTO, INCLUI PORCA E ARRUELAS DE VEDACAO","CJ",2.37,"SINAPI-I"]
[10561,"HEXAMETAFOSFATO DE SODIO","KG",0.43,"SINAPI-I"]
[10921,"HIDRANTE DE COLUNA COMPLETO, EM FERRO FUNDIDO, DN = 100 MM, COM REGISTRO, CUNHA DE BORRACHA, CURVA DESSIMETRICA, EXTREMIDADE E TAMPAS (INCLUI KIT FIXACAO)","UN",3290,"SINAPI-I"]
[10922,"HIDRANTE DE COLUNA COMPLETO, EM FERRO FUNDIDO, DN = 75 MM, COM REGISTRO, CUNHA DE BORRACHA, CURVA DESSIMETRICA, EXTREMIDADE E TAMPAS (INCLUI KIT FIXACAO)","UN",2979.99,"SINAPI-I"]
[10923,"HIDRANTE SUBTERRANEO, EM FERRO FUNDIDO, COM CURVA CURTA E CAIXA, DN 75 MM","UN",1761.3,"SINAPI-I"]
[10924,"HIDRANTE SUBTERRANEO, EM FERRO FUNDIDO, COM CURVA LONGA E CAIXA, DN 75 MM","UN",1854.99,"SINAPI-I"]
[37772,"HIDROJATEADORA PARA DESOBSTRUCAO DE REDES E GALERIAS, TANQUE 7000 L, BOMBA TRIPLEX 120 KGF/CM2 128 L/MIN (INCLUI MONTAGEM, NAO INCLUI CAMINHAO)","UN",114526.71,"SINAPI-I"]
[37771,"HIDROJATEADORA PARA DESOBSTRUCAO DE REDES E GALERIAS, TANQUE 7000 L, BOMBA TRIPLEX 140 KGF/CM2 260 L/MIN ALIMENTADA POR MOTOR INDEPENDENTE A DIESEL POTENCIA 125 CV (INCLUI MONTAGEM, NAO INCLUI CAMINHAO)","UN",121838.18,"SINAPI-I"]
[12770,"HIDROMETRO MULTIJATO, VAZAO MAXIMA DE 10,0 M3/H, DE 1\"","UN",730.88,"SINAPI-I"]
[12772,"HIDROMETRO MULTIJATO, VAZAO MAXIMA DE 20,0 M3/H, DE 1 1/2\"","UN",1214.7,"SINAPI-I"]
[12768,"HIDROMETRO MULTIJATO, VAZAO MAXIMA DE 30,0 M3/H, DE 2\"","UN",1708.82,"SINAPI-I"]
[12775,"HIDROMETRO MULTIJATO, VAZAO MAXIMA DE 7,0 M3/H, DE 1\"","UN",535.29,"SINAPI-I"]
[12769,"HIDROMETRO UNIJATO, VAZAO MAXIMA DE 1,5 M3/H, DE 1/2\"","UN",140,"SINAPI-I"]
[12773,"HIDROMETRO UNIJATO, VAZAO MAXIMA DE 3,0 M3/H, DE 1/2\"","UN",150.29,"SINAPI-I"]
[12774,"HIDROMETRO UNIJATO, VAZAO MAXIMA DE 5,0 M3/H, DE 3/4\"","UN",185.29,"SINAPI-I"]
[12776,"HIDROMETRO WOLTMANN, VAZAO MAXIMA DE 50,0 M3/H, DE 2\"","UN",2758.82,"SINAPI-I"]
[12777,"HIDROMETRO WOLTMANN, VAZAO MAXIMA DE 80,0 M3/H, DE 3\"","UN",3602.94,"SINAPI-I"]
[3391,"IGNITOR PARA LAMPADA DE VAPOR DE SODIO / VAPOR METALICO ATE 2000 W, TENSAO DE PULSO ENTRE 600 A 750 V","UN",53.53,"SINAPI-I"]
[3389,"IGNITOR PARA LAMPADA DE VAPOR DE SODIO / VAPOR METALICO ATE 400 W, TENSAO DE PULSO ENTRE 3000 A 4500 V","UN",27.77,"SINAPI-I"]
[3390,"IGNITOR PARA LAMPADA DE VAPOR DE SODIO / VAPOR METALICO ATE 400 W, TENSAO DE PULSO ENTRE 580 A 750 V","UN",31.25,"SINAPI-I"]
[12873,"IMPERMEABILIZADOR","H",16.63,"SINAPI-I"]
[41076,"IMPERMEABILIZADOR (MENSALISTA)","MES",2940.24,"SINAPI-I"]
[140,"IMPERMEABILIZANTE FLEXIVEL BRANCO DE BASE ACRILICA PARA COBERTURAS","KG",13.56,"SINAPI-I"]
[151,"IMPERMEABILIZANTE INCOLOR PARA TRATAMENTO DE FACHADAS E TELHAS, BASE SILICONE","L",17.05,"SINAPI-I"]
[7340,"IMUNIZANTE PARA MADEIRA, INCOLOR","L",17.7,"SINAPI-I"]
[2701,"INSTALADOR DE TUBULACOES (TUBOS/EQUIPAMENTOS)","H",19.88,"SINAPI-I"]
[40929,"INSTALADOR DE TUBULACOES (TUBOS/EQUIPAMENTOS) (MENSALISTA)","MES",3515.54,"SINAPI-I"]
[38114,"INTERRUPTOR BIPOLAR SIMPLES 10 A, 250 V (APENAS MODULO)","UN",15.5,"SINAPI-I"]
[38064,"INTERRUPTOR BIPOLAR 10A, 250V, CONJUNTO MONTADO PARA EMBUTIR 4\" X 2\" (PLACA + SUPORTE + MODULO)","UN",17.329999999999998,"SINAPI-I"]
[38115,"INTERRUPTOR INTERMEDIARIO 10 A, 250 V (APENAS MODULO)","UN",16.55,"SINAPI-I"]
[38065,"INTERRUPTOR INTERMEDIARIO 10A, 250V, CONJUNTO MONTADO PARA EMBUTIR 4\" X 2\" (PLACA + SUPORTE + MODULO)","UN",24.59,"SINAPI-I"]
[38078,"INTERRUPTOR PARALELO + TOMADA 2P+T 10A, 250V, CONJUNTO MONTADO PARA EMBUTIR 4\" X 2\" (PLACA + SUPORTE + MODULOS)","UN",14.34,"SINAPI-I"]
[38113,"INTERRUPTOR PARALELO 10A, 250V (APENAS MODULO)","UN",7.79,"SINAPI-I"]
[38063,"INTERRUPTOR PARALELO 10A, 250V, CONJUNTO MONTADO PARA EMBUTIR 4\" X 2\" (PLACA + SUPORTE + MODULO)","UN",8.36,"SINAPI-I"]
[38080,"INTERRUPTOR SIMPLES + INTERRUPTOR PARALELO + TOMADA 2P+T 10A, 250V, CONJUNTO MONTADO PARA EMBUTIR 4\" X 2\" (PLACA + SUPORTE + MODULOS)","UN",24.91,"SINAPI-I"]
[38069,"INTERRUPTOR SIMPLES + INTERRUPTOR PARALELO 10A, 250V, CONJUNTO MONTADO PARA EMBUTIR 4\" X 2\" (PLACA + SUPORTE + MODULOS)","UN",13.62,"SINAPI-I"]
[38077,"INTERRUPTOR SIMPLES + TOMADA 2P+T 10A, 250V, CONJUNTO MONTADO PARA EMBUTIR 4\" X 2\" (PLACA + SUPORTE + MODULOS)","UN",13.31,"SINAPI-I"]
[38073,"INTERRUPTOR SIMPLES + 2 INTERRUPTORES PARALELOS 10A, 250V, CONJUNTO MONTADO PARA EMBUTIR 4\" X 2\" (PLACA + SUPORTE + MODULOS)","UN",20.28,"SINAPI-I"]
[38112,"INTERRUPTOR SIMPLES 10A, 250V (APENAS MODULO)","UN",5.98,"SINAPI-I"]
[38062,"INTERRUPTOR SIMPLES 10A, 250V, CONJUNTO MONTADO PARA EMBUTIR 4\" X 2\" (PLACA + SUPORTE + MODULO)","UN",6.14,"SINAPI-I"]
[12128,"INTERRUPTOR SIMPLES 10A, 250V, CONJUNTO MONTADO PARA SOBREPOR 4\" X 2\" (CAIXA + MODULO)","UN",8.2100000000000009,"SINAPI-I"]
[12129,"INTERRUPTOR SIMPLES 10A, 250V, CONJUNTO MONTADO PARA SOBREPOR 4\" X 2\" (CAIXA + 2 MODULOS)","UN",10.85,"SINAPI-I"]
[38081,"INTERRUPTORES PARALELOS (2 MODULOS) + TOMADA 2P+T 10A, 250V, CONJUNTO MONTADO PARA EMBUTIR 4\" X 2\" (PLACA + SUPORTE + MODULOS)","UN",21.13,"SINAPI-I"]
[38070,"INTERRUPTORES PARALELOS (2 MODULOS) 10A, 250V, CONJUNTO MONTADO PARA EMBUTIR 4\" X 2\" (PLACA + SUPORTE + MODULOS)","UN",14.56,"SINAPI-I"]
[38074,"INTERRUPTORES PARALELOS (3 MODULOS) 10A, 250V, CONJUNTO MONTADO PARA EMBUTIR 4\" X 2\" (PLACA + SUPORTE + MODULO)","UN",22.14,"SINAPI-I"]
[38079,"INTERRUPTORES SIMPLES (2 MODULOS) + TOMADA 2P+T 10A, 250V, CONJUNTO MONTADO PARA EMBUTIR 4\" X 2\" (PLACA + SUPORTE + MODULOS)","UN",19,"SINAPI-I"]
[38072,"INTERRUPTORES SIMPLES (2 MODULOS) + 1 INTERRUPTOR PARALELO 10A, 250V, CONJUNTO MONTADO PARA EMBUTIR 4\" X 2\" (PLACA + SUPORTE + MODULOS)","UN",18.260000000000002,"SINAPI-I"]
[38068,"INTERRUPTORES SIMPLES (2 MODULOS) 10A, 250V, CONJUNTO MONTADO PARA EMBUTIR 4\" X 2\" (PLACA + SUPORTE + MODULOS)","UN",12.6,"SINAPI-I"]
[38071,"INTERRUPTORES SIMPLES (3 MODULOS) 10A, 250V, CONJUNTO MONTADO PARA EMBUTIR 4\" X 2\" (PLACA + SUPORTE + MODULOS)","UN",15.07,"SINAPI-I"]
[38412,"INVERSOR DE SOLDA MONOFASICO DE 160 A, POTENCIA DE 5400 W, TENSAO DE 220 V, TURBO VENTILADO, PROTECAO POR FUSIVEL TERMICO, PARA ELETRODOS DE 2,0 A 4,0 MM","UN",1100,"SINAPI-I"]
[3405,"ISOLADOR DE PORCELANA SUSPENSO, DISCO TIPO GARFO OLHAL, DIAMETRO DE 152 MM, PARA TENSAO DE *15* KV","UN",68.150000000000006,"SINAPI-I"]
[3394,"ISOLADOR DE PORCELANA, TIPO BUCHA, PARA TENSAO DE *15* KV","UN",359.74,"SINAPI-I"]
[3393,"ISOLADOR DE PORCELANA, TIPO BUCHA, PARA TENSAO DE *35* KV","UN",612.49,"SINAPI-I"]
[3406,"ISOLADOR DE PORCELANA, TIPO PINO MONOCORPO, PARA TENSAO DE *15* KV","UN",20.86,"SINAPI-I"]
[3395,"ISOLADOR DE PORCELANA, TIPO PINO MONOCORPO, PARA TENSAO DE *35* KV","UN",87.99,"SINAPI-I"]
[3398,"ISOLADOR DE PORCELANA, TIPO ROLDANA, DIMENSOES DE *72* X *72* MM, PARA USO EM BAIXA TENSAO","UN",4.18,"SINAPI-I"]
[34379,"JANELA BASCULANTE EM ALUMINIO, 100 X 100 CM (A X L), ACABAMENTO ACET OU BRILHANTE, BATENTE/REQUADRO DE 3 A 14 CM, COM VIDRO, SEM GUARNICAO/ALIZAR","UN",382.36,"SINAPI-I"]
[34378,"JANELA BASCULANTE EM ALUMINIO, 100 X 80 CM (A X L), ACABAMENTO ACET OU BRILHANTE, BATENTE/REQUADRO DE 3 A 14 CM, COM VIDRO, SEM GUARNICAO/ALIZAR","UN",307.95999999999998,"SINAPI-I"]
[34377,"JANELA BASCULANTE EM ALUMINIO, 80 X 60 CM (A X L), ACABAMENTO ACET OU BRILHANTE, BATENTE/REQUADRO DE 3 A 14 CM, COM VIDRO, SEM GUARNICAO/ALIZAR","UN",284.01,"SINAPI-I"]
[581,"JANELA BASCULANTE EM ALUMINIO, 80 X 60 CM (A X L), BATENTE/REQUADRO DE 3 A 14 CM, COM VIDRO, SEM GUARNICAO/ALIZAR","M2",539.42999999999995,"SINAPI-I"]
[40662,"JANELA BASCULANTE EM MADEIRA PINUS/ EUCALIPTO/ TAUARI/ VIROLA OU EQUIVALENTE DA REGIAO, *60 X 60*, CAIXA DO BATENTE/ MARCO E = *10* CM, 2 BASCULAS PARA VIDRO, COM FERRAGENS (SEM VIDRO, SEM GUARNICAO/ALIZAR E SEM ACABAMENTO)","UN",82.51,"SINAPI-I"]
[3437,"JANELA BASCULANTE EM MADEIRA PINUS/ EUCALIPTO/ TAUARI/ VIROLA OU EQUIVALENTE DA REGIAO, CAIXA DO BATENTE/ MARCO *10* CM, *2* FOLHAS BASCULANTES PARA VIDRO, COM FERRAGENS (SEM VIDRO, SEM GUARNICAO/ALIZAR E SEM ACABAMENTO)","M2",229.21,"SINAPI-I"]
[11183,"JANELA BASCULANTE, ACO, COM BATENTE/REQUADRO, 100 X 100 CM (SEM VIDROS)","UN",341.09,"SINAPI-I"]
[11190,"JANELA BASCULANTE, ACO, COM BATENTE/REQUADRO, 60 X 60 CM (SEM VIDROS)","UN",158.22999999999999,"SINAPI-I"]
[616,"JANELA BASCULANTE, ACO, COM BATENTE/REQUADRO, 60 X 80 CM (SEM VIDROS)","UN",186.09,"SINAPI-I"]
[615,"JANELA BASCULANTE, ACO, COM BATENTE/REQUADRO, 60 X 80 CM (SEM VIDROS)","M2",387.69,"SINAPI-I"]
[11192,"JANELA BASCULANTE, ACO, COM BATENTE/REQUADRO, 80 X 80 CM (SEM VIDROS)","UN",291.13,"SINAPI-I"]
[11231,"JANELA BASCULANTE, ACO, COM BATENTE/REQUADRO, 80 X 80 CM (SEM VIDROS)","M2",454.89,"SINAPI-I"]
[3428,"JANELA DE ABRIR EM MADEIRA IMBUIA/CEDRO ARANA/CEDRO ROSA OU EQUIVALENTE DA REGIAO, CAIXA DO BATENTE/MARCO *10* CM, 2 FOLHAS DE ABRIR TIPO VENEZIANA E 2 FOLHAS DE ABRIR PARA VIDRO, COM GUARNICAO/ALIZAR, COM FERRAGENS, (SEM VIDRO E SEM ACABAMENTO)","M2",340,"SINAPI-I"]
[3429,"JANELA DE ABRIR EM MADEIRA PINUS/EUCALIPTO/ TAUARI/ VIROLA OU EQUIVALENTE DA REGIAO, CAIXA DO BATENTE/MARCO *10* CM, 2 FOLHAS DE ABRIR TIPO VENEZIANA E 2 FOLHAS GUILHOTINA PARA VIDRO, COM FERRAGENS (SEM VIDRO,SEM GUARNICAO/ALIZAR E SEM ACABAMENTO)","M2",194.25,"SINAPI-I"]
[34371,"JANELA DE CORRER EM ALUMINIO, VENEZIANA, 120  X 150 CM (A X L), 3 FLS (2 VENEZIANAS E 1 VIDRO), SEM BANDEIRA, ACABAMENTO ACET OU BRILHANTE, BATENTE/REQUADRO DE 6 A 14 CM, COM VIDRO, SEM GUARNICAO/ALIZAR","UN",1039.55,"SINAPI-I"]
[34370,"JANELA DE CORRER EM ALUMINIO, VENEZIANA, 120 X 120 CM (A X L), 3 FLS (2 VENEZIANAS E 1 VIDRO), SEM BANDEIRA, ACABAMENTO ACET OU BRILHANTE, BATENTE/REQUADRO DE 6 A 14 CM, COM VIDRO, SEM GUARNICAO/ALIZAR","UN",862.1,"SINAPI-I"]
[34372,"JANELA DE CORRER EM ALUMINIO, VENEZIANA, 120 X 150 CM (A X L), 6 FLS (4 VENEZIANAS E 2 VIDROS), SEM BANDEIRA, ACABAMENTO ACET OU BRILHANTE, BATENTE/REQUADRO DE 6 A 14 CM, COM VIDRO, SEM GUARNICAO/ALIZAR","UN",1199.31,"SINAPI-I"]
[34373,"JANELA DE CORRER EM ALUMINIO, VENEZIANA, 120 X 200 CM (A X L), 6 FLS (4 VENEZIANAS E 2 VIDROS), SEM BANDEIRA, ACABAMENTO ACET OU BRILHANTE,  BATENTE/REQUADRO DE 6 A 14 CM, COM VIDRO, SEM GUARNICAO/ALIZAR","UN",1484.57,"SINAPI-I"]
[36896,"JANELA DE CORRER EM ALUMINIO, 100 X 120 CM (A X L), 2 FLS,  SEM BANDEIRA,  ACABAMENTO ACET OU BRILHANTE, BATENTE/REQUADRO DE 6 A 14 CM, COM VIDRO, SEM GUARNICAO","UN",494.66,"SINAPI-I"]
[34367,"JANELA DE CORRER EM ALUMINIO, 100 X 150 CM (A X L), 2 FLS,  SEM BANDEIRA,  ACABAMENTO ACET OU BRILHANTE, BATENTE/REQUADRO DE 6 A 14 CM, COM VIDRO, SEM GUARNICAO/ALIZAR","UN",581.04,"SINAPI-I"]
[36897,"JANELA DE CORRER EM ALUMINIO, 100 X 150 CM (A X L), 4 FLS, SEM BANDEIRA, ACABAMENTO ACET OU BRILHANTE, BATENTE/REQUADRO DE 6 A 14 CM, COM VIDRO, SEM GUARNICAO/ALIZAR","UN",685.18,"SINAPI-I"]
[36884,"JANELA DE CORRER EM ALUMINIO, 100 X 150 CM (A X L), 4 FLS, SEM BANDEIRA, ACABAMENTO ACET OU BRILHANTE, BATENTE/REQUADRO DE 6 A 14 CM, COM VIDRO, SEM GUARNICAO/ALIZAR","M2",481.24,"SINAPI-I"]
[597,"JANELA DE CORRER EM ALUMINIO, 100 X 150 CM (A X L), 4 FLS, SEM BANDEIRA, ACABAMENTO ACET OU BRILHANTE, COM VIDRO, COM GUARNICAO PARA 1 FACE","M2",506.09,"SINAPI-I"]
[34369,"JANELA DE CORRER EM ALUMINIO, 100 X 200 CM, 4 FLS,  BANDEIRA COM BASCULA,  ACABAMENTO ACET OU BRILHANTE, BATENTE/REQUADRO DE 6 A 14 CM, COM VIDRO, SEM GUARNICAO/ALIZAR","UN",811.81,"SINAPI-I"]
[34362,"JANELA DE CORRER EM ALUMINIO, 120 X 120 CM (A X L), 2 FLS, SEM BANDEIRA, ACABAMENTO ACET OU BRILHANTE,  BATENTE/REQUADRO DE 6 A 14 CM, COM VIDRO, SEM GUARNICAO/ALIZAR","UN",563.29,"SINAPI-I"]
[34363,"JANELA DE CORRER EM ALUMINIO, 120 X 150 CM (A X L), 2 FLS, SEM BANDEIRA, ACABAMENTO ACET OU BRILHANTE, BATENTE/REQUADRO DE 6 A 14 CM, COM VIDRO, SEM GUARNICAO/ALIZAR","UN",636.66,"SINAPI-I"]
[34364,"JANELA DE CORRER EM ALUMINIO, 120 X 150 CM (A X L), 4 FLS, BANDEIRA COM BASCULA,  ACABAMENTO ACET OU BRILHANTE, BATENTE/REQUADRO DE 6 A 14 CM, COM VIDRO, SEM GUARNICAO/ALIZAR","UN",794.05,"SINAPI-I"]
[34365,"JANELA DE CORRER EM ALUMINIO, 120 X 200 CM (A X L), 4 FLS, BANDEIRA COM BASCULA,  ACABAMENTO ACET OU BRILHANTE, BATENTE/REQUADRO DE 6 A 14 CM, COM VIDRO, SEM GUARNICAO/ALIZAR","UN",894.64,"SINAPI-I"]
[11199,"JANELA DE CORRER, ACO, BATENTE/REQUADRO DE 6 A 14 CM,  COM DIVISAO HORIZ , PINT ANTICORROSIVA, SEM VIDRO, BANDEIRA COM BASCULA, 4 FLS, 120  X 150 CM (A X L)","UN",873.87,"SINAPI-I"]
[34801,"JANELA DE CORRER, ACO, BATENTE/REQUADRO DE 6 A 14 CM, QUADRICULADA, PINT ANTICORROSIVA, SEM VIDRO, BANDEIRA COM BASCULA, 4 FLS, 120  X 150 CM (A X L)","UN",1096.22,"SINAPI-I"]
[34799,"JANELA DE CORRER, ACO, BATENTE/REQUADRO DE 6 A 14 CM, QUADRICULADA, PINT ANTICORROSIVA, SEM VIDRO, BANDEIRA COM BASCULA, 4 FLS, 120  X 200 CM (A X L)","UN",1351.86,"SINAPI-I"]
[622,"JANELA DE CORRER, ACO, BATENTE/REQUADRO DE 6 A 14 CM, QUADRICULADA, PINT ANTICORROSIVA, SEM VIDRO, SEM BANDEIRA, 4 FLS, 100  X 120 CM (A X L)","UN",608.61,"SINAPI-I"]
[34805,"JANELA DE CORRER, ACO, BATENTE/REQUADRO DE 6 A 14 CM, QUADRICULADA, PINT ANTICORROSIVA, SEM VIDRO, SEM BANDEIRA, 4 FLS, 120  X 150 CM (A X L)","M2",455.5,"SINAPI-I"]
[34803,"JANELA DE CORRER, ACO, BATENTE/REQUADRO DE 6 A 14 CM, QUADRICULADA, PINT ANTICORROSIVA, SEM VIDRO, SEM BANDEIRA, 4 FLS, 120  X 200 CM (A X L)","UN",550.79999999999995,"SINAPI-I"]
[606,"JANELA DE CORRER, ACO, BATENTE/REQUADRO DE 6 A 14 CM, QUADRICULADA, PINTURA ANTICORROSIVA, SEM VIDRO, BANDEIRA COM BASCULA, 4 FLS, 120  X 150 CM (A X L)","M2",609.01,"SINAPI-I"]
[11227,"JANELA DE CORRER, ACO, BATENTE/REQUADRO DE 6 A 14 CM, SEM  DIVISAO, PINT ANTICORROSIVA, SEM VIDRO, BANDEIRA COM BASCULA, 4 FLS, 120  X 200 CM (A X L)","UN",645.03,"SINAPI-I"]
[11193,"JANELA DE CORRER, ACO, BATENTE/REQUADRO DE 6 A 14 CM, VENEZIANA, PINT ANTICORROSIVA, PINT ACABAMENTO, COM VIDRO, 6 FLS, 120  X 150 CM (A X L)","M2",617.47,"SINAPI-I"]
[11194,"JANELA DE CORRER, ACO, BATENTE/REQUADRO DE 6 A 14 CM, VENEZIANA, PINT ANTICORROSIVA, SEM VIDRO, 6 FLS, 120  X 150 CM (A X L)","M2",555.96,"SINAPI-I"]
[605,"JANELA DE CORRER, ACO, COM BATENTE/REQUADRO DE 6 A 14 CM, SEM DIVISAO, PINT ANTICORROSIVA, PINT ACABAMENTO, COM VIDRO, SEM BANDEIRA, COM GRADE, 4 FLS, 100  X 120 CM (A X L)","M2",698.23,"SINAPI-I"]
[11197,"JANELA DE CORRER, ACO, COM BATENTE/REQUADRO DE 6 A 14 CM, SEM DIVISAO, PINT ANTICORROSIVA, PINT ACABAMENTO, COM VIDRO, SEM BANDEIRA, 2 FLS, 120  X 150 CM (A X L)","UN",845.64,"SINAPI-I"]
[40659,"JANELA DE 6 FOLHAS DE CORRER EM MADEIRA CEDRINHO/ ANGELIM COMERCIAL/ CURUPIXA/ CUMARU OU EQUIVALENTE DA REGIAO, CAIXA DO BATENTE/MARCO *10* CM, 2 FOLHAS DE CORRER VENEZIANA, 2 FOLHAS FIXAS VENEZIANA E 2 FOLHAS DE CORRER PARA VIDRO, COM FERRAGENS (SEM VIDRO, SEM ACABAMENTO E SEM GUARNICAO/ALIZAR)","M2",324.3,"SINAPI-I"]
[40660,"JANELA DE 6 FOLHAS DE CORRER EM MADEIRA IMBUIA/CEDRO ARANA/CEDRO ROSA OU EQUIVALENTE DA REGIAO, CAIXA DO BATENTE/MARCO *10* CM, 2 FOLHAS DE CORRER VENEZIANA, 2 FOLHAS FIXAS VENEZIANA E 2 FOLHAS DE CORRER PARA VIDRO, COM FERRAGENS (SEM VIDRO, SEM ACABAMENTO E SEM GUARNICAO/ALIZAR)","M2",411.01,"SINAPI-I"]
[40661,"JANELA DE 6 FOLHAS DE CORRER EM MADEIRA PINUS/ EUCALIPTO/ TAUARI/ VIROLA OU  EQUIVALENTE DA REGIAO, CAIXA DO BATENTE/MARCO *10* CM, 2 FOLHAS DE CORRER VENEZIANA, 2 FOLHAS FIXAS VENEZIANA E 2 FOLHAS DE CORRER PARA VIDRO, COM FERRAGENS (SEM VIDRO, SEM ACABAMENTO E SEM GUARNICAO/ALIZAR)","M2",252.7,"SINAPI-I"]
[3421,"JANELA EM MADEIRA CEDRINHO/ ANGELIM COMERCIAL/ CURUPIXA/ CUMARU OU EQUIVALENTE DA REGIAO, CAIXA DO BATENTE/MARCO *10* CM, 2 FOLHAS DE ABRIR TIPO VENEZIANA E 2 FOLHAS GUILHOTINA PARA VIDRO, COM GUARNICAO/ALIZAR, COM FERRAGENS (SEM VIDRO E SEM ACABAMENTO)","M2",254.63,"SINAPI-I"]
[599,"JANELA FIXA EM ALUMINIO, 60  X 80 CM (A X L), BATENTE/REQUADRO DE 3 A 14 CM, COM VIDRO, SEM GUARNICAO/ALIZAR","M2",428.98,"SINAPI-I"]
[34380,"JANELA FIXA EM ALUMINIO, 60 X 80 CM (A X L), BATENTE/REQUADRO DE 3 A 14 CM, COM VIDRO, SEM GUARNICAO/ALIZAR","UN",222.47,"SINAPI-I"]
[34381,"JANELA MAXIM AR EM ALUMINIO, 80 X 60 CM (A X L), BATENTE/REQUADRO DE 4 A 14 CM, COM VIDRO, SEM GUARNICAO/ALIZAR","UN",289.93,"SINAPI-I"]
[601,"JANELA MAXIM AR EM ALUMINIO, 80 X 60 CM (A X L), BATENTE/REQUADRO DE 4 A 14 CM, COM VIDRO, SEM GUARNICAO/ALIZAR","M2",578.69000000000005,"SINAPI-I"]
[3423,"JANELA MAXIM AR EM MADEIRA CEDRINHO/ ANGELIM COMERCIAL/ CURUPIXA/ CUMARU OU EQUIVALENTE DA REGIAO, CAIXA DO BATENTE/MARCO *10* CM, 1 FOLHA  PARA VIDRO, COM GUARNICAO/ALIZAR, COM FERRAGENS, (SEM VIDRO E SEM ACABAMENTO)","M2",359.1,"SINAPI-I"]
[34797,"JANELA MAXIMO AR, ACO, BATENTE / REQUADRO DE 6 A 14 CM, PINT ANTICORROSIVA, SEM VIDRO, COM GRADE, 1 FL, 60  X 80 CM (A X L)","UN",344.65,"SINAPI-I"]
[624,"JANELA MAXIMO AR, ACO, BATENTE/REQUADRO DE 6 A 14 CM, PINT ANTICORROSIVA, SEM VIDRO, COM GRADE, 1 FL, 60  X 80 CM (A X L)","M2",718.02,"SINAPI-I"]
[623,"JANELA MAXIMO AR, ACO, BATENTE/REQUADRO DE 6 A 14 CM, PINT ANTICORROSIVA, SEM VIDRO, SEM GRADE, 1 FL, 60  X 80 CM (A X L)","M2",269.62,"SINAPI-I"]
[25964,"JARDINEIRO","H",18.79,"SINAPI-I"]
[41077,"JARDINEIRO (MENSALISTA)","MES",3323.26,"SINAPI-I"]
[20159,"JOELHO COM VISITA, PVC SERIE R, 90 GRAUS, 100 X 75 MM, PARA ESGOTO PREDIAL","UN",30.29,"SINAPI-I"]
[37963,"JOELHO CPVC, SOLDAVEL, 45 GRAUS, 15 MM, PARA AGUA QUENTE","UN",2.64,"SINAPI-I"]
[37964,"JOELHO CPVC, SOLDAVEL, 45 GRAUS, 22 MM, PARA AGUA QUENTE","UN",4.41,"SINAPI-I"]
[37965,"JOELHO CPVC, SOLDAVEL, 45 GRAUS, 28 MM, PARA AGUA QUENTE","UN",6.39,"SINAPI-I"]
[37966,"JOELHO CPVC, SOLDAVEL, 45 GRAUS, 35 MM, PARA AGUA QUENTE","UN",11.58,"SINAPI-I"]
[37967,"JOELHO CPVC, SOLDAVEL, 45 GRAUS, 42 MM, PARA AGUA QUENTE","UN",18.57,"SINAPI-I"]
[37968,"JOELHO CPVC, SOLDAVEL, 45 GRAUS, 54 MM, PARA AGUA QUENTE","UN",40.729999999999997,"SINAPI-I"]
[37969,"JOELHO CPVC, SOLDAVEL, 45 GRAUS, 73 MM, PARA AGUA QUENTE","UN",108.82,"SINAPI-I"]
[37970,"JOELHO CPVC, SOLDAVEL, 45 GRAUS, 89 MM, PARA AGUA QUENTE","UN",126.95,"SINAPI-I"]
[21118,"JOELHO CPVC, SOLDAVEL, 90 GRAUS, 15 MM, PARA AGUA QUENTE","UN",2,"SINAPI-I"]
[37956,"JOELHO CPVC, SOLDAVEL, 90 GRAUS, 22 MM, PARA AGUA QUENTE","UN",3.17,"SINAPI-I"]
[37957,"JOELHO CPVC, SOLDAVEL, 90 GRAUS, 28 MM, PARA AGUA QUENTE","UN",6.68,"SINAPI-I"]
[37958,"JOELHO CPVC, SOLDAVEL, 90 GRAUS, 35 MM, PARA AGUA QUENTE","UN",11.58,"SINAPI-I"]
[37959,"JOELHO CPVC, SOLDAVEL, 90 GRAUS, 42 MM, PARA AGUA QUENTE","UN",18.57,"SINAPI-I"]
[37960,"JOELHO CPVC, SOLDAVEL, 90 GRAUS, 54 MM, PARA AGUA QUENTE","UN",40,"SINAPI-I"]
[37961,"JOELHO CPVC, SOLDAVEL, 90 GRAUS, 73 MM, PARA AGUA QUENTE","UN",106.12,"SINAPI-I"]
[37962,"JOELHO CPVC, SOLDAVEL, 90 GRAUS, 89 MM, PARA AGUA QUENTE","UN",123.31,"SINAPI-I"]
[3533,"JOELHO DE REDUCAO, PVC SOLDAVEL, 90 GRAUS,  25 MM X 20 MM, PARA AGUA FRIA PREDIAL","UN",1.4,"SINAPI-I"]
[3538,"JOELHO DE REDUCAO, PVC SOLDAVEL, 90 GRAUS,  32 MM X 25 MM, PARA AGUA FRIA PREDIAL","UN",2.41,"SINAPI-I"]
[3497,"JOELHO DE REDUCAO, PVC, ROSCAVEL COM BUCHA DE LATAO, 90 GRAUS,  3/4\" X 1/2\", PARA AGUA FRIA PREDIAL","UN",9.01,"SINAPI-I"]
[3498,"JOELHO DE REDUCAO, PVC, ROSCAVEL, 90 GRAUS, 1\" X 3/4\", PARA AGUA FRIA PREDIAL","UN",2.86,"SINAPI-I"]
[3496,"JOELHO DE REDUCAO, PVC, ROSCAVEL, 90 GRAUS, 3/4\" X 1/2\", PARA AGUA FRIA PREDIAL","UN",2.31,"SINAPI-I"]
[38429,"JOELHO DE TRANSICAO, CPVC, SOLDAVEL, 90 GRAUS, 15 MM X 1/2\", PARA AGUA QUENTE","UN",6.75,"SINAPI-I"]
[38431,"JOELHO DE TRANSICAO, CPVC, SOLDAVEL, 90 GRAUS, 22 MM X 1/2\", PARA AGUA QUENTE","UN",10.7,"SINAPI-I"]
[38430,"JOELHO DE TRANSICAO, CPVC, SOLDAVEL, 90 GRAUS, 22 MM X 3/4\", PARA AGUA QUENTE","UN",13.67,"SINAPI-I"]
[36348,"JOELHO PPR 45 GRAUS, SOLDAVEL,  DN 20 MM, PARA AGUA QUENTE PREDIAL","UN",0.97,"SINAPI-I"]
[36349,"JOELHO PPR 45 GRAUS, SOLDAVEL, DN 25 MM, PARA AGUA QUENTE PREDIAL","UN",1.46,"SINAPI-I"]
[38433,"JOELHO PPR, 45 GRAUS, SOLDAVEL, DN 32 MM, PARA AGUA QUENTE PREDIAL","UN",2.7,"SINAPI-I"]
[38440,"JOELHO PPR, 90 GRAUS, SOLDAVEL, DN 110 MM, PARA AGUA QUENTE PREDIAL","UN",93.21,"SINAPI-I"]
[36359,"JOELHO PPR, 90 GRAUS, SOLDAVEL, DN 20 MM, PARA AGUA QUENTE PREDIAL","UN",1.1499999999999999,"SINAPI-I"]
[36360,"JOELHO PPR, 90 GRAUS, SOLDAVEL, DN 25 MM, PARA AGUA QUENTE PREDIAL","UN",1.78,"SINAPI-I"]
[38434,"JOELHO PPR, 90 GRAUS, SOLDAVEL, DN 32 MM, PARA AGUA QUENTE PREDIAL","UN",2.73,"SINAPI-I"]
[38435,"JOELHO PPR, 90 GRAUS, SOLDAVEL, DN 40 MM, PARA AGUA QUENTE PREDIAL","UN",5.2,"SINAPI-I"]
[38436,"JOELHO PPR, 90 GRAUS, SOLDAVEL, DN 50 MM, PARA AGUA QUENTE PREDIAL","UN",10.74,"SINAPI-I"]
[38437,"JOELHO PPR, 90 GRAUS, SOLDAVEL, DN 63 MM, PARA AGUA QUENTE PREDIAL","UN",16.14,"SINAPI-I"]
[38438,"JOELHO PPR, 90 GRAUS, SOLDAVEL, DN 75 MM, PARA AGUA QUENTE PREDIAL","UN",40.78,"SINAPI-I"]
[38439,"JOELHO PPR, 90 GRAUS, SOLDAVEL, DN 90 MM, PARA AGUA QUENTE PREDIAL","UN",62.15,"SINAPI-I"]
[10836,"JOELHO PVC COM VISITA, 90 GRAUS, DN 100 X 50 MM, SERIE NORMAL, PARA ESGOTO PREDIAL","UN",10.62,"SINAPI-I"]
[20128,"JOELHO PVC LEVE, 45 GRAUS, DN 150 MM, PARA ESGOTO PREDIAL","UN",31.12,"SINAPI-I"]
[20131,"JOELHO PVC LEVE, 90 GRAUS, DN 150 MM, PARA ESGOTO PREDIAL","UN",28.4,"SINAPI-I"]
[3521,"JOELHO PVC,  SOLDAVEL COM ROSCA, 90 GRAUS, 20 MM X 1/2\", PARA AGUA FRIA PREDIAL","UN",1.21,"SINAPI-I"]
[3531,"JOELHO PVC,  SOLDAVEL COM ROSCA, 90 GRAUS, 25 MM X 1/2\", PARA AGUA FRIA PREDIAL","UN",1.37,"SINAPI-I"]
[3522,"JOELHO PVC,  SOLDAVEL COM ROSCA, 90 GRAUS, 25 MM X 3/4\", PARA AGUA FRIA PREDIAL","UN",2.04,"SINAPI-I"]
[3527,"JOELHO PVC,  SOLDAVEL COM ROSCA, 90 GRAUS, 32 MM X 3/4\", PARA AGUA FRIA PREDIAL","UN",7.03,"SINAPI-I"]
[10835,"JOELHO PVC, COM BOLSA E ANEL, 90 GRAUS, DN 40 X *38* MM, SERIE NORMAL, PARA ESGOTO PREDIAL","UN",2.2200000000000002,"SINAPI-I"]
[3475,"JOELHO PVC, ROSCAVEL, 45 GRAUS, 1/2\", PARA AGUA FRIA PREDIAL","UN",2.36,"SINAPI-I"]
[3485,"JOELHO PVC, ROSCAVEL, 45 GRAUS, 1\", PARA AGUA FRIA PREDIAL","UN",7.55,"SINAPI-I"]
[3534,"JOELHO PVC, ROSCAVEL, 45 GRAUS, 3/4\", PARA AGUA FRIA PREDIAL","UN",2.98,"SINAPI-I"]
[3543,"JOELHO PVC, ROSCAVEL, 90 GRAUS, 1/2\", PARA AGUA FRIA PREDIAL","UN",1.5,"SINAPI-I"]
[3482,"JOELHO PVC, ROSCAVEL, 90 GRAUS, 1\", PARA AGUA FRIA PREDIAL","UN",3.79,"SINAPI-I"]
[3505,"JOELHO PVC, ROSCAVEL, 90 GRAUS, 3/4\", PARA AGUA FRIA PREDIAL","UN",2.15,"SINAPI-I"]
[3516,"JOELHO PVC, SOLDAVEL, BB, 45 GRAUS, DN 40 MM, PARA ESGOTO PREDIAL","UN",0.57999999999999996,"SINAPI-I"]
[3517,"JOELHO PVC, SOLDAVEL, BB, 90 GRAUS, DN 40 MM, PARA ESGOTO PREDIAL","UN",2.0299999999999998,"SINAPI-I"]
[3515,"JOELHO PVC, SOLDAVEL, COM BUCHA DE LATAO, 90 GRAUS, 20 MM X 1/2\", PARA AGUA FRIA PREDIAL","UN",3.48,"SINAPI-I"]
[20147,"JOELHO PVC, SOLDAVEL, COM BUCHA DE LATAO, 90 GRAUS, 25 MM X 1/2\", PARA AGUA FRIA PREDIAL","UN",3.75,"SINAPI-I"]
[3524,"JOELHO PVC, SOLDAVEL, COM BUCHA DE LATAO, 90 GRAUS, 25 MM X 3/4\", PARA AGUA FRIA PREDIAL","UN",4.45,"SINAPI-I"]
[3532,"JOELHO PVC, SOLDAVEL, COM BUCHA DE LATAO, 90 GRAUS, 32 MM X 3/4\", PARA AGUA FRIA PREDIAL","UN",8.14,"SINAPI-I"]
[3528,"JOELHO PVC, SOLDAVEL, PB, 45 GRAUS, DN 100 MM, PARA ESGOTO PREDIAL","UN",4.58,"SINAPI-I"]
[37952,"JOELHO PVC, SOLDAVEL, PB, 45 GRAUS, DN 150 MM, PARA ESGOTO PREDIAL","UN",32.630000000000003,"SINAPI-I"]
[37951,"JOELHO PVC, SOLDAVEL, PB, 45 GRAUS, DN 40 MM, PARA ESGOTO PREDIAL","UN",1.18,"SINAPI-I"]
[3518,"JOELHO PVC, SOLDAVEL, PB, 45 GRAUS, DN 50 MM, PARA ESGOTO PREDIAL","UN",1.73,"SINAPI-I"]
[3519,"JOELHO PVC, SOLDAVEL, PB, 45 GRAUS, DN 75 MM, PARA ESGOTO PREDIAL","UN",4.1100000000000003,"SINAPI-I"]
[3520,"JOELHO PVC, SOLDAVEL, PB, 90 GRAUS, DN 100 MM, PARA ESGOTO PREDIAL","UN",4.6100000000000003,"SINAPI-I"]
[37950,"JOELHO PVC, SOLDAVEL, PB, 90 GRAUS, DN 150 MM, PARA ESGOTO PREDIAL","UN",28.4,"SINAPI-I"]
[37949,"JOELHO PVC, SOLDAVEL, PB, 90 GRAUS, DN 40 MM, PARA ESGOTO PREDIAL","UN",1.04,"SINAPI-I"]
[3526,"JOELHO PVC, SOLDAVEL, PB, 90 GRAUS, DN 50 MM, PARA ESGOTO PREDIAL","UN",1.39,"SINAPI-I"]
[3509,"JOELHO PVC, SOLDAVEL, PB, 90 GRAUS, DN 75 MM, PARA ESGOTO PREDIAL","UN",3.62,"SINAPI-I"]
[3530,"JOELHO PVC, SOLDAVEL, 90 GRAUS, 110 MM, PARA AGUA FRIA PREDIAL","UN",140.19,"SINAPI-I"]
[3542,"JOELHO PVC, SOLDAVEL, 90 GRAUS, 20 MM, PARA AGUA FRIA PREDIAL","UN",0.32,"SINAPI-I"]
[3529,"JOELHO PVC, SOLDAVEL, 90 GRAUS, 25 MM, PARA AGUA FRIA PREDIAL","UN",0.45,"SINAPI-I"]
[3536,"JOELHO PVC, SOLDAVEL, 90 GRAUS, 32 MM, PARA AGUA FRIA PREDIAL","UN",1.34,"SINAPI-I"]
[3535,"JOELHO PVC, SOLDAVEL, 90 GRAUS, 40 MM, PARA AGUA FRIA PREDIAL","UN",3.18,"SINAPI-I"]
[3540,"JOELHO PVC, SOLDAVEL, 90 GRAUS, 50 MM, PARA AGUA FRIA PREDIAL","UN",3.44,"SINAPI-I"]
[3539,"JOELHO PVC, SOLDAVEL, 90 GRAUS, 60 MM, PARA AGUA FRIA PREDIAL","UN",14.95,"SINAPI-I"]
[3513,"JOELHO PVC, SOLDAVEL, 90 GRAUS, 85 MM, PARA AGUA FRIA PREDIAL","UN",66.45,"SINAPI-I"]
[3492,"JOELHO PVC, 45 GRAUS, ROSCAVEL,  1 1/2\", AGUA FRIA PREDIAL","UN",12.79,"SINAPI-I"]
[3491,"JOELHO PVC, 45 GRAUS, ROSCAVEL, 1 1/4\",  AGUA FRIA PREDIAL","UN",7.29,"SINAPI-I"]
[3493,"JOELHO PVC, 45 GRAUS, ROSCAVEL, 2\", AGUA FRIA PREDIAL","UN",17.489999999999998,"SINAPI-I"]
[12628,"JOELHO PVC, 60 GRAUS, DIAMETRO ENTRE 80 E 100 MM, PARA DRENAGEM PLUVIAL PREDIAL","UN",6.46,"SINAPI-I"]
[12629,"JOELHO PVC, 90 GRAUS, DIAMETRO ENTRE 80 E 100 MM, PARA DRENAGEM PLUVIAL PREDIAL","UN",7.01,"SINAPI-I"]
[3481,"JOELHO PVC, 90 GRAUS, ROSCAVEL, 1 1/2\",  AGUA FRIA PREDIAL","UN",8.86,"SINAPI-I"]
[3510,"JOELHO PVC, 90 GRAUS, ROSCAVEL, 1 1/4\", AGUA FRIA PREDIAL","UN",8.2799999999999994,"SINAPI-I"]
[3508,"JOELHO PVC, 90 GRAUS, ROSCAVEL, 2\", AGUA FRIA PREDIAL","UN",21.64,"SINAPI-I"]
[38939,"JOELHO ROSCA FEMEA MOVEL, METALICO, PARA CONEXAO COM ANEL DESLIZANTE EM TUBO PEX, DN 16 MM X 1/2\"","UN",11.3,"SINAPI-I"]
[38940,"JOELHO ROSCA FEMEA MOVEL, METALICO, PARA CONEXAO COM ANEL DESLIZANTE EM TUBO PEX, DN 20 MM X 1/2\"","UN",17.25,"SINAPI-I"]
[38941,"JOELHO ROSCA FEMEA MOVEL, METALICO, PARA CONEXAO COM ANEL DESLIZANTE EM TUBO PEX, DN 20 MM X 3/4\"","UN",20.38,"SINAPI-I"]
[38942,"JOELHO ROSCA FEMEA MOVEL, METALICO, PARA CONEXAO COM ANEL DESLIZANTE EM TUBO PEX, DN 25 MM X 3/4\"","UN",22.83,"SINAPI-I"]
[38987,"JOELHO 45 GRAUS, PPR, SOLDAVEL, F/ F, DN 40 MM, PARA AQUA QUENTE E FRIA PREDIAL","UN",4.84,"SINAPI-I"]
[38988,"JOELHO 45 GRAUS, PPR, SOLDAVEL, F/ F, DN 50 MM, PARA AQUA QUENTE E FRIA PREDIAL","UN",11.24,"SINAPI-I"]
[38989,"JOELHO 45 GRAUS, PPR, SOLDAVEL, F/ F, DN 63 MM, PARA AQUA QUENTE E FRIA PREDIAL","UN",14.93,"SINAPI-I"]
[38990,"JOELHO 45 GRAUS, PPR, SOLDAVEL, F/ F, DN 75 MM, PARA AQUA QUENTE E FRIA PREDIAL","UN",39.36,"SINAPI-I"]
[38991,"JOELHO 45 GRAUS, PPR, SOLDAVEL, F/ F, DN 90 MM, PARA AQUA QUENTE E FRIA PREDIAL","UN",79.53,"SINAPI-I"]
[38913,"JOELHO 90 GRAUS, METALICO, PARA CONEXAO COM ANEL DESLIZANTE EM TUBO PEX, DN 16 MM","UN",10.48,"SINAPI-I"]
[38914,"JOELHO 90 GRAUS, METALICO, PARA CONEXAO COM ANEL DESLIZANTE EM TUBO PEX, DN 20 MM","UN",12.16,"SINAPI-I"]
[38915,"JOELHO 90 GRAUS, METALICO, PARA CONEXAO COM ANEL DESLIZANTE EM TUBO PEX, DN 25 MM","UN",21.12,"SINAPI-I"]
[38916,"JOELHO 90 GRAUS, METALICO, PARA CONEXAO COM ANEL DESLIZANTE EM TUBO PEX, DN 32 MM","UN",27.86,"SINAPI-I"]
[39300,"JOELHO 90 GRAUS, PLASTICO, PARA CONEXAO COM CRIMPAGEM EM TUBO PEX, DN 16 MM","UN",9.4700000000000006,"SINAPI-I"]
[39301,"JOELHO 90 GRAUS, PLASTICO, PARA CONEXAO COM CRIMPAGEM EM TUBO PEX, DN 20 MM","UN",13.14,"SINAPI-I"]
[39302,"JOELHO 90 GRAUS, PLASTICO, PARA CONEXAO COM CRIMPAGEM EM TUBO PEX, DN 25 MM","UN",16.510000000000002,"SINAPI-I"]
[39303,"JOELHO 90 GRAUS, PLASTICO, PARA CONEXAO COM CRIMPAGEM EM TUBO PEX, DN 32 MM","UN",29.03,"SINAPI-I"]
[38923,"JOELHO 90 GRAUS, ROSCA FEMEA TERMINAL, METALICO, PARA CONEXAO COM ANEL DESLIZANTE EM TUBO PEX, DN 16 MM X 1/2\"","UN",9.25,"SINAPI-I"]
[38925,"JOELHO 90 GRAUS, ROSCA FEMEA TERMINAL, METALICO, PARA CONEXAO COM ANEL DESLIZANTE EM TUBO PEX, DN 20 MM X 1/2\"","UN",9.94,"SINAPI-I"]
[38926,"JOELHO 90 GRAUS, ROSCA FEMEA TERMINAL, METALICO, PARA CONEXAO COM ANEL DESLIZANTE EM TUBO PEX, DN 20 MM X 3/4\"","UN",14.19,"SINAPI-I"]
[38927,"JOELHO 90 GRAUS, ROSCA FEMEA TERMINAL, METALICO, PARA CONEXAO COM ANEL DESLIZANTE EM TUBO PEX, DN 25 MM X 3/4\"","UN",15.18,"SINAPI-I"]
[39304,"JOELHO 90 GRAUS, ROSCA FEMEA TERMINAL, PLASTICO, PARA CONEXAO COM CRIMPAGEM EM TUBO PEX, DN 16 MM X 1/2\"","UN",11.7,"SINAPI-I"]
[38924,"JOELHO 90 GRAUS, ROSCA FEMEA TERMINAL, PLASTICO, PARA CONEXAO COM CRIMPAGEM EM TUBO PEX, DN 16 MM X 3/4\"","UN",16.670000000000002,"SINAPI-I"]
[39305,"JOELHO 90 GRAUS, ROSCA FEMEA TERMINAL, PLASTICO, PARA CONEXAO COM CRIMPAGEM EM TUBO PEX, DN 20 MM X 1/2\"","UN",15.31,"SINAPI-I"]
[39306,"JOELHO 90 GRAUS, ROSCA FEMEA TERMINAL, PLASTICO, PARA CONEXAO COM CRIMPAGEM EM TUBO PEX, DN 20 MM X 3/4\"","UN",19.16,"SINAPI-I"]
[38928,"JOELHO 90 GRAUS, ROSCA FEMEA TERMINAL, PLASTICO, PARA CONEXAO COM CRIMPAGEM EM TUBO PEX, DN 25 MM X 1/2\"","UN",16.829999999999998,"SINAPI-I"]
[38929,"JOELHO 90 GRAUS, ROSCA FEMEA TERMINAL, PLASTICO, PARA CONEXAO COM CRIMPAGEM EM TUBO PEX, DN 25 MM X 1\"","UN",29.84,"SINAPI-I"]
[39307,"JOELHO 90 GRAUS, ROSCA FEMEA TERMINAL, PLASTICO, PARA CONEXAO COM CRIMPAGEM EM TUBO PEX, DN 25 MM X 3/4\"","UN",22.05,"SINAPI-I"]
[38930,"JOELHO 90 GRAUS, ROSCA FEMEA TERMINAL, PLASTICO, PARA CONEXAO COM CRIMPAGEM EM TUBO PEX, DN 32 MM X 1\"","UN",37.479999999999997,"SINAPI-I"]
[38931,"JOELHO 90 GRAUS, ROSCA MACHO TERMINAL, METALICO, PARA CONEXAO COM ANEL DESLIZANTE EM TUBO PEX, DN 16 MM X 1/2\"","UN",9.44,"SINAPI-I"]
[38932,"JOELHO 90 GRAUS, ROSCA MACHO TERMINAL, METALICO, PARA CONEXAO COM ANEL DESLIZANTE EM TUBO PEX, DN 20 MM X 1/2\"","UN",9.5299999999999994,"SINAPI-I"]
[38934,"JOELHO 90 GRAUS, ROSCA MACHO TERMINAL, METALICO, PARA CONEXAO COM ANEL DESLIZANTE EM TUBO PEX, DN 20 MM X 3/4\"","UN",14.09,"SINAPI-I"]
[38935,"JOELHO 90 GRAUS, ROSCA MACHO TERMINAL, METALICO, PARA CONEXAO COM ANEL DESLIZANTE EM TUBO PEX, DN 25 MM X 3/4\"","UN",15.07,"SINAPI-I"]
[38936,"JOELHO 90 GRAUS, ROSCA MACHO TERMINAL, PLASTICO, PARA CONEXAO COM CRIMPAGEM EM TUBO PEX, DN 25 MM X 1/2\"","UN",16.14,"SINAPI-I"]
[38937,"JOELHO 90 GRAUS, ROSCA MACHO TERMINAL, PLASTICO, PARA CONEXAO COM CRIMPAGEM EM TUBO PEX, DN 25 MM X 1\"","UN",19.68,"SINAPI-I"]
[38938,"JOELHO 90 GRAUS, ROSCA MACHO TERMINAL, PLASTICO, PARA CONEXAO COM CRIMPAGEM EM TUBO PEX, DN 32 MM X 1\"","UN",29.26,"SINAPI-I"]
[3489,"JOELHO, PVC COM ROSCA E BUCHA LATAO, 90 GRAUS,  3/4\", PARA AGUA FRIA PREDIAL","UN",8.18,"SINAPI-I"]
[20151,"JOELHO, PVC SERIE R, 45 GRAUS, DN 100 MM, PARA ESGOTO PREDIAL","UN",12.79,"SINAPI-I"]
[20152,"JOELHO, PVC SERIE R, 45 GRAUS, DN 150 MM, PARA ESGOTO PREDIAL","UN",44.51,"SINAPI-I"]
[20148,"JOELHO, PVC SERIE R, 45 GRAUS, DN 40 MM, PARA ESGOTO PREDIAL","UN",2.54,"SINAPI-I"]
[20149,"JOELHO, PVC SERIE R, 45 GRAUS, DN 50 MM, PARA ESGOTO PREDIAL","UN",3.94,"SINAPI-I"]
[20150,"JOELHO, PVC SERIE R, 45 GRAUS, DN 75 MM, PARA ESGOTO PREDIAL","UN",9.18,"SINAPI-I"]
[20157,"JOELHO, PVC SERIE R, 90 GRAUS, DN 100 MM, PARA ESGOTO PREDIAL","UN",17.260000000000002,"SINAPI-I"]
[20158,"JOELHO, PVC SERIE R, 90 GRAUS, DN 150 MM, PARA ESGOTO PREDIAL","UN",57.34,"SINAPI-I"]
[20154,"JOELHO, PVC SERIE R, 90 GRAUS, DN 40 MM, PARA ESGOTO PREDIAL","UN",3.27,"SINAPI-I"]
[20155,"JOELHO, PVC SERIE R, 90 GRAUS, DN 50 MM, PARA ESGOTO PREDIAL","UN",4.8899999999999997,"SINAPI-I"]
[20156,"JOELHO, PVC SERIE R, 90 GRAUS, DN 75 MM, PARA ESGOTO PREDIAL","UN",11.02,"SINAPI-I"]
[3512,"JOELHO, PVC SOLDAVEL, 45 GRAUS, 110 MM, PARA AGUA FRIA PREDIAL","UN",128.19999999999999,"SINAPI-I"]
[3499,"JOELHO, PVC SOLDAVEL, 45 GRAUS, 20 MM, PARA AGUA FRIA PREDIAL","UN",0.54,"SINAPI-I"]
[3500,"JOELHO, PVC SOLDAVEL, 45 GRAUS, 25 MM, PARA AGUA FRIA PREDIAL","UN",0.92,"SINAPI-I"]
[3501,"JOELHO, PVC SOLDAVEL, 45 GRAUS, 32 MM, PARA AGUA FRIA PREDIAL","UN",2.66,"SINAPI-I"]
[3502,"JOELHO, PVC SOLDAVEL, 45 GRAUS, 40 MM, PARA AGUA FRIA PREDIAL","UN",3.78,"SINAPI-I"]
[3503,"JOELHO, PVC SOLDAVEL, 45 GRAUS, 50 MM, PARA AGUA FRIA PREDIAL","UN",4.53,"SINAPI-I"]
[3477,"JOELHO, PVC SOLDAVEL, 45 GRAUS, 60 MM, PARA AGUA FRIA PREDIAL","UN",17.55,"SINAPI-I"]
[3478,"JOELHO, PVC SOLDAVEL, 45 GRAUS, 75 MM, PARA AGUA FRIA PREDIAL","UN",40.32,"SINAPI-I"]
[3525,"JOELHO, PVC SOLDAVEL, 45 GRAUS, 85 MM, PARA AGUA FRIA PREDIAL","UN",47.84,"SINAPI-I"]
[3511,"JOELHO, PVC SOLDAVEL, 90 GRAUS, 75 MM, PARA AGUA FRIA PREDIAL","UN",56.13,"SINAPI-I"]
[38917,"JOELHO, ROSCA FEMEA, COM BASE FIXA, METALICO, PARA CONEXAO COM ANEL DESLIZANTE EM TUBO PEX, DN 16 MM X 1/2\"","UN",9.0299999999999994,"SINAPI-I"]
[38919,"JOELHO, ROSCA FEMEA, COM BASE FIXA, METALICO, PARA CONEXAO COM ANEL DESLIZANTE EM TUBO PEX, DN 20 MM X 1/2\"","UN",13.43,"SINAPI-I"]
[38922,"JOELHO, ROSCA FEMEA, COM BASE FIXA, METALICO, PARA CONEXAO COM ANEL DESLIZANTE EM TUBO PEX, DN 25 MM X 3/4\"","UN",17.36,"SINAPI-I"]
[38921,"JOELHO, ROSCA FEMEA, COM BASE FIXA, PLASTICO, PARA CONEXAO COM CRIMPAGEM EM TUBO PEX, DN 25 MM X 1/2\"","UN",21.46,"SINAPI-I"]
[38918,"JOELHO, ROSCA FEMEA, COM BASE FIXA, PLASTICO, PARA CONEXAO POR CRIMPAGEM EM TUBO PEX, DN 16 MM X 3/4\"","UN",20.399999999999999,"SINAPI-I"]
[38920,"JOELHO, ROSCA FEMEA, COM BASE FIXA, PLASTICO, PARA CONEXAO POR CRIMPAGEM EM TUBO PEX, DN 20 MM X 3/4\"","UN",25.5,"SINAPI-I"]
[3104,"JOGO DE FERRAGENS CROMADAS P/ PORTA DE VIDRO TEMPERADO, UMA FOLHA COMPOSTA: DOBRADICA SUPERIOR (101) E INFERIOR (103),TRINCO (502), FECHADURA (520),CONTRA FECHADURA (531),COM CAPUCHINHO","CJ",371.49,"SINAPI-I"]
[12032,"JOGO DE TRANQUETA E ROSETA QUADRADA DE SOBREPOR SEM FUROS, EM LATAO CROMADO, *50 X 50* MM, PARA FECHADURA DE PORTA DE BANHEIRO","JG",41.1,"SINAPI-I"]
[12030,"JOGO DE TRANQUETA E ROSETA REDONDA DE SOBREPOR SEM FUROS, EM LATAO CROMADO, DIAMETRO *50* MM, PARA FECHADURA DE PORTA DE BANHEIRO","JG",38.61,"SINAPI-I"]
[10908,"JUNCAO DE REDUCAO INVERTIDA, PVC SOLDAVEL, 100 X 50 MM, SERIE NORMAL PARA ESGOTO PREDIAL","UN",9.66,"SINAPI-I"]
[10909,"JUNCAO DE REDUCAO INVERTIDA, PVC SOLDAVEL, 100 X 75 MM, SERIE NORMAL PARA ESGOTO PREDIAL","UN",15.41,"SINAPI-I"]
[3669,"JUNCAO DE REDUCAO INVERTIDA, PVC SOLDAVEL, 75 X 50 MM, SERIE NORMAL PARA ESGOTO PREDIAL","UN",6.6,"SINAPI-I"]
[20138,"JUNCAO DE REDUCAO SIMPLES, COM BOLSA PARA ANEL, PVC LEVE,  150 X 100 MM, PARA ESGOTO PREDIAL","UN",32.81,"SINAPI-I"]
[20139,"JUNCAO DUPLA, PVC SERIE R, DN 100 X 100 X 100 MM, PARA ESGOTO PREDIAL","UN",55.12,"SINAPI-I"]
[3668,"JUNCAO DUPLA, PVC SOLDAVEL, DN 100 X 100 X 100 MM , SERIE NORMAL PARA ESGOTO PREDIAL","UN",21.85,"SINAPI-I"]
[3656,"JUNCAO DUPLA, PVC SOLDAVEL, DN 75 X 75 X 75 MM , SERIE NORMAL PARA ESGOTO PREDIAL","UN",10.83,"SINAPI-I"]
[10911,"JUNCAO INVERTIDA, PVC SOLDAVEL, 75 X 75 MM, SERIE NORMAL PARA ESGOTO PREDIAL","UN",12.02,"SINAPI-I"]
[3654,"JUNCAO PVC  ROSCAVEL, 45 GRAUS, 1/2\", PARA AGUA FRIA PREDIAL","UN",2.84,"SINAPI-I"]
[3664,"JUNCAO PVC  ROSCAVEL, 45 GRAUS, 3/4\", PARA AGUA FRIA PREDIAL","UN",3.53,"SINAPI-I"]
[3657,"JUNCAO PVC, 45 GRAUS, ROSCAVEL, 1 1/4\", AGUA FRIA PREDIAL","UN",3.81,"SINAPI-I"]
[12625,"JUNCAO PVC, 60 GRAUS, CIRCULAR,  DIAMETRO ENTRE 80 E 100 MM, PARA DRENAGEM PLUVIAL PREDIAL","UN",8.86,"SINAPI-I"]
[20136,"JUNCAO SIMPLES, PVC LEVE, 150 MM, PARA ESGOTO PREDIAL","UN",74.040000000000006,"SINAPI-I"]
[20144,"JUNCAO SIMPLES, PVC SERIE R, DN 100 X 100 MM, PARA ESGOTO PREDIAL","UN",32.520000000000003,"SINAPI-I"]
[20143,"JUNCAO SIMPLES, PVC SERIE R, DN 100 X 75 MM, PARA ESGOTO PREDIAL","UN",30.37,"SINAPI-I"]
[20145,"JUNCAO SIMPLES, PVC SERIE R, DN 150 X 100 MM, PARA ESGOTO PREDIAL","UN",86.19,"SINAPI-I"]
[20146,"JUNCAO SIMPLES, PVC SERIE R, DN 150 X 150 MM, PARA ESGOTO PREDIAL","UN",97.19,"SINAPI-I"]
[20140,"JUNCAO SIMPLES, PVC SERIE R, DN 40 X 40 MM, PARA ESGOTO PREDIAL","UN",3.87,"SINAPI-I"]
[20141,"JUNCAO SIMPLES, PVC SERIE R, DN 50 X 50 MM, PARA ESGOTO PREDIAL","UN",6.79,"SINAPI-I"]
[20142,"JUNCAO SIMPLES, PVC SERIE R, DN 75 X 75 MM, PARA ESGOTO PREDIAL","UN",20.78,"SINAPI-I"]
[3659,"JUNCAO SIMPLES, PVC, DN 100 X 50 MM, SERIE NORMAL PARA ESGOTO PREDIAL","UN",9.01,"SINAPI-I"]
[3660,"JUNCAO SIMPLES, PVC, DN 100 X 75 MM, SERIE NORMAL PARA ESGOTO PREDIAL","UN",12.99,"SINAPI-I"]
[3662,"JUNCAO SIMPLES, PVC, DN 50 X 50 MM, SERIE NORMAL PARA ESGOTO PREDIAL","UN",4.91,"SINAPI-I"]
[3661,"JUNCAO SIMPLES, PVC, DN 75 X 50 MM, SERIE NORMAL PARA ESGOTO PREDIAL","UN",7.22,"SINAPI-I"]
[3658,"JUNCAO SIMPLES, PVC, DN 75 X 75 MM, SERIE NORMAL PARA ESGOTO PREDIAL","UN",9.19,"SINAPI-I"]
[3670,"JUNCAO SIMPLES, PVC, 45 GRAUS, DN 100 X 100 MM, SERIE NORMAL PARA ESGOTO PREDIAL","UN",11.99,"SINAPI-I"]
[3666,"JUNCAO SIMPLES, PVC, 45 GRAUS, DN 40 X 40 MM, SERIE NORMAL PARA ESGOTO PREDIAL","UN",2.0299999999999998,"SINAPI-I"]
[14157,"JUNCAO 2 GARRAS PARA FITA PERFURADA","UN",0.83,"SINAPI-I"]
[3653,"JUNCAO, PVC, 45 GRAUS, JE, BBB, DN 100 MM, PARA REDE COLETORA DE ESGOTO (NBR 10569)","UN",67.38,"SINAPI-I"]
[3649,"JUNCAO, PVC, 45 GRAUS, JE, BBB, DN 150 MM, PARA REDE COLETORA DE ESGOTO (NBR 10569)","UN",139.55000000000001,"SINAPI-I"]
[42696,"JUNCAO, PVC, 45 GRAUS, JE, BBB, DN 150 MM, PARA TUBO CORRUGADO E/OU LISO, REDE COLETORA DE ESGOTO (NBR 10569)","UN",390.46,"SINAPI-I"]
[42697,"JUNCAO, PVC, 45 GRAUS, JE, BBB, DN 200 MM, PARA TUBO CORRUGADO E/OU LISO, REDE COLETORA DE ESGOTO (NBR 10569)","UN",588.04999999999995,"SINAPI-I"]
[42698,"JUNCAO, PVC, 45 GRAUS, JE, BBB, DN 250 MM, PARA TUBO CORRUGADO E/OU LISO, REDE COLETORA DE ESGOTO (NBR 10569)","UN",819.14,"SINAPI-I"]
[39875,"JUNTA DE EXPANSAO BRONZE/LATAO (REF 900), PONTA X PONTA, 35 MM","UN",349.31,"SINAPI-I"]
[39876,"JUNTA DE EXPANSAO BRONZE/LATAO (REF 900), PONTA X PONTA, 42 MM","UN",437.33,"SINAPI-I"]
[39877,"JUNTA DE EXPANSAO BRONZE/LATAO (REF 900), PONTA X PONTA, 54 MM","UN",606.57000000000005,"SINAPI-I"]
[39878,"JUNTA DE EXPANSAO BRONZE/LATAO (REF 900), PONTA X PONTA, 66 MM","UN",801.17,"SINAPI-I"]
[39872,"JUNTA DE EXPANSAO DE COBRE (REF 900), PONTA X PONTA, 15 MM","UN",239.55,"SINAPI-I"]
[39873,"JUNTA DE EXPANSAO DE COBRE (REF 900), PONTA X PONTA, 22 MM","UN",277.86,"SINAPI-I"]
[39874,"JUNTA DE EXPANSAO DE COBRE (REF 900), PONTA X PONTA, 28 MM","UN",305.19,"SINAPI-I"]
[3674,"JUNTA DILATACAO ELASTICA PARA CONCRETO (FUGENBAND) O-12, ATE 5 MCA","M",55.69,"SINAPI-I"]
[3681,"JUNTA DILATACAO ELASTICA PARA CONCRETO (FUGENBAND) O-22, ATE 30 MCA","M",82.86,"SINAPI-I"]
[3676,"JUNTA DILATACAO ELASTICA PARA CONCRETO (FUGENBAND) O-35/10, ATE 100 MCA","M",311.83999999999997,"SINAPI-I"]
[3679,"JUNTA DILATACAO ELASTICA PARA CONCRETO (FUGENBAND) O-35/6, ATE 100 MCA","M",257.99,"SINAPI-I"]
[3672,"JUNTA PLASTICA DE DILATACAO PARA PISOS, COR CINZA, 10 X 4,5 MM (ALTURA X ESPESSURA)","M",0.88,"SINAPI-I"]
[3671,"JUNTA PLASTICA DE DILATACAO PARA PISOS, COR CINZA, 17 X 3 MM (ALTURA X ESPESSURA)","M",0.83,"SINAPI-I"]
[3673,"JUNTA PLASTICA DE DILATACAO PARA PISOS, COR CINZA, 27 X 3 MM (ALTURA X ESPESSURA)","M",1.3,"SINAPI-I"]
[38394,"KIT ACESSORIOS PARA COMPRESSOR DE AR, 5 PECAS (PISTOLAS PINTURA, LIMPEZA E PULVERIZACAO, CALIBRADOR E MANGUEIRA)","UN",252.81,"SINAPI-I"]
[3729,"KIT CAVALETE, PVC, COM REGISTRO, PARA HIDROMETRO, BITOLAS 1/2\" OU 3/4\" - COMPLETO","UN",47.6,"SINAPI-I"]
[39357,"KIT CHASSI COZINHA, CUBA SIMPLES SEM MAQUINA LAVAR LOUCA PARA INSTALACAO PEX, QUADRO METALICO COM TRAVESSA COM FURO PARA ESGOTO DN 50 MM E FUROS SUPERIORES PARA AGUA, LARGURA *340* MM X ALTURA *650* MM, PARA CONEXAO COM ANEL DESLIZANTE (INCLUI TUBOS E CONEXOES PEX E TUBO E CONEXAO ESGOTO, NAO INCLUI CARENAGEM)","UN",82.04,"SINAPI-I"]
[39358,"KIT CHASSI COZINHA, CUBA SIMPLES SEM MAQUINA LAVAR LOUCA PARA INSTALACAO PEX, QUADRO METALICO COM TRAVESSA COM FURO PARA ESGOTO DN 50 MM E FUROS SUPERIORES PARA AGUA, LARGURA *340* MM X ALTURA *650* MM, PARA CONEXAO COM CRIMPAGEM (INCLUI TUBOS E CONEXOESPEX E TUBO E CONEXAO ESGOTO, NAO INCLUI CARENAGEM)","UN",89.96,"SINAPI-I"]
[39356,"KIT CHASSI TANQUE COM MAQUINA LAVAR ROUPA PARA INSTALACAO PEX, QUADRO METALICO COM TRAVESSA COM  FURO PARA ESGOTO DN 50 MM, FURO LATERAL PARA MAQUINA E FUROS SUPERIORES PARA AGUA, LARGURA *344* MM X ALTURA *442* MM, PARA CONEXAO COM CRIMPAGEM (INCLUI TUBOS E CONEXOES PEX E TUBO E CONEXAO ESGOTO, NAO INCLUI CARENAGEM)","UN",153.47,"SINAPI-I"]
[39355,"KIT CHASSI TANQUE COM MAQUINA LAVAR ROUPA PARA INSTALACAO PEX, QUADRO METALICO COM TRAVESSA COM FURO PARA ESGOTO DN 50 MM, FURO LATERAL PARA MAQUINA E FUROS SUPERIORES PARA AGUA, LARGURA *344* MM X ALTURA *442* MM, PARA CONEXAO COM ANEL DESLIZANTE (INCLUI TUBOS E CONEXOES PEX E TUBO E CONEXAO ESGOTO, NAO INCLUI CARENAGEM)","UN",132.07,"SINAPI-I"]
[39353,"KIT CHUVEIRO PARA INSTALACAO PEX, QUADRO METALICO COM 2 TRAVESSAS, SUPERIOR COM ESPERA PARA CHUVEIRO E INFERIOR COM 2 REGISTROS DE PRESSAO DE 1/2 \", LARGURA DE *390* MM X ALTURA DE *900* MM, PARA CONEXAO COM ANEL DESLIZANTE (INCLUI REGISTROS PRESSAO E TUBOS PEX COM CONEXOES, SEM REGISTRO GAVETA, NAO INCLUI CARENAGEM)","UN",181.11,"SINAPI-I"]
[39354,"KIT CHUVEIRO PARA INSTALACAO PEX, QUADRO METALICO COM 2 TRAVESSAS, SUPERIOR COM ESPERA PARA CHUVEIRO E INFERIOR COM 2 REGISTROS DE PRESSAO DE 1/2 \", LARGURA DE *390* MM X ALTURA DE *900* MM, PARA CONEXAO COM CRIMPAGEM (INCLUI REGISTROS PRESSAO E TUBOS PEX COM CONEXOES, SEM REGISTRO GAVETA, NAO INCLUI CARENAGEM)","UN",180.5,"SINAPI-I"]
[39398,"KIT DE ACESSORIOS PARA BANHEIRO EM METAL CROMADO, 5 PECAS","UN",88.37,"SINAPI-I"]
[13343,"KIT DE MATERIAIS PARA BRACADEIRA PARA FIXACAO EM POSTE CIRCULAR, CONTEM TRES FIXADORES E UM ROLO DE FITA DE 3 M EM ACO CARBONO","UN",19.989999999999998,"SINAPI-I"]
[12118,"KIT DE PROTECAO ARSTOP PARA AR CONDICIONADO, TOMADA PADRAO 2P+T 20 A, COM DISJUNTOR UNIPOLAR DIN 20A","UN",19.690000000000001,"SINAPI-I"]
[39482,"KIT PORTA PRONTA DE MADEIRA, FOLHA LEVE (NBR 15930) DE 60 X 210 CM, E = *35* MM, COM MARCO EM ACO, NUCLEO COLMEIA, CAPA LISA EM HDF, ACABAMENTO MELAMINICO BRANCO (INCLUI MARCO, ALIZARES, DOBRADICAS E FECHADURA)","UN",291.66000000000003,"SINAPI-I"]
[39486,"KIT PORTA PRONTA DE MADEIRA, FOLHA LEVE (NBR 15930) DE 60 X 210 CM, E = 35 MM, NUCLEO COLMEIA, ESTRUTURA USINADA PARA FECHADURA, CAPA LISA EM HDF, ACABAMENTO EM PRIMER PARA PINTURA (INCLUI MARCO, ALIZARES E DOBRADICAS)","UN",256.95999999999998,"SINAPI-I"]
[39483,"KIT PORTA PRONTA DE MADEIRA, FOLHA LEVE (NBR 15930) DE 70 X 210 CM, E = *35* MM, COM MARCO EM ACO, NUCLEO COLMEIA, CAPA LISA EM HDF, ACABAMENTO MELAMINICO BRANCO (INCLUI MARCO, ALIZARES, DOBRADICAS E FECHADURA)","UN",278.18,"SINAPI-I"]
[39487,"KIT PORTA PRONTA DE MADEIRA, FOLHA LEVE (NBR 15930) DE 70 X 210 CM, E = 35 MM, NUCLEO COLMEIA, ESTRUTURA USINADA PARA FECHADURA, CAPA LISA EM HDF, ACABAMENTO EM PRIMER PARA PINTURA (INCLUI MARCO, ALIZARES E DOBRADICAS)","UN",259.62,"SINAPI-I"]
[39484,"KIT PORTA PRONTA DE MADEIRA, FOLHA LEVE (NBR 15930) DE 80 X 210 CM, E = *35* MM, COM MARCO EM ACO, NUCLEO COLMEIA, CAPA LISA EM HDF, ACABAMENTO MELAMINICO BRANCO (INCLUI MARCO, ALIZARES, DOBRADICAS E FECHADURA)","UN",280.83,"SINAPI-I"]
[39488,"KIT PORTA PRONTA DE MADEIRA, FOLHA LEVE (NBR 15930) DE 80 X 210 CM, E = 35 MM, NUCLEO COLMEIA, ESTRUTURA USINADA PARA FECHADURA, CAPA LISA EM HDF, ACABAMENTO EM PRIMER PARA PINTURA (INCLUI MARCO, ALIZARES E DOBRADICAS)","UN",262.27,"SINAPI-I"]
[39485,"KIT PORTA PRONTA DE MADEIRA, FOLHA LEVE (NBR 15930) DE 90 X 210 CM, E = *35* MM, COM MARCO EM ACO, NUCLEO COLMEIA, CAPA LISA EM HDF, ACABAMENTO MELAMINICO BRANCO (INCLUI MARCO, ALIZARES, DOBRADICAS E FECHADURA)","UN",294.10000000000002,"SINAPI-I"]
[39489,"KIT PORTA PRONTA DE MADEIRA, FOLHA LEVE (NBR 15930) DE 90 X 210 CM, E = 35 MM, NUCLEO COLMEIA, ESTRUTURA USINADA PARA FECHADURA, CAPA LISA EM HDF, ACABAMENTO EM PRIMER PARA PINTURA (INCLUI MARCO, ALIZARES E DOBRADICAS)","UN",275.54000000000002,"SINAPI-I"]
[39494,"KIT PORTA PRONTA DE MADEIRA, FOLHA MEDIA (NBR 15930) DE 60 X 210 CM, E = 35 MM, NUCLEO SARRAFEADO, ESTRUTURA USINADA PARA FECHADURA, CAPA LISA EM HDF, ACABAMENTO EM PRIMER PARA PINTURA (INCLUI MARCO, ALIZARES E DOBRADICAS)","UN",281.06,"SINAPI-I"]
[39490,"KIT PORTA PRONTA DE MADEIRA, FOLHA MEDIA (NBR 15930) DE 60 X 210 CM, E = 35 MM, NUCLEO SARRAFEADO, ESTRUTURA USINADA PARA FECHADURA, CAPA LISA EM HDF, ACABAMENTO MELAMINICO BRANCO (INCLUI MARCO, ALIZARES E DOBRADICAS)","UN",318.60000000000002,"SINAPI-I"]
[39495,"KIT PORTA PRONTA DE MADEIRA, FOLHA MEDIA (NBR 15930) DE 70 X 210 CM, E = 35 MM, NUCLEO SARRAFEADO, ESTRUTURA USINADA PARA FECHADURA, CAPA LISA EM HDF, ACABAMENTO EM PRIMER PARA PINTURA (INCLUI MARCO, ALIZARES E DOBRADICAS)","UN",291.66000000000003,"SINAPI-I"]
[39491,"KIT PORTA PRONTA DE MADEIRA, FOLHA MEDIA (NBR 15930) DE 70 X 210 CM, E = 35 MM, NUCLEO SARRAFEADO, ESTRUTURA USINADA PARA FECHADURA, CAPA LISA EM HDF, ACABAMENTO MELAMINICO BRANCO (INCLUI MARCO, ALIZARES E DOBRADICAS)","UN",328.78,"SINAPI-I"]
[39496,"KIT PORTA PRONTA DE MADEIRA, FOLHA MEDIA (NBR 15930) DE 80 X 210 CM, E = 35 MM, NUCLEO SARRAFEADO, ESTRUTURA USINADA PARA FECHADURA, CAPA LISA EM HDF, ACABAMENTO EM PRIMER PARA PINTURA (INCLUI MARCO, ALIZARES E DOBRADICAS)","UN",302.16000000000003,"SINAPI-I"]
[39492,"KIT PORTA PRONTA DE MADEIRA, FOLHA MEDIA (NBR 15930) DE 80 X 210 CM, E = 35 MM, NUCLEO SARRAFEADO, ESTRUTURA USINADA PARA FECHADURA, CAPA LISA EM HDF, ACABAMENTO MELAMINICO BRANCO (INCLUI MARCO, ALIZARES E DOBRADICAS)","UN",330.8,"SINAPI-I"]
[39497,"KIT PORTA PRONTA DE MADEIRA, FOLHA MEDIA (NBR 15930) DE 90 X 210 CM, E = 35 MM, NUCLEO SARRAFEADO, ESTRUTURA USINADA PARA FECHADURA, CAPA LISA EM HDF, ACABAMENTO EM PRIMER PARA PINTURA (INCLUI MARCO, ALIZARES E DOBRADICAS)","UN",312.77,"SINAPI-I"]
[39493,"KIT PORTA PRONTA DE MADEIRA, FOLHA MEDIA (NBR 15930) DE 90 X 210 CM, E = 35 MM, NUCLEO SARRAFEADO, ESTRUTURA USINADA PARA FECHADURA, CAPA LISA EM HDF, ACABAMENTO MELAMINICO BRANCO (INCLUI MARCO, ALIZARES E DOBRADICAS)","UN",349.99,"SINAPI-I"]
[39500,"KIT PORTA PRONTA DE MADEIRA, FOLHA PESADA (NBR 15930) DE 80 X 210 CM, E = 35 MM, NUCLEO SOLIDO, CAPA LISA EM HDF, ACABAMENTO MELAMINICO BRANCO (INCLUI MARCO, ALIZARES, DOBRADICAS E FECHADURA EXTERNA)","UN",351.14,"SINAPI-I"]
[39498,"KIT PORTA PRONTA DE MADEIRA, FOLHA PESADA (NBR 15930) DE 80 X 210 CM, E = 35 MM, NUCLEO SOLIDO, ESTRUTURA USINADA PARA FECHADURA, CAPA LISA EM HDF, ACABAMENTO EM LAMINADO NATURAL COM VERNIZ (INCLUI MARCO, ALIZARES E DOBRADICAS)","UN",390.46,"SINAPI-I"]
[39501,"KIT PORTA PRONTA DE MADEIRA, FOLHA PESADA (NBR 15930) DE 90 X 210 CM, E = 35 MM, NUCLEO SOLIDO, CAPA LISA EM HDF, ACABAMENTO MELAMINICO BRANCO (INCLUI MARCO, ALIZARES, DOBRADICAS E FECHADURA EXTERNA)","UN",360.28,"SINAPI-I"]
[39499,"KIT PORTA PRONTA DE MADEIRA, FOLHA PESADA (NBR 15930) DE 90 X 210 CM, E = 35 MM, NUCLEO SOLIDO, ESTRUTURA USINADA PARA FECHADURA, CAPA LISA EM HDF, ACABAMENTO EM LAMINADO NATURAL COM VERNIZ (INCLUI MARCO, ALIZARES E DOBRADICAS)","UN",423.57,"SINAPI-I"]
[3733,"LADRILHO HIDRAULICO, *20 x 20* CM, E= 2 CM, PADRAO COPACABANA, 2 CORES (PRETO E BRANCO)","M2",48.75,"SINAPI-I"]
[3731,"LADRILHO HIDRAULICO, *20 X 20* CM, E= 2 CM, DADOS, COR NATURAL","M2",45.25,"SINAPI-I"]
[38137,"LADRILHO HIDRAULICO, *20 X 20* CM, E= 2 CM, RAMPA, NATURAL","M2",45.51,"SINAPI-I"]
[38135,"LADRILHO HIDRAULICO, *20 X 20* CM, E= 2 CM, TATIL ALERTA OU DIRECIONAL, AMARELO","M2",57.7,"SINAPI-I"]
[38138,"LADRILHO HIDRAULICO, *30 X 30* CM, E= 2 CM, MILANO, NATURAL","M2",44.69,"SINAPI-I"]
[3736,"LAJE PRE-MOLDADA CONVENCIONAL (LAJOTAS + VIGOTAS) PARA FORRO, UNIDIRECIONAL, SOBRECARGA DE 100 KG/M2, VAO ATE 4,00 M (SEM COLOCACAO)","M2",29,"SINAPI-I"]
[3741,"LAJE PRE-MOLDADA CONVENCIONAL (LAJOTAS + VIGOTAS) PARA FORRO, UNIDIRECIONAL, SOBRECARGA DE 100 KG/M2, VAO ATE 4,50 M (SEM COLOCACAO)","M2",30.23,"SINAPI-I"]
[3745,"LAJE PRE-MOLDADA CONVENCIONAL (LAJOTAS + VIGOTAS) PARA FORRO, UNIDIRECIONAL, SOBRECARGA 100 KG/M2, VAO ATE 5,00 M (SEM COLOCACAO)","M2",32.590000000000003,"SINAPI-I"]
[3743,"LAJE PRE-MOLDADA CONVENCIONAL (LAJOTAS + VIGOTAS) PARA PISO, UNIDIRECIONAL, SOBRECARGA DE 200 KG/M2, VAO ATE 3,50 M (SEM COLOCACAO)","M2",30.12,"SINAPI-I"]
[3744,"LAJE PRE-MOLDADA CONVENCIONAL (LAJOTAS + VIGOTAS) PARA PISO, UNIDIRECIONAL, SOBRECARGA DE 200 KG/M2, VAO ATE 4,50 M (SEM COLOCACAO)","M2",33.15,"SINAPI-I"]
[3739,"LAJE PRE-MOLDADA CONVENCIONAL (LAJOTAS + VIGOTAS) PARA PISO, UNIDIRECIONAL, SOBRECARGA DE 200 KG/M2, VAO ATE 5,00 M (SEM COLOCACAO)","M2",34.840000000000003,"SINAPI-I"]
[3737,"LAJE PRE-MOLDADA CONVENCIONAL (LAJOTAS + VIGOTAS) PARA PISO, UNIDIRECIONAL, SOBRECARGA DE 350 KG/M2, VAO ATE 4,50 M (SEM COLOCACAO)","M2",36.53,"SINAPI-I"]
[3738,"LAJE PRE-MOLDADA CONVENCIONAL (LAJOTAS + VIGOTAS) PARA PISO, UNIDIRECIONAL, SOBRECARGA DE 350 KG/M2, VAO ATE 5,00 M (SEM COLOCACAO)","M2",42.15,"SINAPI-I"]
[3747,"LAJE PRE-MOLDADA CONVENCIONAL (LAJOTAS + VIGOTAS) PARA PISO, UNIDIRECIONAL, SOBRECARGA 350 KG/M2 VAO ATE 3,50 M (SEM COLOCACAO)","M2",33.15,"SINAPI-I"]
[11649,"LAJE PRE-MOLDADA DE TRANSICAO EXCENTRICA EM CONCRETO ARMADO, DN 1200 MM, FURO CIRCULAR DN 600 MM, ESPESSURA 12 CM","UN",240.54,"SINAPI-I"]
[11650,"LAJE PRE-MOLDADA DE TRANSICAO EXCENTRICA EM CONCRETO ARMADO, DN 1500 MM, FURO CIRCULAR DN 530 MM, ESPESSURA 15 CM","UN",409.99,"SINAPI-I"]
[3742,"LAJE PRE-MOLDADA TRELICADA (LAJOTAS + VIGOTAS) PARA FORRO, UNIDIRECIONAL, SOBRECARGA DE 100 KG/M2, VAO ATE 6,00 M (SEM COLOCACAO)","M2",43.72,"SINAPI-I"]
[3746,"LAJE PRE-MOLDADA TRELICADA (LAJOTAS + VIGOTAS) PARA PISO, UNIDIRECIONAL, SOBRECARGA DE 200 KG/M2, VAO ATE 6,00 M (SEM COLOCACAO)","M2",51.05,"SINAPI-I"]
[13250,"LAJOTA CERAMICA 20  X 30 CM PARA LAJE PRE-MOLDADA","UN",0.57999999999999996,"SINAPI-I"]
[11641,"LAJOTA CERAMICA 20 X 30 CM PARA LAJE PRE-MOLDADA","M2",9.6999999999999993,"SINAPI-I"]
[21106,"LAMBRIS DE ALUMINIO *0,6* KG/M","KG",31.41,"SINAPI-I"]
[3755,"LAMPADA DE LUZ MISTA 160 W, BASE E27 (220 V)","UN",18.489999999999998,"SINAPI-I"]
[3750,"LAMPADA DE LUZ MISTA 250 W, BASE E27 (220 V)","UN",24.86,"SINAPI-I"]
[3756,"LAMPADA DE LUZ MISTA 500 W, BASE E40 (220 V)","UN",46.45,"SINAPI-I"]
[39377,"LAMPADA FLUORESCENTE COMPACTA BRANCA 135 W, BASE E40 (127/220 V)","UN",137.62,"SINAPI-I"]
[38191,"LAMPADA FLUORESCENTE COMPACTA 2U BRANCA 15 W, BASE E27 (127/220 V)","UN",10.24,"SINAPI-I"]
[39381,"LAMPADA FLUORESCENTE COMPACTA 2U/3U BRANCA 9/10 W, BASE E27 (127/220 V)","UN",9.5500000000000007,"SINAPI-I"]
[38780,"LAMPADA FLUORESCENTE COMPACTA 3U BRANCA 20 W, BASE E27 (127/220 V)","UN",11.69,"SINAPI-I"]
[38781,"LAMPADA FLUORESCENTE ESPIRAL BRANCA 45 W, BASE E27 (127/220 V)","UN",39.47,"SINAPI-I"]
[38192,"LAMPADA FLUORESCENTE ESPIRAL BRANCA 65 W, BASE E27 (127/220 V)","UN",71.42,"SINAPI-I"]
[3753,"LAMPADA FLUORESCENTE TUBULAR T10, DE 20 OU 40 W, BIVOLT","UN",6.25,"SINAPI-I"]
[38782,"LAMPADA FLUORESCENTE TUBULAR T5 DE 14 W, BIVOLT","UN",8.14,"SINAPI-I"]
[38778,"LAMPADA FLUORESCENTE TUBULAR T8 DE 16/18 W, BIVOLT","UN",6.11,"SINAPI-I"]
[38779,"LAMPADA FLUORESCENTE TUBULAR T8 DE 32/36 W, BIVOLT","UN",6.47,"SINAPI-I"]
[39388,"LAMPADA LED TIPO DICROICA BIVOLT, LUZ BRANCA, 5 W (BASE GU10)","UN",31.55,"SINAPI-I"]
[39387,"LAMPADA LED TUBULAR BIVOLT 18/20 W, BASE G13","UN",53.22,"SINAPI-I"]
[39386,"LAMPADA LED TUBULAR BIVOLT 9/10 W, BASE G13","UN",35.200000000000003,"SINAPI-I"]
[38194,"LAMPADA LED 10 W BIVOLT BRANCA, FORMATO TRADICIONAL (BASE E27)","UN",30,"SINAPI-I"]
[38193,"LAMPADA LED 6 W BIVOLT BRANCA, FORMATO TRADICIONAL (BASE E27)","UN",22.19,"SINAPI-I"]
[12216,"LAMPADA VAPOR DE SODIO OVOIDE 150 W (BASE E40)","UN",35.72,"SINAPI-I"]
[3757,"LAMPADA VAPOR DE SODIO OVOIDE 250 W (BASE E40)","UN",41.3,"SINAPI-I"]
[3758,"LAMPADA VAPOR DE SODIO OVOIDE 400 W (BASE E40)","UN",48.15,"SINAPI-I"]
[12214,"LAMPADA VAPOR MERCURIO 125 W (BASE E27)","UN",16.489999999999998,"SINAPI-I"]
[3749,"LAMPADA VAPOR MERCURIO 250 W (BASE E40)","UN",29.39,"SINAPI-I"]
[3751,"LAMPADA VAPOR MERCURIO 400 W (BASE E40)","UN",40.11,"SINAPI-I"]
[39376,"LAMPADA VAPOR METALICO OVOIDE 150 W, BASE E27/E40","UN",33.81,"SINAPI-I"]
[3752,"LAMPADA VAPOR METALICO TUBULAR 400 W (BASE E40)","UN",66.16,"SINAPI-I"]
[746,"LAVADORA DE ALTA PRESSAO (LAVA-JATO) PARA AGUA FRIA, PRESSAO DE OPERACAO ENTRE 1400 E 1900 LIB/POL2, VAZAO MAXIMA ENTRE  400 E 700 L/H","UN",1900,"SINAPI-I"]
[36521,"LAVATORIO DE CANTO LOUCA BRANCA SUSPENSO *40 X 30* CM","UN",111.23,"SINAPI-I"]
[36794,"LAVATORIO LOUCA BRANCA COM COLUNA *44 X 35,5* CM","UN",113.38,"SINAPI-I"]
[10426,"LAVATORIO LOUCA BRANCA COM COLUNA *54 X 44* CM","UN",163.30000000000001,"SINAPI-I"]
[10425,"LAVATORIO LOUCA BRANCA SUSPENSO *40 X 30* CM","UN",72.010000000000005,"SINAPI-I"]
[10431,"LAVATORIO LOUCA COR COM COLUNA *54 X 44* CM","UN",179.15,"SINAPI-I"]
[10429,"LAVATORIO LOUCA COR SUSPENSO *40 X 30* CM","UN",85.88,"SINAPI-I"]
[20269,"LAVATORIO/CUBA DE EMBUTIR OVAL LOUCA BRANCA SEM LADRAO *50 X 35* CM","UN",70.78,"SINAPI-I"]
[20270,"LAVATORIO/CUBA DE EMBUTIR OVAL LOUCA COR SEM LADRAO *50 X 35* CM","UN",77.08,"SINAPI-I"]
[11696,"LAVATORIO/CUBA DE SOBREPOR OVAL PEQUENA LOUCA BRANCA SEM LADRAO *31 X 44*","UN",112.61,"SINAPI-I"]
[10427,"LAVATORIO/CUBA DE SOBREPOR RETANGULAR LOUCA BRANCA COM LADRAO *52 X 45* CM","UN",201.91,"SINAPI-I"]
[10428,"LAVATORIO/CUBA DE SOBREPOR RETANGULAR LOUCA COR COM LADRAO *52 X 45* CM","UN",204.92,"SINAPI-I"]
[2354,"LEITURISTA OU CADASTRISTA DE REDES DE AGUA E ESGOTO","H",16.37,"SINAPI-I"]
[40932,"LEITURISTA OU CADASTRISTA DE REDES DE AGUA E ESGOTO (MENSALISTA)","MES",2896.47,"SINAPI-I"]
[10853,"LETRA ACO INOX (AISI 304), CHAPA NUM. 22, RECORTADO, H= 20 CM (SEM RELEVO)","UN",83.05,"SINAPI-I"]
[5093,"LEVANTADOR DE JANELA GUILHOTINA, EM LATAO CROMADO","PAR",13.06,"SINAPI-I"]
[37768,"LIMPADORA A SUCCAO, TANQUE 12000 L, BASCULAMENTO HIDRAULICO, BOMBA 12 M3/MIN 95% VACUO (INCLUI MONTAGEM, NAO INCLUI CAMINHAO)","UN",98500,"SINAPI-I"]
[37773,"LIMPADORA DE SUCCAO TANQUE 7000 L, BOMBA 12 M3/MIN 95% VACUO (INCLUI MONTAGEM, NAO INCLUI CAMINHAO)","UN",83643.100000000006,"SINAPI-I"]
[37769,"LIMPADORA DE SUCCAO, TANQUE 11000 L, BOMBA 340 M3/MIN (INCLUI MONTAGEM, NAO INCLUI CAMINHAO)","UN",140029.09,"SINAPI-I"]
[37770,"LIMPADORA DE SUCCAO, TANQUE 5500 L, BOMBA 60M3/MIN, VACUO 500 MBAR (INCLUI MONTAGEM, NAO INCLUI CAMINHAO)","UN",237651.71,"SINAPI-I"]
[38382,"LINHA DE PEDREIRO LISA 100 M","UN",9.1999999999999993,"SINAPI-I"]
[6091,"LIQUIDO PARA BRILHO PAREDES INTERNAS","L",16.04,"SINAPI-I"]
[38383,"LIXA D'AGUA EM FOLHA, GRAO 100","UN",1.72,"SINAPI-I"]
[3768,"LIXA EM FOLHA PARA FERRO, NUMERO 150","UN",2.93,"SINAPI-I"]
[3767,"LIXA EM FOLHA PARA PAREDE OU MADEIRA, NUMERO 120 (COR VERMELHA)","UN",0.7,"SINAPI-I"]
[13192,"LIXADEIRA ELETRICA ANGULAR PARA CONCRETO, POTENCIA 1.400 W, PRATO DIAMANTADO DE 5''","UN",3621.19,"SINAPI-I"]
[38413,"LIXADEIRA ELETRICA ANGULAR, PARA DISCO DE 7 \" (180 MM), POTENCIA DE 2.200 W, *5.000* RPM, 220 V","UN",598.89,"SINAPI-I"]
[42440,"LIXEIRA DUPLA, COM CAPACIDADE VOLUMETRICA DE 60L*, FABRICADA EM TUBO DE ACO CARBONO, CESTOS EM CHAPA DE ACO E PINTURA NO PROCESSO ELETROSTATICO - PARA ACADEMIA AO AR LIVRE / ACADEMIA DA TERCEIRA IDADE - ATI","UN",702.04,"SINAPI-I"]
[20193,"LOCACAO DE ANDAIME METALICO TIPO FACHADEIRO, LARGURA DE 1,20 M, ALTURA POR PECA DE 2,0 M, INCLUINDO SAPATAS E ITENS NECESSARIOS A INSTALACAO","M2XMES",5.83,"SINAPI-I"]
[10527,"LOCACAO DE ANDAIME METALICO TUBULAR DE ENCAIXE, TIPO DE TORRE, COM LARGURA DE 1 ATE 1,5 M E ALTURA DE *1,00* M","MXMES",17.5,"SINAPI-I"]
[41805,"LOCACAO DE ANDAIME SUSPENSO OU BALANCIM MANUAL, CAPACIDADE DE CARGA TOTAL DE APROXIMADAMENTE 250 KG/M2, PLATAFORMA DE 1,50 M X 0,80 M (C X L), CABO DE 45 M","MES",650,"SINAPI-I"]
[40271,"LOCACAO DE APRUMADOR METALICO DE PILAR, COM ALTURA E ANGULO REGULAVEIS, EXTENSAO DE *1,50* A *2,80* M","MES",11.37,"SINAPI-I"]
[40287,"LOCACAO DE BARRA DE ANCORAGEM DE 0,80 A 1,20 M DE EXTENSAO, COM ROSCA DE 5/8\", INCLUINDO PORCA E FLANGE","MES",4.37,"SINAPI-I"]
[40295,"LOCACAO DE BOMBA MANUAL PARA TESTE HIDROSTATICO ATE 30 BAR","H",1.97,"SINAPI-I"]
[745,"LOCACAO DE BOMBA MANUAL PARA TESTE HIDROSTATICO ATE 60 BAR","H",2.09,"SINAPI-I"]
[4084,"LOCACAO DE BOMBA SUBMERSIVEL PARA DRENAGEM E ESGOTAMENTO, MOTOR ELETRICO TRIFASICO, POTENCIA DE 1 CV, DIAMETRO DE RECALQUE DE 2\". FAIXA DE OPERACAO: Q=25 M3/H (+ OU - 1 M3/H) E AMT=2 M; Q=12 M3/H (+ OU - 2 M3/H) E AMT = 12 M (+ OU - 2 M)","H",1.44,"SINAPI-I"]
[743,"LOCACAO DE BOMBA SUBMERSIVEL PARA DRENAGEM E ESGOTAMENTO, MOTOR ELETRICO TRIFASICO, POTENCIA DE 2 CV, DIAMETRO DE RECALQUE DE 2\". FAIXA DE OPERACAO: Q=35 M3/H (+ OU - 3 M3/H) E AMT=2 M; Q=13 M3/H (+ OU - 3 M3/H) E AMT = 17 M (+ OU - 3 M)","H",1.44,"SINAPI-I"]
[40293,"LOCACAO DE BOMBA SUBMERSIVEL PARA DRENAGEM E ESGOTAMENTO, MOTOR ELETRICO TRIFASICO, POTENCIA DE 2 CV, DIAMETRO DE RECALQUE DE 3\". FAIXA DE OPERACAO: Q=70 M3/H (+ OU - 2 M3/H) E AMT=2 M; Q=9,5 M3/H (+ OU - 3,5 M3/H) E AMT = 10 M (+ OU - 2 M)","H",1.72,"SINAPI-I"]
[40294,"LOCACAO DE BOMBA SUBMERSIVEL PARA DRENAGEM E ESGOTAMENTO, MOTOR ELETRICO TRIFASICO, POTENCIA DE 3 CV, DIAMETRO DE RECALQUE DE 2\". FAIXA DE OPERACAO: Q=84 M3/H (+ OU - 2,5 M3/H) E AMT=2 M; Q=9,1 M3/H (+ OU - 2 M3/H) E AMT = 12 M (+ OU - 2 M)","H",1.44,"SINAPI-I"]
[4085,"LOCACAO DE BOMBA SUBMERSIVEL PARA DRENAGEM E ESGOTAMENTO, MOTOR ELETRICO TRIFASICO, POTENCIA DE 4 CV, DIAMETRO DE RECALQUE DE 3\". FAIXA DE OPERACAO: Q=60 M3/H (+ OU - 1 M3/H) E AMT=2 M; Q=11 M3/H (+ OU - 1 M3/H) E AMT = 23 M (+ OU - 1 M)","H",2.0099999999999998,"SINAPI-I"]
[10775,"LOCACAO DE CONTAINER 2,30  X  6,00 M, ALT. 2,50 M, COM 1 SANITARIO, PARA ESCRITORIO, COMPLETO, SEM DIVISORIAS INTERNAS","MES",495,"SINAPI-I"]
[10776,"LOCACAO DE CONTAINER 2,30  X  6,00 M, ALT. 2,50 M, PARA ESCRITORIO, SEM DIVISORIAS INTERNAS E SEM SANITARIO","MES",386.71,"SINAPI-I"]
[10779,"LOCACAO DE CONTAINER 2,30 X 4,30 M, ALT. 2,50 M, P/ SANITARIO, C/ 5 BACIAS, 1 LAVATORIO E 4 MICTORIOS","MES",618.75,"SINAPI-I"]
[10777,"LOCACAO DE CONTAINER 2,30 X 4,30 M, ALT. 2,50 M, PARA SANITARIO, COM 3 BACIAS, 4 CHUVEIROS, 1 LAVATORIO E 1 MICTORIO","MES",562.03,"SINAPI-I"]
[10778,"LOCACAO DE CONTAINER 2,30 X 6,00 M, ALT. 2,50 M,  PARA SANITARIO,  COM 4 BACIAS, 8 CHUVEIROS,1 LAVATORIO E 1 MICTORIO","MES",618.75,"SINAPI-I"]
[40339,"LOCACAO DE CRUZETA PARA ESCORA METALICA","MES",4.37,"SINAPI-I"]
[3355,"LOCACAO DE ELEVADOR DE CARGA A CABO, CABINE SEMI FECHADA *2,0* X *1,5* X *2,0* M, CAPACIDADE DE CARGA 1000 KG, TORRE  *2,38* X *2,21* X 15 M, GUINCHO DE EMBREAGEM, FREIO DE SEGURANCA, LIMITADOR DE VELOCIDADE E CANCELA","H",20.25,"SINAPI-I"]
[39814,"LOCACAO DE ELEVADOR DE CREMALHEIRA CABINE SIMPLES FECHADA 1,5 X 2,5 X 2,35 M (UMA POR TORRE), CAPACIDADE DE CARGA *1200* KG (15 PESSOAS), TORRE DE 24 M (16 MODULOS), 16 PARADAS, FREIO DE SEGURANCA, LIMITADOR DE CARGA","H",37.96,"SINAPI-I"]
[10749,"LOCACAO DE ESCORA METALICA TELESCOPICA, COM ALTURA REGULAVEL DE *1,80* A *3,20* M, COM CAPACIDADE DE CARGA DE NO MINIMO 1000 KGF (10 KN), INCLUSO TRIPE E FORCADO","MES",8.02,"SINAPI-I"]
[40290,"LOCACAO DE FORMA PLASTICA PARA LAJE NERVURADA, DIMENSOES *60* X *60* X *16* CM","MES",11.55,"SINAPI-I"]
[3346,"LOCACAO DE GRUPO GERADOR *80 A 125* KVA, MOTOR DIESEL, REBOCAVEL, ACIONAMENTO MANUAL","H",13.95,"SINAPI-I"]
[3348,"LOCACAO DE GRUPO GERADOR ACIMA DE * 125 ATE 180* KVA, MOTOR DIESEL, REBOCAVEL, ACIONAMENTO MANUAL","H",16.690000000000001,"SINAPI-I"]
[3345,"LOCACAO DE GRUPO GERADOR ACIMA DE * 20 A 80* KVA, MOTOR DIESEL, REBOCAVEL, ACIONAMENTO MANUAL","H",10.78,"SINAPI-I"]
[39833,"LOCACAO DE GRUPO GERADOR DE *260* KVA, DIESEL REBOCAVEL, ACIONAMENTO MANUAL","H",22.86,"SINAPI-I"]
[39834,"LOCACAO DE GRUPO GERADOR DE *400* KVA, DIESEL REBOCAVEL, ACIONAMENTO MANUAL","H",39.229999999999997,"SINAPI-I"]
[39835,"LOCACAO DE GRUPO GERADOR DE *550* KVA, DIESEL REBOCAVEL, ACIONAMENTO MANUAL","H",47.82,"SINAPI-I"]
[7252,"LOCACAO DE NIVEL OPTICO, COM PRECISAO DE 0,7 MM, AUMENTO DE 32X","H",2.25,"SINAPI-I"]
[4778,"LOCACAO DE PERFURATRIZ PNEUMATICA DE PESO MEDIO, * 18 * KG, PARA ROCHA","H",2.7,"SINAPI-I"]
[4780,"LOCACAO DE PERFURATRIZ PNEUMATICA DE PESO MEDIO, * 24 * KG, PARA ROCHA","H",2.92,"SINAPI-I"]
[10809,"LOCACAO DE TALHA ELETRICA 3 T, VELOCIDADE  2,1 M / MIN, POTENCIA 1,3 KW","H",1.21,"SINAPI-I"]
[10811,"LOCACAO DE TALHA MANUAL DE CORRENTE, CAPACIDADE DE 2 T COM ELEVACAO DE 3 M","H",1.04,"SINAPI-I"]
[7247,"LOCACAO DE TEODOLITO ELETRONICO, PRECISAO ANGULAR DE 5 A 7 SEGUNDOS, INCLUINDO TRIPE","H",2.25,"SINAPI-I"]
[40291,"LOCACAO DE TORRE METALICA COMPLETA PARA UMA CARGA DE 8 TF (80 KN)  E PE DIREITO DE 6 M, INCLUINDO MODULOS , DIAGONAIS, SAPATAS E FORCADOS","MES",610.47,"SINAPI-I"]
[40275,"LOCACAO DE VIGA SANDUICHE METALICA VAZADA PARA TRAVAMENTO DE PILARES, ALTURA DE *8* CM, LARGURA DE *6* CM E EXTENSAO DE 2 M","MES",17.5,"SINAPI-I"]
[3777,"LONA PLASTICA PRETA, E= 150 MICRA","M2",0.95,"SINAPI-I"]
[43067,"LONA PLASTICA PRETA, E= 200 MICRA (COLETADO CAIXA)","M2",0.98,"SINAPI-I"]
[3779,"LONA PLASTICA, PRETA, LARGURA  8 M, E= 150 MICRA","M",7.91,"SINAPI-I"]
[3798,"LUMINARIA ABERTA P/ ILUMINACAO PUBLICA, TIPO X-57 PETERCO OU EQUIV","UN",38.5,"SINAPI-I"]
[38769,"LUMINARIA ARANDELA TIPO MEIA-LUA COM VIDRO FOSCO *30 X 15* CM, PARA 1 LAMPADA, BASE E27, POTENCIA MAXIMA 40/60 W (NAO INCLUI LAMPADA)","UN",30.06,"SINAPI-I"]
[39510,"LUMINARIA DE EMBUTIR EM CHAPA DE ACO PARA 2 LAMPADAS FLUORESCENTES DE 14 W COM REFLETOR E ALETAS EM ALUMINIO, COMPLETA (INCLUI REATOR E LAMPADAS)","UN",121.67,"SINAPI-I"]
[38776,"LUMINARIA DE EMBUTIR EM CHAPA DE ACO PARA 4 LAMPADAS FLUORESCENTES DE 14 W *60 X 60 CM* ALETADA (NAO INCLUI REATOR E LAMPADAS)","UN",129.13,"SINAPI-I"]
[38774,"LUMINARIA DE EMERGENCIA 30 LEDS, POTENCIA 2 W, BATERIA DE LITIO, AUTONOMIA DE 6 HORAS","UN",30.47,"SINAPI-I"]
[42977,"LUMINARIA DE LED PARA ILUMINACAO PUBLICA, DE 98 W  ATE 137 W, INVOLUCRO EM ALUMINIO OU ACO INOX (COLETADO CAIXA)","UN",971.41,"SINAPI-I"]
[38889,"LUMINARIA DE SOBREPOR EM CHAPA DE ACO COM ALETAS PLASTICAS, PARA 1 LAMPADA, BASE E27, POTENCIA MAXIMA 40/60 W (NAO INCLUI LAMPADA)","UN",23.04,"SINAPI-I"]
[38784,"LUMINARIA DE SOBREPOR EM CHAPA DE ACO COM ALETAS PLASTICAS, PARA 2 LAMPADAS, BASE E27, POTENCIA MAXIMA 40/60 W (NAO INCLUI LAMPADAS)","UN",30.82,"SINAPI-I"]
[3788,"LUMINARIA DE SOBREPOR EM CHAPA DE ACO PARA 1 LAMPADA FLUORESCENTE DE *18* W, ALETADA, COMPLETA (LAMPADA E REATOR INCLUSOS)","UN",32.119999999999997,"SINAPI-I"]
[12230,"LUMINARIA DE SOBREPOR EM CHAPA DE ACO PARA 1 LAMPADA FLUORESCENTE DE *18* W, PERFIL COMERCIAL (NAO INCLUI REATOR E LAMPADA)","UN",8.26,"SINAPI-I"]
[3780,"LUMINARIA DE SOBREPOR EM CHAPA DE ACO PARA 1 LAMPADA FLUORESCENTE DE *36* W, ALETADA, COMPLETA (LAMPADA E REATOR INCLUSOS)","UN",47.4,"SINAPI-I"]
[12231,"LUMINARIA DE SOBREPOR EM CHAPA DE ACO PARA 1 LAMPADA FLUORESCENTE DE *36* W, PERFIL COMERCIAL (NAO INCLUI REATOR E LAMPADA)","UN",13.74,"SINAPI-I"]
[3811,"LUMINARIA DE SOBREPOR EM CHAPA DE ACO PARA 2 LAMPADAS FLUORESCENTES DE *18* W, ALETADA, COMPLETA (LAMPADAS E REATOR INCLUSOS)","UN",44.52,"SINAPI-I"]
[12232,"LUMINARIA DE SOBREPOR EM CHAPA DE ACO PARA 2 LAMPADAS FLUORESCENTES DE *18* W, PERFIL COMERCIAL (NAO INCLUI REATOR E LAMPADAS)","UN",14.39,"SINAPI-I"]
[3799,"LUMINARIA DE SOBREPOR EM CHAPA DE ACO PARA 2 LAMPADAS FLUORESCENTES DE *36* W, ALETADA, COMPLETA (LAMPADAS E REATOR INCLUSOS)","UN",62.96,"SINAPI-I"]
[12239,"LUMINARIA DE SOBREPOR EM CHAPA DE ACO PARA 2 LAMPADAS FLUORESCENTES DE *36* W, PERFIL COMERCIAL (NAO INCLUI REATOR E LAMPADAS)","UN",18.850000000000001,"SINAPI-I"]
[38773,"LUMINARIA DE TETO PLAFON/PLAFONIER EM PLASTICO COM BASE E27, POTENCIA MAXIMA 60 W (NAO INCLUI LAMPADA)","UN",3.02,"SINAPI-I"]
[12271,"LUMINARIA DUPLA P/SINALIZACAO, TIPO WETZEL AS-2/110 OU EQUIV","UN",168.59,"SINAPI-I"]
[12245,"LUMINARIA ESMALTADA COR ALUMINIO PETERCO Y.25/1","UN",73.13,"SINAPI-I"]
[38785,"LUMINARIA HERMETICA IP-65 PARA 2 DUAS LAMPADAS DE 14/16/18/20 W (NAO INCLUI REATOR E LAMPADAS)","UN",79.819999999999993,"SINAPI-I"]
[38786,"LUMINARIA HERMETICA IP-65 PARA 2 DUAS LAMPADAS DE 28/32/36/40 W (NAO INCLUI REATOR E LAMPADAS)","UN",98.32,"SINAPI-I"]
[39385,"LUMINARIA LED PLAFON REDONDO DE SOBREPOR BIVOLT 12/13 W,  D = *17* CM","UN",74.37,"SINAPI-I"]
[39389,"LUMINARIA LED REFLETOR RETANGULAR BIVOLT, LUZ BRANCA, 10 W","UN",61.68,"SINAPI-I"]
[39390,"LUMINARIA LED REFLETOR RETANGULAR BIVOLT, LUZ BRANCA, 30 W","UN",119.48,"SINAPI-I"]
[39391,"LUMINARIA LED REFLETOR RETANGULAR BIVOLT, LUZ BRANCA, 50 W","UN",221.12,"SINAPI-I"]
[3803,"LUMINARIA PLAFON REDONDO COM VIDRO FOSCO DIAMETRO *25* CM, PARA 1 LAMPADA, BASE E27, POTENCIA MAXIMA 40/60 W (NAO INCLUI LAMPADA)","UN",28.5,"SINAPI-I"]
[38770,"LUMINARIA PLAFON REDONDO COM VIDRO FOSCO DIAMETRO *30* CM, PARA 2 LAMPADAS, BASE E27, POTENCIA MAXIMA 40/60 W (NAO INCLUI LAMPADAS)","UN",33.01,"SINAPI-I"]
[12267,"LUMINARIA PROVA DE TEMPO PETERCO Y.31/1","UN",96.73,"SINAPI-I"]
[43068,"LUMINARIA SOLAR EXTERNA, LED, SPOT REFLETOR, POTENCIA DE 10 W, INCLUINDO BATERIA RECARREGAVEL COM ENERGIA SOLAR E BOTAO LIGA/ DESLIGA, DIA/ NOITE AUTOMATICO COM SENSOR DE LUMINOSIDADE, EM PP ABS E ACO INOXIDAVEL, RESISTENTE AO FRIO E AO CALOR,  IMPERMEAVEL, IP55, TEMPO DE CARREGAMENTO 5 A 7 HORAS, TEMPO DE ILUMINACAO 5 A 6 HORAS (COLETADO CAIXA).","UN",67.37,"SINAPI-I"]
[12266,"LUMINARIA SPOT DE SOBREPOR EM ALUMINIO COM ALETA PLASTICA PARA 1 LAMPADA, BASE E27, POTENCIA MAXIMA 40/60 W (NAO INCLUI LAMPADA)","UN",49.51,"SINAPI-I"]
[39378,"LUMINARIA SPOT DE SOBREPOR EM ALUMINIO COM ALETA PLASTICA PARA 2 LAMPADAS, BASE E27, POTENCIA MAXIMA 40/60 W (NAO INCLUI LAMPADA)","UN",35.1,"SINAPI-I"]
[38775,"LUMINARIA TIPO TARTARUGA PARA AREA EXTERNA EM ALUMINIO, COM GRADE, PARA 1 LAMPADA, BASE E27, POTENCIA MAXIMA 40/60 W (NAO INCLUI LAMPADA)","UN",37.21,"SINAPI-I"]
[21119,"LUVA CPVC, SOLDAVEL, 15 MM, PARA AGUA QUENTE PREDIAL","UN",1.18,"SINAPI-I"]
[37974,"LUVA CPVC, SOLDAVEL, 22 MM, PARA AGUA QUENTE PREDIAL","UN",1.76,"SINAPI-I"]
[37975,"LUVA CPVC, SOLDAVEL, 28 MM, PARA AGUA QUENTE PREDIAL","UN",3.58,"SINAPI-I"]
[37976,"LUVA CPVC, SOLDAVEL, 35 MM, PARA AGUA QUENTE PREDIAL","UN",7.35,"SINAPI-I"]
[37977,"LUVA CPVC, SOLDAVEL, 42 MM, PARA AGUA QUENTE PREDIAL","UN",10.1,"SINAPI-I"]
[37978,"LUVA CPVC, SOLDAVEL, 54 MM, PARA AGUA QUENTE PREDIAL","UN",20.48,"SINAPI-I"]
[37979,"LUVA CPVC, SOLDAVEL, 73 MM, PARA AGUA QUENTE PREDIAL","UN",88,"SINAPI-I"]
[37980,"LUVA CPVC, SOLDAVEL, 89 MM, PARA AGUA QUENTE PREDIAL","UN",98.9,"SINAPI-I"]
[36147,"LUVA DE BORRACHA ISOLANTE PARA ALTA TENSAO, RESISTENTE A OZONIO, TENSAO DE ENSAIO 2,5 KV (PAR)","PAR",349.33,"SINAPI-I"]
[12731,"LUVA DE COBRE (REF 600) SEM ANEL DE SOLDA, BOLSA X BOLSA, 104 MM","UN",199.35,"SINAPI-I"]
[12723,"LUVA DE COBRE (REF 600) SEM ANEL DE SOLDA, BOLSA X BOLSA, 15 MM","UN",1.54,"SINAPI-I"]
[12724,"LUVA DE COBRE (REF 600) SEM ANEL DE SOLDA, BOLSA X BOLSA, 22 MM","UN",2.97,"SINAPI-I"]
[12725,"LUVA DE COBRE (REF 600) SEM ANEL DE SOLDA, BOLSA X BOLSA, 28 MM","UN",5.95,"SINAPI-I"]
[12726,"LUVA DE COBRE (REF 600) SEM ANEL DE SOLDA, BOLSA X BOLSA, 35 MM","UN",13.15,"SINAPI-I"]
[12727,"LUVA DE COBRE (REF 600) SEM ANEL DE SOLDA, BOLSA X BOLSA, 42 MM","UN",16.68,"SINAPI-I"]
[12728,"LUVA DE COBRE (REF 600) SEM ANEL DE SOLDA, BOLSA X BOLSA, 54 MM","UN",27.24,"SINAPI-I"]
[12729,"LUVA DE COBRE (REF 600) SEM ANEL DE SOLDA, BOLSA X BOLSA, 66 MM","UN",89.29,"SINAPI-I"]
[12730,"LUVA DE COBRE (REF 600) SEM ANEL DE SOLDA, BOLSA X BOLSA, 79 MM","UN",136.71,"SINAPI-I"]
[3840,"LUVA DE CORRER DEFOFO, PVC, JE, DN 100 MM","UN",32.01,"SINAPI-I"]
[3838,"LUVA DE CORRER DEFOFO, PVC, JE, DN 150 MM","UN",70.64,"SINAPI-I"]
[3844,"LUVA DE CORRER DEFOFO, PVC, JE, DN 200 MM","UN",126.01,"SINAPI-I"]
[3839,"LUVA DE CORRER DEFOFO, PVC, JE, DN 250 MM","UN",229.52,"SINAPI-I"]
[3843,"LUVA DE CORRER DEFOFO, PVC, JE, DN 300 MM","UN",315.02,"SINAPI-I"]
[3900,"LUVA DE CORRER PARA TUBO ROSCAVEL, PVC, 1 1/2\", PARA AGUA FRIA PREDIAL","UN",25.68,"SINAPI-I"]
[3846,"LUVA DE CORRER PARA TUBO ROSCAVEL, PVC, 1/2\", PARA AGUA FRIA PREDIAL","UN",8.09,"SINAPI-I"]
[3886,"LUVA DE CORRER PARA TUBO ROSCAVEL, PVC, 3/4\", PARA AGUA FRIA PREDIAL","UN",8.52,"SINAPI-I"]
[3854,"LUVA DE CORRER PARA TUBO SOLDAVEL, PVC, 20 MM, PARA AGUA FRIA PREDIAL","UN",4.7300000000000004,"SINAPI-I"]
[3873,"LUVA DE CORRER PARA TUBO SOLDAVEL, PVC, 25 MM, PARA AGUA FRIA PREDIAL","UN",6.27,"SINAPI-I"]
[38021,"LUVA DE CORRER PARA TUBO SOLDAVEL, PVC, 32 MM, PARA AGUA FRIA PREDIAL","UN",14.99,"SINAPI-I"]
[3847,"LUVA DE CORRER PARA TUBO SOLDAVEL, PVC, 50 MM, PARA AGUA FRIA PREDIAL","UN",17.02,"SINAPI-I"]
[38022,"LUVA DE CORRER PARA TUBO SOLDAVEL, PVC, 60 MM, PARA AGUA FRIA PREDIAL","UN",26.59,"SINAPI-I"]
[3833,"LUVA DE CORRER PVC, JE, DN 100 MM, PARA REDE COLETORA DE ESGOTO (NBR 10569)","UN",14.14,"SINAPI-I"]
[3835,"LUVA DE CORRER PVC, JE, DN 150 MM, PARA REDE COLETORA DE ESGOTO (NBR 10569)","UN",46.03,"SINAPI-I"]
[3836,"LUVA DE CORRER PVC, JE, DN 200 MM, PARA REDE COLETORA DE ESGOTO (NBR 10569)","UN",99.08,"SINAPI-I"]
[3830,"LUVA DE CORRER PVC, JE, DN 250 MM, PARA REDE COLETORA DE ESGOTO (NBR 10569)","UN",162,"SINAPI-I"]
[3831,"LUVA DE CORRER PVC, JE, DN 300 MM, PARA REDE COLETORA DE ESGOTO (NBR 10569)","UN",270.8,"SINAPI-I"]
[37981,"LUVA DE CORRER, CPVC, SOLDAVEL, 15 MM, PARA AGUA QUENTE PREDIAL","UN",4.03,"SINAPI-I"]
[37982,"LUVA DE CORRER, CPVC, SOLDAVEL, 22 MM, PARA AGUA QUENTE PREDIAL","UN",6.12,"SINAPI-I"]
[37983,"LUVA DE CORRER, CPVC, SOLDAVEL, 28 MM, PARA AGUA QUENTE PREDIAL","UN",8.57,"SINAPI-I"]
[37984,"LUVA DE CORRER, CPVC, SOLDAVEL, 35 MM, PARA AGUA QUENTE PREDIAL","UN",14.81,"SINAPI-I"]
[37985,"LUVA DE CORRER, CPVC, SOLDAVEL, 42 MM, PARA AGUA QUENTE PREDIAL","UN",20.73,"SINAPI-I"]
[3826,"LUVA DE CORRER, PVC PBA, JE, DN 100 / DE 110 MM, PARA REDE AGUA (NBR 10351)","UN",31.76,"SINAPI-I"]
[3825,"LUVA DE CORRER, PVC PBA, JE, DN 50 / DE 60 MM, PARA REDE AGUA (NBR 10351)","UN",9.1300000000000008,"SINAPI-I"]
[3827,"LUVA DE CORRER, PVC PBA, JE, DN 75 / DE 85 MM, PARA REDE AGUA (NBR 10351)","UN",19.95,"SINAPI-I"]
[20165,"LUVA DE CORRER, PVC SERIE REFORCADA - R, 100 MM, PARA ESGOTO PREDIAL","UN",14.3,"SINAPI-I"]
[20166,"LUVA DE CORRER, PVC SERIE REFORCADA - R, 150 MM, PARA ESGOTO PREDIAL","UN",46.21,"SINAPI-I"]
[20164,"LUVA DE CORRER, PVC SERIE REFORCADA - R, 75 MM, PARA ESGOTO PREDIAL","UN",7.55,"SINAPI-I"]
[3893,"LUVA DE CORRER, PVC, DN 100 MM, PARA ESGOTO PREDIAL","UN",9.3699999999999992,"SINAPI-I"]
[3848,"LUVA DE CORRER, PVC, DN 50 MM, PARA ESGOTO PREDIAL","UN",5.69,"SINAPI-I"]
[3895,"LUVA DE CORRER, PVC, DN 75 MM, PARA ESGOTO PREDIAL","UN",6.19,"SINAPI-I"]
[12404,"LUVA DE FERRO GALVANIZADO, COM ROSCA BSP MACHO/FEMEA, DE 3/4\"","UN",7.34,"SINAPI-I"]
[3939,"LUVA DE FERRO GALVANIZADO, COM ROSCA BSP, DE 1 1/2\"","UN",15.13,"SINAPI-I"]
[3911,"LUVA DE FERRO GALVANIZADO, COM ROSCA BSP, DE 1 1/4\"","UN",12.36,"SINAPI-I"]
[3908,"LUVA DE FERRO GALVANIZADO, COM ROSCA BSP, DE 1/2\"","UN",3.99,"SINAPI-I"]
[3910,"LUVA DE FERRO GALVANIZADO, COM ROSCA BSP, DE 1\"","UN",8.84,"SINAPI-I"]
[3913,"LUVA DE FERRO GALVANIZADO, COM ROSCA BSP, DE 2 1/2\"","UN",42.26,"SINAPI-I"]
[3912,"LUVA DE FERRO GALVANIZADO, COM ROSCA BSP, DE 2\"","UN",23.17,"SINAPI-I"]
[3909,"LUVA DE FERRO GALVANIZADO, COM ROSCA BSP, DE 3/4\"","UN",5.43,"SINAPI-I"]
[3914,"LUVA DE FERRO GALVANIZADO, COM ROSCA BSP, DE 3\"","UN",63.76,"SINAPI-I"]
[3915,"LUVA DE FERRO GALVANIZADO, COM ROSCA BSP, DE 4\"","UN",100.55,"SINAPI-I"]
[3916,"LUVA DE FERRO GALVANIZADO, COM ROSCA BSP, DE 5\"","UN",183.18,"SINAPI-I"]
[3917,"LUVA DE FERRO GALVANIZADO, COM ROSCA BSP, DE 6\"","UN",302.13,"SINAPI-I"]
[1904,"LUVA DE PRESSAO, EM PVC, DE 20 MM, PARA ELETRODUTO FLEXIVEL","UN",0.62,"SINAPI-I"]
[1899,"LUVA DE PRESSAO, EM PVC, DE 25 MM, PARA ELETRODUTO FLEXIVEL","UN",0.71,"SINAPI-I"]
[1900,"LUVA DE PRESSAO, EM PVC, DE 32 MM, PARA ELETRODUTO FLEXIVEL","UN",1.1499999999999999,"SINAPI-I"]
[12407,"LUVA DE REDUCAO DE FERRO GALVANIZADO, COM ROSCA BSP MACHO/FEMEA, DE 1 1/2\" X 1\"","UN",22.87,"SINAPI-I"]
[12408,"LUVA DE REDUCAO DE FERRO GALVANIZADO, COM ROSCA BSP MACHO/FEMEA, DE 1\" X 1/2\"","UN",12.91,"SINAPI-I"]
[12409,"LUVA DE REDUCAO DE FERRO GALVANIZADO, COM ROSCA BSP MACHO/FEMEA, DE 1\" X 3/4\"","UN",12.91,"SINAPI-I"]
[12410,"LUVA DE REDUCAO DE FERRO GALVANIZADO, COM ROSCA BSP MACHO/FEMEA, DE 3/4\" X 1/2\"","UN",8.89,"SINAPI-I"]
[3936,"LUVA DE REDUCAO DE FERRO GALVANIZADO, COM ROSCA BSP, DE 1 1/2\" X 1 1/4\"","UN",16.07,"SINAPI-I"]
[3922,"LUVA DE REDUCAO DE FERRO GALVANIZADO, COM ROSCA BSP, DE 1 1/2\" X 1/2\"","UN",14.78,"SINAPI-I"]
[3924,"LUVA DE REDUCAO DE FERRO GALVANIZADO, COM ROSCA BSP, DE 1 1/2\" X 1\"","UN",16.07,"SINAPI-I"]
[3923,"LUVA DE REDUCAO DE FERRO GALVANIZADO, COM ROSCA BSP, DE 1 1/2\" X 3/4\"","UN",16.07,"SINAPI-I"]
[3937,"LUVA DE REDUCAO DE FERRO GALVANIZADO, COM ROSCA BSP, DE 1 1/4\" X 1/2\"","UN",13.25,"SINAPI-I"]
[3921,"LUVA DE REDUCAO DE FERRO GALVANIZADO, COM ROSCA BSP, DE 1 1/4\" X 1\"","UN",13.26,"SINAPI-I"]
[3920,"LUVA DE REDUCAO DE FERRO GALVANIZADO, COM ROSCA BSP, DE 1 1/4\" X 3/4\"","UN",13.25,"SINAPI-I"]
[3938,"LUVA DE REDUCAO DE FERRO GALVANIZADO, COM ROSCA BSP, DE 1\" X 1/2\"","UN",8.74,"SINAPI-I"]
[3919,"LUVA DE REDUCAO DE FERRO GALVANIZADO, COM ROSCA BSP, DE 1\" X 3/4\"","UN",8.91,"SINAPI-I"]
[3927,"LUVA DE REDUCAO DE FERRO GALVANIZADO, COM ROSCA BSP, DE 2 1/2\" X 1 1/2\"","UN",45.13,"SINAPI-I"]
[3928,"LUVA DE REDUCAO DE FERRO GALVANIZADO, COM ROSCA BSP, DE 2 1/2\" X 2\"","UN",45.13,"SINAPI-I"]
[3926,"LUVA DE REDUCAO DE FERRO GALVANIZADO, COM ROSCA BSP, DE 2\" X 1 1/2\"","UN",25.73,"SINAPI-I"]
[3935,"LUVA DE REDUCAO DE FERRO GALVANIZADO, COM ROSCA BSP, DE 2\" X 1 1/4\"","UN",25.73,"SINAPI-I"]
[3925,"LUVA DE REDUCAO DE FERRO GALVANIZADO, COM ROSCA BSP, DE 2\" X 1\"","UN",25.73,"SINAPI-I"]
[12406,"LUVA DE REDUCAO DE FERRO GALVANIZADO, COM ROSCA BSP, DE 3/4\" X 1/2\"","UN",6.32,"SINAPI-I"]
[3929,"LUVA DE REDUCAO DE FERRO GALVANIZADO, COM ROSCA BSP, DE 3\" X 1 1/2\"","UN",68.760000000000005,"SINAPI-I"]
[3931,"LUVA DE REDUCAO DE FERRO GALVANIZADO, COM ROSCA BSP, DE 3\" X 2 1/2\"","UN",68.760000000000005,"SINAPI-I"]
[3930,"LUVA DE REDUCAO DE FERRO GALVANIZADO, COM ROSCA BSP, DE 3\" X 2\"","UN",68.760000000000005,"SINAPI-I"]
[3932,"LUVA DE REDUCAO DE FERRO GALVANIZADO, COM ROSCA BSP, DE 4\" X 2 1/2\"","UN",118.73,"SINAPI-I"]
[3933,"LUVA DE REDUCAO DE FERRO GALVANIZADO, COM ROSCA BSP, DE 4\" X 2\"","UN",118.73,"SINAPI-I"]
[3934,"LUVA DE REDUCAO DE FERRO GALVANIZADO, COM ROSCA BSP, DE 4\" X 3\"","UN",118.73,"SINAPI-I"]
[40355,"LUVA DE REDUCAO EM ACO CARBONO, COM ENCAIXE PARA SOLDA DN SW, PRESSAO 3.000 LBS,  3/4 \" X 1/2\"","UN",6.02,"SINAPI-I"]
[40364,"LUVA DE REDUCAO EM ACO CARBONO, COM ENCAIXE PARA SOLDA DN SW, PRESSAO 3.000 LBS, DN 1 1/2\" X 1 1/4\"","UN",28.2,"SINAPI-I"]
[40361,"LUVA DE REDUCAO EM ACO CARBONO, COM ENCAIXE PARA SOLDA DN SW, PRESSAO 3.000 LBS, DN 1 1/4\"  X 1\"","UN",22.05,"SINAPI-I"]
[40358,"LUVA DE REDUCAO EM ACO CARBONO, COM ENCAIXE PARA SOLDA DN SW, PRESSAO 3.000 LBS, DN 1\" X 3/4\"","UN",8.4,"SINAPI-I"]
[40370,"LUVA DE REDUCAO EM ACO CARBONO, COM ENCAIXE PARA SOLDA DN SW, PRESSAO 3.000 LBS, DN 2 1/2\" X 2\"","UN",89.47,"SINAPI-I"]
[40367,"LUVA DE REDUCAO EM ACO CARBONO, COM ENCAIXE PARA SOLDA DN SW, PRESSAO 3.000 LBS, DN 2\" X 1 1/2\"","UN",44.47,"SINAPI-I"]
[40373,"LUVA DE REDUCAO EM ACO CARBONO, COM ENCAIXE PARA SOLDA DN SW, PRESSAO 3.000 LBS, DN 3\" X 2 1/2\"","UN",120.99,"SINAPI-I"]
[38947,"LUVA DE REDUCAO PARA TUBO PEX, METALICA, PARA CONEXAO COM ANEL DESLIZANTE, DN 20 X 16 MM","UN",5.31,"SINAPI-I"]
[38948,"LUVA DE REDUCAO PARA TUBO PEX, METALICA, PARA CONEXAO COM ANEL DESLIZANTE, DN 25 X 16 MM","UN",8.4700000000000006,"SINAPI-I"]
[38949,"LUVA DE REDUCAO PARA TUBO PEX, METALICA, PARA CONEXAO COM ANEL DESLIZANTE, DN 25 X 20 MM","UN",9.4,"SINAPI-I"]
[38951,"LUVA DE REDUCAO PARA TUBO PEX, METALICA, PARA CONEXAO COM ANEL DESLIZANTE, DN 32 X 25 MM","UN",14.87,"SINAPI-I"]
[39312,"LUVA DE REDUCAO PARA TUBO PEX, PLASTICA, PARA CONEXAO COM CRIMPAGEM, DN 20 X 16 MM","UN",11.54,"SINAPI-I"]
[39313,"LUVA DE REDUCAO PARA TUBO PEX, PLASTICA, PARA CONEXAO COM CRIMPAGEM, DN 25 X 16 MM","UN",15.06,"SINAPI-I"]
[38950,"LUVA DE REDUCAO PARA TUBO PEX, PLASTICA, PARA CONEXAO COM CRIMPAGEM, DN 32 X 20 MM","UN",22.66,"SINAPI-I"]
[39314,"LUVA DE REDUCAO PARA TUBO PEX, PLASTICA, PARA CONEXAO COM CRIMPAGEM, DN 32 X 25 MM","UN",23.91,"SINAPI-I"]
[3907,"LUVA DE REDUCAO ROSCAVEL, PVC, 1\" X 3/4\", PARA AGUA FRIA PREDIAL","UN",2.66,"SINAPI-I"]
[3889,"LUVA DE REDUCAO ROSCAVEL, PVC, 3/4\" X 1/2\", PARA AGUA FRIA PREDIAL","UN",2.0299999999999998,"SINAPI-I"]
[3868,"LUVA DE REDUCAO SOLDAVEL, PVC, 25 MM X 20 MM, PARA AGUA FRIA PREDIAL","UN",0.79,"SINAPI-I"]
[3869,"LUVA DE REDUCAO SOLDAVEL, PVC, 32 MM X 25 MM, PARA AGUA FRIA PREDIAL","UN",2.2599999999999998,"SINAPI-I"]
[3872,"LUVA DE REDUCAO SOLDAVEL, PVC, 40 MM X 32 MM, PARA AGUA FRIA PREDIAL","UN",2.74,"SINAPI-I"]
[3850,"LUVA DE REDUCAO SOLDAVEL, PVC, 60 MM X 50 MM, PARA AGUA FRIA PREDIAL","UN",7.07,"SINAPI-I"]
[38023,"LUVA DE REDUCAO, PVC, SOLDAVEL, 50 X 25 MM, PARA AGUA FRIA PREDIAL","UN",2.98,"SINAPI-I"]
[37986,"LUVA DE TRANSICAO DE CPVC X PVC, SOLDAVEL, 22 X 25 MM, PARA AGUA QUENTE","UN",1.38,"SINAPI-I"]
[37987,"LUVA DE TRANSICAO, CPVC, SOLDAVEL, 42 MM X 1 1/2\", PARA AGUA QUENTE","UN",103.49,"SINAPI-I"]
[37988,"LUVA DE TRANSICAO, CPVC, SOLDAVEL, 54 MM X 2\", PARA AGUA QUENTE PREDIAL","UN",168.81,"SINAPI-I"]
[21120,"LUVA DE TRANSICAO, CPVC, 15 MM X 1/2\", PARA AGUA QUENTE PREDIAL","UN",8.41,"SINAPI-I"]
[39318,"LUVA DE TRANSICAO, CPVC, 22 MM X 1/2\", PARA AGUA QUENTE","UN",6.94,"SINAPI-I"]
[20162,"LUVA DUPLA, PVC LEVE, DN 150 MM","UN",9.93,"SINAPI-I"]
[40366,"LUVA EM ACO CARBONO, SOLDAVEL, PRESSAO 3.000 LBS, DN 1 1/2\"","UN",21.99,"SINAPI-I"]
[40363,"LUVA EM ACO CARBONO, SOLDAVEL, PRESSAO 3.000 LBS, DN 1 1/4\"","UN",17.2,"SINAPI-I"]
[40354,"LUVA EM ACO CARBONO, SOLDAVEL, PRESSAO 3.000 LBS, DN 1/2\"","UN",7.49,"SINAPI-I"]
[40360,"LUVA EM ACO CARBONO, SOLDAVEL, PRESSAO 3.000 LBS, DN 1\"","UN",11.28,"SINAPI-I"]
[40372,"LUVA EM ACO CARBONO, SOLDAVEL, PRESSAO 3.000 LBS, DN 2 1/2\"","UN",69.650000000000006,"SINAPI-I"]
[40369,"LUVA EM ACO CARBONO, SOLDAVEL, PRESSAO 3.000 LBS, DN 2\"","UN",34.659999999999997,"SINAPI-I"]
[40357,"LUVA EM ACO CARBONO, SOLDAVEL, PRESSAO 3.000 LBS, DN 3/4\"","UN",8.4,"SINAPI-I"]
[40375,"LUVA EM ACO CARBONO, SOLDAVEL, PRESSAO 3.000 LBS, DN 3\"","UN",94.29,"SINAPI-I"]
[1893,"LUVA EM PVC RIGIDO ROSCAVEL, DE 1 1/2\", PARA ELETRODUTO","UN",2.37,"SINAPI-I"]
[1902,"LUVA EM PVC RIGIDO ROSCAVEL, DE 1 1/4\", PARA ELETRODUTO","UN",1.72,"SINAPI-I"]
[1901,"LUVA EM PVC RIGIDO ROSCAVEL, DE 1/2\", PARA ELETRODUTO","UN",0.54,"SINAPI-I"]
[1892,"LUVA EM PVC RIGIDO ROSCAVEL, DE 1\", PARA ELETRODUTO","UN",1.1100000000000001,"SINAPI-I"]
[1907,"LUVA EM PVC RIGIDO ROSCAVEL, DE 2 1/2\", PARA ELETRODUTO","UN",7.62,"SINAPI-I"]
[1894,"LUVA EM PVC RIGIDO ROSCAVEL, DE 2\", PARA ELETRODUTO","UN",3.43,"SINAPI-I"]
[1891,"LUVA EM PVC RIGIDO ROSCAVEL, DE 3/4\", PARA ELETRODUTO","UN",0.79,"SINAPI-I"]
[1896,"LUVA EM PVC RIGIDO ROSCAVEL, DE 3\", PARA ELETRODUTO","UN",10.24,"SINAPI-I"]
[1895,"LUVA EM PVC RIGIDO ROSCAVEL, DE 4\", PARA ELETRODUTO","UN",17.989999999999998,"SINAPI-I"]
[2641,"LUVA PARA ELETRODUTO, EM ACO GALVANIZADO ELETROLITICO, DIAMETRO DE 100 MM (4\")","UN",24.62,"SINAPI-I"]
[2636,"LUVA PARA ELETRODUTO, EM ACO GALVANIZADO ELETROLITICO, DIAMETRO DE 15 MM (1/2\")","UN",1.58,"SINAPI-I"]
[2637,"LUVA PARA ELETRODUTO, EM ACO GALVANIZADO ELETROLITICO, DIAMETRO DE 20 MM (3/4\")","UN",1.68,"SINAPI-I"]
[2638,"LUVA PARA ELETRODUTO, EM ACO GALVANIZADO ELETROLITICO, DIAMETRO DE 25 MM (1\")","UN",1.96,"SINAPI-I"]
[2639,"LUVA PARA ELETRODUTO, EM ACO GALVANIZADO ELETROLITICO, DIAMETRO DE 32 MM (1 1/4\")","UN",3.48,"SINAPI-I"]
[2644,"LUVA PARA ELETRODUTO, EM ACO GALVANIZADO ELETROLITICO, DIAMETRO DE 40 MM (1 1/2\")","UN",5.03,"SINAPI-I"]
[2643,"LUVA PARA ELETRODUTO, EM ACO GALVANIZADO ELETROLITICO, DIAMETRO DE 50 MM (2\")","UN",7.02,"SINAPI-I"]
[2640,"LUVA PARA ELETRODUTO, EM ACO GALVANIZADO ELETROLITICO, DIAMETRO DE 65 MM (2 1/2\")","UN",10.24,"SINAPI-I"]
[2642,"LUVA PARA ELETRODUTO, EM ACO GALVANIZADO ELETROLITICO, DIAMETRO DE 80 MM (3\")","UN",15.6,"SINAPI-I"]
[38943,"LUVA PARA TUBO PEX, METALICO, PARA CONEXAO COM ANEL DESLIZANTE, DN 16 MM","UN",3.92,"SINAPI-I"]
[38944,"LUVA PARA TUBO PEX, METALICO, PARA CONEXAO COM ANEL DESLIZANTE, DN 20 MM","UN",6.06,"SINAPI-I"]
[38945,"LUVA PARA TUBO PEX, METALICO, PARA CONEXAO COM ANEL DESLIZANTE, DN 25 MM","UN",12.29,"SINAPI-I"]
[38946,"LUVA PARA TUBO PEX, METALICO, PARA CONEXAO COM ANEL DESLIZANTE, DN 32 MM","UN",18.329999999999998,"SINAPI-I"]
[39308,"LUVA PARA TUBO PEX, PLASTICA, PARA CONEXAO COM CRIMPAGEM, DN 16 MM","UN",7.99,"SINAPI-I"]
[39309,"LUVA PARA TUBO PEX, PLASTICA, PARA CONEXAO COM CRIMPAGEM, DN 20 MM","UN",11.56,"SINAPI-I"]
[39310,"LUVA PARA TUBO PEX, PLASTICA, PARA CONEXAO COM CRIMPAGEM, DN 25 MM","UN",17.52,"SINAPI-I"]
[39311,"LUVA PARA TUBO PEX, PLASTICA, PARA CONEXAO COM CRIMPAGEM, DN 32 MM","UN",26.33,"SINAPI-I"]
[39855,"LUVA PASSANTE DE COBRE (REF 601) SEM ANEL DE SOLDA, BOLSA 15 MM","UN",1.56,"SINAPI-I"]
[39856,"LUVA PASSANTE DE COBRE (REF 601) SEM ANEL DE SOLDA, BOLSA 22 MM","UN",3.68,"SINAPI-I"]
[39857,"LUVA PASSANTE DE COBRE (REF 601) SEM ANEL DE SOLDA, BOLSA 28 MM","UN",5.95,"SINAPI-I"]
[39858,"LUVA PASSANTE DE COBRE (REF 601) SEM ANEL DE SOLDA, BOLSA 35 MM","UN",13.22,"SINAPI-I"]
[39859,"LUVA PASSANTE DE COBRE (REF 601) SEM ANEL DE SOLDA, BOLSA 42 MM","UN",20.38,"SINAPI-I"]
[39860,"LUVA PASSANTE DE COBRE (REF 601) SEM ANEL DE SOLDA, BOLSA 54 MM","UN",31.27,"SINAPI-I"]
[39861,"LUVA PASSANTE DE COBRE (REF 601) SEM ANEL DE SOLDA, BOLSA 66 MM","UN",89.29,"SINAPI-I"]
[38447,"LUVA PPR, SOLDAVEL, DN 110 MM, PARA AGUA QUENTE PREDIAL","UN",67.09,"SINAPI-I"]
[36320,"LUVA PPR, SOLDAVEL, DN 20 MM, PARA AGUA QUENTE PREDIAL","UN",0.97,"SINAPI-I"]
[36324,"LUVA PPR, SOLDAVEL, DN 25 MM, PARA AGUA QUENTE PREDIAL","UN",1.47,"SINAPI-I"]
[38441,"LUVA PPR, SOLDAVEL, DN 32 MM, PARA AGUA QUENTE PREDIAL","UN",1.93,"SINAPI-I"]
[38442,"LUVA PPR, SOLDAVEL, DN 40 MM, PARA AGUA QUENTE PREDIAL","UN",4.92,"SINAPI-I"]
[38443,"LUVA PPR, SOLDAVEL, DN 50 MM, PARA AGUA QUENTE PREDIAL","UN",7.43,"SINAPI-I"]
[38444,"LUVA PPR, SOLDAVEL, DN 63 MM, PARA AGUA QUENTE PREDIAL","UN",11.06,"SINAPI-I"]
[38445,"LUVA PPR, SOLDAVEL, DN 75 MM, PARA AGUA QUENTE PREDIAL","UN",25.98,"SINAPI-I"]
[38446,"LUVA PPR, SOLDAVEL, DN 90 MM, PARA AGUA QUENTE PREDIAL","UN",41.93,"SINAPI-I"]
[3867,"LUVA PVC SOLDAVEL, 110 MM, PARA AGUA FRIA PREDIAL","UN",47.49,"SINAPI-I"]
[3861,"LUVA PVC SOLDAVEL, 20 MM, PARA AGUA FRIA PREDIAL","UN",0.39,"SINAPI-I"]
[3904,"LUVA PVC SOLDAVEL, 25 MM, PARA AGUA FRIA PREDIAL","UN",0.48,"SINAPI-I"]
[3903,"LUVA PVC SOLDAVEL, 32 MM, PARA AGUA FRIA PREDIAL","UN",1.18,"SINAPI-I"]
[3862,"LUVA PVC SOLDAVEL, 40 MM, PARA AGUA FRIA PREDIAL","UN",2.4,"SINAPI-I"]
[3863,"LUVA PVC SOLDAVEL, 50 MM, PARA AGUA FRIA PREDIAL","UN",2.82,"SINAPI-I"]
[3864,"LUVA PVC SOLDAVEL, 60 MM, PARA AGUA FRIA PREDIAL","UN",7.35,"SINAPI-I"]
[3865,"LUVA PVC SOLDAVEL, 75 MM, PARA AGUA FRIA PREDIAL","UN",12.79,"SINAPI-I"]
[3866,"LUVA PVC SOLDAVEL, 85 MM, PARA AGUA FRIA PREDIAL","UN",29.28,"SINAPI-I"]
[3902,"LUVA PVC, ROSCAVEL,  2 1/2\",  AGUA FRIA PREDIAL","UN",14.23,"SINAPI-I"]
[3878,"LUVA PVC, ROSCAVEL, 1 1/2\",  AGUA FRIA PREDIAL","UN",4.49,"SINAPI-I"]
[3877,"LUVA PVC, ROSCAVEL, 1 1/4\", AGUA FRIA PREDIAL","UN",4.1100000000000003,"SINAPI-I"]
[3879,"LUVA PVC, ROSCAVEL, 2\",  AGUA FRIA PREDIAL","UN",9.07,"SINAPI-I"]
[3880,"LUVA PVC, ROSCAVEL, 3\", AGUA FRIA PREDIAL","UN",20.47,"SINAPI-I"]
[12892,"LUVA RASPA DE COURO, CANO CURTO (PUNHO *7* CM)","PAR",12.15,"SINAPI-I"]
[3883,"LUVA ROSCAVEL, PVC, 1/2\", AGUA FRIA PREDIAL","UN",0.94,"SINAPI-I"]
[3876,"LUVA ROSCAVEL, PVC, 1\", AGUA FRIA PREDIAL","UN",2.37,"SINAPI-I"]
[3884,"LUVA ROSCAVEL, PVC, 3/4\", AGUA FRIA PREDIAL","UN",1.41,"SINAPI-I"]
[3837,"LUVA SIMPLES, PVC PBA, JE, DN 100 / DE 110 MM, PARA REDE AGUA (NBR 10351)","UN",27.57,"SINAPI-I"]
[3845,"LUVA SIMPLES, PVC PBA, JE, DN 50 / DE 60 MM, PARA REDE AGUA (NBR 10351)","UN",10.07,"SINAPI-I"]
[11045,"LUVA SIMPLES, PVC PBA, JE, DN 75 / DE 85 MM, PARA REDE AGUA (NBR 10351)","UN",19.43,"SINAPI-I"]
[20170,"LUVA SIMPLES, PVC SERIE REFORCADA - R, 100 MM, PARA ESGOTO PREDIAL","UN",8.0500000000000007,"SINAPI-I"]
[20171,"LUVA SIMPLES, PVC SERIE REFORCADA - R, 150 MM, PARA ESGOTO PREDIAL","UN",23.91,"SINAPI-I"]
[20167,"LUVA SIMPLES, PVC SERIE REFORCADA - R, 40 MM, PARA ESGOTO PREDIAL","UN",2.99,"SINAPI-I"]
[20168,"LUVA SIMPLES, PVC SERIE REFORCADA - R, 50 MM, PARA ESGOTO PREDIAL","UN",4.6900000000000004,"SINAPI-I"]
[20169,"LUVA SIMPLES, PVC SERIE REFORCADA - R, 75 MM, PARA ESGOTO PREDIAL","UN",6.64,"SINAPI-I"]
[3899,"LUVA SIMPLES, PVC, SOLDAVEL, DN 100 MM, SERIE NORMAL, PARA ESGOTO PREDIAL","UN",3.51,"SINAPI-I"]
[38676,"LUVA SIMPLES, PVC, SOLDAVEL, DN 150 MM, SERIE NORMAL, PARA ESGOTO PREDIAL","UN",17.010000000000002,"SINAPI-I"]
[3897,"LUVA SIMPLES, PVC, SOLDAVEL, DN 40 MM, SERIE NORMAL, PARA ESGOTO PREDIAL","UN",0.74,"SINAPI-I"]
[3875,"LUVA SIMPLES, PVC, SOLDAVEL, DN 50 MM, SERIE NORMAL, PARA ESGOTO PREDIAL","UN",1.6,"SINAPI-I"]
[3898,"LUVA SIMPLES, PVC, SOLDAVEL, DN 75 MM, SERIE NORMAL, PARA ESGOTO PREDIAL","UN",3.03,"SINAPI-I"]
[3855,"LUVA SOLDAVEL COM BUCHA DE LATAO, PVC, 20 MM X 1/2\"","UN",3.14,"SINAPI-I"]
[3874,"LUVA SOLDAVEL COM BUCHA DE LATAO, PVC, 25 MM X 1/2\"","UN",3.33,"SINAPI-I"]
[3870,"LUVA SOLDAVEL COM BUCHA DE LATAO, PVC, 25 MM X 3/4\"","UN",4.1399999999999997,"SINAPI-I"]
[38678,"LUVA SOLDAVEL COM BUCHA DE LATAO, PVC, 32 MM X 1\"","UN",11.27,"SINAPI-I"]
[3859,"LUVA SOLDAVEL COM ROSCA, PVC, 20 MM X 1/2\", PARA AGUA FRIA PREDIAL","UN",0.83,"SINAPI-I"]
[3856,"LUVA SOLDAVEL COM ROSCA, PVC, 25 MM X 1/2\", PARA AGUA FRIA PREDIAL","UN",1.06,"SINAPI-I"]
[3906,"LUVA SOLDAVEL COM ROSCA, PVC, 25 MM X 3/4\", PARA AGUA FRIA PREDIAL","UN",1,"SINAPI-I"]
[3860,"LUVA SOLDAVEL COM ROSCA, PVC, 32 MM X 1\", PARA AGUA FRIA PREDIAL","UN",3.28,"SINAPI-I"]
[3905,"LUVA SOLDAVEL COM ROSCA, PVC, 40 MM X 1 1/4\", PARA AGUA FRIA PREDIAL","UN",7.25,"SINAPI-I"]
[3871,"LUVA SOLDAVEL COM ROSCA, PVC, 50 MM X 1 1/2\", PARA AGUA FRIA PREDIAL","UN",15.06,"SINAPI-I"]
[37429,"LUVA, PEAD PE 100,  DE 400 MM, PARA ELETROFUSAO","UN",1650.84,"SINAPI-I"]
[37426,"LUVA, PEAD PE 100,  DE 63 MM, PARA ELETROFUSAO","UN",15.88,"SINAPI-I"]
[37427,"LUVA, PEAD PE 100, DE 125 MM, PARA ELETROFUSAO","UN",37.880000000000003,"SINAPI-I"]
[37424,"LUVA, PEAD PE 100, DE 20 MM, PARA ELETROFUSAO","UN",7.29,"SINAPI-I"]
[37428,"LUVA, PEAD PE 100, DE 200 MM, PARA ELETROFUSAO","UN",130.54,"SINAPI-I"]
[37425,"LUVA, PEAD PE 100, DE 32 MM, PARA ELETROFUSAO","UN",7.86,"SINAPI-I"]
[11519,"MACANETA ALAVANCA, RETA OU CURVA, MACICA, CROMADA, COMPRIMENTO DE 10 A 16 CM, ACABAMENTO PADRAO MEDIO - SOMENTE MACANETAS","PAR",27.87,"SINAPI-I"]
[11520,"MACANETA ALAVANCA, RETA SIMPLES / OCA, CROMADA, COMPRIMENTO DE 10 A 16 CM, ACABAMENTO PADRAO POPULAR - SOMENTE MACANETAS","PAR",11.05,"SINAPI-I"]
[11518,"MACANETA TIPO BOLA, CROMADA,  DIAMETRO APROXIMADO DE *2 1/2*\", (SOMENTE MACANETAS)","PAR",32.15,"SINAPI-I"]
[38473,"MACARICO DE SOLDA 201 PARA EXTENSAO GLP OU ACETILENO","UN",83.44,"SINAPI-I"]
[4244,"MACARIQUEIRO","H",15.9,"SINAPI-I"]
[40977,"MACARIQUEIRO (MENSALISTA)","MES",2811.76,"SINAPI-I"]
[2742,"MADEIRA ROLICA SEM TRATAMENTO, EUCALIPTO OU EQUIVALENTE DA REGIAO, H = 3 M, D = 12 A 15 CM (PARA ESCORAMENTO)","M",1.57,"SINAPI-I"]
[2748,"MADEIRA ROLICA SEM TRATAMENTO, EUCALIPTO OU EQUIVALENTE DA REGIAO, H = 3 M, D = 16 A 19 CM (PARA ESCORAMENTO)","M",4.6100000000000003,"SINAPI-I"]
[2736,"MADEIRA ROLICA SEM TRATAMENTO, EUCALIPTO OU EQUIVALENTE DA REGIAO, H = 3 M, D = 20 A 24 CM (PARA ESCORAMENTO)","M",6.44,"SINAPI-I"]
[2745,"MADEIRA ROLICA SEM TRATAMENTO, EUCALIPTO OU EQUIVALENTE DA REGIAO, H = 3 M, D = 8 A 11 CM (PARA ESCORAMENTO)","M",1.3,"SINAPI-I"]
[2751,"MADEIRA ROLICA SEM TRATAMENTO, EUCALIPTO OU EQUIVALENTE DA REGIAO, H = 6 M, D = 12 A 15 CM (PARA ESCORAMENTO)","M",1.66,"SINAPI-I"]
[14439,"MADEIRA ROLICA SEM TRATAMENTO, EUCALIPTO OU EQUIVALENTE DA REGIAO, H = 6 M, D = 8 A 11 CM (PARA ESCORAMENTO)","M",1.47,"SINAPI-I"]
[2731,"MADEIRA ROLICA TRATADA, EUCALIPTO OU EQUIVALENTE DA REGIAO, H = 12 M, D = 20 A 24 CM (PARA POSTE)","M",54.28,"SINAPI-I"]
[21138,"MADEIRA ROLICA TRATADA, EUCALIPTO OU EQUIVALENTE DA REGIAO, H = 2,2 M, D = 8 A 11 CM (PARA CERCA)","M",5.89,"SINAPI-I"]
[2747,"MADEIRA ROLICA TRATADA, EUCALIPTO OU EQUIVALENTE DA REGIAO, H = 2,20 M, D = 16 A 19 CM (PARA CERCA)","M",14.55,"SINAPI-I"]
[4115,"MADEIRA ROLICA TRATADA, EUCALIPTO OU EQUIVALENTE DA REGIAO, H = 3 M, D = 12 A 15 CM","M",11.4,"SINAPI-I"]
[2729,"MADEIRA ROLICA TRATADA, EUCALIPTO OU EQUIVALENTE DA REGIAO, H = 3 M, D = 4 A 7 CM (PARA CAIBRO)","UN",13.72,"SINAPI-I"]
[4119,"MADEIRA ROLICA TRATADA, EUCALIPTO OU EQUIVALENTE DA REGIAO, H = 6 M, D = 16 A 19 CM","M",22.93,"SINAPI-I"]
[2794,"MADEIRA ROLICA TRATADA, EUCALIPTO OU EQUIVALENTE DA REGIAO, H = 6,5 M, D = 25 A 29 CM","M",56.61,"SINAPI-I"]
[2788,"MADEIRA ROLICA TRATADA, EUCALIPTO OU EQUIVALENTE DA REGIAO, H = 6,5 M, D = 30 A 34 CM","M",114.45,"SINAPI-I"]
[4006,"MADEIRA SERRADA NAO APARELHADA DE PINUS, MISTA OU EQUIVALENTE DA REGIAO","M3",865.08,"SINAPI-I"]
[36151,"MANGOTE DE SEGURANCA EM RASPA DE COURO","UN",27,"SINAPI-I"]
[37457,"MANGUEIRA CRISTAL PARA NIVEL, LISA, PVC TRANSPARENTE, 3/8\" X1,5 MM","M",1.78,"SINAPI-I"]
[37456,"MANGUEIRA CRISTAL PARA NIVEL, LISA, PVC TRANSPARENTE, 5/16\" X1 MM","M",0.94,"SINAPI-I"]
[37461,"MANGUEIRA CRISTAL TRANCADA, PVC COM REFORCO, COM PRESSAO DE TRABALHO (PT) 250 LBS/POL2, DE 3/4\" X *2,8* MM","M",6.62,"SINAPI-I"]
[37460,"MANGUEIRA CRISTAL TRANCADA, PVC COM REFORCO, PRESSAO DE TRABALHO (PT) 250 LBS/POL2, DE 1\" X *3,4* MM","M",9.0399999999999991,"SINAPI-I"]
[37458,"MANGUEIRA CRISTAL, LISA, PVC TRANSPARENTE, 1/2\" X 2 MM","M",2.65,"SINAPI-I"]
[37454,"MANGUEIRA CRISTAL, LISA, PVC TRANSPARENTE, 1/4\" X1 MM","M",0.69,"SINAPI-I"]
[37455,"MANGUEIRA CRISTAL, LISA, PVC TRANSPARENTE, 1/4\" X1,5 MM","M",1.17,"SINAPI-I"]
[37459,"MANGUEIRA CRISTAL, LISA, PVC TRANSPARENTE, 3/4\" X 2 MM","M",3.72,"SINAPI-I"]
[21029,"MANGUEIRA DE INCENDIO, TIPO 1, DE 1 1/2\", COMPRIMENTO = 15 M, TECIDO EM FIO DE POLIESTER E TUBO INTERNO EM BORRACHA SINTETICA, COM UNIOES ENGATE RAPIDO","UN",187.1,"SINAPI-I"]
[21030,"MANGUEIRA DE INCENDIO, TIPO 1, DE 1 1/2\", COMPRIMENTO = 20 M, TECIDO EM FIO DE POLIESTER E TUBO INTERNO EM BORRACHA SINTETICA, COM UNIOES ENGATE RAPIDO","UN",230.63,"SINAPI-I"]
[21031,"MANGUEIRA DE INCENDIO, TIPO 1, DE 1 1/2\", COMPRIMENTO = 25 M, TECIDO EM FIO DE POLIESTER E TUBO INTERNO EM BORRACHA SINTETICA, COM UNIOES ENGATE RAPIDO","UN",287.13,"SINAPI-I"]
[21032,"MANGUEIRA DE INCENDIO, TIPO 1, DE 1 1/2\", COMPRIMENTO = 30 M, TECIDO EM FIO DE POLIESTER E TUBO INTERNO EM BORRACHA SINTETICA, COM UNIOES ENGATE RAPIDO","UN",306.58,"SINAPI-I"]
[37527,"MANGUEIRA DE INCENDIO, TIPO 2, DE 1 1/2\", COMPRIMENTO = 15 M, TECIDO EM FIO DE POLIESTER E TUBO INTERNO EM BORRACHA SINTETICA, COM UNIOES ENGATE RAPIDO","UN",276.94,"SINAPI-I"]
[37528,"MANGUEIRA DE INCENDIO, TIPO 2, DE 1 1/2\", COMPRIMENTO = 20 M, TECIDO EM FIO DE POLIESTER E TUBO INTERNO EM BORRACHA SINTETICA, COM UNIOES","UN",330.2,"SINAPI-I"]
[37529,"MANGUEIRA DE INCENDIO, TIPO 2, DE 1 1/2\", COMPRIMENTO = 25 M, TECIDO EM FIO DE POLIESTER E TUBO INTERNO EM BORRACHA SINTETICA, COM UNIOES","UN",333.44,"SINAPI-I"]
[37530,"MANGUEIRA DE INCENDIO, TIPO 2, DE 1 1/2\", COMPRIMENTO = 30 M, TECIDO EM FIO DE POLIESTER E TUBO INTERNO EM BORRACHA SINTETICA, COM UNIOES","UN",435.33,"SINAPI-I"]
[21034,"MANGUEIRA DE INCENDIO, TIPO 2, DE 2 1/2\", COMPRIMENTO = 15 M, TECIDO EM FIO DE POLIESTER E TUBO INTERNO EM BORRACHA SINTETICA, COM UNIOES ENGATE RAPIDO","UN",371.42,"SINAPI-I"]
[37531,"MANGUEIRA DE INCENDIO, TIPO 2, DE 2 1/2\", COMPRIMENTO = 20 M, TECIDO EM FIO DE POLIESTER E TUBO INTERNO EM BORRACHA SINTETICA, COM UNIOES","UN",467.75,"SINAPI-I"]
[21036,"MANGUEIRA DE INCENDIO, TIPO 2, DE 2 1/2\", COMPRIMENTO = 25 M, TECIDO EM FIO DE POLIESTER E TUBO INTERNO EM BORRACHA SINTETICA, COM UNIOES ENGATE RAPIDO","UN",568.70000000000005,"SINAPI-I"]
[21037,"MANGUEIRA DE INCENDIO, TIPO 2, DE 2 1/2\", COMPRIMENTO = 30 M, TECIDO EM FIO DE POLIESTER E TUBO INTERNO EM BORRACHA SINTETICA, COM UNIOES ENGATE RAPIDO","UN",648.36,"SINAPI-I"]
[20185,"MANGUEIRA DE PVC FLEXIVEL,TIPO FLAT/ACHATADA, COR LARANJA, D = 1 1/2\" (40 MM), PARA CONDUCAO DE AGUA, SERVICOS LEVES E MEDIOS","M",10.76,"SINAPI-I"]
[20260,"MANGUEIRA PARA GAS - GLP, PVC, TRANCADA, DIAMETRO DE 3/8\", COMPRIMENTO DE 1M (NORMATIZADA)","UN",8.65,"SINAPI-I"]
[37523,"MANIPULADOR TELESCOPICO, POTENCIA DE 101 HP, CAPACIDADE DE CARGA DE 3.500 KG, ALTURA MAXIMA DE ELEVACAO DE 12 M","UN",480611.84000000003,"SINAPI-I"]
[37515,"MANIPULADOR TELESCOPICO, POTENCIA DE 85 HP, CAPACIDADE DE CARGA DE 3.500 KG, ALTURA MAXIMA DE ELEVACAO DE 12,3 M","UN",427288.5,"SINAPI-I"]
[12899,"MANOMETRO COM CAIXA EM ACO PINTADO, ESCALA *10* KGF/CM2 (*10* BAR), DIAMETRO NOMINAL DE *63* MM, CONEXAO DE 1/4\"","UN",100.35,"SINAPI-I"]
[12898,"MANOMETRO COM CAIXA EM ACO PINTADO, ESCALA *10* KGF/CM2 (*10* BAR), DIAMETRO NOMINAL DE 100 MM, CONEXAO DE 1/2\"","UN",159.18,"SINAPI-I"]
[42528,"MANTA ALUMINIZADA NAS DUAS FACES, PARA SUBCOBERTURA,  E = *2* MM","M2",9.24,"SINAPI-I"]
[39696,"MANTA ALUMINIZADA 1 FACE PARA SUBCOBERTURA, E = *1* MM","M2",6.5,"SINAPI-I"]
[39700,"MANTA ANTIRRUIDO DE POLIESTER (PET) PARA CONTRAPISO E = *8* MM","M2",13.11,"SINAPI-I"]
[11621,"MANTA ASFALTICA ELASTOMERICA EM POLIESTER ALUMINIZADA 3 MM, TIPO III, CLASSE B (NBR 9952)","M2",26.09,"SINAPI-I"]
[4014,"MANTA ASFALTICA ELASTOMERICA EM POLIESTER 3 MM, TIPO III, CLASSE B, ACABAMENTO PP (NBR 9952)","M2",26.99,"SINAPI-I"]
[4015,"MANTA ASFALTICA ELASTOMERICA EM POLIESTER 4 MM, TIPO III, CLASSE B, ACABAMENTO PP (NBR 9952)","M2",33.14,"SINAPI-I"]
[4017,"MANTA ASFALTICA ELASTOMERICA EM POLIESTER 5 MM, TIPO III, CLASSE B, ACABAMENTO PP (NBR 9952)","M2",48.23,"SINAPI-I"]
[4016,"MANTA ASFALTICA ELASTOMERICA TIPO GLASS 3 MM, TIPO II, CLASSE C, ACABAMENTO PP (NBR 9952)","M2",19.05,"SINAPI-I"]
[39699,"MANTA DE BORRACHA ANTIRRUIDO 5 MM","M2",9.8699999999999992,"SINAPI-I"]
[38544,"MANTA DE POLIETILENO EXPANDIDO (PEBD) ANTICHAMAS, E = 8 MM","M2",4.88,"SINAPI-I"]
[38545,"MANTA DE POLIETILENO EXPANDIDO (PEBD), E = 5 MM","M2",3.14,"SINAPI-I"]
[42527,"MANTA DE POLIETILENO EXPANDIDO, COM 1 FACE METALIZADA PARA SUBCOBERTURA,  E = *5* MM","M2",24.42,"SINAPI-I"]
[39323,"MANTA GEOTEXTIL TECIDO DE LAMINETES DE POLIPROPILENO, RESISTENCIA A TRACAO = *25* KN/M","M2",11.98,"SINAPI-I"]
[626,"MANTA LIQUIDA DE BASE ASFALTICA MODIFICADA COM A ADICAO DE ELASTOMEROS DILUIDOS EM SOLVENTE ORGANICO, APLICACAO A FRIO (MEMBRANA IMPERMEABILIZANTE ASFASTICA)","KG",11.71,"SINAPI-I"]
[25860,"MANTA TERMOPLASTICA, PEAD, GEOMEMBRANA LISA, E = 0,50 MM ( NBR 15352)","M2",8.33,"SINAPI-I"]
[25861,"MANTA TERMOPLASTICA, PEAD, GEOMEMBRANA LISA, E = 0,75 MM ( NBR 15352)","M2",12.57,"SINAPI-I"]
[25862,"MANTA TERMOPLASTICA, PEAD, GEOMEMBRANA LISA, E = 0,80 MM ( NBR 15352)","M2",13.34,"SINAPI-I"]
[25863,"MANTA TERMOPLASTICA, PEAD, GEOMEMBRANA LISA, E = 1,00 MM ( NBR 15352)","M2",16.68,"SINAPI-I"]
[25864,"MANTA TERMOPLASTICA, PEAD, GEOMEMBRANA LISA, E = 1,50 MM ( NBR 15352)","M2",25.01,"SINAPI-I"]
[25865,"MANTA TERMOPLASTICA, PEAD, GEOMEMBRANA LISA, E = 2,00 MM ( NBR 15352)","M2",33.51,"SINAPI-I"]
[25866,"MANTA TERMOPLASTICA, PEAD, GEOMEMBRANA LISA, E = 2,50 MM ( NBR 15352)","M2",41.61,"SINAPI-I"]
[25868,"MANTA TERMOPLASTICA, PEAD, GEOMEMBRANA TEXTURIZADA EM AMBAS AS FACES, E = 0,50 MM (NBR 15352)","M2",9.2799999999999994,"SINAPI-I"]
[25869,"MANTA TERMOPLASTICA, PEAD, GEOMEMBRANA TEXTURIZADA EM AMBAS AS FACES, E = 0,75 MM (NBR 15352)","M2",13.11,"SINAPI-I"]
[25870,"MANTA TERMOPLASTICA, PEAD, GEOMEMBRANA TEXTURIZADA EM AMBAS AS FACES, E = 0,80 MM (NBR 15352)","M2",14.86,"SINAPI-I"]
[25871,"MANTA TERMOPLASTICA, PEAD, GEOMEMBRANA TEXTURIZADA EM AMBAS AS FACES, E = 1,00 MM (NBR 15352)","M2",18.239999999999998,"SINAPI-I"]
[25867,"MANTA TERMOPLASTICA, PEAD, GEOMEMBRANA TEXTURIZADA EM AMBAS AS FACES, E = 1,50 MM (NBR 15352)","M2",27.01,"SINAPI-I"]
[25872,"MANTA TERMOPLASTICA, PEAD, GEOMEMBRANA TEXTURIZADA EM AMBAS AS FACES, E = 2,00 MM (NBR 15352)","M2",36.5,"SINAPI-I"]
[25873,"MANTA TERMOPLASTICA, PEAD, GEOMEMBRANA TEXTURIZADA EM AMBAS AS FACES, E = 2,50 MM (NBR 15352)","M2",45.53,"SINAPI-I"]
[40637,"MAQUINA DEMARCADORA DE FAIXA DE TRAFEGO A FRIO, AUTOPROPELIDA, MOTOR DIESEL 38 HP","UN",505925.24,"SINAPI-I"]
[13836,"MAQUINA EXTRUSORA DE CONCRETO PARA GUIAS E SARJETAS, COM MOTOR A DIESEL DE 14 CV","UN",78291.97,"SINAPI-I"]
[14534,"MAQUINA MANUAL TIPO PRENSA PARA PRODUCAO DE BLOCOS E PAVIMENTOS DE CONCRETO, COM MOTOR ELETRICO TRIFASICO PARA VIBRACAO, POTENCIA TOTAL INSTALADA DE 1,5 KW","UN",32775.089999999997,"SINAPI-I"]
[14619,"MAQUINA PARA CORTE COM DISCO ABRASIVO DE DIAMETRO DE 18'' (450 MM), COM MOTOR ELETRICO TRIFASICO DE 10 CV","UN",10236.120000000001,"SINAPI-I"]
[14535,"MAQUINA TIPO PRENSA HIDRAULICA, PARA FABRICACAO DE TUBOS DE CONCRETO PARA AGUAS PLUVIAIS, DN 200 A DN 600 MM X 1000 MM DE COMPRIMENTO, COM MOTOR PRINCIPAL DE 20 CV","UN",325295.92,"SINAPI-I"]
[39813,"MAQUINA TIPO VASO/TANQUE/JATO DE PRESSAO PORTATIL PARA JATEAMENTO, CONTROLE AUTOMATICO E REMOTO, CAMARA DE 1 SAIDA, 280 L, DIAM. *670* MM, BICO JATO CURTO VENTURI DE 5/16\", MANGUEIRA DE 1\" DE 10 M, COMPLETA (VALVULAS POP UP E DOSADORA, FUNDO CONICO ETC)","UN",17291.87,"SINAPI-I"]
[40403,"MAQUINA TRANSFORMADORA MONOFASICA PARA SOLDA ELETRICA, TENSAO DE 220 V, FREQUENCIA DE 60 HZ, FAIXA DE CORRENTE ENTRE 80 A (+/- 10 A) E 250 A, POTENCIA ENTRE 14,00 KVA E 15,0 KVA, CICLO DE TRABALHO ENTRE 10% E 20% A 250 A","UN",533.87,"SINAPI-I"]
[12868,"MARCENEIRO","H",23,"SINAPI-I"]
[40916,"MARCENEIRO (MENSALISTA)","MES",4066.06,"SINAPI-I"]
[4755,"MARMORISTA / GRANITEIRO","H",19.899999999999999,"SINAPI-I"]
[41067,"MARMORISTA / GRANITEIRO (MENSALISTA)","MES",3519.91,"SINAPI-I"]
[38463,"MARTELO DE SOLDADOR/PICADOR DE SOLDA","UN",20.27,"SINAPI-I"]
[40703,"MARTELO DEMOLIDOR ELETRICO, COM POTENCIA DE 2.000 W, FREQUENCIA DE 1.000 IMPACTOS POR MINUTO, FORÇA DE IMPACTO ENTRE 60 E 65 J, PESO DE 30 KG","UN",7150,"SINAPI-I"]
[14531,"MARTELO DEMOLIDOR PNEUMATICO MANUAL, COM REDUCAO DE VIBRACAO, PESO DE 21 KG","UN",13330.29,"SINAPI-I"]
[36533,"MARTELO DEMOLIDOR PNEUMATICO MANUAL, COM REDUCAO DE VIBRACAO, PESO DE 31,5 KG","UN",15339.76,"SINAPI-I"]
[11616,"MARTELO DEMOLIDOR PNEUMATICO MANUAL, PADRAO, PESO DE 32 KG","UN",14488.17,"SINAPI-I"]
[41898,"MARTELO DEMOLIDOR PNEUMATICO MANUAL, PESO  DE 28 KG, COM SILENCIADOR","UN",16301.17,"SINAPI-I"]
[13447,"MARTELO PERFURADOR PNEUMATICO MANUAL, DE SUPERFICIE, COM AVANCO DE COLUNA, PESO DE 22 KG","UN",29995.27,"SINAPI-I"]
[14529,"MARTELO PERFURADOR PNEUMATICO MANUAL, HASTE 25 X 75 MM, 21 KG","UN",16775.59,"SINAPI-I"]
[10747,"MARTELO PERFURADOR PNEUMATICO MANUAL, PESO DE 25 KG, COM SILENCIADOR","UN",16459.419999999998,"SINAPI-I"]
[36141,"MASCARA DE SEGURANCA PARA SOLDA COM ESCUDO DE CELERON E CARNEIRA DE PLASTICO COM REGULAGEM","UN",36.450000000000003,"SINAPI-I"]
[4053,"MASSA A OLEO PARA MADEIRA","GL",60.87,"SINAPI-I"]
[4052,"MASSA ACRILICA","18L",124.15,"SINAPI-I"]
[4056,"MASSA ACRILICA PARA PAREDES INTERIOR/EXTERIOR","GL",32.01,"SINAPI-I"]
[4051,"MASSA CORRIDA PVA PARA PAREDES INTERNAS","18L",79.900000000000006,"SINAPI-I"]
[4048,"MASSA CORRIDA PVA PARA PAREDES INTERNAS","L",4.43,"SINAPI-I"]
[4047,"MASSA CORRIDA PVA PARA PAREDES INTERNAS","GL",15.98,"SINAPI-I"]
[39434,"MASSA DE REJUNTE EM PO PARA DRYWALL, A BASE DE GESSO, SECAGEM RAPIDA, PARA TRATAMENTO DE JUNTAS DE CHAPA DE GESSO (COM ADICAO DE AGUA)","KG",4.3099999999999996,"SINAPI-I"]
[39433,"MASSA DE REJUNTE PRONTA PARA TRATAMENTO DE JUNTAS DE CHAPA DE GESSO PARA DRYWALL, SEM ADICAO DE AGUA","KG",3.09,"SINAPI-I"]
[4049,"MASSA EPOXI BICOMPONENTE (MASSA + CATALIZADOR)","L",50.06,"SINAPI-I"]
[38120,"MASSA EPOXI BICOMPONENTE PARA REPAROS","KG",83.33,"SINAPI-I"]
[38877,"MASSA PARA TEXTURA LISA DE BASE ACRILICA, USO INTERNO E EXTERNO","KG",5.92,"SINAPI-I"]
[34546,"MASSA PARA TEXTURA RUSTICA DE BASE ACRILICA, COR BRANCA, USO INTERNO E EXTERNO","KG",5.96,"SINAPI-I"]
[10498,"MASSA PARA VIDRO","KG",6.35,"SINAPI-I"]
[4823,"MASSA PLASTICA PARA MARMORE/GRANITO","KG",35.76,"SINAPI-I"]
[12357,"MASTRO SIMPLES GALVANIZADO DIAMETRO NOMINAL 1 1/2\", COMPRIMENTO 3 M","UN",118.39,"SINAPI-I"]
[12358,"MASTRO SIMPLES GALVANIZADO DIAMETRO NOMINAL 2\", COMPRIMENTO 3 M","UN",133.16999999999999,"SINAPI-I"]
[11079,"MATERIAL FILTRANTE (PEDREGULHO) 0,6 A 25,46 MM (POSTO PEDREIRA/FORNECEDOR, SEM FRETE)","M3",779.75,"SINAPI-I"]
[11082,"MATERIAL FILTRANTE (PEDREGULHO) 38 A 25,4 MM (POSTO PEDREIRA/FORNECEDOR, SEM FRETE)","M3",795.53,"SINAPI-I"]
[4058,"MECANICO DE EQUIPAMENTOS PESADOS","H",24.87,"SINAPI-I"]
[40974,"MECANICO DE EQUIPAMENTOS PESADOS (MENSALISTA)","MES",4396.82,"SINAPI-I"]
[34794,"MECANICO DE REFRIGERACAO","H",32.46,"SINAPI-I"]
[40925,"MECANICO DE REFRIGERACAO (MENSALISTA)","MES",5738.21,"SINAPI-I"]
[13741,"MEDIDOR DE NIVEL ESTATICO E DINAMICO PARA POCO, COMPRIMENTO DE 200 M","UN",2126.4699999999998,"SINAPI-I"]
[3288,"MEIA CANA DE MADEIRA CEDRINHO OU EQUIVALENTE DA REGIAO, ACABAMENTO PARA FORRO PAULISTA, *2,5 X 2,5* CM","M",3.6,"SINAPI-I"]
[13587,"MEIA CANA DE MADEIRA PINUS OU EQUIVALENTE DA REGIAO, ACABAMENTO PARA FORRO PAULISTA, *2,5 X 2,5* CM","M",2.17,"SINAPI-I"]
[38598,"MEIA CANALETA CONCRETO ESTRUTURAL 14 X 19 X 19 CM, FBK 14 MPA (NBR 6136)","UN",2.61,"SINAPI-I"]
[38595,"MEIA CANALETA CONCRETO ESTRUTURAL 14 X 19 X 19 CM, FBK 4,5 MPA (NBR 6136)","UN",1.8,"SINAPI-I"]
[38592,"MEIO BLOCO CONCRETO ESTRUTURAL 14 X 19 X 14 CM, FBK 14 MPA (NBR 6136)","UN",2.35,"SINAPI-I"]
[38588,"MEIO BLOCO CONCRETO ESTRUTURAL 14 X 19 X 14 CM, FBK 4,5 MPA (NBR 6136)","UN",1.48,"SINAPI-I"]
[38593,"MEIO BLOCO CONCRETO ESTRUTURAL 14 X 19 X 19 CM, FBK 14 MPA (NBR 6136)","UN",2.5299999999999998,"SINAPI-I"]
[38589,"MEIO BLOCO CONCRETO ESTRUTURAL 14 X 19 X 19 CM, FBK 4,5 MPA (NBR 6136)","UN",1.81,"SINAPI-I"]
[38594,"MEIO BLOCO CONCRETO ESTRUTURAL 14 X 19 X 34 CM, FBK 14 MPA (NBR 6136)","UN",3.75,"SINAPI-I"]
[34787,"MEIO BLOCO ESTRUTURAL CERAMICO 14 X 19 X 14 CM, 4,0 MPA (NBR 15270)","UN",0.84,"SINAPI-I"]
[34788,"MEIO BLOCO ESTRUTURAL CERAMICO 14 X 19 X 14 CM, 6,0 MPA (NBR 15270)","UN",0.84,"SINAPI-I"]
[34784,"MEIO BLOCO ESTRUTURAL CERAMICO 14 X 19 X 19 CM, 4,0 MPA (NBR 15270)","UN",0.93,"SINAPI-I"]
[34781,"MEIO BLOCO ESTRUTURAL CERAMICO 14 X 19 X 19 CM, 6,0 MPA (NBR 15270)","UN",1.05,"SINAPI-I"]
[34773,"MEIO BLOCO VEDACAO CONCRETO APARENTE 14 X 19 X 19 CM  (CLASSE C - NBR 6136)","UN",1.88,"SINAPI-I"]
[34769,"MEIO BLOCO VEDACAO CONCRETO APARENTE 19 X 19 X 19 CM (CLASSE C - NBR 6136)","UN",2.17,"SINAPI-I"]
[34763,"MEIO BLOCO VEDACAO CONCRETO APARENTE 9  X 19 X 19 CM (CLASSE C - NBR 6136)","UN",1.26,"SINAPI-I"]
[34774,"MEIO BLOCO VEDACAO CONCRETO 14 X 19 X 19 CM (CLASSE C - NBR 6136)","UN",1.68,"SINAPI-I"]
[34771,"MEIO BLOCO VEDACAO CONCRETO 19 X 19 X 19 CM (CLASSE C - NBR 6136)","UN",1.93,"SINAPI-I"]
[34764,"MEIO BLOCO VEDACAO CONCRETO 9 X 19 X 19 CM (CLASSE C - NBR 6136)","UN",1.17,"SINAPI-I"]
[4062,"MEIO-FIO OU GUIA DE CONCRETO, PRE-MOLDADO, COMP 1 M, *30 X 15* CM (H X L)","UN",15.36,"SINAPI-I"]
[4059,"MEIO-FIO OU GUIA DE CONCRETO, PRE-MOLDADO, COMP 1 M, *30 X 15/ 12* CM (H X L1/L2)","M",18.63,"SINAPI-I"]
[4061,"MEIO-FIO OU GUIA DE CONCRETO, PRE-MOLDADO, COMP 80 CM, *45 X 18 /12* CM (H X L1/L2)","UN",14.9,"SINAPI-I"]
[10608,"MESA VIBRATORIA COM DIMENSOES DE 2,0 X 1,0 M, COM MOTOR ELETRICO DE 2 POLOS E POTENCIA DE 3 CV","UN",11200,"SINAPI-I"]
[4069,"MESTRE DE OBRAS","H",53.16,"SINAPI-I"]
[40819,"MESTRE DE OBRAS (MENSALISTA)","MES",9394.9699999999993,"SINAPI-I"]
[34361,"METACAULIM DE ALTA REATIVIDADE/CAULIM CALCINADO","KG",1.59,"SINAPI-I"]
[36512,"MICRO-TRATOR CORTADOR DE GRAMA COM LARGURA DO CORTE DE 107 CM, COM  2 LAMINAS E DESCARTE LATERAL","UN",10185.14,"SINAPI-I"]
[25972,"MICROESFERAS DE VIDRO PARA SINALIZACAO HORIZONTAL VIARIA, TIPO I-B (PREMIX) - NBR 16184","KG",8.33,"SINAPI-I"]
[25973,"MICROESFERAS DE VIDRO PARA SINALIZACAO HORIZONTAL VIARIA, TIPO II-A (DROP-ON) - NBR 16184","KG",8.33,"SINAPI-I"]
[11697,"MICTORIO COLETIVO ACO INOX (AISI 304), E = 0,8 MM, DE *100 X 40 X 30* CM (C X A X P)","UN",568.25,"SINAPI-I"]
[11698,"MICTORIO COLETIVO ACO INOX (AISI 304), E = 0,8 MM, DE *100 X 50 X 35* CM (C X A X P)","UN",677.89,"SINAPI-I"]
[11699,"MICTORIO INDIVIDUAL ACO INOX (AISI 304), E = 0,8 MM, DE *50  X 45  X 35* (C X A X P)","UN",749.22,"SINAPI-I"]
[10432,"MICTORIO SIFONADO LOUCA BRANCA SEM COMPLEMENTOS","UN",250.86,"SINAPI-I"]
[10430,"MICTORIO SIFONADO LOUCA COR SEM COMPLEMENTOS","UN",270.17,"SINAPI-I"]
[37514,"MINICARREGADEIRA SOBRE RODAS, POTENCIA LIQUIDA DE *47* HP, CAPACIDADE NOMINAL DE OPERACAO DE *646* KG","UN",169165.32,"SINAPI-I"]
[37519,"MINICARREGADEIRA SOBRE RODAS, POTENCIA LIQUIDA DE *72* HP, CAPACIDADE NOMINAL DE OPERACAO DE *1200* KG","UN",261071.72,"SINAPI-I"]
[37520,"MINIESCAVADEIRA SOBRE ESTEIRAS, POTENCIA LIQUIDA DE *30* HP, PESO OPERACIONAL DE *3.500* KG","UN",256791.85,"SINAPI-I"]
[37521,"MINIESCAVADEIRA SOBRE ESTEIRAS, POTENCIA LIQUIDA DE *42* HP, PESO OPERACIONAL DE *4.500* KG","UN",313286.06,"SINAPI-I"]
[37522,"MINIESCAVADEIRA SOBRE ESTEIRAS, POTENCIA LIQUIDA DE *42* HP, PESO OPERACIONAL DE *5.300* KG","UN",322711.52,"SINAPI-I"]
[21109,"MINUTERIA ELETRONICA COLETIVA COM POTENCIA MAXIMA RESISTIVA PARA LAMPADAS FLUORESCENTES DE *300* W ( 110 V ) / *600* W ( 110 V )","UN",72.180000000000007,"SINAPI-I"]
[36800,"MISTURADOR BASE PARA CHUVEIRO/BANHEIRA, 1/2 \" OU 3/4 \", SOLDAVEL OU ROSCAVEL","UN",88.2,"SINAPI-I"]
[11769,"MISTURADOR CROMADO DE MESA BICA BAIXA PARA LAVATORIO (REF 1875)","UN",216.16,"SINAPI-I"]
[36793,"MISTURADOR CROMADO DE PAREDE PARA LAVATORIO (REF 1178)","UN",349.98,"SINAPI-I"]
[37546,"MISTURADOR DE ARGAMASSA, EIXO HORIZONTAL, CAPACIDADE DE MISTURA 160 KG, MOTOR ELETRICO TRIFASICO 220/380 V, POTENCIA 3 CV","UN",7593.61,"SINAPI-I"]
[37544,"MISTURADOR DE ARGAMASSA, EIXO HORIZONTAL, CAPACIDADE DE MISTURA 300 KG, MOTOR ELETRICO TRIFASICO 220/380 V, POTENCIA 5 CV","UN",8031.52,"SINAPI-I"]
[37545,"MISTURADOR DE ARGAMASSA, EIXO HORIZONTAL, CAPACIDADE DE MISTURA 600 KG, MOTOR ELETRICO TRIFASICO 220/380 V, POTENCIA 7,5 CV","UN",9556.43,"SINAPI-I"]
[11771,"MISTURADOR DE PAREDE CROMADO PARA COZINHA BICA MOVEL COM AREJADOR (REF 1258)","UN",268.12,"SINAPI-I"]
[39919,"MISTURADOR DUPLO HORIZONTAL DE ALTA TURBULENCIA, CAPACIDADE / VOLUME 2 X 500 LITROS, MOTORES ELETRICOS MINIMO 5 CV CADA,  PARA NATA CIMENTO, ARGAMASSA E OUTROS","UN",38010.239999999998,"SINAPI-I"]
[38385,"MISTURADOR MANUAL DE TINTAS PARA FURADEIRA, HASTE METALICA *60* CM, COM HELICE  (MEXEDOR DE TINTA)","UN",37.700000000000003,"SINAPI-I"]
[37587,"MISTURADOR MONOCOMANDO PARA CHUVEIRO, BASE BRUTA E ACABAMENTO CROMADO","UN",243.87,"SINAPI-I"]
[11571,"MOLA AEREA FECHA PORTA, PARA PORTAS COM LARGURA ACIMA DE 110 CM","UN",175.99,"SINAPI-I"]
[11561,"MOLA AEREA FECHA PORTA, PARA PORTAS COM LARGURA ATE 110 CM","UN",136.11000000000001,"SINAPI-I"]
[11560,"MOLA AEREA FECHA PORTA, PARA PORTAS COM LARGURA ATE 95 CM","UN",115.85,"SINAPI-I"]
[11499,"MOLA HIDRAULICA DE PISO P/ VIDRO TEMPERADO 10MM","UN",1108.5899999999999,"SINAPI-I"]
[34761,"MONTADOR DE ELETROELETRONICOS","H",20.260000000000002,"SINAPI-I"]
[40924,"MONTADOR DE ELETROELETRONICOS (MENSALISTA)","MES",3581.1,"SINAPI-I"]
[25957,"MONTADOR DE ESTRUTURAS METALICAS","H",17.87,"SINAPI-I"]
[40983,"MONTADOR DE ESTRUTURAS METALICAS (MENSALISTA)","MES",3158.14,"SINAPI-I"]
[2437,"MONTADOR DE MAQUINAS","H",28.48,"SINAPI-I"]
[40921,"MONTADOR DE MAQUINAS (MENSALISTA)","MES",5033.1400000000003,"SINAPI-I"]
[40534,"MONTANTE EM BARRA CHATA ACO GALVANIZADO, *65 X 8* MM, ALTURA *1420* MM, PINTURA ELETROSTATICA, COR PRETA","UN",217.74,"SINAPI-I"]
[14252,"MOTOBOMBA AUTOESCORVANTE MOTOR A GASOLINA, POTENCIA 6,0HP, BOCAIS 3\" X 3\", HM/Q = 5 MCA / 24 M3/H A 52,5 MCA / 5,0 M3/H","UN",1522.12,"SINAPI-I"]
[730,"MOTOBOMBA AUTOESCORVANTE MOTOR ELETRICO TRIFASICO 7,4HP BOCA DIAMETRO DE SUCCAO X RECLAQUE: 2\"X2\", HM/ Q = 10 M / 73,5 M3/H A 28 M / 8,2 M3 /H","UN",4066.81,"SINAPI-I"]
[723,"MOTOBOMBA AUTOESCORVANTE POTENCIA 5,42 HP, BOCAIS SUCCAO X RECALQUE 2\" X 2\", A GASOLINA, DIAMETRO DO ROTOR 122 MM HM/Q = 6 MCA / 33,0 M3/H A 28 MCA / 8,0 M3/H","UN",2021.35,"SINAPI-I"]
[36502,"MOTOBOMBA CENTRIFUGA, MOTOR A GASOLINA, POTENCIA 5,42 HP, BOCAIS 1 1/2\" X 1\", DIAMETRO ROTOR 143 MM HM/Q = 6 MCA / 16,8 M3/H A 38 MCA / 6,6 M3/H","UN",1899.83,"SINAPI-I"]
[36503,"MOTOBOMBA TRASH (PARA AGUA SUJA) AUTO ESCORVANTE, MOTOR GASOLINA DE 6,41 HP, DIAMETROS DE SUCCAO X RECALQUE: 3\" X 3\", HM/Q: 10/60 A 23/0","UN",2342.71,"SINAPI-I"]
[4090,"MOTONIVELADORA POTENCIA BASICA LIQUIDA (PRIMEIRA MARCHA) 125 HP , PESO BRUTO 13843 KG, LARGURA DA LAMINA DE 3,7 M","UN",555000,"SINAPI-I"]
[13227,"MOTONIVELADORA POTENCIA BASICA LIQUIDA (PRIMEIRA MARCHA) 171 HP, PESO BRUTO 14768 KG, LARGURA DA LAMINA DE 3,7 M","UN",689656.7,"SINAPI-I"]
[10597,"MOTONIVELADORA POTENCIA BASICA LIQUIDA (PRIMEIRA MARCHA) 186 HP, PESO BRUTO 15785 KG, LARGURA DA LAMINA DE 4,3 M","UN",725952.65,"SINAPI-I"]
[39628,"MOTOR A DIESEL PARA VIBRADOR DE IMERSAO, DE *4,7* CV","UN",2511.16,"SINAPI-I"]
[39404,"MOTOR A GASOLINA PARA VIBRADOR DE IMERSAO, 4 TEMPOS, DE 5,5 CV","UN",1245.2,"SINAPI-I"]
[39402,"MOTOR ELETRICO PARA VIBRADOR DE IMERSAO, DE 2 CV, MONOFASICO, 110/220 V","UN",1025.81,"SINAPI-I"]
[39403,"MOTOR ELETRICO PARA VIBRADOR DE IMERSAO, DE 2 CV, TRIFASICO, 220/380 V","UN",1003.5,"SINAPI-I"]
[4093,"MOTORISTA DE CAMINHAO","H",18.059999999999999,"SINAPI-I"]
[10512,"MOTORISTA DE CAMINHAO (MENSALISTA)","MES",3879.67,"SINAPI-I"]
[20020,"MOTORISTA DE CAMINHAO-BASCULANTE","H",17.03,"SINAPI-I"]
[41038,"MOTORISTA DE CAMINHAO-BASCULANTE (MENSALISTA)","MES",3659.51,"SINAPI-I"]
[4094,"MOTORISTA DE CAMINHAO-CARRETA","H",24.12,"SINAPI-I"]
[40988,"MOTORISTA DE CAMINHAO-CARRETA (MENSALISTA)","MES",5181.04,"SINAPI-I"]
[4095,"MOTORISTA DE CARRO DE PASSEIO","H",19.41,"SINAPI-I"]
[40990,"MOTORISTA DE CARRO DE PASSEIO (MENSALISTA)","MES",3793.25,"SINAPI-I"]
[4097,"MOTORISTA DE ONIBUS / MICRO-ONIBUS","H",19.170000000000002,"SINAPI-I"]
[40994,"MOTORISTA DE ONIBUS / MICRO-ONIBUS (MENSALISTA)","MES",3749.4,"SINAPI-I"]
[4096,"MOTORISTA OPERADOR DE CAMINHAO COM MUNCK","H",19.899999999999999,"SINAPI-I"]
[40992,"MOTORISTA OPERADOR DE CAMINHAO COM MUNCK (MENSALISTA)","MES",3890.29,"SINAPI-I"]
[13955,"MOTOSSERRA PORTATIL COM MOTOR A GASOLINA DE *60* CC","UN",1939.14,"SINAPI-I"]
[4114,"MOURAO CONCRETO CURVO, SECAO \"T\", H = 2,80 M + CURVA COM 0,45 M, COM FUROS PARA FIOS","UN",40.270000000000003,"SINAPI-I"]
[36797,"MOURAO DE CONCRETO CURVO,10 X 10 CM, H= *2,60* M + CURVA DE 0,40 M","UN",35.22,"SINAPI-I"]
[4107,"MOURAO DE CONCRETO RETO, *10 X 10* CM, H= 2,30 M","UN",33.909999999999997,"SINAPI-I"]
[36799,"MOURAO DE CONCRETO RETO, TIPO ESTICADOR, *10 X 10* CM, H= 2,50 M","UN",32.369999999999997,"SINAPI-I"]
[4108,"MOURAO DE CONCRETO RETO, 10 X 10 CM, H= 2,00 M","UN",27.26,"SINAPI-I"]
[4102,"MOURAO DE CONCRETO RETO, 10 X 10 CM, H= 3,00 M","UN",40.56,"SINAPI-I"]
[10826,"MUDA DE ARBUSTO FLORIFERO, CLUSIA/GARDENIA/MOREIA BRANCA/ AZALEIA OU EQUIVALENTE DA REGIAO, H= *50 A 70* CM","UN",34.479999999999997,"SINAPI-I"]
[365,"MUDA DE ARBUSTO FOLHAGEM, SANSAO-DO-CAMPO OU EQUIVALENTE DA REGIAO, H= *50 A 70* CM","UN",21.37,"SINAPI-I"]
[38639,"MUDA DE ARBUSTO, BUXINHO, H= *50* M","UN",82.75,"SINAPI-I"]
[38640,"MUDA DE ARBUSTO, PINGO DE OURO/ VIOLETEIRA, H = *10 A 20* CM","UN",1.24,"SINAPI-I"]
[358,"MUDA DE ARVORE ORNAMENTAL, OITI/AROEIRA SALSA/ANGICO/IPE/JACARANDA OU EQUIVALENTE  DA REGIAO, H= *1* M","UN",25.51,"SINAPI-I"]
[359,"MUDA DE ARVORE ORNAMENTAL, OITI/AROEIRA SALSA/ANGICO/IPE/JACARANDA OU EQUIVALENTE  DA REGIAO, H= *2* M","UN",52.41,"SINAPI-I"]
[38641,"MUDA DE PALMEIRA, ARECA, H= *1,50* CM","UN",51.72,"SINAPI-I"]
[360,"MUDA DE RASTEIRA/FORRACAO, AMENDOIM RASTEIRO/ONZE HORAS/AZULZINHA/IMPATIENS OU EQUIVALENTE DA REGIAO","UN",1.2,"SINAPI-I"]
[4127,"MUFLA TERMINAL PRIMARIA UNIPOLAR USO EXTERNO PARA CABO 25/70MM2 ISOL, 3,6/6KV EM EPR - BORRACHA DE SILICONE","UN",210.82,"SINAPI-I"]
[4154,"MUFLA TERMINAL PRIMARIA UNIPOLAR USO INTERNO PARA CABO 25/70MM2 ISOL 6/10KV EM EPR- BORRACHA DE SILICONE","UN",257.57,"SINAPI-I"]
[4168,"MUFLA TERMINAL PRIMARIA UNIPOLAR USO INTERNO PARA CABO 35/120MM2 ISOLACAO 15/25KV EM EPR - BORRACHA DE SILICONE","UN",272.02,"SINAPI-I"]
[4161,"MUFLA TERMINAL PRIMARIA UNIPOLAR USO INTERNO PARA CABO 35/70MM2 ISOLACAO 8,7/15KV EM EPR - BORRACHA DE SILICONE","UN",261.82,"SINAPI-I"]
[42430,"MULTIEXERCITADOR COM SEIS FUNCOES, EM TUBO DE ACO CARBONO, PINTURA NO PROCESSO ELETROSTATICO - EQUIPAMENTO DE GINASTICA PARA ACADEMIA AO AR LIVRE / ACADEMIA DA TERCEIRA IDADE - ATI","UN",3654.84,"SINAPI-I"]
[4214,"NIPEL PVC, ROSCAVEL, 1 1/2\",  AGUA FRIA PREDIAL","UN",5.63,"SINAPI-I"]
[4215,"NIPEL PVC, ROSCAVEL, 1 1/4\",  AGUA FRIA PREDIAL","UN",3.7,"SINAPI-I"]
[4210,"NIPEL PVC, ROSCAVEL, 1/2\",  AGUA FRIA PREDIAL","UN",0.62,"SINAPI-I"]
[4212,"NIPEL PVC, ROSCAVEL, 1\",  AGUA FRIA PREDIAL","UN",1.79,"SINAPI-I"]
[4213,"NIPEL PVC, ROSCAVEL, 2\",  AGUA FRIA PREDIAL","UN",8,"SINAPI-I"]
[4211,"NIPEL PVC, ROSCAVEL, 3/4\",  AGUA FRIA PREDIAL","UN",0.89,"SINAPI-I"]
[4209,"NIPLE DE FERRO GALVANIZADO, COM ROSCA BSP, DE 1 1/2\"","UN",14.91,"SINAPI-I"]
[4180,"NIPLE DE FERRO GALVANIZADO, COM ROSCA BSP, DE 1 1/4\"","UN",11.22,"SINAPI-I"]
[4177,"NIPLE DE FERRO GALVANIZADO, COM ROSCA BSP, DE 1/2\"","UN",3.72,"SINAPI-I"]
[4179,"NIPLE DE FERRO GALVANIZADO, COM ROSCA BSP, DE 1\"","UN",7.62,"SINAPI-I"]
[4208,"NIPLE DE FERRO GALVANIZADO, COM ROSCA BSP, DE 2 1/2\"","UN",35.49,"SINAPI-I"]
[4181,"NIPLE DE FERRO GALVANIZADO, COM ROSCA BSP, DE 2\"","UN",23.18,"SINAPI-I"]
[4178,"NIPLE DE FERRO GALVANIZADO, COM ROSCA BSP, DE 3/4\"","UN",5.16,"SINAPI-I"]
[4182,"NIPLE DE FERRO GALVANIZADO, COM ROSCA BSP, DE 3\"","UN",57.73,"SINAPI-I"]
[4183,"NIPLE DE FERRO GALVANIZADO, COM ROSCA BSP, DE 4\"","UN",92.94,"SINAPI-I"]
[4184,"NIPLE DE FERRO GALVANIZADO, COM ROSCA BSP, DE 5\"","UN",205.15,"SINAPI-I"]
[4185,"NIPLE DE FERRO GALVANIZADO, COM ROSCA BSP, DE 6\"","UN",340.87,"SINAPI-I"]
[4205,"NIPLE DE REDUCAO DE FERRO GALVANIZADO, COM ROSCA BSP, DE 1 1/2\" X 1 1/4\"","UN",19.68,"SINAPI-I"]
[4192,"NIPLE DE REDUCAO DE FERRO GALVANIZADO, COM ROSCA BSP, DE 1 1/2\" X 1\"","UN",19.68,"SINAPI-I"]
[4191,"NIPLE DE REDUCAO DE FERRO GALVANIZADO, COM ROSCA BSP, DE 1 1/2\" X 3/4\"","UN",19.68,"SINAPI-I"]
[4207,"NIPLE DE REDUCAO DE FERRO GALVANIZADO, COM ROSCA BSP, DE 1 1/4\" X 1/2\"","UN",15.84,"SINAPI-I"]
[4206,"NIPLE DE REDUCAO DE FERRO GALVANIZADO, COM ROSCA BSP, DE 1 1/4\" X 1\"","UN",15.38,"SINAPI-I"]
[4190,"NIPLE DE REDUCAO DE FERRO GALVANIZADO, COM ROSCA BSP, DE 1 1/4\" X 3/4\"","UN",15.38,"SINAPI-I"]
[4186,"NIPLE DE REDUCAO DE FERRO GALVANIZADO, COM ROSCA BSP, DE 1/2\" X 1/4\"","UN",4.54,"SINAPI-I"]
[4188,"NIPLE DE REDUCAO DE FERRO GALVANIZADO, COM ROSCA BSP, DE 1\" X 1/2\"","UN",9.2799999999999994,"SINAPI-I"]
[4189,"NIPLE DE REDUCAO DE FERRO GALVANIZADO, COM ROSCA BSP, DE 1\" X 3/4\"","UN",9.2799999999999994,"SINAPI-I"]
[4197,"NIPLE DE REDUCAO DE FERRO GALVANIZADO, COM ROSCA BSP, DE 2 1/2\" X 2\"","UN",49.15,"SINAPI-I"]
[4194,"NIPLE DE REDUCAO DE FERRO GALVANIZADO, COM ROSCA BSP, DE 2\" X 1 1/2\"","UN",29.7,"SINAPI-I"]
[4193,"NIPLE DE REDUCAO DE FERRO GALVANIZADO, COM ROSCA BSP, DE 2\" X 1 1/4\"","UN",29.7,"SINAPI-I"]
[4204,"NIPLE DE REDUCAO DE FERRO GALVANIZADO, COM ROSCA BSP, DE 2\" X 1\"","UN",29.7,"SINAPI-I"]
[4187,"NIPLE DE REDUCAO DE FERRO GALVANIZADO, COM ROSCA BSP, DE 3/4\" X 1/2\"","UN",5.92,"SINAPI-I"]
[4202,"NIPLE DE REDUCAO DE FERRO GALVANIZADO, COM ROSCA BSP, DE 3\" X 2 1/2\"","UN",89.77,"SINAPI-I"]
[4203,"NIPLE DE REDUCAO DE FERRO GALVANIZADO, COM ROSCA BSP, DE 3\" X 2\"","UN",79.28,"SINAPI-I"]
[40368,"NIPLE SEXTAVADO EM ACO CARBONO, COM ROSCA BSP, PRESSAO 3.000 LBS, DN 1 1/2\"","UN",26.94,"SINAPI-I"]
[40365,"NIPLE SEXTAVADO EM ACO CARBONO, COM ROSCA BSP, PRESSAO 3.000 LBS, DN 1 1/4\"","UN",18.18,"SINAPI-I"]
[40356,"NIPLE SEXTAVADO EM ACO CARBONO, COM ROSCA BSP, PRESSAO 3.000 LBS, DN 1/2\"","UN",6.21,"SINAPI-I"]
[40362,"NIPLE SEXTAVADO EM ACO CARBONO, COM ROSCA BSP, PRESSAO 3.000 LBS, DN 1\"","UN",12.04,"SINAPI-I"]
[40374,"NIPLE SEXTAVADO EM ACO CARBONO, COM ROSCA BSP, PRESSAO 3.000 LBS, DN 2 1/2\"","UN",70.430000000000007,"SINAPI-I"]
[40371,"NIPLE SEXTAVADO EM ACO CARBONO, COM ROSCA BSP, PRESSAO 3.000 LBS, DN 2\"","UN",44.33,"SINAPI-I"]
[40359,"NIPLE SEXTAVADO EM ACO CARBONO, COM ROSCA BSP, PRESSAO 3.000 LBS, DN 3/4\"","UN",8.02,"SINAPI-I"]
[7595,"NIVELADOR","H",9.99,"SINAPI-I"]
[41094,"NIVELADOR (MENSALISTA)","MES",1852.17,"SINAPI-I"]
[38175,"NUMERO / ALGARISMO PARA PORTA, TAMANHO *40* MM, EM ZAMAC, (MODELO DE 0 A 9), FIXACAO POR PARAFUSOS","UN",2.35,"SINAPI-I"]
[38176,"NUMERO / ALGARISMO PARA RESIDENCIA (FACHADA), TAMANHO *120* MM, EM ZAMAC, (MODELO DE 0 A 9), FIXACAO POR PARAFUSOS","UN",6.36,"SINAPI-I"]
[36152,"OCULOS DE SEGURANCA CONTRA IMPACTOS COM LENTE INCOLOR, ARMACAO NYLON, COM PROTECAO UVA E UVB","UN",5.26,"SINAPI-I"]
[11138,"OLEO COMBUSTIVEL BPF A GRANEL","L",2.27,"SINAPI-I"]
[5333,"OLEO DE LINHACA","L",17.16,"SINAPI-I"]
[4221,"OLEO DIESEL COMBUSTIVEL COMUM","L",3.53,"SINAPI-I"]
[4227,"OLEO LUBRIFICANTE PARA MOTORES DE EQUIPAMENTOS PESADOS (CAMINHOES, TRATORES, RETROS E ETC)","L",22,"SINAPI-I"]
[38170,"OLHO MAGICO / VISOR PARA PORTA DE *25 A 46* MM DE ESPESSURA, ANGULO DE VISAO APROXIMADO DE 200 GRAUS, LATAO CROMADO, COM FECHO JANELA","UN",10.72,"SINAPI-I"]
[4252,"OPERADOR DE BATE-ESTACAS","H",18.489999999999998,"SINAPI-I"]
[40980,"OPERADOR DE BATE-ESTACAS (MENSALISTA)","MES",3268.26,"SINAPI-I"]
[4243,"OPERADOR DE BETONEIRA (CAMINHAO)","H",16.260000000000002,"SINAPI-I"]
[41031,"OPERADOR DE BETONEIRA (CAMINHAO) (MENSALISTA)","MES",2877.54,"SINAPI-I"]
[40986,"OPERADOR DE BETONEIRA ESTACIONARIA / MISTURADOR (MENSALISTA)","MES",2776.94,"SINAPI-I"]
[37666,"OPERADOR DE BETONEIRA ESTACIONARIA/MISTURADOR","H",15.7,"SINAPI-I"]
[4250,"OPERADOR DE COMPRESSOR DE AR OU COMPRESSORISTA","H",16.670000000000002,"SINAPI-I"]
[40978,"OPERADOR DE COMPRESSOR DE AR OU COMPRESSORISTA (MENSALISTA)","MES",2947.96,"SINAPI-I"]
[25960,"OPERADOR DE DEMARCADORA DE FAIXAS DE TRAFEGO","H",20.03,"SINAPI-I"]
[41043,"OPERADOR DE DEMARCADORA DE FAIXAS DE TRAFEGO (MENSALISTA)","MES",3541.6,"SINAPI-I"]
[4234,"OPERADOR DE ESCAVADEIRA","H",21.95,"SINAPI-I"]
[40987,"OPERADOR DE ESCAVADEIRA (MENSALISTA)","MES",3879.67,"SINAPI-I"]
[4253,"OPERADOR DE GUINCHO","H",19.899999999999999,"SINAPI-I"]
[40981,"OPERADOR DE GUINCHO OU GUINCHEIRO (MENSALISTA)","MES",3519.31,"SINAPI-I"]
[4254,"OPERADOR DE GUINDASTE","H",19.899999999999999,"SINAPI-I"]
[41036,"OPERADOR DE GUINDASTE (MENSALISTA)","MES",3519.31,"SINAPI-I"]
[4251,"OPERADOR DE JATO ABRASIVO OU JATISTA","H",23.43,"SINAPI-I"]
[40979,"OPERADOR DE JATO ABRASIVO OU JATISTA (MENSALISTA)","MES",4142.6499999999996,"SINAPI-I"]
[4230,"OPERADOR DE MAQUINAS E TRATORES DIVERSOS (TERRAPLANAGEM)","H",20.43,"SINAPI-I"]
[40998,"OPERADOR DE MAQUINAS E TRATORES DIVERSOS (TERRAPLANAGEM) (MENSALISTA)","MES",3613.84,"SINAPI-I"]
[4257,"OPERADOR DE MARTELETE OU MARTELETEIRO","H",16.95,"SINAPI-I"]
[40982,"OPERADOR DE MARTELETE OU MARTELETEIRO (MENSALISTA)","MES",2996,"SINAPI-I"]
[4240,"OPERADOR DE MOTO SCRAPER","H",20.37,"SINAPI-I"]
[41026,"OPERADOR DE MOTO SCRAPER (MENSALISTA)","MES",3601.96,"SINAPI-I"]
[4239,"OPERADOR DE MOTONIVELADORA","H",24.99,"SINAPI-I"]
[41024,"OPERADOR DE MOTONIVELADORA (MENSALISTA)","MES",4418.96,"SINAPI-I"]
[4248,"OPERADOR DE PA CARREGADEIRA","H",24.97,"SINAPI-I"]
[41033,"OPERADOR DE PA CARREGADEIRA (MENSALISTA)","MES",4414.0600000000004,"SINAPI-I"]
[25959,"OPERADOR DE PAVIMENTADORA","H",21.03,"SINAPI-I"]
[41040,"OPERADOR DE PAVIMENTADORA/MESA VIBROACABADORA (MENSALISTA)","MES",3718.69,"SINAPI-I"]
[4238,"OPERADOR DE ROLO COMPACTADOR","H",15.51,"SINAPI-I"]
[41012,"OPERADOR DE ROLO COMPACTADOR (MENSALISTA)","MES",2741.5,"SINAPI-I"]
[4237,"OPERADOR DE TRATOR - EXCLUSIVE AGROPECUARIA","H",21.76,"SINAPI-I"]
[41002,"OPERADOR DE TRATOR - EXCLUSIVE AGROPECUARIA (MENSALISTA)","MES",3846,"SINAPI-I"]
[4233,"OPERADOR DE USINA DE ASFALTO, DE SOLOS OU DE CONCRETO","H",18.059999999999999,"SINAPI-I"]
[41001,"OPERADOR DE USINA DE ASFALTO, DE SOLOS OU DE CONCRETO (MENSALISTA)","MES",3193.47,"SINAPI-I"]
[2,"OXIGENIO, RECARGA PARA CILINDRO DE CONJUNTO OXICORTE GRANDE","M3",8.93,"SINAPI-I"]
[36517,"PA CARREGADEIRA SOBRE RODAS, POTENCIA BRUTA *127* CV, CAPACIDADE DA CACAMBA DE 2,0 A 2,4 M3, PESO OPERACIONAL DE 10330 KG","UN",366744,"SINAPI-I"]
[4262,"PA CARREGADEIRA SOBRE RODAS, POTENCIA LIQUIDA 128 HP, CAPACIDADE DA CACAMBA DE 1,7 A 2,8 M3, PESO OPERACIONAL DE 11632 KG","UN",413000,"SINAPI-I"]
[4263,"PA CARREGADEIRA SOBRE RODAS, POTENCIA LIQUIDA 197 HP, CAPACIDADE DA CACAMBA DE 2,5 A 3,5 M3, PESO OPERACIONAL DE 18338 KG","UN",572693.30000000005,"SINAPI-I"]
[36518,"PA CARREGADEIRA SOBRE RODAS, POTENCIA LIQUIDA 213 HP, CAPACIDADE DA CACAMBA DE 1,9 A 3,5 M3, PESO OPERACIONAL DE 19234 KG","UN",651989.30000000005,"SINAPI-I"]
[14221,"PA CARREGADEIRA SOBRE RODAS, POTENCIA 152 HP, CAPACIDADE DA CACAMBA DE 1,53 A 2,30 M3, PESO OPERACIONAL DE 10216 KG","UN",380510.65,"SINAPI-I"]
[38402,"PA DE LIXO PLASTICA, CABO LONGO","UN",6.97,"SINAPI-I"]
[3412,"PAINEL DE LA DE VIDRO SEM REVESTIMENTO PSI 20, E = 25 MM, DE 1200 X 600 MM","M2",13.07,"SINAPI-I"]
[3413,"PAINEL DE LA DE VIDRO SEM REVESTIMENTO PSI 20, E = 50 MM, DE 1200 X 600 MM","M2",29.43,"SINAPI-I"]
[39744,"PAINEL DE LA DE VIDRO SEM REVESTIMENTO PSI 40, E = 25 MM, DE 1200 X 600 MM","M2",22.85,"SINAPI-I"]
[39745,"PAINEL DE LA DE VIDRO SEM REVESTIMENTO PSI 40, E = 50 MM, DE 1200 X 600 MM","M2",48.23,"SINAPI-I"]
[39637,"PAINEL ESTRUTURAL PARA LAJE SECA REVESTIDO EM PLACA CIMENTICIA, DE 1,20 X 2,50 M, E = 23 MM","M2",60.47,"SINAPI-I"]
[39638,"PAINEL ESTRUTURAL PARA LAJE SECA REVESTIDO EM PLACA CIMENTICIA, DE 1,20 X 2,50 M, E = 40 MM","M2",112.61,"SINAPI-I"]
[39639,"PAINEL ESTRUTURAL PARA LAJE SECA REVESTIDO EM PLACA CIMENTICIA, DE 1,20 X 2,50 M, E = 55 MM","M2",148.46,"SINAPI-I"]
[39517,"PAINEL ISOLANTE REVESTIDO EM ACO GALVALUME *0,5* MM COM PRE-PINTURA NAS DUAS FACES, NUCLEO EM POLIURETANO (PUR), E = 40/50 MM, PARA FECHAMENTOS VERTICAIS (INCLUI PARAFUSOS DE FIXACAO)","M2",140.88,"SINAPI-I"]
[39518,"PAINEL ISOLANTE REVESTIDO EM ACO GALVALUME *0,5* MM COM PRE-PINTURA NAS DUAS FACES, NUCLEO EM POLIURETANO (PUR), E = 70/80 MM, PARA FECHAMENTOS VERTICAIS (INCLUI PARAFUSOS DE FIXACAO)","M2",166.64,"SINAPI-I"]
[38366,"PAPEL KRAFT BETUMADO","M2",2.77,"SINAPI-I"]
[11703,"PAPELEIRA DE PAREDE EM METAL CROMADO SEM TAMPA","UN",34.380000000000003,"SINAPI-I"]
[37400,"PAPELEIRA PLASTICA TIPO DISPENSER PARA PAPEL HIGIENICO ROLAO","UN",64.959999999999994,"SINAPI-I"]
[25400,"PAR DE TABELAS DE BASQUETE EM COMPENSADO NAVAL DE *1,80 X 1,20* M, COM ARO DE METAL E REDE (SEM SUPORTE DE FIXACAO)","UN",1248.3900000000001,"SINAPI-I"]
[4272,"PARA-RAIOS DE BAIXA TENSAO, TENSAO DE OPERACAO *280* V , CORRENTE MAXIMA *20* KA","UN",67.97,"SINAPI-I"]
[4276,"PARA-RAIOS DE DISTRIBUICAO, TENSAO NOMINAL 15 KV, CORRENTE NOMINAL DE DESCARGA 5 KA","UN",200.62,"SINAPI-I"]
[4273,"PARA-RAIOS DE DISTRIBUICAO, TENSAO NOMINAL 30 KV, CORRENTE NOMINAL DE DESCARGA 10 KA","UN",333.27,"SINAPI-I"]
[4274,"PARA-RAIOS TIPO FRANKLIN 350 MM, EM LATAO CROMADO, DUAS DESCIDAS, PARA PROTECAO DE EDIFICACOES CONTRA DESCARGAS ATMOSFERICAS","UN",77.28,"SINAPI-I"]
[39438,"PARAFUSO CABECA TROMBETA E PONTA AGULHA (GN55), COMPRIMENTO 55 MM, EM ACO FOSFATIZADO, PARA FIXAR CHAPA DE GESSO EM PERFIL DRYWALL METALICO MAXIMO 0,7 MM","UN",0.11,"SINAPI-I"]
[11963,"PARAFUSO DE ACO TIPO CHUMBADOR PARABOLT, DIAMETRO 1/2\", COMPRIMENTO 75 MM","UN",4.24,"SINAPI-I"]
[11964,"PARAFUSO DE ACO TIPO CHUMBADOR PARABOLT, DIAMETRO 3/8\", COMPRIMENTO 75 MM","UN",1.07,"SINAPI-I"]
[4379,"PARAFUSO DE ACO ZINCADO COM ROSCA SOBERBA, CABECA CHATA E FENDA SIMPLES, DIAMETRO 2,5 MM, COMPRIMENTO * 9,5 * MM","UN",0.02,"SINAPI-I"]
[4377,"PARAFUSO DE ACO ZINCADO COM ROSCA SOBERBA, CABECA CHATA E FENDA SIMPLES, DIAMETRO 4,2 MM, COMPRIMENTO * 32 * MM","UN",0.08,"SINAPI-I"]
[4356,"PARAFUSO DE ACO ZINCADO COM ROSCA SOBERBA, CABECA CHATA E FENDA SIMPLES, DIAMETRO 4,8 MM, COMPRIMENTO 45 MM","UN",0.11,"SINAPI-I"]
[13246,"PARAFUSO DE FERRO POLIDO, SEXTAVADO, COM ROSCA INTEIRA, DIAMETRO 5/16\", COMPRIMENTO 3/4\", COM PORCA E ARRUELA LISA LEVE","UN",0.2,"SINAPI-I"]
[4346,"PARAFUSO DE FERRO POLIDO, SEXTAVADO, COM ROSCA PARCIAL, DIAMETRO 5/8\", COMPRIMENTO 6\", COM PORCA E ARRUELA DE PRESSAO MEDIA","UN",4.54,"SINAPI-I"]
[11955,"PARAFUSO DE LATAO COM ACABAMENTO CROMADO PARA FIXAR PECA SANITARIA, INCLUI PORCA CEGA, ARRUELA E BUCHA DE NYLON TAMANHO S-10","UN",1.99,"SINAPI-I"]
[11960,"PARAFUSO DE LATAO COM ROSCA SOBERBA, CABECA CHATA E FENDA SIMPLES, DIAMETRO 2,5 MM, COMPRIMENTO 12 MM","UN",0.06,"SINAPI-I"]
[4333,"PARAFUSO DE LATAO COM ROSCA SOBERBA, CABECA CHATA E FENDA SIMPLES, DIAMETRO 3,2 MM, COMPRIMENTO 16 MM","UN",0.11,"SINAPI-I"]
[4358,"PARAFUSO DE LATAO COM ROSCA SOBERBA, CABECA CHATA E FENDA SIMPLES, DIAMETRO 4,8 MM, COMPRIMENTO 65 MM","UN",0.91,"SINAPI-I"]
[39435,"PARAFUSO DRY WALL, EM ACO FOSFATIZADO, CABECA TROMBETA E PONTA AGULHA (TA), COMPRIMENTO 25 MM","UN",0.04,"SINAPI-I"]
[39436,"PARAFUSO DRY WALL, EM ACO FOSFATIZADO, CABECA TROMBETA E PONTA AGULHA (TA), COMPRIMENTO 35 MM","UN",7.0000000000000007E-2,"SINAPI-I"]
[39437,"PARAFUSO DRY WALL, EM ACO FOSFATIZADO, CABECA TROMBETA E PONTA AGULHA (TA), COMPRIMENTO 45 MM","UN",0.1,"SINAPI-I"]
[39439,"PARAFUSO DRY WALL, EM ACO FOSFATIZADO, CABECA TROMBETA E PONTA BROCA (TB), COMPRIMENTO 25 MM","UN",7.0000000000000007E-2,"SINAPI-I"]
[39440,"PARAFUSO DRY WALL, EM ACO FOSFATIZADO, CABECA TROMBETA E PONTA BROCA (TB), COMPRIMENTO 35 MM","UN",0.09,"SINAPI-I"]
[39441,"PARAFUSO DRY WALL, EM ACO FOSFATIZADO, CABECA TROMBETA E PONTA BROCA (TB), COMPRIMENTO 45 MM","UN",0.11,"SINAPI-I"]
[39442,"PARAFUSO DRY WALL, EM ACO ZINCADO, CABECA LENTILHA E PONTA AGULHA (LA), LARGURA 4,2 MM, COMPRIMENTO 13 MM","UN",0.08,"SINAPI-I"]
[39443,"PARAFUSO DRY WALL, EM ACO ZINCADO, CABECA LENTILHA E PONTA BROCA (LB), LARGURA 4,2 MM, COMPRIMENTO 13 MM","UN",0.1,"SINAPI-I"]
[4329,"PARAFUSO EM ACO GALVANIZADO, TIPO MAQUINA, SEXTAVADO, SEM PORCA, DIAMETRO 1/2\", COMPRIMENTO 2\"","UN",0.97,"SINAPI-I"]
[4383,"PARAFUSO FRANCES METRICO ZINCADO, DIAMETRO 12 MM, COMPRIMENTO 140MM, COM PORCA SEXTAVADA E ARRUELA DE PRESSAO MEDIA","UN",8.77,"SINAPI-I"]
[4344,"PARAFUSO FRANCES METRICO ZINCADO, DIAMETRO 12 MM, COMPRIMENTO 150 MM, COM PORCA SEXTAVADA E ARRUELA DE PRESSAO MEDIA","UN",9.19,"SINAPI-I"]
[436,"PARAFUSO FRANCES M16 EM ACO GALVANIZADO, COMPRIMENTO = 150 MM, DIAMETRO = 16 MM, CABECA ABAULADA","UN",4.92,"SINAPI-I"]
[442,"PARAFUSO FRANCES M16 EM ACO GALVANIZADO, COMPRIMENTO = 45 MM, DIAMETRO = 16 MM, CABECA ABAULADA","UN",2.91,"SINAPI-I"]
[11953,"PARAFUSO FRANCES ZINCADO, DIAMETRO 1/2'', COMPRIMENTO 2'', COM PORCA E ARRUELA","UN",1.45,"SINAPI-I"]
[4335,"PARAFUSO FRANCES ZINCADO, DIAMETRO 1/2\", COMPRIMENTO 12\", COM PORCA E ARRUELA LISA MEDIA","UN",6.17,"SINAPI-I"]
[4334,"PARAFUSO FRANCES ZINCADO, DIAMETRO 1/2\", COMPRIMENTO 15\", COM PORCA E ARRUELA LISA MEDIA","UN",8.4600000000000009,"SINAPI-I"]
[4343,"PARAFUSO FRANCES ZINCADO, DIAMETRO 1/2\", COMPRIMENTO 4\", COM PORCA E ARRUELA","UN",2.08,"SINAPI-I"]
[430,"PARAFUSO M16 EM ACO GALVANIZADO, COMPRIMENTO = 125 MM, DIAMETRO = 16 MM, ROSCA MAQUINA, CABECA QUADRADA","UN",4.4000000000000004,"SINAPI-I"]
[441,"PARAFUSO M16 EM ACO GALVANIZADO, COMPRIMENTO = 150 MM, DIAMETRO = 16 MM, ROSCA MAQUINA, CABECA QUADRADA","UN",4.84,"SINAPI-I"]
[431,"PARAFUSO M16 EM ACO GALVANIZADO, COMPRIMENTO = 200 MM, DIAMETRO = 16 MM, ROSCA MAQUINA, CABECA QUADRADA","UN",5.85,"SINAPI-I"]
[432,"PARAFUSO M16 EM ACO GALVANIZADO, COMPRIMENTO = 250 MM, DIAMETRO = 16 MM, ROSCA MAQUINA, CABECA QUADRADA","UN",6.45,"SINAPI-I"]
[429,"PARAFUSO M16 EM ACO GALVANIZADO, COMPRIMENTO = 300 MM, DIAMETRO = 16 MM, ROSCA DUPLA","UN",8.6999999999999993,"SINAPI-I"]
[439,"PARAFUSO M16 EM ACO GALVANIZADO, COMPRIMENTO = 300 MM, DIAMETRO = 16 MM, ROSCA MAQUINA, CABECA QUADRADA","UN",7.42,"SINAPI-I"]
[433,"PARAFUSO M16 EM ACO GALVANIZADO, COMPRIMENTO = 350 MM, DIAMETRO = 16 MM, ROSCA MAQUINA, CABECA QUADRADA","UN",8.66,"SINAPI-I"]
[437,"PARAFUSO M16 EM ACO GALVANIZADO, COMPRIMENTO = 400 MM, DIAMETRO = 16 MM, ROSCA DUPLA","UN",11.5,"SINAPI-I"]
[11790,"PARAFUSO M16 EM ACO GALVANIZADO, COMPRIMENTO = 450 MM, DIAMETRO = 16 MM, ROSCA MAQUINA, CABECA QUADRADA","UN",13.05,"SINAPI-I"]
[428,"PARAFUSO M16 EM ACO GALVANIZADO, COMPRIMENTO = 500 MM, DIAMETRO = 16 MM, ROSCA MAQUINA, COM CABECA SEXTAVADA E PORCA","UN",14.19,"SINAPI-I"]
[4384,"PARAFUSO NIQUELADO COM ACABAMENTO CROMADO PARA FIXAR PECA SANITARIA, INCLUI PORCA CEGA, ARRUELA E BUCHA DE NYLON TAMANHO S-10","UN",10.07,"SINAPI-I"]
[4351,"PARAFUSO NIQUELADO 3 1/2\" COM ACABAMENTO CROMADO PARA FIXAR PECA SANITARIA, INCLUI PORCA CEGA, ARRUELA E BUCHA DE NYLON TAMANHO S-8","UN",7.47,"SINAPI-I"]
[11054,"PARAFUSO ROSCA SOBERBA ZINCADO CABECA CHATA FENDA SIMPLES 3,2 X 20 MM (3/4 \")","UN",0.03,"SINAPI-I"]
[11055,"PARAFUSO ROSCA SOBERBA ZINCADO CABECA CHATA FENDA SIMPLES 3,5 X 25 MM (1 \")","UN",0.05,"SINAPI-I"]
[11056,"PARAFUSO ROSCA SOBERBA ZINCADO CABECA CHATA FENDA SIMPLES 3,8 X 30 MM (1.1/4 \")","UN",0.05,"SINAPI-I"]
[11057,"PARAFUSO ROSCA SOBERBA ZINCADO CABECA CHATA FENDA SIMPLES 4,8 X 40 MM (1.1/2 \")","UN",0.11,"SINAPI-I"]
[11059,"PARAFUSO ROSCA SOBERBA ZINCADO CABECA CHATA FENDA SIMPLES 5,5 X 50 MM (2 \")","UN",0.21,"SINAPI-I"]
[11058,"PARAFUSO ROSCA SOBERBA ZINCADO CABECA CHATA FENDA SIMPLES 5,5 X 65 MM (2.1/2 \")","UN",0.27,"SINAPI-I"]
[4380,"PARAFUSO ZINCADO ROSCA SOBERBA 5/16 \" X 120 MM PARA TELHA FIBROCIMENTO","UN",0.92,"SINAPI-I"]
[4299,"PARAFUSO ZINCADO ROSCA SOBERBA, CABECA SEXTAVADA, 5/16 \" X 110 MM, PARA FIXACAO DE TELHA EM MADEIRA","UN",0.87,"SINAPI-I"]
[4304,"PARAFUSO ZINCADO ROSCA SOBERBA, CABECA SEXTAVADA, 5/16 \" X 150 MM, PARA FIXACAO DE TELHA EM MADEIRA","UN",1.18,"SINAPI-I"]
[4305,"PARAFUSO ZINCADO ROSCA SOBERBA, CABECA SEXTAVADA, 5/16 \" X 180 MM, PARA FIXACAO DE TELHA EM MADEIRA","UN",1.38,"SINAPI-I"]
[4306,"PARAFUSO ZINCADO ROSCA SOBERBA, CABECA SEXTAVADA, 5/16 \" X 200 MM, PARA FIXACAO DE TELHA EM MADEIRA","UN",1.6,"SINAPI-I"]
[4308,"PARAFUSO ZINCADO ROSCA SOBERBA, CABECA SEXTAVADA, 5/16 \" X 230 MM, PARA FIXACAO DE TELHA EM MADEIRA","UN",3.31,"SINAPI-I"]
[4302,"PARAFUSO ZINCADO ROSCA SOBERBA, CABECA SEXTAVADA, 5/16 \" X 250 MM, PARA FIXACAO DE TELHA EM MADEIRA","UN",2.48,"SINAPI-I"]
[4300,"PARAFUSO ZINCADO ROSCA SOBERBA, CABECA SEXTAVADA, 5/16 \" X 50 MM, PARA FIXACAO DE TELHA EM MADEIRA","UN",0.59,"SINAPI-I"]
[4301,"PARAFUSO ZINCADO ROSCA SOBERBA, CABECA SEXTAVADA, 5/16 \" X 85 MM, PARA FIXACAO DE TELHA EM MADEIRA","UN",0.72,"SINAPI-I"]
[4320,"PARAFUSO ZINCADO 5/16 \" X 250 MM PARA FIXACAO DE TELHA DE FIBROCIMENTO CANALETE 49, INCLUI BUCHA NYLON S-10","UN",2.19,"SINAPI-I"]
[4318,"PARAFUSO ZINCADO 5/16 \" X 85 MM PARA FIXACAO DE TELHA DE FIBROCIMENTO CANALETE 90, INCLUI BUCHA NYLON S-10","UN",1.07,"SINAPI-I"]
[40547,"PARAFUSO ZINCADO, AUTOBROCANTE, FLANGEADO, 4,2 X 19\"","CENTO",12.24,"SINAPI-I"]
[11962,"PARAFUSO ZINCADO, SEXTAVADO, COM ROSCA INTEIRA, DIAMETRO 1/4\", COMPRIMENTO 1/2\"","UN",0.1,"SINAPI-I"]
[4332,"PARAFUSO ZINCADO, SEXTAVADO, COM ROSCA INTEIRA, DIAMETRO 3/8\", COMPRIMENTO 2\"","UN",0.48,"SINAPI-I"]
[4331,"PARAFUSO ZINCADO, SEXTAVADO, COM ROSCA INTEIRA, DIAMETRO 5/8\", COMPRIMENTO 2 1/4\"","UN",1.83,"SINAPI-I"]
[4336,"PARAFUSO ZINCADO, SEXTAVADO, COM ROSCA INTEIRA, DIAMETRO 5/8\", COMPRIMENTO 3\", COM PORCA E ARRUELA DE PRESSAO MEDIA","UN",2.35,"SINAPI-I"]
[13294,"PARAFUSO ZINCADO, SEXTAVADO, COM ROSCA SOBERBA, DIAMETRO 3/8\", COMPRIMENTO 80 MM","UN",0.67,"SINAPI-I"]
[11948,"PARAFUSO ZINCADO, SEXTAVADO, COM ROSCA SOBERBA, DIAMETRO 5/16\", COMPRIMENTO 40 MM","UN",0.3,"SINAPI-I"]
[4382,"PARAFUSO ZINCADO, SEXTAVADO, COM ROSCA SOBERBA, DIAMETRO 5/16\", COMPRIMENTO 80 MM","UN",0.5,"SINAPI-I"]
[4354,"PARAFUSO ZINCADO, SEXTAVADO, GRAU 5, ROSCA INTEIRA, DIAMETRO 1 1/2\", COMPRIMENTO 4\"","UN",21.08,"SINAPI-I"]
[40839,"PARAFUSO, ASTM A307 - GRAU A, SEXTAVADO, ZINCADO, DIAMETRO 3/8\" (9,52 MM), COMPRIMENTO 1 \" (25,4 MM)","CENTO",50.73,"SINAPI-I"]
[40552,"PARAFUSO, AUTO ATARRACHANTE, CABECA CHATA, FENDA SIMPLES, 1/4\u0094 (6,35 MM) X 25 MM","CENTO",20.99,"SINAPI-I"]
[40549,"PARAFUSO, COMUM, ASTM A307, SEXTAVADO, DIAMETRO 1/2\" (12,7 MM), COMPRIMENTO 1\" (25,4 MM)","CENTO",83.1,"SINAPI-I"]
[4386,"PARALELEPIPEDO GRANITICO OU BASALTICO, PARA PAVIMENTACAO, SEM FRETE,  *30 A 35* PECAS POR M2","M2",48.32,"SINAPI-I"]
[4385,"PARALELEPIPEDO GRANITICO OU BASALTICO, PARA PAVIMENTACAO, SEM FRETE,  *30 A 35* PECAS POR M2","MIL",1142.8599999999999,"SINAPI-I"]
[38397,"PASTA DESENGRAXANTE PARA MAOS","KG",4.5999999999999996,"SINAPI-I"]
[20078,"PASTA LUBRIFICANTE PARA TUBOS E CONEXOES COM JUNTA ELASTICA (USO EM PVC, ACO, POLIETILENO E OUTROS) ( DE *400* G)","UN",17.86,"SINAPI-I"]
[20079,"PASTA LUBRIFICANTE PARA TUBOS E CONEXOES COM JUNTA ELASTICA (USO EM PVC, ACO, POLIETILENO E OUTROS) (POTE DE 3.500* G)","UN",111.39,"SINAPI-I"]
[39897,"PASTA PARA SOLDA DE TUBOS E CONEXOES DE COBRE (EMBALAGEM COM 250 G)","UN",28.67,"SINAPI-I"]
[118,"PASTA VEDA JUNTAS/ROSCA, LATA DE *500* G, PARA INSTALACOES DE GAS E OUTROS","UN",67.510000000000005,"SINAPI-I"]
[4396,"PASTILHA CERAMICA/PORCELANA, REVEST INT/EXT E  PISCINA, CORES BRANCA OU FRIAS, *2,5 X 2,5* CM","M2",129.43,"SINAPI-I"]
[36881,"PASTILHA CERAMICA/PORCELANA, REVEST INT/EXT E  PISCINA, CORES FRIAS *5 X 5* CM","M2",115.66,"SINAPI-I"]
[36882,"PASTILHA CERAMICA/PORCELANA, REVEST INT/EXT E  PISCINA, CORES QUENTES *5 X 5* CM","M2",134.93,"SINAPI-I"]
[4397,"PASTILHA CERAMICA/PORCELANA, REVEST INT/EXT E  PISCINA, CORES QUENTES, *2,5 X 2,5* CM","M2",209.88,"SINAPI-I"]
[34754,"PASTILHA DE VIDRO CRISTAL, NACIONAL, REVEST INT/EXT E PISCINA, TODAS AS CORES, E MAIOR OU IGUAL A 5 MM  *2,0 X 2,0* CM","M2",388.63,"SINAPI-I"]
[25962,"PASTILHA DE VIDRO PIGMENTADA *2,0 X 2,0* CM, NACIONAL, PARA REVESTIMENTO INTERNO/EXTERNO E PISCINA, BRANCA OU CORES FRIAS, ESPESSURA MAIOR OU IGUAL A 5 MM","M2",246.15,"SINAPI-I"]
[34752,"PASTILHA DE VIDRO PIGMENTADA, NACIONAL, REVEST INT/EXT E PISCINA, CORES QUENTES, ESPESSURA MAIOR OU IGUAL A 5 MM  *2,0 X 2,0* CM","M2",433.46,"SINAPI-I"]
[4751,"PASTILHEIRO","H",15.43,"SINAPI-I"]
[41066,"PASTILHEIRO (MENSALISTA)","MES",2729.97,"SINAPI-I"]
[39604,"PATCH CORD, CATEGORIA 5 E, EXTENSAO DE 1,50 M","UN",12,"SINAPI-I"]
[39605,"PATCH CORD, CATEGORIA 5 E, EXTENSAO DE 2,50 M","UN",16.649999999999999,"SINAPI-I"]
[39606,"PATCH CORD, CATEGORIA 6, EXTENSAO DE 1,50 M","UN",21.15,"SINAPI-I"]
[39607,"PATCH CORD, CATEGORIA 6, EXTENSAO DE 2,50 M","UN",24.27,"SINAPI-I"]
[39594,"PATCH PANEL, 24 PORTAS, CATEGORIA 5E, COM RACKS DE 19\" E 1 U DE ALTURA","UN",229.74,"SINAPI-I"]
[39596,"PATCH PANEL, 24 PORTAS, CATEGORIA 6, COM RACKS DE 19\" E 1 U DE ALTURA","UN",400.43,"SINAPI-I"]
[39595,"PATCH PANEL, 48 PORTAS, CATEGORIA 5E, COM RACKS DE 19\" E 2 U DE ALTURA","UN",336.12,"SINAPI-I"]
[39597,"PATCH PANEL, 48 PORTAS, CATEGORIA 6, COM RACKS DE 19\" E 2 U DE ALTURA","UN",539.99,"SINAPI-I"]
[20209,"PECA DE MADEIRA APARELHADA *7,5 X 7,5* CM (3 X 3 \") MACARANDUBA, ANGELIM OU EQUIVALENTE DA REGIAO","M",20.9,"SINAPI-I"]
[4433,"PECA DE MADEIRA NAO APARELHADA *7,5 X 7,5* CM (3 X 3 \") MACARANDUBA, ANGELIM OU EQUIVALENTE DA REGIAO","M",15.21,"SINAPI-I"]
[10731,"PEDRA ARDOSIA, CINZA, *40 X 40* CM, E= *1 CM","M2",26.55,"SINAPI-I"]
[4704,"PEDRA ARDOSIA, CINZA, 20  X  40 CM,  E=  *1 CM","M2",23.96,"SINAPI-I"]
[10730,"PEDRA ARDOSIA, CINZA, 30  X  30,  E= *1 CM","M2",25.67,"SINAPI-I"]
[4729,"PEDRA BRITADA GRADUADA, CLASSIFICADA (POSTO PEDREIRA/FORNECEDOR, SEM FRETE)","M3",72.98,"SINAPI-I"]
[4720,"PEDRA BRITADA N. 0, OU PEDRISCO (4,8 A 9,5 MM) POSTO PEDREIRA/FORNECEDOR, SEM FRETE","M3",79.8,"SINAPI-I"]
[4721,"PEDRA BRITADA N. 1 (9,5 a 19 MM) POSTO PEDREIRA/FORNECEDOR, SEM FRETE","M3",62.5,"SINAPI-I"]
[4718,"PEDRA BRITADA N. 2 (19 A 38 MM) POSTO PEDREIRA/FORNECEDOR, SEM FRETE","M3",62.5,"SINAPI-I"]
[4722,"PEDRA BRITADA N. 3 (38 A 50 MM) POSTO PEDREIRA/FORNECEDOR, SEM FRETE","M3",62.5,"SINAPI-I"]
[4723,"PEDRA BRITADA N. 4 (50 A 76 MM) POSTO PEDREIRA/FORNECEDOR, SEM FRETE","M3",68.180000000000007,"SINAPI-I"]
[4727,"PEDRA BRITADA N. 5 (76 A 100 MM) POSTO PEDREIRA/FORNECEDOR, SEM FRETE","M3",70.08,"SINAPI-I"]
[4748,"PEDRA BRITADA OU BICA CORRIDA, NAO CLASSIFICADA (POSTO PEDREIRA/FORNECEDOR, SEM FRETE)","M3",67.62,"SINAPI-I"]
[4730,"PEDRA DE MAO OU PEDRA RACHAO PARA ARRIMO/FUNDACAO (POSTO PEDREIRA/FORNECEDOR, SEM FRETE)","M3",65.34,"SINAPI-I"]
[13186,"PEDRA GRANITICA OU BASALTICA IRREGULAR, FAIXA GRANULOMETRICA 100 A 150 MM PARA PAVIMENTACAO OU CALCAMENTO POLIEDRICO, POSTO PEDREIRA / FORNECEDOR (SEM FRETE)","M3",67.97,"SINAPI-I"]
[10737,"PEDRA GRANITICA OU BASALTO, CACO, RETALHO, CAVACO, TIPO MIRACEMA, MADEIRA, PADUANA, RACHINHA, SANTA ISABEL OU OUTRAS SIMILARES, E=  *1,0 A *2,0 CM","M2",83.43,"SINAPI-I"]
[10734,"PEDRA GRANITICA, SERRADA, TIPO MIRACEMA, MADEIRA, PADUANA, RACHINHA, SANTA ISABEL OU OUTRAS SIMILARES, *11,5 X  *23 CM, E=  *1,0 A *2,0 CM","M2",49.63,"SINAPI-I"]
[4708,"PEDRA PORTUGUESA  OU PETIT PAVE, BRANCA OU PRETA","M2",96.27,"SINAPI-I"]
[4712,"PEDRA QUARTZITO OU CALCARIO LAMINADO, CACO, TIPO CARIRI, ITACOLOMI, LAGOA SANTA, LUMINARIA, PIRENOPOLIS, SAO TOME OU OUTRAS SIMILARES DA REGIAO, E=  *1,5 A *2,5 CM","M2",47.06,"SINAPI-I"]
[4710,"PEDRA QUARTZITO OU CALCARIO LAMINADO, SERRADA, TIPO CARIRI, ITACOLOMI, LAGOA SANTA, LUMINARIA, PIRENOPOLIS, SAO TOME OU OUTRAS SIMILARES DA REGIAO, *20 X *40 CM, E=  *1,5 A *2,5 CM","M2",150.93,"SINAPI-I"]
[4746,"PEDREGULHO OU PICARRA DE JAZIDA, AO NATURAL, PARA BASE DE PAVIMENTACAO (RETIRADO NA JAZIDA, SEM TRANSPORTE)","M3",60.61,"SINAPI-I"]
[4750,"PEDREIRO","H",19.43,"SINAPI-I"]
[41065,"PEDREIRO (MENSALISTA)","MES",3433.47,"SINAPI-I"]
[34747,"PEITORIL EM MARMORE, POLIDO, BRANCO COMUM, L= *15* CM, E=  *2,0* CM, COM PINGADEIRA","M",76.98,"SINAPI-I"]
[4826,"PEITORIL EM MARMORE, POLIDO, BRANCO COMUM, L= *15* CM, E=  *3* CM, CORTE RETO","M",82.78,"SINAPI-I"]
[41975,"PEITORIL PRE-MOLDADO EM GRANILITE, MARMORITE OU GRANITINA, L = *15* CM","M2",69.56,"SINAPI-I"]
[4825,"PEITORIL/ SOLEIRA EM MARMORE, POLIDO, BRANCO COMUM, L= *25* CM, E=  *3* CM, CORTE RETO","M",114.58,"SINAPI-I"]
[34744,"PELICULA REFLETIVA, GT 7 ANOS PARA SINALIZACAO VERTICAL","M2",22.32,"SINAPI-I"]
[39430,"PENDURAL OU PRESILHA REGULADORA, EM ACO GALVANIZADO, COM CORPO, MOLA E REBITE, PARA PERFIL TIPO CANALETA DE ESTRUTURA EM FORROS DRYWALL","UN",1.46,"SINAPI-I"]
[39573,"PENDURAL OU REGULADOR, COM MOLA, EM ACO GALVANIZADO, PARA PERFIL TIPO T CLICADO DE FORROS REMOVIVEL","UN",1.44,"SINAPI-I"]
[38410,"PENEIRA ROTATIVA COM MOTOR ELETRICO TRIFASICO DE 2 CV, CILINDRO DE 1 M X 0,60 M, COM FUROS DE 3,17 MM","UN",8892.01,"SINAPI-I"]
[4765,"PERFIL \"I\" DE ACO LAMINADO, \"I\" 102 X 12,7","M",76.930000000000007,"SINAPI-I"]
[4767,"PERFIL \"I\" DE ACO LAMINADO, \"I\" 152 X 22","M",132.54,"SINAPI-I"]
[4766,"PERFIL \"I\" DE ACO LAMINADO, \"I\" 152 X 22","KG",6.13,"SINAPI-I"]
[10963,"PERFIL \"I\" DE ACO LAMINADO, \"I\" 203  X  34,3","M",210.06,"SINAPI-I"]
[10962,"PERFIL \"I\" DE ACO LAMINADO, \"W\" 150 X 22,5","KG",6.52,"SINAPI-I"]
[34742,"PERFIL \"I\" DE ACO LAMINADO, \"W\" 250 X 32,7","KG",6.11,"SINAPI-I"]
[4773,"PERFIL \"I\" DE ACO LAMINADO, \"W\" 250 X 44,8","M",265.16000000000003,"SINAPI-I"]
[34740,"PERFIL \"I\" DE ACO LAMINADO, \"W\" 310 X 52,0","KG",6.11,"SINAPI-I"]
[4774,"PERFIL \"I\" DE ACO LAMINADO, \"W\" 410 X 67","KG",6.13,"SINAPI-I"]
[4776,"PERFIL \"I\" DE ACO LAMINADO, \"W\" 410 X 67","M",411.09,"SINAPI-I"]
[40313,"PERFIL \"I\" DE ACO LAMINADO, W 250 X 38,50","KG",6.11,"SINAPI-I"]
[13340,"PERFIL \"U\" CHAPA ACO DOBRADA,  E = 3,04 MM , H = 20 CM, ABAS = 5 CM (4,47 KG/M)","M",25.92,"SINAPI-I"]
[10965,"PERFIL \"U\" DE ACO LAMINADO, \"U\" 102 X 9,3","M",55.29,"SINAPI-I"]
[10966,"PERFIL \"U\" DE ACO LAMINADO, \"U\" 152 X 15,6","KG",6.18,"SINAPI-I"]
[40537,"PERFIL \"U\" ENRIJECIDO DE  ACO GALVANIZADO, DOBRADO, 200 X 75 X 25 MM, E = 3,75 MM","KG",6.75,"SINAPI-I"]
[40536,"PERFIL \"U\" ENRIJECIDO DE ACO GALVANIZADO, DOBRADO, 150 X 60 X 20 MM, E = 3,00 MM","KG",6.75,"SINAPI-I"]
[40535,"PERFIL \"U\" SIMPLES DE ACO GALVANIZADO DOBRADO 75 X *40* MM, E = 2,65 MM","KG",6.75,"SINAPI-I"]
[39427,"PERFIL CANALETA, FORMATO C, EM ACO ZINCADO, PARA ESTRUTURA FORRO DRYWALL, E = 0,5 MM, *46 X 18* (L X H), COMPRIMENTO 3 M","M",3.88,"SINAPI-I"]
[39424,"PERFIL CANTONEIRA L, LISA, EM ACO, 25 X 30 MM, E = 0,5 MM, PARA ESTRUTURA DRYWALL","M",2.31,"SINAPI-I"]
[39425,"PERFIL CANTONEIRA L, PERFURADA, EM ACO, 23 X 23 MM, E = 0,5 MM, PARA ESTRUTURA DRYWALL","M",2.2799999999999998,"SINAPI-I"]
[40664,"PERFIL CARTOLA DE ACO GALVANIZADO, *20 X 30 X 10* MM, E =  0,8 MM","KG",5.79,"SINAPI-I"]
[34360,"PERFIL DE ALUMINIO ANODIZADO","KG",32.49,"SINAPI-I"]
[20259,"PERFIL DE BORRACHA EPDM MACICO *12 X 15* MM PARA ESQUADRIAS","M",8.3000000000000007,"SINAPI-I"]
[14077,"PERFIL ELASTOMERICO PRE-FORMADO EM EPMD, PARA JUNTA DE DILATACAO DE PISOS COM POUCA SOLICITACAO, 15 MM DE LARGURA, MOVIMENTACAO DE *11 A 19* MM","M",127.04,"SINAPI-I"]
[3678,"PERFIL ELASTOMERICO PRE-FORMADO EM EPMD, PARA JUNTA DE DILATACAO DE USO GERAL EM MEDIAS SOLICITACOES, 8 MM DE LARGURA, MOVIMENTACAO DE *5 A 11* MM","M",57.42,"SINAPI-I"]
[39418,"PERFIL GUIA, FORMATO U, EM ACO ZINCADO, PARA ESTRUTURA PAREDE DRYWALL, E = 0,5 MM, 48  X 3000 MM (L X C)","M",4.33,"SINAPI-I"]
[39419,"PERFIL GUIA, FORMATO U, EM ACO ZINCADO, PARA ESTRUTURA PAREDE DRYWALL, E = 0,5 MM, 70 X 3000 MM (L X C)","M",5.28,"SINAPI-I"]
[39420,"PERFIL GUIA, FORMATO U, EM ACO ZINCADO, PARA ESTRUTURA PAREDE DRYWALL, E = 0,5 MM, 90 X 3000 MM (L X C)","M",5.83,"SINAPI-I"]
[39571,"PERFIL LONGARINA (PRINCIPAL), T CLICADO, EM ACO, BRANCO, PARA FORRO REMOVIVEL, 24 X 3750 MM (L X C)","M",3.52,"SINAPI-I"]
[39421,"PERFIL MONTANTE, FORMATO C, EM ACO ZINCADO, PARA ESTRUTURA PAREDE DRYWALL, E = 0,5 MM, 48 X 3000 MM (L X C)","M",5.13,"SINAPI-I"]
[39422,"PERFIL MONTANTE, FORMATO C, EM ACO ZINCADO, PARA ESTRUTURA PAREDE DRYWALL, E = 0,5 MM, 70 X 3000 MM (L X C)","M",5.99,"SINAPI-I"]
[39423,"PERFIL MONTANTE, FORMATO C, EM ACO ZINCADO, PARA ESTRUTURA PAREDE DRYWALL, E = 0,5 MM, 90 X 3000 MM (L X C)","M",6.95,"SINAPI-I"]
[39426,"PERFIL RODAPE DE IMPERMEABILIZACAO, FORMATO L, EM ACO ZINCADO, PARA ESTRUTURA DRYWALL, E = 0,5 MM, 220 X 3000 MM (H X C)","M",15.63,"SINAPI-I"]
[39429,"PERFIL TABICA ABERTA, PERFURADA, FORMATO Z, EM ACO GALVANIZADO NATURAL, LARGURA APROXIMADA 40 MM, PARA ESTRUTURA FORRO DRYWALL","M",4.93,"SINAPI-I"]
[39428,"PERFIL TABICA FECHADA, LISA, FORMATO Z, EM ACO GALVANIZADO NATURAL, LARGURA TOTAL NA HORIZONTAL *40* MM, PARA ESTRUTURA FORRO DRYWALL","M",3.76,"SINAPI-I"]
[39572,"PERFIL TIPO CANTONEIRA EM L, EM ACO GALVANIZADO, BRANCO, PARA FORRO REMOVIVEL, *23* X 3000 MM (L X C)","M",3.26,"SINAPI-I"]
[39570,"PERFIL TRAVESSA (SECUNDARIO), T CLICADO, EM ACO GALVANIZADO , BRANCO, PARA FORRO REMOVIVEL, 24 X 1250 MM (L X C)","M",3.46,"SINAPI-I"]
[39569,"PERFIL TRAVESSA (SECUNDARIO), T CLICADO, EM ACO GALVANIZADO, BRANCO, PARA FORRO REMOVIVEL, 24 X 625 MM (L X C)","M",3.42,"SINAPI-I"]
[11552,"PERFIL U / CANALETA DE ALUMINIO, DE ABAS IGUAIS, 1/2\" (1,27 X 1,27 CM), PARA PORTA OU JANELA DE CORRER","M",8.1,"SINAPI-I"]
[40598,"PERFIL UDC (\"U\" DOBRADO DE CHAPA) SIMPLES DE ACO LAMINADO, GALVANIZADO, ASTM A36, 127 X 50 MM, E= 3 MM","KG",6.75,"SINAPI-I"]
[39029,"PERFILADO PERFURADO DUPLO 38 X 76 MM, CHAPA 22","M",11.04,"SINAPI-I"]
[39028,"PERFILADO PERFURADO SIMPLES 38 X 38 MM, CHAPA 22","M",6.42,"SINAPI-I"]
[39328,"PERFILADO PERFURADO 19 X 38 MM, CHAPA 22","M",3.53,"SINAPI-I"]
[38541,"PERFURATRIZ COM TORRE METALICA PARA EXECUCAO DE ESTACA HELICE CONTINUA, PROFUNDIDADE MAXIMA DE 30 M, DIAMETRO MAXIMO DE 800 MM, POTENCIA INSTALADA DE 268 HP, MESA ROTATIVA COM TORQUE MAXIMO DE 170 KNM","UN",2227207.13,"SINAPI-I"]
[38542,"PERFURATRIZ COM TORRE METALICA PARA EXECUCAO DE ESTACA HELICE CONTINUA, PROFUNDIDADE MAXIMA DE 32 M, DIAMETRO MAXIMO DE 1000 MM, POTENCIA INSTALADA DE 350 HP, MESA ROTATIVA COM TORQUE MAXIMO DE 263 KNM","UN",3463217.52,"SINAPI-I"]
[38543,"PERFURATRIZ HIDRAULICA COM TRADO CURTO ACOPLADO, PROFUNDIDADE MAXIMA DE 20 M, DIAMETRO MAXIMO DE 1500 MM, POTENCIA INSTALADA DE 137 HP, MESA ROTATIVA COM TORQUE MAXIMO DE 30 KNM (INCLUI MONTAGEM, NAO INCLUI CAMINHAO)","UN",847891.21,"SINAPI-I"]
[40406,"PERFURATRIZ MANUAL, TORQUE MAXIMO 55 KGF.M, POTENCIA 5 CV, COM DIAMETRO MAXIMO 8 1/2\" (INCLUI SUPORTE/CHASSI TIPO MESA)","UN",48149.77,"SINAPI-I"]
[40789,"PERFURATRIZ MANUAL, TORQUE MAXIMO 83 N.M, POTENCIA 5 CV, COM DIAMETRO MAXIMO 4\" (NAO INCLUI SUPORTE / CHASSI)","UN",6938.87,"SINAPI-I"]
[40791,"PERFURATRIZ MANUAL, TORQUE MAXIMO 83 N.M, POTENCIA 5 CV, COM DIAMETRO MAXIMO 4\", PARA SOLO GRAMPEADO (INCLUI SUPORTE OU CHASSI TIPO MESA)","UN",21721.7,"SINAPI-I"]
[11651,"PERFURATRIZ PNEUMATICA MANUAL DE PESO MEDIO, 18KG, COMPRIMENTO DE CURSO DE 6 M, DIAMETRO DO PISTAO DE 5,5 CM","UN",11879.9,"SINAPI-I"]
[42002,"PERFURATRIZ ROTATIVA SOBRE ESTEIRA, TORQUE MAXIMO 2500 KGM, POTENCIA 110 HP, MOTOR DIESEL  (COLETADO CAIXA)","UN",726197.91,"SINAPI-I"]
[40435,"PERFURATRIZ SOBRE ESTEIRA, TORQUE MAXIMO DE 600 KGF, POTENCIA ENTRE 50 E 60 HP, DIAMETRO MAXIMO DE 10\"","UN",465145.94,"SINAPI-I"]
[39012,"PERFURATRIZ SOBRE ESTEIRA, TORQUE MAXIMO 600 KGF, PESO MEDIO 1000 KG, POTENCIA 20 HP, DIAMETRO MAXIMO 10\"","UN",485315.48,"SINAPI-I"]
[13617,"PICAPE CABINE SIMPLES COM MOTOR 1.6 FLEX, CAMBIO MANUAL, POTENCIA 101/104 CV, 2 PORTAS","UN",47521.05,"SINAPI-I"]
[5327,"PIGMENTO EM PO PARA ARGAMASSAS, CIMENTOS E OUTROS","KG",27.21,"SINAPI-I"]
[35274,"PILAR DE MADEIRA NAO APARELHADA *10 X 10* CM, MACARANDUBA, ANGELIM OU EQUIVALENTE DA REGIAO","M",46.78,"SINAPI-I"]
[35275,"PILAR DE MADEIRA NAO APARELHADA *15 X 15* CM, MACARANDUBA, ANGELIM OU EQUIVALENTE DA REGIAO","M",99.89,"SINAPI-I"]
[35276,"PILAR DE MADEIRA NAO APARELHADA *20 X 20* CM, MACARANDUBA, ANGELIM OU EQUIVALENTE DA REGIAO","M",163.34,"SINAPI-I"]
[38386,"PINCEL CHATO (TRINCHA) CERDAS GRIS 1.1/2 \" (38 MM)","UN",4.04,"SINAPI-I"]
[11091,"PINGADEIRA PLASTICA PARA TELHA DE FIBROCIMENTO CANALETE 49/KALHETA OU CANALETE 90/KALHETAO","UN",1.06,"SINAPI-I"]
[37586,"PINO DE ACO COM ARRUELA CONICA, DIAMETRO ARRUELA = *23* MM E COMP HASTE = *27* MM (ACAO INDIRETA)","CENTO",30.9,"SINAPI-I"]
[37395,"PINO DE ACO COM FURO, HASTE = 27 MM (ACAO DIRETA)","CENTO",26.57,"SINAPI-I"]
[14147,"PINO DE ACO COM ROSCA 1/4 \", COMPRIMENTO DA HASTE = 30 MM E ROSCA = 20 MM (ACAO DIRETA)","CENTO",35.25,"SINAPI-I"]
[37396,"PINO DE ACO LISO 1/4 \", HASTE = *36,5* MM (ACAO DIRETA)","CENTO",21.74,"SINAPI-I"]
[37397,"PINO DE ACO LISO 1/4 \", HASTE = *53* MM (ACAO DIRETA)","CENTO",22.78,"SINAPI-I"]
[11559,"PINO GUIA, RETO, COM CHAPA DE LATAO CROMADO, 3/4\", PARA PORTA / JANELA DE CORRER","UN",3.72,"SINAPI-I"]
[444,"PINO ROSCA EXTERNA, EM ACO GALVANIZADO, PARA ISOLADOR DE 15KV, DIAMETRO 25 MM, COMPRIMENTO *290* MM","UN",23.84,"SINAPI-I"]
[445,"PINO ROSCA EXTERNA, EM ACO GALVANIZADO, PARA ISOLADOR DE 25KV, DIAMETRO 35MM, COMPRIMENTO *320* MM","UN",32.630000000000003,"SINAPI-I"]
[4783,"PINTOR","H",19.43,"SINAPI-I"]
[41079,"PINTOR (MENSALISTA)","MES",3433.47,"SINAPI-I"]
[12874,"PINTOR DE LETREIROS","H",17.29,"SINAPI-I"]
[41082,"PINTOR DE LETREIROS (MENSALISTA)","MES",3057.14,"SINAPI-I"]
[4785,"PINTOR PARA TINTA EPOXI","H",20.88,"SINAPI-I"]
[41081,"PINTOR PARA TINTA EPOXI (MENSALISTA)","MES",3693.06,"SINAPI-I"]
[4801,"PISO DE BORRACHA CANELADO EM PLACAS 50 X 50 CM, E = *3,5* MM, PARA COLA","M2",47.06,"SINAPI-I"]
[4794,"PISO DE BORRACHA ESPORTIVO EM PLACAS 50 X 50 CM, E = 15 MM, PARA ARGAMASSA, PRETO","M2",214.35,"SINAPI-I"]
[4796,"PISO DE BORRACHA FRISADO OU PASTILHADO, PRETO, EM PLACAS 50 X 50 CM, E = 7 MM, PARA ARGAMASSA","M2",130.19,"SINAPI-I"]
[4800,"PISO DE BORRACHA PASTILHADO EM PLACAS 50 X 50 CM, E = *3,5* MM, PARA COLA, PRETO","M2",35.799999999999997,"SINAPI-I"]
[4795,"PISO DE BORRACHA PASTILHADO EM PLACAS 50 X 50 CM, E = 15 MM, PARA ARGAMASSA, PRETO","M2",208.66,"SINAPI-I"]
[39694,"PISO ELEVADO COM 2 PLACAS DE ACO COM ENCHIMENTO DE CONCRETO CELULAR, INCLUSO BASE/HASTE/CRUZETAS, 60 X 60 CM, H = *28* CM, RESISTENCIA CARGA CONCENTRADA 496 KG (COM COLOCACAO)","M2",202.61,"SINAPI-I"]
[1292,"PISO EM CERAMICA ESMALTADA EXTRA, PEI MAIOR OU IGUAL A 4, FORMATO MAIOR QUE 2025 CM2","M2",39.24,"SINAPI-I"]
[1287,"PISO EM CERAMICA ESMALTADA EXTRA, PEI MAIOR OU IGUAL A 4, FORMATO MENOR OU IGUAL A 2025 CM2","M2",19.25,"SINAPI-I"]
[1297,"PISO EM CERAMICA ESMALTADA, COMERCIAL (PADRAO POPULAR), PEI MAIOR OU IGUAL A 3, FORMATO MENOR OU IGUAL A  2025 CM2","M2",15.96,"SINAPI-I"]
[4786,"PISO EM GRANILITE, MARMORITE OU GRANITINA, AGREGADO COR PRETO, CINZA, PALHA OU BRANCO, E=  *8* MM (INCLUSO EXECUCAO)","M2",80,"SINAPI-I"]
[10840,"PISO EM GRANITO, POLIDO, TIPO AMENDOA/ AMARELO CAPRI/ AMARELO DOURADO CARIOCA OU OUTROS EQUIVALENTES DA REGIAO, FORMATO MENOR OU IGUAL A 3025 CM2, E=  *2* CM","M2",260,"SINAPI-I"]
[10841,"PISO EM GRANITO, POLIDO, TIPO ANDORINHA/ QUARTZ/ CASTELO/ CORUMBA OU OUTROS EQUIVALENTES DA REGIAO, FORMATO MENOR OU IGUAL A 3025 CM2, E=  *2* CM","M2",196.22,"SINAPI-I"]
[25980,"PISO EM GRANITO, POLIDO, TIPO MARFIM, DALLAS, CARAVELAS OU OUTROS EQUIVALENTES DA REGIAO, FORMATO MENOR OU IGUAL A 3025 CM2, E=  *2* CM","M2",250.73,"SINAPI-I"]
[10842,"PISO EM GRANITO, POLIDO, TIPO PRETO SAO GABRIEL/ TIJUCA OU OUTROS EQUIVALENTES DA REGIAO, FORMATO MENOR OU IGUAL A 3025 CM2, E=  *2* CM","M2",283.43,"SINAPI-I"]
[21108,"PISO EM PORCELANATO RETIFICADO EXTRA, FORMATO MENOR OU IGUAL A 2025 CM2","M2",52.3,"SINAPI-I"]
[38180,"PISO EM REGUA VINILICA SEMIFLEXIVEL, ENCAIXE CLICADO, E = 4 MM (SEM COLOCACAO)","M2",104.82,"SINAPI-I"]
[40648,"PISO EPOXI AUTONIVELANTE, ESPESSURA *4* MM (INCLUSO EXECUCAO)","M2",153.6,"SINAPI-I"]
[40649,"PISO EPOXI MULTILAYER, ESPESSURA *2* MM (INCLUSO EXECUCAO)","M2",89.47,"SINAPI-I"]
[40650,"PISO FULGET (GRANITO LAVADO) EM PLACAS DE *40 X 40* CM (SEM COLOCACAO)","M2",115.2,"SINAPI-I"]
[40651,"PISO FULGET (GRANITO LAVADO) EM PLACAS DE *75 X 75* CM (SEM COLOCACAO)","M2",212.48,"SINAPI-I"]
[40652,"PISO FULGET (GRANITO LAVADO) MOLDADO IN LOCO (INCLUSO EXECUCAO)","M2",113.92,"SINAPI-I"]
[40647,"PISO INDUSTRIAL EM CONCRETO ARMADO DE ACABAMENTO POLIDO, ESPESSURA 12 CM (CIMENTO QUEIMADO) (INCLUSO EXECUCAO)","M2",125.44,"SINAPI-I"]
[40653,"PISO KORODUR (INCLUSO EXECUCAO)","M2",96,"SINAPI-I"]
[36178,"PISO PODOTATIL DE CONCRETO - DIRECIONAL E ALERTA, *40 X 40 X 2,5* CM","UN",6.62,"SINAPI-I"]
[38195,"PISO PORCELANATO, BORDA RETA, EXTRA, FORMATO MAIOR QUE 2025 CM2","M2",61.77,"SINAPI-I"]
[38181,"PISO TATIL ALERTA OU DIRECIONAL, DE BORRACHA, COLORIDO, 25 X 25 CM, E = 5 MM, PARA COLA","M2",143.1,"SINAPI-I"]
[38182,"PISO TATIL DE ALERTA OU DIRECIONAL DE BORRACHA, PRETO, 25 X 25 CM, E = 5 MM, PARA COLA","M2",136.31,"SINAPI-I"]
[38186,"PISO TATIL DE ALERTA OU DIRECIONAL, DE BORRACHA, COLORIDO, 25 X 25 CM, E = 12 MM, PARA ARGAMASSA","M2",354.31,"SINAPI-I"]
[38185,"PISO TATIL DE ALERTA OU DIRECIONAL, DE BORRACHA, PRETO, 25 X 25 CM, E = 12 MM, PARA ARGAMASSA","M2",315.45999999999998,"SINAPI-I"]
[40654,"PISO URETANO, VERSAO REVESTIMENTO AUTONIVELANTE, ESPESSURA VARIÁVEL DE 3 A 4 MM (INCLUSO EXECUCAO)","M2",149.12,"SINAPI-I"]
[25981,"PISO/ REVESTIMENTO EM GRANITO, POLIDO, TIPO ANDORINHA/ QUARTZ/ CASTELO/ CORUMBA OU OUTROS EQUIVALENTES DA REGIAO, FORMATO MAIOR OU IGUAL A 3025 CM2, E = *2* CM","M2",207.12,"SINAPI-I"]
[4822,"PISO/ REVESTIMENTO EM MARMORE, POLIDO, BRANCO COMUM, FORMATO MAIOR OU IGUAL A 3025 CM2, E = *2* CM","M2",317.16000000000003,"SINAPI-I"]
[4818,"PISO/ REVESTIMENTO EM MARMORE, POLIDO, BRANCO COMUM, FORMATO MENOR OU IGUAL A 3025 CM2, E = *2* CM","M2",326,"SINAPI-I"]
[39567,"PLACA / CHAPA DE GESSO ACARTONADO, ACABAMENTO VINILICO LISO EM UMA DAS FACES, COR BRANCA, BORDA QUADRADA, E = 9,5 MM, 625 X 1250 MM (L X C), PARA FORRO REMOVIVEL","M2",51.28,"SINAPI-I"]
[39566,"PLACA / CHAPA DE GESSO ACARTONADO, ACABAMENTO VINILICO LISO EM UMA DAS FACES, COR BRANCA, BORDA QUADRADA, E = 9,5 MM, 625 X 625 MM (L X C), PARA FORRO REMOVIVEL","M2",59.23,"SINAPI-I"]
[11062,"PLACA CIMENTICIA LISA E = 10 MM, DE 1,20 X 3,00 M (SEM AMIANTO)","M2",43.24,"SINAPI-I"]
[11063,"PLACA CIMENTICIA LISA E = 6 MM, DE 1,20 X 3,00 M (SEM AMIANTO)","M2",41.87,"SINAPI-I"]
[13521,"PLACA DE ACO ESMALTADA PARA  IDENTIFICACAO DE RUA, *45 CM X 20* CM","UN",79.2,"SINAPI-I"]
[10851,"PLACA DE ACRILICO TRANSPARENTE ADESIVADA PARA SINALIZACAO DE PORTAS, BORDA POLIDA, DE *25 X 8*, E = 6 MM (NAO INCLUI ACESSORIOS PARA FIXACAO)","UN",45.38,"SINAPI-I"]
[39515,"PLACA DE FIBRA MINERAL PARA FORRO, DE 1250 X 625 MM, E = 15 MM, BORDA RETA, COM PINTURA ANTIMOFO (NAO INCLUI PERFIS)","UN",30.5,"SINAPI-I"]
[39516,"PLACA DE FIBRA MINERAL PARA FORRO, DE 625 X 625 MM, E = 15 MM, BORDA REBAIXADA PARA PERFIL 24 MM, COM PINTURA ANTIMOFO (NAO INCLUI PERFIS)","UN",25.71,"SINAPI-I"]
[39514,"PLACA DE FIBRA MINERAL PARA FORRO, DE 625 X 625 MM, E = 15 MM, BORDA RETA, COM PINTURA ANTIMOFO (NAO INCLUI PERFIS)","UN",16,"SINAPI-I"]
[4812,"PLACA DE GESSO PARA FORRO, DE  *60 X 60* CM E ESPESSURA DE 12 MM (30 MM NAS BORDAS) SEM COLOCACAO","M2",14.17,"SINAPI-I"]
[10849,"PLACA DE INAUGURACAO EM BRONZE *35X 50*CM","UN",1152.01,"SINAPI-I"]
[10848,"PLACA DE INAUGURACAO METALICA, *40* CM X *60* CM","UN",723.6,"SINAPI-I"]
[4813,"PLACA DE OBRA (PARA CONSTRUCAO CIVIL) EM CHAPA GALVANIZADA *N. 22*, ADESIVADA, DE *2,0 X 1,125* M","M2",240,"SINAPI-I"]
[37560,"PLACA DE SINALIZACAO DE SEGURANCA CONTRA INCENDIO - ALERTA, TRIANGULAR, BASE DE *30* CM, EM PVC *2* MM ANTI-CHAMAS (SIMBOLOS, CORES E PICTOGRAMAS CONFORME NBR 13434)","UN",30,"SINAPI-I"]
[37557,"PLACA DE SINALIZACAO DE SEGURANCA CONTRA INCENDIO, FOTOLUMINESCENTE, QUADRADA, *14 X 14* CM, EM PVC *2* MM ANTI-CHAMAS (SIMBOLOS, CORES E PICTOGRAMAS CONFORME NBR 13434)","UN",9.11,"SINAPI-I"]
[37556,"PLACA DE SINALIZACAO DE SEGURANCA CONTRA INCENDIO, FOTOLUMINESCENTE, QUADRADA, *20 X 20* CM, EM PVC *2* MM ANTI-CHAMAS (SIMBOLOS, CORES E PICTOGRAMAS CONFORME NBR 13434)","UN",17.62,"SINAPI-I"]
[37559,"PLACA DE SINALIZACAO DE SEGURANCA CONTRA INCENDIO, FOTOLUMINESCENTE, RETANGULAR, *12 X 40* CM, EM PVC *2* MM ANTI-CHAMAS (SIMBOLOS, CORES E PICTOGRAMAS CONFORME NBR 13434)","UN",21.62,"SINAPI-I"]
[37539,"PLACA DE SINALIZACAO DE SEGURANCA CONTRA INCENDIO, FOTOLUMINESCENTE, RETANGULAR, *13 X 26* CM, EM PVC *2* MM ANTI-CHAMAS (SIMBOLOS, CORES E PICTOGRAMAS CONFORME NBR 13434)","UN",15.24,"SINAPI-I"]
[37558,"PLACA DE SINALIZACAO DE SEGURANCA CONTRA INCENDIO, FOTOLUMINESCENTE, RETANGULAR, *20 X 40* CM, EM PVC *2* MM ANTI-CHAMAS (SIMBOLOS, CORES E PICTOGRAMAS CONFORME NBR 13434)","UN",28.41,"SINAPI-I"]
[34723,"PLACA DE SINALIZACAO EM CHAPA DE ACO NUM 16 COM PINTURA REFLETIVA","M2",554.4,"SINAPI-I"]
[34721,"PLACA DE SINALIZACAO EM CHAPA DE ALUMINIO COM PINTURA REFLETIVA, E = 2 MM","M2",691.2,"SINAPI-I"]
[4309,"PLACA DE VENTILACAO PARA TELHA DE FIBROCIMENTO CANALETE 49 KALHETA","UN",4.76,"SINAPI-I"]
[4307,"PLACA DE VENTILACAO PARA TELHA DE FIBROCIMENTO, CANALETE 90 OU KALHETAO","UN",8.14,"SINAPI-I"]
[10850,"PLACA NUMERACAO RESIDENCIAL EM CHAPA GALVANIZADA ESMALTADA 12 X 18 CM","UN",36,"SINAPI-I"]
[42438,"PLACA ORIENTATIVA SOBRE EXERCÍCIOS, 2,00M X 1,00M, EM TUBO DE ACO CARBONO, PINTURA NO PROCESSO ELETROSTATICO - PARA ACADEMIA AO AR LIVRE / ACADEMIA DA TERCEIRA IDADE - ATI","UN",1187.6099999999999,"SINAPI-I"]
[4792,"PLACA VINILICA SEMIFLEXIVEL PARA PISOS, E = 3,2 MM, 30 X 30 CM (SEM COLOCACAO)","M2",100.62,"SINAPI-I"]
[4790,"PLACA VINILICA SEMIFLEXIVEL PARA REVESTIMENTO DE PISOS E PAREDES, E = 2 MM (SEM COLOCACAO)","M2",60.5,"SINAPI-I"]
[40671,"PLACA/PISO DE CONCRETO POROSO/ PAVIMENTO PERMEAVEL/BLOCO DRENANTE DE CONCRETO, 40 CM X 40 CM, E = 6 CM, COR NATURAL","M2",37.74,"SINAPI-I"]
[7552,"PLACA/TAMPA CEGA EM LATAO ESCOVADO PARA CONDULETE EM LIGA DE ALUMINIO 4 X 4\"","UN",22.9,"SINAPI-I"]
[4893,"PLUG OU BUJAO DE FERRO GALVANIZADO, DE 1 1/2\"","UN",9.3000000000000007,"SINAPI-I"]
[4894,"PLUG OU BUJAO DE FERRO GALVANIZADO, DE 1 1/4\"","UN",7.98,"SINAPI-I"]
[4888,"PLUG OU BUJAO DE FERRO GALVANIZADO, DE 1/2\"","UN",2.71,"SINAPI-I"]
[4890,"PLUG OU BUJAO DE FERRO GALVANIZADO, DE 1\"","UN",5.0999999999999996,"SINAPI-I"]
[12411,"PLUG OU BUJAO DE FERRO GALVANIZADO, DE 2 1/2\"","UN",27.5,"SINAPI-I"]
[4891,"PLUG OU BUJAO DE FERRO GALVANIZADO, DE 2\"","UN",13.75,"SINAPI-I"]
[4889,"PLUG OU BUJAO DE FERRO GALVANIZADO, DE 3/4\"","UN",3.67,"SINAPI-I"]
[4892,"PLUG OU BUJAO DE FERRO GALVANIZADO, DE 3\"","UN",38.5,"SINAPI-I"]
[12412,"PLUG OU BUJAO DE FERRO GALVANIZADO, DE 4\"","UN",71.56,"SINAPI-I"]
[11073,"PLUG PVC P/ ESG PREDIAL  75MM","UN",3.02,"SINAPI-I"]
[11071,"PLUG PVC P/ ESG PREDIAL 100MM","UN",4.9000000000000004,"SINAPI-I"]
[11072,"PLUG PVC P/ ESG PREDIAL 50MM","UN",1.71,"SINAPI-I"]
[4895,"PLUG PVC ROSCAVEL,  1/2\",  AGUA FRIA PREDIAL (NBR 5648)","UN",0.33,"SINAPI-I"]
[4907,"PLUG PVC,  JE, DN 100 MM, PARA REDE COLETORA ESGOTO (NBR 10569)","UN",19.71,"SINAPI-I"]
[4902,"PLUG PVC, JE, DN 150 MM, PARA REDE COLETORA ESGOTO (NBR 10569)","UN",44.61,"SINAPI-I"]
[4908,"PLUG PVC, JE, DN 200 MM, PARA REDE COLETORA ESGOTO (NBR 10569)","UN",90.58,"SINAPI-I"]
[4909,"PLUG PVC, JE, DN 250 MM, PARA REDE COLETORA ESGOTO (NBR 10569)","UN",174.94,"SINAPI-I"]
[4903,"PLUG PVC, JE, DN 350 MM, PARA REDE COLETORA ESGOTO (NBR 10569)","UN",514.4,"SINAPI-I"]
[4897,"PLUG PVC, ROSCAVEL 1\", PARA AGUA FRIA PREDIAL","UN",1.42,"SINAPI-I"]
[4896,"PLUG PVC, ROSCAVEL 3/4\", PARA  AGUA FRIA PREDIAL","UN",0.5,"SINAPI-I"]
[4900,"PLUG PVC, ROSCAVEL, 1 1/2\",  AGUA FRIA PREDIAL","UN",4.2300000000000004,"SINAPI-I"]
[4898,"PLUG PVC, ROSCAVEL, 1 1/4\",  AGUA FRIA PREDIAL","UN",1.58,"SINAPI-I"]
[4899,"PLUG PVC, ROSCAVEL, 2\",  AGUA FRIA PREDIAL","UN",5.8,"SINAPI-I"]
[11096,"PO DE MARMORE (POSTO PEDREIRA/FORNECEDOR, SEM FRETE)","KG",0.32,"SINAPI-I"]
[4741,"PO DE PEDRA (POSTO PEDREIRA/FORNECEDOR, SEM FRETE)","M3",59.66,"SINAPI-I"]
[4752,"POCEIRO / ESCAVADOR DE VALAS E TUBULOES","H",15.98,"SINAPI-I"]
[41091,"POCEIRO / ESCAVADOR DE VALAS E TUBULOES (MENSALISTA)","MES",2827.3,"SINAPI-I"]
[13954,"POLIDORA DE PISO (POLITRIZ) ELETRICA, MOTOR MONOFASICO DE 4 HP, PESO DE 100 KG, DIAMETRO DO TRABALHO DE 450 MM","UN",6346.57,"SINAPI-I"]
[3411,"POLIESTIRENO EXPANDIDO/EPS (ISOPOR), PEROLAS, PARA CONCRETO LEVE","KG",36.700000000000003,"SINAPI-I"]
[39995,"POLIESTIRENO EXPANDIDO/EPS (ISOPOR), TIPO 2F, BLOCO","M3",282.33,"SINAPI-I"]
[11615,"POLIESTIRENO EXPANDIDO/EPS (ISOPOR), TIPO 2F, PLACA, ISOLAMENTO TERMOACUSTICO, E = 10 MM, 1000 X 500 MM","M2",2.39,"SINAPI-I"]
[3408,"POLIESTIRENO EXPANDIDO/EPS (ISOPOR), TIPO 2F, PLACA, ISOLAMENTO TERMOACUSTICO, E = 20 MM, 1000 X 500 MM","M2",6.36,"SINAPI-I"]
[3409,"POLIESTIRENO EXPANDIDO/EPS (ISOPOR), TIPO 2F, PLACA, ISOLAMENTO TERMOACUSTICO, E = 50 MM, 1000 X 500 MM","M2",15.9,"SINAPI-I"]
[11427,"POLVORA NEGRA","KG",81.59,"SINAPI-I"]
[4491,"PONTALETE DE MADEIRA NAO APARELHADA *7,5 X 7,5* CM (3 X 3 \") PINUS, MISTA OU EQUIVALENTE DA REGIAO","M",2.87,"SINAPI-I"]
[26022,"PONTEIRO PARA MARTELO ROMPEDOR, DIAMETRO = *28* MM, COMPRIMENTO = *520* MM, ENCAIXE SEXTAVADO","UN",152.37,"SINAPI-I"]
[421,"PORCA OLHAL EM ACO GALVANIZADO, DIAMETRO NOMINAL DE 16 MM","UN",8.57,"SINAPI-I"]
[12362,"PORCA OLHAL EM ACO GALVANIZADO, ESPESSURA 16MM, ABERTURA 21MM","UN",12.95,"SINAPI-I"]
[14148,"PORCA UNIAO/JUNCAO ZINCADA SEXTAVADA 1/4 \", CHAVE 7/16 \", COMPRIMENTO = 25 MM","UN",0.6,"SINAPI-I"]
[4341,"PORCA ZINCADA, QUADRADA, DIAMETRO 3/8\"","UN",0.45,"SINAPI-I"]
[4337,"PORCA ZINCADA, QUADRADA, DIAMETRO 5/8\"","UN",1.1399999999999999,"SINAPI-I"]
[4339,"PORCA ZINCADA, SEXTAVADA, DIAMETRO 1/2\"","UN",0.24,"SINAPI-I"]
[39997,"PORCA ZINCADA, SEXTAVADA, DIAMETRO 1/4\"","UN",0.13,"SINAPI-I"]
[11971,"PORCA ZINCADA, SEXTAVADA, DIAMETRO 1\"","UN",1.89,"SINAPI-I"]
[4342,"PORCA ZINCADA, SEXTAVADA, DIAMETRO 3/8\"","UN",0.1,"SINAPI-I"]
[4330,"PORCA ZINCADA, SEXTAVADA, DIAMETRO 5/16\"","UN",0.06,"SINAPI-I"]
[4340,"PORCA ZINCADA, SEXTAVADA, DIAMETRO 5/8\"","UN",0.53,"SINAPI-I"]
[5088,"PORTA CADEADO,  3 1/2\", EM ACO ZINCADO, PRETO, PARA PORTAO E JANELA","UN",2.38,"SINAPI-I"]
[11154,"PORTA CORTA-FOGO PARA SAIDA DE EMERGENCIA, COM FECHADURA, VAO LUZ DE 90 X 210 CM, CLASSE P-90 (NBR 11742)","UN",637.28,"SINAPI-I"]
[39021,"PORTA DE ABRIR EM ACO COM DIVISAO HORIZONTAL  PARA VIDROS, COM FUNDO ANTICORROSIVO/PRIMER DE PROTECAO, SEM GUARNICAO/ALIZAR/VISTA, VIDROS NAO INCLUSOS, 87 X 210 CM","UN",286.64999999999998,"SINAPI-I"]
[39022,"PORTA DE ABRIR EM ACO TIPO VENEZIANA, COM FUNDO ANTICORROSIVO / PRIMER DE PROTECAO, SEM GUARNICAO/ALIZAR/VISTA, 87 X 210 CM","UN",354.5,"SINAPI-I"]
[39024,"PORTA DE ABRIR EM ALUMINIO COM DIVISAO HORIZONTAL  PARA VIDROS,  ACABAMENTO ANODIZADO NATURAL, VIDROS INCLUSOS, SEM GUARNICAO/ALIZAR/VISTA , 87 X 210 CM","UN",1218.03,"SINAPI-I"]
[4914,"PORTA DE ABRIR EM ALUMINIO COM LAMBRI HORIZONTAL/LAMINADA, ACABAMENTO ANODIZADO NATURAL, SEM GUARNICAO/ALIZAR/VISTA","M2",987.61,"SINAPI-I"]
[4917,"PORTA DE ABRIR EM ALUMINIO TIPO VENEZIANA, ACABAMENTO ANODIZADO NATURAL, SEM GUARNICAO/ALIZAR/VISTA","M2",682.05,"SINAPI-I"]
[39025,"PORTA DE ABRIR EM ALUMINIO TIPO VENEZIANA, ACABAMENTO ANODIZADO NATURAL, SEM GUARNICAO/ALIZAR/VISTA, 87 X 210 CM","UN",1248.96,"SINAPI-I"]
[4930,"PORTA DE ABRIR EM GRADIL COM BARRA CHATA 3 CM X 1/4\", COM REQUADRO E GUARNICAO - COMPLETO - ACABAMENTO NATURAL","M2",308.06,"SINAPI-I"]
[4922,"PORTA DE CORRER EM ALUMINIO, DUAS FOLHAS MOVEIS COM VIDRO, FECHADURA E PUXADOR EMBUTIDO, ACABAMENTO ANODIZADO NATURAL, SEM GUARNICAO/ALIZAR/VISTA","M2",632.66,"SINAPI-I"]
[4911,"PORTA DE ENROLAR MANUAL COMPLETA, ARTICULADA RAIADA LARGA, EM ACO GALVANIZADO NATURAL, CHAPA NUMERO 24 (SEM INSTALACAO)","M2",140.34,"SINAPI-I"]
[37518,"PORTA DE ENROLAR MANUAL COMPLETA, PERFIL MEIA CANA CEGA, EM ACO GALVANIZADO COM PINTURA ELETROSTATICA, CHAPA NUMERO 24 \" (SEM INSTALACAO)","M2",179.15,"SINAPI-I"]
[4910,"PORTA DE ENROLAR MANUAL COMPLETA, PERFIL MEIA CANA CEGA, EM ACO GALVANIZADO NATURAL, CHAPA NUMERO 24 (SEM INSTALACAO)","M2",140.34,"SINAPI-I"]
[4943,"PORTA DE ENROLAR MANUAL COMPLETA, PERFIL MEIA CANA VAZADA TIJOLINHO, EM ACO GALVANIZADO NATURAL, CHAPA NUMERO 24 (SEM INSTALACAO)","M2",222.75,"SINAPI-I"]
[5002,"PORTA DE MADEIRA QUADRICULADA PARA VIDRO, DE CORRER (EUCALIPTO OU EQUIVALENTE REGIONAL), E = *3,5* CM","M2",307.47000000000003,"SINAPI-I"]
[4977,"PORTA DE MADEIRA TIPO VENEZIANA (EUCALIPTO OU EQUIVALENTE REGIONAL), E = *3,5* CM","M2",207.56,"SINAPI-I"]
[5028,"PORTA DE MADEIRA-DE-LEI QUADRICULADA PARA VIDRO, DE CORRER (ANGELIM OU EQUIVALENTE REGIONAL), E = *3,5* CM","M2",507.86,"SINAPI-I"]
[4998,"PORTA DE MADEIRA-DE-LEI TIPO MEXICANA SEM EMENDA (ANGELIM OU EQUIVALENTE REGIONAL), E = *3,5* CM","M2",421.79,"SINAPI-I"]
[4969,"PORTA DE MADEIRA-DE-LEI TIPO VENEZIANA (ANGELIM OU EQUIVALENTE REGIONAL), E = *3,5* CM","M2",293.55,"SINAPI-I"]
[11364,"PORTA DE MADEIRA, FOLHA LEVE (NBR 15930) DE 60 X 210 CM, E = *35* MM, NUCLEO COLMEIA, CAPA LISA EM HDF, ACABAMENTO EM PRIMER PARA PINTURA","UN",79.09,"SINAPI-I"]
[11365,"PORTA DE MADEIRA, FOLHA LEVE (NBR 15930) DE 70 X 210 CM, E = *35* MM, NUCLEO COLMEIA, CAPA LISA EM HDF, ACABAMENTO EM PRIMER PARA PINTURA","UN",85.18,"SINAPI-I"]
[11366,"PORTA DE MADEIRA, FOLHA LEVE (NBR 15930) DE 80 X 210 CM, E = *35* MM, NUCLEO COLMEIA, CAPA LISA EM HDF, ACABAMENTO EM PRIMER PARA PINTURA","UN",90.15,"SINAPI-I"]
[11367,"PORTA DE MADEIRA, FOLHA LEVE (NBR 15930), E = *35* MM, NUCLEO COLMEIA, CAPA LISA EM HDF, ACABAMENTO MELAMINICO EM PADRAO MADEIRA","M2",69.44,"SINAPI-I"]
[4989,"PORTA DE MADEIRA, FOLHA MEDIA (NBR 15930) DE 100 X 210 CM, E = 35 MM, NUCLEO SARRAFEADO, CAPA LISA EM HDF, ACABAMENTO EM LAMINADO NATURAL PARA VERNIZ","UN",180.19,"SINAPI-I"]
[4982,"PORTA DE MADEIRA, FOLHA MEDIA (NBR 15930) DE 100 X 210 CM, E = 35 MM, NUCLEO SARRAFEADO, CAPA LISA EM HDF, ACABAMENTO EM PRIMER PARA PINTURA","UN",156.43,"SINAPI-I"]
[20322,"PORTA DE MADEIRA, FOLHA MEDIA (NBR 15930) DE 60 X 210 CM, E = 35 MM, NUCLEO SARRAFEADO, CAPA FRISADA EM HDF, ACABAMENTO MELAMINICO EM PADRAO MADEIRA","UN",137.87,"SINAPI-I"]
[10553,"PORTA DE MADEIRA, FOLHA MEDIA (NBR 15930) DE 60 X 210 CM, E = 35 MM, NUCLEO SARRAFEADO, CAPA LISA EM HDF, ACABAMENTO EM PRIMER PARA PINTURA","UN",147,"SINAPI-I"]
[5020,"PORTA DE MADEIRA, FOLHA MEDIA (NBR 15930) DE 60 X 210 CM, E = 35 MM, NUCLEO SARRAFEADO, CAPA LISA EM HDF, ACABAMENTO LAMINADO NATURAL PARA VERNIZ","UN",152.4,"SINAPI-I"]
[4962,"PORTA DE MADEIRA, FOLHA MEDIA (NBR 15930) DE 70 X 210 CM, E = 35 MM, NUCLEO SARRAFEADO, CAPA FRISADA EM HDF, ACABAMENTO MELAMINICO EM PADRAO MADEIRA","UN",148.47999999999999,"SINAPI-I"]
[4981,"PORTA DE MADEIRA, FOLHA MEDIA (NBR 15930) DE 70 X 210 CM, E = 35 MM, NUCLEO SARRAFEADO, CAPA LISA EM HDF, ACABAMENTO EM LAMINADO NATURAL PARA VERNIZ","UN",105,"SINAPI-I"]
[10554,"PORTA DE MADEIRA, FOLHA MEDIA (NBR 15930) DE 70 X 210 CM, E = 35 MM, NUCLEO SARRAFEADO, CAPA LISA EM HDF, ACABAMENTO EM PRIMER PARA PINTURA","UN",164.28,"SINAPI-I"]
[4964,"PORTA DE MADEIRA, FOLHA MEDIA (NBR 15930) DE 80 X 210 CM, E = 35 MM, NUCLEO SARRAFEADO, CAPA FRISADA EM HDF, ACABAMENTO MELAMINICO EM PADRAO MADEIRA","UN",180.3,"SINAPI-I"]
[4992,"PORTA DE MADEIRA, FOLHA MEDIA (NBR 15930) DE 80 X 210 CM, E = 35 MM, NUCLEO SARRAFEADO, CAPA LISA EM HDF, ACABAMENTO EM LAMINADO NATURAL PARA VERNIZ","UN",178.81,"SINAPI-I"]
[10555,"PORTA DE MADEIRA, FOLHA MEDIA (NBR 15930) DE 80 X 210 CM, E = 35 MM, NUCLEO SARRAFEADO, CAPA LISA EM HDF, ACABAMENTO EM PRIMER PARA PINTURA","UN",158.56,"SINAPI-I"]
[4987,"PORTA DE MADEIRA, FOLHA MEDIA (NBR 15930) DE 90 X 210 CM, E = 35 MM, NUCLEO SARRAFEADO, CAPA LISA EM HDF, ACABAMENTO EM LAMINADO NATURAL PARA VERNIZ","UN",164.28,"SINAPI-I"]
[10556,"PORTA DE MADEIRA, FOLHA MEDIA (NBR 15930) DE 90 X 210 CM, E = 35 MM, NUCLEO SARRAFEADO, CAPA LISA EM HDF, ACABAMENTO EM PRIMER PARA PINTURA","UN",168.45,"SINAPI-I"]
[4958,"PORTA DE MADEIRA, FOLHA MEDIA (NBR 15930), E = 35 MM, NUCLEO SARRAFEADO, CAPA FRISADA EM HDF, ACABAMENTO MELAMINICO EM PADRAO MADEIRA","M2",96.27,"SINAPI-I"]
[39502,"PORTA DE MADEIRA, FOLHA PESADA (NBR 15930) DE 80 X 210 CM, E = 35 MM, NUCLEO SOLIDO, CAPA LISA EM HDF, ACABAMENTO EM LAMINADO NATURAL PARA VERNIZ","UN",233.33,"SINAPI-I"]
[39504,"PORTA DE MADEIRA, FOLHA PESADA (NBR 15930) DE 80 X 210 CM, E = 35 MM, NUCLEO SOLIDO, CAPA LISA EM HDF, ACABAMENTO EM PRIMER PARA PINTURA","UN",165.45,"SINAPI-I"]
[39503,"PORTA DE MADEIRA, FOLHA PESADA (NBR 15930) DE 90 X 210 CM, E = 35 MM, NUCLEO SOLIDO, CAPA LISA EM HDF, ACABAMENTO EM LAMINADO NATURAL PARA VERNIZ","UN",253.48,"SINAPI-I"]
[39505,"PORTA DE MADEIRA, FOLHA PESADA (NBR 15930) DE 90 X 210 CM, E = 35 MM, NUCLEO SOLIDO, CAPA LISA EM HDF, ACABAMENTO EM PRIMER PARA PINTURA","UN",180.3,"SINAPI-I"]
[25969,"PORTA DENTE PARA FRESADORA","UN",358.72,"SINAPI-I"]
[4944,"PORTA GRADE DE ENROLAR MANUAL COMPLETA, PERFIL TUBULAR TIJOLINHO 3/4 \", EM ACO GALVANIZADO NATURAL (SEM INSTALACAO)","M2",273.17,"SINAPI-I"]
[21102,"PORTA TOALHA BANHO EM METAL CROMADO, TIPO BARRA","UN",40.9,"SINAPI-I"]
[21101,"PORTA TOALHA ROSTO EM METAL CROMADO, TIPO ARGOLA","UN",26.27,"SINAPI-I"]
[34713,"PORTA VIDRO TEMPERADO INCOLOR, 2 FOLHAS DE CORRER, E = 10 MM (SEM FERRAGENS E SEM COLOCACAO)","M2",212.94,"SINAPI-I"]
[4947,"PORTAO BASCULANTE MANUAL EM ACO GALVANIZADO NATURAL, TIPO LAMBRIL COM REQUADRO/BATENTE, CHAPA NUMERO 26, INCLUI FECHADURA (SEM INSTALACAO)","M2",395.89,"SINAPI-I"]
[37563,"PORTAO BASCULANTE, MANUAL, EM CHAPA TIPO LAMBRIL QUADRADO, COM REQUADRO, ACABAMENTO NATURAL","M2",303.98,"SINAPI-I"]
[4948,"PORTAO DE ABRIR EM GRADIL DE METALON REDONDO DE 3/4\"  VERTICAL, COM REQUADRO, ACABAMENTO NATURAL - COMPLETO","M2",275.87,"SINAPI-I"]
[37561,"PORTAO DE CORRER EM CHAPA TIPO PAINEL LAMBRIL QUADRADO, COM PORTA SOCIAL COMPLETA INCLUIDA, COM REQUADRO, ACABAMENTO NATURAL, COM TRILHOS E ROLDANAS","M2",567.45000000000005,"SINAPI-I"]
[37562,"PORTAO DE CORRER EM GRADIL FIXO DE BARRA DE FERRO CHATA DE 3 X 1/4\" NA VERTICAL, SEM REQUADRO, ACABAMENTO NATURAL, COM TRILHOS E ROLDANAS","M2",363.96,"SINAPI-I"]
[37585,"PORTINHOLA DE ABRIR EM ALUMINIO DE 60 X 80 CM, VENEZIANA VENTILADA 1 FOLHA, ACABAMENTO ANODIZADO NATURAL","UN",340.07,"SINAPI-I"]
[14164,"POSTE CONICO CONTINUO EM ACO GALVANIZADO, CURVO, BRACO DUPLO, ENGASTADO,  H = 9 M, DIAMETRO INFERIOR = *135* MM","UN",1027.78,"SINAPI-I"]
[14163,"POSTE CONICO CONTINUO EM ACO GALVANIZADO, CURVO, BRACO DUPLO, FLANGEADO,  H = 9 M, DIAMETRO INFERIOR = *135* MM","UN",1168.1400000000001,"SINAPI-I"]
[5051,"POSTE CONICO CONTINUO EM ACO GALVANIZADO, CURVO, BRACO SIMPLES, ENGASTADO,  H = 9 M, DIAMETRO INFERIOR = *135* MM","UN",993.49,"SINAPI-I"]
[14162,"POSTE CONICO CONTINUO EM ACO GALVANIZADO, CURVO, BRACO SIMPLES, FLANGEADO,  H = 9 M, DIAMETRO INFERIOR = *135* MM","UN",992.05,"SINAPI-I"]
[5052,"POSTE CONICO CONTINUO EM ACO GALVANIZADO, CURVO, BRACO SIMPLES, FLANGEADO, H = 7 M, DIAMETRO INFERIOR = *125* MM","UN",740.21,"SINAPI-I"]
[14166,"POSTE CONICO CONTINUO EM ACO GALVANIZADO, RETO, ENGASTADO,  H = 7 M, DIAMETRO INFERIOR = *125* MM","UN",749.61,"SINAPI-I"]
[14165,"POSTE CONICO CONTINUO EM ACO GALVANIZADO, RETO, ENGASTADO,  H = 9 M, DIAMETRO INFERIOR = *145* MM","UN",1038.48,"SINAPI-I"]
[5050,"POSTE CONICO CONTINUO EM ACO GALVANIZADO, RETO, FLANGEADO,  H = 3 M, DIAMETRO INFERIOR = *95* MM","UN",255.59,"SINAPI-I"]
[12378,"POSTE CONICO CONTINUO EM ACO GALVANIZADO, RETO, FLANGEADO, H = 6 M, DIAMETRO INFERIOR = *90* CM","UN",607.53,"SINAPI-I"]
[12366,"POSTE DE CONCRETO CIRCULAR, 150 KG, H = 10 M (NBR 8451)","UN",848.97,"SINAPI-I"]
[5045,"POSTE DE CONCRETO CIRCULAR, 200 KG, H = 11 M (NBR 8451)","UN",1182.22,"SINAPI-I"]
[5044,"POSTE DE CONCRETO CIRCULAR, 200 KG, H = 9 M (NBR 8451)","UN",834.07,"SINAPI-I"]
[5055,"POSTE DE CONCRETO CIRCULAR, 300 KG, H = 11 M (NBR 8451)","UN",1185.83,"SINAPI-I"]
[5053,"POSTE DE CONCRETO CIRCULAR, 300 KG, H = 9 M (NBR 8451)","UN",922.97,"SINAPI-I"]
[5035,"POSTE DE CONCRETO CIRCULAR, 400 KG, H = 11 M (NBR 8451)","UN",1509.03,"SINAPI-I"]
[5036,"POSTE DE CONCRETO CIRCULAR, 400 KG, H = 14 M (NBR 8451)","UN",2519.0700000000002,"SINAPI-I"]
[5059,"POSTE DE CONCRETO CIRCULAR, 400 KG, H = 9 M (NBR 8451)","UN",1180.2,"SINAPI-I"]
[5034,"POSTE DE CONCRETO CIRCULAR, 600 KG, H = 10 M (NBR 8451)","UN",1628.57,"SINAPI-I"]
[5056,"POSTE DE CONCRETO DUPLO T ,TIPO B, 500 KG, H = 9 M (NBR 8451)","UN",1265.43,"SINAPI-I"]
[5057,"POSTE DE CONCRETO DUPLO T, TIPO B, 300 KG, H = 10 M (NBR 8451)","UN",1014.87,"SINAPI-I"]
[5033,"POSTE DE CONCRETO DUPLO T, TIPO B, 300 KG, H = 9 M (NBR 8451)","UN",842.5,"SINAPI-I"]
[5038,"POSTE DE CONCRETO DUPLO T, TIPO D, 200 KG, H = 9 M (NBR 8451)","UN",686.63,"SINAPI-I"]
[12372,"POSTE DE CONCRETO DUPLO T, 200 KG, H = 11 M (NBR 8451)","UN",904.84,"SINAPI-I"]
[13339,"POSTE DE CONCRETO DUPLO T, 300 KG, H = 12 M (NBR 8451)","UN",1345.15,"SINAPI-I"]
[12373,"POSTE DE CONCRETO DUPLO T, 400 KG,H = 12 M (NBR 8451)","UN",1408.66,"SINAPI-I"]
[12388,"POSTE DECORATIVO PARA JARDIM EM ACO TUBULAR, SEM LUMINARIA, H = *2,5* M","UN",151.29,"SINAPI-I"]
[34695,"POSTE PADRAO SUBTERRANEO 100 A, H = 2,5 M","UN",968.87,"SINAPI-I"]
[34692,"POSTE PADRAO SUBTERRANEO 200 A, H = 2,5 M","UN",2325.3000000000002,"SINAPI-I"]
[26028,"POZOLANA DE CLASSE C","T",234.27,"SINAPI-I"]
[11844,"PRANCHA DE MADEIRA APARELHADA *4 X 30* CM, MACARANDUBA, ANGELIM OU EQUIVALENTE DA REGIAO","M",63.51,"SINAPI-I"]
[4465,"PRANCHA DE MADEIRA NAO APARELHADA *6 X 25* CM, MACARANDUBA, ANGELIM OU EQUIVALENTE DA REGIAO","M",60.86,"SINAPI-I"]
[35273,"PRANCHA DE MADEIRA NAO APARELHADA *6 X 30* CM, MACARANDUBA, ANGELIM OU EQUIVALENTE DA REGIAO","M",67.25,"SINAPI-I"]
[4470,"PRANCHA DE MADEIRA NAO APARELHADA *6 X 40* CM, MACARANDUBA, ANGELIM OU EQUIVALENTE DA REGIAO","M",100.49,"SINAPI-I"]
[20204,"PRANCHAO DE MADEIRA APARELHADA *7,5 X 23* CM (3 X 9 \") MACARANDUBA, ANGELIM OU EQUIVALENTE DA REGIAO","M",89.68,"SINAPI-I"]
[20208,"PRANCHAO DE MADEIRA APARELHADA *8 X 30* CM, MACARANDUBA, ANGELIM OU EQUIVALENTE DA REGIAO","M",105.29,"SINAPI-I"]
[4437,"PRANCHAO DE MADEIRA NAO APARELHADA *7,5 X 23* CM (3 x 9 \") MACARANDUBA, ANGELIM OU EQUIVALENTE DA REGIAO","M",72.77,"SINAPI-I"]
[14580,"PRANCHAO DE MADEIRA NAO APARELHADA *8 X 30* CM, MACARANDUBA, ANGELIM OU EQUIVALENTE DA REGIAO","M",79.25,"SINAPI-I"]
[40304,"PREGO DE ACO POLIDO COM CABECA DUPLA 17 X 27 (2 1/2 X 11)","KG",12.49,"SINAPI-I"]
[5065,"PREGO DE ACO POLIDO COM CABECA 10 X 10 (7/8 X 17)","KG",19.25,"SINAPI-I"]
[5072,"PREGO DE ACO POLIDO COM CABECA 10 X 11 (1 X 17)","KG",17.809999999999999,"SINAPI-I"]
[5066,"PREGO DE ACO POLIDO COM CABECA 12 X 12","KG",13.33,"SINAPI-I"]
[5063,"PREGO DE ACO POLIDO COM CABECA 14 X 18 (1 1/2 X 14)","KG",12.07,"SINAPI-I"]
[20247,"PREGO DE ACO POLIDO COM CABECA 15 X 15 (1 1/4 X 13)","KG",11.2,"SINAPI-I"]
[5074,"PREGO DE ACO POLIDO COM CABECA 15 X 18 (1 1/2 X 13)","KG",11.34,"SINAPI-I"]
[5067,"PREGO DE ACO POLIDO COM CABECA 16 X 24 (2 1/4 X 12)","KG",10.78,"SINAPI-I"]
[5078,"PREGO DE ACO POLIDO COM CABECA 16 X 27 (2 1/2 X 12)","KG",10.66,"SINAPI-I"]
[5068,"PREGO DE ACO POLIDO COM CABECA 17 X 21 (2 X 11)","KG",10.119999999999999,"SINAPI-I"]
[5073,"PREGO DE ACO POLIDO COM CABECA 17 X 24 (2 1/4 X 11)","KG",10.31,"SINAPI-I"]
[5069,"PREGO DE ACO POLIDO COM CABECA 17 X 27 (2 1/2 X 11)","KG",10.31,"SINAPI-I"]
[5070,"PREGO DE ACO POLIDO COM CABECA 17 X 30 (2 3/4 X 11)","KG",10.43,"SINAPI-I"]
[5071,"PREGO DE ACO POLIDO COM CABECA 18 X 24 (2 1/4 X 10)","KG",10.119999999999999,"SINAPI-I"]
[5061,"PREGO DE ACO POLIDO COM CABECA 18 X 27 (2 1/2 X 10)","KG",9.9499999999999993,"SINAPI-I"]
[5075,"PREGO DE ACO POLIDO COM CABECA 18 X 30 (2 3/4 X 10)","KG",10.119999999999999,"SINAPI-I"]
[39027,"PREGO DE ACO POLIDO COM CABECA 19  X 36 (3 1/4  X  9)","KG",10.11,"SINAPI-I"]
[5062,"PREGO DE ACO POLIDO COM CABECA 19 X 33 (3 X 9)","KG",10.25,"SINAPI-I"]
[40568,"PREGO DE ACO POLIDO COM CABECA 22 X 48 (4 1/4 X 5)","KG",10.19,"SINAPI-I"]
[39026,"PREGO DE ACO POLIDO SEM CABECA 15 X 15 (1 1/4 X 13)","KG",11.38,"SINAPI-I"]
[11572,"PRENDEDOR / TRAVA DE PORTA, MONTAGEM PISO / PORTA, EM LATAO / ZAMAC, CROMADO","UN",14.93,"SINAPI-I"]
[42431,"PRESSAO DE PERNAS TRIPLO, EM TUBO DE ACO CARBONO, PINTURA NO PROCESSO ELETROSTATICO - EQUIPAMENTO DE GINASTICA PARA ACADEMIA AO AR LIVRE / ACADEMIA DA TERCEIRA IDADE - ATI","UN",2248.1799999999998,"SINAPI-I"]
[11149,"PRIMER EPOXI","GL",159.72,"SINAPI-I"]
[511,"PRIMER PARA MANTA ASFALTICA A BASE DE ASFALTO MODIFICADO DILUIDO EM SOLVENTE, APLICACAO A FRIO","L",12.61,"SINAPI-I"]
[11174,"PRIMER UNIVERSAL, FUNDO ANTICORROSIVO TIPO ZARCAO","18L",453.48,"SINAPI-I"]
[37540,"PROJETOR DE ARGAMASSA, CAPACIDADE DE PROJECAO 1,5 M3/H, ALCANCE DA PROJECAO 30 ATE 60 M, MOTOR ELETRICO TRIFASICO","UN",49408.6,"SINAPI-I"]
[37548,"PROJETOR DE ARGAMASSA, CAPACIDADE DE PROJECAO 2,0 M3/H, ALCANCE DA PROJECAO ATE 50 M, MOTOR ELETRICO TRIFASICO","UN",65490.85,"SINAPI-I"]
[39828,"PROJETOR PNEUMATICO DE ARGAMASSA PARA CHAPISCO E REBOCO COM RECIPIENTE ACOPLADO, TIPO CANEQUNHA, COM VOLUME DE 1,50 L, SEM COMPRESSOR","UN",392.88,"SINAPI-I"]
[12273,"PROJETOR RETANGULAR FECHADO PARA LAMPADA VAPOR DE MERCURIO/SODIO 250 W A 500 W, CABECEIRAS EM ALUMINIO FUNDIDO, CORPO EM ALUMINIO ANODIZADO, PARA LAMPADA E40 FECHAMENTO EM VIDRO TEMPERADO.","UN",49.74,"SINAPI-I"]
[38392,"PROLONGADOR/EXTENSOR PARA ROLO DE PINTURA 3 M","UN",44.63,"SINAPI-I"]
[11735,"PROLONGAMENTO PVC PARA CAIXA SIFONADA  100 MM X 200 MM (NBR 5688)","UN",3.29,"SINAPI-I"]
[11733,"PROLONGAMENTO PVC PARA CAIXA SIFONADA 100 MM X 100 MM (NBR 5688)","UN",1.61,"SINAPI-I"]
[11734,"PROLONGAMENTO PVC PARA CAIXA SIFONADA, 100 MM X 150 MM (NBR 5688)","UN",2.48,"SINAPI-I"]
[11737,"PROLONGAMENTO PVC PARA CAIXA SIFONADA, 150 MM X 150 MM (NBR 5688)","UN",4.3899999999999997,"SINAPI-I"]
[11738,"PROLONGAMENTO PVC PARA CAIXA SIFONADA, 150 MM X 200 MM (NBR 5688)","UN",7.14,"SINAPI-I"]
[36143,"PROTETOR AUDITIVO TIPO CONCHA COM ABAFADOR DE RUIDOS, ATENUACAO ACIMA DE 22 DB","UN",27.67,"SINAPI-I"]
[36142,"PROTETOR AUDITIVO TIPO PLUG DE INSERCAO COM CORDAO, ATENUACAO SUPERIOR A 15 DB","UN",2.02,"SINAPI-I"]
[36146,"PROTETOR SOLAR FPS 30, EMBALAGEM 2 LITROS","UN",229.5,"SINAPI-I"]
[39015,"PROTETOR/PONTEIRA PLASTICA PARA PONTA DE VERGALHAO DE ATE 1\", TIPO PROTETOR DE ESPERA","UN",0.61,"SINAPI-I"]
[38377,"PRUMO DE CENTRO EM ACO *400* G","UN",23.69,"SINAPI-I"]
[38376,"PRUMO DE PAREDE EM ACO 700 A 750 G","UN",27.01,"SINAPI-I"]
[38116,"PULSADOR CAMPAINHA 10A, 250V (APENAS MODULO)","UN",5.01,"SINAPI-I"]
[38066,"PULSADOR CAMPAINHA 10A, 250V, CONJUNTO MONTADO PARA EMBUTIR 4\" X 2\" (PLACA + SUPORTE + MODULO)","UN",8.27,"SINAPI-I"]
[38117,"PULSADOR MINUTERIA 10A, 250V (APENAS MODULO)","UN",8.5299999999999994,"SINAPI-I"]
[38067,"PULSADOR MINUTERIA 10A, 250V, CONJUNTO MONTADO PARA EMBUTIR 4\" X 2\" (PLACA + SUPORTE + MODULO)","UN",11.65,"SINAPI-I"]
[41757,"PULVERIZADOR DE TINTA ELETRICO / MAQUINA DE PINTURA AIRLESS, VAZAO *2* L/MIN (COLETADO CAIXA)","UN",3101.24,"SINAPI-I"]
[5080,"PUXADOR CENTRAL, TIPO ALCA, EM ZAMAC CROMADO, COM ROSETAS, COMPRIMENTO *100* MM, PARA PORTA / JANELA EM MADEIRA OU METALICA - INCLUI PARAFUSOS","UN",10.59,"SINAPI-I"]
[11522,"PUXADOR CONCHA DE EMBUTIR PARA JANELA / PORTA DE CORRER, EM LATAO CROMADO, COM FURO CENTRAL PARA CHAVE E FUROS PARA PARAFUSOS, *40 X 100* MM  (LARGURA X ALTURA) - SEM FECHADURA","UN",13.24,"SINAPI-I"]
[11523,"PUXADOR CONCHA DE EMBUTIR, EM LATAO CROMADO, PARA PORTA / JANELA DE CORRER, LISO, SEM FURO PARA CHAVE, COM FUROS PARA FIXAR PARAFUSOS, *30 X 90* MM (LARGURA X ALTURA)","UN",12.39,"SINAPI-I"]
[11524,"PUXADOR TIPO PUNHO REDONDO, CENTRAL, EM LATAO CROMADO, COMPRIMENTO DE *110* MM, PARA JANELAS / PORTAS DE CORRER - INCLUI PARAFUSOS","UN",25.5,"SINAPI-I"]
[38168,"PUXADOR TUBULAR RETO, DUPLO, EM ALUMINIO POLIDO, DIAMETRO APROX.DE 1\", COMPRIMENTO APROX. DE 400 MM, PARA PORTAS DE MADEIRA OU VIDRO","UN",123.1,"SINAPI-I"]
[13393,"QUADRO DE DISTRIBUICAO COM BARRAMENTO TRIFASICO, DE EMBUTIR, EM CHAPA DE ACO GALVANIZADO, PARA 12 DISJUNTORES DIN, 100 A","UN",214.13,"SINAPI-I"]
[13395,"QUADRO DE DISTRIBUICAO COM BARRAMENTO TRIFASICO, DE EMBUTIR, EM CHAPA DE ACO GALVANIZADO, PARA 18 DISJUNTORES DIN, 100 A","UN",256.76,"SINAPI-I"]
[12039,"QUADRO DE DISTRIBUICAO COM BARRAMENTO TRIFASICO, DE EMBUTIR, EM CHAPA DE ACO GALVANIZADO, PARA 24 DISJUNTORES DIN, 100 A","UN",343.57,"SINAPI-I"]
[13396,"QUADRO DE DISTRIBUICAO COM BARRAMENTO TRIFASICO, DE EMBUTIR, EM CHAPA DE ACO GALVANIZADO, PARA 28 DISJUNTORES DIN, 100 A","UN",549.52,"SINAPI-I"]
[13397,"QUADRO DE DISTRIBUICAO COM BARRAMENTO TRIFASICO, DE EMBUTIR, EM CHAPA DE ACO GALVANIZADO, PARA 30 DISJUNTORES DIN, 100 A","UN",555.41999999999996,"SINAPI-I"]
[12041,"QUADRO DE DISTRIBUICAO COM BARRAMENTO TRIFASICO, DE EMBUTIR, EM CHAPA DE ACO GALVANIZADO, PARA 30 DISJUNTORES DIN, 150 A","UN",751.65,"SINAPI-I"]
[12043,"QUADRO DE DISTRIBUICAO COM BARRAMENTO TRIFASICO, DE EMBUTIR, EM CHAPA DE ACO GALVANIZADO, PARA 30 DISJUNTORES DIN, 225 A","UN",866.72,"SINAPI-I"]
[39762,"QUADRO DE DISTRIBUICAO COM BARRAMENTO TRIFASICO, DE EMBUTIR, EM CHAPA DE ACO GALVANIZADO, PARA 36 DISJUNTORES DIN, 100 A","UN",585.55999999999995,"SINAPI-I"]
[12042,"QUADRO DE DISTRIBUICAO COM BARRAMENTO TRIFASICO, DE EMBUTIR, EM CHAPA DE ACO GALVANIZADO, PARA 40 DISJUNTORES DIN, 100 A","UN",585.71,"SINAPI-I"]
[39763,"QUADRO DE DISTRIBUICAO COM BARRAMENTO TRIFASICO, DE EMBUTIR, EM CHAPA DE ACO GALVANIZADO, PARA 48 DISJUNTORES DIN, 100 A","UN",883.74,"SINAPI-I"]
[39756,"QUADRO DE DISTRIBUICAO COM BARRAMENTO TRIFASICO, DE SOBREPOR, EM CHAPA DE ACO GALVANIZADO, PARA 12 DISJUNTORES DIN, 100 A","UN",267.93,"SINAPI-I"]
[12038,"QUADRO DE DISTRIBUICAO COM BARRAMENTO TRIFASICO, DE SOBREPOR, EM CHAPA DE ACO GALVANIZADO, PARA 18 DISJUNTORES DIN, 100 A","UN",299.12,"SINAPI-I"]
[12040,"QUADRO DE DISTRIBUICAO COM BARRAMENTO TRIFASICO, DE SOBREPOR, EM CHAPA DE ACO GALVANIZADO, PARA 24 DISJUNTORES DIN, 100 A","UN",382.19,"SINAPI-I"]
[39757,"QUADRO DE DISTRIBUICAO COM BARRAMENTO TRIFASICO, DE SOBREPOR, EM CHAPA DE ACO GALVANIZADO, PARA 28 DISJUNTORES DIN, 100 A","UN",408.67,"SINAPI-I"]
[39758,"QUADRO DE DISTRIBUICAO COM BARRAMENTO TRIFASICO, DE SOBREPOR, EM CHAPA DE ACO GALVANIZADO, PARA 30 DISJUNTORES DIN, 100 A","UN",530.48,"SINAPI-I"]
[39759,"QUADRO DE DISTRIBUICAO COM BARRAMENTO TRIFASICO, DE SOBREPOR, EM CHAPA DE ACO GALVANIZADO, PARA 36 DISJUNTORES DIN, 100 A","UN",724.79,"SINAPI-I"]
[39760,"QUADRO DE DISTRIBUICAO COM BARRAMENTO TRIFASICO, DE SOBREPOR, EM CHAPA DE ACO GALVANIZADO, PARA 40 DISJUNTORES DIN, 100 A","UN",728.12,"SINAPI-I"]
[39761,"QUADRO DE DISTRIBUICAO COM BARRAMENTO TRIFASICO, DE SOBREPOR, EM CHAPA DE ACO GALVANIZADO, PARA 48 DISJUNTORES DIN, 100 A","UN",931.88,"SINAPI-I"]
[39765,"QUADRO DE DISTRIBUICAO SEM BARRAMENTO, COM PORTA, DE EMBUTIR, EM CHAPA DE ACO GALVANIZADO, PARA 12 DISJUNTORES NEMA","UN",41.37,"SINAPI-I"]
[13399,"QUADRO DE DISTRIBUICAO SEM BARRAMENTO, COM PORTA, DE EMBUTIR, EM CHAPA DE ACO GALVANIZADO, PARA 3 DISJUNTORES NEMA","UN",23.53,"SINAPI-I"]
[39764,"QUADRO DE DISTRIBUICAO SEM BARRAMENTO, COM PORTA, DE EMBUTIR, EM CHAPA DE ACO GALVANIZADO, PARA 6 DISJUNTORES NEMA","UN",32.36,"SINAPI-I"]
[39805,"QUADRO DE DISTRIBUICAO, COM BARRAMENTO TERRA / NEUTRO, DE EMBUTIR, PARA 16 DISJUNTORES DIN","UN",108.02,"SINAPI-I"]
[39806,"QUADRO DE DISTRIBUICAO, COM BARRAMENTO TERRA / NEUTRO, DE EMBUTIR, PARA 24 DISJUNTORES DIN","UN",204,"SINAPI-I"]
[39807,"QUADRO DE DISTRIBUICAO, COM BARRAMENTO TERRA / NEUTRO, DE EMBUTIR, PARA 36 DISJUNTORES DIN","UN",287.58999999999997,"SINAPI-I"]
[39804,"QUADRO DE DISTRIBUICAO, COM BARRAMENTO TERRA / NEUTRO, DE EMBUTIR, PARA 8 DISJUNTORES DIN","UN",60.66,"SINAPI-I"]
[39796,"QUADRO DE DISTRIBUICAO, SEM BARRAMENTO, EM PVC, DE EMBUTIR, PARA 16 DISJUNTORES DIN","UN",61.81,"SINAPI-I"]
[39797,"QUADRO DE DISTRIBUICAO, SEM BARRAMENTO, EM PVC, DE EMBUTIR, PARA 24 DISJUNTORES DIN","UN",82.08,"SINAPI-I"]
[39798,"QUADRO DE DISTRIBUICAO, SEM BARRAMENTO, EM PVC, DE EMBUTIR, PARA 36 DISJUNTORES DIN","UN",136.83000000000001,"SINAPI-I"]
[39794,"QUADRO DE DISTRIBUICAO, SEM BARRAMENTO, EM PVC, DE EMBUTIR, PARA 4 DISJUNTORES DIN","UN",19.45,"SINAPI-I"]
[39795,"QUADRO DE DISTRIBUICAO, SEM BARRAMENTO, EM PVC, DE EMBUTIR, PARA 8 DISJUNTORES DIN","UN",27.23,"SINAPI-I"]
[39801,"QUADRO DE DISTRIBUICAO, SEM BARRAMENTO, EM PVC, DE SOBREPOR, PARA 16 DISJUNTORES DIN","UN",69.680000000000007,"SINAPI-I"]
[39802,"QUADRO DE DISTRIBUICAO, SEM BARRAMENTO, EM PVC, DE SOBREPOR, PARA 24 DISJUNTORES DIN","UN",115.72,"SINAPI-I"]
[39803,"QUADRO DE DISTRIBUICAO, SEM BARRAMENTO, EM PVC, DE SOBREPOR, PARA 36 DISJUNTORES DIN","UN",160.36000000000001,"SINAPI-I"]
[39799,"QUADRO DE DISTRIBUICAO, SEM BARRAMENTO, EM PVC, DE SOBREPOR, PARA 4 DISJUNTORES DIN","UN",26.35,"SINAPI-I"]
[39800,"QUADRO DE DISTRIBUICAO, SEM BARRAMENTO, EM PVC, DE SOBREPOR, PARA 8 DISJUNTORES DIN","UN",44.33,"SINAPI-I"]
[4224,"QUEROSENE","L",11.88,"SINAPI-I"]
[21059,"RALO FOFO COM REQUADRO, QUADRADO 150 X 150 MM","UN",31.02,"SINAPI-I"]
[11234,"RALO FOFO COM REQUADRO, QUADRADO 200 X 200 MM","UN",46.75,"SINAPI-I"]
[21060,"RALO FOFO COM REQUADRO, QUADRADO 250 X 250 MM","UN",57.55,"SINAPI-I"]
[21061,"RALO FOFO COM REQUADRO, QUADRADO 300 X 300 MM","UN",71.930000000000007,"SINAPI-I"]
[21062,"RALO FOFO COM REQUADRO, QUADRADO 400 X 400 MM","UN",113.3,"SINAPI-I"]
[11708,"RALO FOFO SEMIESFERICO, 100 MM, PARA LAJES/ CALHAS","UN",12.36,"SINAPI-I"]
[11709,"RALO FOFO SEMIESFERICO, 150 MM, PARA LAJES/ CALHAS","UN",29.04,"SINAPI-I"]
[11710,"RALO FOFO SEMIESFERICO, 200 MM, PARA LAJES/ CALHAS","UN",66.760000000000005,"SINAPI-I"]
[11707,"RALO FOFO SEMIESFERICO, 75 MM, PARA LAJES/ CALHAS","UN",9.26,"SINAPI-I"]
[11739,"RALO SECO PVC CONICO, 100 X 40 MM,  COM GRELHA REDONDA BRANCA","UN",4.78,"SINAPI-I"]
[11711,"RALO SECO PVC CONICO, 100 X 40 MM, COM GRELHA QUADRADA","UN",7.01,"SINAPI-I"]
[5102,"RALO SECO PVC QUADRADO, 100 X 100 X 53 MM, SAIDA 40 MM, COM GRELHA BRANCA","UN",6.78,"SINAPI-I"]
[11741,"RALO SIFONADO PVC CILINDRICO, 100 X 40 MM,  COM GRELHA REDONDA BRANCA","UN",4.93,"SINAPI-I"]
[11743,"RALO SIFONADO PVC REDONDO CONICO, 100 X 40 MM, COM GRELHA  BRANCA REDONDA","UN",4.4800000000000004,"SINAPI-I"]
[11745,"RALO SIFONADO PVC, QUADRADO, 100 X 100 X 53 MM, SAIDA 40 MM, COM GRELHA BRANCA","UN",6.36,"SINAPI-I"]
[25961,"RASTELEIRO","H",14.23,"SINAPI-I"]
[40985,"RASTELEIRO (MENSALISTA)","MES",2515.34,"SINAPI-I"]
[1088,"REATOR ELETRONICO BIVOLT PARA 1 LAMPADA FLUORESCENTE DE 18/20 W","UN",13.21,"SINAPI-I"]
[1087,"REATOR ELETRONICO BIVOLT PARA 1 LAMPADA FLUORESCENTE DE 36/40 W","UN",16.510000000000002,"SINAPI-I"]
[38777,"REATOR ELETRONICO BIVOLT PARA 2 LAMPADAS FLUORESCENTES DE 14 W","UN",32.880000000000003,"SINAPI-I"]
[1086,"REATOR ELETRONICO BIVOLT PARA 2 LAMPADAS FLUORESCENTES DE 18/20 W","UN",17.350000000000001,"SINAPI-I"]
[1079,"REATOR ELETRONICO BIVOLT PARA 2 LAMPADAS FLUORESCENTES DE 36/40 W","UN",17.93,"SINAPI-I"]
[39374,"REATOR INTERNO/INTEGRADO PARA LAMPADA VAPOR METALICO 400 W, ALTO FATOR DE POTENCIA","UN",110.61,"SINAPI-I"]
[1082,"REATOR P/ LAMPADA VAPOR DE SODIO 250W USO EXT","UN",112.76,"SINAPI-I"]
[12316,"REATOR P/ 1 LAMPADA VAPOR DE MERCURIO 125W USO EXT","UN",51.68,"SINAPI-I"]
[12317,"REATOR P/ 1 LAMPADA VAPOR DE MERCURIO 250W USO EXT","UN",61.63,"SINAPI-I"]
[12318,"REATOR P/ 1 LAMPADA VAPOR DE MERCURIO 400W USO EXT","UN",71,"SINAPI-I"]
[5104,"REBITE DE ALUMINIO VAZADO DE REPUXO, 3,2 X 8 MM (1KG = 1025 UNIDADES)","KG",52.97,"SINAPI-I"]
[26023,"REBOLO ABRASIVO RETO DE USO GERAL GRAO 36, DE 6 X 1 \" (DIAMETRO X ALTURA)","UN",54.12,"SINAPI-I"]
[2710,"REBOLO ABRASIVO RETO DE USO GERAL GRAO 36, DE 6 X 3/4 \" (DIAMETRO X ALTURA)","UN",43.22,"SINAPI-I"]
[14575,"RECICLADORA DE ASFALTO A FRIO SOBRE RODAS, LARG. FRESAGEM 2,00 M, POT. 315 KW/422 HP","UN",3623361.59,"SINAPI-I"]
[20034,"REDUCAO EXCENTRICA PVC NBR 10569 P/REDE COLET ESG PB JE 150 X 100MM","UN",64.45,"SINAPI-I"]
[20036,"REDUCAO EXCENTRICA PVC NBR 10569 P/REDE COLET ESG PB JE 200 X 150MM","UN",123.97,"SINAPI-I"]
[20037,"REDUCAO EXCENTRICA PVC NBR 10569 P/REDE COLET ESG PB JE 250 X 200MM","UN",233.83,"SINAPI-I"]
[20043,"REDUCAO EXCENTRICA PVC P/ ESG PREDIAL DN 100 X 50MM","UN",4.1100000000000003,"SINAPI-I"]
[20044,"REDUCAO EXCENTRICA PVC P/ ESG PREDIAL DN 100 X 75MM","UN",4.8,"SINAPI-I"]
[20042,"REDUCAO EXCENTRICA PVC P/ ESG PREDIAL DN 75 X 50MM","UN",3.48,"SINAPI-I"]
[20046,"REDUCAO EXCENTRICA PVC, SERIE R, DN 100 X 75 MM, PARA ESGOTO PREDIAL","UN",10.19,"SINAPI-I"]
[20047,"REDUCAO EXCENTRICA PVC, SERIE R, DN 150 X 100 MM, PARA ESGOTO PREDIAL","UN",27.86,"SINAPI-I"]
[20045,"REDUCAO EXCENTRICA PVC, SERIE R, DN 75 X 50 MM, PARA ESGOTO PREDIAL","UN",4.1900000000000004,"SINAPI-I"]
[20972,"REDUCAO FIXA TIPO STORZ, ENGATE RAPIDO 2.1/2\" X 1.1/2\", EM LATAO, PARA INSTALACAO PREDIAL COMBATE A INCENDIO PREDIAL","UN",51.04,"SINAPI-I"]
[20032,"REDUCAO PVC PBA, JE, BB, DN 75 X 50 / DE 85 X 60 MM, PARA REDE DE AGUA","UN",39.299999999999997,"SINAPI-I"]
[11321,"REDUCAO PVC PBA, JE, PB, DN 100 X 50 / DE 110 X 60 MM, PARA REDE DE AGUA","UN",17.920000000000002,"SINAPI-I"]
[11323,"REDUCAO PVC PBA, JE, PB, DN 100 X 75 / DE 110 X 85 MM, PARA REDE DE AGUA","UN",20.61,"SINAPI-I"]
[20327,"REDUCAO PVC PBA, JE, PB, DN 75 X 50 / DE 85 X 60 MM, PARA REDE DE AGUA","UN",11.69,"SINAPI-I"]
[25966,"REDUTOR TIPO THINNER PARA ACABAMENTO","L",15.18,"SINAPI-I"]
[13390,"REFLETOR REDONDO EM ALUMINIO ANODIZADO PARA LAMPADA VAPOR DE MERCURIO/SODIO, CORPO EM ALUMINIO COM PINTURA EPOXI, PARA LAMPADA E-27 DE 300 W, COM SUPORTE REDONDO E ALCA REGULAVEL PARA FIXACAO.","UN",65.22,"SINAPI-I"]
[6034,"REGISTRO DE ESFERA DE PASSEIO, PVC PARA POLIETILENO, 20 MM","UN",8.36,"SINAPI-I"]
[6036,"REGISTRO DE ESFERA PVC, COM BORBOLETA, COM ROSCA EXTERNA, DE 1/2\"","UN",11.38,"SINAPI-I"]
[6031,"REGISTRO DE ESFERA PVC, COM BORBOLETA, COM ROSCA EXTERNA, DE 3/4\"","UN",13.38,"SINAPI-I"]
[6029,"REGISTRO DE ESFERA PVC, COM CABECA QUADRADA, COM ROSCA EXTERNA, 1/2\"","UN",13.52,"SINAPI-I"]
[6033,"REGISTRO DE ESFERA PVC, COM CABECA QUADRADA, COM ROSCA EXTERNA, 3/4\"","UN",17.82,"SINAPI-I"]
[11672,"REGISTRO DE ESFERA, PVC, COM VOLANTE, VS, ROSCAVEL, DN 1 1/2\", COM CORPO DIVIDIDO","UN",38.770000000000003,"SINAPI-I"]
[11669,"REGISTRO DE ESFERA, PVC, COM VOLANTE, VS, ROSCAVEL, DN 1 1/4\", COM CORPO DIVIDIDO","UN",36.92,"SINAPI-I"]
[11670,"REGISTRO DE ESFERA, PVC, COM VOLANTE, VS, ROSCAVEL, DN 1/2\", COM CORPO DIVIDIDO","UN",14.14,"SINAPI-I"]
[20055,"REGISTRO DE ESFERA, PVC, COM VOLANTE, VS, ROSCAVEL, DN 1\", COM CORPO DIVIDIDO","UN",27.65,"SINAPI-I"]
[11671,"REGISTRO DE ESFERA, PVC, COM VOLANTE, VS, ROSCAVEL, DN 2\", COM CORPO DIVIDIDO","UN",59.33,"SINAPI-I"]
[6032,"REGISTRO DE ESFERA, PVC, COM VOLANTE, VS, ROSCAVEL, DN 3/4\", COM CORPO DIVIDIDO","UN",16.940000000000001,"SINAPI-I"]
[11673,"REGISTRO DE ESFERA, PVC, COM VOLANTE, VS, SOLDAVEL, DN 20 MM, COM CORPO DIVIDIDO","UN",13.34,"SINAPI-I"]
[11674,"REGISTRO DE ESFERA, PVC, COM VOLANTE, VS, SOLDAVEL, DN 25 MM, COM CORPO DIVIDIDO","UN",17.18,"SINAPI-I"]
[11675,"REGISTRO DE ESFERA, PVC, COM VOLANTE, VS, SOLDAVEL, DN 32 MM, COM CORPO DIVIDIDO","UN",27.28,"SINAPI-I"]
[11676,"REGISTRO DE ESFERA, PVC, COM VOLANTE, VS, SOLDAVEL, DN 40 MM, COM CORPO DIVIDIDO","UN",36.49,"SINAPI-I"]
[11677,"REGISTRO DE ESFERA, PVC, COM VOLANTE, VS, SOLDAVEL, DN 50 MM, COM CORPO DIVIDIDO","UN",37.68,"SINAPI-I"]
[11678,"REGISTRO DE ESFERA, PVC, COM VOLANTE, VS, SOLDAVEL, DN 60 MM, COM CORPO DIVIDIDO","UN",69.010000000000005,"SINAPI-I"]
[6038,"REGISTRO DE PRESSAO PVC, ROSCAVEL, VOLANTE SIMPLES, DE 1/2\"","UN",4.38,"SINAPI-I"]
[11718,"REGISTRO DE PRESSAO PVC, ROSCAVEL, VOLANTE SIMPLES, DE 3/4\"","UN",12.48,"SINAPI-I"]
[6037,"REGISTRO DE PRESSAO PVC, SOLDAVEL, VOLANTE SIMPLES, DE 20 MM","UN",9.11,"SINAPI-I"]
[11719,"REGISTRO DE PRESSAO PVC, SOLDAVEL, VOLANTE SIMPLES, DE 25 MM","UN",10.130000000000001,"SINAPI-I"]
[6019,"REGISTRO GAVETA BRUTO EM LATAO FORJADO, BITOLA 1 \" (REF 1509)","UN",31.87,"SINAPI-I"]
[6010,"REGISTRO GAVETA BRUTO EM LATAO FORJADO, BITOLA 1 1/2 \" (REF 1509)","UN",54.84,"SINAPI-I"]
[6017,"REGISTRO GAVETA BRUTO EM LATAO FORJADO, BITOLA 1 1/4 \" (REF 1509)","UN",43.43,"SINAPI-I"]
[6020,"REGISTRO GAVETA BRUTO EM LATAO FORJADO, BITOLA 1/2 \" (REF 1509)","UN",19.14,"SINAPI-I"]
[6028,"REGISTRO GAVETA BRUTO EM LATAO FORJADO, BITOLA 2 \" (REF 1509)","UN",76.38,"SINAPI-I"]
[6011,"REGISTRO GAVETA BRUTO EM LATAO FORJADO, BITOLA 2 1/2 \" (REF 1509)","UN",158.41,"SINAPI-I"]
[6012,"REGISTRO GAVETA BRUTO EM LATAO FORJADO, BITOLA 3 \" (REF 1509)","UN",191.78,"SINAPI-I"]
[6016,"REGISTRO GAVETA BRUTO EM LATAO FORJADO, BITOLA 3/4 \" (REF 1509)","UN",20.190000000000001,"SINAPI-I"]
[6027,"REGISTRO GAVETA BRUTO EM LATAO FORJADO, BITOLA 4 \" (REF 1509)","UN",399.61,"SINAPI-I"]
[6013,"REGISTRO GAVETA COM ACABAMENTO E CANOPLA CROMADOS, SIMPLES, BITOLA 1 \" (REF 1509)","UN",60.3,"SINAPI-I"]
[6015,"REGISTRO GAVETA COM ACABAMENTO E CANOPLA CROMADOS, SIMPLES, BITOLA 1 1/2 \" (REF 1509)","UN",87.69,"SINAPI-I"]
[6014,"REGISTRO GAVETA COM ACABAMENTO E CANOPLA CROMADOS, SIMPLES, BITOLA 1 1/4 \" (REF 1509)","UN",83.84,"SINAPI-I"]
[6006,"REGISTRO GAVETA COM ACABAMENTO E CANOPLA CROMADOS, SIMPLES, BITOLA 1/2 \" (REF 1509)","UN",43.66,"SINAPI-I"]
[6005,"REGISTRO GAVETA COM ACABAMENTO E CANOPLA CROMADOS, SIMPLES, BITOLA 3/4 \" (REF 1509)","UN",49.26,"SINAPI-I"]
[11756,"REGISTRO OU REGULADOR DE GAS COZINHA, VAZAO DE 2 KG/H, 2,8 KPA","UN",23.52,"SINAPI-I"]
[10904,"REGISTRO OU VALVULA GLOBO ANGULAR EM LATAO, PARA HIDRANTES EM INSTALACAO PREDIAL DE INCENDIO, 45 GRAUS, DIAMETRO DE 2 1/2\", COM VOLANTE, CLASSE DE PRESSAO DE ATE 200 PSI","UN",71.47,"SINAPI-I"]
[11752,"REGISTRO PRESSAO BRUTO EM LATAO FORJADO, BITOLA 1/2 \" (REF 1400)","UN",13.56,"SINAPI-I"]
[11753,"REGISTRO PRESSAO BRUTO EM LATAO FORJADO, BITOLA 3/4 \" (REF 1400)","UN",16.190000000000001,"SINAPI-I"]
[6021,"REGISTRO PRESSAO COM ACABAMENTO E CANOPLA CROMADA, SIMPLES, BITOLA 1/2 \" (REF 1416)","UN",44.94,"SINAPI-I"]
[6024,"REGISTRO PRESSAO COM ACABAMENTO E CANOPLA CROMADA, SIMPLES, BITOLA 3/4 \" (REF 1416)","UN",46.46,"SINAPI-I"]
[38379,"REGUA DE ALUMINIO PARA PEDREIRO 2 X 1 \"","M",31.7,"SINAPI-I"]
[13897,"REGUA VIBRADORA DUPLA PARA CONCRETO A GASOLINA 5,5 HP, PESO DE 60 KG, COMPRIMENTO 4 M","UN",5788.07,"SINAPI-I"]
[10640,"REGUA VIBRATORIA DE CONCRETO TRELICADA, EQUIPADA COM MOTOR A GASOLINA DE 9 HP","UN",12535.76,"SINAPI-I"]
[11086,"REJEITO DE MINERIO DE FERRO PARA PAVIMENTACAO (POSTO PEDREIRA/FORNECEDOR, SEM FRETE)","M3",56.19,"SINAPI-I"]
[34356,"REJUNTE BRANCO, CIMENTICIO","KG",2.23,"SINAPI-I"]
[34357,"REJUNTE COLORIDO, CIMENTICIO","KG",2.48,"SINAPI-I"]
[37329,"REJUNTE EPOXI BRANCO","KG",34.549999999999997,"SINAPI-I"]
[37398,"REJUNTE EPOXI COR","KG",44.22,"SINAPI-I"]
[2510,"RELE FOTOELETRICO INTERNO E EXTERNO BIVOLT 1000 W, DE CONECTOR, SEM BASE","UN",16.329999999999998,"SINAPI-I"]
[12359,"RELE TERMICO BIMETAL PARA USO EM MOTORES TRIFASICOS, TENSAO 380 V, POTENCIA ATE 15 CV, CORRENTE NOMINAL MAXIMA 22 A","UN",98.6,"SINAPI-I"]
[5320,"REMOVEDOR DE TINTA OLEO/ESMALTE VERNIZ","L",30.36,"SINAPI-I"]
[7353,"RESINA ACRILICA BASE AGUA - COR BRANCA","L",22.26,"SINAPI-I"]
[36144,"RESPIRADOR DESCARTAVEL SEM VALVULA DE EXALACAO, PFF 1","UN",1.51,"SINAPI-I"]
[10518,"RETARDO PARA CORDEL DETONANTE","UN",57.99,"SINAPI-I"]
[36530,"RETROESCAVADEIRA SOBRE RODAS COM CARREGADEIRA, TRACAO 4 X 2, POTENCIA LIQUIDA 79 HP, PESO OPERACIONAL MINIMO DE 6570 KG, CAPACIDADE DA CARREGADEIRA DE 1,00 M3 E DA  RETROESCAVADEIRA MINIMA DE 0,20 M3, PROFUNDIDADE DE ESCAVACAO MAXIMA DE 4,37 M","UN",228643.89,"SINAPI-I"]
[6046,"RETROESCAVADEIRA SOBRE RODAS COM CARREGADEIRA, TRACAO 4 X 4, POTENCIA LIQUIDA 72 HP, PESO OPERACIONAL MINIMO DE 7140 KG, CAPACIDADE MINIMA DA CARREGADEIRA DE 0,79 M3 E DA RETROESCAVADEIRA MINIMA DE 0,18 M3, PROFUNDIDADE DE ESCAVACAO MAXIMA DE 4,50 M","UN",248000,"SINAPI-I"]
[36531,"RETROESCAVADEIRA SOBRE RODAS COM CARREGADEIRA, TRACAO 4 X 4, POTENCIA LIQUIDA 88 HP, PESO OPERACIONAL MINIMO DE 6674 KG, CAPACIDADE DA CARREGADEIRA DE 1,00 M3 E DA  RETROESCAVADEIRA MINIMA DE 0,26 M3, PROFUNDIDADE DE ESCAVACAO MAXIMA DE 4,37 M","UN",257073.15,"SINAPI-I"]
[34684,"REVESTIMENTO DE PAREDE EM GRANILITE, MARMORITE OU GRANITINA - ESP = 5 MM (INCLUSO EXECUCAO)","M2",189.21,"SINAPI-I"]
[34683,"REVESTIMENTO DE PAREDE EM GRANILITE, MARMORITE OU GRANITINA COLORIDO - ESP = 5 MM (INCLUSO EXECUCAO)","M2",118.26,"SINAPI-I"]
[533,"REVESTIMENTO EM CERAMICA ESMALTADA COMERCIAL, PEI MENOR OU IGUAL A 3, FORMATO MENOR OU IGUAL A 2025 CM2","M2",16.82,"SINAPI-I"]
[10515,"REVESTIMENTO EM CERAMICA ESMALTADA EXTRA, PEI MAIOR OU IGUAL 4, FORMATO MAIOR A 2025 CM2","M2",43.37,"SINAPI-I"]
[536,"REVESTIMENTO EM CERAMICA ESMALTADA EXTRA, PEI MENOR OU IGUAL A 3, FORMATO MENOR OU IGUAL A 2025 CM2","M2",28.5,"SINAPI-I"]
[153,"REVESTIMENTO EPOXI DE ALTA RESISTENCIA QUIMICA, ISENTO DE SOLVENTES, BICOMPONENTE","L",79.459999999999994,"SINAPI-I"]
[34682,"REVESTIMENTO PARA ESCADA EM GRANILITE, MARMORITE OU GRANITINA ESP = 8 MM (INCLUSO EXECUCAO)","M2",90.43,"SINAPI-I"]
[20205,"RIPA DE MADEIRA APARELHADA *1,5 X 5* CM, MACARANDUBA, ANGELIM OU EQUIVALENTE DA REGIAO","M",3.24,"SINAPI-I"]
[4412,"RIPA DE MADEIRA NAO APARELHADA *1 X 3* CM, MACARANDUBA, ANGELIM OU EQUIVALENTE DA REGIAO","M",2.0499999999999998,"SINAPI-I"]
[4408,"RIPA DE MADEIRA NAO APARELHADA *1,5 X 5* CM, MACARANDUBA, ANGELIM OU EQUIVALENTE DA REGIAO","M",2.77,"SINAPI-I"]
[4505,"RIPA DE MADEIRA NAO APARELHADA *2 X 7* CM, PINUS, MISTA OU EQUIVALENTE DA REGIAO","M",1.28,"SINAPI-I"]
[10559,"ROCADEIRA COSTAL COM MOTOR A GASOLINA DE *32* CC","UN",1979,"SINAPI-I"]
[10664,"ROCADEIRA DESLOCAVEL, LARGURA DE TRABALHO DE 1,3 M","UN",5378.5,"SINAPI-I"]
[36250,"RODAFORRO EM PVC, PARA FORRO DE PVC, COMPRIMENTO 6 M","M",2.4,"SINAPI-I"]
[10857,"RODAPE ARDOSIA, CINZA, 10 CM, E= *1CM","M",10.34,"SINAPI-I"]
[4803,"RODAPE DE BORRACHA LISO, H = 70 MM, E = *2* MM, PARA ARGAMASSA, PRETO","M",19.13,"SINAPI-I"]
[6186,"RODAPE DE MADEIRA MACICA CUMARU/IPE CHAMPANHE OU EQUIVALENTE DA REGIAO, *1,5 X 7 CM","M",5.36,"SINAPI-I"]
[4829,"RODAPE EM MARMORE, POLIDO, BRANCO COMUM, L= *7* CM, E=  *2* CM, CORTE RETO","M",38.81,"SINAPI-I"]
[39829,"RODAPE EM POLIESTIRENO, BRANCO, H = *5* CM, E = *1,5* CM","M",19.2,"SINAPI-I"]
[20231,"RODAPE OU RODABANCADA EM GRANITO, POLIDO, TIPO ANDORINHA/ QUARTZ/ CASTELO/ CORUMBA OU OUTROS EQUIVALENTES DA REGIAO, H= 10 CM, E=  *2,0* CM","M",38.700000000000003,"SINAPI-I"]
[4804,"RODAPE PLANO PARA PISO VINILICO, H = 5 CM","M",14.69,"SINAPI-I"]
[34680,"RODAPE PRE-MOLDADO DE GRANILITE, MARMORITE OU GRANITINA L = 10 CM","M",27.82,"SINAPI-I"]
[11573,"RODIZIO PARA TRILHO (TIPO NAPOLEAO),  EM LATAO, COM ROLAMENTO EM ACO, 6 MM, PARA JANELA DE CORRER","UN",5.99,"SINAPI-I"]
[38401,"RODO PARA CHAO 40 CM COM CABO","UN",8.2899999999999991,"SINAPI-I"]
[38179,"ROLDANA CONCOVA DUPLA, EM CHAPA DE ACO, ROLAMENTO INTERNO BLINDADO DE ACO REVESTIDO EM NYLON, PARA PORTA DE CORRER","UN",26.26,"SINAPI-I"]
[11575,"ROLDANA DUPLA, EM ZAMAC COM CHAPA DE LATAO, ROLAMENTOS EM ACO, PARA PORTA E JANELA DE CORRER","UN",28.33,"SINAPI-I"]
[20256,"ROLDANA PLASTICA COM PREGO, TAMANHO 30 X 30 MM, PARA INSTALACAO ELETRICA APARENTE","UN",0.36,"SINAPI-I"]
[14511,"ROLO COMPACTADOR DE PNEUS, ESTATICO, PRESSAO VARIAVEL, POTENCIA 110 HP, PESO SEM/COM LASTRO 10,8/27 T, LARGURA DE ROLAGEM 2,30 M","UN",460373.42,"SINAPI-I"]
[10642,"ROLO COMPACTADOR DE PNEUS, ESTATICO, PRESSAO VARIAVEL, POTENCIA 111 HP, PESO SEM/COM LASTRO 9,5/26,0 T, LARGURA DE ROLAGEM 1,90 M","UN",433694.12,"SINAPI-I"]
[14489,"ROLO COMPACTADOR PE DE CARNEIRO VIBRATORIO, POTENCIA 125 HP, PESO OPERACIONAL SEM/COM LASTRO 11,95/13,30 T, IMPACTO DINAMICO 38,5/22,5 T, LARGURA DE TRABALHO 2,15 M","UN",384678.61,"SINAPI-I"]
[14513,"ROLO COMPACTADOR PE DE CARNEIRO VIBRATORIO, POTENCIA 80 HP, PESO OPERACIONAL SEM/COM LASTRO 7,4/8,8 T, LARGURA DE TRABALHO 1,68 M","UN",288518.09000000003,"SINAPI-I"]
[13600,"ROLO COMPACTADOR VIBRATORIO DE UM CILINDRO LISO DE ACO, POTENCIA 125 HP, PESO SEM/COM LASTRO 10,75/12,92 T, IMPACTO DINAMICO 31,5/18,5 T, LARGURA TRABALHO 2,15 M","UN",372269.58,"SINAPI-I"]
[10646,"ROLO COMPACTADOR VIBRATORIO DE UM CILINDRO, ACO LISO, POTENCIA 80 HP, PESO OPERACIONAL MAXIMO 8,1 T, IMPACTO DINAMICO 16,15/9,5 T, LARGURA TRABALHO 1,68 M","UN",277502.17,"SINAPI-I"]
[6070,"ROLO COMPACTADOR VIBRATORIO PE DE CARNEIRO, COM CONTROLE REMOTO POR RADIO, POTENCIA  12,5 KW, PESO OPERACIONAL DE 1,675 T, LARGURA DE TRABALHO 0,85 M","UN",379172.56,"SINAPI-I"]
[6069,"ROLO COMPACTADOR VIBRATORIO REBOCAVEL, CILINDRO DE ACO LISO, POTENCIA DE TRACAO DE 65 CV, PESO DE 4,7 T, IMPACTO DINAMICO TOTAL DE 18,3 T, LARGURA DO ROLO 1,67 M","UN",83764.94,"SINAPI-I"]
[14626,"ROLO COMPACTADOR VIBRATORIO TANDEM, ACO LISO, POTENCIA 125 HP, PESO SEM/COM LASTRO 10,20/11,65 T, LARGURA DE TRABALHO 1,73 M","UN",415107.24,"SINAPI-I"]
[6067,"ROLO COMPACTADOR VIBRATORIO TANDEM, ACO LISO, POTENCIA 58 CV, PESO SEM/COM LASTRO 6,5/9,4 T, LARGURA DE TRABALHO 1,20 M","UN",340759.67,"SINAPI-I"]
[38393,"ROLO DE ESPUMA POLIESTER 23 CM (SEM CABO)","UN",12.5,"SINAPI-I"]
[38390,"ROLO DE LA DE CARNEIRO 23 CM (SEM CABO)","UN",27.72,"SINAPI-I"]
[36532,"ROMPEDOR ELETRICO PESO 26 KG, POTENCIA OPERACIONAL DE 2,5 KW","UN",18578.310000000001,"SINAPI-I"]
[11578,"ROSETA QUADRADA, SEM FUROS, EM ACO INOX POLIDO, LARGURA APROXIMADA DE 50 MM, PARA FECHADURA DE PORTA - PARAFUSOS INCLUIDOS","UN",9.1,"SINAPI-I"]
[11577,"ROSETA REDONDA DE SOBREPOR, SEM FUROS, EM ACO INOX POLIDO, DIAMETRO APROXIMADO DE 50 MM, PARA FECHADURA DE PORTA - PARAFUSOS INCLUIDOS","UN",8.68,"SINAPI-I"]
[42432,"ROTACAO DIAGONAL DUPLA, APARELHO TRIPLO, EM TUBO DE ACO CARBONO, PINTURA NO PROCESSO ELETROSTATICO - EQUIPAMENTO DE GINASTICA PARA ACADEMIA AO AR LIVRE / ACADEMIA DA TERCEIRA IDADE - ATI","UN",1377.27,"SINAPI-I"]
[42437,"ROTACAO VERTICAL DUPLO, EM TUBO DE ACO CARBONO, PINTURA NO PROCESSO ELETROSTATICO - EQUIPAMENTO DE GINASTICA PARA ACADEMIA AO AR LIVRE / ACADEMIA DA TERCEIRA IDADE - ATI","UN",1047.0899999999999,"SINAPI-I"]
[1116,"RUFO EXTERNO DE CHAPA DE ACO GALVANIZADA NUM 26, CORTE 25 CM","M",15.92,"SINAPI-I"]
[1115,"RUFO EXTERNO DE CHAPA DE ACO GALVANIZADA NUM 26, CORTE 28 CM","M",19.350000000000001,"SINAPI-I"]
[1113,"RUFO EXTERNO/INTERNO DE CHAPA DE ACO GALVANIZADA NUM 26, CORTE 33 CM","M",21.23,"SINAPI-I"]
[1114,"RUFO INTERNO DE CHAPA DE ACO GALVANIZADA NUM 26, CORTE 50 CM","M",31.84,"SINAPI-I"]
[40872,"RUFO INTERNO/EXTERNO DE CHAPA DE ACO GALVANIZADA NUM 24, CORTE 25 CM (COLETADO CAIXA)","M",18.14,"SINAPI-I"]
[20214,"RUFO PARA TELHA ESTRUTURAL DE FIBROCIMENTO 1 ABA (SEM AMIANTO)","UN",28.42,"SINAPI-I"]
[11064,"RUFO PARA TELHA ESTRUTURAL DE FIBROCIMENTO 2 ABAS, COMPRIMENTO DE 1031 MM (SEM AMIANTO)","UN",12.05,"SINAPI-I"]
[7237,"RUFO PARA TELHA ONDULADA DE FIBROCIMENTO, E = 6 MM, ABA *260* MM, COMPRIMENTO 1100 MM (SEM AMIANTO)","UN",16.440000000000001,"SINAPI-I"]
[16,"SABAO EM PO","KG",6.33,"SINAPI-I"]
[11757,"SABONETEIRA DE PAREDE EM METAL CROMADO","UN",33.520000000000003,"SINAPI-I"]
[11758,"SABONETEIRA PLASTICA TIPO DISPENSER PARA SABONETE LIQUIDO COM RESERVATORIO 800 A 1500 ML","UN",62.4,"SINAPI-I"]
[37526,"SACO DE RAFIA PARA ENTULHO, NOVO, LISO (SEM CLICHE), *60 x 90* CM","UN",2.66,"SINAPI-I"]
[6076,"SAIBRO PARA ARGAMASSA (COLETADO NO COMERCIO)","M3",41.25,"SINAPI-I"]
[13109,"SAPATA DE PVC ADITIVADO NERVURADO D = 6\"","UN",179.7,"SINAPI-I"]
[13110,"SAPATA DE PVC ADITIVADO NERVURADO D = 8\"","UN",236.5,"SINAPI-I"]
[7581,"SAPATILHA EM ACO GALVANIZADO PARA CABOS COM DIAMETRO NOMINAL ATE 5/8\"","UN",3.41,"SINAPI-I"]
[20206,"SARRAFO DE MADEIRA APARELHADA *2 X 10* CM, MACARANDUBA, ANGELIM OU EQUIVALENTE DA REGIAO","M",9.59,"SINAPI-I"]
[4460,"SARRAFO DE MADEIRA NAO APARELHADA *2,5 X 10 CM, MACARANDUBA, ANGELIM OU EQUIVALENTE DA REGIAO","M",11.51,"SINAPI-I"]
[6204,"SARRAFO DE MADEIRA NAO APARELHADA *2,5 X 15* CM, MACARANDUBA, ANGELIM OU EQUIVALENTE DA REGIAO","M",17.2,"SINAPI-I"]
[4417,"SARRAFO DE MADEIRA NAO APARELHADA *2,5 X 7* CM, MACARANDUBA, ANGELIM OU EQUIVALENTE DA REGIAO","M",6.61,"SINAPI-I"]
[4517,"SARRAFO DE MADEIRA NAO APARELHADA *2,5 X 7,5* CM (1 X 3 \") PINUS, MISTA OU EQUIVALENTE DA REGIAO","M",1.03,"SINAPI-I"]
[4512,"SARRAFO DE MADEIRA NAO APARELHADA 2,5 X 5 CM (1 X 2 \") PINUS, MISTA OU EQUIVALENTE DA REGIAO","M",0.74,"SINAPI-I"]
[4415,"SARRAFO DE MADEIRA NAO APARELHADA 2,5 X 5 CM, MACARANDUBA, ANGELIM OU EQUIVALENTE DA REGIAO","M",5.55,"SINAPI-I"]
[37373,"SEGURO - HORISTA (COLETADO CAIXA)","H",0.04,"SINAPI-I"]
[40864,"SEGURO - MENSALISTA (COLETADO CAIXA)","MES",9.76,"SINAPI-I"]
[4734,"SEIXO ROLADO PARA APLICACAO EM CONCRETO (POSTO PEDREIRA/FORNECEDOR, SEM FRETE)","M3",79.97,"SINAPI-I"]
[6085,"SELADOR ACRILICO PAREDES INTERNAS/EXTERNAS","L",5.95,"SINAPI-I"]
[38396,"SELADOR HORIZONTAL PARA FITA DE ACO 1 \"","UN",342.27,"SINAPI-I"]
[6090,"SELADOR PVA PAREDES INTERNAS","L",11.3,"SINAPI-I"]
[11622,"SELANTE A BASE DE ALCATRAO E POLIURETANO PARA JUNTAS HORIZONTAIS","KG",51.39,"SINAPI-I"]
[6094,"SELANTE A BASE DE RESINAS ACRILICAS PARA TRINCAS","KG",19.11,"SINAPI-I"]
[7317,"SELANTE DE BASE ASFALTICA PARA VEDACAO","KG",24.68,"SINAPI-I"]
[142,"SELANTE ELASTICO MONOCOMPONENTE A BASE DE POLIURETANO PARA JUNTAS DIVERSAS","310ML",26.98,"SINAPI-I"]
[38123,"SELANTE TIPO VEDA CALHA PARA METAL E FIBROCIMENTO","KG",74.069999999999993,"SINAPI-I"]
[42701,"SELIM COMPACTO EM PVC, SEM TRAVA,  DN 150 X 100 MM, PARA REDE COLETORA ESGOTO (NBR 10569)","UN",29.97,"SINAPI-I"]
[42702,"SELIM COMPACTO EM PVC, SEM TRAVA,  DN 200 X 100 MM, PARA REDE COLETORA ESGOTO (NBR 10569)","UN",53.25,"SINAPI-I"]
[37955,"SELIM COMPACTO EM PVC, SEM TRAVAS,  DN 300 X 100 MM, PARA REDE COLETORA ESGOTO (NBR 10569)","UN",69.02,"SINAPI-I"]
[42699,"SELIM PVC, COM TRAVA, JE, 90 GRAUS,  DN 125 X 100 MM OU 150 X 100 MM, PARA REDE COLETORA ESGOTO (NBR 10569)","UN",18.3,"SINAPI-I"]
[42700,"SELIM PVC, SOLDAVEL, SEM TRAVA, JE, 90 GRAUS,  DN 200 X 100 MM, PARA REDE COLETORA ESGOTO (NBR 10569)","UN",52.19,"SINAPI-I"]
[37743,"SEMIRREBOQUE COM DOIS EIXOS EM TANDEM TIPO BASCULANTE COM CACAMBA METALICA 14 M3  (INCLUI MONTAGEM, NAO INCLUI CAVALO MECANICO)","UN",118650.34,"SINAPI-I"]
[37744,"SEMIRREBOQUE COM TRES EIXOS EM TANDEM TIPO BASCULANTE COM CACAMBA METALICA 18 M3 (INCLUI MONTAGEM, NAO INCLUI CAVALO MECANICO)","UN",139510.48000000001,"SINAPI-I"]
[37741,"SEMIRREBOQUE COM TRES EIXOS, PARA TRANSPORTE DE CARGA SECA, DIMENSOES APROXIMADAS 2,60 X 12,50 X 0,50 M (NAO INCLUI CAVALO MECANICO)","UN",107888.11,"SINAPI-I"]
[39396,"SENSOR DE PRESENCA BIVOLT COM FOTOCELULA PARA QUALQUER TIPO DE LAMPADA, POTENCIA MAXIMA *1000* W, USO EXTERNO","UN",31.99,"SINAPI-I"]
[39392,"SENSOR DE PRESENCA BIVOLT DE PAREDE COM FOTOCELULA PARA QUALQUER TIPO DE LAMPADA POTENCIA MAXIMA *1000* W, USO INTERNO","UN",36.08,"SINAPI-I"]
[39393,"SENSOR DE PRESENCA BIVOLT DE PAREDE SEM FOTOCELULA PARA QUALQUER TIPO DE LAMPADA POTENCIA MAXIMA *1000* W, USO INTERNO","UN",22.31,"SINAPI-I"]
[39394,"SENSOR DE PRESENCA BIVOLT DE TETO COM FOTOCELULA PARA QUALQUER TIPO DE LAMPADA POTENCIA MAXIMA *1000* W, USO INTERNO","UN",25.11,"SINAPI-I"]
[39395,"SENSOR DE PRESENCA BIVOLT DE TETO SEM FOTOCELULA PARA QUALQUER TIPO DE LAMPADA POTENCIA MAXIMA *900* W, USO INTERNO","UN",23.35,"SINAPI-I"]
[14618,"SERRA CIRCULAR DE BANCADA COM MOTOR ELETRICO, POTENCIA DE *1600* W, PARA DISCO DE DIAMETRO DE 10\" (250 MM)","UN",874.08,"SINAPI-I"]
[40269,"SERRA CIRCULAR DE BANCADA, MODELO PICA-PAU, DIAMETRO DE 350 MM. CARACTERISTICAS DO MOTOR: TRIFASICO, POTENCIA DE 5 HP, FREQUENCIA DE 60 HZ","UN",3521.6,"SINAPI-I"]
[6110,"SERRALHEIRO","H",19.43,"SINAPI-I"]
[40910,"SERRALHEIRO (MENSALISTA)","MES",3433.47,"SINAPI-I"]
[6111,"SERVENTE DE OBRAS","H",13.84,"SINAPI-I"]
[41084,"SERVENTE DE OBRAS (MENSALISTA)","MES",2446.5300000000002,"SINAPI-I"]
[25950,"SERVICO DE BOMBEAMENTO DE CONCRETO COM CONSUMO MINIMO DE 40 M3","M3",30.18,"SINAPI-I"]
[38637,"SIFAO EM METAL CROMADO PARA PIA AMERICANA, 1.1/2 X 1.1/2 \"","UN",200.82,"SINAPI-I"]
[6150,"SIFAO EM METAL CROMADO PARA PIA AMERICANA, 1.1/2 X 2 \"","UN",203.28,"SINAPI-I"]
[6136,"SIFAO EM METAL CROMADO PARA PIA OU LAVATORIO, 1 X 1.1/2 \"","UN",159.79,"SINAPI-I"]
[38638,"SIFAO EM METAL CROMADO PARA TANQUE, 1.1/4 X 1.1/2 \"","UN",169.23,"SINAPI-I"]
[20262,"SIFAO PLASTICO EXTENSIVEL UNIVERSAL, TIPO COPO","UN",9.0299999999999994,"SINAPI-I"]
[6148,"SIFAO PLASTICO FLEXIVEL SAIDA VERTICAL PARA COLUNA LAVATORIO, 1 X 1.1/2 \"","UN",6,"SINAPI-I"]
[6145,"SIFAO PLASTICO TIPO COPO PARA PIA AMERICANA 1.1/2 X 1.1/2 \"","UN",10.76,"SINAPI-I"]
[6149,"SIFAO PLASTICO TIPO COPO PARA PIA OU LAVATORIO, 1 X 1.1/2 \"","UN",10.15,"SINAPI-I"]
[6146,"SIFAO PLASTICO TIPO COPO PARA TANQUE, 1.1/4 X 1.1/2 \"","UN",10.77,"SINAPI-I"]
[26026,"SILICA ATIVA PARA ADICAO EM CONCRETO E ARGAMASSA","KG",2.2000000000000002,"SINAPI-I"]
[39961,"SILICONE ACETICO USO GERAL INCOLOR 280 G","UN",9.66,"SINAPI-I"]
[42433,"SIMULADOR DE CAMINHADA TRIPLO, EM TUBO DE ACO CARBONO, PINTURA NO PROCESSO ELETROSTATICO - EQUIPAMENTO DE GINASTICA PARA ACADEMIA AO AR LIVRE / ACADEMIA DA TERCEIRA IDADE - ATI","UN",2720.4,"SINAPI-I"]
[42434,"SIMULADOR DE CAVALGADA TRIPLO, EM TUBO DE ACO CARBONO, PINTURA NO PROCESSO ELETROSTATICO - EQUIPAMENTO DE GINASTICA PARA ACADEMIA AO AR LIVRE / ACADEMIA DA TERCEIRA IDADE - ATI","UN",2939.79,"SINAPI-I"]
[42435,"SIMULADOR DE REMO INDIVIDUAL, EM TUBO DE ACO CARBONO, PINTURA NO PROCESSO ELETROSTATICO - EQUIPAMENTO DE GINASTICA PARA ACADEMIA AO AR LIVRE / ACADEMIA DA TERCEIRA IDADE - ATI","UN",1465.96,"SINAPI-I"]
[38061,"SINALIZADOR NOTURNO SIMPLES PARA PARA-RAIOS, SEM RELE FOTOELETRICO","UN",41.75,"SINAPI-I"]
[20250,"SISAL EM FIBRA","KG",12,"SINAPI-I"]
[39965,"SISTEMA DE FORMAS MANUSEAVEIS DE ALUMINIO, PARA BLOCO RESID. COM PAREDES DE CONCRETO MOLDADAS IN LOCO, BLOCO COM 4 PAV. E 4 UNIDADES POR PAV., UNIDADE HABITACIONALCOM 48 M2 E 2 QUARTOS; TELHA DE FIBROCIMENTO (COLETADO CAIXA)","M2",1325.85,"SINAPI-I"]
[39964,"SISTEMA DE FORMAS MANUSEAVEIS DE ALUMINIO, PARA EDIF. RESID. UNIFAMILIAR COM PAREDES DE CONCRETO MOLDADAS IN LOCO, UNIDADE HABITACIONAL TERREA COM 38 M2, COM SALA, CIRCULACAO, 2 QUARTOS, BANHEIRO, COZINHA E TANQUE EXTERNO (SEM COBERTURA) (COLETADO CAIXA)","M2",1126.1600000000001,"SINAPI-I"]
[7,"SODA CAUSTICA EM ESCAMAS","KG",10.51,"SINAPI-I"]
[13388,"SOLDA EM BARRA DE ESTANHO-CHUMBO 50/50","KG",129.4,"SINAPI-I"]
[39914,"SOLDA EM VARETA FOSCOPER, D = *2,5* MM  X COMPRIMENTO 500 MM","KG",135.53,"SINAPI-I"]
[12732,"SOLDA ESTANHO/COBRE PARA CONEXOES DE COBRE, FIO 2,5 MM, CARRETEL 500 GR (SEM CHUMBO)","UN",156.38,"SINAPI-I"]
[6160,"SOLDADOR","H",19.43,"SINAPI-I"]
[41087,"SOLDADOR (MENSALISTA)","MES",3433.47,"SINAPI-I"]
[6166,"SOLDADOR ELETRICO (PARA SOLDA A SER TESTADA COM RAIOS \"X\")","H",17.63,"SINAPI-I"]
[41088,"SOLDADOR ELETRICO (PARA SOLDA A SER TESTADA COM RAIOS \"X\") (MENSALISTA)","MES",3118.6,"SINAPI-I"]
[20232,"SOLEIRA EM GRANITO, POLIDO, TIPO ANDORINHA/ QUARTZ/ CASTELO/ CORUMBA OU OUTROS EQUIVALENTES DA REGIAO, L= *15* CM, E=  *2,0* CM","M",54.77,"SINAPI-I"]
[10856,"SOLEIRA PRE-MOLDADA EM GRANILITE, MARMORITE OU GRANITINA, L = *15 CM","M",76.52,"SINAPI-I"]
[4828,"SOLEIRA/ PEITORIL EM MARMORE, POLIDO, BRANCO COMUM, L= *15* CM, E=  *2* CM,  CORTE RETO","M",57.92,"SINAPI-I"]
[20249,"SOLEIRA/ TABEIRA EM MARMORE, POLIDO, BRANCO COMUM, L= 5 CM, E=  *2,0* CM","M",31.72,"SINAPI-I"]
[11609,"SOLUCAO ASFALTICA ELASTOMERICA PARA IMPRIMACAO, APLICACAO A FRIO","L",8.9,"SINAPI-I"]
[20083,"SOLUCAO LIMPADORA PARA PVC, FRASCO COM 1000 CM3","UN",42.36,"SINAPI-I"]
[20082,"SOLUCAO LIMPADORA PARA PVC, FRASCO COM 200 CM3","UN",16.5,"SINAPI-I"]
[5318,"SOLVENTE DILUENTE A BASE DE AGUARRAS","L",11.29,"SINAPI-I"]
[10691,"SOLVENTE PARA COLA (PARA LAMINADO MELAMINICO) A BASE DE RESINA SINTETICA","L",32.909999999999997,"SINAPI-I"]
[12295,"SOQUETE DE BAQUELITE BASE E27, PARA LAMPADAS","UN",3.07,"SINAPI-I"]
[12296,"SOQUETE DE PORCELANA BASE E27, FIXO DE TETO, PARA LAMPADAS","UN",3.97,"SINAPI-I"]
[12294,"SOQUETE DE PORCELANA BASE E27, PARA USO AO TEMPO, PARA LAMPADAS","UN",9.5399999999999991,"SINAPI-I"]
[14543,"SOQUETE DE PVC / TERMOPLASTICO BASE E27, COM CHAVE, PARA LAMPADAS","UN",6.81,"SINAPI-I"]
[13329,"SOQUETE DE PVC / TERMOPLASTICO BASE E27, COM RABICHO, PARA LAMPADAS","UN",4,"SINAPI-I"]
[21044,"SPRINKLER TIPO PENDENTE, 68 GRAUS CELSIUS (BULBO VERMELHO), ACABAMENTO CROMADO, 1/2\" - 15 MM","UN",16.989999999999998,"SINAPI-I"]
[21045,"SPRINKLER TIPO PENDENTE, 68 GRAUS CELSIUS (BULBO VERMELHO), ACABAMENTO CROMADO, 3/4\" - 20 MM","UN",23.27,"SINAPI-I"]
[21040,"SPRINKLER TIPO PENDENTE, 68 GRAUS CELSIUS (BULBO VERMELHO), ACABAMENTO NATURAL, 1/2\" - 15 MM","UN",16.63,"SINAPI-I"]
[21041,"SPRINKLER TIPO PENDENTE, 68 GRAUS CELSIUS (BULBO VERMELHO), ACABAMENTO NATURAL, 3/4\" - 20 MM","UN",20.07,"SINAPI-I"]
[21047,"SPRINKLER TIPO PENDENTE, 79 GRAUS CELSIUS (BULBO AMARELO), ACABAMENTO CROMADO, 3/4\" - 20 MM","UN",25.05,"SINAPI-I"]
[21043,"SPRINKLER TIPO PENDENTE, 79 GRAUS CELSIUS (BULBO AMARELO), ACABAMENTO NATURAL, 3/4\" - 20 MM","UN",24.39,"SINAPI-I"]
[21042,"SPRINKLER TIPO PENDENTE, 79 GRAUS CELSIUS (BULBO AMARELO,) ACABAMENTO NATURAL OU CROMADO, 1/2\" - 15 MM","UN",19.309999999999999,"SINAPI-I"]
[11895,"SUMIDOURO CONCRETO PRE MOLDADO, COMPLETO, PARA 10 CONTRIBUINTES","UN",782.2,"SINAPI-I"]
[11896,"SUMIDOURO CONCRETO PRE MOLDADO, COMPLETO, PARA 100 CONTRIBUINTES","UN",4099.8100000000004,"SINAPI-I"]
[11897,"SUMIDOURO CONCRETO PRE MOLDADO, COMPLETO, PARA 150 CONTRIBUINTES","UN",5349.54,"SINAPI-I"]
[11898,"SUMIDOURO CONCRETO PRE MOLDADO, COMPLETO, PARA 200 CONTRIBUINTES","UN",5619.26,"SINAPI-I"]
[3282,"SUMIDOURO CONCRETO PRE MOLDADO, COMPLETO, PARA 5 CONTRIBUINTES","UN",568.66,"SINAPI-I"]
[11899,"SUMIDOURO CONCRETO PRE MOLDADO, COMPLETO, PARA 50 CONTRIBUINTES","UN",2773.66,"SINAPI-I"]
[11900,"SUMIDOURO CONCRETO PRE MOLDADO, COMPLETO, PARA 75 CONTRIBUINTES","UN",3803.11,"SINAPI-I"]
[14149,"SUPORTE \"Y\" PARA FITA PERFURADA","CENTO",125.45,"SINAPI-I"]
[38099,"SUPORTE DE FIXACAO PARA ESPELHO / PLACA 4\" X 2\", PARA 3 MODULOS, PARA INSTALACAO DE TOMADAS E INTERRUPTORES (SOMENTE SUPORTE)","UN",1.31,"SINAPI-I"]
[38100,"SUPORTE DE FIXACAO PARA ESPELHO / PLACA 4\" X 4\", PARA 6 MODULOS, PARA INSTALACAO DE TOMADAS E INTERRUPTORES (SOMENTE SUPORTE)","UN",2.15,"SINAPI-I"]
[20061,"SUPORTE DE PVC PARA CALHA PLUVIAL, DIAMETRO ENTRE 119 E 170 MM, PARA DRENAGEM PREDIAL","UN",2.94,"SINAPI-I"]
[7576,"SUPORTE EM ACO GALVANIZADO PARA TRANSFORMADOR PARA POSTE DUPLO T 185 X 95 MM, CHAPA DE 5/16\"","UN",140.36000000000001,"SINAPI-I"]
[3384,"SUPORTE GUIA SIMPLES COM ROLDANA EM POLIPROPILENO PARA CHUMBAR, H = 20 CM","UN",4.5999999999999996,"SINAPI-I"]
[7572,"SUPORTE ISOLADOR REFORCADO DIAMETRO NOMINAL 5/16\", COM ROSCA SOBERBA E BUCHA","UN",6.67,"SINAPI-I"]
[3396,"SUPORTE ISOLADOR SIMPLES DIAMETRO NOMINAL 5/16\", COM ROSCA SOBERBA E BUCHA","UN",4.7300000000000004,"SINAPI-I"]
[37590,"SUPORTE MAO-FRANCESA EM ACO, ABAS IGUAIS 30 CM, CAPACIDADE MINIMA 60 KG, BRANCO","UN",25.05,"SINAPI-I"]
[37591,"SUPORTE MAO-FRANCESA EM ACO, ABAS IGUAIS 40 CM, CAPACIDADE MINIMA 70 KG, BRANCO","UN",34.85,"SINAPI-I"]
[12626,"SUPORTE METALICO PARA CALHA PLUVIAL,  ZINCADO, DOBRADO, DIAMETRO ENTRE 119 E 170 MM, PARA DRENAGEM PREDIAL","UN",14.1,"SINAPI-I"]
[11033,"SUPORTE PARA CALHA DE 150 MM EM FERRO GALVANIZADO","UN",4.55,"SINAPI-I"]
[390,"SUPORTE PARA TUBO DIAMETRO NOMINAL 2\", COM ROSCA MECANICA","UN",9.5,"SINAPI-I"]
[42436,"SURF DUPLO, EM TUBO DE ACO CARBONO, PINTURA NO PROCESSO ELETROSTATICO - EQUIPAMENTO DE GINASTICA PARA ACADEMIA AO AR LIVRE / ACADEMIA DA TERCEIRA IDADE - ATI","UN",1534.45,"SINAPI-I"]
[6178,"TABUA DE  MADEIRA PARA PISO, CUMARU/IPE CHAMPANHE OU EQUIVALENTE DA REGIAO, ENCAIXE MACHO/FEMEA, *10 X 2* CM","M2",89.53,"SINAPI-I"]
[6180,"TABUA DE  MADEIRA PARA PISO, CUMARU/IPE CHAMPANHE OU EQUIVALENTE DA REGIAO, ENCAIXE MACHO/FEMEA, *15 X 2* CM","M2",96.63,"SINAPI-I"]
[6182,"TABUA DE  MADEIRA PARA PISO, IPE (CERNE) OU EQUIVALENTE DA REGIAO, ENCAIXE MACHO/FEMEA, *20 X 2* CM","M2",119.94,"SINAPI-I"]
[3993,"TABUA DE MADEIRA APARELHADA *2,5 X 15* CM, MACARANDUBA, ANGELIM OU EQUIVALENTE DA REGIAO","M2",124.35,"SINAPI-I"]
[3990,"TABUA DE MADEIRA APARELHADA *2,5 X 25* CM, MACARANDUBA, ANGELIM OU EQUIVALENTE DA REGIAO","M",27.48,"SINAPI-I"]
[3992,"TABUA DE MADEIRA APARELHADA *2,5 X 30* CM, MACARANDUBA, ANGELIM OU EQUIVALENTE DA REGIAO","M",33.74,"SINAPI-I"]
[4509,"TABUA DE MADEIRA NAO APARELHADA *2,5 X 10 CM (1 X 4 \") PINUS, MISTA OU EQUIVALENTE DA REGIAO","M",1.57,"SINAPI-I"]
[6194,"TABUA DE MADEIRA NAO APARELHADA *2,5 X 15 CM (1 X 6 \") PINUS, MISTA OU EQUIVALENTE DA REGIAO","M",2.13,"SINAPI-I"]
[6193,"TABUA DE MADEIRA NAO APARELHADA *2,5 X 20* CM, CEDRINHO OU EQUIVALENTE DA REGIAO","M",13.09,"SINAPI-I"]
[10567,"TABUA DE MADEIRA NAO APARELHADA *2,5 X 23* CM (1 x 9 \") PINUS, MISTA OU EQUIVALENTE DA REGIAO","M",3.53,"SINAPI-I"]
[6188,"TABUA DE MADEIRA NAO APARELHADA *2,5 X 30 CM (1 X 12 \") PINUS, MISTA OU EQUIVALENTE DA REGIAO","M2",19.329999999999998,"SINAPI-I"]
[6212,"TABUA DE MADEIRA NAO APARELHADA *2,5 X 30 CM (1 X 12 \") PINUS, MISTA OU EQUIVALENTE DA REGIAO","M",5.8,"SINAPI-I"]
[6189,"TABUA DE MADEIRA NAO APARELHADA *2,5 X 30* CM, CEDRINHO OU EQUIVALENTE DA REGIAO","M",19.149999999999999,"SINAPI-I"]
[6214,"TACO DE MADEIRA PARA PISO, IPE (CERNE) OU EQUIVALENTE DA REGIAO, 7 X 42 CM, E = 2 CM","M2",56.08,"SINAPI-I"]
[36153,"TALABARTE DE SEGURANCA, 2 MOSQUETOES TRAVA DUPLA *53* MM DE ABERTURA, COM ABSORVEDOR DE ENERGIA","UN",180.56,"SINAPI-I"]
[10740,"TALHA ELETRICA 3 T, VELOCIDADE  2,1 M / MIN, POTENCIA 1,3 KW","UN",9618.2099999999991,"SINAPI-I"]
[13914,"TALHA MANUAL DE CORRENTE, CAPACIDADE DE 1 T COM ELEVACAO DE 3 M","UN",695.91,"SINAPI-I"]
[10742,"TALHA MANUAL DE CORRENTE, CAPACIDADE DE 2 T COM ELEVACAO DE 3 M","UN",1015,"SINAPI-I"]
[38465,"TALHADEIRA COM PUNHO DE PROTECAO *20 X 250* MM","UN",20.67,"SINAPI-I"]
[7543,"TAMPA CEGA EM PVC PARA CONDULETE 4 X 2\"","UN",3.56,"SINAPI-I"]
[13255,"TAMPA DE CONCRETO PARA PV OU CAIXA DE INSPECAO, DIMENSOES 600 X 600 X 50 MM","UN",39.340000000000003,"SINAPI-I"]
[39352,"TAMPA PARA CONDULETE, EM PVC, PARA TOMADA HEXAGONAL","UN",2.2000000000000002,"SINAPI-I"]
[39346,"TAMPA PARA CONDULETE, EM PVC, PARA 1 INTERRUPTOR","UN",2.2000000000000002,"SINAPI-I"]
[39350,"TAMPA PARA CONDULETE, EM PVC, PARA 1 MODULO RJ","UN",2.37,"SINAPI-I"]
[39351,"TAMPA PARA CONDULETE, EM PVC, PARA 2 MODULOS RJ","UN",2.74,"SINAPI-I"]
[38952,"TAMPAO / CAP, ROSCA FEMEA, METALICO, PARA TUBO PEX, DN 1/2\"","UN",2.4700000000000002,"SINAPI-I"]
[38953,"TAMPAO / CAP, ROSCA FEMEA, METALICO, PARA TUBO PEX, DN 3/4\"","UN",3.89,"SINAPI-I"]
[38835,"TAMPAO / CAP, ROSCA MACHO, PARA TUBO PEX, DN 1/2\"","UN",3.49,"SINAPI-I"]
[38837,"TAMPAO / CAP, ROSCA MACHO, PARA TUBO PEX, DN 1\"","UN",9.09,"SINAPI-I"]
[38836,"TAMPAO / CAP, ROSCA MACHO, PARA TUBO PEX, DN 3/4\"","UN",5.03,"SINAPI-I"]
[2666,"TAMPAO / TERMINAL / PLUG, D = 1 1/4\" , PARA DUTO CORRUGADO PEAD (CABEAMENTO SUBTERRANEO)","UN",4.59,"SINAPI-I"]
[2668,"TAMPAO / TERMINAL / PLUG, D = 2\" , PARA DUTO CORRUGADO PEAD (CABEAMENTO SUBTERRANEO)","UN",5.24,"SINAPI-I"]
[2664,"TAMPAO / TERMINAL / PLUG, D = 3\" , PARA DUTO CORRUGADO PEAD (CABEAMENTO SUBTERRANEO)","UN",7.73,"SINAPI-I"]
[2662,"TAMPAO / TERMINAL / PLUG, D = 4\" , PARA DUTO CORRUGADO PEAD (CABEAMENTO SUBTERRANEO)","UN",9.49,"SINAPI-I"]
[20964,"TAMPAO COM CORRENTE, EM LATAO, ENGATE RAPIDO 1 1/2\", PARA INSTALACAO PREDIAL DE COMBATE A INCENDIO","UN",27.9,"SINAPI-I"]
[10905,"TAMPAO COM CORRENTE, EM LATAO, ENGATE RAPIDO 2 1/2\", PARA INSTALACAO PREDIAL DE COMBATE A INCENDIO","UN",37.43,"SINAPI-I"]
[42703,"TAMPAO COMPLETO PARA TIL, EM PVC, OCRE, DN 100 MM, PARA REDE COLETORA DE ESGOTO","UN",58.65,"SINAPI-I"]
[42704,"TAMPAO COMPLETO PARA TIL, EM PVC, OCRE, DN 150 MM, PARA REDE COLETORA DE ESGOTO","UN",90.03,"SINAPI-I"]
[42705,"TAMPAO COMPLETO PARA TIL, EM PVC, OCRE, DN 200 MM, PARA REDE COLETORA DE ESGOTO","UN",114.87,"SINAPI-I"]
[42706,"TAMPAO COMPLETO PARA TIL, EM PVC, OCRE, DN 250 MM, PARA REDE COLETORA DE ESGOTO","UN",142.27000000000001,"SINAPI-I"]
[11289,"TAMPAO FOFO ARTICULADO P/ REGISTRO, CLASSE A15 CARGA MAX 1,5 T, *200 X 200* MM","UN",50.35,"SINAPI-I"]
[11241,"TAMPAO FOFO ARTICULADO P/ REGISTRO, CLASSE A15 CARGA MAXIMA 1,5 T, *400 X 400* MM","UN",125.89,"SINAPI-I"]
[11301,"TAMPAO FOFO ARTICULADO, CLASSE B125 CARGA MAX 12,5 T, REDONDO TAMPA 600 MM, REDE PLUVIAL/ESGOTO","UN",319.22000000000003,"SINAPI-I"]
[21090,"TAMPAO FOFO ARTICULADO, CLASSE D400 CARGA MAX 40 T, REDONDO TAMPA *600 MM, REDE PLUVIAL/ESGOTO","UN",391.16,"SINAPI-I"]
[14112,"TAMPAO FOFO SIMPLES COM BASE, CLASSE A15 CARGA MAX 1,5 T, *400 X 600* MM, REDE TELEFONE","UN",163.19999999999999,"SINAPI-I"]
[11315,"TAMPAO FOFO SIMPLES COM BASE, CLASSE A15 CARGA MAX 1,5 T, 300 X 300 MM, REDE PLUVIAL/ESGOTO","UN",76.430000000000007,"SINAPI-I"]
[11292,"TAMPAO FOFO SIMPLES COM BASE, CLASSE A15 CARGA MAX 1,5 T, 300 X 400 MM","UN",178.94,"SINAPI-I"]
[21071,"TAMPAO FOFO SIMPLES COM BASE, CLASSE A15 CARGA MAX 1,5 T, 400 X 400 MM, REDE PLUVIAL/ESGOTO/ELETRICA","UN",116.89,"SINAPI-I"]
[11293,"TAMPAO FOFO SIMPLES COM BASE, CLASSE A15 CARGA MAX 1,5 T, 400 X 500 MM, COM INSCRICAO INCENDIO","UN",197.82,"SINAPI-I"]
[11316,"TAMPAO FOFO SIMPLES COM BASE, CLASSE B125 CARGA MAX 12,5 T, REDONDO TAMPA 500 MM, REDE PLUVIAL/ESGOTO","UN",251.78,"SINAPI-I"]
[6243,"TAMPAO FOFO SIMPLES COM BASE, CLASSE B125 CARGA MAX 12,5 T, REDONDO TAMPA 600 MM, REDE PLUVIAL/ESGOTO","UN",290,"SINAPI-I"]
[21079,"TAMPAO FOFO SIMPLES COM BASE, CLASSE D400 CARGA MAX 40 T, REDONDO TAMPA 500 MM, REDE PLUVIAL/ESGOTO","UN",345.75,"SINAPI-I"]
[6240,"TAMPAO FOFO SIMPLES COM BASE, CLASSE D400 CARGA MAX 40 T, REDONDO TAMPA 600 MM, REDE PLUVIAL/ESGOTO","UN",383.96,"SINAPI-I"]
[11296,"TAMPAO FOFO SIMPLES COM BASE, CLASSE D400 CARGA MAX 40 T, REDONDO TAMPA 900 MM, REDE PLUVIAL/ESGOTO","UN",1223.3900000000001,"SINAPI-I"]
[11299,"TAMPAO FOFO SIMPLES, CLASSE A15 CARGA MAX 1,5 T, *550 X 1100* MM, REDE TELEFONE","UN",414.09,"SINAPI-I"]
[11066,"TAMPAO PARA TELHA ESTRUTURAL DE FIBROCIMENTO 1 ABA, DE 370 X 155 X 76 MM (SEM AMIANTO)","UN",10,"SINAPI-I"]
[11065,"TAMPAO PARA TELHA ESTRUTURAL DE FIBROCIMENTO 2 ABAS, DE 787 X 215 X 60 MM (SEM AMIANTO)","UN",11.46,"SINAPI-I"]
[11688,"TANQUE ACO INOXIDAVEL (ACO 304) COM ESFREGADOR E VALVULA, DE *50 X 40 X 22* CM","UN",406.86,"SINAPI-I"]
[37736,"TANQUE DE ACO CARBONO NAO REVESTIDO, PARA TRANSPORTE DE AGUA COM CAPACIDADE DE 10 M3, COM BOMBA CENTRIFUGA POR TOMADA DE FORCA, VAZAO MAXIMA *75* M3/H (INCLUI MONTAGEM, NAO INCLUI CAMINHAO)","UN",48000,"SINAPI-I"]
[37739,"TANQUE DE ACO PARA TRANSPORTE DE AGUA COM CAPACIDADE DE 14 M3 (INCLUI MONTAGEM, NAO INCLUI CAMINHAO)","UN",59076.92,"SINAPI-I"]
[37740,"TANQUE DE ACO PARA TRANSPORTE DE AGUA COM CAPACIDADE DE 4 M3 (INCLUI MONTAGEM, NAO INCLUI CAMINHAO)","UN",33712.370000000003,"SINAPI-I"]
[37738,"TANQUE DE ACO PARA TRANSPORTE DE AGUA COM CAPACIDADE DE 6 M3 (INCLUI MONTAGEM, NAO INCLUI CAMINHAO)","UN",40053.51,"SINAPI-I"]
[37737,"TANQUE DE ACO PARA TRANSPORTE DE AGUA COM CAPACIDADE DE 8 M3 (INCLUI MONTAGEM, NAO INCLUI CAMINHAO)","UN",31866.22,"SINAPI-I"]
[25014,"TANQUE DE ASFALTO ESTACIONARIO COM MACARICO, CAPACIDADE 20.000 L","UN",66742.47,"SINAPI-I"]
[25013,"TANQUE DE ASFALTO ESTACIONARIO COM SERPENTINA, CAPACIDADE 20.000 L","UN",69953.17,"SINAPI-I"]
[14405,"TANQUE DE ASFALTO ESTACIONARIO COM SERPENTINA, CAPACIDADE 30.000 L","UN",82113.710000000006,"SINAPI-I"]
[6253,"TANQUE DE LAVAR ROUPAS EM CONCRETO PRE-MOLDADO, 1 BOCA, COM APOIO/PES, DE *60 X 65 X 80* CM (L X P X A)","UN",65,"SINAPI-I"]
[36790,"TANQUE DUPLO EM MARMORE SINTETICO COM CUBA LISA E ESFREGADOR, *110 X 60* CM","UN",207.02,"SINAPI-I"]
[20271,"TANQUE LOUCA BRANCA COM COLUNA *30* L","UN",481.81,"SINAPI-I"]
[10423,"TANQUE LOUCA BRANCA SUSPENSO *20* L","UN",298.83,"SINAPI-I"]
[37589,"TANQUE SIMPLES EM MARMORE SINTETICO COM COLUNA, CAPACIDADE *22* L, *60 X 46* CM","UN",253.65,"SINAPI-I"]
[11690,"TANQUE SIMPLES EM MARMORE SINTETICO DE FIXAR NA PAREDE, CAPACIDADE *22* L, *60 X 46* CM","UN",134.75,"SINAPI-I"]
[20234,"TANQUE SIMPLES EM MARMORE SINTETICO SUSPENSO, CAPACIDADE *38* L, *60 X 60* CM","UN",170.52,"SINAPI-I"]
[4763,"TAQUEADOR OU TAQUEIRO","H",27.6,"SINAPI-I"]
[41070,"TAQUEADOR OU TAQUEIRO (MENSALISTA)","MES",4881.54,"SINAPI-I"]
[14583,"TARIFA \"A\" ENTRE  0 E 20M3 FORNECIMENTO D'AGUA","M3",14,"SINAPI-I"]
[11457,"TARJETA TIPO LIVRE / OCUPADO, CROMADA, PARA PORTA DE BANHEIRO","UN",24.21,"SINAPI-I"]
[21121,"TE CPVC, SOLDAVEL, 90 GRAUS, 15 MM, PARA AGUA QUENTE PREDIAL","UN",2.27,"SINAPI-I"]
[38010,"TE CPVC, SOLDAVEL, 90 GRAUS, 22 MM, PARA AGUA QUENTE PREDIAL","UN",3.71,"SINAPI-I"]
[38011,"TE CPVC, SOLDAVEL, 90 GRAUS, 28 MM, PARA AGUA QUENTE PREDIAL","UN",6.84,"SINAPI-I"]
[38012,"TE CPVC, SOLDAVEL, 90 GRAUS, 35 MM, PARA AGUA QUENTE PREDIAL","UN",23.38,"SINAPI-I"]
[38013,"TE CPVC, SOLDAVEL, 90 GRAUS, 42 MM, PARA AGUA QUENTE PREDIAL","UN",30.36,"SINAPI-I"]
[38014,"TE CPVC, SOLDAVEL, 90 GRAUS, 54 MM, PARA AGUA QUENTE PREDIAL","UN",49.4,"SINAPI-I"]
[38015,"TE CPVC, SOLDAVEL, 90 GRAUS, 73 MM, PARA AGUA QUENTE PREDIAL","UN",119.29,"SINAPI-I"]
[38016,"TE CPVC, SOLDAVEL, 90 GRAUS, 89 MM, PARA AGUA QUENTE PREDIAL","UN",145.15,"SINAPI-I"]
[12741,"TE DE COBRE (REF 611) SEM ANEL DE SOLDA, BOLSA X BOLSA X BOLSA, 104 MM","UN",750.89,"SINAPI-I"]
[12733,"TE DE COBRE (REF 611) SEM ANEL DE SOLDA, BOLSA X BOLSA X BOLSA, 15 MM","UN",3.77,"SINAPI-I"]
[12734,"TE DE COBRE (REF 611) SEM ANEL DE SOLDA, BOLSA X BOLSA X BOLSA, 22 MM","UN",8.0500000000000007,"SINAPI-I"]
[12735,"TE DE COBRE (REF 611) SEM ANEL DE SOLDA, BOLSA X BOLSA X BOLSA, 28 MM","UN",13.24,"SINAPI-I"]
[12736,"TE DE COBRE (REF 611) SEM ANEL DE SOLDA, BOLSA X BOLSA X BOLSA, 35 MM","UN",30.28,"SINAPI-I"]
[12737,"TE DE COBRE (REF 611) SEM ANEL DE SOLDA, BOLSA X BOLSA X BOLSA, 42 MM","UN",39.01,"SINAPI-I"]
[12738,"TE DE COBRE (REF 611) SEM ANEL DE SOLDA, BOLSA X BOLSA X BOLSA, 54 MM","UN",77.11,"SINAPI-I"]
[12739,"TE DE COBRE (REF 611) SEM ANEL DE SOLDA, BOLSA X BOLSA X BOLSA, 66 MM","UN",219.5,"SINAPI-I"]
[12740,"TE DE COBRE (REF 611) SEM ANEL DE SOLDA, BOLSA X BOLSA X BOLSA, 79 MM","UN",343.43,"SINAPI-I"]
[6297,"TE DE FERRO GALVANIZADO, DE 1 1/2\"","UN",27.62,"SINAPI-I"]
[6296,"TE DE FERRO GALVANIZADO, DE 1 1/4\"","UN",21.8,"SINAPI-I"]
[6294,"TE DE FERRO GALVANIZADO, DE 1/2\"","UN",6.21,"SINAPI-I"]
[6323,"TE DE FERRO GALVANIZADO, DE 1\"","UN",14.25,"SINAPI-I"]
[6299,"TE DE FERRO GALVANIZADO, DE 2 1/2\"","UN",83.08,"SINAPI-I"]
[6298,"TE DE FERRO GALVANIZADO, DE 2\"","UN",43.75,"SINAPI-I"]
[6295,"TE DE FERRO GALVANIZADO, DE 3/4\"","UN",8.85,"SINAPI-I"]
[6322,"TE DE FERRO GALVANIZADO, DE 3\"","UN",111.28,"SINAPI-I"]
[6300,"TE DE FERRO GALVANIZADO, DE 4\"","UN",205.16,"SINAPI-I"]
[6321,"TE DE FERRO GALVANIZADO, DE 5\"","UN",293.06,"SINAPI-I"]
[6301,"TE DE FERRO GALVANIZADO, DE 6\"","UN",686.91,"SINAPI-I"]
[7105,"TE DE INSPECAO, PVC,  100 X 75 MM, SERIE NORMAL PARA ESGOTO PREDIAL","UN",22.17,"SINAPI-I"]
[20183,"TE DE INSPECAO, PVC, SERIE R, 100 X 75 MM, PARA ESGOTO PREDIAL","UN",29.19,"SINAPI-I"]
[38448,"TE DE INSPECAO, PVC, SERIE R, 150 X 100 MM, PARA ESGOTO PREDIAL","UN",137.16999999999999,"SINAPI-I"]
[20182,"TE DE INSPECAO, PVC, SERIE R, 75 X 75 MM, PARA ESGOTO PREDIAL","UN",16.66,"SINAPI-I"]
[7119,"TE DE REDUCAO COM ROSCA, PVC, 90 GRAUS, 1 X 3/4\", PARA AGUA FRIA PREDIAL","UN",5.9,"SINAPI-I"]
[7120,"TE DE REDUCAO COM ROSCA, PVC, 90 GRAUS, 3/4 X 1/2\", PARA AGUA FRIA PREDIAL","UN",4.05,"SINAPI-I"]
[6319,"TE DE REDUCAO DE FERRO GALVANIZADO, COM ROSCA BSP, DE 1 1/2\" X 1\"","UN",32.450000000000003,"SINAPI-I"]
[6304,"TE DE REDUCAO DE FERRO GALVANIZADO, COM ROSCA BSP, DE 1 1/2\" X 3/4\"","UN",32.450000000000003,"SINAPI-I"]
[21116,"TE DE REDUCAO DE FERRO GALVANIZADO, COM ROSCA BSP, DE 1 1/4\" X 3/4\"","UN",24.57,"SINAPI-I"]
[6320,"TE DE REDUCAO DE FERRO GALVANIZADO, COM ROSCA BSP, DE 1\" X 1/2\"","UN",16.71,"SINAPI-I"]
[6303,"TE DE REDUCAO DE FERRO GALVANIZADO, COM ROSCA BSP, DE 1\" X 3/4\"","UN",16.71,"SINAPI-I"]
[6308,"TE DE REDUCAO DE FERRO GALVANIZADO, COM ROSCA BSP, DE 2 1/2\" X 1 1/2\"","UN",89.8,"SINAPI-I"]
[6317,"TE DE REDUCAO DE FERRO GALVANIZADO, COM ROSCA BSP, DE 2 1/2\" X 1 1/4\"","UN",89.8,"SINAPI-I"]
[6307,"TE DE REDUCAO DE FERRO GALVANIZADO, COM ROSCA BSP, DE 2 1/2\" X 1\"","UN",89.8,"SINAPI-I"]
[6309,"TE DE REDUCAO DE FERRO GALVANIZADO, COM ROSCA BSP, DE 2 1/2\" X 2\"","UN",92.41,"SINAPI-I"]
[6318,"TE DE REDUCAO DE FERRO GALVANIZADO, COM ROSCA BSP, DE 2\" X 1 1/2\"","UN",48.44,"SINAPI-I"]
[6306,"TE DE REDUCAO DE FERRO GALVANIZADO, COM ROSCA BSP, DE 2\" X 1 1/4\"","UN",48.44,"SINAPI-I"]
[6305,"TE DE REDUCAO DE FERRO GALVANIZADO, COM ROSCA BSP, DE 2\" X 1\"","UN",48.44,"SINAPI-I"]
[6302,"TE DE REDUCAO DE FERRO GALVANIZADO, COM ROSCA BSP, DE 3/4\" X 1/2\"","UN",10.27,"SINAPI-I"]
[6312,"TE DE REDUCAO DE FERRO GALVANIZADO, COM ROSCA BSP, DE 3\" X 1 1/2\"","UN",129.16999999999999,"SINAPI-I"]
[6311,"TE DE REDUCAO DE FERRO GALVANIZADO, COM ROSCA BSP, DE 3\" X 1 1/4\"","UN",129.16999999999999,"SINAPI-I"]
[6310,"TE DE REDUCAO DE FERRO GALVANIZADO, COM ROSCA BSP, DE 3\" X 1\"","UN",129.16999999999999,"SINAPI-I"]
[6314,"TE DE REDUCAO DE FERRO GALVANIZADO, COM ROSCA BSP, DE 3\" X 2 1/2\"","UN",129.16999999999999,"SINAPI-I"]
[6313,"TE DE REDUCAO DE FERRO GALVANIZADO, COM ROSCA BSP, DE 3\" X 2\"","UN",129.16999999999999,"SINAPI-I"]
[6315,"TE DE REDUCAO DE FERRO GALVANIZADO, COM ROSCA BSP, DE 4\" X 2\"","UN",244.58,"SINAPI-I"]
[6316,"TE DE REDUCAO DE FERRO GALVANIZADO, COM ROSCA BSP, DE 4\" X 3\"","UN",244.58,"SINAPI-I"]
[38878,"TE DE REDUCAO METALICO, PARA CONEXAO COM ANEL DESLIZANTE EM TUBO PEX, DN 16 X 20 X 16 MM","UN",12.79,"SINAPI-I"]
[38879,"TE DE REDUCAO METALICO, PARA CONEXAO COM ANEL DESLIZANTE EM TUBO PEX, DN 16 X 25 X 16 MM","UN",23.98,"SINAPI-I"]
[38881,"TE DE REDUCAO METALICO, PARA CONEXAO COM ANEL DESLIZANTE EM TUBO PEX, DN 20 X 16 X 16 MM","UN",12.55,"SINAPI-I"]
[38880,"TE DE REDUCAO METALICO, PARA CONEXAO COM ANEL DESLIZANTE EM TUBO PEX, DN 20 X 16 X 20 MM","UN",13.15,"SINAPI-I"]
[38882,"TE DE REDUCAO METALICO, PARA CONEXAO COM ANEL DESLIZANTE EM TUBO PEX, DN 20 X 20 X 16 MM","UN",13.62,"SINAPI-I"]
[38883,"TE DE REDUCAO METALICO, PARA CONEXAO COM ANEL DESLIZANTE EM TUBO PEX, DN 20 X 25 X 20 MM","UN",20.14,"SINAPI-I"]
[38884,"TE DE REDUCAO METALICO, PARA CONEXAO COM ANEL DESLIZANTE EM TUBO PEX, DN 25 X 16 X 16 MM","UN",21.86,"SINAPI-I"]
[38885,"TE DE REDUCAO METALICO, PARA CONEXAO COM ANEL DESLIZANTE EM TUBO PEX, DN 25 X 16 X 20 MM","UN",21.15,"SINAPI-I"]
[38886,"TE DE REDUCAO METALICO, PARA CONEXAO COM ANEL DESLIZANTE EM TUBO PEX, DN 25 X 16 X 25 MM","UN",22.83,"SINAPI-I"]
[38887,"TE DE REDUCAO METALICO, PARA CONEXAO COM ANEL DESLIZANTE EM TUBO PEX, DN 25 X 20 X 20 MM","UN",20.5,"SINAPI-I"]
[38888,"TE DE REDUCAO METALICO, PARA CONEXAO COM ANEL DESLIZANTE EM TUBO PEX, DN 25 X 20 X 25 MM","UN",24.37,"SINAPI-I"]
[38890,"TE DE REDUCAO METALICO, PARA CONEXAO COM ANEL DESLIZANTE EM TUBO PEX, DN 25 X 32 X 25 MM","UN",36.229999999999997,"SINAPI-I"]
[38893,"TE DE REDUCAO METALICO, PARA CONEXAO COM ANEL DESLIZANTE EM TUBO PEX, DN 32 X 20 X 32 MM","UN",29.14,"SINAPI-I"]
[38894,"TE DE REDUCAO METALICO, PARA CONEXAO COM ANEL DESLIZANTE EM TUBO PEX, DN 32 X 25 X 25 MM","UN",37,"SINAPI-I"]
[38896,"TE DE REDUCAO METALICO, PARA CONEXAO COM ANEL DESLIZANTE EM TUBO PEX, DN 32 X 25 X 32 MM","UN",37.729999999999997,"SINAPI-I"]
[39324,"TE DE REDUCAO, CPVC, 22 X 15 MM, PARA AGUA QUENTE PREDIAL","UN",5.0199999999999996,"SINAPI-I"]
[39325,"TE DE REDUCAO, CPVC, 28 X 22 MM, PARA AGUA QUENTE PREDIAL","UN",7.61,"SINAPI-I"]
[39326,"TE DE REDUCAO, CPVC, 35 X 28 MM, PARA AGUA QUENTE PREDIAL","UN",19.59,"SINAPI-I"]
[39327,"TE DE REDUCAO, CPVC, 42 X 35 MM, PARA AGUA QUENTE PREDIAL","UN",29.68,"SINAPI-I"]
[20176,"TE DE REDUCAO, PVC LEVE, CURTO, 90 GRAUS, COM BOLSA PARA ANEL, 150 X 100 MM, PARA ESGOTO","UN",25.16,"SINAPI-I"]
[11378,"TE DE REDUCAO, PVC PBA, BBB, JE, DN 100 X 50 / DE 110 X 60 MM, PARA REDE AGUA (NBR 10351)","UN",56.05,"SINAPI-I"]
[11379,"TE DE REDUCAO, PVC PBA, BBB, JE, DN 100 X 75 / DE 110 X 85 MM, PARA REDE AGUA (NBR 10351)","UN",47.36,"SINAPI-I"]
[11493,"TE DE REDUCAO, PVC PBA, BBB, JE, DN 75 X 50 / DE 85 X 60 MM, PARA REDE AGUA (NBR 10351)","UN",27.32,"SINAPI-I"]
[42717,"TE DE REDUCAO, PVC, BBB, JE, 90 GRAUS, DN 200 X 150 MM, PARA TUBO CORRUGADO E/OU LISO, REDE COLETORA ESGOTO (NBR 10569)","UN",349.03,"SINAPI-I"]
[42718,"TE DE REDUCAO, PVC, BBB, JE, 90 GRAUS, DN 250 X 150 MM, PARA TUBO CORRUGADO E/OU LISO, REDE COLETORA ESGOTO (NBR 10569)","UN",387.49,"SINAPI-I"]
[7106,"TE DE REDUCAO, PVC, SOLDAVEL, 90 GRAUS, 110 MM X 60 MM, PARA AGUA FRIA PREDIAL","UN",96.05,"SINAPI-I"]
[7104,"TE DE REDUCAO, PVC, SOLDAVEL, 90 GRAUS, 25 MM X 20 MM, PARA AGUA FRIA PREDIAL","UN",2,"SINAPI-I"]
[7136,"TE DE REDUCAO, PVC, SOLDAVEL, 90 GRAUS, 32 MM X 25 MM, PARA AGUA FRIA PREDIAL","UN",3.76,"SINAPI-I"]
[7128,"TE DE REDUCAO, PVC, SOLDAVEL, 90 GRAUS, 40 MM X 32 MM, PARA AGUA FRIA PREDIAL","UN",6.17,"SINAPI-I"]
[7108,"TE DE REDUCAO, PVC, SOLDAVEL, 90 GRAUS, 50 MM X 20 MM, PARA AGUA FRIA PREDIAL","UN",6.6,"SINAPI-I"]
[7129,"TE DE REDUCAO, PVC, SOLDAVEL, 90 GRAUS, 50 MM X 25 MM, PARA AGUA FRIA PREDIAL","UN",5.48,"SINAPI-I"]
[7130,"TE DE REDUCAO, PVC, SOLDAVEL, 90 GRAUS, 50 MM X 32 MM, PARA AGUA FRIA PREDIAL","UN",8.9499999999999993,"SINAPI-I"]
[7131,"TE DE REDUCAO, PVC, SOLDAVEL, 90 GRAUS, 50 MM X 40 MM, PARA AGUA FRIA PREDIAL","UN",10.97,"SINAPI-I"]
[7132,"TE DE REDUCAO, PVC, SOLDAVEL, 90 GRAUS, 75 MM X 50 MM, PARA AGUA FRIA PREDIAL","UN",30.48,"SINAPI-I"]
[7133,"TE DE REDUCAO, PVC, SOLDAVEL, 90 GRAUS, 85 MM X 60 MM, PARA AGUA FRIA PREDIAL","UN",47.34,"SINAPI-I"]
[37420,"TE DE SERVICO INTEGRADO, EM POLIPROPILENO (PP), PARA TUBOS EM PEAD/PVC, 60 X 20 MM - LIGACAO PREDIAL DE AGUA","UN",28.81,"SINAPI-I"]
[37421,"TE DE SERVICO INTEGRADO, EM POLIPROPILENO (PP), PARA TUBOS EM PEAD/PVC, 60 X 32 MM - LIGACAO PREDIAL DE AGUA","UN",39.369999999999997,"SINAPI-I"]
[37422,"TE DE SERVICO INTEGRADO, EM POLIPROPILENO (PP), PARA TUBOS EM PEAD, 63 X 20 MM - LIGACAO PREDIAL DE AGUA","UN",36.85,"SINAPI-I"]
[37443,"TE DE SERVICO, PEAD PE 100, DE 125 X 20 MM, PARA ELETROFUSAO","UN",118.52,"SINAPI-I"]
[37444,"TE DE SERVICO, PEAD PE 100, DE 125 X 32 MM, PARA ELETROFUSAO","UN",120.53,"SINAPI-I"]
[37445,"TE DE SERVICO, PEAD PE 100, DE 125 X 63 MM, PARA ELETROFUSAO","UN",182.7,"SINAPI-I"]
[37446,"TE DE SERVICO, PEAD PE 100, DE 200 X 20 MM, PARA ELETROFUSAO","UN",199.17,"SINAPI-I"]
[37447,"TE DE SERVICO, PEAD PE 100, DE 200 X 32 MM, PARA ELETROFUSAO","UN",202.29,"SINAPI-I"]
[37448,"TE DE SERVICO, PEAD PE 100, DE 200 X 63 MM, PARA ELETROFUSAO","UN",277.47000000000003,"SINAPI-I"]
[37440,"TE DE SERVICO, PEAD PE 100, DE 63 X 20 MM, PARA ELETROFUSAO","UN",94.07,"SINAPI-I"]
[37441,"TE DE SERVICO, PEAD PE 100, DE 63 X 32 MM, PARA ELETROFUSAO","UN",94.07,"SINAPI-I"]
[37442,"TE DE SERVICO, PEAD PE 100, DE 63 X 63 MM, PARA ELETROFUSAO","UN",113.31,"SINAPI-I"]
[38017,"TE DE TRANSICAO, CPVC, SOLDAVEL, 15 MM X 1/2\", PARA AGUA QUENTE","UN",7.15,"SINAPI-I"]
[38018,"TE DE TRANSICAO, CPVC, SOLDAVEL, 22 MM X 1/2\", PARA AGUA QUENTE","UN",7.89,"SINAPI-I"]
[39895,"TE DUPLA CURVA BRONZE/LATAO (REF 764) SEM ANEL DE SOLDA, ROSCA F X BOLSA X ROSCA F, 1/2\" X 15 X 1/2\"","UN",27.27,"SINAPI-I"]
[39896,"TE DUPLA CURVA BRONZE/LATAO (REF 764) SEM ANEL DE SOLDA, ROSCA F X BOLSA X ROSCA F, 3/4\" X 22 X 3/4\"","UN",39.979999999999997,"SINAPI-I"]
[38873,"TE METALICO, PARA CONEXAO COM ANEL DESLIZANTE EM TUBO PEX, DN 16 MM","UN",11.35,"SINAPI-I"]
[38874,"TE METALICO, PARA CONEXAO COM ANEL DESLIZANTE EM TUBO PEX, DN 20 MM","UN",13.8,"SINAPI-I"]
[38875,"TE METALICO, PARA CONEXAO COM ANEL DESLIZANTE EM TUBO PEX, DN 25 MM","UN",24.39,"SINAPI-I"]
[38876,"TE METALICO, PARA CONEXAO COM ANEL DESLIZANTE EM TUBO PEX, DN 32 MM","UN",32.81,"SINAPI-I"]
[39000,"TE MISTURADOR COM INSERTO METALICO, FEMEA, PPR, DN 25 MM X 3/4\", PARA AGUA QUENTE E FRIA PREDIAL","UN",21.5,"SINAPI-I"]
[38674,"TE MISTURADOR DE TRANSICAO, CPVC, COM ROSCA, 22 MM X 3/4\", PARA AGUA QUENTE","UN",24.86,"SINAPI-I"]
[38911,"TE MISTURADOR METALICO, PARA CONEXAO COM ANEL DESLIZANTE EM TUBO PEX, DN 16 MM X 1/2\"","UN",40.69,"SINAPI-I"]
[38912,"TE MISTURADOR METALICO, PARA CONEXAO COM ANEL DESLIZANTE EM TUBO PEX, DN 20 MM X 3/4\"","UN",51.71,"SINAPI-I"]
[38019,"TE MISTURADOR, CPVC, SOLDAVEL, 15 MM, PARA AGUA QUENTE","UN",6.23,"SINAPI-I"]
[38020,"TE MISTURADOR, CPVC, SOLDAVEL, 22 MM, PARA AGUA QUENTE","UN",7.89,"SINAPI-I"]
[38454,"TE MISTURADOR, PPR, F M M, DN 20 X 20 MM, PARA AGUA QUENTE PREDIAL","UN",3.92,"SINAPI-I"]
[38455,"TE MISTURADOR, PPR, F M M, DN 25 X 25 MM, PARA AGUA QUENTE PREDIAL","UN",3.59,"SINAPI-I"]
[38462,"TE NORMAL, PPR, SOLDAVEL, 90 GRAUS, DN 110 X 110 X 110 MM, PARA AGUA QUENTE PREDIAL","UN",101.41,"SINAPI-I"]
[36362,"TE NORMAL, PPR, SOLDAVEL, 90 GRAUS, DN 20 X 20 X 20 MM, PARA AGUA QUENTE PREDIAL","UN",1.54,"SINAPI-I"]
[36298,"TE NORMAL, PPR, SOLDAVEL, 90 GRAUS, DN 25 X 25 X 25 MM, PARA AGUA QUENTE PREDIAL","UN",2.29,"SINAPI-I"]
[38456,"TE NORMAL, PPR, SOLDAVEL, 90 GRAUS, DN 32 X 32 X 32 MM, PARA AGUA QUENTE PREDIAL","UN",3.73,"SINAPI-I"]
[38457,"TE NORMAL, PPR, SOLDAVEL, 90 GRAUS, DN 40 X 40 X 40 MM, PARA AGUA QUENTE PREDIAL","UN",8.41,"SINAPI-I"]
[38458,"TE NORMAL, PPR, SOLDAVEL, 90 GRAUS, DN 50 X 50 X 50 MM, PARA AGUA QUENTE PREDIAL","UN",11.27,"SINAPI-I"]
[38459,"TE NORMAL, PPR, SOLDAVEL, 90 GRAUS, DN 63 X 63 X 63 MM, PARA AGUA QUENTE PREDIAL","UN",19.89,"SINAPI-I"]
[38460,"TE NORMAL, PPR, SOLDAVEL, 90 GRAUS, DN 75 X 75 X 75 MM, PARA AGUA QUENTE PREDIAL","UN",41.54,"SINAPI-I"]
[38461,"TE NORMAL, PPR, SOLDAVEL, 90 GRAUS, DN 90 X 90 X 90 MM, PARA AGUA QUENTE PREDIAL","UN",63.37,"SINAPI-I"]
[7094,"TE PVC ROSCAVEL 90 GRAUS, 1\", PARA  AGUA FRIA PREDIAL","UN",6.92,"SINAPI-I"]
[7116,"TE PVC SOLDAVEL, BBB, 90 GRAUS, DN 40 MM, PARA ESGOTO SECUNDARIO PREDIAL","UN",1.88,"SINAPI-I"]
[7118,"TE PVC, ROSCAVEL, 90 GRAUS, 1 1/2\", AGUA FRIA PREDIAL","UN",15.27,"SINAPI-I"]
[7117,"TE PVC, ROSCAVEL, 90 GRAUS, 1 1/4\", AGUA FRIA PREDIAL","UN",13.58,"SINAPI-I"]
[7098,"TE PVC, ROSCAVEL, 90 GRAUS, 1/2\",  AGUA FRIA PREDIAL","UN",1.89,"SINAPI-I"]
[7110,"TE PVC, ROSCAVEL, 90 GRAUS, 2\",  AGUA FRIA PREDIAL","UN",33.21,"SINAPI-I"]
[7123,"TE PVC, ROSCAVEL, 90 GRAUS, 3/4\", AGUA FRIA PREDIAL","UN",2.4300000000000002,"SINAPI-I"]
[7121,"TE PVC, SOLDAVEL, COM BUCHA DE LATAO NA BOLSA CENTRAL, 90 GRAUS, 20 MM X 1/2\", PARA AGUA FRIA PREDIAL","UN",6,"SINAPI-I"]
[7137,"TE PVC, SOLDAVEL, COM BUCHA DE LATAO NA BOLSA CENTRAL, 90 GRAUS, 25 MM X 1/2\", PARA AGUA FRIA PREDIAL","UN",5.4,"SINAPI-I"]
[7122,"TE PVC, SOLDAVEL, COM BUCHA DE LATAO NA BOLSA CENTRAL, 90 GRAUS, 25 MM X 3/4\", PARA AGUA FRIA PREDIAL","UN",6.75,"SINAPI-I"]
[7114,"TE PVC, SOLDAVEL, COM BUCHA DE LATAO NA BOLSA CENTRAL, 90 GRAUS, 32 MM X 3/4\", PARA AGUA FRIA PREDIAL","UN",10.41,"SINAPI-I"]
[7109,"TE PVC, SOLDAVEL, COM ROSCA NA BOLSA CENTRAL, 90 GRAUS, 20 MM X 1/2\", PARA AGUA FRIA PREDIAL","UN",1.82,"SINAPI-I"]
[7135,"TE PVC, SOLDAVEL, COM ROSCA NA BOLSA CENTRAL, 90 GRAUS, 25 MM X 1/2\", PARA AGUA FRIA PREDIAL","UN",2.84,"SINAPI-I"]
[37947,"TE PVC, SOLDAVEL, COM ROSCA NA BOLSA CENTRAL, 90 GRAUS, 25 MM X 3/4\", PARA AGUA FRIA PREDIAL","UN",2.88,"SINAPI-I"]
[7103,"TE PVC, SOLDAVEL, COM ROSCA NA BOLSA CENTRAL, 90 GRAUS, 32 MM X 3/4\", PARA AGUA FRIA PREDIAL","UN",6.6,"SINAPI-I"]
[40419,"TE RANHURADO EM FERRO FUNDIDO, DN 50 (2\")","UN",21.15,"SINAPI-I"]
[40420,"TE RANHURADO EM FERRO FUNDIDO, DN 65 (2 1/2\")","UN",30.86,"SINAPI-I"]
[40421,"TE RANHURADO EM FERRO FUNDIDO, DN 80 (3\")","UN",32.85,"SINAPI-I"]
[7126,"TE REDUCAO PVC, ROSCAVEL, 90 GRAUS,  1.1/2\" X 3/4\",  AGUA FRIA PREDIAL","UN",13.85,"SINAPI-I"]
[38905,"TE ROSCA FEMEA, METALICO, PARA CONEXAO COM ANEL DESLIZANTE EM TUBO PEX, DN 16 MM X 1/2\"","UN",12.75,"SINAPI-I"]
[38907,"TE ROSCA FEMEA, METALICO, PARA CONEXAO COM ANEL DESLIZANTE EM TUBO PEX, DN 20 MM X 1/2\"","UN",13.56,"SINAPI-I"]
[38908,"TE ROSCA FEMEA, METALICO, PARA CONEXAO COM ANEL DESLIZANTE EM TUBO PEX, DN 20 MM X 3/4\"","UN",15.26,"SINAPI-I"]
[38909,"TE ROSCA FEMEA, METALICO, PARA CONEXAO COM ANEL DESLIZANTE EM TUBO PEX, DN 25 MM X 1/2\"","UN",21.95,"SINAPI-I"]
[38910,"TE ROSCA FEMEA, METALICO, PARA CONEXAO COM ANEL DESLIZANTE EM TUBO PEX, DN 25 MM X 3/4\"","UN",23.7,"SINAPI-I"]
[38897,"TE ROSCA MACHO, METALICO, PARA CONEXAO COM ANEL DESLIZANTE EM TUBO PEX, DN 16 MM X 1/2\"","UN",12.8,"SINAPI-I"]
[38899,"TE ROSCA MACHO, METALICO, PARA CONEXAO COM ANEL DESLIZANTE EM TUBO PEX, DN 20 MM X 1/2\"","UN",14.4,"SINAPI-I"]
[38900,"TE ROSCA MACHO, METALICO, PARA CONEXAO COM ANEL DESLIZANTE EM TUBO PEX, DN 20 MM X 3/4\"","UN",15.01,"SINAPI-I"]
[38901,"TE ROSCA MACHO, METALICO, PARA CONEXAO COM ANEL DESLIZANTE EM TUBO PEX, DN 25 MM X 3/4\"","UN",24.56,"SINAPI-I"]
[38904,"TE ROSCA MACHO, METALICO, PARA CONEXAO COM ANEL DESLIZANTE EM TUBO PEX, DN 32 MM X 1\"","UN",39.9,"SINAPI-I"]
[38903,"TE ROSCA MACHO, METALICO, PARA CONEXAO COM ANEL DESLIZANTE EM TUBO PEX, DN 32 MM X 3/4\"","UN",39.65,"SINAPI-I"]
[7091,"TE SANITARIO, PVC, DN 100 X 100 MM, SERIE NORMAL, PARA ESGOTO PREDIAL","UN",8.85,"SINAPI-I"]
[11655,"TE SANITARIO, PVC, DN 100 X 50 MM, SERIE NORMAL, PARA ESGOTO PREDIAL","UN",8.4600000000000009,"SINAPI-I"]
[11656,"TE SANITARIO, PVC, DN 100 X 75 MM, SERIE NORMAL PARA ESGOTO PREDIAL","UN",8.84,"SINAPI-I"]
[37948,"TE SANITARIO, PVC, DN 40 X 40 MM, SERIE NORMAL, PARA ESGOTO PREDIAL","UN",1.79,"SINAPI-I"]
[7097,"TE SANITARIO, PVC, DN 50 X 50 MM, SERIE NORMAL, PARA ESGOTO PREDIAL","UN",3.93,"SINAPI-I"]
[11657,"TE SANITARIO, PVC, DN 75 X 50 MM, SERIE NORMAL PARA ESGOTO PREDIAL","UN",7.71,"SINAPI-I"]
[11658,"TE SANITARIO, PVC, DN 75 X 75 MM, SERIE NORMAL PARA ESGOTO PREDIAL","UN",7.85,"SINAPI-I"]
[7146,"TE SOLDAVEL, PVC, 90 GRAUS, 110 MM, PARA AGUA FRIA PREDIAL (NBR 5648)","UN",102.85,"SINAPI-I"]
[7138,"TE SOLDAVEL, PVC, 90 GRAUS, 20 MM, PARA AGUA FRIA PREDIAL (NBR 5648)","UN",0.57999999999999996,"SINAPI-I"]
[7139,"TE SOLDAVEL, PVC, 90 GRAUS, 25 MM, PARA AGUA FRIA PREDIAL (NBR 5648)","UN",0.76,"SINAPI-I"]
[7140,"TE SOLDAVEL, PVC, 90 GRAUS, 32 MM, PARA AGUA FRIA PREDIAL (NBR 5648)","UN",2.5299999999999998,"SINAPI-I"]
[7141,"TE SOLDAVEL, PVC, 90 GRAUS, 40 MM, PARA AGUA FRIA PREDIAL (NBR 5648)","UN",5.55,"SINAPI-I"]
[7143,"TE SOLDAVEL, PVC, 90 GRAUS, 60 MM, PARA AGUA FRIA PREDIAL (NBR 5648)","UN",18.48,"SINAPI-I"]
[7144,"TE SOLDAVEL, PVC, 90 GRAUS, 75 MM, PARA AGUA FRIA PREDIAL (NBR 5648)","UN",36.979999999999997,"SINAPI-I"]
[7145,"TE SOLDAVEL, PVC, 90 GRAUS, 85 MM, PARA AGUA FRIA PREDIAL (NBR 5648)","UN",60.65,"SINAPI-I"]
[7142,"TE SOLDAVEL, PVC, 90 GRAUS,50 MM, PARA AGUA FRIA PREDIAL (NBR 5648)","UN",6.2,"SINAPI-I"]
[3593,"TE 45 GRAUS DE FERRO GALVANIZADO, COM ROSCA BSP, DE 1 1/2\"","UN",59.95,"SINAPI-I"]
[3588,"TE 45 GRAUS DE FERRO GALVANIZADO, COM ROSCA BSP, DE 1 1/4\"","UN",46.21,"SINAPI-I"]
[3585,"TE 45 GRAUS DE FERRO GALVANIZADO, COM ROSCA BSP, DE 1/2\"","UN",14.27,"SINAPI-I"]
[3587,"TE 45 GRAUS DE FERRO GALVANIZADO, COM ROSCA BSP, DE 1\"","UN",28.67,"SINAPI-I"]
[3590,"TE 45 GRAUS DE FERRO GALVANIZADO, COM ROSCA BSP, DE 2 1/2\"","UN",170.23,"SINAPI-I"]
[3589,"TE 45 GRAUS DE FERRO GALVANIZADO, COM ROSCA BSP, DE 2\"","UN",91.37,"SINAPI-I"]
[3586,"TE 45 GRAUS DE FERRO GALVANIZADO, COM ROSCA BSP, DE 3/4\"","UN",18.690000000000001,"SINAPI-I"]
[3592,"TE 45 GRAUS DE FERRO GALVANIZADO, COM ROSCA BSP, DE 3\"","UN",269.08999999999997,"SINAPI-I"]
[3591,"TE 45 GRAUS DE FERRO GALVANIZADO, COM ROSCA BSP, DE 4\"","UN",431.36,"SINAPI-I"]
[40396,"TE 90 GRAUS EM ACO CARBONO, SOLDAVEL, PRESSAO 3.000 LBS, DN 1 1/2\"","UN",62.59,"SINAPI-I"]
[40395,"TE 90 GRAUS EM ACO CARBONO, SOLDAVEL, PRESSAO 3.000 LBS, DN 1 1/4\"","UN",48.03,"SINAPI-I"]
[40392,"TE 90 GRAUS EM ACO CARBONO, SOLDAVEL, PRESSAO 3.000 LBS, DN 1/2\"","UN",15.45,"SINAPI-I"]
[40394,"TE 90 GRAUS EM ACO CARBONO, SOLDAVEL, PRESSAO 3.000 LBS, DN 1\"","UN",31.27,"SINAPI-I"]
[40398,"TE 90 GRAUS EM ACO CARBONO, SOLDAVEL, PRESSAO 3.000 LBS, DN 2 1/2\"","UN",200.8,"SINAPI-I"]
[40397,"TE 90 GRAUS EM ACO CARBONO, SOLDAVEL, PRESSAO 3.000 LBS, DN 2\"","UN",102.83,"SINAPI-I"]
[40393,"TE 90 GRAUS EM ACO CARBONO, SOLDAVEL, PRESSAO 3.000 LBS, DN 3/4\"","UN",19.899999999999999,"SINAPI-I"]
[40399,"TE 90 GRAUS EM ACO CARBONO, SOLDAVEL, PRESSAO 3.000 LBS, DN 3\"","UN",328.51,"SINAPI-I"]
[39322,"TE, PLASTICO, DN 16 MM, PARA CONEXAO COM CRIMPAGEM EM TUBO PEX","UN",15.47,"SINAPI-I"]
[39289,"TE, PLASTICO, DN 20 MM, PARA CONEXAO COM CRIMPAGEM EM TUBO PEX","UN",18.53,"SINAPI-I"]
[39290,"TE, PLASTICO, DN 25 MM, PARA CONEXAO COM CRIMPAGEM EM TUBO PEX","UN",31.45,"SINAPI-I"]
[39291,"TE, PLASTICO, DN 32 MM, PARA CONEXAO COM CRIMPAGEM EM TUBO PEX","UN",47.09,"SINAPI-I"]
[20174,"TE, PVC LEVE, CURTO, 90 GRAUS, 150 MM, PARA ESGOTO","UN",21.57,"SINAPI-I"]
[41892,"TE, PVC PBA, BBB, 90 GRAUS, DN 100 / DE 110 MM, PARA REDE  AGUA (NBR 10351)","UN",70.540000000000006,"SINAPI-I"]
[7048,"TE, PVC PBA, BBB, 90 GRAUS, DN 50 / DE 60 MM, PARA REDE AGUA (NBR 10351)","UN",15.22,"SINAPI-I"]
[7088,"TE, PVC PBA, BBB, 90 GRAUS, DN 75 / DE 85 MM, PARA REDE AGUA (NBR 10351)","UN",33.29,"SINAPI-I"]
[20179,"TE, PVC, SERIE R, 100 X 100 MM, PARA ESGOTO PREDIAL","UN",29.05,"SINAPI-I"]
[20178,"TE, PVC, SERIE R, 100 X 75 MM, PARA ESGOTO PREDIAL","UN",25.67,"SINAPI-I"]
[20180,"TE, PVC, SERIE R, 150 X 100 MM, PARA ESGOTO PREDIAL","UN",47.17,"SINAPI-I"]
[20181,"TE, PVC, SERIE R, 150 X 150 MM, PARA ESGOTO PREDIAL","UN",69.98,"SINAPI-I"]
[20177,"TE, PVC, SERIE R, 75 X 75 MM, PARA ESGOTO PREDIAL","UN",16.82,"SINAPI-I"]
[7082,"TE, PVC, 90 GRAUS, BBB, JE, DN 100 MM, PARA REDE COLETORA ESGOTO (NBR 10569)","UN",37.6,"SINAPI-I"]
[42707,"TE, PVC, 90 GRAUS, BBB, JE, DN 100 MM, PARA TUBO CORRUGADO E/OU LISO, REDE COLETORA ESGOTO (NBR 10569","UN",102.1,"SINAPI-I"]
[7069,"TE, PVC, 90 GRAUS, BBB, JE, DN 150 MM, PARA REDE COLETORA ESGOTO (NBR 10569)","UN",83.44,"SINAPI-I"]
[42708,"TE, PVC, 90 GRAUS, BBB, JE, DN 150 MM, PARA TUBO CORRUGADO E/OU LISO, REDE COLETORA ESGOTO (NBR 10569)","UN",268,"SINAPI-I"]
[7070,"TE, PVC, 90 GRAUS, BBB, JE, DN 200 MM, PARA REDE COLETORA ESGOTO (NBR 10569)","UN",119.49,"SINAPI-I"]
[42709,"TE, PVC, 90 GRAUS, BBB, JE, DN 200 MM, PARA TUBO CORRUGADO E/OU LISO, REDE COLETORA ESGOTO (NBR 10569)","UN",400.81,"SINAPI-I"]
[42710,"TE, PVC, 90 GRAUS, BBB, JE, DN 250 MM, PARA TUBO CORRUGADO E/OU LISO, REDE COLETORA ESGOTO (NBR 10569)","UN",1152.1300000000001,"SINAPI-I"]
[42716,"TE, PVC, 90 GRAUS, BBB, JE, DN 300 MM, PARA TUBO CORRUGADO E/OU LISO, REDE COLETORA ESGOTO (NBR 10569)","UN",1434.02,"SINAPI-I"]
[20172,"TE, PVC, 90 GRAUS, BBP, JE, DN 100 MM, PARA REDE COLETORA ESGOTO (NBR 10569)","UN",27.57,"SINAPI-I"]
[40945,"TECNICO DE EDIFICACOES","H",24.39,"SINAPI-I"]
[40946,"TECNICO DE EDIFICACOES (MENSALISTA)","MES",3433.47,"SINAPI-I"]
[7153,"TECNICO EM LABORATORIO E CAMPO DE CONSTRUCAO CIVIL","H",25.36,"SINAPI-I"]
[41089,"TECNICO EM LABORATORIO E CAMPO DE CONSTRUCAO CIVIL (MENSALISTA)","MES",4482.21,"SINAPI-I"]
[40943,"TECNICO EM SEGURANCA DO TRABALHO","H",28.57,"SINAPI-I"]
[40944,"TECNICO EM SEGURANCA DO TRABALHO (MENSALISTA)","MES",5049.6099999999997,"SINAPI-I"]
[6175,"TECNICO EM SONDAGEM","H",27.73,"SINAPI-I"]
[41092,"TECNICO EM SONDAGEM (MENSALISTA)","MES",4903.13,"SINAPI-I"]
[37712,"TELA ARAME GALVANIZADO REVESTIDO COM POLIMERO, MALHA HEXAGONAL DUPLA TORCAO, 8 X 10 CM (ZN/AL REVESTIDO COM POLIMERO), FIO *2,4* MM","M2",61.49,"SINAPI-I"]
[34547,"TELA DE ACO SOLDADA GALVANIZADA/ZINCADA PARA ALVENARIA, FIO  D = *1,20 A 1,70* MM, MALHA 15 X 15 MM, (C X L) *50 X 12* CM","M",2.4300000000000002,"SINAPI-I"]
[34548,"TELA DE ACO SOLDADA GALVANIZADA/ZINCADA PARA ALVENARIA, FIO  D = *1,20 A 1,70* MM, MALHA 15 X 15 MM, (C X L) *50 X 17,5* CM","M",2.37,"SINAPI-I"]
[37411,"TELA DE ACO SOLDADA GALVANIZADA/ZINCADA PARA ALVENARIA, FIO  D = *1,24 MM, MALHA 25 X 25 MM","M2",11.9,"SINAPI-I"]
[34558,"TELA DE ACO SOLDADA GALVANIZADA/ZINCADA PARA ALVENARIA, FIO D = *1,20 A 1,70* MM, MALHA 15 X 15 MM, (C X L) *50 X 10,5* CM","M",1.59,"SINAPI-I"]
[34550,"TELA DE ACO SOLDADA GALVANIZADA/ZINCADA PARA ALVENARIA, FIO D = *1,20 A 1,70* MM, MALHA 15 X 15 MM, (C X L) *50 X 6* CM","M",0.84,"SINAPI-I"]
[34557,"TELA DE ACO SOLDADA GALVANIZADA/ZINCADA PARA ALVENARIA, FIO D = *1,20 A 1,70* MM, MALHA 15 X 15 MM, (C X L) *50 X 7,5* CM","M",1.49,"SINAPI-I"]
[7155,"TELA DE ACO SOLDADA NERVURADA CA-60, Q-138, (2,20 KG/M2), DIAMETRO DO FIO = 4,2 MM, LARGURA =  2,45 X 120 M DE COMPRIMENTO, ESPACAMENTO DA MALHA = 10  X 10 CM","M2",13.72,"SINAPI-I"]
[7154,"TELA DE ACO SOLDADA NERVURADA CA-60, Q-138, (2,20 KG/M2), DIAMETRO DO FIO = 4,2 MM, LARGURA =  2,45 X 120 M DE COMPRIMENTO, ESPACAMENTO DA MALHA = 10 X 10 CM","KG",6.17,"SINAPI-I"]
[10915,"TELA DE ACO SOLDADA NERVURADA CA-60, Q-61, (0,97 KG/M2), DIAMETRO DO FIO = 3,4 MM, LARGURA =  2,45 X 120 M DE COMPRIMENTO, ESPACAMENTO DA MALHA = 15  X 15 CM","KG",6.41,"SINAPI-I"]
[10917,"TELA DE ACO SOLDADA NERVURADA CA-60, Q-61, (0,97 KG/M2), DIAMETRO DO FIO = 3,4 MM, LARGURA =  2,45 X 120 M DE COMPRIMENTO, ESPACAMENTO DA MALHA = 15 X 15 CM","M2",6.22,"SINAPI-I"]
[21141,"TELA DE ACO SOLDADA NERVURADA CA-60, Q-92, (1,48 KG/M2), DIAMETRO DO FIO = 4,2 MM, LARGURA =  2,45 X 60 M DE COMPRIMENTO, ESPACAMENTO DA MALHA = 15  X 15 CM","M2",9.2200000000000006,"SINAPI-I"]
[10916,"TELA DE ACO SOLDADA NERVURADA CA-60, Q-92, (1,48 KG/M2), DIAMETRO DO FIO = 4,2 MM, LARGURA =  2,45 X 60 M DE COMPRIMENTO, ESPACAMENTO DA MALHA = 15 X 15 CM","KG",6.23,"SINAPI-I"]
[39508,"TELA DE ACO SOLDADA NERVURADA, CA-60, L-159, (1,69 KG/M2), DIAMETRO DO FIO = 4,5 MM, LARGURA =  2,45 M, ESPACAMENTO DA MALHA = 30 X 10 CM","M2",10.95,"SINAPI-I"]
[39507,"TELA DE ACO SOLDADA NERVURADA, CA-60, Q-113, (1,8 KG/M2), DIAMETRO DO FIO = 3,8 MM, LARGURA =  2,45 M, ESPACAMENTO DA MALHA = 10 X 10 CM","M2",10.72,"SINAPI-I"]
[7156,"TELA DE ACO SOLDADA NERVURADA, CA-60, Q-196, (3,11 KG/M2), DIAMETRO DO FIO = 5,0 MM, LARGURA =  2,45 M, ESPACAMENTO DA MALHA = 10 X 10 CM","M2",18.54,"SINAPI-I"]
[39509,"TELA DE ACO SOLDADA NERVURADA, CA-60, T-196, (2,11 KG/M2), DIAMETRO DO FIO = 5,0 MM, LARGURA =  2,45 M, ESPACAMENTO DA MALHA = 30 X 10 CM","M2",8.6300000000000008,"SINAPI-I"]
[25988,"TELA DE ANIAGEM (JUTA)","M2",10.77,"SINAPI-I"]
[10928,"TELA DE ARAME GALV QUADRANGULAR / LOSANGULAR,  FIO 2,11 MM (14  BWG), MALHA  8 X 8 CM, H = 2 M","M2",11.61,"SINAPI-I"]
[7167,"TELA DE ARAME GALV QUADRANGULAR / LOSANGULAR,  FIO 2,11 MM (14 BWG), MALHA  5 X 5 CM, H = 2 M","M2",15.86,"SINAPI-I"]
[10933,"TELA DE ARAME GALV QUADRANGULAR / LOSANGULAR,  FIO 2,77 MM (12  BWG), MALHA  10 X 10 CM, H = 2 M","M2",14.18,"SINAPI-I"]
[10927,"TELA DE ARAME GALV QUADRANGULAR / LOSANGULAR,  FIO 2,77 MM (12  BWG), MALHA  8 X 8 CM, H = 2 M","M2",17.12,"SINAPI-I"]
[7158,"TELA DE ARAME GALV QUADRANGULAR / LOSANGULAR,  FIO 2,77 MM (12 BWG), MALHA  5 X 5 CM, H = 2 M","M2",23.9,"SINAPI-I"]
[7162,"TELA DE ARAME GALV QUADRANGULAR / LOSANGULAR,  FIO 3,4 MM (10  BWG), MALHA  5 X 5 CM, H = 2 M","M2",35.93,"SINAPI-I"]
[10932,"TELA DE ARAME GALV QUADRANGULAR / LOSANGULAR,  FIO 4,19 MM (8 BWG), MALHA  5 X 5 CM, H = 2 M","M2",63.63,"SINAPI-I"]
[40706,"TELA DE ARAME GALV REVESTIDO EM PVC, QUADRANGULAR / LOSANGULAR,  FIO 1,24 MM (18 BWG), BITOLA = *1,9* MM, MALHA  1,9 X 1,9  CM, H = 2 M","M2",38.15,"SINAPI-I"]
[10937,"TELA DE ARAME GALV REVESTIDO EM PVC, QUADRANGULAR / LOSANGULAR,  FIO 2,11 MM (14 BWG), BITOLA FINAL = *2,8* MM, MALHA  *8 X 8* CM, H = 2 M","M2",25.01,"SINAPI-I"]
[10935,"TELA DE ARAME GALV REVESTIDO EM PVC, QUADRANGULAR / LOSANGULAR,  FIO 2,77 MM (12 BWG), BITOLA FINAL = *3,8* MM, MALHA  7,5 X 7,5 CM, H = 2 M","M2",32.94,"SINAPI-I"]
[40707,"TELA DE ARAME GALV REVESTIDO EM PVC, QUADRANGULAR/LOSANGULAR, FIO 2,77 MM (12 BWG), MALHA 3 X 3 CM, H = 2 M","M2",75.83,"SINAPI-I"]
[10931,"TELA DE ARAME GALV, HEXAGONAL,  FIO 0,56 MM (24  BWG), MALHA  1/2\", H = 1 M","M2",10.6,"SINAPI-I"]
[7164,"TELA DE ARAME ONDULADA, FIO *2,77* MM (12 BWG), MALHA 5 X 5 CM, H = 2 M","M2",29.69,"SINAPI-I"]
[36887,"TELA DE FIBRA DE VIDRO, ACABAMENTO ANTI-ALCALINO, MALHA 10 X 10 MM","M2",18.64,"SINAPI-I"]
[34630,"TELA EM MALHA HEXAGONAL DE DUPLA TORCAO 8 X 10 CM (ZN/AL REVESTIDO COM POLIMERO), FIO 2,7 MM, COM GEOMANTA OU BIOMANTA, DIMENSOES 4,0 X 2,0 X 0,6 M, COM INCLINACAO DE 70 GRAUS, PARA SOLO REFORCADO","UN",999.44,"SINAPI-I"]
[7161,"TELA EM METAL PARA ESTUQUE (DEPLOYE)","M2",4.5,"SINAPI-I"]
[7170,"TELA FACHADEIRA EM POLIETILENO, ROLO DE 3 X 100 M (L X C), COR BRANCA, SEM LOGOMARCA - PARA PROTECAO DE OBRAS","M2",2.65,"SINAPI-I"]
[37524,"TELA PLASTICA LARANJA, TIPO TAPUME PARA SINALIZACAO, MALHA RETANGULAR, ROLO 1.20 X 50 M (L X C)","M",2.5299999999999998,"SINAPI-I"]
[37525,"TELA PLASTICA TECIDA LISTRADA BRANCA E LARANJA, TIPO GUARDA CORPO, EM POLIETILENO MONOFILADO, ROLO 1,20 X 50 M (L X C)","M",3.02,"SINAPI-I"]
[10920,"TELA SOLDADA ARAME GALVANIZADO 12 BWG (2,77MM), MALHA 15 X 5 CM","M2",12.36,"SINAPI-I"]
[7238,"TELHA ALUMINIO ONDULADA, ALTURA = *18* MM, E = 0,5 MM","M2",41.75,"SINAPI-I"]
[7239,"TELHA ALUMINIO ONDULADA, ALTURA = *18* MM, E = 0,6 MM","M2",51.9,"SINAPI-I"]
[7240,"TELHA ALUMINIO ONDULADA, ALTURA = *18* MM, E = 0,7 MM","M2",59.59,"SINAPI-I"]
[36789,"TELHA CERAMICA TIPO AMERICANA, COMPRIMENTO DE *45* CM, RENDIMENTO DE *12* TELHAS/M2","UN",2.63,"SINAPI-I"]
[25007,"TELHA DE ACO ZINCADO ONDULADA, A = *17* MM, E = 0,5 MM, SEM PINTURA","M2",27.81,"SINAPI-I"]
[14171,"TELHA DE ACO ZINCADO TRAPEZOIDAL AUTOPORTANTE, A = 120 MM, E = 0,95 MM, COM PINTURA ELETROSTATICA BRANCA EM 1 FACE","M2",74.349999999999994,"SINAPI-I"]
[14170,"TELHA DE ACO ZINCADO TRAPEZOIDAL AUTOPORTANTE, A = 120 MM, E = 0,95 MM, SEM PINTURA","M2",65.7,"SINAPI-I"]
[14173,"TELHA DE ACO ZINCADO TRAPEZOIDAL AUTOPORTANTE, A = 259 MM, E = 0,95 MM, COM PINTURA ELETROSTATICA BRANCA EM 1 FACE","M2",86.62,"SINAPI-I"]
[14172,"TELHA DE ACO ZINCADO TRAPEZOIDAL AUTOPORTANTE, A = 259 MM, E = 0,95 MM, SEM PINTURA","M2",70.11,"SINAPI-I"]
[7243,"TELHA DE ACO ZINCADO TRAPEZOIDAL, A = *40* MM, E = 0,5 MM, SEM PINTURA","M2",27.51,"SINAPI-I"]
[11067,"TELHA DE ALUMINIO TRAPEZOIDAL, ALTURA = 38 MM, E = 0,5 MM (LARGURA = 1056 MM E COMPRIMENTO = 5000 MM)","UN",207.63,"SINAPI-I"]
[11068,"TELHA DE ALUMINIO TRAPEZOIDAL, ALTURA = 38 MM, E = 0,7 MM (LARGURA = 1056 MM E COMPRIMENTO = 5000 MM)","UN",293.26,"SINAPI-I"]
[7173,"TELHA DE BARRO / CERAMICA, NAO ESMALTADA, TIPO COLONIAL, CANAL, PLAN, PAULISTA, COMPRIMENTO DE *44 A 50* CM, RENDIMENTO DE COBERTURA DE *26* TELHAS/M2","MIL",1700,"SINAPI-I"]
[7175,"TELHA DE BARRO / CERAMICA, TIPO ROMANA, AMERICANA, PORTUGUESA, FRANCESA, COMPRIMENTO DE *41* CM,  RENDIMENTO DE *16* TELHAS/M2","UN",1.92,"SINAPI-I"]
[40865,"TELHA DE CONCRETO TIPO CLASSICA, COR CINZA, COMPRIMENTO DE *42* CM, RENDIMENTO DE *10* TELHAS/M2 (COLETADO CAIXA)","UN",2.25,"SINAPI-I"]
[7184,"TELHA DE FIBRA DE VIDRO ONDULADA INCOLOR, E = 0,6 MM, DE *0,50 X 2,44* M","M2",28.88,"SINAPI-I"]
[34458,"TELHA DE FIBROCIMENTO E = 6 MM, DE 3,00 X 1,06 M (SEM AMIANTO)","UN",96.55,"SINAPI-I"]
[34464,"TELHA DE FIBROCIMENTO E = 6 MM, DE 4,10 X 1,06 M (SEM AMIANTO)","UN",129.54,"SINAPI-I"]
[34468,"TELHA DE FIBROCIMENTO E = 6 MM, DE 4,60 X 1,06 M (SEM AMIANTO)","UN",149.5,"SINAPI-I"]
[34473,"TELHA DE FIBROCIMENTO E = 8 MM, DE 3,00 X 1,06 M (SEM AMIANTO)","UN",122.27,"SINAPI-I"]
[34480,"TELHA DE FIBROCIMENTO E = 8 MM, DE 4,10 X 1,06 M (SEM AMIANTO)","UN",166.73,"SINAPI-I"]
[34486,"TELHA DE FIBROCIMENTO E = 8 MM, DE 4,60 X 1,06 M (SEM AMIANTO)","UN",186.74,"SINAPI-I"]
[7202,"TELHA DE FIBROCIMENTO E= 8 MM, DE *3,70 X 1,06* M (SEM AMIANTO)","M2",38.270000000000003,"SINAPI-I"]
[7190,"TELHA DE FIBROCIMENTO ONDULADA E = 4 MM, DE 1,22 X 0,50 M (SEM AMIANTO)","UN",6.56,"SINAPI-I"]
[34417,"TELHA DE FIBROCIMENTO ONDULADA E = 4 MM, DE 2,13 X 0,50 M (SEM AMIANTO)","UN",11.41,"SINAPI-I"]
[7191,"TELHA DE FIBROCIMENTO ONDULADA E = 4 MM, DE 2,44 X 0,50 M (SEM AMIANTO)","UN",13.22,"SINAPI-I"]
[7213,"TELHA DE FIBROCIMENTO ONDULADA E = 4 MM, DE 2,44 X 0,50 M (SEM AMIANTO)","M2",10.84,"SINAPI-I"]
[7195,"TELHA DE FIBROCIMENTO ONDULADA E = 6 MM, DE 1,53 X 1,10 M (SEM AMIANTO)","UN",31.51,"SINAPI-I"]
[7186,"TELHA DE FIBROCIMENTO ONDULADA E = 6 MM, DE 1,83 X 1,10 M (SEM AMIANTO)","UN",37.700000000000003,"SINAPI-I"]
[7194,"TELHA DE FIBROCIMENTO ONDULADA E = 6 MM, DE 2,44 X 1,10 M (SEM AMIANTO)","M2",18.690000000000001,"SINAPI-I"]
[7207,"TELHA DE FIBROCIMENTO ONDULADA E = 6 MM, DE 2,44 X 1,10 M (SEM AMIANTO)","UN",50.18,"SINAPI-I"]
[7197,"TELHA DE FIBROCIMENTO ONDULADA E = 6 MM, DE 3,66 X 1,10 M (SEM AMIANTO)","UN",75.38,"SINAPI-I"]
[7192,"TELHA DE FIBROCIMENTO ONDULADA E = 8 MM, DE 1,53 X 1,10 M (SEM AMIANTO)","UN",41.46,"SINAPI-I"]
[7193,"TELHA DE FIBROCIMENTO ONDULADA E = 8 MM, DE 1,83 X 1,10 M (SEM AMIANTO)","UN",49.49,"SINAPI-I"]
[7189,"TELHA DE FIBROCIMENTO ONDULADA E = 8 MM, DE 2,44 X 1,10 M (SEM AMIANTO)","UN",69.510000000000005,"SINAPI-I"]
[7198,"TELHA DE FIBROCIMENTO ONDULADA E = 8 MM, DE 3,66 X 1,10 M (SEM AMIANTO)","M2",25.88,"SINAPI-I"]
[34402,"TELHA DE FIBROCIMENTO ONDULADA E = 8 MM, DE 3,66 X 1,10 M (SEM AMIANTO)","UN",104.2,"SINAPI-I"]
[7245,"TELHA DE VIDRO TIPO FRANCESA, *39 X 23* CM","UN",24.43,"SINAPI-I"]
[34425,"TELHA ESTRUTURAL DE FIBROCIMENTO 1 ABA, DE 0,52 X 2,00 M (SEM AMIANTO)","UN",64.430000000000007,"SINAPI-I"]
[7223,"TELHA ESTRUTURAL DE FIBROCIMENTO 1 ABA, DE 0,52 X 2,50 M (SEM AMIANTO)","UN",75.09,"SINAPI-I"]
[7234,"TELHA ESTRUTURAL DE FIBROCIMENTO 1 ABA, DE 0,52 X 3,60 M (SEM AMIANTO)","UN",108.31,"SINAPI-I"]
[7224,"TELHA ESTRUTURAL DE FIBROCIMENTO 1 ABA, DE 0,52 X 4,00 M (SEM AMIANTO)","UN",119.63,"SINAPI-I"]
[7210,"TELHA ESTRUTURAL DE FIBROCIMENTO 1 ABA, DE 0,52 X 4,50 M (SEM AMIANTO)","UN",136.12,"SINAPI-I"]
[7221,"TELHA ESTRUTURAL DE FIBROCIMENTO 1 ABA, DE 0,52 X 4,50 M (SEM AMIANTO)","M2",58.17,"SINAPI-I"]
[7225,"TELHA ESTRUTURAL DE FIBROCIMENTO 1 ABA, DE 0,52 X 5,00 M (SEM AMIANTO)","UN",151.25,"SINAPI-I"]
[7226,"TELHA ESTRUTURAL DE FIBROCIMENTO 1 ABA, DE 0,52 X 5,50 M (SEM AMIANTO)","UN",166.44,"SINAPI-I"]
[7236,"TELHA ESTRUTURAL DE FIBROCIMENTO 1 ABA, DE 0,52 X 6,00 M (SEM AMIANTO)","UN",181.53,"SINAPI-I"]
[7227,"TELHA ESTRUTURAL DE FIBROCIMENTO 1 ABA, DE 0,52 X 6,50 M (SEM AMIANTO)","UN",196.66,"SINAPI-I"]
[7212,"TELHA ESTRUTURAL DE FIBROCIMENTO 1 ABA, DE 0,52 X 7,20 M (SEM AMIANTO)","UN",217.75,"SINAPI-I"]
[7229,"TELHA ESTRUTURAL DE FIBROCIMENTO 2 ABAS, DE 1,00 X 3,00 M (SEM AMIANTO)","UN",144,"SINAPI-I"]
[7230,"TELHA ESTRUTURAL DE FIBROCIMENTO 2 ABAS, DE 1,00 X 4,60 M (SEM AMIANTO)","UN",229.47,"SINAPI-I"]
[7231,"TELHA ESTRUTURAL DE FIBROCIMENTO 2 ABAS, DE 1,00 X 6,00 M (SEM AMIANTO)","UN",301.37,"SINAPI-I"]
[7220,"TELHA ESTRUTURAL DE FIBROCIMENTO 2 ABAS, DE 1,00 X 7,40 M (SEM AMIANTO)","UN",370.5,"SINAPI-I"]
[34447,"TELHA ESTRUTURAL DE FIBROCIMENTO 2 ABAS, DE 1,00 X 8,20 M (SEM AMIANTO)","UN",412.38,"SINAPI-I"]
[7233,"TELHA ESTRUTURAL DE FIBROCIMENTO 2 ABAS, DE 1,00 X 9,20 M (SEM AMIANTO)","UN",461.68,"SINAPI-I"]
[42172,"TELHA GALVALUME COM ISOLAMENTO TERMOACUSTICO EM ESPUMA RIGIDA DE POLIURETANO (PU) INJETADO, ESPESSURA DE 30 MM, DENSIDADE DE 35 KG/M3, COM DUAS FACES TRAPEZOIDAIS, ACABAMENTO NATURAL (NAO INCLUI ACESSORIOS DE FIXACAO) (COLETADO CAIXA)","M2",144.47,"SINAPI-I"]
[39520,"TELHA ISOLANTE COM NUCLEO EM POLIESTIRENO (EPS), E = 30 MM, REVESTIDA EM ACO ZINCADO *0,5* MM COM PRE-PINTURA NAS DUAS FACES, FACE SUPERIOR EM TELHA TRAPEZOIDAL E FACE INFERIOR EM CHAPA PLANA (NAO INCLUI ACESSORIOS DE FIXACAO)","M2",111.02,"SINAPI-I"]
[39521,"TELHA ISOLANTE COM NUCLEO EM POLIESTIRENO (EPS), E = 50 MM, REVESTIDA EM ACO ZINCADO *0,5* MM COM PRE-PINTURA NAS DUAS FACES, FACE SUPERIOR EM TELHA TRAPEZOIDAL E FACE INFERIOR EM CHAPA PLANA (NAO INCLUI ACESSORIOS DE FIXACAO)","M2",118.91,"SINAPI-I"]
[39522,"TELHA ISOLANTE COM NUCLEO EM POLIESTIRENO (EPS), E = 50 MM, REVESTIDA EM TELHA TRAPEZOIDAL DE ACO ZINCADO *0,5* MM COM PRE-PINTURA NAS DUAS FACES (NAO INCLUI ACESSORIOS DE FIXACAO)","M2",95.08,"SINAPI-I"]
[7246,"TELHA VIDRO TIPO CANAL OU COLONIAL, C = 46 A 50 CM","UN",22.73,"SINAPI-I"]
[12869,"TELHADOR","H",20.78,"SINAPI-I"]
[41097,"TELHADOR ( MENSALISTA )","MES",3672.92,"SINAPI-I"]
[1574,"TERMINAL A COMPRESSAO EM COBRE ESTANHADO PARA CABO 10 MM2, 1 FURO E 1 COMPRESSAO, PARA PARAFUSO DE FIXACAO M6","UN",0.86,"SINAPI-I"]
[1581,"TERMINAL A COMPRESSAO EM COBRE ESTANHADO PARA CABO 120 MM2, 1 FURO E 1 COMPRESSAO, PARA PARAFUSO DE FIXACAO M12","UN",5.96,"SINAPI-I"]
[1575,"TERMINAL A COMPRESSAO EM COBRE ESTANHADO PARA CABO 16 MM2, 1 FURO E 1 COMPRESSAO, PARA PARAFUSO DE FIXACAO M6","UN",1.02,"SINAPI-I"]
[1570,"TERMINAL A COMPRESSAO EM COBRE ESTANHADO PARA CABO 2,5 MM2, 1 FURO E 1 COMPRESSAO, PARA PARAFUSO DE FIXACAO M5","UN",0.51,"SINAPI-I"]
[1576,"TERMINAL A COMPRESSAO EM COBRE ESTANHADO PARA CABO 25 MM2, 1 FURO E 1 COMPRESSAO, PARA PARAFUSO DE FIXACAO M8","UN",1.41,"SINAPI-I"]
[1577,"TERMINAL A COMPRESSAO EM COBRE ESTANHADO PARA CABO 35 MM2, 1 FURO E 1 COMPRESSAO, PARA PARAFUSO DE FIXACAO M8","UN",1.59,"SINAPI-I"]
[1571,"TERMINAL A COMPRESSAO EM COBRE ESTANHADO PARA CABO 4 MM2, 1 FURO E 1 COMPRESSAO, PARA PARAFUSO DE FIXACAO M5","UN",0.66,"SINAPI-I"]
[1578,"TERMINAL A COMPRESSAO EM COBRE ESTANHADO PARA CABO 50 MM2, 1 FURO E 1 COMPRESSAO, PARA PARAFUSO DE FIXACAO M8","UN",2.76,"SINAPI-I"]
[1573,"TERMINAL A COMPRESSAO EM COBRE ESTANHADO PARA CABO 6 MM2, 1 FURO E 1 COMPRESSAO, PARA PARAFUSO DE FIXACAO M6","UN",0.79,"SINAPI-I"]
[1579,"TERMINAL A COMPRESSAO EM COBRE ESTANHADO PARA CABO 70 MM2, 1 FURO E 1 COMPRESSAO, PARA PARAFUSO DE FIXACAO M10","UN",3.44,"SINAPI-I"]
[1580,"TERMINAL A COMPRESSAO EM COBRE ESTANHADO PARA CABO 95 MM2, 1 FURO E 1 COMPRESSAO, PARA PARAFUSO DE FIXACAO M12","UN",4.24,"SINAPI-I"]
[7571,"TERMINAL AEREO EM ACO GALVANIZADO DN 5/16\", COMPRIMENTO DE 350MM, COM BASE DE FIXACAO HORIZONTAL","UN",8.14,"SINAPI-I"]
[39321,"TERMINAL DE VENTILACAO, 100 MM, SERIE NORMAL, ESGOTO PREDIAL","UN",9.75,"SINAPI-I"]
[39319,"TERMINAL DE VENTILACAO, 50 MM, SERIE NORMAL, ESGOTO PREDIAL","UN",3.8,"SINAPI-I"]
[39320,"TERMINAL DE VENTILACAO, 75 MM, SERIE NORMAL, ESGOTO PREDIAL","UN",6.33,"SINAPI-I"]
[1591,"TERMINAL METALICO A PRESSAO PARA 1 CABO DE 120 MM2, COM 1 FURO DE FIXACAO","UN",13.15,"SINAPI-I"]
[1547,"TERMINAL METALICO A PRESSAO PARA 1 CABO DE 150 A 185 MM2, COM 2 FUROS PARA FIXACAO","UN",68.94,"SINAPI-I"]
[38196,"TERMINAL METALICO A PRESSAO PARA 1 CABO DE 150 MM2, COM 1 FURO DE FIXACAO","UN",13.42,"SINAPI-I"]
[1543,"TERMINAL METALICO A PRESSAO PARA 1 CABO DE 16 A 25 MM2, COM 2 FUROS PARA FIXACAO","UN",14.27,"SINAPI-I"]
[1585,"TERMINAL METALICO A PRESSAO PARA 1 CABO DE 16 MM2, COM 1 FURO DE FIXACAO","UN",2.76,"SINAPI-I"]
[1593,"TERMINAL METALICO A PRESSAO PARA 1 CABO DE 185 MM2, COM 1 FURO DE FIXACAO","UN",14.67,"SINAPI-I"]
[11838,"TERMINAL METALICO A PRESSAO PARA 1 CABO DE 240 MM2, COM 1 FURO DE FIXACAO","UN",19.36,"SINAPI-I"]
[1594,"TERMINAL METALICO A PRESSAO PARA 1 CABO DE 25 A 35 MM2, COM 2 FUROS PARA FIXACAO","UN",19.57,"SINAPI-I"]
[1586,"TERMINAL METALICO A PRESSAO PARA 1 CABO DE 25 MM2, COM 1 FURO DE FIXACAO","UN",3.49,"SINAPI-I"]
[11839,"TERMINAL METALICO A PRESSAO PARA 1 CABO DE 300 MM2, COM 1 FURO DE FIXACAO","UN",28.17,"SINAPI-I"]
[1587,"TERMINAL METALICO A PRESSAO PARA 1 CABO DE 35 MM2, COM 1 FURO DE FIXACAO","UN",3.56,"SINAPI-I"]
[1545,"TERMINAL METALICO A PRESSAO PARA 1 CABO DE 50 A 70 MM2, COM 2 FUROS PARA FIXACAO","UN",33.799999999999997,"SINAPI-I"]
[1588,"TERMINAL METALICO A PRESSAO PARA 1 CABO DE 50 MM2, COM 1 FURO DE FIXACAO","UN",4.88,"SINAPI-I"]
[1535,"TERMINAL METALICO A PRESSAO PARA 1 CABO DE 6 A 10 MM2, COM 1 FURO DE FIXACAO","UN",2.81,"SINAPI-I"]
[1589,"TERMINAL METALICO A PRESSAO PARA 1 CABO DE 70 MM2, COM 1 FURO DE FIXACAO","UN",5.04,"SINAPI-I"]
[1546,"TERMINAL METALICO A PRESSAO PARA 1 CABO DE 95 A 120 MM2, COM 2 FUROS PARA FIXACAO","UN",57.05,"SINAPI-I"]
[1590,"TERMINAL METALICO A PRESSAO PARA 1 CABO DE 95 MM2, COM 1 FURO DE FIXACAO","UN",8.8699999999999992,"SINAPI-I"]
[1542,"TERMINAL METALICO A PRESSAO 1 CABO, PARA CABOS DE 4 A 10 MM2, COM 2 FUROS PARA FIXACAO","UN",11.75,"SINAPI-I"]
[38415,"TERMOFUSORA PARA TUBOS E CONEXOES EM PPR COM DIAMETROS DE 20 A 63 MM, POTENCIA DE 800 W, TENSAO 220 V","UN",648.16999999999996,"SINAPI-I"]
[38414,"TERMOFUSORA PARA TUBOS E CONEXOES EM PPR COM DIAMETROS DE 75 A 110 MM, POTENCIA DE *1100* W, TENSAO 220 V","UN",909.71,"SINAPI-I"]
[38128,"TERRA VEGETAL (ENSACADA)","KG",0.53,"SINAPI-I"]
[7253,"TERRA VEGETAL (GRANEL)","M3",113.57,"SINAPI-I"]
[4806,"TESTEIRA ANTIDERRAPANTE PARA PISO VINILICO *5 X 2,5* CM, E = 2 MM","M",11.11,"SINAPI-I"]
[34401,"TIJOLO CERAMICO LAMINADO 5,5 X 11 X 23 CM","UN",0.99,"SINAPI-I"]
[7258,"TIJOLO CERAMICO MACICO *5 X 10 X 20* CM","UN",0.31,"SINAPI-I"]
[7260,"TIJOLO CERAMICO MACICO APARENTE *6 X 12 X 24* CM","UN",0.96,"SINAPI-I"]
[7256,"TIJOLO CERAMICO MACICO APARENTE 2 FUROS, *6,5 X 10 X 20* CM","UN",0.56000000000000005,"SINAPI-I"]
[34400,"TIJOLO CERAMICO REFRATARIO 2,5 X 11,4 X 22,9 CM","UN",2.41,"SINAPI-I"]
[10617,"TIJOLO CERAMICO REFRATARIO 6,3 X 11,4 X 22,9 CM","UN",3.37,"SINAPI-I"]
[7274,"TIL PARA LIGACAO PREDIAL, EM PVC, JE, BBB, DN 100 X 100 MM, PARA REDE COLETORA ESGOTO (NBR 10569)","UN",33.18,"SINAPI-I"]
[11663,"TIL TUBO QUEDA, EM PVC, JE, BBB, DN 100 X 100 MM, PARA REDE COLETORA DE ESGOTO (NBR 10569)","UN",272.94,"SINAPI-I"]
[38121,"TINTA A BASE DE RESINA ACRILICA EMULSIONADA EM AGUA, PARA SINALIZACAO HORIZONTAL VIARIA (NBR 13699)","L",10.75,"SINAPI-I"]
[7343,"TINTA A BASE DE RESINA ACRILICA, PARA SINALIZACAO HORIZONTAL VIARIA (NBR 11862)","L",10.88,"SINAPI-I"]
[7287,"TINTA A OLEO BRILHANTE PARA MADEIRA E METAIS","GL",79.09,"SINAPI-I"]
[7350,"TINTA ACRILICA PARA CERAMICA","L",22.86,"SINAPI-I"]
[7348,"TINTA ACRILICA PREMIUM PARA PISO","L",12.82,"SINAPI-I"]
[7347,"TINTA ACRILICA PREMIUM PARA PISO","GL",46.16,"SINAPI-I"]
[7355,"TINTA ACRILICA PREMIUM, COR BRANCO  FOSCO","GL",69.180000000000007,"SINAPI-I"]
[7356,"TINTA ACRILICA PREMIUM, COR BRANCO FOSCO","L",19.21,"SINAPI-I"]
[7313,"TINTA ASFALTICA IMPERMEABILIZANTE DILUIDA EM SOLVENTE, PARA MATERIAIS CIMENTICIOS, METAL E MADEIRA","L",13.03,"SINAPI-I"]
[7319,"TINTA ASFALTICA IMPERMEABILIZANTE DISPERSA EM AGUA, PARA MATERIAIS CIMENTICIOS","L",7.46,"SINAPI-I"]
[38119,"TINTA BORRACHA CLORADA, ACABAMENTO SEMIBRILHO, BRANCA","L",107.5,"SINAPI-I"]
[7314,"TINTA BORRACHA CLORADA, ACABAMENTO SEMIBRILHO, CORES VIVAS","L",115.85,"SINAPI-I"]
[38131,"TINTA BORRACHA, CLORADA, ACABAMENTO SEMIBRILHO, PRETA","L",108.46,"SINAPI-I"]
[7304,"TINTA EPOXI PREMIUM, BRANCA","L",59.01,"SINAPI-I"]
[7293,"TINTA ESMALTE SINTETICO GRAFITE COM PROTECAO PARA METAIS FERROSOS","L",26.46,"SINAPI-I"]
[7311,"TINTA ESMALTE SINTETICO PREMIUM ACETINADO","L",25.59,"SINAPI-I"]
[7292,"TINTA ESMALTE SINTETICO PREMIUM BRILHANTE","L",24.85,"SINAPI-I"]
[7288,"TINTA ESMALTE SINTETICO PREMIUM FOSCO","L",28.16,"SINAPI-I"]
[35693,"TINTA LATEX ACRILICA ECONOMICA, COR BRANCA","L",8.81,"SINAPI-I"]
[35692,"TINTA LATEX ACRILICA STANDARD, COR BRANCA","L",47.26,"SINAPI-I"]
[7344,"TINTA LATEX PVA PREMIUM,  COR BRANCA","GL",59.8,"SINAPI-I"]
[7345,"TINTA LATEX PVA PREMIUM, COR BRANCA","L",16.61,"SINAPI-I"]
[35691,"TINTA LATEX PVA STANDARD, COR BRANCA","L",13.12,"SINAPI-I"]
[7342,"TINTA MINERAL IMPERMEAVEL EM PO, BRANCA","KG",1.43,"SINAPI-I"]
[7306,"TINTA PROTETORA SUPERFICIE METALICA ALUMINIO","L",30.34,"SINAPI-I"]
[154,"TINTA/REVESTIMENTO  A BASE DE RESINA EPOXI COM ALCATRAO, BICOMPONENTE","L",36.340000000000003,"SINAPI-I"]
[7338,"TINTA/REVESTIMENTO A BASE DE RESINA EPOXI COM ALCATRAO, BICOMPONENTE","KG",24.23,"SINAPI-I"]
[39574,"TIRANTE COM ELO, EM ARAME GALVANIZADO RIGIDO, NUMERO 10, COMPRIMENTO 2000 MM, PARA PENDURAL DE FORRO REMOVIVEL","UN",3.28,"SINAPI-I"]
[11060,"TIRANTE EM FERRO GALVANIZADO PARA CONTRAVENTAMENTO DE TELHA CANALETE 90, 1/4 \" X 400 MM","UN",26.99,"SINAPI-I"]
[37401,"TOALHEIRO PLASTICO TIPO DISPENSER PARA PAPEL TOALHA INTERFOLHADO","UN",64.959999999999994,"SINAPI-I"]
[7525,"TOMADA INDUSTRIAL DE EMBUTIR 3P+T 30 A, 440 V, COM TRAVA, COM PLACA","UN",39.39,"SINAPI-I"]
[7524,"TOMADA INDUSTRIAL DE EMBUTIR 3P+T 30 A, 440 V, COM TRAVA, SEM PLACA","UN",37.119999999999997,"SINAPI-I"]
[38105,"TOMADA PARA ANTENA DE TV, CABO COAXIAL DE 9 MM (APENAS MODULO)","UN",9.5299999999999994,"SINAPI-I"]
[38084,"TOMADA PARA ANTENA DE TV, CABO COAXIAL DE 9 MM, CONJUNTO MONTADO PARA EMBUTIR 4\" X 2\" (PLACA + SUPORTE + MODULO)","UN",13.54,"SINAPI-I"]
[38103,"TOMADA RJ11, 2 FIOS (APENAS MODULO)","UN",14.31,"SINAPI-I"]
[38082,"TOMADA RJ11, 2 FIOS, CONJUNTO MONTADO PARA EMBUTIR 4\" X 2\" (PLACA + SUPORTE + MODULO)","UN",17.63,"SINAPI-I"]
[38104,"TOMADA RJ45, 8 FIOS, CAT 5E (APENAS MODULO)","UN",28.03,"SINAPI-I"]
[38083,"TOMADA RJ45, 8 FIOS, CAT 5E, CONJUNTO MONTADO PARA EMBUTIR 4\" X 2\" (PLACA + SUPORTE + MODULO)","UN",31.12,"SINAPI-I"]
[38101,"TOMADA 2P+T 10A, 250V  (APENAS MODULO)","UN",6.81,"SINAPI-I"]
[7528,"TOMADA 2P+T 10A, 250V, CONJUNTO MONTADO PARA EMBUTIR 4\" X 2\" (PLACA + SUPORTE + MODULO)","UN",8,"SINAPI-I"]
[12147,"TOMADA 2P+T 10A, 250V, CONJUNTO MONTADO PARA SOBREPOR 4\" X 2\" (CAIXA + MODULO)","UN",12.2,"SINAPI-I"]
[38075,"TOMADA 2P+T 20A 250V, CONJUNTO MONTADO PARA EMBUTIR 4\" X 2\" (PLACA + SUPORTE + MODULO)","UN",13.85,"SINAPI-I"]
[38102,"TOMADA 2P+T 20A, 250V  (APENAS MODULO)","UN",8.7100000000000009,"SINAPI-I"]
[38076,"TOMADAS (2 MODULOS) 2P+T 10A, 250V, CONJUNTO MONTADO PARA EMBUTIR 4\" X 2\" (PLACA + SUPORTE + MODULOS)","UN",15.53,"SINAPI-I"]
[7592,"TOPOGRAFO","H",19.43,"SINAPI-I"]
[40820,"TOPOGRAFO (MENSALISTA)","MES",3599.35,"SINAPI-I"]
[11762,"TORNEIRA CROMADA COM BICO PARA JARDIM/TANQUE 1/2 \" OU 3/4 \" (REF 1153)","UN",60.29,"SINAPI-I"]
[13418,"TORNEIRA CROMADA CURTA SEM BICO PARA TANQUE, PADRAO POPULAR, 1/2 \" OU 3/4 \" (REF 1140)","UN",16.84,"SINAPI-I"]
[13984,"TORNEIRA CROMADA CURTA SEM BICO PARA USO GERAL  1/2 \" OU 3/4 \" (REF 1152)","UN",42.13,"SINAPI-I"]
[11772,"TORNEIRA CROMADA DE MESA PARA COZINHA BICA MOVEL COM AREJADOR 1/2 \" OU 3/4 \" (REF 1167)","UN",102.33,"SINAPI-I"]
[36795,"TORNEIRA CROMADA DE MESA PARA LAVATORIO COM SENSOR DE PRESENCA","UN",658.15,"SINAPI-I"]
[36796,"TORNEIRA CROMADA DE MESA PARA LAVATORIO TEMPORIZADA PRESSAO BICA BAIXA","UN",169.45,"SINAPI-I"]
[36791,"TORNEIRA CROMADA DE MESA PARA LAVATORIO, BICA ALTA (REF 1195)","UN",87.31,"SINAPI-I"]
[13415,"TORNEIRA CROMADA DE MESA PARA LAVATORIO, PADRAO POPULAR, 1/2 \" OU 3/4 \" (REF 1193)","UN",50.75,"SINAPI-I"]
[36792,"TORNEIRA CROMADA DE PAREDE LONGA PARA LAVATORIO (REF 1178)","UN",166.89,"SINAPI-I"]
[11773,"TORNEIRA CROMADA DE PAREDE PARA COZINHA BICA MOVEL COM AREJADOR 1/2 \" OU 3/4 \" (REF 1168)","UN",97.69,"SINAPI-I"]
[11775,"TORNEIRA CROMADA DE PAREDE PARA COZINHA COM AREJADOR 1/2 \" OU 3/4 \" (REF 1157)","UN",102.01,"SINAPI-I"]
[13983,"TORNEIRA CROMADA DE PAREDE PARA COZINHA COM AREJADOR, PADRAO POPULAR, 1/2 \" OU 3/4 \" (REF 1159)","UN",52.12,"SINAPI-I"]
[13416,"TORNEIRA CROMADA DE PAREDE PARA COZINHA SEM AREJADOR, PADRAO POPULAR, 1/2 \" OU 3/4 \" (REF 1158)","UN",42.03,"SINAPI-I"]
[13417,"TORNEIRA CROMADA SEM BICO PARA TANQUE 1/2 \" OU 3/4 \" (REF 1143)","UN",37.07,"SINAPI-I"]
[7604,"TORNEIRA CROMADA SEM BICO PARA TANQUE, PADRAO POPULAR, 1/2 \" OU 3/4 \" (REF 1126)","UN",16.05,"SINAPI-I"]
[11763,"TORNEIRA DE BOIA CONVENCIONAL PARA CAIXA D'AGUA, 1.1/2\", COM HASTE E TORNEIRA METALICOS E BALAO PLASTICO","UN",46.11,"SINAPI-I"]
[11764,"TORNEIRA DE BOIA CONVENCIONAL PARA CAIXA D'AGUA, 1.1/4\", COM HASTE E TORNEIRA METALICOS E BALAO PLASTICO","UN",49.26,"SINAPI-I"]
[11829,"TORNEIRA DE BOIA CONVENCIONAL PARA CAIXA D'AGUA, 1/2\", COM HASTE E TORNEIRA METALICOS E BALAO PLASTICO","UN",11.8,"SINAPI-I"]
[11825,"TORNEIRA DE BOIA CONVENCIONAL PARA CAIXA D'AGUA, 1\", COM HASTE E TORNEIRA METALICOS E BALAO PLASTICO","UN",20.239999999999998,"SINAPI-I"]
[11767,"TORNEIRA DE BOIA CONVENCIONAL PARA CAIXA D'AGUA, 2\", COM HASTE E TORNEIRA METALICOS E BALAO PLASTICO","UN",81.760000000000005,"SINAPI-I"]
[11830,"TORNEIRA DE BOIA CONVENCIONAL PARA CAIXA D'AGUA, 3/4\", COM HASTE E TORNEIRA METALICOS E BALAO PLASTICO","UN",12.75,"SINAPI-I"]
[11766,"TORNEIRA DE BOIA VAZAO TOTAL PARA CAIXA D'AGUA, 1/2\", COM HASTE E TORNEIRA METALICOS E BALAO PLASTICO","UN",22.67,"SINAPI-I"]
[11765,"TORNEIRA DE BOIA VAZAO TOTAL PARA CAIXA D'AGUA, 1\", COM HASTE E TORNEIRA METALICOS E BALAO PLASTICO","UN",30.88,"SINAPI-I"]
[11824,"TORNEIRA DE BOIA VAZAO TOTAL PARA CAIXA D'AGUA, 3/4\", COM HASTE E TORNEIRA METALICOS E BALAO PLASTICO","UN",23.39,"SINAPI-I"]
[11777,"TORNEIRA ELETRICA DE PAREDE, BICA ALTA, PARA COZINHA, 5500 W (110/220 V)","UN",104.08,"SINAPI-I"]
[7602,"TORNEIRA METAL AMARELO COM BICO PARA JARDIM, PADRAO POPULAR, 1/2 \" OU 3/4 \" (REF 1128)","UN",15.91,"SINAPI-I"]
[7603,"TORNEIRA METAL AMARELO CURTA SEM BICO PARA TANQUE, PADRAO POPULAR, 1/2 \" OU 3/4 \" (REF 1120)","UN",15.43,"SINAPI-I"]
[11826,"TORNEIRA METALICA DE BOIA CONVENCIONAL PARA CAIXA D'AGUA, 1/2 \", COM HASTE, TORNEIRA E BALAO METALICOS","UN",19.64,"SINAPI-I"]
[7606,"TORNEIRA METALICA DE BOIA CONVENCIONAL PARA CAIXA D'AGUA, 3/4 \", COM HASTE, TORNEIRA E BALAO METALICOS","UN",20.47,"SINAPI-I"]
[40329,"TORNEIRA PLASTICA DE BOIA CONVENCIONAL PARA CAIXA DE AGUA, 3/4 \", COM HASTE METALICA E COM TORNEIRA E BALAO PLASTICOS (PADRAO POPULAR)","UN",9.9,"SINAPI-I"]
[11823,"TORNEIRA PLASTICA DE BOIA PARA CAIXA DE DESCARGA,  1/2\", BALAO E TORNEIRA PLASTICOS, COM HASTE METALICA","UN",4.2699999999999996,"SINAPI-I"]
[11822,"TORNEIRA PLASTICA DE MESA, BICA MOVEL, PARA COZINHA 1/2 \"","UN",24.53,"SINAPI-I"]
[11831,"TORNEIRA PLASTICA PARA TANQUE 1/2 \" OU 3/4 \" COM BICO PARA MANGUEIRA","UN",18.62,"SINAPI-I"]
[7613,"TRANSFORMADOR TRIFASICO DE DISTRIBUICAO, POTENCIA DE 1000 KVA, TENSAO NOMINAL DE 15 KV, TENSAO SECUNDARIA DE 220/127V, EM OLEO ISOLANTE TIPO MINERAL","UN",52005.85,"SINAPI-I"]
[7619,"TRANSFORMADOR TRIFASICO DE DISTRIBUICAO, POTENCIA DE 112,5 KVA, TENSAO NOMINAL DE 15 KV, TENSAO SECUNDARIA DE 220/127V, EM OLEO ISOLANTE TIPO MINERAL","UN",8038.99,"SINAPI-I"]
[12076,"TRANSFORMADOR TRIFASICO DE DISTRIBUICAO, POTENCIA DE 15 KVA, TENSAO NOMINAL DE 15 KV, TENSAO SECUNDARIA DE 220/127V, EM OLEO ISOLANTE TIPO MINERAL","UN",3687.61,"SINAPI-I"]
[7614,"TRANSFORMADOR TRIFASICO DE DISTRIBUICAO, POTENCIA DE 150 KVA, TENSAO NOMINAL DE 15 KV, TENSAO SECUNDARIA DE 220/127V, EM OLEO ISOLANTE TIPO MINERAL","UN",10139.08,"SINAPI-I"]
[7618,"TRANSFORMADOR TRIFASICO DE DISTRIBUICAO, POTENCIA DE 1500 KVA, TENSAO NOMINAL DE 15 KV, TENSAO SECUNDARIA DE 220/127V, EM OLEO ISOLANTE TIPO MINERAL","UN",65759.59,"SINAPI-I"]
[7620,"TRANSFORMADOR TRIFASICO DE DISTRIBUICAO, POTENCIA DE 225 KVA, TENSAO NOMINAL DE 15 KV, TENSAO SECUNDARIA DE 220/127V, EM OLEO ISOLANTE TIPO MINERAL","UN",14223.64,"SINAPI-I"]
[7610,"TRANSFORMADOR TRIFASICO DE DISTRIBUICAO, POTENCIA DE 30 KVA, TENSAO NOMINAL DE 15 KV, TENSAO SECUNDARIA DE 220/127V, EM OLEO ISOLANTE TIPO MINERAL","UN",4504.1499999999996,"SINAPI-I"]
[7615,"TRANSFORMADOR TRIFASICO DE DISTRIBUICAO, POTENCIA DE 300 KVA, TENSAO NOMINAL DE 15 KV, TENSAO SECUNDARIA DE 220/127V, EM OLEO ISOLANTE TIPO MINERAL","UN",16594.25,"SINAPI-I"]
[7617,"TRANSFORMADOR TRIFASICO DE DISTRIBUICAO, POTENCIA DE 45 KVA, TENSAO NOMINAL DE 15 KV, TENSAO SECUNDARIA DE 220/127V, EM OLEO ISOLANTE TIPO MINERAL","UN",5030.95,"SINAPI-I"]
[7616,"TRANSFORMADOR TRIFASICO DE DISTRIBUICAO, POTENCIA DE 500 KVA, TENSAO NOMINAL DE 15 KV, TENSAO SECUNDARIA DE 220/127V, EM OLEO ISOLANTE TIPO MINERAL","UN",27079.18,"SINAPI-I"]
[7611,"TRANSFORMADOR TRIFASICO DE DISTRIBUICAO, POTENCIA DE 75 KVA, TENSAO NOMINAL DE 15 KV, TENSAO SECUNDARIA DE 220/127V, EM OLEO ISOLANTE TIPO MINERAL","UN",6506,"SINAPI-I"]
[7612,"TRANSFORMADOR TRIFASICO DE DISTRIBUICAO, POTENCIA DE 750 KVA, TENSAO NOMINAL DE 15 KV, TENSAO SECUNDARIA DE 220/127V, EM OLEO ISOLANTE TIPO MINERAL","UN",37143.72,"SINAPI-I"]
[37371,"TRANSPORTE - HORISTA (COLETADO CAIXA)","H",0.82,"SINAPI-I"]
[40861,"TRANSPORTE - MENSALISTA (COLETADO CAIXA)","MES",154.55000000000001,"SINAPI-I"]
[36510,"TRATOR DE ESTEIRAS, POTENCIA BRUTA DE 133 HP, PESO OPERACIONAL DE 14 T, COM LAMINA COM CAPACIDADE DE 3,00 M3","UN",560550.43000000005,"SINAPI-I"]
[25020,"TRATOR DE ESTEIRAS, POTENCIA BRUTA DE 347 HP, PESO OPERACIONAL DE 38,5 T, COM ESCARIFICADOR E LAMINA COM CAPACIDADE DE 4,70M3","UN",2309270.5699999998,"SINAPI-I"]
[7622,"TRATOR DE ESTEIRAS, POTENCIA DE 100 HP, PESO OPERACIONAL DE 9,4 T, COM LAMINA COM CAPACIDADE DE 2,19 M3","UN",543815.85,"SINAPI-I"]
[7624,"TRATOR DE ESTEIRAS, POTENCIA DE 150 HP, PESO OPERACIONAL DE 16,7 T, COM RODA MOTRIZ ELEVADA E LAMINA COM CONTATO DE 3,18M3","UN",705000,"SINAPI-I"]
[7625,"TRATOR DE ESTEIRAS, POTENCIA DE 170 HP, PESO OPERACIONAL DE 19 T, COM LAMINA COM CAPACIDADE DE 5,2 M3","UN",700688,"SINAPI-I"]
[7623,"TRATOR DE ESTEIRAS, POTENCIA DE 347 HP, PESO OPERACIONAL DE 38,5 T, COM LAMINA COM CAPACIDADE DE 8,70M3","UN",2309270.5699999998,"SINAPI-I"]
[36508,"TRATOR DE ESTEIRAS, POTENCIA NO VOLANTE DE 200 HP, PESO OPERACIONAL DE 20,1 T, COM RODA MOTRIZ ELEVADA E LAMINA COM CAPACIDADE DE 3,89 M3","UN",1038570.6,"SINAPI-I"]
[36509,"TRATOR DE ESTEIRAS, POTENCIA 125 HP, PESO OPERACIONAL DE 12,9 T, COM LAMINA COM CAPACIDADE DE 2,7 M3","UN",569174.27,"SINAPI-I"]
[13238,"TRATOR DE PNEUS COM POTENCIA DE 105 CV, TRACAO 4 X 4, PESO COM LASTRO DE 5775 KG","UN",153692.19,"SINAPI-I"]
[36511,"TRATOR DE PNEUS COM POTENCIA DE 122 CV, TRACAO 4 X 4, PESO COM LASTRO DE 4510 KG","UN",178087.78,"SINAPI-I"]
[36515,"TRATOR DE PNEUS COM POTENCIA DE 15 CV, PESO COM LASTRO DE 1160 KG","UN",52450.5,"SINAPI-I"]
[10598,"TRATOR DE PNEUS COM POTENCIA DE 50 CV, TRACAO 4 X 2, PESO COM LASTRO DE 2714 KG","UN",85056.42,"SINAPI-I"]
[7640,"TRATOR DE PNEUS COM POTENCIA DE 85 CV, TRACAO 4 X 4, PESO COM LASTRO DE 4675 KG","UN",130516.4,"SINAPI-I"]
[36513,"TRATOR DE PNEUS COM POTENCIA DE 85 CV, TURBO,  PESO COM LASTRO DE 4900 KG","UN",125728.75,"SINAPI-I"]
[36514,"TRATOR DE PNEUS COM POTENCIA DE 95 CV, TRACAO 4 X 4, PESO MAXIMO DE 5225 KG","UN",140274.62,"SINAPI-I"]
[36149,"TRAVA-QUEDAS EM ACO PARA CORDA DE 12 MM, EXTENSOR DE 25 X 300 MM, COM MOSQUETAO TIPO GANCHO TRAVA DUPLA","UN",158.62,"SINAPI-I"]
[43066,"TRELICA NERVURADA (ESPACADOR), ALTURA = 120,0 MM, DIAMETRO DOS BANZOS INFERIORES E SUPERIOR = 6,0 MM, DIAMETRO DA DIAGONAL = 4,2 MM (COLETADO CAIXA)","M",5.08,"SINAPI-I"]
[11581,"TRILHO EM ALUMINIO \"U\", COM ABAULADO PARA ROLDANA DE PORTA DE CORRER, *40 X 40* MM","M",23.17,"SINAPI-I"]
[11580,"TRILHO QUADRADO, EM ALUMINIO (VERGALHAO MACICO), 1/4\", (*6 X 6* CM), PARA RODIZIOS","M",10.55,"SINAPI-I"]
[38177,"TRINCO / FECHO TIPO AVIAO, EM ZAMAC CROMADO, *60* MM, PARA JANELAS - INCLUI PARAFUSOS","UN",7.16,"SINAPI-I"]
[10743,"TROLEY MANUAL CAPACIDADE 1 T","UN",561.91,"SINAPI-I"]
[39848,"TUBO / MANGUEIRA PRETA EM POLIETILENO, LINHA PESADA OU REFORCADA, TIPO ESPAGUETE, PARA INJECAO DE CALDA DE CIMENTO, D = 1/2\", ESPESSURA 1,5 MM","M",1.1200000000000001,"SINAPI-I"]
[20999,"TUBO ACO CARBONO COM COSTURA, NBR 5580, CLASSE L, DN = 15 MM, E = 2,25 MM, 1,06 KG/M","M",7.21,"SINAPI-I"]
[21001,"TUBO ACO CARBONO COM COSTURA, NBR 5580, CLASSE L, DN = 25 MM, E = 2,65 MM, 2,02 KG/M","M",13.45,"SINAPI-I"]
[21003,"TUBO ACO CARBONO COM COSTURA, NBR 5580, CLASSE L, DN = 40 MM, E = 3,0 MM, 3,34 KG/M","M",22.1,"SINAPI-I"]
[21006,"TUBO ACO CARBONO COM COSTURA, NBR 5580, CLASSE L, DN = 80 MM, E = 3,35 MM, 7,07 KG/M","M",46.9,"SINAPI-I"]
[21019,"TUBO ACO CARBONO COM COSTURA, NBR 5580, CLASSE M, DN = 25 MM, E = 3,35 MM, *2,50* KG//M","M",16.3,"SINAPI-I"]
[21021,"TUBO ACO CARBONO COM COSTURA, NBR 5580, CLASSE M, DN = 40 MM, E = 3,35 MM, *3,71* KG//M","M",25.77,"SINAPI-I"]
[21024,"TUBO ACO CARBONO COM COSTURA, NBR 5580, CLASSE M, DN = 80 MM, E = 4,05 MM, *8,47* KG/M","M",55.22,"SINAPI-I"]
[40624,"TUBO ACO CARBONO SEM COSTURA 1 1/2\", E= *3,68 MM, SCHEDULE 40, 4,05 KG/M","M",60.53,"SINAPI-I"]
[13127,"TUBO ACO CARBONO SEM COSTURA 1/2\", E= *2,77 MM, SCHEDULE 40, *1,27 KG/M","M",27,"SINAPI-I"]
[13137,"TUBO ACO CARBONO SEM COSTURA 1/2\", E= *3,73 MM, SCHEDULE 80, *1,62 KG/M","M",35.83,"SINAPI-I"]
[20989,"TUBO ACO CARBONO SEM COSTURA 14\", E= *11,13 MM, SCHEDULE 40, *94,55 KG/M","M",1283.57,"SINAPI-I"]
[21147,"TUBO ACO CARBONO SEM COSTURA 2 1/2\", E = 5,16 MM, SCHEDULE 40 (8,62 KG/M)","M",120.35,"SINAPI-I"]
[21148,"TUBO ACO CARBONO SEM COSTURA 2\", E= *3,91* MM, SCHEDULE 40, *5,43* KG/M","M",74.28,"SINAPI-I"]
[20984,"TUBO ACO CARBONO SEM COSTURA 20\", E= *12,70 MM, SCHEDULE 30, *154,97 KG/M","M",2462.9299999999998,"SINAPI-I"]
[13042,"TUBO ACO CARBONO SEM COSTURA 20\", E= *6,35 MM,  SCHEDULE 10, *78,46 KG/M","M",1364.83,"SINAPI-I"]
[21150,"TUBO ACO CARBONO SEM COSTURA 3/4\", E= *2,87 MM, SCHEDULE 40, *1,69 KG/M","M",36.83,"SINAPI-I"]
[13141,"TUBO ACO CARBONO SEM COSTURA 3/4\", E= *3,91 MM, SCHEDULE 80, *2,19 KG/M.","M",46.4,"SINAPI-I"]
[21151,"TUBO ACO CARBONO SEM COSTURA 4\", E= *6,02 MM, SCHEDULE 40, *16,06 KG/M","M",220.46,"SINAPI-I"]
[13142,"TUBO ACO CARBONO SEM COSTURA 4\", E= *8,56 MM, SCHEDULE 80, *22,31 KG/M","M",315.17,"SINAPI-I"]
[20994,"TUBO ACO CARBONO SEM COSTURA 6\", E= *10,97 MM, SCHEDULE 80, *42,56 KG/M","M",594.23,"SINAPI-I"]
[7672,"TUBO ACO CARBONO SEM COSTURA 6\", E= 7,11 MM,  SCHEDULE 40, *28,26 KG/M","M",389.28,"SINAPI-I"]
[20995,"TUBO ACO CARBONO SEM COSTURA 8\", E= *12,70 MM, SCHEDULE 80, *64,64 KG/M","M",780.93,"SINAPI-I"]
[7690,"TUBO ACO CARBONO SEM COSTURA 8\", E= *6,35 MM,  SCHEDULE 20, *33,27 KG/M","M",451.66,"SINAPI-I"]
[20980,"TUBO ACO CARBONO SEM COSTURA 8\", E= *7,04 MM, SCHEDULE 30, *36,75 KG/M","M",492.72,"SINAPI-I"]
[7661,"TUBO ACO CARBONO SEM COSTURA 8\", E= *8,18 MM, SCHEDULE 40, *42,55 KG/M","M",586.13,"SINAPI-I"]
[21016,"TUBO ACO GALVANIZADO COM COSTURA, CLASSE LEVE, DN 100 MM ( 4\"),  E = 3,75 MM,  *10,55* KG/M (NBR 5580)","M",84.22,"SINAPI-I"]
[21008,"TUBO ACO GALVANIZADO COM COSTURA, CLASSE LEVE, DN 15 MM ( 1/2\"),  E = 2,25 MM,  *1,2* KG/M (NBR 5580)","M",9.84,"SINAPI-I"]
[21009,"TUBO ACO GALVANIZADO COM COSTURA, CLASSE LEVE, DN 20 MM ( 3/4\"),  E = 2,25 MM,  *1,3* KG/M (NBR 5580)","M",12.81,"SINAPI-I"]
[21010,"TUBO ACO GALVANIZADO COM COSTURA, CLASSE LEVE, DN 25 MM ( 1\"),  E = 2,65 MM,  *2,11* KG/M (NBR 5580)","M",17.2,"SINAPI-I"]
[21011,"TUBO ACO GALVANIZADO COM COSTURA, CLASSE LEVE, DN 32 MM ( 1 1/4\"),  E = 2,65 MM,  *2,71* KG/M (NBR 5580)","M",25.07,"SINAPI-I"]
[21012,"TUBO ACO GALVANIZADO COM COSTURA, CLASSE LEVE, DN 40 MM ( 1 1/2\"),  E = 3,00 MM,  *3,48* KG/M (NBR 5580)","M",27.7,"SINAPI-I"]
[21013,"TUBO ACO GALVANIZADO COM COSTURA, CLASSE LEVE, DN 50 MM ( 2\"),  E = 3,00 MM,  *4,40* KG/M (NBR 5580)","M",36.15,"SINAPI-I"]
[21014,"TUBO ACO GALVANIZADO COM COSTURA, CLASSE LEVE, DN 65 MM ( 2 1/2\"),  E = 3,35 MM, * 6,23* KG/M (NBR 5580)","M",50.58,"SINAPI-I"]
[21015,"TUBO ACO GALVANIZADO COM COSTURA, CLASSE LEVE, DN 80 MM ( 3\"),  E = 3,35 MM, *7,32* KG/M (NBR 5580)","M",58.11,"SINAPI-I"]
[7697,"TUBO ACO GALVANIZADO COM COSTURA, CLASSE MEDIA, DN 1.1/2\", E = *3,25* MM, PESO *3,61* KG/M (NBR 5580)","M",27.73,"SINAPI-I"]
[7698,"TUBO ACO GALVANIZADO COM COSTURA, CLASSE MEDIA, DN 1.1/4\", E = *3,25* MM, PESO *3,14* KG/M (NBR 5580)","M",23.87,"SINAPI-I"]
[7691,"TUBO ACO GALVANIZADO COM COSTURA, CLASSE MEDIA, DN 1/2\", E = *2,65* MM, PESO *1,22* KG/M (NBR 5580)","M",10.08,"SINAPI-I"]
[40626,"TUBO ACO GALVANIZADO COM COSTURA, CLASSE MEDIA, DN 1\", E = 3,38 MM, PESO 2,50 KG/M (NBR 5580)","M",18.93,"SINAPI-I"]
[7701,"TUBO ACO GALVANIZADO COM COSTURA, CLASSE MEDIA, DN 2.1/2\", E = *3,65* MM, PESO *6,51* KG/M (NBR 5580)","M",49.62,"SINAPI-I"]
[7696,"TUBO ACO GALVANIZADO COM COSTURA, CLASSE MEDIA, DN 2\", E = *3,65* MM, PESO *5,10* KG/M (NBR 5580)","M",39.99,"SINAPI-I"]
[7700,"TUBO ACO GALVANIZADO COM COSTURA, CLASSE MEDIA, DN 3/4\", E = *2,65* MM, PESO *1,58* KG/M (NBR 5580)","M",12.75,"SINAPI-I"]
[7694,"TUBO ACO GALVANIZADO COM COSTURA, CLASSE MEDIA, DN 3\", E = *4,05* MM, PESO *8,47* KG/M (NBR 5580)","M",66.78,"SINAPI-I"]
[7693,"TUBO ACO GALVANIZADO COM COSTURA, CLASSE MEDIA, DN 4\", E = 4,50* MM, PESO 12,10* KG/M (NBR 5580)","M",91.97,"SINAPI-I"]
[7692,"TUBO ACO GALVANIZADO COM COSTURA, CLASSE MEDIA, DN 5\", E = *5,40* MM, PESO *17,80* KG/M (NBR 5580)","M",137.69,"SINAPI-I"]
[7695,"TUBO ACO GALVANIZADO COM COSTURA, CLASSE MEDIA, DN 6\", E = 4,85* MM, PESO 19,68* KG/M (NBR 5580)","M",149.33000000000001,"SINAPI-I"]
[13356,"TUBO ACO INDUSTRIAL DN 2\" (50,8 MM) E=1,50MM, PESO= 1,8237 KG/M","M",10.82,"SINAPI-I"]
[36365,"TUBO COLETOR DE ESGOTO PVC, JEI, DN 100 MM (NBR  7362)","M",20.3,"SINAPI-I"]
[41930,"TUBO COLETOR DE ESGOTO PVC, JEI, DN 200 MM (NBR 7362)","M",65.709999999999994,"SINAPI-I"]
[41931,"TUBO COLETOR DE ESGOTO PVC, JEI, DN 250 MM (NBR 7362)","M",112.05,"SINAPI-I"]
[41932,"TUBO COLETOR DE ESGOTO PVC, JEI, DN 300 MM (NBR 7362)","M",180.99,"SINAPI-I"]
[41933,"TUBO COLETOR DE ESGOTO PVC, JEI, DN 350 MM (NBR 7362)","M",224.16,"SINAPI-I"]
[41934,"TUBO COLETOR DE ESGOTO PVC, JEI, DN 400 MM (NBR 7362)","M",290.33999999999997,"SINAPI-I"]
[41936,"TUBO COLETOR DE ESGOTO, PVC, JEI, DN 150 MM  (NBR 7362)","M",43.77,"SINAPI-I"]
[7720,"TUBO CONCRETO ARMADO, CLASSE EA-2, PB JE, DN 1000 MM, PARA ESGOTO SANITARIO (NBR 8890)","M",365.92,"SINAPI-I"]
[40335,"TUBO CONCRETO ARMADO, CLASSE EA-2, PB JE, DN 300 MM, PARA ESGOTO SANITARIO (NBR 8890)","M",74.53,"SINAPI-I"]
[7740,"TUBO CONCRETO ARMADO, CLASSE EA-2, PB JE, DN 400 MM, PARA ESGOTO SANITARIO (NBR 8890)","M",101.69,"SINAPI-I"]
[7741,"TUBO CONCRETO ARMADO, CLASSE EA-2, PB JE, DN 500 MM, PARA ESGOTO SANITARIO (NBR 8890)","M",128.33000000000001,"SINAPI-I"]
[7774,"TUBO CONCRETO ARMADO, CLASSE EA-2, PB JE, DN 600 MM, PARA ESGOTO SANITARIO (NBR 8890)","M",172.75,"SINAPI-I"]
[7744,"TUBO CONCRETO ARMADO, CLASSE EA-2, PB JE, DN 700 MM, PARA ESGOTO SANITARIO (NBR 8890)","M",199.14,"SINAPI-I"]
[7773,"TUBO CONCRETO ARMADO, CLASSE EA-2, PB JE, DN 800 MM, PARA ESGOTO SANITARIO (NBR 8890)","M",248.01,"SINAPI-I"]
[7754,"TUBO CONCRETO ARMADO, CLASSE EA-2, PB JE, DN 900 MM, PARA ESGOTO SANITARIO (NBR 8890)","M",337.03,"SINAPI-I"]
[7735,"TUBO CONCRETO ARMADO, CLASSE EA-3, PB JE, DN 1000 MM, PARA ESGOTO SANITARIO (NBR 8890)","M",461.93,"SINAPI-I"]
[7755,"TUBO CONCRETO ARMADO, CLASSE EA-3, PB JE, DN 400 MM, PARA ESGOTO SANITARIO (NBR 8890)","M",123.88,"SINAPI-I"]
[7776,"TUBO CONCRETO ARMADO, CLASSE EA-3, PB JE, DN 500 MM, PARA ESGOTO SANITARIO (NBR 8890)","M",161.22999999999999,"SINAPI-I"]
[7743,"TUBO CONCRETO ARMADO, CLASSE EA-3, PB JE, DN 600 MM, PARA ESGOTO SANITARIO (NBR 8890)","M",212.92,"SINAPI-I"]
[7733,"TUBO CONCRETO ARMADO, CLASSE EA-3, PB JE, DN 700 MM, PARA ESGOTO SANITARIO (NBR 8890)","M",237.42,"SINAPI-I"]
[7775,"TUBO CONCRETO ARMADO, CLASSE EA-3, PB JE, DN 800 MM, PARA ESGOTO SANITARIO (NBR 8890)","M",292.11,"SINAPI-I"]
[7734,"TUBO CONCRETO ARMADO, CLASSE EA-3, PB JE, DN 900 MM, PARA ESGOTO SANITARIO (NBR 8890)","M",422.3,"SINAPI-I"]
[7753,"TUBO CONCRETO ARMADO, CLASSE PA-1, PB, DN 1000 MM, PARA AGUAS PLUVIAIS (NBR 8890)","M",214.11,"SINAPI-I"]
[13256,"TUBO CONCRETO ARMADO, CLASSE PA-1, PB, DN 1100 MM, PARA AGUAS PLUVIAIS (NBR 8890)","M",249.94,"SINAPI-I"]
[7757,"TUBO CONCRETO ARMADO, CLASSE PA-1, PB, DN 1200 MM, PARA AGUAS PLUVIAIS (NBR 8890)","M",303.44,"SINAPI-I"]
[7758,"TUBO CONCRETO ARMADO, CLASSE PA-1, PB, DN 1500 MM, PARA AGUAS PLUVIAIS (NBR 8890)","M",451.33,"SINAPI-I"]
[7759,"TUBO CONCRETO ARMADO, CLASSE PA-1, PB, DN 2000 MM, PARA AGUAS PLUVIAIS (NBR 8890)","M",983.3,"SINAPI-I"]
[40334,"TUBO CONCRETO ARMADO, CLASSE PA-1, PB, DN 300 MM, PARA AGUAS PLUVIAIS (NBR 8890)","M",53.09,"SINAPI-I"]
[7745,"TUBO CONCRETO ARMADO, CLASSE PA-1, PB, DN 400 MM, PARA AGUAS PLUVIAIS (NBR 8890)","M",56.1,"SINAPI-I"]
[7714,"TUBO CONCRETO ARMADO, CLASSE PA-1, PB, DN 500 MM, PARA AGUAS PLUVIAIS (NBR 8890)","M",74.08,"SINAPI-I"]
[7725,"TUBO CONCRETO ARMADO, CLASSE PA-1, PB, DN 600 MM, PARA AGUAS PLUVIAIS (NBR 8890)","M",98,"SINAPI-I"]
[7742,"TUBO CONCRETO ARMADO, CLASSE PA-1, PB, DN 700 MM, PARA AGUAS PLUVIAIS (NBR 8890)","M",137.55000000000001,"SINAPI-I"]
[7750,"TUBO CONCRETO ARMADO, CLASSE PA-1, PB, DN 800 MM, PARA AGUAS PLUVIAIS (NBR 8890)","M",155.99,"SINAPI-I"]
[7756,"TUBO CONCRETO ARMADO, CLASSE PA-1, PB, DN 900 MM, PARA AGUAS PLUVIAIS (NBR 8890)","M",192.58,"SINAPI-I"]
[7765,"TUBO CONCRETO ARMADO, CLASSE PA-2, PB, DN 1000 MM, PARA AGUAS PLUVIAIS (NBR 8890)","M",236.45,"SINAPI-I"]
[12569,"TUBO CONCRETO ARMADO, CLASSE PA-2, PB, DN 1100 MM, PARA AGUAS PLUVIAIS (NBR 8890)","M",254.44,"SINAPI-I"]
[7766,"TUBO CONCRETO ARMADO, CLASSE PA-2, PB, DN 1200 MM, PARA AGUAS PLUVIAIS (NBR 8890)","M",343.89,"SINAPI-I"]
[7767,"TUBO CONCRETO ARMADO, CLASSE PA-2, PB, DN 1500 MM, PARA AGUAS PLUVIAIS (NBR 8890)","M",529.91999999999996,"SINAPI-I"]
[7727,"TUBO CONCRETO ARMADO, CLASSE PA-2, PB, DN 2000 MM, PARA AGUAS PLUVIAIS (NBR 8890)","M",1150.82,"SINAPI-I"]
[7760,"TUBO CONCRETO ARMADO, CLASSE PA-2, PB, DN 300 MM, PARA AGUAS PLUVIAIS (NBR 8890)","M",55.83,"SINAPI-I"]
[7761,"TUBO CONCRETO ARMADO, CLASSE PA-2, PB, DN 400 MM, PARA AGUAS PLUVIAIS (NBR 8890)","M",59.33,"SINAPI-I"]
[7752,"TUBO CONCRETO ARMADO, CLASSE PA-2, PB, DN 500 MM, PARA AGUAS PLUVIAIS (NBR 8890)","M",71.88,"SINAPI-I"]
[7762,"TUBO CONCRETO ARMADO, CLASSE PA-2, PB, DN 600 MM, PARA AGUAS PLUVIAIS (NBR 8890)","M",94.04,"SINAPI-I"]
[7722,"TUBO CONCRETO ARMADO, CLASSE PA-2, PB, DN 700 MM, PARA AGUAS PLUVIAIS (NBR 8890)","M",145.01,"SINAPI-I"]
[7763,"TUBO CONCRETO ARMADO, CLASSE PA-2, PB, DN 800 MM, PARA AGUAS PLUVIAIS (NBR 8890)","M",161.61000000000001,"SINAPI-I"]
[7764,"TUBO CONCRETO ARMADO, CLASSE PA-2, PB, DN 900 MM, PARA AGUAS PLUVIAIS (NBR 8890)","M",242.75,"SINAPI-I"]
[12572,"TUBO CONCRETO ARMADO, CLASSE PA-3, PB, DN 1000 MM, PARA AGUAS PLUVIAIS (NBR 8890)","M",318.27,"SINAPI-I"]
[12573,"TUBO CONCRETO ARMADO, CLASSE PA-3, PB, DN 1100 MM, PARA AGUAS PLUVIAIS (NBR 8890)","M",334.45,"SINAPI-I"]
[12574,"TUBO CONCRETO ARMADO, CLASSE PA-3, PB, DN 1200 MM, PARA AGUAS PLUVIAIS (NBR 8890)","M",434.59,"SINAPI-I"]
[12575,"TUBO CONCRETO ARMADO, CLASSE PA-3, PB, DN 1500 MM, PARA AGUAS PLUVIAIS (NBR 8890)","M",637.89,"SINAPI-I"]
[12576,"TUBO CONCRETO ARMADO, CLASSE PA-3, PB, DN 400 MM, PARA AGUAS PLUVIAIS (NBR 8890)","M",67.430000000000007,"SINAPI-I"]
[12577,"TUBO CONCRETO ARMADO, CLASSE PA-3, PB, DN 500 MM, PARA AGUAS PLUVIAIS (NBR 8890)","M",87.21,"SINAPI-I"]
[12578,"TUBO CONCRETO ARMADO, CLASSE PA-3, PB, DN 600 MM, PARA AGUAS PLUVIAIS (NBR 8890)","M",116.97,"SINAPI-I"]
[12579,"TUBO CONCRETO ARMADO, CLASSE PA-3, PB, DN 700 MM, PARA AGUAS PLUVIAIS (NBR 8890)","M",171.27,"SINAPI-I"]
[12580,"TUBO CONCRETO ARMADO, CLASSE PA-3, PB, DN 800 MM, PARA AGUAS PLUVIAIS (NBR 8890)","M",221.1,"SINAPI-I"]
[12581,"TUBO CONCRETO ARMADO, CLASSE PA-3, PB, DN 900 MM, PARA AGUAS PLUVIAIS (NBR 8890)","M",302.54000000000002,"SINAPI-I"]
[41785,"TUBO CORRUGADO PEAD, PAREDE DUPLA, INTERNA LISA, JEI, DN/DI *1000* MM, PARA SANEAMENTO","M",1157.3800000000001,"SINAPI-I"]
[41781,"TUBO CORRUGADO PEAD, PAREDE DUPLA, INTERNA LISA, JEI, DN/DI *400* MM, PARA SANEAMENTO","M",329.98,"SINAPI-I"]
[41783,"TUBO CORRUGADO PEAD, PAREDE DUPLA, INTERNA LISA, JEI, DN/DI *800* MM, PARA SANEAMENTO","M",870.76,"SINAPI-I"]
[41786,"TUBO CORRUGADO PEAD, PAREDE DUPLA, INTERNA LISA, JEI, DN/DI 1200 MM, PARA SANEAMENTO","M",1816.5,"SINAPI-I"]
[41779,"TUBO CORRUGADO PEAD, PAREDE DUPLA, INTERNA LISA, JEI, DN/DI 250 MM, PARA SANEAMENTO","M",126.55,"SINAPI-I"]
[41780,"TUBO CORRUGADO PEAD, PAREDE DUPLA, INTERNA LISA, JEI, DN/DI 300 MM, PARA SANEAMENTO","M",149.68,"SINAPI-I"]
[41782,"TUBO CORRUGADO PEAD, PAREDE DUPLA, INTERNA LISA, JEI, DN/DI 600 MM, PARA SANEAMENTO","M",617.03,"SINAPI-I"]
[38130,"TUBO CPVC SOLDAVEL, 35 MM, AGUA QUENTE PREDIAL (NBR 15884)","M",24.91,"SINAPI-I"]
[21123,"TUBO CPVC, SOLDAVEL, 15 MM, AGUA QUENTE PREDIAL (NBR 15884)","M",7.07,"SINAPI-I"]
[21124,"TUBO CPVC, SOLDAVEL, 22 MM, AGUA QUENTE PREDIAL (NBR 15884)","M",12.53,"SINAPI-I"]
[21125,"TUBO CPVC, SOLDAVEL, 28 MM, AGUA QUENTE PREDIAL (NBR 15884)","M",20.12,"SINAPI-I"]
[38028,"TUBO CPVC, SOLDAVEL, 42 MM, AGUA QUENTE PREDIAL (NBR 15884)","M",34.14,"SINAPI-I"]
[38029,"TUBO CPVC, SOLDAVEL, 54 MM, AGUA QUENTE PREDIAL (NBR 15884)","M",52.04,"SINAPI-I"]
[38030,"TUBO CPVC, SOLDAVEL, 73 MM, AGUA QUENTE PREDIAL (NBR 15884)","M",79.94,"SINAPI-I"]
[38031,"TUBO CPVC, SOLDAVEL, 89 MM, AGUA QUENTE PREDIAL (NBR 15884)","M",126.68,"SINAPI-I"]
[39735,"TUBO DE BORRACHA ELASTOMERICA FLEXIVEL, PRETA, PARA ISOLAMENTO TERMICO DE TUBULACAO, DN 1 1/8\" (28 MM), E= 32 MM, COEFICIENTE DE CONDUTIVIDADE TERMICA 0,036W/mK, VAPOR DE AGUA MAIOR OU IGUAL A 10.000","M",80.64,"SINAPI-I"]
[39734,"TUBO DE BORRACHA ELASTOMERICA FLEXIVEL, PRETA, PARA ISOLAMENTO TERMICO DE TUBULACAO, DN 1 3/8\" (35 MM), E= 32 MM, COEFICIENTE DE CONDUTIVIDADE TERMICA 0,036W/mK, VAPOR DE AGUA MAIOR OU IGUAL A 10.000","M",95.66,"SINAPI-I"]
[39736,"TUBO DE BORRACHA ELASTOMERICA FLEXIVEL, PRETA, PARA ISOLAMENTO TERMICO DE TUBULACAO, DN 1 5/8\" (42 MM), E= 32 MM, COEFICIENTE DE CONDUTIVIDADE TERMICA 0,036W/mK, VAPOR DE AGUA MAIOR OU IGUAL A 10.000","M",109.17,"SINAPI-I"]
[39737,"TUBO DE BORRACHA ELASTOMERICA FLEXIVEL, PRETA, PARA ISOLAMENTO TERMICO DE TUBULACAO, DN 1/2\" (12 MM), E= 19 MM, COEFICIENTE DE CONDUTIVIDADE TERMICA 0,036W/mK, VAPOR DE AGUA MAIOR OU IGUAL A 10.000","M",14.68,"SINAPI-I"]
[39738,"TUBO DE BORRACHA ELASTOMERICA FLEXIVEL, PRETA, PARA ISOLAMENTO TERMICO DE TUBULACAO, DN 1/4\" (6 MM), E= 9 MM, COEFICIENTE DE CONDUTIVIDADE TERMICA 0,036W/mK, VAPOR DE AGUA MAIOR OU IGUAL A 10.000","M",5.31,"SINAPI-I"]
[39739,"TUBO DE BORRACHA ELASTOMERICA FLEXIVEL, PRETA, PARA ISOLAMENTO TERMICO DE TUBULACAO, DN 1\" (25 MM), E= 32 MM, COEFICIENTE DE CONDUTIVIDADE TERMICA 0,036W/mK, VAPOR DE AGUA MAIOR OU IGUAL A 10.000","M",75.5,"SINAPI-I"]
[39733,"TUBO DE BORRACHA ELASTOMERICA FLEXIVEL, PRETA, PARA ISOLAMENTO TERMICO DE TUBULACAO, DN 2 1/8\" (54 MM), E= 32 MM, COEFICIENTE DE CONDUTIVIDADE TERMICA 0,036W/mK, VAPOR DE AGUA MAIOR OU IGUAL A 10.000","M",130.65,"SINAPI-I"]
[39854,"TUBO DE BORRACHA ELASTOMERICA FLEXIVEL, PRETA, PARA ISOLAMENTO TERMICO DE TUBULACAO, DN 2 5/8\" (*64* MM), E= *32* MM, COEFICIENTE DE CONDUTIVIDADE TERMICA 0,036W/MK, VAPOR DE AGUA MAIOR OU IGUAL A 10.000","M",132.5,"SINAPI-I"]
[39740,"TUBO DE BORRACHA ELASTOMERICA FLEXIVEL, PRETA, PARA ISOLAMENTO TERMICO DE TUBULACAO, DN 3/4\" (18 MM), E= 32 MM, COEFICIENTE DE CONDUTIVIDADE TERMICA 0,036W/mK, VAPOR DE AGUA MAIOR OU IGUAL A 10.000","M",72.5,"SINAPI-I"]
[39741,"TUBO DE BORRACHA ELASTOMERICA FLEXIVEL, PRETA, PARA ISOLAMENTO TERMICO DE TUBULACAO, DN 3/8\" (10 MM), E= 19 MM, COEFICIENTE DE CONDUTIVIDADE TERMICA 0,036W/mK, VAPOR DE AGUA MAIOR OU IGUAL A 10.000","M",13.36,"SINAPI-I"]
[39853,"TUBO DE BORRACHA ELASTOMERICA FLEXIVEL, PRETA, PARA ISOLAMENTO TERMICO DE TUBULACAO, DN 5/8\" (15 MM), E= 19 MM, COEFICIENTE DE CONDUTIVIDADE TERMICA 0,036W/MK, VAPOR DE AGUA MAIOR OU IGUAL A 10.000","M",17.55,"SINAPI-I"]
[39742,"TUBO DE BORRACHA ELASTOMERICA FLEXIVEL, PRETA, PARA ISOLAMENTO TERMICO DE TUBULACAO, DN 7/8\" (22 MM), E= 32 MM, COEFICIENTE DE CONDUTIVIDADE TERMICA 0,036W/mK, VAPOR DE AGUA MAIOR OU IGUAL A 10.000","M",58.27,"SINAPI-I"]
[39749,"TUBO DE COBRE CLASSE \"A\", DN = 1 \" (28 MM), PARA INSTALACOES DE MEDIA PRESSAO PARA GASES COMBUSTIVEIS E MEDICINAIS","M",52.71,"SINAPI-I"]
[39751,"TUBO DE COBRE CLASSE \"A\", DN = 1 1/2 \" (42 MM), PARA INSTALACOES DE MEDIA PRESSAO PARA GASES COMBUSTIVEIS E MEDICINAIS","M",95.78,"SINAPI-I"]
[39750,"TUBO DE COBRE CLASSE \"A\", DN = 1 1/4 \" (35 MM), PARA INSTALACOES DE MEDIA PRESSAO PARA GASES COMBUSTIVEIS E MEDICINAIS","M",79.61,"SINAPI-I"]
[39747,"TUBO DE COBRE CLASSE \"A\", DN = 1/2 \" (15 MM), PARA INSTALACOES DE MEDIA PRESSAO PARA GASES COMBUSTIVEIS E MEDICINAIS","M",25.61,"SINAPI-I"]
[39753,"TUBO DE COBRE CLASSE \"A\", DN = 2 1/2 \" (66 MM), PARA INSTALACOES DE MEDIA PRESSAO PARA GASES COMBUSTIVEIS E MEDICINAIS","M",176.31,"SINAPI-I"]
[39754,"TUBO DE COBRE CLASSE \"A\", DN = 3 \" (79 MM), PARA INSTALACOES DE MEDIA PRESSAO PARA GASES COMBUSTIVEIS E MEDICINAIS","M",259.75,"SINAPI-I"]
[39748,"TUBO DE COBRE CLASSE \"A\", DN = 3/4 \" (22 MM), PARA INSTALACOES DE MEDIA PRESSAO PARA GASES COMBUSTIVEIS E MEDICINAIS","M",41.43,"SINAPI-I"]
[39755,"TUBO DE COBRE CLASSE \"A\", DN = 4 \" (104 MM), PARA INSTALACOES DE MEDIA PRESSAO PARA GASES COMBUSTIVEIS E MEDICINAIS","M",393.85,"SINAPI-I"]
[12742,"TUBO DE COBRE CLASSE \"E\", DN = 104 MM, PARA INSTALACAO HIDRAULICA PREDIAL","M",311.86,"SINAPI-I"]
[12713,"TUBO DE COBRE CLASSE \"E\", DN = 15 MM, PARA INSTALACAO HIDRAULICA PREDIAL","M",16.54,"SINAPI-I"]
[12743,"TUBO DE COBRE CLASSE \"E\", DN = 22 MM, PARA INSTALACAO HIDRAULICA PREDIAL","M",28.45,"SINAPI-I"]
[12744,"TUBO DE COBRE CLASSE \"E\", DN = 28 MM, PARA INSTALACAO HIDRAULICA PREDIAL","M",36.11,"SINAPI-I"]
[12745,"TUBO DE COBRE CLASSE \"E\", DN = 35 MM, PARA INSTALACAO HIDRAULICA PREDIAL","M",52.44,"SINAPI-I"]
[12746,"TUBO DE COBRE CLASSE \"E\", DN = 42 MM, PARA INSTALACAO HIDRAULICA PREDIAL","M",70.81,"SINAPI-I"]
[12747,"TUBO DE COBRE CLASSE \"E\", DN = 54 MM, PARA INSTALACAO HIDRAULICA PREDIAL","M",102.69,"SINAPI-I"]
[12748,"TUBO DE COBRE CLASSE \"E\", DN = 66 MM, PARA INSTALACAO HIDRAULICA PREDIAL","M",144.66999999999999,"SINAPI-I"]
[12749,"TUBO DE COBRE CLASSE \"E\", DN = 79 MM, PARA INSTALACAO HIDRAULICA PREDIAL","M",211.49,"SINAPI-I"]
[39726,"TUBO DE COBRE CLASSE \"I\", DN = 1 \" (28 MM), PARA INSTALACOES INDUSTRIAIS DE ALTA PRESSAO E VAPOR","M",69.459999999999994,"SINAPI-I"]
[39728,"TUBO DE COBRE CLASSE \"I\", DN = 1 1/2 \" (42 MM), PARA INSTALACOES INDUSTRIAIS DE ALTA PRESSAO E VAPOR","M",122.09,"SINAPI-I"]
[39727,"TUBO DE COBRE CLASSE \"I\", DN = 1 1/4 \" (35 MM), PARA INSTALACOES INDUSTRIAIS DE ALTA PRESSAO E VAPOR","M",100.47,"SINAPI-I"]
[39724,"TUBO DE COBRE CLASSE \"I\", DN = 1/2 \" (15 MM), PARA INSTALACOES INDUSTRIAIS DE ALTA PRESSAO E VAPOR","M",30.76,"SINAPI-I"]
[39729,"TUBO DE COBRE CLASSE \"I\", DN = 2 \" (54 MM), PARA INSTALACOES INDUSTRIAIS DE ALTA PRESSAO E VAPOR","M",169.07,"SINAPI-I"]
[39730,"TUBO DE COBRE CLASSE \"I\", DN = 2 1/2 \" (66 MM), PARA INSTALACOES INDUSTRIAIS DE ALTA PRESSAO E VAPOR","M",219.36,"SINAPI-I"]
[39731,"TUBO DE COBRE CLASSE \"I\", DN = 3 \" (79 MM), PARA INSTALACOES INDUSTRIAIS DE ALTA PRESSAO E VAPOR","M",324.89,"SINAPI-I"]
[39725,"TUBO DE COBRE CLASSE \"I\", DN = 3/4 \" (22 MM), PARA INSTALACOES INDUSTRIAIS DE ALTA PRESSAO E VAPOR","M",50.14,"SINAPI-I"]
[39732,"TUBO DE COBRE CLASSE \"I\", DN = 4\" (104 MM), PARA INSTALACOES INDUSTRIAIS DE ALTA PRESSAO E VAPOR","M",478.22,"SINAPI-I"]
[39660,"TUBO DE COBRE FLEXIVEL, D = 1/2 \", E = 0,79 MM, PARA AR-CONDICIONADO/ INSTALACOES GAS RESIDENCIAIS E COMERCIAIS","M",21.79,"SINAPI-I"]
[39662,"TUBO DE COBRE FLEXIVEL, D = 1/4 \", E = 0,79 MM, PARA AR-CONDICIONADO/ INSTALACOES GAS RESIDENCIAIS E COMERCIAIS","M",10.44,"SINAPI-I"]
[39661,"TUBO DE COBRE FLEXIVEL, D = 3/16 \", E = 0,79 MM, PARA AR-CONDICIONADO/ INSTALACOES GAS RESIDENCIAIS E COMERCIAIS","M",7.12,"SINAPI-I"]
[39666,"TUBO DE COBRE FLEXIVEL, D = 3/4 \", E = 0,79 MM, PARA AR-CONDICIONADO/ INSTALACOES GAS RESIDENCIAIS E COMERCIAIS","M",32.78,"SINAPI-I"]
[39664,"TUBO DE COBRE FLEXIVEL, D = 3/8 \", E = 0,79 MM, PARA AR-CONDICIONADO/ INSTALACOES GAS RESIDENCIAIS E COMERCIAIS","M",16.059999999999999,"SINAPI-I"]
[39663,"TUBO DE COBRE FLEXIVEL, D = 5/16 \", E = 0,79 MM, PARA AR-CONDICIONADO/ INSTALACOES GAS RESIDENCIAIS E COMERCIAIS","M",12.84,"SINAPI-I"]
[39665,"TUBO DE COBRE FLEXIVEL, D = 5/8 \", E = 0,79 MM, PARA AR-CONDICIONADO/ INSTALACOES GAS RESIDENCIAIS E COMERCIAIS","M",27.1,"SINAPI-I"]
[39752,"TUBO DE COBRE, CLASSE \"A\", DN = 2\" (54 MM), PARA INSTALACOES DE MEDIA PRESSAO PARA GASES COMBUSTIVEIS E MEDICINAIS","M",136.29,"SINAPI-I"]
[12583,"TUBO DE CONCRETO SIMPLES POROSO, MACHO/FEMEA, DN 200 MM","M",18.87,"SINAPI-I"]
[12584,"TUBO DE CONCRETO SIMPLES POROSO, MACHO/FEMEA, DN 300 MM","M",18.16,"SINAPI-I"]
[13159,"TUBO DE CONCRETO SIMPLES, CLASSE ES, PB JE, DN 400 MM, PARA ESGOTO SANITARIO (NBR 8890)","M",55.03,"SINAPI-I"]
[13168,"TUBO DE CONCRETO SIMPLES, CLASSE ES, PB JE, DN 500 MM, PARA ESGOTO SANITARIO (NBR 8890)","M",82.74,"SINAPI-I"]
[13173,"TUBO DE CONCRETO SIMPLES, CLASSE ES, PB JE, DN 600 MM, PARA ESGOTO SANITARIO (NBR 8890)","M",102.03,"SINAPI-I"]
[37449,"TUBO DE CONCRETO SIMPLES, CLASSE- PS1, MACHO/FEMEA, DN 200 MM, PARA AGUAS PLUVIAIS (NBR 8890)","M",16.87,"SINAPI-I"]
[37450,"TUBO DE CONCRETO SIMPLES, CLASSE- PS1, MACHO/FEMEA, DN 300 MM, PARA AGUAS PLUVIAIS (NBR 8890)","M",20.56,"SINAPI-I"]
[37451,"TUBO DE CONCRETO SIMPLES, CLASSE- PS1, MACHO/FEMEA, DN 400 MM, PARA AGUAS PLUVIAIS (NBR 8890)","M",31.49,"SINAPI-I"]
[37452,"TUBO DE CONCRETO SIMPLES, CLASSE- PS1, MACHO/FEMEA, DN 500 MM, PARA AGUAS PLUVIAIS (NBR 8890)","M",41.77,"SINAPI-I"]
[37453,"TUBO DE CONCRETO SIMPLES, CLASSE- PS1, MACHO/FEMEA, DN 600 MM, PARA AGUAS PLUVIAIS (NBR 8890)","M",52.42,"SINAPI-I"]
[7778,"TUBO DE CONCRETO SIMPLES, CLASSE- PS1, PB, DN 200 MM, PARA AGUAS PLUVIAIS (NBR 8890)","M",19.68,"SINAPI-I"]
[7796,"TUBO DE CONCRETO SIMPLES, CLASSE- PS1, PB, DN 300 MM, PARA AGUAS PLUVIAIS (NBR 8890)","M",23.7,"SINAPI-I"]
[7781,"TUBO DE CONCRETO SIMPLES, CLASSE- PS1, PB, DN 400 MM, PARA AGUAS PLUVIAIS (NBR 8890)","M",31.33,"SINAPI-I"]
[7795,"TUBO DE CONCRETO SIMPLES, CLASSE- PS1, PB, DN 500 MM, PARA AGUAS PLUVIAIS (NBR 8890)","M",45.39,"SINAPI-I"]
[7791,"TUBO DE CONCRETO SIMPLES, CLASSE- PS1, PB, DN 600 MM, PARA AGUAS PLUVIAIS (NBR 8890)","M",57.84,"SINAPI-I"]
[7783,"TUBO DE CONCRETO SIMPLES, CLASSE- PS2, PB, DN 200 MM, PARA AGUAS PLUVIAIS (NBR 8890)","M",22.09,"SINAPI-I"]
[7790,"TUBO DE CONCRETO SIMPLES, CLASSE- PS2, PB, DN 300 MM, PARA AGUAS PLUVIAIS (NBR 8890)","M",25.7,"SINAPI-I"]
[7785,"TUBO DE CONCRETO SIMPLES, CLASSE- PS2, PB, DN 400 MM, PARA AGUAS PLUVIAIS (NBR 8890)","M",33.74,"SINAPI-I"]
[7792,"TUBO DE CONCRETO SIMPLES, CLASSE- PS2, PB, DN 500 MM, PARA AGUAS PLUVIAIS (NBR 8890)","M",49,"SINAPI-I"]
[7793,"TUBO DE CONCRETO SIMPLES, CLASSE- PS2, PB, DN 600 MM, PARA AGUAS PLUVIAIS (NBR 8890)","M",63.24,"SINAPI-I"]
[12613,"TUBO DE DESCARGA PVC, PARA LIGACAO CAIXA DE DESCARGA - EMBUTIR, 40 MM X 150 CM","UN",12.17,"SINAPI-I"]
[1031,"TUBO DE DESCIDA EXTERNO DE PVC PARA CAIXA DE DESCARGA EXTERNA ALTA - 40 MM X 1,60 M","UN",8.4600000000000009,"SINAPI-I"]
[39707,"TUBO DE ESPUMA DE POLIETILENO EXPANDIDO FLEXIVEL PARA ISOLAMENTO TERMICO DE TUBULACAO DE AR CONDICIONADO, AGUA QUENTE,  DN 1 1/2\", E= 10 MM","M",3.22,"SINAPI-I"]
[39708,"TUBO DE ESPUMA DE POLIETILENO EXPANDIDO FLEXIVEL PARA ISOLAMENTO TERMICO DE TUBULACAO DE AR CONDICIONADO, AGUA QUENTE,  DN 1 1/4\", E= 10 MM","M",3.12,"SINAPI-I"]
[39710,"TUBO DE ESPUMA DE POLIETILENO EXPANDIDO FLEXIVEL PARA ISOLAMENTO TERMICO DE TUBULACAO DE AR CONDICIONADO, AGUA QUENTE,  DN 1 1/8\", E= 10 MM","M",2.19,"SINAPI-I"]
[39709,"TUBO DE ESPUMA DE POLIETILENO EXPANDIDO FLEXIVEL PARA ISOLAMENTO TERMICO DE TUBULACAO DE AR CONDICIONADO, AGUA QUENTE,  DN 1 3/8\", E= 10 MM","M",3.05,"SINAPI-I"]
[39711,"TUBO DE ESPUMA DE POLIETILENO EXPANDIDO FLEXIVEL PARA ISOLAMENTO TERMICO DE TUBULACAO DE AR CONDICIONADO, AGUA QUENTE,  DN 1 5/8\", E= 10 MM","M",3.42,"SINAPI-I"]
[39712,"TUBO DE ESPUMA DE POLIETILENO EXPANDIDO FLEXIVEL PARA ISOLAMENTO TERMICO DE TUBULACAO DE AR CONDICIONADO, AGUA QUENTE,  DN 1/2\", E= 10 MM","M",1.2,"SINAPI-I"]
[39713,"TUBO DE ESPUMA DE POLIETILENO EXPANDIDO FLEXIVEL PARA ISOLAMENTO TERMICO DE TUBULACAO DE AR CONDICIONADO, AGUA QUENTE,  DN 1/4\", E= 10 MM","M",0.95,"SINAPI-I"]
[39714,"TUBO DE ESPUMA DE POLIETILENO EXPANDIDO FLEXIVEL PARA ISOLAMENTO TERMICO DE TUBULACAO DE AR CONDICIONADO, AGUA QUENTE,  DN 1\", E= 10 MM","M",2.17,"SINAPI-I"]
[39715,"TUBO DE ESPUMA DE POLIETILENO EXPANDIDO FLEXIVEL PARA ISOLAMENTO TERMICO DE TUBULACAO DE AR CONDICIONADO, AGUA QUENTE,  DN 3/4\", E= 10 MM","M",1.55,"SINAPI-I"]
[39716,"TUBO DE ESPUMA DE POLIETILENO EXPANDIDO FLEXIVEL PARA ISOLAMENTO TERMICO DE TUBULACAO DE AR CONDICIONADO, AGUA QUENTE,  DN 3/8\", E= 10 MM","M",1.17,"SINAPI-I"]
[39718,"TUBO DE ESPUMA DE POLIETILENO EXPANDIDO FLEXIVEL PARA ISOLAMENTO TERMICO DE TUBULACAO DE AR CONDICIONADO, AGUA QUENTE,  DN 7/8\", E= 10 MM","M",2,"SINAPI-I"]
[9813,"TUBO DE POLIETILENO DE ALTA DENSIDADE (PEAD), PE-80, DE = 20 MM X 2,3 MM DE PAREDE, PARA LIGACAO DE AGUA PREDIAL (NBR 15561)","M",3.22,"SINAPI-I"]
[9815,"TUBO DE POLIETILENO DE ALTA DENSIDADE (PEAD), PE-80, DE = 32 MM X 3,0 MM DE PAREDE, PARA LIGACAO DE AGUA PREDIAL (NBR 15561)","M",6.35,"SINAPI-I"]
[25876,"TUBO DE POLIETILENO DE ALTA DENSIDADE, PEAD, PE-80, DE = 1000 MM X 38,5 MM PAREDE, ( SDR 26 - PN 05 ) PARA REDE DE AGUA OU ESGOTO (NBR 15561)","M",3164.18,"SINAPI-I"]
[25888,"TUBO DE POLIETILENO DE ALTA DENSIDADE, PEAD, PE-80, DE = 110 MM X 10,0 MM PAREDE, ( SDR 11 - PN 12,5 ) PARA REDE DE AGUA OU ESGOTO (NBR 15561)","M",77.55,"SINAPI-I"]
[25874,"TUBO DE POLIETILENO DE ALTA DENSIDADE, PEAD, PE-80, DE = 1200 MM X 37,2 MM PAREDE ( SDR 32,25 - PN 04 ) PARA REDE DE AGUA OU ESGOTO (NBR 15561)","M",5549.5,"SINAPI-I"]
[25877,"TUBO DE POLIETILENO DE ALTA DENSIDADE, PEAD, PE-80, DE = 1400 MM X 42,9 MM PAREDE, (SDR 32,25 - PN 04 ) PARA REDE DE AGUA OU ESGOTO (NBR 15561)","M",7572.51,"SINAPI-I"]
[25878,"TUBO DE POLIETILENO DE ALTA DENSIDADE, PEAD, PE-80, DE = 160 MM X 14,6 MM PAREDE, (SDR 11 - PN 12,5 ) PARA REDE DE AGUA OU ESGOTO (NBR 15561)","M",166.46,"SINAPI-I"]
[25879,"TUBO DE POLIETILENO DE ALTA DENSIDADE, PEAD, PE-80, DE = 1600 MM X 49,0 MM PAREDE, ( SDR 32,25 - PN 04 ) PARA REDE DE AGUA OU ESGOTO (NBR 15561)","M",7183.42,"SINAPI-I"]
[25887,"TUBO DE POLIETILENO DE ALTA DENSIDADE, PEAD, PE-80, DE = 900 MM X 34,7 MM PAREDE, ( SDR 26 - PN 05 ) PARA REDE DE AGUA OU ESGOTO (NBR 15561)","M",2869.89,"SINAPI-I"]
[25880,"TUBO DE POLIETILENO DE ALTA DENSIDADE, PEAD, PE-80, DE= 200 MM X 18,2 MM PAREDE, ( SDR 11 - PN 12,5 ) PARA REDE DE AGUA OU ESGOTO (NBR 15561)","M",259.49,"SINAPI-I"]
[25881,"TUBO DE POLIETILENO DE ALTA DENSIDADE, PEAD, PE-80, DE= 315 MM X 28,7 MM PAREDE, ( SDR 11 - PN 12,5 ) PARA REDE DE AGUA OU ESGOTO (NBR 15561)","M",635.82000000000005,"SINAPI-I"]
[25882,"TUBO DE POLIETILENO DE ALTA DENSIDADE, PEAD, PE-80, DE= 400 MM X 36,4 MM PAREDE, ( SDR 11 - PN 12,5 ) PARA REDE DE AGUA OU ESGOTO (NBR 15561)","M",1024.08,"SINAPI-I"]
[25883,"TUBO DE POLIETILENO DE ALTA DENSIDADE, PEAD, PE-80, DE= 50 MM X 4,6 MM PAREDE, (SDR 11 - PN 12,5) PARA REDE DE AGUA OU ESGOTO (NBR 15561)","M",16.52,"SINAPI-I"]
[25884,"TUBO DE POLIETILENO DE ALTA DENSIDADE, PEAD, PE-80, DE= 500 MM X 45,5 MM PAREDE, ( SDR 11 - PN 12,5 ) PARA REDE DE AGUA OU ESGOTO (NBR 15561)","M",1797.91,"SINAPI-I"]
[25885,"TUBO DE POLIETILENO DE ALTA DENSIDADE, PEAD, PE-80, DE= 630 MM X 57,3 MM PAREDE (SDR 11 - PN 12,5 ) PARA REDE DE AGUA OU ESGOTO (NBR 15561)","M",2674,"SINAPI-I"]
[25889,"TUBO DE POLIETILENO DE ALTA DENSIDADE, PEAD, PE-80, DE= 730 MM X 34,1 MM PAREDE, ( SDR 21 - PN 06 ) PARA REDE DE AGUA OU ESGOTO (NBR 15561)","M",1340.94,"SINAPI-I"]
[25886,"TUBO DE POLIETILENO DE ALTA DENSIDADE, PEAD, PE-80, DE= 75 MM X 6,9 MM PAREDE, ( SRD 11 - PN 12,5 ) PARA REDE DE AGUA OU ESGOTO (NBR 15561)","M",36.94,"SINAPI-I"]
[25875,"TUBO DE POLIETILENO DE ALTA DENSIDADE, PEAD, PE-80, DE= 800 MM X 30,8 MM PAREDE, ( SDR 26 - PN 05 ) PARA REDE DE AGUA OU ESGOTO (NBR 15561)","M",1749.48,"SINAPI-I"]
[9876,"TUBO DE PVC, PBL, TIPO LEVE, DN = 125 MM,  PARA VENTILACAO","M",12.43,"SINAPI-I"]
[9877,"TUBO DE PVC, PBL, TIPO LEVE, DN = 250 MM,  PARA VENTILACAO","M",43.56,"SINAPI-I"]
[9878,"TUBO DE PVC, PBL, TIPO LEVE, DN = 300 MM,  PARA VENTILACAO","M",56.74,"SINAPI-I"]
[9879,"TUBO DE PVC, PBL, TIPO LEVE, DN = 400 MM,  PARA VENTILACAO","M",135.44,"SINAPI-I"]
[42001,"TUBO DE REVESTIMENTO, EM ACO, CORPO SCHEDULE 40, PONTEIRA SCHEDULE 80, ROSQUEAVEL E SEGMENTADO PARA PERFURACAO,  DIAMETRO 6'' (200 MM) (COLETADO CAIXA)","M",518.73,"SINAPI-I"]
[41998,"TUBO DE REVESTIMENTO, EM ACO, CORPO SCHEDULE 40, PONTEIRA SCHEDULE 80, ROSQUEAVEL E SEGMENTADO PARA PERFURACAO, DIAMETRO 10'' (310 MM)  (COLETADO CAIXA)","M",1278.32,"SINAPI-I"]
[41999,"TUBO DE REVESTIMENTO, EM ACO, CORPO SCHEDULE 40, PONTEIRA SCHEDULE 80, ROSQUEAVEL E SEGMENTADO PARA PERFURACAO, DIAMETRO 14'' (400 MM)  (COLETADO CAIXA)","M",2344.9299999999998,"SINAPI-I"]
[42000,"TUBO DE REVESTIMENTO, EM ACO, CORPO SCHEDULE 40, PONTEIRA SCHEDULE 80, ROSQUEAVEL E SEGMENTADO PARA PERFURACAO, DIAMETRO 16'' (450 MM)  (COLETADO CAIXA)","M",4004.4,"SINAPI-I"]
[38053,"TUBO DRENO, CORRUGADO, ESPIRALADO, FLEXIVEL, PERFURADO, EM POLIETILENO DE ALTA DENSIDADE (PEAD), DN *160* MM, (6\") PARA DRENAGEM - EM BARRA (NORMA DNIT 093/2006 - EM)","M",10.98,"SINAPI-I"]
[38054,"TUBO DRENO, CORRUGADO, ESPIRALADO, FLEXIVEL, PERFURADO, EM POLIETILENO DE ALTA DENSIDADE (PEAD), DN *200* MM, (8\") PARA DRENAGEM - EM BARRA (NORMA DNIT 093/2006 - EM)","M",18.88,"SINAPI-I"]
[38052,"TUBO DRENO, CORRUGADO, ESPIRALADO, FLEXIVEL, PERFURADO, EM POLIETILENO DE ALTA DENSIDADE (PEAD), DN 100 MM, (4\") PARA DRENAGEM - EM ROLO (NORMA DNIT 093/2006 - E.M)","M",5.32,"SINAPI-I"]
[38051,"TUBO DRENO, CORRUGADO, ESPIRALADO, FLEXIVEL, PERFURADO, EM POLIETILENO DE ALTA DENSIDADE (PEAD), DN 65 MM, (2 1/2\") PARA DRENAGEM - EM ROLO (NORMA DNIT 093/2006 - EM)","M",3.31,"SINAPI-I"]
[38787,"TUBO MONOCAMADA PEX, DN 16 MM","M",3.97,"SINAPI-I"]
[38825,"TUBO MONOCAMADA PEX, DN 20 MM","M",5.2,"SINAPI-I"]
[38826,"TUBO MONOCAMADA PEX, DN 25 MM","M",7.7,"SINAPI-I"]
[38827,"TUBO MONOCAMADA PEX, DN 32 MM","M",12.38,"SINAPI-I"]
[38830,"TUBO MULTICAMADA PEX, DN *26* MM, PARA INSTALACOES A GAS (AMARELO)","M",17.34,"SINAPI-I"]
[38828,"TUBO MULTICAMADA PEX, DN 16 MM, PARA INSTALACOES A GAS (AMARELO)","M",7.64,"SINAPI-I"]
[38829,"TUBO MULTICAMADA PEX, DN 20 MM, PARA INSTALACOES A GAS (AMARELO)","M",12.52,"SINAPI-I"]
[38831,"TUBO MULTICAMADA PEX, DN 32 MM, PARA INSTALACOES A GAS (AMARELO)","M",24.18,"SINAPI-I"]
[36274,"TUBO PPR PN 20, DN 20 MM, PARA AGUA QUENTE PREDIAL","M",4.79,"SINAPI-I"]
[36278,"TUBO PPR PN 20, DN 25 MM, PARA AGUA QUENTE PREDIAL","M",6.5,"SINAPI-I"]
[38977,"TUBO PPR, CLASSE PN 12, DN 110 MM","M",98.88,"SINAPI-I"]
[38971,"TUBO PPR, CLASSE PN 12, DN 32 MM","M",8.14,"SINAPI-I"]
[38972,"TUBO PPR, CLASSE PN 12, DN 40 MM","M",12.4,"SINAPI-I"]
[38973,"TUBO PPR, CLASSE PN 12, DN 50 MM","M",16.41,"SINAPI-I"]
[38974,"TUBO PPR, CLASSE PN 12, DN 63 MM","M",23.93,"SINAPI-I"]
[38975,"TUBO PPR, CLASSE PN 12, DN 75 MM","M",39.880000000000003,"SINAPI-I"]
[38976,"TUBO PPR, CLASSE PN 12, DN 90 MM","M",55.94,"SINAPI-I"]
[38986,"TUBO PPR, CLASSE PN 25, DN 110 MM, PARA AGUA QUENTE E FRIA PREDIAL","M",112.57,"SINAPI-I"]
[38978,"TUBO PPR, CLASSE PN 25, DN 20 MM, PARA AGUA QUENTE E FRIA PREDIAL","M",4.79,"SINAPI-I"]
[38979,"TUBO PPR, CLASSE PN 25, DN 25 MM, PARA AGUA QUENTE E FRIA PREDIAL","M",6.5,"SINAPI-I"]
[38980,"TUBO PPR, CLASSE PN 25, DN 32 MM, PARA AGUA QUENTE E FRIA PREDIAL","M",10.86,"SINAPI-I"]
[38981,"TUBO PPR, CLASSE PN 25, DN 40 MM, PARA AGUA QUENTE E FRIA PREDIAL","M",15.04,"SINAPI-I"]
[38982,"TUBO PPR, CLASSE PN 25, DN 50 MM, PARA AGUA QUENTE E FRIA PREDIAL","M",21.89,"SINAPI-I"]
[38983,"TUBO PPR, CLASSE PN 25, DN 63 MM, PARA AGUA QUENTE E FRIA PREDIAL","M",29.02,"SINAPI-I"]
[38984,"TUBO PPR, CLASSE PN 25, DN 75 MM, PARA AGUA QUENTE E FRIA PREDIAL","M",55.97,"SINAPI-I"]
[38985,"TUBO PPR, CLASSE PN 25, DN 90 MM, PARA AGUA QUENTE E FRIA PREDIAL","M",82.86,"SINAPI-I"]
[9836,"TUBO PVC  SERIE NORMAL, DN 100 MM, PARA ESGOTO  PREDIAL (NBR 5688)","M",8.11,"SINAPI-I"]
[20065,"TUBO PVC  SERIE NORMAL, DN 150 MM, PARA ESGOTO  PREDIAL (NBR 5688)","M",20.74,"SINAPI-I"]
[9835,"TUBO PVC  SERIE NORMAL, DN 40 MM, PARA ESGOTO  PREDIAL (NBR 5688)","M",2.92,"SINAPI-I"]
[38032,"TUBO PVC CORRUGADO, PAREDE DUPLA, JE, DN 150 MM, REDE COLETORA ESGOTO","M",33.94,"SINAPI-I"]
[38033,"TUBO PVC CORRUGADO, PAREDE DUPLA, JE, DN 200 MM, REDE COLETORA ESGOTO","M",55.54,"SINAPI-I"]
[38034,"TUBO PVC CORRUGADO, PAREDE DUPLA, JE, DN 250 MM, REDE COLETORA ESGOTO","M",91.88,"SINAPI-I"]
[38035,"TUBO PVC CORRUGADO, PAREDE DUPLA, JE, DN 300 MM, REDE COLETORA ESGOTO","M",128.03,"SINAPI-I"]
[38036,"TUBO PVC CORRUGADO, PAREDE DUPLA, JE, DN 350 MM, REDE COLETORA ESGOTO","M",180.66,"SINAPI-I"]
[38037,"TUBO PVC CORRUGADO, PAREDE DUPLA, JE, DN 400 MM, REDE COLETORA ESGOTO","M",209.47,"SINAPI-I"]
[9850,"TUBO PVC DE REVESTIMENTO GEOMECANICO NERVURADO REFORCADO, DN = 150 MM, COMPRIMENTO = 2 M","M",98,"SINAPI-I"]
[9853,"TUBO PVC DE REVESTIMENTO GEOMECANICO NERVURADO REFORCADO, DN = 200 MM, COMPRIMENTO = 2 M","M",174.27,"SINAPI-I"]
[9854,"TUBO PVC DE REVESTIMENTO GEOMECANICO NERVURADO STANDARD, DN = 154 MM, COMPRIMENTO = 2 M","M",76.36,"SINAPI-I"]
[9851,"TUBO PVC DE REVESTIMENTO GEOMECANICO NERVURADO STANDARD, DN = 206 MM, COMPRIMENTO = 2 M","M",132.4,"SINAPI-I"]
[9855,"TUBO PVC DE REVESTIMENTO GEOMECANICO NERVURADO STANDARD, DN = 250 MM, COMPRIMENTO = 2 M","M",221.46,"SINAPI-I"]
[9825,"TUBO PVC DEFOFO, JEI, 1 MPA, DN 100 MM, PARA REDE DE AGUA (NBR 7665)","M",28.58,"SINAPI-I"]
[9828,"TUBO PVC DEFOFO, JEI, 1 MPA, DN 150 MM, PARA REDE DE  AGUA (NBR 7665)","M",76.930000000000007,"SINAPI-I"]
[9829,"TUBO PVC DEFOFO, JEI, 1 MPA, DN 200 MM, PARA REDE DE AGUA (NBR 7665)","M",130.37,"SINAPI-I"]
[9826,"TUBO PVC DEFOFO, JEI, 1 MPA, DN 250 MM, PARA REDE DE AGUA (NBR 7665)","M",198.48,"SINAPI-I"]
[9827,"TUBO PVC DEFOFO, JEI, 1 MPA, DN 300 MM, PARA REDE DE AGUA (NBR 7665)","M",281.83999999999997,"SINAPI-I"]
[36374,"TUBO PVC PBA JEI, CLASSE 12, DN 100 MM, PARA REDE DE AGUA (NBR 5647)","M",34.26,"SINAPI-I"]
[36084,"TUBO PVC PBA JEI, CLASSE 12, DN 50 MM, PARA REDE DE AGUA (NBR 5647)","M",10.15,"SINAPI-I"]
[36373,"TUBO PVC PBA JEI, CLASSE 12, DN 75 MM, PARA REDE DE AGUA (NBR 5647)","M",21.08,"SINAPI-I"]
[36377,"TUBO PVC PBA JEI, CLASSE 15, DN 100 MM, PARA REDE DE AGUA (NBR 5647)","M",41.1,"SINAPI-I"]
[36375,"TUBO PVC PBA JEI, CLASSE 15, DN 50 MM, PARA REDE DE AGUA (NBR 5647)","M",12.52,"SINAPI-I"]
[36376,"TUBO PVC PBA JEI, CLASSE 15, DN 75 MM, PARA REDE DE AGUA (NBR 5647)","M",24.59,"SINAPI-I"]
[36380,"TUBO PVC PBA JEI, CLASSE 20, DN 100 MM, PARA REDE DE AGUA (NBR 5647)","M",51.39,"SINAPI-I"]
[36378,"TUBO PVC PBA JEI, CLASSE 20, DN 50 MM, PARA REDE DE AGUA (NBR 5647)","M",15.4,"SINAPI-I"]
[36379,"TUBO PVC PBA JEI, CLASSE 20, DN 75 MM, PARA REDE DE AGUA (NBR 5647)","M",31.04,"SINAPI-I"]
[9859,"TUBO PVC ROSCAVEL, 3/4\",  AGUA FRIA PREDIAL","M",6.14,"SINAPI-I"]
[9838,"TUBO PVC SERIE NORMAL, DN 50 MM, PARA ESGOTO PREDIAL (NBR 5688)","M",4.9800000000000004,"SINAPI-I"]
[9837,"TUBO PVC SERIE NORMAL, DN 75 MM, PARA ESGOTO PREDIAL (NBR 5688)","M",7.18,"SINAPI-I"]
[9833,"TUBO PVC, FLEXIVEL, CORRUGADO, PERFURADO, DN 110 MM, PARA DRENAGEM, SISTEMA IRRIGACAO","M",9.94,"SINAPI-I"]
[9830,"TUBO PVC, FLEXIVEL, CORRUGADO, PERFURADO, DN 65 MM, PARA DRENAGEM, SISTEMA IRRIGACAO","M",5.32,"SINAPI-I"]
[9834,"TUBO PVC, RIGIDO, CORRUGADO, PERFURADO, DN 150 MM, PARA DRENAGEM, SISTEMA IRRIGACAO","M",27.67,"SINAPI-I"]
[9863,"TUBO PVC, ROSCAVEL,  2 1/2\", AGUA FRIA PREDIAL","M",44.36,"SINAPI-I"]
[9860,"TUBO PVC, ROSCAVEL,  2\", PARA AGUA FRIA PREDIAL","M",28.48,"SINAPI-I"]
[9862,"TUBO PVC, ROSCAVEL, 1 1/2\",  AGUA FRIA PREDIAL","M",20.09,"SINAPI-I"]
[9861,"TUBO PVC, ROSCAVEL, 1 1/4\", AGUA FRIA PREDIAL","M",16.149999999999999,"SINAPI-I"]
[9856,"TUBO PVC, ROSCAVEL, 1/2\", AGUA FRIA PREDIAL","M",4.34,"SINAPI-I"]
[9866,"TUBO PVC, ROSCAVEL, 1\", AGUA FRIA PREDIAL","M",11.93,"SINAPI-I"]
[9857,"TUBO PVC, ROSCAVEL, 3\", AGUA FRIA PREDIAL","M",57.37,"SINAPI-I"]
[9864,"TUBO PVC, ROSCAVEL, 4\",  AGUA FRIA PREDIAL","M",69.260000000000005,"SINAPI-I"]
[9865,"TUBO PVC, ROSCAVEL, 5\",  AGUA FRIA PREDIAL","M",99.6,"SINAPI-I"]
[9858,"TUBO PVC, ROSCAVEL, 6\",  AGUA FRIA PREDIAL","M",104.42,"SINAPI-I"]
[9841,"TUBO PVC, SERIE R, DN 100 MM, PARA ESGOTO OU AGUAS PLUVIAIS PREDIAL (NBR 5688)","M",20.010000000000002,"SINAPI-I"]
[9840,"TUBO PVC, SERIE R, DN 150 MM, PARA ESGOTO OU AGUAS PLUVIAIS PREDIAL (NBR 5688)","M",40.68,"SINAPI-I"]
[20067,"TUBO PVC, SERIE R, DN 40 MM, PARA ESGOTO OU AGUAS PLUVIAIS PREDIAL (NBR 5688)","M",6.99,"SINAPI-I"]
[20068,"TUBO PVC, SERIE R, DN 50 MM, PARA ESGOTO OU AGUAS PLUVIAIS PREDIAL (NBR 5688)","M",8.7100000000000009,"SINAPI-I"]
[9839,"TUBO PVC, SERIE R, DN 75 MM, PARA ESGOTO OU AGUAS PLUVIAIS PREDIAL (NBR 5688)","M",11.42,"SINAPI-I"]
[9870,"TUBO PVC, SOLDAVEL, DN 110 MM, AGUA FRIA (NBR-5648)","M",48.37,"SINAPI-I"]
[9867,"TUBO PVC, SOLDAVEL, DN 20 MM, AGUA FRIA (NBR-5648)","M",1.77,"SINAPI-I"]
[9868,"TUBO PVC, SOLDAVEL, DN 25 MM, AGUA FRIA (NBR-5648)","M",2.2799999999999998,"SINAPI-I"]
[9869,"TUBO PVC, SOLDAVEL, DN 32 MM, AGUA FRIA (NBR-5648)","M",5.12,"SINAPI-I"]
[9874,"TUBO PVC, SOLDAVEL, DN 40 MM, AGUA FRIA (NBR-5648)","M",7.45,"SINAPI-I"]
[9875,"TUBO PVC, SOLDAVEL, DN 50 MM, PARA AGUA FRIA (NBR-5648)","M",8.5399999999999991,"SINAPI-I"]
[9873,"TUBO PVC, SOLDAVEL, DN 60 MM, AGUA FRIA (NBR-5648)","M",14.4,"SINAPI-I"]
[9871,"TUBO PVC, SOLDAVEL, DN 75 MM, AGUA FRIA (NBR-5648)","M",24.13,"SINAPI-I"]
[9872,"TUBO PVC, SOLDAVEL, DN 85 MM, AGUA FRIA (NBR-5648)","M",30.15,"SINAPI-I"]
[7667,"TUBO 26\" EM CHAPA PRETA, E= 3/16\", 147 KG/6 M","M",2192.5500000000002,"SINAPI-I"]
[7660,"TUBO 30\" EM CHAPA PRETA, E= 1/4\", 175 KG/6 M","M",2794.98,"SINAPI-I"]
[7676,"TUBO 30\" EM CHAPA PRETA, E= 3/8\", 177 KG/6 M","M",2826.92,"SINAPI-I"]
[12426,"UNIAO COM ASSENTO CONICO DE BRONZE, DIAMETRO 1/2\"","UN",29.95,"SINAPI-I"]
[12425,"UNIAO COM ASSENTO CONICO DE BRONZE, DIAMETRO 1\"","UN",41.15,"SINAPI-I"]
[12427,"UNIAO COM ASSENTO CONICO DE BRONZE, DIAMETRO 2 1/2\"","UN",170.82,"SINAPI-I"]
[12428,"UNIAO COM ASSENTO CONICO DE BRONZE, DIAMETRO 2'","UN",109.64,"SINAPI-I"]
[12430,"UNIAO COM ASSENTO CONICO DE BRONZE, DIAMETRO 3/4\"","UN",36.72,"SINAPI-I"]
[12429,"UNIAO COM ASSENTO CONICO DE BRONZE, DIAMETRO 3\"","UN",276.23,"SINAPI-I"]
[12431,"UNIAO COM ASSENTO CONICO DE BRONZE, DIAMETRO 4\"","UN",470.09,"SINAPI-I"]
[12432,"UNIAO COM ASSENTO CONICO DE FERRO LONGO (MACHO-FEMEA), DIAMETRO 1 1/2\"","UN",96.68,"SINAPI-I"]
[12434,"UNIAO COM ASSENTO CONICO DE FERRO LONGO (MACHO-FEMEA), DIAMETRO 1/2\"","UN",31.5,"SINAPI-I"]
[12433,"UNIAO COM ASSENTO CONICO DE FERRO LONGO (MACHO-FEMEA), DIAMETRO 1\"","UN",61.55,"SINAPI-I"]
[12435,"UNIAO COM ASSENTO CONICO DE FERRO LONGO (MACHO-FEMEA), DIAMETRO 2 1/2\"","UN",190.48,"SINAPI-I"]
[12437,"UNIAO COM ASSENTO CONICO DE FERRO LONGO (MACHO-FEMEA), DIAMETRO 2\"","UN",153.84,"SINAPI-I"]
[12439,"UNIAO COM ASSENTO CONICO DE FERRO LONGO (MACHO-FEMEA), DIAMETRO 3/4\"","UN",49.37,"SINAPI-I"]
[12438,"UNIAO COM ASSENTO CONICO DE FERRO LONGO (MACHO-FEMEA), DIAMETRO 3'","UN",278.39999999999998,"SINAPI-I"]
[12436,"UNIAO COM ASSENTO CONICO DE FERRO LONGO (MACHO-FEMEA), DIAMETRO 4\"","UN",351.68,"SINAPI-I"]
[36357,"UNIAO COM FLANGE PPR, DN 40 MM, PARA AGUA QUENTE PREDIAL","UN",85.21,"SINAPI-I"]
[12424,"UNIAO DE FERRO GALVANIZADO, COM ASSENTO CONICO DE BRONZE, DE 1 1/2\"","UN",63.37,"SINAPI-I"]
[12440,"UNIAO DE FERRO GALVANIZADO, COM ASSENTO CONICO DE BRONZE, DE 1 1/4\"","UN",61.25,"SINAPI-I"]
[9884,"UNIAO DE FERRO GALVANIZADO, COM ROSCA BSP, COM ASSENTO PLANO, DE 1 1/2\"","UN",45.69,"SINAPI-I"]
[9888,"UNIAO DE FERRO GALVANIZADO, COM ROSCA BSP, COM ASSENTO PLANO, DE 1 1/4\"","UN",36.71,"SINAPI-I"]
[9883,"UNIAO DE FERRO GALVANIZADO, COM ROSCA BSP, COM ASSENTO PLANO, DE 1/2\"","UN",16.02,"SINAPI-I"]
[9886,"UNIAO DE FERRO GALVANIZADO, COM ROSCA BSP, COM ASSENTO PLANO, DE 1\"","UN",21.94,"SINAPI-I"]
[9889,"UNIAO DE FERRO GALVANIZADO, COM ROSCA BSP, COM ASSENTO PLANO, DE 2 1/2\"","UN",111.15,"SINAPI-I"]
[9887,"UNIAO DE FERRO GALVANIZADO, COM ROSCA BSP, COM ASSENTO PLANO, DE 2\"","UN",67.180000000000007,"SINAPI-I"]
[9885,"UNIAO DE FERRO GALVANIZADO, COM ROSCA BSP, COM ASSENTO PLANO, DE 3/4\"","UN",21.21,"SINAPI-I"]
[9890,"UNIAO DE FERRO GALVANIZADO, COM ROSCA BSP, COM ASSENTO PLANO, DE 3\"","UN",172.21,"SINAPI-I"]
[9891,"UNIAO DE FERRO GALVANIZADO, COM ROSCA BSP, COM ASSENTO PLANO, DE 4\"","UN",241.75,"SINAPI-I"]
[39292,"UNIAO DE REDUCAO METALICA, PARA CONEXAO COM ANEL DESLIZANTE EM TUBO PEX, DN 20 X 16 MM","UN",7.17,"SINAPI-I"]
[39293,"UNIAO DE REDUCAO METALICA, PARA CONEXAO COM ANEL DESLIZANTE EM TUBO PEX, DN 25 X 16 MM","UN",11.57,"SINAPI-I"]
[39294,"UNIAO DE REDUCAO METALICA, PARA CONEXAO COM ANEL DESLIZANTE EM TUBO PEX, DN 25 X 20 MM","UN",11.57,"SINAPI-I"]
[39295,"UNIAO DE REDUCAO METALICA, PARA CONEXAO COM ANEL DESLIZANTE EM TUBO PEX, DN 32 X 25 MM","UN",19.72,"SINAPI-I"]
[36313,"UNIAO DUPLA PPR DN 20 MM, PARA AGUA QUENTE PREDIAL","UN",20.2,"SINAPI-I"]
[36316,"UNIAO DUPLA PPR DN 25 MM, PARA AGUA QUENTE PREDIAL","UN",24.5,"SINAPI-I"]
[64,"UNIAO EM POLIPROPILENO (PP), PARA TUBO EM PEAD, 20 MM - LIGACAO PREDIAL DE AGUA","UN",3.42,"SINAPI-I"]
[37423,"UNIAO EM POLIPROPILENO (PP), PARA TUBO EM PEAD, 32 MM - LIGACAO PREDIAL DE AGUA","UN",8.4600000000000009,"SINAPI-I"]
[39296,"UNIAO METALICA, PARA CONEXAO COM ANEL DESLIZANTE EM TUBO PEX, DN 16 MM","UN",5.54,"SINAPI-I"]
[39297,"UNIAO METALICA, PARA CONEXAO COM ANEL DESLIZANTE EM TUBO PEX, DN 20 MM","UN",7.91,"SINAPI-I"]
[39298,"UNIAO METALICA, PARA CONEXAO COM ANEL DESLIZANTE EM TUBO PEX, DN 25 MM","UN",13.94,"SINAPI-I"]
[39299,"UNIAO METALICA, PARA CONEXAO COM ANEL DESLIZANTE EM TUBO PEX, DN 32 MM","UN",23.73,"SINAPI-I"]
[9892,"UNIAO PVC, ROSCAVEL 1/2\",  AGUA FRIA PREDIAL","UN",3.87,"SINAPI-I"]
[9893,"UNIAO PVC, ROSCAVEL 2\",  AGUA FRIA PREDIAL","UN",52.61,"SINAPI-I"]
[9901,"UNIAO PVC, ROSCAVEL, 1 1/2\",  AGUA FRIA PREDIAL","UN",23.35,"SINAPI-I"]
[9896,"UNIAO PVC, ROSCAVEL, 1 1/4\",  AGUA FRIA PREDIAL","UN",21.04,"SINAPI-I"]
[9900,"UNIAO PVC, ROSCAVEL, 1\",  AGUA FRIA PREDIAL","UN",12.76,"SINAPI-I"]
[9898,"UNIAO PVC, ROSCAVEL, 2 1/2\",  AGUA FRIA PREDIAL","UN",108.18,"SINAPI-I"]
[9899,"UNIAO PVC, ROSCAVEL, 3/4\",  AGUA FRIA PREDIAL","UN",6.97,"SINAPI-I"]
[9902,"UNIAO PVC, ROSCAVEL, 3\",  AGUA FRIA PREDIAL","UN",137,"SINAPI-I"]
[9908,"UNIAO PVC, SOLDAVEL, 110 MM,  PARA AGUA FRIA PREDIAL","UN",273.16000000000003,"SINAPI-I"]
[9905,"UNIAO PVC, SOLDAVEL, 20 MM,  PARA AGUA FRIA PREDIAL","UN",4.5599999999999996,"SINAPI-I"]
[9906,"UNIAO PVC, SOLDAVEL, 25 MM,  PARA AGUA FRIA PREDIAL","UN",5.47,"SINAPI-I"]
[9895,"UNIAO PVC, SOLDAVEL, 32 MM,  PARA AGUA FRIA PREDIAL","UN",8.9700000000000006,"SINAPI-I"]
[9894,"UNIAO PVC, SOLDAVEL, 40 MM,  PARA AGUA FRIA PREDIAL","UN",17.48,"SINAPI-I"]
[9897,"UNIAO PVC, SOLDAVEL, 50 MM,  PARA AGUA FRIA PREDIAL","UN",18.920000000000002,"SINAPI-I"]
[9910,"UNIAO PVC, SOLDAVEL, 60 MM,  PARA AGUA FRIA PREDIAL","UN",47.64,"SINAPI-I"]
[9909,"UNIAO PVC, SOLDAVEL, 75 MM,  PARA AGUA FRIA PREDIAL","UN",96.13,"SINAPI-I"]
[9907,"UNIAO PVC, SOLDAVEL, 85 MM,  PARA AGUA FRIA PREDIAL","UN",147.80000000000001,"SINAPI-I"]
[20973,"UNIAO TIPO STORZ, COM EMPATACAO INTERNA TIPO ANEL DE EXPANSAO, ENGATE RAPIDO 1 1/2\", PARA MANGUEIRA DE COMBATE A INCENDIO PREDIAL","UN",43.77,"SINAPI-I"]
[20974,"UNIAO TIPO STORZ, COM EMPATACAO INTERNA TIPO ANEL DE EXPANSAO, ENGATE RAPIDO 2 1/2\", PARA MANGUEIRA DE COMBATE A INCENDIO PREDIAL","UN",62.62,"SINAPI-I"]
[37989,"UNIAO, CPVC, SOLDAVEL, 15 MM, PARA AGUA QUENTE PREDIAL","UN",8.1199999999999992,"SINAPI-I"]
[37990,"UNIAO, CPVC, SOLDAVEL, 22 MM, PARA AGUA QUENTE PREDIAL","UN",9.44,"SINAPI-I"]
[37991,"UNIAO, CPVC, SOLDAVEL, 28 MM, PARA AGUA QUENTE PREDIAL","UN",14.93,"SINAPI-I"]
[37992,"UNIAO, CPVC, SOLDAVEL, 35 MM, PARA AGUA QUENTE PREDIAL","UN",22.81,"SINAPI-I"]
[37993,"UNIAO, CPVC, SOLDAVEL, 42 MM, PARA AGUA QUENTE PREDIAL","UN",33.85,"SINAPI-I"]
[37994,"UNIAO, CPVC, SOLDAVEL, 54 MM, PARA AGUA QUENTE PREDIAL","UN",81.349999999999994,"SINAPI-I"]
[37995,"UNIAO, CPVC, SOLDAVEL, 73 MM, PARA AGUA QUENTE PREDIAL","UN",118.07,"SINAPI-I"]
[37996,"UNIAO, CPVC, SOLDAVEL, 89 MM, PARA AGUA QUENTE PREDIAL","UN",174.09,"SINAPI-I"]
[13883,"USINA DE ASFALTO A FRIO, CAPACIDADE DE 30 A 40 T/H, ELETRICA, POTENCIA DE 30 CV","UN",78078.77,"SINAPI-I"]
[38604,"USINA DE ASFALTO A FRIO, CAPACIDADE DE 40 A 60 T/H, ELETRICA, POTENCIA DE 30 CV","UN",97246.07,"SINAPI-I"]
[10601,"USINA DE ASFALTO A QUENTE, FIXA, TIPO CONTRA FLUXO, CAPACIDADE DE 100 A 140 T/H, POTENCIA DE 280 KW, COM MISTURADOR EXTERNO ROTATIVO","UN",1891630.04,"SINAPI-I"]
[26034,"USINA DE ASFALTO, GRAVIMETRICA, CAPACIDADE DE 150 T/H, POTENCIA DE 400 KW","UN",4980595.1500000004,"SINAPI-I"]
[13894,"USINA DE CONCRETO FIXA, CAPACIDADE NOMINAL DE 40 M3/H, SEM SILO","UN",392649.25,"SINAPI-I"]
[13895,"USINA DE CONCRETO FIXA, CAPACIDADE NOMINAL DE 60 M3/H, SEM SILO","UN",527982.35,"SINAPI-I"]
[13892,"USINA DE CONCRETO FIXA, CAPACIDADE NOMINAL DE 80 M3/H, SEM SILO","UN",647029.46,"SINAPI-I"]
[9914,"USINA DE CONCRETO FIXA, CAPACIDADE NOMINAL DE 90 A 120 M3/H, SEM SILO","UN",700000,"SINAPI-I"]
[36485,"USINA DE LAMA ASFALTICA, PROD 30 A 50 T/H, SILO DE AGREGADO 7 M3, RESERVATORIOS PARA EMULSAO E AGUA DE 2,3 M3 CADA, MISTURADOR TIPO PUGG-MILL A SER MONTADO SOBRE CAMINHAO","UN",424438.89,"SINAPI-I"]
[9912,"USINA DE MISTURAS ASFALTICAS A QUENTE, MOVEL, TIPO CONTRA FLUXO, CAPACIDADE DE 40 A 80 T/H","UN",1540000,"SINAPI-I"]
[9921,"USINA MISTURADORA DE SOLOS,  DOSADORES TRIPLOS, CALHA VIBRATORIA CAPACIDADE DE 200 A 500 T/H, POTENCIA DE 75 KW","UN",794404.84,"SINAPI-I"]
[21112,"VALVULA DE DESCARGA EM METAL CROMADO PARA MICTORIO COM ACIONAMENTO POR PRESSAO E FECHAMENTO AUTOMATICO","UN",134.08000000000001,"SINAPI-I"]
[10228,"VALVULA DE DESCARGA METALICA, BASE 1 1/2 \" E ACABAMENTO METALICO CROMADO","UN",155.76,"SINAPI-I"]
[11781,"VALVULA DE DESCARGA METALICA, BASE 1 1/4 \" E ACABAMENTO METALICO CROMADO","UN",126.18,"SINAPI-I"]
[11746,"VALVULA DE ESFERA BRUTA EM BRONZE, BITOLA 1 \" (REF 1552-B)","UN",44.71,"SINAPI-I"]
[11751,"VALVULA DE ESFERA BRUTA EM BRONZE, BITOLA 1 1/2 \" (REF 1552-B)","UN",80.31,"SINAPI-I"]
[11750,"VALVULA DE ESFERA BRUTA EM BRONZE, BITOLA 1 1/4 \" (REF 1552-B)","UN",66.650000000000006,"SINAPI-I"]
[11748,"VALVULA DE ESFERA BRUTA EM BRONZE, BITOLA 1/2 \" (REF 1552-B)","UN",28.69,"SINAPI-I"]
[11747,"VALVULA DE ESFERA BRUTA EM BRONZE, BITOLA 2 \" (REF 1552-B)","UN",123.84,"SINAPI-I"]
[11749,"VALVULA DE ESFERA BRUTA EM BRONZE, BITOLA 3/4 \" (REF 1552-B)","UN",33.119999999999997,"SINAPI-I"]
[10236,"VALVULA DE RETENCAO DE BRONZE, PE COM CRIVOS, EXTREMIDADE COM ROSCA, DE 1 1/2\", PARA FUNDO DE POCO","UN",55.07,"SINAPI-I"]
[10233,"VALVULA DE RETENCAO DE BRONZE, PE COM CRIVOS, EXTREMIDADE COM ROSCA, DE 1 1/4\", PARA FUNDO DE POCO","UN",51.6,"SINAPI-I"]
[10234,"VALVULA DE RETENCAO DE BRONZE, PE COM CRIVOS, EXTREMIDADE COM ROSCA, DE 1\", PARA FUNDO DE POCO","UN",32.51,"SINAPI-I"]
[10231,"VALVULA DE RETENCAO DE BRONZE, PE COM CRIVOS, EXTREMIDADE COM ROSCA, DE 2 1/2\", PARA FUNDO DE POCO","UN",149.07,"SINAPI-I"]
[10232,"VALVULA DE RETENCAO DE BRONZE, PE COM CRIVOS, EXTREMIDADE COM ROSCA, DE 2\", PARA FUNDO DE POCO","UN",83.42,"SINAPI-I"]
[10229,"VALVULA DE RETENCAO DE BRONZE, PE COM CRIVOS, EXTREMIDADE COM ROSCA, DE 3/4\", PARA FUNDO DE POCO","UN",29.4,"SINAPI-I"]
[10235,"VALVULA DE RETENCAO DE BRONZE, PE COM CRIVOS, EXTREMIDADE COM ROSCA, DE 3\", PARA FUNDO DE POCO","UN",204.36,"SINAPI-I"]
[10230,"VALVULA DE RETENCAO DE BRONZE, PE COM CRIVOS, EXTREMIDADE COM ROSCA, DE 4\", PARA FUNDO DE POCO","UN",359.66,"SINAPI-I"]
[10409,"VALVULA DE RETENCAO HORIZONTAL, DE BRONZE (PN-25), 1 1/2\", 400 PSI, TAMPA DE PORCA DE UNIAO, EXTREMIDADES COM ROSCA","UN",106.85,"SINAPI-I"]
[10411,"VALVULA DE RETENCAO HORIZONTAL, DE BRONZE (PN-25), 1 1/4\", 400 PSI, TAMPA DE PORCA DE UNIAO, EXTREMIDADES COM ROSCA","UN",95.61,"SINAPI-I"]
[10404,"VALVULA DE RETENCAO HORIZONTAL, DE BRONZE (PN-25), 1/2\", 400 PSI, TAMPA DE PORCA DE UNIAO, EXTREMIDADES COM ROSCA","UN",38.770000000000003,"SINAPI-I"]
[10410,"VALVULA DE RETENCAO HORIZONTAL, DE BRONZE (PN-25), 1\", 400 PSI, TAMPA DE PORCA DE UNIAO, EXTREMIDADES COM ROSCA","UN",63.86,"SINAPI-I"]
[10405,"VALVULA DE RETENCAO HORIZONTAL, DE BRONZE (PN-25), 2 1/2\", 400 PSI, TAMPA DE PORCA DE UNIAO, EXTREMIDADES COM ROSCA","UN",214.07,"SINAPI-I"]
[10408,"VALVULA DE RETENCAO HORIZONTAL, DE BRONZE (PN-25), 2\", 400 PSI, TAMPA DE PORCA DE UNIAO, EXTREMIDADES COM ROSCA","UN",149.69999999999999,"SINAPI-I"]
[10412,"VALVULA DE RETENCAO HORIZONTAL, DE BRONZE (PN-25), 3/4\", 400 PSI, TAMPA DE PORCA DE UNIAO, EXTREMIDADES COM ROSCA","UN",46.99,"SINAPI-I"]
[10406,"VALVULA DE RETENCAO HORIZONTAL, DE BRONZE (PN-25), 3\", 400 PSI, TAMPA DE PORCA DE UNIAO, EXTREMIDADES COM ROSCA","UN",295.68,"SINAPI-I"]
[10407,"VALVULA DE RETENCAO HORIZONTAL, DE BRONZE (PN-25), 4\", 400 PSI, TAMPA DE PORCA DE UNIAO, EXTREMIDADES COM ROSCA","UN",458.61,"SINAPI-I"]
[10416,"VALVULA DE RETENCAO VERTICAL, DE BRONZE (PN-16), 1 1/2\", 200 PSI, EXTREMIDADES COM ROSCA","UN",56.88,"SINAPI-I"]
[10419,"VALVULA DE RETENCAO VERTICAL, DE BRONZE (PN-16), 1 1/4\", 200 PSI, EXTREMIDADES COM ROSCA","UN",49.37,"SINAPI-I"]
[21092,"VALVULA DE RETENCAO VERTICAL, DE BRONZE (PN-16), 1/2\", 200 PSI, EXTREMIDADES COM ROSCA","UN",28.23,"SINAPI-I"]
[10418,"VALVULA DE RETENCAO VERTICAL, DE BRONZE (PN-16), 1\", 200 PSI, EXTREMIDADES COM ROSCA","UN",32.909999999999997,"SINAPI-I"]
[12657,"VALVULA DE RETENCAO VERTICAL, DE BRONZE (PN-16), 2 1/2\", 200 PSI, EXTREMIDADES COM ROSCA","UN",132.81,"SINAPI-I"]
[10417,"VALVULA DE RETENCAO VERTICAL, DE BRONZE (PN-16), 2\", 200 PSI, EXTREMIDADES COM ROSCA","UN",82.88,"SINAPI-I"]
[10413,"VALVULA DE RETENCAO VERTICAL, DE BRONZE (PN-16), 3/4\", 200 PSI, EXTREMIDADES COM ROSCA","UN",30.12,"SINAPI-I"]
[10414,"VALVULA DE RETENCAO VERTICAL, DE BRONZE (PN-16), 3\", 200 PSI, EXTREMIDADES COM ROSCA","UN",181.36,"SINAPI-I"]
[10415,"VALVULA DE RETENCAO VERTICAL, DE BRONZE (PN-16), 4\", 200 PSI, EXTREMIDADES COM ROSCA","UN",314.77,"SINAPI-I"]
[38643,"VALVULA EM METAL CROMADO PARA LAVATORIO, 1 \" SEM LADRAO","UN",39.94,"SINAPI-I"]
[6157,"VALVULA EM METAL CROMADO PARA PIA AMERICANA 3.1/2 X 1.1/2 \"","UN",54.57,"SINAPI-I"]
[37588,"VALVULA EM METAL CROMADO PARA TANQUE, 1.1/2 \" SEM LADRAO","UN",22.93,"SINAPI-I"]
[6152,"VALVULA EM PLASTICO BRANCO COM SAIDA LISA PARA TANQUE 1.1/4 \" X 1.1/2 \"","UN",2.2999999999999998,"SINAPI-I"]
[6158,"VALVULA EM PLASTICO BRANCO PARA LAVATORIO 1 \", SEM UNHO, COM LADRAO","UN",2.78,"SINAPI-I"]
[6153,"VALVULA EM PLASTICO BRANCO PARA TANQUE OU LAVATORIO 1 \", SEM UNHO E SEM LADRAO","UN",2.16,"SINAPI-I"]
[6156,"VALVULA EM PLASTICO BRANCO PARA TANQUE 1.1/4 \" X 1.1/2 \", SEM UNHO E SEM LADRAO","UN",2.73,"SINAPI-I"]
[6154,"VALVULA EM PLASTICO CROMADO PARA LAVATORIO 1 \", SEM UNHO, COM LADRAO","UN",5.15,"SINAPI-I"]
[6155,"VALVULA EM PLASTICO CROMADO TIPO AMERICANA PARA PIA DE COZINHA 3.1/2 \" X 1.1/2 \", SEM ADAPTADOR","UN",10.66,"SINAPI-I"]
[3115,"VARA / PERFIL PARA CREMONA, EM FERRO CROMADO, COMPRIMENTO DE 120 CM","UN",15.62,"SINAPI-I"]
[3116,"VARA / PERFIL PARA CREMONA, EM FERRO CROMADO, COMPRIMENTO DE 150 CM","UN",16.100000000000001,"SINAPI-I"]
[38166,"VARA/ PERFIL PARA CREMONA, EM LATAO CROMADO, COMPRIMENTO DE 120 CM","UN",32.950000000000003,"SINAPI-I"]
[38108,"VARIADOR DE LUMINOSIDADE ROTATIVO (DIMMER) 127 V, 300 W (APENAS MODULO)","UN",41.66,"SINAPI-I"]
[38087,"VARIADOR DE LUMINOSIDADE ROTATIVO (DIMMER) 127V, 300W, CONJUNTO MONTADO PARA EMBUTIR 4\" X 2\" (PLACA + SUPORTE + MODULO)","UN",53.59,"SINAPI-I"]
[38109,"VARIADOR DE LUMINOSIDADE ROTATIVO (DIMMER) 220 V, 600 W (APENAS MODULO)","UN",66.59,"SINAPI-I"]
[38088,"VARIADOR DE LUMINOSIDADE ROTATIVO (DIMMER) 220V, 600W, CONJUNTO MONTADO PARA EMBUTIR 4\" X 2\" (PLACA + SUPORTE + MODULO)","UN",70.010000000000005,"SINAPI-I"]
[38110,"VARIADOR DE VELOCIDADE PARA VENTILADOR 127 V, 150 W (APENAS MODULO)","UN",25.61,"SINAPI-I"]
[38089,"VARIADOR DE VELOCIDADE PARA VENTILADOR 127V, 150W + 2 INTERRUPTORES PARALELOS, PARA REVERSAO E LAMPADA, CONJUNTO MONTADO PARA EMBUTIR 4\" X 2\" (PLACA + SUPORTE + MODULOS)","UN",44.63,"SINAPI-I"]
[38111,"VARIADOR DE VELOCIDADE PARA VENTILADOR 220 V, 250 W (APENAS MODULO)","UN",28.64,"SINAPI-I"]
[38090,"VARIADOR DE VELOCIDADE PARA VENTILADOR 220V, 250W + 2 INTERRUPTORES PARALELOS, PARA REVERSAO E LAMPADA, CONJUNTO MONTADO PARA EMBUTIR 4\" X 2\" (PLACA + SUPORTE + MODULOS)","UN",46.13,"SINAPI-I"]
[11786,"VASO SANITARIO SIFONADO INFANTIL LOUCA BRANCA","UN",248.55,"SINAPI-I"]
[13726,"VASSOURA MECANICA REBOCAVEL COM ESCOVA CILINDRICA LARGURA UTIL DE VARRIMENTO = 2,44M","UN",35128.04,"SINAPI-I"]
[38400,"VASSOURA 40 CM COM CABO","UN",11.6,"SINAPI-I"]
[12627,"VEDACAO DE CALHA, EM BORRACHA COR PRETA, MEDIDA ENTRE 119 E 170 MM, PARA DRENAGEM PLUVIAL PREDIAL","UN",0.4,"SINAPI-I"]
[6138,"VEDACAO PVC, 100 MM, PARA SAIDA VASO SANITARIO","UN",1.51,"SINAPI-I"]
[39996,"VERGALHAO ZINCADO ROSCA TOTAL, 1/4 \" (6,3 MM)","M",2.4700000000000002,"SINAPI-I"]
[10478,"VERNIZ POLIURETANO BRILHANTE PARA MADEIRA, COM FILTRO SOLAR, USO INTERNO E EXTERNO","L",25.39,"SINAPI-I"]
[40514,"VERNIZ POLIURETANO BRILHANTE PARA MADEIRA, SEM FILTRO SOLAR, USO INTERNO E EXTERNO","L",22.49,"SINAPI-I"]
[10475,"VERNIZ SINTETICO BRILHANTE PARA MADEIRA TIPO COPAL, USO INTERNO","L",22.33,"SINAPI-I"]
[10481,"VERNIZ SINTETICO BRILHANTE PARA MADEIRA, COM FILTRO SOLAR, USO INTERNO E EXTERNO (BASE SOLVENTE)","L",24.36,"SINAPI-I"]
[4031,"VEU DE VIDRO/VEU DE SUPERFICIE 30 A 35 G/M2","M2",16.63,"SINAPI-I"]
[4030,"VEU POLIESTER","M2",3.53,"SINAPI-I"]
[39399,"VIBRADOR DE IMERSAO, COM PONTEIRA DE *35* MM, MANGOTE DE 5 M, SEM MOTOR","UN",818.27,"SINAPI-I"]
[39400,"VIBRADOR DE IMERSAO, COM PONTEIRA DE *45* MM, MANGOTE DE 5 M, SEM MOTOR.","UN",889.43,"SINAPI-I"]
[39401,"VIBRADOR DE IMERSAO, COM PONTEIRA DE *60* MM, MANGOTE DE 5 M, SEM MOTOR.","UN",997.73,"SINAPI-I"]
[11652,"VIBRADOR DE IMERSAO, DIAMETRO DA PONTEIRA DE *35* MM, COM MOTOR 4 TEMPOS A GASOLINA DE 5,5 HP (5,5 CV)","UN",2146.5,"SINAPI-I"]
[13896,"VIBRADOR DE IMERSAO, DIAMETRO DA PONTEIRA DE *45* MM, COM MOTOR ELETRICO TRIFASICO DE 2 HP (2 CV)","UN",1925.59,"SINAPI-I"]
[13475,"VIBRADOR DE IMERSAO, DIAMETRO DA PONTEIRA DE *45* MM, COM MOTOR 4 TEMPOS A GASOLINA DE 5,5 HP (5,5 CV)","UN",2345.61,"SINAPI-I"]
[25971,"VIBROACABADORA DE ASFALTO SOBRE ESTEIRAS, LARG. PAVIM. MAX. 8,00 M, POT. 100 KW/ 134 HP, CAP. 600 T/ H","UN",2908271.15,"SINAPI-I"]
[25970,"VIBROACABADORA DE ASFALTO SOBRE ESTEIRAS, LARG. PAVIM. 2,13 M A 4,55 M, POT. 74 KW/ 100 HP, CAP. 400 T/ H","UN",1224348.3999999999,"SINAPI-I"]
[13476,"VIBROACABADORA DE ASFALTO SOBRE ESTEIRAS, LARG. PAVIM. 2,60 M A 5,75 M, POT. 110 HP, CAP. 450 T/ H","UN",1233220.58,"SINAPI-I"]
[10488,"VIBROACABADORA DE ASFALTO SOBRE ESTEIRAS, LARG. PAVIMENT. 1,90 A 5,3 M, POT. 78 KW/105 HP, CAP. 450 T/H","UN",1494060,"SINAPI-I"]
[13606,"VIBROACABADORA DE ASFALTO SOBRE RODAS, LARGURA DE PAVIMENTACAO DE 1,70 A 4,20 M, POTENCIA 78 KW/105 HP, CAPACIDADE 300 T/H","UN",1323715.79,"SINAPI-I"]
[10489,"VIDRACEIRO","H",18.170000000000002,"SINAPI-I"]
[41073,"VIDRACEIRO (MENSALISTA)","MES",3212.35,"SINAPI-I"]
[34391,"VIDRO COMUM LAMINADO LISO INCOLOR DUPLO, ESPESSURA TOTAL 8 MM (CADA CAMADA DE 4 MM) - COLOCADO","M2",478.65,"SINAPI-I"]
[10496,"VIDRO COMUM LAMINADO, LISO, INCOLOR, DUPLO, ESPESSURA TOTAL 6 MM (CADA CAMADA E= 3 MM) - COLOCADO","M2",416.66,"SINAPI-I"]
[10497,"VIDRO COMUM LAMINADO, LISO, INCOLOR, TRIPLO, ESPESSURA TOTAL 12 MM (CADA CAMADA E=  4 MM) - COLOCADO","M2",1083.33,"SINAPI-I"]
[10504,"VIDRO COMUM LAMINADO, LISO, INCOLOR, TRIPLO, ESPESSURA TOTAL 15 MM (CADA CAMADA E = 5 MM) - COLOCADO","M2",1266.6600000000001,"SINAPI-I"]
[34390,"VIDRO CRISTAL COLORIDO, 10 MM, PINTADO NA COR BRANCA","M2",373.33,"SINAPI-I"]
[34389,"VIDRO CRISTAL COLORIDO, 4 MM, PINTADO NA COR BRANCA","M2",116.66,"SINAPI-I"]
[34388,"VIDRO CRISTAL COLORIDO, 6 MM, PINTADO NA COR BRANCA","M2",165.8,"SINAPI-I"]
[34387,"VIDRO CRISTAL COLORIDO, 8 MM, PINTADO NA COR BRANCA","M2",269.16000000000003,"SINAPI-I"]
[11188,"VIDRO LISO FUME E = 4MM - SEM COLOCACAO","M2",133.33000000000001,"SINAPI-I"]
[11189,"VIDRO LISO FUME E = 6MM - SEM COLOCACAO","M2",200,"SINAPI-I"]
[21107,"VIDRO LISO FUME, E = 5 MM - SEM COLOCACAO","M2",143.91999999999999,"SINAPI-I"]
[34386,"VIDRO LISO INCOLOR 10 MM - SEM COLOCACAO","M2",249.99,"SINAPI-I"]
[10490,"VIDRO LISO INCOLOR 2 A 3 MM - SEM COLOCACAO","M2",75,"SINAPI-I"]
[10492,"VIDRO LISO INCOLOR 4MM - SEM COLOCACAO","M2",99.99,"SINAPI-I"]
[10493,"VIDRO LISO INCOLOR 5MM - SEM COLOCACAO","M2",116.66,"SINAPI-I"]
[10491,"VIDRO LISO INCOLOR 6 MM - SEM COLOCACAO","M2",141.66,"SINAPI-I"]
[34385,"VIDRO LISO INCOLOR 8MM  -  SEM COLOCACAO","M2",206.66,"SINAPI-I"]
[10499,"VIDRO MARTELADO OU CANELADO, 4 MM - SEM COLOCACAO","M2",83.33,"SINAPI-I"]
[34384,"VIDRO PLANO ARAMADO E = 6 MM - SEM COLOCACAO","M2",249.99,"SINAPI-I"]
[11185,"VIDRO PLANO ARMADO E = 7MM - SEM COLOCACAO","M2",258.33,"SINAPI-I"]
[10507,"VIDRO TEMPERADO INCOLOR E = 10 MM, SEM COLOCACAO","M2",207.68,"SINAPI-I"]
[10505,"VIDRO TEMPERADO INCOLOR E = 6 MM, SEM COLOCACAO","M2",122.54,"SINAPI-I"]
[10506,"VIDRO TEMPERADO INCOLOR E = 8 MM, SEM COLOCACAO","M2",159.97,"SINAPI-I"]
[5031,"VIDRO TEMPERADO INCOLOR PARA PORTA DE ABRIR, E = 10 MM (SEM FERRAGENS E SEM COLOCACAO)","M2",224.63,"SINAPI-I"]
[10502,"VIDRO TEMPERADO VERDE E = 10 MM, SEM COLOCACAO","M2",261.74,"SINAPI-I"]
[10501,"VIDRO TEMPERADO VERDE E = 6 MM, SEM COLOCACAO","M2",147.88,"SINAPI-I"]
[10503,"VIDRO TEMPERADO VERDE E = 8 MM, SEM COLOCACAO","M2",199.78,"SINAPI-I"]
[40270,"VIGA DE ESCORAMAENTO H20, DE MADEIRA, PESO DE 5,00 A 5,20 KG/M, COM EXTREMIDADES PLASTICAS","M",43.5,"SINAPI-I"]
[20213,"VIGA DE MADEIRA APARELHADA *6 X 12* CM, MACARANDUBA, ANGELIM OU EQUIVALENTE DA REGIAO","M",25.66,"SINAPI-I"]
[20211,"VIGA DE MADEIRA APARELHADA *6 X 16* CM, MACARANDUBA, ANGELIM OU EQUIVALENTE DA REGIAO","M",37.9,"SINAPI-I"]
[4472,"VIGA DE MADEIRA NAO APARELHADA *6 X 16* CM, MACARANDUBA, ANGELIM OU EQUIVALENTE DA REGIAO","M",33.14,"SINAPI-I"]
[35272,"VIGA DE MADEIRA NAO APARELHADA *6 X 20* CM, MACARANDUBA, ANGELIM OU EQUIVALENTE DA REGIAO","M",43.53,"SINAPI-I"]
[4448,"VIGA DE MADEIRA NAO APARELHADA *7,5 X 15 CM (3 X 6 \") PINUS, MISTA OU EQUIVALENTE DA REGIAO","M",16.61,"SINAPI-I"]
[4425,"VIGA DE MADEIRA NAO APARELHADA 6 X 12 CM, MACARANDUBA, ANGELIM OU EQUIVALENTE DA REGIAO","M",24.34,"SINAPI-I"]
[4481,"VIGA DE MADEIRA NAO APARELHADA 8 X 16 CM, MACARANDUBA, ANGELIM OU EQUIVALENTE DA REGIAO","M",44.85,"SINAPI-I"]
[34345,"VIGIA DIURNO","H",14.42,"SINAPI-I"]
[41096,"VIGIA DIURNO (MENSALISTA)","MES",2550.64,"SINAPI-I"]
[41776,"VIGIA NOTURNO, HORA EFETIVAMENTE TRABALHADA DE 22 H AS 5 H (COM ADICIONAL NOTURNO)","H",19.77,"SINAPI-I"]
[4487,"VIGOTA DE MADEIRA NAO APARELHADA *5 X 10* CM, MACARANDUBA, ANGELIM OU EQUIVALENTE DA REGIAO","M",21.76,"SINAPI-I"]
[11157,"WASH PRIMER PARA TINTA AUTOMOTIVA","GL",129.36000000000001,"SINAPI-I"]
["COMPOSIÇÕES"]
[97141,"ASSENTAMENTO DE TUBO DE FERRO FUNDIDO PARA REDE DE ÁGUA, DN 80 MM, JUNTA ELÁSTICA, INSTALADO EM LOCAL COM NÍVEL ALTO DE INTERFERÊNCIAS (NÃO INCLUI FORNECIMENTO). AF_11/2017","M",6.46,"SINAPI","ASSENTAMENTO DE TUBOS E PECAS","FORNEC E/OU ASSENT DE TUBO DE FERRO FUNDIDO JUNTA ELASTICA"]
[97142,"ASSENTAMENTO DE TUBO DE FERRO FUNDIDO PARA REDE DE ÁGUA, DN 100 MM, JUNTA ELÁSTICA, INSTALADO EM LOCAL COM NÍVEL ALTO DE INTERFERÊNCIAS (NÃO INCLUI FORNECIMENTO). AF_11/2017","M",7.2,"SINAPI","ASSENTAMENTO DE TUBOS E PECAS","FORNEC E/OU ASSENT DE TUBO DE FERRO FUNDIDO JUNTA ELASTICA"]
[97143,"ASSENTAMENTO DE TUBO DE FERRO FUNDIDO PARA REDE DE ÁGUA, DN 150 MM, JUNTA ELÁSTICA, INSTALADO EM LOCAL COM NÍVEL ALTO DE INTERFERÊNCIAS (NÃO INCLUI FORNECIMENTO). AF_11/2017","M",9.1,"SINAPI","ASSENTAMENTO DE TUBOS E PECAS","FORNEC E/OU ASSENT DE TUBO DE FERRO FUNDIDO JUNTA ELASTICA"]
[97144,"ASSENTAMENTO DE TUBO DE FERRO FUNDIDO PARA REDE DE ÁGUA, DN 200 MM, JUNTA ELÁSTICA, INSTALADO EM LOCAL COM NÍVEL ALTO DE INTERFERÊNCIAS (NÃO INCLUI FORNECIMENTO). AF_11/2017","M",10.96,"SINAPI","ASSENTAMENTO DE TUBOS E PECAS","FORNEC E/OU ASSENT DE TUBO DE FERRO FUNDIDO JUNTA ELASTICA"]
[97145,"ASSENTAMENTO DE TUBO DE FERRO FUNDIDO PARA REDE DE ÁGUA, DN 250 MM, JUNTA ELÁSTICA, INSTALADO EM LOCAL COM NÍVEL ALTO DE INTERFERÊNCIAS (NÃO INCLUI FORNECIMENTO). AF_11/2017","M",12.84,"SINAPI","ASSENTAMENTO DE TUBOS E PECAS","FORNEC E/OU ASSENT DE TUBO DE FERRO FUNDIDO JUNTA ELASTICA"]
[97146,"ASSENTAMENTO DE TUBO DE FERRO FUNDIDO PARA REDE DE ÁGUA, DN 300 MM, JUNTA ELÁSTICA, INSTALADO EM LOCAL COM NÍVEL ALTO DE INTERFERÊNCIAS (NÃO INCLUI FORNECIMENTO). AF_11/2017","M",14.74,"SINAPI","ASSENTAMENTO DE TUBOS E PECAS","FORNEC E/OU ASSENT DE TUBO DE FERRO FUNDIDO JUNTA ELASTICA"]
[97147,"ASSENTAMENTO DE TUBO DE FERRO FUNDIDO PARA REDE DE ÁGUA, DN 350 MM, JUNTA ELÁSTICA, INSTALADO EM LOCAL COM NÍVEL ALTO DE INTERFERÊNCIAS (NÃO INCLUI FORNECIMENTO). AF_11/2017","M",16.63,"SINAPI","ASSENTAMENTO DE TUBOS E PECAS","FORNEC E/OU ASSENT DE TUBO DE FERRO FUNDIDO JUNTA ELASTICA"]
[97148,"ASSENTAMENTO DE TUBO DE FERRO FUNDIDO PARA REDE DE ÁGUA, DN 400 MM, JUNTA ELÁSTICA, INSTALADO EM LOCAL COM NÍVEL ALTO DE INTERFERÊNCIAS (NÃO INCLUI FORNECIMENTO). AF_11/2017","M",18.510000000000002,"SINAPI","ASSENTAMENTO DE TUBOS E PECAS","FORNEC E/OU ASSENT DE TUBO DE FERRO FUNDIDO JUNTA ELASTICA"]
[97149,"ASSENTAMENTO DE TUBO DE FERRO FUNDIDO PARA REDE DE ÁGUA, DN 450 MM, JUNTA ELÁSTICA, INSTALADO EM LOCAL COM NÍVEL ALTO DE INTERFERÊNCIAS (NÃO INCLUI FORNECIMENTO). AF_11/2017","M",20.420000000000002,"SINAPI","ASSENTAMENTO DE TUBOS E PECAS","FORNEC E/OU ASSENT DE TUBO DE FERRO FUNDIDO JUNTA ELASTICA"]
[97150,"ASSENTAMENTO DE TUBO DE FERRO FUNDIDO PARA REDE DE ÁGUA, DN 500 MM, JUNTA ELÁSTICA, INSTALADO EM LOCAL COM NÍVEL ALTO DE INTERFERÊNCIAS (NÃO INCLUI FORNECIMENTO). AF_11/2017","M",24.84,"SINAPI","ASSENTAMENTO DE TUBOS E PECAS","FORNEC E/OU ASSENT DE TUBO DE FERRO FUNDIDO JUNTA ELASTICA"]
[97151,"ASSENTAMENTO DE TUBO DE FERRO FUNDIDO PARA REDE DE ÁGUA, DN 600 MM, JUNTA ELÁSTICA, INSTALADO EM LOCAL COM NÍVEL ALTO DE INTERFERÊNCIAS (NÃO INCLUI FORNECIMENTO). AF_11/2017","M",29,"SINAPI","ASSENTAMENTO DE TUBOS E PECAS","FORNEC E/OU ASSENT DE TUBO DE FERRO FUNDIDO JUNTA ELASTICA"]
[97152,"ASSENTAMENTO DE TUBO DE FERRO FUNDIDO PARA REDE DE ÁGUA, DN 700 MM, JUNTA ELÁSTICA, INSTALADO EM LOCAL COM NÍVEL ALTO DE INTERFERÊNCIAS (NÃO INCLUI FORNECIMENTO). AF_11/2017","M",33,"SINAPI","ASSENTAMENTO DE TUBOS E PECAS","FORNEC E/OU ASSENT DE TUBO DE FERRO FUNDIDO JUNTA ELASTICA"]
[97153,"ASSENTAMENTO DE TUBO DE FERRO FUNDIDO PARA REDE DE ÁGUA, DN 800 MM, JUNTA ELÁSTICA, INSTALADO EM LOCAL COM NÍVEL ALTO DE INTERFERÊNCIAS (NÃO INCLUI FORNECIMENTO). AF_11/2017","M",37.11,"SINAPI","ASSENTAMENTO DE TUBOS E PECAS","FORNEC E/OU ASSENT DE TUBO DE FERRO FUNDIDO JUNTA ELASTICA"]
[97154,"ASSENTAMENTO DE TUBO DE FERRO FUNDIDO PARA REDE DE ÁGUA, DN 900 MM, JUNTA ELÁSTICA, INSTALADO EM LOCAL COM NÍVEL ALTO DE INTERFERÊNCIAS (NÃO INCLUI FORNECIMENTO). AF_11/2017","M",41.22,"SINAPI","ASSENTAMENTO DE TUBOS E PECAS","FORNEC E/OU ASSENT DE TUBO DE FERRO FUNDIDO JUNTA ELASTICA"]
[97155,"ASSENTAMENTO DE TUBO DE FERRO FUNDIDO PARA REDE DE ÁGUA, DN 1000 MM, JUNTA ELÁSTICA, INSTALADO EM LOCAL COM NÍVEL ALTO DE INTERFERÊNCIAS (NÃO INCLUI FORNECIMENTO). AF_11/2017","M",45.33,"SINAPI","ASSENTAMENTO DE TUBOS E PECAS","FORNEC E/OU ASSENT DE TUBO DE FERRO FUNDIDO JUNTA ELASTICA"]
[97156,"ASSENTAMENTO DE TUBO DE FERRO FUNDIDO PARA REDE DE ÁGUA, DN 1200 MM, JUNTA ELÁSTICA, INSTALADO EM LOCAL COM NÍVEL ALTO DE INTERFERÊNCIAS (NÃO INCLUI FORNECIMENTO). AF_11/2017","M",53.87,"SINAPI","ASSENTAMENTO DE TUBOS E PECAS","FORNEC E/OU ASSENT DE TUBO DE FERRO FUNDIDO JUNTA ELASTICA"]
[97157,"ASSENTAMENTO DE TUBO DE FERRO FUNDIDO PARA REDE DE ÁGUA, DN 80 MM, JUNTA ELÁSTICA, INSTALADO EM LOCAL COM NÍVEL BAIXO DE INTERFERÊNCIAS (NÃO INCLUI FORNECIMENTO). AF_11/2017","M",3.94,"SINAPI","ASSENTAMENTO DE TUBOS E PECAS","FORNEC E/OU ASSENT DE TUBO DE FERRO FUNDIDO JUNTA ELASTICA"]
[97158,"ASSENTAMENTO DE TUBO DE FERRO FUNDIDO PARA REDE DE ÁGUA, DN 100 MM, JUNTA ELÁSTICA, INSTALADO EM LOCAL COM NÍVEL BAIXO DE INTERFERÊNCIAS (NÃO INCLUI FORNECIMENTO). AF_11/2017","M",4.38,"SINAPI","ASSENTAMENTO DE TUBOS E PECAS","FORNEC E/OU ASSENT DE TUBO DE FERRO FUNDIDO JUNTA ELASTICA"]
[97159,"ASSENTAMENTO DE TUBO DE FERRO FUNDIDO PARA REDE DE ÁGUA, DN 150 MM, JUNTA ELÁSTICA, INSTALADO EM LOCAL COM NÍVEL BAIXO DE INTERFERÊNCIAS (NÃO INCLUI FORNECIMENTO). AF_11/2017","M",5.53,"SINAPI","ASSENTAMENTO DE TUBOS E PECAS","FORNEC E/OU ASSENT DE TUBO DE FERRO FUNDIDO JUNTA ELASTICA"]
[97160,"ASSENTAMENTO DE TUBO DE FERRO FUNDIDO PARA REDE DE ÁGUA, DN 200 MM, JUNTA ELÁSTICA, INSTALADO EM LOCAL COM NÍVEL BAIXO DE INTERFERÊNCIAS (NÃO INCLUI FORNECIMENTO). AF_11/2017","M",6.67,"SINAPI","ASSENTAMENTO DE TUBOS E PECAS","FORNEC E/OU ASSENT DE TUBO DE FERRO FUNDIDO JUNTA ELASTICA"]
[97161,"ASSENTAMENTO DE TUBO DE FERRO FUNDIDO PARA REDE DE ÁGUA, DN 250 MM, JUNTA ELÁSTICA, INSTALADO EM LOCAL COM NÍVEL BAIXO DE INTERFERÊNCIAS (NÃO INCLUI FORNECIMENTO). AF_11/2017","M",7.85,"SINAPI","ASSENTAMENTO DE TUBOS E PECAS","FORNEC E/OU ASSENT DE TUBO DE FERRO FUNDIDO JUNTA ELASTICA"]
[97162,"ASSENTAMENTO DE TUBO DE FERRO FUNDIDO PARA REDE DE ÁGUA, DN 300 MM, JUNTA ELÁSTICA, INSTALADO EM LOCAL COM NÍVEL BAIXO DE INTERFERÊNCIAS (NÃO INCLUI FORNECIMENTO). AF_11/2017","M",8.98,"SINAPI","ASSENTAMENTO DE TUBOS E PECAS","FORNEC E/OU ASSENT DE TUBO DE FERRO FUNDIDO JUNTA ELASTICA"]
[97163,"ASSENTAMENTO DE TUBO DE FERRO FUNDIDO PARA REDE DE ÁGUA, DN 350 MM, JUNTA ELÁSTICA, INSTALADO EM LOCAL COM NÍVEL BAIXO DE INTERFERÊNCIAS (NÃO INCLUI FORNECIMENTO). AF_11/2017","M",10.16,"SINAPI","ASSENTAMENTO DE TUBOS E PECAS","FORNEC E/OU ASSENT DE TUBO DE FERRO FUNDIDO JUNTA ELASTICA"]
[97164,"ASSENTAMENTO DE TUBO DE FERRO FUNDIDO PARA REDE DE ÁGUA, DN 400 MM, JUNTA ELÁSTICA, INSTALADO EM LOCAL COM NÍVEL BAIXO DE INTERFERÊNCIAS (NÃO INCLUI FORNECIMENTO). AF_11/2017","M",11.31,"SINAPI","ASSENTAMENTO DE TUBOS E PECAS","FORNEC E/OU ASSENT DE TUBO DE FERRO FUNDIDO JUNTA ELASTICA"]
[97165,"ASSENTAMENTO DE TUBO DE FERRO FUNDIDO PARA REDE DE ÁGUA, DN 450 MM, JUNTA ELÁSTICA, INSTALADO EM LOCAL COM NÍVEL BAIXO DE INTERFERÊNCIAS (NÃO INCLUI FORNECIMENTO). AF_11/2017","M",12.49,"SINAPI","ASSENTAMENTO DE TUBOS E PECAS","FORNEC E/OU ASSENT DE TUBO DE FERRO FUNDIDO JUNTA ELASTICA"]
[97166,"ASSENTAMENTO DE TUBO DE FERRO FUNDIDO PARA REDE DE ÁGUA, DN 500 MM, JUNTA ELÁSTICA, INSTALADO EM LOCAL COM NÍVEL BAIXO DE INTERFERÊNCIAS (NÃO INCLUI FORNECIMENTO). AF_11/2017","M",15.2,"SINAPI","ASSENTAMENTO DE TUBOS E PECAS","FORNEC E/OU ASSENT DE TUBO DE FERRO FUNDIDO JUNTA ELASTICA"]
[97167,"ASSENTAMENTO DE TUBO DE FERRO FUNDIDO PARA REDE DE ÁGUA, DN 600 MM, JUNTA ELÁSTICA, INSTALADO EM LOCAL COM NÍVEL BAIXO DE INTERFERÊNCIAS (NÃO INCLUI FORNECIMENTO). AF_11/2017","M",17.760000000000002,"SINAPI","ASSENTAMENTO DE TUBOS E PECAS","FORNEC E/OU ASSENT DE TUBO DE FERRO FUNDIDO JUNTA ELASTICA"]
[97168,"ASSENTAMENTO DE TUBO DE FERRO FUNDIDO PARA REDE DE ÁGUA, DN 700 MM, JUNTA ELÁSTICA, INSTALADO EM LOCAL COM NÍVEL BAIXO DE INTERFERÊNCIAS (NÃO INCLUI FORNECIMENTO). AF_11/2017","M",20.16,"SINAPI","ASSENTAMENTO DE TUBOS E PECAS","FORNEC E/OU ASSENT DE TUBO DE FERRO FUNDIDO JUNTA ELASTICA"]
[97169,"ASSENTAMENTO DE TUBO DE FERRO FUNDIDO PARA REDE DE ÁGUA, DN 800 MM, JUNTA ELÁSTICA, INSTALADO EM LOCAL COM NÍVEL BAIXO DE INTERFERÊNCIAS (NÃO INCLUI FORNECIMENTO). AF_11/2017","M",22.67,"SINAPI","ASSENTAMENTO DE TUBOS E PECAS","FORNEC E/OU ASSENT DE TUBO DE FERRO FUNDIDO JUNTA ELASTICA"]
[97170,"ASSENTAMENTO DE TUBO DE FERRO FUNDIDO PARA REDE DE ÁGUA, DN 900 MM, JUNTA ELÁSTICA, INSTALADO EM LOCAL COM NÍVEL BAIXO DE INTERFERÊNCIAS (NÃO INCLUI FORNECIMENTO). AF_11/2017","M",25.18,"SINAPI","ASSENTAMENTO DE TUBOS E PECAS","FORNEC E/OU ASSENT DE TUBO DE FERRO FUNDIDO JUNTA ELASTICA"]
[97171,"ASSENTAMENTO DE TUBO DE FERRO FUNDIDO PARA REDE DE ÁGUA, DN 1000 MM, JUNTA ELÁSTICA, INSTALADO EM LOCAL COM NÍVEL BAIXO DE INTERFERÊNCIAS (NÃO INCLUI FORNECIMENTO). AF_11/2017","M",27.72,"SINAPI","ASSENTAMENTO DE TUBOS E PECAS","FORNEC E/OU ASSENT DE TUBO DE FERRO FUNDIDO JUNTA ELASTICA"]
[97172,"ASSENTAMENTO DE TUBO DE FERRO FUNDIDO PARA REDE DE ÁGUA, DN 1200 MM, JUNTA ELÁSTICA, INSTALADO EM LOCAL COM NÍVEL BAIXO DE INTERFERÊNCIAS (NÃO INCLUI FORNECIMENTO). AF_11/2017","M",33.06,"SINAPI","ASSENTAMENTO DE TUBOS E PECAS","FORNEC E/OU ASSENT DE TUBO DE FERRO FUNDIDO JUNTA ELASTICA"]
[97173,"ASSENTAMENTO DE TUBO DE AÇO CARBONO PARA REDE DE ÁGUA, DN 600 MM (24\u0092\u0092), JUNTA SOLDADA, INSTALADO EM LOCAL COM NÍVEL ALTO DE INTERFERÊNCIAS (NÃO INCLUI FORNECIMENTO). AF_11/2017","M",28.66,"SINAPI","ASSENTAMENTO DE TUBOS E PECAS","FORNEC E/OU ASSENT DE TUBO DE ACO COM JUNTA SOLDADA"]
[97174,"ASSENTAMENTO DE TUBO DE AÇO CARBONO PARA REDE DE ÁGUA, DN 700 MM (28\u0092\u0092), JUNTA SOLDADA, INSTALADO EM LOCAL COM NÍVEL ALTO DE INTERFERÊNCIAS (NÃO INCLUI FORNECIMENTO). AF_11/2017","M",33.14,"SINAPI","ASSENTAMENTO DE TUBOS E PECAS","FORNEC E/OU ASSENT DE TUBO DE ACO COM JUNTA SOLDADA"]
[97175,"ASSENTAMENTO DE TUBO DE AÇO CARBONO PARA REDE DE ÁGUA, DN 800 MM (32\u0092\u0092), JUNTA SOLDADA, INSTALADO EM LOCAL COM NÍVEL ALTO DE INTERFERÊNCIAS (NÃO INCLUI FORNECIMENTO). AF_11/2017","M",37.65,"SINAPI","ASSENTAMENTO DE TUBOS E PECAS","FORNEC E/OU ASSENT DE TUBO DE ACO COM JUNTA SOLDADA"]
[97176,"ASSENTAMENTO DE TUBO DE AÇO CARBONO PARA REDE DE ÁGUA, DN 900 MM (36\u0092\u0092), JUNTA SOLDADA, INSTALADO EM LOCAL COM NÍVEL ALTO DE INTERFERÊNCIAS (NÃO INCLUI FORNECIMENTO). AF_11/2017","M",42.15,"SINAPI","ASSENTAMENTO DE TUBOS E PECAS","FORNEC E/OU ASSENT DE TUBO DE ACO COM JUNTA SOLDADA"]
[97177,"ASSENTAMENTO DE TUBO DE AÇO CARBONO PARA REDE DE ÁGUA, DN 1000 MM (40\u0092\u0092) OU DN 1100 MM (44\u0092\u0092), JUNTA SOLDADA, INSTALADO EM LOCAL COM NÍVEL ALTO DE INTERFERÊNCIAS (NÃO INCLUI FORNECIMENTO). AF_11/2017","M",51.13,"SINAPI","ASSENTAMENTO DE TUBOS E PECAS","FORNEC E/OU ASSENT DE TUBO DE ACO COM JUNTA SOLDADA"]
[97178,"ASSENTAMENTO DE TUBO DE AÇO CARBONO PARA REDE DE ÁGUA, DN 1200 MM (48\u0092\u0092) OU DN 1300 MM (52\u0092\u0092), JUNTA SOLDADA, INSTALADO EM LOCAL COM NÍVEL ALTO DE INTERFERÊNCIAS (NÃO INCLUI FORNECIMENTO). AF_11/2017","M",60.13,"SINAPI","ASSENTAMENTO DE TUBOS E PECAS","FORNEC E/OU ASSENT DE TUBO DE ACO COM JUNTA SOLDADA"]
[97179,"ASSENTAMENTO DE TUBO DE AÇO CARBONO PARA REDE DE ÁGUA, DN 1400 MM (56'') OU DN 1500 MM (60\u0092\u0092), JUNTA SOLDADA, INSTALADO EM LOCAL COM NÍVEL ALTO DE INTERFERÊNCIAS (NÃO INCLUI FORNECIMENTO). AF_11/2017","M",69.13,"SINAPI","ASSENTAMENTO DE TUBOS E PECAS","FORNEC E/OU ASSENT DE TUBO DE ACO COM JUNTA SOLDADA"]
[97180,"ASSENTAMENTO DE TUBO DE AÇO CARBONO PARA REDE DE ÁGUA, DN 1600 MM (64\u0092\u0092) OU DN 1700 MM (68\u0092\u0092), JUNTA SOLDADA, INSTALADO EM LOCAL COM NÍVEL ALTO DE INTERFERÊNCIAS (NÃO INCLUI FORNECIMENTO). AF_11/2017","M",78.12,"SINAPI","ASSENTAMENTO DE TUBOS E PECAS","FORNEC E/OU ASSENT DE TUBO DE ACO COM JUNTA SOLDADA"]
[97181,"ASSENTAMENTO DE TUBO DE AÇO CARBONO PARA REDE DE ÁGUA, DN 1800 MM (72\u0092\u0092) OU DN 1900 MM (76\u0092\u0092), JUNTA SOLDADA, INSTALADO EM LOCAL COM NÍVEL ALTO DE INTERFERÊNCIAS (NÃO INCLUI FORNECIMENTO). AF_11/2017","M",90.12,"SINAPI","ASSENTAMENTO DE TUBOS E PECAS","FORNEC E/OU ASSENT DE TUBO DE ACO COM JUNTA SOLDADA"]
[97182,"ASSENTAMENTO DE TUBO DE AÇO CARBONO PARA REDE DE ÁGUA, DN 2000 MM (80\u0092\u0092) OU DN 2100 MM (84\u0092\u0092), JUNTA SOLDADA, INSTALADO EM LOCAL COM NÍVEL ALTO DE INTERFERÊNCIAS (NÃO INCLUI FORNECIMENTO). AF_11/2017","M",99.42,"SINAPI","ASSENTAMENTO DE TUBOS E PECAS","FORNEC E/OU ASSENT DE TUBO DE ACO COM JUNTA SOLDADA"]
[97183,"ASSENTAMENTO DE TUBO DE AÇO CARBONO PARA REDE DE ÁGUA, DN 600 MM (24\u0092\u0092), JUNTA SOLDADA, INSTALADO EM LOCAL COM NÍVEL BAIXO DE INTERFERÊNCIAS (NÃO INCLUI FORNECIMENTO). AF_11/2017","M",23.67,"SINAPI","ASSENTAMENTO DE TUBOS E PECAS","FORNEC E/OU ASSENT DE TUBO DE ACO COM JUNTA SOLDADA"]
[97184,"ASSENTAMENTO DE TUBO DE AÇO CARBONO PARA REDE DE ÁGUA, DN 700 MM (28\u0092\u0092), JUNTA SOLDADA, INSTALADO EM LOCAL COM NÍVEL BAIXO DE INTERFERÊNCIAS (NÃO INCLUI FORNECIMENTO). AF_11/2017","M",27.43,"SINAPI","ASSENTAMENTO DE TUBOS E PECAS","FORNEC E/OU ASSENT DE TUBO DE ACO COM JUNTA SOLDADA"]
[97185,"ASSENTAMENTO DE TUBO DE AÇO CARBONO PARA REDE DE ÁGUA, DN 800 MM (32\u0092\u0092), JUNTA SOLDADA, INSTALADO EM LOCAL COM NÍVEL BAIXO DE INTERFERÊNCIAS (NÃO INCLUI FORNECIMENTO). AF_11/2017","M",31.21,"SINAPI","ASSENTAMENTO DE TUBOS E PECAS","FORNEC E/OU ASSENT DE TUBO DE ACO COM JUNTA SOLDADA"]
[97186,"ASSENTAMENTO DE TUBO DE AÇO CARBONO PARA REDE DE ÁGUA, DN 900 MM (36\u0092\u0092), JUNTA SOLDADA, INSTALADO EM LOCAL COM NÍVEL BAIXO DE INTERFERÊNCIAS (NÃO INCLUI FORNECIMENTO). AF_11/2017","M",34.99,"SINAPI","ASSENTAMENTO DE TUBOS E PECAS","FORNEC E/OU ASSENT DE TUBO DE ACO COM JUNTA SOLDADA"]
[97187,"ASSENTAMENTO DE TUBO DE AÇO CARBONO PARA REDE DE ÁGUA, DN 1000 MM (40  ) OU DN 1100 MM (44  ), JUNTA SOLDADA, INSTALADO EM LOCAL COM NÍVEL BAIXO DE INTERFERÊNCIAS (NÃO INCLUI FORNECIMENTO). AF_11/2017","M",42.53,"SINAPI","ASSENTAMENTO DE TUBOS E PECAS","FORNEC E/OU ASSENT DE TUBO DE ACO COM JUNTA SOLDADA"]
[97188,"ASSENTAMENTO DE TUBO DE AÇO CARBONO PARA REDE DE ÁGUA, DN 1200 MM (48\u0092\u0092) OU DN 1300 MM (52\u0092\u0092), JUNTA SOLDADA, INSTALADO EM LOCAL COM NÍVEL BAIXO DE INTERFERÊNCIAS (NÃO INCLUI FORNECIMENTO). AF_11/2017","M",50.08,"SINAPI","ASSENTAMENTO DE TUBOS E PECAS","FORNEC E/OU ASSENT DE TUBO DE ACO COM JUNTA SOLDADA"]
[97189,"ASSENTAMENTO DE TUBO DE AÇO CARBONO PARA REDE DE ÁGUA, DN 1400 MM (56'') OU DN 1500 MM (60\u0092\u0092), JUNTA SOLDADA, INSTALADO EM LOCAL COM NÍVEL BAIXO DE INTERFERÊNCIAS (NÃO INCLUI FORNECIMENTO). AF_11/2017","M",57.65,"SINAPI","ASSENTAMENTO DE TUBOS E PECAS","FORNEC E/OU ASSENT DE TUBO DE ACO COM JUNTA SOLDADA"]
[97190,"ASSENTAMENTO DE TUBO DE AÇO CARBONO PARA REDE DE ÁGUA, DN 1600 MM (64\u0092\u0092) OU DN 1700 MM (68\u0092\u0092), JUNTA SOLDADA, INSTALADO EM LOCAL COM NÍVEL BAIXO DE INTERFERÊNCIAS (NÃO INCLUI FORNECIMENTO). AF_11/2017","M",65.19,"SINAPI","ASSENTAMENTO DE TUBOS E PECAS","FORNEC E/OU ASSENT DE TUBO DE ACO COM JUNTA SOLDADA"]
[97191,"ASSENTAMENTO DE TUBO DE AÇO CARBONO PARA REDE DE ÁGUA, DN 1800 MM (72\u0092\u0092) OU DN 1900 MM (76\u0092\u0092), JUNTA SOLDADA, INSTALADO EM LOCAL COM NÍVEL BAIXO DE INTERFERÊNCIAS (NÃO INCLUI FORNECIMENTO). AF_11/2017","M",75.069999999999993,"SINAPI","ASSENTAMENTO DE TUBOS E PECAS","FORNEC E/OU ASSENT DE TUBO DE ACO COM JUNTA SOLDADA"]
[97192,"ASSENTAMENTO DE TUBO DE AÇO CARBONO PARA REDE DE ÁGUA, DN 2000 MM (80\u0092\u0092) OU DN 2100 MM (84\u0092\u0092), JUNTA SOLDADA, INSTALADO EM LOCAL COM NÍVEL BAIXO DE INTERFERÊNCIAS (NÃO INCLUI FORNECIMENTO). AF_11/2017","M",82.85,"SINAPI","ASSENTAMENTO DE TUBOS E PECAS","FORNEC E/OU ASSENT DE TUBO DE ACO COM JUNTA SOLDADA"]
[90694,"TUBO DE PVC PARA REDE COLETORA DE ESGOTO DE PAREDE MACIÇA, DN 100 MM, JUNTA ELÁSTICA, INSTALADO EM LOCAL COM NÍVEL BAIXO DE INTERFERÊNCIAS - FORNECIMENTO E ASSENTAMENTO. AF_06/2015","M",23.71,"SINAPI","ASSENTAMENTO DE TUBOS E PECAS","FORNEC E/OU ASSENT DE TUBO DE PVC COM JUNTA ELASTICA"]
[90695,"TUBO DE PVC PARA REDE COLETORA DE ESGOTO DE PAREDE MACIÇA, DN 150 MM, JUNTA ELÁSTICA, INSTALADO EM LOCAL COM NÍVEL BAIXO DE INTERFERÊNCIAS - FORNECIMENTO E ASSENTAMENTO. AF_06/2015","M",48.92,"SINAPI","ASSENTAMENTO DE TUBOS E PECAS","FORNEC E/OU ASSENT DE TUBO DE PVC COM JUNTA ELASTICA"]
[90696,"TUBO DE PVC PARA REDE COLETORA DE ESGOTO DE PAREDE MACIÇA, DN 200 MM, JUNTA ELÁSTICA, INSTALADO EM LOCAL COM NÍVEL BAIXO DE INTERFERÊNCIAS - FORNECIMENTO E ASSENTAMENTO. AF_06/2015","M",72.5,"SINAPI","ASSENTAMENTO DE TUBOS E PECAS","FORNEC E/OU ASSENT DE TUBO DE PVC COM JUNTA ELASTICA"]
[90697,"TUBO DE PVC PARA REDE COLETORA DE ESGOTO DE PAREDE MACIÇA, DN 250 MM, JUNTA ELÁSTICA, INSTALADO EM LOCAL COM NÍVEL BAIXO DE INTERFERÊNCIAS - FORNECIMENTO E ASSENTAMENTO. AF_06/2015","M",121.74,"SINAPI","ASSENTAMENTO DE TUBOS E PECAS","FORNEC E/OU ASSENT DE TUBO DE PVC COM JUNTA ELASTICA"]
[90698,"TUBO DE PVC PARA REDE COLETORA DE ESGOTO DE PAREDE MACIÇA, DN 300 MM, JUNTA ELÁSTICA, INSTALADO EM LOCAL COM NÍVEL BAIXO DE INTERFERÊNCIAS - FORNECIMENTO E ASSENTAMENTO. AF_06/2015","M",194.69,"SINAPI","ASSENTAMENTO DE TUBOS E PECAS","FORNEC E/OU ASSENT DE TUBO DE PVC COM JUNTA ELASTICA"]
[90699,"TUBO DE PVC PARA REDE COLETORA DE ESGOTO DE PAREDE MACIÇA, DN 350 MM, JUNTA ELÁSTICA, INSTALADO EM LOCAL COM NÍVEL BAIXO DE INTERFERÊNCIAS - FORNECIMENTO E ASSENTAMENTO. AF_06/2015","M",240.59,"SINAPI","ASSENTAMENTO DE TUBOS E PECAS","FORNEC E/OU ASSENT DE TUBO DE PVC COM JUNTA ELASTICA"]
[90700,"TUBO DE PVC PARA REDE COLETORA DE ESGOTO DE PAREDE MACIÇA, DN 400 MM, JUNTA ELÁSTICA, INSTALADO EM LOCAL COM NÍVEL BAIXO DE INTERFERÊNCIAS - FORNECIMENTO E ASSENTAMENTO. AF_06/2015","M",316.54000000000002,"SINAPI","ASSENTAMENTO DE TUBOS E PECAS","FORNEC E/OU ASSENT DE TUBO DE PVC COM JUNTA ELASTICA"]
[90701,"TUBO DE PVC CORRUGADO DE DUPLA PAREDE PARA REDE COLETORA DE ESGOTO, DN 150 MM, JUNTA ELÁSTICA, INSTALADO EM LOCAL COM NÍVEL BAIXO DE INTERFERÊNCIAS - FORNECIMENTO E ASSENTAMENTO. AF_06/2015","M",42.19,"SINAPI","ASSENTAMENTO DE TUBOS E PECAS","FORNEC E/OU ASSENT DE TUBO DE PVC COM JUNTA ELASTICA"]
[90702,"TUBO DE PVC CORRUGADO DE DUPLA PAREDE PARA REDE COLETORA DE ESGOTO, DN 200 MM, JUNTA ELÁSTICA, INSTALADO EM LOCAL COM NÍVEL BAIXO DE INTERFERÊNCIAS - FORNECIMENTO E ASSENTAMENTO. AF_06/2015","M",65.67,"SINAPI","ASSENTAMENTO DE TUBOS E PECAS","FORNEC E/OU ASSENT DE TUBO DE PVC COM JUNTA ELASTICA"]
[90703,"TUBO DE PVC CORRUGADO DE DUPLA PAREDE PARA REDE COLETORA DE ESGOTO, DN 250 MM, JUNTA ELÁSTICA, INSTALADO EM LOCAL COM NÍVEL BAIXO DE INTERFERÊNCIAS - FORNECIMENTO E ASSENTAMENTO. AF_06/2015","M",105.92,"SINAPI","ASSENTAMENTO DE TUBOS E PECAS","FORNEC E/OU ASSENT DE TUBO DE PVC COM JUNTA ELASTICA"]
[90704,"TUBO DE PVC CORRUGADO DE DUPLA PAREDE PARA REDE COLETORA DE ESGOTO, DN 300 MM, JUNTA ELÁSTICA, INSTALADO EM LOCAL COM NÍVEL BAIXO DE INTERFERÊNCIAS - FORNECIMENTO E ASSENTAMENTO. AF_06/2015","M",145.47999999999999,"SINAPI","ASSENTAMENTO DE TUBOS E PECAS","FORNEC E/OU ASSENT DE TUBO DE PVC COM JUNTA ELASTICA"]
[90705,"TUBO DE PVC CORRUGADO DE DUPLA PAREDE PARA REDE COLETORA DE ESGOTO, DN 350 MM, JUNTA ELÁSTICA, INSTALADO EM LOCAL COM NÍVEL BAIXO DE INTERFERÊNCIAS - FORNECIMENTO E ASSENTAMENTO. AF_06/2015","M",203.53,"SINAPI","ASSENTAMENTO DE TUBOS E PECAS","FORNEC E/OU ASSENT DE TUBO DE PVC COM JUNTA ELASTICA"]
[90706,"TUBO DE PVC CORRUGADO DE DUPLA PAREDE PARA REDE COLETORA DE ESGOTO, DN 400 MM, JUNTA ELÁSTICA, INSTALADO EM LOCAL COM NÍVEL BAIXO DE INTERFERÊNCIAS - FORNECIMENTO E ASSENTAMENTO. AF_06/2015","M",244.46,"SINAPI","ASSENTAMENTO DE TUBOS E PECAS","FORNEC E/OU ASSENT DE TUBO DE PVC COM JUNTA ELASTICA"]
[90708,"TUBO DE PEAD CORRUGADO DE DUPLA PAREDE PARA REDE COLETORA DE ESGOTO, DN 600 MM, JUNTA ELÁSTICA INTEGRADA, INSTALADO EM LOCAL COM NÍVEL BAIXO DE INTERFERÊNCIAS - FORNECIMENTO E ASSENTAMENTO. AF_06/2015","M",661.33,"SINAPI","ASSENTAMENTO DE TUBOS E PECAS","FORNEC E/OU ASSENT DE TUBO DE PVC COM JUNTA ELASTICA"]
[90709,"TUBO DE PVC PARA REDE COLETORA DE ESGOTO DE PAREDE MACIÇA, DN 100 MM, JUNTA ELÁSTICA, INSTALADO EM LOCAL COM NÍVEL ALTO DE INTERFERÊNCIAS - FORNECIMENTO E ASSENTAMENTO. AF_06/2015","M",25.48,"SINAPI","ASSENTAMENTO DE TUBOS E PECAS","FORNEC E/OU ASSENT DE TUBO DE PVC COM JUNTA ELASTICA"]
[90710,"TUBO DE PVC PARA REDE COLETORA DE ESGOTO DE PAREDE MACIÇA, DN 150 MM, JUNTA ELÁSTICA, INSTALADO EM LOCAL COM NÍVEL ALTO DE INTERFERÊNCIAS - FORNECIMENTO E ASSENTAMENTO. AF_06/2015","M",50.7,"SINAPI","ASSENTAMENTO DE TUBOS E PECAS","FORNEC E/OU ASSENT DE TUBO DE PVC COM JUNTA ELASTICA"]
[90711,"TUBO DE PVC PARA REDE COLETORA DE ESGOTO DE PAREDE MACIÇA, DN 200 MM, JUNTA ELÁSTICA, INSTALADO EM LOCAL COM NÍVEL ALTO DE INTERFERÊNCIAS - FORNECIMENTO E ASSENTAMENTO. AF_06/2015","M",74.260000000000005,"SINAPI","ASSENTAMENTO DE TUBOS E PECAS","FORNEC E/OU ASSENT DE TUBO DE PVC COM JUNTA ELASTICA"]
[90712,"TUBO DE PVC PARA REDE COLETORA DE ESGOTO DE PAREDE MACIÇA, DN 250 MM, JUNTA ELÁSTICA, INSTALADO EM LOCAL COM NÍVEL ALTO DE INTERFERÊNCIAS - FORNECIMENTO E ASSENTAMENTO. AF_06/2015","M",123.51,"SINAPI","ASSENTAMENTO DE TUBOS E PECAS","FORNEC E/OU ASSENT DE TUBO DE PVC COM JUNTA ELASTICA"]
[90713,"TUBO DE PVC PARA REDE COLETORA DE ESGOTO DE PAREDE MACIÇA, DN 300 MM, JUNTA ELÁSTICA, INSTALADO EM LOCAL COM NÍVEL ALTO DE INTERFERÊNCIAS - FORNECIMENTO E ASSENTAMENTO. AF_06/2015","M",196.45,"SINAPI","ASSENTAMENTO DE TUBOS E PECAS","FORNEC E/OU ASSENT DE TUBO DE PVC COM JUNTA ELASTICA"]
[90714,"TUBO DE PVC PARA REDE COLETORA DE ESGOTO DE PAREDE MACIÇA, DN 350 MM, JUNTA ELÁSTICA, INSTALADO EM LOCAL COM NÍVEL ALTO DE INTERFERÊNCIAS - FORNECIMENTO E ASSENTAMENTO. AF_06/2015","M",242.36,"SINAPI","ASSENTAMENTO DE TUBOS E PECAS","FORNEC E/OU ASSENT DE TUBO DE PVC COM JUNTA ELASTICA"]
[90715,"TUBO DE PVC PARA REDE COLETORA DE ESGOTO DE PAREDE MACIÇA, DN 400 MM, JUNTA ELÁSTICA, INSTALADO EM LOCAL COM NÍVEL ALTO DE INTERFERÊNCIAS - FORNECIMENTO E ASSENTAMENTO. AF_06/2015","M",320.3,"SINAPI","ASSENTAMENTO DE TUBOS E PECAS","FORNEC E/OU ASSENT DE TUBO DE PVC COM JUNTA ELASTICA"]
[90716,"TUBO DE PVC CORRUGADO DE DUPLA PAREDE PARA REDE COLETORA DE ESGOTO, DN 150 MM, JUNTA ELÁSTICA, INSTALADO EM LOCAL COM NÍVEL ALTO DE INTERFERÊNCIAS - FORNECIMENTO E ASSENTAMENTO. AF_06/2015","M",43.96,"SINAPI","ASSENTAMENTO DE TUBOS E PECAS","FORNEC E/OU ASSENT DE TUBO DE PVC COM JUNTA ELASTICA"]
[90717,"TUBO DE PVC CORRUGADO DE DUPLA PAREDE PARA REDE COLETORA DE ESGOTO, DN 200 MM, JUNTA ELÁSTICA, INSTALADO EM LOCAL COM NÍVEL ALTO DE INTERFERÊNCIAS - FORNECIMENTO E ASSENTAMENTO. AF_06/2015","M",67.430000000000007,"SINAPI","ASSENTAMENTO DE TUBOS E PECAS","FORNEC E/OU ASSENT DE TUBO DE PVC COM JUNTA ELASTICA"]
[90718,"TUBO DE PVC CORRUGADO DE DUPLA PAREDE PARA REDE COLETORA DE ESGOTO, DN 250 MM, JUNTA ELÁSTICA, INSTALADO EM LOCAL COM NÍVEL ALTO DE INTERFERÊNCIAS - FORNECIMENTO E ASSENTAMENTO. AF_06/2015","M",107.69,"SINAPI","ASSENTAMENTO DE TUBOS E PECAS","FORNEC E/OU ASSENT DE TUBO DE PVC COM JUNTA ELASTICA"]
[90719,"TUBO DE PVC CORRUGADO DE DUPLA PAREDE PARA REDE COLETORA DE ESGOTO, DN 300 MM, JUNTA ELÁSTICA, INSTALADO EM LOCAL COM NÍVEL ALTO DE INTERFERÊNCIAS - FORNECIMENTO E ASSENTAMENTO. AF_06/2015","M",147.24,"SINAPI","ASSENTAMENTO DE TUBOS E PECAS","FORNEC E/OU ASSENT DE TUBO DE PVC COM JUNTA ELASTICA"]
[90720,"TUBO DE PVC CORRUGADO DE DUPLA PAREDE PARA REDE COLETORA DE ESGOTO, DN 350 MM, JUNTA ELÁSTICA, INSTALADO EM LOCAL COM NÍVEL ALTO DE INTERFERÊNCIAS - FORNECIMENTO E ASSENTAMENTO. AF_06/2015","M",205.29,"SINAPI","ASSENTAMENTO DE TUBOS E PECAS","FORNEC E/OU ASSENT DE TUBO DE PVC COM JUNTA ELASTICA"]
[90721,"TUBO DE PVC CORRUGADO DE DUPLA PAREDE PARA REDE COLETORA DE ESGOTO, DN 400 MM, EM JUNTA ELÁSTICA, INSTALADO EM LOCAL COM NÍVEL ALTO DE INTERFERÊNCIAS - FORNECIMENTO E ASSENTAMENTO. AF_06/2015","M",248.24,"SINAPI","ASSENTAMENTO DE TUBOS E PECAS","FORNEC E/OU ASSENT DE TUBO DE PVC COM JUNTA ELASTICA"]
[90723,"TUBO DE PEAD CORRUGADO DE DUPLA PAREDE PARA REDE COLETORA DE ESGOTO, DN 600 MM, JUNTA ELÁSTICA INTEGRADA, INSTALADO EM LOCAL COM NÍVEL ALTO DE INTERFERÊNCIAS - FORNECIMENTO E ASSENTAMENTO. AF_06/2015","M",663.65,"SINAPI","ASSENTAMENTO DE TUBOS E PECAS","FORNEC E/OU ASSENT DE TUBO DE PVC COM JUNTA ELASTICA"]
[90724,"JUNTA ARGAMASSADA ENTRE TUBO DN 100 MM E O POÇO DE VISITA/ CAIXA DE CONCRETO OU ALVENARIA EM REDES DE ESGOTO. AF_06/2015","UN",20.55,"SINAPI","ASSENTAMENTO DE TUBOS E PECAS","FORNEC E/OU ASSENT DE TUBO DE PVC COM JUNTA ELASTICA"]
[90725,"JUNTA ARGAMASSADA ENTRE TUBO DN 150 MM E O POÇO DE VISITA/ CAIXA DE CONCRETO OU ALVENARIA EM REDES DE ESGOTO. AF_06/2015","UN",25.38,"SINAPI","ASSENTAMENTO DE TUBOS E PECAS","FORNEC E/OU ASSENT DE TUBO DE PVC COM JUNTA ELASTICA"]
[90726,"JUNTA ARGAMASSADA ENTRE TUBO DN 200 MM E O POÇO/ CAIXA DE CONCRETO OU ALVENARIA EM REDES DE ESGOTO. AF_06/2015","UN",30.2,"SINAPI","ASSENTAMENTO DE TUBOS E PECAS","FORNEC E/OU ASSENT DE TUBO DE PVC COM JUNTA ELASTICA"]
[90727,"JUNTA ARGAMASSADA ENTRE TUBO DN 250 MM E O POÇO DE VISITA/ CAIXA DE CONCRETO OU ALVENARIA EM REDES DE ESGOTO. AF_06/2015","UN",35.03,"SINAPI","ASSENTAMENTO DE TUBOS E PECAS","FORNEC E/OU ASSENT DE TUBO DE PVC COM JUNTA ELASTICA"]
[90728,"JUNTA ARGAMASSADA ENTRE TUBO DN 300 MM E O POÇO DE VISITA/ CAIXA DE CONCRETO OU ALVENARIA EM REDES DE ESGOTO. AF_06/2015","UN",39.86,"SINAPI","ASSENTAMENTO DE TUBOS E PECAS","FORNEC E/OU ASSENT DE TUBO DE PVC COM JUNTA ELASTICA"]
[90729,"JUNTA ARGAMASSADA ENTRE TUBO DN 350 MM E O POÇO DE VISITA/ CAIXA DE CONCRETO OU ALVENARIA EM REDES DE ESGOTO. AF_06/2015","UN",44.68,"SINAPI","ASSENTAMENTO DE TUBOS E PECAS","FORNEC E/OU ASSENT DE TUBO DE PVC COM JUNTA ELASTICA"]
[90730,"JUNTA ARGAMASSADA ENTRE TUBO DN 400 MM E O POÇO DE VISITA/ CAIXA DE CONCRETO OU ALVENARIA EM REDES DE ESGOTO. AF_06/2015","UN",49.55,"SINAPI","ASSENTAMENTO DE TUBOS E PECAS","FORNEC E/OU ASSENT DE TUBO DE PVC COM JUNTA ELASTICA"]
[90731,"JUNTA ARGAMASSADA ENTRE TUBO DN 450 MM E O POÇO DE VISITA/ CAIXA DE CONCRETO OU ALVENARIA EM REDES DE ESGOTO. AF_06/2015","UN",54.37,"SINAPI","ASSENTAMENTO DE TUBOS E PECAS","FORNEC E/OU ASSENT DE TUBO DE PVC COM JUNTA ELASTICA"]
[90732,"JUNTA ARGAMASSADA ENTRE TUBO DN 600 MM E O POÇO DE VISITA/ CAIXA DE CONCRETO OU ALVENARIA EM REDES DE ESGOTO. AF_06/2015","UN",68.86,"SINAPI","ASSENTAMENTO DE TUBOS E PECAS","FORNEC E/OU ASSENT DE TUBO DE PVC COM JUNTA ELASTICA"]
[90733,"ASSENTAMENTO DE TUBO DE PVC PARA REDE COLETORA DE ESGOTO DE PAREDE MACIÇA, DN 100 MM, JUNTA ELÁSTICA, INSTALADO EM LOCAL COM NÍVEL BAIXO DE INTERFERÊNCIAS (NÃO INCLUI FORNECIMENTO). AF_06/2015","M",2.2200000000000002,"SINAPI","ASSENTAMENTO DE TUBOS E PECAS","FORNEC E/OU ASSENT DE TUBO DE PVC COM JUNTA ELASTICA"]
[90734,"ASSENTAMENTO DE TUBO DE PVC PARA REDE COLETORA DE ESGOTO DE PAREDE MACIÇA, DN 150 MM, JUNTA ELÁSTICA, INSTALADO EM LOCAL COM NÍVEL BAIXO DE INTERFERÊNCIAS (NÃO INCLUI FORNECIMENTO). AF_06/2015","M",2.71,"SINAPI","ASSENTAMENTO DE TUBOS E PECAS","FORNEC E/OU ASSENT DE TUBO DE PVC COM JUNTA ELASTICA"]
[90735,"ASSENTAMENTO DE TUBO DE PVC PARA REDE COLETORA DE ESGOTO DE PAREDE MACIÇA, DN 200 MM, JUNTA ELÁSTICA, INSTALADO EM LOCAL COM NÍVEL BAIXO DE INTERFERÊNCIAS (NÃO INCLUI FORNECIMENTO). AF_06/2015","M",3.22,"SINAPI","ASSENTAMENTO DE TUBOS E PECAS","FORNEC E/OU ASSENT DE TUBO DE PVC COM JUNTA ELASTICA"]
[90736,"ASSENTAMENTO DE TUBO DE PVC PARA REDE COLETORA DE ESGOTO DE PAREDE MACIÇA, DN 250 MM, JUNTA ELÁSTICA, INSTALADO EM LOCAL COM NÍVEL BAIXO DE INTERFERÊNCIAS (NÃO INCLUI FORNECIMENTO). AF_06/2015","M",3.72,"SINAPI","ASSENTAMENTO DE TUBOS E PECAS","FORNEC E/OU ASSENT DE TUBO DE PVC COM JUNTA ELASTICA"]
[90737,"ASSENTAMENTO DE TUBO DE PVC PARA REDE COLETORA DE ESGOTO DE PAREDE MACIÇA, DN 300 MM, JUNTA ELÁSTICA, INSTALADO EM LOCAL COM NÍVEL BAIXO DE INTERFERÊNCIAS (NÃO INCLUI FORNECIMENTO). AF_06/2015","M",4.22,"SINAPI","ASSENTAMENTO DE TUBOS E PECAS","FORNEC E/OU ASSENT DE TUBO DE PVC COM JUNTA ELASTICA"]
[90738,"ASSENTAMENTO DE TUBO DE PVC PARA REDE COLETORA DE ESGOTO DE PAREDE MACIÇA, DN 350 MM, JUNTA ELÁSTICA, INSTALADO EM LOCAL COM NÍVEL BAIXO DE INTERFERÊNCIAS (NÃO INCLUI FORNECIMENTO). AF_06/2015","M",4.71,"SINAPI","ASSENTAMENTO DE TUBOS E PECAS","FORNEC E/OU ASSENT DE TUBO DE PVC COM JUNTA ELASTICA"]
[90739,"ASSENTAMENTO DE TUBO DE PVC PARA REDE COLETORA DE ESGOTO DE PAREDE MACIÇA, DN 400 MM, JUNTA ELÁSTICA, INSTALADO EM LOCAL COM NÍVEL BAIXO DE INTERFERÊNCIAS (NÃO INCLUI FORNECIMENTO). AF_06/2015","M",11.1,"SINAPI","ASSENTAMENTO DE TUBOS E PECAS","FORNEC E/OU ASSENT DE TUBO DE PVC COM JUNTA ELASTICA"]
[90740,"ASSENTAMENTO DE TUBO DE PVC CORRUGADO DE DUPLA PAREDE PARA REDE COLETORA DE ESGOTO, DN 150 MM, JUNTA ELÁSTICA, INSTALADO EM LOCAL COM NÍVEL BAIXO DE INTERFERÊNCIAS (NÃO INCLUI FORNECIMENTO). AF_06/2015","M",4.97,"SINAPI","ASSENTAMENTO DE TUBOS E PECAS","FORNEC E/OU ASSENT DE TUBO DE PVC COM JUNTA ELASTICA"]
[90741,"ASSENTAMENTO DE TUBO DE PVC CORRUGADO DE DUPLA PAREDE PARA REDE COLETORA DE ESGOTO, DN 200 MM, JUNTA ELÁSTICA, INSTALADO EM LOCAL COM NÍVEL BAIXO DE INTERFERÊNCIAS (NÃO INCLUI FORNECIMENTO). AF_06/2015","M",5.47,"SINAPI","ASSENTAMENTO DE TUBOS E PECAS","FORNEC E/OU ASSENT DE TUBO DE PVC COM JUNTA ELASTICA"]
[90742,"ASSENTAMENTO DE TUBO DE PVC CORRUGADO DE DUPLA PAREDE PARA REDE COLETORA DE ESGOTO, DN 250 MM, JUNTA ELÁSTICA, INSTALADO EM LOCAL COM NÍVEL BAIXO DE INTERFERÊNCIAS (NÃO INCLUI FORNECIMENTO). AF_06/2015","M",5.96,"SINAPI","ASSENTAMENTO DE TUBOS E PECAS","FORNEC E/OU ASSENT DE TUBO DE PVC COM JUNTA ELASTICA"]
[90743,"ASSENTAMENTO DE TUBO DE PVC CORRUGADO DE DUPLA PAREDE PARA REDE COLETORA DE ESGOTO, DN 300 MM, JUNTA ELÁSTICA, INSTALADO EM LOCAL COM NÍVEL BAIXO DE INTERFERÊNCIAS (NÃO INCLUI FORNECIMENTO). AF_06/2015","M",6.46,"SINAPI","ASSENTAMENTO DE TUBOS E PECAS","FORNEC E/OU ASSENT DE TUBO DE PVC COM JUNTA ELASTICA"]
[90744,"ASSENTAMENTO DE TUBO DE PVC CORRUGADO DE DUPLA PAREDE PARA REDE COLETORA DE ESGOTO, DN 350 MM, JUNTA ELÁSTICA, INSTALADO EM LOCAL COM NÍVEL BAIXO DE INTERFERÊNCIAS (NÃO INCLUI FORNECIMENTO). AF_06/2015","M",6.96,"SINAPI","ASSENTAMENTO DE TUBOS E PECAS","FORNEC E/OU ASSENT DE TUBO DE PVC COM JUNTA ELASTICA"]
[90745,"ASSENTAMENTO DE TUBO DE PVC CORRUGADO DE DUPLA PAREDE PARA REDE COLETORA DE ESGOTO, DN 400 MM, JUNTA ELÁSTICA, INSTALADO EM LOCAL COM NÍVEL BAIXO DE INTERFERÊNCIAS (NÃO INCLUI FORNECIMENTO). AF_06/2015","M",15.87,"SINAPI","ASSENTAMENTO DE TUBOS E PECAS","FORNEC E/OU ASSENT DE TUBO DE PVC COM JUNTA ELASTICA"]
[90746,"ASSENTAMENTO DE TUBO DE PEAD CORRUGADO DE DUPLA PAREDE PARA REDE COLETORA DE ESGOTO, DN 450 MM, JUNTA ELÁSTICA INTEGRADA, INSTALADO EM LOCAL COM NÍVEL BAIXO DE INTERFERÊNCIAS (NÃO INCLUI FORNECIMENTO). AF_06/2015","M",3.03,"SINAPI","ASSENTAMENTO DE TUBOS E PECAS","FORNEC E/OU ASSENT DE TUBO DE PVC COM JUNTA ELASTICA"]
[90747,"ASSENTAMENTO DE TUBO DE PEAD CORRUGADO DE DUPLA PAREDE PARA REDE COLETORA DE ESGOTO, DN 600 MM, JUNTA ELÁSTICA INTEGRADA, INSTALADO EM LOCAL COM NÍVEL BAIXO DE INTERFERÊNCIAS (NÃO INCLUI FORNECIMENTO). AF_06/2015","M",12.22,"SINAPI","ASSENTAMENTO DE TUBOS E PECAS","FORNEC E/OU ASSENT DE TUBO DE PVC COM JUNTA ELASTICA"]
[90748,"ASSENTAMENTO DE TUBO DE PVC PARA REDE COLETORA DE ESGOTO DE PAREDE MACIÇA, DN 100 MM, JUNTA ELÁSTICA, INSTALADO EM LOCAL COM NÍVEL ALTO DE INTERFERÊNCIAS (NÃO INCLUI FORNECIMENTO). AF_06/2015","M",3.99,"SINAPI","ASSENTAMENTO DE TUBOS E PECAS","FORNEC E/OU ASSENT DE TUBO DE PVC COM JUNTA ELASTICA"]
[90749,"ASSENTAMENTO DE TUBO DE PVC PARA REDE COLETORA DE ESGOTO DE PAREDE MACIÇA, DN 150 MM, JUNTA ELÁSTICA, INSTALADO EM LOCAL COM NÍVEL ALTO DE INTERFERÊNCIAS (NÃO INCLUI FORNECIMENTO). AF_06/2015","M",4.49,"SINAPI","ASSENTAMENTO DE TUBOS E PECAS","FORNEC E/OU ASSENT DE TUBO DE PVC COM JUNTA ELASTICA"]
[90750,"ASSENTAMENTO DE TUBO DE PVC PARA REDE COLETORA DE ESGOTO DE PAREDE MACIÇA, DN 200 MM, JUNTA ELÁSTICA, INSTALADO EM LOCAL COM NÍVEL ALTO DE INTERFERÊNCIAS (NÃO INCLUI FORNECIMENTO). AF_06/2015","M",4.9800000000000004,"SINAPI","ASSENTAMENTO DE TUBOS E PECAS","FORNEC E/OU ASSENT DE TUBO DE PVC COM JUNTA ELASTICA"]
[90751,"ASSENTAMENTO DE TUBO DE PVC PARA REDE COLETORA DE ESGOTO DE PAREDE MACIÇA, DN 250 MM, JUNTA ELÁSTICA, INSTALADO EM LOCAL COM NÍVEL ALTO DE INTERFERÊNCIAS (NÃO INCLUI FORNECIMENTO). AF_06/2015","M",5.49,"SINAPI","ASSENTAMENTO DE TUBOS E PECAS","FORNEC E/OU ASSENT DE TUBO DE PVC COM JUNTA ELASTICA"]
[90752,"ASSENTAMENTO DE TUBO DE PVC PARA REDE COLETORA DE ESGOTO DE PAREDE MACIÇA, DN 300 MM, JUNTA ELÁSTICA, INSTALADO EM LOCAL COM NÍVEL ALTO DE INTERFERÊNCIAS (NÃO INCLUI FORNECIMENTO). AF_06/2015","M",5.98,"SINAPI","ASSENTAMENTO DE TUBOS E PECAS","FORNEC E/OU ASSENT DE TUBO DE PVC COM JUNTA ELASTICA"]
[90753,"ASSENTAMENTO DE TUBO DE PVC PARA REDE COLETORA DE ESGOTO DE PAREDE MACIÇA, DN 350 MM, JUNTA ELÁSTICA, INSTALADO EM LOCAL COM NÍVEL ALTO DE INTERFERÊNCIAS (NÃO INCLUI FORNECIMENTO). AF_06/2015","M",6.48,"SINAPI","ASSENTAMENTO DE TUBOS E PECAS","FORNEC E/OU ASSENT DE TUBO DE PVC COM JUNTA ELASTICA"]
[90754,"ASSENTAMENTO DE TUBO DE PVC PARA REDE COLETORA DE ESGOTO DE PAREDE MACIÇA, DN 400 MM, JUNTA ELÁSTICA, INSTALADO EM LOCAL COM NÍVEL ALTO DE INTERFERÊNCIAS (NÃO INCLUI FORNECIMENTO). AF_06/2015","M",14.86,"SINAPI","ASSENTAMENTO DE TUBOS E PECAS","FORNEC E/OU ASSENT DE TUBO DE PVC COM JUNTA ELASTICA"]
[90755,"ASSENTAMENTO DE TUBO DE PVC CORRUGADO DE DUPLA PAREDE PARA REDE COLETORA DE ESGOTO, DN 150 MM, JUNTA ELÁSTICA, INSTALADO EM LOCAL COM NÍVEL ALTO DE INTERFERÊNCIAS (NÃO INCLUI FORNECIMENTO). AF_06/2015","M",6.74,"SINAPI","ASSENTAMENTO DE TUBOS E PECAS","FORNEC E/OU ASSENT DE TUBO DE PVC COM JUNTA ELASTICA"]
[90756,"ASSENTAMENTO DE TUBO DE PVC CORRUGADO DE DUPLA PAREDE PARA REDE COLETORA DE ESGOTO, DN 200 MM, JUNTA ELÁSTICA, INSTALADO EM LOCAL COM NÍVEL ALTO DE INTERFERÊNCIAS (NÃO INCLUI FORNECIMENTO). AF_06/2015","M",7.23,"SINAPI","ASSENTAMENTO DE TUBOS E PECAS","FORNEC E/OU ASSENT DE TUBO DE PVC COM JUNTA ELASTICA"]
[90757,"ASSENTAMENTO DE TUBO DE PVC CORRUGADO DE DUPLA PAREDE PARA REDE COLETORA DE ESGOTO, DN 250 MM, JUNTA ELÁSTICA, INSTALADO EM LOCAL COM NÍVEL ALTO DE INTERFERÊNCIAS (NÃO INCLUI FORNECIMENTO). AF_06/2015","M",7.73,"SINAPI","ASSENTAMENTO DE TUBOS E PECAS","FORNEC E/OU ASSENT DE TUBO DE PVC COM JUNTA ELASTICA"]
[90758,"ASSENTAMENTO DE TUBO DE PVC CORRUGADO DE DUPLA PAREDE PARA REDE COLETORA DE ESGOTO, DN 300 MM, JUNTA ELÁSTICA, INSTALADO EM LOCAL COM NÍVEL ALTO DE INTERFERÊNCIAS (NÃO INCLUI FORNECIMENTO). AF_06/2015","M",8.2200000000000006,"SINAPI","ASSENTAMENTO DE TUBOS E PECAS","FORNEC E/OU ASSENT DE TUBO DE PVC COM JUNTA ELASTICA"]
[90759,"ASSENTAMENTO DE TUBO DE PVC CORRUGADO DE DUPLA PAREDE PARA REDE COLETORA DE ESGOTO, DN 350 MM, JUNTA ELÁSTICA, INSTALADO EM LOCAL COM NÍVEL ALTO DE INTERFERÊNCIAS (NÃO INCLUI FORNECIMENTO). AF_06/2015","M",8.7200000000000006,"SINAPI","ASSENTAMENTO DE TUBOS E PECAS","FORNEC E/OU ASSENT DE TUBO DE PVC COM JUNTA ELASTICA"]
[90760,"ASSENTAMENTO DE TUBO DE PVC CORRUGADO DE DUPLA PAREDE PARA REDE COLETORA DE ESGOTO, DN 400 MM, EM JUNTA ELÁSTICA, INSTALADO EM LOCAL COM NÍVEL ALTO DE INTERFERÊNCIAS (NÃO INCLUI FORNECIMENTO). AF_06/2015","M",19.649999999999999,"SINAPI","ASSENTAMENTO DE TUBOS E PECAS","FORNEC E/OU ASSENT DE TUBO DE PVC COM JUNTA ELASTICA"]
[90761,"ASSENTAMENTO DE TUBO DE PEAD CORRUGADO DE DUPLA PAREDE PARA REDE COLETORA DE ESGOTO, DN 450 MM, JUNTA ELÁSTICA INTEGRADA, INSTALADO EM LOCAL COM NÍVEL ALTO DE INTERFERÊNCIAS (NÃO INCLUI FORNECIMENTO). AF_06/2015","M",3.7,"SINAPI","ASSENTAMENTO DE TUBOS E PECAS","FORNEC E/OU ASSENT DE TUBO DE PVC COM JUNTA ELASTICA"]
[90762,"ASSENTAMENTO DE TUBO DE PEAD CORRUGADO DE DUPLA PAREDE PARA REDE COLETORA DE ESGOTO, DN 600 MM, JUNTA ELÁSTICA INTEGRADA, INSTALADO EM LOCAL COM NÍVEL ALTO DE INTERFERÊNCIAS (NÃO INCLUI FORNECIMENTO). AF_06/2015","M",14.54,"SINAPI","ASSENTAMENTO DE TUBOS E PECAS","FORNEC E/OU ASSENT DE TUBO DE PVC COM JUNTA ELASTICA"]
[94869,"TUBO DE PEAD CORRUGADO DE DUPLA PAREDE PARA REDE COLETORA DE ESGOTO, DN 250 MM, JUNTA ELÁSTICA INTEGRADA, INSTALADO EM LOCAL COM NÍVEL BAIXO DE INTERFERÊNCIAS - FORNECIMENTO E ASSENTAMENTO. AF_06/2016","M",134.28,"SINAPI","ASSENTAMENTO DE TUBOS E PECAS","FORNEC E/OU ASSENT DE TUBO DE PVC COM JUNTA ELASTICA"]
[94870,"ASSENTAMENTO DE TUBO DE PEAD CORRUGADO DE DUPLA PAREDE PARA REDE COLETORA DE ESGOTO, DN 250 MM, JUNTA ELÁSTICA INTEGRADA, INSTALADO EM LOCAL COM NÍVEL BAIXO DE INTERFERÊNCIAS (NÃO INCLUI FORNECIMENTO). AF_06/2016","M",0.74,"SINAPI","ASSENTAMENTO DE TUBOS E PECAS","FORNEC E/OU ASSENT DE TUBO DE PVC COM JUNTA ELASTICA"]
[94871,"TUBO DE PEAD CORRUGADO DE DUPLA PAREDE PARA REDE COLETORA DE ESGOTO, DN 300 MM, JUNTA ELÁSTICA INTEGRADA, INSTALADO EM LOCAL COM NÍVEL BAIXO DE INTERFERÊNCIAS - FORNECIMENTO E ASSENTAMENTO. AF_06/2016","M",159.19999999999999,"SINAPI","ASSENTAMENTO DE TUBOS E PECAS","FORNEC E/OU ASSENT DE TUBO DE PVC COM JUNTA ELASTICA"]
[94872,"ASSENTAMENTO DE TUBO DE PEAD CORRUGADO DE DUPLA PAREDE PARA REDE COLETORA DE ESGOTO, DN 300 MM, JUNTA ELÁSTICA INTEGRADA, INSTALADO EM LOCAL COM NÍVEL BAIXO DE INTERFERÊNCIAS (NÃO INCLUI FORNECIMENTO). AF_06/2016","M",1.3,"SINAPI","ASSENTAMENTO DE TUBOS E PECAS","FORNEC E/OU ASSENT DE TUBO DE PVC COM JUNTA ELASTICA"]
[94875,"TUBO DE PEAD CORRUGADO DE DUPLA PAREDE PARA REDE COLETORA DE ESGOTO, DN 750 MM, JUNTA ELÁSTICA INTEGRADA, INSTALADO EM LOCAL COM NÍVEL BAIXO DE INTERFERÊNCIAS - FORNECIMENTO E ASSENTAMENTO. AF_06/2016","M",934.65,"SINAPI","ASSENTAMENTO DE TUBOS E PECAS","FORNEC E/OU ASSENT DE TUBO DE PVC COM JUNTA ELASTICA"]
[94876,"ASSENTAMENTO DE TUBO DE PEAD CORRUGADO DE DUPLA PAREDE PARA REDE COLETORA DE ESGOTO, DN 750 MM, JUNTA ELÁSTICA INTEGRADA, INSTALADO EM LOCAL COM NÍVEL BAIXO DE INTERFERÊNCIAS (NÃO INCLUI FORNECIMENTO). AF_06/2016","M",18.5,"SINAPI","ASSENTAMENTO DE TUBOS E PECAS","FORNEC E/OU ASSENT DE TUBO DE PVC COM JUNTA ELASTICA"]
[94878,"ASSENTAMENTO DE TUBO DE PEAD CORRUGADO DE DUPLA PAREDE PARA REDE COLETORA DE ESGOTO, DN 900 MM, JUNTA ELÁSTICA INTEGRADA, INSTALADO EM LOCAL COM NÍVEL BAIXO DE INTERFERÊNCIAS (NÃO INCLUI FORNECIMENTO). AF_06/2016","M",21.71,"SINAPI","ASSENTAMENTO DE TUBOS E PECAS","FORNEC E/OU ASSENT DE TUBO DE PVC COM JUNTA ELASTICA"]
[94879,"TUBO DE PEAD CORRUGADO DE DUPLA PAREDE PARA REDE COLETORA DE ESGOTO, DN 1000 MM, JUNTA ELÁSTICA INTEGRADA, INSTALADO EM LOCAL COM NÍVEL BAIXO DE INTERFERÊNCIAS - FORNECIMENTO E ASSENTAMENTO. AF_06/2016","M",1245.55,"SINAPI","ASSENTAMENTO DE TUBOS E PECAS","FORNEC E/OU ASSENT DE TUBO DE PVC COM JUNTA ELASTICA"]
[94880,"ASSENTAMENTO DE TUBO DE PEAD CORRUGADO DE DUPLA PAREDE PARA REDE COLETORA DE ESGOTO, DN 1000 MM, JUNTA ELÁSTICA INTEGRADA, INSTALADO EM LOCAL COM NÍVEL BAIXO DE INTERFERÊNCIAS (NÃO INCLUI FORNECIMENTO). AF_06/2016","M",26.59,"SINAPI","ASSENTAMENTO DE TUBOS E PECAS","FORNEC E/OU ASSENT DE TUBO DE PVC COM JUNTA ELASTICA"]
[94881,"TUBO DE PEAD CORRUGADO DE DUPLA PAREDE PARA REDE COLETORA DE ESGOTO, DN 1200 MM, JUNTA ELÁSTICA INTEGRADA, INSTALADO EM LOCAL COM NÍVEL BAIXO DE INTERFERÊNCIAS - FORNECIMENTO E ASSENTAMENTO. AF_06/2016","M",1942.59,"SINAPI","ASSENTAMENTO DE TUBOS E PECAS","FORNEC E/OU ASSENT DE TUBO DE PVC COM JUNTA ELASTICA"]
[94882,"ASSENTAMENTO DE TUBO DE PEAD CORRUGADO DE DUPLA PAREDE PARA REDE COLETORA DE ESGOTO, DN 1200 MM, JUNTA ELÁSTICA INTEGRADA, INSTALADO EM LOCAL COM NÍVEL BAIXO DE INTERFERÊNCIAS (NÃO INCLUI FORNECIMENTO). AF_06/2016","M",31.55,"SINAPI","ASSENTAMENTO DE TUBOS E PECAS","FORNEC E/OU ASSENT DE TUBO DE PVC COM JUNTA ELASTICA"]
[94884,"ASSENTAMENTO DE TUBO DE PEAD CORRUGADO DE DUPLA PAREDE PARA REDE COLETORA DE ESGOTO, DN 1500 MM, JUNTA ELÁSTICA INTEGRADA, INSTALADO EM LOCAL COM NÍVEL BAIXO DE INTERFERÊNCIAS (NÃO INCLUI FORNECIMENTO). AF_06/2016","M",41.59,"SINAPI","ASSENTAMENTO DE TUBOS E PECAS","FORNEC E/OU ASSENT DE TUBO DE PVC COM JUNTA ELASTICA"]
[94885,"TUBO DE PEAD CORRUGADO DE DUPLA PAREDE PARA REDE COLETORA DE ESGOTO, DN 250 MM, JUNTA ELÁSTICA INTEGRADA, INSTALADO EM LOCAL COM NÍVEL ALTO DE INTERFERÊNCIAS - FORNECIMENTO E ASSENTAMENTO. AF_06/2016","M",134.49,"SINAPI","ASSENTAMENTO DE TUBOS E PECAS","FORNEC E/OU ASSENT DE TUBO DE PVC COM JUNTA ELASTICA"]
[94886,"ASSENTAMENTO DE TUBO DE PEAD CORRUGADO DE DUPLA PAREDE PARA REDE COLETORA DE ESGOTO, DN 250 MM, JUNTA ELÁSTICA INTEGRADA, INSTALADO EM LOCAL COM NÍVEL ALTO DE INTERFERÊNCIAS (NÃO INCLUI FORNECIMENTO). AF_06/2016","M",0.95,"SINAPI","ASSENTAMENTO DE TUBOS E PECAS","FORNEC E/OU ASSENT DE TUBO DE PVC COM JUNTA ELASTICA"]
[94887,"TUBO DE PEAD CORRUGADO DE DUPLA PAREDE PARA REDE COLETORA DE ESGOTO, DN 300 MM, JUNTA ELÁSTICA INTEGRADA, INSTALADO EM LOCAL COM NÍVEL ALTO DE INTERFERÊNCIAS - FORNECIMENTO E ASSENTAMENTO. AF_06/2016","M",159.54,"SINAPI","ASSENTAMENTO DE TUBOS E PECAS","FORNEC E/OU ASSENT DE TUBO DE PVC COM JUNTA ELASTICA"]
[94888,"ASSENTAMENTO DE TUBO DE PEAD CORRUGADO DE DUPLA PAREDE PARA REDE COLETORA DE ESGOTO, DN 300 MM, JUNTA ELÁSTICA INTEGRADA, INSTALADO EM LOCAL COM NÍVEL ALTO DE INTERFERÊNCIAS (NÃO INCLUI FORNECIMENTO). AF_06/2016","M",1.64,"SINAPI","ASSENTAMENTO DE TUBOS E PECAS","FORNEC E/OU ASSENT DE TUBO DE PVC COM JUNTA ELASTICA"]
[94891,"TUBO DE PEAD CORRUGADO DE DUPLA PAREDE PARA REDE COLETORA DE ESGOTO, DN 750 MM, JUNTA ELÁSTICA INTEGRADA, INSTALADO EM LOCAL COM NÍVEL ALTO DE INTERFERÊNCIAS - FORNECIMENTO E ASSENTAMENTO. AF_06/2016","M",937.62,"SINAPI","ASSENTAMENTO DE TUBOS E PECAS","FORNEC E/OU ASSENT DE TUBO DE PVC COM JUNTA ELASTICA"]
[94892,"ASSENTAMENTO DE TUBO DE PEAD CORRUGADO DE DUPLA PAREDE PARA REDE COLETORA DE ESGOTO, DN 750 MM, JUNTA ELÁSTICA INTEGRADA, INSTALADO EM LOCAL COM NÍVEL ALTO DE INTERFERÊNCIAS (NÃO INCLUI FORNECIMENTO). AF_06/2016","M",21.47,"SINAPI","ASSENTAMENTO DE TUBOS E PECAS","FORNEC E/OU ASSENT DE TUBO DE PVC COM JUNTA ELASTICA"]
[94894,"ASSENTAMENTO DE TUBO DE PEAD CORRUGADO DE DUPLA PAREDE PARA REDE COLETORA DE ESGOTO, DN 900 MM, JUNTA ELÁSTICA INTEGRADA, INSTALADO EM LOCAL COM NÍVEL ALTO DE INTERFERÊNCIAS (NÃO INCLUI FORNECIMENTO). AF_06/2016","M",24.95,"SINAPI","ASSENTAMENTO DE TUBOS E PECAS","FORNEC E/OU ASSENT DE TUBO DE PVC COM JUNTA ELASTICA"]
[94895,"TUBO DE PEAD CORRUGADO DE DUPLA PAREDE PARA REDE COLETORA DE ESGOTO, DN 1000 MM, JUNTA ELÁSTICA INTEGRADA, INSTALADO EM LOCAL COM NÍVEL ALTO DE INTERFERÊNCIAS - FORNECIMENTO E ASSENTAMENTO. AF_06/2016","M",1249.1099999999999,"SINAPI","ASSENTAMENTO DE TUBOS E PECAS","FORNEC E/OU ASSENT DE TUBO DE PVC COM JUNTA ELASTICA"]
[94896,"ASSENTAMENTO DE TUBO DE PEAD CORRUGADO DE DUPLA PAREDE PARA REDE COLETORA DE ESGOTO, DN 1000 MM, JUNTA ELÁSTICA INTEGRADA, INSTALADO EM LOCAL COM NÍVEL ALTO DE INTERFERÊNCIAS (NÃO INCLUI FORNECIMENTO). AF_06/2016","M",30.15,"SINAPI","ASSENTAMENTO DE TUBOS E PECAS","FORNEC E/OU ASSENT DE TUBO DE PVC COM JUNTA ELASTICA"]
[94897,"TUBO DE PEAD CORRUGADO DE DUPLA PAREDE PARA REDE COLETORA DE ESGOTO, DN 1200 MM, JUNTA ELÁSTICA INTEGRADA, INSTALADO EM LOCAL COM NÍVEL ALTO DE INTERFERÊNCIAS - FORNECIMENTO E ASSENTAMENTO. AF_06/2016","M",1946.39,"SINAPI","ASSENTAMENTO DE TUBOS E PECAS","FORNEC E/OU ASSENT DE TUBO DE PVC COM JUNTA ELASTICA"]
[94898,"ASSENTAMENTO DE TUBO DE PEAD CORRUGADO DE DUPLA PAREDE PARA REDE COLETORA DE ESGOTO, DN 1200 MM, JUNTA ELÁSTICA INTEGRADA, INSTALADO EM LOCAL COM NÍVEL ALTO DE INTERFERÊNCIAS (NÃO INCLUI FORNECIMENTO). AF_06/2016","M",35.35,"SINAPI","ASSENTAMENTO DE TUBOS E PECAS","FORNEC E/OU ASSENT DE TUBO DE PVC COM JUNTA ELASTICA"]
[94900,"ASSENTAMENTO DE TUBO DE PEAD CORRUGADO DE DUPLA PAREDE PARA REDE COLETORA DE ESGOTO, DN 1500 MM, JUNTA ELÁSTICA INTEGRADA, INSTALADO EM LOCAL COM NÍVEL ALTO DE INTERFERÊNCIAS (NÃO INCLUI FORNECIMENTO). AF_06/2016","M",45.75,"SINAPI","ASSENTAMENTO DE TUBOS E PECAS","FORNEC E/OU ASSENT DE TUBO DE PVC COM JUNTA ELASTICA"]
[97121,"ASSENTAMENTO DE TUBO DE PVC PBA PARA REDE DE ÁGUA, DN 50 MM, JUNTA ELÁSTICA INTEGRADA, INSTALADO EM LOCAL COM NÍVEL ALTO DE INTERFERÊNCIAS (NÃO INCLUI FORNECIMENTO). AF_11/2017","M",1.64,"SINAPI","ASSENTAMENTO DE TUBOS E PECAS","FORNEC E/OU ASSENT DE TUBO DE PVC COM JUNTA ELASTICA"]
[97122,"ASSENTAMENTO DE TUBO DE PVC PBA PARA REDE DE ÁGUA, DN 75 MM, JUNTA ELÁSTICA INTEGRADA, INSTALADO EM LOCAL COM NÍVEL ALTO DE INTERFERÊNCIAS (NÃO INCLUI FORNECIMENTO). AF_11/2017","M",2.29,"SINAPI","ASSENTAMENTO DE TUBOS E PECAS","FORNEC E/OU ASSENT DE TUBO DE PVC COM JUNTA ELASTICA"]
[97123,"ASSENTAMENTO DE TUBO DE PVC PBA PARA REDE DE ÁGUA, DN 100 MM, JUNTA ELÁSTICA INTEGRADA, INSTALADO EM LOCAL COM NÍVEL ALTO DE INTERFERÊNCIAS (NÃO INCLUI FORNECIMENTO). AF_11/2017","M",2.91,"SINAPI","ASSENTAMENTO DE TUBOS E PECAS","FORNEC E/OU ASSENT DE TUBO DE PVC COM JUNTA ELASTICA"]
[97124,"ASSENTAMENTO DE TUBO DE PVC PBA PARA REDE DE ÁGUA, DN 50 MM, JUNTA ELÁSTICA INTEGRADA, INSTALADO EM LOCAL COM NÍVEL BAIXO DE INTERFERÊNCIAS (NÃO INCLUI FORNECIMENTO). AF_11/2017","M",0.72,"SINAPI","ASSENTAMENTO DE TUBOS E PECAS","FORNEC E/OU ASSENT DE TUBO DE PVC COM JUNTA ELASTICA"]
[97125,"ASSENTAMENTO DE TUBO DE PVC PBA PARA REDE DE ÁGUA, DN 75 MM, JUNTA ELÁSTICA INTEGRADA, INSTALADO EM LOCAL COM NÍVEL BAIXO DE INTERFERÊNCIAS (NÃO INCLUI FORNECIMENTO). AF_11/2017","M",1.02,"SINAPI","ASSENTAMENTO DE TUBOS E PECAS","FORNEC E/OU ASSENT DE TUBO DE PVC COM JUNTA ELASTICA"]
[97126,"ASSENTAMENTO DE TUBO DE PVC PBA PARA REDE DE ÁGUA, DN 100 MM, JUNTA ELÁSTICA INTEGRADA, INSTALADO EM LOCAL COM NÍVEL BAIXO DE INTERFERÊNCIAS (NÃO INCLUI FORNECIMENTO). AF_11/2017","M",1.29,"SINAPI","ASSENTAMENTO DE TUBOS E PECAS","FORNEC E/OU ASSENT DE TUBO DE PVC COM JUNTA ELASTICA"]
[92833,"TUBO DE CONCRETO PARA REDES COLETORAS DE ESGOTO SANITÁRIO, DIÂMETRO DE 300 MM, JUNTA ELÁSTICA, INSTALADO EM LOCAL COM BAIXO NÍVEL DE INTERFERÊNCIAS - FORNECIMENTO E ASSENTAMENTO. AF_12/2015","M",113.31,"SINAPI","ASSENTAMENTO DE TUBOS E PECAS","FORNEC E/OU ASSENT DE TUBO DE CONCRETO COM JUNTA ELASTICA"]
[92834,"ASSENTAMENTO DE TUBO DE CONCRETO PARA REDES COLETORAS DE ESGOTO SANITÁRIO, DIÂMETRO DE 300 MM, JUNTA ELÁSTICA, INSTALADO EM LOCAL COM BAIXO NÍVEL DE INTERFERÊNCIAS (NÃO INCLUI FORNECIMENTO). AF_12/2015","M",6.67,"SINAPI","ASSENTAMENTO DE TUBOS E PECAS","FORNEC E/OU ASSENT DE TUBO DE CONCRETO COM JUNTA ELASTICA"]
[92835,"TUBO DE CONCRETO PARA REDES COLETORAS DE ESGOTO SANITÁRIO, DIÂMETRO DE 400 MM, JUNTA ELÁSTICA, INSTALADO EM LOCAL COM BAIXO NÍVEL DE INTERFERÊNCIAS - FORNECIMENTO E ASSENTAMENTO. AF_12/2015","M",148.63999999999999,"SINAPI","ASSENTAMENTO DE TUBOS E PECAS","FORNEC E/OU ASSENT DE TUBO DE CONCRETO COM JUNTA ELASTICA"]
[92836,"ASSENTAMENTO DE TUBO DE CONCRETO PARA REDES COLETORAS DE ESGOTO SANITÁRIO, DIÂMETRO DE 400 MM, JUNTA ELÁSTICA, INSTALADO EM LOCAL COM BAIXO NÍVEL DE INTERFERÊNCIAS (NÃO INCLUI FORNECIMENTO). AF_12/2015","M",8.52,"SINAPI","ASSENTAMENTO DE TUBOS E PECAS","FORNEC E/OU ASSENT DE TUBO DE CONCRETO COM JUNTA ELASTICA"]
[92837,"TUBO DE CONCRETO PARA REDES COLETORAS DE ESGOTO SANITÁRIO, DIÂMETRO DE 500 MM, JUNTA ELÁSTICA, INSTALADO EM LOCAL COM BAIXO NÍVEL DE INTERFERÊNCIAS - FORNECIMENTO E ASSENTAMENTO. AF_12/2015","M",187.26,"SINAPI","ASSENTAMENTO DE TUBOS E PECAS","FORNEC E/OU ASSENT DE TUBO DE CONCRETO COM JUNTA ELASTICA"]
[92838,"ASSENTAMENTO DE TUBO DE CONCRETO PARA REDES COLETORAS DE ESGOTO SANITÁRIO, DIÂMETRO DE 500 MM, JUNTA ELÁSTICA, INSTALADO EM LOCAL COM BAIXO NÍVEL DE INTERFERÊNCIAS (NÃO INCLUI FORNECIMENTO). AF_12/2015","M",10.25,"SINAPI","ASSENTAMENTO DE TUBOS E PECAS","FORNEC E/OU ASSENT DE TUBO DE CONCRETO COM JUNTA ELASTICA"]
[92839,"TUBO DE CONCRETO PARA REDES COLETORAS DE ESGOTO SANITÁRIO, DIÂMETRO DE 600 MM, JUNTA ELÁSTICA, INSTALADO EM LOCAL COM BAIXO NÍVEL DE INTERFERÊNCIAS - FORNECIMENTO E ASSENTAMENTO. AF_12/2015","M",245.06,"SINAPI","ASSENTAMENTO DE TUBOS E PECAS","FORNEC E/OU ASSENT DE TUBO DE CONCRETO COM JUNTA ELASTICA"]
[92840,"ASSENTAMENTO DE TUBO DE CONCRETO PARA REDES COLETORAS DE ESGOTO SANITÁRIO, DIÂMETRO DE 600 MM, JUNTA ELÁSTICA, INSTALADO EM LOCAL COM BAIXO NÍVEL DE INTERFERÊNCIAS (NÃO INCLUI FORNECIMENTO). AF_12/2015","M",12.13,"SINAPI","ASSENTAMENTO DE TUBOS E PECAS","FORNEC E/OU ASSENT DE TUBO DE CONCRETO COM JUNTA ELASTICA"]
[92841,"TUBO DE CONCRETO PARA REDES COLETORAS DE ESGOTO SANITÁRIO, DIÂMETRO DE 700 MM, JUNTA ELÁSTICA, INSTALADO EM LOCAL COM BAIXO NÍVEL DE INTERFERÊNCIAS - FORNECIMENTO E ASSENTAMENTO. AF_12/2015","M",277.14,"SINAPI","ASSENTAMENTO DE TUBOS E PECAS","FORNEC E/OU ASSENT DE TUBO DE CONCRETO COM JUNTA ELASTICA"]
[92842,"ASSENTAMENTO DE TUBO DE CONCRETO PARA REDES COLETORAS DE ESGOTO SANITÁRIO, DIÂMETRO DE 700 MM, JUNTA ELÁSTICA, INSTALADO EM LOCAL COM BAIXO NÍVEL DE INTERFERÊNCIAS (NÃO INCLUI FORNECIMENTO). AF_12/2015","M",13.85,"SINAPI","ASSENTAMENTO DE TUBOS E PECAS","FORNEC E/OU ASSENT DE TUBO DE CONCRETO COM JUNTA ELASTICA"]
[92844,"ASSENTAMENTO DE TUBO DE CONCRETO PARA REDES COLETORAS DE ESGOTO SANITÁRIO, DIÂMETRO DE 800 MM, JUNTA ELÁSTICA, INSTALADO EM LOCAL COM BAIXO NÍVEL DE INTERFERÊNCIAS (NÃO INCLUI FORNECIMENTO). AF_12/2015","M",15.75,"SINAPI","ASSENTAMENTO DE TUBOS E PECAS","FORNEC E/OU ASSENT DE TUBO DE CONCRETO COM JUNTA ELASTICA"]
[92846,"ASSENTAMENTO DE TUBO DE CONCRETO PARA REDES COLETORAS DE ESGOTO SANITÁRIO, DIÂMETRO DE 900 MM, JUNTA ELÁSTICA, INSTALADO EM LOCAL COM BAIXO NÍVEL DE INTERFERÊNCIAS (NÃO INCLUI FORNECIMENTO). AF_12/2015","M",17.46,"SINAPI","ASSENTAMENTO DE TUBOS E PECAS","FORNEC E/OU ASSENT DE TUBO DE CONCRETO COM JUNTA ELASTICA"]
[92847,"TUBO DE CONCRETO PARA REDES COLETORAS DE ESGOTO SANITÁRIO, DIÂMETRO DE 1000 MM, JUNTA ELÁSTICA, INSTALADO EM LOCAL COM BAIXO NÍVEL DE INTERFERÊNCIAS - FORNECIMENTO E ASSENTAMENTO. AF_12/2015","M",480.74,"SINAPI","ASSENTAMENTO DE TUBOS E PECAS","FORNEC E/OU ASSENT DE TUBO DE CONCRETO COM JUNTA ELASTICA"]
[92848,"ASSENTAMENTO DE TUBO DE CONCRETO PARA REDES COLETORAS DE ESGOTO SANITÁRIO, DIÂMETRO DE 1000 MM, JUNTA ELÁSTICA, INSTALADO EM LOCAL COM BAIXO NÍVEL DE INTERFERÊNCIAS (NÃO INCLUI FORNECIMENTO). AF_12/2015","M",19.37,"SINAPI","ASSENTAMENTO DE TUBOS E PECAS","FORNEC E/OU ASSENT DE TUBO DE CONCRETO COM JUNTA ELASTICA"]
[92849,"TUBO DE CONCRETO PARA REDES COLETORAS DE ESGOTO SANITÁRIO, DIÂMETRO DE 300 MM, JUNTA ELÁSTICA, INSTALADO EM LOCAL COM ALTO NÍVEL DE INTERFERÊNCIAS - FORNECIMENTO E ASSENTAMENTO. AF_12/2015","M",119.33,"SINAPI","ASSENTAMENTO DE TUBOS E PECAS","FORNEC E/OU ASSENT DE TUBO DE CONCRETO COM JUNTA ELASTICA"]
[92850,"ASSENTAMENTO DE TUBO DE CONCRETO PARA REDES COLETORAS DE ESGOTO SANITÁRIO, DIÂMETRO DE 300 MM, JUNTA ELÁSTICA, INSTALADO EM LOCAL COM ALTO NÍVEL DE INTERFERÊNCIAS (NÃO INCLUI FORNECIMENTO). AF_12/2015","M",12.63,"SINAPI","ASSENTAMENTO DE TUBOS E PECAS","FORNEC E/OU ASSENT DE TUBO DE CONCRETO COM JUNTA ELASTICA"]
[92851,"TUBO DE CONCRETO PARA REDES COLETORAS DE ESGOTO SANITÁRIO, DIÂMETRO DE 400 MM, JUNTA ELÁSTICA, INSTALADO EM LOCAL COM ALTO NÍVEL DE INTERFERÊNCIAS - FORNECIMENTO E ASSENTAMENTO. AF_12/2015","M",156.18,"SINAPI","ASSENTAMENTO DE TUBOS E PECAS","FORNEC E/OU ASSENT DE TUBO DE CONCRETO COM JUNTA ELASTICA"]
[92852,"ASSENTAMENTO DE TUBO DE CONCRETO PARA REDES COLETORAS DE ESGOTO SANITÁRIO, DIÂMETRO DE 400 MM, JUNTA ELÁSTICA, INSTALADO EM LOCAL COM ALTO NÍVEL DE INTERFERÊNCIAS (NÃO INCLUI FORNECIMENTO). AF_12/2015","M",15.97,"SINAPI","ASSENTAMENTO DE TUBOS E PECAS","FORNEC E/OU ASSENT DE TUBO DE CONCRETO COM JUNTA ELASTICA"]
[92853,"TUBO DE CONCRETO PARA REDES COLETORAS DE ESGOTO SANITÁRIO, DIÂMETRO DE 500 MM, JUNTA ELÁSTICA, INSTALADO EM LOCAL COM ALTO NÍVEL DE INTERFERÊNCIAS - FORNECIMENTO E ASSENTAMENTO. AF_12/2015","M",196.57,"SINAPI","ASSENTAMENTO DE TUBOS E PECAS","FORNEC E/OU ASSENT DE TUBO DE CONCRETO COM JUNTA ELASTICA"]
[92854,"ASSENTAMENTO DE TUBO DE CONCRETO PARA REDES COLETORAS DE ESGOTO SANITÁRIO, DIÂMETRO DE 500 MM, JUNTA ELÁSTICA, INSTALADO EM LOCAL COM ALTO NÍVEL DE INTERFERÊNCIAS (NÃO INCLUI FORNECIMENTO). AF_12/2015","M",19.440000000000001,"SINAPI","ASSENTAMENTO DE TUBOS E PECAS","FORNEC E/OU ASSENT DE TUBO DE CONCRETO COM JUNTA ELASTICA"]
[92855,"TUBO DE CONCRETO PARA REDES COLETORAS DE ESGOTO SANITÁRIO, DIÂMETRO DE 600 MM, JUNTA ELÁSTICA, INSTALADO EM LOCAL COM ALTO NÍVEL DE INTERFERÊNCIAS - FORNECIMENTO E ASSENTAMENTO. AF_12/2015","M",255.99,"SINAPI","ASSENTAMENTO DE TUBOS E PECAS","FORNEC E/OU ASSENT DE TUBO DE CONCRETO COM JUNTA ELASTICA"]
[92856,"ASSENTAMENTO DE TUBO DE CONCRETO PARA REDES COLETORAS DE ESGOTO SANITÁRIO, DIÂMETRO DE 600 MM, JUNTA ELÁSTICA, INSTALADO EM LOCAL COM ALTO NÍVEL DE INTERFERÊNCIAS (NÃO INCLUI FORNECIMENTO). AF_12/2015","M",22.92,"SINAPI","ASSENTAMENTO DE TUBOS E PECAS","FORNEC E/OU ASSENT DE TUBO DE CONCRETO COM JUNTA ELASTICA"]
[92857,"TUBO DE CONCRETO PARA REDES COLETORAS DE ESGOTO SANITÁRIO, DIÂMETRO DE 700 MM, JUNTA ELÁSTICA, INSTALADO EM LOCAL COM ALTO NÍVEL DE INTERFERÊNCIAS - FORNECIMENTO E ASSENTAMENTO. AF_12/2015","M",289.67,"SINAPI","ASSENTAMENTO DE TUBOS E PECAS","FORNEC E/OU ASSENT DE TUBO DE CONCRETO COM JUNTA ELASTICA"]
[92858,"ASSENTAMENTO DE TUBO DE CONCRETO PARA REDES COLETORAS DE ESGOTO SANITÁRIO, DIÂMETRO DE 700 MM, JUNTA ELÁSTICA, INSTALADO EM LOCAL COM ALTO NÍVEL DE INTERFERÊNCIAS (NÃO INCLUI FORNECIMENTO). AF_12/2015","M",26.23,"SINAPI","ASSENTAMENTO DE TUBOS E PECAS","FORNEC E/OU ASSENT DE TUBO DE CONCRETO COM JUNTA ELASTICA"]
[92860,"ASSENTAMENTO DE TUBO DE CONCRETO PARA REDES COLETORAS DE ESGOTO SANITÁRIO, DIÂMETRO DE 800 MM, JUNTA ELÁSTICA, INSTALADO EM LOCAL COM ALTO NÍVEL DE INTERFERÊNCIAS (NÃO INCLUI FORNECIMENTO). AF_12/2015","M",29.78,"SINAPI","ASSENTAMENTO DE TUBOS E PECAS","FORNEC E/OU ASSENT DE TUBO DE CONCRETO COM JUNTA ELASTICA"]
[92862,"ASSENTAMENTO DE TUBO DE CONCRETO PARA REDES COLETORAS DE ESGOTO SANITÁRIO, DIÂMETRO DE 900 MM, JUNTA ELÁSTICA, INSTALADO EM LOCAL COM ALTO NÍVEL DE INTERFERÊNCIAS (NÃO INCLUI FORNECIMENTO). AF_12/2015","M",33.229999999999997,"SINAPI","ASSENTAMENTO DE TUBOS E PECAS","FORNEC E/OU ASSENT DE TUBO DE CONCRETO COM JUNTA ELASTICA"]
[92863,"TUBO DE CONCRETO PARA REDES COLETORAS DE ESGOTO SANITÁRIO, DIÂMETRO DE 1000 MM, JUNTA ELÁSTICA, INSTALADO EM LOCAL COM ALTO NÍVEL DE INTERFERÊNCIAS - FORNECIMENTO E ASSENTAMENTO. AF_12/2015","M",498.28,"SINAPI","ASSENTAMENTO DE TUBOS E PECAS","FORNEC E/OU ASSENT DE TUBO DE CONCRETO COM JUNTA ELASTICA"]
[92864,"ASSENTAMENTO DE TUBO DE CONCRETO PARA REDES COLETORAS DE ESGOTO SANITÁRIO, DIÂMETRO DE 1000 MM, JUNTA ELÁSTICA, INSTALADO EM LOCAL COM ALTO NÍVEL DE INTERFERÊNCIAS (NÃO INCLUI FORNECIMENTO). AF_12/2015","M",36.700000000000003,"SINAPI","ASSENTAMENTO DE TUBOS E PECAS","FORNEC E/OU ASSENT DE TUBO DE CONCRETO COM JUNTA ELASTICA"]
[92210,"TUBO DE CONCRETO PARA REDES COLETORAS DE ÁGUAS PLUVIAIS, DIÂMETRO DE 400 MM, JUNTA RÍGIDA, INSTALADO EM LOCAL COM BAIXO NÍVEL DE INTERFERÊNCIAS - FORNECIMENTO E ASSENTAMENTO. AF_12/2015","M",96.35,"SINAPI","ASSENTAMENTO DE TUBOS E PECAS","FORNEC E/OU ASSENT DE TUBO DE CONCRETO COM JUNTA ARGAMASSADA"]
[92211,"TUBO DE CONCRETO PARA REDES COLETORAS DE ÁGUAS PLUVIAIS, DIÂMETRO DE 500 MM, JUNTA RÍGIDA, INSTALADO EM LOCAL COM BAIXO NÍVEL DE INTERFERÊNCIAS - FORNECIMENTO E ASSENTAMENTO. AF_12/2015","M",123.23,"SINAPI","ASSENTAMENTO DE TUBOS E PECAS","FORNEC E/OU ASSENT DE TUBO DE CONCRETO COM JUNTA ARGAMASSADA"]
[92212,"TUBO DE CONCRETO PARA REDES COLETORAS DE ÁGUAS PLUVIAIS, DIÂMETRO DE 600 MM, JUNTA RÍGIDA, INSTALADO EM LOCAL COM BAIXO NÍVEL DE INTERFERÊNCIAS - FORNECIMENTO E ASSENTAMENTO. AF_12/2015","M",156.77000000000001,"SINAPI","ASSENTAMENTO DE TUBOS E PECAS","FORNEC E/OU ASSENT DE TUBO DE CONCRETO COM JUNTA ARGAMASSADA"]
[92213,"TUBO DE CONCRETO PARA REDES COLETORAS DE ÁGUAS PLUVIAIS, DIÂMETRO DE 700 MM, JUNTA RÍGIDA, INSTALADO EM LOCAL COM BAIXO NÍVEL DE INTERFERÊNCIAS - FORNECIMENTO E ASSENTAMENTO. AF_12/2015","M",206.31,"SINAPI","ASSENTAMENTO DE TUBOS E PECAS","FORNEC E/OU ASSENT DE TUBO DE CONCRETO COM JUNTA ARGAMASSADA"]
[92214,"TUBO DE CONCRETO PARA REDES COLETORAS DE ÁGUAS PLUVIAIS, DIÂMETRO DE 800 MM, JUNTA RÍGIDA, INSTALADO EM LOCAL COM BAIXO NÍVEL DE INTERFERÊNCIAS - FORNECIMENTO E ASSENTAMENTO. AF_12/2015","M",235.51,"SINAPI","ASSENTAMENTO DE TUBOS E PECAS","FORNEC E/OU ASSENT DE TUBO DE CONCRETO COM JUNTA ARGAMASSADA"]
[92215,"TUBO DE CONCRETO PARA REDES COLETORAS DE ÁGUAS PLUVIAIS, DIÂMETRO DE 900 MM, JUNTA RÍGIDA, INSTALADO EM LOCAL COM BAIXO NÍVEL DE INTERFERÊNCIAS - FORNECIMENTO E ASSENTAMENTO. AF_12/2015","M",283.88,"SINAPI","ASSENTAMENTO DE TUBOS E PECAS","FORNEC E/OU ASSENT DE TUBO DE CONCRETO COM JUNTA ARGAMASSADA"]
[92216,"TUBO DE CONCRETO PARA REDES COLETORAS DE ÁGUAS PLUVIAIS, DIÂMETRO DE 1000 MM, JUNTA RÍGIDA, INSTALADO EM LOCAL COM BAIXO NÍVEL DE INTERFERÊNCIAS - FORNECIMENTO E ASSENTAMENTO. AF_12/2015","M",318.26,"SINAPI","ASSENTAMENTO DE TUBOS E PECAS","FORNEC E/OU ASSENT DE TUBO DE CONCRETO COM JUNTA ARGAMASSADA"]
[92219,"TUBO DE CONCRETO PARA REDES COLETORAS DE ÁGUAS PLUVIAIS, DIÂMETRO DE 400 MM, JUNTA RÍGIDA, INSTALADO EM LOCAL COM ALTO NÍVEL DE INTERFERÊNCIAS - FORNECIMENTO E ASSENTAMENTO. AF_12/2015","M",103.78,"SINAPI","ASSENTAMENTO DE TUBOS E PECAS","FORNEC E/OU ASSENT DE TUBO DE CONCRETO COM JUNTA ARGAMASSADA"]
[92220,"TUBO DE CONCRETO PARA REDES COLETORAS DE ÁGUAS PLUVIAIS, DIÂMETRO DE 500 MM, JUNTA RÍGIDA, INSTALADO EM LOCAL COM ALTO NÍVEL DE INTERFERÊNCIAS - FORNECIMENTO E ASSENTAMENTO. AF_12/2015","M",132.41999999999999,"SINAPI","ASSENTAMENTO DE TUBOS E PECAS","FORNEC E/OU ASSENT DE TUBO DE CONCRETO COM JUNTA ARGAMASSADA"]
[92221,"TUBO DE CONCRETO PARA REDES COLETORAS DE ÁGUAS PLUVIAIS, DIÂMETRO DE 600 MM, JUNTA RÍGIDA, INSTALADO EM LOCAL COM ALTO NÍVEL DE INTERFERÊNCIAS - FORNECIMENTO E ASSENTAMENTO. AF_12/2015","M",167.55,"SINAPI","ASSENTAMENTO DE TUBOS E PECAS","FORNEC E/OU ASSENT DE TUBO DE CONCRETO COM JUNTA ARGAMASSADA"]
[92222,"TUBO DE CONCRETO PARA REDES COLETORAS DE ÁGUAS PLUVIAIS, DIÂMETRO DE 700 MM, JUNTA RÍGIDA, INSTALADO EM LOCAL COM ALTO NÍVEL DE INTERFERÊNCIAS - FORNECIMENTO E ASSENTAMENTO. AF_12/2015","M",218.83,"SINAPI","ASSENTAMENTO DE TUBOS E PECAS","FORNEC E/OU ASSENT DE TUBO DE CONCRETO COM JUNTA ARGAMASSADA"]
[92223,"TUBO DE CONCRETO PARA REDES COLETORAS DE ÁGUAS PLUVIAIS, DIÂMETRO DE 800 MM, JUNTA RÍGIDA, INSTALADO EM LOCAL COM ALTO NÍVEL DE INTERFERÊNCIAS - FORNECIMENTO E ASSENTAMENTO. AF_12/2015","M",249.54,"SINAPI","ASSENTAMENTO DE TUBOS E PECAS","FORNEC E/OU ASSENT DE TUBO DE CONCRETO COM JUNTA ARGAMASSADA"]
[92224,"TUBO DE CONCRETO PARA REDES COLETORAS DE ÁGUAS PLUVIAIS, DIÂMETRO DE 900 MM, JUNTA RÍGIDA, INSTALADO EM LOCAL COM ALTO NÍVEL DE INTERFERÊNCIAS - FORNECIMENTO E ASSENTAMENTO. AF_12/2015","M",299.45,"SINAPI","ASSENTAMENTO DE TUBOS E PECAS","FORNEC E/OU ASSENT DE TUBO DE CONCRETO COM JUNTA ARGAMASSADA"]
[92226,"TUBO DE CONCRETO PARA REDES COLETORAS DE ÁGUAS PLUVIAIS, DIÂMETRO DE 1000 MM, JUNTA RÍGIDA, INSTALADO EM LOCAL COM ALTO NÍVEL DE INTERFERÊNCIAS - FORNECIMENTO E ASSENTAMENTO. AF_12/2015","M",335.67,"SINAPI","ASSENTAMENTO DE TUBOS E PECAS","FORNEC E/OU ASSENT DE TUBO DE CONCRETO COM JUNTA ARGAMASSADA"]
[92808,"ASSENTAMENTO DE TUBO DE CONCRETO PARA REDES COLETORAS DE ÁGUAS PLUVIAIS, DIÂMETRO DE 300 MM, JUNTA RÍGIDA, INSTALADO EM LOCAL COM BAIXO NÍVEL DE INTERFERÊNCIAS (NÃO INCLUI FORNECIMENTO). AF_12/2015","M",30.08,"SINAPI","ASSENTAMENTO DE TUBOS E PECAS","FORNEC E/OU ASSENT DE TUBO DE CONCRETO COM JUNTA ARGAMASSADA"]
[92809,"ASSENTAMENTO DE TUBO DE CONCRETO PARA REDES COLETORAS DE ÁGUAS PLUVIAIS, DIÂMETRO DE 400 MM, JUNTA RÍGIDA, INSTALADO EM LOCAL COM BAIXO NÍVEL DE INTERFERÊNCIAS (NÃO INCLUI FORNECIMENTO). AF_12/2015","M",38.57,"SINAPI","ASSENTAMENTO DE TUBOS E PECAS","FORNEC E/OU ASSENT DE TUBO DE CONCRETO COM JUNTA ARGAMASSADA"]
[92810,"ASSENTAMENTO DE TUBO DE CONCRETO PARA REDES COLETORAS DE ÁGUAS PLUVIAIS, DIÂMETRO DE 500 MM, JUNTA RÍGIDA, INSTALADO EM LOCAL COM BAIXO NÍVEL DE INTERFERÊNCIAS (NÃO INCLUI FORNECIMENTO). AF_12/2015","M",46.93,"SINAPI","ASSENTAMENTO DE TUBOS E PECAS","FORNEC E/OU ASSENT DE TUBO DE CONCRETO COM JUNTA ARGAMASSADA"]
[92811,"ASSENTAMENTO DE TUBO DE CONCRETO PARA REDES COLETORAS DE ÁGUAS PLUVIAIS, DIÂMETRO DE 600 MM, JUNTA RÍGIDA, INSTALADO EM LOCAL COM BAIXO NÍVEL DE INTERFERÊNCIAS (NÃO INCLUI FORNECIMENTO). AF_12/2015","M",55.83,"SINAPI","ASSENTAMENTO DE TUBOS E PECAS","FORNEC E/OU ASSENT DE TUBO DE CONCRETO COM JUNTA ARGAMASSADA"]
[92812,"ASSENTAMENTO DE TUBO DE CONCRETO PARA REDES COLETORAS DE ÁGUAS PLUVIAIS, DIÂMETRO DE 700 MM, JUNTA RÍGIDA, INSTALADO EM LOCAL COM BAIXO NÍVEL DE INTERFERÊNCIAS (NÃO INCLUI FORNECIMENTO). AF_12/2015","M",64.64,"SINAPI","ASSENTAMENTO DE TUBOS E PECAS","FORNEC E/OU ASSENT DE TUBO DE CONCRETO COM JUNTA ARGAMASSADA"]
[92813,"ASSENTAMENTO DE TUBO DE CONCRETO PARA REDES COLETORAS DE ÁGUAS PLUVIAIS, DIÂMETRO DE 800 MM, JUNTA RÍGIDA, INSTALADO EM LOCAL COM BAIXO NÍVEL DE INTERFERÊNCIAS (NÃO INCLUI FORNECIMENTO). AF_12/2015","M",74.849999999999994,"SINAPI","ASSENTAMENTO DE TUBOS E PECAS","FORNEC E/OU ASSENT DE TUBO DE CONCRETO COM JUNTA ARGAMASSADA"]
[92814,"ASSENTAMENTO DE TUBO DE CONCRETO PARA REDES COLETORAS DE ÁGUAS PLUVIAIS, DIÂMETRO DE 900 MM, JUNTA RÍGIDA, INSTALADO EM LOCAL COM BAIXO NÍVEL DE INTERFERÊNCIAS (NÃO INCLUI FORNECIMENTO). AF_12/2015","M",85.53,"SINAPI","ASSENTAMENTO DE TUBOS E PECAS","FORNEC E/OU ASSENT DE TUBO DE CONCRETO COM JUNTA ARGAMASSADA"]
[92815,"ASSENTAMENTO DE TUBO DE CONCRETO PARA REDES COLETORAS DE ÁGUAS PLUVIAIS, DIÂMETRO DE 1000 MM, JUNTA RÍGIDA, INSTALADO EM LOCAL COM BAIXO NÍVEL DE INTERFERÊNCIAS (NÃO INCLUI FORNECIMENTO). AF_12/2015","M",97.73,"SINAPI","ASSENTAMENTO DE TUBOS E PECAS","FORNEC E/OU ASSENT DE TUBO DE CONCRETO COM JUNTA ARGAMASSADA"]
[92816,"TUBO DE CONCRETO PARA REDES COLETORAS DE ÁGUAS PLUVIAIS, DIÂMETRO DE 1200 MM, JUNTA RÍGIDA, INSTALADO EM LOCAL COM BAIXO NÍVEL DE INTERFERÊNCIAS - FORNECIMENTO E ASSENTAMENTO. AF_12/2015","M",434.83,"SINAPI","ASSENTAMENTO DE TUBOS E PECAS","FORNEC E/OU ASSENT DE TUBO DE CONCRETO COM JUNTA ARGAMASSADA"]
[92817,"ASSENTAMENTO DE TUBO DE CONCRETO PARA REDES COLETORAS DE ÁGUAS PLUVIAIS, DIÂMETRO DE 1200 MM, JUNTA RÍGIDA, INSTALADO EM LOCAL COM BAIXO NÍVEL DE INTERFERÊNCIAS (NÃO INCLUI FORNECIMENTO). AF_12/2015","M",122.29,"SINAPI","ASSENTAMENTO DE TUBOS E PECAS","FORNEC E/OU ASSENT DE TUBO DE CONCRETO COM JUNTA ARGAMASSADA"]
[92818,"TUBO DE CONCRETO PARA REDES COLETORAS DE ÁGUAS PLUVIAIS, DIÂMETRO DE 1500 MM, JUNTA RÍGIDA, INSTALADO EM LOCAL COM BAIXO NÍVEL DE INTERFERÊNCIAS - FORNECIMENTO E ASSENTAMENTO. AF_12/2015","M",629.47,"SINAPI","ASSENTAMENTO DE TUBOS E PECAS","FORNEC E/OU ASSENT DE TUBO DE CONCRETO COM JUNTA ARGAMASSADA"]
[92819,"ASSENTAMENTO DE TUBO DE CONCRETO PARA REDES COLETORAS DE ÁGUAS PLUVIAIS, DIÂMETRO DE 1500 MM, JUNTA RÍGIDA, INSTALADO EM LOCAL COM BAIXO NÍVEL DE INTERFERÊNCIAS (NÃO INCLUI FORNECIMENTO). AF_12/2015","M",164.61,"SINAPI","ASSENTAMENTO DE TUBOS E PECAS","FORNEC E/OU ASSENT DE TUBO DE CONCRETO COM JUNTA ARGAMASSADA"]
[92820,"ASSENTAMENTO DE TUBO DE CONCRETO PARA REDES COLETORAS DE ÁGUAS PLUVIAIS, DIÂMETRO DE 300 MM, JUNTA RÍGIDA, INSTALADO EM LOCAL COM ALTO NÍVEL DE INTERFERÊNCIAS (NÃO INCLUI FORNECIMENTO). AF_12/2015","M",35.9,"SINAPI","ASSENTAMENTO DE TUBOS E PECAS","FORNEC E/OU ASSENT DE TUBO DE CONCRETO COM JUNTA ARGAMASSADA"]
[92821,"ASSENTAMENTO DE TUBO DE CONCRETO PARA REDES COLETORAS DE ÁGUAS PLUVIAIS, DIÂMETRO DE 400 MM, JUNTA RÍGIDA, INSTALADO EM LOCAL COM ALTO NÍVEL DE INTERFERÊNCIAS (NÃO INCLUI FORNECIMENTO). AF_12/2015","M",46,"SINAPI","ASSENTAMENTO DE TUBOS E PECAS","FORNEC E/OU ASSENT DE TUBO DE CONCRETO COM JUNTA ARGAMASSADA"]
[92822,"ASSENTAMENTO DE TUBO DE CONCRETO PARA REDES COLETORAS DE ÁGUAS PLUVIAIS, DIÂMETRO DE 500 MM, JUNTA RÍGIDA, INSTALADO EM LOCAL COM ALTO NÍVEL DE INTERFERÊNCIAS (NÃO INCLUI FORNECIMENTO). AF_12/2015","M",56.12,"SINAPI","ASSENTAMENTO DE TUBOS E PECAS","FORNEC E/OU ASSENT DE TUBO DE CONCRETO COM JUNTA ARGAMASSADA"]
[92824,"ASSENTAMENTO DE TUBO DE CONCRETO PARA REDES COLETORAS DE ÁGUAS PLUVIAIS, DIÂMETRO DE 600 MM, JUNTA RÍGIDA, INSTALADO EM LOCAL COM ALTO NÍVEL DE INTERFERÊNCIAS (NÃO INCLUI FORNECIMENTO). AF_12/2015","M",66.61,"SINAPI","ASSENTAMENTO DE TUBOS E PECAS","FORNEC E/OU ASSENT DE TUBO DE CONCRETO COM JUNTA ARGAMASSADA"]
[92825,"ASSENTAMENTO DE TUBO DE CONCRETO PARA REDES COLETORAS DE ÁGUAS PLUVIAIS, DIÂMETRO DE 700 MM, JUNTA RÍGIDA, INSTALADO EM LOCAL COM ALTO NÍVEL DE INTERFERÊNCIAS (NÃO INCLUI FORNECIMENTO). AF_12/2015","M",77.16,"SINAPI","ASSENTAMENTO DE TUBOS E PECAS","FORNEC E/OU ASSENT DE TUBO DE CONCRETO COM JUNTA ARGAMASSADA"]
[92826,"ASSENTAMENTO DE TUBO DE CONCRETO PARA REDES COLETORAS DE ÁGUAS PLUVIAIS, DIÂMETRO DE 800 MM, JUNTA RÍGIDA, INSTALADO EM LOCAL COM ALTO NÍVEL DE INTERFERÊNCIAS (NÃO INCLUI FORNECIMENTO). AF_12/2015","M",88.88,"SINAPI","ASSENTAMENTO DE TUBOS E PECAS","FORNEC E/OU ASSENT DE TUBO DE CONCRETO COM JUNTA ARGAMASSADA"]
[92827,"ASSENTAMENTO DE TUBO DE CONCRETO PARA REDES COLETORAS DE ÁGUAS PLUVIAIS, DIÂMETRO DE 900 MM, JUNTA RÍGIDA, INSTALADO EM LOCAL COM ALTO NÍVEL DE INTERFERÊNCIAS (NÃO INCLUI FORNECIMENTO). AF_12/2015","M",101.1,"SINAPI","ASSENTAMENTO DE TUBOS E PECAS","FORNEC E/OU ASSENT DE TUBO DE CONCRETO COM JUNTA ARGAMASSADA"]
[92828,"ASSENTAMENTO DE TUBO DE CONCRETO PARA REDES COLETORAS DE ÁGUAS PLUVIAIS, DIÂMETRO DE 1000 MM, JUNTA RÍGIDA, INSTALADO EM LOCAL COM ALTO NÍVEL DE INTERFERÊNCIAS (NÃO INCLUI FORNECIMENTO). AF_12/2015","M",115.14,"SINAPI","ASSENTAMENTO DE TUBOS E PECAS","FORNEC E/OU ASSENT DE TUBO DE CONCRETO COM JUNTA ARGAMASSADA"]
[92829,"TUBO DE CONCRETO PARA REDES COLETORAS DE ÁGUAS PLUVIAIS, DIÂMETRO DE 1200 MM, JUNTA RÍGIDA, INSTALADO EM LOCAL COM ALTO NÍVEL DE INTERFERÊNCIAS - FORNECIMENTO E ASSENTAMENTO. AF_12/2015","M",455.37,"SINAPI","ASSENTAMENTO DE TUBOS E PECAS","FORNEC E/OU ASSENT DE TUBO DE CONCRETO COM JUNTA ARGAMASSADA"]
[92830,"ASSENTAMENTO DE TUBO DE CONCRETO PARA REDES COLETORAS DE ÁGUAS PLUVIAIS, DIÂMETRO DE 1200 MM, JUNTA RÍGIDA, INSTALADO EM LOCAL COM ALTO NÍVEL DE INTERFERÊNCIAS (NÃO INCLUI FORNECIMENTO). AF_12/2015","M",142.83000000000001,"SINAPI","ASSENTAMENTO DE TUBOS E PECAS","FORNEC E/OU ASSENT DE TUBO DE CONCRETO COM JUNTA ARGAMASSADA"]
[92831,"TUBO DE CONCRETO PARA REDES COLETORAS DE ÁGUAS PLUVIAIS, DIÂMETRO DE 1500 MM, JUNTA RÍGIDA, INSTALADO EM LOCAL COM ALTO NÍVEL DE INTERFERÊNCIAS - FORNECIMENTO E ASSENTAMENTO. AF_12/2015","M",654.73,"SINAPI","ASSENTAMENTO DE TUBOS E PECAS","FORNEC E/OU ASSENT DE TUBO DE CONCRETO COM JUNTA ARGAMASSADA"]
[92832,"ASSENTAMENTO DE TUBO DE CONCRETO PARA REDES COLETORAS DE ÁGUAS PLUVIAIS, DIÂMETRO DE 1500 MM, JUNTA RÍGIDA, INSTALADO EM LOCAL COM ALTO NÍVEL DE INTERFERÊNCIAS (NÃO INCLUI FORNECIMENTO). AF_12/2015","M",189.87,"SINAPI","ASSENTAMENTO DE TUBOS E PECAS","FORNEC E/OU ASSENT DE TUBO DE CONCRETO COM JUNTA ARGAMASSADA"]
[95565,"TUBO DE CONCRETO PARA REDES COLETORAS DE ÁGUAS PLUVIAIS, DIÂMETRO DE 300MM, JUNTA RÍGIDA, INSTALADO EM LOCAL COM BAIXO NÍVEL DE INTERFERÊNCIAS - FORNECIMENTO E ASSENTAMENTO. AF_12/2015","M",85.13,"SINAPI","ASSENTAMENTO DE TUBOS E PECAS","FORNEC E/OU ASSENT DE TUBO DE CONCRETO COM JUNTA ARGAMASSADA"]
[95566,"TUBO DE CONCRETO PARA REDES COLETORAS DE ÁGUAS PLUVIAIS, DIÂMETRO DE 300MM, JUNTA RÍGIDA, INSTALADO EM LOCAL COM ALTO NÍVEL DE INTERFERÊNCIAS - FORNECIMENTO E ASSENTAMENTO. AF_12/2015","M",91.02,"SINAPI","ASSENTAMENTO DE TUBOS E PECAS","FORNEC E/OU ASSENT DE TUBO DE CONCRETO COM JUNTA ARGAMASSADA"]
[95567,"TUBO DE CONCRETO (SIMPLES) PARA REDES COLETORAS DE ÁGUAS PLUVIAIS, DIÂMETRO DE 300 MM, JUNTA RÍGIDA, INSTALADO EM LOCAL COM BAIXO NÍVEL DE INTERFERÊNCIAS - FORNECIMENTO E ASSENTAMENTO. AF_12/2015","M",54.86,"SINAPI","ASSENTAMENTO DE TUBOS E PECAS","FORNEC E/OU ASSENT DE TUBO DE CONCRETO COM JUNTA ARGAMASSADA"]
[95568,"TUBO DE CONCRETO (SIMPLES) PARA REDES COLETORAS DE ÁGUAS PLUVIAIS, DIÂMETRO DE 400 MM, JUNTA RÍGIDA, INSTALADO EM LOCAL COM BAIXO NÍVEL DE INTERFERÊNCIAS - FORNECIMENTO E ASSENTAMENTO. AF_12/2015","M",71.290000000000006,"SINAPI","ASSENTAMENTO DE TUBOS E PECAS","FORNEC E/OU ASSENT DE TUBO DE CONCRETO COM JUNTA ARGAMASSADA"]
[95569,"TUBO DE CONCRETO (SIMPLES) PARA REDES COLETORAS DE ÁGUAS PLUVIAIS, DIÂMETRO DE 500 MM, JUNTA RÍGIDA, INSTALADO EM LOCAL COM BAIXO NÍVEL DE INTERFERÊNCIAS - FORNECIMENTO E ASSENTAMENTO. AF_12/2015","M",94.25,"SINAPI","ASSENTAMENTO DE TUBOS E PECAS","FORNEC E/OU ASSENT DE TUBO DE CONCRETO COM JUNTA ARGAMASSADA"]
[95570,"TUBO DE CONCRETO (SIMPLES) PARA REDES COLETORAS DE ÁGUAS PLUVIAIS, DIÂMETRO DE 300 MM, JUNTA RÍGIDA, INSTALADO EM LOCAL COM ALTO NÍVEL DE INTERFERÊNCIAS - FORNECIMENTO E ASSENTAMENTO. AF_12/2015","M",60.75,"SINAPI","ASSENTAMENTO DE TUBOS E PECAS","FORNEC E/OU ASSENT DE TUBO DE CONCRETO COM JUNTA ARGAMASSADA"]
[95571,"TUBO DE CONCRETO (SIMPLES) PARA REDES COLETORAS DE ÁGUAS PLUVIAIS, DIÂMETRO DE 400 MM, JUNTA RÍGIDA, INSTALADO EM LOCAL COM ALTO NÍVEL DE INTERFERÊNCIAS - FORNECIMENTO E ASSENTAMENTO. AF_12/2015","M",78.819999999999993,"SINAPI","ASSENTAMENTO DE TUBOS E PECAS","FORNEC E/OU ASSENT DE TUBO DE CONCRETO COM JUNTA ARGAMASSADA"]
[95572,"TUBO DE CONCRETO (SIMPLES) PARA REDES COLETORAS DE ÁGUAS PLUVIAIS, DIÂMETRO DE 500 MM, JUNTA RÍGIDA, INSTALADO EM LOCAL COM ALTO NÍVEL DE INTERFERÊNCIAS - FORNECIMENTO E ASSENTAMENTO. AF_12/2015","M",103.54,"SINAPI","ASSENTAMENTO DE TUBOS E PECAS","FORNEC E/OU ASSENT DE TUBO DE CONCRETO COM JUNTA ARGAMASSADA"]
[73606,"ASSENTAMENTO DE TAMPAO DE FERRO FUNDIDO 900 MM","UN",131.52000000000001,"SINAPI","ASSENTAMENTO DE TUBOS E PECAS","FORNEC E/OU ASSENT DE HIDRANTES TAMPOES E PECAS ESPECIAIS"]
[73607,"ASSENTAMENTO DE TAMPAO DE FERRO FUNDIDO 600 MM","UN",87.68,"SINAPI","ASSENTAMENTO DE TUBOS E PECAS","FORNEC E/OU ASSENT DE HIDRANTES TAMPOES E PECAS ESPECIAIS"]
[83623,"GRELHA DE FERRO FUNDIDO PARA CANALETA LARG = 30CM, FORNECIMENTO E ASSENTAMENTO","M",198.24,"SINAPI","ASSENTAMENTO DE TUBOS E PECAS","FORNEC E/OU ASSENT DE HIDRANTES TAMPOES E PECAS ESPECIAIS"]
[83624,"GRELHA DE FERRO FUNDIDO PARA CANALETA LARG = 20CM, FORNECIMENTO E ASSENTAMENTO","M",139.79,"SINAPI","ASSENTAMENTO DE TUBOS E PECAS","FORNEC E/OU ASSENT DE HIDRANTES TAMPOES E PECAS ESPECIAIS"]
[83626,"GRELHA DE FERRO FUNDIDO PARA CANALETA LARG = 15CM, FORNECIMENTO E ASSENTAMENTO","M",110.56,"SINAPI","ASSENTAMENTO DE TUBOS E PECAS","FORNEC E/OU ASSENT DE HIDRANTES TAMPOES E PECAS ESPECIAIS"]
[83627,"TAMPAO FOFO ARTICULADO, CLASSE B125 CARGA MAX 12,5 T, REDONDO TAMPA 600 MM, REDE PLUVIAL/ESGOTO, P = CHAMINE CX AREIA / POCO VISITA ASSENTADO COM ARG CIM/AREIA 1:4, FORNECIMENTO E ASSENTAMENTO","UN",399.02,"SINAPI","ASSENTAMENTO DE TUBOS E PECAS","FORNEC E/OU ASSENT DE HIDRANTES TAMPOES E PECAS ESPECIAIS"]
[83724,"ASSENTAMENTO DE PECAS, CONEXOES, APARELHOS E ACESSORIOS DE FERRO FUNDIDO DUCTIL, JUNTA ELASTICA, MECANICA OU FLANGEADA, COM DIAMETROS DE 50 A 300 MM.","KG",1.64,"SINAPI","ASSENTAMENTO DE TUBOS E PECAS","FORNEC E/OU ASSENT DE HIDRANTES TAMPOES E PECAS ESPECIAIS"]
[83725,"ASSENTAMENTO DE PECAS, CONEXOES, APARELHOS E ACESSORIOS DE FERRO FUNDIDO DUCTIL, JUNTA ELASTICA, MECANICA OU FLANGEADA, COM DIAMETROS DE 350 A 600 MM.","KG",1.03,"SINAPI","ASSENTAMENTO DE TUBOS E PECAS","FORNEC E/OU ASSENT DE HIDRANTES TAMPOES E PECAS ESPECIAIS"]
[83726,"ASSENTAMENTO DE PECAS, CONEXOES, APARELHOS E ACESSORIOS DE FERRO FUNDIDO DUCTIL, JUNTA ELASTICA, MECANICA OU FLANGEADA, COM DIAMETROS DE 700 A 1200 MM.","KG",0.77,"SINAPI","ASSENTAMENTO DE TUBOS E PECAS","FORNEC E/OU ASSENT DE HIDRANTES TAMPOES E PECAS ESPECIAIS"]
[97127,"ASSENTAMENTO DE TUBO DE PVC DEFOFO OU PRFV OU RPVC PARA REDE DE ÁGUA, DN 150 MM, JUNTA ELÁSTICA INTEGRADA, INSTALADO EM LOCAL COM NÍVEL ALTO DE INTERFERÊNCIAS (NÃO INCLUI FORNECIMENTO). AF_11/2017","M",4.16,"SINAPI","ASSENTAMENTO DE TUBOS E PECAS","FORNEC E/OU ASSENT DE TUBO PVC DEFOFO COM JUNTA ELASTICA"]
[97128,"ASSENTAMENTO DE TUBO DE PVC DEFOFO OU PRFV OU RPVC PARA REDE DE ÁGUA, DN 200 MM, JUNTA ELÁSTICA INTEGRADA, INSTALADO EM LOCAL COM NÍVEL ALTO DE INTERFERÊNCIAS (NÃO INCLUI FORNECIMENTO). AF_11/2017","M",8.0299999999999994,"SINAPI","ASSENTAMENTO DE TUBOS E PECAS","FORNEC E/OU ASSENT DE TUBO PVC DEFOFO COM JUNTA ELASTICA"]
[97129,"ASSENTAMENTO DE TUBO DE PVC DEFOFO OU PRFV OU RPVC PARA REDE DE ÁGUA, DN 250 MM, JUNTA ELÁSTICA INTEGRADA, INSTALADO EM LOCAL COM NÍVEL ALTO DE INTERFERÊNCIAS (NÃO INCLUI FORNECIMENTO). AF_11/2017","M",9.86,"SINAPI","ASSENTAMENTO DE TUBOS E PECAS","FORNEC E/OU ASSENT DE TUBO PVC DEFOFO COM JUNTA ELASTICA"]
[97130,"ASSENTAMENTO DE TUBO DE PVC DEFOFO OU PRFV OU RPVC PARA REDE DE ÁGUA, DN 300 MM, JUNTA ELÁSTICA INTEGRADA, INSTALADO EM LOCAL COM NÍVEL ALTO DE INTERFERÊNCIAS (NÃO INCLUI FORNECIMENTO). AF_11/2017","M",11.71,"SINAPI","ASSENTAMENTO DE TUBOS E PECAS","FORNEC E/OU ASSENT DE TUBO PVC DEFOFO COM JUNTA ELASTICA"]
[97131,"ASSENTAMENTO DE TUBO DE PVC DEFOFO OU PRFV OU RPVC PARA REDE DE ÁGUA, DN 350 MM, JUNTA ELÁSTICA INTEGRADA, INSTALADO EM LOCAL COM NÍVEL ALTO DE INTERFERÊNCIAS (NÃO INCLUI FORNECIMENTO). AF_11/2017","M",13.55,"SINAPI","ASSENTAMENTO DE TUBOS E PECAS","FORNEC E/OU ASSENT DE TUBO PVC DEFOFO COM JUNTA ELASTICA"]
[97132,"ASSENTAMENTO DE TUBO DE PVC DEFOFO OU PRFV OU RPVC PARA REDE DE ÁGUA, DN 400 MM, JUNTA ELÁSTICA INTEGRADA, INSTALADO EM LOCAL COM NÍVEL ALTO DE INTERFERÊNCIAS (NÃO INCLUI FORNECIMENTO). AF_11/2017","M",15.39,"SINAPI","ASSENTAMENTO DE TUBOS E PECAS","FORNEC E/OU ASSENT DE TUBO PVC DEFOFO COM JUNTA ELASTICA"]
[97133,"ASSENTAMENTO DE TUBO DE PVC DEFOFO OU PRFV OU RPVC PARA REDE DE ÁGUA, DN 500 MM, JUNTA ELÁSTICA INTEGRADA, INSTALADO EM LOCAL COM NÍVEL ALTO DE INTERFERÊNCIAS (NÃO INCLUI FORNECIMENTO). AF_11/2017","M",19.079999999999998,"SINAPI","ASSENTAMENTO DE TUBOS E PECAS","FORNEC E/OU ASSENT DE TUBO PVC DEFOFO COM JUNTA ELASTICA"]
[97134,"ASSENTAMENTO DE TUBO DE PVC DEFOFO OU PRFV OU RPVC PARA REDE DE ÁGUA, DN 150 MM, JUNTA ELÁSTICA INTEGRADA, INSTALADO EM LOCAL COM NÍVEL BAIXO DE INTERFERÊNCIAS (NÃO INCLUI FORNECIMENTO). AF_11/2017","M",1.87,"SINAPI","ASSENTAMENTO DE TUBOS E PECAS","FORNEC E/OU ASSENT DE TUBO PVC DEFOFO COM JUNTA ELASTICA"]
[97135,"ASSENTAMENTO DE TUBO DE PVC DEFOFO OU PRFV OU RPVC PARA REDE DE ÁGUA, DN 200 MM, JUNTA ELÁSTICA INTEGRADA, INSTALADO EM LOCAL COM NÍVEL BAIXO DE INTERFERÊNCIAS (NÃO INCLUI FORNECIMENTO). AF_11/2017","M",4,"SINAPI","ASSENTAMENTO DE TUBOS E PECAS","FORNEC E/OU ASSENT DE TUBO PVC DEFOFO COM JUNTA ELASTICA"]
[97136,"ASSENTAMENTO DE TUBO DE PVC DEFOFO OU PRFV OU RPVC PARA REDE DE ÁGUA, DN 250 MM, JUNTA ELÁSTICA INTEGRADA, INSTALADO EM LOCAL COM NÍVEL BAIXO DE INTERFERÊNCIAS (NÃO INCLUI FORNECIMENTO). AF_11/2017","M",4.92,"SINAPI","ASSENTAMENTO DE TUBOS E PECAS","FORNEC E/OU ASSENT DE TUBO PVC DEFOFO COM JUNTA ELASTICA"]
[97137,"ASSENTAMENTO DE TUBO DE PVC DEFOFO OU PRFV OU RPVC PARA REDE DE ÁGUA, DN 300 MM, JUNTA ELÁSTICA INTEGRADA, INSTALADO EM LOCAL COM NÍVEL BAIXO DE INTERFERÊNCIAS (NÃO INCLUI FORNECIMENTO). AF_11/2017","M",5.86,"SINAPI","ASSENTAMENTO DE TUBOS E PECAS","FORNEC E/OU ASSENT DE TUBO PVC DEFOFO COM JUNTA ELASTICA"]
[97138,"ASSENTAMENTO DE TUBO DE PVC DEFOFO OU PRFV OU RPVC PARA REDE DE ÁGUA, DN 350 MM, JUNTA ELÁSTICA INTEGRADA, INSTALADO EM LOCAL COM NÍVEL BAIXO DE INTERFERÊNCIAS (NÃO INCLUI FORNECIMENTO). AF_11/2017","M",6.78,"SINAPI","ASSENTAMENTO DE TUBOS E PECAS","FORNEC E/OU ASSENT DE TUBO PVC DEFOFO COM JUNTA ELASTICA"]
[97139,"ASSENTAMENTO DE TUBO DE PVC DEFOFO OU PRFV OU RPVC PARA REDE DE ÁGUA, DN 400 MM, JUNTA ELÁSTICA INTEGRADA, INSTALADO EM LOCAL COM NÍVEL BAIXO DE INTERFERÊNCIAS (NÃO INCLUI FORNECIMENTO). AF_11/2017","M",7.71,"SINAPI","ASSENTAMENTO DE TUBOS E PECAS","FORNEC E/OU ASSENT DE TUBO PVC DEFOFO COM JUNTA ELASTICA"]
[97140,"ASSENTAMENTO DE TUBO DE PVC DEFOFO OU PRFV OU RPVC PARA REDE DE ÁGUA, DN 500 MM, JUNTA ELÁSTICA INTEGRADA, INSTALADO EM LOCAL COM NÍVEL BAIXO DE INTERFERÊNCIAS (NÃO INCLUI FORNECIMENTO). AF_11/2017","M",9.5500000000000007,"SINAPI","ASSENTAMENTO DE TUBOS E PECAS","FORNEC E/OU ASSENT DE TUBO PVC DEFOFO COM JUNTA ELASTICA"]
[83520,"TE PVC PARA COLETOR ESGOTO, EB644, D=100MM, COM JUNTA ELASTICA.","UN",86.03,"SINAPI","ASSENTAMENTO DE TUBOS E PECAS","FORNEC E/OU ASSENT DE CONEXOES DIVERSAS"]
[83531,"CURVA PARA REDE COLETOR ESGOTO, EB 644, 90GR, DN=200MM, COM JUNTA ELASTICA","UN",382.53,"SINAPI","ASSENTAMENTO DE TUBOS E PECAS","FORNEC E/OU ASSENT DE CONEXOES DIVERSAS"]
[83535,"CURVA PVC PARA REDE COLETOR ESGOTO, EB-644, 45 GR, 200 MM, COM JUNTA ELASTICA.","UN",315.44,"SINAPI","ASSENTAMENTO DE TUBOS E PECAS","FORNEC E/OU ASSENT DE CONEXOES DIVERSAS"]
[92235,"FECHAMENTO DE CONSTRUÇÃO TEMPORÁRIA EM CHAPA DE MADEIRA COMPENSADA E=10MM, COM REAPROVEITAMENTO DE 2X.","M2",59.85,"SINAPI","CANTEIRO DE OBRAS","CONSTRUCAO DO CANTEIRO"]
[93206,"EXECUÇÃO DE ESCRITÓRIO EM CANTEIRO DE OBRA EM ALVENARIA, NÃO INCLUSO MOBILIÁRIO E EQUIPAMENTOS. AF_02/2016","M2",825.03,"SINAPI","CANTEIRO DE OBRAS","CONSTRUCAO DO CANTEIRO"]
[93207,"EXECUÇÃO DE ESCRITÓRIO EM CANTEIRO DE OBRA EM CHAPA DE MADEIRA COMPENSADA, NÃO INCLUSO MOBILIÁRIO E EQUIPAMENTOS. AF_02/2016","M2",825.25,"SINAPI","CANTEIRO DE OBRAS","CONSTRUCAO DO CANTEIRO"]
[93208,"EXECUÇÃO DE ALMOXARIFADO EM CANTEIRO DE OBRA EM CHAPA DE MADEIRA COMPENSADA, INCLUSO PRATELEIRAS. AF_02/2016","M2",684.85,"SINAPI","CANTEIRO DE OBRAS","CONSTRUCAO DO CANTEIRO"]
[93209,"EXECUÇÃO DE ALMOXARIFADO EM CANTEIRO DE OBRA EM ALVENARIA, INCLUSO PRATELEIRAS. AF_02/2016","M2",691.41,"SINAPI","CANTEIRO DE OBRAS","CONSTRUCAO DO CANTEIRO"]
[93210,"EXECUÇÃO DE REFEITÓRIO EM CANTEIRO DE OBRA EM CHAPA DE MADEIRA COMPENSADA, NÃO INCLUSO MOBILIÁRIO E EQUIPAMENTOS. AF_02/2016","M2",422.5,"SINAPI","CANTEIRO DE OBRAS","CONSTRUCAO DO CANTEIRO"]
[93211,"EXECUÇÃO DE REFEITÓRIO EM CANTEIRO DE OBRA EM ALVENARIA, NÃO INCLUSO MOBILIÁRIO E EQUIPAMENTOS. AF_02/2016","M2",413.66,"SINAPI","CANTEIRO DE OBRAS","CONSTRUCAO DO CANTEIRO"]
[93212,"EXECUÇÃO DE SANITÁRIO E VESTIÁRIO EM CANTEIRO DE OBRA EM CHAPA DE MADEIRA COMPENSADA, NÃO INCLUSO MOBILIÁRIO. AF_02/2016","M2",735.13,"SINAPI","CANTEIRO DE OBRAS","CONSTRUCAO DO CANTEIRO"]
[93213,"EXECUÇÃO DE SANITÁRIO E VESTIÁRIO EM CANTEIRO DE OBRA EM ALVENARIA, NÃO INCLUSO MOBILIÁRIO. AF_02/2016","M2",737.6,"SINAPI","CANTEIRO DE OBRAS","CONSTRUCAO DO CANTEIRO"]
[93214,"EXECUÇÃO DE RESERVATÓRIO ELEVADO DE ÁGUA (1000 LITROS) EM CANTEIRO DE OBRA, APOIADO EM ESTRUTURA DE MADEIRA. AF_02/2016","UN",5295.18,"SINAPI","CANTEIRO DE OBRAS","CONSTRUCAO DO CANTEIRO"]
[93243,"EXECUÇÃO DE RESERVATÓRIO ELEVADO DE ÁGUA (2000 LITROS) EM CANTEIRO DE OBRA, APOIADO EM ESTRUTURA DE MADEIRA. AF_02/2016","UN",7911.06,"SINAPI","CANTEIRO DE OBRAS","CONSTRUCAO DO CANTEIRO"]
[93582,"EXECUÇÃO DE CENTRAL DE ARMADURA EM CANTEIRO DE OBRA, NÃO INCLUSO MOBILIÁRIO E EQUIPAMENTOS. AF_04/2016","M2",208.97,"SINAPI","CANTEIRO DE OBRAS","CONSTRUCAO DO CANTEIRO"]
[93583,"EXECUÇÃO DE CENTRAL DE FÔRMAS, PRODUÇÃO DE ARGAMASSA OU CONCRETO EM CANTEIRO DE OBRA, NÃO INCLUSO MOBILIÁRIO E EQUIPAMENTOS. AF_04/2016","M2",334,"SINAPI","CANTEIRO DE OBRAS","CONSTRUCAO DO CANTEIRO"]
[93584,"EXECUÇÃO DE DEPÓSITO EM CANTEIRO DE OBRA EM CHAPA DE MADEIRA COMPENSADA, NÃO INCLUSO MOBILIÁRIO. AF_04/2016","M2",742.57,"SINAPI","CANTEIRO DE OBRAS","CONSTRUCAO DO CANTEIRO"]
[93585,"EXECUÇÃO DE GUARITA EM CANTEIRO DE OBRA EM CHAPA DE MADEIRA COMPENSADA, NÃO INCLUSO MOBILIÁRIO. AF_04/2016","M2",901.81,"SINAPI","CANTEIRO DE OBRAS","CONSTRUCAO DO CANTEIRO"]
[98441,"PAREDE DE MADEIRA COMPENSADA PARA CONSTRUÇÃO TEMPORÁRIA EM CHAPA SIMPLES, EXTERNA, COM ÁREA LÍQUIDA MAIOR OU IGUAL A 6 M², SEM VÃO. AF_05/2018","M2",121.35,"SINAPI","CANTEIRO DE OBRAS","CONSTRUCAO DO CANTEIRO"]
[98442,"PAREDE DE MADEIRA COMPENSADA PARA CONSTRUÇÃO TEMPORÁRIA EM CHAPA SIMPLES, EXTERNA, COM ÁREA LÍQUIDA MENOR QUE 6 M², SEM VÃO. AF_05/2018","M2",124.48,"SINAPI","CANTEIRO DE OBRAS","CONSTRUCAO DO CANTEIRO"]
[98443,"PAREDE DE MADEIRA COMPENSADA PARA CONSTRUÇÃO TEMPORÁRIA EM CHAPA SIMPLES, INTERNA, COM ÁREA LÍQUIDA MAIOR OU IGUAL A 6 M², SEM VÃO. AF_05/2018","M2",105.67,"SINAPI","CANTEIRO DE OBRAS","CONSTRUCAO DO CANTEIRO"]
[98444,"PAREDE DE MADEIRA COMPENSADA PARA CONSTRUÇÃO TEMPORÁRIA EM CHAPA SIMPLES, INTERNA, COM ÁREA LÍQUIDA MENOR QUE 6 M², SEM VÃO. AF_05/2018","M2",107.91,"SINAPI","CANTEIRO DE OBRAS","CONSTRUCAO DO CANTEIRO"]
[98445,"PAREDE DE MADEIRA COMPENSADA PARA CONSTRUÇÃO TEMPORÁRIA EM CHAPA SIMPLES, EXTERNA, COM ÁREA LÍQUIDA MAIOR OU IGUAL A 6 M², COM VÃO. AF_05/2018","M2",145.54,"SINAPI","CANTEIRO DE OBRAS","CONSTRUCAO DO CANTEIRO"]
[98446,"PAREDE DE MADEIRA COMPENSADA PARA CONSTRUÇÃO TEMPORÁRIA EM CHAPA SIMPLES, EXTERNA, COM ÁREA LÍQUIDA MENOR QUE 6 M², COM VÃO. AF_05/2018","M2",187.22,"SINAPI","CANTEIRO DE OBRAS","CONSTRUCAO DO CANTEIRO"]
[98447,"PAREDE DE MADEIRA COMPENSADA PARA CONSTRUÇÃO TEMPORÁRIA EM CHAPA SIMPLES, INTERNA, COM ÁREA LÍQUIDA MAIOR OU IGUAL A 6 M², COM VÃO. AF_05/2018","M2",123.86,"SINAPI","CANTEIRO DE OBRAS","CONSTRUCAO DO CANTEIRO"]
[98448,"PAREDE DE MADEIRA COMPENSADA PARA CONSTRUÇÃO TEMPORÁRIA EM CHAPA SIMPLES, INTERNA, COM ÁREA LÍQUIDA MENOR QUE 6 M², COM VÃO. AF_05/2018","M2",156.09,"SINAPI","CANTEIRO DE OBRAS","CONSTRUCAO DO CANTEIRO"]
[98449,"PAREDE DE MADEIRA COMPENSADA PARA CONSTRUÇÃO TEMPORÁRIA EM CHAPA DUPLA, EXTERNA, COM ÁREA LÍQUIDA MAIOR OU IGUAL A 6 M², SEM VÃO. AF_05/2018","M2",145.65,"SINAPI","CANTEIRO DE OBRAS","CONSTRUCAO DO CANTEIRO"]
[98450,"PAREDE DE MADEIRA COMPENSADA PARA CONSTRUÇÃO TEMPORÁRIA EM CHAPA DUPLA, EXTERNA, COM ÁREA LÍQUIDA MENOR QUE 6 M², SEM VÃO. AF_05/2018","M2",150.22,"SINAPI","CANTEIRO DE OBRAS","CONSTRUCAO DO CANTEIRO"]
[98451,"PAREDE DE MADEIRA COMPENSADA PARA CONSTRUÇÃO TEMPORÁRIA EM CHAPA DUPLA, INTERNA, COM ÁREA LÍQUIDA MAIOR OU IGUAL A 6 M², SEM VÃO. AF_05/2018","M2",127.29,"SINAPI","CANTEIRO DE OBRAS","CONSTRUCAO DO CANTEIRO"]
[98452,"PAREDE DE MADEIRA COMPENSADA PARA CONSTRUÇÃO TEMPORÁRIA EM CHAPA DUPLA, INTERNA, COM ÁREA LÍQUIDA MENOR QUE 6 M², SEM VÃO. AF_05/2018","M2",130.06,"SINAPI","CANTEIRO DE OBRAS","CONSTRUCAO DO CANTEIRO"]
[98453,"PAREDE DE MADEIRA COMPENSADA PARA CONSTRUÇÃO TEMPORÁRIA EM CHAPA DUPLA, EXTERNA, COM ÁREA LÍQUIDA MAIOR OU IGUAL A QUE 6 M², COM VÃO. AF_05/2018","M2",175.1,"SINAPI","CANTEIRO DE OBRAS","CONSTRUCAO DO CANTEIRO"]
[98454,"PAREDE DE MADEIRA COMPENSADA PARA CONSTRUÇÃO TEMPORÁRIA EM CHAPA DUPLA, EXTERNA, COM ÁREA LÍQUIDA MENOR QUE 6 M², COM VÃO. AF_05/2018","M2",229.69,"SINAPI","CANTEIRO DE OBRAS","CONSTRUCAO DO CANTEIRO"]
[98455,"PAREDE DE MADEIRA COMPENSADA PARA CONSTRUÇÃO TEMPORÁRIA EM CHAPA DUPLA, INTERNA, COM ÁREA LÍQUIDA MAIOR OU IGUAL A 6 M², COM VÃO. AF_05/2018","M2",150.74,"SINAPI","CANTEIRO DE OBRAS","CONSTRUCAO DO CANTEIRO"]
[98456,"PAREDE DE MADEIRA COMPENSADA PARA CONSTRUÇÃO TEMPORÁRIA EM CHAPA DUPLA, INTERNA, COM ÁREA LÍQUIDA MENOR QUE 6 M², COM VÃO. AF_05/2018","M2",194.98,"SINAPI","CANTEIRO DE OBRAS","CONSTRUCAO DO CANTEIRO"]
[98458,"TAPUME COM COMPENSADO DE MADEIRA. AF_05/2018","M2",116.19,"SINAPI","CANTEIRO DE OBRAS","CONSTRUCAO DO CANTEIRO"]
[98459,"TAPUME COM TELHA METÁLICA. AF_05/2018","M2",88.19,"SINAPI","CANTEIRO DE OBRAS","CONSTRUCAO DO CANTEIRO"]
[98460,"PISO PARA CONSTRUÇÃO TEMPORÁRIA EM MADEIRA, SEM REAPROVEITAMENTO. AF_05/2018","M2",94.16,"SINAPI","CANTEIRO DE OBRAS","CONSTRUCAO DO CANTEIRO"]
[98461,"ESTRUTURA DE MADEIRA PROVISÓRIA PARA SUPORTE DE CAIXA D\u0092ÁGUA ELEVADA DE 1000 LITROS. AF_05/2018","UN",4762.54,"SINAPI","CANTEIRO DE OBRAS","CONSTRUCAO DO CANTEIRO"]
[98462,"ESTRUTURA DE MADEIRA PROVISÓRIA PARA SUPORTE DE CAIXA D\u0092ÁGUA ELEVADA DE 3000 LITROS. AF_05/2018","UN",7006.3,"SINAPI","CANTEIRO DE OBRAS","CONSTRUCAO DO CANTEIRO"]
["74209/1","PLACA DE OBRA EM CHAPA DE ACO GALVANIZADO","M2",320.43,"SINAPI","CANTEIRO DE OBRAS","PLACA DE OBRA"]
[5631,"ESCAVADEIRA HIDRÁULICA SOBRE ESTEIRAS, CAÇAMBA 0,80 M3, PESO OPERACIONAL 17 T, POTENCIA BRUTA 111 HP - CHP DIURNO. AF_06/2014","CHP",140.35,"SINAPI","CUSTOS HORÁRIOS DE MÁQUINAS E EQUIPAMENTOS","CUSTO HORÁRIO PRODUTIVO DIURNO"]
[5678,"RETROESCAVADEIRA SOBRE RODAS COM CARREGADEIRA, TRAÇÃO 4X4, POTÊNCIA LÍQ. 88 HP, CAÇAMBA CARREG. CAP. MÍN. 1 M3, CAÇAMBA RETRO CAP. 0,26 M3, PESO OPERACIONAL MÍN. 6.674 KG, PROFUNDIDADE ESCAVAÇÃO MÁX. 4,37 M - CHP DIURNO. AF_06/2014","CHP",103.69,"SINAPI","CUSTOS HORÁRIOS DE MÁQUINAS E EQUIPAMENTOS","CUSTO HORÁRIO PRODUTIVO DIURNO"]
[5680,"RETROESCAVADEIRA SOBRE RODAS COM CARREGADEIRA, TRAÇÃO 4X2, POTÊNCIA LÍQ. 79 HP, CAÇAMBA CARREG. CAP. MÍN. 1 M3, CAÇAMBA RETRO CAP. 0,20 M3, PESO OPERACIONAL MÍN. 6.570 KG, PROFUNDIDADE ESCAVAÇÃO MÁX. 4,37 M - CHP DIURNO. AF_06/2014","CHP",96.38,"SINAPI","CUSTOS HORÁRIOS DE MÁQUINAS E EQUIPAMENTOS","CUSTO HORÁRIO PRODUTIVO DIURNO"]
[5684,"ROLO COMPACTADOR VIBRATÓRIO DE UM CILINDRO AÇO LISO, POTÊNCIA 80 HP, PESO OPERACIONAL MÁXIMO 8,1 T, IMPACTO DINÂMICO 16,15 / 9,5 T, LARGURA DE TRABALHO 1,68 M - CHP DIURNO. AF_06/2014","CHP",92.56,"SINAPI","CUSTOS HORÁRIOS DE MÁQUINAS E EQUIPAMENTOS","CUSTO HORÁRIO PRODUTIVO DIURNO"]
[5689,"GRADE DE DISCO CONTROLE REMOTO REBOCÁVEL, COM 24 DISCOS 24 X 6 MM COM PNEUS PARA TRANSPORTE - CHP DIURNO. AF_06/2014","CHP",3.33,"SINAPI","CUSTOS HORÁRIOS DE MÁQUINAS E EQUIPAMENTOS","CUSTO HORÁRIO PRODUTIVO DIURNO"]
[5795,"MARTELETE OU ROMPEDOR PNEUMÁTICO MANUAL, 28 KG, COM SILENCIADOR - CHP DIURNO. AF_07/2016","CHP",21.5,"SINAPI","CUSTOS HORÁRIOS DE MÁQUINAS E EQUIPAMENTOS","CUSTO HORÁRIO PRODUTIVO DIURNO"]
[5811,"CAMINHÃO BASCULANTE 6 M3, PESO BRUTO TOTAL 16.000 KG, CARGA ÚTIL MÁXIMA 13.071 KG, DISTÂNCIA ENTRE EIXOS 4,80 M, POTÊNCIA 230 CV INCLUSIVE CAÇAMBA METÁLICA - CHP DIURNO. AF_06/2014","CHP",169.68,"SINAPI","CUSTOS HORÁRIOS DE MÁQUINAS E EQUIPAMENTOS","CUSTO HORÁRIO PRODUTIVO DIURNO"]
[5823,"USINA DE CONCRETO FIXA, CAPACIDADE NOMINAL DE 90 A 120 M3/H, SEM SILO - CHP DIURNO. AF_07/2016","CHP",180.32,"SINAPI","CUSTOS HORÁRIOS DE MÁQUINAS E EQUIPAMENTOS","CUSTO HORÁRIO PRODUTIVO DIURNO"]
[5824,"CAMINHÃO TOCO, PBT 16.000 KG, CARGA ÚTIL MÁX. 10.685 KG, DIST. ENTRE EIXOS 4,8 M, POTÊNCIA 189 CV, INCLUSIVE CARROCERIA FIXA ABERTA DE MADEIRA P/ TRANSPORTE GERAL DE CARGA SECA, DIMEN. APROX. 2,5 X 7,00 X 0,50 M - CHP DIURNO. AF_06/2014","CHP",135.83000000000001,"SINAPI","CUSTOS HORÁRIOS DE MÁQUINAS E EQUIPAMENTOS","CUSTO HORÁRIO PRODUTIVO DIURNO"]
[5835,"VIBROACABADORA DE ASFALTO SOBRE ESTEIRAS, LARGURA DE PAVIMENTAÇÃO 1,90 M A 5,30 M, POTÊNCIA 105 HP CAPACIDADE 450 T/H - CHP DIURNO. AF_11/2014","CHP",249.09,"SINAPI","CUSTOS HORÁRIOS DE MÁQUINAS E EQUIPAMENTOS","CUSTO HORÁRIO PRODUTIVO DIURNO"]
[5839,"VASSOURA MECÂNICA REBOCÁVEL COM ESCOVA CILÍNDRICA, LARGURA ÚTIL DE VARRIMENTO DE 2,44 M - CHP DIURNO. AF_06/2014","CHP",4.91,"SINAPI","CUSTOS HORÁRIOS DE MÁQUINAS E EQUIPAMENTOS","CUSTO HORÁRIO PRODUTIVO DIURNO"]
[5843,"TRATOR DE PNEUS, POTÊNCIA 122 CV, TRAÇÃO 4X4, PESO COM LASTRO DE 4.510 KG - CHP DIURNO. AF_06/2014","CHP",103.23,"SINAPI","CUSTOS HORÁRIOS DE MÁQUINAS E EQUIPAMENTOS","CUSTO HORÁRIO PRODUTIVO DIURNO"]
[5847,"TRATOR DE ESTEIRAS, POTÊNCIA 170 HP, PESO OPERACIONAL 19 T, CAÇAMBA 5,2 M3 - CHP DIURNO. AF_06/2014","CHP",174.46,"SINAPI","CUSTOS HORÁRIOS DE MÁQUINAS E EQUIPAMENTOS","CUSTO HORÁRIO PRODUTIVO DIURNO"]
[5851,"TRATOR DE ESTEIRAS, POTÊNCIA 150 HP, PESO OPERACIONAL 16,7 T, COM RODA MOTRIZ ELEVADA E LÂMINA 3,18 M3 - CHP DIURNO. AF_06/2014","CHP",165.4,"SINAPI","CUSTOS HORÁRIOS DE MÁQUINAS E EQUIPAMENTOS","CUSTO HORÁRIO PRODUTIVO DIURNO"]
[5855,"TRATOR DE ESTEIRAS, POTÊNCIA 347 HP, PESO OPERACIONAL 38,5 T, COM LÂMINA 8,70 M3 - CHP DIURNO. AF_06/2014","CHP",419.23,"SINAPI","CUSTOS HORÁRIOS DE MÁQUINAS E EQUIPAMENTOS","CUSTO HORÁRIO PRODUTIVO DIURNO"]
[5863,"ROLO COMPACTADOR VIBRATÓRIO REBOCÁVEL, CILINDRO DE AÇO LISO, POTÊNCIA DE TRAÇÃO DE 65 CV, PESO 4,7 T, IMPACTO DINÂMICO 18,3 T, LARGURA DE TRABALHO 1,67 M - CHP DIURNO. AF_02/2016","CHP",11.21,"SINAPI","CUSTOS HORÁRIOS DE MÁQUINAS E EQUIPAMENTOS","CUSTO HORÁRIO PRODUTIVO DIURNO"]
[5867,"ROLO COMPACTADOR VIBRATÓRIO TANDEM AÇO LISO, POTÊNCIA 58 HP, PESO SEM/COM LASTRO 6,5 / 9,4 T, LARGURA DE TRABALHO 1,2 M - CHP DIURNO. AF_06/2014","CHP",90.62,"SINAPI","CUSTOS HORÁRIOS DE MÁQUINAS E EQUIPAMENTOS","CUSTO HORÁRIO PRODUTIVO DIURNO"]
[5875,"RETROESCAVADEIRA SOBRE RODAS COM CARREGADEIRA, TRAÇÃO 4X4, POTÊNCIA LÍQ. 72 HP, CAÇAMBA CARREG. CAP. MÍN. 0,79 M3, CAÇAMBA RETRO CAP. 0,18 M3, PESO OPERACIONAL MÍN. 7.140 KG, PROFUNDIDADE ESCAVAÇÃO MÁX. 4,50 M - CHP DIURNO. AF_06/2014","CHP",95.78,"SINAPI","CUSTOS HORÁRIOS DE MÁQUINAS E EQUIPAMENTOS","CUSTO HORÁRIO PRODUTIVO DIURNO"]
[5879,"ROLO COMPACTADOR VIBRATÓRIO PÉ DE CARNEIRO, OPERADO POR CONTROLE REMOTO, POTÊNCIA 12,5 KW, PESO OPERACIONAL 1,675 T, LARGURA DE TRABALHO 0,85 M - CHP DIURNO. AF_02/2016","CHP",76.209999999999994,"SINAPI","CUSTOS HORÁRIOS DE MÁQUINAS E EQUIPAMENTOS","CUSTO HORÁRIO PRODUTIVO DIURNO"]
[5882,"USINA DE LAMA ASFÁLTICA, PROD 30 A 50 T/H, SILO DE AGREGADO 7 M3, RESERVATÓRIOS PARA EMULSÃO E ÁGUA DE 2,3 M3 CADA, MISTURADOR TIPO PUG MILL A SER MONTADO SOBRE CAMINHÃO - CHP DIURNO. AF_10/2014","CHP",79.709999999999994,"SINAPI","CUSTOS HORÁRIOS DE MÁQUINAS E EQUIPAMENTOS","CUSTO HORÁRIO PRODUTIVO DIURNO"]
[5890,"CAMINHÃO TOCO, PESO BRUTO TOTAL 14.300 KG, CARGA ÚTIL MÁXIMA 9590 KG, DISTÂNCIA ENTRE EIXOS 4,76 M, POTÊNCIA 185 CV (NÃO INCLUI CARROCERIA) - CHP DIURNO. AF_06/2014","CHP",136.9,"SINAPI","CUSTOS HORÁRIOS DE MÁQUINAS E EQUIPAMENTOS","CUSTO HORÁRIO PRODUTIVO DIURNO"]
[5894,"CAMINHÃO TOCO, PESO BRUTO TOTAL 16.000 KG, CARGA ÚTIL MÁXIMA DE 10.685 KG, DISTÂNCIA ENTRE EIXOS 4,80 M, POTÊNCIA 189 CV EXCLUSIVE CARROCERIA - CHP DIURNO. AF_06/2014","CHP",133.99,"SINAPI","CUSTOS HORÁRIOS DE MÁQUINAS E EQUIPAMENTOS","CUSTO HORÁRIO PRODUTIVO DIURNO"]
[5901,"CAMINHÃO PIPA 10.000 L TRUCADO, PESO BRUTO TOTAL 23.000 KG, CARGA ÚTIL MÁXIMA 15.935 KG, DISTÂNCIA ENTRE EIXOS 4,8 M, POTÊNCIA 230 CV, INCLUSIVE TANQUE DE AÇO PARA TRANSPORTE DE ÁGUA - CHP DIURNO. AF_06/2014","CHP",170.84,"SINAPI","CUSTOS HORÁRIOS DE MÁQUINAS E EQUIPAMENTOS","CUSTO HORÁRIO PRODUTIVO DIURNO"]
[5909,"ESPARGIDOR DE ASFALTO PRESSURIZADO COM TANQUE DE 2500 L, REBOCÁVEL COM MOTOR A GASOLINA POTÊNCIA 3,4 HP - CHP DIURNO. AF_07/2014","CHP",23.96,"SINAPI","CUSTOS HORÁRIOS DE MÁQUINAS E EQUIPAMENTOS","CUSTO HORÁRIO PRODUTIVO DIURNO"]
[5921,"GRADE DE DISCO REBOCÁVEL COM 20 DISCOS 24\" X 6 MM COM PNEUS PARA TRANSPORTE - CHP DIURNO. AF_06/2014","CHP",2.6,"SINAPI","CUSTOS HORÁRIOS DE MÁQUINAS E EQUIPAMENTOS","CUSTO HORÁRIO PRODUTIVO DIURNO"]
[5928,"GUINDAUTO HIDRÁULICO, CAPACIDADE MÁXIMA DE CARGA 6200 KG, MOMENTO MÁXIMO DE CARGA 11,7 TM, ALCANCE MÁXIMO HORIZONTAL 9,70 M, INCLUSIVE CAMINHÃO TOCO PBT 16.000 KG, POTÊNCIA DE 189 CV - CHP DIURNO. AF_06/2014","CHP",143.97,"SINAPI","CUSTOS HORÁRIOS DE MÁQUINAS E EQUIPAMENTOS","CUSTO HORÁRIO PRODUTIVO DIURNO"]
[5932,"MOTONIVELADORA POTÊNCIA BÁSICA LÍQUIDA (PRIMEIRA MARCHA) 125 HP, PESO BRUTO 13032 KG, LARGURA DA LÂMINA DE 3,7 M - CHP DIURNO. AF_06/2014","CHP",151.76,"SINAPI","CUSTOS HORÁRIOS DE MÁQUINAS E EQUIPAMENTOS","CUSTO HORÁRIO PRODUTIVO DIURNO"]
[5940,"PÁ CARREGADEIRA SOBRE RODAS, POTÊNCIA LÍQUIDA 128 HP, CAPACIDADE DA CAÇAMBA 1,7 A 2,8 M3, PESO OPERACIONAL 11632 KG - CHP DIURNO. AF_06/2014","CHP",145.65,"SINAPI","CUSTOS HORÁRIOS DE MÁQUINAS E EQUIPAMENTOS","CUSTO HORÁRIO PRODUTIVO DIURNO"]
[5944,"PÁ CARREGADEIRA SOBRE RODAS, POTÊNCIA 197 HP, CAPACIDADE DA CAÇAMBA 2,5 A 3,5 M3, PESO OPERACIONAL 18338 KG - CHP DIURNO. AF_06/2014","CHP",200.75,"SINAPI","CUSTOS HORÁRIOS DE MÁQUINAS E EQUIPAMENTOS","CUSTO HORÁRIO PRODUTIVO DIURNO"]
[5953,"COMPRESSOR DE AR REBOCÁVEL, VAZÃO 189 PCM, PRESSÃO EFETIVA DE TRABALHO 102 PSI, MOTOR DIESEL, POTÊNCIA 63 CV - CHP DIURNO. AF_06/2015","CHP",35.33,"SINAPI","CUSTOS HORÁRIOS DE MÁQUINAS E EQUIPAMENTOS","CUSTO HORÁRIO PRODUTIVO DIURNO"]
[6259,"CAMINHÃO PIPA 6.000 L, PESO BRUTO TOTAL 13.000 KG, DISTÂNCIA ENTRE EIXOS 4,80 M, POTÊNCIA 189 CV INCLUSIVE TANQUE DE AÇO PARA TRANSPORTE DE ÁGUA, CAPACIDADE 6 M3 - CHP DIURNO. AF_06/2014","CHP",142.07,"SINAPI","CUSTOS HORÁRIOS DE MÁQUINAS E EQUIPAMENTOS","CUSTO HORÁRIO PRODUTIVO DIURNO"]
[6879,"ROLO COMPACTADOR DE PNEUS ESTÁTICO, PRESSÃO VARIÁVEL, POTÊNCIA 111 HP, PESO SEM/COM LASTRO 9,5 / 26 T, LARGURA DE TRABALHO 1,90 M - CHP DIURNO. AF_07/2014","CHP",128.21,"SINAPI","CUSTOS HORÁRIOS DE MÁQUINAS E EQUIPAMENTOS","CUSTO HORÁRIO PRODUTIVO DIURNO"]
[7030,"TANQUE DE ASFALTO ESTACIONÁRIO COM SERPENTINA, CAPACIDADE 30.000 L - CHP DIURNO. AF_06/2014","CHP",160.49,"SINAPI","CUSTOS HORÁRIOS DE MÁQUINAS E EQUIPAMENTOS","CUSTO HORÁRIO PRODUTIVO DIURNO"]
[7042,"MOTOBOMBA TRASH (PARA ÁGUA SUJA) AUTO ESCORVANTE, MOTOR GASOLINA DE 6,41 HP, DIÂMETROS DE SUCÇÃO X RECALQUE: 3\" X 3\", HM/Q = 10 MCA / 60 M3/H A 23 MCA / 0 M3/H - CHP DIURNO. AF_10/2014","CHP",4.3,"SINAPI","CUSTOS HORÁRIOS DE MÁQUINAS E EQUIPAMENTOS","CUSTO HORÁRIO PRODUTIVO DIURNO"]
[7049,"ROLO COMPACTADOR PE DE CARNEIRO VIBRATORIO, POTENCIA 125 HP, PESO OPERACIONAL SEM/COM LASTRO 11,95 / 13,30 T, IMPACTO DINAMICO 38,5 / 22,5 T, LARGURA DE TRABALHO 2,15 M - CHP DIURNO. AF_06/2014","CHP",128.27000000000001,"SINAPI","CUSTOS HORÁRIOS DE MÁQUINAS E EQUIPAMENTOS","CUSTO HORÁRIO PRODUTIVO DIURNO"]
[67826,"CAMINHÃO BASCULANTE 6 M3 TOCO, PESO BRUTO TOTAL 16.000 KG, CARGA ÚTIL MÁXIMA 11.130 KG, DISTÂNCIA ENTRE EIXOS 5,36 M, POTÊNCIA 185 CV, INCLUSIVE CAÇAMBA METÁLICA - CHP DIURNO. AF_06/2014","CHP",146.66999999999999,"SINAPI","CUSTOS HORÁRIOS DE MÁQUINAS E EQUIPAMENTOS","CUSTO HORÁRIO PRODUTIVO DIURNO"]
[73417,"GRUPO GERADOR ESTACIONÁRIO, MOTOR DIESEL POTÊNCIA 170 KVA - CHP DIURNO. AF_02/2016","CHP",106.03,"SINAPI","CUSTOS HORÁRIOS DE MÁQUINAS E EQUIPAMENTOS","CUSTO HORÁRIO PRODUTIVO DIURNO"]
[73436,"ROLO COMPACTADOR VIBRATÓRIO PÉ DE CARNEIRO PARA SOLOS, POTÊNCIA 80 HP, PESO OPERACIONAL SEM/COM LASTRO 7,4 / 8,8 T, LARGURA DE TRABALHO 1,68 M - CHP DIURNO. AF_02/2016","CHP",128.99,"SINAPI","CUSTOS HORÁRIOS DE MÁQUINAS E EQUIPAMENTOS","CUSTO HORÁRIO PRODUTIVO DIURNO"]
[73467,"CAMINHÃO TOCO, PBT 14.300 KG, CARGA ÚTIL MÁX. 9.710 KG, DIST. ENTRE EIXOS 3,56 M, POTÊNCIA 185 CV, INCLUSIVE CARROCERIA FIXA ABERTA DE MADEIRA P/ TRANSPORTE GERAL DE CARGA SECA, DIMEN. APROX. 2,50 X 6,50 X 0,50 M - CHP DIURNO. AF_06/2014","CHP",139.16999999999999,"SINAPI","CUSTOS HORÁRIOS DE MÁQUINAS E EQUIPAMENTOS","CUSTO HORÁRIO PRODUTIVO DIURNO"]
[73536,"MOTOBOMBA CENTRÍFUGA, MOTOR A GASOLINA, POTÊNCIA 5,42 HP, BOCAIS 1 1/2\" X 1\", DIÂMETRO ROTOR 143 MM HM/Q = 6 MCA / 16,8 M3/H A 38 MCA / 6,6 M3/H - CHP DIURNO. AF_06/2014","CHP",3.62,"SINAPI","CUSTOS HORÁRIOS DE MÁQUINAS E EQUIPAMENTOS","CUSTO HORÁRIO PRODUTIVO DIURNO"]
[83362,"ESPARGIDOR DE ASFALTO PRESSURIZADO, TANQUE 6 M3 COM ISOLAÇÃO TÉRMICA, AQUECIDO COM 2 MAÇARICOS, COM BARRA ESPARGIDORA 3,60 M, MONTADO SOBRE CAMINHÃO  TOCO, PBT 14.300 KG, POTÊNCIA 185 CV - CHP DIURNO. AF_08/2015","CHP",172.49,"SINAPI","CUSTOS HORÁRIOS DE MÁQUINAS E EQUIPAMENTOS","CUSTO HORÁRIO PRODUTIVO DIURNO"]
[83765,"GRUPO DE SOLDAGEM COM GERADOR A DIESEL 60 CV PARA SOLDA ELÉTRICA, SOBRE 04 RODAS, COM MOTOR 4 CILINDROS 600 A - CHP DIURNO. AF_02/2016","CHP",69.209999999999994,"SINAPI","CUSTOS HORÁRIOS DE MÁQUINAS E EQUIPAMENTOS","CUSTO HORÁRIO PRODUTIVO DIURNO"]
[87445,"BETONEIRA CAPACIDADE NOMINAL 400 L, CAPACIDADE DE MISTURA 310 L, MOTOR A DIESEL POTÊNCIA 5,0 HP, SEM CARREGADOR - CHP DIURNO. AF_06/2014","CHP",2.91,"SINAPI","CUSTOS HORÁRIOS DE MÁQUINAS E EQUIPAMENTOS","CUSTO HORÁRIO PRODUTIVO DIURNO"]
[88386,"MISTURADOR DE ARGAMASSA, EIXO HORIZONTAL, CAPACIDADE DE MISTURA 300 KG, MOTOR ELÉTRICO POTÊNCIA 5 CV - CHP DIURNO. AF_06/2014","CHP",3.51,"SINAPI","CUSTOS HORÁRIOS DE MÁQUINAS E EQUIPAMENTOS","CUSTO HORÁRIO PRODUTIVO DIURNO"]
[88393,"MISTURADOR DE ARGAMASSA, EIXO HORIZONTAL, CAPACIDADE DE MISTURA 600 KG, MOTOR ELÉTRICO POTÊNCIA 7,5 CV - CHP DIURNO. AF_06/2014","CHP",4.87,"SINAPI","CUSTOS HORÁRIOS DE MÁQUINAS E EQUIPAMENTOS","CUSTO HORÁRIO PRODUTIVO DIURNO"]
[88399,"MISTURADOR DE ARGAMASSA, EIXO HORIZONTAL, CAPACIDADE DE MISTURA 160 KG, MOTOR ELÉTRICO POTÊNCIA 3 CV - CHP DIURNO. AF_06/2014","CHP",2.5299999999999998,"SINAPI","CUSTOS HORÁRIOS DE MÁQUINAS E EQUIPAMENTOS","CUSTO HORÁRIO PRODUTIVO DIURNO"]
[88418,"PROJETOR DE ARGAMASSA, CAPACIDADE DE PROJEÇÃO 1,5 M3/H, ALCANCE DE 30 ATÉ 60 M, MOTOR ELÉTRICO POTÊNCIA 7,5 HP - CHP DIURNO. AF_06/2014","CHP",10.74,"SINAPI","CUSTOS HORÁRIOS DE MÁQUINAS E EQUIPAMENTOS","CUSTO HORÁRIO PRODUTIVO DIURNO"]
[88433,"PROJETOR DE ARGAMASSA, CAPACIDADE DE PROJEÇÃO 2 M3/H, ALCANCE ATÉ 50 M, MOTOR ELÉTRICO POTÊNCIA 7,5 HP - CHP DIURNO. AF_06/2014","CHP",13.13,"SINAPI","CUSTOS HORÁRIOS DE MÁQUINAS E EQUIPAMENTOS","CUSTO HORÁRIO PRODUTIVO DIURNO"]
[88830,"BETONEIRA CAPACIDADE NOMINAL DE 400 L, CAPACIDADE DE MISTURA 280 L, MOTOR ELÉTRICO TRIFÁSICO POTÊNCIA DE 2 CV, SEM CARREGADOR - CHP DIURNO. AF_10/2014","CHP",1.31,"SINAPI","CUSTOS HORÁRIOS DE MÁQUINAS E EQUIPAMENTOS","CUSTO HORÁRIO PRODUTIVO DIURNO"]
[88843,"TRATOR DE ESTEIRAS, POTÊNCIA 125 HP, PESO OPERACIONAL 12,9 T, COM LÂMINA 2,7 M3 - CHP DIURNO. AF_10/2014","CHP",140,"SINAPI","CUSTOS HORÁRIOS DE MÁQUINAS E EQUIPAMENTOS","CUSTO HORÁRIO PRODUTIVO DIURNO"]
[88907,"ESCAVADEIRA HIDRÁULICA SOBRE ESTEIRAS, CAÇAMBA 1,20 M3, PESO OPERACIONAL 21 T, POTÊNCIA BRUTA 155 HP - CHP DIURNO. AF_06/2014","CHP",168.33,"SINAPI","CUSTOS HORÁRIOS DE MÁQUINAS E EQUIPAMENTOS","CUSTO HORÁRIO PRODUTIVO DIURNO"]
[89021,"BOMBA SUBMERSÍVEL ELÉTRICA TRIFÁSICA, POTÊNCIA 2,96 HP, Ø ROTOR 144 MM SEMI-ABERTO, BOCAL DE SAÍDA Ø 2\u0094, HM/Q = 2 MCA / 38,8 M3/H A 28 MCA / 5 M3/H - CHP DIURNO. AF_06/2014","CHP",1.87,"SINAPI","CUSTOS HORÁRIOS DE MÁQUINAS E EQUIPAMENTOS","CUSTO HORÁRIO PRODUTIVO DIURNO"]
[89028,"TANQUE DE ASFALTO ESTACIONÁRIO COM MAÇARICO, CAPACIDADE 20.000 L - CHP DIURNO. AF_06/2014","CHP",148.46,"SINAPI","CUSTOS HORÁRIOS DE MÁQUINAS E EQUIPAMENTOS","CUSTO HORÁRIO PRODUTIVO DIURNO"]
[89032,"TRATOR DE ESTEIRAS, POTÊNCIA 100 HP, PESO OPERACIONAL 9,4 T, COM LÂMINA 2,19 M3 - CHP DIURNO. AF_06/2014","CHP",125.6,"SINAPI","CUSTOS HORÁRIOS DE MÁQUINAS E EQUIPAMENTOS","CUSTO HORÁRIO PRODUTIVO DIURNO"]
[89035,"TRATOR DE PNEUS, POTÊNCIA 85 CV, TRAÇÃO 4X4, PESO COM LASTRO DE 4.675 KG - CHP DIURNO. AF_06/2014","CHP",79.94,"SINAPI","CUSTOS HORÁRIOS DE MÁQUINAS E EQUIPAMENTOS","CUSTO HORÁRIO PRODUTIVO DIURNO"]
[89225,"BETONEIRA CAPACIDADE NOMINAL DE 600 L, CAPACIDADE DE MISTURA 360 L, MOTOR ELÉTRICO TRIFÁSICO POTÊNCIA DE 4 CV, SEM CARREGADOR - CHP DIURNO. AF_11/2014","CHP",3.48,"SINAPI","CUSTOS HORÁRIOS DE MÁQUINAS E EQUIPAMENTOS","CUSTO HORÁRIO PRODUTIVO DIURNO"]
[89234,"FRESADORA DE ASFALTO A FRIO SOBRE RODAS, LARGURA FRESAGEM DE 1,0 M, POTÊNCIA 208 HP - CHP DIURNO. AF_11/2014","CHP",378.67,"SINAPI","CUSTOS HORÁRIOS DE MÁQUINAS E EQUIPAMENTOS","CUSTO HORÁRIO PRODUTIVO DIURNO"]
[89242,"FRESADORA DE ASFALTO A FRIO SOBRE RODAS, LARGURA FRESAGEM DE 2,0 M, POTÊNCIA 550 HP - CHP DIURNO. AF_11/2014","CHP",884.21,"SINAPI","CUSTOS HORÁRIOS DE MÁQUINAS E EQUIPAMENTOS","CUSTO HORÁRIO PRODUTIVO DIURNO"]
[89250,"RECICLADORA DE ASFALTO A FRIO SOBRE RODAS, LARGURA FRESAGEM DE 2,0 M, POTÊNCIA 422 HP - CHP DIURNO. AF_11/2014","CHP",744.83,"SINAPI","CUSTOS HORÁRIOS DE MÁQUINAS E EQUIPAMENTOS","CUSTO HORÁRIO PRODUTIVO DIURNO"]
[89257,"VIBROACABADORA DE ASFALTO SOBRE ESTEIRAS, LARGURA DE PAVIMENTAÇÃO 2,13 M A 4,55 M, POTÊNCIA 100 HP CAPACIDADE 400 T/H - CHP DIURNO. AF_11/2014","CHP",214.9,"SINAPI","CUSTOS HORÁRIOS DE MÁQUINAS E EQUIPAMENTOS","CUSTO HORÁRIO PRODUTIVO DIURNO"]
[89272,"GUINDASTE HIDRÁULICO AUTOPROPELIDO, COM LANÇA TELESCÓPICA 28,80 M, CAPACIDADE MÁXIMA 30 T, POTÊNCIA 97 KW, TRAÇÃO 4 X 4 - CHP DIURNO. AF_11/2014","CHP",159.03,"SINAPI","CUSTOS HORÁRIOS DE MÁQUINAS E EQUIPAMENTOS","CUSTO HORÁRIO PRODUTIVO DIURNO"]
[89278,"BETONEIRA CAPACIDADE NOMINAL DE 600 L, CAPACIDADE DE MISTURA 440 L, MOTOR A DIESEL POTÊNCIA 10 HP, COM CARREGADOR - CHP DIURNO. AF_11/2014","CHP",6.78,"SINAPI","CUSTOS HORÁRIOS DE MÁQUINAS E EQUIPAMENTOS","CUSTO HORÁRIO PRODUTIVO DIURNO"]
[89843,"BATE-ESTACAS POR GRAVIDADE, POTÊNCIA DE 160 HP, PESO DO MARTELO ATÉ 3 TONELADAS - CHP DIURNO. AF_11/2014","CHP",148.9,"SINAPI","CUSTOS HORÁRIOS DE MÁQUINAS E EQUIPAMENTOS","CUSTO HORÁRIO PRODUTIVO DIURNO"]
[89876,"CAMINHÃO BASCULANTE 14 M3, COM CAVALO MECÂNICO DE CAPACIDADE MÁXIMA DE TRAÇÃO COMBINADO DE 36000 KG, POTÊNCIA 286 CV, INCLUSIVE SEMIREBOQUE COM CAÇAMBA METÁLICA - CHP DIURNO. AF_12/2014","CHP",211.86,"SINAPI","CUSTOS HORÁRIOS DE MÁQUINAS E EQUIPAMENTOS","CUSTO HORÁRIO PRODUTIVO DIURNO"]
[89883,"CAMINHÃO BASCULANTE 18 M3, COM CAVALO MECÂNICO DE CAPACIDADE MÁXIMA DE TRAÇÃO COMBINADO DE 45000 KG, POTÊNCIA 330 CV, INCLUSIVE SEMIREBOQUE COM CAÇAMBA METÁLICA - CHP DIURNO. AF_12/2014","CHP",235.72,"SINAPI","CUSTOS HORÁRIOS DE MÁQUINAS E EQUIPAMENTOS","CUSTO HORÁRIO PRODUTIVO DIURNO"]
[90586,"VIBRADOR DE IMERSÃO, DIÂMETRO DE PONTEIRA 45MM, MOTOR ELÉTRICO TRIFÁSICO POTÊNCIA DE 2 CV - CHP DIURNO. AF_06/2015","CHP",1.38,"SINAPI","CUSTOS HORÁRIOS DE MÁQUINAS E EQUIPAMENTOS","CUSTO HORÁRIO PRODUTIVO DIURNO"]
[90625,"PERFURATRIZ MANUAL, TORQUE MÁXIMO 83 N.M, POTÊNCIA 5 CV, COM DIÂMETRO MÁXIMO 4\" - CHP DIURNO. AF_06/2015","CHP",5.68,"SINAPI","CUSTOS HORÁRIOS DE MÁQUINAS E EQUIPAMENTOS","CUSTO HORÁRIO PRODUTIVO DIURNO"]
[90631,"PERFURATRIZ SOBRE ESTEIRA, TORQUE MÁXIMO 600 KGF, PESO MÉDIO 1000 KG, POTÊNCIA 20 HP, DIÂMETRO MÁXIMO 10\" - CHP DIURNO. AF_06/2015","CHP",96.62,"SINAPI","CUSTOS HORÁRIOS DE MÁQUINAS E EQUIPAMENTOS","CUSTO HORÁRIO PRODUTIVO DIURNO"]
[90637,"MISTURADOR DUPLO HORIZONTAL DE ALTA TURBULÊNCIA, CAPACIDADE / VOLUME 2 X 500 LITROS, MOTORES ELÉTRICOS MÍNIMO 5 CV CADA, PARA NATA CIMENTO, ARGAMASSA E OUTROS - CHP DIURNO. AF_06/2015","CHP",10.130000000000001,"SINAPI","CUSTOS HORÁRIOS DE MÁQUINAS E EQUIPAMENTOS","CUSTO HORÁRIO PRODUTIVO DIURNO"]
[90643,"BOMBA TRIPLEX, PARA INJEÇÃO DE NATA DE CIMENTO, VAZÃO MÁXIMA DE 100 LITROS/MINUTO, PRESSÃO MÁXIMA DE 70 BAR - CHP DIURNO. AF_06/2015","CHP",13.56,"SINAPI","CUSTOS HORÁRIOS DE MÁQUINAS E EQUIPAMENTOS","CUSTO HORÁRIO PRODUTIVO DIURNO"]
[90650,"BOMBA CENTRÍFUGA MONOESTÁGIO COM MOTOR ELÉTRICO MONOFÁSICO, POTÊNCIA 15 HP, DIÂMETRO DO ROTOR 173 MM, HM/Q = 30 MCA / 90 M3/H A 45 MCA / 55 M3/H - CHP DIURNO. AF_06/2015","CHP",8,"SINAPI","CUSTOS HORÁRIOS DE MÁQUINAS E EQUIPAMENTOS","CUSTO HORÁRIO PRODUTIVO DIURNO"]
[90656,"BOMBA DE PROJEÇÃO DE CONCRETO SECO, POTÊNCIA 10 CV, VAZÃO 3 M3/H - CHP DIURNO. AF_06/2015","CHP",10.1,"SINAPI","CUSTOS HORÁRIOS DE MÁQUINAS E EQUIPAMENTOS","CUSTO HORÁRIO PRODUTIVO DIURNO"]
[90662,"BOMBA DE PROJEÇÃO DE CONCRETO SECO, POTÊNCIA 10 CV, VAZÃO 6 M3/H - CHP DIURNO. AF_06/2015","CHP",10.49,"SINAPI","CUSTOS HORÁRIOS DE MÁQUINAS E EQUIPAMENTOS","CUSTO HORÁRIO PRODUTIVO DIURNO"]
[90668,"PROJETOR PNEUMÁTICO DE ARGAMASSA PARA CHAPISCO E REBOCO COM RECIPIENTE ACOPLADO, TIPO CANEQUINHA, COM COMPRESSOR DE AR REBOCÁVEL VAZÃO 89 PCM E MOTOR DIESEL DE 20 CV - CHP DIURNO. AF_06/2015","CHP",18.059999999999999,"SINAPI","CUSTOS HORÁRIOS DE MÁQUINAS E EQUIPAMENTOS","CUSTO HORÁRIO PRODUTIVO DIURNO"]
[90674,"PERFURATRIZ COM TORRE METÁLICA PARA EXECUÇÃO DE ESTACA HÉLICE CONTÍNUA, PROFUNDIDADE MÁXIMA DE 30 M, DIÂMETRO MÁXIMO DE 800 MM, POTÊNCIA INSTALADA DE 268 HP, MESA ROTATIVA COM TORQUE MÁXIMO DE 170 KNM - CHP DIURNO. AF_06/2015","CHP",447.96,"SINAPI","CUSTOS HORÁRIOS DE MÁQUINAS E EQUIPAMENTOS","CUSTO HORÁRIO PRODUTIVO DIURNO"]
[90680,"PERFURATRIZ HIDRÁULICA SOBRE CAMINHÃO COM TRADO CURTO ACOPLADO, PROFUNDIDADE MÁXIMA DE 20 M, DIÂMETRO MÁXIMO DE 1500 MM, POTÊNCIA INSTALADA DE 137 HP, MESA ROTATIVA COM TORQUE MÁXIMO DE 30 KNM - CHP DIURNO. AF_06/2015","CHP",247.75,"SINAPI","CUSTOS HORÁRIOS DE MÁQUINAS E EQUIPAMENTOS","CUSTO HORÁRIO PRODUTIVO DIURNO"]
[90686,"MANIPULADOR TELESCÓPICO, POTÊNCIA DE 85 HP, CAPACIDADE DE CARGA DE 3.500 KG, ALTURA MÁXIMA DE ELEVAÇÃO DE 12,3 M - CHP DIURNO. AF_06/2015","CHP",130.66999999999999,"SINAPI","CUSTOS HORÁRIOS DE MÁQUINAS E EQUIPAMENTOS","CUSTO HORÁRIO PRODUTIVO DIURNO"]
[90692,"MINICARREGADEIRA SOBRE RODAS, POTÊNCIA LÍQUIDA DE 47 HP, CAPACIDADE NOMINAL DE OPERAÇÃO DE 646 KG - CHP DIURNO. AF_06/2015","CHP",82.31,"SINAPI","CUSTOS HORÁRIOS DE MÁQUINAS E EQUIPAMENTOS","CUSTO HORÁRIO PRODUTIVO DIURNO"]
[90964,"COMPRESSOR DE AR REBOCÁVEL, VAZÃO 89 PCM, PRESSÃO EFETIVA DE TRABALHO 102 PSI, MOTOR DIESEL, POTÊNCIA 20 CV - CHP DIURNO. AF_06/2015","CHP",17.16,"SINAPI","CUSTOS HORÁRIOS DE MÁQUINAS E EQUIPAMENTOS","CUSTO HORÁRIO PRODUTIVO DIURNO"]
[90972,"COMPRESSOR DE AR REBOCAVEL, VAZÃO 250 PCM, PRESSAO DE TRABALHO 102 PSI, MOTOR A DIESEL POTÊNCIA 81 CV - CHP DIURNO. AF_06/2015","CHP",45.72,"SINAPI","CUSTOS HORÁRIOS DE MÁQUINAS E EQUIPAMENTOS","CUSTO HORÁRIO PRODUTIVO DIURNO"]
[90979,"COMPRESSOR DE AR REBOCÁVEL, VAZÃO 748 PCM, PRESSÃO EFETIVA DE TRABALHO 102 PSI, MOTOR DIESEL, POTÊNCIA 210 CV - CHP DIURNO. AF_06/2015","CHP",118.13,"SINAPI","CUSTOS HORÁRIOS DE MÁQUINAS E EQUIPAMENTOS","CUSTO HORÁRIO PRODUTIVO DIURNO"]
[90991,"ESCAVADEIRA HIDRÁULICA SOBRE ESTEIRAS, CAÇAMBA 0,80 M3, PESO OPERACIONAL 17,8 T, POTÊNCIA LÍQUIDA 110 HP - CHP DIURNO. AF_10/2014","CHP",136.91999999999999,"SINAPI","CUSTOS HORÁRIOS DE MÁQUINAS E EQUIPAMENTOS","CUSTO HORÁRIO PRODUTIVO DIURNO"]
[90999,"COMPRESSOR DE AR REBOCAVEL, VAZÃO 400 PCM, PRESSAO DE TRABALHO 102 PSI, MOTOR A DIESEL POTÊNCIA 110 CV - CHP DIURNO. AF_06/2015","CHP",60.73,"SINAPI","CUSTOS HORÁRIOS DE MÁQUINAS E EQUIPAMENTOS","CUSTO HORÁRIO PRODUTIVO DIURNO"]
[91031,"CAMINHÃO TRUCADO (C/ TERCEIRO EIXO) ELETRÔNICO - POTÊNCIA 231CV - PBT = 22000KG - DIST. ENTRE EIXOS 5170 MM - INCLUI CARROCERIA FIXA ABERTA DE MADEIRA - CHP DIURNO. AF_06/2015","CHP",166.93,"SINAPI","CUSTOS HORÁRIOS DE MÁQUINAS E EQUIPAMENTOS","CUSTO HORÁRIO PRODUTIVO DIURNO"]
[91277,"PLACA VIBRATÓRIA REVERSÍVEL COM MOTOR 4 TEMPOS A GASOLINA, FORÇA CENTRÍFUGA DE 25 KN (2500 KGF), POTÊNCIA 5,5 CV - CHP DIURNO. AF_08/2015","CHP",4.4800000000000004,"SINAPI","CUSTOS HORÁRIOS DE MÁQUINAS E EQUIPAMENTOS","CUSTO HORÁRIO PRODUTIVO DIURNO"]
[91283,"CORTADORA DE PISO COM MOTOR 4 TEMPOS A GASOLINA, POTÊNCIA DE 13 HP, COM DISCO DE CORTE DIAMANTADO SEGMENTADO PARA CONCRETO, DIÂMETRO DE 350 MM, FURO DE 1\" (14 X 1\") - CHP DIURNO. AF_08/2015","CHP",9.36,"SINAPI","CUSTOS HORÁRIOS DE MÁQUINAS E EQUIPAMENTOS","CUSTO HORÁRIO PRODUTIVO DIURNO"]
[91386,"CAMINHÃO BASCULANTE 10 M3, TRUCADO CABINE SIMPLES, PESO BRUTO TOTAL 23.000 KG, CARGA ÚTIL MÁXIMA 15.935 KG, DISTÂNCIA ENTRE EIXOS 4,80 M, POTÊNCIA 230 CV INCLUSIVE CAÇAMBA METÁLICA - CHP DIURNO. AF_06/2014","CHP",175.17,"SINAPI","CUSTOS HORÁRIOS DE MÁQUINAS E EQUIPAMENTOS","CUSTO HORÁRIO PRODUTIVO DIURNO"]
[91533,"COMPACTADOR DE SOLOS DE PERCUSSÃO (SOQUETE) COM MOTOR A GASOLINA 4 TEMPOS, POTÊNCIA 4 CV - CHP DIURNO. AF_08/2015","CHP",26.6,"SINAPI","CUSTOS HORÁRIOS DE MÁQUINAS E EQUIPAMENTOS","CUSTO HORÁRIO PRODUTIVO DIURNO"]
[91634,"GUINDAUTO HIDRÁULICO, CAPACIDADE MÁXIMA DE CARGA 6500 KG, MOMENTO MÁXIMO DE CARGA 5,8 TM, ALCANCE MÁXIMO HORIZONTAL 7,60 M, INCLUSIVE CAMINHÃO TOCO PBT 9.700 KG, POTÊNCIA DE 160 CV - CHP DIURNO. AF_08/2015","CHP",128.1,"SINAPI","CUSTOS HORÁRIOS DE MÁQUINAS E EQUIPAMENTOS","CUSTO HORÁRIO PRODUTIVO DIURNO"]
[91645,"CAMINHÃO DE TRANSPORTE DE MATERIAL ASFÁLTICO 30.000 L, COM CAVALO MECÂNICO DE CAPACIDADE MÁXIMA DE TRAÇÃO COMBINADO DE 66.000 KG, POTÊNCIA 360 CV, INCLUSIVE TANQUE DE ASFALTO COM SERPENTINA - CHP DIURNO. AF_08/2015","CHP",257.43,"SINAPI","CUSTOS HORÁRIOS DE MÁQUINAS E EQUIPAMENTOS","CUSTO HORÁRIO PRODUTIVO DIURNO"]
[91692,"SERRA CIRCULAR DE BANCADA COM MOTOR ELÉTRICO POTÊNCIA DE 5HP, COM COIFA PARA DISCO 10\" - CHP DIURNO. AF_08/2015","CHP",24.87,"SINAPI","CUSTOS HORÁRIOS DE MÁQUINAS E EQUIPAMENTOS","CUSTO HORÁRIO PRODUTIVO DIURNO"]
[92043,"DISTRIBUIDOR DE AGREGADOS REBOCAVEL, CAPACIDADE 1,9 M³, LARGURA DE TRABALHO 3,66 M - CHP DIURNO. AF_11/2015","CHP",8.39,"SINAPI","CUSTOS HORÁRIOS DE MÁQUINAS E EQUIPAMENTOS","CUSTO HORÁRIO PRODUTIVO DIURNO"]
[92106,"CAMINHÃO PARA EQUIPAMENTO DE LIMPEZA A SUCÇÃO, COM CAMINHÃO TRUCADO DE PESO BRUTO TOTAL 23000 KG, CARGA ÚTIL MÁXIMA 15935 KG, DISTÂNCIA ENTRE EIXOS 4,80 M, POTÊNCIA 230 CV, INCLUSIVE LIMPADORA A SUCÇÃO, TANQUE 12000 L - CHP DIURNO. AF_11/2015","CHP",176.65,"SINAPI","CUSTOS HORÁRIOS DE MÁQUINAS E EQUIPAMENTOS","CUSTO HORÁRIO PRODUTIVO DIURNO"]
[92112,"PENEIRA ROTATIVA COM MOTOR ELÉTRICO TRIFÁSICO DE 2 CV, CILINDRO DE 1 M X 0,60 M, COM FUROS DE 3,17 MM - CHP DIURNO. AF_11/2015","CHP",2.02,"SINAPI","CUSTOS HORÁRIOS DE MÁQUINAS E EQUIPAMENTOS","CUSTO HORÁRIO PRODUTIVO DIURNO"]
[92118,"DOSADOR DE AREIA, CAPACIDADE DE 26 LITROS - CHP DIURNO. AF_11/2015","CHP",0.15,"SINAPI","CUSTOS HORÁRIOS DE MÁQUINAS E EQUIPAMENTOS","CUSTO HORÁRIO PRODUTIVO DIURNO"]
[92138,"CAMINHONETE COM MOTOR A DIESEL, POTÊNCIA 180 CV, CABINE DUPLA, 4X4 - CHP DIURNO. AF_11/2015","CHP",125.05,"SINAPI","CUSTOS HORÁRIOS DE MÁQUINAS E EQUIPAMENTOS","CUSTO HORÁRIO PRODUTIVO DIURNO"]
[92145,"CAMINHONETE CABINE SIMPLES COM MOTOR 1.6 FLEX, CÂMBIO MANUAL, POTÊNCIA 101/104 CV, 2 PORTAS - CHP DIURNO. AF_11/2015","CHP",88.86,"SINAPI","CUSTOS HORÁRIOS DE MÁQUINAS E EQUIPAMENTOS","CUSTO HORÁRIO PRODUTIVO DIURNO"]
[92242,"CAMINHÃO DE TRANSPORTE DE MATERIAL ASFÁLTICO 20.000 L, COM CAVALO MECÂNICO DE CAPACIDADE MÁXIMA DE TRAÇÃO COMBINADO DE 45.000 KG, POTÊNCIA 330 CV, INCLUSIVE TANQUE DE ASFALTO COM MAÇARICO - CHP DIURNO. AF_12/2015","CHP",226.5,"SINAPI","CUSTOS HORÁRIOS DE MÁQUINAS E EQUIPAMENTOS","CUSTO HORÁRIO PRODUTIVO DIURNO"]
[92716,"APARELHO PARA CORTE E SOLDA OXI-ACETILENO SOBRE RODAS, INCLUSIVE CILINDROS E MAÇARICOS - CHP DIURNO. AF_12/2015","CHP",16.670000000000002,"SINAPI","CUSTOS HORÁRIOS DE MÁQUINAS E EQUIPAMENTOS","CUSTO HORÁRIO PRODUTIVO DIURNO"]
[92960,"MÁQUINA EXTRUSORA DE CONCRETO PARA GUIAS E SARJETAS, MOTOR A DIESEL, POTÊNCIA 14 CV - CHP DIURNO. AF_12/2015","CHP",18.14,"SINAPI","CUSTOS HORÁRIOS DE MÁQUINAS E EQUIPAMENTOS","CUSTO HORÁRIO PRODUTIVO DIURNO"]
[92966,"MARTELO PERFURADOR PNEUMÁTICO MANUAL, HASTE 25 X 75 MM, 21 KG - CHP DIURNO. AF_12/2015","CHP",21.58,"SINAPI","CUSTOS HORÁRIOS DE MÁQUINAS E EQUIPAMENTOS","CUSTO HORÁRIO PRODUTIVO DIURNO"]
[93224,"PERFURATRIZ COM TORRE METÁLICA PARA EXECUÇÃO DE ESTACA HÉLICE CONTÍNUA, PROFUNDIDADE MÁXIMA DE 32 M, DIÂMETRO MÁXIMO DE 1000 MM, POTÊNCIA INSTALADA DE 350 HP, MESA ROTATIVA COM TORQUE MÁXIMO DE 263 KNM - CHP DIURNO. AF_01/2016","CHP",652.44000000000005,"SINAPI","CUSTOS HORÁRIOS DE MÁQUINAS E EQUIPAMENTOS","CUSTO HORÁRIO PRODUTIVO DIURNO"]
[93233,"BETONEIRA CAPACIDADE NOMINAL 400 L, CAPACIDADE DE MISTURA 310 L, MOTOR A GASOLINA POTÊNCIA 5,5 HP, SEM CARREGADOR - CHP DIURNO. AF_02/2016","CHP",3.9,"SINAPI","CUSTOS HORÁRIOS DE MÁQUINAS E EQUIPAMENTOS","CUSTO HORÁRIO PRODUTIVO DIURNO"]
[93272,"GRUA ASCENSIONAL, LANCA DE 30 M, CAPACIDADE DE 1,0 T A 30 M, ALTURA ATE 39 M - CHP DIURNO. AF_03/2016","CHP",81.709999999999994,"SINAPI","CUSTOS HORÁRIOS DE MÁQUINAS E EQUIPAMENTOS","CUSTO HORÁRIO PRODUTIVO DIURNO"]
[93281,"GUINCHO ELÉTRICO DE COLUNA, CAPACIDADE 400 KG, COM MOTO FREIO, MOTOR TRIFÁSICO DE 1,25 CV - CHP DIURNO. AF_03/2016","CHP",23.17,"SINAPI","CUSTOS HORÁRIOS DE MÁQUINAS E EQUIPAMENTOS","CUSTO HORÁRIO PRODUTIVO DIURNO"]
[93287,"GUINDASTE HIDRÁULICO AUTOPROPELIDO, COM LANÇA TELESCÓPICA 40 M, CAPACIDADE MÁXIMA 60 T, POTÊNCIA 260 KW - CHP DIURNO. AF_03/2016","CHP",326.12,"SINAPI","CUSTOS HORÁRIOS DE MÁQUINAS E EQUIPAMENTOS","CUSTO HORÁRIO PRODUTIVO DIURNO"]
[93402,"GUINDAUTO HIDRÁULICO, CAPACIDADE MÁXIMA DE CARGA 3300 KG, MOMENTO MÁXIMO DE CARGA 5,8 TM, ALCANCE MÁXIMO HORIZONTAL 7,60 M, INCLUSIVE CAMINHÃO TOCO PBT 16.000 KG, POTÊNCIA DE 189 CV - CHP DIURNO. AF_03/2016","CHP",141.66,"SINAPI","CUSTOS HORÁRIOS DE MÁQUINAS E EQUIPAMENTOS","CUSTO HORÁRIO PRODUTIVO DIURNO"]
[93408,"MÁQUINA JATO DE PRESSAO PORTÁTIL PARA JATEAMENTO, CONTROLE AUTOMATICO REMOTO, CAMARA DE 1 SAIDA, CAPACIDADE 280 L, DIAMETRO 670 MM, BICO DE JATO CURTO VENTURI DE 5/16\u0094, MANGUEIRA DE 1\u0094 COM COMPRESSOR DE AR REBOCÁVEL VAZÃO 189 PCM E MOTOR DIESEL DE 63 CV- CHP DIURNO. AF_03/2016","CHP",65.73,"SINAPI","CUSTOS HORÁRIOS DE MÁQUINAS E EQUIPAMENTOS","CUSTO HORÁRIO PRODUTIVO DIURNO"]
[93415,"GERADOR PORTÁTIL MONOFÁSICO, POTÊNCIA 5500 VA, MOTOR A GASOLINA, POTÊNCIA DO MOTOR 13 CV - CHP DIURNO. AF_03/2016","CHP",8.25,"SINAPI","CUSTOS HORÁRIOS DE MÁQUINAS E EQUIPAMENTOS","CUSTO HORÁRIO PRODUTIVO DIURNO"]
[93421,"GRUPO GERADOR REBOCÁVEL, POTÊNCIA 66 KVA, MOTOR A DIESEL - CHP DIURNO. AF_03/2016","CHP",42.3,"SINAPI","CUSTOS HORÁRIOS DE MÁQUINAS E EQUIPAMENTOS","CUSTO HORÁRIO PRODUTIVO DIURNO"]
[93427,"GRUPO GERADOR ESTACIONÁRIO, POTÊNCIA 150 KVA, MOTOR A DIESEL- CHP DIURNO. AF_03/2016","CHP",96.41,"SINAPI","CUSTOS HORÁRIOS DE MÁQUINAS E EQUIPAMENTOS","CUSTO HORÁRIO PRODUTIVO DIURNO"]
[93433,"USINA DE MISTURA ASFÁLTICA À QUENTE, TIPO CONTRA FLUXO, PROD 40 A 80 TON/HORA - CHP DIURNO. AF_03/2016","CHP",1962.72,"SINAPI","CUSTOS HORÁRIOS DE MÁQUINAS E EQUIPAMENTOS","CUSTO HORÁRIO PRODUTIVO DIURNO"]
[93439,"USINA DE ASFALTO À FRIO, CAPACIDADE DE 40 A 60 TON/HORA, ELÉTRICA POTÊNCIA 30 CV - CHP DIURNO. AF_03/2016","CHP",114.14,"SINAPI","CUSTOS HORÁRIOS DE MÁQUINAS E EQUIPAMENTOS","CUSTO HORÁRIO PRODUTIVO DIURNO"]
[95121,"USINA MISTURADORA DE SOLOS, CAPACIDADE DE 200 A 500 TON/H, POTENCIA 75KW - CHP DIURNO. AF_07/2016","CHP",214.88,"SINAPI","CUSTOS HORÁRIOS DE MÁQUINAS E EQUIPAMENTOS","CUSTO HORÁRIO PRODUTIVO DIURNO"]
[95127,"DISTRIBUIDOR DE AGREGADOS AUTOPROPELIDO, CAP 3 M3, A DIESEL, POTÊNCIA 176CV - CHP DIURNO. AF_07/2016","CHP",132.07,"SINAPI","CUSTOS HORÁRIOS DE MÁQUINAS E EQUIPAMENTOS","CUSTO HORÁRIO PRODUTIVO DIURNO"]
[95133,"MÁQUINA DEMARCADORA DE FAIXA DE TRÁFEGO À FRIO, AUTOPROPELIDA, POTÊNCIA 38 HP - CHP DIURNO. AF_07/2016","CHP",105.28,"SINAPI","CUSTOS HORÁRIOS DE MÁQUINAS E EQUIPAMENTOS","CUSTO HORÁRIO PRODUTIVO DIURNO"]
[95139,"TALHA MANUAL DE CORRENTE, CAPACIDADE DE 2 TON. COM ELEVAÇÃO DE 3 M - CHP DIURNO. AF_07/2016","CHP",0.06,"SINAPI","CUSTOS HORÁRIOS DE MÁQUINAS E EQUIPAMENTOS","CUSTO HORÁRIO PRODUTIVO DIURNO"]
[95212,"GRUA ASCENCIONAL, LANCA DE 42 M, CAPACIDADE DE 1,5 T A 30 M, ALTURA ATE 39 M - CHP DIURNO. AF_08/2016","CHP",88.75,"SINAPI","CUSTOS HORÁRIOS DE MÁQUINAS E EQUIPAMENTOS","CUSTO HORÁRIO PRODUTIVO DIURNO"]
[95218,"PULVERIZADOR DE TINTA ELÉTRICO/MÁQUINA DE PINTURA AIRLESS, VAZÃO 2 L/MIN - CHP DIURNO. AF_08/2016","CHP",24.37,"SINAPI","CUSTOS HORÁRIOS DE MÁQUINAS E EQUIPAMENTOS","CUSTO HORÁRIO PRODUTIVO DIURNO"]
[95258,"MARTELO DEMOLIDOR PNEUMÁTICO MANUAL, 32 KG - CHP DIURNO. AF_09/2016","CHP",21.2,"SINAPI","CUSTOS HORÁRIOS DE MÁQUINAS E EQUIPAMENTOS","CUSTO HORÁRIO PRODUTIVO DIURNO"]
[95264,"COMPACTADOR DE SOLOS DE PERCUSÃO (SOQUETE) COM MOTOR A GASOLINA, POTÊNCIA 3 CV - CHP DIURNO. AF_09/2016","CHP",3.52,"SINAPI","CUSTOS HORÁRIOS DE MÁQUINAS E EQUIPAMENTOS","CUSTO HORÁRIO PRODUTIVO DIURNO"]
[95270,"RÉGUA VIBRATÓRIA DUPLA PARA CONCRETO, PESO DE 60KG, COMPRIMENTO 4 M, COM MOTOR A GASOLINA, POTÊNCIA 5,5 HP - CHP DIURNO. AF_09/2016","CHP",4.28,"SINAPI","CUSTOS HORÁRIOS DE MÁQUINAS E EQUIPAMENTOS","CUSTO HORÁRIO PRODUTIVO DIURNO"]
[95276,"POLIDORA DE PISO (POLITRIZ), PESO DE 100KG, DIÂMETRO 450 MM, MOTOR ELÉTRICO, POTÊNCIA 4 HP - CHP DIURNO. AF_09/2016","CHP",2.62,"SINAPI","CUSTOS HORÁRIOS DE MÁQUINAS E EQUIPAMENTOS","CUSTO HORÁRIO PRODUTIVO DIURNO"]
[95282,"DESEMPENADEIRA DE CONCRETO, PESO DE 75KG, 4 PÁS, MOTOR A GASOLINA, POTÊNCIA 5,5 HP - CHP DIURNO. AF_09/2016","CHP",4.26,"SINAPI","CUSTOS HORÁRIOS DE MÁQUINAS E EQUIPAMENTOS","CUSTO HORÁRIO PRODUTIVO DIURNO"]
[95620,"PERFURATRIZ PNEUMATICA MANUAL DE PESO MEDIO, MARTELETE, 18KG, COMPRIMENTO MÁXIMO DE CURSO DE 6 M, DIAMETRO DO PISTAO DE 5,5 CM - CHP DIURNO. AF_11/2016","CHP",20.81,"SINAPI","CUSTOS HORÁRIOS DE MÁQUINAS E EQUIPAMENTOS","CUSTO HORÁRIO PRODUTIVO DIURNO"]
[95631,"ROLO COMPACTADOR VIBRATORIO TANDEM, ACO LISO, POTENCIA 125 HP, PESO SEM/COM LASTRO 10,20/11,65 T, LARGURA DE TRABALHO 1,73 M - CHP DIURNO. AF_11/2016","CHP",132.35,"SINAPI","CUSTOS HORÁRIOS DE MÁQUINAS E EQUIPAMENTOS","CUSTO HORÁRIO PRODUTIVO DIURNO"]
[95702,"PERFURATRIZ MANUAL, TORQUE MAXIMO 55 KGF.M, POTENCIA 5 CV, COM DIAMETRO MAXIMO 8 1/2\" - CHP DIURNO. AF_11/2016","CHP",32.35,"SINAPI","CUSTOS HORÁRIOS DE MÁQUINAS E EQUIPAMENTOS","CUSTO HORÁRIO PRODUTIVO DIURNO"]
[95708,"PERFURATRIZ SOBRE ESTEIRA, TORQUE MÁXIMO 600 KGF, POTÊNCIA ENTRE 50 E 60 HP, DIÂMETRO MÁXIMO 10\u0094 - CHP DIURNO. AF_11/2016","CHP",109.91,"SINAPI","CUSTOS HORÁRIOS DE MÁQUINAS E EQUIPAMENTOS","CUSTO HORÁRIO PRODUTIVO DIURNO"]
[95714,"ESCAVADEIRA HIDRAULICA SOBRE ESTEIRA, COM GARRA GIRATORIA DE MANDIBULAS, PESO OPERACIONAL ENTRE 22,00 E 25,50 TON, POTENCIA LIQUIDA ENTRE 150 E 160 HP - CHP DIURNO. AF_11/2016","CHP",172.16,"SINAPI","CUSTOS HORÁRIOS DE MÁQUINAS E EQUIPAMENTOS","CUSTO HORÁRIO PRODUTIVO DIURNO"]
[95720,"ESCAVADEIRA HIDRAULICA SOBRE ESTEIRA, EQUIPADA COM CLAMSHELL, COM CAPACIDADE DA CAÇAMBA ENTRE 1,20 E 1,50 M3, PESO OPERACIONAL ENTRE 20,00 E 22,00 TON, POTENCIA LIQUIDA ENTRE 150 E 160 HP - CHP DIURNO. AF_11/2016","CHP",169.37,"SINAPI","CUSTOS HORÁRIOS DE MÁQUINAS E EQUIPAMENTOS","CUSTO HORÁRIO PRODUTIVO DIURNO"]
[95872,"GRUPO GERADOR COM CARENAGEM, MOTOR DIESEL POTÊNCIA STANDART ENTRE 250 E 260 KVA - CHP DIURNO. AF_12/2016","CHP",163.54,"SINAPI","CUSTOS HORÁRIOS DE MÁQUINAS E EQUIPAMENTOS","CUSTO HORÁRIO PRODUTIVO DIURNO"]
[96013,"TRATOR DE PNEUS COM POTÊNCIA DE 122 CV, TRAÇÃO 4X4, COM VASSOURA MECÂNICA ACOPLADA - CHP DIURNO. AF_02/2017","CHP",107.63,"SINAPI","CUSTOS HORÁRIOS DE MÁQUINAS E EQUIPAMENTOS","CUSTO HORÁRIO PRODUTIVO DIURNO"]
[96020,"TRATOR DE PNEUS COM POTÊNCIA DE 122 CV, TRAÇÃO 4X4, COM GRADE DE DISCOS ACOPLADA - CHP DIURNO. AF_02/2017","CHP",107.38,"SINAPI","CUSTOS HORÁRIOS DE MÁQUINAS E EQUIPAMENTOS","CUSTO HORÁRIO PRODUTIVO DIURNO"]
[96028,"TRATOR DE PNEUS COM POTÊNCIA DE 85 CV, TRAÇÃO 4X4, COM GRADE DE DISCOS ACOPLADA - CHP DIURNO. AF_02/2017","CHP",84.09,"SINAPI","CUSTOS HORÁRIOS DE MÁQUINAS E EQUIPAMENTOS","CUSTO HORÁRIO PRODUTIVO DIURNO"]
[96035,"CAMINHÃO BASCULANTE 10 M3, TRUCADO, POTÊNCIA 230 CV, INCLUSIVE CAÇAMBA METÁLICA, COM DISTRIBUIDOR DE AGREGADOS ACOPLADO - CHP DIURNO. AF_02/2017","CHP",182.72,"SINAPI","CUSTOS HORÁRIOS DE MÁQUINAS E EQUIPAMENTOS","CUSTO HORÁRIO PRODUTIVO DIURNO"]
[96157,"TRATOR DE PNEUS COM POTÊNCIA DE 85 CV, TRAÇÃO 4X4, COM VASSOURA MECÂNICA ACOPLADA - CHP DIURNO. AF_03/2017","CHP",84.34,"SINAPI","CUSTOS HORÁRIOS DE MÁQUINAS E EQUIPAMENTOS","CUSTO HORÁRIO PRODUTIVO DIURNO"]
[96158,"MINICARREGADEIRA SOBRE RODAS POTENCIA 47HP CAPACIDADE OPERACAO 646 KG, COM VASSOURA MECÂNICA ACOPLADA - CHP DIURNO. AF_03/2017","CHP",89.17,"SINAPI","CUSTOS HORÁRIOS DE MÁQUINAS E EQUIPAMENTOS","CUSTO HORÁRIO PRODUTIVO DIURNO"]
[96245,"MINIESCAVADEIRA SOBRE ESTEIRAS, POTENCIA LIQUIDA DE *30* HP, PESO OPERACIONAL DE *3.500* KG - CHP DIURNO. AF_04/2017","CHP",74.28,"SINAPI","CUSTOS HORÁRIOS DE MÁQUINAS E EQUIPAMENTOS","CUSTO HORÁRIO PRODUTIVO DIURNO"]
[96303,"PERFURATRIZ ROTATIVA SOBRE ESTEIRA, TORQUE MAXIMO 2500 KGM, POTENCIA 110 HP, MOTOR DIESEL- CHP DIURNO. AF_05/2017","CHP",171.9,"SINAPI","CUSTOS HORÁRIOS DE MÁQUINAS E EQUIPAMENTOS","CUSTO HORÁRIO PRODUTIVO DIURNO"]
[96309,"COMPRESSOR DE AR, VAZAO DE 10 PCM, RESERVATORIO 100 L, PRESSAO DE TRABALHO ENTRE 6,9 E 9,7 BAR, POTENCIA 2 HP, TENSAO 110/220 V - CHP DIURNO. AF_05/2017","CHP",1.19,"SINAPI","CUSTOS HORÁRIOS DE MÁQUINAS E EQUIPAMENTOS","CUSTO HORÁRIO PRODUTIVO DIURNO"]
[96463,"ROLO COMPACTADOR DE PNEUS, ESTATICO, PRESSAO VARIAVEL, POTENCIA 110 HP, PESO SEM/COM LASTRO 10,8/27 T, LARGURA DE ROLAGEM 2,30 M - CHP DIURNO. AF_06/2017","CHP",131.28,"SINAPI","CUSTOS HORÁRIOS DE MÁQUINAS E EQUIPAMENTOS","CUSTO HORÁRIO PRODUTIVO DIURNO"]
[98764,"INVERSOR DE SOLDA MONOFÁSICO DE 160 A, POTÊNCIA DE 5400 W, TENSÃO DE 220 V, PARA SOLDA COM ELETRODOS DE 2,0 A 4,0 MM E PROCESSO TIG - CHP DIURNO. AF_06/2018","CHP",3.46,"SINAPI","CUSTOS HORÁRIOS DE MÁQUINAS E EQUIPAMENTOS","CUSTO HORÁRIO PRODUTIVO DIURNO"]
[99833,"LAVADORA DE ALTA PRESSAO (LAVA-JATO) PARA AGUA FRIA, PRESSAO DE OPERACAO ENTRE 1400 E 1900 LIB/POL2, VAZAO MAXIMA ENTRE 400 E 700 L/H - CHP DIURNO. AF_04/2019","CHP",1.1599999999999999,"SINAPI","CUSTOS HORÁRIOS DE MÁQUINAS E EQUIPAMENTOS","CUSTO HORÁRIO PRODUTIVO DIURNO"]
[5632,"ESCAVADEIRA HIDRÁULICA SOBRE ESTEIRAS, CAÇAMBA 0,80 M3, PESO OPERACIONAL 17 T, POTENCIA BRUTA 111 HP - CHI DIURNO. AF_06/2014","CHI",55.96,"SINAPI","CUSTOS HORÁRIOS DE MÁQUINAS E EQUIPAMENTOS","CUSTO HORÁRIO IMPRODUTIVO DIURNO"]
[5679,"RETROESCAVADEIRA SOBRE RODAS COM CARREGADEIRA, TRAÇÃO 4X4, POTÊNCIA LÍQ. 88 HP, CAÇAMBA CARREG. CAP. MÍN. 1 M3, CAÇAMBA RETRO CAP. 0,26 M3, PESO OPERACIONAL MÍN. 6.674 KG, PROFUNDIDADE ESCAVAÇÃO MÁX. 4,37 M - CHI DIURNO. AF_06/2014","CHI",42.11,"SINAPI","CUSTOS HORÁRIOS DE MÁQUINAS E EQUIPAMENTOS","CUSTO HORÁRIO IMPRODUTIVO DIURNO"]
[5681,"RETROESCAVADEIRA SOBRE RODAS COM CARREGADEIRA, TRAÇÃO 4X2, POTÊNCIA LÍQ. 79 HP, CAÇAMBA CARREG. CAP. MÍN. 1 M3, CAÇAMBA RETRO CAP. 0,20 M3, PESO OPERACIONAL MÍN. 6.570 KG, PROFUNDIDADE ESCAVAÇÃO MÁX. 4,37 M - CHI DIURNO. AF_06/2014","CHI",40.11,"SINAPI","CUSTOS HORÁRIOS DE MÁQUINAS E EQUIPAMENTOS","CUSTO HORÁRIO IMPRODUTIVO DIURNO"]
[5685,"ROLO COMPACTADOR VIBRATÓRIO DE UM CILINDRO AÇO LISO, POTÊNCIA 80 HP, PESO OPERACIONAL MÁXIMO 8,1 T, IMPACTO DINÂMICO 16,15 / 9,5 T, LARGURA DE TRABALHO 1,68 M - CHI DIURNO. AF_06/2014","CHI",36.15,"SINAPI","CUSTOS HORÁRIOS DE MÁQUINAS E EQUIPAMENTOS","CUSTO HORÁRIO IMPRODUTIVO DIURNO"]
[5690,"GRADE DE DISCO CONTROLE REMOTO REBOCÁVEL, COM 24 DISCOS 24\u0094 X 6 MM COM PNEUS PARA TRANSPORTE - CHI DIURNO. AF_06/2014","CHI",2.15,"SINAPI","CUSTOS HORÁRIOS DE MÁQUINAS E EQUIPAMENTOS","CUSTO HORÁRIO IMPRODUTIVO DIURNO"]
[5806,"MOTOBOMBA CENTRÍFUGA, MOTOR A GASOLINA, POTÊNCIA 5,42 HP, BOCAIS 1 1/2\" X 1\", DIÂMETRO ROTOR 143 MM HM/Q = 6 MCA / 16,8 M3/H A 38 MCA / 6,6 M3/H - CHI DIURNO. AF_06/2014","CHI",0.14000000000000001,"SINAPI","CUSTOS HORÁRIOS DE MÁQUINAS E EQUIPAMENTOS","CUSTO HORÁRIO IMPRODUTIVO DIURNO"]
[5826,"CAMINHÃO TOCO, PBT 16.000 KG, CARGA ÚTIL MÁX. 10.685 KG, DIST. ENTRE EIXOS 4,8 M, POTÊNCIA 189 CV, INCLUSIVE CARROCERIA FIXA ABERTA DE MADEIRA P/ TRANSPORTE GERAL DE CARGA SECA, DIMEN. APROX. 2,5 X 7,00 X 0,50 M - CHI DIURNO. AF_06/2014","CHI",32.1,"SINAPI","CUSTOS HORÁRIOS DE MÁQUINAS E EQUIPAMENTOS","CUSTO HORÁRIO IMPRODUTIVO DIURNO"]
[5829,"USINA DE CONCRETO FIXA, CAPACIDADE NOMINAL DE 90 A 120 M3/H, SEM SILO - CHI DIURNO. AF_07/2016","CHI",128.19,"SINAPI","CUSTOS HORÁRIOS DE MÁQUINAS E EQUIPAMENTOS","CUSTO HORÁRIO IMPRODUTIVO DIURNO"]
[5837,"VIBROACABADORA DE ASFALTO SOBRE ESTEIRAS, LARGURA DE PAVIMENTAÇÃO 1,90 M A 5,30 M, POTÊNCIA 105 HP CAPACIDADE 450 T/H - CHI DIURNO. AF_11/2014","CHI",103.26,"SINAPI","CUSTOS HORÁRIOS DE MÁQUINAS E EQUIPAMENTOS","CUSTO HORÁRIO IMPRODUTIVO DIURNO"]
[5841,"VASSOURA MECÂNICA REBOCÁVEL COM ESCOVA CILÍNDRICA, LARGURA ÚTIL DE VARRIMENTO DE 2,44 M - CHI DIURNO. AF_06/2014","CHI",2.46,"SINAPI","CUSTOS HORÁRIOS DE MÁQUINAS E EQUIPAMENTOS","CUSTO HORÁRIO IMPRODUTIVO DIURNO"]
[5845,"TRATOR DE PNEUS, POTÊNCIA 122 CV, TRAÇÃO 4X4, PESO COM LASTRO DE 4.510 KG - CHI DIURNO. AF_06/2014","CHI",35.81,"SINAPI","CUSTOS HORÁRIOS DE MÁQUINAS E EQUIPAMENTOS","CUSTO HORÁRIO IMPRODUTIVO DIURNO"]
[5849,"TRATOR DE ESTEIRAS, POTÊNCIA 170 HP, PESO OPERACIONAL 19 T, CAÇAMBA 5,2 M3 - CHI DIURNO. AF_06/2014","CHI",54.93,"SINAPI","CUSTOS HORÁRIOS DE MÁQUINAS E EQUIPAMENTOS","CUSTO HORÁRIO IMPRODUTIVO DIURNO"]
[5853,"TRATOR DE ESTEIRAS, POTÊNCIA 150 HP, PESO OPERACIONAL 16,7 T, COM RODA MOTRIZ ELEVADA E LÂMINA 3,18 M3 - CHI DIURNO. AF_06/2014","CHI",55.12,"SINAPI","CUSTOS HORÁRIOS DE MÁQUINAS E EQUIPAMENTOS","CUSTO HORÁRIO IMPRODUTIVO DIURNO"]
[5857,"TRATOR DE ESTEIRAS, POTÊNCIA 347 HP, PESO OPERACIONAL 38,5 T, COM LÂMINA 8,70 M3 - CHI DIURNO. AF_06/2014","CHI",126.35,"SINAPI","CUSTOS HORÁRIOS DE MÁQUINAS E EQUIPAMENTOS","CUSTO HORÁRIO IMPRODUTIVO DIURNO"]
[5865,"ROLO COMPACTADOR VIBRATÓRIO REBOCÁVEL, CILINDRO DE AÇO LISO, POTÊNCIA DE TRAÇÃO DE 65 CV, PESO 4,7 T, IMPACTO DINÂMICO 18,3 T, LARGURA DE TRABALHO 1,67 M - CHI DIURNO. AF_02/2016","CHI",5.63,"SINAPI","CUSTOS HORÁRIOS DE MÁQUINAS E EQUIPAMENTOS","CUSTO HORÁRIO IMPRODUTIVO DIURNO"]
[5869,"ROLO COMPACTADOR VIBRATÓRIO TANDEM AÇO LISO, POTÊNCIA 58 HP, PESO SEM/COM LASTRO 6,5 / 9,4 T, LARGURA DE TRABALHO 1,2 M - CHI DIURNO. AF_06/2014","CHI",40.409999999999997,"SINAPI","CUSTOS HORÁRIOS DE MÁQUINAS E EQUIPAMENTOS","CUSTO HORÁRIO IMPRODUTIVO DIURNO"]
[5877,"RETROESCAVADEIRA SOBRE RODAS COM CARREGADEIRA, TRAÇÃO 4X4, POTÊNCIA LÍQ. 72 HP, CAÇAMBA CARREG. CAP. MÍN. 0,79 M3, CAÇAMBA RETRO CAP. 0,18 M3, PESO OPERACIONAL MÍN. 7.140 KG, PROFUNDIDADE ESCAVAÇÃO MÁX. 4,50 M - CHI DIURNO. AF_06/2014","CHI",41.47,"SINAPI","CUSTOS HORÁRIOS DE MÁQUINAS E EQUIPAMENTOS","CUSTO HORÁRIO IMPRODUTIVO DIURNO"]
[5881,"ROLO COMPACTADOR VIBRATÓRIO PÉ DE CARNEIRO, OPERADO POR CONTROLE REMOTO, POTÊNCIA 12,5 KW, PESO OPERACIONAL 1,675 T, LARGURA DE TRABALHO 0,85 M - CHI DIURNO. AF_02/2016","CHI",42.98,"SINAPI","CUSTOS HORÁRIOS DE MÁQUINAS E EQUIPAMENTOS","CUSTO HORÁRIO IMPRODUTIVO DIURNO"]
[5884,"USINA DE LAMA ASFÁLTICA, PROD 30 A 50 T/H, SILO DE AGREGADO 7 M3, RESERVATÓRIOS PARA EMULSÃO E ÁGUA DE 2,3 M3 CADA, MISTURADOR TIPO PUG MILL A SER MONTADO SOBRE CAMINHÃO - CHI DIURNO. AF_10/2014","CHI",37,"SINAPI","CUSTOS HORÁRIOS DE MÁQUINAS E EQUIPAMENTOS","CUSTO HORÁRIO IMPRODUTIVO DIURNO"]
[5892,"CAMINHÃO TOCO, PESO BRUTO TOTAL 14.300 KG, CARGA ÚTIL MÁXIMA 9590 KG, DISTÂNCIA ENTRE EIXOS 4,76 M, POTÊNCIA 185 CV (NÃO INCLUI CARROCERIA) - CHI DIURNO. AF_06/2014","CHI",33.4,"SINAPI","CUSTOS HORÁRIOS DE MÁQUINAS E EQUIPAMENTOS","CUSTO HORÁRIO IMPRODUTIVO DIURNO"]
[5896,"CAMINHÃO TOCO, PESO BRUTO TOTAL 16.000 KG, CARGA ÚTIL MÁXIMA DE 10.685 KG, DISTÂNCIA ENTRE EIXOS 4,80 M, POTÊNCIA 189 CV EXCLUSIVE CARROCERIA - CHI DIURNO. AF_06/2014","CHI",31.29,"SINAPI","CUSTOS HORÁRIOS DE MÁQUINAS E EQUIPAMENTOS","CUSTO HORÁRIO IMPRODUTIVO DIURNO"]
[5903,"CAMINHÃO PIPA 10.000 L TRUCADO, PESO BRUTO TOTAL 23.000 KG, CARGA ÚTIL MÁXIMA 15.935 KG, DISTÂNCIA ENTRE EIXOS 4,8 M, POTÊNCIA 230 CV, INCLUSIVE TANQUE DE AÇO PARA TRANSPORTE DE ÁGUA - CHI DIURNO. AF_06/2014","CHI",39.090000000000003,"SINAPI","CUSTOS HORÁRIOS DE MÁQUINAS E EQUIPAMENTOS","CUSTO HORÁRIO IMPRODUTIVO DIURNO"]
[5911,"ESPARGIDOR DE ASFALTO PRESSURIZADO COM TANQUE DE 2500 L, REBOCÁVEL COM MOTOR A GASOLINA POTÊNCIA 3,4 HP - CHI DIURNO. AF_07/2014","CHI",19.93,"SINAPI","CUSTOS HORÁRIOS DE MÁQUINAS E EQUIPAMENTOS","CUSTO HORÁRIO IMPRODUTIVO DIURNO"]
[5923,"GRADE DE DISCO REBOCÁVEL COM 20 DISCOS 24\" X 6 MM COM PNEUS PARA TRANSPORTE - CHI DIURNO. AF_06/2014","CHI",1.68,"SINAPI","CUSTOS HORÁRIOS DE MÁQUINAS E EQUIPAMENTOS","CUSTO HORÁRIO IMPRODUTIVO DIURNO"]
[5930,"GUINDAUTO HIDRÁULICO, CAPACIDADE MÁXIMA DE CARGA 6200 KG, MOMENTO MÁXIMO DE CARGA 11,7 TM, ALCANCE MÁXIMO HORIZONTAL 9,70 M, INCLUSIVE CAMINHÃO TOCO PBT 16.000 KG, POTÊNCIA DE 189 CV - CHI DIURNO. AF_06/2014","CHI",36.82,"SINAPI","CUSTOS HORÁRIOS DE MÁQUINAS E EQUIPAMENTOS","CUSTO HORÁRIO IMPRODUTIVO DIURNO"]
[5934,"MOTONIVELADORA POTÊNCIA BÁSICA LÍQUIDA (PRIMEIRA MARCHA) 125 HP, PESO BRUTO 13032 KG, LARGURA DA LÂMINA DE 3,7 M - CHI DIURNO. AF_06/2014","CHI",56.82,"SINAPI","CUSTOS HORÁRIOS DE MÁQUINAS E EQUIPAMENTOS","CUSTO HORÁRIO IMPRODUTIVO DIURNO"]
[5942,"PÁ CARREGADEIRA SOBRE RODAS, POTÊNCIA LÍQUIDA 128 HP, CAPACIDADE DA CAÇAMBA 1,7 A 2,8 M3, PESO OPERACIONAL 11632 KG - CHI DIURNO. AF_06/2014","CHI",56.06,"SINAPI","CUSTOS HORÁRIOS DE MÁQUINAS E EQUIPAMENTOS","CUSTO HORÁRIO IMPRODUTIVO DIURNO"]
[5946,"PÁ CARREGADEIRA SOBRE RODAS, POTÊNCIA 197 HP, CAPACIDADE DA CAÇAMBA 2,5 A 3,5 M3, PESO OPERACIONAL 18338 KG - CHI DIURNO. AF_06/2014","CHI",67.31,"SINAPI","CUSTOS HORÁRIOS DE MÁQUINAS E EQUIPAMENTOS","CUSTO HORÁRIO IMPRODUTIVO DIURNO"]
[5952,"MARTELETE OU ROMPEDOR PNEUMÁTICO MANUAL, 28 KG, COM SILENCIADOR - CHI DIURNO. AF_07/2016","CHI",20.2,"SINAPI","CUSTOS HORÁRIOS DE MÁQUINAS E EQUIPAMENTOS","CUSTO HORÁRIO IMPRODUTIVO DIURNO"]
[5954,"COMPRESSOR DE AR REBOCÁVEL, VAZÃO 189 PCM, PRESSÃO EFETIVA DE TRABALHO 102 PSI, MOTOR DIESEL, POTÊNCIA 63 CV - CHI DIURNO. AF_06/2015","CHI",2.94,"SINAPI","CUSTOS HORÁRIOS DE MÁQUINAS E EQUIPAMENTOS","CUSTO HORÁRIO IMPRODUTIVO DIURNO"]
[5961,"CAMINHÃO BASCULANTE 6 M3, PESO BRUTO TOTAL 16.000 KG, CARGA ÚTIL MÁXIMA 13.071 KG, DISTÂNCIA ENTRE EIXOS 4,80 M, POTÊNCIA 230 CV INCLUSIVE CAÇAMBA METÁLICA - CHI DIURNO. AF_06/2014","CHI",37.57,"SINAPI","CUSTOS HORÁRIOS DE MÁQUINAS E EQUIPAMENTOS","CUSTO HORÁRIO IMPRODUTIVO DIURNO"]
[6260,"CAMINHÃO PIPA 6.000 L, PESO BRUTO TOTAL 13.000 KG, DISTÂNCIA ENTRE EIXOS 4,80 M, POTÊNCIA 189 CV INCLUSIVE TANQUE DE AÇO PARA TRANSPORTE DE ÁGUA, CAPACIDADE 6 M3 - CHI DIURNO. AF_06/2014","CHI",34.85,"SINAPI","CUSTOS HORÁRIOS DE MÁQUINAS E EQUIPAMENTOS","CUSTO HORÁRIO IMPRODUTIVO DIURNO"]
[6880,"ROLO COMPACTADOR DE PNEUS ESTÁTICO, PRESSÃO VARIÁVEL, POTÊNCIA 111 HP, PESO SEM/COM LASTRO 9,5 / 26 T, LARGURA DE TRABALHO 1,90 M - CHI DIURNO. AF_07/2014","CHI",46.66,"SINAPI","CUSTOS HORÁRIOS DE MÁQUINAS E EQUIPAMENTOS","CUSTO HORÁRIO IMPRODUTIVO DIURNO"]
[7031,"TANQUE DE ASFALTO ESTACIONÁRIO COM SERPENTINA, CAPACIDADE 30.000 L - CHI DIURNO. AF_06/2014","CHI",3.93,"SINAPI","CUSTOS HORÁRIOS DE MÁQUINAS E EQUIPAMENTOS","CUSTO HORÁRIO IMPRODUTIVO DIURNO"]
[7043,"MOTOBOMBA TRASH (PARA ÁGUA SUJA) AUTO ESCORVANTE, MOTOR GASOLINA DE 6,41 HP, DIÂMETROS DE SUCÇÃO X RECALQUE: 3\" X 3\", HM/Q = 10 MCA / 60 M3/H A 23 MCA / 0 M3/H - CHI DIURNO. AF_10/2014","CHI",0.17,"SINAPI","CUSTOS HORÁRIOS DE MÁQUINAS E EQUIPAMENTOS","CUSTO HORÁRIO IMPRODUTIVO DIURNO"]
[7050,"ROLO COMPACTADOR PE DE CARNEIRO VIBRATORIO, POTENCIA 125 HP, PESO OPERACIONAL SEM/COM LASTRO 11,95 / 13,30 T, IMPACTO DINAMICO 38,5 / 22,5 T, LARGURA DE TRABALHO 2,15 M - CHI DIURNO. AF_06/2014","CHI",43.36,"SINAPI","CUSTOS HORÁRIOS DE MÁQUINAS E EQUIPAMENTOS","CUSTO HORÁRIO IMPRODUTIVO DIURNO"]
[67827,"CAMINHÃO BASCULANTE 6 M3 TOCO, PESO BRUTO TOTAL 16.000 KG, CARGA ÚTIL MÁXIMA 11.130 KG, DISTÂNCIA ENTRE EIXOS 5,36 M, POTÊNCIA 185 CV, INCLUSIVE CAÇAMBA METÁLICA - CHI DIURNO. AF_06/2014","CHI",36.71,"SINAPI","CUSTOS HORÁRIOS DE MÁQUINAS E EQUIPAMENTOS","CUSTO HORÁRIO IMPRODUTIVO DIURNO"]
[73395,"GRUPO GERADOR ESTACIONÁRIO, MOTOR DIESEL POTÊNCIA 170 KVA - CHI DIURNO. AF_02/2016","CHI",4.5999999999999996,"SINAPI","CUSTOS HORÁRIOS DE MÁQUINAS E EQUIPAMENTOS","CUSTO HORÁRIO IMPRODUTIVO DIURNO"]
[83766,"GRUPO DE SOLDAGEM COM GERADOR A DIESEL 60 CV PARA SOLDA ELÉTRICA, SOBRE 04 RODAS, COM MOTOR 4 CILINDROS 600 A - CHI DIURNO. AF_02/2016","CHI",32,"SINAPI","CUSTOS HORÁRIOS DE MÁQUINAS E EQUIPAMENTOS","CUSTO HORÁRIO IMPRODUTIVO DIURNO"]
[84013,"ESCAVADEIRA HIDRÁULICA SOBRE ESTEIRAS, CAÇAMBA 0,80 M3, PESO OPERACIONAL 17,8 T, POTÊNCIA LÍQUIDA 110 HP - CHI DIURNO. AF_10/2014","CHI",54.49,"SINAPI","CUSTOS HORÁRIOS DE MÁQUINAS E EQUIPAMENTOS","CUSTO HORÁRIO IMPRODUTIVO DIURNO"]
[87446,"BETONEIRA CAPACIDADE NOMINAL 400 L, CAPACIDADE DE MISTURA 310 L, MOTOR A DIESEL POTÊNCIA 5,0 HP, SEM CARREGADOR - CHI DIURNO. AF_06/2014","CHI",0.31,"SINAPI","CUSTOS HORÁRIOS DE MÁQUINAS E EQUIPAMENTOS","CUSTO HORÁRIO IMPRODUTIVO DIURNO"]
[88392,"MISTURADOR DE ARGAMASSA, EIXO HORIZONTAL, CAPACIDADE DE MISTURA 300 KG, MOTOR ELÉTRICO POTÊNCIA 5 CV - CHI DIURNO. AF_06/2014","CHI",0.62,"SINAPI","CUSTOS HORÁRIOS DE MÁQUINAS E EQUIPAMENTOS","CUSTO HORÁRIO IMPRODUTIVO DIURNO"]
[88398,"MISTURADOR DE ARGAMASSA, EIXO HORIZONTAL, CAPACIDADE DE MISTURA 600 KG, MOTOR ELÉTRICO POTÊNCIA 7,5 CV - CHI DIURNO. AF_06/2014","CHI",0.74,"SINAPI","CUSTOS HORÁRIOS DE MÁQUINAS E EQUIPAMENTOS","CUSTO HORÁRIO IMPRODUTIVO DIURNO"]
[88404,"MISTURADOR DE ARGAMASSA, EIXO HORIZONTAL, CAPACIDADE DE MISTURA 160 KG, MOTOR ELÉTRICO POTÊNCIA 3 CV - CHI DIURNO. AF_06/2014","CHI",0.57999999999999996,"SINAPI","CUSTOS HORÁRIOS DE MÁQUINAS E EQUIPAMENTOS","CUSTO HORÁRIO IMPRODUTIVO DIURNO"]
[88430,"PROJETOR DE ARGAMASSA, CAPACIDADE DE PROJEÇÃO 1,5 M3/H, ALCANCE DE 30 ATÉ 60 M, MOTOR ELÉTRICO POTÊNCIA 7,5 HP - CHI DIURNO. AF_06/2014","CHI",3.87,"SINAPI","CUSTOS HORÁRIOS DE MÁQUINAS E EQUIPAMENTOS","CUSTO HORÁRIO IMPRODUTIVO DIURNO"]
[88438,"PROJETOR DE ARGAMASSA, CAPACIDADE DE PROJEÇÃO 2 M3/H, ALCANCE ATÉ 50 M, MOTOR ELÉTRICO POTÊNCIA 7,5 HP - CHI DIURNO. AF_06/2014","CHI",5.13,"SINAPI","CUSTOS HORÁRIOS DE MÁQUINAS E EQUIPAMENTOS","CUSTO HORÁRIO IMPRODUTIVO DIURNO"]
[88831,"BETONEIRA CAPACIDADE NOMINAL DE 400 L, CAPACIDADE DE MISTURA 280 L, MOTOR ELÉTRICO TRIFÁSICO POTÊNCIA DE 2 CV, SEM CARREGADOR - CHI DIURNO. AF_10/2014","CHI",0.23,"SINAPI","CUSTOS HORÁRIOS DE MÁQUINAS E EQUIPAMENTOS","CUSTO HORÁRIO IMPRODUTIVO DIURNO"]
[88844,"TRATOR DE ESTEIRAS, POTÊNCIA 125 HP, PESO OPERACIONAL 12,9 T, COM LÂMINA 2,7 M3 - CHI DIURNO. AF_10/2014","CHI",49.1,"SINAPI","CUSTOS HORÁRIOS DE MÁQUINAS E EQUIPAMENTOS","CUSTO HORÁRIO IMPRODUTIVO DIURNO"]
[88908,"ESCAVADEIRA HIDRÁULICA SOBRE ESTEIRAS, CAÇAMBA 1,20 M3, PESO OPERACIONAL 21 T, POTÊNCIA BRUTA 155 HP - CHI DIURNO. AF_06/2014","CHI",59.55,"SINAPI","CUSTOS HORÁRIOS DE MÁQUINAS E EQUIPAMENTOS","CUSTO HORÁRIO IMPRODUTIVO DIURNO"]
[89022,"BOMBA SUBMERSÍVEL ELÉTRICA TRIFÁSICA, POTÊNCIA 2,96 HP, Ø ROTOR 144 MM SEMI-ABERTO, BOCAL DE SAÍDA Ø 2\u0094, HM/Q = 2 MCA / 38,8 M3/H A 28 MCA / 5 M3/H - CHI DIURNO. AF_06/2014","CHI",0.25,"SINAPI","CUSTOS HORÁRIOS DE MÁQUINAS E EQUIPAMENTOS","CUSTO HORÁRIO IMPRODUTIVO DIURNO"]
[89027,"TANQUE DE ASFALTO ESTACIONÁRIO COM MAÇARICO, CAPACIDADE 20.000 L - CHI DIURNO. AF_06/2014","CHI",3.19,"SINAPI","CUSTOS HORÁRIOS DE MÁQUINAS E EQUIPAMENTOS","CUSTO HORÁRIO IMPRODUTIVO DIURNO"]
[89031,"TRATOR DE ESTEIRAS, POTÊNCIA 100 HP, PESO OPERACIONAL 9,4 T, COM LÂMINA 2,19 M3 - CHI DIURNO. AF_06/2014","CHI",47.97,"SINAPI","CUSTOS HORÁRIOS DE MÁQUINAS E EQUIPAMENTOS","CUSTO HORÁRIO IMPRODUTIVO DIURNO"]
[89036,"TRATOR DE PNEUS, POTÊNCIA 85 CV, TRAÇÃO 4X4, PESO COM LASTRO DE 4.675 KG - CHI DIURNO. AF_06/2014","CHI",32.6,"SINAPI","CUSTOS HORÁRIOS DE MÁQUINAS E EQUIPAMENTOS","CUSTO HORÁRIO IMPRODUTIVO DIURNO"]
[89218,"BATE-ESTACAS POR GRAVIDADE, POTÊNCIA DE 160 HP, PESO DO MARTELO ATÉ 3 TONELADAS - CHI DIURNO. AF_11/2014","CHI",59.59,"SINAPI","CUSTOS HORÁRIOS DE MÁQUINAS E EQUIPAMENTOS","CUSTO HORÁRIO IMPRODUTIVO DIURNO"]
[89226,"BETONEIRA CAPACIDADE NOMINAL DE 600 L, CAPACIDADE DE MISTURA 360 L, MOTOR ELÉTRICO TRIFÁSICO POTÊNCIA DE 4 CV, SEM CARREGADOR - CHI DIURNO. AF_11/2014","CHI",0.95,"SINAPI","CUSTOS HORÁRIOS DE MÁQUINAS E EQUIPAMENTOS","CUSTO HORÁRIO IMPRODUTIVO DIURNO"]
[89235,"FRESADORA DE ASFALTO A FRIO SOBRE RODAS, LARGURA FRESAGEM DE 1,0 M, POTÊNCIA 208 HP - CHI DIURNO. AF_11/2014","CHI",131.38999999999999,"SINAPI","CUSTOS HORÁRIOS DE MÁQUINAS E EQUIPAMENTOS","CUSTO HORÁRIO IMPRODUTIVO DIURNO"]
[89243,"FRESADORA DE ASFALTO A FRIO SOBRE RODAS, LARGURA FRESAGEM DE 2,0 M, POTÊNCIA 550 HP - CHI DIURNO. AF_11/2014","CHI",276.14,"SINAPI","CUSTOS HORÁRIOS DE MÁQUINAS E EQUIPAMENTOS","CUSTO HORÁRIO IMPRODUTIVO DIURNO"]
[89251,"RECICLADORA DE ASFALTO A FRIO SOBRE RODAS, LARGURA FRESAGEM DE 2,0 M, POTÊNCIA 422 HP - CHI DIURNO. AF_11/2014","CHI",242.97,"SINAPI","CUSTOS HORÁRIOS DE MÁQUINAS E EQUIPAMENTOS","CUSTO HORÁRIO IMPRODUTIVO DIURNO"]
[89258,"VIBROACABADORA DE ASFALTO SOBRE ESTEIRAS, LARGURA DE PAVIMENTAÇÃO 2,13 M A 4,55 M, POTÊNCIA 100 HP, CAPACIDADE 400 T/H - CHI DIURNO. AF_11/2014","CHI",88.78,"SINAPI","CUSTOS HORÁRIOS DE MÁQUINAS E EQUIPAMENTOS","CUSTO HORÁRIO IMPRODUTIVO DIURNO"]
[89273,"GUINDASTE HIDRÁULICO AUTOPROPELIDO, COM LANÇA TELESCÓPICA 28,80 M, CAPACIDADE MÁXIMA 30 T, POTÊNCIA 97 KW, TRAÇÃO 4 X 4 - CHI DIURNO. AF_11/2014","CHI",57.28,"SINAPI","CUSTOS HORÁRIOS DE MÁQUINAS E EQUIPAMENTOS","CUSTO HORÁRIO IMPRODUTIVO DIURNO"]
[89279,"BETONEIRA CAPACIDADE NOMINAL DE 600 L, CAPACIDADE DE MISTURA 440 L, MOTOR A DIESEL POTÊNCIA 10 HP, COM CARREGADOR - CHI DIURNO. AF_11/2014","CHI",1.1599999999999999,"SINAPI","CUSTOS HORÁRIOS DE MÁQUINAS E EQUIPAMENTOS","CUSTO HORÁRIO IMPRODUTIVO DIURNO"]
[89877,"CAMINHÃO BASCULANTE 14 M3, COM CAVALO MECÂNICO DE CAPACIDADE MÁXIMA DE TRAÇÃO COMBINADO DE 36000 KG, POTÊNCIA 286 CV, INCLUSIVE SEMIREBOQUE COM CAÇAMBA METÁLICA - CHI DIURNO. AF_12/2014","CHI",44.47,"SINAPI","CUSTOS HORÁRIOS DE MÁQUINAS E EQUIPAMENTOS","CUSTO HORÁRIO IMPRODUTIVO DIURNO"]
[89884,"CAMINHÃO BASCULANTE 18 M3, COM CAVALO MECÂNICO DE CAPACIDADE MÁXIMA DE TRAÇÃO COMBINADO DE 45000 KG, POTÊNCIA 330 CV, INCLUSIVE SEMIREBOQUE COM CAÇAMBA METÁLICA - CHI DIURNO. AF_12/2014","CHI",45.88,"SINAPI","CUSTOS HORÁRIOS DE MÁQUINAS E EQUIPAMENTOS","CUSTO HORÁRIO IMPRODUTIVO DIURNO"]
[90587,"VIBRADOR DE IMERSÃO, DIÂMETRO DE PONTEIRA 45MM, MOTOR ELÉTRICO TRIFÁSICO POTÊNCIA DE 2 CV - CHI DIURNO. AF_06/2015","CHI",0.28999999999999998,"SINAPI","CUSTOS HORÁRIOS DE MÁQUINAS E EQUIPAMENTOS","CUSTO HORÁRIO IMPRODUTIVO DIURNO"]
[90626,"PERFURATRIZ MANUAL, TORQUE MÁXIMO 83 N.M, POTÊNCIA 5 CV, COM DIÂMETRO MÁXIMO 4\" - CHI DIURNO. AF_06/2015","CHI",1.7,"SINAPI","CUSTOS HORÁRIOS DE MÁQUINAS E EQUIPAMENTOS","CUSTO HORÁRIO IMPRODUTIVO DIURNO"]
[90632,"PERFURATRIZ SOBRE ESTEIRA, TORQUE MÁXIMO 600 KGF, PESO MÉDIO 1000 KG, POTÊNCIA 20 HP, DIÂMETRO MÁXIMO 10\" - CHI DIURNO. AF_06/2015","CHI",55.13,"SINAPI","CUSTOS HORÁRIOS DE MÁQUINAS E EQUIPAMENTOS","CUSTO HORÁRIO IMPRODUTIVO DIURNO"]
[90638,"MISTURADOR DUPLO HORIZONTAL DE ALTA TURBULÊNCIA, CAPACIDADE / VOLUME 2 X 500 LITROS, MOTORES ELÉTRICOS MÍNIMO 5 CV CADA, PARA NATA CIMENTO, ARGAMASSA E OUTROS - CHI DIURNO. AF_06/2015","CHI",2.97,"SINAPI","CUSTOS HORÁRIOS DE MÁQUINAS E EQUIPAMENTOS","CUSTO HORÁRIO IMPRODUTIVO DIURNO"]
[90644,"BOMBA TRIPLEX, PARA INJEÇÃO DE NATA DE CIMENTO, VAZÃO MÁXIMA DE 100 LITROS/MINUTO, PRESSÃO MÁXIMA DE 70 BAR - CHI DIURNO. AF_06/2015","CHI",4.4400000000000004,"SINAPI","CUSTOS HORÁRIOS DE MÁQUINAS E EQUIPAMENTOS","CUSTO HORÁRIO IMPRODUTIVO DIURNO"]
[90651,"BOMBA CENTRÍFUGA MONOESTÁGIO COM MOTOR ELÉTRICO MONOFÁSICO, POTÊNCIA 15 HP, DIÂMETRO DO ROTOR 173 MM, HM/Q = 30 MCA / 90 M3/H A 45 MCA / 55 M3/H - CHI DIURNO. AF_06/2015","CHI",0.51,"SINAPI","CUSTOS HORÁRIOS DE MÁQUINAS E EQUIPAMENTOS","CUSTO HORÁRIO IMPRODUTIVO DIURNO"]
[90657,"BOMBA DE PROJEÇÃO DE CONCRETO SECO, POTÊNCIA 10 CV, VAZÃO 3 M3/H - CHI DIURNO. AF_06/2015","CHI",2.89,"SINAPI","CUSTOS HORÁRIOS DE MÁQUINAS E EQUIPAMENTOS","CUSTO HORÁRIO IMPRODUTIVO DIURNO"]
[90663,"BOMBA DE PROJEÇÃO DE CONCRETO SECO, POTÊNCIA 10 CV, VAZÃO 6 M3/H - CHI DIURNO. AF_06/2015","CHI",3.09,"SINAPI","CUSTOS HORÁRIOS DE MÁQUINAS E EQUIPAMENTOS","CUSTO HORÁRIO IMPRODUTIVO DIURNO"]
[90669,"PROJETOR PNEUMÁTICO DE ARGAMASSA PARA CHAPISCO E REBOCO COM RECIPIENTE ACOPLADO, TIPO CANEQUINHA, COM COMPRESSOR DE AR REBOCÁVEL VAZÃO 89 PCM E MOTOR DIESEL DE 20 CV - CHI DIURNO. AF_06/2015","CHI",4.5999999999999996,"SINAPI","CUSTOS HORÁRIOS DE MÁQUINAS E EQUIPAMENTOS","CUSTO HORÁRIO IMPRODUTIVO DIURNO"]
[90675,"PERFURATRIZ COM TORRE METÁLICA PARA EXECUÇÃO DE ESTACA HÉLICE CONTÍNUA, PROFUNDIDADE MÁXIMA DE 30 M, DIÂMETRO MÁXIMO DE 800 MM, POTÊNCIA INSTALADA DE 268 HP, MESA ROTATIVA COM TORQUE MÁXIMO DE 170 KNM - CHI DIURNO. AF_06/2015","CHI",172.37,"SINAPI","CUSTOS HORÁRIOS DE MÁQUINAS E EQUIPAMENTOS","CUSTO HORÁRIO IMPRODUTIVO DIURNO"]
[90681,"PERFURATRIZ HIDRÁULICA SOBRE CAMINHÃO COM TRADO CURTO ACOPLADO, PROFUNDIDADE MÁXIMA DE 20 M, DIÂMETRO MÁXIMO DE 1500 MM, POTÊNCIA INSTALADA DE 137 HP, MESA ROTATIVA COM TORQUE MÁXIMO DE 30 KNM - CHI DIURNO. AF_06/2015","CHI",104.68,"SINAPI","CUSTOS HORÁRIOS DE MÁQUINAS E EQUIPAMENTOS","CUSTO HORÁRIO IMPRODUTIVO DIURNO"]
[90687,"MANIPULADOR TELESCÓPICO, POTÊNCIA DE 85 HP, CAPACIDADE DE CARGA DE 3.500 KG, ALTURA MÁXIMA DE ELEVAÇÃO DE 12,3 M - CHI DIURNO. AF_06/2015","CHI",60.49,"SINAPI","CUSTOS HORÁRIOS DE MÁQUINAS E EQUIPAMENTOS","CUSTO HORÁRIO IMPRODUTIVO DIURNO"]
[90693,"MINICARREGADEIRA SOBRE RODAS, POTÊNCIA LÍQUIDA DE 47 HP, CAPACIDADE NOMINAL DE OPERAÇÃO DE 646 KG - CHI DIURNO. AF_06/2015","CHI",43.13,"SINAPI","CUSTOS HORÁRIOS DE MÁQUINAS E EQUIPAMENTOS","CUSTO HORÁRIO IMPRODUTIVO DIURNO"]
[90965,"COMPRESSOR DE AR REBOCÁVEL, VAZÃO 89 PCM, PRESSÃO EFETIVA DE TRABALHO 102 PSI, MOTOR DIESEL, POTÊNCIA 20 CV - CHI DIURNO. AF_06/2015","CHI",3.92,"SINAPI","CUSTOS HORÁRIOS DE MÁQUINAS E EQUIPAMENTOS","CUSTO HORÁRIO IMPRODUTIVO DIURNO"]
[90973,"COMPRESSOR DE AR REBOCAVEL, VAZÃO 250 PCM, PRESSAO DE TRABALHO 102 PSI, MOTOR A DIESEL POTÊNCIA 81 CV - CHI DIURNO. AF_06/2015","CHI",3.94,"SINAPI","CUSTOS HORÁRIOS DE MÁQUINAS E EQUIPAMENTOS","CUSTO HORÁRIO IMPRODUTIVO DIURNO"]
[90982,"COMPRESSOR DE AR REBOCÁVEL, VAZÃO 748 PCM, PRESSÃO EFETIVA DE TRABALHO 102 PSI, MOTOR DIESEL, POTÊNCIA 210 CV - CHI DIURNO. AF_06/2015","CHI",10.01,"SINAPI","CUSTOS HORÁRIOS DE MÁQUINAS E EQUIPAMENTOS","CUSTO HORÁRIO IMPRODUTIVO DIURNO"]
[91001,"COMPRESSOR DE AR REBOCAVEL, VAZÃO 400 PCM, PRESSAO DE TRABALHO 102 PSI, MOTOR A DIESEL POTÊNCIA 110 CV - CHI DIURNO. AF_06/2015","CHI",4.67,"SINAPI","CUSTOS HORÁRIOS DE MÁQUINAS E EQUIPAMENTOS","CUSTO HORÁRIO IMPRODUTIVO DIURNO"]
[91032,"CAMINHÃO TRUCADO (C/ TERCEIRO EIXO) ELETRÔNICO - POTÊNCIA 231CV - PBT = 22000KG - DIST. ENTRE EIXOS 5170 MM - INCLUI CARROCERIA FIXA ABERTA DE MADEIRA - CHI DIURNO. AF_06/2015","CHI",37.17,"SINAPI","CUSTOS HORÁRIOS DE MÁQUINAS E EQUIPAMENTOS","CUSTO HORÁRIO IMPRODUTIVO DIURNO"]
[91278,"PLACA VIBRATÓRIA REVERSÍVEL COM MOTOR 4 TEMPOS A GASOLINA, FORÇA CENTRÍFUGA DE 25 KN (2500 KGF), POTÊNCIA 5,5 CV - CHI DIURNO. AF_08/2015","CHI",0.56000000000000005,"SINAPI","CUSTOS HORÁRIOS DE MÁQUINAS E EQUIPAMENTOS","CUSTO HORÁRIO IMPRODUTIVO DIURNO"]
[91285,"CORTADORA DE PISO COM MOTOR 4 TEMPOS A GASOLINA, POTÊNCIA DE 13 HP, COM DISCO DE CORTE DIAMANTADO SEGMENTADO PARA CONCRETO, DIÂMETRO DE 350 MM, FURO DE 1\" (14 X 1\") - CHI DIURNO. AF_08/2015","CHI",0.65,"SINAPI","CUSTOS HORÁRIOS DE MÁQUINAS E EQUIPAMENTOS","CUSTO HORÁRIO IMPRODUTIVO DIURNO"]
[91387,"CAMINHÃO BASCULANTE 10 M3, TRUCADO CABINE SIMPLES, PESO BRUTO TOTAL 23.000 KG, CARGA ÚTIL MÁXIMA 15.935 KG, DISTÂNCIA ENTRE EIXOS 4,80 M, POTÊNCIA 230 CV INCLUSIVE CAÇAMBA METÁLICA - CHI DIURNO. AF_06/2014","CHI",39.94,"SINAPI","CUSTOS HORÁRIOS DE MÁQUINAS E EQUIPAMENTOS","CUSTO HORÁRIO IMPRODUTIVO DIURNO"]
[91395,"CAMINHÃO TOCO, PBT 14.300 KG, CARGA ÚTIL MÁX. 9.710 KG, DIST. ENTRE EIXOS 3,56 M, POTÊNCIA 185 CV, INCLUSIVE CARROCERIA FIXA ABERTA DE MADEIRA P/ TRANSPORTE GERAL DE CARGA SECA, DIMEN. APROX. 2,50 X 6,50 X 0,50 M - CHI DIURNO. AF_06/2014","CHI",34.4,"SINAPI","CUSTOS HORÁRIOS DE MÁQUINAS E EQUIPAMENTOS","CUSTO HORÁRIO IMPRODUTIVO DIURNO"]
[91486,"ESPARGIDOR DE ASFALTO PRESSURIZADO, TANQUE 6 M3 COM ISOLAÇÃO TÉRMICA, AQUECIDO COM 2 MAÇARICOS, COM BARRA ESPARGIDORA 3,60 M, MONTADO SOBRE CAMINHÃO  TOCO, PBT 14.300 KG, POTÊNCIA 185 CV - CHI DIURNO. AF_08/2015","CHI",39.729999999999997,"SINAPI","CUSTOS HORÁRIOS DE MÁQUINAS E EQUIPAMENTOS","CUSTO HORÁRIO IMPRODUTIVO DIURNO"]
[91534,"COMPACTADOR DE SOLOS DE PERCUSSÃO (SOQUETE) COM MOTOR A GASOLINA 4 TEMPOS, POTÊNCIA 4 CV - CHI DIURNO. AF_08/2015","CHI",23.32,"SINAPI","CUSTOS HORÁRIOS DE MÁQUINAS E EQUIPAMENTOS","CUSTO HORÁRIO IMPRODUTIVO DIURNO"]
[91635,"GUINDAUTO HIDRÁULICO, CAPACIDADE MÁXIMA DE CARGA 6500 KG, MOMENTO MÁXIMO DE CARGA 5,8 TM, ALCANCE MÁXIMO HORIZONTAL 7,60 M, INCLUSIVE CAMINHÃO TOCO PBT 9.700 KG, POTÊNCIA DE 160 CV - CHI DIURNO. AF_08/2015","CHI",35.799999999999997,"SINAPI","CUSTOS HORÁRIOS DE MÁQUINAS E EQUIPAMENTOS","CUSTO HORÁRIO IMPRODUTIVO DIURNO"]
[91646,"CAMINHÃO DE TRANSPORTE DE MATERIAL ASFÁLTICO 30.000 L, COM CAVALO MECÂNICO DE CAPACIDADE MÁXIMA DE TRAÇÃO COMBINADO DE 66.000 KG, POTÊNCIA 360 CV, INCLUSIVE TANQUE DE ASFALTO COM SERPENTINA - CHI DIURNO. AF_08/2015","CHI",53.88,"SINAPI","CUSTOS HORÁRIOS DE MÁQUINAS E EQUIPAMENTOS","CUSTO HORÁRIO IMPRODUTIVO DIURNO"]
[91693,"SERRA CIRCULAR DE BANCADA COM MOTOR ELÉTRICO POTÊNCIA DE 5HP, COM COIFA PARA DISCO 10\" - CHI DIURNO. AF_08/2015","CHI",22.55,"SINAPI","CUSTOS HORÁRIOS DE MÁQUINAS E EQUIPAMENTOS","CUSTO HORÁRIO IMPRODUTIVO DIURNO"]
[92044,"DISTRIBUIDOR DE AGREGADOS REBOCAVEL, CAPACIDADE 1,9 M³, LARGURA DE TRABALHO 3,66 M - CHI DIURNO. AF_11/2015","CHI",4.95,"SINAPI","CUSTOS HORÁRIOS DE MÁQUINAS E EQUIPAMENTOS","CUSTO HORÁRIO IMPRODUTIVO DIURNO"]
[92107,"CAMINHÃO PARA EQUIPAMENTO DE LIMPEZA A SUCÇÃO COM CAMINHÃO TRUCADO DE PESO BRUTO TOTAL 23000 KG, CARGA ÚTIL MÁXIMA 15935 KG, DISTÂNCIA ENTRE EIXOS 4,80 M, POTÊNCIA 230 CV, INCLUSIVE LIMPADORA A SUCÇÃO, TANQUE 12000 L - CHI DIURNO. AF_11/2015","CHI",41.65,"SINAPI","CUSTOS HORÁRIOS DE MÁQUINAS E EQUIPAMENTOS","CUSTO HORÁRIO IMPRODUTIVO DIURNO"]
[92113,"PENEIRA ROTATIVA COM MOTOR ELÉTRICO TRIFÁSICO DE 2 CV, CILINDRO DE 1 M X 0,60 M, COM FUROS DE 3,17 MM - CHI DIURNO. AF_11/2015","CHI",0.68,"SINAPI","CUSTOS HORÁRIOS DE MÁQUINAS E EQUIPAMENTOS","CUSTO HORÁRIO IMPRODUTIVO DIURNO"]
[92119,"DOSADOR DE AREIA, CAPACIDADE DE 26 LITROS - CHI DIURNO. AF_11/2015","CHI",7.0000000000000007E-2,"SINAPI","CUSTOS HORÁRIOS DE MÁQUINAS E EQUIPAMENTOS","CUSTO HORÁRIO IMPRODUTIVO DIURNO"]
[92139,"CAMINHONETE COM MOTOR A DIESEL, POTÊNCIA 180 CV, CABINE DUPLA, 4X4 - CHI DIURNO. AF_11/2015","CHI",31.52,"SINAPI","CUSTOS HORÁRIOS DE MÁQUINAS E EQUIPAMENTOS","CUSTO HORÁRIO IMPRODUTIVO DIURNO"]
[92146,"CAMINHONETE CABINE SIMPLES COM MOTOR 1.6 FLEX, CÂMBIO MANUAL, POTÊNCIA 101/104 CV, 2 PORTAS - CHI DIURNO. AF_11/2015","CHI",24.45,"SINAPI","CUSTOS HORÁRIOS DE MÁQUINAS E EQUIPAMENTOS","CUSTO HORÁRIO IMPRODUTIVO DIURNO"]
[92243,"CAMINHÃO DE TRANSPORTE DE MATERIAL ASFÁLTICO 20.000 L, COM CAVALO MECÂNICO DE CAPACIDADE MÁXIMA DE TRAÇÃO COMBINADO DE 45.000 KG, POTÊNCIA 330 CV, INCLUSIVE TANQUE DE ASFALTO COM MAÇARICO - CHI DIURNO. AF_12/2015","CHI",46.4,"SINAPI","CUSTOS HORÁRIOS DE MÁQUINAS E EQUIPAMENTOS","CUSTO HORÁRIO IMPRODUTIVO DIURNO"]
[92717,"APARELHO PARA CORTE E SOLDA OXI-ACETILENO SOBRE RODAS, INCLUSIVE CILINDROS E MAÇARICOS - CHI DIURNO. AF_12/2015","CHI",0.22,"SINAPI","CUSTOS HORÁRIOS DE MÁQUINAS E EQUIPAMENTOS","CUSTO HORÁRIO IMPRODUTIVO DIURNO"]
[92961,"MÁQUINA EXTRUSORA DE CONCRETO PARA GUIAS E SARJETAS, MOTOR A DIESEL, POTÊNCIA 14 CV - CHI DIURNO. AF_12/2015","CHI",6.13,"SINAPI","CUSTOS HORÁRIOS DE MÁQUINAS E EQUIPAMENTOS","CUSTO HORÁRIO IMPRODUTIVO DIURNO"]
[92967,"MARTELO PERFURADOR PNEUMÁTICO MANUAL, HASTE 25 X 75 MM, 21 KG - CHI DIURNO. AF_12/2015","CHI",20.239999999999998,"SINAPI","CUSTOS HORÁRIOS DE MÁQUINAS E EQUIPAMENTOS","CUSTO HORÁRIO IMPRODUTIVO DIURNO"]
[93225,"PERFURATRIZ COM TORRE METÁLICA PARA EXECUÇÃO DE ESTACA HÉLICE CONTÍNUA, PROFUNDIDADE MÁXIMA DE 32 M, DIÂMETRO MÁXIMO DE 1000 MM, POTÊNCIA INSTALADA DE 350 HP, MESA ROTATIVA COM TORQUE MÁXIMO DE 263 KNM - CHI DIURNO. AF_01/2016","CHI",255.54,"SINAPI","CUSTOS HORÁRIOS DE MÁQUINAS E EQUIPAMENTOS","CUSTO HORÁRIO IMPRODUTIVO DIURNO"]
[93234,"BETONEIRA CAPACIDADE NOMINAL 400 L, CAPACIDADE DE MISTURA 310 L, MOTOR A GASOLINA POTÊNCIA 5,5 HP, SEM CARREGADOR - CHI DIURNO. AF_02/2016","CHI",0.28999999999999998,"SINAPI","CUSTOS HORÁRIOS DE MÁQUINAS E EQUIPAMENTOS","CUSTO HORÁRIO IMPRODUTIVO DIURNO"]
[93244,"ROLO COMPACTADOR VIBRATÓRIO PÉ DE CARNEIRO PARA SOLOS, POTÊNCIA 80 HP, PESO OPERACIONAL SEM/COM LASTRO 7,4 / 8,8 T, LARGURA DE TRABALHO 1,68 M - CHI DIURNO. AF_02/2016","CHI",36.880000000000003,"SINAPI","CUSTOS HORÁRIOS DE MÁQUINAS E EQUIPAMENTOS","CUSTO HORÁRIO IMPRODUTIVO DIURNO"]
[93274,"GRUA ASCENSIONAL, LANÇA DE 30 M, CAPACIDADE DE 1,0 T A 30 M, ALTURA ATÉ 39 M - CHI DIURNO. AF_03/2016","CHI",50,"SINAPI","CUSTOS HORÁRIOS DE MÁQUINAS E EQUIPAMENTOS","CUSTO HORÁRIO IMPRODUTIVO DIURNO"]
[93282,"GUINCHO ELÉTRICO DE COLUNA, CAPACIDADE 400 KG, COM MOTO FREIO, MOTOR TRIFÁSICO DE 1,25 CV - CHI DIURNO. AF_03/2016","CHI",22.36,"SINAPI","CUSTOS HORÁRIOS DE MÁQUINAS E EQUIPAMENTOS","CUSTO HORÁRIO IMPRODUTIVO DIURNO"]
[93288,"GUINDASTE HIDRÁULICO AUTOPROPELIDO, COM LANÇA TELESCÓPICA 40 M, CAPACIDADE MÁXIMA 60 T, POTÊNCIA 260 KW - CHI DIURNO. AF_03/2016","CHI",89.83,"SINAPI","CUSTOS HORÁRIOS DE MÁQUINAS E EQUIPAMENTOS","CUSTO HORÁRIO IMPRODUTIVO DIURNO"]
[93403,"GUINDAUTO HIDRÁULICO, CAPACIDADE MÁXIMA DE CARGA 3300 KG, MOMENTO MÁXIMO DE CARGA 5,8 TM, ALCANCE MÁXIMO HORIZONTAL 7,60 M, INCLUSIVE CAMINHÃO TOCO PBT 16.000 KG, POTÊNCIA DE 189 CV - CHI DIURNO. AF_03/2016","CHI",35.799999999999997,"SINAPI","CUSTOS HORÁRIOS DE MÁQUINAS E EQUIPAMENTOS","CUSTO HORÁRIO IMPRODUTIVO DIURNO"]
[93409,"MÁQUINA JATO DE PRESSAO PORTÁTIL PARA JATEAMENTO, CONTROLE AUTOMATICO REMOTO, CAMARA DE 1 SAIDA, CAPACIDADE 280 L, DIAMETRO 670 MM, BICO DE JATO CURTO VENTURI DE 5/16\u0094, MANGUEIRA DE 1\u0094 COM COMPRESSOR DE AR REBOCÁVEL VAZÃO 189 PCM E MOTOR DIESEL DE 63 CV- CHI DIURNO. AF_03/2016","CHI",30.77,"SINAPI","CUSTOS HORÁRIOS DE MÁQUINAS E EQUIPAMENTOS","CUSTO HORÁRIO IMPRODUTIVO DIURNO"]
[93416,"GERADOR PORTÁTIL MONOFÁSICO, POTÊNCIA 5500 VA, MOTOR A GASOLINA, POTÊNCIA DO MOTOR 13 CV - CHI DIURNO. AF_03/2016","CHI",0.21,"SINAPI","CUSTOS HORÁRIOS DE MÁQUINAS E EQUIPAMENTOS","CUSTO HORÁRIO IMPRODUTIVO DIURNO"]
[93422,"GRUPO GERADOR REBOCÁVEL, POTÊNCIA 66 KVA, MOTOR A DIESEL - CHI DIURNO. AF_03/2016","CHI",2.9,"SINAPI","CUSTOS HORÁRIOS DE MÁQUINAS E EQUIPAMENTOS","CUSTO HORÁRIO IMPRODUTIVO DIURNO"]
[93428,"GRUPO GERADOR ESTACIONÁRIO, POTÊNCIA 150 KVA, MOTOR A DIESEL- CHI DIURNO. AF_03/2016","CHI",4.09,"SINAPI","CUSTOS HORÁRIOS DE MÁQUINAS E EQUIPAMENTOS","CUSTO HORÁRIO IMPRODUTIVO DIURNO"]
[93434,"USINA DE MISTURA ASFÁLTICA À QUENTE, TIPO CONTRA FLUXO, PROD 40 A 80 TON/HORA - CHI DIURNO. AF_03/2016","CHI",169.3,"SINAPI","CUSTOS HORÁRIOS DE MÁQUINAS E EQUIPAMENTOS","CUSTO HORÁRIO IMPRODUTIVO DIURNO"]
[93440,"USINA DE ASFALTO À FRIO, CAPACIDADE DE 40 A 60 TON/HORA, ELÉTRICA POTÊNCIA 30 CV - CHI DIURNO. AF_03/2016","CHI",91.27,"SINAPI","CUSTOS HORÁRIOS DE MÁQUINAS E EQUIPAMENTOS","CUSTO HORÁRIO IMPRODUTIVO DIURNO"]
[95122,"USINA MISTURADORA DE SOLOS, CAPACIDADE DE 200 A 500 TON/H, POTENCIA 75KW - CHI DIURNO. AF_07/2016","CHI",129.26,"SINAPI","CUSTOS HORÁRIOS DE MÁQUINAS E EQUIPAMENTOS","CUSTO HORÁRIO IMPRODUTIVO DIURNO"]
[95128,"DISTRIBUIDOR DE AGREGADOS AUTOPROPELIDO, CAP 3 M3, A DIESEL, POTÊNCIA 176CV - CHI DIURNO. AF_07/2016","CHI",37.29,"SINAPI","CUSTOS HORÁRIOS DE MÁQUINAS E EQUIPAMENTOS","CUSTO HORÁRIO IMPRODUTIVO DIURNO"]
[95140,"TALHA MANUAL DE CORRENTE, CAPACIDADE DE 2 TON. COM ELEVAÇÃO DE 3 M - CHI DIURNO. AF_07/2016","CHI",0.04,"SINAPI","CUSTOS HORÁRIOS DE MÁQUINAS E EQUIPAMENTOS","CUSTO HORÁRIO IMPRODUTIVO DIURNO"]
[95213,"GRUA ASCENCIONAL, LANÇA DE 42 M, CAPACIDADE DE 1,5 T A 30 M, ALTURA ATÉ 39 M - CHI DIURNO. AF_08/2016","CHI",53.72,"SINAPI","CUSTOS HORÁRIOS DE MÁQUINAS E EQUIPAMENTOS","CUSTO HORÁRIO IMPRODUTIVO DIURNO"]
[95219,"PULVERIZADOR DE TINTA ELÉTRICO/MÁQUINA DE PINTURA AIRLESS, VAZÃO 2 L/MIN - CHI DIURNO. AF_08/2016","CHI",23.77,"SINAPI","CUSTOS HORÁRIOS DE MÁQUINAS E EQUIPAMENTOS","CUSTO HORÁRIO IMPRODUTIVO DIURNO"]
[95259,"MARTELO DEMOLIDOR PNEUMÁTICO MANUAL, 32 KG - CHI DIURNO. AF_09/2016","CHI",20.05,"SINAPI","CUSTOS HORÁRIOS DE MÁQUINAS E EQUIPAMENTOS","CUSTO HORÁRIO IMPRODUTIVO DIURNO"]
[95265,"COMPACTADOR DE SOLOS DE PERCUSÃO (SOQUETE) COM MOTOR A GASOLINA, POTÊNCIA 3 CV - CHI DIURNO. AF_09/2016","CHI",0.74,"SINAPI","CUSTOS HORÁRIOS DE MÁQUINAS E EQUIPAMENTOS","CUSTO HORÁRIO IMPRODUTIVO DIURNO"]
[95271,"RÉGUA VIBRATÓRIA DUPLA PARA CONCRETO, PESO DE 60KG, COMPRIMENTO 4 M, COM MOTOR A GASOLINA, POTÊNCIA 5,5 HP - CHI DIURNO. AF_09/2016","CHI",0.49,"SINAPI","CUSTOS HORÁRIOS DE MÁQUINAS E EQUIPAMENTOS","CUSTO HORÁRIO IMPRODUTIVO DIURNO"]
[95277,"POLIDORA DE PISO (POLITRIZ), PESO DE 100KG, DIÂMETRO 450 MM, MOTOR ELÉTRICO, POTÊNCIA 4 HP - CHI DIURNO. AF_09/2016","CHI",0.49,"SINAPI","CUSTOS HORÁRIOS DE MÁQUINAS E EQUIPAMENTOS","CUSTO HORÁRIO IMPRODUTIVO DIURNO"]
[95283,"DESEMPENADEIRA DE CONCRETO, PESO DE 75KG, 4 PÁS, MOTOR A GASOLINA, POTÊNCIA 5,5 HP - CHI DIURNO. AF_09/2016","CHI",0.53,"SINAPI","CUSTOS HORÁRIOS DE MÁQUINAS E EQUIPAMENTOS","CUSTO HORÁRIO IMPRODUTIVO DIURNO"]
[95621,"PERFURATRIZ PNEUMATICA MANUAL DE PESO MEDIO, MARTELETE, 18KG, COMPRIMENTO MÁXIMO DE CURSO DE 6 M, DIAMETRO DO PISTAO DE 5,5 CM - CHI DIURNO. AF_11/2016","CHI",19.86,"SINAPI","CUSTOS HORÁRIOS DE MÁQUINAS E EQUIPAMENTOS","CUSTO HORÁRIO IMPRODUTIVO DIURNO"]
[95632,"ROLO COMPACTADOR VIBRATORIO TANDEM, ACO LISO, POTENCIA 125 HP, PESO SEM/COM LASTRO 10,20/11,65 T, LARGURA DE TRABALHO 1,73 M - CHI DIURNO. AF_11/2016","CHI",45.41,"SINAPI","CUSTOS HORÁRIOS DE MÁQUINAS E EQUIPAMENTOS","CUSTO HORÁRIO IMPRODUTIVO DIURNO"]
[95703,"PERFURATRIZ MANUAL, TORQUE MAXIMO 55 KGF.M, POTENCIA 5 CV, COM DIAMETRO MAXIMO 8 1/2\" - CHI DIURNO. AF_11/2016","CHI",26.25,"SINAPI","CUSTOS HORÁRIOS DE MÁQUINAS E EQUIPAMENTOS","CUSTO HORÁRIO IMPRODUTIVO DIURNO"]
[95709,"PERFURATRIZ SOBRE ESTEIRA, TORQUE MÁXIMO 600 KGF, POTÊNCIA ENTRE 50 E 60 HP, DIÂMETRO MÁXIMO 10\u0094 - CHI DIURNO. AF_11/2016","CHI",53.78,"SINAPI","CUSTOS HORÁRIOS DE MÁQUINAS E EQUIPAMENTOS","CUSTO HORÁRIO IMPRODUTIVO DIURNO"]
[95715,"ESCAVADEIRA HIDRAULICA SOBRE ESTEIRA, COM GARRA GIRATORIA DE MANDIBULAS, PESO OPERACIONAL ENTRE 22,00 E 25,50 TON, POTENCIA LIQUIDA ENTRE 150 E 160 HP - CHI DIURNO. AF_11/2016","CHI",61.47,"SINAPI","CUSTOS HORÁRIOS DE MÁQUINAS E EQUIPAMENTOS","CUSTO HORÁRIO IMPRODUTIVO DIURNO"]
[95721,"ESCAVADEIRA HIDRAULICA SOBRE ESTEIRA, EQUIPADA COM CLAMSHELL, COM CAPACIDADE DA CAÇAMBA ENTRE 1,20 E 1,50 M3, PESO OPERACIONAL ENTRE 20,00 E 22,00 TON, POTENCIA LIQUIDA ENTRE 150 E 160 HP - CHI DIURNO. AF_11/2016","CHI",60.07,"SINAPI","CUSTOS HORÁRIOS DE MÁQUINAS E EQUIPAMENTOS","CUSTO HORÁRIO IMPRODUTIVO DIURNO"]
[95873,"GRUPO GERADOR COM CARENAGEM, MOTOR DIESEL POTÊNCIA STANDART ENTRE 250 E 260 KVA - CHI DIURNO. AF_12/2016","CHI",6.55,"SINAPI","CUSTOS HORÁRIOS DE MÁQUINAS E EQUIPAMENTOS","CUSTO HORÁRIO IMPRODUTIVO DIURNO"]
[96014,"TRATOR DE PNEUS COM POTÊNCIA DE 122 CV, TRAÇÃO 4X4, COM VASSOURA MECÂNICA ACOPLADA - CHI DIURNO. AF_02/2017","CHI",38.17,"SINAPI","CUSTOS HORÁRIOS DE MÁQUINAS E EQUIPAMENTOS","CUSTO HORÁRIO IMPRODUTIVO DIURNO"]
[96021,"TRATOR DE PNEUS COM POTÊNCIA DE 122 CV, TRAÇÃO 4X4, COM GRADE DE DISCOS ACOPLADA - CHI DIURNO. AF_02/2017","CHI",38.03,"SINAPI","CUSTOS HORÁRIOS DE MÁQUINAS E EQUIPAMENTOS","CUSTO HORÁRIO IMPRODUTIVO DIURNO"]
[96029,"TRATOR DE PNEUS COM POTÊNCIA DE 85 CV, TRAÇÃO 4X4, COM GRADE DE DISCOS ACOPLADA - CHI DIURNO. AF_02/2017","CHI",34.82,"SINAPI","CUSTOS HORÁRIOS DE MÁQUINAS E EQUIPAMENTOS","CUSTO HORÁRIO IMPRODUTIVO DIURNO"]
[96036,"CAMINHÃO BASCULANTE 10 M3, TRUCADO, POTÊNCIA 230 CV, INCLUSIVE CAÇAMBA METÁLICA, COM DISTRIBUIDOR DE AGREGADOS ACOPLADO - CHI DIURNO. AF_02/2017","CHI",43.19,"SINAPI","CUSTOS HORÁRIOS DE MÁQUINAS E EQUIPAMENTOS","CUSTO HORÁRIO IMPRODUTIVO DIURNO"]
[96155,"TRATOR DE PNEUS COM POTÊNCIA DE 85 CV, TRAÇÃO 4X4, COM VASSOURA MECÂNICA ACOPLADA - CHI DIURNO. AF_02/2017","CHI",34.96,"SINAPI","CUSTOS HORÁRIOS DE MÁQUINAS E EQUIPAMENTOS","CUSTO HORÁRIO IMPRODUTIVO DIURNO"]
[96156,"MINICARREGADEIRA SOBRE RODAS POTENCIA 47HP CAPACIDADE OPERACAO 646 KG, COM VASSOURA MECÂNICA ACOPLADA - CHI DIURNO. AF_03/2017","CHI",46.48,"SINAPI","CUSTOS HORÁRIOS DE MÁQUINAS E EQUIPAMENTOS","CUSTO HORÁRIO IMPRODUTIVO DIURNO"]
[96159,"MÁQUINA DEMARCADORA DE FAIXA DE TRÁFEGO À FRIO, AUTOPROPELIDA, POTÊNCIA 38 HP - CHI DIURNO. AF_07/2016","CHI",49.34,"SINAPI","CUSTOS HORÁRIOS DE MÁQUINAS E EQUIPAMENTOS","CUSTO HORÁRIO IMPRODUTIVO DIURNO"]
[96246,"MINIESCAVADEIRA SOBRE ESTEIRAS, POTENCIA LIQUIDA DE *30* HP, PESO OPERACIONAL DE *3.500* KG - CHI DIURNO. AF_04/2017","CHI",42.09,"SINAPI","CUSTOS HORÁRIOS DE MÁQUINAS E EQUIPAMENTOS","CUSTO HORÁRIO IMPRODUTIVO DIURNO"]
[96302,"PERFURATRIZ ROTATIVA SOBRE ESTEIRA, TORQUE MAXIMO 2500 KGM, POTENCIA 110 HP, MOTOR DIESEL - CHI DIURNO. AF_05/2017","CHI",71.34,"SINAPI","CUSTOS HORÁRIOS DE MÁQUINAS E EQUIPAMENTOS","CUSTO HORÁRIO IMPRODUTIVO DIURNO"]
[96308,"COMPRESSOR DE AR, VAZAO DE 10 PCM, RESERVATORIO 100 L, PRESSAO DE TRABALHO ENTRE 6,9 E 9,7 BAR  POTENCIA 2 HP, TENSAO 110/220 V \u0096 CHI DIURNO. AF_05/2017","CHI",0.14000000000000001,"SINAPI","CUSTOS HORÁRIOS DE MÁQUINAS E EQUIPAMENTOS","CUSTO HORÁRIO IMPRODUTIVO DIURNO"]
[96464,"ROLO COMPACTADOR DE PNEUS, ESTATICO, PRESSAO VARIAVEL, POTENCIA 110 HP, PESO SEM/COM LASTRO 10,8/27 T, LARGURA DE ROLAGEM 2,30 M - CHI DIURNO. AF_06/2017","CHI",48.45,"SINAPI","CUSTOS HORÁRIOS DE MÁQUINAS E EQUIPAMENTOS","CUSTO HORÁRIO IMPRODUTIVO DIURNO"]
[98765,"INVERSOR DE SOLDA MONOFÁSICO DE 160 A, POTÊNCIA DE 5400 W, TENSÃO DE 220 V, PARA SOLDA COM ELETRODOS DE 2,0 A 4,0 MM E PROCESSO TIG - CHI DIURNO. AF_06/2018","CHI",0.08,"SINAPI","CUSTOS HORÁRIOS DE MÁQUINAS E EQUIPAMENTOS","CUSTO HORÁRIO IMPRODUTIVO DIURNO"]
[99834,"LAVADORA DE ALTA PRESSAO (LAVA-JATO) PARA AGUA FRIA, PRESSAO DE OPERACAO ENTRE 1400 E 1900 LIB/POL2, VAZAO MAXIMA ENTRE 400 E 700 L/H - CHI DIURNO. AF_04/2019","CHI",0.14000000000000001,"SINAPI","CUSTOS HORÁRIOS DE MÁQUINAS E EQUIPAMENTOS","CUSTO HORÁRIO IMPRODUTIVO DIURNO"]
[5089,"ROLO COMPACTADOR VIBRATÓRIO PÉ DE CARNEIRO PARA SOLOS, POTÊNCIA 80 HP, PESO OPERACIONAL SEM/COM LASTRO 7,4 / 8,8 T, LARGURA DE TRABALHO 1,68 M - MANUTENÇÃO. AF_02/2016","H",19.239999999999998,"SINAPI","CUSTOS HORÁRIOS DE MÁQUINAS E EQUIPAMENTOS","COMPOSIÇÕES AUXILIARES"]
[5627,"ESCAVADEIRA HIDRÁULICA SOBRE ESTEIRAS, CAÇAMBA 0,80 M3, PESO OPERACIONAL 17 T, POTENCIA BRUTA 111 HP - DEPRECIAÇÃO. AF_06/2014","H",25.41,"SINAPI","CUSTOS HORÁRIOS DE MÁQUINAS E EQUIPAMENTOS","COMPOSIÇÕES AUXILIARES"]
[5628,"ESCAVADEIRA HIDRÁULICA SOBRE ESTEIRAS, CAÇAMBA 0,80 M3, PESO OPERACIONAL 17 T, POTENCIA BRUTA 111 HP - JUROS. AF_06/2014","H",6.53,"SINAPI","CUSTOS HORÁRIOS DE MÁQUINAS E EQUIPAMENTOS","COMPOSIÇÕES AUXILIARES"]
[5629,"ESCAVADEIRA HIDRÁULICA SOBRE ESTEIRAS, CAÇAMBA 0,80 M3, PESO OPERACIONAL 17 T, POTENCIA BRUTA 111 HP - MANUTENÇÃO. AF_06/2014","H",31.76,"SINAPI","CUSTOS HORÁRIOS DE MÁQUINAS E EQUIPAMENTOS","COMPOSIÇÕES AUXILIARES"]
[5630,"ESCAVADEIRA HIDRÁULICA SOBRE ESTEIRAS, CAÇAMBA 0,80 M3, PESO OPERACIONAL 17 T, POTENCIA BRUTA 111 HP - MATERIAIS NA OPERAÇÃO. AF_06/2014","H",52.63,"SINAPI","CUSTOS HORÁRIOS DE MÁQUINAS E EQUIPAMENTOS","COMPOSIÇÕES AUXILIARES"]
[5658,"GRADE DE DISCO CONTROLE REMOTO REBOCÁVEL, COM 24 DISCOS 24\u0094 X 6 MM COM PNEUS PARA TRANSPORTE - MANUTENÇÃO. AF_06/2014","H",1.18,"SINAPI","CUSTOS HORÁRIOS DE MÁQUINAS E EQUIPAMENTOS","COMPOSIÇÕES AUXILIARES"]
[5664,"RETROESCAVADEIRA SOBRE RODAS COM CARREGADEIRA, TRAÇÃO 4X4, POTÊNCIA LÍQ. 88 HP, CAÇAMBA CARREG. CAP. MÍN. 1 M3, CAÇAMBA RETRO CAP. 0,26 M3, PESO OPERACIONAL MÍN. 6.674 KG, PROFUNDIDADE ESCAVAÇÃO MÁX. 4,37 M - MANUTENÇÃO. AF_06/2014","H",17.989999999999998,"SINAPI","CUSTOS HORÁRIOS DE MÁQUINAS E EQUIPAMENTOS","COMPOSIÇÕES AUXILIARES"]
[5667,"RETROESCAVADEIRA SOBRE RODAS COM CARREGADEIRA, TRAÇÃO 4X2, POTÊNCIA LÍQ. 79 HP, CAÇAMBA CARREG. CAP. MÍN. 1 M3, CAÇAMBA RETRO CAP. 0,20 M3, PESO OPERACIONAL MÍN. 6.570 KG, PROFUNDIDADE ESCAVAÇÃO MÁX. 4,37 M - MANUTENÇÃO. AF_06/2014","H",16,"SINAPI","CUSTOS HORÁRIOS DE MÁQUINAS E EQUIPAMENTOS","COMPOSIÇÕES AUXILIARES"]
[5668,"RETROESCAVADEIRA SOBRE RODAS COM CARREGADEIRA, TRAÇÃO 4X2, POTÊNCIA LÍQ. 79 HP, CAÇAMBA CARREG. CAP. MÍN. 1 M3, CAÇAMBA RETRO CAP. 0,20 M3, PESO OPERACIONAL MÍN. 6.570 KG, PROFUNDIDADE ESCAVAÇÃO MÁX. 4,37 M - MATERIAIS NA OPERAÇÃO. AF_06/2014","H",40.270000000000003,"SINAPI","CUSTOS HORÁRIOS DE MÁQUINAS E EQUIPAMENTOS","COMPOSIÇÕES AUXILIARES"]
[5674,"ROLO COMPACTADOR VIBRATÓRIO DE UM CILINDRO AÇO LISO, POTÊNCIA 80 HP, PESO OPERACIONAL MÁXIMO 8,1 T, IMPACTO DINÂMICO 16,15 / 9,5 T, LARGURA DE TRABALHO 1,68 M - MANUTENÇÃO. AF_06/2014","H",18.5,"SINAPI","CUSTOS HORÁRIOS DE MÁQUINAS E EQUIPAMENTOS","COMPOSIÇÕES AUXILIARES"]
[5692,"MOTOBOMBA CENTRÍFUGA, MOTOR A GASOLINA, POTÊNCIA 5,42 HP, BOCAIS 1 1/2\" X 1\", DIÂMETRO ROTOR 143 MM HM/Q = 6 MCA / 16,8 M3/H A 38 MCA / 6,6 M3/H - MANUTENÇÃO. AF_06/2014","H",0.13,"SINAPI","CUSTOS HORÁRIOS DE MÁQUINAS E EQUIPAMENTOS","COMPOSIÇÕES AUXILIARES"]
[5693,"MOTOBOMBA CENTRÍFUGA, MOTOR A GASOLINA, POTÊNCIA 5,42 HP, BOCAIS 1 1/2\" X 1\", DIÂMETRO ROTOR 143 MM HM/Q = 6 MCA / 16,8 M3/H A 38 MCA / 6,6 M3/H - MATERIAIS NA OPERAÇÃO. AF_06/2014","H",3.35,"SINAPI","CUSTOS HORÁRIOS DE MÁQUINAS E EQUIPAMENTOS","COMPOSIÇÕES AUXILIARES"]
[5695,"CAMINHÃO BASCULANTE 6 M3, PESO BRUTO TOTAL 16.000 KG, CARGA ÚTIL MÁXIMA 13.071 KG, DISTÂNCIA ENTRE EIXOS 4,80 M, POTÊNCIA 230 CV INCLUSIVE CAÇAMBA METÁLICA - MANUTENÇÃO. AF_06/2014","H",24.56,"SINAPI","CUSTOS HORÁRIOS DE MÁQUINAS E EQUIPAMENTOS","COMPOSIÇÕES AUXILIARES"]
[5703,"USINA DE CONCRETO FIXA, CAPACIDADE NOMINAL DE 90 A 120 M3/H, SEM SILO - MATERIAIS NA OPERAÇÃO. AF_07/2016","H",17.13,"SINAPI","CUSTOS HORÁRIOS DE MÁQUINAS E EQUIPAMENTOS","COMPOSIÇÕES AUXILIARES"]
[5705,"CAMINHÃO TOCO, PBT 16.000 KG, CARGA ÚTIL MÁX. 10.685 KG, DIST. ENTRE EIXOS 4,8 M, POTÊNCIA 189 CV, INCLUSIVE CARROCERIA FIXA ABERTA DE MADEIRA P/ TRANSPORTE GERAL DE CARGA SECA, DIMEN. APROX. 2,5 X 7,00 X 0,50 M - MANUTENÇÃO. AF_06/2014","H",15.34,"SINAPI","CUSTOS HORÁRIOS DE MÁQUINAS E EQUIPAMENTOS","COMPOSIÇÕES AUXILIARES"]
[5707,"USINA MISTURADORA DE SOLOS, CAPACIDADE DE 200 A 500 TON/H, POTENCIA 75KW - MANUTENÇÃO. AF_07/2016","H",39.72,"SINAPI","CUSTOS HORÁRIOS DE MÁQUINAS E EQUIPAMENTOS","COMPOSIÇÕES AUXILIARES"]
[5710,"VIBROACABADORA DE ASFALTO SOBRE ESTEIRAS, LARGURA DE PAVIMENTAÇÃO 1,90 M A 5,30 M, POTÊNCIA 105 HP CAPACIDADE 450 T/H - MANUTENÇÃO. AF_11/2014","H",96.06,"SINAPI","CUSTOS HORÁRIOS DE MÁQUINAS E EQUIPAMENTOS","COMPOSIÇÕES AUXILIARES"]
[5711,"VIBROACABADORA DE ASFALTO SOBRE ESTEIRAS, LARGURA DE PAVIMENTAÇÃO 1,90 M A 5,30 M, POTÊNCIA 105 HP CAPACIDADE 450 T/H - MATERIAIS NA OPERAÇÃO. AF_11/2014","H",49.77,"SINAPI","CUSTOS HORÁRIOS DE MÁQUINAS E EQUIPAMENTOS","COMPOSIÇÕES AUXILIARES"]
[5714,"TRATOR DE PNEUS, POTÊNCIA 85 CV, TRAÇÃO 4X4, PESO COM LASTRO DE 4.675 KG - MANUTENÇÃO. AF_06/2014","H",7.6,"SINAPI","CUSTOS HORÁRIOS DE MÁQUINAS E EQUIPAMENTOS","COMPOSIÇÕES AUXILIARES"]
[5715,"TRATOR DE PNEUS, POTÊNCIA 85 CV, TRAÇÃO 4X4, PESO COM LASTRO DE 4.675 KG - MATERIAIS NA OPERAÇÃO. AF_06/2014","H",39.74,"SINAPI","CUSTOS HORÁRIOS DE MÁQUINAS E EQUIPAMENTOS","COMPOSIÇÕES AUXILIARES"]
[5718,"TRATOR DE ESTEIRAS, POTÊNCIA 170 HP, PESO OPERACIONAL 19 T, CAÇAMBA 5,2 M3 - MATERIAIS NA OPERAÇÃO. AF_06/2014","H",80.58,"SINAPI","CUSTOS HORÁRIOS DE MÁQUINAS E EQUIPAMENTOS","COMPOSIÇÕES AUXILIARES"]
[5721,"TRATOR DE ESTEIRAS, POTÊNCIA 150 HP, PESO OPERACIONAL 16,7 T, COM RODA MOTRIZ ELEVADA E LÂMINA 3,18 M3 - MATERIAIS NA OPERAÇÃO. AF_06/2014","H",71.09,"SINAPI","CUSTOS HORÁRIOS DE MÁQUINAS E EQUIPAMENTOS","COMPOSIÇÕES AUXILIARES"]
[5722,"TRATOR DE ESTEIRAS, POTÊNCIA 347 HP, PESO OPERACIONAL 38,5 T, COM LÂMINA 8,70 M3 - MATERIAIS NA OPERAÇÃO. AF_06/2014","H",164.49,"SINAPI","CUSTOS HORÁRIOS DE MÁQUINAS E EQUIPAMENTOS","COMPOSIÇÕES AUXILIARES"]
[5724,"TRATOR DE ESTEIRAS, POTÊNCIA 100 HP, PESO OPERACIONAL 9,4 T, COM LÂMINA 2,19 M3 - MANUTENÇÃO. AF_06/2014","H",30.23,"SINAPI","CUSTOS HORÁRIOS DE MÁQUINAS E EQUIPAMENTOS","COMPOSIÇÕES AUXILIARES"]
[5727,"ROLO COMPACTADOR VIBRATÓRIO REBOCÁVEL, CILINDRO DE AÇO LISO, POTÊNCIA DE TRAÇÃO DE 65 CV, PESO 4,7 T, IMPACTO DINÂMICO 18,3 T, LARGURA DE TRABALHO 1,67 M - MANUTENÇÃO. AF_02/2016","H",5.58,"SINAPI","CUSTOS HORÁRIOS DE MÁQUINAS E EQUIPAMENTOS","COMPOSIÇÕES AUXILIARES"]
[5729,"ROLO COMPACTADOR VIBRATÓRIO TANDEM AÇO LISO, POTÊNCIA 58 HP, PESO SEM/COM LASTRO 6,5 / 9,4 T, LARGURA DE TRABALHO 1,2 M - MANUTENÇÃO. AF_06/2014","H",22.72,"SINAPI","CUSTOS HORÁRIOS DE MÁQUINAS E EQUIPAMENTOS","COMPOSIÇÕES AUXILIARES"]
[5730,"ROLO COMPACTADOR VIBRATÓRIO TANDEM AÇO LISO, POTÊNCIA 58 HP, PESO SEM/COM LASTRO 6,5 / 9,4 T, LARGURA DE TRABALHO 1,2 M - MATERIAIS NA OPERAÇÃO. AF_06/2014","H",27.49,"SINAPI","CUSTOS HORÁRIOS DE MÁQUINAS E EQUIPAMENTOS","COMPOSIÇÕES AUXILIARES"]
[5735,"RETROESCAVADEIRA SOBRE RODAS COM CARREGADEIRA, TRAÇÃO 4X4, POTÊNCIA LÍQ. 72 HP, CAÇAMBA CARREG. CAP. MÍN. 0,79 M3, CAÇAMBA RETRO CAP. 0,18 M3, PESO OPERACIONAL MÍN. 7.140 KG, PROFUNDIDADE ESCAVAÇÃO MÁX. 4,50 M - MANUTENÇÃO. AF_06/2014","H",17.36,"SINAPI","CUSTOS HORÁRIOS DE MÁQUINAS E EQUIPAMENTOS","COMPOSIÇÕES AUXILIARES"]
[5736,"RETROESCAVADEIRA SOBRE RODAS COM CARREGADEIRA, TRAÇÃO 4X4, POTÊNCIA LÍQ. 72 HP, CAÇAMBA CARREG. CAP. MÍN. 0,79 M3, CAÇAMBA RETRO CAP. 0,18 M3, PESO OPERACIONAL MÍN. 7.140 KG, PROFUNDIDADE ESCAVAÇÃO MÁX. 4,50 M - MATERIAIS NA OPERAÇÃO. AF_06/2014","H",36.950000000000003,"SINAPI","CUSTOS HORÁRIOS DE MÁQUINAS E EQUIPAMENTOS","COMPOSIÇÕES AUXILIARES"]
[5738,"ROLO COMPACTADOR VIBRATÓRIO PÉ DE CARNEIRO, OPERADO POR CONTROLE REMOTO, POTÊNCIA 12,5 KW, PESO OPERACIONAL 1,675 T, LARGURA DE TRABALHO 0,85 M - DEPRECIAÇÃO. AF_02/2016","H",20.2,"SINAPI","CUSTOS HORÁRIOS DE MÁQUINAS E EQUIPAMENTOS","COMPOSIÇÕES AUXILIARES"]
[5739,"ROLO COMPACTADOR VIBRATÓRIO PÉ DE CARNEIRO, OPERADO POR CONTROLE REMOTO, POTÊNCIA 12,5 KW, PESO OPERACIONAL 1,675 T, LARGURA DE TRABALHO 0,85 M - MANUTENÇÃO. AF_02/2016","H",25.29,"SINAPI","CUSTOS HORÁRIOS DE MÁQUINAS E EQUIPAMENTOS","COMPOSIÇÕES AUXILIARES"]
[5741,"USINA DE LAMA ASFÁLTICA, PROD 30 A 50 T/H, SILO DE AGREGADO 7 M3, RESERVATÓRIOS PARA EMULSÃO E ÁGUA DE 2,3 M3 CADA, MISTURADOR TIPO PUG MILL A SER MONTADO SOBRE CAMINHÃO - MANUTENÇÃO. AF_10/2014","H",27.29,"SINAPI","CUSTOS HORÁRIOS DE MÁQUINAS E EQUIPAMENTOS","COMPOSIÇÕES AUXILIARES"]
[5742,"USINA DE LAMA ASFÁLTICA, PROD 30 A 50 T/H, SILO DE AGREGADO 7 M3, RESERVATÓRIOS PARA EMULSÃO E ÁGUA DE 2,3 M3 CADA, MISTURADOR TIPO PUG MILL A SER MONTADO SOBRE CAMINHÃO - MATERIAIS NA OPERAÇÃO. AF_10/2014","H",15.42,"SINAPI","CUSTOS HORÁRIOS DE MÁQUINAS E EQUIPAMENTOS","COMPOSIÇÕES AUXILIARES"]
[5747,"CAMINHÃO PIPA 6.000 L, PESO BRUTO TOTAL 13.000 KG, DISTÂNCIA ENTRE EIXOS 4,80 M, POTÊNCIA 189 CV INCLUSIVE TANQUE DE AÇO PARA TRANSPORTE DE ÁGUA, CAPACIDADE 6 M3 - MATERIAIS NA OPERAÇÃO. AF_06/2014","H",88.39,"SINAPI","CUSTOS HORÁRIOS DE MÁQUINAS E EQUIPAMENTOS","COMPOSIÇÕES AUXILIARES"]
[5751,"CAMINHÃO TOCO, PESO BRUTO TOTAL 14.300 KG, CARGA ÚTIL MÁXIMA 9590 KG, DISTÂNCIA ENTRE EIXOS 4,76 M, POTÊNCIA 185 CV (NÃO INCLUI CARROCERIA) - MANUTENÇÃO. AF_06/2014","H",16.98,"SINAPI","CUSTOS HORÁRIOS DE MÁQUINAS E EQUIPAMENTOS","COMPOSIÇÕES AUXILIARES"]
[5754,"CAMINHÃO TOCO, PESO BRUTO TOTAL 16.000 KG, CARGA ÚTIL MÁXIMA DE 10.685 KG, DISTÂNCIA ENTRE EIXOS 4,80 M, POTÊNCIA 189 CV EXCLUSIVE CARROCERIA - MANUTENÇÃO. AF_06/2014","H",14.31,"SINAPI","CUSTOS HORÁRIOS DE MÁQUINAS E EQUIPAMENTOS","COMPOSIÇÕES AUXILIARES"]
[5763,"CAMINHÃO PIPA 10.000 L TRUCADO, PESO BRUTO TOTAL 23.000 KG, CARGA ÚTIL MÁXIMA 15.935 KG, DISTÂNCIA ENTRE EIXOS 4,8 M, POTÊNCIA 230 CV, INCLUSIVE TANQUE DE AÇO PARA TRANSPORTE DE ÁGUA - MANUTENÇÃO. AF_06/2014","H",24.2,"SINAPI","CUSTOS HORÁRIOS DE MÁQUINAS E EQUIPAMENTOS","COMPOSIÇÕES AUXILIARES"]
[5765,"ESPARGIDOR DE ASFALTO PRESSURIZADO COM TANQUE DE 2500 L, REBOCÁVEL COM MOTOR A GASOLINA POTÊNCIA 3,4 HP - MANUTENÇÃO. AF_07/2014","H",1.92,"SINAPI","CUSTOS HORÁRIOS DE MÁQUINAS E EQUIPAMENTOS","COMPOSIÇÕES AUXILIARES"]
[5766,"ESPARGIDOR DE ASFALTO PRESSURIZADO COM TANQUE DE 2500 L, REBOCÁVEL COM MOTOR A GASOLINA POTÊNCIA 3,4 HP - MATERIAIS NA OPERAÇÃO. AF_07/2014","H",2.11,"SINAPI","CUSTOS HORÁRIOS DE MÁQUINAS E EQUIPAMENTOS","COMPOSIÇÕES AUXILIARES"]
[5779,"MOTONIVELADORA POTÊNCIA BÁSICA LÍQUIDA (PRIMEIRA MARCHA) 125 HP, PESO BRUTO 13032 KG, LARGURA DA LÂMINA DE 3,7 M - MANUTENÇÃO. AF_06/2014","H",35.68,"SINAPI","CUSTOS HORÁRIOS DE MÁQUINAS E EQUIPAMENTOS","COMPOSIÇÕES AUXILIARES"]
[5787,"PÁ CARREGADEIRA SOBRE RODAS, POTÊNCIA 197 HP, CAPACIDADE DA CAÇAMBA 2,5 A 3,5 M3, PESO OPERACIONAL 18338 KG - MATERIAIS NA OPERAÇÃO. AF_06/2014","H",93.36,"SINAPI","CUSTOS HORÁRIOS DE MÁQUINAS E EQUIPAMENTOS","COMPOSIÇÕES AUXILIARES"]
[5797,"COMPRESSOR DE AR REBOCÁVEL, VAZÃO 189 PCM, PRESSÃO EFETIVA DE TRABALHO 102 PSI, MOTOR DIESEL, POTÊNCIA 63 CV - MANUTENÇÃO. AF_06/2015","H",2.92,"SINAPI","CUSTOS HORÁRIOS DE MÁQUINAS E EQUIPAMENTOS","COMPOSIÇÕES AUXILIARES"]
[5800,"BOMBA SUBMERSÍVEL ELÉTRICA TRIFÁSICA, POTÊNCIA 2,96 HP, Ø ROTOR 144 MM SEMI-ABERTO, BOCAL DE SAÍDA Ø 2\u0094, HM/Q = 2 MCA / 38,8 M3/H A 28 MCA / 5 M3/H - MANUTENÇÃO. AF_06/2014","H",0.23,"SINAPI","CUSTOS HORÁRIOS DE MÁQUINAS E EQUIPAMENTOS","COMPOSIÇÕES AUXILIARES"]
[7032,"TANQUE DE ASFALTO ESTACIONÁRIO COM SERPENTINA, CAPACIDADE 30.000 L - DEPRECIAÇÃO. AF_06/2014","H",2.81,"SINAPI","CUSTOS HORÁRIOS DE MÁQUINAS E EQUIPAMENTOS","COMPOSIÇÕES AUXILIARES"]
[7033,"TANQUE DE ASFALTO ESTACIONÁRIO COM SERPENTINA, CAPACIDADE 30.000 L - JUROS. AF_06/2014","H",1.1200000000000001,"SINAPI","CUSTOS HORÁRIOS DE MÁQUINAS E EQUIPAMENTOS","COMPOSIÇÕES AUXILIARES"]
[7034,"TANQUE DE ASFALTO ESTACIONÁRIO COM SERPENTINA, CAPACIDADE 30.000 L - MANUTENÇÃO. AF_06/2014","H",5.27,"SINAPI","CUSTOS HORÁRIOS DE MÁQUINAS E EQUIPAMENTOS","COMPOSIÇÕES AUXILIARES"]
[7035,"TANQUE DE ASFALTO ESTACIONÁRIO COM SERPENTINA, CAPACIDADE 30.000 L - MATERIAIS NA OPERAÇÃO. AF_06/2014","H",151.29,"SINAPI","CUSTOS HORÁRIOS DE MÁQUINAS E EQUIPAMENTOS","COMPOSIÇÕES AUXILIARES"]
[7038,"ROLO COMPACTADOR DE PNEUS ESTÁTICO, PRESSÃO VARIÁVEL, POTÊNCIA 111 HP, PESO SEM/COM LASTRO 9,5 / 26 T, LARGURA DE TRABALHO 1,90 M - DEPRECIAÇÃO. AF_07/2014","H",23.11,"SINAPI","CUSTOS HORÁRIOS DE MÁQUINAS E EQUIPAMENTOS","COMPOSIÇÕES AUXILIARES"]
[7039,"ROLO COMPACTADOR DE PNEUS ESTÁTICO, PRESSÃO VARIÁVEL, POTÊNCIA 111 HP, PESO SEM/COM LASTRO 9,5 / 26 T, LARGURA DE TRABALHO 1,90 M - JUROS. AF_07/2014","H",6.07,"SINAPI","CUSTOS HORÁRIOS DE MÁQUINAS E EQUIPAMENTOS","COMPOSIÇÕES AUXILIARES"]
[7040,"ROLO COMPACTADOR DE PNEUS ESTÁTICO, PRESSÃO VARIÁVEL, POTÊNCIA 111 HP, PESO SEM/COM LASTRO 9,5 / 26 T, LARGURA DE TRABALHO 1,90 M - MANUTENÇÃO. AF_07/2014","H",28.92,"SINAPI","CUSTOS HORÁRIOS DE MÁQUINAS E EQUIPAMENTOS","COMPOSIÇÕES AUXILIARES"]
[7044,"MOTOBOMBA TRASH (PARA ÁGUA SUJA) AUTO ESCORVANTE, MOTOR GASOLINA DE 6,41 HP, DIÂMETROS DE SUCÇÃO X RECALQUE: 3\" X 3\", HM/Q = 10 MCA / 60 M3/H A 23 MCA / 0 M3/H - DEPRECIAÇÃO. AF_10/2014","H",0.14000000000000001,"SINAPI","CUSTOS HORÁRIOS DE MÁQUINAS E EQUIPAMENTOS","COMPOSIÇÕES AUXILIARES"]
[7045,"MOTOBOMBA TRASH (PARA ÁGUA SUJA) AUTO ESCORVANTE, MOTOR GASOLINA DE 6,41 HP, DIÂMETROS DE SUCÇÃO X RECALQUE: 3\" X 3\", HM/Q = 10 MCA / 60 M3/H A 23 MCA / 0 M3/H - JUROS. AF_10/2014","H",0.03,"SINAPI","CUSTOS HORÁRIOS DE MÁQUINAS E EQUIPAMENTOS","COMPOSIÇÕES AUXILIARES"]
[7046,"MOTOBOMBA TRASH (PARA ÁGUA SUJA) AUTO ESCORVANTE, MOTOR GASOLINA DE 6,41 HP, DIÂMETROS DE SUCÇÃO X RECALQUE: 3\" X 3\", HM/Q = 10 MCA / 60 M3/H A 23 MCA / 0 M3/H - MANUTENÇÃO. AF_10/2014","H",0.16,"SINAPI","CUSTOS HORÁRIOS DE MÁQUINAS E EQUIPAMENTOS","COMPOSIÇÕES AUXILIARES"]
[7047,"MOTOBOMBA TRASH (PARA ÁGUA SUJA) AUTO ESCORVANTE, MOTOR GASOLINA DE 6,41 HP, DIÂMETROS DE SUCÇÃO X RECALQUE: 3\" X 3\", HM/Q = 10 MCA / 60 M3/H A 23 MCA / 0 M3/H - MATERIAIS NA OPERAÇÃO. AF_10/2014","H",3.97,"SINAPI","CUSTOS HORÁRIOS DE MÁQUINAS E EQUIPAMENTOS","COMPOSIÇÕES AUXILIARES"]
[7051,"ROLO COMPACTADOR PE DE CARNEIRO VIBRATORIO, POTENCIA 125 HP, PESO OPERACIONAL SEM/COM LASTRO 11,95 / 13,30 T, IMPACTO DINAMICO 38,5 / 22,5 T, LARGURA DE TRABALHO 2,15 M - DEPRECIAÇÃO. AF_06/2014","H",20.5,"SINAPI","CUSTOS HORÁRIOS DE MÁQUINAS E EQUIPAMENTOS","COMPOSIÇÕES AUXILIARES"]
[7052,"ROLO COMPACTADOR PE DE CARNEIRO VIBRATORIO, POTENCIA 125 HP, PESO OPERACIONAL SEM/COM LASTRO 11,95 / 13,30 T, IMPACTO DINAMICO 38,5 / 22,5 T, LARGURA DE TRABALHO 2,15 M - JUROS. AF_06/2014","H",5.38,"SINAPI","CUSTOS HORÁRIOS DE MÁQUINAS E EQUIPAMENTOS","COMPOSIÇÕES AUXILIARES"]
[7053,"ROLO COMPACTADOR PE DE CARNEIRO VIBRATORIO, POTENCIA 125 HP, PESO OPERACIONAL SEM/COM LASTRO 11,95 / 13,30 T, IMPACTO DINAMICO 38,5 / 22,5 T, LARGURA DE TRABALHO 2,15 M - MANUTENÇÃO. AF_06/2014","H",25.65,"SINAPI","CUSTOS HORÁRIOS DE MÁQUINAS E EQUIPAMENTOS","COMPOSIÇÕES AUXILIARES"]
[7054,"ROLO COMPACTADOR PE DE CARNEIRO VIBRATORIO, POTENCIA 125 HP, PESO OPERACIONAL SEM/COM LASTRO 11,95 / 13,30 T, IMPACTO DINAMICO 38,5 / 22,5 T, LARGURA DE TRABALHO 2,15 M - MATERIAIS NA OPERAÇÃO. AF_06/2014","H",59.26,"SINAPI","CUSTOS HORÁRIOS DE MÁQUINAS E EQUIPAMENTOS","COMPOSIÇÕES AUXILIARES"]
[7058,"CAMINHÃO BASCULANTE 6 M3 TOCO, PESO BRUTO TOTAL 16.000 KG, CARGA ÚTIL MÁXIMA 11.130 KG, DISTÂNCIA ENTRE EIXOS 5,36 M, POTÊNCIA 185 CV, INCLUSIVE CAÇAMBA METÁLICA - DEPRECIAÇÃO. AF_06/2014","H",12.5,"SINAPI","CUSTOS HORÁRIOS DE MÁQUINAS E EQUIPAMENTOS","COMPOSIÇÕES AUXILIARES"]
[7059,"CAMINHÃO BASCULANTE 6 M3 TOCO, PESO BRUTO TOTAL 16.000 KG, CARGA ÚTIL MÁXIMA 11.130 KG, DISTÂNCIA ENTRE EIXOS 5,36 M, POTÊNCIA 185 CV, INCLUSIVE CAÇAMBA METÁLICA - JUROS. AF_06/2014","H",4.3600000000000003,"SINAPI","CUSTOS HORÁRIOS DE MÁQUINAS E EQUIPAMENTOS","COMPOSIÇÕES AUXILIARES"]
[7060,"CAMINHÃO BASCULANTE 6 M3 TOCO, PESO BRUTO TOTAL 16.000 KG, CARGA ÚTIL MÁXIMA 11.130 KG, DISTÂNCIA ENTRE EIXOS 5,36 M, POTÊNCIA 185 CV, INCLUSIVE CAÇAMBA METÁLICA - MANUTENÇÃO. AF_06/2014","H",23.44,"SINAPI","CUSTOS HORÁRIOS DE MÁQUINAS E EQUIPAMENTOS","COMPOSIÇÕES AUXILIARES"]
[7061,"CAMINHÃO BASCULANTE 6 M3 TOCO, PESO BRUTO TOTAL 16.000 KG, CARGA ÚTIL MÁXIMA 11.130 KG, DISTÂNCIA ENTRE EIXOS 5,36 M, POTÊNCIA 185 CV, INCLUSIVE CAÇAMBA METÁLICA - MATERIAIS NA OPERAÇÃO. AF_06/2014","H",86.52,"SINAPI","CUSTOS HORÁRIOS DE MÁQUINAS E EQUIPAMENTOS","COMPOSIÇÕES AUXILIARES"]
[7063,"TRATOR DE PNEUS, POTÊNCIA 122 CV, TRAÇÃO 4X4, PESO COM LASTRO DE 4.510 KG - DEPRECIAÇÃO. AF_06/2014","H",9.49,"SINAPI","CUSTOS HORÁRIOS DE MÁQUINAS E EQUIPAMENTOS","COMPOSIÇÕES AUXILIARES"]
[7064,"TRATOR DE PNEUS, POTÊNCIA 122 CV, TRAÇÃO 4X4, PESO COM LASTRO DE 4.510 KG - JUROS. AF_06/2014","H",2.4900000000000002,"SINAPI","CUSTOS HORÁRIOS DE MÁQUINAS E EQUIPAMENTOS","COMPOSIÇÕES AUXILIARES"]
[7065,"TRATOR DE PNEUS, POTÊNCIA 122 CV, TRAÇÃO 4X4, PESO COM LASTRO DE 4.510 KG - MANUTENÇÃO. AF_06/2014","H",10.38,"SINAPI","CUSTOS HORÁRIOS DE MÁQUINAS E EQUIPAMENTOS","COMPOSIÇÕES AUXILIARES"]
[7066,"TRATOR DE PNEUS, POTÊNCIA 122 CV, TRAÇÃO 4X4, PESO COM LASTRO DE 4.510 KG - MATERIAIS NA OPERAÇÃO. AF_06/2014","H",57.04,"SINAPI","CUSTOS HORÁRIOS DE MÁQUINAS E EQUIPAMENTOS","COMPOSIÇÕES AUXILIARES"]
[53786,"RETROESCAVADEIRA SOBRE RODAS COM CARREGADEIRA, TRAÇÃO 4X4, POTÊNCIA LÍQ. 88 HP, CAÇAMBA CARREG. CAP. MÍN. 1 M3, CAÇAMBA RETRO CAP. 0,26 M3, PESO OPERACIONAL MÍN. 6.674 KG, PROFUNDIDADE ESCAVAÇÃO MÁX. 4,37 M - MATERIAIS NA OPERAÇÃO. AF_06/2014","H",43.59,"SINAPI","CUSTOS HORÁRIOS DE MÁQUINAS E EQUIPAMENTOS","COMPOSIÇÕES AUXILIARES"]
[53788,"ROLO COMPACTADOR VIBRATÓRIO DE UM CILINDRO AÇO LISO, POTÊNCIA 80 HP, PESO OPERACIONAL MÁXIMO 8,1 T, IMPACTO DINÂMICO 16,15 / 9,5 T, LARGURA DE TRABALHO 1,68 M - MATERIAIS NA OPERAÇÃO. AF_06/2014","H",37.909999999999997,"SINAPI","CUSTOS HORÁRIOS DE MÁQUINAS E EQUIPAMENTOS","COMPOSIÇÕES AUXILIARES"]
[53792,"CAMINHÃO BASCULANTE 6 M3, PESO BRUTO TOTAL 16.000 KG, CARGA ÚTIL MÁXIMA 13.071 KG, DISTÂNCIA ENTRE EIXOS 4,80 M, POTÊNCIA 230 CV INCLUSIVE CAÇAMBA METÁLICA - MATERIAIS NA OPERAÇÃO. AF_06/2014","H",107.55,"SINAPI","CUSTOS HORÁRIOS DE MÁQUINAS E EQUIPAMENTOS","COMPOSIÇÕES AUXILIARES"]
[53794,"USINA DE CONCRETO FIXA, CAPACIDADE NOMINAL DE 90 A 120 M3/H, SEM SILO - MANUTENÇÃO. AF_07/2016","H",35,"SINAPI","CUSTOS HORÁRIOS DE MÁQUINAS E EQUIPAMENTOS","COMPOSIÇÕES AUXILIARES"]
[53797,"CAMINHÃO TOCO, PBT 16.000 KG, CARGA ÚTIL MÁX. 10.685 KG, DIST. ENTRE EIXOS 4,8 M, POTÊNCIA 189 CV, INCLUSIVE CARROCERIA FIXA ABERTA DE MADEIRA P/ TRANSPORTE GERAL DE CARGA SECA, DIMEN. APROX. 2,5 X 7,00 X 0,50 M - MATERIAIS NA OPERAÇÃO. AF_06/2014","H",88.39,"SINAPI","CUSTOS HORÁRIOS DE MÁQUINAS E EQUIPAMENTOS","COMPOSIÇÕES AUXILIARES"]
[53804,"VASSOURA MECÂNICA REBOCÁVEL COM ESCOVA CILÍNDRICA, LARGURA ÚTIL DE VARRIMENTO DE 2,44 M - MANUTENÇÃO. AF_06/2014","H",2.4500000000000002,"SINAPI","CUSTOS HORÁRIOS DE MÁQUINAS E EQUIPAMENTOS","COMPOSIÇÕES AUXILIARES"]
[53806,"TRATOR DE ESTEIRAS, POTÊNCIA 170 HP, PESO OPERACIONAL 19 T, CAÇAMBA 5,2 M3 - MANUTENÇÃO. AF_06/2014","H",38.950000000000003,"SINAPI","CUSTOS HORÁRIOS DE MÁQUINAS E EQUIPAMENTOS","COMPOSIÇÕES AUXILIARES"]
[53810,"TRATOR DE ESTEIRAS, POTÊNCIA 150 HP, PESO OPERACIONAL 16,7 T, COM RODA MOTRIZ ELEVADA E LÂMINA 3,18 M3 - MANUTENÇÃO. AF_06/2014","H",39.19,"SINAPI","CUSTOS HORÁRIOS DE MÁQUINAS E EQUIPAMENTOS","COMPOSIÇÕES AUXILIARES"]
[53814,"TRATOR DE ESTEIRAS, POTÊNCIA 347 HP, PESO OPERACIONAL 38,5 T, COM LÂMINA 8,70 M3 - MANUTENÇÃO. AF_06/2014","H",128.38999999999999,"SINAPI","CUSTOS HORÁRIOS DE MÁQUINAS E EQUIPAMENTOS","COMPOSIÇÕES AUXILIARES"]
[53817,"TRATOR DE ESTEIRAS, POTÊNCIA 100 HP, PESO OPERACIONAL 9,4 T, COM LÂMINA 2,19 M3 - MATERIAIS NA OPERAÇÃO. AF_06/2014","H",47.4,"SINAPI","CUSTOS HORÁRIOS DE MÁQUINAS E EQUIPAMENTOS","COMPOSIÇÕES AUXILIARES"]
[53818,"ROLO COMPACTADOR VIBRATÓRIO REBOCÁVEL, CILINDRO DE AÇO LISO, POTÊNCIA DE TRAÇÃO DE 65 CV, PESO 4,7 T, IMPACTO DINÂMICO 18,3 T, LARGURA DE TRABALHO 1,67 M - DEPRECIAÇÃO. AF_02/2016","H",4.46,"SINAPI","CUSTOS HORÁRIOS DE MÁQUINAS E EQUIPAMENTOS","COMPOSIÇÕES AUXILIARES"]
[53827,"CAMINHÃO TOCO, PESO BRUTO TOTAL 14.300 KG, CARGA ÚTIL MÁXIMA 9590 KG, DISTÂNCIA ENTRE EIXOS 4,76 M, POTÊNCIA 185 CV (NÃO INCLUI CARROCERIA) - MATERIAIS NA OPERAÇÃO. AF_06/2014","H",86.52,"SINAPI","CUSTOS HORÁRIOS DE MÁQUINAS E EQUIPAMENTOS","COMPOSIÇÕES AUXILIARES"]
[53829,"CAMINHÃO TOCO, PESO BRUTO TOTAL 16.000 KG, CARGA ÚTIL MÁXIMA DE 10.685 KG, DISTÂNCIA ENTRE EIXOS 4,80 M, POTÊNCIA 189 CV EXCLUSIVE CARROCERIA - MATERIAIS NA OPERAÇÃO. AF_06/2014","H",88.39,"SINAPI","CUSTOS HORÁRIOS DE MÁQUINAS E EQUIPAMENTOS","COMPOSIÇÕES AUXILIARES"]
[53831,"CAMINHÃO PIPA 10.000 L TRUCADO, PESO BRUTO TOTAL 23.000 KG, CARGA ÚTIL MÁXIMA 15.935 KG, DISTÂNCIA ENTRE EIXOS 4,8 M, POTÊNCIA 230 CV, INCLUSIVE TANQUE DE AÇO PARA TRANSPORTE DE ÁGUA - MATERIAIS NA OPERAÇÃO. AF_06/2014","H",107.55,"SINAPI","CUSTOS HORÁRIOS DE MÁQUINAS E EQUIPAMENTOS","COMPOSIÇÕES AUXILIARES"]
[53840,"GRADE DE DISCO REBOCÁVEL COM 20 DISCOS 24\" X 6 MM COM PNEUS PARA TRANSPORTE - DEPRECIAÇÃO. AF_06/2014","H",1.33,"SINAPI","CUSTOS HORÁRIOS DE MÁQUINAS E EQUIPAMENTOS","COMPOSIÇÕES AUXILIARES"]
[53841,"GRADE DE DISCO REBOCÁVEL COM 20 DISCOS 24\" X 6 MM COM PNEUS PARA TRANSPORTE - MANUTENÇÃO. AF_06/2014","H",0.92,"SINAPI","CUSTOS HORÁRIOS DE MÁQUINAS E EQUIPAMENTOS","COMPOSIÇÕES AUXILIARES"]
[53849,"MOTONIVELADORA POTÊNCIA BÁSICA LÍQUIDA (PRIMEIRA MARCHA) 125 HP, PESO BRUTO 13032 KG, LARGURA DA LÂMINA DE 3,7 M - MATERIAIS NA OPERAÇÃO. AF_06/2014","H",59.26,"SINAPI","CUSTOS HORÁRIOS DE MÁQUINAS E EQUIPAMENTOS","COMPOSIÇÕES AUXILIARES"]
[53857,"PÁ CARREGADEIRA SOBRE RODAS, POTÊNCIA LÍQUIDA 128 HP, CAPACIDADE DA CAÇAMBA 1,7 A 2,8 M3, PESO OPERACIONAL 11632 KG - MANUTENÇÃO. AF_06/2014","H",28.91,"SINAPI","CUSTOS HORÁRIOS DE MÁQUINAS E EQUIPAMENTOS","COMPOSIÇÕES AUXILIARES"]
[53858,"PÁ CARREGADEIRA SOBRE RODAS, POTÊNCIA LÍQUIDA 128 HP, CAPACIDADE DA CAÇAMBA 1,7 A 2,8 M3, PESO OPERACIONAL 11632 KG - MATERIAIS NA OPERAÇÃO. AF_06/2014","H",60.68,"SINAPI","CUSTOS HORÁRIOS DE MÁQUINAS E EQUIPAMENTOS","COMPOSIÇÕES AUXILIARES"]
[53861,"PÁ CARREGADEIRA SOBRE RODAS, POTÊNCIA 197 HP, CAPACIDADE DA CAÇAMBA 2,5 A 3,5 M3, PESO OPERACIONAL 18338 KG - MANUTENÇÃO. AF_06/2014","H",40.08,"SINAPI","CUSTOS HORÁRIOS DE MÁQUINAS E EQUIPAMENTOS","COMPOSIÇÕES AUXILIARES"]
[53863,"MARTELETE OU ROMPEDOR PNEUMÁTICO MANUAL, 28 KG, COM SILENCIADOR - MANUTENÇÃO. AF_07/2016","H",1.3,"SINAPI","CUSTOS HORÁRIOS DE MÁQUINAS E EQUIPAMENTOS","COMPOSIÇÕES AUXILIARES"]
[53865,"COMPRESSOR DE AR REBOCÁVEL, VAZÃO 189 PCM, PRESSÃO EFETIVA DE TRABALHO 102 PSI, MOTOR DIESEL, POTÊNCIA 63 CV - MATERIAIS NA OPERAÇÃO. AF_06/2015","H",29.47,"SINAPI","CUSTOS HORÁRIOS DE MÁQUINAS E EQUIPAMENTOS","COMPOSIÇÕES AUXILIARES"]
[53866,"BOMBA SUBMERSÍVEL ELÉTRICA TRIFÁSICA, POTÊNCIA 2,96 HP, Ø ROTOR 144 MM SEMI-ABERTO, BOCAL DE SAÍDA Ø 2\u0094, HM/Q = 2 MCA / 38,8 M3/H A 28 MCA / 5 M3/H - MATERIAIS NA OPERAÇÃO. AF_06/2014","H",1.39,"SINAPI","CUSTOS HORÁRIOS DE MÁQUINAS E EQUIPAMENTOS","COMPOSIÇÕES AUXILIARES"]
[53882,"CAMINHÃO PIPA 6.000 L, PESO BRUTO TOTAL 13.000 KG, DISTÂNCIA ENTRE EIXOS 4,80 M, POTÊNCIA 189 CV INCLUSIVE TANQUE DE AÇO PARA TRANSPORTE DE ÁGUA, CAPACIDADE 6 M3 - MANUTENÇÃO. AF_06/2014","H",18.829999999999998,"SINAPI","CUSTOS HORÁRIOS DE MÁQUINAS E EQUIPAMENTOS","COMPOSIÇÕES AUXILIARES"]
[55263,"ROLO COMPACTADOR DE PNEUS ESTÁTICO, PRESSÃO VARIÁVEL, POTÊNCIA 111 HP, PESO SEM/COM LASTRO 9,5 / 26 T, LARGURA DE TRABALHO 1,90 M - MATERIAIS NA OPERAÇÃO. AF_07/2014","H",52.63,"SINAPI","CUSTOS HORÁRIOS DE MÁQUINAS E EQUIPAMENTOS","COMPOSIÇÕES AUXILIARES"]
[73303,"GRUPO GERADOR ESTACIONÁRIO, MOTOR DIESEL POTÊNCIA 170 KVA - DEPRECIAÇÃO. AF_02/2016","H",3.43,"SINAPI","CUSTOS HORÁRIOS DE MÁQUINAS E EQUIPAMENTOS","COMPOSIÇÕES AUXILIARES"]
[73307,"GRUPO GERADOR ESTACIONÁRIO, MOTOR DIESEL POTÊNCIA 170 KVA - MANUTENÇÃO. AF_02/2016","H",3.06,"SINAPI","CUSTOS HORÁRIOS DE MÁQUINAS E EQUIPAMENTOS","COMPOSIÇÕES AUXILIARES"]
[73309,"ROLO COMPACTADOR VIBRATÓRIO PÉ DE CARNEIRO PARA SOLOS, POTÊNCIA 80 HP, PESO OPERACIONAL SEM/COM LASTRO 7,4 / 8,8 T, LARGURA DE TRABALHO 1,68 M - DEPRECIAÇÃO. AF_02/2016","H",15.37,"SINAPI","CUSTOS HORÁRIOS DE MÁQUINAS E EQUIPAMENTOS","COMPOSIÇÕES AUXILIARES"]
[73311,"GRUPO GERADOR ESTACIONÁRIO, MOTOR DIESEL POTÊNCIA 170 KVA - MATERIAIS NA OPERAÇÃO. AF_02/2016","H",99.54,"SINAPI","CUSTOS HORÁRIOS DE MÁQUINAS E EQUIPAMENTOS","COMPOSIÇÕES AUXILIARES"]
[73313,"ROLO COMPACTADOR VIBRATÓRIO PÉ DE CARNEIRO PARA SOLOS, POTÊNCIA 80 HP, PESO OPERACIONAL SEM/COM LASTRO 7,4 / 8,8 T, LARGURA DE TRABALHO 1,68 M - JUROS. AF_02/2016","H",4.03,"SINAPI","CUSTOS HORÁRIOS DE MÁQUINAS E EQUIPAMENTOS","COMPOSIÇÕES AUXILIARES"]
[73315,"ROLO COMPACTADOR VIBRATÓRIO PÉ DE CARNEIRO PARA SOLOS, POTÊNCIA 80 HP, PESO OPERACIONAL SEM/COM LASTRO 7,4 / 8,8 T, LARGURA DE TRABALHO 1,68 M - MATERIAIS NA OPERAÇÃO. AF_02/2016","H",37.909999999999997,"SINAPI","CUSTOS HORÁRIOS DE MÁQUINAS E EQUIPAMENTOS","COMPOSIÇÕES AUXILIARES"]
[73335,"CAMINHÃO TOCO, PBT 14.300 KG, CARGA ÚTIL MÁX. 9.710 KG, DIST. ENTRE EIXOS 3,56 M, POTÊNCIA 185 CV, INCLUSIVE CARROCERIA FIXA ABERTA DE MADEIRA P/ TRANSPORTE GERAL DE CARGA SECA, DIMEN. APROX. 2,50 X 6,50 X 0,50 M - MANUTENÇÃO. AF_06/2014","H",18.25,"SINAPI","CUSTOS HORÁRIOS DE MÁQUINAS E EQUIPAMENTOS","COMPOSIÇÕES AUXILIARES"]
[73340,"CAMINHÃO TOCO, PBT 14.300 KG, CARGA ÚTIL MÁX. 9.710 KG, DIST. ENTRE EIXOS 3,56 M, POTÊNCIA 185 CV, INCLUSIVE CARROCERIA FIXA ABERTA DE MADEIRA P/ TRANSPORTE GERAL DE CARGA SECA, DIMEN. APROX. 2,50 X 6,50 X 0,50 M - MATERIAIS NA OPERAÇÃO. AF_06/2014","H",86.52,"SINAPI","CUSTOS HORÁRIOS DE MÁQUINAS E EQUIPAMENTOS","COMPOSIÇÕES AUXILIARES"]
[83361,"ESPARGIDOR DE ASFALTO PRESSURIZADO, TANQUE 6 M3 COM ISOLAÇÃO TÉRMICA, AQUECIDO COM 2 MAÇARICOS, COM BARRA ESPARGIDORA 3,60 M, MONTADO SOBRE CAMINHÃO  TOCO, PBT 14.300 KG, POTÊNCIA 185 CV - MANUTENÇÃO. AF_08/2015","H",10.94,"SINAPI","CUSTOS HORÁRIOS DE MÁQUINAS E EQUIPAMENTOS","COMPOSIÇÕES AUXILIARES"]
[83761,"GRUPO DE SOLDAGEM COM GERADOR A DIESEL 60 CV PARA SOLDA ELÉTRICA, SOBRE 04 RODAS, COM MOTOR 4 CILINDROS 600 A - DEPRECIAÇÃO. AF_02/2016","H",7.32,"SINAPI","CUSTOS HORÁRIOS DE MÁQUINAS E EQUIPAMENTOS","COMPOSIÇÕES AUXILIARES"]
[83762,"GRUPO DE SOLDAGEM COM GERADOR A DIESEL 60 CV PARA SOLDA ELÉTRICA, SOBRE 04 RODAS, COM MOTOR 4 CILINDROS 600 A - MANUTENÇÃO. AF_02/2016","H",9.15,"SINAPI","CUSTOS HORÁRIOS DE MÁQUINAS E EQUIPAMENTOS","COMPOSIÇÕES AUXILIARES"]
[83763,"GRUPO DE SOLDAGEM COM GERADOR A DIESEL 60 CV PARA SOLDA ELÉTRICA, SOBRE 04 RODAS, COM MOTOR 4 CILINDROS 600 A - MATERIAIS NA OPERAÇÃO. AF_02/2016","H",28.06,"SINAPI","CUSTOS HORÁRIOS DE MÁQUINAS E EQUIPAMENTOS","COMPOSIÇÕES AUXILIARES"]
[83764,"GRUPO DE SOLDAGEM COM GERADOR A DIESEL 60 CV PARA SOLDA ELÉTRICA, SOBRE 04 RODAS, COM MOTOR 4 CILINDROS 600 A - JUROS. AF_02/2016","H",1.64,"SINAPI","CUSTOS HORÁRIOS DE MÁQUINAS E EQUIPAMENTOS","COMPOSIÇÕES AUXILIARES"]
[87026,"GRADE DE DISCO REBOCÁVEL COM 20 DISCOS 24\" X 6 MM COM PNEUS PARA TRANSPORTE - JUROS. AF_06/2014","H",0.35,"SINAPI","CUSTOS HORÁRIOS DE MÁQUINAS E EQUIPAMENTOS","COMPOSIÇÕES AUXILIARES"]
[87441,"BETONEIRA CAPACIDADE NOMINAL 400 L, CAPACIDADE DE MISTURA 310 L, MOTOR A DIESEL POTÊNCIA 5,0 HP, SEM CARREGADOR - DEPRECIAÇÃO. AF_06/2014","H",0.26,"SINAPI","CUSTOS HORÁRIOS DE MÁQUINAS E EQUIPAMENTOS","COMPOSIÇÕES AUXILIARES"]
[87442,"BETONEIRA CAPACIDADE NOMINAL 400 L, CAPACIDADE DE MISTURA 310 L, MOTOR A DIESEL POTÊNCIA 5,0 HP, SEM CARREGADOR - JUROS. AF_06/2014","H",0.05,"SINAPI","CUSTOS HORÁRIOS DE MÁQUINAS E EQUIPAMENTOS","COMPOSIÇÕES AUXILIARES"]
[87443,"BETONEIRA CAPACIDADE NOMINAL 400 L, CAPACIDADE DE MISTURA 310 L, MOTOR A DIESEL POTÊNCIA 5,0 HP, SEM CARREGADOR - MANUTENÇÃO. AF_06/2014","H",0.24,"SINAPI","CUSTOS HORÁRIOS DE MÁQUINAS E EQUIPAMENTOS","COMPOSIÇÕES AUXILIARES"]
[87444,"BETONEIRA CAPACIDADE NOMINAL 400 L, CAPACIDADE DE MISTURA 310 L, MOTOR A DIESEL POTÊNCIA 5,0 HP, SEM CARREGADOR - MATERIAIS NA OPERAÇÃO. AF_06/2014","H",2.36,"SINAPI","CUSTOS HORÁRIOS DE MÁQUINAS E EQUIPAMENTOS","COMPOSIÇÕES AUXILIARES"]
[88387,"MISTURADOR DE ARGAMASSA, EIXO HORIZONTAL, CAPACIDADE DE MISTURA 300 KG, MOTOR ELÉTRICO POTÊNCIA 5 CV - DEPRECIAÇÃO. AF_06/2014","H",0.51,"SINAPI","CUSTOS HORÁRIOS DE MÁQUINAS E EQUIPAMENTOS","COMPOSIÇÕES AUXILIARES"]
[88389,"MISTURADOR DE ARGAMASSA, EIXO HORIZONTAL, CAPACIDADE DE MISTURA 300 KG, MOTOR ELÉTRICO POTÊNCIA 5 CV - JUROS. AF_06/2014","H",0.11,"SINAPI","CUSTOS HORÁRIOS DE MÁQUINAS E EQUIPAMENTOS","COMPOSIÇÕES AUXILIARES"]
[88390,"MISTURADOR DE ARGAMASSA, EIXO HORIZONTAL, CAPACIDADE DE MISTURA 300 KG, MOTOR ELÉTRICO POTÊNCIA 5 CV - MANUTENÇÃO. AF_06/2014","H",0.64,"SINAPI","CUSTOS HORÁRIOS DE MÁQUINAS E EQUIPAMENTOS","COMPOSIÇÕES AUXILIARES"]
[88391,"MISTURADOR DE ARGAMASSA, EIXO HORIZONTAL, CAPACIDADE DE MISTURA 300 KG, MOTOR ELÉTRICO POTÊNCIA 5 CV - MATERIAIS NA OPERAÇÃO. AF_06/2014","H",2.25,"SINAPI","CUSTOS HORÁRIOS DE MÁQUINAS E EQUIPAMENTOS","COMPOSIÇÕES AUXILIARES"]
[88394,"MISTURADOR DE ARGAMASSA, EIXO HORIZONTAL, CAPACIDADE DE MISTURA 600 KG, MOTOR ELÉTRICO POTÊNCIA 7,5 CV - DEPRECIAÇÃO. AF_06/2014","H",0.61,"SINAPI","CUSTOS HORÁRIOS DE MÁQUINAS E EQUIPAMENTOS","COMPOSIÇÕES AUXILIARES"]
[88395,"MISTURADOR DE ARGAMASSA, EIXO HORIZONTAL, CAPACIDADE DE MISTURA 600 KG, MOTOR ELÉTRICO POTÊNCIA 7,5 CV - JUROS. AF_06/2014","H",0.13,"SINAPI","CUSTOS HORÁRIOS DE MÁQUINAS E EQUIPAMENTOS","COMPOSIÇÕES AUXILIARES"]
[88396,"MISTURADOR DE ARGAMASSA, EIXO HORIZONTAL, CAPACIDADE DE MISTURA 600 KG, MOTOR ELÉTRICO POTÊNCIA 7,5 CV - MANUTENÇÃO. AF_06/2014","H",0.76,"SINAPI","CUSTOS HORÁRIOS DE MÁQUINAS E EQUIPAMENTOS","COMPOSIÇÕES AUXILIARES"]
[88397,"MISTURADOR DE ARGAMASSA, EIXO HORIZONTAL, CAPACIDADE DE MISTURA 600 KG, MOTOR ELÉTRICO POTÊNCIA 7,5 CV - MATERIAIS NA OPERAÇÃO. AF_06/2014","H",3.37,"SINAPI","CUSTOS HORÁRIOS DE MÁQUINAS E EQUIPAMENTOS","COMPOSIÇÕES AUXILIARES"]
[88400,"MISTURADOR DE ARGAMASSA, EIXO HORIZONTAL, CAPACIDADE DE MISTURA 160 KG, MOTOR ELÉTRICO POTÊNCIA 3 CV - DEPRECIAÇÃO. AF_06/2014","H",0.48,"SINAPI","CUSTOS HORÁRIOS DE MÁQUINAS E EQUIPAMENTOS","COMPOSIÇÕES AUXILIARES"]
[88401,"MISTURADOR DE ARGAMASSA, EIXO HORIZONTAL, CAPACIDADE DE MISTURA 160 KG, MOTOR ELÉTRICO POTÊNCIA 3 CV - JUROS. AF_06/2014","H",0.1,"SINAPI","CUSTOS HORÁRIOS DE MÁQUINAS E EQUIPAMENTOS","COMPOSIÇÕES AUXILIARES"]
[88402,"MISTURADOR DE ARGAMASSA, EIXO HORIZONTAL, CAPACIDADE DE MISTURA 160 KG, MOTOR ELÉTRICO POTÊNCIA 3 CV - MANUTENÇÃO. AF_06/2014","H",0.6,"SINAPI","CUSTOS HORÁRIOS DE MÁQUINAS E EQUIPAMENTOS","COMPOSIÇÕES AUXILIARES"]
[88403,"MISTURADOR DE ARGAMASSA, EIXO HORIZONTAL, CAPACIDADE DE MISTURA 160 KG, MOTOR ELÉTRICO POTÊNCIA 3 CV - MATERIAIS NA OPERAÇÃO. AF_06/2014","H",1.35,"SINAPI","CUSTOS HORÁRIOS DE MÁQUINAS E EQUIPAMENTOS","COMPOSIÇÕES AUXILIARES"]
[88419,"PROJETOR DE ARGAMASSA, CAPACIDADE DE PROJEÇÃO 1,5 M3/H, ALCANCE DE 30 ATÉ 60 M, MOTOR ELÉTRICO POTÊNCIA 7,5 HP - DEPRECIAÇÃO. AF_06/2014","H",3.16,"SINAPI","CUSTOS HORÁRIOS DE MÁQUINAS E EQUIPAMENTOS","COMPOSIÇÕES AUXILIARES"]
[88422,"PROJETOR DE ARGAMASSA, CAPACIDADE DE PROJEÇÃO 1,5 M3/H, ALCANCE DE 30 ATÉ 60 M, MOTOR ELÉTRICO POTÊNCIA 7,5 HP - JUROS. AF_06/2014","H",0.71,"SINAPI","CUSTOS HORÁRIOS DE MÁQUINAS E EQUIPAMENTOS","COMPOSIÇÕES AUXILIARES"]
[88425,"PROJETOR DE ARGAMASSA, CAPACIDADE DE PROJEÇÃO 1,5 M3/H, ALCANCE DE 30 ATÉ 60 M, MOTOR ELÉTRICO POTÊNCIA 7,5 HP - MANUTENÇÃO. AF_06/2014","H",3.45,"SINAPI","CUSTOS HORÁRIOS DE MÁQUINAS E EQUIPAMENTOS","COMPOSIÇÕES AUXILIARES"]
[88427,"PROJETOR DE ARGAMASSA, CAPACIDADE DE PROJEÇÃO 1,5 M3/H, ALCANCE DE 30 ATÉ 60 M, MOTOR ELÉTRICO POTÊNCIA 7,5 HP - MATERIAIS NA OPERAÇÃO. AF_06/2014","H",3.42,"SINAPI","CUSTOS HORÁRIOS DE MÁQUINAS E EQUIPAMENTOS","COMPOSIÇÕES AUXILIARES"]
[88434,"PROJETOR DE ARGAMASSA, CAPACIDADE DE PROJEÇÃO 2 M3/H, ALCANCE ATÉ 50 M, MOTOR ELÉTRICO POTÊNCIA 7,5 HP - DEPRECIAÇÃO. AF_06/2014","H",4.1900000000000004,"SINAPI","CUSTOS HORÁRIOS DE MÁQUINAS E EQUIPAMENTOS","COMPOSIÇÕES AUXILIARES"]
[88435,"PROJETOR DE ARGAMASSA, CAPACIDADE DE PROJEÇÃO 2 M3/H, ALCANCE ATÉ 50 M, MOTOR ELÉTRICO POTÊNCIA 7,5 HP - JUROS. AF_06/2014","H",0.94,"SINAPI","CUSTOS HORÁRIOS DE MÁQUINAS E EQUIPAMENTOS","COMPOSIÇÕES AUXILIARES"]
[88436,"PROJETOR DE ARGAMASSA, CAPACIDADE DE PROJEÇÃO 2 M3/H, ALCANCE ATÉ 50 M, MOTOR ELÉTRICO POTÊNCIA 7,5 HP - MANUTENÇÃO. AF_06/2014","H",4.58,"SINAPI","CUSTOS HORÁRIOS DE MÁQUINAS E EQUIPAMENTOS","COMPOSIÇÕES AUXILIARES"]
[88437,"PROJETOR DE ARGAMASSA, CAPACIDADE DE PROJEÇÃO 2 M3/H, ALCANCE ATÉ 50 M, MOTOR ELÉTRICO POTÊNCIA 7,5 HP - MATERIAIS NA OPERAÇÃO. AF_06/2014","H",3.42,"SINAPI","CUSTOS HORÁRIOS DE MÁQUINAS E EQUIPAMENTOS","COMPOSIÇÕES AUXILIARES"]
[88569,"ESPARGIDOR DE ASFALTO PRESSURIZADO COM TANQUE DE 2500 L, REBOCÁVEL COM MOTOR A GASOLINA POTÊNCIA 3,4 HP - DEPRECIAÇÃO. AF_07/2014","H",2.46,"SINAPI","CUSTOS HORÁRIOS DE MÁQUINAS E EQUIPAMENTOS","COMPOSIÇÕES AUXILIARES"]
[88570,"ESPARGIDOR DE ASFALTO PRESSURIZADO COM TANQUE DE 2500 L, REBOCÁVEL COM MOTOR A GASOLINA POTÊNCIA 3,4 HP - JUROS. AF_07/2014","H",0.83,"SINAPI","CUSTOS HORÁRIOS DE MÁQUINAS E EQUIPAMENTOS","COMPOSIÇÕES AUXILIARES"]
[88826,"BETONEIRA CAPACIDADE NOMINAL DE 400 L, CAPACIDADE DE MISTURA 280 L, MOTOR ELÉTRICO TRIFÁSICO POTÊNCIA DE 2 CV, SEM CARREGADOR - DEPRECIAÇÃO. AF_10/2014","H",0.19,"SINAPI","CUSTOS HORÁRIOS DE MÁQUINAS E EQUIPAMENTOS","COMPOSIÇÕES AUXILIARES"]
[88827,"BETONEIRA CAPACIDADE NOMINAL DE 400 L, CAPACIDADE DE MISTURA 280 L, MOTOR ELÉTRICO TRIFÁSICO POTÊNCIA DE 2 CV, SEM CARREGADOR - JUROS. AF_10/2014","H",0.04,"SINAPI","CUSTOS HORÁRIOS DE MÁQUINAS E EQUIPAMENTOS","COMPOSIÇÕES AUXILIARES"]
[88828,"BETONEIRA CAPACIDADE NOMINAL DE 400 L, CAPACIDADE DE MISTURA 280 L, MOTOR ELÉTRICO TRIFÁSICO POTÊNCIA DE 2 CV, SEM CARREGADOR - MANUTENÇÃO. AF_10/2014","H",0.18,"SINAPI","CUSTOS HORÁRIOS DE MÁQUINAS E EQUIPAMENTOS","COMPOSIÇÕES AUXILIARES"]
[88829,"BETONEIRA CAPACIDADE NOMINAL DE 400 L, CAPACIDADE DE MISTURA 280 L, MOTOR ELÉTRICO TRIFÁSICO POTÊNCIA DE 2 CV, SEM CARREGADOR - MATERIAIS NA OPERAÇÃO. AF_10/2014","H",0.9,"SINAPI","CUSTOS HORÁRIOS DE MÁQUINAS E EQUIPAMENTOS","COMPOSIÇÕES AUXILIARES"]
[88832,"ESCAVADEIRA HIDRÁULICA SOBRE ESTEIRAS, CAÇAMBA 0,80 M3, PESO OPERACIONAL 17,8 T, POTÊNCIA LÍQUIDA 110 HP - DEPRECIAÇÃO. AF_10/2014","H",24.24,"SINAPI","CUSTOS HORÁRIOS DE MÁQUINAS E EQUIPAMENTOS","COMPOSIÇÕES AUXILIARES"]
[88834,"ESCAVADEIRA HIDRÁULICA SOBRE ESTEIRAS, CAÇAMBA 0,80 M3, PESO OPERACIONAL 17,8 T, POTÊNCIA LÍQUIDA 110 HP - JUROS. AF_10/2014","H",6.23,"SINAPI","CUSTOS HORÁRIOS DE MÁQUINAS E EQUIPAMENTOS","COMPOSIÇÕES AUXILIARES"]
[88835,"ESCAVADEIRA HIDRÁULICA SOBRE ESTEIRAS, CAÇAMBA 0,80 M3, PESO OPERACIONAL 17,8 T, POTÊNCIA LÍQUIDA 110 HP - MANUTENÇÃO. AF_10/2014","H",30.3,"SINAPI","CUSTOS HORÁRIOS DE MÁQUINAS E EQUIPAMENTOS","COMPOSIÇÕES AUXILIARES"]
[88836,"ESCAVADEIRA HIDRÁULICA SOBRE ESTEIRAS, CAÇAMBA 0,80 M3, PESO OPERACIONAL 17,8 T, POTÊNCIA LÍQUIDA 110 HP - MATERIAIS NA OPERAÇÃO. AF_10/2014","H",52.13,"SINAPI","CUSTOS HORÁRIOS DE MÁQUINAS E EQUIPAMENTOS","COMPOSIÇÕES AUXILIARES"]
[88839,"TRATOR DE ESTEIRAS, POTÊNCIA 125 HP, PESO OPERACIONAL 12,9 T, COM LÂMINA 2,7 M3 - DEPRECIAÇÃO. AF_10/2014","H",17.7,"SINAPI","CUSTOS HORÁRIOS DE MÁQUINAS E EQUIPAMENTOS","COMPOSIÇÕES AUXILIARES"]
[88840,"TRATOR DE ESTEIRAS, POTÊNCIA 125 HP, PESO OPERACIONAL 12,9 T, COM LÂMINA 2,7 M3 - JUROS. AF_10/2014","H",7.57,"SINAPI","CUSTOS HORÁRIOS DE MÁQUINAS E EQUIPAMENTOS","COMPOSIÇÕES AUXILIARES"]
[88841,"TRATOR DE ESTEIRAS, POTÊNCIA 125 HP, PESO OPERACIONAL 12,9 T, COM LÂMINA 2,7 M3 - MANUTENÇÃO. AF_10/2014","H",31.64,"SINAPI","CUSTOS HORÁRIOS DE MÁQUINAS E EQUIPAMENTOS","COMPOSIÇÕES AUXILIARES"]
[88842,"TRATOR DE ESTEIRAS, POTÊNCIA 125 HP, PESO OPERACIONAL 12,9 T, COM LÂMINA 2,7 M3 - MATERIAIS NA OPERAÇÃO. AF_10/2014","H",59.26,"SINAPI","CUSTOS HORÁRIOS DE MÁQUINAS E EQUIPAMENTOS","COMPOSIÇÕES AUXILIARES"]
[88847,"USINA DE LAMA ASFÁLTICA, PROD 30 A 50 T/H, SILO DE AGREGADO 7 M3, RESERVATÓRIOS PARA EMULSÃO E ÁGUA DE 2,3 M3 CADA, MISTURADOR TIPO PUG MILL A SER MONTADO SOBRE CAMINHÃO - DEPRECIAÇÃO. AF_10/2014","H",14.55,"SINAPI","CUSTOS HORÁRIOS DE MÁQUINAS E EQUIPAMENTOS","COMPOSIÇÕES AUXILIARES"]
[88848,"USINA DE LAMA ASFÁLTICA, PROD 30 A 50 T/H, SILO DE AGREGADO 7 M3, RESERVATÓRIOS PARA EMULSÃO E ÁGUA DE 2,3 M3 CADA, MISTURADOR TIPO PUG MILL A SER MONTADO SOBRE CAMINHÃO - JUROS. AF_10/2014","H",5.81,"SINAPI","CUSTOS HORÁRIOS DE MÁQUINAS E EQUIPAMENTOS","COMPOSIÇÕES AUXILIARES"]
[88853,"MOTOBOMBA CENTRÍFUGA, MOTOR A GASOLINA, POTÊNCIA 5,42 HP, BOCAIS 1 1/2\" X 1\", DIÂMETRO ROTOR 143 MM HM/Q = 6 MCA / 16,8 M3/H A 38 MCA / 6,6 M3/H - DEPRECIAÇÃO. AF_06/2014","H",0.12,"SINAPI","CUSTOS HORÁRIOS DE MÁQUINAS E EQUIPAMENTOS","COMPOSIÇÕES AUXILIARES"]
[88854,"MOTOBOMBA CENTRÍFUGA, MOTOR A GASOLINA, POTÊNCIA 5,42 HP, BOCAIS 1 1/2\" X 1\", DIÂMETRO ROTOR 143 MM HM/Q = 6 MCA / 16,8 M3/H A 38 MCA / 6,6 M3/H - JUROS. AF_06/2014","H",0.02,"SINAPI","CUSTOS HORÁRIOS DE MÁQUINAS E EQUIPAMENTOS","COMPOSIÇÕES AUXILIARES"]
[88855,"GRADE DE DISCO CONTROLE REMOTO REBOCÁVEL, COM 24 DISCOS 24\u0094 X 6 MM COM PNEUS PARA TRANSPORTE - DEPRECIAÇÃO. AF_06/2014","H",1.7,"SINAPI","CUSTOS HORÁRIOS DE MÁQUINAS E EQUIPAMENTOS","COMPOSIÇÕES AUXILIARES"]
[88856,"GRADE DE DISCO CONTROLE REMOTO REBOCÁVEL, COM 24 DISCOS 24\u0094 X 6 MM COM PNEUS PARA TRANSPORTE - JUROS. AF_06/2014","H",0.45,"SINAPI","CUSTOS HORÁRIOS DE MÁQUINAS E EQUIPAMENTOS","COMPOSIÇÕES AUXILIARES"]
[88857,"RETROESCAVADEIRA SOBRE RODAS COM CARREGADEIRA, TRAÇÃO 4X4, POTÊNCIA LÍQ. 88 HP, CAÇAMBA CARREG. CAP. MÍN. 1 M3, CAÇAMBA RETRO CAP. 0,26 M3, PESO OPERACIONAL MÍN. 6.674 KG, PROFUNDIDADE ESCAVAÇÃO MÁX. 4,37 M - DEPRECIAÇÃO. AF_06/2014","H",14.39,"SINAPI","CUSTOS HORÁRIOS DE MÁQUINAS E EQUIPAMENTOS","COMPOSIÇÕES AUXILIARES"]
[88858,"RETROESCAVADEIRA SOBRE RODAS COM CARREGADEIRA, TRAÇÃO 4X4, POTÊNCIA LÍQ. 88 HP, CAÇAMBA CARREG. CAP. MÍN. 1 M3, CAÇAMBA RETRO CAP. 0,26 M3, PESO OPERACIONAL MÍN. 6.674 KG, PROFUNDIDADE ESCAVAÇÃO MÁX. 4,37 M - JUROS. AF_06/2014","H",3.7,"SINAPI","CUSTOS HORÁRIOS DE MÁQUINAS E EQUIPAMENTOS","COMPOSIÇÕES AUXILIARES"]
[88859,"RETROESCAVADEIRA SOBRE RODAS COM CARREGADEIRA, TRAÇÃO 4X2, POTÊNCIA LÍQ. 79 HP, CAÇAMBA CARREG. CAP. MÍN. 1 M3, CAÇAMBA RETRO CAP. 0,20 M3, PESO OPERACIONAL MÍN. 6.570 KG, PROFUNDIDADE ESCAVAÇÃO MÁX. 4,37 M - DEPRECIAÇÃO. AF_06/2014","H",12.8,"SINAPI","CUSTOS HORÁRIOS DE MÁQUINAS E EQUIPAMENTOS","COMPOSIÇÕES AUXILIARES"]
[88860,"RETROESCAVADEIRA SOBRE RODAS COM CARREGADEIRA, TRAÇÃO 4X2, POTÊNCIA LÍQ. 79 HP, CAÇAMBA CARREG. CAP. MÍN. 1 M3, CAÇAMBA RETRO CAP. 0,20 M3, PESO OPERACIONAL MÍN. 6.570 KG, PROFUNDIDADE ESCAVAÇÃO MÁX. 4,37 M - JUROS. AF_06/2014","H",3.29,"SINAPI","CUSTOS HORÁRIOS DE MÁQUINAS E EQUIPAMENTOS","COMPOSIÇÕES AUXILIARES"]
[88900,"ESCAVADEIRA HIDRÁULICA SOBRE ESTEIRAS, CAÇAMBA 1,20 M3, PESO OPERACIONAL 21 T, POTÊNCIA BRUTA 155 HP - DEPRECIAÇÃO. AF_06/2014","H",28.27,"SINAPI","CUSTOS HORÁRIOS DE MÁQUINAS E EQUIPAMENTOS","COMPOSIÇÕES AUXILIARES"]
[88902,"ESCAVADEIRA HIDRÁULICA SOBRE ESTEIRAS, CAÇAMBA 1,20 M3, PESO OPERACIONAL 21 T, POTÊNCIA BRUTA 155 HP - JUROS. AF_06/2014","H",7.26,"SINAPI","CUSTOS HORÁRIOS DE MÁQUINAS E EQUIPAMENTOS","COMPOSIÇÕES AUXILIARES"]
[88903,"ESCAVADEIRA HIDRÁULICA SOBRE ESTEIRAS, CAÇAMBA 1,20 M3, PESO OPERACIONAL 21 T, POTÊNCIA BRUTA 155 HP - MANUTENÇÃO. AF_06/2014","H",35.33,"SINAPI","CUSTOS HORÁRIOS DE MÁQUINAS E EQUIPAMENTOS","COMPOSIÇÕES AUXILIARES"]
[88904,"ESCAVADEIRA HIDRÁULICA SOBRE ESTEIRAS, CAÇAMBA 1,20 M3, PESO OPERACIONAL 21 T, POTÊNCIA BRUTA 155 HP - MATERIAIS NA OPERAÇÃO. AF_06/2014","H",73.45,"SINAPI","CUSTOS HORÁRIOS DE MÁQUINAS E EQUIPAMENTOS","COMPOSIÇÕES AUXILIARES"]
[89009,"TRATOR DE ESTEIRAS, POTÊNCIA 150 HP, PESO OPERACIONAL 16,7 T, COM RODA MOTRIZ ELEVADA E LÂMINA 3,18 M3 - DEPRECIAÇÃO. AF_06/2014","H",21.92,"SINAPI","CUSTOS HORÁRIOS DE MÁQUINAS E EQUIPAMENTOS","COMPOSIÇÕES AUXILIARES"]
[89010,"TRATOR DE ESTEIRAS, POTÊNCIA 150 HP, PESO OPERACIONAL 16,7 T, COM RODA MOTRIZ ELEVADA E LÂMINA 3,18 M3 - JUROS. AF_06/2014","H",9.3699999999999992,"SINAPI","CUSTOS HORÁRIOS DE MÁQUINAS E EQUIPAMENTOS","COMPOSIÇÕES AUXILIARES"]
[89011,"RETROESCAVADEIRA SOBRE RODAS COM CARREGADEIRA, TRAÇÃO 4X4, POTÊNCIA LÍQ. 72 HP, CAÇAMBA CARREG. CAP. MÍN. 0,79 M3, CAÇAMBA RETRO CAP. 0,18 M3, PESO OPERACIONAL MÍN. 7.140 KG, PROFUNDIDADE ESCAVAÇÃO MÁX. 4,50 M - DEPRECIAÇÃO. AF_06/2014","H",13.88,"SINAPI","CUSTOS HORÁRIOS DE MÁQUINAS E EQUIPAMENTOS","COMPOSIÇÕES AUXILIARES"]
[89012,"RETROESCAVADEIRA SOBRE RODAS COM CARREGADEIRA, TRAÇÃO 4X4, POTÊNCIA LÍQ. 72 HP, CAÇAMBA CARREG. CAP. MÍN. 0,79 M3, CAÇAMBA RETRO CAP. 0,18 M3, PESO OPERACIONAL MÍN. 7.140 KG, PROFUNDIDADE ESCAVAÇÃO MÁX. 4,50 M - JUROS. AF_06/2014","H",3.57,"SINAPI","CUSTOS HORÁRIOS DE MÁQUINAS E EQUIPAMENTOS","COMPOSIÇÕES AUXILIARES"]
[89013,"TRATOR DE ESTEIRAS, POTÊNCIA 347 HP, PESO OPERACIONAL 38,5 T, COM LÂMINA 8,70 M3 - DEPRECIAÇÃO. AF_06/2014","H",71.81,"SINAPI","CUSTOS HORÁRIOS DE MÁQUINAS E EQUIPAMENTOS","COMPOSIÇÕES AUXILIARES"]
[89014,"TRATOR DE ESTEIRAS, POTÊNCIA 347 HP, PESO OPERACIONAL 38,5 T, COM LÂMINA 8,70 M3 - JUROS. AF_06/2014","H",30.71,"SINAPI","CUSTOS HORÁRIOS DE MÁQUINAS E EQUIPAMENTOS","COMPOSIÇÕES AUXILIARES"]
[89015,"VASSOURA MECÂNICA REBOCÁVEL COM ESCOVA CILÍNDRICA, LARGURA ÚTIL DE VARRIMENTO DE 2,44 M - DEPRECIAÇÃO. AF_06/2014","H",1.96,"SINAPI","CUSTOS HORÁRIOS DE MÁQUINAS E EQUIPAMENTOS","COMPOSIÇÕES AUXILIARES"]
[89016,"VASSOURA MECÂNICA REBOCÁVEL COM ESCOVA CILÍNDRICA, LARGURA ÚTIL DE VARRIMENTO DE 2,44 M - JUROS. AF_06/2014","H",0.5,"SINAPI","CUSTOS HORÁRIOS DE MÁQUINAS E EQUIPAMENTOS","COMPOSIÇÕES AUXILIARES"]
[89017,"TRATOR DE ESTEIRAS, POTÊNCIA 170 HP, PESO OPERACIONAL 19 T, CAÇAMBA 5,2 M3 - DEPRECIAÇÃO. AF_06/2014","H",21.79,"SINAPI","CUSTOS HORÁRIOS DE MÁQUINAS E EQUIPAMENTOS","COMPOSIÇÕES AUXILIARES"]
[89018,"TRATOR DE ESTEIRAS, POTÊNCIA 170 HP, PESO OPERACIONAL 19 T, CAÇAMBA 5,2 M3 - JUROS. AF_06/2014","H",9.31,"SINAPI","CUSTOS HORÁRIOS DE MÁQUINAS E EQUIPAMENTOS","COMPOSIÇÕES AUXILIARES"]
[89019,"BOMBA SUBMERSÍVEL ELÉTRICA TRIFÁSICA, POTÊNCIA 2,96 HP, Ø ROTOR 144 MM SEMI-ABERTO, BOCAL DE SAÍDA Ø 2\u0094, HM/Q = 2 MCA / 38,8 M3/H A 28 MCA / 5 M3/H - DEPRECIAÇÃO. AF_06/2014","H",0.21,"SINAPI","CUSTOS HORÁRIOS DE MÁQUINAS E EQUIPAMENTOS","COMPOSIÇÕES AUXILIARES"]
[89020,"BOMBA SUBMERSÍVEL ELÉTRICA TRIFÁSICA, POTÊNCIA 2,96 HP, Ø ROTOR 144 MM SEMI-ABERTO, BOCAL DE SAÍDA Ø 2\u0094, HM/Q = 2 MCA / 38,8 M3/H A 28 MCA / 5 M3/H - JUROS. AF_06/2014","H",0.04,"SINAPI","CUSTOS HORÁRIOS DE MÁQUINAS E EQUIPAMENTOS","COMPOSIÇÕES AUXILIARES"]
[89023,"TANQUE DE ASFALTO ESTACIONÁRIO COM MAÇARICO, CAPACIDADE 20.000 L - DEPRECIAÇÃO. AF_06/2014","H",2.2799999999999998,"SINAPI","CUSTOS HORÁRIOS DE MÁQUINAS E EQUIPAMENTOS","COMPOSIÇÕES AUXILIARES"]
[89024,"TANQUE DE ASFALTO ESTACIONÁRIO COM MAÇARICO, CAPACIDADE 20.000 L - JUROS. AF_06/2014","H",0.91,"SINAPI","CUSTOS HORÁRIOS DE MÁQUINAS E EQUIPAMENTOS","COMPOSIÇÕES AUXILIARES"]
[89025,"TANQUE DE ASFALTO ESTACIONÁRIO COM MAÇARICO, CAPACIDADE 20.000 L - MANUTENÇÃO. AF_06/2014","H",4.29,"SINAPI","CUSTOS HORÁRIOS DE MÁQUINAS E EQUIPAMENTOS","COMPOSIÇÕES AUXILIARES"]
[89026,"TANQUE DE ASFALTO ESTACIONÁRIO COM MAÇARICO, CAPACIDADE 20.000 L - MATERIAIS NA OPERAÇÃO. AF_06/2014","H",140.97999999999999,"SINAPI","CUSTOS HORÁRIOS DE MÁQUINAS E EQUIPAMENTOS","COMPOSIÇÕES AUXILIARES"]
[89029,"TRATOR DE ESTEIRAS, POTÊNCIA 100 HP, PESO OPERACIONAL 9,4 T, COM LÂMINA 2,19 M3 - DEPRECIAÇÃO. AF_06/2014","H",16.91,"SINAPI","CUSTOS HORÁRIOS DE MÁQUINAS E EQUIPAMENTOS","COMPOSIÇÕES AUXILIARES"]
[89030,"TRATOR DE ESTEIRAS, POTÊNCIA 100 HP, PESO OPERACIONAL 9,4 T, COM LÂMINA 2,19 M3 - JUROS. AF_06/2014","H",7.23,"SINAPI","CUSTOS HORÁRIOS DE MÁQUINAS E EQUIPAMENTOS","COMPOSIÇÕES AUXILIARES"]
[89033,"TRATOR DE PNEUS, POTÊNCIA 85 CV, TRAÇÃO 4X4, PESO COM LASTRO DE 4.675 KG - DEPRECIAÇÃO. AF_06/2014","H",6.95,"SINAPI","CUSTOS HORÁRIOS DE MÁQUINAS E EQUIPAMENTOS","COMPOSIÇÕES AUXILIARES"]
[89034,"TRATOR DE PNEUS, POTÊNCIA 85 CV, TRAÇÃO 4X4, PESO COM LASTRO DE 4.675 KG - JUROS. AF_06/2014","H",1.82,"SINAPI","CUSTOS HORÁRIOS DE MÁQUINAS E EQUIPAMENTOS","COMPOSIÇÕES AUXILIARES"]
[89128,"PÁ CARREGADEIRA SOBRE RODAS, POTÊNCIA LÍQUIDA 128 HP, CAPACIDADE DA CAÇAMBA 1,7 A 2,8 M3, PESO OPERACIONAL 11632 KG - DEPRECIAÇÃO. AF_06/2014","H",23.12,"SINAPI","CUSTOS HORÁRIOS DE MÁQUINAS E EQUIPAMENTOS","COMPOSIÇÕES AUXILIARES"]
[89129,"PÁ CARREGADEIRA SOBRE RODAS, POTÊNCIA LÍQUIDA 128 HP, CAPACIDADE DA CAÇAMBA 1,7 A 2,8 M3, PESO OPERACIONAL 11632 KG - JUROS. AF_06/2014","H",5.94,"SINAPI","CUSTOS HORÁRIOS DE MÁQUINAS E EQUIPAMENTOS","COMPOSIÇÕES AUXILIARES"]
[89130,"PÁ CARREGADEIRA SOBRE RODAS, POTÊNCIA 197 HP, CAPACIDADE DA CAÇAMBA 2,5 A 3,5 M3, PESO OPERACIONAL 18338 KG - DEPRECIAÇÃO. AF_06/2014","H",32.07,"SINAPI","CUSTOS HORÁRIOS DE MÁQUINAS E EQUIPAMENTOS","COMPOSIÇÕES AUXILIARES"]
[89131,"PÁ CARREGADEIRA SOBRE RODAS, POTÊNCIA 197 HP, CAPACIDADE DA CAÇAMBA 2,5 A 3,5 M3, PESO OPERACIONAL 18338 KG - JUROS. AF_06/2014","H",8.24,"SINAPI","CUSTOS HORÁRIOS DE MÁQUINAS E EQUIPAMENTOS","COMPOSIÇÕES AUXILIARES"]
[89210,"ROLO COMPACTADOR VIBRATÓRIO DE UM CILINDRO AÇO LISO, POTÊNCIA 80 HP, PESO OPERACIONAL MÁXIMO 8,1 T, IMPACTO DINÂMICO 16,15 / 9,5 T, LARGURA DE TRABALHO 1,68 M - DEPRECIAÇÃO. AF_06/2014","H",14.79,"SINAPI","CUSTOS HORÁRIOS DE MÁQUINAS E EQUIPAMENTOS","COMPOSIÇÕES AUXILIARES"]
[89211,"ROLO COMPACTADOR VIBRATÓRIO DE UM CILINDRO AÇO LISO, POTÊNCIA 80 HP, PESO OPERACIONAL MÁXIMO 8,1 T, IMPACTO DINÂMICO 16,15 / 9,5 T, LARGURA DE TRABALHO 1,68 M - JUROS. AF_06/2014","H",3.88,"SINAPI","CUSTOS HORÁRIOS DE MÁQUINAS E EQUIPAMENTOS","COMPOSIÇÕES AUXILIARES"]
[89212,"BATE-ESTACAS POR GRAVIDADE, POTÊNCIA DE 160 HP, PESO DO MARTELO ATÉ 3 TONELADAS - DEPRECIAÇÃO. AF_11/2014","H",14.34,"SINAPI","CUSTOS HORÁRIOS DE MÁQUINAS E EQUIPAMENTOS","COMPOSIÇÕES AUXILIARES"]
[89213,"BATE-ESTACAS POR GRAVIDADE, POTÊNCIA DE 160 HP, PESO DO MARTELO ATÉ 3 TONELADAS - JUROS. AF_11/2014","H",4.29,"SINAPI","CUSTOS HORÁRIOS DE MÁQUINAS E EQUIPAMENTOS","COMPOSIÇÕES AUXILIARES"]
[89214,"BATE-ESTACAS POR GRAVIDADE, POTÊNCIA DE 160 HP, PESO DO MARTELO ATÉ 3 TONELADAS - MANUTENÇÃO. AF_11/2014","H",13.46,"SINAPI","CUSTOS HORÁRIOS DE MÁQUINAS E EQUIPAMENTOS","COMPOSIÇÕES AUXILIARES"]
[89215,"BATE-ESTACAS POR GRAVIDADE, POTÊNCIA DE 160 HP, PESO DO MARTELO ATÉ 3 TONELADAS - MATERIAIS NA OPERAÇÃO. AF_11/2014","H",75.849999999999994,"SINAPI","CUSTOS HORÁRIOS DE MÁQUINAS E EQUIPAMENTOS","COMPOSIÇÕES AUXILIARES"]
[89221,"BETONEIRA CAPACIDADE NOMINAL DE 600 L, CAPACIDADE DE MISTURA 360 L, MOTOR ELÉTRICO TRIFÁSICO POTÊNCIA DE 4 CV, SEM CARREGADOR - DEPRECIAÇÃO. AF_11/2014","H",0.78,"SINAPI","CUSTOS HORÁRIOS DE MÁQUINAS E EQUIPAMENTOS","COMPOSIÇÕES AUXILIARES"]
[89222,"BETONEIRA CAPACIDADE NOMINAL DE 600 L, CAPACIDADE DE MISTURA 360 L, MOTOR ELÉTRICO TRIFÁSICO POTÊNCIA DE 4 CV, SEM CARREGADOR - JUROS. AF_11/2014","H",0.17,"SINAPI","CUSTOS HORÁRIOS DE MÁQUINAS E EQUIPAMENTOS","COMPOSIÇÕES AUXILIARES"]
[89223,"BETONEIRA CAPACIDADE NOMINAL DE 600 L, CAPACIDADE DE MISTURA 360 L, MOTOR ELÉTRICO TRIFÁSICO POTÊNCIA DE 4 CV, SEM CARREGADOR - MANUTENÇÃO. AF_11/2014","H",0.73,"SINAPI","CUSTOS HORÁRIOS DE MÁQUINAS E EQUIPAMENTOS","COMPOSIÇÕES AUXILIARES"]
[89224,"BETONEIRA CAPACIDADE NOMINAL DE 600 L, CAPACIDADE DE MISTURA 360 L, MOTOR ELÉTRICO TRIFÁSICO POTÊNCIA DE 4 CV, SEM CARREGADOR - MATERIAIS NA OPERAÇÃO. AF_11/2014","H",1.8,"SINAPI","CUSTOS HORÁRIOS DE MÁQUINAS E EQUIPAMENTOS","COMPOSIÇÕES AUXILIARES"]
[89228,"MOTONIVELADORA POTÊNCIA BÁSICA LÍQUIDA (PRIMEIRA MARCHA) 125 HP, PESO BRUTO 13032 KG, LARGURA DA LÂMINA DE 3,7 M - DEPRECIAÇÃO. AF_06/2014","H",22.2,"SINAPI","CUSTOS HORÁRIOS DE MÁQUINAS E EQUIPAMENTOS","COMPOSIÇÕES AUXILIARES"]
[89229,"MOTONIVELADORA POTÊNCIA BÁSICA LÍQUIDA (PRIMEIRA MARCHA) 125 HP, PESO BRUTO 13032 KG, LARGURA DA LÂMINA DE 3,7 M - JUROS. AF_06/2014","H",7.6,"SINAPI","CUSTOS HORÁRIOS DE MÁQUINAS E EQUIPAMENTOS","COMPOSIÇÕES AUXILIARES"]
[89230,"FRESADORA DE ASFALTO A FRIO SOBRE RODAS, LARGURA FRESAGEM DE 1,0 M, POTÊNCIA 208 HP - DEPRECIAÇÃO. AF_11/2014","H",83.36,"SINAPI","CUSTOS HORÁRIOS DE MÁQUINAS E EQUIPAMENTOS","COMPOSIÇÕES AUXILIARES"]
[89231,"FRESADORA DE ASFALTO A FRIO SOBRE RODAS, LARGURA FRESAGEM DE 1,0 M, POTÊNCIA 208 HP - JUROS. AF_11/2014","H",24.99,"SINAPI","CUSTOS HORÁRIOS DE MÁQUINAS E EQUIPAMENTOS","COMPOSIÇÕES AUXILIARES"]
[89232,"FRESADORA DE ASFALTO A FRIO SOBRE RODAS, LARGURA FRESAGEM DE 1,0 M, POTÊNCIA 208 HP - MANUTENÇÃO. AF_11/2014","H",148.69,"SINAPI","CUSTOS HORÁRIOS DE MÁQUINAS E EQUIPAMENTOS","COMPOSIÇÕES AUXILIARES"]
[89233,"FRESADORA DE ASFALTO A FRIO SOBRE RODAS, LARGURA FRESAGEM DE 1,0 M, POTÊNCIA 208 HP - MATERIAIS NA OPERAÇÃO. AF_11/2014","H",98.59,"SINAPI","CUSTOS HORÁRIOS DE MÁQUINAS E EQUIPAMENTOS","COMPOSIÇÕES AUXILIARES"]
[89236,"FRESADORA DE ASFALTO A FRIO SOBRE RODAS, LARGURA FRESAGEM DE 2,0 M, POTÊNCIA 550 HP - DEPRECIAÇÃO. AF_11/2014","H",194.73,"SINAPI","CUSTOS HORÁRIOS DE MÁQUINAS E EQUIPAMENTOS","COMPOSIÇÕES AUXILIARES"]
[89237,"FRESADORA DE ASFALTO A FRIO SOBRE RODAS, LARGURA FRESAGEM DE 2,0 M, POTÊNCIA 550 HP - JUROS. AF_11/2014","H",58.37,"SINAPI","CUSTOS HORÁRIOS DE MÁQUINAS E EQUIPAMENTOS","COMPOSIÇÕES AUXILIARES"]
[89238,"FRESADORA DE ASFALTO A FRIO SOBRE RODAS, LARGURA FRESAGEM DE 2,0 M, POTÊNCIA 550 HP - MANUTENÇÃO. AF_11/2014","H",347.35,"SINAPI","CUSTOS HORÁRIOS DE MÁQUINAS E EQUIPAMENTOS","COMPOSIÇÕES AUXILIARES"]
[89239,"FRESADORA DE ASFALTO A FRIO SOBRE RODAS, LARGURA FRESAGEM DE 2,0 M, POTÊNCIA 550 HP - MATERIAIS NA OPERAÇÃO. AF_11/2014","H",260.72000000000003,"SINAPI","CUSTOS HORÁRIOS DE MÁQUINAS E EQUIPAMENTOS","COMPOSIÇÕES AUXILIARES"]
[89240,"VIBROACABADORA DE ASFALTO SOBRE ESTEIRAS, LARGURA DE PAVIMENTAÇÃO 1,90 M A 5,30 M, POTÊNCIA 105 HP CAPACIDADE 450 T/H - DEPRECIAÇÃO. AF_11/2014","H",59.76,"SINAPI","CUSTOS HORÁRIOS DE MÁQUINAS E EQUIPAMENTOS","COMPOSIÇÕES AUXILIARES"]
[89241,"VIBROACABADORA DE ASFALTO SOBRE ESTEIRAS, LARGURA DE PAVIMENTAÇÃO 1,90 M A 5,30 M, POTÊNCIA 105 HP CAPACIDADE 450 T/H - JUROS. AF_11/2014","H",20.46,"SINAPI","CUSTOS HORÁRIOS DE MÁQUINAS E EQUIPAMENTOS","COMPOSIÇÕES AUXILIARES"]
[89246,"RECICLADORA DE ASFALTO A FRIO SOBRE RODAS, LARGURA FRESAGEM DE 2,0 M, POTÊNCIA 422 HP - DEPRECIAÇÃO. AF_11/2014","H",169.21,"SINAPI","CUSTOS HORÁRIOS DE MÁQUINAS E EQUIPAMENTOS","COMPOSIÇÕES AUXILIARES"]
[89247,"RECICLADORA DE ASFALTO A FRIO SOBRE RODAS, LARGURA FRESAGEM DE 2,0 M, POTÊNCIA 422 HP - JUROS. AF_11/2014","H",50.72,"SINAPI","CUSTOS HORÁRIOS DE MÁQUINAS E EQUIPAMENTOS","COMPOSIÇÕES AUXILIARES"]
[89248,"RECICLADORA DE ASFALTO A FRIO SOBRE RODAS, LARGURA FRESAGEM DE 2,0 M, POTÊNCIA 422 HP - MANUTENÇÃO. AF_11/2014","H",301.82,"SINAPI","CUSTOS HORÁRIOS DE MÁQUINAS E EQUIPAMENTOS","COMPOSIÇÕES AUXILIARES"]
[89249,"RECICLADORA DE ASFALTO A FRIO SOBRE RODAS, LARGURA FRESAGEM DE 2,0 M, POTÊNCIA 422 HP - MATERIAIS NA OPERAÇÃO. AF_11/2014","H",200.04,"SINAPI","CUSTOS HORÁRIOS DE MÁQUINAS E EQUIPAMENTOS","COMPOSIÇÕES AUXILIARES"]
[89253,"VIBROACABADORA DE ASFALTO SOBRE ESTEIRAS, LARGURA DE PAVIMENTAÇÃO 2,13 M A 4,55 M, POTÊNCIA 100 HP, CAPACIDADE 400 T/H - DEPRECIAÇÃO. AF_11/2014","H",48.97,"SINAPI","CUSTOS HORÁRIOS DE MÁQUINAS E EQUIPAMENTOS","COMPOSIÇÕES AUXILIARES"]
[89254,"VIBROACABADORA DE ASFALTO SOBRE ESTEIRAS, LARGURA DE PAVIMENTAÇÃO 2,13 M A 4,55 M, POTÊNCIA 100 HP, CAPACIDADE 400 T/H - JUROS. AF_11/2014","H",16.77,"SINAPI","CUSTOS HORÁRIOS DE MÁQUINAS E EQUIPAMENTOS","COMPOSIÇÕES AUXILIARES"]
[89255,"VIBROACABADORA DE ASFALTO SOBRE ESTEIRAS, LARGURA DE PAVIMENTAÇÃO 2,13 M A 4,55 M, POTÊNCIA 100 HP, CAPACIDADE 400 T/H - MANUTENÇÃO. AF_11/2014","H",78.72,"SINAPI","CUSTOS HORÁRIOS DE MÁQUINAS E EQUIPAMENTOS","COMPOSIÇÕES AUXILIARES"]
[89256,"VIBROACABADORA DE ASFALTO SOBRE ESTEIRAS, LARGURA DE PAVIMENTAÇÃO 2,13 M A 4,55 M, POTÊNCIA 100 HP, CAPACIDADE 400 T/H - MATERIAIS NA OPERAÇÃO. AF_11/2014","H",47.4,"SINAPI","CUSTOS HORÁRIOS DE MÁQUINAS E EQUIPAMENTOS","COMPOSIÇÕES AUXILIARES"]
[89259,"GUINDAUTO HIDRÁULICO, CAPACIDADE MÁXIMA DE CARGA 6200 KG, MOMENTO MÁXIMO DE CARGA 11,7 TM, ALCANCE MÁXIMO HORIZONTAL 9,70 M, INCLUSIVE CAMINHÃO TOCO PBT 16.000 KG, POTÊNCIA DE 189 CV - DEPRECIAÇÃO. AF_06/2014","H",10,"SINAPI","CUSTOS HORÁRIOS DE MÁQUINAS E EQUIPAMENTOS","COMPOSIÇÕES AUXILIARES"]
[89260,"GUINDAUTO HIDRÁULICO, CAPACIDADE MÁXIMA DE CARGA 6200 KG, MOMENTO MÁXIMO DE CARGA 11,7 TM, ALCANCE MÁXIMO HORIZONTAL 9,70 M, INCLUSIVE CAMINHÃO TOCO PBT 16.000 KG, POTÊNCIA DE 189 CV - JUROS. AF_06/2014","H",3.98,"SINAPI","CUSTOS HORÁRIOS DE MÁQUINAS E EQUIPAMENTOS","COMPOSIÇÕES AUXILIARES"]
[89262,"GUINDAUTO HIDRÁULICO, CAPACIDADE MÁXIMA DE CARGA 6200 KG, MOMENTO MÁXIMO DE CARGA 11,7 TM, ALCANCE MÁXIMO HORIZONTAL 9,70 M, INCLUSIVE CAMINHÃO TOCO PBT 16.000 KG, POTÊNCIA DE 189 CV - MANUTENÇÃO. AF_06/2014","H",18.760000000000002,"SINAPI","CUSTOS HORÁRIOS DE MÁQUINAS E EQUIPAMENTOS","COMPOSIÇÕES AUXILIARES"]
[89264,"CAMINHÃO TOCO, PBT 16.000 KG, CARGA ÚTIL MÁX. 10.685 KG, DIST. ENTRE EIXOS 4,8 M, POTÊNCIA 189 CV, INCLUSIVE CARROCERIA FIXA ABERTA DE MADEIRA P/ TRANSPORTE GERAL DE CARGA SECA, DIMEN. APROX. 2,5 X 7,00 X 0,50 M - DEPRECIAÇÃO. AF_06/2014","H",8.18,"SINAPI","CUSTOS HORÁRIOS DE MÁQUINAS E EQUIPAMENTOS","COMPOSIÇÕES AUXILIARES"]
[89265,"CAMINHÃO TOCO, PBT 16.000 KG, CARGA ÚTIL MÁX. 10.685 KG, DIST. ENTRE EIXOS 4,8 M, POTÊNCIA 189 CV, INCLUSIVE CARROCERIA FIXA ABERTA DE MADEIRA P/ TRANSPORTE GERAL DE CARGA SECA, DIMEN. APROX. 2,5 X 7,00 X 0,50 M - JUROS. AF_06/2014","H",3.26,"SINAPI","CUSTOS HORÁRIOS DE MÁQUINAS E EQUIPAMENTOS","COMPOSIÇÕES AUXILIARES"]
[89266,"CAMINHÃO TOCO, PBT 16.000 KG, CARGA ÚTIL MÁX. 10.685 KG, DIST. ENTRE EIXOS 4,8 M, POTÊNCIA 189 CV, INCLUSIVE CARROCERIA FIXA ABERTA DE MADEIRA P/ TRANSPORTE GERAL DE CARGA SECA, DIMEN. APROX. 2,5 X 7,00 X 0,50 M - IMPOSTOS E SEGUROS. AF_06/2014","H",0.66,"SINAPI","CUSTOS HORÁRIOS DE MÁQUINAS E EQUIPAMENTOS","COMPOSIÇÕES AUXILIARES"]
[89267,"GUINDASTE HIDRÁULICO AUTOPROPELIDO, COM LANÇA TELESCÓPICA 28,80 M, CAPACIDADE MÁXIMA 30 T, POTÊNCIA 97 KW, TRAÇÃO 4 X 4 - DEPRECIAÇÃO. AF_11/2014","H",24.96,"SINAPI","CUSTOS HORÁRIOS DE MÁQUINAS E EQUIPAMENTOS","COMPOSIÇÕES AUXILIARES"]
[89268,"GUINDASTE HIDRÁULICO AUTOPROPELIDO, COM LANÇA TELESCÓPICA 28,80 M, CAPACIDADE MÁXIMA 30 T, POTÊNCIA 97 KW, TRAÇÃO 4 X 4 - JUROS. AF_11/2014","H",8.5500000000000007,"SINAPI","CUSTOS HORÁRIOS DE MÁQUINAS E EQUIPAMENTOS","COMPOSIÇÕES AUXILIARES"]
[89269,"GUINDASTE HIDRÁULICO AUTOPROPELIDO, COM LANÇA TELESCÓPICA 28,80 M, CAPACIDADE MÁXIMA 30 T, POTÊNCIA 97 KW, TRAÇÃO 4 X 4 - IMPOSTOS E SEGUROS. AF_11/2014","H",1.74,"SINAPI","CUSTOS HORÁRIOS DE MÁQUINAS E EQUIPAMENTOS","COMPOSIÇÕES AUXILIARES"]
[89270,"GUINDASTE HIDRÁULICO AUTOPROPELIDO, COM LANÇA TELESCÓPICA 28,80 M, CAPACIDADE MÁXIMA 30 T, POTÊNCIA 97 KW, TRAÇÃO 4 X 4 - MANUTENÇÃO. AF_11/2014","H",40.119999999999997,"SINAPI","CUSTOS HORÁRIOS DE MÁQUINAS E EQUIPAMENTOS","COMPOSIÇÕES AUXILIARES"]
[89271,"GUINDASTE HIDRÁULICO AUTOPROPELIDO, COM LANÇA TELESCÓPICA 28,80 M, CAPACIDADE MÁXIMA 30 T, POTÊNCIA 97 KW, TRAÇÃO 4 X 4 - MATERIAIS NA OPERAÇÃO. AF_11/2014","H",61.63,"SINAPI","CUSTOS HORÁRIOS DE MÁQUINAS E EQUIPAMENTOS","COMPOSIÇÕES AUXILIARES"]
[89274,"BETONEIRA CAPACIDADE NOMINAL DE 600 L, CAPACIDADE DE MISTURA 440 L, MOTOR A DIESEL POTÊNCIA 10 HP, COM CARREGADOR - DEPRECIAÇÃO. AF_11/2014","H",0.95,"SINAPI","CUSTOS HORÁRIOS DE MÁQUINAS E EQUIPAMENTOS","COMPOSIÇÕES AUXILIARES"]
[89275,"BETONEIRA CAPACIDADE NOMINAL DE 600 L, CAPACIDADE DE MISTURA 440 L, MOTOR A DIESEL POTÊNCIA 10 HP, COM CARREGADOR - JUROS. AF_11/2014","H",0.21,"SINAPI","CUSTOS HORÁRIOS DE MÁQUINAS E EQUIPAMENTOS","COMPOSIÇÕES AUXILIARES"]
[89276,"BETONEIRA CAPACIDADE NOMINAL DE 600 L, CAPACIDADE DE MISTURA 440 L, MOTOR A DIESEL POTÊNCIA 10 HP, COM CARREGADOR - MANUTENÇÃO. AF_11/2014","H",0.89,"SINAPI","CUSTOS HORÁRIOS DE MÁQUINAS E EQUIPAMENTOS","COMPOSIÇÕES AUXILIARES"]
[89277,"BETONEIRA CAPACIDADE NOMINAL DE 600 L, CAPACIDADE DE MISTURA 440 L, MOTOR A DIESEL POTÊNCIA 10 HP, COM CARREGADOR - MATERIAIS NA OPERAÇÃO. AF_11/2014","H",4.7300000000000004,"SINAPI","CUSTOS HORÁRIOS DE MÁQUINAS E EQUIPAMENTOS","COMPOSIÇÕES AUXILIARES"]
[89280,"ROLO COMPACTADOR VIBRATÓRIO TANDEM AÇO LISO, POTÊNCIA 58 HP, PESO SEM/COM LASTRO 6,5 / 9,4 T, LARGURA DE TRABALHO 1,2 M - DEPRECIAÇÃO. AF_06/2014","H",18.16,"SINAPI","CUSTOS HORÁRIOS DE MÁQUINAS E EQUIPAMENTOS","COMPOSIÇÕES AUXILIARES"]
[89281,"ROLO COMPACTADOR VIBRATÓRIO TANDEM AÇO LISO, POTÊNCIA 58 HP, PESO SEM/COM LASTRO 6,5 / 9,4 T, LARGURA DE TRABALHO 1,2 M - JUROS. AF_06/2014","H",4.7699999999999996,"SINAPI","CUSTOS HORÁRIOS DE MÁQUINAS E EQUIPAMENTOS","COMPOSIÇÕES AUXILIARES"]
[89870,"CAMINHÃO BASCULANTE 14 M3, COM CAVALO MECÂNICO DE CAPACIDADE MÁXIMA DE TRAÇÃO COMBINADO DE 36000 KG, POTÊNCIA 286 CV, INCLUSIVE SEMIREBOQUE COM CAÇAMBA METÁLICA - DEPRECIAÇÃO. AF_12/2014","H",17.940000000000001,"SINAPI","CUSTOS HORÁRIOS DE MÁQUINAS E EQUIPAMENTOS","COMPOSIÇÕES AUXILIARES"]
[89871,"CAMINHÃO BASCULANTE 14 M3, COM CAVALO MECÂNICO DE CAPACIDADE MÁXIMA DE TRAÇÃO COMBINADO DE 36000 KG, POTÊNCIA 286 CV, INCLUSIVE SEMIREBOQUE COM CAÇAMBA METÁLICA - JUROS. AF_12/2014","H",6.28,"SINAPI","CUSTOS HORÁRIOS DE MÁQUINAS E EQUIPAMENTOS","COMPOSIÇÕES AUXILIARES"]
[89872,"CAMINHÃO BASCULANTE 14 M3, COM CAVALO MECÂNICO DE CAPACIDADE MÁXIMA DE TRAÇÃO COMBINADO DE 36000 KG, POTÊNCIA 286 CV, INCLUSIVE SEMIREBOQUE COM CAÇAMBA METÁLICA - IMPOSTOS E SEGUROS. AF_12/2014","H",1.29,"SINAPI","CUSTOS HORÁRIOS DE MÁQUINAS E EQUIPAMENTOS","COMPOSIÇÕES AUXILIARES"]
[89873,"CAMINHÃO BASCULANTE 14 M3, COM CAVALO MECÂNICO DE CAPACIDADE MÁXIMA DE TRAÇÃO COMBINADO DE 36000 KG, POTÊNCIA 286 CV, INCLUSIVE SEMIREBOQUE COM CAÇAMBA METÁLICA - MANUTENÇÃO. AF_12/2014","H",33.64,"SINAPI","CUSTOS HORÁRIOS DE MÁQUINAS E EQUIPAMENTOS","COMPOSIÇÕES AUXILIARES"]
[89874,"CAMINHÃO BASCULANTE 14 M3, COM CAVALO MECÂNICO DE CAPACIDADE MÁXIMA DE TRAÇÃO COMBINADO DE 36000 KG, POTÊNCIA 286 CV, INCLUSIVE SEMIREBOQUE COM CAÇAMBA METÁLICA - MATERIAIS NA OPERAÇÃO. AF_12/2014","H",133.75,"SINAPI","CUSTOS HORÁRIOS DE MÁQUINAS E EQUIPAMENTOS","COMPOSIÇÕES AUXILIARES"]
[89878,"CAMINHÃO BASCULANTE 18 M3, COM CAVALO MECÂNICO DE CAPACIDADE MÁXIMA DE TRAÇÃO COMBINADO DE 45000 KG, POTÊNCIA 330 CV, INCLUSIVE SEMIREBOQUE COM CAÇAMBA METÁLICA - DEPRECIAÇÃO. AF_12/2014","H",18.940000000000001,"SINAPI","CUSTOS HORÁRIOS DE MÁQUINAS E EQUIPAMENTOS","COMPOSIÇÕES AUXILIARES"]
[89879,"CAMINHÃO BASCULANTE 18 M3, COM CAVALO MECÂNICO DE CAPACIDADE MÁXIMA DE TRAÇÃO COMBINADO DE 45000 KG, POTÊNCIA 330 CV, INCLUSIVE SEMIREBOQUE COM CAÇAMBA METÁLICA - JUROS. AF_12/2014","H",6.62,"SINAPI","CUSTOS HORÁRIOS DE MÁQUINAS E EQUIPAMENTOS","COMPOSIÇÕES AUXILIARES"]
[89880,"CAMINHÃO BASCULANTE 18 M3, COM CAVALO MECÂNICO DE CAPACIDADE MÁXIMA DE TRAÇÃO COMBINADO DE 45000 KG, POTÊNCIA 330 CV, INCLUSIVE SEMIREBOQUE COM CAÇAMBA METÁLICA - IMPOSTOS E SEGUROS. AF_12/2014","H",1.36,"SINAPI","CUSTOS HORÁRIOS DE MÁQUINAS E EQUIPAMENTOS","COMPOSIÇÕES AUXILIARES"]
[89881,"CAMINHÃO BASCULANTE 18 M3, COM CAVALO MECÂNICO DE CAPACIDADE MÁXIMA DE TRAÇÃO COMBINADO DE 45000 KG, POTÊNCIA 330 CV, INCLUSIVE SEMIREBOQUE COM CAÇAMBA METÁLICA - MANUTENÇÃO. AF_12/2014","H",35.51,"SINAPI","CUSTOS HORÁRIOS DE MÁQUINAS E EQUIPAMENTOS","COMPOSIÇÕES AUXILIARES"]
[89882,"CAMINHÃO BASCULANTE 18 M3, COM CAVALO MECÂNICO DE CAPACIDADE MÁXIMA DE TRAÇÃO COMBINADO DE 45000 KG, POTÊNCIA 330 CV, INCLUSIVE SEMIREBOQUE COM CAÇAMBA METÁLICA - MATERIAIS NA OPERAÇÃO. AF_12/2014","H",154.33000000000001,"SINAPI","CUSTOS HORÁRIOS DE MÁQUINAS E EQUIPAMENTOS","COMPOSIÇÕES AUXILIARES"]
[90582,"VIBRADOR DE IMERSÃO, DIÂMETRO DE PONTEIRA 45MM, MOTOR ELÉTRICO TRIFÁSICO POTÊNCIA DE 2 CV - DEPRECIAÇÃO. AF_06/2015","H",0.24,"SINAPI","CUSTOS HORÁRIOS DE MÁQUINAS E EQUIPAMENTOS","COMPOSIÇÕES AUXILIARES"]
[90583,"VIBRADOR DE IMERSÃO, DIÂMETRO DE PONTEIRA 45MM, MOTOR ELÉTRICO TRIFÁSICO POTÊNCIA DE 2 CV - JUROS. AF_06/2015","H",0.05,"SINAPI","CUSTOS HORÁRIOS DE MÁQUINAS E EQUIPAMENTOS","COMPOSIÇÕES AUXILIARES"]
[90584,"VIBRADOR DE IMERSÃO, DIÂMETRO DE PONTEIRA 45MM, MOTOR ELÉTRICO TRIFÁSICO POTÊNCIA DE 2 CV - MANUTENÇÃO. AF_06/2015","H",0.19,"SINAPI","CUSTOS HORÁRIOS DE MÁQUINAS E EQUIPAMENTOS","COMPOSIÇÕES AUXILIARES"]
[90585,"VIBRADOR DE IMERSÃO, DIÂMETRO DE PONTEIRA 45MM, MOTOR ELÉTRICO TRIFÁSICO POTÊNCIA DE 2 CV - MATERIAIS NA OPERAÇÃO. AF_06/2015","H",0.9,"SINAPI","CUSTOS HORÁRIOS DE MÁQUINAS E EQUIPAMENTOS","COMPOSIÇÕES AUXILIARES"]
[90621,"PERFURATRIZ MANUAL, TORQUE MÁXIMO 83 N.M, POTÊNCIA 5 CV, COM DIÂMETRO MÁXIMO 4\" - DEPRECIAÇÃO. AF_06/2015","H",1.39,"SINAPI","CUSTOS HORÁRIOS DE MÁQUINAS E EQUIPAMENTOS","COMPOSIÇÕES AUXILIARES"]
[90622,"PERFURATRIZ MANUAL, TORQUE MÁXIMO 83 N.M, POTÊNCIA 5 CV, COM DIÂMETRO MÁXIMO 4\" - JUROS. AF_06/2015","H",0.31,"SINAPI","CUSTOS HORÁRIOS DE MÁQUINAS E EQUIPAMENTOS","COMPOSIÇÕES AUXILIARES"]
[90623,"PERFURATRIZ MANUAL, TORQUE MÁXIMO 83 N.M, POTÊNCIA 5 CV, COM DIÂMETRO MÁXIMO 4\" - MANUTENÇÃO. AF_06/2015","H",1.73,"SINAPI","CUSTOS HORÁRIOS DE MÁQUINAS E EQUIPAMENTOS","COMPOSIÇÕES AUXILIARES"]
[90624,"PERFURATRIZ MANUAL, TORQUE MÁXIMO 83 N.M, POTÊNCIA 5 CV, COM DIÂMETRO MÁXIMO 4\" - MATERIAIS NA OPERAÇÃO. AF_06/2015","H",2.25,"SINAPI","CUSTOS HORÁRIOS DE MÁQUINAS E EQUIPAMENTOS","COMPOSIÇÕES AUXILIARES"]
[90627,"PERFURATRIZ SOBRE ESTEIRA, TORQUE MÁXIMO 600 KGF, PESO MÉDIO 1000 KG, POTÊNCIA 20 HP, DIÂMETRO MÁXIMO 10\" - DEPRECIAÇÃO. AF_06/2015","H",25.86,"SINAPI","CUSTOS HORÁRIOS DE MÁQUINAS E EQUIPAMENTOS","COMPOSIÇÕES AUXILIARES"]
[90628,"PERFURATRIZ SOBRE ESTEIRA, TORQUE MÁXIMO 600 KGF, PESO MÉDIO 1000 KG, POTÊNCIA 20 HP, DIÂMETRO MÁXIMO 10\" - JUROS. AF_06/2015","H",6.79,"SINAPI","CUSTOS HORÁRIOS DE MÁQUINAS E EQUIPAMENTOS","COMPOSIÇÕES AUXILIARES"]
[90629,"PERFURATRIZ SOBRE ESTEIRA, TORQUE MÁXIMO 600 KGF, PESO MÉDIO 1000 KG, POTÊNCIA 20 HP, DIÂMETRO MÁXIMO 10\" - MANUTENÇÃO. AF_06/2015","H",32.369999999999997,"SINAPI","CUSTOS HORÁRIOS DE MÁQUINAS E EQUIPAMENTOS","COMPOSIÇÕES AUXILIARES"]
[90630,"PERFURATRIZ SOBRE ESTEIRA, TORQUE MÁXIMO 600 KGF, PESO MÉDIO 1000 KG, POTÊNCIA 20 HP, DIÂMETRO MÁXIMO 10\" - MATERIAIS NA OPERAÇÃO. AF_06/2015","H",9.1199999999999992,"SINAPI","CUSTOS HORÁRIOS DE MÁQUINAS E EQUIPAMENTOS","COMPOSIÇÕES AUXILIARES"]
[90633,"MISTURADOR DUPLO HORIZONTAL DE ALTA TURBULÊNCIA, CAPACIDADE / VOLUME 2 X 500 LITROS, MOTORES ELÉTRICOS MÍNIMO 5 CV CADA, PARA NATA CIMENTO, ARGAMASSA E OUTROS - DEPRECIAÇÃO. AF_06/2015","H",2.4300000000000002,"SINAPI","CUSTOS HORÁRIOS DE MÁQUINAS E EQUIPAMENTOS","COMPOSIÇÕES AUXILIARES"]
[90634,"MISTURADOR DUPLO HORIZONTAL DE ALTA TURBULÊNCIA, CAPACIDADE / VOLUME 2 X 500 LITROS, MOTORES ELÉTRICOS MÍNIMO 5 CV CADA, PARA NATA CIMENTO, ARGAMASSA E OUTROS - JUROS. AF_06/2015","H",0.54,"SINAPI","CUSTOS HORÁRIOS DE MÁQUINAS E EQUIPAMENTOS","COMPOSIÇÕES AUXILIARES"]
[90635,"MISTURADOR DUPLO HORIZONTAL DE ALTA TURBULÊNCIA, CAPACIDADE / VOLUME 2 X 500 LITROS, MOTORES ELÉTRICOS MÍNIMO 5 CV CADA, PARA NATA CIMENTO, ARGAMASSA E OUTROS - MANUTENÇÃO. AF_06/2015","H",2.66,"SINAPI","CUSTOS HORÁRIOS DE MÁQUINAS E EQUIPAMENTOS","COMPOSIÇÕES AUXILIARES"]
[90636,"MISTURADOR DUPLO HORIZONTAL DE ALTA TURBULÊNCIA, CAPACIDADE / VOLUME 2 X 500 LITROS, MOTORES ELÉTRICOS MÍNIMO 5 CV CADA, PARA NATA CIMENTO, ARGAMASSA E OUTROS - MATERIAIS NA OPERAÇÃO. AF_06/2015","H",4.5,"SINAPI","CUSTOS HORÁRIOS DE MÁQUINAS E EQUIPAMENTOS","COMPOSIÇÕES AUXILIARES"]
[90639,"BOMBA TRIPLEX, PARA INJEÇÃO DE NATA DE CIMENTO, VAZÃO MÁXIMA DE 100 LITROS/MINUTO, PRESSÃO MÁXIMA DE 70 BAR - DEPRECIAÇÃO. AF_06/2015","H",3.63,"SINAPI","CUSTOS HORÁRIOS DE MÁQUINAS E EQUIPAMENTOS","COMPOSIÇÕES AUXILIARES"]
[90640,"BOMBA TRIPLEX, PARA INJEÇÃO DE NATA DE CIMENTO, VAZÃO MÁXIMA DE 100 LITROS/MINUTO, PRESSÃO MÁXIMA DE 70 BAR - JUROS. AF_06/2015","H",0.81,"SINAPI","CUSTOS HORÁRIOS DE MÁQUINAS E EQUIPAMENTOS","COMPOSIÇÕES AUXILIARES"]
[90641,"BOMBA TRIPLEX, PARA INJEÇÃO DE NATA DE CIMENTO, VAZÃO MÁXIMA DE 100 LITROS/MINUTO, PRESSÃO MÁXIMA DE 70 BAR - MANUTENÇÃO. AF_06/2015","H",3.97,"SINAPI","CUSTOS HORÁRIOS DE MÁQUINAS E EQUIPAMENTOS","COMPOSIÇÕES AUXILIARES"]
[90642,"BOMBA TRIPLEX, PARA INJEÇÃO DE NATA DE CIMENTO, VAZÃO MÁXIMA DE 100 LITROS/MINUTO, PRESSÃO MÁXIMA DE 70 BAR - MATERIAIS NA OPERAÇÃO. AF_06/2015","H",5.15,"SINAPI","CUSTOS HORÁRIOS DE MÁQUINAS E EQUIPAMENTOS","COMPOSIÇÕES AUXILIARES"]
[90646,"BOMBA CENTRÍFUGA MONOESTÁGIO COM MOTOR ELÉTRICO MONOFÁSICO, POTÊNCIA 15 HP, DIÂMETRO DO ROTOR 173 MM, HM/Q = 30 MCA / 90 M3/H A 45 MCA / 55 M3/H - DEPRECIAÇÃO. AF_06/2015","H",0.42,"SINAPI","CUSTOS HORÁRIOS DE MÁQUINAS E EQUIPAMENTOS","COMPOSIÇÕES AUXILIARES"]
[90647,"BOMBA CENTRÍFUGA MONOESTÁGIO COM MOTOR ELÉTRICO MONOFÁSICO, POTÊNCIA 15 HP, DIÂMETRO DO ROTOR 173 MM, HM/Q = 30 MCA / 90 M3/H A 45 MCA / 55 M3/H - JUROS. AF_06/2015","H",0.09,"SINAPI","CUSTOS HORÁRIOS DE MÁQUINAS E EQUIPAMENTOS","COMPOSIÇÕES AUXILIARES"]
[90648,"BOMBA CENTRÍFUGA MONOESTÁGIO COM MOTOR ELÉTRICO MONOFÁSICO, POTÊNCIA 15 HP, DIÂMETRO DO ROTOR 173 MM, HM/Q = 30 MCA / 90 M3/H A 45 MCA / 55 M3/H - MANUTENÇÃO. AF_06/2015","H",0.46,"SINAPI","CUSTOS HORÁRIOS DE MÁQUINAS E EQUIPAMENTOS","COMPOSIÇÕES AUXILIARES"]
[90649,"BOMBA CENTRÍFUGA MONOESTÁGIO COM MOTOR ELÉTRICO MONOFÁSICO, POTÊNCIA 15 HP, DIÂMETRO DO ROTOR 173 MM, HM/Q = 30 MCA / 90 M3/H A 45 MCA / 55 M3/H - MATERIAIS NA OPERAÇÃO. AF_06/2015","H",7.03,"SINAPI","CUSTOS HORÁRIOS DE MÁQUINAS E EQUIPAMENTOS","COMPOSIÇÕES AUXILIARES"]
[90652,"BOMBA DE PROJEÇÃO DE CONCRETO SECO, POTÊNCIA 10 CV, VAZÃO 3 M3/H - DEPRECIAÇÃO. AF_06/2015","H",2.36,"SINAPI","CUSTOS HORÁRIOS DE MÁQUINAS E EQUIPAMENTOS","COMPOSIÇÕES AUXILIARES"]
[90653,"BOMBA DE PROJEÇÃO DE CONCRETO SECO, POTÊNCIA 10 CV, VAZÃO 3 M3/H - JUROS. AF_06/2015","H",0.53,"SINAPI","CUSTOS HORÁRIOS DE MÁQUINAS E EQUIPAMENTOS","COMPOSIÇÕES AUXILIARES"]
[90654,"BOMBA DE PROJEÇÃO DE CONCRETO SECO, POTÊNCIA 10 CV, VAZÃO 3 M3/H - MANUTENÇÃO. AF_06/2015","H",2.58,"SINAPI","CUSTOS HORÁRIOS DE MÁQUINAS E EQUIPAMENTOS","COMPOSIÇÕES AUXILIARES"]
[90655,"BOMBA DE PROJEÇÃO DE CONCRETO SECO, POTÊNCIA 10 CV, VAZÃO 3 M3/H - MATERIAIS NA OPERAÇÃO. AF_06/2015","H",4.63,"SINAPI","CUSTOS HORÁRIOS DE MÁQUINAS E EQUIPAMENTOS","COMPOSIÇÕES AUXILIARES"]
[90658,"BOMBA DE PROJEÇÃO DE CONCRETO SECO, POTÊNCIA 10 CV, VAZÃO 6 M3/H - DEPRECIAÇÃO. AF_06/2015","H",2.5299999999999998,"SINAPI","CUSTOS HORÁRIOS DE MÁQUINAS E EQUIPAMENTOS","COMPOSIÇÕES AUXILIARES"]
[90659,"BOMBA DE PROJEÇÃO DE CONCRETO SECO, POTÊNCIA 10 CV, VAZÃO 6 M3/H - JUROS. AF_06/2015","H",0.56000000000000005,"SINAPI","CUSTOS HORÁRIOS DE MÁQUINAS E EQUIPAMENTOS","COMPOSIÇÕES AUXILIARES"]
[90660,"BOMBA DE PROJEÇÃO DE CONCRETO SECO, POTÊNCIA 10 CV, VAZÃO 6 M3/H - MANUTENÇÃO. AF_06/2015","H",2.77,"SINAPI","CUSTOS HORÁRIOS DE MÁQUINAS E EQUIPAMENTOS","COMPOSIÇÕES AUXILIARES"]
[90661,"BOMBA DE PROJEÇÃO DE CONCRETO SECO, POTÊNCIA 10 CV, VAZÃO 6 M3/H - MATERIAIS NA OPERAÇÃO. AF_06/2015","H",4.63,"SINAPI","CUSTOS HORÁRIOS DE MÁQUINAS E EQUIPAMENTOS","COMPOSIÇÕES AUXILIARES"]
[90664,"PROJETOR PNEUMÁTICO DE ARGAMASSA PARA CHAPISCO E REBOCO COM RECIPIENTE ACOPLADO, TIPO CANEQUINHA, COM COMPRESSOR DE AR REBOCÁVEL VAZÃO 89 PCM E MOTOR DIESEL DE 20 CV - DEPRECIAÇÃO. AF_06/2015","H",3.76,"SINAPI","CUSTOS HORÁRIOS DE MÁQUINAS E EQUIPAMENTOS","COMPOSIÇÕES AUXILIARES"]
[90665,"PROJETOR PNEUMÁTICO DE ARGAMASSA PARA CHAPISCO E REBOCO COM RECIPIENTE ACOPLADO, TIPO CANEQUINHA, COM COMPRESSOR DE AR REBOCÁVEL VAZÃO 89 PCM E MOTOR DIESEL DE 20 CV - JUROS. AF_06/2015","H",0.84,"SINAPI","CUSTOS HORÁRIOS DE MÁQUINAS E EQUIPAMENTOS","COMPOSIÇÕES AUXILIARES"]
[90666,"PROJETOR PNEUMÁTICO DE ARGAMASSA PARA CHAPISCO E REBOCO COM RECIPIENTE ACOPLADO, TIPO CANEQUINHA, COM COMPRESSOR DE AR REBOCÁVEL VAZÃO 89 PCM E MOTOR DIESEL DE 20 CV - MANUTENÇÃO. AF_06/2015","H",4.1100000000000003,"SINAPI","CUSTOS HORÁRIOS DE MÁQUINAS E EQUIPAMENTOS","COMPOSIÇÕES AUXILIARES"]
[90667,"PROJETOR PNEUMÁTICO DE ARGAMASSA PARA CHAPISCO E REBOCO COM RECIPIENTE ACOPLADO, TIPO CANEQUINHA, COM COMPRESSOR DE AR REBOCÁVEL VAZÃO 89 PCM E MOTOR DIESEL DE 20 CV - MATERIAIS NA OPERAÇÃO. AF_06/2015","H",9.35,"SINAPI","CUSTOS HORÁRIOS DE MÁQUINAS E EQUIPAMENTOS","COMPOSIÇÕES AUXILIARES"]
[90670,"PERFURATRIZ COM TORRE METÁLICA PARA EXECUÇÃO DE ESTACA HÉLICE CONTÍNUA, PROFUNDIDADE MÁXIMA DE 30 M, DIÂMETRO MÁXIMO DE 800 MM, POTÊNCIA INSTALADA DE 268 HP, MESA ROTATIVA COM TORQUE MÁXIMO DE 170 KNM - DEPRECIAÇÃO. AF_06/2015","H",118.71,"SINAPI","CUSTOS HORÁRIOS DE MÁQUINAS E EQUIPAMENTOS","COMPOSIÇÕES AUXILIARES"]
[90671,"PERFURATRIZ COM TORRE METÁLICA PARA EXECUÇÃO DE ESTACA HÉLICE CONTÍNUA, PROFUNDIDADE MÁXIMA DE 30 M, DIÂMETRO MÁXIMO DE 800 MM, POTÊNCIA INSTALADA DE 268 HP, MESA ROTATIVA COM TORQUE MÁXIMO DE 170 KNM - JUROS. AF_06/2015","H",31.18,"SINAPI","CUSTOS HORÁRIOS DE MÁQUINAS E EQUIPAMENTOS","COMPOSIÇÕES AUXILIARES"]
[90672,"PERFURATRIZ COM TORRE METÁLICA PARA EXECUÇÃO DE ESTACA HÉLICE CONTÍNUA, PROFUNDIDADE MÁXIMA DE 30 M, DIÂMETRO MÁXIMO DE 800 MM, POTÊNCIA INSTALADA DE 268 HP, MESA ROTATIVA COM TORQUE MÁXIMO DE 170 KNM - MANUTENÇÃO. AF_06/2015","H",148.55000000000001,"SINAPI","CUSTOS HORÁRIOS DE MÁQUINAS E EQUIPAMENTOS","COMPOSIÇÕES AUXILIARES"]
[90673,"PERFURATRIZ COM TORRE METÁLICA PARA EXECUÇÃO DE ESTACA HÉLICE CONTÍNUA, PROFUNDIDADE MÁXIMA DE 30 M, DIÂMETRO MÁXIMO DE 800 MM, POTÊNCIA INSTALADA DE 268 HP, MESA ROTATIVA COM TORQUE MÁXIMO DE 170 KNM - MATERIAIS NA OPERAÇÃO. AF_06/2015","H",127.04,"SINAPI","CUSTOS HORÁRIOS DE MÁQUINAS E EQUIPAMENTOS","COMPOSIÇÕES AUXILIARES"]
[90676,"PERFURATRIZ HIDRÁULICA SOBRE CAMINHÃO COM TRADO CURTO ACOPLADO, PROFUNDIDADE MÁXIMA DE 20 M, DIÂMETRO MÁXIMO DE 1500 MM, POTÊNCIA INSTALADA DE 137 HP, MESA ROTATIVA COM TORQUE MÁXIMO DE 30 KNM - DEPRECIAÇÃO. AF_06/2015","H",62.43,"SINAPI","CUSTOS HORÁRIOS DE MÁQUINAS E EQUIPAMENTOS","COMPOSIÇÕES AUXILIARES"]
[90677,"PERFURATRIZ HIDRÁULICA SOBRE CAMINHÃO COM TRADO CURTO ACOPLADO, PROFUNDIDADE MÁXIMA DE 20 M, DIÂMETRO MÁXIMO DE 1500 MM, POTÊNCIA INSTALADA DE 137 HP, MESA ROTATIVA COM TORQUE MÁXIMO DE 30 KNM - JUROS. AF_06/2015","H",16.39,"SINAPI","CUSTOS HORÁRIOS DE MÁQUINAS E EQUIPAMENTOS","COMPOSIÇÕES AUXILIARES"]
[90678,"PERFURATRIZ HIDRÁULICA SOBRE CAMINHÃO COM TRADO CURTO ACOPLADO, PROFUNDIDADE MÁXIMA DE 20 M, DIÂMETRO MÁXIMO DE 1500 MM, POTÊNCIA INSTALADA DE 137 HP, MESA ROTATIVA COM TORQUE MÁXIMO DE 30 KNM - MANUTENÇÃO. AF_06/2015","H",78.12,"SINAPI","CUSTOS HORÁRIOS DE MÁQUINAS E EQUIPAMENTOS","COMPOSIÇÕES AUXILIARES"]
[90679,"PERFURATRIZ HIDRÁULICA SOBRE CAMINHÃO COM TRADO CURTO ACOPLADO, PROFUNDIDADE MÁXIMA DE 20 M, DIÂMETRO MÁXIMO DE 1500 MM, POTÊNCIA INSTALADA DE 137 HP, MESA ROTATIVA COM TORQUE MÁXIMO DE 30 KNM - MATERIAIS NA OPERAÇÃO. AF_06/2015","H",64.95,"SINAPI","CUSTOS HORÁRIOS DE MÁQUINAS E EQUIPAMENTOS","COMPOSIÇÕES AUXILIARES"]
[90682,"MANIPULADOR TELESCÓPICO, POTÊNCIA DE 85 HP, CAPACIDADE DE CARGA DE 3.500 KG, ALTURA MÁXIMA DE ELEVAÇÃO DE 12,3 M - DEPRECIAÇÃO. AF_06/2015","H",27.34,"SINAPI","CUSTOS HORÁRIOS DE MÁQUINAS E EQUIPAMENTOS","COMPOSIÇÕES AUXILIARES"]
[90683,"MANIPULADOR TELESCÓPICO, POTÊNCIA DE 85 HP, CAPACIDADE DE CARGA DE 3.500 KG, ALTURA MÁXIMA DE ELEVAÇÃO DE 12,3 M - JUROS. AF_06/2015","H",6.15,"SINAPI","CUSTOS HORÁRIOS DE MÁQUINAS E EQUIPAMENTOS","COMPOSIÇÕES AUXILIARES"]
[90684,"MANIPULADOR TELESCÓPICO, POTÊNCIA DE 85 HP, CAPACIDADE DE CARGA DE 3.500 KG, ALTURA MÁXIMA DE ELEVAÇÃO DE 12,3 M - MANUTENÇÃO. AF_06/2015","H",29.91,"SINAPI","CUSTOS HORÁRIOS DE MÁQUINAS E EQUIPAMENTOS","COMPOSIÇÕES AUXILIARES"]
[90685,"MANIPULADOR TELESCÓPICO, POTÊNCIA DE 85 HP, CAPACIDADE DE CARGA DE 3.500 KG, ALTURA MÁXIMA DE ELEVAÇÃO DE 12,3 M - MATERIAIS NA OPERAÇÃO. AF_06/2015","H",40.270000000000003,"SINAPI","CUSTOS HORÁRIOS DE MÁQUINAS E EQUIPAMENTOS","COMPOSIÇÕES AUXILIARES"]
[90688,"MINICARREGADEIRA SOBRE RODAS, POTÊNCIA LÍQUIDA DE 47 HP, CAPACIDADE NOMINAL DE OPERAÇÃO DE 646 KG - DEPRECIAÇÃO. AF_06/2015","H",13.53,"SINAPI","CUSTOS HORÁRIOS DE MÁQUINAS E EQUIPAMENTOS","COMPOSIÇÕES AUXILIARES"]
[90689,"MINICARREGADEIRA SOBRE RODAS, POTÊNCIA LÍQUIDA DE 47 HP, CAPACIDADE NOMINAL DE OPERAÇÃO DE 646 KG - JUROS. AF_06/2015","H",2.6,"SINAPI","CUSTOS HORÁRIOS DE MÁQUINAS E EQUIPAMENTOS","COMPOSIÇÕES AUXILIARES"]
[90690,"MINICARREGADEIRA SOBRE RODAS, POTÊNCIA LÍQUIDA DE 47 HP, CAPACIDADE NOMINAL DE OPERAÇÃO DE 646 KG - MANUTENÇÃO. AF_06/2015","H",16.91,"SINAPI","CUSTOS HORÁRIOS DE MÁQUINAS E EQUIPAMENTOS","COMPOSIÇÕES AUXILIARES"]
[90691,"MINICARREGADEIRA SOBRE RODAS, POTÊNCIA LÍQUIDA DE 47 HP, CAPACIDADE NOMINAL DE OPERAÇÃO DE 646 KG - MATERIAIS NA OPERAÇÃO. AF_06/2015","H",22.27,"SINAPI","CUSTOS HORÁRIOS DE MÁQUINAS E EQUIPAMENTOS","COMPOSIÇÕES AUXILIARES"]
[90957,"COMPRESSOR DE AR REBOCÁVEL, VAZÃO 189 PCM, PRESSÃO EFETIVA DE TRABALHO 102 PSI, MOTOR DIESEL, POTÊNCIA 63 CV - DEPRECIAÇÃO. AF_06/2015","H",2.33,"SINAPI","CUSTOS HORÁRIOS DE MÁQUINAS E EQUIPAMENTOS","COMPOSIÇÕES AUXILIARES"]
[90958,"COMPRESSOR DE AR REBOCÁVEL, VAZÃO 189 PCM, PRESSÃO EFETIVA DE TRABALHO 102 PSI, MOTOR DIESEL, POTÊNCIA 63 CV - JUROS. AF_06/2015","H",0.61,"SINAPI","CUSTOS HORÁRIOS DE MÁQUINAS E EQUIPAMENTOS","COMPOSIÇÕES AUXILIARES"]
[90960,"COMPRESSOR DE AR REBOCÁVEL, VAZÃO 89 PCM, PRESSÃO EFETIVA DE TRABALHO 102 PSI, MOTOR DIESEL, POTÊNCIA 20 CV - DEPRECIAÇÃO. AF_06/2015","H",3.11,"SINAPI","CUSTOS HORÁRIOS DE MÁQUINAS E EQUIPAMENTOS","COMPOSIÇÕES AUXILIARES"]
[90961,"COMPRESSOR DE AR REBOCÁVEL, VAZÃO 89 PCM, PRESSÃO EFETIVA DE TRABALHO 102 PSI, MOTOR DIESEL, POTÊNCIA 20 CV - JUROS. AF_06/2015","H",0.81,"SINAPI","CUSTOS HORÁRIOS DE MÁQUINAS E EQUIPAMENTOS","COMPOSIÇÕES AUXILIARES"]
[90962,"COMPRESSOR DE AR REBOCÁVEL, VAZÃO 89 PCM, PRESSÃO EFETIVA DE TRABALHO 102 PSI, MOTOR DIESEL, POTÊNCIA 20 CV - MANUTENÇÃO. AF_06/2015","H",3.89,"SINAPI","CUSTOS HORÁRIOS DE MÁQUINAS E EQUIPAMENTOS","COMPOSIÇÕES AUXILIARES"]
[90963,"COMPRESSOR DE AR REBOCÁVEL, VAZÃO 89 PCM, PRESSÃO EFETIVA DE TRABALHO 102 PSI, MOTOR DIESEL, POTÊNCIA 20 CV - MATERIAIS NA OPERAÇÃO. AF_06/2015","H",9.35,"SINAPI","CUSTOS HORÁRIOS DE MÁQUINAS E EQUIPAMENTOS","COMPOSIÇÕES AUXILIARES"]
[90968,"COMPRESSOR DE AR REBOCAVEL, VAZÃO 250 PCM, PRESSAO DE TRABALHO 102 PSI, MOTOR A DIESEL POTÊNCIA 81 CV - DEPRECIAÇÃO. AF_06/2015","H",3.12,"SINAPI","CUSTOS HORÁRIOS DE MÁQUINAS E EQUIPAMENTOS","COMPOSIÇÕES AUXILIARES"]
[90969,"COMPRESSOR DE AR REBOCAVEL, VAZÃO 250 PCM, PRESSAO DE TRABALHO 102 PSI, MOTOR A DIESEL POTÊNCIA 81 CV - JUROS. AF_06/2015","H",0.82,"SINAPI","CUSTOS HORÁRIOS DE MÁQUINAS E EQUIPAMENTOS","COMPOSIÇÕES AUXILIARES"]
[90970,"COMPRESSOR DE AR REBOCAVEL, VAZÃO 250 PCM, PRESSAO DE TRABALHO 102 PSI, MOTOR A DIESEL POTÊNCIA 81 CV - MANUTENÇÃO. AF_06/2015","H",3.91,"SINAPI","CUSTOS HORÁRIOS DE MÁQUINAS E EQUIPAMENTOS","COMPOSIÇÕES AUXILIARES"]
[90971,"COMPRESSOR DE AR REBOCAVEL, VAZÃO 250 PCM, PRESSAO DE TRABALHO 102 PSI, MOTOR A DIESEL POTÊNCIA 81 CV - MATERIAIS NA OPERAÇÃO. AF_06/2015","H",37.869999999999997,"SINAPI","CUSTOS HORÁRIOS DE MÁQUINAS E EQUIPAMENTOS","COMPOSIÇÕES AUXILIARES"]
[90975,"COMPRESSOR DE AR REBOCÁVEL, VAZÃO 748 PCM, PRESSÃO EFETIVA DE TRABALHO 102 PSI, MOTOR DIESEL, POTÊNCIA 210 CV - DEPRECIAÇÃO. AF_06/2015","H",7.93,"SINAPI","CUSTOS HORÁRIOS DE MÁQUINAS E EQUIPAMENTOS","COMPOSIÇÕES AUXILIARES"]
[90976,"COMPRESSOR DE AR REBOCÁVEL, VAZÃO 748 PCM, PRESSÃO EFETIVA DE TRABALHO 102 PSI, MOTOR DIESEL, POTÊNCIA 210 CV - JUROS. AF_06/2015","H",2.08,"SINAPI","CUSTOS HORÁRIOS DE MÁQUINAS E EQUIPAMENTOS","COMPOSIÇÕES AUXILIARES"]
[90977,"COMPRESSOR DE AR REBOCÁVEL, VAZÃO 748 PCM, PRESSÃO EFETIVA DE TRABALHO 102 PSI, MOTOR DIESEL, POTÊNCIA 210 CV - MANUTENÇÃO. AF_06/2015","H",9.92,"SINAPI","CUSTOS HORÁRIOS DE MÁQUINAS E EQUIPAMENTOS","COMPOSIÇÕES AUXILIARES"]
[90978,"COMPRESSOR DE AR REBOCÁVEL, VAZÃO 748 PCM, PRESSÃO EFETIVA DE TRABALHO 102 PSI, MOTOR DIESEL, POTÊNCIA 210 CV - MATERIAIS NA OPERAÇÃO. AF_06/2015","H",98.2,"SINAPI","CUSTOS HORÁRIOS DE MÁQUINAS E EQUIPAMENTOS","COMPOSIÇÕES AUXILIARES"]
[90992,"COMPRESSOR DE AR REBOCAVEL, VAZÃO 400 PCM, PRESSAO DE TRABALHO 102 PSI, MOTOR A DIESEL POTÊNCIA 110 CV - DEPRECIAÇÃO. AF_06/2015","H",3.7,"SINAPI","CUSTOS HORÁRIOS DE MÁQUINAS E EQUIPAMENTOS","COMPOSIÇÕES AUXILIARES"]
[90993,"COMPRESSOR DE AR REBOCAVEL, VAZÃO 400 PCM, PRESSAO DE TRABALHO 102 PSI, MOTOR A DIESEL POTÊNCIA 110 CV - JUROS. AF_06/2015","H",0.97,"SINAPI","CUSTOS HORÁRIOS DE MÁQUINAS E EQUIPAMENTOS","COMPOSIÇÕES AUXILIARES"]
[90994,"COMPRESSOR DE AR REBOCAVEL, VAZÃO 400 PCM, PRESSAO DE TRABALHO 102 PSI, MOTOR A DIESEL POTÊNCIA 110 CV - MANUTENÇÃO. AF_06/2015","H",4.63,"SINAPI","CUSTOS HORÁRIOS DE MÁQUINAS E EQUIPAMENTOS","COMPOSIÇÕES AUXILIARES"]
[90995,"COMPRESSOR DE AR REBOCAVEL, VAZÃO 400 PCM, PRESSAO DE TRABALHO 102 PSI, MOTOR A DIESEL POTÊNCIA 110 CV - MATERIAIS NA OPERAÇÃO. AF_06/2015","H",51.43,"SINAPI","CUSTOS HORÁRIOS DE MÁQUINAS E EQUIPAMENTOS","COMPOSIÇÕES AUXILIARES"]
[91021,"PERFURATRIZ HIDRÁULICA SOBRE CAMINHÃO COM TRADO CURTO ACOPLADO, PROFUNDIDADE MÁXIMA DE 20 M, DIÂMETRO MÁXIMO DE 1500 MM, POTÊNCIA INSTALADA DE 137 HP, MESA ROTATIVA COM TORQUE MÁXIMO DE 30 KNM - IMPOSTOS E SEGUROS. AF_06/2015","H",3.38,"SINAPI","CUSTOS HORÁRIOS DE MÁQUINAS E EQUIPAMENTOS","COMPOSIÇÕES AUXILIARES"]
[91026,"CAMINHÃO TRUCADO (C/ TERCEIRO EIXO) ELETRÔNICO - POTÊNCIA 231CV - PBT = 22000KG - DIST. ENTRE EIXOS 5170 MM - INCLUI CARROCERIA FIXA ABERTA DE MADEIRA - DEPRECIAÇÃO. AF_06/2015","H",11.6,"SINAPI","CUSTOS HORÁRIOS DE MÁQUINAS E EQUIPAMENTOS","COMPOSIÇÕES AUXILIARES"]
[91027,"CAMINHÃO TRUCADO (C/ TERCEIRO EIXO) ELETRÔNICO - POTÊNCIA 231CV - PBT = 22000KG - DIST. ENTRE EIXOS 5170 MM - INCLUI CARROCERIA FIXA ABERTA DE MADEIRA - JUROS. AF_06/2015","H",4.63,"SINAPI","CUSTOS HORÁRIOS DE MÁQUINAS E EQUIPAMENTOS","COMPOSIÇÕES AUXILIARES"]
[91028,"CAMINHÃO TRUCADO (C/ TERCEIRO EIXO) ELETRÔNICO - POTÊNCIA 231CV - PBT = 22000KG - DIST. ENTRE EIXOS 5170 MM - INCLUI CARROCERIA FIXA ABERTA DE MADEIRA - IMPOSTOS E SEGUROS. AF_06/2015","H",0.94,"SINAPI","CUSTOS HORÁRIOS DE MÁQUINAS E EQUIPAMENTOS","COMPOSIÇÕES AUXILIARES"]
[91029,"CAMINHÃO TRUCADO (C/ TERCEIRO EIXO) ELETRÔNICO - POTÊNCIA 231CV - PBT = 22000KG - DIST. ENTRE EIXOS 5170 MM - INCLUI CARROCERIA FIXA ABERTA DE MADEIRA - MANUTENÇÃO. AF_06/2015","H",21.75,"SINAPI","CUSTOS HORÁRIOS DE MÁQUINAS E EQUIPAMENTOS","COMPOSIÇÕES AUXILIARES"]
[91030,"CAMINHÃO TRUCADO (C/ TERCEIRO EIXO) ELETRÔNICO - POTÊNCIA 231CV - PBT = 22000KG - DIST. ENTRE EIXOS 5170 MM - INCLUI CARROCERIA FIXA ABERTA DE MADEIRA - MATERIAIS NA OPERAÇÃO. AF_06/2015","H",108.01,"SINAPI","CUSTOS HORÁRIOS DE MÁQUINAS E EQUIPAMENTOS","COMPOSIÇÕES AUXILIARES"]
[91273,"PLACA VIBRATÓRIA REVERSÍVEL COM MOTOR 4 TEMPOS A GASOLINA, FORÇA CENTRÍFUGA DE 25 KN (2500 KGF), POTÊNCIA 5,5 CV - DEPRECIAÇÃO. AF_08/2015","H",0.45,"SINAPI","CUSTOS HORÁRIOS DE MÁQUINAS E EQUIPAMENTOS","COMPOSIÇÕES AUXILIARES"]
[91274,"PLACA VIBRATÓRIA REVERSÍVEL COM MOTOR 4 TEMPOS A GASOLINA, FORÇA CENTRÍFUGA DE 25 KN (2500 KGF), POTÊNCIA 5,5 CV - JUROS. AF_08/2015","H",0.11,"SINAPI","CUSTOS HORÁRIOS DE MÁQUINAS E EQUIPAMENTOS","COMPOSIÇÕES AUXILIARES"]
[91275,"PLACA VIBRATÓRIA REVERSÍVEL COM MOTOR 4 TEMPOS A GASOLINA, FORÇA CENTRÍFUGA DE 25 KN (2500 KGF), POTÊNCIA 5,5 CV - MANUTENÇÃO. AF_08/2015","H",0.56999999999999995,"SINAPI","CUSTOS HORÁRIOS DE MÁQUINAS E EQUIPAMENTOS","COMPOSIÇÕES AUXILIARES"]
[91276,"PLACA VIBRATÓRIA REVERSÍVEL COM MOTOR 4 TEMPOS A GASOLINA, FORÇA CENTRÍFUGA DE 25 KN (2500 KGF), POTÊNCIA 5,5 CV - MATERIAIS NA OPERAÇÃO. AF_08/2015","H",3.35,"SINAPI","CUSTOS HORÁRIOS DE MÁQUINAS E EQUIPAMENTOS","COMPOSIÇÕES AUXILIARES"]
[91279,"CORTADORA DE PISO COM MOTOR 4 TEMPOS A GASOLINA, POTÊNCIA DE 13 HP, COM DISCO DE CORTE DIAMANTADO SEGMENTADO PARA CONCRETO, DIÂMETRO DE 350 MM, FURO DE 1\" (14 X 1\") - DEPRECIAÇÃO. AF_08/2015","H",0.54,"SINAPI","CUSTOS HORÁRIOS DE MÁQUINAS E EQUIPAMENTOS","COMPOSIÇÕES AUXILIARES"]
[91280,"CORTADORA DE PISO COM MOTOR 4 TEMPOS A GASOLINA, POTÊNCIA DE 13 HP, COM DISCO DE CORTE DIAMANTADO SEGMENTADO PARA CONCRETO, DIÂMETRO DE 350 MM, FURO DE 1\" (14 X 1\") - JUROS. AF_08/2015","H",0.11,"SINAPI","CUSTOS HORÁRIOS DE MÁQUINAS E EQUIPAMENTOS","COMPOSIÇÕES AUXILIARES"]
[91281,"CORTADORA DE PISO COM MOTOR 4 TEMPOS A GASOLINA, POTÊNCIA DE 13 HP, COM DISCO DE CORTE DIAMANTADO SEGMENTADO PARA CONCRETO, DIÂMETRO DE 350 MM, FURO DE 1\" (14 X 1\") - MANUTENÇÃO. AF_08/2015","H",0.68,"SINAPI","CUSTOS HORÁRIOS DE MÁQUINAS E EQUIPAMENTOS","COMPOSIÇÕES AUXILIARES"]
[91282,"CORTADORA DE PISO COM MOTOR 4 TEMPOS A GASOLINA, POTÊNCIA DE 13 HP, COM DISCO DE CORTE DIAMANTADO SEGMENTADO PARA CONCRETO, DIÂMETRO DE 350 MM, FURO DE 1\" (14 X 1\") - MATERIAIS NA OPERAÇÃO. AF_08/2015","H",8.0299999999999994,"SINAPI","CUSTOS HORÁRIOS DE MÁQUINAS E EQUIPAMENTOS","COMPOSIÇÕES AUXILIARES"]
[91354,"CAMINHÃO TOCO, PESO BRUTO TOTAL 14.300 KG, CARGA ÚTIL MÁXIMA 9590 KG, DISTÂNCIA ENTRE EIXOS 4,76 M, POTÊNCIA 185 CV (NÃO INCLUI CARROCERIA) - DEPRECIAÇÃO. AF_06/2014","H",9.06,"SINAPI","CUSTOS HORÁRIOS DE MÁQUINAS E EQUIPAMENTOS","COMPOSIÇÕES AUXILIARES"]
[91355,"CAMINHÃO TOCO, PESO BRUTO TOTAL 14.300 KG, CARGA ÚTIL MÁXIMA 9590 KG, DISTÂNCIA ENTRE EIXOS 4,76 M, POTÊNCIA 185 CV (NÃO INCLUI CARROCERIA) - JUROS. AF_06/2014","H",3.61,"SINAPI","CUSTOS HORÁRIOS DE MÁQUINAS E EQUIPAMENTOS","COMPOSIÇÕES AUXILIARES"]
[91356,"CAMINHÃO TOCO, PESO BRUTO TOTAL 14.300 KG, CARGA ÚTIL MÁXIMA 9590 KG, DISTÂNCIA ENTRE EIXOS 4,76 M, POTÊNCIA 185 CV (NÃO INCLUI CARROCERIA) - IMPOSTOS E SEGUROS. AF_06/2014","H",0.73,"SINAPI","CUSTOS HORÁRIOS DE MÁQUINAS E EQUIPAMENTOS","COMPOSIÇÕES AUXILIARES"]
[91359,"CAMINHÃO PIPA 6.000 L, PESO BRUTO TOTAL 13.000 KG, DISTÂNCIA ENTRE EIXOS 4,80 M, POTÊNCIA 189 CV INCLUSIVE TANQUE DE AÇO PARA TRANSPORTE DE ÁGUA, CAPACIDADE 6 M3 - DEPRECIAÇÃO. AF_06/2014","H",10.039999999999999,"SINAPI","CUSTOS HORÁRIOS DE MÁQUINAS E EQUIPAMENTOS","COMPOSIÇÕES AUXILIARES"]
[91360,"CAMINHÃO PIPA 6.000 L, PESO BRUTO TOTAL 13.000 KG, DISTÂNCIA ENTRE EIXOS 4,80 M, POTÊNCIA 189 CV INCLUSIVE TANQUE DE AÇO PARA TRANSPORTE DE ÁGUA, CAPACIDADE 6 M3 - JUROS. AF_06/2014","H",4,"SINAPI","CUSTOS HORÁRIOS DE MÁQUINAS E EQUIPAMENTOS","COMPOSIÇÕES AUXILIARES"]
[91361,"CAMINHÃO PIPA 6.000 L, PESO BRUTO TOTAL 13.000 KG, DISTÂNCIA ENTRE EIXOS 4,80 M, POTÊNCIA 189 CV INCLUSIVE TANQUE DE AÇO PARA TRANSPORTE DE ÁGUA, CAPACIDADE 6 M3 - IMPOSTOS E SEGUROS. AF_06/2014","H",0.81,"SINAPI","CUSTOS HORÁRIOS DE MÁQUINAS E EQUIPAMENTOS","COMPOSIÇÕES AUXILIARES"]
[91367,"CAMINHÃO BASCULANTE 6 M3, PESO BRUTO TOTAL 16.000 KG, CARGA ÚTIL MÁXIMA 13.071 KG, DISTÂNCIA ENTRE EIXOS 4,80 M, POTÊNCIA 230 CV INCLUSIVE CAÇAMBA METÁLICA - DEPRECIAÇÃO. AF_06/2014","H",13.1,"SINAPI","CUSTOS HORÁRIOS DE MÁQUINAS E EQUIPAMENTOS","COMPOSIÇÕES AUXILIARES"]
[91368,"CAMINHÃO BASCULANTE 6 M3, PESO BRUTO TOTAL 16.000 KG, CARGA ÚTIL MÁXIMA 13.071 KG, DISTÂNCIA ENTRE EIXOS 4,80 M, POTÊNCIA 230 CV INCLUSIVE CAÇAMBA METÁLICA - JUROS. AF_06/2014","H",4.57,"SINAPI","CUSTOS HORÁRIOS DE MÁQUINAS E EQUIPAMENTOS","COMPOSIÇÕES AUXILIARES"]
[91369,"CAMINHÃO BASCULANTE 6 M3, PESO BRUTO TOTAL 16.000 KG, CARGA ÚTIL MÁXIMA 13.071 KG, DISTÂNCIA ENTRE EIXOS 4,80 M, POTÊNCIA 230 CV INCLUSIVE CAÇAMBA METÁLICA - IMPOSTOS E SEGUROS. AF_06/2014","H",0.94,"SINAPI","CUSTOS HORÁRIOS DE MÁQUINAS E EQUIPAMENTOS","COMPOSIÇÕES AUXILIARES"]
[91375,"CAMINHÃO TOCO, PESO BRUTO TOTAL 16.000 KG, CARGA ÚTIL MÁXIMA DE 10.685 KG, DISTÂNCIA ENTRE EIXOS 4,80 M, POTÊNCIA 189 CV EXCLUSIVE CARROCERIA - DEPRECIAÇÃO. AF_06/2014","H",7.63,"SINAPI","CUSTOS HORÁRIOS DE MÁQUINAS E EQUIPAMENTOS","COMPOSIÇÕES AUXILIARES"]
[91376,"CAMINHÃO TOCO, PESO BRUTO TOTAL 16.000 KG, CARGA ÚTIL MÁXIMA DE 10.685 KG, DISTÂNCIA ENTRE EIXOS 4,80 M, POTÊNCIA 189 CV EXCLUSIVE CARROCERIA - JUROS. AF_06/2014","H",3.04,"SINAPI","CUSTOS HORÁRIOS DE MÁQUINAS E EQUIPAMENTOS","COMPOSIÇÕES AUXILIARES"]
[91377,"CAMINHÃO TOCO, PESO BRUTO TOTAL 16.000 KG, CARGA ÚTIL MÁXIMA DE 10.685 KG, DISTÂNCIA ENTRE EIXOS 4,80 M, POTÊNCIA 189 CV EXCLUSIVE CARROCERIA - IMPOSTOS E SEGUROS. AF_06/2014","H",0.62,"SINAPI","CUSTOS HORÁRIOS DE MÁQUINAS E EQUIPAMENTOS","COMPOSIÇÕES AUXILIARES"]
[91380,"CAMINHÃO BASCULANTE 10 M3, TRUCADO CABINE SIMPLES, PESO BRUTO TOTAL 23.000 KG, CARGA ÚTIL MÁXIMA 15.935 KG, DISTÂNCIA ENTRE EIXOS 4,80 M, POTÊNCIA 230 CV INCLUSIVE CAÇAMBA METÁLICA - DEPRECIAÇÃO. AF_06/2014","H",14.76,"SINAPI","CUSTOS HORÁRIOS DE MÁQUINAS E EQUIPAMENTOS","COMPOSIÇÕES AUXILIARES"]
[91381,"CAMINHÃO BASCULANTE 10 M3, TRUCADO CABINE SIMPLES, PESO BRUTO TOTAL 23.000 KG, CARGA ÚTIL MÁXIMA 15.935 KG, DISTÂNCIA ENTRE EIXOS 4,80 M, POTÊNCIA 230 CV INCLUSIVE CAÇAMBA METÁLICA - JUROS. AF_06/2014","H",5.16,"SINAPI","CUSTOS HORÁRIOS DE MÁQUINAS E EQUIPAMENTOS","COMPOSIÇÕES AUXILIARES"]
[91382,"CAMINHÃO BASCULANTE 10 M3, TRUCADO CABINE SIMPLES, PESO BRUTO TOTAL 23.000 KG, CARGA ÚTIL MÁXIMA 15.935 KG, DISTÂNCIA ENTRE EIXOS 4,80 M, POTÊNCIA 230 CV INCLUSIVE CAÇAMBA METÁLICA - IMPOSTOS E SEGUROS. AF_06/2014","H",1.06,"SINAPI","CUSTOS HORÁRIOS DE MÁQUINAS E EQUIPAMENTOS","COMPOSIÇÕES AUXILIARES"]
[91383,"CAMINHÃO BASCULANTE 10 M3, TRUCADO CABINE SIMPLES, PESO BRUTO TOTAL 23.000 KG, CARGA ÚTIL MÁXIMA 15.935 KG, DISTÂNCIA ENTRE EIXOS 4,80 M, POTÊNCIA 230 CV INCLUSIVE CAÇAMBA METÁLICA - MANUTENÇÃO. AF_06/2014","H",27.68,"SINAPI","CUSTOS HORÁRIOS DE MÁQUINAS E EQUIPAMENTOS","COMPOSIÇÕES AUXILIARES"]
[91384,"CAMINHÃO BASCULANTE 10 M3, TRUCADO CABINE SIMPLES, PESO BRUTO TOTAL 23.000 KG, CARGA ÚTIL MÁXIMA 15.935 KG, DISTÂNCIA ENTRE EIXOS 4,80 M, POTÊNCIA 230 CV INCLUSIVE CAÇAMBA METÁLICA - MATERIAIS NA OPERAÇÃO. AF_06/2014","H",107.55,"SINAPI","CUSTOS HORÁRIOS DE MÁQUINAS E EQUIPAMENTOS","COMPOSIÇÕES AUXILIARES"]
[91390,"CAMINHÃO TOCO, PBT 14.300 KG, CARGA ÚTIL MÁX. 9.710 KG, DIST. ENTRE EIXOS 3,56 M, POTÊNCIA 185 CV, INCLUSIVE CARROCERIA FIXA ABERTA DE MADEIRA P/ TRANSPORTE GERAL DE CARGA SECA, DIMEN. APROX. 2,50 X 6,50 X 0,50 M - DEPRECIAÇÃO. AF_06/2014","H",9.73,"SINAPI","CUSTOS HORÁRIOS DE MÁQUINAS E EQUIPAMENTOS","COMPOSIÇÕES AUXILIARES"]
[91391,"CAMINHÃO TOCO, PBT 14.300 KG, CARGA ÚTIL MÁX. 9.710 KG, DIST. ENTRE EIXOS 3,56 M, POTÊNCIA 185 CV, INCLUSIVE CARROCERIA FIXA ABERTA DE MADEIRA P/ TRANSPORTE GERAL DE CARGA SECA, DIMEN. APROX. 2,50 X 6,50 X 0,50 M - JUROS. AF_06/2014","H",3.88,"SINAPI","CUSTOS HORÁRIOS DE MÁQUINAS E EQUIPAMENTOS","COMPOSIÇÕES AUXILIARES"]
[91392,"CAMINHÃO TOCO, PBT 14.300 KG, CARGA ÚTIL MÁX. 9.710 KG, DIST. ENTRE EIXOS 3,56 M, POTÊNCIA 185 CV, INCLUSIVE CARROCERIA FIXA ABERTA DE MADEIRA P/ TRANSPORTE GERAL DE CARGA SECA, DIMEN. APROX. 2,50 X 6,50 X 0,50 M - IMPOSTOS E SEGUROS. AF_06/2014","H",0.79,"SINAPI","CUSTOS HORÁRIOS DE MÁQUINAS E EQUIPAMENTOS","COMPOSIÇÕES AUXILIARES"]
[91396,"CAMINHÃO PIPA 10.000 L TRUCADO, PESO BRUTO TOTAL 23.000 KG, CARGA ÚTIL MÁXIMA 15.935 KG, DISTÂNCIA ENTRE EIXOS 4,8 M, POTÊNCIA 230 CV, INCLUSIVE TANQUE DE AÇO PARA TRANSPORTE DE ÁGUA - DEPRECIAÇÃO. AF_06/2014","H",12.9,"SINAPI","CUSTOS HORÁRIOS DE MÁQUINAS E EQUIPAMENTOS","COMPOSIÇÕES AUXILIARES"]
[91397,"CAMINHÃO PIPA 10.000 L TRUCADO, PESO BRUTO TOTAL 23.000 KG, CARGA ÚTIL MÁXIMA 15.935 KG, DISTÂNCIA ENTRE EIXOS 4,8 M, POTÊNCIA 230 CV, INCLUSIVE TANQUE DE AÇO PARA TRANSPORTE DE ÁGUA - JUROS. AF_06/2014","H",5.15,"SINAPI","CUSTOS HORÁRIOS DE MÁQUINAS E EQUIPAMENTOS","COMPOSIÇÕES AUXILIARES"]
[91398,"CAMINHÃO PIPA 10.000 L TRUCADO, PESO BRUTO TOTAL 23.000 KG, CARGA ÚTIL MÁXIMA 15.935 KG, DISTÂNCIA ENTRE EIXOS 4,8 M, POTÊNCIA 230 CV, INCLUSIVE TANQUE DE AÇO PARA TRANSPORTE DE ÁGUA - IMPOSTOS E SEGUROS. AF_06/2014","H",1.04,"SINAPI","CUSTOS HORÁRIOS DE MÁQUINAS E EQUIPAMENTOS","COMPOSIÇÕES AUXILIARES"]
[91402,"CAMINHÃO BASCULANTE 6 M3 TOCO, PESO BRUTO TOTAL 16.000 KG, CARGA ÚTIL MÁXIMA 11.130 KG, DISTÂNCIA ENTRE EIXOS 5,36 M, POTÊNCIA 185 CV, INCLUSIVE CAÇAMBA METÁLICA - IMPOSTOS E SEGUROS. AF_06/2014","H",0.89,"SINAPI","CUSTOS HORÁRIOS DE MÁQUINAS E EQUIPAMENTOS","COMPOSIÇÕES AUXILIARES"]
[91466,"GUINDAUTO HIDRÁULICO, CAPACIDADE MÁXIMA DE CARGA 6200 KG, MOMENTO MÁXIMO DE CARGA 11,7 TM, ALCANCE MÁXIMO HORIZONTAL 9,70 M, INCLUSIVE CAMINHÃO TOCO PBT 16.000 KG, POTÊNCIA DE 189 CV - IMPOSTOS E SEGUROS. AF_08/2015","H",0.81,"SINAPI","CUSTOS HORÁRIOS DE MÁQUINAS E EQUIPAMENTOS","COMPOSIÇÕES AUXILIARES"]
[91467,"GUINDAUTO HIDRÁULICO, CAPACIDADE MÁXIMA DE CARGA 6200 KG, MOMENTO MÁXIMO DE CARGA 11,7 TM, ALCANCE MÁXIMO HORIZONTAL 9,70 M, INCLUSIVE CAMINHÃO TOCO PBT 16.000 KG, POTÊNCIA DE 189 CV - MATERIAIS NA OPERAÇÃO. AF_08/2015","H",88.39,"SINAPI","CUSTOS HORÁRIOS DE MÁQUINAS E EQUIPAMENTOS","COMPOSIÇÕES AUXILIARES"]
[91468,"ESPARGIDOR DE ASFALTO PRESSURIZADO, TANQUE 6 M3 COM ISOLAÇÃO TÉRMICA, AQUECIDO COM 2 MAÇARICOS, COM BARRA ESPARGIDORA 3,60 M, MONTADO SOBRE CAMINHÃO  TOCO, PBT 14.300 KG, POTÊNCIA 185 CV - DEPRECIAÇÃO. AF_08/2015","H",14.02,"SINAPI","CUSTOS HORÁRIOS DE MÁQUINAS E EQUIPAMENTOS","COMPOSIÇÕES AUXILIARES"]
[91469,"ESPARGIDOR DE ASFALTO PRESSURIZADO, TANQUE 6 M3 COM ISOLAÇÃO TÉRMICA, AQUECIDO COM 2 MAÇARICOS, COM BARRA ESPARGIDORA 3,60 M, MONTADO SOBRE CAMINHÃO  TOCO, PBT 14.300 KG, POTÊNCIA 185 CV - JUROS. AF_08/2015","H",4.75,"SINAPI","CUSTOS HORÁRIOS DE MÁQUINAS E EQUIPAMENTOS","COMPOSIÇÕES AUXILIARES"]
[91484,"ESPARGIDOR DE ASFALTO PRESSURIZADO, TANQUE 6 M3 COM ISOLAÇÃO TÉRMICA, AQUECIDO COM 2 MAÇARICOS, COM BARRA ESPARGIDORA 3,60 M, MONTADO SOBRE CAMINHÃO  TOCO, PBT 14.300 KG, POTÊNCIA 185 CV - IMPOSTOS E SEGUROS. AF_08/2015","H",0.96,"SINAPI","CUSTOS HORÁRIOS DE MÁQUINAS E EQUIPAMENTOS","COMPOSIÇÕES AUXILIARES"]
[91485,"ESPARGIDOR DE ASFALTO PRESSURIZADO, TANQUE 6 M3 COM ISOLAÇÃO TÉRMICA, AQUECIDO COM 2 MAÇARICOS, COM BARRA ESPARGIDORA 3,60 M, MONTADO SOBRE CAMINHÃO  TOCO, PBT 14.300 KG, POTÊNCIA 185 CV - MATERIAIS NA OPERAÇÃO. AF_08/2015","H",121.82,"SINAPI","CUSTOS HORÁRIOS DE MÁQUINAS E EQUIPAMENTOS","COMPOSIÇÕES AUXILIARES"]
[91529,"COMPACTADOR DE SOLOS DE PERCUSSÃO (SOQUETE) COM MOTOR A GASOLINA 4 TEMPOS, POTÊNCIA 4 CV - DEPRECIAÇÃO. AF_08/2015","H",0.67,"SINAPI","CUSTOS HORÁRIOS DE MÁQUINAS E EQUIPAMENTOS","COMPOSIÇÕES AUXILIARES"]
[91530,"COMPACTADOR DE SOLOS DE PERCUSSÃO (SOQUETE) COM MOTOR A GASOLINA 4 TEMPOS, POTÊNCIA 4 CV - JUROS. AF_08/2015","H",0.17,"SINAPI","CUSTOS HORÁRIOS DE MÁQUINAS E EQUIPAMENTOS","COMPOSIÇÕES AUXILIARES"]
[91531,"COMPACTADOR DE SOLOS DE PERCUSSÃO (SOQUETE) COM MOTOR A GASOLINA 4 TEMPOS, POTÊNCIA 4 CV - MANUTENÇÃO. AF_08/2015","H",0.84,"SINAPI","CUSTOS HORÁRIOS DE MÁQUINAS E EQUIPAMENTOS","COMPOSIÇÕES AUXILIARES"]
[91532,"COMPACTADOR DE SOLOS DE PERCUSSÃO (SOQUETE) COM MOTOR A GASOLINA 4 TEMPOS, POTÊNCIA 4 CV - MATERIAIS NA OPERAÇÃO. AF_08/2015","H",2.44,"SINAPI","CUSTOS HORÁRIOS DE MÁQUINAS E EQUIPAMENTOS","COMPOSIÇÕES AUXILIARES"]
[91629,"GUINDAUTO HIDRÁULICO, CAPACIDADE MÁXIMA DE CARGA 6500 KG, MOMENTO MÁXIMO DE CARGA 5,8 TM, ALCANCE MÁXIMO HORIZONTAL 7,60 M, INCLUSIVE CAMINHÃO TOCO PBT 9.700 KG, POTÊNCIA DE 160 CV - DEPRECIAÇÃO. AF_08/2015","H",9.31,"SINAPI","CUSTOS HORÁRIOS DE MÁQUINAS E EQUIPAMENTOS","COMPOSIÇÕES AUXILIARES"]
[91630,"GUINDAUTO HIDRÁULICO, CAPACIDADE MÁXIMA DE CARGA 6500 KG, MOMENTO MÁXIMO DE CARGA 5,8 TM, ALCANCE MÁXIMO HORIZONTAL 7,60 M, INCLUSIVE CAMINHÃO TOCO PBT 9.700 KG, POTÊNCIA DE 160 CV - JUROS. AF_08/2015","H",3.71,"SINAPI","CUSTOS HORÁRIOS DE MÁQUINAS E EQUIPAMENTOS","COMPOSIÇÕES AUXILIARES"]
[91631,"GUINDAUTO HIDRÁULICO, CAPACIDADE MÁXIMA DE CARGA 6500 KG, MOMENTO MÁXIMO DE CARGA 5,8 TM, ALCANCE MÁXIMO HORIZONTAL 7,60 M, INCLUSIVE CAMINHÃO TOCO PBT 9.700 KG, POTÊNCIA DE 160 CV - IMPOSTOS E SEGUROS. AF_08/2015","H",0.75,"SINAPI","CUSTOS HORÁRIOS DE MÁQUINAS E EQUIPAMENTOS","COMPOSIÇÕES AUXILIARES"]
[91632,"GUINDAUTO HIDRÁULICO, CAPACIDADE MÁXIMA DE CARGA 6500 KG, MOMENTO MÁXIMO DE CARGA 5,8 TM, ALCANCE MÁXIMO HORIZONTAL 7,60 M, INCLUSIVE CAMINHÃO TOCO PBT 9.700 KG, POTÊNCIA DE 160 CV - MANUTENÇÃO. AF_08/2015","H",17.47,"SINAPI","CUSTOS HORÁRIOS DE MÁQUINAS E EQUIPAMENTOS","COMPOSIÇÕES AUXILIARES"]
[91633,"GUINDAUTO HIDRÁULICO, CAPACIDADE MÁXIMA DE CARGA 6500 KG, MOMENTO MÁXIMO DE CARGA 5,8 TM, ALCANCE MÁXIMO HORIZONTAL 7,60 M, INCLUSIVE CAMINHÃO TOCO PBT 9.700 KG, POTÊNCIA DE 160 CV - MATERIAIS NA OPERAÇÃO. AF_08/2015","H",74.83,"SINAPI","CUSTOS HORÁRIOS DE MÁQUINAS E EQUIPAMENTOS","COMPOSIÇÕES AUXILIARES"]
[91640,"CAMINHÃO DE TRANSPORTE DE MATERIAL ASFÁLTICO 30.000 L, COM CAVALO MECÂNICO DE CAPACIDADE MÁXIMA DE TRAÇÃO COMBINADO DE 66.000 KG, POTÊNCIA 360 CV, INCLUSIVE TANQUE DE ASFALTO COM SERPENTINA - DEPRECIAÇÃO. AF_08/2015","H",18.78,"SINAPI","CUSTOS HORÁRIOS DE MÁQUINAS E EQUIPAMENTOS","COMPOSIÇÕES AUXILIARES"]
[91641,"CAMINHÃO DE TRANSPORTE DE MATERIAL ASFÁLTICO 30.000 L, COM CAVALO MECÂNICO DE CAPACIDADE MÁXIMA DE TRAÇÃO COMBINADO DE 66.000 KG, POTÊNCIA 360 CV, INCLUSIVE TANQUE DE ASFALTO COM SERPENTINA - JUROS. AF_08/2015","H",7.5,"SINAPI","CUSTOS HORÁRIOS DE MÁQUINAS E EQUIPAMENTOS","COMPOSIÇÕES AUXILIARES"]
[91642,"CAMINHÃO DE TRANSPORTE DE MATERIAL ASFÁLTICO 30.000 L, COM CAVALO MECÂNICO DE CAPACIDADE MÁXIMA DE TRAÇÃO COMBINADO DE 66.000 KG, POTÊNCIA 360 CV, INCLUSIVE TANQUE DE ASFALTO COM SERPENTINA - IMPOSTOS E SEGUROS. AF_08/2015","H",1.52,"SINAPI","CUSTOS HORÁRIOS DE MÁQUINAS E EQUIPAMENTOS","COMPOSIÇÕES AUXILIARES"]
[91643,"CAMINHÃO DE TRANSPORTE DE MATERIAL ASFÁLTICO 30.000 L, COM CAVALO MECÂNICO DE CAPACIDADE MÁXIMA DE TRAÇÃO COMBINADO DE 66.000 KG, POTÊNCIA 360 CV, INCLUSIVE TANQUE DE ASFALTO COM SERPENTINA - MANUTENÇÃO. AF_08/2015","H",35.21,"SINAPI","CUSTOS HORÁRIOS DE MÁQUINAS E EQUIPAMENTOS","COMPOSIÇÕES AUXILIARES"]
[91644,"CAMINHÃO DE TRANSPORTE DE MATERIAL ASFÁLTICO 30.000 L, COM CAVALO MECÂNICO DE CAPACIDADE MÁXIMA DE TRAÇÃO COMBINADO DE 66.000 KG, POTÊNCIA 360 CV, INCLUSIVE TANQUE DE ASFALTO COM SERPENTINA - MATERIAIS NA OPERAÇÃO. AF_08/2015","H",168.34,"SINAPI","CUSTOS HORÁRIOS DE MÁQUINAS E EQUIPAMENTOS","COMPOSIÇÕES AUXILIARES"]
[91688,"SERRA CIRCULAR DE BANCADA COM MOTOR ELÉTRICO POTÊNCIA DE 5HP, COM COIFA PARA DISCO 10\" - DEPRECIAÇÃO. AF_08/2015","H",0.06,"SINAPI","CUSTOS HORÁRIOS DE MÁQUINAS E EQUIPAMENTOS","COMPOSIÇÕES AUXILIARES"]
[91689,"SERRA CIRCULAR DE BANCADA COM MOTOR ELÉTRICO POTÊNCIA DE 5HP, COM COIFA PARA DISCO 10\" - JUROS. AF_08/2015","H",0.01,"SINAPI","CUSTOS HORÁRIOS DE MÁQUINAS E EQUIPAMENTOS","COMPOSIÇÕES AUXILIARES"]
[91690,"SERRA CIRCULAR DE BANCADA COM MOTOR ELÉTRICO POTÊNCIA DE 5HP, COM COIFA PARA DISCO 10\" - MANUTENÇÃO. AF_08/2015","H",0.04,"SINAPI","CUSTOS HORÁRIOS DE MÁQUINAS E EQUIPAMENTOS","COMPOSIÇÕES AUXILIARES"]
[91691,"SERRA CIRCULAR DE BANCADA COM MOTOR ELÉTRICO POTÊNCIA DE 5HP, COM COIFA PARA DISCO 10\" - MATERIAIS NA OPERAÇÃO. AF_08/2015","H",2.2799999999999998,"SINAPI","CUSTOS HORÁRIOS DE MÁQUINAS E EQUIPAMENTOS","COMPOSIÇÕES AUXILIARES"]
[92040,"DISTRIBUIDOR DE AGREGADOS REBOCAVEL, CAPACIDADE 1,9 M³, LARGURA DE TRABALHO 3,66 M - DEPRECIAÇÃO. AF_11/2015","H",4.13,"SINAPI","CUSTOS HORÁRIOS DE MÁQUINAS E EQUIPAMENTOS","COMPOSIÇÕES AUXILIARES"]
[92041,"DISTRIBUIDOR DE AGREGADOS REBOCAVEL, CAPACIDADE 1,9 M³, LARGURA DE TRABALHO 3,66 M - JUROS. AF_11/2015","H",0.82,"SINAPI","CUSTOS HORÁRIOS DE MÁQUINAS E EQUIPAMENTOS","COMPOSIÇÕES AUXILIARES"]
[92042,"DISTRIBUIDOR DE AGREGADOS REBOCAVEL, CAPACIDADE 1,9 M³, LARGURA DE TRABALHO 3,66 M - MANUTENÇÃO. AF_11/2015","H",3.44,"SINAPI","CUSTOS HORÁRIOS DE MÁQUINAS E EQUIPAMENTOS","COMPOSIÇÕES AUXILIARES"]
[92101,"CAMINHÃO PARA EQUIPAMENTO DE LIMPEZA A SUCÇÃO COM CAMINHÃO TRUCADO DE PESO BRUTO TOTAL 23000 KG, CARGA ÚTIL MÁXIMA 15935 KG, DISTÂNCIA ENTRE EIXOS 4,80 M, POTÊNCIA 230 CV, INCLUSIVE LIMPADORA A SUCÇÃO, TANQUE 12000 L - DEPRECIAÇÃO. AF_11/2015","H",14.63,"SINAPI","CUSTOS HORÁRIOS DE MÁQUINAS E EQUIPAMENTOS","COMPOSIÇÕES AUXILIARES"]
[92102,"CAMINHÃO PARA EQUIPAMENTO DE LIMPEZA A SUCÇÃO COM CAMINHÃO TRUCADO DE PESO BRUTO TOTAL 23000 KG, CARGA ÚTIL MÁXIMA 15935 KG, DISTÂNCIA ENTRE EIXOS 4,80 M, POTÊNCIA 230 CV, INCLUSIVE LIMPADORA A SUCÇÃO, TANQUE 12000 L - JUROS. AF_11/2015","H",5.84,"SINAPI","CUSTOS HORÁRIOS DE MÁQUINAS E EQUIPAMENTOS","COMPOSIÇÕES AUXILIARES"]
[92103,"CAMINHÃO PARA EQUIPAMENTO DE LIMPEZA A SUCÇÃO COM CAMINHÃO TRUCADO DE PESO BRUTO TOTAL 23000 KG, CARGA ÚTIL MÁXIMA 15935 KG, DISTÂNCIA ENTRE EIXOS 4,80 M, POTÊNCIA 230 CV, INCLUSIVE LIMPADORA A SUCÇÃO, TANQUE 12000 L - IMPOSTOS E SEGUROS. AF_11/2015","H",1.18,"SINAPI","CUSTOS HORÁRIOS DE MÁQUINAS E EQUIPAMENTOS","COMPOSIÇÕES AUXILIARES"]
[92104,"CAMINHÃO PARA EQUIPAMENTO DE LIMPEZA A SUCÇÃO COM CAMINHÃO TRUCADO DE PESO BRUTO TOTAL 23000 KG, CARGA ÚTIL MÁXIMA 15935 KG, DISTÂNCIA ENTRE EIXOS 4,80 M, POTÊNCIA 230 CV, INCLUSIVE LIMPADORA A SUCÇÃO, TANQUE 12000 L - MANUTENÇÃO. AF_11/2015","H",27.45,"SINAPI","CUSTOS HORÁRIOS DE MÁQUINAS E EQUIPAMENTOS","COMPOSIÇÕES AUXILIARES"]
[92105,"CAMINHÃO PARA EQUIPAMENTO DE LIMPEZA A SUCÇÃO COM CAMINHÃO TRUCADO DE PESO BRUTO TOTAL 23000 KG, CARGA ÚTIL MÁX. 15935 KG, DISTÂNCIA ENTRE EIXOS 4,80 M, POTÊNCIA 230 CV, INCLUSIVE LIMPADORA A SUCÇÃO, TANQUE 12000 L - MATERIAIS NA OPERAÇÃO. AF_11/2015","H",107.55,"SINAPI","CUSTOS HORÁRIOS DE MÁQUINAS E EQUIPAMENTOS","COMPOSIÇÕES AUXILIARES"]
[92108,"PENEIRA ROTATIVA COM MOTOR ELÉTRICO TRIFÁSICO DE 2 CV, CILINDRO DE 1 M X 0,60 M, COM FUROS DE 3,17 MM - DEPRECIAÇÃO. AF_11/2015","H",0.56000000000000005,"SINAPI","CUSTOS HORÁRIOS DE MÁQUINAS E EQUIPAMENTOS","COMPOSIÇÕES AUXILIARES"]
[92109,"PENEIRA ROTATIVA COM MOTOR ELÉTRICO TRIFÁSICO DE 2 CV, CILINDRO DE 1 M X 0,60 M, COM FUROS DE 3,17 MM - JUROS. AF_11/2015","H",0.12,"SINAPI","CUSTOS HORÁRIOS DE MÁQUINAS E EQUIPAMENTOS","COMPOSIÇÕES AUXILIARES"]
[92110,"PENEIRA ROTATIVA COM MOTOR ELÉTRICO TRIFÁSICO DE 2 CV, CILINDRO DE 1 M X 0,60 M, COM FUROS DE 3,17 MM - MANUTENÇÃO. AF_11/2015","H",0.44,"SINAPI","CUSTOS HORÁRIOS DE MÁQUINAS E EQUIPAMENTOS","COMPOSIÇÕES AUXILIARES"]
[92111,"PENEIRA ROTATIVA COM MOTOR ELÉTRICO TRIFÁSICO DE 2 CV, CILINDRO DE 1 M X 0,60 M, COM FUROS DE 3,17 MM - MATERIAIS NA OPERAÇÃO. AF_11/2015","H",0.9,"SINAPI","CUSTOS HORÁRIOS DE MÁQUINAS E EQUIPAMENTOS","COMPOSIÇÕES AUXILIARES"]
[92114,"DOSADOR DE AREIA, CAPACIDADE DE 26 LITROS - DEPRECIAÇÃO. AF_11/2015","H",0.06,"SINAPI","CUSTOS HORÁRIOS DE MÁQUINAS E EQUIPAMENTOS","COMPOSIÇÕES AUXILIARES"]
[92115,"DOSADOR DE AREIA, CAPACIDADE DE 26 LITROS - JUROS. AF_11/2015","H",0.01,"SINAPI","CUSTOS HORÁRIOS DE MÁQUINAS E EQUIPAMENTOS","COMPOSIÇÕES AUXILIARES"]
[92116,"DOSADOR DE AREIA, CAPACIDADE DE 26 LITROS - MANUTENÇÃO. AF_11/2015","H",0.08,"SINAPI","CUSTOS HORÁRIOS DE MÁQUINAS E EQUIPAMENTOS","COMPOSIÇÕES AUXILIARES"]
[92133,"CAMINHONETE COM MOTOR A DIESEL, POTÊNCIA 180 CV, CABINE DUPLA, 4X4 - DEPRECIAÇÃO. AF_11/2015","H",7.47,"SINAPI","CUSTOS HORÁRIOS DE MÁQUINAS E EQUIPAMENTOS","COMPOSIÇÕES AUXILIARES"]
[92134,"CAMINHONETE COM MOTOR A DIESEL, POTÊNCIA 180 CV, CABINE DUPLA, 4X4 - JUROS. AF_11/2015","H",2.2400000000000002,"SINAPI","CUSTOS HORÁRIOS DE MÁQUINAS E EQUIPAMENTOS","COMPOSIÇÕES AUXILIARES"]
[92135,"CAMINHONETE COM MOTOR A DIESEL, POTÊNCIA 180 CV, CABINE DUPLA, 4X4 - IMPOSTOS E SEGUROS. AF_11/2015","H",0.46,"SINAPI","CUSTOS HORÁRIOS DE MÁQUINAS E EQUIPAMENTOS","COMPOSIÇÕES AUXILIARES"]
[92136,"CAMINHONETE COM MOTOR A DIESEL, POTÊNCIA 180 CV, CABINE DUPLA, 4X4 - MANUTENÇÃO. AF_11/2015","H",9.34,"SINAPI","CUSTOS HORÁRIOS DE MÁQUINAS E EQUIPAMENTOS","COMPOSIÇÕES AUXILIARES"]
[92137,"CAMINHONETE COM MOTOR A DIESEL, POTÊNCIA 180 CV, CABINE DUPLA, 4X4 - MATERIAIS NA OPERAÇÃO. AF_11/2015","H",84.19,"SINAPI","CUSTOS HORÁRIOS DE MÁQUINAS E EQUIPAMENTOS","COMPOSIÇÕES AUXILIARES"]
[92140,"CAMINHONETE CABINE SIMPLES COM MOTOR 1.6 FLEX, CÂMBIO MANUAL, POTÊNCIA 101/104 CV, 2 PORTAS - DEPRECIAÇÃO. AF_11/2015","H",2.2799999999999998,"SINAPI","CUSTOS HORÁRIOS DE MÁQUINAS E EQUIPAMENTOS","COMPOSIÇÕES AUXILIARES"]
[92141,"CAMINHONETE CABINE SIMPLES COM MOTOR 1.6 FLEX, CÂMBIO MANUAL, POTÊNCIA 101/104 CV, 2 PORTAS - JUROS. AF_11/2015","H",0.68,"SINAPI","CUSTOS HORÁRIOS DE MÁQUINAS E EQUIPAMENTOS","COMPOSIÇÕES AUXILIARES"]
[92142,"CAMINHONETE CABINE SIMPLES COM MOTOR 1.6 FLEX, CÂMBIO MANUAL, POTÊNCIA 101/104 CV, 2 PORTAS - IMPOSTOS E SEGUROS. AF_11/2015","H",0.14000000000000001,"SINAPI","CUSTOS HORÁRIOS DE MÁQUINAS E EQUIPAMENTOS","COMPOSIÇÕES AUXILIARES"]
[92143,"CAMINHONETE CABINE SIMPLES COM MOTOR 1.6 FLEX, CÂMBIO MANUAL, POTÊNCIA 101/104 CV, 2 PORTAS - MANUTENÇÃO. AF_11/2015","H",2.85,"SINAPI","CUSTOS HORÁRIOS DE MÁQUINAS E EQUIPAMENTOS","COMPOSIÇÕES AUXILIARES"]
[92144,"CAMINHONETE CABINE SIMPLES COM MOTOR 1.6 FLEX, CÂMBIO MANUAL, POTÊNCIA 101/104 CV, 2 PORTAS - MATERIAIS NA OPERAÇÃO. AF_11/2015","H",61.56,"SINAPI","CUSTOS HORÁRIOS DE MÁQUINAS E EQUIPAMENTOS","COMPOSIÇÕES AUXILIARES"]
[92237,"CAMINHÃO DE TRANSPORTE DE MATERIAL ASFÁLTICO 20.000 L, COM CAVALO MECÂNICO DE CAPACIDADE MÁXIMA DE TRAÇÃO COMBINADO DE 45.000 KG, POTÊNCIA 330 CV, INCLUSIVE TANQUE DE ASFALTO COM MAÇARICO - DEPRECIAÇÃO. AF_12/2015","H",13.73,"SINAPI","CUSTOS HORÁRIOS DE MÁQUINAS E EQUIPAMENTOS","COMPOSIÇÕES AUXILIARES"]
[92238,"CAMINHÃO DE TRANSPORTE DE MATERIAL ASFÁLTICO 20.000 L, COM CAVALO MECÂNICO DE CAPACIDADE MÁXIMA DE TRAÇÃO COMBINADO DE 45.000 KG, POTÊNCIA 330 CV, INCLUSIVE TANQUE DE ASFALTO COM MAÇARICO - JUROS. AF_12/2015","H",5.48,"SINAPI","CUSTOS HORÁRIOS DE MÁQUINAS E EQUIPAMENTOS","COMPOSIÇÕES AUXILIARES"]
[92239,"CAMINHÃO DE TRANSPORTE DE MATERIAL ASFÁLTICO 20.000 L, COM CAVALO MECÂNICO DE CAPACIDADE MÁXIMA DE TRAÇÃO COMBINADO DE 45.000 KG, POTÊNCIA 330 CV, INCLUSIVE TANQUE DE ASFALTO COM MAÇARICO - IMPOSTOS E SEGUROS. AF_12/2015","H",1.1100000000000001,"SINAPI","CUSTOS HORÁRIOS DE MÁQUINAS E EQUIPAMENTOS","COMPOSIÇÕES AUXILIARES"]
[92240,"CAMINHÃO DE TRANSPORTE DE MATERIAL ASFÁLTICO 20.000 L, COM CAVALO MECÂNICO DE CAPACIDADE MÁXIMA DE TRAÇÃO COMBINADO DE 45.000 KG, POTÊNCIA 330 CV, INCLUSIVE TANQUE DE ASFALTO COM MAÇARICO - MANUTENÇÃO. AF_12/2015","H",25.77,"SINAPI","CUSTOS HORÁRIOS DE MÁQUINAS E EQUIPAMENTOS","COMPOSIÇÕES AUXILIARES"]
[92241,"CAMINHÃO DE TRANSPORTE DE MATERIAL ASFÁLTICO 20.000 L, COM CAVALO MECÂNICO DE CAPACIDADE MÁXIMA DE TRAÇÃO COMBINADO DE 45.000 KG, POTÊNCIA 330 CV, INCLUSIVE TANQUE DE ASFALTO COM MAÇARICO - MATERIAIS NA OPERAÇÃO. AF_12/2015","H",154.33000000000001,"SINAPI","CUSTOS HORÁRIOS DE MÁQUINAS E EQUIPAMENTOS","COMPOSIÇÕES AUXILIARES"]
[92712,"APARELHO PARA CORTE E SOLDA OXI-ACETILENO SOBRE RODAS, INCLUSIVE CILINDROS E MAÇARICOS - DEPRECIAÇÃO. AF_12/2015","H",0.18,"SINAPI","CUSTOS HORÁRIOS DE MÁQUINAS E EQUIPAMENTOS","COMPOSIÇÕES AUXILIARES"]
[92713,"APARELHO PARA CORTE E SOLDA OXI-ACETILENO SOBRE RODAS, INCLUSIVE CILINDROS E MAÇARICOS - JUROS. AF_12/2015","H",0.04,"SINAPI","CUSTOS HORÁRIOS DE MÁQUINAS E EQUIPAMENTOS","COMPOSIÇÕES AUXILIARES"]
[92714,"APARELHO PARA CORTE E SOLDA OXI-ACETILENO SOBRE RODAS, INCLUSIVE CILINDROS E MAÇARICOS - MANUTENÇÃO. AF_12/2015","H",0.23,"SINAPI","CUSTOS HORÁRIOS DE MÁQUINAS E EQUIPAMENTOS","COMPOSIÇÕES AUXILIARES"]
[92715,"APARELHO PARA CORTE E SOLDA OXI-ACETILENO SOBRE RODAS, INCLUSIVE CILINDROS E MAÇARICOS - MATERIAIS NA OPERAÇÃO. AF_12/2015","H",16.22,"SINAPI","CUSTOS HORÁRIOS DE MÁQUINAS E EQUIPAMENTOS","COMPOSIÇÕES AUXILIARES"]
[92956,"MÁQUINA EXTRUSORA DE CONCRETO PARA GUIAS E SARJETAS, MOTOR A DIESEL, POTÊNCIA 14 CV - DEPRECIAÇÃO. AF_12/2015","H",5.01,"SINAPI","CUSTOS HORÁRIOS DE MÁQUINAS E EQUIPAMENTOS","COMPOSIÇÕES AUXILIARES"]
[92957,"MÁQUINA EXTRUSORA DE CONCRETO PARA GUIAS E SARJETAS, MOTOR A DIESEL, POTÊNCIA 14 CV - JUROS. AF_12/2015","H",1.1200000000000001,"SINAPI","CUSTOS HORÁRIOS DE MÁQUINAS E EQUIPAMENTOS","COMPOSIÇÕES AUXILIARES"]
[92958,"MÁQUINA EXTRUSORA DE CONCRETO PARA GUIAS E SARJETAS, MOTOR A DIESEL, POTÊNCIA 14 CV - MANUTENÇÃO. AF_12/2015","H",5.48,"SINAPI","CUSTOS HORÁRIOS DE MÁQUINAS E EQUIPAMENTOS","COMPOSIÇÕES AUXILIARES"]
[92959,"MÁQUINA EXTRUSORA DE CONCRETO PARA GUIAS E SARJETAS, MOTOR A DIESEL, POTÊNCIA 14 CV - MATERIAIS NA OPERAÇÃO. AF_12/2015","H",6.53,"SINAPI","CUSTOS HORÁRIOS DE MÁQUINAS E EQUIPAMENTOS","COMPOSIÇÕES AUXILIARES"]
[92963,"MARTELO PERFURADOR PNEUMÁTICO MANUAL, HASTE 25 X 75 MM, 21 KG - DEPRECIAÇÃO. AF_12/2015","H",1.07,"SINAPI","CUSTOS HORÁRIOS DE MÁQUINAS E EQUIPAMENTOS","COMPOSIÇÕES AUXILIARES"]
[92964,"MARTELO PERFURADOR PNEUMÁTICO MANUAL, HASTE 25 X 75 MM, 21 KG - JUROS. AF_12/2015","H",0.24,"SINAPI","CUSTOS HORÁRIOS DE MÁQUINAS E EQUIPAMENTOS","COMPOSIÇÕES AUXILIARES"]
[92965,"MARTELO PERFURADOR PNEUMÁTICO MANUAL, HASTE 25 X 75 MM, 21 KG - MANUTENÇÃO. AF_12/2015","H",1.34,"SINAPI","CUSTOS HORÁRIOS DE MÁQUINAS E EQUIPAMENTOS","COMPOSIÇÕES AUXILIARES"]
[93220,"PERFURATRIZ COM TORRE METÁLICA PARA EXECUÇÃO DE ESTACA HÉLICE CONTÍNUA, PROFUNDIDADE MÁXIMA DE 32 M, DIÂMETRO MÁXIMO DE 1000 MM, POTÊNCIA INSTALADA DE 350 HP, MESA ROTATIVA COM TORQUE MÁXIMO DE 263 KNM - DEPRECIAÇÃO. AF_01/2016","H",184.58,"SINAPI","CUSTOS HORÁRIOS DE MÁQUINAS E EQUIPAMENTOS","COMPOSIÇÕES AUXILIARES"]
[93221,"PERFURATRIZ COM TORRE METÁLICA PARA EXECUÇÃO DE ESTACA HÉLICE CONTÍNUA, PROFUNDIDADE MÁXIMA DE 32 M, DIÂMETRO MÁXIMO DE 1000 MM, POTÊNCIA INSTALADA DE 350 HP, MESA ROTATIVA COM TORQUE MÁXIMO DE 263 KNM - JUROS. AF_01/2016","H",48.48,"SINAPI","CUSTOS HORÁRIOS DE MÁQUINAS E EQUIPAMENTOS","COMPOSIÇÕES AUXILIARES"]
[93222,"PERFURATRIZ COM TORRE METÁLICA PARA EXECUÇÃO DE ESTACA HÉLICE CONTÍNUA, PROFUNDIDADE MÁXIMA DE 32 M, DIÂMETRO MÁXIMO DE 1000 MM, POTÊNCIA INSTALADA DE 350 HP, MESA ROTATIVA COM TORQUE MÁXIMO DE 263 KNM - MANUTENÇÃO. AF_01/2016","H",230.99,"SINAPI","CUSTOS HORÁRIOS DE MÁQUINAS E EQUIPAMENTOS","COMPOSIÇÕES AUXILIARES"]
[93223,"PERFURATRIZ COM TORRE METÁLICA PARA EXECUÇÃO DE ESTACA HÉLICE CONTÍNUA, PROFUNDIDADE MÁXIMA DE 32 M, DIÂMETRO MÁXIMO DE 1000 MM, POTÊNCIA INSTALADA DE 350 HP, MESA ROTATIVA COM TORQUE MÁXIMO DE 263 KNM \u0096 MATERIAIS NA OPERAÇÃO. AF_01/2016","H",165.91,"SINAPI","CUSTOS HORÁRIOS DE MÁQUINAS E EQUIPAMENTOS","COMPOSIÇÕES AUXILIARES"]
[93229,"BETONEIRA CAPACIDADE NOMINAL 400 L, CAPACIDADE DE MISTURA 310 L, MOTOR A GASOLINA POTÊNCIA 5,5 HP, SEM CARREGADOR - DEPRECIAÇÃO. AF_02/2016","H",0.24,"SINAPI","CUSTOS HORÁRIOS DE MÁQUINAS E EQUIPAMENTOS","COMPOSIÇÕES AUXILIARES"]
[93230,"BETONEIRA CAPACIDADE NOMINAL 400 L, CAPACIDADE DE MISTURA 310 L, MOTOR A GASOLINA POTÊNCIA 5,5 HP, SEM CARREGADOR - JUROS. AF_02/2016","H",0.05,"SINAPI","CUSTOS HORÁRIOS DE MÁQUINAS E EQUIPAMENTOS","COMPOSIÇÕES AUXILIARES"]
[93231,"BETONEIRA CAPACIDADE NOMINAL 400 L, CAPACIDADE DE MISTURA 310 L, MOTOR A GASOLINA POTÊNCIA 5,5 HP, SEM CARREGADOR - MANUTENÇÃO. AF_02/2016","H",0.22,"SINAPI","CUSTOS HORÁRIOS DE MÁQUINAS E EQUIPAMENTOS","COMPOSIÇÕES AUXILIARES"]
[93232,"BETONEIRA CAPACIDADE NOMINAL 400 L, CAPACIDADE DE MISTURA 310 L, MOTOR A GASOLINA POTÊNCIA 5,5 HP, SEM CARREGADOR - MATERIAIS NA OPERAÇÃO. AF_02/2016","H",3.39,"SINAPI","CUSTOS HORÁRIOS DE MÁQUINAS E EQUIPAMENTOS","COMPOSIÇÕES AUXILIARES"]
[93235,"GRUPO GERADOR ESTACIONÁRIO, MOTOR DIESEL POTÊNCIA 170 KVA - JUROS. AF_02/2016","H",1.17,"SINAPI","CUSTOS HORÁRIOS DE MÁQUINAS E EQUIPAMENTOS","COMPOSIÇÕES AUXILIARES"]
[93238,"ROLO COMPACTADOR VIBRATÓRIO REBOCÁVEL, CILINDRO DE AÇO LISO, POTÊNCIA DE TRAÇÃO DE 65 CV, PESO 4,7 T, IMPACTO DINÂMICO 18,3 T, LARGURA DE TRABALHO 1,67 M - JUROS. AF_02/2016","H",1.17,"SINAPI","CUSTOS HORÁRIOS DE MÁQUINAS E EQUIPAMENTOS","COMPOSIÇÕES AUXILIARES"]
[93239,"ROLO COMPACTADOR VIBRATÓRIO PÉ DE CARNEIRO, OPERADO POR CONTROLE REMOTO, POTÊNCIA 12,5 KW, PESO OPERACIONAL 1,675 T, LARGURA DE TRABALHO 0,85 M - JUROS. AF_02/2016","H",5.3,"SINAPI","CUSTOS HORÁRIOS DE MÁQUINAS E EQUIPAMENTOS","COMPOSIÇÕES AUXILIARES"]
[93240,"ROLO COMPACTADOR VIBRATÓRIO PÉ DE CARNEIRO, OPERADO POR CONTROLE REMOTO, POTÊNCIA 12,5 KW, PESO OPERACIONAL 1,675 T, LARGURA DE TRABALHO 0,85 M - MATERIAIS NA OPERAÇÃO. AF_02/2016","H",7.94,"SINAPI","CUSTOS HORÁRIOS DE MÁQUINAS E EQUIPAMENTOS","COMPOSIÇÕES AUXILIARES"]
[93267,"GRUA ASCENCIONAL, LANÇA DE 30 M, CAPACIDADE DE 1,0 T A 30 M, ALTURA ATÉ 39 M \u0096 DEPRECIAÇÃO. AF_03/2016","H",22.84,"SINAPI","CUSTOS HORÁRIOS DE MÁQUINAS E EQUIPAMENTOS","COMPOSIÇÕES AUXILIARES"]
[93269,"GRUA ASCENCIONAL, LANÇA DE 30 M, CAPACIDADE DE 1,0 T A 30 M, ALTURA ATÉ 39 M   JUROS. AF_03/2016","H",5.13,"SINAPI","CUSTOS HORÁRIOS DE MÁQUINAS E EQUIPAMENTOS","COMPOSIÇÕES AUXILIARES"]
[93270,"GRUA ASCENCIONAL, LANÇA DE 30 M, CAPACIDADE DE 1,0 T A 30 M, ALTURA ATÉ 39 M   MANUTENÇÃO. AF_03/2016","H",24.98,"SINAPI","CUSTOS HORÁRIOS DE MÁQUINAS E EQUIPAMENTOS","COMPOSIÇÕES AUXILIARES"]
[93271,"GRUA ASCENCIONAL, LANÇA DE 30 M, CAPACIDADE DE 1,0 T A 30 M, ALTURA ATÉ 39 M   MATERIAIS NA OPERAÇÃO. AF_03/2016","H",6.73,"SINAPI","CUSTOS HORÁRIOS DE MÁQUINAS E EQUIPAMENTOS","COMPOSIÇÕES AUXILIARES"]
[93277,"GUINCHO ELÉTRICO DE COLUNA, CAPACIDADE 400 KG, COM MOTO FREIO, MOTOR TRIFÁSICO DE 1,25 CV - DEPRECIAÇÃO. AF_03/2016","H",0.27,"SINAPI","CUSTOS HORÁRIOS DE MÁQUINAS E EQUIPAMENTOS","COMPOSIÇÕES AUXILIARES"]
[93278,"GUINCHO ELÉTRICO DE COLUNA, CAPACIDADE 400 KG, COM MOTO FREIO, MOTOR TRIFÁSICO DE 1,25 CV - JUROS. AF_03/2016","H",0.06,"SINAPI","CUSTOS HORÁRIOS DE MÁQUINAS E EQUIPAMENTOS","COMPOSIÇÕES AUXILIARES"]
[93279,"GUINCHO ELÉTRICO DE COLUNA, CAPACIDADE 400 KG, COM MOTO FREIO, MOTOR TRIFÁSICO DE 1,25 CV - MANUTENÇÃO. AF_03/2016","H",0.25,"SINAPI","CUSTOS HORÁRIOS DE MÁQUINAS E EQUIPAMENTOS","COMPOSIÇÕES AUXILIARES"]
[93280,"GUINCHO ELÉTRICO DE COLUNA, CAPACIDADE 400 KG, COM MOTO FREIO, MOTOR TRIFÁSICO DE 1,25 CV - MATERIAIS NA OPERAÇÃO. AF_03/2016","H",0.56000000000000005,"SINAPI","CUSTOS HORÁRIOS DE MÁQUINAS E EQUIPAMENTOS","COMPOSIÇÕES AUXILIARES"]
[93283,"GUINDASTE HIDRÁULICO AUTOPROPELIDO, COM LANÇA TELESCÓPICA 40 M, CAPACIDADE MÁXIMA 60 T, POTÊNCIA 260 KW - DEPRECIAÇÃO. AF_03/2016","H",48,"SINAPI","CUSTOS HORÁRIOS DE MÁQUINAS E EQUIPAMENTOS","COMPOSIÇÕES AUXILIARES"]
[93284,"GUINDASTE HIDRÁULICO AUTOPROPELIDO, COM LANÇA TELESCÓPICA 40 M, CAPACIDADE MÁXIMA 60 T, POTÊNCIA 260 KW - JUROS. AF_03/2016","H",16.440000000000001,"SINAPI","CUSTOS HORÁRIOS DE MÁQUINAS E EQUIPAMENTOS","COMPOSIÇÕES AUXILIARES"]
[93285,"GUINDASTE HIDRÁULICO AUTOPROPELIDO, COM LANÇA TELESCÓPICA 40 M, CAPACIDADE MÁXIMA 60 T, POTÊNCIA 260 KW - MANUTENÇÃO. AF_03/2016","H",77.17,"SINAPI","CUSTOS HORÁRIOS DE MÁQUINAS E EQUIPAMENTOS","COMPOSIÇÕES AUXILIARES"]
[93286,"GUINDASTE HIDRÁULICO AUTOPROPELIDO, COM LANÇA TELESCÓPICA 40 M, CAPACIDADE MÁXIMA 60 T, POTÊNCIA 260 KW - MATERIAIS NA OPERAÇÃO. AF_03/2016","H",159.12,"SINAPI","CUSTOS HORÁRIOS DE MÁQUINAS E EQUIPAMENTOS","COMPOSIÇÕES AUXILIARES"]
[93296,"GUINDASTE HIDRÁULICO AUTOPROPELIDO, COM LANÇA TELESCÓPICA 40 M, CAPACIDADE MÁXIMA 60 T, POTÊNCIA 260 KW - IMPOSTOS E SEGUROS. AF_03/2016","H",3.36,"SINAPI","CUSTOS HORÁRIOS DE MÁQUINAS E EQUIPAMENTOS","COMPOSIÇÕES AUXILIARES"]
[93397,"GUINDAUTO HIDRÁULICO, CAPACIDADE MÁXIMA DE CARGA 3300 KG, MOMENTO MÁXIMO DE CARGA 5,8 TM, ALCANCE MÁXIMO HORIZONTAL 7,60 M, INCLUSIVE CAMINHÃO TOCO PBT 16.000 KG, POTÊNCIA DE 189 CV - DEPRECIAÇÃO. AF_03/2016","H",9.31,"SINAPI","CUSTOS HORÁRIOS DE MÁQUINAS E EQUIPAMENTOS","COMPOSIÇÕES AUXILIARES"]
[93398,"GUINDAUTO HIDRÁULICO, CAPACIDADE MÁXIMA DE CARGA 3300 KG, MOMENTO MÁXIMO DE CARGA 5,8 TM, ALCANCE MÁXIMO HORIZONTAL 7,60 M, INCLUSIVE CAMINHÃO TOCO PBT 16.000 KG, POTÊNCIA DE 189 CV - JUROS. AF_03/2016","H",3.71,"SINAPI","CUSTOS HORÁRIOS DE MÁQUINAS E EQUIPAMENTOS","COMPOSIÇÕES AUXILIARES"]
[93399,"GUINDAUTO HIDRÁULICO, CAPACIDADE MÁXIMA DE CARGA 3300 KG, MOMENTO MÁXIMO DE CARGA 5,8 TM, ALCANCE MÁXIMO HORIZONTAL 7,60 M, INCLUSIVE CAMINHÃO TOCO PBT 16.000 KG, POTÊNCIA DE 189 CV \u0096 IMPOSTOS E SEGUROS. AF_03/2016","H",0.75,"SINAPI","CUSTOS HORÁRIOS DE MÁQUINAS E EQUIPAMENTOS","COMPOSIÇÕES AUXILIARES"]
[93400,"GUINDAUTO HIDRÁULICO, CAPACIDADE MÁXIMA DE CARGA 3300 KG, MOMENTO MÁXIMO DE CARGA 5,8 TM, ALCANCE MÁXIMO HORIZONTAL 7,60 M, INCLUSIVE CAMINHÃO TOCO PBT 16.000 KG, POTÊNCIA DE 189 CV - MANUTENÇÃO. AF_03/2016","H",17.47,"SINAPI","CUSTOS HORÁRIOS DE MÁQUINAS E EQUIPAMENTOS","COMPOSIÇÕES AUXILIARES"]
[93401,"GUINDAUTO HIDRÁULICO, CAPACIDADE MÁXIMA DE CARGA 3300 KG, MOMENTO MÁXIMO DE CARGA 5,8 TM, ALCANCE MÁXIMO HORIZONTAL 7,60 M, INCLUSIVE CAMINHÃO TOCO PBT 16.000 KG, POTÊNCIA DE 189 CV - MATERIAIS NA OPERAÇÃO. AF_03/2016","H",88.39,"SINAPI","CUSTOS HORÁRIOS DE MÁQUINAS E EQUIPAMENTOS","COMPOSIÇÕES AUXILIARES"]
[93404,"MÁQUINA JATO DE PRESSAO PORTÁTIL PARA JATEAMENTO, CONTROLE AUTOMATICO REMOTO, CAMARA DE 1 SAIDA, CAPACIDADE 280 L, DIAMETRO 670 MM, BICO DE JATO CURTO VENTURI DE 5/16\u0094, MANGUEIRA DE 1\u0094 COM COMPRESSOR DE AR REBOCÁVEL VAZÃO 189 PCM E MOTOR DIESEL DE 63 CV- DEPRECIAÇÃO. AF_03/2016","H",4.3899999999999997,"SINAPI","CUSTOS HORÁRIOS DE MÁQUINAS E EQUIPAMENTOS","COMPOSIÇÕES AUXILIARES"]
[93405,"MÁQUINA JATO DE PRESSAO PORTÁTIL PARA JATEAMENTO, CONTROLE AUTOMATICO REMOTO, CAMARA DE 1 SAIDA, CAPACIDADE 280 L, DIAMETRO 670 MM, BICO DE JATO CURTO VENTURI DE 5/16\u0094, MANGUEIRA DE 1\u0094 COM COMPRESSOR DE AR REBOCÁVEL VAZÃO 189 PCM E MOTOR DIESEL DE 63 CV- JUROS. AF_03/2016","H",0.87,"SINAPI","CUSTOS HORÁRIOS DE MÁQUINAS E EQUIPAMENTOS","COMPOSIÇÕES AUXILIARES"]
[93406,"MÁQUINA JATO DE PRESSAO PORTÁTIL PARA JATEAMENTO, CONTROLE AUTOMATICO REMOTO, CAMARA DE 1 SAIDA, CAPACIDADE 280 L, DIAMETRO 670 MM, BICO DE JATO CURTO VENTURI DE 5/16\u0094, MANGUEIRA DE 1\u0094 COM COMPRESSOR DE AR REBOCÁVEL VAZÃO 189 PCM E MOTOR DIESEL DE 63 CV- MANUTENÇÃO. AF_03/2016","H",5.49,"SINAPI","CUSTOS HORÁRIOS DE MÁQUINAS E EQUIPAMENTOS","COMPOSIÇÕES AUXILIARES"]
[93407,"MÁQUINA JATO DE PRESSAO PORTÁTIL PARA JATEAMENTO, CONTROLE AUTOMATICO REMOTO, CAMARA DE 1 SAIDA, CAPACIDADE 280 L, DIAMETRO 670 MM, BICO DE JATO CURTO VENTURI DE 5/16\u0094, MANGUEIRA DE 1\u0094 COM COMPRESSOR DE AR REBOCÁVEL VAZÃO 189 PCM E MOTOR DIESEL DE 63 CV- MATERIAIS NA OPERAÇÃO. AF_03/2016","H",29.47,"SINAPI","CUSTOS HORÁRIOS DE MÁQUINAS E EQUIPAMENTOS","COMPOSIÇÕES AUXILIARES"]
[93411,"GERADOR PORTÁTIL MONOFÁSICO, POTÊNCIA 5500 VA, MOTOR A GASOLINA, POTÊNCIA DO MOTOR 13 CV - DEPRECIAÇÃO. AF_03/2016","H",0.16,"SINAPI","CUSTOS HORÁRIOS DE MÁQUINAS E EQUIPAMENTOS","COMPOSIÇÕES AUXILIARES"]
[93412,"GERADOR PORTÁTIL MONOFÁSICO, POTÊNCIA 5500 VA, MOTOR A GASOLINA, POTÊNCIA DO MOTOR 13 CV - JUROS. AF_03/2016","H",0.05,"SINAPI","CUSTOS HORÁRIOS DE MÁQUINAS E EQUIPAMENTOS","COMPOSIÇÕES AUXILIARES"]
[93413,"GERADOR PORTÁTIL MONOFÁSICO, POTÊNCIA 5500 VA, MOTOR A GASOLINA, POTÊNCIA DO MOTOR 13 CV - MANUTENÇÃO. AF_03/2016","H",0.14000000000000001,"SINAPI","CUSTOS HORÁRIOS DE MÁQUINAS E EQUIPAMENTOS","COMPOSIÇÕES AUXILIARES"]
[93414,"GERADOR PORTÁTIL MONOFÁSICO, POTÊNCIA 5500 VA, MOTOR A GASOLINA, POTÊNCIA DO MOTOR 13 CV - MATERIAIS NA OPERAÇÃO. AF_03/2016","H",7.9,"SINAPI","CUSTOS HORÁRIOS DE MÁQUINAS E EQUIPAMENTOS","COMPOSIÇÕES AUXILIARES"]
[93417,"GRUPO GERADOR REBOCÁVEL, POTÊNCIA 66 KVA, MOTOR A DIESEL - DEPRECIAÇÃO. AF_03/2016","H",2.16,"SINAPI","CUSTOS HORÁRIOS DE MÁQUINAS E EQUIPAMENTOS","COMPOSIÇÕES AUXILIARES"]
[93418,"GRUPO GERADOR REBOCÁVEL, POTÊNCIA 66 KVA, MOTOR A DIESEL - JUROS. AF_03/2016","H",0.74,"SINAPI","CUSTOS HORÁRIOS DE MÁQUINAS E EQUIPAMENTOS","COMPOSIÇÕES AUXILIARES"]
[93419,"GRUPO GERADOR REBOCÁVEL, POTÊNCIA 66 KVA, MOTOR A DIESEL - MANUTENÇÃO. AF_03/2016","H",1.92,"SINAPI","CUSTOS HORÁRIOS DE MÁQUINAS E EQUIPAMENTOS","COMPOSIÇÕES AUXILIARES"]
[93420,"GRUPO GERADOR REBOCÁVEL, POTÊNCIA 66 KVA, MOTOR A DIESEL - MATERIAIS NA OPERAÇÃO. AF_03/2016","H",37.479999999999997,"SINAPI","CUSTOS HORÁRIOS DE MÁQUINAS E EQUIPAMENTOS","COMPOSIÇÕES AUXILIARES"]
[93423,"GRUPO GERADOR ESTACIONÁRIO, POTÊNCIA 150 KVA, MOTOR A DIESEL- DEPRECIAÇÃO. AF_03/2016","H",3.05,"SINAPI","CUSTOS HORÁRIOS DE MÁQUINAS E EQUIPAMENTOS","COMPOSIÇÕES AUXILIARES"]
[93424,"GRUPO GERADOR ESTACIONÁRIO, POTÊNCIA 150 KVA, MOTOR A DIESEL- JUROS. AF_03/2016","H",1.04,"SINAPI","CUSTOS HORÁRIOS DE MÁQUINAS E EQUIPAMENTOS","COMPOSIÇÕES AUXILIARES"]
[93425,"GRUPO GERADOR ESTACIONÁRIO, POTÊNCIA 150 KVA, MOTOR A DIESEL- MANUTENÇÃO. AF_03/2016","H",2.73,"SINAPI","CUSTOS HORÁRIOS DE MÁQUINAS E EQUIPAMENTOS","COMPOSIÇÕES AUXILIARES"]
[93426,"GRUPO GERADOR ESTACIONÁRIO, POTÊNCIA 150 KVA, MOTOR A DIESEL- MATERIAIS NA OPERAÇÃO. AF_03/2016","H",89.59,"SINAPI","CUSTOS HORÁRIOS DE MÁQUINAS E EQUIPAMENTOS","COMPOSIÇÕES AUXILIARES"]
[93429,"USINA DE MISTURA ASFÁLTICA À QUENTE, TIPO CONTRA FLUXO, PROD 40 A 80 TON/HORA - DEPRECIAÇÃO. AF_03/2016","H",61.6,"SINAPI","CUSTOS HORÁRIOS DE MÁQUINAS E EQUIPAMENTOS","COMPOSIÇÕES AUXILIARES"]
[93430,"USINA DE MISTURA ASFÁLTICA À QUENTE, TIPO CONTRA FLUXO, PROD 40 A 80 TON/HORA - JUROS. AF_03/2016","H",21.09,"SINAPI","CUSTOS HORÁRIOS DE MÁQUINAS E EQUIPAMENTOS","COMPOSIÇÕES AUXILIARES"]
[93431,"USINA DE MISTURA ASFÁLTICA À QUENTE, TIPO CONTRA FLUXO, PROD 40 A 80 TON/HORA - MANUTENÇÃO. AF_03/2016","H",99.02,"SINAPI","CUSTOS HORÁRIOS DE MÁQUINAS E EQUIPAMENTOS","COMPOSIÇÕES AUXILIARES"]
[93432,"USINA DE MISTURA ASFÁLTICA À QUENTE, TIPO CONTRA FLUXO, PROD 40 A 80 TON/HORA - MATERIAIS NA OPERAÇÃO. AF_03/2016","H",1694.4,"SINAPI","CUSTOS HORÁRIOS DE MÁQUINAS E EQUIPAMENTOS","COMPOSIÇÕES AUXILIARES"]
[93435,"USINA DE ASFALTO À FRIO, CAPACIDADE DE 40 A 60 TON/HORA, ELÉTRICA POTÊNCIA 30 CV - DEPRECIAÇÃO. AF_03/2016","H",3.33,"SINAPI","CUSTOS HORÁRIOS DE MÁQUINAS E EQUIPAMENTOS","COMPOSIÇÕES AUXILIARES"]
[93436,"USINA DE ASFALTO À FRIO, CAPACIDADE DE 40 A 60 TON/HORA, ELÉTRICA POTÊNCIA 30 CV - JUROS. AF_03/2016","H",1.33,"SINAPI","CUSTOS HORÁRIOS DE MÁQUINAS E EQUIPAMENTOS","COMPOSIÇÕES AUXILIARES"]
[93437,"USINA DE ASFALTO À FRIO, CAPACIDADE DE 40 A 60 TON/HORA, ELÉTRICA POTÊNCIA 30 CV - MANUTENÇÃO. AF_03/2016","H",6.25,"SINAPI","CUSTOS HORÁRIOS DE MÁQUINAS E EQUIPAMENTOS","COMPOSIÇÕES AUXILIARES"]
[93438,"USINA DE ASFALTO À FRIO, CAPACIDADE DE 40 A 60 TON/HORA, ELÉTRICA POTÊNCIA 30 CV - MATERIAIS NA OPERAÇÃO. AF_03/2016","H",16.62,"SINAPI","CUSTOS HORÁRIOS DE MÁQUINAS E EQUIPAMENTOS","COMPOSIÇÕES AUXILIARES"]
[95114,"MARTELETE OU ROMPEDOR PNEUMÁTICO MANUAL, 28 KG, COM SILENCIADOR - DEPRECIAÇÃO. AF_07/2016","H",1.04,"SINAPI","CUSTOS HORÁRIOS DE MÁQUINAS E EQUIPAMENTOS","COMPOSIÇÕES AUXILIARES"]
[95115,"MARTELETE OU ROMPEDOR PNEUMÁTICO MANUAL, 28 KG, COM SILENCIADOR - JUROS. AF_07/2016","H",0.23,"SINAPI","CUSTOS HORÁRIOS DE MÁQUINAS E EQUIPAMENTOS","COMPOSIÇÕES AUXILIARES"]
[95116,"USINA DE CONCRETO FIXA, CAPACIDADE NOMINAL DE 90 A 120 M3/H, SEM SILO - DEPRECIAÇÃO. AF_07/2016","H",31.99,"SINAPI","CUSTOS HORÁRIOS DE MÁQUINAS E EQUIPAMENTOS","COMPOSIÇÕES AUXILIARES"]
[95117,"USINA DE CONCRETO FIXA, CAPACIDADE NOMINAL DE 90 A 120 M3/H, SEM SILO - JUROS. AF_07/2016","H",9.59,"SINAPI","CUSTOS HORÁRIOS DE MÁQUINAS E EQUIPAMENTOS","COMPOSIÇÕES AUXILIARES"]
[95118,"USINA MISTURADORA DE SOLOS, CAPACIDADE DE 200 A 500 TON/H, POTENCIA 75KW - DEPRECIAÇÃO. AF_07/2016","H",31.77,"SINAPI","CUSTOS HORÁRIOS DE MÁQUINAS E EQUIPAMENTOS","COMPOSIÇÕES AUXILIARES"]
[95119,"USINA MISTURADORA DE SOLOS, CAPACIDADE DE 200 A 500 TON/H, POTENCIA 75KW - JUROS. AF_07/2016","H",10.88,"SINAPI","CUSTOS HORÁRIOS DE MÁQUINAS E EQUIPAMENTOS","COMPOSIÇÕES AUXILIARES"]
[95120,"USINA MISTURADORA DE SOLOS, CAPACIDADE DE 200 A 500 TON/H, POTENCIA 75KW - MATERIAIS NA OPERAÇÃO. AF_07/2016","H",45.9,"SINAPI","CUSTOS HORÁRIOS DE MÁQUINAS E EQUIPAMENTOS","COMPOSIÇÕES AUXILIARES"]
[95123,"DISTRIBUIDOR DE AGREGADOS AUTOPROPELIDO, CAP 3 M3, A DIESEL, POTÊNCIA 176CV - DEPRECIAÇÃO. AF_07/2016","H",11.4,"SINAPI","CUSTOS HORÁRIOS DE MÁQUINAS E EQUIPAMENTOS","COMPOSIÇÕES AUXILIARES"]
[95124,"DISTRIBUIDOR DE AGREGADOS AUTOPROPELIDO, C/AP 3 M3, A DIESEL, POTÊNCIA 176CV - JUROS. AF_07/2016","H",3.41,"SINAPI","CUSTOS HORÁRIOS DE MÁQUINAS E EQUIPAMENTOS","COMPOSIÇÕES AUXILIARES"]
[95125,"DISTRIBUIDOR DE AGREGADOS AUTOPROPELIDO, CAP 3 M3, A DIESEL, POTÊNCIA 176CV - MANUTENÇÃO. AF_07/2016","H",12.47,"SINAPI","CUSTOS HORÁRIOS DE MÁQUINAS E EQUIPAMENTOS","COMPOSIÇÕES AUXILIARES"]
[95126,"DISTRIBUIDOR DE AGREGADOS AUTOPROPELIDO, CAP 3 M3, A DIESEL, POTÊNCIA 176CV \u0096 MATERIAIS NA OPERAÇÃO. AF_07/2016","H",82.31,"SINAPI","CUSTOS HORÁRIOS DE MÁQUINAS E EQUIPAMENTOS","COMPOSIÇÕES AUXILIARES"]
[95129,"MÁQUINA DEMARCADORA DE FAIXA DE TRÁFEGO À FRIO, AUTOPROPELIDA, POTÊNCIA 38 HP - DEPRECIAÇÃO. AF_07/2016","H",20.23,"SINAPI","CUSTOS HORÁRIOS DE MÁQUINAS E EQUIPAMENTOS","COMPOSIÇÕES AUXILIARES"]
[95130,"MÁQUINA DEMARCADORA DE FAIXA DE TRÁFEGO À FRIO, AUTOPROPELIDA, POTÊNCIA 38 HP - JUROS. AF_07/2016","H",7.08,"SINAPI","CUSTOS HORÁRIOS DE MÁQUINAS E EQUIPAMENTOS","COMPOSIÇÕES AUXILIARES"]
[95131,"MÁQUINA DEMARCADORA DE FAIXA DE TRÁFEGO À FRIO, AUTOPROPELIDA, POTÊNCIA 38 HP - MANUTENÇÃO. AF_07/2016","H",37.94,"SINAPI","CUSTOS HORÁRIOS DE MÁQUINAS E EQUIPAMENTOS","COMPOSIÇÕES AUXILIARES"]
[95132,"MÁQUINA DEMARCADORA DE FAIXA DE TRÁFEGO À FRIO, AUTOPROPELIDA, POTÊNCIA 38 HP - MATERIAIS NA OPERAÇÃO. AF_07/2016","H",18,"SINAPI","CUSTOS HORÁRIOS DE MÁQUINAS E EQUIPAMENTOS","COMPOSIÇÕES AUXILIARES"]
[95136,"TALHA MANUAL DE CORRENTE, CAPACIDADE DE 2 TON. COM ELEVAÇÃO DE 3 M - DEPRECIAÇÃO. AF_07/2016","H",0.03,"SINAPI","CUSTOS HORÁRIOS DE MÁQUINAS E EQUIPAMENTOS","COMPOSIÇÕES AUXILIARES"]
[95137,"TALHA MANUAL DE CORRENTE, CAPACIDADE DE 2 TON. COM ELEVAÇÃO DE 3 M - JUROS. AF_07/2016","H",0.01,"SINAPI","CUSTOS HORÁRIOS DE MÁQUINAS E EQUIPAMENTOS","COMPOSIÇÕES AUXILIARES"]
[95138,"TALHA MANUAL DE CORRENTE, CAPACIDADE DE 2 TON. COM ELEVAÇÃO DE 3 M - MANUTENÇÃO. AF_07/2016","H",0.02,"SINAPI","CUSTOS HORÁRIOS DE MÁQUINAS E EQUIPAMENTOS","COMPOSIÇÕES AUXILIARES"]
[95208,"GRUA ASCENCIONAL, LANÇA DE 42 M, CAPACIDADE DE 1,5 T A 30 M, ALTURA ATÉ 39 M \u0096 DEPRECIAÇÃO. AF_08/2016","H",25.87,"SINAPI","CUSTOS HORÁRIOS DE MÁQUINAS E EQUIPAMENTOS","COMPOSIÇÕES AUXILIARES"]
[95209,"GRUA ASCENCIONAL, LANCA DE 42 M, CAPACIDADE DE 1,5 T A 30 M, ALTURA ATE 39 M \u0096 JUROS. AF_08/2016","H",5.82,"SINAPI","CUSTOS HORÁRIOS DE MÁQUINAS E EQUIPAMENTOS","COMPOSIÇÕES AUXILIARES"]
[95210,"GRUA ASCENCIONAL, LANCA DE 42 M, CAPACIDADE DE 1,5 T A 30 M, ALTURA ATE 39 M \u0096 MANUTENÇÃO. AF_08/2016","H",28.3,"SINAPI","CUSTOS HORÁRIOS DE MÁQUINAS E EQUIPAMENTOS","COMPOSIÇÕES AUXILIARES"]
[95211,"GRUA ASCENCIONAL, LANCA DE 42 M, CAPACIDADE DE 1,5 T A 30 M, ALTURA ATE 39 M \u0096 MATERIAIS NA OPERAÇÃO. AF_08/2016","H",6.73,"SINAPI","CUSTOS HORÁRIOS DE MÁQUINAS E EQUIPAMENTOS","COMPOSIÇÕES AUXILIARES"]
[95214,"PULVERIZADOR DE TINTA ELÉTRICO/MÁQUINA DE PINTURA AIRLESS, VAZÃO 2 L/MIN - DEPRECIAÇÃO. AF_08/2016","H",0.22,"SINAPI","CUSTOS HORÁRIOS DE MÁQUINAS E EQUIPAMENTOS","COMPOSIÇÕES AUXILIARES"]
[95215,"PULVERIZADOR DE TINTA ELÉTRICO/MÁQUINA DE PINTURA AIRLESS, VAZÃO 2 L/MIN - JUROS. AF_08/2016","H",0.04,"SINAPI","CUSTOS HORÁRIOS DE MÁQUINAS E EQUIPAMENTOS","COMPOSIÇÕES AUXILIARES"]
[95216,"PULVERIZADOR DE TINTA ELÉTRICO/MÁQUINA DE PINTURA AIRLESS, VAZÃO 2 L/MIN - MANUTENÇÃO. AF_08/2016","H",0.15,"SINAPI","CUSTOS HORÁRIOS DE MÁQUINAS E EQUIPAMENTOS","COMPOSIÇÕES AUXILIARES"]
[95217,"PULVERIZADOR DE TINTA ELÉTRICO/MÁQUINA DE PINTURA AIRLESS, VAZÃO 2 L/MIN - MATERIAIS NA OPERAÇÃO. AF_08/2016","H",0.45,"SINAPI","CUSTOS HORÁRIOS DE MÁQUINAS E EQUIPAMENTOS","COMPOSIÇÕES AUXILIARES"]
[95255,"MARTELO DEMOLIDOR PNEUMÁTICO MANUAL, 32 KG - DEPRECIAÇÃO. AF_09/2016","H",0.92,"SINAPI","CUSTOS HORÁRIOS DE MÁQUINAS E EQUIPAMENTOS","COMPOSIÇÕES AUXILIARES"]
[95256,"MARTELO DEMOLIDOR PNEUMÁTICO MANUAL, 32 KG - JUROS. AF_09/2016","H",0.2,"SINAPI","CUSTOS HORÁRIOS DE MÁQUINAS E EQUIPAMENTOS","COMPOSIÇÕES AUXILIARES"]
[95257,"MARTELO DEMOLIDOR PNEUMÁTICO MANUAL, 32 KG - MANUTENÇÃO. AF_09/2016","H",1.1499999999999999,"SINAPI","CUSTOS HORÁRIOS DE MÁQUINAS E EQUIPAMENTOS","COMPOSIÇÕES AUXILIARES"]
[95260,"COMPACTADOR DE SOLOS DE PERCUSÃO (SOQUETE) COM MOTOR A GASOLINA, POTÊNCIA 3 CV - DEPRECIAÇÃO. AF_09/2016","H",0.54,"SINAPI","CUSTOS HORÁRIOS DE MÁQUINAS E EQUIPAMENTOS","COMPOSIÇÕES AUXILIARES"]
[95261,"COMPACTADOR DE SOLOS DE PERCUSÃO (SOQUETE) COM MOTOR A GASOLINA, POTÊNCIA 3 CV - JUROS. AF_09/2016","H",0.2,"SINAPI","CUSTOS HORÁRIOS DE MÁQUINAS E EQUIPAMENTOS","COMPOSIÇÕES AUXILIARES"]
[95262,"COMPACTADOR DE SOLOS DE PERCUSÃO (SOQUETE) COM MOTOR A GASOLINA, POTÊNCIA 3 CV - MANUTENÇÃO. AF_09/2016","H",0.96,"SINAPI","CUSTOS HORÁRIOS DE MÁQUINAS E EQUIPAMENTOS","COMPOSIÇÕES AUXILIARES"]
[95263,"COMPACTADOR DE SOLOS DE PERCUSÃO (SOQUETE) COM MOTOR A GASOLINA, POTÊNCIA 3 CV - MATERIAIS NA OPERAÇÃO. AF_09/2016","H",1.82,"SINAPI","CUSTOS HORÁRIOS DE MÁQUINAS E EQUIPAMENTOS","COMPOSIÇÕES AUXILIARES"]
[95266,"RÉGUA VIBRATÓRIA DUPLA PARA CONCRETO, PESO DE 60KG, COMPRIMENTO 4 M, COM MOTOR A GASOLINA, POTÊNCIA 5,5 HP - DEPRECIAÇÃO. AF_09/2016","H",0.41,"SINAPI","CUSTOS HORÁRIOS DE MÁQUINAS E EQUIPAMENTOS","COMPOSIÇÕES AUXILIARES"]
[95267,"RÉGUA VIBRATÓRIA DUPLA PARA CONCRETO, PESO DE 60KG, COMPRIMENTO 4 M, COM MOTOR A GASOLINA, POTÊNCIA 5,5 HP - JUROS. AF_09/2016","H",0.08,"SINAPI","CUSTOS HORÁRIOS DE MÁQUINAS E EQUIPAMENTOS","COMPOSIÇÕES AUXILIARES"]
[95268,"RÉGUA VIBRATÓRIA DUPLA PARA CONCRETO, PESO DE 60KG, COMPRIMENTO 4 M, COM MOTOR A GASOLINA, POTÊNCIA 5,5 HP - MANUTENÇÃO. AF_09/2016","H",0.4,"SINAPI","CUSTOS HORÁRIOS DE MÁQUINAS E EQUIPAMENTOS","COMPOSIÇÕES AUXILIARES"]
[95269,"RÉGUA VIBRATÓRIA DUPLA PARA CONCRETO, PESO DE 60KG, COMPRIMENTO 4 M, COM MOTOR A GASOLINA, POTÊNCIA 5,5 HP \u0096 MATERIAIS NA OPERAÇÃO. AF_09/2016","H",3.39,"SINAPI","CUSTOS HORÁRIOS DE MÁQUINAS E EQUIPAMENTOS","COMPOSIÇÕES AUXILIARES"]
[95272,"POLIDORA DE PISO (POLITRIZ), PESO DE 100KG, DIÂMETRO 450 MM, MOTOR ELÉTRICO, POTÊNCIA 4 HP - DEPRECIAÇÃO. AF_09/2016","H",0.4,"SINAPI","CUSTOS HORÁRIOS DE MÁQUINAS E EQUIPAMENTOS","COMPOSIÇÕES AUXILIARES"]
[95273,"POLIDORA DE PISO (POLITRIZ), PESO DE 100KG, DIÂMETRO 450 MM, MOTOR ELÉTRICO, POTÊNCIA 4 HP - JUROS. AF_09/2016","H",0.09,"SINAPI","CUSTOS HORÁRIOS DE MÁQUINAS E EQUIPAMENTOS","COMPOSIÇÕES AUXILIARES"]
[95274,"POLIDORA DE PISO (POLITRIZ), PESO DE 100KG, DIÂMETRO 450 MM, MOTOR ELÉTRICO, POTÊNCIA 4 HP - MANUTENÇÃO. AF_09/2016","H",0.31,"SINAPI","CUSTOS HORÁRIOS DE MÁQUINAS E EQUIPAMENTOS","COMPOSIÇÕES AUXILIARES"]
[95275,"POLIDORA DE PISO (POLITRIZ), PESO DE 100KG, DIÂMETRO 450 MM, MOTOR ELÉTRICO, POTÊNCIA 4 HP \u0096 MATERIAIS NA OPERAÇÃO. AF_09/2016","H",1.82,"SINAPI","CUSTOS HORÁRIOS DE MÁQUINAS E EQUIPAMENTOS","COMPOSIÇÕES AUXILIARES"]
[95278,"DESEMPENADEIRA DE CONCRETO, PESO DE 75KG, 4 PÁS, MOTOR A GASOLINA, POTÊNCIA 5,5 HP - DEPRECIAÇÃO. AF_09/2016","H",0.44,"SINAPI","CUSTOS HORÁRIOS DE MÁQUINAS E EQUIPAMENTOS","COMPOSIÇÕES AUXILIARES"]
[95279,"DESEMPENADEIRA DE CONCRETO, PESO DE 75KG, 4 PÁS, MOTOR A GASOLINA, POTÊNCIA 5,5 HP - JUROS. AF_09/2016","H",0.09,"SINAPI","CUSTOS HORÁRIOS DE MÁQUINAS E EQUIPAMENTOS","COMPOSIÇÕES AUXILIARES"]
[95280,"DESEMPENADEIRA DE CONCRETO, PESO DE 75KG, 4 PÁS, MOTOR A GASOLINA, POTÊNCIA 5,5 HP - MANUTENÇÃO. AF_09/2016","H",0.34,"SINAPI","CUSTOS HORÁRIOS DE MÁQUINAS E EQUIPAMENTOS","COMPOSIÇÕES AUXILIARES"]
[95281,"DESEMPENADEIRA DE CONCRETO, PESO DE 75KG, 4 PÁS, MOTOR A GASOLINA, POTÊNCIA 5,5 HP \u0096 MATERIAIS NA OPERAÇÃO. AF_09/2016","H",3.39,"SINAPI","CUSTOS HORÁRIOS DE MÁQUINAS E EQUIPAMENTOS","COMPOSIÇÕES AUXILIARES"]
[95617,"PERFURATRIZ PNEUMATICA MANUAL DE PESO MEDIO, MARTELETE, 18KG, COMPRIMENTO MÁXIMO DE CURSO DE 6 M, DIAMETRO DO PISTAO DE 5,5 CM - DEPRECIAÇÃO. AF_11/2016","H",0.76,"SINAPI","CUSTOS HORÁRIOS DE MÁQUINAS E EQUIPAMENTOS","COMPOSIÇÕES AUXILIARES"]
[95618,"PERFURATRIZ PNEUMATICA MANUAL DE PESO MEDIO, MARTELETE, 18KG, COMPRIMENTO MÁXIMO DE CURSO DE 6 M, DIAMETRO DO PISTAO DE 5,5 CM - JUROS. AF_11/2016","H",0.17,"SINAPI","CUSTOS HORÁRIOS DE MÁQUINAS E EQUIPAMENTOS","COMPOSIÇÕES AUXILIARES"]
[95619,"PERFURATRIZ PNEUMATICA MANUAL DE PESO MEDIO, MARTELETE, 18KG, COMPRIMENTO MÁXIMO DE CURSO DE 6 M, DIAMETRO DO PISTAO DE 5,5 CM - MANUTENÇÃO. AF_11/2016","H",0.95,"SINAPI","CUSTOS HORÁRIOS DE MÁQUINAS E EQUIPAMENTOS","COMPOSIÇÕES AUXILIARES"]
[95627,"ROLO COMPACTADOR VIBRATORIO TANDEM, ACO LISO, POTENCIA 125 HP, PESO SEM/COM LASTRO 10,20/11,65 T, LARGURA DE TRABALHO 1,73 M - DEPRECIAÇÃO. AF_11/2016","H",22.12,"SINAPI","CUSTOS HORÁRIOS DE MÁQUINAS E EQUIPAMENTOS","COMPOSIÇÕES AUXILIARES"]
[95628,"ROLO COMPACTADOR VIBRATORIO TANDEM, ACO LISO, POTENCIA 125 HP, PESO SEM/COM LASTRO 10,20/11,65 T, LARGURA DE TRABALHO 1,73 M - JUROS. AF_11/2016","H",5.81,"SINAPI","CUSTOS HORÁRIOS DE MÁQUINAS E EQUIPAMENTOS","COMPOSIÇÕES AUXILIARES"]
[95629,"ROLO COMPACTADOR VIBRATORIO TANDEM, ACO LISO, POTENCIA 125 HP, PESO SEM/COM LASTRO 10,20/11,65 T, LARGURA DE TRABALHO 1,73 M - MANUTENÇÃO. AF_11/2016","H",27.68,"SINAPI","CUSTOS HORÁRIOS DE MÁQUINAS E EQUIPAMENTOS","COMPOSIÇÕES AUXILIARES"]
[95630,"ROLO COMPACTADOR VIBRATORIO TANDEM, ACO LISO, POTENCIA 125 HP, PESO SEM/COM LASTRO 10,20/11,65 T, LARGURA DE TRABALHO 1,73 M - MATERIAIS NA OPERAÇÃO. AF_11/2016","H",59.26,"SINAPI","CUSTOS HORÁRIOS DE MÁQUINAS E EQUIPAMENTOS","COMPOSIÇÕES AUXILIARES"]
[95698,"PERFURATRIZ MANUAL, TORQUE MAXIMO 55 KGF.M, POTENCIA 5 CV, COM DIAMETRO MAXIMO 8 1/2\" - DEPRECIAÇÃO. AF_11/2016","H",3.08,"SINAPI","CUSTOS HORÁRIOS DE MÁQUINAS E EQUIPAMENTOS","COMPOSIÇÕES AUXILIARES"]
[95699,"PERFURATRIZ MANUAL, TORQUE MAXIMO 55 KGF.M, POTENCIA 5 CV, COM DIAMETRO MAXIMO 8 1/2\" - JUROS. AF_11/2016","H",0.69,"SINAPI","CUSTOS HORÁRIOS DE MÁQUINAS E EQUIPAMENTOS","COMPOSIÇÕES AUXILIARES"]
[95700,"PERFURATRIZ MANUAL, TORQUE MAXIMO 55 KGF.M, POTENCIA 5 CV, COM DIAMETRO MAXIMO 8 1/2\" - MANUTENÇÃO. AF_11/2016","H",3.85,"SINAPI","CUSTOS HORÁRIOS DE MÁQUINAS E EQUIPAMENTOS","COMPOSIÇÕES AUXILIARES"]
[95701,"PERFURATRIZ MANUAL, TORQUE MAXIMO 55 KGF.M, POTENCIA 5 CV, COM DIAMETRO MAXIMO 8 1/2\" - MATERIAIS NA OPERAÇÃO. AF_11/2016","H",2.25,"SINAPI","CUSTOS HORÁRIOS DE MÁQUINAS E EQUIPAMENTOS","COMPOSIÇÕES AUXILIARES"]
[95704,"PERFURATRIZ SOBRE ESTEIRA, TORQUE MÁXIMO 600 KGF, POTÊNCIA ENTRE 50 E 60 HP, DIÂMETRO MÁXIMO 10\u0094 - DEPRECIAÇÃO. AF_11/2016","H",24.79,"SINAPI","CUSTOS HORÁRIOS DE MÁQUINAS E EQUIPAMENTOS","COMPOSIÇÕES AUXILIARES"]
[95705,"PERFURATRIZ SOBRE ESTEIRA, TORQUE MÁXIMO 600 KGF, POTÊNCIA ENTRE 50 E 60 HP, DIÂMETRO MÁXIMO 10\u0094 - JUROS. AF_11/2016","H",6.51,"SINAPI","CUSTOS HORÁRIOS DE MÁQUINAS E EQUIPAMENTOS","COMPOSIÇÕES AUXILIARES"]
[95706,"PERFURATRIZ SOBRE ESTEIRA, TORQUE MÁXIMO 600 KGF, POTÊNCIA ENTRE 50 E 60 HP, DIÂMETRO MÁXIMO 10\u0094 - MANUTENÇÃO. AF_11/2016","H",31.02,"SINAPI","CUSTOS HORÁRIOS DE MÁQUINAS E EQUIPAMENTOS","COMPOSIÇÕES AUXILIARES"]
[95707,"PERFURATRIZ SOBRE ESTEIRA, TORQUE MÁXIMO 600 KGF, POTÊNCIA ENTRE 50 E 60 HP, DIÂMETRO MÁXIMO 10\u0094 - MATERIAIS NA OPERAÇÃO. AF_11/2016","H",25.11,"SINAPI","CUSTOS HORÁRIOS DE MÁQUINAS E EQUIPAMENTOS","COMPOSIÇÕES AUXILIARES"]
[95710,"ESCAVADEIRA HIDRAULICA SOBRE ESTEIRA, COM GARRA GIRATORIA DE MANDIBULAS, PESO OPERACIONAL ENTRE 22,00 E 25,50 TON, POTENCIA LIQUIDA ENTRE 150 E 160 HP - DEPRECIAÇÃO. AF_11/2016","H",29.79,"SINAPI","CUSTOS HORÁRIOS DE MÁQUINAS E EQUIPAMENTOS","COMPOSIÇÕES AUXILIARES"]
[95711,"ESCAVADEIRA HIDRAULICA SOBRE ESTEIRA, COM GARRA GIRATORIA DE MANDIBULAS, PESO OPERACIONAL ENTRE 22,00 E 25,50 TON, POTENCIA LIQUIDA ENTRE 150 E 160 HP - JUROS. AF_11/2016","H",7.66,"SINAPI","CUSTOS HORÁRIOS DE MÁQUINAS E EQUIPAMENTOS","COMPOSIÇÕES AUXILIARES"]
[95712,"ESCAVADEIRA HIDRAULICA SOBRE ESTEIRA, COM GARRA GIRATORIA DE MANDIBULAS, PESO OPERACIONAL ENTRE 22,00 E 25,50 TON, POTENCIA LIQUIDA ENTRE 150 E 160 HP - MANUTENÇÃO. AF_11/2016","H",37.24,"SINAPI","CUSTOS HORÁRIOS DE MÁQUINAS E EQUIPAMENTOS","COMPOSIÇÕES AUXILIARES"]
[95713,"ESCAVADEIRA HIDRAULICA SOBRE ESTEIRA, COM GARRA GIRATORIA DE MANDIBULAS, PESO OPERACIONAL ENTRE 22,00 E 25,50 TON, POTENCIA LIQUIDA ENTRE 150 E 160 HP - MATERIAIS NA OPERAÇÃO. AF_11/2016","H",73.45,"SINAPI","CUSTOS HORÁRIOS DE MÁQUINAS E EQUIPAMENTOS","COMPOSIÇÕES AUXILIARES"]
[95716,"ESCAVADEIRA HIDRAULICA SOBRE ESTEIRA, EQUIPADA COM CLAMSHELL, COM CAPACIDADE DA CAÇAMBA ENTRE 1,20 E 1,50 M3, PESO OPERACIONAL ENTRE 20,00 E 22,00 TON, POTENCIA LIQUIDA ENTRE 150 E 160 HP - DEPRECIAÇÃO. AF_11/2016","H",28.68,"SINAPI","CUSTOS HORÁRIOS DE MÁQUINAS E EQUIPAMENTOS","COMPOSIÇÕES AUXILIARES"]
[95717,"ESCAVADEIRA HIDRAULICA SOBRE ESTEIRA, EQUIPADA COM CLAMSHELL, COM CAPACIDADE DA CAÇAMBA ENTRE 1,20 E 1,50 M3, PESO OPERACIONAL ENTRE 20,00 E 22,00 TON, POTENCIA LIQUIDA ENTRE 150 E 160 HP - JUROS. AF_11/2016","H",7.37,"SINAPI","CUSTOS HORÁRIOS DE MÁQUINAS E EQUIPAMENTOS","COMPOSIÇÕES AUXILIARES"]
[95718,"ESCAVADEIRA HIDRAULICA SOBRE ESTEIRA, EQUIPADA COM CLAMSHELL, COM CAPACIDADE DA CAÇAMBA ENTRE 1,20 E 1,50 M3, PESO OPERACIONAL ENTRE 20,00 E 22,00 TON, POTENCIA LIQUIDA ENTRE 150 E 160 HP - MANUTENÇÃO. AF_11/2016","H",35.85,"SINAPI","CUSTOS HORÁRIOS DE MÁQUINAS E EQUIPAMENTOS","COMPOSIÇÕES AUXILIARES"]
[95719,"ESCAVADEIRA HIDRAULICA SOBRE ESTEIRA, EQUIPADA COM CLAMSHELL, COM CAPACIDADE DA CAÇAMBA ENTRE 1,20 E 1,50 M3, PESO OPERACIONAL ENTRE 20,00 E 22,00 TON, POTENCIA LIQUIDA ENTRE 150 E 160 HP - MATERIAIS NA OPERAÇÃO. AF_11/2016","H",73.45,"SINAPI","CUSTOS HORÁRIOS DE MÁQUINAS E EQUIPAMENTOS","COMPOSIÇÕES AUXILIARES"]
[95869,"GRUPO GERADOR COM CARENAGEM, MOTOR DIESEL POTÊNCIA STANDART ENTRE 250 E 260 KVA - JUROS. AF_12/2016","H",1.67,"SINAPI","CUSTOS HORÁRIOS DE MÁQUINAS E EQUIPAMENTOS","COMPOSIÇÕES AUXILIARES"]
[95870,"GRUPO GERADOR COM CARENAGEM, MOTOR DIESEL POTÊNCIA STANDART ENTRE 250 E 260 KVA - MANUTENÇÃO. AF_12/2016","H",4.3600000000000003,"SINAPI","CUSTOS HORÁRIOS DE MÁQUINAS E EQUIPAMENTOS","COMPOSIÇÕES AUXILIARES"]
[95871,"GRUPO GERADOR COM CARENAGEM, MOTOR DIESEL POTÊNCIA STANDART ENTRE 250 E 260 KVA - MATERIAIS NA OPERAÇÃO. AF_12/2016","H",152.63,"SINAPI","CUSTOS HORÁRIOS DE MÁQUINAS E EQUIPAMENTOS","COMPOSIÇÕES AUXILIARES"]
[95874,"GRUPO GERADOR COM CARENAGEM, MOTOR DIESEL POTÊNCIA STANDART ENTRE 250 E 260 KVA - DEPRECIAÇÃO. AF_12/2016","H",4.88,"SINAPI","CUSTOS HORÁRIOS DE MÁQUINAS E EQUIPAMENTOS","COMPOSIÇÕES AUXILIARES"]
[96008,"TRATOR DE PNEUS COM POTÊNCIA DE 122 CV, TRAÇÃO 4X4, COM VASSOURA MECÂNICA ACOPLADA - DEPRECIAÇÃO. AF_02/2017","H",11.36,"SINAPI","CUSTOS HORÁRIOS DE MÁQUINAS E EQUIPAMENTOS","COMPOSIÇÕES AUXILIARES"]
[96009,"TRATOR DE PNEUS COM POTÊNCIA DE 122 CV, TRAÇÃO 4X4, COM VASSOURA MECÂNICA ACOPLADA - JUROS. AF_02/2017","H",2.98,"SINAPI","CUSTOS HORÁRIOS DE MÁQUINAS E EQUIPAMENTOS","COMPOSIÇÕES AUXILIARES"]
[96011,"TRATOR DE PNEUS COM POTÊNCIA DE 122 CV, TRAÇÃO 4X4, COM VASSOURA MECÂNICA ACOPLADA - MANUTENÇÃO. AF_02/2017","H",12.42,"SINAPI","CUSTOS HORÁRIOS DE MÁQUINAS E EQUIPAMENTOS","COMPOSIÇÕES AUXILIARES"]
[96012,"TRATOR DE PNEUS COM POTÊNCIA DE 122 CV, TRAÇÃO 4X4, COM VASSOURA MECÂNICA ACOPLADA - MATERIAIS NA OPERAÇÃO. AF_02/2017","H",57.04,"SINAPI","CUSTOS HORÁRIOS DE MÁQUINAS E EQUIPAMENTOS","COMPOSIÇÕES AUXILIARES"]
[96015,"TRATOR DE PNEUS COM POTÊNCIA DE 122 CV, TRAÇÃO 4X4, COM GRADE DE DISCOS ACOPLADA - DEPRECIAÇÃO. AF_02/2017","H",11.25,"SINAPI","CUSTOS HORÁRIOS DE MÁQUINAS E EQUIPAMENTOS","COMPOSIÇÕES AUXILIARES"]
[96016,"TRATOR DE PNEUS COM POTÊNCIA DE 122 CV, TRAÇÃO 4X4, COM GRADE DE DISCOS ACOPLADA - JUROS. AF_02/2017","H",2.95,"SINAPI","CUSTOS HORÁRIOS DE MÁQUINAS E EQUIPAMENTOS","COMPOSIÇÕES AUXILIARES"]
[96018,"TRATOR DE PNEUS COM POTÊNCIA DE 122 CV, TRAÇÃO 4X4, COM GRADE DE DISCOS ACOPLADA - MANUTENÇÃO. AF_02/2017","H",12.31,"SINAPI","CUSTOS HORÁRIOS DE MÁQUINAS E EQUIPAMENTOS","COMPOSIÇÕES AUXILIARES"]
[96019,"TRATOR DE PNEUS COM POTÊNCIA DE 122 CV, TRAÇÃO 4X4, COM GRADE DE DISCOS ACOPLADA - MATERIAIS NA OPERAÇÃO. AF_02/2017","H",57.04,"SINAPI","CUSTOS HORÁRIOS DE MÁQUINAS E EQUIPAMENTOS","COMPOSIÇÕES AUXILIARES"]
[96023,"TRATOR DE PNEUS COM POTÊNCIA DE 85 CV, TRAÇÃO 4X4, COM GRADE DE DISCOS ACOPLADA - DEPRECIAÇÃO. AF_02/2017","H",8.7100000000000009,"SINAPI","CUSTOS HORÁRIOS DE MÁQUINAS E EQUIPAMENTOS","COMPOSIÇÕES AUXILIARES"]
[96024,"TRATOR DE PNEUS COM POTÊNCIA DE 85 CV, TRAÇÃO 4X4, COM GRADE DE DISCOS ACOPLADA - JUROS. AF_02/2017","H",2.2799999999999998,"SINAPI","CUSTOS HORÁRIOS DE MÁQUINAS E EQUIPAMENTOS","COMPOSIÇÕES AUXILIARES"]
[96026,"TRATOR DE PNEUS COM POTÊNCIA DE 85 CV, TRAÇÃO 4X4, COM GRADE DE DISCOS ACOPLADA - MANUTENÇÃO. AF_02/2017","H",9.5299999999999994,"SINAPI","CUSTOS HORÁRIOS DE MÁQUINAS E EQUIPAMENTOS","COMPOSIÇÕES AUXILIARES"]
[96027,"TRATOR DE PNEUS COM POTÊNCIA DE 85 CV, TRAÇÃO 4X4, COM GRADE DE DISCOS ACOPLADA - MATERIAIS NA OPERAÇÃO. AF_02/2017","H",39.74,"SINAPI","CUSTOS HORÁRIOS DE MÁQUINAS E EQUIPAMENTOS","COMPOSIÇÕES AUXILIARES"]
[96030,"CAMINHÃO BASCULANTE 10 M3, TRUCADO, POTÊNCIA 230 CV, INCLUSIVE CAÇAMBA METÁLICA, COM DISTRIBUIDOR DE AGREGADOS ACOPLADO - DEPRECIAÇÃO. AF_02/2017","H",17.05,"SINAPI","CUSTOS HORÁRIOS DE MÁQUINAS E EQUIPAMENTOS","COMPOSIÇÕES AUXILIARES"]
[96031,"CAMINHÃO BASCULANTE 10 M3, TRUCADO, POTÊNCIA 230 CV, INCLUSIVE CAÇAMBA METÁLICA, COM DISTRIBUIDOR DE AGREGADOS ACOPLADO - JUROS. AF_02/2017","H",5.96,"SINAPI","CUSTOS HORÁRIOS DE MÁQUINAS E EQUIPAMENTOS","COMPOSIÇÕES AUXILIARES"]
[96032,"CAMINHÃO BASCULANTE 10 M3, TRUCADO, POTÊNCIA 230 CV, INCLUSIVE CAÇAMBA METÁLICA, COM DISTRIBUIDOR DE AGREGADOS ACOPLADO - IMPOSTOS E SEGUROS. AF_02/2017","H",1.22,"SINAPI","CUSTOS HORÁRIOS DE MÁQUINAS E EQUIPAMENTOS","COMPOSIÇÕES AUXILIARES"]
[96033,"CAMINHÃO BASCULANTE 10 M3, TRUCADO, POTÊNCIA 230 CV, INCLUSIVE CAÇAMBA METÁLICA, COM DISTRIBUIDOR DE AGREGADOS ACOPLADO - MANUTENÇÃO. AF_02/2017","H",31.98,"SINAPI","CUSTOS HORÁRIOS DE MÁQUINAS E EQUIPAMENTOS","COMPOSIÇÕES AUXILIARES"]
[96034,"CAMINHÃO BASCULANTE 10 M3, TRUCADO, POTÊNCIA 230 CV, INCLUSIVE CAÇAMBA METÁLICA, COM DISTRIBUIDOR DE AGREGADOS ACOPLADO - MATERIAIS NA OPERAÇÃO. AF_02/2017","H",107.55,"SINAPI","CUSTOS HORÁRIOS DE MÁQUINAS E EQUIPAMENTOS","COMPOSIÇÕES AUXILIARES"]
[96053,"TRATOR DE PNEUS COM POTÊNCIA DE 85 CV, TRAÇÃO 4X4, COM VASSOURA MECÂNICA ACOPLADA - DEPRECIAÇÃO. AF_03/2017","H",8.82,"SINAPI","CUSTOS HORÁRIOS DE MÁQUINAS E EQUIPAMENTOS","COMPOSIÇÕES AUXILIARES"]
[96054,"MINICARREGADEIRA SOBRE RODAS POTENCIA 47HP CAPACIDADE OPERACAO 646 KG, COM VASSOURA MECÂNICA ACOPLADA - DEPRECIAÇÃO. AF_03/2017","H",16.34,"SINAPI","CUSTOS HORÁRIOS DE MÁQUINAS E EQUIPAMENTOS","COMPOSIÇÕES AUXILIARES"]
[96055,"TRATOR DE PNEUS COM POTÊNCIA DE 85 CV, TRAÇÃO 4X4, COM VASSOURA MECÂNICA ACOPLADA - JUROS. AF_03/2017","H",2.31,"SINAPI","CUSTOS HORÁRIOS DE MÁQUINAS E EQUIPAMENTOS","COMPOSIÇÕES AUXILIARES"]
[96056,"TRATOR DE PNEUS COM POTÊNCIA DE 85 CV, TRAÇÃO 4X4, COM VASSOURA MECÂNICA ACOPLADA - MANUTENÇÃO. AF_03/2017","H",9.64,"SINAPI","CUSTOS HORÁRIOS DE MÁQUINAS E EQUIPAMENTOS","COMPOSIÇÕES AUXILIARES"]
[96057,"TRATOR DE PNEUS COM POTÊNCIA DE 85 CV, TRAÇÃO 4X4, COM VASSOURA MECÂNICA ACOPLADA - MATERIAIS NA OPERAÇÃO. AF_03/2017","H",39.74,"SINAPI","CUSTOS HORÁRIOS DE MÁQUINAS E EQUIPAMENTOS","COMPOSIÇÕES AUXILIARES"]
[96060,"MINICARREGADEIRA SOBRE RODAS POTENCIA 47HP CAPACIDADE OPERACAO 646 KG, COM VASSOURA MECÂNICA ACOPLADA - JUROS. AF_03/2017","H",3.14,"SINAPI","CUSTOS HORÁRIOS DE MÁQUINAS E EQUIPAMENTOS","COMPOSIÇÕES AUXILIARES"]
[96061,"MINICARREGADEIRA SOBRE RODAS POTENCIA 47HP CAPACIDADE OPERACAO 646 KG, COM VASSOURA MECÂNICA ACOPLADA - MANUTENÇÃO. AF_03/2017","H",20.420000000000002,"SINAPI","CUSTOS HORÁRIOS DE MÁQUINAS E EQUIPAMENTOS","COMPOSIÇÕES AUXILIARES"]
[96062,"MINICARREGADEIRA SOBRE RODAS POTENCIA 47HP CAPACIDADE OPERACAO 646 KG, COM VASSOURA MECÂNICA ACOPLADA - MATERIAIS NA OPERAÇÃO. AF_03/2017","H",22.27,"SINAPI","CUSTOS HORÁRIOS DE MÁQUINAS E EQUIPAMENTOS","COMPOSIÇÕES AUXILIARES"]
[96241,"MINIESCAVADEIRA SOBRE ESTEIRAS, POTENCIA LIQUIDA DE *30* HP, PESO OPERACIONAL DE *3.500* KG - DEPRECIACAO. AF_04/2017","H",14.38,"SINAPI","CUSTOS HORÁRIOS DE MÁQUINAS E EQUIPAMENTOS","COMPOSIÇÕES AUXILIARES"]
[96242,"MINIESCAVADEIRA SOBRE ESTEIRAS, POTENCIA LIQUIDA DE *30* HP, PESO OPERACIONAL DE *3.500* KG - JUROS. AF_04/2017","H",3.69,"SINAPI","CUSTOS HORÁRIOS DE MÁQUINAS E EQUIPAMENTOS","COMPOSIÇÕES AUXILIARES"]
[96243,"MINIESCAVADEIRA SOBRE ESTEIRAS, POTENCIA LIQUIDA DE *30* HP, PESO OPERACIONAL DE *3.500* KG - MANUTENCAO. AF_04/2017","H",17.97,"SINAPI","CUSTOS HORÁRIOS DE MÁQUINAS E EQUIPAMENTOS","COMPOSIÇÕES AUXILIARES"]
[96244,"MINIESCAVADEIRA SOBRE ESTEIRAS, POTENCIA LIQUIDA DE *30* HP, PESO OPERACIONAL DE *3.500* KG - MATERIAIS NA OPERACAO. AF_04/2017","H",14.22,"SINAPI","CUSTOS HORÁRIOS DE MÁQUINAS E EQUIPAMENTOS","COMPOSIÇÕES AUXILIARES"]
[96298,"PERFURATRIZ ROTATIVA SOBRE ESTEIRA, TORQUE MAXIMO 2500 KGM, POTENCIA 110 HP, MOTOR DIESEL - DEPRECIAÇÃO. AF_05/2017","H",38.700000000000003,"SINAPI","CUSTOS HORÁRIOS DE MÁQUINAS E EQUIPAMENTOS","COMPOSIÇÕES AUXILIARES"]
[96299,"PERFURATRIZ ROTATIVA SOBRE ESTEIRA, TORQUE MAXIMO 2500 KGM, POTENCIA 110 HP, MOTOR DIESEL - JUROS. AF_05/2017","H",10.16,"SINAPI","CUSTOS HORÁRIOS DE MÁQUINAS E EQUIPAMENTOS","COMPOSIÇÕES AUXILIARES"]
[96300,"PERFURATRIZ ROTATIVA SOBRE ESTEIRA, TORQUE MAXIMO 2500 KGM, POTENCIA 110 HP, MOTOR DIESEL - MANUTENÇÃO. AF_05/2017","H",48.43,"SINAPI","CUSTOS HORÁRIOS DE MÁQUINAS E EQUIPAMENTOS","COMPOSIÇÕES AUXILIARES"]
[96301,"PERFURATRIZ ROTATIVA SOBRE ESTEIRA, TORQUE MAXIMO 2500 KGM, POTENCIA 110 HP, MOTOR DIESEL - MATERIAIS NA OPERAÇÃO. AF_05/2017","H",52.13,"SINAPI","CUSTOS HORÁRIOS DE MÁQUINAS E EQUIPAMENTOS","COMPOSIÇÕES AUXILIARES"]
[96304,"COMPRESSOR DE AR, VAZAO DE 10 PCM, RESERVATORIO 100 L, PRESSAO DE TRABALHO ENTRE 6,9 E 9,7 BAR,  POTENCIA 2 HP, TENSAO 110/220 V - DEPRECIAÇÃO. AF_05/2017","H",0.11,"SINAPI","CUSTOS HORÁRIOS DE MÁQUINAS E EQUIPAMENTOS","COMPOSIÇÕES AUXILIARES"]
[96305,"COMPRESSOR DE AR, VAZAO DE 10 PCM, RESERVATORIO 100 L, PRESSAO DE TRABALHO ENTRE 6,9 E 9,7 BAR,  POTENCIA 2 HP, TENSAO 110/220 V - JUROS. AF_05/2017","H",0.03,"SINAPI","CUSTOS HORÁRIOS DE MÁQUINAS E EQUIPAMENTOS","COMPOSIÇÕES AUXILIARES"]
[96306,"COMPRESSOR DE AR, VAZAO DE 10 PCM, RESERVATORIO 100 L, PRESSAO DE TRABALHO ENTRE 6,9 E 9,7 BAR,  POTENCIA 2 HP, TENSAO 110/220 V - MANUTENÇÃO. AF_05/2017","H",0.14000000000000001,"SINAPI","CUSTOS HORÁRIOS DE MÁQUINAS E EQUIPAMENTOS","COMPOSIÇÕES AUXILIARES"]
[96307,"COMPRESSOR DE AR, VAZAO DE 10 PCM, RESERVATORIO 100 L, PRESSAO DE TRABALHO ENTRE 6,9 E 9,7 BAR, POTENCIA 2 HP, TENSAO 110/220 V - MATERIAIS NA OPERAÇÃO. AF_05/2017","H",0.91,"SINAPI","CUSTOS HORÁRIOS DE MÁQUINAS E EQUIPAMENTOS","COMPOSIÇÕES AUXILIARES"]
[96457,"ROLO COMPACTADOR DE PNEUS, ESTATICO, PRESSAO VARIAVEL, POTENCIA 110 HP, PESO SEM/COM LASTRO 10,8/27 T, LARGURA DE ROLAGEM 2,30 M - MATERIAIS NA OPERACAO. AF_06/2017","H",52.13,"SINAPI","CUSTOS HORÁRIOS DE MÁQUINAS E EQUIPAMENTOS","COMPOSIÇÕES AUXILIARES"]
[96458,"ROLO COMPACTADOR DE PNEUS, ESTATICO, PRESSAO VARIAVEL, POTENCIA 110 HP, PESO SEM/COM LASTRO 10,8/27 T, LARGURA DE ROLAGEM 2,30 M - MANUTENCAO. AF_06/2017","H",30.7,"SINAPI","CUSTOS HORÁRIOS DE MÁQUINAS E EQUIPAMENTOS","COMPOSIÇÕES AUXILIARES"]
[96459,"ROLO COMPACTADOR DE PNEUS, ESTATICO, PRESSAO VARIAVEL, POTENCIA 110 HP, PESO SEM/COM LASTRO 10,8/27 T, LARGURA DE ROLAGEM 2,30 M - JUROS. AF_06/2017","H",6.44,"SINAPI","CUSTOS HORÁRIOS DE MÁQUINAS E EQUIPAMENTOS","COMPOSIÇÕES AUXILIARES"]
[96460,"ROLO COMPACTADOR DE PNEUS, ESTATICO, PRESSAO VARIAVEL, POTENCIA 110 HP, PESO SEM/COM LASTRO 10,8/27 T, LARGURA DE ROLAGEM 2,30 M - DEPRECIAÇÃO. AF_06/2017","H",24.53,"SINAPI","CUSTOS HORÁRIOS DE MÁQUINAS E EQUIPAMENTOS","COMPOSIÇÕES AUXILIARES"]
[98760,"INVERSOR DE SOLDA MONOFÁSICO DE 160 A, POTÊNCIA DE 5400 W, TENSÃO DE 220 V, PARA SOLDA COM ELETRODOS DE 2,0 A 4,0 MM E PROCESSO TIG - DEPRECIAÇÃO. AF_06/2018","H",7.0000000000000007E-2,"SINAPI","CUSTOS HORÁRIOS DE MÁQUINAS E EQUIPAMENTOS","COMPOSIÇÕES AUXILIARES"]
[98761,"INVERSOR DE SOLDA MONOFÁSICO DE 160 A, POTÊNCIA DE 5400 W, TENSÃO DE 220 V, PARA SOLDA COM ELETRODOS DE 2,0 A 4,0 MM E PROCESSO TIG - JUROS. AF_06/2018","H",0.01,"SINAPI","CUSTOS HORÁRIOS DE MÁQUINAS E EQUIPAMENTOS","COMPOSIÇÕES AUXILIARES"]
[98762,"INVERSOR DE SOLDA MONOFÁSICO DE 160 A, POTÊNCIA DE 5400 W, TENSÃO DE 220 V, PARA SOLDA COM ELETRODOS DE 2,0 A 4,0 MM E PROCESSO TIG - MANUTENÇÃO. AF_06/2018","H",0.08,"SINAPI","CUSTOS HORÁRIOS DE MÁQUINAS E EQUIPAMENTOS","COMPOSIÇÕES AUXILIARES"]
[98763,"INVERSOR DE SOLDA MONOFÁSICO DE 160 A, POTÊNCIA DE 5400 W, TENSÃO DE 220 V, PARA SOLDA COM ELETRODOS DE 2,0 A 4,0 MM E PROCESSO TIG - MATERIAIS NA OPERAÇÃO. AF_06/2018","H",3.3,"SINAPI","CUSTOS HORÁRIOS DE MÁQUINAS E EQUIPAMENTOS","COMPOSIÇÕES AUXILIARES"]
[99829,"LAVADORA DE ALTA PRESSAO (LAVA-JATO) PARA AGUA FRIA, PRESSAO DE OPERACAO ENTRE 1400 E 1900 LIB/POL2, VAZAO MAXIMA ENTRE 400 E 700 L/H - DEPRECIAÇÃO. AF_04/2019","H",0.12,"SINAPI","CUSTOS HORÁRIOS DE MÁQUINAS E EQUIPAMENTOS","COMPOSIÇÕES AUXILIARES"]
[99830,"LAVADORA DE ALTA PRESSAO (LAVA-JATO) PARA AGUA FRIA, PRESSAO DE OPERACAO ENTRE 1400 E 1900 LIB/POL2, VAZAO MAXIMA ENTRE 400 E 700 L/H - JUROS. AF_04/2019","H",0.02,"SINAPI","CUSTOS HORÁRIOS DE MÁQUINAS E EQUIPAMENTOS","COMPOSIÇÕES AUXILIARES"]
[99831,"LAVADORA DE ALTA PRESSAO (LAVA-JATO) PARA AGUA FRIA, PRESSAO DE OPERACAO ENTRE 1400 E 1900 LIB/POL2, VAZAO MAXIMA ENTRE 400 E 700 L/H - MANUTENÇÃO. AF_04/2019","H",0.17,"SINAPI","CUSTOS HORÁRIOS DE MÁQUINAS E EQUIPAMENTOS","COMPOSIÇÕES AUXILIARES"]
[99832,"LAVADORA DE ALTA PRESSAO (LAVA-JATO) PARA AGUA FRIA, PRESSAO DE OPERACAO ENTRE 1400 E 1900 LIB/POL2, VAZAO MAXIMA ENTRE 400 E 700 L/H - MATERIAIS NA OPERAÇÃO. AF_04/2019","H",0.85,"SINAPI","CUSTOS HORÁRIOS DE MÁQUINAS E EQUIPAMENTOS","COMPOSIÇÕES AUXILIARES"]
[55960,"IMUNIZACAO DE MADEIRAMENTO PARA COBERTURA UTILIZANDO CUPINICIDA INCOLOR","M2",5.09,"SINAPI","COBERTURA","MADEIRAMENTO"]
[72085,"RECOLOCACAO DE RIPAS EM MADEIRAMENTO DE TELHADO, CONSIDERANDO REAPROVEITAMENTO DE MATERIAL","M",2.2799999999999998,"SINAPI","COBERTURA","MADEIRAMENTO"]
[72086,"RECOLOCACAO DE MADEIRAMENTO DO TELHADO - CAIBROS, CONSIDERANDO REAPROVEITAMENTO DE MATERIAL","M",6.96,"SINAPI","COBERTURA","MADEIRAMENTO"]
[92259,"INSTALAÇÃO DE TESOURA (INTEIRA OU MEIA), BIAPOIADA, EM MADEIRA NÃO APARELHADA, PARA VÃOS MAIORES OU IGUAIS A 3,0 M E MENORES QUE 6,0 M, INCLUSO IÇAMENTO. AF_12/2015","UN",399.54,"SINAPI","COBERTURA","MADEIRAMENTO"]
[92260,"INSTALAÇÃO DE TESOURA (INTEIRA OU MEIA), BIAPOIADA, EM MADEIRA NÃO APARELHADA, PARA VÃOS MAIORES OU IGUAIS A 6,0 M E MENORES QUE 8,0 M, INCLUSO IÇAMENTO. AF_12/2015","UN",459.64,"SINAPI","COBERTURA","MADEIRAMENTO"]
[92261,"INSTALAÇÃO DE TESOURA (INTEIRA OU MEIA), BIAPOIADA, EM MADEIRA NÃO APARELHADA, PARA VÃOS MAIORES OU IGUAIS A 8,0 M E MENORES QUE 10,0 M, INCLUSO IÇAMENTO. AF_12/2015","UN",517.91999999999996,"SINAPI","COBERTURA","MADEIRAMENTO"]
[92262,"INSTALAÇÃO DE TESOURA (INTEIRA OU MEIA), BIAPOIADA, EM MADEIRA NÃO APARELHADA, PARA VÃOS MAIORES OU IGUAIS A 10,0 M E MENORES QUE 12,0 M, INCLUSO IÇAMENTO. AF_12/2015","UN",611.74,"SINAPI","COBERTURA","MADEIRAMENTO"]
[92539,"TRAMA DE MADEIRA COMPOSTA POR RIPAS, CAIBROS E TERÇAS PARA TELHADOS DE ATÉ 2 ÁGUAS PARA TELHA DE ENCAIXE DE CERÂMICA OU DE CONCRETO, INCLUSO TRANSPORTE VERTICAL. AF_12/2015","M2",68.81,"SINAPI","COBERTURA","MADEIRAMENTO"]
[92540,"TRAMA DE MADEIRA COMPOSTA POR RIPAS, CAIBROS E TERÇAS PARA TELHADOS DE MAIS QUE 2 ÁGUAS PARA TELHA DE ENCAIXE DE CERÂMICA OU DE CONCRETO, INCLUSO TRANSPORTE VERTICAL. AF_12/2015","M2",77.75,"SINAPI","COBERTURA","MADEIRAMENTO"]
[92541,"TRAMA DE MADEIRA COMPOSTA POR RIPAS, CAIBROS E TERÇAS PARA TELHADOS DE ATÉ 2 ÁGUAS PARA TELHA CERÂMICA CAPA-CANAL, INCLUSO TRANSPORTE VERTICAL. AF_12/2015","M2",75.34,"SINAPI","COBERTURA","MADEIRAMENTO"]
[92542,"TRAMA DE MADEIRA COMPOSTA POR RIPAS, CAIBROS E TERÇAS PARA TELHADOS DE MAIS QUE 2 ÁGUAS PARA TELHA CERÂMICA CAPA-CANAL, INCLUSO TRANSPORTE VERTICAL. AF_12/2015","M2",91.91,"SINAPI","COBERTURA","MADEIRAMENTO"]
[92543,"TRAMA DE MADEIRA COMPOSTA POR TERÇAS PARA TELHADOS DE ATÉ 2 ÁGUAS PARA TELHA ONDULADA DE FIBROCIMENTO, METÁLICA, PLÁSTICA OU TERMOACÚSTICA, INCLUSO TRANSPORTE VERTICAL. AF_12/2015","M2",20.2,"SINAPI","COBERTURA","MADEIRAMENTO"]
[92544,"TRAMA DE MADEIRA COMPOSTA POR TERÇAS PARA TELHADOS DE ATÉ 2 ÁGUAS PARA TELHA ESTRUTURAL DE FIBROCIMENTO, INCLUSO TRANSPORTE VERTICAL. AF_12/2015","M2",17.21,"SINAPI","COBERTURA","MADEIRAMENTO"]
[92545,"FABRICAÇÃO E INSTALAÇÃO DE TESOURA INTEIRA EM MADEIRA NÃO APARELHADA, VÃO DE 3 M, PARA TELHA CERÂMICA OU DE CONCRETO, INCLUSO IÇAMENTO. AF_12/2015","UN",875.55,"SINAPI","COBERTURA","MADEIRAMENTO"]
[92546,"FABRICAÇÃO E INSTALAÇÃO DE TESOURA INTEIRA EM MADEIRA NÃO APARELHADA, VÃO DE 4 M, PARA TELHA CERÂMICA OU DE CONCRETO, INCLUSO IÇAMENTO. AF_12/2015","UN",1079.3599999999999,"SINAPI","COBERTURA","MADEIRAMENTO"]
[92547,"FABRICAÇÃO E INSTALAÇÃO DE TESOURA INTEIRA EM MADEIRA NÃO APARELHADA, VÃO DE 5 M, PARA TELHA CERÂMICA OU DE CONCRETO, INCLUSO IÇAMENTO. AF_12/2015","UN",1138.76,"SINAPI","COBERTURA","MADEIRAMENTO"]
[92548,"FABRICAÇÃO E INSTALAÇÃO DE TESOURA INTEIRA EM MADEIRA NÃO APARELHADA, VÃO DE 6 M, PARA TELHA CERÂMICA OU DE CONCRETO, INCLUSO IÇAMENTO. AF_12/2015","UN",1267.6400000000001,"SINAPI","COBERTURA","MADEIRAMENTO"]
[92549,"FABRICAÇÃO E INSTALAÇÃO DE TESOURA INTEIRA EM MADEIRA NÃO APARELHADA, VÃO DE 7 M, PARA TELHA CERÂMICA OU DE CONCRETO, INCLUSO IÇAMENTO. AF_12/2015","UN",1606.33,"SINAPI","COBERTURA","MADEIRAMENTO"]
[92550,"FABRICAÇÃO E INSTALAÇÃO DE TESOURA INTEIRA EM MADEIRA NÃO APARELHADA, VÃO DE 8 M, PARA TELHA CERÂMICA OU DE CONCRETO, INCLUSO IÇAMENTO. AF_12/2015","UN",1893.65,"SINAPI","COBERTURA","MADEIRAMENTO"]
[92551,"FABRICAÇÃO E INSTALAÇÃO DE TESOURA INTEIRA EM MADEIRA NÃO APARELHADA, VÃO DE 9 M, PARA TELHA CERÂMICA OU DE CONCRETO, INCLUSO IÇAMENTO. AF_12/2015","UN",1972.8,"SINAPI","COBERTURA","MADEIRAMENTO"]
[92552,"FABRICAÇÃO E INSTALAÇÃO DE TESOURA INTEIRA EM MADEIRA NÃO APARELHADA, VÃO DE 10 M, PARA TELHA CERÂMICA OU DE CONCRETO, INCLUSO IÇAMENTO. AF_12/2015","UN",2157.96,"SINAPI","COBERTURA","MADEIRAMENTO"]
[92553,"FABRICAÇÃO E INSTALAÇÃO DE TESOURA INTEIRA EM MADEIRA NÃO APARELHADA, VÃO DE 11 M, PARA TELHA CERÂMICA OU DE CONCRETO, INCLUSO IÇAMENTO. AF_12/2015","UN",2506.12,"SINAPI","COBERTURA","MADEIRAMENTO"]
[92554,"FABRICAÇÃO E INSTALAÇÃO DE TESOURA INTEIRA EM MADEIRA NÃO APARELHADA, VÃO DE 12 M, PARA TELHA CERÂMICA OU DE CONCRETO, INCLUSO IÇAMENTO. AF_12/2015","UN",2596.23,"SINAPI","COBERTURA","MADEIRAMENTO"]
[92555,"FABRICAÇÃO E INSTALAÇÃO DE TESOURA INTEIRA EM MADEIRA NÃO APARELHADA, VÃO DE 3 M, PARA TELHA ONDULADA DE FIBROCIMENTO, METÁLICA, PLÁSTICA OU TERMOACÚSTICA, INCLUSO IÇAMENTO. AF_12/2015","UN",863.38,"SINAPI","COBERTURA","MADEIRAMENTO"]
[92556,"FABRICAÇÃO E INSTALAÇÃO DE TESOURA INTEIRA EM MADEIRA NÃO APARELHADA, VÃO DE 4 M, PARA TELHA ONDULADA DE FIBROCIMENTO, METÁLICA, PLÁSTICA OU TERMOACÚSTICA, INCLUSO IÇAMENTO. AF_12/2015","UN",1059.26,"SINAPI","COBERTURA","MADEIRAMENTO"]
[92557,"FABRICAÇÃO E INSTALAÇÃO DE TESOURA INTEIRA EM MADEIRA NÃO APARELHADA, VÃO DE 5 M, PARA TELHA ONDULADA DE FIBROCIMENTO, METÁLICA, PLÁSTICA OU TERMOACÚSTICA, INCLUSO IÇAMENTO. AF_12/2015","UN",1118.6500000000001,"SINAPI","COBERTURA","MADEIRAMENTO"]
[92558,"FABRICAÇÃO E INSTALAÇÃO DE TESOURA INTEIRA EM MADEIRA NÃO APARELHADA, VÃO DE 6 M, PARA TELHA ONDULADA DE FIBROCIMENTO, METÁLICA, PLÁSTICA OU TERMOACÚSTICA, INCLUSO IÇAMENTO. AF_12/2015","UN",1258.25,"SINAPI","COBERTURA","MADEIRAMENTO"]
[92559,"FABRICAÇÃO E INSTALAÇÃO DE TESOURA INTEIRA EM MADEIRA NÃO APARELHADA, VÃO DE 7 M, PARA TELHA ONDULADA DE FIBROCIMENTO, METÁLICA, PLÁSTICA OU TERMOACÚSTICA, INCLUSO IÇAMENTO. AF_12/2015","UN",1584.91,"SINAPI","COBERTURA","MADEIRAMENTO"]
[92560,"FABRICAÇÃO E INSTALAÇÃO DE TESOURA INTEIRA EM MADEIRA NÃO APARELHADA, VÃO DE 8 M, PARA TELHA ONDULADA DE FIBROCIMENTO, METÁLICA, PLÁSTICA OU TERMOACÚSTICA, INCLUSO IÇAMENTO. AF_12/2015","UN",1860.98,"SINAPI","COBERTURA","MADEIRAMENTO"]
[92561,"FABRICAÇÃO E INSTALAÇÃO DE TESOURA INTEIRA EM MADEIRA NÃO APARELHADA, VÃO DE 9 M, PARA TELHA ONDULADA DE FIBROCIMENTO, METÁLICA, PLÁSTICA OU TERMOACÚSTICA, INCLUSO IÇAMENTO. AF_12/2015","UN",1941.59,"SINAPI","COBERTURA","MADEIRAMENTO"]
[92562,"FABRICAÇÃO E INSTALAÇÃO DE TESOURA INTEIRA EM MADEIRA NÃO APARELHADA, VÃO DE 10 M, PARA TELHA ONDULADA DE FIBROCIMENTO, METÁLICA, PLÁSTICA OU TERMOACÚSTICA, INCLUSO IÇAMENTO. AF_12/2015","UN",2106.65,"SINAPI","COBERTURA","MADEIRAMENTO"]
[92563,"FABRICAÇÃO E INSTALAÇÃO DE TESOURA INTEIRA EM MADEIRA NÃO APARELHADA, VÃO DE 11 M, PARA TELHA ONDULADA DE FIBROCIMENTO, METÁLICA, PLÁSTICA OU TERMOACÚSTICA, INCLUSO IÇAMENTO. AF_12/2015","UN",2443.71,"SINAPI","COBERTURA","MADEIRAMENTO"]
[92564,"FABRICAÇÃO E INSTALAÇÃO DE TESOURA INTEIRA EM MADEIRA NÃO APARELHADA, VÃO DE 12 M, PARA TELHA ONDULADA DE FIBROCIMENTO, METÁLICA, PLÁSTICA OU TERMOACÚSTICA, INCLUSO IÇAMENTO. AF_12/2015","UN",2520.34,"SINAPI","COBERTURA","MADEIRAMENTO"]
[92565,"FABRICAÇÃO E INSTALAÇÃO DE ESTRUTURA PONTALETADA DE MADEIRA NÃO APARELHADA PARA TELHADOS COM ATÉ 2 ÁGUAS E PARA TELHA CERÂMICA OU DE CONCRETO, INCLUSO TRANSPORTE VERTICAL. AF_12/2015","M2",33.590000000000003,"SINAPI","COBERTURA","MADEIRAMENTO"]
[92566,"FABRICAÇÃO E INSTALAÇÃO DE ESTRUTURA PONTALETADA DE MADEIRA NÃO APARELHADA PARA TELHADOS COM ATÉ 2 ÁGUAS E PARA TELHA ONDULADA DE FIBROCIMENTO, METÁLICA, PLÁSTICA OU TERMOACÚSTICA, INCLUSO TRANSPORTE VERTICAL. AF_12/2015","M2",20.81,"SINAPI","COBERTURA","MADEIRAMENTO"]
[92567,"FABRICAÇÃO E INSTALAÇÃO DE ESTRUTURA PONTALETADA DE MADEIRA NÃO APARELHADA PARA TELHADOS COM MAIS QUE 2 ÁGUAS E PARA TELHA CERÂMICA OU DE CONCRETO, INCLUSO TRANSPORTE VERTICAL. AF_12/2015","M2",29.96,"SINAPI","COBERTURA","MADEIRAMENTO"]
[72089,"RECOLOCACAO DE TELHAS CERAMICAS TIPO FRANCESA, CONSIDERANDO REAPROVEITAMENTO DE MATERIAL","M2",13.45,"SINAPI","COBERTURA","TELHAMENTO COM TELHA CERAMICA"]
[94189,"TELHAMENTO COM TELHA DE CONCRETO DE ENCAIXE, COM ATÉ 2 ÁGUAS, INCLUSO TRANSPORTE VERTICAL. AF_06/2016","M2",30.19,"SINAPI","COBERTURA","TELHAMENTO COM TELHA CERAMICA"]
[94192,"TELHAMENTO COM TELHA DE CONCRETO DE ENCAIXE, COM MAIS DE 2 ÁGUAS, INCLUSO TRANSPORTE VERTICAL. AF_06/2016","M2",32.36,"SINAPI","COBERTURA","TELHAMENTO COM TELHA CERAMICA"]
[94195,"TELHAMENTO COM TELHA CERÂMICA DE ENCAIXE, TIPO PORTUGUESA, COM ATÉ 2 ÁGUAS, INCLUSO TRANSPORTE VERTICAL. AF_06/2016","M2",41.49,"SINAPI","COBERTURA","TELHAMENTO COM TELHA CERAMICA"]
[94198,"TELHAMENTO COM TELHA CERÂMICA DE ENCAIXE, TIPO PORTUGUESA, COM MAIS DE 2 ÁGUAS, INCLUSO TRANSPORTE VERTICAL. AF_06/2016","M2",44.36,"SINAPI","COBERTURA","TELHAMENTO COM TELHA CERAMICA"]
[94201,"TELHAMENTO COM TELHA CERÂMICA CAPA-CANAL, TIPO COLONIAL, COM ATÉ 2 ÁGUAS, INCLUSO TRANSPORTE VERTICAL. AF_06/2016","M2",58.52,"SINAPI","COBERTURA","TELHAMENTO COM TELHA CERAMICA"]
[94204,"TELHAMENTO COM TELHA CERÂMICA CAPA-CANAL, TIPO COLONIAL, COM MAIS DE 2 ÁGUAS, INCLUSO TRANSPORTE VERTICAL. AF_06/2016","M2",63.41,"SINAPI","COBERTURA","TELHAMENTO COM TELHA CERAMICA"]
[94224,"EMBOÇAMENTO COM ARGAMASSA TRAÇO 1:2:9 (CIMENTO, CAL E AREIA). AF_06/2016","M",20.61,"SINAPI","COBERTURA","TELHAMENTO COM TELHA CERAMICA"]
[94225,"ISOLAMENTO TERMOACÚSTICO COM LÃ MINERAL NA SUBCOBERTURA, INCLUSO TRANSPORTE VERTICAL. AF_06/2016","M2",22.85,"SINAPI","COBERTURA","TELHAMENTO COM TELHA CERAMICA"]
[94226,"SUBCOBERTURA COM MANTA PLÁSTICA REVESTIDA POR PELÍCULA DE ALUMÍNO, INCLUSO TRANSPORTE VERTICAL. AF_06/2016","M2",19.47,"SINAPI","COBERTURA","TELHAMENTO COM TELHA CERAMICA"]
[94232,"AMARRAÇÃO DE TELHAS CERÂMICAS OU DE CONCRETO. AF_06/2016","UN",2.48,"SINAPI","COBERTURA","TELHAMENTO COM TELHA CERAMICA"]
[94440,"TELHAMENTO COM TELHA CERÂMICA DE ENCAIXE, TIPO FRANCESA, COM ATÉ 2 ÁGUAS, INCLUSO TRANSPORTE VERTICAL. AF_06/2016","M2",41.49,"SINAPI","COBERTURA","TELHAMENTO COM TELHA CERAMICA"]
[94441,"TELHAMENTO COM TELHA CERÂMICA DE ENCAIXE, TIPO FRANCESA, COM MAIS DE 2 ÁGUAS, INCLUSO TRANSPORTE VERTICAL. AF_06/2016","M2",44.36,"SINAPI","COBERTURA","TELHAMENTO COM TELHA CERAMICA"]
[94442,"TELHAMENTO COM TELHA CERÂMICA DE ENCAIXE, TIPO ROMANA, COM ATÉ 2 ÁGUAS, INCLUSO TRANSPORTE VERTICAL. AF_06/2016","M2",41.49,"SINAPI","COBERTURA","TELHAMENTO COM TELHA CERAMICA"]
[94443,"TELHAMENTO COM TELHA CERÂMICA DE ENCAIXE, TIPO ROMANA, COM MAIS DE 2 ÁGUAS, INCLUSO TRANSPORTE VERTICAL. AF_06/2016","M2",44.36,"SINAPI","COBERTURA","TELHAMENTO COM TELHA CERAMICA"]
[94445,"TELHAMENTO COM TELHA CERÂMICA CAPA-CANAL, TIPO PLAN, COM ATÉ 2 ÁGUAS, INCLUSO TRANSPORTE VERTICAL. AF_06/2016","M2",58.52,"SINAPI","COBERTURA","TELHAMENTO COM TELHA CERAMICA"]
[94446,"TELHAMENTO COM TELHA CERÂMICA CAPA-CANAL, TIPO PLAN, COM MAIS DE 2 ÁGUAS, INCLUSO TRANSPORTE VERTICAL. AF_06/2016","M2",63.41,"SINAPI","COBERTURA","TELHAMENTO COM TELHA CERAMICA"]
[94447,"TELHAMENTO COM TELHA CERÂMICA CAPA-CANAL, TIPO PAULISTA, COM ATÉ 2 ÁGUAS, INCLUSO TRANSPORTE VERTICAL. AF_06/2016","M2",58.52,"SINAPI","COBERTURA","TELHAMENTO COM TELHA CERAMICA"]
[94448,"TELHAMENTO COM TELHA CERÂMICA CAPA-CANAL, TIPO PAULISTA, COM MAIS DE 2 ÁGUAS, INCLUSO TRANSPORTE VERTICAL. AF_06/2016","M2",63.41,"SINAPI","COBERTURA","TELHAMENTO COM TELHA CERAMICA"]
[94207,"TELHAMENTO COM TELHA ONDULADA DE FIBROCIMENTO E = 6 MM, COM RECOBRIMENTO LATERAL DE 1/4 DE ONDA PARA TELHADO COM INCLINAÇÃO MAIOR QUE 10°, COM ATÉ 2 ÁGUAS, INCLUSO IÇAMENTO. AF_06/2016","M2",32.619999999999997,"SINAPI","COBERTURA","TELHAMENTO COM TELHA DE FIBROCIMENTO"]
[94210,"TELHAMENTO COM TELHA ONDULADA DE FIBROCIMENTO E = 6 MM, COM RECOBRIMENTO LATERAL DE 1 1/4 DE ONDA PARA TELHADO COM INCLINAÇÃO MÁXIMA DE 10°, COM ATÉ 2 ÁGUAS, INCLUSO IÇAMENTO. AF_06/2016","M2",34.729999999999997,"SINAPI","COBERTURA","TELHAMENTO COM TELHA DE FIBROCIMENTO"]
[94218,"TELHAMENTO COM TELHA ESTRUTURAL DE FIBROCIMENTO E= 6 MM, COM ATÉ 2 ÁGUAS, INCLUSO IÇAMENTO. AF_06/2016","M2",69.98,"SINAPI","COBERTURA","TELHAMENTO COM TELHA DE FIBROCIMENTO"]
["73866/4","ESTRUTURA PARA COBERTURA EM ARCO, EM ALUMINIO ANODIZADO, VAO DE 20M, ESPACAMENTO DE 5M ATE 6,5M","M2",505.38,"SINAPI","COBERTURA","TELHAMENTO COM TELHA METALICA"]
["73866/5","ESTRUTURA PARA COBERTURA EM ARCO, EM ALUMINIO ANODIZADO, VAO DE 30M, ESPACAMENTO DE 5M ATE 6,5M","M2",537.54999999999995,"SINAPI","COBERTURA","TELHAMENTO COM TELHA METALICA"]
["73866/6","ESTRUTURA PARA COBERTURA EM ARCO, EM ALUMINIO ANODIZADO, VAO DE 40M, ESPACAMENTO DE 5M ATE 6,5M","M2",563.55999999999995,"SINAPI","COBERTURA","TELHAMENTO COM TELHA METALICA"]
["73866/7","ESTRUTURA PARA COBERTURA TIPO SHED, EM ALUMINIO ANODIZADO, VAO DE 20M, ESPACAMENTO DAS TESOURAS DE 5M ATE 6,5M","M2",606.01,"SINAPI","COBERTURA","TELHAMENTO COM TELHA METALICA"]
["73866/8","ESTRUTURA PARA COBERTURA TIPO SHED, EM ALUMINIO ANODIZADO, VAO DE 30M, ESPACAMENTO DAS TESOURAS DE 5M ATE 6,5M","M2",729.41,"SINAPI","COBERTURA","TELHAMENTO COM TELHA METALICA"]
["73866/9","ESTRUTURA PARA COBERTURA TIPO SHED, EM ALUMINIO ANODIZADO, VAO DE 40M, ESPACAMENTO DAS TESOURAS DE 5M ATE 6,5M","M2",756.51,"SINAPI","COBERTURA","TELHAMENTO COM TELHA METALICA"]
["73867/1","ESTRUTURA TIPO ESPACIAL EM ALUMINIO ANODIZADO, VAO DE 20M","M2",242.21,"SINAPI","COBERTURA","TELHAMENTO COM TELHA METALICA"]
["73867/2","ESTRUTURA TIPO ESPACIAL EM ALUMINIO ANODIZADO, VAO DE 30M","M2",271.02999999999997,"SINAPI","COBERTURA","TELHAMENTO COM TELHA METALICA"]
["73867/3","ESTRUTURA TIPO ESPACIAL EM ALUMINIO ANODIZADO, VAO DE 40M","M2",335.07,"SINAPI","COBERTURA","TELHAMENTO COM TELHA METALICA"]
["73867/4","ESTRUTURA TIPO ESPACIAL EM ALUMINIO ANODIZADO, VAO DE 50M","M2",347.88,"SINAPI","COBERTURA","TELHAMENTO COM TELHA METALICA"]
[75220,"CUMEEIRA EM PERFIL ONDULADO DE ALUMÍNIO","M",54.5,"SINAPI","COBERTURA","TELHAMENTO COM TELHA METALICA"]
[94213,"TELHAMENTO COM TELHA DE AÇO/ALUMÍNIO E = 0,5 MM, COM ATÉ 2 ÁGUAS, INCLUSO IÇAMENTO. AF_06/2016","M2",40.92,"SINAPI","COBERTURA","TELHAMENTO COM TELHA METALICA"]
[94216,"TELHAMENTO COM TELHA METÁLICA TERMOACÚSTICA E = 30 MM, COM ATÉ 2 ÁGUAS, INCLUSO IÇAMENTO. AF_06/2016","M2",173.01,"SINAPI","COBERTURA","TELHAMENTO COM TELHA METALICA"]
[94219,"CUMEEIRA E ESPIGÃO PARA TELHA CERÂMICA EMBOÇADA COM ARGAMASSA TRAÇO 1:2:9 (CIMENTO, CAL E AREIA), PARA TELHADOS COM MAIS DE 2 ÁGUAS, INCLUSO TRANSPORTE VERTICAL. AF_06/2016","M",30.49,"SINAPI","COBERTURA","CUMEEIRA CERAMICA"]
[94220,"CUMEEIRA E ESPIGÃO PARA TELHA DE CONCRETO EMBOÇADA COM ARGAMASSA TRAÇO 1:2:9 (CIMENTO, CAL E AREIA), PARA TELHADOS COM MAIS DE 2 ÁGUAS, INCLUSO TRANSPORTE VERTICAL. AF_06/2016","M",42.19,"SINAPI","COBERTURA","CUMEEIRA CERAMICA"]
[94221,"CUMEEIRA PARA TELHA CERÂMICA EMBOÇADA COM ARGAMASSA TRAÇO 1:2:9 (CIMENTO, CAL E AREIA) PARA TELHADOS COM ATÉ 2 ÁGUAS, INCLUSO TRANSPORTE VERTICAL. AF_06/2016","M",24.81,"SINAPI","COBERTURA","CUMEEIRA CERAMICA"]
[94222,"CUMEEIRA PARA TELHA DE CONCRETO EMBOÇADA COM ARGAMASSA TRAÇO 1:2:9 (CIMENTO, CAL E AREIA) PARA TELHADOS COM ATÉ 2 ÁGUAS, INCLUSO TRANSPORTE VERTICAL. AF_06/2016","M",36.51,"SINAPI","COBERTURA","CUMEEIRA CERAMICA"]
["74045/2","CUMEEIRA TIPO SHED PARA TELHA DE FIBROCIMENTO ONDULADA, INCLUSO JUNTAS DE VEDACAO E ACESSORIOS DE FIXACAO","M",46.52,"SINAPI","COBERTURA","CUMEEIRA DE FIBROCIMENTO"]
[94223,"CUMEEIRA PARA TELHA DE FIBROCIMENTO ONDULADA E = 6 MM, INCLUSO ACESSÓRIOS DE FIXAÇÃO E IÇAMENTO. AF_06/2016","M",42.53,"SINAPI","COBERTURA","CUMEEIRA DE FIBROCIMENTO"]
[94451,"CUMEEIRA PARA TELHA DE FIBROCIMENTO ESTRUTURAL E = 6 MM, INCLUSO ACESSÓRIOS DE FIXAÇÃO E IÇAMENTO. AF_06/2016","M",92.26,"SINAPI","COBERTURA","CUMEEIRA DE FIBROCIMENTO"]
[94230,"CALHA DE BEIRAL, SEMICIRCULAR DE PVC, DIAMETRO 125 MM, INCLUINDO CABECEIRAS, EMENDAS, BOCAIS, SUPORTES E VEDAÇÕES, EXCLUINDO CONDUTORES, INCLUSO TRANSPORTE VERTICAL. AF_06/2016","M",70.73,"SINAPI","COBERTURA","CALHA DE PVC, PECAS E ACESSORIOS"]
[94227,"CALHA EM CHAPA DE AÇO GALVANIZADO NÚMERO 24, DESENVOLVIMENTO DE 33 CM, INCLUSO TRANSPORTE VERTICAL. AF_06/2016","M",43.9,"SINAPI","COBERTURA","CALHA METALICA"]
[94228,"CALHA EM CHAPA DE AÇO GALVANIZADO NÚMERO 24, DESENVOLVIMENTO DE 50 CM, INCLUSO TRANSPORTE VERTICAL. AF_06/2016","M",65.489999999999995,"SINAPI","COBERTURA","CALHA METALICA"]
[94229,"CALHA EM CHAPA DE AÇO GALVANIZADO NÚMERO 24, DESENVOLVIMENTO DE 100 CM, INCLUSO TRANSPORTE VERTICAL. AF_06/2016","M",127.85,"SINAPI","COBERTURA","CALHA METALICA"]
[94231,"RUFO EM CHAPA DE AÇO GALVANIZADO NÚMERO 24, CORTE DE 25 CM, INCLUSO TRANSPORTE VERTICAL. AF_06/2016","M",32.82,"SINAPI","COBERTURA","RUFO METALICO"]
[94450,"RUFO EM FIBROCIMENTO PARA TELHA ONDULADA E = 6 MM, ABA DE 26 CM, INCLUSO TRANSPORTE VERTICAL. AF_06/2016","M",53.06,"SINAPI","COBERTURA","RUFO/ESPIGAO/RINCAO DIVERSOS"]
[94449,"TELHAMENTO COM TELHA ONDULADA DE FIBRA DE VIDRO E = 0,6 MM, PARA TELHADO COM INCLINAÇÃO MAIOR QUE 10°, COM ATÉ 2 ÁGUAS, INCLUSO IÇAMENTO. AF_06/2016","M2",45.62,"SINAPI","COBERTURA","TELHAMENTO COM TELHA DE FIBRA DE VIDRO"]
["73970/1","ESTRUTURA METALICA EM ACO ESTRUTURAL PERFIL \u0094I\u0094 12\u0092\u0092 X 5 1/4\u0092\u0092","KG",11.4,"SINAPI","COBERTURA","ESTRUTURA METALICA"]
["73970/2","ESTRUTURA METALICA EM ACO ESTRUTURAL PERFIL \u0094I\u0094 6\u0092\u0092 X 3 3/8\u0092\u0092","KG",8.2899999999999991,"SINAPI","COBERTURA","ESTRUTURA METALICA"]
[92255,"INSTALAÇÃO DE TESOURA (INTEIRA OU MEIA), EM AÇO, PARA VÃOS MAIORES OU IGUAIS A 3,0 M E MENORES QUE 6,0 M, INCLUSO IÇAMENTO. AF_12/2015","UN",138.63999999999999,"SINAPI","COBERTURA","ESTRUTURA METALICA"]
[92256,"INSTALAÇÃO DE TESOURA (INTEIRA OU MEIA), EM AÇO, PARA VÃOS MAIORES OU IGUAIS A 6,0 M E MENORES QUE 8,0 M, INCLUSO IÇAMENTO. AF_12/2015","UN",174.2,"SINAPI","COBERTURA","ESTRUTURA METALICA"]
[92257,"INSTALAÇÃO DE TESOURA (INTEIRA OU MEIA), EM AÇO, PARA VÃOS MAIORES OU IGUAIS A 8,0 M E MENORES QUE 10,0 M, INCLUSO IÇAMENTO. AF_12/2015","UN",209.34,"SINAPI","COBERTURA","ESTRUTURA METALICA"]
[92258,"INSTALAÇÃO DE TESOURA (INTEIRA OU MEIA), EM AÇO, PARA VÃOS MAIORES OU IGUAIS A 10,0 M E MENORES QUE 12,0 M, INCLUSO IÇAMENTO. AF_12/2015","UN",265.85000000000002,"SINAPI","COBERTURA","ESTRUTURA METALICA"]
[92568,"TRAMA DE AÇO COMPOSTA POR RIPAS, CAIBROS E TERÇAS PARA TELHADOS DE ATÉ 2 ÁGUAS PARA TELHA DE ENCAIXE DE CERÂMICA OU DE CONCRETO, INCLUSO TRANSPORTE VERTICAL. AF_12/2015","M2",74.08,"SINAPI","COBERTURA","ESTRUTURA METALICA"]
[92569,"TRAMA DE AÇO COMPOSTA POR RIPAS E CAIBROS PARA TELHADOS DE ATÉ 2 ÁGUAS PARA TELHA DE ENCAIXE DE CERÂMICA OU DE CONCRETO, INCLUSO TRANSPORTE VERTICAL. AF_12/2015","M2",33.549999999999997,"SINAPI","COBERTURA","ESTRUTURA METALICA"]
[92570,"TRAMA DE AÇO COMPOSTA POR RIPAS PARA TELHADOS DE ATÉ 2 ÁGUAS PARA TELHA DE ENCAIXE DE CERÂMICA OU DE CONCRETO, INCLUSO TRANSPORTE VERTICAL. AF_12/2015","M2",15.13,"SINAPI","COBERTURA","ESTRUTURA METALICA"]
[92571,"TRAMA DE AÇO COMPOSTA POR RIPAS, CAIBROS E TERÇAS PARA TELHADOS DE MAIS DE 2 ÁGUAS PARA TELHA DE ENCAIXE DE CERÂMICA OU DE CONCRETO, INCLUSO TRANSPORTE VERTICAL. AF_12/2015","M2",80.760000000000005,"SINAPI","COBERTURA","ESTRUTURA METALICA"]
[92572,"TRAMA DE AÇO COMPOSTA POR RIPAS E CAIBROS PARA TELHADOS DE MAIS DE 2 ÁGUAS PARA TELHA DE ENCAIXE DE CERÂMICA OU DE CONCRETO, INCLUSO TRANSPORTE VERTICAL. AF_12/2015","M2",37.58,"SINAPI","COBERTURA","ESTRUTURA METALICA"]
[92573,"TRAMA DE AÇO COMPOSTA POR RIPAS PARA TELHADOS DE MAIS DE 2 ÁGUAS PARA TELHA DE ENCAIXE DE CERÂMICA OU DE CONCRETO, INCLUSO TRANSPORTE VERTICAL, INCLUSO TRANSPORTE VERTICAL. AF_12/2015","M2",17.93,"SINAPI","COBERTURA","ESTRUTURA METALICA"]
[92574,"TRAMA DE AÇO COMPOSTA POR RIPAS, CAIBROS E TERÇAS PARA TELHADOS DE ATÉ 2 ÁGUAS PARA TELHA CERÂMICA CAPA-CANAL, INCLUSO TRANSPORTE VERTICAL. AF_12/2015","M2",80.98,"SINAPI","COBERTURA","ESTRUTURA METALICA"]
[92575,"TRAMA DE AÇO COMPOSTA POR RIPAS E CAIBROS PARA TELHADOS DE ATÉ 2 ÁGUAS PARA TELHA CERÂMICA CAPA-CANAL, INCLUSO TRANSPORTE VERTICAL. AF_12/2015","M2",33.61,"SINAPI","COBERTURA","ESTRUTURA METALICA"]
[92576,"TRAMA DE AÇO COMPOSTA POR RIPAS PARA TELHADOS DE ATÉ 2 ÁGUAS PARA TELHA CERÂMICA CAPA-CANAL, INCLUSO TRANSPORTE VERTICAL. AF_12/2015","M2",12.22,"SINAPI","COBERTURA","ESTRUTURA METALICA"]
[92577,"TRAMA DE AÇO COMPOSTA POR RIPAS, CAIBROS E TERÇAS PARA TELHADOS DE MAIS DE 2 ÁGUAS PARA TELHA CERÂMICA CAPA-CANAL, INCLUSO TRANSPORTE VERTICAL. AF_12/2015","M2",88.01,"SINAPI","COBERTURA","ESTRUTURA METALICA"]
[92578,"TRAMA DE AÇO COMPOSTA POR RIPAS E CAIBROS PARA TELHADOS DE MAIS DE 2 ÁGUAS PARA TELHA CERÂMICA CAPA-CANAL, INCLUSO TRANSPORTE VERTICAL. AF_12/2015","M2",37.51,"SINAPI","COBERTURA","ESTRUTURA METALICA"]
[92579,"TRAMA DE AÇO COMPOSTA POR RIPAS PARA TELHADOS DE MAIS DE 2 ÁGUAS PARA TELHA CERÂMICA CAPA-CANAL, INCLUSO TRANSPORTE VERTICAL. AF_12/2015","M2",14.47,"SINAPI","COBERTURA","ESTRUTURA METALICA"]
[92580,"TRAMA DE AÇO COMPOSTA POR TERÇAS PARA TELHADOS DE ATÉ 2 ÁGUAS PARA TELHA ONDULADA DE FIBROCIMENTO, METÁLICA, PLÁSTICA OU TERMOACÚSTICA, INCLUSO TRANSPORTE VERTICAL. AF_12/2015","M2",35.99,"SINAPI","COBERTURA","ESTRUTURA METALICA"]
[92581,"TRAMA DE AÇO COMPOSTA POR TERÇAS PARA TELHADOS DE ATÉ 2 ÁGUAS PARA TELHA ESTRUTURAL DE FIBROCIMENTO, INCLUSO TRANSPORTE VERTICAL. AF_12/2015","M2",37.5,"SINAPI","COBERTURA","ESTRUTURA METALICA"]
[92582,"FABRICAÇÃO E INSTALAÇÃO DE TESOURA INTEIRA EM AÇO, VÃO DE 3 M, PARA TELHA CERÂMICA OU DE CONCRETO, INCLUSO IÇAMENTO. AF_12/2015","UN",515.05999999999995,"SINAPI","COBERTURA","ESTRUTURA METALICA"]
[92584,"FABRICAÇÃO E INSTALAÇÃO DE TESOURA INTEIRA EM AÇO, VÃO DE 4 M, PARA TELHA CERÂMICA OU DE CONCRETO, INCLUSO IÇAMENTO. AF_12/2015","UN",601.08000000000004,"SINAPI","COBERTURA","ESTRUTURA METALICA"]
[92586,"FABRICAÇÃO E INSTALAÇÃO DE TESOURA INTEIRA EM AÇO, VÃO DE 5 M, PARA TELHA CERÂMICA OU DE CONCRETO, INCLUSO IÇAMENTO. AF_12/2015","UN",687.1,"SINAPI","COBERTURA","ESTRUTURA METALICA"]
[92588,"FABRICAÇÃO E INSTALAÇÃO DE TESOURA INTEIRA EM AÇO, VÃO DE 6 M, PARA TELHA CERÂMICA OU DE CONCRETO, INCLUSO IÇAMENTO. AF_12/2015","UN",862.91,"SINAPI","COBERTURA","ESTRUTURA METALICA"]
[92590,"FABRICAÇÃO E INSTALAÇÃO DE TESOURA INTEIRA EM AÇO, VÃO DE 7 M, PARA TELHA CERÂMICA OU DE CONCRETO, INCLUSO IÇAMENTO. AF_12/2015","UN",948.93,"SINAPI","COBERTURA","ESTRUTURA METALICA"]
[92592,"FABRICAÇÃO E INSTALAÇÃO DE TESOURA INTEIRA EM AÇO, VÃO DE 8 M, PARA TELHA CERÂMICA OU DE CONCRETO, INCLUSO IÇAMENTO. AF_12/2015","UN",1070.08,"SINAPI","COBERTURA","ESTRUTURA METALICA"]
[92593,"(COMPOSIÇÃO REPRESENTATIVA) FABRICAÇÃO E INSTALAÇÃO DE TESOURA INTEIRA EM AÇO, PARA VÃOS DE 3 A 12 M E PARA QUALQUER TIPO DE TELHA, INCLUSO IÇAMENTO. AF_12/2015","KG",8.1,"SINAPI","COBERTURA","ESTRUTURA METALICA"]
[92594,"FABRICAÇÃO E INSTALAÇÃO DE TESOURA INTEIRA EM AÇO, VÃO DE 9 M, PARA TELHA CERÂMICA OU DE CONCRETO, INCLUSO IÇAMENTO. AF_12/2015","UN",1227.0899999999999,"SINAPI","COBERTURA","ESTRUTURA METALICA"]
[92596,"FABRICAÇÃO E INSTALAÇÃO DE TESOURA INTEIRA EM AÇO, VÃO DE 10 M, PARA TELHA CERÂMICA OU DE CONCRETO, INCLUSO IÇAMENTO. AF_12/2015","UN",1372.46,"SINAPI","COBERTURA","ESTRUTURA METALICA"]
[92598,"FABRICAÇÃO E INSTALAÇÃO DE TESOURA INTEIRA EM AÇO, VÃO DE 11 M, PARA TELHA CERÂMICA OU DE CONCRETO, INCLUSO IÇAMENTO. AF_12/2015","UN",1458.48,"SINAPI","COBERTURA","ESTRUTURA METALICA"]
[92600,"FABRICAÇÃO E INSTALAÇÃO DE TESOURA INTEIRA EM AÇO, VÃO DE 12 M, PARA TELHA CERÂMICA OU DE CONCRETO, INCLUSO IÇAMENTO. AF_12/2015","UN",1561.26,"SINAPI","COBERTURA","ESTRUTURA METALICA"]
[92602,"FABRICAÇÃO E INSTALAÇÃO DE TESOURA INTEIRA EM AÇO, VÃO DE 3 M, PARA TELHA ONDULADA DE FIBROCIMENTO, METÁLICA, PLÁSTICA OU TERMOACÚSTICA, INCLUSO IÇAMENTO.. AF_12/2015","UN",515.05999999999995,"SINAPI","COBERTURA","ESTRUTURA METALICA"]
[92604,"FABRICAÇÃO E INSTALAÇÃO DE TESOURA INTEIRA EM AÇO, VÃO DE 4 M, PARA TELHA ONDULADA DE FIBROCIMENTO, METÁLICA, PLÁSTICA OU TERMOACÚSTICA, INCLUSO IÇAMENTO. AF_12/2015","UN",584.30999999999995,"SINAPI","COBERTURA","ESTRUTURA METALICA"]
[92606,"FABRICAÇÃO E INSTALAÇÃO DE TESOURA INTEIRA EM AÇO, VÃO DE 5 M, PARA TELHA ONDULADA DE FIBROCIMENTO, METÁLICA, PLÁSTICA OU TERMOACÚSTICA, INCLUSO IÇAMENTO. AF_12/2015","UN",670.34,"SINAPI","COBERTURA","ESTRUTURA METALICA"]
[92608,"FABRICAÇÃO E INSTALAÇÃO DE TESOURA INTEIRA EM AÇO, VÃO DE 6 M, PARA TELHA ONDULADA DE FIBROCIMENTO, METÁLICA, PLÁSTICA OU TERMOACÚSTICA, INCLUSO IÇAMENTO. AF_12/2015","UN",829.38,"SINAPI","COBERTURA","ESTRUTURA METALICA"]
[92610,"FABRICAÇÃO E INSTALAÇÃO DE TESOURA INTEIRA EM AÇO, VÃO DE 7 M, PARA TELHA ONDULADA DE FIBROCIMENTO, METÁLICA, PLÁSTICA OU TERMOACÚSTICA, INCLUSO IÇAMENTO. AF_12/2015","UN",915.4,"SINAPI","COBERTURA","ESTRUTURA METALICA"]
[92612,"FABRICAÇÃO E INSTALAÇÃO DE TESOURA INTEIRA EM AÇO, VÃO DE 8 M, PARA TELHA ONDULADA DE FIBROCIMENTO, METÁLICA, PLÁSTICA OU TERMOACÚSTICA, INCLUSO IÇAMENTO, INCLUSO IÇAMENTO. AF_12/2015","UN",1036.56,"SINAPI","COBERTURA","ESTRUTURA METALICA"]
[92614,"FABRICAÇÃO E INSTALAÇÃO DE TESOURA INTEIRA EM AÇO, VÃO DE 9 M, PARA TELHA ONDULADA DE FIBROCIMENTO, METÁLICA, PLÁSTICA OU TERMOACÚSTICA, INCLUSO IÇAMENTO. AF_12/2015","UN",1160.04,"SINAPI","COBERTURA","ESTRUTURA METALICA"]
[92616,"FABRICAÇÃO E INSTALAÇÃO DE TESOURA INTEIRA EM AÇO, VÃO DE 10 M, PARA TELHA ONDULADA DE FIBROCIMENTO, METÁLICA, PLÁSTICA OU TERMOACÚSTICA, INCLUSO IÇAMENTO. AF_12/2015","UN",1322.17,"SINAPI","COBERTURA","ESTRUTURA METALICA"]
[92618,"FABRICAÇÃO E INSTALAÇÃO DE TESOURA INTEIRA EM AÇO, VÃO DE 11 M, PARA TELHA ONDULADA DE FIBROCIMENTO, METÁLICA, PLÁSTICA OU TERMOACÚSTICA, INCLUSO IÇAMENTO. AF_12/2015","UN",1408.19,"SINAPI","COBERTURA","ESTRUTURA METALICA"]
[92620,"FABRICAÇÃO E INSTALAÇÃO DE TESOURA INTEIRA EM AÇO, VÃO DE 12 M, PARA TELHA ONDULADA DE FIBROCIMENTO, METÁLICA, PLÁSTICA OU TERMOACÚSTICA, INCLUSO IÇAMENTO. AF_12/2015","UN",1494.2,"SINAPI","COBERTURA","ESTRUTURA METALICA"]
[94444,"TELHAMENTO COM TELHA DE ENCAIXE, TIPO FRANCESA DE VIDRO, COM ATÉ 2 ÁGUAS, INCLUSO TRANSPORTE VERTICAL. AF_06/2016","M2",441.02,"SINAPI","COBERTURA","TELHAMENTO COM TELHA DE VIDRO"]
["73891/1","ESGOTAMENTO COM MOTO-BOMBA AUTOESCOVANTE","H",5.28,"SINAPI","DRENAGEM/OBRAS DE CONTENCAO/POCOS DE VISITA E CAIXAS","ESGOTAMENTO COM BOMBA"]
["73882/1","CALHA EM CONCRETO SIMPLES, EM MEIA CANA, DIAMETRO 200 MM","M",24.43,"SINAPI","DRENAGEM/OBRAS DE CONTENCAO/POCOS DE VISITA E CAIXAS","REBAIXAMENTO DO LENCOL FREATICO"]
["73882/5","CALHA EM CONCRETO SIMPLES, EM MEIA CANA DE CONCRETO, DIAMETRO 600 MM","M",69.22,"SINAPI","DRENAGEM/OBRAS DE CONTENCAO/POCOS DE VISITA E CAIXAS","REBAIXAMENTO DO LENCOL FREATICO"]
["73816/1","EXECUCAO DE DRENO COM TUBOS DE PVC CORRUGADO FLEXIVEL PERFURADO - DN 100","M",29.34,"SINAPI","DRENAGEM/OBRAS DE CONTENCAO/POCOS DE VISITA E CAIXAS","DRENOS"]
["73816/2","EXECUCAO DE DRENO VERTICAL COM PEDRISCO, DIAMETRO 200MM","M",26.39,"SINAPI","DRENAGEM/OBRAS DE CONTENCAO/POCOS DE VISITA E CAIXAS","DRENOS"]
["73881/1","EXECUCAO DE DRENO COM MANTA GEOTEXTIL 200 G/M2","M2",4.33,"SINAPI","DRENAGEM/OBRAS DE CONTENCAO/POCOS DE VISITA E CAIXAS","DRENOS"]
["73881/3","EXECUCAO DE DRENO COM MANTA GEOTEXTIL 400 G/M2","M2",8.35,"SINAPI","DRENAGEM/OBRAS DE CONTENCAO/POCOS DE VISITA E CAIXAS","DRENOS"]
["73883/1","EXECUCAO DE DRENO FRANCES COM AREIA MEDIA","M3",102.63,"SINAPI","DRENAGEM/OBRAS DE CONTENCAO/POCOS DE VISITA E CAIXAS","DRENOS"]
["73883/2","EXECUCAO DE DRENO FRANCES COM BRITA NUM 2","M3",105.15,"SINAPI","DRENAGEM/OBRAS DE CONTENCAO/POCOS DE VISITA E CAIXAS","DRENOS"]
["73883/3","EXECUCAO DE DRENO FRANCES COM CASCALHO","M3",65.19,"SINAPI","DRENAGEM/OBRAS DE CONTENCAO/POCOS DE VISITA E CAIXAS","DRENOS"]
["73902/1","CAMADA DRENANTE COM BRITA NUM 3","M3",110.35,"SINAPI","DRENAGEM/OBRAS DE CONTENCAO/POCOS DE VISITA E CAIXAS","DRENOS"]
["73968/1","MANTA IMPERMEABILIZANTE A BASE DE ASFALTO - FORNECIMENTO E INSTALACAO","M2",34.479999999999997,"SINAPI","DRENAGEM/OBRAS DE CONTENCAO/POCOS DE VISITA E CAIXAS","DRENOS"]
["73969/1","EXECUCAO DE DRENOS DE CHORUME EM TUBOS DRENANTES DE CONCRETO, DIAM=200MM, ENVOLTOS EM BRITA E GEOTEXTIL","M",58.45,"SINAPI","DRENAGEM/OBRAS DE CONTENCAO/POCOS DE VISITA E CAIXAS","DRENOS"]
["74017/1","EXECUCAO DE DRENOS DE CHORUME EM TUBOS DRENANTES, PVC, DIAM=100 MM, ENVOLTOS EM BRITA E GEOTEXTIL","M",43.63,"SINAPI","DRENAGEM/OBRAS DE CONTENCAO/POCOS DE VISITA E CAIXAS","DRENOS"]
["74017/2","EXECUCAO DE DRENOS DE CHORUME EM TUBOS DRENANTES, PVC, DIAM=150 MM, ENVOLTOS EM BRITA E GEOTEXTIL","M",61.36,"SINAPI","DRENAGEM/OBRAS DE CONTENCAO/POCOS DE VISITA E CAIXAS","DRENOS"]
["75029/1","TUBO PVC CORRUGADO RIGIDO PERFURADO DN 150 PARA DRENAGEM - FORNECIMENTO E INSTALACAO","M",45.5,"SINAPI","DRENAGEM/OBRAS DE CONTENCAO/POCOS DE VISITA E CAIXAS","DRENOS"]
[83651,"TUBO PVC CORRUGADO PERFURADO 100 MM C/ JUNTA ELASTICA PARA DRENAGEM.","M",33.93,"SINAPI","DRENAGEM/OBRAS DE CONTENCAO/POCOS DE VISITA E CAIXAS","DRENOS"]
[83656,"COLCHAO DRENANTE C/ 30CM PEDRA BRITADA N.3/FILTRO TRANSICAO MANTA GEOTEXTIL 100% POLIPROPILENO OU POLIESTER INCL FORNEC/COLOCMAT","M2",33.68,"SINAPI","DRENAGEM/OBRAS DE CONTENCAO/POCOS DE VISITA E CAIXAS","DRENOS"]
[83658,"EXECUCAO DRENO PROFUNDO, COM CORTE TRAPEZOIDAL EM SOLO, DE 70X80X150CM EXCL TUBO INCL MATERIAL EXECUCAO, COM SELO ENCHIMENTO MATERIAL DRENANTE E ESCAVACAO","M",180.66,"SINAPI","DRENAGEM/OBRAS DE CONTENCAO/POCOS DE VISITA E CAIXAS","DRENOS"]
[83661,"EXECUCAO DE DRENO PROFUNDO, CORTE EM SOLO, COM TUBO POROSO D=0,20M","M",104.39,"SINAPI","DRENAGEM/OBRAS DE CONTENCAO/POCOS DE VISITA E CAIXAS","DRENOS"]
[83662,"EXECUCAO DE DRENO CEGO","M3",99.31,"SINAPI","DRENAGEM/OBRAS DE CONTENCAO/POCOS DE VISITA E CAIXAS","DRENOS"]
[83664,"EXECUCAO DE DRENO DE TUBO DE CONRETO SIMPLES POROSO D=0,20 M (0,5MX0,5M) PARA GALERIAS DE AGUAS PLUVIAIS","M",59.8,"SINAPI","DRENAGEM/OBRAS DE CONTENCAO/POCOS DE VISITA E CAIXAS","DRENOS"]
[83665,"FORNECIMENTO E INSTALACAO DE MANTA BIDIM RT - 14","M2",5.62,"SINAPI","DRENAGEM/OBRAS DE CONTENCAO/POCOS DE VISITA E CAIXAS","DRENOS"]
[83667,"CAMADA DRENANTE COM AREIA MEDIA","M3",115.01,"SINAPI","DRENAGEM/OBRAS DE CONTENCAO/POCOS DE VISITA E CAIXAS","DRENOS"]
[83668,"CAMADA DRENANTE COM BRITA NUM 2","M3",109.51,"SINAPI","DRENAGEM/OBRAS DE CONTENCAO/POCOS DE VISITA E CAIXAS","DRENOS"]
[83669,"FORNECIMENTO/INSTALACAO MANTA BIDIM RT-16","M2",6.64,"SINAPI","DRENAGEM/OBRAS DE CONTENCAO/POCOS DE VISITA E CAIXAS","DRENOS"]
[83670,"TUBO PVC DN 75 MM PARA DRENAGEM - FORNECIMENTO E INSTALACAO","M",48.65,"SINAPI","DRENAGEM/OBRAS DE CONTENCAO/POCOS DE VISITA E CAIXAS","DRENOS"]
[83671,"TUBO PVC DN 100 MM PARA DRENAGEM - FORNECIMENTO E INSTALACAO","M",52.11,"SINAPI","DRENAGEM/OBRAS DE CONTENCAO/POCOS DE VISITA E CAIXAS","DRENOS"]
[83675,"TUBO CONCRETO SIMPLES DN 200 MM PARA DRENAGEM - FORNECIMENTO E INSTALACAO, INCLUSIVE ESCAVACAO MANUAL 1M3/M.","M",86.43,"SINAPI","DRENAGEM/OBRAS DE CONTENCAO/POCOS DE VISITA E CAIXAS","DRENOS"]
[83676,"TUBO CONCRETO SIMPLES DN 300 MM PARA DRENAGEM - FORNECIMENTO E INSTALACAO INCLUSIVE ESCAVACAO MANUAL 1M3/M","M",106.68,"SINAPI","DRENAGEM/OBRAS DE CONTENCAO/POCOS DE VISITA E CAIXAS","DRENOS"]
[83677,"TUBO CONCRETO SIMPLES DN 400 MM PARA DRENAGEM - FORNECIMENTO E INSTALACAO INCLUSIVE ESCAVACAO MANUAL 1,5M3/M","M",132.93,"SINAPI","DRENAGEM/OBRAS DE CONTENCAO/POCOS DE VISITA E CAIXAS","DRENOS"]
[83678,"TUBO CONCRETO SIMPLES DN 500 MM PARA DRENAGEM - FORNECIMENTO E INSTALACAO INCLUSIVE ESCAVACAO MANUAL 2M3/M","M",168.66,"SINAPI","DRENAGEM/OBRAS DE CONTENCAO/POCOS DE VISITA E CAIXAS","DRENOS"]
[83679,"TUBO PVC D=2\u0094 COM MATERIAL DRENANTE PARA DRENO/BARBACA - FORNECIMENTO E INSTALACAO","M",13.6,"SINAPI","DRENAGEM/OBRAS DE CONTENCAO/POCOS DE VISITA E CAIXAS","DRENOS"]
[83680,"TUBO PVC D=3\" COM MATERIAL DRENANTE PARA DRENO/BARBACA - FORNECIMENTO E INSTALACAO","M",15.98,"SINAPI","DRENAGEM/OBRAS DE CONTENCAO/POCOS DE VISITA E CAIXAS","DRENOS"]
[83681,"TUBO PVC D=4\" COM MATERIAL DRENANTE PARA DRENO/BARBACA - FORNECIMENTO E INSTALACAO","M",17.079999999999998,"SINAPI","DRENAGEM/OBRAS DE CONTENCAO/POCOS DE VISITA E CAIXAS","DRENOS"]
[83682,"CAMADA VERTICAL DRENANTE C/ PEDRA BRITADA NUMS 1 E 2","M3",110.34,"SINAPI","DRENAGEM/OBRAS DE CONTENCAO/POCOS DE VISITA E CAIXAS","DRENOS"]
[83683,"CAMADA HORIZONTAL DRENANTE C/ PEDRA BRITADA 1 E 2","M3",121.16,"SINAPI","DRENAGEM/OBRAS DE CONTENCAO/POCOS DE VISITA E CAIXAS","DRENOS"]
[83729,"FORNECIMENTO/INSTALACAO DE MANTA BIDIM RT-31","M2",12.87,"SINAPI","DRENAGEM/OBRAS DE CONTENCAO/POCOS DE VISITA E CAIXAS","DRENOS"]
[83739,"FORNECIMENTO/INSTALACAO DE MANTA BIDIM RT-10","M2",4.5999999999999996,"SINAPI","DRENAGEM/OBRAS DE CONTENCAO/POCOS DE VISITA E CAIXAS","DRENOS"]
[6454,"FORNECIMENTO E LANCAMENTO DE PEDRA DE MAO","M3",171.71,"SINAPI","DRENAGEM/OBRAS DE CONTENCAO/POCOS DE VISITA E CAIXAS","ENROCAMENTOS"]
[73611,"ENROCAMENTO COM PEDRA ARGAMASSADA TRAÇO 1:4 COM PEDRA DE MÃO","M3",383.5,"SINAPI","DRENAGEM/OBRAS DE CONTENCAO/POCOS DE VISITA E CAIXAS","ENROCAMENTOS"]
[73697,"ENROCAMENTO MANUAL, SEM ARRUMACAO DO MATERIAL","M3",168.26,"SINAPI","DRENAGEM/OBRAS DE CONTENCAO/POCOS DE VISITA E CAIXAS","ENROCAMENTOS"]
[73698,"ENROCAMENTO MANUAL, COM ARRUMACAO DO MATERIAL","M3",225.42,"SINAPI","DRENAGEM/OBRAS DE CONTENCAO/POCOS DE VISITA E CAIXAS","ENROCAMENTOS"]
["73890/1","ENSECADEIRA DE MADEIRA COM PAREDE SIMPLES","M2",167.51,"SINAPI","DRENAGEM/OBRAS DE CONTENCAO/POCOS DE VISITA E CAIXAS","ENSECADEIRAS"]
["73890/2","ENSECADEIRA DE MADEIRA COM PAREDE DUPLA","M2",424.82,"SINAPI","DRENAGEM/OBRAS DE CONTENCAO/POCOS DE VISITA E CAIXAS","ENSECADEIRAS"]
[92743,"MURO DE GABIÃO, ENCHIMENTO COM PEDRA DE MÃO TIPO RACHÃO, DE GRAVIDADE, COM GAIOLAS DE COMPRIMENTO IGUAL A 2 M, PARA MUROS COM ALTURA MENOR OU IGUAL A 4 M \u0096 FORNECIMENTO E EXECUÇÃO. AF_12/2015","M3",506.75,"SINAPI","DRENAGEM/OBRAS DE CONTENCAO/POCOS DE VISITA E CAIXAS","GABIOES"]
[92744,"MURO DE GABIÃO, ENCHIMENTO COM PEDRA DE MÃO TIPO RACHÃO, DE GRAVIDADE, COM GAIOLAS DE COMPRIMENTO IGUAL A 5 M, PARA MUROS COM ALTURA MENOR OU IGUAL A 4 M \u0096 FORNECIMENTO E EXECUÇÃO. AF_12/2015","M3",484.75,"SINAPI","DRENAGEM/OBRAS DE CONTENCAO/POCOS DE VISITA E CAIXAS","GABIOES"]
[92745,"MURO DE GABIÃO, ENCHIMENTO COM PEDRA DE MÃO TIPO RACHÃO, DE GRAVIDADE, COM GAIOLAS DE COMPRIMENTO IGUAL A 2 M, PARA MUROS COM ALTURA MAIOR QUE 4 M E MENOR OU IGUAL A 6 M \u0096 FORNECIMENTO E EXECUÇÃO. AF_12/2015","M3",630.42999999999995,"SINAPI","DRENAGEM/OBRAS DE CONTENCAO/POCOS DE VISITA E CAIXAS","GABIOES"]
[92746,"MURO DE GABIÃO, ENCHIMENTO COM PEDRA DE MÃO TIPO RACHÃO, DE GRAVIDADE, COM GAIOLAS DE COMPRIMENTO IGUAL A 5 M, PARA MUROS COM ALTURA MAIOR QUE 4 M E MENOR OU IGUAL A 6 M   FORNECIMENTO E EXECUÇÃO. AF_12/2015","M3",576.17999999999995,"SINAPI","DRENAGEM/OBRAS DE CONTENCAO/POCOS DE VISITA E CAIXAS","GABIOES"]
[92747,"MURO DE GABIÃO, ENCHIMENTO COM PEDRA DE MÃO TIPO RACHÃO, DE GRAVIDADE, COM GAIOLAS DE COMPRIMENTO IGUAL A 2 M, PARA MUROS COM ALTURA MAIOR QUE 6 M E MENOR OU IGUAL A 10 M   FORNECIMENTO E EXECUÇÃO. AF_12/2015","M3",700.53,"SINAPI","DRENAGEM/OBRAS DE CONTENCAO/POCOS DE VISITA E CAIXAS","GABIOES"]
[92748,"MURO DE GABIÃO, ENCHIMENTO COM PEDRA DE MÃO TIPO RACHÃO, DE GRAVIDADE, COM GAIOLAS DE COMPRIMENTO IGUAL A 5 M, PARA MUROS COM ALTURA MAIOR QUE 6 M E MENOR OU IGUAL A 10 M\u0096 FORNECIMENTO E EXECUÇÃO. AF_12/2015","M3",628.26,"SINAPI","DRENAGEM/OBRAS DE CONTENCAO/POCOS DE VISITA E CAIXAS","GABIOES"]
[92749,"MURO DE GABIÃO, ENCHIMENTO COM PEDRA DE MÃO TIPO RACHÃO, COM SOLO REFORÇADO, PARA MUROS COM ALTURA MENOR OU IGUAL A 4 M   FORNECIMENTO E EXECUÇÃO. AF_12/2015","M3",728.25,"SINAPI","DRENAGEM/OBRAS DE CONTENCAO/POCOS DE VISITA E CAIXAS","GABIOES"]
[92750,"MURO DE GABIÃO, ENCHIMENTO COM PEDRA DE MÃO TIPO RACHÃO, COM SOLO REFORÇADO, PARA MUROS COM ALTURA MAIOR QUE 4 M E MENOR OU IGUAL A 12 M   FORNECIMENTO E EXECUÇÃO. AF_12/2015","M3",1257.24,"SINAPI","DRENAGEM/OBRAS DE CONTENCAO/POCOS DE VISITA E CAIXAS","GABIOES"]
[92751,"MURO DE GABIÃO, ENCHIMENTO COM PEDRA DE MÃO TIPO RACHÃO, COM SOLO REFORÇADO, PARA MUROS COM ALTURA MAIOR QUE 12 M E MENOR OU IGUAL A 20 MFORNECIMENTO E EXECUÇÃO. AF_12/2015","M3",1564.34,"SINAPI","DRENAGEM/OBRAS DE CONTENCAO/POCOS DE VISITA E CAIXAS","GABIOES"]
[92752,"MURO DE GABIÃO, ENCHIMENTO COM PEDRA DE MÃO TIPO RACHÃO, COM SOLO REFORÇADO, PARA MUROS COM ALTURA MAIOR QUE 20 M E MENOR OU IGUAL A 28 M   FORNECIMENTO E EXECUÇÃO. AF_12/2015","M3",1870.26,"SINAPI","DRENAGEM/OBRAS DE CONTENCAO/POCOS DE VISITA E CAIXAS","GABIOES"]
[92753,"MURO DE GABIÃO, ENCHIMENTO COM RESÍDUO DE CONSTRUÇÃO E DEMOLIÇÃO, DE GRAVIDADE, COM GAIOLA TRAPEZOIDAL DE COMPRIMENTO IGUAL A 2 M, PARA MUROS COM ALTURA MENOR OU IGUAL A 2 M   FORNECIMENTO E EXECUÇÃO. AF_12/2015","M3",480.74,"SINAPI","DRENAGEM/OBRAS DE CONTENCAO/POCOS DE VISITA E CAIXAS","GABIOES"]
[92754,"MURO DE GABIÃO, ENCHIMENTO COM RESÍDUO DE CONSTRUÇÃO E DEMOLIÇÃO, DE GRAVIDADE, COM GAIOLA TRAPEZOIDAL DE COMPRIMENTO IGUAL A 2 M, PARA MUROS COM ALTURA MAIOR QUE 2 M E MENOR OU IGUAL A 4 MFORNECIMENTO E EXECUÇÃO. AF_12/2015","M3",438.29,"SINAPI","DRENAGEM/OBRAS DE CONTENCAO/POCOS DE VISITA E CAIXAS","GABIOES"]
[92755,"PROTEÇÃO SUPERFICIAL DE CANAL EM GABIÃO TIPO COLCHÃO, ALTURA DE 17 CENTÍMETROS, ENCHIMENTO COM PEDRA DE MÃO TIPO RACHÃO - FORNECIMENTO E EXECUÇÃO. AF_12/2015","M2",184.33,"SINAPI","DRENAGEM/OBRAS DE CONTENCAO/POCOS DE VISITA E CAIXAS","GABIOES"]
[92756,"PROTEÇÃO SUPERFICIAL DE CANAL EM GABIÃO TIPO COLCHÃO, ALTURA DE 23 CENTÍMETROS, ENCHIMENTO COM PEDRA DE MÃO TIPO RACHÃO - FORNECIMENTO E EXECUÇÃO. AF_12/2015","M2",209.21,"SINAPI","DRENAGEM/OBRAS DE CONTENCAO/POCOS DE VISITA E CAIXAS","GABIOES"]
[92757,"PROTEÇÃO SUPERFICIAL DE CANAL EM GABIÃO TIPO COLCHÃO, ALTURA DE 30 CENTÍMETROS, ENCHIMENTO COM PEDRA DE MÃO TIPO RACHÃO - FORNECIMENTO E EXECUÇÃO. AF_12/2015","M2",239.43,"SINAPI","DRENAGEM/OBRAS DE CONTENCAO/POCOS DE VISITA E CAIXAS","GABIOES"]
[92758,"PROTEÇÃO SUPERFICIAL DE CANAL EM GABIÃO TIPO SACO, DIÂMETRO DE 65 CENTÍMETROS, ENCHIMENTO MANUAL COM PEDRA DE MÃO TIPO RACHÃO - FORNECIMENTO E EXECUÇÃO. AF_12/2015","M3",577.78,"SINAPI","DRENAGEM/OBRAS DE CONTENCAO/POCOS DE VISITA E CAIXAS","GABIOES"]
["73844/2","MURO DE ARRIMO DE ALVENARIA DE TIJOLOS","M3",481.42,"SINAPI","DRENAGEM/OBRAS DE CONTENCAO/POCOS DE VISITA E CAIXAS","MUROS DE ARRIMO"]
[91069,"EXECUÇÃO DE REVESTIMENTO DE CONCRETO PROJETADO COM ESPESSURA DE 7 CM, ARMADO COM TELA, INCLINAÇÃO MENOR QUE 90°, APLICAÇÃO CONTÍNUA, UTILIZANDO EQUIPAMENTO DE PROJEÇÃO COM 6 M³/H DE CAPACIDADE. AF_01/2016","M2",82.25,"SINAPI","DRENAGEM/OBRAS DE CONTENCAO/POCOS DE VISITA E CAIXAS","MUROS DE ARRIMO"]
[91070,"EXECUÇÃO DE REVESTIMENTO DE CONCRETO PROJETADO COM ESPESSURA DE 10 CM, ARMADO COM TELA, INCLINAÇÃO MENOR QUE 90°, APLICAÇÃO CONTÍNUA, UTILIZANDO EQUIPAMENTO DE PROJEÇÃO COM 6 M³/H DE CAPACIDADE. AF_01/2016","M2",91.23,"SINAPI","DRENAGEM/OBRAS DE CONTENCAO/POCOS DE VISITA E CAIXAS","MUROS DE ARRIMO"]
[91071,"EXECUÇÃO DE REVESTIMENTO DE CONCRETO PROJETADO COM ESPESSURA DE 7 CM, ARMADO COM TELA, INCLINAÇÃO DE 90°, APLICAÇÃO CONTÍNUA, UTILIZANDO EQUIPAMENTO DE PROJEÇÃO COM 6 M³/H DE CAPACIDADE. AF_01/2016","M2",117.82,"SINAPI","DRENAGEM/OBRAS DE CONTENCAO/POCOS DE VISITA E CAIXAS","MUROS DE ARRIMO"]
[91072,"EXECUÇÃO DE REVESTIMENTO DE CONCRETO PROJETADO COM ESPESSURA DE 10 CM, ARMADO COM TELA, INCLINAÇÃO DE 90°, APLICAÇÃO CONTÍNUA, UTILIZANDO EQUIPAMENTO DE PROJEÇÃO COM 6 M³/H DE CAPACIDADE. AF_01/2016","M2",126.78,"SINAPI","DRENAGEM/OBRAS DE CONTENCAO/POCOS DE VISITA E CAIXAS","MUROS DE ARRIMO"]
[91073,"EXECUÇÃO DE REVESTIMENTO DE CONCRETO PROJETADO COM ESPESSURA DE 7 CM, ARMADO COM TELA, INCLINAÇÃO MENOR QUE 90°, APLICAÇÃO CONTÍNUA, UTILIZANDO EQUIPAMENTO DE PROJEÇÃO COM 3 M³/H DE CAPACIDADE. AF_01/2016","M2",94.93,"SINAPI","DRENAGEM/OBRAS DE CONTENCAO/POCOS DE VISITA E CAIXAS","MUROS DE ARRIMO"]
[91074,"EXECUÇÃO DE REVESTIMENTO DE CONCRETO PROJETADO COM ESPESSURA DE 10 CM, ARMADO COM TELA, INCLINAÇÃO MENOR QUE 90°, APLICAÇÃO CONTÍNUA, UTILIZANDO EQUIPAMENTO DE PROJEÇÃO COM 3 M³/H DE CAPACIDADE. AF_01/2016","M2",105.19,"SINAPI","DRENAGEM/OBRAS DE CONTENCAO/POCOS DE VISITA E CAIXAS","MUROS DE ARRIMO"]
[91075,"EXECUÇÃO DE REVESTIMENTO DE CONCRETO PROJETADO COM ESPESSURA DE 7 CM, ARMADO COM TELA, INCLINAÇÃO DE 90°, APLICAÇÃO CONTÍNUA, UTILIZANDO EQUIPAMENTO DE PROJEÇÃO COM 3 M³/H DE CAPACIDADE. AF_01/2016","M2",133,"SINAPI","DRENAGEM/OBRAS DE CONTENCAO/POCOS DE VISITA E CAIXAS","MUROS DE ARRIMO"]
[91076,"EXECUÇÃO DE REVESTIMENTO DE CONCRETO PROJETADO COM ESPESSURA DE 10 CM, ARMADO COM TELA, INCLINAÇÃO DE 90°, APLICAÇÃO CONTÍNUA, UTILIZANDO EQUIPAMENTO DE PROJEÇÃO COM 3 M³/H DE CAPACIDADE. AF_01/2016","M2",143.31,"SINAPI","DRENAGEM/OBRAS DE CONTENCAO/POCOS DE VISITA E CAIXAS","MUROS DE ARRIMO"]
[91077,"EXECUÇÃO DE REVESTIMENTO DE CONCRETO PROJETADO COM ESPESSURA DE 7 CM, ARMADO COM FIBRAS DE AÇO, INCLINAÇÃO MENOR QUE 90°, APLICAÇÃO CONTÍNUA, UTILIZANDO EQUIPAMENTO DE PROJEÇÃO COM 6 M³/H DE CAPACIDADE. AF_01/2016","M2",122.93,"SINAPI","DRENAGEM/OBRAS DE CONTENCAO/POCOS DE VISITA E CAIXAS","MUROS DE ARRIMO"]
[91078,"EXECUÇÃO DE REVESTIMENTO DE CONCRETO PROJETADO COM ESPESSURA DE 10 CM, ARMADO COM FIBRAS DE AÇO, INCLINAÇÃO MENOR QUE 90°, APLICAÇÃO CONTÍNUA, UTILIZANDO EQUIPAMENTO DE PROJEÇÃO COM 6 M³/H DE CAPACIDADE. AF_01/2016","M2",145.13,"SINAPI","DRENAGEM/OBRAS DE CONTENCAO/POCOS DE VISITA E CAIXAS","MUROS DE ARRIMO"]
[91079,"EXECUÇÃO DE REVESTIMENTO DE CONCRETO PROJETADO COM ESPESSURA DE 7 CM, ARMADO COM FIBRAS DE AÇO, INCLINAÇÃO DE 90°, APLICAÇÃO CONTÍNUA, UTILIZANDO EQUIPAMENTO DE PROJEÇÃO COM 6 M³/H DE CAPACIDADE. AF_01/2016","M2",128,"SINAPI","DRENAGEM/OBRAS DE CONTENCAO/POCOS DE VISITA E CAIXAS","MUROS DE ARRIMO"]
[91080,"EXECUÇÃO DE REVESTIMENTO DE CONCRETO PROJETADO COM ESPESSURA DE 10 CM, ARMADO COM FIBRAS DE AÇO, INCLINAÇÃO DE 90°, APLICAÇÃO CONTÍNUA, UTILIZANDO EQUIPAMENTO DE PROJEÇÃO COM 6 M³/H DE CAPACIDADE. AF_01/2016","M2",150.06,"SINAPI","DRENAGEM/OBRAS DE CONTENCAO/POCOS DE VISITA E CAIXAS","MUROS DE ARRIMO"]
[91081,"EXECUÇÃO DE REVESTIMENTO DE CONCRETO PROJETADO COM ESPESSURA DE 7 CM, ARMADO COM FIBRAS DE AÇO, INCLINAÇÃO MENOR QUE 90°, APLICAÇÃO CONTÍNUA, UTILIZANDO EQUIPAMENTO DE PROJEÇÃO COM 3 M³/H DE CAPACIDADE. AF_01/2016","M2",136.97,"SINAPI","DRENAGEM/OBRAS DE CONTENCAO/POCOS DE VISITA E CAIXAS","MUROS DE ARRIMO"]
[91082,"EXECUÇÃO DE REVESTIMENTO DE CONCRETO PROJETADO COM ESPESSURA DE 10 CM, ARMADO COM FIBRAS DE AÇO, INCLINAÇÃO MENOR QUE 90°, APLICAÇÃO CONTÍNUA, UTILIZANDO EQUIPAMENTO DE PROJEÇÃO COM 3 M³/H DE CAPACIDADE. AF_01/2016","M2",160.32,"SINAPI","DRENAGEM/OBRAS DE CONTENCAO/POCOS DE VISITA E CAIXAS","MUROS DE ARRIMO"]
[91083,"EXECUÇÃO DE REVESTIMENTO DE CONCRETO PROJETADO COM ESPESSURA DE 7 CM, ARMADO COM FIBRAS DE AÇO, INCLINAÇÃO DE 90°, APLICAÇÃO CONTÍNUA, UTILIZANDO EQUIPAMENTO DE PROJEÇÃO COM 3 M³/H DE CAPACIDADE. AF_01/2016","M2",146.01,"SINAPI","DRENAGEM/OBRAS DE CONTENCAO/POCOS DE VISITA E CAIXAS","MUROS DE ARRIMO"]
[91084,"EXECUÇÃO DE REVESTIMENTO DE CONCRETO PROJETADO COM ESPESSURA DE 10 CM, ARMADO COM FIBRAS DE AÇO, INCLINAÇÃO DE 90°, APLICAÇÃO CONTÍNUA, UTILIZANDO EQUIPAMENTO DE PROJEÇÃO COM 3 M³/H DE CAPACIDADE. AF_01/2016","M2",169.14,"SINAPI","DRENAGEM/OBRAS DE CONTENCAO/POCOS DE VISITA E CAIXAS","MUROS DE ARRIMO"]
[91086,"EXECUÇÃO DE REVESTIMENTO DE CONCRETO PROJETADO COM ESPESSURA DE 7 CM, ARMADO COM TELA, INCLINAÇÃO MENOR QUE 90°, APLICAÇÃO DESCONTÍNUA, UTILIZANDO EQUIPAMENTO DE PROJEÇÃO COM 6 M³/H DE CAPACIDADE. AF_01/2016","M2",91.39,"SINAPI","DRENAGEM/OBRAS DE CONTENCAO/POCOS DE VISITA E CAIXAS","MUROS DE ARRIMO"]
[91087,"EXECUÇÃO DE REVESTIMENTO DE CONCRETO PROJETADO COM ESPESSURA DE 10 CM, ARMADO COM TELA, INCLINAÇÃO MENOR QUE 90°, APLICAÇÃO DESCONTÍNUA, UTILIZANDO EQUIPAMENTO DE PROJEÇÃO COM 6 M³/H DE CAPACIDADE. AF_01/2016","M2",100.64,"SINAPI","DRENAGEM/OBRAS DE CONTENCAO/POCOS DE VISITA E CAIXAS","MUROS DE ARRIMO"]
[91088,"EXECUÇÃO DE REVESTIMENTO DE CONCRETO PROJETADO COM ESPESSURA DE 7 CM, ARMADO COM TELA, INCLINAÇÃO DE 90°, APLICAÇÃO DESCONTÍNUA, UTILIZANDO EQUIPAMENTO DE PROJEÇÃO COM 6 M³/H DE CAPACIDADE. AF_01/2016","M2",128.29,"SINAPI","DRENAGEM/OBRAS DE CONTENCAO/POCOS DE VISITA E CAIXAS","MUROS DE ARRIMO"]
[91089,"EXECUÇÃO DE REVESTIMENTO DE CONCRETO PROJETADO COM ESPESSURA DE 10 CM, ARMADO COM TELA, INCLINAÇÃO DE 90°, APLICAÇÃO DESCONTÍNUA, UTILIZANDO EQUIPAMENTO DE PROJEÇÃO COM 6 M³/H DE CAPACIDADE. AF_01/2016","M2",137.66,"SINAPI","DRENAGEM/OBRAS DE CONTENCAO/POCOS DE VISITA E CAIXAS","MUROS DE ARRIMO"]
[91090,"EXECUÇÃO DE REVESTIMENTO DE CONCRETO PROJETADO COM ESPESSURA DE 7 CM, ARMADO COM TELA, INCLINAÇÃO MENOR QUE 90°, APLICAÇÃO DESCONTÍNUA, UTILIZANDO EQUIPAMENTO DE PROJEÇÃO COM 3 M³/H DE CAPACIDADE. AF_01/2016","M2",102.41,"SINAPI","DRENAGEM/OBRAS DE CONTENCAO/POCOS DE VISITA E CAIXAS","MUROS DE ARRIMO"]
[91091,"EXECUÇÃO DE REVESTIMENTO DE CONCRETO PROJETADO COM ESPESSURA DE 10 CM, ARMADO COM TELA, INCLINAÇÃO MENOR QUE 90°, APLICAÇÃO DESCONTÍNUA, UTILIZANDO EQUIPAMENTO DE PROJEÇÃO COM 3 M³/H DE CAPACIDADE. AF_01/2016","M2",113.12,"SINAPI","DRENAGEM/OBRAS DE CONTENCAO/POCOS DE VISITA E CAIXAS","MUROS DE ARRIMO"]
[91092,"EXECUÇÃO DE REVESTIMENTO DE CONCRETO PROJETADO COM ESPESSURA DE 7 CM, ARMADO COM TELA, INCLINAÇÃO DE 90°, APLICAÇÃO DESCONTÍNUA, UTILIZANDO EQUIPAMENTO DE PROJEÇÃO COM 3 M³/H DE CAPACIDADE. AF_01/2016","M2",141.36000000000001,"SINAPI","DRENAGEM/OBRAS DE CONTENCAO/POCOS DE VISITA E CAIXAS","MUROS DE ARRIMO"]
[91093,"EXECUÇÃO DE REVESTIMENTO DE CONCRETO PROJETADO COM ESPESSURA DE 10 CM, ARMADO COM TELA, INCLINAÇÃO DE 90°, APLICAÇÃO DESCONTÍNUA, UTILIZANDO EQUIPAMENTO DE PROJEÇÃO COM 3 M³/H DE CAPACIDADE. AF_01/2016","M2",152.38,"SINAPI","DRENAGEM/OBRAS DE CONTENCAO/POCOS DE VISITA E CAIXAS","MUROS DE ARRIMO"]
[91094,"EXECUÇÃO DE REVESTIMENTO DE CONCRETO PROJETADO COM ESPESSURA DE 7 CM, ARMADO COM FIBRAS DE AÇO, INCLINAÇÃO MENOR QUE 90°, APLICAÇÃO DESCONTÍNUA, UTILIZANDO EQUIPAMENTO DE PROJEÇÃO COM 6 M³/H DE CAPACIDADE. AF_01/2016","M2",128.57,"SINAPI","DRENAGEM/OBRAS DE CONTENCAO/POCOS DE VISITA E CAIXAS","MUROS DE ARRIMO"]
[91095,"EXECUÇÃO DE REVESTIMENTO DE CONCRETO PROJETADO COM ESPESSURA DE 10 CM, ARMADO COM FIBRAS DE AÇO, INCLINAÇÃO MENOR QUE 90°, APLICAÇÃO DESCONTÍNUA, UTILIZANDO EQUIPAMENTO DE PROJEÇÃO COM 6 M³/H DE CAPACIDADE. AF_01/2016","M2",151.1,"SINAPI","DRENAGEM/OBRAS DE CONTENCAO/POCOS DE VISITA E CAIXAS","MUROS DE ARRIMO"]
[91096,"EXECUÇÃO DE REVESTIMENTO DE CONCRETO PROJETADO COM ESPESSURA DE 7 CM, ARMADO COM FIBRAS DE AÇO, INCLINAÇÃO DE 90°, APLICAÇÃO DESCONTÍNUA, UTILIZANDO EQUIPAMENTO DE PROJEÇÃO COM 6 M³/H DE CAPACIDADE. AF_01/2016","M2",131.16,"SINAPI","DRENAGEM/OBRAS DE CONTENCAO/POCOS DE VISITA E CAIXAS","MUROS DE ARRIMO"]
[91097,"EXECUÇÃO DE REVESTIMENTO DE CONCRETO PROJETADO COM ESPESSURA DE 10 CM, ARMADO COM FIBRAS DE AÇO, INCLINAÇÃO DE 90°, APLICAÇÃO DESCONTÍNUA, UTILIZANDO EQUIPAMENTO DE PROJEÇÃO COM 6 M³/H DE CAPACIDADE. AF_01/2016","M2",153.56,"SINAPI","DRENAGEM/OBRAS DE CONTENCAO/POCOS DE VISITA E CAIXAS","MUROS DE ARRIMO"]
[91098,"EXECUÇÃO DE REVESTIMENTO DE CONCRETO PROJETADO COM ESPESSURA DE 7 CM, ARMADO COM FIBRAS DE AÇO, INCLINAÇÃO MENOR QUE 90°, APLICAÇÃO DESCONTÍNUA, UTILIZANDO EQUIPAMENTO DE PROJEÇÃO COM 3 M³/H DE CAPACIDADE. AF_01/2016","M2",142.51,"SINAPI","DRENAGEM/OBRAS DE CONTENCAO/POCOS DE VISITA E CAIXAS","MUROS DE ARRIMO"]
[91099,"EXECUÇÃO DE REVESTIMENTO DE CONCRETO PROJETADO COM ESPESSURA DE 10 CM, ARMADO COM FIBRAS DE AÇO, INCLINAÇÃO MENOR QUE 90°, APLICAÇÃO DESCONTÍNUA, UTILIZANDO EQUIPAMENTO DE PROJEÇÃO COM 3 M³/H DE CAPACIDADE. AF_01/2016","M2",166.28,"SINAPI","DRENAGEM/OBRAS DE CONTENCAO/POCOS DE VISITA E CAIXAS","MUROS DE ARRIMO"]
[91100,"EXECUÇÃO DE REVESTIMENTO DE CONCRETO PROJETADO COM ESPESSURA DE 7 CM, ARMADO COM FIBRAS DE AÇO, INCLINAÇÃO DE 90°, APLICAÇÃO DESCONTÍNUA, UTILIZANDO EQUIPAMENTO DE PROJEÇÃO COM 3 M³/H DE CAPACIDADE. AF_01/2016","M2",149.72999999999999,"SINAPI","DRENAGEM/OBRAS DE CONTENCAO/POCOS DE VISITA E CAIXAS","MUROS DE ARRIMO"]
[91101,"EXECUÇÃO DE REVESTIMENTO DE CONCRETO PROJETADO COM ESPESSURA DE 10 CM, ARMADO COM FIBRAS DE AÇO, INCLINAÇÃO DE 90°, APLICAÇÃO DESCONTÍNUA, UTILIZANDO EQUIPAMENTO DE PROJEÇÃO COM 3 M³/H DE CAPACIDADE. AF_01/2016","M2",173.42,"SINAPI","DRENAGEM/OBRAS DE CONTENCAO/POCOS DE VISITA E CAIXAS","MUROS DE ARRIMO"]
[93952,"EXECUÇÃO DE GRAMPO PARA SOLO GRAMPEADO COM COMPRIMENTO MENOR OU IGUAL A 4 M, DIÂMETRO DE 10 CM, PERFURAÇÃO COM EQUIPAMENTO MANUAL E ARMADURA COM DIÂMETRO DE 16 MM. AF_05/2016","M",169.83,"SINAPI","DRENAGEM/OBRAS DE CONTENCAO/POCOS DE VISITA E CAIXAS","MUROS DE ARRIMO"]
[93953,"EXECUÇÃO DE GRAMPO PARA SOLO GRAMPEADO COM COMPRIMENTO MAIOR QUE 4 M E MENOR OU IGUAL A 6 M, DIÂMETRO DE 10 CM, PERFURAÇÃO COM EQUIPAMENTO MANUAL E ARMADURA COM DIÂMETRO DE 16 MM. AF_05/2016","M",157.21,"SINAPI","DRENAGEM/OBRAS DE CONTENCAO/POCOS DE VISITA E CAIXAS","MUROS DE ARRIMO"]
[93954,"EXECUÇÃO DE GRAMPO PARA SOLO GRAMPEADO COM COMPRIMENTO MAIOR QUE 6 M E MENOR OU IGUAL A 8 M, DIÂMETRO DE 10 CM, PERFURAÇÃO COM EQUIPAMENTO MANUAL E ARMADURA COM DIÂMETRO DE 16 MM. AF_05/2016","M",149.72,"SINAPI","DRENAGEM/OBRAS DE CONTENCAO/POCOS DE VISITA E CAIXAS","MUROS DE ARRIMO"]
[93955,"EXECUÇÃO DE GRAMPO PARA SOLO GRAMPEADO COM COMPRIMENTO MAIOR QUE 8 M E MENOR OU IGUAL A 10 M, DIÂMETRO DE 10 CM, PERFURAÇÃO COM EQUIPAMENTO MANUAL E ARMADURA COM DIÂMETRO DE 16 MM. AF_05/2016","M",144.4,"SINAPI","DRENAGEM/OBRAS DE CONTENCAO/POCOS DE VISITA E CAIXAS","MUROS DE ARRIMO"]
[93956,"EXECUÇÃO DE GRAMPO PARA SOLO GRAMPEADO COM COMPRIMENTO MAIOR QUE 10 M, DIÂMETRO DE 10 CM, PERFURAÇÃO COM EQUIPAMENTO MANUAL E ARMADURA COM DIÂMETRO DE 16 MM. AF_05/2016","M",140.19999999999999,"SINAPI","DRENAGEM/OBRAS DE CONTENCAO/POCOS DE VISITA E CAIXAS","MUROS DE ARRIMO"]
[93957,"EXECUÇÃO DE GRAMPO PARA SOLO GRAMPEADO COM COMPRIMENTO MENOR OU IGUAL A 4 M, DIÂMETRO DE 10 CM, PERFURAÇÃO COM EQUIPAMENTO MANUAL E ARMADURA COM DIÂMETRO DE 20 MM. AF_05/2016","M",176.13,"SINAPI","DRENAGEM/OBRAS DE CONTENCAO/POCOS DE VISITA E CAIXAS","MUROS DE ARRIMO"]
[93958,"EXECUÇÃO DE GRAMPO PARA SOLO GRAMPEADO COM COMPRIMENTO MAIOR QUE 4 M E MENOR OU IGUAL A 6 M, DIÂMETRO DE 10 CM, PERFURAÇÃO COM EQUIPAMENTO MANUAL E ARMADURA COM DIÂMETRO DE 20 MM. AF_05/2016","M",162.84,"SINAPI","DRENAGEM/OBRAS DE CONTENCAO/POCOS DE VISITA E CAIXAS","MUROS DE ARRIMO"]
[93959,"EXECUÇÃO DE GRAMPO PARA SOLO GRAMPEADO COM COMPRIMENTO MAIOR QUE 6 M E MENOR OU IGUAL A 8 M, DIÂMETRO DE 10 CM, PERFURAÇÃO COM EQUIPAMENTO MANUAL E ARMADURA COM DIÂMETRO DE 20 MM. AF_05/2016","M",155,"SINAPI","DRENAGEM/OBRAS DE CONTENCAO/POCOS DE VISITA E CAIXAS","MUROS DE ARRIMO"]
[93960,"EXECUÇÃO DE GRAMPO PARA SOLO GRAMPEADO COM COMPRIMENTO MAIOR QUE 8 M E MENOR OU IGUAL A 10 M, DIÂMETRO DE 10 CM, PERFURAÇÃO COM EQUIPAMENTO MANUAL E ARMADURA COM DIÂMETRO DE 20 MM. AF_05/2016","M",149.49,"SINAPI","DRENAGEM/OBRAS DE CONTENCAO/POCOS DE VISITA E CAIXAS","MUROS DE ARRIMO"]
[93961,"EXECUÇÃO DE GRAMPO PARA SOLO GRAMPEADO COM COMPRIMENTO MAIOR QUE 10 M, DIÂMETRO DE 10 CM, PERFURAÇÃO COM EQUIPAMENTO MANUAL E ARMADURA COM DIÂMETRO DE 20 MM. AF_05/2016","M",145.16,"SINAPI","DRENAGEM/OBRAS DE CONTENCAO/POCOS DE VISITA E CAIXAS","MUROS DE ARRIMO"]
[93962,"EXECUÇÃO DE GRAMPO PARA SOLO GRAMPEADO COM COMPRIMENTO MENOR OU IGUAL A 4 M, DIÂMETRO DE 7 CM, PERFURAÇÃO COM EQUIPAMENTO MANUAL E ARMADURA COM DIÂMETRO DE 16 MM. AF_05/2016","M",160.13999999999999,"SINAPI","DRENAGEM/OBRAS DE CONTENCAO/POCOS DE VISITA E CAIXAS","MUROS DE ARRIMO"]
[93963,"EXECUÇÃO DE GRAMPO PARA SOLO GRAMPEADO COM COMPRIMENTO MAIOR QUE 4 E MENOR OU IGUAL A 6 M, DIÂMETRO DE 7 CM, PERFURAÇÃO COM EQUIPAMENTO MANUAL E ARMADURA COM DIÂMETRO DE 16 MM. AF_05/2016","M",147.54,"SINAPI","DRENAGEM/OBRAS DE CONTENCAO/POCOS DE VISITA E CAIXAS","MUROS DE ARRIMO"]
[93964,"EXECUÇÃO DE GRAMPO PARA SOLO GRAMPEADO COM COMPRIMENTO MAIOR QUE 6 M E MENOR OU IGUAL A 8 M, DIÂMETRO DE 7 CM, PERFURAÇÃO COM EQUIPAMENTO MANUAL E ARMADURA COM DIÂMETRO DE 16 MM. AF_05/2016","M",140.05000000000001,"SINAPI","DRENAGEM/OBRAS DE CONTENCAO/POCOS DE VISITA E CAIXAS","MUROS DE ARRIMO"]
[93965,"EXECUÇÃO DE GRAMPO PARA SOLO GRAMPEADO COM COMPRIMENTO MAIOR QUE 8 M E MENOR OU IGUAL A 10 M, DIÂMETRO DE 7 CM, PERFURAÇÃO COM EQUIPAMENTO MANUAL E ARMADURA COM DIÂMETRO DE 16 MM. AF_05/2016","M",132.54,"SINAPI","DRENAGEM/OBRAS DE CONTENCAO/POCOS DE VISITA E CAIXAS","MUROS DE ARRIMO"]
[93966,"EXECUÇÃO DE GRAMPO PARA SOLO GRAMPEADO COM COMPRIMENTO MAIOR QUE 10 M, DIÂMETRO DE 7 CM, PERFURAÇÃO COM EQUIPAMENTO MANUAL E ARMADURA COM DIÂMETRO DE 16 MM. AF_05/2016","M",130.63,"SINAPI","DRENAGEM/OBRAS DE CONTENCAO/POCOS DE VISITA E CAIXAS","MUROS DE ARRIMO"]
[93967,"EXECUÇÃO DE GRAMPO PARA SOLO GRAMPEADO COM COMPRIMENTO MENOR OU IGUAL A 4 M, DIÂMETRO DE 7 CM, PERFURAÇÃO COM EQUIPAMENTO MANUAL E ARMADURA COM DIÂMETRO DE 20 MM. AF_05/2016","M",166.42,"SINAPI","DRENAGEM/OBRAS DE CONTENCAO/POCOS DE VISITA E CAIXAS","MUROS DE ARRIMO"]
[93968,"EXECUÇÃO DE GRAMPO PARA SOLO GRAMPEADO COM COMPRIMENTO MAIOR QUE 4 E MENOR OU IGUAL A 6 M, DIÂMETRO DE 7 CM, PERFURAÇÃO COM EQUIPAMENTO MANUAL E ARMADURA COM DIÂMETRO DE 20 MM. AF_05/2016","M",153.19,"SINAPI","DRENAGEM/OBRAS DE CONTENCAO/POCOS DE VISITA E CAIXAS","MUROS DE ARRIMO"]
[93969,"EXECUÇÃO DE GRAMPO PARA SOLO GRAMPEADO COM COMPRIMENTO MAIOR QUE 6 M E MENOR OU IGUAL A 8 M, DIÂMETRO DE 7 CM, PERFURAÇÃO COM EQUIPAMENTO MANUAL E ARMADURA COM DIÂMETRO DE 20 MM. AF_05/2016","M",145.36000000000001,"SINAPI","DRENAGEM/OBRAS DE CONTENCAO/POCOS DE VISITA E CAIXAS","MUROS DE ARRIMO"]
[93970,"EXECUÇÃO DE GRAMPO PARA SOLO GRAMPEADO COM COMPRIMENTO MAIOR QUE 8 MENOR OU IGUAL A 10 M, DIÂMETRO DE 7 CM, PERFURAÇÃO COM EQUIPAMENTO MANUAL E ARMADURA COM DIÂMETRO DE 20 MM. AF_05/2016","M",139.88999999999999,"SINAPI","DRENAGEM/OBRAS DE CONTENCAO/POCOS DE VISITA E CAIXAS","MUROS DE ARRIMO"]
[93971,"EXECUÇÃO DE GRAMPO PARA SOLO GRAMPEADO COM COMPRIMENTO MAIOR QUE 10 M, DIÂMETRO DE 7 CM, PERFURAÇÃO COM EQUIPAMENTO MANUAL E ARMADURA COM DIÂMETRO DE 20 MM. AF_05/2016","M",131.62,"SINAPI","DRENAGEM/OBRAS DE CONTENCAO/POCOS DE VISITA E CAIXAS","MUROS DE ARRIMO"]
[95108,"EXECUÇÃO DE PROTEÇÃO DA CABEÇA DO TIRANTE COM USO DE FÔRMAS EM CHAPA COMPENSADA PLASTIFICADA DE MADEIRA E CONCRETO FCK =15 MPA. AF_07/2016","UN",24.24,"SINAPI","DRENAGEM/OBRAS DE CONTENCAO/POCOS DE VISITA E CAIXAS","MUROS DE ARRIMO"]
[83690,"DISSIPADOR DE ENERGIA EM PEDRA ARGAMASSADA ESPESSURA 6CM INCL MATERIAIS E COLOCACAO MEDIDO P/ VOLUME DE PEDRA ARGAMASSADA","M3",529.24,"SINAPI","DRENAGEM/OBRAS DE CONTENCAO/POCOS DE VISITA E CAIXAS","CALHAS DE DRENAGEM/ALAS DE GALERIAS (ESTRUT. DE LANCAMENTO)"]
["73799/1","GRELHA EM FERRO FUNDIDO SIMPLES COM REQUADRO, CARGA MÁXIMA 12,5 T,  300 X 1000 MM, E = 15 MM, FORNECIDA E ASSENTADA COM ARGAMASSA 1:4 CIMENTO:AREIA.","UN",300.67,"SINAPI","DRENAGEM/OBRAS DE CONTENCAO/POCOS DE VISITA E CAIXAS","POCOS DE VISITA/BOCAS DE LOBO/CX. DE PASSAGEM/CX. DIVERSAS"]
["73856/1","BOCA P/BUEIRO SIMPLES TUBULAR D=0,40M EM CONCRETO CICLOPICO, INCLINDO FORMAS, ESCAVACAO, REATERRO E MATERIAIS, EXCLUINDO MATERIAL REATERRO JAZIDA E TRANSPORTE","UN",676.86,"SINAPI","DRENAGEM/OBRAS DE CONTENCAO/POCOS DE VISITA E CAIXAS","POCOS DE VISITA/BOCAS DE LOBO/CX. DE PASSAGEM/CX. DIVERSAS"]
["73856/2","BOCA PARA BUEIRO SIMPLES TUBULAR, DIAMETRO =0,60M, EM CONCRETO CICLOPICO, INCLUINDO FORMAS, ESCAVACAO, REATERRO E MATERIAIS, EXCLUINDO MATERIAL REATERRO JAZIDA E TRANSPORTE.","UN",1099.5899999999999,"SINAPI","DRENAGEM/OBRAS DE CONTENCAO/POCOS DE VISITA E CAIXAS","POCOS DE VISITA/BOCAS DE LOBO/CX. DE PASSAGEM/CX. DIVERSAS"]
["73856/3","BOCA PARA BUEIRO SIMPLES TUBULAR, DIAMETRO =0,80M, EM CONCRETO CICLOPICO, INCLUINDO FORMAS, ESCAVACAO, REATERRO E MATERIAIS, EXCLUINDO MATERIAL REATERRO JAZIDA E TRANSPORTE.","UN",1636.29,"SINAPI","DRENAGEM/OBRAS DE CONTENCAO/POCOS DE VISITA E CAIXAS","POCOS DE VISITA/BOCAS DE LOBO/CX. DE PASSAGEM/CX. DIVERSAS"]
["73856/4","BOCA PARA BUEIRO SIMPLES TUBULAR, DIAMETRO =1,00M, EM CONCRETO CICLOPICO, INCLUINDO FORMAS, ESCAVACAO, REATERRO E MATERIAIS, EXCLUINDO MATERIAL REATERRO JAZIDA E TRANSPORTE.","UN",2293.7399999999998,"SINAPI","DRENAGEM/OBRAS DE CONTENCAO/POCOS DE VISITA E CAIXAS","POCOS DE VISITA/BOCAS DE LOBO/CX. DE PASSAGEM/CX. DIVERSAS"]
["73856/5","BOCA PARA BUEIRO SIMPLES TUBULAR, DIAMETRO =1,20M, EM CONCRETO CICLOPICO, INCLUINDO FORMAS, ESCAVACAO, REATERRO E MATERIAIS, EXCLUINDO MATERIAL REATERRO JAZIDA E TRANSPORTE.","UN",3077.24,"SINAPI","DRENAGEM/OBRAS DE CONTENCAO/POCOS DE VISITA E CAIXAS","POCOS DE VISITA/BOCAS DE LOBO/CX. DE PASSAGEM/CX. DIVERSAS"]
["73856/6","BOCA PARA BUEIRO DUPLO TUBULAR, DIAMETRO =0,40M, EM CONCRETO CICLOPICO, INCLUINDO FORMAS, ESCAVACAO, REATERRO E MATERIAIS, EXCLUINDO MATERIAL REATERRO JAZIDA E TRANSPORTE.","UN",950.02,"SINAPI","DRENAGEM/OBRAS DE CONTENCAO/POCOS DE VISITA E CAIXAS","POCOS DE VISITA/BOCAS DE LOBO/CX. DE PASSAGEM/CX. DIVERSAS"]
["73856/7","BOCA PARA BUEIRO DUPLO TUBULAR, DIAMETRO =0,60M, EM CONCRETO CICLOPICO, INCLUINDO FORMAS, ESCAVACAO, REATERRO E MATERIAIS, EXCLUINDO MATERIAL REATERRO JAZIDA E TRANSPORTE.","UN",1553.24,"SINAPI","DRENAGEM/OBRAS DE CONTENCAO/POCOS DE VISITA E CAIXAS","POCOS DE VISITA/BOCAS DE LOBO/CX. DE PASSAGEM/CX. DIVERSAS"]
["73856/8","BOCA PARA BUEIRO DUPLO TUBULAR, DIAMETRO =0,80M, EM CONCRETO CICLOPICO, INCLUINDO FORMAS, ESCAVACAO, REATERRO E MATERIAIS, EXCLUINDO MATERIAL REATERRO JAZIDA E TRANSPORTE.","UN",2316.92,"SINAPI","DRENAGEM/OBRAS DE CONTENCAO/POCOS DE VISITA E CAIXAS","POCOS DE VISITA/BOCAS DE LOBO/CX. DE PASSAGEM/CX. DIVERSAS"]
["73856/9","BOCA PARA BUEIRO DUPLO TUBULAR, DIAMETRO =1,00M, EM CONCRETO CICLOPICO, INCLUINDO FORMAS, ESCAVACAO, REATERRO E MATERIAIS, EXCLUINDO MATERIAL REATERRO JAZIDA E TRANSPORTE.","UN",2953.28,"SINAPI","DRENAGEM/OBRAS DE CONTENCAO/POCOS DE VISITA E CAIXAS","POCOS DE VISITA/BOCAS DE LOBO/CX. DE PASSAGEM/CX. DIVERSAS"]
["73856/10","BOCA PARA BUEIRO DUPLOTUBULAR, DIAMETRO =1,20M, EM CONCRETO CICLOPICO, INCLUINDO FORMAS, ESCAVACAO, REATERRO E MATERIAIS, EXCLUINDO MATERIAL REATERRO JAZIDA E TRANSPORTE.","UN",4355.12,"SINAPI","DRENAGEM/OBRAS DE CONTENCAO/POCOS DE VISITA E CAIXAS","POCOS DE VISITA/BOCAS DE LOBO/CX. DE PASSAGEM/CX. DIVERSAS"]
["73856/11","BOCA PARA BUEIRO TRIPLO TUBULAR, DIAMETRO =0,40M, EM CONCRETO CICLOPICO, INCLUINDO FORMAS, ESCAVACAO, REATERRO E MATERIAIS, EXCLUINDO MATERIAL REATERRO JAZIDA E TRANSPORTE.","UN",1222.75,"SINAPI","DRENAGEM/OBRAS DE CONTENCAO/POCOS DE VISITA E CAIXAS","POCOS DE VISITA/BOCAS DE LOBO/CX. DE PASSAGEM/CX. DIVERSAS"]
["73856/12","BOCA PARA BUEIRO TRIPLO TUBULAR, DIAMETRO =0,60M, EM CONCRETO CICLOPICO, INCLUINDO FORMAS, ESCAVACAO, REATERRO E MATERIAIS, EXCLUINDO MATERIAL REATERRO JAZIDA E TRANSPORTE.","UN",2006.42,"SINAPI","DRENAGEM/OBRAS DE CONTENCAO/POCOS DE VISITA E CAIXAS","POCOS DE VISITA/BOCAS DE LOBO/CX. DE PASSAGEM/CX. DIVERSAS"]
["73856/13","BOCA PARA BUEIRO TRIPLO TUBULAR, DIAMETRO =0,80M, EM CONCRETO CICLOPICO, INCLUINDO FORMAS, ESCAVACAO, REATERRO E MATERIAIS, EXCLUINDO MATERIAL REATERRO JAZIDA E TRANSPORTE.","UN",2997.16,"SINAPI","DRENAGEM/OBRAS DE CONTENCAO/POCOS DE VISITA E CAIXAS","POCOS DE VISITA/BOCAS DE LOBO/CX. DE PASSAGEM/CX. DIVERSAS"]
["73856/14","BOCA PARA BUEIRO TRIPLO TUBULAR, DIAMETRO =1,00M, EM CONCRETO CICLOPICO, INCLUINDO FORMAS, ESCAVACAO, REATERRO E MATERIAIS, EXCLUINDO MATERIAL REATERRO JAZIDA E TRANSPORTE.","UN",4203.3500000000004,"SINAPI","DRENAGEM/OBRAS DE CONTENCAO/POCOS DE VISITA E CAIXAS","POCOS DE VISITA/BOCAS DE LOBO/CX. DE PASSAGEM/CX. DIVERSAS"]
["73856/15","BOCA PARA BUEIRO TRIPLO TUBULAR, DIAMETRO =1,20M, EM CONCRETO CICLOPICO, INCLUINDO FORMAS, ESCAVACAO, REATERRO E MATERIAIS, EXCLUINDO MATERIAL REATERRO JAZIDA E TRANSPORTE.","UN",5633.09,"SINAPI","DRENAGEM/OBRAS DE CONTENCAO/POCOS DE VISITA E CAIXAS","POCOS DE VISITA/BOCAS DE LOBO/CX. DE PASSAGEM/CX. DIVERSAS"]
["74224/1","POCO DE VISITA PARA DRENAGEM PLUVIAL, EM CONCRETO ESTRUTURAL, DIMENSOES INTERNAS DE 90X150X80CM (LARGXCOMPXALT), PARA REDE DE 600 MM, EXCLUSOS TAMPAO E CHAMINE.","UN",1536.81,"SINAPI","DRENAGEM/OBRAS DE CONTENCAO/POCOS DE VISITA E CAIXAS","POCOS DE VISITA/BOCAS DE LOBO/CX. DE PASSAGEM/CX. DIVERSAS"]
[83659,"BOCA DE LOBO EM ALVENARIA TIJOLO MACICO, REVESTIDA C/ ARGAMASSA DE CIMENTO E AREIA 1:3, SOBRE LASTRO DE CONCRETO 10CM E TAMPA DE CONCRETO ARMADO","UN",793.28,"SINAPI","DRENAGEM/OBRAS DE CONTENCAO/POCOS DE VISITA E CAIXAS","POCOS DE VISITA/BOCAS DE LOBO/CX. DE PASSAGEM/CX. DIVERSAS"]
[83716,"GRELHA FF 30X90CM, 135KG, P/ CX RALO COM ASSENTAMENTO DE ARGAMASSA CIMENTO/AREIA 1:4 - FORNECIMENTO E INSTALAÇÃO","UN",299.82,"SINAPI","DRENAGEM/OBRAS DE CONTENCAO/POCOS DE VISITA E CAIXAS","POCOS DE VISITA/BOCAS DE LOBO/CX. DE PASSAGEM/CX. DIVERSAS"]
[97976,"POÇO DE INSPEÇÃO CIRCULAR PARA ESGOTO, EM ALVENARIA COM TIJOLOS CERÂMICOS MACIÇOS, DIÂMETRO INTERNO = 0,6 M, PROFUNDIDADE = 1 M, EXCLUINDO TAMPÃO. AF_05/2018","UN",878.51,"SINAPI","DRENAGEM/OBRAS DE CONTENCAO/POCOS DE VISITA E CAIXAS","POCOS DE VISITA/BOCAS DE LOBO/CX. DE PASSAGEM/CX. DIVERSAS"]
[97977,"POÇO DE INSPEÇÃO CIRCULAR PARA ESGOTO, EM ALVENARIA COM TIJOLOS CERÂMICOS MACIÇOS, DIÂMETRO INTERNO = 0,6 M, PROFUNDIDADE = 1,5 M, EXCLUINDO TAMPÃO. AF_05/2018","UN",1271.8499999999999,"SINAPI","DRENAGEM/OBRAS DE CONTENCAO/POCOS DE VISITA E CAIXAS","POCOS DE VISITA/BOCAS DE LOBO/CX. DE PASSAGEM/CX. DIVERSAS"]
[97980,"BASE PARA POÇO DE VISITA CIRCULAR PARA  ESGOTO, EM ALVENARIA COM TIJOLOS CERÂMICOS MACIÇOS, DIÂMETRO INTERNO = 0,8 M, PROFUNDIDADE = 1,45 M, EXCLUINDO TAMPÃO. AF_05/2018","UN",1635.94,"SINAPI","DRENAGEM/OBRAS DE CONTENCAO/POCOS DE VISITA E CAIXAS","POCOS DE VISITA/BOCAS DE LOBO/CX. DE PASSAGEM/CX. DIVERSAS"]
[97981,"ACRÉSCIMO PARA POÇO DE VISITA CIRCULAR PARA ESGOTO, EM ALVENARIA COM TIJOLOS CERÂMICOS MACIÇOS, DIÂMETRO INTERNO = 0,8 M. AF_05/2018","M",968.34,"SINAPI","DRENAGEM/OBRAS DE CONTENCAO/POCOS DE VISITA E CAIXAS","POCOS DE VISITA/BOCAS DE LOBO/CX. DE PASSAGEM/CX. DIVERSAS"]
[97983,"ACRÉSCIMO PARA POÇO DE VISITA CIRCULAR PARA ESGOTO, EM CONCRETO PRÉ-MOLDADO, DIÂMETRO INTERNO = 1 M. AF_05/2018","M",328.21,"SINAPI","DRENAGEM/OBRAS DE CONTENCAO/POCOS DE VISITA E CAIXAS","POCOS DE VISITA/BOCAS DE LOBO/CX. DE PASSAGEM/CX. DIVERSAS"]
[97985,"ACRÉSCIMO PARA POÇO DE VISITA CIRCULAR PARA  ESGOTO, EM ALVENARIA COM TIJOLOS CERÂMICOS MACIÇOS, DIÂMETRO INTERNO = 1 M. AF_05/2018","M",1173.3599999999999,"SINAPI","DRENAGEM/OBRAS DE CONTENCAO/POCOS DE VISITA E CAIXAS","POCOS DE VISITA/BOCAS DE LOBO/CX. DE PASSAGEM/CX. DIVERSAS"]
[97987,"ACRÉSCIMO PARA POÇO DE VISITA CIRCULAR PARA ESGOTO, EM CONCRETO PRÉ-MOLDADO, DIÂMETRO INTERNO = 1,2 M. AF_05/2018","M",369.13,"SINAPI","DRENAGEM/OBRAS DE CONTENCAO/POCOS DE VISITA E CAIXAS","POCOS DE VISITA/BOCAS DE LOBO/CX. DE PASSAGEM/CX. DIVERSAS"]
[97988,"BASE PARA POÇO DE VISITA CIRCULAR PARA  ESGOTO, EM ALVENARIA COM TIJOLOS CERÂMICOS MACIÇOS, DIÂMETRO INTERNO = 1,2 M, PROFUNDIDADE = 1,45 M, EXCLUINDO TAMPÃO. AF_05/2018","UN",2366.37,"SINAPI","DRENAGEM/OBRAS DE CONTENCAO/POCOS DE VISITA E CAIXAS","POCOS DE VISITA/BOCAS DE LOBO/CX. DE PASSAGEM/CX. DIVERSAS"]
[97989,"ACRÉSCIMO PARA POÇO DE VISITA CIRCULAR PARA ESGOTO, EM ALVENARIA COM TIJOLOS CERÂMICOS MACIÇOS, DIÂMETRO INTERNO = 1,2 M. AF_05/2018","M",1378.41,"SINAPI","DRENAGEM/OBRAS DE CONTENCAO/POCOS DE VISITA E CAIXAS","POCOS DE VISITA/BOCAS DE LOBO/CX. DE PASSAGEM/CX. DIVERSAS"]
[97991,"ACRÉSCIMO PARA POÇO DE VISITA CIRCULAR PARA  ESGOTO, EM CONCRETO PRÉ-MOLDADO, DIÂMETRO INTERNO = 1,5 M. AF_05/2018","M",572.77,"SINAPI","DRENAGEM/OBRAS DE CONTENCAO/POCOS DE VISITA E CAIXAS","POCOS DE VISITA/BOCAS DE LOBO/CX. DE PASSAGEM/CX. DIVERSAS"]
[97992,"BASE PARA POÇO DE VISITA CIRCULAR PARA  ESGOTO, EM ALVENARIA COM TIJOLOS CERÂMICOS MACIÇOS, DIÂMETRO INTERNO = 1,5 M, PROFUNDIDADE = 1,45 M, EXCLUINDO TAMPÃO. AF_05/2018","UN",3000.56,"SINAPI","DRENAGEM/OBRAS DE CONTENCAO/POCOS DE VISITA E CAIXAS","POCOS DE VISITA/BOCAS DE LOBO/CX. DE PASSAGEM/CX. DIVERSAS"]
[97993,"ACRÉSCIMO PARA POÇO DE VISITA CIRCULAR PARA  ESGOTO, EM ALVENARIA COM TIJOLOS CERÂMICOS MACIÇOS, DIÂMETRO INTERNO = 1,5 M. AF_05/2018","M",1685.94,"SINAPI","DRENAGEM/OBRAS DE CONTENCAO/POCOS DE VISITA E CAIXAS","POCOS DE VISITA/BOCAS DE LOBO/CX. DE PASSAGEM/CX. DIVERSAS"]
[97994,"BASE PARA POÇO DE VISITA RETANGULAR PARA  ESGOTO, EM ALVENARIA COM BLOCOS DE CONCRETO, DIMENSÕES INTERNAS = 1X1 M, PROFUNDIDADE = 1,45 M, EXCLUINDO TAMPÃO. AF_05/2018","UN",2108.36,"SINAPI","DRENAGEM/OBRAS DE CONTENCAO/POCOS DE VISITA E CAIXAS","POCOS DE VISITA/BOCAS DE LOBO/CX. DE PASSAGEM/CX. DIVERSAS"]
[97995,"ACRÉSCIMO PARA POÇO DE VISITA RETANGULAR PARA ESGOTO, EM ALVENARIA COM BLOCOS DE CONCRETO, DIMENSÕES INTERNAS = 1X1 M. AF_05/2018","M",1099.83,"SINAPI","DRENAGEM/OBRAS DE CONTENCAO/POCOS DE VISITA E CAIXAS","POCOS DE VISITA/BOCAS DE LOBO/CX. DE PASSAGEM/CX. DIVERSAS"]
[97996,"BASE PARA POÇO DE VISITA RETANGULAR PARA ESGOTO, EM ALVENARIA COM BLOCOS DE CONCRETO, DIMENSÕES INTERNAS = 1X1,5 M, PROFUNDIDADE = 1,45 M, EXCLUINDO TAMPÃO. AF_05/2018","UN",2661.33,"SINAPI","DRENAGEM/OBRAS DE CONTENCAO/POCOS DE VISITA E CAIXAS","POCOS DE VISITA/BOCAS DE LOBO/CX. DE PASSAGEM/CX. DIVERSAS"]
[97997,"ACRÉSCIMO PARA POÇO DE VISITA RETANGULAR PARA ESGOTO, EM ALVENARIA COM BLOCOS DE CONCRETO, DIMENSÕES INTERNAS = 1X1,5 M. AF_05/2018","M",1317.72,"SINAPI","DRENAGEM/OBRAS DE CONTENCAO/POCOS DE VISITA E CAIXAS","POCOS DE VISITA/BOCAS DE LOBO/CX. DE PASSAGEM/CX. DIVERSAS"]
[97999,"ACRÉSCIMO PARA POÇO DE VISITA RETANGULAR PARA ESGOTO, EM ALVENARIA COM BLOCOS DE CONCRETO, DIMENSÕES INTERNAS = 1X2 M. AF_05/2018","M",1535.63,"SINAPI","DRENAGEM/OBRAS DE CONTENCAO/POCOS DE VISITA E CAIXAS","POCOS DE VISITA/BOCAS DE LOBO/CX. DE PASSAGEM/CX. DIVERSAS"]
[98001,"ACRÉSCIMO PARA POÇO DE VISITA RETANGULAR PARA ESGOTO, EM ALVENARIA COM BLOCOS DE CONCRETO, DIMENSÕES INTERNAS = 1X2,5 M. AF_05/2018","M",1753.53,"SINAPI","DRENAGEM/OBRAS DE CONTENCAO/POCOS DE VISITA E CAIXAS","POCOS DE VISITA/BOCAS DE LOBO/CX. DE PASSAGEM/CX. DIVERSAS"]
[98002,"BASE PARA POÇO DE VISITA RETANGULAR PARA ESGOTO, EM ALVENARIA COM BLOCOS DE CONCRETO, DIMENSÕES INTERNAS = 1X3 M, PROFUNDIDADE = 1,45 M, EXCLUINDO TAMPÃO. AF_05/2018","UN",4345.0600000000004,"SINAPI","DRENAGEM/OBRAS DE CONTENCAO/POCOS DE VISITA E CAIXAS","POCOS DE VISITA/BOCAS DE LOBO/CX. DE PASSAGEM/CX. DIVERSAS"]
[98003,"ACRÉSCIMO PARA POÇO DE VISITA RETANGULAR PARA ESGOTO, EM ALVENARIA COM BLOCOS DE CONCRETO, DIMENSÕES INTERNAS = 1X3 M. AF_05/2018","M",1971.49,"SINAPI","DRENAGEM/OBRAS DE CONTENCAO/POCOS DE VISITA E CAIXAS","POCOS DE VISITA/BOCAS DE LOBO/CX. DE PASSAGEM/CX. DIVERSAS"]
[98005,"ACRÉSCIMO PARA POÇO DE VISITA RETANGULAR PARA ESGOTO, EM ALVENARIA COM BLOCOS DE CONCRETO, DIMENSÕES INTERNAS = 1X3,5 M. AF_05/2018","M",2189.39,"SINAPI","DRENAGEM/OBRAS DE CONTENCAO/POCOS DE VISITA E CAIXAS","POCOS DE VISITA/BOCAS DE LOBO/CX. DE PASSAGEM/CX. DIVERSAS"]
[98006,"BASE PARA POÇO DE VISITA RETANGULAR PARA ESGOTO, EM ALVENARIA COM BLOCOS DE CONCRETO, DIMENSÕES INTERNAS = 1X4 M, PROFUNDIDADE = 1,45 M, EXCLUINDO TAMPÃO. AF_05/2018","UN",5457.19,"SINAPI","DRENAGEM/OBRAS DE CONTENCAO/POCOS DE VISITA E CAIXAS","POCOS DE VISITA/BOCAS DE LOBO/CX. DE PASSAGEM/CX. DIVERSAS"]
[98007,"ACRÉSCIMO PARA POÇO DE VISITA RETANGULAR PARA ESGOTO, EM ALVENARIA COM BLOCOS DE CONCRETO, DIMENSÕES INTERNAS = 1X4 M. AF_05/2018","M",2407.29,"SINAPI","DRENAGEM/OBRAS DE CONTENCAO/POCOS DE VISITA E CAIXAS","POCOS DE VISITA/BOCAS DE LOBO/CX. DE PASSAGEM/CX. DIVERSAS"]
[98008,"BASE PARA POÇO DE VISITA RETANGULAR PARA ESGOTO, EM ALVENARIA COM BLOCOS DE CONCRETO, DIMENSÕES INTERNAS = 1,5X1,5 M, PROFUNDIDADE = 1,45 M, EXCLUINDO TAMPÃO . AF_05/2018","UN",3289.25,"SINAPI","DRENAGEM/OBRAS DE CONTENCAO/POCOS DE VISITA E CAIXAS","POCOS DE VISITA/BOCAS DE LOBO/CX. DE PASSAGEM/CX. DIVERSAS"]
[98009,"ACRÉSCIMO PARA POÇO DE VISITA RETANGULAR PARA ESGOTO, EM ALVENARIA COM BLOCOS DE CONCRETO, DIMENSÕES INTERNAS = 1,5X1,5 M. AF_05/2018","M",1535.63,"SINAPI","DRENAGEM/OBRAS DE CONTENCAO/POCOS DE VISITA E CAIXAS","POCOS DE VISITA/BOCAS DE LOBO/CX. DE PASSAGEM/CX. DIVERSAS"]
[98010,"BASE PARA POÇO DE VISITA RETANGULAR PARA ESGOTO, EM ALVENARIA COM BLOCOS DE CONCRETO, DIMENSÕES INTERNAS = 1,5X2 M, PROFUNDIDADE = 1,45 M, EXCLUINDO TAMPÃO. AF_05/2018","UN",4002.64,"SINAPI","DRENAGEM/OBRAS DE CONTENCAO/POCOS DE VISITA E CAIXAS","POCOS DE VISITA/BOCAS DE LOBO/CX. DE PASSAGEM/CX. DIVERSAS"]
[98011,"ACRÉSCIMO PARA POÇO DE VISITA RETANGULAR PARA ESGOTO, EM ALVENARIA COM BLOCOS DE CONCRETO, DIMENSÕES INTERNAS = 1,5X2 M. AF_05/2018","M",1753.53,"SINAPI","DRENAGEM/OBRAS DE CONTENCAO/POCOS DE VISITA E CAIXAS","POCOS DE VISITA/BOCAS DE LOBO/CX. DE PASSAGEM/CX. DIVERSAS"]
[98012,"BASE PARA POÇO DE VISITA RETANGULAR PARA ESGOTO, EM ALVENARIA COM BLOCOS DE CONCRETO, DIMENSÕES INTERNAS = 1,5X2,5 M, PROFUNDIDADE = 1,45 M, EXCLUINDO TAMPÃO. AF_05/2018","UN",4696.3900000000003,"SINAPI","DRENAGEM/OBRAS DE CONTENCAO/POCOS DE VISITA E CAIXAS","POCOS DE VISITA/BOCAS DE LOBO/CX. DE PASSAGEM/CX. DIVERSAS"]
[98013,"ACRÉSCIMO PARA POÇO DE VISITA RETANGULAR PARA ESGOTO, EM ALVENARIA COM BLOCOS DE CONCRETO, DIMENSÕES INTERNAS = 1,5X2,5 M. AF_05/2018","M",1971.49,"SINAPI","DRENAGEM/OBRAS DE CONTENCAO/POCOS DE VISITA E CAIXAS","POCOS DE VISITA/BOCAS DE LOBO/CX. DE PASSAGEM/CX. DIVERSAS"]
[98014,"BASE PARA POÇO DE VISITA RETANGULAR PARA ESGOTO, EM ALVENARIA COM BLOCOS DE CONCRETO, DIMENSÕES INTERNAS = 1,5X3 M, PROFUNDIDADE = 1,45 M, EXCLUINDO TAMPÃO. AF_05/2018","UN",5390.02,"SINAPI","DRENAGEM/OBRAS DE CONTENCAO/POCOS DE VISITA E CAIXAS","POCOS DE VISITA/BOCAS DE LOBO/CX. DE PASSAGEM/CX. DIVERSAS"]
[98015,"ACRÉSCIMO PARA POÇO DE VISITA RETANGULAR PARA ESGOTO, EM ALVENARIA COM BLOCOS DE CONCRETO, DIMENSÕES INTERNAS = 1,5X3 M. AF_05/2018","M",2189.39,"SINAPI","DRENAGEM/OBRAS DE CONTENCAO/POCOS DE VISITA E CAIXAS","POCOS DE VISITA/BOCAS DE LOBO/CX. DE PASSAGEM/CX. DIVERSAS"]
[98016,"BASE PARA POÇO DE VISITA RETANGULAR PARA ESGOTO, EM ALVENARIA COM BLOCOS DE CONCRETO, DIMENSÕES INTERNAS = 1,5X3,5 M, PROFUNDIDADE = 1,45 M, EXCLUINDO TAMPÃO. AF_05/2018","UN",6083.75,"SINAPI","DRENAGEM/OBRAS DE CONTENCAO/POCOS DE VISITA E CAIXAS","POCOS DE VISITA/BOCAS DE LOBO/CX. DE PASSAGEM/CX. DIVERSAS"]
[98017,"ACRÉSCIMO PARA POÇO DE VISITA RETANGULAR PARA ESGOTO, EM ALVENARIA COM BLOCOS DE CONCRETO, DIMENSÕES INTERNAS = 1,5X3,5 M. AF_05/2018","M",2407.29,"SINAPI","DRENAGEM/OBRAS DE CONTENCAO/POCOS DE VISITA E CAIXAS","POCOS DE VISITA/BOCAS DE LOBO/CX. DE PASSAGEM/CX. DIVERSAS"]
[98018,"BASE PARA POÇO DE VISITA RETANGULAR PARA ESGOTO, EM ALVENARIA COM BLOCOS DE CONCRETO, DIMENSÕES INTERNAS = 1,5X4 M, PROFUNDIDADE = 1,45 M, EXCLUINDO TAMPÃO. AF_05/2018","UN",6777.49,"SINAPI","DRENAGEM/OBRAS DE CONTENCAO/POCOS DE VISITA E CAIXAS","POCOS DE VISITA/BOCAS DE LOBO/CX. DE PASSAGEM/CX. DIVERSAS"]
[98019,"ACRÉSCIMO PARA POÇO DE VISITA RETANGULAR PARA ESGOTO, EM ALVENARIA COM BLOCOS DE CONCRETO, DIMENSÕES INTERNAS = 1,5X4 M. AF_05/2018","M",2652.79,"SINAPI","DRENAGEM/OBRAS DE CONTENCAO/POCOS DE VISITA E CAIXAS","POCOS DE VISITA/BOCAS DE LOBO/CX. DE PASSAGEM/CX. DIVERSAS"]
[98020,"BASE PARA POÇO DE VISITA RETANGULAR PARA ESGOTO, EM ALVENARIA COM BLOCOS DE CONCRETO, DIMENSÕES INTERNAS = 2X2 M, PROFUNDIDADE = 1,45 M, EXCLUINDO TAMPÃO. AF_05/2018","UN",4838.26,"SINAPI","DRENAGEM/OBRAS DE CONTENCAO/POCOS DE VISITA E CAIXAS","POCOS DE VISITA/BOCAS DE LOBO/CX. DE PASSAGEM/CX. DIVERSAS"]
[98021,"ACRÉSCIMO PARA POÇO DE VISITA RETANGULAR PARA ESGOTO, EM ALVENARIA COM BLOCOS DE CONCRETO, DIMENSÕES INTERNAS = 2X2 M. AF_05/2018","M",1999.05,"SINAPI","DRENAGEM/OBRAS DE CONTENCAO/POCOS DE VISITA E CAIXAS","POCOS DE VISITA/BOCAS DE LOBO/CX. DE PASSAGEM/CX. DIVERSAS"]
[98022,"BASE PARA POÇO DE VISITA RETANGULAR PARA ESGOTO, EM ALVENARIA COM BLOCOS DE CONCRETO, DIMENSÕES INTERNAS = 2X2,5 M, PROFUNDIDADE = 1,45 M, EXCLUINDO TAMPÃO. AF_05/2018","UN",5662.1,"SINAPI","DRENAGEM/OBRAS DE CONTENCAO/POCOS DE VISITA E CAIXAS","POCOS DE VISITA/BOCAS DE LOBO/CX. DE PASSAGEM/CX. DIVERSAS"]
[98023,"ACRÉSCIMO PARA POÇO DE VISITA RETANGULAR PARA ESGOTO, EM ALVENARIA COM BLOCOS DE CONCRETO, DIMENSÕES INTERNAS = 2X2,5 M. AF_05/2018","M",2216.96,"SINAPI","DRENAGEM/OBRAS DE CONTENCAO/POCOS DE VISITA E CAIXAS","POCOS DE VISITA/BOCAS DE LOBO/CX. DE PASSAGEM/CX. DIVERSAS"]
[98024,"BASE PARA POÇO DE VISITA RETANGULAR PARA ESGOTO, EM ALVENARIA COM BLOCOS DE CONCRETO, DIMENSÕES INTERNAS = 2X3 M, PROFUNDIDADE = 1,45 M, EXCLUINDO TAMPÃO. AF_05/2018","UN",6530.78,"SINAPI","DRENAGEM/OBRAS DE CONTENCAO/POCOS DE VISITA E CAIXAS","POCOS DE VISITA/BOCAS DE LOBO/CX. DE PASSAGEM/CX. DIVERSAS"]
[98025,"ACRÉSCIMO PARA POÇO DE VISITA RETANGULAR PARA ESGOTO, EM ALVENARIA COM BLOCOS DE CONCRETO, DIMENSÕES INTERNAS = 2X3 M. AF_05/2018","M",2434.84,"SINAPI","DRENAGEM/OBRAS DE CONTENCAO/POCOS DE VISITA E CAIXAS","POCOS DE VISITA/BOCAS DE LOBO/CX. DE PASSAGEM/CX. DIVERSAS"]
[98026,"BASE PARA POÇO DE VISITA RETANGULAR PARA ESGOTO, EM ALVENARIA COM BLOCOS DE CONCRETO, DIMENSÕES INTERNAS = 2X3,5 M, PROFUNDIDADE = 1,45 M, EXCLUINDO TAMPÃO. AF_05/2018","UN",7360.17,"SINAPI","DRENAGEM/OBRAS DE CONTENCAO/POCOS DE VISITA E CAIXAS","POCOS DE VISITA/BOCAS DE LOBO/CX. DE PASSAGEM/CX. DIVERSAS"]
[98027,"ACRÉSCIMO PARA POÇO DE VISITA RETANGULAR PARA ESGOTO, EM ALVENARIA COM BLOCOS DE CONCRETO, DIMENSÕES INTERNAS = 2X3,5 M. AF_05/2018","M",2652.79,"SINAPI","DRENAGEM/OBRAS DE CONTENCAO/POCOS DE VISITA E CAIXAS","POCOS DE VISITA/BOCAS DE LOBO/CX. DE PASSAGEM/CX. DIVERSAS"]
[98028,"BASE PARA POÇO DE VISITA RETANGULAR PARA ESGOTO, EM ALVENARIA COM BLOCOS DE CONCRETO, DIMENSÕES INTERNAS = 2X4 M, PROFUNDIDADE = 1,45 M, EXCLUINDO TAMPÃO. AF_05/2018","UN",8189.55,"SINAPI","DRENAGEM/OBRAS DE CONTENCAO/POCOS DE VISITA E CAIXAS","POCOS DE VISITA/BOCAS DE LOBO/CX. DE PASSAGEM/CX. DIVERSAS"]
[98029,"ACRÉSCIMO PARA POÇO DE VISITA RETANGULAR PARA ESGOTO, EM ALVENARIA COM BLOCOS DE CONCRETO, DIMENSÕES INTERNAS = 2X4 M. AF_05/2018","M",2876.36,"SINAPI","DRENAGEM/OBRAS DE CONTENCAO/POCOS DE VISITA E CAIXAS","POCOS DE VISITA/BOCAS DE LOBO/CX. DE PASSAGEM/CX. DIVERSAS"]
[98030,"BASE PARA POÇO DE VISITA RETANGULAR PARA ESGOTO, EM ALVENARIA COM BLOCOS DE CONCRETO, DIMENSÕES INTERNAS = 2,5X2,5 M, PROFUNDIDADE = 1,45 M, EXCLUINDO TAMPÃO. AF_05/2018","UN",6683.88,"SINAPI","DRENAGEM/OBRAS DE CONTENCAO/POCOS DE VISITA E CAIXAS","POCOS DE VISITA/BOCAS DE LOBO/CX. DE PASSAGEM/CX. DIVERSAS"]
[98031,"ACRÉSCIMO PARA POÇO DE VISITA RETANGULAR PARA ESGOTO, EM ALVENARIA COM BLOCOS DE CONCRETO, DIMENSÕES INTERNAS = 2,5X2,5 M. AF_05/2018","M",2440.6,"SINAPI","DRENAGEM/OBRAS DE CONTENCAO/POCOS DE VISITA E CAIXAS","POCOS DE VISITA/BOCAS DE LOBO/CX. DE PASSAGEM/CX. DIVERSAS"]
[98032,"BASE PARA POÇO DE VISITA RETANGULAR PARA ESGOTO, EM ALVENARIA COM BLOCOS DE CONCRETO, DIMENSÕES INTERNAS = 2,5X3 M, PROFUNDIDADE = 1,45 M, EXCLUINDO TAMPÃO. AF_05/2018","UN",7680.79,"SINAPI","DRENAGEM/OBRAS DE CONTENCAO/POCOS DE VISITA E CAIXAS","POCOS DE VISITA/BOCAS DE LOBO/CX. DE PASSAGEM/CX. DIVERSAS"]
[98033,"ACRÉSCIMO PARA POÇO DE VISITA RETANGULAR PARA ESGOTO, EM ALVENARIA COM BLOCOS DE CONCRETO, DIMENSÕES INTERNAS = 2,5X3 M. AF_05/2018","M",2658.54,"SINAPI","DRENAGEM/OBRAS DE CONTENCAO/POCOS DE VISITA E CAIXAS","POCOS DE VISITA/BOCAS DE LOBO/CX. DE PASSAGEM/CX. DIVERSAS"]
[98034,"BASE PARA POÇO DE VISITA RETANGULAR PARA ESGOTO, EM ALVENARIA COM BLOCOS DE CONCRETO, DIMENSÕES INTERNAS = 2,5X3,5 M, PROFUNDIDADE = 1,45 M, EXCLUINDO TAMPÃO. AF_05/2018","UN",8677.66,"SINAPI","DRENAGEM/OBRAS DE CONTENCAO/POCOS DE VISITA E CAIXAS","POCOS DE VISITA/BOCAS DE LOBO/CX. DE PASSAGEM/CX. DIVERSAS"]
[98035,"ACRÉSCIMO PARA POÇO DE VISITA RETANGULAR PARA ESGOTO, EM ALVENARIA COM BLOCOS DE CONCRETO, DIMENSÕES INTERNAS = 2,5X3,5 M. AF_05/2018","M",2876.36,"SINAPI","DRENAGEM/OBRAS DE CONTENCAO/POCOS DE VISITA E CAIXAS","POCOS DE VISITA/BOCAS DE LOBO/CX. DE PASSAGEM/CX. DIVERSAS"]
[98036,"BASE PARA POÇO DE VISITA RETANGULAR PARA ESGOTO, EM ALVENARIA COM BLOCOS DE CONCRETO, DIMENSÕES INTERNAS = 2,5X4 M, PROFUNDIDADE = 1,45 M, EXCLUINDO TAMPÃO. AF_05/2018","UN",9674.58,"SINAPI","DRENAGEM/OBRAS DE CONTENCAO/POCOS DE VISITA E CAIXAS","POCOS DE VISITA/BOCAS DE LOBO/CX. DE PASSAGEM/CX. DIVERSAS"]
[98037,"ACRÉSCIMO PARA POÇO DE VISITA RETANGULAR PARA ESGOTO, EM ALVENARIA COM BLOCOS DE CONCRETO, DIMENSÕES INTERNAS = 2,5X4 M. AF_05/2018","M",3100.03,"SINAPI","DRENAGEM/OBRAS DE CONTENCAO/POCOS DE VISITA E CAIXAS","POCOS DE VISITA/BOCAS DE LOBO/CX. DE PASSAGEM/CX. DIVERSAS"]
[98038,"BASE PARA POÇO DE VISITA RETANGULAR PARA ESGOTO, EM ALVENARIA COM BLOCOS DE CONCRETO, DIMENSÕES INTERNAS = 3X3 M, PROFUNDIDADE = 1,45 M, EXCLUINDO TAMPÃO. AF_05/2018","UN",8875.68,"SINAPI","DRENAGEM/OBRAS DE CONTENCAO/POCOS DE VISITA E CAIXAS","POCOS DE VISITA/BOCAS DE LOBO/CX. DE PASSAGEM/CX. DIVERSAS"]
[98039,"ACRÉSCIMO PARA POÇO DE VISITA RETANGULAR PARA ESGOTO, EM ALVENARIA COM BLOCOS DE CONCRETO, DIMENSÕES INTERNAS = 3X3 M. AF_05/2018","M",2882.12,"SINAPI","DRENAGEM/OBRAS DE CONTENCAO/POCOS DE VISITA E CAIXAS","POCOS DE VISITA/BOCAS DE LOBO/CX. DE PASSAGEM/CX. DIVERSAS"]
[98040,"BASE PARA POÇO DE VISITA RETANGULAR PARA ESGOTO, EM ALVENARIA COM BLOCOS DE CONCRETO, DIMENSÕES INTERNAS = 3X3,5 M, PROFUNDIDADE = 1,45 M, EXCLUINDO TAMPÃO. AF_05/2018","UN",10022.799999999999,"SINAPI","DRENAGEM/OBRAS DE CONTENCAO/POCOS DE VISITA E CAIXAS","POCOS DE VISITA/BOCAS DE LOBO/CX. DE PASSAGEM/CX. DIVERSAS"]
[98041,"ACRÉSCIMO PARA POÇO DE VISITA RETANGULAR PARA ESGOTO, EM ALVENARIA COM BLOCOS DE CONCRETO, DIMENSÕES INTERNAS = 3X3,5 M. AF_05/2018","M",3100.03,"SINAPI","DRENAGEM/OBRAS DE CONTENCAO/POCOS DE VISITA E CAIXAS","POCOS DE VISITA/BOCAS DE LOBO/CX. DE PASSAGEM/CX. DIVERSAS"]
[98042,"BASE PARA POÇO DE VISITA RETANGULAR PARA ESGOTO, EM ALVENARIA COM BLOCOS DE CONCRETO, DIMENSÕES INTERNAS = 3X4 M, PROFUNDIDADE = 1,45 M, EXCLUINDO TAMPÃO. AF_05/2018","UN",11169.94,"SINAPI","DRENAGEM/OBRAS DE CONTENCAO/POCOS DE VISITA E CAIXAS","POCOS DE VISITA/BOCAS DE LOBO/CX. DE PASSAGEM/CX. DIVERSAS"]
[98043,"ACRÉSCIMO PARA POÇO DE VISITA RETANGULAR PARA ESGOTO, EM ALVENARIA COM BLOCOS DE CONCRETO, DIMENSÕES INTERNAS = 3X4 M. AF_05/2018","M",3323.69,"SINAPI","DRENAGEM/OBRAS DE CONTENCAO/POCOS DE VISITA E CAIXAS","POCOS DE VISITA/BOCAS DE LOBO/CX. DE PASSAGEM/CX. DIVERSAS"]
[98044,"BASE PARA POÇO DE VISITA RETANGULAR PARA ESGOTO, EM ALVENARIA COM BLOCOS DE CONCRETO, DIMENSÕES INTERNAS = 3,5X3,5 M, PROFUNDIDADE = 1,45 M, EXCLUINDO TAMPÃO. AF_05/2018","UN",11376.49,"SINAPI","DRENAGEM/OBRAS DE CONTENCAO/POCOS DE VISITA E CAIXAS","POCOS DE VISITA/BOCAS DE LOBO/CX. DE PASSAGEM/CX. DIVERSAS"]
[98045,"ACRÉSCIMO PARA POÇO DE VISITA RETANGULAR PARA ESGOTO, EM ALVENARIA COM BLOCOS DE CONCRETO, DIMENSÕES INTERNAS = 3,5X3,5 M. AF_05/2018","M",3323.69,"SINAPI","DRENAGEM/OBRAS DE CONTENCAO/POCOS DE VISITA E CAIXAS","POCOS DE VISITA/BOCAS DE LOBO/CX. DE PASSAGEM/CX. DIVERSAS"]
[98046,"BASE PARA POÇO DE VISITA RETANGULAR PARA ESGOTO, EM ALVENARIA COM BLOCOS DE CONCRETO, DIMENSÕES INTERNAS = 3,5X4 M, PROFUNDIDADE = 1,45 M, EXCLUINDO TAMPÃO. AF_05/2018","UN",12675.14,"SINAPI","DRENAGEM/OBRAS DE CONTENCAO/POCOS DE VISITA E CAIXAS","POCOS DE VISITA/BOCAS DE LOBO/CX. DE PASSAGEM/CX. DIVERSAS"]
[98047,"ACRÉSCIMO PARA POÇO DE VISITA RETANGULAR PARA ESGOTO, EM ALVENARIA COM BLOCOS DE CONCRETO, DIMENSÕES INTERNAS = 3,5X4 M. AF_05/2018","M",3547.35,"SINAPI","DRENAGEM/OBRAS DE CONTENCAO/POCOS DE VISITA E CAIXAS","POCOS DE VISITA/BOCAS DE LOBO/CX. DE PASSAGEM/CX. DIVERSAS"]
[98048,"BASE PARA POÇO DE VISITA RETANGULAR PARA ESGOTO, EM ALVENARIA COM BLOCOS DE CONCRETO, DIMENSÕES INTERNAS = 4X4 M, PROFUNDIDADE = 1,45 M, EXCLUINDO TAMPÃO. AF_05/2018","UN",14190.31,"SINAPI","DRENAGEM/OBRAS DE CONTENCAO/POCOS DE VISITA E CAIXAS","POCOS DE VISITA/BOCAS DE LOBO/CX. DE PASSAGEM/CX. DIVERSAS"]
[98049,"ACRÉSCIMO PARA POÇO DE VISITA RETANGULAR PARA ESGOTO, EM ALVENARIA COM BLOCOS DE CONCRETO, DIMENSÕES INTERNAS = 4X4 M. AF_05/2018","M",3714.72,"SINAPI","DRENAGEM/OBRAS DE CONTENCAO/POCOS DE VISITA E CAIXAS","POCOS DE VISITA/BOCAS DE LOBO/CX. DE PASSAGEM/CX. DIVERSAS"]
[98050,"CHAMINÉ CIRCULAR PARA POÇO DE VISITA PARA ESGOTO, EM CONCRETO PRÉ-MOLDADO, DIÂMETRO INTERNO = 0,6 M. AF_05/2018","M",176.44,"SINAPI","DRENAGEM/OBRAS DE CONTENCAO/POCOS DE VISITA E CAIXAS","POCOS DE VISITA/BOCAS DE LOBO/CX. DE PASSAGEM/CX. DIVERSAS"]
[98051,"CHAMINÉ CIRCULAR PARA POÇO DE VISITA PARA ESGOTO, EM ALVENARIA COM TIJOLOS CERÂMICOS MACIÇOS, DIÂMETRO INTERNO = 0,6 M. AF_05/2018","M",765.02,"SINAPI","DRENAGEM/OBRAS DE CONTENCAO/POCOS DE VISITA E CAIXAS","POCOS DE VISITA/BOCAS DE LOBO/CX. DE PASSAGEM/CX. DIVERSAS"]
[98405,"BASE PARA POÇO DE VISITA CIRCULAR PARA  ESGOTO, EM ALVENARIA COM TIJOLOS CERÂMICOS MACIÇOS, DIÂMETRO INTERNO = 1 M, PROFUNDIDADE = 1,45 M, EXCLUINDO TAMPÃO. AF_05/2018","UN",2004.38,"SINAPI","DRENAGEM/OBRAS DE CONTENCAO/POCOS DE VISITA E CAIXAS","POCOS DE VISITA/BOCAS DE LOBO/CX. DE PASSAGEM/CX. DIVERSAS"]
[98406,"BASE PARA POÇO DE VISITA RETANGULAR PARA ESGOTO, EM ALVENARIA COM BLOCOS DE CONCRETO, DIMENSÕES INTERNAS = 1X3,5 M, PROFUNDIDADE = 1,45 M, EXCLUINDO TAMPÃO. AF_05/2018","UN",4901.07,"SINAPI","DRENAGEM/OBRAS DE CONTENCAO/POCOS DE VISITA E CAIXAS","POCOS DE VISITA/BOCAS DE LOBO/CX. DE PASSAGEM/CX. DIVERSAS"]
[98407,"BASE PARA POÇO DE VISITA RETANGULAR PARA ESGOTO, EM ALVENARIA COM BLOCOS DE CONCRETO, DIMENSÕES INTERNAS = 1X2 M, PROFUNDIDADE = 1,45 M, EXCLUINDO TAMPÃO. AF_05/2018","UN",3214.23,"SINAPI","DRENAGEM/OBRAS DE CONTENCAO/POCOS DE VISITA E CAIXAS","POCOS DE VISITA/BOCAS DE LOBO/CX. DE PASSAGEM/CX. DIVERSAS"]
[98408,"BASE PARA POÇO DE VISITA RETANGULAR PARA ESGOTO, EM ALVENARIA COM BLOCOS DE CONCRETO, DIMENSÕES INTERNAS = 1X2,5 M, PROFUNDIDADE = 1,45 M, EXCLUINDO TAMPÃO. AF_05/2018","UN",3767.17,"SINAPI","DRENAGEM/OBRAS DE CONTENCAO/POCOS DE VISITA E CAIXAS","POCOS DE VISITA/BOCAS DE LOBO/CX. DE PASSAGEM/CX. DIVERSAS"]
[98409,"ACRÉSCIMO PARA POÇO DE VISITA CIRCULAR PARA ESGOTO, EM CONCRETO PRÉ-MOLDADO, DIÂMETRO INTERNO = 0,8 M. AF_05/2018","M",271.25,"SINAPI","DRENAGEM/OBRAS DE CONTENCAO/POCOS DE VISITA E CAIXAS","POCOS DE VISITA/BOCAS DE LOBO/CX. DE PASSAGEM/CX. DIVERSAS"]
[98414,"BASE PARA POÇO DE VISITA CIRCULAR PARA  ESGOTO, EM CONCRETO PRÉ-MOLDADO, DIÂMETRO INTERNO = 1 M, PROFUNDIDADE = 1,45 M, EXCLUINDO TAMPÃO. AF_05/2018_P","UN",909.49,"SINAPI","DRENAGEM/OBRAS DE CONTENCAO/POCOS DE VISITA E CAIXAS","POCOS DE VISITA/BOCAS DE LOBO/CX. DE PASSAGEM/CX. DIVERSAS"]
[98415,"(COMPOSIÇÃO REPRESENTATIVA) POÇO DE VISITA CIRCULAR PARA ESGOTO, EM CONCRETO PRÉ-MOLDADO, DIÂMETRO INTERNO = 1,0 M, PROFUNDIDADE ATÉ 1,50 M, EXCLUINDO TAMPÃO. AF_04/2018","UN",909.49,"SINAPI","DRENAGEM/OBRAS DE CONTENCAO/POCOS DE VISITA E CAIXAS","POCOS DE VISITA/BOCAS DE LOBO/CX. DE PASSAGEM/CX. DIVERSAS"]
[98416,"(COMPOSIÇÃO REPRESENTATIVA) POÇO DE VISITA CIRCULAR PARA ESGOTO, EM CONCRETO PRÉ-MOLDADO, DIÂMETRO INTERNO = 1,0 M, PROFUNDIDADE DE 1,50 A 2,00 M, EXCLUINDO TAMPÃO. AF_04/2018","UN",1073.5899999999999,"SINAPI","DRENAGEM/OBRAS DE CONTENCAO/POCOS DE VISITA E CAIXAS","POCOS DE VISITA/BOCAS DE LOBO/CX. DE PASSAGEM/CX. DIVERSAS"]
[98417,"(COMPOSIÇÃO REPRESENTATIVA) POÇO DE VISITA CIRCULAR PARA ESGOTO, EM CONCRETO PRÉ-MOLDADO, DIÂMETRO INTERNO = 1,0 M, PROFUNDIDADE DE 2,00 A 2,50 M, EXCLUINDO TAMPÃO. AF_04/2018","UN",1237.7,"SINAPI","DRENAGEM/OBRAS DE CONTENCAO/POCOS DE VISITA E CAIXAS","POCOS DE VISITA/BOCAS DE LOBO/CX. DE PASSAGEM/CX. DIVERSAS"]
[98418,"(COMPOSIÇÃO REPRESENTATIVA) POÇO DE VISITA CIRCULAR PARA ESGOTO, EM CONCRETO PRÉ-MOLDADO, DIÂMETRO INTERNO = 1,0 M, PROFUNDIDADE DE 2,50 A 3,00 M, EXCLUINDO TAMPÃO. AF_04/2018","UN",1325.92,"SINAPI","DRENAGEM/OBRAS DE CONTENCAO/POCOS DE VISITA E CAIXAS","POCOS DE VISITA/BOCAS DE LOBO/CX. DE PASSAGEM/CX. DIVERSAS"]
[98419,"(COMPOSIÇÃO REPRESENTATIVA) POÇO DE VISITA CIRCULAR PARA ESGOTO, EM CONCRETO PRÉ-MOLDADO, DIÂMETRO INTERNO = 1,0 M, PROFUNDIDADE DE 3,00 A 3,50 M, EXCLUINDO TAMPÃO. AF_04/2018","UN",1414.14,"SINAPI","DRENAGEM/OBRAS DE CONTENCAO/POCOS DE VISITA E CAIXAS","POCOS DE VISITA/BOCAS DE LOBO/CX. DE PASSAGEM/CX. DIVERSAS"]
[98420,"(COMPOSIÇÃO REPRESENTATIVA) POÇO DE VISITA CIRCULAR PARA ESGOTO, EM CONCRETO PRÉ-MOLDADO, DIÂMETRO INTERNO = 1,0 M, PROFUNDIDADE ATÉ 1,50 M, INCLUINDO TAMPÃO DE FERRO FUNDIDO, DIÂMETRO DE 60 CM. AF_04/2018","UN",1292.18,"SINAPI","DRENAGEM/OBRAS DE CONTENCAO/POCOS DE VISITA E CAIXAS","POCOS DE VISITA/BOCAS DE LOBO/CX. DE PASSAGEM/CX. DIVERSAS"]
[98421,"(COMPOSIÇÃO REPRESENTATIVA) POÇO DE VISITA CIRCULAR PARA ESGOTO, EM CONCRETO PRÉ-MOLDADO, DIÂMETRO INTERNO = 1,0 M, PROFUNDIDADE DE 1,50 A 2,00 M, INCLUINDO TAMPÃO DE FERRO FUNDIDO, DIÂMETRO DE 60 CM. AF_04/2018","UN",1456.28,"SINAPI","DRENAGEM/OBRAS DE CONTENCAO/POCOS DE VISITA E CAIXAS","POCOS DE VISITA/BOCAS DE LOBO/CX. DE PASSAGEM/CX. DIVERSAS"]
[98422,"(COMPOSIÇÃO REPRESENTATIVA) POÇO DE VISITA CIRCULAR PARA ESGOTO, EM CONCRETO PRÉ-MOLDADO, DIÂMETRO INTERNO = 1,0 M, PROFUNDIDADE DE 2,00 A 2,50 M, INCLUINDO TAMPÃO DE FERRO FUNDIDO, DIÂMETRO DE 60 CM. AF_04/2018","UN",1620.39,"SINAPI","DRENAGEM/OBRAS DE CONTENCAO/POCOS DE VISITA E CAIXAS","POCOS DE VISITA/BOCAS DE LOBO/CX. DE PASSAGEM/CX. DIVERSAS"]
[98423,"(COMPOSIÇÃO REPRESENTATIVA) POÇO DE VISITA CIRCULAR PARA ESGOTO, EM CONCRETO PRÉ-MOLDADO, DIÂMETRO INTERNO = 1,0 M, PROFUNDIDADE DE 2,50 A 3,00 M, INCLUINDO TAMPÃO DE FERRO FUNDIDO, DIÂMETRO DE 60 CM. AF_04/2018","UN",1708.61,"SINAPI","DRENAGEM/OBRAS DE CONTENCAO/POCOS DE VISITA E CAIXAS","POCOS DE VISITA/BOCAS DE LOBO/CX. DE PASSAGEM/CX. DIVERSAS"]
[98424,"(COMPOSIÇÃO REPRESENTATIVA) POÇO DE VISITA CIRCULAR PARA ESGOTO, EM CONCRETO PRÉ-MOLDADO, DIÂMETRO INTERNO = 1,0 M, PROFUNDIDADE DE 3,00 A 3,50 M, INCLUINDO TAMPÃO DE FERRO FUNDIDO, DIÂMETRO DE 60 CM. AF_04/2018","UN",1796.83,"SINAPI","DRENAGEM/OBRAS DE CONTENCAO/POCOS DE VISITA E CAIXAS","POCOS DE VISITA/BOCAS DE LOBO/CX. DE PASSAGEM/CX. DIVERSAS"]
[98425,"(COMPOSIÇÃO REPRESENTATIVA) POÇO DE VISITA CIRCULAR PARA ESGOTO, EM ALVENARIA COM TIJOLOS CERÂMICOS MACIÇOS, DIÂMETRO INTERNO = 1,2 M, PROFUNDIDADE ATÉ 1,50 M, EXCLUINDO TAMPÃO. AF_04/2018","UN",2366.37,"SINAPI","DRENAGEM/OBRAS DE CONTENCAO/POCOS DE VISITA E CAIXAS","POCOS DE VISITA/BOCAS DE LOBO/CX. DE PASSAGEM/CX. DIVERSAS"]
[98426,"(COMPOSIÇÃO REPRESENTATIVA) POÇO DE VISITA CIRCULAR PARA ESGOTO, EM ALVENARIA COM TIJOLOS CERÂMICOS MACIÇOS, DIÂMETRO INTERNO = 1,2 M, PROFUNDIDADE DE 1,50 A 2,00 M, EXCLUINDO TAMPÃO. AF_04/2018","UN",3055.57,"SINAPI","DRENAGEM/OBRAS DE CONTENCAO/POCOS DE VISITA E CAIXAS","POCOS DE VISITA/BOCAS DE LOBO/CX. DE PASSAGEM/CX. DIVERSAS"]
[98427,"(COMPOSIÇÃO REPRESENTATIVA) POÇO DE VISITA CIRCULAR PARA ESGOTO, EM ALVENARIA COM TIJOLOS CERÂMICOS MACIÇOS, DIÂMETRO INTERNO = 1,2 M, PROFUNDIDADE DE 2,00 A 2,50 M, EXCLUINDO TAMPÃO. AF_04/2018","UN",3744.78,"SINAPI","DRENAGEM/OBRAS DE CONTENCAO/POCOS DE VISITA E CAIXAS","POCOS DE VISITA/BOCAS DE LOBO/CX. DE PASSAGEM/CX. DIVERSAS"]
[98428,"(COMPOSIÇÃO REPRESENTATIVA) POÇO DE VISITA CIRCULAR PARA ESGOTO, EM ALVENARIA COM TIJOLOS CERÂMICOS MACIÇOS, DIÂMETRO INTERNO = 1,2 M, PROFUNDIDADE DE 2,50 A 3,00 M, EXCLUINDO TAMPÃO. AF_04/2018","UN",4127.29,"SINAPI","DRENAGEM/OBRAS DE CONTENCAO/POCOS DE VISITA E CAIXAS","POCOS DE VISITA/BOCAS DE LOBO/CX. DE PASSAGEM/CX. DIVERSAS"]
[98429,"(COMPOSIÇÃO REPRESENTATIVA) POÇO DE VISITA CIRCULAR PARA ESGOTO, EM ALVENARIA COM TIJOLOS CERÂMICOS MACIÇOS, DIÂMETRO INTERNO = 1,2 M, PROFUNDIDADE DE 3,00 A 3,50 M, EXCLUINDO TAMPÃO. AF_04/2018","UN",4509.8,"SINAPI","DRENAGEM/OBRAS DE CONTENCAO/POCOS DE VISITA E CAIXAS","POCOS DE VISITA/BOCAS DE LOBO/CX. DE PASSAGEM/CX. DIVERSAS"]
[98430,"(COMPOSIÇÃO REPRESENTATIVA) POÇO DE VISITA CIRCULAR PARA ESGOTO, EM ALVENARIA COM TIJOLOS CERÂMICOS MACIÇOS, DIÂMETRO INTERNO = 1,2 M, PROFUNDIDADE ATÉ 1,50 M, INCLUINDO TAMPÃO DE FERRO FUNDIDO, DIÂMETRO DE 60 CM. AF_04/2018","UN",2749.06,"SINAPI","DRENAGEM/OBRAS DE CONTENCAO/POCOS DE VISITA E CAIXAS","POCOS DE VISITA/BOCAS DE LOBO/CX. DE PASSAGEM/CX. DIVERSAS"]
[98431,"(COMPOSIÇÃO REPRESENTATIVA) POÇO DE VISITA CIRCULAR PARA ESGOTO, EM ALVENARIA COM TIJOLOS CERÂMICOS MACIÇOS, DIÂMETRO INTERNO = 1,2 M, PROFUNDIDADE DE 1,50 A 2,00 M, INCLUINDO TAMPÃO DE FERRO FUNDIDO, DIÂMETRO DE 60 CM. AF_04/2018","UN",3438.26,"SINAPI","DRENAGEM/OBRAS DE CONTENCAO/POCOS DE VISITA E CAIXAS","POCOS DE VISITA/BOCAS DE LOBO/CX. DE PASSAGEM/CX. DIVERSAS"]
[98432,"(COMPOSIÇÃO REPRESENTATIVA) POÇO DE VISITA CIRCULAR PARA ESGOTO, EM ALVENARIA COM TIJOLOS CERÂMICOS MACIÇOS, DIÂMETRO INTERNO = 1,2 M, PROFUNDIDADE DE 2,00 A 2,50 M, INCLUINDO TAMPÃO DE FERRO FUNDIDO, DIÂMETRO DE 60 CM. AF_04/2018","UN",4127.47,"SINAPI","DRENAGEM/OBRAS DE CONTENCAO/POCOS DE VISITA E CAIXAS","POCOS DE VISITA/BOCAS DE LOBO/CX. DE PASSAGEM/CX. DIVERSAS"]
[98433,"(COMPOSIÇÃO REPRESENTATIVA) POÇO DE VISITA CIRCULAR PARA ESGOTO, EM ALVENARIA COM TIJOLOS CERÂMICOS MACIÇOS, DIÂMETRO INTERNO = 1,2 M, PROFUNDIDADE DE 2,50 A 3,00 M, INCLUINDO TAMPÃO DE FERRO FUNDIDO, DIÂMETRO DE 60 CM. AF_04/2018","UN",4509.9799999999996,"SINAPI","DRENAGEM/OBRAS DE CONTENCAO/POCOS DE VISITA E CAIXAS","POCOS DE VISITA/BOCAS DE LOBO/CX. DE PASSAGEM/CX. DIVERSAS"]
[98434,"(COMPOSIÇÃO REPRESENTATIVA) POÇO DE VISITA CIRCULAR PARA ESGOTO, EM ALVENARIA COM TIJOLOS CERÂMICOS MACIÇOS, DIÂMETRO INTERNO = 1,2 M, PROFUNDIDADE DE 3,00 A 3,50 M, INCLUINDO TAMPÃO DE FERRO FUNDIDO, DIÂMETRO DE 60 CM. AF_04/2018","UN",4892.49,"SINAPI","DRENAGEM/OBRAS DE CONTENCAO/POCOS DE VISITA E CAIXAS","POCOS DE VISITA/BOCAS DE LOBO/CX. DE PASSAGEM/CX. DIVERSAS"]
[99240,"ACRÉSCIMO PARA POÇO DE VISITA CIRCULAR PARA DRENAGEM, EM CONCRETO PRÉ-MOLDADO, DIÂMETRO INTERNO = 1,2 M. AF_05/2018","M",362.14,"SINAPI","DRENAGEM/OBRAS DE CONTENCAO/POCOS DE VISITA E CAIXAS","POCOS DE VISITA/BOCAS DE LOBO/CX. DE PASSAGEM/CX. DIVERSAS"]
[99241,"ACRÉSCIMO PARA POÇO DE VISITA RETANGULAR PARA DRENAGEM, EM ALVENARIA COM BLOCOS DE CONCRETO, DIMENSÕES INTERNAS = 1,5X1,5 M. AF_05/2018","M",1499.01,"SINAPI","DRENAGEM/OBRAS DE CONTENCAO/POCOS DE VISITA E CAIXAS","POCOS DE VISITA/BOCAS DE LOBO/CX. DE PASSAGEM/CX. DIVERSAS"]
[99242,"BASE PARA POÇO DE VISITA CIRCULAR PARA DRENAGEM, EM ALVENARIA COM TIJOLOS CERÂMICOS MACIÇOS, DIÂMETRO INTERNO = 1,2 M, PROFUNDIDADE = 1,45 M, EXCLUINDO TAMPÃO. AF_05/2018","UN",2307.5300000000002,"SINAPI","DRENAGEM/OBRAS DE CONTENCAO/POCOS DE VISITA E CAIXAS","POCOS DE VISITA/BOCAS DE LOBO/CX. DE PASSAGEM/CX. DIVERSAS"]
[99243,"ACRÉSCIMO PARA POÇO DE VISITA CIRCULAR PARA DRENAGEM, EM ALVENARIA COM TIJOLOS CERÂMICOS MACIÇOS, DIÂMETRO INTERNO = 1,2 M. AF_05/2018","M",1331.26,"SINAPI","DRENAGEM/OBRAS DE CONTENCAO/POCOS DE VISITA E CAIXAS","POCOS DE VISITA/BOCAS DE LOBO/CX. DE PASSAGEM/CX. DIVERSAS"]
[99244,"BASE PARA POÇO DE VISITA RETANGULAR PARA DRENAGEM, EM ALVENARIA COM BLOCOS DE CONCRETO, DIMENSÕES INTERNAS = 1,5X2 M, PROFUNDIDADE = 1,45 M, EXCLUINDO TAMPÃO. AF_05/2018","UN",3927.29,"SINAPI","DRENAGEM/OBRAS DE CONTENCAO/POCOS DE VISITA E CAIXAS","POCOS DE VISITA/BOCAS DE LOBO/CX. DE PASSAGEM/CX. DIVERSAS"]
[99246,"ACRÉSCIMO PARA POÇO DE VISITA CIRCULAR PARA DRENAGEM, EM CONCRETO PRÉ-MOLDADO, DIÂMETRO INTERNO = 1,5 M. AF_05/2018","M",563.24,"SINAPI","DRENAGEM/OBRAS DE CONTENCAO/POCOS DE VISITA E CAIXAS","POCOS DE VISITA/BOCAS DE LOBO/CX. DE PASSAGEM/CX. DIVERSAS"]
[99247,"ACRÉSCIMO PARA POÇO DE VISITA RETANGULAR PARA DRENAGEM, EM ALVENARIA COM BLOCOS DE CONCRETO, DIMENSÕES INTERNAS = 1,5X2 M. AF_05/2018","M",1711.53,"SINAPI","DRENAGEM/OBRAS DE CONTENCAO/POCOS DE VISITA E CAIXAS","POCOS DE VISITA/BOCAS DE LOBO/CX. DE PASSAGEM/CX. DIVERSAS"]
[99248,"BASE PARA POÇO DE VISITA CIRCULAR PARA DRENAGEM, EM ALVENARIA COM TIJOLOS CERÂMICOS MACIÇOS, DIÂMETRO INTERNO = 1,5 M, PROFUNDIDADE = 1,45 M, EXCLUINDO TAMPÃO. AF_05/2018","UN",2927.52,"SINAPI","DRENAGEM/OBRAS DE CONTENCAO/POCOS DE VISITA E CAIXAS","POCOS DE VISITA/BOCAS DE LOBO/CX. DE PASSAGEM/CX. DIVERSAS"]
[99249,"ACRÉSCIMO PARA POÇO DE VISITA CIRCULAR PARA DRENAGEM, EM ALVENARIA COM TIJOLOS CERÂMICOS MACIÇOS, DIÂMETRO INTERNO = 1,5 M. AF_05/2018","M",1631.45,"SINAPI","DRENAGEM/OBRAS DE CONTENCAO/POCOS DE VISITA E CAIXAS","POCOS DE VISITA/BOCAS DE LOBO/CX. DE PASSAGEM/CX. DIVERSAS"]
[99252,"BASE PARA POÇO DE VISITA RETANGULAR PARA DRENAGEM, EM ALVENARIA COM BLOCOS DE CONCRETO, DIMENSÕES INTERNAS = 1X1 M, PROFUNDIDADE = 1,45 M, EXCLUINDO TAMPÃO. AF_05/2018","UN",2069.7399999999998,"SINAPI","DRENAGEM/OBRAS DE CONTENCAO/POCOS DE VISITA E CAIXAS","POCOS DE VISITA/BOCAS DE LOBO/CX. DE PASSAGEM/CX. DIVERSAS"]
[99254,"ACRÉSCIMO PARA POÇO DE VISITA RETANGULAR PARA DRENAGEM, EM ALVENARIA COM BLOCOS DE CONCRETO, DIMENSÕES INTERNAS = 1X1 M. AF_05/2018","M",1073.98,"SINAPI","DRENAGEM/OBRAS DE CONTENCAO/POCOS DE VISITA E CAIXAS","POCOS DE VISITA/BOCAS DE LOBO/CX. DE PASSAGEM/CX. DIVERSAS"]
[99256,"BASE PARA POÇO DE VISITA RETANGULAR PARA DRENAGEM, EM ALVENARIA COM BLOCOS DE CONCRETO, DIMENSÕES INTERNAS = 1,5X2,5 M, PROFUNDIDADE = 1,45 M, EXCLUINDO TAMPÃO. AF_05/2018","UN",4607.41,"SINAPI","DRENAGEM/OBRAS DE CONTENCAO/POCOS DE VISITA E CAIXAS","POCOS DE VISITA/BOCAS DE LOBO/CX. DE PASSAGEM/CX. DIVERSAS"]
[99259,"BASE PARA POÇO DE VISITA RETANGULAR PARA DRENAGEM, EM ALVENARIA COM BLOCOS DE CONCRETO, DIMENSÕES INTERNAS = 1X1,5 M, PROFUNDIDADE = 1,45 M, EXCLUINDO TAMPÃO. AF_05/2018","UN",2612.31,"SINAPI","DRENAGEM/OBRAS DE CONTENCAO/POCOS DE VISITA E CAIXAS","POCOS DE VISITA/BOCAS DE LOBO/CX. DE PASSAGEM/CX. DIVERSAS"]
[99261,"ACRÉSCIMO PARA POÇO DE VISITA RETANGULAR PARA DRENAGEM, EM ALVENARIA COM BLOCOS DE CONCRETO, DIMENSÕES INTERNAS = 1X1,5 M. AF_05/2018","M",1286.49,"SINAPI","DRENAGEM/OBRAS DE CONTENCAO/POCOS DE VISITA E CAIXAS","POCOS DE VISITA/BOCAS DE LOBO/CX. DE PASSAGEM/CX. DIVERSAS"]
[99263,"ACRÉSCIMO PARA POÇO DE VISITA RETANGULAR PARA DRENAGEM, EM ALVENARIA COM BLOCOS DE CONCRETO, DIMENSÕES INTERNAS = 1,5X2,5 M. AF_05/2018","M",1924.1,"SINAPI","DRENAGEM/OBRAS DE CONTENCAO/POCOS DE VISITA E CAIXAS","POCOS DE VISITA/BOCAS DE LOBO/CX. DE PASSAGEM/CX. DIVERSAS"]
[99265,"BASE PARA POÇO DE VISITA RETANGULAR PARA DRENAGEM, EM ALVENARIA COM BLOCOS DE CONCRETO, DIMENSÕES INTERNAS = 1X2 M, PROFUNDIDADE = 1,45 M, EXCLUINDO TAMPÃO. AF_05/2018","UN",3154.83,"SINAPI","DRENAGEM/OBRAS DE CONTENCAO/POCOS DE VISITA E CAIXAS","POCOS DE VISITA/BOCAS DE LOBO/CX. DE PASSAGEM/CX. DIVERSAS"]
[99266,"ACRÉSCIMO PARA POÇO DE VISITA RETANGULAR PARA DRENAGEM, EM ALVENARIA COM BLOCOS DE CONCRETO, DIMENSÕES INTERNAS = 1X2 M. AF_05/2018","M",1499.01,"SINAPI","DRENAGEM/OBRAS DE CONTENCAO/POCOS DE VISITA E CAIXAS","POCOS DE VISITA/BOCAS DE LOBO/CX. DE PASSAGEM/CX. DIVERSAS"]
[99267,"BASE PARA POÇO DE VISITA RETANGULAR PARA DRENAGEM, EM ALVENARIA COM BLOCOS DE CONCRETO, DIMENSÕES INTERNAS = 1X2,5 M, PROFUNDIDADE = 1,45 M, EXCLUINDO TAMPÃO. AF_05/2018","UN",3697.38,"SINAPI","DRENAGEM/OBRAS DE CONTENCAO/POCOS DE VISITA E CAIXAS","POCOS DE VISITA/BOCAS DE LOBO/CX. DE PASSAGEM/CX. DIVERSAS"]
[99269,"ACRÉSCIMO PARA POÇO DE VISITA RETANGULAR PARA DRENAGEM, EM ALVENARIA COM BLOCOS DE CONCRETO, DIMENSÕES INTERNAS = 1X2,5 M. AF_05/2018","M",1711.53,"SINAPI","DRENAGEM/OBRAS DE CONTENCAO/POCOS DE VISITA E CAIXAS","POCOS DE VISITA/BOCAS DE LOBO/CX. DE PASSAGEM/CX. DIVERSAS"]
[99271,"BASE PARA POÇO DE VISITA RETANGULAR PARA DRENAGEM, EM ALVENARIA COM BLOCOS DE CONCRETO, DIMENSÕES INTERNAS = 1,5X3 M, PROFUNDIDADE = 1,45 M, EXCLUINDO TAMPÃO. AF_05/2018","UN",5287.41,"SINAPI","DRENAGEM/OBRAS DE CONTENCAO/POCOS DE VISITA E CAIXAS","POCOS DE VISITA/BOCAS DE LOBO/CX. DE PASSAGEM/CX. DIVERSAS"]
[99272,"POÇO DE INSPEÇÃO CIRCULAR PARA DRENAGEM, EM ALVENARIA COM TIJOLOS CERÂMICOS MACIÇOS, DIÂMETRO INTERNO = 0,6 M, PROFUNDIDADE = 1 M, EXCLUINDO TAMPÃO. AF_05/2018","UN",853.65,"SINAPI","DRENAGEM/OBRAS DE CONTENCAO/POCOS DE VISITA E CAIXAS","POCOS DE VISITA/BOCAS DE LOBO/CX. DE PASSAGEM/CX. DIVERSAS"]
[99273,"POÇO DE INSPEÇÃO CIRCULAR PARA DRENAGEM, EM ALVENARIA COM TIJOLOS CERÂMICOS MACIÇOS, DIÂMETRO INTERNO = 0,6 M, PROFUNDIDADE = 1,5 M, EXCLUINDO TAMPÃO. AF_05/2018","UN",1229.6600000000001,"SINAPI","DRENAGEM/OBRAS DE CONTENCAO/POCOS DE VISITA E CAIXAS","POCOS DE VISITA/BOCAS DE LOBO/CX. DE PASSAGEM/CX. DIVERSAS"]
[99274,"BASE PARA POÇO DE VISITA RETANGULAR PARA DRENAGEM, EM ALVENARIA COM BLOCOS DE CONCRETO, DIMENSÕES INTERNAS = 1X3 M, PROFUNDIDADE = 1,45 M, EXCLUINDO TAMPÃO. AF_05/2018","UN",4264.88,"SINAPI","DRENAGEM/OBRAS DE CONTENCAO/POCOS DE VISITA E CAIXAS","POCOS DE VISITA/BOCAS DE LOBO/CX. DE PASSAGEM/CX. DIVERSAS"]
[99276,"ACRÉSCIMO PARA POÇO DE VISITA RETANGULAR PARA DRENAGEM, EM ALVENARIA COM BLOCOS DE CONCRETO, DIMENSÕES INTERNAS = 1,5X3 M. AF_05/2018","M",2136.62,"SINAPI","DRENAGEM/OBRAS DE CONTENCAO/POCOS DE VISITA E CAIXAS","POCOS DE VISITA/BOCAS DE LOBO/CX. DE PASSAGEM/CX. DIVERSAS"]
[99277,"ACRÉSCIMO PARA POÇO DE VISITA RETANGULAR PARA DRENAGEM, EM ALVENARIA COM BLOCOS DE CONCRETO, DIMENSÕES INTERNAS = 1X3 M. AF_05/2018","M",1924.1,"SINAPI","DRENAGEM/OBRAS DE CONTENCAO/POCOS DE VISITA E CAIXAS","POCOS DE VISITA/BOCAS DE LOBO/CX. DE PASSAGEM/CX. DIVERSAS"]
[99278,"ACRÉSCIMO PARA POÇO DE VISITA CIRCULAR PARA DRENAGEM, EM CONCRETO PRÉ-MOLDADO, DIÂMETRO INTERNO = 0,8 M. AF_05/2018","M",267.01,"SINAPI","DRENAGEM/OBRAS DE CONTENCAO/POCOS DE VISITA E CAIXAS","POCOS DE VISITA/BOCAS DE LOBO/CX. DE PASSAGEM/CX. DIVERSAS"]
[99279,"BASE PARA POÇO DE VISITA RETANGULAR PARA DRENAGEM, EM ALVENARIA COM BLOCOS DE CONCRETO, DIMENSÕES INTERNAS = 1X3,5 M, PROFUNDIDADE = 1,45 M, EXCLUINDO TAMPÃO. AF_05/2018","UN",4810.51,"SINAPI","DRENAGEM/OBRAS DE CONTENCAO/POCOS DE VISITA E CAIXAS","POCOS DE VISITA/BOCAS DE LOBO/CX. DE PASSAGEM/CX. DIVERSAS"]
[99280,"BASE PARA POÇO DE VISITA CIRCULAR PARA DRENAGEM, EM ALVENARIA COM TIJOLOS CERÂMICOS MACIÇOS, DIÂMETRO INTERNO = 0,8 M, PROFUNDIDADE = 1,45 M, EXCLUINDO TAMPÃO. AF_05/2018","UN",1591.21,"SINAPI","DRENAGEM/OBRAS DE CONTENCAO/POCOS DE VISITA E CAIXAS","POCOS DE VISITA/BOCAS DE LOBO/CX. DE PASSAGEM/CX. DIVERSAS"]
[99281,"ACRÉSCIMO PARA POÇO DE VISITA RETANGULAR PARA DRENAGEM, EM ALVENARIA COM BLOCOS DE CONCRETO, DIMENSÕES INTERNAS = 1X3,5 M. AF_05/2018","M",2136.62,"SINAPI","DRENAGEM/OBRAS DE CONTENCAO/POCOS DE VISITA E CAIXAS","POCOS DE VISITA/BOCAS DE LOBO/CX. DE PASSAGEM/CX. DIVERSAS"]
[99282,"ACRÉSCIMO PARA POÇO DE VISITA RETANGULAR PARA DRENAGEM, EM ALVENARIA COM BLOCOS DE CONCRETO, DIMENSÕES INTERNAS = 2,5X2,5 M. AF_05/2018","M",2378.54,"SINAPI","DRENAGEM/OBRAS DE CONTENCAO/POCOS DE VISITA E CAIXAS","POCOS DE VISITA/BOCAS DE LOBO/CX. DE PASSAGEM/CX. DIVERSAS"]
[99283,"ACRÉSCIMO PARA POÇO DE VISITA CIRCULAR PARA DRENAGEM, EM ALVENARIA COM TIJOLOS CERÂMICOS MACIÇOS, DIÂMETRO INTERNO = 0,8 M. AF_05/2018","M",930.97,"SINAPI","DRENAGEM/OBRAS DE CONTENCAO/POCOS DE VISITA E CAIXAS","POCOS DE VISITA/BOCAS DE LOBO/CX. DE PASSAGEM/CX. DIVERSAS"]
[99284,"BASE PARA POÇO DE VISITA RETANGULAR PARA DRENAGEM, EM ALVENARIA COM BLOCOS DE CONCRETO, DIMENSÕES INTERNAS = 1,5X3,5 M, PROFUNDIDADE = 1,45 M, EXCLUINDO TAMPÃO. AF_05/2018","UN",5967.52,"SINAPI","DRENAGEM/OBRAS DE CONTENCAO/POCOS DE VISITA E CAIXAS","POCOS DE VISITA/BOCAS DE LOBO/CX. DE PASSAGEM/CX. DIVERSAS"]
[99286,"BASE PARA POÇO DE VISITA RETANGULAR PARA DRENAGEM, EM ALVENARIA COM BLOCOS DE CONCRETO, DIMENSÕES INTERNAS = 1X4 M, PROFUNDIDADE = 1,45 M, EXCLUINDO TAMPÃO. AF_05/2018","UN",5356.24,"SINAPI","DRENAGEM/OBRAS DE CONTENCAO/POCOS DE VISITA E CAIXAS","POCOS DE VISITA/BOCAS DE LOBO/CX. DE PASSAGEM/CX. DIVERSAS"]
[99287,"BASE PARA POÇO DE VISITA RETANGULAR PARA DRENAGEM, EM ALVENARIA COM BLOCOS DE CONCRETO, DIMENSÕES INTERNAS = 2,5X3 M, PROFUNDIDADE = 1,45 M, EXCLUINDO TAMPÃO. AF_05/2018","UN",7524.94,"SINAPI","DRENAGEM/OBRAS DE CONTENCAO/POCOS DE VISITA E CAIXAS","POCOS DE VISITA/BOCAS DE LOBO/CX. DE PASSAGEM/CX. DIVERSAS"]
[99288,"ACRÉSCIMO PARA POÇO DE VISITA CIRCULAR PARA DRENAGEM, EM CONCRETO PRÉ-MOLDADO, DIÂMETRO INTERNO = 1 M. AF_05/2018","M",322.64999999999998,"SINAPI","DRENAGEM/OBRAS DE CONTENCAO/POCOS DE VISITA E CAIXAS","POCOS DE VISITA/BOCAS DE LOBO/CX. DE PASSAGEM/CX. DIVERSAS"]
[99289,"ACRÉSCIMO PARA POÇO DE VISITA RETANGULAR PARA DRENAGEM, EM ALVENARIA COM BLOCOS DE CONCRETO, DIMENSÕES INTERNAS = 1X4 M. AF_05/2018","M",2349.14,"SINAPI","DRENAGEM/OBRAS DE CONTENCAO/POCOS DE VISITA E CAIXAS","POCOS DE VISITA/BOCAS DE LOBO/CX. DE PASSAGEM/CX. DIVERSAS"]
[99290,"BASE PARA POÇO DE VISITA RETANGULAR PARA DRENAGEM, EM ALVENARIA COM BLOCOS DE CONCRETO, DIMENSÕES INTERNAS = 1,5X1,5 M, PROFUNDIDADE = 1,45 M, EXCLUINDO TAMPÃO. AF_05/2018","UN",3227.52,"SINAPI","DRENAGEM/OBRAS DE CONTENCAO/POCOS DE VISITA E CAIXAS","POCOS DE VISITA/BOCAS DE LOBO/CX. DE PASSAGEM/CX. DIVERSAS"]
[99291,"ACRÉSCIMO PARA POÇO DE VISITA RETANGULAR PARA DRENAGEM, EM ALVENARIA COM BLOCOS DE CONCRETO, DIMENSÕES INTERNAS = 1,5X3,5 M. AF_05/2018","M",2349.14,"SINAPI","DRENAGEM/OBRAS DE CONTENCAO/POCOS DE VISITA E CAIXAS","POCOS DE VISITA/BOCAS DE LOBO/CX. DE PASSAGEM/CX. DIVERSAS"]
[99292,"BASE PARA POÇO DE VISITA CIRCULAR PARA DRENAGEM, EM ALVENARIA COM TIJOLOS CERÂMICOS MACIÇOS, DIÂMETRO INTERNO = 1 M, PROFUNDIDADE = 1,45 M, EXCLUINDO TAMPÃO. AF_05/2018","UN",1952.48,"SINAPI","DRENAGEM/OBRAS DE CONTENCAO/POCOS DE VISITA E CAIXAS","POCOS DE VISITA/BOCAS DE LOBO/CX. DE PASSAGEM/CX. DIVERSAS"]
[99293,"ACRÉSCIMO PARA POÇO DE VISITA CIRCULAR PARA DRENAGEM, EM ALVENARIA COM TIJOLOS CERÂMICOS MACIÇOS, DIÂMETRO INTERNO = 1 M. AF_05/2018","M",1131.0999999999999,"SINAPI","DRENAGEM/OBRAS DE CONTENCAO/POCOS DE VISITA E CAIXAS","POCOS DE VISITA/BOCAS DE LOBO/CX. DE PASSAGEM/CX. DIVERSAS"]
[99294,"BASE PARA POÇO DE VISITA RETANGULAR PARA DRENAGEM, EM ALVENARIA COM BLOCOS DE CONCRETO, DIMENSÕES INTERNAS = 1,5X4 M, PROFUNDIDADE = 1,45 M, EXCLUINDO TAMPÃO. AF_05/2018","UN",6647.63,"SINAPI","DRENAGEM/OBRAS DE CONTENCAO/POCOS DE VISITA E CAIXAS","POCOS DE VISITA/BOCAS DE LOBO/CX. DE PASSAGEM/CX. DIVERSAS"]
[99296,"ACRÉSCIMO PARA POÇO DE VISITA RETANGULAR PARA DRENAGEM, EM ALVENARIA COM BLOCOS DE CONCRETO, DIMENSÕES INTERNAS = 2,5X3 M. AF_05/2018","M",2591.09,"SINAPI","DRENAGEM/OBRAS DE CONTENCAO/POCOS DE VISITA E CAIXAS","POCOS DE VISITA/BOCAS DE LOBO/CX. DE PASSAGEM/CX. DIVERSAS"]
[99297,"ACRÉSCIMO PARA POÇO DE VISITA RETANGULAR PARA DRENAGEM, EM ALVENARIA COM BLOCOS DE CONCRETO, DIMENSÕES INTERNAS = 1,5X4 M. AF_05/2018","M",2586.0100000000002,"SINAPI","DRENAGEM/OBRAS DE CONTENCAO/POCOS DE VISITA E CAIXAS","POCOS DE VISITA/BOCAS DE LOBO/CX. DE PASSAGEM/CX. DIVERSAS"]
[99298,"BASE PARA POÇO DE VISITA RETANGULAR PARA DRENAGEM, EM ALVENARIA COM BLOCOS DE CONCRETO, DIMENSÕES INTERNAS = 2,5X3,5 M, PROFUNDIDADE = 1,45 M, EXCLUINDO TAMPÃO. AF_05/2018","UN",8500.25,"SINAPI","DRENAGEM/OBRAS DE CONTENCAO/POCOS DE VISITA E CAIXAS","POCOS DE VISITA/BOCAS DE LOBO/CX. DE PASSAGEM/CX. DIVERSAS"]
[99299,"ACRÉSCIMO PARA POÇO DE VISITA RETANGULAR PARA DRENAGEM, EM ALVENARIA COM BLOCOS DE CONCRETO, DIMENSÕES INTERNAS = 2,5X3,5 M. AF_05/2018","M",2803.53,"SINAPI","DRENAGEM/OBRAS DE CONTENCAO/POCOS DE VISITA E CAIXAS","POCOS DE VISITA/BOCAS DE LOBO/CX. DE PASSAGEM/CX. DIVERSAS"]
[99300,"BASE PARA POÇO DE VISITA RETANGULAR PARA DRENAGEM, EM ALVENARIA COM BLOCOS DE CONCRETO, DIMENSÕES INTERNAS = 2,5X4 M, PROFUNDIDADE = 1,45 M, EXCLUINDO TAMPÃO. AF_05/2018","UN",9475.61,"SINAPI","DRENAGEM/OBRAS DE CONTENCAO/POCOS DE VISITA E CAIXAS","POCOS DE VISITA/BOCAS DE LOBO/CX. DE PASSAGEM/CX. DIVERSAS"]
[99301,"BASE PARA POÇO DE VISITA RETANGULAR PARA DRENAGEM, EM ALVENARIA COM BLOCOS DE CONCRETO, DIMENSÕES INTERNAS = 2X2 M, PROFUNDIDADE = 1,45 M, EXCLUINDO TAMPÃO. AF_05/2018","UN",4745.1000000000004,"SINAPI","DRENAGEM/OBRAS DE CONTENCAO/POCOS DE VISITA E CAIXAS","POCOS DE VISITA/BOCAS DE LOBO/CX. DE PASSAGEM/CX. DIVERSAS"]
[99302,"ACRÉSCIMO PARA POÇO DE VISITA RETANGULAR PARA DRENAGEM, EM ALVENARIA COM BLOCOS DE CONCRETO, DIMENSÕES INTERNAS = 2,5X4 M. AF_05/2018","M",3021.14,"SINAPI","DRENAGEM/OBRAS DE CONTENCAO/POCOS DE VISITA E CAIXAS","POCOS DE VISITA/BOCAS DE LOBO/CX. DE PASSAGEM/CX. DIVERSAS"]
[99303,"BASE PARA POÇO DE VISITA RETANGULAR PARA DRENAGEM, EM ALVENARIA COM BLOCOS DE CONCRETO, DIMENSÕES INTERNAS = 3X3 M, PROFUNDIDADE = 1,45 M, EXCLUINDO TAMPÃO. AF_05/2018","UN",8692,"SINAPI","DRENAGEM/OBRAS DE CONTENCAO/POCOS DE VISITA E CAIXAS","POCOS DE VISITA/BOCAS DE LOBO/CX. DE PASSAGEM/CX. DIVERSAS"]
[99304,"ACRÉSCIMO PARA POÇO DE VISITA RETANGULAR PARA DRENAGEM, EM ALVENARIA COM BLOCOS DE CONCRETO, DIMENSÕES INTERNAS = 3X3 M. AF_05/2018","M",2808.61,"SINAPI","DRENAGEM/OBRAS DE CONTENCAO/POCOS DE VISITA E CAIXAS","POCOS DE VISITA/BOCAS DE LOBO/CX. DE PASSAGEM/CX. DIVERSAS"]
[99305,"BASE PARA POÇO DE VISITA RETANGULAR PARA DRENAGEM, EM ALVENARIA COM BLOCOS DE CONCRETO, DIMENSÕES INTERNAS = 3X3,5 M, PROFUNDIDADE = 1,45 M, EXCLUINDO TAMPÃO. AF_05/2018","UN",9813.73,"SINAPI","DRENAGEM/OBRAS DE CONTENCAO/POCOS DE VISITA E CAIXAS","POCOS DE VISITA/BOCAS DE LOBO/CX. DE PASSAGEM/CX. DIVERSAS"]
[99306,"ACRÉSCIMO PARA POÇO DE VISITA RETANGULAR PARA DRENAGEM, EM ALVENARIA COM BLOCOS DE CONCRETO, DIMENSÕES INTERNAS = 3X3,5 M. AF_05/2018","M",3021.14,"SINAPI","DRENAGEM/OBRAS DE CONTENCAO/POCOS DE VISITA E CAIXAS","POCOS DE VISITA/BOCAS DE LOBO/CX. DE PASSAGEM/CX. DIVERSAS"]
[99307,"ACRÉSCIMO PARA POÇO DE VISITA RETANGULAR PARA DRENAGEM, EM ALVENARIA COM BLOCOS DE CONCRETO, DIMENSÕES INTERNAS = 2X2 M. AF_05/2018","M",1948.43,"SINAPI","DRENAGEM/OBRAS DE CONTENCAO/POCOS DE VISITA E CAIXAS","POCOS DE VISITA/BOCAS DE LOBO/CX. DE PASSAGEM/CX. DIVERSAS"]
[99308,"BASE PARA POÇO DE VISITA RETANGULAR PARA DRENAGEM, EM ALVENARIA COM BLOCOS DE CONCRETO, DIMENSÕES INTERNAS = 3X4 M, PROFUNDIDADE = 1,45 M, EXCLUINDO TAMPÃO. AF_05/2018","UN",10935.49,"SINAPI","DRENAGEM/OBRAS DE CONTENCAO/POCOS DE VISITA E CAIXAS","POCOS DE VISITA/BOCAS DE LOBO/CX. DE PASSAGEM/CX. DIVERSAS"]
[99309,"ACRÉSCIMO PARA POÇO DE VISITA RETANGULAR PARA DRENAGEM, EM ALVENARIA COM BLOCOS DE CONCRETO, DIMENSÕES INTERNAS = 3X4 M. AF_05/2018","M",3238.73,"SINAPI","DRENAGEM/OBRAS DE CONTENCAO/POCOS DE VISITA E CAIXAS","POCOS DE VISITA/BOCAS DE LOBO/CX. DE PASSAGEM/CX. DIVERSAS"]
[99310,"BASE PARA POÇO DE VISITA RETANGULAR PARA DRENAGEM, EM ALVENARIA COM BLOCOS DE CONCRETO, DIMENSÕES INTERNAS = 3,5X3,5 M, PROFUNDIDADE = 1,45 M, EXCLUINDO TAMPÃO. AF_05/2018","UN",11135.28,"SINAPI","DRENAGEM/OBRAS DE CONTENCAO/POCOS DE VISITA E CAIXAS","POCOS DE VISITA/BOCAS DE LOBO/CX. DE PASSAGEM/CX. DIVERSAS"]
[99311,"ACRÉSCIMO PARA POÇO DE VISITA RETANGULAR PARA DRENAGEM, EM ALVENARIA COM BLOCOS DE CONCRETO, DIMENSÕES INTERNAS = 3,5X3,5 M. AF_05/2018","M",3238.73,"SINAPI","DRENAGEM/OBRAS DE CONTENCAO/POCOS DE VISITA E CAIXAS","POCOS DE VISITA/BOCAS DE LOBO/CX. DE PASSAGEM/CX. DIVERSAS"]
[99312,"BASE PARA POÇO DE VISITA RETANGULAR PARA DRENAGEM, EM ALVENARIA COM BLOCOS DE CONCRETO, DIMENSÕES INTERNAS = 2X2,5 M, PROFUNDIDADE = 1,45 M, EXCLUINDO TAMPÃO. AF_05/2018","UN",5552.31,"SINAPI","DRENAGEM/OBRAS DE CONTENCAO/POCOS DE VISITA E CAIXAS","POCOS DE VISITA/BOCAS DE LOBO/CX. DE PASSAGEM/CX. DIVERSAS"]
[99313,"BASE PARA POÇO DE VISITA RETANGULAR PARA DRENAGEM, EM ALVENARIA COM BLOCOS DE CONCRETO, DIMENSÕES INTERNAS = 3,5X4 M, PROFUNDIDADE = 1,45 M, EXCLUINDO TAMPÃO. AF_05/2018","UN",12404.64,"SINAPI","DRENAGEM/OBRAS DE CONTENCAO/POCOS DE VISITA E CAIXAS","POCOS DE VISITA/BOCAS DE LOBO/CX. DE PASSAGEM/CX. DIVERSAS"]
[99314,"ACRÉSCIMO PARA POÇO DE VISITA RETANGULAR PARA DRENAGEM, EM ALVENARIA COM BLOCOS DE CONCRETO, DIMENSÕES INTERNAS = 3,5X4 M. AF_05/2018","M",3456.34,"SINAPI","DRENAGEM/OBRAS DE CONTENCAO/POCOS DE VISITA E CAIXAS","POCOS DE VISITA/BOCAS DE LOBO/CX. DE PASSAGEM/CX. DIVERSAS"]
[99315,"BASE PARA POÇO DE VISITA RETANGULAR PARA DRENAGEM, EM ALVENARIA COM BLOCOS DE CONCRETO, DIMENSÕES INTERNAS = 4X4 M, PROFUNDIDADE = 1,45 M, EXCLUINDO TAMPÃO. AF_05/2018","UN",13883.21,"SINAPI","DRENAGEM/OBRAS DE CONTENCAO/POCOS DE VISITA E CAIXAS","POCOS DE VISITA/BOCAS DE LOBO/CX. DE PASSAGEM/CX. DIVERSAS"]
[99317,"ACRÉSCIMO PARA POÇO DE VISITA RETANGULAR PARA DRENAGEM, EM ALVENARIA COM BLOCOS DE CONCRETO, DIMENSÕES INTERNAS = 2X2,5 M. AF_05/2018","M",2160.9499999999998,"SINAPI","DRENAGEM/OBRAS DE CONTENCAO/POCOS DE VISITA E CAIXAS","POCOS DE VISITA/BOCAS DE LOBO/CX. DE PASSAGEM/CX. DIVERSAS"]
[99318,"CHAMINÉ CIRCULAR PARA POÇO DE VISITA PARA DRENAGEM, EM CONCRETO PRÉ-MOLDADO, DIÂMETRO INTERNO = 0,6 M. AF_05/2018","M",174.53,"SINAPI","DRENAGEM/OBRAS DE CONTENCAO/POCOS DE VISITA E CAIXAS","POCOS DE VISITA/BOCAS DE LOBO/CX. DE PASSAGEM/CX. DIVERSAS"]
[99319,"CHAMINÉ CIRCULAR PARA POÇO DE VISITA PARA DRENAGEM, EM ALVENARIA COM TIJOLOS CERÂMICOS MACIÇOS, DIÂMETRO INTERNO = 0,6 M. AF_05/2018","M",733.76,"SINAPI","DRENAGEM/OBRAS DE CONTENCAO/POCOS DE VISITA E CAIXAS","POCOS DE VISITA/BOCAS DE LOBO/CX. DE PASSAGEM/CX. DIVERSAS"]
[99320,"BASE PARA POÇO DE VISITA RETANGULAR PARA DRENAGEM, EM ALVENARIA COM BLOCOS DE CONCRETO, DIMENSÕES INTERNAS = 2X3 M, PROFUNDIDADE = 1,45 M, EXCLUINDO TAMPÃO. AF_05/2018","UN",6404.35,"SINAPI","DRENAGEM/OBRAS DE CONTENCAO/POCOS DE VISITA E CAIXAS","POCOS DE VISITA/BOCAS DE LOBO/CX. DE PASSAGEM/CX. DIVERSAS"]
[99321,"ACRÉSCIMO PARA POÇO DE VISITA RETANGULAR PARA DRENAGEM, EM ALVENARIA COM BLOCOS DE CONCRETO, DIMENSÕES INTERNAS = 2X3 M. AF_05/2018","M",2373.46,"SINAPI","DRENAGEM/OBRAS DE CONTENCAO/POCOS DE VISITA E CAIXAS","POCOS DE VISITA/BOCAS DE LOBO/CX. DE PASSAGEM/CX. DIVERSAS"]
[99322,"BASE PARA POÇO DE VISITA RETANGULAR PARA DRENAGEM, EM ALVENARIA COM BLOCOS DE CONCRETO, DIMENSÕES INTERNAS = 2X3,5 M, PROFUNDIDADE = 1,45 M, EXCLUINDO TAMPÃO. AF_05/2018","UN",7217.11,"SINAPI","DRENAGEM/OBRAS DE CONTENCAO/POCOS DE VISITA E CAIXAS","POCOS DE VISITA/BOCAS DE LOBO/CX. DE PASSAGEM/CX. DIVERSAS"]
[99323,"ACRÉSCIMO PARA POÇO DE VISITA RETANGULAR PARA DRENAGEM, EM ALVENARIA COM BLOCOS DE CONCRETO, DIMENSÕES INTERNAS = 2X3,5 M. AF_05/2018","M",2586.0100000000002,"SINAPI","DRENAGEM/OBRAS DE CONTENCAO/POCOS DE VISITA E CAIXAS","POCOS DE VISITA/BOCAS DE LOBO/CX. DE PASSAGEM/CX. DIVERSAS"]
[99324,"BASE PARA POÇO DE VISITA RETANGULAR PARA DRENAGEM, EM ALVENARIA COM BLOCOS DE CONCRETO, DIMENSÕES INTERNAS = 2X4 M, PROFUNDIDADE = 1,45 M, EXCLUINDO TAMPÃO. AF_05/2018","UN",8029.85,"SINAPI","DRENAGEM/OBRAS DE CONTENCAO/POCOS DE VISITA E CAIXAS","POCOS DE VISITA/BOCAS DE LOBO/CX. DE PASSAGEM/CX. DIVERSAS"]
[99325,"ACRÉSCIMO PARA POÇO DE VISITA RETANGULAR PARA DRENAGEM, EM ALVENARIA COM BLOCOS DE CONCRETO, DIMENSÕES INTERNAS = 2X4 M. AF_05/2018","M",2803.53,"SINAPI","DRENAGEM/OBRAS DE CONTENCAO/POCOS DE VISITA E CAIXAS","POCOS DE VISITA/BOCAS DE LOBO/CX. DE PASSAGEM/CX. DIVERSAS"]
[99326,"BASE PARA POÇO DE VISITA RETANGULAR PARA DRENAGEM, EM ALVENARIA COM BLOCOS DE CONCRETO, DIMENSÕES INTERNAS = 2,5X2,5 M, PROFUNDIDADE = 1,45 M, EXCLUINDO TAMPÃO. AF_05/2018","UN",6549.59,"SINAPI","DRENAGEM/OBRAS DE CONTENCAO/POCOS DE VISITA E CAIXAS","POCOS DE VISITA/BOCAS DE LOBO/CX. DE PASSAGEM/CX. DIVERSAS"]
[99327,"ACRÉSCIMO PARA POÇO DE VISITA RETANGULAR PARA DRENAGEM, EM ALVENARIA COM BLOCOS DE CONCRETO, DIMENSÕES INTERNAS = 4X4 M. AF_05/2018","M",3624.26,"SINAPI","DRENAGEM/OBRAS DE CONTENCAO/POCOS DE VISITA E CAIXAS","POCOS DE VISITA/BOCAS DE LOBO/CX. DE PASSAGEM/CX. DIVERSAS"]
[94263,"GUIA (MEIO-FIO) CONCRETO, MOLDADA  IN LOCO  EM TRECHO RETO COM EXTRUSORA, 13 CM BASE X 22 CM ALTURA. AF_06/2016","M",23.43,"SINAPI","DRENAGEM/OBRAS DE CONTENCAO/POCOS DE VISITA E CAIXAS","MEIO FIO, LINHA D'AGUA E SARJERTA"]
[94264,"GUIA (MEIO-FIO) CONCRETO, MOLDADA  IN LOCO  EM TRECHO CURVO COM EXTRUSORA, 13 CM BASE X 22 CM ALTURA. AF_06/2016","M",26.58,"SINAPI","DRENAGEM/OBRAS DE CONTENCAO/POCOS DE VISITA E CAIXAS","MEIO FIO, LINHA D'AGUA E SARJERTA"]
[94265,"GUIA (MEIO-FIO) CONCRETO, MOLDADA  IN LOCO  EM TRECHO RETO COM EXTRUSORA, 15 CM BASE X 30 CM ALTURA. AF_06/2016","M",29.43,"SINAPI","DRENAGEM/OBRAS DE CONTENCAO/POCOS DE VISITA E CAIXAS","MEIO FIO, LINHA D'AGUA E SARJERTA"]
[94266,"GUIA (MEIO-FIO) CONCRETO, MOLDADA  IN LOCO  EM TRECHO CURVO COM EXTRUSORA, 15 CM BASE X 30 CM ALTURA. AF_06/2016","M",33.020000000000003,"SINAPI","DRENAGEM/OBRAS DE CONTENCAO/POCOS DE VISITA E CAIXAS","MEIO FIO, LINHA D'AGUA E SARJERTA"]
[94267,"GUIA (MEIO-FIO) E SARJETA CONJUGADOS DE CONCRETO, MOLDADA  IN LOCO  EM TRECHO RETO COM EXTRUSORA, 45 CM BASE (15 CM BASE DA GUIA + 30 CM BASE DA SARJETA) X 22 CM ALTURA. AF_06/2016","M",34.409999999999997,"SINAPI","DRENAGEM/OBRAS DE CONTENCAO/POCOS DE VISITA E CAIXAS","MEIO FIO, LINHA D'AGUA E SARJERTA"]
[94268,"GUIA (MEIO-FIO) E SARJETA CONJUGADOS DE CONCRETO, MOLDADA  IN LOCO  EM TRECHO CURVO COM EXTRUSORA, 45 CM BASE (15 CM BASE DA GUIA + 30 CM BASE DA SARJETA) X 22 CM ALTURA. AF_06/2016","M",38.36,"SINAPI","DRENAGEM/OBRAS DE CONTENCAO/POCOS DE VISITA E CAIXAS","MEIO FIO, LINHA D'AGUA E SARJERTA"]
[94269,"GUIA (MEIO-FIO) E SARJETA CONJUGADOS DE CONCRETO, MOLDADA  IN LOCO  EM TRECHO RETO COM EXTRUSORA, 60 CM BASE (15 CM BASE DA GUIA + 45 CM BASE DA SARJETA) X 26 CM ALTURA. AF_06/2016","M",47.89,"SINAPI","DRENAGEM/OBRAS DE CONTENCAO/POCOS DE VISITA E CAIXAS","MEIO FIO, LINHA D'AGUA E SARJERTA"]
[94270,"GUIA (MEIO-FIO) E SARJETA CONJUGADOS DE CONCRETO, MOLDADA IN LOCO  EM TRECHO CURVO COM EXTRUSORA, 60 CM BASE (15 CM BASE DA GUIA + 45 CM BASE DA SARJETA) X 26 CM ALTURA. AF_06/2016","M",53.4,"SINAPI","DRENAGEM/OBRAS DE CONTENCAO/POCOS DE VISITA E CAIXAS","MEIO FIO, LINHA D'AGUA E SARJERTA"]
[94271,"GUIA (MEIO-FIO) E SARJETA CONJUGADOS DE CONCRETO, MOLDADA  IN LOCO  EM TRECHO RETO COM EXTRUSORA, 65 CM BASE (15 CM BASE DA GUIA + 50 CM BASE DA SARJETA) X 26 CM ALTURA. AF_06/2016","M",58.32,"SINAPI","DRENAGEM/OBRAS DE CONTENCAO/POCOS DE VISITA E CAIXAS","MEIO FIO, LINHA D'AGUA E SARJERTA"]
[94272,"GUIA (MEIO-FIO) E SARJETA CONJUGADOS DE CONCRETO, MOLDADA  IN LOCO  EM TRECHO CURVO COM EXTRUSORA, 65 CM BASE (15 CM BASE DA GUIA + 50 CM BASE DA SARJETA) X 26 CM ALTURA. AF_06/2016","M",65.67,"SINAPI","DRENAGEM/OBRAS DE CONTENCAO/POCOS DE VISITA E CAIXAS","MEIO FIO, LINHA D'AGUA E SARJERTA"]
[94273,"ASSENTAMENTO DE GUIA (MEIO-FIO) EM TRECHO RETO, CONFECCIONADA EM CONCRETO PRÉ-FABRICADO, DIMENSÕES 100X15X13X30 CM (COMPRIMENTO X BASE INFERIOR X BASE SUPERIOR X ALTURA), PARA VIAS URBANAS (USO VIÁRIO). AF_06/2016","M",35.44,"SINAPI","DRENAGEM/OBRAS DE CONTENCAO/POCOS DE VISITA E CAIXAS","MEIO FIO, LINHA D'AGUA E SARJERTA"]
[94274,"ASSENTAMENTO DE GUIA (MEIO-FIO) EM TRECHO CURVO, CONFECCIONADA EM CONCRETO PRÉ-FABRICADO, DIMENSÕES 100X15X13X30 CM (COMPRIMENTO X BASE INFERIOR X BASE SUPERIOR X ALTURA), PARA VIAS URBANAS (USO VIÁRIO). AF_06/2016","M",38.909999999999997,"SINAPI","DRENAGEM/OBRAS DE CONTENCAO/POCOS DE VISITA E CAIXAS","MEIO FIO, LINHA D'AGUA E SARJERTA"]
[94275,"ASSENTAMENTO DE GUIA (MEIO-FIO) EM TRECHO RETO, CONFECCIONADA EM CONCRETO PRÉ-FABRICADO, DIMENSÕES 100X15X13X20 CM (COMPRIMENTO X BASE INFERIOR X BASE SUPERIOR X ALTURA), PARA URBANIZAÇÃO INTERNA DE EMPREENDIMENTOS. AF_06/2016_P","M",33.68,"SINAPI","DRENAGEM/OBRAS DE CONTENCAO/POCOS DE VISITA E CAIXAS","MEIO FIO, LINHA D'AGUA E SARJERTA"]
[94276,"ASSENTAMENTO DE GUIA (MEIO-FIO) EM TRECHO CURVO, CONFECCIONADA EM CONCRETO PRÉ-FABRICADO, DIMENSÕES 100X15X13X20 CM (COMPRIMENTO X BASE INFERIOR X BASE SUPERIOR X ALTURA), PARA URBANIZAÇÃO INTERNA DE EMPREENDIMENTOS. AF_06/2016_P","M",37.15,"SINAPI","DRENAGEM/OBRAS DE CONTENCAO/POCOS DE VISITA E CAIXAS","MEIO FIO, LINHA D'AGUA E SARJERTA"]
[94281,"EXECUÇÃO DE SARJETA DE CONCRETO USINADO, MOLDADA  IN LOCO  EM TRECHO RETO, 30 CM BASE X 15 CM ALTURA. AF_06/2016","M",36.5,"SINAPI","DRENAGEM/OBRAS DE CONTENCAO/POCOS DE VISITA E CAIXAS","MEIO FIO, LINHA D'AGUA E SARJERTA"]
[94282,"EXECUÇÃO DE SARJETA DE CONCRETO USINADO, MOLDADA  IN LOCO  EM TRECHO CURVO, 30 CM BASE X 15 CM ALTURA. AF_06/2016","M",47.09,"SINAPI","DRENAGEM/OBRAS DE CONTENCAO/POCOS DE VISITA E CAIXAS","MEIO FIO, LINHA D'AGUA E SARJERTA"]
[94283,"EXECUÇÃO DE SARJETA DE CONCRETO USINADO, MOLDADA  IN LOCO  EM TRECHO RETO, 45 CM BASE X 15 CM ALTURA. AF_06/2016","M",45.5,"SINAPI","DRENAGEM/OBRAS DE CONTENCAO/POCOS DE VISITA E CAIXAS","MEIO FIO, LINHA D'AGUA E SARJERTA"]
[94284,"EXECUÇÃO DE SARJETA DE CONCRETO USINADO, MOLDADA  IN LOCO  EM TRECHO CURVO, 45 CM BASE X 15 CM ALTURA. AF_06/2016","M",56.08,"SINAPI","DRENAGEM/OBRAS DE CONTENCAO/POCOS DE VISITA E CAIXAS","MEIO FIO, LINHA D'AGUA E SARJERTA"]
[94285,"EXECUÇÃO DE SARJETA DE CONCRETO USINADO, MOLDADA  IN LOCO  EM TRECHO RETO, 60 CM BASE X 15 CM ALTURA. AF_06/2016","M",53.99,"SINAPI","DRENAGEM/OBRAS DE CONTENCAO/POCOS DE VISITA E CAIXAS","MEIO FIO, LINHA D'AGUA E SARJERTA"]
[94286,"EXECUÇÃO DE SARJETA DE CONCRETO USINADO, MOLDADA  IN LOCO  EM TRECHO CURVO, 60 CM BASE X 15 CM ALTURA. AF_06/2016","M",64.569999999999993,"SINAPI","DRENAGEM/OBRAS DE CONTENCAO/POCOS DE VISITA E CAIXAS","MEIO FIO, LINHA D'AGUA E SARJERTA"]
[94287,"EXECUÇÃO DE SARJETA DE CONCRETO USINADO, MOLDADA  IN LOCO  EM TRECHO RETO, 30 CM BASE X 10 CM ALTURA. AF_06/2016","M",29.29,"SINAPI","DRENAGEM/OBRAS DE CONTENCAO/POCOS DE VISITA E CAIXAS","MEIO FIO, LINHA D'AGUA E SARJERTA"]
[94288,"EXECUÇÃO DE SARJETA DE CONCRETO USINADO, MOLDADA  IN LOCO  EM TRECHO CURVO, 30 CM BASE X 10 CM ALTURA. AF_06/2016","M",38.549999999999997,"SINAPI","DRENAGEM/OBRAS DE CONTENCAO/POCOS DE VISITA E CAIXAS","MEIO FIO, LINHA D'AGUA E SARJERTA"]
[94289,"EXECUÇÃO DE SARJETA DE CONCRETO USINADO, MOLDADA  IN LOCO  EM TRECHO RETO, 45 CM BASE X 10 CM ALTURA. AF_06/2016","M",35.880000000000003,"SINAPI","DRENAGEM/OBRAS DE CONTENCAO/POCOS DE VISITA E CAIXAS","MEIO FIO, LINHA D'AGUA E SARJERTA"]
[94290,"EXECUÇÃO DE SARJETA DE CONCRETO USINADO, MOLDADA  IN LOCO  EM TRECHO CURVO, 45 CM BASE X 10 CM ALTURA. AF_06/2016","M",45.13,"SINAPI","DRENAGEM/OBRAS DE CONTENCAO/POCOS DE VISITA E CAIXAS","MEIO FIO, LINHA D'AGUA E SARJERTA"]
[94291,"EXECUÇÃO DE SARJETA DE CONCRETO USINADO, MOLDADA  IN LOCO  EM TRECHO RETO, 60 CM BASE X 10 CM ALTURA. AF_06/2016","M",41.99,"SINAPI","DRENAGEM/OBRAS DE CONTENCAO/POCOS DE VISITA E CAIXAS","MEIO FIO, LINHA D'AGUA E SARJERTA"]
[94292,"EXECUÇÃO DE SARJETA DE CONCRETO USINADO, MOLDADA  IN LOCO  EM TRECHO CURVO, 60 CM BASE X 10 CM ALTURA. AF_06/2016","M",51.24,"SINAPI","DRENAGEM/OBRAS DE CONTENCAO/POCOS DE VISITA E CAIXAS","MEIO FIO, LINHA D'AGUA E SARJERTA"]
[94293,"EXECUÇÃO DE SARJETÃO DE CONCRETO USINADO, MOLDADA  IN LOCO  EM TRECHO RETO, 100 CM BASE X 20 CM ALTURA. AF_06/2016","M",103.43,"SINAPI","DRENAGEM/OBRAS DE CONTENCAO/POCOS DE VISITA E CAIXAS","MEIO FIO, LINHA D'AGUA E SARJERTA"]
[94294,"EXECUÇÃO DE ESCORAS DE CONCRETO PARA CONTENÇÃO DE GUIAS PRÉ-FABRICADAS. AF_06/2016","M",6.41,"SINAPI","DRENAGEM/OBRAS DE CONTENCAO/POCOS DE VISITA E CAIXAS","MEIO FIO, LINHA D'AGUA E SARJERTA"]
[94037,"ESCORAMENTO DE VALA, TIPO PONTALETEAMENTO, COM PROFUNDIDADE DE 0 A 1,5 M, LARGURA MENOR QUE 1,5 M, EM LOCAL COM NÍVEL ALTO DE INTERFERÊNCIA. AF_06/2016","M2",20.55,"SINAPI","ESCORAMENTO","ESCORAMENTO DE MADEIRA EM VALAS"]
[94038,"ESCORAMENTO DE VALA, TIPO PONTALETEAMENTO, COM PROFUNDIDADE DE 0 A 1,5 M, LARGURA MAIOR OU IGUAL A 1,5 M E MENOR QUE 2,5 M, EM LOCAL COM NÍVEL ALTO DE INTERFERÊNCIA. AF_06/2016","M2",27.97,"SINAPI","ESCORAMENTO","ESCORAMENTO DE MADEIRA EM VALAS"]
[94039,"ESCORAMENTO DE VALA, TIPO PONTALETEAMENTO, COM PROFUNDIDADE DE 1,5 A 3,0 M, LARGURA MENOR QUE 1,5 M, EM LOCAL COM NÍVEL ALTO DE INTERFERÊNCIA. AF_06/2016","M2",16.190000000000001,"SINAPI","ESCORAMENTO","ESCORAMENTO DE MADEIRA EM VALAS"]
[94040,"ESCORAMENTO DE VALA, TIPO PONTALETEAMENTO, COM PROFUNDIDADE DE 1,5 A 3,0 M, LARGURA MAIOR OU IGUAL A 1,5 M E MENOR QUE 2,5 M, EM LOCAL COM NÍVEL ALTO DE INTERFERÊNCIA. AF_06/2016","M2",23.66,"SINAPI","ESCORAMENTO","ESCORAMENTO DE MADEIRA EM VALAS"]
[94041,"ESCORAMENTO DE VALA, TIPO PONTALETEAMENTO, COM PROFUNDIDADE DE 3,0 A 4,5 M, LARGURA MENOR QUE 1,5 M EM LOCAL COM NÍVEL ALTO DE INTERFERÊNCIA. AF_06/2016","M2",12.37,"SINAPI","ESCORAMENTO","ESCORAMENTO DE MADEIRA EM VALAS"]
[94042,"ESCORAMENTO DE VALA, TIPO PONTALETEAMENTO, COM PROFUNDIDADE DE 3,0 A 4,5 M, LARGURA MAIOR OU IGUAL A 1,5 M E MENOR QUE 2,5 M, EM LOCAL COM NÍVEL ALTO DE INTERFERÊNCIA. AF_06/2016","M2",19.95,"SINAPI","ESCORAMENTO","ESCORAMENTO DE MADEIRA EM VALAS"]
[94043,"ESCORAMENTO DE VALA, TIPO PONTALETEAMENTO, COM PROFUNDIDADE DE 0 A 1,5 M, LARGURA MENOR QUE 1,5 M, EM LOCAL COM NÍVEL BAIXO DE INTERFERÊNCIA. AF_06/2016","M2",19.34,"SINAPI","ESCORAMENTO","ESCORAMENTO DE MADEIRA EM VALAS"]
[94044,"ESCORAMENTO DE VALA, TIPO PONTALETEAMENTO, COM PROFUNDIDADE DE 0 A 1,5 M, LARGURA MAIOR OU IGUAL A 1,5 M E MENOR QUE 2,5 M, EM LOCAL COM NÍVEL BAIXO DE INTERFERÊNCIA. AF_06/2016","M2",26.81,"SINAPI","ESCORAMENTO","ESCORAMENTO DE MADEIRA EM VALAS"]
[94045,"ESCORAMENTO DE VALA, TIPO PONTALETEAMENTO, COM PROFUNDIDADE DE 1,5 A 3,0 M, LARGURA MENOR QUE 1,5 M, EM LOCAL COM NÍVEL BAIXO DE INTERFERÊNCIA. AF_06/2016","M2",15.03,"SINAPI","ESCORAMENTO","ESCORAMENTO DE MADEIRA EM VALAS"]
[94046,"ESCORAMENTO DE VALA, TIPO PONTALETEAMENTO, COM PROFUNDIDADE DE 1,5 A 3,0 M, LARGURA MAIOR OU IGUAL A 1,5 M E MENOR QUE 2,5 M, EM LOCAL COM NÍVEL BAIXO DE INTERFERÊNCIA. AF_06/2016","M2",22.46,"SINAPI","ESCORAMENTO","ESCORAMENTO DE MADEIRA EM VALAS"]
[94047,"ESCORAMENTO DE VALA, TIPO PONTALETEAMENTO, COM PROFUNDIDADE DE 3,0 A 4,5 M, LARGURA MENOR QUE 1,5 M EM LOCAL COM NÍVEL BAIXO DE INTERFERÊNCIA. AF_06/2016","M2",11.21,"SINAPI","ESCORAMENTO","ESCORAMENTO DE MADEIRA EM VALAS"]
[94048,"ESCORAMENTO DE VALA, TIPO PONTALETEAMENTO, COM PROFUNDIDADE DE 3,0 A 4,5 M, LARGURA MAIOR OU IGUAL A 1,5 M E MENOR QUE 2,5 M, EM LOCAL COM NÍVEL BAIXO DE INTERFERÊNCIA. AF_06/2016","M2",18.739999999999998,"SINAPI","ESCORAMENTO","ESCORAMENTO DE MADEIRA EM VALAS"]
[94049,"ESCORAMENTO DE VALA, TIPO DESCONTÍNUO, COM PROFUNDIDADE DE 0 A 1,5 M, LARGURA MENOR QUE 1,5 M, EM LOCAL COM NÍVEL ALTO DE INTERFERÊNCIA. AF_06/2016","M2",35.53,"SINAPI","ESCORAMENTO","ESCORAMENTO DE MADEIRA EM VALAS"]
[94050,"ESCORAMENTO DE VALA, TIPO DESCONTÍNUO, COM PROFUNDIDADE DE 0 A 1,5 M, LARGURA MAIOR OU IGUAL A 1,5 M E MENOR QUE 2,5 M, EM LOCAL COM NÍVEL ALTO DE INTERFERÊNCIA. AF_06/2016","M2",45.2,"SINAPI","ESCORAMENTO","ESCORAMENTO DE MADEIRA EM VALAS"]
[94051,"ESCORAMENTO DE VALA, TIPO DESCONTÍNUO, COM PROFUNDIDADE DE 1,5 M A 3,0 M, LARGURA MENOR QUE 1,5 M, EM LOCAL COM NÍVEL ALTO DE INTERFERÊNCIA. AF_06/2016","M2",29.41,"SINAPI","ESCORAMENTO","ESCORAMENTO DE MADEIRA EM VALAS"]
[94052,"ESCORAMENTO DE VALA, TIPO DESCONTÍNUO, COM PROFUNDIDADE DE 1,5 A 3,0 M, LARGURA MAIOR OU IGUAL A 1,5 M E MENOR QUE 2,5 M, EM LOCAL COM NÍVEL ALTO DE INTERFERÊNCIA. AF_06/2016","M2",38.96,"SINAPI","ESCORAMENTO","ESCORAMENTO DE MADEIRA EM VALAS"]
[94053,"ESCORAMENTO DE VALA, TIPO DESCONTÍNUO, COM PROFUNDIDADE DE 3,0 A 4,5 M, LARGURA MENOR QUE 1,5 M, EM LOCAL COM NÍVEL ALTO DE INTERFERÊNCIA. AF_06/2016","M2",25.79,"SINAPI","ESCORAMENTO","ESCORAMENTO DE MADEIRA EM VALAS"]
[94054,"ESCORAMENTO DE VALA, TIPO DESCONTÍNUO, COM PROFUNDIDADE DE 3,0 A 4,5 M, LARGURA MAIOR OU IGUAL A 1,5 E MENOR QUE 2,5 M, EM LOCAL COM NÍVEL ALTO DE INTERFERÊNCIA. AF_06/2016","M2",35.450000000000003,"SINAPI","ESCORAMENTO","ESCORAMENTO DE MADEIRA EM VALAS"]
[94055,"ESCORAMENTO DE VALA, TIPO DESCONTÍNUO, COM PROFUNDIDADE DE 0 A 1,5 M, LARGURA MENOR QUE 1,5 M, EM LOCAL COM NÍVEL BAIXO DE INTERFERÊNCIA. AF_06/2016","M2",33.97,"SINAPI","ESCORAMENTO","ESCORAMENTO DE MADEIRA EM VALAS"]
[94056,"ESCORAMENTO DE VALA, TIPO DESCONTÍNUO, COM PROFUNDIDADE DE 0 A 1,5 M, LARGURA MAIOR OU IGUAL A 1,5 M E MENOR QUE 2,5 M, EM LOCAL COM NÍVEL BAIXO DE INTERFERÊNCIA. AF_06/2016","M2",43.68,"SINAPI","ESCORAMENTO","ESCORAMENTO DE MADEIRA EM VALAS"]
[94057,"ESCORAMENTO DE VALA, TIPO DESCONTÍNUO, COM PROFUNDIDADE DE 1,5 M A 3,0 M, LARGURA MENOR QUE 1,5 M, EM LOCAL COM NÍVEL BAIXO DE INTERFERÊNCIA. AF_06/2016","M2",27.87,"SINAPI","ESCORAMENTO","ESCORAMENTO DE MADEIRA EM VALAS"]
[94058,"ESCORAMENTO DE VALA, TIPO DESCONTÍNUO, COM PROFUNDIDADE DE 1,5 A 3,0 M, LARGURA MAIOR OU IGUAL A 1,5 M E MENOR QUE 2,5 M, EM LOCAL COM NÍVEL BAIXO DE INTERFERÊNCIA. AF_06/2016","M2",37.42,"SINAPI","ESCORAMENTO","ESCORAMENTO DE MADEIRA EM VALAS"]
[94059,"ESCORAMENTO DE VALA, TIPO DESCONTÍNUO, COM PROFUNDIDADE DE 3,0 A 4,5 M, LARGURA MENOR QUE 1,5 M, EM LOCAL COM NÍVEL BAIXO DE INTERFERÊNCIA. AF_06/2016","M2",24.26,"SINAPI","ESCORAMENTO","ESCORAMENTO DE MADEIRA EM VALAS"]
[94060,"ESCORAMENTO DE VALA, TIPO DESCONTÍNUO, COM PROFUNDIDADE DE 3,0 A 4,5 M, LARGURA MAIOR OU IGUAL A 1,5 E MENOR QUE 2,5 M, EM LOCAL COM NÍVEL BAIXO DE INTERFERÊNCIA. AF_06/2016","M2",33.92,"SINAPI","ESCORAMENTO","ESCORAMENTO DE MADEIRA EM VALAS"]
[83770,"ESCORAMENTO CONTINUO DE VALAS, MISTO, COM PERFIL I DE 8\"","M2",158.46,"SINAPI","ESCORAMENTO","ESCORAMENTO MISTO EM VALAS"]
[73301,"ESCORAMENTO FORMAS ATE H = 3,30M, COM MADEIRA DE 3A QUALIDADE, NAO APARELHADA, APROVEITAMENTO TABUAS 3X E PRUMOS 4X.","M3",9.4499999999999993,"SINAPI","ESCORAMENTO","CIMBRAMENTO"]
[83515,"ESCORAMENTO FORMAS DE H=3,30 A 3,50 M, COM MADEIRA 3A QUALIDADE, NAO APARELHADA, APROVEITAMENTO TABUAS 3X E PRUMOS 4X","M3",18.72,"SINAPI","ESCORAMENTO","CIMBRAMENTO"]
[83516,"ESCORAMENTO FORMAS H=3,50 A 4,00 M, COM MADEIRA DE 3A QUALIDADE, NAO APARELHADA, APROVEITAMENTO TABUAS 3X E PRUMOS 4X.","M3",21.62,"SINAPI","ESCORAMENTO","CIMBRAMENTO"]
[72144,"RECOLOCACAO DE FOLHAS DE PORTA DE PASSAGEM OU JANELA, CONSIDERANDO REAPROVEITAMENTO DO MATERIAL","UN",96.08,"SINAPI","ESQUADRIAS/FERRAGENS/VIDROS","PORTA DE MADEIRA"]
["73910/8","PORTA DE MADEIRA COMPENSADA LISA PARA PINTURA, 120X210X3,5CM, 2 FOLHAS, INCLUSO ADUELA 2A, ALIZAR 2A E DOBRADICAS","UN",670.57,"SINAPI","ESQUADRIAS/FERRAGENS/VIDROS","PORTA DE MADEIRA"]
[84876,"PORTA MADEIRA 1A CORRER P/VIDRO 30MM/ GUARNICAO 15CM/ALIZAR","M2",698.29,"SINAPI","ESQUADRIAS/FERRAGENS/VIDROS","PORTA DE MADEIRA"]
[90788,"PORTA-PRONTA DE MADEIRA, FOLHA LEVE OU MÉDIA, 60X210CM, FIXAÇÃO COM PREENCHIMENTO PARCIAL DE ESPUMA EXPANSIVA - FORNECIMENTO E INSTALAÇÃO. AF_08/2015","UN",345.65,"SINAPI","ESQUADRIAS/FERRAGENS/VIDROS","PORTA DE MADEIRA"]
[90789,"PORTA-PRONTA DE MADEIRA, FOLHA LEVE OU MÉDIA, 70X210CM, FIXAÇÃO COM PREENCHIMENTO PARCIAL DE ESPUMA EXPANSIVA - FORNECIMENTO E INSTALAÇÃO. AF_08/2015","UN",357.53,"SINAPI","ESQUADRIAS/FERRAGENS/VIDROS","PORTA DE MADEIRA"]
[90790,"PORTA-PRONTA DE MADEIRA, FOLHA LEVE OU MÉDIA, 80X210CM, FIXAÇÃO COM PREENCHIMENTO PARCIAL DE ESPUMA EXPANSIVA - FORNECIMENTO E INSTALAÇÃO. AF_08/2015","UN",361.22,"SINAPI","ESQUADRIAS/FERRAGENS/VIDROS","PORTA DE MADEIRA"]
[90791,"PORTA-PRONTA DE MADEIRA, FOLHA PESADA OU SUPERPESADA, 80X210CM, FIXAÇÃO COM PREENCHIMENTO PARCIAL DE ESPUMA EXPANSIVA - FORNECIMENTO E INSTALAÇÃO. AF_08/2015","UN",388.48,"SINAPI","ESQUADRIAS/FERRAGENS/VIDROS","PORTA DE MADEIRA"]
[90792,"PORTA-PRONTA DE MADEIRA, FOLHA PESADA OU SUPERPESADA, 80X210CM, FIXAÇÃO COM PREENCHIMENTO TOTAL DE ESPUMA EXPANSIVA - FORNECIMENTO E INSTALAÇÃO. AF_08/2015","UN",413.32,"SINAPI","ESQUADRIAS/FERRAGENS/VIDROS","PORTA DE MADEIRA"]
[90793,"PORTA-PRONTA DE MADEIRA, FOLHA PESADA OU SUPERPESADA, 90X210CM, FIXAÇÃO COM PREENCHIMENTO TOTAL DE ESPUMA EXPANSIVA - FORNECIMENTO E INSTALAÇÃO. AF_08/2015","UN",425.66,"SINAPI","ESQUADRIAS/FERRAGENS/VIDROS","PORTA DE MADEIRA"]
[90800,"ADUELA / MARCO / BATENTE PARA PORTA DE 60X210CM, PADRÃO MÉDIO - FORNECIMENTO E MONTAGEM. AF_08/2015","UN",192.87,"SINAPI","ESQUADRIAS/FERRAGENS/VIDROS","PORTA DE MADEIRA"]
[90801,"ADUELA / MARCO / BATENTE PARA PORTA DE 70X210CM, PADRÃO MÉDIO - FORNECIMENTO E MONTAGEM. AF_08/2015","UN",201.83,"SINAPI","ESQUADRIAS/FERRAGENS/VIDROS","PORTA DE MADEIRA"]
[90802,"ADUELA / MARCO / BATENTE PARA PORTA DE 80X210CM, PADRÃO MÉDIO - FORNECIMENTO E MONTAGEM. AF_08/2015","UN",210.81,"SINAPI","ESQUADRIAS/FERRAGENS/VIDROS","PORTA DE MADEIRA"]
[90803,"ADUELA / MARCO / BATENTE PARA PORTA DE 90X210CM, PADRÃO MÉDIO - FORNECIMENTO E MONTAGEM. AF_08/2015","UN",219.76,"SINAPI","ESQUADRIAS/FERRAGENS/VIDROS","PORTA DE MADEIRA"]
[90804,"ADUELA / MARCO / BATENTE PARA PORTA DE 60X210CM, FIXAÇÃO COM ARGAMASSA, PADRÃO MÉDIO - FORNECIMENTO E INSTALAÇÃO. AF_08/2015_P","UN",261.29000000000002,"SINAPI","ESQUADRIAS/FERRAGENS/VIDROS","PORTA DE MADEIRA"]
[90805,"ADUELA / MARCO / BATENTE PARA PORTA DE 60X210CM, FIXAÇÃO COM ARGAMASSA - SOMENTE INSTALAÇÃO. AF_08/2015_P","UN",68.42,"SINAPI","ESQUADRIAS/FERRAGENS/VIDROS","PORTA DE MADEIRA"]
[90806,"ADUELA / MARCO / BATENTE PARA PORTA DE 70X210CM, FIXAÇÃO COM ARGAMASSA, PADRÃO MÉDIO - FORNECIMENTO E INSTALAÇÃO. AF_08/2015_P","UN",276.13,"SINAPI","ESQUADRIAS/FERRAGENS/VIDROS","PORTA DE MADEIRA"]
[90807,"ADUELA / MARCO / BATENTE PARA PORTA DE 70X210CM, FIXAÇÃO COM ARGAMASSA - SOMENTE INSTALAÇÃO. AF_08/2015_P","UN",74.3,"SINAPI","ESQUADRIAS/FERRAGENS/VIDROS","PORTA DE MADEIRA"]
[90816,"ADUELA / MARCO / BATENTE PARA PORTA DE 80X210CM, FIXAÇÃO COM ARGAMASSA, PADRÃO MÉDIO - FORNECIMENTO E INSTALAÇÃO. AF_08/2015_P","UN",290.98,"SINAPI","ESQUADRIAS/FERRAGENS/VIDROS","PORTA DE MADEIRA"]
[90817,"ADUELA / MARCO / BATENTE PARA PORTA DE 80X210CM, FIXAÇÃO COM ARGAMASSA - SOMENTE INSTALAÇÃO. AF_08/2015_P","UN",80.17,"SINAPI","ESQUADRIAS/FERRAGENS/VIDROS","PORTA DE MADEIRA"]
[90818,"ADUELA / MARCO / BATENTE PARA PORTA DE 90X210CM, FIXAÇÃO COM ARGAMASSA, PADRÃO MÉDIO - FORNECIMENTO E INSTALAÇÃO. AF_08/2015_P","UN",305.86,"SINAPI","ESQUADRIAS/FERRAGENS/VIDROS","PORTA DE MADEIRA"]
[90819,"ADUELA / MARCO / BATENTE PARA PORTA DE 90X210CM, FIXAÇÃO COM ARGAMASSA - SOMENTE INSTALAÇÃO. AF_08/2015_P","UN",86.1,"SINAPI","ESQUADRIAS/FERRAGENS/VIDROS","PORTA DE MADEIRA"]
[90820,"PORTA DE MADEIRA PARA PINTURA, SEMI-OCA (LEVE OU MÉDIA), 60X210CM, ESPESSURA DE 3,5CM, INCLUSO DOBRADIÇAS - FORNECIMENTO E INSTALAÇÃO. AF_08/2015","UN",334.94,"SINAPI","ESQUADRIAS/FERRAGENS/VIDROS","PORTA DE MADEIRA"]
[90821,"PORTA DE MADEIRA PARA PINTURA, SEMI-OCA (LEVE OU MÉDIA), 70X210CM, ESPESSURA DE 3,5CM, INCLUSO DOBRADIÇAS - FORNECIMENTO E INSTALAÇÃO. AF_08/2015","UN",356.89,"SINAPI","ESQUADRIAS/FERRAGENS/VIDROS","PORTA DE MADEIRA"]
[90822,"PORTA DE MADEIRA PARA PINTURA, SEMI-OCA (LEVE OU MÉDIA), 80X210CM, ESPESSURA DE 3,5CM, INCLUSO DOBRADIÇAS - FORNECIMENTO E INSTALAÇÃO. AF_08/2015","UN",355.84,"SINAPI","ESQUADRIAS/FERRAGENS/VIDROS","PORTA DE MADEIRA"]
[90823,"PORTA DE MADEIRA PARA PINTURA, SEMI-OCA (LEVE OU MÉDIA), 90X210CM, ESPESSURA DE 3,5CM, INCLUSO DOBRADIÇAS - FORNECIMENTO E INSTALAÇÃO. AF_08/2015","UN",370.4,"SINAPI","ESQUADRIAS/FERRAGENS/VIDROS","PORTA DE MADEIRA"]
[90826,"ALIZAR / GUARNIÇÃO DE 5X1,5CM PARA PORTA DE 60X210CM FIXADO COM PREGOS, PADRÃO MÉDIO - FORNECIMENTO E INSTALAÇÃO. AF_08/2015","UN",28.58,"SINAPI","ESQUADRIAS/FERRAGENS/VIDROS","PORTA DE MADEIRA"]
[90827,"ALIZAR / GUARNIÇÃO DE 5X1,5CM PARA PORTA DE 70X210CM FIXADO COM PREGOS, PADRÃO MÉDIO - FORNECIMENTO E INSTALAÇÃO. AF_08/2015","UN",30.24,"SINAPI","ESQUADRIAS/FERRAGENS/VIDROS","PORTA DE MADEIRA"]
[90828,"ALIZAR / GUARNIÇÃO DE 5X1,5CM PARA PORTA DE 80X210CM FIXADO COM PREGOS, PADRÃO MÉDIO - FORNECIMENTO E INSTALAÇÃO. AF_08/2015","UN",31.9,"SINAPI","ESQUADRIAS/FERRAGENS/VIDROS","PORTA DE MADEIRA"]
[90829,"ALIZAR / GUARNIÇÃO DE 5X1,5CM PARA PORTA DE 90X210CM FIXADO COM PREGOS, PADRÃO MÉDIO - FORNECIMENTO E INSTALAÇÃO. AF_08/2015","UN",33.6,"SINAPI","ESQUADRIAS/FERRAGENS/VIDROS","PORTA DE MADEIRA"]
[90830,"FECHADURA DE EMBUTIR COM CILINDRO, EXTERNA, COMPLETA, ACABAMENTO PADRÃO MÉDIO, INCLUSO EXECUÇÃO DE FURO - FORNECIMENTO E INSTALAÇÃO. AF_08/2015","UN",101.93,"SINAPI","ESQUADRIAS/FERRAGENS/VIDROS","PORTA DE MADEIRA"]
[90831,"FECHADURA DE EMBUTIR PARA PORTA DE BANHEIRO, COMPLETA, ACABAMENTO PADRÃO MÉDIO, INCLUSO EXECUÇÃO DE FURO - FORNECIMENTO E INSTALAÇÃO. AF_08/2015","UN",79.709999999999994,"SINAPI","ESQUADRIAS/FERRAGENS/VIDROS","PORTA DE MADEIRA"]
[90841,"KIT DE PORTA DE MADEIRA PARA PINTURA, SEMI-OCA (LEVE OU MÉDIA), PADRÃO MÉDIO, 60X210CM, ESPESSURA DE 3,5CM, ITENS INCLUSOS: DOBRADIÇAS, MONTAGEM E INSTALAÇÃO DO BATENTE, FECHADURA COM EXECUÇÃO DO FURO - FORNECIMENTO E INSTALAÇÃO. AF_08/2015","UN",733.1,"SINAPI","ESQUADRIAS/FERRAGENS/VIDROS","PORTA DE MADEIRA"]
[90842,"KIT DE PORTA DE MADEIRA PARA PINTURA, SEMI-OCA (LEVE OU MÉDIA), PADRÃO MÉDIO, 70X210CM, ESPESSURA DE 3,5CM, ITENS INCLUSOS: DOBRADIÇAS, MONTAGEM E INSTALAÇÃO DO BATENTE, FECHADURA COM EXECUÇÃO DO FURO - FORNECIMENTO E INSTALAÇÃO. AF_08/2015","UN",779.66,"SINAPI","ESQUADRIAS/FERRAGENS/VIDROS","PORTA DE MADEIRA"]
[90843,"KIT DE PORTA DE MADEIRA PARA PINTURA, SEMI-OCA (LEVE OU MÉDIA), PADRÃO MÉDIO, 80X210CM, ESPESSURA DE 3,5CM, ITENS INCLUSOS: DOBRADIÇAS, MONTAGEM E INSTALAÇÃO DO BATENTE, FECHADURA COM EXECUÇÃO DO FURO - FORNECIMENTO E INSTALAÇÃO. AF_08/2015","UN",812.55,"SINAPI","ESQUADRIAS/FERRAGENS/VIDROS","PORTA DE MADEIRA"]
[90844,"KIT DE PORTA DE MADEIRA PARA PINTURA, SEMI-OCA (LEVE OU MÉDIA), PADRÃO MÉDIO, 90X210CM, ESPESSURA DE 3,5CM, ITENS INCLUSOS: DOBRADIÇAS, MONTAGEM E INSTALAÇÃO DO BATENTE, FECHADURA COM EXECUÇÃO DO FURO - FORNECIMENTO E INSTALAÇÃO. AF_08/2015","UN",845.39,"SINAPI","ESQUADRIAS/FERRAGENS/VIDROS","PORTA DE MADEIRA"]
[90847,"KIT DE PORTA DE MADEIRA PARA PINTURA, SEMI-OCA (LEVE OU MÉDIA), PADRÃO MÉDIO, 60X210CM, ESPESSURA DE 3,5CM, ITENS INCLUSOS: DOBRADIÇAS, MONTAGEM E INSTALAÇÃO DO BATENTE, SEM FECHADURA - FORNECIMENTO E INSTALAÇÃO. AF_08/2015","UN",653.39,"SINAPI","ESQUADRIAS/FERRAGENS/VIDROS","PORTA DE MADEIRA"]
[90848,"KIT DE PORTA DE MADEIRA PARA PINTURA, SEMI-OCA (LEVE OU MÉDIA), PADRÃO MÉDIO, 70X210CM, ESPESSURA DE 3,5CM, ITENS INCLUSOS: DOBRADIÇAS, MONTAGEM E INSTALAÇÃO DO BATENTE, SEM FECHADURA - FORNECIMENTO E INSTALAÇÃO. AF_08/2015","UN",693.5,"SINAPI","ESQUADRIAS/FERRAGENS/VIDROS","PORTA DE MADEIRA"]
[90849,"KIT DE PORTA DE MADEIRA PARA PINTURA, SEMI-OCA (LEVE OU MÉDIA), PADRÃO MÉDIO, 80X210CM, ESPESSURA DE 3,5CM, ITENS INCLUSOS: DOBRADIÇAS, MONTAGEM E INSTALAÇÃO DO BATENTE, SEM FECHADURA - FORNECIMENTO E INSTALAÇÃO. AF_08/2015","UN",710.62,"SINAPI","ESQUADRIAS/FERRAGENS/VIDROS","PORTA DE MADEIRA"]
[90850,"KIT DE PORTA DE MADEIRA PARA PINTURA, SEMI-OCA (LEVE OU MÉDIA), PADRÃO MÉDIO, 90X210CM, ESPESSURA DE 3,5CM, ITENS INCLUSOS: DOBRADIÇAS, MONTAGEM E INSTALAÇÃO DO BATENTE, SEM FECHADURA - FORNECIMENTO E INSTALAÇÃO. AF_08/2015","UN",743.46,"SINAPI","ESQUADRIAS/FERRAGENS/VIDROS","PORTA DE MADEIRA"]
[91009,"PORTA DE MADEIRA PARA VERNIZ, SEMI-OCA (LEVE OU MÉDIA), 60X210CM, ESPESSURA DE 3,5CM, INCLUSO DOBRADIÇAS - FORNECIMENTO E INSTALAÇÃO. AF_08/2015","UN",340.34,"SINAPI","ESQUADRIAS/FERRAGENS/VIDROS","PORTA DE MADEIRA"]
[91010,"PORTA DE MADEIRA PARA VERNIZ, SEMI-OCA (LEVE OU MÉDIA), 70X210CM, ESPESSURA DE 3,5CM, INCLUSO DOBRADIÇAS - FORNECIMENTO E INSTALAÇÃO. AF_08/2015","UN",297.61,"SINAPI","ESQUADRIAS/FERRAGENS/VIDROS","PORTA DE MADEIRA"]
[91011,"PORTA DE MADEIRA PARA VERNIZ, SEMI-OCA (LEVE OU MÉDIA), 80X210CM, ESPESSURA DE 3,5CM, INCLUSO DOBRADIÇAS - FORNECIMENTO E INSTALAÇÃO. AF_08/2015","UN",376.09,"SINAPI","ESQUADRIAS/FERRAGENS/VIDROS","PORTA DE MADEIRA"]
[91012,"PORTA DE MADEIRA PARA VERNIZ, SEMI-OCA (LEVE OU MÉDIA), 90X210CM, ESPESSURA DE 3,5CM, INCLUSO DOBRADIÇAS - FORNECIMENTO E INSTALAÇÃO. AF_08/2015","UN",366.23,"SINAPI","ESQUADRIAS/FERRAGENS/VIDROS","PORTA DE MADEIRA"]
[91013,"KIT DE PORTA DE MADEIRA PARA VERNIZ, SEMI-OCA (LEVE OU MÉDIA), PADRÃO MÉDIO, 60X210CM, ESPESSURA DE 3,5CM, ITENS INCLUSOS: DOBRADIÇAS, MONTAGEM E INSTALAÇÃO DO BATENTE, SEM FECHADURA - FORNECIMENTO E INSTALAÇÃO. AF_08/2015","UN",658.79,"SINAPI","ESQUADRIAS/FERRAGENS/VIDROS","PORTA DE MADEIRA"]
[91014,"KIT DE PORTA DE MADEIRA PARA VERNIZ, SEMI-OCA (LEVE OU MÉDIA), PADRÃO MÉDIO, 70X210CM, ESPESSURA DE 3,5CM, ITENS INCLUSOS: DOBRADIÇAS, MONTAGEM E INSTALAÇÃO DO BATENTE, SEM FECHADURA - FORNECIMENTO E INSTALAÇÃO. AF_08/2015","UN",634.22,"SINAPI","ESQUADRIAS/FERRAGENS/VIDROS","PORTA DE MADEIRA"]
[91015,"KIT DE PORTA DE MADEIRA PARA VERNIZ, SEMI-OCA (LEVE OU MÉDIA), PADRÃO MÉDIO, 80X210CM, ESPESSURA DE 3,5CM, ITENS INCLUSOS: DOBRADIÇAS, MONTAGEM E INSTALAÇÃO DO BATENTE, SEM FECHADURA - FORNECIMENTO E INSTALAÇÃO. AF_08/2015","UN",730.87,"SINAPI","ESQUADRIAS/FERRAGENS/VIDROS","PORTA DE MADEIRA"]
[91016,"KIT DE PORTA DE MADEIRA PARA VERNIZ, SEMI-OCA (LEVE OU MÉDIA), PADRÃO MÉDIO, 90X210CM, ESPESSURA DE 3,5CM, ITENS INCLUSOS: DOBRADIÇAS, MONTAGEM E INSTALAÇÃO DO BATENTE, SEM FECHADURA - FORNECIMENTO E INSTALAÇÃO. AF_08/2015","UN",739.29,"SINAPI","ESQUADRIAS/FERRAGENS/VIDROS","PORTA DE MADEIRA"]
[91286,"ADUELA / MARCO / BATENTE PARA PORTA DE 60X210CM, PADRÃO POPULAR - FORNECIMENTO E MONTAGEM. AF_08/2015","UN",157.1,"SINAPI","ESQUADRIAS/FERRAGENS/VIDROS","PORTA DE MADEIRA"]
[91287,"ADUELA / MARCO / BATENTE PARA PORTA DE 70X210CM, PADRÃO POPULAR - FORNECIMENTO E MONTAGEM. AF_08/2015","UN",166.06,"SINAPI","ESQUADRIAS/FERRAGENS/VIDROS","PORTA DE MADEIRA"]
[91288,"ADUELA / MARCO / BATENTE PARA PORTA DE 80X210CM, PADRÃO POPULAR - FORNECIMENTO E MONTAGEM. AF_08/2015","UN",175.04,"SINAPI","ESQUADRIAS/FERRAGENS/VIDROS","PORTA DE MADEIRA"]
[91290,"ADUELA / MARCO / BATENTE PARA PORTA DE 90X210CM, PADRÃO POPULAR - FORNECIMENTO E MONTAGEM. AF_08/2015","UN",183.99,"SINAPI","ESQUADRIAS/FERRAGENS/VIDROS","PORTA DE MADEIRA"]
[91291,"ADUELA / MARCO / BATENTE PARA PORTA DE 60X210CM, FIXAÇÃO COM ARGAMASSA, PADRÃO POPULAR - FORNECIMENTO E INSTALAÇÃO. AF_08/2015_P","UN",225.52,"SINAPI","ESQUADRIAS/FERRAGENS/VIDROS","PORTA DE MADEIRA"]
[91292,"ADUELA / MARCO / BATENTE PARA PORTA DE 70X210CM, FIXAÇÃO COM ARGAMASSA, PADRÃO POPULAR - FORNECIMENTO E INSTALAÇÃO. AF_08/2015_P","UN",240.36,"SINAPI","ESQUADRIAS/FERRAGENS/VIDROS","PORTA DE MADEIRA"]
[91293,"ADUELA / MARCO / BATENTE PARA PORTA DE 80X210CM, FIXAÇÃO COM ARGAMASSA, PADRÃO POPULAR - FORNECIMENTO E INSTALAÇÃO. AF_08/2015_P","UN",255.21,"SINAPI","ESQUADRIAS/FERRAGENS/VIDROS","PORTA DE MADEIRA"]
[91294,"ADUELA / MARCO / BATENTE PARA PORTA DE 90X210CM, FIXAÇÃO COM ARGAMASSA, PADRÃO POPULAR - FORNECIMENTO E INSTALAÇÃO. AF_08/2015_P","UN",270.08999999999997,"SINAPI","ESQUADRIAS/FERRAGENS/VIDROS","PORTA DE MADEIRA"]
[91295,"PORTA DE MADEIRA FRISADA, SEMI-OCA (LEVE OU MÉDIA), 60X210CM, ESPESSURA DE 3CM, INCLUSO DOBRADIÇAS - FORNECIMENTO E INSTALAÇÃO. AF_08/2015","UN",325.81,"SINAPI","ESQUADRIAS/FERRAGENS/VIDROS","PORTA DE MADEIRA"]
[91296,"PORTA DE MADEIRA FRISADA, SEMI-OCA (LEVE OU MÉDIA), 70X210CM, ESPESSURA DE 3CM, INCLUSO DOBRADIÇAS - FORNECIMENTO E INSTALAÇÃO. AF_08/2015","UN",341.09,"SINAPI","ESQUADRIAS/FERRAGENS/VIDROS","PORTA DE MADEIRA"]
[91297,"PORTA DE MADEIRA FRISADA, SEMI-OCA (LEVE OU MÉDIA), 80X210CM, ESPESSURA DE 3,5CM, INCLUSO DOBRADIÇAS - FORNECIMENTO E INSTALAÇÃO. AF_08/2015","UN",377.58,"SINAPI","ESQUADRIAS/FERRAGENS/VIDROS","PORTA DE MADEIRA"]
[91298,"PORTA DE MADEIRA TIPO VENEZIANA, 80X210CM, ESPESSURA DE 3CM, INCLUSO DOBRADIÇAS - FORNECIMENTO E INSTALAÇÃO. AF_08/2015","UN",690.44,"SINAPI","ESQUADRIAS/FERRAGENS/VIDROS","PORTA DE MADEIRA"]
[91299,"PORTA DE MADEIRA, TIPO MEXICANA, MACIÇA (PESADA OU SUPERPESADA), 80X210CM, ESPESSURA DE 3,5CM, INCLUSO DOBRADIÇAS - FORNECIMENTO E INSTALAÇÃO. AF_08/2015","UN",927.07,"SINAPI","ESQUADRIAS/FERRAGENS/VIDROS","PORTA DE MADEIRA"]
[91300,"ALIZAR / GUARNIÇÃO DE 5X1,5CM PARA PORTA DE 60X210CM FIXADO COM PREGOS, PADRÃO POPULAR - FORNECIMENTO E INSTALAÇÃO. AF_08/2015","UN",24.44,"SINAPI","ESQUADRIAS/FERRAGENS/VIDROS","PORTA DE MADEIRA"]
[91301,"ALIZAR / GUARNIÇÃO DE 5X1,5CM PARA PORTA DE 70X210CM FIXADO COM PREGOS, PADRÃO POPULAR - FORNECIMENTO E INSTALAÇÃO. AF_08/2015","UN",26.02,"SINAPI","ESQUADRIAS/FERRAGENS/VIDROS","PORTA DE MADEIRA"]
[91302,"ALIZAR / GUARNIÇÃO DE 5X1,5CM PARA PORTA DE 80X210CM FIXADO COM PREGOS, PADRÃO POPULAR - FORNECIMENTO E INSTALAÇÃO. AF_08/2015","UN",27.61,"SINAPI","ESQUADRIAS/FERRAGENS/VIDROS","PORTA DE MADEIRA"]
[91303,"ALIZAR / GUARNIÇÃO DE 5X1,5CM PARA PORTA DE 90X210CM FIXADO COM PREGOS, PADRÃO POPULAR - FORNECIMENTO E INSTALAÇÃO. AF_08/2015","UN",29.23,"SINAPI","ESQUADRIAS/FERRAGENS/VIDROS","PORTA DE MADEIRA"]
[91304,"FECHADURA DE EMBUTIR COM CILINDRO, EXTERNA, COMPLETA, ACABAMENTO PADRÃO POPULAR, INCLUSO EXECUÇÃO DE FURO - FORNECIMENTO E INSTALAÇÃO. AF_08/2015","UN",79.37,"SINAPI","ESQUADRIAS/FERRAGENS/VIDROS","PORTA DE MADEIRA"]
[91305,"FECHADURA DE EMBUTIR PARA PORTA DE BANHEIRO, COMPLETA, ACABAMENTO PADRÃO POPULAR, INCLUSO EXECUÇÃO DE FURO - FORNECIMENTO E INSTALAÇÃO. AF_08/2015","UN",59.99,"SINAPI","ESQUADRIAS/FERRAGENS/VIDROS","PORTA DE MADEIRA"]
[91306,"FECHADURA DE EMBUTIR PARA PORTAS INTERNAS, COMPLETA, ACABAMENTO PADRÃO MÉDIO, COM EXECUÇÃO DE FURO - FORNECIMENTO E INSTALAÇÃO. AF_08/2015","UN",86.16,"SINAPI","ESQUADRIAS/FERRAGENS/VIDROS","PORTA DE MADEIRA"]
[91307,"FECHADURA DE EMBUTIR PARA PORTAS INTERNAS, COMPLETA, ACABAMENTO PADRÃO POPULAR, COM EXECUÇÃO DE FURO - FORNECIMENTO E INSTALAÇÃO. AF_08/2015","UN",62.65,"SINAPI","ESQUADRIAS/FERRAGENS/VIDROS","PORTA DE MADEIRA"]
[91312,"KIT DE PORTA DE MADEIRA PARA PINTURA, SEMI-OCA (LEVE OU MÉDIA), PADRÃO POPULAR, 60X210CM, ESPESSURA DE 3,5CM, ITENS INCLUSOS: DOBRADIÇAS, MONTAGEM E INSTALAÇÃO DO BATENTE, FECHADURA COM EXECUÇÃO DO FURO - FORNECIMENTO E INSTALAÇÃO. AF_08/2015","UN",669.33,"SINAPI","ESQUADRIAS/FERRAGENS/VIDROS","PORTA DE MADEIRA"]
[91313,"KIT DE PORTA DE MADEIRA PARA PINTURA, SEMI-OCA (LEVE OU MÉDIA), PADRÃO POPULAR, 70X210CM, ESPESSURA DE 3,5CM, ITENS INCLUSOS: DOBRADIÇAS, MONTAGEM E INSTALAÇÃO DO BATENTE, FECHADURA COM EXECUÇÃO DO FURO - FORNECIMENTO E INSTALAÇÃO. AF_08/2015","UN",711.94,"SINAPI","ESQUADRIAS/FERRAGENS/VIDROS","PORTA DE MADEIRA"]
[91314,"KIT DE PORTA DE MADEIRA PARA PINTURA, SEMI-OCA (LEVE OU MÉDIA), PADRÃO POPULAR, 80X210CM, ESPESSURA DE 3,5CM, ITENS INCLUSOS: DOBRADIÇAS, MONTAGEM E INSTALAÇÃO DO BATENTE, FECHADURA COM EXECUÇÃO DO FURO - FORNECIMENTO E INSTALAÇÃO. AF_08/2015","UN",745.64,"SINAPI","ESQUADRIAS/FERRAGENS/VIDROS","PORTA DE MADEIRA"]
[91315,"KIT DE PORTA DE MADEIRA PARA PINTURA, SEMI-OCA (LEVE OU MÉDIA), PADRÃO POPULAR, 90X210CM, ESPESSURA DE 3,5CM, ITENS INCLUSOS: DOBRADIÇAS, MONTAGEM E INSTALAÇÃO DO BATENTE, FECHADURA COM EXECUÇÃO DO FURO - FORNECIMENTO E INSTALAÇÃO. AF_08/2015","UN",778.32,"SINAPI","ESQUADRIAS/FERRAGENS/VIDROS","PORTA DE MADEIRA"]
[91318,"KIT DE PORTA DE MADEIRA PARA PINTURA, SEMI-OCA (LEVE OU MÉDIA), PADRÃO POPULAR, 60X210CM, ESPESSURA DE 3,5CM, ITENS INCLUSOS: DOBRADIÇAS, MONTAGEM E INSTALAÇÃO DO BATENTE, SEM FECHADURA - FORNECIMENTO E INSTALAÇÃO. AF_08/2015","UN",609.34,"SINAPI","ESQUADRIAS/FERRAGENS/VIDROS","PORTA DE MADEIRA"]
[91319,"KIT DE PORTA DE MADEIRA PARA PINTURA, SEMI-OCA (LEVE OU MÉDIA), PADRÃO POPULAR, 70X210CM, ESPESSURA DE 3,5CM, ITENS INCLUSOS: DOBRADIÇAS, MONTAGEM E INSTALAÇÃO DO BATENTE, SEM FECHADURA - FORNECIMENTO E INSTALAÇÃO. AF_08/2015","UN",649.29,"SINAPI","ESQUADRIAS/FERRAGENS/VIDROS","PORTA DE MADEIRA"]
[91320,"KIT DE PORTA DE MADEIRA PARA PINTURA, SEMI-OCA (LEVE OU MÉDIA), PADRÃO POPULAR, 80X210CM, ESPESSURA DE 3,5CM, ITENS INCLUSOS: DOBRADIÇAS, MONTAGEM E INSTALAÇÃO DO BATENTE, SEM FECHADURA - FORNECIMENTO E INSTALAÇÃO. AF_08/2015","UN",666.27,"SINAPI","ESQUADRIAS/FERRAGENS/VIDROS","PORTA DE MADEIRA"]
[91321,"KIT DE PORTA DE MADEIRA PARA PINTURA, SEMI-OCA (LEVE OU MÉDIA), PADRÃO POPULAR, 90X210CM, ESPESSURA DE 3,5CM, ITENS INCLUSOS: DOBRADIÇAS, MONTAGEM E INSTALAÇÃO DO BATENTE, SEM FECHADURA - FORNECIMENTO E INSTALAÇÃO. AF_08/2015","UN",698.95,"SINAPI","ESQUADRIAS/FERRAGENS/VIDROS","PORTA DE MADEIRA"]
[91324,"KIT DE PORTA DE MADEIRA PARA VERNIZ, SEMI-OCA (LEVE OU MÉDIA), PADRÃO POPULAR, 60X210CM, ESPESSURA DE 3,5CM, ITENS INCLUSOS: DOBRADIÇAS, MONTAGEM E INSTALAÇÃO DO BATENTE, SEM FECHADURA - FORNECIMENTO E INSTALAÇÃO. AF_08/2015","UN",614.74,"SINAPI","ESQUADRIAS/FERRAGENS/VIDROS","PORTA DE MADEIRA"]
[91325,"KIT DE PORTA DE MADEIRA PARA VERNIZ, SEMI-OCA (LEVE OU MÉDIA), PADRÃO POPULAR, 70X210CM, ESPESSURA DE 3,5CM, ITENS INCLUSOS: DOBRADIÇAS, MONTAGEM E INSTALAÇÃO DO BATENTE, SEM FECHADURA - FORNECIMENTO E INSTALAÇÃO. AF_08/2015","UN",590.01,"SINAPI","ESQUADRIAS/FERRAGENS/VIDROS","PORTA DE MADEIRA"]
[91326,"KIT DE PORTA DE MADEIRA PARA VERNIZ, SEMI-OCA (LEVE OU MÉDIA), PADRÃO POPULAR, 80X210CM, ESPESSURA DE 3,5CM, ITENS INCLUSOS: DOBRADIÇAS, MONTAGEM E INSTALAÇÃO DO BATENTE, SEM FECHADURA - FORNECIMENTO E INSTALAÇÃO. AF_08/2015","UN",686.52,"SINAPI","ESQUADRIAS/FERRAGENS/VIDROS","PORTA DE MADEIRA"]
[91327,"KIT DE PORTA DE MADEIRA PARA VERNIZ, SEMI-OCA (LEVE OU MÉDIA), PADRÃO POPULAR, 90X210CM, ESPESSURA DE 3,5CM, ITENS INCLUSOS: DOBRADIÇAS, MONTAGEM E INSTALAÇÃO DO BATENTE, SEM FECHADURA - FORNECIMENTO E INSTALAÇÃO. AF_08/2015","UN",694.78,"SINAPI","ESQUADRIAS/FERRAGENS/VIDROS","PORTA DE MADEIRA"]
[91328,"KIT DE PORTA DE MADEIRA FRISADA, SEMI-OCA (LEVE OU MÉDIA), PADRÃO MÉDIO 60X210CM, ESPESSURA DE 3CM, ITENS INCLUSOS: DOBRADIÇAS, MONTAGEM E INSTALAÇÃO DO BATENTE, SEM FECHADURA - FORNECIMENTO E INSTALAÇÃO. AF_08/2015","UN",644.26,"SINAPI","ESQUADRIAS/FERRAGENS/VIDROS","PORTA DE MADEIRA"]
[91329,"KIT DE PORTA DE MADEIRA FRISADA, SEMI-OCA (LEVE OU MÉDIA), PADRÃO POPULAR, 60X210CM, ESPESSURA DE 3CM, ITENS INCLUSOS: DOBRADIÇAS, MONTAGEM E INSTALAÇÃO DO BATENTE, SEM FECHADURA - FORNECIMENTO E INSTALAÇÃO. AF_08/2015","UN",600.21,"SINAPI","ESQUADRIAS/FERRAGENS/VIDROS","PORTA DE MADEIRA"]
[91330,"KIT DE PORTA DE MADEIRA FRISADA, SEMI-OCA (LEVE OU MÉDIA), PADRÃO MÉDIO, 70X210CM, ESPESSURA DE 3CM, ITENS INCLUSOS: DOBRADIÇAS, MONTAGEM E INSTALAÇÃO DO BATENTE, SEM FECHADURA - FORNECIMENTO E INSTALAÇÃO. AF_08/2015","UN",677.7,"SINAPI","ESQUADRIAS/FERRAGENS/VIDROS","PORTA DE MADEIRA"]
[91331,"KIT DE PORTA DE MADEIRA FRISADA, SEMI-OCA (LEVE OU MÉDIA), PADRÃO POPULAR, 70X210CM, ESPESSURA DE 3CM, ITENS INCLUSOS: DOBRADIÇAS, MONTAGEM E INSTALAÇÃO DO BATENTE, SEM FECHADURA - FORNECIMENTO E INSTALAÇÃO. AF_08/2015","UN",633.49,"SINAPI","ESQUADRIAS/FERRAGENS/VIDROS","PORTA DE MADEIRA"]
[91332,"KIT DE PORTA DE MADEIRA FRISADA, SEMI-OCA (LEVE OU MÉDIA), PADRÃO MÉDIO, 80X210CM, ESPESSURA DE 3,5CM, ITENS INCLUSOS: DOBRADIÇAS, MONTAGEM E INSTALAÇÃO DO BATENTE, SEM FECHADURA - FORNECIMENTO E INSTALAÇÃO. AF_08/2015","UN",732.36,"SINAPI","ESQUADRIAS/FERRAGENS/VIDROS","PORTA DE MADEIRA"]
[91333,"KIT DE PORTA DE MADEIRA FRISADA, SEMI-OCA (LEVE OU MÉDIA), PADRÃO POPULAR, 80X210CM, ESPESSURA DE 3,5CM, ITENS INCLUSOS: DOBRADIÇAS, MONTAGEM E INSTALAÇÃO DO BATENTE, SEM FECHADURA - FORNECIMENTO E INSTALAÇÃO. AF_08/2015","UN",688.01,"SINAPI","ESQUADRIAS/FERRAGENS/VIDROS","PORTA DE MADEIRA"]
[91334,"KIT DE PORTA DE MADEIRA TIPO VENEZIANA, PADRÃO MÉDIO, 80X210CM, ESPESSURA DE 3CM, ITENS INCLUSOS: DOBRADIÇAS, MONTAGEM E INSTALAÇÃO DO BATENTE, SEM FECHADURA - FORNECIMENTO E INSTALAÇÃO. AF_08/2015","UN",1045.22,"SINAPI","ESQUADRIAS/FERRAGENS/VIDROS","PORTA DE MADEIRA"]
[91335,"KIT DE PORTA DE MADEIRA TIPO VENEZIANA, PADRÃO POPULAR, 80X210CM, ESPESSURA DE 3CM, ITENS INCLUSOS: DOBRADIÇAS, MONTAGEM E INSTALAÇÃO DO BATENTE, SEM FECHADURA - FORNECIMENTO E INSTALAÇÃO. AF_08/2015","UN",1000.87,"SINAPI","ESQUADRIAS/FERRAGENS/VIDROS","PORTA DE MADEIRA"]
[91336,"KIT DE PORTA DE MADEIRA TIPO MEXICANA, MACIÇA (PESADA OU SUPERPESADA), PADRÃO MÉDIO, 80X210CM, ESPESSURA DE 3CM, ITENS INCLUSOS: DOBRADIÇAS, MONTAGEM E INSTALAÇÃO DO BATENTE, SEM FECHADURA - FORNECIMENTO E INSTALAÇÃO. AF_08/2015","UN",1281.8499999999999,"SINAPI","ESQUADRIAS/FERRAGENS/VIDROS","PORTA DE MADEIRA"]
[91337,"KIT DE PORTA DE MADEIRA TIPO MEXICANA, MACIÇA (PESADA OU SUPERPESADA), PADRÃO POPULAR, 80X210CM, ESPESSURA DE 3CM, ITENS INCLUSOS: DOBRADIÇAS, MONTAGEM E INSTALAÇÃO DO BATENTE, SEM FECHADURA - FORNECIMENTO E INSTALAÇÃO. AF_08/2015","UN",1237.5,"SINAPI","ESQUADRIAS/FERRAGENS/VIDROS","PORTA DE MADEIRA"]
["73813/1","JANELA DE MADEIRA ALMOFADADA 1A, 1,5X1,5M, DE ABRIR, INCLUSO GUARNICOES E DOBRADICAS","UN",1169.6199999999999,"SINAPI","ESQUADRIAS/FERRAGENS/VIDROS","JANELA DE MADEIRA"]
[84844,"JANELA DE MADEIRA TIPO GUILHOTINA, DE ABRIR , INCLUSAS GUARNICOES SEM FERRAGENS","M2",334.26,"SINAPI","ESQUADRIAS/FERRAGENS/VIDROS","JANELA DE MADEIRA"]
[84845,"JANELA DE MADEIRA TIPO VENEZIANA. DE ABRIR, INCLUSAS GUARNICOES E FERRAGENS","M2",469.39,"SINAPI","ESQUADRIAS/FERRAGENS/VIDROS","JANELA DE MADEIRA"]
[84846,"JANELA DE MADEIRA TIPO VENEZIANA/VIDRO, DE ABRIR, INCLUSAS GUARNICOES SEM FERRAGENS","M2",480.01,"SINAPI","ESQUADRIAS/FERRAGENS/VIDROS","JANELA DE MADEIRA"]
[84847,"JANELA DE MADEIRA ALMOFADADA, DE ABRIR, INCLUSAS GUARNICOES SEM FERRAGENS","M2",480.01,"SINAPI","ESQUADRIAS/FERRAGENS/VIDROS","JANELA DE MADEIRA"]
[84848,"JANELA DE MADEIRA TIPO VENEZIANA/GUILHOTINA, DE ABRIR, INCLUSAS GUARNICOES SEM FERRAGENS","M2",394.64,"SINAPI","ESQUADRIAS/FERRAGENS/VIDROS","JANELA DE MADEIRA"]
["73933/1","PORTA DE FERRO, DE ABRIR, TIPO GRADE COM CHAPA, 87X210CM, COM GUARNICOES","M2",410.69,"SINAPI","ESQUADRIAS/FERRAGENS/VIDROS","PORTA E/OU TAMPA DE FERRO"]
["73933/4","PORTA DE FERRO DE ABRIR TIPO BARRA CHATA, COM REQUADRO E GUARNICAO COMPLETA","M2",376.12,"SINAPI","ESQUADRIAS/FERRAGENS/VIDROS","PORTA E/OU TAMPA DE FERRO"]
["74073/1","ALCAPAO EM FERRO 60X60CM, INCLUSO FERRAGENS","UN",154.22,"SINAPI","ESQUADRIAS/FERRAGENS/VIDROS","PORTA E/OU TAMPA DE FERRO"]
["74073/2","ALCAPAO EM FERRO 70X70CM, INCLUSO FERRAGENS","UN",167.61,"SINAPI","ESQUADRIAS/FERRAGENS/VIDROS","PORTA E/OU TAMPA DE FERRO"]
["74136/1","PORTA DE ACO DE ENROLAR TIPO GRADE, CHAPA 16","M2",383.58,"SINAPI","ESQUADRIAS/FERRAGENS/VIDROS","PORTA E/OU TAMPA DE FERRO"]
["74136/2","PORTA DE ACO CHAPA 24, DE ENROLAR, VAZADA TIJOLINHO OU EQUIVALENTE COM RETANGULO OU CIRCULO, ACABAMENTO GALVANIZADO NATURAL","M2",333.16,"SINAPI","ESQUADRIAS/FERRAGENS/VIDROS","PORTA E/OU TAMPA DE FERRO"]
["74136/3","PORTA DE ACO CHAPA 24, DE ENROLAR, RAIADA, LARGA COM ACABAMENTO GALVANIZADO NATURAL","M2",250.75,"SINAPI","ESQUADRIAS/FERRAGENS/VIDROS","PORTA E/OU TAMPA DE FERRO"]
[84854,"BATENTE FERRO 1X1/8\"","M",35.69,"SINAPI","ESQUADRIAS/FERRAGENS/VIDROS","PORTA E/OU TAMPA DE FERRO"]
[94559,"JANELA DE AÇO BASCULANTE, FIXAÇÃO COM ARGAMASSA, SEM VIDROS, PADRONIZADA. AF_07/2016","M2",589.51,"SINAPI","ESQUADRIAS/FERRAGENS/VIDROS","JANELA DE FERRO"]
[94560,"JANELA DE AÇO DE CORRER, 2 FOLHAS, FIXAÇÃO COM ARGAMASSA, COM VIDROS, PADRONIZADA. AF_07/2016","M2",526.08000000000004,"SINAPI","ESQUADRIAS/FERRAGENS/VIDROS","JANELA DE FERRO"]
[94562,"JANELA DE AÇO DE CORRER, 4 FOLHAS, FIXAÇÃO COM ARGAMASSA, SEM VIDROS, PADRONIZADA. AF_07/2016","M2",553.66999999999996,"SINAPI","ESQUADRIAS/FERRAGENS/VIDROS","JANELA DE FERRO"]
[94563,"JANELA DE AÇO DE CORRER, 6 FOLHAS, FIXAÇÃO COM ARGAMASSA, COM VIDROS, PADRONIZADA. AF_07/2016","M2",694.98,"SINAPI","ESQUADRIAS/FERRAGENS/VIDROS","JANELA DE FERRO"]
[94564,"JANELA DE AÇO BASCULANTE, FIXAÇÃO COM PARAFUSO SOBRE CONTRAMARCO (EXCLUSIVE CONTRAMARCO), SEM VIDROS, PADRONIZADA. AF_07/2016","M2",527.77,"SINAPI","ESQUADRIAS/FERRAGENS/VIDROS","JANELA DE FERRO"]
[94565,"JANELA DE AÇO DE CORRER, 2 FOLHAS, FIXAÇÃO COM PARAFUSO SOBRE CONTRAMARCO (EXCLUSIVE CONTRAMARCO), COM VIDROS, PADRONIZADA. AF_07/2016","M2",504.56,"SINAPI","ESQUADRIAS/FERRAGENS/VIDROS","JANELA DE FERRO"]
[94567,"JANELA DE AÇO DE CORRER, 4 FOLHAS, FIXAÇÃO COM PARAFUSO SOBRE CONTRAMARCO (EXCLUSIVE CONTRAMARCO), SEM VIDROS, PADRONIZADA. AF_07/2016","M2",526.4,"SINAPI","ESQUADRIAS/FERRAGENS/VIDROS","JANELA DE FERRO"]
[94568,"JANELA DE AÇO DE CORRER, 6 FOLHAS, FIXAÇÃO COM PARAFUSO SOBRE CONTRAMARCO (EXCLUSIVE CONTRAMARCO), COM VIDROS, PADRONIZADA. AF_07/2016","M2",663.33,"SINAPI","ESQUADRIAS/FERRAGENS/VIDROS","JANELA DE FERRO"]
[99837,"GUARDA-CORPO DE AÇO GALVANIZADO DE 1,10M, MONTANTES TUBULARES DE 1.1/4\" ESPAÇADOS DE 1,20M, TRAVESSA SUPERIOR DE 1.1/2\", GRADIL FORMADO POR TUBOS HORIZONTAIS DE 1\" E VERTICAIS DE 3/4\", FIXADO COM CHUMBADOR MECÂNICO. AF_04/2019_P","M",378.37,"SINAPI","ESQUADRIAS/FERRAGENS/VIDROS","GUARDA-CORPO DE FERRO"]
[99839,"GUARDA-CORPO DE AÇO GALVANIZADO DE 1,10M DE ALTURA, MONTANTES TUBULARES DE 1.1/2\u0094 ESPAÇADOS DE 1,20M, TRAVESSA SUPERIOR DE 2\u0094, GRADIL FORMADO POR BARRAS CHATAS EM FERRO DE 32X4,8MM, FIXADO COM CHUMBADOR MECÂNICO. AF_04/2019_P","M",335.14,"SINAPI","ESQUADRIAS/FERRAGENS/VIDROS","GUARDA-CORPO DE FERRO"]
[99841,"GUARDA-CORPO PANORÂMICO COM PERFIS DE ALUMÍNIO E VIDRO LAMINADO 8 MM, FIXADO COM CHUMBADOR MECÂNICO. AF_04/2019_P","M",758.43,"SINAPI","ESQUADRIAS/FERRAGENS/VIDROS","GUARDA-CORPO DE FERRO"]
[99855,"CORRIMÃO SIMPLES, DIÂMETRO EXTERNO = 1 1/2\", EM AÇO GALVANIZADO. AF_04/2019_P","M",67.42,"SINAPI","ESQUADRIAS/FERRAGENS/VIDROS","GUARDA-CORPO DE FERRO"]
[99857,"CORRIMÃO SIMPLES, DIÂMETRO EXTERNO = 1 1/2\", EM ALUMÍNIO. AF_04/2019_P","M",70.42,"SINAPI","ESQUADRIAS/FERRAGENS/VIDROS","GUARDA-CORPO DE FERRO"]
[99861,"GRADIL EM FERRO FIXADO EM VÃOS DE JANELAS, FORMADO POR BARRAS CHATAS DE 25X4,8 MM. AF_04/2019","M2",440.45,"SINAPI","ESQUADRIAS/FERRAGENS/VIDROS","GUARDA-CORPO DE FERRO"]
[99862,"GRADIL EM ALUMÍNIO FIXADO EM VÃOS DE JANELAS, FORMADO POR TUBOS DE 3/4\". AF_04/2019","M2",469.27,"SINAPI","ESQUADRIAS/FERRAGENS/VIDROS","GUARDA-CORPO DE FERRO"]
[73665,"ESCADA TIPO MARINHEIRO EM ACO CA-50 9,52MM INCLUSO PINTURA COM FUNDO ANTICORROSIVO TIPO ZARCAO","M",67.36,"SINAPI","ESQUADRIAS/FERRAGENS/VIDROS","ESCADAS/CORRIMAOS"]
["74194/1","ESCADA TIPO MARINHEIRO EM TUBO ACO GALVANIZADO 1 1/2\" 5 DEGRAUS","M",246.2,"SINAPI","ESQUADRIAS/FERRAGENS/VIDROS","ESCADAS/CORRIMAOS"]
[68050,"PORTA DE CORRER EM ALUMINIO, COM DUAS FOLHAS PARA VIDRO, INCLUSO VIDRO LISO INCOLOR, FECHADURA E PUXADOR, SEM GUARNICAO/ALIZAR/VISTA","M2",684.28,"SINAPI","ESQUADRIAS/FERRAGENS/VIDROS","PORTA E/OU TAMPA DE ALUMINIO"]
[90838,"PORTA CORTA-FOGO 90X210X4CM - FORNECIMENTO E INSTALAÇÃO. AF_08/2015","UN",762.11,"SINAPI","ESQUADRIAS/FERRAGENS/VIDROS","PORTA E/OU TAMPA DE ALUMINIO"]
[91338,"PORTA DE ALUMÍNIO DE ABRIR COM LAMBRI, COM GUARNIÇÃO, FIXAÇÃO COM PARAFUSOS - FORNECIMENTO E INSTALAÇÃO. AF_08/2015","M2",1111.2,"SINAPI","ESQUADRIAS/FERRAGENS/VIDROS","PORTA E/OU TAMPA DE ALUMINIO"]
[91341,"PORTA EM ALUMÍNIO DE ABRIR TIPO VENEZIANA COM GUARNIÇÃO, FIXAÇÃO COM PARAFUSOS - FORNECIMENTO E INSTALAÇÃO. AF_08/2015","M2",807.94,"SINAPI","ESQUADRIAS/FERRAGENS/VIDROS","PORTA E/OU TAMPA DE ALUMINIO"]
[94805,"PORTA DE ALUMÍNIO DE ABRIR PARA VIDRO SEM GUARNIÇÃO, 87X210CM, FIXAÇÃO COM PARAFUSOS, INCLUSIVE VIDROS - FORNECIMENTO E INSTALAÇÃO. AF_08/2015","UN",1286.8900000000001,"SINAPI","ESQUADRIAS/FERRAGENS/VIDROS","PORTA E/OU TAMPA DE ALUMINIO"]
[94806,"PORTA EM AÇO DE ABRIR PARA VIDRO SEM GUARNIÇÃO, 87X210CM, FIXAÇÃO COM PARAFUSOS, EXCLUSIVE VIDROS - FORNECIMENTO E INSTALAÇÃO. AF_08/2015","UN",363.77,"SINAPI","ESQUADRIAS/FERRAGENS/VIDROS","PORTA E/OU TAMPA DE ALUMINIO"]
[94807,"PORTA EM AÇO DE ABRIR TIPO VENEZIANA SEM GUARNIÇÃO, 87X210CM, FIXAÇÃO COM PARAFUSOS - FORNECIMENTO E INSTALAÇÃO. AF_08/2015","UN",433.12,"SINAPI","ESQUADRIAS/FERRAGENS/VIDROS","PORTA E/OU TAMPA DE ALUMINIO"]
["73736/1","DOBRADICA TIPO VAI E VEM EM LATAO POLIDO 3\"","UN",159.79,"SINAPI","ESQUADRIAS/FERRAGENS/VIDROS","FERRAGENS PARA PORTAS"]
[84885,"JOGO DE FERRAGENS CROMADAS PARA PORTA DE VIDRO TEMPERADO, UMA FOLHA COMPOSTO DE DOBRADICAS SUPERIOR E INFERIOR, TRINCO, FECHADURA, CONTRA FECHADURA COM CAPUCHINHO SEM MOLA E PUXADOR","UN",695.48,"SINAPI","ESQUADRIAS/FERRAGENS/VIDROS","FERRAGENS PARA PORTAS"]
[84886,"MOLA HIDRAULICA DE PISO PARA PORTA DE VIDRO TEMPERADO","UN",1129.3599999999999,"SINAPI","ESQUADRIAS/FERRAGENS/VIDROS","FERRAGENS PARA PORTAS"]
[84889,"PUXADOR CENTRAL PARA ESQUADRIA DE ALUMINIO","UN",19.309999999999999,"SINAPI","ESQUADRIAS/FERRAGENS/VIDROS","FERRAGENS PARA PORTAS"]
[84891,"CREMONA EM LATAO CROMADO OU POLIDO, COMPLETA, COM VARA H=1,50M","UN",223.88,"SINAPI","ESQUADRIAS/FERRAGENS/VIDROS","FERRAGENS PARA JANELAS"]
["74046/2","TARJETA TIPO LIVRE/OCUPADO PARA PORTA DE BANHEIRO","UN",36.1,"SINAPI","ESQUADRIAS/FERRAGENS/VIDROS","FERRAGENS DIVERSAS"]
["74047/2","DOBRADICA EM ACO/FERRO, 3\" X 21/2\", E=1,9 A 2 MM, SEM ANEL, CROMADO OU ZINCADO, TAMPA BOLA, COM PARAFUSOS","UN",41.74,"SINAPI","ESQUADRIAS/FERRAGENS/VIDROS","FERRAGENS DIVERSAS"]
["74084/1","PORTA CADEADO ZINCADO OXIDADO PRETO COM CADEADO DE ACO INOX, LARGURA DE *50* MM","UN",145.63999999999999,"SINAPI","ESQUADRIAS/FERRAGENS/VIDROS","FERRAGENS DIVERSAS"]
[84950,"FECHO EMBUTIR TIPO UNHA 40CM C/COLOCACAO","UN",51.83,"SINAPI","ESQUADRIAS/FERRAGENS/VIDROS","FERRAGENS DIVERSAS"]
[84952,"FECHO EMBUTIR TIPO UNHA 22CM C/COLOCACAO","UN",40.369999999999997,"SINAPI","ESQUADRIAS/FERRAGENS/VIDROS","FERRAGENS DIVERSAS"]
[72116,"VIDRO LISO COMUM TRANSPARENTE, ESPESSURA 3MM","M2",99.58,"SINAPI","ESQUADRIAS/FERRAGENS/VIDROS","VIDROS/ESPELHOS"]
[72117,"VIDRO LISO COMUM TRANSPARENTE, ESPESSURA 4MM","M2",127.09,"SINAPI","ESQUADRIAS/FERRAGENS/VIDROS","VIDROS/ESPELHOS"]
[72118,"VIDRO TEMPERADO INCOLOR, ESPESSURA 6MM, FORNECIMENTO E INSTALACAO, INCLUSIVE MASSA PARA VEDACAO","M2",150.9,"SINAPI","ESQUADRIAS/FERRAGENS/VIDROS","VIDROS/ESPELHOS"]
[72119,"VIDRO TEMPERADO INCOLOR, ESPESSURA 8MM, FORNECIMENTO E INSTALACAO, INCLUSIVE MASSA PARA VEDACAO","M2",188.33,"SINAPI","ESQUADRIAS/FERRAGENS/VIDROS","VIDROS/ESPELHOS"]
[72120,"VIDRO TEMPERADO INCOLOR, ESPESSURA 10MM, FORNECIMENTO E INSTALACAO, INCLUSIVE MASSA PARA VEDACAO","M2",236.04,"SINAPI","ESQUADRIAS/FERRAGENS/VIDROS","VIDROS/ESPELHOS"]
[72122,"VIDRO FANTASIA TIPO CANELADO, ESPESSURA 4MM","M2",109.79,"SINAPI","ESQUADRIAS/FERRAGENS/VIDROS","VIDROS/ESPELHOS"]
[72123,"VIDRO ARAMADO, ESPESSURA 7MM","M2",284.79000000000002,"SINAPI","ESQUADRIAS/FERRAGENS/VIDROS","VIDROS/ESPELHOS"]
["73838/1","PORTA DE VIDRO TEMPERADO, 0,9X2,10M, ESPESSURA 10MM, INCLUSIVE ACESSORIOS","UN",1891.29,"SINAPI","ESQUADRIAS/FERRAGENS/VIDROS","VIDROS/ESPELHOS"]
["74125/1","ESPELHO CRISTAL ESPESSURA 4MM, COM MOLDURA DE MADEIRA","M2",397.71,"SINAPI","ESQUADRIAS/FERRAGENS/VIDROS","VIDROS/ESPELHOS"]
["74125/2","ESPELHO CRISTAL ESPESSURA 4MM, COM MOLDURA EM ALUMINIO E COMPENSADO 6MM PLASTIFICADO COLADO","M2",428.16,"SINAPI","ESQUADRIAS/FERRAGENS/VIDROS","VIDROS/ESPELHOS"]
[84957,"VIDRO LISO COMUM TRANSPARENTE, ESPESSURA 5MM","M2",153.72,"SINAPI","ESQUADRIAS/FERRAGENS/VIDROS","VIDROS/ESPELHOS"]
[84959,"VIDRO LISO COMUM TRANSPARENTE, ESPESSURA 6MM","M2",178.72,"SINAPI","ESQUADRIAS/FERRAGENS/VIDROS","VIDROS/ESPELHOS"]
[85001,"VIDRO LISO FUME, ESPESSURA 4MM","M2",170.39,"SINAPI","ESQUADRIAS/FERRAGENS/VIDROS","VIDROS/ESPELHOS"]
[85002,"VIDRO LISO FUME, ESPESSURA 6MM","M2",237.06,"SINAPI","ESQUADRIAS/FERRAGENS/VIDROS","VIDROS/ESPELHOS"]
[85004,"VIDRO FANTASIA MARTELADO 4MM","M2",120.39,"SINAPI","ESQUADRIAS/FERRAGENS/VIDROS","VIDROS/ESPELHOS"]
[85005,"ESPELHO CRISTAL, ESPESSURA 4MM, COM PARAFUSOS DE FIXACAO, SEM MOLDURA","M2",347.03,"SINAPI","ESQUADRIAS/FERRAGENS/VIDROS","VIDROS/ESPELHOS"]
[68054,"PORTAO DE FERRO EM CHAPA GALVANIZADA PLANA 14 GSG","M2",242.59,"SINAPI","ESQUADRIAS/FERRAGENS/VIDROS","PORTOES DE MADEIRA/FERRO/ALUMINIO"]
["74100/1","PORTAO DE FERRO COM VARA 1/2\", COM REQUADRO","M2",341.91,"SINAPI","ESQUADRIAS/FERRAGENS/VIDROS","PORTOES DE MADEIRA/FERRO/ALUMINIO"]
["74238/2","PORTAO EM TELA ARAME GALVANIZADO N.12 MALHA 2\" E MOLDURA EM TUBOS DE ACO COM DUAS FOLHAS DE ABRIR, INCLUSO FERRAGENS","M2",726.87,"SINAPI","ESQUADRIAS/FERRAGENS/VIDROS","PORTOES DE MADEIRA/FERRO/ALUMINIO"]
[85188,"PORTAO EM TUBO DE ACO GALVANIZADO DIN 2440/NBR 5580, PAINEL UNICO, DIMENSOES 1,0X1,6M, INCLUSIVE CADEADO","UN",626.80999999999995,"SINAPI","ESQUADRIAS/FERRAGENS/VIDROS","PORTOES DE MADEIRA/FERRO/ALUMINIO"]
[85189,"PORTAO EM TUBO DE ACO GALVANIZADO DIN 2440/NBR 5580, PAINEL UNICO, DIMENSOES 4,0X1,2M, INCLUSIVE CADEADO","UN",1239.2,"SINAPI","ESQUADRIAS/FERRAGENS/VIDROS","PORTOES DE MADEIRA/FERRO/ALUMINIO"]
[85010,"CAIXILHO FIXO, DE ALUMINIO, PARA VIDRO","M2",475.95,"SINAPI","ESQUADRIAS/FERRAGENS/VIDROS","JANELA DE ALUMINIO"]
[94569,"JANELA DE ALUMÍNIO MAXIM-AR, FIXAÇÃO COM PARAFUSO SOBRE CONTRAMARCO (EXCLUSIVE CONTRAMARCO), COM VIDROS, PADRONIZADA. AF_07/2016","M2",645.19000000000005,"SINAPI","ESQUADRIAS/FERRAGENS/VIDROS","JANELA DE ALUMINIO"]
[94570,"JANELA DE ALUMÍNIO DE CORRER, 2 FOLHAS, FIXAÇÃO COM PARAFUSO SOBRE CONTRAMARCO (EXCLUSIVE CONTRAMARCO), COM VIDROS PADRONIZADA. AF_07/2016","M2",413.6,"SINAPI","ESQUADRIAS/FERRAGENS/VIDROS","JANELA DE ALUMINIO"]
[94572,"JANELA DE ALUMÍNIO DE CORRER, 3 FOLHAS, FIXAÇÃO COM PARAFUSO SOBRE CONTRAMARCO (EXCLUSIVE CONTRAMARCO), COM VIDROS, PADRONIZADA. AF_07/2016","M2",626.45000000000005,"SINAPI","ESQUADRIAS/FERRAGENS/VIDROS","JANELA DE ALUMINIO"]
[94573,"JANELA DE ALUMÍNIO DE CORRER, 4 FOLHAS, FIXAÇÃO COM PARAFUSO SOBRE CONTRAMARCO (EXCLUSIVE CONTRAMARCO), COM VIDROS, PADRONIZADA. AF_07/2016","M2",476.97,"SINAPI","ESQUADRIAS/FERRAGENS/VIDROS","JANELA DE ALUMINIO"]
[94574,"JANELA DE ALUMÍNIO DE CORRER, 6 FOLHAS, FIXAÇÃO COM PARAFUSO SOBRE CONTRAMARCO (EXCLUSIVE CONTRAMARCO), COM VIDROS, PADRONIZADA. AF_07/2016","M2",707.21,"SINAPI","ESQUADRIAS/FERRAGENS/VIDROS","JANELA DE ALUMINIO"]
[94575,"JANELA DE ALUMÍNIO MAXIM-AR, FIXAÇÃO COM PARAFUSO, VEDAÇÃO COM ESPUMA EXPANSIVA PU, COM VIDROS, PADRONIZADA. AF_07/2016","M2",690.17,"SINAPI","ESQUADRIAS/FERRAGENS/VIDROS","JANELA DE ALUMINIO"]
[94576,"JANELA DE ALUMÍNIO DE CORRER, 2 FOLHAS, FIXAÇÃO COM PARAFUSO, VEDAÇÃO COM ESPUMA EXPANSIVA PU, COM VIDROS, PADRONIZADA. AF_07/2016","M2",426.06,"SINAPI","ESQUADRIAS/FERRAGENS/VIDROS","JANELA DE ALUMINIO"]
[94578,"JANELA DE ALUMÍNIO DE CORRER, 3 FOLHAS, FIXAÇÃO COM PARAFUSO, VEDAÇÃO COM ESPUMA EXPANSIVA PU, COM VIDROS, PADRONIZADA. AF_07/2016","M2",639.1,"SINAPI","ESQUADRIAS/FERRAGENS/VIDROS","JANELA DE ALUMINIO"]
[94579,"JANELA DE ALUMÍNIO DE CORRER, 4 FOLHAS, FIXAÇÃO COM PARAFUSO, VEDAÇÃO COM ESPUMA EXPANSIVA PU, COM VIDROS, PADRONIZADA. AF_07/2016","M2",490.47,"SINAPI","ESQUADRIAS/FERRAGENS/VIDROS","JANELA DE ALUMINIO"]
[94580,"JANELA DE ALUMÍNIO DE CORRER, 6 FOLHAS, FIXAÇÃO COM PARAFUSO, VEDAÇÃO COM ESPUMA EXPANSIVA PU, COM VIDROS, PADRONIZADA. AF_07/2016","M2",720.26,"SINAPI","ESQUADRIAS/FERRAGENS/VIDROS","JANELA DE ALUMINIO"]
[94581,"JANELA DE ALUMÍNIO MAXIM-AR, FIXAÇÃO COM ARGAMASSA, COM VIDROS, PADRONIZADA. AF_07/2016","M2",692.3,"SINAPI","ESQUADRIAS/FERRAGENS/VIDROS","JANELA DE ALUMINIO"]
[94582,"JANELA DE ALUMÍNIO DE CORRER, 2 FOLHAS, FIXAÇÃO COM ARGAMASSA, COM VIDROS, PADRONIZADA. AF_07/2016","M2",428.14,"SINAPI","ESQUADRIAS/FERRAGENS/VIDROS","JANELA DE ALUMINIO"]
[94584,"JANELA DE ALUMÍNIO DE CORRER, 3 FOLHAS, FIXAÇÃO COM ARGAMASSA, COM VIDROS, PADRONIZADA. AF_07/2016","M2",648.03,"SINAPI","ESQUADRIAS/FERRAGENS/VIDROS","JANELA DE ALUMINIO"]
[94585,"JANELA DE ALUMÍNIO DE CORRER, 4 FOLHAS, FIXAÇÃO COM ARGAMASSA, COM VIDROS, PADRONIZADA. AF_07/2016","M2",491.55,"SINAPI","ESQUADRIAS/FERRAGENS/VIDROS","JANELA DE ALUMINIO"]
[94586,"JANELA DE ALUMÍNIO 6 FOLHAS, FIXAÇÃO COM ARGAMASSA, COM VIDROS, PADRONIZADA. AF_07/2016","M2",730.13,"SINAPI","ESQUADRIAS/FERRAGENS/VIDROS","JANELA DE ALUMINIO"]
["73908/1","CANTONEIRA DE ALUMINIO 2\"X2\", PARA PROTECAO DE QUINA DE PAREDE","M",47.7,"SINAPI","ESQUADRIAS/FERRAGENS/VIDROS","PERFIL/CANTONEIRA/BARRA"]
["73908/2","CANTONEIRA DE ALUMINIO 1\"X1\u0094, PARA PROTECAO DE QUINA DE PAREDE","M",36.409999999999997,"SINAPI","ESQUADRIAS/FERRAGENS/VIDROS","PERFIL/CANTONEIRA/BARRA"]
[85015,"CANTONEIRA DE MADEIRA 3,0X3,0X1,0CM","M",28.94,"SINAPI","ESQUADRIAS/FERRAGENS/VIDROS","PERFIL/CANTONEIRA/BARRA"]
[85016,"CANTONEIRA DE MADEIRA COM LAMINADO MELAMINICO FOSCO 3,0X3,0X1,0CM","M",34.33,"SINAPI","ESQUADRIAS/FERRAGENS/VIDROS","PERFIL/CANTONEIRA/BARRA"]
[97751,"TUBULÃO A CÉU ABERTO, DIÂMETRO DO FUSTE DE 70 CM, PROFUNDIDADE MENOR OU IGUAL A 5 M, ESCAVAÇÃO MANUAL, SEM ALARGAMENTO DE BASE, CONCRETO FEITO EM OBRA E LANÇADO COM JERICA. AF_01/2018","M3",651.99,"SINAPI","FUNDACOES E ESTRUTURAS","TUBULOES"]
[97752,"TUBULÃO A CÉU ABERTO, DIÂMETRO DO FUSTE DE 80 CM, PROFUNDIDADE MENOR OU IGUAL A 5 M, ESCAVAÇÃO MANUAL, SEM ALARGAMENTO DE BASE, CONCRETO FEITO EM OBRA E LANÇADO COM JERICA. AF_01/2018","M3",618.11,"SINAPI","FUNDACOES E ESTRUTURAS","TUBULOES"]
[97753,"TUBULÃO A CÉU ABERTO, DIÂMETRO DO FUSTE DE 100 CM, PROFUNDIDADE MENOR OU IGUAL A 5 M, ESCAVAÇÃO MANUAL, SEM ALARGAMENTO DE BASE, CONCRETO FEITO EM OBRA E LANÇADO COM JERICA. AF_01/2018","M3",570.9,"SINAPI","FUNDACOES E ESTRUTURAS","TUBULOES"]
[97754,"TUBULÃO A CÉU ABERTO, DIÂMETRO DO FUSTE DE 120 CM, PROFUNDIDADE MENOR OU IGUAL A 5 M, ESCAVAÇÃO MANUAL, SEM ALARGAMENTO DE BASE, CONCRETO FEITO EM OBRA E LANÇADO COM JERICA. AF_01/2018","M3",539.91,"SINAPI","FUNDACOES E ESTRUTURAS","TUBULOES"]
[97755,"TUBULÃO A CÉU ABERTO, DIÂMETRO DO FUSTE DE 70 CM, PROFUNDIDADE MAIOR QUE 5 M E MENOR OU IGUAL A 10 M, ESCAVAÇÃO MANUAL, SEM ALARGAMENTO DE BASE, CONCRETO FEITO EM OBRA E LANÇADO COM JERICA. AF_01/2018","M3",633.61,"SINAPI","FUNDACOES E ESTRUTURAS","TUBULOES"]
[97756,"TUBULÃO A CÉU ABERTO, DIÂMETRO DO FUSTE DE 80 CM, PROFUNDIDADE MAIOR QUE 5 M E MENOR OU IGUAL A 10 M, ESCAVAÇÃO MANUAL, SEM ALARGAMENTO DE BASE, CONCRETO FEITO EM OBRA E LANÇADO COM JERICA. AF_01/2018","M3",602.59,"SINAPI","FUNDACOES E ESTRUTURAS","TUBULOES"]
[97757,"TUBULÃO A CÉU ABERTO, DIÂMETRO DO FUSTE DE 100 CM, PROFUNDIDADE MAIOR QUE 5 M E MENOR OU IGUAL A 10 M, ESCAVAÇÃO MANUAL, SEM ALARGAMENTO DE BASE, CONCRETO FEITO EM OBRA E LANÇADO COM JERICA. AF_01/2018","M3",552.23,"SINAPI","FUNDACOES E ESTRUTURAS","TUBULOES"]
[97758,"TUBULÃO A CÉU ABERTO, DIÂMETRO DO FUSTE DE 120 CM, PROFUNDIDADE MAIOR QUE 5 M E MENOR OU IGUAL A 10 M, ESCAVAÇÃO MANUAL, SEM ALARGAMENTO DE BASE, CONCRETO FEITO EM OBRA E LANÇADO COM JERICA. AF_01/2018","M3",515.20000000000005,"SINAPI","FUNDACOES E ESTRUTURAS","TUBULOES"]
[97759,"TUBULÃO A CÉU ABERTO, DIÂMETRO DO FUSTE DE 70 CM, PROFUNDIDADE MAIOR QUE 10 M, ESCAVAÇÃO MANUAL, SEM ALARGAMENTO DE BASE, CONCRETO FEITO EM OBRA E LANÇADO COM JERICA. AF_01/2018","M3",632.92999999999995,"SINAPI","FUNDACOES E ESTRUTURAS","TUBULOES"]
[97760,"TUBULÃO A CÉU ABERTO, DIÂMETRO DO FUSTE DE 80 CM, PROFUNDIDADE MAIOR QUE 10 M, ESCAVAÇÃO MANUAL, SEM ALARGAMENTO DE BASE, CONCRETO FEITO EM OBRA E LANÇADO COM JERICA. AF_01/2018","M3",593.84,"SINAPI","FUNDACOES E ESTRUTURAS","TUBULOES"]
[97761,"TUBULÃO A CÉU ABERTO, DIÂMETRO DO FUSTE DE 100 CM, PROFUNDIDADE MAIOR QUE 10 M, ESCAVAÇÃO MANUAL, SEM ALARGAMENTO DE BASE, CONCRETO FEITO EM OBRA E LANÇADO COM JERICA. AF_01/2018","M3",538.38,"SINAPI","FUNDACOES E ESTRUTURAS","TUBULOES"]
[97762,"TUBULÃO A CÉU ABERTO, DIÂMETRO DO FUSTE DE 120 CM, PROFUNDIDADE MAIOR QUE 10 M, ESCAVAÇÃO MANUAL, SEM ALARGAMENTO DE BASE, CONCRETO FEITO EM OBRA E LANÇADO COM JERICA. AF_01/2018","M3",497.28,"SINAPI","FUNDACOES E ESTRUTURAS","TUBULOES"]
[97763,"TUBULÃO A CÉU ABERTO, DIÂMETRO DO FUSTE DE 70 CM, PROFUNDIDADE MENOR OU IGUAL A 5 M, ESCAVAÇÃO MECÂNICA, SEM ALARGAMENTO DE BASE, CONCRETO FEITO EM OBRA E LANÇADO COM JERICA. AF_01/2018","M3",615.91999999999996,"SINAPI","FUNDACOES E ESTRUTURAS","TUBULOES"]
[97764,"TUBULÃO A CÉU ABERTO, DIÂMETRO DO FUSTE DE 80 CM, PROFUNDIDADE MENOR OU IGUAL A 5 M, ESCAVAÇÃO MECÂNICA, SEM ALARGAMENTO DE BASE, CONCRETO FEITO EM OBRA E LANÇADO COM JERICA. AF_01/2018","M3",529.36,"SINAPI","FUNDACOES E ESTRUTURAS","TUBULOES"]
[97765,"TUBULÃO A CÉU ABERTO, DIÂMETRO DO FUSTE DE 100 CM, PROFUNDIDADE MENOR OU IGUAL A 5 M, ESCAVAÇÃO MECÂNICA, SEM ALARGAMENTO DE BASE, CONCRETO FEITO EM OBRA E LANÇADO COM JERICA. AF_01/2018","M3",499.54,"SINAPI","FUNDACOES E ESTRUTURAS","TUBULOES"]
[97766,"TUBULÃO A CÉU ABERTO, DIÂMETRO DO FUSTE DE 120 CM, PROFUNDIDADE MENOR OU IGUAL A 5 M, ESCAVAÇÃO MECÂNICA, SEM ALARGAMENTO DE BASE, CONCRETO FEITO EM OBRA E LANÇADO COM JERICA. AF_01/2018","M3",480.81,"SINAPI","FUNDACOES E ESTRUTURAS","TUBULOES"]
[97767,"TUBULÃO A CÉU ABERTO, DIÂMETRO DO FUSTE DE 70 CM, PROFUNDIDADE MAIOR QUE 5 M E MENOR OU IGUAL A 10 M, ESCAVAÇÃO MECÂNICA, SEM ALARGAMENTO DE BASE, CONCRETO FEITO EM OBRA E LANÇADO COM JERICA. AF_01/2018","M3",500.3,"SINAPI","FUNDACOES E ESTRUTURAS","TUBULOES"]
[97768,"TUBULÃO A CÉU ABERTO, DIÂMETRO DO FUSTE DE 80 CM, PROFUNDIDADE MAIOR QUE 5 M E MENOR OU IGUAL A 10 M, ESCAVAÇÃO MECÂNICA, SEM ALARGAMENTO DE BASE, CONCRETO FEITO EM OBRA E LANÇADO COM JERICA. AF_01/2018","M3",487.64,"SINAPI","FUNDACOES E ESTRUTURAS","TUBULOES"]
[97769,"TUBULÃO A CÉU ABERTO, DIÂMETRO DO FUSTE DE 100 CM, PROFUNDIDADE MAIOR QUE 5 M E MENOR OU IGUAL A 10 M, ESCAVAÇÃO MECÂNICA, SEM ALARGAMENTO DE BASE, CONCRETO FEITO EM OBRA E LANÇADO COM JERICA. AF_01/2018","M3",462.3,"SINAPI","FUNDACOES E ESTRUTURAS","TUBULOES"]
[97770,"TUBULÃO A CÉU ABERTO, DIÂMETRO DO FUSTE DE 120 CM, PROFUNDIDADE MAIOR QUE 5 M E MENOR OU IGUAL A 10 M, ESCAVAÇÃO MECÂNICA, SEM ALARGAMENTO DE BASE, CONCRETO FEITO EM OBRA E LANÇADO COM JERICA. AF_01/2018","M3",441.42,"SINAPI","FUNDACOES E ESTRUTURAS","TUBULOES"]
[97771,"TUBULÃO A CÉU ABERTO, DIÂMETRO DO FUSTE DE 70 CM, PROFUNDIDADE MAIOR QUE 10 M, ESCAVAÇÃO MECÂNICA, SEM ALARGAMENTO DE BASE, CONCRETO FEITO EM OBRA E LANÇADO COM JERICA. AF_01/2018","M3",479.85,"SINAPI","FUNDACOES E ESTRUTURAS","TUBULOES"]
[97772,"TUBULÃO A CÉU ABERTO, DIÂMETRO DO FUSTE DE 80 CM, PROFUNDIDADE MAIOR QUE 10 M, ESCAVAÇÃO MECÂNICA, SEM ALARGAMENTO DE BASE, CONCRETO FEITO EM OBRA E LANÇADO COM JERICA. AF_01/2018","M3",463.26,"SINAPI","FUNDACOES E ESTRUTURAS","TUBULOES"]
[97773,"TUBULÃO A CÉU ABERTO, DIÂMETRO DO FUSTE DE 100 CM, PROFUNDIDADE MAIOR QUE 10 M, ESCAVAÇÃO MECÂNICA, SEM ALARGAMENTO DE BASE, CONCRETO FEITO EM OBRA E LANÇADO COM JERICA. AF_01/2018","M3",437.44,"SINAPI","FUNDACOES E ESTRUTURAS","TUBULOES"]
[97774,"TUBULÃO A CÉU ABERTO, DIÂMETRO DO FUSTE DE 120 CM, PROFUNDIDADE MAIOR QUE 10 M, ESCAVAÇÃO MECÂNICA, SEM ALARGAMENTO DE BASE, CONCRETO FEITO EM OBRA E LANÇADO COM JERICA. AF_01/2018","M3",415.29,"SINAPI","FUNDACOES E ESTRUTURAS","TUBULOES"]
[97775,"TUBULÃO A CÉU ABERTO, DIÂMETRO DO FUSTE DE 70 CM, PROFUNDIDADE MENOR OU IGUAL A 5 M, ESCAVAÇÃO MANUAL, SEM ALARGAMENTO DE BASE, CONCRETO USINADO E LANÇADO COM BOMBA OU DIRETAMENTE DO CAMINHÃO. AF_01/2018","M3",601.80999999999995,"SINAPI","FUNDACOES E ESTRUTURAS","TUBULOES"]
[97776,"TUBULÃO A CÉU ABERTO, DIÂMETRO DO FUSTE DE 80 CM, PROFUNDIDADE MENOR OU IGUAL A 5 M, ESCAVAÇÃO MANUAL, SEM ALARGAMENTO DE BASE, CONCRETO USINADO E LANÇADO COM BOMBA OU DIRETAMENTE DO CAMINHÃO. AF_01/2018","M3",568.15,"SINAPI","FUNDACOES E ESTRUTURAS","TUBULOES"]
[97777,"TUBULÃO A CÉU ABERTO, DIÂMETRO DO FUSTE DE 100 CM, PROFUNDIDADE MENOR OU IGUAL A 5 M, ESCAVAÇÃO MANUAL, SEM ALARGAMENTO DE BASE, CONCRETO USINADO E LANÇADO COM BOMBA OU DIRETAMENTE DO CAMINHÃO. AF_01/2018","M3",521.91999999999996,"SINAPI","FUNDACOES E ESTRUTURAS","TUBULOES"]
[97778,"TUBULÃO A CÉU ABERTO, DIÂMETRO DO FUSTE DE 120 CM, PROFUNDIDADE MENOR OU IGUAL A 5 M, ESCAVAÇÃO MANUAL, SEM ALARGAMENTO DE BASE, CONCRETO USINADO E LANÇADO COM BOMBA OU DIRETAMENTE DO CAMINHÃO. AF_01/2018","M3",492.11,"SINAPI","FUNDACOES E ESTRUTURAS","TUBULOES"]
[97779,"TUBULÃO A CÉU ABERTO, DIÂMETRO DO FUSTE DE 70 CM, PROFUNDIDADE MAIOR QUE 5 M E MENOR OU IGUAL A 10 M, ESCAVAÇÃO MANUAL, SEM ALARGAMENTO DE BASE, CONCRETO USINADO E LANÇADO COM BOMBA OU DIRETAMENTE DO CAMINHÃO. AF_01/2018","M3",578.45000000000005,"SINAPI","FUNDACOES E ESTRUTURAS","TUBULOES"]
[97780,"TUBULÃO A CÉU ABERTO, DIÂMETRO DO FUSTE DE 80 CM, PROFUNDIDADE MAIOR QUE 5 M E MENOR OU IGUAL A 10 M, ESCAVAÇÃO MANUAL, SEM ALARGAMENTO DE BASE, CONCRETO USINADO E LANÇADO COM BOMBA OU DIRETAMENTE DO CAMINHÃO. AF_01/2018","M3",548.21,"SINAPI","FUNDACOES E ESTRUTURAS","TUBULOES"]
[97781,"TUBULÃO A CÉU ABERTO, DIÂMETRO DO FUSTE DE 100 CM, PROFUNDIDADE MAIOR QUE 5 M E MENOR OU IGUAL A 10 M, ESCAVAÇÃO MANUAL, SEM ALARGAMENTO DE BASE, CONCRETO USINADO E LANÇADO COM BOMBA OU DIRETAMENTE DO CAMINHÃO. AF_01/2018","M3",500.04,"SINAPI","FUNDACOES E ESTRUTURAS","TUBULOES"]
[97782,"TUBULÃO A CÉU ABERTO, DIÂMETRO DO FUSTE DE 120 CM, PROFUNDIDADE MAIOR QUE 5 M E MENOR OU IGUAL A 10 M, ESCAVAÇÃO MANUAL, SEM ALARGAMENTO DE BASE, CONCRETO USINADO E LANÇADO COM BOMBA OU DIRETAMENTE DO CAMINHÃO. AF_01/2018","M3",465.14,"SINAPI","FUNDACOES E ESTRUTURAS","TUBULOES"]
[97783,"TUBULÃO A CÉU ABERTO, DIÂMETRO DO FUSTE DE 70 CM, PROFUNDIDADE MAIOR QUE 10 M, ESCAVAÇÃO MANUAL, SEM ALARGAMENTO DE BASE, CONCRETO USINADO E LANÇADO COM BOMBA OU DIRETAMENTE DO CAMINHÃO. AF_01/2018","M3",579.09,"SINAPI","FUNDACOES E ESTRUTURAS","TUBULOES"]
[97784,"TUBULÃO A CÉU ABERTO, DIÂMETRO DO FUSTE DE 80 CM, PROFUNDIDADE MAIOR QUE 10 M, ESCAVAÇÃO MANUAL, SEM ALARGAMENTO DE BASE, CONCRETO USINADO E LANÇADO COM BOMBA OU DIRETAMENTE DO CAMINHÃO. AF_01/2018","M3",541.51,"SINAPI","FUNDACOES E ESTRUTURAS","TUBULOES"]
[97785,"TUBULÃO A CÉU ABERTO, DIÂMETRO DO FUSTE DE 100 CM, PROFUNDIDADE MAIOR QUE 10 M, ESCAVAÇÃO MANUAL, SEM ALARGAMENTO DE BASE, CONCRETO USINADO E LANÇADO COM BOMBA OU DIRETAMENTE DO CAMINHÃO. AF_01/2018","M3",488.67,"SINAPI","FUNDACOES E ESTRUTURAS","TUBULOES"]
[97786,"TUBULÃO A CÉU ABERTO, DIÂMETRO DO FUSTE DE 120 CM, PROFUNDIDADE MAIOR QUE 10 M, ESCAVAÇÃO MANUAL, SEM ALARGAMENTO DE BASE, CONCRETO USINADO E LANÇADO COM BOMBA OU DIRETAMENTE DO CAMINHÃO. AF_01/2018","M3",450.02,"SINAPI","FUNDACOES E ESTRUTURAS","TUBULOES"]
[97787,"TUBULÃO A CÉU ABERTO, DIÂMETRO DO FUSTE DE 70 CM, PROFUNDIDADE MENOR OU IGUAL A 5 M, ESCAVAÇÃO MECÂNICA, SEM ALARGAMENTO DE BASE, CONCRETO USINADO E LANÇADO COM BOMBA OU DIRETAMENTE DO CAMINHÃO. AF_01/2018","M3",501.38,"SINAPI","FUNDACOES E ESTRUTURAS","TUBULOES"]
[97788,"TUBULÃO A CÉU ABERTO, DIÂMETRO DO FUSTE DE 80 CM, PROFUNDIDADE MENOR OU IGUAL A 5 M, ESCAVAÇÃO MECÂNICA, SEM ALARGAMENTO DE BASE, CONCRETO USINADO E LANÇADO COM BOMBA OU DIRETAMENTE DO CAMINHÃO. AF_01/2018","M3",479.4,"SINAPI","FUNDACOES E ESTRUTURAS","TUBULOES"]
[97789,"TUBULÃO A CÉU ABERTO, DIÂMETRO DO FUSTE DE 100 CM, PROFUNDIDADE MENOR OU IGUAL A 5 M, ESCAVAÇÃO MECÂNICA, SEM ALARGAMENTO DE BASE, CONCRETO USINADO E LANÇADO COM BOMBA OU DIRETAMENTE DO CAMINHÃO. AF_01/2018","M3",450.56,"SINAPI","FUNDACOES E ESTRUTURAS","TUBULOES"]
[97790,"TUBULÃO A CÉU ABERTO, DIÂMETRO DO FUSTE DE 120 CM, PROFUNDIDADE MENOR OU IGUAL A 5 M, ESCAVAÇÃO MECÂNICA, SEM ALARGAMENTO DE BASE, CONCRETO USINADO E LANÇADO COM BOMBA OU DIRETAMENTE DO CAMINHÃO. AF_01/2018","M3",433.01,"SINAPI","FUNDACOES E ESTRUTURAS","TUBULOES"]
[97791,"TUBULÃO A CÉU ABERTO, DIÂMETRO DO FUSTE DE 70 CM, PROFUNDIDADE MAIOR QUE 5 M E MENOR OU IGUAL A 10M, ESCAVAÇÃO MECÂNICA, SEM ALARGAMENTO DE BASE, CONCRETO USINADO E LANÇADO COM BOMBA OU DIRETAMENTE DO CAMINHÃO. AF_01/2018","M3",445.14,"SINAPI","FUNDACOES E ESTRUTURAS","TUBULOES"]
[97792,"TUBULÃO A CÉU ABERTO, DIÂMETRO DO FUSTE DE 80 CM, PROFUNDIDADE MAIOR QUE 5 M E MENOR OU IGUAL A 10M, ESCAVAÇÃO MECÂNICA, SEM ALARGAMENTO DE BASE, CONCRETO USINADO E LANÇADO COM BOMBA OU DIRETAMENTE DO CAMINHÃO. AF_01/2018","M3",433.26,"SINAPI","FUNDACOES E ESTRUTURAS","TUBULOES"]
[97793,"TUBULÃO A CÉU ABERTO, DIÂMETRO DO FUSTE DE 100 CM, PROFUNDIDADE MAIOR QUE 5 M E MENOR OU IGUAL A 10M, ESCAVAÇÃO MECÂNICA, SEM ALARGAMENTO DE BASE, CONCRETO USINADO E LANÇADO COM BOMBA OU DIRETAMENTE DO CAMINHÃO. AF_01/2018","M3",410.11,"SINAPI","FUNDACOES E ESTRUTURAS","TUBULOES"]
[97794,"TUBULÃO A CÉU ABERTO, DIÂMETRO DO FUSTE DE 120 CM, PROFUNDIDADE MAIOR QUE 5 M E MENOR OU IGUAL A 10M, ESCAVAÇÃO MECÂNICA, SEM ALARGAMENTO DE BASE, CONCRETO USINADO E LANÇADO COM BOMBA OU DIRETAMENTE DO CAMINHÃO. AF_01/2018","M3",391.36,"SINAPI","FUNDACOES E ESTRUTURAS","TUBULOES"]
[97795,"TUBULÃO A CÉU ABERTO, DIÂMETRO DO FUSTE DE 70 CM, PROFUNDIDADE MAIOR QUE 10M, ESCAVAÇÃO MECÂNICA, SEM ALARGAMENTO DE BASE, CONCRETO USINADO E LANÇADO COM BOMBA OU DIRETAMENTE DO CAMINHÃO. AF_01/2018","M3",426.01,"SINAPI","FUNDACOES E ESTRUTURAS","TUBULOES"]
[97796,"TUBULÃO A CÉU ABERTO, DIÂMETRO DO FUSTE DE 80 CM, PROFUNDIDADE MAIOR QUE 10M, ESCAVAÇÃO MECÂNICA, SEM ALARGAMENTO DE BASE, CONCRETO USINADO E LANÇADO COM BOMBA OU DIRETAMENTE DO CAMINHÃO. AF_01/2018","M3",410.93,"SINAPI","FUNDACOES E ESTRUTURAS","TUBULOES"]
[97797,"TUBULÃO A CÉU ABERTO, DIÂMETRO DO FUSTE DE 100 CM, PROFUNDIDADE MAIOR QUE 10M, ESCAVAÇÃO MECÂNICA, SEM ALARGAMENTO DE BASE, CONCRETO USINADO E LANÇADO COM BOMBA OU DIRETAMENTE DO CAMINHÃO. AF_01/2018","M3",387.73,"SINAPI","FUNDACOES E ESTRUTURAS","TUBULOES"]
[97798,"TUBULÃO A CÉU ABERTO, DIÂMETRO DO FUSTE DE 120 CM, PROFUNDIDADE MAIOR QUE 10M, ESCAVAÇÃO MECÂNICA, SEM ALARGAMENTO DE BASE, CONCRETO USINADO E LANÇADO COM BOMBA OU DIRETAMENTE DO CAMINHÃO. AF_01/2018","M3",368.03,"SINAPI","FUNDACOES E ESTRUTURAS","TUBULOES"]
[97799,"ALARGAMENTO DE BASE DE TUBULÃO A CÉU ABERTO, ESCAVAÇÃO MANUAL, CONCRETO FEITO EM OBRA E LANÇADO COM JERICA. AF_01/2018","M3",565.08000000000004,"SINAPI","FUNDACOES E ESTRUTURAS","TUBULOES"]
[97800,"ALARGAMENTO DE BASE DE TUBULÃO A CÉU ABERTO, ESCAVAÇÃO MANUAL, CONCRETO USINADO E LANÇADO COM BOMBA OU DIRETAMENTE DO CAMINHÃO. AF_01/2018","M3",518.52,"SINAPI","FUNDACOES E ESTRUTURAS","TUBULOES"]
[89198,"ESTACA PRÉ-MOLDADA DE CONCRETO, SEÇÃO QUADRADA, CAPACIDADE DE 25 TONELADAS, COMPRIMENTO TOTAL CRAVADO ATÉ 5M, BATE-ESTACAS POR GRAVIDADE SOBRE ROLOS (EXCLUSIVE MOBILIZAÇÃO E DESMOBILIZAÇÃO). AF_03/2016","M",75.180000000000007,"SINAPI","FUNDACOES E ESTRUTURAS","ESTACAS"]
[89199,"ESTACA PRÉ-MOLDADA DE CONCRETO, SEÇÃO QUADRADA, CAPACIDADE DE 50 TONELADAS, COMPRIMENTO TOTAL CRAVADO ATÉ 5M, BATE-ESTACAS POR GRAVIDADE SOBRE ROLOS (EXCLUSIVE MOBILIZAÇÃO E DESMOBILIZAÇÃO). AF_03/2016","M",98.73,"SINAPI","FUNDACOES E ESTRUTURAS","ESTACAS"]
[89200,"ESTACA PRÉ-MOLDADA DE CONCRETO CENTRIFUGADO, SEÇÃO CIRCULAR, CAPACIDADE DE 100 TONELADAS, COMPRIMENTO TOTAL CRAVADO ATÉ 5M, BATE-ESTACAS POR GRAVIDADE SOBRE ROLOS (EXCLUSIVE MOBILIZAÇÃO E DESMOBILIZAÇÃO). AF_03/2016","M",231.64,"SINAPI","FUNDACOES E ESTRUTURAS","ESTACAS"]
[89201,"ESTACA PRÉ-MOLDADA DE CONCRETO, SEÇÃO QUADRADA, CAPACIDADE DE 25 TONELADAS, COMPRIMENTO TOTAL CRAVADO ACIMA DE 5M ATÉ 12M, BATE-ESTACAS POR GRAVIDADE SOBRE ROLOS (EXCLUSIVE MOBILIZAÇÃO E DESMOBILIZAÇÃO). AF_03/2016","M",59.93,"SINAPI","FUNDACOES E ESTRUTURAS","ESTACAS"]
[89202,"ESTACA PRÉ-MOLDADA DE CONCRETO, SEÇÃO QUADRADA, CAPACIDADE DE 50 TONELADAS, COMPRIMENTO TOTAL CRAVADO ACIMA DE 5M ATÉ 12M, BATE-ESTACAS POR GRAVIDADE SOBRE ROLOS (EXCLUSIVE MOBILIZAÇÃO E DESMOBILIZAÇÃO). AF_03/2016","M",77.5,"SINAPI","FUNDACOES E ESTRUTURAS","ESTACAS"]
[89203,"ESTACA PRÉ-MOLDADA DE CONCRETO CENTRIFUGADO, SEÇÃO CIRCULAR, CAPACIDADE DE 100 TONELADAS, COMPRIMENTO TOTAL CRAVADO ACIMA DE 5M ATÉ 12M, BATE-ESTACAS POR GRAVIDADE SOBRE ROLOS (EXCLUSIVE MOBILIZAÇÃO E DESMOBILIZAÇÃO). AF_03/2016","M",179.86,"SINAPI","FUNDACOES E ESTRUTURAS","ESTACAS"]
[89204,"ESTACA PRÉ-MOLDADA DE CONCRETO, SEÇÃO QUADRADA, CAPACIDADE DE 25 TONELADAS COMPRIMENTO TOTAL CRAVADO ACIMA DE 12M, BATE-ESTACAS POR GRAVIDADE SOBRE ROLOS (EXCLUSIVE MOBILIZAÇÃO E DESMOBILIZAÇÃO). AF_03/2016","M",54.36,"SINAPI","FUNDACOES E ESTRUTURAS","ESTACAS"]
[89205,"ESTACA PRÉ-MOLDADA DE CONCRETO, SEÇÃO QUADRADA, CAPACIDADE DE 50 TONELADAS, COMPRIMENTO TOTAL CRAVADO ACIMA DE 12M, BATE-ESTACAS POR GRAVIDADE SOBRE ROLOS (EXCLUSIVE MOBILIZAÇÃO E DESMOBILIZAÇÃO). AF_03/2016","M",70.97,"SINAPI","FUNDACOES E ESTRUTURAS","ESTACAS"]
[89206,"ESTACA PRÉ-MOLDADA DE CONCRETO CENTRIFUGADO, SEÇÃO CIRCULAR, CAPACIDADE DE 100 TONELADAS, COMPRIMENTO TOTAL CRAVADO ACIMA DE 12M, BATE-ESTACAS POR GRAVIDADE SOBRE ROLOS (EXCLUSIVE MOBILIZAÇÃO E DESMOBILIZAÇÃO). AF_03/2016","M",167.41,"SINAPI","FUNDACOES E ESTRUTURAS","ESTACAS"]
[90808,"ESTACA HÉLICE CONTÍNUA, DIÂMETRO DE 30 CM, COMPRIMENTO TOTAL ATÉ 15 M, PERFURATRIZ COM TORQUE DE 170 KN.M (EXCLUSIVE MOBILIZAÇÃO E DESMOBILIZAÇÃO). AF_02/2015","M",61.83,"SINAPI","FUNDACOES E ESTRUTURAS","ESTACAS"]
[90809,"ESTACA HÉLICE CONTÍNUA, DIÂMETRO DE 30 CM, COMPRIMENTO TOTAL ACIMA DE 15 M ATÉ 20 M, PERFURATRIZ COM TORQUE DE 170 KN.M (EXCLUSIVE MOBILIZAÇÃO E DESMOBILIZAÇÃO). AF_02/2015","M",59.45,"SINAPI","FUNDACOES E ESTRUTURAS","ESTACAS"]
[90810,"ESTACA HÉLICE CONTÍNUA, DIÂMETRO DE 50 CM, COMPRIMENTO TOTAL ATÉ 15 M, PERFURATRIZ COM TORQUE DE 170 KN.M (EXCLUSIVE MOBILIZAÇÃO E DESMOBILIZAÇÃO). AF_02/2015","M",128.81,"SINAPI","FUNDACOES E ESTRUTURAS","ESTACAS"]
[90811,"ESTACA HÉLICE CONTÍNUA, DIÂMETRO DE 50 CM, COMPRIMENTO TOTAL ACIMA DE 15 M ATÉ 30 M, PERFURATRIZ COM TORQUE DE 170 KN.M (EXCLUSIVE MOBILIZAÇÃO E DESMOBILIZAÇÃO). AF_02/2015","M",121.61,"SINAPI","FUNDACOES E ESTRUTURAS","ESTACAS"]
[90812,"ESTACA HÉLICE CONTÍNUA, DIÂMETRO DE 70 CM, COMPRIMENTO TOTAL ATÉ 15 M, PERFURATRIZ COM TORQUE DE 170 KN.M (EXCLUSIVE MOBILIZAÇÃO E DESMOBILIZAÇÃO). AF_02/2015","M",218.5,"SINAPI","FUNDACOES E ESTRUTURAS","ESTACAS"]
[90813,"ESTACA HÉLICE CONTÍNUA, DIÂMETRO DE 70 CM, COMPRIMENTO TOTAL ACIMA DE 15 M ATÉ 30 M, PERFURATRIZ COM TORQUE DE 170 KN.M (EXCLUSIVE MOBILIZAÇÃO E DESMOBILIZAÇÃO). AF_02/2015","M",208.59,"SINAPI","FUNDACOES E ESTRUTURAS","ESTACAS"]
[90814,"ESTACA HÉLICE CONTÍNUA, DIÂMETRO DE 80 CM, COMPRIMENTO TOTAL ATÉ 30 M, PERFURATRIZ COM TORQUE DE 170 KN.M (EXCLUSIVE MOBILIZAÇÃO E DESMOBILIZAÇÃO). AF_02/2015","M",262.35000000000002,"SINAPI","FUNDACOES E ESTRUTURAS","ESTACAS"]
[90815,"ESTACA HÉLICE CONTÍNUA, DIÂMETRO DE 90 CM, COMPRIMENTO TOTAL ATÉ 30 M, PERFURATRIZ COM TORQUE DE 263 KN.M (EXCLUSIVE MOBILIZAÇÃO E DESMOBILIZAÇÃO). AF_02/2015","M",317.32,"SINAPI","FUNDACOES E ESTRUTURAS","ESTACAS"]
[90877,"ESTACA ESCAVADA MECANICAMENTE, SEM FLUIDO ESTABILIZANTE, COM 25 CM DE DIÂMETRO, ATÉ 9 M DE COMPRIMENTO, CONCRETO LANÇADO POR CAMINHÃO BETONEIRA (EXCLUSIVE MOBILIZAÇÃO E DESMOBILIZAÇÃO). AF_02/2015","M",40.67,"SINAPI","FUNDACOES E ESTRUTURAS","ESTACAS"]
[90878,"ESTACA ESCAVADA MECANICAMENTE, SEM FLUIDO ESTABILIZANTE, COM 25 CM DE DIÂMETRO, ACIMA DE 9 M DE COMPRIMENTO, CONCRETO LANÇADO POR CAMINHÃO BETONEIRA (EXCLUSIVE MOBILIZAÇÃO E DESMOBILIZAÇÃO). AF_02/2015","M",38.83,"SINAPI","FUNDACOES E ESTRUTURAS","ESTACAS"]
[90880,"ESTACA ESCAVADA MECANICAMENTE, SEM FLUIDO ESTABILIZANTE, COM 25 CM DE DIÂMETRO, ATÉ 9 M DE COMPRIMENTO, CONCRETO LANÇADO MANUALMENTE (EXCLUSIVE MOBILIZAÇÃO E DESMOBILIZAÇÃO). AF_02/2015","M",54.8,"SINAPI","FUNDACOES E ESTRUTURAS","ESTACAS"]
[90881,"ESTACA ESCAVADA MECANICAMENTE, SEM FLUIDO ESTABILIZANTE, COM 25 CM DE DIÂMETRO, ACIMA DE 9 M DE COMPRIMENTO, CONCRETO LANÇADO MANUALMENTE (EXCLUSIVE MOBILIZAÇÃO E DESMOBILIZAÇÃO). AF_02/2015","M",50.25,"SINAPI","FUNDACOES E ESTRUTURAS","ESTACAS"]
[90883,"ESTACA ESCAVADA MECANICAMENTE, SEM FLUIDO ESTABILIZANTE, COM 40 CM DE DIÂMETRO, ATÉ 9 M DE COMPRIMENTO, CONCRETO LANÇADO POR CAMINHÃO BETONEIRA (EXCLUSIVE MOBILIZAÇÃO E DESMOBILIZAÇÃO). AF_02/2015","M",66.06,"SINAPI","FUNDACOES E ESTRUTURAS","ESTACAS"]
[90884,"ESTACA ESCAVADA MECANICAMENTE, SEM FLUIDO ESTABILIZANTE, COM 40 CM DE DIÂMETRO, ACIMA DE 9 M ATÉ 15 M DE COMPRIMENTO, CONCRETO LANÇADO POR CAMINHÃO BETONEIRA (EXCLUSIVE MOBILIZAÇÃO E DESMOBILIZAÇÃO). AF_02/2015","M",63.93,"SINAPI","FUNDACOES E ESTRUTURAS","ESTACAS"]
[90885,"ESTACA ESCAVADA MECANICAMENTE, SEM FLUIDO ESTABILIZANTE, COM 40 CM DE DIÂMETRO, ACIMA DE 15 M DE COMPRIMENTO, CONCRETO LANÇADO POR CAMINHÃO BETONEIRA (EXCLUSIVE MOBILIZAÇÃO E DESMOBILIZAÇÃO). AF_02/2015","M",62.99,"SINAPI","FUNDACOES E ESTRUTURAS","ESTACAS"]
[90886,"ESTACA ESCAVADA MECANICAMENTE, SEM FLUIDO ESTABILIZANTE, COM 60 CM DE DIÂMETRO, ATÉ 9 M DE COMPRIMENTO, CONCRETO LANÇADO POR CAMINHÃO BETONEIRA (EXCLUSIVE MOBILIZAÇÃO E DESMOBILIZAÇÃO). AF_02/2015","M",125.16,"SINAPI","FUNDACOES E ESTRUTURAS","ESTACAS"]
[90887,"ESTACA ESCAVADA MECANICAMENTE, SEM FLUIDO ESTABILIZANTE, COM 60 CM DE DIÂMETRO, ACIMA DE 9 M ATÉ 15 M DE COMPRIMENTO, CONCRETO LANÇADO POR CAMINHÃO BETONEIRA (EXCLUSIVE MOBILIZAÇÃO E DESMOBILIZAÇÃO). AF_02/2015","M",122.82,"SINAPI","FUNDACOES E ESTRUTURAS","ESTACAS"]
[90888,"ESTACA ESCAVADA MECANICAMENTE, SEM FLUIDO ESTABILIZANTE, COM 60 CM DE DIÂMETRO, ACIMA DE 15 M DE COMPRIMENTO, CONCRETO LANÇADO POR CAMINHÃO BETONEIRA (EXCLUSIVE MOBILIZAÇÃO E DESMOBILIZAÇÃO). AF_02/2015","M",121.81,"SINAPI","FUNDACOES E ESTRUTURAS","ESTACAS"]
[90889,"ESTACA ESCAVADA MECANICAMENTE, SEM FLUIDO ESTABILIZANTE, COM 60 CM DE DIÂMETRO, ATÉ 9 M DE COMPRIMENTO, CONCRETO LANÇADO POR BOMBA LANÇA (EXCLUSIVE MOBILIZAÇÃO E DESMOBILIZAÇÃO). AF_02/2015","M",147.11000000000001,"SINAPI","FUNDACOES E ESTRUTURAS","ESTACAS"]
[90890,"ESTACA ESCAVADA MECANICAMENTE, SEM FLUIDO ESTABILIZANTE, COM 60 CM DE DIÂMETRO, ACIMA DE 9 M ATÉ 15 M DE COMPRIMENTO, CONCRETO LANÇADO POR BOMBA LANÇA (EXCLUSIVE MOBILIZAÇÃO E DESMOBILIZAÇÃO). AF_02/2015","M",143.6,"SINAPI","FUNDACOES E ESTRUTURAS","ESTACAS"]
[90891,"ESTACA ESCAVADA MECANICAMENTE, SEM FLUIDO ESTABILIZANTE, COM 60 CM DE DIÂMETRO, ACIMA DE 15 M DE COMPRIMENTO, CONCRETO LANÇADO POR BOMBA LANÇA (EXCLUSIVE MOBILIZAÇÃO E DESMOBILIZAÇÃO). AF_02/2015","M",142.04,"SINAPI","FUNDACOES E ESTRUTURAS","ESTACAS"]
[95601,"ARRASAMENTO MECANICO DE ESTACA DE CONCRETO ARMADO, DIAMETROS DE ATÉ 40 CM. AF_11/2016","UN",18.22,"SINAPI","FUNDACOES E ESTRUTURAS","ESTACAS"]
[95602,"ARRASAMENTO MECANICO DE ESTACA DE CONCRETO ARMADO, DIAMETROS DE 41 CM A 60 CM. AF_11/2016","UN",23.2,"SINAPI","FUNDACOES E ESTRUTURAS","ESTACAS"]
[95603,"ARRASAMENTO MECANICO DE ESTACA DE CONCRETO ARMADO, DIAMETROS DE 61 CM A 80 CM. AF_11/2016","UN",30.44,"SINAPI","FUNDACOES E ESTRUTURAS","ESTACAS"]
[95604,"ARRASAMENTO MECANICO DE ESTACA DE CONCRETO ARMADO, DIAMETROS DE 81 CM A 100 CM. AF_11/2016","UN",40.090000000000003,"SINAPI","FUNDACOES E ESTRUTURAS","ESTACAS"]
[95605,"ARRASAMENTO MECANICO DE ESTACA DE CONCRETO ARMADO, DIAMETROS DE 101 CM A 150 CM. AF_11/2016","UN",62.85,"SINAPI","FUNDACOES E ESTRUTURAS","ESTACAS"]
[95607,"ARRASAMENTO DE ESTACA METÁLICA, PERFIL LAMINADO TIPO \u0093I\u0094 FAMÍLIA 250. AF_11/2016","UN",5.52,"SINAPI","FUNDACOES E ESTRUTURAS","ESTACAS"]
[95608,"ARRASAMENTO DE ESTACA METÁLICA, PERFIL LAMINADO TIPO \u0093H\u0094 FAMÍLIA 250. AF_11/2016","UN",6.36,"SINAPI","FUNDACOES E ESTRUTURAS","ESTACAS"]
[95609,"ARRASAMENTO DE ESTACA METÁLICA, PERFIL LAMINADO TIPO \u0093H\u0094 FAMÍLIA 310. AF_11/2016","UN",7.09,"SINAPI","FUNDACOES E ESTRUTURAS","ESTACAS"]
[96160,"ESTACA RAIZ, DIÂMETRO DE 20 CM, COMPRIMENTO DE ATÉ 10 M, SEM PRESENÇA DE ROCHA. AF_04/2017","M",183.78,"SINAPI","FUNDACOES E ESTRUTURAS","ESTACAS"]
[96161,"ESTACA RAIZ, DIÂMETRO DE 31 CM, COMPRIMENTO DE ATÉ 10 M, SEM PRESENÇA DE ROCHA. AF_05/2017","M",272.13,"SINAPI","FUNDACOES E ESTRUTURAS","ESTACAS"]
[96162,"ESTACA RAIZ, DIÂMETRO DE 40 CM, COMPRIMENTO DE ATÉ 10 M, SEM PRESENÇA DE ROCHA. AF_05/2017","M",354.96,"SINAPI","FUNDACOES E ESTRUTURAS","ESTACAS"]
[96163,"ESTACA RAIZ, DIÂMETRO DE 45 CM, COMPRIMENTO DE ATÉ 10 M, SEM PRESENÇA DE ROCHA. AF_05/2017","M",403.72,"SINAPI","FUNDACOES E ESTRUTURAS","ESTACAS"]
[96164,"ESTACA RAIZ, DIÂMETRO DE 20 CM, COMPRIMENTO DE 11 A 20 M, SEM PRESENÇA DE ROCHA. AF_05/2017","M",166.81,"SINAPI","FUNDACOES E ESTRUTURAS","ESTACAS"]
[96165,"ESTACA RAIZ, DIÂMETRO DE 31 CM, COMPRIMENTO DE 11 A 20 M, SEM PRESENÇA DE ROCHA. AF_05/2017","M",248.9,"SINAPI","FUNDACOES E ESTRUTURAS","ESTACAS"]
[96166,"ESTACA RAIZ, DIÂMETRO DE 40 CM, COMPRIMENTO DE 11 A 20 M, SEM PRESENÇA DE ROCHA. AF_05/2017","M",319.48,"SINAPI","FUNDACOES E ESTRUTURAS","ESTACAS"]
[96167,"ESTACA RAIZ, DIÂMETRO DE 45 CM, COMPRIMENTO DE 11 A 20 M, SEM PRESENÇA DE ROCHA. AF_05/2017","M",353.63,"SINAPI","FUNDACOES E ESTRUTURAS","ESTACAS"]
[96168,"ESTACA RAIZ, DIÂMETRO DE 20 CM, COMPRIMENTO DE 21 A 30 M, SEM PRESENÇA DE ROCHA. AF_05/2017","M",158.63,"SINAPI","FUNDACOES E ESTRUTURAS","ESTACAS"]
[96169,"ESTACA RAIZ, DIÂMETRO DE 31 CM, COMPRIMENTO DE 21 A 30 M, SEM PRESENÇA DE ROCHA. AF_05/2017","M",238.41,"SINAPI","FUNDACOES E ESTRUTURAS","ESTACAS"]
[96170,"ESTACA RAIZ, DIÂMETRO DE 40 CM, COMPRIMENTO DE 21 A 30 M, SEM PRESENÇA DE ROCHA. AF_05/2017","M",306.63,"SINAPI","FUNDACOES E ESTRUTURAS","ESTACAS"]
[96171,"ESTACA RAIZ, DIÂMETRO DE 45 CM, COMPRIMENTO DE 21 A 30 M, SEM PRESENÇA DE ROCHA. AF_05/2017","M",336.42,"SINAPI","FUNDACOES E ESTRUTURAS","ESTACAS"]
[96172,"ESTACA RAIZ, DIÂMETRO DE 20 CM, COMPRIMENTO DE ATÉ 10 M, COM PRESENÇA DE ROCHA. AF_05/2017","M",195.32,"SINAPI","FUNDACOES E ESTRUTURAS","ESTACAS"]
[96173,"ESTACA RAIZ, DIÂMETRO DE 31 CM, COMPRIMENTO DE ATÉ 10 M, COM PRESENÇA DE ROCHA. AF_05/2017","M",286.61,"SINAPI","FUNDACOES E ESTRUTURAS","ESTACAS"]
[96174,"ESTACA RAIZ, DIÂMETRO DE 40 CM, COMPRIMENTO DE ATÉ 10 M, COM PRESENÇA DE ROCHA. AF_05/2017","M",373.43,"SINAPI","FUNDACOES E ESTRUTURAS","ESTACAS"]
[96175,"ESTACA RAIZ, DIÂMETRO DE 45 CM, COMPRIMENTO DE ATÉ 10 M, COM PRESENÇA DE ROCHA. AF_05/2017","M",425.21,"SINAPI","FUNDACOES E ESTRUTURAS","ESTACAS"]
[96176,"ESTACA RAIZ, DIÂMETRO DE 20 CM, COMPRIMENTO DE 11 A 20 M, COM PRESENÇA DE ROCHA. AF_05/2017","M",174.48,"SINAPI","FUNDACOES E ESTRUTURAS","ESTACAS"]
[96177,"ESTACA RAIZ, DIÂMETRO DE 31 CM, COMPRIMENTO DE 11 A 20 M, COM PRESENÇA DE ROCHA. AF_05/2017","M",257.77,"SINAPI","FUNDACOES E ESTRUTURAS","ESTACAS"]
[96178,"ESTACA RAIZ, DIÂMETRO DE 40 CM, COMPRIMENTO DE 11 A 20 M, COM PRESENÇA DE ROCHA. AF_05/2017","M",329.96,"SINAPI","FUNDACOES E ESTRUTURAS","ESTACAS"]
[96179,"ESTACA RAIZ, DIÂMETRO DE 45 CM, COMPRIMENTO DE 11 A 20 M, COM PRESENÇA DE ROCHA. AF_05/2017","M",364.98,"SINAPI","FUNDACOES E ESTRUTURAS","ESTACAS"]
[96180,"ESTACA RAIZ, DIÂMETRO DE 20 CM, COMPRIMENTO DE 21 A 30 M, COM PRESENÇA DE ROCHA. AF_05/2017","M",164.28,"SINAPI","FUNDACOES E ESTRUTURAS","ESTACAS"]
[96181,"ESTACA RAIZ, DIÂMETRO DE 31 CM, COMPRIMENTO DE 21 A 30 M, COM PRESENÇA DE ROCHA. AF_05/2017","M",244.97,"SINAPI","FUNDACOES E ESTRUTURAS","ESTACAS"]
[96182,"ESTACA RAIZ, DIÂMETRO DE 40 CM, COMPRIMENTO DE 21 A 30 M, COM PRESENÇA DE ROCHA. AF_05/2017","M",312.94,"SINAPI","FUNDACOES E ESTRUTURAS","ESTACAS"]
[96183,"ESTACA RAIZ, DIÂMETRO DE 45 CM, COMPRIMENTO DE 21 A 30 M, COM PRESENÇA DE ROCHA. AF_05/2017","M",344.15,"SINAPI","FUNDACOES E ESTRUTURAS","ESTACAS"]
[98228,"ESTACA BROCA DE CONCRETO, DIÃMETRO DE 20 CM, PROFUNDIDADE DE ATÉ 3 M, ESCAVAÇÃO MANUAL COM TRADO CONCHA, NÃO ARMADA. AF_03/2018","M",51.37,"SINAPI","FUNDACOES E ESTRUTURAS","ESTACAS"]
[98229,"ESTACA BROCA DE CONCRETO, DIÃMETRO DE 25 CM, PROFUNDIDADE DE ATÉ 3 M, ESCAVAÇÃO MANUAL COM TRADO CONCHA, NÃO ARMADA. AF_03/2018","M",69.67,"SINAPI","FUNDACOES E ESTRUTURAS","ESTACAS"]
[98230,"ESTACA BROCA DE CONCRETO, DIÂMETRO DE 30 CM, PROFUNDIDADE DE ATÉ 3 M, ESCAVAÇÃO MANUAL COM TRADO CONCHA, NÃO ARMADA. AF_03/2018","M",94.37,"SINAPI","FUNDACOES E ESTRUTURAS","ESTACAS"]
[83534,"LASTRO DE CONCRETO, PREPARO MECÂNICO, INCLUSOS ADITIVO IMPERMEABILIZANTE, LANÇAMENTO E ADENSAMENTO","M3",495.53,"SINAPI","FUNDACOES E ESTRUTURAS","LASTROS/FUNDACOES DIVERSAS"]
[95240,"LASTRO DE CONCRETO MAGRO, APLICADO EM PISOS OU RADIERS, ESPESSURA DE 3 CM. AF_07/2016","M2",13.15,"SINAPI","FUNDACOES E ESTRUTURAS","LASTROS/FUNDACOES DIVERSAS"]
[95241,"LASTRO DE CONCRETO MAGRO, APLICADO EM PISOS OU RADIERS, ESPESSURA DE 5 CM. AF_07/2016","M2",21.93,"SINAPI","FUNDACOES E ESTRUTURAS","LASTROS/FUNDACOES DIVERSAS"]
[96616,"LASTRO DE CONCRETO MAGRO, APLICADO EM BLOCOS DE COROAMENTO OU SAPATAS. AF_08/2017","M3",459.82,"SINAPI","FUNDACOES E ESTRUTURAS","LASTROS/FUNDACOES DIVERSAS"]
[96617,"LASTRO DE CONCRETO MAGRO, APLICADO EM BLOCOS DE COROAMENTO OU SAPATAS, ESPESSURA DE 3 CM. AF_08/2017","M2",13.78,"SINAPI","FUNDACOES E ESTRUTURAS","LASTROS/FUNDACOES DIVERSAS"]
[96619,"LASTRO DE CONCRETO MAGRO, APLICADO EM BLOCOS DE COROAMENTO OU SAPATAS, ESPESSURA DE 5 CM. AF_08/2017","M2",22.97,"SINAPI","FUNDACOES E ESTRUTURAS","LASTROS/FUNDACOES DIVERSAS"]
[96620,"LASTRO DE CONCRETO MAGRO, APLICADO EM PISOS OU RADIERS. AF_08/2017","M3",438.93,"SINAPI","FUNDACOES E ESTRUTURAS","LASTROS/FUNDACOES DIVERSAS"]
[96621,"LASTRO COM MATERIAL GRANULAR, APLICAÇÃO EM BLOCOS DE COROAMENTO, ESPESSURA DE *5 CM*. AF_08/2017","M3",165.84,"SINAPI","FUNDACOES E ESTRUTURAS","LASTROS/FUNDACOES DIVERSAS"]
[96622,"LASTRO COM MATERIAL GRANULAR, APLICAÇÃO EM PISOS OU RADIERS, ESPESSURA DE *5 CM*. AF_08/2017","M3",104.6,"SINAPI","FUNDACOES E ESTRUTURAS","LASTROS/FUNDACOES DIVERSAS"]
[96623,"LASTRO COM MATERIAL GRANULAR, APLICADO EM BLOCOS DE COROAMENTO, ESPESSURA DE *10 CM*. AF_08/2017","M3",151.54,"SINAPI","FUNDACOES E ESTRUTURAS","LASTROS/FUNDACOES DIVERSAS"]
[96624,"LASTRO COM MATERIAL GRANULAR, APLICADO EM PISOS OU RADIERS, ESPESSURA DE *10 CM*. AF_08/2017","M3",99.56,"SINAPI","FUNDACOES E ESTRUTURAS","LASTROS/FUNDACOES DIVERSAS"]
[97082,"ESCAVAÇÃO MANUAL DE VIGA DE BORDA PARA RADIER. AF_09/2017","M3",48.32,"SINAPI","FUNDACOES E ESTRUTURAS","LASTROS/FUNDACOES DIVERSAS"]
[97083,"COMPACTAÇÃO MECÂNICA DE SOLO PARA EXECUÇÃO DE RADIER, COM COMPACTADOR DE SOLOS A PERCUSSÃO. AF_09/2017","M2",2.59,"SINAPI","FUNDACOES E ESTRUTURAS","LASTROS/FUNDACOES DIVERSAS"]
[97084,"COMPACTAÇÃO MECÂNICA DE SOLO PARA EXECUÇÃO DE RADIER, COM COMPACTADOR DE SOLOS TIPO PLACA VIBRATÓRIA. AF_09/2017","M2",0.53,"SINAPI","FUNDACOES E ESTRUTURAS","LASTROS/FUNDACOES DIVERSAS"]
[97086,"FABRICAÇÃO, MONTAGEM E DESMONTAGEM DE FORMA PARA RADIER, EM MADEIRA SERRADA, 4 UTILIZAÇÕES. AF_09/2017","M2",109.42,"SINAPI","FUNDACOES E ESTRUTURAS","LASTROS/FUNDACOES DIVERSAS"]
[97094,"CONCRETAGEM DE RADIER, PISO OU LAJE SOBRE SOLO, FCK 30 MPA, PARA ESPESSURA DE 10 CM - LANÇAMENTO, ADENSAMENTO E ACABAMENTO. AF_09/2017","M3",378.99,"SINAPI","FUNDACOES E ESTRUTURAS","LASTROS/FUNDACOES DIVERSAS"]
[97095,"CONCRETAGEM DE RADIER, PISO OU LAJE SOBRE SOLO, FCK 30 MPA, PARA ESPESSURA DE 15 CM - LANÇAMENTO, ADENSAMENTO E ACABAMENTO. AF_09/2017","M3",355.56,"SINAPI","FUNDACOES E ESTRUTURAS","LASTROS/FUNDACOES DIVERSAS"]
[97096,"CONCRETAGEM DE RADIER, PISO OU LAJE SOBRE SOLO, FCK 30 MPA, PARA ESPESSURA DE 20 CM - LANÇAMENTO, ADENSAMENTO E ACABAMENTO. AF_09/2017","M3",343.53,"SINAPI","FUNDACOES E ESTRUTURAS","LASTROS/FUNDACOES DIVERSAS"]
[90996,"FORMAS MANUSEÁVEIS PARA PAREDES DE CONCRETO MOLDADAS IN LOCO, DE EDIFICAÇÕES DE MULTIPLOS PAVIMENTO, EM PLATIBANDA. AF_06/2015","M2",13.54,"SINAPI","FUNDACOES E ESTRUTURAS","FORMAS/CIMBRAMENTOS/ESCORAMENTOS"]
[90997,"FORMAS MANUSEÁVEIS PARA PAREDES DE CONCRETO MOLDADAS IN LOCO, DE EDIFICAÇÕES DE MULTIPLOS PAVIMENTOS, EM FACES INTERNAS DE PAREDES. AF_06/2015","M2",18.82,"SINAPI","FUNDACOES E ESTRUTURAS","FORMAS/CIMBRAMENTOS/ESCORAMENTOS"]
[90998,"FORMAS MANUSEÁVEIS PARA PAREDES DE CONCRETO MOLDADAS IN LOCO, DE EDIFICAÇÕES DE MULTIPLOS PAVIMENTOS, EM LAJES. AF_06/2015","M2",22.98,"SINAPI","FUNDACOES E ESTRUTURAS","FORMAS/CIMBRAMENTOS/ESCORAMENTOS"]
[91000,"FORMAS MANUSEÁVEIS PARA PAREDES DE CONCRETO MOLDADAS IN LOCO, DE EDIFICAÇÕES DE MULTIPLOS PAVIMENTOS, EM PANOS DE FACHADA COM VÃOS. AF_06/2015","M2",17.25,"SINAPI","FUNDACOES E ESTRUTURAS","FORMAS/CIMBRAMENTOS/ESCORAMENTOS"]
[91002,"FORMAS MANUSEÁVEIS PARA PAREDES DE CONCRETO MOLDADAS IN LOCO, DE EDIFICAÇÕES DE MULTIPLOS PAVIMENTOS, EM PANOS DE FACHADA SEM VÃOS. AF_06/2015","M2",15.77,"SINAPI","FUNDACOES E ESTRUTURAS","FORMAS/CIMBRAMENTOS/ESCORAMENTOS"]
[91003,"FORMAS MANUSEÁVEIS PARA PAREDES DE CONCRETO MOLDADAS IN LOCO, DE EDIFICAÇÕES DE MULTIPLOS PAVIMENTOS, EM PANOS DE FACHADA COM VARANDAS. AF_06/2015","M2",18.440000000000001,"SINAPI","FUNDACOES E ESTRUTURAS","FORMAS/CIMBRAMENTOS/ESCORAMENTOS"]
[91004,"FORMAS MANUSEÁVEIS PARA PAREDES DE CONCRETO MOLDADAS IN LOCO, DE EDIFICAÇÕES DE PAVIMENTO ÚNICO, EM FACES INTERNAS DE PAREDES. AF_06/2015","M2",14.52,"SINAPI","FUNDACOES E ESTRUTURAS","FORMAS/CIMBRAMENTOS/ESCORAMENTOS"]
[91005,"FORMAS MANUSEÁVEIS PARA PAREDES DE CONCRETO MOLDADAS IN LOCO, DE EDIFICAÇÕES DE PAVIMENTO ÚNICO, EM LAJES. AF_06/2015","M2",17.62,"SINAPI","FUNDACOES E ESTRUTURAS","FORMAS/CIMBRAMENTOS/ESCORAMENTOS"]
[91006,"FORMAS MANUSEÁVEIS PARA PAREDES DE CONCRETO MOLDADAS IN LOCO, DE EDIFICAÇÕES DE PAVIMENTO ÚNICO, EM PANOS DE FACHADA COM VÃOS. AF_06/2015","M2",13.34,"SINAPI","FUNDACOES E ESTRUTURAS","FORMAS/CIMBRAMENTOS/ESCORAMENTOS"]
[91007,"FORMAS MANUSEÁVEIS PARA PAREDES DE CONCRETO MOLDADAS IN LOCO, DE EDIFICAÇÕES DE PAVIMENTO ÚNICO, EM PANOS DE FACHADA SEM VÃOS. AF_06/2015","M2",11.87,"SINAPI","FUNDACOES E ESTRUTURAS","FORMAS/CIMBRAMENTOS/ESCORAMENTOS"]
[91008,"FORMAS MANUSEÁVEIS PARA PAREDES DE CONCRETO MOLDADAS IN LOCO, DE EDIFICAÇÕES DE PAVIMENTO ÚNICO, EM PANOS DE FACHADA COM VARANDA. AF_06/2015","M2",14.55,"SINAPI","FUNDACOES E ESTRUTURAS","FORMAS/CIMBRAMENTOS/ESCORAMENTOS"]
[92263,"FABRICAÇÃO DE FÔRMA PARA PILARES E ESTRUTURAS SIMILARES, EM CHAPA DE MADEIRA COMPENSADA RESINADA, E = 17 MM. AF_12/2015","M2",104.51,"SINAPI","FUNDACOES E ESTRUTURAS","FORMAS/CIMBRAMENTOS/ESCORAMENTOS"]
[92264,"FABRICAÇÃO DE FÔRMA PARA PILARES E ESTRUTURAS SIMILARES, EM CHAPA DE MADEIRA COMPENSADA PLASTIFICADA, E = 18 MM. AF_12/2015","M2",114.4,"SINAPI","FUNDACOES E ESTRUTURAS","FORMAS/CIMBRAMENTOS/ESCORAMENTOS"]
[92265,"FABRICAÇÃO DE FÔRMA PARA VIGAS, EM CHAPA DE MADEIRA COMPENSADA RESINADA, E = 17 MM. AF_12/2015","M2",83.67,"SINAPI","FUNDACOES E ESTRUTURAS","FORMAS/CIMBRAMENTOS/ESCORAMENTOS"]
[92266,"FABRICAÇÃO DE FÔRMA PARA VIGAS, EM CHAPA DE MADEIRA COMPENSADA PLASTIFICADA, E = 18 MM. AF_12/2015","M2",92.49,"SINAPI","FUNDACOES E ESTRUTURAS","FORMAS/CIMBRAMENTOS/ESCORAMENTOS"]
[92267,"FABRICAÇÃO DE FÔRMA PARA LAJES, EM CHAPA DE MADEIRA COMPENSADA RESINADA, E = 17 MM. AF_12/2015","M2",32.58,"SINAPI","FUNDACOES E ESTRUTURAS","FORMAS/CIMBRAMENTOS/ESCORAMENTOS"]
[92268,"FABRICAÇÃO DE FÔRMA PARA LAJES, EM CHAPA DE MADEIRA COMPENSADA PLASTIFICADA, E = 18 MM. AF_12/2015","M2",40.36,"SINAPI","FUNDACOES E ESTRUTURAS","FORMAS/CIMBRAMENTOS/ESCORAMENTOS"]
[92269,"FABRICAÇÃO DE FÔRMA PARA PILARES E ESTRUTURAS SIMILARES, EM MADEIRA SERRADA, E=25 MM. AF_12/2015","M2",107.77,"SINAPI","FUNDACOES E ESTRUTURAS","FORMAS/CIMBRAMENTOS/ESCORAMENTOS"]
[92270,"FABRICAÇÃO DE FÔRMA PARA VIGAS, COM MADEIRA SERRADA, E = 25 MM. AF_12/2015","M2",90.51,"SINAPI","FUNDACOES E ESTRUTURAS","FORMAS/CIMBRAMENTOS/ESCORAMENTOS"]
[92271,"FABRICAÇÃO DE FÔRMA PARA LAJES, EM MADEIRA SERRADA, E=25 MM. AF_12/2015","M2",70.67,"SINAPI","FUNDACOES E ESTRUTURAS","FORMAS/CIMBRAMENTOS/ESCORAMENTOS"]
[92272,"FABRICAÇÃO DE ESCORAS DE VIGA DO TIPO GARFO, EM MADEIRA. AF_12/2015","M",17.239999999999998,"SINAPI","FUNDACOES E ESTRUTURAS","FORMAS/CIMBRAMENTOS/ESCORAMENTOS"]
[92273,"FABRICAÇÃO DE ESCORAS DO TIPO PONTALETE, EM MADEIRA. AF_12/2015","M",6.58,"SINAPI","FUNDACOES E ESTRUTURAS","FORMAS/CIMBRAMENTOS/ESCORAMENTOS"]
[92408,"MONTAGEM E DESMONTAGEM DE FÔRMA DE PILARES RETANGULARES E ESTRUTURAS SIMILARES COM ÁREA MÉDIA DAS SEÇÕES MENOR OU IGUAL A 0,25 M², PÉ-DIREITO SIMPLES, EM MADEIRA SERRADA, 1 UTILIZAÇÃO. AF_12/2015","M2",209.91,"SINAPI","FUNDACOES E ESTRUTURAS","FORMAS/CIMBRAMENTOS/ESCORAMENTOS"]
[92409,"MONTAGEM E DESMONTAGEM DE FÔRMA DE PILARES RETANGULARES E ESTRUTURAS SIMILARES COM ÁREA MÉDIA DAS SEÇÕES MAIOR QUE 0,25 M², PÉ-DIREITO SIMPLES, EM MADEIRA SERRADA, 1 UTILIZAÇÃO. AF_12/2015","M2",198.29,"SINAPI","FUNDACOES E ESTRUTURAS","FORMAS/CIMBRAMENTOS/ESCORAMENTOS"]
[92410,"MONTAGEM E DESMONTAGEM DE FÔRMA DE PILARES RETANGULARES E ESTRUTURAS SIMILARES COM ÁREA MÉDIA DAS SEÇÕES MENOR OU IGUAL A 0,25 M², PÉ-DIREITO SIMPLES, EM MADEIRA SERRADA, 2 UTILIZAÇÕES. AF_12/2015","M2",145.43,"SINAPI","FUNDACOES E ESTRUTURAS","FORMAS/CIMBRAMENTOS/ESCORAMENTOS"]
[92411,"MONTAGEM E DESMONTAGEM DE FÔRMA DE PILARES RETANGULARES E ESTRUTURAS SIMILARES COM ÁREA MÉDIA DAS SEÇÕES MAIOR QUE 0,25 M², PÉ-DIREITO SIMPLES, EM MADEIRA SERRADA, 2 UTILIZAÇÕES. AF_12/2015","M2",135.15,"SINAPI","FUNDACOES E ESTRUTURAS","FORMAS/CIMBRAMENTOS/ESCORAMENTOS"]
[92412,"MONTAGEM E DESMONTAGEM DE FÔRMA DE PILARES RETANGULARES E ESTRUTURAS SIMILARES COM ÁREA MÉDIA DAS SEÇÕES MENOR OU IGUAL A 0,25 M², PÉ-DIREITO SIMPLES, EM MADEIRA SERRADA, 4 UTILIZAÇÕES. AF_12/2015","M2",97.66,"SINAPI","FUNDACOES E ESTRUTURAS","FORMAS/CIMBRAMENTOS/ESCORAMENTOS"]
[92413,"MONTAGEM E DESMONTAGEM DE FÔRMA DE PILARES RETANGULARES E ESTRUTURAS SIMILARES COM ÁREA MÉDIA DAS SEÇÕES MAIOR QUE 0,25 M², PÉ-DIREITO SIMPLES, EM MADEIRA SERRADA, 4 UTILIZAÇÕES. AF_12/2015","M2",89.74,"SINAPI","FUNDACOES E ESTRUTURAS","FORMAS/CIMBRAMENTOS/ESCORAMENTOS"]
[92414,"MONTAGEM E DESMONTAGEM DE FÔRMA DE PILARES RETANGULARES E ESTRUTURAS SIMILARES COM ÁREA MÉDIA DAS SEÇÕES MENOR OU IGUAL A 0,25 M², PÉ-DIREITO SIMPLES, EM CHAPA DE MADEIRA COMPENSADA RESINADA, 2 UTILIZAÇÕES. AF_12/2015","M2",110.65,"SINAPI","FUNDACOES E ESTRUTURAS","FORMAS/CIMBRAMENTOS/ESCORAMENTOS"]
[92415,"MONTAGEM E DESMONTAGEM DE FÔRMA DE PILARES RETANGULARES E ESTRUTURAS SIMILARES COM ÁREA MÉDIA DAS SEÇÕES MAIOR QUE 0,25 M², PÉ-DIREITO SIMPLES, EM CHAPA DE MADEIRA COMPENSADA RESINADA, 2 UTILIZAÇÕES. AF_12/2015","M2",100.38,"SINAPI","FUNDACOES E ESTRUTURAS","FORMAS/CIMBRAMENTOS/ESCORAMENTOS"]
[92416,"MONTAGEM E DESMONTAGEM DE FÔRMA DE PILARES RETANGULARES E ESTRUTURAS SIMILARES COM ÁREA MÉDIA DAS SEÇÕES MENOR OU IGUAL A 0,25 M², PÉ-DIREITO DUPLO, EM CHAPA DE MADEIRA COMPENSADA RESINADA, 2 UTILIZAÇÕES. AF_12/2015","M2",131.78,"SINAPI","FUNDACOES E ESTRUTURAS","FORMAS/CIMBRAMENTOS/ESCORAMENTOS"]
[92417,"MONTAGEM E DESMONTAGEM DE FÔRMA DE PILARES RETANGULARES E ESTRUTURAS SIMILARES COM ÁREA MÉDIA DAS SEÇÕES MAIOR QUE 0,25 M², PÉ-DIREITO DUPLO, EM CHAPA DE MADEIRA COMPENSADA RESINADA, 2 UTILIZAÇÕES. AF_12/2015","M2",121.55,"SINAPI","FUNDACOES E ESTRUTURAS","FORMAS/CIMBRAMENTOS/ESCORAMENTOS"]
[92418,"MONTAGEM E DESMONTAGEM DE FÔRMA DE PILARES RETANGULARES E ESTRUTURAS SIMILARES COM ÁREA MÉDIA DAS SEÇÕES MENOR OU IGUAL A 0,25 M², PÉ-DIREITO SIMPLES, EM CHAPA DE MADEIRA COMPENSADA RESINADA, 4 UTILIZAÇÕES. AF_12/2015","M2",73.349999999999994,"SINAPI","FUNDACOES E ESTRUTURAS","FORMAS/CIMBRAMENTOS/ESCORAMENTOS"]
[92419,"MONTAGEM E DESMONTAGEM DE FÔRMA DE PILARES RETANGULARES E ESTRUTURAS SIMILARES COM ÁREA MÉDIA DAS SEÇÕES MAIOR QUE 0,25 M², PÉ-DIREITO SIMPLES, EM CHAPA DE MADEIRA COMPENSADA RESINADA, 4 UTILIZAÇÕES. AF_12/2015","M2",65.47,"SINAPI","FUNDACOES E ESTRUTURAS","FORMAS/CIMBRAMENTOS/ESCORAMENTOS"]
[92420,"MONTAGEM E DESMONTAGEM DE FÔRMA DE PILARES RETANGULARES E ESTRUTURAS SIMILARES COM ÁREA MÉDIA DAS SEÇÕES MENOR OU IGUAL A 0,25 M², PÉ-DIREITO DUPLO, EM CHAPA DE MADEIRA COMPENSADA RESINADA, 4 UTILIZAÇÕES. AF_12/2015","M2",89.6,"SINAPI","FUNDACOES E ESTRUTURAS","FORMAS/CIMBRAMENTOS/ESCORAMENTOS"]
[92421,"MONTAGEM E DESMONTAGEM DE FÔRMA DE PILARES RETANGULARES E ESTRUTURAS SIMILARES COM ÁREA MÉDIA DAS SEÇÕES MAIOR QUE 0,25 M², PÉ-DIREITO DUPLO, EM CHAPA DE MADEIRA COMPENSADA RESINADA, 4 UTILIZAÇÕES. AF_12/2015","M2",81.7,"SINAPI","FUNDACOES E ESTRUTURAS","FORMAS/CIMBRAMENTOS/ESCORAMENTOS"]
[92422,"MONTAGEM E DESMONTAGEM DE FÔRMA DE PILARES RETANGULARES E ESTRUTURAS SIMILARES COM ÁREA MÉDIA DAS SEÇÕES MENOR OU IGUAL A 0,25 M², PÉ-DIREITO SIMPLES, EM CHAPA DE MADEIRA COMPENSADA RESINADA, 6 UTILIZAÇÕES. AF_12/2015","M2",61.15,"SINAPI","FUNDACOES E ESTRUTURAS","FORMAS/CIMBRAMENTOS/ESCORAMENTOS"]
[92423,"MONTAGEM E DESMONTAGEM DE FÔRMA DE PILARES RETANGULARES E ESTRUTURAS SIMILARES COM ÁREA MÉDIA DAS SEÇÕES MAIOR QUE 0,25 M², PÉ-DIREITO SIMPLES, EM CHAPA DE MADEIRA COMPENSADA RESINADA, 6 UTILIZAÇÕES. AF_12/2015","M2",54.31,"SINAPI","FUNDACOES E ESTRUTURAS","FORMAS/CIMBRAMENTOS/ESCORAMENTOS"]
[92424,"MONTAGEM E DESMONTAGEM DE FÔRMA DE PILARES RETANGULARES E ESTRUTURAS SIMILARES COM ÁREA MÉDIA DAS SEÇÕES MENOR OU IGUAL A 0,25 M², PÉ-DIREITO DUPLO, EM CHAPA DE MADEIRA COMPENSADA RESINADA, 6 UTILIZAÇÕES. AF_12/2015","M2",75.290000000000006,"SINAPI","FUNDACOES E ESTRUTURAS","FORMAS/CIMBRAMENTOS/ESCORAMENTOS"]
[92425,"MONTAGEM E DESMONTAGEM DE FÔRMA DE PILARES RETANGULARES E ESTRUTURAS SIMILARES COM ÁREA MÉDIA DAS SEÇÕES MAIOR QUE 0,25 M², PÉ-DIREITO DUPLO, EM CHAPA DE MADEIRA COMPENSADA RESINADA, 6 UTILIZAÇÕES. AF_12/2015","M2",68.430000000000007,"SINAPI","FUNDACOES E ESTRUTURAS","FORMAS/CIMBRAMENTOS/ESCORAMENTOS"]
[92426,"MONTAGEM E DESMONTAGEM DE FÔRMA DE PILARES RETANGULARES E ESTRUTURAS SIMILARES COM ÁREA MÉDIA DAS SEÇÕES MENOR OU IGUAL A 0,25 M², PÉ-DIREITO SIMPLES, EM CHAPA DE MADEIRA COMPENSADA RESINADA, 8 UTILIZAÇÕES. AF_12/2015","M2",55.02,"SINAPI","FUNDACOES E ESTRUTURAS","FORMAS/CIMBRAMENTOS/ESCORAMENTOS"]
[92427,"MONTAGEM E DESMONTAGEM DE FÔRMA DE PILARES RETANGULARES E ESTRUTURAS SIMILARES COM ÁREA MÉDIA DAS SEÇÕES MAIOR QUE 0,25 M², PÉ-DIREITO SIMPLES, EM CHAPA DE MADEIRA COMPENSADA RESINADA, 8 UTILIZAÇÕES. AF_12/2015","M2",48.67,"SINAPI","FUNDACOES E ESTRUTURAS","FORMAS/CIMBRAMENTOS/ESCORAMENTOS"]
[92428,"MONTAGEM E DESMONTAGEM DE FÔRMA DE PILARES RETANGULARES E ESTRUTURAS SIMILARES COM ÁREA MÉDIA DAS SEÇÕES MENOR OU IGUAL A 0,25 M², PÉ-DIREITO DUPLO, EM CHAPA DE MADEIRA COMPENSADA RESINADA, 8 UTILIZAÇÕES. AF_12/2015","M2",68.09,"SINAPI","FUNDACOES E ESTRUTURAS","FORMAS/CIMBRAMENTOS/ESCORAMENTOS"]
[92429,"MONTAGEM E DESMONTAGEM DE FÔRMA DE PILARES RETANGULARES E ESTRUTURAS SIMILARES COM ÁREA MÉDIA DAS SEÇÕES MAIOR QUE 0,25 M², PÉ-DIREITO DUPLO, EM CHAPA DE MADEIRA COMPENSADA RESINADA, 8 UTILIZAÇÕES. AF_12/2015","M2",61.75,"SINAPI","FUNDACOES E ESTRUTURAS","FORMAS/CIMBRAMENTOS/ESCORAMENTOS"]
[92430,"MONTAGEM E DESMONTAGEM DE FÔRMA DE PILARES RETANGULARES E ESTRUTURAS SIMILARES COM ÁREA MÉDIA DAS SEÇÕES MENOR OU IGUAL A 0,25 M², PÉ-DIREITO SIMPLES, EM CHAPA DE MADEIRA COMPENSADA PLASTIFICADA, 10 UTILIZAÇÕES. AF_12/2015","M2",50.02,"SINAPI","FUNDACOES E ESTRUTURAS","FORMAS/CIMBRAMENTOS/ESCORAMENTOS"]
[92431,"MONTAGEM E DESMONTAGEM DE FÔRMA DE PILARES RETANGULARES E ESTRUTURAS SIMILARES COM ÁREA MÉDIA DAS SEÇÕES MAIOR QUE 0,25 M², PÉ-DIREITO SIMPLES, EM CHAPA DE MADEIRA COMPENSADA PLASTIFICADA, 10 UTILIZAÇÕES. AF_12/2015","M2",44,"SINAPI","FUNDACOES E ESTRUTURAS","FORMAS/CIMBRAMENTOS/ESCORAMENTOS"]
[92432,"MONTAGEM E DESMONTAGEM DE FÔRMA DE PILARES RETANGULARES E ESTRUTURAS SIMILARES COM ÁREA MÉDIA DAS SEÇÕES MENOR OU IGUAL A 0,25 M², PÉ-DIREITO DUPLO, EM CHAPA DE MADEIRA COMPENSADA PLASTIFICADA, 10 UTILIZAÇÕES. AF_12/2015","M2",62.45,"SINAPI","FUNDACOES E ESTRUTURAS","FORMAS/CIMBRAMENTOS/ESCORAMENTOS"]
[92433,"MONTAGEM E DESMONTAGEM DE FÔRMA DE PILARES RETANGULARES E ESTRUTURAS SIMILARES COM ÁREA MÉDIA DAS SEÇÕES MAIOR QUE 0,25 M², PÉ-DIREITO DUPLO, EM CHAPA DE MADEIRA COMPENSADA PLASTIFICADA, 10 UTILIZAÇÕES. AF_12/2015","M2",56.41,"SINAPI","FUNDACOES E ESTRUTURAS","FORMAS/CIMBRAMENTOS/ESCORAMENTOS"]
[92434,"MONTAGEM E DESMONTAGEM DE FÔRMA DE PILARES RETANGULARES E ESTRUTURAS SIMILARES COM ÁREA MÉDIA DAS SEÇÕES MENOR OU IGUAL A 0,25 M², PÉ-DIREITO SIMPLES, EM CHAPA DE MADEIRA COMPENSADA PLASTIFICADA, 12 UTILIZAÇÕES. AF_12/2015","M2",47.9,"SINAPI","FUNDACOES E ESTRUTURAS","FORMAS/CIMBRAMENTOS/ESCORAMENTOS"]
[92435,"MONTAGEM E DESMONTAGEM DE FÔRMA DE PILARES RETANGULARES E ESTRUTURAS SIMILARES COM ÁREA MÉDIA DAS SEÇÕES MAIOR QUE 0,25 M², PÉ-DIREITO SIMPLES, EM CHAPA DE MADEIRA COMPENSADA PLASTIFICADA, 12 UTILIZAÇÕES. AF_12/2015","M2",42.08,"SINAPI","FUNDACOES E ESTRUTURAS","FORMAS/CIMBRAMENTOS/ESCORAMENTOS"]
[92436,"MONTAGEM E DESMONTAGEM DE FÔRMA DE PILARES RETANGULARES E ESTRUTURAS SIMILARES COM ÁREA MÉDIA DAS SEÇÕES MENOR OU IGUAL A 0,25 M², PÉ-DIREITO DUPLO, EM CHAPA DE MADEIRA COMPENSADA PLASTIFICADA, 12 UTILIZAÇÕES. AF_12/2015","M2",59.88,"SINAPI","FUNDACOES E ESTRUTURAS","FORMAS/CIMBRAMENTOS/ESCORAMENTOS"]
[92437,"MONTAGEM E DESMONTAGEM DE FÔRMA DE PILARES RETANGULARES E ESTRUTURAS SIMILARES COM ÁREA MÉDIA DAS SEÇÕES MAIOR QUE 0,25 M², PÉ-DIREITO DUPLO, EM CHAPA DE MADEIRA COMPENSADA PLASTIFICADA, 12 UTILIZAÇÕES. AF_12/2015","M2",54.07,"SINAPI","FUNDACOES E ESTRUTURAS","FORMAS/CIMBRAMENTOS/ESCORAMENTOS"]
[92438,"MONTAGEM E DESMONTAGEM DE FÔRMA DE PILARES RETANGULARES E ESTRUTURAS SIMILARES COM ÁREA MÉDIA DAS SEÇÕES MENOR OU IGUAL A 0,25 M², PÉ-DIREITO SIMPLES, EM CHAPA DE MADEIRA COMPENSADA PLASTIFICADA, 14 UTILIZAÇÕES. AF_12/2015","M2",46.37,"SINAPI","FUNDACOES E ESTRUTURAS","FORMAS/CIMBRAMENTOS/ESCORAMENTOS"]
[92439,"MONTAGEM E DESMONTAGEM DE FÔRMA DE PILARES RETANGULARES E ESTRUTURAS SIMILARES COM ÁREA MÉDIA DAS SEÇÕES MAIOR QUE 0,25 M², PÉ-DIREITO SIMPLES, EM CHAPA DE MADEIRA COMPENSADA PLASTIFICADA, 14 UTILIZAÇÕES. AF_12/2015","M2",40.69,"SINAPI","FUNDACOES E ESTRUTURAS","FORMAS/CIMBRAMENTOS/ESCORAMENTOS"]
[92440,"MONTAGEM E DESMONTAGEM DE FÔRMA DE PILARES RETANGULARES E ESTRUTURAS SIMILARES COM ÁREA MÉDIA DAS SEÇÕES MENOR OU IGUAL A 0,25 M², PÉ-DIREITO DUPLO, EM CHAPA DE MADEIRA COMPENSADA PLASTIFICADA, 14 UTILIZAÇÕES. AF_12/2015","M2",58.03,"SINAPI","FUNDACOES E ESTRUTURAS","FORMAS/CIMBRAMENTOS/ESCORAMENTOS"]
[92441,"MONTAGEM E DESMONTAGEM DE FÔRMA DE PILARES RETANGULARES E ESTRUTURAS SIMILARES COM ÁREA MÉDIA DAS SEÇÕES MAIOR QUE 0,25 M², PÉ-DIREITO DUPLO, EM CHAPA DE MADEIRA COMPENSADA PLASTIFICADA, 14 UTILIZAÇÕES. AF_12/2015","M2",52.39,"SINAPI","FUNDACOES E ESTRUTURAS","FORMAS/CIMBRAMENTOS/ESCORAMENTOS"]
[92442,"MONTAGEM E DESMONTAGEM DE FÔRMA DE PILARES RETANGULARES E ESTRUTURAS SIMILARES COM ÁREA MÉDIA DAS SEÇÕES MENOR OU IGUAL A 0,25 M², PÉ-DIREITO SIMPLES, EM CHAPA DE MADEIRA COMPENSADA PLASTIFICADA, 18 UTILIZAÇÕES. AF_12/2015","M2",43.36,"SINAPI","FUNDACOES E ESTRUTURAS","FORMAS/CIMBRAMENTOS/ESCORAMENTOS"]
[92443,"MONTAGEM E DESMONTAGEM DE FÔRMA DE PILARES RETANGULARES E ESTRUTURAS SIMILARES COM ÁREA MÉDIA DAS SEÇÕES MAIOR QUE 0,25 M², PÉ-DIREITO SIMPLES, EM CHAPA DE MADEIRA COMPENSADA PLASTIFICADA, 18 UTILIZAÇÕES. AF_12/2015","M2",37.880000000000003,"SINAPI","FUNDACOES E ESTRUTURAS","FORMAS/CIMBRAMENTOS/ESCORAMENTOS"]
[92444,"MONTAGEM E DESMONTAGEM DE FÔRMA DE PILARES RETANGULARES E ESTRUTURAS SIMILARES COM ÁREA MÉDIA DAS SEÇÕES MENOR OU IGUAL A 0,25 M², PÉ-DIREITO DUPLO, EM CHAPA DE MADEIRA COMPENSADA PLASTIFICADA, 18 UTILIZAÇÕES. AF_12/2015","M2",54.64,"SINAPI","FUNDACOES E ESTRUTURAS","FORMAS/CIMBRAMENTOS/ESCORAMENTOS"]
[92445,"MONTAGEM E DESMONTAGEM DE FÔRMA DE PILARES RETANGULARES E ESTRUTURAS SIMILARES COM ÁREA MÉDIA DAS SEÇÕES MAIOR QUE 0,25 M², PÉ-DIREITO DUPLO, EM CHAPA DE MADEIRA COMPENSADA PLASTIFICADA, 18 UTILIZAÇÕES. AF_12/2015","M2",49.16,"SINAPI","FUNDACOES E ESTRUTURAS","FORMAS/CIMBRAMENTOS/ESCORAMENTOS"]
[92446,"MONTAGEM E DESMONTAGEM DE FÔRMA DE VIGA, ESCORAMENTO COM PONTALETE DE MADEIRA, PÉ-DIREITO SIMPLES, EM MADEIRA SERRADA, 1 UTILIZAÇÃO. AF_12/2015","M2",188.44,"SINAPI","FUNDACOES E ESTRUTURAS","FORMAS/CIMBRAMENTOS/ESCORAMENTOS"]
[92447,"MONTAGEM E DESMONTAGEM DE FÔRMA DE VIGA, ESCORAMENTO COM PONTALETE DE MADEIRA, PÉ-DIREITO SIMPLES, EM MADEIRA SERRADA, 2 UTILIZAÇÕES. AF_12/2015","M2",133.88,"SINAPI","FUNDACOES E ESTRUTURAS","FORMAS/CIMBRAMENTOS/ESCORAMENTOS"]
[92448,"MONTAGEM E DESMONTAGEM DE FÔRMA DE VIGA, ESCORAMENTO COM PONTALETE DE MADEIRA, PÉ-DIREITO SIMPLES, EM MADEIRA SERRADA, 4 UTILIZAÇÕES. AF_12/2015","M2",104.52,"SINAPI","FUNDACOES E ESTRUTURAS","FORMAS/CIMBRAMENTOS/ESCORAMENTOS"]
[92449,"MONTAGEM E DESMONTAGEM DE FÔRMA DE VIGA, ESCORAMENTO COM GARFO DE MADEIRA, PÉ-DIREITO DUPLO, EM CHAPA DE MADEIRA RESINADA, 2 UTILIZAÇÕES. AF_12/2015","M2",172.55,"SINAPI","FUNDACOES E ESTRUTURAS","FORMAS/CIMBRAMENTOS/ESCORAMENTOS"]
[92450,"MONTAGEM E DESMONTAGEM DE FÔRMA DE VIGA, ESCORAMENTO METÁLICO, PÉ-DIREITO DUPLO, EM CHAPA DE MADEIRA RESINADA, 2 UTILIZAÇÕES. AF_12/2015","M2",230.46,"SINAPI","FUNDACOES E ESTRUTURAS","FORMAS/CIMBRAMENTOS/ESCORAMENTOS"]
[92451,"MONTAGEM E DESMONTAGEM DE FÔRMA DE VIGA, ESCORAMENTO COM GARFO DE MADEIRA, PÉ-DIREITO SIMPLES, EM CHAPA DE MADEIRA RESINADA, 2 UTILIZAÇÕES. AF_12/2015","M2",122.68,"SINAPI","FUNDACOES E ESTRUTURAS","FORMAS/CIMBRAMENTOS/ESCORAMENTOS"]
[92452,"MONTAGEM E DESMONTAGEM DE FÔRMA DE VIGA, ESCORAMENTO METÁLICO, PÉ-DIREITO SIMPLES, EM CHAPA DE MADEIRA RESINADA, 2 UTILIZAÇÕES. AF_12/2015","M2",124.51,"SINAPI","FUNDACOES E ESTRUTURAS","FORMAS/CIMBRAMENTOS/ESCORAMENTOS"]
[92453,"MONTAGEM E DESMONTAGEM DE FÔRMA DE VIGA, ESCORAMENTO COM GARFO DE MADEIRA, PÉ-DIREITO DUPLO, EM CHAPA DE MADEIRA RESINADA, 4 UTILIZAÇÕES. AF_12/2015","M2",145.79,"SINAPI","FUNDACOES E ESTRUTURAS","FORMAS/CIMBRAMENTOS/ESCORAMENTOS"]
[92454,"MONTAGEM E DESMONTAGEM DE FÔRMA DE VIGA, ESCORAMENTO METÁLICO, PÉ-DIREITO DUPLO, EM CHAPA DE MADEIRA RESINADA, 4 UTILIZAÇÕES. AF_12/2015","M2",251.87,"SINAPI","FUNDACOES E ESTRUTURAS","FORMAS/CIMBRAMENTOS/ESCORAMENTOS"]
[92455,"MONTAGEM E DESMONTAGEM DE FÔRMA DE VIGA, ESCORAMENTO COM GARFO DE MADEIRA, PÉ-DIREITO SIMPLES, EM CHAPA DE MADEIRA RESINADA, 4 UTILIZAÇÕES. AF_12/2015","M2",99.49,"SINAPI","FUNDACOES E ESTRUTURAS","FORMAS/CIMBRAMENTOS/ESCORAMENTOS"]
[92456,"MONTAGEM E DESMONTAGEM DE FÔRMA DE VIGA, ESCORAMENTO METÁLICO, PÉ-DIREITO SIMPLES, EM CHAPA DE MADEIRA RESINADA, 4 UTILIZAÇÕES. AF_12/2015","M2",107.13,"SINAPI","FUNDACOES E ESTRUTURAS","FORMAS/CIMBRAMENTOS/ESCORAMENTOS"]
[92457,"MONTAGEM E DESMONTAGEM DE FÔRMA DE VIGA, ESCORAMENTO COM GARFO DE MADEIRA, PÉ-DIREITO DUPLO, EM CHAPA DE MADEIRA RESINADA, 6 UTILIZAÇÕES. AF_12/2015","M2",126.47,"SINAPI","FUNDACOES E ESTRUTURAS","FORMAS/CIMBRAMENTOS/ESCORAMENTOS"]
[92458,"MONTAGEM E DESMONTAGEM DE FÔRMA DE VIGA, ESCORAMENTO METÁLICO, PÉ-DIREITO DUPLO, EM CHAPA DE MADEIRA RESINADA, 6 UTILIZAÇÕES. AF_12/2015","M2",237.26,"SINAPI","FUNDACOES E ESTRUTURAS","FORMAS/CIMBRAMENTOS/ESCORAMENTOS"]
[92459,"MONTAGEM E DESMONTAGEM DE FÔRMA DE VIGA, ESCORAMENTO COM GARFO DE MADEIRA, PÉ-DIREITO SIMPLES, EM CHAPA DE MADEIRA RESINADA, 6 UTILIZAÇÕES. AF_12/2015","M2",84.35,"SINAPI","FUNDACOES E ESTRUTURAS","FORMAS/CIMBRAMENTOS/ESCORAMENTOS"]
[92460,"MONTAGEM E DESMONTAGEM DE FÔRMA DE VIGA, ESCORAMENTO METÁLICO, PÉ-DIREITO SIMPLES, EM CHAPA DE MADEIRA RESINADA, 6 UTILIZAÇÕES. AF_12/2015","M2",88.66,"SINAPI","FUNDACOES E ESTRUTURAS","FORMAS/CIMBRAMENTOS/ESCORAMENTOS"]
[92461,"MONTAGEM E DESMONTAGEM DE FÔRMA DE VIGA, ESCORAMENTO COM GARFO DE MADEIRA, PÉ-DIREITO DUPLO, EM CHAPA DE MADEIRA RESINADA, 8 UTILIZAÇÕES. AF_12/2015","M2",115.89,"SINAPI","FUNDACOES E ESTRUTURAS","FORMAS/CIMBRAMENTOS/ESCORAMENTOS"]
[92462,"MONTAGEM E DESMONTAGEM DE FÔRMA DE VIGA, ESCORAMENTO METÁLICO, PÉ-DIREITO DUPLO, EM CHAPA DE MADEIRA RESINADA, 8 UTILIZAÇÕES. AF_12/2015","M2",227.7,"SINAPI","FUNDACOES E ESTRUTURAS","FORMAS/CIMBRAMENTOS/ESCORAMENTOS"]
[92463,"MONTAGEM E DESMONTAGEM DE FÔRMA DE VIGA, ESCORAMENTO COM GARFO DE MADEIRA, PÉ-DIREITO SIMPLES, EM CHAPA DE MADEIRA RESINADA, 8 UTILIZAÇÕES. AF_12/2015","M2",75.94,"SINAPI","FUNDACOES E ESTRUTURAS","FORMAS/CIMBRAMENTOS/ESCORAMENTOS"]
[92464,"MONTAGEM E DESMONTAGEM DE FÔRMA DE VIGA, ESCORAMENTO METÁLICO, PÉ-DIREITO SIMPLES, EM CHAPA DE MADEIRA RESINADA, 8 UTILIZAÇÕES. AF_12/2015","M2",84.67,"SINAPI","FUNDACOES E ESTRUTURAS","FORMAS/CIMBRAMENTOS/ESCORAMENTOS"]
[92465,"MONTAGEM E DESMONTAGEM DE FÔRMA DE VIGA, ESCORAMENTO COM GARFO DE MADEIRA, PÉ-DIREITO DUPLO, EM CHAPA DE MADEIRA PLASTIFICADA, 10 UTILIZAÇÕES. AF_12/2015","M2",93.18,"SINAPI","FUNDACOES E ESTRUTURAS","FORMAS/CIMBRAMENTOS/ESCORAMENTOS"]
[92466,"MONTAGEM E DESMONTAGEM DE FÔRMA DE VIGA, ESCORAMENTO METÁLICO, PÉ-DIREITO DUPLO, EM CHAPA DE MADEIRA PLASTIFICADA, 10 UTILIZAÇÕES. AF_12/2015","M2",219.11,"SINAPI","FUNDACOES E ESTRUTURAS","FORMAS/CIMBRAMENTOS/ESCORAMENTOS"]
[92467,"MONTAGEM E DESMONTAGEM DE FÔRMA DE VIGA, ESCORAMENTO COM GARFO DE MADEIRA, PÉ-DIREITO SIMPLES, EM CHAPA DE MADEIRA PLASTIFICADA, 10 UTILIZAÇÕES. AF_12/2015","M2",61.84,"SINAPI","FUNDACOES E ESTRUTURAS","FORMAS/CIMBRAMENTOS/ESCORAMENTOS"]
[92468,"MONTAGEM E DESMONTAGEM DE FÔRMA DE VIGA, ESCORAMENTO METÁLICO, PÉ-DIREITO SIMPLES, EM CHAPA DE MADEIRA PLASTIFICADA, 10 UTILIZAÇÕES. AF_12/2015","M2",76.84,"SINAPI","FUNDACOES E ESTRUTURAS","FORMAS/CIMBRAMENTOS/ESCORAMENTOS"]
[92469,"MONTAGEM E DESMONTAGEM DE FÔRMA DE VIGA, ESCORAMENTO COM GARFO DE MADEIRA, PÉ-DIREITO DUPLO, EM CHAPA DE MADEIRA PLASTIFICADA, 12 UTILIZAÇÕES. AF_12/2015","M2",85.23,"SINAPI","FUNDACOES E ESTRUTURAS","FORMAS/CIMBRAMENTOS/ESCORAMENTOS"]
[92470,"MONTAGEM E DESMONTAGEM DE FÔRMA DE VIGA, ESCORAMENTO METÁLICO, PÉ-DIREITO DUPLO, EM CHAPA DE MADEIRA PLASTIFICADA, 12 UTILIZAÇÕES. AF_12/2015","M2",213.75,"SINAPI","FUNDACOES E ESTRUTURAS","FORMAS/CIMBRAMENTOS/ESCORAMENTOS"]
[92471,"MONTAGEM E DESMONTAGEM DE FÔRMA DE VIGA, ESCORAMENTO COM GARFO DE MADEIRA, PÉ-DIREITO SIMPLES, EM CHAPA DE MADEIRA PLASTIFICADA, 12 UTILIZAÇÕES. AF_12/2015","M2",56.62,"SINAPI","FUNDACOES E ESTRUTURAS","FORMAS/CIMBRAMENTOS/ESCORAMENTOS"]
[92472,"MONTAGEM E DESMONTAGEM DE FÔRMA DE VIGA, ESCORAMENTO METÁLICO, PÉ-DIREITO SIMPLES, EM CHAPA DE MADEIRA PLASTIFICADA, 12 UTILIZAÇÕES. AF_12/2015","M2",72.34,"SINAPI","FUNDACOES E ESTRUTURAS","FORMAS/CIMBRAMENTOS/ESCORAMENTOS"]
[92473,"MONTAGEM E DESMONTAGEM DE FÔRMA DE VIGA, ESCORAMENTO COM GARFO DE MADEIRA, PÉ-DIREITO DUPLO, EM CHAPA DE MADEIRA PLASTIFICADA, 14 UTILIZAÇÕES. AF_12/2015","M2",78.67,"SINAPI","FUNDACOES E ESTRUTURAS","FORMAS/CIMBRAMENTOS/ESCORAMENTOS"]
[92474,"MONTAGEM E DESMONTAGEM DE FÔRMA DE VIGA, ESCORAMENTO METÁLICO, PÉ-DIREITO DUPLO, EM CHAPA DE MADEIRA PLASTIFICADA, 14 UTILIZAÇÕES. AF_12/2015","M2",209.05,"SINAPI","FUNDACOES E ESTRUTURAS","FORMAS/CIMBRAMENTOS/ESCORAMENTOS"]
[92475,"MONTAGEM E DESMONTAGEM DE FÔRMA DE VIGA, ESCORAMENTO COM GARFO DE MADEIRA, PÉ-DIREITO SIMPLES, EM CHAPA DE MADEIRA PLASTIFICADA, 14 UTILIZAÇÕES. AF_12/2015","M2",52.31,"SINAPI","FUNDACOES E ESTRUTURAS","FORMAS/CIMBRAMENTOS/ESCORAMENTOS"]
[92476,"MONTAGEM E DESMONTAGEM DE FÔRMA DE VIGA, ESCORAMENTO METÁLICO, PÉ-DIREITO SIMPLES, EM CHAPA DE MADEIRA PLASTIFICADA, 14 UTILIZAÇÕES. AF_12/2015","M2",68.459999999999994,"SINAPI","FUNDACOES E ESTRUTURAS","FORMAS/CIMBRAMENTOS/ESCORAMENTOS"]
[92477,"MONTAGEM E DESMONTAGEM DE FÔRMA DE VIGA, ESCORAMENTO COM GARFO DE MADEIRA, PÉ-DIREITO DUPLO, EM CHAPA DE MADEIRA PLASTIFICADA, 18 UTILIZAÇÕES. AF_12/2015","M2",65.06,"SINAPI","FUNDACOES E ESTRUTURAS","FORMAS/CIMBRAMENTOS/ESCORAMENTOS"]
[92478,"MONTAGEM E DESMONTAGEM DE FÔRMA DE VIGA, ESCORAMENTO METÁLICO, PÉ-DIREITO DUPLO, EM CHAPA DE MADEIRA PLASTIFICADA, 18 UTILIZAÇÕES. AF_12/2015","M2",200.01,"SINAPI","FUNDACOES E ESTRUTURAS","FORMAS/CIMBRAMENTOS/ESCORAMENTOS"]
[92479,"MONTAGEM E DESMONTAGEM DE FÔRMA DE VIGA, ESCORAMENTO COM GARFO DE MADEIRA, PÉ-DIREITO SIMPLES, EM CHAPA DE MADEIRA PLASTIFICADA, 18 UTILIZAÇÕES. AF_12/2015","M2",43.31,"SINAPI","FUNDACOES E ESTRUTURAS","FORMAS/CIMBRAMENTOS/ESCORAMENTOS"]
[92480,"MONTAGEM E DESMONTAGEM DE FÔRMA DE VIGA, ESCORAMENTO METÁLICO, PÉ-DIREITO SIMPLES, EM CHAPA DE MADEIRA PLASTIFICADA, 18 UTILIZAÇÕES. AF_12/2015","M2",60.91,"SINAPI","FUNDACOES E ESTRUTURAS","FORMAS/CIMBRAMENTOS/ESCORAMENTOS"]
[92481,"MONTAGEM E DESMONTAGEM DE FÔRMA DE LAJE MACIÇA COM ÁREA MÉDIA MENOR OU IGUAL A 20 M², PÉ-DIREITO SIMPLES, EM MADEIRA SERRADA, 1 UTILIZAÇÃO. AF_12/2015","M2",251.9,"SINAPI","FUNDACOES E ESTRUTURAS","FORMAS/CIMBRAMENTOS/ESCORAMENTOS"]
[92482,"MONTAGEM E DESMONTAGEM DE FÔRMA DE LAJE MACIÇA COM ÁREA MÉDIA MAIOR QUE 20 M², PÉ-DIREITO SIMPLES, EM MADEIRA SERRADA, 1 UTILIZAÇÃO. AF_12/2015","M2",238.35,"SINAPI","FUNDACOES E ESTRUTURAS","FORMAS/CIMBRAMENTOS/ESCORAMENTOS"]
[92483,"MONTAGEM E DESMONTAGEM DE FÔRMA DE LAJE MACIÇA COM ÁREA MÉDIA MENOR OU IGUAL A 20 M², PÉ-DIREITO SIMPLES, EM MADEIRA SERRADA, 2 UTILIZAÇÕES. AF_12/2015","M2",187.97,"SINAPI","FUNDACOES E ESTRUTURAS","FORMAS/CIMBRAMENTOS/ESCORAMENTOS"]
[92484,"MONTAGEM E DESMONTAGEM DE FÔRMA DE LAJE MACIÇA COM ÁREA MÉDIA MAIOR QUE 20 M², PÉ-DIREITO SIMPLES, EM MADEIRA SERRADA, 2 UTILIZAÇÕES. AF_12/2015","M2",176,"SINAPI","FUNDACOES E ESTRUTURAS","FORMAS/CIMBRAMENTOS/ESCORAMENTOS"]
[92485,"MONTAGEM E DESMONTAGEM DE FÔRMA DE LAJE MACIÇA COM ÁREA MÉDIA MENOR OU IGUAL A 20 M², PÉ-DIREITO SIMPLES, EM MADEIRA SERRADA, 4 UTILIZAÇÕES. AF_12/2015","M2",132.72999999999999,"SINAPI","FUNDACOES E ESTRUTURAS","FORMAS/CIMBRAMENTOS/ESCORAMENTOS"]
[92486,"MONTAGEM E DESMONTAGEM DE FÔRMA DE LAJE MACIÇA COM ÁREA MÉDIA MAIOR QUE 20 M², PÉ-DIREITO SIMPLES, EM MADEIRA SERRADA, 4 UTILIZAÇÕES. AF_12/2015","M2",123.54,"SINAPI","FUNDACOES E ESTRUTURAS","FORMAS/CIMBRAMENTOS/ESCORAMENTOS"]
[92487,"MONTAGEM E DESMONTAGEM DE FÔRMA DE LAJE NERVURADA COM CUBETA E ASSOALHO COM ÁREA MÉDIA MENOR OU IGUAL A 20 M², PÉ-DIREITO DUPLO, EM CHAPA DE MADEIRA COMPENSADA RESINADA, 8 UTILIZAÇÕES. AF_12/2015","M2",87.94,"SINAPI","FUNDACOES E ESTRUTURAS","FORMAS/CIMBRAMENTOS/ESCORAMENTOS"]
[92488,"MONTAGEM E DESMONTAGEM DE FÔRMA DE LAJE NERVURADA COM CUBETA E ASSOALHO COM ÁREA MÉDIA MAIOR QUE 20 M², PÉ-DIREITO DUPLO, EM CHAPA DE MADEIRA COMPENSADA RESINADA, 8 UTILIZAÇÕES. AF_12/2015","M2",84.77,"SINAPI","FUNDACOES E ESTRUTURAS","FORMAS/CIMBRAMENTOS/ESCORAMENTOS"]
[92489,"MONTAGEM E DESMONTAGEM DE FÔRMA DE LAJE NERVURADA COM CUBETA E ASSOALHO COM ÁREA MÉDIA MENOR OU IGUAL A 20 M², PÉ-DIREITO SIMPLES, EM CHAPA DE MADEIRA COMPENSADA RESINADA, 8 UTILIZAÇÕES. AF_12/2015","M2",50.32,"SINAPI","FUNDACOES E ESTRUTURAS","FORMAS/CIMBRAMENTOS/ESCORAMENTOS"]
[92490,"MONTAGEM E DESMONTAGEM DE FÔRMA DE LAJE NERVURADA COM CUBETA E ASSOALHO COM ÁREA MÉDIA MAIOR QUE 20 M², PÉ-DIREITO SIMPLES, EM CHAPA DE MADEIRA COMPENSADA RESINADA, 8 UTILIZAÇÕES. AF_12/2015","M2",47.41,"SINAPI","FUNDACOES E ESTRUTURAS","FORMAS/CIMBRAMENTOS/ESCORAMENTOS"]
[92491,"MONTAGEM E DESMONTAGEM DE FÔRMA DE LAJE NERVURADA COM CUBETA E ASSOALHO COM ÁREA MÉDIA MENOR OU IGUAL A 20 M², PÉ-DIREITO DUPLO, EM CHAPA DE MADEIRA COMPENSADA RESINADA, 10 UTILIZAÇÕES. AF_12/2015","M2",84.89,"SINAPI","FUNDACOES E ESTRUTURAS","FORMAS/CIMBRAMENTOS/ESCORAMENTOS"]
[92492,"MONTAGEM E DESMONTAGEM DE FÔRMA DE LAJE NERVURADA COM CUBETA E ASSOALHO COM ÁREA MÉDIA MAIOR QUE 20 M², PÉ-DIREITO DUPLO, EM CHAPA DE MADEIRA COMPENSADA RESINADA, 10 UTILIZAÇÕES. AF_12/2015","M2",81.86,"SINAPI","FUNDACOES E ESTRUTURAS","FORMAS/CIMBRAMENTOS/ESCORAMENTOS"]
[92493,"MONTAGEM E DESMONTAGEM DE FÔRMA DE LAJE NERVURADA COM CUBETA E ASSOALHO COM ÁREA MÉDIA MENOR OU IGUAL A 20 M², PÉ-DIREITO SIMPLES, EM CHAPA DE MADEIRA COMPENSADA RESINADA, 10 UTILIZAÇÕES. AF_12/2015","M2",45.01,"SINAPI","FUNDACOES E ESTRUTURAS","FORMAS/CIMBRAMENTOS/ESCORAMENTOS"]
[92494,"MONTAGEM E DESMONTAGEM DE FÔRMA DE LAJE NERVURADA COM CUBETA E ASSOALHO COM ÁREA MÉDIA MAIOR QUE 20 M², PÉ-DIREITO SIMPLES, EM CHAPA DE MADEIRA COMPENSADA RESINADA, 10 UTILIZAÇÕES. AF_12/2015","M2",44.98,"SINAPI","FUNDACOES E ESTRUTURAS","FORMAS/CIMBRAMENTOS/ESCORAMENTOS"]
[92495,"MONTAGEM E DESMONTAGEM DE FÔRMA DE LAJE NERVURADA COM CUBETA E ASSOALHO COM ÁREA MÉDIA MENOR OU IGUAL A 20 M², PÉ-DIREITO DUPLO, EM CHAPA DE MADEIRA COMPENSADA RESINADA, 12 UTILIZAÇÕES. AF_12/2015","M2",82.83,"SINAPI","FUNDACOES E ESTRUTURAS","FORMAS/CIMBRAMENTOS/ESCORAMENTOS"]
[92496,"MONTAGEM E DESMONTAGEM DE FÔRMA DE LAJE NERVURADA COM CUBETA E ASSOALHO COM ÁREA MÉDIA MAIOR QUE 20 M², PÉ-DIREITO DUPLO, EM CHAPA DE MADEIRA COMPENSADA RESINADA, 12 UTILIZAÇÕES. AF_12/2015","M2",79.930000000000007,"SINAPI","FUNDACOES E ESTRUTURAS","FORMAS/CIMBRAMENTOS/ESCORAMENTOS"]
[92497,"MONTAGEM E DESMONTAGEM DE FÔRMA DE LAJE NERVURADA COM CUBETA E ASSOALHO COM ÁREA MÉDIA MENOR OU IGUAL A 20 M², PÉ-DIREITO SIMPLES, EM CHAPA DE MADEIRA COMPENSADA RESINADA, 12 UTILIZAÇÕES. AF_12/2015","M2",46.06,"SINAPI","FUNDACOES E ESTRUTURAS","FORMAS/CIMBRAMENTOS/ESCORAMENTOS"]
[92498,"MONTAGEM E DESMONTAGEM DE FÔRMA DE LAJE NERVURADA COM CUBETA E ASSOALHO COM ÁREA MÉDIA MAIOR QUE 20 M², PÉ-DIREITO SIMPLES, EM CHAPA DE MADEIRA COMPENSADA RESINADA, 12 UTILIZAÇÕES. AF_12/2015","M2",43.36,"SINAPI","FUNDACOES E ESTRUTURAS","FORMAS/CIMBRAMENTOS/ESCORAMENTOS"]
[92499,"MONTAGEM E DESMONTAGEM DE FÔRMA DE LAJE NERVURADA COM CUBETA E ASSOALHO COM ÁREA MÉDIA MENOR OU IGUAL A 20 M², PÉ-DIREITO DUPLO, EM CHAPA DE MADEIRA COMPENSADA RESINADA, 14 UTILIZAÇÕES. AF_12/2015","M2",81.569999999999993,"SINAPI","FUNDACOES E ESTRUTURAS","FORMAS/CIMBRAMENTOS/ESCORAMENTOS"]
[92500,"MONTAGEM E DESMONTAGEM DE FÔRMA DE LAJE NERVURADA COM CUBETA E ASSOALHO COM ÁREA MÉDIA MAIOR QUE 20 M², PÉ-DIREITO DUPLO, EM CHAPA DE MADEIRA COMPENSADA RESINADA, 14 UTILIZAÇÕES. AF_12/2015","M2",78.75,"SINAPI","FUNDACOES E ESTRUTURAS","FORMAS/CIMBRAMENTOS/ESCORAMENTOS"]
[92501,"MONTAGEM E DESMONTAGEM DE FÔRMA DE LAJE NERVURADA COM CUBETA E ASSOALHO COM ÁREA MÉDIA MENOR OU IGUAL A 20 M², PÉ-DIREITO SIMPLES, EM CHAPA DE MADEIRA COMPENSADA RESINADA, 14 UTILIZAÇÕES. AF_12/2015","M2",45.04,"SINAPI","FUNDACOES E ESTRUTURAS","FORMAS/CIMBRAMENTOS/ESCORAMENTOS"]
[92502,"MONTAGEM E DESMONTAGEM DE FÔRMA DE LAJE NERVURADA COM CUBETA E ASSOALHO COM ÁREA MÉDIA MAIOR QUE 20 M², PÉ-DIREITO SIMPLES, EM CHAPA DE MADEIRA COMPENSADA RESINADA, 14 UTILIZAÇÕES. AF_12/2015","M2",42.41,"SINAPI","FUNDACOES E ESTRUTURAS","FORMAS/CIMBRAMENTOS/ESCORAMENTOS"]
[92503,"MONTAGEM E DESMONTAGEM DE FÔRMA DE LAJE NERVURADA COM CUBETA E ASSOALHO COM ÁREA MÉDIA MENOR OU IGUAL A 20 M², PÉ-DIREITO DUPLO, EM CHAPA DE MADEIRA COMPENSADA RESINADA, 18 UTILIZAÇÕES. AF_12/2015","M2",79.59,"SINAPI","FUNDACOES E ESTRUTURAS","FORMAS/CIMBRAMENTOS/ESCORAMENTOS"]
[92504,"MONTAGEM E DESMONTAGEM DE FÔRMA DE LAJE NERVURADA COM CUBETA E ASSOALHO COM ÁREA MÉDIA MAIOR QUE 20 M², PÉ-DIREITO DUPLO, EM CHAPA DE MADEIRA COMPENSADA RESINADA, 18 UTILIZAÇÕES. AF_12/2015","M2",49.39,"SINAPI","FUNDACOES E ESTRUTURAS","FORMAS/CIMBRAMENTOS/ESCORAMENTOS"]
[92505,"MONTAGEM E DESMONTAGEM DE FÔRMA DE LAJE NERVURADA COM CUBETA E ASSOALHO COM ÁREA MÉDIA MENOR OU IGUAL A 20 M², PÉ-DIREITO SIMPLES, EM CHAPA DE MADEIRA COMPENSADA RESINADA, 18 UTILIZAÇÕES. AF_12/2015","M2",43.38,"SINAPI","FUNDACOES E ESTRUTURAS","FORMAS/CIMBRAMENTOS/ESCORAMENTOS"]
[92506,"MONTAGEM E DESMONTAGEM DE FÔRMA DE LAJE NERVURADA COM CUBETA E ASSOALHO COM ÁREA MÉDIA MAIOR QUE 20 M², PÉ-DIREITO SIMPLES, EM CHAPA DE MADEIRA COMPENSADA RESINADA, 18 UTILIZAÇÕES. AF_12/2015","M2",40.85,"SINAPI","FUNDACOES E ESTRUTURAS","FORMAS/CIMBRAMENTOS/ESCORAMENTOS"]
[92507,"MONTAGEM E DESMONTAGEM DE FÔRMA DE LAJE MACIÇA COM ÁREA MÉDIA MENOR OU IGUAL A 20 M², PÉ-DIREITO DUPLO, EM CHAPA DE MADEIRA COMPENSADA RESINADA, 2 UTILIZAÇÕES. AF_12/2015","M2",78.2,"SINAPI","FUNDACOES E ESTRUTURAS","FORMAS/CIMBRAMENTOS/ESCORAMENTOS"]
[92508,"MONTAGEM E DESMONTAGEM DE FÔRMA DE LAJE MACIÇA COM ÁREA MÉDIA MAIOR QUE 20 M², PÉ-DIREITO DUPLO, EM CHAPA DE MADEIRA COMPENSADA RESINADA, 2 UTILIZAÇÕES. AF_12/2015","M2",75.67,"SINAPI","FUNDACOES E ESTRUTURAS","FORMAS/CIMBRAMENTOS/ESCORAMENTOS"]
[92509,"MONTAGEM E DESMONTAGEM DE FÔRMA DE LAJE MACIÇA COM ÁREA MÉDIA MENOR OU IGUAL A 20 M², PÉ-DIREITO SIMPLES, EM CHAPA DE MADEIRA COMPENSADA RESINADA, 2 UTILIZAÇÕES. AF_12/2015","M2",44.28,"SINAPI","FUNDACOES E ESTRUTURAS","FORMAS/CIMBRAMENTOS/ESCORAMENTOS"]
[92510,"MONTAGEM E DESMONTAGEM DE FÔRMA DE LAJE MACIÇA COM ÁREA MÉDIA MAIOR QUE 20 M², PÉ-DIREITO SIMPLES, EM CHAPA DE MADEIRA COMPENSADA RESINADA, 2 UTILIZAÇÕES. AF_12/2015","M2",41.95,"SINAPI","FUNDACOES E ESTRUTURAS","FORMAS/CIMBRAMENTOS/ESCORAMENTOS"]
[92511,"MONTAGEM E DESMONTAGEM DE FÔRMA DE LAJE MACIÇA COM ÁREA MÉDIA MENOR OU IGUAL A 20 M², PÉ-DIREITO DUPLO, EM CHAPA DE MADEIRA COMPENSADA RESINADA, 4 UTILIZAÇÕES. AF_12/2015","M2",71.5,"SINAPI","FUNDACOES E ESTRUTURAS","FORMAS/CIMBRAMENTOS/ESCORAMENTOS"]
[92512,"MONTAGEM E DESMONTAGEM DE FÔRMA DE LAJE MACIÇA COM ÁREA MÉDIA MAIOR QUE 20 M², PÉ-DIREITO DUPLO, EM CHAPA DE MADEIRA COMPENSADA RESINADA, 4 UTILIZAÇÕES. AF_12/2015","M2",69.569999999999993,"SINAPI","FUNDACOES E ESTRUTURAS","FORMAS/CIMBRAMENTOS/ESCORAMENTOS"]
[92513,"MONTAGEM E DESMONTAGEM DE FÔRMA DE LAJE MACIÇA COM ÁREA MÉDIA MENOR OU IGUAL A 20 M², PÉ-DIREITO SIMPLES, EM CHAPA DE MADEIRA COMPENSADA RESINADA, 4 UTILIZAÇÕES. AF_12/2015","M2",32.78,"SINAPI","FUNDACOES E ESTRUTURAS","FORMAS/CIMBRAMENTOS/ESCORAMENTOS"]
[92514,"MONTAGEM E DESMONTAGEM DE FÔRMA DE LAJE MACIÇA COM ÁREA MÉDIA MAIOR QUE 20 M², PÉ-DIREITO SIMPLES, EM CHAPA DE MADEIRA COMPENSADA RESINADA, 4 UTILIZAÇÕES. AF_12/2015","M2",30.99,"SINAPI","FUNDACOES E ESTRUTURAS","FORMAS/CIMBRAMENTOS/ESCORAMENTOS"]
[92515,"MONTAGEM E DESMONTAGEM DE FÔRMA DE LAJE MACIÇA COM ÁREA MÉDIA MAIOR QUE 20 M², PÉ-DIREITO DUPLO, EM CHAPA DE MADEIRA COMPENSADA RESINADA, 6 UTILIZAÇÕES. AF_12/2015","M2",64.63,"SINAPI","FUNDACOES E ESTRUTURAS","FORMAS/CIMBRAMENTOS/ESCORAMENTOS"]
[92516,"MONTAGEM E DESMONTAGEM DE FÔRMA DE LAJE MACIÇA COM ÁREA MÉDIA MENOR OU IGUAL A 20 M², PÉ-DIREITO DUPLO, EM CHAPA DE MADEIRA COMPENSADA RESINADA, 6 UTILIZAÇÕES. AF_12/2015","M2",62.96,"SINAPI","FUNDACOES E ESTRUTURAS","FORMAS/CIMBRAMENTOS/ESCORAMENTOS"]
[92517,"MONTAGEM E DESMONTAGEM DE FÔRMA DE LAJE MACIÇA COM ÁREA MÉDIA MENOR OU IGUAL A 20 M², PÉ-DIREITO SIMPLES, EM CHAPA DE MADEIRA COMPENSADA RESINADA, 6 UTILIZAÇÕES. AF_12/2015","M2",27.43,"SINAPI","FUNDACOES E ESTRUTURAS","FORMAS/CIMBRAMENTOS/ESCORAMENTOS"]
[92518,"MONTAGEM E DESMONTAGEM DE FÔRMA DE LAJE MACIÇA COM ÁREA MÉDIA MAIOR QUE 20 M², PÉ-DIREITO SIMPLES, EM CHAPA DE MADEIRA COMPENSADA RESINADA, 6 UTILIZAÇÕES. AF_12/2015","M2",25.85,"SINAPI","FUNDACOES E ESTRUTURAS","FORMAS/CIMBRAMENTOS/ESCORAMENTOS"]
[92519,"MONTAGEM E DESMONTAGEM DE FÔRMA DE LAJE MACIÇA COM ÁREA MÉDIA MENOR OU IGUAL A 20 M², PÉ-DIREITO DUPLO, EM CHAPA DE MADEIRA COMPENSADA RESINADA, 8 UTILIZAÇÕES. AF_12/2015","M2",61.13,"SINAPI","FUNDACOES E ESTRUTURAS","FORMAS/CIMBRAMENTOS/ESCORAMENTOS"]
[92520,"MONTAGEM E DESMONTAGEM DE FÔRMA DE LAJE MACIÇA COM ÁREA MÉDIA MAIOR QUE 20 M², PÉ-DIREITO DUPLO, EM CHAPA DE MADEIRA COMPENSADA RESINADA, 8 UTILIZAÇÕES. AF_12/2015","M2",59.58,"SINAPI","FUNDACOES E ESTRUTURAS","FORMAS/CIMBRAMENTOS/ESCORAMENTOS"]
[92521,"MONTAGEM E DESMONTAGEM DE FÔRMA DE LAJE MACIÇA COM ÁREA MÉDIA MENOR OU IGUAL A 20 M², PÉ-DIREITO SIMPLES, EM CHAPA DE MADEIRA COMPENSADA RESINADA, 8 UTILIZAÇÕES. AF_12/2015","M2",24.66,"SINAPI","FUNDACOES E ESTRUTURAS","FORMAS/CIMBRAMENTOS/ESCORAMENTOS"]
[92522,"MONTAGEM E DESMONTAGEM DE FÔRMA DE LAJE MACIÇA COM ÁREA MÉDIA MAIOR QUE 20 M², PÉ-DIREITO SIMPLES, EM CHAPA DE MADEIRA COMPENSADA RESINADA, 8 UTILIZAÇÕES. AF_12/2015","M2",23.21,"SINAPI","FUNDACOES E ESTRUTURAS","FORMAS/CIMBRAMENTOS/ESCORAMENTOS"]
[92523,"MONTAGEM E DESMONTAGEM DE FÔRMA DE LAJE MACIÇA COM ÁREA MÉDIA MENOR OU IGUAL A 20 M², PÉ-DIREITO DUPLO, EM CHAPA DE MADEIRA COMPENSADA PLASTIFICADA, 10 UTILIZAÇÕES. AF_12/2015","M2",59.1,"SINAPI","FUNDACOES E ESTRUTURAS","FORMAS/CIMBRAMENTOS/ESCORAMENTOS"]
[92524,"MONTAGEM E DESMONTAGEM DE FÔRMA DE LAJE MACIÇA COM ÁREA MÉDIA MAIOR QUE 20 M², PÉ-DIREITO DUPLO, EM CHAPA DE MADEIRA COMPENSADA PLASTIFICADA, 10 UTILIZAÇÕES. AF_12/2015","M2",57.63,"SINAPI","FUNDACOES E ESTRUTURAS","FORMAS/CIMBRAMENTOS/ESCORAMENTOS"]
[92525,"MONTAGEM E DESMONTAGEM DE FÔRMA DE LAJE MACIÇA COM ÁREA MÉDIA MENOR OU IGUAL A 20 M², PÉ-DIREITO SIMPLES, EM CHAPA DE MADEIRA COMPENSADA PLASTIFICADA, 10 UTILIZAÇÕES. AF_12/2015","M2",23.1,"SINAPI","FUNDACOES E ESTRUTURAS","FORMAS/CIMBRAMENTOS/ESCORAMENTOS"]
[92526,"MONTAGEM E DESMONTAGEM DE FÔRMA DE LAJE MACIÇA COM ÁREA MÉDIA MAIOR QUE 20 M², PÉ-DIREITO SIMPLES, EM CHAPA DE MADEIRA COMPENSADA PLASTIFICADA, 10 UTILIZAÇÕES. AF_12/2015","M2",21.7,"SINAPI","FUNDACOES E ESTRUTURAS","FORMAS/CIMBRAMENTOS/ESCORAMENTOS"]
[92527,"MONTAGEM E DESMONTAGEM DE FÔRMA DE LAJE MACIÇA COM ÁREA MÉDIA MENOR OU IGUAL A 20 M², PÉ-DIREITO DUPLO, EM CHAPA DE MADEIRA COMPENSADA PLASTIFICADA, 12 UTILIZAÇÕES. AF_12/2015","M2",57.8,"SINAPI","FUNDACOES E ESTRUTURAS","FORMAS/CIMBRAMENTOS/ESCORAMENTOS"]
[92528,"MONTAGEM E DESMONTAGEM DE FÔRMA DE LAJE MACIÇA COM ÁREA MÉDIA MAIOR QUE 20 M², PÉ-DIREITO DUPLO, EM CHAPA DE MADEIRA COMPENSADA PLASTIFICADA, 12 UTILIZAÇÕES. AF_12/2015","M2",56.37,"SINAPI","FUNDACOES E ESTRUTURAS","FORMAS/CIMBRAMENTOS/ESCORAMENTOS"]
[92529,"MONTAGEM E DESMONTAGEM DE FÔRMA DE LAJE MACIÇA COM ÁREA MÉDIA MENOR OU IGUAL A 20 M², PÉ-DIREITO SIMPLES, EM CHAPA DE MADEIRA COMPENSADA PLASTIFICADA, 12 UTILIZAÇÕES. AF_12/2015","M2",22.07,"SINAPI","FUNDACOES E ESTRUTURAS","FORMAS/CIMBRAMENTOS/ESCORAMENTOS"]
[92530,"MONTAGEM E DESMONTAGEM DE FÔRMA DE LAJE MACIÇA COM ÁREA MÉDIA MAIOR QUE 20 M², PÉ-DIREITO SIMPLES, EM CHAPA DE MADEIRA COMPENSADA PLASTIFICADA, 12 UTILIZAÇÕES. AF_12/2015","M2",20.72,"SINAPI","FUNDACOES E ESTRUTURAS","FORMAS/CIMBRAMENTOS/ESCORAMENTOS"]
[92531,"MONTAGEM E DESMONTAGEM DE FÔRMA DE LAJE MACIÇA COM ÁREA MÉDIA MENOR OU IGUAL A 20 M², PÉ-DIREITO DUPLO, EM CHAPA DE MADEIRA COMPENSADA PLASTIFICADA, 14 UTILIZAÇÕES. AF_12/2015","M2",56.81,"SINAPI","FUNDACOES E ESTRUTURAS","FORMAS/CIMBRAMENTOS/ESCORAMENTOS"]
[92532,"MONTAGEM E DESMONTAGEM DE FÔRMA DE LAJE MACIÇA COM ÁREA MÉDIA MAIOR QUE 20 M², PÉ-DIREITO DUPLO, EM CHAPA DE MADEIRA COMPENSADA PLASTIFICADA, 14 UTILIZAÇÕES. AF_12/2015","M2",55.41,"SINAPI","FUNDACOES E ESTRUTURAS","FORMAS/CIMBRAMENTOS/ESCORAMENTOS"]
[92533,"MONTAGEM E DESMONTAGEM DE FÔRMA DE LAJE MACIÇA COM ÁREA MÉDIA MENOR OU IGUAL A 20 M², PÉ-DIREITO SIMPLES, EM CHAPA DE MADEIRA COMPENSADA PLASTIFICADA, 14 UTILIZAÇÕES. AF_12/2015","M2",21.3,"SINAPI","FUNDACOES E ESTRUTURAS","FORMAS/CIMBRAMENTOS/ESCORAMENTOS"]
[92534,"MONTAGEM E DESMONTAGEM DE FÔRMA DE LAJE MACIÇA COM ÁREA MÉDIA MAIOR QUE 20 M², PÉ-DIREITO SIMPLES, EM CHAPA DE MADEIRA COMPENSADA PLASTIFICADA, 14 UTILIZAÇÕES. AF_12/2015","M2",20.02,"SINAPI","FUNDACOES E ESTRUTURAS","FORMAS/CIMBRAMENTOS/ESCORAMENTOS"]
[92535,"MONTAGEM E DESMONTAGEM DE FÔRMA DE LAJE MACIÇA COM ÁREA MÉDIA MENOR OU IGUAL A 20 M², PÉ-DIREITO DUPLO, EM CHAPA DE MADEIRA COMPENSADA PLASTIFICADA, 18 UTILIZAÇÕES. AF_12/2015","M2",55.13,"SINAPI","FUNDACOES E ESTRUTURAS","FORMAS/CIMBRAMENTOS/ESCORAMENTOS"]
[92536,"MONTAGEM E DESMONTAGEM DE FÔRMA DE LAJE MACIÇA COM ÁREA MÉDIA MAIOR QUE 20 M², PÉ-DIREITO DUPLO, EM CHAPA DE MADEIRA COMPENSADA PLASTIFICADA, 18 UTILIZAÇÕES. AF_12/2015","M2",53.78,"SINAPI","FUNDACOES E ESTRUTURAS","FORMAS/CIMBRAMENTOS/ESCORAMENTOS"]
[92537,"MONTAGEM E DESMONTAGEM DE FÔRMA DE LAJE MACIÇA COM ÁREA MÉDIA MENOR OU IGUAL A 20 M², PÉ-DIREITO SIMPLES, EM CHAPA DE MADEIRA COMPENSADA PLASTIFICADA, 18 UTILIZAÇÕES. AF_12/2015","M2",19.899999999999999,"SINAPI","FUNDACOES E ESTRUTURAS","FORMAS/CIMBRAMENTOS/ESCORAMENTOS"]
[92538,"MONTAGEM E DESMONTAGEM DE FÔRMA DE LAJE MACIÇA COM ÁREA MÉDIA MAIOR QUE 20 M², PÉ-DIREITO SIMPLES, EM CHAPA DE MADEIRA COMPENSADA PLASTIFICADA, 18 UTILIZAÇÕES. AF_12/2015","M2",18.649999999999999,"SINAPI","FUNDACOES E ESTRUTURAS","FORMAS/CIMBRAMENTOS/ESCORAMENTOS"]
[95934,"FABRICAÇÃO DE FÔRMA PARA ESCADAS, COM 2 LANCES, EM CHAPA DE MADEIRA COMPENSADA PLASTIFICADA, E=18 MM. AF_01/2017","M2",105.77,"SINAPI","FUNDACOES E ESTRUTURAS","FORMAS/CIMBRAMENTOS/ESCORAMENTOS"]
[95935,"FABRICAÇÃO DE FÔRMA PARA ESCADAS, COM 2 LANCES, EM CHAPA DE MADEIRA COMPENSADA RESINADA, E= 17 MM. AF_01/2017","M2",95.81,"SINAPI","FUNDACOES E ESTRUTURAS","FORMAS/CIMBRAMENTOS/ESCORAMENTOS"]
[95936,"FABRICAÇÃO DE FÔRMA PARA ESCADAS, COM 2 LANCES, EM MADEIRA SERRADA, E=25 MM. AF_01/2017","M2",153.57,"SINAPI","FUNDACOES E ESTRUTURAS","FORMAS/CIMBRAMENTOS/ESCORAMENTOS"]
[95937,"MONTAGEM E DESMONTAGEM DE FÔRMA PARA ESCADAS, COM 2 LANCES, EM MADEIRA SERRADA, 1 UTILIZAÇÃO. AF_01/2017","M2",326.5,"SINAPI","FUNDACOES E ESTRUTURAS","FORMAS/CIMBRAMENTOS/ESCORAMENTOS"]
[95938,"MONTAGEM E DESMONTAGEM DE FÔRMA PARA ESCADAS, COM 2 LANCES, EM MADEIRA SERRADA, 2 UTILIZAÇÕES. AF_01/2017","M2",272.26,"SINAPI","FUNDACOES E ESTRUTURAS","FORMAS/CIMBRAMENTOS/ESCORAMENTOS"]
[95939,"MONTAGEM E DESMONTAGEM DE FÔRMA PARA ESCADAS, COM 2 LANCES, EM CHAPA DE MADEIRA COMPENSADA RESINADA, 4 UTILIZAÇÕES. AF_01/2017","M2",170.39,"SINAPI","FUNDACOES E ESTRUTURAS","FORMAS/CIMBRAMENTOS/ESCORAMENTOS"]
[95940,"MONTAGEM E DESMONTAGEM DE FÔRMA PARA ESCADAS, COM 2 LANCES, EM CHAPA DE MADEIRA COMPENSADA PLASTIFICADA, 6 UTILIZAÇÕES. AF_01/2017","M2",136.36000000000001,"SINAPI","FUNDACOES E ESTRUTURAS","FORMAS/CIMBRAMENTOS/ESCORAMENTOS"]
[95941,"MONTAGEM E DESMONTAGEM DE FÔRMA PARA ESCADAS, COM 2 LANCES, EM CHAPA DE MADEIRA COMPENSADA PLASTIFICADA, 8 UTILIZAÇÕES. AF_01/2017","M2",122.04,"SINAPI","FUNDACOES E ESTRUTURAS","FORMAS/CIMBRAMENTOS/ESCORAMENTOS"]
[95942,"MONTAGEM E DESMONTAGEM DE FÔRMA PARA ESCADAS, COM 2 LANCES, EM CHAPA DE MADEIRA COMPENSADA PLASTIFICADA, 10 UTILIZAÇÕES. AF_01/2017","M2",113.18,"SINAPI","FUNDACOES E ESTRUTURAS","FORMAS/CIMBRAMENTOS/ESCORAMENTOS"]
[96252,"FABRICAÇÃO DE FÔRMA PARA PILARES CIRCULARES, EM CHAPA DE MADEIRA COMPENSADA RESINADA. AF_06/2017","M2",176.45,"SINAPI","FUNDACOES E ESTRUTURAS","FORMAS/CIMBRAMENTOS/ESCORAMENTOS"]
[96257,"MONTAGEM E DESMONTAGEM DE FÔRMA DE PILARES CIRCULARES, COM ÁREA MÉDIA DAS SEÇÕES MENOR OU IGUAL A 0,28 M², PÉ-DIREITO SIMPLES, EM MADEIRA, 2 UTILIZAÇÕES. AF_06/2017","M2",158.12,"SINAPI","FUNDACOES E ESTRUTURAS","FORMAS/CIMBRAMENTOS/ESCORAMENTOS"]
[96258,"MONTAGEM E DESMONTAGEM DE FÔRMA DE PILARES CIRCULARES, COM ÁREA MÉDIA DAS SEÇÕES MAIOR QUE 0,28 M², PÉ-DIREITO SIMPLES, EM MADEIRA, 2 UTILIZAÇÕES. AF_06/2017","M2",147.15,"SINAPI","FUNDACOES E ESTRUTURAS","FORMAS/CIMBRAMENTOS/ESCORAMENTOS"]
[96259,"MONTAGEM E DESMONTAGEM DE FÔRMA DE PILARES CIRCULARES, COM ÁREA MÉDIA DAS SEÇÕES MENOR OU IGUAL A 0,28 M², PÉ-DIREITO DUPLO, EM MADEIRA, 2 UTILIZAÇÕES. AF_06/2017","M2",180.89,"SINAPI","FUNDACOES E ESTRUTURAS","FORMAS/CIMBRAMENTOS/ESCORAMENTOS"]
[96529,"FABRICAÇÃO, MONTAGEM E DESMONTAGEM DE FÔRMA PARA SAPATA, EM MADEIRA SERRADA, E=25 MM, 1 UTILIZAÇÃO. AF_06/2017","M2",261.25,"SINAPI","FUNDACOES E ESTRUTURAS","FORMAS/CIMBRAMENTOS/ESCORAMENTOS"]
[96530,"FABRICAÇÃO, MONTAGEM E DESMONTAGEM DE FÔRMA PARA VIGA BALDRAME, EM MADEIRA SERRADA, E=25 MM, 1 UTILIZAÇÃO. AF_06/2017","M2",135.49,"SINAPI","FUNDACOES E ESTRUTURAS","FORMAS/CIMBRAMENTOS/ESCORAMENTOS"]
[96531,"FABRICAÇÃO, MONTAGEM E DESMONTAGEM DE FÔRMA PARA BLOCO DE COROAMENTO, EM MADEIRA SERRADA, E=25 MM, 2 UTILIZAÇÕES. AF_06/2017","M2",99.04,"SINAPI","FUNDACOES E ESTRUTURAS","FORMAS/CIMBRAMENTOS/ESCORAMENTOS"]
[96532,"FABRICAÇÃO, MONTAGEM E DESMONTAGEM DE FÔRMA PARA SAPATA, EM MADEIRA SERRADA, E=25 MM, 2 UTILIZAÇÕES. AF_06/2017","M2",171.9,"SINAPI","FUNDACOES E ESTRUTURAS","FORMAS/CIMBRAMENTOS/ESCORAMENTOS"]
[96533,"FABRICAÇÃO, MONTAGEM E DESMONTAGEM DE FÔRMA PARA VIGA BALDRAME, EM MADEIRA SERRADA, E=25 MM, 2 UTILIZAÇÕES. AF_06/2017","M2",87.01,"SINAPI","FUNDACOES E ESTRUTURAS","FORMAS/CIMBRAMENTOS/ESCORAMENTOS"]
[96534,"FABRICAÇÃO, MONTAGEM E DESMONTAGEM DE FÔRMA PARA BLOCO DE COROAMENTO, EM MADEIRA SERRADA, E=25 MM, 4 UTILIZAÇÕES. AF_06/2017","M2",72.400000000000006,"SINAPI","FUNDACOES E ESTRUTURAS","FORMAS/CIMBRAMENTOS/ESCORAMENTOS"]
[96535,"FABRICAÇÃO, MONTAGEM E DESMONTAGEM DE FÔRMA PARA SAPATA, EM MADEIRA SERRADA, E=25 MM, 4 UTILIZAÇÕES. AF_06/2017","M2",125.36,"SINAPI","FUNDACOES E ESTRUTURAS","FORMAS/CIMBRAMENTOS/ESCORAMENTOS"]
[96536,"FABRICAÇÃO, MONTAGEM E DESMONTAGEM DE FÔRMA PARA VIGA BALDRAME, EM MADEIRA SERRADA, E=25 MM, 4 UTILIZAÇÕES. AF_06/2017","M2",61.78,"SINAPI","FUNDACOES E ESTRUTURAS","FORMAS/CIMBRAMENTOS/ESCORAMENTOS"]
[96537,"FABRICAÇÃO, MONTAGEM E DESMONTAGEM DE FÔRMA PARA BLOCO DE COROAMENTO, EM CHAPA DE MADEIRA COMPENSADA RESINADA, E=17 MM, 2 UTILIZAÇÕES. AF_06/2017","M2",141.97999999999999,"SINAPI","FUNDACOES E ESTRUTURAS","FORMAS/CIMBRAMENTOS/ESCORAMENTOS"]
[96538,"FABRICAÇÃO, MONTAGEM E DESMONTAGEM DE FÔRMA PARA SAPATA, EM CHAPA DE MADEIRA COMPENSADA RESINADA, E=17 MM, 2 UTILIZAÇÕES. AF_06/2017","M2",208.01,"SINAPI","FUNDACOES E ESTRUTURAS","FORMAS/CIMBRAMENTOS/ESCORAMENTOS"]
[96539,"FABRICAÇÃO, MONTAGEM E DESMONTAGEM DE FÔRMA PARA VIGA BALDRAME, EM CHAPA DE MADEIRA COMPENSADA RESINADA, E=17 MM, 2 UTILIZAÇÕES. AF_06/2017","M2",93.06,"SINAPI","FUNDACOES E ESTRUTURAS","FORMAS/CIMBRAMENTOS/ESCORAMENTOS"]
[96540,"FABRICAÇÃO, MONTAGEM E DESMONTAGEM DE FÔRMA PARA BLOCO DE COROAMENTO, EM CHAPA DE MADEIRA COMPENSADA RESINADA, E=17 MM, 4 UTILIZAÇÕES. AF_06/2017","M2",104.58,"SINAPI","FUNDACOES E ESTRUTURAS","FORMAS/CIMBRAMENTOS/ESCORAMENTOS"]
[96541,"FABRICAÇÃO, MONTAGEM E DESMONTAGEM DE FÔRMA PARA SAPATA, EM CHAPA DE MADEIRA COMPENSADA RESINADA, E=17 MM, 4 UTILIZAÇÕES. AF_06/2017","M2",154.62,"SINAPI","FUNDACOES E ESTRUTURAS","FORMAS/CIMBRAMENTOS/ESCORAMENTOS"]
[96542,"FABRICAÇÃO, MONTAGEM E DESMONTAGEM DE FÔRMA PARA VIGA BALDRAME, EM CHAPA DE MADEIRA COMPENSADA RESINADA, E=17 MM, 4 UTILIZAÇÕES. AF_06/2017","M2",74.290000000000006,"SINAPI","FUNDACOES E ESTRUTURAS","FORMAS/CIMBRAMENTOS/ESCORAMENTOS"]
[96543,"ARMAÇÃO DE BLOCO, VIGA BALDRAME E SAPATA UTILIZANDO AÇO CA-60 DE 5 MM - MONTAGEM. AF_06/2017","KG",13.08,"SINAPI","FUNDACOES E ESTRUTURAS","FORMAS/CIMBRAMENTOS/ESCORAMENTOS"]
[97747,"MONTAGEM E DESMONTAGEM DE FÔRMA DE PILARES CIRCULARES, COM ÁREA MÉDIA DAS SEÇÕES MAIOR QUE 0,28 M², PÉ-DIREITO DUPLO, EM MADEIRA, 2 UTILIZAÇÕES.  AF_06/2017","M2",166.64,"SINAPI","FUNDACOES E ESTRUTURAS","FORMAS/CIMBRAMENTOS/ESCORAMENTOS"]
["73771/1","PROTENSAO DE TIRANTES DE BARRA DE ACO CA-50 EXCL MATERIAIS","UN",23.74,"SINAPI","FUNDACOES E ESTRUTURAS","ARMADURAS"]
["73990/1","ARMACAO ACO CA-50 P/1,0M3 DE CONCRETO","UN",579.37,"SINAPI","FUNDACOES E ESTRUTURAS","ARMADURAS"]
[85662,"ARMACAO EM TELA DE ACO SOLDADA NERVURADA Q-92, ACO CA-60, 4,2MM, MALHA 15X15CM","M2",11.32,"SINAPI","FUNDACOES E ESTRUTURAS","ARMADURAS"]
[89996,"ARMAÇÃO VERTICAL DE ALVENARIA ESTRUTURAL; DIÂMETRO DE 10,0 MM. AF_01/2015","KG",7.12,"SINAPI","FUNDACOES E ESTRUTURAS","ARMADURAS"]
[89997,"ARMAÇÃO VERTICAL DE ALVENARIA ESTRUTURAL; DIÂMETRO DE 12,5 MM. AF_01/2015","KG",6.12,"SINAPI","FUNDACOES E ESTRUTURAS","ARMADURAS"]
[89998,"ARMAÇÃO DE CINTA DE ALVENARIA ESTRUTURAL; DIÂMETRO DE 10,0 MM. AF_01/2015","KG",6.66,"SINAPI","FUNDACOES E ESTRUTURAS","ARMADURAS"]
[89999,"ARMAÇÃO DE VERGA E CONTRAVERGA DE ALVENARIA ESTRUTURAL; DIÂMETRO DE 8,0 MM. AF_01/2015","KG",11.05,"SINAPI","FUNDACOES E ESTRUTURAS","ARMADURAS"]
[90000,"ARMAÇÃO DE VERGA E CONTRAVERGA DE ALVENARIA ESTRUTURAL; DIÂMETRO DE 10,0 MM. AF_01/2015","KG",8.3000000000000007,"SINAPI","FUNDACOES E ESTRUTURAS","ARMADURAS"]
[91593,"ARMAÇÃO DO SISTEMA DE PAREDES DE CONCRETO, EXECUTADA EM PAREDES DE EDIFICAÇÕES DE MÚLTIPLOS PAVIMENTOS, TELA Q-138. AF_06/2019","KG",7.47,"SINAPI","FUNDACOES E ESTRUTURAS","ARMADURAS"]
[91594,"ARMAÇÃO DO SISTEMA DE PAREDES DE CONCRETO, EXECUTADA EM PAREDES DE EDIFICAÇÕES TÉRREAS OU DE MÚLTIPLOS PAVIMENTOS, TELA Q-92. AF_06/2019","KG",7.8,"SINAPI","FUNDACOES E ESTRUTURAS","ARMADURAS"]
[91595,"ARMAÇÃO DO SISTEMA DE PAREDES DE CONCRETO, EXECUTADA EM PAREDES DE EDIFICAÇÕES TÉRREAS, TELA Q-61. AF_06/2019","KG",8.68,"SINAPI","FUNDACOES E ESTRUTURAS","ARMADURAS"]
[91596,"ARMAÇÃO DO SISTEMA DE PAREDES DE CONCRETO, EXECUTADA COMO ARMADURA POSITIVA DE LAJES, TELA Q-138. AF_06/2019","KG",7.72,"SINAPI","FUNDACOES E ESTRUTURAS","ARMADURAS"]
[91597,"ARMAÇÃO DO SISTEMA DE PAREDES DE CONCRETO, EXECUTADA COMO ARMADURA NEGATIVA DE LAJES, TELA T-196. AF_06/2019","KG",5.43,"SINAPI","FUNDACOES E ESTRUTURAS","ARMADURAS"]
[91598,"ARMAÇÃO DO SISTEMA DE PAREDES DE CONCRETO, EXECUTADA COMO ARMADURA POSITIVA DE LAJES, TELA Q-113. AF_06/2019","KG",7.65,"SINAPI","FUNDACOES E ESTRUTURAS","ARMADURAS"]
[91599,"ARMAÇÃO DO SISTEMA DE PAREDES DE CONCRETO, EXECUTADA COMO ARMADURA NEGATIVA DE LAJES, TELA L-159. AF_06/2019","KG",8.2100000000000009,"SINAPI","FUNDACOES E ESTRUTURAS","ARMADURAS"]
[91600,"ARMAÇÃO DO SISTEMA DE PAREDES DE CONCRETO, EXECUTADA EM PLATIBANDAS, TELA Q-92. AF_06/2019","KG",9.82,"SINAPI","FUNDACOES E ESTRUTURAS","ARMADURAS"]
[91601,"ARMAÇÃO DO SISTEMA DE PAREDES DE CONCRETO, EXECUTADA COMO REFORÇO, VERGALHÃO DE 6,3 MM DE DIÂMETRO. AF_06/2019","KG",8.06,"SINAPI","FUNDACOES E ESTRUTURAS","ARMADURAS"]
[91602,"ARMAÇÃO DO SISTEMA DE PAREDES DE CONCRETO, EXECUTADA COMO REFORÇO, VERGALHÃO DE 8,0 MM DE DIÂMETRO. AF_06/2019","KG",7.92,"SINAPI","FUNDACOES E ESTRUTURAS","ARMADURAS"]
[91603,"ARMAÇÃO DO SISTEMA DE PAREDES DE CONCRETO, EXECUTADA COMO REFORÇO, VERGALHÃO DE 10,0 MM DE DIÂMETRO. AF_06/2019","KG",6.88,"SINAPI","FUNDACOES E ESTRUTURAS","ARMADURAS"]
[92759,"ARMAÇÃO DE PILAR OU VIGA DE UMA ESTRUTURA CONVENCIONAL DE CONCRETO ARMADO EM UM EDIFÍCIO DE MÚLTIPLOS PAVIMENTOS UTILIZANDO AÇO CA-60 DE 5,0 MM - MONTAGEM. AF_12/2015","KG",10.71,"SINAPI","FUNDACOES E ESTRUTURAS","ARMADURAS"]
[92760,"ARMAÇÃO DE PILAR OU VIGA DE UMA ESTRUTURA CONVENCIONAL DE CONCRETO ARMADO EM UM EDIFÍCIO DE MÚLTIPLOS PAVIMENTOS UTILIZANDO AÇO CA-50 DE 6,3 MM - MONTAGEM. AF_12/2015","KG",9.3800000000000008,"SINAPI","FUNDACOES E ESTRUTURAS","ARMADURAS"]
[92761,"ARMAÇÃO DE PILAR OU VIGA DE UMA ESTRUTURA CONVENCIONAL DE CONCRETO ARMADO EM UM EDIFÍCIO DE MÚLTIPLOS PAVIMENTOS UTILIZANDO AÇO CA-50 DE 8,0 MM - MONTAGEM. AF_12/2015","KG",9.19,"SINAPI","FUNDACOES E ESTRUTURAS","ARMADURAS"]
[92762,"ARMAÇÃO DE PILAR OU VIGA DE UMA ESTRUTURA CONVENCIONAL DE CONCRETO ARMADO EM UM EDIFÍCIO DE MÚLTIPLOS PAVIMENTOS UTILIZANDO AÇO CA-50 DE 10,0 MM - MONTAGEM. AF_12/2015","KG",7.5,"SINAPI","FUNDACOES E ESTRUTURAS","ARMADURAS"]
[92763,"ARMAÇÃO DE PILAR OU VIGA DE UMA ESTRUTURA CONVENCIONAL DE CONCRETO ARMADO EM UM EDIFÍCIO DE MÚLTIPLOS PAVIMENTOS UTILIZANDO AÇO CA-50 DE 12,5 MM - MONTAGEM. AF_12/2015","KG",6.72,"SINAPI","FUNDACOES E ESTRUTURAS","ARMADURAS"]
[92764,"ARMAÇÃO DE PILAR OU VIGA DE UMA ESTRUTURA CONVENCIONAL DE CONCRETO ARMADO EM UM EDIFÍCIO DE MÚLTIPLOS PAVIMENTOS UTILIZANDO AÇO CA-50 DE 16,0 MM - MONTAGEM. AF_12/2015","KG",6.32,"SINAPI","FUNDACOES E ESTRUTURAS","ARMADURAS"]
[92765,"ARMAÇÃO DE PILAR OU VIGA DE UMA ESTRUTURA CONVENCIONAL DE CONCRETO ARMADO EM UM EDIFÍCIO DE MÚLTIPLOS PAVIMENTOS UTILIZANDO AÇO CA-50 DE 20,0 MM - MONTAGEM. AF_12/2015","KG",5.83,"SINAPI","FUNDACOES E ESTRUTURAS","ARMADURAS"]
[92766,"ARMAÇÃO DE PILAR OU VIGA DE UMA ESTRUTURA CONVENCIONAL DE CONCRETO ARMADO EM UM EDIFÍCIO DE MÚLTIPLOS PAVIMENTOS UTILIZANDO AÇO CA-50 DE 25,0 MM - MONTAGEM. AF_12/2015","KG",6.4,"SINAPI","FUNDACOES E ESTRUTURAS","ARMADURAS"]
[92767,"ARMAÇÃO DE LAJE DE UMA ESTRUTURA CONVENCIONAL DE CONCRETO ARMADO EM UM EDIFÍCIO DE MÚLTIPLOS PAVIMENTOS UTILIZANDO AÇO CA-60 DE 4,2 MM - MONTAGEM. AF_12/2015","KG",10.83,"SINAPI","FUNDACOES E ESTRUTURAS","ARMADURAS"]
[92768,"ARMAÇÃO DE LAJE DE UMA ESTRUTURA CONVENCIONAL DE CONCRETO ARMADO EM UM EDIFÍCIO DE MÚLTIPLOS PAVIMENTOS UTILIZANDO AÇO CA-60 DE 5,0 MM - MONTAGEM. AF_12/2015","KG",9.4,"SINAPI","FUNDACOES E ESTRUTURAS","ARMADURAS"]
[92769,"ARMAÇÃO DE LAJE DE UMA ESTRUTURA CONVENCIONAL DE CONCRETO ARMADO EM UM EDIFÍCIO DE MÚLTIPLOS PAVIMENTOS UTILIZANDO AÇO CA-50 DE 6,3 MM - MONTAGEM. AF_12/2015","KG",8.42,"SINAPI","FUNDACOES E ESTRUTURAS","ARMADURAS"]
[92770,"ARMAÇÃO DE LAJE DE UMA ESTRUTURA CONVENCIONAL DE CONCRETO ARMADO EM UM EDIFÍCIO DE MÚLTIPLOS PAVIMENTOS UTILIZANDO AÇO CA-50 DE 8,0 MM - MONTAGEM. AF_12/2015","KG",8.4600000000000009,"SINAPI","FUNDACOES E ESTRUTURAS","ARMADURAS"]
[92771,"ARMAÇÃO DE LAJE DE UMA ESTRUTURA CONVENCIONAL DE CONCRETO ARMADO EM UM EDIFÍCIO DE MÚLTIPLOS PAVIMENTOS UTILIZANDO AÇO CA-50 DE 10,0 MM - MONTAGEM. AF_12/2015","KG",6.93,"SINAPI","FUNDACOES E ESTRUTURAS","ARMADURAS"]
[92772,"ARMAÇÃO DE LAJE DE UMA ESTRUTURA CONVENCIONAL DE CONCRETO ARMADO EM UM EDIFÍCIO DE MÚLTIPLOS PAVIMENTOS UTILIZANDO AÇO CA-50 DE 12,5 MM - MONTAGEM. AF_12/2015","KG",6.3,"SINAPI","FUNDACOES E ESTRUTURAS","ARMADURAS"]
[92773,"ARMAÇÃO DE LAJE DE UMA ESTRUTURA CONVENCIONAL DE CONCRETO ARMADO EM UM EDIFÍCIO DE MÚLTIPLOS PAVIMENTOS UTILIZANDO AÇO CA-50 DE 16,0 MM - MONTAGEM. AF_12/2015","KG",6.01,"SINAPI","FUNDACOES E ESTRUTURAS","ARMADURAS"]
[92774,"ARMAÇÃO DE LAJE DE UMA ESTRUTURA CONVENCIONAL DE CONCRETO ARMADO EM UM EDIFÍCIO DE MÚLTIPLOS PAVIMENTOS UTILIZANDO AÇO CA-50 DE 20,0 MM - MONTAGEM. AF_12/2015","KG",5.6,"SINAPI","FUNDACOES E ESTRUTURAS","ARMADURAS"]
[92775,"ARMAÇÃO DE PILAR OU VIGA DE UMA ESTRUTURA CONVENCIONAL DE CONCRETO ARMADO EM UMA EDIFICAÇÃO TÉRREA OU SOBRADO UTILIZANDO AÇO CA-60 DE 5,0 MM - MONTAGEM. AF_12/2015","KG",13.2,"SINAPI","FUNDACOES E ESTRUTURAS","ARMADURAS"]
[92776,"ARMAÇÃO DE PILAR OU VIGA DE UMA ESTRUTURA CONVENCIONAL DE CONCRETO ARMADO EM UMA EDIFICAÇÃO TÉRREA OU SOBRADO UTILIZANDO AÇO CA-50 DE 6,3 MM - MONTAGEM. AF_12/2015","KG",11.29,"SINAPI","FUNDACOES E ESTRUTURAS","ARMADURAS"]
[92777,"ARMAÇÃO DE PILAR OU VIGA DE UMA ESTRUTURA CONVENCIONAL DE CONCRETO ARMADO EM UMA EDIFICAÇÃO TÉRREA OU SOBRADO UTILIZANDO AÇO CA-50 DE 8,0 MM - MONTAGEM. AF_12/2015","KG",10.62,"SINAPI","FUNDACOES E ESTRUTURAS","ARMADURAS"]
[92778,"ARMAÇÃO DE PILAR OU VIGA DE UMA ESTRUTURA CONVENCIONAL DE CONCRETO ARMADO EM UMA EDIFICAÇÃO TÉRREA OU SOBRADO UTILIZANDO AÇO CA-50 DE 10,0 MM - MONTAGEM. AF_12/2015","KG",8.56,"SINAPI","FUNDACOES E ESTRUTURAS","ARMADURAS"]
[92779,"ARMAÇÃO DE PILAR OU VIGA DE UMA ESTRUTURA CONVENCIONAL DE CONCRETO ARMADO EM UMA EDIFICAÇÃO TÉRREA OU SOBRADO UTILIZANDO AÇO CA-50 DE 12,5 MM - MONTAGEM. AF_12/2015","KG",7.5,"SINAPI","FUNDACOES E ESTRUTURAS","ARMADURAS"]
[92780,"ARMAÇÃO DE PILAR OU VIGA DE UMA ESTRUTURA CONVENCIONAL DE CONCRETO ARMADO EM UMA EDIFICAÇÃO TÉRREA OU SOBRADO UTILIZANDO AÇO CA-50 DE 16,0 MM - MONTAGEM. AF_12/2015","KG",6.84,"SINAPI","FUNDACOES E ESTRUTURAS","ARMADURAS"]
[92781,"ARMAÇÃO DE PILAR OU VIGA DE UMA ESTRUTURA CONVENCIONAL DE CONCRETO ARMADO EM UMA EDIFICAÇÃO TÉRREA OU SOBRADO UTILIZANDO AÇO CA-50 DE 20,0 MM - MONTAGEM. AF_12/2015","KG",6.18,"SINAPI","FUNDACOES E ESTRUTURAS","ARMADURAS"]
[92782,"ARMAÇÃO DE PILAR OU VIGA DE UMA ESTRUTURA CONVENCIONAL DE CONCRETO ARMADO EM UMA EDIFICAÇÃO TÉRREA OU SOBRADO UTILIZANDO AÇO CA-50 DE 25,0 MM - MONTAGEM. AF_12/2015","KG",6.6,"SINAPI","FUNDACOES E ESTRUTURAS","ARMADURAS"]
[92783,"ARMAÇÃO DE LAJE DE UMA ESTRUTURA CONVENCIONAL DE CONCRETO ARMADO EM UMA EDIFICAÇÃO TÉRREA OU SOBRADO UTILIZANDO AÇO CA-60 DE 4,2 MM - MONTAGEM. AF_12/2015","KG",12.95,"SINAPI","FUNDACOES E ESTRUTURAS","ARMADURAS"]
[92784,"ARMAÇÃO DE LAJE DE UMA ESTRUTURA CONVENCIONAL DE CONCRETO ARMADO EM UMA EDIFICAÇÃO TÉRREA OU SOBRADO UTILIZANDO AÇO CA-60 DE 5,0 MM - MONTAGEM. AF_12/2015","KG",11.13,"SINAPI","FUNDACOES E ESTRUTURAS","ARMADURAS"]
[92785,"ARMAÇÃO DE LAJE DE UMA ESTRUTURA CONVENCIONAL DE CONCRETO ARMADO EM UMA EDIFICAÇÃO TÉRREA OU SOBRADO UTILIZANDO AÇO CA-50 DE 6,3 MM - MONTAGEM. AF_12/2015","KG",9.73,"SINAPI","FUNDACOES E ESTRUTURAS","ARMADURAS"]
[92786,"ARMAÇÃO DE LAJE DE UMA ESTRUTURA CONVENCIONAL DE CONCRETO ARMADO EM UMA EDIFICAÇÃO TÉRREA OU SOBRADO UTILIZANDO AÇO CA-50 DE 8,0 MM - MONTAGEM. AF_12/2015","KG",9.42,"SINAPI","FUNDACOES E ESTRUTURAS","ARMADURAS"]
[92787,"ARMAÇÃO DE LAJE DE UMA ESTRUTURA CONVENCIONAL DE CONCRETO ARMADO EM UMA EDIFICAÇÃO TÉRREA OU SOBRADO UTILIZANDO AÇO CA-50 DE 10,0 MM - MONTAGEM. AF_12/2015","KG",7.63,"SINAPI","FUNDACOES E ESTRUTURAS","ARMADURAS"]
[92788,"ARMAÇÃO DE LAJE DE UMA ESTRUTURA CONVENCIONAL DE CONCRETO ARMADO EM UMA EDIFICAÇÃO TÉRREA OU SOBRADO UTILIZANDO AÇO CA-50 DE 12,5 MM - MONTAGEM. AF_12/2015","KG",6.79,"SINAPI","FUNDACOES E ESTRUTURAS","ARMADURAS"]
[92789,"ARMAÇÃO DE LAJE DE UMA ESTRUTURA CONVENCIONAL DE CONCRETO ARMADO EM UMA EDIFICAÇÃO TÉRREA OU SOBRADO UTILIZANDO AÇO CA-50 DE 16,0 MM - MONTAGEM. AF_12/2015","KG",6.32,"SINAPI","FUNDACOES E ESTRUTURAS","ARMADURAS"]
[92790,"ARMAÇÃO DE LAJE DE UMA ESTRUTURA CONVENCIONAL DE CONCRETO ARMADO EM UMA EDIFICAÇÃO TÉRREA OU SOBRADO UTILIZANDO AÇO CA-50 DE 20,0 MM - MONTAGEM. AF_12/2015","KG",5.8,"SINAPI","FUNDACOES E ESTRUTURAS","ARMADURAS"]
[92791,"CORTE E DOBRA DE AÇO CA-60, DIÂMETRO DE 5,0 MM, UTILIZADO EM ESTRUTURAS DIVERSAS, EXCETO LAJES. AF_12/2015","KG",7.17,"SINAPI","FUNDACOES E ESTRUTURAS","ARMADURAS"]
[92792,"CORTE E DOBRA DE AÇO CA-50, DIÂMETRO DE 6,3 MM, UTILIZADO EM ESTRUTURAS DIVERSAS, EXCETO LAJES. AF_12/2015","KG",6.61,"SINAPI","FUNDACOES E ESTRUTURAS","ARMADURAS"]
[92793,"CORTE E DOBRA DE AÇO CA-50, DIÂMETRO DE 8,0 MM, UTILIZADO EM ESTRUTURAS DIVERSAS, EXCETO LAJES. AF_12/2015","KG",7.05,"SINAPI","FUNDACOES E ESTRUTURAS","ARMADURAS"]
[92794,"CORTE E DOBRA DE AÇO CA-50, DIÂMETRO DE 10,0 MM, UTILIZADO EM ESTRUTURAS DIVERSAS, EXCETO LAJES. AF_12/2015","KG",5.82,"SINAPI","FUNDACOES E ESTRUTURAS","ARMADURAS"]
[92795,"CORTE E DOBRA DE AÇO CA-50, DIÂMETRO DE 12,5 MM, UTILIZADO EM ESTRUTURAS DIVERSAS, EXCETO LAJES. AF_12/2015","KG",5.43,"SINAPI","FUNDACOES E ESTRUTURAS","ARMADURAS"]
[92796,"CORTE E DOBRA DE AÇO CA-50, DIÂMETRO DE 16,0 MM, UTILIZADO EM ESTRUTURAS DIVERSAS, EXCETO LAJES. AF_12/2015","KG",5.35,"SINAPI","FUNDACOES E ESTRUTURAS","ARMADURAS"]
[92797,"CORTE E DOBRA DE AÇO CA-50, DIÂMETRO DE 20,0 MM, UTILIZADO EM ESTRUTURAS DIVERSAS, EXCETO LAJES. AF_12/2015","KG",5.0999999999999996,"SINAPI","FUNDACOES E ESTRUTURAS","ARMADURAS"]
[92798,"CORTE E DOBRA DE AÇO CA-50, DIÂMETRO DE 25,0 MM, UTILIZADO EM ESTRUTURAS DIVERSAS, EXCETO LAJES. AF_12/2015","KG",5.86,"SINAPI","FUNDACOES E ESTRUTURAS","ARMADURAS"]
[92799,"CORTE E DOBRA DE AÇO CA-60, DIÂMETRO DE 4,2 MM, UTILIZADO EM LAJE. AF_12/2015","KG",7.57,"SINAPI","FUNDACOES E ESTRUTURAS","ARMADURAS"]
[92800,"CORTE E DOBRA DE AÇO CA-60, DIÂMETRO DE 5,0 MM, UTILIZADO EM LAJE. AF_12/2015","KG",6.71,"SINAPI","FUNDACOES E ESTRUTURAS","ARMADURAS"]
[92801,"CORTE E DOBRA DE AÇO CA-50, DIÂMETRO DE 6,3 MM, UTILIZADO EM LAJE. AF_12/2015","KG",6.35,"SINAPI","FUNDACOES E ESTRUTURAS","ARMADURAS"]
[92802,"CORTE E DOBRA DE AÇO CA-50, DIÂMETRO DE 8,0 MM, UTILIZADO EM LAJE. AF_12/2015","KG",6.9,"SINAPI","FUNDACOES E ESTRUTURAS","ARMADURAS"]
[92803,"CORTE E DOBRA DE AÇO CA-50, DIÂMETRO DE 10,0 MM, UTILIZADO EM LAJE. AF_12/2015","KG",5.73,"SINAPI","FUNDACOES E ESTRUTURAS","ARMADURAS"]
[92804,"CORTE E DOBRA DE AÇO CA-50, DIÂMETRO DE 12,5 MM, UTILIZADO EM LAJE. AF_12/2015","KG",5.38,"SINAPI","FUNDACOES E ESTRUTURAS","ARMADURAS"]
[92805,"CORTE E DOBRA DE AÇO CA-50, DIÂMETRO DE 16,0 MM, UTILIZADO EM LAJE. AF_12/2015","KG",5.32,"SINAPI","FUNDACOES E ESTRUTURAS","ARMADURAS"]
[92806,"CORTE E DOBRA DE AÇO CA-50, DIÂMETRO DE 20,0 MM, UTILIZADO EM LAJE. AF_12/2015","KG",5.08,"SINAPI","FUNDACOES E ESTRUTURAS","ARMADURAS"]
[92875,"CORTE E DOBRA DE AÇO CA-25, DIÂMETRO DE 6,3 MM. AF_12/2015","KG",6.5,"SINAPI","FUNDACOES E ESTRUTURAS","ARMADURAS"]
[92876,"CORTE E DOBRA DE AÇO CA-25, DIÂMETRO DE 8,0 MM. AF_12/2015","KG",6.17,"SINAPI","FUNDACOES E ESTRUTURAS","ARMADURAS"]
[92877,"CORTE E DOBRA DE AÇO CA-25, DIÂMETRO DE 10,0 MM. AF_12/2015","KG",5.57,"SINAPI","FUNDACOES E ESTRUTURAS","ARMADURAS"]
[92878,"CORTE E DOBRA DE AÇO CA-25, DIÂMETRO DE 12,5 MM. AF_12/2015","KG",5.47,"SINAPI","FUNDACOES E ESTRUTURAS","ARMADURAS"]
[92879,"CORTE E DOBRA DE AÇO CA-25, DIÂMETRO DE 16,0 MM. AF_12/2015","KG",5.39,"SINAPI","FUNDACOES E ESTRUTURAS","ARMADURAS"]
[92880,"CORTE E DOBRA DE AÇO CA-25, DIÂMETRO DE 20,0 MM. AF_12/2015","KG",5.5,"SINAPI","FUNDACOES E ESTRUTURAS","ARMADURAS"]
[92881,"CORTE E DOBRA DE AÇO CA-25, DIÂMETRO DE 25,0 MM. AF_12/2015","KG",5.48,"SINAPI","FUNDACOES E ESTRUTURAS","ARMADURAS"]
[92882,"ARMAÇÃO UTILIZANDO AÇO CA-25 DE 6,3 MM - MONTAGEM. AF_12/2015","KG",9.27,"SINAPI","FUNDACOES E ESTRUTURAS","ARMADURAS"]
[92883,"ARMAÇÃO UTILIZANDO AÇO CA-25 DE 8,0 MM - MONTAGEM. AF_12/2015","KG",8.31,"SINAPI","FUNDACOES E ESTRUTURAS","ARMADURAS"]
[92884,"ARMAÇÃO UTILIZANDO AÇO CA-25 DE 10,0 MM - MONTAGEM. AF_12/2015","KG",7.25,"SINAPI","FUNDACOES E ESTRUTURAS","ARMADURAS"]
[92885,"ARMAÇÃO UTILIZANDO AÇO CA-25 DE 12,5 MM - MONTAGEM. AF_12/2015","KG",6.76,"SINAPI","FUNDACOES E ESTRUTURAS","ARMADURAS"]
[92886,"ARMAÇÃO UTILIZANDO AÇO CA-25 DE 16,0 MM - MONTAGEM. AF_12/2015","KG",6.36,"SINAPI","FUNDACOES E ESTRUTURAS","ARMADURAS"]
[92887,"ARMAÇÃO UTILIZANDO AÇO CA-25 DE 20,0 MM - MONTAGEM. AF_12/2015","KG",6.23,"SINAPI","FUNDACOES E ESTRUTURAS","ARMADURAS"]
[92888,"ARMAÇÃO UTILIZANDO AÇO CA-25 DE 25,0 MM - MONTAGEM. AF_12/2015","KG",6.02,"SINAPI","FUNDACOES E ESTRUTURAS","ARMADURAS"]
[92915,"ARMAÇÃO DE ESTRUTURAS DE CONCRETO ARMADO, EXCETO VIGAS, PILARES, LAJES E FUNDAÇÕES, UTILIZANDO AÇO CA-60 DE 5,0 MM - MONTAGEM. AF_12/2015","KG",11.96,"SINAPI","FUNDACOES E ESTRUTURAS","ARMADURAS"]
[92916,"ARMAÇÃO DE ESTRUTURAS DE CONCRETO ARMADO, EXCETO VIGAS, PILARES, LAJES E FUNDAÇÕES, UTILIZANDO AÇO CA-50 DE 6,3 MM - MONTAGEM. AF_12/2015","KG",10.34,"SINAPI","FUNDACOES E ESTRUTURAS","ARMADURAS"]
[92917,"ARMAÇÃO DE ESTRUTURAS DE CONCRETO ARMADO, EXCETO VIGAS, PILARES, LAJES E FUNDAÇÕES, UTILIZANDO AÇO CA-50 DE 8,0 MM - MONTAGEM. AF_12/2015","KG",9.91,"SINAPI","FUNDACOES E ESTRUTURAS","ARMADURAS"]
[92919,"ARMAÇÃO DE ESTRUTURAS DE CONCRETO ARMADO, EXCETO VIGAS, PILARES, LAJES E FUNDAÇÕES, UTILIZANDO AÇO CA-50 DE 10,0 MM - MONTAGEM. AF_12/2015","KG",8.0299999999999994,"SINAPI","FUNDACOES E ESTRUTURAS","ARMADURAS"]
[92921,"ARMAÇÃO DE ESTRUTURAS DE CONCRETO ARMADO, EXCETO VIGAS, PILARES, LAJES E FUNDAÇÕES, UTILIZANDO AÇO CA-50 DE 12,5 MM - MONTAGEM. AF_12/2015","KG",7.11,"SINAPI","FUNDACOES E ESTRUTURAS","ARMADURAS"]
[92922,"ARMAÇÃO DE ESTRUTURAS DE CONCRETO ARMADO, EXCETO VIGAS, PILARES, LAJES E FUNDAÇÕES, UTILIZANDO AÇO CA-50 DE 16,0 MM - MONTAGEM. AF_12/2015","KG",6.57,"SINAPI","FUNDACOES E ESTRUTURAS","ARMADURAS"]
[92923,"ARMAÇÃO DE ESTRUTURAS DE CONCRETO ARMADO, EXCETO VIGAS, PILARES, LAJES E FUNDAÇÕES, UTILIZANDO AÇO CA-50 DE 20,0 MM - MONTAGEM. AF_12/2015","KG",6,"SINAPI","FUNDACOES E ESTRUTURAS","ARMADURAS"]
[92924,"ARMAÇÃO DE ESTRUTURAS DE CONCRETO ARMADO, EXCETO VIGAS, PILARES, LAJES E FUNDAÇÕES, UTILIZANDO AÇO CA-50 DE 25,0 MM - MONTAGEM. AF_12/2015","KG",6.5,"SINAPI","FUNDACOES E ESTRUTURAS","ARMADURAS"]
[95445,"CORTE E DOBRA DE AÇO CA-60, DIÂMETRO DE 5,0 MM, UTILIZADO EM ESTRIBO CONTÍNUO HELICOIDAL. AF_10/2016","KG",5.57,"SINAPI","FUNDACOES E ESTRUTURAS","ARMADURAS"]
[95446,"CORTE E DOBRA DE AÇO CA-50, DIÂMETRO DE 6,3 MM, UTILIZADO EM ESTRIBO CONTÍNUO HELICOIDAL. AF_10/2016","KG",5.69,"SINAPI","FUNDACOES E ESTRUTURAS","ARMADURAS"]
[95576,"MONTAGEM DE ARMADURA LONGITUDINAL/TRANSVERSAL DE ESTACAS DE SEÇÃO CIRCULAR, DIÂMETRO = 8,0 MM. AF_11/2016","KG",9.3800000000000008,"SINAPI","FUNDACOES E ESTRUTURAS","ARMADURAS"]
[95577,"MONTAGEM DE ARMADURA LONGITUDINAL DE ESTACAS DE SEÇÃO CIRCULAR, DIÂMETRO = 10,0 MM. AF_11/2016","KG",7.74,"SINAPI","FUNDACOES E ESTRUTURAS","ARMADURAS"]
[95578,"MONTAGEM DE ARMADURA LONGITUDINAL/TRANSVERSAL DE ESTACAS DE SEÇÃO CIRCULAR, DIÂMETRO = 12,5 MM. AF_11/2016","KG",7.02,"SINAPI","FUNDACOES E ESTRUTURAS","ARMADURAS"]
[95579,"MONTAGEM DE ARMADURA LONGITUDINAL DE ESTACAS DE SEÇÃO CIRCULAR, DIÂMETRO = 16,0 MM. AF_11/2016","KG",6.64,"SINAPI","FUNDACOES E ESTRUTURAS","ARMADURAS"]
[95580,"MONTAGEM DE ARMADURA LONGITUDINAL DE ESTACAS DE SEÇÃO CIRCULAR, DIÂMETRO = 20,0 MM. AF_11/2016","KG",6.2,"SINAPI","FUNDACOES E ESTRUTURAS","ARMADURAS"]
[95581,"MONTAGEM DE ARMADURA LONGITUDINAL DE ESTACAS DE SEÇÃO CIRCULAR, DIÂMETRO = 25,0 MM. AF_11/2016","KG",6.78,"SINAPI","FUNDACOES E ESTRUTURAS","ARMADURAS"]
[95583,"MONTAGEM DE ARMADURA TRANSVERSAL DE ESTACAS DE SEÇÃO CIRCULAR, DIÂMETRO = 5,0 MM. AF_11/2016","KG",12.52,"SINAPI","FUNDACOES E ESTRUTURAS","ARMADURAS"]
[95584,"MONTAGEM DE ARMADURA TRANSVERSAL DE ESTACAS DE SEÇÃO CIRCULAR, DIÂMETRO = 6,3 MM. AF_11/2016","KG",10.11,"SINAPI","FUNDACOES E ESTRUTURAS","ARMADURAS"]
[95585,"MONTAGEM DE ARMADURA LONGITUDINAL/TRANSVERSAL DE ESTACAS DE SEÇÃO RETANGULAR (BARRETE), DIÂMETRO = 8,0 MM. AF_11/2016","KG",9.81,"SINAPI","FUNDACOES E ESTRUTURAS","ARMADURAS"]
[95586,"MONTAGEM DE ARMADURA LONGITUDINAL DE ESTACAS DE SEÇÃO RETANGULAR (BARRETE), DIÂMETRO = 10,0 MM. AF_11/2016","KG",8.07,"SINAPI","FUNDACOES E ESTRUTURAS","ARMADURAS"]
[95587,"MONTAGEM DE ARMADURA LONGITUDINAL/TRANSVERSAL DE ESTACAS DE SEÇÃO RETANGULAR (BARRETE), DIÂMETRO = 12,5 MM. AF_11/2016","KG",7.31,"SINAPI","FUNDACOES E ESTRUTURAS","ARMADURAS"]
[95588,"MONTAGEM DE ARMADURA LONGITUDINAL DE ESTACAS DE SEÇÃO RETANGULAR (BARRETE), DIÂMETRO = 16,0 MM. AF_11/2016","KG",6.86,"SINAPI","FUNDACOES E ESTRUTURAS","ARMADURAS"]
[95589,"MONTAGEM DE ARMADURA LONGITUDINAL DE ESTACAS DE SEÇÃO RETANGULAR (BARRETE), DIÂMETRO = 20,0 MM. AF_11/2016","KG",6.37,"SINAPI","FUNDACOES E ESTRUTURAS","ARMADURAS"]
[95590,"MONTAGEM DE ARMADURA LONGITUDINAL DE ESTACAS DE SEÇÃO RETANGULAR (BARRETE), DIÂMETRO = 25,0 MM. AF_11/2016","KG",6.93,"SINAPI","FUNDACOES E ESTRUTURAS","ARMADURAS"]
[95592,"MONTAGEM DE ARMADURA TRANSVERSAL DE ESTACAS DE SEÇÃO RETANGULAR (BARRETE), DIÂMETRO = 5,0 MM. AF_11/2016","KG",15.47,"SINAPI","FUNDACOES E ESTRUTURAS","ARMADURAS"]
[95593,"MONTAGEM DE ARMADURA TRANSVERSAL DE ESTACAS DE SEÇÃO RETANGULAR (BARRETE), DIÂMETRO = 6,3 MM. AF_11/2016","KG",11.85,"SINAPI","FUNDACOES E ESTRUTURAS","ARMADURAS"]
[95943,"ARMAÇÃO DE ESCADA, COM 2 LANCES, DE UMA ESTRUTURA CONVENCIONAL DE CONCRETO ARMADO UTILIZANDO AÇO CA-60 DE 5,0 MM - MONTAGEM. AF_01/2017","KG",16.23,"SINAPI","FUNDACOES E ESTRUTURAS","ARMADURAS"]
[95944,"ARMAÇÃO DE ESCADA, COM 2 LANCES, DE UMA ESTRUTURA CONVENCIONAL DE CONCRETO ARMADO UTILIZANDO AÇO CA-50 DE 6,3 MM - MONTAGEM. AF_01/2017","KG",14.12,"SINAPI","FUNDACOES E ESTRUTURAS","ARMADURAS"]
[95945,"ARMAÇÃO DE ESCADA, COM 2 LANCES, DE UMA ESTRUTURA CONVENCIONAL DE CONCRETO ARMADO UTILIZANDO AÇO CA-50 DE 8,0 MM - MONTAGEM. AF_01/2017","KG",11.61,"SINAPI","FUNDACOES E ESTRUTURAS","ARMADURAS"]
[95946,"ARMAÇÃO DE ESCADA, COM 2 LANCES, DE UMA ESTRUTURA CONVENCIONAL DE CONCRETO ARMADO UTILIZANDO AÇO CA-50 DE 10,0 MM - MONTAGEM. AF_01/2017","KG",8.41,"SINAPI","FUNDACOES E ESTRUTURAS","ARMADURAS"]
[95947,"ARMAÇÃO DE ESCADA, COM 2 LANCES, DE UMA ESTRUTURA CONVENCIONAL DE CONCRETO ARMADO UTILIZANDO AÇO CA-50 DE 12,5 MM - MONTAGEM. AF_01/2017","KG",6.75,"SINAPI","FUNDACOES E ESTRUTURAS","ARMADURAS"]
[95948,"ARMAÇÃO DE ESCADA, COM 2 LANCES, DE UMA ESTRUTURA CONVENCIONAL DE CONCRETO ARMADO UTILIZANDO AÇO CA-50 DE 16,0 MM - MONTAGEM. AF_01/2017","KG",5.79,"SINAPI","FUNDACOES E ESTRUTURAS","ARMADURAS"]
[96544,"ARMAÇÃO DE BLOCO, VIGA BALDRAME OU SAPATA UTILIZANDO AÇO CA-50 DE 6,3 MM - MONTAGEM. AF_06/2017","KG",11.21,"SINAPI","FUNDACOES E ESTRUTURAS","ARMADURAS"]
[96545,"ARMAÇÃO DE BLOCO, VIGA BALDRAME OU SAPATA UTILIZANDO AÇO CA-50 DE 8 MM - MONTAGEM. AF_06/2017","KG",10.62,"SINAPI","FUNDACOES E ESTRUTURAS","ARMADURAS"]
[96546,"ARMAÇÃO DE BLOCO, VIGA BALDRAME OU SAPATA UTILIZANDO AÇO CA-50 DE 10 MM - MONTAGEM. AF_06/2017","KG",8.6300000000000008,"SINAPI","FUNDACOES E ESTRUTURAS","ARMADURAS"]
[96547,"ARMAÇÃO DE BLOCO, VIGA BALDRAME OU SAPATA UTILIZANDO AÇO CA-50 DE 12,5 MM - MONTAGEM. AF_06/2017","KG",7.62,"SINAPI","FUNDACOES E ESTRUTURAS","ARMADURAS"]
[96548,"ARMAÇÃO DE BLOCO, VIGA BALDRAME OU SAPATA UTILIZANDO AÇO CA-50 DE 16 MM - MONTAGEM. AF_06/2017","KG",7.03,"SINAPI","FUNDACOES E ESTRUTURAS","ARMADURAS"]
[96549,"ARMAÇÃO DE BLOCO, VIGA BALDRAME OU SAPATA UTILIZANDO AÇO CA-50 DE 20 MM - MONTAGEM. AF_06/2017","KG",6.41,"SINAPI","FUNDACOES E ESTRUTURAS","ARMADURAS"]
[96550,"ARMAÇÃO DE BLOCO, VIGA BALDRAME OU SAPATA UTILIZANDO AÇO CA-50 DE 25 MM - MONTAGEM. AF_06/2017","KG",6.87,"SINAPI","FUNDACOES E ESTRUTURAS","ARMADURAS"]
[100066,"ARMAÇÃO DO SISTEMA DE PAREDES DE CONCRETO, EXECUTADA COMO ARMADURA POSITIVA DE LAJES, TELA Q-196. AF_06/2019","KG",7.19,"SINAPI","FUNDACOES E ESTRUTURAS","ARMADURAS"]
[100067,"ARMAÇÃO DO SISTEMA DE PAREDES DE CONCRETO, EXECUTADA COMO REFORÇO, VERGALHÃO DE 5,0 MM DE DIÂMETRO. AF_06/2019","KG",8.2899999999999991,"SINAPI","FUNDACOES E ESTRUTURAS","ARMADURAS"]
[100068,"ARMAÇÃO DO SISTEMA DE PAREDES DE CONCRETO, EXECUTADA COMO REFORÇO, VERGALHÃO DE 12,5 MM DE DIÂMETRO. AF_06/2019","KG",6.33,"SINAPI","FUNDACOES E ESTRUTURAS","ARMADURAS"]
[40780,"REGULARIZAÇÃO DE SUPERFICIE DE CONCRETO APARENTE","M2",10.31,"SINAPI","FUNDACOES E ESTRUTURAS","CONCRETOS"]
["74157/4","LANCAMENTO/APLICACAO MANUAL DE CONCRETO EM FUNDACOES","M3",112.28,"SINAPI","FUNDACOES E ESTRUTURAS","CONCRETOS"]
[89993,"GRAUTEAMENTO VERTICAL EM ALVENARIA ESTRUTURAL. AF_01/2015","M3",666.71,"SINAPI","FUNDACOES E ESTRUTURAS","CONCRETOS"]
[89994,"GRAUTEAMENTO DE CINTA INTERMEDIÁRIA OU DE CONTRAVERGA EM ALVENARIA ESTRUTURAL. AF_01/2015","M3",551.54,"SINAPI","FUNDACOES E ESTRUTURAS","CONCRETOS"]
[89995,"GRAUTEAMENTO DE CINTA SUPERIOR OU DE VERGA EM ALVENARIA ESTRUTURAL. AF_01/2015","M3",637.26,"SINAPI","FUNDACOES E ESTRUTURAS","CONCRETOS"]
[90278,"GRAUTE FGK=15 MPA; TRAÇO 1:0,04:2,0:2,4 (CIMENTO/ CAL/ AREIA GROSSA/ BRITA 0) - PREPARO MECÂNICO COM BETONEIRA 400 L. AF_02/2015","M3",308.04000000000002,"SINAPI","FUNDACOES E ESTRUTURAS","CONCRETOS"]
[90279,"GRAUTE FGK=20 MPA; TRAÇO 1:0,04:1,6:1,9 (CIMENTO/ CAL/ AREIA GROSSA/ BRITA 0) - PREPARO MECÂNICO COM BETONEIRA 400 L. AF_02/2015","M3",324.02,"SINAPI","FUNDACOES E ESTRUTURAS","CONCRETOS"]
[90280,"GRAUTE FGK=25 MPA; TRAÇO 1:0,02:1,2:1,5 (CIMENTO/ CAL/ AREIA GROSSA/ BRITA 0) - PREPARO MECÂNICO COM BETONEIRA 400 L. AF_02/2015","M3",358.78,"SINAPI","FUNDACOES E ESTRUTURAS","CONCRETOS"]
[90281,"GRAUTE FGK=30 MPA; TRAÇO 1:0,02:0,8:1,1 (CIMENTO/ CAL/ AREIA GROSSA/ BRITA 0) - PREPARO MECÂNICO COM BETONEIRA 400 L. AF_02/2015","M3",404.37,"SINAPI","FUNDACOES E ESTRUTURAS","CONCRETOS"]
[90282,"GRAUTE FGK=15 MPA; TRAÇO 1:2,0:2,4 (CIMENTO/ AREIA GROSSA/ BRITA 0/ ADITIVO) - PREPARO MECÂNICO COM BETONEIRA 400 L. AF_02/2015","M3",313.61,"SINAPI","FUNDACOES E ESTRUTURAS","CONCRETOS"]
[90283,"GRAUTE FGK=20 MPA; TRAÇO 1:1,6:1,9 (CIMENTO/ AREIA GROSSA/ BRITA 0/ ADITIVO) - PREPARO MECÂNICO COM BETONEIRA 400 L. AF_02/2015","M3",331.13,"SINAPI","FUNDACOES E ESTRUTURAS","CONCRETOS"]
[90284,"GRAUTE FGK=25 MPA; TRAÇO 1:1,2:1,5 (CIMENTO/ AREIA GROSSA/ BRITA 0/ ADITIVO) - PREPARO MECÂNICO COM BETONEIRA 400 L. AF_02/2015","M3",366.2,"SINAPI","FUNDACOES E ESTRUTURAS","CONCRETOS"]
[90285,"GRAUTE FGK=30 MPA; TRAÇO 1:0,8:1,1 (CIMENTO/ AREIA GROSSA/ BRITA 0/ ADITIVO) - PREPARO MECÂNICO COM BETONEIRA 400 L. AF_02/2015","M3",414.82,"SINAPI","FUNDACOES E ESTRUTURAS","CONCRETOS"]
[90853,"CONCRETAGEM DE LAJES EM EDIFICAÇÕES UNIFAMILIARES FEITAS COM SISTEMA DE FÔRMAS MANUSEÁVEIS, COM CONCRETO USINADO BOMBEÁVEL FCK 20 MPA - LANÇAMENTO, ADENSAMENTO E ACABAMENTO. AF_06/2015","M3",365.75,"SINAPI","FUNDACOES E ESTRUTURAS","CONCRETOS"]
[90854,"CONCRETAGEM DE PAREDES EM EDIFICAÇÕES UNIFAMILIARES FEITAS COM SISTEMA DE FÔRMAS MANUSEÁVEIS, COM CONCRETO USINADO BOMBEÁVEL FCK 20 MPA - LANÇAMENTO, ADENSAMENTO E ACABAMENTO. AF_06/2015","M3",354.16,"SINAPI","FUNDACOES E ESTRUTURAS","CONCRETOS"]
[90855,"CONCRETAGEM DE PLATIBANDA EM EDIFICAÇÕES UNIFAMILIARES FEITAS COM SISTEMA DE FÔRMAS MANUSEÁVEIS, COM CONCRETO USINADO BOMBEÁVEL FCK 20 MPA - LANÇAMENTO, ADENSAMENTO E ACABAMENTO. AF_06/2015","M3",390.91,"SINAPI","FUNDACOES E ESTRUTURAS","CONCRETOS"]
[90856,"CONCRETAGEM DE LAJES EM EDIFICAÇÕES MULTIFAMILIARES FEITAS COM SISTEMA DE FÔRMAS MANUSEÁVEIS, COM CONCRETO USINADO BOMBEÁVEL FCK 20 MPA - LANÇAMENTO, ADENSAMENTO E ACABAMENTO. AF_06/2015","M3",369.74,"SINAPI","FUNDACOES E ESTRUTURAS","CONCRETOS"]
[90857,"CONCRETAGEM DE PAREDES EM EDIFICAÇÕES MULTIFAMILIARES FEITAS COM SISTEMA DE FÔRMAS MANUSEÁVEIS, COM CONCRETO USINADO BOMBEÁVEL FCK 20 MPA - LANÇAMENTO, ADENSAMENTO E ACABAMENTO. AF_06/2015","M3",356.8,"SINAPI","FUNDACOES E ESTRUTURAS","CONCRETOS"]
[90858,"CONCRETAGEM DE PLATIBANDA EM EDIFICAÇÕES MULTIFAMILIARES FEITAS COM SISTEMA DE FÔRMAS MANUSEÁVEIS, COM CONCRETO USINADO BOMBEÁVEL FCK 20 MPA - LANÇAMENTO, ADENSAMENTO E ACABAMENTO. AF_06/2015","M3",409.22,"SINAPI","FUNDACOES E ESTRUTURAS","CONCRETOS"]
[90859,"CONCRETAGEM DE PLATIBANDA EM EDIFICAÇÕES UNIFAMILIARES FEITAS COM SISTEMA DE FÔRMAS MANUSEÁVEIS, COM CONCRETO USINADO AUTOADENSÁVEL FCK 20 MPA - LANÇAMENTO E ACABAMENTO. AF_06/2015","M3",347.02,"SINAPI","FUNDACOES E ESTRUTURAS","CONCRETOS"]
[90860,"CONCRETAGEM DE PLATIBANDA EM EDIFICAÇÕES MULTIFAMILIARES FEITAS COM SISTEMA DE FÔRMAS MANUSEÁVEIS, COM CONCRETO USINADO AUTOADENSÁVEL FCK 20 MPA - LANÇAMENTO E ACABAMENTO. AF_06/2015","M3",352.61,"SINAPI","FUNDACOES E ESTRUTURAS","CONCRETOS"]
[90861,"CONCRETAGEM DE EDIFICAÇÕES (PAREDES E LAJES) FEITAS COM SISTEMA DE FÔRMAS MANUSEÁVEIS, COM CONCRETO USINADO BOMBEÁVEL FCK 20 MPA - LANÇAMENTO, ADENSAMENTO E ACABAMENTO. AF_06/2015","M3",360.25,"SINAPI","FUNDACOES E ESTRUTURAS","CONCRETOS"]
[90862,"CONCRETAGEM DE EDIFICAÇÕES (PAREDES E LAJES) FEITAS COM SISTEMA DE FÔRMAS MANUSEÁVEIS, COM CONCRETO USINADO AUTOADENSÁVEL FCK 20 MPA - LANÇAMENTO E ACABAMENTO. AF_06/2015","M3",325.14,"SINAPI","FUNDACOES E ESTRUTURAS","CONCRETOS"]
[92718,"CONCRETAGEM DE PILARES, FCK = 25 MPA,  COM USO DE BALDES EM EDIFICAÇÃO COM SEÇÃO MÉDIA DE PILARES MENOR OU IGUAL A 0,25 M² - LANÇAMENTO, ADENSAMENTO E ACABAMENTO. AF_12/2015","M3",463.97,"SINAPI","FUNDACOES E ESTRUTURAS","CONCRETOS"]
[92719,"CONCRETAGEM DE PILARES, FCK = 25 MPA, COM USO DE GRUA EM EDIFICAÇÃO COM SEÇÃO MÉDIA DE PILARES MENOR OU IGUAL A 0,25 M² - LANÇAMENTO, ADENSAMENTO E ACABAMENTO. AF_12/2015","M3",317.14999999999998,"SINAPI","FUNDACOES E ESTRUTURAS","CONCRETOS"]
[92720,"CONCRETAGEM DE PILARES, FCK = 25 MPA, COM USO DE BOMBA EM EDIFICAÇÃO COM SEÇÃO MÉDIA DE PILARES MENOR OU IGUAL A 0,25 M² - LANÇAMENTO, ADENSAMENTO E ACABAMENTO. AF_12/2015","M3",359.04,"SINAPI","FUNDACOES E ESTRUTURAS","CONCRETOS"]
[92721,"CONCRETAGEM DE PILARES, FCK = 25 MPA, COM USO DE GRUA EM EDIFICAÇÃO COM SEÇÃO MÉDIA DE PILARES MAIOR QUE 0,25 M² - LANÇAMENTO, ADENSAMENTO E ACABAMENTO. AF_12/2015","M3",308.16000000000003,"SINAPI","FUNDACOES E ESTRUTURAS","CONCRETOS"]
[92722,"CONCRETAGEM DE PILARES, FCK = 25 MPA, COM USO DE BOMBA EM EDIFICAÇÃO COM SEÇÃO MÉDIA DE PILARES MAIOR QUE 0,25 M² - LANÇAMENTO, ADENSAMENTO E ACABAMENTO. AF_12/2015","M3",355.37,"SINAPI","FUNDACOES E ESTRUTURAS","CONCRETOS"]
[92723,"CONCRETAGEM DE VIGAS E LAJES, FCK=20 MPA, PARA LAJES PREMOLDADAS COM USO DE BOMBA EM EDIFICAÇÃO COM ÁREA MÉDIA DE LAJES MENOR OU IGUAL A 20 M² - LANÇAMENTO, ADENSAMENTO E ACABAMENTO. AF_12/2015","M3",346.65,"SINAPI","FUNDACOES E ESTRUTURAS","CONCRETOS"]
[92724,"CONCRETAGEM DE VIGAS E LAJES, FCK=20 MPA, PARA LAJES PREMOLDADAS COM USO DE BOMBA EM EDIFICAÇÃO COM ÁREA MÉDIA DE LAJES MAIOR QUE 20 M² - LANÇAMENTO, ADENSAMENTO E ACABAMENTO. AF_12/2015","M3",343.39,"SINAPI","FUNDACOES E ESTRUTURAS","CONCRETOS"]
[92725,"CONCRETAGEM DE VIGAS E LAJES, FCK=20 MPA, PARA LAJES MACIÇAS OU NERVURADAS COM USO DE BOMBA EM EDIFICAÇÃO COM ÁREA MÉDIA DE LAJES MENOR OU IGUAL A 20 M² - LANÇAMENTO, ADENSAMENTO E ACABAMENTO. AF_12/2015","M3",342.03,"SINAPI","FUNDACOES E ESTRUTURAS","CONCRETOS"]
[92726,"CONCRETAGEM DE VIGAS E LAJES, FCK=20 MPA, PARA LAJES MACIÇAS OU NERVURADAS COM USO DE BOMBA EM EDIFICAÇÃO COM ÁREA MÉDIA DE LAJES MAIOR QUE 20 M² - LANÇAMENTO, ADENSAMENTO E ACABAMENTO. AF_12/2015","M3",339.74,"SINAPI","FUNDACOES E ESTRUTURAS","CONCRETOS"]
[92727,"CONCRETAGEM DE VIGAS E LAJES, FCK=20 MPA, PARA LAJES PREMOLDADAS COM JERICAS EM ELEVADOR DE CABO EM EDIFICAÇÃO DE MULTIPAVIMENTOS ATÉ 16 ANDARES, COM ÁREA MÉDIA DE LAJES MENOR OU IGUAL A 20 M² - LANÇAMENTO, ADENSAMENTO E ACABAMENTO. AF_12/2015","M3",396.22,"SINAPI","FUNDACOES E ESTRUTURAS","CONCRETOS"]
[92728,"CONCRETAGEM DE VIGAS E LAJES, FCK=20 MPA, PARA LAJES PREMOLDADAS COM JERICAS EM ELEVADOR DE CABO EM EDIFICAÇÃO DE MULTIPAVIMENTOS ATÉ 16 ANDARES, COM ÁREA MÉDIA DE LAJES MAIOR QUE 20 M² - LANÇAMENTO, ADENSAMENTO E ACABAMENTO. AF_12/2015","M3",373.39,"SINAPI","FUNDACOES E ESTRUTURAS","CONCRETOS"]
[92729,"CONCRETAGEM DE VIGAS E LAJES, FCK=20 MPA, PARA LAJES MACIÇAS OU NERVURADAS COM JERICAS EM ELEVADOR DE CABO EM EDIFICAÇÃO DE ATÉ 16 ANDARES, COM ÁREA MÉDIA DE LAJES MENOR OU IGUAL A 20 M² - LANÇAMENTO, ADENSAMENTO E ACABAMENTO. AF_12/2015","M3",363.71,"SINAPI","FUNDACOES E ESTRUTURAS","CONCRETOS"]
[92730,"CONCRETAGEM DE VIGAS E LAJES, FCK=20 MPA, PARA LAJES MACIÇAS OU NERVURADAS COM JERICAS EM ELEVADOR DE CABO EM EDIFICAÇÃO DE MULTIPAVIMENTOS ATÉ 16 ANDARES, COM ÁREA MÉDIA DE LAJES MAIOR QUE 20 M² - LANÇAMENTO, ADENSAMENTO E ACABAMENTO. AF_12/2015","M3",347.6,"SINAPI","FUNDACOES E ESTRUTURAS","CONCRETOS"]
[92731,"CONCRETAGEM DE VIGAS E LAJES, FCK=20 MPA, PARA LAJES PREMOLDADAS COM JERICAS EM CREMALHEIRA EM EDIFICAÇÃO DE MULTIPAVIMENTOS ATÉ 16 ANDARES, COM ÁREA MÉDIA DE LAJES MENOR OU IGUAL A 20 M² - LANÇAMENTO, ADENSAMENTO E ACABAMENTO. AF_12/2015","M3",365.79,"SINAPI","FUNDACOES E ESTRUTURAS","CONCRETOS"]
[92732,"CONCRETAGEM DE VIGAS E LAJES, FCK=20 MPA, PARA LAJES PREMOLDADAS COM JERICAS EM CREMALHEIRA EM EDIFICAÇÃO DE MULTIPAVIMENTOS ATÉ 16 ANDARES, COM ÁREA MÉDIA DE LAJES MAIOR QUE 20 M² - LANÇAMENTO, ADENSAMENTO E ACABAMENTO. AF_12/2015","M3",350.21,"SINAPI","FUNDACOES E ESTRUTURAS","CONCRETOS"]
[92733,"CONCRETAGEM DE VIGAS E LAJES, FCK=20 MPA, PARA LAJES MACIÇAS OU NERVURADAS COM JERICAS EM CREMALHEIRA EM EDIFICAÇÃO DE MULTIPAVIMENTOS ATÉ 16 ANDARES, COM ÁREA MÉDIA DE LAJES MENOR OU IGUAL A 20 M² - LANÇAMENTO, ADENSAMENTO E ACABAMENTO. AF_12/2015","M3",343.58,"SINAPI","FUNDACOES E ESTRUTURAS","CONCRETOS"]
[92734,"CONCRETAGEM DE VIGAS E LAJES, FCK=20 MPA, PARA LAJES MACIÇAS OU NERVURADAS COM JERICAS EM CREMALHEIRA EM EDIFICAÇÃO DE MULTIPAVIMENTOS ATÉ 16 ANDARES, COM ÁREA MÉDIA DE LAJES MAIOR QUE 20 M² - LANÇAMENTO, ADENSAMENTO E ACABAMENTO. AF_12/2015","M3",332.59,"SINAPI","FUNDACOES E ESTRUTURAS","CONCRETOS"]
[92735,"CONCRETAGEM DE VIGAS E LAJES, FCK=20 MPA, PARA LAJES PREMOLDADAS COM GRUA DE CAÇAMBA DE 350 L EM EDIFICAÇÃO DE MULTIPAVIMENTOS ATÉ 16 ANDARES, COM ÁREA MÉDIA DE LAJES MENOR OU IGUAL A 20 M² - LANÇAMENTO, ADENSAMENTO E ACABAMENTO. AF_12/2015","M3",341.07,"SINAPI","FUNDACOES E ESTRUTURAS","CONCRETOS"]
[92736,"CONCRETAGEM DE VIGAS E LAJES, FCK=20 MPA, PARA LAJES PREMOLDADAS COM GRUA DE CAÇAMBA DE 350 L EM EDIFICAÇÃO DE MULTIPAVIMENTOS ATÉ 16 ANDARES, COM ÁREA MÉDIA DE LAJES MAIOR QUE 20 M² - LANÇAMENTO, ADENSAMENTO E ACABAMENTO. AF_12/2015","M3",328.81,"SINAPI","FUNDACOES E ESTRUTURAS","CONCRETOS"]
[92739,"CONCRETAGEM DE VIGAS E LAJES, FCK=20 MPA, PARA LAJES MACIÇAS OU NERVURADAS COM GRUA DE CAÇAMBA DE 500 L EM EDIFICAÇÃO DE MULTIPAVIMENTOS ATÉ 16 ANDARES, COM ÁREA MÉDIA DE LAJES MENOR OU IGUAL A 20 M² - LANÇAMENTO, ADENSAMENTO E ACABAMENTO. AF_12/2015","M3",311.02,"SINAPI","FUNDACOES E ESTRUTURAS","CONCRETOS"]
[92740,"CONCRETAGEM DE VIGAS E LAJES, FCK=20 MPA, PARA LAJES MACIÇAS OU NERVURADAS COM GRUA DE CAÇAMBA DE 500 L EM EDIFICAÇÃO DE MULTIPAVIMENTOS ATÉ 16 ANDARES, COM ÁREA MÉDIA DE LAJES MAIOR QUE 20 M² - LANÇAMENTO, ADENSAMENTO E ACABAMENTO. AF_12/2015","M3",304.93,"SINAPI","FUNDACOES E ESTRUTURAS","CONCRETOS"]
[92741,"CONCRETAGEM DE VIGAS E LAJES, FCK=20 MPA, PARA QUALQUER TIPO DE LAJE COM BALDES EM EDIFICAÇÃO TÉRREA, COM ÁREA MÉDIA DE LAJES MENOR OU IGUAL A 20 M² - LANÇAMENTO, ADENSAMENTO E ACABAMENTO. AF_12/2015","M3",522.97,"SINAPI","FUNDACOES E ESTRUTURAS","CONCRETOS"]
[92742,"CONCRETAGEM DE VIGAS E LAJES, FCK=20 MPA, PARA QUALQUER TIPO DE LAJE COM BALDES EM EDIFICAÇÃO DE MULTIPAVIMENTOS ATÉ 04 ANDARES, COM ÁREA MÉDIA DE LAJES MENOR OU IGUAL A 20 M² - LANÇAMENTO, ADENSAMENTO E ACABAMENTO. AF_12/2015","M3",752.92,"SINAPI","FUNDACOES E ESTRUTURAS","CONCRETOS"]
[92873,"LANÇAMENTO COM USO DE BALDES, ADENSAMENTO E ACABAMENTO DE CONCRETO EM ESTRUTURAS. AF_12/2015","M3",181.54,"SINAPI","FUNDACOES E ESTRUTURAS","CONCRETOS"]
[92874,"LANÇAMENTO COM USO DE BOMBA, ADENSAMENTO E ACABAMENTO DE CONCRETO EM ESTRUTURAS. AF_12/2015","M3",29.45,"SINAPI","FUNDACOES E ESTRUTURAS","CONCRETOS"]
[94962,"CONCRETO MAGRO PARA LASTRO, TRAÇO 1:4,5:4,5 (CIMENTO/ AREIA MÉDIA/ BRITA 1)  - PREPARO MECÂNICO COM BETONEIRA 400 L. AF_07/2016","M3",262.05,"SINAPI","FUNDACOES E ESTRUTURAS","CONCRETOS"]
[94963,"CONCRETO FCK = 15MPA, TRAÇO 1:3,4:3,5 (CIMENTO/ AREIA MÉDIA/ BRITA 1)  - PREPARO MECÂNICO COM BETONEIRA 400 L. AF_07/2016","M3",290.19,"SINAPI","FUNDACOES E ESTRUTURAS","CONCRETOS"]
[94964,"CONCRETO FCK = 20MPA, TRAÇO 1:2,7:3 (CIMENTO/ AREIA MÉDIA/ BRITA 1)  - PREPARO MECÂNICO COM BETONEIRA 400 L. AF_07/2016","M3",317.56,"SINAPI","FUNDACOES E ESTRUTURAS","CONCRETOS"]
[94965,"CONCRETO FCK = 25MPA, TRAÇO 1:2,3:2,7 (CIMENTO/ AREIA MÉDIA/ BRITA 1)  - PREPARO MECÂNICO COM BETONEIRA 400 L. AF_07/2016","M3",328.92,"SINAPI","FUNDACOES E ESTRUTURAS","CONCRETOS"]
[94966,"CONCRETO FCK = 30MPA, TRAÇO 1:2,1:2,5 (CIMENTO/ AREIA MÉDIA/ BRITA 1)  - PREPARO MECÂNICO COM BETONEIRA 400 L. AF_07/2016","M3",340.18,"SINAPI","FUNDACOES E ESTRUTURAS","CONCRETOS"]
[94967,"CONCRETO FCK = 40MPA, TRAÇO 1:1,6:1,9 (CIMENTO/ AREIA MÉDIA/ BRITA 1)  - PREPARO MECÂNICO COM BETONEIRA 400 L. AF_07/2016","M3",388.18,"SINAPI","FUNDACOES E ESTRUTURAS","CONCRETOS"]
[94968,"CONCRETO MAGRO PARA LASTRO, TRAÇO 1:4,5:4,5 (CIMENTO/ AREIA MÉDIA/ BRITA 1)  - PREPARO MECÂNICO COM BETONEIRA 600 L. AF_07/2016","M3",258.74,"SINAPI","FUNDACOES E ESTRUTURAS","CONCRETOS"]
[94969,"CONCRETO FCK = 15MPA, TRAÇO 1:3,4:3,5 (CIMENTO/ AREIA MÉDIA/ BRITA 1)  - PREPARO MECÂNICO COM BETONEIRA 600 L. AF_07/2016","M3",284.38,"SINAPI","FUNDACOES E ESTRUTURAS","CONCRETOS"]
[94970,"CONCRETO FCK = 20MPA, TRAÇO 1:2,7:3 (CIMENTO/ AREIA MÉDIA/ BRITA 1)  - PREPARO MECÂNICO COM BETONEIRA 600 L. AF_07/2016","M3",306.86,"SINAPI","FUNDACOES E ESTRUTURAS","CONCRETOS"]
[94971,"CONCRETO FCK = 25MPA, TRAÇO 1:2,3:2,7 (CIMENTO/ AREIA MÉDIA/ BRITA 1)  - PREPARO MECÂNICO COM BETONEIRA 600 L. AF_07/2016","M3",323.01,"SINAPI","FUNDACOES E ESTRUTURAS","CONCRETOS"]
[94972,"CONCRETO FCK = 30MPA, TRAÇO 1:2,1:2,5 (CIMENTO/ AREIA MÉDIA/ BRITA 1)  - PREPARO MECÂNICO COM BETONEIRA 600 L. AF_07/2016","M3",334.08,"SINAPI","FUNDACOES E ESTRUTURAS","CONCRETOS"]
[94973,"CONCRETO FCK = 40MPA, TRAÇO 1:1,6:1,9 (CIMENTO/ AREIA MÉDIA/ BRITA 1)  - PREPARO MECÂNICO COM BETONEIRA 600 L. AF_07/2016","M3",380.73,"SINAPI","FUNDACOES E ESTRUTURAS","CONCRETOS"]
[94974,"CONCRETO MAGRO PARA LASTRO, TRAÇO 1:4,5:4,5 (CIMENTO/ AREIA MÉDIA/ BRITA 1)  - PREPARO MANUAL. AF_07/2016","M3",368.35,"SINAPI","FUNDACOES E ESTRUTURAS","CONCRETOS"]
[94975,"CONCRETO FCK = 15MPA, TRAÇO 1:3,4:3,5 (CIMENTO/ AREIA MÉDIA/ BRITA 1)  - PREPARO MANUAL. AF_07/2016","M3",394.83,"SINAPI","FUNDACOES E ESTRUTURAS","CONCRETOS"]
[96555,"CONCRETAGEM DE BLOCOS DE COROAMENTO E VIGAS BALDRAME, FCK 30 MPA, COM USO DE JERICA \u0096 LANÇAMENTO, ADENSAMENTO E ACABAMENTO. AF_06/2017","M3",479.13,"SINAPI","FUNDACOES E ESTRUTURAS","CONCRETOS"]
[96556,"CONCRETAGEM DE SAPATAS, FCK 30 MPA, COM USO DE JERICA \u0096 LANÇAMENTO, ADENSAMENTO E ACABAMENTO. AF_06/2017","M3",549.95000000000005,"SINAPI","FUNDACOES E ESTRUTURAS","CONCRETOS"]
[96557,"CONCRETAGEM DE BLOCOS DE COROAMENTO E VIGAS BALDRAMES, FCK 30 MPA, COM USO DE BOMBA \u0096 LANÇAMENTO, ADENSAMENTO E ACABAMENTO. AF_06/2017","M3",372.53,"SINAPI","FUNDACOES E ESTRUTURAS","CONCRETOS"]
[96558,"CONCRETAGEM DE SAPATAS, FCK 30 MPA, COM USO DE BOMBA \u0096 LANÇAMENTO, ADENSAMENTO E ACABAMENTO. AF_11/2016","M3",378.76,"SINAPI","FUNDACOES E ESTRUTURAS","CONCRETOS"]
[99235,"CONCRETAGEM DE EDIFICAÇÕES (PAREDES E LAJES) FEITAS COM SISTEMA DE FÔRMAS MANUSEÁVEIS, COM CONCRETO USINADO AUTOADENSÁVEL FCK 25 MPA - LANÇAMENTO E ACABAMENTO. AF_06/2015","M3",336.12,"SINAPI","FUNDACOES E ESTRUTURAS","CONCRETOS"]
[99431,"CONCRETAGEM DE LAJES EM EDIFICAÇÕES UNIFAMILIARES FEITAS COM SISTEMA DE FÔRMAS MANUSEÁVEIS, COM CONCRETO USINADO BOMBEÁVEL FCK 25 MPA - LANÇAMENTO, ADENSAMENTO E ACABAMENTO (EXCLUSIVE BOMBA LANÇA). AF_06/2015","M3",400.82,"SINAPI","FUNDACOES E ESTRUTURAS","CONCRETOS"]
[99432,"CONCRETAGEM DE PAREDES EM EDIFICAÇÕES UNIFAMILIARES FEITAS COM SISTEMA DE FÔRMAS MANUSEÁVEIS, COM CONCRETO USINADO BOMBEÁVEL FCK 25 MPA - LANÇAMENTO, ADENSAMENTO E ACABAMENTO (EXCLUSIVE BOMBA LANÇA). AF_06/2015","M3",377.27,"SINAPI","FUNDACOES E ESTRUTURAS","CONCRETOS"]
[99433,"CONCRETAGEM DE PLATIBANDA EM EDIFICAÇÕES UNIFAMILIARES FEITAS COM SISTEMA DE FÔRMAS MANUSEÁVEIS, COM CONCRETO USINADO BOMBEÁVEL FCK 25 MPA, - LANÇAMENTO, ADENSAMENTO E ACABAMENTO (EXCLUSIVE BOMBA LANÇA). AF_06/2015","M3",427.25,"SINAPI","FUNDACOES E ESTRUTURAS","CONCRETOS"]
[99434,"CONCRETAGEM DE LAJES EM EDIFICAÇÕES MULTIFAMILIARES FEITAS COM SISTEMA DE FÔRMAS MANUSEÁVEIS, COM CONCRETO USINADO BOMBEÁVEL FCK 25 MPA - LANÇAMENTO, ADENSAMENTO E ACABAMENTO (EXCLUSIVE BOMBA LANÇA). AF_06/2015","M3",404.81,"SINAPI","FUNDACOES E ESTRUTURAS","CONCRETOS"]
[99435,"CONCRETAGEM DE PAREDES EM EDIFICAÇÕES MULTIFAMILIARES FEITAS COM SISTEMA DE FÔRMAS MANUSEÁVEIS, COM CONCRETO USINADO BOMBEÁVEL FCK 25 MPA - LANÇAMENTO, ADENSAMENTO E ACABAMENTO (EXCLUSIVE BOMBA LANÇA). AF_06/2015","M3",390.92,"SINAPI","FUNDACOES E ESTRUTURAS","CONCRETOS"]
[99436,"CONCRETAGEM DE PLATIBANDA EM EDIFICAÇÕES MULTIFAMILIARES FEITAS COM SISTEMA DE FÔRMAS MANUSEÁVEIS, COM CONCRETO USINADO BOMBEÁVEL FCK 25 MPA - LANÇAMENTO, ADENSAMENTO E ACABAMENTO (EXCLUSIVE BOMBA LANÇA). AF_06/2015","M3",445.56,"SINAPI","FUNDACOES E ESTRUTURAS","CONCRETOS"]
[99437,"CONCRETAGEM DE PLATIBANDA EM EDIFICAÇÕES UNIFAMILIARES FEITAS COM SISTEMA DE FÔRMAS MANUSEÁVEIS, COM CONCRETO USINADO AUTOADENSÁVEL FCK 25 MPA - LANÇAMENTO E ACABAMENTO. AF_06/2015","M3",358.6,"SINAPI","FUNDACOES E ESTRUTURAS","CONCRETOS"]
[99438,"CONCRETAGEM DE PLATIBANDA EM EDIFICAÇÕES MULTIFAMILIARES FEITAS COM SISTEMA DE FÔRMAS MANUSEÁVEIS, COM CONCRETO USINADO AUTOADENSÁVEL FCK 25 MPA - LANÇAMENTO E ACABAMENTO. AF_06/2015","M3",364.19,"SINAPI","FUNDACOES E ESTRUTURAS","CONCRETOS"]
[99439,"CONCRETAGEM DE EDIFICAÇÕES (PAREDES E LAJES) FEITAS COM SISTEMA DE FÔRMAS MANUSEÁVEIS, COM CONCRETO USINADO BOMBEÁVEL FCK 25 MPA - LANÇAMENTO, ADENSAMENTO E ACABAMENTO (EXCLUSIVE BOMBA LANÇA). AF_06/2015","M3",394.69,"SINAPI","FUNDACOES E ESTRUTURAS","CONCRETOS"]
["74141/1","LAJE PRE-MOLD BETA 11 P/1KN/M2 VAOS 4,40M/INCL VIGOTAS TIJOLOS ARMADURA NEGATIVA CAPEAMENTO 3CM CONCRETO 20MPA ESCORAMENTO MATERIAL E MAO  DE OBRA.","M2",75.17,"SINAPI","FUNDACOES E ESTRUTURAS","LAJE PRE-FABRICADA"]
["74141/2","LAJE PRE-MOLD BETA 12 P/3,5KN/M2 VAO 4,1M INCL VIGOTAS TIJOLOS ARMADU-RA NEGATIVA CAPEAMENTO 3CM CONCRETO 15MPA ESCORAMENTO MATERIAIS E MAO DE OBRA.","M2",83.14,"SINAPI","FUNDACOES E ESTRUTURAS","LAJE PRE-FABRICADA"]
["74141/3","LAJE PRE-MOLD BETA 16 P/3,5KN/M2 VAO 5,2M INCL VIGOTAS TIJOLOS ARMADU-RA NEGATIVA CAPEAMENTO 3CM CONCRETO 15MPA ESCORAMENTO MATERIAL E MAO  DE OBRA.","M2",98.75,"SINAPI","FUNDACOES E ESTRUTURAS","LAJE PRE-FABRICADA"]
["74141/4","LAJE PRE-MOLD BETA 20 P/3,5KN/M2 VAO 6,2M INCL VIGOTAS TIJOLOS ARMADU-RA NEGATIVA CAPEAMENTO 3CM CONCRETO 15MPA ESCORAMENTO MATERIAL E MAO  DE OBRA.","M2",112.54,"SINAPI","FUNDACOES E ESTRUTURAS","LAJE PRE-FABRICADA"]
["74202/1","LAJE PRE-MOLDADA P/FORRO, SOBRECARGA 100KG/M2, VAOS ATE 3,50M/E=8CM, C/LAJOTAS E CAP.C/CONC FCK=20MPA, 3CM, INTER-EIXO 38CM, C/ESCORAMENTO (REAPR.3X) E FERRAGEM NEGATIVA","M2",67.95,"SINAPI","FUNDACOES E ESTRUTURAS","LAJE PRE-FABRICADA"]
["74202/2","LAJE PRE-MOLDADA P/PISO, SOBRECARGA 200KG/M2, VAOS ATE 3,50M/E=8CM, C/LAJOTAS E CAP.C/CONC FCK=20MPA, 4CM, INTER-EIXO 38CM, C/ESCORAMENTO (REAPR.3X) E FERRAGEM NEGATIVA","M2",74.88,"SINAPI","FUNDACOES E ESTRUTURAS","LAJE PRE-FABRICADA"]
["73817/1","EMBASAMENTO DE MATERIAL GRANULAR - PO DE PEDRA","M3",90.23,"SINAPI","FUNDACOES E ESTRUTURAS","EMBASAMENTOS"]
["73817/2","EMBASAMENTO DE MATERIAL GRANULAR - RACHAO","M3",120,"SINAPI","FUNDACOES E ESTRUTURAS","EMBASAMENTOS"]
["74078/1","AGULHAMENTO FUNDO DE VALAS C/MACO 30KG PEDRA-DE-MAO H=10CM","M2",31.49,"SINAPI","FUNDACOES E ESTRUTURAS","EMBASAMENTOS"]
[83518,"ALVENARIA EMBASAMENTO E=20 CM BLOCO CONCRETO","M3",371.25,"SINAPI","FUNDACOES E ESTRUTURAS","EMBASAMENTOS"]
[95467,"EMBASAMENTO C/PEDRA ARGAMASSADA UTILIZANDO ARG.CIM/AREIA 1:4","M3",407.31,"SINAPI","FUNDACOES E ESTRUTURAS","EMBASAMENTOS"]
[68328,"JUNTA DE DILATACAO COM ISOPOR 10 MM","M2",13.01,"SINAPI","FUNDACOES E ESTRUTURAS","ADESIVOS PARA ESTRUTURAS"]
["73898/1","JUNTA DE DILATACAO ELASTICA (PVC) O-220/6 PRESSAO ATE 30 MCA","M",91.66,"SINAPI","FUNDACOES E ESTRUTURAS","ADESIVOS PARA ESTRUTURAS"]
[79471,"PINTURA ADESIVA P/ CONCRETO, A BASE DE RESINA EPOXI ( SIKADUR 32 )","KG",56.04,"SINAPI","FUNDACOES E ESTRUTURAS","ADESIVOS PARA ESTRUTURAS"]
[98576,"TRATAMENTO DE JUNTA DE DILATAÇÃO COM MANTA ASFÁLTICA ADERIDA COM MAÇARICO. AF_06/2018","M",11.78,"SINAPI","FUNDACOES E ESTRUTURAS","ADESIVOS PARA ESTRUTURAS"]
[93182,"VERGA PRÉ-MOLDADA PARA JANELAS COM ATÉ 1,5 M DE VÃO. AF_03/2016","M",29.15,"SINAPI","FUNDACOES E ESTRUTURAS","CINTAS E VERGAS"]
[93183,"VERGA PRÉ-MOLDADA PARA JANELAS COM MAIS DE 1,5 M DE VÃO. AF_03/2016","M",37.090000000000003,"SINAPI","FUNDACOES E ESTRUTURAS","CINTAS E VERGAS"]
[93184,"VERGA PRÉ-MOLDADA PARA PORTAS COM ATÉ 1,5 M DE VÃO. AF_03/2016","M",22.24,"SINAPI","FUNDACOES E ESTRUTURAS","CINTAS E VERGAS"]
[93185,"VERGA PRÉ-MOLDADA PARA PORTAS COM MAIS DE 1,5 M DE VÃO. AF_03/2016","M",36.46,"SINAPI","FUNDACOES E ESTRUTURAS","CINTAS E VERGAS"]
[93186,"VERGA MOLDADA IN LOCO EM CONCRETO PARA JANELAS COM ATÉ 1,5 M DE VÃO. AF_03/2016","M",53.78,"SINAPI","FUNDACOES E ESTRUTURAS","CINTAS E VERGAS"]
[93187,"VERGA MOLDADA IN LOCO EM CONCRETO PARA JANELAS COM MAIS DE 1,5 M DE VÃO. AF_03/2016","M",61.62,"SINAPI","FUNDACOES E ESTRUTURAS","CINTAS E VERGAS"]
[93188,"VERGA MOLDADA IN LOCO EM CONCRETO PARA PORTAS COM ATÉ 1,5 M DE VÃO. AF_03/2016","M",49.19,"SINAPI","FUNDACOES E ESTRUTURAS","CINTAS E VERGAS"]
[93189,"VERGA MOLDADA IN LOCO EM CONCRETO PARA PORTAS COM MAIS DE 1,5 M DE VÃO. AF_03/2016","M",61.76,"SINAPI","FUNDACOES E ESTRUTURAS","CINTAS E VERGAS"]
[93190,"VERGA MOLDADA IN LOCO COM UTILIZAÇÃO DE BLOCOS CANALETA PARA JANELAS COM ATÉ 1,5 M DE VÃO. AF_03/2016","M",32.61,"SINAPI","FUNDACOES E ESTRUTURAS","CINTAS E VERGAS"]
[93191,"VERGA MOLDADA IN LOCO COM UTILIZAÇÃO DE BLOCOS CANALETA PARA JANELAS COM MAIS DE 1,5 M DE VÃO. AF_03/2016","M",34.159999999999997,"SINAPI","FUNDACOES E ESTRUTURAS","CINTAS E VERGAS"]
[93192,"VERGA MOLDADA IN LOCO COM UTILIZAÇÃO DE BLOCOS CANALETA PARA PORTAS COM ATÉ 1,5 M DE VÃO. AF_03/2016","M",34.31,"SINAPI","FUNDACOES E ESTRUTURAS","CINTAS E VERGAS"]
[93193,"VERGA MOLDADA IN LOCO COM UTILIZAÇÃO DE BLOCOS CANALETA PARA PORTAS COM MAIS DE 1,5 M DE VÃO. AF_03/2016","M",34.39,"SINAPI","FUNDACOES E ESTRUTURAS","CINTAS E VERGAS"]
[93194,"CONTRAVERGA PRÉ-MOLDADA PARA VÃOS DE ATÉ 1,5 M DE COMPRIMENTO. AF_03/2016","M",28.61,"SINAPI","FUNDACOES E ESTRUTURAS","CINTAS E VERGAS"]
[93195,"CONTRAVERGA PRÉ-MOLDADA PARA VÃOS DE MAIS DE 1,5 M DE COMPRIMENTO. AF_03/2016","M",34.39,"SINAPI","FUNDACOES E ESTRUTURAS","CINTAS E VERGAS"]
[93196,"CONTRAVERGA MOLDADA IN LOCO EM CONCRETO PARA VÃOS DE ATÉ 1,5 M DE COMPRIMENTO. AF_03/2016","M",52.77,"SINAPI","FUNDACOES E ESTRUTURAS","CINTAS E VERGAS"]
[93197,"CONTRAVERGA MOLDADA IN LOCO EM CONCRETO PARA VÃOS DE MAIS DE 1,5 M DE COMPRIMENTO. AF_03/2016","M",58.66,"SINAPI","FUNDACOES E ESTRUTURAS","CINTAS E VERGAS"]
[93198,"CONTRAVERGA MOLDADA IN LOCO COM UTILIZAÇÃO DE BLOCOS CANALETA PARA VÃOS DE ATÉ 1,5 M DE COMPRIMENTO. AF_03/2016","M",29.3,"SINAPI","FUNDACOES E ESTRUTURAS","CINTAS E VERGAS"]
[93199,"CONTRAVERGA MOLDADA IN LOCO COM UTILIZAÇÃO DE BLOCOS CANALETA PARA VÃOS DE MAIS DE 1,5 M DE COMPRIMENTO. AF_03/2016","M",28.81,"SINAPI","FUNDACOES E ESTRUTURAS","CINTAS E VERGAS"]
[93200,"FIXAÇÃO (ENCUNHAMENTO) DE ALVENARIA DE VEDAÇÃO COM ARGAMASSA APLICADA COM BISNAGA. AF_03/2016","M",2.2799999999999998,"SINAPI","FUNDACOES E ESTRUTURAS","CINTAS E VERGAS"]
[93201,"FIXAÇÃO (ENCUNHAMENTO) DE ALVENARIA DE VEDAÇÃO COM ARGAMASSA APLICADA COM COLHER. AF_03/2016","M",5.03,"SINAPI","FUNDACOES E ESTRUTURAS","CINTAS E VERGAS"]
[93202,"FIXAÇÃO (ENCUNHAMENTO) DE ALVENARIA DE VEDAÇÃO COM TIJOLO MACIÇO. AF_03/2016","M",18.850000000000001,"SINAPI","FUNDACOES E ESTRUTURAS","CINTAS E VERGAS"]
[93203,"FIXAÇÃO (ENCUNHAMENTO) DE ALVENARIA DE VEDAÇÃO COM ESPUMA DE POLIURETANO EXPANSIVA. AF_03/2016","M",13.5,"SINAPI","FUNDACOES E ESTRUTURAS","CINTAS E VERGAS"]
[93204,"CINTA DE AMARRAÇÃO DE ALVENARIA MOLDADA IN LOCO EM CONCRETO. AF_03/2016","M",40.229999999999997,"SINAPI","FUNDACOES E ESTRUTURAS","CINTAS E VERGAS"]
[93205,"CINTA DE AMARRAÇÃO DE ALVENARIA MOLDADA IN LOCO COM UTILIZAÇÃO DE BLOCOS CANALETA. AF_03/2016","M",26.13,"SINAPI","FUNDACOES E ESTRUTURAS","CINTAS E VERGAS"]
[71623,"CHAPIM DE CONCRETO APARENTE COM ACABAMENTO DESEMPENADO, FORMA DE COMPENSADO PLASTIFICADO (MADEIRIT) DE 14 X 10 CM, FUNDIDO NO LOCAL.","M",29.65,"SINAPI","FUNDACOES E ESTRUTURAS","ESTRUTURAS DIVERSAS"]
["74144/2","SUPORTE APOIO CAIXA D AGUA BARROTES MADEIRA DE 1","UN",30.42,"SINAPI","FUNDACOES E ESTRUTURAS","ESTRUTURAS DIVERSAS"]
[83513,"FORNECIMENTO DE PERFIL SIMPLES \"I\" OU \"H\" ATE 8\" INCLUSIVE PERDAS","KG",8.1199999999999992,"SINAPI","FUNDACOES E ESTRUTURAS","ESTRUTURAS DIVERSAS"]
[83514,"FORNECIMENTO DE PERFIL SIMPLES \"I\" OU \"H\" 8 A 12\" INCLUSIVE PERDAS","KG",7.04,"SINAPI","FUNDACOES E ESTRUTURAS","ESTRUTURAS DIVERSAS"]
[84153,"APARELHO DE APOIO NEOPRENE NAO FRETADO (1,4KG/DM3)","KG",56.35,"SINAPI","FUNDACOES E ESTRUTURAS","ESTRUTURAS DIVERSAS"]
[84154,"APARELHO APOIO NEOPRENE FRETADO","DM3",115.7,"SINAPI","FUNDACOES E ESTRUTURAS","ESTRUTURAS DIVERSAS"]
[85233,"ESCADA EM CONCRETO ARMADO, FCK = 15 MPA, MOLDADA IN LOCO","M3",2694.05,"SINAPI","FUNDACOES E ESTRUTURAS","ESTRUTURAS DIVERSAS"]
[95952,"(COMPOSIÇÃO REPRESENTATIVA) EXECUÇÃO DE ESTRUTURAS DE CONCRETO ARMADO CONVENCIONAL, PARA EDIFICAÇÃO HABITACIONAL MULTIFAMILIAR (PRÉDIO), FCK = 25 MPA. AF_01/2017","M3",1485.96,"SINAPI","FUNDACOES E ESTRUTURAS","ESTRUTURAS DIVERSAS"]
[95953,"(COMPOSIÇÃO REPRESENTATIVA) EXECUÇÃO DE ESTRUTURAS DE CONCRETO ARMADO, PARA EDIFICAÇÃO HABITACIONAL UNIFAMILIAR COM DOIS PAVIMENTOS (CASA ISOLADA), FCK = 25 MPA. AF_01/2017","M3",2552.3000000000002,"SINAPI","FUNDACOES E ESTRUTURAS","ESTRUTURAS DIVERSAS"]
[95954,"(COMPOSIÇÃO REPRESENTATIVA) EXECUÇÃO DE ESTRUTURAS DE CONCRETO ARMADO, PARA EDIFICAÇÃO HABITACIONAL UNIFAMILIAR COM DOIS PAVIMENTOS (CASA EM EMPREENDIMENTOS), FCK = 25 MPA. AF_01/2017","M3",1779.56,"SINAPI","FUNDACOES E ESTRUTURAS","ESTRUTURAS DIVERSAS"]
[95955,"(COMPOSIÇÃO REPRESENTATIVA) EXECUÇÃO DE ESTRUTURAS DE CONCRETO ARMADO, PARA EDIFICAÇÃO HABITACIONAL UNIFAMILIAR TÉRREA (CASA ISOLADA), FCK = 25 MPA. AF_01/2017","M3",2264.59,"SINAPI","FUNDACOES E ESTRUTURAS","ESTRUTURAS DIVERSAS"]
[95956,"(COMPOSIÇÃO REPRESENTATIVA) EXECUÇÃO DE ESTRUTURAS DE CONCRETO ARMADO, PARA EDIFICAÇÃO HABITACIONAL UNIFAMILIAR TÉRREA (CASA EM EMPREENDIMENTOS), FCK = 25 MPA. AF_01/2017","M3",1748.58,"SINAPI","FUNDACOES E ESTRUTURAS","ESTRUTURAS DIVERSAS"]
[95957,"(COMPOSIÇÃO REPRESENTATIVA) EXECUÇÃO DE ESTRUTURAS DE CONCRETO ARMADO, PARA EDIFICAÇÃO INSTITUCIONAL TÉRREA, FCK = 25 MPA. AF_01/2017","M3",2194.79,"SINAPI","FUNDACOES E ESTRUTURAS","ESTRUTURAS DIVERSAS"]
[95969,"(COMPOSIÇÃO REPRESENTATIVA) EXECUÇÃO DE ESCADA EM CONCRETO ARMADO, MOLDADA IN LOCO, FCK = 25 MPA. AF_02/2017","M3",2135.42,"SINAPI","FUNDACOES E ESTRUTURAS","ESTRUTURAS DIVERSAS"]
[97733,"PEÇA RETANGULAR PRÉ-MOLDADA, VOLUME DE CONCRETO DE ATÉ 10 LITROS, TAXA DE AÇO APROXIMADA DE 30KG/M³. AF_01/2018","M3",2634.48,"SINAPI","FUNDACOES E ESTRUTURAS","ESTRUTURAS DIVERSAS"]
[97734,"PEÇA RETANGULAR PRÉ-MOLDADA, VOLUME DE CONCRETO DE 10 A 30 LITROS, TAXA DE AÇO APROXIMADA DE 30KG/M³. AF_01/2018","M3",2278.69,"SINAPI","FUNDACOES E ESTRUTURAS","ESTRUTURAS DIVERSAS"]
[97735,"PEÇA RETANGULAR PRÉ-MOLDADA, VOLUME DE CONCRETO DE 30 A 100 LITROS, TAXA DE AÇO APROXIMADA DE 30KG/M³. AF_01/2018","M3",1859.16,"SINAPI","FUNDACOES E ESTRUTURAS","ESTRUTURAS DIVERSAS"]
[97736,"PEÇA RETANGULAR PRÉ-MOLDADA, VOLUME DE CONCRETO ACIMA DE 100 LITROS, TAXA DE AÇO APROXIMADA DE 30KG/M³. AF_01/2018","M3",1099.47,"SINAPI","FUNDACOES E ESTRUTURAS","ESTRUTURAS DIVERSAS"]
[97737,"PEÇA RETANGULAR PRÉ-MOLDADA, VOLUME DE CONCRETO DE 30 A 70 LITROS , TAXA DE AÇO APROXIMADA DE 70KG/M³. AF_01/2018","M3",2542.9699999999998,"SINAPI","FUNDACOES E ESTRUTURAS","ESTRUTURAS DIVERSAS"]
[97738,"PEÇA CIRCULAR PRÉ-MOLDADA, VOLUME DE CONCRETO DE 10 A 30 LITROS, TAXA DE FIBRA DE POLIPROPILENO APROXIMADA DE 6 KG/M³. AF_01/2018_P","M3",3680.22,"SINAPI","FUNDACOES E ESTRUTURAS","ESTRUTURAS DIVERSAS"]
[97739,"PEÇA CIRCULAR PRÉ-MOLDADA, VOLUME DE CONCRETO DE 30 A 100 LITROS, TAXA DE AÇO APROXIMADA DE 30KG/M³. AF_01/2018","M3",2148.23,"SINAPI","FUNDACOES E ESTRUTURAS","ESTRUTURAS DIVERSAS"]
[97740,"PEÇA CIRCULAR PRÉ-MOLDADA, VOLUME DE CONCRETO ACIMA DE 100 LITROS, TAXA DE AÇO APROXIMADA DE 30KG/M³. AF_01/2018","M3",1492.16,"SINAPI","FUNDACOES E ESTRUTURAS","ESTRUTURAS DIVERSAS"]
[98615,"CONTENÇÃO EM CORTINA COM ESTACAS ESPAÇADAS COM 30 CM DE DIÂMETRO E PROFUNDIDADE MENOR OU IGUAL A 10 M. AF_06/2018","M2",83.52,"SINAPI","FUNDACOES E ESTRUTURAS","ESTRUTURAS DIVERSAS"]
[98616,"CONTENÇÃO EM CORTINA COM ESTACAS ESPAÇADAS COM 30 CM DE DIÂMETRO E PROFUNDIDADE MAIOR QUE 10 M E MENOR OU IGUAL A 15 M. AF_06/2018","M2",64.02,"SINAPI","FUNDACOES E ESTRUTURAS","ESTRUTURAS DIVERSAS"]
[98617,"CONTENÇÃO EM CORTINA COM ESTACAS ESPAÇADAS COM 30 CM DE DIÂMETRO E PROFUNDIDADE MAIOR QUE 15 M. AF_06/2018","M2",58.32,"SINAPI","FUNDACOES E ESTRUTURAS","ESTRUTURAS DIVERSAS"]
[98618,"CONTENÇÃO EM CORTINA COM ESTACAS ESPAÇADAS COM 40 CM DE DIÂMETRO E PROFUNDIDADE MENOR OU IGUAL A 10 M. AF_06/2018","M2",80.540000000000006,"SINAPI","FUNDACOES E ESTRUTURAS","ESTRUTURAS DIVERSAS"]
[98619,"CONTENÇÃO EM CORTINA COM ESTACAS ESPAÇADAS COM 40 CM DE DIÂMETRO E PROFUNDIDADE MAIOR QUE 10 M E MENOR OU IGUAL A 15 M. AF_06/2018","M2",71.930000000000007,"SINAPI","FUNDACOES E ESTRUTURAS","ESTRUTURAS DIVERSAS"]
[98620,"CONTENÇÃO EM CORTINA COM ESTACAS ESPAÇADAS COM 40 CM DE DIÂMETRO E PROFUNDIDADE MAIOR QUE 15 M. AF_06/2018","M2",67.59,"SINAPI","FUNDACOES E ESTRUTURAS","ESTRUTURAS DIVERSAS"]
[98621,"CONTENÇÃO EM CORTINA COM ESTACAS ESPAÇADAS COM 50 CM DE DIÂMETRO E PROFUNDIDADE MENOR OU IGUAL A 10 M. AF_06/2018","M2",89.42,"SINAPI","FUNDACOES E ESTRUTURAS","ESTRUTURAS DIVERSAS"]
[98622,"CONTENÇÃO EM CORTINA COM ESTACAS ESPAÇADAS COM 50 CM DE DIÂMETRO E PROFUNDIDADE MAIOR QUE 10 M E MENOR OU IGUAL A 15 M. AF_06/2018","M2",82.53,"SINAPI","FUNDACOES E ESTRUTURAS","ESTRUTURAS DIVERSAS"]
[98623,"CONTENÇÃO EM CORTINA COM ESTACAS ESPAÇADAS COM 50 CM DE DIÂMETRO E PROFUNDIDADE MAIOR QUE 15 M. AF_06/2018","M2",79.02,"SINAPI","FUNDACOES E ESTRUTURAS","ESTRUTURAS DIVERSAS"]
[98624,"CONTENÇÃO EM CORTINA COM ESTACAS ESPAÇADAS COM 60 CM DE DIÂMETRO E PROFUNDIDADE MENOR OU IGUAL A 10 M. AF_06/2018","M2",99.62,"SINAPI","FUNDACOES E ESTRUTURAS","ESTRUTURAS DIVERSAS"]
[98625,"CONTENÇÃO EM CORTINA COM ESTACAS ESPAÇADAS COM 60 CM DE DIÂMETRO E PROFUNDIDADE MAIOR QUE 10 M E MENOR OU IGUAL A 15 M. AF_06/2018","M2",93.8,"SINAPI","FUNDACOES E ESTRUTURAS","ESTRUTURAS DIVERSAS"]
[98626,"CONTENÇÃO EM CORTINA COM ESTACAS ESPAÇADAS COM 60 CM DE DIÂMETRO E PROFUNDIDADE MAIOR QUE 15 M. AF_06/2018","M2",90.82,"SINAPI","FUNDACOES E ESTRUTURAS","ESTRUTURAS DIVERSAS"]
[98655,"EXECUÇÃO DE MURETA GUIA PARA CONTENÇÃO/ FUNDAÇÃO COM 30 CM DE ESPESSURA. AF_06/2018","M",428.82,"SINAPI","FUNDACOES E ESTRUTURAS","ESTRUTURAS DIVERSAS"]
[98656,"EXECUÇÃO DE MURETA GUIA PARA CONTENÇÃO/ FUNDAÇÃO COM 40 CM DE ESPESSURA. AF_06/2018","M",435.32,"SINAPI","FUNDACOES E ESTRUTURAS","ESTRUTURAS DIVERSAS"]
[98657,"EXECUÇÃO DE MURETA GUIA PARA CONTENÇÃO/ FUNDAÇÃO COM 50 CM DE ESPESSURA. AF_06/2018","M",441.81,"SINAPI","FUNDACOES E ESTRUTURAS","ESTRUTURAS DIVERSAS"]
[98658,"EXECUÇÃO DE MURETA GUIA PARA CONTENÇÃO/ FUNDAÇÃO COM 60 CM DE ESPESSURA. AF_06/2018","M",448.31,"SINAPI","FUNDACOES E ESTRUTURAS","ESTRUTURAS DIVERSAS"]
[98659,"EXECUÇÃO DE MURETA GUIA PARA CONTENÇÃO/ FUNDAÇÃO COM 80 CM DE ESPESSURA. AF_06/2018","M",461.3,"SINAPI","FUNDACOES E ESTRUTURAS","ESTRUTURAS DIVERSAS"]
[98746,"SOLDA DE TOPO EM CHAPA/PERFIL/TUBO DE AÇO CHANFRADO, ESPESSURA=1/4''. AF_06/2018","M",52.38,"SINAPI","FUNDACOES E ESTRUTURAS","ESTRUTURAS DIVERSAS"]
[98749,"SOLDA DE TOPO EM CHAPA/PERFIL/TUBO DE AÇO CHANFRADO, ESPESSURA=5/16''. AF_06/2018","M",62.12,"SINAPI","FUNDACOES E ESTRUTURAS","ESTRUTURAS DIVERSAS"]
[98750,"SOLDA DE TOPO EM CHAPA/PERFIL/TUBO DE AÇO CHANFRADO, ESPESSURA=3/8''. AF_06/2018","M",73.86,"SINAPI","FUNDACOES E ESTRUTURAS","ESTRUTURAS DIVERSAS"]
[98751,"SOLDA DE TOPO EM CHAPA/PERFIL/TUBO DE AÇO CHANFRADO, ESPESSURA=1/2''. AF_06/2018","M",104.5,"SINAPI","FUNDACOES E ESTRUTURAS","ESTRUTURAS DIVERSAS"]
[98752,"SOLDA DE TOPO EM CHAPA/PERFIL/TUBO DE AÇO CHANFRADO, ESPESSURA=5/8''. AF_06/2018","M",141.31,"SINAPI","FUNDACOES E ESTRUTURAS","ESTRUTURAS DIVERSAS"]
[98753,"SOLDA DE TOPO EM CHAPA/PERFIL/TUBO DE AÇO CHANFRADO, ESPESSURA=3/4''. AF_06/2018","M",187.05,"SINAPI","FUNDACOES E ESTRUTURAS","ESTRUTURAS DIVERSAS"]
[98560,"IMPERMEABILIZAÇÃO DE PISO COM ARGAMASSA DE CIMENTO E AREIA, COM ADITIVO IMPERMEABILIZANTE, E = 2CM. AF_06/2018","M2",37.840000000000003,"SINAPI","IMPERMEABILIZACOES E PROTECOES DIVERSAS","IMPERMEABILIZACAO COM ARGAMASSA"]
[98561,"IMPERMEABILIZAÇÃO DE PAREDES COM ARGAMASSA DE CIMENTO E AREIA, COM ADITIVO IMPERMEABILIZANTE, E = 2CM. AF_06/2018","M2",31.35,"SINAPI","IMPERMEABILIZACOES E PROTECOES DIVERSAS","IMPERMEABILIZACAO COM ARGAMASSA"]
[98562,"IMPERMEABILIZAÇÃO DE FLOREIRA OU VIGA BALDRAME COM ARGAMASSA DE CIMENTO E AREIA, COM ADITIVO IMPERMEABILIZANTE, E = 2 CM. AF_06/2018","M2",32.78,"SINAPI","IMPERMEABILIZACOES E PROTECOES DIVERSAS","IMPERMEABILIZACAO COM ARGAMASSA"]
[83735,"IMPERMEABILIZACAO DE SUPERFICIE COM CIMENTO IMPERMEABILIZANTE DE PEGA ULTRA RAPIDA, TRACO 1:1, E=0,5 CM","M2",54.99,"SINAPI","IMPERMEABILIZACOES E PROTECOES DIVERSAS","IMPERMEABILIZACAO COM ADITIVO"]
[98555,"IMPERMEABILIZAÇÃO DE SUPERFÍCIE COM ARGAMASSA POLIMÉRICA / MEMBRANA ACRÍLICA, 3 DEMÃOS. AF_06/2018","M2",26.84,"SINAPI","IMPERMEABILIZACOES E PROTECOES DIVERSAS","IMPERMEABILIZACAO COM ADITIVO"]
[98556,"IMPERMEABILIZAÇÃO DE SUPERFÍCIE COM ARGAMASSA POLIMÉRICA / MEMBRANA ACRÍLICA, 4 DEMÃOS, REFORÇADA COM VÉU DE POLIÉSTER (MAV). AF_06/2018","M2",44.32,"SINAPI","IMPERMEABILIZACOES E PROTECOES DIVERSAS","IMPERMEABILIZACAO COM ADITIVO"]
[98558,"TRATAMENTO DE RALO OU PONTO EMERGENTE COM ARGAMASSA POLIMÉRICA / MEMBRANA ACRÍLICA REFORÇADO COM VÉU DE POLIÉSTER (MAV). AF_06/2018","UN",6.74,"SINAPI","IMPERMEABILIZACOES E PROTECOES DIVERSAS","IMPERMEABILIZACAO COM ADITIVO"]
[98559,"TRATAMENTO DE RODAPÉ COM VÉU DE POLIÉSTER. AF_06/2018","M",2.77,"SINAPI","IMPERMEABILIZACOES E PROTECOES DIVERSAS","IMPERMEABILIZACAO COM ADITIVO"]
[68053,"FORNECIMENTO/INSTALACAO LONA PLASTICA PRETA, PARA IMPERMEABILIZACAO, ESPESSURA 150 MICRAS.","M2",4.95,"SINAPI","IMPERMEABILIZACOES E PROTECOES DIVERSAS","IMPERMEABILIZACAO COM MANTA"]
["74033/1","IMPERMEABILIZACAO DE SUPERFICIE COM GEOMEMBRANA (MANTA TERMOPLASTICA LISA) TIPO PEAD, E=2MM.","M2",42.98,"SINAPI","IMPERMEABILIZACOES E PROTECOES DIVERSAS","IMPERMEABILIZACAO COM MANTA"]
[98546,"IMPERMEABILIZAÇÃO DE SUPERFÍCIE COM MANTA ASFÁLTICA, UMA CAMADA, INCLUSIVE APLICAÇÃO DE PRIMER ASFÁLTICO, E=3MM. AF_06/2018","M2",62.02,"SINAPI","IMPERMEABILIZACOES E PROTECOES DIVERSAS","IMPERMEABILIZACAO COM MANTA"]
[98547,"IMPERMEABILIZAÇÃO DE SUPERFÍCIE COM MANTA ASFÁLTICA, DUAS CAMADAS, INCLUSIVE APLICAÇÃO DE PRIMER ASFÁLTICO, E=3MM E E=4MM. AF_06/2018","M2",110.82,"SINAPI","IMPERMEABILIZACOES E PROTECOES DIVERSAS","IMPERMEABILIZACAO COM MANTA"]
["73762/4","IMPERMEABILIZACAO DE SUPERFICIE COM ASFALTO ELASTOMERICO, INCLUSOS PRIMER E VEU DE FIBRA DE VIDRO.","M2",131.61000000000001,"SINAPI","IMPERMEABILIZACOES E PROTECOES DIVERSAS","IMPERMEABILIZACAO BETUMINOSA C/EMULSAO ASFALTICA E ACRILICA"]
["74066/2","IMPERMEABILIZACAO DE SUPERFICIE, COM IMPERMEABILIZANTE FLEXIVEL A BASE ACRILICA.","M2",72.930000000000007,"SINAPI","IMPERMEABILIZACOES E PROTECOES DIVERSAS","IMPERMEABILIZACAO BETUMINOSA C/EMULSAO ASFALTICA E ACRILICA"]
["74106/1","IMPERMEABILIZACAO DE ESTRUTURAS ENTERRADAS, COM TINTA ASFALTICA, DUAS DEMAOS.","M2",9.6300000000000008,"SINAPI","IMPERMEABILIZACOES E PROTECOES DIVERSAS","IMPERMEABILIZACAO BETUMINOSA C/EMULSAO ASFALTICA E ACRILICA"]
[98557,"IMPERMEABILIZAÇÃO DE SUPERFÍCIE COM EMULSÃO ASFÁLTICA, 2 DEMÃOS AF_06/2018","M2",27.56,"SINAPI","IMPERMEABILIZACOES E PROTECOES DIVERSAS","IMPERMEABILIZACAO BETUMINOSA C/EMULSAO ASFALTICA E ACRILICA"]
["73872/1","IMPERMEABILIZACAO COM PINTURA A BASE DE RESINA EPOXI ALCATRAO, UMA DEMAO.","M2",26.57,"SINAPI","IMPERMEABILIZACOES E PROTECOES DIVERSAS","IMPERMEABILIZACAO COM PINTURA"]
["73872/2","IMPERMEABILIZACAO COM PINTURA A BASE DE RESINA EPOXI ALCATRAO, DUAS DEMAOS.","M2",51.63,"SINAPI","IMPERMEABILIZACOES E PROTECOES DIVERSAS","IMPERMEABILIZACAO COM PINTURA"]
[72124,"IMPERMEABILIZACAO DE SUPERFICIE COM MASTIQUE ELASTICO A BASE DE SILICONE, POR VOLUME.","DM3",93.48,"SINAPI","IMPERMEABILIZACOES E PROTECOES DIVERSAS","IMPERMEABILIZACAO COM MASTIQUE"]
["74025/1","IMPERMEABILIZACAO DE SUPERFICIE COM MASTIQUE BETUMINOSO A FRIO, POR METRO.","M",50.07,"SINAPI","IMPERMEABILIZACOES E PROTECOES DIVERSAS","IMPERMEABILIZACAO COM MASTIQUE"]
["74190/1","IMPERMEABILIZACAO DE SUPERFICIE COM MASTIQUE BETUMINOSO A FRIO, POR AREA.","M2",166.19,"SINAPI","IMPERMEABILIZACOES E PROTECOES DIVERSAS","IMPERMEABILIZACAO COM MASTIQUE"]
[98563,"PROTEÇÃO MECÂNICA DE SUPERFÍCIE HORIZONTAL COM ARGAMASSA DE CIMENTO E AREIA, TRAÇO 1:3, E=2CM. AF_06/2018","M2",25.67,"SINAPI","IMPERMEABILIZACOES E PROTECOES DIVERSAS","PROTECAO DE SUPERFICIE COM ARGAMASSA"]
[98564,"PROTEÇÃO MECÂNICA DE SUPERFÍCIE VERTICAL COM ARGAMASSA DE CIMENTO E AREIA, TRAÇO 1:3, E=2CM. AF_06/2018","M2",36.950000000000003,"SINAPI","IMPERMEABILIZACOES E PROTECOES DIVERSAS","PROTECAO DE SUPERFICIE COM ARGAMASSA"]
[98565,"PROTEÇÃO MECÂNICA DE SUPERFICIE HORIZONTAL COM ARGAMASSA DE CIMENTO E AREIA, TRAÇO 1:3, E=3CM. AF_06/2018","M2",37.369999999999997,"SINAPI","IMPERMEABILIZACOES E PROTECOES DIVERSAS","PROTECAO DE SUPERFICIE COM ARGAMASSA"]
[98566,"PROTEÇÃO MECÂNICA DE SUPERFÍCIE VERTICAL COM ARGAMASSA DE CIMENTO E AREIA, TRAÇO 1:3, E=3CM. AF_06/2018","M2",48.63,"SINAPI","IMPERMEABILIZACOES E PROTECOES DIVERSAS","PROTECAO DE SUPERFICIE COM ARGAMASSA"]
[98567,"PROTEÇÃO MECÂNICA DE SUPERFICIE HORIZONTAL COM ARGAMASSA DE CIMENTO E AREIA, TRAÇO 1:3, E=4CM. AF_06/2018","M2",48.53,"SINAPI","IMPERMEABILIZACOES E PROTECOES DIVERSAS","PROTECAO DE SUPERFICIE COM ARGAMASSA"]
[98568,"PROTEÇÃO MECÂNICA DE SUPERFÍCIE VERTICAL COM ARGAMASSA DE CIMENTO E AREIA, TRAÇO 1:3, E=4CM. AF_06/2018","M2",59.78,"SINAPI","IMPERMEABILIZACOES E PROTECOES DIVERSAS","PROTECAO DE SUPERFICIE COM ARGAMASSA"]
[98569,"PROTEÇÃO MECÂNICA DE SUPERFICIE HORIZONTAL COM ARGAMASSA DE CIMENTO E AREIA, TRAÇO 1:3, E=5CM. AF_06/2018","M2",60.21,"SINAPI","IMPERMEABILIZACOES E PROTECOES DIVERSAS","PROTECAO DE SUPERFICIE COM ARGAMASSA"]
[98570,"PROTEÇÃO MECÂNICA DE SUPERFÍCIE VERTICAL COM ARGAMASSA DE CIMENTO E AREIA, TRAÇO 1:3, E=5CM. AF_06/2018","M2",71.510000000000005,"SINAPI","IMPERMEABILIZACOES E PROTECOES DIVERSAS","PROTECAO DE SUPERFICIE COM ARGAMASSA"]
[98571,"PROTEÇÃO MECÂNICA DE SUPERFICIE HORIZONTAL COM CONCRETO 15 MPA, E=4CM. AF_06/2018","M2",28.42,"SINAPI","IMPERMEABILIZACOES E PROTECOES DIVERSAS","PROTECAO DE SUPERFICIE COM ARGAMASSA"]
[98572,"PROTEÇÃO MECÂNICA DE SUPERFICIE HORIZONTAL COM CONCRETO 15 MPA, E=5CM. AF_06/2018","M2",35.229999999999997,"SINAPI","IMPERMEABILIZACOES E PROTECOES DIVERSAS","PROTECAO DE SUPERFICIE COM ARGAMASSA"]
[98573,"PROTEÇÃO MECÂNICA DE SUPERFÍCIE VERTICAL COM CONCRETO 15 MPA, E=5CM. AF_06/2018","M2",46.16,"SINAPI","IMPERMEABILIZACOES E PROTECOES DIVERSAS","PROTECAO DE SUPERFICIE COM ARGAMASSA"]
["73798/1","DUTO ESPIRAL FLEXIVEL SINGELO PEAD D=50MM(2\") REVESTIDO COM PVC COM FIO GUIA DE ACO GALVANIZADO, LANCADO DIRETO NO SOLO, INCL CONEXOES","M",30.02,"SINAPI","INSTALACAO ELETRICA/ELETRIFICACAO E ILUMINACAO EXTERNA","ELETRODUTOS/CALHAS PARA LEITO DE CABOS"]
["73798/3","DUTO ESPIRAL FLEXIVEL SINGELO PEAD D=75MM(3\") REVESTIDO COM PVC COM FIO GUIA DE ACO GALVANIZADO, LANCADO DIRETO NO SOLO, INCL CONEXOES","M",47.12,"SINAPI","INSTALACAO ELETRICA/ELETRIFICACAO E ILUMINACAO EXTERNA","ELETRODUTOS/CALHAS PARA LEITO DE CABOS"]
[91831,"ELETRODUTO FLEXÍVEL CORRUGADO, PVC, DN 20 MM (1/2\"), PARA CIRCUITOS TERMINAIS, INSTALADO EM FORRO - FORNECIMENTO E INSTALAÇÃO. AF_12/2015","M",6.19,"SINAPI","INSTALACAO ELETRICA/ELETRIFICACAO E ILUMINACAO EXTERNA","ELETRODUTOS/CALHAS PARA LEITO DE CABOS"]
[91833,"ELETRODUTO FLEXÍVEL CORRUGADO REFORÇADO, PVC, DN 20 MM (1/2\"), PARA CIRCUITOS TERMINAIS, INSTALADO EM FORRO - FORNECIMENTO E INSTALAÇÃO. AF_12/2015","M",6.49,"SINAPI","INSTALACAO ELETRICA/ELETRIFICACAO E ILUMINACAO EXTERNA","ELETRODUTOS/CALHAS PARA LEITO DE CABOS"]
[91834,"ELETRODUTO FLEXÍVEL CORRUGADO, PVC, DN 25 MM (3/4\"), PARA CIRCUITOS TERMINAIS, INSTALADO EM FORRO - FORNECIMENTO E INSTALAÇÃO. AF_12/2015","M",7.06,"SINAPI","INSTALACAO ELETRICA/ELETRIFICACAO E ILUMINACAO EXTERNA","ELETRODUTOS/CALHAS PARA LEITO DE CABOS"]
[91835,"ELETRODUTO FLEXÍVEL CORRUGADO REFORÇADO, PVC, DN 25 MM (3/4\"), PARA CIRCUITOS TERMINAIS, INSTALADO EM FORRO - FORNECIMENTO E INSTALAÇÃO. AF_12/2015","M",7.8,"SINAPI","INSTALACAO ELETRICA/ELETRIFICACAO E ILUMINACAO EXTERNA","ELETRODUTOS/CALHAS PARA LEITO DE CABOS"]
[91836,"ELETRODUTO FLEXÍVEL CORRUGADO, PVC, DN 32 MM (1\"), PARA CIRCUITOS TERMINAIS, INSTALADO EM FORRO - FORNECIMENTO E INSTALAÇÃO. AF_12/2015","M",9.08,"SINAPI","INSTALACAO ELETRICA/ELETRIFICACAO E ILUMINACAO EXTERNA","ELETRODUTOS/CALHAS PARA LEITO DE CABOS"]
[91837,"ELETRODUTO FLEXÍVEL CORRUGADO REFORÇADO, PVC, DN 32 MM (1\"), PARA CIRCUITOS TERMINAIS, INSTALADO EM FORRO - FORNECIMENTO E INSTALAÇÃO. AF_12/2015","M",10.8,"SINAPI","INSTALACAO ELETRICA/ELETRIFICACAO E ILUMINACAO EXTERNA","ELETRODUTOS/CALHAS PARA LEITO DE CABOS"]
[91839,"ELETRODUTO FLEXÍVEL LISO, PEAD, DN 32 MM (1\"), PARA CIRCUITOS TERMINAIS, INSTALADO EM FORRO - FORNECIMENTO E INSTALAÇÃO. AF_12/2015","M",8.69,"SINAPI","INSTALACAO ELETRICA/ELETRIFICACAO E ILUMINACAO EXTERNA","ELETRODUTOS/CALHAS PARA LEITO DE CABOS"]
[91840,"ELETRODUTO FLEXÍVEL CORRUGADO, PEAD, DN 40 MM (1 1/4\"), PARA CIRCUITOS TERMINAIS, INSTALADO EM FORRO - FORNECIMENTO E INSTALAÇÃO. AF_12/2015","M",10.88,"SINAPI","INSTALACAO ELETRICA/ELETRIFICACAO E ILUMINACAO EXTERNA","ELETRODUTOS/CALHAS PARA LEITO DE CABOS"]
[91841,"ELETRODUTO FLEXÍVEL LISO, PEAD, DN 40 MM (1 1/4\"), PARA CIRCUITOS TERMINAIS, INSTALADO EM FORRO - FORNECIMENTO E INSTALAÇÃO. AF_12/2015","M",10.42,"SINAPI","INSTALACAO ELETRICA/ELETRIFICACAO E ILUMINACAO EXTERNA","ELETRODUTOS/CALHAS PARA LEITO DE CABOS"]
[91842,"ELETRODUTO FLEXÍVEL CORRUGADO, PVC, DN 20 MM (1/2\"), PARA CIRCUITOS TERMINAIS, INSTALADO EM LAJE - FORNECIMENTO E INSTALAÇÃO. AF_12/2015","M",4.95,"SINAPI","INSTALACAO ELETRICA/ELETRIFICACAO E ILUMINACAO EXTERNA","ELETRODUTOS/CALHAS PARA LEITO DE CABOS"]
[91843,"ELETRODUTO FLEXÍVEL CORRUGADO REFORÇADO, PVC, DN 20 MM (1/2\"), PARA CIRCUITOS TERMINAIS, INSTALADO EM LAJE - FORNECIMENTO E INSTALAÇÃO. AF_12/2015","M",5.25,"SINAPI","INSTALACAO ELETRICA/ELETRIFICACAO E ILUMINACAO EXTERNA","ELETRODUTOS/CALHAS PARA LEITO DE CABOS"]
[91844,"ELETRODUTO FLEXÍVEL CORRUGADO, PVC, DN 25 MM (3/4\"), PARA CIRCUITOS TERMINAIS, INSTALADO EM LAJE - FORNECIMENTO E INSTALAÇÃO. AF_12/2015","M",5.83,"SINAPI","INSTALACAO ELETRICA/ELETRIFICACAO E ILUMINACAO EXTERNA","ELETRODUTOS/CALHAS PARA LEITO DE CABOS"]
[91845,"ELETRODUTO FLEXÍVEL CORRUGADO REFORÇADO, PVC, DN 25 MM (3/4\"), PARA CIRCUITOS TERMINAIS, INSTALADO EM LAJE - FORNECIMENTO E INSTALAÇÃO. AF_12/2015","M",6.57,"SINAPI","INSTALACAO ELETRICA/ELETRIFICACAO E ILUMINACAO EXTERNA","ELETRODUTOS/CALHAS PARA LEITO DE CABOS"]
[91846,"ELETRODUTO FLEXÍVEL CORRUGADO, PVC, DN 32 MM (1\"), PARA CIRCUITOS TERMINAIS, INSTALADO EM LAJE - FORNECIMENTO E INSTALAÇÃO. AF_12/2015","M",7.85,"SINAPI","INSTALACAO ELETRICA/ELETRIFICACAO E ILUMINACAO EXTERNA","ELETRODUTOS/CALHAS PARA LEITO DE CABOS"]
[91847,"ELETRODUTO FLEXÍVEL CORRUGADO REFORÇADO, PVC, DN 32 MM (1\"), PARA CIRCUITOS TERMINAIS, INSTALADO EM LAJE - FORNECIMENTO E INSTALAÇÃO. AF_12/2015","M",9.57,"SINAPI","INSTALACAO ELETRICA/ELETRIFICACAO E ILUMINACAO EXTERNA","ELETRODUTOS/CALHAS PARA LEITO DE CABOS"]
[91849,"ELETRODUTO FLEXÍVEL LISO, PEAD, DN 32 MM (1\"), PARA CIRCUITOS TERMINAIS, INSTALADO EM LAJE - FORNECIMENTO E INSTALAÇÃO. AF_12/2015","M",7.46,"SINAPI","INSTALACAO ELETRICA/ELETRIFICACAO E ILUMINACAO EXTERNA","ELETRODUTOS/CALHAS PARA LEITO DE CABOS"]
[91850,"ELETRODUTO FLEXÍVEL CORRUGADO, PEAD, DN 40 MM (1 1/4\"), PARA CIRCUITOS TERMINAIS, INSTALADO EM LAJE - FORNECIMENTO E INSTALAÇÃO. AF_12/2015","M",9.7100000000000009,"SINAPI","INSTALACAO ELETRICA/ELETRIFICACAO E ILUMINACAO EXTERNA","ELETRODUTOS/CALHAS PARA LEITO DE CABOS"]
[91851,"ELETRODUTO FLEXÍVEL LISO, PEAD, DN 40 MM (1 1/4\"), PARA CIRCUITOS TERMINAIS, INSTALADO EM LAJE - FORNECIMENTO E INSTALAÇÃO. AF_12/2015","M",9.25,"SINAPI","INSTALACAO ELETRICA/ELETRIFICACAO E ILUMINACAO EXTERNA","ELETRODUTOS/CALHAS PARA LEITO DE CABOS"]
[91852,"ELETRODUTO FLEXÍVEL CORRUGADO, PVC, DN 20 MM (1/2\"), PARA CIRCUITOS TERMINAIS, INSTALADO EM PAREDE - FORNECIMENTO E INSTALAÇÃO. AF_12/2015","M",7.75,"SINAPI","INSTALACAO ELETRICA/ELETRIFICACAO E ILUMINACAO EXTERNA","ELETRODUTOS/CALHAS PARA LEITO DE CABOS"]
[91853,"ELETRODUTO FLEXÍVEL CORRUGADO REFORÇADO, PVC, DN 20 MM (1/2\"), PARA CIRCUITOS TERMINAIS, INSTALADO EM PAREDE - FORNECIMENTO E INSTALAÇÃO. AF_12/2015","M",8.0299999999999994,"SINAPI","INSTALACAO ELETRICA/ELETRIFICACAO E ILUMINACAO EXTERNA","ELETRODUTOS/CALHAS PARA LEITO DE CABOS"]
[91854,"ELETRODUTO FLEXÍVEL CORRUGADO, PVC, DN 25 MM (3/4\"), PARA CIRCUITOS TERMINAIS, INSTALADO EM PAREDE - FORNECIMENTO E INSTALAÇÃO. AF_12/2015","M",8.6199999999999992,"SINAPI","INSTALACAO ELETRICA/ELETRIFICACAO E ILUMINACAO EXTERNA","ELETRODUTOS/CALHAS PARA LEITO DE CABOS"]
[91855,"ELETRODUTO FLEXÍVEL CORRUGADO REFORÇADO, PVC, DN 25 MM (3/4\"), PARA CIRCUITOS TERMINAIS, INSTALADO EM PAREDE - FORNECIMENTO E INSTALAÇÃO. AF_12/2015","M",9.3000000000000007,"SINAPI","INSTALACAO ELETRICA/ELETRIFICACAO E ILUMINACAO EXTERNA","ELETRODUTOS/CALHAS PARA LEITO DE CABOS"]
[91856,"ELETRODUTO FLEXÍVEL CORRUGADO, PVC, DN 32 MM (1\"), PARA CIRCUITOS TERMINAIS, INSTALADO EM PAREDE - FORNECIMENTO E INSTALAÇÃO. AF_12/2015","M",10.56,"SINAPI","INSTALACAO ELETRICA/ELETRIFICACAO E ILUMINACAO EXTERNA","ELETRODUTOS/CALHAS PARA LEITO DE CABOS"]
[91857,"ELETRODUTO FLEXÍVEL CORRUGADO REFORÇADO, PVC, DN 32 MM (1\"), PARA CIRCUITOS TERMINAIS, INSTALADO EM PAREDE - FORNECIMENTO E INSTALAÇÃO. AF_12/2015","M",12.15,"SINAPI","INSTALACAO ELETRICA/ELETRIFICACAO E ILUMINACAO EXTERNA","ELETRODUTOS/CALHAS PARA LEITO DE CABOS"]
[91859,"ELETRODUTO FLEXÍVEL LISO, PEAD, DN 32 MM (1\"), PARA CIRCUITOS TERMINAIS, INSTALADO EM PAREDE - FORNECIMENTO E INSTALAÇÃO. AF_12/2015","M",10.199999999999999,"SINAPI","INSTALACAO ELETRICA/ELETRIFICACAO E ILUMINACAO EXTERNA","ELETRODUTOS/CALHAS PARA LEITO DE CABOS"]
[91860,"ELETRODUTO FLEXÍVEL CORRUGADO, PEAD, DN 40 MM (1 1/4\"), PARA CIRCUITOS TERMINAIS, INSTALADO EM PAREDE - FORNECIMENTO E INSTALAÇÃO. AF_12/2015","M",12.37,"SINAPI","INSTALACAO ELETRICA/ELETRIFICACAO E ILUMINACAO EXTERNA","ELETRODUTOS/CALHAS PARA LEITO DE CABOS"]
[91861,"ELETRODUTO FLEXÍVEL LISO, PEAD, DN 40 MM (1 1/4\"), PARA CIRCUITOS TERMINAIS, INSTALADO EM PAREDE - FORNECIMENTO E INSTALAÇÃO. AF_12/2015","M",11.94,"SINAPI","INSTALACAO ELETRICA/ELETRIFICACAO E ILUMINACAO EXTERNA","ELETRODUTOS/CALHAS PARA LEITO DE CABOS"]
[91862,"ELETRODUTO RÍGIDO ROSCÁVEL, PVC, DN 20 MM (1/2\"), PARA CIRCUITOS TERMINAIS, INSTALADO EM FORRO - FORNECIMENTO E INSTALAÇÃO. AF_12/2015","M",7.39,"SINAPI","INSTALACAO ELETRICA/ELETRIFICACAO E ILUMINACAO EXTERNA","ELETRODUTOS/CALHAS PARA LEITO DE CABOS"]
[91863,"ELETRODUTO RÍGIDO ROSCÁVEL, PVC, DN 25 MM (3/4\"), PARA CIRCUITOS TERMINAIS, INSTALADO EM FORRO - FORNECIMENTO E INSTALAÇÃO. AF_12/2015","M",8.74,"SINAPI","INSTALACAO ELETRICA/ELETRIFICACAO E ILUMINACAO EXTERNA","ELETRODUTOS/CALHAS PARA LEITO DE CABOS"]
[91864,"ELETRODUTO RÍGIDO ROSCÁVEL, PVC, DN 32 MM (1\"), PARA CIRCUITOS TERMINAIS, INSTALADO EM FORRO - FORNECIMENTO E INSTALAÇÃO. AF_12/2015","M",11.35,"SINAPI","INSTALACAO ELETRICA/ELETRIFICACAO E ILUMINACAO EXTERNA","ELETRODUTOS/CALHAS PARA LEITO DE CABOS"]
[91865,"ELETRODUTO RÍGIDO ROSCÁVEL, PVC, DN 40 MM (1 1/4\"), PARA CIRCUITOS TERMINAIS, INSTALADO EM FORRO - FORNECIMENTO E INSTALAÇÃO. AF_12/2015","M",14.05,"SINAPI","INSTALACAO ELETRICA/ELETRIFICACAO E ILUMINACAO EXTERNA","ELETRODUTOS/CALHAS PARA LEITO DE CABOS"]
[91866,"ELETRODUTO RÍGIDO ROSCÁVEL, PVC, DN 20 MM (1/2\"), PARA CIRCUITOS TERMINAIS, INSTALADO EM LAJE - FORNECIMENTO E INSTALAÇÃO. AF_12/2015","M",6.31,"SINAPI","INSTALACAO ELETRICA/ELETRIFICACAO E ILUMINACAO EXTERNA","ELETRODUTOS/CALHAS PARA LEITO DE CABOS"]
[91867,"ELETRODUTO RÍGIDO ROSCÁVEL, PVC, DN 25 MM (3/4\"), PARA CIRCUITOS TERMINAIS, INSTALADO EM LAJE - FORNECIMENTO E INSTALAÇÃO. AF_12/2015","M",7.67,"SINAPI","INSTALACAO ELETRICA/ELETRIFICACAO E ILUMINACAO EXTERNA","ELETRODUTOS/CALHAS PARA LEITO DE CABOS"]
[91868,"ELETRODUTO RÍGIDO ROSCÁVEL, PVC, DN 32 MM (1\"), PARA CIRCUITOS TERMINAIS, INSTALADO EM LAJE - FORNECIMENTO E INSTALAÇÃO. AF_12/2015","M",10.28,"SINAPI","INSTALACAO ELETRICA/ELETRIFICACAO E ILUMINACAO EXTERNA","ELETRODUTOS/CALHAS PARA LEITO DE CABOS"]
[91869,"ELETRODUTO RÍGIDO ROSCÁVEL, PVC, DN 40 MM (1 1/4\"), PARA CIRCUITOS TERMINAIS, INSTALADO EM LAJE - FORNECIMENTO E INSTALAÇÃO. AF_12/2015","M",12.98,"SINAPI","INSTALACAO ELETRICA/ELETRIFICACAO E ILUMINACAO EXTERNA","ELETRODUTOS/CALHAS PARA LEITO DE CABOS"]
[91870,"ELETRODUTO RÍGIDO ROSCÁVEL, PVC, DN 20 MM (1/2\"), PARA CIRCUITOS TERMINAIS, INSTALADO EM PAREDE - FORNECIMENTO E INSTALAÇÃO. AF_12/2015","M",9.7100000000000009,"SINAPI","INSTALACAO ELETRICA/ELETRIFICACAO E ILUMINACAO EXTERNA","ELETRODUTOS/CALHAS PARA LEITO DE CABOS"]
[91871,"ELETRODUTO RÍGIDO ROSCÁVEL, PVC, DN 25 MM (3/4\"), PARA CIRCUITOS TERMINAIS, INSTALADO EM PAREDE - FORNECIMENTO E INSTALAÇÃO. AF_12/2015","M",11.11,"SINAPI","INSTALACAO ELETRICA/ELETRIFICACAO E ILUMINACAO EXTERNA","ELETRODUTOS/CALHAS PARA LEITO DE CABOS"]
[91872,"ELETRODUTO RÍGIDO ROSCÁVEL, PVC, DN 32 MM (1\"), PARA CIRCUITOS TERMINAIS, INSTALADO EM PAREDE - FORNECIMENTO E INSTALAÇÃO. AF_12/2015","M",13.72,"SINAPI","INSTALACAO ELETRICA/ELETRIFICACAO E ILUMINACAO EXTERNA","ELETRODUTOS/CALHAS PARA LEITO DE CABOS"]
[91873,"ELETRODUTO RÍGIDO ROSCÁVEL, PVC, DN 40 MM (1 1/4\"), PARA CIRCUITOS TERMINAIS, INSTALADO EM PAREDE - FORNECIMENTO E INSTALAÇÃO. AF_12/2015","M",16.38,"SINAPI","INSTALACAO ELETRICA/ELETRIFICACAO E ILUMINACAO EXTERNA","ELETRODUTOS/CALHAS PARA LEITO DE CABOS"]
[93008,"ELETRODUTO RÍGIDO ROSCÁVEL, PVC, DN 50 MM (1 1/2\") - FORNECIMENTO E INSTALAÇÃO. AF_12/2015","M",11.79,"SINAPI","INSTALACAO ELETRICA/ELETRIFICACAO E ILUMINACAO EXTERNA","ELETRODUTOS/CALHAS PARA LEITO DE CABOS"]
[93009,"ELETRODUTO RÍGIDO ROSCÁVEL, PVC, DN 60 MM (2\") - FORNECIMENTO E INSTALAÇÃO. AF_12/2015","M",16.54,"SINAPI","INSTALACAO ELETRICA/ELETRIFICACAO E ILUMINACAO EXTERNA","ELETRODUTOS/CALHAS PARA LEITO DE CABOS"]
[93010,"ELETRODUTO RÍGIDO ROSCÁVEL, PVC, DN 75 MM (2 1/2\") - FORNECIMENTO E INSTALAÇÃO. AF_12/2015","M",22.39,"SINAPI","INSTALACAO ELETRICA/ELETRIFICACAO E ILUMINACAO EXTERNA","ELETRODUTOS/CALHAS PARA LEITO DE CABOS"]
[93011,"ELETRODUTO RÍGIDO ROSCÁVEL, PVC, DN 85 MM (3\") - FORNECIMENTO E INSTALAÇÃO. AF_12/2015","M",26.96,"SINAPI","INSTALACAO ELETRICA/ELETRIFICACAO E ILUMINACAO EXTERNA","ELETRODUTOS/CALHAS PARA LEITO DE CABOS"]
[93012,"ELETRODUTO RÍGIDO ROSCÁVEL, PVC, DN 110 MM (4\") - FORNECIMENTO E INSTALAÇÃO. AF_12/2015","M",39.61,"SINAPI","INSTALACAO ELETRICA/ELETRIFICACAO E ILUMINACAO EXTERNA","ELETRODUTOS/CALHAS PARA LEITO DE CABOS"]
[95726,"ELETRODUTO RÍGIDO SOLDÁVEL, PVC, DN 20 MM (½\u0092\u0092), APARENTE, INSTALADO EM TETO - FORNECIMENTO E INSTALAÇÃO. AF_11/2016_P","M",4.8600000000000003,"SINAPI","INSTALACAO ELETRICA/ELETRIFICACAO E ILUMINACAO EXTERNA","ELETRODUTOS/CALHAS PARA LEITO DE CABOS"]
[95727,"ELETRODUTO RÍGIDO SOLDÁVEL, PVC, DN 25 MM (3/4\u0092\u0092), APARENTE, INSTALADO EM TETO - FORNECIMENTO E INSTALAÇÃO. AF_11/2016_P","M",5.58,"SINAPI","INSTALACAO ELETRICA/ELETRIFICACAO E ILUMINACAO EXTERNA","ELETRODUTOS/CALHAS PARA LEITO DE CABOS"]
[95728,"ELETRODUTO RÍGIDO SOLDÁVEL, PVC, DN 32 MM (1\u0092\u0092), APARENTE, INSTALADO EM TETO - FORNECIMENTO E INSTALAÇÃO. AF_11/2016_P","M",6.97,"SINAPI","INSTALACAO ELETRICA/ELETRIFICACAO E ILUMINACAO EXTERNA","ELETRODUTOS/CALHAS PARA LEITO DE CABOS"]
[95729,"ELETRODUTO RÍGIDO SOLDÁVEL, PVC, DN 20 MM (½\u0092\u0092), APARENTE, INSTALADO EM PAREDE - FORNECIMENTO E INSTALAÇÃO. AF_11/2016_P","M",7.02,"SINAPI","INSTALACAO ELETRICA/ELETRIFICACAO E ILUMINACAO EXTERNA","ELETRODUTOS/CALHAS PARA LEITO DE CABOS"]
[95730,"ELETRODUTO RÍGIDO SOLDÁVEL, PVC, DN 25 MM (3/4\u0092\u0092), APARENTE, INSTALADO EM PAREDE - FORNECIMENTO E INSTALAÇÃO. AF_11/2016_P","M",7.74,"SINAPI","INSTALACAO ELETRICA/ELETRIFICACAO E ILUMINACAO EXTERNA","ELETRODUTOS/CALHAS PARA LEITO DE CABOS"]
[95731,"ELETRODUTO RÍGIDO SOLDÁVEL, PVC, DN 32 MM (1\u0092\u0092), APARENTE, INSTALADO EM PAREDE - FORNECIMENTO E INSTALAÇÃO. AF_11/2016_P","M",9.1300000000000008,"SINAPI","INSTALACAO ELETRICA/ELETRIFICACAO E ILUMINACAO EXTERNA","ELETRODUTOS/CALHAS PARA LEITO DE CABOS"]
[95732,"LUVA PARA ELETRODUTO, PVC, SOLDÁVEL, DN 20 MM (1/2\u0092\u0092), APARENTE, INSTALADA EM TETO - FORNECIMENTO E INSTALAÇÃO. AF_11/2016_P","UN",4.07,"SINAPI","INSTALACAO ELETRICA/ELETRIFICACAO E ILUMINACAO EXTERNA","ELETRODUTOS/CALHAS PARA LEITO DE CABOS"]
[95745,"ELETRODUTO DE AÇO GALVANIZADO, CLASSE LEVE, DN 20 MM (3/4\u0092\u0092), APARENTE, INSTALADO EM TETO - FORNECIMENTO E INSTALAÇÃO. AF_11/2016_P","M",18.260000000000002,"SINAPI","INSTALACAO ELETRICA/ELETRIFICACAO E ILUMINACAO EXTERNA","ELETRODUTOS/CALHAS PARA LEITO DE CABOS"]
[95746,"ELETRODUTO DE AÇO GALVANIZADO, CLASSE LEVE, DN 25 MM (1\u0092\u0092), APARENTE, INSTALADO EM TETO - FORNECIMENTO E INSTALAÇÃO. AF_11/2016_P","M",22.79,"SINAPI","INSTALACAO ELETRICA/ELETRIFICACAO E ILUMINACAO EXTERNA","ELETRODUTOS/CALHAS PARA LEITO DE CABOS"]
[95747,"ELETRODUTO DE AÇO GALVANIZADO, CLASSE SEMI PESADO, DN 32 MM (1 1/4\u0092\u0092), APARENTE, INSTALADO EM TETO - FORNECIMENTO E INSTALAÇÃO. AF_11/2016_P","M",37.04,"SINAPI","INSTALACAO ELETRICA/ELETRIFICACAO E ILUMINACAO EXTERNA","ELETRODUTOS/CALHAS PARA LEITO DE CABOS"]
[95748,"ELETRODUTO DE AÇO GALVANIZADO, CLASSE SEMI PESADO, DN 40 MM (1 1/2 ), APARENTE, INSTALADO EM TETO - FORNECIMENTO E INSTALAÇÃO. AF_11/2016_P","M",40.53,"SINAPI","INSTALACAO ELETRICA/ELETRIFICACAO E ILUMINACAO EXTERNA","ELETRODUTOS/CALHAS PARA LEITO DE CABOS"]
[95749,"ELETRODUTO DE AÇO GALVANIZADO, CLASSE LEVE, DN 20 MM (3/4\u0092\u0092), APARENTE, INSTALADO EM PAREDE - FORNECIMENTO E INSTALAÇÃO. AF_11/2016_P","M",25.29,"SINAPI","INSTALACAO ELETRICA/ELETRIFICACAO E ILUMINACAO EXTERNA","ELETRODUTOS/CALHAS PARA LEITO DE CABOS"]
[95750,"ELETRODUTO DE AÇO GALVANIZADO, CLASSE LEVE, DN 25 MM (1\u0092\u0092), APARENTE, INSTALADO EM PAREDE - FORNECIMENTO E INSTALAÇÃO. AF_11/2016_P","M",29.67,"SINAPI","INSTALACAO ELETRICA/ELETRIFICACAO E ILUMINACAO EXTERNA","ELETRODUTOS/CALHAS PARA LEITO DE CABOS"]
[95751,"ELETRODUTO DE AÇO GALVANIZADO, CLASSE SEMI PESADO, DN 32 MM (1 1/4\u0092\u0092), APARENTE, INSTALADO EM PAREDE - FORNECIMENTO E INSTALAÇÃO. AF_11/2016_P","M",43.7,"SINAPI","INSTALACAO ELETRICA/ELETRIFICACAO E ILUMINACAO EXTERNA","ELETRODUTOS/CALHAS PARA LEITO DE CABOS"]
[95752,"ELETRODUTO DE AÇO GALVANIZADO, CLASSE SEMI PESADO, DN 40 MM (1 1/2  ), APARENTE, INSTALADO EM PAREDE - FORNECIMENTO E INSTALAÇÃO. AF_11/2016_P","M",46.96,"SINAPI","INSTALACAO ELETRICA/ELETRIFICACAO E ILUMINACAO EXTERNA","ELETRODUTOS/CALHAS PARA LEITO DE CABOS"]
[97667,"ELETRODUTO FLEXÍVEL CORRUGADO, PEAD, DN 50 (1 ½\u0094)  - FORNECIMENTO E INSTALAÇÃO. AF_04/2016","M",6.63,"SINAPI","INSTALACAO ELETRICA/ELETRIFICACAO E ILUMINACAO EXTERNA","ELETRODUTOS/CALHAS PARA LEITO DE CABOS"]
[97668,"ELETRODUTO FLEXÍVEL CORRUGADO, PEAD, DN 63 (2\")  - FORNECIMENTO E INSTALAÇÃO. AF_04/2016","M",10.34,"SINAPI","INSTALACAO ELETRICA/ELETRIFICACAO E ILUMINACAO EXTERNA","ELETRODUTOS/CALHAS PARA LEITO DE CABOS"]
[97669,"ELETRODUTO FLEXÍVEL CORRUGADO, PEAD, DN 90 (3\u0094) - FORNECIMENTO E INSTALAÇÃO. AF_04/2016","M",16.98,"SINAPI","INSTALACAO ELETRICA/ELETRIFICACAO E ILUMINACAO EXTERNA","ELETRODUTOS/CALHAS PARA LEITO DE CABOS"]
[97670,"ELETRODUTO FLEXÍVEL CORRUGADO, PEAD, DN 100 (4\u0094) - FORNECIMENTO E INSTALAÇÃO. AF_04/2016","M",21.47,"SINAPI","INSTALACAO ELETRICA/ELETRIFICACAO E ILUMINACAO EXTERNA","ELETRODUTOS/CALHAS PARA LEITO DE CABOS"]
[72263,"TERMINAL OU CONECTOR DE PRESSAO - PARA CABO 50MM2 - FORNECIMENTO E INSTALACAO","UN",25.25,"SINAPI","INSTALACAO ELETRICA/ELETRIFICACAO E ILUMINACAO EXTERNA","CONEXOES"]
[72271,"CONECTOR PARAFUSO FENDIDO \u0094SPLIT-BOLT\u0094 - PARA CABO DE 16MM2 - FORNECIMENTO E INSTALACAO","UN",14.14,"SINAPI","INSTALACAO ELETRICA/ELETRIFICACAO E ILUMINACAO EXTERNA","CONEXOES"]
[72272,"CONECTOR PARAFUSO FENDIDO \u0094SPLIT-BOLT\u0094 - PARA CABO DE 35MM2 - FORNECIMENTO E INSTALACAO","UN",15.4,"SINAPI","INSTALACAO ELETRICA/ELETRIFICACAO E ILUMINACAO EXTERNA","CONEXOES"]
["73782/2","TERMINAL METALICO A PRESSAO PARA 1 CABO DE 50 MM2 - FORNECIMENTO E INSTALACAO","UN",41.75,"SINAPI","INSTALACAO ELETRICA/ELETRIFICACAO E ILUMINACAO EXTERNA","CONEXOES"]
["73782/3","TERMINAL METALICO A PRESSAO PARA 1 CABO DE 95 MM2 - FORNECIMENTO E INSTALACAO","UN",64.180000000000007,"SINAPI","INSTALACAO ELETRICA/ELETRIFICACAO E ILUMINACAO EXTERNA","CONEXOES"]
["73782/4","TERMINAL A PRESSAO REFORCADO PARA CONEXAO DE CABO DE COBRE A BARRA, CABO 150 E 185MM2 - FORNECIMENTO E INSTALACAO","UN",133.47,"SINAPI","INSTALACAO ELETRICA/ELETRIFICACAO E ILUMINACAO EXTERNA","CONEXOES"]
["73782/5","TERMINAL METALICO A PRESSAO P/ 1 CABO DE COBRE DE 25 MM2 COM 1 FURO DE FIXAÇÃO - FORNECIMENTO E INSTALACAO","UN",26.54,"SINAPI","INSTALACAO ELETRICA/ELETRIFICACAO E ILUMINACAO EXTERNA","CONEXOES"]
[83377,"CONECTOR DE PARAFUSO FENDIDO EM LIGA DE COBRE COM SEPARADOR DE CABOS PARA CABO 50 MM2 - FORNECIMENTO E INSTALACAO","UN",10.48,"SINAPI","INSTALACAO ELETRICA/ELETRIFICACAO E ILUMINACAO EXTERNA","CONEXOES"]
[91874,"LUVA PARA ELETRODUTO, PVC, ROSCÁVEL, DN 20 MM (1/2\"), PARA CIRCUITOS TERMINAIS, INSTALADA EM FORRO - FORNECIMENTO E INSTALAÇÃO. AF_12/2015","UN",4.76,"SINAPI","INSTALACAO ELETRICA/ELETRIFICACAO E ILUMINACAO EXTERNA","CONEXOES"]
[91875,"LUVA PARA ELETRODUTO, PVC, ROSCÁVEL, DN 25 MM (3/4\"), PARA CIRCUITOS TERMINAIS, INSTALADA EM FORRO - FORNECIMENTO E INSTALAÇÃO. AF_12/2015","UN",6.23,"SINAPI","INSTALACAO ELETRICA/ELETRIFICACAO E ILUMINACAO EXTERNA","CONEXOES"]
[91876,"LUVA PARA ELETRODUTO, PVC, ROSCÁVEL, DN 32 MM (1\"), PARA CIRCUITOS TERMINAIS, INSTALADA EM FORRO - FORNECIMENTO E INSTALAÇÃO. AF_12/2015","UN",8.18,"SINAPI","INSTALACAO ELETRICA/ELETRIFICACAO E ILUMINACAO EXTERNA","CONEXOES"]
[91877,"LUVA PARA ELETRODUTO, PVC, ROSCÁVEL, DN 40 MM (1 1/4\"), PARA CIRCUITOS TERMINAIS, INSTALADA EM FORRO - FORNECIMENTO E INSTALAÇÃO. AF_12/2015","UN",10.68,"SINAPI","INSTALACAO ELETRICA/ELETRIFICACAO E ILUMINACAO EXTERNA","CONEXOES"]
[91878,"LUVA PARA ELETRODUTO, PVC, ROSCÁVEL, DN 20 MM (1/2\"), PARA CIRCUITOS TERMINAIS, INSTALADA EM LAJE - FORNECIMENTO E INSTALAÇÃO. AF_12/2015","UN",6.23,"SINAPI","INSTALACAO ELETRICA/ELETRIFICACAO E ILUMINACAO EXTERNA","CONEXOES"]
[91879,"LUVA PARA ELETRODUTO, PVC, ROSCÁVEL, DN 25 MM (3/4\"), PARA CIRCUITOS TERMINAIS, INSTALADA EM LAJE - FORNECIMENTO E INSTALAÇÃO. AF_12/2015","UN",7.66,"SINAPI","INSTALACAO ELETRICA/ELETRIFICACAO E ILUMINACAO EXTERNA","CONEXOES"]
[91880,"LUVA PARA ELETRODUTO, PVC, ROSCÁVEL, DN 32 MM (1\"), PARA CIRCUITOS TERMINAIS, INSTALADA EM LAJE - FORNECIMENTO E INSTALAÇÃO. AF_12/2015","UN",9.66,"SINAPI","INSTALACAO ELETRICA/ELETRIFICACAO E ILUMINACAO EXTERNA","CONEXOES"]
[91881,"LUVA PARA ELETRODUTO, PVC, ROSCÁVEL, DN 40 MM (1 1/4\"), PARA CIRCUITOS TERMINAIS, INSTALADA EM LAJE - FORNECIMENTO E INSTALAÇÃO. AF_12/2015","UN",12.15,"SINAPI","INSTALACAO ELETRICA/ELETRIFICACAO E ILUMINACAO EXTERNA","CONEXOES"]
[91882,"LUVA PARA ELETRODUTO, PVC, ROSCÁVEL, DN 20 MM (1/2\"), PARA CIRCUITOS TERMINAIS, INSTALADA EM PAREDE - FORNECIMENTO E INSTALAÇÃO. AF_12/2015","UN",7.82,"SINAPI","INSTALACAO ELETRICA/ELETRIFICACAO E ILUMINACAO EXTERNA","CONEXOES"]
[91884,"LUVA PARA ELETRODUTO, PVC, ROSCÁVEL, DN 25 MM (3/4\"), PARA CIRCUITOS TERMINAIS, INSTALADA EM PAREDE - FORNECIMENTO E INSTALAÇÃO. AF_12/2015","UN",8.8800000000000008,"SINAPI","INSTALACAO ELETRICA/ELETRIFICACAO E ILUMINACAO EXTERNA","CONEXOES"]
[91885,"LUVA PARA ELETRODUTO, PVC, ROSCÁVEL, DN 32 MM (1\"), PARA CIRCUITOS TERMINAIS, INSTALADA EM PAREDE - FORNECIMENTO E INSTALAÇÃO. AF_12/2015","UN",10.38,"SINAPI","INSTALACAO ELETRICA/ELETRIFICACAO E ILUMINACAO EXTERNA","CONEXOES"]
[91886,"LUVA PARA ELETRODUTO, PVC, ROSCÁVEL, DN 40 MM (1 1/4\"), PARA CIRCUITOS TERMINAIS, INSTALADA EM PAREDE - FORNECIMENTO E INSTALAÇÃO. AF_12/2015","UN",12.3,"SINAPI","INSTALACAO ELETRICA/ELETRIFICACAO E ILUMINACAO EXTERNA","CONEXOES"]
[91887,"CURVA 90 GRAUS PARA ELETRODUTO, PVC, ROSCÁVEL, DN 20 MM (1/2\"), PARA CIRCUITOS TERMINAIS, INSTALADA EM FORRO - FORNECIMENTO E INSTALAÇÃO. AF_12/2015","UN",8.17,"SINAPI","INSTALACAO ELETRICA/ELETRIFICACAO E ILUMINACAO EXTERNA","CONEXOES"]
[91889,"CURVA 180 GRAUS PARA ELETRODUTO, PVC, ROSCÁVEL, DN 20 MM (1/2\"), PARA CIRCUITOS TERMINAIS, INSTALADA EM FORRO - FORNECIMENTO E INSTALAÇÃO. AF_12/2015","UN",7.97,"SINAPI","INSTALACAO ELETRICA/ELETRIFICACAO E ILUMINACAO EXTERNA","CONEXOES"]
[91890,"CURVA 90 GRAUS PARA ELETRODUTO, PVC, ROSCÁVEL, DN 25 MM (3/4\"), PARA CIRCUITOS TERMINAIS, INSTALADA EM FORRO - FORNECIMENTO E INSTALAÇÃO. AF_12/2015","UN",9.9700000000000006,"SINAPI","INSTALACAO ELETRICA/ELETRIFICACAO E ILUMINACAO EXTERNA","CONEXOES"]
[91892,"CURVA 180 GRAUS PARA ELETRODUTO, PVC, ROSCÁVEL, DN 25 MM (3/4\"), PARA CIRCUITOS TERMINAIS, INSTALADA EM FORRO - FORNECIMENTO E INSTALAÇÃO. AF_12/2015","UN",11.28,"SINAPI","INSTALACAO ELETRICA/ELETRIFICACAO E ILUMINACAO EXTERNA","CONEXOES"]
[91893,"CURVA 90 GRAUS PARA ELETRODUTO, PVC, ROSCÁVEL, DN 32 MM (1\"), PARA CIRCUITOS TERMINAIS, INSTALADA EM FORRO - FORNECIMENTO E INSTALAÇÃO. AF_12/2015","UN",13.42,"SINAPI","INSTALACAO ELETRICA/ELETRIFICACAO E ILUMINACAO EXTERNA","CONEXOES"]
[91895,"CURVA 180 GRAUS PARA ELETRODUTO, PVC, ROSCÁVEL, DN 32 MM (1\"), PARA CIRCUITOS TERMINAIS, INSTALADA EM FORRO - FORNECIMENTO E INSTALAÇÃO. AF_12/2015","UN",14.75,"SINAPI","INSTALACAO ELETRICA/ELETRIFICACAO E ILUMINACAO EXTERNA","CONEXOES"]
[91896,"CURVA 90 GRAUS PARA ELETRODUTO, PVC, ROSCÁVEL, DN 40 MM (1 1/4\"), PARA CIRCUITOS TERMINAIS, INSTALADA EM FORRO - FORNECIMENTO E INSTALAÇÃO. AF_12/2015","UN",16.57,"SINAPI","INSTALACAO ELETRICA/ELETRIFICACAO E ILUMINACAO EXTERNA","CONEXOES"]
[91898,"CURVA 180 GRAUS PARA ELETRODUTO, PVC, ROSCÁVEL, DN 40 MM (1 1/4\"), PARA CIRCUITOS TERMINAIS, INSTALADA EM FORRO - FORNECIMENTO E INSTALAÇÃO. AF_12/2015","UN",18,"SINAPI","INSTALACAO ELETRICA/ELETRIFICACAO E ILUMINACAO EXTERNA","CONEXOES"]
[91899,"CURVA 90 GRAUS PARA ELETRODUTO, PVC, ROSCÁVEL, DN 20 MM (1/2\"), PARA CIRCUITOS TERMINAIS, INSTALADA EM LAJE - FORNECIMENTO E INSTALAÇÃO. AF_12/2015","UN",10.3,"SINAPI","INSTALACAO ELETRICA/ELETRIFICACAO E ILUMINACAO EXTERNA","CONEXOES"]
[91901,"CURVA 180 GRAUS PARA ELETRODUTO, PVC, ROSCÁVEL, DN 20 MM (1/2\"), PARA CIRCUITOS TERMINAIS, INSTALADA EM LAJE - FORNECIMENTO E INSTALAÇÃO. AF_12/2015","UN",10.1,"SINAPI","INSTALACAO ELETRICA/ELETRIFICACAO E ILUMINACAO EXTERNA","CONEXOES"]
[91902,"CURVA 90 GRAUS PARA ELETRODUTO, PVC, ROSCÁVEL, DN 25 MM (3/4\"), PARA CIRCUITOS TERMINAIS, INSTALADA EM LAJE - FORNECIMENTO E INSTALAÇÃO. AF_12/2015","UN",12.12,"SINAPI","INSTALACAO ELETRICA/ELETRIFICACAO E ILUMINACAO EXTERNA","CONEXOES"]
[91904,"CURVA 180 GRAUS PARA ELETRODUTO, PVC, ROSCÁVEL, DN 25 MM (3/4\"), PARA CIRCUITOS TERMINAIS, INSTALADA EM LAJE - FORNECIMENTO E INSTALAÇÃO. AF_12/2015","UN",13.43,"SINAPI","INSTALACAO ELETRICA/ELETRIFICACAO E ILUMINACAO EXTERNA","CONEXOES"]
[91905,"CURVA 90 GRAUS PARA ELETRODUTO, PVC, ROSCÁVEL, DN 32 MM (1\"), PARA CIRCUITOS TERMINAIS, INSTALADA EM LAJE - FORNECIMENTO E INSTALAÇÃO. AF_12/2015","UN",15.56,"SINAPI","INSTALACAO ELETRICA/ELETRIFICACAO E ILUMINACAO EXTERNA","CONEXOES"]
[91907,"CURVA 180 GRAUS PARA ELETRODUTO, PVC, ROSCÁVEL, DN 32 MM (1\u0094), PARA CIRCUITOS TERMINAIS, INSTALADA EM LAJE - FORNECIMENTO E INSTALAÇÃO. AF_12/2015","UN",16.89,"SINAPI","INSTALACAO ELETRICA/ELETRIFICACAO E ILUMINACAO EXTERNA","CONEXOES"]
[91908,"CURVA 90 GRAUS PARA ELETRODUTO, PVC, ROSCÁVEL, DN 40 MM (1 1/4\"), PARA CIRCUITOS TERMINAIS, INSTALADA EM LAJE - FORNECIMENTO E INSTALAÇÃO. AF_12/2015","UN",18.760000000000002,"SINAPI","INSTALACAO ELETRICA/ELETRIFICACAO E ILUMINACAO EXTERNA","CONEXOES"]
[91910,"CURVA 180 GRAUS PARA ELETRODUTO, PVC, ROSCÁVEL, DN 40 MM (1 1/4\"), PARA CIRCUITOS TERMINAIS, INSTALADA EM LAJE - FORNECIMENTO E INSTALAÇÃO. AF_12/2015","UN",20.190000000000001,"SINAPI","INSTALACAO ELETRICA/ELETRIFICACAO E ILUMINACAO EXTERNA","CONEXOES"]
[91911,"CURVA 90 GRAUS PARA ELETRODUTO, PVC, ROSCÁVEL, DN 20 MM (1/2\"), PARA CIRCUITOS TERMINAIS, INSTALADA EM PAREDE - FORNECIMENTO E INSTALAÇÃO. AF_12/2015","UN",12.76,"SINAPI","INSTALACAO ELETRICA/ELETRIFICACAO E ILUMINACAO EXTERNA","CONEXOES"]
[91913,"CURVA 180 GRAUS PARA ELETRODUTO, PVC, ROSCÁVEL, DN 20 MM (1/2\"), PARA CIRCUITOS TERMINAIS, INSTALADA EM PAREDE - FORNECIMENTO E INSTALAÇÃO. AF_12/2015","UN",12.56,"SINAPI","INSTALACAO ELETRICA/ELETRIFICACAO E ILUMINACAO EXTERNA","CONEXOES"]
[91914,"CURVA 90 GRAUS PARA ELETRODUTO, PVC, ROSCÁVEL, DN 25 MM (3/4\"), PARA CIRCUITOS TERMINAIS, INSTALADA EM PAREDE - FORNECIMENTO E INSTALAÇÃO. AF_12/2015","UN",14,"SINAPI","INSTALACAO ELETRICA/ELETRIFICACAO E ILUMINACAO EXTERNA","CONEXOES"]
[91916,"CURVA 180 GRAUS PARA ELETRODUTO, PVC, ROSCÁVEL, DN 25 MM (3/4\"), PARA CIRCUITOS TERMINAIS, INSTALADA EM PAREDE - FORNECIMENTO E INSTALAÇÃO. AF_12/2015","UN",15.31,"SINAPI","INSTALACAO ELETRICA/ELETRIFICACAO E ILUMINACAO EXTERNA","CONEXOES"]
[91917,"CURVA 90 GRAUS PARA ELETRODUTO, PVC, ROSCÁVEL, DN 32 MM (1\"), PARA CIRCUITOS TERMINAIS, INSTALADA EM PAREDE - FORNECIMENTO E INSTALAÇÃO. AF_12/2015","UN",16.68,"SINAPI","INSTALACAO ELETRICA/ELETRIFICACAO E ILUMINACAO EXTERNA","CONEXOES"]
[91919,"CURVA 180 GRAUS PARA ELETRODUTO, PVC, ROSCÁVEL, DN 32 MM (1\u0094), PARA CIRCUITOS TERMINAIS, INSTALADA EM PAREDE - FORNECIMENTO E INSTALAÇÃO. AF_12/2015","UN",18.010000000000002,"SINAPI","INSTALACAO ELETRICA/ELETRIFICACAO E ILUMINACAO EXTERNA","CONEXOES"]
[91920,"CURVA 90 GRAUS PARA ELETRODUTO, PVC, ROSCÁVEL, DN 40 MM (1 1/4\"), PARA CIRCUITOS TERMINAIS, INSTALADA EM PAREDE - FORNECIMENTO E INSTALAÇÃO. AF_12/2015","UN",19.02,"SINAPI","INSTALACAO ELETRICA/ELETRIFICACAO E ILUMINACAO EXTERNA","CONEXOES"]
[91922,"CURVA 180 GRAUS PARA ELETRODUTO, PVC, ROSCÁVEL, DN 40 MM (1 1/4\"), PARA CIRCUITOS TERMINAIS, INSTALADA EM PAREDE - FORNECIMENTO E INSTALAÇÃO. AF_12/2015","UN",20.45,"SINAPI","INSTALACAO ELETRICA/ELETRIFICACAO E ILUMINACAO EXTERNA","CONEXOES"]
[93013,"LUVA PARA ELETRODUTO, PVC, ROSCÁVEL, DN 50 MM (1 1/2\") - FORNECIMENTO E INSTALAÇÃO. AF_12/2015","UN",13.77,"SINAPI","INSTALACAO ELETRICA/ELETRIFICACAO E ILUMINACAO EXTERNA","CONEXOES"]
[93014,"LUVA PARA ELETRODUTO, PVC, ROSCÁVEL, DN 60 MM (2\") - FORNECIMENTO E INSTALAÇÃO. AF_12/2015","UN",16.57,"SINAPI","INSTALACAO ELETRICA/ELETRIFICACAO E ILUMINACAO EXTERNA","CONEXOES"]
[93015,"LUVA PARA ELETRODUTO, PVC, ROSCÁVEL, DN 75 MM (2 1/2\") - FORNECIMENTO E INSTALAÇÃO. AF_12/2015","UN",23.3,"SINAPI","INSTALACAO ELETRICA/ELETRIFICACAO E ILUMINACAO EXTERNA","CONEXOES"]
[93016,"LUVA PARA ELETRODUTO, PVC, ROSCÁVEL, DN 85 MM (3\") - FORNECIMENTO E INSTALAÇÃO. AF_12/2015","UN",27.65,"SINAPI","INSTALACAO ELETRICA/ELETRIFICACAO E ILUMINACAO EXTERNA","CONEXOES"]
[93017,"LUVA PARA ELETRODUTO, PVC, ROSCÁVEL, DN 110 MM (4\") - FORNECIMENTO E INSTALAÇÃO. AF_12/2015","UN",39.68,"SINAPI","INSTALACAO ELETRICA/ELETRIFICACAO E ILUMINACAO EXTERNA","CONEXOES"]
[93018,"CURVA 90 GRAUS PARA ELETRODUTO, PVC, ROSCÁVEL, DN 50 MM (1 1/2\") - FORNECIMENTO E INSTALAÇÃO. AF_12/2015","UN",20.9,"SINAPI","INSTALACAO ELETRICA/ELETRIFICACAO E ILUMINACAO EXTERNA","CONEXOES"]
[93020,"CURVA 90 GRAUS PARA ELETRODUTO, PVC, ROSCÁVEL, DN 60 MM (2\") - FORNECIMENTO E INSTALAÇÃO. AF_12/2015","UN",25.87,"SINAPI","INSTALACAO ELETRICA/ELETRIFICACAO E ILUMINACAO EXTERNA","CONEXOES"]
[93022,"CURVA 90 GRAUS PARA ELETRODUTO, PVC, ROSCÁVEL, DN 75 MM (2 1/2\") - FORNECIMENTO E INSTALAÇÃO. AF_12/2015","UN",39.299999999999997,"SINAPI","INSTALACAO ELETRICA/ELETRIFICACAO E ILUMINACAO EXTERNA","CONEXOES"]
[93024,"CURVA 90 GRAUS PARA ELETRODUTO, PVC, ROSCÁVEL, DN 85 MM (3\") - FORNECIMENTO E INSTALAÇÃO. AF_12/2015","UN",41.89,"SINAPI","INSTALACAO ELETRICA/ELETRIFICACAO E ILUMINACAO EXTERNA","CONEXOES"]
[93026,"CURVA 90 GRAUS PARA ELETRODUTO, PVC, ROSCÁVEL, DN 110 MM (4\") - FORNECIMENTO E INSTALAÇÃO. AF_12/2015","UN",64.209999999999994,"SINAPI","INSTALACAO ELETRICA/ELETRIFICACAO E ILUMINACAO EXTERNA","CONEXOES"]
[95733,"LUVA PARA ELETRODUTO, PVC, SOLDÁVEL, DN 25 MM (3/4\u0092\u0092), APARENTE, INSTALADA EM TETO - FORNECIMENTO E INSTALAÇÃO. AF_11/2016_P","UN",5.28,"SINAPI","INSTALACAO ELETRICA/ELETRIFICACAO E ILUMINACAO EXTERNA","CONEXOES"]
[95734,"LUVA PARA ELETRODUTO, PVC, SOLDÁVEL, DN 32 MM (1\u0092\u0092), APARENTE, INSTALADA EM TETO - FORNECIMENTO E INSTALAÇÃO. AF_11/2016_P","UN",6.98,"SINAPI","INSTALACAO ELETRICA/ELETRIFICACAO E ILUMINACAO EXTERNA","CONEXOES"]
[95735,"LUVA PARA ELETRODUTO, PVC, SOLDÁVEL, DN 20 MM (1/2\u0092\u0092), APARENTE, INSTALADA EM PAREDE - FORNECIMENTO E INSTALAÇÃO. AF_11/2016_P","UN",6.32,"SINAPI","INSTALACAO ELETRICA/ELETRIFICACAO E ILUMINACAO EXTERNA","CONEXOES"]
[95736,"LUVA PARA ELETRODUTO, PVC, SOLDÁVEL, DN 25 MM (3/4\u0092\u0092), APARENTE, INSTALADA EM PAREDE - FORNECIMENTO E INSTALAÇÃO. AF_11/2016_P","UN",7.27,"SINAPI","INSTALACAO ELETRICA/ELETRIFICACAO E ILUMINACAO EXTERNA","CONEXOES"]
[95738,"LUVA PARA ELETRODUTO, PVC, SOLDÁVEL, DN 32 MM (1\u0092\u0092), APARENTE, INSTALADA EM PAREDE - FORNECIMENTO E INSTALAÇÃO. AF_11/2016_P","UN",8.61,"SINAPI","INSTALACAO ELETRICA/ELETRIFICACAO E ILUMINACAO EXTERNA","CONEXOES"]
[95753,"LUVA DE EMENDA PARA ELETRODUTO, AÇO GALVANIZADO, DN 20 MM (3/4  ), APARENTE, INSTALADA EM TETO - FORNECIMENTO E INSTALAÇÃO. AF_11/2016_P","UN",7.06,"SINAPI","INSTALACAO ELETRICA/ELETRIFICACAO E ILUMINACAO EXTERNA","CONEXOES"]
[95754,"LUVA DE EMENDA PARA ELETRODUTO, AÇO GALVANIZADO, DN 25 MM (1''), APARENTE, INSTALADA EM TETO - FORNECIMENTO E INSTALAÇÃO. AF_11/2016_P","UN",8.84,"SINAPI","INSTALACAO ELETRICA/ELETRIFICACAO E ILUMINACAO EXTERNA","CONEXOES"]
[95755,"LUVA DE EMENDA PARA ELETRODUTO, AÇO GALVANIZADO, DN 32 MM (1 1/4''), APARENTE, INSTALADA EM TETO - FORNECIMENTO E INSTALAÇÃO. AF_11/2016_P","UN",12.49,"SINAPI","INSTALACAO ELETRICA/ELETRIFICACAO E ILUMINACAO EXTERNA","CONEXOES"]
[95756,"LUVA DE EMENDA PARA ELETRODUTO, AÇO GALVANIZADO, DN 40 MM (1 1/2''), APARENTE, INSTALADA EM TETO - FORNECIMENTO E INSTALAÇÃO. AF_11/2016_P","UN",16.46,"SINAPI","INSTALACAO ELETRICA/ELETRIFICACAO E ILUMINACAO EXTERNA","CONEXOES"]
[95757,"LUVA DE EMENDA PARA ELETRODUTO, AÇO GALVANIZADO, DN 20 MM (3/4''), APARENTE, INSTALADA EM PAREDE - FORNECIMENTO E INSTALAÇÃO. AF_11/2016_P","UN",10.98,"SINAPI","INSTALACAO ELETRICA/ELETRIFICACAO E ILUMINACAO EXTERNA","CONEXOES"]
[95758,"LUVA DE EMENDA PARA ELETRODUTO, AÇO GALVANIZADO, DN 25 MM (1''), APARENTE, INSTALADA EM PAREDE - FORNECIMENTO E INSTALAÇÃO. AF_11/2016_P","UN",12.3,"SINAPI","INSTALACAO ELETRICA/ELETRIFICACAO E ILUMINACAO EXTERNA","CONEXOES"]
[95759,"LUVA DE EMENDA PARA ELETRODUTO, AÇO GALVANIZADO, DN 32 MM (1 1/4''), APARENTE, INSTALADA EM PAREDE - FORNECIMENTO E INSTALAÇÃO. AF_11/2016_P","UN",15.3,"SINAPI","INSTALACAO ELETRICA/ELETRIFICACAO E ILUMINACAO EXTERNA","CONEXOES"]
[95760,"LUVA DE EMENDA PARA ELETRODUTO, AÇO GALVANIZADO, DN 40 MM (1 1/2''), APARENTE, INSTALADA EM PAREDE - FORNECIMENTO E INSTALAÇÃO. AF_11/2016_P","UN",18.52,"SINAPI","INSTALACAO ELETRICA/ELETRIFICACAO E ILUMINACAO EXTERNA","CONEXOES"]
[97559,"CURVA 135 GRAUS PARA ELETRODUTO, PVC, ROSCÁVEL, DN 25 MM (3/4\u0094), PARA CIRCUITOS TERMINAIS, INSTALADA EM FORRO - FORNECIMENTO E INSTALAÇÃO. AF_12/2015","UN",9.82,"SINAPI","INSTALACAO ELETRICA/ELETRIFICACAO E ILUMINACAO EXTERNA","CONEXOES"]
[97562,"CURVA 135 GRAUS PARA ELETRODUTO, PVC, ROSCÁVEL, DN 25 MM (3/4\u0094), PARA CIRCUITOS TERMINAIS, INSTALADA EM LAJE - FORNECIMENTO E INSTALAÇÃO. AF_12/2015","UN",11.97,"SINAPI","INSTALACAO ELETRICA/ELETRIFICACAO E ILUMINACAO EXTERNA","CONEXOES"]
[97564,"CURVA 135 GRAUS PARA ELETRODUTO, PVC, ROSCÁVEL, DN 25 MM (3/4\u0094), PARA CIRCUITOS TERMINAIS, INSTALADA EM PAREDE - FORNECIMENTO E INSTALAÇÃO. AF_12/2015","UN",13.85,"SINAPI","INSTALACAO ELETRICA/ELETRIFICACAO E ILUMINACAO EXTERNA","CONEXOES"]
[91924,"CABO DE COBRE FLEXÍVEL ISOLADO, 1,5 MM², ANTI-CHAMA 450/750 V, PARA CIRCUITOS TERMINAIS - FORNECIMENTO E INSTALAÇÃO. AF_12/2015","M",2.15,"SINAPI","INSTALACAO ELETRICA/ELETRIFICACAO E ILUMINACAO EXTERNA","FIOS/CABOS"]
[91925,"CABO DE COBRE FLEXÍVEL ISOLADO, 1,5 MM², ANTI-CHAMA 0,6/1,0 KV, PARA CIRCUITOS TERMINAIS - FORNECIMENTO E INSTALAÇÃO. AF_12/2015","M",2.79,"SINAPI","INSTALACAO ELETRICA/ELETRIFICACAO E ILUMINACAO EXTERNA","FIOS/CABOS"]
[91926,"CABO DE COBRE FLEXÍVEL ISOLADO, 2,5 MM², ANTI-CHAMA 450/750 V, PARA CIRCUITOS TERMINAIS - FORNECIMENTO E INSTALAÇÃO. AF_12/2015","M",2.99,"SINAPI","INSTALACAO ELETRICA/ELETRIFICACAO E ILUMINACAO EXTERNA","FIOS/CABOS"]
[91927,"CABO DE COBRE FLEXÍVEL ISOLADO, 2,5 MM², ANTI-CHAMA 0,6/1,0 KV, PARA CIRCUITOS TERMINAIS - FORNECIMENTO E INSTALAÇÃO. AF_12/2015","M",3.7,"SINAPI","INSTALACAO ELETRICA/ELETRIFICACAO E ILUMINACAO EXTERNA","FIOS/CABOS"]
[91928,"CABO DE COBRE FLEXÍVEL ISOLADO, 4 MM², ANTI-CHAMA 450/750 V, PARA CIRCUITOS TERMINAIS - FORNECIMENTO E INSTALAÇÃO. AF_12/2015","M",4.63,"SINAPI","INSTALACAO ELETRICA/ELETRIFICACAO E ILUMINACAO EXTERNA","FIOS/CABOS"]
[91929,"CABO DE COBRE FLEXÍVEL ISOLADO, 4 MM², ANTI-CHAMA 0,6/1,0 KV, PARA CIRCUITOS TERMINAIS - FORNECIMENTO E INSTALAÇÃO. AF_12/2015","M",5.13,"SINAPI","INSTALACAO ELETRICA/ELETRIFICACAO E ILUMINACAO EXTERNA","FIOS/CABOS"]
[91930,"CABO DE COBRE FLEXÍVEL ISOLADO, 6 MM², ANTI-CHAMA 450/750 V, PARA CIRCUITOS TERMINAIS - FORNECIMENTO E INSTALAÇÃO. AF_12/2015","M",6.28,"SINAPI","INSTALACAO ELETRICA/ELETRIFICACAO E ILUMINACAO EXTERNA","FIOS/CABOS"]
[91931,"CABO DE COBRE FLEXÍVEL ISOLADO, 6 MM², ANTI-CHAMA 0,6/1,0 KV, PARA CIRCUITOS TERMINAIS - FORNECIMENTO E INSTALAÇÃO. AF_12/2015","M",6.88,"SINAPI","INSTALACAO ELETRICA/ELETRIFICACAO E ILUMINACAO EXTERNA","FIOS/CABOS"]
[91932,"CABO DE COBRE FLEXÍVEL ISOLADO, 10 MM², ANTI-CHAMA 450/750 V, PARA CIRCUITOS TERMINAIS - FORNECIMENTO E INSTALAÇÃO. AF_12/2015","M",10.11,"SINAPI","INSTALACAO ELETRICA/ELETRIFICACAO E ILUMINACAO EXTERNA","FIOS/CABOS"]
[91933,"CABO DE COBRE FLEXÍVEL ISOLADO, 10 MM², ANTI-CHAMA 0,6/1,0 KV, PARA CIRCUITOS TERMINAIS - FORNECIMENTO E INSTALAÇÃO. AF_12/2015","M",10.67,"SINAPI","INSTALACAO ELETRICA/ELETRIFICACAO E ILUMINACAO EXTERNA","FIOS/CABOS"]
[91934,"CABO DE COBRE FLEXÍVEL ISOLADO, 16 MM², ANTI-CHAMA 450/750 V, PARA CIRCUITOS TERMINAIS - FORNECIMENTO E INSTALAÇÃO. AF_12/2015","M",15.39,"SINAPI","INSTALACAO ELETRICA/ELETRIFICACAO E ILUMINACAO EXTERNA","FIOS/CABOS"]
[91935,"CABO DE COBRE FLEXÍVEL ISOLADO, 16 MM², ANTI-CHAMA 0,6/1,0 KV, PARA CIRCUITOS TERMINAIS - FORNECIMENTO E INSTALAÇÃO. AF_12/2015","M",16.2,"SINAPI","INSTALACAO ELETRICA/ELETRIFICACAO E ILUMINACAO EXTERNA","FIOS/CABOS"]
[92979,"CABO DE COBRE FLEXÍVEL ISOLADO, 10 MM², ANTI-CHAMA 450/750 V, PARA DISTRIBUIÇÃO - FORNECIMENTO E INSTALAÇÃO. AF_12/2015","M",5.8,"SINAPI","INSTALACAO ELETRICA/ELETRIFICACAO E ILUMINACAO EXTERNA","FIOS/CABOS"]
[92980,"CABO DE COBRE FLEXÍVEL ISOLADO, 10 MM², ANTI-CHAMA 0,6/1,0 KV, PARA DISTRIBUIÇÃO - FORNECIMENTO E INSTALAÇÃO. AF_12/2015","M",6.29,"SINAPI","INSTALACAO ELETRICA/ELETRIFICACAO E ILUMINACAO EXTERNA","FIOS/CABOS"]
[92981,"CABO DE COBRE FLEXÍVEL ISOLADO, 16 MM², ANTI-CHAMA 450/750 V, PARA DISTRIBUIÇÃO - FORNECIMENTO E INSTALAÇÃO. AF_12/2015","M",8.89,"SINAPI","INSTALACAO ELETRICA/ELETRIFICACAO E ILUMINACAO EXTERNA","FIOS/CABOS"]
[92982,"CABO DE COBRE FLEXÍVEL ISOLADO, 16 MM², ANTI-CHAMA 0,6/1,0 KV, PARA DISTRIBUIÇÃO - FORNECIMENTO E INSTALAÇÃO. AF_12/2015","M",9.59,"SINAPI","INSTALACAO ELETRICA/ELETRIFICACAO E ILUMINACAO EXTERNA","FIOS/CABOS"]
[92983,"CABO DE COBRE FLEXÍVEL ISOLADO, 25 MM², ANTI-CHAMA 450/750 V, PARA DISTRIBUIÇÃO - FORNECIMENTO E INSTALAÇÃO. AF_12/2015","M",16.3,"SINAPI","INSTALACAO ELETRICA/ELETRIFICACAO E ILUMINACAO EXTERNA","FIOS/CABOS"]
[92984,"CABO DE COBRE FLEXÍVEL ISOLADO, 25 MM², ANTI-CHAMA 0,6/1,0 KV, PARA DISTRIBUIÇÃO - FORNECIMENTO E INSTALAÇÃO. AF_12/2015","M",16.68,"SINAPI","INSTALACAO ELETRICA/ELETRIFICACAO E ILUMINACAO EXTERNA","FIOS/CABOS"]
[92985,"CABO DE COBRE FLEXÍVEL ISOLADO, 35 MM², ANTI-CHAMA 450/750 V, PARA DISTRIBUIÇÃO - FORNECIMENTO E INSTALAÇÃO. AF_12/2015","M",21.63,"SINAPI","INSTALACAO ELETRICA/ELETRIFICACAO E ILUMINACAO EXTERNA","FIOS/CABOS"]
[92986,"CABO DE COBRE FLEXÍVEL ISOLADO, 35 MM², ANTI-CHAMA 0,6/1,0 KV, PARA DISTRIBUIÇÃO - FORNECIMENTO E INSTALAÇÃO. AF_12/2015","M",22.21,"SINAPI","INSTALACAO ELETRICA/ELETRIFICACAO E ILUMINACAO EXTERNA","FIOS/CABOS"]
[92987,"CABO DE COBRE FLEXÍVEL ISOLADO, 50 MM², ANTI-CHAMA 450/750 V, PARA DISTRIBUIÇÃO - FORNECIMENTO E INSTALAÇÃO. AF_12/2015","M",30.7,"SINAPI","INSTALACAO ELETRICA/ELETRIFICACAO E ILUMINACAO EXTERNA","FIOS/CABOS"]
[92988,"CABO DE COBRE FLEXÍVEL ISOLADO, 50 MM², ANTI-CHAMA 0,6/1,0 KV, PARA DISTRIBUIÇÃO - FORNECIMENTO E INSTALAÇÃO. AF_12/2015","M",30.77,"SINAPI","INSTALACAO ELETRICA/ELETRIFICACAO E ILUMINACAO EXTERNA","FIOS/CABOS"]
[92989,"CABO DE COBRE FLEXÍVEL ISOLADO, 70 MM², ANTI-CHAMA 450/750 V, PARA DISTRIBUIÇÃO - FORNECIMENTO E INSTALAÇÃO. AF_12/2015","M",42.29,"SINAPI","INSTALACAO ELETRICA/ELETRIFICACAO E ILUMINACAO EXTERNA","FIOS/CABOS"]
[92990,"CABO DE COBRE FLEXÍVEL ISOLADO, 70 MM², ANTI-CHAMA 0,6/1,0 KV, PARA DISTRIBUIÇÃO - FORNECIMENTO E INSTALAÇÃO. AF_12/2015","M",41.83,"SINAPI","INSTALACAO ELETRICA/ELETRIFICACAO E ILUMINACAO EXTERNA","FIOS/CABOS"]
[92991,"CABO DE COBRE FLEXÍVEL ISOLADO, 95 MM², ANTI-CHAMA 450/750 V, PARA DISTRIBUIÇÃO - FORNECIMENTO E INSTALAÇÃO. AF_12/2015","M",54.96,"SINAPI","INSTALACAO ELETRICA/ELETRIFICACAO E ILUMINACAO EXTERNA","FIOS/CABOS"]
[92992,"CABO DE COBRE FLEXÍVEL ISOLADO, 95 MM², ANTI-CHAMA 0,6/1,0 KV, PARA DISTRIBUIÇÃO - FORNECIMENTO E INSTALAÇÃO. AF_12/2015","M",54.99,"SINAPI","INSTALACAO ELETRICA/ELETRIFICACAO E ILUMINACAO EXTERNA","FIOS/CABOS"]
[92993,"CABO DE COBRE FLEXÍVEL ISOLADO, 120 MM², ANTI-CHAMA 450/750 V, PARA DISTRIBUIÇÃO - FORNECIMENTO E INSTALAÇÃO. AF_12/2015","M",70.16,"SINAPI","INSTALACAO ELETRICA/ELETRIFICACAO E ILUMINACAO EXTERNA","FIOS/CABOS"]
[92994,"CABO DE COBRE FLEXÍVEL ISOLADO, 120 MM², ANTI-CHAMA 0,6/1,0 KV, PARA DISTRIBUIÇÃO - FORNECIMENTO E INSTALAÇÃO. AF_12/2015","M",70.819999999999993,"SINAPI","INSTALACAO ELETRICA/ELETRIFICACAO E ILUMINACAO EXTERNA","FIOS/CABOS"]
[92995,"CABO DE COBRE FLEXÍVEL ISOLADO, 150 MM², ANTI-CHAMA 450/750 V, PARA DISTRIBUIÇÃO - FORNECIMENTO E INSTALAÇÃO. AF_12/2015","M",87.04,"SINAPI","INSTALACAO ELETRICA/ELETRIFICACAO E ILUMINACAO EXTERNA","FIOS/CABOS"]
[92996,"CABO DE COBRE FLEXÍVEL ISOLADO, 150 MM², ANTI-CHAMA 0,6/1,0 KV, PARA DISTRIBUIÇÃO - FORNECIMENTO E INSTALAÇÃO. AF_12/2015","M",87.27,"SINAPI","INSTALACAO ELETRICA/ELETRIFICACAO E ILUMINACAO EXTERNA","FIOS/CABOS"]
[92997,"CABO DE COBRE FLEXÍVEL ISOLADO, 185 MM², ANTI-CHAMA 450/750 V, PARA DISTRIBUIÇÃO - FORNECIMENTO E INSTALAÇÃO. AF_12/2015","M",105.63,"SINAPI","INSTALACAO ELETRICA/ELETRIFICACAO E ILUMINACAO EXTERNA","FIOS/CABOS"]
[92998,"CABO DE COBRE FLEXÍVEL ISOLADO, 185 MM², ANTI-CHAMA 0,6/1,0 KV, PARA DISTRIBUIÇÃO - FORNECIMENTO E INSTALAÇÃO. AF_12/2015","M",106.59,"SINAPI","INSTALACAO ELETRICA/ELETRIFICACAO E ILUMINACAO EXTERNA","FIOS/CABOS"]
[92999,"CABO DE COBRE FLEXÍVEL ISOLADO, 240 MM², ANTI-CHAMA 450/750 V, PARA DISTRIBUIÇÃO - FORNECIMENTO E INSTALAÇÃO. AF_12/2015","M",138.72999999999999,"SINAPI","INSTALACAO ELETRICA/ELETRIFICACAO E ILUMINACAO EXTERNA","FIOS/CABOS"]
[93000,"CABO DE COBRE FLEXÍVEL ISOLADO, 240 MM², ANTI-CHAMA 0,6/1,0 KV, PARA DISTRIBUIÇÃO - FORNECIMENTO E INSTALAÇÃO. AF_12/2015","M",139.53,"SINAPI","INSTALACAO ELETRICA/ELETRIFICACAO E ILUMINACAO EXTERNA","FIOS/CABOS"]
[93001,"CABO DE COBRE RÍGIDO ISOLADO, 300 MM², ANTI-CHAMA 450/750 V, PARA DISTRIBUIÇÃO - FORNECIMENTO E INSTALAÇÃO. AF_12/2015","M",169.19,"SINAPI","INSTALACAO ELETRICA/ELETRIFICACAO E ILUMINACAO EXTERNA","FIOS/CABOS"]
[93002,"CABO DE COBRE FLEXÍVEL ISOLADO, 300 MM², ANTI-CHAMA 0,6/1,0 KV, PARA DISTRIBUIÇÃO - FORNECIMENTO E INSTALAÇÃO. AF_12/2015","M",173.69,"SINAPI","INSTALACAO ELETRICA/ELETRIFICACAO E ILUMINACAO EXTERNA","FIOS/CABOS"]
[83446,"CAIXA DE PASSAGEM 30X30X40 COM TAMPA E DRENO BRITA","UN",160.85,"SINAPI","INSTALACAO ELETRICA/ELETRIFICACAO E ILUMINACAO EXTERNA","CAIXAS"]
[91936,"CAIXA OCTOGONAL 4\" X 4\", PVC, INSTALADA EM LAJE - FORNECIMENTO E INSTALAÇÃO. AF_12/2015","UN",11.37,"SINAPI","INSTALACAO ELETRICA/ELETRIFICACAO E ILUMINACAO EXTERNA","CAIXAS"]
[91937,"CAIXA OCTOGONAL 3\" X 3\", PVC, INSTALADA EM LAJE - FORNECIMENTO E INSTALAÇÃO. AF_12/2015","UN",10.11,"SINAPI","INSTALACAO ELETRICA/ELETRIFICACAO E ILUMINACAO EXTERNA","CAIXAS"]
[91939,"CAIXA RETANGULAR 4\" X 2\" ALTA (2,00 M DO PISO), PVC, INSTALADA EM PAREDE - FORNECIMENTO E INSTALAÇÃO. AF_12/2015","UN",28.4,"SINAPI","INSTALACAO ELETRICA/ELETRIFICACAO E ILUMINACAO EXTERNA","CAIXAS"]
[91940,"CAIXA RETANGULAR 4\" X 2\" MÉDIA (1,30 M DO PISO), PVC, INSTALADA EM PAREDE - FORNECIMENTO E INSTALAÇÃO. AF_12/2015","UN",14.54,"SINAPI","INSTALACAO ELETRICA/ELETRIFICACAO E ILUMINACAO EXTERNA","CAIXAS"]
[91941,"CAIXA RETANGULAR 4\" X 2\" BAIXA (0,30 M DO PISO), PVC, INSTALADA EM PAREDE - FORNECIMENTO E INSTALAÇÃO. AF_12/2015","UN",9.35,"SINAPI","INSTALACAO ELETRICA/ELETRIFICACAO E ILUMINACAO EXTERNA","CAIXAS"]
[91942,"CAIXA RETANGULAR 4\" X 4\" ALTA (2,00 M DO PISO), PVC, INSTALADA EM PAREDE - FORNECIMENTO E INSTALAÇÃO. AF_12/2015","UN",34.01,"SINAPI","INSTALACAO ELETRICA/ELETRIFICACAO E ILUMINACAO EXTERNA","CAIXAS"]
[91943,"CAIXA RETANGULAR 4\" X 4\" MÉDIA (1,30 M DO PISO), PVC, INSTALADA EM PAREDE - FORNECIMENTO E INSTALAÇÃO. AF_12/2015","UN",18.07,"SINAPI","INSTALACAO ELETRICA/ELETRIFICACAO E ILUMINACAO EXTERNA","CAIXAS"]
[91944,"CAIXA RETANGULAR 4\" X 4\" BAIXA (0,30 M DO PISO), PVC, INSTALADA EM PAREDE - FORNECIMENTO E INSTALAÇÃO. AF_12/2015","UN",12.11,"SINAPI","INSTALACAO ELETRICA/ELETRIFICACAO E ILUMINACAO EXTERNA","CAIXAS"]
[92865,"CAIXA OCTOGONAL 4\" X 4\", METÁLICA, INSTALADA EM LAJE - FORNECIMENTO E INSTALAÇÃO. AF_12/2015","UN",9.84,"SINAPI","INSTALACAO ELETRICA/ELETRIFICACAO E ILUMINACAO EXTERNA","CAIXAS"]
[92866,"CAIXA SEXTAVADA 3\" X 3\", METÁLICA, INSTALADA EM LAJE - FORNECIMENTO E INSTALAÇÃO. AF_12/2015","UN",8.6,"SINAPI","INSTALACAO ELETRICA/ELETRIFICACAO E ILUMINACAO EXTERNA","CAIXAS"]
[92867,"CAIXA RETANGULAR 4\" X 2\" ALTA (2,00 M DO PISO), METÁLICA, INSTALADA EM PAREDE - FORNECIMENTO E INSTALAÇÃO. AF_12/2015","UN",28.04,"SINAPI","INSTALACAO ELETRICA/ELETRIFICACAO E ILUMINACAO EXTERNA","CAIXAS"]
[92868,"CAIXA RETANGULAR 4\" X 2\" MÉDIA (1,30 M DO PISO), METÁLICA, INSTALADA EM PAREDE - FORNECIMENTO E INSTALAÇÃO. AF_12/2015","UN",14.18,"SINAPI","INSTALACAO ELETRICA/ELETRIFICACAO E ILUMINACAO EXTERNA","CAIXAS"]
[92869,"CAIXA RETANGULAR 4\" X 2\" BAIXA (0,30 M DO PISO), METÁLICA, INSTALADA EM PAREDE - FORNECIMENTO E INSTALAÇÃO. AF_12/2015","UN",8.99,"SINAPI","INSTALACAO ELETRICA/ELETRIFICACAO E ILUMINACAO EXTERNA","CAIXAS"]
[92870,"CAIXA RETANGULAR 4\" X 4\" ALTA (2,00 M DO PISO), METÁLICA, INSTALADA EM PAREDE - FORNECIMENTO E INSTALAÇÃO. AF_12/2015","UN",33.44,"SINAPI","INSTALACAO ELETRICA/ELETRIFICACAO E ILUMINACAO EXTERNA","CAIXAS"]
[92871,"CAIXA RETANGULAR 4\" X 4\" MÉDIA (1,30 M DO PISO), METÁLICA, INSTALADA EM PAREDE - FORNECIMENTO E INSTALAÇÃO. AF_12/2015","UN",17.5,"SINAPI","INSTALACAO ELETRICA/ELETRIFICACAO E ILUMINACAO EXTERNA","CAIXAS"]
[92872,"CAIXA RETANGULAR 4\" X 4\" BAIXA (0,30 M DO PISO), METÁLICA, INSTALADA EM PAREDE - FORNECIMENTO E INSTALAÇÃO. AF_12/2015","UN",11.54,"SINAPI","INSTALACAO ELETRICA/ELETRIFICACAO E ILUMINACAO EXTERNA","CAIXAS"]
[95777,"CONDULETE DE ALUMÍNIO, TIPO B, PARA ELETRODUTO DE AÇO GALVANIZADO DN 20 MM (3/4''), APARENTE - FORNECIMENTO E INSTALAÇÃO. AF_11/2016_P","UN",25.57,"SINAPI","INSTALACAO ELETRICA/ELETRIFICACAO E ILUMINACAO EXTERNA","CAIXAS"]
[95778,"CONDULETE DE ALUMÍNIO, TIPO C, PARA ELETRODUTO DE AÇO GALVANIZADO DN 20 MM (3/4''), APARENTE - FORNECIMENTO E INSTALAÇÃO. AF_11/2016_P","UN",26.03,"SINAPI","INSTALACAO ELETRICA/ELETRIFICACAO E ILUMINACAO EXTERNA","CAIXAS"]
[95779,"CONDULETE DE ALUMÍNIO, TIPO E, PARA ELETRODUTO DE AÇO GALVANIZADO DN 20 MM (3/4''), APARENTE - FORNECIMENTO E INSTALAÇÃO. AF_11/2016_P","UN",24.48,"SINAPI","INSTALACAO ELETRICA/ELETRIFICACAO E ILUMINACAO EXTERNA","CAIXAS"]
[95780,"CONDULETE DE ALUMÍNIO, TIPO B, PARA ELETRODUTO DE AÇO GALVANIZADO DN 25 MM (1''), APARENTE - FORNECIMENTO E INSTALAÇÃO. AF_11/2016_P","UN",28.42,"SINAPI","INSTALACAO ELETRICA/ELETRIFICACAO E ILUMINACAO EXTERNA","CAIXAS"]
[95781,"CONDULETE DE ALUMÍNIO, TIPO C, PARA ELETRODUTO DE AÇO GALVANIZADO DN 25 MM (1''), APARENTE - FORNECIMENTO E INSTALAÇÃO. AF_11/2016_P","UN",28.77,"SINAPI","INSTALACAO ELETRICA/ELETRIFICACAO E ILUMINACAO EXTERNA","CAIXAS"]
[95782,"CONDULETE DE ALUMÍNIO, TIPO E, ELETRODUTO DE AÇO GALVANIZADO DN 25 MM (1''), APARENTE - FORNECIMENTO E INSTALAÇÃO. AF_11/2016_P","UN",29.67,"SINAPI","INSTALACAO ELETRICA/ELETRIFICACAO E ILUMINACAO EXTERNA","CAIXAS"]
[95785,"CONDULETE DE ALUMÍNIO, TIPO E, PARA ELETRODUTO DE AÇO GALVANIZADO DN 32 MM (1 1/4''), APARENTE - FORNECIMENTO E INSTALAÇÃO. AF_11/2016_P","UN",33.15,"SINAPI","INSTALACAO ELETRICA/ELETRIFICACAO E ILUMINACAO EXTERNA","CAIXAS"]
[95787,"CONDULETE DE ALUMÍNIO, TIPO LR, PARA ELETRODUTO DE AÇO GALVANIZADO DN 20 MM (3/4''), APARENTE - FORNECIMENTO E INSTALAÇÃO. AF_11/2016_P","UN",26.41,"SINAPI","INSTALACAO ELETRICA/ELETRIFICACAO E ILUMINACAO EXTERNA","CAIXAS"]
[95789,"CONDULETE DE ALUMÍNIO, TIPO LR, PARA ELETRODUTO DE AÇO GALVANIZADO DN 25 MM (1''), APARENTE - FORNECIMENTO E INSTALAÇÃO. AF_11/2016_P","UN",31.37,"SINAPI","INSTALACAO ELETRICA/ELETRIFICACAO E ILUMINACAO EXTERNA","CAIXAS"]
[95791,"CONDULETE DE ALUMÍNIO, TIPO LR, PARA ELETRODUTO DE AÇO GALVANIZADO DN 32 MM (1 1/4''), APARENTE - FORNECIMENTO E INSTALAÇÃO. AF_11/2016_P","UN",38.75,"SINAPI","INSTALACAO ELETRICA/ELETRIFICACAO E ILUMINACAO EXTERNA","CAIXAS"]
[95795,"CONDULETE DE ALUMÍNIO, TIPO T, PARA ELETRODUTO DE AÇO GALVANIZADO DN 20 MM (3/4''), APARENTE - FORNECIMENTO E INSTALAÇÃO. AF_11/2016_P","UN",30.5,"SINAPI","INSTALACAO ELETRICA/ELETRIFICACAO E ILUMINACAO EXTERNA","CAIXAS"]
[95796,"CONDULETE DE ALUMÍNIO, TIPO T, PARA ELETRODUTO DE AÇO GALVANIZADO DN 25 MM (1''), APARENTE - FORNECIMENTO E INSTALAÇÃO. AF_11/2016_P","UN",36.92,"SINAPI","INSTALACAO ELETRICA/ELETRIFICACAO E ILUMINACAO EXTERNA","CAIXAS"]
[95797,"CONDULETE DE ALUMÍNIO, TIPO T, PARA ELETRODUTO DE AÇO GALVANIZADO DN 32 MM (1 1/4''), APARENTE - FORNECIMENTO E INSTALAÇÃO. AF_11/2016_P","UN",45.3,"SINAPI","INSTALACAO ELETRICA/ELETRIFICACAO E ILUMINACAO EXTERNA","CAIXAS"]
[95801,"CONDULETE DE ALUMÍNIO, TIPO X, PARA ELETRODUTO DE AÇO GALVANIZADO DN 20 MM (3/4''), APARENTE - FORNECIMENTO E INSTALAÇÃO. AF_11/2016_P","UN",36.08,"SINAPI","INSTALACAO ELETRICA/ELETRIFICACAO E ILUMINACAO EXTERNA","CAIXAS"]
[95802,"CONDULETE DE ALUMÍNIO, TIPO X, PARA ELETRODUTO DE AÇO GALVANIZADO DN 25 MM (1''), APARENTE - FORNECIMENTO E INSTALAÇÃO. AF_11/2016_P","UN",39.950000000000003,"SINAPI","INSTALACAO ELETRICA/ELETRIFICACAO E ILUMINACAO EXTERNA","CAIXAS"]
[95803,"CONDULETE DE ALUMÍNIO, TIPO X, PARA ELETRODUTO DE AÇO GALVANIZADO DN 32 MM (1 1/4''), APARENTE - FORNECIMENTO E INSTALAÇÃO. AF_11/2016_P","UN",50.72,"SINAPI","INSTALACAO ELETRICA/ELETRIFICACAO E ILUMINACAO EXTERNA","CAIXAS"]
[95804,"CONDULETE DE PVC, TIPO B, PARA ELETRODUTO DE PVC SOLDÁVEL DN 20 MM (1/2''), APARENTE - FORNECIMENTO E INSTALAÇÃO. AF_11/2016","UN",21.52,"SINAPI","INSTALACAO ELETRICA/ELETRIFICACAO E ILUMINACAO EXTERNA","CAIXAS"]
[95805,"CONDULETE DE PVC, TIPO B, PARA ELETRODUTO DE PVC SOLDÁVEL DN 25 MM (3/4''), APARENTE - FORNECIMENTO E INSTALAÇÃO. AF_11/2016","UN",21.76,"SINAPI","INSTALACAO ELETRICA/ELETRIFICACAO E ILUMINACAO EXTERNA","CAIXAS"]
[95806,"CONDULETE DE PVC, TIPO B, PARA ELETRODUTO DE PVC SOLDÁVEL DN 32 MM (1''), APARENTE - FORNECIMENTO E INSTALAÇÃO. AF_11/2016","UN",22.4,"SINAPI","INSTALACAO ELETRICA/ELETRIFICACAO E ILUMINACAO EXTERNA","CAIXAS"]
[95807,"CONDULETE DE PVC, TIPO LL, PARA ELETRODUTO DE PVC SOLDÁVEL DN 20 MM (1/2''), APARENTE - FORNECIMENTO E INSTALAÇÃO. AF_11/2016","UN",24.94,"SINAPI","INSTALACAO ELETRICA/ELETRIFICACAO E ILUMINACAO EXTERNA","CAIXAS"]
[95808,"CONDULETE DE PVC, TIPO LL, PARA ELETRODUTO DE PVC SOLDÁVEL DN 25 MM (3/4''), APARENTE - FORNECIMENTO E INSTALAÇÃO. AF_11/2016","UN",25.66,"SINAPI","INSTALACAO ELETRICA/ELETRIFICACAO E ILUMINACAO EXTERNA","CAIXAS"]
[95809,"CONDULETE DE PVC, TIPO LL, PARA ELETRODUTO DE PVC SOLDÁVEL DN 32 MM (1''), APARENTE - FORNECIMENTO E INSTALAÇÃO. AF_11/2016","UN",27.88,"SINAPI","INSTALACAO ELETRICA/ELETRIFICACAO E ILUMINACAO EXTERNA","CAIXAS"]
[95810,"CONDULETE DE PVC, TIPO LB, PARA ELETRODUTO DE PVC SOLDÁVEL DN 20 MM (1/2''), APARENTE - FORNECIMENTO E INSTALAÇÃO. AF_11/2016","UN",11.44,"SINAPI","INSTALACAO ELETRICA/ELETRIFICACAO E ILUMINACAO EXTERNA","CAIXAS"]
[95811,"CONDULETE DE PVC, TIPO LB, PARA ELETRODUTO DE PVC SOLDÁVEL DN 25 MM (3/4''), APARENTE - FORNECIMENTO E INSTALAÇÃO. AF_11/2016","UN",12.16,"SINAPI","INSTALACAO ELETRICA/ELETRIFICACAO E ILUMINACAO EXTERNA","CAIXAS"]
[95812,"CONDULETE DE PVC, TIPO LB, PARA ELETRODUTO DE PVC SOLDÁVEL DN 32 MM (1''), APARENTE - FORNECIMENTO E INSTALAÇÃO. AF_11/2016","UN",14.38,"SINAPI","INSTALACAO ELETRICA/ELETRIFICACAO E ILUMINACAO EXTERNA","CAIXAS"]
[95813,"CONDULETE DE PVC, TIPO TB, PARA ELETRODUTO DE PVC SOLDÁVEL DN 20 MM (1/2''), APARENTE - FORNECIMENTO E INSTALAÇÃO. AF_11/2016","UN",14.27,"SINAPI","INSTALACAO ELETRICA/ELETRIFICACAO E ILUMINACAO EXTERNA","CAIXAS"]
[95814,"CONDULETE DE PVC, TIPO TB, PARA ELETRODUTO DE PVC SOLDÁVEL DN 25 MM (3/4''), APARENTE - FORNECIMENTO E INSTALAÇÃO. AF_11/2016","UN",15.34,"SINAPI","INSTALACAO ELETRICA/ELETRIFICACAO E ILUMINACAO EXTERNA","CAIXAS"]
[95815,"CONDULETE DE PVC, TIPO TB, PARA ELETRODUTO DE PVC SOLDÁVEL DN 32 MM (1''), APARENTE - FORNECIMENTO E INSTALAÇÃO. AF_11/2016","UN",19.440000000000001,"SINAPI","INSTALACAO ELETRICA/ELETRIFICACAO E ILUMINACAO EXTERNA","CAIXAS"]
[95816,"CONDULETE DE PVC, TIPO X, PARA ELETRODUTO DE PVC SOLDÁVEL DN 20 MM (1/2''), APARENTE - FORNECIMENTO E INSTALAÇÃO. AF_11/2016","UN",30.76,"SINAPI","INSTALACAO ELETRICA/ELETRIFICACAO E ILUMINACAO EXTERNA","CAIXAS"]
[95817,"CONDULETE DE PVC, TIPO X, PARA ELETRODUTO DE PVC SOLDÁVEL DN 25 MM (3/4''), APARENTE - FORNECIMENTO E INSTALAÇÃO. AF_11/2016","UN",31.89,"SINAPI","INSTALACAO ELETRICA/ELETRIFICACAO E ILUMINACAO EXTERNA","CAIXAS"]
[95818,"CONDULETE DE PVC, TIPO X, PARA ELETRODUTO DE PVC SOLDÁVEL DN 32 MM (1''), APARENTE - FORNECIMENTO E INSTALAÇÃO. AF_11/2016","UN",37.39,"SINAPI","INSTALACAO ELETRICA/ELETRIFICACAO E ILUMINACAO EXTERNA","CAIXAS"]
[97886,"CAIXA ENTERRADA ELÉTRICA RETANGULAR, EM ALVENARIA COM TIJOLOS CERÂMICOS MACIÇOS, FUNDO COM BRITA, DIMENSÕES INTERNAS: 0,3X0,3X0,3 M. AF_05/2018","UN",132.62,"SINAPI","INSTALACAO ELETRICA/ELETRIFICACAO E ILUMINACAO EXTERNA","CAIXAS"]
[97887,"CAIXA ENTERRADA ELÉTRICA RETANGULAR, EM ALVENARIA COM TIJOLOS CERÂMICOS MACIÇOS, FUNDO COM BRITA, DIMENSÕES INTERNAS: 0,4X0,4X0,4 M. AF_05/2018","UN",209.17,"SINAPI","INSTALACAO ELETRICA/ELETRIFICACAO E ILUMINACAO EXTERNA","CAIXAS"]
[97888,"CAIXA ENTERRADA ELÉTRICA RETANGULAR, EM ALVENARIA COM TIJOLOS CERÂMICOS MACIÇOS, FUNDO COM BRITA, DIMENSÕES INTERNAS: 0,6X0,6X0,6 M. AF_05/2018","UN",401.27,"SINAPI","INSTALACAO ELETRICA/ELETRIFICACAO E ILUMINACAO EXTERNA","CAIXAS"]
[97889,"CAIXA ENTERRADA ELÉTRICA RETANGULAR, EM ALVENARIA COM TIJOLOS CERÂMICOS MACIÇOS, FUNDO COM BRITA, DIMENSÕES INTERNAS: 0,8X0,8X0,6 M. AF_05/2018","UN",538.27,"SINAPI","INSTALACAO ELETRICA/ELETRIFICACAO E ILUMINACAO EXTERNA","CAIXAS"]
[97890,"CAIXA ENTERRADA ELÉTRICA RETANGULAR, EM ALVENARIA COM TIJOLOS CERÂMICOS MACIÇOS, FUNDO COM BRITA, DIMENSÕES INTERNAS: 1X1X0,6 M. AF_05/2018","UN",611.89,"SINAPI","INSTALACAO ELETRICA/ELETRIFICACAO E ILUMINACAO EXTERNA","CAIXAS"]
[97891,"CAIXA ENTERRADA ELÉTRICA RETANGULAR, EM ALVENARIA COM BLOCOS DE CONCRETO, FUNDO COM BRITA, DIMENSÕES INTERNAS: 0,4X0,4X0,4 M. AF_05/2018","UN",164.44,"SINAPI","INSTALACAO ELETRICA/ELETRIFICACAO E ILUMINACAO EXTERNA","CAIXAS"]
[97892,"CAIXA ENTERRADA ELÉTRICA RETANGULAR, EM ALVENARIA COM BLOCOS DE CONCRETO, FUNDO COM BRITA, DIMENSÕES INTERNAS: 0,6X0,6X0,6 M. AF_05/2018","UN",306.69,"SINAPI","INSTALACAO ELETRICA/ELETRIFICACAO E ILUMINACAO EXTERNA","CAIXAS"]
[97893,"CAIXA ENTERRADA ELÉTRICA RETANGULAR, EM ALVENARIA COM BLOCOS DE CONCRETO, FUNDO COM BRITA, DIMENSÕES INTERNAS: 0,8X0,8X0,6 M. AF_05/2018","UN",417.62,"SINAPI","INSTALACAO ELETRICA/ELETRIFICACAO E ILUMINACAO EXTERNA","CAIXAS"]
[97894,"CAIXA ENTERRADA ELÉTRICA RETANGULAR, EM ALVENARIA COM BLOCOS DE CONCRETO, FUNDO COM BRITA, DIMENSÕES INTERNAS: 1X1X0,6 M. AF_05/2018","UN",465.7,"SINAPI","INSTALACAO ELETRICA/ELETRIFICACAO E ILUMINACAO EXTERNA","CAIXAS"]
[68066,"CAIXA DE PROTECAO PARA MEDIDOR MONOFASICO, FORNECIMENTO E INSTALACAO","UN",130.97999999999999,"SINAPI","INSTALACAO ELETRICA/ELETRIFICACAO E ILUMINACAO EXTERNA","QUADROS/DISJUNTORES"]
[72319,"DISJUNTOR BAIXA TENSAO TRIPOLAR A SECO  800A/600V, INCLUSIVE ELETROTÉCNICO","UN",4648.92,"SINAPI","INSTALACAO ELETRICA/ELETRIFICACAO E ILUMINACAO EXTERNA","QUADROS/DISJUNTORES"]
[72341,"CONTATOR TRIPOLAR I NOMINAL 12A - FORNECIMENTO E INSTALACAO INCLUSIVE ELETROTÉCNICO","UN",264.97000000000003,"SINAPI","INSTALACAO ELETRICA/ELETRIFICACAO E ILUMINACAO EXTERNA","QUADROS/DISJUNTORES"]
[72343,"CONTATOR TRIPOLAR I NOMINAL 22A - FORNECIMENTO E INSTALACAO INCLUSIVE ELETROTÉCNICO","UN",312.35000000000002,"SINAPI","INSTALACAO ELETRICA/ELETRIFICACAO E ILUMINACAO EXTERNA","QUADROS/DISJUNTORES"]
[72344,"CONTATOR TRIPOLAR I NOMINAL 36A - FORNECIMENTO E INSTALACAO INCLUSIVE ELETROTÉCNICO","UN",459.06,"SINAPI","INSTALACAO ELETRICA/ELETRIFICACAO E ILUMINACAO EXTERNA","QUADROS/DISJUNTORES"]
[72345,"CONTATOR TRIPOLAR I NOMIMAL 94A - FORNECIMENTO E INSTALACAO INCLUSIVE ELETROTÉCNICO","UN",1196.24,"SINAPI","INSTALACAO ELETRICA/ELETRIFICACAO E ILUMINACAO EXTERNA","QUADROS/DISJUNTORES"]
["74130/1","DISJUNTOR TERMOMAGNETICO MONOPOLAR PADRAO NEMA (AMERICANO) 10 A 30A 240V, FORNECIMENTO E INSTALACAO","UN",14.48,"SINAPI","INSTALACAO ELETRICA/ELETRIFICACAO E ILUMINACAO EXTERNA","QUADROS/DISJUNTORES"]
["74130/2","DISJUNTOR TERMOMAGNETICO MONOPOLAR PADRAO NEMA (AMERICANO) 35 A 50A 240V, FORNECIMENTO E INSTALACAO","UN",21.79,"SINAPI","INSTALACAO ELETRICA/ELETRIFICACAO E ILUMINACAO EXTERNA","QUADROS/DISJUNTORES"]
["74130/3","DISJUNTOR TERMOMAGNETICO BIPOLAR PADRAO NEMA (AMERICANO) 10 A 50A 240V, FORNECIMENTO E INSTALACAO","UN",62.53,"SINAPI","INSTALACAO ELETRICA/ELETRIFICACAO E ILUMINACAO EXTERNA","QUADROS/DISJUNTORES"]
["74130/4","DISJUNTOR TERMOMAGNETICO TRIPOLAR PADRAO NEMA (AMERICANO) 10 A 50A 240V, FORNECIMENTO E INSTALACAO","UN",92.87,"SINAPI","INSTALACAO ELETRICA/ELETRIFICACAO E ILUMINACAO EXTERNA","QUADROS/DISJUNTORES"]
["74130/5","DISJUNTOR TERMOMAGNETICO TRIPOLAR PADRAO NEMA (AMERICANO) 60 A 100A 240V, FORNECIMENTO E INSTALACAO","UN",122.51,"SINAPI","INSTALACAO ELETRICA/ELETRIFICACAO E ILUMINACAO EXTERNA","QUADROS/DISJUNTORES"]
["74130/6","DISJUNTOR TERMOMAGNETICO TRIPOLAR PADRAO NEMA (AMERICANO) 125 A 150A 240V, FORNECIMENTO E INSTALACAO","UN",339.81,"SINAPI","INSTALACAO ELETRICA/ELETRIFICACAO E ILUMINACAO EXTERNA","QUADROS/DISJUNTORES"]
["74130/7","DISJUNTOR TERMOMAGNETICO TRIPOLAR EM CAIXA MOLDADA 250A 600V, FORNECIMENTO E INSTALACAO","UN",872.06,"SINAPI","INSTALACAO ELETRICA/ELETRIFICACAO E ILUMINACAO EXTERNA","QUADROS/DISJUNTORES"]
["74130/8","DISJUNTOR TERMOMAGNETICO TRIPOLAR EM CAIXA MOLDADA 300 A 400A 600V, FORNECIMENTO E INSTALACAO","UN",1190.27,"SINAPI","INSTALACAO ELETRICA/ELETRIFICACAO E ILUMINACAO EXTERNA","QUADROS/DISJUNTORES"]
["74130/9","DISJUNTOR TERMOMAGNETICO TRIPOLAR EM CAIXA MOLDADA 500 A 600A 600V, FORNECIMENTO E INSTALACAO","UN",1947.19,"SINAPI","INSTALACAO ELETRICA/ELETRIFICACAO E ILUMINACAO EXTERNA","QUADROS/DISJUNTORES"]
["74130/10","DISJUNTOR TERMOMAGNETICO TRIPOLAR EM CAIXA MOLDADA 175 A 225A 240V, FORNECIMENTO E INSTALACAO","UN",528.95000000000005,"SINAPI","INSTALACAO ELETRICA/ELETRIFICACAO E ILUMINACAO EXTERNA","QUADROS/DISJUNTORES"]
["74131/1","QUADRO DE DISTRIBUICAO DE ENERGIA DE EMBUTIR, EM CHAPA METALICA, PARA 3 DISJUNTORES TERMOMAGNETICOS MONOPOLARES SEM BARRAMENTO FORNECIMENTO E INSTALACAO","UN",74.48,"SINAPI","INSTALACAO ELETRICA/ELETRIFICACAO E ILUMINACAO EXTERNA","QUADROS/DISJUNTORES"]
["74131/4","QUADRO DE DISTRIBUICAO DE ENERGIA DE EMBUTIR, EM CHAPA METALICA, PARA 18 DISJUNTORES TERMOMAGNETICOS MONOPOLARES, COM BARRAMENTO TRIFASICO E NEUTRO, FORNECIMENTO E INSTALACAO","UN",426.49,"SINAPI","INSTALACAO ELETRICA/ELETRIFICACAO E ILUMINACAO EXTERNA","QUADROS/DISJUNTORES"]
["74131/5","QUADRO DE DISTRIBUICAO DE ENERGIA DE EMBUTIR, EM CHAPA METALICA, PARA 24 DISJUNTORES TERMOMAGNETICOS MONOPOLARES, COM BARRAMENTO TRIFASICO E NEUTRO, FORNECIMENTO E INSTALACAO","UN",496.42,"SINAPI","INSTALACAO ELETRICA/ELETRIFICACAO E ILUMINACAO EXTERNA","QUADROS/DISJUNTORES"]
["74131/6","QUADRO DE DISTRIBUICAO DE ENERGIA DE EMBUTIR, EM CHAPA METALICA, PARA 32 DISJUNTORES TERMOMAGNETICOS MONOPOLARES, COM BARRAMENTO TRIFASICO E NEUTRO, FORNECIMENTO E INSTALACAO","UN",929.97,"SINAPI","INSTALACAO ELETRICA/ELETRIFICACAO E ILUMINACAO EXTERNA","QUADROS/DISJUNTORES"]
["74131/7","QUADRO DE DISTRIBUICAO DE ENERGIA DE EMBUTIR, EM CHAPA METALICA, PARA 40 DISJUNTORES TERMOMAGNETICOS MONOPOLARES, COM BARRAMENTO TRIFASICO E NEUTRO, FORNECIMENTO E INSTALACAO","UN",789.51,"SINAPI","INSTALACAO ELETRICA/ELETRIFICACAO E ILUMINACAO EXTERNA","QUADROS/DISJUNTORES"]
["74131/8","QUADRO DE DISTRIBUICAO DE ENERGIA DE EMBUTIR, EM CHAPA METALICA, PARA 50 DISJUNTORES TERMOMAGNETICOS MONOPOLARES, COM BARRAMENTO TRIFASICO E NEUTRO, FORNECIMENTO E INSTALACAO","UN",1172.42,"SINAPI","INSTALACAO ELETRICA/ELETRIFICACAO E ILUMINACAO EXTERNA","QUADROS/DISJUNTORES"]
[83463,"QUADRO DE DISTRIBUICAO DE ENERGIA EM CHAPA DE ACO GALVANIZADO, PARA 12 DISJUNTORES TERMOMAGNETICOS MONOPOLARES, COM BARRAMENTO TRIFASICO E NEUTRO - FORNECIMENTO E INSTALACAO","UN",316.02999999999997,"SINAPI","INSTALACAO ELETRICA/ELETRIFICACAO E ILUMINACAO EXTERNA","QUADROS/DISJUNTORES"]
[84402,"QUADRO DE DISTRIBUICAO DE ENERGIA P/ 6 DISJUNTORES TERMOMAGNETICOS MONOPOLARES SEM BARRAMENTO, DE EMBUTIR, EM CHAPA METALICA - FORNECIMENTO E INSTALACAO","UN",83.31,"SINAPI","INSTALACAO ELETRICA/ELETRIFICACAO E ILUMINACAO EXTERNA","QUADROS/DISJUNTORES"]
[93653,"DISJUNTOR MONOPOLAR TIPO DIN, CORRENTE NOMINAL DE 10A - FORNECIMENTO E INSTALAÇÃO. AF_04/2016","UN",10.63,"SINAPI","INSTALACAO ELETRICA/ELETRIFICACAO E ILUMINACAO EXTERNA","QUADROS/DISJUNTORES"]
[93654,"DISJUNTOR MONOPOLAR TIPO DIN, CORRENTE NOMINAL DE 16A - FORNECIMENTO E INSTALAÇÃO. AF_04/2016","UN",11.29,"SINAPI","INSTALACAO ELETRICA/ELETRIFICACAO E ILUMINACAO EXTERNA","QUADROS/DISJUNTORES"]
[93655,"DISJUNTOR MONOPOLAR TIPO DIN, CORRENTE NOMINAL DE 20A - FORNECIMENTO E INSTALAÇÃO. AF_04/2016","UN",12.35,"SINAPI","INSTALACAO ELETRICA/ELETRIFICACAO E ILUMINACAO EXTERNA","QUADROS/DISJUNTORES"]
[93656,"DISJUNTOR MONOPOLAR TIPO DIN, CORRENTE NOMINAL DE 25A - FORNECIMENTO E INSTALAÇÃO. AF_04/2016","UN",12.35,"SINAPI","INSTALACAO ELETRICA/ELETRIFICACAO E ILUMINACAO EXTERNA","QUADROS/DISJUNTORES"]
[93657,"DISJUNTOR MONOPOLAR TIPO DIN, CORRENTE NOMINAL DE 32A - FORNECIMENTO E INSTALAÇÃO. AF_04/2016","UN",13.76,"SINAPI","INSTALACAO ELETRICA/ELETRIFICACAO E ILUMINACAO EXTERNA","QUADROS/DISJUNTORES"]
[93658,"DISJUNTOR MONOPOLAR TIPO DIN, CORRENTE NOMINAL DE 40A - FORNECIMENTO E INSTALAÇÃO. AF_04/2016","UN",20.09,"SINAPI","INSTALACAO ELETRICA/ELETRIFICACAO E ILUMINACAO EXTERNA","QUADROS/DISJUNTORES"]
[93659,"DISJUNTOR MONOPOLAR TIPO DIN, CORRENTE NOMINAL DE 50A - FORNECIMENTO E INSTALAÇÃO. AF_04/2016","UN",23,"SINAPI","INSTALACAO ELETRICA/ELETRIFICACAO E ILUMINACAO EXTERNA","QUADROS/DISJUNTORES"]
[93660,"DISJUNTOR BIPOLAR TIPO DIN, CORRENTE NOMINAL DE 10A - FORNECIMENTO E INSTALAÇÃO. AF_04/2016","UN",52.38,"SINAPI","INSTALACAO ELETRICA/ELETRIFICACAO E ILUMINACAO EXTERNA","QUADROS/DISJUNTORES"]
[93661,"DISJUNTOR BIPOLAR TIPO DIN, CORRENTE NOMINAL DE 16A - FORNECIMENTO E INSTALAÇÃO. AF_04/2016","UN",53.65,"SINAPI","INSTALACAO ELETRICA/ELETRIFICACAO E ILUMINACAO EXTERNA","QUADROS/DISJUNTORES"]
[93662,"DISJUNTOR BIPOLAR TIPO DIN, CORRENTE NOMINAL DE 20A - FORNECIMENTO E INSTALAÇÃO. AF_04/2016","UN",55.88,"SINAPI","INSTALACAO ELETRICA/ELETRIFICACAO E ILUMINACAO EXTERNA","QUADROS/DISJUNTORES"]
[93663,"DISJUNTOR BIPOLAR TIPO DIN, CORRENTE NOMINAL DE 25A - FORNECIMENTO E INSTALAÇÃO. AF_04/2016","UN",55.88,"SINAPI","INSTALACAO ELETRICA/ELETRIFICACAO E ILUMINACAO EXTERNA","QUADROS/DISJUNTORES"]
[93664,"DISJUNTOR BIPOLAR TIPO DIN, CORRENTE NOMINAL DE 32A - FORNECIMENTO E INSTALAÇÃO. AF_04/2016","UN",58.65,"SINAPI","INSTALACAO ELETRICA/ELETRIFICACAO E ILUMINACAO EXTERNA","QUADROS/DISJUNTORES"]
[93665,"DISJUNTOR BIPOLAR TIPO DIN, CORRENTE NOMINAL DE 40A - FORNECIMENTO E INSTALAÇÃO. AF_04/2016","UN",62.53,"SINAPI","INSTALACAO ELETRICA/ELETRIFICACAO E ILUMINACAO EXTERNA","QUADROS/DISJUNTORES"]
[93666,"DISJUNTOR BIPOLAR TIPO DIN, CORRENTE NOMINAL DE 50A - FORNECIMENTO E INSTALAÇÃO. AF_04/2016","UN",68.349999999999994,"SINAPI","INSTALACAO ELETRICA/ELETRIFICACAO E ILUMINACAO EXTERNA","QUADROS/DISJUNTORES"]
[93667,"DISJUNTOR TRIPOLAR TIPO DIN, CORRENTE NOMINAL DE 10A - FORNECIMENTO E INSTALAÇÃO. AF_04/2016","UN",65.430000000000007,"SINAPI","INSTALACAO ELETRICA/ELETRIFICACAO E ILUMINACAO EXTERNA","QUADROS/DISJUNTORES"]
[93668,"DISJUNTOR TRIPOLAR TIPO DIN, CORRENTE NOMINAL DE 16A - FORNECIMENTO E INSTALAÇÃO. AF_04/2016","UN",67.37,"SINAPI","INSTALACAO ELETRICA/ELETRIFICACAO E ILUMINACAO EXTERNA","QUADROS/DISJUNTORES"]
[93669,"DISJUNTOR TRIPOLAR TIPO DIN, CORRENTE NOMINAL DE 20A - FORNECIMENTO E INSTALAÇÃO. AF_04/2016","UN",70.67,"SINAPI","INSTALACAO ELETRICA/ELETRIFICACAO E ILUMINACAO EXTERNA","QUADROS/DISJUNTORES"]
[93670,"DISJUNTOR TRIPOLAR TIPO DIN, CORRENTE NOMINAL DE 25A - FORNECIMENTO E INSTALAÇÃO. AF_04/2016","UN",70.67,"SINAPI","INSTALACAO ELETRICA/ELETRIFICACAO E ILUMINACAO EXTERNA","QUADROS/DISJUNTORES"]
[93671,"DISJUNTOR TRIPOLAR TIPO DIN, CORRENTE NOMINAL DE 32A - FORNECIMENTO E INSTALAÇÃO. AF_04/2016","UN",74.83,"SINAPI","INSTALACAO ELETRICA/ELETRIFICACAO E ILUMINACAO EXTERNA","QUADROS/DISJUNTORES"]
[93672,"DISJUNTOR TRIPOLAR TIPO DIN, CORRENTE NOMINAL DE 40A - FORNECIMENTO E INSTALAÇÃO. AF_04/2016","UN",81.819999999999993,"SINAPI","INSTALACAO ELETRICA/ELETRIFICACAO E ILUMINACAO EXTERNA","QUADROS/DISJUNTORES"]
[93673,"DISJUNTOR TRIPOLAR TIPO DIN, CORRENTE NOMINAL DE 50A - FORNECIMENTO E INSTALAÇÃO. AF_04/2016","UN",90.55,"SINAPI","INSTALACAO ELETRICA/ELETRIFICACAO E ILUMINACAO EXTERNA","QUADROS/DISJUNTORES"]
[72339,"TOMADA 3P+T 30A/440V SEM PLACA - FORNECIMENTO E INSTALACAO","UN",60.04,"SINAPI","INSTALACAO ELETRICA/ELETRIFICACAO E ILUMINACAO EXTERNA","INTERRUPTOR/TOMADA"]
[83403,"INTERRUPTOR PULSADOR DE CAMPAINHA OU MINUTERIA 2A/250V C/ CAIXA - FORNECIMENTO E INSTALACAO","UN",20.18,"SINAPI","INSTALACAO ELETRICA/ELETRIFICACAO E ILUMINACAO EXTERNA","INTERRUPTOR/TOMADA"]
[83465,"INTERRUPTOR INTERMEDIARIO (FOUR-WAY) - FORNECIMENTO E INSTALACAO","UN",51.58,"SINAPI","INSTALACAO ELETRICA/ELETRIFICACAO E ILUMINACAO EXTERNA","INTERRUPTOR/TOMADA"]
[91945,"SUPORTE PARAFUSADO COM PLACA DE ENCAIXE 4\" X 2\" ALTO (2,00 M DO PISO) PARA PONTO ELÉTRICO - FORNECIMENTO E INSTALAÇÃO. AF_12/2015","UN",9.1999999999999993,"SINAPI","INSTALACAO ELETRICA/ELETRIFICACAO E ILUMINACAO EXTERNA","INTERRUPTOR/TOMADA"]
[91946,"SUPORTE PARAFUSADO COM PLACA DE ENCAIXE 4\" X 2\" MÉDIO (1,30 M DO PISO) PARA PONTO ELÉTRICO - FORNECIMENTO E INSTALAÇÃO. AF_12/2015","UN",7.49,"SINAPI","INSTALACAO ELETRICA/ELETRIFICACAO E ILUMINACAO EXTERNA","INTERRUPTOR/TOMADA"]
[91947,"SUPORTE PARAFUSADO COM PLACA DE ENCAIXE 4\" X 2\" BAIXO (0,30 M DO PISO) PARA PONTO ELÉTRICO - FORNECIMENTO E INSTALAÇÃO. AF_12/2015","UN",6.43,"SINAPI","INSTALACAO ELETRICA/ELETRIFICACAO E ILUMINACAO EXTERNA","INTERRUPTOR/TOMADA"]
[91949,"SUPORTE PARAFUSADO COM PLACA DE ENCAIXE 4\" X 4\" ALTO (2,00 M DO PISO) PARA PONTO ELÉTRICO - FORNECIMENTO E INSTALAÇÃO. AF_12/2015","UN",13.66,"SINAPI","INSTALACAO ELETRICA/ELETRIFICACAO E ILUMINACAO EXTERNA","INTERRUPTOR/TOMADA"]
[91950,"SUPORTE PARAFUSADO COM PLACA DE ENCAIXE 4\" X 4\" MÉDIO (1,30 M DO PISO) PARA PONTO ELÉTRICO - FORNECIMENTO E INSTALAÇÃO. AF_12/2015","UN",11.6,"SINAPI","INSTALACAO ELETRICA/ELETRIFICACAO E ILUMINACAO EXTERNA","INTERRUPTOR/TOMADA"]
[91951,"SUPORTE PARAFUSADO COM PLACA DE ENCAIXE 4\" X 4\" BAIXO (0,30 M DO PISO) PARA PONTO ELÉTRICO - FORNECIMENTO E INSTALAÇÃO. AF_12/2015","UN",10.36,"SINAPI","INSTALACAO ELETRICA/ELETRIFICACAO E ILUMINACAO EXTERNA","INTERRUPTOR/TOMADA"]
[91952,"INTERRUPTOR SIMPLES (1 MÓDULO), 10A/250V, SEM SUPORTE E SEM PLACA - FORNECIMENTO E INSTALAÇÃO. AF_12/2015","UN",17.43,"SINAPI","INSTALACAO ELETRICA/ELETRIFICACAO E ILUMINACAO EXTERNA","INTERRUPTOR/TOMADA"]
[91953,"INTERRUPTOR SIMPLES (1 MÓDULO), 10A/250V, INCLUINDO SUPORTE E PLACA - FORNECIMENTO E INSTALAÇÃO. AF_12/2015","UN",24.92,"SINAPI","INSTALACAO ELETRICA/ELETRIFICACAO E ILUMINACAO EXTERNA","INTERRUPTOR/TOMADA"]
[91954,"INTERRUPTOR PARALELO (1 MÓDULO), 10A/250V, SEM SUPORTE E SEM PLACA - FORNECIMENTO E INSTALAÇÃO. AF_12/2015","UN",23.47,"SINAPI","INSTALACAO ELETRICA/ELETRIFICACAO E ILUMINACAO EXTERNA","INTERRUPTOR/TOMADA"]
[91955,"INTERRUPTOR PARALELO (1 MÓDULO), 10A/250V, INCLUINDO SUPORTE E PLACA - FORNECIMENTO E INSTALAÇÃO. AF_12/2015","UN",30.96,"SINAPI","INSTALACAO ELETRICA/ELETRIFICACAO E ILUMINACAO EXTERNA","INTERRUPTOR/TOMADA"]
[91956,"INTERRUPTOR SIMPLES (1 MÓDULO) COM INTERRUPTOR PARALELO (1 MÓDULO), 10A/250V, SEM SUPORTE E SEM PLACA - FORNECIMENTO E INSTALAÇÃO. AF_12/2015","UN",37.81,"SINAPI","INSTALACAO ELETRICA/ELETRIFICACAO E ILUMINACAO EXTERNA","INTERRUPTOR/TOMADA"]
[91957,"INTERRUPTOR SIMPLES (1 MÓDULO) COM INTERRUPTOR PARALELO (1 MÓDULO), 10A/250V, INCLUINDO SUPORTE E PLACA - FORNECIMENTO E INSTALAÇÃO. AF_12/2015","UN",45.3,"SINAPI","INSTALACAO ELETRICA/ELETRIFICACAO E ILUMINACAO EXTERNA","INTERRUPTOR/TOMADA"]
[91958,"INTERRUPTOR SIMPLES (2 MÓDULOS), 10A/250V, SEM SUPORTE E SEM PLACA - FORNECIMENTO E INSTALAÇÃO. AF_12/2015","UN",31.82,"SINAPI","INSTALACAO ELETRICA/ELETRIFICACAO E ILUMINACAO EXTERNA","INTERRUPTOR/TOMADA"]
[91959,"INTERRUPTOR SIMPLES (2 MÓDULOS), 10A/250V, INCLUINDO SUPORTE E PLACA - FORNECIMENTO E INSTALAÇÃO. AF_12/2015","UN",39.31,"SINAPI","INSTALACAO ELETRICA/ELETRIFICACAO E ILUMINACAO EXTERNA","INTERRUPTOR/TOMADA"]
[91960,"INTERRUPTOR PARALELO (2 MÓDULOS), 10A/250V, SEM SUPORTE E SEM PLACA - FORNECIMENTO E INSTALAÇÃO. AF_12/2015","UN",43.85,"SINAPI","INSTALACAO ELETRICA/ELETRIFICACAO E ILUMINACAO EXTERNA","INTERRUPTOR/TOMADA"]
[91961,"INTERRUPTOR PARALELO (2 MÓDULOS), 10A/250V, INCLUINDO SUPORTE E PLACA - FORNECIMENTO E INSTALAÇÃO. AF_12/2015","UN",51.34,"SINAPI","INSTALACAO ELETRICA/ELETRIFICACAO E ILUMINACAO EXTERNA","INTERRUPTOR/TOMADA"]
[91962,"INTERRUPTOR SIMPLES (1 MÓDULO) COM INTERRUPTOR PARALELO (2 MÓDULOS), 10A/250V, SEM SUPORTE E SEM PLACA - FORNECIMENTO E INSTALAÇÃO. AF_12/2015","UN",58.24,"SINAPI","INSTALACAO ELETRICA/ELETRIFICACAO E ILUMINACAO EXTERNA","INTERRUPTOR/TOMADA"]
[91963,"INTERRUPTOR SIMPLES (1 MÓDULO) COM INTERRUPTOR PARALELO (2 MÓDULOS), 10A/250V, INCLUINDO SUPORTE E PLACA - FORNECIMENTO E INSTALAÇÃO. AF_12/2015","UN",65.73,"SINAPI","INSTALACAO ELETRICA/ELETRIFICACAO E ILUMINACAO EXTERNA","INTERRUPTOR/TOMADA"]
[91964,"INTERRUPTOR SIMPLES (2 MÓDULOS) COM INTERRUPTOR PARALELO (1 MÓDULO), 10A/250V, SEM SUPORTE E SEM PLACA - FORNECIMENTO E INSTALAÇÃO. AF_12/2015","UN",52.19,"SINAPI","INSTALACAO ELETRICA/ELETRIFICACAO E ILUMINACAO EXTERNA","INTERRUPTOR/TOMADA"]
[91965,"INTERRUPTOR SIMPLES (2 MÓDULOS) COM INTERRUPTOR PARALELO (1 MÓDULO), 10A/250V, INCLUINDO SUPORTE E PLACA - FORNECIMENTO E INSTALAÇÃO. AF_12/2015","UN",59.68,"SINAPI","INSTALACAO ELETRICA/ELETRIFICACAO E ILUMINACAO EXTERNA","INTERRUPTOR/TOMADA"]
[91966,"INTERRUPTOR SIMPLES (3 MÓDULOS), 10A/250V, SEM SUPORTE E SEM PLACA - FORNECIMENTO E INSTALAÇÃO. AF_12/2015","UN",46.21,"SINAPI","INSTALACAO ELETRICA/ELETRIFICACAO E ILUMINACAO EXTERNA","INTERRUPTOR/TOMADA"]
[91967,"INTERRUPTOR SIMPLES (3 MÓDULOS), 10A/250V, INCLUINDO SUPORTE E PLACA - FORNECIMENTO E INSTALAÇÃO. AF_12/2015","UN",53.7,"SINAPI","INSTALACAO ELETRICA/ELETRIFICACAO E ILUMINACAO EXTERNA","INTERRUPTOR/TOMADA"]
[91968,"INTERRUPTOR PARALELO (3 MÓDULOS), 10A/250V, SEM SUPORTE E SEM PLACA - FORNECIMENTO E INSTALAÇÃO. AF_12/2015","UN",64.22,"SINAPI","INSTALACAO ELETRICA/ELETRIFICACAO E ILUMINACAO EXTERNA","INTERRUPTOR/TOMADA"]
[91969,"INTERRUPTOR PARALELO (3 MÓDULOS), 10A/250V, INCLUINDO SUPORTE E PLACA - FORNECIMENTO E INSTALAÇÃO. AF_12/2015","UN",71.709999999999994,"SINAPI","INSTALACAO ELETRICA/ELETRIFICACAO E ILUMINACAO EXTERNA","INTERRUPTOR/TOMADA"]
[91970,"INTERRUPTOR SIMPLES (3 MÓDULOS) COM INTERRUPTOR PARALELO (1 MÓDULO), 10A/250V, SEM SUPORTE E SEM PLACA - FORNECIMENTO E INSTALAÇÃO. AF_12/2015","UN",66.94,"SINAPI","INSTALACAO ELETRICA/ELETRIFICACAO E ILUMINACAO EXTERNA","INTERRUPTOR/TOMADA"]
[91971,"INTERRUPTOR SIMPLES (3 MÓDULOS) COM INTERRUPTOR PARALELO (1 MÓDULO), 10A/250V, INCLUINDO SUPORTE E PLACA - FORNECIMENTO E INSTALAÇÃO. AF_12/2015","UN",78.540000000000006,"SINAPI","INSTALACAO ELETRICA/ELETRIFICACAO E ILUMINACAO EXTERNA","INTERRUPTOR/TOMADA"]
[91972,"INTERRUPTOR SIMPLES (2 MÓDULOS) COM INTERRUPTOR PARALELO (2 MÓDULOS), 10A/250V, SEM SUPORTE E SEM PLACA - FORNECIMENTO E INSTALAÇÃO. AF_12/2015","UN",72.97,"SINAPI","INSTALACAO ELETRICA/ELETRIFICACAO E ILUMINACAO EXTERNA","INTERRUPTOR/TOMADA"]
[91973,"INTERRUPTOR SIMPLES (2 MÓDULOS) COM INTERRUPTOR PARALELO (2 MÓDULOS), 10A/250V, INCLUINDO SUPORTE E PLACA - FORNECIMENTO E INSTALAÇÃO. AF_12/2015","UN",84.57,"SINAPI","INSTALACAO ELETRICA/ELETRIFICACAO E ILUMINACAO EXTERNA","INTERRUPTOR/TOMADA"]
[91974,"INTERRUPTOR SIMPLES (4 MÓDULOS), 10A/250V, SEM SUPORTE E SEM PLACA - FORNECIMENTO E INSTALAÇÃO. AF_12/2015","UN",60.9,"SINAPI","INSTALACAO ELETRICA/ELETRIFICACAO E ILUMINACAO EXTERNA","INTERRUPTOR/TOMADA"]
[91975,"INTERRUPTOR SIMPLES (4 MÓDULOS), 10A/250V, INCLUINDO SUPORTE E PLACA - FORNECIMENTO E INSTALAÇÃO. AF_12/2015","UN",72.5,"SINAPI","INSTALACAO ELETRICA/ELETRIFICACAO E ILUMINACAO EXTERNA","INTERRUPTOR/TOMADA"]
[91976,"INTERRUPTOR SIMPLES (6 MÓDULOS), 10A/250V, SEM SUPORTE E SEM PLACA - FORNECIMENTO E INSTALAÇÃO. AF_12/2015","UN",89.77,"SINAPI","INSTALACAO ELETRICA/ELETRIFICACAO E ILUMINACAO EXTERNA","INTERRUPTOR/TOMADA"]
[91977,"INTERRUPTOR SIMPLES (6 MÓDULOS), 10A/250V, INCLUINDO SUPORTE E PLACA - FORNECIMENTO E INSTALAÇÃO. AF_12/2015","UN",101.37,"SINAPI","INSTALACAO ELETRICA/ELETRIFICACAO E ILUMINACAO EXTERNA","INTERRUPTOR/TOMADA"]
[91978,"INTERRUPTOR INTERMEDIÁRIO (1 MÓDULO), 10A/250V, SEM SUPORTE E SEM PLACA - FORNECIMENTO E INSTALAÇÃO. AF_09/2017","UN",36.409999999999997,"SINAPI","INSTALACAO ELETRICA/ELETRIFICACAO E ILUMINACAO EXTERNA","INTERRUPTOR/TOMADA"]
[91979,"INTERRUPTOR INTERMEDIÁRIO (1 MÓDULO), 10A/250V, INCLUINDO SUPORTE E PLACA - FORNECIMENTO E INSTALAÇÃO. AF_09/2017","UN",43.9,"SINAPI","INSTALACAO ELETRICA/ELETRIFICACAO E ILUMINACAO EXTERNA","INTERRUPTOR/TOMADA"]
[91980,"INTERRUPTOR BIPOLAR (1 MÓDULO), 10A/250V, SEM SUPORTE E SEM PLACA - FORNECIMENTO E INSTALAÇÃO. AF_09/2017","UN",35.36,"SINAPI","INSTALACAO ELETRICA/ELETRIFICACAO E ILUMINACAO EXTERNA","INTERRUPTOR/TOMADA"]
[91981,"INTERRUPTOR BIPOLAR (1 MÓDULO), 10A/250V, INCLUINDO SUPORTE E PLACA - FORNECIMENTO E INSTALAÇÃO. AF_09/2017","UN",42.85,"SINAPI","INSTALACAO ELETRICA/ELETRIFICACAO E ILUMINACAO EXTERNA","INTERRUPTOR/TOMADA"]
[91982,"DIMMER ROTATIVO (1 MÓDULO), 220V/600W, SEM SUPORTE E SEM PLACA - FORNECIMENTO E INSTALAÇÃO. AF_09/2017","UN",78.040000000000006,"SINAPI","INSTALACAO ELETRICA/ELETRIFICACAO E ILUMINACAO EXTERNA","INTERRUPTOR/TOMADA"]
[91983,"DIMMER ROTATIVO (1 MÓDULO), 220V/600W, INCLUINDO SUPORTE E PLACA - FORNECIMENTO E INSTALAÇÃO. AF_09/2017","UN",85.53,"SINAPI","INSTALACAO ELETRICA/ELETRIFICACAO E ILUMINACAO EXTERNA","INTERRUPTOR/TOMADA"]
[91984,"INTERRUPTOR PULSADOR CAMPAINHA (1 MÓDULO), 10A/250V, SEM SUPORTE E SEM PLACA - FORNECIMENTO E INSTALAÇÃO. AF_09/2017","UN",16.46,"SINAPI","INSTALACAO ELETRICA/ELETRIFICACAO E ILUMINACAO EXTERNA","INTERRUPTOR/TOMADA"]
[91985,"INTERRUPTOR PULSADOR CAMPAINHA (1 MÓDULO), 10A/250V, INCLUINDO SUPORTE E PLACA - FORNECIMENTO E INSTALAÇÃO. AF_09/2017","UN",23.95,"SINAPI","INSTALACAO ELETRICA/ELETRIFICACAO E ILUMINACAO EXTERNA","INTERRUPTOR/TOMADA"]
[91986,"CAMPAINHA CIGARRA (1 MÓDULO), 10A/250V, SEM SUPORTE E SEM PLACA - FORNECIMENTO E INSTALAÇÃO. AF_09/2017","UN",33.909999999999997,"SINAPI","INSTALACAO ELETRICA/ELETRIFICACAO E ILUMINACAO EXTERNA","INTERRUPTOR/TOMADA"]
[91987,"CAMPAINHA CIGARRA (1 MÓDULO), 10A/250V, INCLUINDO SUPORTE E PLACA - FORNECIMENTO E INSTALAÇÃO. AF_09/2017","UN",41.4,"SINAPI","INSTALACAO ELETRICA/ELETRIFICACAO E ILUMINACAO EXTERNA","INTERRUPTOR/TOMADA"]
[91988,"INTERRUPTOR PULSADOR MINUTERIA (1 MÓDULO), 10A/250V, SEM SUPORTE E SEM PLACA - FORNECIMENTO E INSTALAÇÃO. AF_09/2017","UN",19.98,"SINAPI","INSTALACAO ELETRICA/ELETRIFICACAO E ILUMINACAO EXTERNA","INTERRUPTOR/TOMADA"]
[91989,"INTERRUPTOR PULSADOR MINUTERIA (1 MÓDULO), 10A/250V, INCLUINDO SUPORTE E PLACA - FORNECIMENTO E INSTALAÇÃO. AF_09/2017","UN",27.47,"SINAPI","INSTALACAO ELETRICA/ELETRIFICACAO E ILUMINACAO EXTERNA","INTERRUPTOR/TOMADA"]
[91990,"TOMADA ALTA DE EMBUTIR (1 MÓDULO), 2P+T 10 A, SEM SUPORTE E SEM PLACA - FORNECIMENTO E INSTALAÇÃO. AF_12/2015","UN",32.07,"SINAPI","INSTALACAO ELETRICA/ELETRIFICACAO E ILUMINACAO EXTERNA","INTERRUPTOR/TOMADA"]
[91991,"TOMADA ALTA DE EMBUTIR (1 MÓDULO), 2P+T 20 A, SEM SUPORTE E SEM PLACA - FORNECIMENTO E INSTALAÇÃO. AF_12/2015","UN",33.97,"SINAPI","INSTALACAO ELETRICA/ELETRIFICACAO E ILUMINACAO EXTERNA","INTERRUPTOR/TOMADA"]
[91992,"TOMADA ALTA DE EMBUTIR (1 MÓDULO), 2P+T 10 A, INCLUINDO SUPORTE E PLACA - FORNECIMENTO E INSTALAÇÃO. AF_12/2015","UN",39.56,"SINAPI","INSTALACAO ELETRICA/ELETRIFICACAO E ILUMINACAO EXTERNA","INTERRUPTOR/TOMADA"]
[91993,"TOMADA ALTA DE EMBUTIR (1 MÓDULO), 2P+T 20 A, INCLUINDO SUPORTE E PLACA - FORNECIMENTO E INSTALAÇÃO. AF_12/2015","UN",41.46,"SINAPI","INSTALACAO ELETRICA/ELETRIFICACAO E ILUMINACAO EXTERNA","INTERRUPTOR/TOMADA"]
[91994,"TOMADA MÉDIA DE EMBUTIR (1 MÓDULO), 2P+T 10 A, SEM SUPORTE E SEM PLACA - FORNECIMENTO E INSTALAÇÃO. AF_12/2015","UN",22.49,"SINAPI","INSTALACAO ELETRICA/ELETRIFICACAO E ILUMINACAO EXTERNA","INTERRUPTOR/TOMADA"]
[91995,"TOMADA MÉDIA DE EMBUTIR (1 MÓDULO), 2P+T 20 A, SEM SUPORTE E SEM PLACA - FORNECIMENTO E INSTALAÇÃO. AF_12/2015","UN",24.39,"SINAPI","INSTALACAO ELETRICA/ELETRIFICACAO E ILUMINACAO EXTERNA","INTERRUPTOR/TOMADA"]
[91996,"TOMADA MÉDIA DE EMBUTIR (1 MÓDULO), 2P+T 10 A, INCLUINDO SUPORTE E PLACA - FORNECIMENTO E INSTALAÇÃO. AF_12/2015","UN",29.98,"SINAPI","INSTALACAO ELETRICA/ELETRIFICACAO E ILUMINACAO EXTERNA","INTERRUPTOR/TOMADA"]
[91997,"TOMADA MÉDIA DE EMBUTIR (1 MÓDULO), 2P+T 20 A, INCLUINDO SUPORTE E PLACA - FORNECIMENTO E INSTALAÇÃO. AF_12/2015","UN",31.88,"SINAPI","INSTALACAO ELETRICA/ELETRIFICACAO E ILUMINACAO EXTERNA","INTERRUPTOR/TOMADA"]
[91998,"TOMADA BAIXA DE EMBUTIR (1 MÓDULO), 2P+T 10 A, SEM SUPORTE E SEM PLACA - FORNECIMENTO E INSTALAÇÃO. AF_12/2015","UN",18.78,"SINAPI","INSTALACAO ELETRICA/ELETRIFICACAO E ILUMINACAO EXTERNA","INTERRUPTOR/TOMADA"]
[91999,"TOMADA BAIXA DE EMBUTIR (1 MÓDULO), 2P+T 20 A, SEM SUPORTE E SEM PLACA - FORNECIMENTO E INSTALAÇÃO. AF_12/2015","UN",20.68,"SINAPI","INSTALACAO ELETRICA/ELETRIFICACAO E ILUMINACAO EXTERNA","INTERRUPTOR/TOMADA"]
[92000,"TOMADA BAIXA DE EMBUTIR (1 MÓDULO), 2P+T 10 A, INCLUINDO SUPORTE E PLACA - FORNECIMENTO E INSTALAÇÃO. AF_12/2015","UN",26.27,"SINAPI","INSTALACAO ELETRICA/ELETRIFICACAO E ILUMINACAO EXTERNA","INTERRUPTOR/TOMADA"]
[92001,"TOMADA BAIXA DE EMBUTIR (1 MÓDULO), 2P+T 20 A, INCLUINDO SUPORTE E PLACA - FORNECIMENTO E INSTALAÇÃO. AF_12/2015","UN",28.17,"SINAPI","INSTALACAO ELETRICA/ELETRIFICACAO E ILUMINACAO EXTERNA","INTERRUPTOR/TOMADA"]
[92002,"TOMADA MÉDIA DE EMBUTIR (2 MÓDULOS), 2P+T 10 A, SEM SUPORTE E SEM PLACA - FORNECIMENTO E INSTALAÇÃO. AF_12/2015","UN",41.89,"SINAPI","INSTALACAO ELETRICA/ELETRIFICACAO E ILUMINACAO EXTERNA","INTERRUPTOR/TOMADA"]
[92003,"TOMADA MÉDIA DE EMBUTIR (2 MÓDULOS), 2P+T 20 A, SEM SUPORTE E SEM PLACA - FORNECIMENTO E INSTALAÇÃO. AF_12/2015","UN",45.69,"SINAPI","INSTALACAO ELETRICA/ELETRIFICACAO E ILUMINACAO EXTERNA","INTERRUPTOR/TOMADA"]
[92004,"TOMADA MÉDIA DE EMBUTIR (2 MÓDULOS), 2P+T 10 A, INCLUINDO SUPORTE E PLACA - FORNECIMENTO E INSTALAÇÃO. AF_12/2015","UN",49.38,"SINAPI","INSTALACAO ELETRICA/ELETRIFICACAO E ILUMINACAO EXTERNA","INTERRUPTOR/TOMADA"]
[92005,"TOMADA MÉDIA DE EMBUTIR (2 MÓDULOS), 2P+T 20 A, INCLUINDO SUPORTE E PLACA - FORNECIMENTO E INSTALAÇÃO. AF_12/2015","UN",53.18,"SINAPI","INSTALACAO ELETRICA/ELETRIFICACAO E ILUMINACAO EXTERNA","INTERRUPTOR/TOMADA"]
[92006,"TOMADA BAIXA DE EMBUTIR (2 MÓDULOS), 2P+T 10 A, SEM SUPORTE E SEM PLACA - FORNECIMENTO E INSTALAÇÃO. AF_12/2015","UN",34.44,"SINAPI","INSTALACAO ELETRICA/ELETRIFICACAO E ILUMINACAO EXTERNA","INTERRUPTOR/TOMADA"]
[92007,"TOMADA BAIXA DE EMBUTIR (2 MÓDULOS), 2P+T 20 A, SEM SUPORTE E SEM PLACA - FORNECIMENTO E INSTALAÇÃO. AF_12/2015","UN",38.24,"SINAPI","INSTALACAO ELETRICA/ELETRIFICACAO E ILUMINACAO EXTERNA","INTERRUPTOR/TOMADA"]
[92008,"TOMADA BAIXA DE EMBUTIR (2 MÓDULOS), 2P+T 10 A, INCLUINDO SUPORTE E PLACA - FORNECIMENTO E INSTALAÇÃO. AF_12/2015","UN",41.93,"SINAPI","INSTALACAO ELETRICA/ELETRIFICACAO E ILUMINACAO EXTERNA","INTERRUPTOR/TOMADA"]
[92009,"TOMADA BAIXA DE EMBUTIR (2 MÓDULOS), 2P+T 20 A, INCLUINDO SUPORTE E PLACA - FORNECIMENTO E INSTALAÇÃO. AF_12/2015","UN",45.73,"SINAPI","INSTALACAO ELETRICA/ELETRIFICACAO E ILUMINACAO EXTERNA","INTERRUPTOR/TOMADA"]
[92010,"TOMADA MÉDIA DE EMBUTIR (3 MÓDULOS), 2P+T 10 A, SEM SUPORTE E SEM PLACA - FORNECIMENTO E INSTALAÇÃO. AF_12/2015","UN",61.28,"SINAPI","INSTALACAO ELETRICA/ELETRIFICACAO E ILUMINACAO EXTERNA","INTERRUPTOR/TOMADA"]
[92011,"TOMADA MÉDIA DE EMBUTIR (3 MÓDULOS), 2P+T 20 A, SEM SUPORTE E SEM PLACA - FORNECIMENTO E INSTALAÇÃO. AF_12/2015","UN",66.98,"SINAPI","INSTALACAO ELETRICA/ELETRIFICACAO E ILUMINACAO EXTERNA","INTERRUPTOR/TOMADA"]
[92012,"TOMADA MÉDIA DE EMBUTIR (3 MÓDULOS), 2P+T 10 A, INCLUINDO SUPORTE E PLACA - FORNECIMENTO E INSTALAÇÃO. AF_12/2015","UN",68.77,"SINAPI","INSTALACAO ELETRICA/ELETRIFICACAO E ILUMINACAO EXTERNA","INTERRUPTOR/TOMADA"]
[92013,"TOMADA MÉDIA DE EMBUTIR (3 MÓDULOS), 2P+T 20 A, INCLUINDO SUPORTE E PLACA - FORNECIMENTO E INSTALAÇÃO. AF_12/2015","UN",74.47,"SINAPI","INSTALACAO ELETRICA/ELETRIFICACAO E ILUMINACAO EXTERNA","INTERRUPTOR/TOMADA"]
[92014,"TOMADA BAIXA DE EMBUTIR (3 MÓDULOS), 2P+T 10 A, SEM SUPORTE E SEM PLACA - FORNECIMENTO E INSTALAÇÃO. AF_12/2015","UN",50.12,"SINAPI","INSTALACAO ELETRICA/ELETRIFICACAO E ILUMINACAO EXTERNA","INTERRUPTOR/TOMADA"]
[92015,"TOMADA BAIXA DE EMBUTIR (3 MÓDULOS), 2P+T 20 A, SEM SUPORTE E SEM PLACA - FORNECIMENTO E INSTALAÇÃO. AF_12/2015","UN",55.82,"SINAPI","INSTALACAO ELETRICA/ELETRIFICACAO E ILUMINACAO EXTERNA","INTERRUPTOR/TOMADA"]
[92016,"TOMADA BAIXA DE EMBUTIR (3 MÓDULOS), 2P+T 10 A, INCLUINDO SUPORTE E PLACA - FORNECIMENTO E INSTALAÇÃO. AF_12/2015","UN",57.61,"SINAPI","INSTALACAO ELETRICA/ELETRIFICACAO E ILUMINACAO EXTERNA","INTERRUPTOR/TOMADA"]
[92017,"TOMADA BAIXA DE EMBUTIR (3 MÓDULOS), 2P+T 20 A, INCLUINDO SUPORTE E PLACA - FORNECIMENTO E INSTALAÇÃO. AF_12/2015","UN",63.31,"SINAPI","INSTALACAO ELETRICA/ELETRIFICACAO E ILUMINACAO EXTERNA","INTERRUPTOR/TOMADA"]
[92018,"TOMADA BAIXA DE EMBUTIR (4 MÓDULOS), 2P+T 10 A, SEM SUPORTE E SEM PLACA - FORNECIMENTO E INSTALAÇÃO. AF_12/2015","UN",66.31,"SINAPI","INSTALACAO ELETRICA/ELETRIFICACAO E ILUMINACAO EXTERNA","INTERRUPTOR/TOMADA"]
[92019,"TOMADA BAIXA DE EMBUTIR (4 MÓDULOS), 2P+T 10 A, INCLUINDO SUPORTE E PLACA - FORNECIMENTO E INSTALAÇÃO. AF_12/2015","UN",77.91,"SINAPI","INSTALACAO ELETRICA/ELETRIFICACAO E ILUMINACAO EXTERNA","INTERRUPTOR/TOMADA"]
[92020,"TOMADA BAIXA DE EMBUTIR (6 MÓDULOS), 2P+T 10 A, SEM SUPORTE E SEM PLACA - FORNECIMENTO E INSTALAÇÃO. AF_12/2015","UN",97.91,"SINAPI","INSTALACAO ELETRICA/ELETRIFICACAO E ILUMINACAO EXTERNA","INTERRUPTOR/TOMADA"]
[92021,"TOMADA BAIXA DE EMBUTIR (6 MÓDULOS), 2P+T 10 A, INCLUINDO SUPORTE E PLACA - FORNECIMENTO E INSTALAÇÃO. AF_12/2015","UN",109.51,"SINAPI","INSTALACAO ELETRICA/ELETRIFICACAO E ILUMINACAO EXTERNA","INTERRUPTOR/TOMADA"]
[92022,"INTERRUPTOR SIMPLES (1 MÓDULO) COM 1 TOMADA DE EMBUTIR 2P+T 10 A,  SEM SUPORTE E SEM PLACA - FORNECIMENTO E INSTALAÇÃO. AF_12/2015","UN",36.83,"SINAPI","INSTALACAO ELETRICA/ELETRIFICACAO E ILUMINACAO EXTERNA","INTERRUPTOR/TOMADA"]
[92023,"INTERRUPTOR SIMPLES (1 MÓDULO) COM 1 TOMADA DE EMBUTIR 2P+T 10 A,  INCLUINDO SUPORTE E PLACA - FORNECIMENTO E INSTALAÇÃO. AF_12/2015","UN",44.32,"SINAPI","INSTALACAO ELETRICA/ELETRIFICACAO E ILUMINACAO EXTERNA","INTERRUPTOR/TOMADA"]
[92024,"INTERRUPTOR SIMPLES (1 MÓDULO) COM 2 TOMADAS DE EMBUTIR 2P+T 10 A,  SEM SUPORTE E SEM PLACA - FORNECIMENTO E INSTALAÇÃO. AF_12/2015","UN",56.28,"SINAPI","INSTALACAO ELETRICA/ELETRIFICACAO E ILUMINACAO EXTERNA","INTERRUPTOR/TOMADA"]
[92025,"INTERRUPTOR SIMPLES (1 MÓDULO) COM 2 TOMADAS DE EMBUTIR 2P+T 10 A,  INCLUINDO SUPORTE E PLACA - FORNECIMENTO E INSTALAÇÃO. AF_12/2015","UN",63.77,"SINAPI","INSTALACAO ELETRICA/ELETRIFICACAO E ILUMINACAO EXTERNA","INTERRUPTOR/TOMADA"]
[92026,"INTERRUPTOR SIMPLES (2 MÓDULOS) COM 1 TOMADA DE EMBUTIR 2P+T 10 A,  SEM SUPORTE E SEM PLACA - FORNECIMENTO E INSTALAÇÃO. AF_12/2015","UN",51.21,"SINAPI","INSTALACAO ELETRICA/ELETRIFICACAO E ILUMINACAO EXTERNA","INTERRUPTOR/TOMADA"]
[92027,"INTERRUPTOR SIMPLES (2 MÓDULOS) COM 1 TOMADA DE EMBUTIR 2P+T 10 A,  INCLUINDO SUPORTE E PLACA - FORNECIMENTO E INSTALAÇÃO. AF_12/2015","UN",58.7,"SINAPI","INSTALACAO ELETRICA/ELETRIFICACAO E ILUMINACAO EXTERNA","INTERRUPTOR/TOMADA"]
[92028,"INTERRUPTOR PARALELO (1 MÓDULO) COM 1 TOMADA DE EMBUTIR 2P+T 10 A,  SEM SUPORTE E SEM PLACA - FORNECIMENTO E INSTALAÇÃO. AF_12/2015","UN",42.87,"SINAPI","INSTALACAO ELETRICA/ELETRIFICACAO E ILUMINACAO EXTERNA","INTERRUPTOR/TOMADA"]
[92029,"INTERRUPTOR PARALELO (1 MÓDULO) COM 1 TOMADA DE EMBUTIR 2P+T 10 A,  INCLUINDO SUPORTE E PLACA - FORNECIMENTO E INSTALAÇÃO. AF_12/2015","UN",50.36,"SINAPI","INSTALACAO ELETRICA/ELETRIFICACAO E ILUMINACAO EXTERNA","INTERRUPTOR/TOMADA"]
[92030,"INTERRUPTOR PARALELO (1 MÓDULO) COM 2 TOMADAS DE EMBUTIR 2P+T 10 A,  SEM SUPORTE E SEM PLACA - FORNECIMENTO E INSTALAÇÃO. AF_12/2015","UN",62.26,"SINAPI","INSTALACAO ELETRICA/ELETRIFICACAO E ILUMINACAO EXTERNA","INTERRUPTOR/TOMADA"]
[92031,"INTERRUPTOR PARALELO (1 MÓDULO) COM 2 TOMADAS DE EMBUTIR 2P+T 10 A,  INCLUINDO SUPORTE E PLACA - FORNECIMENTO E INSTALAÇÃO. AF_12/2015","UN",69.75,"SINAPI","INSTALACAO ELETRICA/ELETRIFICACAO E ILUMINACAO EXTERNA","INTERRUPTOR/TOMADA"]
[92032,"INTERRUPTOR PARALELO (2 MÓDULOS) COM 1 TOMADA DE EMBUTIR 2P+T 10 A,  SEM SUPORTE E SEM PLACA - FORNECIMENTO E INSTALAÇÃO. AF_12/2015","UN",63.24,"SINAPI","INSTALACAO ELETRICA/ELETRIFICACAO E ILUMINACAO EXTERNA","INTERRUPTOR/TOMADA"]
[92033,"INTERRUPTOR PARALELO (2 MÓDULOS) COM 1 TOMADA DE EMBUTIR 2P+T 10 A,  INCLUINDO SUPORTE E PLACA - FORNECIMENTO E INSTALAÇÃO. AF_12/2015","UN",70.73,"SINAPI","INSTALACAO ELETRICA/ELETRIFICACAO E ILUMINACAO EXTERNA","INTERRUPTOR/TOMADA"]
[92034,"INTERRUPTOR SIMPLES (1 MÓDULO), INTERRUPTOR PARALELO (1 MÓDULO) E 1 TOMADA DE EMBUTIR 2P+T 10 A,  SEM SUPORTE E SEM PLACA - FORNECIMENTO E INSTALAÇÃO. AF_12/2015","UN",57.26,"SINAPI","INSTALACAO ELETRICA/ELETRIFICACAO E ILUMINACAO EXTERNA","INTERRUPTOR/TOMADA"]
[92035,"INTERRUPTOR SIMPLES (1 MÓDULO), INTERRUPTOR PARALELO (1 MÓDULO) E 1 TOMADA DE EMBUTIR 2P+T 10 A,  INCLUINDO SUPORTE E PLACA - FORNECIMENTO E INSTALAÇÃO. AF_12/2015","UN",64.75,"SINAPI","INSTALACAO ELETRICA/ELETRIFICACAO E ILUMINACAO EXTERNA","INTERRUPTOR/TOMADA"]
[72278,"LAMPADA VAPOR METALICO 400W - FORNECIMENTO E INSTALACAO","UN",81.430000000000007,"SINAPI","INSTALACAO ELETRICA/ELETRIFICACAO E ILUMINACAO EXTERNA","LUMINARIA INTERNA/BOCAL/LAMPADAS"]
[72280,"IGNITOR PARA PARTIDA LÂMPADA VAPOR SÓDIO ALTA PRESSÃO ATÉ 400W","UN",53.24,"SINAPI","INSTALACAO ELETRICA/ELETRIFICACAO E ILUMINACAO EXTERNA","LUMINARIA INTERNA/BOCAL/LAMPADAS"]
["73953/4","LUMINÁRIAS TIPO CALHA, DE SOBREPOR, COM REATORES DE PARTIDA RÁPIDA E LÂMPADAS FLUORESCENTES 2X2X18W, COMPLETAS, FORNECIMENTO E INSTALAÇÃO","UN",144.35,"SINAPI","INSTALACAO ELETRICA/ELETRIFICACAO E ILUMINACAO EXTERNA","LUMINARIA INTERNA/BOCAL/LAMPADAS"]
["73953/8","LUMINÁRIAS TIPO CALHA, DE SOBREPOR, COM REATORES DE PARTIDA RÁPIDA E LÂMPADAS FLUORESCENTES 2X2X36W, COMPLETAS, FORNECIMENTO E INSTALAÇÃO","UN",188.15,"SINAPI","INSTALACAO ELETRICA/ELETRIFICACAO E ILUMINACAO EXTERNA","LUMINARIA INTERNA/BOCAL/LAMPADAS"]
["73953/9","LUMINARIA SOBREPOR TP CALHA C/REATOR PART CONVENC LAMP 1X20W E STARTERFIX EM LAJE OU FORRO - FORNECIMENTO E COLOCACAO","UN",55.17,"SINAPI","INSTALACAO ELETRICA/ELETRIFICACAO E ILUMINACAO EXTERNA","LUMINARIA INTERNA/BOCAL/LAMPADAS"]
[83391,"REATOR PARA LAMPADA FLUORESCENTE 2X40W PARTIDA RAPIDA FORNECIMENTO E INSTALACAO","UN",31.18,"SINAPI","INSTALACAO ELETRICA/ELETRIFICACAO E ILUMINACAO EXTERNA","LUMINARIA INTERNA/BOCAL/LAMPADAS"]
[83392,"REATOR PARA LAMPADA FLUORESCENTE 1X20W PARTIDA RAPIDA FORNECIMENTO E INSTALACAO","UN",22.93,"SINAPI","INSTALACAO ELETRICA/ELETRIFICACAO E ILUMINACAO EXTERNA","LUMINARIA INTERNA/BOCAL/LAMPADAS"]
[83393,"REATOR PARA LAMPADA FLUORESCENTE 1X40W PARTIDA RAPIDA FORNECIMENTO E INSTALACAO","UN",29.76,"SINAPI","INSTALACAO ELETRICA/ELETRIFICACAO E ILUMINACAO EXTERNA","LUMINARIA INTERNA/BOCAL/LAMPADAS"]
[83470,"LAMPADA FLUORESCENTE TP HO 85W - FORNECIMENTO E INSTALACAO","UN",74.36,"SINAPI","INSTALACAO ELETRICA/ELETRIFICACAO E ILUMINACAO EXTERNA","LUMINARIA INTERNA/BOCAL/LAMPADAS"]
[93040,"LÂMPADA FLUORESCENTE COMPACTA 15 W 2U, BASE E27 - FORNECIMENTO E INSTALAÇÃO","UN",12.38,"SINAPI","INSTALACAO ELETRICA/ELETRIFICACAO E ILUMINACAO EXTERNA","LUMINARIA INTERNA/BOCAL/LAMPADAS"]
[93041,"LÂMPADA FLUORESCENTE ESPIRAL BRANCA 65 W, BASE E27 - FORNECIMENTO E INSTALAÇÃO","UN",73.56,"SINAPI","INSTALACAO ELETRICA/ELETRIFICACAO E ILUMINACAO EXTERNA","LUMINARIA INTERNA/BOCAL/LAMPADAS"]
[93042,"LÂMPADA LED 6 W BIVOLT BRANCA, FORMATO TRADICIONAL (BASE E27) - FORNECIMENTO E INSTALAÇÃO","UN",24.33,"SINAPI","INSTALACAO ELETRICA/ELETRIFICACAO E ILUMINACAO EXTERNA","LUMINARIA INTERNA/BOCAL/LAMPADAS"]
[93043,"LÂMPADA LED 10 W BIVOLT BRANCA, FORMATO TRADICIONAL (BASE E27) - FORNECIMENTO E INSTALAÇÃO","UN",32.14,"SINAPI","INSTALACAO ELETRICA/ELETRIFICACAO E ILUMINACAO EXTERNA","LUMINARIA INTERNA/BOCAL/LAMPADAS"]
[93044,"LÂMPADA FLUORESCENTE COMPACTA 3U BRANCA 20 W, BASE E27 - FORNECIMENTO E INSTALAÇÃO","UN",13.83,"SINAPI","INSTALACAO ELETRICA/ELETRIFICACAO E ILUMINACAO EXTERNA","LUMINARIA INTERNA/BOCAL/LAMPADAS"]
[93045,"LÂMPADA FLUORESCENTE ESPIRAL BRANCA 45 W, BASE E27 - FORNECIMENTO E INSTALAÇÃO","UN",41.61,"SINAPI","INSTALACAO ELETRICA/ELETRIFICACAO E ILUMINACAO EXTERNA","LUMINARIA INTERNA/BOCAL/LAMPADAS"]
[97583,"LUMINÁRIA TIPO CALHA, DE SOBREPOR, COM 1 LÂMPADA TUBULAR DE 18 W - FORNECIMENTO E INSTALAÇÃO. AF_11/2017","UN",46.11,"SINAPI","INSTALACAO ELETRICA/ELETRIFICACAO E ILUMINACAO EXTERNA","LUMINARIA INTERNA/BOCAL/LAMPADAS"]
[97584,"LUMINÁRIA TIPO CALHA, DE SOBREPOR, COM 1 LÂMPADA TUBULAR DE 36 W - FORNECIMENTO E INSTALAÇÃO. AF_11/2017","UN",61.39,"SINAPI","INSTALACAO ELETRICA/ELETRIFICACAO E ILUMINACAO EXTERNA","LUMINARIA INTERNA/BOCAL/LAMPADAS"]
[97585,"LUMINÁRIA TIPO CALHA, DE SOBREPOR, COM 2 LÂMPADAS TUBULARES DE 18 W - FORNECIMENTO E INSTALAÇÃO. AF_11/2017","UN",62.6,"SINAPI","INSTALACAO ELETRICA/ELETRIFICACAO E ILUMINACAO EXTERNA","LUMINARIA INTERNA/BOCAL/LAMPADAS"]
[97586,"LUMINÁRIA TIPO CALHA, DE SOBREPOR, COM 2 LÂMPADAS TUBULARES DE 36 W - FORNECIMENTO E INSTALAÇÃO. AF_11/2017","UN",81.040000000000006,"SINAPI","INSTALACAO ELETRICA/ELETRIFICACAO E ILUMINACAO EXTERNA","LUMINARIA INTERNA/BOCAL/LAMPADAS"]
[97587,"LUMINÁRIA TIPO CALHA, DE EMBUTIR, COM 2 LÂMPADAS DE 14 W COM REFLETOR - FORNECIMENTO E INSTALAÇÃO. AF_11/2017","UN",133.55000000000001,"SINAPI","INSTALACAO ELETRICA/ELETRIFICACAO E ILUMINACAO EXTERNA","LUMINARIA INTERNA/BOCAL/LAMPADAS"]
[97589,"LUMINÁRIA TIPO PLAFON EM PLÁSTICO, DE SOBREPOR, COM 1 LÂMPADA DE 15 W, - FORNECIMENTO E INSTALAÇÃO. AF_11/2017","UN",33.82,"SINAPI","INSTALACAO ELETRICA/ELETRIFICACAO E ILUMINACAO EXTERNA","LUMINARIA INTERNA/BOCAL/LAMPADAS"]
[97590,"LUMINÁRIA TIPO PLAFON REDONDO COM VIDRO FOSCO, DE SOBREPOR, COM 1 LÂMPADA DE 15 W - FORNECIMENTO E INSTALAÇÃO. AF_11/2017","UN",59.3,"SINAPI","INSTALACAO ELETRICA/ELETRIFICACAO E ILUMINACAO EXTERNA","LUMINARIA INTERNA/BOCAL/LAMPADAS"]
[97591,"LUMINÁRIA TIPO PLAFON REDONDO COM VIDRO FOSCO, DE SOBREPOR, COM 2 LÂMPADAS DE 15 W - FORNECIMENTO E INSTALAÇÃO. AF_11/2017","UN",80.06,"SINAPI","INSTALACAO ELETRICA/ELETRIFICACAO E ILUMINACAO EXTERNA","LUMINARIA INTERNA/BOCAL/LAMPADAS"]
[97592,"LUMINÁRIA TIPO PLAFON, DE SOBREPOR, COM 1 LÂMPADA LED - FORNECIMENTO E INSTALAÇÃO. AF_11/2017","UN",100.94,"SINAPI","INSTALACAO ELETRICA/ELETRIFICACAO E ILUMINACAO EXTERNA","LUMINARIA INTERNA/BOCAL/LAMPADAS"]
[97593,"LUMINÁRIA TIPO SPOT, DE SOBREPOR, COM 1 LÂMPADA DE 15 W - FORNECIMENTO E INSTALAÇÃO. AF_11/2017","UN",76.989999999999995,"SINAPI","INSTALACAO ELETRICA/ELETRIFICACAO E ILUMINACAO EXTERNA","LUMINARIA INTERNA/BOCAL/LAMPADAS"]
[97594,"LUMINÁRIA TIPO SPOT, DE SOBREPOR, COM 2 LÂMPADAS DE 15 W - FORNECIMENTO E INSTALAÇÃO. AF_11/2017","UN",77.989999999999995,"SINAPI","INSTALACAO ELETRICA/ELETRIFICACAO E ILUMINACAO EXTERNA","LUMINARIA INTERNA/BOCAL/LAMPADAS"]
[97595,"SENSOR DE PRESENÇA COM FOTOCÉLULA, FIXAÇÃO EM PAREDE - FORNECIMENTO E INSTALAÇÃO. AF_11/2017","UN",50.51,"SINAPI","INSTALACAO ELETRICA/ELETRIFICACAO E ILUMINACAO EXTERNA","LUMINARIA INTERNA/BOCAL/LAMPADAS"]
[97596,"SENSOR DE PRESENÇA SEM FOTOCÉLULA, FIXAÇÃO EM PAREDE - FORNECIMENTO E INSTALAÇÃO. AF_11/2017","UN",36.74,"SINAPI","INSTALACAO ELETRICA/ELETRIFICACAO E ILUMINACAO EXTERNA","LUMINARIA INTERNA/BOCAL/LAMPADAS"]
[97597,"SENSOR DE PRESENÇA COM FOTOCÉLULA, FIXAÇÃO EM TETO - FORNECIMENTO E INSTALAÇÃO. AF_11/2017","UN",46.78,"SINAPI","INSTALACAO ELETRICA/ELETRIFICACAO E ILUMINACAO EXTERNA","LUMINARIA INTERNA/BOCAL/LAMPADAS"]
[97598,"SENSOR DE PRESENÇA SEM FOTOCÉLULA, FIXAÇÃO EM TETO - FORNECIMENTO E INSTALAÇÃO. AF_11/2017","UN",45.02,"SINAPI","INSTALACAO ELETRICA/ELETRIFICACAO E ILUMINACAO EXTERNA","LUMINARIA INTERNA/BOCAL/LAMPADAS"]
[97599,"LUMINÁRIA DE EMERGÊNCIA - FORNECIMENTO E INSTALAÇÃO. AF_11/2017","UN",37.35,"SINAPI","INSTALACAO ELETRICA/ELETRIFICACAO E ILUMINACAO EXTERNA","LUMINARIA INTERNA/BOCAL/LAMPADAS"]
[97609,"LÂMPADA COMPACTA DE LED 6 W, BASE E27 - FORNECIMENTO E INSTALAÇÃO. AF_11/2017","UN",31.61,"SINAPI","INSTALACAO ELETRICA/ELETRIFICACAO E ILUMINACAO EXTERNA","LUMINARIA INTERNA/BOCAL/LAMPADAS"]
[97610,"LÂMPADA COMPACTA DE LED 10 W, BASE E27 - FORNECIMENTO E INSTALAÇÃO. AF_11/2017","UN",39.42,"SINAPI","INSTALACAO ELETRICA/ELETRIFICACAO E ILUMINACAO EXTERNA","LUMINARIA INTERNA/BOCAL/LAMPADAS"]
[97611,"LÂMPADA COMPACTA FLUORESCENTE DE 15 W, BASE E27 - FORNECIMENTO E INSTALAÇÃO. AF_11/2017","UN",19.66,"SINAPI","INSTALACAO ELETRICA/ELETRIFICACAO E ILUMINACAO EXTERNA","LUMINARIA INTERNA/BOCAL/LAMPADAS"]
[97612,"LÂMPADA COMPACTA FLUORESCENTE DE 20 W, BASE E27 - FORNECIMENTO E INSTALAÇÃO. AF_11/2017","UN",21.11,"SINAPI","INSTALACAO ELETRICA/ELETRIFICACAO E ILUMINACAO EXTERNA","LUMINARIA INTERNA/BOCAL/LAMPADAS"]
[97613,"LÂMPADA COMPACTA DE VAPOR MERCURIO 125 W, BASE E27 - FORNECIMENTO E INSTALAÇÃO. AF_11/2017","UN",25.91,"SINAPI","INSTALACAO ELETRICA/ELETRIFICACAO E ILUMINACAO EXTERNA","LUMINARIA INTERNA/BOCAL/LAMPADAS"]
[97614,"LÂMPADA COMPACTA DE VAPOR METÁLICO OVOIDE 150 W, BASE E27 - FORNECIMENTO E INSTALAÇÃO. AF_11/2017","UN",43.23,"SINAPI","INSTALACAO ELETRICA/ELETRIFICACAO E ILUMINACAO EXTERNA","LUMINARIA INTERNA/BOCAL/LAMPADAS"]
[97615,"LÂMPADA TUBULAR FLUORESCENTE T8 DE 16/18 W, BASE G13 - FORNECIMENTO E INSTALAÇÃO. AF_11/2017_P","UN",34.97,"SINAPI","INSTALACAO ELETRICA/ELETRIFICACAO E ILUMINACAO EXTERNA","LUMINARIA INTERNA/BOCAL/LAMPADAS"]
[97616,"LÂMPADA TUBULAR FLUORESCENTE T8 DE 32/36 W, BASE G13 - FORNECIMENTO E INSTALAÇÃO. AF_11/2017_P","UN",38.630000000000003,"SINAPI","INSTALACAO ELETRICA/ELETRIFICACAO E ILUMINACAO EXTERNA","LUMINARIA INTERNA/BOCAL/LAMPADAS"]
[97617,"LÂMPADA TUBULAR FLUORESCENTE T10 DE 20/40 W, BASE G13 - FORNECIMENTO E INSTALAÇÃO. AF_11/2017_P","UN",38.409999999999997,"SINAPI","INSTALACAO ELETRICA/ELETRIFICACAO E ILUMINACAO EXTERNA","LUMINARIA INTERNA/BOCAL/LAMPADAS"]
[97618,"LÂMPADA TUBULAR FLUORESCENTE T5 DE 14 W, BASE G13 - FORNECIMENTO E INSTALAÇÃO. AF_11/2017_P","UN",37,"SINAPI","INSTALACAO ELETRICA/ELETRIFICACAO E ILUMINACAO EXTERNA","LUMINARIA INTERNA/BOCAL/LAMPADAS"]
[41598,"ENTRADA PROVISORIA DE ENERGIA ELETRICA AEREA TRIFASICA 40A EM POSTE MADEIRA","UN",1538.29,"SINAPI","INSTALACAO ELETRICA/ELETRIFICACAO E ILUMINACAO EXTERNA","FORNECIMENTO DE MAT/MO P/ELETRIFICACAO E ILUMINACAO PUBLICA"]
[72941,"APARELHO SINALIZADOR DE SAIDA DE GARAGEM, COM CELULA FOTOELETRICA - FORNECIMENTO E INSTALACAO","UN",191.74,"SINAPI","INSTALACAO ELETRICA/ELETRIFICACAO E ILUMINACAO EXTERNA","FORNECIMENTO DE MAT/MO P/ELETRIFICACAO E ILUMINACAO PUBLICA"]
[73624,"SUPORTE PARA TRANSFORMADOR EM POSTE DE CONCRETO CIRCULAR","UN",108.61,"SINAPI","INSTALACAO ELETRICA/ELETRIFICACAO E ILUMINACAO EXTERNA","FORNECIMENTO DE MAT/MO P/ELETRIFICACAO E ILUMINACAO PUBLICA"]
["73767/1","GRAMPO PARALELO EM ALUMINIO FUNDIDO OU ESTRUDADO DE 2 PARAFUSOS, PARA CABO DE 6 A 50 MM2, PASTA ANTIOXIDANTE. FORNEC E INSTALAÇÃO.","UN",11.66,"SINAPI","INSTALACAO ELETRICA/ELETRIFICACAO E ILUMINACAO EXTERNA","FORNECIMENTO DE MAT/MO P/ELETRIFICACAO E ILUMINACAO PUBLICA"]
["73767/2","ALCA PRE-FORMADA DISTRIBUIÇÃO EM  ACO RECOBERTO COM ALUMINIO PARA CABO 25MM2, ENCAPADO. FORNECIMENTO E INSTALAÇÃO.","UN",13.63,"SINAPI","INSTALACAO ELETRICA/ELETRIFICACAO E ILUMINACAO EXTERNA","FORNECIMENTO DE MAT/MO P/ELETRIFICACAO E ILUMINACAO PUBLICA"]
["73767/3","LACO DE ROLDANA PRE-FORMADO ACO RECOBERTO DE ALUMINIO PARA CABO DE ALUMINIO NU BITOLA 25MM2 - FORNECIMENTO E COLOCACAO","UN",9.86,"SINAPI","INSTALACAO ELETRICA/ELETRIFICACAO E ILUMINACAO EXTERNA","FORNECIMENTO DE MAT/MO P/ELETRIFICACAO E ILUMINACAO PUBLICA"]
["73767/4","ALCA PRE-FORMADA DISTRIBUICAO EM ACO RECOBERTO COM ALUMINIO NU PARA CABO 25MM2, ENCAPADO. FORNECIMENTO E INSTALACAO.","UN",6.42,"SINAPI","INSTALACAO ELETRICA/ELETRIFICACAO E ILUMINACAO EXTERNA","FORNECIMENTO DE MAT/MO P/ELETRIFICACAO E ILUMINACAO PUBLICA"]
["73767/5","ALCA PRE-FORMADA SERV DE ACO RECOB C/ALUM NU ENCAPADO 25MM2 (BITOLA)  CONF PROJ A4-148-CP RIOLUZ FORNECIMENTO E COLOCACAO","UN",5.87,"SINAPI","INSTALACAO ELETRICA/ELETRIFICACAO E ILUMINACAO EXTERNA","FORNECIMENTO DE MAT/MO P/ELETRIFICACAO E ILUMINACAO PUBLICA"]
["73781/1","MUFLA TERMINAL PRIMARIA UNIPOLAR USO INTERNO PARA CABO 35/120MM2, ISOLACAO 15/25KV EM EPR - BORRACHA DE SILICONE. FORNECIMENTO E INSTALACAO.","UN",364.22,"SINAPI","INSTALACAO ELETRICA/ELETRIFICACAO E ILUMINACAO EXTERNA","FORNECIMENTO DE MAT/MO P/ELETRIFICACAO E ILUMINACAO PUBLICA"]
["73781/2","ISOLADOR DE PINO TP HI-POT CILINDRICO CLASSE 15KV. FORNECIMENTO E INSTALACAO.","UN",30.07,"SINAPI","INSTALACAO ELETRICA/ELETRIFICACAO E ILUMINACAO EXTERNA","FORNECIMENTO DE MAT/MO P/ELETRIFICACAO E ILUMINACAO PUBLICA"]
["73781/3","ISOLADOR DE SUSPENSAO (DISCO) TP CAVILHA CLASSE 15KV - 6''. FORNECIMENTO E INSTALACAO.","UN",91.2,"SINAPI","INSTALACAO ELETRICA/ELETRIFICACAO E ILUMINACAO EXTERNA","FORNECIMENTO DE MAT/MO P/ELETRIFICACAO E ILUMINACAO PUBLICA"]
[88543,"ARMACAO SECUNDARIA OU REX COMPLETA PARA TRESLINHAS-FORNECIMENTO E INSTALACAO.","UN",166.44,"SINAPI","INSTALACAO ELETRICA/ELETRIFICACAO E ILUMINACAO EXTERNA","FORNECIMENTO DE MAT/MO P/ELETRIFICACAO E ILUMINACAO PUBLICA"]
[88544,"ARMACAO SECUNDARIA OU REX COMPLETA PARA DUAS LINHAS-FORNECIMENTO E INSTALACAO.","UN",105.89,"SINAPI","INSTALACAO ELETRICA/ELETRIFICACAO E ILUMINACAO EXTERNA","FORNECIMENTO DE MAT/MO P/ELETRIFICACAO E ILUMINACAO PUBLICA"]
[88545,"ARMACAO SECUNDARIA OU REX COMPLETA PARA QUATRO LINHAS-FORNECIMENTO E INSTALACAO.","UN",195.75,"SINAPI","INSTALACAO ELETRICA/ELETRIFICACAO E ILUMINACAO EXTERNA","FORNECIMENTO DE MAT/MO P/ELETRIFICACAO E ILUMINACAO PUBLICA"]
[83397,"POSTE DE CONCRETO DUPLO T H=9M CARGA NOMINAL 500KG INCLUSIVE ESCAVACAO, EXCLUSIVE TRANSPORTE - FORNECIMENTO E INSTALACAO","UN",1595.27,"SINAPI","INSTALACAO ELETRICA/ELETRIFICACAO E ILUMINACAO EXTERNA","POSTE DE CONCRETO"]
["73769/1","POSTE ACO CONICO CONTINUO CURVO SIMPLES SEM BASE C/JANELA 9M (INSPECAO) - FORNECIMENTO E INSTALACAO","UN",1198.27,"SINAPI","INSTALACAO ELETRICA/ELETRIFICACAO E ILUMINACAO EXTERNA","POSTE METALICO"]
["73769/2","POSTE DE AÇO CONICO CONTÍNUO CURVO SIMPLES, FLANGEADO, COM JANELA DE INSPEÇÃO H=9M - FORNECIMENTO E INSTALACAO","UN",1199.71,"SINAPI","INSTALACAO ELETRICA/ELETRIFICACAO E ILUMINACAO EXTERNA","POSTE METALICO"]
["73769/3","POSTE DE ACO CONICO CONTINUO CURVO DUPLO, FLANGEADO, COM JANELA DE INSPECAO H=9M - FORNECIMENTO E INSTALACAO","UN",1234,"SINAPI","INSTALACAO ELETRICA/ELETRIFICACAO E ILUMINACAO EXTERNA","POSTE METALICO"]
["73769/4","POSTE DE ACO CONICO CONTINUO RETO, ENGASTADO, H=9M - FORNECIMENTO E INSTALACAO","UN",1244.7,"SINAPI","INSTALACAO ELETRICA/ELETRIFICACAO E ILUMINACAO EXTERNA","POSTE METALICO"]
["73855/1","CHUMBADOR DE AÇO PARA FIXAÇÃO DE POSTE DE ACO RETO OU CURVO 7 A 9M COM FLANGE - FORNECIMENTO E INSTALACAO","UN",704.56,"SINAPI","INSTALACAO ELETRICA/ELETRIFICACAO E ILUMINACAO EXTERNA","POSTE METALICO"]
[72281,"REATOR PARA LAMPADA VAPOR DE MERCURIO USO EXTERNO 220V/400W","UN",111.75,"SINAPI","INSTALACAO ELETRICA/ELETRIFICACAO E ILUMINACAO EXTERNA","LUMINARIA EXTERNA"]
[72282,"REATOR PARA LAMPADA VAPOR DE SODIO ALTA PRESSAO - 220V/250W - USO EXTERNO","UN",143.32,"SINAPI","INSTALACAO ELETRICA/ELETRIFICACAO E ILUMINACAO EXTERNA","LUMINARIA EXTERNA"]
["73831/2","LAMPADA DE VAPOR DE MERCURIO DE 250W - FORNECIMENTO E INSTALACAO","UN",35.28,"SINAPI","INSTALACAO ELETRICA/ELETRIFICACAO E ILUMINACAO EXTERNA","LUMINARIA EXTERNA"]
["73831/3","LAMPADA DE VAPOR DE MERCURIO DE 400W/250V - FORNECIMENTO E INSTALACAO","UN",46,"SINAPI","INSTALACAO ELETRICA/ELETRIFICACAO E ILUMINACAO EXTERNA","LUMINARIA EXTERNA"]
["73831/4","LAMPADA MISTA DE 160W - FORNECIMENTO E INSTALACAO","UN",22.9,"SINAPI","INSTALACAO ELETRICA/ELETRIFICACAO E ILUMINACAO EXTERNA","LUMINARIA EXTERNA"]
["73831/5","LAMPADA MISTA DE 250W - FORNECIMENTO E INSTALACAO","UN",29.27,"SINAPI","INSTALACAO ELETRICA/ELETRIFICACAO E ILUMINACAO EXTERNA","LUMINARIA EXTERNA"]
["73831/6","LAMPADA MISTA DE 500W - FORNECIMENTO E INSTALACAO","UN",50.86,"SINAPI","INSTALACAO ELETRICA/ELETRIFICACAO E ILUMINACAO EXTERNA","LUMINARIA EXTERNA"]
["73831/7","LAMPADA DE VAPOR DE SODIO DE 150WX220V - FORNECIMENTO E INSTALACAO","UN",41.61,"SINAPI","INSTALACAO ELETRICA/ELETRIFICACAO E ILUMINACAO EXTERNA","LUMINARIA EXTERNA"]
["73831/8","LAMPADA DE VAPOR DE SODIO DE 250WX220V - FORNECIMENTO E INSTALACAO","UN",47.19,"SINAPI","INSTALACAO ELETRICA/ELETRIFICACAO E ILUMINACAO EXTERNA","LUMINARIA EXTERNA"]
["73831/9","LAMPADA DE VAPOR DE SODIO DE 400WX220V - FORNECIMENTO E INSTALACAO","UN",54.04,"SINAPI","INSTALACAO ELETRICA/ELETRIFICACAO E ILUMINACAO EXTERNA","LUMINARIA EXTERNA"]
["74231/1","LUMINARIA ABERTA PARA ILUMINACAO PUBLICA, PARA LAMPADA A VAPOR DE MERCURIO ATE 400W E MISTA ATE 500W, COM BRACO EM TUBO DE ACO GALV D=50MM PROJ HOR=2.500MM E PROJ VERT= 2.200MM, FORNECIMENTO E INSTALACAO","UN",148.66,"SINAPI","INSTALACAO ELETRICA/ELETRIFICACAO E ILUMINACAO EXTERNA","LUMINARIA EXTERNA"]
["74246/1","REFLETOR RETANGULAR FECHADO COM LAMPADA VAPOR METALICO 400 W","UN",288.8,"SINAPI","INSTALACAO ELETRICA/ELETRIFICACAO E ILUMINACAO EXTERNA","LUMINARIA EXTERNA"]
[83399,"RELE FOTOELETRICO P/ COMANDO DE ILUMINACAO EXTERNA 220V/1000W - FORNECIMENTO E INSTALACAO","UN",32.46,"SINAPI","INSTALACAO ELETRICA/ELETRIFICACAO E ILUMINACAO EXTERNA","LUMINARIA EXTERNA"]
[83400,"BRACO P/ ILUMINACAO DE RUAS EM TUBO ACO GALV 1\" COMP = 1,20M E INCLINACAO 25GRAUS EM RELACAO AO PLANO VERTICAL P/ FIXACAO EM POSTE OU PAREDE - FORNECIMENTO E INSTALACAO","UN",105.44,"SINAPI","INSTALACAO ELETRICA/ELETRIFICACAO E ILUMINACAO EXTERNA","LUMINARIA EXTERNA"]
[83401,"BRACO P/ LUMINARIA PUBLICA 1 X 1,50 M, EM TUBO ACO GALV 3/4\u0094, P/ FIXACAO EM POSTE OU PAREDE - FORNECIMENTO E INSTALACAO","UN",105.44,"SINAPI","INSTALACAO ELETRICA/ELETRIFICACAO E ILUMINACAO EXTERNA","LUMINARIA EXTERNA"]
[83402,"ABRACADEIRA DE FIXACAO DE BRACOS DE LUMINARIAS DE 4\" - FORNECIMENTO E INSTALACAO","UN",51.69,"SINAPI","INSTALACAO ELETRICA/ELETRIFICACAO E ILUMINACAO EXTERNA","LUMINARIA EXTERNA"]
[83475,"LUMINARIA FECHADA PARA ILUMINACAO PUBLICA COM REATOR DE PARTIDA RAPIDA COM LAMPADA A VAPOR DE MERCURIO 250W - FORNECIMENTO E INSTALACAO","UN",358.51,"SINAPI","INSTALACAO ELETRICA/ELETRIFICACAO E ILUMINACAO EXTERNA","LUMINARIA EXTERNA"]
[83478,"LUMINARIA FECHADA PARA ILUMINACAO PUBLICA - LAMPADAS DE 250/500W - FORNECIMENTO E INSTALACAO (EXCLUINDO LAMPADAS)","UN",267.29000000000002,"SINAPI","INSTALACAO ELETRICA/ELETRIFICACAO E ILUMINACAO EXTERNA","LUMINARIA EXTERNA"]
[83479,"LUMINARIA ESTANQUE - PROTECAO CONTRA AGUA, POEIRA OU IMPACTOS - TIPO AQUATIC PIAL OU EQUIVALENTE","UN",113.88,"SINAPI","INSTALACAO ELETRICA/ELETRIFICACAO E ILUMINACAO EXTERNA","LUMINARIA EXTERNA"]
[83480,"REATOR PARA LAMPADA VAPOR DE MERCURIO 125W  USO EXTERNO","UN",92.43,"SINAPI","INSTALACAO ELETRICA/ELETRIFICACAO E ILUMINACAO EXTERNA","LUMINARIA EXTERNA"]
[83481,"REATOR PARA LAMPADA VAPOR DE MERCURIO 250W USO EXTERNO","UN",102.38,"SINAPI","INSTALACAO ELETRICA/ELETRIFICACAO E ILUMINACAO EXTERNA","LUMINARIA EXTERNA"]
[97600,"REFLETOR EM ALUMÍNIO COM SUPORTE E ALÇA, LÂMPADA 125 W - FORNECIMENTO E INSTALAÇÃO. AF_11/2017","UN",208.31,"SINAPI","INSTALACAO ELETRICA/ELETRIFICACAO E ILUMINACAO EXTERNA","LUMINARIA EXTERNA"]
[97601,"REFLETOR EM ALUMÍNIO COM SUPORTE E ALÇA, LÂMPADA 250 W - FORNECIMENTO E INSTALAÇÃO. AF_11/2017","UN",221.21,"SINAPI","INSTALACAO ELETRICA/ELETRIFICACAO E ILUMINACAO EXTERNA","LUMINARIA EXTERNA"]
[97605,"LUMINÁRIA ARANDELA TIPO MEIA-LUA, PARA 1 LÂMPADA LED - FORNECIMENTO E INSTALAÇÃO. AF_11/2017","UN",70.42,"SINAPI","INSTALACAO ELETRICA/ELETRIFICACAO E ILUMINACAO EXTERNA","LUMINARIA EXTERNA"]
[97606,"LUMINÁRIA ARANDELA TIPO MEIA-LUA, PARA 1 LÂMPADA DE 15 W - FORNECIMENTO E INSTALAÇÃO. AF_11/2017","UN",58.47,"SINAPI","INSTALACAO ELETRICA/ELETRIFICACAO E ILUMINACAO EXTERNA","LUMINARIA EXTERNA"]
[97607,"LUMINÁRIA ARANDELA TIPO TARTARUGA PARA 1 LÂMPADA LED - FORNECIMENTO E INSTALAÇÃO. AF_11/2017","UN",80.59,"SINAPI","INSTALACAO ELETRICA/ELETRIFICACAO E ILUMINACAO EXTERNA","LUMINARIA EXTERNA"]
[97608,"LUMINÁRIA ARANDELA TIPO TARTARUGA, COM GRADE, PARA 1 LÂMPADA DE 15 W - FORNECIMENTO E INSTALAÇÃO. AF_11/2017","UN",68.64,"SINAPI","INSTALACAO ELETRICA/ELETRIFICACAO E ILUMINACAO EXTERNA","LUMINARIA EXTERNA"]
["73857/1","TRANSFORMADOR DISTRIBUICAO  75KVA TRIFASICO 60HZ CLASSE 15KV IMERSO EM ÓLEO MINERAL FORNECIMENTO E INSTALACAO","UN",6598.2,"SINAPI","INSTALACAO ELETRICA/ELETRIFICACAO E ILUMINACAO EXTERNA","TRANSFORMADORES"]
["73857/2","TRANSFORMADOR DISTRIBUICAO  112,5KVA TRIFASICO 60HZ CLASSE 15KV IMERSO EM ÓLEO MINERAL FORNECIMENTO E INSTALACAO","UN",8154.24,"SINAPI","INSTALACAO ELETRICA/ELETRIFICACAO E ILUMINACAO EXTERNA","TRANSFORMADORES"]
["73857/3","TRANSFORMADOR DISTRIBUICAO  150KVA TRIFASICO 60HZ CLASSE 15KV IMERSO EM ÓLEO MINERAL FORNECIMENTO E INSTALACAO","UN",10277.379999999999,"SINAPI","INSTALACAO ELETRICA/ELETRIFICACAO E ILUMINACAO EXTERNA","TRANSFORMADORES"]
["73857/4","TRANSFORMADOR DISTRIBUICAO  225KVA TRIFASICO 60HZ CLASSE 15KV IMERSO EM ÓLEO MINERAL FORNECIMENTO E INSTALACAO","UN",14384.99,"SINAPI","INSTALACAO ELETRICA/ELETRIFICACAO E ILUMINACAO EXTERNA","TRANSFORMADORES"]
["73857/5","TRANSFORMADOR DISTRIBUICAO  300KVA TRIFASICO 60HZ CLASSE 15KV IMERSO EM ÓLEO MINERAL FORNECIMENTO E INSTALACAO","UN",16778.650000000001,"SINAPI","INSTALACAO ELETRICA/ELETRIFICACAO E ILUMINACAO EXTERNA","TRANSFORMADORES"]
["73857/6","TRANSFORMADOR DISTRIBUICAO  500KVA TRIFASICO 60HZ CLASSE 15KV IMERSO EM ÓLEO MINERAL FORNECIMENTO E INSTALACAO","UN",27286.63,"SINAPI","INSTALACAO ELETRICA/ELETRIFICACAO E ILUMINACAO EXTERNA","TRANSFORMADORES"]
["73857/7","TRANSFORMADOR DISTRIBUICAO  30KVA TRIFASICO 60HZ CLASSE 15KV IMERSO EM ÓLEO MINERAL FORNECIMENTO E INSTALACAO","UN",4550.25,"SINAPI","INSTALACAO ELETRICA/ELETRIFICACAO E ILUMINACAO EXTERNA","TRANSFORMADORES"]
["73857/8","TRANSFORMADOR DISTRIBUICAO  45KVA TRIFASICO 60HZ CLASSE 15KV IMERSO EM ÓLEO MINERAL FORNECIMENTO E INSTALACAO","UN",5100.1000000000004,"SINAPI","INSTALACAO ELETRICA/ELETRIFICACAO E ILUMINACAO EXTERNA","TRANSFORMADORES"]
["73857/9","TRANSFORMADOR DISTRIBUICAO  750KVA TRIFASICO 60HZ CLASSE 15KV IMERSO EM ÓLEO MINERAL FORNECIMENTO E INSTALACAO","UN",37374.22,"SINAPI","INSTALACAO ELETRICA/ELETRIFICACAO E ILUMINACAO EXTERNA","TRANSFORMADORES"]
["73857/10","TRANSFORMADOR DISTRIBUICAO  1000KVA TRIFASICO 60HZ CLASSE 15KV IMERSO EM ÓLEO MINERAL FORNECIMENTO E INSTALACAO","UN",52259.4,"SINAPI","INSTALACAO ELETRICA/ELETRIFICACAO E ILUMINACAO EXTERNA","TRANSFORMADORES"]
[93128,"PONTO DE ILUMINAÇÃO RESIDENCIAL INCLUINDO INTERRUPTOR SIMPLES, CAIXA ELÉTRICA, ELETRODUTO, CABO, RASGO, QUEBRA E CHUMBAMENTO (EXCLUINDO LUMINÁRIA E LÂMPADA). AF_01/2016","UN",131.79,"SINAPI","INSTALACAO ELETRICA/ELETRIFICACAO E ILUMINACAO EXTERNA","PONTOS DE LUZ/TOMADAS ANTENA TV/CAMPAINHAS/INTERRUPTORES"]
[93137,"PONTO DE ILUMINAÇÃO RESIDENCIAL INCLUINDO INTERRUPTOR SIMPLES (2 MÓDULOS), CAIXA ELÉTRICA, ELETRODUTO, CABO, RASGO, QUEBRA E CHUMBAMENTO (EXCLUINDO LUMINÁRIA E LÂMPADA). AF_01/2016","UN",155.21,"SINAPI","INSTALACAO ELETRICA/ELETRIFICACAO E ILUMINACAO EXTERNA","PONTOS DE LUZ/TOMADAS ANTENA TV/CAMPAINHAS/INTERRUPTORES"]
[93138,"PONTO DE ILUMINAÇÃO RESIDENCIAL INCLUINDO INTERRUPTOR PARALELO, CAIXA ELÉTRICA, ELETRODUTO, CABO, RASGO, QUEBRA E CHUMBAMENTO (EXCLUINDO LUMINÁRIA E LÂMPADA). AF_01/2016","UN",146.86000000000001,"SINAPI","INSTALACAO ELETRICA/ELETRIFICACAO E ILUMINACAO EXTERNA","PONTOS DE LUZ/TOMADAS ANTENA TV/CAMPAINHAS/INTERRUPTORES"]
[93139,"PONTO DE ILUMINAÇÃO RESIDENCIAL INCLUINDO INTERRUPTOR PARALELO (2 MÓDULOS), CAIXA ELÉTRICA, ELETRODUTO, CABO, RASGO, QUEBRA E CHUMBAMENTO (EXCLUINDO LUMINÁRIA E LÂMPADA). AF_01/2016","UN",185.3,"SINAPI","INSTALACAO ELETRICA/ELETRIFICACAO E ILUMINACAO EXTERNA","PONTOS DE LUZ/TOMADAS ANTENA TV/CAMPAINHAS/INTERRUPTORES"]
[93140,"PONTO DE ILUMINAÇÃO RESIDENCIAL INCLUINDO INTERRUPTOR SIMPLES CONJUGADO COM PARALELO, CAIXA ELÉTRICA, ELETRODUTO, CABO, RASGO, QUEBRA E CHUMBAMENTO (EXCLUINDO LUMINÁRIA E LÂMPADA). AF_01/2016","UN",174.74,"SINAPI","INSTALACAO ELETRICA/ELETRIFICACAO E ILUMINACAO EXTERNA","PONTOS DE LUZ/TOMADAS ANTENA TV/CAMPAINHAS/INTERRUPTORES"]
[93141,"PONTO DE TOMADA RESIDENCIAL INCLUINDO TOMADA 10A/250V, CAIXA ELÉTRICA, ELETRODUTO, CABO, RASGO, QUEBRA E CHUMBAMENTO. AF_01/2016","UN",156.46,"SINAPI","INSTALACAO ELETRICA/ELETRIFICACAO E ILUMINACAO EXTERNA","PONTOS DE LUZ/TOMADAS ANTENA TV/CAMPAINHAS/INTERRUPTORES"]
[93142,"PONTO DE TOMADA RESIDENCIAL INCLUINDO TOMADA (2 MÓDULOS) 10A/250V, CAIXA ELÉTRICA, ELETRODUTO, CABO, RASGO, QUEBRA E CHUMBAMENTO. AF_01/2016","UN",175.86,"SINAPI","INSTALACAO ELETRICA/ELETRIFICACAO E ILUMINACAO EXTERNA","PONTOS DE LUZ/TOMADAS ANTENA TV/CAMPAINHAS/INTERRUPTORES"]
[93143,"PONTO DE TOMADA RESIDENCIAL INCLUINDO TOMADA 20A/250V, CAIXA ELÉTRICA, ELETRODUTO, CABO, RASGO, QUEBRA E CHUMBAMENTO. AF_01/2016","UN",158.36000000000001,"SINAPI","INSTALACAO ELETRICA/ELETRIFICACAO E ILUMINACAO EXTERNA","PONTOS DE LUZ/TOMADAS ANTENA TV/CAMPAINHAS/INTERRUPTORES"]
[93144,"PONTO DE UTILIZAÇÃO DE EQUIPAMENTOS ELÉTRICOS, RESIDENCIAL, INCLUINDO SUPORTE E PLACA, CAIXA ELÉTRICA, ELETRODUTO, CABO, RASGO, QUEBRA E CHUMBAMENTO. AF_01/2016","UN",191.25,"SINAPI","INSTALACAO ELETRICA/ELETRIFICACAO E ILUMINACAO EXTERNA","PONTOS DE LUZ/TOMADAS ANTENA TV/CAMPAINHAS/INTERRUPTORES"]
[93145,"PONTO DE ILUMINAÇÃO E TOMADA, RESIDENCIAL, INCLUINDO INTERRUPTOR SIMPLES E TOMADA 10A/250V, CAIXA ELÉTRICA, ELETRODUTO, CABO, RASGO, QUEBRA E CHUMBAMENTO (EXCLUINDO LUMINÁRIA E LÂMPADA). AF_01/2016","UN",188.86,"SINAPI","INSTALACAO ELETRICA/ELETRIFICACAO E ILUMINACAO EXTERNA","PONTOS DE LUZ/TOMADAS ANTENA TV/CAMPAINHAS/INTERRUPTORES"]
[93146,"PONTO DE ILUMINAÇÃO E TOMADA, RESIDENCIAL, INCLUINDO INTERRUPTOR PARALELO E TOMADA 10A/250V, CAIXA ELÉTRICA, ELETRODUTO, CABO, RASGO, QUEBRA E CHUMBAMENTO (EXCLUINDO LUMINÁRIA E LÂMPADA). AF_01/2016","UN",203.93,"SINAPI","INSTALACAO ELETRICA/ELETRIFICACAO E ILUMINACAO EXTERNA","PONTOS DE LUZ/TOMADAS ANTENA TV/CAMPAINHAS/INTERRUPTORES"]
[93147,"PONTO DE ILUMINAÇÃO E TOMADA, RESIDENCIAL, INCLUINDO INTERRUPTOR SIMPLES, INTERRUPTOR PARALELO E TOMADA 10A/250V, CAIXA ELÉTRICA, ELETRODUTO, CABO, RASGO, QUEBRA E CHUMBAMENTO (EXCLUINDO LUMINÁRIA E LÂMPADA). AF_01/2016","UN",231.86,"SINAPI","INSTALACAO ELETRICA/ELETRIFICACAO E ILUMINACAO EXTERNA","PONTOS DE LUZ/TOMADAS ANTENA TV/CAMPAINHAS/INTERRUPTORES"]
[8260,"INSTALACAO PARA-RAIOS P/RESERVATORIO","UN",2907.67,"SINAPI","INSTALACAO ELETRICA/ELETRIFICACAO E ILUMINACAO EXTERNA","SISTEMAS DE PROTECAO/ATERRAMENTO"]
[72315,"TERMINAL AEREO EM ACO GALVANIZADO COM BASE DE FIXACAO H = 30CM","UN",33.61,"SINAPI","INSTALACAO ELETRICA/ELETRIFICACAO E ILUMINACAO EXTERNA","SISTEMAS DE PROTECAO/ATERRAMENTO"]
[96971,"CORDOALHA DE COBRE NU 16 MM², NÃO ENTERRADA, COM ISOLADOR - FORNECIMENTO E INSTALAÇÃO. AF_12/2017","M",24.85,"SINAPI","INSTALACAO ELETRICA/ELETRIFICACAO E ILUMINACAO EXTERNA","SISTEMAS DE PROTECAO/ATERRAMENTO"]
[96972,"CORDOALHA DE COBRE NU 25 MM², NÃO ENTERRADA, COM ISOLADOR - FORNECIMENTO E INSTALAÇÃO. AF_12/2017","M",34.049999999999997,"SINAPI","INSTALACAO ELETRICA/ELETRIFICACAO E ILUMINACAO EXTERNA","SISTEMAS DE PROTECAO/ATERRAMENTO"]
[96973,"CORDOALHA DE COBRE NU 35 MM², NÃO ENTERRADA, COM ISOLADOR - FORNECIMENTO E INSTALAÇÃO. AF_12/2017","M",42.52,"SINAPI","INSTALACAO ELETRICA/ELETRIFICACAO E ILUMINACAO EXTERNA","SISTEMAS DE PROTECAO/ATERRAMENTO"]
[96974,"CORDOALHA DE COBRE NU 50 MM², NÃO ENTERRADA, COM ISOLADOR - FORNECIMENTO E INSTALAÇÃO. AF_12/2017","M",53.29,"SINAPI","INSTALACAO ELETRICA/ELETRIFICACAO E ILUMINACAO EXTERNA","SISTEMAS DE PROTECAO/ATERRAMENTO"]
[96975,"CORDOALHA DE COBRE NU 70 MM², NÃO ENTERRADA, COM ISOLADOR - FORNECIMENTO E INSTALAÇÃO. AF_12/2017","M",67.069999999999993,"SINAPI","INSTALACAO ELETRICA/ELETRIFICACAO E ILUMINACAO EXTERNA","SISTEMAS DE PROTECAO/ATERRAMENTO"]
[96976,"CORDOALHA DE COBRE NU 95 MM², NÃO ENTERRADA, COM ISOLADOR - FORNECIMENTO E INSTALAÇÃO. AF_12/2017","M",84.72,"SINAPI","INSTALACAO ELETRICA/ELETRIFICACAO E ILUMINACAO EXTERNA","SISTEMAS DE PROTECAO/ATERRAMENTO"]
[96977,"CORDOALHA DE COBRE NU 50 MM², ENTERRADA, SEM ISOLADOR - FORNECIMENTO E INSTALAÇÃO. AF_12/2017","M",28.15,"SINAPI","INSTALACAO ELETRICA/ELETRIFICACAO E ILUMINACAO EXTERNA","SISTEMAS DE PROTECAO/ATERRAMENTO"]
[96978,"CORDOALHA DE COBRE NU 70 MM², ENTERRADA, SEM ISOLADOR - FORNECIMENTO E INSTALAÇÃO. AF_12/2017","M",39.31,"SINAPI","INSTALACAO ELETRICA/ELETRIFICACAO E ILUMINACAO EXTERNA","SISTEMAS DE PROTECAO/ATERRAMENTO"]
[96979,"CORDOALHA DE COBRE NU 95 MM², ENTERRADA, SEM ISOLADOR - FORNECIMENTO E INSTALAÇÃO. AF_12/2017","M",54.86,"SINAPI","INSTALACAO ELETRICA/ELETRIFICACAO E ILUMINACAO EXTERNA","SISTEMAS DE PROTECAO/ATERRAMENTO"]
[96984,"ELETRODUTO PVC 40MM (1 ¼ ) PARA SPDA - FORNECIMENTO E INSTALAÇÃO. AF_12/2017","UN",51.21,"SINAPI","INSTALACAO ELETRICA/ELETRIFICACAO E ILUMINACAO EXTERNA","SISTEMAS DE PROTECAO/ATERRAMENTO"]
[96985,"HASTE DE ATERRAMENTO 5/8  PARA SPDA - FORNECIMENTO E INSTALAÇÃO. AF_12/2017","UN",51.63,"SINAPI","INSTALACAO ELETRICA/ELETRIFICACAO E ILUMINACAO EXTERNA","SISTEMAS DE PROTECAO/ATERRAMENTO"]
[96986,"HASTE DE ATERRAMENTO 3/4  PARA SPDA - FORNECIMENTO E INSTALAÇÃO. AF_12/2017","UN",77.48,"SINAPI","INSTALACAO ELETRICA/ELETRIFICACAO E ILUMINACAO EXTERNA","SISTEMAS DE PROTECAO/ATERRAMENTO"]
[96987,"BASE METÁLICA PARA MASTRO 1 ½  PARA SPDA - FORNECIMENTO E INSTALAÇÃO. AF_12/2017","UN",109.37,"SINAPI","INSTALACAO ELETRICA/ELETRIFICACAO E ILUMINACAO EXTERNA","SISTEMAS DE PROTECAO/ATERRAMENTO"]
[96988,"MASTRO 1 ½  PARA SPDA - FORNECIMENTO E INSTALAÇÃO. AF_12/2017","UN",126.44,"SINAPI","INSTALACAO ELETRICA/ELETRIFICACAO E ILUMINACAO EXTERNA","SISTEMAS DE PROTECAO/ATERRAMENTO"]
[96989,"CAPTOR TIPO FRANKLIN PARA SPDA - FORNECIMENTO E INSTALAÇÃO. AF_12/2017","UN",83.71,"SINAPI","INSTALACAO ELETRICA/ELETRIFICACAO E ILUMINACAO EXTERNA","SISTEMAS DE PROTECAO/ATERRAMENTO"]
[98463,"SUPORTE ISOLADOR PARA CORDOALHA DE COBRE - FORNECIMENTO E INSTALAÇÃO. AF_12/2017","UN",23,"SINAPI","INSTALACAO ELETRICA/ELETRIFICACAO E ILUMINACAO EXTERNA","SISTEMAS DE PROTECAO/ATERRAMENTO"]
[9535,"CHUVEIRO ELETRICO COMUM CORPO PLASTICO TIPO DUCHA, FORNECIMENTO E INSTALACAO","UN",66.33,"SINAPI","INSTALACAO ELETRICA/ELETRIFICACAO E ILUMINACAO EXTERNA","SERVICOS DIVERSOS"]
[72327,"FUSÍVEL TIPO \"DIAZED\", TIPO RÁPIDO OU RETARDADO - 2/25A - FORNECIMENTO E INSTALACAO","UN",10.56,"SINAPI","INSTALACAO ELETRICA/ELETRIFICACAO E ILUMINACAO EXTERNA","CHAVES EM GERAL/FUSIVEIS E CONECTORES"]
[72328,"FUSÍVEL TIPO \"DIAZED\", TIPO RÁPIDO OU RETARDADO - 35/63A - FORNECIMENTO E INSTALACAO","UN",13.12,"SINAPI","INSTALACAO ELETRICA/ELETRIFICACAO E ILUMINACAO EXTERNA","CHAVES EM GERAL/FUSIVEIS E CONECTORES"]
[72330,"FUSÍVEL TIPO NH 200A - TAMANHO 01 - FORNECIMENTO E INSTALACAO","UN",68.930000000000007,"SINAPI","INSTALACAO ELETRICA/ELETRIFICACAO E ILUMINACAO EXTERNA","CHAVES EM GERAL/FUSIVEIS E CONECTORES"]
["73780/2","CHAVE BLINDADA TRIPOLAR 250V, 30A - FORNECIMENTO E INSTALACAO","UN",133.43,"SINAPI","INSTALACAO ELETRICA/ELETRIFICACAO E ILUMINACAO EXTERNA","CHAVES EM GERAL/FUSIVEIS E CONECTORES"]
["73780/3","CHAVE BLINDADA TRIPOLAR 250V, 60A - FORNECIMENTO E INSTALACAO","UN",199.16,"SINAPI","INSTALACAO ELETRICA/ELETRIFICACAO E ILUMINACAO EXTERNA","CHAVES EM GERAL/FUSIVEIS E CONECTORES"]
["73780/4","CHAVE BLINDADA TRIPOLAR 250V, 100A - FORNECIMENTO E INSTALACAO","UN",358.49,"SINAPI","INSTALACAO ELETRICA/ELETRIFICACAO E ILUMINACAO EXTERNA","CHAVES EM GERAL/FUSIVEIS E CONECTORES"]
[83482,"FUSIVEL TIPO NH 250 A, TAMANHO 1 - FORNECIMENTO E INSTALACAO","UN",68.930000000000007,"SINAPI","INSTALACAO ELETRICA/ELETRIFICACAO E ILUMINACAO EXTERNA","CHAVES EM GERAL/FUSIVEIS E CONECTORES"]
[83487,"BASE PARA FUSIVEL (PORTA-FUSIVEL) NH 01 250A","UN",73.58,"SINAPI","INSTALACAO ELETRICA/ELETRIFICACAO E ILUMINACAO EXTERNA","CHAVES EM GERAL/FUSIVEIS E CONECTORES"]
[83490,"CHAVE FACA TRIPOLAR BLINDADA 250V/30A - FORNECIMENTO E INSTALACAO","UN",130.27000000000001,"SINAPI","INSTALACAO ELETRICA/ELETRIFICACAO E ILUMINACAO EXTERNA","CHAVES EM GERAL/FUSIVEIS E CONECTORES"]
[83491,"CHAVE GUARDA MOTOR TRIFASICO 5CV/220V C/ CHAVE MAGNETICA - FORNECIMENTO E INSTALACAO","UN",201.66,"SINAPI","INSTALACAO ELETRICA/ELETRIFICACAO E ILUMINACAO EXTERNA","CHAVES EM GERAL/FUSIVEIS E CONECTORES"]
[83492,"CHAVE GUARDA MOTOR TRIFISICA 10CV/220V C/ CHAVE MAGNETICA - FORNECIMENTO E INSTALACAO","UN",288.69,"SINAPI","INSTALACAO ELETRICA/ELETRIFICACAO E ILUMINACAO EXTERNA","CHAVES EM GERAL/FUSIVEIS E CONECTORES"]
[83493,"FUSIVEL TIPO NH 250A - TAMANHO 01 - FORNECIMENTO E INSTALACAO","UN",68.930000000000007,"SINAPI","INSTALACAO ELETRICA/ELETRIFICACAO E ILUMINACAO EXTERNA","CHAVES EM GERAL/FUSIVEIS E CONECTORES"]
[85195,"CHAVE DE BOIA AUTOMÁTICA","UN",81.03,"SINAPI","INSTALACAO ELETRICA/ELETRIFICACAO E ILUMINACAO EXTERNA","CHAVES EM GERAL/FUSIVEIS E CONECTORES"]
[88547,"CHAVE DE BOIA AUTOMÁTICA SUPERIOR 10A/250V - FORNECIMENTO E INSTALACAO","UN",90.85,"SINAPI","INSTALACAO ELETRICA/ELETRIFICACAO E ILUMINACAO EXTERNA","CHAVES EM GERAL/FUSIVEIS E CONECTORES"]
[72283,"ABRIGO PARA HIDRANTE, 75X45X17CM, COM REGISTRO GLOBO ANGULAR 45º 2.1/2\", ADAPTADOR STORZ 2.1/2\", MANGUEIRA DE INCÊNDIO 15M, REDUÇÃO 2.1/2X1.1/2\" E ESGUICHO EM LATÃO 1.1/2\" - FORNECIMENTO E INSTALAÇÃO","UN",642.04999999999995,"SINAPI","INSTALACOES ESPECIAIS","INCENDIO"]
[72287,"CAIXA DE INCÊNDIO 45X75X17CM - FORNECIMENTO E INSTALAÇÃO","UN",166.02,"SINAPI","INSTALACOES ESPECIAIS","INCENDIO"]
[72288,"CAIXA DE INCÊNDIO 60X75X17CM - FORNECIMENTO E INSTALAÇÃO","UN",205.59,"SINAPI","INSTALACOES ESPECIAIS","INCENDIO"]
[72553,"EXTINTOR DE PQS 4KG - FORNECIMENTO E INSTALACAO","UN",109.86,"SINAPI","INSTALACOES ESPECIAIS","INCENDIO"]
[72554,"EXTINTOR DE CO2 6KG - FORNECIMENTO E INSTALACAO","UN",358.85,"SINAPI","INSTALACOES ESPECIAIS","INCENDIO"]
["73775/1","EXTINTOR INCENDIO TP PO QUIMICO 4KG FORNECIMENTO E COLOCACAO","UN",117.34,"SINAPI","INSTALACOES ESPECIAIS","INCENDIO"]
["73775/2","EXTINTOR INCENDIO AGUA-PRESSURIZADA 10L INCL SUPORTE PAREDE CARGA COMPLETA FORNECIMENTO E COLOCACAO","UN",120.68,"SINAPI","INSTALACOES ESPECIAIS","INCENDIO"]
[83633,"HIDRANTE SUBTERRANEO FERRO FUNDIDO C/ CURVA LONGA E CAIXA DN=75MM","UN",1900.47,"SINAPI","INSTALACOES ESPECIAIS","INCENDIO"]
[83634,"EXTINTOR INCENDIO TP GAS CARBONICO 4KG COMPLETO - FORNECIMENTO E INSTALACAO","UN",339.65,"SINAPI","INSTALACOES ESPECIAIS","INCENDIO"]
[83635,"EXTINTOR INCENDIO TP PO QUIMICO 6KG - FORNECIMENTO E INSTALACAO","UN",135.13,"SINAPI","INSTALACOES ESPECIAIS","INCENDIO"]
[96765,"ABRIGO PARA HIDRANTE, 90X60X17CM, COM REGISTRO GLOBO ANGULAR 45 GRAUS 2 1/2\", ADAPTADOR STORZ 2 1/2\", MANGUEIRA DE INCÊNDIO 20M, REDUÇÃO 2 1/2 X 1 1/2\" E ESGUICHO EM LATÃO 1 1/2\" - FORNECIMENTO E INSTALAÇÃO. AF_08/2017","UN",739.55,"SINAPI","INSTALACOES ESPECIAIS","INCENDIO"]
[72337,"TOMADA PARA TELEFONE DE 4 POLOS PADRAO TELEBRAS - FORNECIMENTO E INSTALACAO","UN",27.04,"SINAPI","INSTALACOES ESPECIAIS","TELEFONE"]
["73749/1","CAIXA ENTERRADA PARA INSTALACOES TELEFONICAS TIPO R1 0,60X0,35X0,50M EM BLOCOS DE CONCRETO ESTRUTURAL","UN",198.04,"SINAPI","INSTALACOES ESPECIAIS","TELEFONE"]
["73749/2","CAIXA ENTERRADA PARA INSTALACOES TELEFONICAS TIPO R2 1,07X0,52X0,50M EM BLOCOS DE CONCRETO ESTRUTURAL","UN",360.23,"SINAPI","INSTALACOES ESPECIAIS","TELEFONE"]
["73749/3","CAIXA ENTERRADA PARA INSTALACOES TELEFONICAS TIPO R3 1,30X1,20X1,20M EM BLOCOS DE CONCRETO ESTRUTURAL","UN",1162.96,"SINAPI","INSTALACOES ESPECIAIS","TELEFONE"]
["73768/1","FIO TELEFONICO FI 0,6MM, 2 CONDUTORES (USO INTERNO)-  FORNECIMENTO E INSTALACAO","M",1.76,"SINAPI","INSTALACOES ESPECIAIS","TELEFONE"]
[83366,"CAIXA DE PASSAGEM PARA TELEFONE 15X15X10CM (SOBREPOR), FORNECIMENTO E INSTALACAO.","UN",77.89,"SINAPI","INSTALACOES ESPECIAIS","TELEFONE"]
[83367,"CAIXA DE PASSAGEM PARA TELEFONE 80X80X15CM (SOBREPOR) FORNECIMENTO E INSTALACAO","UN",439.31,"SINAPI","INSTALACOES ESPECIAIS","TELEFONE"]
[83368,"CAIXA DE PASSAGEM PARA TELEFONE 150X150X15CM (SOBREPOR) FORNECIMENTO E INSTALACAO","UN",1232.75,"SINAPI","INSTALACOES ESPECIAIS","TELEFONE"]
[83369,"QUADRO DE DISTRIBUICAO PARA TELEFONE N.4, 60X60X12CM EM CHAPA METALICA, DE EMBUTIR, SEM ACESSORIOS, PADRAO TELEBRAS, FORNECIMENTO E INSTALACAO","UN",297.61,"SINAPI","INSTALACOES ESPECIAIS","TELEFONE"]
[83370,"QUADRO DE DISTRIBUICAO PARA TELEFONE N.3, 40X40X12CM EM CHAPA METALICA, DE EMBUTIR, SEM ACESSORIOS, PADRAO TELEBRAS, FORNECIMENTO E INSTALACAO","UN",195,"SINAPI","INSTALACOES ESPECIAIS","TELEFONE"]
[83371,"QUADRO DE DISTRIBUICAO PARA TELEFONE N.2, 20X20X12CM EM CHAPA METALICA, DE EMBUTIR, SEM ACESSORIOS, PADRAO TELEBRAS, FORNECIMENTO E INSTALACAO","UN",124.62,"SINAPI","INSTALACOES ESPECIAIS","TELEFONE"]
[83639,"CABO TELEFONICO CT-APL-50, 100 PARES (USO EXTERNO) - FORNECIMENTO E INSTALACAO","M",43.73,"SINAPI","INSTALACOES ESPECIAIS","TELEFONE"]
[84676,"QUADRO DE DISTRIBUICAO PARA TELEFONE N.5, 80X80X12CM EM CHAPA METALICA, SEM ACESSORIOS, PADRAO TELEBRAS, FORNECIMENTO E INSTALACAO","UN",406.97,"SINAPI","INSTALACOES ESPECIAIS","TELEFONE"]
[84796,"TAMPAO FOFO P/ CAIXA R2 PADRAO TELEBRAS COMPLETO - FORNECIMENTO E INSTALACAO","UN",482.83,"SINAPI","INSTALACOES ESPECIAIS","TELEFONE"]
[84798,"TAMPAO FOFO P/ CAIXA R1 PADRAO TELEBRAS COMPLETO - FORNECIMENTO E INSTALACAO","UN",223.3,"SINAPI","INSTALACOES ESPECIAIS","TELEFONE"]
[98261,"CABO TELEFÔNICO CCI-50 1 PAR, INSTALADO EM ENTRADA DE EDIFICAÇÃO - FORNECIMENTO E INSTALAÇÃO. AF_03/2018","M",3.5,"SINAPI","INSTALACOES ESPECIAIS","TELEFONE"]
[98262,"CABO TELEFÔNICO CCI-50 2 PARES, SEM BLINDAGEM, INSTALADO EM ENTRADA DE EDIFICAÇÃO - FORNECIMENTO E INSTALAÇÃO. AF_03/2018","M",3.94,"SINAPI","INSTALACOES ESPECIAIS","TELEFONE"]
[98263,"CABO TELEFÔNICO CCI-50 3 PARES, SEM BLINDAGEM, INSTALADO EM ENTRADA DE EDIFICAÇÃO - FORNECIMENTO E INSTALAÇÃO. AF_03/2018","M",4.46,"SINAPI","INSTALACOES ESPECIAIS","TELEFONE"]
[98264,"CABO TELEFÔNICO CCI-50 4 PARES, SEM BLINDAGEM, INSTALADO EM ENTRADA DE EDIFICAÇÃO - FORNECIMENTO E INSTALAÇÃO. AF_03/2018","M",4.8499999999999996,"SINAPI","INSTALACOES ESPECIAIS","TELEFONE"]
[98265,"CABO TELEFÔNICO CCI-50 5 PARES, SEM BLINDAGEM, INSTALADO EM ENTRADA DE EDIFICAÇÃO - FORNECIMENTO E INSTALAÇÃO. AF_03/2018","M",5.41,"SINAPI","INSTALACOES ESPECIAIS","TELEFONE"]
[98266,"CABO TELEFÔNICO CCI-50 6 PARES, SEM BLINDAGEM, INSTALADO EM ENTRADA DE EDIFICAÇÃO - FORNECIMENTO E INSTALAÇÃO. AF_03/2018","M",5.72,"SINAPI","INSTALACOES ESPECIAIS","TELEFONE"]
[98267,"CABO TELEFÔNICO CI-50 10 PARES INSTALADO EM ENTRADA DE EDIFICAÇÃO - FORNECIMENTO E INSTALAÇÃO. AF_03/2018","M",8.81,"SINAPI","INSTALACOES ESPECIAIS","TELEFONE"]
[98268,"CABO TELEFÔNICO CI-50 20 PARES INSTALADO EM ENTRADA DE EDIFICAÇÃO - FORNECIMENTO E INSTALAÇÃO. AF_03/2018","M",13.33,"SINAPI","INSTALACOES ESPECIAIS","TELEFONE"]
[98269,"CABO TELEFÔNICO CI-50 30 PARES INSTALADO EM ENTRADA DE EDIFICAÇÃO - FORNECIMENTO E INSTALAÇÃO. AF_03/2018","M",16.77,"SINAPI","INSTALACOES ESPECIAIS","TELEFONE"]
[98270,"CABO TELEFÔNICO CI-50 50 PARES INSTALADO EM ENTRADA DE EDIFICAÇÃO - FORNECIMENTO E INSTALAÇÃO. AF_03/2018","M",25.89,"SINAPI","INSTALACOES ESPECIAIS","TELEFONE"]
[98271,"CABO TELEFÔNICO CI-50 75 PARES INSTALADO EM ENTRADA DE EDIFICAÇÃO - FORNECIMENTO E INSTALAÇÃO. AF_03/2018","M",38.840000000000003,"SINAPI","INSTALACOES ESPECIAIS","TELEFONE"]
[98272,"CABO TELEFÔNICO CI-50 200 PARES INSTALADO EM ENTRADA DE EDIFICAÇÃO - FORNECIMENTO E INSTALAÇÃO. AF_03/2018","M",87.95,"SINAPI","INSTALACOES ESPECIAIS","TELEFONE"]
[98273,"CABO TELEFÔNICO CCI-50 4 PARES, SEM BLINDAGEM, INSTALADO EM PRUMADA - FORNECIMENTO E INSTALAÇÃO. AF_03/2018","M",1.78,"SINAPI","INSTALACOES ESPECIAIS","TELEFONE"]
[98274,"CABO TELEFÔNICO CCI-50 5 PARES, SEM BLINDAGEM, INSTALADO EM PRUMADA - FORNECIMENTO E INSTALAÇÃO. AF_03/2018","M",2.33,"SINAPI","INSTALACOES ESPECIAIS","TELEFONE"]
[98275,"CABO TELEFÔNICO CCI-50 6 PARES, SEM BLINDAGEM, INSTALADO EM PRUMADA - FORNECIMENTO E INSTALAÇÃO. AF_03/2018","M",2.65,"SINAPI","INSTALACOES ESPECIAIS","TELEFONE"]
[98276,"CABO TELEFÔNICO CI-50 10 PARES INSTALADO EM PRUMADA - FORNECIMENTO E INSTALAÇÃO. AF_03/2018","M",5.74,"SINAPI","INSTALACOES ESPECIAIS","TELEFONE"]
[98277,"CABO TELEFÔNICO CI-50 20 PARES INSTALADO EM PRUMADA - FORNECIMENTO E INSTALAÇÃO. AF_03/2018","M",10.27,"SINAPI","INSTALACOES ESPECIAIS","TELEFONE"]
[98278,"CABO TELEFÔNICO CI-50 30 PARES INSTALADO EM PRUMADA - FORNECIMENTO E INSTALAÇÃO. AF_03/2018","M",13.71,"SINAPI","INSTALACOES ESPECIAIS","TELEFONE"]
[98279,"CABO TELEFÔNICO CI-50 50 PARES INSTALADO EM PRUMADA - FORNECIMENTO E INSTALAÇÃO. AF_03/2018","M",22.82,"SINAPI","INSTALACOES ESPECIAIS","TELEFONE"]
[98280,"CABO TELEFÔNICO CCI-50 1 PAR, SEM BLINDAGEM, INSTALADO EM DISTRIBUIÇÃO DE EDIFICAÇÃO RESIDENCIAL - FORNECIMENTO E INSTALAÇÃO. AF_03/2018","M",7.45,"SINAPI","INSTALACOES ESPECIAIS","TELEFONE"]
[98281,"CABO TELEFÔNICO CCI-50 2 PARES, SEM BLINDAGEM, INSTALADO EM DISTRIBUIÇÃO DE EDIFICAÇÃO RESIDENCIAL - FORNECIMENTO E INSTALAÇÃO. AF_03/2018","M",7.9,"SINAPI","INSTALACOES ESPECIAIS","TELEFONE"]
[98282,"CABO TELEFÔNICO CCI-50 3 PARES, SEM BLINDAGEM, INSTALADO EM DISTRIBUIÇÃO DE EDIFICAÇÃO RESIDENCIAL - FORNECIMENTO E INSTALAÇÃO. AF_03/2018","M",8.4,"SINAPI","INSTALACOES ESPECIAIS","TELEFONE"]
[98283,"CABO TELEFÔNICO CCI-50 4 PARES, SEM BLINDAGEM, INSTALADO EM DISTRIBUIÇÃO DE EDIFICAÇÃO RESIDENCIAL - FORNECIMENTO E INSTALAÇÃO. AF_03/2018","M",8.7899999999999991,"SINAPI","INSTALACOES ESPECIAIS","TELEFONE"]
[98284,"CABO TELEFÔNICO CCI-50 5 PARES, SEM BLINDAGEM, INSTALADO EM DISTRIBUIÇÃO DE EDIFICAÇÃO RESIDENCIAL - FORNECIMENTO E INSTALAÇÃO. AF_03/2018","M",9.35,"SINAPI","INSTALACOES ESPECIAIS","TELEFONE"]
[98285,"CABO TELEFÔNICO CCI-50 6 PARES, SEM BLINDAGEM, INSTALADO EM DISTRIBUIÇÃO DE EDIFICAÇÃO RESIDENCIAL - FORNECIMENTO E INSTALAÇÃO. AF_03/2018","M",9.67,"SINAPI","INSTALACOES ESPECIAIS","TELEFONE"]
[98286,"CABO TELEFÔNICO CI-50 10 PARES INSTALADO EM DISTRIBUIÇÃO DE EDIFICAÇÃO RESIDENCIAL - FORNECIMENTO E INSTALAÇÃO. AF_03/2018","M",12.77,"SINAPI","INSTALACOES ESPECIAIS","TELEFONE"]
[98287,"CABO TELEFÔNICO CCI-50 1 PAR, SEM BLINDAGEM, INSTALADO EM DISTRIBUIÇÃO DE EDIFICAÇÃO INSTITUCIONAL - FORNECIMENTO E INSTALAÇÃO. AF_03/2018","M",1.1299999999999999,"SINAPI","INSTALACOES ESPECIAIS","TELEFONE"]
[98288,"CABO TELEFÔNICO CCI-50 2 PARES, SEM BLINDAGEM, INSTALADO EM DISTRIBUIÇÃO DE EDIFICAÇÃO INSTITUCIONAL - FORNECIMENTO E INSTALAÇÃO. AF_03/2018","M",1.57,"SINAPI","INSTALACOES ESPECIAIS","TELEFONE"]
[98289,"CABO TELEFÔNICO CCI-50 3 PARES, SEM BLINDAGEM, INSTALADO EM DISTRIBUIÇÃO DE EDIFICAÇÃO INSTITUCIONAL - FORNECIMENTO E INSTALAÇÃO. AF_03/2018","M",2.09,"SINAPI","INSTALACOES ESPECIAIS","TELEFONE"]
[98290,"CABO TELEFÔNICO CCI-50 4 PARES, SEM BLINDAGEM, INSTALADO EM DISTRIBUIÇÃO DE EDIFICAÇÃO INSTITUCIONAL - FORNECIMENTO E INSTALAÇÃO. AF_03/2018","M",2.48,"SINAPI","INSTALACOES ESPECIAIS","TELEFONE"]
[98291,"CABO TELEFÔNICO CCI-50 5 PARES, SEM BLINDAGEM, INSTALADO EM DISTRIBUIÇÃO DE EDIFICAÇÃO INSTITUCIONAL - FORNECIMENTO E INSTALAÇÃO. AF_03/2018","M",3.04,"SINAPI","INSTALACOES ESPECIAIS","TELEFONE"]
[98292,"CABO TELEFÔNICO CCI-50 6 PARES, SEM BLINDAGEM, INSTALADO EM DISTRIBUIÇÃO DE EDIFICAÇÃO INSTITUCIONAL - FORNECIMENTO E INSTALAÇÃO. AF_03/2018","M",3.35,"SINAPI","INSTALACOES ESPECIAIS","TELEFONE"]
[98293,"CABO TELEFÔNICO CI-50 10 PARES INSTALADO EM DISTRIBUIÇÃO DE EDIFICAÇÃO INSTITUCIONAL - FORNECIMENTO E INSTALAÇÃO. AF_03/2018","M",6.44,"SINAPI","INSTALACOES ESPECIAIS","TELEFONE"]
[98400,"CABO TELEFÔNICO CTP-APL-50 10 PARES INSTALADO EM ENTRADA DE EDIFICAÇÃO - FORNECIMENTO E INSTALAÇÃO. AF_04/2018","M",10.050000000000001,"SINAPI","INSTALACOES ESPECIAIS","TELEFONE"]
[98401,"CABO TELEFÔNICO CTP-APL-50 20 PARES INSTALADO EM ENTRADA DE EDIFICAÇÃO - FORNECIMENTO E INSTALAÇÃO. AF_04/2018","M",14.67,"SINAPI","INSTALACOES ESPECIAIS","TELEFONE"]
[98402,"CABO TELEFÔNICO CTP-APL-50 30 PARES INSTALADO EM ENTRADA DE EDIFICAÇÃO - FORNECIMENTO E INSTALAÇÃO. AF_04/2018","M",18.54,"SINAPI","INSTALACOES ESPECIAIS","TELEFONE"]
[98397,"PINTURA ANTICORROSIVA DE DUTO METÁLICO. AF_04/2018","M2",9.27,"SINAPI","INSTALACOES ESPECIAIS","AR CONDICIONADO"]
["74003/1","INSTALACOES GAS CENTRAL P/ EDIFICIO RESIDENCIAL C/ 4 PAVTOS 16 UNID.  UMA CENTRAL POR BLOCO COM 16 PONTOS","UN",5614.26,"SINAPI","INSTALACOES ESPECIAIS","GAS"]
[85120,"MANOMETRO 0 A 200 PSI (0 A 14 KGF/CM2), D = 50MM - FORNECIMENTO E COLOCACAO","UN",125.95,"SINAPI","INSTALACOES ESPECIAIS","GAS"]
[83486,"BOMBA CENTRIFUGA C/ MOTOR ELETRICO TRIFASICO 1CV","UN",1069.3,"SINAPI","INSTALACOES ESPECIAIS","BOMBAS P/INSTALACAO PREDIAL"]
[83643,"BOMBA SUBMERSIVEL ELETRICA, TRIFASICA, POTÊNCIA 3,75 HP, DIAMETRO DO ROTOR 90 MM SEMIABERTO, BOCAL DE SAIDA DIAMETRO DE 2 POLEGADAS, HM/Q = 5 M / 61,2 M3/H A 25,5 M / 3,6 M3/H","UN",3108.85,"SINAPI","INSTALACOES ESPECIAIS","BOMBAS P/INSTALACAO PREDIAL"]
[83644,"BOMBA RECALQUE D'AGUA TRIFASICA 10,0 HP","UN",4301.72,"SINAPI","INSTALACOES ESPECIAIS","BOMBAS P/INSTALACAO PREDIAL"]
[83645,"BOMBA RECALQUE D'AGUA TRIFASICA 3,0 HP","UN",1449.4,"SINAPI","INSTALACOES ESPECIAIS","BOMBAS P/INSTALACAO PREDIAL"]
[83646,"BOMBA RECALQUE D'AGUA DE ESTAGIOS TRIFASICA 2,0 HP","UN",1663.1,"SINAPI","INSTALACOES ESPECIAIS","BOMBAS P/INSTALACAO PREDIAL"]
[83647,"BOMBA RECALQUE D'AGUA TRIFASICA 1,5HP","UN",1129.5899999999999,"SINAPI","INSTALACOES ESPECIAIS","BOMBAS P/INSTALACAO PREDIAL"]
[83648,"BOMBA RECALQUE D'AGUA TRIFASICA 0,5 HP","UN",768.29,"SINAPI","INSTALACOES ESPECIAIS","BOMBAS P/INSTALACAO PREDIAL"]
[83649,"BOMBA RECALQUE D'AGUA PREDIO 6 A 10 PAVTOS - 2UD","UN",4422.54,"SINAPI","INSTALACOES ESPECIAIS","BOMBAS P/INSTALACAO PREDIAL"]
[83650,"BOMBA RECALQUE D'AGUA PREDIO 3 A 5 PAVTOS - 2UD","UN",3782.92,"SINAPI","INSTALACOES ESPECIAIS","BOMBAS P/INSTALACAO PREDIAL"]
[98294,"CABO ELETRÔNICO CATEGORIA 5E, INSTALADO EM EDIFICAÇÃO RESIDENCIAL - FORNECIMENTO E INSTALAÇÃO. AF_03/2018","M",2.34,"SINAPI","INSTALACOES ESPECIAIS","INSTALACAO DE LOGICA"]
[98295,"CABO ELETRÔNICO CATEGORIA 5E, INSTALADO EM EDIFICAÇÃO INSTITUCIONAL - FORNECIMENTO E INSTALAÇÃO. AF_03/2018","M",1.63,"SINAPI","INSTALACOES ESPECIAIS","INSTALACAO DE LOGICA"]
[98296,"CABO ELETRÔNICO CATEGORIA 6, INSTALADO EM EDIFICAÇÃO RESIDENCIAL - FORNECIMENTO E INSTALAÇÃO. AF_03/2018","M",3.61,"SINAPI","INSTALACOES ESPECIAIS","INSTALACAO DE LOGICA"]
[98297,"CABO ELETRÔNICO CATEGORIA 6, INSTALADO EM EDIFICAÇÃO INSTITUCIONAL - FORNECIMENTO E INSTALAÇÃO. AF_03/2018","M",2.4700000000000002,"SINAPI","INSTALACOES ESPECIAIS","INSTALACAO DE LOGICA"]
[98301,"PATCH PANEL 24 PORTAS, CATEGORIA 5E - FORNECIMENTO E INSTALAÇÃO. AF_03/2018","UN",545.66,"SINAPI","INSTALACOES ESPECIAIS","INSTALACAO DE LOGICA"]
[98302,"PATCH PANEL 24 PORTAS, CATEGORIA 6 - FORNECIMENTO E INSTALAÇÃO. AF_03/2018","UN",716.35,"SINAPI","INSTALACOES ESPECIAIS","INSTALACAO DE LOGICA"]
[98304,"PATCH PANEL 48 PORTAS, CATEGORIA 6 - FORNECIMENTO E INSTALAÇÃO. AF_03/2018","UN",1167.8699999999999,"SINAPI","INSTALACOES ESPECIAIS","INSTALACAO DE LOGICA"]
[98307,"TOMADA DE REDE RJ45 - FORNECIMENTO E INSTALAÇÃO. AF_03/2018","UN",41.62,"SINAPI","INSTALACOES ESPECIAIS","INSTALACAO DE LOGICA"]
[98308,"TOMADA PARA TELEFONE RJ11 - FORNECIMENTO E INSTALAÇÃO. AF_03/2018","UN",28.13,"SINAPI","INSTALACOES ESPECIAIS","INSTALACAO DE LOGICA"]
[98593,"PATCH PANEL 48 PORTAS, CATEGORIA 5E - FORNECIMENTO E INSTALAÇÃO. AF_04/2018","UN",964,"SINAPI","INSTALACOES ESPECIAIS","INSTALACAO DE LOGICA"]
[89355,"TUBO, PVC, SOLDÁVEL, DN 20MM, INSTALADO EM RAMAL OU SUB-RAMAL DE ÁGUA - FORNECIMENTO E INSTALAÇÃO. AF_12/2014","M",14.58,"SINAPI","INSTALACOES HIDRO SANITARIAS","FORNEC. E ASSENTAMENTO DE TUBOS P/INSTALACAO DOMICILIAR"]
[89356,"TUBO, PVC, SOLDÁVEL, DN 25MM, INSTALADO EM RAMAL OU SUB-RAMAL DE ÁGUA - FORNECIMENTO E INSTALAÇÃO. AF_12/2014","M",17.13,"SINAPI","INSTALACOES HIDRO SANITARIAS","FORNEC. E ASSENTAMENTO DE TUBOS P/INSTALACAO DOMICILIAR"]
[89357,"TUBO, PVC, SOLDÁVEL, DN 32MM, INSTALADO EM RAMAL OU SUB-RAMAL DE ÁGUA - FORNECIMENTO E INSTALAÇÃO. AF_12/2014","M",22.97,"SINAPI","INSTALACOES HIDRO SANITARIAS","FORNEC. E ASSENTAMENTO DE TUBOS P/INSTALACAO DOMICILIAR"]
[89401,"TUBO, PVC, SOLDÁVEL, DN 20MM, INSTALADO EM RAMAL DE DISTRIBUIÇÃO DE ÁGUA - FORNECIMENTO E INSTALAÇÃO. AF_12/2014","M",5.72,"SINAPI","INSTALACOES HIDRO SANITARIAS","FORNEC. E ASSENTAMENTO DE TUBOS P/INSTALACAO DOMICILIAR"]
[89402,"TUBO, PVC, SOLDÁVEL, DN 25MM, INSTALADO EM RAMAL DE DISTRIBUIÇÃO DE ÁGUA - FORNECIMENTO E INSTALAÇÃO. AF_12/2014","M",6.9,"SINAPI","INSTALACOES HIDRO SANITARIAS","FORNEC. E ASSENTAMENTO DE TUBOS P/INSTALACAO DOMICILIAR"]
[89403,"TUBO, PVC, SOLDÁVEL, DN 32MM, INSTALADO EM RAMAL DE DISTRIBUIÇÃO DE ÁGUA - FORNECIMENTO E INSTALAÇÃO. AF_12/2014","M",10.76,"SINAPI","INSTALACOES HIDRO SANITARIAS","FORNEC. E ASSENTAMENTO DE TUBOS P/INSTALACAO DOMICILIAR"]
[89446,"TUBO, PVC, SOLDÁVEL, DN 25MM, INSTALADO EM PRUMADA DE ÁGUA - FORNECIMENTO E INSTALAÇÃO. AF_12/2014","M",3.03,"SINAPI","INSTALACOES HIDRO SANITARIAS","FORNEC. E ASSENTAMENTO DE TUBOS P/INSTALACAO DOMICILIAR"]
[89447,"TUBO, PVC, SOLDÁVEL, DN 32MM, INSTALADO EM PRUMADA DE ÁGUA - FORNECIMENTO E INSTALAÇÃO. AF_12/2014","M",6.21,"SINAPI","INSTALACOES HIDRO SANITARIAS","FORNEC. E ASSENTAMENTO DE TUBOS P/INSTALACAO DOMICILIAR"]
[89448,"TUBO, PVC, SOLDÁVEL, DN 40MM, INSTALADO EM PRUMADA DE ÁGUA - FORNECIMENTO E INSTALAÇÃO. AF_12/2014","M",8.85,"SINAPI","INSTALACOES HIDRO SANITARIAS","FORNEC. E ASSENTAMENTO DE TUBOS P/INSTALACAO DOMICILIAR"]
[89449,"TUBO, PVC, SOLDÁVEL, DN 50MM, INSTALADO EM PRUMADA DE ÁGUA - FORNECIMENTO E INSTALAÇÃO. AF_12/2014","M",10.199999999999999,"SINAPI","INSTALACOES HIDRO SANITARIAS","FORNEC. E ASSENTAMENTO DE TUBOS P/INSTALACAO DOMICILIAR"]
[89450,"TUBO, PVC, SOLDÁVEL, DN 60MM, INSTALADO EM PRUMADA DE ÁGUA - FORNECIMENTO E INSTALAÇÃO. AF_12/2014","M",16.600000000000001,"SINAPI","INSTALACOES HIDRO SANITARIAS","FORNEC. E ASSENTAMENTO DE TUBOS P/INSTALACAO DOMICILIAR"]
[89451,"TUBO, PVC, SOLDÁVEL, DN 75MM, INSTALADO EM PRUMADA DE ÁGUA - FORNECIMENTO E INSTALAÇÃO. AF_12/2014","M",27.27,"SINAPI","INSTALACOES HIDRO SANITARIAS","FORNEC. E ASSENTAMENTO DE TUBOS P/INSTALACAO DOMICILIAR"]
[89452,"TUBO, PVC, SOLDÁVEL, DN 85MM, INSTALADO EM PRUMADA DE ÁGUA - FORNECIMENTO E INSTALAÇÃO. AF_12/2014","M",33.840000000000003,"SINAPI","INSTALACOES HIDRO SANITARIAS","FORNEC. E ASSENTAMENTO DE TUBOS P/INSTALACAO DOMICILIAR"]
[89508,"TUBO PVC, SÉRIE R, ÁGUA PLUVIAL, DN 40 MM, FORNECIDO E INSTALADO EM RAMAL DE ENCAMINHAMENTO. AF_12/2014","M",13.8,"SINAPI","INSTALACOES HIDRO SANITARIAS","FORNEC. E ASSENTAMENTO DE TUBOS P/INSTALACAO DOMICILIAR"]
[89509,"TUBO PVC, SÉRIE R, ÁGUA PLUVIAL, DN 50 MM, FORNECIDO E INSTALADO EM RAMAL DE ENCAMINHAMENTO. AF_12/2014","M",18.79,"SINAPI","INSTALACOES HIDRO SANITARIAS","FORNEC. E ASSENTAMENTO DE TUBOS P/INSTALACAO DOMICILIAR"]
[89511,"TUBO PVC, SÉRIE R, ÁGUA PLUVIAL, DN 75 MM, FORNECIDO E INSTALADO EM RAMAL DE ENCAMINHAMENTO. AF_12/2014","M",28.16,"SINAPI","INSTALACOES HIDRO SANITARIAS","FORNEC. E ASSENTAMENTO DE TUBOS P/INSTALACAO DOMICILIAR"]
[89512,"TUBO PVC, SÉRIE R, ÁGUA PLUVIAL, DN 100 MM, FORNECIDO E INSTALADO EM RAMAL DE ENCAMINHAMENTO. AF_12/2014","M",43.61,"SINAPI","INSTALACOES HIDRO SANITARIAS","FORNEC. E ASSENTAMENTO DE TUBOS P/INSTALACAO DOMICILIAR"]
[89576,"TUBO PVC, SÉRIE R, ÁGUA PLUVIAL, DN 75 MM, FORNECIDO E INSTALADO EM CONDUTORES VERTICAIS DE ÁGUAS PLUVIAIS. AF_12/2014","M",15.01,"SINAPI","INSTALACOES HIDRO SANITARIAS","FORNEC. E ASSENTAMENTO DE TUBOS P/INSTALACAO DOMICILIAR"]
[89578,"TUBO PVC, SÉRIE R, ÁGUA PLUVIAL, DN 100 MM, FORNECIDO E INSTALADO EM CONDUTORES VERTICAIS DE ÁGUAS PLUVIAIS. AF_12/2014","M",25.73,"SINAPI","INSTALACOES HIDRO SANITARIAS","FORNEC. E ASSENTAMENTO DE TUBOS P/INSTALACAO DOMICILIAR"]
[89580,"TUBO PVC, SÉRIE R, ÁGUA PLUVIAL, DN 150 MM, FORNECIDO E INSTALADO EM CONDUTORES VERTICAIS DE ÁGUAS PLUVIAIS. AF_12/2014","M",50.16,"SINAPI","INSTALACOES HIDRO SANITARIAS","FORNEC. E ASSENTAMENTO DE TUBOS P/INSTALACAO DOMICILIAR"]
[89633,"TUBO, CPVC, SOLDÁVEL, DN 15MM, INSTALADO EM RAMAL OU SUB-RAMAL DE ÁGUA - FORNECIMENTO E INSTALAÇÃO. AF_12/2014","M",18.03,"SINAPI","INSTALACOES HIDRO SANITARIAS","FORNEC. E ASSENTAMENTO DE TUBOS P/INSTALACAO DOMICILIAR"]
[89634,"TUBO, CPVC, SOLDÁVEL, DN 22MM, INSTALADO EM RAMAL OU SUB-RAMAL DE ÁGUA - FORNECIMENTO E INSTALAÇÃO. AF_12/2014","M",26.62,"SINAPI","INSTALACOES HIDRO SANITARIAS","FORNEC. E ASSENTAMENTO DE TUBOS P/INSTALACAO DOMICILIAR"]
[89635,"TUBO, CPVC, SOLDÁVEL, DN 28MM, INSTALADO EM RAMAL OU SUB-RAMAL DE ÁGUA - FORNECIMENTO E INSTALAÇÃO. AF_12/2014","M",37.07,"SINAPI","INSTALACOES HIDRO SANITARIAS","FORNEC. E ASSENTAMENTO DE TUBOS P/INSTALACAO DOMICILIAR"]
[89636,"TUBO, CPVC, SOLDÁVEL, DN 35MM, INSTALADO EM RAMAL OU SUB-RAMAL DE ÁGUA \u0096 FORNECIMENTO E INSTALAÇÃO. AF_12/2014","M",44.93,"SINAPI","INSTALACOES HIDRO SANITARIAS","FORNEC. E ASSENTAMENTO DE TUBOS P/INSTALACAO DOMICILIAR"]
[89711,"TUBO PVC, SERIE NORMAL, ESGOTO PREDIAL, DN 40 MM, FORNECIDO E INSTALADO EM RAMAL DE DESCARGA OU RAMAL DE ESGOTO SANITÁRIO. AF_12/2014","M",15.02,"SINAPI","INSTALACOES HIDRO SANITARIAS","FORNEC. E ASSENTAMENTO DE TUBOS P/INSTALACAO DOMICILIAR"]
[89712,"TUBO PVC, SERIE NORMAL, ESGOTO PREDIAL, DN 50 MM, FORNECIDO E INSTALADO EM RAMAL DE DESCARGA OU RAMAL DE ESGOTO SANITÁRIO. AF_12/2014","M",21.57,"SINAPI","INSTALACOES HIDRO SANITARIAS","FORNEC. E ASSENTAMENTO DE TUBOS P/INSTALACAO DOMICILIAR"]
[89713,"TUBO PVC, SERIE NORMAL, ESGOTO PREDIAL, DN 75 MM, FORNECIDO E INSTALADO EM RAMAL DE DESCARGA OU RAMAL DE ESGOTO SANITÁRIO. AF_12/2014","M",32.700000000000003,"SINAPI","INSTALACOES HIDRO SANITARIAS","FORNEC. E ASSENTAMENTO DE TUBOS P/INSTALACAO DOMICILIAR"]
[89714,"TUBO PVC, SERIE NORMAL, ESGOTO PREDIAL, DN 100 MM, FORNECIDO E INSTALADO EM RAMAL DE DESCARGA OU RAMAL DE ESGOTO SANITÁRIO. AF_12/2014","M",42.3,"SINAPI","INSTALACOES HIDRO SANITARIAS","FORNEC. E ASSENTAMENTO DE TUBOS P/INSTALACAO DOMICILIAR"]
[89716,"TUBO, CPVC, SOLDÁVEL, DN 22MM, INSTALADO EM RAMAL DE DISTRIBUIÇÃO DE ÁGUA - FORNECIMENTO E INSTALAÇÃO. AF_12/2014","M",17.34,"SINAPI","INSTALACOES HIDRO SANITARIAS","FORNEC. E ASSENTAMENTO DE TUBOS P/INSTALACAO DOMICILIAR"]
[89717,"TUBO, CPVC, SOLDÁVEL, DN 28MM, INSTALADO EM RAMAL DE DISTRIBUIÇÃO DE ÁGUA - FORNECIMENTO E INSTALAÇÃO. AF_12/2014","M",26.13,"SINAPI","INSTALACOES HIDRO SANITARIAS","FORNEC. E ASSENTAMENTO DE TUBOS P/INSTALACAO DOMICILIAR"]
[89770,"TUBO, CPVC, SOLDÁVEL, DN 35MM, INSTALADO EM PRUMADA DE ÁGUA \u0096 FORNECIMENTO E INSTALAÇÃO. AF_12/2014","M",27.24,"SINAPI","INSTALACOES HIDRO SANITARIAS","FORNEC. E ASSENTAMENTO DE TUBOS P/INSTALACAO DOMICILIAR"]
[89771,"TUBO, CPVC, SOLDÁVEL, DN 42MM, INSTALADO EM PRUMADA DE ÁGUA \u0096 FORNECIMENTO E INSTALAÇÃO. AF_12/2014","M",37.19,"SINAPI","INSTALACOES HIDRO SANITARIAS","FORNEC. E ASSENTAMENTO DE TUBOS P/INSTALACAO DOMICILIAR"]
[89773,"TUBO, CPVC, SOLDÁVEL, DN 73MM, INSTALADO EM PRUMADA DE ÁGUA \u0096 FORNECIMENTO E INSTALAÇÃO. AF_12/2014","M",86.41,"SINAPI","INSTALACOES HIDRO SANITARIAS","FORNEC. E ASSENTAMENTO DE TUBOS P/INSTALACAO DOMICILIAR"]
[89775,"TUBO, CPVC, SOLDÁVEL, DN 89MM, INSTALADO EM PRUMADA DE ÁGUA \u0096 FORNECIMENTO E INSTALAÇÃO. AF_12/2014","M",136.31,"SINAPI","INSTALACOES HIDRO SANITARIAS","FORNEC. E ASSENTAMENTO DE TUBOS P/INSTALACAO DOMICILIAR"]
[89798,"TUBO PVC, SERIE NORMAL, ESGOTO PREDIAL, DN 50 MM, FORNECIDO E INSTALADO EM PRUMADA DE ESGOTO SANITÁRIO OU VENTILAÇÃO. AF_12/2014","M",7.57,"SINAPI","INSTALACOES HIDRO SANITARIAS","FORNEC. E ASSENTAMENTO DE TUBOS P/INSTALACAO DOMICILIAR"]
[89799,"TUBO PVC, SERIE NORMAL, ESGOTO PREDIAL, DN 75 MM, FORNECIDO E INSTALADO EM PRUMADA DE ESGOTO SANITÁRIO OU VENTILAÇÃO. AF_12/2014","M",12.81,"SINAPI","INSTALACOES HIDRO SANITARIAS","FORNEC. E ASSENTAMENTO DE TUBOS P/INSTALACAO DOMICILIAR"]
[89800,"TUBO PVC, SERIE NORMAL, ESGOTO PREDIAL, DN 100 MM, FORNECIDO E INSTALADO EM PRUMADA DE ESGOTO SANITÁRIO OU VENTILAÇÃO. AF_12/2014","M",16.260000000000002,"SINAPI","INSTALACOES HIDRO SANITARIAS","FORNEC. E ASSENTAMENTO DE TUBOS P/INSTALACAO DOMICILIAR"]
[89848,"TUBO PVC, SERIE NORMAL, ESGOTO PREDIAL, DN 100 MM, FORNECIDO E INSTALADO EM SUBCOLETOR AÉREO DE ESGOTO SANITÁRIO. AF_12/2014","M",20.89,"SINAPI","INSTALACOES HIDRO SANITARIAS","FORNEC. E ASSENTAMENTO DE TUBOS P/INSTALACAO DOMICILIAR"]
[89849,"TUBO PVC, SERIE NORMAL, ESGOTO PREDIAL, DN 150 MM, FORNECIDO E INSTALADO EM SUBCOLETOR AÉREO DE ESGOTO SANITÁRIO. AF_12/2014","M",38.54,"SINAPI","INSTALACOES HIDRO SANITARIAS","FORNEC. E ASSENTAMENTO DE TUBOS P/INSTALACAO DOMICILIAR"]
[89865,"TUBO, PVC, SOLDÁVEL, DN 25MM, INSTALADO EM DRENO DE AR-CONDICIONADO - FORNECIMENTO E INSTALAÇÃO. AF_12/2014","M",9.9499999999999993,"SINAPI","INSTALACOES HIDRO SANITARIAS","FORNEC. E ASSENTAMENTO DE TUBOS P/INSTALACAO DOMICILIAR"]
[91784,"(COMPOSIÇÃO REPRESENTATIVA) DO SERVIÇO DE INSTALAÇÃO DE TUBOS DE PVC, SOLDÁVEL, ÁGUA FRIA, DN 20 MM (INSTALADO EM RAMAL, SUB-RAMAL OU RAMAL DE DISTRIBUIÇÃO), INCLUSIVE CONEXÕES, CORTES E FIXAÇÕES, PARA PRÉDIOS. AF_10/2015","M",34.340000000000003,"SINAPI","INSTALACOES HIDRO SANITARIAS","FORNEC. E ASSENTAMENTO DE TUBOS P/INSTALACAO DOMICILIAR"]
[91785,"(COMPOSIÇÃO REPRESENTATIVA) DO SERVIÇO DE INSTALAÇÃO DE TUBOS DE PVC, SOLDÁVEL, ÁGUA FRIA, DN 25 MM (INSTALADO EM RAMAL, SUB-RAMAL, RAMAL DE DISTRIBUIÇÃO OU PRUMADA), INCLUSIVE CONEXÕES, CORTES E FIXAÇÕES, PARA PRÉDIOS. AF_10/2015","M",33.78,"SINAPI","INSTALACOES HIDRO SANITARIAS","FORNEC. E ASSENTAMENTO DE TUBOS P/INSTALACAO DOMICILIAR"]
[91786,"(COMPOSIÇÃO REPRESENTATIVA) DO SERVIÇO DE INSTALAÇÃO TUBOS DE PVC, SOLDÁVEL, ÁGUA FRIA, DN 32 MM (INSTALADO EM RAMAL, SUB-RAMAL, RAMAL DE DISTRIBUIÇÃO OU PRUMADA), INCLUSIVE CONEXÕES, CORTES E FIXAÇÕES, PARA PRÉDIOS. AF_10/2015","M",20.13,"SINAPI","INSTALACOES HIDRO SANITARIAS","FORNEC. E ASSENTAMENTO DE TUBOS P/INSTALACAO DOMICILIAR"]
[91787,"(COMPOSIÇÃO REPRESENTATIVA) DO SERVIÇO DE INSTALAÇÃO DE TUBOS DE PVC, SOLDÁVEL, ÁGUA FRIA, DN 40 MM (INSTALADO EM PRUMADA), INCLUSIVE CONEXÕES, CORTES E FIXAÇÕES, PARA PRÉDIOS. AF_10/2015","M",20.07,"SINAPI","INSTALACOES HIDRO SANITARIAS","FORNEC. E ASSENTAMENTO DE TUBOS P/INSTALACAO DOMICILIAR"]
[91788,"(COMPOSIÇÃO REPRESENTATIVA) DO SERVIÇO DE INSTALAÇÃO DE TUBOS DE PVC, SOLDÁVEL, ÁGUA FRIA, DN 50 MM (INSTALADO EM PRUMADA), INCLUSIVE CONEXÕES, CORTES E FIXAÇÕES, PARA PRÉDIOS. AF_10/2015","M",26.48,"SINAPI","INSTALACOES HIDRO SANITARIAS","FORNEC. E ASSENTAMENTO DE TUBOS P/INSTALACAO DOMICILIAR"]
[91789,"(COMPOSIÇÃO REPRESENTATIVA) DO SERVIÇO DE INSTALAÇÃO DE TUBOS DE PVC, SÉRIE R, ÁGUA PLUVIAL, DN 75 MM (INSTALADO EM RAMAL DE ENCAMINHAMENTO, OU CONDUTORES VERTICAIS), INCLUSIVE CONEXÕES, CORTE E FIXAÇÕES, PARA PRÉDIOS. AF_10/2015","M",28.02,"SINAPI","INSTALACOES HIDRO SANITARIAS","FORNEC. E ASSENTAMENTO DE TUBOS P/INSTALACAO DOMICILIAR"]
[91790,"(COMPOSIÇÃO REPRESENTATIVA) DO SERVIÇO DE INSTALAÇÃO DE TUBOS DE PVC, SÉRIE R, ÁGUA PLUVIAL, DN 100 MM (INSTALADO EM RAMAL DE ENCAMINHAMENTO, OU CONDUTORES VERTICAIS), INCLUSIVE CONEXÕES, CORTES E FIXAÇÕES, PARA PRÉDIOS. AF_10/2015","M",43.54,"SINAPI","INSTALACOES HIDRO SANITARIAS","FORNEC. E ASSENTAMENTO DE TUBOS P/INSTALACAO DOMICILIAR"]
[91791,"(COMPOSIÇÃO REPRESENTATIVA) DO SERVIÇO DE INSTALAÇÃO DE TUBOS DE PVC, SÉRIE R, ÁGUA PLUVIAL, DN 150 MM (INSTALADO EM CONDUTORES VERTICAIS), INCLUSIVE CONEXÕES, CORTES E FIXAÇÕES, PARA PRÉDIOS. AF_10/2015","M",53.53,"SINAPI","INSTALACOES HIDRO SANITARIAS","FORNEC. E ASSENTAMENTO DE TUBOS P/INSTALACAO DOMICILIAR"]
[91792,"(COMPOSIÇÃO REPRESENTATIVA) DO SERVIÇO DE INSTALAÇÃO DE TUBO DE PVC, SÉRIE NORMAL, ESGOTO PREDIAL, DN 40 MM (INSTALADO EM RAMAL DE DESCARGA OU RAMAL DE ESGOTO SANITÁRIO), INCLUSIVE CONEXÕES, CORTES E FIXAÇÕES, PARA PRÉDIOS. AF_10/2015","M",44.85,"SINAPI","INSTALACOES HIDRO SANITARIAS","FORNEC. E ASSENTAMENTO DE TUBOS P/INSTALACAO DOMICILIAR"]
[91793,"(COMPOSIÇÃO REPRESENTATIVA) DO SERVIÇO DE INSTALAÇÃO DE TUBO DE PVC, SÉRIE NORMAL, ESGOTO PREDIAL, DN 50 MM (INSTALADO EM RAMAL DE DESCARGA OU RAMAL DE ESGOTO SANITÁRIO), INCLUSIVE CONEXÕES, CORTES E FIXAÇÕES PARA, PRÉDIOS. AF_10/2015","M",64.540000000000006,"SINAPI","INSTALACOES HIDRO SANITARIAS","FORNEC. E ASSENTAMENTO DE TUBOS P/INSTALACAO DOMICILIAR"]
[91794,"(COMPOSIÇÃO REPRESENTATIVA) DO SERVIÇO DE INST. TUBO PVC, SÉRIE N, ESGOTO PREDIAL, DN 75 MM, (INST. EM RAMAL DE DESCARGA, RAMAL DE ESG. SANITÁRIO, PRUMADA DE ESG. SANITÁRIO OU VENTILAÇÃO), INCL. CONEXÕES, CORTES E FIXAÇÕES, P/ PRÉDIOS. AF_10/2015","M",27.64,"SINAPI","INSTALACOES HIDRO SANITARIAS","FORNEC. E ASSENTAMENTO DE TUBOS P/INSTALACAO DOMICILIAR"]
[91795,"(COMPOSIÇÃO REPRESENTATIVA) DO SERVIÇO DE INST. TUBO PVC, SÉRIE N, ESGOTO PREDIAL, 100 MM (INST. RAMAL DESCARGA, RAMAL DE ESG. SANIT., PRUMADA ESG. SANIT., VENTILAÇÃO OU SUB-COLETOR AÉREO), INCL. CONEXÕES E CORTES, FIXAÇÕES, P/ PRÉDIOS. AF_10/2015","M",47.75,"SINAPI","INSTALACOES HIDRO SANITARIAS","FORNEC. E ASSENTAMENTO DE TUBOS P/INSTALACAO DOMICILIAR"]
[91796,"(COMPOSIÇÃO REPRESENTATIVA) DO SERVIÇO DE INSTALAÇÃO DE TUBO DE PVC, SÉRIE NORMAL, ESGOTO PREDIAL, DN 150 MM (INSTALADO EM SUB-COLETOR AÉREO), INCLUSIVE CONEXÕES, CORTES E FIXAÇÕES, PARA PRÉDIOS. AF_10/2015","M",49.94,"SINAPI","INSTALACOES HIDRO SANITARIAS","FORNEC. E ASSENTAMENTO DE TUBOS P/INSTALACAO DOMICILIAR"]
[92275,"TUBO EM COBRE RÍGIDO, DN 22 MM, CLASSE E, SEM ISOLAMENTO, INSTALADO EM PRUMADA \u0096 FORNECIMENTO E INSTALAÇÃO. AF_12/2015","M",30.89,"SINAPI","INSTALACOES HIDRO SANITARIAS","FORNEC. E ASSENTAMENTO DE TUBOS P/INSTALACAO DOMICILIAR"]
[92276,"TUBO EM COBRE RÍGIDO, DN 28 MM, CLASSE E, SEM ISOLAMENTO, INSTALADO EM PRUMADA \u0096 FORNECIMENTO E INSTALAÇÃO. AF_12/2015","M",39.06,"SINAPI","INSTALACOES HIDRO SANITARIAS","FORNEC. E ASSENTAMENTO DE TUBOS P/INSTALACAO DOMICILIAR"]
[92277,"TUBO EM COBRE RÍGIDO, DN 35 MM, CLASSE E, SEM ISOLAMENTO, INSTALADO EM PRUMADA \u0096 FORNECIMENTO E INSTALAÇÃO. AF_12/2015","M",56.13,"SINAPI","INSTALACOES HIDRO SANITARIAS","FORNEC. E ASSENTAMENTO DE TUBOS P/INSTALACAO DOMICILIAR"]
[92278,"TUBO EM COBRE RÍGIDO, DN 42 MM, CLASSE E, SEM ISOLAMENTO, INSTALADO EM PRUMADA \u0096 FORNECIMENTO E INSTALAÇÃO. AF_12/2015","M",75.27,"SINAPI","INSTALACOES HIDRO SANITARIAS","FORNEC. E ASSENTAMENTO DE TUBOS P/INSTALACAO DOMICILIAR"]
[92279,"TUBO EM COBRE RÍGIDO, DN 54 MM, CLASSE E, SEM ISOLAMENTO, INSTALADO EM PRUMADA \u0096 FORNECIMENTO E INSTALAÇÃO. AF_12/2015","M",108.53,"SINAPI","INSTALACOES HIDRO SANITARIAS","FORNEC. E ASSENTAMENTO DE TUBOS P/INSTALACAO DOMICILIAR"]
[92280,"TUBO EM COBRE RÍGIDO, DN 66 MM, CLASSE E, SEM ISOLAMENTO, INSTALADO EM PRUMADA \u0096 FORNECIMENTO E INSTALAÇÃO. AF_12/2015","M",152.08000000000001,"SINAPI","INSTALACOES HIDRO SANITARIAS","FORNEC. E ASSENTAMENTO DE TUBOS P/INSTALACAO DOMICILIAR"]
[92281,"TUBO EM COBRE RÍGIDO, DN 22 MM, CLASSE E, COM ISOLAMENTO, INSTALADO EM PRUMADA \u0096 FORNECIMENTO E INSTALAÇÃO. AF_12/2015","M",105.78,"SINAPI","INSTALACOES HIDRO SANITARIAS","FORNEC. E ASSENTAMENTO DE TUBOS P/INSTALACAO DOMICILIAR"]
[92282,"TUBO EM COBRE RÍGIDO, DN 28 MM, CLASSE E, COM ISOLAMENTO, INSTALADO EM PRUMADA \u0096 FORNECIMENTO E INSTALAÇÃO. AF_12/2015","M",116.98,"SINAPI","INSTALACOES HIDRO SANITARIAS","FORNEC. E ASSENTAMENTO DE TUBOS P/INSTALACAO DOMICILIAR"]
[92283,"TUBO EM COBRE RÍGIDO, DN 35 MM, CLASSE E, COM ISOLAMENTO, INSTALADO EM PRUMADA \u0096 FORNECIMENTO E INSTALAÇÃO. AF_12/2015","M",154.62,"SINAPI","INSTALACOES HIDRO SANITARIAS","FORNEC. E ASSENTAMENTO DE TUBOS P/INSTALACAO DOMICILIAR"]
[92284,"TUBO EM COBRE RÍGIDO, DN 42 MM, CLASSE E, COM ISOLAMENTO, INSTALADO EM PRUMADA \u0096 FORNECIMENTO E INSTALAÇÃO. AF_12/2015","M",187.61,"SINAPI","INSTALACOES HIDRO SANITARIAS","FORNEC. E ASSENTAMENTO DE TUBOS P/INSTALACAO DOMICILIAR"]
[92285,"TUBO EM COBRE RÍGIDO, DN 54 MM, CLASSE E, COM ISOLAMENTO, INSTALADO EM PRUMADA \u0096 FORNECIMENTO E INSTALAÇÃO. AF_12/2015","M",242.77,"SINAPI","INSTALACOES HIDRO SANITARIAS","FORNEC. E ASSENTAMENTO DE TUBOS P/INSTALACAO DOMICILIAR"]
[92286,"TUBO EM COBRE RÍGIDO, DN 66 MM, CLASSE E, COM ISOLAMENTO, INSTALADO EM PRUMADA \u0096 FORNECIMENTO E INSTALAÇÃO. AF_12/2015","M",288.19,"SINAPI","INSTALACOES HIDRO SANITARIAS","FORNEC. E ASSENTAMENTO DE TUBOS P/INSTALACAO DOMICILIAR"]
[92305,"TUBO EM COBRE RÍGIDO, DN 15 MM, CLASSE E, SEM ISOLAMENTO, INSTALADO EM RAMAL DE DISTRIBUIÇÃO \u0096 FORNECIMENTO E INSTALAÇÃO. AF_12/2015","M",21.78,"SINAPI","INSTALACOES HIDRO SANITARIAS","FORNEC. E ASSENTAMENTO DE TUBOS P/INSTALACAO DOMICILIAR"]
[92306,"TUBO EM COBRE RÍGIDO, DN 22 MM, CLASSE E, SEM ISOLAMENTO, INSTALADO EM RAMAL DE DISTRIBUIÇÃO \u0096 FORNECIMENTO E INSTALAÇÃO. AF_12/2015","M",34.700000000000003,"SINAPI","INSTALACOES HIDRO SANITARIAS","FORNEC. E ASSENTAMENTO DE TUBOS P/INSTALACAO DOMICILIAR"]
[92307,"TUBO EM COBRE RÍGIDO, DN 28 MM, CLASSE E, SEM ISOLAMENTO, INSTALADO EM RAMAL DE DISTRIBUIÇÃO \u0096 FORNECIMENTO E INSTALAÇÃO. AF_12/2015","M",43.16,"SINAPI","INSTALACOES HIDRO SANITARIAS","FORNEC. E ASSENTAMENTO DE TUBOS P/INSTALACAO DOMICILIAR"]
[92308,"TUBO EM COBRE RÍGIDO, DN 15 MM, CLASSE E, COM ISOLAMENTO, INSTALADO EM RAMAL DE DISTRIBUIÇÃO \u0096 FORNECIMENTO E INSTALAÇÃO. AF_12/2015","M",39.520000000000003,"SINAPI","INSTALACOES HIDRO SANITARIAS","FORNEC. E ASSENTAMENTO DE TUBOS P/INSTALACAO DOMICILIAR"]
[92309,"TUBO EM COBRE RÍGIDO, DN 22 MM, CLASSE E, COM ISOLAMENTO, INSTALADO EM RAMAL DE DISTRIBUIÇÃO \u0096 FORNECIMENTO E INSTALAÇÃO. AF_12/2015","M",111.52,"SINAPI","INSTALACOES HIDRO SANITARIAS","FORNEC. E ASSENTAMENTO DE TUBOS P/INSTALACAO DOMICILIAR"]
[92310,"TUBO EM COBRE RÍGIDO, DN 28 MM, CLASSE E, COM ISOLAMENTO, INSTALADO EM RAMAL DE DISTRIBUIÇÃO \u0096 FORNECIMENTO E INSTALAÇÃO. AF_12/2015","M",123.03,"SINAPI","INSTALACOES HIDRO SANITARIAS","FORNEC. E ASSENTAMENTO DE TUBOS P/INSTALACAO DOMICILIAR"]
[92320,"TUBO EM COBRE RÍGIDO, DN 15 MM, CLASSE E, SEM ISOLAMENTO, INSTALADO EM RAMAL E SUB-RAMAL \u0096 FORNECIMENTO E INSTALAÇÃO. AF_12/2015","M",30.16,"SINAPI","INSTALACOES HIDRO SANITARIAS","FORNEC. E ASSENTAMENTO DE TUBOS P/INSTALACAO DOMICILIAR"]
[92321,"TUBO EM COBRE RÍGIDO, DN 22 MM, CLASSE E, SEM ISOLAMENTO, INSTALADO EM RAMAL E SUB-RAMAL \u0096 FORNECIMENTO E INSTALAÇÃO. AF_12/2015","M",49.1,"SINAPI","INSTALACOES HIDRO SANITARIAS","FORNEC. E ASSENTAMENTO DE TUBOS P/INSTALACAO DOMICILIAR"]
[92322,"TUBO EM COBRE RÍGIDO, DN 28 MM, CLASSE E, SEM ISOLAMENTO, INSTALADO EM RAMAL E SUB-RAMAL \u0096 FORNECIMENTO E INSTALAÇÃO. AF_12/2015","M",62.78,"SINAPI","INSTALACOES HIDRO SANITARIAS","FORNEC. E ASSENTAMENTO DE TUBOS P/INSTALACAO DOMICILIAR"]
[92323,"TUBO EM COBRE RÍGIDO, DN 15 MM, CLASSE E, COM ISOLAMENTO, INSTALADO EM RAMAL E SUB-RAMAL \u0096 FORNECIMENTO E INSTALAÇÃO. AF_12/2015","M",45.89,"SINAPI","INSTALACOES HIDRO SANITARIAS","FORNEC. E ASSENTAMENTO DE TUBOS P/INSTALACAO DOMICILIAR"]
[92324,"TUBO EM COBRE RÍGIDO, DN 22 MM, CLASSE E, COM ISOLAMENTO, INSTALADO EM RAMAL E SUB-RAMAL \u0096 FORNECIMENTO E INSTALAÇÃO. AF_12/2015","M",123.91,"SINAPI","INSTALACOES HIDRO SANITARIAS","FORNEC. E ASSENTAMENTO DE TUBOS P/INSTALACAO DOMICILIAR"]
[92325,"TUBO EM COBRE RÍGIDO, DN 28 MM, CLASSE E, COM ISOLAMENTO, INSTALADO EM RAMAL E SUB-RAMAL \u0096 FORNECIMENTO E INSTALAÇÃO. AF_12/2015","M",140.62,"SINAPI","INSTALACOES HIDRO SANITARIAS","FORNEC. E ASSENTAMENTO DE TUBOS P/INSTALACAO DOMICILIAR"]
[92335,"TUBO DE AÇO GALVANIZADO COM COSTURA, CLASSE MÉDIA, CONEXÃO RANHURADA, DN 50 (2\"), INSTALADO EM PRUMADAS - FORNECIMENTO E INSTALAÇÃO. AF_12/2015","M",51.95,"SINAPI","INSTALACOES HIDRO SANITARIAS","FORNEC. E ASSENTAMENTO DE TUBOS P/INSTALACAO DOMICILIAR"]
[92336,"TUBO DE AÇO GALVANIZADO COM COSTURA, CLASSE MÉDIA, CONEXÃO RANHURADA, DN 65 (2 1/2\"), INSTALADO EM PRUMADAS - FORNECIMENTO E INSTALAÇÃO. AF_12/2015","M",63.58,"SINAPI","INSTALACOES HIDRO SANITARIAS","FORNEC. E ASSENTAMENTO DE TUBOS P/INSTALACAO DOMICILIAR"]
[92337,"TUBO DE AÇO GALVANIZADO COM COSTURA, CLASSE MÉDIA, CONEXÃO RANHURADA, DN 80 (3\"), INSTALADO EM PRUMADAS - FORNECIMENTO E INSTALAÇÃO. AF_12/2015","M",82.97,"SINAPI","INSTALACOES HIDRO SANITARIAS","FORNEC. E ASSENTAMENTO DE TUBOS P/INSTALACAO DOMICILIAR"]
[92338,"TUBO DE AÇO PRETO SEM COSTURA, CONEXÃO SOLDADA, DN 50 (2\"), INSTALADO EM PRUMADAS - FORNECIMENTO E INSTALAÇÃO. AF_12/2015","M",100.73,"SINAPI","INSTALACOES HIDRO SANITARIAS","FORNEC. E ASSENTAMENTO DE TUBOS P/INSTALACAO DOMICILIAR"]
[92339,"TUBO DE AÇO PRETO SEM COSTURA, CONEXÃO SOLDADA, DN 65 (2 1/2\"), INSTALADO EM PRUMADAS - FORNECIMENTO E INSTALAÇÃO. AF_12/2015","M",151.16,"SINAPI","INSTALACOES HIDRO SANITARIAS","FORNEC. E ASSENTAMENTO DE TUBOS P/INSTALACAO DOMICILIAR"]
[92341,"TUBO DE AÇO GALVANIZADO COM COSTURA, CLASSE MÉDIA, DN 50 (2\"), CONEXÃO ROSQUEADA, INSTALADO EM PRUMADAS - FORNECIMENTO E INSTALAÇÃO. AF_12/2015","M",60.33,"SINAPI","INSTALACOES HIDRO SANITARIAS","FORNEC. E ASSENTAMENTO DE TUBOS P/INSTALACAO DOMICILIAR"]
[92342,"TUBO DE AÇO GALVANIZADO COM COSTURA, CLASSE MÉDIA, DN 65 (2 1/2\"), CONEXÃO ROSQUEADA, INSTALADO EM PRUMADAS - FORNECIMENTO E INSTALAÇÃO. AF_12/2015","M",71.989999999999995,"SINAPI","INSTALACOES HIDRO SANITARIAS","FORNEC. E ASSENTAMENTO DE TUBOS P/INSTALACAO DOMICILIAR"]
[92343,"TUBO DE AÇO GALVANIZADO COM COSTURA, CLASSE MÉDIA, DN 80 (3\"), CONEXÃO ROSQUEADA, INSTALADO EM PRUMADAS - FORNECIMENTO E INSTALAÇÃO. AF_12/2015","M",91.47,"SINAPI","INSTALACOES HIDRO SANITARIAS","FORNEC. E ASSENTAMENTO DE TUBOS P/INSTALACAO DOMICILIAR"]
[92361,"TUBO DE AÇO PRETO SEM COSTURA, CONEXÃO SOLDADA, DN 50 (2\"), INSTALADO EM REDE DE ALIMENTAÇÃO PARA HIDRANTE - FORNECIMENTO E INSTALAÇÃO. AF_12/2015","M",83.4,"SINAPI","INSTALACOES HIDRO SANITARIAS","FORNEC. E ASSENTAMENTO DE TUBOS P/INSTALACAO DOMICILIAR"]
[92362,"TUBO DE AÇO PRETO SEM COSTURA, CONEXÃO SOLDADA, DN 65 (2 1/2\"), INSTALADO EM REDE DE ALIMENTAÇÃO PARA HIDRANTE - FORNECIMENTO E INSTALAÇÃO. AF_12/2015","M",133.13999999999999,"SINAPI","INSTALACOES HIDRO SANITARIAS","FORNEC. E ASSENTAMENTO DE TUBOS P/INSTALACAO DOMICILIAR"]
[92364,"TUBO DE AÇO GALVANIZADO COM COSTURA, CLASSE MÉDIA, DN 32 (1 1/4\"), CONEXÃO ROSQUEADA, INSTALADO EM REDE DE ALIMENTAÇÃO PARA HIDRANTE - FORNECIMENTO E INSTALAÇÃO. AF_12/2015","M",31.79,"SINAPI","INSTALACOES HIDRO SANITARIAS","FORNEC. E ASSENTAMENTO DE TUBOS P/INSTALACAO DOMICILIAR"]
[92365,"TUBO DE AÇO GALVANIZADO COM COSTURA, CLASSE MÉDIA, DN 40 (1 1/2\"), CONEXÃO ROSQUEADA, INSTALADO EM REDE DE ALIMENTAÇÃO PARA HIDRANTE - FORNECIMENTO E INSTALAÇÃO. AF_12/2015","M",36.43,"SINAPI","INSTALACOES HIDRO SANITARIAS","FORNEC. E ASSENTAMENTO DE TUBOS P/INSTALACAO DOMICILIAR"]
[92366,"TUBO DE AÇO GALVANIZADO COM COSTURA, CLASSE MÉDIA, DN 50 (2\"), CONEXÃO ROSQUEADA, INSTALADO EM REDE DE ALIMENTAÇÃO PARA HIDRANTE - FORNECIMENTO E INSTALAÇÃO. AF_12/2015","M",49.99,"SINAPI","INSTALACOES HIDRO SANITARIAS","FORNEC. E ASSENTAMENTO DE TUBOS P/INSTALACAO DOMICILIAR"]
[92367,"TUBO DE AÇO GALVANIZADO COM COSTURA, CLASSE MÉDIA, DN 65 (2 1/2\"), CONEXÃO ROSQUEADA, INSTALADO EM REDE DE ALIMENTAÇÃO PARA HIDRANTE - FORNECIMENTO E INSTALAÇÃO. AF_12/2015","M",61.18,"SINAPI","INSTALACOES HIDRO SANITARIAS","FORNEC. E ASSENTAMENTO DE TUBOS P/INSTALACAO DOMICILIAR"]
[92368,"TUBO DE AÇO GALVANIZADO COM COSTURA, CLASSE MÉDIA, DN 80 (3\"), CONEXÃO ROSQUEADA, INSTALADO EM REDE DE ALIMENTAÇÃO PARA HIDRANTE - FORNECIMENTO E INSTALAÇÃO. AF_12/2015","M",80.22,"SINAPI","INSTALACOES HIDRO SANITARIAS","FORNEC. E ASSENTAMENTO DE TUBOS P/INSTALACAO DOMICILIAR"]
[92648,"TUBO DE AÇO PRETO SEM COSTURA, CONEXÃO SOLDADA, DN 40 (1 1/2\"), INSTALADO EM REDE DE ALIMENTAÇÃO PARA SPRINKLER - FORNECIMENTO E INSTALAÇÃO. AF_12/2015","M",70.989999999999995,"SINAPI","INSTALACOES HIDRO SANITARIAS","FORNEC. E ASSENTAMENTO DE TUBOS P/INSTALACAO DOMICILIAR"]
[92649,"TUBO DE AÇO PRETO SEM COSTURA, CONEXÃO SOLDADA, DN 50 (2\"), INSTALADO EM REDE DE ALIMENTAÇÃO PARA SPRINKLER - FORNECIMENTO E INSTALAÇÃO. AF_12/2015","M",86.51,"SINAPI","INSTALACOES HIDRO SANITARIAS","FORNEC. E ASSENTAMENTO DE TUBOS P/INSTALACAO DOMICILIAR"]
[92650,"TUBO DE AÇO PRETO SEM COSTURA, CONEXÃO SOLDADA, DN 65 (2 1/2\"), INSTALADO EM REDE DE ALIMENTAÇÃO PARA SPRINKLER - FORNECIMENTO E INSTALAÇÃO. AF_12/2015","M",136.25,"SINAPI","INSTALACOES HIDRO SANITARIAS","FORNEC. E ASSENTAMENTO DE TUBOS P/INSTALACAO DOMICILIAR"]
[92652,"TUBO DE AÇO GALVANIZADO COM COSTURA, CLASSE MÉDIA, CONEXÃO ROSQUEADA, DN 32 (1 1/4\"), INSTALADO EM REDE DE ALIMENTAÇÃO PARA SPRINKLER - FORNECIMENTO E INSTALAÇÃO. AF_12/2015","M",35.61,"SINAPI","INSTALACOES HIDRO SANITARIAS","FORNEC. E ASSENTAMENTO DE TUBOS P/INSTALACAO DOMICILIAR"]
[92653,"TUBO DE AÇO GALVANIZADO COM COSTURA, CLASSE MÉDIA, CONEXÃO ROSQUEADA, DN 40 (1 1/2\"), INSTALADO EM REDE DE ALIMENTAÇÃO PARA SPRINKLER - FORNECIMENTO E INSTALAÇÃO. AF_12/2015","M",40.28,"SINAPI","INSTALACOES HIDRO SANITARIAS","FORNEC. E ASSENTAMENTO DE TUBOS P/INSTALACAO DOMICILIAR"]
[92654,"TUBO DE AÇO GALVANIZADO COM COSTURA, CLASSE MÉDIA, CONEXÃO ROSQUEADA, DN 50 (2\"), INSTALADO EM REDE DE ALIMENTAÇÃO PARA SPRINKLER - FORNECIMENTO E INSTALAÇÃO. AF_12/2015","M",53.84,"SINAPI","INSTALACOES HIDRO SANITARIAS","FORNEC. E ASSENTAMENTO DE TUBOS P/INSTALACAO DOMICILIAR"]
[92655,"TUBO DE AÇO GALVANIZADO COM COSTURA, CLASSE MÉDIA, CONEXÃO ROSQUEADA, DN 65 (2 1/2\"), INSTALADO EM REDE DE ALIMENTAÇÃO PARA SPRINKLER - FORNECIMENTO E INSTALAÇÃO. AF_12/2015","M",65.11,"SINAPI","INSTALACOES HIDRO SANITARIAS","FORNEC. E ASSENTAMENTO DE TUBOS P/INSTALACAO DOMICILIAR"]
[92656,"TUBO DE AÇO GALVANIZADO COM COSTURA, CLASSE MÉDIA, CONEXÃO ROSQUEADA, DN 80 (3\"), INSTALADO EM REDE DE ALIMENTAÇÃO PARA SPRINKLER - FORNECIMENTO E INSTALAÇÃO. AF_12/2015","M",84.15,"SINAPI","INSTALACOES HIDRO SANITARIAS","FORNEC. E ASSENTAMENTO DE TUBOS P/INSTALACAO DOMICILIAR"]
[92687,"TUBO DE AÇO GALVANIZADO COM COSTURA, CLASSE MÉDIA, CONEXÃO ROSQUEADA, DN 15 (1/2\"), INSTALADO EM RAMAIS E SUB-RAMAIS DE GÁS - FORNECIMENTO E INSTALAÇÃO. AF_12/2015","M",17.260000000000002,"SINAPI","INSTALACOES HIDRO SANITARIAS","FORNEC. E ASSENTAMENTO DE TUBOS P/INSTALACAO DOMICILIAR"]
[92688,"TUBO DE AÇO GALVANIZADO COM COSTURA, CLASSE MÉDIA, CONEXÃO ROSQUEADA, DN 20 (3/4\"), INSTALADO EM RAMAIS E SUB-RAMAIS DE GÁS - FORNECIMENTO E INSTALAÇÃO. AF_12/2015","M",24.91,"SINAPI","INSTALACOES HIDRO SANITARIAS","FORNEC. E ASSENTAMENTO DE TUBOS P/INSTALACAO DOMICILIAR"]
[92689,"TUBO DE AÇO PRETO SEM COSTURA, CLASSE MÉDIA, CONEXÃO SOLDADA, DN 15 (1/2\"), INSTALADO EM RAMAIS E SUB-RAMAIS DE GÁS - FORNECIMENTO E INSTALAÇÃO. AF_12/2015","M",35.14,"SINAPI","INSTALACOES HIDRO SANITARIAS","FORNEC. E ASSENTAMENTO DE TUBOS P/INSTALACAO DOMICILIAR"]
[92690,"TUBO DE AÇO PRETO SEM COSTURA, CLASSE MÉDIA, CONEXÃO SOLDADA, DN 20 (3/4\"), INSTALADO EM RAMAIS E SUB-RAMAIS DE GÁS - FORNECIMENTO E INSTALAÇÃO. AF_12/2015","M",50.47,"SINAPI","INSTALACOES HIDRO SANITARIAS","FORNEC. E ASSENTAMENTO DE TUBOS P/INSTALACAO DOMICILIAR"]
[94462,"TUBO DE AÇO GALVANIZADO COM COSTURA, CLASSE MÉDIA, DN 50 (2\u0094), CONEXÃO ROSQUEADA, INSTALADO EM RESERVAÇÃO DE ÁGUA DE EDIFICAÇÃO QUE POSSUA RESERVATÓRIO DE FIBRA/FIBROCIMENTO \u0096 FORNECIMENTO E INSTALAÇÃO. AF_06/2016","M",61.11,"SINAPI","INSTALACOES HIDRO SANITARIAS","FORNEC. E ASSENTAMENTO DE TUBOS P/INSTALACAO DOMICILIAR"]
[94463,"TUBO DE AÇO GALVANIZADO COM COSTURA, CLASSE MÉDIA, DN 65 (2 1/2\u0094), CONEXÃO ROSQUEADA, INSTALADO EM RESERVAÇÃO DE ÁGUA DE EDIFICAÇÃO QUE POSSUA RESERVATÓRIO DE FIBRA/FIBROCIMENTO \u0096 FORNECIMENTO E INSTALAÇÃO. AF_06/2016","M",70.33,"SINAPI","INSTALACOES HIDRO SANITARIAS","FORNEC. E ASSENTAMENTO DE TUBOS P/INSTALACAO DOMICILIAR"]
[94464,"TUBO DE AÇO GALVANIZADO COM COSTURA, CLASSE MÉDIA, DN 80 (3\u0094), CONEXÃO ROSQUEADA, INSTALADO EM RESERVAÇÃO DE ÁGUA DE EDIFICAÇÃO QUE POSSUA RESERVATÓRIO DE FIBRA/FIBROCIMENTO \u0096 FORNECIMENTO E INSTALAÇÃO. AF_06/2016","M",97.88,"SINAPI","INSTALACOES HIDRO SANITARIAS","FORNEC. E ASSENTAMENTO DE TUBOS P/INSTALACAO DOMICILIAR"]
[94602,"TUBO EM COBRE RÍGIDO, DN 54 MM, CLASSE E, SEM ISOLAMENTO, INSTALADO EM RESERVAÇÃO DE ÁGUA DE EDIFICAÇÃO QUE POSSUA RESERVATÓRIO DE FIBRA/FIBROCIMENTO \u0096 FORNECIMENTO E INSTALAÇÃO. AF_06/2016","M",124.57,"SINAPI","INSTALACOES HIDRO SANITARIAS","FORNEC. E ASSENTAMENTO DE TUBOS P/INSTALACAO DOMICILIAR"]
[94603,"TUBO EM COBRE RÍGIDO, DN 66 MM, CLASSE E, SEM ISOLAMENTO, INSTALADO EM RESERVAÇÃO DE ÁGUA DE EDIFICAÇÃO QUE POSSUA RESERVATÓRIO DE FIBRA/FIBROCIMENTO \u0096 FORNECIMENTO E INSTALAÇÃO. AF_06/2016","M",164.53,"SINAPI","INSTALACOES HIDRO SANITARIAS","FORNEC. E ASSENTAMENTO DE TUBOS P/INSTALACAO DOMICILIAR"]
[94604,"TUBO EM COBRE RÍGIDO, DN 79 MM, CLASSE E, SEM ISOLAMENTO, INSTALADO EM RESERVAÇÃO DE ÁGUA DE EDIFICAÇÃO QUE POSSUA RESERVATÓRIO DE FIBRA/FIBROCIMENTO \u0096 FORNECIMENTO E INSTALAÇÃO. AF_06/2016","M",222.51,"SINAPI","INSTALACOES HIDRO SANITARIAS","FORNEC. E ASSENTAMENTO DE TUBOS P/INSTALACAO DOMICILIAR"]
[94605,"TUBO EM COBRE RÍGIDO, DN 104 MM, CLASSE E, SEM ISOLAMENTO, INSTALADO EM RESERVAÇÃO DE ÁGUA DE EDIFICAÇÃO QUE POSSUA RESERVATÓRIO DE FIBRA/FIBROCIMENTO \u0096 FORNECIMENTO E INSTALAÇÃO. AF_06/2016","M",314.25,"SINAPI","INSTALACOES HIDRO SANITARIAS","FORNEC. E ASSENTAMENTO DE TUBOS P/INSTALACAO DOMICILIAR"]
[94648,"TUBO, PVC, SOLDÁVEL, DN  25 MM, INSTALADO EM RESERVAÇÃO DE ÁGUA DE EDIFICAÇÃO QUE POSSUA RESERVATÓRIO DE FIBRA/FIBROCIMENTO   FORNECIMENTO E INSTALAÇÃO. AF_06/2016","M",7.59,"SINAPI","INSTALACOES HIDRO SANITARIAS","FORNEC. E ASSENTAMENTO DE TUBOS P/INSTALACAO DOMICILIAR"]
[94649,"TUBO, PVC, SOLDÁVEL, DN 32 MM, INSTALADO EM RESERVAÇÃO DE ÁGUA DE EDIFICAÇÃO QUE POSSUA RESERVATÓRIO DE FIBRA/FIBROCIMENTO   FORNECIMENTO E INSTALAÇÃO. AF_06/2016","M",10.56,"SINAPI","INSTALACOES HIDRO SANITARIAS","FORNEC. E ASSENTAMENTO DE TUBOS P/INSTALACAO DOMICILIAR"]
[94650,"TUBO, PVC, SOLDÁVEL, DN 40 MM, INSTALADO EM RESERVAÇÃO DE ÁGUA DE EDIFICAÇÃO QUE POSSUA RESERVATÓRIO DE FIBRA/FIBROCIMENTO   FORNECIMENTO E INSTALAÇÃO. AF_06/2016","M",15.08,"SINAPI","INSTALACOES HIDRO SANITARIAS","FORNEC. E ASSENTAMENTO DE TUBOS P/INSTALACAO DOMICILIAR"]
[94651,"TUBO, PVC, SOLDÁVEL, DN 50 MM, INSTALADO EM RESERVAÇÃO DE ÁGUA DE EDIFICAÇÃO QUE POSSUA RESERVATÓRIO DE FIBRA/FIBROCIMENTO   FORNECIMENTO E INSTALAÇÃO. AF_06/2016","M",16.2,"SINAPI","INSTALACOES HIDRO SANITARIAS","FORNEC. E ASSENTAMENTO DE TUBOS P/INSTALACAO DOMICILIAR"]
[94652,"TUBO, PVC, SOLDÁVEL, DN 60 MM, INSTALADO EM RESERVAÇÃO DE ÁGUA DE EDIFICAÇÃO QUE POSSUA RESERVATÓRIO DE FIBRA/FIBROCIMENTO   FORNECIMENTO E INSTALAÇÃO. AF_06/2016","M",26.35,"SINAPI","INSTALACOES HIDRO SANITARIAS","FORNEC. E ASSENTAMENTO DE TUBOS P/INSTALACAO DOMICILIAR"]
[94653,"TUBO, PVC, SOLDÁVEL, DN 75 MM, INSTALADO EM RESERVAÇÃO DE ÁGUA DE EDIFICAÇÃO QUE POSSUA RESERVATÓRIO DE FIBRA/FIBROCIMENTO   FORNECIMENTO E INSTALAÇÃO. AF_06/2016","M",35.99,"SINAPI","INSTALACOES HIDRO SANITARIAS","FORNEC. E ASSENTAMENTO DE TUBOS P/INSTALACAO DOMICILIAR"]
[94654,"TUBO, PVC, SOLDÁVEL, DN 85 MM, INSTALADO EM RESERVAÇÃO DE ÁGUA DE EDIFICAÇÃO QUE POSSUA RESERVATÓRIO DE FIBRA/FIBROCIMENTO   FORNECIMENTO E INSTALAÇÃO. AF_06/2016","M",49.6,"SINAPI","INSTALACOES HIDRO SANITARIAS","FORNEC. E ASSENTAMENTO DE TUBOS P/INSTALACAO DOMICILIAR"]
[94655,"TUBO, PVC, SOLDÁVEL, DN 110 MM, INSTALADO EM RESERVAÇÃO DE ÁGUA DE EDIFICAÇÃO QUE POSSUA RESERVATÓRIO DE FIBRA/FIBROCIMENTO   FORNECIMENTO E INSTALAÇÃO. AF_06/2016","M",66.760000000000005,"SINAPI","INSTALACOES HIDRO SANITARIAS","FORNEC. E ASSENTAMENTO DE TUBOS P/INSTALACAO DOMICILIAR"]
[94716,"TUBO, CPVC, SOLDÁVEL, DN 22 MM, INSTALADO EM RESERVAÇÃO DE ÁGUA DE EDIFICAÇÃO QUE POSSUA RESERVATÓRIO DE FIBRA/FIBROCIMENTO \u0096 FORNECIMENTO E INSTALAÇÃO. AF_06/2016","M",17.73,"SINAPI","INSTALACOES HIDRO SANITARIAS","FORNEC. E ASSENTAMENTO DE TUBOS P/INSTALACAO DOMICILIAR"]
[94717,"TUBO, CPVC, SOLDÁVEL, DN 28 MM, INSTALADO EM RESERVAÇÃO DE ÁGUA DE EDIFICAÇÃO QUE POSSUA RESERVATÓRIO DE FIBRA/FIBROCIMENTO \u0096 FORNECIMENTO E INSTALAÇÃO. AF_06/2016","M",25.53,"SINAPI","INSTALACOES HIDRO SANITARIAS","FORNEC. E ASSENTAMENTO DE TUBOS P/INSTALACAO DOMICILIAR"]
[94718,"TUBO, CPVC, SOLDÁVEL, DN 35 MM, INSTALADO EM RESERVAÇÃO DE ÁGUA DE EDIFICAÇÃO QUE POSSUA RESERVATÓRIO DE FIBRA/FIBROCIMENTO \u0096 FORNECIMENTO E INSTALAÇÃO. AF_06/2016","M",31.67,"SINAPI","INSTALACOES HIDRO SANITARIAS","FORNEC. E ASSENTAMENTO DE TUBOS P/INSTALACAO DOMICILIAR"]
[94719,"TUBO, CPVC, SOLDÁVEL, DN 42 MM, INSTALADO EM RESERVAÇÃO DE ÁGUA DE EDIFICAÇÃO QUE POSSUA RESERVATÓRIO DE FIBRA/FIBROCIMENTO \u0096 FORNECIMENTO E INSTALAÇÃO. AF_06/2016","M",41.02,"SINAPI","INSTALACOES HIDRO SANITARIAS","FORNEC. E ASSENTAMENTO DE TUBOS P/INSTALACAO DOMICILIAR"]
[94720,"TUBO, CPVC, SOLDÁVEL, DN 54 MM, INSTALADO EM RESERVAÇÃO DE ÁGUA DE EDIFICAÇÃO QUE POSSUA RESERVATÓRIO DE FIBRA/FIBROCIMENTO \u0096 FORNECIMENTO E INSTALAÇÃO. AF_06/2016","M",62.26,"SINAPI","INSTALACOES HIDRO SANITARIAS","FORNEC. E ASSENTAMENTO DE TUBOS P/INSTALACAO DOMICILIAR"]
[94721,"TUBO, CPVC, SOLDÁVEL, DN 73 MM, INSTALADO EM RESERVAÇÃO DE ÁGUA DE EDIFICAÇÃO QUE POSSUA RESERVATÓRIO DE FIBRA/FIBROCIMENTO \u0096 FORNECIMENTO E INSTALAÇÃO. AF_06/2016","M",89.66,"SINAPI","INSTALACOES HIDRO SANITARIAS","FORNEC. E ASSENTAMENTO DE TUBOS P/INSTALACAO DOMICILIAR"]
[94722,"TUBO, CPVC, SOLDÁVEL, DN 89 MM, INSTALADO EM RESERVAÇÃO DE ÁGUA DE EDIFICAÇÃO QUE POSSUA RESERVATÓRIO DE FIBRA/FIBROCIMENTO \u0096 FORNECIMENTO E INSTALAÇÃO. AF_06/2016","M",157.01,"SINAPI","INSTALACOES HIDRO SANITARIAS","FORNEC. E ASSENTAMENTO DE TUBOS P/INSTALACAO DOMICILIAR"]
[95697,"TUBO DE AÇO PRETO SEM COSTURA, CONEXÃO SOLDADA, DN 40 (1 1/2\"), INSTALADO EM REDE DE ALIMENTAÇÃO PARA HIDRANTE - FORNECIMENTO E INSTALAÇÃO. AF_12/2015","M",67.87,"SINAPI","INSTALACOES HIDRO SANITARIAS","FORNEC. E ASSENTAMENTO DE TUBOS P/INSTALACAO DOMICILIAR"]
[96635,"TUBO, PPR, DN 25, CLASSE PN 20,  INSTALADO EM RAMAL OU SUB-RAMAL DE ÁGUA \u0096 FORNECIMENTO E INSTALAÇÃO. AF_06/2015","M",22.88,"SINAPI","INSTALACOES HIDRO SANITARIAS","FORNEC. E ASSENTAMENTO DE TUBOS P/INSTALACAO DOMICILIAR"]
[96636,"TUBO, PPR, DN 25, CLASSE PN 25 INSTALADO EM RAMAL OU SUB-RAMAL DE ÁGUA \u0096 FORNECIMENTO E INSTALAÇÃO. AF_06/2015","M",24.3,"SINAPI","INSTALACOES HIDRO SANITARIAS","FORNEC. E ASSENTAMENTO DE TUBOS P/INSTALACAO DOMICILIAR"]
[96644,"TUBO, PPR, DN 25, CLASSE PN 20,  INSTALADO EM RAMAL DE DISTRIBUIÇÃO DE ÁGUA \u0096 FORNECIMENTO E INSTALAÇÃO. AF_06/2015","M",14.18,"SINAPI","INSTALACOES HIDRO SANITARIAS","FORNEC. E ASSENTAMENTO DE TUBOS P/INSTALACAO DOMICILIAR"]
[96645,"TUBO, PPR, DN 32, CLASSE PN 12,  INSTALADO EM RAMAL DE DISTRIBUIÇÃO DE ÁGUA \u0096 FORNECIMENTO E INSTALAÇÃO. AF_06/2015","M",18.440000000000001,"SINAPI","INSTALACOES HIDRO SANITARIAS","FORNEC. E ASSENTAMENTO DE TUBOS P/INSTALACAO DOMICILIAR"]
[96646,"TUBO, PPR, DN 40, CLASSE PN 12,  INSTALADO EM RAMAL DE DISTRIBUIÇÃO DE ÁGUA \u0096 FORNECIMENTO E INSTALAÇÃO. AF_06/2015","M",28.68,"SINAPI","INSTALACOES HIDRO SANITARIAS","FORNEC. E ASSENTAMENTO DE TUBOS P/INSTALACAO DOMICILIAR"]
[96647,"TUBO, PPR, DN 25, CLASSE PN 25,  INSTALADO EM RAMAL DE DISTRIBUIÇÃO DE ÁGUA \u0096 FORNECIMENTO E INSTALAÇÃO. AF_06/2015","M",12.62,"SINAPI","INSTALACOES HIDRO SANITARIAS","FORNEC. E ASSENTAMENTO DE TUBOS P/INSTALACAO DOMICILIAR"]
[96648,"TUBO, PPR, DN 32, CLASSE PN 25,  INSTALADO EM RAMAL DE DISTRIBUIÇÃO DE ÁGUA \u0096 FORNECIMENTO E INSTALAÇÃO. AF_06/2015","M",23.27,"SINAPI","INSTALACOES HIDRO SANITARIAS","FORNEC. E ASSENTAMENTO DE TUBOS P/INSTALACAO DOMICILIAR"]
[96649,"TUBO, PPR, DN 40, CLASSE PN 25,  INSTALADO EM RAMAL DE DISTRIBUIÇÃO DE ÁGUA \u0096 FORNECIMENTO E INSTALAÇÃO. AF_06/2015","M",34.6,"SINAPI","INSTALACOES HIDRO SANITARIAS","FORNEC. E ASSENTAMENTO DE TUBOS P/INSTALACAO DOMICILIAR"]
[96668,"TUBO, PPR, DN 25, CLASSE PN 20,  INSTALADO EM PRUMADA DE ÁGUA \u0096 FORNECIMENTO E INSTALAÇÃO. AF_06/2015","M",8.1300000000000008,"SINAPI","INSTALACOES HIDRO SANITARIAS","FORNEC. E ASSENTAMENTO DE TUBOS P/INSTALACAO DOMICILIAR"]
[96669,"TUBO, PPR, DN 32, CLASSE PN 12,  INSTALADO EM PRUMADA DE ÁGUA \u0096 FORNECIMENTO E INSTALAÇÃO. AF_06/2015","M",10.07,"SINAPI","INSTALACOES HIDRO SANITARIAS","FORNEC. E ASSENTAMENTO DE TUBOS P/INSTALACAO DOMICILIAR"]
[96670,"TUBO, PPR, DN 40, CLASSE PN 12,  INSTALADO EM PRUMADA DE ÁGUA \u0096 FORNECIMENTO E INSTALAÇÃO. AF_06/2015","M",15.27,"SINAPI","INSTALACOES HIDRO SANITARIAS","FORNEC. E ASSENTAMENTO DE TUBOS P/INSTALACAO DOMICILIAR"]
[96671,"TUBO, PPR, DN 50, CLASSE PN 12,  INSTALADO EM PRUMADA DE ÁGUA \u0096 FORNECIMENTO E INSTALAÇÃO. AF_06/2015","M",20.53,"SINAPI","INSTALACOES HIDRO SANITARIAS","FORNEC. E ASSENTAMENTO DE TUBOS P/INSTALACAO DOMICILIAR"]
[96672,"TUBO, PPR, DN 63, CLASSE PN 12,  INSTALADO EM PRUMADA DE ÁGUA \u0096 FORNECIMENTO E INSTALAÇÃO. AF_06/2015","M",30.19,"SINAPI","INSTALACOES HIDRO SANITARIAS","FORNEC. E ASSENTAMENTO DE TUBOS P/INSTALACAO DOMICILIAR"]
[96673,"TUBO, PPR, DN 75, CLASSE PN 12,  INSTALADO EM PRUMADA DE ÁGUA \u0096 FORNECIMENTO E INSTALAÇÃO. AF_06/2015","M",49.02,"SINAPI","INSTALACOES HIDRO SANITARIAS","FORNEC. E ASSENTAMENTO DE TUBOS P/INSTALACAO DOMICILIAR"]
[96674,"TUBO, PPR, DN 90, CLASSE PN 12,  INSTALADO EM PRUMADA DE ÁGUA \u0096 FORNECIMENTO E INSTALAÇÃO. AF_06/2015","M",68.92,"SINAPI","INSTALACOES HIDRO SANITARIAS","FORNEC. E ASSENTAMENTO DE TUBOS P/INSTALACAO DOMICILIAR"]
[96675,"TUBO, PPR, DN 110, CLASSE PN 12,  INSTALADO EM PRUMADA DE ÁGUA \u0096 FORNECIMENTO E INSTALAÇÃO. AF_06/2015","M",119.13,"SINAPI","INSTALACOES HIDRO SANITARIAS","FORNEC. E ASSENTAMENTO DE TUBOS P/INSTALACAO DOMICILIAR"]
[96676,"TUBO, PPR, DN 25, CLASSE PN 25,  INSTALADO EM PRUMADA DE ÁGUA \u0096 FORNECIMENTO E INSTALAÇÃO. AF_06/2015","M",8.09,"SINAPI","INSTALACOES HIDRO SANITARIAS","FORNEC. E ASSENTAMENTO DE TUBOS P/INSTALACAO DOMICILIAR"]
[96677,"TUBO, PPR, DN 32, CLASSE PN 25,  INSTALADO EM PRUMADA DE ÁGUA \u0096 FORNECIMENTO E INSTALAÇÃO. AF_06/2015","M",13.28,"SINAPI","INSTALACOES HIDRO SANITARIAS","FORNEC. E ASSENTAMENTO DE TUBOS P/INSTALACAO DOMICILIAR"]
[96678,"TUBO, PPR, DN 40, CLASSE PN 25,  INSTALADO EM PRUMADA DE ÁGUA \u0096 FORNECIMENTO E INSTALAÇÃO. AF_06/2015","M",18.48,"SINAPI","INSTALACOES HIDRO SANITARIAS","FORNEC. E ASSENTAMENTO DE TUBOS P/INSTALACAO DOMICILIAR"]
[96679,"TUBO, PPR, DN 50, CLASSE PN 25,  INSTALADO EM PRUMADA DE ÁGUA \u0096 FORNECIMENTO E INSTALAÇÃO. AF_06/2015","M",26.99,"SINAPI","INSTALACOES HIDRO SANITARIAS","FORNEC. E ASSENTAMENTO DE TUBOS P/INSTALACAO DOMICILIAR"]
[96680,"TUBO, PPR, DN 63, CLASSE PN 25,  INSTALADO EM PRUMADA DE ÁGUA \u0096 FORNECIMENTO E INSTALAÇÃO. AF_06/2015","M",36.549999999999997,"SINAPI","INSTALACOES HIDRO SANITARIAS","FORNEC. E ASSENTAMENTO DE TUBOS P/INSTALACAO DOMICILIAR"]
[96681,"TUBO, PPR, DN 75, CLASSE PN 25,  INSTALADO EM PRUMADA DE ÁGUA \u0096 FORNECIMENTO E INSTALAÇÃO. AF_06/2015","M",67.489999999999995,"SINAPI","INSTALACOES HIDRO SANITARIAS","FORNEC. E ASSENTAMENTO DE TUBOS P/INSTALACAO DOMICILIAR"]
[96682,"TUBO, PPR, DN 90, CLASSE PN 25,  INSTALADO EM PRUMADA DE ÁGUA \u0096 FORNECIMENTO E INSTALAÇÃO. AF_06/2015","M",99.43,"SINAPI","INSTALACOES HIDRO SANITARIAS","FORNEC. E ASSENTAMENTO DE TUBOS P/INSTALACAO DOMICILIAR"]
[96683,"TUBO, PPR, DN 110, CLASSE PN 25,  INSTALADO EM PRUMADA DE ÁGUA \u0096 FORNECIMENTO E INSTALAÇÃO. AF_06/2015","M",136.46,"SINAPI","INSTALACOES HIDRO SANITARIAS","FORNEC. E ASSENTAMENTO DE TUBOS P/INSTALACAO DOMICILIAR"]
[96718,"TUBO, PPR, DN 20, CLASSE PN 20,  INSTALADO EM RESERVAÇÃO DE ÁGUA DE EDIFICAÇÃO QUE POSSUA RESERVATÓRIO DE FIBRA/FIBROCIMENTO \u0096 FORNECIMENTO E INSTALAÇÃO. AF_06/2016","M",5.18,"SINAPI","INSTALACOES HIDRO SANITARIAS","FORNEC. E ASSENTAMENTO DE TUBOS P/INSTALACAO DOMICILIAR"]
[96719,"TUBO, PPR, DN 25, CLASSE PN 20,  INSTALADO EM RESERVAÇÃO DE ÁGUA DE EDIFICAÇÃO QUE POSSUA RESERVATÓRIO DE FIBRA/FIBROCIMENTO \u0096 FORNECIMENTO E INSTALAÇÃO. AF_06/2016","M",11.82,"SINAPI","INSTALACOES HIDRO SANITARIAS","FORNEC. E ASSENTAMENTO DE TUBOS P/INSTALACAO DOMICILIAR"]
[96720,"TUBO, PPR, DN 32, CLASSE PN 12,  INSTALADO EM RESERVAÇÃO DE ÁGUA DE EDIFICAÇÃO QUE POSSUA RESERVATÓRIO DE FIBRA/FIBROCIMENTO \u0096 FORNECIMENTO E INSTALAÇÃO. AF_06/2016","M",14.29,"SINAPI","INSTALACOES HIDRO SANITARIAS","FORNEC. E ASSENTAMENTO DE TUBOS P/INSTALACAO DOMICILIAR"]
[96721,"TUBO, PPR, DN 40, CLASSE PN 12,  INSTALADO EM RESERVAÇÃO DE ÁGUA DE EDIFICAÇÃO QUE POSSUA RESERVATÓRIO DE FIBRA/FIBROCIMENTO \u0096 FORNECIMENTO E INSTALAÇÃO. AF_06/2016","M",18.63,"SINAPI","INSTALACOES HIDRO SANITARIAS","FORNEC. E ASSENTAMENTO DE TUBOS P/INSTALACAO DOMICILIAR"]
[96722,"TUBO, PPR, DN 50, CLASSE PN 12,  INSTALADO EM RESERVAÇÃO DE ÁGUA DE EDIFICAÇÃO QUE POSSUA RESERVATÓRIO DE FIBRA/FIBROCIMENTO \u0096 FORNECIMENTO E INSTALAÇÃO. AF_06/2016","M",25.71,"SINAPI","INSTALACOES HIDRO SANITARIAS","FORNEC. E ASSENTAMENTO DE TUBOS P/INSTALACAO DOMICILIAR"]
[96723,"TUBO, PPR, DN 63, CLASSE PN 12,  INSTALADO EM RESERVAÇÃO DE ÁGUA DE EDIFICAÇÃO QUE POSSUA RESERVATÓRIO DE FIBRA/FIBROCIMENTO \u0096 FORNECIMENTO E INSTALAÇÃO. AF_06/2016","M",33.299999999999997,"SINAPI","INSTALACOES HIDRO SANITARIAS","FORNEC. E ASSENTAMENTO DE TUBOS P/INSTALACAO DOMICILIAR"]
[96724,"TUBO, PPR, DN 75, CLASSE PN 12,  INSTALADO EM RESERVAÇÃO DE ÁGUA DE EDIFICAÇÃO QUE POSSUA RESERVATÓRIO DE FIBRA/FIBROCIMENTO \u0096 FORNECIMENTO E INSTALAÇÃO. AF_06/2016","M",54.41,"SINAPI","INSTALACOES HIDRO SANITARIAS","FORNEC. E ASSENTAMENTO DE TUBOS P/INSTALACAO DOMICILIAR"]
[96725,"TUBO, PPR, DN 90, CLASSE PN 12,  INSTALADO EM RESERVAÇÃO DE ÁGUA DE EDIFICAÇÃO QUE POSSUA RESERVATÓRIO DE FIBRA/FIBROCIMENTO \u0096 FORNECIMENTO E INSTALAÇÃO. AF_06/2016","M",70.239999999999995,"SINAPI","INSTALACOES HIDRO SANITARIAS","FORNEC. E ASSENTAMENTO DE TUBOS P/INSTALACAO DOMICILIAR"]
[96726,"TUBO, PPR, DN 110, CLASSE PN 12,  INSTALADO EM RESERVAÇÃO DE ÁGUA DE EDIFICAÇÃO QUE POSSUA RESERVATÓRIO DE FIBRA/FIBROCIMENTO \u0096 FORNECIMENTO E INSTALAÇÃO. AF_06/2016","M",114.28,"SINAPI","INSTALACOES HIDRO SANITARIAS","FORNEC. E ASSENTAMENTO DE TUBOS P/INSTALACAO DOMICILIAR"]
[96727,"TUBO, PPR, DN 20, CLASSE PN 25,  INSTALADO EM RESERVAÇÃO DE ÁGUA DE EDIFICAÇÃO QUE POSSUA RESERVATÓRIO DE FIBRA/FIBROCIMENTO \u0096 FORNECIMENTO E INSTALAÇÃO. AF_06/2016","M",10.53,"SINAPI","INSTALACOES HIDRO SANITARIAS","FORNEC. E ASSENTAMENTO DE TUBOS P/INSTALACAO DOMICILIAR"]
[96728,"TUBO, PPR, DN 25, CLASSE PN 25,  INSTALADO EM RESERVAÇÃO DE ÁGUA DE EDIFICAÇÃO QUE POSSUA RESERVATÓRIO DE FIBRA/FIBROCIMENTO \u0096 FORNECIMENTO E INSTALAÇÃO. AF_06/2016","M",12.29,"SINAPI","INSTALACOES HIDRO SANITARIAS","FORNEC. E ASSENTAMENTO DE TUBOS P/INSTALACAO DOMICILIAR"]
[96729,"TUBO, PPR, DN 32, CLASSE PN 25,  INSTALADO EM RESERVAÇÃO DE ÁGUA DE EDIFICAÇÃO QUE POSSUA RESERVATÓRIO DE FIBRA/FIBROCIMENTO \u0096 FORNECIMENTO E INSTALAÇÃO. AF_06/2016","M",18.239999999999998,"SINAPI","INSTALACOES HIDRO SANITARIAS","FORNEC. E ASSENTAMENTO DE TUBOS P/INSTALACAO DOMICILIAR"]
[96730,"TUBO, PPR, DN 40, CLASSE PN 25,  INSTALADO EM RESERVAÇÃO DE ÁGUA DE EDIFICAÇÃO QUE POSSUA RESERVATÓRIO DE FIBRA/FIBROCIMENTO \u0096 FORNECIMENTO E INSTALAÇÃO. AF_06/2016","M",22.5,"SINAPI","INSTALACOES HIDRO SANITARIAS","FORNEC. E ASSENTAMENTO DE TUBOS P/INSTALACAO DOMICILIAR"]
[96731,"TUBO, PPR, DN 50, CLASSE PN 25,  INSTALADO EM RESERVAÇÃO DE ÁGUA DE EDIFICAÇÃO QUE POSSUA RESERVATÓRIO DE FIBRA/FIBROCIMENTO \u0096 FORNECIMENTO E INSTALAÇÃO. AF_06/2016","M",33.04,"SINAPI","INSTALACOES HIDRO SANITARIAS","FORNEC. E ASSENTAMENTO DE TUBOS P/INSTALACAO DOMICILIAR"]
[96732,"TUBO, PPR, DN 63, CLASSE PN 25,  INSTALADO EM RESERVAÇÃO DE ÁGUA DE EDIFICAÇÃO QUE POSSUA RESERVATÓRIO DE FIBRA/FIBROCIMENTO \u0096 FORNECIMENTO E INSTALAÇÃO. AF_06/2016","M",40.24,"SINAPI","INSTALACOES HIDRO SANITARIAS","FORNEC. E ASSENTAMENTO DE TUBOS P/INSTALACAO DOMICILIAR"]
[96733,"TUBO, PPR, DN 75, CLASSE PN 25,  INSTALADO EM RESERVAÇÃO DE ÁGUA DE EDIFICAÇÃO QUE POSSUA RESERVATÓRIO DE FIBRA/FIBROCIMENTO \u0096 FORNECIMENTO E INSTALAÇÃO. AF_06/2016","M",73.3,"SINAPI","INSTALACOES HIDRO SANITARIAS","FORNEC. E ASSENTAMENTO DE TUBOS P/INSTALACAO DOMICILIAR"]
[96734,"TUBO, PPR, DN 90, CLASSE PN 25,  INSTALADO EM RESERVAÇÃO DE ÁGUA DE EDIFICAÇÃO QUE POSSUA RESERVATÓRIO DE FIBRA/FIBROCIMENTO \u0096 FORNECIMENTO E INSTALAÇÃO. AF_06/2016","M",99.81,"SINAPI","INSTALACOES HIDRO SANITARIAS","FORNEC. E ASSENTAMENTO DE TUBOS P/INSTALACAO DOMICILIAR"]
[96735,"TUBO, PPR, DN 110, CLASSE PN 25,  INSTALADO EM RESERVAÇÃO DE ÁGUA DE EDIFICAÇÃO QUE POSSUA RESERVATÓRIO DE FIBRA/FIBROCIMENTO \u0096 FORNECIMENTO E INSTALAÇÃO. AF_06/2016","M",131.54,"SINAPI","INSTALACOES HIDRO SANITARIAS","FORNEC. E ASSENTAMENTO DE TUBOS P/INSTALACAO DOMICILIAR"]
[96794,"TUBO, PEX, MONOCAMADA, DN 16, INSTALADO EM RAMAL OU SUB-RAMAL DE ÁGUA \u0096 FORNECIMENTO E INSTALAÇÃO. AF_06/2015","M",6.63,"SINAPI","INSTALACOES HIDRO SANITARIAS","FORNEC. E ASSENTAMENTO DE TUBOS P/INSTALACAO DOMICILIAR"]
[96795,"TUBO, PEX, MONOCAMADA, DN 20, INSTALADO EM RAMAL OU SUB-RAMAL DE ÁGUA \u0096 FORNECIMENTO E INSTALAÇÃO. AF_06/2015","M",8.39,"SINAPI","INSTALACOES HIDRO SANITARIAS","FORNEC. E ASSENTAMENTO DE TUBOS P/INSTALACAO DOMICILIAR"]
[96796,"TUBO, PEX, MONOCAMADA, DN 25, INSTALADO EM RAMAL OU SUB-RAMAL DE ÁGUA \u0096 FORNECIMENTO E INSTALAÇÃO. AF_06/2015","M",11.6,"SINAPI","INSTALACOES HIDRO SANITARIAS","FORNEC. E ASSENTAMENTO DE TUBOS P/INSTALACAO DOMICILIAR"]
[96797,"TUBO, PEX, MONOCAMADA, DN 32, INSTALADO EM RAMAL OU SUB-RAMAL DE ÁGUA \u0096 FORNECIMENTO E INSTALAÇÃO. AF_06/2015","M",17.3,"SINAPI","INSTALACOES HIDRO SANITARIAS","FORNEC. E ASSENTAMENTO DE TUBOS P/INSTALACAO DOMICILIAR"]
[96798,"TUBO, PEX, MONOCAMADA, DN 16, INSTALADO EM RAMAL DE DISTRIBUIÇÃO DE ÁGUA \u0096 FORNECIMENTO E INSTALAÇÃO. AF_06/2015","M",6.75,"SINAPI","INSTALACOES HIDRO SANITARIAS","FORNEC. E ASSENTAMENTO DE TUBOS P/INSTALACAO DOMICILIAR"]
[96799,"TUBO, PEX, MONOCAMADA, DN 20, INSTALADO EM RAMAL DE DISTRIBUIÇÃO DE ÁGUA \u0096 FORNECIMENTO E INSTALAÇÃO. AF_06/2015","M",9.08,"SINAPI","INSTALACOES HIDRO SANITARIAS","FORNEC. E ASSENTAMENTO DE TUBOS P/INSTALACAO DOMICILIAR"]
[96800,"TUBO, PEX, MONOCAMADA, DN 25, INSTALADO EM RAMAL DE DISTRIBUIÇÃO DE ÁGUA \u0096 FORNECIMENTO E INSTALAÇÃO. AF_06/2015","M",13.04,"SINAPI","INSTALACOES HIDRO SANITARIAS","FORNEC. E ASSENTAMENTO DE TUBOS P/INSTALACAO DOMICILIAR"]
[96801,"TUBO, PEX, MONOCAMADA, DN 32, INSTALADO EM RAMAL DE DISTRIBUIÇÃO DE ÁGUA \u0096 FORNECIMENTO E INSTALAÇÃO. AF_06/2015","M",19.77,"SINAPI","INSTALACOES HIDRO SANITARIAS","FORNEC. E ASSENTAMENTO DE TUBOS P/INSTALACAO DOMICILIAR"]
[97327,"TUBO EM COBRE FLEXÍVEL, DN 1/4\u0094, COM ISOLAMENTO, INSTALADO EM RAMAL DE ALIMENTAÇÃO DE AR CONDICIONADO COM CONDENSADORA INDIVIDUAL   FORNECIMENTO E INSTALAÇÃO. AF_12/2015","M",18.11,"SINAPI","INSTALACOES HIDRO SANITARIAS","FORNEC. E ASSENTAMENTO DE TUBOS P/INSTALACAO DOMICILIAR"]
[97328,"TUBO EM COBRE FLEXÍVEL, DN 3/8\", COM ISOLAMENTO, INSTALADO EM RAMAL DE ALIMENTAÇÃO DE AR CONDICIONADO COM CONDENSADORA INDIVIDUAL \u0096 FORNECIMENTO E INSTALAÇÃO. AF_12/2015","M",32.26,"SINAPI","INSTALACOES HIDRO SANITARIAS","FORNEC. E ASSENTAMENTO DE TUBOS P/INSTALACAO DOMICILIAR"]
[97329,"TUBO EM COBRE FLEXÍVEL, DN 1/2\", COM ISOLAMENTO, INSTALADO EM RAMAL DE ALIMENTAÇÃO DE AR CONDICIONADO COM CONDENSADORA INDIVIDUAL \u0096 FORNECIMENTO E INSTALAÇÃO. AF_12/2015","M",39.61,"SINAPI","INSTALACOES HIDRO SANITARIAS","FORNEC. E ASSENTAMENTO DE TUBOS P/INSTALACAO DOMICILIAR"]
[97330,"TUBO EM COBRE FLEXÍVEL, DN 5/8\", COM ISOLAMENTO, INSTALADO EM RAMAL DE ALIMENTAÇÃO DE AR CONDICIONADO COM CONDENSADORA INDIVIDUAL \u0096 FORNECIMENTO E INSTALAÇÃO. AF_12/2015","M",48.09,"SINAPI","INSTALACOES HIDRO SANITARIAS","FORNEC. E ASSENTAMENTO DE TUBOS P/INSTALACAO DOMICILIAR"]
[97331,"TUBO EM COBRE FLEXÍVEL, DN 1/4\", COM ISOLAMENTO, INSTALADO EM RAMAL DE ALIMENTAÇÃO DE AR CONDICIONADO COM CONDENSADORA CENTRAL \u0096 FORNECIMENTO E INSTALAÇÃO. AF_12/2015","M",18.39,"SINAPI","INSTALACOES HIDRO SANITARIAS","FORNEC. E ASSENTAMENTO DE TUBOS P/INSTALACAO DOMICILIAR"]
[97332,"TUBO EM COBRE FLEXÍVEL, DN 3/8\", COM ISOLAMENTO, INSTALADO EM RAMAL DE ALIMENTAÇÃO DE AR CONDICIONADO COM CONDENSADORA CENTRAL \u0096 FORNECIMENTO E INSTALAÇÃO. AF_12/2015","M",32.58,"SINAPI","INSTALACOES HIDRO SANITARIAS","FORNEC. E ASSENTAMENTO DE TUBOS P/INSTALACAO DOMICILIAR"]
[97333,"TUBO EM COBRE FLEXÍVEL, DN 1/2\", COM ISOLAMENTO, INSTALADO EM RAMAL DE ALIMENTAÇÃO DE AR CONDICIONADO COM CONDENSADORA CENTRAL \u0096 FORNECIMENTO E INSTALAÇÃO. AF_12/2015","M",40,"SINAPI","INSTALACOES HIDRO SANITARIAS","FORNEC. E ASSENTAMENTO DE TUBOS P/INSTALACAO DOMICILIAR"]
[97334,"TUBO EM COBRE FLEXÍVEL, DN 5/8\u0094, COM ISOLAMENTO, INSTALADO EM RAMAL DE ALIMENTAÇÃO DE AR CONDICIONADO COM CONDENSADORA CENTRAL   FORNECIMENTO E INSTALAÇÃO. AF_12/2015","M",48.53,"SINAPI","INSTALACOES HIDRO SANITARIAS","FORNEC. E ASSENTAMENTO DE TUBOS P/INSTALACAO DOMICILIAR"]
[97335,"TUBO EM COBRE RÍGIDO, DN 22 MM, CLASSE A, SEM ISOLAMENTO, INSTALADO EM PRUMADA \u0096 FORNECIMENTO E INSTALAÇÃO. AF_12/2015","M",44.14,"SINAPI","INSTALACOES HIDRO SANITARIAS","FORNEC. E ASSENTAMENTO DE TUBOS P/INSTALACAO DOMICILIAR"]
[97336,"TUBO EM COBRE RÍGIDO, DN 28 MM, CLASSE A, SEM ISOLAMENTO, INSTALADO EM PRUMADA \u0096 FORNECIMENTO E INSTALAÇÃO. AF_12/2015","M",56.01,"SINAPI","INSTALACOES HIDRO SANITARIAS","FORNEC. E ASSENTAMENTO DE TUBOS P/INSTALACAO DOMICILIAR"]
[97337,"TUBO EM COBRE RÍGIDO, DN 35 MM, CLASSE A, SEM ISOLAMENTO, INSTALADO EM PRUMADA \u0096 FORNECIMENTO E INSTALAÇÃO. AF_12/2015","M",83.87,"SINAPI","INSTALACOES HIDRO SANITARIAS","FORNEC. E ASSENTAMENTO DE TUBOS P/INSTALACAO DOMICILIAR"]
[97338,"TUBO EM COBRE RÍGIDO, DN 42 MM, CLASSE A, SEM ISOLAMENTO, INSTALADO EM PRUMADA \u0096 FORNECIMENTO E INSTALAÇÃO. AF_12/2015","M",100.77,"SINAPI","INSTALACOES HIDRO SANITARIAS","FORNEC. E ASSENTAMENTO DE TUBOS P/INSTALACAO DOMICILIAR"]
[97339,"TUBO EM COBRE RÍGIDO, DN 54 MM, CLASSE A, SEM ISOLAMENTO, INSTALADO EM PRUMADA \u0096 FORNECIMENTO E INSTALAÇÃO. AF_12/2015","M",108.53,"SINAPI","INSTALACOES HIDRO SANITARIAS","FORNEC. E ASSENTAMENTO DE TUBOS P/INSTALACAO DOMICILIAR"]
[97340,"TUBO EM COBRE RÍGIDO, DN 66 MM, CLASSE A, SEM ISOLAMENTO, INSTALADO EM PRUMADA \u0096 FORNECIMENTO E INSTALAÇÃO. AF_12/2015","M",109.21,"SINAPI","INSTALACOES HIDRO SANITARIAS","FORNEC. E ASSENTAMENTO DE TUBOS P/INSTALACAO DOMICILIAR"]
[97341,"TUBO EM COBRE RÍGIDO, DN 15 MM, CLASSE A, SEM ISOLAMENTO, INSTALADO EM RAMAL DE DISTRIBUIÇÃO \u0096 FORNECIMENTO E INSTALAÇÃO. AF_12/2015","M",31.05,"SINAPI","INSTALACOES HIDRO SANITARIAS","FORNEC. E ASSENTAMENTO DE TUBOS P/INSTALACAO DOMICILIAR"]
[97342,"TUBO EM COBRE RÍGIDO, DN 22 MM, CLASSE A, SEM ISOLAMENTO, INSTALADO EM RAMAL DE DISTRIBUIÇÃO\u0096 FORNECIMENTO E INSTALAÇÃO. AF_12/2015","M",47.95,"SINAPI","INSTALACOES HIDRO SANITARIAS","FORNEC. E ASSENTAMENTO DE TUBOS P/INSTALACAO DOMICILIAR"]
[97343,"TUBO EM COBRE RÍGIDO, DN 28 MM, CLASSE A, SEM ISOLAMENTO, INSTALADO EM RAMAL DE DISTRIBUIÇÃO\u0096 FORNECIMENTO E INSTALAÇÃO. AF_12/2015","M",60.11,"SINAPI","INSTALACOES HIDRO SANITARIAS","FORNEC. E ASSENTAMENTO DE TUBOS P/INSTALACAO DOMICILIAR"]
[97344,"TUBO EM COBRE RÍGIDO, DN 15 MM, CLASSE A, SEM ISOLAMENTO, INSTALADO EM RAMAL E SUB-RAMAL \u0096 FORNECIMENTO E INSTALAÇÃO. AF_12/2015","M",39.43,"SINAPI","INSTALACOES HIDRO SANITARIAS","FORNEC. E ASSENTAMENTO DE TUBOS P/INSTALACAO DOMICILIAR"]
[97345,"TUBO EM COBRE RÍGIDO, DN 22 MM, CLASSE A, SEM ISOLAMENTO, INSTALADO EM RAMAL E SUB-RAMAL \u0096 FORNECIMENTO E INSTALAÇÃO. AF_12/2015","M",62.35,"SINAPI","INSTALACOES HIDRO SANITARIAS","FORNEC. E ASSENTAMENTO DE TUBOS P/INSTALACAO DOMICILIAR"]
[97346,"TUBO EM COBRE RÍGIDO, DN 28 MM, CLASSE A, SEM ISOLAMENTO, INSTALADO EM RAMAL E SUB-RAMAL \u0096 FORNECIMENTO E INSTALAÇÃO. AF_12/2015","M",79.73,"SINAPI","INSTALACOES HIDRO SANITARIAS","FORNEC. E ASSENTAMENTO DE TUBOS P/INSTALACAO DOMICILIAR"]
[97347,"TUBO EM COBRE RÍGIDO, DN 22 MM, CLASSE I, SEM ISOLAMENTO, INSTALADO EM PRUMADA \u0096 FORNECIMENTO E INSTALAÇÃO. AF_12/2015","M",53.03,"SINAPI","INSTALACOES HIDRO SANITARIAS","FORNEC. E ASSENTAMENTO DE TUBOS P/INSTALACAO DOMICILIAR"]
[97348,"TUBO EM COBRE RÍGIDO, DN 28 MM, CLASSE I, SEM ISOLAMENTO, INSTALADO EM PRUMADA \u0096 FORNECIMENTO E INSTALAÇÃO. AF_12/2015","M",73.11,"SINAPI","INSTALACOES HIDRO SANITARIAS","FORNEC. E ASSENTAMENTO DE TUBOS P/INSTALACAO DOMICILIAR"]
[97349,"TUBO EM COBRE RÍGIDO, DN 35 MM, CLASSE I, SEM ISOLAMENTO, INSTALADO EM PRUMADA \u0096 FORNECIMENTO E INSTALAÇÃO. AF_12/2015","M",105.17,"SINAPI","INSTALACOES HIDRO SANITARIAS","FORNEC. E ASSENTAMENTO DE TUBOS P/INSTALACAO DOMICILIAR"]
[97350,"TUBO EM COBRE RÍGIDO, DN 42 MM, CLASSE I, SEM ISOLAMENTO, INSTALADO EM PRUMADA \u0096 FORNECIMENTO E INSTALAÇÃO. AF_12/2015","M",127.63,"SINAPI","INSTALACOES HIDRO SANITARIAS","FORNEC. E ASSENTAMENTO DE TUBOS P/INSTALACAO DOMICILIAR"]
[97351,"TUBO EM COBRE RÍGIDO, DN 54 MM, CLASSE I, SEM ISOLAMENTO, INSTALADO EM PRUMADA \u0096 FORNECIMENTO E INSTALAÇÃO. AF_12/2015","M",176.31,"SINAPI","INSTALACOES HIDRO SANITARIAS","FORNEC. E ASSENTAMENTO DE TUBOS P/INSTALACAO DOMICILIAR"]
[97352,"TUBO EM COBRE RÍGIDO, DN 66 MM, CLASSE I, SEM ISOLAMENTO, INSTALADO EM PRUMADA \u0096 FORNECIMENTO E INSTALAÇÃO. AF_12/2015","M",228.34,"SINAPI","INSTALACOES HIDRO SANITARIAS","FORNEC. E ASSENTAMENTO DE TUBOS P/INSTALACAO DOMICILIAR"]
[97353,"TUBO EM COBRE RÍGIDO, DN 15 MM, CLASSE I, SEM ISOLAMENTO, INSTALADO EM RAMAL DE DISTRIBUIÇÃO \u0096 FORNECIMENTO E INSTALAÇÃO. AF_12/2015","M",36.299999999999997,"SINAPI","INSTALACOES HIDRO SANITARIAS","FORNEC. E ASSENTAMENTO DE TUBOS P/INSTALACAO DOMICILIAR"]
[97354,"TUBO EM COBRE RÍGIDO, DN 22 MM, CLASSE I, SEM ISOLAMENTO, INSTALADO EM RAMAL DE DISTRIBUIÇÃO\u0096 FORNECIMENTO E INSTALAÇÃO. AF_12/2015","M",56.84,"SINAPI","INSTALACOES HIDRO SANITARIAS","FORNEC. E ASSENTAMENTO DE TUBOS P/INSTALACAO DOMICILIAR"]
[97355,"TUBO EM COBRE RÍGIDO, DN 28 MM, CLASSE I, SEM ISOLAMENTO, INSTALADO EM RAMAL DE DISTRIBUIÇÃO\u0096 FORNECIMENTO E INSTALAÇÃO. AF_12/2015","M",77.209999999999994,"SINAPI","INSTALACOES HIDRO SANITARIAS","FORNEC. E ASSENTAMENTO DE TUBOS P/INSTALACAO DOMICILIAR"]
[97356,"TUBO EM COBRE RÍGIDO, DN 15 MM, CLASSE I, SEM ISOLAMENTO, INSTALADO EM RAMAL E SUB-RAMAL \u0096 FORNECIMENTO E INSTALAÇÃO. AF_12/2015","M",44.68,"SINAPI","INSTALACOES HIDRO SANITARIAS","FORNEC. E ASSENTAMENTO DE TUBOS P/INSTALACAO DOMICILIAR"]
[97357,"TUBO EM COBRE RÍGIDO, DN 22 MM, CLASSE I, SEM ISOLAMENTO, INSTALADO EM RAMAL E SUB-RAMAL \u0096 FORNECIMENTO E INSTALAÇÃO. AF_12/2015","M",71.239999999999995,"SINAPI","INSTALACOES HIDRO SANITARIAS","FORNEC. E ASSENTAMENTO DE TUBOS P/INSTALACAO DOMICILIAR"]
[97358,"TUBO EM COBRE RÍGIDO, DN 28 MM, CLASSE I, SEM ISOLAMENTO, INSTALADO EM RAMAL E SUB-RAMAL \u0096 FORNECIMENTO E INSTALAÇÃO. AF_12/2015","M",96.83,"SINAPI","INSTALACOES HIDRO SANITARIAS","FORNEC. E ASSENTAMENTO DE TUBOS P/INSTALACAO DOMICILIAR"]
[97498,"TUBO DE AÇO GALVANIZADO COM COSTURA, CLASSE MÉDIA, DN 25 (1\"), CONEXÃO ROSQUEADA, INSTALADO EM REDE DE ALIMENTAÇÃO PARA HIDRANTE - FORNECIMENTO E INSTALAÇÃO. AF_12/2015","M",26.06,"SINAPI","INSTALACOES HIDRO SANITARIAS","FORNEC. E ASSENTAMENTO DE TUBOS P/INSTALACAO DOMICILIAR"]
[97535,"TUBO DE AÇO GALVANIZADO COM COSTURA, CLASSE MÉDIA, CONEXÃO ROSQUEADA, DN 25 (1\"), INSTALADO EM REDE DE ALIMENTAÇÃO PARA SPRINKLER - FORNECIMENTO E INSTALAÇÃO. AF_12/2015","M",29.88,"SINAPI","INSTALACOES HIDRO SANITARIAS","FORNEC. E ASSENTAMENTO DE TUBOS P/INSTALACAO DOMICILIAR"]
[97536,"TUBO DE AÇO GALVANIZADO COM COSTURA, CLASSE MÉDIA, CONEXÃO ROSQUEADA, DN 25 (1\"), INSTALADO EM RAMAIS  E SUB-RAMAIS DE GÁS - FORNECIMENTO E INSTALAÇÃO. AF_12/2015","M",38.65,"SINAPI","INSTALACOES HIDRO SANITARIAS","FORNEC. E ASSENTAMENTO DE TUBOS P/INSTALACAO DOMICILIAR"]
[72293,"CAP PVC ESGOTO 50MM (TAMPÃO) - FORNECIMENTO E INSTALAÇÃO","UN",5.37,"SINAPI","INSTALACOES HIDRO SANITARIAS","CONEXOES"]
[72294,"CAP PVC ESGOTO 75MM (TAMPÃO) - FORNECIMENTO E INSTALAÇÃO","UN",7.93,"SINAPI","INSTALACOES HIDRO SANITARIAS","CONEXOES"]
[72295,"CAP PVC ESGOTO 100MM (TAMPÃO) - FORNECIMENTO E INSTALAÇÃO","UN",10.92,"SINAPI","INSTALACOES HIDRO SANITARIAS","CONEXOES"]
[72306,"COTOVELO DE AÇO GALVANIZADO 4\" - FORNECIMENTO E INSTALAÇÃO","UN",197.96,"SINAPI","INSTALACOES HIDRO SANITARIAS","CONEXOES"]
[72307,"COTOVELO DE AÇO GALVANIZADO 5\" - FORNECIMENTO E INSTALAÇÃO","UN",277.62,"SINAPI","INSTALACOES HIDRO SANITARIAS","CONEXOES"]
[72313,"COTOVELO DE AÇO GALVANIZADO 6\" - FORNECIMENTO E INSTALAÇÃO","UN",648.29,"SINAPI","INSTALACOES HIDRO SANITARIAS","CONEXOES"]
[72482,"UNIAO DE ACO GALVANIZADO 4\" - FORNECIMENTO E INSTALACAO","UN",277.75,"SINAPI","INSTALACOES HIDRO SANITARIAS","CONEXOES"]
[72619,"LUVA DE ACO GALVANIZADO 4\" - FORNECIMENTO E INSTALACAO","UN",116.25,"SINAPI","INSTALACOES HIDRO SANITARIAS","CONEXOES"]
[72620,"LUVA DE ACO GALVANIZADO 5\" - FORNECIMENTO E INSTALACAO","UN",202.81,"SINAPI","INSTALACOES HIDRO SANITARIAS","CONEXOES"]
[72621,"LUVA DE ACO GALVANIZADO 6\" - FORNECIMENTO E INSTALACAO","UN",325.68,"SINAPI","INSTALACOES HIDRO SANITARIAS","CONEXOES"]
[72667,"LUVA REDUCAO ACO GALVANIZADO 4X2.1/2\" - FORNECIMENTO E INSTALACAO","UN",158.91999999999999,"SINAPI","INSTALACOES HIDRO SANITARIAS","CONEXOES"]
[72668,"LUVA REDUCAO ACO GALVANIZADO 4X2\" - FORNECIMENTO E INSTALACAO","UN",158.1,"SINAPI","INSTALACOES HIDRO SANITARIAS","CONEXOES"]
[72669,"LUVA REDUCAO ACO GALVANIZADO 4X3\" - FORNECIMENTO E INSTALACAO","UN",162.88999999999999,"SINAPI","INSTALACOES HIDRO SANITARIAS","CONEXOES"]
[72681,"NIPLE DE ACO GALVANIZADO 4\" - FORNECIMENTO E INSTALACAO","UN",112.57,"SINAPI","INSTALACOES HIDRO SANITARIAS","CONEXOES"]
[72682,"NIPLE DE ACO GALVANIZADO 5\" - FORNECIMENTO E INSTALACAO","UN",226.74,"SINAPI","INSTALACOES HIDRO SANITARIAS","CONEXOES"]
[72683,"NIPLE DE ACO GALVANIZADO 6\" - FORNECIMENTO E INSTALACAO","UN",364.42,"SINAPI","INSTALACOES HIDRO SANITARIAS","CONEXOES"]
[72719,"TE DE ACO GALVANIZADO 4\" - FORNECIMENTO E INSTALACAO","UN",248.35,"SINAPI","INSTALACOES HIDRO SANITARIAS","CONEXOES"]
[72720,"TE DE ACO GALVANIZADO 5\" - FORNECIMENTO E INSTALACAO","UN",342.14,"SINAPI","INSTALACOES HIDRO SANITARIAS","CONEXOES"]
[72721,"TE DE ACO GALVANIZADO 6\" - FORNECIMENTO E INSTALACAO","UN",741.88,"SINAPI","INSTALACOES HIDRO SANITARIAS","CONEXOES"]
[89358,"JOELHO 90 GRAUS, PVC, SOLDÁVEL, DN 20MM, INSTALADO EM RAMAL OU SUB-RAMAL DE ÁGUA - FORNECIMENTO E INSTALAÇÃO. AF_12/2014","UN",5.99,"SINAPI","INSTALACOES HIDRO SANITARIAS","CONEXOES"]
[89359,"JOELHO 45 GRAUS, PVC, SOLDÁVEL, DN 20MM, INSTALADO EM RAMAL OU SUB-RAMAL DE ÁGUA - FORNECIMENTO E INSTALAÇÃO. AF_12/2014","UN",6.21,"SINAPI","INSTALACOES HIDRO SANITARIAS","CONEXOES"]
[89360,"CURVA 90 GRAUS, PVC, SOLDÁVEL, DN 20MM, INSTALADO EM RAMAL OU SUB-RAMAL DE ÁGUA - FORNECIMENTO E INSTALAÇÃO. AF_12/2014","UN",7.13,"SINAPI","INSTALACOES HIDRO SANITARIAS","CONEXOES"]
[89361,"CURVA 45 GRAUS, PVC, SOLDÁVEL, DN 20MM, INSTALADO EM RAMAL OU SUB-RAMAL DE ÁGUA - FORNECIMENTO E INSTALAÇÃO. AF_12/2014","UN",6.77,"SINAPI","INSTALACOES HIDRO SANITARIAS","CONEXOES"]
[89362,"JOELHO 90 GRAUS, PVC, SOLDÁVEL, DN 25MM, INSTALADO EM RAMAL OU SUB-RAMAL DE ÁGUA - FORNECIMENTO E INSTALAÇÃO. AF_12/2014","UN",7.09,"SINAPI","INSTALACOES HIDRO SANITARIAS","CONEXOES"]
[89363,"JOELHO 45 GRAUS, PVC, SOLDÁVEL, DN 25MM, INSTALADO EM RAMAL OU SUB-RAMAL DE ÁGUA - FORNECIMENTO E INSTALAÇÃO. AF_12/2014","UN",7.56,"SINAPI","INSTALACOES HIDRO SANITARIAS","CONEXOES"]
[89364,"CURVA 90 GRAUS, PVC, SOLDÁVEL, DN 25MM, INSTALADO EM RAMAL OU SUB-RAMAL DE ÁGUA - FORNECIMENTO E INSTALAÇÃO. AF_12/2014","UN",8.52,"SINAPI","INSTALACOES HIDRO SANITARIAS","CONEXOES"]
[89365,"CURVA 45 GRAUS, PVC, SOLDÁVEL, DN 25MM, INSTALADO EM RAMAL OU SUB-RAMAL DE ÁGUA - FORNECIMENTO E INSTALAÇÃO. AF_12/2014","UN",8.09,"SINAPI","INSTALACOES HIDRO SANITARIAS","CONEXOES"]
[89366,"JOELHO 90 GRAUS COM BUCHA DE LATÃO, PVC, SOLDÁVEL, DN 25MM, X 3/4\u0094 INSTALADO EM RAMAL OU SUB-RAMAL DE ÁGUA - FORNECIMENTO E INSTALAÇÃO. AF_12/2014","UN",11.09,"SINAPI","INSTALACOES HIDRO SANITARIAS","CONEXOES"]
[89367,"JOELHO 90 GRAUS, PVC, SOLDÁVEL, DN 32MM, INSTALADO EM RAMAL OU SUB-RAMAL DE ÁGUA - FORNECIMENTO E INSTALAÇÃO. AF_12/2014","UN",9.36,"SINAPI","INSTALACOES HIDRO SANITARIAS","CONEXOES"]
[89368,"JOELHO 45 GRAUS, PVC, SOLDÁVEL, DN 32MM, INSTALADO EM RAMAL OU SUB-RAMAL DE ÁGUA - FORNECIMENTO E INSTALAÇÃO. AF_12/2014","UN",10.68,"SINAPI","INSTALACOES HIDRO SANITARIAS","CONEXOES"]
[89369,"CURVA 90 GRAUS, PVC, SOLDÁVEL, DN 32MM, INSTALADO EM RAMAL OU SUB-RAMAL DE ÁGUA - FORNECIMENTO E INSTALAÇÃO. AF_12/2014","UN",12.31,"SINAPI","INSTALACOES HIDRO SANITARIAS","CONEXOES"]
[89370,"CURVA 45 GRAUS, PVC, SOLDÁVEL, DN 32MM, INSTALADO EM RAMAL OU SUB-RAMAL DE ÁGUA - FORNECIMENTO E INSTALAÇÃO. AF_12/2014","UN",10.4,"SINAPI","INSTALACOES HIDRO SANITARIAS","CONEXOES"]
[89371,"LUVA, PVC, SOLDÁVEL, DN 20MM, INSTALADO EM RAMAL OU SUB-RAMAL DE ÁGUA - FORNECIMENTO E INSTALAÇÃO. AF_12/2014","UN",4.37,"SINAPI","INSTALACOES HIDRO SANITARIAS","CONEXOES"]
[89372,"LUVA DE CORRER, PVC, SOLDÁVEL, DN 20MM, INSTALADO EM RAMAL OU SUB-RAMAL DE ÁGUA - FORNECIMENTO E INSTALAÇÃO. AF_12/2014","UN",8.7100000000000009,"SINAPI","INSTALACOES HIDRO SANITARIAS","CONEXOES"]
[89373,"LUVA DE REDUÇÃO, PVC, SOLDÁVEL, DN 25MM X 20MM, INSTALADO EM RAMAL OU SUB-RAMAL DE ÁGUA - FORNECIMENTO E INSTALAÇÃO. AF_12/2014","UN",4.7699999999999996,"SINAPI","INSTALACOES HIDRO SANITARIAS","CONEXOES"]
[89374,"LUVA COM BUCHA DE LATÃO, PVC, SOLDÁVEL, DN 20MM X 1/2\u0094, INSTALADO EM RAMAL OU SUB-RAMAL DE ÁGUA - FORNECIMENTO E INSTALAÇÃO. AF_12/2014","UN",7.12,"SINAPI","INSTALACOES HIDRO SANITARIAS","CONEXOES"]
[89375,"UNIÃO, PVC, SOLDÁVEL, DN 20MM, INSTALADO EM RAMAL OU SUB-RAMAL DE ÁGUA - FORNECIMENTO E INSTALAÇÃO. AF_12/2014","UN",8.5399999999999991,"SINAPI","INSTALACOES HIDRO SANITARIAS","CONEXOES"]
[89376,"ADAPTADOR CURTO COM BOLSA E ROSCA PARA REGISTRO, PVC, SOLDÁVEL, DN 20MM X 1/2\u0094, INSTALADO EM RAMAL OU SUB-RAMAL DE ÁGUA - FORNECIMENTO E INSTALAÇÃO. AF_12/2014","UN",4.41,"SINAPI","INSTALACOES HIDRO SANITARIAS","CONEXOES"]
[89377,"CURVA DE TRANSPOSIÇÃO, PVC, SOLDÁVEL, DN 20MM, INSTALADO EM RAMAL OU SUB-RAMAL DE ÁGUA - FORNECIMENTO E INSTALAÇÃO. AF_12/2014","UN",6.51,"SINAPI","INSTALACOES HIDRO SANITARIAS","CONEXOES"]
[89378,"LUVA, PVC, SOLDÁVEL, DN 25MM, INSTALADO EM RAMAL OU SUB-RAMAL DE ÁGUA - FORNECIMENTO E INSTALAÇÃO. AF_12/2014","UN",5.16,"SINAPI","INSTALACOES HIDRO SANITARIAS","CONEXOES"]
[89379,"LUVA DE CORRER, PVC, SOLDÁVEL, DN 25MM, INSTALADO EM RAMAL OU SUB-RAMAL DE ÁGUA - FORNECIMENTO E INSTALAÇÃO. AF_12/2014","UN",10.95,"SINAPI","INSTALACOES HIDRO SANITARIAS","CONEXOES"]
[89380,"LUVA DE REDUÇÃO, PVC, SOLDÁVEL, DN 32MM X 25MM, INSTALADO EM RAMAL OU SUB-RAMAL DE ÁGUA - FORNECIMENTO E INSTALAÇÃO. AF_12/2014","UN",6.94,"SINAPI","INSTALACOES HIDRO SANITARIAS","CONEXOES"]
[89381,"LUVA COM BUCHA DE LATÃO, PVC, SOLDÁVEL, DN 25MM X 3/4\u0094, INSTALADO EM RAMAL OU SUB-RAMAL DE ÁGUA - FORNECIMENTO E INSTALAÇÃO. AF_12/2014","UN",8.82,"SINAPI","INSTALACOES HIDRO SANITARIAS","CONEXOES"]
[89382,"UNIÃO, PVC, SOLDÁVEL, DN 25MM, INSTALADO EM RAMAL OU SUB-RAMAL DE ÁGUA - FORNECIMENTO E INSTALAÇÃO. AF_12/2014","UN",10.15,"SINAPI","INSTALACOES HIDRO SANITARIAS","CONEXOES"]
[89383,"ADAPTADOR CURTO COM BOLSA E ROSCA PARA REGISTRO, PVC, SOLDÁVEL, DN 25MM X 3/4\u0094, INSTALADO EM RAMAL OU SUB-RAMAL DE ÁGUA - FORNECIMENTO E INSTALAÇÃO. AF_12/2014","UN",5.22,"SINAPI","INSTALACOES HIDRO SANITARIAS","CONEXOES"]
[89384,"CURVA DE TRANSPOSIÇÃO, PVC, SOLDÁVEL, DN 25MM, INSTALADO EM RAMAL OU SUB-RAMAL DE ÁGUA   FORNECIMENTO E INSTALAÇÃO. AF_12/2014","UN",8.92,"SINAPI","INSTALACOES HIDRO SANITARIAS","CONEXOES"]
[89385,"LUVA SOLDÁVEL E COM ROSCA, PVC, SOLDÁVEL, DN 25MM X 3/4\u0094, INSTALADO EM RAMAL OU SUB-RAMAL DE ÁGUA - FORNECIMENTO E INSTALAÇÃO. AF_12/2014","UN",5.68,"SINAPI","INSTALACOES HIDRO SANITARIAS","CONEXOES"]
[89386,"LUVA, PVC, SOLDÁVEL, DN 32MM, INSTALADO EM RAMAL OU SUB-RAMAL DE ÁGUA - FORNECIMENTO E INSTALAÇÃO. AF_12/2014","UN",6.84,"SINAPI","INSTALACOES HIDRO SANITARIAS","CONEXOES"]
[89387,"LUVA DE CORRER, PVC, SOLDÁVEL, DN 32MM, INSTALADO EM RAMAL OU SUB-RAMAL DE ÁGUA   FORNECIMENTO E INSTALAÇÃO. AF_12/2014","UN",20.65,"SINAPI","INSTALACOES HIDRO SANITARIAS","CONEXOES"]
[89388,"LUVA DE REDUÇÃO, PVC, SOLDÁVEL, DN 40MM X 32MM, INSTALADO EM RAMAL OU SUB-RAMAL DE ÁGUA - FORNECIMENTO E INSTALAÇÃO. AF_12/2014","UN",8.4,"SINAPI","INSTALACOES HIDRO SANITARIAS","CONEXOES"]
[89389,"LUVA SOLDÁVEL E COM ROSCA, PVC, SOLDÁVEL, DN 32MM X 1\u0094, INSTALADO EM RAMAL OU SUB-RAMAL DE ÁGUA - FORNECIMENTO E INSTALAÇÃO. AF_12/2014","UN",8.94,"SINAPI","INSTALACOES HIDRO SANITARIAS","CONEXOES"]
[89390,"UNIÃO, PVC, SOLDÁVEL, DN 32MM, INSTALADO EM RAMAL OU SUB-RAMAL DE ÁGUA - FORNECIMENTO E INSTALAÇÃO. AF_12/2014","UN",14.63,"SINAPI","INSTALACOES HIDRO SANITARIAS","CONEXOES"]
[89391,"ADAPTADOR CURTO COM BOLSA E ROSCA PARA REGISTRO, PVC, SOLDÁVEL, DN 32MM X 1\u0094, INSTALADO EM RAMAL OU SUB-RAMAL DE ÁGUA - FORNECIMENTO E INSTALAÇÃO. AF_12/2014","UN",6.77,"SINAPI","INSTALACOES HIDRO SANITARIAS","CONEXOES"]
[89392,"CURVA DE TRANSPOSIÇÃO, PVC, SOLDÁVEL, DN 32MM, INSTALADO EM RAMAL OU SUB-RAMAL DE ÁGUA   FORNECIMENTO E INSTALAÇÃO. AF_12/2014","UN",17.010000000000002,"SINAPI","INSTALACOES HIDRO SANITARIAS","CONEXOES"]
[89393,"TE, PVC, SOLDÁVEL, DN 20MM, INSTALADO EM RAMAL OU SUB-RAMAL DE ÁGUA - FORNECIMENTO E INSTALAÇÃO. AF_12/2014","UN",8.26,"SINAPI","INSTALACOES HIDRO SANITARIAS","CONEXOES"]
[89394,"TÊ COM BUCHA DE LATÃO NA BOLSA CENTRAL, PVC, SOLDÁVEL, DN 20MM X 1/2\u0094, INSTALADO EM RAMAL OU SUB-RAMAL DE ÁGUA - FORNECIMENTO E INSTALAÇÃO. AF_12/2014","UN",13.68,"SINAPI","INSTALACOES HIDRO SANITARIAS","CONEXOES"]
[89395,"TE, PVC, SOLDÁVEL, DN 25MM, INSTALADO EM RAMAL OU SUB-RAMAL DE ÁGUA - FORNECIMENTO E INSTALAÇÃO. AF_12/2014","UN",9.77,"SINAPI","INSTALACOES HIDRO SANITARIAS","CONEXOES"]
[89396,"TÊ COM BUCHA DE LATÃO NA BOLSA CENTRAL, PVC, SOLDÁVEL, DN 25MM X 1/2\u0094, INSTALADO EM RAMAL OU SUB-RAMAL DE ÁGUA - FORNECIMENTO E INSTALAÇÃO. AF_12/2014","UN",14.41,"SINAPI","INSTALACOES HIDRO SANITARIAS","CONEXOES"]
[89397,"TÊ DE REDUÇÃO, PVC, SOLDÁVEL, DN 25MM X 20MM, INSTALADO EM RAMAL OU SUB-RAMAL DE ÁGUA - FORNECIMENTO E INSTALAÇÃO. AF_12/2014","UN",11.01,"SINAPI","INSTALACOES HIDRO SANITARIAS","CONEXOES"]
[89398,"TE, PVC, SOLDÁVEL, DN 32MM, INSTALADO EM RAMAL OU SUB-RAMAL DE ÁGUA - FORNECIMENTO E INSTALAÇÃO. AF_12/2014","UN",13.43,"SINAPI","INSTALACOES HIDRO SANITARIAS","CONEXOES"]
[89399,"TÊ COM BUCHA DE LATÃO NA BOLSA CENTRAL, PVC, SOLDÁVEL, DN 32MM X 3/4\u0094, INSTALADO EM RAMAL OU SUB-RAMAL DE ÁGUA - FORNECIMENTO E INSTALAÇÃO. AF_12/2014","UN",21.31,"SINAPI","INSTALACOES HIDRO SANITARIAS","CONEXOES"]
[89400,"TÊ DE REDUÇÃO, PVC, SOLDÁVEL, DN 32MM X 25MM, INSTALADO EM RAMAL OU SUB-RAMAL DE ÁGUA - FORNECIMENTO E INSTALAÇÃO. AF_12/2014","UN",14.66,"SINAPI","INSTALACOES HIDRO SANITARIAS","CONEXOES"]
[89404,"JOELHO 90 GRAUS, PVC, SOLDÁVEL, DN 20MM, INSTALADO EM RAMAL DE DISTRIBUIÇÃO DE ÁGUA - FORNECIMENTO E INSTALAÇÃO. AF_12/2014","UN",3.92,"SINAPI","INSTALACOES HIDRO SANITARIAS","CONEXOES"]
[89405,"JOELHO 45 GRAUS, PVC, SOLDÁVEL, DN 20MM, INSTALADO EM RAMAL DE DISTRIBUIÇÃO DE ÁGUA - FORNECIMENTO E INSTALAÇÃO. AF_12/2014","UN",4.1399999999999997,"SINAPI","INSTALACOES HIDRO SANITARIAS","CONEXOES"]
[89406,"CURVA 90 GRAUS, PVC, SOLDÁVEL, DN 20MM, INSTALADO EM RAMAL DE DISTRIBUIÇÃO DE ÁGUA - FORNECIMENTO E INSTALAÇÃO. AF_12/2014","UN",5.0599999999999996,"SINAPI","INSTALACOES HIDRO SANITARIAS","CONEXOES"]
[89407,"CURVA 45 GRAUS, PVC, SOLDÁVEL, DN 20MM, INSTALADO EM RAMAL DE DISTRIBUIÇÃO DE ÁGUA - FORNECIMENTO E INSTALAÇÃO. AF_12/2014","UN",4.7,"SINAPI","INSTALACOES HIDRO SANITARIAS","CONEXOES"]
[89408,"JOELHO 90 GRAUS, PVC, SOLDÁVEL, DN 25MM, INSTALADO EM RAMAL DE DISTRIBUIÇÃO DE ÁGUA - FORNECIMENTO E INSTALAÇÃO. AF_12/2014","UN",4.7,"SINAPI","INSTALACOES HIDRO SANITARIAS","CONEXOES"]
[89409,"JOELHO 45 GRAUS, PVC, SOLDÁVEL, DN 25MM, INSTALADO EM RAMAL DE DISTRIBUIÇÃO DE ÁGUA - FORNECIMENTO E INSTALAÇÃO. AF_12/2014","UN",5.17,"SINAPI","INSTALACOES HIDRO SANITARIAS","CONEXOES"]
[89410,"CURVA 90 GRAUS, PVC, SOLDÁVEL, DN 25MM, INSTALADO EM RAMAL DE DISTRIBUIÇÃO DE ÁGUA - FORNECIMENTO E INSTALAÇÃO. AF_12/2014","UN",6.13,"SINAPI","INSTALACOES HIDRO SANITARIAS","CONEXOES"]
[89411,"CURVA 45 GRAUS, PVC, SOLDÁVEL, DN 25MM, INSTALADO EM RAMAL DE DISTRIBUIÇÃO DE ÁGUA - FORNECIMENTO E INSTALAÇÃO. AF_12/2014","UN",5.7,"SINAPI","INSTALACOES HIDRO SANITARIAS","CONEXOES"]
[89412,"JOELHO 90 GRAUS, PVC, SOLDÁVEL, DN 25MM, X 3/4\u0094 INSTALADO EM RAMAL DE DISTRIBUIÇÃO DE ÁGUA - FORNECIMENTO E INSTALAÇÃO. AF_12/2014","UN",6.29,"SINAPI","INSTALACOES HIDRO SANITARIAS","CONEXOES"]
[89413,"JOELHO 90 GRAUS, PVC, SOLDÁVEL, DN 32MM, INSTALADO EM RAMAL DE DISTRIBUIÇÃO DE ÁGUA - FORNECIMENTO E INSTALAÇÃO. AF_12/2014","UN",6.49,"SINAPI","INSTALACOES HIDRO SANITARIAS","CONEXOES"]
[89414,"JOELHO 45 GRAUS, PVC, SOLDÁVEL, DN 32MM, INSTALADO EM RAMAL DE DISTRIBUIÇÃO DE ÁGUA - FORNECIMENTO E INSTALAÇÃO. AF_12/2014","UN",7.81,"SINAPI","INSTALACOES HIDRO SANITARIAS","CONEXOES"]
[89415,"CURVA 90 GRAUS, PVC, SOLDÁVEL, DN 32MM, INSTALADO EM RAMAL DE DISTRIBUIÇÃO DE ÁGUA - FORNECIMENTO E INSTALAÇÃO. AF_12/2014","UN",9.44,"SINAPI","INSTALACOES HIDRO SANITARIAS","CONEXOES"]
[89416,"CURVA 45 GRAUS, PVC, SOLDÁVEL, DN 32MM, INSTALADO EM RAMAL DE DISTRIBUIÇÃO DE ÁGUA - FORNECIMENTO E INSTALAÇÃO. AF_12/2014","UN",7.53,"SINAPI","INSTALACOES HIDRO SANITARIAS","CONEXOES"]
[89417,"LUVA, PVC, SOLDÁVEL, DN 20MM, INSTALADO EM RAMAL DE DISTRIBUIÇÃO DE ÁGUA - FORNECIMENTO E INSTALAÇÃO. AF_12/2014","UN",3,"SINAPI","INSTALACOES HIDRO SANITARIAS","CONEXOES"]
[89418,"LUVA DE CORRER, PVC, SOLDÁVEL, DN 20MM, INSTALADO EM RAMAL DE DISTRIBUIÇÃO DE ÁGUA - FORNECIMENTO E INSTALAÇÃO. AF_12/2014","UN",7.34,"SINAPI","INSTALACOES HIDRO SANITARIAS","CONEXOES"]
[89419,"LUVA DE REDUÇÃO, PVC, SOLDÁVEL, DN 25MM X 20MM, INSTALADO EM RAMAL DE DISTRIBUIÇÃO DE ÁGUA - FORNECIMENTO E INSTALAÇÃO. AF_12/2014","UN",3.4,"SINAPI","INSTALACOES HIDRO SANITARIAS","CONEXOES"]
[89420,"LUVA COM BUCHA DE LATÃO, PVC, SOLDÁVEL, DN 20MM X 1/2\u0094, INSTALADO EM RAMAL DE DISTRIBUIÇÃO DE ÁGUA - FORNECIMENTO E INSTALAÇÃO. AF_12/2014","UN",5.75,"SINAPI","INSTALACOES HIDRO SANITARIAS","CONEXOES"]
[89421,"UNIÃO, PVC, SOLDÁVEL, DN 20MM, INSTALADO EM RAMAL DE DISTRIBUIÇÃO DE ÁGUA - FORNECIMENTO E INSTALAÇÃO. AF_12/2014","UN",7.17,"SINAPI","INSTALACOES HIDRO SANITARIAS","CONEXOES"]
[89422,"ADAPTADOR CURTO COM BOLSA E ROSCA PARA REGISTRO, PVC, SOLDÁVEL, DN 20MM X 1/2\u0094, INSTALADO EM RAMAL DE DISTRIBUIÇÃO DE ÁGUA - FORNECIMENTO E INSTALAÇÃO. AF_12/2014","UN",3.04,"SINAPI","INSTALACOES HIDRO SANITARIAS","CONEXOES"]
[89423,"CURVA DE TRANSPOSIÇÃO, PVC, SOLDÁVEL, DN 20MM, INSTALADO EM RAMAL DE DISTRIBUIÇÃO DE ÁGUA   FORNECIMENTO E INSTALAÇÃO. AF_12/2014","UN",5.54,"SINAPI","INSTALACOES HIDRO SANITARIAS","CONEXOES"]
[89424,"LUVA, PVC, SOLDÁVEL, DN 25MM, INSTALADO EM RAMAL DE DISTRIBUIÇÃO DE ÁGUA - FORNECIMENTO E INSTALAÇÃO. AF_12/2014","UN",3.55,"SINAPI","INSTALACOES HIDRO SANITARIAS","CONEXOES"]
[89425,"LUVA DE CORRER, PVC, SOLDÁVEL, DN 25MM, INSTALADO EM RAMAL DE DISTRIBUIÇÃO DE ÁGUA - FORNECIMENTO E INSTALAÇÃO. AF_12/2014","UN",9.34,"SINAPI","INSTALACOES HIDRO SANITARIAS","CONEXOES"]
[89426,"LUVA DE REDUÇÃO, PVC, SOLDÁVEL, DN 32MM X 25MM, INSTALADO EM RAMAL DE DISTRIBUIÇÃO DE ÁGUA - FORNECIMENTO E INSTALAÇÃO. AF_12/2014","UN",5.33,"SINAPI","INSTALACOES HIDRO SANITARIAS","CONEXOES"]
[89427,"LUVA COM BUCHA DE LATÃO, PVC, SOLDÁVEL, DN 25MM X 3/4\u0094, INSTALADO EM RAMAL DE DISTRIBUIÇÃO DE ÁGUA - FORNECIMENTO E INSTALAÇÃO. AF_12/2014","UN",7.21,"SINAPI","INSTALACOES HIDRO SANITARIAS","CONEXOES"]
[89428,"UNIÃO, PVC, SOLDÁVEL, DN 25MM, INSTALADO EM RAMAL DE DISTRIBUIÇÃO DE ÁGUA - FORNECIMENTO E INSTALAÇÃO. AF_12/2014","UN",8.5399999999999991,"SINAPI","INSTALACOES HIDRO SANITARIAS","CONEXOES"]
[89429,"ADAPTADOR CURTO COM BOLSA E ROSCA PARA REGISTRO, PVC, SOLDÁVEL, DN 25MM X 3/4\u0094, INSTALADO EM RAMAL DE DISTRIBUIÇÃO DE ÁGUA - FORNECIMENTO E INSTALAÇÃO. AF_12/2014","UN",3.61,"SINAPI","INSTALACOES HIDRO SANITARIAS","CONEXOES"]
[89430,"CURVA DE TRANSPOSIÇÃO, PVC, SOLDÁVEL, DN 25MM, INSTALADO EM RAMAL DE DISTRIBUIÇÃO DE ÁGUA   FORNECIMENTO E INSTALAÇÃO. AF_12/2014","UN",7.31,"SINAPI","INSTALACOES HIDRO SANITARIAS","CONEXOES"]
[89431,"LUVA, PVC, SOLDÁVEL, DN 32MM, INSTALADO EM RAMAL DE DISTRIBUIÇÃO DE ÁGUA - FORNECIMENTO E INSTALAÇÃO. AF_12/2014","UN",4.91,"SINAPI","INSTALACOES HIDRO SANITARIAS","CONEXOES"]
[89432,"LUVA DE CORRER, PVC, SOLDÁVEL, DN 32MM, INSTALADO EM RAMAL DE DISTRIBUIÇÃO DE ÁGUA   FORNECIMENTO E INSTALAÇÃO. AF_12/2014","UN",18.72,"SINAPI","INSTALACOES HIDRO SANITARIAS","CONEXOES"]
[89433,"LUVA DE REDUÇÃO, PVC, SOLDÁVEL, DN 40MM X 32MM, INSTALADO EM RAMAL DE DISTRIBUIÇÃO DE ÁGUA - FORNECIMENTO E INSTALAÇÃO. AF_12/2014","UN",6.47,"SINAPI","INSTALACOES HIDRO SANITARIAS","CONEXOES"]
[89434,"LUVA SOLDÁVEL E COM ROSCA, PVC, SOLDÁVEL, DN 32MM X 1\u0094, INSTALADO EM RAMAL DE DISTRIBUIÇÃO DE ÁGUA - FORNECIMENTO E INSTALAÇÃO. AF_12/2014","UN",7.01,"SINAPI","INSTALACOES HIDRO SANITARIAS","CONEXOES"]
[89435,"UNIÃO, PVC, SOLDÁVEL, DN 32MM, INSTALADO EM RAMAL DE DISTRIBUIÇÃO DE ÁGUA - FORNECIMENTO E INSTALAÇÃO. AF_12/2014","UN",12.7,"SINAPI","INSTALACOES HIDRO SANITARIAS","CONEXOES"]
[89436,"ADAPTADOR CURTO COM BOLSA E ROSCA PARA REGISTRO, PVC, SOLDÁVEL, DN 32MM X 1\u0094, INSTALADO EM RAMAL DE DISTRIBUIÇÃO DE ÁGUA - FORNECIMENTO E INSTALAÇÃO. AF_12/2014","UN",4.84,"SINAPI","INSTALACOES HIDRO SANITARIAS","CONEXOES"]
[89437,"CURVA DE TRANSPOSIÇÃO, PVC, SOLDÁVEL, DN 32MM, INSTALADO EM RAMAL DE DISTRIBUIÇÃO DE ÁGUA   FORNECIMENTO E INSTALAÇÃO. AF_12/2014","UN",15.08,"SINAPI","INSTALACOES HIDRO SANITARIAS","CONEXOES"]
[89438,"TE, PVC, SOLDÁVEL, DN 20MM, INSTALADO EM RAMAL DE DISTRIBUIÇÃO DE ÁGUA - FORNECIMENTO E INSTALAÇÃO. AF_12/2014","UN",5.5,"SINAPI","INSTALACOES HIDRO SANITARIAS","CONEXOES"]
[89439,"TÊ SOLDÁVEL E COM ROSCA NA BOLSA CENTRAL, PVC, SOLDÁVEL, DN 20MM X 1/2\u0094, INSTALADO EM RAMAL DE DISTRIBUIÇÃO DE ÁGUA - FORNECIMENTO E INSTALAÇÃO. AF_12/2014","UN",6.74,"SINAPI","INSTALACOES HIDRO SANITARIAS","CONEXOES"]
[89440,"TE, PVC, SOLDÁVEL, DN 25MM, INSTALADO EM RAMAL DE DISTRIBUIÇÃO DE ÁGUA - FORNECIMENTO E INSTALAÇÃO. AF_12/2014","UN",6.57,"SINAPI","INSTALACOES HIDRO SANITARIAS","CONEXOES"]
[89441,"TÊ COM BUCHA DE LATÃO NA BOLSA CENTRAL, PVC, SOLDÁVEL, DN 25MM X 1/2\u0094, INSTALADO EM RAMAL DE DISTRIBUIÇÃO DE ÁGUA - FORNECIMENTO E INSTALAÇÃO. AF_12/2014","UN",11.21,"SINAPI","INSTALACOES HIDRO SANITARIAS","CONEXOES"]
[89442,"TÊ DE REDUÇÃO, PVC, SOLDÁVEL, DN 25MM X 20MM, INSTALADO EM RAMAL DE DISTRIBUIÇÃO DE ÁGUA - FORNECIMENTO E INSTALAÇÃO. AF_12/2014","UN",7.81,"SINAPI","INSTALACOES HIDRO SANITARIAS","CONEXOES"]
[89443,"TE, PVC, SOLDÁVEL, DN 32MM, INSTALADO EM RAMAL DE DISTRIBUIÇÃO DE ÁGUA - FORNECIMENTO E INSTALAÇÃO. AF_12/2014","UN",9.6300000000000008,"SINAPI","INSTALACOES HIDRO SANITARIAS","CONEXOES"]
[89444,"TÊ COM BUCHA DE LATÃO NA BOLSA CENTRAL, PVC, SOLDÁVEL, DN 32MM X 3/4\u0094, INSTALADO EM RAMAL DE DISTRIBUIÇÃO DE ÁGUA - FORNECIMENTO E INSTALAÇÃO. AF_12/2014","UN",17.510000000000002,"SINAPI","INSTALACOES HIDRO SANITARIAS","CONEXOES"]
[89445,"TÊ DE REDUÇÃO, PVC, SOLDÁVEL, DN 32MM X 25MM, INSTALADO EM RAMAL DE DISTRIBUIÇÃO DE ÁGUA - FORNECIMENTO E INSTALAÇÃO. AF_12/2014","UN",10.86,"SINAPI","INSTALACOES HIDRO SANITARIAS","CONEXOES"]
[89481,"JOELHO 90 GRAUS, PVC, SOLDÁVEL, DN 25MM, INSTALADO EM PRUMADA DE ÁGUA - FORNECIMENTO E INSTALAÇÃO. AF_12/2014","UN",3.49,"SINAPI","INSTALACOES HIDRO SANITARIAS","CONEXOES"]
[89485,"JOELHO 45 GRAUS, PVC, SOLDÁVEL, DN 25MM, INSTALADO EM PRUMADA DE ÁGUA - FORNECIMENTO E INSTALAÇÃO. AF_12/2014","UN",3.96,"SINAPI","INSTALACOES HIDRO SANITARIAS","CONEXOES"]
[89489,"CURVA 90 GRAUS, PVC, SOLDÁVEL, DN 25MM, INSTALADO EM PRUMADA DE ÁGUA - FORNECIMENTO E INSTALAÇÃO. AF_12/2014","UN",4.92,"SINAPI","INSTALACOES HIDRO SANITARIAS","CONEXOES"]
[89490,"CURVA 45 GRAUS, PVC, SOLDÁVEL, DN 25MM, INSTALADO EM PRUMADA DE ÁGUA - FORNECIMENTO E INSTALAÇÃO. AF_12/2014","UN",4.49,"SINAPI","INSTALACOES HIDRO SANITARIAS","CONEXOES"]
[89492,"JOELHO 90 GRAUS, PVC, SOLDÁVEL, DN 32MM, INSTALADO EM PRUMADA DE ÁGUA - FORNECIMENTO E INSTALAÇÃO. AF_12/2014","UN",5.1100000000000003,"SINAPI","INSTALACOES HIDRO SANITARIAS","CONEXOES"]
[89493,"JOELHO 45 GRAUS, PVC, SOLDÁVEL, DN 32MM, INSTALADO EM PRUMADA DE ÁGUA - FORNECIMENTO E INSTALAÇÃO. AF_12/2014","UN",6.43,"SINAPI","INSTALACOES HIDRO SANITARIAS","CONEXOES"]
[89494,"CURVA 90 GRAUS, PVC, SOLDÁVEL, DN 32MM, INSTALADO EM PRUMADA DE ÁGUA - FORNECIMENTO E INSTALAÇÃO. AF_12/2014","UN",8.06,"SINAPI","INSTALACOES HIDRO SANITARIAS","CONEXOES"]
[89496,"CURVA 45 GRAUS, PVC, SOLDÁVEL, DN 32MM, INSTALADO EM PRUMADA DE ÁGUA - FORNECIMENTO E INSTALAÇÃO. AF_12/2014","UN",6.15,"SINAPI","INSTALACOES HIDRO SANITARIAS","CONEXOES"]
[89497,"JOELHO 90 GRAUS, PVC, SOLDÁVEL, DN 40MM, INSTALADO EM PRUMADA DE ÁGUA - FORNECIMENTO E INSTALAÇÃO. AF_12/2014","UN",7.87,"SINAPI","INSTALACOES HIDRO SANITARIAS","CONEXOES"]
[89498,"JOELHO 45 GRAUS, PVC, SOLDÁVEL, DN 40MM, INSTALADO EM PRUMADA DE ÁGUA - FORNECIMENTO E INSTALAÇÃO. AF_12/2014","UN",8.4700000000000006,"SINAPI","INSTALACOES HIDRO SANITARIAS","CONEXOES"]
[89499,"CURVA 90 GRAUS, PVC, SOLDÁVEL, DN 40MM, INSTALADO EM PRUMADA DE ÁGUA - FORNECIMENTO E INSTALAÇÃO. AF_12/2014","UN",12.31,"SINAPI","INSTALACOES HIDRO SANITARIAS","CONEXOES"]
[89500,"CURVA 45 GRAUS, PVC, SOLDÁVEL, DN 40MM, INSTALADO EM PRUMADA DE ÁGUA - FORNECIMENTO E INSTALAÇÃO. AF_12/2014","UN",8.59,"SINAPI","INSTALACOES HIDRO SANITARIAS","CONEXOES"]
[89501,"JOELHO 90 GRAUS, PVC, SOLDÁVEL, DN 50MM, INSTALADO EM PRUMADA DE ÁGUA - FORNECIMENTO E INSTALAÇÃO. AF_12/2014","UN",9.52,"SINAPI","INSTALACOES HIDRO SANITARIAS","CONEXOES"]
[89502,"JOELHO 45 GRAUS, PVC, SOLDÁVEL, DN 50MM, INSTALADO EM PRUMADA DE ÁGUA - FORNECIMENTO E INSTALAÇÃO. AF_12/2014","UN",10.61,"SINAPI","INSTALACOES HIDRO SANITARIAS","CONEXOES"]
[89503,"CURVA 90 GRAUS, PVC, SOLDÁVEL, DN 50MM, INSTALADO EM PRUMADA DE ÁGUA - FORNECIMENTO E INSTALAÇÃO. AF_12/2014","UN",15.36,"SINAPI","INSTALACOES HIDRO SANITARIAS","CONEXOES"]
[89504,"CURVA 45 GRAUS, PVC, SOLDÁVEL, DN 50MM, INSTALADO EM PRUMADA DE ÁGUA - FORNECIMENTO E INSTALAÇÃO. AF_12/2014","UN",13.64,"SINAPI","INSTALACOES HIDRO SANITARIAS","CONEXOES"]
[89505,"JOELHO 90 GRAUS, PVC, SOLDÁVEL, DN 60MM, INSTALADO EM PRUMADA DE ÁGUA - FORNECIMENTO E INSTALAÇÃO. AF_12/2014","UN",22.45,"SINAPI","INSTALACOES HIDRO SANITARIAS","CONEXOES"]
[89506,"JOELHO 45 GRAUS, PVC, SOLDÁVEL, DN 60MM, INSTALADO EM PRUMADA DE ÁGUA - FORNECIMENTO E INSTALAÇÃO. AF_12/2014","UN",25.05,"SINAPI","INSTALACOES HIDRO SANITARIAS","CONEXOES"]
[89507,"CURVA 90 GRAUS, PVC, SOLDÁVEL, DN 60MM, INSTALADO EM PRUMADA DE ÁGUA - FORNECIMENTO E INSTALAÇÃO. AF_12/2014","UN",30.45,"SINAPI","INSTALACOES HIDRO SANITARIAS","CONEXOES"]
[89510,"CURVA 45 GRAUS, PVC, SOLDÁVEL, DN 60MM, INSTALADO EM PRUMADA DE ÁGUA - FORNECIMENTO E INSTALAÇÃO. AF_12/2014","UN",20.53,"SINAPI","INSTALACOES HIDRO SANITARIAS","CONEXOES"]
[89513,"JOELHO 90 GRAUS, PVC, SOLDÁVEL, DN 75MM, INSTALADO EM PRUMADA DE ÁGUA - FORNECIMENTO E INSTALAÇÃO. AF_12/2014","UN",66.510000000000005,"SINAPI","INSTALACOES HIDRO SANITARIAS","CONEXOES"]
[89514,"JOELHO 90 GRAUS, PVC, SERIE R, ÁGUA PLUVIAL, DN 40 MM, JUNTA SOLDÁVEL, FORNECIDO E INSTALADO EM RAMAL DE ENCAMINHAMENTO. AF_12/2014","UN",6.38,"SINAPI","INSTALACOES HIDRO SANITARIAS","CONEXOES"]
[89515,"JOELHO 45 GRAUS, PVC, SOLDÁVEL, DN 75MM, INSTALADO EM PRUMADA DE ÁGUA - FORNECIMENTO E INSTALAÇÃO. AF_12/2014","UN",50.7,"SINAPI","INSTALACOES HIDRO SANITARIAS","CONEXOES"]
[89516,"JOELHO 45 GRAUS, PVC, SERIE R, ÁGUA PLUVIAL, DN 40 MM, JUNTA SOLDÁVEL, FORNECIDO E INSTALADO EM RAMAL DE ENCAMINHAMENTO. AF_12/2014","UN",5.65,"SINAPI","INSTALACOES HIDRO SANITARIAS","CONEXOES"]
[89517,"CURVA 90 GRAUS, PVC, SOLDÁVEL, DN 75MM, INSTALADO EM PRUMADA DE ÁGUA - FORNECIMENTO E INSTALAÇÃO. AF_12/2014","UN",43.01,"SINAPI","INSTALACOES HIDRO SANITARIAS","CONEXOES"]
[89518,"JOELHO 90 GRAUS, PVC, SERIE R, ÁGUA PLUVIAL, DN 50 MM, JUNTA ELÁSTICA, FORNECIDO E INSTALADO EM RAMAL DE ENCAMINHAMENTO. AF_12/2014","UN",8.92,"SINAPI","INSTALACOES HIDRO SANITARIAS","CONEXOES"]
[89519,"CURVA 45 GRAUS, PVC, SOLDÁVEL, DN 75MM, INSTALADO EM PRUMADA DE ÁGUA - FORNECIMENTO E INSTALAÇÃO. AF_12/2014","UN",29.74,"SINAPI","INSTALACOES HIDRO SANITARIAS","CONEXOES"]
[89520,"JOELHO 45 GRAUS, PVC, SERIE R, ÁGUA PLUVIAL, DN 50 MM, JUNTA ELÁSTICA, FORNECIDO E INSTALADO EM RAMAL DE ENCAMINHAMENTO. AF_12/2014","UN",7.97,"SINAPI","INSTALACOES HIDRO SANITARIAS","CONEXOES"]
[89521,"JOELHO 90 GRAUS, PVC, SOLDÁVEL, DN 85MM, INSTALADO EM PRUMADA DE ÁGUA - FORNECIMENTO E INSTALAÇÃO. AF_12/2014","UN",78.25,"SINAPI","INSTALACOES HIDRO SANITARIAS","CONEXOES"]
[89522,"JOELHO 90 GRAUS, PVC, SERIE R, ÁGUA PLUVIAL, DN 75 MM, JUNTA ELÁSTICA, FORNECIDO E INSTALADO EM RAMAL DE ENCAMINHAMENTO. AF_12/2014","UN",17.53,"SINAPI","INSTALACOES HIDRO SANITARIAS","CONEXOES"]
[89523,"JOELHO 45 GRAUS, PVC, SOLDÁVEL, DN 85MM, INSTALADO EM PRUMADA DE ÁGUA - FORNECIMENTO E INSTALAÇÃO. AF_12/2014","UN",59.64,"SINAPI","INSTALACOES HIDRO SANITARIAS","CONEXOES"]
[89524,"JOELHO 45 GRAUS, PVC, SERIE R, ÁGUA PLUVIAL, DN 75 MM, JUNTA ELÁSTICA, FORNECIDO E INSTALADO EM RAMAL DE ENCAMINHAMENTO. AF_12/2014","UN",15.69,"SINAPI","INSTALACOES HIDRO SANITARIAS","CONEXOES"]
[89525,"CURVA 90 GRAUS, PVC, SOLDÁVEL, DN 85MM, INSTALADO EM PRUMADA DE ÁGUA - FORNECIMENTO E INSTALAÇÃO. AF_12/2014","UN",58.69,"SINAPI","INSTALACOES HIDRO SANITARIAS","CONEXOES"]
[89526,"CURVA 87 GRAUS E 30 MINUTOS, PVC, SERIE R, ÁGUA PLUVIAL, DN 75 MM, JUNTA ELÁSTICA, FORNECIDO E INSTALADO EM RAMAL DE ENCAMINHAMENTO. AF_12/2014","UN",22.38,"SINAPI","INSTALACOES HIDRO SANITARIAS","CONEXOES"]
[89527,"CURVA 45 GRAUS, PVC, SOLDÁVEL, DN 85MM, INSTALADO EM PRUMADA DE ÁGUA - FORNECIMENTO E INSTALAÇÃO. AF_12/2014","UN",45.64,"SINAPI","INSTALACOES HIDRO SANITARIAS","CONEXOES"]
[89528,"LUVA, PVC, SOLDÁVEL, DN 25MM, INSTALADO EM PRUMADA DE ÁGUA - FORNECIMENTO E INSTALAÇÃO. AF_12/2014","UN",2.73,"SINAPI","INSTALACOES HIDRO SANITARIAS","CONEXOES"]
[89529,"JOELHO 90 GRAUS, PVC, SERIE R, ÁGUA PLUVIAL, DN 100 MM, JUNTA ELÁSTICA, FORNECIDO E INSTALADO EM RAMAL DE ENCAMINHAMENTO. AF_12/2014","UN",25.82,"SINAPI","INSTALACOES HIDRO SANITARIAS","CONEXOES"]
[89530,"LUVA DE CORRER, PVC, SOLDÁVEL, DN 25MM, INSTALADO EM PRUMADA DE ÁGUA - FORNECIMENTO E INSTALAÇÃO. AF_12/2014","UN",8.52,"SINAPI","INSTALACOES HIDRO SANITARIAS","CONEXOES"]
[89531,"JOELHO 45 GRAUS, PVC, SERIE R, ÁGUA PLUVIAL, DN 100 MM, JUNTA ELÁSTICA, FORNECIDO E INSTALADO EM RAMAL DE ENCAMINHAMENTO. AF_12/2014","UN",21.35,"SINAPI","INSTALACOES HIDRO SANITARIAS","CONEXOES"]
[89532,"LUVA DE REDUÇÃO, PVC, SOLDÁVEL, DN 32MM X 25MM, INSTALADO EM PRUMADA DE ÁGUA - FORNECIMENTO E INSTALAÇÃO. AF_12/2014","UN",4.51,"SINAPI","INSTALACOES HIDRO SANITARIAS","CONEXOES"]
[89533,"JOELHO 45 GRAUS PARA PÉ DE COLUNA, PVC, SERIE R, ÁGUA PLUVIAL, DN 100 MM, JUNTA ELÁSTICA, FORNECIDO E INSTALADO EM RAMAL DE ENCAMINHAMENTO. AF_12/2014","UN",21.35,"SINAPI","INSTALACOES HIDRO SANITARIAS","CONEXOES"]
[89534,"LUVA SOLDÁVEL E COM ROSCA, PVC, SOLDÁVEL, DN 25MM X 3/4\u0094, INSTALADO EM PRUMADA DE ÁGUA - FORNECIMENTO E INSTALAÇÃO. AF_12/2014","UN",3.25,"SINAPI","INSTALACOES HIDRO SANITARIAS","CONEXOES"]
[89535,"CURVA 87 GRAUS E 30 MINUTOS, PVC, SERIE R, ÁGUA PLUVIAL, DN 100 MM, JUNTA ELÁSTICA, FORNECIDO E INSTALADO EM RAMAL DE ENCAMINHAMENTO. AF_12/2014","UN",32.82,"SINAPI","INSTALACOES HIDRO SANITARIAS","CONEXOES"]
[89536,"UNIÃO, PVC, SOLDÁVEL, DN 25MM, INSTALADO EM PRUMADA DE ÁGUA - FORNECIMENTO E INSTALAÇÃO. AF_12/2014","UN",7.72,"SINAPI","INSTALACOES HIDRO SANITARIAS","CONEXOES"]
[89538,"ADAPTADOR CURTO COM BOLSA E ROSCA PARA REGISTRO, PVC, SOLDÁVEL, DN 25MM X 3/4\u0094, INSTALADO EM PRUMADA DE ÁGUA - FORNECIMENTO E INSTALAÇÃO. AF_12/2014","UN",2.79,"SINAPI","INSTALACOES HIDRO SANITARIAS","CONEXOES"]
[89540,"CURVA DE TRANSPOSIÇÃO, PVC, SOLDÁVEL, DN 25MM, INSTALADO EM PRUMADA DE ÁGUA  - FORNECIMENTO E INSTALAÇÃO. AF_12/2014","UN",6.49,"SINAPI","INSTALACOES HIDRO SANITARIAS","CONEXOES"]
[89541,"LUVA, PVC, SOLDÁVEL, DN 32MM, INSTALADO EM PRUMADA DE ÁGUA - FORNECIMENTO E INSTALAÇÃO. AF_12/2014","UN",4,"SINAPI","INSTALACOES HIDRO SANITARIAS","CONEXOES"]
[89542,"LUVA DE CORRER, PVC, SOLDÁVEL, DN 32MM, INSTALADO EM PRUMADA DE ÁGUA - FORNECIMENTO E INSTALAÇÃO. AF_12/2014","UN",17.809999999999999,"SINAPI","INSTALACOES HIDRO SANITARIAS","CONEXOES"]
[89544,"LUVA SIMPLES, PVC, SERIE R, ÁGUA PLUVIAL, DN 40 MM, JUNTA SOLDÁVEL, FORNECIDO E INSTALADO EM RAMAL DE ENCAMINHAMENTO. AF_12/2014","UN",5.51,"SINAPI","INSTALACOES HIDRO SANITARIAS","CONEXOES"]
[89545,"LUVA SIMPLES, PVC, SERIE R, ÁGUA PLUVIAL, DN 50 MM, JUNTA ELÁSTICA, FORNECIDO E INSTALADO EM RAMAL DE ENCAMINHAMENTO. AF_12/2014","UN",7.93,"SINAPI","INSTALACOES HIDRO SANITARIAS","CONEXOES"]
[89546,"BUCHA DE REDUÇÃO LONGA, PVC, SERIE R, ÁGUA PLUVIAL, DN 50 X 40 MM, JUNTA ELÁSTICA, FORNECIDO E INSTALADO EM RAMAL DE ENCAMINHAMENTO. AF_12/2014","UN",6.96,"SINAPI","INSTALACOES HIDRO SANITARIAS","CONEXOES"]
[89547,"LUVA SIMPLES, PVC, SERIE R, ÁGUA PLUVIAL, DN 75 MM, JUNTA ELÁSTICA, FORNECIDO E INSTALADO EM RAMAL DE ENCAMINHAMENTO. AF_12/2014","UN",11.96,"SINAPI","INSTALACOES HIDRO SANITARIAS","CONEXOES"]
[89548,"LUVA DE CORRER, PVC, SERIE R, ÁGUA PLUVIAL, DN 75 MM, JUNTA ELÁSTICA, FORNECIDO E INSTALADO EM RAMAL DE ENCAMINHAMENTO. AF_12/2014","UN",12.87,"SINAPI","INSTALACOES HIDRO SANITARIAS","CONEXOES"]
[89549,"REDUÇÃO EXCÊNTRICA, PVC, SERIE R, ÁGUA PLUVIAL, DN 75 X 50 MM, JUNTA ELÁSTICA, FORNECIDO E INSTALADO EM RAMAL DE ENCAMINHAMENTO. AF_12/2014","UN",9.51,"SINAPI","INSTALACOES HIDRO SANITARIAS","CONEXOES"]
[89550,"TÊ DE INSPEÇÃO, PVC, SERIE R, ÁGUA PLUVIAL, DN 75 MM, JUNTA ELÁSTICA, FORNECIDO E INSTALADO EM RAMAL DE ENCAMINHAMENTO. AF_12/2014","UN",21.98,"SINAPI","INSTALACOES HIDRO SANITARIAS","CONEXOES"]
[89551,"LUVA SOLDÁVEL E COM ROSCA, PVC, SOLDÁVEL, DN 32MM X 1\u0094, INSTALADO EM PRUMADA DE ÁGUA - FORNECIMENTO E INSTALAÇÃO. AF_12/2014","UN",6.1,"SINAPI","INSTALACOES HIDRO SANITARIAS","CONEXOES"]
[89552,"UNIÃO, PVC, SOLDÁVEL, DN 32MM, INSTALADO EM PRUMADA DE ÁGUA - FORNECIMENTO E INSTALAÇÃO. AF_12/2014","UN",11.79,"SINAPI","INSTALACOES HIDRO SANITARIAS","CONEXOES"]
[89553,"ADAPTADOR CURTO COM BOLSA E ROSCA PARA REGISTRO, PVC, SOLDÁVEL, DN 32MM X 1\u0094, INSTALADO EM PRUMADA DE ÁGUA - FORNECIMENTO E INSTALAÇÃO. AF_12/2014","UN",3.93,"SINAPI","INSTALACOES HIDRO SANITARIAS","CONEXOES"]
[89554,"LUVA SIMPLES, PVC, SERIE R, ÁGUA PLUVIAL, DN 100 MM, JUNTA ELÁSTICA, FORNECIDO E INSTALADO EM RAMAL DE ENCAMINHAMENTO. AF_12/2014","UN",14.84,"SINAPI","INSTALACOES HIDRO SANITARIAS","CONEXOES"]
[89555,"CURVA DE TRANSPOSIÇÃO, PVC, SOLDÁVEL, DN 32MM, INSTALADO EM PRUMADA DE ÁGUA   FORNECIMENTO E INSTALAÇÃO. AF_12/2014","UN",14.17,"SINAPI","INSTALACOES HIDRO SANITARIAS","CONEXOES"]
[89556,"LUVA DE CORRER, PVC, SERIE R, ÁGUA PLUVIAL, DN 100 MM, JUNTA ELÁSTICA, FORNECIDO E INSTALADO EM RAMAL DE ENCAMINHAMENTO. AF_12/2014","UN",21.09,"SINAPI","INSTALACOES HIDRO SANITARIAS","CONEXOES"]
[89557,"REDUÇÃO EXCÊNTRICA, PVC, SERIE R, ÁGUA PLUVIAL, DN 100 X 75 MM, JUNTA ELÁSTICA, FORNECIDO E INSTALADO EM RAMAL DE ENCAMINHAMENTO. AF_12/2014","UN",16.98,"SINAPI","INSTALACOES HIDRO SANITARIAS","CONEXOES"]
[89558,"LUVA, PVC, SOLDÁVEL, DN 40MM, INSTALADO EM PRUMADA DE ÁGUA - FORNECIMENTO E INSTALAÇÃO. AF_12/2014","UN",5.91,"SINAPI","INSTALACOES HIDRO SANITARIAS","CONEXOES"]
[89559,"TÊ DE INSPEÇÃO, PVC, SERIE R, ÁGUA PLUVIAL, DN 100 MM, JUNTA ELÁSTICA, FORNECIDO E INSTALADO EM RAMAL DE ENCAMINHAMENTO. AF_12/2014","UN",35.979999999999997,"SINAPI","INSTALACOES HIDRO SANITARIAS","CONEXOES"]
[89561,"JUNÇÃO SIMPLES, PVC, SERIE R, ÁGUA PLUVIAL, DN 40 MM, JUNTA SOLDÁVEL, FORNECIDO E INSTALADO EM RAMAL DE ENCAMINHAMENTO. AF_12/2014","UN",8.34,"SINAPI","INSTALACOES HIDRO SANITARIAS","CONEXOES"]
[89562,"LUVA DE REDUÇÃO, PVC, SOLDÁVEL, DN 40MM X 32MM, INSTALADO EM PRUMADA DE ÁGUA - FORNECIMENTO E INSTALAÇÃO. AF_12/2014","UN",6.25,"SINAPI","INSTALACOES HIDRO SANITARIAS","CONEXOES"]
[89563,"JUNÇÃO SIMPLES, PVC, SERIE R, ÁGUA PLUVIAL, DN 50 MM, JUNTA ELÁSTICA, FORNECIDO E INSTALADO EM RAMAL DE ENCAMINHAMENTO. AF_12/2014","UN",13.29,"SINAPI","INSTALACOES HIDRO SANITARIAS","CONEXOES"]
[89564,"LUVA COM ROSCA, PVC, SOLDÁVEL, DN 40MM X 1.1/4\u0094, INSTALADO EM PRUMADA DE ÁGUA - FORNECIMENTO E INSTALAÇÃO. AF_12/2014","UN",10.76,"SINAPI","INSTALACOES HIDRO SANITARIAS","CONEXOES"]
[89565,"JUNÇÃO SIMPLES, PVC, SERIE R, ÁGUA PLUVIAL, DN 75 X 75 MM, JUNTA ELÁSTICA, FORNECIDO E INSTALADO EM RAMAL DE ENCAMINHAMENTO. AF_12/2014","UN",31.25,"SINAPI","INSTALACOES HIDRO SANITARIAS","CONEXOES"]
[89566,"TÊ, PVC, SERIE R, ÁGUA PLUVIAL, DN 75 MM, JUNTA ELÁSTICA, FORNECIDO E INSTALADO EM RAMAL DE ENCAMINHAMENTO. AF_12/2014","UN",27.29,"SINAPI","INSTALACOES HIDRO SANITARIAS","CONEXOES"]
[89567,"JUNÇÃO SIMPLES, PVC, SERIE R, ÁGUA PLUVIAL, DN 100 X 100 MM, JUNTA ELÁSTICA, FORNECIDO E INSTALADO EM RAMAL DE ENCAMINHAMENTO. AF_12/2014","UN",45.92,"SINAPI","INSTALACOES HIDRO SANITARIAS","CONEXOES"]
[89568,"UNIÃO, PVC, SOLDÁVEL, DN 40MM, INSTALADO EM PRUMADA DE ÁGUA - FORNECIMENTO E INSTALAÇÃO. AF_12/2014","UN",20.99,"SINAPI","INSTALACOES HIDRO SANITARIAS","CONEXOES"]
[89569,"JUNÇÃO SIMPLES, PVC, SERIE R, ÁGUA PLUVIAL, DN 100 X 75 MM, JUNTA ELÁSTICA, FORNECIDO E INSTALADO EM RAMAL DE ENCAMINHAMENTO. AF_12/2014","UN",43.57,"SINAPI","INSTALACOES HIDRO SANITARIAS","CONEXOES"]
[89570,"ADAPTADOR CURTO COM BOLSA E ROSCA PARA REGISTRO, PVC, SOLDÁVEL, DN 40MM X 1.1/2\u0094, INSTALADO EM PRUMADA DE ÁGUA - FORNECIMENTO E INSTALAÇÃO. AF_12/2014","UN",7.83,"SINAPI","INSTALACOES HIDRO SANITARIAS","CONEXOES"]
[89571,"TÊ, PVC, SERIE R, ÁGUA PLUVIAL, DN 100 X 100 MM, JUNTA ELÁSTICA, FORNECIDO E INSTALADO EM RAMAL DE ENCAMINHAMENTO. AF_12/2014","UN",42.45,"SINAPI","INSTALACOES HIDRO SANITARIAS","CONEXOES"]
[89572,"ADAPTADOR CURTO COM BOLSA E ROSCA PARA REGISTRO, PVC, SOLDÁVEL, DN 40MM X 1.1/4\u0094, INSTALADO EM PRUMADA DE ÁGUA - FORNECIMENTO E INSTALAÇÃO. AF_12/2014","UN",5.64,"SINAPI","INSTALACOES HIDRO SANITARIAS","CONEXOES"]
[89573,"TÊ, PVC, SERIE R, ÁGUA PLUVIAL, DN 100 X 75 MM, JUNTA ELÁSTICA, FORNECIDO E INSTALADO EM RAMAL DE ENCAMINHAMENTO. AF_12/2014","UN",38.869999999999997,"SINAPI","INSTALACOES HIDRO SANITARIAS","CONEXOES"]
[89574,"JUNÇÃO DUPLA, PVC, SERIE R, ÁGUA PLUVIAL, DN 100 X 100 X 100 MM, JUNTA ELÁSTICA, FORNECIDO E INSTALADO EM RAMAL DE ENCAMINHAMENTO. AF_12/2014","UN",74.7,"SINAPI","INSTALACOES HIDRO SANITARIAS","CONEXOES"]
[89575,"LUVA, PVC, SOLDÁVEL, DN 50MM, INSTALADO EM PRUMADA DE ÁGUA - FORNECIMENTO E INSTALAÇÃO. AF_12/2014","UN",7.48,"SINAPI","INSTALACOES HIDRO SANITARIAS","CONEXOES"]
[89577,"LUVA DE CORRER, PVC, SOLDÁVEL, DN 50MM, INSTALADO EM PRUMADA DE ÁGUA - FORNECIMENTO E INSTALAÇÃO. AF_12/2014","UN",21.68,"SINAPI","INSTALACOES HIDRO SANITARIAS","CONEXOES"]
[89579,"LUVA DE REDUÇÃO, PVC, SOLDÁVEL, DN 50MM X 25MM, INSTALADO EM PRUMADA DE ÁGUA   FORNECIMENTO E INSTALAÇÃO. AF_12/2014","UN",7.64,"SINAPI","INSTALACOES HIDRO SANITARIAS","CONEXOES"]
[89581,"JOELHO 90 GRAUS, PVC, SERIE R, ÁGUA PLUVIAL, DN 75 MM, JUNTA ELÁSTICA, FORNECIDO E INSTALADO EM CONDUTORES VERTICAIS DE ÁGUAS PLUVIAIS. AF_12/2014","UN",15.95,"SINAPI","INSTALACOES HIDRO SANITARIAS","CONEXOES"]
[89582,"JOELHO 45 GRAUS, PVC, SERIE R, ÁGUA PLUVIAL, DN 75 MM, JUNTA ELÁSTICA, FORNECIDO E INSTALADO EM CONDUTORES VERTICAIS DE ÁGUAS PLUVIAIS. AF_12/2014","UN",14.11,"SINAPI","INSTALACOES HIDRO SANITARIAS","CONEXOES"]
[89583,"CURVA 87 GRAUS E 30 MINUTOS, PVC, SERIE R, ÁGUA PLUVIAL, DN 75 MM, JUNTA ELÁSTICA, FORNECIDO E INSTALADO EM CONDUTORES VERTICAIS DE ÁGUAS PLUVIAIS. AF_12/2014","UN",20.8,"SINAPI","INSTALACOES HIDRO SANITARIAS","CONEXOES"]
[89584,"JOELHO 90 GRAUS, PVC, SERIE R, ÁGUA PLUVIAL, DN 100 MM, JUNTA ELÁSTICA, FORNECIDO E INSTALADO EM CONDUTORES VERTICAIS DE ÁGUAS PLUVIAIS. AF_12/2014","UN",24.26,"SINAPI","INSTALACOES HIDRO SANITARIAS","CONEXOES"]
[89585,"JOELHO 45 GRAUS, PVC, SERIE R, ÁGUA PLUVIAL, DN 100 MM, JUNTA ELÁSTICA, FORNECIDO E INSTALADO EM CONDUTORES VERTICAIS DE ÁGUAS PLUVIAIS. AF_12/2014","UN",19.79,"SINAPI","INSTALACOES HIDRO SANITARIAS","CONEXOES"]
[89586,"JOELHO 45 GRAUS PARA PÉ DE COLUNA, PVC, SERIE R, ÁGUA PLUVIAL, DN 100 MM, JUNTA ELÁSTICA, FORNECIDO E INSTALADO EM CONDUTORES VERTICAIS DE ÁGUAS PLUVIAIS. AF_12/2014","UN",19.79,"SINAPI","INSTALACOES HIDRO SANITARIAS","CONEXOES"]
[89587,"CURVA 87 GRAUS E 30 MINUTOS, PVC, SERIE R, ÁGUA PLUVIAL, DN 100 MM, JUNTA ELÁSTICA, FORNECIDO E INSTALADO EM CONDUTORES VERTICAIS DE ÁGUAS PLUVIAIS. AF_12/2014","UN",31.26,"SINAPI","INSTALACOES HIDRO SANITARIAS","CONEXOES"]
[89590,"JOELHO 90 GRAUS, PVC, SERIE R, ÁGUA PLUVIAL, DN 150 MM, JUNTA ELÁSTICA, FORNECIDO E INSTALADO EM CONDUTORES VERTICAIS DE ÁGUAS PLUVIAIS. AF_12/2014","UN",74.709999999999994,"SINAPI","INSTALACOES HIDRO SANITARIAS","CONEXOES"]
[89591,"JOELHO 45 GRAUS, PVC, SERIE R, ÁGUA PLUVIAL, DN 150 MM, JUNTA ELÁSTICA, FORNECIDO E INSTALADO EM CONDUTORES VERTICAIS DE ÁGUAS PLUVIAIS. AF_12/2014","UN",61.88,"SINAPI","INSTALACOES HIDRO SANITARIAS","CONEXOES"]
[89592,"CURVA 87 GRAUS E 30 MINUTOS, PVC, SERIE R, ÁGUA PLUVIAL, DN 150 MM, JUNTA ELÁSTICA, FORNECIDO E INSTALADO EM CONDUTORES VERTICAIS DE ÁGUAS PLUVIAIS. AF_12/2014","UN",99.18,"SINAPI","INSTALACOES HIDRO SANITARIAS","CONEXOES"]
[89593,"LUVA COM ROSCA, PVC, SOLDÁVEL, DN 50MM X 1.1/2\u0094, INSTALADO EM PRUMADA DE ÁGUA - FORNECIMENTO E INSTALAÇÃO. AF_12/2014","UN",19.72,"SINAPI","INSTALACOES HIDRO SANITARIAS","CONEXOES"]
[89594,"UNIÃO, PVC, SOLDÁVEL, DN 50MM, INSTALADO EM PRUMADA DE ÁGUA - FORNECIMENTO E INSTALAÇÃO. AF_12/2014","UN",23.58,"SINAPI","INSTALACOES HIDRO SANITARIAS","CONEXOES"]
[89595,"ADAPTADOR CURTO COM BOLSA E ROSCA PARA REGISTRO, PVC, SOLDÁVEL, DN 50MM X 1.1/4\u0094, INSTALADO EM PRUMADA DE ÁGUA - FORNECIMENTO E INSTALAÇÃO. AF_12/2014","UN",9.64,"SINAPI","INSTALACOES HIDRO SANITARIAS","CONEXOES"]
[89596,"ADAPTADOR CURTO COM BOLSA E ROSCA PARA REGISTRO, PVC, SOLDÁVEL, DN 50MM X 1.1/2\u0094, INSTALADO EM PRUMADA DE ÁGUA - FORNECIMENTO E INSTALAÇÃO. AF_12/2014","UN",7.37,"SINAPI","INSTALACOES HIDRO SANITARIAS","CONEXOES"]
[89597,"LUVA, PVC, SOLDÁVEL, DN 60MM, INSTALADO EM PRUMADA DE ÁGUA - FORNECIMENTO E INSTALAÇÃO. AF_12/2014","UN",13.16,"SINAPI","INSTALACOES HIDRO SANITARIAS","CONEXOES"]
[89598,"LUVA DE CORRER, PVC, SOLDÁVEL, DN 60MM, INSTALADO EM PRUMADA DE ÁGUA   FORNECIMENTO E INSTALAÇÃO. AF_12/2014","UN",32.4,"SINAPI","INSTALACOES HIDRO SANITARIAS","CONEXOES"]
[89599,"LUVA SIMPLES, PVC, SERIE R, ÁGUA PLUVIAL, DN 75 MM, JUNTA ELÁSTICA, FORNECIDO E INSTALADO EM CONDUTORES VERTICAIS DE ÁGUAS PLUVIAIS. AF_12/2014","UN",10.78,"SINAPI","INSTALACOES HIDRO SANITARIAS","CONEXOES"]
[89600,"LUVA DE CORRER, PVC, SERIE R, ÁGUA PLUVIAL, DN 75 MM, JUNTA ELÁSTICA, FORNECIDO E INSTALADO EM CONDUTORES VERTICAIS DE ÁGUAS PLUVIAIS. AF_12/2014","UN",11.69,"SINAPI","INSTALACOES HIDRO SANITARIAS","CONEXOES"]
[89605,"LUVA DE REDUÇÃO, PVC, SOLDÁVEL, DN 60MM X 50MM, INSTALADO EM PRUMADA DE ÁGUA - FORNECIMENTO E INSTALAÇÃO. AF_12/2014","UN",12.88,"SINAPI","INSTALACOES HIDRO SANITARIAS","CONEXOES"]
[89609,"UNIÃO, PVC, SOLDÁVEL, DN 60MM, INSTALADO EM PRUMADA DE ÁGUA - FORNECIMENTO E INSTALAÇÃO. AF_12/2014","UN",53.45,"SINAPI","INSTALACOES HIDRO SANITARIAS","CONEXOES"]
[89610,"ADAPTADOR CURTO COM BOLSA E ROSCA PARA REGISTRO, PVC, SOLDÁVEL, DN 60MM X 2\u0094, INSTALADO EM PRUMADA DE ÁGUA - FORNECIMENTO E INSTALAÇÃO. AF_12/2014","UN",13.17,"SINAPI","INSTALACOES HIDRO SANITARIAS","CONEXOES"]
[89611,"LUVA, PVC, SOLDÁVEL, DN 75MM, INSTALADO EM PRUMADA DE ÁGUA - FORNECIMENTO E INSTALAÇÃO. AF_12/2014","UN",21.08,"SINAPI","INSTALACOES HIDRO SANITARIAS","CONEXOES"]
[89612,"UNIÃO, PVC, SOLDÁVEL, DN 75MM, INSTALADO EM PRUMADA DE ÁGUA - FORNECIMENTO E INSTALAÇÃO. AF_12/2014","UN",104.42,"SINAPI","INSTALACOES HIDRO SANITARIAS","CONEXOES"]
[89613,"ADAPTADOR CURTO COM BOLSA E ROSCA PARA REGISTRO, PVC, SOLDÁVEL, DN 75MM X 2.1/2\u0094, INSTALADO EM PRUMADA DE ÁGUA - FORNECIMENTO E INSTALAÇÃO. AF_12/2014","UN",19,"SINAPI","INSTALACOES HIDRO SANITARIAS","CONEXOES"]
[89614,"LUVA, PVC, SOLDÁVEL, DN 85MM, INSTALADO EM PRUMADA DE ÁGUA - FORNECIMENTO E INSTALAÇÃO. AF_12/2014","UN",38.76,"SINAPI","INSTALACOES HIDRO SANITARIAS","CONEXOES"]
[89615,"UNIÃO, PVC, SOLDÁVEL, DN 85MM, INSTALADO EM PRUMADA DE ÁGUA - FORNECIMENTO E INSTALAÇÃO. AF_12/2014","UN",157.28,"SINAPI","INSTALACOES HIDRO SANITARIAS","CONEXOES"]
[89616,"ADAPTADOR CURTO COM BOLSA E ROSCA PARA REGISTRO, PVC, SOLDÁVEL, DN 85MM X 3\u0094, INSTALADO EM PRUMADA DE ÁGUA - FORNECIMENTO E INSTALAÇÃO. AF_12/2014","UN",27.06,"SINAPI","INSTALACOES HIDRO SANITARIAS","CONEXOES"]
[89617,"TE, PVC, SOLDÁVEL, DN 25MM, INSTALADO EM PRUMADA DE ÁGUA - FORNECIMENTO E INSTALAÇÃO. AF_12/2014","UN",4.96,"SINAPI","INSTALACOES HIDRO SANITARIAS","CONEXOES"]
[89618,"TÊ COM BUCHA DE LATÃO NA BOLSA CENTRAL, PVC, SOLDÁVEL, DN 25MM X 1/2\u0094, INSTALADO EM PRUMADA DE ÁGUA - FORNECIMENTO E INSTALAÇÃO. AF_12/2014","UN",9.6,"SINAPI","INSTALACOES HIDRO SANITARIAS","CONEXOES"]
[89619,"TÊ DE REDUÇÃO, PVC, SOLDÁVEL, DN 25MM X 20MM, INSTALADO EM PRUMADA DE ÁGUA - FORNECIMENTO E INSTALAÇÃO. AF_12/2014","UN",6.2,"SINAPI","INSTALACOES HIDRO SANITARIAS","CONEXOES"]
[89620,"TE, PVC, SOLDÁVEL, DN 32MM, INSTALADO EM PRUMADA DE ÁGUA - FORNECIMENTO E INSTALAÇÃO. AF_12/2014","UN",7.81,"SINAPI","INSTALACOES HIDRO SANITARIAS","CONEXOES"]
[89621,"TÊ COM BUCHA DE LATÃO NA BOLSA CENTRAL, PVC, SOLDÁVEL, DN 32MM X 3/4\u0094, INSTALADO EM PRUMADA DE ÁGUA - FORNECIMENTO E INSTALAÇÃO. AF_12/2014","UN",15.69,"SINAPI","INSTALACOES HIDRO SANITARIAS","CONEXOES"]
[89622,"TÊ DE REDUÇÃO, PVC, SOLDÁVEL, DN 32MM X 25MM, INSTALADO EM PRUMADA DE ÁGUA - FORNECIMENTO E INSTALAÇÃO. AF_12/2014","UN",9.0399999999999991,"SINAPI","INSTALACOES HIDRO SANITARIAS","CONEXOES"]
[89623,"TE, PVC, SOLDÁVEL, DN 40MM, INSTALADO EM PRUMADA DE ÁGUA - FORNECIMENTO E INSTALAÇÃO. AF_12/2014","UN",12.02,"SINAPI","INSTALACOES HIDRO SANITARIAS","CONEXOES"]
[89624,"TÊ DE REDUÇÃO, PVC, SOLDÁVEL, DN 40MM X 32MM, INSTALADO EM PRUMADA DE ÁGUA - FORNECIMENTO E INSTALAÇÃO. AF_12/2014","UN",12.64,"SINAPI","INSTALACOES HIDRO SANITARIAS","CONEXOES"]
[89625,"TE, PVC, SOLDÁVEL, DN 50MM, INSTALADO EM PRUMADA DE ÁGUA - FORNECIMENTO E INSTALAÇÃO. AF_12/2014","UN",14.56,"SINAPI","INSTALACOES HIDRO SANITARIAS","CONEXOES"]
[89626,"TÊ DE REDUÇÃO, PVC, SOLDÁVEL, DN 50MM X 40MM, INSTALADO EM PRUMADA DE ÁGUA - FORNECIMENTO E INSTALAÇÃO. AF_12/2014","UN",19.329999999999998,"SINAPI","INSTALACOES HIDRO SANITARIAS","CONEXOES"]
[89627,"TÊ DE REDUÇÃO, PVC, SOLDÁVEL, DN 50MM X 25MM, INSTALADO EM PRUMADA DE ÁGUA - FORNECIMENTO E INSTALAÇÃO. AF_12/2014","UN",13.84,"SINAPI","INSTALACOES HIDRO SANITARIAS","CONEXOES"]
[89628,"TE, PVC, SOLDÁVEL, DN 60MM, INSTALADO EM PRUMADA DE ÁGUA - FORNECIMENTO E INSTALAÇÃO. AF_12/2014","UN",28.82,"SINAPI","INSTALACOES HIDRO SANITARIAS","CONEXOES"]
[89629,"TE, PVC, SOLDÁVEL, DN 75MM, INSTALADO EM PRUMADA DE ÁGUA - FORNECIMENTO E INSTALAÇÃO. AF_12/2014","UN",51.5,"SINAPI","INSTALACOES HIDRO SANITARIAS","CONEXOES"]
[89630,"TE DE REDUÇÃO, PVC, SOLDÁVEL, DN 75MM X 50MM, INSTALADO EM PRUMADA DE ÁGUA - FORNECIMENTO E INSTALAÇÃO. AF_12/2014","UN",45,"SINAPI","INSTALACOES HIDRO SANITARIAS","CONEXOES"]
[89631,"TE, PVC, SOLDÁVEL, DN 85MM, INSTALADO EM PRUMADA DE ÁGUA - FORNECIMENTO E INSTALAÇÃO. AF_12/2014","UN",77.25,"SINAPI","INSTALACOES HIDRO SANITARIAS","CONEXOES"]
[89632,"TE DE REDUÇÃO, PVC, SOLDÁVEL, DN 85MM X 60MM, INSTALADO EM PRUMADA DE ÁGUA - FORNECIMENTO E INSTALAÇÃO. AF_12/2014","UN",63.94,"SINAPI","INSTALACOES HIDRO SANITARIAS","CONEXOES"]
[89637,"JOELHO 90 GRAUS, CPVC, SOLDÁVEL, DN 15MM, INSTALADO EM RAMAL OU SUB-RAMAL DE ÁGUA - FORNECIMENTO E INSTALAÇÃO. AF_12/2014","UN",7,"SINAPI","INSTALACOES HIDRO SANITARIAS","CONEXOES"]
[89638,"JOELHO 45 GRAUS, CPVC, SOLDÁVEL, DN 15MM, INSTALADO EM RAMAL OU SUB-RAMAL DE ÁGUA - FORNECIMENTO E INSTALAÇÃO. AF_12/2014","UN",7.64,"SINAPI","INSTALACOES HIDRO SANITARIAS","CONEXOES"]
[89639,"CURVA 90 GRAUS, CPVC, SOLDÁVEL, DN 15MM, INSTALADO EM RAMAL OU SUB-RAMAL DE ÁGUA - FORNECIMENTO E INSTALAÇÃO. AF_12/2014","UN",7.9,"SINAPI","INSTALACOES HIDRO SANITARIAS","CONEXOES"]
[89640,"JOELHO DE TRANSIÇÃO, 90 GRAUS, CPVC, SOLDÁVEL, DN 15MM X 1/2\", INSTALADO EM RAMAL OU SUB-RAMAL DE ÁGUA - FORNECIMENTO E INSTALAÇÃO. AF_12/2014","UN",11.75,"SINAPI","INSTALACOES HIDRO SANITARIAS","CONEXOES"]
[89641,"JOELHO 90 GRAUS, CPVC, SOLDÁVEL, DN 22MM, INSTALADO EM RAMAL OU SUB-RAMAL DE ÁGUA - FORNECIMENTO E INSTALAÇÃO. AF_12/2014","UN",9.68,"SINAPI","INSTALACOES HIDRO SANITARIAS","CONEXOES"]
[89642,"JOELHO 45 GRAUS, CPVC, SOLDÁVEL, DN 22MM, INSTALADO EM RAMAL OU SUB-RAMAL DE ÁGUA - FORNECIMENTO E INSTALAÇÃO. AF_12/2014","UN",10.92,"SINAPI","INSTALACOES HIDRO SANITARIAS","CONEXOES"]
[89643,"CURVA 90 GRAUS, CPVC, SOLDÁVEL, DN 22MM, INSTALADO EM RAMAL OU SUB-RAMAL DE ÁGUA - FORNECIMENTO E INSTALAÇÃO. AF_12/2014","UN",11.33,"SINAPI","INSTALACOES HIDRO SANITARIAS","CONEXOES"]
[89644,"JOELHO DE TRANSIÇÃO, 90 GRAUS, CPVC, SOLDÁVEL, DN 22MM X 1/2\", INSTALADO EM RAMAL OU SUB-RAMAL DE ÁGUA - FORNECIMENTO E INSTALAÇÃO. AF_12/2014","UN",17.21,"SINAPI","INSTALACOES HIDRO SANITARIAS","CONEXOES"]
[89645,"JOELHO DE TRANSIÇÃO, 90 GRAUS, CPVC, SOLDÁVEL, DN 22MM X 3/4\", INSTALADO EM RAMAL OU SUB-RAMAL DE ÁGUA - FORNECIMENTO E INSTALAÇÃO. AF_12/2014","UN",18.670000000000002,"SINAPI","INSTALACOES HIDRO SANITARIAS","CONEXOES"]
[89646,"JOELHO 90 GRAUS, CPVC, SOLDÁVEL, DN 28MM, INSTALADO EM RAMAL OU SUB-RAMAL DE ÁGUA - FORNECIMENTO E INSTALAÇÃO. AF_12/2014","UN",14.5,"SINAPI","INSTALACOES HIDRO SANITARIAS","CONEXOES"]
[89647,"JOELHO 45 GRAUS, CPVC, SOLDÁVEL, DN 28MM, INSTALADO EM RAMAL OU SUB-RAMAL DE ÁGUA \u0096 FORNECIMENTO E INSTALAÇÃO. AF_12/2014","UN",14.21,"SINAPI","INSTALACOES HIDRO SANITARIAS","CONEXOES"]
[89648,"CURVA 90 GRAUS, CPVC, SOLDÁVEL, DN 28MM, INSTALADO EM RAMAL OU SUB-RAMAL DE ÁGUA \u0096 FORNECIMENTO E INSTALAÇÃO. AF_12/2014","UN",15.54,"SINAPI","INSTALACOES HIDRO SANITARIAS","CONEXOES"]
[89649,"JOELHO 90 GRAUS, CPVC, SOLDÁVEL, DN 35MM, INSTALADO EM RAMAL OU SUB-RAMAL DE ÁGUA \u0096 FORNECIMENTO E INSTALAÇÃO. AF_12/2014","UN",20.89,"SINAPI","INSTALACOES HIDRO SANITARIAS","CONEXOES"]
[89650,"JOELHO 45 GRAUS, CPVC, SOLDÁVEL, DN 35MM, INSTALADO EM RAMAL OU SUB-RAMAL DE ÁGUA \u0096 FORNECIMENTO E INSTALAÇÃO. AF_12/2014","UN",20.89,"SINAPI","INSTALACOES HIDRO SANITARIAS","CONEXOES"]
[89651,"LUVA, CPVC, SOLDÁVEL, DN 15MM, INSTALADO EM RAMAL OU SUB-RAMAL DE ÁGUA - FORNECIMENTO E INSTALAÇÃO. AF_12/2014","UN",4.76,"SINAPI","INSTALACOES HIDRO SANITARIAS","CONEXOES"]
[89652,"LUVA DE CORRER, CPVC, SOLDÁVEL, DN 15MM, INSTALADO EM RAMAL OU SUB-RAMAL DE ÁGUA \u0096 FORNECIMENTO E INSTALAÇÃO. AF_12/2014","UN",7.61,"SINAPI","INSTALACOES HIDRO SANITARIAS","CONEXOES"]
[89653,"LUVA DE TRANSIÇÃO, CPVC, SOLDÁVEL, DN15MM X 1/2\", INSTALADO EM RAMAL OU SUB-RAMAL DE ÁGUA - FORNECIMENTO E INSTALAÇÃO. AF_12/2014","UN",11.99,"SINAPI","INSTALACOES HIDRO SANITARIAS","CONEXOES"]
[89654,"UNIÃO, CPVC, SOLDÁVEL, DN15MM, INSTALADO EM RAMAL OU SUB-RAMAL DE ÁGUA \u0096 FORNECIMENTO E INSTALAÇÃO. AF_12/2014","UN",11.7,"SINAPI","INSTALACOES HIDRO SANITARIAS","CONEXOES"]
[89655,"CONECTOR, CPVC, SOLDÁVEL, DN 15MM X 1/2\u0094, INSTALADO EM RAMAL OU SUB-RAMAL DE ÁGUA \u0096 FORNECIMENTO E INSTALAÇÃO. AF_12/2014","UN",17.05,"SINAPI","INSTALACOES HIDRO SANITARIAS","CONEXOES"]
[89656,"ADAPTADOR, CPVC, SOLDÁVEL, DN15MM, INSTALADO EM RAMAL OU SUB-RAMAL DE ÁGUA \u0096 FORNECIMENTO E INSTALAÇÃO. AF_12/2014","UN",8.06,"SINAPI","INSTALACOES HIDRO SANITARIAS","CONEXOES"]
[89657,"CURVA DE TRANSPOSIÇÃO, CPVC, SOLDÁVEL, DN15MM, INSTALADO EM RAMAL OU SUB-RAMAL DE ÁGUA \u0096 FORNECIMENTO E INSTALAÇÃO. AF_12/2014","UN",8.2100000000000009,"SINAPI","INSTALACOES HIDRO SANITARIAS","CONEXOES"]
[89658,"LUVA, CPVC, SOLDÁVEL, DN 22MM, INSTALADO EM RAMAL OU SUB-RAMAL DE ÁGUA \u0096 FORNECIMENTO E INSTALAÇÃO. AF_12/2014","UN",6.46,"SINAPI","INSTALACOES HIDRO SANITARIAS","CONEXOES"]
[89659,"LUVA DE CORRER, CPVC, SOLDÁVEL, DN 22MM, INSTALADO EM RAMAL OU SUB-RAMAL DE ÁGUA \u0096 FORNECIMENTO E INSTALAÇÃO. AF_12/2014","UN",10.82,"SINAPI","INSTALACOES HIDRO SANITARIAS","CONEXOES"]
[89660,"LUVA DE TRANSIÇÃO, CPVC, SOLDÁVEL, DN22MM X 25MM, INSTALADO EM RAMAL OU SUB-RAMAL DE ÁGUA - FORNECIMENTO E INSTALAÇÃO. AF_12/2014","UN",6.08,"SINAPI","INSTALACOES HIDRO SANITARIAS","CONEXOES"]
[89661,"UNIÃO, CPVC, SOLDÁVEL, DN22MM, INSTALADO EM RAMAL OU SUB-RAMAL DE ÁGUA \u0096 FORNECIMENTO E INSTALAÇÃO. AF_12/2014","UN",14.14,"SINAPI","INSTALACOES HIDRO SANITARIAS","CONEXOES"]
[89662,"CONECTOR, CPVC, SOLDÁVEL, DN 22MM X 1/2\u0094, INSTALADO EM RAMAL OU SUB-RAMAL DE ÁGUA \u0096 FORNECIMENTO E INSTALAÇÃO. AF_12/2014","UN",21.24,"SINAPI","INSTALACOES HIDRO SANITARIAS","CONEXOES"]
[89663,"ADAPTADOR, CPVC, SOLDÁVEL, DN22MM, INSTALADO EM RAMAL OU SUB-RAMAL DE ÁGUA \u0096 FORNECIMENTO E INSTALAÇÃO. AF_12/2014","UN",9.34,"SINAPI","INSTALACOES HIDRO SANITARIAS","CONEXOES"]
[89664,"CURVA DE TRANSPOSIÇÃO, CPVC, SOLDÁVEL, DN22MM, INSTALADO EM RAMAL OU SUB-RAMAL DE ÁGUA \u0096 FORNECIMENTO E INSTALAÇÃO. AF_12/2014","UN",10.82,"SINAPI","INSTALACOES HIDRO SANITARIAS","CONEXOES"]
[89665,"REDUÇÃO EXCÊNTRICA, PVC, SERIE R, ÁGUA PLUVIAL, DN 75 X 50 MM, JUNTA ELÁSTICA, FORNECIDO E INSTALADO EM CONDUTORES VERTICAIS DE ÁGUAS PLUVIAIS. AF_12/2014","UN",8.33,"SINAPI","INSTALACOES HIDRO SANITARIAS","CONEXOES"]
[89666,"BUCHA DE REDUÇÃO, CPVC, SOLDÁVEL, DN22MM X 15MM, INSTALADO EM RAMAL OU SUB-RAMAL DE ÁGUA \u0096 FORNECIMENTO E INSTALAÇÃO. AF_12/2014","UN",5.43,"SINAPI","INSTALACOES HIDRO SANITARIAS","CONEXOES"]
[89667,"TÊ DE INSPEÇÃO, PVC, SERIE R, ÁGUA PLUVIAL, DN 75 MM, JUNTA ELÁSTICA, FORNECIDO E INSTALADO EM CONDUTORES VERTICAIS DE ÁGUAS PLUVIAIS. AF_12/2014","UN",20.8,"SINAPI","INSTALACOES HIDRO SANITARIAS","CONEXOES"]
[89668,"CONECTOR, CPVC, SOLDÁVEL, DN22MM X 3/4\", INSTALADO EM RAMAL OU SUB-RAMAL DE ÁGUA - FORNECIMENTO E INSTALAÇÃO. AF_12/2014","UN",20.190000000000001,"SINAPI","INSTALACOES HIDRO SANITARIAS","CONEXOES"]
[89669,"LUVA SIMPLES, PVC, SERIE R, ÁGUA PLUVIAL, DN 100 MM, JUNTA ELÁSTICA, FORNECIDO E INSTALADO EM CONDUTORES VERTICAIS DE ÁGUAS PLUVIAIS. AF_12/2014","UN",13.86,"SINAPI","INSTALACOES HIDRO SANITARIAS","CONEXOES"]
[89670,"LUVA, CPVC, SOLDÁVEL, DN 28MM, INSTALADO EM RAMAL OU SUB-RAMAL DE ÁGUA \u0096 FORNECIMENTO E INSTALAÇÃO. AF_12/2014","UN",9.2799999999999994,"SINAPI","INSTALACOES HIDRO SANITARIAS","CONEXOES"]
[89671,"LUVA DE CORRER, PVC, SERIE R, ÁGUA PLUVIAL, DN 100 MM, JUNTA ELÁSTICA, FORNECIDO E INSTALADO EM CONDUTORES VERTICAIS DE ÁGUAS PLUVIAIS. AF_12/2014","UN",20.11,"SINAPI","INSTALACOES HIDRO SANITARIAS","CONEXOES"]
[89672,"LUVA DE CORRER, CPVC, SOLDÁVEL, DN 28MM, INSTALADO EM RAMAL OU SUB-RAMAL DE ÁGUA \u0096 FORNECIMENTO E INSTALAÇÃO. AF_12/2014","UN",14.27,"SINAPI","INSTALACOES HIDRO SANITARIAS","CONEXOES"]
[89673,"REDUÇÃO EXCÊNTRICA, PVC, SERIE R, ÁGUA PLUVIAL, DN 100 X 75 MM, JUNTA ELÁSTICA, FORNECIDO E INSTALADO EM CONDUTORES VERTICAIS DE ÁGUAS PLUVIAIS. AF_12/2014","UN",16,"SINAPI","INSTALACOES HIDRO SANITARIAS","CONEXOES"]
[89674,"UNIÃO, CPVC, SOLDÁVEL, DN28MM, INSTALADO EM RAMAL OU SUB-RAMAL DE ÁGUA \u0096 FORNECIMENTO E INSTALAÇÃO. AF_12/2014","UN",20.63,"SINAPI","INSTALACOES HIDRO SANITARIAS","CONEXOES"]
[89675,"TÊ DE INSPEÇÃO, PVC, SERIE R, ÁGUA PLUVIAL, DN 100 MM, JUNTA ELÁSTICA, FORNECIDO E INSTALADO EM CONDUTORES VERTICAIS DE ÁGUAS PLUVIAIS. AF_12/2014","UN",35,"SINAPI","INSTALACOES HIDRO SANITARIAS","CONEXOES"]
[89676,"CONECTOR, CPVC, SOLDÁVEL, DN 28MM X 1\u0094, INSTALADO EM RAMAL OU SUB-RAMAL DE ÁGUA \u0096 FORNECIMENTO E INSTALAÇÃO. AF_12/2014","UN",31.01,"SINAPI","INSTALACOES HIDRO SANITARIAS","CONEXOES"]
[89677,"LUVA SIMPLES, PVC, SERIE R, ÁGUA PLUVIAL, DN 150 MM, JUNTA ELÁSTICA, FORNECIDO E INSTALADO EM CONDUTORES VERTICAIS DE ÁGUAS PLUVIAIS. AF_12/2014","UN",38.92,"SINAPI","INSTALACOES HIDRO SANITARIAS","CONEXOES"]
[89678,"BUCHA DE REDUÇÃO, CPVC, SOLDÁVEL, DN28MM X 22MM, INSTALADO EM RAMAL OU SUB-RAMAL DE ÁGUA \u0096 FORNECIMENTO E INSTALAÇÃO. AF_12/2014","UN",7.06,"SINAPI","INSTALACOES HIDRO SANITARIAS","CONEXOES"]
[89679,"LUVA DE CORRER, PVC, SERIE R, ÁGUA PLUVIAL, DN 150 MM, JUNTA ELÁSTICA, FORNECIDO E INSTALADO EM CONDUTORES VERTICAIS DE ÁGUAS PLUVIAIS. AF_12/2014","UN",61.22,"SINAPI","INSTALACOES HIDRO SANITARIAS","CONEXOES"]
[89680,"LUVA, CPVC, SOLDÁVEL, DN 35MM, INSTALADO EM RAMAL OU SUB-RAMAL DE ÁGUA \u0096 FORNECIMENTO E INSTALAÇÃO. AF_12/2014","UN",14.15,"SINAPI","INSTALACOES HIDRO SANITARIAS","CONEXOES"]
[89681,"REDUÇÃO EXCÊNTRICA, PVC, SERIE R, ÁGUA PLUVIAL, DN 150 X 100 MM, JUNTA ELÁSTICA, FORNECIDO E INSTALADO EM CONDUTORES VERTICAIS DE ÁGUAS PLUVIAIS. AF_12/2014","UN",42.87,"SINAPI","INSTALACOES HIDRO SANITARIAS","CONEXOES"]
[89682,"LUVA DE CORRER, CPVC, SOLDÁVEL, DN 35MM, INSTALADO EM RAMAL OU SUB-RAMAL DE ÁGUA \u0096 FORNECIMENTO E INSTALAÇÃO. AF_12/2014","UN",21.61,"SINAPI","INSTALACOES HIDRO SANITARIAS","CONEXOES"]
[89684,"UNIÃO, CPVC, SOLDÁVEL, DN35MM, INSTALADO EM RAMAL OU SUB-RAMAL DE ÁGUA \u0096 FORNECIMENTO E INSTALAÇÃO. AF_12/2014","UN",29.61,"SINAPI","INSTALACOES HIDRO SANITARIAS","CONEXOES"]
[89685,"JUNÇÃO SIMPLES, PVC, SERIE R, ÁGUA PLUVIAL, DN 75 X 75 MM, JUNTA ELÁSTICA, FORNECIDO E INSTALADO EM CONDUTORES VERTICAIS DE ÁGUAS PLUVIAIS. AF_12/2014","UN",29.09,"SINAPI","INSTALACOES HIDRO SANITARIAS","CONEXOES"]
[89686,"CONECTOR, CPVC, SOLDÁVEL, DN 35MM X 1 1/4\u0094, INSTALADO EM RAMAL OU SUB-RAMAL DE ÁGUA \u0096 FORNECIMENTO E INSTALAÇÃO. AF_12/2014","UN",108.74,"SINAPI","INSTALACOES HIDRO SANITARIAS","CONEXOES"]
[89687,"TÊ, PVC, SERIE R, ÁGUA PLUVIAL, DN 75 X 75 MM, JUNTA ELÁSTICA, FORNECIDO E INSTALADO EM CONDUTORES VERTICAIS DE ÁGUAS PLUVIAIS. AF_12/2014","UN",25.13,"SINAPI","INSTALACOES HIDRO SANITARIAS","CONEXOES"]
[89689,"BUCHA DE REDUÇÃO, CPVC, SOLDÁVEL, DN35MM X 28MM, INSTALADO EM RAMAL OU SUB-RAMAL DE ÁGUA \u0096 FORNECIMENTO E INSTALAÇÃO. AF_12/2014","UN",23.21,"SINAPI","INSTALACOES HIDRO SANITARIAS","CONEXOES"]
[89690,"JUNÇÃO SIMPLES, PVC, SERIE R, ÁGUA PLUVIAL, DN 100 X 100 MM, JUNTA ELÁSTICA, FORNECIDO E INSTALADO EM CONDUTORES VERTICAIS DE ÁGUAS PLUVIAIS. AF_12/2014","UN",43.77,"SINAPI","INSTALACOES HIDRO SANITARIAS","CONEXOES"]
[89691,"TE, CPVC, SOLDÁVEL, DN 15MM, INSTALADO EM RAMAL OU SUB-RAMAL DE ÁGUA - FORNECIMENTO E INSTALAÇÃO. AF_12/2014","UN",9.06,"SINAPI","INSTALACOES HIDRO SANITARIAS","CONEXOES"]
[89692,"JUNÇÃO SIMPLES, PVC, SERIE R, ÁGUA PLUVIAL, DN 100 X 75 MM, JUNTA ELÁSTICA, FORNECIDO E INSTALADO EM CONDUTORES VERTICAIS DE ÁGUAS PLUVIAIS. AF_12/2014","UN",41.42,"SINAPI","INSTALACOES HIDRO SANITARIAS","CONEXOES"]
[89693,"TÊ, PVC, SERIE R, ÁGUA PLUVIAL, DN 100 X 100 MM, JUNTA ELÁSTICA, FORNECIDO E INSTALADO EM CONDUTORES VERTICAIS DE ÁGUAS PLUVIAIS. AF_12/2014","UN",40.299999999999997,"SINAPI","INSTALACOES HIDRO SANITARIAS","CONEXOES"]
[89694,"TE DE TRANSIÇÃO, CPVC, SOLDÁVEL, DN 15MM X 1/2\u0094, INSTALADO EM RAMAL OU SUB-RAMAL DE ÁGUA \u0096 FORNECIMENTO E INSTALAÇÃO. AF_12/2014","UN",13.94,"SINAPI","INSTALACOES HIDRO SANITARIAS","CONEXOES"]
[89695,"TÊ MISTURADOR, CPVC, SOLDÁVEL, DN15MM, INSTALADO EM RAMAL OU SUB-RAMAL DE ÁGUA \u0096 FORNECIMENTO E INSTALAÇÃO. AF_12/2014","UN",13.02,"SINAPI","INSTALACOES HIDRO SANITARIAS","CONEXOES"]
[89696,"TÊ, PVC, SERIE R, ÁGUA PLUVIAL, DN 100 X 75 MM, JUNTA ELÁSTICA, FORNECIDO E INSTALADO EM CONDUTORES VERTICAIS DE ÁGUAS PLUVIAIS. AF_12/2014","UN",36.72,"SINAPI","INSTALACOES HIDRO SANITARIAS","CONEXOES"]
[89697,"TE, CPVC, SOLDÁVEL, DN 22MM, INSTALADO EM RAMAL OU SUB-RAMAL DE ÁGUA - FORNECIMENTO E INSTALAÇÃO. AF_12/2014","UN",11.06,"SINAPI","INSTALACOES HIDRO SANITARIAS","CONEXOES"]
[89698,"JUNÇÃO SIMPLES, PVC, SERIE R, ÁGUA PLUVIAL, DN 150 X 150 MM, JUNTA ELÁSTICA, FORNECIDO E INSTALADO EM CONDUTORES VERTICAIS DE ÁGUAS PLUVIAIS. AF_12/2014","UN",127.63,"SINAPI","INSTALACOES HIDRO SANITARIAS","CONEXOES"]
[89699,"JUNÇÃO SIMPLES, PVC, SERIE R, ÁGUA PLUVIAL, DN 150 X 100 MM, JUNTA ELÁSTICA, FORNECIDO E INSTALADO EM CONDUTORES VERTICAIS DE ÁGUAS PLUVIAIS. AF_12/2014","UN",109.43,"SINAPI","INSTALACOES HIDRO SANITARIAS","CONEXOES"]
[89700,"TE DE TRANSIÇÃO, CPVC, SOLDÁVEL, DN 22MM X 1/2\u0094, INSTALADO EM RAMAL OU SUB-RAMAL DE ÁGUA \u0096 FORNECIMENTO E INSTALAÇÃO. AF_12/2014","UN",15.24,"SINAPI","INSTALACOES HIDRO SANITARIAS","CONEXOES"]
[89701,"TÊ, PVC, SERIE R, ÁGUA PLUVIAL, DN 150 X 150 MM, JUNTA ELÁSTICA, FORNECIDO E INSTALADO EM CONDUTORES VERTICAIS DE ÁGUAS PLUVIAIS. AF_12/2014","UN",86.02,"SINAPI","INSTALACOES HIDRO SANITARIAS","CONEXOES"]
[89702,"TÊ MISTURADOR, CPVC, SOLDÁVEL, DN22MM, INSTALADO EM RAMAL OU SUB-RAMAL DE ÁGUA \u0096 FORNECIMENTO E INSTALAÇÃO. AF_12/2014","UN",15.24,"SINAPI","INSTALACOES HIDRO SANITARIAS","CONEXOES"]
[89703,"TE MISTURADOR DE TRANSIÇÃO, CPVC, SOLDÁVEL, DN 22MM X 3/4\", INSTALADO EM RAMAL OU SUB-RAMAL DE ÁGUA - FORNECIMENTO E INSTALAÇÃO. AF_12/2014","UN",32.21,"SINAPI","INSTALACOES HIDRO SANITARIAS","CONEXOES"]
[89704,"TÊ, PVC, SERIE R, ÁGUA PLUVIAL, DN 150 X 100 MM, JUNTA ELÁSTICA, FORNECIDO E INSTALADO EM CONDUTORES VERTICAIS DE ÁGUAS PLUVIAIS. AF_12/2014","UN",70.41,"SINAPI","INSTALACOES HIDRO SANITARIAS","CONEXOES"]
[89705,"TÊ, CPVC, SOLDÁVEL, DN28MM, INSTALADO EM RAMAL OU SUB-RAMAL DE ÁGUA   FORNECIMENTO E INSTALAÇÃO. AF_12/2014","UN",17.5,"SINAPI","INSTALACOES HIDRO SANITARIAS","CONEXOES"]
[89706,"TÊ, CPVC, SOLDÁVEL, DN35MM, INSTALADO EM RAMAL OU SUB-RAMAL DE ÁGUA \u0096 FORNECIMENTO E INSTALAÇÃO. AF_12/2014","UN",36.130000000000003,"SINAPI","INSTALACOES HIDRO SANITARIAS","CONEXOES"]
[89718,"TUBO, CPVC, SOLDÁVEL, DN 35MM, INSTALADO EM RAMAL DE DISTRIBUIÇÃO DE ÁGUA   FORNECIMENTO E INSTALAÇÃO. AF_12/2014","M",32.07,"SINAPI","INSTALACOES HIDRO SANITARIAS","CONEXOES"]
[89719,"JOELHO 90 GRAUS, CPVC, SOLDÁVEL, DN 22MM, INSTALADO EM RAMAL DE DISTRIBUIÇÃO DE ÁGUA   FORNECIMENTO E INSTALAÇÃO. AF_12/2014","UN",7.47,"SINAPI","INSTALACOES HIDRO SANITARIAS","CONEXOES"]
[89720,"JOELHO 45 GRAUS, CPVC, SOLDÁVEL, DN 22MM, INSTALADO EM RAMAL DE DISTRIBUIÇÃO DE ÁGUA   FORNECIMENTO E INSTALAÇÃO. AF_12/2014","UN",8.7100000000000009,"SINAPI","INSTALACOES HIDRO SANITARIAS","CONEXOES"]
[89721,"CURVA 90 GRAUS, CPVC, SOLDÁVEL, DN 22MM, INSTALADO EM RAMAL DE DISTRIBUIÇÃO DE ÁGUA - FORNECIMENTO E INSTALAÇÃO. AF_12/2014","UN",9.1199999999999992,"SINAPI","INSTALACOES HIDRO SANITARIAS","CONEXOES"]
[89722,"JOELHO DE TRANSIÇÃO, 90 GRAUS, CPVC, SOLDÁVEL, DN 22MM X 1/2\", INSTALADO EM RAMAL DE ALIMENTAÇAÕ DE ÁGUA - FORNECIMENTO E INSTALAÇÃO. AF_12/2014","UN",15,"SINAPI","INSTALACOES HIDRO SANITARIAS","CONEXOES"]
[89723,"JOELHO 90 GRAUS, CPVC, SOLDÁVEL, DN 28MM, INSTALADO EM RAMAL DE DISTRIBUIÇÃO DE ÁGUA   FORNECIMENTO E INSTALAÇÃO. AF_12/2014","UN",11.94,"SINAPI","INSTALACOES HIDRO SANITARIAS","CONEXOES"]
[89724,"JOELHO 90 GRAUS, PVC, SERIE NORMAL, ESGOTO PREDIAL, DN 40 MM, JUNTA SOLDÁVEL, FORNECIDO E INSTALADO EM RAMAL DE DESCARGA OU RAMAL DE ESGOTO SANITÁRIO. AF_12/2014","UN",7.1,"SINAPI","INSTALACOES HIDRO SANITARIAS","CONEXOES"]
[89725,"JOELHO 45 GRAUS, CPVC, SOLDÁVEL, DN 28MM, INSTALADO EM RAMAL DE DISTRIBUIÇÃO DE ÁGUA   FORNECIMENTO E INSTALAÇÃO. AF_12/2014","UN",11.65,"SINAPI","INSTALACOES HIDRO SANITARIAS","CONEXOES"]
[89726,"JOELHO 45 GRAUS, PVC, SERIE NORMAL, ESGOTO PREDIAL, DN 40 MM, JUNTA SOLDÁVEL, FORNECIDO E INSTALADO EM RAMAL DE DESCARGA OU RAMAL DE ESGOTO SANITÁRIO. AF_12/2014","UN",5.65,"SINAPI","INSTALACOES HIDRO SANITARIAS","CONEXOES"]
[89727,"CURVA 90 GRAUS, CPVC, SOLDÁVEL, DN 28MM, INSTALADO EM RAMAL DE DISTRIBUIÇÃO DE ÁGUA   FORNECIMENTO E INSTALAÇÃO. AF_12/2014","UN",12.98,"SINAPI","INSTALACOES HIDRO SANITARIAS","CONEXOES"]
[89728,"CURVA CURTA 90 GRAUS, PVC, SERIE NORMAL, ESGOTO PREDIAL, DN 40 MM, JUNTA SOLDÁVEL, FORNECIDO E INSTALADO EM RAMAL DE DESCARGA OU RAMAL DE ESGOTO SANITÁRIO. AF_12/2014","UN",7.45,"SINAPI","INSTALACOES HIDRO SANITARIAS","CONEXOES"]
[89729,"JOELHO 90 GRAUS, CPVC, SOLDÁVEL, DN 35MM, INSTALADO EM RAMAL DE DISTRIBUIÇÃO DE ÁGUA   FORNECIMENTO E INSTALAÇÃO. AF_12/2014","UN",17.86,"SINAPI","INSTALACOES HIDRO SANITARIAS","CONEXOES"]
[89730,"CURVA LONGA 90 GRAUS, PVC, SERIE NORMAL, ESGOTO PREDIAL, DN 40 MM, JUNTA SOLDÁVEL, FORNECIDO E INSTALADO EM RAMAL DE DESCARGA OU RAMAL DE ESGOTO SANITÁRIO. AF_12/2014","UN",7.92,"SINAPI","INSTALACOES HIDRO SANITARIAS","CONEXOES"]
[89731,"JOELHO 90 GRAUS, PVC, SERIE NORMAL, ESGOTO PREDIAL, DN 50 MM, JUNTA ELÁSTICA, FORNECIDO E INSTALADO EM RAMAL DE DESCARGA OU RAMAL DE ESGOTO SANITÁRIO. AF_12/2014","UN",8.1199999999999992,"SINAPI","INSTALACOES HIDRO SANITARIAS","CONEXOES"]
[89732,"JOELHO 45 GRAUS, PVC, SERIE NORMAL, ESGOTO PREDIAL, DN 50 MM, JUNTA ELÁSTICA, FORNECIDO E INSTALADO EM RAMAL DE DESCARGA OU RAMAL DE ESGOTO SANITÁRIO. AF_12/2014","UN",8.4600000000000009,"SINAPI","INSTALACOES HIDRO SANITARIAS","CONEXOES"]
[89733,"CURVA CURTA 90 GRAUS, PVC, SERIE NORMAL, ESGOTO PREDIAL, DN 50 MM, JUNTA ELÁSTICA, FORNECIDO E INSTALADO EM RAMAL DE DESCARGA OU RAMAL DE ESGOTO SANITÁRIO. AF_12/2014","UN",12.15,"SINAPI","INSTALACOES HIDRO SANITARIAS","CONEXOES"]
[89734,"JOELHO 45 GRAUS, CPVC, SOLDÁVEL, DN 35MM, INSTALADO EM RAMAL DE DISTRIBUIÇÃO DE ÁGUA   FORNECIMENTO E INSTALAÇÃO. AF_12/2014","UN",17.86,"SINAPI","INSTALACOES HIDRO SANITARIAS","CONEXOES"]
[89735,"CURVA LONGA 90 GRAUS, PVC, SERIE NORMAL, ESGOTO PREDIAL, DN 50 MM, JUNTA ELÁSTICA, FORNECIDO E INSTALADO EM RAMAL DE DESCARGA OU RAMAL DE ESGOTO SANITÁRIO. AF_12/2014","UN",12.71,"SINAPI","INSTALACOES HIDRO SANITARIAS","CONEXOES"]
[89736,"LUVA, CPVC, SOLDÁVEL, DN 22MM, INSTALADO EM RAMAL DE DISTRIBUIÇÃO DE ÁGUA   FORNECIMENTO E INSTALAÇÃO. AF_12/2014","UN",5,"SINAPI","INSTALACOES HIDRO SANITARIAS","CONEXOES"]
[89737,"JOELHO 90 GRAUS, PVC, SERIE NORMAL, ESGOTO PREDIAL, DN 75 MM, JUNTA ELÁSTICA, FORNECIDO E INSTALADO EM RAMAL DE DESCARGA OU RAMAL DE ESGOTO SANITÁRIO. AF_12/2014","UN",13.4,"SINAPI","INSTALACOES HIDRO SANITARIAS","CONEXOES"]
[89738,"LUVA DE CORRER, CPVC, SOLDÁVEL, DN 22MM, INSTALADO EM RAMAL DE DISTRIBUIÇÃO DE ÁGUA   FORNECIMENTO E INSTALAÇÃO. AF_12/2014","UN",9.36,"SINAPI","INSTALACOES HIDRO SANITARIAS","CONEXOES"]
[89739,"JOELHO 45 GRAUS, PVC, SERIE NORMAL, ESGOTO PREDIAL, DN 75 MM, JUNTA ELÁSTICA, FORNECIDO E INSTALADO EM RAMAL DE DESCARGA OU RAMAL DE ESGOTO SANITÁRIO. AF_12/2014","UN",13.89,"SINAPI","INSTALACOES HIDRO SANITARIAS","CONEXOES"]
[89740,"LUVA DE TRANSIÇÃO, CPVC, SOLDÁVEL, DN 22MM X 25MM, INSTALADO EM RAMAL DE DISTRIBUIÇÃO DE ÁGUA   FORNECIMENTO E INSTALAÇÃO. AF_12/2014","UN",4.62,"SINAPI","INSTALACOES HIDRO SANITARIAS","CONEXOES"]
[89741,"UNIÃO, CPVC, SOLDÁVEL, DN 22MM, INSTALADO EM RAMAL DE DISTRIBUIÇÃO DE ÁGUA   FORNECIMENTO E INSTALAÇÃO. AF_12/2014","UN",12.68,"SINAPI","INSTALACOES HIDRO SANITARIAS","CONEXOES"]
[89742,"CURVA CURTA 90 GRAUS, PVC, SERIE NORMAL, ESGOTO PREDIAL, DN 75 MM, JUNTA ELÁSTICA, FORNECIDO E INSTALADO EM RAMAL DE DESCARGA OU RAMAL DE ESGOTO SANITÁRIO. AF_12/2014","UN",20.39,"SINAPI","INSTALACOES HIDRO SANITARIAS","CONEXOES"]
[89743,"CURVA LONGA 90 GRAUS, PVC, SERIE NORMAL, ESGOTO PREDIAL, DN 75 MM, JUNTA ELÁSTICA, FORNECIDO E INSTALADO EM RAMAL DE DESCARGA OU RAMAL DE ESGOTO SANITÁRIO. AF_12/2014","UN",27.39,"SINAPI","INSTALACOES HIDRO SANITARIAS","CONEXOES"]
[89744,"JOELHO 90 GRAUS, PVC, SERIE NORMAL, ESGOTO PREDIAL, DN 100 MM, JUNTA ELÁSTICA, FORNECIDO E INSTALADO EM RAMAL DE DESCARGA OU RAMAL DE ESGOTO SANITÁRIO. AF_12/2014","UN",17.5,"SINAPI","INSTALACOES HIDRO SANITARIAS","CONEXOES"]
[89745,"CONECTOR, CPVC, SOLDÁVEL, DN 22MM X 1/2 , INSTALADO EM RAMAL DE DISTRIBUIÇÃO DE ÁGUA   FORNECIMENTO E INSTALAÇÃO. AF_12/2014","UN",19.78,"SINAPI","INSTALACOES HIDRO SANITARIAS","CONEXOES"]
[89746,"JOELHO 45 GRAUS, PVC, SERIE NORMAL, ESGOTO PREDIAL, DN 100 MM, JUNTA ELÁSTICA, FORNECIDO E INSTALADO EM RAMAL DE DESCARGA OU RAMAL DE ESGOTO SANITÁRIO. AF_12/2014","UN",17.47,"SINAPI","INSTALACOES HIDRO SANITARIAS","CONEXOES"]
[89747,"ADAPTADOR, CPVC, SOLDÁVEL, DN 22MM, INSTALADO EM RAMAL DE DISTRIBUIÇÃO DE ÁGUA   FORNECIMENTO E INSTALAÇÃO. AF_12/2014","UN",7.88,"SINAPI","INSTALACOES HIDRO SANITARIAS","CONEXOES"]
[89748,"CURVA CURTA 90 GRAUS, PVC, SERIE NORMAL, ESGOTO PREDIAL, DN 100 MM, JUNTA ELÁSTICA, FORNECIDO E INSTALADO EM RAMAL DE DESCARGA OU RAMAL DE ESGOTO SANITÁRIO. AF_12/2014","UN",25.09,"SINAPI","INSTALACOES HIDRO SANITARIAS","CONEXOES"]
[89749,"CURVA DE TRANSPOSIÇÃO, CPVC, SOLDÁVEL, DN 22MM, INSTALADO EM RAMAL DE DISTRIBUIÇÃO DE ÁGUA   FORNECIMENTO E INSTALAÇÃO. AF_12/2014","UN",9.36,"SINAPI","INSTALACOES HIDRO SANITARIAS","CONEXOES"]
[89750,"CURVA LONGA 90 GRAUS, PVC, SERIE NORMAL, ESGOTO PREDIAL, DN 100 MM, JUNTA ELÁSTICA, FORNECIDO E INSTALADO EM RAMAL DE DESCARGA OU RAMAL DE ESGOTO SANITÁRIO. AF_12/2014","UN",38.57,"SINAPI","INSTALACOES HIDRO SANITARIAS","CONEXOES"]
[89751,"BUCHA DE REDUÇÃO, CPVC, SOLDÁVEL, DN 22MM X 15MM, INSTALADO EM RAMAL DE DISTRIBUIÇÃO DE ÁGUA   FORNECIMENTO E INSTALAÇÃO. AF_12/2014","UN",3.97,"SINAPI","INSTALACOES HIDRO SANITARIAS","CONEXOES"]
[89752,"LUVA SIMPLES, PVC, SERIE NORMAL, ESGOTO PREDIAL, DN 40 MM, JUNTA SOLDÁVEL, FORNECIDO E INSTALADO EM RAMAL DE DESCARGA OU RAMAL DE ESGOTO SANITÁRIO. AF_12/2014","UN",4.59,"SINAPI","INSTALACOES HIDRO SANITARIAS","CONEXOES"]
[89753,"LUVA SIMPLES, PVC, SERIE NORMAL, ESGOTO PREDIAL, DN 50 MM, JUNTA ELÁSTICA, FORNECIDO E INSTALADO EM RAMAL DE DESCARGA OU RAMAL DE ESGOTO SANITÁRIO. AF_12/2014","UN",6.36,"SINAPI","INSTALACOES HIDRO SANITARIAS","CONEXOES"]
[89754,"LUVA DE CORRER, PVC, SERIE NORMAL, ESGOTO PREDIAL, DN 50 MM, JUNTA ELÁSTICA, FORNECIDO E INSTALADO EM RAMAL DE DESCARGA OU RAMAL DE ESGOTO SANITÁRIO. AF_12/2014","UN",10.45,"SINAPI","INSTALACOES HIDRO SANITARIAS","CONEXOES"]
[89755,"LUVA, CPVC, SOLDÁVEL, DN 28MM, INSTALADO EM RAMAL DE DISTRIBUIÇÃO DE ÁGUA   FORNECIMENTO E INSTALAÇÃO. AF_12/2014","UN",7.59,"SINAPI","INSTALACOES HIDRO SANITARIAS","CONEXOES"]
[89756,"LUVA DE CORRER, CPVC, SOLDÁVEL, DN 28MM, INSTALADO EM RAMAL DE DISTRIBUIÇÃO DE ÁGUA   FORNECIMENTO E INSTALAÇÃO. AF_12/2014","UN",12.58,"SINAPI","INSTALACOES HIDRO SANITARIAS","CONEXOES"]
[89757,"UNIÃO, CPVC, SOLDÁVEL, DN 28MM, INSTALADO EM RAMAL DE DISTRIBUIÇÃO DE ÁGUA   FORNECIMENTO E INSTALAÇÃO. AF_12/2014","UN",18.940000000000001,"SINAPI","INSTALACOES HIDRO SANITARIAS","CONEXOES"]
[89758,"CONECTOR, CPVC, SOLDÁVEL, DN 28MM X 1 , INSTALADO EM RAMAL DE DISTRIBUIÇÃO DE ÁGUA   FORNECIMENTO E INSTALAÇÃO. AF_12/2014","UN",29.32,"SINAPI","INSTALACOES HIDRO SANITARIAS","CONEXOES"]
[89759,"BUCHA DE REDUÇÃO, CPVC, SOLDÁVEL, DN 28MM X 22MM, INSTALADO EM RAMAL DE DISTRIBUIÇÃO DE ÁGUA - FORNECIMENTO E INSTALAÇÃO. AF_12/2014","UN",5.37,"SINAPI","INSTALACOES HIDRO SANITARIAS","CONEXOES"]
[89760,"LUVA, CPVC, SOLDÁVEL, DN 35MM, INSTALADO EM RAMAL DE DISTRIBUIÇÃO DE ÁGUA - FORNECIMENTO E INSTALAÇÃO. AF_12/2014","UN",12.13,"SINAPI","INSTALACOES HIDRO SANITARIAS","CONEXOES"]
[89761,"LUVA DE CORRER, CPVC, SOLDÁVEL, DN 35MM, INSTALADO EM RAMAL DE DISTRIBUIÇÃO DE ÁGUA - FORNECIMENTO E INSTALAÇÃO. AF_12/2014","UN",19.59,"SINAPI","INSTALACOES HIDRO SANITARIAS","CONEXOES"]
[89762,"UNIÃO, CPVC, SOLDÁVEL, DN35MM, INSTALADO EM RAMAL DE DISTRIBUIÇÃO DE ÁGUA - FORNECIMENTO E INSTALAÇÃO. AF_12/2014","UN",27.59,"SINAPI","INSTALACOES HIDRO SANITARIAS","CONEXOES"]
[89763,"CONECTOR, CPVC, SOLDÁVEL, DN 35MM X 1 1/4 , INSTALADO EM RAMAL DE DISTRIBUIÇÃO DE ÁGUA - FORNECIMENTO E INSTALAÇÃO. AF_12/2014","UN",106.72,"SINAPI","INSTALACOES HIDRO SANITARIAS","CONEXOES"]
[89764,"BUCHA DE REDUÇÃO, CPVC, SOLDÁVEL, DN35MM X 28MM, INSTALADO EM RAMAL DE DISTRIBUIÇÃO DE ÁGUA - FORNECIMENTO E INSTALAÇÃO. AF_12/2014","UN",21.19,"SINAPI","INSTALACOES HIDRO SANITARIAS","CONEXOES"]
[89765,"TE, CPVC, SOLDÁVEL, DN 22MM, INSTALADO EM RAMAL DE DISTRIBUIÇÃO DE ÁGUA - FORNECIMENTO E INSTALAÇÃO. AF_12/2014","UN",9.66,"SINAPI","INSTALACOES HIDRO SANITARIAS","CONEXOES"]
[89766,"TE DE TRANSIÇÃO, CPVC, SOLDÁVEL, DN 22MM X 1/2 , INSTALADO EM RAMAL DE DISTRIBUIÇÃO DE ÁGUA   FORNECIMENTO E INSTALAÇÃO. AF_12/2014","UN",13.84,"SINAPI","INSTALACOES HIDRO SANITARIAS","CONEXOES"]
[89767,"TÊ MISTURADOR, CPVC, SOLDÁVEL, DN 22MM, INSTALADO EM RAMAL DE DISTRIBUIÇÃO DE ÁGUA - FORNECIMENTO E INSTALAÇÃO. AF_12/2014","UN",13.84,"SINAPI","INSTALACOES HIDRO SANITARIAS","CONEXOES"]
[89768,"TÊ, CPVC, SOLDÁVEL, DN 28MM, INSTALADO EM RAMAL DE DISTRIBUIÇÃO DE ÁGUA - FORNECIMENTO E INSTALAÇÃO. AF_12/2014","UN",14.08,"SINAPI","INSTALACOES HIDRO SANITARIAS","CONEXOES"]
[89769,"TÊ, CPVC, SOLDÁVEL, DN35MM, INSTALADO EM RAMAL DE DISTRIBUIÇÃO DE ÁGUA - FORNECIMENTO E INSTALAÇÃO. AF_12/2014","UN",32.07,"SINAPI","INSTALACOES HIDRO SANITARIAS","CONEXOES"]
[89772,"TUBO, CPVC, SOLDÁVEL, DN 54MM, INSTALADO EM PRUMADA DE ÁGUA \u0096 FORNECIMENTO E INSTALAÇÃO. AF_12/2014","M",56.42,"SINAPI","INSTALACOES HIDRO SANITARIAS","CONEXOES"]
[89774,"LUVA SIMPLES, PVC, SERIE NORMAL, ESGOTO PREDIAL, DN 75 MM, JUNTA ELÁSTICA, FORNECIDO E INSTALADO EM RAMAL DE DESCARGA OU RAMAL DE ESGOTO SANITÁRIO. AF_12/2014","UN",10.46,"SINAPI","INSTALACOES HIDRO SANITARIAS","CONEXOES"]
[89776,"LUVA DE CORRER, PVC, SERIE NORMAL, ESGOTO PREDIAL, DN 75 MM, JUNTA ELÁSTICA, FORNECIDO E INSTALADO EM RAMAL DE DESCARGA OU RAMAL DE ESGOTO SANITÁRIO. AF_12/2014","UN",13.62,"SINAPI","INSTALACOES HIDRO SANITARIAS","CONEXOES"]
[89777,"JOELHO 90 GRAUS, CPVC, SOLDÁVEL, DN 35MM, INSTALADO EM PRUMADA DE ÁGUA \u0096 FORNECIMENTO E INSTALAÇÃO. AF_12/2014","UN",16.48,"SINAPI","INSTALACOES HIDRO SANITARIAS","CONEXOES"]
[89778,"LUVA SIMPLES, PVC, SERIE NORMAL, ESGOTO PREDIAL, DN 100 MM, JUNTA ELÁSTICA, FORNECIDO E INSTALADO EM RAMAL DE DESCARGA OU RAMAL DE ESGOTO SANITÁRIO. AF_12/2014","UN",13.25,"SINAPI","INSTALACOES HIDRO SANITARIAS","CONEXOES"]
[89779,"LUVA DE CORRER, PVC, SERIE NORMAL, ESGOTO PREDIAL, DN 100 MM, JUNTA ELÁSTICA, FORNECIDO E INSTALADO EM RAMAL DE DESCARGA OU RAMAL DE ESGOTO SANITÁRIO. AF_12/2014","UN",19.11,"SINAPI","INSTALACOES HIDRO SANITARIAS","CONEXOES"]
[89780,"JOELHO 45 GRAUS, CPVC, SOLDÁVEL, DN 35MM, INSTALADO EM PRUMADA DE ÁGUA - FORNECIMENTO E INSTALAÇÃO. AF_12/2014","UN",16.48,"SINAPI","INSTALACOES HIDRO SANITARIAS","CONEXOES"]
[89781,"JOELHO 90 GRAUS, CPVC, SOLDÁVEL, DN 42MM, INSTALADO EM PRUMADA DE ÁGUA \u0096 FORNECIMENTO E INSTALAÇÃO. AF_12/2014","UN",24.4,"SINAPI","INSTALACOES HIDRO SANITARIAS","CONEXOES"]
[89782,"TE, PVC, SERIE NORMAL, ESGOTO PREDIAL, DN 40 X 40 MM, JUNTA SOLDÁVEL, FORNECIDO E INSTALADO EM RAMAL DE DESCARGA OU RAMAL DE ESGOTO SANITÁRIO. AF_12/2014","UN",8.8000000000000007,"SINAPI","INSTALACOES HIDRO SANITARIAS","CONEXOES"]
[89783,"JUNÇÃO SIMPLES, PVC, SERIE NORMAL, ESGOTO PREDIAL, DN 40 MM, JUNTA SOLDÁVEL, FORNECIDO E INSTALADO EM RAMAL DE DESCARGA OU RAMAL DE ESGOTO SANITÁRIO. AF_12/2014","UN",8.9499999999999993,"SINAPI","INSTALACOES HIDRO SANITARIAS","CONEXOES"]
[89784,"TE, PVC, SERIE NORMAL, ESGOTO PREDIAL, DN 50 X 50 MM, JUNTA ELÁSTICA, FORNECIDO E INSTALADO EM RAMAL DE DESCARGA OU RAMAL DE ESGOTO SANITÁRIO. AF_12/2014","UN",13.85,"SINAPI","INSTALACOES HIDRO SANITARIAS","CONEXOES"]
[89785,"JUNÇÃO SIMPLES, PVC, SERIE NORMAL, ESGOTO PREDIAL, DN 50 X 50 MM, JUNTA ELÁSTICA, FORNECIDO E INSTALADO EM RAMAL DE DESCARGA OU RAMAL DE ESGOTO SANITÁRIO. AF_12/2014","UN",14.83,"SINAPI","INSTALACOES HIDRO SANITARIAS","CONEXOES"]
[89786,"TE, PVC, SERIE NORMAL, ESGOTO PREDIAL, DN 75 X 75 MM, JUNTA ELÁSTICA, FORNECIDO E INSTALADO EM RAMAL DE DESCARGA OU RAMAL DE ESGOTO SANITÁRIO. AF_12/2014","UN",22.32,"SINAPI","INSTALACOES HIDRO SANITARIAS","CONEXOES"]
[89787,"JOELHO 45 GRAUS, CPVC, SOLDÁVEL, DN 42MM, INSTALADO EM PRUMADA DE ÁGUA \u0096 FORNECIMENTO E INSTALAÇÃO. AF_12/2014","UN",24.4,"SINAPI","INSTALACOES HIDRO SANITARIAS","CONEXOES"]
[89788,"JOELHO 90 GRAUS, CPVC, SOLDÁVEL, DN 54MM, INSTALADO EM PRUMADA DE ÁGUA \u0096 FORNECIMENTO E INSTALAÇÃO. AF_12/2014","UN",47.28,"SINAPI","INSTALACOES HIDRO SANITARIAS","CONEXOES"]
[89789,"JOELHO 45 GRAUS, CPVC, SOLDÁVEL, DN 54MM, INSTALADO EM PRUMADA DE ÁGUA \u0096 FORNECIMENTO E INSTALAÇÃO. AF_12/2014","UN",48.01,"SINAPI","INSTALACOES HIDRO SANITARIAS","CONEXOES"]
[89790,"JOELHO 90 GRAUS, CPVC, SOLDÁVEL, DN 73MM, INSTALADO EM PRUMADA DE ÁGUA \u0096 FORNECIMENTO E INSTALAÇÃO. AF_12/2014","UN",116.13,"SINAPI","INSTALACOES HIDRO SANITARIAS","CONEXOES"]
[89791,"JOELHO 45 GRAUS, CPVC, SOLDÁVEL, DN 73MM, INSTALADO EM PRUMADA DE ÁGUA \u0096 FORNECIMENTO E INSTALAÇÃO. AF_12/2014","UN",118.83,"SINAPI","INSTALACOES HIDRO SANITARIAS","CONEXOES"]
[89792,"JOELHO 90 GRAUS, CPVC, SOLDÁVEL, DN 89MM, INSTALADO EM PRUMADA DE ÁGUA \u0096 FORNECIMENTO E INSTALAÇÃO. AF_12/2014","UN",136.38,"SINAPI","INSTALACOES HIDRO SANITARIAS","CONEXOES"]
[89793,"JOELHO 45 GRAUS, CPVC, SOLDÁVEL, DN 89MM, INSTALADO EM PRUMADA DE ÁGUA \u0096 FORNECIMENTO E INSTALAÇÃO. AF_12/2014","UN",140.02000000000001,"SINAPI","INSTALACOES HIDRO SANITARIAS","CONEXOES"]
[89794,"LUVA, CPVC, SOLDÁVEL, DN 35MM, INSTALADO EM PRUMADA DE ÁGUA \u0096 FORNECIMENTO E INSTALAÇÃO. AF_12/2014","UN",11.23,"SINAPI","INSTALACOES HIDRO SANITARIAS","CONEXOES"]
[89795,"JUNÇÃO SIMPLES, PVC, SERIE NORMAL, ESGOTO PREDIAL, DN 75 X 75 MM, JUNTA ELÁSTICA, FORNECIDO E INSTALADO EM RAMAL DE DESCARGA OU RAMAL DE ESGOTO SANITÁRIO. AF_12/2014","UN",23.66,"SINAPI","INSTALACOES HIDRO SANITARIAS","CONEXOES"]
[89796,"TE, PVC, SERIE NORMAL, ESGOTO PREDIAL, DN 100 X 100 MM, JUNTA ELÁSTICA, FORNECIDO E INSTALADO EM RAMAL DE DESCARGA OU RAMAL DE ESGOTO SANITÁRIO. AF_12/2014","UN",27.96,"SINAPI","INSTALACOES HIDRO SANITARIAS","CONEXOES"]
[89797,"JUNÇÃO SIMPLES, PVC, SERIE NORMAL, ESGOTO PREDIAL, DN 100 X 100 MM, JUNTA ELÁSTICA, FORNECIDO E INSTALADO EM RAMAL DE DESCARGA OU RAMAL DE ESGOTO SANITÁRIO. AF_12/2014","UN",31.1,"SINAPI","INSTALACOES HIDRO SANITARIAS","CONEXOES"]
[89801,"JOELHO 90 GRAUS, PVC, SERIE NORMAL, ESGOTO PREDIAL, DN 50 MM, JUNTA ELÁSTICA, FORNECIDO E INSTALADO EM PRUMADA DE ESGOTO SANITÁRIO OU VENTILAÇÃO. AF_12/2014","UN",4.57,"SINAPI","INSTALACOES HIDRO SANITARIAS","CONEXOES"]
[89802,"JOELHO 45 GRAUS, PVC, SERIE NORMAL, ESGOTO PREDIAL, DN 50 MM, JUNTA ELÁSTICA, FORNECIDO E INSTALADO EM PRUMADA DE ESGOTO SANITÁRIO OU VENTILAÇÃO. AF_12/2014","UN",4.91,"SINAPI","INSTALACOES HIDRO SANITARIAS","CONEXOES"]
[89803,"CURVA CURTA 90 GRAUS, PVC, SERIE NORMAL, ESGOTO PREDIAL, DN 50 MM, JUNTA ELÁSTICA, FORNECIDO E INSTALADO EM PRUMADA DE ESGOTO SANITÁRIO OU VENTILAÇÃO. AF_12/2014","UN",8.6,"SINAPI","INSTALACOES HIDRO SANITARIAS","CONEXOES"]
[89804,"CURVA LONGA 90 GRAUS, PVC, SERIE NORMAL, ESGOTO PREDIAL, DN 50 MM, JUNTA ELÁSTICA, FORNECIDO E INSTALADO EM PRUMADA DE ESGOTO SANITÁRIO OU VENTILAÇÃO. AF_12/2014","UN",9.16,"SINAPI","INSTALACOES HIDRO SANITARIAS","CONEXOES"]
[89805,"JOELHO 90 GRAUS, PVC, SERIE NORMAL, ESGOTO PREDIAL, DN 75 MM, JUNTA ELÁSTICA, FORNECIDO E INSTALADO EM PRUMADA DE ESGOTO SANITÁRIO OU VENTILAÇÃO. AF_12/2014","UN",9.08,"SINAPI","INSTALACOES HIDRO SANITARIAS","CONEXOES"]
[89806,"JOELHO 45 GRAUS, PVC, SERIE NORMAL, ESGOTO PREDIAL, DN 75 MM, JUNTA ELÁSTICA, FORNECIDO E INSTALADO EM PRUMADA DE ESGOTO SANITÁRIO OU VENTILAÇÃO. AF_12/2014","UN",9.57,"SINAPI","INSTALACOES HIDRO SANITARIAS","CONEXOES"]
[89807,"CURVA CURTA 90 GRAUS, PVC, SERIE NORMAL, ESGOTO PREDIAL, DN 75 MM, JUNTA ELÁSTICA, FORNECIDO E INSTALADO EM PRUMADA DE ESGOTO SANITÁRIO OU VENTILAÇÃO. AF_12/2014","UN",16.07,"SINAPI","INSTALACOES HIDRO SANITARIAS","CONEXOES"]
[89808,"CURVA LONGA 90 GRAUS, PVC, SERIE NORMAL, ESGOTO PREDIAL, DN 75 MM, JUNTA ELÁSTICA, FORNECIDO E INSTALADO EM PRUMADA DE ESGOTO SANITÁRIO OU VENTILAÇÃO. AF_12/2014","UN",23.07,"SINAPI","INSTALACOES HIDRO SANITARIAS","CONEXOES"]
[89809,"JOELHO 90 GRAUS, PVC, SERIE NORMAL, ESGOTO PREDIAL, DN 100 MM, JUNTA ELÁSTICA, FORNECIDO E INSTALADO EM PRUMADA DE ESGOTO SANITÁRIO OU VENTILAÇÃO. AF_12/2014","UN",12.39,"SINAPI","INSTALACOES HIDRO SANITARIAS","CONEXOES"]
[89810,"JOELHO 45 GRAUS, PVC, SERIE NORMAL, ESGOTO PREDIAL, DN 100 MM, JUNTA ELÁSTICA, FORNECIDO E INSTALADO EM PRUMADA DE ESGOTO SANITÁRIO OU VENTILAÇÃO. AF_12/2014","UN",12.36,"SINAPI","INSTALACOES HIDRO SANITARIAS","CONEXOES"]
[89811,"CURVA CURTA 90 GRAUS, PVC, SERIE NORMAL, ESGOTO PREDIAL, DN 100 MM, JUNTA ELÁSTICA, FORNECIDO E INSTALADO EM PRUMADA DE ESGOTO SANITÁRIO OU VENTILAÇÃO. AF_12/2014","UN",19.98,"SINAPI","INSTALACOES HIDRO SANITARIAS","CONEXOES"]
[89812,"CURVA LONGA 90 GRAUS, PVC, SERIE NORMAL, ESGOTO PREDIAL, DN 100 MM, JUNTA ELÁSTICA, FORNECIDO E INSTALADO EM PRUMADA DE ESGOTO SANITÁRIO OU VENTILAÇÃO. AF_12/2014","UN",33.46,"SINAPI","INSTALACOES HIDRO SANITARIAS","CONEXOES"]
[89813,"LUVA SIMPLES, PVC, SERIE NORMAL, ESGOTO PREDIAL, DN 50 MM, JUNTA ELÁSTICA, FORNECIDO E INSTALADO EM PRUMADA DE ESGOTO SANITÁRIO OU VENTILAÇÃO. AF_12/2014","UN",4.3899999999999997,"SINAPI","INSTALACOES HIDRO SANITARIAS","CONEXOES"]
[89814,"LUVA DE CORRER, PVC, SERIE NORMAL, ESGOTO PREDIAL, DN 50 MM, JUNTA ELÁSTICA, FORNECIDO E INSTALADO EM PRUMADA DE ESGOTO SANITÁRIO OU VENTILAÇÃO. AF_12/2014","UN",8.48,"SINAPI","INSTALACOES HIDRO SANITARIAS","CONEXOES"]
[89815,"LUVA DE CORRER, CPVC, SOLDÁVEL, DN 35MM, INSTALADO EM PRUMADA DE ÁGUA \u0096 FORNECIMENTO E INSTALAÇÃO. AF_12/2014","UN",18.690000000000001,"SINAPI","INSTALACOES HIDRO SANITARIAS","CONEXOES"]
[89816,"UNIÃO, CPVC, SOLDÁVEL, DN35MM, INSTALADO EM PRUMADA DE ÁGUA \u0096 FORNECIMENTO E INSTALAÇÃO. AF_12/2014","UN",26.69,"SINAPI","INSTALACOES HIDRO SANITARIAS","CONEXOES"]
[89817,"LUVA SIMPLES, PVC, SERIE NORMAL, ESGOTO PREDIAL, DN 75 MM, JUNTA ELÁSTICA, FORNECIDO E INSTALADO EM PRUMADA DE ESGOTO SANITÁRIO OU VENTILAÇÃO. AF_12/2014","UN",7.7,"SINAPI","INSTALACOES HIDRO SANITARIAS","CONEXOES"]
[89818,"CONECTOR, CPVC, SOLDÁVEL, DN 35MM X 1 1/4\u0094, INSTALADO EM PRUMADA DE ÁGUA \u0096 FORNECIMENTO E INSTALAÇÃO. AF_12/2014","UN",105.82,"SINAPI","INSTALACOES HIDRO SANITARIAS","CONEXOES"]
[89819,"LUVA DE CORRER, PVC, SERIE NORMAL, ESGOTO PREDIAL, DN 75 MM, JUNTA ELÁSTICA, FORNECIDO E INSTALADO EM PRUMADA DE ESGOTO SANITÁRIO OU VENTILAÇÃO. AF_12/2014","UN",10.86,"SINAPI","INSTALACOES HIDRO SANITARIAS","CONEXOES"]
[89820,"BUCHA DE REDUÇÃO, CPVC, SOLDÁVEL, DN35MM X 28MM, INSTALADO EM PRUMADA DE ÁGUA \u0096 FORNECIMENTO E INSTALAÇÃO. AF_12/2014","UN",20.29,"SINAPI","INSTALACOES HIDRO SANITARIAS","CONEXOES"]
[89821,"LUVA SIMPLES, PVC, SERIE NORMAL, ESGOTO PREDIAL, DN 100 MM, JUNTA ELÁSTICA, FORNECIDO E INSTALADO EM PRUMADA DE ESGOTO SANITÁRIO OU VENTILAÇÃO. AF_12/2014","UN",9.7200000000000006,"SINAPI","INSTALACOES HIDRO SANITARIAS","CONEXOES"]
[89822,"LUVA, CPVC, SOLDÁVEL, DN 42MM, INSTALADO EM PRUMADA DE ÁGUA \u0096 FORNECIMENTO E INSTALAÇÃO. AF_12/2014","UN",14.71,"SINAPI","INSTALACOES HIDRO SANITARIAS","CONEXOES"]
[89823,"LUVA DE CORRER, PVC, SERIE NORMAL, ESGOTO PREDIAL, DN 100 MM, JUNTA ELÁSTICA, FORNECIDO E INSTALADO EM PRUMADA DE ESGOTO SANITÁRIO OU VENTILAÇÃO. AF_12/2014","UN",15.58,"SINAPI","INSTALACOES HIDRO SANITARIAS","CONEXOES"]
[89824,"LUVA DE CORRER, CPVC, SOLDÁVEL, DN 42MM, INSTALADO EM PRUMADA DE ÁGUA \u0096 FORNECIMENTO E INSTALAÇÃO. AF_12/2014","UN",25.34,"SINAPI","INSTALACOES HIDRO SANITARIAS","CONEXOES"]
[89825,"TE, PVC, SERIE NORMAL, ESGOTO PREDIAL, DN 50 X 50 MM, JUNTA ELÁSTICA, FORNECIDO E INSTALADO EM PRUMADA DE ESGOTO SANITÁRIO OU VENTILAÇÃO. AF_12/2014","UN",9.5299999999999994,"SINAPI","INSTALACOES HIDRO SANITARIAS","CONEXOES"]
[89826,"LUVA DE TRANSIÇÃO, CPVC, SOLDÁVEL, DN42MM X 1.1/2\u0094, INSTALADO EM PRUMADA DE ÁGUA \u0096 FORNECIMENTO E INSTALAÇÃO. AF_12/2014","UN",108.1,"SINAPI","INSTALACOES HIDRO SANITARIAS","CONEXOES"]
[89827,"JUNÇÃO SIMPLES, PVC, SERIE NORMAL, ESGOTO PREDIAL, DN 50 X 50 MM, JUNTA ELÁSTICA, FORNECIDO E INSTALADO EM PRUMADA DE ESGOTO SANITÁRIO OU VENTILAÇÃO. AF_12/2014","UN",10.51,"SINAPI","INSTALACOES HIDRO SANITARIAS","CONEXOES"]
[89828,"UNIÃO, CPVC, SOLDÁVEL, DN42MM, INSTALADO EM PRUMADA DE ÁGUA \u0096 FORNECIMENTO E INSTALAÇÃO. AF_12/2014","UN",38.46,"SINAPI","INSTALACOES HIDRO SANITARIAS","CONEXOES"]
[89829,"TE, PVC, SERIE NORMAL, ESGOTO PREDIAL, DN 75 X 75 MM, JUNTA ELÁSTICA, FORNECIDO E INSTALADO EM PRUMADA DE ESGOTO SANITÁRIO OU VENTILAÇÃO. AF_12/2014","UN",16.809999999999999,"SINAPI","INSTALACOES HIDRO SANITARIAS","CONEXOES"]
[89830,"JUNÇÃO SIMPLES, PVC, SERIE NORMAL, ESGOTO PREDIAL, DN 75 X 75 MM, JUNTA ELÁSTICA, FORNECIDO E INSTALADO EM PRUMADA DE ESGOTO SANITÁRIO OU VENTILAÇÃO. AF_12/2014","UN",18.149999999999999,"SINAPI","INSTALACOES HIDRO SANITARIAS","CONEXOES"]
[89831,"CONECTOR, CPVC, SOLDÁVEL, DN 42MM X 1.1/2\u0094, INSTALADO EM PRUMADA DE ÁGUA \u0096 FORNECIMENTO E INSTALAÇÃO. AF_12/2014","UN",129.19999999999999,"SINAPI","INSTALACOES HIDRO SANITARIAS","CONEXOES"]
[89832,"BUCHA DE REDUÇÃO, CPVC, SOLDÁVEL, DN 42MM X 22MM, INSTALADO EM RAMAL DE DISTRIBUIÇÃO DE ÁGUA - FORNECIMENTO E INSTALAÇÃO. AF_12/2014","UN",26.55,"SINAPI","INSTALACOES HIDRO SANITARIAS","CONEXOES"]
[89833,"TE, PVC, SERIE NORMAL, ESGOTO PREDIAL, DN 100 X 100 MM, JUNTA ELÁSTICA, FORNECIDO E INSTALADO EM PRUMADA DE ESGOTO SANITÁRIO OU VENTILAÇÃO. AF_12/2014","UN",21.28,"SINAPI","INSTALACOES HIDRO SANITARIAS","CONEXOES"]
[89834,"JUNÇÃO SIMPLES, PVC, SERIE NORMAL, ESGOTO PREDIAL, DN 100 X 100 MM, JUNTA ELÁSTICA, FORNECIDO E INSTALADO EM PRUMADA DE ESGOTO SANITÁRIO OU VENTILAÇÃO. AF_12/2014","UN",24.42,"SINAPI","INSTALACOES HIDRO SANITARIAS","CONEXOES"]
[89835,"LUVA, CPVC, SOLDÁVEL, DN 54MM, INSTALADO EM PRUMADA DE ÁGUA \u0096 FORNECIMENTO E INSTALAÇÃO. AF_12/2014","UN",26.23,"SINAPI","INSTALACOES HIDRO SANITARIAS","CONEXOES"]
[89836,"LUVA DE TRANSIÇÃO, CPVC, SOLDÁVEL, DN 54MM X 2\u0094, INSTALADO EM PRUMADA DE ÁGUA \u0096 FORNECIMENTO E INSTALAÇÃO. AF_12/2014","UN",174.56,"SINAPI","INSTALACOES HIDRO SANITARIAS","CONEXOES"]
[89837,"UNIÃO, CPVC, SOLDÁVEL, DN 54MM, INSTALADO EM PRUMADA DE ÁGUA \u0096 FORNECIMENTO E INSTALAÇÃO. AF_12/2014","UN",87.1,"SINAPI","INSTALACOES HIDRO SANITARIAS","CONEXOES"]
[89838,"LUVA, CPVC, SOLDÁVEL, DN 73MM, INSTALADO EM PRUMADA DE ÁGUA \u0096 FORNECIMENTO E INSTALAÇÃO. AF_12/2014","UN",95.28,"SINAPI","INSTALACOES HIDRO SANITARIAS","CONEXOES"]
[89839,"UNIÃO, CPVC, SOLDÁVEL, DN 73MM, INSTALADO EM PRUMADA DE ÁGUA \u0096 FORNECIMENTO E INSTALAÇÃO. AF_12/2014","UN",126.07,"SINAPI","INSTALACOES HIDRO SANITARIAS","CONEXOES"]
[89840,"LUVA, CPVC, SOLDÁVEL, DN 89MM, INSTALADO EM PRUMADA DE ÁGUA \u0096 FORNECIMENTO E INSTALAÇÃO. AF_12/2014","UN",109.57,"SINAPI","INSTALACOES HIDRO SANITARIAS","CONEXOES"]
[89841,"UNIÃO, CPVC, SOLDÁVEL, DN 89MM, INSTALADO EM PRUMADA DE ÁGUA \u0096 FORNECIMENTO E INSTALAÇÃO. AF_12/2014","UN",184.76,"SINAPI","INSTALACOES HIDRO SANITARIAS","CONEXOES"]
[89842,"TÊ, CPVC, SOLDÁVEL, DN 35MM, INSTALADO EM PRUMADA DE ÁGUA \u0096 FORNECIMENTO E INSTALAÇÃO. AF_12/2014","UN",30.27,"SINAPI","INSTALACOES HIDRO SANITARIAS","CONEXOES"]
[89844,"TE, CPVC, SOLDÁVEL, DN  42MM, INSTALADO EM PRUMADA DE ÁGUA \u0096 FORNECIMENTO E INSTALAÇÃO. AF_12/2014","UN",38.51,"SINAPI","INSTALACOES HIDRO SANITARIAS","CONEXOES"]
[89845,"TÊ, CPVC, SOLDÁVEL, DN 54 MM, INSTALADO EM PRUMADA DE ÁGUA \u0096 FORNECIMENTO E INSTALAÇÃO. AF_12/2014","UN",59.58,"SINAPI","INSTALACOES HIDRO SANITARIAS","CONEXOES"]
[89846,"TÊ, CPVC, SOLDÁVEL, DN 73MM, INSTALADO EM PRUMADA DE ÁGUA \u0096 FORNECIMENTO E INSTALAÇÃO. AF_12/2014","UN",133.31,"SINAPI","INSTALACOES HIDRO SANITARIAS","CONEXOES"]
[89847,"TÊ, CPVC, SOLDÁVEL, DN 89MM, INSTALADO EM PRUMADA DE ÁGUA \u0096 FORNECIMENTO E INSTALAÇÃO. AF_12/2014","UN",163.53,"SINAPI","INSTALACOES HIDRO SANITARIAS","CONEXOES"]
[89850,"JOELHO 90 GRAUS, PVC, SERIE NORMAL, ESGOTO PREDIAL, DN 100 MM, JUNTA ELÁSTICA, FORNECIDO E INSTALADO EM SUBCOLETOR AÉREO DE ESGOTO SANITÁRIO. AF_12/2014","UN",17.11,"SINAPI","INSTALACOES HIDRO SANITARIAS","CONEXOES"]
[89851,"JOELHO 45 GRAUS, PVC, SERIE NORMAL, ESGOTO PREDIAL, DN 100 MM, JUNTA ELÁSTICA, FORNECIDO E INSTALADO EM SUBCOLETOR AÉREO DE ESGOTO SANITÁRIO. AF_12/2014","UN",17.079999999999998,"SINAPI","INSTALACOES HIDRO SANITARIAS","CONEXOES"]
[89852,"CURVA CURTA 90 GRAUS, PVC, SERIE NORMAL, ESGOTO PREDIAL, DN 100 MM, JUNTA ELÁSTICA, FORNECIDO E INSTALADO EM SUBCOLETOR AÉREO DE ESGOTO SANITÁRIO. AF_12/2014","UN",24.7,"SINAPI","INSTALACOES HIDRO SANITARIAS","CONEXOES"]
[89853,"CURVA LONGA 90 GRAUS, PVC, SERIE NORMAL, ESGOTO PREDIAL, DN 100 MM, JUNTA ELÁSTICA, FORNECIDO E INSTALADO EM SUBCOLETOR AÉREO DE ESGOTO SANITÁRIO. AF_12/2014","UN",38.18,"SINAPI","INSTALACOES HIDRO SANITARIAS","CONEXOES"]
[89854,"JOELHO 90 GRAUS, PVC, SERIE NORMAL, ESGOTO PREDIAL, DN 150 MM, JUNTA ELÁSTICA, FORNECIDO E INSTALADO EM SUBCOLETOR AÉREO DE ESGOTO SANITÁRIO. AF_12/2014","UN",50.61,"SINAPI","INSTALACOES HIDRO SANITARIAS","CONEXOES"]
[89855,"JOELHO 45 GRAUS, PVC, SERIE NORMAL, ESGOTO PREDIAL, DN 150 MM, JUNTA ELÁSTICA, FORNECIDO E INSTALADO EM SUBCOLETOR AÉREO DE ESGOTO SANITÁRIO. AF_12/2014","UN",53.33,"SINAPI","INSTALACOES HIDRO SANITARIAS","CONEXOES"]
[89856,"LUVA SIMPLES, PVC, SERIE NORMAL, ESGOTO PREDIAL, DN 100 MM, JUNTA ELÁSTICA, FORNECIDO E INSTALADO EM SUBCOLETOR AÉREO DE ESGOTO SANITÁRIO. AF_12/2014","UN",12.87,"SINAPI","INSTALACOES HIDRO SANITARIAS","CONEXOES"]
[89857,"LUVA DE CORRER, PVC, SERIE NORMAL, ESGOTO PREDIAL, DN 100 MM, JUNTA ELÁSTICA, FORNECIDO E INSTALADO EM SUBCOLETOR AÉREO DE ESGOTO SANITÁRIO. AF_12/2014","UN",18.73,"SINAPI","INSTALACOES HIDRO SANITARIAS","CONEXOES"]
[89859,"LUVA DE CORRER, PVC, SERIE NORMAL, ESGOTO PREDIAL, DN 150 MM, JUNTA ELÁSTICA, FORNECIDO E INSTALADO EM SUBCOLETOR AÉREO DE ESGOTO SANITÁRIO. AF_12/2014","UN",62.78,"SINAPI","INSTALACOES HIDRO SANITARIAS","CONEXOES"]
[89860,"TE, PVC, SERIE NORMAL, ESGOTO PREDIAL, DN 100 X 100 MM, JUNTA ELÁSTICA, FORNECIDO E INSTALADO EM SUBCOLETOR AÉREO DE ESGOTO SANITÁRIO. AF_12/2014","UN",27.57,"SINAPI","INSTALACOES HIDRO SANITARIAS","CONEXOES"]
[89861,"JUNÇÃO SIMPLES, PVC, SERIE NORMAL, ESGOTO PREDIAL, DN 100 X 100 MM, JUNTA ELÁSTICA, FORNECIDO E INSTALADO EM SUBCOLETOR AÉREO DE ESGOTO SANITÁRIO. AF_12/2014","UN",30.71,"SINAPI","INSTALACOES HIDRO SANITARIAS","CONEXOES"]
[89862,"TE, PVC, SERIE NORMAL, ESGOTO PREDIAL, DN 150 X 150 MM, JUNTA ELÁSTICA, FORNECIDO E INSTALADO EM SUBCOLETOR AÉREO DE ESGOTO SANITÁRIO. AF_12/2014","UN",57.34,"SINAPI","INSTALACOES HIDRO SANITARIAS","CONEXOES"]
[89863,"JUNÇÃO SIMPLES, PVC, SERIE NORMAL, ESGOTO PREDIAL, DN 150 X 150 MM, JUNTA ELÁSTICA, FORNECIDO E INSTALADO EM SUBCOLETOR AÉREO DE ESGOTO SANITÁRIO. AF_12/2014","UN",109.81,"SINAPI","INSTALACOES HIDRO SANITARIAS","CONEXOES"]
[89866,"JOELHO 90 GRAUS, PVC, SOLDÁVEL, DN 25MM, INSTALADO EM DRENO DE AR-CONDICIONADO - FORNECIMENTO E INSTALAÇÃO. AF_12/2014","UN",3.89,"SINAPI","INSTALACOES HIDRO SANITARIAS","CONEXOES"]
[89867,"JOELHO 45 GRAUS, PVC, SOLDÁVEL, DN 25MM, INSTALADO EM DRENO DE AR-CONDICIONADO - FORNECIMENTO E INSTALAÇÃO. AF_12/2014","UN",4.3600000000000003,"SINAPI","INSTALACOES HIDRO SANITARIAS","CONEXOES"]
[89868,"LUVA, PVC, SOLDÁVEL, DN 25MM, INSTALADO EM DRENO DE AR-CONDICIONADO - FORNECIMENTO E INSTALAÇÃO. AF_12/2014","UN",2.74,"SINAPI","INSTALACOES HIDRO SANITARIAS","CONEXOES"]
[89869,"TE, PVC, SOLDÁVEL, DN 25MM, INSTALADO EM DRENO DE AR-CONDICIONADO - FORNECIMENTO E INSTALAÇÃO. AF_12/2014","UN",6.01,"SINAPI","INSTALACOES HIDRO SANITARIAS","CONEXOES"]
[89979,"LUVA COM BUCHA DE LATÃO, PVC, SOLDÁVEL, DN 32MM X 1 , INSTALADO EM RAMAL OU SUB-RAMAL DE ÁGUA   FORNECIMENTO E INSTALAÇÃO. AF_12/2014","UN",16.93,"SINAPI","INSTALACOES HIDRO SANITARIAS","CONEXOES"]
[89980,"LUVA COM BUCHA DE LATÃO, PVC, SOLDÁVEL, DN 25MM X 3/4\u0094, INSTALADO EM PRUMADA DE ÁGUA - FORNECIMENTO E INSTALAÇÃO. AF_12/2014","UN",6.39,"SINAPI","INSTALACOES HIDRO SANITARIAS","CONEXOES"]
[89981,"LUVA SOLDÁVEL E COM BUCHA DE LATÃO, PVC, SOLDÁVEL, DN 32MM X 1 , INSTALADO EM PRUMADA DE ÁGUA   FORNECIMENTO E INSTALAÇÃO. AF_12/2014","UN",14.09,"SINAPI","INSTALACOES HIDRO SANITARIAS","CONEXOES"]
[90373,"JOELHO 90 GRAUS COM BUCHA DE LATÃO, PVC, SOLDÁVEL, DN 25MM, X 1/2\u0094 INSTALADO EM RAMAL OU SUB-RAMAL DE ÁGUA - FORNECIMENTO E INSTALAÇÃO. AF_12/2014","UN",10.39,"SINAPI","INSTALACOES HIDRO SANITARIAS","CONEXOES"]
[90374,"TÊ COM BUCHA DE LATÃO NA BOLSA CENTRAL, PVC, SOLDÁVEL, DN 25MM X 3/4\u0094, INSTALADO EM RAMAL OU SUB-RAMAL DE ÁGUA - FORNECIMENTO E INSTALAÇÃO. AF_03/2015","UN",15.76,"SINAPI","INSTALACOES HIDRO SANITARIAS","CONEXOES"]
[90375,"BUCHA DE REDUÇÃO, PVC, SOLDÁVEL, DN 40MM X 32MM, INSTALADO EM RAMAL OU SUB-RAMAL DE ÁGUA - FORNECIMENTO E INSTALAÇÃO. AF_03/2015","UN",6.86,"SINAPI","INSTALACOES HIDRO SANITARIAS","CONEXOES"]
[92287,"COTOVELO EM COBRE, DN 22 MM, 90 GRAUS, SEM ANEL DE SOLDA, INSTALADO EM PRUMADA   FORNECIMENTO E INSTALAÇÃO. AF_12/2015","UN",11.04,"SINAPI","INSTALACOES HIDRO SANITARIAS","CONEXOES"]
[92288,"COTOVELO EM COBRE, DN 28 MM, 90 GRAUS, SEM ANEL DE SOLDA, INSTALADO EM PRUMADA \u0096 FORNECIMENTO E INSTALAÇÃO. AF_12/2015","UN",16.55,"SINAPI","INSTALACOES HIDRO SANITARIAS","CONEXOES"]
[92289,"COTOVELO EM COBRE, DN 35 MM, 90 GRAUS, SEM ANEL DE SOLDA, INSTALADO EM PRUMADA \u0096 FORNECIMENTO E INSTALAÇÃO. AF_12/2015","UN",28.14,"SINAPI","INSTALACOES HIDRO SANITARIAS","CONEXOES"]
[92290,"COTOVELO EM COBRE, DN 42 MM, 90 GRAUS, SEM ANEL DE SOLDA, INSTALADO EM PRUMADA \u0096 FORNECIMENTO E INSTALAÇÃO. AF_12/2015","UN",42.08,"SINAPI","INSTALACOES HIDRO SANITARIAS","CONEXOES"]
[92291,"COTOVELO EM COBRE, DN 54 MM, 90 GRAUS, SEM ANEL DE SOLDA, INSTALADO EM PRUMADA \u0096 FORNECIMENTO E INSTALAÇÃO. AF_12/2015","UN",63.81,"SINAPI","INSTALACOES HIDRO SANITARIAS","CONEXOES"]
[92292,"COTOVELO EM COBRE, DN 66 MM, 90 GRAUS, SEM ANEL DE SOLDA, INSTALADO EM PRUMADA \u0096 FORNECIMENTO E INSTALAÇÃO. AF_12/2015","UN",194.3,"SINAPI","INSTALACOES HIDRO SANITARIAS","CONEXOES"]
[92293,"LUVA EM COBRE, DN 22 MM, SEM ANEL DE SOLDA, INSTALADO EM PRUMADA \u0096 FORNECIMENTO E INSTALAÇÃO. AF_12/2015","UN",6.47,"SINAPI","INSTALACOES HIDRO SANITARIAS","CONEXOES"]
[92294,"LUVA EM COBRE, DN 28 MM, SEM ANEL DE SOLDA, INSTALADO EM PRUMADA \u0096 FORNECIMENTO E INSTALAÇÃO. AF_12/2015","UN",10.23,"SINAPI","INSTALACOES HIDRO SANITARIAS","CONEXOES"]
[92295,"LUVA EM COBRE, DN 35 MM, SEM ANEL DE SOLDA, INSTALADO EM PRUMADA \u0096 FORNECIMENTO E INSTALAÇÃO. AF_12/2015","UN",18.350000000000001,"SINAPI","INSTALACOES HIDRO SANITARIAS","CONEXOES"]
[92296,"LUVA EM COBRE, DN 42 MM, SEM ANEL DE SOLDA, INSTALADO EM PRUMADA \u0096 FORNECIMENTO E INSTALAÇÃO. AF_12/2015","UN",24.24,"SINAPI","INSTALACOES HIDRO SANITARIAS","CONEXOES"]
[92297,"LUVA EM COBRE, DN 54 MM, SEM ANEL DE SOLDA, INSTALADO EM PRUMADA \u0096 FORNECIMENTO E INSTALAÇÃO. AF_12/2015","UN",37.01,"SINAPI","INSTALACOES HIDRO SANITARIAS","CONEXOES"]
[92298,"LUVA EM COBRE, DN 66 MM, SEM ANEL DE SOLDA, INSTALADO EM PRUMADA \u0096 FORNECIMENTO E INSTALAÇÃO. AF_12/2015","UN",101.05,"SINAPI","INSTALACOES HIDRO SANITARIAS","CONEXOES"]
[92299,"TE EM COBRE, DN 22 MM, SEM ANEL DE SOLDA, INSTALADO EM PRUMADA \u0096 FORNECIMENTO E INSTALAÇÃO. AF_12/2015","UN",14.56,"SINAPI","INSTALACOES HIDRO SANITARIAS","CONEXOES"]
[92300,"TE EM COBRE, DN 28 MM, SEM ANEL DE SOLDA, INSTALADO EM PRUMADA \u0096 FORNECIMENTO E INSTALAÇÃO. AF_12/2015","UN",21.18,"SINAPI","INSTALACOES HIDRO SANITARIAS","CONEXOES"]
[92301,"TE EM COBRE, DN 35 MM, SEM ANEL DE SOLDA, INSTALADO EM PRUMADA \u0096 FORNECIMENTO E INSTALAÇÃO. AF_12/2015","UN",39.89,"SINAPI","INSTALACOES HIDRO SANITARIAS","CONEXOES"]
[92302,"TE EM COBRE, DN 42 MM, SEM ANEL DE SOLDA, INSTALADO EM PRUMADA \u0096 FORNECIMENTO E INSTALAÇÃO. AF_12/2015","UN",52.38,"SINAPI","INSTALACOES HIDRO SANITARIAS","CONEXOES"]
[92303,"TE EM COBRE, DN 54 MM, SEM ANEL DE SOLDA, INSTALADO EM PRUMADA \u0096 FORNECIMENTO E INSTALAÇÃO. AF_12/2015","UN",94.22,"SINAPI","INSTALACOES HIDRO SANITARIAS","CONEXOES"]
[92304,"TE EM COBRE, DN 66 MM, SEM ANEL DE SOLDA, INSTALADO EM PRUMADA \u0096 FORNECIMENTO E INSTALAÇÃO. AF_12/2015","UN",240.09,"SINAPI","INSTALACOES HIDRO SANITARIAS","CONEXOES"]
[92311,"COTOVELO EM COBRE, DN 15 MM, 90 GRAUS, SEM ANEL DE SOLDA, INSTALADO EM RAMAL DE DISTRIBUIÇÃO \u0096 FORNECIMENTO E INSTALAÇÃO. AF_12/2015","UN",8.76,"SINAPI","INSTALACOES HIDRO SANITARIAS","CONEXOES"]
[92312,"COTOVELO EM COBRE, DN 22 MM, 90 GRAUS, SEM ANEL DE SOLDA, INSTALADO EM RAMAL DE DISTRIBUIÇÃO \u0096 FORNECIMENTO E INSTALAÇÃO. AF_12/2015","UN",13.49,"SINAPI","INSTALACOES HIDRO SANITARIAS","CONEXOES"]
[92313,"COTOVELO EM COBRE, DN 28 MM, 90 GRAUS, SEM ANEL DE SOLDA, INSTALADO EM RAMAL DE DISTRIBUIÇÃO \u0096 FORNECIMENTO E INSTALAÇÃO. AF_12/2015","UN",19.010000000000002,"SINAPI","INSTALACOES HIDRO SANITARIAS","CONEXOES"]
[92314,"LUVA EM COBRE, DN 15 MM, SEM ANEL DE SOLDA, INSTALADO EM RAMAL DE DISTRIBUIÇÃO \u0096 FORNECIMENTO E INSTALAÇÃO. AF_12/2015","UN",5.7,"SINAPI","INSTALACOES HIDRO SANITARIAS","CONEXOES"]
[92315,"LUVA EM COBRE, DN 22 MM, SEM ANEL DE SOLDA, INSTALADO EM RAMAL DE DISTRIBUIÇÃO \u0096 FORNECIMENTO E INSTALAÇÃO. AF_12/2015","UN",8.15,"SINAPI","INSTALACOES HIDRO SANITARIAS","CONEXOES"]
[92316,"LUVA EM COBRE, DN 28 MM, SEM ANEL DE SOLDA, INSTALADO EM RAMAL DE DISTRIBUIÇÃO \u0096 FORNECIMENTO E INSTALAÇÃO. AF_12/2015","UN",11.92,"SINAPI","INSTALACOES HIDRO SANITARIAS","CONEXOES"]
[92317,"TE EM COBRE, DN 15 MM, SEM ANEL DE SOLDA, INSTALADO EM RAMAL DE DISTRIBUIÇÃO \u0096 FORNECIMENTO E INSTALAÇÃO. AF_12/2015","UN",11.88,"SINAPI","INSTALACOES HIDRO SANITARIAS","CONEXOES"]
[92318,"TE EM COBRE, DN 22 MM, SEM ANEL DE SOLDA, INSTALADO EM RAMAL DE DISTRIBUIÇÃO \u0096 FORNECIMENTO E INSTALAÇÃO. AF_12/2015","UN",17.850000000000001,"SINAPI","INSTALACOES HIDRO SANITARIAS","CONEXOES"]
[92319,"TE EM COBRE, DN 28 MM, SEM ANEL DE SOLDA, INSTALADO EM RAMAL DE DISTRIBUIÇÃO \u0096 FORNECIMENTO E INSTALAÇÃO. AF_12/2015","UN",24.47,"SINAPI","INSTALACOES HIDRO SANITARIAS","CONEXOES"]
[92326,"COTOVELO EM COBRE, DN 15 MM, 90 GRAUS, SEM ANEL DE SOLDA, INSTALADO EM RAMAL E SUB-RAMAL \u0096 FORNECIMENTO E INSTALAÇÃO. AF_12/2015","UN",9.74,"SINAPI","INSTALACOES HIDRO SANITARIAS","CONEXOES"]
[92327,"COTOVELO EM COBRE, DN 22 MM, 90 GRAUS, SEM ANEL DE SOLDA, INSTALADO EM RAMAL E SUB-RAMAL \u0096 FORNECIMENTO E INSTALAÇÃO. AF_12/2015","UN",15.77,"SINAPI","INSTALACOES HIDRO SANITARIAS","CONEXOES"]
[92328,"COTOVELO EM COBRE, DN 28 MM, 90 GRAUS, SEM ANEL DE SOLDA, INSTALADO EM RAMAL E SUB-RAMAL \u0096 FORNECIMENTO E INSTALAÇÃO. AF_12/2015","UN",23.03,"SINAPI","INSTALACOES HIDRO SANITARIAS","CONEXOES"]
[92329,"LUVA EM COBRE, DN 15 MM, SEM ANEL DE SOLDA, INSTALADO EM RAMAL E SUB-RAMAL \u0096 FORNECIMENTO E INSTALAÇÃO. AF_12/2015","UN",5.87,"SINAPI","INSTALACOES HIDRO SANITARIAS","CONEXOES"]
[92330,"LUVA EM COBRE, DN 22 MM, SEM ANEL DE SOLDA, INSTALADO EM RAMAL E SUB-RAMAL \u0096 FORNECIMENTO E INSTALAÇÃO. AF_12/2015","UN",9.6300000000000008,"SINAPI","INSTALACOES HIDRO SANITARIAS","CONEXOES"]
[92331,"LUVA EM COBRE, DN 28 MM, SEM ANEL DE SOLDA, INSTALADO EM RAMAL E SUB-RAMAL \u0096 FORNECIMENTO E INSTALAÇÃO. AF_12/2015","UN",14.59,"SINAPI","INSTALACOES HIDRO SANITARIAS","CONEXOES"]
[92332,"TE EM COBRE, DN 15 MM, SEM ANEL DE SOLDA, INSTALADO EM RAMAL E SUB-RAMAL \u0096 FORNECIMENTO E INSTALAÇÃO. AF_12/2015","UN",12.12,"SINAPI","INSTALACOES HIDRO SANITARIAS","CONEXOES"]
[92333,"TE EM COBRE, DN 22 MM, SEM ANEL DE SOLDA, INSTALADO EM RAMAL E SUB-RAMAL \u0096 FORNECIMENTO E INSTALAÇÃO. AF_12/2015","UN",20.85,"SINAPI","INSTALACOES HIDRO SANITARIAS","CONEXOES"]
[92334,"TE EM COBRE, DN 28 MM, SEM ANEL DE SOLDA, INSTALADO EM RAMAL E SUB-RAMAL \u0096 FORNECIMENTO E INSTALAÇÃO. AF_12/2015","UN",29.83,"SINAPI","INSTALACOES HIDRO SANITARIAS","CONEXOES"]
[92344,"NIPLE, EM FERRO GALVANIZADO, DN 50 (2\"), CONEXÃO ROSQUEADA, INSTALADO EM PRUMADAS - FORNECIMENTO E INSTALAÇÃO. AF_12/2015","UN",48.91,"SINAPI","INSTALACOES HIDRO SANITARIAS","CONEXOES"]
[92345,"LUVA, EM FERRO GALVANIZADO, DN 50 (2\"), CONEXÃO ROSQUEADA, INSTALADO EM PRUMADAS - FORNECIMENTO E INSTALAÇÃO. AF_12/2015","UN",48.9,"SINAPI","INSTALACOES HIDRO SANITARIAS","CONEXOES"]
[92346,"NIPLE, EM FERRO GALVANIZADO, DN 65 (2 1/2\"), CONEXÃO ROSQUEADA, INSTALADO EM PRUMADAS - FORNECIMENTO E INSTALAÇÃO. AF_12/2015","UN",63.55,"SINAPI","INSTALACOES HIDRO SANITARIAS","CONEXOES"]
[92347,"LUVA, EM FERRO GALVANIZADO, DN 65 (2 1/2\"), CONEXÃO ROSQUEADA, INSTALADO EM PRUMADAS - FORNECIMENTO E INSTALAÇÃO. AF_12/2015","UN",70.319999999999993,"SINAPI","INSTALACOES HIDRO SANITARIAS","CONEXOES"]
[92348,"NIPLE, EM FERRO GALVANIZADO, DN 80 (3\"), CONEXÃO ROSQUEADA, INSTALADO EM PRUMADAS - FORNECIMENTO E INSTALAÇÃO. AF_12/2015","UN",88.05,"SINAPI","INSTALACOES HIDRO SANITARIAS","CONEXOES"]
[92349,"LUVA, EM FERRO GALVANIZADO, DN 80 (3\"), CONEXÃO ROSQUEADA, INSTALADO EM PRUMADAS - FORNECIMENTO E INSTALAÇÃO. AF_12/2015","UN",94.08,"SINAPI","INSTALACOES HIDRO SANITARIAS","CONEXOES"]
[92350,"JOELHO 45 GRAUS, EM FERRO GALVANIZADO, DN 50 (2\"), CONEXÃO ROSQUEADA, INSTALADO EM PRUMADAS - FORNECIMENTO E INSTALAÇÃO. AF_12/2015","UN",72.81,"SINAPI","INSTALACOES HIDRO SANITARIAS","CONEXOES"]
[92351,"JOELHO 90 GRAUS, EM FERRO GALVANIZADO, DN 50 (2\"), CONEXÃO ROSQUEADA, INSTALADO EM PRUMADAS - FORNECIMENTO E INSTALAÇÃO. AF_12/2015","UN",71.3,"SINAPI","INSTALACOES HIDRO SANITARIAS","CONEXOES"]
[92352,"JOELHO 45 GRAUS, EM FERRO GALVANIZADO, DN 65 (2 1/2\"), CONEXÃO ROSQUEADA, INSTALADO EM PRUMADAS - FORNECIMENTO E INSTALAÇÃO. AF_12/2015","UN",108.35,"SINAPI","INSTALACOES HIDRO SANITARIAS","CONEXOES"]
[92353,"JOELHO 90 GRAUS, EM FERRO GALVANIZADO, DN 65 (2 1/2\"), CONEXÃO ROSQUEADA, INSTALADO EM PRUMADAS - FORNECIMENTO E INSTALAÇÃO. AF_12/2015","UN",101.71,"SINAPI","INSTALACOES HIDRO SANITARIAS","CONEXOES"]
[92354,"JOELHO 45 GRAUS, EM FERRO GALVANIZADO, DN 80 (3\"), CONEXÃO ROSQUEADA, INSTALADO EM PRUMADAS - FORNECIMENTO E INSTALAÇÃO. AF_12/2015","UN",142.5,"SINAPI","INSTALACOES HIDRO SANITARIAS","CONEXOES"]
[92355,"JOELHO 90 GRAUS, EM FERRO GALVANIZADO, DN 80 (3\"), CONEXÃO ROSQUEADA, INSTALADO EM PRUMADAS - FORNECIMENTO E INSTALAÇÃO. AF_12/2015","UN",129.71,"SINAPI","INSTALACOES HIDRO SANITARIAS","CONEXOES"]
[92356,"TÊ, EM FERRO GALVANIZADO, DN 50 (2\"), CONEXÃO ROSQUEADA, INSTALADO EM PRUMADAS - FORNECIMENTO E INSTALAÇÃO. AF_12/2015","UN",95.04,"SINAPI","INSTALACOES HIDRO SANITARIAS","CONEXOES"]
[92357,"TÊ, EM FERRO GALVANIZADO, DN 65 (2 1/2\"), CONEXÃO ROSQUEADA, INSTALADO EM PRUMADAS - FORNECIMENTO E INSTALAÇÃO. AF_12/2015","UN",138.94999999999999,"SINAPI","INSTALACOES HIDRO SANITARIAS","CONEXOES"]
[92358,"TÊ, EM FERRO GALVANIZADO, DN 80 (3\"), CONEXÃO ROSQUEADA, INSTALADO EM PRUMADAS - FORNECIMENTO E INSTALAÇÃO. AF_12/2015","UN",171.71,"SINAPI","INSTALACOES HIDRO SANITARIAS","CONEXOES"]
[92369,"NIPLE, EM FERRO GALVANIZADO, DN 25 (1\"), CONEXÃO ROSQUEADA, INSTALADO EM REDE DE ALIMENTAÇÃO PARA HIDRANTE - FORNECIMENTO E INSTALAÇÃO. AF_12/2015","UN",27.07,"SINAPI","INSTALACOES HIDRO SANITARIAS","CONEXOES"]
[92370,"LUVA, EM FERRO GALVANIZADO, DN 25 (1\"), CONEXÃO ROSQUEADA, INSTALADO EM REDE DE ALIMENTAÇÃO PARA HIDRANTE - FORNECIMENTO E INSTALAÇÃO. AF_12/2015","UN",28.29,"SINAPI","INSTALACOES HIDRO SANITARIAS","CONEXOES"]
[92371,"NIPLE, EM FERRO GALVANIZADO, DN 32 (1 1/4\"), CONEXÃO ROSQUEADA, INSTALADO EM REDE DE ALIMENTAÇÃO PARA HIDRANTE - FORNECIMENTO E INSTALAÇÃO. AF_12/2015","UN",32.43,"SINAPI","INSTALACOES HIDRO SANITARIAS","CONEXOES"]
[92372,"LUVA, EM FERRO GALVANIZADO, DN 32 (1 1/4\"), CONEXÃO ROSQUEADA, INSTALADO EM REDE DE ALIMENTAÇÃO PARA HIDRANTE - FORNECIMENTO E INSTALAÇÃO. AF_12/2015","UN",33.57,"SINAPI","INSTALACOES HIDRO SANITARIAS","CONEXOES"]
[92373,"NIPLE, EM FERRO GALVANIZADO, DN 40 (1 1/2\"), CONEXÃO ROSQUEADA, INSTALADO EM REDE DE ALIMENTAÇÃO PARA HIDRANTE - FORNECIMENTO E INSTALAÇÃO. AF_12/2015","UN",38.08,"SINAPI","INSTALACOES HIDRO SANITARIAS","CONEXOES"]
[92374,"LUVA, EM FERRO GALVANIZADO, DN 40 (1 1/2\"), CONEXÃO ROSQUEADA, INSTALADO EM REDE DE ALIMENTAÇÃO PARA HIDRANTE - FORNECIMENTO E INSTALAÇÃO. AF_12/2015","UN",38.299999999999997,"SINAPI","INSTALACOES HIDRO SANITARIAS","CONEXOES"]
[92375,"NIPLE, EM FERRO GALVANIZADO, DN 50 (2\"), CONEXÃO ROSQUEADA, INSTALADO EM REDE DE ALIMENTAÇÃO PARA HIDRANTE - FORNECIMENTO E INSTALAÇÃO. AF_12/2015","UN",48.87,"SINAPI","INSTALACOES HIDRO SANITARIAS","CONEXOES"]
[92376,"LUVA, EM FERRO GALVANIZADO, DN 50 (2\"), CONEXÃO ROSQUEADA, INSTALADO EM REDE DE ALIMENTAÇÃO PARA HIDRANTE - FORNECIMENTO E INSTALAÇÃO. AF_12/2015","UN",48.86,"SINAPI","INSTALACOES HIDRO SANITARIAS","CONEXOES"]
[92377,"NIPLE, EM FERRO GALVANIZADO, DN 65 (2 1/2\"), CONEXÃO ROSQUEADA, INSTALADO EM REDE DE ALIMENTAÇÃO PARA HIDRANTE - FORNECIMENTO E INSTALAÇÃO. AF_12/2015","UN",64.89,"SINAPI","INSTALACOES HIDRO SANITARIAS","CONEXOES"]
[92378,"LUVA, EM FERRO GALVANIZADO, DN 65 (2 1/2\"), CONEXÃO ROSQUEADA, INSTALADO EM REDE DE ALIMENTAÇÃO PARA HIDRANTE - FORNECIMENTO E INSTALAÇÃO. AF_12/2015","UN",71.66,"SINAPI","INSTALACOES HIDRO SANITARIAS","CONEXOES"]
[92379,"NIPLE, EM FERRO GALVANIZADO, DN 80 (3\"), CONEXÃO ROSQUEADA, INSTALADO EM REDE DE ALIMENTAÇÃO PARA HIDRANTE - FORNECIMENTO E INSTALAÇÃO. AF_12/2015","UN",90.8,"SINAPI","INSTALACOES HIDRO SANITARIAS","CONEXOES"]
[92380,"LUVA, EM FERRO GALVANIZADO, DN 80 (3\"), CONEXÃO ROSQUEADA, INSTALADO EM REDE DE ALIMENTAÇÃO PARA HIDRANTE - FORNECIMENTO E INSTALAÇÃO. AF_12/2015","UN",96.83,"SINAPI","INSTALACOES HIDRO SANITARIAS","CONEXOES"]
[92381,"JOELHO 45 GRAUS, EM FERRO GALVANIZADO, DN 25 (1\"), CONEXÃO ROSQUEADA, INSTALADO EM REDE DE ALIMENTAÇÃO PARA HIDRANTE - FORNECIMENTO E INSTALAÇÃO. AF_12/2015","UN",40.98,"SINAPI","INSTALACOES HIDRO SANITARIAS","CONEXOES"]
[92382,"JOELHO 90 GRAUS, EM FERRO GALVANIZADO, DN 25 (1\"), CONEXÃO ROSQUEADA, INSTALADO EM REDE DE ALIMENTAÇÃO PARA HIDRANTE - FORNECIMENTO E INSTALAÇÃO. AF_12/2015","UN",39.36,"SINAPI","INSTALACOES HIDRO SANITARIAS","CONEXOES"]
[92383,"JOELHO 45 GRAUS, EM FERRO GALVANIZADO, DN 32 (1 1/4\"), CONEXÃO ROSQUEADA, INSTALADO EM REDE DE ALIMENTAÇÃO PARA HIDRANTE - FORNECIMENTO E INSTALAÇÃO. AF_12/2015","UN",50.99,"SINAPI","INSTALACOES HIDRO SANITARIAS","CONEXOES"]
[92384,"JOELHO 90 GRAUS, EM FERRO GALVANIZADO, DN 32 (1 1/4\"), CONEXÃO ROSQUEADA, INSTALADO EM REDE DE ALIMENTAÇÃO PARA HIDRANTE - FORNECIMENTO E INSTALAÇÃO. AF_12/2015","UN",47.77,"SINAPI","INSTALACOES HIDRO SANITARIAS","CONEXOES"]
[92385,"JOELHO 45 GRAUS, EM FERRO GALVANIZADO, DN 40 (1 1/2\"), CONEXÃO ROSQUEADA, INSTALADO EM REDE DE ALIMENTAÇÃO PARA HIDRANTE - FORNECIMENTO E INSTALAÇÃO. AF_12/2015","UN",58.24,"SINAPI","INSTALACOES HIDRO SANITARIAS","CONEXOES"]
[92386,"JOELHO 90 GRAUS, EM FERRO GALVANIZADO, DN 40 (1 1/2\"), CONEXÃO ROSQUEADA, INSTALADO EM REDE DE ALIMENTAÇÃO PARA HIDRANTE - FORNECIMENTO E INSTALAÇÃO. AF_12/2015","UN",56.02,"SINAPI","INSTALACOES HIDRO SANITARIAS","CONEXOES"]
[92387,"JOELHO 45 GRAUS, EM FERRO GALVANIZADO, DN 50 (2\"), CONEXÃO ROSQUEADA, INSTALADO EM REDE DE ALIMENTAÇÃO PARA HIDRANTE - FORNECIMENTO E INSTALAÇÃO. AF_12/2015","UN",72.73,"SINAPI","INSTALACOES HIDRO SANITARIAS","CONEXOES"]
[92388,"JOELHO 90 GRAUS, EM FERRO GALVANIZADO, DN 50 (2\"), CONEXÃO ROSQUEADA, INSTALADO EM REDE DE ALIMENTAÇÃO PARA HIDRANTE - FORNECIMENTO E INSTALAÇÃO. AF_12/2015","UN",71.22,"SINAPI","INSTALACOES HIDRO SANITARIAS","CONEXOES"]
[92389,"JOELHO 45 GRAUS, EM FERRO GALVANIZADO, DN 65 (2 1/2\"), CONEXÃO ROSQUEADA, INSTALADO EM REDE DE ALIMENTAÇÃO PARA HIDRANTE - FORNECIMENTO E INSTALAÇÃO. AF_12/2015","UN",110.4,"SINAPI","INSTALACOES HIDRO SANITARIAS","CONEXOES"]
[92390,"JOELHO 90 GRAUS, EM FERRO GALVANIZADO, DN 65 (2 1/2\"), CONEXÃO ROSQUEADA, INSTALADO EM REDE DE ALIMENTAÇÃO PARA HIDRANTE - FORNECIMENTO E INSTALAÇÃO. AF_12/2015","UN",103.76,"SINAPI","INSTALACOES HIDRO SANITARIAS","CONEXOES"]
[92635,"JOELHO 45 GRAUS, EM FERRO GALVANIZADO, CONEXÃO ROSQUEADA, DN 80 (3\"), INSTALADO EM REDE DE ALIMENTAÇÃO PARA HIDRANTE - FORNECIMENTO E INSTALAÇÃO. AF_12/2015","UN",146.63,"SINAPI","INSTALACOES HIDRO SANITARIAS","CONEXOES"]
[92636,"JOELHO 90 GRAUS, EM FERRO GALVANIZADO, CONEXÃO ROSQUEADA, DN 80 (3\"), INSTALADO EM REDE DE ALIMENTAÇÃO PARA HIDRANTE - FORNECIMENTO E INSTALAÇÃO. AF_12/2015","UN",133.84,"SINAPI","INSTALACOES HIDRO SANITARIAS","CONEXOES"]
[92637,"TÊ, EM FERRO GALVANIZADO, CONEXÃO ROSQUEADA, DN 25 (1\"), INSTALADO EM REDE DE ALIMENTAÇÃO PARA HIDRANTE - FORNECIMENTO E INSTALAÇÃO. AF_12/2015","UN",53.08,"SINAPI","INSTALACOES HIDRO SANITARIAS","CONEXOES"]
[92638,"TÊ, EM FERRO GALVANIZADO, CONEXÃO ROSQUEADA, DN 32 (1 1/4\"), INSTALADO EM REDE DE ALIMENTAÇÃO PARA HIDRANTE - FORNECIMENTO E INSTALAÇÃO. AF_12/2015","UN",64.099999999999994,"SINAPI","INSTALACOES HIDRO SANITARIAS","CONEXOES"]
[92639,"TÊ, EM FERRO GALVANIZADO, CONEXÃO ROSQUEADA, DN 40 (1 1/2\"), INSTALADO EM REDE DE ALIMENTAÇÃO PARA HIDRANTE - FORNECIMENTO E INSTALAÇÃO. AF_12/2015","UN",73.84,"SINAPI","INSTALACOES HIDRO SANITARIAS","CONEXOES"]
[92640,"TÊ, EM FERRO GALVANIZADO, CONEXÃO ROSQUEADA, DN 50 (2\"), INSTALADO EM REDE DE ALIMENTAÇÃO PARA HIDRANTE - FORNECIMENTO E INSTALAÇÃO. AF_12/2015","UN",94.92,"SINAPI","INSTALACOES HIDRO SANITARIAS","CONEXOES"]
[92642,"TÊ, EM FERRO GALVANIZADO, CONEXÃO ROSQUEADA, DN 65 (2 1/2\"), INSTALADO EM REDE DE ALIMENTAÇÃO PARA HIDRANTE - FORNECIMENTO E INSTALAÇÃO. AF_12/2015","UN",141.62,"SINAPI","INSTALACOES HIDRO SANITARIAS","CONEXOES"]
[92644,"TÊ, EM FERRO GALVANIZADO, CONEXÃO ROSQUEADA, DN 80 (3\"), INSTALADO EM REDE DE ALIMENTAÇÃO PARA HIDRANTE - FORNECIMENTO E INSTALAÇÃO. AF_12/2015","UN",177.22,"SINAPI","INSTALACOES HIDRO SANITARIAS","CONEXOES"]
[92657,"NIPLE, EM FERRO GALVANIZADO, CONEXÃO ROSQUEADA, DN 25 (1\"), INSTALADO EM REDE DE ALIMENTAÇÃO PARA SPRINKLER - FORNECIMENTO E INSTALAÇÃO. AF_12/2015","UN",19.64,"SINAPI","INSTALACOES HIDRO SANITARIAS","CONEXOES"]
[92658,"LUVA, EM FERRO GALVANIZADO, CONEXÃO ROSQUEADA, DN 25 (1\"), INSTALADO EM REDE DE ALIMENTAÇÃO PARA SPRINKLER - FORNECIMENTO E INSTALAÇÃO. AF_12/2015","UN",20.86,"SINAPI","INSTALACOES HIDRO SANITARIAS","CONEXOES"]
[92659,"NIPLE, EM FERRO GALVANIZADO, CONEXÃO ROSQUEADA, DN 32 (1 1/4\"), INSTALADO EM REDE DE ALIMENTAÇÃO PARA SPRINKLER - FORNECIMENTO E INSTALAÇÃO. AF_12/2015","UN",23.97,"SINAPI","INSTALACOES HIDRO SANITARIAS","CONEXOES"]
[92660,"LUVA, EM FERRO GALVANIZADO, CONEXÃO ROSQUEADA, DN 32 (1 1/4\"), INSTALADO EM REDE DE ALIMENTAÇÃO PARA SPRINKLER - FORNECIMENTO E INSTALAÇÃO. AF_12/2015","UN",25.11,"SINAPI","INSTALACOES HIDRO SANITARIAS","CONEXOES"]
[92661,"NIPLE, EM FERRO GALVANIZADO, CONEXÃO ROSQUEADA, DN 40 (1 1/2\"), INSTALADO EM REDE DE ALIMENTAÇÃO PARA SPRINKLER - FORNECIMENTO E INSTALAÇÃO. AF_12/2015","UN",28.44,"SINAPI","INSTALACOES HIDRO SANITARIAS","CONEXOES"]
[92662,"LUVA, EM FERRO GALVANIZADO, CONEXÃO ROSQUEADA, DN 40 (1 1/2\"), INSTALADO EM REDE DE ALIMENTAÇÃO PARA SPRINKLER - FORNECIMENTO E INSTALAÇÃO. AF_12/2015","UN",28.66,"SINAPI","INSTALACOES HIDRO SANITARIAS","CONEXOES"]
[92663,"NIPLE, EM FERRO GALVANIZADO, CONEXÃO ROSQUEADA, DN 50 (2\"), INSTALADO EM REDE DE ALIMENTAÇÃO PARA SPRINKLER - FORNECIMENTO E INSTALAÇÃO. AF_12/2015","UN",37.78,"SINAPI","INSTALACOES HIDRO SANITARIAS","CONEXOES"]
[92664,"LUVA, EM FERRO GALVANIZADO, CONEXÃO ROSQUEADA, DN 50 (2\"), INSTALADO EM REDE DE ALIMENTAÇÃO PARA SPRINKLER - FORNECIMENTO E INSTALAÇÃO. AF_12/2015","UN",37.770000000000003,"SINAPI","INSTALACOES HIDRO SANITARIAS","CONEXOES"]
[92665,"NIPLE, EM FERRO GALVANIZADO, CONEXÃO ROSQUEADA, DN 65 (2 1/2\"), INSTALADO EM REDE DE ALIMENTAÇÃO PARA SPRINKLER - FORNECIMENTO E INSTALAÇÃO. AF_12/2015","UN",51.59,"SINAPI","INSTALACOES HIDRO SANITARIAS","CONEXOES"]
[92666,"LUVA, EM FERRO GALVANIZADO, CONEXÃO ROSQUEADA, DN 65 (2 1/2\"), INSTALADO EM REDE DE ALIMENTAÇÃO PARA SPRINKLER - FORNECIMENTO E INSTALAÇÃO. AF_12/2015","UN",58.36,"SINAPI","INSTALACOES HIDRO SANITARIAS","CONEXOES"]
[92667,"NIPLE, EM FERRO GALVANIZADO, CONEXÃO ROSQUEADA, DN 80 (3\"), INSTALADO EM REDE DE ALIMENTAÇÃO PARA SPRINKLER - FORNECIMENTO E INSTALAÇÃO. AF_12/2015","UN",75.349999999999994,"SINAPI","INSTALACOES HIDRO SANITARIAS","CONEXOES"]
[92668,"LUVA, EM FERRO GALVANIZADO, CONEXÃO ROSQUEADA, DN 80 (3\"), INSTALADO EM REDE DE ALIMENTAÇÃO PARA SPRINKLER - FORNECIMENTO E INSTALAÇÃO. AF_12/2015","UN",81.38,"SINAPI","INSTALACOES HIDRO SANITARIAS","CONEXOES"]
[92669,"JOELHO 45 GRAUS, EM FERRO GALVANIZADO, CONEXÃO ROSQUEADA, DN 25 (1\"), INSTALADO EM REDE DE ALIMENTAÇÃO PARA SPRINKLER - FORNECIMENTO E INSTALAÇÃO. AF_12/2015","UN",29.81,"SINAPI","INSTALACOES HIDRO SANITARIAS","CONEXOES"]
[92670,"JOELHO 90 GRAUS, EM FERRO GALVANIZADO, CONEXÃO ROSQUEADA, DN 25 (1\"), INSTALADO EM REDE DE ALIMENTAÇÃO PARA SPRINKLER - FORNECIMENTO E INSTALAÇÃO. AF_12/2015","UN",28.19,"SINAPI","INSTALACOES HIDRO SANITARIAS","CONEXOES"]
[92671,"JOELHO 45 GRAUS, EM FERRO GALVANIZADO, CONEXÃO ROSQUEADA, DN 32 (1 1/4\"), INSTALADO EM REDE DE ALIMENTAÇÃO PARA SPRINKLER - FORNECIMENTO E INSTALAÇÃO. AF_12/2015","UN",38.32,"SINAPI","INSTALACOES HIDRO SANITARIAS","CONEXOES"]
[92672,"JOELHO 90 GRAUS, EM FERRO GALVANIZADO, CONEXÃO ROSQUEADA, DN 32 (1 1/4\"), INSTALADO EM REDE DE ALIMENTAÇÃO PARA SPRINKLER - FORNECIMENTO E INSTALAÇÃO. AF_12/2015","UN",35.1,"SINAPI","INSTALACOES HIDRO SANITARIAS","CONEXOES"]
[92673,"JOELHO 45 GRAUS, EM FERRO GALVANIZADO, CONEXÃO ROSQUEADA, DN 40 (1 1/2\"), INSTALADO EM REDE DE ALIMENTAÇÃO PARA SPRINKLER - FORNECIMENTO E INSTALAÇÃO. AF_12/2015","UN",43.82,"SINAPI","INSTALACOES HIDRO SANITARIAS","CONEXOES"]
[92674,"JOELHO 90 GRAUS, EM FERRO GALVANIZADO, CONEXÃO ROSQUEADA, DN 40 (1 1/2\"), INSTALADO EM REDE DE ALIMENTAÇÃO PARA SPRINKLER - FORNECIMENTO E INSTALAÇÃO. AF_12/2015","UN",41.6,"SINAPI","INSTALACOES HIDRO SANITARIAS","CONEXOES"]
[92675,"JOELHO 45 GRAUS, EM FERRO GALVANIZADO, CONEXÃO ROSQUEADA, DN 50 (2\"), INSTALADO EM REDE DE ALIMENTAÇÃO PARA SPRINKLER - FORNECIMENTO E INSTALAÇÃO. AF_12/2015","UN",56.13,"SINAPI","INSTALACOES HIDRO SANITARIAS","CONEXOES"]
[92676,"JOELHO 90 GRAUS, EM FERRO GALVANIZADO, CONEXÃO ROSQUEADA, DN 50 (2\"), INSTALADO EM REDE DE ALIMENTAÇÃO PARA SPRINKLER - FORNECIMENTO E INSTALAÇÃO. AF_12/2015","UN",54.62,"SINAPI","INSTALACOES HIDRO SANITARIAS","CONEXOES"]
[92677,"JOELHO 45 GRAUS, EM FERRO GALVANIZADO, CONEXÃO ROSQUEADA, DN 65 (2 1/2\"), INSTALADO EM REDE DE ALIMENTAÇÃO PARA SPRINKLER - FORNECIMENTO E INSTALAÇÃO. AF_12/2015","UN",90.5,"SINAPI","INSTALACOES HIDRO SANITARIAS","CONEXOES"]
[92678,"JOELHO 90 GRAUS, EM FERRO GALVANIZADO, CONEXÃO ROSQUEADA, DN 65 (2 1/2\"), INSTALADO EM REDE DE ALIMENTAÇÃO PARA SPRINKLER - FORNECIMENTO E INSTALAÇÃO. AF_12/2015","UN",83.86,"SINAPI","INSTALACOES HIDRO SANITARIAS","CONEXOES"]
[92679,"JOELHO 45 GRAUS, EM FERRO GALVANIZADO, CONEXÃO ROSQUEADA, DN 80 (3\"), INSTALADO EM REDE DE ALIMENTAÇÃO PARA SPRINKLER - FORNECIMENTO E INSTALAÇÃO. AF_12/2015","UN",123.46,"SINAPI","INSTALACOES HIDRO SANITARIAS","CONEXOES"]
[92680,"JOELHO 90 GRAUS, EM FERRO GALVANIZADO, CONEXÃO ROSQUEADA, DN 80 (3\"), INSTALADO EM REDE DE ALIMENTAÇÃO PARA SPRINKLER - FORNECIMENTO E INSTALAÇÃO. AF_12/2015","UN",110.67,"SINAPI","INSTALACOES HIDRO SANITARIAS","CONEXOES"]
[92681,"TÊ, EM FERRO GALVANIZADO, CONEXÃO ROSQUEADA, DN 25 (1\"), INSTALADO EM REDE DE ALIMENTAÇÃO PARA SPRINKLER - FORNECIMENTO E INSTALAÇÃO. AF_12/2015","UN",38.18,"SINAPI","INSTALACOES HIDRO SANITARIAS","CONEXOES"]
[92682,"TÊ, EM FERRO GALVANIZADO, CONEXÃO ROSQUEADA, DN 32 (1 1/4\"), INSTALADO EM REDE DE ALIMENTAÇÃO PARA SPRINKLER - FORNECIMENTO E INSTALAÇÃO. AF_12/2015","UN",47.15,"SINAPI","INSTALACOES HIDRO SANITARIAS","CONEXOES"]
[92683,"TÊ, EM FERRO GALVANIZADO, CONEXÃO ROSQUEADA, DN 40 (1 1/2\"), INSTALADO EM REDE DE ALIMENTAÇÃO PARA SPRINKLER - FORNECIMENTO E INSTALAÇÃO. AF_12/2015","UN",54.61,"SINAPI","INSTALACOES HIDRO SANITARIAS","CONEXOES"]
[92684,"TÊ, EM FERRO GALVANIZADO, CONEXÃO ROSQUEADA, DN 50 (2\"), INSTALADO EM REDE DE ALIMENTAÇÃO PARA SPRINKLER - FORNECIMENTO E INSTALAÇÃO. AF_12/2015","UN",72.78,"SINAPI","INSTALACOES HIDRO SANITARIAS","CONEXOES"]
[92685,"TÊ, EM FERRO GALVANIZADO, CONEXÃO ROSQUEADA, DN 65 (2 1/2\"), INSTALADO EM REDE DE ALIMENTAÇÃO PARA SPRINKLER - FORNECIMENTO E INSTALAÇÃO. AF_12/2015","UN",115.11,"SINAPI","INSTALACOES HIDRO SANITARIAS","CONEXOES"]
[92686,"TÊ, EM FERRO GALVANIZADO, CONEXÃO ROSQUEADA, DN 80 (3\"), INSTALADO EM REDE DE ALIMENTAÇÃO PARA SPRINKLER - FORNECIMENTO E INSTALAÇÃO. AF_12/2015","UN",146.30000000000001,"SINAPI","INSTALACOES HIDRO SANITARIAS","CONEXOES"]
[92692,"NIPLE, EM FERRO GALVANIZADO, CONEXÃO ROSQUEADA, DN 15 (1/2\"), INSTALADO EM RAMAIS E SUB-RAMAIS DE GÁS - FORNECIMENTO E INSTALAÇÃO. AF_12/2015","UN",10.63,"SINAPI","INSTALACOES HIDRO SANITARIAS","CONEXOES"]
[92693,"LUVA, EM FERRO GALVANIZADO, CONEXÃO ROSQUEADA, DN 15 (1/2\"), INSTALADO EM RAMAIS E SUB-RAMAIS DE GÁS - FORNECIMENTO E INSTALAÇÃO. AF_12/2015","UN",10.9,"SINAPI","INSTALACOES HIDRO SANITARIAS","CONEXOES"]
[92694,"NIPLE, EM FERRO GALVANIZADO, CONEXÃO ROSQUEADA, DN 20 (3/4\"), INSTALADO EM RAMAIS E SUB-RAMAIS DE GÁS - FORNECIMENTO E INSTALAÇÃO. AF_12/2015","UN",17,"SINAPI","INSTALACOES HIDRO SANITARIAS","CONEXOES"]
[92695,"LUVA, EM FERRO GALVANIZADO, CONEXÃO ROSQUEADA, DN 20 (3/4\"), INSTALADO EM RAMAIS E SUB-RAMAIS DE GÁS - FORNECIMENTO E INSTALAÇÃO. AF_12/2015","UN",17.27,"SINAPI","INSTALACOES HIDRO SANITARIAS","CONEXOES"]
[92696,"NIPLE, EM FERRO GALVANIZADO, CONEXÃO ROSQUEADA, DN 25 (1\"), INSTALADO EM RAMAIS E SUB-RAMAIS DE GÁS - FORNECIMENTO E INSTALAÇÃO. AF_12/2015","UN",26.75,"SINAPI","INSTALACOES HIDRO SANITARIAS","CONEXOES"]
[92697,"LUVA, EM FERRO GALVANIZADO, CONEXÃO ROSQUEADA, DN 25 (1\"), INSTALADO EM RAMAIS E SUB-RAMAIS DE GÁS - FORNECIMENTO E INSTALAÇÃO. AF_12/2015","UN",27.97,"SINAPI","INSTALACOES HIDRO SANITARIAS","CONEXOES"]
[92698,"JOELHO 45 GRAUS, EM FERRO GALVANIZADO, CONEXÃO ROSQUEADA, DN 15 (1/2\"), INSTALADO EM RAMAIS E SUB-RAMAIS DE GÁS - FORNECIMENTO E INSTALAÇÃO. AF_12/2015","UN",15.75,"SINAPI","INSTALACOES HIDRO SANITARIAS","CONEXOES"]
[92699,"JOELHO 90 GRAUS, EM FERRO GALVANIZADO, CONEXÃO ROSQUEADA, DN 15 (1/2\"), INSTALADO EM RAMAIS E SUB-RAMAIS DE GÁS - FORNECIMENTO E INSTALAÇÃO. AF_12/2015","UN",14.87,"SINAPI","INSTALACOES HIDRO SANITARIAS","CONEXOES"]
[92700,"JOELHO 45 GRAUS, EM FERRO GALVANIZADO, CONEXÃO ROSQUEADA, DN 20 (3/4\"), INSTALADO EM RAMAIS E SUB-RAMAIS DE GÁS - FORNECIMENTO E INSTALAÇÃO. AF_12/2015","UN",25.82,"SINAPI","INSTALACOES HIDRO SANITARIAS","CONEXOES"]
[92701,"JOELHO 90 GRAUS, EM FERRO GALVANIZADO, CONEXÃO ROSQUEADA, DN 20 (3/4\"), INSTALADO EM RAMAIS E SUB-RAMAIS DE GÁS - FORNECIMENTO E INSTALAÇÃO. AF_12/2015","UN",24.51,"SINAPI","INSTALACOES HIDRO SANITARIAS","CONEXOES"]
[92702,"JOELHO 45 GRAUS, EM FERRO GALVANIZADO, CONEXÃO ROSQUEADA, DN 25 (1\"), INSTALADO EM RAMAIS E SUB-RAMAIS DE GÁS - FORNECIMENTO E INSTALAÇÃO. AF_12/2015","UN",40.549999999999997,"SINAPI","INSTALACOES HIDRO SANITARIAS","CONEXOES"]
[92703,"JOELHO 90 GRAUS, EM FERRO GALVANIZADO, CONEXÃO ROSQUEADA, DN 25 (1\"), INSTALADO EM RAMAIS E SUB-RAMAIS DE GÁS - FORNECIMENTO E INSTALAÇÃO. AF_12/2015","UN",38.93,"SINAPI","INSTALACOES HIDRO SANITARIAS","CONEXOES"]
[92704,"TÊ, EM FERRO GALVANIZADO, CONEXÃO ROSQUEADA, DN 15 (1/2\"), INSTALADO EM RAMAIS E SUB-RAMAIS DE GÁS - FORNECIMENTO E INSTALAÇÃO. AF_12/2015","UN",19.989999999999998,"SINAPI","INSTALACOES HIDRO SANITARIAS","CONEXOES"]
[92705,"TÊ, EM FERRO GALVANIZADO, CONEXÃO ROSQUEADA, DN 20 (3/4\"), INSTALADO EM RAMAIS E SUB-RAMAIS DE GÁS - FORNECIMENTO E INSTALAÇÃO. AF_12/2015","UN",32.409999999999997,"SINAPI","INSTALACOES HIDRO SANITARIAS","CONEXOES"]
[92706,"TÊ, EM FERRO GALVANIZADO, CONEXÃO ROSQUEADA, DN 25 (1\"), INSTALADO EM RAMAIS E SUB-RAMAIS DE GÁS - FORNECIMENTO E INSTALAÇÃO. AF_12/2015","UN",52.49,"SINAPI","INSTALACOES HIDRO SANITARIAS","CONEXOES"]
[92889,"UNIÃO, EM FERRO GALVANIZADO, DN 50 (2\"), CONEXÃO ROSQUEADA, INSTALADO EM PRUMADAS - FORNECIMENTO E INSTALAÇÃO. AF_12/2015","UN",92.91,"SINAPI","INSTALACOES HIDRO SANITARIAS","CONEXOES"]
[92890,"UNIÃO, EM FERRO GALVANIZADO, DN 65 (2 1/2\"), CONEXÃO ROSQUEADA, INSTALADO EM PRUMADAS - FORNECIMENTO E INSTALAÇÃO. AF_12/2015","UN",139.21,"SINAPI","INSTALACOES HIDRO SANITARIAS","CONEXOES"]
[92891,"UNIÃO, EM FERRO GALVANIZADO, DN 80 (3\"), CONEXÃO ROSQUEADA, INSTALADO EM PRUMADAS - FORNECIMENTO E INSTALAÇÃO. AF_12/2015","UN",202.53,"SINAPI","INSTALACOES HIDRO SANITARIAS","CONEXOES"]
[92892,"UNIÃO, EM FERRO GALVANIZADO, DN 25 (1\"), CONEXÃO ROSQUEADA, INSTALADO EM REDE DE ALIMENTAÇÃO PARA HIDRANTE - FORNECIMENTO E INSTALAÇÃO. AF_12/2015","UN",41.39,"SINAPI","INSTALACOES HIDRO SANITARIAS","CONEXOES"]
[92893,"UNIÃO, EM FERRO GALVANIZADO, DN 32 (1 1/4\"), CONEXÃO ROSQUEADA, INSTALADO EM REDE DE ALIMENTAÇÃO PARA HIDRANTE - FORNECIMENTO E INSTALAÇÃO. AF_12/2015","UN",57.92,"SINAPI","INSTALACOES HIDRO SANITARIAS","CONEXOES"]
[92894,"UNIÃO, EM FERRO GALVANIZADO, DN 40 (1 1/2\"), CONEXÃO ROSQUEADA, INSTALADO EM REDE DE ALIMENTAÇÃO PARA HIDRANTE - FORNECIMENTO E INSTALAÇÃO. AF_12/2015","UN",68.86,"SINAPI","INSTALACOES HIDRO SANITARIAS","CONEXOES"]
[92895,"UNIÃO, EM FERRO GALVANIZADO, DN 50 (2\"), CONEXÃO ROSQUEADA, INSTALADO EM REDE DE ALIMENTAÇÃO PARA HIDRANTE - FORNECIMENTO E INSTALAÇÃO. AF_12/2015","UN",92.87,"SINAPI","INSTALACOES HIDRO SANITARIAS","CONEXOES"]
[92896,"UNIÃO, EM FERRO GALVANIZADO, DN 65 (2 1/2\"), CONEXÃO ROSQUEADA, INSTALADO EM REDE DE ALIMENTAÇÃO PARA HIDRANTE - FORNECIMENTO E INSTALAÇÃO. AF_12/2015","UN",140.55000000000001,"SINAPI","INSTALACOES HIDRO SANITARIAS","CONEXOES"]
[92897,"UNIÃO, EM FERRO GALVANIZADO, DN 80 (3\"), CONEXÃO ROSQUEADA, INSTALADO EM REDE DE ALIMENTAÇÃO PARA HIDRANTE - FORNECIMENTO E INSTALAÇÃO. AF_12/2015","UN",205.28,"SINAPI","INSTALACOES HIDRO SANITARIAS","CONEXOES"]
[92898,"UNIÃO, EM FERRO GALVANIZADO, CONEXÃO ROSQUEADA, DN 25 (1\"), INSTALADO EM REDE DE ALIMENTAÇÃO PARA SPRINKLER - FORNECIMENTO E INSTALAÇÃO. AF_12/2015","UN",33.96,"SINAPI","INSTALACOES HIDRO SANITARIAS","CONEXOES"]
[92899,"UNIÃO, EM FERRO GALVANIZADO, CONEXÃO ROSQUEADA, DN 32 (1 1/4\"), INSTALADO EM REDE DE ALIMENTAÇÃO PARA SPRINKLER - FORNECIMENTO E INSTALAÇÃO. AF_12/2015","UN",49.46,"SINAPI","INSTALACOES HIDRO SANITARIAS","CONEXOES"]
[92900,"UNIÃO, EM FERRO GALVANIZADO, CONEXÃO ROSQUEADA, DN 40 (1 1/2\"), INSTALADO EM REDE DE ALIMENTAÇÃO PARA SPRINKLER - FORNECIMENTO E INSTALAÇÃO. AF_12/2015","UN",59.22,"SINAPI","INSTALACOES HIDRO SANITARIAS","CONEXOES"]
[92901,"UNIÃO, EM FERRO GALVANIZADO, CONEXÃO ROSQUEADA, DN 50 (2\"), INSTALADO EM REDE DE ALIMENTAÇÃO PARA SPRINKLER - FORNECIMENTO E INSTALAÇÃO. AF_12/2015","UN",81.78,"SINAPI","INSTALACOES HIDRO SANITARIAS","CONEXOES"]
[92902,"UNIÃO, EM FERRO GALVANIZADO, CONEXÃO ROSQUEADA, DN 65 (2 1/2\"), INSTALADO EM REDE DE ALIMENTAÇÃO PARA SPRINKLER - FORNECIMENTO E INSTALAÇÃO. AF_12/2015","UN",127.25,"SINAPI","INSTALACOES HIDRO SANITARIAS","CONEXOES"]
[92903,"UNIÃO, EM FERRO GALVANIZADO, CONEXÃO ROSQUEADA, DN 80 (3\"), INSTALADO EM REDE DE ALIMENTAÇÃO PARA SPRINKLER - FORNECIMENTO E INSTALAÇÃO. AF_12/2015","UN",189.83,"SINAPI","INSTALACOES HIDRO SANITARIAS","CONEXOES"]
[92904,"UNIÃO, EM FERRO GALVANIZADO, CONEXÃO ROSQUEADA, DN 15 (1/2\"), INSTALADO EM RAMAIS E SUB-RAMAIS DE GÁS - FORNECIMENTO E INSTALAÇÃO. AF_12/2015","UN",22.93,"SINAPI","INSTALACOES HIDRO SANITARIAS","CONEXOES"]
[92905,"UNIÃO, EM FERRO GALVANIZADO, CONEXÃO ROSQUEADA, DN 20 (3/4\"), INSTALADO EM RAMAIS E SUB-RAMAIS DE GÁS - FORNECIMENTO E INSTALAÇÃO. AF_12/2015","UN",33.049999999999997,"SINAPI","INSTALACOES HIDRO SANITARIAS","CONEXOES"]
[92906,"UNIÃO, EM FERRO GALVANIZADO, CONEXÃO ROSQUEADA, DN 25 (1\"), INSTALADO EM RAMAIS E SUB-RAMAIS DE GÁS - FORNECIMENTO E INSTALAÇÃO. AF_12/2015","UN",41.07,"SINAPI","INSTALACOES HIDRO SANITARIAS","CONEXOES"]
[92907,"LUVA DE REDUÇÃO, EM FERRO GALVANIZADO, 2\" X 1 1/2\", CONEXÃO ROSQUEADA, INSTALADO EM PRUMADAS - FORNECIMENTO E INSTALAÇÃO. AF_12/2015","UN",51.46,"SINAPI","INSTALACOES HIDRO SANITARIAS","CONEXOES"]
[92908,"LUVA DE REDUÇÃO, EM FERRO GALVANIZADO, 2\" X 1 1/4\", CONEXÃO ROSQUEADA, INSTALADO EM PRUMADAS - FORNECIMENTO E INSTALAÇÃO. AF_12/2015","UN",51.46,"SINAPI","INSTALACOES HIDRO SANITARIAS","CONEXOES"]
[92909,"LUVA DE REDUÇÃO, EM FERRO GALVANIZADO, 2\" X 1\", CONEXÃO ROSQUEADA, INSTALADO EM PRUMADAS - FORNECIMENTO E INSTALAÇÃO. AF_12/2015","UN",51.46,"SINAPI","INSTALACOES HIDRO SANITARIAS","CONEXOES"]
[92910,"LUVA DE REDUÇÃO, EM FERRO GALVANIZADO, 2 1/2\" X 1 1/2\", CONEXÃO ROSQUEADA, INSTALADO EM PRUMADAS - FORNECIMENTO E INSTALAÇÃO. AF_12/2015","UN",73.19,"SINAPI","INSTALACOES HIDRO SANITARIAS","CONEXOES"]
[92911,"LUVA DE REDUÇÃO, EM FERRO GALVANIZADO, 2 1/2\" X 2\", CONEXÃO ROSQUEADA, INSTALADO EM PRUMADAS - FORNECIMENTO E INSTALAÇÃO. AF_12/2015","UN",73.19,"SINAPI","INSTALACOES HIDRO SANITARIAS","CONEXOES"]
[92912,"LUVA DE REDUÇÃO, EM FERRO GALVANIZADO, 3\" X 1 1/2\", CONEXÃO ROSQUEADA, INSTALADO EM PRUMADAS - FORNECIMENTO E INSTALAÇÃO. AF_12/2015","UN",96.82,"SINAPI","INSTALACOES HIDRO SANITARIAS","CONEXOES"]
[92913,"LUVA DE REDUÇÃO, EM FERRO GALVANIZADO, 3\" X 2 1/2\", CONEXÃO ROSQUEADA, INSTALADO EM PRUMADAS - FORNECIMENTO E INSTALAÇÃO. AF_12/2015","UN",99.08,"SINAPI","INSTALACOES HIDRO SANITARIAS","CONEXOES"]
[92914,"LUVA DE REDUÇÃO, EM FERRO GALVANIZADO, 3\" X 2\", CONEXÃO ROSQUEADA, INSTALADO EM PRUMADAS - FORNECIMENTO E INSTALAÇÃO. AF_12/2015","UN",99.08,"SINAPI","INSTALACOES HIDRO SANITARIAS","CONEXOES"]
[92918,"LUVA DE REDUÇÃO, EM FERRO GALVANIZADO, 1\" X 1/2\", CONEXÃO ROSQUEADA, INSTALADO EM REDE DE ALIMENTAÇÃO PARA HIDRANTE - FORNECIMENTO E INSTALAÇÃO. AF_12/2015","UN",28.19,"SINAPI","INSTALACOES HIDRO SANITARIAS","CONEXOES"]
[92920,"LUVA DE REDUÇÃO, EM FERRO GALVANIZADO, 1\" X 3/4\", CONEXÃO ROSQUEADA, INSTALADO EM REDE DE ALIMENTAÇÃO PARA HIDRANTE - FORNECIMENTO E INSTALAÇÃO. AF_12/2015","UN",28.36,"SINAPI","INSTALACOES HIDRO SANITARIAS","CONEXOES"]
[92925,"LUVA DE REDUÇÃO, EM FERRO GALVANIZADO, 1 1/4\" X 1\", CONEXÃO ROSQUEADA, INSTALADO EM REDE DE ALIMENTAÇÃO PARA HIDRANTE - FORNECIMENTO E INSTALAÇÃO. AF_12/2015","UN",34.47,"SINAPI","INSTALACOES HIDRO SANITARIAS","CONEXOES"]
[92926,"LUVA DE REDUÇÃO, EM FERRO GALVANIZADO, 1 1/4\" X 1/2\", CONEXÃO ROSQUEADA, INSTALADO EM REDE DE ALIMENTAÇÃO PARA HIDRANTE - FORNECIMENTO E INSTALAÇÃO. AF_12/2015","UN",34.46,"SINAPI","INSTALACOES HIDRO SANITARIAS","CONEXOES"]
[92927,"LUVA DE REDUÇÃO, EM FERRO GALVANIZADO, 1 1/4\" X 3/4\", CONEXÃO ROSQUEADA, INSTALADO EM REDE DE ALIMENTAÇÃO PARA HIDRANTE - FORNECIMENTO E INSTALAÇÃO. AF_12/2015","UN",34.46,"SINAPI","INSTALACOES HIDRO SANITARIAS","CONEXOES"]
[92928,"LUVA DE REDUÇÃO, EM FERRO GALVANIZADO, 1 1/2\" X 1 1/4\", CONEXÃO ROSQUEADA, INSTALADO EM REDE DE ALIMENTAÇÃO PARA HIDRANTE - FORNECIMENTO E INSTALAÇÃO. AF_12/2015","UN",39.24,"SINAPI","INSTALACOES HIDRO SANITARIAS","CONEXOES"]
[92929,"LUVA DE REDUÇÃO, EM FERRO GALVANIZADO, 1 1/2\" X 1\", CONEXÃO ROSQUEADA, INSTALADO EM REDE DE ALIMENTAÇÃO PARA HIDRANTE - FORNECIMENTO E INSTALAÇÃO. AF_12/2015","UN",39.24,"SINAPI","INSTALACOES HIDRO SANITARIAS","CONEXOES"]
[92930,"LUVA DE REDUÇÃO, EM FERRO GALVANIZADO, 1 1/2\" X 3/4\", CONEXÃO ROSQUEADA, INSTALADO EM REDE DE ALIMENTAÇÃO PARA HIDRANTE - FORNECIMENTO E INSTALAÇÃO. AF_12/2015","UN",39.24,"SINAPI","INSTALACOES HIDRO SANITARIAS","CONEXOES"]
[92931,"LUVA DE REDUÇÃO, EM FERRO GALVANIZADO, 2\" X 1 1/2\", CONEXÃO ROSQUEADA, INSTALADO EM REDE DE ALIMENTAÇÃO PARA HIDRANTE - FORNECIMENTO E INSTALAÇÃO. AF_12/2015","UN",51.42,"SINAPI","INSTALACOES HIDRO SANITARIAS","CONEXOES"]
[92932,"LUVA DE REDUÇÃO, EM FERRO GALVANIZADO, 2\" X 1 1/4\", CONEXÃO ROSQUEADA, INSTALADO EM REDE DE ALIMENTAÇÃO PARA HIDRANTE - FORNECIMENTO E INSTALAÇÃO. AF_12/2015","UN",51.42,"SINAPI","INSTALACOES HIDRO SANITARIAS","CONEXOES"]
[92933,"LUVA DE REDUÇÃO, EM FERRO GALVANIZADO, 2\" X 1\", CONEXÃO ROSQUEADA, INSTALADO EM REDE DE ALIMENTAÇÃO PARA HIDRANTE - FORNECIMENTO E INSTALAÇÃO. AF_12/2015","UN",51.42,"SINAPI","INSTALACOES HIDRO SANITARIAS","CONEXOES"]
[92934,"LUVA DE REDUÇÃO, EM FERRO GALVANIZADO, 2 1/2\" X 1 1/2\", CONEXÃO ROSQUEADA, INSTALADO EM REDE DE ALIMENTAÇÃO PARA HIDRANTE - FORNECIMENTO E INSTALAÇÃO. AF_12/2015","UN",74.53,"SINAPI","INSTALACOES HIDRO SANITARIAS","CONEXOES"]
[92935,"LUVA DE REDUÇÃO, EM FERRO GALVANIZADO, 2 1/2\" X 2\", CONEXÃO ROSQUEADA, INSTALADO EM REDE DE ALIMENTAÇÃO PARA HIDRANTE - FORNECIMENTO E INSTALAÇÃO. AF_12/2015","UN",74.53,"SINAPI","INSTALACOES HIDRO SANITARIAS","CONEXOES"]
[92936,"LUVA DE REDUÇÃO, EM FERRO GALVANIZADO, 3\" X 2 1/2\", CONEXÃO ROSQUEADA, INSTALADO EM REDE DE ALIMENTAÇÃO PARA HIDRANTE - FORNECIMENTO E INSTALAÇÃO. AF_12/2015","UN",101.83,"SINAPI","INSTALACOES HIDRO SANITARIAS","CONEXOES"]
[92937,"LUVA DE REDUÇÃO, EM FERRO GALVANIZADO, 3\" X 2\", CONEXÃO ROSQUEADA, INSTALADO EM REDE DE ALIMENTAÇÃO PARA HIDRANTE - FORNECIMENTO E INSTALAÇÃO. AF_12/2015","UN",101.83,"SINAPI","INSTALACOES HIDRO SANITARIAS","CONEXOES"]
[92938,"LUVA DE REDUÇÃO, EM FERRO GALVANIZADO, 1\" X 1/2\", CONEXÃO ROSQUEADA, INSTALADO EM REDE DE ALIMENTAÇÃO PARA SPRINKLER - FORNECIMENTO E INSTALAÇÃO. AF_12/2015","UN",20.76,"SINAPI","INSTALACOES HIDRO SANITARIAS","CONEXOES"]
[92939,"LUVA DE REDUÇÃO, EM FERRO GALVANIZADO, 1\" X 3/4\", CONEXÃO ROSQUEADA, INSTALADO EM REDE DE ALIMENTAÇÃO PARA SPRINKLER - FORNECIMENTO E INSTALAÇÃO. AF_12/2015","UN",20.93,"SINAPI","INSTALACOES HIDRO SANITARIAS","CONEXOES"]
[92940,"LUVA DE REDUÇÃO, EM FERRO GALVANIZADO, 1 1/4\" X 1\", CONEXÃO ROSQUEADA, INSTALADO EM REDE DE ALIMENTAÇÃO PARA SPRINKLER - FORNECIMENTO E INSTALAÇÃO. AF_12/2015","UN",26.01,"SINAPI","INSTALACOES HIDRO SANITARIAS","CONEXOES"]
[92941,"LUVA DE REDUÇÃO, EM FERRO GALVANIZADO, 1 1/4\" X 1/2\", CONEXÃO ROSQUEADA, INSTALADO EM REDE DE ALIMENTAÇÃO PARA SPRINKLER - FORNECIMENTO E INSTALAÇÃO. AF_12/2015","UN",26,"SINAPI","INSTALACOES HIDRO SANITARIAS","CONEXOES"]
[92942,"LUVA DE REDUÇÃO, EM FERRO GALVANIZADO, 1 1/4\" X 3/4\", CONEXÃO ROSQUEADA, INSTALADO EM REDE DE ALIMENTAÇÃO PARA SPRINKLER - FORNECIMENTO E INSTALAÇÃO. AF_12/2015","UN",26,"SINAPI","INSTALACOES HIDRO SANITARIAS","CONEXOES"]
[92943,"LUVA DE REDUÇÃO, EM FERRO GALVANIZADO, 1 1/2\" X 1 1/4\", CONEXÃO ROSQUEADA, INSTALADO EM REDE DE ALIMENTAÇÃO PARA SPRINKLER - FORNECIMENTO E INSTALAÇÃO. AF_12/2015","UN",29.6,"SINAPI","INSTALACOES HIDRO SANITARIAS","CONEXOES"]
[92944,"LUVA DE REDUÇÃO, EM FERRO GALVANIZADO, 1 1/2\" X 1\", CONEXÃO ROSQUEADA, INSTALADO EM REDE DE ALIMENTAÇÃO PARA SPRINKLER - FORNECIMENTO E INSTALAÇÃO. AF_12/2015","UN",29.6,"SINAPI","INSTALACOES HIDRO SANITARIAS","CONEXOES"]
[92945,"LUVA DE REDUÇÃO, EM FERRO GALVANIZADO, 1 1/2\" X 3/4\", CONEXÃO ROSQUEADA, INSTALADO EM REDE DE ALIMENTAÇÃO PARA SPRINKLER - FORNECIMENTO E INSTALAÇÃO. AF_12/2015","UN",29.6,"SINAPI","INSTALACOES HIDRO SANITARIAS","CONEXOES"]
[92946,"LUVA DE REDUÇÃO, EM FERRO GALVANIZADO, 2\" X 1 1/2\", CONEXÃO ROSQUEADA, INSTALADO EM REDE DE ALIMENTAÇÃO PARA SPRINKLER - FORNECIMENTO E INSTALAÇÃO. AF_12/2015","UN",40.33,"SINAPI","INSTALACOES HIDRO SANITARIAS","CONEXOES"]
[92947,"LUVA DE REDUÇÃO, EM FERRO GALVANIZADO, 2\" X 1 1/4\", CONEXÃO ROSQUEADA, INSTALADO EM REDE DE ALIMENTAÇÃO PARA SPRINKLER - FORNECIMENTO E INSTALAÇÃO. AF_12/2015","UN",40.33,"SINAPI","INSTALACOES HIDRO SANITARIAS","CONEXOES"]
[92948,"LUVA DE REDUÇÃO, EM FERRO GALVANIZADO, 2\" X 1\", CONEXÃO ROSQUEADA, INSTALADO EM REDE DE ALIMENTAÇÃO PARA SPRINKLER - FORNECIMENTO E INSTALAÇÃO. AF_12/2015","UN",40.33,"SINAPI","INSTALACOES HIDRO SANITARIAS","CONEXOES"]
[92949,"LUVA DE REDUÇÃO, EM FERRO GALVANIZADO, 2 1/2\" X 1 1/2\", CONEXÃO ROSQUEADA, INSTALADO EM REDE DE ALIMENTAÇÃO PARA SPRINKLER - FORNECIMENTO E INSTALAÇÃO. AF_12/2015","UN",61.23,"SINAPI","INSTALACOES HIDRO SANITARIAS","CONEXOES"]
[92950,"LUVA DE REDUÇÃO, EM FERRO GALVANIZADO, 2 1/2\" X 2\", CONEXÃO ROSQUEADA, INSTALADO EM REDE DE ALIMENTAÇÃO PARA SPRINKLER - FORNECIMENTO E INSTALAÇÃO. AF_12/2015","UN",61.23,"SINAPI","INSTALACOES HIDRO SANITARIAS","CONEXOES"]
[92951,"LUVA DE REDUÇÃO, EM FERRO GALVANIZADO, 3\" X 2 1/2\", CONEXÃO ROSQUEADA, INSTALADO EM REDE DE ALIMENTAÇÃO PARA SPRINKLER - FORNECIMENTO E INSTALAÇÃO. AF_12/2015","UN",86.38,"SINAPI","INSTALACOES HIDRO SANITARIAS","CONEXOES"]
[92952,"LUVA DE REDUÇÃO, EM FERRO GALVANIZADO, 3\" X 2\", CONEXÃO ROSQUEADA, INSTALADO EM REDE DE ALIMENTAÇÃO PARA SPRINKLER - FORNECIMENTO E INSTALAÇÃO. AF_12/2015","UN",86.38,"SINAPI","INSTALACOES HIDRO SANITARIAS","CONEXOES"]
[92953,"LUVA DE REDUÇÃO, EM FERRO GALVANIZADO, 3/4\" X 1/2\", CONEXÃO ROSQUEADA, INSTALADO EM RAMAIS E SUB-RAMAIS DE GÁS - FORNECIMENTO E INSTALAÇÃO. AF_12/2015","UN",18.16,"SINAPI","INSTALACOES HIDRO SANITARIAS","CONEXOES"]
[93050,"LUVA PASSANTE EM COBRE, DN 22 MM, SEM ANEL DE SOLDA, INSTALADO EM PRUMADA \u0096 FORNECIMENTO E INSTALAÇÃO. AF_01/2016","UN",7.18,"SINAPI","INSTALACOES HIDRO SANITARIAS","CONEXOES"]
[93051,"BUCHA DE REDUÇÃO EM COBRE, DN 22 MM X 15 MM, SEM ANEL DE SOLDA, BOLSA X BOLSA, INSTALADO EM PRUMADA \u0096 FORNECIMENTO E INSTALAÇÃO. AF_01/2016","UN",6.69,"SINAPI","INSTALACOES HIDRO SANITARIAS","CONEXOES"]
[93052,"JUNTA DE EXPANSÃO EM COBRE, DN 22 MM, PONTA X PONTA, INSTALADO EM PRUMADA \u0096 FORNECIMENTO E INSTALAÇÃO. AF_01/2016","UN",281.36,"SINAPI","INSTALACOES HIDRO SANITARIAS","CONEXOES"]
[93054,"CONECTOR EM BRONZE/LATÃO, DN 22 MM X 3/4\", SEM ANEL DE SOLDA, BOLSA X ROSCA F, INSTALADO EM PRUMADA \u0096 FORNECIMENTO E INSTALAÇÃO. AF_01/2016","UN",12.9,"SINAPI","INSTALACOES HIDRO SANITARIAS","CONEXOES"]
[93055,"CURVA DE TRANSPOSIÇÃO EM BRONZE/LATÃO, DN 22 MM, SEM ANEL DE SOLDA, BOLSA X BOLSA, INSTALADO EM PRUMADA \u0096 FORNECIMENTO E INSTALAÇÃO. AF_01/2016","UN",25.34,"SINAPI","INSTALACOES HIDRO SANITARIAS","CONEXOES"]
[93056,"LUVA PASSANTE EM COBRE, DN 28 MM, SEM ANEL DE SOLDA, INSTALADO EM PRUMADA \u0096 FORNECIMENTO E INSTALAÇÃO. AF_01/2016","UN",10.23,"SINAPI","INSTALACOES HIDRO SANITARIAS","CONEXOES"]
[93057,"BUCHA DE REDUÇÃO EM COBRE, DN 28 MM X 22 MM, SEM ANEL DE SOLDA, PONTA X BOLSA, INSTALADO EM PRUMADA \u0096 FORNECIMENTO E INSTALAÇÃO. AF_01/2016","UN",9.07,"SINAPI","INSTALACOES HIDRO SANITARIAS","CONEXOES"]
[93058,"JUNTA DE EXPANSÃO EM COBRE, DN 28 MM, PONTA X PONTA, INSTALADO EM PRUMADA \u0096 FORNECIMENTO E INSTALAÇÃO. AF_01/2016","UN",309.47000000000003,"SINAPI","INSTALACOES HIDRO SANITARIAS","CONEXOES"]
[93059,"CONECTOR EM BRONZE/LATÃO, DN 28 MM X 1/2\", SEM ANEL DE SOLDA, BOLSA X ROSCA F, INSTALADO EM PRUMADA \u0096 FORNECIMENTO E INSTALAÇÃO. AF_01/2016","UN",17.52,"SINAPI","INSTALACOES HIDRO SANITARIAS","CONEXOES"]
[93060,"CURVA DE TRANSPOSIÇÃO EM BRONZE/LATÃO, DN 28 MM, SEM ANEL DE SOLDA, BOLSA X BOLSA, INSTALADO EM PRUMADA \u0096 FORNECIMENTO E INSTALAÇÃO. AF_01/2016","UN",43.62,"SINAPI","INSTALACOES HIDRO SANITARIAS","CONEXOES"]
[93061,"LUVA PASSANTE EM COBRE, DN 35 MM, SEM ANEL DE SOLDA, INSTALADO EM PRUMADA \u0096 FORNECIMENTO E INSTALAÇÃO. AF_01/2016","UN",18.420000000000002,"SINAPI","INSTALACOES HIDRO SANITARIAS","CONEXOES"]
[93062,"BUCHA DE REDUÇÃO EM COBRE, DN 35 MM X 28 MM, SEM ANEL DE SOLDA, PONTA X BOLSA, INSTALADO EM PRUMADA \u0096 FORNECIMENTO E INSTALAÇÃO. AF_01/2016","UN",16.16,"SINAPI","INSTALACOES HIDRO SANITARIAS","CONEXOES"]
[93063,"JUNTA DE EXPANSÃO EM BRONZE/LATÃO, DN 35 MM, PONTA X PONTA, INSTALADO EM PRUMADA \u0096 FORNECIMENTO E INSTALAÇÃO. AF_01/2016","UN",354.51,"SINAPI","INSTALACOES HIDRO SANITARIAS","CONEXOES"]
[93064,"LUVA PASSANTE EM COBRE, DN 42 MM, SEM ANEL DE SOLDA, INSTALADO EM PRUMADA \u0096 FORNECIMENTO E INSTALAÇÃO. AF_01/2016","UN",27.94,"SINAPI","INSTALACOES HIDRO SANITARIAS","CONEXOES"]
[93065,"BUCHA DE REDUÇÃO EM COBRE, DN 42 MM X 35 MM, SEM ANEL DE SOLDA, PONTA X BOLSA, INSTALADO EM PRUMADA \u0096 FORNECIMENTO E INSTALAÇÃO. AF_01/2016","UN",26.27,"SINAPI","INSTALACOES HIDRO SANITARIAS","CONEXOES"]
[93066,"JUNTA DE EXPANSÃO EM BRONZE/LATÃO, DN 42 MM, PONTA X PONTA, INSTALADO EM PRUMADA \u0096 FORNECIMENTO E INSTALAÇÃO. AF_01/2016","UN",444.89,"SINAPI","INSTALACOES HIDRO SANITARIAS","CONEXOES"]
[93067,"LUVA PASSANTE EM COBRE, DN 54 MM, SEM ANEL DE SOLDA, INSTALADO EM PRUMADA \u0096 FORNECIMENTO E INSTALAÇÃO. AF_01/2016","UN",41.04,"SINAPI","INSTALACOES HIDRO SANITARIAS","CONEXOES"]
[93068,"BUCHA DE REDUÇÃO EM COBRE, DN 54 MM X 42 MM, SEM ANEL DE SOLDA, PONTA X BOLSA, INSTALADO EM PRUMADA \u0096 FORNECIMENTO E INSTALAÇÃO. AF_01/2016","UN",36.15,"SINAPI","INSTALACOES HIDRO SANITARIAS","CONEXOES"]
[93069,"JUNTA DE EXPANSÃO EM BRONZE/LATÃO, DN 54 MM, PONTA X PONTA, INSTALADO EM PRUMADA \u0096 FORNECIMENTO E INSTALAÇÃO. AF_01/2016","UN",616.34,"SINAPI","INSTALACOES HIDRO SANITARIAS","CONEXOES"]
[93070,"LUVA PASSANTE EM COBRE, DN 66 MM, SEM ANEL DE SOLDA, INSTALADO EM PRUMADA \u0096 FORNECIMENTO E INSTALAÇÃO. AF_01/2016","UN",101.05,"SINAPI","INSTALACOES HIDRO SANITARIAS","CONEXOES"]
[93071,"BUCHA DE REDUÇÃO EM COBRE, DN 66 MM X 54 MM, SEM ANEL DE SOLDA, PONTA X BOLSA, INSTALADO EM PRUMADA \u0096 FORNECIMENTO E INSTALAÇÃO. AF_01/2016","UN",93.99,"SINAPI","INSTALACOES HIDRO SANITARIAS","CONEXOES"]
[93072,"JUNTA DE EXPANSÃO EM BRONZE/LATÃO, DN 66 MM, PONTA X PONTA, INSTALADO EM PRUMADA \u0096 FORNECIMENTO E INSTALAÇÃO. AF_01/2016","UN",812.93,"SINAPI","INSTALACOES HIDRO SANITARIAS","CONEXOES"]
[93073,"TE DUPLA CURVA EM BRONZE/LATÃO, DN 3/4\" X 22 MM X 3/4\", SEM ANEL DE SOLDA, ROSCA F X BOLSA X ROSCA F, INSTALADO EM PRUMADA \u0096 FORNECIMENTO E INSTALAÇÃO. AF_01/2016","UN",46.49,"SINAPI","INSTALACOES HIDRO SANITARIAS","CONEXOES"]
[93074,"CURVA EM COBRE, DN 15 MM, 45 GRAUS, SEM ANEL DE SOLDA, BOLSA X BOLSA, INSTALADO EM RAMAL DE DISTRIBUIÇÃO \u0096 FORNECIMENTO E INSTALAÇÃO. AF_01/2016","UN",8.74,"SINAPI","INSTALACOES HIDRO SANITARIAS","CONEXOES"]
[93075,"COTOVELO EM BRONZE/LATÃO, DN 15 MM X 1/2\", 90 GRAUS, SEM ANEL DE SOLDA, BOLSA X ROSCA F, INSTALADO EM RAMAL DE DISTRIBUIÇÃO \u0096 FORNECIMENTO E INSTALAÇÃO. AF_01/2016","UN",13.39,"SINAPI","INSTALACOES HIDRO SANITARIAS","CONEXOES"]
[93076,"CURVA EM COBRE, DN 22 MM, 45 GRAUS, SEM ANEL DE SOLDA, BOLSA X BOLSA, INSTALADO EM RAMAL DE DISTRIBUIÇÃO \u0096 FORNECIMENTO E INSTALAÇÃO. AF_01/2016","UN",13.33,"SINAPI","INSTALACOES HIDRO SANITARIAS","CONEXOES"]
[93077,"COTOVELO EM BRONZE/LATÃO, DN 22 MM X 1/2\", 90 GRAUS, SEM ANEL DE SOLDA, BOLSA X ROSCA F, INSTALADO EM RAMAL DE DISTRIBUIÇÃO \u0096 FORNECIMENTO E INSTALAÇÃO. AF_01/2016","UN",18.559999999999999,"SINAPI","INSTALACOES HIDRO SANITARIAS","CONEXOES"]
[93078,"COTOVELO EM BRONZE/LATÃO, DN 22 MM X 3/4\", 90 GRAUS, SEM ANEL DE SOLDA, BOLSA X ROSCA F, INSTALADO EM RAMAL DE DISTRIBUIÇÃO \u0096 FORNECIMENTO E INSTALAÇÃO. AF_01/2016","UN",19.93,"SINAPI","INSTALACOES HIDRO SANITARIAS","CONEXOES"]
[93079,"CURVA EM COBRE, DN 28 MM, 45 GRAUS, SEM ANEL DE SOLDA, BOLSA X BOLSA, INSTALADO EM RAMAL DE DISTRIBUIÇÃO \u0096 FORNECIMENTO E INSTALAÇÃO. AF_01/2016","UN",18.05,"SINAPI","INSTALACOES HIDRO SANITARIAS","CONEXOES"]
[93080,"LUVA PASSANTE EM COBRE, DN 15 MM, SEM ANEL DE SOLDA, INSTALADO EM RAMAL DE DISTRIBUIÇÃO \u0096 FORNECIMENTO E INSTALAÇÃO. AF_01/2016","UN",5.72,"SINAPI","INSTALACOES HIDRO SANITARIAS","CONEXOES"]
[93081,"CONECTOR EM BRONZE/LATÃO, DN 15 MM X 1/2\", SEM ANEL DE SOLDA, BOLSA X ROSCA F, INSTALADO EM RAMAL DE DISTRIBUIÇÃO \u0096 FORNECIMENTO E INSTALAÇÃO. AF_01/2016","UN",11.63,"SINAPI","INSTALACOES HIDRO SANITARIAS","CONEXOES"]
[93082,"CURVA DE TRANSPOSIÇÃO EM BRONZE/LATÃO, DN 15 MM, SEM ANEL DE SOLDA, BOLSA X BOLSA, INSTALADO EM RAMAL DE DISTRIBUIÇÃO \u0096 FORNECIMENTO E INSTALAÇÃO. AF_01/2016","UN",13.98,"SINAPI","INSTALACOES HIDRO SANITARIAS","CONEXOES"]
[93083,"JUNTA DE EXPANSÃO EM COBRE, DN 15 MM, PONTA X PONTA, INSTALADO EM RAMAL DE DISTRIBUIÇÃO \u0096 FORNECIMENTO E INSTALAÇÃO. AF_01/2016","UN",243.71,"SINAPI","INSTALACOES HIDRO SANITARIAS","CONEXOES"]
[93084,"LUVA PASSANTE EM COBRE, DN 22 MM, SEM ANEL DE SOLDA, INSTALADO EM RAMAL DE DISTRIBUIÇÃO \u0096 FORNECIMENTO E INSTALAÇÃO. AF_01/2016","UN",8.86,"SINAPI","INSTALACOES HIDRO SANITARIAS","CONEXOES"]
[93085,"BUCHA DE REDUÇÃO EM COBRE, DN 22 MM X 15 MM, SEM ANEL DE SOLDA, PONTA X BOLSA, INSTALADO EM RAMAL DE DISTRIBUIÇÃO \u0096 FORNECIMENTO E INSTALAÇÃO. AF_01/2016","UN",8.3699999999999992,"SINAPI","INSTALACOES HIDRO SANITARIAS","CONEXOES"]
[93086,"JUNTA DE EXPANSÃO EM COBRE, DN 22 MM, PONTA X PONTA, INSTALADO EM RAMAL DE DISTRIBUIÇÃO \u0096 FORNECIMENTO E INSTALAÇÃO. AF_01/2016","UN",283.04000000000002,"SINAPI","INSTALACOES HIDRO SANITARIAS","CONEXOES"]
[93087,"CONECTOR EM BRONZE/LATÃO, DN 22 MM X 1/2\", SEM ANEL DE SOLDA, BOLSA X ROSCA F, INSTALADO EM RAMAL DE DISTRIBUIÇÃO \u0096 FORNECIMENTO E INSTALAÇÃO. AF_01/2016","UN",12.75,"SINAPI","INSTALACOES HIDRO SANITARIAS","CONEXOES"]
[93088,"CONECTOR EM BRONZE/LATÃO, DN 22 MM X 3/4\", SEM ANEL DE SOLDA, BOLSA X ROSCA F, INSTALADO EM RAMAL DE DISTRIBUIÇÃO \u0096 FORNECIMENTO E INSTALAÇÃO. AF_01/2016","UN",14.69,"SINAPI","INSTALACOES HIDRO SANITARIAS","CONEXOES"]
[93089,"CURVA DE TRANSPOSIÇÃO EM BRONZE/LATÃO, DN 22 MM, SEM ANEL DE SOLDA, BOLSA X BOLSA, INSTALADO EM RAMAL DE DISTRIBUIÇÃO \u0096 FORNECIMENTO E INSTALAÇÃO. AF_01/2016","UN",27.02,"SINAPI","INSTALACOES HIDRO SANITARIAS","CONEXOES"]
[93090,"LUVA PASSANTE EM COBRE, DN 28 MM, SEM ANEL DE SOLDA, INSTALADO EM RAMAL DE DISTRIBUIÇÃO \u0096 FORNECIMENTO E INSTALAÇÃO. AF_01/2016","UN",11.92,"SINAPI","INSTALACOES HIDRO SANITARIAS","CONEXOES"]
[93091,"BUCHA DE REDUÇÃO EM COBRE, DN 28 MM X 22 MM, SEM ANEL DE SOLDA, INSTALADO EM RAMAL DE DISTRIBUIÇÃO \u0096 FORNECIMENTO E INSTALAÇÃO. AF_01/2016","UN",10.76,"SINAPI","INSTALACOES HIDRO SANITARIAS","CONEXOES"]
[93092,"JUNTA DE EXPANSÃO EM COBRE, DN 28 MM, PONTA X PONTA, INSTALADO EM RAMAL DE DISTRIBUIÇÃO \u0096 FORNECIMENTO E INSTALAÇÃO. AF_01/2016","UN",311.16000000000003,"SINAPI","INSTALACOES HIDRO SANITARIAS","CONEXOES"]
[93093,"CONECTOR EM BRONZE/LATÃO, DN 28 MM X 1/2\", SEM ANEL DE SOLDA, BOLSA X ROSCA F, INSTALADO EM RAMAL DE DISTRIBUIÇÃO \u0096 FORNECIMENTO E INSTALAÇÃO. AF_01/2016","UN",19.21,"SINAPI","INSTALACOES HIDRO SANITARIAS","CONEXOES"]
[93094,"CURVA DE TRANSPOSIÇÃO EM BRONZE/LATÃO, DN 28 MM, SEM ANEL DE SOLDA, BOLSA X BOLSA, INSTALADO EM RAMAL DE DISTRIBUIÇÃO \u0096 FORNECIMENTO E INSTALAÇÃO. AF_01/2016","UN",45.31,"SINAPI","INSTALACOES HIDRO SANITARIAS","CONEXOES"]
[93095,"TE DUPLA CURVA EM BRONZE/LATÃO, DN 1/2\" X 15 MM X 1/2\", SEM ANEL DE SOLDA, ROSCA F X BOLSA X ROSCA F, INSTALADO EM RAMAL DE DISTRIBUIÇÃO \u0096 FORNECIMENTO E INSTALAÇÃO. AF_01/2016","UN",35.380000000000003,"SINAPI","INSTALACOES HIDRO SANITARIAS","CONEXOES"]
[93096,"TE DUPLA CURVA EM BRONZE/LATÃO, DN 3/4\" X 22 MM X 3/4\", SEM ANEL DE SOLDA, ROSCA F X BOLSA X ROSCA F, INSTALADO EM RAMAL DE DISTRIBUIÇÃO \u0096 FORNECIMENTO E INSTALAÇÃO. AF_01/2016","UN",49.78,"SINAPI","INSTALACOES HIDRO SANITARIAS","CONEXOES"]
[93097,"CURVA EM COBRE, DN 15 MM, 45 GRAUS, SEM ANEL DE SOLDA, BOLSA X BOLSA, INSTALADO EM RAMAL E SUB-RAMAL \u0096 FORNECIMENTO E INSTALAÇÃO. AF_01/2016","UN",8.9499999999999993,"SINAPI","INSTALACOES HIDRO SANITARIAS","CONEXOES"]
[93098,"COTOVELO EM BRONZE/LATÃO, DN 15 MM X 1/2\", 90 GRAUS, SEM ANEL DE SOLDA, BOLSA X ROSCA F, INSTALADO EM RAMAL E SUB-RAMAL \u0096 FORNECIMENTO E INSTALAÇÃO. AF_01/2016","UN",13.6,"SINAPI","INSTALACOES HIDRO SANITARIAS","CONEXOES"]
[93099,"CURVA EM COBRE, DN 22 MM, 45 GRAUS, SEM ANEL DE SOLDA, BOLSA X BOLSA, INSTALADO EM RAMAL E SUB-RAMAL \u0096 FORNECIMENTO E INSTALAÇÃO. AF_01/2016","UN",15.61,"SINAPI","INSTALACOES HIDRO SANITARIAS","CONEXOES"]
[93100,"COTOVELO EM BRONZE/LATÃO, DN 22 MM X 1/2\", 90 GRAUS, SEM ANEL DE SOLDA, BOLSA X ROSCA F, INSTALADO EM RAMAL E SUB-RAMAL \u0096 FORNECIMENTO E INSTALAÇÃO. AF_01/2016","UN",20.84,"SINAPI","INSTALACOES HIDRO SANITARIAS","CONEXOES"]
[93101,"COTOVELO EM BRONZE/LATÃO, DN 22 MM X 3/4\", 90 GRAUS, SEM ANEL DE SOLDA, BOLSA X ROSCA F, INSTALADO EM RAMAL E SUB-RAMAL \u0096 FORNECIMENTO E INSTALAÇÃO. AF_01/2016","UN",22.21,"SINAPI","INSTALACOES HIDRO SANITARIAS","CONEXOES"]
[93102,"CURVA EM COBRE, DN 28 MM, 45 GRAUS, SEM ANEL DE SOLDA, BOLSA X BOLSA, INSTALADO EM RAMAL E SUB-RAMAL \u0096 FORNECIMENTO E INSTALAÇÃO. AF_01/2016","UN",20.11,"SINAPI","INSTALACOES HIDRO SANITARIAS","CONEXOES"]
[93103,"LUVA PASSANTE EM COBRE, DN 15 MM, SEM ANEL DE SOLDA, INSTALADO EM RAMAL E SUB-RAMAL \u0096 FORNECIMENTO E INSTALAÇÃO. AF_01/2016","UN",5.89,"SINAPI","INSTALACOES HIDRO SANITARIAS","CONEXOES"]
[93104,"CONECTOR EM BRONZE/LATÃO, DN 15 MM X 1/2\", SEM ANEL DE SOLDA, BOLSA X ROSCA F, INSTALADO EM RAMAL E SUB-RAMAL \u0096 FORNECIMENTO E INSTALAÇÃO. AF_01/2016","UN",11.8,"SINAPI","INSTALACOES HIDRO SANITARIAS","CONEXOES"]
[93105,"CURVA DE TRANSPOSIÇÃO EM BRONZE/LATÃO, DN 15 MM, SEM ANEL DE SOLDA, BOLSA X BOLSA, INSTALADO EM RAMAL E SUB-RAMAL \u0096 FORNECIMENTO E INSTALAÇÃO. AF_01/2016","UN",14.15,"SINAPI","INSTALACOES HIDRO SANITARIAS","CONEXOES"]
[93106,"JUNTA DE EXPANSÃO EM COBRE, DN 15 MM, PONTA X PONTA, INSTALADO EM RAMAL E SUB-RAMAL \u0096 FORNECIMENTO E INSTALAÇÃO. AF_01/2016","UN",243.88,"SINAPI","INSTALACOES HIDRO SANITARIAS","CONEXOES"]
[93107,"LUVA PASSANTE EM COBRE, DN 22 MM, SEM ANEL DE SOLDA, INSTALADO EM RAMAL E SUB-RAMAL \u0096 FORNECIMENTO E INSTALAÇÃO. AF_01/2016","UN",10.34,"SINAPI","INSTALACOES HIDRO SANITARIAS","CONEXOES"]
[93108,"BUCHA DE REDUÇÃO EM COBRE, DN 22 MM X 15 MM, SEM ANEL DE SOLDA, PONTA X BOLSA, INSTALADO EM RAMAL E SUB-RAMAL \u0096 FORNECIMENTO E INSTALAÇÃO. AF_01/2016","UN",9.85,"SINAPI","INSTALACOES HIDRO SANITARIAS","CONEXOES"]
[93109,"JUNTA DE EXPANSÃO EM COBRE, DN 22 MM, PONTA X PONTA, INSTALADO EM RAMAL E SUB-RAMAL \u0096 FORNECIMENTO E INSTALAÇÃO. AF_01/2016","UN",284.52,"SINAPI","INSTALACOES HIDRO SANITARIAS","CONEXOES"]
[93110,"CONECTOR EM BRONZE/LATÃO, DN 22 MM X 1/2\", SEM ANEL DE SOLDA, BOLSA X ROSCA F, INSTALADO EM RAMAL E SUB-RAMAL \u0096 FORNECIMENTO E INSTALAÇÃO. AF_01/2016","UN",14.23,"SINAPI","INSTALACOES HIDRO SANITARIAS","CONEXOES"]
[93111,"CONECTOR EM BRONZE/LATÃO, DN 22 MM X 3/4\", SEM ANEL DE SOLDA, BOLSA X ROSCA F, INSTALADO EM RAMAL E SUB-RAMAL \u0096 FORNECIMENTO E INSTALAÇÃO. AF_01/2016","UN",16.059999999999999,"SINAPI","INSTALACOES HIDRO SANITARIAS","CONEXOES"]
[93112,"CURVA DE TRANSPOSIÇÃO EM BRONZE/LATÃO, DN 22 MM, SEM ANEL DE SOLDA, BOLSA X BOLSA, INSTALADO EM RAMAL E SUB-RAMAL \u0096 FORNECIMENTO E INSTALAÇÃO. AF_01/2016","UN",28.5,"SINAPI","INSTALACOES HIDRO SANITARIAS","CONEXOES"]
[93113,"LUVA PASSANTE EM COBRE, DN 28 MM, SEM ANEL DE SOLDA, INSTALADO EM RAMAL E SUB-RAMAL \u0096 FORNECIMENTO E INSTALAÇÃO. AF_01/2016","UN",14.59,"SINAPI","INSTALACOES HIDRO SANITARIAS","CONEXOES"]
[93114,"CONECTOR EM BRONZE/LATÃO, DN 28 MM X 1/2\", SEM ANEL DE SOLDA, BOLSA X ROSCA F, INSTALADO EM RAMAL E SUB-RAMAL \u0096 FORNECIMENTO E INSTALAÇÃO. AF_01/2016","UN",21.88,"SINAPI","INSTALACOES HIDRO SANITARIAS","CONEXOES"]
[93115,"CURVA DE TRANSPOSIÇÃO EM BRONZE/LATÃO, DN 28 MM, SEM ANEL DE SOLDA, BOLSA X BOLSA, INSTALADO EM RAMAL E SUB-RAMAL \u0096 FORNECIMENTO E INSTALAÇÃO. AF_01/2016","UN",47.98,"SINAPI","INSTALACOES HIDRO SANITARIAS","CONEXOES"]
[93116,"JUNTA DE EXPANSÃO EM COBRE, DN 28 MM, PONTA X PONTA, INSTALADO EM RAMAL E SUB-RAMAL \u0096 FORNECIMENTO E INSTALAÇÃO. AF_01/2016","UN",313.83,"SINAPI","INSTALACOES HIDRO SANITARIAS","CONEXOES"]
[93117,"TE DUPLA CURVA EM BRONZE/LATÃO, DN 1/2\" X 15 MM X 1/2\", SEM ANEL DE SOLDA, ROSCA F X BOLSA X ROSCA F, INSTALADO EM RAMAL E SUB-RAMAL \u0096 FORNECIMENTO E INSTALAÇÃO. AF_01/2016","UN",35.619999999999997,"SINAPI","INSTALACOES HIDRO SANITARIAS","CONEXOES"]
[93118,"TE DUPLA CURVA EM BRONZE/LATÃO, DN 3/4\" X 22 MM X 3/4\", SEM ANEL DE SOLDA, ROSCA F X BOLSA X ROSCA F, INSTALADO EM RAMAL E SUB-RAMAL \u0096 FORNECIMENTO E INSTALAÇÃO. AF_01/2016","UN",52.78,"SINAPI","INSTALACOES HIDRO SANITARIAS","CONEXOES"]
[93119,"CURVA EM COBRE, DN 22 MM, 45 GRAUS, SEM ANEL DE SOLDA, BOLSA X BOLSA, INSTALADO EM PRUMADA \u0096 FORNECIMENTO E INSTALAÇÃO. AF_01/2016","UN",10.88,"SINAPI","INSTALACOES HIDRO SANITARIAS","CONEXOES"]
[93120,"COTOVELO EM BRONZE/LATÃO, DN 22 MM X 1/2\", 90 GRAUS, SEM ANEL DE SOLDA, BOLSA X ROSCA F, INSTALADO EM PRUMADA \u0096 FORNECIMENTO E INSTALAÇÃO. AF_01/2016","UN",16.11,"SINAPI","INSTALACOES HIDRO SANITARIAS","CONEXOES"]
[93121,"COTOVELO EM BRONZE/LATÃO, DN 22 MM X 3/4\", 90 GRAUS, SEM ANEL DE SOLDA, BOLSA X ROSCA F, INSTALADO EM PRUMADA \u0096 FORNECIMENTO E INSTALAÇÃO. AF_01/2016","UN",17.48,"SINAPI","INSTALACOES HIDRO SANITARIAS","CONEXOES"]
[93122,"CURVA EM COBRE, DN 28 MM, 45 GRAUS, SEM ANEL DE SOLDA, BOLSA X BOLSA, INSTALADO EM PRUMADA \u0096 FORNECIMENTO E INSTALAÇÃO. AF_01/2016","UN",15.59,"SINAPI","INSTALACOES HIDRO SANITARIAS","CONEXOES"]
[93123,"CURVA EM COBRE, DN 35 MM, 45 GRAUS, SEM ANEL DE SOLDA, BOLSA X BOLSA, INSTALADO EM PRUMADA \u0096 FORNECIMENTO E INSTALAÇÃO. AF_01/2016","UN",32.82,"SINAPI","INSTALACOES HIDRO SANITARIAS","CONEXOES"]
[93124,"CURVA EM COBRE, DN 42 MM, 45 GRAUS, SEM ANEL DE SOLDA, BOLSA X BOLSA, INSTALADO EM PRUMADA \u0096 FORNECIMENTO E INSTALAÇÃO. AF_01/2016","UN",50.87,"SINAPI","INSTALACOES HIDRO SANITARIAS","CONEXOES"]
[93125,"CURVA EM COBRE, DN 54 MM, 45 GRAUS, SEM ANEL DE SOLDA, BOLSA X BOLSA, INSTALADO EM PRUMADA \u0096 FORNECIMENTO E INSTALAÇÃO. AF_01/2016","UN",73.55,"SINAPI","INSTALACOES HIDRO SANITARIAS","CONEXOES"]
[93126,"CURVA EM COBRE, DN 66 MM, 45 GRAUS, SEM ANEL DE SOLDA, BOLSA X BOLSA, INSTALADO EM PRUMADA \u0096 FORNECIMENTO E INSTALAÇÃO. AF_01/2016","UN",160.44,"SINAPI","INSTALACOES HIDRO SANITARIAS","CONEXOES"]
[93133,"BUCHA DE REDUÇÃO EM COBRE, DN 28 MM X 22 MM, SEM ANEL DE SOLDA, INSTALADO EM RAMAL E SUB-RAMAL \u0096 FORNECIMENTO E INSTALAÇÃO. AF_01/2016","UN",13.43,"SINAPI","INSTALACOES HIDRO SANITARIAS","CONEXOES"]
[94465,"LUVA, EM FERRO GALVANIZADO, CONEXÃO ROSQUEADA, DN 50 (2\u0094), INSTALADO EM RESERVAÇÃO DE ÁGUA DE EDIFICAÇÃO QUE POSSUA RESERVATÓRIO DE FIBRA/FIBROCIMENTO \u0096 FORNECIMENTO E INSTALAÇÃO. AF_06/2016","UN",37.17,"SINAPI","INSTALACOES HIDRO SANITARIAS","CONEXOES"]
[94466,"NIPLE, EM FERRO GALVANIZADO, CONEXÃO ROSQUEADA, DN 50 (2\u0094), INSTALADO EM RESERVAÇÃO DE ÁGUA DE EDIFICAÇÃO QUE POSSUA RESERVATÓRIO DE FIBRA/FIBROCIMENTO \u0096 FORNECIMENTO E INSTALAÇÃO. AF_06/2016","UN",37.18,"SINAPI","INSTALACOES HIDRO SANITARIAS","CONEXOES"]
[94467,"LUVA, EM FERRO GALVANIZADO, CONEXÃO ROSQUEADA, DN 65 (2 1/2\u0094), INSTALADO EM RESERVAÇÃO DE ÁGUA DE EDIFICAÇÃO QUE POSSUA RESERVATÓRIO DE FIBRA/FIBROCIMENTO \u0096 FORNECIMENTO E INSTALAÇÃO. AF_06/2016","UN",56.26,"SINAPI","INSTALACOES HIDRO SANITARIAS","CONEXOES"]
[94468,"NIPLE, EM FERRO GALVANIZADO, CONEXÃO ROSQUEADA, DN 65 (2 1/2\u0094), INSTALADO EM RESERVAÇÃO DE ÁGUA DE EDIFICAÇÃO QUE POSSUA RESERVATÓRIO DE FIBRA/FIBROCIMENTO \u0096 FORNECIMENTO E INSTALAÇÃO. AF_06/2016","UN",49.49,"SINAPI","INSTALACOES HIDRO SANITARIAS","CONEXOES"]
[94469,"LUVA, EM FERRO GALVANIZADO, CONEXÃO ROSQUEADA, DN 80 (3\u0094), INSTALADO EM RESERVAÇÃO DE ÁGUA DE EDIFICAÇÃO QUE POSSUA RESERVATÓRIO DE FIBRA/FIBROCIMENTO \u0096 FORNECIMENTO E INSTALAÇÃO. AF_06/2016","UN",81.28,"SINAPI","INSTALACOES HIDRO SANITARIAS","CONEXOES"]
[94470,"NIPLE, EM FERRO GALVANIZADO, CONEXÃO ROSQUEADA, DN 80 (3\u0094), INSTALADO EM RESERVAÇÃO DE ÁGUA DE EDIFICAÇÃO QUE POSSUA RESERVATÓRIO DE FIBRA/FIBROCIMENTO \u0096 FORNECIMENTO E INSTALAÇÃO. AF_06/2016","UN",75.25,"SINAPI","INSTALACOES HIDRO SANITARIAS","CONEXOES"]
[94471,"COTOVELO 90 GRAUS, EM FERRO GALVANIZADO, CONEXÃO ROSQUEADA, DN 50 (2\u0094), INSTALADO EM RESERVAÇÃO DE ÁGUA DE EDIFICAÇÃO QUE POSSUA RESERVATÓRIO DE FIBRA/FIBROCIMENTO \u0096 FORNECIMENTO E INSTALAÇÃO. AF_06/2016","UN",53.75,"SINAPI","INSTALACOES HIDRO SANITARIAS","CONEXOES"]
[94472,"COTOVELO 45 GRAUS, EM FERRO GALVANIZADO, CONEXÃO ROSQUEADA, DN 50 (2\u0094), INSTALADO EM RESERVAÇÃO DE ÁGUA DE EDIFICAÇÃO QUE POSSUA RESERVATÓRIO DE FIBRA/FIBROCIMENTO \u0096 FORNECIMENTO E INSTALAÇÃO. AF_06/2016","UN",55.26,"SINAPI","INSTALACOES HIDRO SANITARIAS","CONEXOES"]
[94473,"COTOVELO 90 GRAUS, EM FERRO GALVANIZADO, CONEXÃO ROSQUEADA, DN 65 (2 1/2\u0094), INSTALADO EM RESERVAÇÃO DE ÁGUA DE EDIFICAÇÃO QUE POSSUA RESERVATÓRIO DE FIBRA/FIBROCIMENTO \u0096 FORNECIMENTO E INSTALAÇÃO. AF_06/2016","UN",80.73,"SINAPI","INSTALACOES HIDRO SANITARIAS","CONEXOES"]
[94474,"COTOVELO 45 GRAUS, EM FERRO GALVANIZADO, CONEXÃO ROSQUEADA, DN 65 (2 1/2\u0094), INSTALADO EM RESERVAÇÃO DE ÁGUA DE EDIFICAÇÃO QUE POSSUA RESERVATÓRIO DE FIBRA/FIBROCIMENTO \u0096 FORNECIMENTO E INSTALAÇÃO. AF_06/2016","UN",87.37,"SINAPI","INSTALACOES HIDRO SANITARIAS","CONEXOES"]
[94475,"COTOVELO 90 GRAUS, EM FERRO GALVANIZADO, CONEXÃO ROSQUEADA, DN 80 (3\u0094), INSTALADO EM RESERVAÇÃO DE ÁGUA DE EDIFICAÇÃO QUE POSSUA RESERVATÓRIO DE FIBRA/FIBROCIMENTO \u0096 FORNECIMENTO E INSTALAÇÃO. AF_06/2016","UN",110.53,"SINAPI","INSTALACOES HIDRO SANITARIAS","CONEXOES"]
[94476,"COTOVELO 45 GRAUS, EM FERRO GALVANIZADO, CONEXÃO ROSQUEADA, DN 80 (3\u0094), INSTALADO EM RESERVAÇÃO DE ÁGUA DE EDIFICAÇÃO QUE POSSUA RESERVATÓRIO DE FIBRA/FIBROCIMENTO \u0096 FORNECIMENTO E INSTALAÇÃO. AF_06/2016","UN",123.32,"SINAPI","INSTALACOES HIDRO SANITARIAS","CONEXOES"]
[94477,"TÊ, EM FERRO GALVANIZADO, CONEXÃO ROSQUEADA, DN 50 (2\u0094), INSTALADO EM RESERVAÇÃO DE ÁGUA DE EDIFICAÇÃO QUE POSSUA RESERVATÓRIO DE FIBRA/FIBROCIMENTO \u0096 FORNECIMENTO E INSTALAÇÃO. AF_06/2016","UN",71.52,"SINAPI","INSTALACOES HIDRO SANITARIAS","CONEXOES"]
[94478,"TÊ, EM FERRO GALVANIZADO, CONEXÃO ROSQUEADA, DN 65 (2 1/2\u0094), INSTALADO EM RESERVAÇÃO DE ÁGUA DE EDIFICAÇÃO QUE POSSUA RESERVATÓRIO DE FIBRA/FIBROCIMENTO \u0096 FORNECIMENTO E INSTALAÇÃO. AF_06/2016","UN",110.85,"SINAPI","INSTALACOES HIDRO SANITARIAS","CONEXOES"]
[94479,"TÊ, EM FERRO GALVANIZADO, CONEXÃO ROSQUEADA, DN 80 (3\u0094), INSTALADO EM RESERVAÇÃO DE ÁGUA DE EDIFICAÇÃO QUE POSSUA RESERVATÓRIO DE FIBRA/FIBROCIMENTO \u0096 FORNECIMENTO E INSTALAÇÃO. AF_06/2016","UN",146.04,"SINAPI","INSTALACOES HIDRO SANITARIAS","CONEXOES"]
[94606,"LUVA EM COBRE, DN 54 MM, SEM ANEL DE SOLDA, INSTALADO EM RESERVAÇÃO DE ÁGUA DE EDIFICAÇÃO QUE POSSUA RESERVATÓRIO DE FIBRA/FIBROCIMENTO \u0096 FORNECIMENTO E INSTALAÇÃO. AF_06/2016","UN",48.55,"SINAPI","INSTALACOES HIDRO SANITARIAS","CONEXOES"]
[94608,"LUVA EM COBRE, DN 66 MM, SEM ANEL DE SOLDA, INSTALADO EM RESERVAÇÃO DE ÁGUA DE EDIFICAÇÃO QUE POSSUA RESERVATÓRIO DE FIBRA/FIBROCIMENTO \u0096 FORNECIMENTO E INSTALAÇÃO. AF_06/2016","UN",110.6,"SINAPI","INSTALACOES HIDRO SANITARIAS","CONEXOES"]
[94610,"LUVA EM COBRE, DN 79 MM, SEM ANEL DE SOLDA, INSTALADO EM RESERVAÇÃO DE ÁGUA DE EDIFICAÇÃO QUE POSSUA RESERVATÓRIO DE FIBRA/FIBROCIMENTO \u0096 FORNECIMENTO E INSTALAÇÃO. AF_06/2016","UN",161.91999999999999,"SINAPI","INSTALACOES HIDRO SANITARIAS","CONEXOES"]
[94612,"LUVA DE COBRE, DN 104 MM, SEM ANEL DE SOLDA, INSTALADO EM RESERVAÇÃO DE ÁGUA DE EDIFICAÇÃO QUE POSSUA RESERVATÓRIO DE FIBRA/FIBROCIMENTO \u0096 FORNECIMENTO E INSTALAÇÃO. AF_06/2016","UN",224.56,"SINAPI","INSTALACOES HIDRO SANITARIAS","CONEXOES"]
[94614,"COTOVELO EM COBRE, DN 54 MM, 90 GRAUS, SEM ANEL DE SOLDA, INSTALADO EM RESERVAÇÃO DE ÁGUA DE EDIFICAÇÃO QUE POSSUA RESERVATÓRIO DE FIBRA/FIBROCIMENTO \u0096 FORNECIMENTO E INSTALAÇÃO. AF_06/2016","UN",80.97,"SINAPI","INSTALACOES HIDRO SANITARIAS","CONEXOES"]
[94615,"CURVA EM COBRE, DN 54 MM, 45 GRAUS, SEM ANEL DE SOLDA, BOLSA X BOLSA, INSTALADO EM RESERVAÇÃO DE ÁGUA DE EDIFICAÇÃO QUE POSSUA RESERVATÓRIO DE FIBRA/FIBROCIMENTO \u0096 FORNECIMENTO E INSTALAÇÃO. AF_06/2016","UN",90.71,"SINAPI","INSTALACOES HIDRO SANITARIAS","CONEXOES"]
[94616,"COTOVELO EM COBRE, DN 66 MM, 90 GRAUS, SEM ANEL DE SOLDA, INSTALADO EM RESERVAÇÃO DE ÁGUA DE EDIFICAÇÃO QUE POSSUA RESERVATÓRIO DE FIBRA/FIBROCIMENTO \u0096 FORNECIMENTO E INSTALAÇÃO. AF_06/2016","UN",208.99,"SINAPI","INSTALACOES HIDRO SANITARIAS","CONEXOES"]
[94617,"CURVA EM COBRE, DN 66 MM, 45 GRAUS, SEM ANEL DE SOLDA, BOLSA X BOLSA, INSTALADO EM RESERVAÇÃO DE ÁGUA DE EDIFICAÇÃO QUE POSSUA RESERVATÓRIO DE FIBRA/FIBROCIMENTO \u0096 FORNECIMENTO E INSTALAÇÃO. AF_06/2016","UN",175.13,"SINAPI","INSTALACOES HIDRO SANITARIAS","CONEXOES"]
[94618,"COTOVELO EM COBRE, DN 79 MM, 90 GRAUS, SEM ANEL DE SOLDA, INSTALADO EM RESERVAÇÃO DE ÁGUA DE EDIFICAÇÃO QUE POSSUA RESERVATÓRIO DE FIBRA/FIBROCIMENTO \u0096 FORNECIMENTO E INSTALAÇÃO. AF_06/2016","UN",206.19,"SINAPI","INSTALACOES HIDRO SANITARIAS","CONEXOES"]
[94620,"COTOVELO EM COBRE, DN 104 MM, 90 GRAUS, SEM ANEL DE SOLDA, INSTALADO EM RESERVAÇÃO DE ÁGUA DE EDIFICAÇÃO QUE POSSUA RESERVATÓRIO DE FIBRA/FIBROCIMENTO \u0096 FORNECIMENTO E INSTALAÇÃO. AF_06/2016","UN",459.53,"SINAPI","INSTALACOES HIDRO SANITARIAS","CONEXOES"]
[94622,"TE EM COBRE, DN 54 MM, SEM ANEL DE SOLDA, INSTALADO EM RESERVAÇÃO DE ÁGUA DE EDIFICAÇÃO QUE POSSUA RESERVATÓRIO DE FIBRA/FIBROCIMENTO \u0096 FORNECIMENTO E INSTALAÇÃO. AF_06/2016","UN",117.33,"SINAPI","INSTALACOES HIDRO SANITARIAS","CONEXOES"]
[94623,"TE EM COBRE, DN 66 MM, SEM ANEL DE SOLDA, INSTALADO EM RESERVAÇÃO DE ÁGUA DE EDIFICAÇÃO QUE POSSUA RESERVATÓRIO DE FIBRA/FIBROCIMENTO \u0096 FORNECIMENTO E INSTALAÇÃO. AF_06/2016","UN",259.72000000000003,"SINAPI","INSTALACOES HIDRO SANITARIAS","CONEXOES"]
[94624,"TE EM COBRE, DN 79 MM, SEM ANEL DE SOLDA, INSTALADO EM RESERVAÇÃO DE ÁGUA DE EDIFICAÇÃO QUE POSSUA RESERVATÓRIO DE FIBRA/FIBROCIMENTO \u0096 FORNECIMENTO E INSTALAÇÃO. AF_06/2016","UN",390.02,"SINAPI","INSTALACOES HIDRO SANITARIAS","CONEXOES"]
[94625,"TE EM COBRE, DN 104 MM, SEM ANEL DE SOLDA, INSTALADO EM RESERVAÇÃO DE ÁGUA DE EDIFICAÇÃO QUE POSSUA RESERVATÓRIO DE FIBRA/FIBROCIMENTO \u0096 FORNECIMENTO E INSTALAÇÃO. AF_06/2016","UN",797.48,"SINAPI","INSTALACOES HIDRO SANITARIAS","CONEXOES"]
[94656,"ADAPTADOR CURTO COM BOLSA E ROSCA PARA REGISTRO, PVC, SOLDÁVEL, DN  25 MM X 3/4 , INSTALADO EM RESERVAÇÃO DE ÁGUA DE EDIFICAÇÃO QUE POSSUA RESERVATÓRIO DE FIBRA/FIBROCIMENTO   FORNECIMENTO E INSTALAÇÃO. AF_06/2016","UN",4.72,"SINAPI","INSTALACOES HIDRO SANITARIAS","CONEXOES"]
[94657,"LUVA PVC, SOLDÁVEL, DN  25 MM, INSTALADA EM RESERVAÇÃO DE ÁGUA DE EDIFICAÇÃO QUE POSSUA RESERVATÓRIO DE FIBRA/FIBROCIMENTO   FORNECIMENTO E INSTALAÇÃO. AF_06/2016","UN",4.66,"SINAPI","INSTALACOES HIDRO SANITARIAS","CONEXOES"]
[94658,"ADAPTADOR CURTO COM BOLSA E ROSCA PARA REGISTRO, PVC, SOLDÁVEL, DN 32 MM X 1 , INSTALADO EM RESERVAÇÃO DE ÁGUA DE EDIFICAÇÃO QUE POSSUA RESERVATÓRIO DE FIBRA/FIBROCIMENTO   FORNECIMENTO E INSTALAÇÃO. AF_06/2016","UN",5.29,"SINAPI","INSTALACOES HIDRO SANITARIAS","CONEXOES"]
[94659,"LUVA PVC, SOLDÁVEL, DN 32 MM, INSTALADA EM RESERVAÇÃO DE ÁGUA DE EDIFICAÇÃO QUE POSSUA RESERVATÓRIO DE FIBRA/FIBROCIMENTO   FORNECIMENTO E INSTALAÇÃO. AF_06/2016","UN",5.36,"SINAPI","INSTALACOES HIDRO SANITARIAS","CONEXOES"]
[94660,"ADAPTADOR CURTO COM BOLSA E ROSCA PARA REGISTRO, PVC, SOLDÁVEL, DN 40 MM X 1 1/4 , INSTALADO EM RESERVAÇÃO DE ÁGUA DE EDIFICAÇÃO QUE POSSUA RESERVATÓRIO DE FIBRA/FIBROCIMENTO   FORNECIMENTO E INSTALAÇÃO. AF_06/2016","UN",8.4600000000000009,"SINAPI","INSTALACOES HIDRO SANITARIAS","CONEXOES"]
[94661,"LUVA, PVC, SOLDÁVEL, DN 40 MM, INSTALADO EM RESERVAÇÃO DE ÁGUA DE EDIFICAÇÃO QUE POSSUA RESERVATÓRIO DE FIBRA/FIBROCIMENTO   FORNECIMENTO E INSTALAÇÃO. AF_06/2016","UN",8.73,"SINAPI","INSTALACOES HIDRO SANITARIAS","CONEXOES"]
[94662,"ADAPTADOR CURTO COM BOLSA E ROSCA PARA REGISTRO, PVC, SOLDÁVEL, DN 50 MM X 1 1/2 , INSTALADO EM RESERVAÇÃO DE ÁGUA DE EDIFICAÇÃO QUE POSSUA RESERVATÓRIO DE FIBRA/FIBROCIMENTO   FORNECIMENTO E INSTALAÇÃO. AF_06/2016","UN",9.0399999999999991,"SINAPI","INSTALACOES HIDRO SANITARIAS","CONEXOES"]
[94663,"LUVA, PVC, SOLDÁVEL, DN 50 MM, INSTALADO EM RESERVAÇÃO DE ÁGUA DE EDIFICAÇÃO QUE POSSUA RESERVATÓRIO DE FIBRA/FIBROCIMENTO   FORNECIMENTO E INSTALAÇÃO. AF_06/2016","UN",9.15,"SINAPI","INSTALACOES HIDRO SANITARIAS","CONEXOES"]
[94664,"ADAPTADOR CURTO COM BOLSA E ROSCA PARA REGISTRO, PVC, SOLDÁVEL, DN 60 MM X 2 , INSTALADO EM RESERVAÇÃO DE ÁGUA DE EDIFICAÇÃO QUE POSSUA RESERVATÓRIO DE FIBRA/FIBROCIMENTO   FORNECIMENTO E INSTALAÇÃO. AF_06/2016","UN",18.73,"SINAPI","INSTALACOES HIDRO SANITARIAS","CONEXOES"]
[94665,"LUVA, PVC, SOLDÁVEL, DN 60 MM, INSTALADO EM RESERVAÇÃO DE ÁGUA DE EDIFICAÇÃO QUE POSSUA RESERVATÓRIO DE FIBRA/FIBROCIMENTO   FORNECIMENTO E INSTALAÇÃO. AF_06/2016","UN",18.72,"SINAPI","INSTALACOES HIDRO SANITARIAS","CONEXOES"]
[94666,"ADAPTADOR CURTO COM BOLSA E ROSCA PARA REGISTRO, PVC, SOLDÁVEL, DN 75 MM X 2 1/2 , INSTALADO EM RESERVAÇÃO DE ÁGUA DE EDIFICAÇÃO QUE POSSUA RESERVATÓRIO DE FIBRA/FIBROCIMENTO   FORNECIMENTO E INSTALAÇÃO. AF_06/2016","UN",22.08,"SINAPI","INSTALACOES HIDRO SANITARIAS","CONEXOES"]
[94667,"LUVA, PVC, SOLDÁVEL, DN 75 MM, INSTALADO EM RESERVAÇÃO DE ÁGUA DE EDIFICAÇÃO QUE POSSUA RESERVATÓRIO DE FIBRA/FIBROCIMENTO   FORNECIMENTO E INSTALAÇÃO. AF_06/2016","UN",24.16,"SINAPI","INSTALACOES HIDRO SANITARIAS","CONEXOES"]
[94668,"ADAPTADOR CURTO COM BOLSA E ROSCA PARA REGISTRO, PVC, SOLDÁVEL, DN 85 MM X 3 , INSTALADO EM RESERVAÇÃO DE ÁGUA DE EDIFICAÇÃO QUE POSSUA RESERVATÓRIO DE FIBRA/FIBROCIMENTO   FORNECIMENTO E INSTALAÇÃO. AF_06/2016","UN",38,"SINAPI","INSTALACOES HIDRO SANITARIAS","CONEXOES"]
[94669,"LUVA, PVC, SOLDÁVEL, DN 85 MM, INSTALADO EM RESERVAÇÃO DE ÁGUA DE EDIFICAÇÃO QUE POSSUA RESERVATÓRIO DE FIBRA/FIBROCIMENTO   FORNECIMENTO E INSTALAÇÃO. AF_06/2016","UN",49.7,"SINAPI","INSTALACOES HIDRO SANITARIAS","CONEXOES"]
[94670,"ADAPTADOR CURTO COM BOLSA E ROSCA PARA REGISTRO, PVC, SOLDÁVEL, DN 110 MM X 4 , INSTALADO EM RESERVAÇÃO DE ÁGUA DE EDIFICAÇÃO QUE POSSUA RESERVATÓRIO DE FIBRA/FIBROCIMENTO   FORNECIMENTO E INSTALAÇÃO. AF_06/2016","UN",48.41,"SINAPI","INSTALACOES HIDRO SANITARIAS","CONEXOES"]
[94671,"LUVA, PVC, SOLDÁVEL, DN 110 MM, INSTALADO EM RESERVAÇÃO DE ÁGUA DE EDIFICAÇÃO QUE POSSUA RESERVATÓRIO DE FIBRA/FIBROCIMENTO   FORNECIMENTO E INSTALAÇÃO. AF_06/2016","UN",67.91,"SINAPI","INSTALACOES HIDRO SANITARIAS","CONEXOES"]
[94672,"JOELHO 90 GRAUS COM BUCHA DE LATÃO, PVC, SOLDÁVEL, DN  25 MM, X 3/4\u0094 INSTALADO EM RESERVAÇÃO DE ÁGUA DE EDIFICAÇÃO QUE POSSUA RESERVATÓRIO DE FIBRA/FIBROCIMENTO   FORNECIMENTO E INSTALAÇÃO. AF_06/2016","UN",7.8,"SINAPI","INSTALACOES HIDRO SANITARIAS","CONEXOES"]
[94673,"CURVA 90 GRAUS, PVC, SOLDÁVEL, DN  25 MM, INSTALADO EM RESERVAÇÃO DE ÁGUA DE EDIFICAÇÃO QUE POSSUA RESERVATÓRIO DE FIBRA/FIBROCIMENTO   FORNECIMENTO E INSTALAÇÃO. AF_06/2016","UN",7.64,"SINAPI","INSTALACOES HIDRO SANITARIAS","CONEXOES"]
[94674,"JOELHO 90 GRAUS, PVC, SOLDÁVEL, DN 32 MM INSTALADO EM RESERVAÇÃO DE ÁGUA DE EDIFICAÇÃO QUE POSSUA RESERVATÓRIO DE FIBRA/FIBROCIMENTO   FORNECIMENTO E INSTALAÇÃO. AF_06/2016","UN",7.1,"SINAPI","INSTALACOES HIDRO SANITARIAS","CONEXOES"]
[94675,"CURVA 90 GRAUS, PVC, SOLDÁVEL, DN 32 MM, INSTALADO EM RESERVAÇÃO DE ÁGUA DE EDIFICAÇÃO QUE POSSUA RESERVATÓRIO DE FIBRA/FIBROCIMENTO   FORNECIMENTO E INSTALAÇÃO. AF_06/2016","UN",10.050000000000001,"SINAPI","INSTALACOES HIDRO SANITARIAS","CONEXOES"]
[94676,"JOELHO 90 GRAUS, PVC, SOLDÁVEL, DN 40 MM INSTALADO EM RESERVAÇÃO DE ÁGUA DE EDIFICAÇÃO QUE POSSUA RESERVATÓRIO DE FIBRA/FIBROCIMENTO   FORNECIMENTO E INSTALAÇÃO. AF_06/2016","UN",11.76,"SINAPI","INSTALACOES HIDRO SANITARIAS","CONEXOES"]
[94677,"CURVA 90 GRAUS, PVC, SOLDÁVEL, DN 40 MM, INSTALADO EM RESERVAÇÃO DE ÁGUA DE EDIFICAÇÃO QUE POSSUA RESERVATÓRIO DE FIBRA/FIBROCIMENTO   FORNECIMENTO E INSTALAÇÃO. AF_06/2016","UN",16.2,"SINAPI","INSTALACOES HIDRO SANITARIAS","CONEXOES"]
[94678,"JOELHO 90 GRAUS, PVC, SOLDÁVEL, DN 50 MM INSTALADO EM RESERVAÇÃO DE ÁGUA DE EDIFICAÇÃO QUE POSSUA RESERVATÓRIO DE FIBRA/FIBROCIMENTO   FORNECIMENTO E INSTALAÇÃO. AF_06/2016","UN",12.02,"SINAPI","INSTALACOES HIDRO SANITARIAS","CONEXOES"]
[94679,"CURVA 90 GRAUS, PVC, SOLDÁVEL, DN 50 MM, INSTALADO EM RESERVAÇÃO DE ÁGUA DE EDIFICAÇÃO QUE POSSUA RESERVATÓRIO DE FIBRA/FIBROCIMENTO   FORNECIMENTO E INSTALAÇÃO. AF_06/2016","UN",17.86,"SINAPI","INSTALACOES HIDRO SANITARIAS","CONEXOES"]
[94680,"JOELHO 90 GRAUS, PVC, SOLDÁVEL, DN 60 MM INSTALADO EM RESERVAÇÃO DE ÁGUA DE EDIFICAÇÃO QUE POSSUA RESERVATÓRIO DE FIBRA/FIBROCIMENTO   FORNECIMENTO E INSTALAÇÃO. AF_06/2016","UN",29.94,"SINAPI","INSTALACOES HIDRO SANITARIAS","CONEXOES"]
[94681,"CURVA 90 GRAUS, PVC, SOLDÁVEL, DN 60 MM, INSTALADO EM RESERVAÇÃO DE ÁGUA DE EDIFICAÇÃO QUE POSSUA RESERVATÓRIO DE FIBRA/FIBROCIMENTO   FORNECIMENTO E INSTALAÇÃO. AF_06/2016","UN",37.94,"SINAPI","INSTALACOES HIDRO SANITARIAS","CONEXOES"]
[94682,"JOELHO 90 GRAUS, PVC, SOLDÁVEL, DN 75 MM INSTALADO EM RESERVAÇÃO DE ÁGUA DE EDIFICAÇÃO QUE POSSUA RESERVATÓRIO DE FIBRA/FIBROCIMENTO   FORNECIMENTO E INSTALAÇÃO. AF_06/2016","UN",71.12,"SINAPI","INSTALACOES HIDRO SANITARIAS","CONEXOES"]
[94683,"CURVA 90 GRAUS, PVC, SOLDÁVEL, DN 75 MM, INSTALADO EM RESERVAÇÃO DE ÁGUA DE EDIFICAÇÃO QUE POSSUA RESERVATÓRIO DE FIBRA/FIBROCIMENTO   FORNECIMENTO E INSTALAÇÃO. AF_06/2016","UN",47.62,"SINAPI","INSTALACOES HIDRO SANITARIAS","CONEXOES"]
[94684,"JOELHO 90 GRAUS, PVC, SOLDÁVEL, DN 85 MM INSTALADO EM RESERVAÇÃO DE ÁGUA DE EDIFICAÇÃO QUE POSSUA RESERVATÓRIO DE FIBRA/FIBROCIMENTO   FORNECIMENTO E INSTALAÇÃO. AF_06/2016","UN",93.27,"SINAPI","INSTALACOES HIDRO SANITARIAS","CONEXOES"]
[94685,"CURVA 90 GRAUS, PVC, SOLDÁVEL, DN 85 MM, INSTALADO EM RESERVAÇÃO DE ÁGUA DE EDIFICAÇÃO QUE POSSUA RESERVATÓRIO DE FIBRA/FIBROCIMENTO   FORNECIMENTO E INSTALAÇÃO. AF_06/2016","UN",73.709999999999994,"SINAPI","INSTALACOES HIDRO SANITARIAS","CONEXOES"]
[94686,"JOELHO 90 GRAUS, PVC, SOLDÁVEL, DN 110 MM INSTALADO EM RESERVAÇÃO DE ÁGUA DE EDIFICAÇÃO QUE POSSUA RESERVATÓRIO DE FIBRA/FIBROCIMENTO   FORNECIMENTO E INSTALAÇÃO. AF_06/2016","UN",167.01,"SINAPI","INSTALACOES HIDRO SANITARIAS","CONEXOES"]
[94687,"CURVA 90 GRAUS, PVC, SOLDÁVEL, DN 110 MM, INSTALADO EM RESERVAÇÃO DE ÁGUA DE EDIFICAÇÃO QUE POSSUA RESERVATÓRIO DE FIBRA/FIBROCIMENTO   FORNECIMENTO E INSTALAÇÃO. AF_06/2016","UN",137.53,"SINAPI","INSTALACOES HIDRO SANITARIAS","CONEXOES"]
[94688,"TÊ, PVC, SOLDÁVEL, DN  25 MM INSTALADO EM RESERVAÇÃO DE ÁGUA DE EDIFICAÇÃO QUE POSSUA RESERVATÓRIO DE FIBRA/FIBROCIMENTO   FORNECIMENTO E INSTALAÇÃO. AF_06/2016","UN",8.5500000000000007,"SINAPI","INSTALACOES HIDRO SANITARIAS","CONEXOES"]
[94689,"TÊ COM BUCHA DE LATÃO NA BOLSA CENTRAL, PVC, SOLDÁVEL, DN  25 MM X 3/4 , INSTALADO EM RESERVAÇÃO DE ÁGUA DE EDIFICAÇÃO QUE POSSUA RESERVATÓRIO DE FIBRA/FIBROCIMENTO   FORNECIMENTO E INSTALAÇÃO. AF_06/2016","UN",10.67,"SINAPI","INSTALACOES HIDRO SANITARIAS","CONEXOES"]
[94690,"TÊ, PVC, SOLDÁVEL, DN 32 MM INSTALADO EM RESERVAÇÃO DE ÁGUA DE EDIFICAÇÃO QUE POSSUA RESERVATÓRIO DE FIBRA/FIBROCIMENTO   FORNECIMENTO E INSTALAÇÃO. AF_06/2016","UN",10.32,"SINAPI","INSTALACOES HIDRO SANITARIAS","CONEXOES"]
[94691,"TÊ DE REDUÇÃO, PVC, SOLDÁVEL, DN 32 MM X  25 MM, INSTALADO EM RESERVAÇÃO DE ÁGUA DE EDIFICAÇÃO QUE POSSUA RESERVATÓRIO DE FIBRA/FIBROCIMENTO   FORNECIMENTO E INSTALAÇÃO. AF_06/2016","UN",11.55,"SINAPI","INSTALACOES HIDRO SANITARIAS","CONEXOES"]
[94692,"TÊ, PVC, SOLDÁVEL, DN 40 MM INSTALADO EM RESERVAÇÃO DE ÁGUA DE EDIFICAÇÃO QUE POSSUA RESERVATÓRIO DE FIBRA/FIBROCIMENTO   FORNECIMENTO E INSTALAÇÃO. AF_06/2016","UN",17.309999999999999,"SINAPI","INSTALACOES HIDRO SANITARIAS","CONEXOES"]
[94693,"TÊ DE REDUÇÃO, PVC, SOLDÁVEL, DN 40 MM X 32 MM, INSTALADO EM RESERVAÇÃO DE ÁGUA DE EDIFICAÇÃO QUE POSSUA RESERVATÓRIO DE FIBRA/FIBROCIMENTO   FORNECIMENTO E INSTALAÇÃO. AF_06/2016","UN",17.93,"SINAPI","INSTALACOES HIDRO SANITARIAS","CONEXOES"]
[94694,"TÊ, PVC, SOLDÁVEL, DN 50 MM INSTALADO EM RESERVAÇÃO DE ÁGUA DE EDIFICAÇÃO QUE POSSUA RESERVATÓRIO DE FIBRA/FIBROCIMENTO   FORNECIMENTO E INSTALAÇÃO. AF_06/2016","UN",17.96,"SINAPI","INSTALACOES HIDRO SANITARIAS","CONEXOES"]
[94695,"TÊ DE REDUÇÃO, PVC, SOLDÁVEL, DN 50 MM X 40 MM, INSTALADO EM RESERVAÇÃO DE ÁGUA DE EDIFICAÇÃO QUE POSSUA RESERVATÓRIO DE FIBRA/FIBROCIMENTO   FORNECIMENTO E INSTALAÇÃO. AF_06/2016","UN",22.73,"SINAPI","INSTALACOES HIDRO SANITARIAS","CONEXOES"]
[94696,"TÊ, PVC, SOLDÁVEL, DN 60 MM INSTALADO EM RESERVAÇÃO DE ÁGUA DE EDIFICAÇÃO QUE POSSUA RESERVATÓRIO DE FIBRA/FIBROCIMENTO   FORNECIMENTO E INSTALAÇÃO. AF_06/2016","UN",39.22,"SINAPI","INSTALACOES HIDRO SANITARIAS","CONEXOES"]
[94697,"TÊ, PVC, SOLDÁVEL, DN 75 MM INSTALADO EM RESERVAÇÃO DE ÁGUA DE EDIFICAÇÃO QUE POSSUA RESERVATÓRIO DE FIBRA/FIBROCIMENTO   FORNECIMENTO E INSTALAÇÃO. AF_06/2016","UN",57.72,"SINAPI","INSTALACOES HIDRO SANITARIAS","CONEXOES"]
[94698,"TÊ DE REDUÇÃO, PVC, SOLDÁVEL, DN 75 MM X 50 MM, INSTALADO EM RESERVAÇÃO DE ÁGUA DE EDIFICAÇÃO QUE POSSUA RESERVATÓRIO DE FIBRA/FIBROCIMENTO   FORNECIMENTO E INSTALAÇÃO. AF_06/2016","UN",51.22,"SINAPI","INSTALACOES HIDRO SANITARIAS","CONEXOES"]
[94699,"TÊ, PVC, SOLDÁVEL, DN 85 MM INSTALADO EM RESERVAÇÃO DE ÁGUA DE EDIFICAÇÃO QUE POSSUA RESERVATÓRIO DE FIBRA/FIBROCIMENTO   FORNECIMENTO E INSTALAÇÃO. AF_06/2016","UN",97.72,"SINAPI","INSTALACOES HIDRO SANITARIAS","CONEXOES"]
[94700,"TÊ DE REDUÇÃO, PVC, SOLDÁVEL, DN 85 MM X 60 MM, INSTALADO EM RESERVAÇÃO DE ÁGUA DE EDIFICAÇÃO QUE POSSUA RESERVATÓRIO DE FIBRA/FIBROCIMENTO   FORNECIMENTO E INSTALAÇÃO. AF_06/2016","UN",84.41,"SINAPI","INSTALACOES HIDRO SANITARIAS","CONEXOES"]
[94701,"TÊ, PVC, SOLDÁVEL, DN 110 MM INSTALADO EM RESERVAÇÃO DE ÁGUA DE EDIFICAÇÃO QUE POSSUA RESERVATÓRIO DE FIBRA/FIBROCIMENTO   FORNECIMENTO E INSTALAÇÃO. AF_06/2016","UN",139.91999999999999,"SINAPI","INSTALACOES HIDRO SANITARIAS","CONEXOES"]
[94702,"TÊ DE REDUÇÃO, PVC, SOLDÁVEL, DN 110 MM X 60 MM, INSTALADO EM RESERVAÇÃO DE ÁGUA DE EDIFICAÇÃO QUE POSSUA RESERVATÓRIO DE FIBRA/FIBROCIMENTO   FORNECIMENTO E INSTALAÇÃO. AF_06/2016","UN",133.12,"SINAPI","INSTALACOES HIDRO SANITARIAS","CONEXOES"]
[94703,"ADAPTADOR COM FLANGE E ANEL DE VEDAÇÃO, PVC, SOLDÁVEL, DN  25 MM X 3/4 , INSTALADO EM RESERVAÇÃO DE ÁGUA DE EDIFICAÇÃO QUE POSSUA RESERVATÓRIO DE FIBRA/FIBROCIMENTO   FORNECIMENTO E INSTALAÇÃO. AF_06/2016","UN",13.37,"SINAPI","INSTALACOES HIDRO SANITARIAS","CONEXOES"]
[94704,"ADAPTADOR COM FLANGE E ANEL DE VEDAÇÃO, PVC, SOLDÁVEL, DN 32 MM X 1 , INSTALADO EM RESERVAÇÃO DE ÁGUA DE EDIFICAÇÃO QUE POSSUA RESERVATÓRIO DE FIBRA/FIBROCIMENTO   FORNECIMENTO E INSTALAÇÃO. AF_06/2016","UN",15.41,"SINAPI","INSTALACOES HIDRO SANITARIAS","CONEXOES"]
[94705,"ADAPTADOR COM FLANGE E ANEL DE VEDAÇÃO, PVC, SOLDÁVEL, DN 40 MM X 1 1/4 , INSTALADO EM RESERVAÇÃO DE ÁGUA DE EDIFICAÇÃO QUE POSSUA RESERVATÓRIO DE FIBRA/FIBROCIMENTO   FORNECIMENTO E INSTALAÇÃO. AF_06/2016","UN",18.510000000000002,"SINAPI","INSTALACOES HIDRO SANITARIAS","CONEXOES"]
[94706,"ADAPTADOR COM FLANGE E ANEL DE VEDAÇÃO, PVC, SOLDÁVEL, DN 50 MM X 1 1/2 , INSTALADO EM RESERVAÇÃO DE ÁGUA DE EDIFICAÇÃO QUE POSSUA RESERVATÓRIO DE FIBRA/FIBROCIMENTO   FORNECIMENTO E INSTALAÇÃO. AF_06/2016","UN",26.87,"SINAPI","INSTALACOES HIDRO SANITARIAS","CONEXOES"]
[94707,"ADAPTADOR COM FLANGE E ANEL DE VEDAÇÃO, PVC, SOLDÁVEL, DN 60 MM X 2 , INSTALADO EM RESERVAÇÃO DE ÁGUA DE EDIFICAÇÃO QUE POSSUA RESERVATÓRIO DE FIBRA/FIBROCIMENTO   FORNECIMENTO E INSTALAÇÃO. AF_06/2016","UN",32.6,"SINAPI","INSTALACOES HIDRO SANITARIAS","CONEXOES"]
[94708,"ADAPTADOR COM FLANGES LIVRES, PVC, SOLDÁVEL, DN  25 MM X 3/4 , INSTALADO EM RESERVAÇÃO DE ÁGUA DE EDIFICAÇÃO QUE POSSUA RESERVATÓRIO DE FIBRA/FIBROCIMENTO   FORNECIMENTO E INSTALAÇÃO. AF_06/2016","UN",17.97,"SINAPI","INSTALACOES HIDRO SANITARIAS","CONEXOES"]
[94709,"ADAPTADOR COM FLANGES LIVRES, PVC, SOLDÁVEL, DN 32 MM X 1 , INSTALADO EM RESERVAÇÃO DE ÁGUA DE EDIFICAÇÃO QUE POSSUA RESERVATÓRIO DE FIBRA/FIBROCIMENTO   FORNECIMENTO E INSTALAÇÃO. AF_06/2016","UN",22.04,"SINAPI","INSTALACOES HIDRO SANITARIAS","CONEXOES"]
[94710,"ADAPTADOR COM FLANGES LIVRES, PVC, SOLDÁVEL, DN 40 MM X 1 1/4 , INSTALADO EM RESERVAÇÃO DE ÁGUA DE EDIFICAÇÃO QUE POSSUA RESERVATÓRIO DE FIBRA/FIBROCIMENTO   FORNECIMENTO E INSTALAÇÃO. AF_06/2016","UN",32.15,"SINAPI","INSTALACOES HIDRO SANITARIAS","CONEXOES"]
[94711,"ADAPTADOR COM FLANGES LIVRES, PVC, SOLDÁVEL, DN 50 MM X 1 1/2 , INSTALADO EM RESERVAÇÃO DE ÁGUA DE EDIFICAÇÃO QUE POSSUA RESERVATÓRIO DE FIBRA/FIBROCIMENTO   FORNECIMENTO E INSTALAÇÃO. AF_06/2016","UN",39.32,"SINAPI","INSTALACOES HIDRO SANITARIAS","CONEXOES"]
[94712,"ADAPTADOR COM FLANGES LIVRES, PVC, SOLDÁVEL, DN 60 MM X 2 , INSTALADO EM RESERVAÇÃO DE ÁGUA DE EDIFICAÇÃO QUE POSSUA RESERVATÓRIO DE FIBRA/FIBROCIMENTO   FORNECIMENTO E INSTALAÇÃO. AF_06/2016","UN",50.92,"SINAPI","INSTALACOES HIDRO SANITARIAS","CONEXOES"]
[94713,"ADAPTADOR COM FLANGES LIVRES, PVC, SOLDÁVEL, DN 75 MM X 2 1/2 , INSTALADO EM RESERVAÇÃO DE ÁGUA DE EDIFICAÇÃO QUE POSSUA RESERVATÓRIO DE FIBRA/FIBROCIMENTO   FORNECIMENTO E INSTALAÇÃO. AF_06/2016","UN",124.56,"SINAPI","INSTALACOES HIDRO SANITARIAS","CONEXOES"]
[94714,"ADAPTADOR COM FLANGES LIVRES, PVC, SOLDÁVEL, DN 85 MM X 3 , INSTALADO EM RESERVAÇÃO DE ÁGUA DE EDIFICAÇÃO QUE POSSUA RESERVATÓRIO DE FIBRA/FIBROCIMENTO   FORNECIMENTO E INSTALAÇÃO. AF_06/2016","UN",167.02,"SINAPI","INSTALACOES HIDRO SANITARIAS","CONEXOES"]
[94715,"ADAPTADOR COM FLANGES LIVRES, PVC, SOLDÁVEL, DN 110 MM X 4 , INSTALADO EM RESERVAÇÃO DE ÁGUA DE EDIFICAÇÃO QUE POSSUA RESERVATÓRIO DE FIBRA/FIBROCIMENTO   FORNECIMENTO E INSTALAÇÃO. AF_06/2016","UN",228.59,"SINAPI","INSTALACOES HIDRO SANITARIAS","CONEXOES"]
[94724,"CONECTOR, CPVC, SOLDÁVEL, DN 22 MM X 3/4\u0094, INSTALADO EM RESERVAÇÃO DE ÁGUA DE EDIFICAÇÃO QUE POSSUA RESERVATÓRIO DE FIBRA/FIBROCIMENTO \u0096 FORNECIMENTO E INSTALAÇÃO. AF_06/2016","UN",18.82,"SINAPI","INSTALACOES HIDRO SANITARIAS","CONEXOES"]
[94725,"LUVA, CPVC, SOLDÁVEL, DN 22 MM, INSTALADO EM RESERVAÇÃO DE ÁGUA DE EDIFICAÇÃO QUE POSSUA RESERVATÓRIO DE FIBRA/FIBROCIMENTO \u0096 FORNECIMENTO E INSTALAÇÃO. AF_06/2016","UN",5.09,"SINAPI","INSTALACOES HIDRO SANITARIAS","CONEXOES"]
[94726,"CONECTOR, CPVC, SOLDÁVEL, DN 28 MM X 1\u0094, INSTALADO EM RESERVAÇÃO DE ÁGUA DE EDIFICAÇÃO QUE POSSUA RESERVATÓRIO DE FIBRA/FIBROCIMENTO \u0096 FORNECIMENTO E INSTALAÇÃO. AF_06/2016","UN",28.64,"SINAPI","INSTALACOES HIDRO SANITARIAS","CONEXOES"]
[94727,"LUVA, CPVC, SOLDÁVEL, DN 28 MM, INSTALADO EM RESERVAÇÃO DE ÁGUA DE EDIFICAÇÃO QUE POSSUA RESERVATÓRIO DE FIBRA/FIBROCIMENTO \u0096 FORNECIMENTO E INSTALAÇÃO. AF_06/2016","UN",6.91,"SINAPI","INSTALACOES HIDRO SANITARIAS","CONEXOES"]
[94728,"CONECTOR, CPVC, SOLDÁVEL, DN 35 MM X 1 1/4\u0094, INSTALADO EM RESERVAÇÃO DE ÁGUA DE EDIFICAÇÃO QUE POSSUA RESERVATÓRIO DE FIBRA/FIBROCIMENTO \u0096 FORNECIMENTO E INSTALAÇÃO. AF_06/2016","UN",106.46,"SINAPI","INSTALACOES HIDRO SANITARIAS","CONEXOES"]
[94729,"LUVA, CPVC, SOLDÁVEL, DN 35 MM, INSTALADO EM RESERVAÇÃO DE ÁGUA DE EDIFICAÇÃO QUE POSSUA RESERVATÓRIO DE FIBRA/FIBROCIMENTO \u0096 FORNECIMENTO E INSTALAÇÃO. AF_06/2016","UN",11.87,"SINAPI","INSTALACOES HIDRO SANITARIAS","CONEXOES"]
[94730,"CONECTOR, CPVC, SOLDÁVEL, DN 42 MM X 1 1/2\u0094, INSTALADO EM RESERVAÇÃO DE ÁGUA DE EDIFICAÇÃO QUE POSSUA RESERVATÓRIO DE FIBRA/FIBROCIMENTO \u0096 FORNECIMENTO E INSTALAÇÃO. AF_06/2016","UN",129.11000000000001,"SINAPI","INSTALACOES HIDRO SANITARIAS","CONEXOES"]
[94731,"LUVA, CPVC, SOLDÁVEL, DN 42 MM, INSTALADO EM RESERVAÇÃO DE ÁGUA DE EDIFICAÇÃO QUE POSSUA RESERVATÓRIO DE FIBRA/FIBROCIMENTO \u0096 FORNECIMENTO E INSTALAÇÃO. AF_06/2016","UN",14.62,"SINAPI","INSTALACOES HIDRO SANITARIAS","CONEXOES"]
[94733,"LUVA, CPVC, SOLDÁVEL, DN 54 MM, INSTALADO EM RESERVAÇÃO DE ÁGUA DE EDIFICAÇÃO QUE POSSUA RESERVATÓRIO DE FIBRA/FIBROCIMENTO \u0096 FORNECIMENTO E INSTALAÇÃO. AF_06/2016","UN",28.11,"SINAPI","INSTALACOES HIDRO SANITARIAS","CONEXOES"]
[94737,"LUVA, CPVC, SOLDÁVEL, DN 89 MM, INSTALADO EM RESERVAÇÃO DE ÁGUA DE EDIFICAÇÃO QUE POSSUA RESERVATÓRIO DE FIBRA/FIBROCIMENTO \u0096 FORNECIMENTO E INSTALAÇÃO. AF_06/2016","UN",113.72,"SINAPI","INSTALACOES HIDRO SANITARIAS","CONEXOES"]
[94740,"JOELHO 90 GRAUS, CPVC, SOLDÁVEL, DN 22 MM, INSTALADO EM RESERVAÇÃO DE ÁGUA DE EDIFICAÇÃO QUE POSSUA RESERVATÓRIO DE FIBRA/FIBROCIMENTO \u0096 FORNECIMENTO E INSTALAÇÃO. AF_06/2016","UN",7.96,"SINAPI","INSTALACOES HIDRO SANITARIAS","CONEXOES"]
[94741,"CURVA 90 GRAUS, CPVC, SOLDÁVEL, DN 22 MM, INSTALADO EM RESERVAÇÃO DE ÁGUA DE EDIFICAÇÃO QUE POSSUA RESERVATÓRIO DE FIBRA/FIBROCIMENTO \u0096 FORNECIMENTO E INSTALAÇÃO. AF_06/2016","UN",9.61,"SINAPI","INSTALACOES HIDRO SANITARIAS","CONEXOES"]
[94742,"JOELHO 90 GRAUS, CPVC, SOLDÁVEL, DN 28 MM, INSTALADO EM RESERVAÇÃO DE ÁGUA DE EDIFICAÇÃO QUE POSSUA RESERVATÓRIO DE FIBRA/FIBROCIMENTO \u0096 FORNECIMENTO E INSTALAÇÃO. AF_06/2016","UN",11.47,"SINAPI","INSTALACOES HIDRO SANITARIAS","CONEXOES"]
[94743,"CURVA 90 GRAUS, CPVC, SOLDÁVEL, DN 28 MM, INSTALADO EM RESERVAÇÃO DE ÁGUA DE EDIFICAÇÃO QUE POSSUA RESERVATÓRIO DE FIBRA/FIBROCIMENTO \u0096 FORNECIMENTO E INSTALAÇÃO. AF_06/2016","UN",12.51,"SINAPI","INSTALACOES HIDRO SANITARIAS","CONEXOES"]
[94744,"JOELHO 90 GRAUS, CPVC, SOLDÁVEL, DN 35 MM, INSTALADO EM RESERVAÇÃO DE ÁGUA DE EDIFICAÇÃO QUE POSSUA RESERVATÓRIO DE FIBRA/FIBROCIMENTO \u0096 FORNECIMENTO E INSTALAÇÃO. AF_06/2016","UN",17.98,"SINAPI","INSTALACOES HIDRO SANITARIAS","CONEXOES"]
[94746,"JOELHO 90 GRAUS, CPVC, SOLDÁVEL, DN 42 MM, INSTALADO EM RESERVAÇÃO DE ÁGUA DE EDIFICAÇÃO QUE POSSUA RESERVATÓRIO DE FIBRA/FIBROCIMENTO \u0096 FORNECIMENTO E INSTALAÇÃO. AF_06/2016","UN",24.97,"SINAPI","INSTALACOES HIDRO SANITARIAS","CONEXOES"]
[94748,"JOELHO 90 GRAUS, CPVC, SOLDÁVEL, DN 54 MM, INSTALADO EM RESERVAÇÃO DE ÁGUA DE EDIFICAÇÃO QUE POSSUA RESERVATÓRIO DE FIBRA/FIBROCIMENTO \u0096 FORNECIMENTO E INSTALAÇÃO. AF_06/2016","UN",50.98,"SINAPI","INSTALACOES HIDRO SANITARIAS","CONEXOES"]
[94750,"JOELHO 90 GRAUS, CPVC, SOLDÁVEL, DN 73 MM, INSTALADO EM RESERVAÇÃO DE ÁGUA DE EDIFICAÇÃO QUE POSSUA RESERVATÓRIO DE FIBRA/FIBROCIMENTO \u0096 FORNECIMENTO E INSTALAÇÃO. AF_06/2016","UN",117.1,"SINAPI","INSTALACOES HIDRO SANITARIAS","CONEXOES"]
[94752,"JOELHO 90 GRAUS, CPVC, SOLDÁVEL, DN 89 MM, INSTALADO EM RESERVAÇÃO DE ÁGUA DE EDIFICAÇÃO QUE POSSUA RESERVATÓRIO DE FIBRA/FIBROCIMENTO \u0096 FORNECIMENTO E INSTALAÇÃO. AF_06/2016","UN",144.94,"SINAPI","INSTALACOES HIDRO SANITARIAS","CONEXOES"]
[94756,"TE, CPVC, SOLDÁVEL, DN 22 MM, INSTALADO EM RESERVAÇÃO DE ÁGUA DE EDIFICAÇÃO QUE POSSUA RESERVATÓRIO DE FIBRA/FIBROCIMENTO \u0096 FORNECIMENTO E INSTALAÇÃO. AF_06/2016","UN",10.14,"SINAPI","INSTALACOES HIDRO SANITARIAS","CONEXOES"]
[94757,"TE, CPVC, SOLDÁVEL, DN 28 MM, INSTALADO EM RESERVAÇÃO DE ÁGUA DE EDIFICAÇÃO QUE POSSUA RESERVATÓRIO DE FIBRA/FIBROCIMENTO \u0096 FORNECIMENTO E INSTALAÇÃO. AF_06/2016","UN",13.27,"SINAPI","INSTALACOES HIDRO SANITARIAS","CONEXOES"]
[94758,"TE, CPVC, SOLDÁVEL, DN 35 MM, INSTALADO EM RESERVAÇÃO DE ÁGUA DE EDIFICAÇÃO QUE POSSUA RESERVATÓRIO DE FIBRA/FIBROCIMENTO \u0096 FORNECIMENTO E INSTALAÇÃO. AF_06/2016","UN",32,"SINAPI","INSTALACOES HIDRO SANITARIAS","CONEXOES"]
[94759,"TE, CPVC, SOLDÁVEL, DN 42 MM, INSTALADO EM RESERVAÇÃO DE ÁGUA DE EDIFICAÇÃO QUE POSSUA RESERVATÓRIO DE FIBRA/FIBROCIMENTO \u0096 FORNECIMENTO E INSTALAÇÃO. AF_06/2016","UN",38.979999999999997,"SINAPI","INSTALACOES HIDRO SANITARIAS","CONEXOES"]
[94760,"TE, CPVC, SOLDÁVEL, DN 54 MM, INSTALADO EM RESERVAÇÃO DE ÁGUA DE EDIFICAÇÃO QUE POSSUA RESERVATÓRIO DE FIBRA/FIBROCIMENTO \u0096 FORNECIMENTO E INSTALAÇÃO. AF_06/2016","UN",64.209999999999994,"SINAPI","INSTALACOES HIDRO SANITARIAS","CONEXOES"]
[94761,"TE, CPVC, SOLDÁVEL, DN 73 MM, INSTALADO EM RESERVAÇÃO DE ÁGUA DE EDIFICAÇÃO QUE POSSUA RESERVATÓRIO DE FIBRA/FIBROCIMENTO \u0096 FORNECIMENTO E INSTALAÇÃO. AF_06/2016","UN",134.1,"SINAPI","INSTALACOES HIDRO SANITARIAS","CONEXOES"]
[94762,"TE, CPVC, SOLDÁVEL, DN 89 MM, INSTALADO EM RESERVAÇÃO DE ÁGUA DE EDIFICAÇÃO QUE POSSUA RESERVATÓRIO DE FIBRA/FIBROCIMENTO \u0096 FORNECIMENTO E INSTALAÇÃO. AF_06/2016","UN",174.23,"SINAPI","INSTALACOES HIDRO SANITARIAS","CONEXOES"]
[94783,"ADAPTADOR COM FLANGE E ANEL DE VEDAÇÃO, PVC, SOLDÁVEL, DN  20 MM X 1/2 , INSTALADO EM RESERVAÇÃO DE ÁGUA DE EDIFICAÇÃO QUE POSSUA RESERVATÓRIO DE FIBRA/FIBROCIMENTO   FORNECIMENTO E INSTALAÇÃO. AF_06/2016","UN",12.48,"SINAPI","INSTALACOES HIDRO SANITARIAS","CONEXOES"]
[94785,"ADAPTADOR COM FLANGES LIVRES, PVC, SOLDÁVEL LONGO, DN 32 MM X 1 , INSTALADO EM RESERVAÇÃO DE ÁGUA DE EDIFICAÇÃO QUE POSSUA RESERVATÓRIO DE FIBRA/FIBROCIMENTO   FORNECIMENTO E INSTALAÇÃO. AF_06/2016","UN",22.33,"SINAPI","INSTALACOES HIDRO SANITARIAS","CONEXOES"]
[94786,"ADAPTADOR COM FLANGES LIVRES, PVC, SOLDÁVEL LONGO, DN 40 MM X 1 1/4 , INSTALADO EM RESERVAÇÃO DE ÁGUA DE EDIFICAÇÃO QUE POSSUA RESERVATÓRIO DE FIBRA/FIBROCIMENTO   FORNECIMENTO E INSTALAÇÃO. AF_06/2016","UN",28.1,"SINAPI","INSTALACOES HIDRO SANITARIAS","CONEXOES"]
[94787,"ADAPTADOR COM FLANGES LIVRES, PVC, SOLDÁVEL LONGO, DN 50 MM X 1 1/2 , INSTALADO EM RESERVAÇÃO DE ÁGUA DE EDIFICAÇÃO QUE POSSUA RESERVATÓRIO DE FIBRA/FIBROCIMENTO   FORNECIMENTO E INSTALAÇÃO. AF_06/2016","UN",37.79,"SINAPI","INSTALACOES HIDRO SANITARIAS","CONEXOES"]
[94788,"ADAPTADOR COM FLANGES LIVRES, PVC, SOLDÁVEL LONGO, DN 60 MM X 2 , INSTALADO EM RESERVAÇÃO DE ÁGUA DE EDIFICAÇÃO QUE POSSUA RESERVATÓRIO DE FIBRA/FIBROCIMENTO   FORNECIMENTO E INSTALAÇÃO. AF_06/2016","UN",52.3,"SINAPI","INSTALACOES HIDRO SANITARIAS","CONEXOES"]
[94789,"ADAPTADOR COM FLANGES LIVRES, PVC, SOLDÁVEL LONGO, DN 75 MM X 2 1/2 , INSTALADO EM RESERVAÇÃO DE ÁGUA DE EDIFICAÇÃO QUE POSSUA RESERVATÓRIO DE FIBRA/FIBROCIMENTO   FORNECIMENTO E INSTALAÇÃO. AF_06/2016","UN",153.02000000000001,"SINAPI","INSTALACOES HIDRO SANITARIAS","CONEXOES"]
[94790,"ADAPTADOR COM FLANGES LIVRES, PVC, SOLDÁVEL LONGO, DN 85 MM X 3 , INSTALADO EM RESERVAÇÃO DE ÁGUA DE EDIFICAÇÃO QUE POSSUA RESERVATÓRIO DE FIBRA/FIBROCIMENTO   FORNECIMENTO E INSTALAÇÃO. AF_06/2016","UN",176.18,"SINAPI","INSTALACOES HIDRO SANITARIAS","CONEXOES"]
[94791,"ADAPTADOR COM FLANGES LIVRES, PVC, SOLDÁVEL LONGO, DN 110 MM X 4 , INSTALADO EM RESERVAÇÃO DE ÁGUA DE EDIFICAÇÃO QUE POSSUA RESERVATÓRIO DE FIBRA/FIBROCIMENTO   FORNECIMENTO E INSTALAÇÃO. AF_06/2016","UN",244.72,"SINAPI","INSTALACOES HIDRO SANITARIAS","CONEXOES"]
[94863,"LUVA, CPVC, SOLDÁVEL, DN 73 MM, INSTALADO EM RESERVAÇÃO DE ÁGUA DE EDIFICAÇÃO QUE POSSUA RESERVATÓRIO DE FIBRA/FIBROCIMENTO \u0096 FORNECIMENTO E INSTALAÇÃO. AF_06/2016","UN",95.63,"SINAPI","INSTALACOES HIDRO SANITARIAS","CONEXOES"]
[95141,"ADAPTADOR COM FLANGES LIVRES, PVC, SOLDÁVEL LONGO, DN  25 MM X 3/4 , INSTALADO EM RESERVAÇÃO DE ÁGUA DE EDIFICAÇÃO QUE POSSUA RESERVATÓRIO DE FIBRA/FIBROCIMENTOFORNECIMENTO E INSTALAÇÃO. AF_06/2016","UN",21.07,"SINAPI","INSTALACOES HIDRO SANITARIAS","CONEXOES"]
[95237,"LUVA COM BUCHA DE LATÃO, PVC, SOLDÁVEL, DN 32MM X 1 , INSTALADO EM RAMAL DE DISTRIBUIÇÃO DE ÁGUA   FORNECIMENTO E INSTALAÇÃO. AF_12/2014","UN",15,"SINAPI","INSTALACOES HIDRO SANITARIAS","CONEXOES"]
[95693,"LUVA SIMPLES, PVC, SÉRIE NORMAL, ESGOTO PREDIAL, DN 150 MM, JUNTA ELÁSTICA, FORNECIDO E INSTALADO EM SUBCOLETOR AÉREO DE ESGOTO SANITÁRIO. AF_12/2014","UN",33.76,"SINAPI","INSTALACOES HIDRO SANITARIAS","CONEXOES"]
[95694,"CURVA 90 GRAUS, PVC, SERIE R, ÁGUA PLUVIAL, DN 100 MM, JUNTA ELÁSTICA, FORNECIDO E INSTALADO EM RAMAL DE ENCAMINHAMENTO. AF_12/2014","UN",40.39,"SINAPI","INSTALACOES HIDRO SANITARIAS","CONEXOES"]
[95695,"CURVA 90 GRAUS, PVC, SERIE R, ÁGUA PLUVIAL, DN 100 MM, JUNTA ELÁSTICA, FORNECIDO E INSTALADO EM CONDUTORES VERTICAIS DE ÁGUAS PLUVIAIS. AF_12/2014","UN",38.83,"SINAPI","INSTALACOES HIDRO SANITARIAS","CONEXOES"]
[95696,"SPRINKLER TIPO PENDENTE, 68 °C, UNIÃO POR ROSCA DN 15 (1/2\") - FORNECIMENTO E INSTALAÇÃO. AF_12/2015","UN",22.11,"SINAPI","INSTALACOES HIDRO SANITARIAS","CONEXOES"]
[96637,"JOELHO 90 GRAUS, PPR, DN 25 MM, CLASSE PN 25, INSTALADO EM RAMAL OU SUB-RAMAL DE ÁGUA \u0096 FORNECIMENTO E INSTALAÇÃO . AF_06/2015","UN",11.06,"SINAPI","INSTALACOES HIDRO SANITARIAS","CONEXOES"]
[96638,"JOELHO 45 GRAUS, PPR, DN 25 MM, CLASSE PN 25, INSTALADO EM RAMAL OU SUB-RAMAL DE ÁGUA \u0096 FORNECIMENTO E INSTALAÇÃO . AF_06/2015","UN",10.74,"SINAPI","INSTALACOES HIDRO SANITARIAS","CONEXOES"]
[96639,"LUVA, PPR, DN 25 MM, CLASSE PN 25, INSTALADO EM RAMAL OU SUB-RAMAL DE ÁGUA \u0096 FORNECIMENTO E INSTALAÇÃO . AF_06/2015","UN",7.64,"SINAPI","INSTALACOES HIDRO SANITARIAS","CONEXOES"]
[96640,"CONECTOR MACHO, PPR, 25 X 1/2'', CLASSE PN 25, INSTALADO EM RAMAL OU SUB-RAMAL DE ÁGUA   FORNECIMENTO E INSTALAÇÃO . AF_06/2015","UN",16.82,"SINAPI","INSTALACOES HIDRO SANITARIAS","CONEXOES"]
[96641,"CONECTOR FÊMEA, PPR, 25 X 1/2'', CLASSE PN 25, INSTALADO EM RAMAL OU SUB-RAMAL DE ÁGUA   FORNECIMENTO E INSTALAÇÃO . AF_06/2015","UN",13.54,"SINAPI","INSTALACOES HIDRO SANITARIAS","CONEXOES"]
[96642,"TÊ NORMAL, PPR, DN 25 MM, CLASSE PN 25, INSTALADO EM RAMAL OU SUB-RAMAL DE ÁGUA \u0096 FORNECIMENTO E INSTALAÇÃO . AF_06/2015","UN",14.67,"SINAPI","INSTALACOES HIDRO SANITARIAS","CONEXOES"]
[96643,"TÊ MISTURADOR, PPR, 25 X 3/4'' , CLASSE PN 25, INSTALADO EM RAMAL OU SUB-RAMAL DE ÁGUA \u0096 FORNECIMENTO E INSTALAÇÃO . AF_06/2015","UN",33.880000000000003,"SINAPI","INSTALACOES HIDRO SANITARIAS","CONEXOES"]
[96650,"JOELHO 90 GRAUS, PPR, DN 25 MM, CLASSE PN 25, INSTALADO EM RAMAL DE DISTRIBUIÇÃO \u0096 FORNECIMENTO E INSTALAÇÃO . AF_06/2015","UN",8.07,"SINAPI","INSTALACOES HIDRO SANITARIAS","CONEXOES"]
[96651,"JOELHO 45 GRAUS, PPR, DN 25 MM, CLASSE PN 25, INSTALADO EM RAMAL DE DISTRIBUIÇÃO DE ÁGUA \u0096 FORNECIMENTO E INSTALAÇÃO . AF_06/2015","UN",7.75,"SINAPI","INSTALACOES HIDRO SANITARIAS","CONEXOES"]
[96652,"JOELHO 90 GRAUS, PPR, DN 32 MM, CLASSE PN 25, INSTALADO EM RAMAL DE DISTRIBUIÇÃO \u0096 FORNECIMENTO E INSTALAÇÃO . AF_06/2015","UN",15.62,"SINAPI","INSTALACOES HIDRO SANITARIAS","CONEXOES"]
[96653,"JOELHO 45 GRAUS, PPR, DN 32 MM, CLASSE PN 25, INSTALADO EM RAMAL DE DISTRIBUIÇÃO DE ÁGUA \u0096 FORNECIMENTO E INSTALAÇÃO . AF_06/2015","UN",15.59,"SINAPI","INSTALACOES HIDRO SANITARIAS","CONEXOES"]
[96654,"JOELHO 90 GRAUS, PPR, DN 40 MM, CLASSE PN 25, INSTALADO EM RAMAL DE DISTRIBUIÇÃO \u0096 FORNECIMENTO E INSTALAÇÃO . AF_06/2015","UN",25.64,"SINAPI","INSTALACOES HIDRO SANITARIAS","CONEXOES"]
[96655,"JOELHO 45 GRAUS, PPR, DN 40 MM, CLASSE PN 25, INSTALADO EM RAMAL DE DISTRIBUIÇÃO DE ÁGUA \u0096 FORNECIMENTO E INSTALAÇÃO . AF_06/2015","UN",25.28,"SINAPI","INSTALACOES HIDRO SANITARIAS","CONEXOES"]
[96656,"LUVA, PPR, DN 25 MM, CLASSE PN 25, INSTALADO EM RAMAL DE DISTRIBUIÇÃO DE ÁGUA \u0096 FORNECIMENTO E INSTALAÇÃO . AF_06/2015","UN",5.67,"SINAPI","INSTALACOES HIDRO SANITARIAS","CONEXOES"]
[96657,"CONECTOR MACHO, PPR, 25 X 1/2, CLASSE PN 25, INSTALADO EM RAMAL DE DISTRIBUIÇÃO DE ÁGUA \u0096 FORNECIMENTO E INSTALAÇÃO . AF_06/2015","UN",14.85,"SINAPI","INSTALACOES HIDRO SANITARIAS","CONEXOES"]
[96658,"CONECTOR FÊMEA, PPR, 25 X 1/2'', CLASSE PN 25, INSTALADO EM RAMAL DE DISTRIBUIÇÃO DE ÁGUA   FORNECIMENTO E INSTALAÇÃO . AF_06/2015","UN",11.57,"SINAPI","INSTALACOES HIDRO SANITARIAS","CONEXOES"]
[96659,"LUVA, PPR, DN 32 MM, CLASSE PN 25, INSTALADO EM RAMAL DE DISTRIBUIÇÃO DE ÁGUA \u0096 FORNECIMENTO E INSTALAÇÃO. AF_06/2015","UN",10.53,"SINAPI","INSTALACOES HIDRO SANITARIAS","CONEXOES"]
[96660,"CONECTOR MACHO, PPR, 32 X 3/4'', CLASSE PN 25, INSTALADO EM RAMAL DE DISTRIBUIÇÃO DE ÁGUA   FORNECIMENTO E INSTALAÇÃO. AF_06/2015","UN",25.84,"SINAPI","INSTALACOES HIDRO SANITARIAS","CONEXOES"]
[96661,"CONECTOR FÊMEA, PPR, 32 X 3/4'', CLASSE PN 25, INSTALADO EM RAMAL DE DISTRIBUIÇÃO DE ÁGUA   FORNECIMENTO E INSTALAÇÃO . AF_06/2015","UN",20.8,"SINAPI","INSTALACOES HIDRO SANITARIAS","CONEXOES"]
[96662,"BUCHA DE REDUÇÃO, PPR, 32 X 25, CLASSE PN 25, INSTALADO EM RAMAL DE DISTRIBUIÇÃO DE ÁGUA \u0096 FORNECIMENTO E INSTALAÇÃO . AF_06/2015","UN",10.7,"SINAPI","INSTALACOES HIDRO SANITARIAS","CONEXOES"]
[96663,"LUVA, PPR, DN 40 MM, CLASSE PN 25, INSTALADO EM RAMAL DE DISTRIBUIÇÃO DE ÁGUA \u0096 FORNECIMENTO E INSTALAÇÃO. AF_06/2015","UN",18.559999999999999,"SINAPI","INSTALACOES HIDRO SANITARIAS","CONEXOES"]
[96664,"BUCHA DE REDUÇÃO, PPR, 40 X 25, CLASSE PN 25, INSTALADO EM RAMAL DE DISTRIBUIÇÃO DE ÁGUA \u0096 FORNECIMENTO E INSTALAÇÃO . AF_06/2015","UN",19.64,"SINAPI","INSTALACOES HIDRO SANITARIAS","CONEXOES"]
[96665,"TÊ NORMAL, PPR, DN 25 MM, CLASSE PN 25, INSTALADO EM RAMAL DE DISTRIBUIÇÃO DE ÁGUA \u0096 FORNECIMENTO E INSTALAÇÃO . AF_06/2015","UN",10.66,"SINAPI","INSTALACOES HIDRO SANITARIAS","CONEXOES"]
[96666,"TÊ NORMAL, PPR, DN 32 MM, CLASSE PN 25, INSTALADO EM RAMAL DE DISTRIBUIÇÃO DE ÁGUA \u0096 FORNECIMENTO E INSTALAÇÃO . AF_06/2015","UN",20.9,"SINAPI","INSTALACOES HIDRO SANITARIAS","CONEXOES"]
[96667,"TÊ NORMAL, PPR, DN 40 MM, CLASSE PN 25, INSTALADO EM RAMAL DE DISTRIBUIÇÃO DE ÁGUA \u0096 FORNECIMENTO E INSTALAÇÃO . AF_06/2015","UN",35.69,"SINAPI","INSTALACOES HIDRO SANITARIAS","CONEXOES"]
[96684,"JOELHO 90 GRAUS, PPR, DN 25 MM, CLASSE PN 25, INSTALADO EM PRUMADA DE ÁGUA \u0096 FORNECIMENTO E INSTALAÇÃO . AF_06/2015","UN",3.58,"SINAPI","INSTALACOES HIDRO SANITARIAS","CONEXOES"]
[96685,"JOELHO 45 GRAUS, PPR, DN 25 MM, CLASSE PN 25, INSTALADO EM PRUMADA DE ÁGUA \u0096 FORNECIMENTO E INSTALAÇÃO . AF_06/2015","UN",3.26,"SINAPI","INSTALACOES HIDRO SANITARIAS","CONEXOES"]
[96686,"JOELHO 90 GRAUS, PPR, DN 32 MM, CLASSE PN 25, INSTALADO EM PRUMADA DE ÁGUA \u0096 FORNECIMENTO E INSTALAÇÃO . AF_06/2015","UN",5.35,"SINAPI","INSTALACOES HIDRO SANITARIAS","CONEXOES"]
[96687,"JOELHO 45 GRAUS, PPR, DN 32 MM, CLASSE PN 25, INSTALADO EM PRUMADA DE ÁGUA \u0096 FORNECIMENTO E INSTALAÇÃO . AF_06/2015","UN",5.32,"SINAPI","INSTALACOES HIDRO SANITARIAS","CONEXOES"]
[96688,"JOELHO 90 GRAUS, PPR, DN 40 MM, CLASSE PN 25, INSTALADO EM PRUMADA DE ÁGUA \u0096 FORNECIMENTO E INSTALAÇÃO . AF_06/2015","UN",9.0399999999999991,"SINAPI","INSTALACOES HIDRO SANITARIAS","CONEXOES"]
[96689,"JOELHO 45 GRAUS, PPR, DN 40 MM, CLASSE PN 25, INSTALADO EM PRUMADA DE ÁGUA \u0096 FORNECIMENTO E INSTALAÇÃO . AF_06/2015","UN",8.68,"SINAPI","INSTALACOES HIDRO SANITARIAS","CONEXOES"]
[96690,"JOELHO 90 GRAUS, PPR, DN 50 MM, CLASSE PN 25, INSTALADO EM PRUMADA DE ÁGUA \u0096 FORNECIMENTO E INSTALAÇÃO . AF_06/2015","UN",16.440000000000001,"SINAPI","INSTALACOES HIDRO SANITARIAS","CONEXOES"]
[96691,"JOELHO 45 GRAUS, PPR, DN 50 MM, CLASSE PN 25, INSTALADO EM PRUMADA DE ÁGUA \u0096 FORNECIMENTO E INSTALAÇÃO . AF_06/2015","UN",16.940000000000001,"SINAPI","INSTALACOES HIDRO SANITARIAS","CONEXOES"]
[96692,"JOELHO 90 GRAUS, PPR, DN 63 MM, CLASSE PN 25, INSTALADO EM PRUMADA DE ÁGUA \u0096 FORNECIMENTO E INSTALAÇÃO . AF_06/2015","UN",24.9,"SINAPI","INSTALACOES HIDRO SANITARIAS","CONEXOES"]
[96693,"JOELHO 45 GRAUS, PPR, DN 63 MM, CLASSE PN 25, INSTALADO EM PRUMADA DE ÁGUA \u0096 FORNECIMENTO E INSTALAÇÃO . AF_06/2015","UN",23.69,"SINAPI","INSTALACOES HIDRO SANITARIAS","CONEXOES"]
[96694,"JOELHO 90 GRAUS, PPR, DN 75 MM, CLASSE PN 25, INSTALADO EM PRUMADA DE ÁGUA \u0096 FORNECIMENTO E INSTALAÇÃO . AF_06/2015","UN",52.96,"SINAPI","INSTALACOES HIDRO SANITARIAS","CONEXOES"]
[96695,"JOELHO 45 GRAUS, PPR, DN 75 MM, CLASSE PN 25, INSTALADO EM PRUMADA DE ÁGUA \u0096 FORNECIMENTO E INSTALAÇÃO . AF_06/2015","UN",51.54,"SINAPI","INSTALACOES HIDRO SANITARIAS","CONEXOES"]
[96696,"JOELHO 90 GRAUS, PPR, DN 90 MM, CLASSE PN 25, INSTALADO EM PRUMADA DE ÁGUA \u0096 FORNECIMENTO E INSTALAÇÃO . AF_06/2015","UN",79.48,"SINAPI","INSTALACOES HIDRO SANITARIAS","CONEXOES"]
[96697,"JOELHO 90 GRAUS, PPR, DN 110 MM, CLASSE PN 25, INSTALADO EM PRUMADA DE ÁGUA \u0096 FORNECIMENTO E INSTALAÇÃO . AF_06/2015","UN",118.84,"SINAPI","INSTALACOES HIDRO SANITARIAS","CONEXOES"]
[96698,"LUVA, PPR, DN 25 MM, CLASSE PN 25, INSTALADO EM PRUMADA DE ÁGUA \u0096 FORNECIMENTO E INSTALAÇÃO . AF_06/2015","UN",2.68,"SINAPI","INSTALACOES HIDRO SANITARIAS","CONEXOES"]
[96699,"CONECTOR MACHO, PPR, 25 X 1/2'', CLASSE PN 25, INSTALADO EM PRUMADA DE ÁGUA   FORNECIMENTO E INSTALAÇÃO . AF_06/2015","UN",11.86,"SINAPI","INSTALACOES HIDRO SANITARIAS","CONEXOES"]
[96700,"CONECTOR FÊMEA, PPR, 25 X 1/2'', CLASSE PN 25, INSTALADO EM PRUMADA DE ÁGUA   FORNECIMENTO E INSTALAÇÃO . AF_06/2015","UN",8.58,"SINAPI","INSTALACOES HIDRO SANITARIAS","CONEXOES"]
[96701,"LUVA, PPR, DN 32 MM, CLASSE PN 25, INSTALADO EM PRUMADA DE ÁGUA \u0096 FORNECIMENTO E INSTALAÇÃO. AF_06/2015","UN",3.69,"SINAPI","INSTALACOES HIDRO SANITARIAS","CONEXOES"]
[96702,"BUCHA DE REDUÇÃO, PPR, 32 X 25, CLASSE PN 25, INSTALADO EM PRUMADA DE ÁGUA \u0096 FORNECIMENTO E INSTALAÇÃO . AF_06/2015","UN",3.86,"SINAPI","INSTALACOES HIDRO SANITARIAS","CONEXOES"]
[96703,"LUVA, PPR, DN 40 MM, CLASSE PN 25, INSTALADO EM PRUMADA DE ÁGUA \u0096 FORNECIMENTO E INSTALAÇÃO. AF_06/2015","UN",7.47,"SINAPI","INSTALACOES HIDRO SANITARIAS","CONEXOES"]
[96704,"BUCHA DE REDUÇÃO, PPR, 40 X 25, CLASSE PN 25, INSTALADO EM PRUMADA DE ÁGUA \u0096 FORNECIMENTO E INSTALAÇÃO . AF_06/2015","UN",8.5500000000000007,"SINAPI","INSTALACOES HIDRO SANITARIAS","CONEXOES"]
[96705,"LUVA, PPR, DN 50 MM, CLASSE PN 25, INSTALADO EM PRUMADA DE ÁGUA \u0096 FORNECIMENTO E INSTALAÇÃO. AF_06/2015","UN",11.23,"SINAPI","INSTALACOES HIDRO SANITARIAS","CONEXOES"]
[96706,"LUVA, PPR, DN 63 MM, CLASSE PN 25, INSTALADO EM PRUMADA DE ÁGUA \u0096 FORNECIMENTO E INSTALAÇÃO. AF_06/2015","UN",16.91,"SINAPI","INSTALACOES HIDRO SANITARIAS","CONEXOES"]
[96707,"LUVA, PPR, DN 75 MM, CLASSE PN 25, INSTALADO EM PRUMADA DE ÁGUA \u0096 FORNECIMENTO E INSTALAÇÃO. AF_06/2015","UN",34.11,"SINAPI","INSTALACOES HIDRO SANITARIAS","CONEXOES"]
[96708,"LUVA, PPR, DN 90 MM, CLASSE PN 25, INSTALADO EM PRUMADA DE ÁGUA \u0096 FORNECIMENTO E INSTALAÇÃO. AF_06/2015","UN",53.48,"SINAPI","INSTALACOES HIDRO SANITARIAS","CONEXOES"]
[96709,"LUVA, PPR, DN 110 MM, CLASSE PN 25, INSTALADO EM PRUMADA DE ÁGUA \u0096 FORNECIMENTO E INSTALAÇÃO. AF_06/2015","UN",84.19,"SINAPI","INSTALACOES HIDRO SANITARIAS","CONEXOES"]
[96710,"TÊ NORMAL, PPR, DN 25 MM, CLASSE PN 25, INSTALADO EM PRUMADA DE ÁGUA \u0096 FORNECIMENTO E INSTALAÇÃO . AF_06/2015","UN",4.72,"SINAPI","INSTALACOES HIDRO SANITARIAS","CONEXOES"]
[96711,"TÊ NORMAL, PPR, DN 32 MM, CLASSE PN 25, INSTALADO EM PRUMADA DE ÁGUA \u0096 FORNECIMENTO E INSTALAÇÃO . AF_06/2015","UN",7.26,"SINAPI","INSTALACOES HIDRO SANITARIAS","CONEXOES"]
[96712,"TÊ NORMAL, PPR, DN 40 MM, CLASSE PN 25, INSTALADO EM PRUMADA DE ÁGUA \u0096 FORNECIMENTO E INSTALAÇÃO . AF_06/2015","UN",13.52,"SINAPI","INSTALACOES HIDRO SANITARIAS","CONEXOES"]
[96713,"TÊ NORMAL, PPR, DN 50 MM, CLASSE PN 25, INSTALADO EM PRUMADA DE ÁGUA \u0096 FORNECIMENTO E INSTALAÇÃO . AF_06/2015","UN",18.89,"SINAPI","INSTALACOES HIDRO SANITARIAS","CONEXOES"]
[96714,"TÊ NORMAL, PPR, DN 63 MM, CLASSE PN 25, INSTALADO EM PRUMADA DE ÁGUA \u0096 FORNECIMENTO E INSTALAÇÃO . AF_06/2015","UN",31.56,"SINAPI","INSTALACOES HIDRO SANITARIAS","CONEXOES"]
[96715,"TÊ NORMAL, PPR, DN 75 MM, CLASSE PN 25, INSTALADO EM PRUMADA DE ÁGUA \u0096 FORNECIMENTO E INSTALAÇÃO . AF_06/2015","UN",57.81,"SINAPI","INSTALACOES HIDRO SANITARIAS","CONEXOES"]
[96716,"TÊ NORMAL, PPR, DN 90 MM, CLASSE PN 25, INSTALADO EM PRUMADA DE ÁGUA \u0096 FORNECIMENTO E INSTALAÇÃO . AF_06/2015","UN",86.48,"SINAPI","INSTALACOES HIDRO SANITARIAS","CONEXOES"]
[96717,"TÊ NORMAL, PPR, DN 110 MM, CLASSE PN 25, INSTALADO EM PRUMADA DE ÁGUA \u0096 FORNECIMENTO E INSTALAÇÃO . AF_06/2015","UN",135.61000000000001,"SINAPI","INSTALACOES HIDRO SANITARIAS","CONEXOES"]
[96736,"LUVA, PPR, DN 20 MM, CLASSE PN 25, INSTALADO EM RESERVAÇÃO DE ÁGUA DE EDIFICAÇÃO QUE POSSUA RESERVATÓRIO DE FIBRA/FIBROCIMENTO \u0096 FORNECIMENTO E INSTALAÇÃO. AF_06/2016","UN",4.34,"SINAPI","INSTALACOES HIDRO SANITARIAS","CONEXOES"]
[96737,"LUVA, PPR, DN 25 MM, CLASSE PN 25, INSTALADO EM RESERVAÇÃO DE ÁGUA DE EDIFICAÇÃO QUE POSSUA RESERVATÓRIO DE FIBRA/FIBROCIMENTO \u0096 FORNECIMENTO E INSTALAÇÃO. AF_06/2016","UN",4.84,"SINAPI","INSTALACOES HIDRO SANITARIAS","CONEXOES"]
[96738,"CONECTOR MACHO, PPR, 25 X 1/2'', CLASSE PN 25,  INSTALADO EM RESERVAÇÃO DE ÁGUA DE EDIFICAÇÃO QUE POSSUA RESERVATÓRIO DE FIBRA/FIBROCIMENTO   FORNECIMENTO E INSTALAÇÃO. AF_06/2016","UN",14.02,"SINAPI","INSTALACOES HIDRO SANITARIAS","CONEXOES"]
[96739,"LUVA, PPR, DN 32 MM, CLASSE PN 25, INSTALADO EM RESERVAÇÃO DE ÁGUA DE EDIFICAÇÃO QUE POSSUA RESERVATÓRIO DE FIBRA/FIBROCIMENTO \u0096 FORNECIMENTO E INSTALAÇÃO. AF_06/2016","UN",6.24,"SINAPI","INSTALACOES HIDRO SANITARIAS","CONEXOES"]
[96740,"CONECTOR MACHO, PPR, 32 X 3/4'', CLASSE PN 25,  INSTALADO EM RESERVAÇÃO DE ÁGUA DE EDIFICAÇÃO QUE POSSUA RESERVATÓRIO DE FIBRA/FIBROCIMENTO   FORNECIMENTO E INSTALAÇÃO. AF_06/2016","UN",21.55,"SINAPI","INSTALACOES HIDRO SANITARIAS","CONEXOES"]
[96741,"LUVA, PPR, DN 40 MM, CLASSE PN 25, INSTALADO EM RESERVAÇÃO DE ÁGUA DE EDIFICAÇÃO QUE POSSUA RESERVATÓRIO DE FIBRA/FIBROCIMENTO \u0096 FORNECIMENTO E INSTALAÇÃO. AF_06/2016","UN",9.23,"SINAPI","INSTALACOES HIDRO SANITARIAS","CONEXOES"]
[96742,"LUVA, PPR, DN 50 MM, CLASSE PN 25, INSTALADO EM RESERVAÇÃO DE ÁGUA DE EDIFICAÇÃO QUE POSSUA RESERVATÓRIO DE FIBRA/FIBROCIMENTO \u0096 FORNECIMENTO E INSTALAÇÃO. AF_06/2016","UN",14.03,"SINAPI","INSTALACOES HIDRO SANITARIAS","CONEXOES"]
[96743,"LUVA, PPR, DN 63 MM, CLASSE PN 25, INSTALADO EM RESERVAÇÃO DE ÁGUA DE EDIFICAÇÃO QUE POSSUA RESERVATÓRIO DE FIBRA/FIBROCIMENTO \u0096 FORNECIMENTO E INSTALAÇÃO. AF_06/2016","UN",17.66,"SINAPI","INSTALACOES HIDRO SANITARIAS","CONEXOES"]
[96744,"LUVA, PPR, DN 75 MM, CLASSE PN 25, INSTALADO EM RESERVAÇÃO DE ÁGUA DE EDIFICAÇÃO QUE POSSUA RESERVATÓRIO DE FIBRA/FIBROCIMENTO \u0096 FORNECIMENTO E INSTALAÇÃO. AF_06/2016","UN",36.86,"SINAPI","INSTALACOES HIDRO SANITARIAS","CONEXOES"]
[96745,"LUVA, PPR, DN 90 MM, CLASSE PN 25, INSTALADO EM RESERVAÇÃO DE ÁGUA DE EDIFICAÇÃO QUE POSSUA RESERVATÓRIO DE FIBRA/FIBROCIMENTO \u0096 FORNECIMENTO E INSTALAÇÃO. AF_06/2016","UN",52.81,"SINAPI","INSTALACOES HIDRO SANITARIAS","CONEXOES"]
[96746,"LUVA, PPR, DN 110 MM, CLASSE PN 25, INSTALADO EM RESERVAÇÃO DE ÁGUA DE EDIFICAÇÃO QUE POSSUA RESERVATÓRIO DE FIBRA/FIBROCIMENTO \u0096 FORNECIMENTO E INSTALAÇÃO. AF_06/2016","UN",84.15,"SINAPI","INSTALACOES HIDRO SANITARIAS","CONEXOES"]
[96747,"JOELHO 90 GRAUS, PPR, DN 20 MM, CLASSE PN 25,  INSTALADO EM RESERVAÇÃO DE ÁGUA DE EDIFICAÇÃO QUE POSSUA RESERVATÓRIO DE FIBRA/FIBROCIMENTO \u0096 FORNECIMENTO E INSTALAÇÃO. AF_06/2016","UN",6.21,"SINAPI","INSTALACOES HIDRO SANITARIAS","CONEXOES"]
[96748,"JOELHO 90 GRAUS, PPR, DN 25 MM, CLASSE PN 25,  INSTALADO EM RESERVAÇÃO DE ÁGUA DE EDIFICAÇÃO QUE POSSUA RESERVATÓRIO DE FIBRA/FIBROCIMENTO \u0096 FORNECIMENTO E INSTALAÇÃO. AF_06/2016","UN",6.84,"SINAPI","INSTALACOES HIDRO SANITARIAS","CONEXOES"]
[96749,"JOELHO 90 GRAUS, PPR, DN 32 MM, CLASSE PN 25,  INSTALADO EM RESERVAÇÃO DE ÁGUA DE EDIFICAÇÃO QUE POSSUA RESERVATÓRIO DE FIBRA/FIBROCIMENTO \u0096 FORNECIMENTO E INSTALAÇÃO. AF_06/2016","UN",9.2100000000000009,"SINAPI","INSTALACOES HIDRO SANITARIAS","CONEXOES"]
[96750,"JOELHO 90 GRAUS, PPR, DN 40 MM, CLASSE PN 25,  INSTALADO EM RESERVAÇÃO DE ÁGUA DE EDIFICAÇÃO QUE POSSUA RESERVATÓRIO DE FIBRA/FIBROCIMENTO \u0096 FORNECIMENTO E INSTALAÇÃO. AF_06/2016","UN",11.68,"SINAPI","INSTALACOES HIDRO SANITARIAS","CONEXOES"]
[96751,"JOELHO 90 GRAUS, PPR, DN 50 MM, CLASSE PN 25,  INSTALADO EM RESERVAÇÃO DE ÁGUA DE EDIFICAÇÃO QUE POSSUA RESERVATÓRIO DE FIBRA/FIBROCIMENTO \u0096 FORNECIMENTO E INSTALAÇÃO. AF_06/2016","UN",20.61,"SINAPI","INSTALACOES HIDRO SANITARIAS","CONEXOES"]
[96752,"JOELHO 90 GRAUS, PPR, DN 63 MM, CLASSE PN 25,  INSTALADO EM RESERVAÇÃO DE ÁGUA DE EDIFICAÇÃO QUE POSSUA RESERVATÓRIO DE FIBRA/FIBROCIMENTO \u0096 FORNECIMENTO E INSTALAÇÃO. AF_06/2016","UN",26.01,"SINAPI","INSTALACOES HIDRO SANITARIAS","CONEXOES"]
[96753,"JOELHO 90 GRAUS, PPR, DN 75 MM, CLASSE PN 25,  INSTALADO EM RESERVAÇÃO DE ÁGUA DE EDIFICAÇÃO QUE POSSUA RESERVATÓRIO DE FIBRA/FIBROCIMENTO \u0096 FORNECIMENTO E INSTALAÇÃO. AF_06/2016","UN",57.1,"SINAPI","INSTALACOES HIDRO SANITARIAS","CONEXOES"]
[96754,"JOELHO 90 GRAUS, PPR, DN 90 MM, CLASSE PN 25,  INSTALADO EM RESERVAÇÃO DE ÁGUA DE EDIFICAÇÃO QUE POSSUA RESERVATÓRIO DE FIBRA/FIBROCIMENTO \u0096 FORNECIMENTO E INSTALAÇÃO. AF_06/2016","UN",78.47,"SINAPI","INSTALACOES HIDRO SANITARIAS","CONEXOES"]
[96755,"JOELHO 90 GRAUS, PPR, DN 110 MM, CLASSE PN 25,  INSTALADO EM RESERVAÇÃO DE ÁGUA DE EDIFICAÇÃO QUE POSSUA RESERVATÓRIO DE FIBRA/FIBROCIMENTO \u0096 FORNECIMENTO E INSTALAÇÃO. AF_06/2016","UN",118.81,"SINAPI","INSTALACOES HIDRO SANITARIAS","CONEXOES"]
[96756,"TÊ MISTURADOR, PPR, DN 20 MM, CLASSE PN 25,  INSTALADO EM RESERVAÇÃO DE ÁGUA DE EDIFICAÇÃO QUE POSSUA RESERVATÓRIO DE FIBRA/FIBROCIMENTO \u0096 FORNECIMENTO E INSTALAÇÃO. AF_06/2016","UN",10.68,"SINAPI","INSTALACOES HIDRO SANITARIAS","CONEXOES"]
[96757,"TÊ MISTURADOR, PPR, DN 25 MM, CLASSE PN 25,  INSTALADO EM RESERVAÇÃO DE ÁGUA DE EDIFICAÇÃO QUE POSSUA RESERVATÓRIO DE FIBRA/FIBROCIMENTO \u0096 FORNECIMENTO E INSTALAÇÃO. AF_06/2016","UN",10.35,"SINAPI","INSTALACOES HIDRO SANITARIAS","CONEXOES"]
[96758,"TÊ, PPR, DN 32 MM, CLASSE PN 25,  INSTALADO EM RESERVAÇÃO DE ÁGUA DE EDIFICAÇÃO QUE POSSUA RESERVATÓRIO DE FIBRA/FIBROCIMENTO \u0096 FORNECIMENTO E INSTALAÇÃO. AF_06/2016","UN",12.37,"SINAPI","INSTALACOES HIDRO SANITARIAS","CONEXOES"]
[96759,"TÊ, PPR, DN 40 MM, CLASSE PN 25,  INSTALADO EM RESERVAÇÃO DE ÁGUA DE EDIFICAÇÃO QUE POSSUA RESERVATÓRIO DE FIBRA/FIBROCIMENTO \u0096 FORNECIMENTO E INSTALAÇÃO. AF_06/2016","UN",17.05,"SINAPI","INSTALACOES HIDRO SANITARIAS","CONEXOES"]
[96760,"TÊ, PPR, DN 50 MM, CLASSE PN 25,  INSTALADO EM RESERVAÇÃO DE ÁGUA DE EDIFICAÇÃO QUE POSSUA RESERVATÓRIO DE FIBRA/FIBROCIMENTO \u0096 FORNECIMENTO E INSTALAÇÃO. AF_06/2016","UN",24.44,"SINAPI","INSTALACOES HIDRO SANITARIAS","CONEXOES"]
[96761,"TÊ, PPR, DN 63 MM, CLASSE PN 25,  INSTALADO EM RESERVAÇÃO DE ÁGUA DE EDIFICAÇÃO QUE POSSUA RESERVATÓRIO DE FIBRA/FIBROCIMENTO \u0096 FORNECIMENTO E INSTALAÇÃO. AF_06/2016","UN",33.06,"SINAPI","INSTALACOES HIDRO SANITARIAS","CONEXOES"]
[96762,"TÊ, PPR, DN 75 MM, CLASSE PN 25,  INSTALADO EM RESERVAÇÃO DE ÁGUA DE EDIFICAÇÃO QUE POSSUA RESERVATÓRIO DE FIBRA/FIBROCIMENTO \u0096 FORNECIMENTO E INSTALAÇÃO. AF_06/2016","UN",63.28,"SINAPI","INSTALACOES HIDRO SANITARIAS","CONEXOES"]
[96763,"TÊ, PPR, DN 90 MM, CLASSE PN 25,  INSTALADO EM RESERVAÇÃO DE ÁGUA DE EDIFICAÇÃO QUE POSSUA RESERVATÓRIO DE FIBRA/FIBROCIMENTO \u0096 FORNECIMENTO E INSTALAÇÃO. AF_06/2016","UN",85.11,"SINAPI","INSTALACOES HIDRO SANITARIAS","CONEXOES"]
[96764,"TÊ, PPR, DN 110 MM, CLASSE PN 25,  INSTALADO EM RESERVAÇÃO DE ÁGUA DE EDIFICAÇÃO QUE POSSUA RESERVATÓRIO DE FIBRA/FIBROCIMENTO \u0096 FORNECIMENTO E INSTALAÇÃO. AF_06/2016","UN",135.54,"SINAPI","INSTALACOES HIDRO SANITARIAS","CONEXOES"]
[96802,"KIT CHASSI PEX, PRÉ-FABRICADO, PARA CHUVEIRO COM REGISTROS DE PRESSÃO E CONEXÕES POR CRIMPAGEM \u0096 FORNECIMENTO E INSTALAÇÃO. AF_06/2015","UN",191.8,"SINAPI","INSTALACOES HIDRO SANITARIAS","CONEXOES"]
[96803,"KIT CHASSI PEX, PRÉ-FABRICADO, PARA COZINHA COM CUBA SIMPLES E CONEXÕES POR CRIMPAGEM \u0096 FORNECIMENTO E INSTALAÇÃO. AF_06/2015","UN",99.18,"SINAPI","INSTALACOES HIDRO SANITARIAS","CONEXOES"]
[96804,"KIT CHASSI PEX, PRÉ-FABRICADO, PARA ÁREA DE SERVIÇO COM TANQUE E MÁQUINA DE LAVAR ROUPA, E CONEXÕES POR CRIMPAGEM \u0096 FORNECIMENTO E INSTALAÇÃO. AF_06/2015","UN",179.35,"SINAPI","INSTALACOES HIDRO SANITARIAS","CONEXOES"]
[96805,"KIT CHASSI PEX, PRÉ-FABRICADO, PARA CHUVEIRO COM REGISTROS DE PRESSÃO E CONEXÕES POR ANEL DESLIZANTE \u0096 FORNECIMENTO E INSTALAÇÃO. AF_06/2015","UN",199.35,"SINAPI","INSTALACOES HIDRO SANITARIAS","CONEXOES"]
[96806,"KIT CHASSI PEX, PRÉ-FABRICADO, PARA COZINHA COM CUBA SIMPLES E CONEXÕES POR ANEL DESLIZANTE \u0096 FORNECIMENTO E INSTALAÇÃO. AF_06/2015","UN",98.18,"SINAPI","INSTALACOES HIDRO SANITARIAS","CONEXOES"]
[96807,"KIT CHASSI PEX, PRÉ-FABRICADO, PARA ÁREA DE SERVIÇO COM TANQUE E MÁQUINA DE LAVAR ROUPA, E CONEXÕES POR ANEL DESLIZANTE \u0096 FORNECIMENTO E INSTALAÇÃO. AF_06/2015","UN",164.88,"SINAPI","INSTALACOES HIDRO SANITARIAS","CONEXOES"]
[96808,"UNIÃO METÁLICA PARA INSTALAÇÕES EM PEX, DN 16 MM, FIXAÇÃO DAS CONEXÕES POR ANEL DESLIZANTE \u0096 FORNECIMENTO E INSTALAÇÃO . AF_06/2015","UN",9.76,"SINAPI","INSTALACOES HIDRO SANITARIAS","CONEXOES"]
[96809,"CONEXÃO FIXA, ROSCA FÊMEA, METÁLICA, PARA INSTALAÇÕES EM PEX, DN 16 MM X 1/2\", COM ANEL DESLIZANTE. FORNECIMENTO E INSTALAÇÃO. AF_06/2015","UN",11.04,"SINAPI","INSTALACOES HIDRO SANITARIAS","CONEXOES"]
[96810,"CONEXÃO MÓVEL, ROSCA FÊMEA, METÁLICA, PARA INSTALAÇÕES EM PEX, DN 16 MM X 3/4\", COM ANEL DESLIZANTE. FORNECIMENTO E INSTALAÇÃO. AF_06/2015","UN",11.9,"SINAPI","INSTALACOES HIDRO SANITARIAS","CONEXOES"]
[96811,"UNIÃO METÁLICA PARA INSTALAÇÕES EM PEX, DN 20 MM, FIXAÇÃO DAS CONEXÕES POR ANEL DESLIZANTE \u0096 FORNECIMENTO E INSTALAÇÃO . AF_06/2015","UN",12.89,"SINAPI","INSTALACOES HIDRO SANITARIAS","CONEXOES"]
[96812,"CONEXÃO FIXA, ROSCA FÊMEA, METÁLICA, PARA INSTALAÇÕES EM PEX, DN 20 MM X 1/2\", COM ANEL DESLIZANTE. FORNECIMENTO E INSTALAÇÃO. AF_06/2015","UN",12.44,"SINAPI","INSTALACOES HIDRO SANITARIAS","CONEXOES"]
[96813,"CONEXÃO FIXA, ROSCA FÊMEA, METÁLICA, PARA INSTALAÇÕES EM PEX, DN 20 MM X 3/4\", COM ANEL DESLIZANTE. FORNECIMENTO E INSTALAÇÃO. AF_06/2015","UN",14.16,"SINAPI","INSTALACOES HIDRO SANITARIAS","CONEXOES"]
[96814,"UNIÃO DE REDUÇÃO, METÁLICA, PARA INSTALAÇÕES EM PEX, DN 20 X 16 MM, CONEXÃO POR ANEL DESLIZANTE \u0096 FORNECIMENTO E INSTALAÇÃO. AF_06/2015","UN",12.15,"SINAPI","INSTALACOES HIDRO SANITARIAS","CONEXOES"]
[96815,"UNIÃO METÁLICA PARA INSTALAÇÕES EM PEX, DN 25 MM, FIXAÇÃO DAS CONEXÕES POR ANEL DESLIZANTE   FORNECIMENTO E INSTALAÇÃO. AF_06/2015","UN",19.91,"SINAPI","INSTALACOES HIDRO SANITARIAS","CONEXOES"]
[96816,"CONEXÃO FIXA, ROSCA FÊMEA, METÁLICA, PARA INSTALAÇÕES EM PEX, DN 25 MM X 3/4\", COM ANEL DESLIZANTE. FORNECIMENTO E INSTALAÇÃO. AF_06/2015","UN",16.64,"SINAPI","INSTALACOES HIDRO SANITARIAS","CONEXOES"]
[96817,"CONEXÃO FIXA, ROSCA FÊMEA, METÁLICA, PARA INSTALAÇÕES EM PEX, DN 25 MM X 1\", COM ANEL DESLIZANTE. FORNECIMENTO E INSTALAÇÃO. AF_06/2015","UN",18.72,"SINAPI","INSTALACOES HIDRO SANITARIAS","CONEXOES"]
[96818,"UNIÃO DE REDUÇÃO, METÁLICA, PEX, DN 25 X 16 MM, CONEXÃO POR ANEL DESLIZANTE \u0096 FORNECIMENTO E INSTALAÇÃO. AF_06/2015","UN",17.54,"SINAPI","INSTALACOES HIDRO SANITARIAS","CONEXOES"]
[96819,"UNIÃO DE REDUÇÃO, METÁLICA, PEX, DN 25 X 20 MM, CONEXÃO POR ANEL DESLIZANTE \u0096 FORNECIMENTO E INSTALAÇÃO. AF_06/2015","UN",17.54,"SINAPI","INSTALACOES HIDRO SANITARIAS","CONEXOES"]
[96820,"UNIÃO METÁLICA PARA INSTALAÇÕES EM PEX, DN 32 MM, FIXAÇÃO DAS CONEXÕES POR ANEL DESLIZANTE   FORNECIMENTO E INSTALAÇÃO. AF_06/2015","UN",31.06,"SINAPI","INSTALACOES HIDRO SANITARIAS","CONEXOES"]
[96821,"CONEXÃO FIXA, ROSCA FÊMEA, METÁLICA, PARA INSTALAÇÕES EM PEX, DN 32 MM X 1\", COM ANEL DESLIZANTE \u0096 FORNECIMENTO E INSTALAÇÃO. AF_06/2015","UN",26.72,"SINAPI","INSTALACOES HIDRO SANITARIAS","CONEXOES"]
[96822,"UNIÃO DE REDUÇÃO, METÁLICA, PEX, DN 32 X 25 MM, CONEXÃO POR ANEL DESLIZANTE \u0096 FORNECIMENTO E INSTALAÇÃO. AF_06/2015","UN",27.05,"SINAPI","INSTALACOES HIDRO SANITARIAS","CONEXOES"]
[96823,"LUVA PARA INSTALAÇÕES EM PEX, DN 16 MM, CONEXÃO POR CRIMPAGEM \u0096 FORNECIMENTO E INSTALAÇÃO . AF_06/2015","UN",11.19,"SINAPI","INSTALACOES HIDRO SANITARIAS","CONEXOES"]
[96824,"CONEXÃO FIXA, ROSCA FÊMEA, PARA INSTALAÇÕES EM PEX, DN 16MM X 1/2\", CONEXÃO POR CRIMPAGEM \u0096 FORNECIMENTO E INSTALAÇÃO. AF_06/2015","UN",12.53,"SINAPI","INSTALACOES HIDRO SANITARIAS","CONEXOES"]
[96825,"CONEXÃO FIXA, ROSCA FÊMEA, PARA INSTALAÇÕES EM PEX, DN 16MM X 3/4\", CONEXÃO POR CRIMPAGEM \u0096 FORNECIMENTO E INSTALAÇÃO. AF_06/2015","UN",16.7,"SINAPI","INSTALACOES HIDRO SANITARIAS","CONEXOES"]
[96826,"LUVA PARA INSTALAÇÕES EM PEX, DN 20 MM, CONEXÃO POR CRIMPAGEM   FORNECIMENTO E INSTALAÇÃO. AF_06/2015","UN",15.38,"SINAPI","INSTALACOES HIDRO SANITARIAS","CONEXOES"]
[96827,"CONEXÃO FIXA, ROSCA FÊMEA, PARA INSTALAÇÕES EM PEX, DN 20MM X 1/2\", CONEXÃO POR CRIMPAGEM \u0096 FORNECIMENTO E INSTALAÇÃO. AF_06/2015","UN",15.92,"SINAPI","INSTALACOES HIDRO SANITARIAS","CONEXOES"]
[96828,"CONEXÃO FIXA, ROSCA FÊMEA, PARA INSTALAÇÕES EM PEX, DN 20MM X 3/4\", CONEXÃO POR CRIMPAGEM \u0096 FORNECIMENTO E INSTALAÇÃO. AF_06/2015","UN",19.75,"SINAPI","INSTALACOES HIDRO SANITARIAS","CONEXOES"]
[96829,"LUVA DE REDUÇÃO PARA INSTALAÇÕES EM PEX, DN 20 X 16 MM, CONEXÃO POR CRIMPAGEM \u0096 FORNECIMENTO E INSTALAÇÃO. AF_06/2015","UN",15.36,"SINAPI","INSTALACOES HIDRO SANITARIAS","CONEXOES"]
[96830,"LUVA PARA INSTALAÇÕES EM PEX, DN 25 MM, CONEXÃO POR CRIMPAGEM   FORNECIMENTO E INSTALAÇÃO. AF_06/2015","UN",22.08,"SINAPI","INSTALACOES HIDRO SANITARIAS","CONEXOES"]
[96831,"CONEXÃO FIXA, ROSCA FÊMEA, PARA INSTALAÇÕES EM PEX, DN 25MM X 1/2\", CONEXÃO POR CRIMPAGEM \u0096 FORNECIMENTO E INSTALAÇÃO. AF_06/2015","UN",18.21,"SINAPI","INSTALACOES HIDRO SANITARIAS","CONEXOES"]
[96832,"CONEXÃO FIXA, ROSCA FÊMEA, PARA INSTALAÇÕES EM PEX, DN 25MM X 3/4\", CONEXÃO POR CRIMPAGEM \u0096 FORNECIMENTO E INSTALAÇÃO. AF_06/2015","UN",20.87,"SINAPI","INSTALACOES HIDRO SANITARIAS","CONEXOES"]
[96833,"LUVA DE REDUÇÃO PARA INSTALAÇÕES EM PEX, DN 25 X 16 MM, CONEXÃO POR CRIMPAGEM \u0096 FORNECIMENTO E INSTALAÇÃO. AF_06/2015","UN",19.62,"SINAPI","INSTALACOES HIDRO SANITARIAS","CONEXOES"]
[96834,"LUVA PARA INSTALAÇÕES EM PEX, DN 32 MM, CONEXÃO POR CRIMPAGEM \u0096 FORNECIMENTO E INSTALAÇÃO . AF_06/2015","UN",31.93,"SINAPI","INSTALACOES HIDRO SANITARIAS","CONEXOES"]
[96835,"CONEXÃO FIXA, ROSCA FÊMEA, PARA INSTALAÇÕES EM PEX, DN 32 MM X 3/4\", CONEXÃO POR CRIMPAGEM \u0096 FORNECIMENTO E INSTALAÇÃO. AF_06/2015","UN",27.79,"SINAPI","INSTALACOES HIDRO SANITARIAS","CONEXOES"]
[96836,"LUVA DE REDUÇÃO PARA INSTALAÇÕES EM PEX, DN 32 X 25 MM, CONEXÃO POR CRIMPAGEM \u0096 FORNECIMENTO E INSTALAÇÃO. AF_06/2015","UN",29.51,"SINAPI","INSTALACOES HIDRO SANITARIAS","CONEXOES"]
[96837,"JOELHO 90 GRAUS, METÁLICO, PARA INSTALAÇÕES EM PEX, DN 16 MM, CONEXÃO POR ANEL DESLIZANTE   FORNECIMENTO E INSTALAÇÃO. AF_06/2015","UN",16.79,"SINAPI","INSTALACOES HIDRO SANITARIAS","CONEXOES"]
[96838,"JOELHO 90 GRAUS, ROSCA FÊMEA TERMINAL, METÁLICO, PARA INSTALAÇÕES EM PEX, DN 16MM X 1/2\", CONEXÃO POR ANEL DESLIZANTE \u0096 FORNECIMENTO E INSTALAÇÃO. AF_06/2015","UN",15.56,"SINAPI","INSTALACOES HIDRO SANITARIAS","CONEXOES"]
[96839,"JOELHO, ROSCA FÊMEA, COM BASE FIXA, METÁLICO, PARA INSTALAÇÕES EM PEX, DN 16MM X 1/2\", CONEXÃO POR ANEL DESLIZANTE \u0096 FORNECIMENTO E INSTALAÇÃO. AF_06/2015","UN",15.34,"SINAPI","INSTALACOES HIDRO SANITARIAS","CONEXOES"]
[96840,"JOELHO 90 GRAUS, METÁLICO, PARA INSTALAÇÕES EM PEX, DN 20 MM, CONEXÃO POR ANEL DESLIZANTE \u0096 FORNECIMENTO E INSTALAÇÃO . AF_06/2015","UN",19.649999999999999,"SINAPI","INSTALACOES HIDRO SANITARIAS","CONEXOES"]
[96841,"JOELHO 90 GRAUS, ROSCA FÊMEA TERMINAL, METÁLICO, PARA INSTALAÇÕES EM PEX, DN 20 MM X 1/2\", CONEXÃO POR ANEL DESLIZANTE \u0096 FORNECIMENTO E INSTALAÇÃO. AF_06/2015","UN",17.43,"SINAPI","INSTALACOES HIDRO SANITARIAS","CONEXOES"]
[96842,"JOELHO 90 GRAUS, ROSCA FÊMEA TERMINAL, METÁLICO, PARA INSTALAÇÕES EM PEX, DN 20 MM X 3/4\", CONEXÃO POR ANEL DESLIZANTE \u0096 FORNECIMENTO E INSTALAÇÃO. AF_06/2015","UN",21.68,"SINAPI","INSTALACOES HIDRO SANITARIAS","CONEXOES"]
[96843,"JOELHO ROSCA FÊMEA, COM BASE FIXA, METÁLICO, PARA INSTALAÇÕES EM PEX, DN 20MM X 1/2\", CONEXÃO POR ANEL DESLIZANTE \u0096 FORNECIMENTO E INSTALAÇÃO. AF_06/2015","UN",20.92,"SINAPI","INSTALACOES HIDRO SANITARIAS","CONEXOES"]
[96844,"JOELHO ROSCA FÊMEA, MÓVEL, METÁLICO, PARA INSTALAÇÕES EM PEX, DN 20MM X 3/4\", CONEXÃO POR ANEL DESLIZANTE \u0096 FORNECIMENTO E INSTALAÇÃO. AF_06/2015","UN",27.87,"SINAPI","INSTALACOES HIDRO SANITARIAS","CONEXOES"]
[96845,"JOELHO 90 GRAUS, METÁLICO, PARA INSTALAÇÕES EM PEX, DN 25 MM, CONEXÃO POR ANEL DESLIZANTE   FORNECIMENTO E INSTALAÇÃO. AF_06/2015","UN",30.08,"SINAPI","INSTALACOES HIDRO SANITARIAS","CONEXOES"]
[96846,"JOELHO 90 GRAUS, ROSCA FÊMEA TERMINAL, METÁLICO, PARA INSTALAÇÕES EM PEX, DN 25 MM X 3/4\", CONEXÃO POR ANEL DESLIZANTE \u0096 FORNECIMENTO E INSTALAÇÃO. AF_06/2015","UN",24.14,"SINAPI","INSTALACOES HIDRO SANITARIAS","CONEXOES"]
[96847,"JOELHO ROSCA FÊMEA, COM BASE FIXA, METÁLICO, PARA INSTALAÇÕES EM PEX, DN 25MM X 3/4\", CONEXÃO POR ANEL DESLIZANTE \u0096 FORNECIMENTO E INSTALAÇÃO. AF_06/2015","UN",26.32,"SINAPI","INSTALACOES HIDRO SANITARIAS","CONEXOES"]
[96848,"JOELHO 90 GRAUS, METÁLICO, PARA INSTALAÇÕES EM PEX, DN 32 MM, CONEXÃO POR ANEL DESLIZANTE \u0096 FORNECIMENTO E INSTALAÇÃO . AF_06/2015","UN",38.85,"SINAPI","INSTALACOES HIDRO SANITARIAS","CONEXOES"]
[96849,"JOELHO 90 GRAUS, PARA INSTALAÇÕES EM PEX, DN 16 MM, CONEXÃO POR CRIMPAGEM   FORNECIMENTO E INSTALAÇÃO. AF_06/2015","UN",14.31,"SINAPI","INSTALACOES HIDRO SANITARIAS","CONEXOES"]
[96850,"JOELHO 90 GRAUS, ROSCA FÊMEA TERMINAL, PARA INSTALAÇÕES EM PEX, DN 16MM X 1/2\", CONEXÃO POR CRIMPAGEM \u0096 FORNECIMENTO E INSTALAÇÃO. AF_06/2015","UN",16.54,"SINAPI","INSTALACOES HIDRO SANITARIAS","CONEXOES"]
[96851,"JOELHO 90 GRAUS, ROSCA FÊMEA TERMINAL, PARA INSTALAÇÕES EM PEX, DN 16MM X 3/4\", CONEXÃO POR CRIMPAGEM \u0096 FORNECIMENTO E INSTALAÇÃO. AF_06/2015","UN",21.51,"SINAPI","INSTALACOES HIDRO SANITARIAS","CONEXOES"]
[96852,"JOELHO 90 GRAUS, PARA INSTALAÇÕES EM PEX, DN 20 MM, CONEXÃO POR CRIMPAGEM   FORNECIMENTO E INSTALAÇÃO. AF_06/2015","UN",18.86,"SINAPI","INSTALACOES HIDRO SANITARIAS","CONEXOES"]
[96853,"JOELHO 90 GRAUS, ROSCA FÊMEA TERMINAL, PARA INSTALAÇÕES EM PEX, DN 20MM X 1/2\", CONEXÃO POR CRIMPAGEM \u0096 FORNECIMENTO E INSTALAÇÃO. AF_06/2015","UN",21.03,"SINAPI","INSTALACOES HIDRO SANITARIAS","CONEXOES"]
[96854,"JOELHO 90 GRAUS, ROSCA FÊMEA TERMINAL, PARA INSTALAÇÕES EM PEX, DN 20MM X 3/4\", CONEXÃO POR CRIMPAGEM \u0096 FORNECIMENTO E INSTALAÇÃO. AF_06/2015","UN",24.88,"SINAPI","INSTALACOES HIDRO SANITARIAS","CONEXOES"]
[96855,"JOELHO 90 GRAUS, PARA INSTALAÇÕES EM PEX, DN 25 MM, CONEXÃO POR CRIMPAGEM   FORNECIMENTO E INSTALAÇÃO. AF_06/2015","UN",23.35,"SINAPI","INSTALACOES HIDRO SANITARIAS","CONEXOES"]
[96856,"JOELHO 90 GRAUS, ROSCA FÊMEA TERMINAL, PARA INSTALAÇÕES EM PEX, DN 25MM X 1/2\", CONEXÃO POR CRIMPAGEM \u0096 FORNECIMENTO E INSTALAÇÃO. AF_06/2015","UN",23.67,"SINAPI","INSTALACOES HIDRO SANITARIAS","CONEXOES"]
[96857,"JOELHO 90 GRAUS, ROSCA FÊMEA TERMINAL, PARA INSTALAÇÕES EM PEX, DN 25MM X 1\u0094, CONEXÃO POR CRIMPAGEM \u0096 FORNECIMENTO E INSTALAÇÃO. AF_06/2015","UN",36.68,"SINAPI","INSTALACOES HIDRO SANITARIAS","CONEXOES"]
[96858,"JOELHO 90 GRAUS, PARA INSTALAÇÕES EM PEX, DN 32 MM, CONEXÃO POR CRIMPAGEM   FORNECIMENTO E INSTALAÇÃO. AF_06/2015","UN",37.46,"SINAPI","INSTALACOES HIDRO SANITARIAS","CONEXOES"]
[96859,"JOELHO 90 GRAUS, ROSCA FÊMEA TERMINAL, PARA INSTALAÇÕES EM PEX, DN 32 MM X 1\", CONEXÃO POR CRIMPAGEM \u0096 FORNECIMENTO E INSTALAÇÃO. AF_06/2015","UN",45.91,"SINAPI","INSTALACOES HIDRO SANITARIAS","CONEXOES"]
[96860,"TÊ, METÁLICO, PARA INSTALAÇÕES EM PEX, DN 16 MM, CONEXÃO POR ANEL DESLIZANTE \u0096 FORNECIMENTO E INSTALAÇÃO. AF_06/2015","UN",19.78,"SINAPI","INSTALACOES HIDRO SANITARIAS","CONEXOES"]
[96861,"TÊ, ROSCA FÊMEA, METÁLICO, PARA INSTALAÇÕES EM PEX, DN 16 MM X ½\u0094, CONEXÃO POR ANEL DESLIZANTE   FORNECIMENTO E INSTALAÇÃO. AF_06/2015","UN",21.18,"SINAPI","INSTALACOES HIDRO SANITARIAS","CONEXOES"]
[96862,"TÊ, METÁLICO, PARA INSTALAÇÕES EM PEX, DN 20 MM, CONEXÃO POR ANEL DESLIZANTE \u0096 FORNECIMENTO E INSTALAÇÃO. AF_06/2015","UN",23.8,"SINAPI","INSTALACOES HIDRO SANITARIAS","CONEXOES"]
[96863,"TÊ, ROSCA FÊMEA, METÁLICO, PARA INSTALAÇÕES EM PEX, DN 20 MM X ½\u0094, CONEXÃO POR ANEL DESLIZANTE   FORNECIMENTO E INSTALAÇÃO. AF_06/2015","UN",23.56,"SINAPI","INSTALACOES HIDRO SANITARIAS","CONEXOES"]
[96864,"TÊ, METÁLICO, PARA INSTALAÇÕES EM PEX, DN 25 MM, CONEXÃO POR ANEL DESLIZANTE \u0096 FORNECIMENTO E INSTALAÇÃO. AF_06/2015","UN",36.33,"SINAPI","INSTALACOES HIDRO SANITARIAS","CONEXOES"]
[96865,"TÊ, ROSCA FÊMEA, METÁLICO, PARA INSTALAÇÕES EM PEX, DN 25 MM X 3/4\", CONEXÃO POR ANEL DESLIZANTE \u0096 FORNECIMENTO E INSTALAÇÃO. AF_06/2015","UN",35.64,"SINAPI","INSTALACOES HIDRO SANITARIAS","CONEXOES"]
[96866,"TÊ, METÁLICO, PARA INSTALAÇÕES EM PEX, DN 32 MM, CONEXÃO POR ANEL DESLIZANTE \u0096 FORNECIMENTO E INSTALAÇÃO. AF_06/2015","UN",47.5,"SINAPI","INSTALACOES HIDRO SANITARIAS","CONEXOES"]
[96867,"TÊ, ROSCA MACHO, METÁLICO, PARA INSTALAÇÕES EM PEX, DN 32 MM X 1\", CONEXÃO POR ANEL DESLIZANTE \u0096 FORNECIMENTO E INSTALAÇÃO. AF_06/2015","UN",54.59,"SINAPI","INSTALACOES HIDRO SANITARIAS","CONEXOES"]
[96868,"TÊ, PARA INSTALAÇÕES EM PEX, DN 16 MM, CONEXÃO POR CRIMPAGEM \u0096 FORNECIMENTO E INSTALAÇÃO. AF_06/2015","UN",21.91,"SINAPI","INSTALACOES HIDRO SANITARIAS","CONEXOES"]
[96869,"TÊ, PARA INSTALAÇÕES EM PEX, DN 20 MM, CONEXÃO POR CRIMPAGEM \u0096 FORNECIMENTO E INSTALAÇÃO. AF_06/2015","UN",26.16,"SINAPI","INSTALACOES HIDRO SANITARIAS","CONEXOES"]
[96870,"TÊ, PEX, DN 25 MM, CONEXÃO POR CRIMPAGEM \u0096 FORNECIMENTO E INSTALAÇÃO. AF_06/2015","UN",40.58,"SINAPI","INSTALACOES HIDRO SANITARIAS","CONEXOES"]
[96871,"TÊ, PARA INSTALAÇÕES EM PEX, DN 32 MM, CONEXÃO POR CRIMPAGEM \u0096 FORNECIMENTO E INSTALAÇÃO. AF_06/2015","UN",58.31,"SINAPI","INSTALACOES HIDRO SANITARIAS","CONEXOES"]
[96872,"DISTRIBUIDOR 2 SAÍDAS, METÁLICO, PARA INSTALAÇÕES EM PEX, ENTRADA DE 3/4\" X 2 SAÍDAS DE 1/2\", CONEXÃO POR ANEL DESLIZANTE \u0096 FORNECIMENTO E INSTALAÇÃO. AF_06/2015","UN",55.21,"SINAPI","INSTALACOES HIDRO SANITARIAS","CONEXOES"]
[96873,"DISTRIBUIDOR 2 SAÍDAS, METÁLICO, PARA INSTALAÇÕES EM PEX, ENTRADA DE 1\" X 2 SAÍDAS DE 1/2\", CONEXÃO POR ANEL DESLIZANTE \u0096 FORNECIMENTO E INSTALAÇÃO. AF_06/2015","UN",63.03,"SINAPI","INSTALACOES HIDRO SANITARIAS","CONEXOES"]
[96874,"DISTRIBUIDOR 3 SAÍDAS, METÁLICO, PARA INSTALAÇÕES EM PEX, ENTRADA DE 3/4\" X 3 SAÍDAS DE 1/2\", CONEXÃO POR ANEL DESLIZANTE \u0096 FORNECIMENTO E INSTALAÇÃO . AF_06/2015","UN",67.7,"SINAPI","INSTALACOES HIDRO SANITARIAS","CONEXOES"]
[96875,"DISTRIBUIDOR 3 SAÍDAS, METÁLICO, PARA INSTALAÇÕES EM PEX, ENTRADA DE 1\u0094 X 3 SAÍDAS DE 1/2\u0094, CONEXÃO POR ANEL DESLIZANTE   FORNECIMENTO E INSTALAÇÃO. AF_06/2015","UN",80.290000000000006,"SINAPI","INSTALACOES HIDRO SANITARIAS","CONEXOES"]
[96876,"DISTRIBUIDOR 2 SAÍDAS, PARA INSTALAÇÕES EM PEX, ENTRADA DE 32 MM X 2 SAÍDAS DE 16 MM, CONEXÃO POR CRIMPAGEM FORNECIMENTO E INSTALAÇÃO. AF_06/2015","UN",137.25,"SINAPI","INSTALACOES HIDRO SANITARIAS","CONEXOES"]
[96877,"DISTRIBUIDOR 2 SAÍDAS, PARA INSTALAÇÕES EM PEX, ENTRADA DE 32 MM X 2 SAÍDAS DE 20 MM, CONEXÃO POR CRIMPAGEM \u0096 FORNECIMENTO E INSTALAÇÃO. AF_06/2015","UN",146.38999999999999,"SINAPI","INSTALACOES HIDRO SANITARIAS","CONEXOES"]
[96878,"DISTRIBUIDOR 2 SAÍDAS, PARA INSTALAÇÕES EM PEX, ENTRADA DE 32 MM X 2 SAÍDAS DE 25 MM, CONEXÃO POR CRIMPAGEM \u0096 FORNECIMENTO E INSTALAÇÃO. AF_06/2015","UN",148.1,"SINAPI","INSTALACOES HIDRO SANITARIAS","CONEXOES"]
[96879,"DISTRIBUIDOR 3 SAÍDAS, PARA INSTALAÇÕES EM PEX, ENTRADA DE 32 MM X 3 SAÍDAS DE 16 MM, CONEXÃO POR CRIMPAGEM \u0096 FORNECIMENTO E INSTALAÇÃO. AF_06/2015","UN",149.76,"SINAPI","INSTALACOES HIDRO SANITARIAS","CONEXOES"]
[96880,"DISTRIBUIDOR 3 SAÍDAS, PARA INSTALAÇÕES EM PEX, ENTRADA DE 32 MM X 3 SAÍDAS DE 20 MM, CONEXÃO POR CRIMPAGEM \u0096 FORNECIMENTO E INSTALAÇÃO. AF_06/2015","UN",170.22,"SINAPI","INSTALACOES HIDRO SANITARIAS","CONEXOES"]
[96881,"DISTRIBUIDOR 3 SAÍDAS, PARA INSTALAÇÕES EM PEX, ENTRADA DE 32 MM X 3 SAÍDAS DE 25 MM, CONEXÃO POR CRIMPAGEM \u0096 FORNECIMENTO E INSTALAÇÃO. AF_06/2015","UN",179.49,"SINAPI","INSTALACOES HIDRO SANITARIAS","CONEXOES"]
[97425,"FLANGE EM AÇO, DN 15 MM X 1/2'', INSTALADO EM RESERVAÇÃO DE ÁGUA DE EDIFICAÇÃO QUE POSSUA RESERVATÓRIO DE FIBRA/FIBROCIMENTO - FORNECIMENTO E INSTALAÇÃO. AF_06/2016","UN",22.59,"SINAPI","INSTALACOES HIDRO SANITARIAS","CONEXOES"]
[97426,"FLANGE EM AÇO, DN 20 MM X 3/4'', INSTALADO EM RESERVAÇÃO DE ÁGUA DE EDIFICAÇÃO QUE POSSUA RESERVATÓRIO DE FIBRA/FIBROCIMENTO - FORNECIMENTO E INSTALAÇÃO. AF_06/2016","UN",27.03,"SINAPI","INSTALACOES HIDRO SANITARIAS","CONEXOES"]
[97427,"FLANGE EM AÇO, DN 25 MM X 1'', INSTALADO EM RESERVAÇÃO DE ÁGUA DE EDIFICAÇÃO QUE POSSUA RESERVATÓRIO DE FIBRA/FIBROCIMENTO - FORNECIMENTO E INSTALAÇÃO. AF_06/2016","UN",30.38,"SINAPI","INSTALACOES HIDRO SANITARIAS","CONEXOES"]
[97428,"FLANGE EM AÇO, DN 32 MM X 1 1/4'', INSTALADO EM RESERVAÇÃO DE ÁGUA DE EDIFICAÇÃO QUE POSSUA RESERVATÓRIO DE FIBRA/FIBROCIMENTO - FORNECIMENTO E INSTALAÇÃO. AF_06/2016","UN",38.17,"SINAPI","INSTALACOES HIDRO SANITARIAS","CONEXOES"]
[97429,"FLANGE EM AÇO, DN 40 MM X 1 1/2'', INSTALADO EM RESERVAÇÃO DE ÁGUA DE EDIFICAÇÃO QUE POSSUA RESERVATÓRIO DE FIBRA/FIBROCIMENTO - FORNECIMENTO E INSTALAÇÃO. AF_06/2016","UN",45.34,"SINAPI","INSTALACOES HIDRO SANITARIAS","CONEXOES"]
[97430,"ACOPLAMENTO RÍGIDO EM AÇO, CONEXÃO RANHURADA, DN 50 (2\"), INSTALADO EM PRUMADAS - FORNECIMENTO E INSTALAÇÃO. AF_12/2015","UN",27.77,"SINAPI","INSTALACOES HIDRO SANITARIAS","CONEXOES"]
[97431,"ACOPLAMENTO RÍGIDO EM AÇO, CONEXÃO RANHURADA, DN 65 (2 1/2\"), INSTALADO EM PRUMADAS - FORNECIMENTO E INSTALAÇÃO. AF_12/2015","UN",31.12,"SINAPI","INSTALACOES HIDRO SANITARIAS","CONEXOES"]
[97432,"ACOPLAMENTO RÍGIDO EM AÇO, CONEXÃO RANHURADA, DN 80 (3\"), INSTALADO EM PRUMADAS - FORNECIMENTO E INSTALAÇÃO. AF_12/2015","UN",35.130000000000003,"SINAPI","INSTALACOES HIDRO SANITARIAS","CONEXOES"]
[97433,"CURVA 45 GRAUS, EM AÇO, CONEXÃO RANHURADA, DN 50 (2\u0094), INSTALADO EM PRUMADAS - FORNECIMENTO E INSTALAÇÃO. AF_12/2015","UN",60.4,"SINAPI","INSTALACOES HIDRO SANITARIAS","CONEXOES"]
[97434,"CURVA 90 GRAUS, EM AÇO, CONEXÃO RANHURADA, DN 50 (2\"), INSTALADO EM PRUMADAS - FORNECIMENTO E INSTALAÇÃO. AF_12/2015","UN",61.42,"SINAPI","INSTALACOES HIDRO SANITARIAS","CONEXOES"]
[97435,"CURVA 45 GRAUS, EM AÇO, CONEXÃO RANHURADA, DN 65 (2 1/2\"), INSTALADO EM PRUMADAS - FORNECIMENTO E INSTALAÇÃO. AF_12/2015","UN",70.540000000000006,"SINAPI","INSTALACOES HIDRO SANITARIAS","CONEXOES"]
[97436,"CURVA 90 GRAUS, EM AÇO, CONEXÃO RANHURADA, DN 65 (2 1/2\u0094), INSTALADO EM PRUMADAS - FORNECIMENTO E INSTALAÇÃO. AF_12/2015","UN",72.510000000000005,"SINAPI","INSTALACOES HIDRO SANITARIAS","CONEXOES"]
[97437,"CURVA 45 GRAUS, EM AÇO, CONEXÃO RANHURADA, DN 80 (3\"), INSTALADO EM PRUMADAS - FORNECIMENTO E INSTALAÇÃO. AF_12/2015","UN",80.680000000000007,"SINAPI","INSTALACOES HIDRO SANITARIAS","CONEXOES"]
[97438,"CURVA 90 GRAUS, EM AÇO, CONEXÃO RANHURADA, DN 80 (3\"), INSTALADO EM PRUMADAS - FORNECIMENTO E INSTALAÇÃO. AF_12/2015","UN",82.79,"SINAPI","INSTALACOES HIDRO SANITARIAS","CONEXOES"]
[97439,"TÊ, EM AÇO, CONEXÃO RANHURADA, DN 50 (2\"), INSTALADO EM PRUMADAS - FORNECIMENTO E INSTALAÇÃO. AF_12/2015","UN",90.36,"SINAPI","INSTALACOES HIDRO SANITARIAS","CONEXOES"]
[97440,"TÊ, EM AÇO, CONEXÃO RANHURADA, DN 65 (2 1/2\"), INSTALADO EM PRUMADAS - FORNECIMENTO E INSTALAÇÃO. AF_12/2015","UN",107.96,"SINAPI","INSTALACOES HIDRO SANITARIAS","CONEXOES"]
[97442,"TÊ, EM AÇO, CONEXÃO RANHURADA, DN 80 (3\"), INSTALADO EM PRUMADAS - FORNECIMENTO E INSTALAÇÃO. AF_12/2015","UN",119.49,"SINAPI","INSTALACOES HIDRO SANITARIAS","CONEXOES"]
[97443,"LUVA, EM AÇO, CONEXÃO SOLDADA, DN 50 (2\"), INSTALADO EM PRUMADAS - FORNECIMENTO E INSTALAÇÃO. AF_12/2015","UN",67.510000000000005,"SINAPI","INSTALACOES HIDRO SANITARIAS","CONEXOES"]
[97444,"LUVA COM REDUÇÃO, EM AÇO, CONEXÃO SOLDADA, DN 50 X 40 MM (2\u0094 X 1 1/2\u0094), INSTALADO EM PRUMADAS - FORNECIMENTO E INSTALAÇÃO. AF_12/2015","UN",77.319999999999993,"SINAPI","INSTALACOES HIDRO SANITARIAS","CONEXOES"]
[97446,"LUVA, EM AÇO, CONEXÃO SOLDADA, DN 65 (2 1/2\"), INSTALADO EM PRUMADAS - FORNECIMENTO E INSTALAÇÃO. AF_12/2015","UN",126.4,"SINAPI","INSTALACOES HIDRO SANITARIAS","CONEXOES"]
[97447,"LUVA COM REDUÇÃO, EM AÇO, CONEXÃO SOLDADA, DN 65 X 50 MM (2 1/2\" X 2\"), INSTALADO EM PRUMADAS - FORNECIMENTO E INSTALAÇÃO. AF_12/2015","UN",126.4,"SINAPI","INSTALACOES HIDRO SANITARIAS","CONEXOES"]
[97449,"LUVA, EM AÇO, CONEXÃO SOLDADA, DN 80 (3\u0094), INSTALADO EM PRUMADAS - FORNECIMENTO E INSTALAÇÃO. AF_12/2015","UN",135.22,"SINAPI","INSTALACOES HIDRO SANITARIAS","CONEXOES"]
[97450,"LUVA COM REDUÇÃO, EM AÇO, CONEXÃO SOLDADA, DN 80 X 65 MM (3\" X 2 1/2\"), INSTALADO EM PRUMADAS - FORNECIMENTO E INSTALAÇÃO. AF_12/2015","UN",161.91999999999999,"SINAPI","INSTALACOES HIDRO SANITARIAS","CONEXOES"]
[97452,"CURVA 45 GRAUS, EM AÇO, CONEXÃO SOLDADA, DN 50 (2\u0094), INSTALADO EM PRUMADAS - FORNECIMENTO E INSTALAÇÃO. AF_12/2015","UN",109.11,"SINAPI","INSTALACOES HIDRO SANITARIAS","CONEXOES"]
[97453,"CURVA 90 GRAUS, EM AÇO, CONEXÃO SOLDADA, DN 50 (2\u0094), INSTALADO EM PRUMADAS - FORNECIMENTO E INSTALAÇÃO. AF_12/2015","UN",114.71,"SINAPI","INSTALACOES HIDRO SANITARIAS","CONEXOES"]
[97454,"CURVA 45 GRAUS, EM AÇO, CONEXÃO SOLDADA, DN 65 (2 1/2\u0094), INSTALADO EM PRUMADAS - FORNECIMENTO E INSTALAÇÃO. AF_12/2015","UN",175.18,"SINAPI","INSTALACOES HIDRO SANITARIAS","CONEXOES"]
[97455,"CURVA 90 GRAUS, EM AÇO, CONEXÃO SOLDADA, DN 65 (2 1/2\u0094), INSTALADO EM PRUMADAS - FORNECIMENTO E INSTALAÇÃO. AF_12/2015","UN",184.14,"SINAPI","INSTALACOES HIDRO SANITARIAS","CONEXOES"]
[97456,"CURVA 45 GRAUS, EM AÇO, CONEXÃO SOLDADA, DN 80 (3\u0094), INSTALADO EM PRUMADAS - FORNECIMENTO E INSTALAÇÃO. AF_12/2015","UN",373.27,"SINAPI","INSTALACOES HIDRO SANITARIAS","CONEXOES"]
[97457,"CURVA 90 GRAUS, EM AÇO, CONEXÃO SOLDADA, DN 80 (3\u0094), INSTALADO EM PRUMADAS - FORNECIMENTO E INSTALAÇÃO. AF_12/2015","UN",333.1,"SINAPI","INSTALACOES HIDRO SANITARIAS","CONEXOES"]
[97458,"TÊ, EM AÇO, CONEXÃO SOLDADA, DN 50 (2\"), INSTALADO EM PRUMADAS - FORNECIMENTO E INSTALAÇÃO. AF_12/2015","UN",168.05,"SINAPI","INSTALACOES HIDRO SANITARIAS","CONEXOES"]
[97459,"TÊ, EM AÇO, CONEXÃO SOLDADA, DN 65 (2 1/2\"), INSTALADO EM PRUMADAS - FORNECIMENTO E INSTALAÇÃO. AF_12/2015","UN",273.89,"SINAPI","INSTALACOES HIDRO SANITARIAS","CONEXOES"]
[97460,"TÊ, EM AÇO, CONEXÃO SOLDADA, DN 80 (3\"), INSTALADO EM PRUMADAS - FORNECIMENTO E INSTALAÇÃO. AF_12/2015","UN",409.22,"SINAPI","INSTALACOES HIDRO SANITARIAS","CONEXOES"]
[97461,"LUVA, EM AÇO, CONEXÃO SOLDADA, DN 25 (1\u0094), INSTALADO EM REDE DE ALIMENTAÇÃO PARA HIDRANTE - FORNECIMENTO E INSTALAÇÃO. AF_12/2015","UN",21.07,"SINAPI","INSTALACOES HIDRO SANITARIAS","CONEXOES"]
[97462,"LUVA COM REDUÇÃO, EM AÇO, CONEXÃO SOLDADA, DN 25 X 20 MM (1\u0094 X 3/4\u0094), INSTALADO EM REDE DE ALIMENTAÇÃO PARA HIDRANTE - FORNECIMENTO E INSTALAÇÃO. AF_12/2015","UN",18.190000000000001,"SINAPI","INSTALACOES HIDRO SANITARIAS","CONEXOES"]
[97464,"LUVA, EM AÇO, CONEXÃO SOLDADA, DN 32 (1 1/4\u0094), INSTALADO EM REDE DE ALIMENTAÇÃO PARA HIDRANTE - FORNECIMENTO E INSTALAÇÃO. AF_12/2015","UN",29.77,"SINAPI","INSTALACOES HIDRO SANITARIAS","CONEXOES"]
[97465,"LUVA COM REDUÇÃO, EM AÇO, CONEXÃO SOLDADA, DN 32 X 25 MM (1 1/4\u0094  X 1\u0094), INSTALADO EM REDE DE ALIMENTAÇÃO PARA HIDRANTE - FORNECIMENTO E INSTALAÇÃO. AF_12/2015","UN",34.619999999999997,"SINAPI","INSTALACOES HIDRO SANITARIAS","CONEXOES"]
[97467,"LUVA, EM AÇO, CONEXÃO SOLDADA, DN 40 (1 1/2\u0094), INSTALADO EM REDE DE ALIMENTAÇÃO PARA HIDRANTE - FORNECIMENTO E INSTALAÇÃO. AF_12/2015","UN",37.68,"SINAPI","INSTALACOES HIDRO SANITARIAS","CONEXOES"]
[97468,"LUVA COM REDUÇÃO, EM AÇO, CONEXÃO SOLDADA, DN 40  X 32 MM (1 1/2\u0094 X 1 1/4\u0094), INSTALADO EM REDE DE ALIMENTAÇÃO PARA HIDRANTE - FORNECIMENTO E INSTALAÇÃO. AF_12/2015","UN",43.89,"SINAPI","INSTALACOES HIDRO SANITARIAS","CONEXOES"]
[97470,"LUVA, EM AÇO, CONEXÃO SOLDADA, DN 50 (2\u0094), INSTALADO EM REDE DE ALIMENTAÇÃO PARA HIDRANTE - FORNECIMENTO E INSTALAÇÃO. AF_12/2015","UN",54.35,"SINAPI","INSTALACOES HIDRO SANITARIAS","CONEXOES"]
[97471,"LUVA COM REDUÇÃO, EM AÇO, CONEXÃO SOLDADA, DN 50 X 40 MM (2\u0094 X 1 1/2\u0094), INSTALADO EM REDE DE ALIMENTAÇÃO PARA HIDRANTE - FORNECIMENTO E INSTALAÇÃO. AF_12/2015","UN",64.16,"SINAPI","INSTALACOES HIDRO SANITARIAS","CONEXOES"]
[97474,"LUVA, EM AÇO, CONEXÃO SOLDADA, DN 65 (2 1/2\u0094), INSTALADO EM REDE DE ALIMENTAÇÃO PARA HIDRANTE - FORNECIMENTO E INSTALAÇÃO. AF_12/2015","UN",95.67,"SINAPI","INSTALACOES HIDRO SANITARIAS","CONEXOES"]
[97475,"LUVA COM REDUÇÃO, EM AÇO, CONEXÃO SOLDADA, DN 65 X 50 MM (2 1/2\u0094 X 2\u0094), INSTALADO EM REDE DE ALIMENTAÇÃO PARA HIDRANTE - FORNECIMENTO E INSTALAÇÃO. AF_12/2015","UN",115.49,"SINAPI","INSTALACOES HIDRO SANITARIAS","CONEXOES"]
[97477,"LUVA, EM AÇO, CONEXÃO SOLDADA, DN 80 (3\u0094), INSTALADO EM REDE DE ALIMENTAÇÃO PARA HIDRANTE - FORNECIMENTO E INSTALAÇÃO. AF_12/2015","UN",126.55,"SINAPI","INSTALACOES HIDRO SANITARIAS","CONEXOES"]
[97478,"LUVA COM REDUÇÃO, EM AÇO, CONEXÃO SOLDADA, DN 80 X 65 MM (3\u0094 X 2 1/2\u0094), INSTALADO EM REDE DE ALIMENTAÇÃO PARA HIDRANTE - FORNECIMENTO E INSTALAÇÃO. AF_12/2015","UN",153.25,"SINAPI","INSTALACOES HIDRO SANITARIAS","CONEXOES"]
[97479,"CURVA 45 GRAUS, EM AÇO, CONEXÃO SOLDADA, DN 25 (1\u0094), INSTALADO EM REDE DE ALIMENTAÇÃO PARA HIDRANTE - FORNECIMENTO E INSTALAÇÃO. AF_12/2015","UN",33.479999999999997,"SINAPI","INSTALACOES HIDRO SANITARIAS","CONEXOES"]
[97480,"CURVA 90 GRAUS, EM AÇO, CONEXÃO SOLDADA, DN 25 (1\u0094), INSTALADO EM REDE DE ALIMENTAÇÃO PARA HIDRANTE - FORNECIMENTO E INSTALAÇÃO. AF_12/2015","UN",33.479999999999997,"SINAPI","INSTALACOES HIDRO SANITARIAS","CONEXOES"]
[97481,"CURVA 45 GRAUS, EM AÇO, CONEXÃO SOLDADA, DN 32 (1 1/4\u0094), INSTALADO EM REDE DE ALIMENTAÇÃO PARA HIDRANTE - FORNECIMENTO E INSTALAÇÃO. AF_12/2015","UN",47.61,"SINAPI","INSTALACOES HIDRO SANITARIAS","CONEXOES"]
[97482,"CURVA 90 GRAUS, EM AÇO, CONEXÃO SOLDADA, DN 32 (1 1/4\u0094), INSTALADO EM REDE DE ALIMENTAÇÃO PARA HIDRANTE - FORNECIMENTO E INSTALAÇÃO. AF_12/2015","UN",47.61,"SINAPI","INSTALACOES HIDRO SANITARIAS","CONEXOES"]
[97483,"CURVA 45 GRAUS, EM AÇO, CONEXÃO SOLDADA, DN 40 (1 1/2\"), INSTALADO EM REDE DE ALIMENTAÇÃO PARA HIDRANTE - FORNECIMENTO E INSTALAÇÃO. AF_12/2015","UN",65.63,"SINAPI","INSTALACOES HIDRO SANITARIAS","CONEXOES"]
[97484,"CURVA 90 GRAUS, EM AÇO, CONEXÃO SOLDADA, DN 40 (1 1/2\"), INSTALADO EM REDE DE ALIMENTAÇÃO PARA HIDRANTE - FORNECIMENTO E INSTALAÇÃO. AF_12/2015","UN",65.63,"SINAPI","INSTALACOES HIDRO SANITARIAS","CONEXOES"]
[97485,"CURVA 45 GRAUS, EM AÇO, CONEXÃO SOLDADA, DN 50 (2\"), INSTALADO EM REDE DE ALIMENTAÇÃO PARA HIDRANTE - FORNECIMENTO E INSTALAÇÃO. AF_12/2015","UN",89.4,"SINAPI","INSTALACOES HIDRO SANITARIAS","CONEXOES"]
[97486,"CURVA 90 GRAUS, EM AÇO, CONEXÃO SOLDADA, DN 50 (2\"), INSTALADO EM REDE DE ALIMENTAÇÃO PARA HIDRANTE - FORNECIMENTO E INSTALAÇÃO. AF_12/2015","UN",95,"SINAPI","INSTALACOES HIDRO SANITARIAS","CONEXOES"]
[97487,"CURVA 45 GRAUS, EM AÇO, CONEXÃO SOLDADA, DN 65 (2 1/2\"), INSTALADO EM REDE DE ALIMENTAÇÃO PARA HIDRANTE - FORNECIMENTO E INSTALAÇÃO. AF_12/2015","UN",158.84,"SINAPI","INSTALACOES HIDRO SANITARIAS","CONEXOES"]
[97488,"CURVA 90 GRAUS, EM AÇO, CONEXÃO SOLDADA, DN 65 (2 1/2\"), INSTALADO EM REDE DE ALIMENTAÇÃO PARA HIDRANTE - FORNECIMENTO E INSTALAÇÃO. AF_12/2015","UN",167.8,"SINAPI","INSTALACOES HIDRO SANITARIAS","CONEXOES"]
[97489,"CURVA 45 GRAUS, EM AÇO, CONEXÃO SOLDADA, DN 80 (3\"), INSTALADO EM REDE DE ALIMENTAÇÃO PARA HIDRANTE - FORNECIMENTO E INSTALAÇÃO. AF_12/2015","UN",360.24,"SINAPI","INSTALACOES HIDRO SANITARIAS","CONEXOES"]
[97490,"CURVA 90 GRAUS, EM AÇO, CONEXÃO SOLDADA, DN 80 (3\"), INSTALADO EM REDE DE ALIMENTAÇÃO PARA HIDRANTE - FORNECIMENTO E INSTALAÇÃO. AF_12/2015","UN",320.07,"SINAPI","INSTALACOES HIDRO SANITARIAS","CONEXOES"]
[97491,"TÊ, EM AÇO, CONEXÃO SOLDADA, DN 25 (1\"), INSTALADO EM REDE DE ALIMENTAÇÃO PARA HIDRANTE - FORNECIMENTO E INSTALAÇÃO. AF_12/2015","UN",50.58,"SINAPI","INSTALACOES HIDRO SANITARIAS","CONEXOES"]
[97492,"TÊ, EM AÇO, CONEXÃO SOLDADA, DN 32 (1 1/4\"), INSTALADO EM REDE DE ALIMENTAÇÃO PARA HIDRANTE - FORNECIMENTO E INSTALAÇÃO. AF_12/2015","UN",72.900000000000006,"SINAPI","INSTALACOES HIDRO SANITARIAS","CONEXOES"]
[97493,"TÊ, EM AÇO, CONEXÃO SOLDADA, DN 40 (1 1/2\"), INSTALADO EM REDE DE ALIMENTAÇÃO PARA HIDRANTE - FORNECIMENTO E INSTALAÇÃO. AF_12/2015","UN",93.63,"SINAPI","INSTALACOES HIDRO SANITARIAS","CONEXOES"]
[97494,"TÊ, EM AÇO, CONEXÃO SOLDADA, DN 50 (2\"), INSTALADO EM REDE DE ALIMENTAÇÃO PARA HIDRANTE - FORNECIMENTO E INSTALAÇÃO. AF_12/2015","UN",141.74,"SINAPI","INSTALACOES HIDRO SANITARIAS","CONEXOES"]
[97495,"TÊ, EM AÇO, CONEXÃO SOLDADA, DN 65 (2 1/2\"), INSTALADO EM REDE DE ALIMENTAÇÃO PARA HIDRANTE - FORNECIMENTO E INSTALAÇÃO. AF_12/2015","UN",252.07,"SINAPI","INSTALACOES HIDRO SANITARIAS","CONEXOES"]
[97496,"TÊ, EM AÇO, CONEXÃO SOLDADA, DN 80 (3\"), INSTALADO EM REDE DE ALIMENTAÇÃO PARA HIDRANTE - FORNECIMENTO E INSTALAÇÃO. AF_12/2015","UN",391.89,"SINAPI","INSTALACOES HIDRO SANITARIAS","CONEXOES"]
[97499,"LUVA, EM AÇO, CONEXÃO SOLDADA, DN 25 (1\"), INSTALADO EM REDE DE ALIMENTAÇÃO PARA SPRINKLER - FORNECIMENTO E INSTALAÇÃO. AF_12/2015","UN",18.95,"SINAPI","INSTALACOES HIDRO SANITARIAS","CONEXOES"]
[97500,"LUVA COM REDUÇÃO, EM AÇO, CONEXÃO SOLDADA, DN 25 X 20 MM (1\" X 3/4\"), INSTALADO EM REDE DE ALIMENTAÇÃO PARA SPRINKLER - FORNECIMENTO E INSTALAÇÃO. AF_12/2015","UN",16.07,"SINAPI","INSTALACOES HIDRO SANITARIAS","CONEXOES"]
[97502,"LUVA, EM AÇO, CONEXÃO SOLDADA, DN 32 (1 1/4\"), INSTALADO EM REDE DE ALIMENTAÇÃO PARA SPRINKLER - FORNECIMENTO E INSTALAÇÃO. AF_12/2015","UN",25.83,"SINAPI","INSTALACOES HIDRO SANITARIAS","CONEXOES"]
[97503,"LUVA COM REDUÇÃO, EM AÇO, CONEXÃO SOLDADA, DN 32 X 25 MM (1 1/4\"  X 1\"), INSTALADO EM REDE DE ALIMENTAÇÃO PARA SPRINKLER - FORNECIMENTO E INSTALAÇÃO. AF_12/2015","UN",30.88,"SINAPI","INSTALACOES HIDRO SANITARIAS","CONEXOES"]
[97505,"LUVA, EM AÇO, CONEXÃO SOLDADA, DN 40 (1 1/2\"), INSTALADO EM REDE DE ALIMENTAÇÃO PARA SPRINKLER - FORNECIMENTO E INSTALAÇÃO. AF_12/2015","UN",32.130000000000003,"SINAPI","INSTALACOES HIDRO SANITARIAS","CONEXOES"]
[97506,"LUVA COM REDUÇÃO, EM AÇO, CONEXÃO SOLDADA, DN 40  X 32 MM (1 1/2\" X 1 1/4\"), INSTALADO EM REDE DE ALIMENTAÇÃO PARA SPRINKLER - FORNECIMENTO E INSTALAÇÃO. AF_12/2015","UN",38.340000000000003,"SINAPI","INSTALACOES HIDRO SANITARIAS","CONEXOES"]
[97508,"LUVA, EM AÇO, CONEXÃO SOLDADA, DN 50 (2\"), INSTALADO EM REDE DE ALIMENTAÇÃO PARA SPRINKLER - FORNECIMENTO E INSTALAÇÃO. AF_12/2015","UN",46.48,"SINAPI","INSTALACOES HIDRO SANITARIAS","CONEXOES"]
[97509,"LUVA COM REDUÇÃO, EM AÇO, CONEXÃO SOLDADA, DN 50 X 40 MM (2\" X 1 1/2\"), INSTALADO EM REDE DE ALIMENTAÇÃO PARA SPRINKLER - FORNECIMENTO E INSTALAÇÃO. AF_12/2015","UN",56.29,"SINAPI","INSTALACOES HIDRO SANITARIAS","CONEXOES"]
[97511,"LUVA, EM AÇO, CONEXÃO SOLDADA, DN 65 (2 1/2\"), INSTALADO EM REDE DE ALIMENTAÇÃO PARA SPRINKLER - FORNECIMENTO E INSTALAÇÃO. AF_12/2015","UN",84.38,"SINAPI","INSTALACOES HIDRO SANITARIAS","CONEXOES"]
[97512,"LUVA COM REDUÇÃO, EM AÇO, CONEXÃO SOLDADA, DN 65 X 50 MM (2 1/2\" X 2\"), INSTALADO EM REDE DE ALIMENTAÇÃO PARA SPRINKLER - FORNECIMENTO E INSTALAÇÃO. AF_12/2015","UN",104.2,"SINAPI","INSTALACOES HIDRO SANITARIAS","CONEXOES"]
[97514,"LUVA, EM AÇO, CONEXÃO SOLDADA, DN 80 (3\"), INSTALADO EM REDE DE ALIMENTAÇÃO PARA SPRINKLER - FORNECIMENTO E INSTALAÇÃO. AF_12/2015","UN",111.69,"SINAPI","INSTALACOES HIDRO SANITARIAS","CONEXOES"]
[97515,"LUVA COM REDUÇÃO, EM AÇO, CONEXÃO SOLDADA, DN 80 X 65 MM (3\" X 2 1/2\"), INSTALADO EM REDE DE ALIMENTAÇÃO PARA SPRINKLER - FORNECIMENTO E INSTALAÇÃO. AF_12/2015","UN",138.38999999999999,"SINAPI","INSTALACOES HIDRO SANITARIAS","CONEXOES"]
[97517,"CURVA 45 GRAUS, EM AÇO, CONEXÃO SOLDADA, DN 25 (1\"), INSTALADO EM REDE DE ALIMENTAÇÃO PARA SPRINKLER - FORNECIMENTO E INSTALAÇÃO. AF_12/2015","UN",30.29,"SINAPI","INSTALACOES HIDRO SANITARIAS","CONEXOES"]
[97518,"CURVA 90 GRAUS, EM AÇO, CONEXÃO SOLDADA, DN 25 (1\"), INSTALADO EM REDE DE ALIMENTAÇÃO PARA SPRINKLER - FORNECIMENTO E INSTALAÇÃO. AF_12/2015","UN",30.29,"SINAPI","INSTALACOES HIDRO SANITARIAS","CONEXOES"]
[97519,"CURVA 45 GRAUS, EM AÇO, CONEXÃO SOLDADA, DN 32 (1 1/4\"), INSTALADO EM REDE DE ALIMENTAÇÃO PARA SPRINKLER - FORNECIMENTO E INSTALAÇÃO. AF_12/2015","UN",42.01,"SINAPI","INSTALACOES HIDRO SANITARIAS","CONEXOES"]
[97520,"CURVA 90 GRAUS, EM AÇO, CONEXÃO SOLDADA, DN 32 (1 1/4\"), INSTALADO EM REDE DE ALIMENTAÇÃO PARA SPRINKLER - FORNECIMENTO E INSTALAÇÃO. AF_12/2015","UN",42.01,"SINAPI","INSTALACOES HIDRO SANITARIAS","CONEXOES"]
[97521,"CURVA 45 GRAUS, EM AÇO, CONEXÃO SOLDADA, DN 40 (1 1/2\"), INSTALADO EM REDE DE ALIMENTAÇÃO PARA SPRINKLER - FORNECIMENTO E INSTALAÇÃO. AF_12/2015","UN",57.27,"SINAPI","INSTALACOES HIDRO SANITARIAS","CONEXOES"]
[97522,"CURVA 90 GRAUS, EM AÇO, CONEXÃO SOLDADA, DN 40 (1 1/2\"), INSTALADO EM REDE DE ALIMENTAÇÃO PARA SPRINKLER - FORNECIMENTO E INSTALAÇÃO. AF_12/2015","UN",57.27,"SINAPI","INSTALACOES HIDRO SANITARIAS","CONEXOES"]
[97523,"CURVA 45 GRAUS, EM AÇO, CONEXÃO SOLDADA, DN 50 (2\"), INSTALADO EM REDE DE ALIMENTAÇÃO PARA SPRINKLER - FORNECIMENTO E INSTALAÇÃO. AF_12/2015","UN",77.61,"SINAPI","INSTALACOES HIDRO SANITARIAS","CONEXOES"]
[97524,"CURVA 90 GRAUS, EM AÇO, CONEXÃO SOLDADA, DN 50 (2\"), INSTALADO EM REDE DE ALIMENTAÇÃO PARA SPRINKLER - FORNECIMENTO E INSTALAÇÃO. AF_12/2015","UN",83.21,"SINAPI","INSTALACOES HIDRO SANITARIAS","CONEXOES"]
[97525,"CURVA 45 GRAUS, EM AÇO, CONEXÃO SOLDADA, DN 65 (2 1/2\"), INSTALADO EM REDE DE ALIMENTAÇÃO PARA SPRINKLER - FORNECIMENTO E INSTALAÇÃO. AF_12/2015","UN",141.81,"SINAPI","INSTALACOES HIDRO SANITARIAS","CONEXOES"]
[97526,"CURVA 90 GRAUS, EM AÇO, CONEXÃO SOLDADA, DN 65 (2 1/2\"), INSTALADO EM REDE DE ALIMENTAÇÃO PARA SPRINKLER - FORNECIMENTO E INSTALAÇÃO. AF_12/2015","UN",150.77000000000001,"SINAPI","INSTALACOES HIDRO SANITARIAS","CONEXOES"]
[97527,"CURVA 45 GRAUS, EM AÇO, CONEXÃO SOLDADA, DN 80 (3\"), INSTALADO EM REDE DE ALIMENTAÇÃO PARA SPRINKLER - FORNECIMENTO E INSTALAÇÃO. AF_12/2015","UN",338.02,"SINAPI","INSTALACOES HIDRO SANITARIAS","CONEXOES"]
[97528,"CURVA 90 GRAUS, EM AÇO, CONEXÃO SOLDADA, DN 80 (3\"), INSTALADO EM REDE DE ALIMENTAÇÃO PARA SPRINKLER - FORNECIMENTO E INSTALAÇÃO. AF_12/2015","UN",297.85000000000002,"SINAPI","INSTALACOES HIDRO SANITARIAS","CONEXOES"]
[97529,"TÊ, EM AÇO, CONEXÃO SOLDADA, DN 25 (1\"), INSTALADO EM REDE DE ALIMENTAÇÃO PARA SPRINKLER - FORNECIMENTO E INSTALAÇÃO. AF_12/2015","UN",46.41,"SINAPI","INSTALACOES HIDRO SANITARIAS","CONEXOES"]
[97530,"TÊ, EM AÇO, CONEXÃO SOLDADA, DN 32 (1 1/4\"), INSTALADO EM REDE DE ALIMENTAÇÃO PARA SPRINKLER - FORNECIMENTO E INSTALAÇÃO. AF_12/2015","UN",65.42,"SINAPI","INSTALACOES HIDRO SANITARIAS","CONEXOES"]
[97531,"TÊ, EM AÇO, CONEXÃO SOLDADA, DN 40 (1 1/2\"), INSTALADO EM REDE DE ALIMENTAÇÃO PARA SPRINKLER - FORNECIMENTO E INSTALAÇÃO. AF_12/2015","UN",82.47,"SINAPI","INSTALACOES HIDRO SANITARIAS","CONEXOES"]
[97532,"TÊ, EM AÇO, CONEXÃO SOLDADA, DN 50 (2\"), INSTALADO EM REDE DE ALIMENTAÇÃO PARA SPRINKLER - FORNECIMENTO E INSTALAÇÃO. AF_12/2015","UN",126.02,"SINAPI","INSTALACOES HIDRO SANITARIAS","CONEXOES"]
[97533,"TÊ, EM AÇO, CONEXÃO SOLDADA, DN 65 (2 1/2\"), INSTALADO EM REDE DE ALIMENTAÇÃO PARA SPRINKLER - FORNECIMENTO E INSTALAÇÃO. AF_12/2015","UN",232.73,"SINAPI","INSTALACOES HIDRO SANITARIAS","CONEXOES"]
[97534,"TÊ, EM AÇO, CONEXÃO SOLDADA, DN 80 (3\"), INSTALADO EM REDE DE ALIMENTAÇÃO PARA SPRINKLER - FORNECIMENTO E INSTALAÇÃO. AF_12/2015","UN",362.27,"SINAPI","INSTALACOES HIDRO SANITARIAS","CONEXOES"]
[97537,"LUVA, EM AÇO, CONEXÃO SOLDADA, DN 15 (1/2\"), INSTALADO EM RAMAIS E SUB-RAMAIS DE GÁS - FORNECIMENTO E INSTALAÇÃO. AF_12/2015","UN",14.8,"SINAPI","INSTALACOES HIDRO SANITARIAS","CONEXOES"]
[97540,"LUVA, EM AÇO, CONEXÃO SOLDADA, DN 20 (3/4\"), INSTALADO EM RAMAIS E SUB-RAMAIS DE GÁS - FORNECIMENTO E INSTALAÇÃO. AF_12/2015","UN",20.91,"SINAPI","INSTALACOES HIDRO SANITARIAS","CONEXOES"]
[97541,"LUVA COM REDUÇÃO, EM AÇO, CONEXÃO SOLDADA, DN 20 X 15 MM (3/4 \" X 1/2\"), INSTALADO EM RAMAIS E SUB-RAMAIS DE GÁS - FORNECIMENTO E INSTALAÇÃO. AF_12/2015","UN",18.53,"SINAPI","INSTALACOES HIDRO SANITARIAS","CONEXOES"]
[97543,"LUVA, EM AÇO, CONEXÃO SOLDADA, DN 25 (1\"), INSTALADO EM RAMAIS E SUB-RAMAIS DE GÁS - FORNECIMENTO E INSTALAÇÃO. AF_12/2015","UN",35.479999999999997,"SINAPI","INSTALACOES HIDRO SANITARIAS","CONEXOES"]
[97544,"LUVA COM REDUÇÃO, EM AÇO, CONEXÃO SOLDADA, DN 25 X 20 MM (1\" X 3/4\"), INSTALADO EM RAMAIS E SUB-RAMAIS DE GÁS - FORNECIMENTO E INSTALAÇÃO. AF_12/2015","UN",32.6,"SINAPI","INSTALACOES HIDRO SANITARIAS","CONEXOES"]
[97546,"CURVA 45 GRAUS, EM AÇO, CONEXÃO SOLDADA, DN 15 (1/2\"), INSTALADO EM RAMAIS E SUB-RAMAIS DE GÁS - FORNECIMENTO E INSTALAÇÃO. AF_12/2015","UN",20.99,"SINAPI","INSTALACOES HIDRO SANITARIAS","CONEXOES"]
[97547,"CURVA 90 GRAUS, EM AÇO, CONEXÃO SOLDADA, DN 15 (1/2\"), INSTALADO EM RAMAIS E SUB-RAMAIS DE GÁS - FORNECIMENTO E INSTALAÇÃO. AF_12/2015","UN",20.99,"SINAPI","INSTALACOES HIDRO SANITARIAS","CONEXOES"]
[97548,"CURVA 45 GRAUS, EM AÇO, CONEXÃO SOLDADA, DN 20 (3/4\"), INSTALADO EM RAMAIS E SUB-RAMAIS DE GÁS - FORNECIMENTO E INSTALAÇÃO. AF_12/2015","UN",32.020000000000003,"SINAPI","INSTALACOES HIDRO SANITARIAS","CONEXOES"]
[97549,"CURVA 90 GRAUS, EM AÇO, CONEXÃO SOLDADA, DN 20 (3/4\"), INSTALADO EM RAMAIS E SUB-RAMAIS DE GÁS - FORNECIMENTO E INSTALAÇÃO. AF_12/2015","UN",32.020000000000003,"SINAPI","INSTALACOES HIDRO SANITARIAS","CONEXOES"]
[97550,"CURVA 45 GRAUS, EM AÇO, CONEXÃO SOLDADA, DN 25 (1\"), INSTALADO EM RAMAIS E SUB-RAMAIS DE GÁS - FORNECIMENTO E INSTALAÇÃO. AF_12/2015","UN",55.12,"SINAPI","INSTALACOES HIDRO SANITARIAS","CONEXOES"]
[97551,"CURVA 90 GRAUS, EM AÇO, CONEXÃO SOLDADA, DN 25 (1\"), INSTALADO EM RAMAIS E SUB-RAMAIS DE GÁS - FORNECIMENTO E INSTALAÇÃO. AF_12/2015","UN",55.12,"SINAPI","INSTALACOES HIDRO SANITARIAS","CONEXOES"]
[97552,"TÊ, EM AÇO, CONEXÃO SOLDADA, DN 15 (1/2\"), INSTALADO EM RAMAIS E SUB-RAMAIS DE GÁS - FORNECIMENTO E INSTALAÇÃO. AF_12/2015","UN",30.07,"SINAPI","INSTALACOES HIDRO SANITARIAS","CONEXOES"]
[97553,"TÊ, EM AÇO, CONEXÃO SOLDADA, DN 20 (3/4\"), INSTALADO EM RAMAIS E SUB-RAMAIS DE GÁS - FORNECIMENTO E INSTALAÇÃO. AF_12/2015","UN",44.79,"SINAPI","INSTALACOES HIDRO SANITARIAS","CONEXOES"]
[97554,"TÊ, EM AÇO, CONEXÃO SOLDADA, DN 25 (1\"), INSTALADO EM RAMAIS E SUB-RAMAIS DE GÁS - FORNECIMENTO E INSTALAÇÃO. AF_12/2015","UN",79.52,"SINAPI","INSTALACOES HIDRO SANITARIAS","CONEXOES"]
[98602,"CONECTOR EM BRONZE/LATÃO, DN 22 MM X 1/2\", SEM ANEL DE SOLDA, BOLSA X ROSCA F, INSTALADO EM PRUMADA \u0096 FORNECIMENTO E INSTALAÇÃO. AF_01/2016","UN",11.07,"SINAPI","INSTALACOES HIDRO SANITARIAS","CONEXOES"]
[6171,"TAMPA DE CONCRETO ARMADO 60X60X5CM PARA CAIXA","UN",23.35,"SINAPI","INSTALACOES HIDRO SANITARIAS","CAIXAS D'DAGUA, DE INSPECAO E DE GORDURA"]
["74166/1","CAIXA DE INSPEÇÃO EM CONCRETO PRÉ-MOLDADO DN 60CM COM TAMPA H= 60CM - FORNECIMENTO E INSTALACAO","UN",202.87,"SINAPI","INSTALACOES HIDRO SANITARIAS","CAIXAS D'DAGUA, DE INSPECAO E DE GORDURA"]
["74166/2","CAIXA DE INSPECAO EM ANEL DE CONCRETO PRE MOLDADO, COM 950MM DE ALTURA TOTAL. ANEIS COM ESP=50MM, DIAM.=600MM. EXCLUSIVE TAMPAO E ESCAVACAO - FORNECIMENTO E INSTALACAO","UN",257.79000000000002,"SINAPI","INSTALACOES HIDRO SANITARIAS","CAIXAS D'DAGUA, DE INSPECAO E DE GORDURA"]
[88503,"CAIXA D´ÁGUA EM POLIETILENO, 1000 LITROS, COM ACESSÓRIOS","UN",688.07,"SINAPI","INSTALACOES HIDRO SANITARIAS","CAIXAS D'DAGUA, DE INSPECAO E DE GORDURA"]
[88504,"CAIXA D´AGUA EM POLIETILENO, 500 LITROS, COM ACESSÓRIOS","UN",566.91,"SINAPI","INSTALACOES HIDRO SANITARIAS","CAIXAS D'DAGUA, DE INSPECAO E DE GORDURA"]
[97900,"CAIXA ENTERRADA HIDRÁULICA RETANGULAR EM ALVENARIA COM TIJOLOS CERÂMICOS MACIÇOS, DIMENSÕES INTERNAS: 0,3X0,3X0,3 M PARA REDE DE ESGOTO. AF_05/2018","UN",145.37,"SINAPI","INSTALACOES HIDRO SANITARIAS","CAIXAS D'DAGUA, DE INSPECAO E DE GORDURA"]
[97901,"CAIXA ENTERRADA HIDRÁULICA RETANGULAR EM ALVENARIA COM TIJOLOS CERÂMICOS MACIÇOS, DIMENSÕES INTERNAS: 0,4X0,4X0,4 M PARA REDE DE ESGOTO. AF_05/2018","UN",230.47,"SINAPI","INSTALACOES HIDRO SANITARIAS","CAIXAS D'DAGUA, DE INSPECAO E DE GORDURA"]
[97902,"CAIXA ENTERRADA HIDRÁULICA RETANGULAR EM ALVENARIA COM TIJOLOS CERÂMICOS MACIÇOS, DIMENSÕES INTERNAS: 0,6X0,6X0,6 M PARA REDE DE ESGOTO. AF_05/2018","UN",452.14,"SINAPI","INSTALACOES HIDRO SANITARIAS","CAIXAS D'DAGUA, DE INSPECAO E DE GORDURA"]
[97903,"CAIXA ENTERRADA HIDRÁULICA RETANGULAR EM ALVENARIA COM TIJOLOS CERÂMICOS MACIÇOS, DIMENSÕES INTERNAS: 0,8X0,8X0,6 M PARA REDE DE ESGOTO. AF_05/2018","UN",624.73,"SINAPI","INSTALACOES HIDRO SANITARIAS","CAIXAS D'DAGUA, DE INSPECAO E DE GORDURA"]
[97904,"CAIXA ENTERRADA HIDRÁULICA RETANGULAR EM ALVENARIA COM TIJOLOS CERÂMICOS MACIÇOS, DIMENSÕES INTERNAS: 1X1X0,6 M PARA REDE DE ESGOTO. AF_05/2018","UN",732.11,"SINAPI","INSTALACOES HIDRO SANITARIAS","CAIXAS D'DAGUA, DE INSPECAO E DE GORDURA"]
[97905,"CAIXA ENTERRADA HIDRÁULICA RETANGULAR, EM ALVENARIA COM BLOCOS DE CONCRETO, DIMENSÕES INTERNAS: 0,4X0,4X0,4 M PARA REDE DE ESGOTO. AF_05/2018","UN",191.04,"SINAPI","INSTALACOES HIDRO SANITARIAS","CAIXAS D'DAGUA, DE INSPECAO E DE GORDURA"]
[97906,"CAIXA ENTERRADA HIDRÁULICA RETANGULAR, EM ALVENARIA COM BLOCOS DE CONCRETO, DIMENSÕES INTERNAS: 0,6X0,6X0,6 M PARA REDE DE ESGOTO. AF_05/2018","UN",356.31,"SINAPI","INSTALACOES HIDRO SANITARIAS","CAIXAS D'DAGUA, DE INSPECAO E DE GORDURA"]
[97907,"CAIXA ENTERRADA HIDRÁULICA RETANGULAR, EM ALVENARIA COM BLOCOS DE CONCRETO, DIMENSÕES INTERNAS: 0,8X0,8X0,6 M PARA REDE DE ESGOTO. AF_05/2018","UN",502.42,"SINAPI","INSTALACOES HIDRO SANITARIAS","CAIXAS D'DAGUA, DE INSPECAO E DE GORDURA"]
[97908,"CAIXA ENTERRADA HIDRÁULICA RETANGULAR, EM ALVENARIA COM BLOCOS DE CONCRETO, DIMENSÕES INTERNAS: 1X1X0,6 M PARA REDE DE ESGOTO. AF_05/2018","UN",587.38,"SINAPI","INSTALACOES HIDRO SANITARIAS","CAIXAS D'DAGUA, DE INSPECAO E DE GORDURA"]
[98102,"CAIXA DE GORDURA SIMPLES, CIRCULAR, EM CONCRETO PRÉ-MOLDADO, DIÂMETRO INTERNO = 0,4 M, ALTURA INTERNA = 0,4 M. AF_05/2018","UN",64.84,"SINAPI","INSTALACOES HIDRO SANITARIAS","CAIXAS D'DAGUA, DE INSPECAO E DE GORDURA"]
[98103,"CAIXA DE GORDURA DUPLA, CIRCULAR, EM CONCRETO PRÉ-MOLDADO, DIÂMETRO INTERNO = 0,6 M, ALTURA INTERNA = 0,6 M. AF_05/2018","UN",135.28,"SINAPI","INSTALACOES HIDRO SANITARIAS","CAIXAS D'DAGUA, DE INSPECAO E DE GORDURA"]
[98104,"CAIXA DE GORDURA SIMPLES (CAPACIDADE: 36L), RETANGULAR, EM ALVENARIA COM TIJOLOS CERÂMICOS MACIÇOS, DIMENSÕES INTERNAS = 0,2X0,4 M, ALTURA INTERNA = 0,8 M. AF_05/2018","UN",304.20999999999998,"SINAPI","INSTALACOES HIDRO SANITARIAS","CAIXAS D'DAGUA, DE INSPECAO E DE GORDURA"]
[98105,"CAIXA DE GORDURA DUPLA (CAPACIDADE: 126 L), RETANGULAR, EM ALVENARIA COM TIJOLOS CERÂMICOS MACIÇOS, DIMENSÕES INTERNAS = 0,4X0,7 M, ALTURA INTERNA = 0,8 M. AF_05/2018","UN",527.51,"SINAPI","INSTALACOES HIDRO SANITARIAS","CAIXAS D'DAGUA, DE INSPECAO E DE GORDURA"]
[98106,"CAIXA DE GORDURA ESPECIAL (CAPACIDADE: 312 L - PARA ATÉ 146 PESSOAS SERVIDAS NO PICO), RETANGULAR, EM ALVENARIA COM TIJOLOS CERÂMICOS MACIÇOS, DIMENSÕES INTERNAS = 0,4X1,2 M, ALTURA INTERNA = 1 M. AF_05/2018","UN",871.43,"SINAPI","INSTALACOES HIDRO SANITARIAS","CAIXAS D'DAGUA, DE INSPECAO E DE GORDURA"]
[98107,"CAIXA DE GORDURA SIMPLES (CAPACIDADE: 36 L), RETANGULAR, EM ALVENARIA COM BLOCOS DE CONCRETO, DIMENSÕES INTERNAS = 0,2X0,4 M, ALTURA INTERNA = 0,8 M. AF_05/2018","UN",229.63,"SINAPI","INSTALACOES HIDRO SANITARIAS","CAIXAS D'DAGUA, DE INSPECAO E DE GORDURA"]
[98108,"CAIXA DE GORDURA DUPLA (CAPACIDADE: 126 L), RETANGULAR, EM ALVENARIA COM BLOCOS DE CONCRETO, DIMENSÕES INTERNAS = 0,4X0,7 M, ALTURA INTERNA = 0,8 M. AF_05/2018","UN",407.28,"SINAPI","INSTALACOES HIDRO SANITARIAS","CAIXAS D'DAGUA, DE INSPECAO E DE GORDURA"]
[99250,"CAIXA ENTERRADA HIDRÁULICA RETANGULAR EM ALVENARIA COM TIJOLOS CERÂMICOS MACIÇOS, DIMENSÕES INTERNAS: 0,3X0,3X0,3 M PARA REDE DE DRENAGEM. AF_05/2018","UN",143.06,"SINAPI","INSTALACOES HIDRO SANITARIAS","CAIXAS D'DAGUA, DE INSPECAO E DE GORDURA"]
[99251,"CAIXA ENTERRADA HIDRÁULICA RETANGULAR EM ALVENARIA COM TIJOLOS CERÂMICOS MACIÇOS, DIMENSÕES INTERNAS: 0,4X0,4X0,4 M PARA REDE DE DRENAGEM. AF_05/2018","UN",226.51,"SINAPI","INSTALACOES HIDRO SANITARIAS","CAIXAS D'DAGUA, DE INSPECAO E DE GORDURA"]
[99253,"CAIXA ENTERRADA HIDRÁULICA RETANGULAR EM ALVENARIA COM TIJOLOS CERÂMICOS MACIÇOS, DIMENSÕES INTERNAS: 0,6X0,6X0,6 M PARA REDE DE DRENAGEM. AF_05/2018","UN",443.26,"SINAPI","INSTALACOES HIDRO SANITARIAS","CAIXAS D'DAGUA, DE INSPECAO E DE GORDURA"]
[99255,"CAIXA ENTERRADA HIDRÁULICA RETANGULAR EM ALVENARIA COM TIJOLOS CERÂMICOS MACIÇOS, DIMENSÕES INTERNAS: 0,8X0,8X0,6 M PARA REDE DE DRENAGEM. AF_05/2018","UN",612.54,"SINAPI","INSTALACOES HIDRO SANITARIAS","CAIXAS D'DAGUA, DE INSPECAO E DE GORDURA"]
[99257,"CAIXA ENTERRADA HIDRÁULICA RETANGULAR EM ALVENARIA COM TIJOLOS CERÂMICOS MACIÇOS, DIMENSÕES INTERNAS: 1X1X0,6 M PARA REDE DE DRENAGEM. AF_05/2018","UN",716.35,"SINAPI","INSTALACOES HIDRO SANITARIAS","CAIXAS D'DAGUA, DE INSPECAO E DE GORDURA"]
[99258,"CAIXA ENTERRADA HIDRÁULICA RETANGULAR, EM ALVENARIA COM BLOCOS DE CONCRETO, DIMENSÕES INTERNAS: 0,4X0,4X0,4 M PARA REDE DE DRENAGEM. AF_05/2018","UN",187.78,"SINAPI","INSTALACOES HIDRO SANITARIAS","CAIXAS D'DAGUA, DE INSPECAO E DE GORDURA"]
[99260,"CAIXA ENTERRADA HIDRÁULICA RETANGULAR, EM ALVENARIA COM BLOCOS DE CONCRETO, DIMENSÕES INTERNAS: 0,6X0,6X0,6 M PARA REDE DE DRENAGEM. AF_05/2018","UN",350.72,"SINAPI","INSTALACOES HIDRO SANITARIAS","CAIXAS D'DAGUA, DE INSPECAO E DE GORDURA"]
[99262,"CAIXA ENTERRADA HIDRÁULICA RETANGULAR, EM ALVENARIA COM BLOCOS DE CONCRETO, DIMENSÕES INTERNAS: 0,8X0,8X0,6 M PARA REDE DE DRENAGEM. AF_05/2018","UN",494.44,"SINAPI","INSTALACOES HIDRO SANITARIAS","CAIXAS D'DAGUA, DE INSPECAO E DE GORDURA"]
[99264,"CAIXA ENTERRADA HIDRÁULICA RETANGULAR, EM ALVENARIA COM BLOCOS DE CONCRETO, DIMENSÕES INTERNAS: 1X1X0,6 M PARA REDE DE DRENAGEM. AF_05/2018","UN",576.59,"SINAPI","INSTALACOES HIDRO SANITARIAS","CAIXAS D'DAGUA, DE INSPECAO E DE GORDURA"]
[89482,"CAIXA SIFONADA, PVC, DN 100 X 100 X 50 MM, FORNECIDA E INSTALADA EM RAMAIS DE ENCAMINHAMENTO DE ÁGUA PLUVIAL. AF_12/2014","UN",18.079999999999998,"SINAPI","INSTALACOES HIDRO SANITARIAS","RALOS/CAIXA SIFONADA"]
[89491,"CAIXA SIFONADA, PVC, DN 150 X 185 X 75 MM, FORNECIDA E INSTALADA EM RAMAIS DE ENCAMINHAMENTO DE ÁGUA PLUVIAL. AF_12/2014","UN",42.71,"SINAPI","INSTALACOES HIDRO SANITARIAS","RALOS/CAIXA SIFONADA"]
[89495,"RALO SIFONADO, PVC, DN 100 X 40 MM, JUNTA SOLDÁVEL, FORNECIDO E INSTALADO EM RAMAIS DE ENCAMINHAMENTO DE ÁGUA PLUVIAL. AF_12/2014","UN",6.86,"SINAPI","INSTALACOES HIDRO SANITARIAS","RALOS/CAIXA SIFONADA"]
[89707,"CAIXA SIFONADA, PVC, DN 100 X 100 X 50 MM, JUNTA ELÁSTICA, FORNECIDA E INSTALADA EM RAMAL DE DESCARGA OU EM RAMAL DE ESGOTO SANITÁRIO. AF_12/2014","UN",22.79,"SINAPI","INSTALACOES HIDRO SANITARIAS","RALOS/CAIXA SIFONADA"]
[89708,"CAIXA SIFONADA, PVC, DN 150 X 185 X 75 MM, JUNTA ELÁSTICA, FORNECIDA E INSTALADA EM RAMAL DE DESCARGA OU EM RAMAL DE ESGOTO SANITÁRIO. AF_12/2014","UN",49.16,"SINAPI","INSTALACOES HIDRO SANITARIAS","RALOS/CAIXA SIFONADA"]
[89709,"RALO SIFONADO, PVC, DN 100 X 40 MM, JUNTA SOLDÁVEL, FORNECIDO E INSTALADO EM RAMAL DE DESCARGA OU EM RAMAL DE ESGOTO SANITÁRIO. AF_12/2014","UN",8.23,"SINAPI","INSTALACOES HIDRO SANITARIAS","RALOS/CAIXA SIFONADA"]
[89710,"RALO SECO, PVC, DN 100 X 40 MM, JUNTA SOLDÁVEL, FORNECIDO E INSTALADO EM RAMAL DE DESCARGA OU EM RAMAL DE ESGOTO SANITÁRIO. AF_12/2014","UN",8.08,"SINAPI","INSTALACOES HIDRO SANITARIAS","RALOS/CAIXA SIFONADA"]
[72739,"VASO SANITARIO INFANTIL SIFONADO, PARA VALVULA DE DESCARGA, EM LOUCA BRANCA, COM ACESSORIOS, INCLUSIVE ASSENTO PLASTICO, BOLSA DE BORRACHA PARA LIGACAO, TUBO PVC LIGACAO - FORNECIMENTO E INSTALACAO","UN",439.86,"SINAPI","INSTALACOES HIDRO SANITARIAS","APARELHOS SANITARIOS, LOUCAS, METAIS E OUTROS"]
["74234/1","MICTORIO SIFONADO DE LOUCA BRANCA COM PERTENCES, COM REGISTRO DE PRESSAO 1/2\" COM CANOPLA CROMADA ACABAMENTO SIMPLES E CONJUNTO PARA FIXACAO  - FORNECIMENTO E INSTALACAO","UN",473.42,"SINAPI","INSTALACOES HIDRO SANITARIAS","APARELHOS SANITARIOS, LOUCAS, METAIS E OUTROS"]
[86872,"TANQUE DE LOUÇA BRANCA COM COLUNA, 30L OU EQUIVALENTE - FORNECIMENTO E INSTALAÇÃO. AF_12/2013","UN",582.53,"SINAPI","INSTALACOES HIDRO SANITARIAS","APARELHOS SANITARIOS, LOUCAS, METAIS E OUTROS"]
[86874,"TANQUE DE LOUÇA BRANCA SUSPENSO, 18L OU EQUIVALENTE - FORNECIMENTO E INSTALAÇÃO. AF_12/2013","UN",355.15,"SINAPI","INSTALACOES HIDRO SANITARIAS","APARELHOS SANITARIOS, LOUCAS, METAIS E OUTROS"]
[86875,"TANQUE DE MÁRMORE SINTÉTICO COM COLUNA, 22L OU EQUIVALENTE \u0096 FORNECIMENTO E INSTALAÇÃO. AF_12/2013","UN",332.38,"SINAPI","INSTALACOES HIDRO SANITARIAS","APARELHOS SANITARIOS, LOUCAS, METAIS E OUTROS"]
[86876,"TANQUE DE MÁRMORE SINTÉTICO SUSPENSO, 22L OU EQUIVALENTE - FORNECIMENTO E INSTALAÇÃO. AF_12/2013","UN",188.53,"SINAPI","INSTALACOES HIDRO SANITARIAS","APARELHOS SANITARIOS, LOUCAS, METAIS E OUTROS"]
[86877,"VÁLVULA EM METAL CROMADO 1.1/2\" X 1.1/2\" PARA TANQUE OU LAVATÓRIO, COM OU SEM LADRÃO - FORNECIMENTO E INSTALAÇÃO. AF_12/2013","UN",27.7,"SINAPI","INSTALACOES HIDRO SANITARIAS","APARELHOS SANITARIOS, LOUCAS, METAIS E OUTROS"]
[86878,"VÁLVULA EM METAL CROMADO TIPO AMERICANA 3.1/2\" X 1.1/2\" PARA PIA - FORNECIMENTO E INSTALAÇÃO. AF_12/2013","UN",59.34,"SINAPI","INSTALACOES HIDRO SANITARIAS","APARELHOS SANITARIOS, LOUCAS, METAIS E OUTROS"]
[86879,"VÁLVULA EM PLÁSTICO 1\" PARA PIA, TANQUE OU LAVATÓRIO, COM OU SEM LADRÃO - FORNECIMENTO E INSTALAÇÃO. AF_12/2013","UN",5.63,"SINAPI","INSTALACOES HIDRO SANITARIAS","APARELHOS SANITARIOS, LOUCAS, METAIS E OUTROS"]
[86880,"VÁLVULA EM PLÁSTICO CROMADO TIPO AMERICANA 3.1/2\" X 1.1/2\" SEM ADAPTADOR PARA PIA - FORNECIMENTO E INSTALAÇÃO. AF_12/2013","UN",14.13,"SINAPI","INSTALACOES HIDRO SANITARIAS","APARELHOS SANITARIOS, LOUCAS, METAIS E OUTROS"]
[86881,"SIFÃO DO TIPO GARRAFA EM METAL CROMADO 1 X 1.1/2\" - FORNECIMENTO E INSTALAÇÃO. AF_12/2013","UN",167.51,"SINAPI","INSTALACOES HIDRO SANITARIAS","APARELHOS SANITARIOS, LOUCAS, METAIS E OUTROS"]
[86882,"SIFÃO DO TIPO GARRAFA/COPO EM PVC 1.1/4\u0094 X 1.1/2\" - FORNECIMENTO E INSTALAÇÃO. AF_12/2013","UN",14.71,"SINAPI","INSTALACOES HIDRO SANITARIAS","APARELHOS SANITARIOS, LOUCAS, METAIS E OUTROS"]
[86883,"SIFÃO DO TIPO FLEXÍVEL EM PVC 1\u0094 X 1.1/2\u0094 - FORNECIMENTO E INSTALAÇÃO. AF_12/2013","UN",8.42,"SINAPI","INSTALACOES HIDRO SANITARIAS","APARELHOS SANITARIOS, LOUCAS, METAIS E OUTROS"]
[86884,"ENGATE FLEXÍVEL EM PLÁSTICO BRANCO, 1/2\" X 30CM - FORNECIMENTO E INSTALAÇÃO. AF_12/2013","UN",6.96,"SINAPI","INSTALACOES HIDRO SANITARIAS","APARELHOS SANITARIOS, LOUCAS, METAIS E OUTROS"]
[86885,"ENGATE FLEXÍVEL EM PLÁSTICO BRANCO, 1/2\" X 40CM - FORNECIMENTO E INSTALAÇÃO. AF_12/2013","UN",8.4600000000000009,"SINAPI","INSTALACOES HIDRO SANITARIAS","APARELHOS SANITARIOS, LOUCAS, METAIS E OUTROS"]
[86886,"ENGATE FLEXÍVEL EM INOX, 1/2\u0094 X 30CM - FORNECIMENTO E INSTALAÇÃO. AF_12/2013","UN",40.9,"SINAPI","INSTALACOES HIDRO SANITARIAS","APARELHOS SANITARIOS, LOUCAS, METAIS E OUTROS"]
[86887,"ENGATE FLEXÍVEL EM INOX, 1/2\u0094 X 40CM - FORNECIMENTO E INSTALAÇÃO. AF_12/2013","UN",44.37,"SINAPI","INSTALACOES HIDRO SANITARIAS","APARELHOS SANITARIOS, LOUCAS, METAIS E OUTROS"]
[86888,"VASO SANITÁRIO SIFONADO COM CAIXA ACOPLADA LOUÇA BRANCA - FORNECIMENTO E INSTALAÇÃO. AF_12/2013","UN",345.92,"SINAPI","INSTALACOES HIDRO SANITARIAS","APARELHOS SANITARIOS, LOUCAS, METAIS E OUTROS"]
[86889,"BANCADA DE GRANITO CINZA POLIDO PARA PIA DE COZINHA 1,50 X 0,60 M - FORNECIMENTO E INSTALAÇÃO. AF_12/2013","UN",537.91999999999996,"SINAPI","INSTALACOES HIDRO SANITARIAS","APARELHOS SANITARIOS, LOUCAS, METAIS E OUTROS"]
[86893,"BANCADA DE MÁRMORE BRANCO POLIDO PARA PIA DE COZINHA 1,50 X 0,60 M - FORNECIMENTO E INSTALAÇÃO. AF_12/2013","UN",537.59,"SINAPI","INSTALACOES HIDRO SANITARIAS","APARELHOS SANITARIOS, LOUCAS, METAIS E OUTROS"]
[86894,"BANCADA DE MÁRMORE SINTÉTICO 120 X 60CM, COM CUBA INTEGRADA - FORNECIMENTO E INSTALAÇÃO. AF_12/2013","UN",246.91,"SINAPI","INSTALACOES HIDRO SANITARIAS","APARELHOS SANITARIOS, LOUCAS, METAIS E OUTROS"]
[86895,"BANCADA DE GRANITO CINZA POLIDO PARA LAVATÓRIO 0,50 X 0,60 M - FORNECIMENTO E INSTALAÇÃO. AF_12/2013","UN",276.38,"SINAPI","INSTALACOES HIDRO SANITARIAS","APARELHOS SANITARIOS, LOUCAS, METAIS E OUTROS"]
[86899,"BANCADA DE MÁRMORE BRANCO POLIDO PARA LAVATÓRIO 0,50 X 0,60 M - FORNECIMENTO E INSTALAÇÃO. AF_12/2013","UN",276.25,"SINAPI","INSTALACOES HIDRO SANITARIAS","APARELHOS SANITARIOS, LOUCAS, METAIS E OUTROS"]
[86900,"CUBA DE EMBUTIR DE AÇO INOXIDÁVEL MÉDIA - FORNECIMENTO E INSTALAÇÃO. AF_12/2013","UN",171.99,"SINAPI","INSTALACOES HIDRO SANITARIAS","APARELHOS SANITARIOS, LOUCAS, METAIS E OUTROS"]
[86901,"CUBA DE EMBUTIR OVAL EM LOUÇA BRANCA, 35 X 50CM OU EQUIVALENTE - FORNECIMENTO E INSTALAÇÃO. AF_12/2013","UN",113.48,"SINAPI","INSTALACOES HIDRO SANITARIAS","APARELHOS SANITARIOS, LOUCAS, METAIS E OUTROS"]
[86902,"LAVATÓRIO LOUÇA BRANCA COM COLUNA, *44 X 35,5* CM, PADRÃO POPULAR - FORNECIMENTO E INSTALAÇÃO. AF_12/2013","UN",189.83,"SINAPI","INSTALACOES HIDRO SANITARIAS","APARELHOS SANITARIOS, LOUCAS, METAIS E OUTROS"]
[86903,"LAVATÓRIO LOUÇA BRANCA COM COLUNA, 45 X 55CM OU EQUIVALENTE, PADRÃO MÉDIO - FORNECIMENTO E INSTALAÇÃO. AF_12/2013","UN",257.17,"SINAPI","INSTALACOES HIDRO SANITARIAS","APARELHOS SANITARIOS, LOUCAS, METAIS E OUTROS"]
[86904,"LAVATÓRIO LOUÇA BRANCA SUSPENSO, 29,5 X 39CM OU EQUIVALENTE, PADRÃO POPULAR - FORNECIMENTO E INSTALAÇÃO. AF_12/2013","UN",100.68,"SINAPI","INSTALACOES HIDRO SANITARIAS","APARELHOS SANITARIOS, LOUCAS, METAIS E OUTROS"]
[86905,"APARELHO MISTURADOR DE MESA PARA LAVATÓRIO, PADRÃO MÉDIO - FORNECIMENTO E INSTALAÇÃO. AF_12/2013","UN",229.2,"SINAPI","INSTALACOES HIDRO SANITARIAS","APARELHOS SANITARIOS, LOUCAS, METAIS E OUTROS"]
[86906,"TORNEIRA CROMADA DE MESA, 1/2\" OU 3/4\", PARA LAVATÓRIO, PADRÃO POPULAR - FORNECIMENTO E INSTALAÇÃO. AF_12/2013","UN",53.57,"SINAPI","INSTALACOES HIDRO SANITARIAS","APARELHOS SANITARIOS, LOUCAS, METAIS E OUTROS"]
[86908,"APARELHO MISTURADOR DE MESA PARA PIA DE COZINHA, PADRÃO MÉDIO - FORNECIMENTO E INSTALAÇÃO. AF_12/2013","UN",274.63,"SINAPI","INSTALACOES HIDRO SANITARIAS","APARELHOS SANITARIOS, LOUCAS, METAIS E OUTROS"]
[86909,"TORNEIRA CROMADA TUBO MÓVEL, DE MESA, 1/2\" OU 3/4\", PARA PIA DE COZINHA, PADRÃO ALTO - FORNECIMENTO E INSTALAÇÃO. AF_12/2013","UN",107.07,"SINAPI","INSTALACOES HIDRO SANITARIAS","APARELHOS SANITARIOS, LOUCAS, METAIS E OUTROS"]
[86910,"TORNEIRA CROMADA TUBO MÓVEL, DE PAREDE, 1/2\" OU 3/4\", PARA PIA DE COZINHA, PADRÃO MÉDIO - FORNECIMENTO E INSTALAÇÃO. AF_12/2013","UN",102.43,"SINAPI","INSTALACOES HIDRO SANITARIAS","APARELHOS SANITARIOS, LOUCAS, METAIS E OUTROS"]
[86911,"TORNEIRA CROMADA LONGA, DE PAREDE, 1/2\" OU 3/4\", PARA PIA DE COZINHA, PADRÃO POPULAR - FORNECIMENTO E INSTALAÇÃO. AF_12/2013","UN",45.47,"SINAPI","INSTALACOES HIDRO SANITARIAS","APARELHOS SANITARIOS, LOUCAS, METAIS E OUTROS"]
[86912,"TORNEIRA CROMADA LONGA, DE PAREDE, 1/2\" OU 3/4\", PARA PIA DE COZINHA, PADRÃO MÉDIO - FORNECIMENTO E INSTALAÇÃO. AF_12/2013","UN",45.47,"SINAPI","INSTALACOES HIDRO SANITARIAS","APARELHOS SANITARIOS, LOUCAS, METAIS E OUTROS"]
[86913,"TORNEIRA CROMADA 1/2\" OU 3/4\" PARA TANQUE, PADRÃO POPULAR - FORNECIMENTO E INSTALAÇÃO. AF_12/2013","UN",20.34,"SINAPI","INSTALACOES HIDRO SANITARIAS","APARELHOS SANITARIOS, LOUCAS, METAIS E OUTROS"]
[86914,"TORNEIRA CROMADA 1/2\" OU 3/4\" PARA TANQUE, PADRÃO MÉDIO - FORNECIMENTO E INSTALAÇÃO. AF_12/2013","UN",41.36,"SINAPI","INSTALACOES HIDRO SANITARIAS","APARELHOS SANITARIOS, LOUCAS, METAIS E OUTROS"]
[86915,"TORNEIRA CROMADA DE MESA, 1/2\" OU 3/4\", PARA LAVATÓRIO, PADRÃO MÉDIO - FORNECIMENTO E INSTALAÇÃO. AF_12/2013","UN",90.13,"SINAPI","INSTALACOES HIDRO SANITARIAS","APARELHOS SANITARIOS, LOUCAS, METAIS E OUTROS"]
[86916,"TORNEIRA PLÁSTICA 3/4\" PARA TANQUE - FORNECIMENTO E INSTALAÇÃO. AF_12/2013","UN",22.91,"SINAPI","INSTALACOES HIDRO SANITARIAS","APARELHOS SANITARIOS, LOUCAS, METAIS E OUTROS"]
[86919,"TANQUE DE LOUÇA BRANCA COM COLUNA, 30L OU EQUIVALENTE, INCLUSO SIFÃO FLEXÍVEL EM PVC, VÁLVULA METÁLICA E TORNEIRA DE METAL CROMADO PADRÃO MÉDIO - FORNECIMENTO E INSTALAÇÃO. AF_12/2013","UN",660.01,"SINAPI","INSTALACOES HIDRO SANITARIAS","APARELHOS SANITARIOS, LOUCAS, METAIS E OUTROS"]
[86920,"TANQUE DE LOUÇA BRANCA COM COLUNA, 30L OU EQUIVALENTE, INCLUSO SIFÃO FLEXÍVEL EM PVC, VÁLVULA PLÁSTICA E TORNEIRA DE METAL CROMADO PADRÃO POPULAR - FORNECIMENTO E INSTALAÇÃO. AF_12/2013","UN",616.91999999999996,"SINAPI","INSTALACOES HIDRO SANITARIAS","APARELHOS SANITARIOS, LOUCAS, METAIS E OUTROS"]
[86921,"TANQUE DE LOUÇA BRANCA COM COLUNA, 30L OU EQUIVALENTE, INCLUSO SIFÃO FLEXÍVEL EM PVC, VÁLVULA PLÁSTICA E TORNEIRA DE PLÁSTICO - FORNECIMENTO E INSTALAÇÃO. AF_12/2013","UN",619.49,"SINAPI","INSTALACOES HIDRO SANITARIAS","APARELHOS SANITARIOS, LOUCAS, METAIS E OUTROS"]
[86922,"TANQUE DE LOUÇA BRANCA SUSPENSO, 18L OU EQUIVALENTE, INCLUSO SIFÃO TIPO GARRAFA EM METAL CROMADO, VÁLVULA METÁLICA E TORNEIRA DE METAL CROMADO PADRÃO MÉDIO - FORNECIMENTO E INSTALAÇÃO. AF_12/2013","UN",591.72,"SINAPI","INSTALACOES HIDRO SANITARIAS","APARELHOS SANITARIOS, LOUCAS, METAIS E OUTROS"]
[86923,"TANQUE DE LOUÇA BRANCA SUSPENSO, 18L OU EQUIVALENTE, INCLUSO SIFÃO TIPO GARRAFA EM PVC, VÁLVULA PLÁSTICA E TORNEIRA DE METAL CROMADO PADRÃO POPULAR - FORNECIMENTO E INSTALAÇÃO. AF_12/2013","UN",395.83,"SINAPI","INSTALACOES HIDRO SANITARIAS","APARELHOS SANITARIOS, LOUCAS, METAIS E OUTROS"]
[86924,"TANQUE DE LOUÇA BRANCA SUSPENSO, 18L OU EQUIVALENTE, INCLUSO SIFÃO TIPO GARRAFA EM PVC, VÁLVULA PLÁSTICA E TORNEIRA DE PLÁSTICO - FORNECIMENTO E INSTALAÇÃO. AF_12/2013","UN",398.4,"SINAPI","INSTALACOES HIDRO SANITARIAS","APARELHOS SANITARIOS, LOUCAS, METAIS E OUTROS"]
[86925,"TANQUE DE MÁRMORE SINTÉTICO COM COLUNA, 22L OU EQUIVALENTE, INCLUSO SIFÃO FLEXÍVEL EM PVC, VÁLVULA PLÁSTICA E TORNEIRA DE METAL CROMADO PADRÃO POPULAR - FORNECIMENTO E INSTALAÇÃO. AF_12/2013","UN",366.77,"SINAPI","INSTALACOES HIDRO SANITARIAS","APARELHOS SANITARIOS, LOUCAS, METAIS E OUTROS"]
[86926,"TANQUE DE MÁRMORE SINTÉTICO COM COLUNA, 22L OU EQUIVALENTE, INCLUSO SIFÃO FLEXÍVEL EM PVC, VÁLVULA PLÁSTICA E TORNEIRA DE PLÁSTICO - FORNECIMENTO E INSTALAÇÃO. AF_12/2013","UN",369.34,"SINAPI","INSTALACOES HIDRO SANITARIAS","APARELHOS SANITARIOS, LOUCAS, METAIS E OUTROS"]
[86927,"TANQUE DE MÁRMORE SINTÉTICO SUSPENSO, 22L OU EQUIVALENTE, INCLUSO SIFÃO TIPO GARRAFA EM PVC, VÁLVULA PLÁSTICA E TORNEIRA DE METAL CROMADO PADRÃO POPULAR - FORNECIMENTO E INSTALAÇÃO. AF_12/2013","UN",229.21,"SINAPI","INSTALACOES HIDRO SANITARIAS","APARELHOS SANITARIOS, LOUCAS, METAIS E OUTROS"]
[86928,"TANQUE DE MÁRMORE SINTÉTICO SUSPENSO, 22L OU EQUIVALENTE, INCLUSO SIFÃO TIPO GARRAFA EM PVC, VÁLVULA PLÁSTICA E TORNEIRA DE PLÁSTICO - FORNECIMENTO E INSTALAÇÃO. AF_12/2013","UN",231.78,"SINAPI","INSTALACOES HIDRO SANITARIAS","APARELHOS SANITARIOS, LOUCAS, METAIS E OUTROS"]
[86929,"TANQUE DE MÁRMORE SINTÉTICO SUSPENSO, 22L OU EQUIVALENTE, INCLUSO SIFÃO FLEXÍVEL EM PVC, VÁLVULA PLÁSTICA E TORNEIRA DE METAL CROMADO PADRÃO POPULAR - FORNECIMENTO E INSTALAÇÃO. AF_12/2013","UN",222.92,"SINAPI","INSTALACOES HIDRO SANITARIAS","APARELHOS SANITARIOS, LOUCAS, METAIS E OUTROS"]
[86930,"TANQUE DE MÁRMORE SINTÉTICO SUSPENSO, 22L OU EQUIVALENTE, INCLUSO SIFÃO FLEXÍVEL EM PVC, VÁLVULA PLÁSTICA E TORNEIRA DE PLÁSTICO - FORNECIMENTO E INSTALAÇÃO. AF_12/2013","UN",225.49,"SINAPI","INSTALACOES HIDRO SANITARIAS","APARELHOS SANITARIOS, LOUCAS, METAIS E OUTROS"]
[86931,"VASO SANITÁRIO SIFONADO COM CAIXA ACOPLADA LOUÇA BRANCA, INCLUSO ENGATE FLEXÍVEL EM PLÁSTICO BRANCO, 1/2  X 40CM - FORNECIMENTO E INSTALAÇÃO. AF_12/2013","UN",354.38,"SINAPI","INSTALACOES HIDRO SANITARIAS","APARELHOS SANITARIOS, LOUCAS, METAIS E OUTROS"]
[86932,"VASO SANITÁRIO SIFONADO COM CAIXA ACOPLADA LOUÇA BRANCA - PADRÃO MÉDIO, INCLUSO ENGATE FLEXÍVEL EM METAL CROMADO, 1/2\u0094 X 40CM - FORNECIMENTO E INSTALAÇÃO. AF_12/2013","UN",390.29,"SINAPI","INSTALACOES HIDRO SANITARIAS","APARELHOS SANITARIOS, LOUCAS, METAIS E OUTROS"]
[86933,"BANCADA DE MÁRMORE SINTÉTICO 120 X 60CM, COM CUBA INTEGRADA, INCLUSO SIFÃO TIPO GARRAFA EM PVC, VÁLVULA EM PLÁSTICO CROMADO TIPO AMERICANA E TORNEIRA CROMADA LONGA, DE PAREDE, PADRÃO POPULAR - FORNECIMENTO E INSTALAÇÃO. AF_12/2013","UN",321.22000000000003,"SINAPI","INSTALACOES HIDRO SANITARIAS","APARELHOS SANITARIOS, LOUCAS, METAIS E OUTROS"]
[86934,"BANCADA DE MÁRMORE SINTÉTICO 120 X 60CM, COM CUBA INTEGRADA, INCLUSO SIFÃO TIPO FLEXÍVEL EM PVC, VÁLVULA EM PLÁSTICO CROMADO TIPO AMERICANA E TORNEIRA CROMADA LONGA, DE PAREDE, PADRÃO POPULAR - FORNECIMENTO E INSTALAÇÃO. AF_12/2013","UN",314.93,"SINAPI","INSTALACOES HIDRO SANITARIAS","APARELHOS SANITARIOS, LOUCAS, METAIS E OUTROS"]
[86935,"CUBA DE EMBUTIR DE AÇO INOXIDÁVEL MÉDIA, INCLUSO VÁLVULA TIPO AMERICANA EM METAL CROMADO E SIFÃO FLEXÍVEL EM PVC - FORNECIMENTO E INSTALAÇÃO. AF_12/2013","UN",239.75,"SINAPI","INSTALACOES HIDRO SANITARIAS","APARELHOS SANITARIOS, LOUCAS, METAIS E OUTROS"]
[86936,"CUBA DE EMBUTIR DE AÇO INOXIDÁVEL MÉDIA, INCLUSO VÁLVULA TIPO AMERICANA E SIFÃO TIPO GARRAFA EM METAL CROMADO - FORNECIMENTO E INSTALAÇÃO. AF_12/2013","UN",398.84,"SINAPI","INSTALACOES HIDRO SANITARIAS","APARELHOS SANITARIOS, LOUCAS, METAIS E OUTROS"]
[86937,"CUBA DE EMBUTIR OVAL EM LOUÇA BRANCA, 35 X 50CM OU EQUIVALENTE, INCLUSO VÁLVULA EM METAL CROMADO E SIFÃO FLEXÍVEL EM PVC - FORNECIMENTO E INSTALAÇÃO. AF_12/2013","UN",149.6,"SINAPI","INSTALACOES HIDRO SANITARIAS","APARELHOS SANITARIOS, LOUCAS, METAIS E OUTROS"]
[86938,"CUBA DE EMBUTIR OVAL EM LOUÇA BRANCA, 35 X 50CM OU EQUIVALENTE, INCLUSO VÁLVULA E SIFÃO TIPO GARRAFA EM METAL CROMADO - FORNECIMENTO E INSTALAÇÃO. AF_12/2013","UN",308.69,"SINAPI","INSTALACOES HIDRO SANITARIAS","APARELHOS SANITARIOS, LOUCAS, METAIS E OUTROS"]
[86939,"LAVATÓRIO LOUÇA BRANCA COM COLUNA, *44 X 35,5* CM, PADRÃO POPULAR, INCLUSO SIFÃO FLEXÍVEL EM PVC, VÁLVULA E ENGATE FLEXÍVEL 30CM EM PLÁSTICO E COM TORNEIRA CROMADA PADRÃO POPULAR - FORNECIMENTO E INSTALAÇÃO. AF_12/2013","UN",264.41000000000003,"SINAPI","INSTALACOES HIDRO SANITARIAS","APARELHOS SANITARIOS, LOUCAS, METAIS E OUTROS"]
[86940,"LAVATÓRIO LOUÇA BRANCA COM COLUNA, 45 X 55CM OU EQUIVALENTE, PADRÃO MÉDIO, INCLUSO SIFÃO TIPO GARRAFA, VÁLVULA E ENGATE FLEXÍVEL DE 40CM EM METAL CROMADO, COM APARELHO MISTURADOR PADRÃO MÉDIO - FORNECIMENTO E INSTALAÇÃO. AF_12/2013","UN",770.32,"SINAPI","INSTALACOES HIDRO SANITARIAS","APARELHOS SANITARIOS, LOUCAS, METAIS E OUTROS"]
[86941,"LAVATÓRIO LOUÇA BRANCA COM COLUNA, 45 X 55CM OU EQUIVALENTE, PADRÃO MÉDIO, INCLUSO SIFÃO TIPO GARRAFA, VÁLVULA E ENGATE FLEXÍVEL DE 40CM EM METAL CROMADO, COM TORNEIRA CROMADA DE MESA, PADRÃO MÉDIO - FORNECIMENTO E INSTALAÇÃO. AF_12/2013","UN",586.88,"SINAPI","INSTALACOES HIDRO SANITARIAS","APARELHOS SANITARIOS, LOUCAS, METAIS E OUTROS"]
[86942,"LAVATÓRIO LOUÇA BRANCA SUSPENSO, 29,5 X 39CM OU EQUIVALENTE, PADRÃO POPULAR, INCLUSO SIFÃO TIPO GARRAFA EM PVC, VÁLVULA E ENGATE FLEXÍVEL 30CM EM PLÁSTICO E TORNEIRA CROMADA DE MESA, PADRÃO POPULAR - FORNECIMENTO E INSTALAÇÃO. AF_12/2013","UN",181.55,"SINAPI","INSTALACOES HIDRO SANITARIAS","APARELHOS SANITARIOS, LOUCAS, METAIS E OUTROS"]
[86943,"LAVATÓRIO LOUÇA BRANCA SUSPENSO, 29,5 X 39CM OU EQUIVALENTE, PADRÃO POPULAR, INCLUSO SIFÃO FLEXÍVEL EM PVC, VÁLVULA E ENGATE FLEXÍVEL 30CM EM PLÁSTICO E TORNEIRA CROMADA DE MESA, PADRÃO POPULAR - FORNECIMENTO E INSTALAÇÃO. AF_12/2013","UN",175.26,"SINAPI","INSTALACOES HIDRO SANITARIAS","APARELHOS SANITARIOS, LOUCAS, METAIS E OUTROS"]
[86947,"BANCADA MÁRMORE BRANCO POLIDO 0,50X0,60M, INCLUSO CUBA DE EMBUTIR OVAL EM LOUÇA BRANCA 35 X 50CM, VÁLVULA, SIFÃO TIPO GARRAFA E ENGATE FLEXÍVEL 40CM EM METAL CROMADO E APARELHO MISTURADOR DE MESA, PADRÃO MÉDIO - FORNECIMENTO E INSTALAÇÃO. AF_12/2013","UN",902.88,"SINAPI","INSTALACOES HIDRO SANITARIAS","APARELHOS SANITARIOS, LOUCAS, METAIS E OUTROS"]
[88571,"SABONETEIRA DE SOBREPOR (FIXADA NA PAREDE), TIPO CONCHA, EM ACO INOXIDAVEL - FORNECIMENTO E INSTALACAO","UN",53.18,"SINAPI","INSTALACOES HIDRO SANITARIAS","APARELHOS SANITARIOS, LOUCAS, METAIS E OUTROS"]
[93396,"BANCADA GRANITO CINZA POLIDO 0,50 X 0,60M, INCL. CUBA DE EMBUTIR OVAL LOUÇA BRANCA 35 X 50CM, VÁLVULA METAL CROMADO, SIFÃO FLEXÍVEL PVC, ENGATE 30CM FLEXÍVEL PLÁSTICO E TORNEIRA CROMADA DE MESA, PADRÃO POPULAR - FORNEC. E INSTALAÇÃO. AF_12/2013","UN",486.51,"SINAPI","INSTALACOES HIDRO SANITARIAS","APARELHOS SANITARIOS, LOUCAS, METAIS E OUTROS"]
[93441,"BANCADA DE GRANITO CINZA POLIDO 150 X 60 CM, COM CUBA DE EMBUTIR DE AÇO INOXIDÁVEL MÉDIA, VÁLVULA AMERICANA EM METAL CROMADO, SIFÃO FLEXÍVEL EM PVC, ENGATE FLEXÍVEL 30 CM, TORNEIRA CROMADA LONGA DE PAREDE, 1/2 OU 3/4, PARA PIA DE COZINHA, PADRÃO POPULAR- FORNEC. E INSTAL. AF_12/2013","UN",830.1,"SINAPI","INSTALACOES HIDRO SANITARIAS","APARELHOS SANITARIOS, LOUCAS, METAIS E OUTROS"]
[93442,"BANCADA MÁRMORE BRANCO POLIDO 150 X 60 CM, COM CUBA DE EMBUTIR DE AÇO INOXIDÁVEL MÉDIA, VÁLVULA AMERICANA EM METAL CROMADO, SIFÃO  TIPO GARRAFA EM METAL CROMADO, ENGATE FLEXÍVEL 30 CM, TORNEIRA  CROMADA TUBO MÓVEL, DE MESA, 1/2\u0094 OU 3/4\u0094, PARA PIA DE COZINHA, PADRÃO ALTO - FORNEC. E INSTAL. AF_12/2013","UN",1050.46,"SINAPI","INSTALACOES HIDRO SANITARIAS","APARELHOS SANITARIOS, LOUCAS, METAIS E OUTROS"]
[95469,"VASO SANITARIO SIFONADO CONVENCIONAL COM  LOUÇA BRANCA - FORNECIMENTO E INSTALAÇÃO. AF_10/2016","UN",162.04,"SINAPI","INSTALACOES HIDRO SANITARIAS","APARELHOS SANITARIOS, LOUCAS, METAIS E OUTROS"]
[95470,"VASO SANITARIO SIFONADO CONVENCIONAL COM LOUÇA BRANCA, INCLUSO CONJUNTO DE LIGAÇÃO PARA BACIA SANITÁRIA AJUSTÁVEL - FORNECIMENTO E INSTALAÇÃO. AF_10/2016","UN",167.32,"SINAPI","INSTALACOES HIDRO SANITARIAS","APARELHOS SANITARIOS, LOUCAS, METAIS E OUTROS"]
[95471,"VASO SANITARIO SIFONADO CONVENCIONAL PARA PCD SEM FURO FRONTAL COM  LOUÇA BRANCA SEM ASSENTO -  FORNECIMENTO E INSTALAÇÃO. AF_10/2016","UN",601.47,"SINAPI","INSTALACOES HIDRO SANITARIAS","APARELHOS SANITARIOS, LOUCAS, METAIS E OUTROS"]
[95472,"VASO SANITARIO SIFONADO CONVENCIONAL PARA PCD SEM FURO FRONTAL COM LOUÇA BRANCA SEM ASSENTO, INCLUSO CONJUNTO DE LIGAÇÃO PARA BACIA SANITÁRIA AJUSTÁVEL - FORNECIMENTO E INSTALAÇÃO. AF_10/2016","UN",606.75,"SINAPI","INSTALACOES HIDRO SANITARIAS","APARELHOS SANITARIOS, LOUCAS, METAIS E OUTROS"]
[95542,"PORTA TOALHA ROSTO EM METAL CROMADO, TIPO ARGOLA, INCLUSO FIXAÇÃO. AF_10/2016","UN",30.3,"SINAPI","INSTALACOES HIDRO SANITARIAS","APARELHOS SANITARIOS, LOUCAS, METAIS E OUTROS"]
[95543,"PORTA TOALHA BANHO EM METAL CROMADO, TIPO BARRA, INCLUSO FIXAÇÃO. AF_10/2016","UN",48.96,"SINAPI","INSTALACOES HIDRO SANITARIAS","APARELHOS SANITARIOS, LOUCAS, METAIS E OUTROS"]
[95544,"PAPELEIRA DE PAREDE EM METAL CROMADO SEM TAMPA, INCLUSO FIXAÇÃO. AF_10/2016","UN",38.409999999999997,"SINAPI","INSTALACOES HIDRO SANITARIAS","APARELHOS SANITARIOS, LOUCAS, METAIS E OUTROS"]
[95545,"SABONETEIRA DE PAREDE EM METAL CROMADO, INCLUSO FIXAÇÃO. AF_10/2016","UN",37.549999999999997,"SINAPI","INSTALACOES HIDRO SANITARIAS","APARELHOS SANITARIOS, LOUCAS, METAIS E OUTROS"]
[95546,"KIT DE ACESSORIOS PARA BANHEIRO EM METAL CROMADO, 5 PECAS, INCLUSO FIXAÇÃO. AF_10/2016","UN",112.55,"SINAPI","INSTALACOES HIDRO SANITARIAS","APARELHOS SANITARIOS, LOUCAS, METAIS E OUTROS"]
[95547,"SABONETEIRA PLASTICA TIPO DISPENSER PARA SABONETE LIQUIDO COM RESERVATORIO 800 A 1500 ML, INCLUSO FIXAÇÃO. AF_10/2016","UN",70.459999999999994,"SINAPI","INSTALACOES HIDRO SANITARIAS","APARELHOS SANITARIOS, LOUCAS, METAIS E OUTROS"]
[6087,"TAMPA EM CONCRETO ARMADO 60X60X5CM P/CX INSPECAO/FOSSA SEPTICA","UN",22.93,"SINAPI","INSTALACOES HIDRO SANITARIAS","FOSSAS/SUMIDOUROS"]
[98052,"TANQUE SÉPTICO CIRCULAR, EM CONCRETO PRÉ-MOLDADO, DIÂMETRO INTERNO = 1,10 M, ALTURA INTERNA = 2,50 M, VOLUME ÚTIL: 2138,2 L (PARA 5 CONTRIBUINTES). AF_05/2018","UN",1135.5899999999999,"SINAPI","INSTALACOES HIDRO SANITARIAS","FOSSAS/SUMIDOUROS"]
[98053,"TANQUE SÉPTICO CIRCULAR, EM CONCRETO PRÉ-MOLDADO, DIÂMETRO INTERNO = 1,40 M, ALTURA INTERNA = 2,50 M, VOLUME ÚTIL: 3463,6 L (PARA 13 CONTRIBUINTES). AF_05/2018","UN",1657.25,"SINAPI","INSTALACOES HIDRO SANITARIAS","FOSSAS/SUMIDOUROS"]
[98054,"TANQUE SÉPTICO CIRCULAR, EM CONCRETO PRÉ-MOLDADO, DIÂMETRO INTERNO = 1,88 M, ALTURA INTERNA = 2,50 M, VOLUME ÚTIL: 6245,8 L (PARA 32 CONTRIBUINTES). AF_05/2018","UN",2416.35,"SINAPI","INSTALACOES HIDRO SANITARIAS","FOSSAS/SUMIDOUROS"]
[98055,"TANQUE SÉPTICO CIRCULAR, EM CONCRETO PRÉ-MOLDADO, DIÂMETRO INTERNO = 2,38 M, ALTURA INTERNA = 2,50 M, VOLUME ÚTIL: 10009,8 L (PARA 69 CONTRIBUINTES). AF_05/2018","UN",3210.35,"SINAPI","INSTALACOES HIDRO SANITARIAS","FOSSAS/SUMIDOUROS"]
[98056,"TANQUE SÉPTICO CIRCULAR, EM CONCRETO PRÉ-MOLDADO, DIÂMETRO INTERNO = 2,38 M, ALTURA INTERNA = 3,0 M, VOLUME ÚTIL: 12234,2 L (PARA 86 CONTRIBUINTES). AF_05/2018","UN",3700.6,"SINAPI","INSTALACOES HIDRO SANITARIAS","FOSSAS/SUMIDOUROS"]
[98057,"TANQUE SÉPTICO CIRCULAR, EM CONCRETO PRÉ-MOLDADO, DIÂMETRO INTERNO = 2,88 M, ALTURA INTERNA = 2,50 M, VOLUME ÚTIL: 14657,4 L (PARA 105 CONTRIBUINTES). AF_05/2018","UN",4870.67,"SINAPI","INSTALACOES HIDRO SANITARIAS","FOSSAS/SUMIDOUROS"]
[98066,"TANQUE SÉPTICO RETANGULAR, EM ALVENARIA COM TIJOLOS CERÂMICOS MACIÇOS, DIMENSÕES INTERNAS: 1,0 X 2,0 X 1,4 M, VOLUME ÚTIL: 2000 L (PARA 5 CONTRIBUINTES). AF_05/2018","UN",3799.47,"SINAPI","INSTALACOES HIDRO SANITARIAS","FOSSAS/SUMIDOUROS"]
[98067,"TANQUE SÉPTICO RETANGULAR, EM ALVENARIA COM TIJOLOS CERÂMICOS MACIÇOS, DIMENSÕES INTERNAS: 1,2 X 2,4 X 1,6 M, VOLUME ÚTIL: 3456 L (PARA 13 CONTRIBUINTES). AF_05/2018","UN",5074.24,"SINAPI","INSTALACOES HIDRO SANITARIAS","FOSSAS/SUMIDOUROS"]
[98068,"TANQUE SÉPTICO RETANGULAR, EM ALVENARIA COM TIJOLOS CERÂMICOS MACIÇOS, DIMENSÕES INTERNAS: 1,4 X 3,2 X 1,8 M, VOLUME ÚTIL: 6272 L (PARA 32 CONTRIBUINTES). AF_05/2018","UN",7174.68,"SINAPI","INSTALACOES HIDRO SANITARIAS","FOSSAS/SUMIDOUROS"]
[98069,"TANQUE SÉPTICO RETANGULAR, EM ALVENARIA COM TIJOLOS CERÂMICOS MACIÇOS, DIMENSÕES INTERNAS: 1,6 X 4,4 X 1,8 M, VOLUME ÚTIL: 9856 L (PARA 68 CONTRIBUINTES). AF_05/2018","UN",9627.7000000000007,"SINAPI","INSTALACOES HIDRO SANITARIAS","FOSSAS/SUMIDOUROS"]
[98070,"TANQUE SÉPTICO RETANGULAR, EM ALVENARIA COM TIJOLOS CERÂMICOS MACIÇOS, DIMENSÕES INTERNAS: 1,6 X 4,8 X 2,0 M, VOLUME ÚTIL: 12288 L (PARA 86 CONTRIBUINTES). AF_05/2018","UN",11024.86,"SINAPI","INSTALACOES HIDRO SANITARIAS","FOSSAS/SUMIDOUROS"]
[98071,"TANQUE SÉPTICO RETANGULAR, EM ALVENARIA COM TIJOLOS CERÂMICOS MACIÇOS, DIMENSÕES INTERNAS: 1,6 X 4,6 X 2,4 M, VOLUME ÚTIL: 14720 L (PARA 105 CONTRIBUINTES). AF_05/2018","UN",12081.51,"SINAPI","INSTALACOES HIDRO SANITARIAS","FOSSAS/SUMIDOUROS"]
[98072,"FILTRO ANAERÓBIO RETANGULAR, EM ALVENARIA COM TIJOLOS CERÂMICOS MACIÇOS, DIMENSÕES INTERNAS: 0,8 X 1,2 X 1,67 M, VOLUME ÚTIL: 1152 L (PARA 5 CONTRIBUINTES). AF_05/2018","UN",3182.28,"SINAPI","INSTALACOES HIDRO SANITARIAS","FOSSAS/SUMIDOUROS"]
[98073,"FILTRO ANAERÓBIO RETANGULAR, EM ALVENARIA COM TIJOLOS CERÂMICOS MACIÇOS, DIMENSÕES INTERNAS: 1,2 X 1,8 X 1,67 M, VOLUME ÚTIL: 2592 L (PARA 13 CONTRIBUINTES). AF_05/2018","UN",4970.26,"SINAPI","INSTALACOES HIDRO SANITARIAS","FOSSAS/SUMIDOUROS"]
[98074,"FILTRO ANAERÓBIO RETANGULAR, EM ALVENARIA COM TIJOLOS CERÂMICOS MACIÇOS, DIMENSÕES INTERNAS: 1,4 X 3,0 X 1,67 M, VOLUME ÚTIL: 5040 L (PARA 32 CONTRIBUINTES). AF_05/2018","UN",7709.95,"SINAPI","INSTALACOES HIDRO SANITARIAS","FOSSAS/SUMIDOUROS"]
[98075,"FILTRO ANAERÓBIO RETANGULAR, EM ALVENARIA COM TIJOLOS CERÂMICOS MACIÇOS, DIMENSÕES INTERNAS: 1,4 X 4,2 X 1,67 M, VOLUME ÚTIL: 7056 L (PARA 67 CONTRIBUINTES). AF_05/2018","UN",10020.84,"SINAPI","INSTALACOES HIDRO SANITARIAS","FOSSAS/SUMIDOUROS"]
[98076,"FILTRO ANAERÓBIO RETANGULAR, EM ALVENARIA COM TIJOLOS CERÂMICOS MACIÇOS, DIMENSÕES INTERNAS: 1,6 X 4,6 X 1,67 M, VOLUME ÚTIL: 8832 L (PARA 84 CONTRIBUINTES). AF_05/2018","UN",11543.7,"SINAPI","INSTALACOES HIDRO SANITARIAS","FOSSAS/SUMIDOUROS"]
[98077,"FILTRO ANAERÓBIO RETANGULAR, EM ALVENARIA COM TIJOLOS CERÂMICOS MACIÇOS, DIMENSÕES INTERNAS: 1,6 X 5,6 X 1,67 M, VOLUME ÚTIL: 10752 L (PARA 103 CONTRIBUINTES). AF_05/2018","UN",13587.27,"SINAPI","INSTALACOES HIDRO SANITARIAS","FOSSAS/SUMIDOUROS"]
[98078,"SUMIDOURO RETANGULAR, EM ALVENARIA COM TIJOLOS CERÂMICOS MACIÇOS, DIMENSÕES INTERNAS: 0,8 X 1,4 X 3,0 M, ÁREA DE INFILTRAÇÃO: 13,2 M² (PARA 5 CONTRIBUINTES). AF_05/2018","UN",3194.2,"SINAPI","INSTALACOES HIDRO SANITARIAS","FOSSAS/SUMIDOUROS"]
[98079,"SUMIDOURO RETANGULAR, EM ALVENARIA COM TIJOLOS CERÂMICOS MACIÇOS, DIMENSÕES INTERNAS: 1,0 X 3,0 X 3,0 M, ÁREA DE INFILTRAÇÃO: 25 M² (PARA 10 CONTRIBUINTES). AF_05/2018","UN",5599.29,"SINAPI","INSTALACOES HIDRO SANITARIAS","FOSSAS/SUMIDOUROS"]
[98080,"SUMIDOURO RETANGULAR, EM ALVENARIA COM TIJOLOS CERÂMICOS MACIÇOS, DIMENSÕES INTERNAS: 1,6 X 3,4 X 3,0 M, ÁREA DE INFILTRAÇÃO: 32,9 M² (PARA 13 CONTRIBUINTES). AF_05/2018","UN",7207.43,"SINAPI","INSTALACOES HIDRO SANITARIAS","FOSSAS/SUMIDOUROS"]
[98081,"SUMIDOURO RETANGULAR, EM ALVENARIA COM TIJOLOS CERÂMICOS MACIÇOS, DIMENSÕES INTERNAS: 1,6 X 5,8 X 3,0 M, ÁREA DE INFILTRAÇÃO: 50 M² (PARA 20 CONTRIBUINTES). AF_05/2018","UN",10683.19,"SINAPI","INSTALACOES HIDRO SANITARIAS","FOSSAS/SUMIDOUROS"]
[98082,"TANQUE SÉPTICO RETANGULAR, EM ALVENARIA COM BLOCOS DE CONCRETO, DIMENSÕES INTERNAS: 1,0 X 2,0 X 1,4 M, VOLUME ÚTIL: 2000 L (PARA 5 CONTRIBUINTES). AF_05/2018","UN",3076.97,"SINAPI","INSTALACOES HIDRO SANITARIAS","FOSSAS/SUMIDOUROS"]
[98083,"TANQUE SÉPTICO RETANGULAR, EM ALVENARIA COM BLOCOS DE CONCRETO, DIMENSÕES INTERNAS: 1,2 X 2,4 X 1,6 M, VOLUME ÚTIL: 3456 L (PARA 13 CONTRIBUINTES). AF_05/2018","UN",4073.97,"SINAPI","INSTALACOES HIDRO SANITARIAS","FOSSAS/SUMIDOUROS"]
[98084,"TANQUE SÉPTICO RETANGULAR, EM ALVENARIA COM BLOCOS DE CONCRETO, DIMENSÕES INTERNAS: 1,4 X 3,2 X 1,8 M, VOLUME ÚTIL: 6272 L (PARA 32 CONTRIBUINTES). AF_05/2018","UN",5728.35,"SINAPI","INSTALACOES HIDRO SANITARIAS","FOSSAS/SUMIDOUROS"]
[98085,"TANQUE SÉPTICO RETANGULAR, EM ALVENARIA COM BLOCOS DE CONCRETO, DIMENSÕES INTERNAS: 1,6 X 4,4 X 1,8 M, VOLUME ÚTIL: 9856 L (PARA 68 CONTRIBUINTES). AF_05/2018","UN",7751.3,"SINAPI","INSTALACOES HIDRO SANITARIAS","FOSSAS/SUMIDOUROS"]
[98086,"TANQUE SÉPTICO RETANGULAR, EM ALVENARIA COM BLOCOS DE CONCRETO, DIMENSÕES INTERNAS: 1,6 X 4,8 X 2,0 M, VOLUME ÚTIL: 12288 L (PARA 86 CONTRIBUINTES). AF_05/2018","UN",8782.33,"SINAPI","INSTALACOES HIDRO SANITARIAS","FOSSAS/SUMIDOUROS"]
[98087,"TANQUE SÉPTICO RETANGULAR, EM ALVENARIA COM BLOCOS DE CONCRETO, DIMENSÕES INTERNAS: 1,6 X 4,6 X 2,4 M, VOLUME ÚTIL: 14720 L (PARA 105 CONTRIBUINTES). AF_05/2018","UN",9437.8799999999992,"SINAPI","INSTALACOES HIDRO SANITARIAS","FOSSAS/SUMIDOUROS"]
[98088,"FILTRO ANAERÓBIO RETANGULAR, EM ALVENARIA COM BLOCOS DE CONCRETO, DIMENSÕES INTERNAS: 0,8 X 1,2 X 1,67 M, VOLUME ÚTIL: 1152 L (PARA 5 CONTRIBUINTES). AF_05/2018","UN",2617.52,"SINAPI","INSTALACOES HIDRO SANITARIAS","FOSSAS/SUMIDOUROS"]
[98089,"FILTRO ANAERÓBIO RETANGULAR, EM ALVENARIA COM BLOCOS DE CONCRETO, DIMENSÕES INTERNAS: 1,2 X 1,8 X 1,67 M, VOLUME ÚTIL: 2592 L (PARA 13 CONTRIBUINTES). AF_05/2018","UN",4127.72,"SINAPI","INSTALACOES HIDRO SANITARIAS","FOSSAS/SUMIDOUROS"]
[98090,"FILTRO ANAERÓBIO RETANGULAR, EM ALVENARIA COM BLOCOS DE CONCRETO, DIMENSÕES INTERNAS: 1,4 X 3,0 X 1,67 M, VOLUME ÚTIL: 5040 L (PARA 32 CONTRIBUINTES). AF_05/2018","UN",6465.75,"SINAPI","INSTALACOES HIDRO SANITARIAS","FOSSAS/SUMIDOUROS"]
[98091,"FILTRO ANAERÓBIO RETANGULAR, EM ALVENARIA COM BLOCOS DE CONCRETO, DIMENSÕES INTERNAS: 1,4 X 4,2 X 1,67 M, VOLUME ÚTIL: 7056 L (PARA 67 CONTRIBUINTES). AF_05/2018","UN",8337.75,"SINAPI","INSTALACOES HIDRO SANITARIAS","FOSSAS/SUMIDOUROS"]
[98092,"FILTRO ANAERÓBIO RETANGULAR, EM ALVENARIA COM BLOCOS DE CONCRETO, DIMENSÕES INTERNAS: 1,6 X 4,6 X 1,67 M, VOLUME ÚTIL: 8832 L (PARA 84 CONTRIBUINTES). AF_05/2018","UN",9782.61,"SINAPI","INSTALACOES HIDRO SANITARIAS","FOSSAS/SUMIDOUROS"]
[98093,"FILTRO ANAERÓBIO RETANGULAR, EM ALVENARIA COM BLOCOS DE CONCRETO, DIMENSÕES INTERNAS: 1,6 X 5,6 X 1,67 M, VOLUME ÚTIL: 10752 L (PARA 103 CONTRIBUINTES). AF_05/2018","UN",11540.62,"SINAPI","INSTALACOES HIDRO SANITARIAS","FOSSAS/SUMIDOUROS"]
[98094,"SUMIDOURO RETANGULAR, EM ALVENARIA COM BLOCOS DE CONCRETO, DIMENSÕES INTERNAS: 0,8 X 1,4 X 3,0 M, ÁREA DE INFILTRAÇÃO: 13,2 M² (PARA 5 CONTRIBUINTES). AF_05/2018","UN",2252.15,"SINAPI","INSTALACOES HIDRO SANITARIAS","FOSSAS/SUMIDOUROS"]
[98099,"SUMIDOURO RETANGULAR, EM ALVENARIA COM BLOCOS DE CONCRETO, DIMENSÕES INTERNAS: 1,0 X 3,0 X 3,0 M, ÁREA DE INFILTRAÇÃO: 25 M² (PARA 10 CONTRIBUINTES). AF_05/2018","UN",3864.94,"SINAPI","INSTALACOES HIDRO SANITARIAS","FOSSAS/SUMIDOUROS"]
[98100,"SUMIDOURO RETANGULAR, EM ALVENARIA COM BLOCOS DE CONCRETO, DIMENSÕES INTERNAS: 1,6 X 3,4 X 3,0 M, ÁREA DE INFILTRAÇÃO: 32,9 M² (PARA 13 CONTRIBUINTES). AF_05/2018","UN",5032.88,"SINAPI","INSTALACOES HIDRO SANITARIAS","FOSSAS/SUMIDOUROS"]
[98101,"SUMIDOURO RETANGULAR, EM ALVENARIA COM BLOCOS DE CONCRETO, DIMENSÕES INTERNAS: 1,6 X 5,8 X 3,0 M, ÁREA DE INFILTRAÇÃO: 50 M² (PARA 20 CONTRIBUINTES). AF_05/2018","UN",7438.79,"SINAPI","INSTALACOES HIDRO SANITARIAS","FOSSAS/SUMIDOUROS"]
[98109,"CAIXA DE GORDURA ESPECIAL (CAPACIDADE: 312 L - PARA ATÉ 146 PESSOAS SERVIDAS NO PICO), RETANGULAR, EM ALVENARIA COM BLOCOS DE CONCRETO, DIMENSÕES INTERNAS = 0,4X1,2 M, ALTURA INTERNA = 1 M. AF_05/2018","UN",663.97,"SINAPI","INSTALACOES HIDRO SANITARIAS","FOSSAS/SUMIDOUROS"]
[98110,"CAIXA DE GORDURA PEQUENA (CAPACIDADE: 19 L), CIRCULAR, EM PVC, DIÂMETRO INTERNO= 0,3 M. AF_05/2018","UN",330.85,"SINAPI","INSTALACOES HIDRO SANITARIAS","FOSSAS/SUMIDOUROS"]
[98111,"CAIXA DE INSPEÇÃO PARA ATERRAMENTO, CIRCULAR, EM POLIETILENO, DIÂMETRO INTERNO = 0,3 M. AF_05/2018","UN",19.260000000000002,"SINAPI","INSTALACOES HIDRO SANITARIAS","FOSSAS/SUMIDOUROS"]
[98114,"TAMPA CIRCULAR PARA ESGOTO E DRENAGEM, EM FERRO FUNDIDO, DIÂMETRO INTERNO = 0,6 M. AF_05/2018","UN",382.69,"SINAPI","INSTALACOES HIDRO SANITARIAS","FOSSAS/SUMIDOUROS"]
[98115,"TAMPA CIRCULAR PARA ESGOTO E DRENAGEM, EM CONCRETO PRÉ-MOLDADO, DIÂMETRO INTERNO = 0,6 M. AF_05/2018","UN",100.52,"SINAPI","INSTALACOES HIDRO SANITARIAS","FOSSAS/SUMIDOUROS"]
[89957,"PONTO DE CONSUMO TERMINAL DE ÁGUA FRIA (SUBRAMAL) COM TUBULAÇÃO DE PVC, DN 25 MM, INSTALADO EM RAMAL DE ÁGUA, INCLUSOS RASGO E CHUMBAMENTO EM ALVENARIA. AF_12/2014","UN",112.65,"SINAPI","INSTALACOES HIDRO SANITARIAS","PONTOS DE AGUA/ESGOTO"]
[89959,"PONTO DE CONSUMO TERMINAL DE ÁGUA QUENTE (SUBRAMAL) COM TUBULAÇÃO DE CPVC, DN 22 MM, INSTALADO EM RAMAL DE ÁGUA, INCLUSOS RASGO E CHUMBAMENTO EM ALVENARIA. AF_12/2014","UN",178.22,"SINAPI","INSTALACOES HIDRO SANITARIAS","PONTOS DE AGUA/ESGOTO"]
["74093/1","VALVULA PE COM CRIVO BRONZE 1.1/4\" - FORNECIMENTO E INSTALACAO","UN",75.010000000000005,"SINAPI","INSTALACOES HIDRO SANITARIAS","REGISTROS/VALVULAS"]
["74169/1","REGISTRO/VALVULA GLOBO ANGULAR 45 GRAUS EM LATAO PARA HIDRANTES DE INCÊNDIO PREDIAL DN 2.1/2\u0094, COM VOLANTE, CLASSE DE PRESSAO DE ATE 200 PSI - FORNECIMENTO E INSTALACAO","UN",144.87,"SINAPI","INSTALACOES HIDRO SANITARIAS","REGISTROS/VALVULAS"]
[89349,"REGISTRO DE PRESSÃO BRUTO, LATÃO, ROSCÁVEL, 1/2\", FORNECIDO E INSTALADO EM RAMAL DE ÁGUA. AF_12/2014","UN",21.54,"SINAPI","INSTALACOES HIDRO SANITARIAS","REGISTROS/VALVULAS"]
[89351,"REGISTRO DE PRESSÃO BRUTO, LATÃO,  ROSCÁVEL, 3/4\u0094, FORNECIDO E INSTALADO EM RAMAL DE ÁGUA. AF_12/2014","UN",24.17,"SINAPI","INSTALACOES HIDRO SANITARIAS","REGISTROS/VALVULAS"]
[89352,"REGISTRO DE GAVETA BRUTO, LATÃO, ROSCÁVEL, 1/2\", FORNECIDO E INSTALADO EM RAMAL DE ÁGUA. AF_12/2014","UN",27.12,"SINAPI","INSTALACOES HIDRO SANITARIAS","REGISTROS/VALVULAS"]
[89353,"REGISTRO DE GAVETA BRUTO, LATÃO, ROSCÁVEL, 3/4\", FORNECIDO E INSTALADO EM RAMAL DE ÁGUA. AF_12/2014","UN",28.17,"SINAPI","INSTALACOES HIDRO SANITARIAS","REGISTROS/VALVULAS"]
[89354,"MISTURADOR MONOCOMANDO PARA CHUVEIRO, BASE BRUTA E ACABAMENTO CROMADO, FORNECIDO E INSTALADO EM RAMAL DE ÁGUA. AF_12/2014","UN",259.77999999999997,"SINAPI","INSTALACOES HIDRO SANITARIAS","REGISTROS/VALVULAS"]
[89969,"KIT DE REGISTRO DE PRESSÃO BRUTO DE LATÃO ½\", INCLUSIVE CONEXÕES,  ROSCÁVEL, INSTALADO EM RAMAL DE ÁGUA FRIA - FORNECIMENTO E INSTALAÇÃO. AF_12/2014","UN",31.7,"SINAPI","INSTALACOES HIDRO SANITARIAS","REGISTROS/VALVULAS"]
[89970,"KIT DE REGISTRO DE PRESSÃO BRUTO DE LATÃO ¾\", INCLUSIVE CONEXÕES, ROSCÁVEL, INSTALADO EM RAMAL DE ÁGUA FRIA - FORNECIMENTO E INSTALAÇÃO. AF_12/2014","UN",35.07,"SINAPI","INSTALACOES HIDRO SANITARIAS","REGISTROS/VALVULAS"]
[89971,"KIT DE REGISTRO DE GAVETA BRUTO DE LATÃO ½\", INCLUSIVE CONEXÕES, ROSCÁVEL, INSTALADO EM RAMAL DE ÁGUA FRIA - FORNECIMENTO E INSTALAÇÃO. AF_12/2014","UN",35.94,"SINAPI","INSTALACOES HIDRO SANITARIAS","REGISTROS/VALVULAS"]
[89972,"KIT DE REGISTRO DE GAVETA BRUTO DE LATÃO ¾\", INCLUSIVE CONEXÕES, ROSCÁVEL, INSTALADO EM RAMAL DE ÁGUA FRIA - FORNECIMENTO E INSTALAÇÃO. AF_12/2014","UN",38.61,"SINAPI","INSTALACOES HIDRO SANITARIAS","REGISTROS/VALVULAS"]
[89973,"KIT DE MISTURADOR BASE BRUTA DE LATÃO ¾\" MONOCOMANDO PARA CHUVEIRO, INCLUSIVE CONEXÕES, INSTALADO EM RAMAL DE ÁGUA - FORNECIMENTO E INSTALAÇÃO. AF_12/2014","UN",408.02,"SINAPI","INSTALACOES HIDRO SANITARIAS","REGISTROS/VALVULAS"]
[89974,"KIT DE TÊ MISTURADOR EM CPVC ¾\" COM DUPLO COMANDO PARA CHUVEIRO, INCLUSIVE CONEXÕES, INSTALADO EM RAMAL DE ÁGUA - FORNECIMENTO E INSTALAÇÃO. AF_12/2014","UN",208.6,"SINAPI","INSTALACOES HIDRO SANITARIAS","REGISTROS/VALVULAS"]
[89984,"REGISTRO DE PRESSÃO BRUTO, LATÃO, ROSCÁVEL, 1/2\", COM ACABAMENTO E CANOPLA CROMADOS. FORNECIDO E INSTALADO EM RAMAL DE ÁGUA. AF_12/2014","UN",55.68,"SINAPI","INSTALACOES HIDRO SANITARIAS","REGISTROS/VALVULAS"]
[89985,"REGISTRO DE PRESSÃO BRUTO, LATÃO, ROSCÁVEL, 3/4\", COM ACABAMENTO E CANOPLA CROMADOS. FORNECIDO E INSTALADO EM RAMAL DE ÁGUA. AF_12/2014","UN",57.2,"SINAPI","INSTALACOES HIDRO SANITARIAS","REGISTROS/VALVULAS"]
[89986,"REGISTRO DE GAVETA BRUTO, LATÃO, ROSCÁVEL, 1/2\", COM ACABAMENTO E CANOPLA CROMADOS. FORNECIDO E INSTALADO EM RAMAL DE ÁGUA. AF_12/2014","UN",54.4,"SINAPI","INSTALACOES HIDRO SANITARIAS","REGISTROS/VALVULAS"]
[89987,"REGISTRO DE GAVETA BRUTO, LATÃO, ROSCÁVEL, 3/4\", COM ACABAMENTO E CANOPLA CROMADOS. FORNECIDO E INSTALADO EM RAMAL DE ÁGUA. AF_12/2014","UN",60,"SINAPI","INSTALACOES HIDRO SANITARIAS","REGISTROS/VALVULAS"]
[90371,"REGISTRO DE ESFERA, PVC, ROSCÁVEL, 3/4\", FORNECIDO E INSTALADO EM RAMAL DE ÁGUA. AF_03/2015","UN",24.92,"SINAPI","INSTALACOES HIDRO SANITARIAS","REGISTROS/VALVULAS"]
[94489,"REGISTRO DE ESFERA, PVC, SOLDÁVEL, DN  25 MM, INSTALADO EM RESERVAÇÃO DE ÁGUA DE EDIFICAÇÃO QUE POSSUA RESERVATÓRIO DE FIBRA/FIBROCIMENTO   FORNECIMENTO E INSTALAÇÃO. AF_06/2016","UN",20.79,"SINAPI","INSTALACOES HIDRO SANITARIAS","REGISTROS/VALVULAS"]
[94490,"REGISTRO DE ESFERA, PVC, SOLDÁVEL, DN  32 MM, INSTALADO EM RESERVAÇÃO DE ÁGUA DE EDIFICAÇÃO QUE POSSUA RESERVATÓRIO DE FIBRA/FIBROCIMENTO   FORNECIMENTO E INSTALAÇÃO. AF_06/2016","UN",35.07,"SINAPI","INSTALACOES HIDRO SANITARIAS","REGISTROS/VALVULAS"]
[94491,"REGISTRO DE ESFERA, PVC, SOLDÁVEL, DN  40 MM, INSTALADO EM RESERVAÇÃO DE ÁGUA DE EDIFICAÇÃO QUE POSSUA RESERVATÓRIO DE FIBRA/FIBROCIMENTO   FORNECIMENTO E INSTALAÇÃO. AF_06/2016","UN",48.25,"SINAPI","INSTALACOES HIDRO SANITARIAS","REGISTROS/VALVULAS"]
[94492,"REGISTRO DE ESFERA, PVC, SOLDÁVEL, DN  50 MM, INSTALADO EM RESERVAÇÃO DE ÁGUA DE EDIFICAÇÃO QUE POSSUA RESERVATÓRIO DE FIBRA/FIBROCIMENTO   FORNECIMENTO E INSTALAÇÃO. AF_06/2016","UN",49.44,"SINAPI","INSTALACOES HIDRO SANITARIAS","REGISTROS/VALVULAS"]
[94493,"REGISTRO DE ESFERA, PVC, SOLDÁVEL, DN  60 MM, INSTALADO EM RESERVAÇÃO DE ÁGUA DE EDIFICAÇÃO QUE POSSUA RESERVATÓRIO DE FIBRA/FIBROCIMENTO   FORNECIMENTO E INSTALAÇÃO. AF_06/2016","UN",89.75,"SINAPI","INSTALACOES HIDRO SANITARIAS","REGISTROS/VALVULAS"]
[94494,"REGISTRO DE GAVETA BRUTO, LATÃO, ROSCÁVEL, 3/4\u0094, INSTALADO EM RESERVAÇÃO DE ÁGUA DE EDIFICAÇÃO QUE POSSUA RESERVATÓRIO DE FIBRA/FIBROCIMENTO \u0096 FORNECIMENTO E INSTALAÇÃO. AF_06/2016","UN",50.72,"SINAPI","INSTALACOES HIDRO SANITARIAS","REGISTROS/VALVULAS"]
[94495,"REGISTRO DE GAVETA BRUTO, LATÃO, ROSCÁVEL, 1\u0094, INSTALADO EM RESERVAÇÃO DE ÁGUA DE EDIFICAÇÃO QUE POSSUA RESERVATÓRIO DE FIBRA/FIBROCIMENTO \u0096 FORNECIMENTO E INSTALAÇÃO. AF_06/2016","UN",62.4,"SINAPI","INSTALACOES HIDRO SANITARIAS","REGISTROS/VALVULAS"]
[94496,"REGISTRO DE GAVETA BRUTO, LATÃO, ROSCÁVEL, 1 1/4\u0094, INSTALADO EM RESERVAÇÃO DE ÁGUA DE EDIFICAÇÃO QUE POSSUA RESERVATÓRIO DE FIBRA/FIBROCIMENTO \u0096 FORNECIMENTO E INSTALAÇÃO. AF_06/2016","UN",74.62,"SINAPI","INSTALACOES HIDRO SANITARIAS","REGISTROS/VALVULAS"]
[94497,"REGISTRO DE GAVETA BRUTO, LATÃO, ROSCÁVEL, 1 1/2\u0094, INSTALADO EM RESERVAÇÃO DE ÁGUA DE EDIFICAÇÃO QUE POSSUA RESERVATÓRIO DE FIBRA/FIBROCIMENTO \u0096 FORNECIMENTO E INSTALAÇÃO. AF_06/2016","UN",86.03,"SINAPI","INSTALACOES HIDRO SANITARIAS","REGISTROS/VALVULAS"]
[94498,"REGISTRO DE GAVETA BRUTO, LATÃO, ROSCÁVEL, 2\u0094, INSTALADO EM RESERVAÇÃO DE ÁGUA DE EDIFICAÇÃO QUE POSSUA RESERVATÓRIO DE FIBRA/FIBROCIMENTO \u0096 FORNECIMENTO E INSTALAÇÃO. AF_06/2016","UN",108.9,"SINAPI","INSTALACOES HIDRO SANITARIAS","REGISTROS/VALVULAS"]
[94499,"REGISTRO DE GAVETA BRUTO, LATÃO, ROSCÁVEL, 2 1/2\u0094, INSTALADO EM RESERVAÇÃO DE ÁGUA DE EDIFICAÇÃO QUE POSSUA RESERVATÓRIO DE FIBRA/FIBROCIMENTO \u0096 FORNECIMENTO E INSTALAÇÃO. AF_06/2016","UN",190.93,"SINAPI","INSTALACOES HIDRO SANITARIAS","REGISTROS/VALVULAS"]
[94500,"REGISTRO DE GAVETA BRUTO, LATÃO, ROSCÁVEL, 3\u0094, INSTALADO EM RESERVAÇÃO DE ÁGUA DE EDIFICAÇÃO QUE POSSUA RESERVATÓRIO DE FIBRA/FIBROCIMENTO \u0096 FORNECIMENTO E INSTALAÇÃO. AF_06/2016","UN",225.61,"SINAPI","INSTALACOES HIDRO SANITARIAS","REGISTROS/VALVULAS"]
[94501,"REGISTRO DE GAVETA BRUTO, LATÃO, ROSCÁVEL, 4\u0094, INSTALADO EM RESERVAÇÃO DE ÁGUA DE EDIFICAÇÃO QUE POSSUA RESERVATÓRIO DE FIBRA/FIBROCIMENTO \u0096 FORNECIMENTO E INSTALAÇÃO. AF_06/2016","UN",433.44,"SINAPI","INSTALACOES HIDRO SANITARIAS","REGISTROS/VALVULAS"]
[94792,"REGISTRO DE GAVETA BRUTO, LATÃO, ROSCÁVEL, 1\u0094, COM ACABAMENTO E CANOPLA CROMADOS, INSTALADO EM RESERVAÇÃO DE ÁGUA DE EDIFICAÇÃO QUE POSSUA RESERVATÓRIO DE FIBRA/FIBROCIMENTO \u0096 FORNECIMENTO E INSTALAÇÃO. AF_06/2016","UN",90.83,"SINAPI","INSTALACOES HIDRO SANITARIAS","REGISTROS/VALVULAS"]
[94793,"REGISTRO DE GAVETA BRUTO, LATÃO, ROSCÁVEL, 1 1/4\u0094, COM ACABAMENTO E CANOPLA CROMADOS, INSTALADO EM RESERVAÇÃO DE ÁGUA DE EDIFICAÇÃO QUE POSSUA RESERVATÓRIO DE FIBRA/FIBROCIMENTO \u0096 FORNECIMENTO E INSTALAÇÃO. AF_06/2016","UN",115.03,"SINAPI","INSTALACOES HIDRO SANITARIAS","REGISTROS/VALVULAS"]
[94794,"REGISTRO DE GAVETA BRUTO, LATÃO, ROSCÁVEL, 1 1/2\u0094, COM ACABAMENTO E CANOPLA CROMADOS, INSTALADO EM RESERVAÇÃO DE ÁGUA DE EDIFICAÇÃO QUE POSSUA RESERVATÓRIO DE FIBRA/FIBROCIMENTO \u0096 FORNECIMENTO E INSTALAÇÃO. AF_06/2016","UN",118.88,"SINAPI","INSTALACOES HIDRO SANITARIAS","REGISTROS/VALVULAS"]
[94795,"TORNEIRA DE BOIA, ROSCÁVEL, 1/2\u0094 , FORNECIDA E INSTALADA EM RESERVAÇÃO DE ÁGUA. AF_06/2016","UN",17.12,"SINAPI","INSTALACOES HIDRO SANITARIAS","REGISTROS/VALVULAS"]
[94796,"TORNEIRA DE BOIA, ROSCÁVEL, 3/4\u0094 , FORNECIDA E INSTALADA EM RESERVAÇÃO DE ÁGUA. AF_06/2016","UN",20.75,"SINAPI","INSTALACOES HIDRO SANITARIAS","REGISTROS/VALVULAS"]
[94797,"TORNEIRA DE BOIA, ROSCÁVEL, 1\u0094, FORNECIDA E INSTALADA EM RESERVAÇÃO DE ÁGUA. AF_06/2016","UN",30.9,"SINAPI","INSTALACOES HIDRO SANITARIAS","REGISTROS/VALVULAS"]
[94798,"TORNEIRA DE BOIA, ROSCÁVEL, 1 1/4\u0094 , FORNECIDA E INSTALADA EM RESERVAÇÃO DE ÁGUA. AF_06/2016","UN",62.59,"SINAPI","INSTALACOES HIDRO SANITARIAS","REGISTROS/VALVULAS"]
[94799,"TORNEIRA DE BOIA, ROSCÁVEL, 1 1/2\u0094 , FORNECIDA E INSTALADA EM RESERVAÇÃO DE ÁGUA. AF_06/2016","UN",62.12,"SINAPI","INSTALACOES HIDRO SANITARIAS","REGISTROS/VALVULAS"]
[94800,"TORNEIRA DE BOIA, ROSCÁVEL, 2\u0094, FORNECIDA E INSTALADA EM RESERVAÇÃO DE ÁGUA. AF_06/2016","UN",103.11,"SINAPI","INSTALACOES HIDRO SANITARIAS","REGISTROS/VALVULAS"]
[95248,"VÁLVULA DE ESFERA BRUTA, BRONZE, ROSCÁVEL, 1/2  , INSTALADO EM RESERVAÇÃO DE ÁGUA DE EDIFICAÇÃO QUE POSSUA RESERVATÓRIO DE FIBRA/FIBROCIMENTO - FORNECIMENTO E INSTALAÇÃO. AF_06/2016","UN",59.22,"SINAPI","INSTALACOES HIDRO SANITARIAS","REGISTROS/VALVULAS"]
[95249,"VÁLVULA DE ESFERA BRUTA, BRONZE, ROSCÁVEL, 3/4'', INSTALADO EM RESERVAÇÃO DE ÁGUA DE EDIFICAÇÃO QUE POSSUA RESERVATÓRIO DE FIBRA/FIBROCIMENTO - FORNECIMENTO E INSTALAÇÃO. AF_06/2016","UN",63.65,"SINAPI","INSTALACOES HIDRO SANITARIAS","REGISTROS/VALVULAS"]
[95250,"VÁLVULA DE ESFERA BRUTA, BRONZE, ROSCÁVEL, 1'', INSTALADO EM RESERVAÇÃO DE ÁGUA DE EDIFICAÇÃO QUE POSSUA RESERVATÓRIO DE FIBRA/FIBROCIMENTO -   FORNECIMENTO E INSTALAÇÃO. AF_06/2016","UN",75.239999999999995,"SINAPI","INSTALACOES HIDRO SANITARIAS","REGISTROS/VALVULAS"]
[95251,"VÁLVULA DE ESFERA BRUTA, BRONZE, ROSCÁVEL, 1 1/4'', INSTALADO EM RESERVAÇÃO DE ÁGUA DE EDIFICAÇÃO QUE POSSUA RESERVATÓRIO DE FIBRA/FIBROCIMENTO -   FORNECIMENTO E INSTALAÇÃO. AF_06/2016","UN",97.84,"SINAPI","INSTALACOES HIDRO SANITARIAS","REGISTROS/VALVULAS"]
[95252,"VÁLVULA DE ESFERA BRUTA, BRONZE, ROSCÁVEL, 1 1/2'', INSTALADO EM RESERVAÇÃO DE ÁGUA DE EDIFICAÇÃO QUE POSSUA RESERVATÓRIO DE FIBRA/FIBROCIMENTO -   FORNECIMENTO E INSTALAÇÃO. AF_06/2016","UN",111.5,"SINAPI","INSTALACOES HIDRO SANITARIAS","REGISTROS/VALVULAS"]
[95253,"VÁLVULA DE ESFERA BRUTA, BRONZE, ROSCÁVEL, 2'', INSTALADO EM RESERVAÇÃO DE ÁGUA DE EDIFICAÇÃO QUE POSSUA RESERVATÓRIO DE FIBRA/FIBROCIMENTO - FORNECIMENTO E INSTALAÇÃO. AF_06/2016","UN",156.36000000000001,"SINAPI","INSTALACOES HIDRO SANITARIAS","REGISTROS/VALVULAS"]
[99619,"VÁLVULA DE RETENÇÃO HORIZONTAL, DE BRONZE, ROSCÁVEL, 3/4\" - FORNECIMENTO E INSTALAÇÃO. AF_01/2019","UN",54.97,"SINAPI","INSTALACOES HIDRO SANITARIAS","REGISTROS/VALVULAS"]
[99620,"VÁLVULA DE RETENÇÃO HORIZONTAL, DE BRONZE, ROSCÁVEL, 1\" - FORNECIMENTO E INSTALAÇÃO. AF_01/2019","UN",94.39,"SINAPI","INSTALACOES HIDRO SANITARIAS","REGISTROS/VALVULAS"]
[99621,"VÁLVULA DE RETENÇÃO HORIZONTAL, DE BRONZE, ROSCÁVEL, 1 1/4\" - FORNECIMENTO E INSTALAÇÃO. AF_01/2019","UN",126.8,"SINAPI","INSTALACOES HIDRO SANITARIAS","REGISTROS/VALVULAS"]
[99622,"VÁLVULA DE RETENÇÃO HORIZONTAL, DE BRONZE, ROSCÁVEL, 1 1/2\"  - FORNECIMENTO E INSTALAÇÃO. AF_01/2019","UN",138.04,"SINAPI","INSTALACOES HIDRO SANITARIAS","REGISTROS/VALVULAS"]
[99623,"VÁLVULA DE RETENÇÃO HORIZONTAL, DE BRONZE, ROSCÁVEL, 2\"  - FORNECIMENTO E INSTALAÇÃO. AF_01/2019","UN",182.22,"SINAPI","INSTALACOES HIDRO SANITARIAS","REGISTROS/VALVULAS"]
[99624,"VÁLVULA DE RETENÇÃO HORIZONTAL, DE BRONZE, ROSCÁVEL, 2 1/2\" - FORNECIMENTO E INSTALAÇÃO. AF_01/2019","UN",246.59,"SINAPI","INSTALACOES HIDRO SANITARIAS","REGISTROS/VALVULAS"]
[99625,"VÁLVULA DE RETENÇÃO HORIZONTAL, DE BRONZE, ROSCÁVEL, 3\" - FORNECIMENTO E INSTALAÇÃO. AF_01/2019","UN",329.51,"SINAPI","INSTALACOES HIDRO SANITARIAS","REGISTROS/VALVULAS"]
[99626,"VÁLVULA DE RETENÇÃO HORIZONTAL, DE BRONZE, ROSCÁVEL, 4\" - FORNECIMENTO E INSTALAÇÃO. AF_01/2019","UN",492.44,"SINAPI","INSTALACOES HIDRO SANITARIAS","REGISTROS/VALVULAS"]
[99627,"VÁLVULA DE RETENÇÃO VERTICAL, DE BRONZE, ROSCÁVEL, 1/2\" - FORNECIMENTO E INSTALAÇÃO. AF_01/2019","UN",59.42,"SINAPI","INSTALACOES HIDRO SANITARIAS","REGISTROS/VALVULAS"]
[99628,"VÁLVULA DE RETENÇÃO VERTICAL, DE BRONZE, ROSCÁVEL, 3/4\" - FORNECIMENTO E INSTALAÇÃO. AF_01/2019","UN",38.1,"SINAPI","INSTALACOES HIDRO SANITARIAS","REGISTROS/VALVULAS"]
[99629,"VÁLVULA DE RETENÇÃO VERTICAL, DE BRONZE, ROSCÁVEL, 1\" - FORNECIMENTO E INSTALAÇÃO. AF_01/2019","UN",63.44,"SINAPI","INSTALACOES HIDRO SANITARIAS","REGISTROS/VALVULAS"]
[99630,"VÁLVULA DE RETENÇÃO VERTICAL, DE BRONZE, ROSCÁVEL, 1 1/4\" - FORNECIMENTO E INSTALAÇÃO. AF_01/2019","UN",80.56,"SINAPI","INSTALACOES HIDRO SANITARIAS","REGISTROS/VALVULAS"]
[99631,"VÁLVULA DE RETENÇÃO VERTICAL, DE BRONZE, ROSCÁVEL, 1 1/2\" - FORNECIMENTO E INSTALAÇÃO. AF_01/2019","UN",88.07,"SINAPI","INSTALACOES HIDRO SANITARIAS","REGISTROS/VALVULAS"]
[99632,"VÁLVULA DE RETENÇÃO VERTICAL, DE BRONZE, ROSCÁVEL, 2\" - FORNECIMENTO E INSTALAÇÃO. AF_01/2019","UN",115.4,"SINAPI","INSTALACOES HIDRO SANITARIAS","REGISTROS/VALVULAS"]
[99633,"VÁLVULA DE RETENÇÃO VERTICAL, DE BRONZE, ROSCÁVEL, 3\" - FORNECIMENTO E INSTALAÇÃO. AF_01/2019","UN",215.19,"SINAPI","INSTALACOES HIDRO SANITARIAS","REGISTROS/VALVULAS"]
[99634,"VÁLVULA DE RETENÇÃO VERTICAL, DE BRONZE, ROSCÁVEL, 4\" - FORNECIMENTO E INSTALAÇÃO. AF_01/2019","UN",348.6,"SINAPI","INSTALACOES HIDRO SANITARIAS","REGISTROS/VALVULAS"]
[99635,"VÁLVULA DE DESCARGA METÁLICA, BASE 1 1/2 \", ACABAMENTO METALICO CROMADO - FORNECIMENTO E INSTALAÇÃO. AF_01/2019","UN",186.95,"SINAPI","INSTALACOES HIDRO SANITARIAS","REGISTROS/VALVULAS"]
[95634,"KIT CAVALETE PARA MEDIÇÃO DE ÁGUA - ENTRADA PRINCIPAL, EM PVC SOLDÁVEL DN 20 (½\")   FORNECIMENTO E INSTALAÇÃO (EXCLUSIVE HIDRÔMETRO). AF_11/2016","UN",112.35,"SINAPI","INSTALACOES HIDRO SANITARIAS","HIDROMETRO"]
[95635,"KIT CAVALETE PARA MEDIÇÃO DE ÁGUA - ENTRADA PRINCIPAL, EM PVC SOLDÁVEL DN 25 (¾\")   FORNECIMENTO E INSTALAÇÃO (EXCLUSIVE HIDRÔMETRO). AF_11/2016","UN",123,"SINAPI","INSTALACOES HIDRO SANITARIAS","HIDROMETRO"]
[95637,"KIT CAVALETE PARA MEDIÇÃO DE ÁGUA - ENTRADA PRINCIPAL, EM AÇO GALVANIZADO DN 32 (1 ¼\u0094) \u0096 FORNECIMENTO E INSTALAÇÃO (EXCLUSIVE HIDRÔMETRO). AF_11/2016","UN",402.59,"SINAPI","INSTALACOES HIDRO SANITARIAS","HIDROMETRO"]
[95638,"KIT CAVALETE PARA MEDIÇÃO DE ÁGUA - ENTRADA PRINCIPAL, EM AÇO GALVANIZADO DN 40 (1 ½\u0094) \u0096 FORNECIMENTO E INSTALAÇÃO (EXCLUSIVE HIDRÔMETRO). AF_11/2016","UN",487.14,"SINAPI","INSTALACOES HIDRO SANITARIAS","HIDROMETRO"]
[95639,"KIT CAVALETE PARA MEDIÇÃO DE ÁGUA - ENTRADA PRINCIPAL, EM AÇO GALVANIZADO DN 50 (2\u0094) \u0096 FORNECIMENTO E INSTALAÇÃO (EXCLUSIVE HIDRÔMETRO). AF_11/2016","UN",609.37,"SINAPI","INSTALACOES HIDRO SANITARIAS","HIDROMETRO"]
[95641,"KIT CAVALETE PARA MEDIÇÃO DE ÁGUA - ENTRADA INDIVIDUALIZADA, EM PVC DN 25 (¾\u0094), PARA 2 MEDIDORES \u0096 FORNECIMENTO E INSTALAÇÃO (EXCLUSIVE HIDRÔMETRO). AF_11/2016","UN",207.67,"SINAPI","INSTALACOES HIDRO SANITARIAS","HIDROMETRO"]
[95642,"KIT CAVALETE PARA MEDIÇÃO DE ÁGUA - ENTRADA INDIVIDUALIZADA, EM PVC DN 25 (¾\u0094), PARA 3 MEDIDORES \u0096 FORNECIMENTO E INSTALAÇÃO (EXCLUSIVE HIDRÔMETRO). AF_11/2016","UN",307.08999999999997,"SINAPI","INSTALACOES HIDRO SANITARIAS","HIDROMETRO"]
[95643,"KIT CAVALETE PARA MEDIÇÃO DE ÁGUA - ENTRADA INDIVIDUALIZADA, EM PVC DN 25 (¾\u0094), PARA 4 MEDIDORES \u0096 FORNECIMENTO E INSTALAÇÃO (EXCLUSIVE HIDRÔMETRO). AF_11/2016","UN",401.79,"SINAPI","INSTALACOES HIDRO SANITARIAS","HIDROMETRO"]
[95644,"KIT CAVALETE PARA MEDIÇÃO DE ÁGUA - ENTRADA INDIVIDUALIZADA, EM PVC DN 32 (1\u0094), PARA 1 MEDIDOR \u0096 FORNECIMENTO E INSTALAÇÃO (EXCLUSIVE HIDRÔMETRO). AF_11/2016","UN",148.01,"SINAPI","INSTALACOES HIDRO SANITARIAS","HIDROMETRO"]
[95645,"KIT CAVALETE PARA MEDIÇÃO DE ÁGUA - ENTRADA INDIVIDUALIZADA, EM PVC DN 32 (1\u0094), PARA 2 MEDIDORES \u0096 FORNECIMENTO E INSTALAÇÃO (EXCLUSIVE HIDRÔMETRO). AF_11/2016","UN",271.05,"SINAPI","INSTALACOES HIDRO SANITARIAS","HIDROMETRO"]
[95646,"KIT CAVALETE PARA MEDIÇÃO DE ÁGUA - ENTRADA INDIVIDUALIZADA, EM PVC DN 32 (1\u0094), PARA 3 MEDIDORES \u0096 FORNECIMENTO E INSTALAÇÃO (EXCLUSIVE HIDRÔMETRO). AF_11/2016","UN",403.74,"SINAPI","INSTALACOES HIDRO SANITARIAS","HIDROMETRO"]
[95647,"KIT CAVALETE PARA MEDIÇÃO DE ÁGUA - ENTRADA INDIVIDUALIZADA, EM PVC DN 32 (1\u0094), PARA 4 MEDIDORES \u0096 FORNECIMENTO E INSTALAÇÃO (EXCLUSIVE HIDRÔMETRO). AF_11/2016","UN",529.4,"SINAPI","INSTALACOES HIDRO SANITARIAS","HIDROMETRO"]
[95673,"HIDRÔMETRO DN 20 (½\u0094), 1,5 M³/H \u0096 FORNECIMENTO E INSTALAÇÃO. AF_11/2016","UN",158.01,"SINAPI","INSTALACOES HIDRO SANITARIAS","HIDROMETRO"]
[95674,"HIDRÔMETRO DN 20 (½\u0094), 3,0 M³/H \u0096 FORNECIMENTO E INSTALAÇÃO. AF_11/2016","UN",168.3,"SINAPI","INSTALACOES HIDRO SANITARIAS","HIDROMETRO"]
[95675,"HIDRÔMETRO DN 25 (¾ ), 5,0 M³/H FORNECIMENTO E INSTALAÇÃO. AF_11/2016","UN",206.15,"SINAPI","INSTALACOES HIDRO SANITARIAS","HIDROMETRO"]
[95676,"CAIXA EM CONCRETO PRÉ-MOLDADO PARA ABRIGO DE HIDRÔMETRO COM DN 20 (½\u0094) \u0096 FORNECIMENTO E INSTALAÇÃO. AF_11/2016","UN",71.45,"SINAPI","INSTALACOES HIDRO SANITARIAS","HIDROMETRO"]
[97741,"KIT CAVALETE PARA MEDIÇÃO DE ÁGUA - ENTRADA INDIVIDUALIZADA, EM PVC DN 25 (¾\u0094), PARA 1 MEDIDOR \u0096 FORNECIMENTO E INSTALAÇÃO (EXCLUSIVE HIDRÔMETRO). AF_11/2016","UN",115.99,"SINAPI","INSTALACOES HIDRO SANITARIAS","HIDROMETRO"]
[72285,"CAIXA DE AREIA 40X40X40CM EM ALVENARIA - EXECUÇÃO","UN",85.39,"SINAPI","INSTALACOES HIDRO SANITARIAS","SERVICOS DIVERSOS"]
[90436,"FURO EM ALVENARIA PARA DIÂMETROS MENORES OU IGUAIS A 40 MM. AF_05/2015","UN",12.45,"SINAPI","INSTALACOES HIDRO SANITARIAS","SERVICOS DIVERSOS"]
[90437,"FURO EM ALVENARIA PARA DIÂMETROS MAIORES QUE 40 MM E MENORES OU IGUAIS A 75 MM. AF_05/2015","UN",30.27,"SINAPI","INSTALACOES HIDRO SANITARIAS","SERVICOS DIVERSOS"]
[90438,"FURO EM ALVENARIA PARA DIÂMETROS MAIORES QUE 75 MM. AF_05/2015","UN",43.39,"SINAPI","INSTALACOES HIDRO SANITARIAS","SERVICOS DIVERSOS"]
[90439,"FURO EM CONCRETO PARA DIÂMETROS MENORES OU IGUAIS A 40 MM. AF_05/2015","UN",53.72,"SINAPI","INSTALACOES HIDRO SANITARIAS","SERVICOS DIVERSOS"]
[90440,"FURO EM CONCRETO PARA DIÂMETROS MAIORES QUE 40 MM E MENORES OU IGUAIS A 75 MM. AF_05/2015","UN",86.03,"SINAPI","INSTALACOES HIDRO SANITARIAS","SERVICOS DIVERSOS"]
[90441,"FURO EM CONCRETO PARA DIÂMETROS MAIORES QUE 75 MM. AF_05/2015","UN",109.88,"SINAPI","INSTALACOES HIDRO SANITARIAS","SERVICOS DIVERSOS"]
[90443,"RASGO EM ALVENARIA PARA RAMAIS/ DISTRIBUIÇÃO COM DIAMETROS MENORES OU IGUAIS A 40 MM. AF_05/2015","M",11.32,"SINAPI","INSTALACOES HIDRO SANITARIAS","SERVICOS DIVERSOS"]
[90444,"RASGO EM CONTRAPISO PARA RAMAIS/ DISTRIBUIÇÃO COM DIÂMETROS MENORES OU IGUAIS A 40 MM. AF_05/2015","M",23.04,"SINAPI","INSTALACOES HIDRO SANITARIAS","SERVICOS DIVERSOS"]
[90445,"RASGO EM CONTRAPISO PARA RAMAIS/ DISTRIBUIÇÃO COM DIÂMETROS MAIORES QUE 40 MM E MENORES OU IGUAIS A 75 MM. AF_05/2015","M",24.61,"SINAPI","INSTALACOES HIDRO SANITARIAS","SERVICOS DIVERSOS"]
[90446,"RASGO EM CONTRAPISO PARA RAMAIS/ DISTRIBUIÇÃO COM DIÂMETROS MAIORES QUE 75 MM. AF_05/2015","M",26.73,"SINAPI","INSTALACOES HIDRO SANITARIAS","SERVICOS DIVERSOS"]
[90447,"RASGO EM ALVENARIA PARA ELETRODUTOS COM DIAMETROS MENORES OU IGUAIS A 40 MM. AF_05/2015","M",7.09,"SINAPI","INSTALACOES HIDRO SANITARIAS","SERVICOS DIVERSOS"]
[90451,"PASSANTE TIPO PEÇA EM POLIESTIRENO PARA ABERTURA PARA PASSAGEM DE 1 TUBO, FIXADO EM LAJE. AF_05/2015","UN",3.62,"SINAPI","INSTALACOES HIDRO SANITARIAS","SERVICOS DIVERSOS"]
[90452,"PASSANTE TIPO PEÇA EM POLIESTIRENO PARA ABERTURA PARA PASSAGEM DE MAIS DE 1 TUBO, FIXADO EM LAJE. AF_05/2015","UN",13.51,"SINAPI","INSTALACOES HIDRO SANITARIAS","SERVICOS DIVERSOS"]
[90453,"PASSANTE TIPO TUBO DE DIÂMETRO MENOR OU IGUAL A 40 MM, FIXADO EM LAJE. AF_05/2015","UN",2.14,"SINAPI","INSTALACOES HIDRO SANITARIAS","SERVICOS DIVERSOS"]
[90454,"PASSANTE TIPO TUBO DE DIÂMETRO MAIORES QUE 40 MM E MENORES OU IGUAIS A 75 MM, FIXADO EM LAJE. AF_05/2015","UN",3.67,"SINAPI","INSTALACOES HIDRO SANITARIAS","SERVICOS DIVERSOS"]
[90455,"PASSANTE TIPO TUBO DE DIÂMETRO MAIOR QUE 75 MM, FIXADO EM LAJE. AF_05/2015","UN",4.9800000000000004,"SINAPI","INSTALACOES HIDRO SANITARIAS","SERVICOS DIVERSOS"]
[90456,"QUEBRA EM ALVENARIA PARA INSTALAÇÃO DE CAIXA DE TOMADA (4X4 OU 4X2). AF_05/2015","UN",3.63,"SINAPI","INSTALACOES HIDRO SANITARIAS","SERVICOS DIVERSOS"]
[90457,"QUEBRA EM ALVENARIA PARA INSTALAÇÃO DE QUADRO DISTRIBUIÇÃO PEQUENO (19X25 CM). AF_05/2015","UN",8.2899999999999991,"SINAPI","INSTALACOES HIDRO SANITARIAS","SERVICOS DIVERSOS"]
[90458,"QUEBRA EM ALVENARIA PARA INSTALAÇÃO DE QUADRO DISTRIBUIÇÃO GRANDE (76X40 CM). AF_05/2015","UN",23.52,"SINAPI","INSTALACOES HIDRO SANITARIAS","SERVICOS DIVERSOS"]
[90459,"QUEBRA EM ALVENARIA PARA INSTALAÇÃO DE ABRIGO PARA MANGUEIRAS (90X60 CM). AF_05/2015","UN",33.17,"SINAPI","INSTALACOES HIDRO SANITARIAS","SERVICOS DIVERSOS"]
[90460,"PERFILADO DE SEÇÃO 38X76 MM PARA SUPORTE DE ATÉ 3 TUBOS HORIZONTAIS. AF_05/2015","M",22.1,"SINAPI","INSTALACOES HIDRO SANITARIAS","SERVICOS DIVERSOS"]
[90461,"PERFILADO DE SEÇÃO 38X76 MM PARA SUPORTE DE MAIS DE 3 TUBOS HORIZONTAIS. AF_05/2015","M",12.27,"SINAPI","INSTALACOES HIDRO SANITARIAS","SERVICOS DIVERSOS"]
[90462,"PERFILADO DE SEÇÃO 38X38 MM PARA SUPORTE DE ATÉ 3 TUBOS VERTICAIS. AF_05/2015","M",2.67,"SINAPI","INSTALACOES HIDRO SANITARIAS","SERVICOS DIVERSOS"]
[90463,"PERFILADO DE SEÇÃO 38X38 MM PARA SUPORTE DE MAIS DE 3 TUBOS VERTICAIS. AF_05/2015","M",2.16,"SINAPI","INSTALACOES HIDRO SANITARIAS","SERVICOS DIVERSOS"]
[90466,"CHUMBAMENTO LINEAR EM ALVENARIA PARA RAMAIS/DISTRIBUIÇÃO COM DIÂMETROS MENORES OU IGUAIS A 40 MM. AF_05/2015","M",11.05,"SINAPI","INSTALACOES HIDRO SANITARIAS","SERVICOS DIVERSOS"]
[90467,"CHUMBAMENTO LINEAR EM ALVENARIA PARA RAMAIS/DISTRIBUIÇÃO COM DIÂMETROS MAIORES QUE 40 MM E MENORES OU IGUAIS A 75 MM. AF_05/2015","M",17.47,"SINAPI","INSTALACOES HIDRO SANITARIAS","SERVICOS DIVERSOS"]
[90468,"CHUMBAMENTO LINEAR EM CONTRAPISO PARA RAMAIS/DISTRIBUIÇÃO COM DIÂMETROS MENORES OU IGUAIS A 40 MM. AF_05/2015","M",4.71,"SINAPI","INSTALACOES HIDRO SANITARIAS","SERVICOS DIVERSOS"]
[90469,"CHUMBAMENTO LINEAR EM CONTRAPISO PARA RAMAIS/DISTRIBUIÇÃO COM DIÂMETROS MAIORES QUE 40 MM E MENORES OU IGUAIS A 75 MM. AF_05/2015","M",7.53,"SINAPI","INSTALACOES HIDRO SANITARIAS","SERVICOS DIVERSOS"]
[90470,"CHUMBAMENTO LINEAR EM CONTRAPISO PARA RAMAIS/DISTRIBUIÇÃO COM DIÂMETROS MAIORES QUE 75 MM. AF_05/2015","M",10.26,"SINAPI","INSTALACOES HIDRO SANITARIAS","SERVICOS DIVERSOS"]
[91166,"FIXAÇÃO DE TUBOS HORIZONTAIS DE PEX DIAMETROS IGUAIS OU INFERIORES A 40 MM COM ABRAÇADEIRA PLÁSTICA 390 MM, FIXADA EM LAJE. AF_05/2015","M",3.38,"SINAPI","INSTALACOES HIDRO SANITARIAS","SERVICOS DIVERSOS"]
[91167,"FIXAÇÃO DE TUBOS HORIZONTAIS DE PPR DIÂMETROS MENORES OU IGUAIS A 40 MM COM ABRAÇADEIRA METÁLICA RÍGIDA TIPO D 1/2\", FIXADA EM PERFILADO EM LAJE. AF_05/2015","M",8.2100000000000009,"SINAPI","INSTALACOES HIDRO SANITARIAS","SERVICOS DIVERSOS"]
[91168,"FIXAÇÃO DE TUBOS HORIZONTAIS DE PPR DIÂMETROS MAIORES QUE 40 MM E MENORES OU IGUAIS A 75 MM COM ABRAÇADEIRA METÁLICA RÍGIDA TIPO D 1 1/2\", FIXADA EM PERFILADO EM LAJE. AF_05/2015","M",6.13,"SINAPI","INSTALACOES HIDRO SANITARIAS","SERVICOS DIVERSOS"]
[91169,"FIXAÇÃO DE TUBOS HORIZONTAIS DE PPR DIÂMETROS MAIORES QUE 75 MM COM ABRAÇADEIRA METÁLICA RÍGIDA TIPO D 3\", FIXADA EM PERFILADO EM LAJE. AF_05/2015","M",7.32,"SINAPI","INSTALACOES HIDRO SANITARIAS","SERVICOS DIVERSOS"]
[91170,"FIXAÇÃO DE TUBOS HORIZONTAIS DE PVC, CPVC OU COBRE DIÂMETROS MENORES OU IGUAIS A 40 MM OU ELETROCALHAS ATÉ 150MM DE LARGURA, COM ABRAÇADEIRA METÁLICA RÍGIDA TIPO D 1/2\u0094, FIXADA EM PERFILADO EM LAJE. AF_05/2015","M",2.11,"SINAPI","INSTALACOES HIDRO SANITARIAS","SERVICOS DIVERSOS"]
[91171,"FIXAÇÃO DE TUBOS HORIZONTAIS DE PVC, CPVC OU COBRE DIÂMETROS MAIORES QUE 40 MM E MENORES OU IGUAIS A 75 MM COM ABRAÇADEIRA METÁLICA RÍGIDA TIPO D 1 1/2\", FIXADA EM PERFILADO EM LAJE. AF_05/2015","M",2.62,"SINAPI","INSTALACOES HIDRO SANITARIAS","SERVICOS DIVERSOS"]
[91172,"FIXAÇÃO DE TUBOS HORIZONTAIS DE PVC, CPVC OU COBRE DIÂMETROS MAIORES QUE 75 MM COM ABRAÇADEIRA METÁLICA RÍGIDA TIPO D 3\", FIXADA EM PERFILADO EM LAJE. AF_05/2015","M",3.85,"SINAPI","INSTALACOES HIDRO SANITARIAS","SERVICOS DIVERSOS"]
[91173,"FIXAÇÃO DE TUBOS VERTICAIS DE PPR DIÂMETROS MENORES OU IGUAIS A 40 MM COM ABRAÇADEIRA METÁLICA RÍGIDA TIPO D 1/2\", FIXADA EM PERFILADO EM ALVENARIA. AF_05/2015","M",1.07,"SINAPI","INSTALACOES HIDRO SANITARIAS","SERVICOS DIVERSOS"]
[91174,"FIXAÇÃO DE TUBOS VERTICAIS DE PPR DIÂMETROS MAIORES QUE 40 MM E MENORES OU IGUAIS A 75 MM COM ABRAÇADEIRA METÁLICA RÍGIDA TIPO D 1 1/2\", FIXADA EM PERFILADO EM ALVENARIA. AF_05/2015","M",2.0699999999999998,"SINAPI","INSTALACOES HIDRO SANITARIAS","SERVICOS DIVERSOS"]
[91175,"FIXAÇÃO DE TUBOS VERTICAIS DE PPR DIÂMETROS MAIORES QUE 75 MM COM ABRAÇADEIRA METÁLICA RÍGIDA TIPO D 3\", FIXADA EM PERFILADO EM ALVENARIA. AF_05/2015","M",3.39,"SINAPI","INSTALACOES HIDRO SANITARIAS","SERVICOS DIVERSOS"]
[91176,"FIXAÇÃO DE TUBOS HORIZONTAIS DE PPR DIÂMETROS MENORES OU IGUAIS A 40 MM COM ABRAÇADEIRA METÁLICA RÍGIDA TIPO  D  1/2\" , FIXADA DIRETAMENTE NA LAJE. AF_05/2015","M",32.130000000000003,"SINAPI","INSTALACOES HIDRO SANITARIAS","SERVICOS DIVERSOS"]
[91177,"FIXAÇÃO DE TUBOS HORIZONTAIS DE PPR DIÂMETROS MAIORES QUE 40 MM E MENORES OU IGUAIS A 75 MM COM ABRAÇADEIRA METÁLICA RÍGIDA TIPO  D  1 1/2\" , FIXADA DIRETAMENTE NA LAJE. AF_05/2015","M",14.75,"SINAPI","INSTALACOES HIDRO SANITARIAS","SERVICOS DIVERSOS"]
[91178,"FIXAÇÃO DE TUBOS HORIZONTAIS DE PPR DIÂMETROS MAIORES QUE 75 MM COM ABRAÇADEIRA METÁLICA RÍGIDA TIPO  D  3\" , FIXADA DIRETAMENTE NA LAJE. AF_05/2015","M",14.06,"SINAPI","INSTALACOES HIDRO SANITARIAS","SERVICOS DIVERSOS"]
[91179,"FIXAÇÃO DE TUBOS HORIZONTAIS DE PVC, CPVC OU COBRE DIÂMETROS MENORES OU IGUAIS A 40 MM COM ABRAÇADEIRA METÁLICA RÍGIDA TIPO  D  1/2\" , FIXADA DIRETAMENTE NA LAJE. AF_05/2015","M",8.26,"SINAPI","INSTALACOES HIDRO SANITARIAS","SERVICOS DIVERSOS"]
[91180,"FIXAÇÃO DE TUBOS HORIZONTAIS DE PVC, CPVC OU COBRE DIÂMETROS MAIORES QUE 40 MM E MENORES OU IGUAIS A 75 MM COM ABRAÇADEIRA METÁLICA RÍGIDA TIPO \u0093D\u0094 1 1/2\u0094, FIXADA DIRETAMENTE NA LAJE. AF_05/2015","M",6.55,"SINAPI","INSTALACOES HIDRO SANITARIAS","SERVICOS DIVERSOS"]
[91181,"FIXAÇÃO DE TUBOS HORIZONTAIS DE PVC, CPVC OU COBRE DIÂMETROS MAIORES QUE 75 MM COM ABRAÇADEIRA METÁLICA RÍGIDA TIPO  D  3\" , FIXADA DIRETAMENTE NA LAJE. AF_05/2015","M",7.14,"SINAPI","INSTALACOES HIDRO SANITARIAS","SERVICOS DIVERSOS"]
[91182,"FIXAÇÃO DE TUBOS HORIZONTAIS DE PPR DIÂMETROS MENORES OU IGUAIS A 40 MM COM ABRAÇADEIRA METÁLICA FLEXÍVEL 18 MM, FIXADA DIRETAMENTE NA LAJE. AF_05/2015","M",22.57,"SINAPI","INSTALACOES HIDRO SANITARIAS","SERVICOS DIVERSOS"]
[91183,"FIXAÇÃO DE TUBOS HORIZONTAIS DE PPR DIÂMETROS MAIORES QUE 40 MM E MENORES OU IGUAIS A 75 MM COM ABRAÇADEIRA METÁLICA FLEXÍVEL 18 MM, FIXADA DIRETAMENTE NA LAJE. AF_05/2015","M",11.2,"SINAPI","INSTALACOES HIDRO SANITARIAS","SERVICOS DIVERSOS"]
[91184,"FIXAÇÃO DE TUBOS HORIZONTAIS DE PPR DIÂMETROS MAIORES QUE 75 MM COM ABRAÇADEIRA METÁLICA FLEXÍVEL 18 MM, FIXADA DIRETAMENTE NA LAJE. AF_05/2015","M",10.54,"SINAPI","INSTALACOES HIDRO SANITARIAS","SERVICOS DIVERSOS"]
[91185,"FIXAÇÃO DE TUBOS HORIZONTAIS DE PVC, CPVC OU COBRE DIÂMETROS MENORES OU IGUAIS A 40 MM COM ABRAÇADEIRA METÁLICA FLEXÍVEL 18 MM, FIXADA DIRETAMENTE NA LAJE. AF_05/2015","M",5.79,"SINAPI","INSTALACOES HIDRO SANITARIAS","SERVICOS DIVERSOS"]
[91186,"FIXAÇÃO DE TUBOS HORIZONTAIS DE PVC, CPVC OU COBRE DIÂMETROS MAIORES QUE 40 MM E MENORES OU IGUAIS A 75 MM COM ABRAÇADEIRA METÁLICA FLEXÍVEL 18 MM, FIXADA DIRETAMENTE NA LAJE. AF_05/2015","M",4.78,"SINAPI","INSTALACOES HIDRO SANITARIAS","SERVICOS DIVERSOS"]
[91187,"FIXAÇÃO DE TUBOS HORIZONTAIS DE PVC, CPVC OU COBRE DIÂMETROS MAIORES QUE 75 MM COM ABRAÇADEIRA METÁLICA FLEXÍVEL 18 MM, FIXADA DIRETAMENTE NA LAJE. AF_05/2015","M",5.57,"SINAPI","INSTALACOES HIDRO SANITARIAS","SERVICOS DIVERSOS"]
[91188,"CHUMBAMENTO PONTUAL DE ABERTURA EM LAJE COM PASSAGEM DE 1 TUBO DE DIAMETRO EQUIVALENTE IGUAL À  50 MM. AF_05/2015","UN",5.87,"SINAPI","INSTALACOES HIDRO SANITARIAS","SERVICOS DIVERSOS"]
[91189,"CHUMBAMENTO PONTUAL DE ABERTURA EM LAJE COM PASSAGEM DE MAIS DE 1 TUBO DE  DIAMETRO EQUIVALENTE IGUAL À  50 MM. AF_05/2015","UN",37.81,"SINAPI","INSTALACOES HIDRO SANITARIAS","SERVICOS DIVERSOS"]
[91190,"CHUMBAMENTO PONTUAL EM PASSAGEM DE TUBO COM DIÂMETRO MENOR OU IGUAL A 40 MM. AF_05/2015","UN",4.29,"SINAPI","INSTALACOES HIDRO SANITARIAS","SERVICOS DIVERSOS"]
[91191,"CHUMBAMENTO PONTUAL EM PASSAGEM DE TUBO COM DIÂMETROS ENTRE 40 MM E 75 MM. AF_05/2015","UN",4.5599999999999996,"SINAPI","INSTALACOES HIDRO SANITARIAS","SERVICOS DIVERSOS"]
[91192,"CHUMBAMENTO PONTUAL EM PASSAGEM DE TUBO COM DIÂMETRO MAIOR QUE 75 MM. AF_05/2015","UN",5.0599999999999996,"SINAPI","INSTALACOES HIDRO SANITARIAS","SERVICOS DIVERSOS"]
[91222,"RASGO EM ALVENARIA PARA RAMAIS/ DISTRIBUIÇÃO COM DIÂMETROS MAIORES QUE 40 MM E MENORES OU IGUAIS A 75 MM. AF_05/2015","M",12.19,"SINAPI","INSTALACOES HIDRO SANITARIAS","SERVICOS DIVERSOS"]
[94480,"CONJUNTO HIDRÁULICO PARA INSTALAÇÃO DE BOMBA EM AÇO ROSCÁVEL, DN SUCÇÃO 65 (2½\u0094) E DN RECALQUE 50 (2\u0094), PARA EDIFICAÇÃO ENTRE 12 E 18 PAVIMENTOS \u0096 FORNECIMENTO E INSTALAÇÃO. AF_06/2016","UN",1812.24,"SINAPI","INSTALACOES HIDRO SANITARIAS","SERVICOS DIVERSOS"]
[94481,"CONJUNTO HIDRÁULICO PARA INSTALAÇÃO DE BOMBA EM AÇO ROSCÁVEL, DN SUCÇÃO 50 (2\u0094) E DN RECALQUE 40 (1 1/2\u0094), PARA EDIFICAÇÃO ENTRE 8 E 12 PAVIMENTOS \u0096 FORNECIMENTO E INSTALAÇÃO. AF_06/2016","UN",1310.77,"SINAPI","INSTALACOES HIDRO SANITARIAS","SERVICOS DIVERSOS"]
[94482,"CONJUNTO HIDRÁULICO PARA INSTALAÇÃO DE BOMBA EM AÇO ROSCÁVEL, DN SUCÇÃO 40 (1 1/2\u0094) E DN RECALQUE 32 (1 1/4\u0094), PARA EDIFICAÇÃO ENTRE 4 E 8 PAVIMENTOS \u0096 FORNECIMENTO E INSTALAÇÃO. AF_06/2016","UN",1053.93,"SINAPI","INSTALACOES HIDRO SANITARIAS","SERVICOS DIVERSOS"]
[94483,"CONJUNTO HIDRÁULICO PARA INSTALAÇÃO DE BOMBA EM AÇO ROSCÁVEL, DN SUCÇÃO 32 (1 1/4\u0094) E DN RECALQUE 25 (1\u0094), PARA EDIFICAÇÃO ATÉ 4 PAVIMENTOS \u0096 FORNECIMENTO E INSTALAÇÃO. AF_06/2016","UN",897.96,"SINAPI","INSTALACOES HIDRO SANITARIAS","SERVICOS DIVERSOS"]
[95541,"FIXAÇÃO UTILIZANDO PARAFUSO E BUCHA DE NYLON, SOMENTE MÃO DE OBRA. AF_10/2016","UN",4.03,"SINAPI","INSTALACOES HIDRO SANITARIAS","SERVICOS DIVERSOS"]
[95573,"MÃO-FRANCESA EM AÇO, ABAS IGUAIS 40 CM, CAPACIDADE MÍNIMA 70 KG, BRANCO \u0096 FORNECIMENTO E INSTALAÇÃO. AF_11/2016","UN",40.840000000000003,"SINAPI","INSTALACOES HIDRO SANITARIAS","SERVICOS DIVERSOS"]
[95574,"MÃO-FRANCESA EM AÇO, ABAS IGUAIS 30 CM, CAPACIDADE MÍNIMA 60 KG, BRANCO \u0096 FORNECIMENTO E INSTALAÇÃO. AF_11/2016","UN",31.04,"SINAPI","INSTALACOES HIDRO SANITARIAS","SERVICOS DIVERSOS"]
[96559,"PERFILADO DE SEÇÃO 38X76 MM PARA SUPORTE DE DUTO EM CHAPA GALVANIZADA BITOLA 26. AF_07/2017","M2",62.38,"SINAPI","INSTALACOES HIDRO SANITARIAS","SERVICOS DIVERSOS"]
[96560,"PERFILADO DE SEÇÃO 38X76 MM PARA SUPORTE DE DUTO EM CHAPA GALVANIZADA BITOLA 24. AF_07/2017","M2",32.520000000000003,"SINAPI","INSTALACOES HIDRO SANITARIAS","SERVICOS DIVERSOS"]
[96561,"PERFILADO DE SEÇÃO 38X76 MM PARA SUPORTE DE DUTO EM CHAPA GALVANIZADA BITOLA 22. AF_07/2017","M2",20.28,"SINAPI","INSTALACOES HIDRO SANITARIAS","SERVICOS DIVERSOS"]
[96562,"PERFILADO DE SEÇÃO 38X76 MM PARA SUPORTE DE ELETROCALHA LISA OU PERFURADA EM AÇO GALVANIZADO, LARGURA 200 OU 400 MM E ALTURA 50 MM. AF_07/2017","M",32.82,"SINAPI","INSTALACOES HIDRO SANITARIAS","SERVICOS DIVERSOS"]
[96563,"PERFILADO DE SEÇÃO 38X76 MM PARA SUPORTE DE ELETROCALHA LISA OU PERFURADA EM AÇO GALVANIZADO, LARGURA 500 OU 800 MM E ALTURA 50 MM. AF_07/2017","M",35.770000000000003,"SINAPI","INSTALACOES HIDRO SANITARIAS","SERVICOS DIVERSOS"]
["73826/1","INSTALACAO DE COMPRESSOR DE AR, POTENCIA <= 5 CV","UN",456.4,"SINAPI","INSTALACOES DE PRODUCAO","INSTALACAO DE BOMBAS EM GERAL"]
["73826/2","INSTALACAO DE COMPRESSOR DE AR, POTENCIA > 5 E <= 10 CV","UN",593.32000000000005,"SINAPI","INSTALACOES DE PRODUCAO","INSTALACAO DE BOMBAS EM GERAL"]
["73834/1","INSTALACAO DE CONJ.MOTO BOMBA SUBMERSIVEL ATE 10 CV","UN",194.87,"SINAPI","INSTALACOES DE PRODUCAO","INSTALACAO DE BOMBAS EM GERAL"]
["73834/2","INSTALACAO DE CONJ.MOTO BOMBA SUBMERSIVEL DE 11 A 25 CV","UN",311.8,"SINAPI","INSTALACOES DE PRODUCAO","INSTALACAO DE BOMBAS EM GERAL"]
["73834/3","INSTALACAO DE CONJ.MOTO BOMBA SUBMERSIVEL DE 26 A 50 CV","UN",623.6,"SINAPI","INSTALACOES DE PRODUCAO","INSTALACAO DE BOMBAS EM GERAL"]
["73834/4","INSTALACAO DE CONJ.MOTO BOMBA SUBMERSIVEL DE 51 A 100 CV","UN",935.4,"SINAPI","INSTALACOES DE PRODUCAO","INSTALACAO DE BOMBAS EM GERAL"]
["73835/1","INSTALACAO DE CONJ.MOTO BOMBA VERTICAL POT <= 100 CV","UN",1249.1199999999999,"SINAPI","INSTALACOES DE PRODUCAO","INSTALACAO DE BOMBAS EM GERAL"]
["73835/2","INSTALACAO DE CONJ.MOTO BOMBA VERTICAL 100 < POT <= 200 CV","UN",1698.81,"SINAPI","INSTALACOES DE PRODUCAO","INSTALACAO DE BOMBAS EM GERAL"]
["73835/3","INSTALACAO DE CONJ.MOTO BOMBA VERTICAL 200 < POT <= 300 CV","UN",1898.67,"SINAPI","INSTALACOES DE PRODUCAO","INSTALACAO DE BOMBAS EM GERAL"]
["73836/1","INSTALACAO DE CONJ.MOTO BOMBA HORIZONTAL ATE 10 CV","UN",499.65,"SINAPI","INSTALACOES DE PRODUCAO","INSTALACAO DE BOMBAS EM GERAL"]
["73836/2","INSTALACAO DE CONJ.MOTO BOMBA HORIZONTAL DE 12,5 A 25 CV","UN",649.54,"SINAPI","INSTALACOES DE PRODUCAO","INSTALACAO DE BOMBAS EM GERAL"]
["73836/3","INSTALACAO DE CONJ.MOTO BOMBA HORIZONTAL DE 30 A 75 CV","UN",999.3,"SINAPI","INSTALACOES DE PRODUCAO","INSTALACAO DE BOMBAS EM GERAL"]
["73836/4","INSTALACAO DE CONJ.MOTO BOMBA HORIZONTAL DE 100 A 150 CV","UN",1598.88,"SINAPI","INSTALACOES DE PRODUCAO","INSTALACAO DE BOMBAS EM GERAL"]
["73837/1","INSTALACAO DE CONJ.MOTO BOMBA SUBMERSO ATE 5 CV","UN",194.87,"SINAPI","INSTALACOES DE PRODUCAO","INSTALACAO DE BOMBAS EM GERAL"]
["73837/2","INSTALACAO DE CONJ.MOTO BOMBA SUBMERSO DE 6 A 25 CV","UN",389.75,"SINAPI","INSTALACOES DE PRODUCAO","INSTALACAO DE BOMBAS EM GERAL"]
["73837/3","INSTALACAO DE CONJ.MOTO BOMBA SUBMERSO DE 26 A 50 CV","UN",779.5,"SINAPI","INSTALACOES DE PRODUCAO","INSTALACAO DE BOMBAS EM GERAL"]
[73612,"INSTALACAO DE CLORADOR","UN",372.8,"SINAPI","INSTALACOES DE PRODUCAO","MONTAGENS EM GERAL"]
[73660,"LEITO FILTRANTE - ASSENTAMENTO DE BLOCOS LEOPOLD","M2",83.54,"SINAPI","INSTALACOES DE PRODUCAO","MONTAGENS EM GERAL"]
[73693,"LEITO FILTRANTE - COLOCACAO DE LONA PLASTICA","M2",21.71,"SINAPI","INSTALACOES DE PRODUCAO","MONTAGENS EM GERAL"]
[73694,"INSTALACAO DE BOMBA DOSADORA","UN",169.82,"SINAPI","INSTALACOES DE PRODUCAO","MONTAGENS EM GERAL"]
[73695,"INSTALACAO DE AGITADOR","UN",87.33,"SINAPI","INSTALACOES DE PRODUCAO","MONTAGENS EM GERAL"]
["73824/1","INSTALACAO DE MISTURADOR VERTICAL","UN",372.8,"SINAPI","INSTALACOES DE PRODUCAO","MONTAGENS EM GERAL"]
["73825/2","VERTEDOR TRIANGULAR DE ALUMINIO","M2",1038.4000000000001,"SINAPI","INSTALACOES DE PRODUCAO","MONTAGENS EM GERAL"]
["73873/1","LEITO FILTRANTE - COLOCACAO E APILOAMENTO DE TERRA NO FILTRO","M3",82.02,"SINAPI","INSTALACOES DE PRODUCAO","MONTAGENS EM GERAL"]
["73873/2","LEITO FILTRANTE - FORN.E ENCHIMENTO C/ BRITA NO. 4","M3",169.23,"SINAPI","INSTALACOES DE PRODUCAO","MONTAGENS EM GERAL"]
["73873/3","LEITO FILTRANTE - COLOCACAO DE AREIA NOS FILTROS","M3",82.02,"SINAPI","INSTALACOES DE PRODUCAO","MONTAGENS EM GERAL"]
["73873/4","LEITO FILTRANTE - COLOCACAO DE PEDREGULHOS NOS FILTROS","M3",89.83,"SINAPI","INSTALACOES DE PRODUCAO","MONTAGENS EM GERAL"]
["73873/5","LEITO FILTRANTE - COLOCACAO DE ANTRACITO NOS FILTROS","M3",82.02,"SINAPI","INSTALACOES DE PRODUCAO","MONTAGENS EM GERAL"]
["73827/1","KIT CAVALETE PVC COM REGISTRO 1/2\" - FORNECIMENTO E INSTALAÇÃO","UN",67.28,"SINAPI","LIGACOES PREDIAIS AGUA/ESGOTO/ENERGIA/TELEFONE","LIGACOES PREDIAIS DE AGUA"]
["74218/1","KIT CAVALETE PVC COM REGISTRO 3/4\" - FORNECIMENTO E INSTALACAO","UN",64.81,"SINAPI","LIGACOES PREDIAIS AGUA/ESGOTO/ENERGIA/TELEFONE","LIGACOES PREDIAIS DE AGUA"]
["74253/1","RAMAL PREDIAL EM TUBO PEAD 20MM - FORNECIMENTO, INSTALAÇÃO, ESCAVAÇÃO E REATERRO","M",23.8,"SINAPI","LIGACOES PREDIAIS AGUA/ESGOTO/ENERGIA/TELEFONE","LIGACOES PREDIAIS DE AGUA"]
[83878,"LIGACAO DA REDE 50MM AO RAMAL PREDIAL 1/2\"","UN",42.16,"SINAPI","LIGACOES PREDIAIS AGUA/ESGOTO/ENERGIA/TELEFONE","LIGACOES PREDIAIS DE AGUA"]
[83879,"LIGACAO DA REDE 75MM AO RAMAL PREDIAL 1/2\"","UN",48.87,"SINAPI","LIGACOES PREDIAIS AGUA/ESGOTO/ENERGIA/TELEFONE","LIGACOES PREDIAIS DE AGUA"]
[73658,"LIGAÇÃO DOMICILIAR DE ESGOTO DN 100MM, DA CASA ATÉ A CAIXA, COMPOSTO POR 10,0M TUBO DE PVC ESGOTO PREDIAL DN 100MM E CAIXA DE ALVENARIA COM TAMPA DE CONCRETO - FORNECIMENTO E INSTALAÇÃO","UN",544.05999999999995,"SINAPI","LIGACOES PREDIAIS AGUA/ESGOTO/ENERGIA/TELEFONE","LIGACOES PREDIAIS DE ESGOTO"]
[93350,"COLETOR PREDIAL DE ESGOTO, DA CAIXA ATÉ A REDE (DISTÂNCIA = 10 M, LARGURA DA VALA = 0,65 M), INCLUINDO ESCAVAÇÃO MANUAL, PREPARO DE FUNDO DE VALA E REATERRO MANUAL COM COMPACTAÇÃO MECANIZADA, TUBO PVC P/ REDE COLETORA ESGOTO JEI DN 100 MM E CONEXÕES - FORNECIMENTO E INSTALAÇÃO. AF_03/2016","UN",822.2,"SINAPI","LIGACOES PREDIAIS AGUA/ESGOTO/ENERGIA/TELEFONE","LIGACOES PREDIAIS DE ESGOTO"]
[93351,"COLETOR PREDIAL DE ESGOTO, DA CAIXA ATÉ A REDE (DISTÂNCIA = 8 M, LARGURA DA VALA = 0,65 M), INCLUINDO ESCAVAÇÃO MANUAL, PREPARO DE FUNDO DE VALA E REATERRO MANUAL COM COMPACTAÇÃO MECANIZADA, TUBO PVC P/ REDE COLETORA ESGOTO JEI DN 100 MM E CONEXÕES - FORNECIMENTO E INSTALAÇÃO. AF_03/2016","UN",669.4,"SINAPI","LIGACOES PREDIAIS AGUA/ESGOTO/ENERGIA/TELEFONE","LIGACOES PREDIAIS DE ESGOTO"]
[93352,"COLETOR PREDIAL DE ESGOTO, DA CAIXA ATÉ A REDE (DISTÂNCIA = 6 M, LARGURA DA VALA = 0,65 M), INCLUINDO ESCAVAÇÃO MANUAL, PREPARO DE FUNDO DE VALA E REATERRO MANUAL COM COMPACTAÇÃO MECANIZADA, TUBO PVC P/ REDE COLETORA ESGOTO JEI DN 100 MM E CONEXÕES - FORNECIMENTO E INSTALAÇÃO. AF_03/2016","UN",517.84,"SINAPI","LIGACOES PREDIAIS AGUA/ESGOTO/ENERGIA/TELEFONE","LIGACOES PREDIAIS DE ESGOTO"]
[93353,"COLETOR PREDIAL DE ESGOTO, DA CAIXA ATÉ A REDE (DISTÂNCIA = 4 M, LARGURA DA VALA = 0,65 M), INCLUINDO ESCAVAÇÃO MANUAL, PREPARO DE FUNDO DE VALA E REATERRO MANUAL COM COMPACTAÇÃO MECANIZADA, TUBO  PVC P/ REDE COLETORA ESGOTO JEI DN 100 MM E CONEXÕES - FORNECIMENTO E INSTALAÇÃO. AF_03/2016","UN",369.78,"SINAPI","LIGACOES PREDIAIS AGUA/ESGOTO/ENERGIA/TELEFONE","LIGACOES PREDIAIS DE ESGOTO"]
[93354,"COLETOR PREDIAL DE ESGOTO, DA CAIXA ATÉ A REDE (DISTÂNCIA = 10 M, LARGURA DA VALA = 0,65 M), INCLUINDO ESCAVAÇÃO MECANIZADA, PREPARO DE FUNDO DE VALA E REATERRO COM COMPACTAÇÃO MECANIZADA, TUBO PVC P/ REDE COLETORA ESGOTO JEI DN 100 MM E CONEXÕES - FORNECIMENTO E INSTALAÇÃO. AF_03/2016","UN",529.57000000000005,"SINAPI","LIGACOES PREDIAIS AGUA/ESGOTO/ENERGIA/TELEFONE","LIGACOES PREDIAIS DE ESGOTO"]
[93355,"COLETOR PREDIAL DE ESGOTO, DA CAIXA ATÉ A REDE (DISTÂNCIA = 8 M, LARGURA DA VALA = 0,65 M), INCLUINDO ESCAVAÇÃO MECANIZADA, PREPARO DE FUNDO DE VALA E REATERRO COM COMPACTAÇÃO MECANIZADA, TUBO PVC P/ REDE COLETORA ESGOTO JEI DN 100 MM E CONEXÕES - FORNECIMENTO E INSTALAÇÃO. AF_03/2016","UN",438.73,"SINAPI","LIGACOES PREDIAIS AGUA/ESGOTO/ENERGIA/TELEFONE","LIGACOES PREDIAIS DE ESGOTO"]
[93356,"COLETOR PREDIAL DE ESGOTO, DA CAIXA ATÉ A REDE (DISTÂNCIA = 6 M, LARGURA DA VALA = 0,65 M), INCLUINDO ESCAVAÇÃO MECANIZADA, PREPARO DE FUNDO DE VALA E REATERRO COM COMPACTAÇÃO MECANIZADA, TUBO PVC P/ REDE COLETORA ESGOTO JEI DN 100 MM E CONEXÕES - FORNECIMENTO E INSTALAÇÃO. AF_03/2016","UN",347.41,"SINAPI","LIGACOES PREDIAIS AGUA/ESGOTO/ENERGIA/TELEFONE","LIGACOES PREDIAIS DE ESGOTO"]
[93357,"COLETOR PREDIAL DE ESGOTO, DA CAIXA ATÉ A REDE (DISTÂNCIA = 4 M, LARGURA DA VALA = 0,65 M), INCLUINDO ESCAVAÇÃO MECANIZADA, PREPARO DE FUNDO DE VALA E REATERRO COM COMPACTAÇÃO MECANIZADA, TUBO PVC P/ REDE COLETORA ESGOTO JEI DN 100 MM E CONEXÕES - FORNECIMENTO E INSTALAÇÃO. AF_03/2016","UN",257.87,"SINAPI","LIGACOES PREDIAIS AGUA/ESGOTO/ENERGIA/TELEFONE","LIGACOES PREDIAIS DE ESGOTO"]
[83335,"ESCAVACAO SUBMERSA COM DRAGA DE MANDIBULA","M3",40.32,"SINAPI","MOVIMENTO DE TERRA","DRAGAGEM"]
[88548,"DRAGAGEM (C/ ESCAVADEIRA DRAG LINE DE ARRASTE 140HP)","M3",34.35,"SINAPI","MOVIMENTO DE TERRA","DRAGAGEM"]
["73903/1","LIMPEZA SUPERFICIAL DA CAMADA VEGETAL EM JAZIDA","M2",0.34,"SINAPI","MOVIMENTO DE TERRA","CORTE/ESCAVACAO EM JAZIDAS OU CAMPO ABERTO"]
["74151/1","ESCAVACAO E CARGA MATERIAL 1A CATEGORIA, UTILIZANDO TRATOR DE ESTEIRAS DE 110 A 160HP COM LAMINA, PESO OPERACIONAL * 13T  E PA CARREGADEIRA COM 170 HP.","M3",3.19,"SINAPI","MOVIMENTO DE TERRA","CORTE/ESCAVACAO EM JAZIDAS OU CAMPO ABERTO"]
["74153/1","ESPALHAMENTO MECANIZADO (COM MOTONIVELADORA 140 HP) MATERIAL 1A. CATEGORIA","M2",0.2,"SINAPI","MOVIMENTO DE TERRA","CORTE/ESCAVACAO EM JAZIDAS OU CAMPO ABERTO"]
["74154/1","ESCAVACAO, CARGA E TRANSPORTE DE  MATERIAL DE 1A CATEGORIA COM TRATOR SOBRE ESTEIRAS 347 HP E CACAMBA 6M3,  DMT 50 A 200M","M3",4.8,"SINAPI","MOVIMENTO DE TERRA","CORTE/ESCAVACAO EM JAZIDAS OU CAMPO ABERTO"]
["74155/1","ESCAVACAO E TRANSPORTE DE MATERIAL DE  1A CAT DMT 50M COM TRATOR SOBRE  ESTEIRAS 347 HP COM LAMINA E ESCARIFICADOR","M3",1.49,"SINAPI","MOVIMENTO DE TERRA","CORTE/ESCAVACAO EM JAZIDAS OU CAMPO ABERTO"]
["74155/2","ESCAVACAO E TRANSPORTE DE MATERIAL DE  2A CAT DMT 50M COM TRATOR SOBRE  ESTEIRAS 347 HP COM LAMINA E ESCARIFICADOR","M3",2.9,"SINAPI","MOVIMENTO DE TERRA","CORTE/ESCAVACAO EM JAZIDAS OU CAMPO ABERTO"]
["74205/1","ESCAVACAO MECANICA DE MATERIAL 1A. CATEGORIA, PROVENIENTE DE CORTE DE SUBLEITO (C/TRATOR ESTEIRAS  160HP)","M3",1.49,"SINAPI","MOVIMENTO DE TERRA","CORTE/ESCAVACAO EM JAZIDAS OU CAMPO ABERTO"]
[79472,"REGULARIZACAO DE SUPERFICIES EM TERRA COM MOTONIVELADORA","M2",0.45,"SINAPI","MOVIMENTO DE TERRA","CORTE/ESCAVACAO EM JAZIDAS OU CAMPO ABERTO"]
[79473,"CORTE E ATERRO COMPENSADO","M3",5.3,"SINAPI","MOVIMENTO DE TERRA","CORTE/ESCAVACAO EM JAZIDAS OU CAMPO ABERTO"]
[79480,"ESCAVACAO MECANICA CAMPO ABERTO EM SOLO EXCETO ROCHA ATE 2,00M PROFUNDIDADE","M3",2.21,"SINAPI","MOVIMENTO DE TERRA","CORTE/ESCAVACAO EM JAZIDAS OU CAMPO ABERTO"]
[83336,"ESCAVACAO MECANICA PARA ACERTO DE TALUDES, EM MATERIAL DE 1A CATEGORIA, COM ESCAVADEIRA HIDRAULICA","M3",4.43,"SINAPI","MOVIMENTO DE TERRA","CORTE/ESCAVACAO EM JAZIDAS OU CAMPO ABERTO"]
[83338,"ESCAVACAO MECANICA, A CEU ABERTO, EM MATERIAL DE 1A CATEGORIA, COM ESCAVADEIRA HIDRAULICA, CAPACIDADE DE 0,78 M3","M3",2.4500000000000002,"SINAPI","MOVIMENTO DE TERRA","CORTE/ESCAVACAO EM JAZIDAS OU CAMPO ABERTO"]
[89885,"ESCAVAÇÃO VERTICAL A CÉU ABERTO, INCLUINDO CARGA, DESCARGA E TRANSPORTE, EM SOLO DE 1ª CATEGORIA COM ESCAVADEIRA HIDRÁULICA (CAÇAMBA: 0,8 M³ / 111 HP), FROTA DE 3 CAMINHÕES BASCULANTES DE 14 M³, DMT DE 0,2 KM E VELOCIDADE MÉDIA 4 KM/H. AF_12/2013","M3",7.77,"SINAPI","MOVIMENTO DE TERRA","CORTE/ESCAVACAO EM JAZIDAS OU CAMPO ABERTO"]
[89886,"ESCAVAÇÃO VERTICAL A CÉU ABERTO, INCLUINDO CARGA, DESCARGA E TRANSPORTE, EM SOLO DE 1ª CATEGORIA COM ESCAVADEIRA HIDRÁULICA (CAÇAMBA: 0,8 M³ / 111 HP), FROTA DE 3 CAMINHÕES BASCULANTES DE 14 M³, DMT DE 0,3 KM E VELOCIDADE MÉDIA 5,9 KM/H. AF_12/2013","M3",7.8,"SINAPI","MOVIMENTO DE TERRA","CORTE/ESCAVACAO EM JAZIDAS OU CAMPO ABERTO"]
[89887,"ESCAVAÇÃO VERTICAL A CÉU ABERTO, INCLUINDO CARGA, DESCARGA E TRANSPORTE, EM SOLO DE 1ª CATEGORIA COM ESCAVADEIRA HIDRÁULICA (CAÇAMBA: 0,8 M³ / 111 HP), FROTA DE 3 CAMINHÕES BASCULANTES DE 14 M³, DMT DE 0,6 KM E VELOCIDADE MÉDIA 10 KM/H. AF_12/2013","M3",8.07,"SINAPI","MOVIMENTO DE TERRA","CORTE/ESCAVACAO EM JAZIDAS OU CAMPO ABERTO"]
[89888,"ESCAVAÇÃO VERTICAL A CÉU ABERTO, INCLUINDO CARGA, DESCARGA E TRANSPORTE, EM SOLO DE 1ª CATEGORIA COM ESCAVADEIRA HIDRÁULICA (CAÇAMBA: 0,8 M³ / 111 HP), FROTA DE 3 CAMINHÕES BASCULANTES DE 14 M³, DMT DE 0,8 KM E VELOCIDADE MÉDIA 14 KM/H. AF_12/2013","M3",7.99,"SINAPI","MOVIMENTO DE TERRA","CORTE/ESCAVACAO EM JAZIDAS OU CAMPO ABERTO"]
[89889,"ESCAVAÇÃO VERTICAL A CÉU ABERTO, INCLUINDO CARGA, DESCARGA E TRANSPORTE, EM SOLO DE 1ª CATEGORIA COM ESCAVADEIRA HIDRÁULICA (CAÇAMBA: 0,8 M³ / 111 HP), FROTA DE 3 CAMINHÕES BASCULANTES DE 14 M³, DMT DE 1 KM E VELOCIDADE MÉDIA 15 KM/H. AF_12/2013","M3",8.2799999999999994,"SINAPI","MOVIMENTO DE TERRA","CORTE/ESCAVACAO EM JAZIDAS OU CAMPO ABERTO"]
[89890,"ESCAVAÇÃO VERTICAL A CÉU ABERTO, INCLUINDO CARGA, DESCARGA E TRANSPORTE, EM SOLO DE 1ª CATEGORIA COM ESCAVADEIRA HIDRÁULICA (CAÇAMBA: 0,8 M³ / 111 HP), FROTA DE 4 CAMINHÕES BASCULANTES DE 14 M³, DMT DE 1,5 KM E VELOCIDADE MÉDIA 18 KM/H. AF_12/2013","M3",11.47,"SINAPI","MOVIMENTO DE TERRA","CORTE/ESCAVACAO EM JAZIDAS OU CAMPO ABERTO"]
[89893,"ESCAVAÇÃO VERTICAL A CÉU ABERTO, INCLUINDO CARGA, DESCARGA E TRANSPORTE, EM SOLO DE 1ª CATEGORIA COM ESCAVADEIRA HIDRÁULICA (CAÇAMBA: 0,8 M³ / 111 HP), FROTA DE 5 CAMINHÕES BASCULANTES DE 14 M³, DMT DE 3 KM E VELOCIDADE MÉDIA 20 KM/H. AF_12/2013","M3",14.1,"SINAPI","MOVIMENTO DE TERRA","CORTE/ESCAVACAO EM JAZIDAS OU CAMPO ABERTO"]
[89894,"ESCAVAÇÃO VERTICAL A CÉU ABERTO, INCLUINDO CARGA, DESCARGA E TRANSPORTE, EM SOLO DE 1ª CATEGORIA COM ESCAVADEIRA HIDRÁULICA (CAÇAMBA: 0,8 M³ / 111 HP), FROTA DE 6 CAMINHÕES BASCULANTES DE 14 M³, DMT DE 4 KM E VELOCIDADE MÉDIA 22 KM/H. AF_12/2013","M3",15.69,"SINAPI","MOVIMENTO DE TERRA","CORTE/ESCAVACAO EM JAZIDAS OU CAMPO ABERTO"]
[89895,"ESCAVAÇÃO VERTICAL A CÉU ABERTO, INCLUINDO CARGA, DESCARGA E TRANSPORTE, EM SOLO DE 1ª CATEGORIA COM ESCAVADEIRA HIDRÁULICA (CAÇAMBA: 0,8 M³ / 111 HP), FROTA DE 7 CAMINHÕES BASCULANTES DE 14 M³, DMT DE 6 KM E VELOCIDADE MÉDIA 22 KM/H. AF_12/2013","M3",19.03,"SINAPI","MOVIMENTO DE TERRA","CORTE/ESCAVACAO EM JAZIDAS OU CAMPO ABERTO"]
[89903,"ESCAVAÇÃO VERTICAL A CÉU ABERTO, INCLUINDO CARGA, DESCARGA E TRANSPORTE, EM SOLO DE 1ª CATEGORIA COM ESCAVADEIRA HIDRÁULICA (CAÇAMBA: 0,8 M³ / 111 HP), FROTA DE 2 CAMINHÕES BASCULANTES DE 18 M³, DMT DE 0,2 KM E VELOCIDADE MÉDIA 4 KM/H. AF_12/2013","M3",6.87,"SINAPI","MOVIMENTO DE TERRA","CORTE/ESCAVACAO EM JAZIDAS OU CAMPO ABERTO"]
[89904,"ESCAVAÇÃO VERTICAL A CÉU ABERTO, INCLUINDO CARGA, DESCARGA E TRANSPORTE, EM SOLO DE 1ª CATEGORIA COM ESCAVADEIRA HIDRÁULICA (CAÇAMBA: 0,8 M³ / 111 HP), FROTA DE 2 CAMINHÕES BASCULANTES DE 18 M³, DMT DE 0,3 KM E VELOCIDADE MÉDIA 5,9KM/H. AF_12/2013","M3",6.9,"SINAPI","MOVIMENTO DE TERRA","CORTE/ESCAVACAO EM JAZIDAS OU CAMPO ABERTO"]
[89905,"ESCAVAÇÃO VERTICAL A CÉU ABERTO, INCLUINDO CARGA, DESCARGA E TRANSPORTE, EM SOLO DE 1ª CATEGORIA COM ESCAVADEIRA HIDRÁULICA (CAÇAMBA: 0,8 M³ / 111 HP), FROTA DE 2 CAMINHÕES BASCULANTES DE 18 M³, DMT DE 0,6 KM E VELOCIDADE MÉDIA 10 KM/H. AF_12/2013","M3",7.13,"SINAPI","MOVIMENTO DE TERRA","CORTE/ESCAVACAO EM JAZIDAS OU CAMPO ABERTO"]
[89906,"ESCAVAÇÃO VERTICAL A CÉU ABERTO, INCLUINDO CARGA, DESCARGA E TRANSPORTE, EM SOLO DE 1ª CATEGORIA COM ESCAVADEIRA HIDRÁULICA (CAÇAMBA: 0,8 M³ / 111 HP), FROTA DE 2 CAMINHÕES BASCULANTES DE 18 M³, DMT DE 0,8 KM E VELOCIDADE MÉDIA 14 KM/H. AF_12/2013","M3",7.05,"SINAPI","MOVIMENTO DE TERRA","CORTE/ESCAVACAO EM JAZIDAS OU CAMPO ABERTO"]
[89907,"ESCAVAÇÃO VERTICAL A CÉU ABERTO, INCLUINDO CARGA, DESCARGA E TRANSPORTE, EM SOLO DE 1ª CATEGORIA COM ESCAVADEIRA HIDRÁULICA (CAÇAMBA: 0,8 M³ / 111 HP), FROTA DE 3 CAMINHÕES BASCULANTES DE 18 M³, DMT DE 1 KM E VELOCIDADE MÉDIA 15 KM/H. AF_12/2013","M3",7.93,"SINAPI","MOVIMENTO DE TERRA","CORTE/ESCAVACAO EM JAZIDAS OU CAMPO ABERTO"]
[89908,"ESCAVAÇÃO VERTICAL A CÉU ABERTO, INCLUINDO CARGA, DESCARGA E TRANSPORTE, EM SOLO DE 1ª CATEGORIA COM ESCAVADEIRA HIDRÁULICA (CAÇAMBA: 0,8 M³ / 111 HP), FROTA DE 4 CAMINHÕES BASCULANTES DE 18 M³, DMT DE 1,5 KM E VELOCIDADE MÉDIA 18 KM/H. AF_12/2013","M3",10.81,"SINAPI","MOVIMENTO DE TERRA","CORTE/ESCAVACAO EM JAZIDAS OU CAMPO ABERTO"]
[89911,"ESCAVAÇÃO VERTICAL A CÉU ABERTO, INCLUINDO CARGA, DESCARGA E TRANSPORTE, EM SOLO DE 1ª CATEGORIA COM ESCAVADEIRA HIDRÁULICA (CAÇAMBA: 0,8 M³ / 111 HP), FROTA DE 5 CAMINHÕES BASCULANTES DE 18 M³, DMT DE 3 KM E VELOCIDADE MÉDIA 20 KM/H. AF_12/2013","M3",13.16,"SINAPI","MOVIMENTO DE TERRA","CORTE/ESCAVACAO EM JAZIDAS OU CAMPO ABERTO"]
[89912,"ESCAVAÇÃO VERTICAL A CÉU ABERTO, INCLUINDO CARGA, DESCARGA E TRANSPORTE, EM SOLO DE 1ª CATEGORIA COM ESCAVADEIRA HIDRÁULICA (CAÇAMBA: 0,8 M³ / 111 HP), FROTA DE 5 CAMINHÕES BASCULANTES DE 18 M³, DMT DE 4 KM E VELOCIDADE MÉDIA 22 KM/H. AF_12/2013","M3",14.03,"SINAPI","MOVIMENTO DE TERRA","CORTE/ESCAVACAO EM JAZIDAS OU CAMPO ABERTO"]
[89913,"ESCAVAÇÃO VERTICAL A CÉU ABERTO, INCLUINDO CARGA, DESCARGA E TRANSPORTE, EM SOLO DE 1ª CATEGORIA COM ESCAVADEIRA HIDRÁULICA (CAÇAMBA: 0,8 M³ / 111 HP), FROTA DE 6 CAMINHÕES BASCULANTES DE 18 M³, DMT DE 6 KM E VELOCIDADE MÉDIA 22 KM/H. AF_12/2013","M3",17.03,"SINAPI","MOVIMENTO DE TERRA","CORTE/ESCAVACAO EM JAZIDAS OU CAMPO ABERTO"]
[89921,"ESCAVAÇÃO VERTICAL A CÉU ABERTO, INCLUINDO CARGA, DESCARGA E TRANSPORTE, EM SOLO DE 1ª CATEGORIA COM ESCAVADEIRA HIDRÁULICA (CAÇAMBA: 1,2 M³ / 155 HP), FROTA DE 3 CAMINHÕES BASCULANTES DE 14 M³, DMT DE 0,2 KM E VELOCIDADE MÉDIA 4 KM/H. AF_12/2013","M3",6.32,"SINAPI","MOVIMENTO DE TERRA","CORTE/ESCAVACAO EM JAZIDAS OU CAMPO ABERTO"]
[89922,"ESCAVAÇÃO VERTICAL A CÉU ABERTO, INCLUINDO CARGA, DESCARGA E TRANSPORTE, EM SOLO DE 1ª CATEGORIA COM ESCAVADEIRA HIDRÁULICA (CAÇAMBA: 1,2 M³ / 155 HP), FROTA DE 3 CAMINHÕES BASCULANTES DE 14 M³, DMT DE 0,3 KM E VELOCIDADE MÉDIA 5,9 KM/H. AF_12/2013","M3",6.35,"SINAPI","MOVIMENTO DE TERRA","CORTE/ESCAVACAO EM JAZIDAS OU CAMPO ABERTO"]
[89923,"ESCAVAÇÃO VERTICAL A CÉU ABERTO, INCLUINDO CARGA, DESCARGA E TRANSPORTE, EM SOLO DE 1ª CATEGORIA COM ESCAVADEIRA HIDRÁULICA (CAÇAMBA: 1,2 M³ / 155 HP), FROTA DE 3 CAMINHÕES BASCULANTES DE 14 M³, DMT DE 0,6 KM E VELOCIDADE MÉDIA 10 KM/H. AF_12/2013","M3",6.62,"SINAPI","MOVIMENTO DE TERRA","CORTE/ESCAVACAO EM JAZIDAS OU CAMPO ABERTO"]
[89924,"ESCAVAÇÃO VERTICAL A CÉU ABERTO, INCLUINDO CARGA, DESCARGA E TRANSPORTE, EM SOLO DE 1ª CATEGORIA COM ESCAVADEIRA HIDRÁULICA (CAÇAMBA: 1,2 M³ / 155 HP), FROTA DE 3 CAMINHÕES BASCULANTES DE 14 M³, DMT DE 0,8 KM E VELOCIDADE MÉDIA 14 KM/H. AF_12/2013","M3",6.54,"SINAPI","MOVIMENTO DE TERRA","CORTE/ESCAVACAO EM JAZIDAS OU CAMPO ABERTO"]
[89925,"ESCAVAÇÃO VERTICAL A CÉU ABERTO, INCLUINDO CARGA, DESCARGA E TRANSPORTE, EM SOLO DE 1ª CATEGORIA COM ESCAVADEIRA HIDRÁULICA (CAÇAMBA: 1,2 M³ / 155 HP), FROTA DE 3 CAMINHÕES BASCULANTES DE 14 M³, DMT DE 1 KM E VELOCIDADE MÉDIA 15 KM/H. AF_12/2013","M3",6.83,"SINAPI","MOVIMENTO DE TERRA","CORTE/ESCAVACAO EM JAZIDAS OU CAMPO ABERTO"]
[89926,"ESCAVAÇÃO VERTICAL A CÉU ABERTO, INCLUINDO CARGA, DESCARGA E TRANSPORTE, EM SOLO DE 1ª CATEGORIA COM ESCAVADEIRA HIDRÁULICA (CAÇAMBA: 1,2 M³ / 155 HP), FROTA DE 5 CAMINHÕES BASCULANTES DE 14 M³, DMT DE 1,5 KM E VELOCIDADE MÉDIA 18 KM/H. AF_12/2013","M3",10.29,"SINAPI","MOVIMENTO DE TERRA","CORTE/ESCAVACAO EM JAZIDAS OU CAMPO ABERTO"]
[89929,"ESCAVAÇÃO VERTICAL A CÉU ABERTO, INCLUINDO CARGA, DESCARGA E TRANSPORTE, EM SOLO DE 1ª CATEGORIA COM ESCAVADEIRA HIDRÁULICA (CAÇAMBA: 1,2 M³ / 155 HP), FROTA DE 7 CAMINHÕES BASCULANTES DE 14 M³, DMT DE 3 KM E VELOCIDADE MÉDIA 20 KM/H. AF_12/2013","M3",13.21,"SINAPI","MOVIMENTO DE TERRA","CORTE/ESCAVACAO EM JAZIDAS OU CAMPO ABERTO"]
[89930,"ESCAVAÇÃO VERTICAL A CÉU ABERTO, INCLUINDO CARGA, DESCARGA E TRANSPORTE, EM SOLO DE 1ª CATEGORIA COM ESCAVADEIRA HIDRÁULICA (CAÇAMBA: 1,2 M³ / 155 HP), FROTA DE 7 CAMINHÕES BASCULANTES DE 14 M³, DMT DE 4 KM E VELOCIDADE MÉDIA 22 KM/H. AF_12/2013","M3",14.14,"SINAPI","MOVIMENTO DE TERRA","CORTE/ESCAVACAO EM JAZIDAS OU CAMPO ABERTO"]
[89931,"ESCAVAÇÃO VERTICAL A CÉU ABERTO, INCLUINDO CARGA, DESCARGA E TRANSPORTE, EM SOLO DE 1ª CATEGORIA COM ESCAVADEIRA HIDRÁULICA (CAÇAMBA: 1,2 M³ / 155 HP), FROTA DE 9 CAMINHÕES BASCULANTES DE 14 M³, DMT DE 6 KM E VELOCIDADE MÉDIA 22 KM/H. AF_12/2013","M3",17.78,"SINAPI","MOVIMENTO DE TERRA","CORTE/ESCAVACAO EM JAZIDAS OU CAMPO ABERTO"]
[89939,"ESCAVAÇÃO VERTICAL A CÉU ABERTO, INCLUINDO CARGA, DESCARGA E TRANSPORTE, EM SOLO DE 1ª CATEGORIA COM ESCAVADEIRA HIDRÁULICA (CAÇAMBA: 1,2 M³ / 155 HP), FROTA DE 3 CAMINHÕES BASCULANTES DE 18 M³, DMT DE 0,2 KM E VELOCIDADE MÉDIA 4 KM/H. AF_12/2013","M3",5.93,"SINAPI","MOVIMENTO DE TERRA","CORTE/ESCAVACAO EM JAZIDAS OU CAMPO ABERTO"]
[89940,"ESCAVAÇÃO VERTICAL A CÉU ABERTO, INCLUINDO CARGA, DESCARGA E TRANSPORTE, EM SOLO DE 1ª CATEGORIA COM ESCAVADEIRA HIDRÁULICA (CAÇAMBA: 1,2 M³ / 155 HP), FROTA DE 3 CAMINHÕES BASCULANTES DE 18 M³, DMT DE 0,3 KM E VELOCIDADE MÉDIA 5,9 KM/H. AF_12/2013","M3",5.96,"SINAPI","MOVIMENTO DE TERRA","CORTE/ESCAVACAO EM JAZIDAS OU CAMPO ABERTO"]
[89941,"ESCAVAÇÃO VERTICAL A CÉU ABERTO, INCLUINDO CARGA, DESCARGA E TRANSPORTE, EM SOLO DE 1ª CATEGORIA COM ESCAVADEIRA HIDRÁULICA (CAÇAMBA: 1,2 M³ / 155 HP), FROTA DE 3 CAMINHÕES BASCULANTES DE 18 M³, DMT DE 0,6 KM E VELOCIDADE MÉDIA 10 KM/H. AF_12/2013","M3",6.2,"SINAPI","MOVIMENTO DE TERRA","CORTE/ESCAVACAO EM JAZIDAS OU CAMPO ABERTO"]
[89942,"ESCAVAÇÃO VERTICAL A CÉU ABERTO, INCLUINDO CARGA, DESCARGA E TRANSPORTE, EM SOLO DE 1ª CATEGORIA COM ESCAVADEIRA HIDRÁULICA (CAÇAMBA: 1,2 M³ / 155 HP), FROTA DE 3 CAMINHÕES BASCULANTES DE 18 M³, DMT DE 0,8 KM E VELOCIDADE MÉDIA 14 KM/H. AF_12/2013","M3",6.13,"SINAPI","MOVIMENTO DE TERRA","CORTE/ESCAVACAO EM JAZIDAS OU CAMPO ABERTO"]
[89943,"ESCAVAÇÃO VERTICAL A CÉU ABERTO, INCLUINDO CARGA, DESCARGA E TRANSPORTE, EM SOLO DE 1ª CATEGORIA COM ESCAVADEIRA HIDRÁULICA (CAÇAMBA: 1,2 M³ / 155 HP), FROTA DE 3 CAMINHÕES BASCULANTES DE 18 M³, DMT DE 1 KM E VELOCIDADE MÉDIA 15 KM/H. AF_12/2013","M3",6.37,"SINAPI","MOVIMENTO DE TERRA","CORTE/ESCAVACAO EM JAZIDAS OU CAMPO ABERTO"]
[89944,"ESCAVAÇÃO VERTICAL A CÉU ABERTO, INCLUINDO CARGA, DESCARGA E TRANSPORTE, EM SOLO DE 1ª CATEGORIA COM ESCAVADEIRA HIDRÁULICA (CAÇAMBA: 1,2 M³ / 155 HP), FROTA DE 5 CAMINHÕES BASCULANTES DE 18 M³, DMT DE 1,5 KM E VELOCIDADE MÉDIA 18 KM/H. AF_12/2013","M3",9.48,"SINAPI","MOVIMENTO DE TERRA","CORTE/ESCAVACAO EM JAZIDAS OU CAMPO ABERTO"]
[89947,"ESCAVAÇÃO VERTICAL A CÉU ABERTO, INCLUINDO CARGA, DESCARGA E TRANSPORTE, EM SOLO DE 1ª CATEGORIA COM ESCAVADEIRA HIDRÁULICA (CAÇAMBA: 1,2 M³ / 155 HP), FROTA DE 6 CAMINHÕES BASCULANTES DE 18 M³, DMT DE 3 KM E VELOCIDADE MÉDIA 20 KM/H. AF_12/2013","M3",11.67,"SINAPI","MOVIMENTO DE TERRA","CORTE/ESCAVACAO EM JAZIDAS OU CAMPO ABERTO"]
[89948,"ESCAVAÇÃO VERTICAL A CÉU ABERTO, INCLUINDO CARGA, DESCARGA E TRANSPORTE, EM SOLO DE 1ª CATEGORIA COM ESCAVADEIRA HIDRÁULICA (CAÇAMBA: 1,2 M³ / 155 HP), FROTA DE 7 CAMINHÕES BASCULANTES DE 18 M³, DMT DE 4 KM E VELOCIDADE MÉDIA 22 KM/H. AF_12/2013","M3",12.94,"SINAPI","MOVIMENTO DE TERRA","CORTE/ESCAVACAO EM JAZIDAS OU CAMPO ABERTO"]
[89949,"ESCAVAÇÃO VERTICAL A CÉU ABERTO, INCLUINDO CARGA, DESCARGA E TRANSPORTE, EM SOLO DE 1ª CATEGORIA COM ESCAVADEIRA HIDRÁULICA (CAÇAMBA: 1,2 M³ / 155 HP), FROTA DE 8 CAMINHÕES BASCULANTES DE 18 M³, DMT DE 6 KM E VELOCIDADE MÉDIA 22 KM/H. AF_12/2013","M3",15.75,"SINAPI","MOVIMENTO DE TERRA","CORTE/ESCAVACAO EM JAZIDAS OU CAMPO ABERTO"]
[96520,"ESCAVAÇÃO MECANIZADA PARA BLOCO DE COROAMENTO OU SAPATA, SEM PREVISÃO DE FÔRMA, COM RETROESCAVADEIRA. AF_06/2017","M3",78.349999999999994,"SINAPI","MOVIMENTO DE TERRA","CORTE/ESCAVACAO EM JAZIDAS OU CAMPO ABERTO"]
[96521,"ESCAVAÇÃO MECANIZADA PARA BLOCO DE COROAMENTO OU SAPATA, COM PREVISÃO DE FÔRMA, COM RETROESCAVADEIRA. AF_06/2017","M3",32.840000000000003,"SINAPI","MOVIMENTO DE TERRA","CORTE/ESCAVACAO EM JAZIDAS OU CAMPO ABERTO"]
[96522,"ESCAVAÇÃO MANUAL PARA BLOCO DE COROAMENTO OU SAPATA, SEM PREVISÃO DE FÔRMA. AF_06/2017","M3",121.93,"SINAPI","MOVIMENTO DE TERRA","CORTE/ESCAVACAO EM JAZIDAS OU CAMPO ABERTO"]
[96523,"ESCAVAÇÃO MANUAL PARA BLOCO DE COROAMENTO OU SAPATA, COM PREVISÃO DE FÔRMA. AF_06/2017","M3",77.45,"SINAPI","MOVIMENTO DE TERRA","CORTE/ESCAVACAO EM JAZIDAS OU CAMPO ABERTO"]
[96524,"ESCAVAÇÃO MECANIZADA PARA VIGA BALDRAME, SEM PREVISÃO DE FÔRMA, COM MINI-ESCAVADEIRA. AF_06/2017","M3",146.88,"SINAPI","MOVIMENTO DE TERRA","CORTE/ESCAVACAO EM JAZIDAS OU CAMPO ABERTO"]
[96525,"ESCAVAÇÃO MECANIZADA PARA VIGA BALDRAME, COM PREVISÃO DE FÔRMA, COM MINI-ESCAVADEIRA. AF_06/2017","M3",31.4,"SINAPI","MOVIMENTO DE TERRA","CORTE/ESCAVACAO EM JAZIDAS OU CAMPO ABERTO"]
[96526,"ESCAVAÇÃO MANUAL DE VALA PARA VIGA BALDRAME, SEM PREVISÃO DE FÔRMA. AF_06/2017","M3",246.61,"SINAPI","MOVIMENTO DE TERRA","CORTE/ESCAVACAO EM JAZIDAS OU CAMPO ABERTO"]
[96527,"ESCAVAÇÃO MANUAL DE VALA PARA VIGA BALDRAME, COM PREVISÃO DE FÔRMA. AF_06/2017","M3",101.56,"SINAPI","MOVIMENTO DE TERRA","CORTE/ESCAVACAO EM JAZIDAS OU CAMPO ABERTO"]
[96528,"FABRICAÇÃO, MONTAGEM E DESMONTAGEM DE FÔRMA PARA BLOCO DE COROAMENTO, EM MADEIRA SERRADA, E=25 MM, 1 UTILIZAÇÃO. AF_06/2017","M2",150.07,"SINAPI","MOVIMENTO DE TERRA","CORTE/ESCAVACAO EM JAZIDAS OU CAMPO ABERTO"]
[98116,"ESCAVAÇÃO VERTICAL A CÉU ABERTO, INCLUINDO CARGA, DESCARGA E TRANSPORTE, EM SOLO DE 1ª CATEGORIA COM ESCAVADEIRA HIDRÁULICA (CAÇAMBA: 0,8 M³ / 111 HP), FROTA DE 4 CAMINHÕES BASCULANTES DE 14 M³, DMT DE 2 KM E VELOCIDADE MÉDIA 20 KM/H. AF_02/2018","M3",11.97,"SINAPI","MOVIMENTO DE TERRA","CORTE/ESCAVACAO EM JAZIDAS OU CAMPO ABERTO"]
[98117,"ESCAVAÇÃO VERTICAL A CÉU ABERTO, INCLUINDO CARGA, DESCARGA E TRANSPORTE, EM SOLO DE 1ª CATEGORIA COM ESCAVADEIRA HIDRÁULICA (CAÇAMBA: 0,8 M³ / 111 HP), FROTA DE 4 CAMINHÕES BASCULANTES DE 18 M³, DMT DE 2 KM E VELOCIDADE MÉDIA 20 KM/H. AF_02/2018","M3",11.24,"SINAPI","MOVIMENTO DE TERRA","CORTE/ESCAVACAO EM JAZIDAS OU CAMPO ABERTO"]
[98118,"ESCAVAÇÃO VERTICAL A CÉU ABERTO, INCLUINDO CARGA, DESCARGA E TRANSPORTE, EM SOLO DE 1ª CATEGORIA COM ESCAVADEIRA HIDRÁULICA (CAÇAMBA: 1,2 M³ / 155 HP), FROTA DE 6 CAMINHÕES BASCULANTES DE 14 M³, DMT DE 2 KM E VELOCIDADE MÉDIA 20 KM/H. AF_02/2018","M3",11.24,"SINAPI","MOVIMENTO DE TERRA","CORTE/ESCAVACAO EM JAZIDAS OU CAMPO ABERTO"]
[98119,"ESCAVAÇÃO VERTICAL A CÉU ABERTO, INCLUINDO CARGA, DESCARGA E TRANSPORTE, EM SOLO DE 1ª CATEGORIA COM ESCAVADEIRA HIDRÁULICA (CAÇAMBA: 1,2 M³ / 155 HP), FROTA DE 5 CAMINHÕES BASCULANTES DE 18 M³, DMT DE 2 KM E VELOCIDADE MÉDIA 20 KM/H. AF_02/2018","M3",9.92,"SINAPI","MOVIMENTO DE TERRA","CORTE/ESCAVACAO EM JAZIDAS OU CAMPO ABERTO"]
[72915,"ESCAVACAO MECANICA DE VALA EM MATERIAL DE 2A. CATEGORIA ATE 2 M DE PROFUNDIDADE COM UTILIZACAO DE ESCAVADEIRA HIDRAULICA","M3",10.63,"SINAPI","MOVIMENTO DE TERRA","ESCAVACAO DE VALAS"]
[72917,"ESCAVACAO MECANICA DE VALA EM MATERIAL 2A. CATEGORIA DE 2,01 ATE 4,00 M DE PROFUNDIDADE COM UTILIZACAO DE ESCAVADEIRA HIDRAULICA","M3",12.14,"SINAPI","MOVIMENTO DE TERRA","ESCAVACAO DE VALAS"]
[72918,"ESCAVACAO MECANICA DE VALA EM MATERIAL 2A. CATEGORIA DE 4,01 ATE 6,00 M DE PROFUNDIDADE COM UTILIZACAO DE ESCAVADEIRA HIDRAULICA","M3",14.17,"SINAPI","MOVIMENTO DE TERRA","ESCAVACAO DE VALAS"]
["73965/9","ESCAVACAO MANUAL DE VALA EM LODO, DE 1,5 ATE 3M, EXCLUINDO ESGOTAMENTO/ESCORAMENTO.","M3",166.4,"SINAPI","MOVIMENTO DE TERRA","ESCAVACAO DE VALAS"]
["79506/2","ESCAVAÇÃO MANUAL DE VALA/CAVA EM LODO, ENTRE 3 E 4,5M DE PROFUNDIDADE","M3",249.6,"SINAPI","MOVIMENTO DE TERRA","ESCAVACAO DE VALAS"]
[83343,"ESCAVACAO MECANICA DE VALAS (SOLO COM AGUA), PROFUNDIDADE MAIOR QUE 4,00 M ATE 6,00 M.","M3",13.48,"SINAPI","MOVIMENTO DE TERRA","ESCAVACAO DE VALAS"]
[90082,"ESCAVAÇÃO MECANIZADA DE VALA COM PROF. ATÉ 1,5 M (MÉDIA ENTRE MONTANTE E JUSANTE/UMA COMPOSIÇÃO POR TRECHO), COM ESCAVADEIRA HIDRÁULICA (0,8 M3), LARG. DE 1,5 M A 2,5 M, EM SOLO DE 1A CATEGORIA, EM LOCAIS COM ALTO NÍVEL DE INTERFERÊNCIA. AF_01/2015","M3",8.3800000000000008,"SINAPI","MOVIMENTO DE TERRA","ESCAVACAO DE VALAS"]
[90084,"ESCAVAÇÃO MECANIZADA DE VALA COM PROF. MAIOR QUE 1,5 M ATÉ 3,0 M (MÉDIA ENTRE MONTANTE E JUSANTE/UMA COMPOSIÇÃO POR TRECHO), COM ESCAVADEIRA HIDRÁULICA (0,8 M3/111 HP), LARGURA ATÉ 1,5 M, EM SOLO DE 1A CATEGORIA, EM LOCAIS COM ALTO NÍVEL DE INTERFERÊNCIA. AF_01/2015","M3",8.14,"SINAPI","MOVIMENTO DE TERRA","ESCAVACAO DE VALAS"]
[90085,"ESCAVAÇÃO MECANIZADA DE VALA COM PROF. MAIOR QUE 1,5 M ATÉ 3,0 M (MÉDIA ENTRE MONTANTE E JUSANTE/UMA COMPOSIÇÃO POR TRECHO), COM ESCAVADEIRA HIDRÁULICA (0,8 M3/111 HP), LARG. DE 1,5 M A 2,5 M, EM SOLO DE 1A CATEGORIA, EM LOCAIS COM ALTO NÍVEL DE INTERFERÊNCIA. AF_01/2015","M3",7.65,"SINAPI","MOVIMENTO DE TERRA","ESCAVACAO DE VALAS"]
[90086,"ESCAVAÇÃO MECANIZADA DE VALA COM PROF. MAIOR QUE 3,0 M ATÉ 4,5 M(MÉDIA ENTRE MONTANTE E JUSANTE/UMA COMPOSIÇÃO POR TRECHO), COM ESCAVADEIRA HIDRÁULICA (0,8 M3/111 HP), LARG. MENOR QUE 1,5 M, EM SOLO DE 1A CATEGORIA, EM LOCAIS COM ALTO NÍVEL DE INTERFERÊNCIA. AF_01/2015","M3",7.74,"SINAPI","MOVIMENTO DE TERRA","ESCAVACAO DE VALAS"]
[90087,"ESCAVAÇÃO MECANIZADA DE VALA COM PROF. DE 3,0 M ATÉ 4,5 M(MÉDIA ENTRE MONTANTE E JUSANTE/UMA COMPOSIÇÃO POR TRECHO), COM ESCAVADEIRA HIDRÁULICA (1,2 M3/155 HP), LARG. DE 1,5 M A 2,5 M, EM SOLO DE 1A CATEGORIA, EM LOCAIS COM ALTO NÍVEL DE INTERFERÊNCIA. AF_01/2015","M3",6.7,"SINAPI","MOVIMENTO DE TERRA","ESCAVACAO DE VALAS"]
[90088,"ESCAVAÇÃO MECANIZADA DE VALA COM PROF. MAIOR QUE 4,5 M ATÉ 6,0 M(MÉDIA ENTRE MONTANTE E JUSANTE/UMA COMPOSIÇÃO POR TRECHO), COM ESCAVADEIRA HIDRÁULICA (1,2 M3/155 HP), LARG. MENOR QUE 1,5 M, EM SOLO DE 1A CATEGORIA, EM LOCAIS COM ALTO NÍVEL DE INTERFERÊNCIA. AF_01/2015","M3",6.83,"SINAPI","MOVIMENTO DE TERRA","ESCAVACAO DE VALAS"]
[90090,"ESCAVAÇÃO MECANIZADA DE VALA COM PROF. MAIOR QUE 4,5 M ATÉ 6,0 M(MÉDIA ENTRE MONTANTE E JUSANTE/UMA COMPOSIÇÃO POR TRECHO), COM ESCAVADEIRA HIDRÁULICA (1,2 M3/155 HP), LARG. DE 1,5 M A 2,5 M, EM SOLO DE 1A CATEGORIA, EM LOCAIS COM ALTO NÍVEL DE INTERFERÊNCIA. AF_01/2015","M3",6.57,"SINAPI","MOVIMENTO DE TERRA","ESCAVACAO DE VALAS"]
[90091,"ESCAVAÇÃO MECANIZADA DE VALA COM PROF. ATÉ 1,5 M(MÉDIA ENTRE MONTANTE E JUSANTE/UMA COMPOSIÇÃO POR TRECHO), COM ESCAVADEIRA HIDRÁULICA (0,8 M3), LARG. DE 1,5M A 2,5 M, EM SOLO DE 1A CATEGORIA, LOCAIS COM BAIXO NÍVEL DE INTERFERÊNCIA. AF_01/2015","M3",5,"SINAPI","MOVIMENTO DE TERRA","ESCAVACAO DE VALAS"]
[90092,"ESCAVAÇÃO MECANIZADA DE VALA COM PROF. MAIOR QUE 1,5 M E ATÉ 3,0 M(MÉDIA ENTRE MONTANTE E JUSANTE/UMA COMPOSIÇÃO POR TRECHO), COM ESCAVADEIRA HIDRÁULICA (0,8 M3/111 HP), LARG. MENOR QUE 1,5 M, EM SOLO DE 1A CATEGORIA, LOCAIS COM BAIXO NÍVEL DE INTERFERÊNCIA. AF_01/2015","M3",4.8499999999999996,"SINAPI","MOVIMENTO DE TERRA","ESCAVACAO DE VALAS"]
[90093,"ESCAVAÇÃO MECANIZADA DE VALA COM PROF. MAIOR QUE 1,5 M ATÉ 3,0 M (MÉDIA ENTRE MONTANTE E JUSANTE/UMA COMPOSIÇÃO POR TRECHO), COM ESCAVADEIRA HIDRÁULICA (0,8 M3/111 HP), LARG. DE 1,5 M A 2,5 M, EM SOLO DE 1A CATEGORIA, LOCAIS COM BAIXO NÍVEL DE INTERFERÊNCIA. AF_01/2015","M3",4.57,"SINAPI","MOVIMENTO DE TERRA","ESCAVACAO DE VALAS"]
[90094,"ESCAVAÇÃO MECANIZADA DE VALA COM PROF. MAIOR QUE 3,0 M ATÉ 4,5 M (MÉDIA ENTRE MONTANTE E JUSANTE/UMA COMPOSIÇÃO POR TRECHO), COM ESCAVADEIRA HIDRÁULICA (0,8 M3/111 HP), LARG. MENOR QUE 1,5 M, EM SOLO DE 1A CATEGORIA, LOCAIS COM BAIXO NÍVEL DE INTERFERÊNCIA. AF_01/2015","M3",4.62,"SINAPI","MOVIMENTO DE TERRA","ESCAVACAO DE VALAS"]
[90095,"ESCAVAÇÃO MECANIZADA DE VALA COM PROF. MAIOR QUE 3,0 M ATÉ 4,5 M (MÉDIA ENTRE MONTANTE E JUSANTE/UMA COMPOSIÇÃO POR TRECHO), COM ESCAVADEIRA HIDRÁULICA (1,2 M3/155 HP), LARG. DE 1,5 M A 2,5 M, EM SOLO DE 1A CATEGORIA, LOCAIS COM BAIXO NÍVEL DE INTERFERÊNCIA. AF_01/2015","M3",4,"SINAPI","MOVIMENTO DE TERRA","ESCAVACAO DE VALAS"]
[90096,"ESCAVAÇÃO MECANIZADA DE VALA COM PROF. MAIOR QUE 4,5 M ATÉ 6,0 M (MÉDIA ENTRE MONTANTE E JUSANTE/UMA COMPOSIÇÃO POR TRECHO), COM ESCAVADEIRA HIDRÁULICA (1,2 M3/155 HP), LARG. MENOR QUE 1,5 M, EM SOLO DE 1A CATEGORIA, LOCAIS COM BAIXO NÍVEL DE INTERFERÊNCIA. AF_01/2015","M3",4.08,"SINAPI","MOVIMENTO DE TERRA","ESCAVACAO DE VALAS"]
[90098,"ESCAVAÇÃO MECANIZADA DE VALA COM PROF. MAIOR QUE 4,5 M ATÉ 6,0 M (MÉDIA ENTRE MONTANTE E JUSANTE/UMA COMPOSIÇÃO POR TRECHO), COM ESCAVADEIRA HIDRÁULICA (1,2 M3/155 HP), LARG. DE 1,5 M A 2,5 M, EM SOLO DE 1A CATEGORIA, LOCAIS COM BAIXO NÍVEL DE INTERFERÊNCIA. AF_01/2015","M3",3.91,"SINAPI","MOVIMENTO DE TERRA","ESCAVACAO DE VALAS"]
[90099,"ESCAVAÇÃO MECANIZADA DE VALA COM PROF. ATÉ 1,5 M (MÉDIA ENTRE MONTANTE E JUSANTE/UMA COMPOSIÇÃO POR TRECHO), COM RETROESCAVADEIRA (0,26 M3/88 HP), LARG. MENOR QUE 0,8 M, EM SOLO DE 1A CATEGORIA, EM LOCAIS COM ALTO NÍVEL DE INTERFERÊNCIA. AF_01/2015","M3",11.35,"SINAPI","MOVIMENTO DE TERRA","ESCAVACAO DE VALAS"]
[90100,"ESCAVAÇÃO MECANIZADA DE VALA COM PROF. ATÉ 1,5 M (MÉDIA ENTRE MONTANTE E JUSANTE/UMA COMPOSIÇÃO POR TRECHO), COM RETROESCAVADEIRA (0,26 M3/88 HP), LARG. DE 0,8 M A 1,5 M, EM SOLO DE 1A CATEGORIA, EM LOCAIS COM ALTO NÍVEL DE INTERFERÊNCIA. AF_01/2015","M3",9.65,"SINAPI","MOVIMENTO DE TERRA","ESCAVACAO DE VALAS"]
[90101,"ESCAVAÇÃO MECANIZADA DE VALA COM PROF. MAIOR QUE 1,5 M ATÉ 3,0 M (MÉDIA ENTRE MONTANTE E JUSANTE/UMA COMPOSIÇÃO POR TRECHO), COM RETROESCAVADEIRA (0,26 M3/88 HP), LARG. MENOR QUE 0,8 M, EM SOLO DE 1A CATEGORIA, EM LOCAIS COM ALTO NÍVEL DE INTERFERÊNCIA.AF_01/2015","M3",9.5299999999999994,"SINAPI","MOVIMENTO DE TERRA","ESCAVACAO DE VALAS"]
[90102,"ESCAVAÇÃO MECANIZADA DE VALA COM PROF. MAIOR QUE 1,5 M ATÉ 3,0 M (MÉDIA ENTRE MONTANTE E JUSANTE/UMA COMPOSIÇÃO POR TRECHO), COM RETROESCAVADEIRA (0,26 M3/ POTÊNCIA:88 HP), LARGURA DE 0,8 M A 1,5 M, EM SOLO DE 1A CATEGORIA, EM LOCAIS COM ALTO NÍVEL DE INTERFERÊNCIA. AF_01/2015","M3",8.67,"SINAPI","MOVIMENTO DE TERRA","ESCAVACAO DE VALAS"]
[90105,"ESCAVAÇÃO MECANIZADA DE VALA COM PROFUNDIDADE ATÉ 1,5 M (MÉDIA ENTRE MONTANTE E JUSANTE/UMA COMPOSIÇÃO POR TRECHO) COM RETROESCAVADEIRA (CAPACIDADE DA CAÇAMBA DA RETRO: 0,26 M3 / POTÊNCIA: 88 HP), LARGURA MENOR QUE 0,8 M, EM SOLO DE 1A CATEGORIA, LOCAISCOM BAIXO NÍVEL DE INTERFERÊNCIA. AF_01/2015","M3",6.78,"SINAPI","MOVIMENTO DE TERRA","ESCAVACAO DE VALAS"]
[90106,"ESCAVAÇÃO MECANIZADA DE VALA COM PROFUNDIDADE ATÉ 1,5 M (MÉDIA ENTRE MONTANTE E JUSANTE/UMA COMPOSIÇÃO POR TRECHO) COM RETROESCAVADEIRA (CAPACIDADE DA CAÇAMBA DA RETRO: 0,26 M3 / POTÊNCIA: 88 HP), LARGURA DE 0,8 M A 1,5 M, EM SOLO DE 1A CATEGORIA, LOCAISCOM BAIXO NÍVEL DE INTERFERÊNCIA. AF_01/2015","M3",5.76,"SINAPI","MOVIMENTO DE TERRA","ESCAVACAO DE VALAS"]
[90107,"ESCAVAÇÃO MECANIZADA DE VALA COM PROFUNDIDADE MAIOR QUE 1,5 M ATÉ 3,0 M (MÉDIA ENTRE MONTANTE E JUSANTE/UMA COMPOSIÇÃO POR TRECHO) COM RETROESCAVADEIRA (CAPACIDADE DA CAÇAMBA DA RETRO: 0,26 M3 / POTÊNCIA: 88 HP), LARGURA MENOR QUE 0,8 M, EM SOLO DE1A CATEGORIA, LOCAIS COM BAIXO NÍVEL DE INTERFERÊNCIA. AF_01/2015","M3",5.68,"SINAPI","MOVIMENTO DE TERRA","ESCAVACAO DE VALAS"]
[90108,"ESCAVAÇÃO MECANIZADA DE VALA COM PROFUNDIDADE MAIOR QUE 1,5 M ATÉ 3,0 M (MÉDIA ENTRE MONTANTE E JUSANTE/UMA COMPOSIÇÃO POR TRECHO) COM RETROESCAVADEIRA (CAPACIDADE DA CAÇAMBA DA RETRO: 0,26 M3 / POTÊNCIA: 88 HP), LARGURA DE 0,8 M A 1,5 M, EM SOLO DE 1A CATEGORIA, LOCAIS COM BAIXO NÍVEL DE INTERFERÊNCIA. AF_01/2015","M3",5.17,"SINAPI","MOVIMENTO DE TERRA","ESCAVACAO DE VALAS"]
[93358,"ESCAVAÇÃO MANUAL DE VALA COM PROFUNDIDADE MENOR OU IGUAL A 1,30 M. AF_03/2016","M3",65.819999999999993,"SINAPI","MOVIMENTO DE TERRA","ESCAVACAO DE VALAS"]
[79482,"ATERRO COM AREIA COM ADENSAMENTO HIDRAULICO","M3",86.36,"SINAPI","MOVIMENTO DE TERRA","ATERRO COM OU S/COMPACTACAO"]
[94304,"ATERRO MECANIZADO DE VALA COM ESCAVADEIRA HIDRÁULICA (CAPACIDADE DA CAÇAMBA: 0,8 M³ / POTÊNCIA: 111 HP), LARGURA DE 1,5 A 2,5 M, PROFUNDIDADE ATÉ 1,5 M, COM SOLO ARGILO-ARENOSO. AF_05/2016","M3",23.79,"SINAPI","MOVIMENTO DE TERRA","ATERRO COM OU S/COMPACTACAO"]
[94305,"ATERRO MECANIZADO DE VALA COM ESCAVADEIRA HIDRÁULICA (CAPACIDADE DA CAÇAMBA: 0,8 M³ / POTÊNCIA: 111 HP), LARGURA ATÉ 1,5 M, PROFUNDIDADE DE 1,5 A 3,0 M, COM SOLO ARGILO-ARENOSO. AF_05/2016","M3",20.86,"SINAPI","MOVIMENTO DE TERRA","ATERRO COM OU S/COMPACTACAO"]
[94306,"ATERRO MECANIZADO DE VALA COM ESCAVADEIRA HIDRÁULICA (CAPACIDADE DA CAÇAMBA: 0,8 M³ / POTÊNCIA: 111 HP), LARGURA DE 1,5 A 2,5 M, PROFUNDIDADE DE 1,5 A 3,0 M, COM SOLO ARGILO-ARENOSO. AF_05/2016","M3",17.149999999999999,"SINAPI","MOVIMENTO DE TERRA","ATERRO COM OU S/COMPACTACAO"]
[94307,"ATERRO MECANIZADO DE VALA COM ESCAVADEIRA HIDRÁULICA (CAPACIDADE DA CAÇAMBA: 0,8 M³ / POTÊNCIA: 111 HP), LARGURA ATÉ 1,5 M, PROFUNDIDADE DE 3,0 A 4,5 M, COM SOLO ARGILO-ARENOSO. AF_05/2016","M3",17.989999999999998,"SINAPI","MOVIMENTO DE TERRA","ATERRO COM OU S/COMPACTACAO"]
[94308,"ATERRO MECANIZADO DE VALA COM ESCAVADEIRA HIDRÁULICA (CAPACIDADE DA CAÇAMBA: 0,8 M³ / POTÊNCIA: 111 HP), LARGURA DE 1,5 A 2,5 M, PROFUNDIDADE DE 3,0 A 4,5 M, COM SOLO ARGILO-ARENOSO. AF_05/2016","M3",15.76,"SINAPI","MOVIMENTO DE TERRA","ATERRO COM OU S/COMPACTACAO"]
[94309,"ATERRO MECANIZADO DE VALA COM ESCAVADEIRA HIDRÁULICA (CAPACIDADE DA CAÇAMBA: 0,8 M³ / POTÊNCIA: 111 HP), LARGURA ATÉ 1,5 M, PROFUNDIDADE DE 4,5 A 6,0 M, COM SOLO ARGILO-ARENOSO. AF_05/2016","M3",16.75,"SINAPI","MOVIMENTO DE TERRA","ATERRO COM OU S/COMPACTACAO"]
[94310,"ATERRO MECANIZADO DE VALA COM ESCAVADEIRA HIDRÁULICA (CAPACIDADE DA CAÇAMBA: 0,8 M³ / POTÊNCIA: 111 HP), LARGURA DE 1,5 A 2,5 M, PROFUNDIDADE DE 4,5 A 6,0 M, COM SOLO ARGILO-ARENOSO. AF_05/2016","M3",15.06,"SINAPI","MOVIMENTO DE TERRA","ATERRO COM OU S/COMPACTACAO"]
[94315,"ATERRO MECANIZADO DE VALA COM RETROESCAVADEIRA (CAPACIDADE DA CAÇAMBA DA RETRO: 0,26 M³ / POTÊNCIA: 88 HP), LARGURA ATÉ 0,8 M, PROFUNDIDADE ATÉ 1,5 M, COM SOLO ARGILO-ARENOSO. AF_05/2016","M3",30.72,"SINAPI","MOVIMENTO DE TERRA","ATERRO COM OU S/COMPACTACAO"]
[94316,"ATERRO MECANIZADO DE VALA COM RETROESCAVADEIRA (CAPACIDADE DA CAÇAMBA DA RETRO: 0,26 M³ / POTÊNCIA: 88 HP), LARGURA DE 0,8 A 1,5 M, PROFUNDIDADE ATÉ 1,5 M, COM SOLO ARGILO-ARENOSO. AF_05/2016","M3",23.65,"SINAPI","MOVIMENTO DE TERRA","ATERRO COM OU S/COMPACTACAO"]
[94317,"ATERRO MECANIZADO DE VALA COM RETROESCAVADEIRA (CAPACIDADE DA CAÇAMBA DA RETRO: 0,26 M³ / POTÊNCIA: 88 HP), LARGURA ATÉ 0,8 M, PROFUNDIDADE DE 1,5 A 3,0 M, COM SOLO ARGILO-ARENOSO. AF_05/2016","M3",20.51,"SINAPI","MOVIMENTO DE TERRA","ATERRO COM OU S/COMPACTACAO"]
[94318,"ATERRO MECANIZADO DE VALA COM RETROESCAVADEIRA (CAPACIDADE DA CAÇAMBA DA RETRO: 0,26 M³ / POTÊNCIA: 88 HP), LARGURA DE 0,8 A 1,5 M, PROFUNDIDADE DE 1,5 A 3,0 M, COM SOLO ARGILO-ARENOSO. AF_05/2016","M3",16.48,"SINAPI","MOVIMENTO DE TERRA","ATERRO COM OU S/COMPACTACAO"]
[94319,"ATERRO MANUAL DE VALAS COM SOLO ARGILO-ARENOSO E COMPACTAÇÃO MECANIZADA. AF_05/2016","M3",34.299999999999997,"SINAPI","MOVIMENTO DE TERRA","ATERRO COM OU S/COMPACTACAO"]
[94327,"ATERRO MECANIZADO DE VALA COM ESCAVADEIRA HIDRÁULICA (CAPACIDADE DA CAÇAMBA: 0,8 M³ / POTÊNCIA: 111 HP), LARGURA DE 1,5 A 2,5 M, PROFUNDIDADE ATÉ 1,5 M, COM AREIA PARA ATERRO. AF_05/2016","M3",93.15,"SINAPI","MOVIMENTO DE TERRA","ATERRO COM OU S/COMPACTACAO"]
[94328,"ATERRO MECANIZADO DE VALA COM ESCAVADEIRA HIDRÁULICA (CAPACIDADE DA CAÇAMBA: 0,8 M³ / POTÊNCIA: 111 HP), LARGURA ATÉ 1,5 M, PROFUNDIDADE DE 1,5 A 3,0 M, COM AREIA PARA ATERRO. AF_05/2016","M3",90.22,"SINAPI","MOVIMENTO DE TERRA","ATERRO COM OU S/COMPACTACAO"]
[94329,"ATERRO MECANIZADO DE VALA COM ESCAVADEIRA HIDRÁULICA (CAPACIDADE DA CAÇAMBA: 0,8 M³ / POTÊNCIA: 111 HP), LARGURA DE 1,5 A 2,5 M, PROFUNDIDADE DE 1,5 A 3,0 M, COM AREIA PARA ATERRO. AF_05/2016","M3",86.51,"SINAPI","MOVIMENTO DE TERRA","ATERRO COM OU S/COMPACTACAO"]
[94330,"ATERRO MECANIZADO DE VALA COM ESCAVADEIRA HIDRÁULICA (CAPACIDADE DA CAÇAMBA: 0,8 M³ / POTÊNCIA: 111 HP), LARGURA ATÉ 1,5 M, PROFUNDIDADE DE 3,0 A 4,5 M, COM AREIA PARA ATERRO. AF_05/2016","M3",87.35,"SINAPI","MOVIMENTO DE TERRA","ATERRO COM OU S/COMPACTACAO"]
[94331,"ATERRO MECANIZADO DE VALA COM ESCAVADEIRA HIDRÁULICA (CAPACIDADE DA CAÇAMBA: 0,8 M³ / POTÊNCIA: 111 HP), LARGURA DE 1,5 A 2,5 M, PROFUNDIDADE DE 3,0 A 4,5 M, COM AREIA PARA ATERRO. AF_05/2016","M3",85.12,"SINAPI","MOVIMENTO DE TERRA","ATERRO COM OU S/COMPACTACAO"]
[94332,"ATERRO MECANIZADO DE VALA COM ESCAVADEIRA HIDRÁULICA (CAPACIDADE DA CAÇAMBA: 0,8 M³ / POTÊNCIA: 111 HP), LARGURA ATÉ 1,5 M, PROFUNDIDADE DE 4,5 A 6,0 M, COM AREIA PARA ATERRO. AF_05/2016","M3",86.11,"SINAPI","MOVIMENTO DE TERRA","ATERRO COM OU S/COMPACTACAO"]
[94333,"ATERRO MECANIZADO DE VALA COM ESCAVADEIRA HIDRÁULICA (CAPACIDADE DA CAÇAMBA: 0,8 M³ / POTÊNCIA: 111 HP), LARGURA DE 1,5 A 2,5 M, PROFUNDIDADE DE 4,5 A 6,0 M, COM AREIA PARA ATERRO. AF_05/2016","M3",84.42,"SINAPI","MOVIMENTO DE TERRA","ATERRO COM OU S/COMPACTACAO"]
[94338,"ATERRO MECANIZADO DE VALA COM RETROESCAVADEIRA (CAPACIDADE DA CAÇAMBA DA RETRO: 0,26 M³ / POTÊNCIA: 88 HP), LARGURA ATÉ 0,8 M, PROFUNDIDADE ATÉ 1,5 M, COM AREIA PARA ATERRO. AF_05/2016","M3",100.08,"SINAPI","MOVIMENTO DE TERRA","ATERRO COM OU S/COMPACTACAO"]
[94339,"ATERRO MECANIZADO DE VALA COM RETROESCAVADEIRA (CAPACIDADE DA CAÇAMBA DA RETRO: 0,26 M³ / POTÊNCIA: 88 HP), LARGURA DE 0,8 A 1,5 M, PROFUNDIDADE ATÉ 1,5 M, COM AREIA PARA ATERRO. AF_05/2016","M3",93.01,"SINAPI","MOVIMENTO DE TERRA","ATERRO COM OU S/COMPACTACAO"]
[94340,"ATERRO MECANIZADO DE VALA COM RETROESCAVADEIRA (CAPACIDADE DA CAÇAMBA DA RETRO: 0,26 M³ / POTÊNCIA: 88 HP), LARGURA ATÉ 0,8 M, PROFUNDIDADE DE 1,5 A 3,0 M, COM AREIA PARA ATERRO. AF_05/2016","M3",89.87,"SINAPI","MOVIMENTO DE TERRA","ATERRO COM OU S/COMPACTACAO"]
[94341,"ATERRO MECANIZADO DE VALA COM RETROESCAVADEIRA (CAPACIDADE DA CAÇAMBA DA RETRO: 0,26 M³ / POTÊNCIA: 88 HP), LARGURA DE 0,8 A 1,5 M, PROFUNDIDADE DE 1,5 A 3,0 M, COM AREIA PARA ATERRO. AF_05/2016","M3",85.84,"SINAPI","MOVIMENTO DE TERRA","ATERRO COM OU S/COMPACTACAO"]
[94342,"ATERRO MANUAL DE VALAS COM AREIA PARA ATERRO E COMPACTAÇÃO MECANIZADA. AF_05/2016","M3",103.66,"SINAPI","MOVIMENTO DE TERRA","ATERRO COM OU S/COMPACTACAO"]
[96385,"EXECUÇÃO E COMPACTAÇÃO DE ATERRO COM SOLO PREDOMINANTEMENTE ARGILOSO - EXCLUSIVE ESCAVAÇÃO, CARGA E TRANSPORTE E SOLO. AF_09/2017","M3",5.38,"SINAPI","MOVIMENTO DE TERRA","ATERRO COM OU S/COMPACTACAO"]
[96386,"EXECUÇÃO E COMPACTAÇÃO DE ATERRO COM SOLO PREDOMINANTEMENTE ARENOSO - EXCLUSIVE ESCAVAÇÃO, CARGA E TRANSPORTE E SOLO. AF_09/2017","M3",5.19,"SINAPI","MOVIMENTO DE TERRA","ATERRO COM OU S/COMPACTACAO"]
[83346,"UMEDECIMENTO DE MATERIAL PARA FECHAMENTO DE VALAS.","M3",0.94,"SINAPI","MOVIMENTO DE TERRA","ATERRO/REATERRO DE VALAS COM OU S/COMPACTACAO"]
[93360,"REATERRO MECANIZADO DE VALA COM ESCAVADEIRA HIDRÁULICA (CAPACIDADE DA CAÇAMBA: 0,8 M³ / POTÊNCIA: 111 HP), LARGURA DE 1,5 A 2,5 M, PROFUNDIDADE ATÉ 1,5 M, COM SOLO DE 1ª CATEGORIA EM LOCAIS COM ALTO NÍVEL DE INTERFERÊNCIA. AF_04/2016","M3",15.74,"SINAPI","MOVIMENTO DE TERRA","ATERRO/REATERRO DE VALAS COM OU S/COMPACTACAO"]
[93361,"REATERRO MECANIZADO DE VALA COM ESCAVADEIRA HIDRÁULICA (CAPACIDADE DA CAÇAMBA: 0,8 M³ / POTÊNCIA: 111 HP), LARGURA ATÉ 1,5 M, PROFUNDIDADE DE 1,5 A 3,0 M, COM SOLO DE 1ª CATEGORIA EM LOCAIS COM ALTO NÍVEL DE INTERFERÊNCIA. AF_04/2016","M3",12.91,"SINAPI","MOVIMENTO DE TERRA","ATERRO/REATERRO DE VALAS COM OU S/COMPACTACAO"]
[93362,"REATERRO MECANIZADO DE VALA COM ESCAVADEIRA HIDRÁULICA (CAPACIDADE DA CAÇAMBA: 0,8 M³ / POTÊNCIA: 111 HP), LARGURA DE 1,5 A 2,5 M, PROFUNDIDADE DE 1,5 A 3,0 M, COM SOLO DE 1ª CATEGORIA EM LOCAIS COM ALTO NÍVEL DE INTERFERÊNCIA. AF_04/2016","M3",9.1300000000000008,"SINAPI","MOVIMENTO DE TERRA","ATERRO/REATERRO DE VALAS COM OU S/COMPACTACAO"]
[93363,"REATERRO MECANIZADO DE VALA COM ESCAVADEIRA HIDRÁULICA (CAPACIDADE DA CAÇAMBA: 0,8 M³ / POTÊNCIA: 111 HP), LARGURA ATÉ 1,5 M, PROFUNDIDADE DE 3,0 A 4,5 M COM SOLO DE 1ª CATEGORIA EM LOCAIS COM ALTO NÍVEL DE INTERFERÊNCIA. AF_04/2016","M3",9.9600000000000009,"SINAPI","MOVIMENTO DE TERRA","ATERRO/REATERRO DE VALAS COM OU S/COMPACTACAO"]
[93364,"REATERRO MECANIZADO DE VALA COM ESCAVADEIRA HIDRÁULICA (CAPACIDADE DA CAÇAMBA: 0,8 M³ / POTÊNCIA: 111 HP), LARGURA DE 1,5 A 2,5 M, PROFUNDIDADE DE 3,0  A 4,5 M, COM SOLO (SEM SUBSTITUIÇÃO) DE 1ª CATEGORIA EM LOCAIS COM ALTO NÍVEL DE INTERFERÊNCIA. AF_04/2016","M3",7.71,"SINAPI","MOVIMENTO DE TERRA","ATERRO/REATERRO DE VALAS COM OU S/COMPACTACAO"]
[93365,"REATERRO MECANIZADO DE VALA COM ESCAVADEIRA HIDRÁULICA (CAPACIDADE DA CAÇAMBA: 0,8 M³ / POTÊNCIA: 111 HP), LARGURA ATÉ 1,5 M, PROFUNDIDADE DE 4,5 A 6,0 M, COM SOLO DE 1ª CATEGORIA EM LOCAIS COM ALTO NÍVEL DE INTERFERÊNCIA. AF_04/2016","M3",8.66,"SINAPI","MOVIMENTO DE TERRA","ATERRO/REATERRO DE VALAS COM OU S/COMPACTACAO"]
[93366,"REATERRO MECANIZADO DE VALA COM ESCAVADEIRA HIDRÁULICA (CAPACIDADE DA CAÇAMBA: 0,8 M³ / POTÊNCIA: 111 HP), LARGURA DE 1,5 A 2,5 M, PROFUNDIDADE DE 4,5 A 6,0 M, COM SOLO DE 1ª CATEGORIA EM LOCAIS COM ALTO NÍVEL DE INTERFERÊNCIA. AF_04/2016","M3",7.04,"SINAPI","MOVIMENTO DE TERRA","ATERRO/REATERRO DE VALAS COM OU S/COMPACTACAO"]
[93367,"REATERRO MECANIZADO DE VALA COM ESCAVADEIRA HIDRÁULICA (CAPACIDADE DA CAÇAMBA: 0,8 M³ / POTÊNCIA: 111 HP), LARGURA DE 1,5 A 2,5 M, PROFUNDIDADE ATÉ 1,5 M, COM SOLO DE 1ª CATEGORIA EM LOCAIS COM BAIXO NÍVEL DE INTERFERÊNCIA. AF_04/2016","M3",14.75,"SINAPI","MOVIMENTO DE TERRA","ATERRO/REATERRO DE VALAS COM OU S/COMPACTACAO"]
[93368,"REATERRO MECANIZADO DE VALA COM ESCAVADEIRA HIDRÁULICA (CAPACIDADE DA CAÇAMBA: 0,8 M³ / POTÊNCIA: 111 HP), LARGURA ATÉ 1,5 M, PROFUNDIDADE DE 1,5 A 3,0 M, COM SOLO DE 1ª CATEGORIA EM LOCAIS COM BAIXO NÍVEL DE INTERFERÊNCIA. AF_04/2016","M3",11.84,"SINAPI","MOVIMENTO DE TERRA","ATERRO/REATERRO DE VALAS COM OU S/COMPACTACAO"]
[93369,"REATERRO MECANIZADO DE VALA COM ESCAVADEIRA HIDRÁULICA (CAPACIDADE DA CAÇAMBA: 0,8 M³ / POTÊNCIA: 111 HP), LARGURA DE 1,5 A 2,5 M, PROFUNDIDADE DE 1,5 A 3,0 M, COM SOLO (SEM SUBSTITUIÇÃO) DE 1ª CATEGORIA EM LOCAIS COM BAIXO NÍVEL DE INTERFERÊNCIA. AF_04/2016","M3",8.1300000000000008,"SINAPI","MOVIMENTO DE TERRA","ATERRO/REATERRO DE VALAS COM OU S/COMPACTACAO"]
[93370,"REATERRO MECANIZADO DE VALA COM ESCAVADEIRA HIDRÁULICA (CAPACIDADE DA CAÇAMBA: 0,8 M³ / POTÊNCIA: 111 HP), LARGURA ATÉ 1,5 M, PROFUNDIDADE DE 3,0 A 4,5 M, COM SOLO DE 1ª CATEGORIA EM LOCAIS COM BAIXO NÍVEL DE INTERFERÊNCIA. AF_04/2016","M3",8.9700000000000006,"SINAPI","MOVIMENTO DE TERRA","ATERRO/REATERRO DE VALAS COM OU S/COMPACTACAO"]
[93371,"REATERRO MECANIZADO DE VALA COM ESCAVADEIRA HIDRÁULICA (CAPACIDADE DA CAÇAMBA: 0,8 M³ / POTÊNCIA: 111 HP), LARGURA DE 1,5 A 2,5 M, PROFUNDIDADE DE 3,0 A 4,5 M, COM SOLO (SEM SUBSTITUIÇÃO) DE 1ª CATEGORIA EM LOCAIS COM BAIXO NÍVEL DE INTERFERÊNCIA. AF_04/2016","M3",6.74,"SINAPI","MOVIMENTO DE TERRA","ATERRO/REATERRO DE VALAS COM OU S/COMPACTACAO"]
[93372,"REATERRO MECANIZADO DE VALA COM ESCAVADEIRA HIDRÁULICA (CAPACIDADE DA CAÇAMBA: 0,8 M³ / POTÊNCIA: 111 HP), LARGURA ATÉ 1,5 M, PROFUNDIDADE DE 4,5 A 6,0 M, COM SOLO DE 1ª CATEGORIA EM LOCAIS COM BAIXO NÍVEL DE INTERFERÊNCIA. AF_04/2016","M3",7.73,"SINAPI","MOVIMENTO DE TERRA","ATERRO/REATERRO DE VALAS COM OU S/COMPACTACAO"]
[93373,"REATERRO MECANIZADO DE VALA COM ESCAVADEIRA HIDRÁULICA (CAPACIDADE DA CAÇAMBA: 0,8 M³ / POTÊNCIA: 111 HP), LARGURA DE 1,5 A 2,5 M, PROFUNDIDADE DE 4,5 A 6,0 M, COM SOLO (SEM SUBSTITUIÇÃO) DE 1ª CATEGORIA EM LOCAIS COM BAIXO NÍVEL DE INTERFERÊNCIA. AF_04/2016","M3",6.06,"SINAPI","MOVIMENTO DE TERRA","ATERRO/REATERRO DE VALAS COM OU S/COMPACTACAO"]
[93374,"REATERRO MECANIZADO DE VALA COM RETROESCAVADEIRA (CAPACIDADE DA CAÇAMBA DA RETRO: 0,26 M³ / POTÊNCIA: 88 HP), LARGURA ATÉ 0,8 M, PROFUNDIDADE ATÉ 1,5 M, COM SOLO (SEM SUBSTITUIÇÃO) DE 1ª CATEGORIA EM LOCAIS COM ALTO NÍVEL DE INTERFERÊNCIA. AF_04/2016","M3",19.559999999999999,"SINAPI","MOVIMENTO DE TERRA","ATERRO/REATERRO DE VALAS COM OU S/COMPACTACAO"]
[93375,"REATERRO MECANIZADO DE VALA COM RETROESCAVADEIRA (CAPACIDADE DA CAÇAMBA DA RETRO: 0,26 M³ / POTÊNCIA: 88 HP), LARGURA DE 0,8 A 1,5 M, PROFUNDIDADE ATÉ 1,5 M, COM SOLO DE 1ª CATEGORIA EM LOCAIS COM ALTO NÍVEL DE INTERFERÊNCIA. AF_04/2016","M3",15,"SINAPI","MOVIMENTO DE TERRA","ATERRO/REATERRO DE VALAS COM OU S/COMPACTACAO"]
[93376,"REATERRO MECANIZADO DE VALA COM RETROESCAVADEIRA (CAPACIDADE DA CAÇAMBA DA RETRO: 0,26 M³ / POTÊNCIA: 88 HP), LARGURA ATÉ 0,8 M, PROFUNDIDADE DE 1,5 A 3,0 M, COM SOLO DE 1ª CATEGORIA EM LOCAIS COM ALTO NÍVEL DE INTERFERÊNCIA. AF_04/2016","M3",12.18,"SINAPI","MOVIMENTO DE TERRA","ATERRO/REATERRO DE VALAS COM OU S/COMPACTACAO"]
[93377,"REATERRO MECANIZADO DE VALA COM RETROESCAVADEIRA (CAPACIDADE DA CAÇAMBA DA RETRO: 0,26 M³ / POTÊNCIA: 88 HP), LARGURA DE 0,8 A 1,5 M, PROFUNDIDADE DE 1,5 A 3,0 M, COM SOLO (SEM SUBSTITUIÇÃO) DE 1ª CATEGORIA EM LOCAIS COM ALTO NÍVEL DE INTERFERÊNCIA. AF_04/2016","M3",7.95,"SINAPI","MOVIMENTO DE TERRA","ATERRO/REATERRO DE VALAS COM OU S/COMPACTACAO"]
[93378,"REATERRO MECANIZADO DE VALA COM RETROESCAVADEIRA (CAPACIDADE DA CAÇAMBA DA RETRO: 0,26 M³ / POTÊNCIA: 88 HP), LARGURA ATÉ 0,8 M, PROFUNDIDADE ATÉ 1,5 M, COM SOLO DE 1ª CATEGORIA EM LOCAIS COM BAIXO NÍVEL DE INTERFERÊNCIA. AF_04/2016","M3",18.36,"SINAPI","MOVIMENTO DE TERRA","ATERRO/REATERRO DE VALAS COM OU S/COMPACTACAO"]
[93379,"REATERRO MECANIZADO DE VALA COM RETROESCAVADEIRA (CAPACIDADE DA CAÇAMBA DA RETRO: 0,26 M³ / POTÊNCIA: 88 HP), LARGURA DE 0,8 A 1,5 M, PROFUNDIDADE ATÉ 1,5 M, COM SOLO DE 1ª CATEGORIA EM LOCAIS COM BAIXO NÍVEL DE INTERFERÊNCIA. AF_04/2016","M3",14.1,"SINAPI","MOVIMENTO DE TERRA","ATERRO/REATERRO DE VALAS COM OU S/COMPACTACAO"]
[93380,"REATERRO MECANIZADO DE VALA COM RETROESCAVADEIRA (CAPACIDADE DA CAÇAMBA DA RETRO: 0,26 M³ / POTÊNCIA: 88 HP), LARGURA ATÉ 0,8 M, PROFUNDIDADE DE 1,5 A 3,0 M, COM SOLO DE 1ª CATEGORIA EM LOCAIS COM BAIXO NÍVEL DE INTERFERÊNCIA. AF_04/2016","M3",11.47,"SINAPI","MOVIMENTO DE TERRA","ATERRO/REATERRO DE VALAS COM OU S/COMPACTACAO"]
[93381,"REATERRO MECANIZADO DE VALA COM RETROESCAVADEIRA (CAPACIDADE DA CAÇAMBA DA RETRO: 0,26 M³ / POTÊNCIA: 88 HP), LARGURA DE 0,8 A 1,5 M, PROFUNDIDADE DE 1,5 A 3,0 M, COM SOLO (SEM SUBSTITUIÇÃO) DE 1ª CATEGORIA EM LOCAIS COM BAIXO NÍVEL DE INTERFERÊNCIA. AF_04/2016","M3",7.46,"SINAPI","MOVIMENTO DE TERRA","ATERRO/REATERRO DE VALAS COM OU S/COMPACTACAO"]
[93382,"REATERRO MANUAL DE VALAS COM COMPACTAÇÃO MECANIZADA. AF_04/2016","M3",25.28,"SINAPI","MOVIMENTO DE TERRA","ATERRO/REATERRO DE VALAS COM OU S/COMPACTACAO"]
[96995,"REATERRO MANUAL APILOADO COM SOQUETE. AF_10/2017","M3",39.909999999999997,"SINAPI","MOVIMENTO DE TERRA","ATERRO/REATERRO DE VALAS COM OU S/COMPACTACAO"]
[72838,"TRANSPORTE COMERCIAL COM CAMINHAO CARROCERIA 9 T, RODOVIA EM LEITO NATURAL","TXKM",0.91,"SINAPI","MOVIMENTO DE TERRA","CARGA, DESCARGA E/OU TRANSPORTE DE MATERIAIS"]
[72839,"TRANSPORTE COMERCIAL COM CAMINHAO CARROCERIA 9 T, RODOVIA COM REVESTIMENTO PRIMARIO","TXKM",0.73,"SINAPI","MOVIMENTO DE TERRA","CARGA, DESCARGA E/OU TRANSPORTE DE MATERIAIS"]
[72840,"TRANSPORTE COMERCIAL COM CAMINHAO CARROCERIA 9 T, RODOVIA PAVIMENTADA","TXKM",0.61,"SINAPI","MOVIMENTO DE TERRA","CARGA, DESCARGA E/OU TRANSPORTE DE MATERIAIS"]
[72844,"CARGA, MANOBRAS E DESCARGA DE AREIA, BRITA, PEDRA DE MAO E SOLOS COM CAMINHAO BASCULANTE 6 M3 (DESCARGA LIVRE)","T",0.79,"SINAPI","MOVIMENTO DE TERRA","CARGA, DESCARGA E/OU TRANSPORTE DE MATERIAIS"]
[72845,"CARGA, MANOBRAS E DESCARGA DE BRITA PARA TRATAMENTOS SUPERFICIAIS, COM CAMINHAO BASCULANTE 6 M3","T",4.76,"SINAPI","MOVIMENTO DE TERRA","CARGA, DESCARGA E/OU TRANSPORTE DE MATERIAIS"]
[72846,"CARGA, MANOBRAS E DESCARGA DE MISTURA BETUMINOSA A QUENTE, COM CAMINHAO BASCULANTE 6 M3","T",3.93,"SINAPI","MOVIMENTO DE TERRA","CARGA, DESCARGA E/OU TRANSPORTE DE MATERIAIS"]
[72847,"CARGA, MANOBRAS E DESCARGA DE MISTURA BETUMINOSA A FRIO, COM CAMINHAO BASCULANTE 6 M3","T",8.48,"SINAPI","MOVIMENTO DE TERRA","CARGA, DESCARGA E/OU TRANSPORTE DE MATERIAIS"]
[72848,"CARGA, MANOBRAS E DESCARGA DE BRITA PARA BASE DE MACADAME, COM CAMINHAO BASCULANTE 6 M3","T",2.12,"SINAPI","MOVIMENTO DE TERRA","CARGA, DESCARGA E/OU TRANSPORTE DE MATERIAIS"]
[72849,"CARGA, MANOBRAS E DESCARGA DE MISTURAS DE SOLOS E AGREGADOS (BASES ESTABILIZADAS EM USINA) COM CAMINHAO BASCULANTE 6 M3","T",2.71,"SINAPI","MOVIMENTO DE TERRA","CARGA, DESCARGA E/OU TRANSPORTE DE MATERIAIS"]
[72850,"CARGA, MANOBRAS E DESCARGA DE MATERIAIS DIVERSOS, COM CAMINHAO CARROCERIA 9T (CARGA E DESCARGA MANUAIS)","T",11.45,"SINAPI","MOVIMENTO DE TERRA","CARGA, DESCARGA E/OU TRANSPORTE DE MATERIAIS"]
[72882,"TRANSPORTE COMERCIAL COM CAMINHAO CARROCERIA 9 T, RODOVIA EM LEITO NATURAL","M3XKM",1.35,"SINAPI","MOVIMENTO DE TERRA","CARGA, DESCARGA E/OU TRANSPORTE DE MATERIAIS"]
[72883,"TRANSPORTE COMERCIAL COM CAMINHAO CARROCERIA 9 T, RODOVIA COM REVESTIMENTO PRIMARIO","M3XKM",1.08,"SINAPI","MOVIMENTO DE TERRA","CARGA, DESCARGA E/OU TRANSPORTE DE MATERIAIS"]
[72884,"TRANSPORTE COMERCIAL COM CAMINHAO CARROCERIA 9 T, RODOVIA PAVIMENTADA","M3XKM",0.91,"SINAPI","MOVIMENTO DE TERRA","CARGA, DESCARGA E/OU TRANSPORTE DE MATERIAIS"]
[72888,"CARGA, MANOBRAS E DESCARGA DE AREIA, BRITA, PEDRA DE MAO E SOLOS COM CAMINHAO BASCULANTE 6 M3 (DESCARGA LIVRE)","M3",1.18,"SINAPI","MOVIMENTO DE TERRA","CARGA, DESCARGA E/OU TRANSPORTE DE MATERIAIS"]
[72890,"CARGA, MANOBRAS E DESCARGA DE BRITA PARA TRATAMENTOS SUPERFICIAIS, COM CAMINHAO BASCULANTE 6 M3, DESCARGA EM DISTRIBUIDOR","M3",7.16,"SINAPI","MOVIMENTO DE TERRA","CARGA, DESCARGA E/OU TRANSPORTE DE MATERIAIS"]
[72891,"CARGA, MANOBRAS E DESCARGA DE MISTURA BETUMINOSA A QUENTE, COM CAMINHAO BASCULANTE 6 M3, DESCARGA EM VIBRO-ACABADORA","M3",5.9,"SINAPI","MOVIMENTO DE TERRA","CARGA, DESCARGA E/OU TRANSPORTE DE MATERIAIS"]
[72892,"CARGA, MANOBRAS E DESCARGA DE DE MISTURA BETUMINOSA A FRIO, COM CAMINHAO BASCULANTE 6 M3, DESCARGA EM VIBRO-ACABADORA","M3",12.72,"SINAPI","MOVIMENTO DE TERRA","CARGA, DESCARGA E/OU TRANSPORTE DE MATERIAIS"]
[72893,"CARGA, MANOBRAS E DESCARGA DE BRITA PARA BASE DE MACADAME, COM CAMINHAO BASCULANTE 6 M3, DESCARGA EM DISTRIBUIDOR","M3",3.17,"SINAPI","MOVIMENTO DE TERRA","CARGA, DESCARGA E/OU TRANSPORTE DE MATERIAIS"]
[72894,"CARGA, MANOBRAS E DESCARGA DE MISTURAS DE SOLOS E AGREGADOS, COM CAMINHAO BASCULANTE 6 M3, DESCARGA EM DISTRIBUIDOR","M3",4.07,"SINAPI","MOVIMENTO DE TERRA","CARGA, DESCARGA E/OU TRANSPORTE DE MATERIAIS"]
[72895,"CARGA, MANOBRAS E DESCARGA DE MATERIAIS DIVERSOS, COM CAMINHAO BASCULANTE 6M3 (CARGA E DESCARGA MANUAIS)","M3",21.46,"SINAPI","MOVIMENTO DE TERRA","CARGA, DESCARGA E/OU TRANSPORTE DE MATERIAIS"]
[72897,"CARGA MANUAL DE ENTULHO EM CAMINHAO BASCULANTE 6 M3","M3",21.03,"SINAPI","MOVIMENTO DE TERRA","CARGA, DESCARGA E/OU TRANSPORTE DE MATERIAIS"]
[72898,"CARGA E DESCARGA MECANIZADAS DE ENTULHO EM CAMINHAO BASCULANTE 6 M3","M3",4.09,"SINAPI","MOVIMENTO DE TERRA","CARGA, DESCARGA E/OU TRANSPORTE DE MATERIAIS"]
[72899,"TRANSPORTE DE ENTULHO COM CAMINHÃO BASCULANTE 6 M3, RODOVIA PAVIMENTADA, DMT ATE 0,5 KM","M3",5.54,"SINAPI","MOVIMENTO DE TERRA","CARGA, DESCARGA E/OU TRANSPORTE DE MATERIAIS"]
[72900,"TRANSPORTE DE ENTULHO COM CAMINHAO BASCULANTE 6 M3, RODOVIA PAVIMENTADA, DMT 0,5 A 1,0 KM","M3",6.1,"SINAPI","MOVIMENTO DE TERRA","CARGA, DESCARGA E/OU TRANSPORTE DE MATERIAIS"]
["74010/1","CARGA E DESCARGA MECANICA DE SOLO UTILIZANDO CAMINHAO BASCULANTE 6,0M3/16T E PA CARREGADEIRA SOBRE PNEUS 128 HP, CAPACIDADE DA CAÇAMBA 1,7 A 2,8 M3, PESO OPERACIONAL 11632 KG","M3",1.79,"SINAPI","MOVIMENTO DE TERRA","CARGA, DESCARGA E/OU TRANSPORTE DE MATERIAIS"]
[83356,"TRANSPORTE COMERCIAL DE BRITA","M3XKM",0.81,"SINAPI","MOVIMENTO DE TERRA","CARGA, DESCARGA E/OU TRANSPORTE DE MATERIAIS"]
[83358,"TRANSPORTE DE PAVIMENTACAO REMOVIDA (RODOVIAS NAO URBANAS)","M3XKM",1.67,"SINAPI","MOVIMENTO DE TERRA","CARGA, DESCARGA E/OU TRANSPORTE DE MATERIAIS"]
[95303,"TRANSPORTE COM CAMINHÃO BASCULANTE 10 M3 DE MASSA ASFALTICA PARA PAVIMENTAÇÃO URBANA","M3XKM",1.03,"SINAPI","MOVIMENTO DE TERRA","CARGA, DESCARGA E/OU TRANSPORTE DE MATERIAIS"]
[97912,"TRANSPORTE COM CAMINHÃO BASCULANTE DE 6 M3, EM VIA URBANA EM LEITO NATURAL (UNIDADE: M3XKM). AF_01/2018","M3XKM",2.25,"SINAPI","MOVIMENTO DE TERRA","CARGA, DESCARGA E/OU TRANSPORTE DE MATERIAIS"]
[97913,"TRANSPORTE COM CAMINHÃO BASCULANTE DE 6 M3, EM VIA URBANA EM REVESTIMENTO PRIMÁRIO (UNIDADE: M3XKM). AF_01/2018","M3XKM",1.72,"SINAPI","MOVIMENTO DE TERRA","CARGA, DESCARGA E/OU TRANSPORTE DE MATERIAIS"]
[97914,"TRANSPORTE COM CAMINHÃO BASCULANTE DE 6 M3, EM VIA URBANA PAVIMENTADA, DMT ATÉ 30 KM (UNIDADE: M3XKM). AF_01/2018","M3XKM",1.61,"SINAPI","MOVIMENTO DE TERRA","CARGA, DESCARGA E/OU TRANSPORTE DE MATERIAIS"]
[97915,"TRANSPORTE COM CAMINHÃO BASCULANTE DE 6 M3, EM VIA URBANA PAVIMENTADA, DMT ACIMA DE 30 KM (UNIDADE: M3XKM). AF_01/2018","M3XKM",1.1399999999999999,"SINAPI","MOVIMENTO DE TERRA","CARGA, DESCARGA E/OU TRANSPORTE DE MATERIAIS"]
[97916,"TRANSPORTE COM CAMINHÃO BASCULANTE DE 6 M3, EM VIA URBANA EM LEITO NATURAL (UNIDADE: TXKM). AF_01/2018","TXKM",1.49,"SINAPI","MOVIMENTO DE TERRA","CARGA, DESCARGA E/OU TRANSPORTE DE MATERIAIS"]
[97917,"TRANSPORTE COM CAMINHÃO BASCULANTE DE 6 M3, EM VIA URBANA EM REVESTIMENTO PRIMÁRIO (UNIDADE: TXKM). AF_01/2018","TXKM",1.1399999999999999,"SINAPI","MOVIMENTO DE TERRA","CARGA, DESCARGA E/OU TRANSPORTE DE MATERIAIS"]
[97918,"TRANSPORTE COM CAMINHÃO BASCULANTE DE 6 M3, EM VIA URBANA PAVIMENTADA, DMT ATÉ 30 KM (UNIDADE: TXKM). AF_01/2018","TXKM",1.07,"SINAPI","MOVIMENTO DE TERRA","CARGA, DESCARGA E/OU TRANSPORTE DE MATERIAIS"]
[97919,"TRANSPORTE COM CAMINHÃO BASCULANTE DE 6 M3, EM VIA URBANA PAVIMENTADA, DMT ACIMA DE 30 KM (UNIDADE: TXKM). AF_01/2018","TXKM",0.76,"SINAPI","MOVIMENTO DE TERRA","CARGA, DESCARGA E/OU TRANSPORTE DE MATERIAIS"]
[94097,"PREPARO DE FUNDO DE VALA COM LARGURA MENOR QUE 1,5 M, EM LOCAL COM NÍVEL BAIXO DE INTERFERÊNCIA. AF_06/2016","M2",5.05,"SINAPI","MOVIMENTO DE TERRA","REGULARIZACAO E APILOAMENTO DE FUNDO DE VALAS"]
[94098,"PREPARO DE FUNDO DE VALA  COM LARGURA MENOR QUE 1,5 M, EM LOCAL COM NÍVEL ALTO DE INTERFERÊNCIA. AF_06/2016","M2",5.76,"SINAPI","MOVIMENTO DE TERRA","REGULARIZACAO E APILOAMENTO DE FUNDO DE VALAS"]
[94099,"PREPARO DE FUNDO DE VALA COM LARGURA MAIOR OU IGUAL A 1,5 M E MENOR QUE 2,5 M, EM LOCAL COM NÍVEL BAIXO DE INTERFERÊNCIA. AF_06/2016","M2",2.54,"SINAPI","MOVIMENTO DE TERRA","REGULARIZACAO E APILOAMENTO DE FUNDO DE VALAS"]
[94100,"PREPARO DE FUNDO DE VALA  COM LARGURA MAIOR OU IGUAL A 1,5 M E MENOR QUE 2,5 M, EM LOCAL COM NÍVEL ALTO DE INTERFERÊNCIA. AF_06/2016","M2",3.25,"SINAPI","MOVIMENTO DE TERRA","REGULARIZACAO E APILOAMENTO DE FUNDO DE VALAS"]
[94102,"LASTRO DE VALA COM PREPARO DE FUNDO, LARGURA MENOR QUE 1,5 M, COM CAMADA DE AREIA, LANÇAMENTO MANUAL, EM LOCAL COM NÍVEL BAIXO DE INTERFERÊNCIA. AF_06/2016","M3",175.39,"SINAPI","MOVIMENTO DE TERRA","REGULARIZACAO E APILOAMENTO DE FUNDO DE VALAS"]
[94103,"LASTRO DE VALA COM PREPARO DE FUNDO, LARGURA MENOR QUE 1,5 M, COM CAMADA DE BRITA, LANÇAMENTO MANUAL, EM LOCAL COM NÍVEL BAIXO DE INTERFERÊNCIA. AF_06/2016","M3",211.72,"SINAPI","MOVIMENTO DE TERRA","REGULARIZACAO E APILOAMENTO DE FUNDO DE VALAS"]
[94104,"LASTRO DE VALA COM PREPARO DE FUNDO, LARGURA MENOR QUE 1,5 M, COM CAMADA DE AREIA, LANÇAMENTO MANUAL, EM LOCAL COM NÍVEL ALTO DE INTERFERÊNCIA. AF_06/2016","M3",179.39,"SINAPI","MOVIMENTO DE TERRA","REGULARIZACAO E APILOAMENTO DE FUNDO DE VALAS"]
[94105,"LASTRO DE VALA COM PREPARO DE FUNDO, LARGURA MENOR QUE 1,5 M, COM CAMADA DE BRITA, LANÇAMENTO MANUAL, EM LOCAL COM NÍVEL ALTO DE INTERFERÊNCIA. AF_06/2016","M3",215.75,"SINAPI","MOVIMENTO DE TERRA","REGULARIZACAO E APILOAMENTO DE FUNDO DE VALAS"]
[94106,"LASTRO COM PREPARO DE FUNDO, LARGURA MAIOR OU IGUAL A 1,5 M, COM CAMADA DE AREIA, LANÇAMENTO MANUAL, EM LOCAL COM NÍVEL BAIXO DE INTERFERÊNCIA. AF_06/2016","M3",155,"SINAPI","MOVIMENTO DE TERRA","REGULARIZACAO E APILOAMENTO DE FUNDO DE VALAS"]
[94107,"LASTRO COM PREPARO DE FUNDO, LARGURA MAIOR OU IGUAL A 1,5 M, COM CAMADA DE BRITA, LANÇAMENTO MANUAL, EM LOCAL COM NÍVEL BAIXO DE INTERFERÊNCIA. AF_06/2016","M3",191.35,"SINAPI","MOVIMENTO DE TERRA","REGULARIZACAO E APILOAMENTO DE FUNDO DE VALAS"]
[94108,"LASTRO COM PREPARO DE FUNDO, LARGURA MAIOR OU IGUAL A 1,5 M, COM CAMADA DE AREIA, LANÇAMENTO MANUAL, EM LOCAL COM NÍVEL ALTO DE INTERFERÊNCIA. AF_06/2016","M3",159.02000000000001,"SINAPI","MOVIMENTO DE TERRA","REGULARIZACAO E APILOAMENTO DE FUNDO DE VALAS"]
[94110,"LASTRO COM PREPARO DE FUNDO, LARGURA MAIOR OU IGUAL A 1,5 M, COM CAMADA DE BRITA, LANÇAMENTO MANUAL, EM LOCAL COM NÍVEL ALTO DE INTERFERÊNCIA. AF_06/2016","M3",195.35,"SINAPI","MOVIMENTO DE TERRA","REGULARIZACAO E APILOAMENTO DE FUNDO DE VALAS"]
[94111,"LASTRO DE VALA COM PREPARO DE FUNDO, LARGURA MENOR QUE 1,5 M, COM CAMADA DE AREIA, LANÇAMENTO MECANIZADO, EM LOCAL COM NÍVEL BAIXO DE INTERFERÊNCIA. AF_06/2016","M3",147,"SINAPI","MOVIMENTO DE TERRA","REGULARIZACAO E APILOAMENTO DE FUNDO DE VALAS"]
[94112,"LASTRO DE VALA COM PREPARO DE FUNDO, LARGURA MENOR QUE 1,5 M, COM CAMADA DE BRITA, LANÇAMENTO MECANIZADO, EM LOCAL COM NÍVEL BAIXO DE INTERFERÊNCIA. AF_06/2016","M3",176.73,"SINAPI","MOVIMENTO DE TERRA","REGULARIZACAO E APILOAMENTO DE FUNDO DE VALAS"]
[94113,"LASTRO DE VALA COM PREPARO DE FUNDO, LARGURA MENOR QUE 1,5 M, COM CAMADA DE AREIA, LANÇAMENTO MECANIZADO, EM LOCAL COM NÍVEL ALTO DE INTERFERÊNCIA. AF_06/2016","M3",153.33000000000001,"SINAPI","MOVIMENTO DE TERRA","REGULARIZACAO E APILOAMENTO DE FUNDO DE VALAS"]
[94114,"LASTRO DE VALA COM PREPARO DE FUNDO, LARGURA MENOR QUE 1,5 M, COM CAMADA DE BRITA, LANÇAMENTO MECANIZADO, EM LOCAL COM NÍVEL ALTO DE INTERFERÊNCIA. AF_06/2016","M3",183.89,"SINAPI","MOVIMENTO DE TERRA","REGULARIZACAO E APILOAMENTO DE FUNDO DE VALAS"]
[94115,"LASTRO COM PREPARO DE FUNDO, LARGURA MAIOR OU IGUAL A 1,5 M, COM CAMADA DE AREIA, LANÇAMENTO MECANIZADO, EM LOCAL COM NÍVEL BAIXO DE INTERFERÊNCIA. AF_06/2016","M3",117.04,"SINAPI","MOVIMENTO DE TERRA","REGULARIZACAO E APILOAMENTO DE FUNDO DE VALAS"]
[94116,"LASTRO COM PREPARO DE FUNDO, LARGURA MAIOR OU IGUAL A 1,5 M, COM CAMADA DE BRITA, LANÇAMENTO MECANIZADO, EM LOCAL COM NÍVEL BAIXO DE INTERFERÊNCIA. AF_06/2016","M3",142.46,"SINAPI","MOVIMENTO DE TERRA","REGULARIZACAO E APILOAMENTO DE FUNDO DE VALAS"]
[94117,"LASTRO COM PREPARO DE FUNDO, LARGURA MAIOR OU IGUAL A 1,5 M, COM CAMADA DE AREIA, LANÇAMENTO MECANIZADO, EM LOCAL COM NÍVEL ALTO DE INTERFERÊNCIA. AF_06/2016","M3",122.93,"SINAPI","MOVIMENTO DE TERRA","REGULARIZACAO E APILOAMENTO DE FUNDO DE VALAS"]
[94118,"LASTRO COM PREPARO DE FUNDO, LARGURA MAIOR OU IGUAL A 1,5 M, COM CAMADA DE BRITA, LANÇAMENTO MECANIZADO, EM LOCAL COM NÍVEL ALTO DE INTERFERÊNCIA. AF_06/2016","M3",149.38999999999999,"SINAPI","MOVIMENTO DE TERRA","REGULARIZACAO E APILOAMENTO DE FUNDO DE VALAS"]
[6514,"FORNECIMENTO E LANCAMENTO DE BRITA N. 4","M3",104.86,"SINAPI","MOVIMENTO DE TERRA","FORNEC. DE MAT. C/OU S/CARGA, DESC. E TRANSPORTE"]
[88549,"FORNECIMENTO E ASSENTAMENTO DE BRITA 2-DRENOS E FILTROS   MM","M3",82.26,"SINAPI","MOVIMENTO DE TERRA","FORNEC. DE MAT. C/OU S/CARGA, DESC. E TRANSPORTE"]
[41721,"COMPACTACAO MECANICA A 95% DO PROCTOR NORMAL - PAVIMENTACAO URBANA","M3",3.07,"SINAPI","MOVIMENTO DE TERRA","COMPACTACAO OU APILOAMENTO"]
[41722,"COMPACTACAO MECANICA A 100% DO PROCTOR NORMAL - PAVIMENTACAO URBANA","M3",4.47,"SINAPI","MOVIMENTO DE TERRA","COMPACTACAO OU APILOAMENTO"]
["74005/1","COMPACTACAO MECANICA, SEM CONTROLE DO GC (C/COMPACTADOR PLACA 400 KG)","M3",4.72,"SINAPI","MOVIMENTO DE TERRA","COMPACTACAO OU APILOAMENTO"]
["74005/2","COMPACTACAO MECANICA C/ CONTROLE DO GC>=95% DO PN (AREAS) (C/MONIVELADORA 140 HP E ROLO COMPRESSOR VIBRATORIO 80 HP)","M3",5.21,"SINAPI","MOVIMENTO DE TERRA","COMPACTACAO OU APILOAMENTO"]
["74034/1","ESPALHAMENTO DE MATERIAL DE 1A CATEGORIA COM TRATOR DE ESTEIRA COM 153HP","M3",1.66,"SINAPI","MOVIMENTO DE TERRA","COMPACTACAO OU APILOAMENTO"]
[83344,"ESPALHAMENTO DE MATERIAL EM BOTA FORA, COM UTILIZACAO DE TRATOR DE ESTEIRAS DE 165 HP","M3",0.94,"SINAPI","MOVIMENTO DE TERRA","COMPACTACAO OU APILOAMENTO"]
[95606,"UMIDIFICAÇÃO DE MATERIAL PARA VALAS COM CAMINHÃO PIPA 10000L. AF_11/2016","M3",1.27,"SINAPI","MOVIMENTO DE TERRA","COMPACTACAO OU APILOAMENTO"]
[72131,"ALVENARIA EM TIJOLO CERAMICO MACICO 5X10X20CM 1 VEZ (ESPESSURA 20CM), ASSENTADO COM ARGAMASSA TRACO 1:2:8 (CIMENTO, CAL E AREIA)","M2",121.5,"SINAPI","PAREDES/PAINEIS","ALVENARIA DE TIJOLOS CERAMICOS"]
[72132,"ALVENARIA EM TIJOLO CERAMICO MACICO 5X10X20CM 1/2 VEZ (ESPESSURA 10CM), ASSENTADO COM ARGAMASSA TRACO 1:2:8 (CIMENTO, CAL E AREIA)","M2",63.04,"SINAPI","PAREDES/PAINEIS","ALVENARIA DE TIJOLOS CERAMICOS"]
[72133,"ALVENARIA EM TIJOLO CERAMICO MACICO 5X10X20CM 1 1/2 VEZ (ESPESSURA 30CM), ASSENTADO COM ARGAMASSA TRACO 1:2:8 (CIMENTO, CAL E AREIA)","M2",216.83,"SINAPI","PAREDES/PAINEIS","ALVENARIA DE TIJOLOS CERAMICOS"]
[87471,"ALVENARIA DE VEDAÇÃO DE BLOCOS CERÂMICOS FURADOS NA VERTICAL DE 9X19X39CM (ESPESSURA 9CM) DE PAREDES COM ÁREA LÍQUIDA MENOR QUE 6M² SEM VÃOS E ARGAMASSA DE ASSENTAMENTO COM PREPARO EM BETONEIRA. AF_06/2014","M2",39.36,"SINAPI","PAREDES/PAINEIS","ALVENARIA DE TIJOLOS CERAMICOS"]
[87472,"ALVENARIA DE VEDAÇÃO DE BLOCOS CERÂMICOS FURADOS NA VERTICAL DE 9X19X39CM (ESPESSURA 9CM) DE PAREDES COM ÁREA LÍQUIDA MENOR QUE 6M² SEM VÃOS E ARGAMASSA DE ASSENTAMENTO COM PREPARO MANUAL. AF_06/2014","M2",40.36,"SINAPI","PAREDES/PAINEIS","ALVENARIA DE TIJOLOS CERAMICOS"]
[87473,"ALVENARIA DE VEDAÇÃO DE BLOCOS CERÂMICOS FURADOS NA VERTICAL DE 14X19X39CM (ESPESSURA 14CM) DE PAREDES COM ÁREA LÍQUIDA MENOR QUE 6M² SEM VÃOS E ARGAMASSA DE ASSENTAMENTO COM PREPARO EM BETONEIRA. AF_06/2014","M2",54.51,"SINAPI","PAREDES/PAINEIS","ALVENARIA DE TIJOLOS CERAMICOS"]
[87474,"ALVENARIA DE VEDAÇÃO DE BLOCOS CERÂMICOS FURADOS NA VERTICAL DE 14X19X39CM (ESPESSURA 14CM) DE PAREDES COM ÁREA LÍQUIDA MENOR QUE 6M² SEM VÃOS E ARGAMASSA DE ASSENTAMENTO COM PREPARO MANUAL. AF_06/2014","M2",55.65,"SINAPI","PAREDES/PAINEIS","ALVENARIA DE TIJOLOS CERAMICOS"]
[87475,"ALVENARIA DE VEDAÇÃO DE BLOCOS CERÂMICOS FURADOS NA VERTICAL DE 19X19X39CM (ESPESSURA 19CM) DE PAREDES COM ÁREA LÍQUIDA MENOR QUE 6M² SEM VÃOS E ARGAMASSA DE ASSENTAMENTO COM PREPARO EM BETONEIRA. AF_06/2014","M2",64.11,"SINAPI","PAREDES/PAINEIS","ALVENARIA DE TIJOLOS CERAMICOS"]
[87476,"ALVENARIA DE VEDAÇÃO DE BLOCOS CERÂMICOS FURADOS NA VERTICAL DE 19X19X39CM (ESPESSURA 19CM) DE PAREDES COM ÁREA LÍQUIDA MENOR QUE 6M² SEM VÃOS E ARGAMASSA DE ASSENTAMENTO COM PREPARO MANUAL. AF_06/2014","M2",65.44,"SINAPI","PAREDES/PAINEIS","ALVENARIA DE TIJOLOS CERAMICOS"]
[87477,"ALVENARIA DE VEDAÇÃO DE BLOCOS CERÂMICOS FURADOS NA VERTICAL DE 9X19X39CM (ESPESSURA 9CM) DE PAREDES COM ÁREA LÍQUIDA MAIOR OU IGUAL A 6M² SEM VÃOS E ARGAMASSA DE ASSENTAMENTO COM PREPARO EM BETONEIRA. AF_06/2014","M2",35.340000000000003,"SINAPI","PAREDES/PAINEIS","ALVENARIA DE TIJOLOS CERAMICOS"]
[87478,"ALVENARIA DE VEDAÇÃO DE BLOCOS CERÂMICOS FURADOS NA VERTICAL DE 9X19X39CM (ESPESSURA 9CM) DE PAREDES COM ÁREA LÍQUIDA MAIOR OU IGUAL A 6M² SEM VÃOS E ARGAMASSA DE ASSENTAMENTO COM PREPARO MANUAL. AF_06/2014","M2",36.340000000000003,"SINAPI","PAREDES/PAINEIS","ALVENARIA DE TIJOLOS CERAMICOS"]
[87479,"ALVENARIA DE VEDAÇÃO DE BLOCOS CERÂMICOS FURADOS NA VERTICAL DE 14X19X39CM (ESPESSURA 14CM) DE PAREDES COM ÁREA LÍQUIDA MAIOR OU IGUAL A 6M² SEM VÃOS E ARGAMASSA DE ASSENTAMENTO COM PREPARO EM BETONEIRA. AF_06/2014","M2",50.01,"SINAPI","PAREDES/PAINEIS","ALVENARIA DE TIJOLOS CERAMICOS"]
[87480,"ALVENARIA DE VEDAÇÃO DE BLOCOS CERÂMICOS FURADOS NA VERTICAL DE 14X19X39CM (ESPESSURA 14CM) DE PAREDES COM ÁREA LÍQUIDA MAIOR OU IGUAL A 6M² SEM VÃOS E ARGAMASSA DE ASSENTAMENTO COM PREPARO MANUAL. AF_06/2014","M2",51.15,"SINAPI","PAREDES/PAINEIS","ALVENARIA DE TIJOLOS CERAMICOS"]
[87481,"ALVENARIA DE VEDAÇÃO DE BLOCOS CERÂMICOS FURADOS NA VERTICAL DE 19X19X39CM (ESPESSURA 19CM) DE PAREDES COM ÁREA LÍQUIDA MAIOR OU IGUAL A 6M² SEM VÃOS E ARGAMASSA DE ASSENTAMENTO COM PREPARO EM BETONEIRA. AF_06/2014","M2",59.62,"SINAPI","PAREDES/PAINEIS","ALVENARIA DE TIJOLOS CERAMICOS"]
[87482,"ALVENARIA DE VEDAÇÃO DE BLOCOS CERÂMICOS FURADOS NA VERTICAL DE 19X19X39CM (ESPESSURA 19CM) DE PAREDES COM ÁREA LÍQUIDA MAIOR OU IGUAL A 6M² SEM VÃOS E ARGAMASSA DE ASSENTAMENTO COM PREPARO MANUAL. AF_06/2014","M2",60.95,"SINAPI","PAREDES/PAINEIS","ALVENARIA DE TIJOLOS CERAMICOS"]
[87483,"ALVENARIA DE VEDAÇÃO DE BLOCOS CERÂMICOS FURADOS NA VERTICAL DE 9X19X39CM (ESPESSURA 9CM) DE PAREDES COM ÁREA LÍQUIDA MENOR QUE 6M² COM VÃOS E ARGAMASSA DE ASSENTAMENTO COM PREPARO EM BETONEIRA. AF_06/2014","M2",45.82,"SINAPI","PAREDES/PAINEIS","ALVENARIA DE TIJOLOS CERAMICOS"]
[87484,"ALVENARIA DE VEDAÇÃO DE BLOCOS CERÂMICOS FURADOS NA VERTICAL DE 9X19X39CM (ESPESSURA 9CM) DE PAREDES COM ÁREA LÍQUIDA MENOR QUE 6M² COM VÃOS E ARGAMASSA DE ASSENTAMENTO COM PREPARO MANUAL. AF_06/2014","M2",46.82,"SINAPI","PAREDES/PAINEIS","ALVENARIA DE TIJOLOS CERAMICOS"]
[87485,"ALVENARIA DE VEDAÇÃO DE BLOCOS CERÂMICOS FURADOS NA VERTICAL DE 14X19X39CM (ESPESSURA 14CM) DE PAREDES COM ÁREA LÍQUIDA MENOR QUE 6M² COM VÃOS E ARGAMASSA DE ASSENTAMENTO COM PREPARO EM BETONEIRA. AF_06/2014","M2",61.05,"SINAPI","PAREDES/PAINEIS","ALVENARIA DE TIJOLOS CERAMICOS"]
[87487,"ALVENARIA DE VEDAÇÃO DE BLOCOS CERÂMICOS FURADOS NA VERTICAL DE 19X19X39CM (ESPESSURA 19CM) DE PAREDES COM ÁREA LÍQUIDA MENOR QUE 6M² COM VÃOS E ARGAMASSA DE ASSENTAMENTO COM PREPARO EM BETONEIRA. AF_06/2014","M2",70.44,"SINAPI","PAREDES/PAINEIS","ALVENARIA DE TIJOLOS CERAMICOS"]
[87488,"ALVENARIA DE VEDAÇÃO DE BLOCOS CERÂMICOS FURADOS NA VERTICAL DE 19X19X39CM (ESPESSURA 19CM) DE PAREDES COM ÁREA LÍQUIDA MENOR QUE 6M² COM VÃOS E ARGAMASSA DE ASSENTAMENTO COM PREPARO MANUAL. AF_06/2014","M2",71.77,"SINAPI","PAREDES/PAINEIS","ALVENARIA DE TIJOLOS CERAMICOS"]
[87489,"ALVENARIA DE VEDAÇÃO DE BLOCOS CERÂMICOS FURADOS NA VERTICAL DE 9X19X39CM (ESPESSURA 9CM) DE PAREDES COM ÁREA LÍQUIDA MAIOR OU IGUAL A 6M² COM VÃOS E ARGAMASSA DE ASSENTAMENTO COM PREPARO EM BETONEIRA. AF_06/2014","M2",39.01,"SINAPI","PAREDES/PAINEIS","ALVENARIA DE TIJOLOS CERAMICOS"]
[87490,"ALVENARIA DE VEDAÇÃO DE BLOCOS CERÂMICOS FURADOS NA VERTICAL DE 9X19X39CM (ESPESSURA 9CM) DE PAREDES COM ÁREA LÍQUIDA MAIOR OU IGUAL A 6M² COM VÃOS E ARGAMASSA DE ASSENTAMENTO COM PREPARO MANUAL. AF_06/2014","M2",40.01,"SINAPI","PAREDES/PAINEIS","ALVENARIA DE TIJOLOS CERAMICOS"]
[87491,"ALVENARIA DE VEDAÇÃO DE BLOCOS CERÂMICOS FURADOS NA VERTICAL DE 14X19X39CM (ESPESSURA 14CM) DE PAREDES COM ÁREA LÍQUIDA MAIOR OU IGUAL A 6M² COM VÃOS E ARGAMASSA DE ASSENTAMENTO COM PREPARO EM BETONEIRA. AF_06/2014","M2",53.79,"SINAPI","PAREDES/PAINEIS","ALVENARIA DE TIJOLOS CERAMICOS"]
[87492,"ALVENARIA DE VEDAÇÃO DE BLOCOS CERÂMICOS FURADOS NA VERTICAL DE 14X19X39CM (ESPESSURA 14CM) DE PAREDES COM ÁREA LÍQUIDA MAIOR OU IGUAL A 6M² COM VÃOS E ARGAMASSA DE ASSENTAMENTO COM PREPARO MANUAL. AF_06/2014","M2",54.93,"SINAPI","PAREDES/PAINEIS","ALVENARIA DE TIJOLOS CERAMICOS"]
[87493,"ALVENARIA DE VEDAÇÃO DE BLOCOS CERÂMICOS FURADOS NA VERTICAL DE 19X19X39CM (ESPESSURA 19CM) DE PAREDES COM ÁREA LÍQUIDA MAIOR OU IGUAL A 6M² COM VÃOS E ARGAMASSA DE ASSENTAMENTO COM PREPARO EM BETONEIRA. AF_06/2014","M2",63.49,"SINAPI","PAREDES/PAINEIS","ALVENARIA DE TIJOLOS CERAMICOS"]
[87494,"ALVENARIA DE VEDAÇÃO DE BLOCOS CERÂMICOS FURADOS NA VERTICAL DE 19X19X39CM (ESPESSURA 19CM) DE PAREDES COM ÁREA LÍQUIDA MAIOR OU IGUAL A 6M² COM VÃOS E ARGAMASSA DE ASSENTAMENTO COM PREPARO MANUAL. AF_06/2014","M2",64.819999999999993,"SINAPI","PAREDES/PAINEIS","ALVENARIA DE TIJOLOS CERAMICOS"]
[87495,"ALVENARIA DE VEDAÇÃO DE BLOCOS CERÂMICOS FURADOS NA HORIZONTAL DE 9X19X19CM (ESPESSURA 9CM) DE PAREDES COM ÁREA LÍQUIDA MENOR QUE 6M² SEM VÃOS E ARGAMASSA DE ASSENTAMENTO COM PREPARO EM BETONEIRA. AF_06/2014","M2",70.64,"SINAPI","PAREDES/PAINEIS","ALVENARIA DE TIJOLOS CERAMICOS"]
[87496,"ALVENARIA DE VEDAÇÃO DE BLOCOS CERÂMICOS FURADOS NA HORIZONTAL DE 9X19X19CM (ESPESSURA 9CM) DE PAREDES COM ÁREA LÍQUIDA MENOR QUE 6M² SEM VÃOS E ARGAMASSA DE ASSENTAMENTO COM PREPARO MANUAL. AF_06/2014","M2",71.58,"SINAPI","PAREDES/PAINEIS","ALVENARIA DE TIJOLOS CERAMICOS"]
[87497,"ALVENARIA DE VEDAÇÃO DE BLOCOS CERÂMICOS FURADOS NA HORIZONTAL DE 11,5X19X19CM (ESPESSURA 11,5CM) DE PAREDES COM ÁREA LÍQUIDA MENOR QUE 6M² SEM VÃOS E ARGAMASSA DE ASSENTAMENTO COM PREPARO EM BETONEIRA. AF_06/2014","M2",66.849999999999994,"SINAPI","PAREDES/PAINEIS","ALVENARIA DE TIJOLOS CERAMICOS"]
[87498,"ALVENARIA DE VEDAÇÃO DE BLOCOS CERÂMICOS FURADOS NA HORIZONTAL DE 11,5X19X19CM (ESPESSURA 11,5CM) DE PAREDES COM ÁREA LÍQUIDA MENOR QUE 6M² SEM VÃOS E ARGAMASSA DE ASSENTAMENTO COM PREPARO MANUAL. AF_06/2014","M2",68.05,"SINAPI","PAREDES/PAINEIS","ALVENARIA DE TIJOLOS CERAMICOS"]
[87499,"ALVENARIA DE VEDAÇÃO DE BLOCOS CERÂMICOS FURADOS NA HORIZONTAL DE 9X14X19CM (ESPESSURA 9CM) DE PAREDES COM ÁREA LÍQUIDA MENOR QUE 6M² SEM VÃOS E ARGAMASSA DE ASSENTAMENTO COM PREPARO EM BETONEIRA. AF_06/2014","M2",77.62,"SINAPI","PAREDES/PAINEIS","ALVENARIA DE TIJOLOS CERAMICOS"]
[87500,"ALVENARIA DE VEDAÇÃO DE BLOCOS CERÂMICOS FURADOS NA HORIZONTAL DE 9X14X19CM (ESPESSURA 9CM) DE PAREDES COM ÁREA LÍQUIDA MENOR QUE 6M² SEM VÃOS E ARGAMASSA DE ASSENTAMENTO COM PREPARO MANUAL. AF_06/2014","M2",78.64,"SINAPI","PAREDES/PAINEIS","ALVENARIA DE TIJOLOS CERAMICOS"]
[87501,"ALVENARIA DE VEDAÇÃO DE BLOCOS CERÂMICOS FURADOS NA HORIZONTAL DE 14X9X19CM (ESPESSURA 14CM, BLOCO DEITADO) DE PAREDES COM ÁREA LÍQUIDA MENOR QUE 6M² SEM VÃOS E ARGAMASSA DE ASSENTAMENTO COM PREPARO EM BETONEIRA. AF_06/2014","M2",120.54,"SINAPI","PAREDES/PAINEIS","ALVENARIA DE TIJOLOS CERAMICOS"]
[87502,"ALVENARIA DE VEDAÇÃO DE BLOCOS CERÂMICOS FURADOS NA HORIZONTAL DE 14X9X19CM (ESPESSURA 14CM, BLOCO DEITADO) DE PAREDES COM ÁREA LÍQUIDA MENOR QUE 6M² SEM VÃOS E ARGAMASSA DE ASSENTAMENTO COM PREPARO MANUAL. AF_06/2014","M2",121.84,"SINAPI","PAREDES/PAINEIS","ALVENARIA DE TIJOLOS CERAMICOS"]
[87503,"ALVENARIA DE VEDAÇÃO DE BLOCOS CERÂMICOS FURADOS NA HORIZONTAL DE 9X19X19CM (ESPESSURA 9CM) DE PAREDES COM ÁREA LÍQUIDA MAIOR OU IGUAL A 6M² SEM VÃOS E ARGAMASSA DE ASSENTAMENTO COM PREPARO EM BETONEIRA. AF_06/2014","M2",60.15,"SINAPI","PAREDES/PAINEIS","ALVENARIA DE TIJOLOS CERAMICOS"]
[87504,"ALVENARIA DE VEDAÇÃO DE BLOCOS CERÂMICOS FURADOS NA HORIZONTAL DE 9X19X19CM (ESPESSURA 9CM) DE PAREDES COM ÁREA LÍQUIDA MAIOR OU IGUAL A 6M² SEM VÃOS E ARGAMASSA DE ASSENTAMENTO COM PREPARO MANUAL. AF_06/2014","M2",61.09,"SINAPI","PAREDES/PAINEIS","ALVENARIA DE TIJOLOS CERAMICOS"]
[87505,"ALVENARIA DE VEDAÇÃO DE BLOCOS CERÂMICOS FURADOS NA HORIZONTAL DE 11,5X19X19CM (ESPESSURA 11,5M) DE PAREDES COM ÁREA LÍQUIDA MAIOR OU IGUAL A 6M² SEM VÃOS E ARGAMASSA DE ASSENTAMENTO COM PREPARO EM BETONEIRA. AF_06/2014","M2",56.5,"SINAPI","PAREDES/PAINEIS","ALVENARIA DE TIJOLOS CERAMICOS"]
[87506,"ALVENARIA DE VEDAÇÃO DE BLOCOS CERÂMICOS FURADOS NA HORIZONTAL DE 11,5X19X19CM (ESPESSURA 11,5M) DE PAREDES COM ÁREA LÍQUIDA MAIOR OU IGUAL A 6M² SEM VÃOS E ARGAMASSA DE ASSENTAMENTO COM PREPARO MANUAL. AF_06/2014","M2",57.7,"SINAPI","PAREDES/PAINEIS","ALVENARIA DE TIJOLOS CERAMICOS"]
[87507,"ALVENARIA DE VEDAÇÃO DE BLOCOS CERÂMICOS FURADOS NA HORIZONTAL DE 9X14X19CM (ESPESSURA 9CM) DE PAREDES COM ÁREA LÍQUIDA MAIOR OU IGUAL A 6M² SEM VÃOS E ARGAMASSA DE ASSENTAMENTO COM PREPARO EM BETONEIRA. AF_06/2014","M2",63.74,"SINAPI","PAREDES/PAINEIS","ALVENARIA DE TIJOLOS CERAMICOS"]
[87508,"ALVENARIA DE VEDAÇÃO DE BLOCOS CERÂMICOS FURADOS NA HORIZONTAL DE 9X14X19CM (ESPESSURA 9CM) DE PAREDES COM ÁREA LÍQUIDA MAIOR OU IGUAL A 6M² SEM VÃOS E ARGAMASSA DE ASSENTAMENTO COM PREPARO MANUAL. AF_06/2014","M2",64.760000000000005,"SINAPI","PAREDES/PAINEIS","ALVENARIA DE TIJOLOS CERAMICOS"]
[87509,"ALVENARIA DE VEDAÇÃO DE BLOCOS CERÂMICOS FURADOS NA HORIZONTAL DE 14X9X19CM (ESPESSURA 14CM, BLOCO DEITADO) DE PAREDES COM ÁREA LÍQUIDA MAIOR OU IGUAL A 6M² SEM VÃOS E ARGAMASSA DE ASSENTAMENTO COM PREPARO EM BETONEIRA. AF_06/2014","M2",98.26,"SINAPI","PAREDES/PAINEIS","ALVENARIA DE TIJOLOS CERAMICOS"]
[87510,"ALVENARIA DE VEDAÇÃO DE BLOCOS CERÂMICOS FURADOS NA HORIZONTAL DE 14X9X19CM (ESPESSURA 14CM, BLOCO DEITADO) DE PAREDES COM ÁREA LÍQUIDA MAIOR OU IGUAL A 6M² SEM VÃOS E ARGAMASSA DE ASSENTAMENTO COM PREPARO MANUAL. AF_06/2014","M2",99.56,"SINAPI","PAREDES/PAINEIS","ALVENARIA DE TIJOLOS CERAMICOS"]
[87511,"ALVENARIA DE VEDAÇÃO DE BLOCOS CERÂMICOS FURADOS NA HORIZONTAL DE 9X19X19CM (ESPESSURA 9CM) DE PAREDES COM ÁREA LÍQUIDA MENOR QUE 6M² COM VÃOS E ARGAMASSA DE ASSENTAMENTO COM PREPARO EM BETONEIRA. AF_06/2014","M2",79.75,"SINAPI","PAREDES/PAINEIS","ALVENARIA DE TIJOLOS CERAMICOS"]
[87512,"ALVENARIA DE VEDAÇÃO DE BLOCOS CERÂMICOS FURADOS NA HORIZONTAL DE 9X19X19CM (ESPESSURA 9CM) DE PAREDES COM ÁREA LÍQUIDA MENOR QUE 6M² COM VÃOS E ARGAMASSA DE ASSENTAMENTO COM PREPARO MANUAL. AF_06/2014","M2",80.69,"SINAPI","PAREDES/PAINEIS","ALVENARIA DE TIJOLOS CERAMICOS"]
[87513,"ALVENARIA DE VEDAÇÃO DE BLOCOS CERÂMICOS FURADOS NA HORIZONTAL DE 11,5X19X19CM (ESPESSURA 11,5CM) DE PAREDES COM ÁREA LÍQUIDA MENOR QUE 6M² COM VÃOS E ARGAMASSA DE ASSENTAMENTO COM PREPARO EM BETONEIRA. AF_06/2014","M2",76.31,"SINAPI","PAREDES/PAINEIS","ALVENARIA DE TIJOLOS CERAMICOS"]
[87514,"ALVENARIA DE VEDAÇÃO DE BLOCOS CERÂMICOS FURADOS NA HORIZONTAL DE 11,5X19X19CM (ESPESSURA 11,5CM) DE PAREDES COM ÁREA LÍQUIDA MENOR QUE 6M² COM VÃOS E ARGAMASSA DE ASSENTAMENTO COM PREPARO MANUAL. AF_06/2014","M2",77.510000000000005,"SINAPI","PAREDES/PAINEIS","ALVENARIA DE TIJOLOS CERAMICOS"]
[87515,"ALVENARIA DE VEDAÇÃO DE BLOCOS CERÂMICOS FURADOS NA HORIZONTAL DE 9X14X19CM (ESPESSURA 9CM) DE PAREDES COM ÁREA LÍQUIDA MENOR QUE 6M² COM VÃOS E ARGAMASSA DE ASSENTAMENTO COM PREPARO EM BETONEIRA. AF_06/2014","M2",90.28,"SINAPI","PAREDES/PAINEIS","ALVENARIA DE TIJOLOS CERAMICOS"]
[87516,"ALVENARIA DE VEDAÇÃO DE BLOCOS CERÂMICOS FURADOS NA HORIZONTAL DE 9X14X19CM (ESPESSURA 9CM) DE PAREDES COM ÁREA LÍQUIDA MENOR QUE 6M² COM VÃOS E ARGAMASSA DE ASSENTAMENTO COM PREPARO MANUAL. AF_06/2014","M2",91.3,"SINAPI","PAREDES/PAINEIS","ALVENARIA DE TIJOLOS CERAMICOS"]
[87517,"ALVENARIA DE VEDAÇÃO DE BLOCOS CERÂMICOS FURADOS NA HORIZONTAL DE 14X9X19CM (ESPESSURA 14CM, BLOCO DEITADO) DE PAREDES COM ÁREA LÍQUIDA MENOR QUE 6M² COM VÃOS E ARGAMASSA DE ASSENTAMENTO COM PREPARO EM BETONEIRA. AF_06/2014","M2",140.27000000000001,"SINAPI","PAREDES/PAINEIS","ALVENARIA DE TIJOLOS CERAMICOS"]
[87518,"ALVENARIA DE VEDAÇÃO DE BLOCOS CERÂMICOS FURADOS NA HORIZONTAL DE 14X9X19CM (ESPESSURA 14CM, BLOCO DEITADO) DE PAREDES COM ÁREA LÍQUIDA MENOR QUE 6M² COM VÃOS E ARGAMASSA DE ASSENTAMENTO COM PREPARO MANUAL. AF_06/2014","M2",141.57,"SINAPI","PAREDES/PAINEIS","ALVENARIA DE TIJOLOS CERAMICOS"]
[87519,"ALVENARIA DE VEDAÇÃO DE BLOCOS CERÂMICOS FURADOS NA HORIZONTAL DE 9X19X19CM (ESPESSURA 9CM) DE PAREDES COM ÁREA LÍQUIDA MAIOR OU IGUAL A 6M² COM VÃOS E ARGAMASSA DE ASSENTAMENTO COM PREPARO EM BETONEIRA. AF_06/2014","M2",65.88,"SINAPI","PAREDES/PAINEIS","ALVENARIA DE TIJOLOS CERAMICOS"]
[87520,"ALVENARIA DE VEDAÇÃO DE BLOCOS CERÂMICOS FURADOS NA HORIZONTAL DE 9X19X19CM (ESPESSURA 9CM) DE PAREDES COM ÁREA LÍQUIDA MAIOR OU IGUAL A 6M² COM VÃOS E ARGAMASSA DE ASSENTAMENTO COM PREPARO MANUAL. AF_06/2014","M2",66.819999999999993,"SINAPI","PAREDES/PAINEIS","ALVENARIA DE TIJOLOS CERAMICOS"]
[87521,"ALVENARIA DE VEDAÇÃO DE BLOCOS CERÂMICOS FURADOS NA HORIZONTAL DE 11,5X19X19CM (ESPESSURA 11,5CM) DE PAREDES COM ÁREA LÍQUIDA MAIOR OU IGUAL A 6M² COM VÃOS E ARGAMASSA DE ASSENTAMENTO COM PREPARO EM BETONEIRA. AF_06/2014","M2",62.27,"SINAPI","PAREDES/PAINEIS","ALVENARIA DE TIJOLOS CERAMICOS"]
[87522,"ALVENARIA DE VEDAÇÃO DE BLOCOS CERÂMICOS FURADOS NA HORIZONTAL DE 11,5X19X19CM (ESPESSURA 11,5CM) DE PAREDES COM ÁREA LÍQUIDA MAIOR OU IGUAL A 6M² COM VÃOS E ARGAMASSA DE ASSENTAMENTO COM PREPARO MANUAL. AF_06/2014","M2",63.47,"SINAPI","PAREDES/PAINEIS","ALVENARIA DE TIJOLOS CERAMICOS"]
[87523,"ALVENARIA DE VEDAÇÃO DE BLOCOS CERÂMICOS FURADOS NA HORIZONTAL DE 9X14X19CM (ESPESSURA 9CM) DE PAREDES COM ÁREA LÍQUIDA MAIOR OU IGUAL A 6M² COM VÃOS E ARGAMASSA DE ASSENTAMENTO COM PREPARO EM BETONEIRA. AF_06/2014","M2",71.45,"SINAPI","PAREDES/PAINEIS","ALVENARIA DE TIJOLOS CERAMICOS"]
[87524,"ALVENARIA DE VEDAÇÃO DE BLOCOS CERÂMICOS FURADOS NA HORIZONTAL DE 9X14X19CM (ESPESSURA 9CM) DE PAREDES COM ÁREA LÍQUIDA MAIOR OU IGUAL A 6M² COM VÃOS E ARGAMASSA DE ASSENTAMENTO COM PREPARO MANUAL. AF_06/2014","M2",72.47,"SINAPI","PAREDES/PAINEIS","ALVENARIA DE TIJOLOS CERAMICOS"]
[87525,"ALVENARIA DE VEDAÇÃO DE BLOCOS CERÂMICOS FURADOS NA HORIZONTAL DE 14X9X19CM (ESPESSURA 14CM, BLOCO DEITADO) DE PAREDES COM ÁREA LÍQUIDA MAIOR OU IGUAL A 6M² COM VÃOS E ARGAMASSA DE ASSENTAMENTO COM PREPARO EM BETONEIRA. AF_06/2014","M2",110.2,"SINAPI","PAREDES/PAINEIS","ALVENARIA DE TIJOLOS CERAMICOS"]
[87526,"ALVENARIA DE VEDAÇÃO DE BLOCOS CERÂMICOS FURADOS NA HORIZONTAL DE 14X9X19CM (ESPESSURA 14CM, BLOCO DEITADO) DE PAREDES COM ÁREA LÍQUIDA MAIOR OU IGUAL A 6M² COM VÃOS E ARGAMASSA DE ASSENTAMENTO COM PREPARO MANUAL. AF_06/2014","M2",111.5,"SINAPI","PAREDES/PAINEIS","ALVENARIA DE TIJOLOS CERAMICOS"]
[89043,"(COMPOSIÇÃO REPRESENTATIVA) DO SERVIÇO DE ALVENARIA DE VEDAÇÃO DE BLOCOS VAZADOS DE CERÂMICA DE 9X19X19CM (ESPESSURA 9CM), PARA EDIFICAÇÃO HABITACIONAL MULTIFAMILIAR (PRÉDIO). AF_11/2014","M2",67.19,"SINAPI","PAREDES/PAINEIS","ALVENARIA DE TIJOLOS CERAMICOS"]
[89168,"(COMPOSIÇÃO REPRESENTATIVA) DO SERVIÇO DE ALVENARIA DE VEDAÇÃO DE BLOCOS VAZADOS DE CERÂMICA DE 9X19X19CM (ESPESSURA 9CM), PARA EDIFICAÇÃO HABITACIONAL UNIFAMILIAR (CASA) E EDIFICAÇÃO PÚBLICA PADRÃO. AF_11/2014","M2",69.23,"SINAPI","PAREDES/PAINEIS","ALVENARIA DE TIJOLOS CERAMICOS"]
[89977,"(COMPOSIÇÃO REPRESENTATIVA) DO SERVIÇO DE ALVENARIA DE VEDAÇÃO DE BLOCOS VAZADOS DE CERÂMICA DE 14X9X19CM (ESPESSURA 14CM, BLOCO DEITADO), PARA EDIFICAÇÃO HABITACIONAL UNIFAMILIAR (CASA) E EDIFICAÇÃO PÚBLICA PADRÃO. AF_12/2014","M2",117.6,"SINAPI","PAREDES/PAINEIS","ALVENARIA DE TIJOLOS CERAMICOS"]
[90112,"ALVENARIA DE VEDAÇÃO DE BLOCOS CERÂMICOS FURADOS NA VERTICAL DE 14X19X39CM (ESPESSURA 14CM) DE PAREDES COM ÁREA LÍQUIDA MENOR QUE 6M2 COM VÃOS E ARGAMASSA DE ASSENTAMENTO COM PREPARO MANUAL. AF_06/2014","M2",62.19,"SINAPI","PAREDES/PAINEIS","ALVENARIA DE TIJOLOS CERAMICOS"]
[95474,"ALVENARIA DE EMBASAMENTO EM TIJOLOS CERAMICOS MACICOS 5X10X20CM, ASSENTADO  COM ARGAMASSA TRACO 1:2:8 (CIMENTO, CAL E AREIA)","M3",620.36,"SINAPI","PAREDES/PAINEIS","ALVENARIA DE TIJOLOS CERAMICOS"]
[89282,"ALVENARIA ESTRUTURAL DE BLOCOS CERÂMICOS 14X19X39, (ESPESSURA DE 14 CM), PARA PAREDES COM ÁREA LÍQUIDA MENOR QUE 6M², SEM VÃOS, UTILIZANDO PALHETA E ARGAMASSA DE ASSENTAMENTO COM PREPARO EM BETONEIRA. AF_12/2014","M2",50,"SINAPI","PAREDES/PAINEIS","ALVENARIA DE ELEMENTOS VAZADOS CERAMICOS"]
[89283,"ALVENARIA ESTRUTURAL DE BLOCOS CERÂMICOS 14X19X39, (ESPESSURA DE 14 CM), PARA PAREDES COM ÁREA LÍQUIDA MENOR QUE 6M², SEM VÃOS, UTILIZANDO PALHETA E ARGAMASSA DE ASSENTAMENTO COM PREPARO MANUAL. AF_12/2014","M2",52.05,"SINAPI","PAREDES/PAINEIS","ALVENARIA DE ELEMENTOS VAZADOS CERAMICOS"]
[89284,"ALVENARIA ESTRUTURAL DE BLOCOS CERÂMICOS 14X19X39, (ESPESSURA DE 14 CM), PARA PAREDES COM ÁREA LÍQUIDA MAIOR OU IGUAL QUE 6M², SEM VÃOS, UTILIZANDO PALHETA E ARGAMASSA DE ASSENTAMENTO COM PREPARO EM BETONEIRA. AF_12/2014","M2",45.29,"SINAPI","PAREDES/PAINEIS","ALVENARIA DE ELEMENTOS VAZADOS CERAMICOS"]
[89285,"ALVENARIA ESTRUTURAL DE BLOCOS CERÂMICOS 14X19X39, (ESPESSURA DE 14 CM), PARA PAREDES COM ÁREA LÍQUIDA MAIOR OU IGUAL QUE 6M², SEM VÃOS, UTILIZANDO PALHETA E ARGAMASSA DE ASSENTAMENTO COM PREPARO MANUAL. AF_12/2014","M2",47.34,"SINAPI","PAREDES/PAINEIS","ALVENARIA DE ELEMENTOS VAZADOS CERAMICOS"]
[89286,"ALVENARIA ESTRUTURAL DE BLOCOS CERÂMICOS 14X19X39, (ESPESSURA DE 14 CM), PARA PAREDES COM ÁREA LÍQUIDA MENOR QUE 6M², COM VÃOS, UTILIZANDO PALHETA E ARGAMASSA DE ASSENTAMENTO COM PREPARO EM BETONEIRA. AF_12/2014","M2",54.48,"SINAPI","PAREDES/PAINEIS","ALVENARIA DE ELEMENTOS VAZADOS CERAMICOS"]
[89287,"ALVENARIA ESTRUTURAL DE BLOCOS CERÂMICOS 14X19X39, (ESPESSURA DE 14 CM), PARA PAREDES COM ÁREA LÍQUIDA MENOR QUE 6M², COM VÃOS, UTILIZANDO PALHETA E ARGAMASSA DE ASSENTAMENTO COM PREPARO MANUAL. AF_12/2014","M2",56.53,"SINAPI","PAREDES/PAINEIS","ALVENARIA DE ELEMENTOS VAZADOS CERAMICOS"]
[89288,"ALVENARIA ESTRUTURAL DE BLOCOS CERÂMICOS 14X19X39, (ESPESSURA DE 14 CM), PARA PAREDES COM ÁREA LÍQUIDA MAIOR OU IGUAL A 6M², COM VÃOS, UTILIZANDO PALHETA E ARGAMASSA DE ASSENTAMENTO COM PREPARO EM BETONEIRA. AF_12/2014","M2",47.93,"SINAPI","PAREDES/PAINEIS","ALVENARIA DE ELEMENTOS VAZADOS CERAMICOS"]
[89289,"ALVENARIA ESTRUTURAL DE BLOCOS CERÂMICOS 14X19X39, (ESPESSURA DE 14 CM), PARA PAREDES COM ÁREA LÍQUIDA MAIOR OU IGUAL A 6M², COM VÃOS, UTILIZANDO PALHETA E ARGAMASSA DE ASSENTAMENTO COM PREPARO MANUAL. AF_12/2014","M2",49.98,"SINAPI","PAREDES/PAINEIS","ALVENARIA DE ELEMENTOS VAZADOS CERAMICOS"]
[89290,"ALVENARIA ESTRUTURAL DE BLOCOS CERÂMICOS 14X19X29, (ESPESSURA DE 14 CM), PARA PAREDES COM ÁREA LÍQUIDA MENOR QUE 6M², SEM VÃOS, UTILIZANDO PALHETA E ARGAMASSA DE ASSENTAMENTO COM PREPARO EM BETONEIRA. AF_12/2014","M2",59.04,"SINAPI","PAREDES/PAINEIS","ALVENARIA DE ELEMENTOS VAZADOS CERAMICOS"]
[89291,"ALVENARIA ESTRUTURAL DE BLOCOS CERÂMICOS 14X19X29, (ESPESSURA DE 14 CM), PARA PAREDES COM ÁREA LÍQUIDA MENOR QUE 6M², SEM VÃOS, UTILIZANDO PALHETA E ARGAMASSA DE ASSENTAMENTO COM PREPARO MANUAL. AF_12/2014","M2",61.32,"SINAPI","PAREDES/PAINEIS","ALVENARIA DE ELEMENTOS VAZADOS CERAMICOS"]
[89292,"ALVENARIA ESTRUTURAL DE BLOCOS CERÂMICOS 14X19X29, (ESPESSURA DE 14 CM), PARA PAREDES COM ÁREA LÍQUIDA MAIOR OU IGUAL A 6M², SEM VÃOS, UTILIZANDO PALHETA E ARGAMASSA DE ASSENTAMENTO COM PREPARO EM BETONEIRA. AF_12/2014","M2",54.4,"SINAPI","PAREDES/PAINEIS","ALVENARIA DE ELEMENTOS VAZADOS CERAMICOS"]
[89293,"ALVENARIA ESTRUTURAL DE BLOCOS CERÂMICOS 14X19X29, (ESPESSURA DE 14 CM), PARA PAREDES COM ÁREA LÍQUIDA MAIOR OU IGUAL A 6M2, SEM VÃOS, UTILIZANDO PALHETA E ARGAMASSA DE ASSENTAMENTO COM PREPARO MANUAL. AF_12/2014","M2",56.68,"SINAPI","PAREDES/PAINEIS","ALVENARIA DE ELEMENTOS VAZADOS CERAMICOS"]
[89294,"ALVENARIA ESTRUTURAL DE BLOCOS CERÂMICOS 14X19X29, (ESPESSURA DE 14 CM), PARA PAREDES COM ÁREA LÍQUIDA MENOR QUE 6M², COM VÃOS, UTILIZANDO PALHETA E ARGAMASSA DE ASSENTAMENTO COM PREPARO EM BETONEIRA. AF_12/2014","M2",65.180000000000007,"SINAPI","PAREDES/PAINEIS","ALVENARIA DE ELEMENTOS VAZADOS CERAMICOS"]
[89295,"ALVENARIA ESTRUTURAL DE BLOCOS CERÂMICOS 14X19X29, (ESPESSURA DE 14 CM), PARA PAREDES COM ÁREA LÍQUIDA MENOR QUE 6M², COM VÃOS, UTILIZANDO PALHETA E ARGAMASSA DE ASSENTAMENTO COM PREPARO MANUAL. AF_12/2014","M2",67.459999999999994,"SINAPI","PAREDES/PAINEIS","ALVENARIA DE ELEMENTOS VAZADOS CERAMICOS"]
[89296,"ALVENARIA ESTRUTURAL DE BLOCOS CERÂMICOS 14X19X29, (ESPESSURA DE 14 CM), PARA PAREDES COM ÁREA LÍQUIDA MAIOR OU IGUAL A 6M², COM VÃOS, UTILIZANDO PALHETA E ARGAMASSA DE ASSENTAMENTO COM PREPARO EM BETONEIRA. AF_12/2014","M2",57.91,"SINAPI","PAREDES/PAINEIS","ALVENARIA DE ELEMENTOS VAZADOS CERAMICOS"]
[89297,"ALVENARIA ESTRUTURAL DE BLOCOS CERÂMICOS 14X19X29, (ESPESSURA DE 14 CM), PARA PAREDES COM ÁREA LÍQUIDA MAIOR OU IGUAL A 6M², COM VÃOS, UTILIZANDO PALHETA E ARGAMASSA DE ASSENTAMENTO COM PREPARO MANUAL. AF_12/2014","M2",60.19,"SINAPI","PAREDES/PAINEIS","ALVENARIA DE ELEMENTOS VAZADOS CERAMICOS"]
[89298,"ALVENARIA ESTRUTURAL DE BLOCOS CERÂMICOS 14X19X39, (ESPESSURA DE 14 CM), PARA PAREDES COM ÁREA LÍQUIDA MENOR QUE 6M², SEM VÃOS, UTILIZANDO COLHER DE PEDREIRO E ARGAMASSA DE ASSENTAMENTO COM PREPARO EM BETONEIRA. AF_12/2014","M2",60.38,"SINAPI","PAREDES/PAINEIS","ALVENARIA DE ELEMENTOS VAZADOS CERAMICOS"]
[89299,"ALVENARIA ESTRUTURAL DE BLOCOS CERÂMICOS 14X19X39, (ESPESSURA DE 14 CM), PARA PAREDES COM ÁREA LÍQUIDA MENOR QUE 6M², SEM VÃOS, UTILIZANDO COLHER DE PEDREIRO E ARGAMASSA DE ASSENTAMENTO COM PREPARO MANUAL. AF_12/2014","M2",63.29,"SINAPI","PAREDES/PAINEIS","ALVENARIA DE ELEMENTOS VAZADOS CERAMICOS"]
[89300,"ALVENARIA ESTRUTURAL DE BLOCOS CERÂMICOS 14X19X39, (ESPESSURA DE 14 CM), PARA PAREDES COM ÁREA LÍQUIDA MAIOR OU IGUAL A 6M², SEM VÃOS, UTILIZANDO COLHER DE PEDREIRO E ARGAMASSA DE ASSENTAMENTO COM PREPARO EM BETONEIRA. AF_12/2014","M2",55.67,"SINAPI","PAREDES/PAINEIS","ALVENARIA DE ELEMENTOS VAZADOS CERAMICOS"]
[89301,"ALVENARIA ESTRUTURAL DE BLOCOS CERÂMICOS 14X19X39, (ESPESSURA DE 14 CM), PARA PAREDES COM ÁREA LÍQUIDA MAIOR OU IGUAL A 6M², SEM VÃOS, UTILIZANDO COLHER DE PEDREIRO E ARGAMASSA DE ASSENTAMENTO COM PREPARO MANUAL. AF_12/2014","M2",58.58,"SINAPI","PAREDES/PAINEIS","ALVENARIA DE ELEMENTOS VAZADOS CERAMICOS"]
[89302,"ALVENARIA ESTRUTURAL DE BLOCOS CERÂMICOS 14X19X39, (ESPESSURA DE 14 CM), PARA PAREDES COM ÁREA LÍQUIDA MENOR QUE 6M², COM VÃOS, UTILIZANDO COLHER DE PEDREIRO E ARGAMASSA DE ASSENTAMENTO COM PREPARO EM BETONEIRA. AF_12/2014","M2",68.099999999999994,"SINAPI","PAREDES/PAINEIS","ALVENARIA DE ELEMENTOS VAZADOS CERAMICOS"]
[89303,"ALVENARIA ESTRUTURAL DE BLOCOS CERÂMICOS 14X19X39, (ESPESSURA DE 14 CM), PARA PAREDES COM ÁREA LÍQUIDA MENOR QUE 6M², COM VÃOS, UTILIZANDO COLHER DE PEDREIRO E ARGAMASSA DE ASSENTAMENTO COM PREPARO MANUAL. AF_12/2014","M2",71.010000000000005,"SINAPI","PAREDES/PAINEIS","ALVENARIA DE ELEMENTOS VAZADOS CERAMICOS"]
[89304,"ALVENARIA ESTRUTURAL DE BLOCOS CERÂMICOS 14X19X39, (ESPESSURA DE 14 CM), PARA PAREDES COM ÁREA LÍQUIDA MAIOR OU IGUAL A 6M², COM VÃOS, UTILIZANDO COLHER DE PEDREIRO E ARGAMASSA DE ASSENTAMENTO COM PREPARO EM BETONEIRA. AF_12/2014","M2",60.32,"SINAPI","PAREDES/PAINEIS","ALVENARIA DE ELEMENTOS VAZADOS CERAMICOS"]
[89305,"ALVENARIA ESTRUTURAL DE BLOCOS CERÂMICOS 14X19X39, (ESPESSURA DE 14 CM), PARA PAREDES COM ÁREA LÍQUIDA MAIOR OU IGUAL A 6M², COM VÃOS, UTILIZANDO COLHER DE PEDREIRO E ARGAMASSA DE ASSENTAMENTO COM PREPARO MANUAL. AF_12/2014","M2",63.23,"SINAPI","PAREDES/PAINEIS","ALVENARIA DE ELEMENTOS VAZADOS CERAMICOS"]
[89306,"ALVENARIA ESTRUTURAL DE BLOCOS CERÂMICOS 14X19X29, (ESPESSURA DE 14 CM), PARA PAREDES COM ÁREA LÍQUIDA MENOR QUE 6M², SEM VÃOS, UTILIZANDO COLHER DE PEDREIRO E ARGAMASSA DE ASSENTAMENTO COM PREPARO EM BETONEIRA. AF_12/2014","M2",69.59,"SINAPI","PAREDES/PAINEIS","ALVENARIA DE ELEMENTOS VAZADOS CERAMICOS"]
[89307,"ALVENARIA ESTRUTURAL DE BLOCOS CERÂMICOS 14X19X29, (ESPESSURA DE 14 CM), PARA PAREDES COM ÁREA LÍQUIDA MENOR QUE 6M², SEM VÃOS, UTILIZANDO COLHER DE PEDREIRO E ARGAMASSA DE ASSENTAMENTO COM PREPARO MANUAL. AF_12/2014","M2",72.819999999999993,"SINAPI","PAREDES/PAINEIS","ALVENARIA DE ELEMENTOS VAZADOS CERAMICOS"]
[89308,"ALVENARIA ESTRUTURAL DE BLOCOS CERÂMICOS 14X19X29, (ESPESSURA DE 14 CM), PARA PAREDES COM ÁREA LÍQUIDA MAIOR OU IGUAL A 6M², SEM VÃOS, UTILIZANDO COLHER DE PEDREIRO E ARGAMASSA DE ASSENTAMENTO COM PREPARO EM BETONEIRA. AF_12/2014","M2",64.95,"SINAPI","PAREDES/PAINEIS","ALVENARIA DE ELEMENTOS VAZADOS CERAMICOS"]
[89309,"ALVENARIA ESTRUTURAL DE BLOCOS CERÂMICOS 14X19X29, (ESPESSURA DE 14 CM), PARA PAREDES COM ÁREA LÍQUIDA MAIOR OU IGUAL A 6M², SEM VÃOS, UTILIZANDO COLHER DE PEDREIRO E ARGAMASSA DE ASSENTAMENTO COM PREPARO MANUAL. AF_12/2014","M2",68.180000000000007,"SINAPI","PAREDES/PAINEIS","ALVENARIA DE ELEMENTOS VAZADOS CERAMICOS"]
[89310,"ALVENARIA ESTRUTURAL DE BLOCOS CERÂMICOS 14X19X29, (ESPESSURA DE 14 CM), PARA PAREDES COM ÁREA LÍQUIDA MENOR QUE 6M², COM VÃOS, UTILIZANDO COLHER DE PEDREIRO E ARGAMASSA DE ASSENTAMENTO COM PREPARO EM BETONEIRA. AF_12/2014","M2",78.92,"SINAPI","PAREDES/PAINEIS","ALVENARIA DE ELEMENTOS VAZADOS CERAMICOS"]
[89311,"ALVENARIA ESTRUTURAL DE BLOCOS CERÂMICOS 14X19X29, (ESPESSURA DE 14 CM), PARA PAREDES COM ÁREA LÍQUIDA MENOR QUE 6M², COM VÃOS, UTILIZANDO COLHER DE PEDREIRO E ARGAMASSA DE ASSENTAMENTO COM PREPARO MANUAL. AF_12/2014","M2",82.15,"SINAPI","PAREDES/PAINEIS","ALVENARIA DE ELEMENTOS VAZADOS CERAMICOS"]
[89312,"ALVENARIA ESTRUTURAL DE BLOCOS CERÂMICOS 14X19X29, (ESPESSURA DE 14 CM), PARA PAREDES COM ÁREA LÍQUIDA MAIOR OU IGUAL A 6M², COM VÃOS, UTILIZANDO COLHER DE PEDREIRO E ARGAMASSA DE ASSENTAMENTO COM PREPARO EM BETONEIRA. AF_12/2014","M2",70.48,"SINAPI","PAREDES/PAINEIS","ALVENARIA DE ELEMENTOS VAZADOS CERAMICOS"]
[89313,"ALVENARIA ESTRUTURAL DE BLOCOS CERÂMICOS 14X19X29, (ESPESSURA DE 14 CM), PARA PAREDES COM ÁREA LÍQUIDA MAIOR OU IGUAL A 6M², COM VÃOS, UTILIZANDO COLHER DE PEDREIRO E ARGAMASSA DE ASSENTAMENTO COM PREPARO MANUAL. AF_12/2014","M2",73.709999999999994,"SINAPI","PAREDES/PAINEIS","ALVENARIA DE ELEMENTOS VAZADOS CERAMICOS"]
[95465,"COBOGO CERAMICO (ELEMENTO VAZADO), 9X20X20CM, ASSENTADO COM ARGAMASSA TRACO 1:4 DE CIMENTO E AREIA","M2",126.94,"SINAPI","PAREDES/PAINEIS","ALVENARIA DE ELEMENTOS VAZADOS CERAMICOS"]
[87447,"ALVENARIA DE VEDAÇÃO DE BLOCOS VAZADOS DE CONCRETO DE 9X19X39CM (ESPESSURA 9CM) DE PAREDES COM ÁREA LÍQUIDA MENOR QUE 6M² SEM VÃOS E ARGAMASSA DE ASSENTAMENTO COM PREPARO EM BETONEIRA. AF_06/2014","M2",55,"SINAPI","PAREDES/PAINEIS","ALVENARIA DE BLOCOS DE CONCRETO"]
[87448,"ALVENARIA DE VEDAÇÃO DE BLOCOS VAZADOS DE CONCRETO DE 9X19X39CM (ESPESSURA 9CM) DE PAREDES COM ÁREA LÍQUIDA MENOR QUE 6M² SEM VÃOS E ARGAMASSA DE ASSENTAMENTO COM PREPARO MANUAL. AF_06/2014","M2",55.49,"SINAPI","PAREDES/PAINEIS","ALVENARIA DE BLOCOS DE CONCRETO"]
[87449,"ALVENARIA DE VEDAÇÃO DE BLOCOS VAZADOS DE CONCRETO DE 14X19X39CM (ESPESSURA 14CM) DE PAREDES COM ÁREA LÍQUIDA MENOR QUE 6M² SEM VÃOS E ARGAMASSA DE ASSENTAMENTO COM PREPARO EM BETONEIRA. AF_06/2014","M2",69.81,"SINAPI","PAREDES/PAINEIS","ALVENARIA DE BLOCOS DE CONCRETO"]
[87450,"ALVENARIA DE VEDAÇÃO DE BLOCOS VAZADOS DE CONCRETO DE 14X19X39CM (ESPESSURA 14CM) DE PAREDES COM ÁREA LÍQUIDA MENOR QUE 6M² SEM VÃOS E ARGAMASSA DE ASSENTAMENTO COM PREPARO MANUAL. AF_06/2014","M2",70.81,"SINAPI","PAREDES/PAINEIS","ALVENARIA DE BLOCOS DE CONCRETO"]
[87451,"ALVENARIA DE VEDAÇÃO DE BLOCOS VAZADOS DE CONCRETO DE 19X19X39CM (ESPESSURA 19CM) DE PAREDES COM ÁREA LÍQUIDA MENOR QUE 6M² SEM VÃOS E ARGAMASSA DE ASSENTAMENTO COM PREPARO EM BETONEIRA. AF_06/2014","M2",85.05,"SINAPI","PAREDES/PAINEIS","ALVENARIA DE BLOCOS DE CONCRETO"]
[87452,"ALVENARIA DE VEDAÇÃO DE BLOCOS VAZADOS DE CONCRETO DE 19X19X39CM (ESPESSURA 19CM) DE PAREDES COM ÁREA LÍQUIDA MENOR QUE 6M² SEM VÃOS E ARGAMASSA DE ASSENTAMENTO COM PREPARO MANUAL. AF_06/2014","M2",85.53,"SINAPI","PAREDES/PAINEIS","ALVENARIA DE BLOCOS DE CONCRETO"]
[87453,"ALVENARIA DE VEDAÇÃO DE BLOCOS VAZADOS DE CONCRETO DE 9X19X39CM (ESPESSURA 9CM) DE PAREDES COM ÁREA LÍQUIDA MAIOR OU IGUAL A 6M² SEM VÃOS E ARGAMASSA DE ASSENTAMENTO COM PREPARO EM BETONEIRA. AF_06/2014","M2",51.27,"SINAPI","PAREDES/PAINEIS","ALVENARIA DE BLOCOS DE CONCRETO"]
[87454,"ALVENARIA DE VEDAÇÃO DE BLOCOS VAZADOS DE CONCRETO DE 9X19X39CM (ESPESSURA 9CM) DE PAREDES COM ÁREA LÍQUIDA MAIOR OU IGUAL A 6M² SEM VÃOS E ARGAMASSA DE ASSENTAMENTO COM PREPARO MANUAL. AF_06/2014","M2",52.12,"SINAPI","PAREDES/PAINEIS","ALVENARIA DE BLOCOS DE CONCRETO"]
[87455,"ALVENARIA DE VEDAÇÃO DE BLOCOS VAZADOS DE CONCRETO DE 14X19X39CM (ESPESSURA 14CM) DE PAREDES COM ÁREA LÍQUIDA MAIOR OU IGUAL A 6M² SEM VÃOS E ARGAMASSA DE ASSENTAMENTO COM PREPARO EM BETONEIRA. AF_06/2014","M2",65.25,"SINAPI","PAREDES/PAINEIS","ALVENARIA DE BLOCOS DE CONCRETO"]
[87456,"ALVENARIA DE VEDAÇÃO DE BLOCOS VAZADOS DE CONCRETO DE 14X19X39CM (ESPESSURA 14CM) DE PAREDES COM ÁREA LÍQUIDA MAIOR OU IGUAL A 6M² SEM VÃOS E ARGAMASSA DE ASSENTAMENTO COM PREPARO MANUAL. AF_06/2014","M2",66.62,"SINAPI","PAREDES/PAINEIS","ALVENARIA DE BLOCOS DE CONCRETO"]
[87457,"ALVENARIA DE VEDAÇÃO DE BLOCOS VAZADOS DE CONCRETO DE 19X19X39CM (ESPESSURA 19CM) DE PAREDES COM ÁREA LÍQUIDA MAIOR OU IGUAL A 6M² SEM VÃOS E ARGAMASSA DE ASSENTAMENTO COM PREPARO EM BETONEIRA. AF_06/2014","M2",79.62,"SINAPI","PAREDES/PAINEIS","ALVENARIA DE BLOCOS DE CONCRETO"]
[87458,"ALVENARIA DE VEDAÇÃO DE BLOCOS VAZADOS DE CONCRETO DE 19X19X39CM (ESPESSURA 19CM) DE PAREDES COM ÁREA LÍQUIDA MAIOR OU IGUAL A 6M² SEM VÃOS E ARGAMASSA DE ASSENTAMENTO COM PREPARO MANUAL. AF_06/2014","M2",80.86,"SINAPI","PAREDES/PAINEIS","ALVENARIA DE BLOCOS DE CONCRETO"]
[87459,"ALVENARIA DE VEDAÇÃO DE BLOCOS VAZADOS DE CONCRETO DE 9X19X39CM (ESPESSURA 9CM) DE PAREDES COM ÁREA LÍQUIDA MENOR QUE 6M² COM VÃOS E ARGAMASSA DE ASSENTAMENTO COM PREPARO EM BETONEIRA. AF_06/2014","M2",61.35,"SINAPI","PAREDES/PAINEIS","ALVENARIA DE BLOCOS DE CONCRETO"]
[87460,"ALVENARIA DE VEDAÇÃO DE BLOCOS VAZADOS DE CONCRETO DE 9X19X39CM (ESPESSURA 9CM) DE PAREDES COM ÁREA LÍQUIDA MENOR QUE 6M² COM VÃOS E ARGAMASSA DE ASSENTAMENTO COM PREPARO MANUAL. AF_06/2014","M2",62.2,"SINAPI","PAREDES/PAINEIS","ALVENARIA DE BLOCOS DE CONCRETO"]
[87461,"ALVENARIA DE VEDAÇÃO DE BLOCOS VAZADOS DE CONCRETO DE 14X19X39CM (ESPESSURA 14CM) DE PAREDES COM ÁREA LÍQUIDA MENOR QUE 6M² COM VÃOS E ARGAMASSA DE ASSENTAMENTO COM PREPARO EM BETONEIRA. AF_06/2014","M2",76.209999999999994,"SINAPI","PAREDES/PAINEIS","ALVENARIA DE BLOCOS DE CONCRETO"]
[87462,"ALVENARIA DE VEDAÇÃO DE BLOCOS VAZADOS DE CONCRETO DE 14X19X39CM (ESPESSURA 14CM) DE PAREDES COM ÁREA LÍQUIDA MENOR QUE 6M² COM VÃOS E ARGAMASSA DE ASSENTAMENTO COM PREPARO MANUAL. AF_06/2014","M2",77.209999999999994,"SINAPI","PAREDES/PAINEIS","ALVENARIA DE BLOCOS DE CONCRETO"]
[87463,"ALVENARIA DE VEDAÇÃO DE BLOCOS VAZADOS DE CONCRETO DE 19X19X39CM (ESPESSURA 19CM) DE PAREDES COM ÁREA LÍQUIDA MENOR QUE 6M² COM VÃOS E ARGAMASSA DE ASSENTAMENTO COM PREPARO EM BETONEIRA. AF_06/2014","M2",90.75,"SINAPI","PAREDES/PAINEIS","ALVENARIA DE BLOCOS DE CONCRETO"]
[87464,"ALVENARIA DE VEDAÇÃO DE BLOCOS VAZADOS DE CONCRETO DE 19X19X39CM (ESPESSURA 19CM) DE PAREDES COM ÁREA LÍQUIDA MENOR QUE 6M² COM VÃOS E ARGAMASSA DE ASSENTAMENTO COM PREPARO MANUAL. AF_06/2014","M2",91.99,"SINAPI","PAREDES/PAINEIS","ALVENARIA DE BLOCOS DE CONCRETO"]
[87465,"ALVENARIA DE VEDAÇÃO DE BLOCOS VAZADOS DE CONCRETO DE 9X19X39CM (ESPESSURA 9CM) DE PAREDES COM ÁREA LÍQUIDA MAIOR OU IGUAL A 6M² COM VÃOS E ARGAMASSA DE ASSENTAMENTO COM PREPARO EM BETONEIRA. AF_06/2014","M2",54.86,"SINAPI","PAREDES/PAINEIS","ALVENARIA DE BLOCOS DE CONCRETO"]
[87466,"ALVENARIA DE VEDAÇÃO DE BLOCOS VAZADOS DE CONCRETO DE 9X19X39CM (ESPESSURA 9CM) DE PAREDES COM ÁREA LÍQUIDA MAIOR OU IGUAL A 6M² COM VÃOS E ARGAMASSA DE ASSENTAMENTO COM PREPARO MANUAL. AF_06/2014","M2",55.71,"SINAPI","PAREDES/PAINEIS","ALVENARIA DE BLOCOS DE CONCRETO"]
[87467,"ALVENARIA DE VEDAÇÃO DE BLOCOS VAZADOS DE CONCRETO DE 14X19X39CM (ESPESSURA 14CM) DE PAREDES COM ÁREA LÍQUIDA MAIOR OU IGUAL A 6M² COM VÃOS E ARGAMASSA DE ASSENTAMENTO COM PREPARO EM BETONEIRA. AF_06/2014","M2",69.260000000000005,"SINAPI","PAREDES/PAINEIS","ALVENARIA DE BLOCOS DE CONCRETO"]
[87468,"ALVENARIA DE VEDAÇÃO DE BLOCOS VAZADOS DE CONCRETO DE 14X19X39CM (ESPESSURA 14CM) DE PAREDES COM ÁREA LÍQUIDA MAIOR OU IGUAL A 6M² COM VÃOS E ARGAMASSA DE ASSENTAMENTO COM PREPARO MANUAL. AF_06/2014","M2",70.260000000000005,"SINAPI","PAREDES/PAINEIS","ALVENARIA DE BLOCOS DE CONCRETO"]
[87469,"ALVENARIA DE VEDAÇÃO DE BLOCOS VAZADOS DE CONCRETO DE 19X19X39CM (ESPESSURA 19CM) DE PAREDES COM ÁREA LÍQUIDA MAIOR OU IGUAL A 6M² COM VÃOS E ARGAMASSA DE ASSENTAMENTO COM PREPARO EM BETONEIRA. AF_06/2014","M2",83.8,"SINAPI","PAREDES/PAINEIS","ALVENARIA DE BLOCOS DE CONCRETO"]
[87470,"ALVENARIA DE VEDAÇÃO DE BLOCOS VAZADOS DE CONCRETO DE 19X19X39CM (ESPESSURA 19CM) DE PAREDES COM ÁREA LÍQUIDA MAIOR OU IGUAL A 6M² COM VÃOS E ARGAMASSA DE ASSENTAMENTO COM PREPARO MANUAL. AF_06/2014","M2",85.04,"SINAPI","PAREDES/PAINEIS","ALVENARIA DE BLOCOS DE CONCRETO"]
[89044,"(COMPOSIÇÃO REPRESENTATIVA) DO SERVIÇO DE ALVENARIA DE VEDAÇÃO DE BLOCOS VAZADOS DE CONCRETO DE 9X19X39CM (ESPESSURA 9CM), PARA EDIFICAÇÃO HABITACIONAL MULTIFAMILIAR (PRÉDIO). AF_11/2014","M2",54.92,"SINAPI","PAREDES/PAINEIS","ALVENARIA DE BLOCOS DE CONCRETO"]
[89169,"(COMPOSIÇÃO REPRESENTATIVA) DO SERVIÇO DE ALVENARIA DE VEDAÇÃO DE BLOCOS VAZADOS DE CONCRETO DE 9X19X39CM (ESPESSURA 9CM), PARA EDIFICAÇÃO HABITACIONAL UNIFAMILIAR (CASA) E EDIFICAÇÃO PÚBLICA PADRÃO. AF_11/2014","M2",55.74,"SINAPI","PAREDES/PAINEIS","ALVENARIA DE BLOCOS DE CONCRETO"]
[89978,"(COMPOSIÇÃO REPRESENTATIVA) DO SERVIÇO DE ALVENARIA DE VEDAÇÃO DE BLOCOS VAZADOS DE CONCRETO DE 14X19X39CM (ESPESSURA 14CM), PARA EDIFICAÇÃO HABITACIONAL UNIFAMILIAR (CASA) E EDIFICAÇÃO PÚBLICA PADRÃO. AF_12/2014","M2",70.28,"SINAPI","PAREDES/PAINEIS","ALVENARIA DE BLOCOS DE CONCRETO"]
["73937/1","COBOGO DE CONCRETO (ELEMENTO VAZADO), 7X50X50CM, ASSENTADO COM ARGAMASSA TRACO 1:4 (CIMENTO E AREIA)","M2",129.82,"SINAPI","PAREDES/PAINEIS","ALVENARIA DE ELEMENTOS VAZADOS DE CONCRETO"]
["73937/3","COBOGO DE CONCRETO (ELEMENTO VAZADO), 7X50X50CM, ASSENTADO COM ARGAMASSA TRACO 1:3 (CIMENTO E AREIA)","M2",129.99,"SINAPI","PAREDES/PAINEIS","ALVENARIA DE ELEMENTOS VAZADOS DE CONCRETO"]
["73937/5","COBOGO DE CONCRETO (ELEMENTO VAZADO), 10X29X39CM ABERTURA COM VIDRO, ASSENTADO COM ARGAMASSA TRACO 1:4 (CIMENTO E AREIA MEDIA NAO PENEIRADA)","M2",228.7,"SINAPI","PAREDES/PAINEIS","ALVENARIA DE ELEMENTOS VAZADOS DE CONCRETO"]
[89453,"ALVENARIA DE BLOCOS DE CONCRETO ESTRUTURAL 14X19X39 CM, (ESPESSURA 14 CM), FBK = 4,5 MPA, PARA PAREDES COM ÁREA LÍQUIDA MENOR QUE 6M², SEM VÃOS, UTILIZANDO PALHETA. AF_12/2014","M2",63.26,"SINAPI","PAREDES/PAINEIS","ALVENARIA DE ELEMENTOS VAZADOS DE CONCRETO"]
[89454,"ALVENARIA DE BLOCOS DE CONCRETO ESTRUTURAL 14X19X39 CM, (ESPESSURA 14 CM), FBK = 4,5 MPA, PARA PAREDES COM ÁREA LÍQUIDA MAIOR OU IGUAL A 6M², SEM VÃOS, UTILIZANDO PALHETA. AF_12/2014","M2",60.49,"SINAPI","PAREDES/PAINEIS","ALVENARIA DE ELEMENTOS VAZADOS DE CONCRETO"]
[89455,"ALVENARIA DE BLOCOS DE CONCRETO ESTRUTURAL 14X19X39 CM, (ESPESSURA 14 CM) FBK = 14,0 MPA, PARA PAREDES COM ÁREA LÍQUIDA MENOR QUE 6M², SEM VÃOS, UTILIZANDO PALHETA. AF_12/2014","M2",78.58,"SINAPI","PAREDES/PAINEIS","ALVENARIA DE ELEMENTOS VAZADOS DE CONCRETO"]
[89456,"ALVENARIA DE BLOCOS DE CONCRETO ESTRUTURAL 14X19X39 CM, (ESPESSURA 14 CM) FBK = 14,0 MPA, PARA PAREDES COM ÁREA LÍQUIDA MAIOR OU IGUAL A 6M², SEM VÃOS, UTILIZANDO PALHETA. AF_12/2014","M2",75.209999999999994,"SINAPI","PAREDES/PAINEIS","ALVENARIA DE ELEMENTOS VAZADOS DE CONCRETO"]
[89457,"ALVENARIA DE BLOCOS DE CONCRETO ESTRUTURAL 14X19X39 CM, (ESPESSURA 14 CM), FBK = 4,5 MPA, PARA PAREDES COM ÁREA LÍQUIDA MENOR QUE 6M², COM VÃOS, UTILIZANDO PALHETA. AF_12/2014","M2",67.400000000000006,"SINAPI","PAREDES/PAINEIS","ALVENARIA DE ELEMENTOS VAZADOS DE CONCRETO"]
[89458,"ALVENARIA DE BLOCOS DE CONCRETO ESTRUTURAL 14X19X39 CM, (ESPESSURA 14 CM), FBK = 4,5 MPA, PARA PAREDES COM ÁREA LÍQUIDA MAIOR OU IGUAL A 6M², COM VÃOS, UTILIZANDO PALHETA. AF_12/2014","M2",62.83,"SINAPI","PAREDES/PAINEIS","ALVENARIA DE ELEMENTOS VAZADOS DE CONCRETO"]
[89459,"ALVENARIA DE BLOCOS DE CONCRETO ESTRUTURAL 14X19X39 CM, (ESPESSURA 14 CM) FBK = 14,0 MPA, PARA PAREDES COM ÁREA LÍQUIDA MENOR QUE 6M², COM VÃOS, UTILIZANDO PALHETA. AF_12/2014","M2",84.32,"SINAPI","PAREDES/PAINEIS","ALVENARIA DE ELEMENTOS VAZADOS DE CONCRETO"]
[89460,"ALVENARIA DE BLOCOS DE CONCRETO ESTRUTURAL 14X19X39 CM, (ESPESSURA 14 CM) FBK = 14,0 MPA, PARA PAREDES COM ÁREA LÍQUIDA MAIOR OU IGUAL A 6M², COM VÃOS, UTILIZANDO PALHETA. AF_12/2014","M2",78.69,"SINAPI","PAREDES/PAINEIS","ALVENARIA DE ELEMENTOS VAZADOS DE CONCRETO"]
[89462,"ALVENARIA DE BLOCOS DE CONCRETO ESTRUTURAL 14X19X29 CM, (ESPESSURA 14 CM), FBK = 4,5 MPA, PARA PAREDES COM ÁREA LÍQUIDA MENOR QUE 6M², SEM VÃOS, UTILIZANDO PALHETA. AF_12/2014","M2",72.989999999999995,"SINAPI","PAREDES/PAINEIS","ALVENARIA DE ELEMENTOS VAZADOS DE CONCRETO"]
[89463,"ALVENARIA DE BLOCOS DE CONCRETO ESTRUTURAL 14X19X29 CM, (ESPESSURA 14 CM), FBK = 4,5 MPA, PARA PAREDES COM ÁREA LÍQUIDA MAIOR OU IGUAL A 6M², SEM VÃOS, UTILIZANDO PALHETA. AF_12/2014","M2",70.540000000000006,"SINAPI","PAREDES/PAINEIS","ALVENARIA DE ELEMENTOS VAZADOS DE CONCRETO"]
[89464,"ALVENARIA DE BLOCOS DE CONCRETO ESTRUTURAL 14X19X29 CM, (ESPESSURA 14 CM) FBK = 14,0 MPA, PARA PAREDES COM ÁREA LÍQUIDA MENOR QUE 6M², SEM VÃOS, UTILIZANDO PALHETA. AF_12/2014","M2",97.82,"SINAPI","PAREDES/PAINEIS","ALVENARIA DE ELEMENTOS VAZADOS DE CONCRETO"]
[89465,"ALVENARIA DE BLOCOS DE CONCRETO ESTRUTURAL 14X19X29 CM, (ESPESSURA 14 CM) FBK = 14,0 MPA, PARA PAREDES COM ÁREA LÍQUIDA MAIOR OU IGUAL A 6M², SEM VÃOS, UTILIZANDO PALHETA. AF_12/2014","M2",94.86,"SINAPI","PAREDES/PAINEIS","ALVENARIA DE ELEMENTOS VAZADOS DE CONCRETO"]
[89466,"ALVENARIA DE BLOCOS DE CONCRETO ESTRUTURAL 14X19X29 CM, (ESPESSURA 14 CM), FBK = 4,5 MPA, PARA PAREDES COM ÁREA LÍQUIDA MENOR QUE 6M², COM VÃOS, UTILIZANDO PALHETA. AF_12/2014","M2",77.34,"SINAPI","PAREDES/PAINEIS","ALVENARIA DE ELEMENTOS VAZADOS DE CONCRETO"]
[89467,"ALVENARIA DE BLOCOS DE CONCRETO ESTRUTURAL 14X19X29 CM, (ESPESSURA 14 CM), FBK = 4,5 MPA, PARA PAREDES COM ÁREA LÍQUIDA MAIOR OU IGUAL A 6M², COM VÃOS, UTILIZANDO PALHETA. AF_12/2014","M2",72.89,"SINAPI","PAREDES/PAINEIS","ALVENARIA DE ELEMENTOS VAZADOS DE CONCRETO"]
[89468,"ALVENARIA DE BLOCOS DE CONCRETO ESTRUTURAL 14X19X29 CM, (ESPESSURA 14 CM) FBK = 14,0 MPA, PARA PAREDES COM ÁREA LÍQUIDA MENOR QUE 6M², COM VÃOS, UTILIZANDO PALHETA. AF_12/2014","M2",103.14,"SINAPI","PAREDES/PAINEIS","ALVENARIA DE ELEMENTOS VAZADOS DE CONCRETO"]
[89469,"ALVENARIA DE BLOCOS DE CONCRETO ESTRUTURAL 14X19X29 CM, (ESPESSURA 14 CM) FBK = 14,0 MPA, PARA PAREDES COM ÁREA LÍQUIDA MAIOR OU IGUAL A 6M², COM VÃOS, UTILIZANDO PALHETA. AF_12/2014","M2",97.71,"SINAPI","PAREDES/PAINEIS","ALVENARIA DE ELEMENTOS VAZADOS DE CONCRETO"]
[89470,"ALVENARIA DE BLOCOS DE CONCRETO ESTRUTURAL 14X19X39 CM, (ESPESSURA 14 CM), FBK = 4,5 MPA, PARA PAREDES COM ÁREA LÍQUIDA MENOR QUE 6M², SEM VÃOS, UTILIZANDO COLHER DE PEDREIRO. AF_12/2014","M2",75.680000000000007,"SINAPI","PAREDES/PAINEIS","ALVENARIA DE ELEMENTOS VAZADOS DE CONCRETO"]
[89471,"ALVENARIA DE BLOCOS DE CONCRETO ESTRUTURAL 14X19X39 CM, (ESPESSURA 14 CM), FBK = 4,5 MPA, PARA PAREDES COM ÁREA LÍQUIDA MAIOR OU IGUAL A 6M², SEM VÃOS, UTILIZANDO COLHER DE PEDREIRO. AF_12/2014","M2",72.900000000000006,"SINAPI","PAREDES/PAINEIS","ALVENARIA DE ELEMENTOS VAZADOS DE CONCRETO"]
[89472,"ALVENARIA DE BLOCOS DE CONCRETO ESTRUTURAL 14X19X39 CM, (ESPESSURA 14 CM) FBK = 14,0 MPA, PARA PAREDES COM ÁREA LÍQUIDA MENOR QUE 6M², SEM VÃOS, UTILIZANDO COLHER DE PEDREIRO. AF_12/2014","M2",90.77,"SINAPI","PAREDES/PAINEIS","ALVENARIA DE ELEMENTOS VAZADOS DE CONCRETO"]
[89473,"ALVENARIA DE BLOCOS DE CONCRETO ESTRUTURAL 14X19X39 CM, (ESPESSURA 14 CM) FBK = 14,0 MPA, PARA PAREDES COM ÁREA LÍQUIDA MAIOR OU IGUAL A 6M², SEM VÃOS, UTILIZANDO COLHER DE PEDREIRO. AF_12/2014","M2",87.63,"SINAPI","PAREDES/PAINEIS","ALVENARIA DE ELEMENTOS VAZADOS DE CONCRETO"]
[89474,"ALVENARIA DE BLOCOS DE CONCRETO ESTRUTURAL 14X19X39 CM, (ESPESSURA 14 CM), FBK = 4,5 MPA, PARA PAREDES COM ÁREA LÍQUIDA MENOR QUE 6M², COM VÃOS, UTILIZANDO COLHER DE PEDREIRO. AF_12/2014","M2",83.39,"SINAPI","PAREDES/PAINEIS","ALVENARIA DE ELEMENTOS VAZADOS DE CONCRETO"]
[89475,"ALVENARIA DE BLOCOS DE CONCRETO ESTRUTURAL 14X19X39 CM, (ESPESSURA 14 CM), FBK = 4,5 MPA, PARA PAREDES COM ÁREA LÍQUIDA MAIOR OU IGUAL A 6M², COM VÃOS, UTILIZANDO COLHER DE PEDREIRO. AF_12/2014","M2",77.2,"SINAPI","PAREDES/PAINEIS","ALVENARIA DE ELEMENTOS VAZADOS DE CONCRETO"]
[89476,"ALVENARIA DE BLOCOS DE CONCRETO ESTRUTURAL 14X19X39 CM, (ESPESSURA 14 CM) FBK = 14,0 MPA, PARA PAREDES COM ÁREA LÍQUIDA MENOR QUE 6M², COM VÃOS, UTILIZANDO COLHER DE PEDREIRO. AF_12/2014","M2",100.31,"SINAPI","PAREDES/PAINEIS","ALVENARIA DE ELEMENTOS VAZADOS DE CONCRETO"]
[89477,"ALVENARIA DE BLOCOS DE CONCRETO ESTRUTURAL 14X19X39 CM, (ESPESSURA 14 CM) FBK = 14,0 MPA, PARA PAREDES COM ÁREA LÍQUIDA MAIOR OU IGUAL A 6M², COM VÃOS, UTILIZANDO COLHER DE PEDREIRO. AF_12/2014","M2",93.28,"SINAPI","PAREDES/PAINEIS","ALVENARIA DE ELEMENTOS VAZADOS DE CONCRETO"]
[89478,"ALVENARIA DE BLOCOS DE CONCRETO ESTRUTURAL 14X19X29 CM, (ESPESSURA 14 CM), FBK = 4,5 MPA, PARA PAREDES COM ÁREA LÍQUIDA MENOR QUE 6M², SEM VÃOS, UTILIZANDO COLHER DE PEDREIRO. AF_12/2014","M2",85.61,"SINAPI","PAREDES/PAINEIS","ALVENARIA DE ELEMENTOS VAZADOS DE CONCRETO"]
[89479,"ALVENARIA DE BLOCOS DE CONCRETO ESTRUTURAL 14X19X29 CM, (ESPESSURA 14 CM), FBK = 4,5 MPA, PARA PAREDES COM ÁREA LÍQUIDA MAIOR OU IGUAL A 6M², SEM VÃOS, UTILIZANDO COLHER DE PEDREIRO. AF_12/2014","M2",83.17,"SINAPI","PAREDES/PAINEIS","ALVENARIA DE ELEMENTOS VAZADOS DE CONCRETO"]
[89480,"ALVENARIA DE BLOCOS DE CONCRETO ESTRUTURAL 14X19X29 CM, (ESPESSURA 14 CM) FBK = 14,0 MPA, PARA PAREDES COM ÁREA LÍQUIDA MENOR QUE 6M², SEM VÃOS, UTILIZANDO COLHER DE PEDREIRO. AF_12/2014","M2",110.23,"SINAPI","PAREDES/PAINEIS","ALVENARIA DE ELEMENTOS VAZADOS DE CONCRETO"]
[89483,"ALVENARIA DE BLOCOS DE CONCRETO ESTRUTURAL 14X19X29 CM, (ESPESSURA 14 CM) FBK = 14,0 MPA, PARA PAREDES COM ÁREA LÍQUIDA MAIOR OU IGUAL A 6M², SEM VÃOS, UTILIZANDO COLHER DE PEDREIRO. AF_12/2014","M2",107.47,"SINAPI","PAREDES/PAINEIS","ALVENARIA DE ELEMENTOS VAZADOS DE CONCRETO"]
[89484,"ALVENARIA DE BLOCOS DE CONCRETO ESTRUTURAL 14X19X29 CM, (ESPESSURA 14 CM), FBK = 4,5 MPA, PARA PAREDES COM ÁREA LÍQUIDA MENOR QUE 6M², COM VÃOS, UTILIZANDO COLHER DE PEDREIRO. AF_12/2014","M2",93.55,"SINAPI","PAREDES/PAINEIS","ALVENARIA DE ELEMENTOS VAZADOS DE CONCRETO"]
[89486,"ALVENARIA DE BLOCOS DE CONCRETO ESTRUTURAL 14X19X29 CM, (ESPESSURA 14 CM), FBK = 4,5 MPA, PARA PAREDES COM ÁREA LÍQUIDA MAIOR OU IGUAL A 6M², COM VÃOS, UTILIZANDO COLHER DE PEDREIRO. AF_12/2014","M2",87.69,"SINAPI","PAREDES/PAINEIS","ALVENARIA DE ELEMENTOS VAZADOS DE CONCRETO"]
[89487,"ALVENARIA DE BLOCOS DE CONCRETO ESTRUTURAL 14X19X29 CM, (ESPESSURA 14 CM) FBK = 14,0 MPA, PARA PAREDES COM ÁREA LÍQUIDA MENOR QUE 6M², COM VÃOS, UTILIZANDO COLHER DE PEDREIRO. AF_12/2014","M2",119.33,"SINAPI","PAREDES/PAINEIS","ALVENARIA DE ELEMENTOS VAZADOS DE CONCRETO"]
[89488,"ALVENARIA DE BLOCOS DE CONCRETO ESTRUTURAL 14X19X29 CM, (ESPESSURA 14 CM) FBK = 14,0 MPA, PARA PAREDES COM ÁREA LÍQUIDA MAIOR OU IGUAL A 6M², COM VÃOS, UTILIZANDO COLHER DE PEDREIRO. AF_12/2014","M2",112.51,"SINAPI","PAREDES/PAINEIS","ALVENARIA DE ELEMENTOS VAZADOS DE CONCRETO"]
[91815,"(COMPOSIÇÃO REPRESENTATIVA) DE ALVENARIA DE BLOCOS DE CONCRETO ESTRUTURAL 14X19X39 CM, (ESPESSURA 14 CM), FBK = 4,5 MPA, UTILIZANDO PALHETA, PARA EDIFICAÇÃO HABITACIONAL. AF_10/2015","M2",63.35,"SINAPI","PAREDES/PAINEIS","ALVENARIA DE ELEMENTOS VAZADOS DE CONCRETO"]
[91816,"COMPOSIÇÃO REPRESENTATIVA DE SERVIÇOS DE ALVENARIA DE BLOCOS DE CONCRETO ESTRUTURAL 14X19X29 CM, (ESPESSURA 14 CM), FBK = 4,5 MPA, UTILIZANDO PALHETA, PARA EDIFICAÇÃO HABITACIONAL. AF_10/2015","M2",73.290000000000006,"SINAPI","PAREDES/PAINEIS","ALVENARIA DE ELEMENTOS VAZADOS DE CONCRETO"]
[72139,"BLOCOS DE VIDRO TIPO CANELADO 19X19X8CM, ASSENTADO COM ARGAMASSA TRACO 1:3 (CIMENTO E AREIA GROSSA) PREPARO MECANICO, COM REJUNTAMENTO EM CIMENTO BRANCO E BARRAS DE ACO","M2",415.19,"SINAPI","PAREDES/PAINEIS","ALVENARIA DE BLOCOS DE VIDRO"]
[72175,"BLOCOS DE VIDRO TIPO XADREZ 20X20X10CM, ASSENTADO COM ARGAMASSA TRACO 1:3 (CIMENTO E AREIA GROSSA) PREPARO MECANICO, COM REJUNTAMENTO EM CIMENTO BRANCO E BARRAS DE ACO","M2",417.94,"SINAPI","PAREDES/PAINEIS","ALVENARIA DE BLOCOS DE VIDRO"]
[72176,"BLOCOS DE VIDRO TIPO XADREZ 20X10X8CM, ASSENTADO COM ARGAMASSA TRACO 1:3 (CIMENTO E AREIA GROSSA) PREPARO MECANICO, COM REJUNTAMENTO EM CIMENTO BRANCO E BARRAS DE ACO","M2",420.44,"SINAPI","PAREDES/PAINEIS","ALVENARIA DE BLOCOS DE VIDRO"]
[72178,"RETIRADA DE DIVISORIAS EM CHAPAS DE MADEIRA, COM MONTANTES METALICOS","M2",32.44,"SINAPI","PAREDES/PAINEIS","DIVISORIAS/MARMORE/GRANITO/MARMORITE/CONCRETO/MAD.AGLOM."]
[72179,"RECOLOCACAO DE PLACAS DIVISORIAS DE GRANILITE, CONSIDERANDO REAPROVEITAMENTO DO MATERIAL","M2",56.05,"SINAPI","PAREDES/PAINEIS","DIVISORIAS/MARMORE/GRANITO/MARMORITE/CONCRETO/MAD.AGLOM."]
[72180,"RECOLOCACAO DE DIVISORIAS TIPO CHAPAS OU TABUAS, EXCLUSIVE ENTARUGAMENTO, CONSIDERANDO REAPROVEITAMENTO DO MATERIAL","M2",18.25,"SINAPI","PAREDES/PAINEIS","DIVISORIAS/MARMORE/GRANITO/MARMORITE/CONCRETO/MAD.AGLOM."]
[72181,"RECOLOCACAO DE DIVISORIAS TIPO CHAPAS OU TABUAS, INCLUSIVE ENTARUGAMENTO, CONSIDERANDO REAPROVEITAMENTO DO MATERIAL","M2",36.93,"SINAPI","PAREDES/PAINEIS","DIVISORIAS/MARMORE/GRANITO/MARMORITE/CONCRETO/MAD.AGLOM."]
["73774/1","DIVISORIA EM MARMORITE ESPESSURA 35MM, CHUMBAMENTO NO PISO E PAREDE COM ARGAMASSA DE CIMENTO E AREIA, POLIMENTO MANUAL, EXCLUSIVE FERRAGENS","M2",308.95999999999998,"SINAPI","PAREDES/PAINEIS","DIVISORIAS/MARMORE/GRANITO/MARMORITE/CONCRETO/MAD.AGLOM."]
["73909/1","DIVISORIA EM MADEIRA COMPENSADA RESINADA ESPESSURA 6MM, ESTRUTURADA EM MADEIRA DE LEI 3\"X3\"","M2",274.98,"SINAPI","PAREDES/PAINEIS","DIVISORIAS/MARMORE/GRANITO/MARMORITE/CONCRETO/MAD.AGLOM."]
["74229/1","DIVISORIA EM MARMORE BRANCO POLIDO, ESPESSURA 3 CM, ASSENTADO COM ARGAMASSA TRACO 1:4 (CIMENTO E AREIA), ARREMATE COM CIMENTO BRANCO, EXCLUSIVE FERRAGENS","M2",647.92999999999995,"SINAPI","PAREDES/PAINEIS","DIVISORIAS/MARMORE/GRANITO/MARMORITE/CONCRETO/MAD.AGLOM."]
[79627,"DIVISORIA EM GRANITO BRANCO POLIDO, ESP = 3CM, ASSENTADO COM ARGAMASSA TRACO 1:4, ARREMATE EM CIMENTO BRANCO, EXCLUSIVE FERRAGENS","M2",585.97,"SINAPI","PAREDES/PAINEIS","DIVISORIAS/MARMORE/GRANITO/MARMORITE/CONCRETO/MAD.AGLOM."]
[96358,"PAREDE COM PLACAS DE GESSO ACARTONADO (DRYWALL), PARA USO INTERNO, COM DUAS FACES SIMPLES E ESTRUTURA METÁLICA COM GUIAS SIMPLES, SEM VÃOS. AF_06/2017_P","M2",83.73,"SINAPI","PAREDES/PAINEIS","DIVISORIAS/MARMORE/GRANITO/MARMORITE/CONCRETO/MAD.AGLOM."]
[96359,"PAREDE COM PLACAS DE GESSO ACARTONADO (DRYWALL), PARA USO INTERNO, COM DUAS FACES SIMPLES E ESTRUTURA METÁLICA COM GUIAS SIMPLES, COM VÃOS AF_06/2017_P","M2",92.29,"SINAPI","PAREDES/PAINEIS","DIVISORIAS/MARMORE/GRANITO/MARMORITE/CONCRETO/MAD.AGLOM."]
[96360,"PAREDE COM PLACAS DE GESSO ACARTONADO (DRYWALL), PARA USO INTERNO, COM DUAS FACES SIMPLES E ESTRUTURA METÁLICA COM GUIAS DUPLAS, SEM VÃOS. AF_06/2017_P","M2",106.31,"SINAPI","PAREDES/PAINEIS","DIVISORIAS/MARMORE/GRANITO/MARMORITE/CONCRETO/MAD.AGLOM."]
[96361,"PAREDE COM PLACAS DE GESSO ACARTONADO (DRYWALL), PARA USO INTERNO, COM DUAS FACES SIMPLES E ESTRUTURA METÁLICA COM GUIAS DUPLAS, COM VÃOS. AF_06/2017_P","M2",122.89,"SINAPI","PAREDES/PAINEIS","DIVISORIAS/MARMORE/GRANITO/MARMORITE/CONCRETO/MAD.AGLOM."]
[96362,"PAREDE COM PLACAS DE GESSO ACARTONADO (DRYWALL), PARA USO INTERNO, COM UMA FACE SIMPLES E OUTRA FACE DUPLA E ESTRUTURA METÁLICA COM GUIAS SIMPLES, SEM VÃOS. AF_06/2017_P","M2",109.86,"SINAPI","PAREDES/PAINEIS","DIVISORIAS/MARMORE/GRANITO/MARMORITE/CONCRETO/MAD.AGLOM."]
[96363,"PAREDE COM PLACAS DE GESSO ACARTONADO (DRYWALL), PARA USO INTERNO, COM UMA FACE SIMPLES E OUTRA FACE DUPLA E ESTRUTURA METÁLICA COM GUIAS SIMPLES, COM VÃOS. AF_06/2017_P","M2",118.76,"SINAPI","PAREDES/PAINEIS","DIVISORIAS/MARMORE/GRANITO/MARMORITE/CONCRETO/MAD.AGLOM."]
[96364,"PAREDE COM PLACAS DE GESSO ACARTONADO (DRYWALL), PARA USO INTERNO COM UMA FACE SIMPLES E OUTRA FACE DUPLA E ESTRUTURA METÁLICA COM GUIAS DUPLAS, SEM VÃOS. AF_06/2017_P","M2",132.43,"SINAPI","PAREDES/PAINEIS","DIVISORIAS/MARMORE/GRANITO/MARMORITE/CONCRETO/MAD.AGLOM."]
[96365,"PAREDE COM PLACAS DE GESSO ACARTONADO (DRYWALL), PARA USO INTERNO, COM UMA FACE SIMPLES E OUTRA FACE DUPLA E   ESTRUTURA METÁLICA COM GUIAS DUPLAS, COM VÃOS. AF_06/2017_P","M2",149.35,"SINAPI","PAREDES/PAINEIS","DIVISORIAS/MARMORE/GRANITO/MARMORITE/CONCRETO/MAD.AGLOM."]
[96366,"PAREDE COM PLACAS DE GESSO ACARTONADO (DRYWALL), PARA USO INTERNO, COM DUAS FACES DUPLAS E ESTRUTURA METÁLICA COM GUIAS SIMPLES, SEM VÃOS. AF_06/2017_P","M2",135.99,"SINAPI","PAREDES/PAINEIS","DIVISORIAS/MARMORE/GRANITO/MARMORITE/CONCRETO/MAD.AGLOM."]
[96367,"PAREDE COM PLACAS DE GESSO ACARTONADO (DRYWALL), PARA USO INTERNO, COM DUAS FACES DUPLAS E ESTRUTURA METÁLICA COM GUIAS SIMPLES, COM VÃOS. AF_06/2017_P","M2",145.21,"SINAPI","PAREDES/PAINEIS","DIVISORIAS/MARMORE/GRANITO/MARMORITE/CONCRETO/MAD.AGLOM."]
[96368,"PAREDE COM PLACAS DE GESSO ACARTONADO (DRYWALL), PARA USO INTERNO COM DUAS FACES DUPLAS E ESTRUTURA METÁLICA COM GUIAS DUPLAS, SEM VÃOS. AF_06/2017","M2",158.56,"SINAPI","PAREDES/PAINEIS","DIVISORIAS/MARMORE/GRANITO/MARMORITE/CONCRETO/MAD.AGLOM."]
[96369,"PAREDE COM PLACAS DE GESSO ACARTONADO (DRYWALL), PARA USO INTERNO, COM DUAS FACES DUPLAS E ESTRUTURA METÁLICA COM GUIAS DUPLAS, COM VÃOS. AF_06/2017_P","M2",175.81,"SINAPI","PAREDES/PAINEIS","DIVISORIAS/MARMORE/GRANITO/MARMORITE/CONCRETO/MAD.AGLOM."]
[96370,"PAREDE COM PLACAS DE GESSO ACARTONADO (DRYWALL), PARA USO INTERNO, COM UMA FACE SIMPLES E ESTRUTURA METÁLICA COM GUIAS SIMPLES, SEM VÃOS. AF_06/2017_P","M2",53.61,"SINAPI","PAREDES/PAINEIS","DIVISORIAS/MARMORE/GRANITO/MARMORITE/CONCRETO/MAD.AGLOM."]
[96371,"PAREDE COM PLACAS DE GESSO ACARTONADO (DRYWALL), PARA USO INTERNO, COM UMA FACE SIMPLES E ESTRUTURA METÁLICA COM GUIAS SIMPLES, COM VÃOS. AF_06/2017_P","M2",61.98,"SINAPI","PAREDES/PAINEIS","DIVISORIAS/MARMORE/GRANITO/MARMORITE/CONCRETO/MAD.AGLOM."]
[96372,"INSTALAÇÃO DE ISOLAMENTO COM LÃ DE ROCHA EM PAREDES DRYWALL. AF_06/2017","M2",21.75,"SINAPI","PAREDES/PAINEIS","DIVISORIAS/MARMORE/GRANITO/MARMORITE/CONCRETO/MAD.AGLOM."]
[96373,"INSTALAÇÃO DE REFORÇO METÁLICO EM PAREDE DRYWALL. AF_06/2017","M",7.69,"SINAPI","PAREDES/PAINEIS","DIVISORIAS/MARMORE/GRANITO/MARMORITE/CONCRETO/MAD.AGLOM."]
[96374,"INSTALAÇÃO DE REFORÇO DE MADEIRA EM PAREDE DRYWALL. AF_06/2017","M",33.01,"SINAPI","PAREDES/PAINEIS","DIVISORIAS/MARMORE/GRANITO/MARMORITE/CONCRETO/MAD.AGLOM."]
["73863/1","ALVENARIA COM BLOCOS DE CONCRETO CELULAR 10X30X60CM, ESPESSURA 10CM, ASSENTADOS COM ARGAMASSA TRACO 1:2:9 (CIMENTO, CAL E AREIA) PREPARO MANUAL","M2",55.39,"SINAPI","PAREDES/PAINEIS","ALVENARIA DE BLOCO-CONCRETO CELULAR"]
["73863/2","ALVENARIA COM BLOCOS DE CONCRETO CELULAR 20X30X60CM, ESPESSURA 20CM, ASSENTADOS COM ARGAMASSA TRACO 1:2:9 (CIMENTO, CAL E AREIA) PREPARO MANUAL","M2",113.04,"SINAPI","PAREDES/PAINEIS","ALVENARIA DE BLOCO-CONCRETO CELULAR"]
["73790/2","REASSENTAMENTO DE PARALELEPIPEDO SOBRE COLCHAO DE PO DE PEDRA ESPESSURA 10CM, REJUNTADO COM BETUME E PEDRISCO, CONSIDERANDO APROVEITAMENTO DO PARALELEPIPEDO","M2",54.71,"SINAPI","PAVIMENTACAO","RECOMPOSICAO DE PAVIMENTACAO"]
["73790/4","REASSENTAMENTO DE PARALELEPIPEDO SOBRE COLCHAO DE PO DE PEDRA ESPESSURA 10CM, REJUNTADO COM ARGAMASSA TRACO 1:3 (CIMENTO E AREIA), CONSIDERANDO APROVEITAMENTO DO PARALELEPIPEDO","M2",43.26,"SINAPI","PAVIMENTACAO","RECOMPOSICAO DE PAVIMENTACAO"]
[83694,"RECOMPOSICAO DE PAVIMENTACAO TIPO BLOKRET SOBRE COLCHAO DE AREIA COM REAPROVEITAMENTO DE MATERIAL","M2",17.28,"SINAPI","PAVIMENTACAO","RECOMPOSICAO DE PAVIMENTACAO"]
["83695/1","REJUNTAMENTO PAVIMENTACAO PARALELEPIPEDO BETUME CASCALH INCL MATERIAIS","M2",26.54,"SINAPI","PAVIMENTACAO","RECOMPOSICAO DE PAVIMENTACAO"]
[83771,"RECOMPOSICAO DE REVESTIMENTO PRIMARIO MEDIDO P/ VOLUME COMPACTADO","M3",7.31,"SINAPI","PAVIMENTACAO","RECOMPOSICAO DE PAVIMENTACAO"]
[92970,"DEMOLIÇÃO DE PAVIMENTAÇÃO ASFÁLTICA COM UTILIZAÇÃO DE MARTELO PERFURADOR, ESPESSURA ATÉ 15 CM, EXCLUSIVE CARGA E TRANSPORTE","M2",12.7,"SINAPI","PAVIMENTACAO","RECOMPOSICAO DE PAVIMENTACAO"]
[72916,"BASE DE SOLO CIMENTO 2% MISTURA EM USINA, COMPACTACAO 100% PROCTOR INTERMEDIARIO, EXCLUSIVE ESCAVACAO, CARGA E TRANSPORTE DO SOLO","M3",30.61,"SINAPI","PAVIMENTACAO","EXECUCAO DE SUB-LEITO, LEITO, SUB-BASE, BASE ETC"]
[72919,"BASE DE SOLO CIMENTO 4% MISTURA EM USINA, COMPACTACAO 100% PROCTOR NORMAL, EXCLUSIVE ESCAVACAO, CARGA E TRANSPORTE DO SOLO","M3",44.69,"SINAPI","PAVIMENTACAO","EXECUCAO DE SUB-LEITO, LEITO, SUB-BASE, BASE ETC"]
[72922,"BASE DE SOLO CIMENTO 6% COM MISTURA EM USINA, COMPACTACAO 100% PROCTOR NORMAL, EXCLUSIVE ESCAVACAO, CARGA E TRANSPORTE DO SOLO","M3",61.35,"SINAPI","PAVIMENTACAO","EXECUCAO DE SUB-LEITO, LEITO, SUB-BASE, BASE ETC"]
[72923,"BASE DE SOLO - BRITA (40/60), MISTURA EM USINA, COMPACTACAO 100% PROCTOR MODIFICADO, EXCLUSIVE ESCAVACAO, CARGA E TRANSPORTE","M3",64.849999999999994,"SINAPI","PAVIMENTACAO","EXECUCAO DE SUB-LEITO, LEITO, SUB-BASE, BASE ETC"]
[72924,"BASE DE SOLO - BRITA (50/50), MISTURA EM USINA, COMPACTACAO 100% PROCTOR MODIFICADO, EXCLUSIVE ESCAVACAO, CARGA E TRANSPORTE","M3",55.63,"SINAPI","PAVIMENTACAO","EXECUCAO DE SUB-LEITO, LEITO, SUB-BASE, BASE ETC"]
[72961,"REGULARIZACAO E COMPACTACAO DE SUBLEITO ATE 20 CM DE ESPESSURA","M2",1.29,"SINAPI","PAVIMENTACAO","EXECUCAO DE SUB-LEITO, LEITO, SUB-BASE, BASE ETC"]
[96387,"EXECUÇÃO E COMPACTAÇÃO DE BASE E OU SUB BASE COM SOLO ESTABILIZADO GRANULOMETRICAMENTE - EXCLUSIVE ESCAVAÇÃO, CARGA E TRANSPORTE E SOLO. AF_09/2017","M3",6.78,"SINAPI","PAVIMENTACAO","EXECUCAO DE SUB-LEITO, LEITO, SUB-BASE, BASE ETC"]
[96388,"EXECUÇÃO E COMPACTAÇÃO DE BASE E OU SUB BASE COM SOLO PREDOMINANTEMENTE ARENOSO - EXCLUSIVE ESCAVAÇÃO, CARGA E TRANSPORTE E SOLO. AF_09/2017","M3",6.48,"SINAPI","PAVIMENTACAO","EXECUCAO DE SUB-LEITO, LEITO, SUB-BASE, BASE ETC"]
[96389,"EXECUÇÃO E COMPACTAÇÃO DE BASE E OU SUB BASE COM SOLO MELHORADO COM CIMENTO (TEOR DE 2%) - EXCLUSIVE ESCAVAÇÃO, CARGA E TRANSPORTE E SOLO. AF_09/2017","M3",32.130000000000003,"SINAPI","PAVIMENTACAO","EXECUCAO DE SUB-LEITO, LEITO, SUB-BASE, BASE ETC"]
[96390,"EXECUÇÃO E COMPACTAÇÃO DE BASE E OU SUB BASE COM SOLO MELHORADO COM CIMENTO (TEOR DE 4%) - EXCLUSIVE ESCAVAÇÃO, CARGA E TRANSPORTE E SOLO. AF_09/2017","M3",54.17,"SINAPI","PAVIMENTACAO","EXECUCAO DE SUB-LEITO, LEITO, SUB-BASE, BASE ETC"]
[96391,"EXECUÇÃO E COMPACTAÇÃO DE BASE E OU SUB BASE COM SOLO CIMENTO (TEOR DE CIMENTO IGUAL A 6%) - EXCLUSIVE ESCAVAÇÃO, CARGA E TRANSPORTE E SOLO. AF_09/2017","M3",75.86,"SINAPI","PAVIMENTACAO","EXECUCAO DE SUB-LEITO, LEITO, SUB-BASE, BASE ETC"]
[96392,"EXECUÇÃO E COMPACTAÇÃO DE BASE E OU SUB BASE COM SOLO CIMENTO (TEOR DE CIMENTO IGUAL A 8%) - EXCLUSIVE ESCAVAÇÃO, CARGA E TRANSPORTE E SOLO. AF_09/2017","M3",101.58,"SINAPI","PAVIMENTACAO","EXECUCAO DE SUB-LEITO, LEITO, SUB-BASE, BASE ETC"]
[96396,"EXECUÇÃO E COMPACTAÇÃO DE BASE E OU SUB BASE COM BRITA GRADUADA SIMPLES - EXCLUSIVE CARGA E TRANSPORTE. AF_09/2017","M3",110.32,"SINAPI","PAVIMENTACAO","EXECUCAO DE SUB-LEITO, LEITO, SUB-BASE, BASE ETC"]
[96397,"EXECUÇÃO E COMPACTAÇÃO DE BASE E OU SUB BASE COM BRITA GRADUADA TRATADA COM CIMENTO - EXCLUSIVE CARGA E TRANSPORTE. AF_09/2017","M3",150.16,"SINAPI","PAVIMENTACAO","EXECUCAO DE SUB-LEITO, LEITO, SUB-BASE, BASE ETC"]
[96398,"EXECUÇÃO E COMPACTAÇÃO DE BASE E OU SUB BASE COM CONCRETO COMPACTADO COM ROLO - EXCLUSIVE CARGA E TRANSPORTE. AF_09/2017","M3",165.95,"SINAPI","PAVIMENTACAO","EXECUCAO DE SUB-LEITO, LEITO, SUB-BASE, BASE ETC"]
[96399,"EXECUÇÃO E COMPACTAÇÃO DE BASE E OU SUB BASE COM PEDRA RACHÃO - EXCLUSIVE ESCAVAÇÃO, CARGA E TRANSPORTE. AF_09/2017","M3",90.65,"SINAPI","PAVIMENTACAO","EXECUCAO DE SUB-LEITO, LEITO, SUB-BASE, BASE ETC"]
[96400,"EXECUÇÃO E COMPACTAÇÃO DE BASE E OU SUB BASE COM MACADAME SECO - EXCLUSIVE ESCAVAÇÃO, CARGA E TRANSPORTE. AF_09/2017","M3",99.35,"SINAPI","PAVIMENTACAO","EXECUCAO DE SUB-LEITO, LEITO, SUB-BASE, BASE ETC"]
[96401,"EXECUÇÃO DE IMPRIMAÇÃO COM ASFALTO DILUÍDO CM-30. AF_09/2017","M2",6.71,"SINAPI","PAVIMENTACAO","EXECUCAO DE SUB-LEITO, LEITO, SUB-BASE, BASE ETC"]
[96402,"EXECUÇÃO DE IMPRIMAÇÃO LIGANTE (PINTURA DE LIGAÇÃO) COM EMULSÃO ASFÁLTICA RR-2C. AF_09/2017","M2",1.44,"SINAPI","PAVIMENTACAO","EXECUCAO DE SUB-LEITO, LEITO, SUB-BASE, BASE ETC"]
[72799,"PAVIMENTO EM PARALELEPIPEDO SOBRE COLCHAO DE AREIA REJUNTADO COM ARGAMASSA DE CIMENTO E AREIA NO TRAÇO 1:3 (PEDRAS PEQUENAS 30 A 35 PECAS POR M2)","M2",78.67,"SINAPI","PAVIMENTACAO","EXECUCAO DE PAVIMENTACOES DIVERSAS"]
[72942,"PINTURA DE LIGACAO COM EMULSAO RR-1C","M2",1.72,"SINAPI","PAVIMENTACAO","EXECUCAO DE PAVIMENTACOES DIVERSAS"]
[72943,"PINTURA DE LIGACAO COM EMULSAO RR-2C","M2",1.92,"SINAPI","PAVIMENTACAO","EXECUCAO DE PAVIMENTACOES DIVERSAS"]
[72972,"CONTENCAO LATERAL COM SOLO LOCAL PARA PAVIMENTO POLIEDRICO","M2",0.88,"SINAPI","PAVIMENTACAO","EXECUCAO DE PAVIMENTACOES DIVERSAS"]
[72973,"CORTE E PREPARO DE CORDAO DE PEDRA PARA PAVIMENTO POLIEDRICO","M",1.66,"SINAPI","PAVIMENTACAO","EXECUCAO DE PAVIMENTACOES DIVERSAS"]
[72974,"CORTE E PREPARO DE PEDRA PARA PAVIMENTO POLIEDRICO","M2",5.54,"SINAPI","PAVIMENTACAO","EXECUCAO DE PAVIMENTACOES DIVERSAS"]
[72975,"DESMONTE MANUAL DE PEDRA PARA PAVIMENTO POLIEDRICO","M2",0.62,"SINAPI","PAVIMENTACAO","EXECUCAO DE PAVIMENTACOES DIVERSAS"]
[72978,"EXTRACAO, CARGA E ASSENTAMENTO DE CORDAO DE PEDRA PARA PAVIMENTO POLIEDRICO, EXCLUSIVE TRANSPORTE DE PEDRA E INDENIZACAO PEDREIRA","M",5.54,"SINAPI","PAVIMENTACAO","EXECUCAO DE PAVIMENTACOES DIVERSAS"]
[72979,"EXTRACAO, CARGA, PREPARO E ASSENTAMENTO DE PEDRAS POLIEDRICAS, EXCLUSIVE TRANSPORTE DE PEDRA E INDENIZACAO PEDREIRA","M2",10.59,"SINAPI","PAVIMENTACAO","EXECUCAO DE PAVIMENTACOES DIVERSAS"]
["73760/1","CAPA SELANTE COMPREENDENDO APLICAÇÃO DE ASFALTO NA PROPORÇÃO DE 0,7 A 1,5L / M2, DISTRIBUIÇÃO DE AGREGADOS DE 5 A 15KG/M2 E COMPACTAÇÃO COM ROLO - COM USO DA EMULSAO RR-2C, INCLUSO APLICACAO E COMPACTACAO","M2",4.3600000000000003,"SINAPI","PAVIMENTACAO","EXECUCAO DE PAVIMENTACOES DIVERSAS"]
["73849/1","AREIA ASFALTO A QUENTE (AAUQ) COM CAP 50/70, INCLUSO USINAGEM E APLICACAO, EXCLUSIVE TRANSPORTE","M3",838.98,"SINAPI","PAVIMENTACAO","EXECUCAO DE PAVIMENTACOES DIVERSAS"]
["73849/2","AREIA ASFALTO A FRIO (AAUF), COM EMULSAO RR-2C INCLUSO USINAGEM E APLICACAO, EXCLUSIVE TRANSPORTE","M3",664.06,"SINAPI","PAVIMENTACAO","EXECUCAO DE PAVIMENTACOES DIVERSAS"]
[92391,"EXECUÇÃO DE PAVIMENTO EM PISO INTERTRAVADO, COM BLOCO PISOGRAMA DE 35 X 25 CM, ESPESSURA 6 CM. AF_12/2015","M2",47.77,"SINAPI","PAVIMENTACAO","EXECUCAO DE PAVIMENTACOES DIVERSAS"]
[92392,"EXECUÇÃO DE PAVIMENTO EM PISO INTERTRAVADO, COM BLOCO PISOGRAMA DE 35 X 25 CM, ESPESSURA 8 CM. AF_12/2015","M2",50.2,"SINAPI","PAVIMENTACAO","EXECUCAO DE PAVIMENTACOES DIVERSAS"]
[92393,"EXECUÇÃO DE PAVIMENTO EM PISO INTERTRAVADO, COM BLOCO SEXTAVADO DE 25 X 25 CM, ESPESSURA 6 CM. AF_12/2015","M2",43.45,"SINAPI","PAVIMENTACAO","EXECUCAO DE PAVIMENTACOES DIVERSAS"]
[92394,"EXECUÇÃO DE PAVIMENTO EM PISO INTERTRAVADO, COM BLOCO SEXTAVADO DE 25 X 25 CM, ESPESSURA 8 CM. AF_12/2015","M2",47.24,"SINAPI","PAVIMENTACAO","EXECUCAO DE PAVIMENTACOES DIVERSAS"]
[92395,"EXECUÇÃO DE PAVIMENTO EM PISO INTERTRAVADO, COM BLOCO SEXTAVADO DE 25 X 25 CM, ESPESSURA 10 CM. AF_12/2015","M2",60.1,"SINAPI","PAVIMENTACAO","EXECUCAO DE PAVIMENTACOES DIVERSAS"]
[92396,"EXECUÇÃO DE PASSEIO EM PISO INTERTRAVADO, COM BLOCO RETANGULAR COR NATURAL DE 20 X 10 CM, ESPESSURA 6 CM. AF_12/2015","M2",54.59,"SINAPI","PAVIMENTACAO","EXECUCAO DE PAVIMENTACOES DIVERSAS"]
[92397,"EXECUÇÃO DE PÁTIO/ESTACIONAMENTO EM PISO INTERTRAVADO, COM BLOCO RETANGULAR COR NATURAL DE 20 X 10 CM, ESPESSURA 6 CM. AF_12/2015","M2",43.31,"SINAPI","PAVIMENTACAO","EXECUCAO DE PAVIMENTACOES DIVERSAS"]
[92398,"EXECUÇÃO DE PÁTIO/ESTACIONAMENTO EM PISO INTERTRAVADO, COM BLOCO RETANGULAR COR NATURAL DE 20 X 10 CM, ESPESSURA 8 CM. AF_12/2015","M2",49.46,"SINAPI","PAVIMENTACAO","EXECUCAO DE PAVIMENTACOES DIVERSAS"]
[92399,"EXECUÇÃO DE VIA EM PISO INTERTRAVADO, COM BLOCO RETANGULAR COR NATURAL DE 20 X 10 CM, ESPESSURA 8 CM. AF_12/2015","M2",50.57,"SINAPI","PAVIMENTACAO","EXECUCAO DE PAVIMENTACOES DIVERSAS"]
[92400,"EXECUÇÃO DE PÁTIO/ESTACIONAMENTO EM PISO INTERTRAVADO, COM BLOCO RETANGULAR DE 20 X 10 CM, ESPESSURA 10 CM. AF_12/2015","M2",60.91,"SINAPI","PAVIMENTACAO","EXECUCAO DE PAVIMENTACOES DIVERSAS"]
[92401,"EXECUÇÃO DE VIA EM PISO INTERTRAVADO, COM BLOCO RETANGULAR DE 20 X 10 CM, ESPESSURA 10 CM. AF_12/2015","M2",62.08,"SINAPI","PAVIMENTACAO","EXECUCAO DE PAVIMENTACOES DIVERSAS"]
[92402,"EXECUÇÃO DE PASSEIO EM PISO INTERTRAVADO, COM BLOCO 16 FACES DE 22 X 11 CM, ESPESSURA 6 CM. AF_12/2015","M2",56.24,"SINAPI","PAVIMENTACAO","EXECUCAO DE PAVIMENTACOES DIVERSAS"]
[92403,"EXECUÇÃO DE PÁTIO/ESTACIONAMENTO EM PISO INTERTRAVADO, COM BLOCO 16 FACES DE 22 X 11 CM, ESPESSURA 6 CM. AF_12/2015","M2",44.87,"SINAPI","PAVIMENTACAO","EXECUCAO DE PAVIMENTACOES DIVERSAS"]
[92404,"EXECUÇÃO DE PÁTIO/ESTACIONAMENTO EM PISO INTERTRAVADO, COM BLOCO 16 FACES DE 22 X 11 CM, ESPESSURA 8 CM. AF_12/2015","M2",51.01,"SINAPI","PAVIMENTACAO","EXECUCAO DE PAVIMENTACOES DIVERSAS"]
[92405,"EXECUÇÃO DE VIA EM PISO INTERTRAVADO, COM BLOCO 16 FACES DE 22 X 11 CM, ESPESSURA 8 CM. AF_12/2015","M2",52.11,"SINAPI","PAVIMENTACAO","EXECUCAO DE PAVIMENTACOES DIVERSAS"]
[92406,"EXECUÇÃO DE PÁTIO/ESTACIONAMENTO EM PISO INTERTRAVADO, COM BLOCO 16 FACES DE 22 X 11 CM, ESPESSURA 10 CM. AF_12/2015","M2",62.45,"SINAPI","PAVIMENTACAO","EXECUCAO DE PAVIMENTACOES DIVERSAS"]
[92407,"EXECUÇÃO DE VIA EM PISO INTERTRAVADO, COM BLOCO 16 FACES DE 22 X 11 CM, ESPESSURA 10 CM. AF_12/2015","M2",63.62,"SINAPI","PAVIMENTACAO","EXECUCAO DE PAVIMENTACOES DIVERSAS"]
[93679,"EXECUÇÃO DE PASSEIO EM PISO INTERTRAVADO, COM BLOCO RETANGULAR COLORIDO DE 20 X 10 CM, ESPESSURA 6 CM. AF_12/2015","M2",59,"SINAPI","PAVIMENTACAO","EXECUCAO DE PAVIMENTACOES DIVERSAS"]
[93680,"EXECUÇÃO DE PÁTIO/ESTACIONAMENTO EM PISO INTERTRAVADO, COM BLOCO RETANGULAR COLORIDO DE 20 X 10 CM, ESPESSURA 6 CM. AF_12/2015","M2",47.53,"SINAPI","PAVIMENTACAO","EXECUCAO DE PAVIMENTACOES DIVERSAS"]
[93681,"EXECUÇÃO DE PÁTIO/ESTACIONAMENTO EM PISO INTERTRAVADO, COM BLOCO RETANGULAR COLORIDO DE 20 X 10 CM, ESPESSURA 8 CM. AF_12/2015","M2",57.9,"SINAPI","PAVIMENTACAO","EXECUCAO DE PAVIMENTACOES DIVERSAS"]
[93682,"EXECUÇÃO DE VIA EM PISO INTERTRAVADO, COM BLOCO RETANGULAR COLORIDO DE 20 X 10 CM, ESPESSURA 8 CM. AF_12/2015","M2",59.09,"SINAPI","PAVIMENTACAO","EXECUCAO DE PAVIMENTACOES DIVERSAS"]
[97114,"EXECUÇÃO DE JUNTAS DE CONTRAÇÃO PARA PAVIMENTOS DE CONCRETO. AF_11/2017","M",0.34,"SINAPI","PAVIMENTACAO","EXECUCAO DE PAVIMENTACOES DIVERSAS"]
[97115,"APLICAÇÃO DE GRAXA EM BARRAS DE TRANSFERÊNCIA PARA EXECUÇÃO DE PAVIMENTO DE CONCRETO. AF_11/2017","KG",42.21,"SINAPI","PAVIMENTACAO","EXECUCAO DE PAVIMENTACOES DIVERSAS"]
[97120,"BARRAS DE LIGAÇÃO, AÇO CA-50 DE 10 MM, PARA EXECUÇÃO DE PAVIMENTO DE CONCRETO \u0096 FORNECIMENTO E INSTALAÇÃO. AF_11/2017","KG",6.86,"SINAPI","PAVIMENTACAO","EXECUCAO DE PAVIMENTACOES DIVERSAS"]
[97802,"CONSTRUÇÃO DE PAVIMENTO COM TRATAMENTO SUPERFICIAL SIMPLES, COM EMULSÃO ASFÁLTICA RR-2C. AF_01/2018","M2",3.89,"SINAPI","PAVIMENTACAO","EXECUCAO DE PAVIMENTACOES DIVERSAS"]
[97803,"CONSTRUÇÃO DE PAVIMENTO COM TRATAMENTO SUPERFICIAL SIMPLES, COM EMULSÃO ASFÁLTICA RR-2C, COM BANHO DILUÍDO. AF_01/2018","M2",4.7,"SINAPI","PAVIMENTACAO","EXECUCAO DE PAVIMENTACOES DIVERSAS"]
[97805,"CONSTRUÇÃO DE PAVIMENTO COM TRATAMENTO SUPERFICIAL DUPLO, COM EMULSÃO ASFÁLTICA RR-2C. AF_01/2018","M2",8.39,"SINAPI","PAVIMENTACAO","EXECUCAO DE PAVIMENTACOES DIVERSAS"]
[97806,"CONSTRUÇÃO DE PAVIMENTO COM TRATAMENTO SUPERFICIAL DUPLO, COM EMULSÃO ASFÁLTICA RR-2C, COM BANHO DILUÍDO. AF_01/2018","M2",10.28,"SINAPI","PAVIMENTACAO","EXECUCAO DE PAVIMENTACOES DIVERSAS"]
[97807,"CONSTRUÇÃO DE PAVIMENTO COM TRATAMENTO SUPERFICIAL DUPLO, COM EMULSÃO ASFÁLTICA RR-2C, COM CAPA SELANTE. AF_01/2018","M2",11.91,"SINAPI","PAVIMENTACAO","EXECUCAO DE PAVIMENTACOES DIVERSAS"]
[97809,"CONSTRUÇÃO DE PAVIMENTO COM TRATAMENTO SUPERFICIAL TRIPLO, COM EMULSÃO ASFÁLTICA RR-2C. AF_01/2018","M2",14.94,"SINAPI","PAVIMENTACAO","EXECUCAO DE PAVIMENTACOES DIVERSAS"]
[97810,"CONSTRUÇÃO DE PAVIMENTO COM TRATAMENTO SUPERFICIAL TRIPLO, COM EMULSÃO ASFÁLTICA RR-2C, COM BANHO DILUÍDO. AF_01/2018","M2",16.850000000000001,"SINAPI","PAVIMENTACAO","EXECUCAO DE PAVIMENTACOES DIVERSAS"]
[97811,"CONSTRUÇÃO DE PAVIMENTO COM TRATAMENTO SUPERFICIAL TRIPLO, COM EMULSÃO ASFÁLTICA RR-2C, COM CAPA SELANTE. AF_01/2018","M2",18.5,"SINAPI","PAVIMENTACAO","EXECUCAO DE PAVIMENTACOES DIVERSAS"]
[97813,"RECONSTRUÇÃO DE PAVIMENTO COM TRATAMENTO SUPERFICIAL SIMPLES, COM EMULSÃO ASFÁLTICA RR-2C. AF_01/2018","M2",4.03,"SINAPI","PAVIMENTACAO","EXECUCAO DE PAVIMENTACOES DIVERSAS"]
[97814,"RECONSTRUÇÃO DE PAVIMENTO COM TRATAMENTO SUPERFICIAL SIMPLES, COM EMULSÃO ASFÁLTICA RR-2C, COM BANHO DILUÍDO. AF_01/2018","M2",4.84,"SINAPI","PAVIMENTACAO","EXECUCAO DE PAVIMENTACOES DIVERSAS"]
[97816,"RECONSTRUÇÃO DE PAVIMENTO COM TRATAMENTO SUPERFICIAL DUPLO, COM EMULSÃO ASFÁLTICA RR-2C. AF_01/2018","M2",8.9,"SINAPI","PAVIMENTACAO","EXECUCAO DE PAVIMENTACOES DIVERSAS"]
[97817,"RECONSTRUÇÃO DE PAVIMENTO COM TRATAMENTO SUPERFICIAL DUPLO, COM EMULSÃO ASFÁLTICA RR-2C, COM BANHO DILUÍDO. AF_01/2018","M2",10.8,"SINAPI","PAVIMENTACAO","EXECUCAO DE PAVIMENTACOES DIVERSAS"]
[97818,"RECONSTRUÇÃO DE PAVIMENTO COM TRATAMENTO SUPERFICIAL DUPLO, COM EMULSÃO ASFÁLTICA RR-2C, COM CAPA SELANTE. AF_01/2018","M2",12.59,"SINAPI","PAVIMENTACAO","EXECUCAO DE PAVIMENTACOES DIVERSAS"]
[97820,"RECONSTRUÇÃO DE PAVIMENTO COM TRATAMENTO SUPERFICIAL TRIPLO, COM EMULSÃO ASFÁLTICA RR-2C. AF_01/2018","M2",15.97,"SINAPI","PAVIMENTACAO","EXECUCAO DE PAVIMENTACOES DIVERSAS"]
[97821,"RECONSTRUÇÃO DE PAVIMENTO COM TRATAMENTO SUPERFICIAL TRIPLO, COM EMULSÃO ASFÁLTICA RR-2C, COM BANHO DILUÍDO. AF_01/2018","M2",17.87,"SINAPI","PAVIMENTACAO","EXECUCAO DE PAVIMENTACOES DIVERSAS"]
[97822,"RECONSTRUÇÃO DE PAVIMENTO COM TRATAMENTO SUPERFICIAL TRIPLO, COM EMULSÃO ASFÁLTICA RR-2C, COM CAPA SELANTE. AF_01/2018","M2",19.690000000000001,"SINAPI","PAVIMENTACAO","EXECUCAO DE PAVIMENTACOES DIVERSAS"]
[72947,"SINALIZACAO HORIZONTAL COM TINTA RETRORREFLETIVA A BASE DE RESINA ACRILICA COM MICROESFERAS DE VIDRO","M2",13.04,"SINAPI","PAVIMENTACAO","SINALIZACAO HORIZONTAL/VERTICAL"]
[83693,"CAIACAO EM MEIO FIO","M2",3.87,"SINAPI","PAVIMENTACAO","SINALIZACAO HORIZONTAL/VERTICAL"]
["73770/1","BARREIRA PRE-MOLDADA EXTERNA CONCRETO ARMADO 0,25X0,40X1,14M FCK=25MPA ACO CA-50 INCL VIGOTA HORIZONTAL MONTANTE A CADA 1,00M  FERROS DE LIGACAO E MATERIAIS.","M",532.6,"SINAPI","PAVIMENTACAO","MURETA DIVISORIA E/OU DE PROTECAO"]
["73770/2","BARREIRA DUPLA PRE-MOL INTER CONCRETO ARMADO 0,15X0,65X0,77M FCK=25MPA ACO CA-50 INCL FERROS DE LIGACAO E MATERIAIS.","M",461.13,"SINAPI","PAVIMENTACAO","MURETA DIVISORIA E/OU DE PROTECAO"]
["83696/1","PINTURA GUARDA-CORPO GUARDA-RODA E MURETA PROTECAO COM CAL EM PONTES EVIADUTOS MEDIDA PELO DOBRO DA AREA TOTAL (LARGURAXALTURA).","M2",5.4,"SINAPI","PAVIMENTACAO","MURETA DIVISORIA E/OU DE PROTECAO"]
[72962,"USINAGEM DE CBUQ COM CAP 50/70, PARA CAPA DE ROLAMENTO","T",293.27999999999997,"SINAPI","PAVIMENTACAO","FABRICACAO/EXECUCAO DE CBUQ/PRE-MISTURADOS"]
[72963,"USINAGEM DE CBUQ COM CAP 50/70, PARA BINDER","T",245.01,"SINAPI","PAVIMENTACAO","FABRICACAO/EXECUCAO DE CBUQ/PRE-MISTURADOS"]
["73759/2","PRE-MISTURADO A FRIO COM EMULSAO RL-1C, INCLUSO USINAGEM E APLICACAO, EXCLUSIVE TRANSPORTE","M3",461.02,"SINAPI","PAVIMENTACAO","FABRICACAO/EXECUCAO DE CBUQ/PRE-MISTURADOS"]
[95990,"CONSTRUÇÃO DE PAVIMENTO COM APLICAÇÃO DE CONCRETO BETUMINOSO USINADO A QUENTE (CBUQ), CAMADA DE ROLAMENTO, COM ESPESSURA DE 3,0 CM - EXCLUSIVE TRANSPORTE. AF_03/2017","M3",968.89,"SINAPI","PAVIMENTACAO","FABRICACAO/EXECUCAO DE CBUQ/PRE-MISTURADOS"]
[95992,"CONSTRUÇÃO DE PAVIMENTO COM APLICAÇÃO DE CONCRETO BETUMINOSO USINADO A QUENTE (CBUQ), BINDER, COM ESPESSURA DE 3,0 CM - EXCLUSIVE TRANSPORTE. AF_03/2017","M3",904.15,"SINAPI","PAVIMENTACAO","FABRICACAO/EXECUCAO DE CBUQ/PRE-MISTURADOS"]
[95993,"CONSTRUÇÃO DE PAVIMENTO COM APLICAÇÃO DE CONCRETO BETUMINOSO USINADO A QUENTE (CBUQ), CAMADA DE ROLAMENTO, COM ESPESSURA DE 4,0 CM - EXCLUSIVE TRANSPORTE. AF_03/2017","M3",935.71,"SINAPI","PAVIMENTACAO","FABRICACAO/EXECUCAO DE CBUQ/PRE-MISTURADOS"]
[95994,"CONSTRUÇÃO DE PAVIMENTO COM APLICAÇÃO DE CONCRETO BETUMINOSO USINADO A QUENTE (CBUQ), BINDER, COM ESPESSURA DE 4,0 CM - EXCLUSIVE TRANSPORTE. AF_03/2017","M3",880.26,"SINAPI","PAVIMENTACAO","FABRICACAO/EXECUCAO DE CBUQ/PRE-MISTURADOS"]
[95995,"CONSTRUÇÃO DE PAVIMENTO COM APLICAÇÃO DE CONCRETO BETUMINOSO USINADO A QUENTE (CBUQ), CAMADA DE ROLAMENTO, COM ESPESSURA DE 5,0 CM - EXCLUSIVE TRANSPORTE. AF_03/2017","M3",915.18,"SINAPI","PAVIMENTACAO","FABRICACAO/EXECUCAO DE CBUQ/PRE-MISTURADOS"]
[95996,"CONSTRUÇÃO DE PAVIMENTO COM APLICAÇÃO DE CONCRETO BETUMINOSO USINADO A QUENTE (CBUQ), BINDER, COM ESPESSURA DE 5,0 CM - EXCLUSIVE TRANSPORTE. AF_03/2017","M3",865.48,"SINAPI","PAVIMENTACAO","FABRICACAO/EXECUCAO DE C